{"text_format":"1","workbook":"xlsx","n_sheets":19,"sheets":["CAPA","DADOS","CLIENTES","ORC","ABC","Auxiliar_ABC","Auxiliar_ABC2","COT","CPU","SINAPI","SETOP","SICRO","SUDECAP","CRO 7 meses","CRO 8 meses","CRO 9 meses","CRO 10 meses","CRO 11 meses","CRO 12 meses"],"not_rendered":{"charts":0,"images":16,"macros":1,"external_links":0,"defined_names":30,"comments":0,"pivot_tables":0},"unopened":[],"bounds":{"document_bytes":16777216,"sheet_cells":100000,"rows_first":2000,"rows_last":500,"rows_between":2000,"halvings":0,"cell_chars":16384,"cell_head_chars":4096},"cells_cut":0,"cells_raw":0,"read":"whole","date_system":"1900"}

{"sheet":"CAPA","index":0,"n_rows":0,"n_cols":0,"rows_kept":0,"cut":false,"hidden":false,"merged":[]}

{"sheet":"DADOS","index":1,"n_rows":20,"n_cols":5,"rows_kept":20,"cut":false,"hidden":false,"merged":[]}
[]
[null,"DATA",null,"2023-04-28"]
[]
[null,"CLIENTE",null,null,1]
[]
[null,"REVISÃO",null,"R01"]
[]
[null,"PROJETO",null,"CONSTRUÇÃO DO CENTRO DE ATENÇÃO PSICOSSOCIAL"]
[]
[null,"BDI TIPO 1",null,0.26519999999999999]
[]
[null,"BDI TIPO 2",null,0.20250000000000001]
[]
[null,"BANCOS DE DADOS",null,"SINAPI: 03/2023 Minas Gerais\nSETOP: 01/2023 Minas Gerais\nSICRO : 10/2022 Minas Gerais\nSUDECAP: 02/2023 Minas Gerais"]
[]
[null,"RESPONSÁVEL",null,"FLÁVIA CRISTINA BARBOSA"]
[]
[null,"CREA",null,"CREA -  MG 187.842/D"]
[]
[null,"TIPO",null,"PROJETO EXECUTIVO"]

{"sheet":"CLIENTES","index":2,"n_rows":6,"n_cols":2,"rows_kept":6,"cut":false,"hidden":false,"merged":[]}
[null,"PREFEITURA MUNICIPAL DE POUSO ALEGRE"]
[null,"PREFEITURA MUNICIPAL DE CACHOEIRA DE MINAS"]
[null,"PREFEITURA MUNICIPAL DE ITAJUBÁ"]
[null,"PREFEITURA MUNICIPAL DE SANTA RITA DO SAPUCAÍ"]
[null,"RYZA"]
[null,"FAPEPE"]

{"sheet":"ORC","index":3,"n_rows":2955,"n_cols":15,"rows_kept":2955,"cut":false,"hidden":false,"merged":[[2928,7,2928,11],[2887,7,2887,11],[2892,7,2892,11],[2898,7,2898,11],[2903,7,2903,11],[2908,7,2908,11],[2858,7,2858,11],[2913,7,2913,11],[2918,7,2918,11],[2923,7,2923,11],[2877,7,2877,11],[2718,7,2718,11],[2723,7,2723,11],[2728,7,2728,11],[2735,7,2735,11],[2741,7,2741,11],[2746,7,2746,11],[2751,7,2751,11],[2756,7,2756,11],[2761,7,2761,11],[2766,7,2766,11],[2934,7,2934,11],[2771,7,2771,11],[2776,7,2776,11],[2781,7,2781,11],[2791,7,2791,11],[2812,7,2812,11],[2807,7,2807,11],[2786,7,2786,11],[2797,7,2797,11],[2802,7,2802,11],[2817,7,2817,11],[2822,7,2822,11],[2832,7,2832,11],[2839,7,2839,11],[2846,7,2846,11],[2852,7,2852,11],[13,12,15,13],[10,4,11,11],[2953,5,2953,7],[2954,5,2954,7],[2944,12,2944,13],[2943,3,2943,11],[2943,12,2943,13],[2944,3,2944,11],[19,3,19,13],[2942,3,2942,11],[2942,12,2942,13],[12,4,12,11],[2882,7,2882,11],[2827,7,2827,11],[2865,7,2865,11],[2872,7,2872,11]]}
[]
[]
[1000,null,null,"A","ADMINISTRAÇÃO DE OBRA",null,null,null,null,null,null,null,{"$f":"SUMIF(A:A,D3,M:M)","v":0},{"$f":"SUMIF(A:A,D3,N:N)","v":0}]
[null,null,null,"A.B",null,null,null,null,null,null,null,null,{"$f":"IFERROR(SUMIFS(M:M,A:A,LEFT(D4,SEARCH(\".\",D4)-1),B:B,RIGHT(D4,LEN(D4)-SEARCH(\".\",D4))),\"\")","v":0},{"$f":"IFERROR(SUMIFS(N:N,A:A,LEFT(D4,SEARCH(\".\",D4)-1),B:B,RIGHT(D4,LEN(D4)-SEARCH(\".\",D4))),\"\")","v":0}]
[null,null,null,"A.B.C",null,null,null,null,null,null,null,null,{"$f":"IFERROR(SUMIFS(M:M,A:A,LEFT(D5,SEARCH(\".\",D5)-1),B:B,LEFT(RIGHT(D5,LEN(D5)-SEARCH(\".\",D5)),SEARCH(\".\",RIGHT(D5,LEN(D5)-SEARCH(\".\",D5)))-1),C:C,RIGHT(D5,LEN(D5)-SEARCH(\".\",D5,SEARCH(\".\",D5)+1))),\"\")","v":0},{"$f":"IFERROR(SUMIFS(N:N,A:A,LEFT(D5,SEARCH(\".\",D5)-1),B:B,LEFT(RIGHT(D5,LEN(D5)-SEARCH(\".\",D5)),SEARCH(\".\",RIGHT(D5,LEN(D5)-SEARCH(\".\",D5)))-1),C:C,RIGHT(D5,LEN(D5)-SEARCH(\".\",D5,SEARCH(\".\",D5)+1))),\"\")","v":0}]
[{"$f":"IFERROR(LEFT(D6,SEARCH(\".\",D6)-1),\"\")","v":"a"},{"$f":"IFERROR(LEFT(RIGHT(D6,LEN(D6)-SEARCH(\".\",D6)),SEARCH(\".\",RIGHT(D6,LEN(D6)-SEARCH(\".\",D6)))-1),\"\")","v":"a/a"},{"$f":"IFERROR(IF(LEN(D6)-LEN(SUBSTITUTE(D6,\".\",\"\"))<>3,\"\",MID(D6,SEARCH(\".\",D6,SEARCH(\".\",D6)+1)+1,LEN(D6)-SEARCH(\".\",D6,SEARCH(\".\",D6)+1)-(LEN(D6)-(SEARCH(\".\",D6,SEARCH(\".\",D6,SEARCH(\".\",D6)+1)+1)-1)))),\"\")","v":""},"a.a/a.a.a/a.a.a.a",{"$f":"IF($G6=\"SINAPI\",VLOOKUP($F6,DADOS_SINAPI,2,0),IF(G6=\"SETOP\",VLOOKUP($F6,DADOS_SETOP,2,0),IF(G6=\"CPU\",VLOOKUP($F6,DADOS_COMPOSICAO,2,0),IF(G6=\"SICRO\",VLOOKUP($F6,DADOS_SICRO,2,0),IF(G6=\"SUDECAP\",VLOOKUP(F6,DADOS_SUDECAP,2,0),IF(G6=\"COTAÇÃO\",VLOOKUP($F6,DADOS_COTACAO,2,0),\"\"))))))","v":""},null,null,{"$f":"IF(G6=\"SINAPI\",VLOOKUP($F6,DADOS_SINAPI,3,0),IF(G6=\"SETOP\",VLOOKUP($F6,DADOS_SETOP,3,0),IF(G6=\"CPU\",VLOOKUP($F6,DADOS_COMPOSICAO,10,0),IF(G6=\"SICRO\",VLOOKUP($F6,DADOS_SICRO,3,0),IF(G6=\"SUDECAP\",VLOOKUP(F6,DADOS_SUDECAP,3,0),IF(G6=\"COTAÇÃO\",VLOOKUP($F6,DADOS_COTACAO,9,0),\"\"))))))","v":""},null,{"$f":"IF(G6=\"SINAPI\",VLOOKUP($F6,DADOS_SINAPI,4,0),IF(G6=\"SETOP\",VLOOKUP($F6,DADOS_SETOP,4,0),IF(G6=\"CPU\",VLOOKUP($F6,DADOS_COMPOSICAO,13,0),IF(G6=\"SICRO\",VLOOKUP($F6,DADOS_SICRO,4,0),IF(G6=\"SUDECAP\",VLOOKUP(F6,DADOS_SUDECAP,4,0),IF(G6=\"COTAÇÃO\",VLOOKUP(F6,DADOS_COTACAO,12,0),\"\"))))))","v":""},"BDI 1",{"$f":"TRUNC(J6*(1+$N$17),2)","v":{"$error":"#VALUE!"}},{"$f":"IFERROR(TRUNC(I6*J6,2),\"\")","v":""},{"$f":"IFERROR(TRUNC(L6*I6,2),\"\")","v":""}]
[{"$f":"IFERROR(LEFT(D7,SEARCH(\".\",D7)-1),\"\")","v":"a"},{"$f":"IFERROR(LEFT(RIGHT(D7,LEN(D7)-SEARCH(\".\",D7)),SEARCH(\".\",RIGHT(D7,LEN(D7)-SEARCH(\".\",D7)))-1),\"\")","v":"a/a"},{"$f":"IFERROR(IF(LEN(D7)-LEN(SUBSTITUTE(D7,\".\",\"\"))<>3,\"\",MID(D7,SEARCH(\".\",D7,SEARCH(\".\",D7)+1)+1,LEN(D7)-SEARCH(\".\",D7,SEARCH(\".\",D7)+1)-(LEN(D7)-(SEARCH(\".\",D7,SEARCH(\".\",D7,SEARCH(\".\",D7)+1)+1)-1)))),\"\")","v":""},"a.a/a.a.a/a.a.a.a",{"$f":"VLOOKUP($F7,DADOS_COTACAO,2,0)","v":{"$error":"#N/A"}},null,"COTAÇÃO",{"$f":"VLOOKUP($F7,DADOS_COTACAO,9,0)","v":{"$error":"#N/A"}},null,{"$f":"VLOOKUP($F7,DADOS_COTACAO,12,0)","v":{"$error":"#N/A"}},"BDI 2",{"$f":"TRUNC(J7*(1+$N$18),2)","v":{"$error":"#N/A"}},{"$f":"IFERROR(TRUNC(I7*J7,2),\"\")","v":""},{"$f":"IFERROR(TRUNC(L7*I7,2),\"\")","v":""}]
[2000]
[]
[]
[null,null,null,null,"MEMORIAL DE CÁLCULO",null,null,null,null,null,null,null,"Revisão:",{"$f":"DADOS!D6","v":"R01"},"a"]
[null,null,null,null,null,null,null,null,null,null,null,null,"Data: ",{"$f":"DADOS!D2","v":"2023-04-28"}]
[null,null,null,"Projeto:",{"$f":"DADOS!D8","v":"CONSTRUÇÃO DO CENTRO DE ATENÇÃO PSICOSSOCIAL"},null,null,null,null,null,null,null,"Bancos:"]
[null,null,null,"Responsável:",null,"Cliente:",null,null,null,null,null,null,{"$f":"DADOS!D14","v":"SINAPI: 03/2023 Minas Gerais\nSETOP: 01/2023 Minas Gerais\nSICRO : 10/2022 Minas Gerais\nSUDECAP: 02/2023 Minas Gerais"}]
[]
[]
[null,null,null,null,null,null,null,null,null,null,null,null,"BDI 1:",{"$f":"DADOS!D10","v":0.26519999999999999}]
[null,null,null,null,null,null,null,null,null,null,null,null,"BDI 2:",{"$f":"DADOS!D12","v":0.20250000000000001}]
[]
[null,null,null,{"$f":"E11&\" DE \"&DADOS!D20&\" - \"&E13","v":"MEMORIAL DE CÁLCULO DE PROJETO EXECUTIVO - CONSTRUÇÃO DO CENTRO DE ATENÇÃO PSICOSSOCIAL"}]
[]
[null,null,null,"Item","Descrição","Código","Banco","Unidade","Quantidade","Valor Unitário","BDI","Valor Unit. com BDI","Total","Total com BDI"]
[null,null,null,null,null,null,null,null,null,null,null,null,{"$f":"ROUND(I23*J23,2)","v":0},{"$f":"ROUND(L23*I23,2)","v":0}]
[1000,null,null,1,"CANTEIRO DE OBRAS",null,null,null,null,null,null,null,{"$f":"SUMIF(A:A,D24,M:M)","v":81264.740000000005},{"$f":"SUMIF(A:A,D24,N:N)","v":102814.93000000001}]
[{"$f":"IFERROR(LEFT(D25,SEARCH(\".\",D25)-1),\"\")","v":"1"},{"$f":"IFERROR(LEFT(RIGHT(D25,LEN(D25)-SEARCH(\".\",D25)),SEARCH(\".\",RIGHT(D25,LEN(D25)-SEARCH(\".\",D25)))-1),\"\")","v":""},{"$f":"IFERROR(IF(LEN(D25)-LEN(SUBSTITUTE(D25,\".\",\"\"))<>3,\"\",MID(D25,SEARCH(\".\",D25,SEARCH(\".\",D25)+1)+1,LEN(D25)-SEARCH(\".\",D25,SEARCH(\".\",D25)+1)-(LEN(D25)-(SEARCH(\".\",D25,SEARCH(\".\",D25,SEARCH(\".\",D25)+1)+1)-1)))),\"\")","v":""},"1.1",{"$f":"IF($G25=\"SINAPI\",VLOOKUP($F25,DADOS_SINAPI,2,0),IF(G25=\"SETOP\",VLOOKUP($F25,DADOS_SETOP,2,0),IF(G25=\"CPU\",VLOOKUP($F25,DADOS_COMPOSICAO,2,0),IF(G25=\"SICRO\",VLOOKUP($F25,DADOS_SICRO,2,0),IF(G25=\"SUDECAP\",VLOOKUP(F25,DADOS_SUDECAP,2,0),IF(G25=\"COTAÇÃO\",VLOOKUP($F25,DADOS_COTACAO,2,0),\"\"))))))","v":"LOCAÇÃO DE CONTAINER COM ISOLAMENTO TÉRMICO, TIPO 2, PARA ESCRITÓRIO DE OBRA COM SANITÁRIO CONTENDO UM (1) VASO SANITÁRIO E UM (1) LAVATÓRIO, COM MEDIDAS REFERENCIAIS DE (6) METROS COMPRIMENTO, (2,3) METROS LARGURA E (2,5) METROS ALTURA ÚTIL INTERNA, INCLUSIVE AR CONDICIONADO E LIGAÇÕES ELÉTRICAS E HIDROSSANITÁRIAS INTERNAS, EXCLUSIVE MOBILIZAÇÃO/DESMOBILIZAÇÃO E LIGAÇÕES PROVISÓRIAS EXTERNAS"},"ED-16349","SETOP",{"$f":"IF(G25=\"SINAPI\",VLOOKUP($F25,DADOS_SINAPI,3,0),IF(G25=\"SETOP\",VLOOKUP($F25,DADOS_SETOP,3,0),IF(G25=\"CPU\",VLOOKUP($F25,DADOS_COMPOSICAO,10,0),IF(G25=\"SICRO\",VLOOKUP($F25,DADOS_SICRO,3,0),IF(G25=\"SUDECAP\",VLOOKUP(F25,DADOS_SUDECAP,3,0),IF(G25=\"COTAÇÃO\",VLOOKUP($F25,DADOS_COTACAO,9,0),\"\"))))))","v":"mês"},{"$f":"F27","v":12},{"$f":"IF(G25=\"SINAPI\",VLOOKUP($F25,DADOS_SINAPI,4,0),IF(G25=\"SETOP\",VLOOKUP($F25,DADOS_SETOP,4,0),IF(G25=\"CPU\",VLOOKUP($F25,DADOS_COMPOSICAO,13,0),IF(G25=\"SICRO\",VLOOKUP($F25,DADOS_SICRO,4,0),IF(G25=\"SUDECAP\",VLOOKUP(F25,DADOS_SUDECAP,4,0),IF(G25=\"COTAÇÃO\",VLOOKUP(F25,DADOS_COTACAO,12,0),\"\"))))))","v":953.49},"BDI 1",{"$f":"TRUNC(J25*(1+$N$17),2)","v":1206.3499999999999},{"$f":"IFERROR(TRUNC(I25*J25,2),\"\")","v":11441.88},{"$f":"IFERROR(TRUNC(L25*I25,2),\"\")","v":14476.2}]
[2000]
[2000,null,null,null,"Quantidade ",12,"meses"]
[2000]
["1","","","1.2","LIGAÇÕES PROVISÓRIAS PARA CONTAINER TIPO 2 (CORRESPONDENTE AO CÓDIGO ED-16349)","ED-16357","SETOP","un",{"$f":"F31","v":1},635,"BDI 1",803.4,635,803.4]
[2000]
[2000,null,null,null,"Quantidade ",1,"un"]
[2000]
["1","","","1.3","LOCAÇÃO DE CONTAINER COM ISOLAMENTO TÉRMICO, TIPO 3, PARA DEPÓSITO/FERRAMENTARIA DE OBRA, COM MEDIDAS REFERENCIAIS DE (6) METROS COMPRIMENTO, (2,3) METROS LARGURA E (2,5) METROS ALTURA ÚTIL INTERNA, INCLUSIVE LIGAÇÕES ELÉTRICAS INTERNAS, EXCLUSIVE MOBILIZAÇÃO/DESMOBILIZAÇÃO E LIGAÇÕES PROVISÓRIAS EXTERNAS","ED-16350","SETOP","mês",{"$f":"F35","v":12},689.44,"BDI 1",872.27,8273.2800000000007,10467.24]
[2000]
[2000,null,null,null,"Quantidade ",12,"meses"]
[2000]
["1","","","1.4","LIGAÇÕES PROVISÓRIAS PARA CONTAINER TIPO 3 (CORRESPONDENTE AO CÓDIGO ED-16350)","ED-16358","SETOP","un",{"$f":"F39","v":1},331,"BDI 1",418.78,331,418.78]
[2000]
[2000,null,null,null,"Quantidade ",1,"un"]
[2000]
["1","","","1.5","LOCAÇÃO DE CONTAINER COM ISOLAMENTO TÉRMICO, TIPO 4, PARA REFEITÓRIO DE OBRA, COM MEDIDAS REFERENCIAIS DE (6) METROS COMPRIMENTO, (2,3) METROS LARGURA E (2,5) METROS ALTURA ÚTIL INTERNA, INCLUSIVE LIGAÇÕES ELÉTRICAS INTERNAS, EXCLUSIVE MOBILIZAÇÃO/DESMOBILIZAÇÃO E LIGAÇÕES PROVISÓRIAS EXTERNAS","ED-16351","SETOP","mês",{"$f":"F43","v":12},609.04,"BDI 1",770.55,7308.48,9246.6]
[2000]
[2000,null,null,null,"Quantidade ",12,"meses"]
[2000]
["1","","","1.6","LIGAÇÕES PROVISÓRIAS PARA CONTAINER TIPO 4 (CORRESPONDENTE AO CÓDIGO ED-16351)","ED-16359","SETOP","un",{"$f":"F47","v":1},331,"BDI 1",418.78,331,418.78]
[2000]
[2000,null,null,null,"Quantidade ",1,"un"]
[2000]
["1","","","1.7","MOBILIZAÇÃO E DESMOBILIZAÇÃO DE CONTAINER, INCLUSIVE CARGA, DESCARGA E TRANSPORTE EM CAMINHÃO CARROCERIA COM GUINDAUTO (MUNCK), EXCLUSIVE LOCAÇÃO DO CONTAINER","ED-50137","SETOP","un",{"$f":"F54","v":3},631.9,"BDI 1",799.47,1895.7,2398.41]
[2000]
[2000,null,null,null,"Container Tipo 2",1,"un"]
[2000,null,null,null,"Container Tipo 3",1,"un"]
[2000,null,null,null,"Container Tipo 4",1,"un"]
[2000,null,null,null,"Total",{"$f":"SUM(F51:F53)","v":3},"un"]
[2000]
[{"$f":"IFERROR(LEFT(D56,SEARCH(\".\",D56)-1),\"\")","v":"1"},{"$f":"IFERROR(LEFT(RIGHT(D56,LEN(D56)-SEARCH(\".\",D56)),SEARCH(\".\",RIGHT(D56,LEN(D56)-SEARCH(\".\",D56)))-1),\"\")","v":""},{"$f":"IFERROR(IF(LEN(D56)-LEN(SUBSTITUTE(D56,\".\",\"\"))<>3,\"\",MID(D56,SEARCH(\".\",D56,SEARCH(\".\",D56)+1)+1,LEN(D56)-SEARCH(\".\",D56,SEARCH(\".\",D56)+1)-(LEN(D56)-(SEARCH(\".\",D56,SEARCH(\".\",D56,SEARCH(\".\",D56)+1)+1)-1)))),\"\")","v":""},"1.8",{"$f":"IF($G56=\"SINAPI\",VLOOKUP($F56,DADOS_SINAPI,2,0),IF(G56=\"SETOP\",VLOOKUP($F56,DADOS_SETOP,2,0),IF(G56=\"CPU\",VLOOKUP($F56,DADOS_COMPOSICAO,2,0),IF(G56=\"SICRO\",VLOOKUP($F56,DADOS_SICRO,2,0),IF(G56=\"SUDECAP\",VLOOKUP(F56,DADOS_SUDECAP,2,0),IF(G56=\"COTAÇÃO\",VLOOKUP($F56,DADOS_COTACAO,2,0),\"\"))))))","v":"LOCAÇÃO DE BANHEIRO QUÍMICO, DIMENSÃO (110X120X230)CM, LINHA PADRÃO, CONTENDO UMA (1) PIA/HIGIENIZADOR DE MÃOS, INCLUSIVE MANUTENÇÃO E MOBILIZAÇÃO/DESMOBILIZAÇÃO"},"ED-50155","SETOP",{"$f":"IF(G56=\"SINAPI\",VLOOKUP($F56,DADOS_SINAPI,3,0),IF(G56=\"SETOP\",VLOOKUP($F56,DADOS_SETOP,3,0),IF(G56=\"CPU\",VLOOKUP($F56,DADOS_COMPOSICAO,10,0),IF(G56=\"SICRO\",VLOOKUP($F56,DADOS_SICRO,3,0),IF(G56=\"SUDECAP\",VLOOKUP(F56,DADOS_SUDECAP,3,0),IF(G56=\"COTAÇÃO\",VLOOKUP($F56,DADOS_COTACAO,9,0),\"\"))))))","v":"mês"},{"$f":"F58","v":12},{"$f":"IF(G56=\"SINAPI\",VLOOKUP($F56,DADOS_SINAPI,4,0),IF(G56=\"SETOP\",VLOOKUP($F56,DADOS_SETOP,4,0),IF(G56=\"CPU\",VLOOKUP($F56,DADOS_COMPOSICAO,13,0),IF(G56=\"SICRO\",VLOOKUP($F56,DADOS_SICRO,4,0),IF(G56=\"SUDECAP\",VLOOKUP(F56,DADOS_SUDECAP,4,0),IF(G56=\"COTAÇÃO\",VLOOKUP(F56,DADOS_COTACAO,12,0),\"\"))))))","v":820},"BDI 1",{"$f":"TRUNC(J56*(1+$N$17),2)","v":1037.46},{"$f":"IFERROR(TRUNC(I56*J56,2),\"\")","v":9840},{"$f":"IFERROR(TRUNC(L56*I56,2),\"\")","v":12449.52}]
[2000]
[2000,null,null,null,"Quantidade ",12,"meses"]
[2000]
[{"$f":"IFERROR(LEFT(D60,SEARCH(\".\",D60)-1),\"\")","v":"1"},{"$f":"IFERROR(LEFT(RIGHT(D60,LEN(D60)-SEARCH(\".\",D60)),SEARCH(\".\",RIGHT(D60,LEN(D60)-SEARCH(\".\",D60)))-1),\"\")","v":""},{"$f":"IFERROR(IF(LEN(D60)-LEN(SUBSTITUTE(D60,\".\",\"\"))<>3,\"\",MID(D60,SEARCH(\".\",D60,SEARCH(\".\",D60)+1)+1,LEN(D60)-SEARCH(\".\",D60,SEARCH(\".\",D60)+1)-(LEN(D60)-(SEARCH(\".\",D60,SEARCH(\".\",D60,SEARCH(\".\",D60)+1)+1)-1)))),\"\")","v":""},"1.9",{"$f":"IF($G60=\"SINAPI\",VLOOKUP($F60,DADOS_SINAPI,2,0),IF(G60=\"SETOP\",VLOOKUP($F60,DADOS_SETOP,2,0),IF(G60=\"CPU\",VLOOKUP($F60,DADOS_COMPOSICAO,2,0),IF(G60=\"SICRO\",VLOOKUP($F60,DADOS_SICRO,2,0),IF(G60=\"SUDECAP\",VLOOKUP(F60,DADOS_SUDECAP,2,0),IF(G60=\"COTAÇÃO\",VLOOKUP($F60,DADOS_COTACAO,2,0),\"\"))))))","v":"LIGAÇÃO DE ÁGUA PROVISÓRIA PARA CANTEIRO,  INCLUSIVE HIDRÔMETRO E CAVALETE PARA MEDIÇÃO DE ÁGUA - ENTRADA PRINCIPAL, EM AÇO GALVANIZADO DN 20MM (1/2\") - PADRÃO CONCESSIONÁRIA"},"ED-50150","SETOP",{"$f":"IF(G60=\"SINAPI\",VLOOKUP($F60,DADOS_SINAPI,3,0),IF(G60=\"SETOP\",VLOOKUP($F60,DADOS_SETOP,3,0),IF(G60=\"CPU\",VLOOKUP($F60,DADOS_COMPOSICAO,10,0),IF(G60=\"SICRO\",VLOOKUP($F60,DADOS_SICRO,3,0),IF(G60=\"SUDECAP\",VLOOKUP(F60,DADOS_SUDECAP,3,0),IF(G60=\"COTAÇÃO\",VLOOKUP($F60,DADOS_COTACAO,9,0),\"\"))))))","v":"un"},{"$f":"F62","v":1},{"$f":"IF(G60=\"SINAPI\",VLOOKUP($F60,DADOS_SINAPI,4,0),IF(G60=\"SETOP\",VLOOKUP($F60,DADOS_SETOP,4,0),IF(G60=\"CPU\",VLOOKUP($F60,DADOS_COMPOSICAO,13,0),IF(G60=\"SICRO\",VLOOKUP($F60,DADOS_SICRO,4,0),IF(G60=\"SUDECAP\",VLOOKUP(F60,DADOS_SUDECAP,4,0),IF(G60=\"COTAÇÃO\",VLOOKUP(F60,DADOS_COTACAO,12,0),\"\"))))))","v":371.6},"BDI 1",{"$f":"TRUNC(J60*(1+$N$17),2)","v":470.14},{"$f":"IFERROR(TRUNC(I60*J60,2),\"\")","v":371.6},{"$f":"IFERROR(TRUNC(L60*I60,2),\"\")","v":470.14}]
[2000]
[2000,null,null,null,"Quantidade ",1,"un"]
[2000]
[{"$f":"IFERROR(LEFT(D64,SEARCH(\".\",D64)-1),\"\")","v":"1"},{"$f":"IFERROR(LEFT(RIGHT(D64,LEN(D64)-SEARCH(\".\",D64)),SEARCH(\".\",RIGHT(D64,LEN(D64)-SEARCH(\".\",D64)))-1),\"\")","v":""},{"$f":"IFERROR(IF(LEN(D64)-LEN(SUBSTITUTE(D64,\".\",\"\"))<>3,\"\",MID(D64,SEARCH(\".\",D64,SEARCH(\".\",D64)+1)+1,LEN(D64)-SEARCH(\".\",D64,SEARCH(\".\",D64)+1)-(LEN(D64)-(SEARCH(\".\",D64,SEARCH(\".\",D64,SEARCH(\".\",D64)+1)+1)-1)))),\"\")","v":""},"1.10",{"$f":"IF($G64=\"SINAPI\",VLOOKUP($F64,DADOS_SINAPI,2,0),IF(G64=\"SETOP\",VLOOKUP($F64,DADOS_SETOP,2,0),IF(G64=\"CPU\",VLOOKUP($F64,DADOS_COMPOSICAO,2,0),IF(G64=\"SICRO\",VLOOKUP($F64,DADOS_SICRO,2,0),IF(G64=\"SUDECAP\",VLOOKUP(F64,DADOS_SUDECAP,2,0),IF(G64=\"COTAÇÃO\",VLOOKUP($F64,DADOS_COTACAO,2,0),\"\"))))))","v":"LIGAÇÃO PROVISÓRIA COM ENTRADA DE ENERGIA AÉREA, PADRÃO CEMIG, CARGA INSTALADA DE 15,1KVA ATÉ 30KVA, TRIFÁSICO, COM SAÍDA SUBTERRÂNEA, INCLUSIVE POSTE, CAIXA PARA MEDIDOR, DISJUNTOR, BARRAMENTO, ATERRAMENTO E ACESSÓRIOS"},"ED-50151","SETOP",{"$f":"IF(G64=\"SINAPI\",VLOOKUP($F64,DADOS_SINAPI,3,0),IF(G64=\"SETOP\",VLOOKUP($F64,DADOS_SETOP,3,0),IF(G64=\"CPU\",VLOOKUP($F64,DADOS_COMPOSICAO,10,0),IF(G64=\"SICRO\",VLOOKUP($F64,DADOS_SICRO,3,0),IF(G64=\"SUDECAP\",VLOOKUP(F64,DADOS_SUDECAP,3,0),IF(G64=\"COTAÇÃO\",VLOOKUP($F64,DADOS_COTACAO,9,0),\"\"))))))","v":"un"},{"$f":"F66","v":1},{"$f":"IF(G64=\"SINAPI\",VLOOKUP($F64,DADOS_SINAPI,4,0),IF(G64=\"SETOP\",VLOOKUP($F64,DADOS_SETOP,4,0),IF(G64=\"CPU\",VLOOKUP($F64,DADOS_COMPOSICAO,13,0),IF(G64=\"SICRO\",VLOOKUP($F64,DADOS_SICRO,4,0),IF(G64=\"SUDECAP\",VLOOKUP(F64,DADOS_SUDECAP,4,0),IF(G64=\"COTAÇÃO\",VLOOKUP(F64,DADOS_COTACAO,12,0),\"\"))))))","v":1151.74},"BDI 1",{"$f":"TRUNC(J64*(1+$N$17),2)","v":1457.18},{"$f":"IFERROR(TRUNC(I64*J64,2),\"\")","v":1151.74},{"$f":"IFERROR(TRUNC(L64*I64,2),\"\")","v":1457.18}]
[2000]
[2000,null,null,null,"Quantidade ",1,"un"]
[2000]
[{"$f":"IFERROR(LEFT(D68,SEARCH(\".\",D68)-1),\"\")","v":"1"},{"$f":"IFERROR(LEFT(RIGHT(D68,LEN(D68)-SEARCH(\".\",D68)),SEARCH(\".\",RIGHT(D68,LEN(D68)-SEARCH(\".\",D68)))-1),\"\")","v":""},{"$f":"IFERROR(IF(LEN(D68)-LEN(SUBSTITUTE(D68,\".\",\"\"))<>3,\"\",MID(D68,SEARCH(\".\",D68,SEARCH(\".\",D68)+1)+1,LEN(D68)-SEARCH(\".\",D68,SEARCH(\".\",D68)+1)-(LEN(D68)-(SEARCH(\".\",D68,SEARCH(\".\",D68,SEARCH(\".\",D68)+1)+1)-1)))),\"\")","v":""},"1.11",{"$f":"IF($G68=\"SINAPI\",VLOOKUP($F68,DADOS_SINAPI,2,0),IF(G68=\"SETOP\",VLOOKUP($F68,DADOS_SETOP,2,0),IF(G68=\"CPU\",VLOOKUP($F68,DADOS_COMPOSICAO,2,0),IF(G68=\"SICRO\",VLOOKUP($F68,DADOS_SICRO,2,0),IF(G68=\"SUDECAP\",VLOOKUP(F68,DADOS_SUDECAP,2,0),IF(G68=\"COTAÇÃO\",VLOOKUP($F68,DADOS_COTACAO,2,0),\"\"))))))","v":"EXECUÇÃO DE CENTRAL DE ARMADURA EM CANTEIRO DE OBRA, NÃO INCLUSO MOBILIÁRIO E EQUIPAMENTOS. AF_04/2016"},93582,"SINAPI",{"$f":"IF(G68=\"SINAPI\",VLOOKUP($F68,DADOS_SINAPI,3,0),IF(G68=\"SETOP\",VLOOKUP($F68,DADOS_SETOP,3,0),IF(G68=\"CPU\",VLOOKUP($F68,DADOS_COMPOSICAO,10,0),IF(G68=\"SICRO\",VLOOKUP($F68,DADOS_SICRO,3,0),IF(G68=\"SUDECAP\",VLOOKUP(F68,DADOS_SUDECAP,3,0),IF(G68=\"COTAÇÃO\",VLOOKUP($F68,DADOS_COTACAO,9,0),\"\"))))))","v":"M2"},{"$f":"F70","v":60},{"$f":"IF(G68=\"SINAPI\",VLOOKUP($F68,DADOS_SINAPI,4,0),IF(G68=\"SETOP\",VLOOKUP($F68,DADOS_SETOP,4,0),IF(G68=\"CPU\",VLOOKUP($F68,DADOS_COMPOSICAO,13,0),IF(G68=\"SICRO\",VLOOKUP($F68,DADOS_SICRO,4,0),IF(G68=\"SUDECAP\",VLOOKUP(F68,DADOS_SUDECAP,4,0),IF(G68=\"COTAÇÃO\",VLOOKUP(F68,DADOS_COTACAO,12,0),\"\"))))))","v":314.83},"BDI 1",{"$f":"TRUNC(J68*(1+$N$17),2)","v":398.32},{"$f":"IFERROR(TRUNC(I68*J68,2),\"\")","v":18889.8},{"$f":"IFERROR(TRUNC(L68*I68,2),\"\")","v":23899.200000000001}]
[2000]
[2000,null,null,null,"Área",60,"m²"]
[2000]
[{"$f":"IFERROR(LEFT(D72,SEARCH(\".\",D72)-1),\"\")","v":"1"},{"$f":"IFERROR(LEFT(RIGHT(D72,LEN(D72)-SEARCH(\".\",D72)),SEARCH(\".\",RIGHT(D72,LEN(D72)-SEARCH(\".\",D72)))-1),\"\")","v":""},{"$f":"IFERROR(IF(LEN(D72)-LEN(SUBSTITUTE(D72,\".\",\"\"))<>3,\"\",MID(D72,SEARCH(\".\",D72,SEARCH(\".\",D72)+1)+1,LEN(D72)-SEARCH(\".\",D72,SEARCH(\".\",D72)+1)-(LEN(D72)-(SEARCH(\".\",D72,SEARCH(\".\",D72,SEARCH(\".\",D72)+1)+1)-1)))),\"\")","v":""},"1.12",{"$f":"IF($G72=\"SINAPI\",VLOOKUP($F72,DADOS_SINAPI,2,0),IF(G72=\"SETOP\",VLOOKUP($F72,DADOS_SETOP,2,0),IF(G72=\"CPU\",VLOOKUP($F72,DADOS_COMPOSICAO,2,0),IF(G72=\"SICRO\",VLOOKUP($F72,DADOS_SICRO,2,0),IF(G72=\"SUDECAP\",VLOOKUP(F72,DADOS_SUDECAP,2,0),IF(G72=\"COTAÇÃO\",VLOOKUP($F72,DADOS_COTACAO,2,0),\"\"))))))","v":"EXECUÇÃO DE CENTRAL DE FÔRMAS, PRODUÇÃO DE ARGAMASSA OU CONCRETO EM CANTEIRO DE OBRA, NÃO INCLUSO MOBILIÁRIO E EQUIPAMENTOS. AF_04/2016"},93583,"SINAPI",{"$f":"IF(G72=\"SINAPI\",VLOOKUP($F72,DADOS_SINAPI,3,0),IF(G72=\"SETOP\",VLOOKUP($F72,DADOS_SETOP,3,0),IF(G72=\"CPU\",VLOOKUP($F72,DADOS_COMPOSICAO,10,0),IF(G72=\"SICRO\",VLOOKUP($F72,DADOS_SICRO,3,0),IF(G72=\"SUDECAP\",VLOOKUP(F72,DADOS_SUDECAP,3,0),IF(G72=\"COTAÇÃO\",VLOOKUP($F72,DADOS_COTACAO,9,0),\"\"))))))","v":"M2"},{"$f":"F74","v":36},{"$f":"IF(G72=\"SINAPI\",VLOOKUP($F72,DADOS_SINAPI,4,0),IF(G72=\"SETOP\",VLOOKUP($F72,DADOS_SETOP,4,0),IF(G72=\"CPU\",VLOOKUP($F72,DADOS_COMPOSICAO,13,0),IF(G72=\"SICRO\",VLOOKUP($F72,DADOS_SICRO,4,0),IF(G72=\"SUDECAP\",VLOOKUP(F72,DADOS_SUDECAP,4,0),IF(G72=\"COTAÇÃO\",VLOOKUP(F72,DADOS_COTACAO,12,0),\"\"))))))","v":491.45},"BDI 1",{"$f":"TRUNC(J72*(1+$N$17),2)","v":621.78},{"$f":"IFERROR(TRUNC(I72*J72,2),\"\")","v":17692.2},{"$f":"IFERROR(TRUNC(L72*I72,2),\"\")","v":22384.080000000002}]
[2000]
[2000,null,null,null,"Área",{"$f":"6*6","v":36},"m²"]
[2000]
[{"$f":"IFERROR(LEFT(D76,SEARCH(\".\",D76)-1),\"\")","v":"1"},{"$f":"IFERROR(LEFT(RIGHT(D76,LEN(D76)-SEARCH(\".\",D76)),SEARCH(\".\",RIGHT(D76,LEN(D76)-SEARCH(\".\",D76)))-1),\"\")","v":""},{"$f":"IFERROR(IF(LEN(D76)-LEN(SUBSTITUTE(D76,\".\",\"\"))<>3,\"\",MID(D76,SEARCH(\".\",D76,SEARCH(\".\",D76)+1)+1,LEN(D76)-SEARCH(\".\",D76,SEARCH(\".\",D76)+1)-(LEN(D76)-(SEARCH(\".\",D76,SEARCH(\".\",D76,SEARCH(\".\",D76)+1)+1)-1)))),\"\")","v":""},"1.13",{"$f":"IF($G76=\"SINAPI\",VLOOKUP($F76,DADOS_SINAPI,2,0),IF(G76=\"SETOP\",VLOOKUP($F76,DADOS_SETOP,2,0),IF(G76=\"CPU\",VLOOKUP($F76,DADOS_COMPOSICAO,2,0),IF(G76=\"SICRO\",VLOOKUP($F76,DADOS_SICRO,2,0),IF(G76=\"SUDECAP\",VLOOKUP(F76,DADOS_SUDECAP,2,0),IF(G76=\"COTAÇÃO\",VLOOKUP($F76,DADOS_COTACAO,2,0),\"\"))))))","v":"TAPUME FIXO DE PROTEÇÃO PARA FECHAMENTO DE OBRA EM TELHA METÁLICA GALVANIZADA, TIPO TRAPEZOIDAL, ESP. 0,5MM, COM MÓDULO NA DIMENSÃO DE (300X220)CM, COM REAPROVEITAMENTO, EXCLUSIVE PINTURA ESMALTE, INCLUSIVE PONTALETE E FIXAÇÃO"},"ED-29823","SETOP",{"$f":"IF(G76=\"SINAPI\",VLOOKUP($F76,DADOS_SINAPI,3,0),IF(G76=\"SETOP\",VLOOKUP($F76,DADOS_SETOP,3,0),IF(G76=\"CPU\",VLOOKUP($F76,DADOS_COMPOSICAO,10,0),IF(G76=\"SICRO\",VLOOKUP($F76,DADOS_SICRO,3,0),IF(G76=\"SUDECAP\",VLOOKUP(F76,DADOS_SUDECAP,3,0),IF(G76=\"COTAÇÃO\",VLOOKUP($F76,DADOS_COTACAO,9,0),\"\"))))))","v":"m2"},{"$f":"F80","v":51.172000000000004},{"$f":"IF(G76=\"SINAPI\",VLOOKUP($F76,DADOS_SINAPI,4,0),IF(G76=\"SETOP\",VLOOKUP($F76,DADOS_SETOP,4,0),IF(G76=\"CPU\",VLOOKUP($F76,DADOS_COMPOSICAO,13,0),IF(G76=\"SICRO\",VLOOKUP($F76,DADOS_SICRO,4,0),IF(G76=\"SUDECAP\",VLOOKUP(F76,DADOS_SUDECAP,4,0),IF(G76=\"COTAÇÃO\",VLOOKUP(F76,DADOS_COTACAO,12,0),\"\"))))))","v":58.23},"BDI 1",{"$f":"TRUNC(J76*(1+$N$17),2)","v":73.67},{"$f":"IFERROR(TRUNC(I76*J76,2),\"\")","v":2979.74},{"$f":"IFERROR(TRUNC(L76*I76,2),\"\")","v":3769.84}]
[2000]
[2000,null,null,null,"Comprimento",23.26,"m"]
[2000,null,null,null,"Altura",2.2000000000000002,"m"]
[2000,null,null,null,"Total",{"$f":"F78*F79","v":51.172000000000004},"m²"]
[2000]
[{"$f":"IFERROR(LEFT(D82,SEARCH(\".\",D82)-1),\"\")","v":"1"},{"$f":"IFERROR(LEFT(RIGHT(D82,LEN(D82)-SEARCH(\".\",D82)),SEARCH(\".\",RIGHT(D82,LEN(D82)-SEARCH(\".\",D82)))-1),\"\")","v":""},{"$f":"IFERROR(IF(LEN(D82)-LEN(SUBSTITUTE(D82,\".\",\"\"))<>3,\"\",MID(D82,SEARCH(\".\",D82,SEARCH(\".\",D82)+1)+1,LEN(D82)-SEARCH(\".\",D82,SEARCH(\".\",D82)+1)-(LEN(D82)-(SEARCH(\".\",D82,SEARCH(\".\",D82,SEARCH(\".\",D82)+1)+1)-1)))),\"\")","v":""},"1.14",{"$f":"IF($G82=\"SINAPI\",VLOOKUP($F82,DADOS_SINAPI,2,0),IF(G82=\"SETOP\",VLOOKUP($F82,DADOS_SETOP,2,0),IF(G82=\"CPU\",VLOOKUP($F82,DADOS_COMPOSICAO,2,0),IF(G82=\"SICRO\",VLOOKUP($F82,DADOS_SICRO,2,0),IF(G82=\"SUDECAP\",VLOOKUP(F82,DADOS_SUDECAP,2,0),IF(G82=\"COTAÇÃO\",VLOOKUP($F82,DADOS_COTACAO,2,0),\"\"))))))","v":"REMOÇÃO DE TAPUME/ CHAPAS METÁLICAS E DE MADEIRA, DE FORMA MANUAL, SEM REAPROVEITAMENTO. AF_12/2017"},97637,"SINAPI",{"$f":"IF(G82=\"SINAPI\",VLOOKUP($F82,DADOS_SINAPI,3,0),IF(G82=\"SETOP\",VLOOKUP($F82,DADOS_SETOP,3,0),IF(G82=\"CPU\",VLOOKUP($F82,DADOS_COMPOSICAO,10,0),IF(G82=\"SICRO\",VLOOKUP($F82,DADOS_SICRO,3,0),IF(G82=\"SUDECAP\",VLOOKUP(F82,DADOS_SUDECAP,3,0),IF(G82=\"COTAÇÃO\",VLOOKUP($F82,DADOS_COTACAO,9,0),\"\"))))))","v":"M2"},{"$f":"F84","v":51.172000000000004},{"$f":"IF(G82=\"SINAPI\",VLOOKUP($F82,DADOS_SINAPI,4,0),IF(G82=\"SETOP\",VLOOKUP($F82,DADOS_SETOP,4,0),IF(G82=\"CPU\",VLOOKUP($F82,DADOS_COMPOSICAO,13,0),IF(G82=\"SICRO\",VLOOKUP($F82,DADOS_SICRO,4,0),IF(G82=\"SUDECAP\",VLOOKUP(F82,DADOS_SUDECAP,4,0),IF(G82=\"COTAÇÃO\",VLOOKUP(F82,DADOS_COTACAO,12,0),\"\"))))))","v":2.41},"BDI 1",{"$f":"TRUNC(J82*(1+$N$17),2)","v":3.04},{"$f":"IFERROR(TRUNC(I82*J82,2),\"\")","v":123.32},{"$f":"IFERROR(TRUNC(L82*I82,2),\"\")","v":155.56}]
[2000]
[2000,null,null,null,"Total",{"$f":"F80","v":51.172000000000004},"m²"]
[2000]
[1000,null,null,2,"SERVIÇOS PRELIMINARES",null,null,null,null,null,null,null,{"$f":"SUMIF(A:A,D86,M:M)","v":15236.36},{"$f":"SUMIF(A:A,D86,N:N)","v":19276.03}]
[{"$f":"IFERROR(LEFT(D87,SEARCH(\".\",D87)-1),\"\")","v":"2"},{"$f":"IFERROR(LEFT(RIGHT(D87,LEN(D87)-SEARCH(\".\",D87)),SEARCH(\".\",RIGHT(D87,LEN(D87)-SEARCH(\".\",D87)))-1),\"\")","v":""},{"$f":"IFERROR(IF(LEN(D87)-LEN(SUBSTITUTE(D87,\".\",\"\"))<>3,\"\",MID(D87,SEARCH(\".\",D87,SEARCH(\".\",D87)+1)+1,LEN(D87)-SEARCH(\".\",D87,SEARCH(\".\",D87)+1)-(LEN(D87)-(SEARCH(\".\",D87,SEARCH(\".\",D87,SEARCH(\".\",D87)+1)+1)-1)))),\"\")","v":""},"2.1",{"$f":"IF($G87=\"SINAPI\",VLOOKUP($F87,DADOS_SINAPI,2,0),IF(G87=\"SETOP\",VLOOKUP($F87,DADOS_SETOP,2,0),IF(G87=\"CPU\",VLOOKUP($F87,DADOS_COMPOSICAO,2,0),IF(G87=\"SICRO\",VLOOKUP($F87,DADOS_SICRO,2,0),IF(G87=\"SUDECAP\",VLOOKUP(F87,DADOS_SUDECAP,2,0),IF(G87=\"COTAÇÃO\",VLOOKUP($F87,DADOS_COTACAO,2,0),\"\"))))))","v":"FORNECIMENTO E COLOCAÇÃO DE PLACA DE OBRA EM CHAPA GALVANIZADA #26, ESP. 0,45MM, DIMENSÃO (3X1,5)M, PLOTADA COM ADESIVO VINÍLICO, AFIXADA COM REBITES 4,8X40MM, EM ESTRUTURA METÁLICA DE METALON 20X20MM, ESP. 1,25MM, INCLUSIVE SUPORTE EM EUCALIPTO AUTOCLAVADO PINTADO COM TINTA PVA DUAS (2) DEMÃOS"},"ED-28427","SETOP",{"$f":"IF(G87=\"SINAPI\",VLOOKUP($F87,DADOS_SINAPI,3,0),IF(G87=\"SETOP\",VLOOKUP($F87,DADOS_SETOP,3,0),IF(G87=\"CPU\",VLOOKUP($F87,DADOS_COMPOSICAO,10,0),IF(G87=\"SICRO\",VLOOKUP($F87,DADOS_SICRO,3,0),IF(G87=\"SUDECAP\",VLOOKUP(F87,DADOS_SUDECAP,3,0),IF(G87=\"COTAÇÃO\",VLOOKUP($F87,DADOS_COTACAO,9,0),\"\"))))))","v":"un"},{"$f":"F89","v":1},{"$f":"IF(G87=\"SINAPI\",VLOOKUP($F87,DADOS_SINAPI,4,0),IF(G87=\"SETOP\",VLOOKUP($F87,DADOS_SETOP,4,0),IF(G87=\"CPU\",VLOOKUP($F87,DADOS_COMPOSICAO,13,0),IF(G87=\"SICRO\",VLOOKUP($F87,DADOS_SICRO,4,0),IF(G87=\"SUDECAP\",VLOOKUP(F87,DADOS_SUDECAP,4,0),IF(G87=\"COTAÇÃO\",VLOOKUP(F87,DADOS_COTACAO,12,0),\"\"))))))","v":1390.32},"BDI 1",{"$f":"TRUNC(J87*(1+$N$17),2)","v":1759.03},{"$f":"IFERROR(TRUNC(I87*J87,2),\"\")","v":1390.32},{"$f":"IFERROR(TRUNC(L87*I87,2),\"\")","v":1759.03}]
[2000]
[2000,null,null,null,"Quantidade ",1,"un"]
[2000]
[{"$f":"IFERROR(LEFT(D91,SEARCH(\".\",D91)-1),\"\")","v":"2"},{"$f":"IFERROR(LEFT(RIGHT(D91,LEN(D91)-SEARCH(\".\",D91)),SEARCH(\".\",RIGHT(D91,LEN(D91)-SEARCH(\".\",D91)))-1),\"\")","v":""},{"$f":"IFERROR(IF(LEN(D91)-LEN(SUBSTITUTE(D91,\".\",\"\"))<>3,\"\",MID(D91,SEARCH(\".\",D91,SEARCH(\".\",D91)+1)+1,LEN(D91)-SEARCH(\".\",D91,SEARCH(\".\",D91)+1)-(LEN(D91)-(SEARCH(\".\",D91,SEARCH(\".\",D91,SEARCH(\".\",D91)+1)+1)-1)))),\"\")","v":""},"2.2",{"$f":"IF($G91=\"SINAPI\",VLOOKUP($F91,DADOS_SINAPI,2,0),IF(G91=\"SETOP\",VLOOKUP($F91,DADOS_SETOP,2,0),IF(G91=\"CPU\",VLOOKUP($F91,DADOS_COMPOSICAO,2,0),IF(G91=\"SICRO\",VLOOKUP($F91,DADOS_SICRO,2,0),IF(G91=\"SUDECAP\",VLOOKUP(F91,DADOS_SUDECAP,2,0),IF(G91=\"COTAÇÃO\",VLOOKUP($F91,DADOS_COTACAO,2,0),\"\"))))))","v":"LOCACAO CONVENCIONAL DE OBRA, UTILIZANDO GABARITO DE TÁBUAS CORRIDAS PONTALETADAS A CADA 2,00M -  2 UTILIZAÇÕES. AF_10/2018"},99059,"SINAPI",{"$f":"IF(G91=\"SINAPI\",VLOOKUP($F91,DADOS_SINAPI,3,0),IF(G91=\"SETOP\",VLOOKUP($F91,DADOS_SETOP,3,0),IF(G91=\"CPU\",VLOOKUP($F91,DADOS_COMPOSICAO,10,0),IF(G91=\"SICRO\",VLOOKUP($F91,DADOS_SICRO,3,0),IF(G91=\"SUDECAP\",VLOOKUP(F91,DADOS_SUDECAP,3,0),IF(G91=\"COTAÇÃO\",VLOOKUP($F91,DADOS_COTACAO,9,0),\"\"))))))","v":"M"},{"$f":"F96","v":213.18},{"$f":"IF(G91=\"SINAPI\",VLOOKUP($F91,DADOS_SINAPI,4,0),IF(G91=\"SETOP\",VLOOKUP($F91,DADOS_SETOP,4,0),IF(G91=\"CPU\",VLOOKUP($F91,DADOS_COMPOSICAO,13,0),IF(G91=\"SICRO\",VLOOKUP($F91,DADOS_SICRO,4,0),IF(G91=\"SUDECAP\",VLOOKUP(F91,DADOS_SUDECAP,4,0),IF(G91=\"COTAÇÃO\",VLOOKUP(F91,DADOS_COTACAO,12,0),\"\"))))))","v":64.95},"BDI 1",{"$f":"TRUNC(J91*(1+$N$17),2)","v":82.17},{"$f":"IFERROR(TRUNC(I91*J91,2),\"\")","v":13846.04},{"$f":"IFERROR(TRUNC(L91*I91,2),\"\")","v":17517}]
[2000]
[2000,null,null,null,"UPA",180.68,"m"]
[2000,null,null,null,"Casa de Máquinas",18.600000000000001,"m"]
[2000,null,null,null,"Casa de Gás",13.9,"m"]
[2000,null,null,null,"Total",{"$f":"SUM(F93:F95)","v":213.18},"m"]
[2000]
[1000,null,null,3,"ADMINISTRAÇÃO DE OBRA",null,null,null,null,null,null,null,{"$f":"SUMIF(A:A,D98,M:M)","v":303549.24},{"$f":"SUMIF(A:A,D98,N:N)","v":384050.27999999997}]
[{"$f":"IFERROR(LEFT(D99,SEARCH(\".\",D99)-1),\"\")","v":"3"},{"$f":"IFERROR(LEFT(RIGHT(D99,LEN(D99)-SEARCH(\".\",D99)),SEARCH(\".\",RIGHT(D99,LEN(D99)-SEARCH(\".\",D99)))-1),\"\")","v":""},{"$f":"IFERROR(IF(LEN(D99)-LEN(SUBSTITUTE(D99,\".\",\"\"))<>3,\"\",MID(D99,SEARCH(\".\",D99,SEARCH(\".\",D99)+1)+1,LEN(D99)-SEARCH(\".\",D99,SEARCH(\".\",D99)+1)-(LEN(D99)-(SEARCH(\".\",D99,SEARCH(\".\",D99,SEARCH(\".\",D99)+1)+1)-1)))),\"\")","v":""},"3.1",{"$f":"IF($G99=\"SINAPI\",VLOOKUP($F99,DADOS_SINAPI,2,0),IF(G99=\"SETOP\",VLOOKUP($F99,DADOS_SETOP,2,0),IF(G99=\"CPU\",VLOOKUP($F99,DADOS_COMPOSICAO,2,0),IF(G99=\"SICRO\",VLOOKUP($F99,DADOS_SICRO,2,0),IF(G99=\"SUDECAP\",VLOOKUP(F99,DADOS_SUDECAP,2,0),IF(G99=\"COTAÇÃO\",VLOOKUP($F99,DADOS_COTACAO,2,0),\"\"))))))","v":"ENGENHEIRO CIVIL PLENO COM ENCARGOS COMPLEMENTARES"},100320,"SINAPI",{"$f":"IF(G99=\"SINAPI\",VLOOKUP($F99,DADOS_SINAPI,3,0),IF(G99=\"SETOP\",VLOOKUP($F99,DADOS_SETOP,3,0),IF(G99=\"CPU\",VLOOKUP($F99,DADOS_COMPOSICAO,10,0),IF(G99=\"SICRO\",VLOOKUP($F99,DADOS_SICRO,3,0),IF(G99=\"SUDECAP\",VLOOKUP(F99,DADOS_SUDECAP,3,0),IF(G99=\"COTAÇÃO\",VLOOKUP($F99,DADOS_COTACAO,9,0),\"\"))))))","v":"MES"},{"$f":"F101","v":12},{"$f":"IF(G99=\"SINAPI\",VLOOKUP($F99,DADOS_SINAPI,4,0),IF(G99=\"SETOP\",VLOOKUP($F99,DADOS_SETOP,4,0),IF(G99=\"CPU\",VLOOKUP($F99,DADOS_COMPOSICAO,13,0),IF(G99=\"SICRO\",VLOOKUP($F99,DADOS_SICRO,4,0),IF(G99=\"SUDECAP\",VLOOKUP(F99,DADOS_SUDECAP,4,0),IF(G99=\"COTAÇÃO\",VLOOKUP(F99,DADOS_COTACAO,12,0),\"\"))))))","v":19486.5},"BDI 1",{"$f":"TRUNC(J99*(1+$N$17),2)","v":24654.31},{"$f":"IFERROR(TRUNC(I99*J99,2),\"\")","v":233838},{"$f":"IFERROR(TRUNC(L99*I99,2),\"\")","v":295851.71999999997}]
[2000]
[2000,null,null,null,"Quantidade ",12,"mês"]
[2000]
[{"$f":"IFERROR(LEFT(D103,SEARCH(\".\",D103)-1),\"\")","v":"3"},{"$f":"IFERROR(LEFT(RIGHT(D103,LEN(D103)-SEARCH(\".\",D103)),SEARCH(\".\",RIGHT(D103,LEN(D103)-SEARCH(\".\",D103)))-1),\"\")","v":""},{"$f":"IFERROR(IF(LEN(D103)-LEN(SUBSTITUTE(D103,\".\",\"\"))<>3,\"\",MID(D103,SEARCH(\".\",D103,SEARCH(\".\",D103)+1)+1,LEN(D103)-SEARCH(\".\",D103,SEARCH(\".\",D103)+1)-(LEN(D103)-(SEARCH(\".\",D103,SEARCH(\".\",D103,SEARCH(\".\",D103)+1)+1)-1)))),\"\")","v":""},"3.2",{"$f":"IF($G103=\"SINAPI\",VLOOKUP($F103,DADOS_SINAPI,2,0),IF(G103=\"SETOP\",VLOOKUP($F103,DADOS_SETOP,2,0),IF(G103=\"CPU\",VLOOKUP($F103,DADOS_COMPOSICAO,2,0),IF(G103=\"SICRO\",VLOOKUP($F103,DADOS_SICRO,2,0),IF(G103=\"SUDECAP\",VLOOKUP(F103,DADOS_SUDECAP,2,0),IF(G103=\"COTAÇÃO\",VLOOKUP($F103,DADOS_COTACAO,2,0),\"\"))))))","v":"TÉCNICO EM SEGURANÇA DO TRABALHO COM ENCARGOS COMPLEMENTARES"},100321,"SINAPI",{"$f":"IF(G103=\"SINAPI\",VLOOKUP($F103,DADOS_SINAPI,3,0),IF(G103=\"SETOP\",VLOOKUP($F103,DADOS_SETOP,3,0),IF(G103=\"CPU\",VLOOKUP($F103,DADOS_COMPOSICAO,10,0),IF(G103=\"SICRO\",VLOOKUP($F103,DADOS_SICRO,3,0),IF(G103=\"SUDECAP\",VLOOKUP(F103,DADOS_SUDECAP,3,0),IF(G103=\"COTAÇÃO\",VLOOKUP($F103,DADOS_COTACAO,9,0),\"\"))))))","v":"MES"},{"$f":"F105","v":12},{"$f":"IF(G103=\"SINAPI\",VLOOKUP($F103,DADOS_SINAPI,4,0),IF(G103=\"SETOP\",VLOOKUP($F103,DADOS_SETOP,4,0),IF(G103=\"CPU\",VLOOKUP($F103,DADOS_COMPOSICAO,13,0),IF(G103=\"SICRO\",VLOOKUP($F103,DADOS_SICRO,4,0),IF(G103=\"SUDECAP\",VLOOKUP(F103,DADOS_SUDECAP,4,0),IF(G103=\"COTAÇÃO\",VLOOKUP(F103,DADOS_COTACAO,12,0),\"\"))))))","v":5809.27},"BDI 1",{"$f":"TRUNC(J103*(1+$N$17),2)","v":7349.88},{"$f":"IFERROR(TRUNC(I103*J103,2),\"\")","v":69711.240000000005},{"$f":"IFERROR(TRUNC(L103*I103,2),\"\")","v":88198.56}]
[2000]
[2000,null,null,null,"Quantidade ",12,"mês"]
[2000]
[1000,null,null,4,"ESTRUTURA",null,null,null,null,null,null,null,{"$f":"SUMIF(A:A,D107,M:M)","v":1680493.0900000005},{"$f":"SUMIF(A:A,D107,N:N)","v":2126013.17}]
[null,null,null,"4.1","MOVIMENTAÇÃO DE TERRA",null,null,null,null,null,null,null,{"$f":"IFERROR(SUMIFS(M:M,A:A,LEFT(D108,SEARCH(\".\",D108)-1),B:B,RIGHT(D108,LEN(D108)-SEARCH(\".\",D108))),\"\")","v":22186.880000000001},{"$f":"IFERROR(SUMIFS(N:N,A:A,LEFT(D108,SEARCH(\".\",D108)-1),B:B,RIGHT(D108,LEN(D108)-SEARCH(\".\",D108))),\"\")","v":28052.249999999996}]
[{"$f":"IFERROR(LEFT(D109,SEARCH(\".\",D109)-1),\"\")","v":"4"},{"$f":"IFERROR(LEFT(RIGHT(D109,LEN(D109)-SEARCH(\".\",D109)),SEARCH(\".\",RIGHT(D109,LEN(D109)-SEARCH(\".\",D109)))-1),\"\")","v":"1"},{"$f":"IFERROR(IF(LEN(D109)-LEN(SUBSTITUTE(D109,\".\",\"\"))<>3,\"\",MID(D109,SEARCH(\".\",D109,SEARCH(\".\",D109)+1)+1,LEN(D109)-SEARCH(\".\",D109,SEARCH(\".\",D109)+1)-(LEN(D109)-(SEARCH(\".\",D109,SEARCH(\".\",D109,SEARCH(\".\",D109)+1)+1)-1)))),\"\")","v":""},"4.1.1",{"$f":"IF($G109=\"SINAPI\",VLOOKUP($F109,DADOS_SINAPI,2,0),IF(G109=\"SETOP\",VLOOKUP($F109,DADOS_SETOP,2,0),IF(G109=\"CPU\",VLOOKUP($F109,DADOS_COMPOSICAO,2,0),IF(G109=\"SICRO\",VLOOKUP($F109,DADOS_SICRO,2,0),IF(G109=\"SUDECAP\",VLOOKUP(F109,DADOS_SUDECAP,2,0),IF(G109=\"COTAÇÃO\",VLOOKUP($F109,DADOS_COTACAO,2,0),\"\"))))))","v":"ESCAVAÇÃO MANUAL PARA BLOCO DE COROAMENTO OU SAPATA (INCLUINDO ESCAVAÇÃO PARA COLOCAÇÃO DE FÔRMAS). AF_06/2017"},96523,"SINAPI",{"$f":"IF(G109=\"SINAPI\",VLOOKUP($F109,DADOS_SINAPI,3,0),IF(G109=\"SETOP\",VLOOKUP($F109,DADOS_SETOP,3,0),IF(G109=\"CPU\",VLOOKUP($F109,DADOS_COMPOSICAO,10,0),IF(G109=\"SICRO\",VLOOKUP($F109,DADOS_SICRO,3,0),IF(G109=\"SUDECAP\",VLOOKUP(F109,DADOS_SUDECAP,3,0),IF(G109=\"COTAÇÃO\",VLOOKUP($F109,DADOS_COTACAO,9,0),\"\"))))))","v":"M3"},{"$f":"ROUND(F115,2)","v":116.17},{"$f":"IF(G109=\"SINAPI\",VLOOKUP($F109,DADOS_SINAPI,4,0),IF(G109=\"SETOP\",VLOOKUP($F109,DADOS_SETOP,4,0),IF(G109=\"CPU\",VLOOKUP($F109,DADOS_COMPOSICAO,13,0),IF(G109=\"SICRO\",VLOOKUP($F109,DADOS_SICRO,4,0),IF(G109=\"SUDECAP\",VLOOKUP(F109,DADOS_SUDECAP,4,0),IF(G109=\"COTAÇÃO\",VLOOKUP(F109,DADOS_COTACAO,12,0),\"\"))))))","v":83.29},"BDI 1",{"$f":"TRUNC(J109*(1+$N$17),2)","v":105.37},{"$f":"IFERROR(TRUNC(I109*J109,2),\"\")","v":9675.7900000000009},{"$f":"IFERROR(TRUNC(L109*I109,2),\"\")","v":12240.83}]
[2000]
[2000,null,null,null,"BLOCOS 80X80",19,"UN"]
[2000,null,null,null,"BLOCOS 170X80",50,"UN"]
[2000,null,null,null,"BLOCOS 230X80",5,"UN"]
[2000,null,null,null,"Hméd",1.3,"M"]
[2000,null,null,null,"ESCAVAÇÃO TOTAL",{"$f":"0.8*0.8*F114*F111+2.3*0.8*F114*F113+1.7*0.8*F114*F112","v":116.16800000000001},"M³"]
[2000]
["4","1","","4.1.2","ESCAVAÇÃO MANUAL DE VALA PARA VIGA BALDRAME (INCLUINDO ESCAVAÇÃO PARA COLOCAÇÃO DE FÔRMAS). AF_06/2017",96527,"SINAPI","M3",{"$f":"ROUND(F123,2)","v":51.88},109.17,"BDI 1",138.12,5663.73,7165.66]
[2000]
[2000,null,null,null,"COMPRIMENTO TOTAL DAS VIGAS BALDRAME  (PRÉ-MOLDADAS)",448,"M"]
[2000,null,null,null,"ÁREA DA SEÇÃO DAS VIGAS (PRÉ-MOLDADAS)",{"$f":"0.2*0.5","v":0.1},"M²"]
[2000,null,null,null,"COMPRIMENTO TOTAL DAS VIGAS BALDRAME  ",{"$f":"118.06","v":118.06},"M"]
[2000,null,null,null,"ÁREA DA SEÇÃO DAS VIGAS BALDRAME",{"$f":"0.3*0.2","v":0.06},"M²"]
[2000,null,null,null,"ESCAVAÇÃO TOTAL",{"$f":"F122*F121+F120*F119","v":51.883600000000001},"M³"]
[2000]
["4","1","","4.1.3","REATERRO MANUAL DE VALAS COM COMPACTAÇÃO MECANIZADA. AF_04/2016",93382,"SINAPI","M3",{"$f":"ROUND(F131,2)","v":56.92},29.22,"BDI 1",36.96,1663.2,2103.7600000000002]
[2000]
[2000,null,null,null,"VOLUME TOTAL ESCAVADO",{"$f":"F115+F123","v":168.05160000000001},"M³"]
[2000,null,null,null,"VOLUME DE CONCRETO DAS VIGAS BALDRAME",{"$f":"F210+F241","v":51.92},"M³"]
[2000,null,null,null,"VOLUME DE CONCRETO DOS BLOCOS DE COROAMENTO",{"$f":"F189","v":72.349999999999994},"M³"]
[2000,null,null,null,"EMPOLAMENTO",1.3,"-"]
[2000,null,null,null,"VOLUME DE REATERRO",{"$f":"(F127-F128-F129)*F130","v":56.916080000000015},"M³"]
[2000]
["4","1","","4.1.4","CARGA, MANOBRA E DESCARGA DE SOLOS E MATERIAIS GRANULARES EM CAMINHÃO BASCULANTE 6 M³ - CARGA COM ESCAVADEIRA HIDRÁULICA (CAÇAMBA DE 1,20 M³ / 155 HP) E DESCARGA LIVRE (UNIDADE: M3). AF_07/2020",100977,"SINAPI","M3",{"$f":"ROUND(F138,2)","v":161.55000000000001},7.06,"BDI 1",8.93,1140.54,1442.64]
[2000]
[2000,null,null,null,"VOLUME TOTAL ESCAVADO",{"$f":"F127","v":168.05160000000001},"M³"]
[2000,null,null,null,"VOLUME DE REATERRO",{"$f":"F131","v":56.916080000000015},"M³"]
[2000,null,null,null,"EMPOLAMENTO",1.3,"-"]
[2000,null,null,null,"VOLUME DE BOTA FORA",{"$f":"F135*F137-F136","v":161.55099999999999},"M³"]
[2000]
["4","1","","4.1.5","TRANSPORTE COM CAMINHÃO BASCULANTE DE 10 M³, EM VIA URBANA PAVIMENTADA, DMT ATÉ 30 KM (UNIDADE: M3XKM). AF_07/2020",95875,"SINAPI","M3XKM",{"$f":"ROUND(F144,2)","v":1696.29},2.2599999999999998,"BDI 1",2.85,3833.61,4834.42]
[2000]
[2000,null,null,null,"VOLUME DE BOTA FORA",{"$f":"F138","v":161.55099999999999},"M³"]
[2000,null,null,null,"DMT",10.5,"KM"]
[2000,null,null,null,"TRANSPORTE",{"$f":"F142*F143","v":1696.2855},"M³xkm"]
[2000]
["4","1","","4.1.6","ESPALHAMENTO DE MATERIAL COM TRATOR DE ESTEIRAS. AF_11/2019",100574,"SINAPI","M3",{"$f":"ROUND(F148,2)","v":161.55000000000001},1.3,"BDI 1",1.64,210.01,264.94]
[2000]
[2000,null,null,null,"VOLUME DE BOTA FORA",{"$f":"F138","v":161.55099999999999},"M³"]
[2000]
[null,null,null,"4.2","FUNDAÇÃO",null,null,null,null,null,null,null,{"$f":"IFERROR(SUMIFS(M:M,A:A,LEFT(D150,SEARCH(\".\",D150)-1),B:B,RIGHT(D150,LEN(D150)-SEARCH(\".\",D150))),\"\")","v":601297.45000000007},{"$f":"IFERROR(SUMIFS(N:N,A:A,LEFT(D150,SEARCH(\".\",D150)-1),B:B,RIGHT(D150,LEN(D150)-SEARCH(\".\",D150))),\"\")","v":760725.08000000019}]
[null,null,null,"4.2.1","ESTAQUEAMENTO",null,null,null,null,null,null,null,{"$f":"IFERROR(SUMIFS(M:M,A:A,LEFT(D151,SEARCH(\".\",D151)-1),B:B,LEFT(RIGHT(D151,LEN(D151)-SEARCH(\".\",D151)),SEARCH(\".\",RIGHT(D151,LEN(D151)-SEARCH(\".\",D151)))-1),C:C,RIGHT(D151,LEN(D151)-SEARCH(\".\",D151,SEARCH(\".\",D151)+1))),\"\")","v":307160.05},{"$f":"IFERROR(SUMIFS(N:N,A:A,LEFT(D151,SEARCH(\".\",D151)-1),B:B,LEFT(RIGHT(D151,LEN(D151)-SEARCH(\".\",D151)),SEARCH(\".\",RIGHT(D151,LEN(D151)-SEARCH(\".\",D151)))-1),C:C,RIGHT(D151,LEN(D151)-SEARCH(\".\",D151,SEARCH(\".\",D151)+1))),\"\")","v":388607.96000000008}]
[{"$f":"IFERROR(LEFT(D152,SEARCH(\".\",D152)-1),\"\")","v":"4"},{"$f":"IFERROR(LEFT(RIGHT(D152,LEN(D152)-SEARCH(\".\",D152)),SEARCH(\".\",RIGHT(D152,LEN(D152)-SEARCH(\".\",D152)))-1),\"\")","v":"2"},{"$f":"IFERROR(IF(LEN(D152)-LEN(SUBSTITUTE(D152,\".\",\"\"))<>3,\"\",MID(D152,SEARCH(\".\",D152,SEARCH(\".\",D152)+1)+1,LEN(D152)-SEARCH(\".\",D152,SEARCH(\".\",D152)+1)-(LEN(D152)-(SEARCH(\".\",D152,SEARCH(\".\",D152,SEARCH(\".\",D152)+1)+1)-1)))),\"\")","v":"1"},"4.2.1.1",{"$f":"IF($G152=\"SINAPI\",VLOOKUP($F152,DADOS_SINAPI,2,0),IF(G152=\"SETOP\",VLOOKUP($F152,DADOS_SETOP,2,0),IF(G152=\"CPU\",VLOOKUP($F152,DADOS_COMPOSICAO,2,0),IF(G152=\"SICRO\",VLOOKUP($F152,DADOS_SICRO,2,0),IF(G152=\"SUDECAP\",VLOOKUP(F152,DADOS_SUDECAP,2,0),IF(G152=\"COTAÇÃO\",VLOOKUP($F152,DADOS_COTACAO,2,0),\"\"))))))","v":"MOBILIZAÇÃO E DESMOBILIZAÇÃO DE EQUIPAMENTO PARA ESTACA TIPO HÉLICE CONTÍNUA  (CUSTO FIXO), INCLUSIVE CARGA E DESGARGA, EXCLUSIVE TRANSPORTE EM QUILÔMETRO RODADO (CUSTO VARIÁVEL)"},"ED-19753","SETOP",{"$f":"IF(G152=\"SINAPI\",VLOOKUP($F152,DADOS_SINAPI,3,0),IF(G152=\"SETOP\",VLOOKUP($F152,DADOS_SETOP,3,0),IF(G152=\"CPU\",VLOOKUP($F152,DADOS_COMPOSICAO,10,0),IF(G152=\"SICRO\",VLOOKUP($F152,DADOS_SICRO,3,0),IF(G152=\"SUDECAP\",VLOOKUP(F152,DADOS_SUDECAP,3,0),IF(G152=\"COTAÇÃO\",VLOOKUP($F152,DADOS_COTACAO,9,0),\"\"))))))","v":"un"},{"$f":"F154","v":1},{"$f":"IF(G152=\"SINAPI\",VLOOKUP($F152,DADOS_SINAPI,4,0),IF(G152=\"SETOP\",VLOOKUP($F152,DADOS_SETOP,4,0),IF(G152=\"CPU\",VLOOKUP($F152,DADOS_COMPOSICAO,13,0),IF(G152=\"SICRO\",VLOOKUP($F152,DADOS_SICRO,4,0),IF(G152=\"SUDECAP\",VLOOKUP(F152,DADOS_SUDECAP,4,0),IF(G152=\"COTAÇÃO\",VLOOKUP(F152,DADOS_COTACAO,12,0),\"\"))))))","v":19359.86},"BDI 1",{"$f":"TRUNC(J152*(1+$N$17),2)","v":24494.09},{"$f":"IFERROR(TRUNC(I152*J152,2),\"\")","v":19359.86},{"$f":"IFERROR(TRUNC(L152*I152,2),\"\")","v":24494.09}]
[2000]
[2000,null,null,null,"QUANTIDADE ",1,"UN"]
[2000]
[{"$f":"IFERROR(LEFT(D156,SEARCH(\".\",D156)-1),\"\")","v":"4"},{"$f":"IFERROR(LEFT(RIGHT(D156,LEN(D156)-SEARCH(\".\",D156)),SEARCH(\".\",RIGHT(D156,LEN(D156)-SEARCH(\".\",D156)))-1),\"\")","v":"2"},{"$f":"IFERROR(IF(LEN(D156)-LEN(SUBSTITUTE(D156,\".\",\"\"))<>3,\"\",MID(D156,SEARCH(\".\",D156,SEARCH(\".\",D156)+1)+1,LEN(D156)-SEARCH(\".\",D156,SEARCH(\".\",D156)+1)-(LEN(D156)-(SEARCH(\".\",D156,SEARCH(\".\",D156,SEARCH(\".\",D156)+1)+1)-1)))),\"\")","v":"1"},"4.2.1.2",{"$f":"IF($G156=\"SINAPI\",VLOOKUP($F156,DADOS_SINAPI,2,0),IF(G156=\"SETOP\",VLOOKUP($F156,DADOS_SETOP,2,0),IF(G156=\"CPU\",VLOOKUP($F156,DADOS_COMPOSICAO,2,0),IF(G156=\"SICRO\",VLOOKUP($F156,DADOS_SICRO,2,0),IF(G156=\"SUDECAP\",VLOOKUP(F156,DADOS_SUDECAP,2,0),IF(G156=\"COTAÇÃO\",VLOOKUP($F156,DADOS_COTACAO,2,0),\"\"))))))","v":"MOBILIZAÇÃO E DESMOBILIZAÇÃO DE EQUIPAMENTO PARA ESTACA TIPO HÉLICE CONTÍNUA (CUSTO VARIÁVEL), EXCLUSIVE CUSTO FIXO DE TRANSPORTE"},"ED-19754","SETOP",{"$f":"IF(G156=\"SINAPI\",VLOOKUP($F156,DADOS_SINAPI,3,0),IF(G156=\"SETOP\",VLOOKUP($F156,DADOS_SETOP,3,0),IF(G156=\"CPU\",VLOOKUP($F156,DADOS_COMPOSICAO,10,0),IF(G156=\"SICRO\",VLOOKUP($F156,DADOS_SICRO,3,0),IF(G156=\"SUDECAP\",VLOOKUP(F156,DADOS_SUDECAP,3,0),IF(G156=\"COTAÇÃO\",VLOOKUP($F156,DADOS_COTACAO,9,0),\"\"))))))","v":"km"},{"$f":"F158","v":50},{"$f":"IF(G156=\"SINAPI\",VLOOKUP($F156,DADOS_SINAPI,4,0),IF(G156=\"SETOP\",VLOOKUP($F156,DADOS_SETOP,4,0),IF(G156=\"CPU\",VLOOKUP($F156,DADOS_COMPOSICAO,13,0),IF(G156=\"SICRO\",VLOOKUP($F156,DADOS_SICRO,4,0),IF(G156=\"SUDECAP\",VLOOKUP(F156,DADOS_SUDECAP,4,0),IF(G156=\"COTAÇÃO\",VLOOKUP(F156,DADOS_COTACAO,12,0),\"\"))))))","v":24.75},"BDI 1",{"$f":"TRUNC(J156*(1+$N$17),2)","v":31.31},{"$f":"IFERROR(TRUNC(I156*J156,2),\"\")","v":1237.5},{"$f":"IFERROR(TRUNC(L156*I156,2),\"\")","v":1565.5}]
[2000]
[2000,null,null,null,"QUANTIDADE ",50,"KM"]
[2000]
[{"$f":"IFERROR(LEFT(D160,SEARCH(\".\",D160)-1),\"\")","v":"4"},{"$f":"IFERROR(LEFT(RIGHT(D160,LEN(D160)-SEARCH(\".\",D160)),SEARCH(\".\",RIGHT(D160,LEN(D160)-SEARCH(\".\",D160)))-1),\"\")","v":"2"},{"$f":"IFERROR(IF(LEN(D160)-LEN(SUBSTITUTE(D160,\".\",\"\"))<>3,\"\",MID(D160,SEARCH(\".\",D160,SEARCH(\".\",D160)+1)+1,LEN(D160)-SEARCH(\".\",D160,SEARCH(\".\",D160)+1)-(LEN(D160)-(SEARCH(\".\",D160,SEARCH(\".\",D160,SEARCH(\".\",D160)+1)+1)-1)))),\"\")","v":"1"},"4.2.1.3",{"$f":"IF($G160=\"SINAPI\",VLOOKUP($F160,DADOS_SINAPI,2,0),IF(G160=\"SETOP\",VLOOKUP($F160,DADOS_SETOP,2,0),IF(G160=\"CPU\",VLOOKUP($F160,DADOS_COMPOSICAO,2,0),IF(G160=\"SICRO\",VLOOKUP($F160,DADOS_SICRO,2,0),IF(G160=\"SUDECAP\",VLOOKUP(F160,DADOS_SUDECAP,2,0),IF(G160=\"COTAÇÃO\",VLOOKUP($F160,DADOS_COTACAO,2,0),\"\"))))))","v":"ESTACA HÉLICE CONTÍNUA , DIÂMETRO DE 50 CM, INCLUSO CONCRETO FCK=30MPA E ARMADURA MÍNIMA (EXCLUSIVE MOBILIZAÇÃO, DESMOBILIZAÇÃO E BOMBEAMENTO). AF_12/2019"},100652,"SINAPI",{"$f":"IF(G160=\"SINAPI\",VLOOKUP($F160,DADOS_SINAPI,3,0),IF(G160=\"SETOP\",VLOOKUP($F160,DADOS_SETOP,3,0),IF(G160=\"CPU\",VLOOKUP($F160,DADOS_COMPOSICAO,10,0),IF(G160=\"SICRO\",VLOOKUP($F160,DADOS_SICRO,3,0),IF(G160=\"SUDECAP\",VLOOKUP(F160,DADOS_SUDECAP,3,0),IF(G160=\"COTAÇÃO\",VLOOKUP($F160,DADOS_COTACAO,9,0),\"\"))))))","v":"M"},{"$f":"ROUND(F164,2)","v":169},{"$f":"IF(G160=\"SINAPI\",VLOOKUP($F160,DADOS_SINAPI,4,0),IF(G160=\"SETOP\",VLOOKUP($F160,DADOS_SETOP,4,0),IF(G160=\"CPU\",VLOOKUP($F160,DADOS_COMPOSICAO,13,0),IF(G160=\"SICRO\",VLOOKUP($F160,DADOS_SICRO,4,0),IF(G160=\"SUDECAP\",VLOOKUP(F160,DADOS_SUDECAP,4,0),IF(G160=\"COTAÇÃO\",VLOOKUP(F160,DADOS_COTACAO,12,0),\"\"))))))","v":283.77},"BDI 1",{"$f":"TRUNC(J160*(1+$N$17),2)","v":359.02},{"$f":"IFERROR(TRUNC(I160*J160,2),\"\")","v":47957.13},{"$f":"IFERROR(TRUNC(L160*I160,2),\"\")","v":60674.38}]
[2000]
[2000,null,null,null,"QUANTIDADE",13,"UN"]
[2000,null,null,null,"PROFUNDIDADE MÉDIA",13,"M"]
[2000,null,null,null,"TOTAL",{"$f":"F162*F163","v":169},"M"]
[2000]
[{"$f":"IFERROR(LEFT(D166,SEARCH(\".\",D166)-1),\"\")","v":"4"},{"$f":"IFERROR(LEFT(RIGHT(D166,LEN(D166)-SEARCH(\".\",D166)),SEARCH(\".\",RIGHT(D166,LEN(D166)-SEARCH(\".\",D166)))-1),\"\")","v":"2"},{"$f":"IFERROR(IF(LEN(D166)-LEN(SUBSTITUTE(D166,\".\",\"\"))<>3,\"\",MID(D166,SEARCH(\".\",D166,SEARCH(\".\",D166)+1)+1,LEN(D166)-SEARCH(\".\",D166,SEARCH(\".\",D166)+1)-(LEN(D166)-(SEARCH(\".\",D166,SEARCH(\".\",D166,SEARCH(\".\",D166)+1)+1)-1)))),\"\")","v":"1"},"4.2.1.4",{"$f":"IF($G166=\"SINAPI\",VLOOKUP($F166,DADOS_SINAPI,2,0),IF(G166=\"SETOP\",VLOOKUP($F166,DADOS_SETOP,2,0),IF(G166=\"CPU\",VLOOKUP($F166,DADOS_COMPOSICAO,2,0),IF(G166=\"SICRO\",VLOOKUP($F166,DADOS_SICRO,2,0),IF(G166=\"SUDECAP\",VLOOKUP(F166,DADOS_SUDECAP,2,0),IF(G166=\"COTAÇÃO\",VLOOKUP($F166,DADOS_COTACAO,2,0),\"\"))))))","v":"ESTACA HÉLICE CONTÍNUA, DIÂMETRO DE 30 CM, INCLUSO CONCRETO FCK=30MPA E ARMADURA MÍNIMA (EXCLUSIVE MOBILIZAÇÃO, DESMOBILIZAÇÃO E BOMBEAMENTO). AF_12/2019"},100651,"SINAPI",{"$f":"IF(G166=\"SINAPI\",VLOOKUP($F166,DADOS_SINAPI,3,0),IF(G166=\"SETOP\",VLOOKUP($F166,DADOS_SETOP,3,0),IF(G166=\"CPU\",VLOOKUP($F166,DADOS_COMPOSICAO,10,0),IF(G166=\"SICRO\",VLOOKUP($F166,DADOS_SICRO,3,0),IF(G166=\"SUDECAP\",VLOOKUP(F166,DADOS_SUDECAP,3,0),IF(G166=\"COTAÇÃO\",VLOOKUP($F166,DADOS_COTACAO,9,0),\"\"))))))","v":"M"},{"$f":"ROUND(F170,2)","v":1508},{"$f":"IF(G166=\"SINAPI\",VLOOKUP($F166,DADOS_SINAPI,4,0),IF(G166=\"SETOP\",VLOOKUP($F166,DADOS_SETOP,4,0),IF(G166=\"CPU\",VLOOKUP($F166,DADOS_COMPOSICAO,13,0),IF(G166=\"SICRO\",VLOOKUP($F166,DADOS_SICRO,4,0),IF(G166=\"SUDECAP\",VLOOKUP(F166,DADOS_SUDECAP,4,0),IF(G166=\"COTAÇÃO\",VLOOKUP(F166,DADOS_COTACAO,12,0),\"\"))))))","v":145.53},"BDI 1",{"$f":"TRUNC(J166*(1+$N$17),2)","v":184.12},{"$f":"IFERROR(TRUNC(I166*J166,2),\"\")","v":219459.24},{"$f":"IFERROR(TRUNC(L166*I166,2),\"\")","v":277652.96000000002}]
[2000]
[2000,null,null,null,"QUANTIDADE",116,"UN"]
[2000,null,null,null,"PROFUNDIDADE MÉDIA",13,"M"]
[2000,null,null,null,"TOTAL",{"$f":"F168*F169","v":1508},"M"]
[2000]
[{"$f":"IFERROR(LEFT(D172,SEARCH(\".\",D172)-1),\"\")","v":"4"},{"$f":"IFERROR(LEFT(RIGHT(D172,LEN(D172)-SEARCH(\".\",D172)),SEARCH(\".\",RIGHT(D172,LEN(D172)-SEARCH(\".\",D172)))-1),\"\")","v":"2"},{"$f":"IFERROR(IF(LEN(D172)-LEN(SUBSTITUTE(D172,\".\",\"\"))<>3,\"\",MID(D172,SEARCH(\".\",D172,SEARCH(\".\",D172)+1)+1,LEN(D172)-SEARCH(\".\",D172,SEARCH(\".\",D172)+1)-(LEN(D172)-(SEARCH(\".\",D172,SEARCH(\".\",D172,SEARCH(\".\",D172)+1)+1)-1)))),\"\")","v":"1"},"4.2.1.5",{"$f":"IF($G172=\"SINAPI\",VLOOKUP($F172,DADOS_SINAPI,2,0),IF(G172=\"SETOP\",VLOOKUP($F172,DADOS_SETOP,2,0),IF(G172=\"CPU\",VLOOKUP($F172,DADOS_COMPOSICAO,2,0),IF(G172=\"SICRO\",VLOOKUP($F172,DADOS_SICRO,2,0),IF(G172=\"SUDECAP\",VLOOKUP(F172,DADOS_SUDECAP,2,0),IF(G172=\"COTAÇÃO\",VLOOKUP($F172,DADOS_COTACAO,2,0),\"\"))))))","v":"ESTACA BROCA DE CONCRETO, DIÂMETRO DE 20CM, ESCAVAÇÃO MANUAL COM TRADO CONCHA, COM ARMADURA DE ARRANQUE. AF_05/2020"},101173,"SINAPI",{"$f":"IF(G172=\"SINAPI\",VLOOKUP($F172,DADOS_SINAPI,3,0),IF(G172=\"SETOP\",VLOOKUP($F172,DADOS_SETOP,3,0),IF(G172=\"CPU\",VLOOKUP($F172,DADOS_COMPOSICAO,10,0),IF(G172=\"SICRO\",VLOOKUP($F172,DADOS_SICRO,3,0),IF(G172=\"SUDECAP\",VLOOKUP(F172,DADOS_SUDECAP,3,0),IF(G172=\"COTAÇÃO\",VLOOKUP($F172,DADOS_COTACAO,9,0),\"\"))))))","v":"M"},{"$f":"ROUND(F176,2)","v":288},{"$f":"IF(G172=\"SINAPI\",VLOOKUP($F172,DADOS_SINAPI,4,0),IF(G172=\"SETOP\",VLOOKUP($F172,DADOS_SETOP,4,0),IF(G172=\"CPU\",VLOOKUP($F172,DADOS_COMPOSICAO,13,0),IF(G172=\"SICRO\",VLOOKUP($F172,DADOS_SICRO,4,0),IF(G172=\"SUDECAP\",VLOOKUP(F172,DADOS_SUDECAP,4,0),IF(G172=\"COTAÇÃO\",VLOOKUP(F172,DADOS_COTACAO,12,0),\"\"))))))","v":56.81},"BDI 1",{"$f":"TRUNC(J172*(1+$N$17),2)","v":71.87},{"$f":"IFERROR(TRUNC(I172*J172,2),\"\")","v":16361.28},{"$f":"IFERROR(TRUNC(L172*I172,2),\"\")","v":20698.560000000001}]
[2000]
[2000,null,null,null,"QUANTIDADE",48,"UN"]
[2000,null,null,null,"PROFUNDIDADE MÉDIA",6,"M"]
[2000,null,null,null,"TOTAL",{"$f":"F174*F175","v":288},"M"]
[2000]
[{"$f":"IFERROR(LEFT(D178,SEARCH(\".\",D178)-1),\"\")","v":"4"},{"$f":"IFERROR(LEFT(RIGHT(D178,LEN(D178)-SEARCH(\".\",D178)),SEARCH(\".\",RIGHT(D178,LEN(D178)-SEARCH(\".\",D178)))-1),\"\")","v":"2"},{"$f":"IFERROR(IF(LEN(D178)-LEN(SUBSTITUTE(D178,\".\",\"\"))<>3,\"\",MID(D178,SEARCH(\".\",D178,SEARCH(\".\",D178)+1)+1,LEN(D178)-SEARCH(\".\",D178,SEARCH(\".\",D178)+1)-(LEN(D178)-(SEARCH(\".\",D178,SEARCH(\".\",D178,SEARCH(\".\",D178)+1)+1)-1)))),\"\")","v":"1"},"4.2.1.6",{"$f":"IF($G178=\"SINAPI\",VLOOKUP($F178,DADOS_SINAPI,2,0),IF(G178=\"SETOP\",VLOOKUP($F178,DADOS_SETOP,2,0),IF(G178=\"CPU\",VLOOKUP($F178,DADOS_COMPOSICAO,2,0),IF(G178=\"SICRO\",VLOOKUP($F178,DADOS_SICRO,2,0),IF(G178=\"SUDECAP\",VLOOKUP(F178,DADOS_SUDECAP,2,0),IF(G178=\"COTAÇÃO\",VLOOKUP($F178,DADOS_COTACAO,2,0),\"\"))))))","v":"ARRASAMENTO MECANICO DE ESTACA DE CONCRETO ARMADO, DIAMETROS DE ATÉ 40 CM. AF_05/2021"},95601,"SINAPI",{"$f":"IF(G178=\"SINAPI\",VLOOKUP($F178,DADOS_SINAPI,3,0),IF(G178=\"SETOP\",VLOOKUP($F178,DADOS_SETOP,3,0),IF(G178=\"CPU\",VLOOKUP($F178,DADOS_COMPOSICAO,10,0),IF(G178=\"SICRO\",VLOOKUP($F178,DADOS_SICRO,3,0),IF(G178=\"SUDECAP\",VLOOKUP(F178,DADOS_SUDECAP,3,0),IF(G178=\"COTAÇÃO\",VLOOKUP($F178,DADOS_COTACAO,9,0),\"\"))))))","v":"UN"},{"$f":"F180","v":164},{"$f":"IF(G178=\"SINAPI\",VLOOKUP($F178,DADOS_SINAPI,4,0),IF(G178=\"SETOP\",VLOOKUP($F178,DADOS_SETOP,4,0),IF(G178=\"CPU\",VLOOKUP($F178,DADOS_COMPOSICAO,13,0),IF(G178=\"SICRO\",VLOOKUP($F178,DADOS_SICRO,4,0),IF(G178=\"SUDECAP\",VLOOKUP(F178,DADOS_SUDECAP,4,0),IF(G178=\"COTAÇÃO\",VLOOKUP(F178,DADOS_COTACAO,12,0),\"\"))))))","v":15.07},"BDI 1",{"$f":"TRUNC(J178*(1+$N$17),2)","v":19.059999999999999},{"$f":"IFERROR(TRUNC(I178*J178,2),\"\")","v":2471.48},{"$f":"IFERROR(TRUNC(L178*I178,2),\"\")","v":3125.84}]
[2000]
[2000,null,null,null,"QUANTIDADE",{"$f":"SUM(F174,F168)","v":164},"UN"]
[2000]
[{"$f":"IFERROR(LEFT(D182,SEARCH(\".\",D182)-1),\"\")","v":"4"},{"$f":"IFERROR(LEFT(RIGHT(D182,LEN(D182)-SEARCH(\".\",D182)),SEARCH(\".\",RIGHT(D182,LEN(D182)-SEARCH(\".\",D182)))-1),\"\")","v":"2"},{"$f":"IFERROR(IF(LEN(D182)-LEN(SUBSTITUTE(D182,\".\",\"\"))<>3,\"\",MID(D182,SEARCH(\".\",D182,SEARCH(\".\",D182)+1)+1,LEN(D182)-SEARCH(\".\",D182,SEARCH(\".\",D182)+1)-(LEN(D182)-(SEARCH(\".\",D182,SEARCH(\".\",D182,SEARCH(\".\",D182)+1)+1)-1)))),\"\")","v":"1"},"4.2.1.7",{"$f":"IF($G182=\"SINAPI\",VLOOKUP($F182,DADOS_SINAPI,2,0),IF(G182=\"SETOP\",VLOOKUP($F182,DADOS_SETOP,2,0),IF(G182=\"CPU\",VLOOKUP($F182,DADOS_COMPOSICAO,2,0),IF(G182=\"SICRO\",VLOOKUP($F182,DADOS_SICRO,2,0),IF(G182=\"SUDECAP\",VLOOKUP(F182,DADOS_SUDECAP,2,0),IF(G182=\"COTAÇÃO\",VLOOKUP($F182,DADOS_COTACAO,2,0),\"\"))))))","v":"ARRASAMENTO MECANICO DE ESTACA DE CONCRETO ARMADO, DIAMETROS DE 41 CM A 60 CM. AF_05/2021"},95602,"SINAPI",{"$f":"IF(G182=\"SINAPI\",VLOOKUP($F182,DADOS_SINAPI,3,0),IF(G182=\"SETOP\",VLOOKUP($F182,DADOS_SETOP,3,0),IF(G182=\"CPU\",VLOOKUP($F182,DADOS_COMPOSICAO,10,0),IF(G182=\"SICRO\",VLOOKUP($F182,DADOS_SICRO,3,0),IF(G182=\"SUDECAP\",VLOOKUP(F182,DADOS_SUDECAP,3,0),IF(G182=\"COTAÇÃO\",VLOOKUP($F182,DADOS_COTACAO,9,0),\"\"))))))","v":"UN"},{"$f":"F184","v":13},{"$f":"IF(G182=\"SINAPI\",VLOOKUP($F182,DADOS_SINAPI,4,0),IF(G182=\"SETOP\",VLOOKUP($F182,DADOS_SETOP,4,0),IF(G182=\"CPU\",VLOOKUP($F182,DADOS_COMPOSICAO,13,0),IF(G182=\"SICRO\",VLOOKUP($F182,DADOS_SICRO,4,0),IF(G182=\"SUDECAP\",VLOOKUP(F182,DADOS_SUDECAP,4,0),IF(G182=\"COTAÇÃO\",VLOOKUP(F182,DADOS_COTACAO,12,0),\"\"))))))","v":24.12},"BDI 1",{"$f":"TRUNC(J182*(1+$N$17),2)","v":30.51},{"$f":"IFERROR(TRUNC(I182*J182,2),\"\")","v":313.56},{"$f":"IFERROR(TRUNC(L182*I182,2),\"\")","v":396.63}]
[2000]
[2000,null,null,null,"QUANTIDADE",{"$f":"F162","v":13},"UN"]
[2000]
[null,null,null,"4.2.2","CÁLICES E BLOCOS DE COROAMENTO",null,null,null,null,null,null,null,{"$f":"IFERROR(SUMIFS(M:M,A:A,LEFT(D186,SEARCH(\".\",D186)-1),B:B,LEFT(RIGHT(D186,LEN(D186)-SEARCH(\".\",D186)),SEARCH(\".\",RIGHT(D186,LEN(D186)-SEARCH(\".\",D186)))-1),C:C,RIGHT(D186,LEN(D186)-SEARCH(\".\",D186,SEARCH(\".\",D186)+1))),\"\")","v":135852.83000000002},{"$f":"IFERROR(SUMIFS(N:N,A:A,LEFT(D186,SEARCH(\".\",D186)-1),B:B,LEFT(RIGHT(D186,LEN(D186)-SEARCH(\".\",D186)),SEARCH(\".\",RIGHT(D186,LEN(D186)-SEARCH(\".\",D186)))-1),C:C,RIGHT(D186,LEN(D186)-SEARCH(\".\",D186,SEARCH(\".\",D186)+1))),\"\")","v":171858.22}]
[{"$f":"IFERROR(LEFT(D187,SEARCH(\".\",D187)-1),\"\")","v":"4"},{"$f":"IFERROR(LEFT(RIGHT(D187,LEN(D187)-SEARCH(\".\",D187)),SEARCH(\".\",RIGHT(D187,LEN(D187)-SEARCH(\".\",D187)))-1),\"\")","v":"2"},{"$f":"IFERROR(IF(LEN(D187)-LEN(SUBSTITUTE(D187,\".\",\"\"))<>3,\"\",MID(D187,SEARCH(\".\",D187,SEARCH(\".\",D187)+1)+1,LEN(D187)-SEARCH(\".\",D187,SEARCH(\".\",D187)+1)-(LEN(D187)-(SEARCH(\".\",D187,SEARCH(\".\",D187,SEARCH(\".\",D187)+1)+1)-1)))),\"\")","v":"2"},"4.2.2.1",{"$f":"IF($G187=\"SINAPI\",VLOOKUP($F187,DADOS_SINAPI,2,0),IF(G187=\"SETOP\",VLOOKUP($F187,DADOS_SETOP,2,0),IF(G187=\"CPU\",VLOOKUP($F187,DADOS_COMPOSICAO,2,0),IF(G187=\"SICRO\",VLOOKUP($F187,DADOS_SICRO,2,0),IF(G187=\"SUDECAP\",VLOOKUP(F187,DADOS_SUDECAP,2,0),IF(G187=\"COTAÇÃO\",VLOOKUP($F187,DADOS_COTACAO,2,0),\"\"))))))","v":"FORNECIMENTO DE CONCRETO ESTRUTURAL, USINADO BOMBEADO, COM FCK 30MPA, INCLUSIVE LANÇAMENTO, ADENSAMENTO E ACABAMENTO (FUNDAÇÃO)"},"ED-49806","SETOP",{"$f":"IF(G187=\"SINAPI\",VLOOKUP($F187,DADOS_SINAPI,3,0),IF(G187=\"SETOP\",VLOOKUP($F187,DADOS_SETOP,3,0),IF(G187=\"CPU\",VLOOKUP($F187,DADOS_COMPOSICAO,10,0),IF(G187=\"SICRO\",VLOOKUP($F187,DADOS_SICRO,3,0),IF(G187=\"SUDECAP\",VLOOKUP(F187,DADOS_SUDECAP,3,0),IF(G187=\"COTAÇÃO\",VLOOKUP($F187,DADOS_COTACAO,9,0),\"\"))))))","v":"m3"},{"$f":"ROUND(F189,2)","v":72.349999999999994},{"$f":"IF(G187=\"SINAPI\",VLOOKUP($F187,DADOS_SINAPI,4,0),IF(G187=\"SETOP\",VLOOKUP($F187,DADOS_SETOP,4,0),IF(G187=\"CPU\",VLOOKUP($F187,DADOS_COMPOSICAO,13,0),IF(G187=\"SICRO\",VLOOKUP($F187,DADOS_SICRO,4,0),IF(G187=\"SUDECAP\",VLOOKUP(F187,DADOS_SUDECAP,4,0),IF(G187=\"COTAÇÃO\",VLOOKUP(F187,DADOS_COTACAO,12,0),\"\"))))))","v":737.11},"BDI 1",{"$f":"TRUNC(J187*(1+$N$17),2)","v":932.59},{"$f":"IFERROR(TRUNC(I187*J187,2),\"\")","v":53329.9},{"$f":"IFERROR(TRUNC(L187*I187,2),\"\")","v":67472.88}]
[2000]
[2000,null,null,null,"VOLUME DE CONCRETO",{"$f":"5.7+2.97+51.18+12.5","v":72.349999999999994},"M³"]
[2000]
[{"$f":"IFERROR(LEFT(D191,SEARCH(\".\",D191)-1),\"\")","v":"4"},{"$f":"IFERROR(LEFT(RIGHT(D191,LEN(D191)-SEARCH(\".\",D191)),SEARCH(\".\",RIGHT(D191,LEN(D191)-SEARCH(\".\",D191)))-1),\"\")","v":"2"},{"$f":"IFERROR(IF(LEN(D191)-LEN(SUBSTITUTE(D191,\".\",\"\"))<>3,\"\",MID(D191,SEARCH(\".\",D191,SEARCH(\".\",D191)+1)+1,LEN(D191)-SEARCH(\".\",D191,SEARCH(\".\",D191)+1)-(LEN(D191)-(SEARCH(\".\",D191,SEARCH(\".\",D191,SEARCH(\".\",D191)+1)+1)-1)))),\"\")","v":"2"},"4.2.2.2",{"$f":"IF($G191=\"SINAPI\",VLOOKUP($F191,DADOS_SINAPI,2,0),IF(G191=\"SETOP\",VLOOKUP($F191,DADOS_SETOP,2,0),IF(G191=\"CPU\",VLOOKUP($F191,DADOS_COMPOSICAO,2,0),IF(G191=\"SICRO\",VLOOKUP($F191,DADOS_SICRO,2,0),IF(G191=\"SUDECAP\",VLOOKUP(F191,DADOS_SUDECAP,2,0),IF(G191=\"COTAÇÃO\",VLOOKUP($F191,DADOS_COTACAO,2,0),\"\"))))))","v":"FÔRMA E DESFORMA DE TÁBUA E SARRAFO, REAPROVEITAMENTO (3X) (FUNDAÇÃO)"},"ED-49810","SETOP",{"$f":"IF(G191=\"SINAPI\",VLOOKUP($F191,DADOS_SINAPI,3,0),IF(G191=\"SETOP\",VLOOKUP($F191,DADOS_SETOP,3,0),IF(G191=\"CPU\",VLOOKUP($F191,DADOS_COMPOSICAO,10,0),IF(G191=\"SICRO\",VLOOKUP($F191,DADOS_SICRO,3,0),IF(G191=\"SUDECAP\",VLOOKUP(F191,DADOS_SUDECAP,3,0),IF(G191=\"COTAÇÃO\",VLOOKUP($F191,DADOS_COTACAO,9,0),\"\"))))))","v":"m2"},{"$f":"ROUND(F193,2)","v":457.94},{"$f":"IF(G191=\"SINAPI\",VLOOKUP($F191,DADOS_SINAPI,4,0),IF(G191=\"SETOP\",VLOOKUP($F191,DADOS_SETOP,4,0),IF(G191=\"CPU\",VLOOKUP($F191,DADOS_COMPOSICAO,13,0),IF(G191=\"SICRO\",VLOOKUP($F191,DADOS_SICRO,4,0),IF(G191=\"SUDECAP\",VLOOKUP(F191,DADOS_SUDECAP,4,0),IF(G191=\"COTAÇÃO\",VLOOKUP(F191,DADOS_COTACAO,12,0),\"\"))))))","v":56.15},"BDI 1",{"$f":"TRUNC(J191*(1+$N$17),2)","v":71.040000000000006},{"$f":"IFERROR(TRUNC(I191*J191,2),\"\")","v":25713.33},{"$f":"IFERROR(TRUNC(L191*I191,2),\"\")","v":32532.05}]
[2000]
[2000,null,null,null,"ÁREA DE FORMA",{"$f":"33.23+20.11+327.37+77.23","v":457.94},"M²"]
[2000]
[{"$f":"IFERROR(LEFT(D195,SEARCH(\".\",D195)-1),\"\")","v":"4"},{"$f":"IFERROR(LEFT(RIGHT(D195,LEN(D195)-SEARCH(\".\",D195)),SEARCH(\".\",RIGHT(D195,LEN(D195)-SEARCH(\".\",D195)))-1),\"\")","v":"2"},{"$f":"IFERROR(IF(LEN(D195)-LEN(SUBSTITUTE(D195,\".\",\"\"))<>3,\"\",MID(D195,SEARCH(\".\",D195,SEARCH(\".\",D195)+1)+1,LEN(D195)-SEARCH(\".\",D195,SEARCH(\".\",D195)+1)-(LEN(D195)-(SEARCH(\".\",D195,SEARCH(\".\",D195,SEARCH(\".\",D195)+1)+1)-1)))),\"\")","v":"2"},"4.2.2.3",{"$f":"IF($G195=\"SINAPI\",VLOOKUP($F195,DADOS_SINAPI,2,0),IF(G195=\"SETOP\",VLOOKUP($F195,DADOS_SETOP,2,0),IF(G195=\"CPU\",VLOOKUP($F195,DADOS_COMPOSICAO,2,0),IF(G195=\"SICRO\",VLOOKUP($F195,DADOS_SICRO,2,0),IF(G195=\"SUDECAP\",VLOOKUP(F195,DADOS_SUDECAP,2,0),IF(G195=\"COTAÇÃO\",VLOOKUP($F195,DADOS_COTACAO,2,0),\"\"))))))","v":"CORTE, DOBRA E MONTAGEM DE AÇO CA-50/60, INCLUSIVE ESPAÇADOR"},"ED-48298","SETOP",{"$f":"IF(G195=\"SINAPI\",VLOOKUP($F195,DADOS_SINAPI,3,0),IF(G195=\"SETOP\",VLOOKUP($F195,DADOS_SETOP,3,0),IF(G195=\"CPU\",VLOOKUP($F195,DADOS_COMPOSICAO,10,0),IF(G195=\"SICRO\",VLOOKUP($F195,DADOS_SICRO,3,0),IF(G195=\"SUDECAP\",VLOOKUP(F195,DADOS_SUDECAP,3,0),IF(G195=\"COTAÇÃO\",VLOOKUP($F195,DADOS_COTACAO,9,0),\"\"))))))","v":"Kg"},{"$f":"ROUND(F197,2)","v":4032.5},{"$f":"IF(G195=\"SINAPI\",VLOOKUP($F195,DADOS_SINAPI,4,0),IF(G195=\"SETOP\",VLOOKUP($F195,DADOS_SETOP,4,0),IF(G195=\"CPU\",VLOOKUP($F195,DADOS_COMPOSICAO,13,0),IF(G195=\"SICRO\",VLOOKUP($F195,DADOS_SICRO,4,0),IF(G195=\"SUDECAP\",VLOOKUP(F195,DADOS_SUDECAP,4,0),IF(G195=\"COTAÇÃO\",VLOOKUP(F195,DADOS_COTACAO,12,0),\"\"))))))","v":13.52},"BDI 1",{"$f":"TRUNC(J195*(1+$N$17),2)","v":17.100000000000001},{"$f":"IFERROR(TRUNC(I195*J195,2),\"\")","v":54519.4},{"$f":"IFERROR(TRUNC(L195*I195,2),\"\")","v":68955.75}]
[2000]
[2000,null,null,null,"PESO DE AÇO",{"$f":"533.4+175.1+2798.4+525.6","v":4032.5},"KG"]
[2000]
[{"$f":"IFERROR(LEFT(D199,SEARCH(\".\",D199)-1),\"\")","v":"4"},{"$f":"IFERROR(LEFT(RIGHT(D199,LEN(D199)-SEARCH(\".\",D199)),SEARCH(\".\",RIGHT(D199,LEN(D199)-SEARCH(\".\",D199)))-1),\"\")","v":"2"},{"$f":"IFERROR(IF(LEN(D199)-LEN(SUBSTITUTE(D199,\".\",\"\"))<>3,\"\",MID(D199,SEARCH(\".\",D199,SEARCH(\".\",D199)+1)+1,LEN(D199)-SEARCH(\".\",D199,SEARCH(\".\",D199)+1)-(LEN(D199)-(SEARCH(\".\",D199,SEARCH(\".\",D199,SEARCH(\".\",D199)+1)+1)-1)))),\"\")","v":"2"},"4.2.2.4",{"$f":"IF($G199=\"SINAPI\",VLOOKUP($F199,DADOS_SINAPI,2,0),IF(G199=\"SETOP\",VLOOKUP($F199,DADOS_SETOP,2,0),IF(G199=\"CPU\",VLOOKUP($F199,DADOS_COMPOSICAO,2,0),IF(G199=\"SICRO\",VLOOKUP($F199,DADOS_SICRO,2,0),IF(G199=\"SUDECAP\",VLOOKUP(F199,DADOS_SUDECAP,2,0),IF(G199=\"COTAÇÃO\",VLOOKUP($F199,DADOS_COTACAO,2,0),\"\"))))))","v":"LASTRO DE CONCRETO MAGRO, INCLUSIVE TRANSPORTE, LANÇAMENTO E ADENSAMENTO "},"ED-49812","SETOP",{"$f":"IF(G199=\"SINAPI\",VLOOKUP($F199,DADOS_SINAPI,3,0),IF(G199=\"SETOP\",VLOOKUP($F199,DADOS_SETOP,3,0),IF(G199=\"CPU\",VLOOKUP($F199,DADOS_COMPOSICAO,10,0),IF(G199=\"SICRO\",VLOOKUP($F199,DADOS_SICRO,3,0),IF(G199=\"SUDECAP\",VLOOKUP(F199,DADOS_SUDECAP,3,0),IF(G199=\"COTAÇÃO\",VLOOKUP($F199,DADOS_COTACAO,9,0),\"\"))))))","v":"m3"},{"$f":"ROUND(F205,2)","v":4.47},{"$f":"IF(G199=\"SINAPI\",VLOOKUP($F199,DADOS_SINAPI,4,0),IF(G199=\"SETOP\",VLOOKUP($F199,DADOS_SETOP,4,0),IF(G199=\"CPU\",VLOOKUP($F199,DADOS_COMPOSICAO,13,0),IF(G199=\"SICRO\",VLOOKUP($F199,DADOS_SICRO,4,0),IF(G199=\"SUDECAP\",VLOOKUP(F199,DADOS_SUDECAP,4,0),IF(G199=\"COTAÇÃO\",VLOOKUP(F199,DADOS_COTACAO,12,0),\"\"))))))","v":512.35},"BDI 1",{"$f":"TRUNC(J199*(1+$N$17),2)","v":648.22},{"$f":"IFERROR(TRUNC(I199*J199,2),\"\")","v":2290.1999999999998},{"$f":"IFERROR(TRUNC(L199*I199,2),\"\")","v":2897.54}]
[2000]
[2000,null,null,null,"BLOCOS 80X80",{"$f":"3+2+14","v":19},"UN"]
[2000,null,null,null,"BLOCOS 170X80",{"$f":"7+4+2+7+30","v":50},"UN"]
[2000,null,null,null,"BLOCOS 230X80",5,"UN"]
[2000,null,null,null,"ESPESSURA DE LASTRO",0.05,"M"]
[2000,null,null,null,"VOLUME DE LASTRO",{"$f":"0.8*0.8*F201*F204+0.8*2.3*F203*F204+1.7*0.8*F202*F204","v":4.468},"M³"]
[2000]
[null,null,null,"4.2.3","VIGAS BALDRAME ",null,null,null,null,null,null,null,{"$f":"IFERROR(SUMIFS(M:M,A:A,LEFT(D207,SEARCH(\".\",D207)-1),B:B,LEFT(RIGHT(D207,LEN(D207)-SEARCH(\".\",D207)),SEARCH(\".\",RIGHT(D207,LEN(D207)-SEARCH(\".\",D207)))-1),C:C,RIGHT(D207,LEN(D207)-SEARCH(\".\",D207,SEARCH(\".\",D207)+1))),\"\")","v":18948.309999999998},{"$f":"IFERROR(SUMIFS(N:N,A:A,LEFT(D207,SEARCH(\".\",D207)-1),B:B,LEFT(RIGHT(D207,LEN(D207)-SEARCH(\".\",D207)),SEARCH(\".\",RIGHT(D207,LEN(D207)-SEARCH(\".\",D207)))-1),C:C,RIGHT(D207,LEN(D207)-SEARCH(\".\",D207,SEARCH(\".\",D207)+1))),\"\")","v":23970.989999999998}]
[{"$f":"IFERROR(LEFT(D208,SEARCH(\".\",D208)-1),\"\")","v":"4"},{"$f":"IFERROR(LEFT(RIGHT(D208,LEN(D208)-SEARCH(\".\",D208)),SEARCH(\".\",RIGHT(D208,LEN(D208)-SEARCH(\".\",D208)))-1),\"\")","v":"2"},{"$f":"IFERROR(IF(LEN(D208)-LEN(SUBSTITUTE(D208,\".\",\"\"))<>3,\"\",MID(D208,SEARCH(\".\",D208,SEARCH(\".\",D208)+1)+1,LEN(D208)-SEARCH(\".\",D208,SEARCH(\".\",D208)+1)-(LEN(D208)-(SEARCH(\".\",D208,SEARCH(\".\",D208,SEARCH(\".\",D208)+1)+1)-1)))),\"\")","v":"3"},"4.2.3.1",{"$f":"IF($G208=\"SINAPI\",VLOOKUP($F208,DADOS_SINAPI,2,0),IF(G208=\"SETOP\",VLOOKUP($F208,DADOS_SETOP,2,0),IF(G208=\"CPU\",VLOOKUP($F208,DADOS_COMPOSICAO,2,0),IF(G208=\"SICRO\",VLOOKUP($F208,DADOS_SICRO,2,0),IF(G208=\"SUDECAP\",VLOOKUP(F208,DADOS_SUDECAP,2,0),IF(G208=\"COTAÇÃO\",VLOOKUP($F208,DADOS_COTACAO,2,0),\"\"))))))","v":"FORNECIMENTO DE CONCRETO ESTRUTURAL, USINADO BOMBEADO, COM FCK 30MPA, INCLUSIVE LANÇAMENTO, ADENSAMENTO E ACABAMENTO (FUNDAÇÃO)"},"ED-49806","SETOP",{"$f":"IF(G208=\"SINAPI\",VLOOKUP($F208,DADOS_SINAPI,3,0),IF(G208=\"SETOP\",VLOOKUP($F208,DADOS_SETOP,3,0),IF(G208=\"CPU\",VLOOKUP($F208,DADOS_COMPOSICAO,10,0),IF(G208=\"SICRO\",VLOOKUP($F208,DADOS_SICRO,3,0),IF(G208=\"SUDECAP\",VLOOKUP(F208,DADOS_SUDECAP,3,0),IF(G208=\"COTAÇÃO\",VLOOKUP($F208,DADOS_COTACAO,9,0),\"\"))))))","v":"m3"},{"$f":"ROUND(F210,2)","v":7.38},{"$f":"IF(G208=\"SINAPI\",VLOOKUP($F208,DADOS_SINAPI,4,0),IF(G208=\"SETOP\",VLOOKUP($F208,DADOS_SETOP,4,0),IF(G208=\"CPU\",VLOOKUP($F208,DADOS_COMPOSICAO,13,0),IF(G208=\"SICRO\",VLOOKUP($F208,DADOS_SICRO,4,0),IF(G208=\"SUDECAP\",VLOOKUP(F208,DADOS_SUDECAP,4,0),IF(G208=\"COTAÇÃO\",VLOOKUP(F208,DADOS_COTACAO,12,0),\"\"))))))","v":737.11},"BDI 1",{"$f":"TRUNC(J208*(1+$N$17),2)","v":932.59},{"$f":"IFERROR(TRUNC(I208*J208,2),\"\")","v":5439.87},{"$f":"IFERROR(TRUNC(L208*I208,2),\"\")","v":6882.51}]
[2000]
[2000,null,null,null,"VOLUME  DE CONCRETO",{"$f":"6.94+0.44","v":7.3800000000000008},"M³"]
[2000]
[{"$f":"IFERROR(LEFT(D212,SEARCH(\".\",D212)-1),\"\")","v":"4"},{"$f":"IFERROR(LEFT(RIGHT(D212,LEN(D212)-SEARCH(\".\",D212)),SEARCH(\".\",RIGHT(D212,LEN(D212)-SEARCH(\".\",D212)))-1),\"\")","v":"2"},{"$f":"IFERROR(IF(LEN(D212)-LEN(SUBSTITUTE(D212,\".\",\"\"))<>3,\"\",MID(D212,SEARCH(\".\",D212,SEARCH(\".\",D212)+1)+1,LEN(D212)-SEARCH(\".\",D212,SEARCH(\".\",D212)+1)-(LEN(D212)-(SEARCH(\".\",D212,SEARCH(\".\",D212,SEARCH(\".\",D212)+1)+1)-1)))),\"\")","v":"3"},"4.2.3.2",{"$f":"IF($G212=\"SINAPI\",VLOOKUP($F212,DADOS_SINAPI,2,0),IF(G212=\"SETOP\",VLOOKUP($F212,DADOS_SETOP,2,0),IF(G212=\"CPU\",VLOOKUP($F212,DADOS_COMPOSICAO,2,0),IF(G212=\"SICRO\",VLOOKUP($F212,DADOS_SICRO,2,0),IF(G212=\"SUDECAP\",VLOOKUP(F212,DADOS_SUDECAP,2,0),IF(G212=\"COTAÇÃO\",VLOOKUP($F212,DADOS_COTACAO,2,0),\"\"))))))","v":"FÔRMA E DESFORMA DE TÁBUA E SARRAFO, REAPROVEITAMENTO (3X) (FUNDAÇÃO)"},"ED-49810","SETOP",{"$f":"IF(G212=\"SINAPI\",VLOOKUP($F212,DADOS_SINAPI,3,0),IF(G212=\"SETOP\",VLOOKUP($F212,DADOS_SETOP,3,0),IF(G212=\"CPU\",VLOOKUP($F212,DADOS_COMPOSICAO,10,0),IF(G212=\"SICRO\",VLOOKUP($F212,DADOS_SICRO,3,0),IF(G212=\"SUDECAP\",VLOOKUP(F212,DADOS_SUDECAP,3,0),IF(G212=\"COTAÇÃO\",VLOOKUP($F212,DADOS_COTACAO,9,0),\"\"))))))","v":"m2"},{"$f":"ROUND(F214,2)","v":95.62},{"$f":"IF(G212=\"SINAPI\",VLOOKUP($F212,DADOS_SINAPI,4,0),IF(G212=\"SETOP\",VLOOKUP($F212,DADOS_SETOP,4,0),IF(G212=\"CPU\",VLOOKUP($F212,DADOS_COMPOSICAO,13,0),IF(G212=\"SICRO\",VLOOKUP($F212,DADOS_SICRO,4,0),IF(G212=\"SUDECAP\",VLOOKUP(F212,DADOS_SUDECAP,4,0),IF(G212=\"COTAÇÃO\",VLOOKUP(F212,DADOS_COTACAO,12,0),\"\"))))))","v":56.15},"BDI 1",{"$f":"TRUNC(J212*(1+$N$17),2)","v":71.040000000000006},{"$f":"IFERROR(TRUNC(I212*J212,2),\"\")","v":5369.06},{"$f":"IFERROR(TRUNC(L212*I212,2),\"\")","v":6792.84}]
[2000]
[2000,null,null,null,"ÁREA DE FORMA",{"$f":"90.82+4.8","v":95.61999999999999},"M²"]
[2000,null,null,null,null,0]
[{"$f":"IFERROR(LEFT(D216,SEARCH(\".\",D216)-1),\"\")","v":"4"},{"$f":"IFERROR(LEFT(RIGHT(D216,LEN(D216)-SEARCH(\".\",D216)),SEARCH(\".\",RIGHT(D216,LEN(D216)-SEARCH(\".\",D216)))-1),\"\")","v":"2"},{"$f":"IFERROR(IF(LEN(D216)-LEN(SUBSTITUTE(D216,\".\",\"\"))<>3,\"\",MID(D216,SEARCH(\".\",D216,SEARCH(\".\",D216)+1)+1,LEN(D216)-SEARCH(\".\",D216,SEARCH(\".\",D216)+1)-(LEN(D216)-(SEARCH(\".\",D216,SEARCH(\".\",D216,SEARCH(\".\",D216)+1)+1)-1)))),\"\")","v":"3"},"4.2.3.3",{"$f":"IF($G216=\"SINAPI\",VLOOKUP($F216,DADOS_SINAPI,2,0),IF(G216=\"SETOP\",VLOOKUP($F216,DADOS_SETOP,2,0),IF(G216=\"CPU\",VLOOKUP($F216,DADOS_COMPOSICAO,2,0),IF(G216=\"SICRO\",VLOOKUP($F216,DADOS_SICRO,2,0),IF(G216=\"SUDECAP\",VLOOKUP(F216,DADOS_SUDECAP,2,0),IF(G216=\"COTAÇÃO\",VLOOKUP($F216,DADOS_COTACAO,2,0),\"\"))))))","v":"CORTE, DOBRA E MONTAGEM DE AÇO CA-50/60, INCLUSIVE ESPAÇADOR"},"ED-48298","SETOP",{"$f":"IF(G216=\"SINAPI\",VLOOKUP($F216,DADOS_SINAPI,3,0),IF(G216=\"SETOP\",VLOOKUP($F216,DADOS_SETOP,3,0),IF(G216=\"CPU\",VLOOKUP($F216,DADOS_COMPOSICAO,10,0),IF(G216=\"SICRO\",VLOOKUP($F216,DADOS_SICRO,3,0),IF(G216=\"SUDECAP\",VLOOKUP(F216,DADOS_SUDECAP,3,0),IF(G216=\"COTAÇÃO\",VLOOKUP($F216,DADOS_COTACAO,9,0),\"\"))))))","v":"Kg"},{"$f":"ROUND(F218,2)","v":396.6},{"$f":"IF(G216=\"SINAPI\",VLOOKUP($F216,DADOS_SINAPI,4,0),IF(G216=\"SETOP\",VLOOKUP($F216,DADOS_SETOP,4,0),IF(G216=\"CPU\",VLOOKUP($F216,DADOS_COMPOSICAO,13,0),IF(G216=\"SICRO\",VLOOKUP($F216,DADOS_SICRO,4,0),IF(G216=\"SUDECAP\",VLOOKUP(F216,DADOS_SUDECAP,4,0),IF(G216=\"COTAÇÃO\",VLOOKUP(F216,DADOS_COTACAO,12,0),\"\"))))))","v":13.52},"BDI 1",{"$f":"TRUNC(J216*(1+$N$17),2)","v":17.100000000000001},{"$f":"IFERROR(TRUNC(I216*J216,2),\"\")","v":5362.03},{"$f":"IFERROR(TRUNC(L216*I216,2),\"\")","v":6781.86}]
[2000]
[2000,null,null,null,"PESO DE AÇO",{"$f":"267.1+106.8+15.6+7.1","v":396.60000000000008},"KG"]
[2000]
[{"$f":"IFERROR(LEFT(D220,SEARCH(\".\",D220)-1),\"\")","v":"4"},{"$f":"IFERROR(LEFT(RIGHT(D220,LEN(D220)-SEARCH(\".\",D220)),SEARCH(\".\",RIGHT(D220,LEN(D220)-SEARCH(\".\",D220)))-1),\"\")","v":"2"},{"$f":"IFERROR(IF(LEN(D220)-LEN(SUBSTITUTE(D220,\".\",\"\"))<>3,\"\",MID(D220,SEARCH(\".\",D220,SEARCH(\".\",D220)+1)+1,LEN(D220)-SEARCH(\".\",D220,SEARCH(\".\",D220)+1)-(LEN(D220)-(SEARCH(\".\",D220,SEARCH(\".\",D220,SEARCH(\".\",D220)+1)+1)-1)))),\"\")","v":"3"},"4.2.3.4",{"$f":"IF($G220=\"SINAPI\",VLOOKUP($F220,DADOS_SINAPI,2,0),IF(G220=\"SETOP\",VLOOKUP($F220,DADOS_SETOP,2,0),IF(G220=\"CPU\",VLOOKUP($F220,DADOS_COMPOSICAO,2,0),IF(G220=\"SICRO\",VLOOKUP($F220,DADOS_SICRO,2,0),IF(G220=\"SUDECAP\",VLOOKUP(F220,DADOS_SUDECAP,2,0),IF(G220=\"COTAÇÃO\",VLOOKUP($F220,DADOS_COTACAO,2,0),\"\"))))))","v":"LASTRO DE BRITA COM PEDRA BRITADA NÚMERO 2 E 3, INCLUSIVE ADENSAMENTO E APILOAMENTO MANUAL"},"ED-49813","SETOP",{"$f":"IF(G220=\"SINAPI\",VLOOKUP($F220,DADOS_SINAPI,3,0),IF(G220=\"SETOP\",VLOOKUP($F220,DADOS_SETOP,3,0),IF(G220=\"CPU\",VLOOKUP($F220,DADOS_COMPOSICAO,10,0),IF(G220=\"SICRO\",VLOOKUP($F220,DADOS_SICRO,3,0),IF(G220=\"SUDECAP\",VLOOKUP(F220,DADOS_SUDECAP,3,0),IF(G220=\"COTAÇÃO\",VLOOKUP($F220,DADOS_COTACAO,9,0),\"\"))))))","v":"m3"},{"$f":"ROUND(F225,2)","v":1.18},{"$f":"IF(G220=\"SINAPI\",VLOOKUP($F220,DADOS_SINAPI,4,0),IF(G220=\"SETOP\",VLOOKUP($F220,DADOS_SETOP,4,0),IF(G220=\"CPU\",VLOOKUP($F220,DADOS_COMPOSICAO,13,0),IF(G220=\"SICRO\",VLOOKUP($F220,DADOS_SICRO,4,0),IF(G220=\"SUDECAP\",VLOOKUP(F220,DADOS_SUDECAP,4,0),IF(G220=\"COTAÇÃO\",VLOOKUP(F220,DADOS_COTACAO,12,0),\"\"))))))","v":175.7},"BDI 1",{"$f":"TRUNC(J220*(1+$N$17),2)","v":222.29},{"$f":"IFERROR(TRUNC(I220*J220,2),\"\")","v":207.32},{"$f":"IFERROR(TRUNC(L220*I220,2),\"\")","v":262.3}]
[2000]
[2000,null,null,null,"COMPRIMENTO TOTAL DAS VIGAS BALDRAME",{"$f":"118.06","v":118.06},"M"]
[2000,null,null,null,"LARGURA MÉDIA ",0.2,"M"]
[2000,null,null,null,"ESPESSURA DE LASTRO",0.05,"M"]
[2000,null,null,null,"VOLUME DE LASTRO",{"$f":"F224*F223*F222","v":1.1806000000000003},"M³"]
[2000]
[{"$f":"IFERROR(LEFT(D227,SEARCH(\".\",D227)-1),\"\")","v":"4"},{"$f":"IFERROR(LEFT(RIGHT(D227,LEN(D227)-SEARCH(\".\",D227)),SEARCH(\".\",RIGHT(D227,LEN(D227)-SEARCH(\".\",D227)))-1),\"\")","v":"2"},{"$f":"IFERROR(IF(LEN(D227)-LEN(SUBSTITUTE(D227,\".\",\"\"))<>3,\"\",MID(D227,SEARCH(\".\",D227,SEARCH(\".\",D227)+1)+1,LEN(D227)-SEARCH(\".\",D227,SEARCH(\".\",D227)+1)-(LEN(D227)-(SEARCH(\".\",D227,SEARCH(\".\",D227,SEARCH(\".\",D227)+1)+1)-1)))),\"\")","v":"3"},"4.2.3.5",{"$f":"IF($G227=\"SINAPI\",VLOOKUP($F227,DADOS_SINAPI,2,0),IF(G227=\"SETOP\",VLOOKUP($F227,DADOS_SETOP,2,0),IF(G227=\"CPU\",VLOOKUP($F227,DADOS_COMPOSICAO,2,0),IF(G227=\"SICRO\",VLOOKUP($F227,DADOS_SICRO,2,0),IF(G227=\"SUDECAP\",VLOOKUP(F227,DADOS_SUDECAP,2,0),IF(G227=\"COTAÇÃO\",VLOOKUP($F227,DADOS_COTACAO,2,0),\"\"))))))","v":"LASTRO DE CONCRETO MAGRO, INCLUSIVE TRANSPORTE, LANÇAMENTO E ADENSAMENTO "},"ED-49812","SETOP",{"$f":"IF(G227=\"SINAPI\",VLOOKUP($F227,DADOS_SINAPI,3,0),IF(G227=\"SETOP\",VLOOKUP($F227,DADOS_SETOP,3,0),IF(G227=\"CPU\",VLOOKUP($F227,DADOS_COMPOSICAO,10,0),IF(G227=\"SICRO\",VLOOKUP($F227,DADOS_SICRO,3,0),IF(G227=\"SUDECAP\",VLOOKUP(F227,DADOS_SUDECAP,3,0),IF(G227=\"COTAÇÃO\",VLOOKUP($F227,DADOS_COTACAO,9,0),\"\"))))))","v":"m3"},{"$f":"ROUND(F232,2)","v":1.18},{"$f":"IF(G227=\"SINAPI\",VLOOKUP($F227,DADOS_SINAPI,4,0),IF(G227=\"SETOP\",VLOOKUP($F227,DADOS_SETOP,4,0),IF(G227=\"CPU\",VLOOKUP($F227,DADOS_COMPOSICAO,13,0),IF(G227=\"SICRO\",VLOOKUP($F227,DADOS_SICRO,4,0),IF(G227=\"SUDECAP\",VLOOKUP(F227,DADOS_SUDECAP,4,0),IF(G227=\"COTAÇÃO\",VLOOKUP(F227,DADOS_COTACAO,12,0),\"\"))))))","v":512.35},"BDI 1",{"$f":"TRUNC(J227*(1+$N$17),2)","v":648.22},{"$f":"IFERROR(TRUNC(I227*J227,2),\"\")","v":604.57000000000005},{"$f":"IFERROR(TRUNC(L227*I227,2),\"\")","v":764.89}]
[2000]
[2000,null,null,null,"COMPRIMENTO TOTAL DAS VIGAS BALDRAME",{"$f":"F222","v":118.06},"M"]
[2000,null,null,null,"LARGURA MÉDIA ",{"$f":"F223","v":0.2},"M"]
[2000,null,null,null,"ESPESSURA DE LASTRO",0.05,"M"]
[2000,null,null,null,"VOLUME DE LASTRO",{"$f":"F231*F230*F229","v":1.1806000000000003},"M³"]
[2000]
[{"$f":"IFERROR(LEFT(D234,SEARCH(\".\",D234)-1),\"\")","v":"4"},{"$f":"IFERROR(LEFT(RIGHT(D234,LEN(D234)-SEARCH(\".\",D234)),SEARCH(\".\",RIGHT(D234,LEN(D234)-SEARCH(\".\",D234)))-1),\"\")","v":"2"},{"$f":"IFERROR(IF(LEN(D234)-LEN(SUBSTITUTE(D234,\".\",\"\"))<>3,\"\",MID(D234,SEARCH(\".\",D234,SEARCH(\".\",D234)+1)+1,LEN(D234)-SEARCH(\".\",D234,SEARCH(\".\",D234)+1)-(LEN(D234)-(SEARCH(\".\",D234,SEARCH(\".\",D234,SEARCH(\".\",D234)+1)+1)-1)))),\"\")","v":"3"},"4.2.3.6",{"$f":"IF($G234=\"SINAPI\",VLOOKUP($F234,DADOS_SINAPI,2,0),IF(G234=\"SETOP\",VLOOKUP($F234,DADOS_SETOP,2,0),IF(G234=\"CPU\",VLOOKUP($F234,DADOS_COMPOSICAO,2,0),IF(G234=\"SICRO\",VLOOKUP($F234,DADOS_SICRO,2,0),IF(G234=\"SUDECAP\",VLOOKUP(F234,DADOS_SUDECAP,2,0),IF(G234=\"COTAÇÃO\",VLOOKUP($F234,DADOS_COTACAO,2,0),\"\"))))))","v":"IMPERMEABILIZAÇÃO DE FLOREIRA OU VIGA BALDRAME COM ARGAMASSA DE CIMENTO E AREIA, COM ADITIVO IMPERMEABILIZANTE, E = 2 CM. AF_06/2018"},98562,"SINAPI",{"$f":"IF(G234=\"SINAPI\",VLOOKUP($F234,DADOS_SINAPI,3,0),IF(G234=\"SETOP\",VLOOKUP($F234,DADOS_SETOP,3,0),IF(G234=\"CPU\",VLOOKUP($F234,DADOS_COMPOSICAO,10,0),IF(G234=\"SICRO\",VLOOKUP($F234,DADOS_SICRO,3,0),IF(G234=\"SUDECAP\",VLOOKUP(F234,DADOS_SUDECAP,3,0),IF(G234=\"COTAÇÃO\",VLOOKUP($F234,DADOS_COTACAO,9,0),\"\"))))))","v":"M2"},{"$f":"ROUND(F236,2)","v":47.81},{"$f":"IF(G234=\"SINAPI\",VLOOKUP($F234,DADOS_SINAPI,4,0),IF(G234=\"SETOP\",VLOOKUP($F234,DADOS_SETOP,4,0),IF(G234=\"CPU\",VLOOKUP($F234,DADOS_COMPOSICAO,13,0),IF(G234=\"SICRO\",VLOOKUP($F234,DADOS_SICRO,4,0),IF(G234=\"SUDECAP\",VLOOKUP(F234,DADOS_SUDECAP,4,0),IF(G234=\"COTAÇÃO\",VLOOKUP(F234,DADOS_COTACAO,12,0),\"\"))))))","v":41.11},"BDI 1",{"$f":"TRUNC(J234*(1+$N$17),2)","v":52.01},{"$f":"IFERROR(TRUNC(I234*J234,2),\"\")","v":1965.46},{"$f":"IFERROR(TRUNC(L234*I234,2),\"\")","v":2486.59}]
[2000]
[2000,null,null,null,"ÁREA TOTAL",{"$f":"F214/2","v":47.809999999999995},"M²"]
[2000]
[null,null,null,"4.2.4","VIGAS BALDRAME PRÉ-MOLDADAS",null,null,null,null,null,null,null,{"$f":"IFERROR(SUMIFS(M:M,A:A,LEFT(D238,SEARCH(\".\",D238)-1),B:B,LEFT(RIGHT(D238,LEN(D238)-SEARCH(\".\",D238)),SEARCH(\".\",RIGHT(D238,LEN(D238)-SEARCH(\".\",D238)))-1),C:C,RIGHT(D238,LEN(D238)-SEARCH(\".\",D238,SEARCH(\".\",D238)+1))),\"\")","v":139336.26},{"$f":"IFERROR(SUMIFS(N:N,A:A,LEFT(D238,SEARCH(\".\",D238)-1),B:B,LEFT(RIGHT(D238,LEN(D238)-SEARCH(\".\",D238)),SEARCH(\".\",RIGHT(D238,LEN(D238)-SEARCH(\".\",D238)))-1),C:C,RIGHT(D238,LEN(D238)-SEARCH(\".\",D238,SEARCH(\".\",D238)+1))),\"\")","v":176287.91}]
[{"$f":"IFERROR(LEFT(D239,SEARCH(\".\",D239)-1),\"\")","v":"4"},{"$f":"IFERROR(LEFT(RIGHT(D239,LEN(D239)-SEARCH(\".\",D239)),SEARCH(\".\",RIGHT(D239,LEN(D239)-SEARCH(\".\",D239)))-1),\"\")","v":"2"},{"$f":"IFERROR(IF(LEN(D239)-LEN(SUBSTITUTE(D239,\".\",\"\"))<>3,\"\",MID(D239,SEARCH(\".\",D239,SEARCH(\".\",D239)+1)+1,LEN(D239)-SEARCH(\".\",D239,SEARCH(\".\",D239)+1)-(LEN(D239)-(SEARCH(\".\",D239,SEARCH(\".\",D239,SEARCH(\".\",D239)+1)+1)-1)))),\"\")","v":"4"},"4.2.4.1",{"$f":"IF($G239=\"SINAPI\",VLOOKUP($F239,DADOS_SINAPI,2,0),IF(G239=\"SETOP\",VLOOKUP($F239,DADOS_SETOP,2,0),IF(G239=\"CPU\",VLOOKUP($F239,DADOS_COMPOSICAO,2,0),IF(G239=\"SICRO\",VLOOKUP($F239,DADOS_SICRO,2,0),IF(G239=\"SUDECAP\",VLOOKUP(F239,DADOS_SUDECAP,2,0),IF(G239=\"COTAÇÃO\",VLOOKUP($F239,DADOS_COTACAO,2,0),\"\"))))))","v":"FORNECIMENTO E EXECUÇÃO DE VIGAS PRÉ-FABRICADAS"},"DAC-4.3","CPU",{"$f":"IF(G239=\"SINAPI\",VLOOKUP($F239,DADOS_SINAPI,3,0),IF(G239=\"SETOP\",VLOOKUP($F239,DADOS_SETOP,3,0),IF(G239=\"CPU\",VLOOKUP($F239,DADOS_COMPOSICAO,10,0),IF(G239=\"SICRO\",VLOOKUP($F239,DADOS_SICRO,3,0),IF(G239=\"SUDECAP\",VLOOKUP(F239,DADOS_SUDECAP,3,0),IF(G239=\"COTAÇÃO\",VLOOKUP($F239,DADOS_COTACAO,9,0),\"\"))))))","v":"M³"},{"$f":"ROUND(F241,2)","v":44.54},{"$f":"IF(G239=\"SINAPI\",VLOOKUP($F239,DADOS_SINAPI,4,0),IF(G239=\"SETOP\",VLOOKUP($F239,DADOS_SETOP,4,0),IF(G239=\"CPU\",VLOOKUP($F239,DADOS_COMPOSICAO,13,0),IF(G239=\"SICRO\",VLOOKUP($F239,DADOS_SICRO,4,0),IF(G239=\"SUDECAP\",VLOOKUP(F239,DADOS_SUDECAP,4,0),IF(G239=\"COTAÇÃO\",VLOOKUP(F239,DADOS_COTACAO,12,0),\"\"))))))","v":3110.6675605343999},"BDI 1",{"$f":"TRUNC(J239*(1+$N$17),2)","v":3935.61},{"$f":"IFERROR(TRUNC(I239*J239,2),\"\")","v":138549.13},{"$f":"IFERROR(TRUNC(L239*I239,2),\"\")","v":175292.06}]
[2000]
[2000,null,null,null,"VOLUME DE CONCRETO",44.54,"M³"]
[2000]
[{"$f":"IFERROR(LEFT(D243,SEARCH(\".\",D243)-1),\"\")","v":"4"},{"$f":"IFERROR(LEFT(RIGHT(D243,LEN(D243)-SEARCH(\".\",D243)),SEARCH(\".\",RIGHT(D243,LEN(D243)-SEARCH(\".\",D243)))-1),\"\")","v":"2"},{"$f":"IFERROR(IF(LEN(D243)-LEN(SUBSTITUTE(D243,\".\",\"\"))<>3,\"\",MID(D243,SEARCH(\".\",D243,SEARCH(\".\",D243)+1)+1,LEN(D243)-SEARCH(\".\",D243,SEARCH(\".\",D243)+1)-(LEN(D243)-(SEARCH(\".\",D243,SEARCH(\".\",D243,SEARCH(\".\",D243)+1)+1)-1)))),\"\")","v":"4"},"4.2.4.2",{"$f":"IF($G243=\"SINAPI\",VLOOKUP($F243,DADOS_SINAPI,2,0),IF(G243=\"SETOP\",VLOOKUP($F243,DADOS_SETOP,2,0),IF(G243=\"CPU\",VLOOKUP($F243,DADOS_COMPOSICAO,2,0),IF(G243=\"SICRO\",VLOOKUP($F243,DADOS_SICRO,2,0),IF(G243=\"SUDECAP\",VLOOKUP(F243,DADOS_SUDECAP,2,0),IF(G243=\"COTAÇÃO\",VLOOKUP($F243,DADOS_COTACAO,2,0),\"\"))))))","v":"LASTRO DE BRITA COM PEDRA BRITADA NÚMERO 2 E 3, INCLUSIVE ADENSAMENTO E APILOAMENTO MANUAL"},"ED-49813","SETOP",{"$f":"IF(G243=\"SINAPI\",VLOOKUP($F243,DADOS_SINAPI,3,0),IF(G243=\"SETOP\",VLOOKUP($F243,DADOS_SETOP,3,0),IF(G243=\"CPU\",VLOOKUP($F243,DADOS_COMPOSICAO,10,0),IF(G243=\"SICRO\",VLOOKUP($F243,DADOS_SICRO,3,0),IF(G243=\"SUDECAP\",VLOOKUP(F243,DADOS_SUDECAP,3,0),IF(G243=\"COTAÇÃO\",VLOOKUP($F243,DADOS_COTACAO,9,0),\"\"))))))","v":"m3"},{"$f":"ROUND(F248,2)","v":4.4800000000000004},{"$f":"IF(G243=\"SINAPI\",VLOOKUP($F243,DADOS_SINAPI,4,0),IF(G243=\"SETOP\",VLOOKUP($F243,DADOS_SETOP,4,0),IF(G243=\"CPU\",VLOOKUP($F243,DADOS_COMPOSICAO,13,0),IF(G243=\"SICRO\",VLOOKUP($F243,DADOS_SICRO,4,0),IF(G243=\"SUDECAP\",VLOOKUP(F243,DADOS_SUDECAP,4,0),IF(G243=\"COTAÇÃO\",VLOOKUP(F243,DADOS_COTACAO,12,0),\"\"))))))","v":175.7},"BDI 1",{"$f":"TRUNC(J243*(1+$N$17),2)","v":222.29},{"$f":"IFERROR(TRUNC(I243*J243,2),\"\")","v":787.13},{"$f":"IFERROR(TRUNC(L243*I243,2),\"\")","v":995.85}]
[2000]
[2000,null,null,null,"COMPRIMENTO TOTAL DAS VIGAS BALDRAME",448,"M"]
[2000,null,null,null,"LARGURA MÉDIA ",0.2,"M"]
[2000,null,null,null,"ESPESSURA DE LASTRO",0.05,"M"]
[2000,null,null,null,"VOLUME DE LASTRO",{"$f":"F245*F246*F247","v":4.4800000000000004},"M³"]
[2000]
[null,null,null,"4.3","SUPERESTRUTURA",null,null,null,null,null,null,null,{"$f":"IFERROR(SUMIFS(M:M,A:A,LEFT(D250,SEARCH(\".\",D250)-1),B:B,RIGHT(D250,LEN(D250)-SEARCH(\".\",D250))),\"\")","v":838613.75},{"$f":"IFERROR(SUMIFS(N:N,A:A,LEFT(D250,SEARCH(\".\",D250)-1),B:B,RIGHT(D250,LEN(D250)-SEARCH(\".\",D250))),\"\")","v":1060980.5799999998}]
[null,null,null,"4.3.1","PILARES PRÉ-MOLDADOS",null,null,null,null,null,null,null,{"$f":"IFERROR(SUMIFS(M:M,A:A,LEFT(D251,SEARCH(\".\",D251)-1),B:B,LEFT(RIGHT(D251,LEN(D251)-SEARCH(\".\",D251)),SEARCH(\".\",RIGHT(D251,LEN(D251)-SEARCH(\".\",D251)))-1),C:C,RIGHT(D251,LEN(D251)-SEARCH(\".\",D251,SEARCH(\".\",D251)+1))),\"\")","v":161796.04999999999},{"$f":"IFERROR(SUMIFS(N:N,A:A,LEFT(D251,SEARCH(\".\",D251)-1),B:B,LEFT(RIGHT(D251,LEN(D251)-SEARCH(\".\",D251)),SEARCH(\".\",RIGHT(D251,LEN(D251)-SEARCH(\".\",D251)))-1),C:C,RIGHT(D251,LEN(D251)-SEARCH(\".\",D251,SEARCH(\".\",D251)+1))),\"\")","v":204697.41999999998}]
[{"$f":"IFERROR(LEFT(D252,SEARCH(\".\",D252)-1),\"\")","v":"4"},{"$f":"IFERROR(LEFT(RIGHT(D252,LEN(D252)-SEARCH(\".\",D252)),SEARCH(\".\",RIGHT(D252,LEN(D252)-SEARCH(\".\",D252)))-1),\"\")","v":"3"},{"$f":"IFERROR(IF(LEN(D252)-LEN(SUBSTITUTE(D252,\".\",\"\"))<>3,\"\",MID(D252,SEARCH(\".\",D252,SEARCH(\".\",D252)+1)+1,LEN(D252)-SEARCH(\".\",D252,SEARCH(\".\",D252)+1)-(LEN(D252)-(SEARCH(\".\",D252,SEARCH(\".\",D252,SEARCH(\".\",D252)+1)+1)-1)))),\"\")","v":"1"},"4.3.1.1",{"$f":"IF($G252=\"SINAPI\",VLOOKUP($F252,DADOS_SINAPI,2,0),IF(G252=\"SETOP\",VLOOKUP($F252,DADOS_SETOP,2,0),IF(G252=\"CPU\",VLOOKUP($F252,DADOS_COMPOSICAO,2,0),IF(G252=\"SICRO\",VLOOKUP($F252,DADOS_SICRO,2,0),IF(G252=\"SUDECAP\",VLOOKUP(F252,DADOS_SUDECAP,2,0),IF(G252=\"COTAÇÃO\",VLOOKUP($F252,DADOS_COTACAO,2,0),\"\"))))))","v":"FORNECIMENTO E EXECUÇÃO DE PILARES PRÉ-FABRICADOS"},"DAC-4.2","CPU",{"$f":"IF(G252=\"SINAPI\",VLOOKUP($F252,DADOS_SINAPI,3,0),IF(G252=\"SETOP\",VLOOKUP($F252,DADOS_SETOP,3,0),IF(G252=\"CPU\",VLOOKUP($F252,DADOS_COMPOSICAO,10,0),IF(G252=\"SICRO\",VLOOKUP($F252,DADOS_SICRO,3,0),IF(G252=\"SUDECAP\",VLOOKUP(F252,DADOS_SUDECAP,3,0),IF(G252=\"COTAÇÃO\",VLOOKUP($F252,DADOS_COTACAO,9,0),\"\"))))))","v":"M³"},{"$f":"ROUND(F254,2)","v":52.05},{"$f":"IF(G252=\"SINAPI\",VLOOKUP($F252,DADOS_SINAPI,4,0),IF(G252=\"SETOP\",VLOOKUP($F252,DADOS_SETOP,4,0),IF(G252=\"CPU\",VLOOKUP($F252,DADOS_COMPOSICAO,13,0),IF(G252=\"SICRO\",VLOOKUP($F252,DADOS_SICRO,4,0),IF(G252=\"SUDECAP\",VLOOKUP(F252,DADOS_SUDECAP,4,0),IF(G252=\"COTAÇÃO\",VLOOKUP(F252,DADOS_COTACAO,12,0),\"\"))))))","v":2854.2212325264172},"BDI 1",{"$f":"TRUNC(J252*(1+$N$17),2)","v":3611.16},{"$f":"IFERROR(TRUNC(I252*J252,2),\"\")","v":148562.21},{"$f":"IFERROR(TRUNC(L252*I252,2),\"\")","v":187960.87}]
[2000]
[2000,null,null,null,"VOLUME DE CONCRETO",52.05,"M³"]
[2000]
[{"$f":"IFERROR(LEFT(D256,SEARCH(\".\",D256)-1),\"\")","v":"4"},{"$f":"IFERROR(LEFT(RIGHT(D256,LEN(D256)-SEARCH(\".\",D256)),SEARCH(\".\",RIGHT(D256,LEN(D256)-SEARCH(\".\",D256)))-1),\"\")","v":"3"},{"$f":"IFERROR(IF(LEN(D256)-LEN(SUBSTITUTE(D256,\".\",\"\"))<>3,\"\",MID(D256,SEARCH(\".\",D256,SEARCH(\".\",D256)+1)+1,LEN(D256)-SEARCH(\".\",D256,SEARCH(\".\",D256)+1)-(LEN(D256)-(SEARCH(\".\",D256,SEARCH(\".\",D256,SEARCH(\".\",D256)+1)+1)-1)))),\"\")","v":"1"},"4.3.1.2",{"$f":"IF($G256=\"SINAPI\",VLOOKUP($F256,DADOS_SINAPI,2,0),IF(G256=\"SETOP\",VLOOKUP($F256,DADOS_SETOP,2,0),IF(G256=\"CPU\",VLOOKUP($F256,DADOS_COMPOSICAO,2,0),IF(G256=\"SICRO\",VLOOKUP($F256,DADOS_SICRO,2,0),IF(G256=\"SUDECAP\",VLOOKUP(F256,DADOS_SUDECAP,2,0),IF(G256=\"COTAÇÃO\",VLOOKUP($F256,DADOS_COTACAO,2,0),\"\"))))))","v":"CORTE E DOBRA DE AÇO CA-25, DIÂMETRO DE 10,0 MM. AF_06/2022"},92877,"SINAPI",{"$f":"IF(G256=\"SINAPI\",VLOOKUP($F256,DADOS_SINAPI,3,0),IF(G256=\"SETOP\",VLOOKUP($F256,DADOS_SETOP,3,0),IF(G256=\"CPU\",VLOOKUP($F256,DADOS_COMPOSICAO,10,0),IF(G256=\"SICRO\",VLOOKUP($F256,DADOS_SICRO,3,0),IF(G256=\"SUDECAP\",VLOOKUP(F256,DADOS_SUDECAP,3,0),IF(G256=\"COTAÇÃO\",VLOOKUP($F256,DADOS_COTACAO,9,0),\"\"))))))","v":"KG"},{"$f":"F258","v":1273.71012},{"$f":"IF(G256=\"SINAPI\",VLOOKUP($F256,DADOS_SINAPI,4,0),IF(G256=\"SETOP\",VLOOKUP($F256,DADOS_SETOP,4,0),IF(G256=\"CPU\",VLOOKUP($F256,DADOS_COMPOSICAO,13,0),IF(G256=\"SICRO\",VLOOKUP($F256,DADOS_SICRO,4,0),IF(G256=\"SUDECAP\",VLOOKUP(F256,DADOS_SUDECAP,4,0),IF(G256=\"COTAÇÃO\",VLOOKUP(F256,DADOS_COTACAO,12,0),\"\"))))))","v":10.39},"BDI 1",{"$f":"TRUNC(J256*(1+$N$17),2)","v":13.14},{"$f":"IFERROR(TRUNC(I256*J256,2),\"\")","v":13233.84},{"$f":"IFERROR(TRUNC(L256*I256,2),\"\")","v":16736.55}]
[2000]
[2000,null,null,null,"PESO DE AÇO",{"$f":"0.617*2064.36","v":1273.71012},"KG"]
[2000]
[null,null,null,"4.3.2","VIGAS PRÉ-MOLDADAS",null,null,null,null,null,null,null,{"$f":"IFERROR(SUMIFS(M:M,A:A,LEFT(D260,SEARCH(\".\",D260)-1),B:B,LEFT(RIGHT(D260,LEN(D260)-SEARCH(\".\",D260)),SEARCH(\".\",RIGHT(D260,LEN(D260)-SEARCH(\".\",D260)))-1),C:C,RIGHT(D260,LEN(D260)-SEARCH(\".\",D260,SEARCH(\".\",D260)+1))),\"\")","v":155688.91},{"$f":"IFERROR(SUMIFS(N:N,A:A,LEFT(D260,SEARCH(\".\",D260)-1),B:B,LEFT(RIGHT(D260,LEN(D260)-SEARCH(\".\",D260)),SEARCH(\".\",RIGHT(D260,LEN(D260)-SEARCH(\".\",D260)))-1),C:C,RIGHT(D260,LEN(D260)-SEARCH(\".\",D260,SEARCH(\".\",D260)+1))),\"\")","v":196977.28}]
[{"$f":"IFERROR(LEFT(D261,SEARCH(\".\",D261)-1),\"\")","v":"4"},{"$f":"IFERROR(LEFT(RIGHT(D261,LEN(D261)-SEARCH(\".\",D261)),SEARCH(\".\",RIGHT(D261,LEN(D261)-SEARCH(\".\",D261)))-1),\"\")","v":"3"},{"$f":"IFERROR(IF(LEN(D261)-LEN(SUBSTITUTE(D261,\".\",\"\"))<>3,\"\",MID(D261,SEARCH(\".\",D261,SEARCH(\".\",D261)+1)+1,LEN(D261)-SEARCH(\".\",D261,SEARCH(\".\",D261)+1)-(LEN(D261)-(SEARCH(\".\",D261,SEARCH(\".\",D261,SEARCH(\".\",D261)+1)+1)-1)))),\"\")","v":"2"},"4.3.2.1",{"$f":"IF($G261=\"SINAPI\",VLOOKUP($F261,DADOS_SINAPI,2,0),IF(G261=\"SETOP\",VLOOKUP($F261,DADOS_SETOP,2,0),IF(G261=\"CPU\",VLOOKUP($F261,DADOS_COMPOSICAO,2,0),IF(G261=\"SICRO\",VLOOKUP($F261,DADOS_SICRO,2,0),IF(G261=\"SUDECAP\",VLOOKUP(F261,DADOS_SUDECAP,2,0),IF(G261=\"COTAÇÃO\",VLOOKUP($F261,DADOS_COTACAO,2,0),\"\"))))))","v":"FORNECIMENTO E EXECUÇÃO DE VIGAS PRÉ-FABRICADAS"},"DAC-4.3","CPU",{"$f":"IF(G261=\"SINAPI\",VLOOKUP($F261,DADOS_SINAPI,3,0),IF(G261=\"SETOP\",VLOOKUP($F261,DADOS_SETOP,3,0),IF(G261=\"CPU\",VLOOKUP($F261,DADOS_COMPOSICAO,10,0),IF(G261=\"SICRO\",VLOOKUP($F261,DADOS_SICRO,3,0),IF(G261=\"SUDECAP\",VLOOKUP(F261,DADOS_SUDECAP,3,0),IF(G261=\"COTAÇÃO\",VLOOKUP($F261,DADOS_COTACAO,9,0),\"\"))))))","v":"M³"},{"$f":"F263","v":50.05},{"$f":"IF(G261=\"SINAPI\",VLOOKUP($F261,DADOS_SINAPI,4,0),IF(G261=\"SETOP\",VLOOKUP($F261,DADOS_SETOP,4,0),IF(G261=\"CPU\",VLOOKUP($F261,DADOS_COMPOSICAO,13,0),IF(G261=\"SICRO\",VLOOKUP($F261,DADOS_SICRO,4,0),IF(G261=\"SUDECAP\",VLOOKUP(F261,DADOS_SUDECAP,4,0),IF(G261=\"COTAÇÃO\",VLOOKUP(F261,DADOS_COTACAO,12,0),\"\"))))))","v":3110.6675605343999},"BDI 1",{"$f":"TRUNC(J261*(1+$N$17),2)","v":3935.61},{"$f":"IFERROR(TRUNC(I261*J261,2),\"\")","v":155688.91},{"$f":"IFERROR(TRUNC(L261*I261,2),\"\")","v":196977.28}]
[2000]
[2000,null,null,null,"VOLUME DE CONCRETO",50.05,"M³"]
[2000]
[null,null,null,"4.3.3","LAJES ALVEOLARES",null,null,null,null,null,null,null,{"$f":"IFERROR(SUMIFS(M:M,A:A,LEFT(D265,SEARCH(\".\",D265)-1),B:B,LEFT(RIGHT(D265,LEN(D265)-SEARCH(\".\",D265)),SEARCH(\".\",RIGHT(D265,LEN(D265)-SEARCH(\".\",D265)))-1),C:C,RIGHT(D265,LEN(D265)-SEARCH(\".\",D265,SEARCH(\".\",D265)+1))),\"\")","v":519635.73000000004},{"$f":"IFERROR(SUMIFS(N:N,A:A,LEFT(D265,SEARCH(\".\",D265)-1),B:B,LEFT(RIGHT(D265,LEN(D265)-SEARCH(\".\",D265)),SEARCH(\".\",RIGHT(D265,LEN(D265)-SEARCH(\".\",D265)))-1),C:C,RIGHT(D265,LEN(D265)-SEARCH(\".\",D265,SEARCH(\".\",D265)+1))),\"\")","v":657417.23}]
[{"$f":"IFERROR(LEFT(D266,SEARCH(\".\",D266)-1),\"\")","v":"4"},{"$f":"IFERROR(LEFT(RIGHT(D266,LEN(D266)-SEARCH(\".\",D266)),SEARCH(\".\",RIGHT(D266,LEN(D266)-SEARCH(\".\",D266)))-1),\"\")","v":"3"},{"$f":"IFERROR(IF(LEN(D266)-LEN(SUBSTITUTE(D266,\".\",\"\"))<>3,\"\",MID(D266,SEARCH(\".\",D266,SEARCH(\".\",D266)+1)+1,LEN(D266)-SEARCH(\".\",D266,SEARCH(\".\",D266)+1)-(LEN(D266)-(SEARCH(\".\",D266,SEARCH(\".\",D266,SEARCH(\".\",D266)+1)+1)-1)))),\"\")","v":"3"},"4.3.3.1",{"$f":"IF($G266=\"SINAPI\",VLOOKUP($F266,DADOS_SINAPI,2,0),IF(G266=\"SETOP\",VLOOKUP($F266,DADOS_SETOP,2,0),IF(G266=\"CPU\",VLOOKUP($F266,DADOS_COMPOSICAO,2,0),IF(G266=\"SICRO\",VLOOKUP($F266,DADOS_SICRO,2,0),IF(G266=\"SUDECAP\",VLOOKUP(F266,DADOS_SUDECAP,2,0),IF(G266=\"COTAÇÃO\",VLOOKUP($F266,DADOS_COTACAO,2,0),\"\"))))))","v":"FORNECIMENTO E EXECUÇÃO DE LAJE ALVEOLAR"},"DAC-4.4","CPU",{"$f":"IF(G266=\"SINAPI\",VLOOKUP($F266,DADOS_SINAPI,3,0),IF(G266=\"SETOP\",VLOOKUP($F266,DADOS_SETOP,3,0),IF(G266=\"CPU\",VLOOKUP($F266,DADOS_COMPOSICAO,10,0),IF(G266=\"SICRO\",VLOOKUP($F266,DADOS_SICRO,3,0),IF(G266=\"SUDECAP\",VLOOKUP(F266,DADOS_SUDECAP,3,0),IF(G266=\"COTAÇÃO\",VLOOKUP($F266,DADOS_COTACAO,9,0),\"\"))))))","v":"M³"},{"$f":"ROUND(F270,2)","v":170.83},{"$f":"IF(G266=\"SINAPI\",VLOOKUP($F266,DADOS_SINAPI,4,0),IF(G266=\"SETOP\",VLOOKUP($F266,DADOS_SETOP,4,0),IF(G266=\"CPU\",VLOOKUP($F266,DADOS_COMPOSICAO,13,0),IF(G266=\"SICRO\",VLOOKUP($F266,DADOS_SICRO,4,0),IF(G266=\"SUDECAP\",VLOOKUP(F266,DADOS_SUDECAP,4,0),IF(G266=\"COTAÇÃO\",VLOOKUP(F266,DADOS_COTACAO,12,0),\"\"))))))","v":2415.1522699999996},"BDI 1",{"$f":"TRUNC(J266*(1+$N$17),2)","v":3055.65},{"$f":"IFERROR(TRUNC(I266*J266,2),\"\")","v":412580.46},{"$f":"IFERROR(TRUNC(L266*I266,2),\"\")","v":521996.68}]
[2000]
[2000,null,null,null,"ÁREA DE LAJE ALVEOLAR  (h = 20 cm)",779.74,"M²"]
[2000,null,null,null,"ÁREA DE LAJE ALVEOLAR  (h = 25 cm)",59.54,"M²"]
[2000,null,null,null,"VOLUME TOTAL",{"$f":"F268*0.2+F269*0.25","v":170.833},"M³"]
[2000]
[{"$f":"IFERROR(LEFT(D272,SEARCH(\".\",D272)-1),\"\")","v":"4"},{"$f":"IFERROR(LEFT(RIGHT(D272,LEN(D272)-SEARCH(\".\",D272)),SEARCH(\".\",RIGHT(D272,LEN(D272)-SEARCH(\".\",D272)))-1),\"\")","v":"3"},{"$f":"IFERROR(IF(LEN(D272)-LEN(SUBSTITUTE(D272,\".\",\"\"))<>3,\"\",MID(D272,SEARCH(\".\",D272,SEARCH(\".\",D272)+1)+1,LEN(D272)-SEARCH(\".\",D272,SEARCH(\".\",D272)+1)-(LEN(D272)-(SEARCH(\".\",D272,SEARCH(\".\",D272,SEARCH(\".\",D272)+1)+1)-1)))),\"\")","v":"3"},"4.3.3.2",{"$f":"IF($G272=\"SINAPI\",VLOOKUP($F272,DADOS_SINAPI,2,0),IF(G272=\"SETOP\",VLOOKUP($F272,DADOS_SETOP,2,0),IF(G272=\"CPU\",VLOOKUP($F272,DADOS_COMPOSICAO,2,0),IF(G272=\"SICRO\",VLOOKUP($F272,DADOS_SICRO,2,0),IF(G272=\"SUDECAP\",VLOOKUP(F272,DADOS_SUDECAP,2,0),IF(G272=\"COTAÇÃO\",VLOOKUP($F272,DADOS_COTACAO,2,0),\"\"))))))","v":"FORNECIMENTO DE CONCRETO ESTRUTURAL, USINADO BOMBEADO, COM FCK 30MPA, INCLUSIVE LANÇAMENTO, ADENSAMENTO E ACABAMENTO (FUNDAÇÃO)"},"ED-49806","SETOP",{"$f":"IF(G272=\"SINAPI\",VLOOKUP($F272,DADOS_SINAPI,3,0),IF(G272=\"SETOP\",VLOOKUP($F272,DADOS_SETOP,3,0),IF(G272=\"CPU\",VLOOKUP($F272,DADOS_COMPOSICAO,10,0),IF(G272=\"SICRO\",VLOOKUP($F272,DADOS_SICRO,3,0),IF(G272=\"SUDECAP\",VLOOKUP(F272,DADOS_SUDECAP,3,0),IF(G272=\"COTAÇÃO\",VLOOKUP($F272,DADOS_COTACAO,9,0),\"\"))))))","v":"m3"},{"$f":"F274","v":59.6},{"$f":"IF(G272=\"SINAPI\",VLOOKUP($F272,DADOS_SINAPI,4,0),IF(G272=\"SETOP\",VLOOKUP($F272,DADOS_SETOP,4,0),IF(G272=\"CPU\",VLOOKUP($F272,DADOS_COMPOSICAO,13,0),IF(G272=\"SICRO\",VLOOKUP($F272,DADOS_SICRO,4,0),IF(G272=\"SUDECAP\",VLOOKUP(F272,DADOS_SUDECAP,4,0),IF(G272=\"COTAÇÃO\",VLOOKUP(F272,DADOS_COTACAO,12,0),\"\"))))))","v":737.11},"BDI 1",{"$f":"TRUNC(J272*(1+$N$17),2)","v":932.59},{"$f":"IFERROR(TRUNC(I272*J272,2),\"\")","v":43931.75},{"$f":"IFERROR(TRUNC(L272*I272,2),\"\")","v":55582.36}]
[2000]
[2000,null,null,null,"VOLUME DE CONCRETO",59.6,"M³"]
[2000]
[{"$f":"IFERROR(LEFT(D276,SEARCH(\".\",D276)-1),\"\")","v":"4"},{"$f":"IFERROR(LEFT(RIGHT(D276,LEN(D276)-SEARCH(\".\",D276)),SEARCH(\".\",RIGHT(D276,LEN(D276)-SEARCH(\".\",D276)))-1),\"\")","v":"3"},{"$f":"IFERROR(IF(LEN(D276)-LEN(SUBSTITUTE(D276,\".\",\"\"))<>3,\"\",MID(D276,SEARCH(\".\",D276,SEARCH(\".\",D276)+1)+1,LEN(D276)-SEARCH(\".\",D276,SEARCH(\".\",D276)+1)-(LEN(D276)-(SEARCH(\".\",D276,SEARCH(\".\",D276,SEARCH(\".\",D276)+1)+1)-1)))),\"\")","v":"3"},"4.3.3.3",{"$f":"IF($G276=\"SINAPI\",VLOOKUP($F276,DADOS_SINAPI,2,0),IF(G276=\"SETOP\",VLOOKUP($F276,DADOS_SETOP,2,0),IF(G276=\"CPU\",VLOOKUP($F276,DADOS_COMPOSICAO,2,0),IF(G276=\"SICRO\",VLOOKUP($F276,DADOS_SICRO,2,0),IF(G276=\"SUDECAP\",VLOOKUP(F276,DADOS_SUDECAP,2,0),IF(G276=\"COTAÇÃO\",VLOOKUP($F276,DADOS_COTACAO,2,0),\"\"))))))","v":"CORTE, DOBRA E MONTAGEM DE AÇO CA-50/60, INCLUSIVE ESPAÇADOR"},"ED-48298","SETOP",{"$f":"IF(G276=\"SINAPI\",VLOOKUP($F276,DADOS_SINAPI,3,0),IF(G276=\"SETOP\",VLOOKUP($F276,DADOS_SETOP,3,0),IF(G276=\"CPU\",VLOOKUP($F276,DADOS_COMPOSICAO,10,0),IF(G276=\"SICRO\",VLOOKUP($F276,DADOS_SICRO,3,0),IF(G276=\"SUDECAP\",VLOOKUP(F276,DADOS_SUDECAP,3,0),IF(G276=\"COTAÇÃO\",VLOOKUP($F276,DADOS_COTACAO,9,0),\"\"))))))","v":"Kg"},{"$f":"F278","v":4668.9000000000005},{"$f":"IF(G276=\"SINAPI\",VLOOKUP($F276,DADOS_SINAPI,4,0),IF(G276=\"SETOP\",VLOOKUP($F276,DADOS_SETOP,4,0),IF(G276=\"CPU\",VLOOKUP($F276,DADOS_COMPOSICAO,13,0),IF(G276=\"SICRO\",VLOOKUP($F276,DADOS_SICRO,4,0),IF(G276=\"SUDECAP\",VLOOKUP(F276,DADOS_SUDECAP,4,0),IF(G276=\"COTAÇÃO\",VLOOKUP(F276,DADOS_COTACAO,12,0),\"\"))))))","v":13.52},"BDI 1",{"$f":"TRUNC(J276*(1+$N$17),2)","v":17.100000000000001},{"$f":"IFERROR(TRUNC(I276*J276,2),\"\")","v":63123.519999999997},{"$f":"IFERROR(TRUNC(L276*I276,2),\"\")","v":79838.19}]
[2000]
[2000,null,null,null,"PESO DE AÇO",{"$f":"2066.2+971.3+923+597.6+110.8","v":4668.9000000000005},"KG"]
[2000]
[null,null,null,"4.3.4","LAJE MACIÇA - POÇO DO ELEVADOR",null,null,null,null,null,null,null,{"$f":"IFERROR(SUMIFS(M:M,A:A,LEFT(D280,SEARCH(\".\",D280)-1),B:B,LEFT(RIGHT(D280,LEN(D280)-SEARCH(\".\",D280)),SEARCH(\".\",RIGHT(D280,LEN(D280)-SEARCH(\".\",D280)))-1),C:C,RIGHT(D280,LEN(D280)-SEARCH(\".\",D280,SEARCH(\".\",D280)+1))),\"\")","v":1493.06},{"$f":"IFERROR(SUMIFS(N:N,A:A,LEFT(D280,SEARCH(\".\",D280)-1),B:B,LEFT(RIGHT(D280,LEN(D280)-SEARCH(\".\",D280)),SEARCH(\".\",RIGHT(D280,LEN(D280)-SEARCH(\".\",D280)))-1),C:C,RIGHT(D280,LEN(D280)-SEARCH(\".\",D280,SEARCH(\".\",D280)+1))),\"\")","v":1888.6499999999999}]
[{"$f":"IFERROR(LEFT(D281,SEARCH(\".\",D281)-1),\"\")","v":"4"},{"$f":"IFERROR(LEFT(RIGHT(D281,LEN(D281)-SEARCH(\".\",D281)),SEARCH(\".\",RIGHT(D281,LEN(D281)-SEARCH(\".\",D281)))-1),\"\")","v":"3"},{"$f":"IFERROR(IF(LEN(D281)-LEN(SUBSTITUTE(D281,\".\",\"\"))<>3,\"\",MID(D281,SEARCH(\".\",D281,SEARCH(\".\",D281)+1)+1,LEN(D281)-SEARCH(\".\",D281,SEARCH(\".\",D281)+1)-(LEN(D281)-(SEARCH(\".\",D281,SEARCH(\".\",D281,SEARCH(\".\",D281)+1)+1)-1)))),\"\")","v":"4"},"4.3.4.1",{"$f":"IF($G281=\"SINAPI\",VLOOKUP($F281,DADOS_SINAPI,2,0),IF(G281=\"SETOP\",VLOOKUP($F281,DADOS_SETOP,2,0),IF(G281=\"CPU\",VLOOKUP($F281,DADOS_COMPOSICAO,2,0),IF(G281=\"SICRO\",VLOOKUP($F281,DADOS_SICRO,2,0),IF(G281=\"SUDECAP\",VLOOKUP(F281,DADOS_SUDECAP,2,0),IF(G281=\"COTAÇÃO\",VLOOKUP($F281,DADOS_COTACAO,2,0),\"\"))))))","v":"FORNECIMENTO DE CONCRETO ESTRUTURAL, USINADO BOMBEADO, COM FCK 30MPA, INCLUSIVE LANÇAMENTO, ADENSAMENTO E ACABAMENTO"},"ED-49639","SETOP",{"$f":"IF(G281=\"SINAPI\",VLOOKUP($F281,DADOS_SINAPI,3,0),IF(G281=\"SETOP\",VLOOKUP($F281,DADOS_SETOP,3,0),IF(G281=\"CPU\",VLOOKUP($F281,DADOS_COMPOSICAO,10,0),IF(G281=\"SICRO\",VLOOKUP($F281,DADOS_SICRO,3,0),IF(G281=\"SUDECAP\",VLOOKUP(F281,DADOS_SUDECAP,3,0),IF(G281=\"COTAÇÃO\",VLOOKUP($F281,DADOS_COTACAO,9,0),\"\"))))))","v":"m3"},{"$f":"F283","v":0.54},{"$f":"IF(G281=\"SINAPI\",VLOOKUP($F281,DADOS_SINAPI,4,0),IF(G281=\"SETOP\",VLOOKUP($F281,DADOS_SETOP,4,0),IF(G281=\"CPU\",VLOOKUP($F281,DADOS_COMPOSICAO,13,0),IF(G281=\"SICRO\",VLOOKUP($F281,DADOS_SICRO,4,0),IF(G281=\"SUDECAP\",VLOOKUP(F281,DADOS_SUDECAP,4,0),IF(G281=\"COTAÇÃO\",VLOOKUP(F281,DADOS_COTACAO,12,0),\"\"))))))","v":749.64},"BDI 1",{"$f":"TRUNC(J281*(1+$N$17),2)","v":948.44},{"$f":"IFERROR(TRUNC(I281*J281,2),\"\")","v":404.8},{"$f":"IFERROR(TRUNC(L281*I281,2),\"\")","v":512.15}]
[2000]
[2000,null,null,null,"VOLUME DE CONCRETO",0.54,"M³"]
[2000]
[{"$f":"IFERROR(LEFT(D285,SEARCH(\".\",D285)-1),\"\")","v":"4"},{"$f":"IFERROR(LEFT(RIGHT(D285,LEN(D285)-SEARCH(\".\",D285)),SEARCH(\".\",RIGHT(D285,LEN(D285)-SEARCH(\".\",D285)))-1),\"\")","v":"3"},{"$f":"IFERROR(IF(LEN(D285)-LEN(SUBSTITUTE(D285,\".\",\"\"))<>3,\"\",MID(D285,SEARCH(\".\",D285,SEARCH(\".\",D285)+1)+1,LEN(D285)-SEARCH(\".\",D285,SEARCH(\".\",D285)+1)-(LEN(D285)-(SEARCH(\".\",D285,SEARCH(\".\",D285,SEARCH(\".\",D285)+1)+1)-1)))),\"\")","v":"4"},"4.3.4.2",{"$f":"IF($G285=\"SINAPI\",VLOOKUP($F285,DADOS_SINAPI,2,0),IF(G285=\"SETOP\",VLOOKUP($F285,DADOS_SETOP,2,0),IF(G285=\"CPU\",VLOOKUP($F285,DADOS_COMPOSICAO,2,0),IF(G285=\"SICRO\",VLOOKUP($F285,DADOS_SICRO,2,0),IF(G285=\"SUDECAP\",VLOOKUP(F285,DADOS_SUDECAP,2,0),IF(G285=\"COTAÇÃO\",VLOOKUP($F285,DADOS_COTACAO,2,0),\"\"))))))","v":"FÔRMA E DESFORMA DE TÁBUA E SARRAFO, REAPROVEITAMENTO (3X) (FUNDAÇÃO)"},"ED-49810","SETOP",{"$f":"IF(G285=\"SINAPI\",VLOOKUP($F285,DADOS_SINAPI,3,0),IF(G285=\"SETOP\",VLOOKUP($F285,DADOS_SETOP,3,0),IF(G285=\"CPU\",VLOOKUP($F285,DADOS_COMPOSICAO,10,0),IF(G285=\"SICRO\",VLOOKUP($F285,DADOS_SICRO,3,0),IF(G285=\"SUDECAP\",VLOOKUP(F285,DADOS_SUDECAP,3,0),IF(G285=\"COTAÇÃO\",VLOOKUP($F285,DADOS_COTACAO,9,0),\"\"))))))","v":"m2"},{"$f":"F287","v":3.61},{"$f":"IF(G285=\"SINAPI\",VLOOKUP($F285,DADOS_SINAPI,4,0),IF(G285=\"SETOP\",VLOOKUP($F285,DADOS_SETOP,4,0),IF(G285=\"CPU\",VLOOKUP($F285,DADOS_COMPOSICAO,13,0),IF(G285=\"SICRO\",VLOOKUP($F285,DADOS_SICRO,4,0),IF(G285=\"SUDECAP\",VLOOKUP(F285,DADOS_SUDECAP,4,0),IF(G285=\"COTAÇÃO\",VLOOKUP(F285,DADOS_COTACAO,12,0),\"\"))))))","v":56.15},"BDI 1",{"$f":"TRUNC(J285*(1+$N$17),2)","v":71.040000000000006},{"$f":"IFERROR(TRUNC(I285*J285,2),\"\")","v":202.7},{"$f":"IFERROR(TRUNC(L285*I285,2),\"\")","v":256.45}]
[2000]
[2000,null,null,null,"ÁREA DE FORMA",3.61,"M²"]
[2000]
[{"$f":"IFERROR(LEFT(D289,SEARCH(\".\",D289)-1),\"\")","v":"4"},{"$f":"IFERROR(LEFT(RIGHT(D289,LEN(D289)-SEARCH(\".\",D289)),SEARCH(\".\",RIGHT(D289,LEN(D289)-SEARCH(\".\",D289)))-1),\"\")","v":"3"},{"$f":"IFERROR(IF(LEN(D289)-LEN(SUBSTITUTE(D289,\".\",\"\"))<>3,\"\",MID(D289,SEARCH(\".\",D289,SEARCH(\".\",D289)+1)+1,LEN(D289)-SEARCH(\".\",D289,SEARCH(\".\",D289)+1)-(LEN(D289)-(SEARCH(\".\",D289,SEARCH(\".\",D289,SEARCH(\".\",D289)+1)+1)-1)))),\"\")","v":"4"},"4.3.4.3",{"$f":"IF($G289=\"SINAPI\",VLOOKUP($F289,DADOS_SINAPI,2,0),IF(G289=\"SETOP\",VLOOKUP($F289,DADOS_SETOP,2,0),IF(G289=\"CPU\",VLOOKUP($F289,DADOS_COMPOSICAO,2,0),IF(G289=\"SICRO\",VLOOKUP($F289,DADOS_SICRO,2,0),IF(G289=\"SUDECAP\",VLOOKUP(F289,DADOS_SUDECAP,2,0),IF(G289=\"COTAÇÃO\",VLOOKUP($F289,DADOS_COTACAO,2,0),\"\"))))))","v":"CORTE, DOBRA E MONTAGEM DE AÇO CA-50/60, INCLUSIVE ESPAÇADOR"},"ED-48298","SETOP",{"$f":"IF(G289=\"SINAPI\",VLOOKUP($F289,DADOS_SINAPI,3,0),IF(G289=\"SETOP\",VLOOKUP($F289,DADOS_SETOP,3,0),IF(G289=\"CPU\",VLOOKUP($F289,DADOS_COMPOSICAO,10,0),IF(G289=\"SICRO\",VLOOKUP($F289,DADOS_SICRO,3,0),IF(G289=\"SUDECAP\",VLOOKUP(F289,DADOS_SUDECAP,3,0),IF(G289=\"COTAÇÃO\",VLOOKUP($F289,DADOS_COTACAO,9,0),\"\"))))))","v":"Kg"},{"$f":"F291","v":65.5},{"$f":"IF(G289=\"SINAPI\",VLOOKUP($F289,DADOS_SINAPI,4,0),IF(G289=\"SETOP\",VLOOKUP($F289,DADOS_SETOP,4,0),IF(G289=\"CPU\",VLOOKUP($F289,DADOS_COMPOSICAO,13,0),IF(G289=\"SICRO\",VLOOKUP($F289,DADOS_SICRO,4,0),IF(G289=\"SUDECAP\",VLOOKUP(F289,DADOS_SUDECAP,4,0),IF(G289=\"COTAÇÃO\",VLOOKUP(F289,DADOS_COTACAO,12,0),\"\"))))))","v":13.52},"BDI 1",{"$f":"TRUNC(J289*(1+$N$17),2)","v":17.100000000000001},{"$f":"IFERROR(TRUNC(I289*J289,2),\"\")","v":885.56},{"$f":"IFERROR(TRUNC(L289*I289,2),\"\")","v":1120.05}]
[2000]
[2000,null,null,null,"PESO DE AÇO",65.5,"KG"]
[2000]
[null,null,null,"4.4","MUROS DE ARRIMO",null,null,null,null,null,null,null,{"$f":"IFERROR(SUMIFS(M:M,A:A,LEFT(D293,SEARCH(\".\",D293)-1),B:B,RIGHT(D293,LEN(D293)-SEARCH(\".\",D293))),\"\")","v":218395.01},{"$f":"IFERROR(SUMIFS(N:N,A:A,LEFT(D293,SEARCH(\".\",D293)-1),B:B,RIGHT(D293,LEN(D293)-SEARCH(\".\",D293))),\"\")","v":276255.25999999995}]
[null,null,null,"4.4.1","MOVIMENTAÇÃO DE TERRA",null,null,null,null,null,null,null,{"$f":"IFERROR(SUMIFS(M:M,A:A,LEFT(D294,SEARCH(\".\",D294)-1),B:B,LEFT(RIGHT(D294,LEN(D294)-SEARCH(\".\",D294)),SEARCH(\".\",RIGHT(D294,LEN(D294)-SEARCH(\".\",D294)))-1),C:C,RIGHT(D294,LEN(D294)-SEARCH(\".\",D294,SEARCH(\".\",D294)+1))),\"\")","v":7933.7399999999989},{"$f":"IFERROR(SUMIFS(N:N,A:A,LEFT(D294,SEARCH(\".\",D294)-1),B:B,LEFT(RIGHT(D294,LEN(D294)-SEARCH(\".\",D294)),SEARCH(\".\",RIGHT(D294,LEN(D294)-SEARCH(\".\",D294)))-1),C:C,RIGHT(D294,LEN(D294)-SEARCH(\".\",D294,SEARCH(\".\",D294)+1))),\"\")","v":10028.709999999999}]
[{"$f":"IFERROR(LEFT(D295,SEARCH(\".\",D295)-1),\"\")","v":"4"},{"$f":"IFERROR(LEFT(RIGHT(D295,LEN(D295)-SEARCH(\".\",D295)),SEARCH(\".\",RIGHT(D295,LEN(D295)-SEARCH(\".\",D295)))-1),\"\")","v":"4"},{"$f":"IFERROR(IF(LEN(D295)-LEN(SUBSTITUTE(D295,\".\",\"\"))<>3,\"\",MID(D295,SEARCH(\".\",D295,SEARCH(\".\",D295)+1)+1,LEN(D295)-SEARCH(\".\",D295,SEARCH(\".\",D295)+1)-(LEN(D295)-(SEARCH(\".\",D295,SEARCH(\".\",D295,SEARCH(\".\",D295)+1)+1)-1)))),\"\")","v":"1"},"4.4.1.1",{"$f":"IF($G295=\"SINAPI\",VLOOKUP($F295,DADOS_SINAPI,2,0),IF(G295=\"SETOP\",VLOOKUP($F295,DADOS_SETOP,2,0),IF(G295=\"CPU\",VLOOKUP($F295,DADOS_COMPOSICAO,2,0),IF(G295=\"SICRO\",VLOOKUP($F295,DADOS_SICRO,2,0),IF(G295=\"SUDECAP\",VLOOKUP(F295,DADOS_SUDECAP,2,0),IF(G295=\"COTAÇÃO\",VLOOKUP($F295,DADOS_COTACAO,2,0),\"\"))))))","v":"ESCAVAÇÃO MANUAL PARA BLOCO DE COROAMENTO OU SAPATA (INCLUINDO ESCAVAÇÃO PARA COLOCAÇÃO DE FÔRMAS). AF_06/2017"},96523,"SINAPI",{"$f":"IF(G295=\"SINAPI\",VLOOKUP($F295,DADOS_SINAPI,3,0),IF(G295=\"SETOP\",VLOOKUP($F295,DADOS_SETOP,3,0),IF(G295=\"CPU\",VLOOKUP($F295,DADOS_COMPOSICAO,10,0),IF(G295=\"SICRO\",VLOOKUP($F295,DADOS_SICRO,3,0),IF(G295=\"SUDECAP\",VLOOKUP(F295,DADOS_SUDECAP,3,0),IF(G295=\"COTAÇÃO\",VLOOKUP($F295,DADOS_COTACAO,9,0),\"\"))))))","v":"M3"},{"$f":"ROUND(F299,2)","v":63.5},{"$f":"IF(G295=\"SINAPI\",VLOOKUP($F295,DADOS_SINAPI,4,0),IF(G295=\"SETOP\",VLOOKUP($F295,DADOS_SETOP,4,0),IF(G295=\"CPU\",VLOOKUP($F295,DADOS_COMPOSICAO,13,0),IF(G295=\"SICRO\",VLOOKUP($F295,DADOS_SICRO,4,0),IF(G295=\"SUDECAP\",VLOOKUP(F295,DADOS_SUDECAP,4,0),IF(G295=\"COTAÇÃO\",VLOOKUP(F295,DADOS_COTACAO,12,0),\"\"))))))","v":83.29},"BDI 1",{"$f":"TRUNC(J295*(1+$N$17),2)","v":105.37},{"$f":"IFERROR(TRUNC(I295*J295,2),\"\")","v":5288.91},{"$f":"IFERROR(TRUNC(L295*I295,2),\"\")","v":6690.99}]
[2000]
[2000,null,null,null,"ÁREA DE FUNDAÇÃO",{"$f":"15.58+33.6+30.2","v":79.38},"M²"]
[2000,null,null,null,"PROFUNDIDADE DE ESCAVAÇÃO",0.8,"M"]
[2000,null,null,null,"VOLUME DE ESCAVAÇÃO",{"$f":"F297*F298","v":63.503999999999998},"M³"]
[2000]
[{"$f":"IFERROR(LEFT(D301,SEARCH(\".\",D301)-1),\"\")","v":"4"},{"$f":"IFERROR(LEFT(RIGHT(D301,LEN(D301)-SEARCH(\".\",D301)),SEARCH(\".\",RIGHT(D301,LEN(D301)-SEARCH(\".\",D301)))-1),\"\")","v":"4"},{"$f":"IFERROR(IF(LEN(D301)-LEN(SUBSTITUTE(D301,\".\",\"\"))<>3,\"\",MID(D301,SEARCH(\".\",D301,SEARCH(\".\",D301)+1)+1,LEN(D301)-SEARCH(\".\",D301,SEARCH(\".\",D301)+1)-(LEN(D301)-(SEARCH(\".\",D301,SEARCH(\".\",D301,SEARCH(\".\",D301)+1)+1)-1)))),\"\")","v":"1"},"4.4.1.2",{"$f":"IF($G301=\"SINAPI\",VLOOKUP($F301,DADOS_SINAPI,2,0),IF(G301=\"SETOP\",VLOOKUP($F301,DADOS_SETOP,2,0),IF(G301=\"CPU\",VLOOKUP($F301,DADOS_COMPOSICAO,2,0),IF(G301=\"SICRO\",VLOOKUP($F301,DADOS_SICRO,2,0),IF(G301=\"SUDECAP\",VLOOKUP(F301,DADOS_SUDECAP,2,0),IF(G301=\"COTAÇÃO\",VLOOKUP($F301,DADOS_COTACAO,2,0),\"\"))))))","v":"REATERRO MANUAL DE VALAS COM COMPACTAÇÃO MECANIZADA. AF_04/2016"},93382,"SINAPI",{"$f":"IF(G301=\"SINAPI\",VLOOKUP($F301,DADOS_SINAPI,3,0),IF(G301=\"SETOP\",VLOOKUP($F301,DADOS_SETOP,3,0),IF(G301=\"CPU\",VLOOKUP($F301,DADOS_COMPOSICAO,10,0),IF(G301=\"SICRO\",VLOOKUP($F301,DADOS_SICRO,3,0),IF(G301=\"SUDECAP\",VLOOKUP(F301,DADOS_SUDECAP,3,0),IF(G301=\"COTAÇÃO\",VLOOKUP($F301,DADOS_COTACAO,9,0),\"\"))))))","v":"M3"},{"$f":"ROUND(F306,2)","v":1.57},{"$f":"IF(G301=\"SINAPI\",VLOOKUP($F301,DADOS_SINAPI,4,0),IF(G301=\"SETOP\",VLOOKUP($F301,DADOS_SETOP,4,0),IF(G301=\"CPU\",VLOOKUP($F301,DADOS_COMPOSICAO,13,0),IF(G301=\"SICRO\",VLOOKUP($F301,DADOS_SICRO,4,0),IF(G301=\"SUDECAP\",VLOOKUP(F301,DADOS_SUDECAP,4,0),IF(G301=\"COTAÇÃO\",VLOOKUP(F301,DADOS_COTACAO,12,0),\"\"))))))","v":29.22},"BDI 1",{"$f":"TRUNC(J301*(1+$N$17),2)","v":36.96},{"$f":"IFERROR(TRUNC(I301*J301,2),\"\")","v":45.87},{"$f":"IFERROR(TRUNC(L301*I301,2),\"\")","v":58.02}]
[2000]
[2000,null,null,null,"VOLUME ESCAVADO",{"$f":"F299","v":63.503999999999998},"M³"]
[2000,null,null,null,"VOLUME DE CONCRETO DO BLOCOS DE COROAMENTO",{"$f":"F345","v":62.300000000000004},"M³"]
[2000,null,null,null,"EMPOLAMENTO",1.3,"-"]
[2000,null,null,null,"VOLUME DE REATERRO",{"$f":"(F303-F304)*F305","v":1.5651999999999917},"M³"]
[2000]
[{"$f":"IFERROR(LEFT(D308,SEARCH(\".\",D308)-1),\"\")","v":"4"},{"$f":"IFERROR(LEFT(RIGHT(D308,LEN(D308)-SEARCH(\".\",D308)),SEARCH(\".\",RIGHT(D308,LEN(D308)-SEARCH(\".\",D308)))-1),\"\")","v":"4"},{"$f":"IFERROR(IF(LEN(D308)-LEN(SUBSTITUTE(D308,\".\",\"\"))<>3,\"\",MID(D308,SEARCH(\".\",D308,SEARCH(\".\",D308)+1)+1,LEN(D308)-SEARCH(\".\",D308,SEARCH(\".\",D308)+1)-(LEN(D308)-(SEARCH(\".\",D308,SEARCH(\".\",D308,SEARCH(\".\",D308)+1)+1)-1)))),\"\")","v":"1"},"4.4.1.3",{"$f":"IF($G308=\"SINAPI\",VLOOKUP($F308,DADOS_SINAPI,2,0),IF(G308=\"SETOP\",VLOOKUP($F308,DADOS_SETOP,2,0),IF(G308=\"CPU\",VLOOKUP($F308,DADOS_COMPOSICAO,2,0),IF(G308=\"SICRO\",VLOOKUP($F308,DADOS_SICRO,2,0),IF(G308=\"SUDECAP\",VLOOKUP(F308,DADOS_SUDECAP,2,0),IF(G308=\"COTAÇÃO\",VLOOKUP($F308,DADOS_COTACAO,2,0),\"\"))))))","v":"CARGA, MANOBRA E DESCARGA DE SOLOS E MATERIAIS GRANULARES EM CAMINHÃO BASCULANTE 6 M³ - CARGA COM ESCAVADEIRA HIDRÁULICA (CAÇAMBA DE 1,20 M³ / 155 HP) E DESCARGA LIVRE (UNIDADE: M3). AF_07/2020"},100977,"SINAPI",{"$f":"IF(G308=\"SINAPI\",VLOOKUP($F308,DADOS_SINAPI,3,0),IF(G308=\"SETOP\",VLOOKUP($F308,DADOS_SETOP,3,0),IF(G308=\"CPU\",VLOOKUP($F308,DADOS_COMPOSICAO,10,0),IF(G308=\"SICRO\",VLOOKUP($F308,DADOS_SICRO,3,0),IF(G308=\"SUDECAP\",VLOOKUP(F308,DADOS_SUDECAP,3,0),IF(G308=\"COTAÇÃO\",VLOOKUP($F308,DADOS_COTACAO,9,0),\"\"))))))","v":"M3"},{"$f":"ROUND(F313,2)","v":80.989999999999995},{"$f":"IF(G308=\"SINAPI\",VLOOKUP($F308,DADOS_SINAPI,4,0),IF(G308=\"SETOP\",VLOOKUP($F308,DADOS_SETOP,4,0),IF(G308=\"CPU\",VLOOKUP($F308,DADOS_COMPOSICAO,13,0),IF(G308=\"SICRO\",VLOOKUP($F308,DADOS_SICRO,4,0),IF(G308=\"SUDECAP\",VLOOKUP(F308,DADOS_SUDECAP,4,0),IF(G308=\"COTAÇÃO\",VLOOKUP(F308,DADOS_COTACAO,12,0),\"\"))))))","v":7.06},"BDI 1",{"$f":"TRUNC(J308*(1+$N$17),2)","v":8.93},{"$f":"IFERROR(TRUNC(I308*J308,2),\"\")","v":571.78},{"$f":"IFERROR(TRUNC(L308*I308,2),\"\")","v":723.24}]
[2000]
[2000,null,null,null,"VOLUME ESCAVADO",{"$f":"F303","v":63.503999999999998},"M³"]
[2000,null,null,null,"VOLUME DE REATERRO",{"$f":"F306","v":1.5651999999999917},"M³"]
[2000,null,null,null,"EMPOLAMENTO",1.3,"-"]
[2000,null,null,null,"VOLUME DE BOTA FORA",{"$f":"F310*F312-F311","v":80.990000000000009},"M³"]
[2000]
[{"$f":"IFERROR(LEFT(D315,SEARCH(\".\",D315)-1),\"\")","v":"4"},{"$f":"IFERROR(LEFT(RIGHT(D315,LEN(D315)-SEARCH(\".\",D315)),SEARCH(\".\",RIGHT(D315,LEN(D315)-SEARCH(\".\",D315)))-1),\"\")","v":"4"},{"$f":"IFERROR(IF(LEN(D315)-LEN(SUBSTITUTE(D315,\".\",\"\"))<>3,\"\",MID(D315,SEARCH(\".\",D315,SEARCH(\".\",D315)+1)+1,LEN(D315)-SEARCH(\".\",D315,SEARCH(\".\",D315)+1)-(LEN(D315)-(SEARCH(\".\",D315,SEARCH(\".\",D315,SEARCH(\".\",D315)+1)+1)-1)))),\"\")","v":"1"},"4.4.1.4",{"$f":"IF($G315=\"SINAPI\",VLOOKUP($F315,DADOS_SINAPI,2,0),IF(G315=\"SETOP\",VLOOKUP($F315,DADOS_SETOP,2,0),IF(G315=\"CPU\",VLOOKUP($F315,DADOS_COMPOSICAO,2,0),IF(G315=\"SICRO\",VLOOKUP($F315,DADOS_SICRO,2,0),IF(G315=\"SUDECAP\",VLOOKUP(F315,DADOS_SUDECAP,2,0),IF(G315=\"COTAÇÃO\",VLOOKUP($F315,DADOS_COTACAO,2,0),\"\"))))))","v":"TRANSPORTE COM CAMINHÃO BASCULANTE DE 10 M³, EM VIA URBANA PAVIMENTADA, DMT ATÉ 30 KM (UNIDADE: M3XKM). AF_07/2020"},95875,"SINAPI",{"$f":"IF(G315=\"SINAPI\",VLOOKUP($F315,DADOS_SINAPI,3,0),IF(G315=\"SETOP\",VLOOKUP($F315,DADOS_SETOP,3,0),IF(G315=\"CPU\",VLOOKUP($F315,DADOS_COMPOSICAO,10,0),IF(G315=\"SICRO\",VLOOKUP($F315,DADOS_SICRO,3,0),IF(G315=\"SUDECAP\",VLOOKUP(F315,DADOS_SUDECAP,3,0),IF(G315=\"COTAÇÃO\",VLOOKUP($F315,DADOS_COTACAO,9,0),\"\"))))))","v":"M3XKM"},{"$f":"ROUND(F319,2)","v":850.4},{"$f":"IF(G315=\"SINAPI\",VLOOKUP($F315,DADOS_SINAPI,4,0),IF(G315=\"SETOP\",VLOOKUP($F315,DADOS_SETOP,4,0),IF(G315=\"CPU\",VLOOKUP($F315,DADOS_COMPOSICAO,13,0),IF(G315=\"SICRO\",VLOOKUP($F315,DADOS_SICRO,4,0),IF(G315=\"SUDECAP\",VLOOKUP(F315,DADOS_SUDECAP,4,0),IF(G315=\"COTAÇÃO\",VLOOKUP(F315,DADOS_COTACAO,12,0),\"\"))))))","v":2.2599999999999998},"BDI 1",{"$f":"TRUNC(J315*(1+$N$17),2)","v":2.85},{"$f":"IFERROR(TRUNC(I315*J315,2),\"\")","v":1921.9},{"$f":"IFERROR(TRUNC(L315*I315,2),\"\")","v":2423.64}]
[2000]
[2000,null,null,null,"VOLUME DE BOTA FORA",{"$f":"F313","v":80.990000000000009},"M³"]
[2000,null,null,null,"DMT",10.5,"KM"]
[2000,null,null,null,"VOLUME DE TRANSPORTE",{"$f":"F317*F318","v":850.3950000000001},"M³XKM"]
[2000]
[{"$f":"IFERROR(LEFT(D321,SEARCH(\".\",D321)-1),\"\")","v":"4"},{"$f":"IFERROR(LEFT(RIGHT(D321,LEN(D321)-SEARCH(\".\",D321)),SEARCH(\".\",RIGHT(D321,LEN(D321)-SEARCH(\".\",D321)))-1),\"\")","v":"4"},{"$f":"IFERROR(IF(LEN(D321)-LEN(SUBSTITUTE(D321,\".\",\"\"))<>3,\"\",MID(D321,SEARCH(\".\",D321,SEARCH(\".\",D321)+1)+1,LEN(D321)-SEARCH(\".\",D321,SEARCH(\".\",D321)+1)-(LEN(D321)-(SEARCH(\".\",D321,SEARCH(\".\",D321,SEARCH(\".\",D321)+1)+1)-1)))),\"\")","v":"1"},"4.4.1.5",{"$f":"IF($G321=\"SINAPI\",VLOOKUP($F321,DADOS_SINAPI,2,0),IF(G321=\"SETOP\",VLOOKUP($F321,DADOS_SETOP,2,0),IF(G321=\"CPU\",VLOOKUP($F321,DADOS_COMPOSICAO,2,0),IF(G321=\"SICRO\",VLOOKUP($F321,DADOS_SICRO,2,0),IF(G321=\"SUDECAP\",VLOOKUP(F321,DADOS_SUDECAP,2,0),IF(G321=\"COTAÇÃO\",VLOOKUP($F321,DADOS_COTACAO,2,0),\"\"))))))","v":"ESPALHAMENTO DE MATERIAL COM TRATOR DE ESTEIRAS. AF_11/2019"},100574,"SINAPI",{"$f":"IF(G321=\"SINAPI\",VLOOKUP($F321,DADOS_SINAPI,3,0),IF(G321=\"SETOP\",VLOOKUP($F321,DADOS_SETOP,3,0),IF(G321=\"CPU\",VLOOKUP($F321,DADOS_COMPOSICAO,10,0),IF(G321=\"SICRO\",VLOOKUP($F321,DADOS_SICRO,3,0),IF(G321=\"SUDECAP\",VLOOKUP(F321,DADOS_SUDECAP,3,0),IF(G321=\"COTAÇÃO\",VLOOKUP($F321,DADOS_COTACAO,9,0),\"\"))))))","v":"M3"},{"$f":"ROUND(F323,2)","v":80.989999999999995},{"$f":"IF(G321=\"SINAPI\",VLOOKUP($F321,DADOS_SINAPI,4,0),IF(G321=\"SETOP\",VLOOKUP($F321,DADOS_SETOP,4,0),IF(G321=\"CPU\",VLOOKUP($F321,DADOS_COMPOSICAO,13,0),IF(G321=\"SICRO\",VLOOKUP($F321,DADOS_SICRO,4,0),IF(G321=\"SUDECAP\",VLOOKUP(F321,DADOS_SUDECAP,4,0),IF(G321=\"COTAÇÃO\",VLOOKUP(F321,DADOS_COTACAO,12,0),\"\"))))))","v":1.3},"BDI 1",{"$f":"TRUNC(J321*(1+$N$17),2)","v":1.64},{"$f":"IFERROR(TRUNC(I321*J321,2),\"\")","v":105.28},{"$f":"IFERROR(TRUNC(L321*I321,2),\"\")","v":132.82}]
[2000]
[2000,null,null,null,"VOLUME TOTAL",{"$f":"F317","v":80.990000000000009},"M³"]
[2000]
[null,null,null,"4.4.2","ESTAQUEAMENTO",null,null,null,null,null,null,null,{"$f":"IFERROR(SUMIFS(M:M,A:A,LEFT(D325,SEARCH(\".\",D325)-1),B:B,LEFT(RIGHT(D325,LEN(D325)-SEARCH(\".\",D325)),SEARCH(\".\",RIGHT(D325,LEN(D325)-SEARCH(\".\",D325)))-1),C:C,RIGHT(D325,LEN(D325)-SEARCH(\".\",D325,SEARCH(\".\",D325)+1))),\"\")","v":3798.36},{"$f":"IFERROR(SUMIFS(N:N,A:A,LEFT(D325,SEARCH(\".\",D325)-1),B:B,LEFT(RIGHT(D325,LEN(D325)-SEARCH(\".\",D325)),SEARCH(\".\",RIGHT(D325,LEN(D325)-SEARCH(\".\",D325)))-1),C:C,RIGHT(D325,LEN(D325)-SEARCH(\".\",D325,SEARCH(\".\",D325)+1))),\"\")","v":4805.3900000000003}]
[{"$f":"IFERROR(LEFT(D326,SEARCH(\".\",D326)-1),\"\")","v":"4"},{"$f":"IFERROR(LEFT(RIGHT(D326,LEN(D326)-SEARCH(\".\",D326)),SEARCH(\".\",RIGHT(D326,LEN(D326)-SEARCH(\".\",D326)))-1),\"\")","v":"4"},{"$f":"IFERROR(IF(LEN(D326)-LEN(SUBSTITUTE(D326,\".\",\"\"))<>3,\"\",MID(D326,SEARCH(\".\",D326,SEARCH(\".\",D326)+1)+1,LEN(D326)-SEARCH(\".\",D326,SEARCH(\".\",D326)+1)-(LEN(D326)-(SEARCH(\".\",D326,SEARCH(\".\",D326,SEARCH(\".\",D326)+1)+1)-1)))),\"\")","v":"2"},"4.4.2.1",{"$f":"IF($G326=\"SINAPI\",VLOOKUP($F326,DADOS_SINAPI,2,0),IF(G326=\"SETOP\",VLOOKUP($F326,DADOS_SETOP,2,0),IF(G326=\"CPU\",VLOOKUP($F326,DADOS_COMPOSICAO,2,0),IF(G326=\"SICRO\",VLOOKUP($F326,DADOS_SICRO,2,0),IF(G326=\"SUDECAP\",VLOOKUP(F326,DADOS_SUDECAP,2,0),IF(G326=\"COTAÇÃO\",VLOOKUP($F326,DADOS_COTACAO,2,0),\"\"))))))","v":"PERFURAÇÃO MECÂNICA DE ESTACA TIPO TRADO ROTATIVO, INCLUSIVE AFASTAMENTO LATERAL, EXCLUSIVE ARMAÇÃO, CONCRETO ESTRUTURAL, TRANSPORTE E RETIRADA DO MATERIAL ESCAVADO"},"ED-29802","SETOP",{"$f":"IF(G326=\"SINAPI\",VLOOKUP($F326,DADOS_SINAPI,3,0),IF(G326=\"SETOP\",VLOOKUP($F326,DADOS_SETOP,3,0),IF(G326=\"CPU\",VLOOKUP($F326,DADOS_COMPOSICAO,10,0),IF(G326=\"SICRO\",VLOOKUP($F326,DADOS_SICRO,3,0),IF(G326=\"SUDECAP\",VLOOKUP(F326,DADOS_SUDECAP,3,0),IF(G326=\"COTAÇÃO\",VLOOKUP($F326,DADOS_COTACAO,9,0),\"\"))))))","v":"m3"},{"$f":"ROUND(F328,2)","v":38.29},{"$f":"IF(G326=\"SINAPI\",VLOOKUP($F326,DADOS_SINAPI,4,0),IF(G326=\"SETOP\",VLOOKUP($F326,DADOS_SETOP,4,0),IF(G326=\"CPU\",VLOOKUP($F326,DADOS_COMPOSICAO,13,0),IF(G326=\"SICRO\",VLOOKUP($F326,DADOS_SICRO,4,0),IF(G326=\"SUDECAP\",VLOOKUP(F326,DADOS_SUDECAP,4,0),IF(G326=\"COTAÇÃO\",VLOOKUP(F326,DADOS_COTACAO,12,0),\"\"))))))","v":99.2},"BDI 1",{"$f":"TRUNC(J326*(1+$N$17),2)","v":125.5},{"$f":"IFERROR(TRUNC(I326*J326,2),\"\")","v":3798.36},{"$f":"IFERROR(TRUNC(L326*I326,2),\"\")","v":4805.3900000000003}]
[2000]
[2000,null,null,null,"METRAGEM DE PERFURAÇÃO",38.29,"M"]
[2000]
[null,null,null,"4.4.3","ESTRUTURA DE ARRIMO",null,null,null,null,null,null,null,{"$f":"IFERROR(SUMIFS(M:M,A:A,LEFT(D330,SEARCH(\".\",D330)-1),B:B,LEFT(RIGHT(D330,LEN(D330)-SEARCH(\".\",D330)),SEARCH(\".\",RIGHT(D330,LEN(D330)-SEARCH(\".\",D330)))-1),C:C,RIGHT(D330,LEN(D330)-SEARCH(\".\",D330,SEARCH(\".\",D330)+1))),\"\")","v":200004.3},{"$f":"IFERROR(SUMIFS(N:N,A:A,LEFT(D330,SEARCH(\".\",D330)-1),B:B,LEFT(RIGHT(D330,LEN(D330)-SEARCH(\".\",D330)),SEARCH(\".\",RIGHT(D330,LEN(D330)-SEARCH(\".\",D330)))-1),C:C,RIGHT(D330,LEN(D330)-SEARCH(\".\",D330,SEARCH(\".\",D330)+1))),\"\")","v":252996.95}]
[{"$f":"IFERROR(LEFT(D331,SEARCH(\".\",D331)-1),\"\")","v":"4"},{"$f":"IFERROR(LEFT(RIGHT(D331,LEN(D331)-SEARCH(\".\",D331)),SEARCH(\".\",RIGHT(D331,LEN(D331)-SEARCH(\".\",D331)))-1),\"\")","v":"4"},{"$f":"IFERROR(IF(LEN(D331)-LEN(SUBSTITUTE(D331,\".\",\"\"))<>3,\"\",MID(D331,SEARCH(\".\",D331,SEARCH(\".\",D331)+1)+1,LEN(D331)-SEARCH(\".\",D331,SEARCH(\".\",D331)+1)-(LEN(D331)-(SEARCH(\".\",D331,SEARCH(\".\",D331,SEARCH(\".\",D331)+1)+1)-1)))),\"\")","v":"3"},"4.4.3.1",{"$f":"IF($G331=\"SINAPI\",VLOOKUP($F331,DADOS_SINAPI,2,0),IF(G331=\"SETOP\",VLOOKUP($F331,DADOS_SETOP,2,0),IF(G331=\"CPU\",VLOOKUP($F331,DADOS_COMPOSICAO,2,0),IF(G331=\"SICRO\",VLOOKUP($F331,DADOS_SICRO,2,0),IF(G331=\"SUDECAP\",VLOOKUP(F331,DADOS_SUDECAP,2,0),IF(G331=\"COTAÇÃO\",VLOOKUP($F331,DADOS_COTACAO,2,0),\"\"))))))","v":"LASTRO DE CONCRETO MAGRO, INCLUSIVE TRANSPORTE, LANÇAMENTO E ADENSAMENTO "},"ED-49812","SETOP",{"$f":"IF(G331=\"SINAPI\",VLOOKUP($F331,DADOS_SINAPI,3,0),IF(G331=\"SETOP\",VLOOKUP($F331,DADOS_SETOP,3,0),IF(G331=\"CPU\",VLOOKUP($F331,DADOS_COMPOSICAO,10,0),IF(G331=\"SICRO\",VLOOKUP($F331,DADOS_SICRO,3,0),IF(G331=\"SUDECAP\",VLOOKUP(F331,DADOS_SUDECAP,3,0),IF(G331=\"COTAÇÃO\",VLOOKUP($F331,DADOS_COTACAO,9,0),\"\"))))))","v":"m3"},{"$f":"ROUND(F333,2)","v":3.43},{"$f":"IF(G331=\"SINAPI\",VLOOKUP($F331,DADOS_SINAPI,4,0),IF(G331=\"SETOP\",VLOOKUP($F331,DADOS_SETOP,4,0),IF(G331=\"CPU\",VLOOKUP($F331,DADOS_COMPOSICAO,13,0),IF(G331=\"SICRO\",VLOOKUP($F331,DADOS_SICRO,4,0),IF(G331=\"SUDECAP\",VLOOKUP(F331,DADOS_SUDECAP,4,0),IF(G331=\"COTAÇÃO\",VLOOKUP(F331,DADOS_COTACAO,12,0),\"\"))))))","v":512.35},"BDI 1",{"$f":"TRUNC(J331*(1+$N$17),2)","v":648.22},{"$f":"IFERROR(TRUNC(I331*J331,2),\"\")","v":1757.36},{"$f":"IFERROR(TRUNC(L331*I331,2),\"\")","v":2223.39}]
[2000]
[2000,null,null,null,"VOLUME DE LASTRO",{"$f":"0.74+1.26+1.43","v":3.4299999999999997},"M³"]
[2000]
[{"$f":"IFERROR(LEFT(D335,SEARCH(\".\",D335)-1),\"\")","v":"4"},{"$f":"IFERROR(LEFT(RIGHT(D335,LEN(D335)-SEARCH(\".\",D335)),SEARCH(\".\",RIGHT(D335,LEN(D335)-SEARCH(\".\",D335)))-1),\"\")","v":"4"},{"$f":"IFERROR(IF(LEN(D335)-LEN(SUBSTITUTE(D335,\".\",\"\"))<>3,\"\",MID(D335,SEARCH(\".\",D335,SEARCH(\".\",D335)+1)+1,LEN(D335)-SEARCH(\".\",D335,SEARCH(\".\",D335)+1)-(LEN(D335)-(SEARCH(\".\",D335,SEARCH(\".\",D335,SEARCH(\".\",D335)+1)+1)-1)))),\"\")","v":"3"},"4.4.3.2",{"$f":"IF($G335=\"SINAPI\",VLOOKUP($F335,DADOS_SINAPI,2,0),IF(G335=\"SETOP\",VLOOKUP($F335,DADOS_SETOP,2,0),IF(G335=\"CPU\",VLOOKUP($F335,DADOS_COMPOSICAO,2,0),IF(G335=\"SICRO\",VLOOKUP($F335,DADOS_SICRO,2,0),IF(G335=\"SUDECAP\",VLOOKUP(F335,DADOS_SUDECAP,2,0),IF(G335=\"COTAÇÃO\",VLOOKUP($F335,DADOS_COTACAO,2,0),\"\"))))))","v":"FÔRMA E DESFORMA DE TÁBUA E SARRAFO, REAPROVEITAMENTO (3X) (FUNDAÇÃO)"},"ED-49810","SETOP",{"$f":"IF(G335=\"SINAPI\",VLOOKUP($F335,DADOS_SINAPI,3,0),IF(G335=\"SETOP\",VLOOKUP($F335,DADOS_SETOP,3,0),IF(G335=\"CPU\",VLOOKUP($F335,DADOS_COMPOSICAO,10,0),IF(G335=\"SICRO\",VLOOKUP($F335,DADOS_SICRO,3,0),IF(G335=\"SUDECAP\",VLOOKUP(F335,DADOS_SUDECAP,3,0),IF(G335=\"COTAÇÃO\",VLOOKUP($F335,DADOS_COTACAO,9,0),\"\"))))))","v":"m2"},{"$f":"ROUND(F337,2)","v":75.11},{"$f":"IF(G335=\"SINAPI\",VLOOKUP($F335,DADOS_SINAPI,4,0),IF(G335=\"SETOP\",VLOOKUP($F335,DADOS_SETOP,4,0),IF(G335=\"CPU\",VLOOKUP($F335,DADOS_COMPOSICAO,13,0),IF(G335=\"SICRO\",VLOOKUP($F335,DADOS_SICRO,4,0),IF(G335=\"SUDECAP\",VLOOKUP(F335,DADOS_SUDECAP,4,0),IF(G335=\"COTAÇÃO\",VLOOKUP(F335,DADOS_COTACAO,12,0),\"\"))))))","v":56.15},"BDI 1",{"$f":"TRUNC(J335*(1+$N$17),2)","v":71.040000000000006},{"$f":"IFERROR(TRUNC(I335*J335,2),\"\")","v":4217.42},{"$f":"IFERROR(TRUNC(L335*I335,2),\"\")","v":5335.81}]
[2000]
[2000,null,null,null,"ÁREA TOTAL DE FORMA",{"$f":"10.57+58.8+5.74","v":75.11},"M²"]
[2000]
[{"$f":"IFERROR(LEFT(D339,SEARCH(\".\",D339)-1),\"\")","v":"4"},{"$f":"IFERROR(LEFT(RIGHT(D339,LEN(D339)-SEARCH(\".\",D339)),SEARCH(\".\",RIGHT(D339,LEN(D339)-SEARCH(\".\",D339)))-1),\"\")","v":"4"},{"$f":"IFERROR(IF(LEN(D339)-LEN(SUBSTITUTE(D339,\".\",\"\"))<>3,\"\",MID(D339,SEARCH(\".\",D339,SEARCH(\".\",D339)+1)+1,LEN(D339)-SEARCH(\".\",D339,SEARCH(\".\",D339)+1)-(LEN(D339)-(SEARCH(\".\",D339,SEARCH(\".\",D339,SEARCH(\".\",D339)+1)+1)-1)))),\"\")","v":"3"},"4.4.3.3",{"$f":"IF($G339=\"SINAPI\",VLOOKUP($F339,DADOS_SINAPI,2,0),IF(G339=\"SETOP\",VLOOKUP($F339,DADOS_SETOP,2,0),IF(G339=\"CPU\",VLOOKUP($F339,DADOS_COMPOSICAO,2,0),IF(G339=\"SICRO\",VLOOKUP($F339,DADOS_SICRO,2,0),IF(G339=\"SUDECAP\",VLOOKUP(F339,DADOS_SUDECAP,2,0),IF(G339=\"COTAÇÃO\",VLOOKUP($F339,DADOS_COTACAO,2,0),\"\"))))))","v":"CORTE, DOBRA E MONTAGEM DE AÇO CA-50/60, INCLUSIVE ESPAÇADOR"},"ED-48298","SETOP",{"$f":"IF(G339=\"SINAPI\",VLOOKUP($F339,DADOS_SINAPI,3,0),IF(G339=\"SETOP\",VLOOKUP($F339,DADOS_SETOP,3,0),IF(G339=\"CPU\",VLOOKUP($F339,DADOS_COMPOSICAO,10,0),IF(G339=\"SICRO\",VLOOKUP($F339,DADOS_SICRO,3,0),IF(G339=\"SUDECAP\",VLOOKUP(F339,DADOS_SUDECAP,3,0),IF(G339=\"COTAÇÃO\",VLOOKUP($F339,DADOS_COTACAO,9,0),\"\"))))))","v":"Kg"},{"$f":"ROUND(F341,2)","v":8163.64},{"$f":"IF(G339=\"SINAPI\",VLOOKUP($F339,DADOS_SINAPI,4,0),IF(G339=\"SETOP\",VLOOKUP($F339,DADOS_SETOP,4,0),IF(G339=\"CPU\",VLOOKUP($F339,DADOS_COMPOSICAO,13,0),IF(G339=\"SICRO\",VLOOKUP($F339,DADOS_SICRO,4,0),IF(G339=\"SUDECAP\",VLOOKUP(F339,DADOS_SUDECAP,4,0),IF(G339=\"COTAÇÃO\",VLOOKUP(F339,DADOS_COTACAO,12,0),\"\"))))))","v":13.52},"BDI 1",{"$f":"TRUNC(J339*(1+$N$17),2)","v":17.100000000000001},{"$f":"IFERROR(TRUNC(I339*J339,2),\"\")","v":110372.41},{"$f":"IFERROR(TRUNC(L339*I339,2),\"\")","v":139598.24}]
[2000]
[2000,null,null,null,"PESO DE AÇO",{"$f":"1225.22+4074.25+2864.17","v":8163.64},"KG"]
[2000]
[{"$f":"IFERROR(LEFT(D343,SEARCH(\".\",D343)-1),\"\")","v":"4"},{"$f":"IFERROR(LEFT(RIGHT(D343,LEN(D343)-SEARCH(\".\",D343)),SEARCH(\".\",RIGHT(D343,LEN(D343)-SEARCH(\".\",D343)))-1),\"\")","v":"4"},{"$f":"IFERROR(IF(LEN(D343)-LEN(SUBSTITUTE(D343,\".\",\"\"))<>3,\"\",MID(D343,SEARCH(\".\",D343,SEARCH(\".\",D343)+1)+1,LEN(D343)-SEARCH(\".\",D343,SEARCH(\".\",D343)+1)-(LEN(D343)-(SEARCH(\".\",D343,SEARCH(\".\",D343,SEARCH(\".\",D343)+1)+1)-1)))),\"\")","v":"3"},"4.4.3.4",{"$f":"IF($G343=\"SINAPI\",VLOOKUP($F343,DADOS_SINAPI,2,0),IF(G343=\"SETOP\",VLOOKUP($F343,DADOS_SETOP,2,0),IF(G343=\"CPU\",VLOOKUP($F343,DADOS_COMPOSICAO,2,0),IF(G343=\"SICRO\",VLOOKUP($F343,DADOS_SICRO,2,0),IF(G343=\"SUDECAP\",VLOOKUP(F343,DADOS_SUDECAP,2,0),IF(G343=\"COTAÇÃO\",VLOOKUP($F343,DADOS_COTACAO,2,0),\"\"))))))","v":"FORNECIMENTO DE CONCRETO ESTRUTURAL, USINADO BOMBEADO, COM FCK 20MPA, INCLUSIVE LANÇAMENTO, ADENSAMENTO E ACABAMENTO (FUNDAÇÃO)"},"ED-49804","SETOP",{"$f":"IF(G343=\"SINAPI\",VLOOKUP($F343,DADOS_SINAPI,3,0),IF(G343=\"SETOP\",VLOOKUP($F343,DADOS_SETOP,3,0),IF(G343=\"CPU\",VLOOKUP($F343,DADOS_COMPOSICAO,10,0),IF(G343=\"SICRO\",VLOOKUP($F343,DADOS_SICRO,3,0),IF(G343=\"SUDECAP\",VLOOKUP(F343,DADOS_SUDECAP,3,0),IF(G343=\"COTAÇÃO\",VLOOKUP($F343,DADOS_COTACAO,9,0),\"\"))))))","v":"m3"},{"$f":"ROUND(F345,2)","v":62.3},{"$f":"IF(G343=\"SINAPI\",VLOOKUP($F343,DADOS_SINAPI,4,0),IF(G343=\"SETOP\",VLOOKUP($F343,DADOS_SETOP,4,0),IF(G343=\"CPU\",VLOOKUP($F343,DADOS_COMPOSICAO,13,0),IF(G343=\"SICRO\",VLOOKUP($F343,DADOS_SICRO,4,0),IF(G343=\"SUDECAP\",VLOOKUP(F343,DADOS_SUDECAP,4,0),IF(G343=\"COTAÇÃO\",VLOOKUP(F343,DADOS_COTACAO,12,0),\"\"))))))","v":698.78},"BDI 1",{"$f":"TRUNC(J343*(1+$N$17),2)","v":884.09},{"$f":"IFERROR(TRUNC(I343*J343,2),\"\")","v":43533.99},{"$f":"IFERROR(TRUNC(L343*I343,2),\"\")","v":55078.8}]
[2000]
[2000,null,null,null,"VOLUME DE CONCRETO",{"$f":"21.94+29.4+10.96","v":62.300000000000004},"M³"]
[2000]
[{"$f":"IFERROR(LEFT(D347,SEARCH(\".\",D347)-1),\"\")","v":"4"},{"$f":"IFERROR(LEFT(RIGHT(D347,LEN(D347)-SEARCH(\".\",D347)),SEARCH(\".\",RIGHT(D347,LEN(D347)-SEARCH(\".\",D347)))-1),\"\")","v":"4"},{"$f":"IFERROR(IF(LEN(D347)-LEN(SUBSTITUTE(D347,\".\",\"\"))<>3,\"\",MID(D347,SEARCH(\".\",D347,SEARCH(\".\",D347)+1)+1,LEN(D347)-SEARCH(\".\",D347,SEARCH(\".\",D347)+1)-(LEN(D347)-(SEARCH(\".\",D347,SEARCH(\".\",D347,SEARCH(\".\",D347)+1)+1)-1)))),\"\")","v":"3"},"4.4.3.5",{"$f":"IF($G347=\"SINAPI\",VLOOKUP($F347,DADOS_SINAPI,2,0),IF(G347=\"SETOP\",VLOOKUP($F347,DADOS_SETOP,2,0),IF(G347=\"CPU\",VLOOKUP($F347,DADOS_COMPOSICAO,2,0),IF(G347=\"SICRO\",VLOOKUP($F347,DADOS_SICRO,2,0),IF(G347=\"SUDECAP\",VLOOKUP(F347,DADOS_SUDECAP,2,0),IF(G347=\"COTAÇÃO\",VLOOKUP($F347,DADOS_COTACAO,2,0),\"\"))))))","v":"ALVENARIA ESTRUTURAL COM BLOCO DE CONCRETO, ESP. 19CM, (FBK 4,5MPA), COM ACABAMENTO APARENTE, INCLUSIVE ARGAMASSA PARA ASSENTAMENTO"},"ED-48202","SETOP",{"$f":"IF(G347=\"SINAPI\",VLOOKUP($F347,DADOS_SINAPI,3,0),IF(G347=\"SETOP\",VLOOKUP($F347,DADOS_SETOP,3,0),IF(G347=\"CPU\",VLOOKUP($F347,DADOS_COMPOSICAO,10,0),IF(G347=\"SICRO\",VLOOKUP($F347,DADOS_SICRO,3,0),IF(G347=\"SUDECAP\",VLOOKUP(F347,DADOS_SUDECAP,3,0),IF(G347=\"COTAÇÃO\",VLOOKUP($F347,DADOS_COTACAO,9,0),\"\"))))))","v":"m2"},{"$f":"ROUND(F349,2)","v":273.81},{"$f":"IF(G347=\"SINAPI\",VLOOKUP($F347,DADOS_SINAPI,4,0),IF(G347=\"SETOP\",VLOOKUP($F347,DADOS_SETOP,4,0),IF(G347=\"CPU\",VLOOKUP($F347,DADOS_COMPOSICAO,13,0),IF(G347=\"SICRO\",VLOOKUP($F347,DADOS_SICRO,4,0),IF(G347=\"SUDECAP\",VLOOKUP(F347,DADOS_SUDECAP,4,0),IF(G347=\"COTAÇÃO\",VLOOKUP(F347,DADOS_COTACAO,12,0),\"\"))))))","v":66.91},"BDI 1",{"$f":"TRUNC(J347*(1+$N$17),2)","v":84.65},{"$f":"IFERROR(TRUNC(I347*J347,2),\"\")","v":18320.62},{"$f":"IFERROR(TRUNC(L347*I347,2),\"\")","v":23178.01}]
[2000]
[2000,null,null,null,"ÁREA TOTAL DE ALVENARIA",{"$f":"46.74+83.08+143.99","v":273.81},"M²"]
[2000]
[{"$f":"IFERROR(LEFT(D351,SEARCH(\".\",D351)-1),\"\")","v":"4"},{"$f":"IFERROR(LEFT(RIGHT(D351,LEN(D351)-SEARCH(\".\",D351)),SEARCH(\".\",RIGHT(D351,LEN(D351)-SEARCH(\".\",D351)))-1),\"\")","v":"4"},{"$f":"IFERROR(IF(LEN(D351)-LEN(SUBSTITUTE(D351,\".\",\"\"))<>3,\"\",MID(D351,SEARCH(\".\",D351,SEARCH(\".\",D351)+1)+1,LEN(D351)-SEARCH(\".\",D351,SEARCH(\".\",D351)+1)-(LEN(D351)-(SEARCH(\".\",D351,SEARCH(\".\",D351,SEARCH(\".\",D351)+1)+1)-1)))),\"\")","v":"3"},"4.4.3.6",{"$f":"IF($G351=\"SINAPI\",VLOOKUP($F351,DADOS_SINAPI,2,0),IF(G351=\"SETOP\",VLOOKUP($F351,DADOS_SETOP,2,0),IF(G351=\"CPU\",VLOOKUP($F351,DADOS_COMPOSICAO,2,0),IF(G351=\"SICRO\",VLOOKUP($F351,DADOS_SICRO,2,0),IF(G351=\"SUDECAP\",VLOOKUP(F351,DADOS_SUDECAP,2,0),IF(G351=\"COTAÇÃO\",VLOOKUP($F351,DADOS_COTACAO,2,0),\"\"))))))","v":"GRAUTE FGK=20 MPA; TRAÇO 1:0,04:1,8:2,1 (EM MASSA SECA DE CIMENTO/ CAL/ AREIA GROSSA/ BRITA 0) - PREPARO MECÂNICO COM BETONEIRA 400 L. AF_09/2021"},90279,"SINAPI",{"$f":"IF(G351=\"SINAPI\",VLOOKUP($F351,DADOS_SINAPI,3,0),IF(G351=\"SETOP\",VLOOKUP($F351,DADOS_SETOP,3,0),IF(G351=\"CPU\",VLOOKUP($F351,DADOS_COMPOSICAO,10,0),IF(G351=\"SICRO\",VLOOKUP($F351,DADOS_SICRO,3,0),IF(G351=\"SUDECAP\",VLOOKUP(F351,DADOS_SUDECAP,3,0),IF(G351=\"COTAÇÃO\",VLOOKUP($F351,DADOS_COTACAO,9,0),\"\"))))))","v":"M3"},{"$f":"ROUND(F353,2)","v":26.01},{"$f":"IF(G351=\"SINAPI\",VLOOKUP($F351,DADOS_SINAPI,4,0),IF(G351=\"SETOP\",VLOOKUP($F351,DADOS_SETOP,4,0),IF(G351=\"CPU\",VLOOKUP($F351,DADOS_COMPOSICAO,13,0),IF(G351=\"SICRO\",VLOOKUP($F351,DADOS_SICRO,4,0),IF(G351=\"SUDECAP\",VLOOKUP(F351,DADOS_SUDECAP,4,0),IF(G351=\"COTAÇÃO\",VLOOKUP(F351,DADOS_COTACAO,12,0),\"\"))))))","v":570.80999999999995},"BDI 1",{"$f":"TRUNC(J351*(1+$N$17),2)","v":722.18},{"$f":"IFERROR(TRUNC(I351*J351,2),\"\")","v":14846.76},{"$f":"IFERROR(TRUNC(L351*I351,2),\"\")","v":18783.900000000001}]
[2000]
[2000,null,null,null,"VOLUME DE GRAUTE",{"$f":"4.44+7.89+13.68","v":26.009999999999998},"M³"]
[2000]
[{"$f":"IFERROR(LEFT(D355,SEARCH(\".\",D355)-1),\"\")","v":"4"},{"$f":"IFERROR(LEFT(RIGHT(D355,LEN(D355)-SEARCH(\".\",D355)),SEARCH(\".\",RIGHT(D355,LEN(D355)-SEARCH(\".\",D355)))-1),\"\")","v":"4"},{"$f":"IFERROR(IF(LEN(D355)-LEN(SUBSTITUTE(D355,\".\",\"\"))<>3,\"\",MID(D355,SEARCH(\".\",D355,SEARCH(\".\",D355)+1)+1,LEN(D355)-SEARCH(\".\",D355,SEARCH(\".\",D355)+1)-(LEN(D355)-(SEARCH(\".\",D355,SEARCH(\".\",D355,SEARCH(\".\",D355)+1)+1)-1)))),\"\")","v":"3"},"4.4.3.7",{"$f":"IF($G355=\"SINAPI\",VLOOKUP($F355,DADOS_SINAPI,2,0),IF(G355=\"SETOP\",VLOOKUP($F355,DADOS_SETOP,2,0),IF(G355=\"CPU\",VLOOKUP($F355,DADOS_COMPOSICAO,2,0),IF(G355=\"SICRO\",VLOOKUP($F355,DADOS_SICRO,2,0),IF(G355=\"SUDECAP\",VLOOKUP(F355,DADOS_SUDECAP,2,0),IF(G355=\"COTAÇÃO\",VLOOKUP($F355,DADOS_COTACAO,2,0),\"\"))))))","v":"IMPERMEABILIZAÇÃO DE PAREDES COM ARGAMASSA DE CIMENTO E AREIA, COM ADITIVO IMPERMEABILIZANTE, E = 2CM. AF_06/2018"},98561,"SINAPI",{"$f":"IF(G355=\"SINAPI\",VLOOKUP($F355,DADOS_SINAPI,3,0),IF(G355=\"SETOP\",VLOOKUP($F355,DADOS_SETOP,3,0),IF(G355=\"CPU\",VLOOKUP($F355,DADOS_COMPOSICAO,10,0),IF(G355=\"SICRO\",VLOOKUP($F355,DADOS_SICRO,3,0),IF(G355=\"SUDECAP\",VLOOKUP(F355,DADOS_SUDECAP,3,0),IF(G355=\"COTAÇÃO\",VLOOKUP($F355,DADOS_COTACAO,9,0),\"\"))))))","v":"M2"},{"$f":"ROUND(F357,2)","v":130.16},{"$f":"IF(G355=\"SINAPI\",VLOOKUP($F355,DADOS_SINAPI,4,0),IF(G355=\"SETOP\",VLOOKUP($F355,DADOS_SETOP,4,0),IF(G355=\"CPU\",VLOOKUP($F355,DADOS_COMPOSICAO,13,0),IF(G355=\"SICRO\",VLOOKUP($F355,DADOS_SICRO,4,0),IF(G355=\"SUDECAP\",VLOOKUP(F355,DADOS_SUDECAP,4,0),IF(G355=\"COTAÇÃO\",VLOOKUP(F355,DADOS_COTACAO,12,0),\"\"))))))","v":40.89},"BDI 1",{"$f":"TRUNC(J355*(1+$N$17),2)","v":51.73},{"$f":"IFERROR(TRUNC(I355*J355,2),\"\")","v":5322.24},{"$f":"IFERROR(TRUNC(L355*I355,2),\"\")","v":6733.17}]
[2000]
[2000,null,null,null,"ÁREA TOTAL",{"$f":"65.2+45.28+19.68","v":130.16},"M²"]
[2000]
[{"$f":"IFERROR(LEFT(D359,SEARCH(\".\",D359)-1),\"\")","v":"4"},{"$f":"IFERROR(LEFT(RIGHT(D359,LEN(D359)-SEARCH(\".\",D359)),SEARCH(\".\",RIGHT(D359,LEN(D359)-SEARCH(\".\",D359)))-1),\"\")","v":"4"},{"$f":"IFERROR(IF(LEN(D359)-LEN(SUBSTITUTE(D359,\".\",\"\"))<>3,\"\",MID(D359,SEARCH(\".\",D359,SEARCH(\".\",D359)+1)+1,LEN(D359)-SEARCH(\".\",D359,SEARCH(\".\",D359)+1)-(LEN(D359)-(SEARCH(\".\",D359,SEARCH(\".\",D359,SEARCH(\".\",D359)+1)+1)-1)))),\"\")","v":"3"},"4.4.3.8",{"$f":"IF($G359=\"SINAPI\",VLOOKUP($F359,DADOS_SINAPI,2,0),IF(G359=\"SETOP\",VLOOKUP($F359,DADOS_SETOP,2,0),IF(G359=\"CPU\",VLOOKUP($F359,DADOS_COMPOSICAO,2,0),IF(G359=\"SICRO\",VLOOKUP($F359,DADOS_SICRO,2,0),IF(G359=\"SUDECAP\",VLOOKUP(F359,DADOS_SUDECAP,2,0),IF(G359=\"COTAÇÃO\",VLOOKUP($F359,DADOS_COTACAO,2,0),\"\"))))))","v":"PINTURA COM TINTA ASFALTICA IMPERMEABILIZANTE DILUIDA EM SOLVENTE, PARA MATERIAIS CIMENTICIOS, METAL E MADEIRA"},"09.12.01","SUDECAP",{"$f":"IF(G359=\"SINAPI\",VLOOKUP($F359,DADOS_SINAPI,3,0),IF(G359=\"SETOP\",VLOOKUP($F359,DADOS_SETOP,3,0),IF(G359=\"CPU\",VLOOKUP($F359,DADOS_COMPOSICAO,10,0),IF(G359=\"SICRO\",VLOOKUP($F359,DADOS_SICRO,3,0),IF(G359=\"SUDECAP\",VLOOKUP(F359,DADOS_SUDECAP,3,0),IF(G359=\"COTAÇÃO\",VLOOKUP($F359,DADOS_COTACAO,9,0),\"\"))))))","v":"M2"},{"$f":"ROUND(F361,2)","v":130.16},{"$f":"IF(G359=\"SINAPI\",VLOOKUP($F359,DADOS_SINAPI,4,0),IF(G359=\"SETOP\",VLOOKUP($F359,DADOS_SETOP,4,0),IF(G359=\"CPU\",VLOOKUP($F359,DADOS_COMPOSICAO,13,0),IF(G359=\"SICRO\",VLOOKUP($F359,DADOS_SICRO,4,0),IF(G359=\"SUDECAP\",VLOOKUP(F359,DADOS_SUDECAP,4,0),IF(G359=\"COTAÇÃO\",VLOOKUP(F359,DADOS_COTACAO,12,0),\"\"))))))","v":12.55},"BDI 1",{"$f":"TRUNC(J359*(1+$N$17),2)","v":15.87},{"$f":"IFERROR(TRUNC(I359*J359,2),\"\")","v":1633.5},{"$f":"IFERROR(TRUNC(L359*I359,2),\"\")","v":2065.63}]
[2000]
[2000,null,null,null,"ÁREA TOTAL",{"$f":"F357","v":130.16},"M²"]
[2000]
[null,null,null,"4.4.4","DRENAGEM",null,null,null,null,null,null,null,{"$f":"IFERROR(SUMIFS(M:M,A:A,LEFT(D363,SEARCH(\".\",D363)-1),B:B,LEFT(RIGHT(D363,LEN(D363)-SEARCH(\".\",D363)),SEARCH(\".\",RIGHT(D363,LEN(D363)-SEARCH(\".\",D363)))-1),C:C,RIGHT(D363,LEN(D363)-SEARCH(\".\",D363,SEARCH(\".\",D363)+1))),\"\")","v":6658.6100000000006},{"$f":"IFERROR(SUMIFS(N:N,A:A,LEFT(D363,SEARCH(\".\",D363)-1),B:B,LEFT(RIGHT(D363,LEN(D363)-SEARCH(\".\",D363)),SEARCH(\".\",RIGHT(D363,LEN(D363)-SEARCH(\".\",D363)))-1),C:C,RIGHT(D363,LEN(D363)-SEARCH(\".\",D363,SEARCH(\".\",D363)+1))),\"\")","v":8424.2099999999991}]
[{"$f":"IFERROR(LEFT(D364,SEARCH(\".\",D364)-1),\"\")","v":"4"},{"$f":"IFERROR(LEFT(RIGHT(D364,LEN(D364)-SEARCH(\".\",D364)),SEARCH(\".\",RIGHT(D364,LEN(D364)-SEARCH(\".\",D364)))-1),\"\")","v":"4"},{"$f":"IFERROR(IF(LEN(D364)-LEN(SUBSTITUTE(D364,\".\",\"\"))<>3,\"\",MID(D364,SEARCH(\".\",D364,SEARCH(\".\",D364)+1)+1,LEN(D364)-SEARCH(\".\",D364,SEARCH(\".\",D364)+1)-(LEN(D364)-(SEARCH(\".\",D364,SEARCH(\".\",D364,SEARCH(\".\",D364)+1)+1)-1)))),\"\")","v":"4"},"4.4.4.1",{"$f":"IF($G364=\"SINAPI\",VLOOKUP($F364,DADOS_SINAPI,2,0),IF(G364=\"SETOP\",VLOOKUP($F364,DADOS_SETOP,2,0),IF(G364=\"CPU\",VLOOKUP($F364,DADOS_COMPOSICAO,2,0),IF(G364=\"SICRO\",VLOOKUP($F364,DADOS_SICRO,2,0),IF(G364=\"SUDECAP\",VLOOKUP(F364,DADOS_SUDECAP,2,0),IF(G364=\"COTAÇÃO\",VLOOKUP($F364,DADOS_COTACAO,2,0),\"\"))))))","v":"Manta geotêxtil não tecida, A/300, OP/30 ou similar, resistência à tração de 21 KN/m2 (Execução, incluindo fornecimento, transporte e colocação)"},"RO-40981","SETOP",{"$f":"IF(G364=\"SINAPI\",VLOOKUP($F364,DADOS_SINAPI,3,0),IF(G364=\"SETOP\",VLOOKUP($F364,DADOS_SETOP,3,0),IF(G364=\"CPU\",VLOOKUP($F364,DADOS_COMPOSICAO,10,0),IF(G364=\"SICRO\",VLOOKUP($F364,DADOS_SICRO,3,0),IF(G364=\"SUDECAP\",VLOOKUP(F364,DADOS_SUDECAP,3,0),IF(G364=\"COTAÇÃO\",VLOOKUP($F364,DADOS_COTACAO,9,0),\"\"))))))","v":"m2"},{"$f":"ROUND(F366,2)","v":64.38},{"$f":"IF(G364=\"SINAPI\",VLOOKUP($F364,DADOS_SINAPI,4,0),IF(G364=\"SETOP\",VLOOKUP($F364,DADOS_SETOP,4,0),IF(G364=\"CPU\",VLOOKUP($F364,DADOS_COMPOSICAO,13,0),IF(G364=\"SICRO\",VLOOKUP($F364,DADOS_SICRO,4,0),IF(G364=\"SUDECAP\",VLOOKUP(F364,DADOS_SUDECAP,4,0),IF(G364=\"COTAÇÃO\",VLOOKUP(F364,DADOS_COTACAO,12,0),\"\"))))))","v":6.98},"BDI 1",{"$f":"TRUNC(J364*(1+$N$17),2)","v":8.83},{"$f":"IFERROR(TRUNC(I364*J364,2),\"\")","v":449.37},{"$f":"IFERROR(TRUNC(L364*I364,2),\"\")","v":568.47}]
[2000]
[2000,null,null,null,"ÁREA TOTAL",{"$f":"4.92+50.4+9.06","v":64.38},"M²"]
[2000]
[{"$f":"IFERROR(LEFT(D368,SEARCH(\".\",D368)-1),\"\")","v":"4"},{"$f":"IFERROR(LEFT(RIGHT(D368,LEN(D368)-SEARCH(\".\",D368)),SEARCH(\".\",RIGHT(D368,LEN(D368)-SEARCH(\".\",D368)))-1),\"\")","v":"4"},{"$f":"IFERROR(IF(LEN(D368)-LEN(SUBSTITUTE(D368,\".\",\"\"))<>3,\"\",MID(D368,SEARCH(\".\",D368,SEARCH(\".\",D368)+1)+1,LEN(D368)-SEARCH(\".\",D368,SEARCH(\".\",D368)+1)-(LEN(D368)-(SEARCH(\".\",D368,SEARCH(\".\",D368,SEARCH(\".\",D368)+1)+1)-1)))),\"\")","v":"4"},"4.4.4.2",{"$f":"IF($G368=\"SINAPI\",VLOOKUP($F368,DADOS_SINAPI,2,0),IF(G368=\"SETOP\",VLOOKUP($F368,DADOS_SETOP,2,0),IF(G368=\"CPU\",VLOOKUP($F368,DADOS_COMPOSICAO,2,0),IF(G368=\"SICRO\",VLOOKUP($F368,DADOS_SICRO,2,0),IF(G368=\"SUDECAP\",VLOOKUP(F368,DADOS_SUDECAP,2,0),IF(G368=\"COTAÇÃO\",VLOOKUP($F368,DADOS_COTACAO,2,0),\"\"))))))","v":"ENCHIMENTO DE BRITA PARA DRENO, LANÇAMENTO MANUAL. AF_07/2021"},102719,"SINAPI",{"$f":"IF(G368=\"SINAPI\",VLOOKUP($F368,DADOS_SINAPI,3,0),IF(G368=\"SETOP\",VLOOKUP($F368,DADOS_SETOP,3,0),IF(G368=\"CPU\",VLOOKUP($F368,DADOS_COMPOSICAO,10,0),IF(G368=\"SICRO\",VLOOKUP($F368,DADOS_SICRO,3,0),IF(G368=\"SUDECAP\",VLOOKUP(F368,DADOS_SUDECAP,3,0),IF(G368=\"COTAÇÃO\",VLOOKUP($F368,DADOS_COTACAO,9,0),\"\"))))))","v":"M3"},{"$f":"ROUND(F370,2)","v":4.29},{"$f":"IF(G368=\"SINAPI\",VLOOKUP($F368,DADOS_SINAPI,4,0),IF(G368=\"SETOP\",VLOOKUP($F368,DADOS_SETOP,4,0),IF(G368=\"CPU\",VLOOKUP($F368,DADOS_COMPOSICAO,13,0),IF(G368=\"SICRO\",VLOOKUP($F368,DADOS_SICRO,4,0),IF(G368=\"SUDECAP\",VLOOKUP(F368,DADOS_SUDECAP,4,0),IF(G368=\"COTAÇÃO\",VLOOKUP(F368,DADOS_COTACAO,12,0),\"\"))))))","v":148.65},"BDI 1",{"$f":"TRUNC(J368*(1+$N$17),2)","v":188.07},{"$f":"IFERROR(TRUNC(I368*J368,2),\"\")","v":637.70000000000005},{"$f":"IFERROR(TRUNC(L368*I368,2),\"\")","v":806.82}]
[2000]
[2000,null,null,null,"VOLUME TOTAL",{"$f":"0.33+3.36+0.6","v":4.29},"M³"]
[2000]
[{"$f":"IFERROR(LEFT(D372,SEARCH(\".\",D372)-1),\"\")","v":"4"},{"$f":"IFERROR(LEFT(RIGHT(D372,LEN(D372)-SEARCH(\".\",D372)),SEARCH(\".\",RIGHT(D372,LEN(D372)-SEARCH(\".\",D372)))-1),\"\")","v":"4"},{"$f":"IFERROR(IF(LEN(D372)-LEN(SUBSTITUTE(D372,\".\",\"\"))<>3,\"\",MID(D372,SEARCH(\".\",D372,SEARCH(\".\",D372)+1)+1,LEN(D372)-SEARCH(\".\",D372,SEARCH(\".\",D372)+1)-(LEN(D372)-(SEARCH(\".\",D372,SEARCH(\".\",D372,SEARCH(\".\",D372)+1)+1)-1)))),\"\")","v":"4"},"4.4.4.3",{"$f":"IF($G372=\"SINAPI\",VLOOKUP($F372,DADOS_SINAPI,2,0),IF(G372=\"SETOP\",VLOOKUP($F372,DADOS_SETOP,2,0),IF(G372=\"CPU\",VLOOKUP($F372,DADOS_COMPOSICAO,2,0),IF(G372=\"SICRO\",VLOOKUP($F372,DADOS_SICRO,2,0),IF(G372=\"SUDECAP\",VLOOKUP(F372,DADOS_SUDECAP,2,0),IF(G372=\"COTAÇÃO\",VLOOKUP($F372,DADOS_COTACAO,2,0),\"\"))))))","v":"DRENO DE BRITA 2 + AREIA"},"DAC-4.5","CPU",{"$f":"IF(G372=\"SINAPI\",VLOOKUP($F372,DADOS_SINAPI,3,0),IF(G372=\"SETOP\",VLOOKUP($F372,DADOS_SETOP,3,0),IF(G372=\"CPU\",VLOOKUP($F372,DADOS_COMPOSICAO,10,0),IF(G372=\"SICRO\",VLOOKUP($F372,DADOS_SICRO,3,0),IF(G372=\"SUDECAP\",VLOOKUP(F372,DADOS_SUDECAP,3,0),IF(G372=\"COTAÇÃO\",VLOOKUP($F372,DADOS_COTACAO,9,0),\"\"))))))","v":"M³"},{"$f":"ROUND(F374,2)","v":41.33},{"$f":"IF(G372=\"SINAPI\",VLOOKUP($F372,DADOS_SINAPI,4,0),IF(G372=\"SETOP\",VLOOKUP($F372,DADOS_SETOP,4,0),IF(G372=\"CPU\",VLOOKUP($F372,DADOS_COMPOSICAO,13,0),IF(G372=\"SICRO\",VLOOKUP($F372,DADOS_SICRO,4,0),IF(G372=\"SUDECAP\",VLOOKUP(F372,DADOS_SUDECAP,4,0),IF(G372=\"COTAÇÃO\",VLOOKUP(F372,DADOS_COTACAO,12,0),\"\"))))))","v":130.29820000000001},"BDI 1",{"$f":"TRUNC(J372*(1+$N$17),2)","v":164.85},{"$f":"IFERROR(TRUNC(I372*J372,2),\"\")","v":5385.22},{"$f":"IFERROR(TRUNC(L372*I372,2),\"\")","v":6813.25}]
[2000]
[2000,null,null,null,"VOLUME TOTAL",{"$f":"24.57+9.71+7.05","v":41.33},"M³"]
[2000]
[{"$f":"IFERROR(LEFT(D376,SEARCH(\".\",D376)-1),\"\")","v":"4"},{"$f":"IFERROR(LEFT(RIGHT(D376,LEN(D376)-SEARCH(\".\",D376)),SEARCH(\".\",RIGHT(D376,LEN(D376)-SEARCH(\".\",D376)))-1),\"\")","v":"4"},{"$f":"IFERROR(IF(LEN(D376)-LEN(SUBSTITUTE(D376,\".\",\"\"))<>3,\"\",MID(D376,SEARCH(\".\",D376,SEARCH(\".\",D376)+1)+1,LEN(D376)-SEARCH(\".\",D376,SEARCH(\".\",D376)+1)-(LEN(D376)-(SEARCH(\".\",D376,SEARCH(\".\",D376,SEARCH(\".\",D376)+1)+1)-1)))),\"\")","v":"4"},"4.4.4.4",{"$f":"IF($G376=\"SINAPI\",VLOOKUP($F376,DADOS_SINAPI,2,0),IF(G376=\"SETOP\",VLOOKUP($F376,DADOS_SETOP,2,0),IF(G376=\"CPU\",VLOOKUP($F376,DADOS_COMPOSICAO,2,0),IF(G376=\"SICRO\",VLOOKUP($F376,DADOS_SICRO,2,0),IF(G376=\"SUDECAP\",VLOOKUP(F376,DADOS_SUDECAP,2,0),IF(G376=\"COTAÇÃO\",VLOOKUP($F376,DADOS_COTACAO,2,0),\"\"))))))","v":"Tubo de PVC para dreno tipo barbacã - D = 50 mm - fornecimento e instalação"},2003935,"SICRO",{"$f":"IF(G376=\"SINAPI\",VLOOKUP($F376,DADOS_SINAPI,3,0),IF(G376=\"SETOP\",VLOOKUP($F376,DADOS_SETOP,3,0),IF(G376=\"CPU\",VLOOKUP($F376,DADOS_COMPOSICAO,10,0),IF(G376=\"SICRO\",VLOOKUP($F376,DADOS_SICRO,3,0),IF(G376=\"SUDECAP\",VLOOKUP(F376,DADOS_SUDECAP,3,0),IF(G376=\"COTAÇÃO\",VLOOKUP($F376,DADOS_COTACAO,9,0),\"\"))))))","v":"m"},{"$f":"ROUND(F378,2)","v":21.27},{"$f":"IF(G376=\"SINAPI\",VLOOKUP($F376,DADOS_SINAPI,4,0),IF(G376=\"SETOP\",VLOOKUP($F376,DADOS_SETOP,4,0),IF(G376=\"CPU\",VLOOKUP($F376,DADOS_COMPOSICAO,13,0),IF(G376=\"SICRO\",VLOOKUP($F376,DADOS_SICRO,4,0),IF(G376=\"SUDECAP\",VLOOKUP(F376,DADOS_SUDECAP,4,0),IF(G376=\"COTAÇÃO\",VLOOKUP(F376,DADOS_COTACAO,12,0),\"\"))))))","v":8.76},"BDI 1",{"$f":"TRUNC(J376*(1+$N$17),2)","v":11.08},{"$f":"IFERROR(TRUNC(I376*J376,2),\"\")","v":186.32},{"$f":"IFERROR(TRUNC(L376*I376,2),\"\")","v":235.67}]
[2000]
[2000,null,null,null,"COMPRIMENTO TOTAL DOS TUBOS",{"$f":"2.46+14.28+4.53","v":21.27},"M"]
[2000]
[1000,null,null,5,"SISTEMA VERTICAL",null,null,null,null,null,null,null,{"$f":"SUMIF(A:A,D380,M:M)","v":306841.75},{"$f":"SUMIF(A:A,D380,N:N)","v":388188.14999999991}]
[null,null,null,"5.1","VEDAÇÃO",null,null,null,null,null,null,null,{"$f":"IFERROR(SUMIFS(M:M,A:A,LEFT(D381,SEARCH(\".\",D381)-1),B:B,RIGHT(D381,LEN(D381)-SEARCH(\".\",D381))),\"\")","v":218515.85},{"$f":"IFERROR(SUMIFS(N:N,A:A,LEFT(D381,SEARCH(\".\",D381)-1),B:B,RIGHT(D381,LEN(D381)-SEARCH(\".\",D381))),\"\")","v":276438.78999999998}]
[{"$f":"IFERROR(LEFT(D382,SEARCH(\".\",D382)-1),\"\")","v":"5"},{"$f":"IFERROR(LEFT(RIGHT(D382,LEN(D382)-SEARCH(\".\",D382)),SEARCH(\".\",RIGHT(D382,LEN(D382)-SEARCH(\".\",D382)))-1),\"\")","v":"1"},{"$f":"IFERROR(IF(LEN(D382)-LEN(SUBSTITUTE(D382,\".\",\"\"))<>3,\"\",MID(D382,SEARCH(\".\",D382,SEARCH(\".\",D382)+1)+1,LEN(D382)-SEARCH(\".\",D382,SEARCH(\".\",D382)+1)-(LEN(D382)-(SEARCH(\".\",D382,SEARCH(\".\",D382,SEARCH(\".\",D382)+1)+1)-1)))),\"\")","v":""},"5.1.1",{"$f":"IF($G382=\"SINAPI\",VLOOKUP($F382,DADOS_SINAPI,2,0),IF(G382=\"SETOP\",VLOOKUP($F382,DADOS_SETOP,2,0),IF(G382=\"CPU\",VLOOKUP($F382,DADOS_COMPOSICAO,2,0),IF(G382=\"SICRO\",VLOOKUP($F382,DADOS_SICRO,2,0),IF(G382=\"SUDECAP\",VLOOKUP(F382,DADOS_SUDECAP,2,0),IF(G382=\"COTAÇÃO\",VLOOKUP($F382,DADOS_COTACAO,2,0),\"\"))))))","v":"ALVENARIA DE VEDAÇÃO DE BLOCOS VAZADOS DE CONCRETO DE 14X19X39 CM (ESPESSURA 14 CM)  E ARGAMASSA DE ASSENTAMENTO COM PREPARO EM BETONEIRA. AF_12/2021"},103318,"SINAPI",{"$f":"IF(G382=\"SINAPI\",VLOOKUP($F382,DADOS_SINAPI,3,0),IF(G382=\"SETOP\",VLOOKUP($F382,DADOS_SETOP,3,0),IF(G382=\"CPU\",VLOOKUP($F382,DADOS_COMPOSICAO,10,0),IF(G382=\"SICRO\",VLOOKUP($F382,DADOS_SICRO,3,0),IF(G382=\"SUDECAP\",VLOOKUP(F382,DADOS_SUDECAP,3,0),IF(G382=\"COTAÇÃO\",VLOOKUP($F382,DADOS_COTACAO,9,0),\"\"))))))","v":"M2"},{"$f":"F387","v":2278.21},{"$f":"IF(G382=\"SINAPI\",VLOOKUP($F382,DADOS_SINAPI,4,0),IF(G382=\"SETOP\",VLOOKUP($F382,DADOS_SETOP,4,0),IF(G382=\"CPU\",VLOOKUP($F382,DADOS_COMPOSICAO,13,0),IF(G382=\"SICRO\",VLOOKUP($F382,DADOS_SICRO,4,0),IF(G382=\"SUDECAP\",VLOOKUP(F382,DADOS_SUDECAP,4,0),IF(G382=\"COTAÇÃO\",VLOOKUP(F382,DADOS_COTACAO,12,0),\"\"))))))","v":85.63},"BDI 1",{"$f":"TRUNC(J382*(1+$N$17),2)","v":108.33},{"$f":"IFERROR(TRUNC(I382*J382,2),\"\")","v":195083.12},{"$f":"IFERROR(TRUNC(L382*I382,2),\"\")","v":246798.48}]
[2000]
[2000,null,null,null,"Alvenaria CAPS",1914.24,"m²"]
[2000,null,null,null,"Platibanda CAPS",345.15,"m²"]
[2000,null,null,null,"Casa de Máquinas",18.82,"m²"]
[2000,null,null,null,"Total",{"$f":"SUM(F384:F386)","v":2278.21},"m²"]
[2000]
[{"$f":"IFERROR(LEFT(D389,SEARCH(\".\",D389)-1),\"\")","v":"5"},{"$f":"IFERROR(LEFT(RIGHT(D389,LEN(D389)-SEARCH(\".\",D389)),SEARCH(\".\",RIGHT(D389,LEN(D389)-SEARCH(\".\",D389)))-1),\"\")","v":"1"},{"$f":"IFERROR(IF(LEN(D389)-LEN(SUBSTITUTE(D389,\".\",\"\"))<>3,\"\",MID(D389,SEARCH(\".\",D389,SEARCH(\".\",D389)+1)+1,LEN(D389)-SEARCH(\".\",D389,SEARCH(\".\",D389)+1)-(LEN(D389)-(SEARCH(\".\",D389,SEARCH(\".\",D389,SEARCH(\".\",D389)+1)+1)-1)))),\"\")","v":""},"5.1.2",{"$f":"IF($G389=\"SINAPI\",VLOOKUP($F389,DADOS_SINAPI,2,0),IF(G389=\"SETOP\",VLOOKUP($F389,DADOS_SETOP,2,0),IF(G389=\"CPU\",VLOOKUP($F389,DADOS_COMPOSICAO,2,0),IF(G389=\"SICRO\",VLOOKUP($F389,DADOS_SICRO,2,0),IF(G389=\"SUDECAP\",VLOOKUP(F389,DADOS_SUDECAP,2,0),IF(G389=\"COTAÇÃO\",VLOOKUP($F389,DADOS_COTACAO,2,0),\"\"))))))","v":"ALVENARIA DE VEDAÇÃO DE BLOCOS VAZADOS DE CONCRETO DE 9X19X39 CM (ESPESSURA 9 CM) E ARGAMASSA DE ASSENTAMENTO COM PREPARO EM BETONEIRA. AF_12/2021"},103316,"SINAPI",{"$f":"IF(G389=\"SINAPI\",VLOOKUP($F389,DADOS_SINAPI,3,0),IF(G389=\"SETOP\",VLOOKUP($F389,DADOS_SETOP,3,0),IF(G389=\"CPU\",VLOOKUP($F389,DADOS_COMPOSICAO,10,0),IF(G389=\"SICRO\",VLOOKUP($F389,DADOS_SICRO,3,0),IF(G389=\"SUDECAP\",VLOOKUP(F389,DADOS_SUDECAP,3,0),IF(G389=\"COTAÇÃO\",VLOOKUP($F389,DADOS_COTACAO,9,0),\"\"))))))","v":"M2"},{"$f":"F394","v":43.314999999999998},{"$f":"IF(G389=\"SINAPI\",VLOOKUP($F389,DADOS_SINAPI,4,0),IF(G389=\"SETOP\",VLOOKUP($F389,DADOS_SETOP,4,0),IF(G389=\"CPU\",VLOOKUP($F389,DADOS_COMPOSICAO,13,0),IF(G389=\"SICRO\",VLOOKUP($F389,DADOS_SICRO,4,0),IF(G389=\"SUDECAP\",VLOOKUP(F389,DADOS_SUDECAP,4,0),IF(G389=\"COTAÇÃO\",VLOOKUP(F389,DADOS_COTACAO,12,0),\"\"))))))","v":65.930000000000007},"BDI 1",{"$f":"TRUNC(J389*(1+$N$17),2)","v":83.41},{"$f":"IFERROR(TRUNC(I389*J389,2),\"\")","v":2855.75},{"$f":"IFERROR(TRUNC(L389*I389,2),\"\")","v":3612.9}]
[2000]
[2000,null,null,null,"Canteiro  Frontal",12.04,"m²"]
[2000,null,null,null,"Bancadas",{"$f":"40*0.6*0.9","v":21.6},"m²"]
[2000,null,null,null,"Recepção",{"$f":"6.45*1.5","v":9.6750000000000007},"m²"]
[2000,null,null,null,"Total",{"$f":"SUM(F391:F393)","v":43.314999999999998},"m²"]
[2000]
[{"$f":"IFERROR(LEFT(D396,SEARCH(\".\",D396)-1),\"\")","v":"5"},{"$f":"IFERROR(LEFT(RIGHT(D396,LEN(D396)-SEARCH(\".\",D396)),SEARCH(\".\",RIGHT(D396,LEN(D396)-SEARCH(\".\",D396)))-1),\"\")","v":"1"},{"$f":"IFERROR(IF(LEN(D396)-LEN(SUBSTITUTE(D396,\".\",\"\"))<>3,\"\",MID(D396,SEARCH(\".\",D396,SEARCH(\".\",D396)+1)+1,LEN(D396)-SEARCH(\".\",D396,SEARCH(\".\",D396)+1)-(LEN(D396)-(SEARCH(\".\",D396,SEARCH(\".\",D396,SEARCH(\".\",D396)+1)+1)-1)))),\"\")","v":""},"5.1.3",{"$f":"IF($G396=\"SINAPI\",VLOOKUP($F396,DADOS_SINAPI,2,0),IF(G396=\"SETOP\",VLOOKUP($F396,DADOS_SETOP,2,0),IF(G396=\"CPU\",VLOOKUP($F396,DADOS_COMPOSICAO,2,0),IF(G396=\"SICRO\",VLOOKUP($F396,DADOS_SICRO,2,0),IF(G396=\"SUDECAP\",VLOOKUP(F396,DADOS_SUDECAP,2,0),IF(G396=\"COTAÇÃO\",VLOOKUP($F396,DADOS_COTACAO,2,0),\"\"))))))","v":"FIXAÇÃO (ENCUNHAMENTO) DE ALVENARIA DE VEDAÇÃO COM TIJOLO MACIÇO. AF_03/2016"},93202,"SINAPI",{"$f":"IF(G396=\"SINAPI\",VLOOKUP($F396,DADOS_SINAPI,3,0),IF(G396=\"SETOP\",VLOOKUP($F396,DADOS_SETOP,3,0),IF(G396=\"CPU\",VLOOKUP($F396,DADOS_COMPOSICAO,10,0),IF(G396=\"SICRO\",VLOOKUP($F396,DADOS_SICRO,3,0),IF(G396=\"SUDECAP\",VLOOKUP(F396,DADOS_SUDECAP,3,0),IF(G396=\"COTAÇÃO\",VLOOKUP($F396,DADOS_COTACAO,9,0),\"\"))))))","v":"M"},{"$f":"F400","v":757.04},{"$f":"IF(G396=\"SINAPI\",VLOOKUP($F396,DADOS_SINAPI,4,0),IF(G396=\"SETOP\",VLOOKUP($F396,DADOS_SETOP,4,0),IF(G396=\"CPU\",VLOOKUP($F396,DADOS_COMPOSICAO,13,0),IF(G396=\"SICRO\",VLOOKUP($F396,DADOS_SICRO,4,0),IF(G396=\"SUDECAP\",VLOOKUP(F396,DADOS_SUDECAP,4,0),IF(G396=\"COTAÇÃO\",VLOOKUP(F396,DADOS_COTACAO,12,0),\"\"))))))","v":24.58},"BDI 1",{"$f":"TRUNC(J396*(1+$N$17),2)","v":31.09},{"$f":"IFERROR(TRUNC(I396*J396,2),\"\")","v":18608.04},{"$f":"IFERROR(TRUNC(L396*I396,2),\"\")","v":23536.37}]
[2000]
[2000,null,null,null,"Térreo",529.61,"m"]
[2000,null,null,null,"Platibanda",227.43,"m"]
[2000,null,null,null,"Total",{"$f":"SUM(F398:F399)","v":757.04},"m"]
[2000]
[{"$f":"IFERROR(LEFT(D402,SEARCH(\".\",D402)-1),\"\")","v":"5"},{"$f":"IFERROR(LEFT(RIGHT(D402,LEN(D402)-SEARCH(\".\",D402)),SEARCH(\".\",RIGHT(D402,LEN(D402)-SEARCH(\".\",D402)))-1),\"\")","v":"1"},{"$f":"IFERROR(IF(LEN(D402)-LEN(SUBSTITUTE(D402,\".\",\"\"))<>3,\"\",MID(D402,SEARCH(\".\",D402,SEARCH(\".\",D402)+1)+1,LEN(D402)-SEARCH(\".\",D402,SEARCH(\".\",D402)+1)-(LEN(D402)-(SEARCH(\".\",D402,SEARCH(\".\",D402,SEARCH(\".\",D402)+1)+1)-1)))),\"\")","v":""},"5.1.4",{"$f":"IF($G402=\"SINAPI\",VLOOKUP($F402,DADOS_SINAPI,2,0),IF(G402=\"SETOP\",VLOOKUP($F402,DADOS_SETOP,2,0),IF(G402=\"CPU\",VLOOKUP($F402,DADOS_COMPOSICAO,2,0),IF(G402=\"SICRO\",VLOOKUP($F402,DADOS_SICRO,2,0),IF(G402=\"SUDECAP\",VLOOKUP(F402,DADOS_SUDECAP,2,0),IF(G402=\"COTAÇÃO\",VLOOKUP($F402,DADOS_COTACAO,2,0),\"\"))))))","v":"PAREDE COM PLACAS DE GESSO ACARTONADO (DRYWALL), PARA USO INTERNO, COM DUAS FACES SIMPLES E ESTRUTURA METÁLICA COM GUIAS SIMPLES, SEM VÃOS. AF_06/2017_PS"},96358,"SINAPI",{"$f":"IF(G402=\"SINAPI\",VLOOKUP($F402,DADOS_SINAPI,3,0),IF(G402=\"SETOP\",VLOOKUP($F402,DADOS_SETOP,3,0),IF(G402=\"CPU\",VLOOKUP($F402,DADOS_COMPOSICAO,10,0),IF(G402=\"SICRO\",VLOOKUP($F402,DADOS_SICRO,3,0),IF(G402=\"SUDECAP\",VLOOKUP(F402,DADOS_SUDECAP,3,0),IF(G402=\"COTAÇÃO\",VLOOKUP($F402,DADOS_COTACAO,9,0),\"\"))))))","v":"M2"},{"$f":"F405","v":18.287500000000001},{"$f":"IF(G402=\"SINAPI\",VLOOKUP($F402,DADOS_SINAPI,4,0),IF(G402=\"SETOP\",VLOOKUP($F402,DADOS_SETOP,4,0),IF(G402=\"CPU\",VLOOKUP($F402,DADOS_COMPOSICAO,13,0),IF(G402=\"SICRO\",VLOOKUP($F402,DADOS_SICRO,4,0),IF(G402=\"SUDECAP\",VLOOKUP(F402,DADOS_SUDECAP,4,0),IF(G402=\"COTAÇÃO\",VLOOKUP(F402,DADOS_COTACAO,12,0),\"\"))))))","v":94.73},"BDI 1",{"$f":"TRUNC(J402*(1+$N$17),2)","v":119.85},{"$f":"IFERROR(TRUNC(I402*J402,2),\"\")","v":1732.37},{"$f":"IFERROR(TRUNC(L402*I402,2),\"\")","v":2191.75}]
[2000]
[2000,null,null,null,"Sala de Atividades Coletivas 01 + 02",{"$f":"4.75*3.85","v":18.287500000000001},"m²"]
[2000,null,null,null,"Total",{"$f":"SUM(F404:F404)","v":18.287500000000001},"m²"]
[2000]
[{"$f":"IFERROR(LEFT(D407,SEARCH(\".\",D407)-1),\"\")","v":"5"},{"$f":"IFERROR(LEFT(RIGHT(D407,LEN(D407)-SEARCH(\".\",D407)),SEARCH(\".\",RIGHT(D407,LEN(D407)-SEARCH(\".\",D407)))-1),\"\")","v":"1"},{"$f":"IFERROR(IF(LEN(D407)-LEN(SUBSTITUTE(D407,\".\",\"\"))<>3,\"\",MID(D407,SEARCH(\".\",D407,SEARCH(\".\",D407)+1)+1,LEN(D407)-SEARCH(\".\",D407,SEARCH(\".\",D407)+1)-(LEN(D407)-(SEARCH(\".\",D407,SEARCH(\".\",D407,SEARCH(\".\",D407)+1)+1)-1)))),\"\")","v":""},"5.1.5",{"$f":"IF($G407=\"SINAPI\",VLOOKUP($F407,DADOS_SINAPI,2,0),IF(G407=\"SETOP\",VLOOKUP($F407,DADOS_SETOP,2,0),IF(G407=\"CPU\",VLOOKUP($F407,DADOS_COMPOSICAO,2,0),IF(G407=\"SICRO\",VLOOKUP($F407,DADOS_SICRO,2,0),IF(G407=\"SUDECAP\",VLOOKUP(F407,DADOS_SUDECAP,2,0),IF(G407=\"COTAÇÃO\",VLOOKUP($F407,DADOS_COTACAO,2,0),\"\"))))))","v":"ALVENARIA DE VEDAÇÃO COM TIJOLO MACIÇO REQUEIMADO, ESP. 10CM, PARA REVESTIMENTO, INCLUSIVE ARGAMASSA PARA ASSENTAMENTO"},"ED-48227","SETOP",{"$f":"IF(G407=\"SINAPI\",VLOOKUP($F407,DADOS_SINAPI,3,0),IF(G407=\"SETOP\",VLOOKUP($F407,DADOS_SETOP,3,0),IF(G407=\"CPU\",VLOOKUP($F407,DADOS_COMPOSICAO,10,0),IF(G407=\"SICRO\",VLOOKUP($F407,DADOS_SICRO,3,0),IF(G407=\"SUDECAP\",VLOOKUP(F407,DADOS_SUDECAP,3,0),IF(G407=\"COTAÇÃO\",VLOOKUP($F407,DADOS_COTACAO,9,0),\"\"))))))","v":"m2"},{"$f":"F410","v":2.6999999999999993},{"$f":"IF(G407=\"SINAPI\",VLOOKUP($F407,DADOS_SINAPI,4,0),IF(G407=\"SETOP\",VLOOKUP($F407,DADOS_SETOP,4,0),IF(G407=\"CPU\",VLOOKUP($F407,DADOS_COMPOSICAO,13,0),IF(G407=\"SICRO\",VLOOKUP($F407,DADOS_SICRO,4,0),IF(G407=\"SUDECAP\",VLOOKUP(F407,DADOS_SUDECAP,4,0),IF(G407=\"COTAÇÃO\",VLOOKUP(F407,DADOS_COTACAO,12,0),\"\"))))))","v":87.62},"BDI 1",{"$f":"TRUNC(J407*(1+$N$17),2)","v":110.85},{"$f":"IFERROR(TRUNC(I407*J407,2),\"\")","v":236.57},{"$f":"IFERROR(TRUNC(L407*I407,2),\"\")","v":299.29000000000002}]
[2000]
[2000,null,null,null,"Casa de Gás",{"$f":"(3.3*1.2)-(1.2*1.05)","v":2.6999999999999993},"m²"]
[2000,null,null,null,"Total",{"$f":"SUM(F409:F409)","v":2.6999999999999993},"m²"]
[2000]
[null,null,null,"5.2","DIVISÓRIAS",null,null,null,null,null,null,null,{"$f":"IFERROR(SUMIFS(M:M,A:A,LEFT(D412,SEARCH(\".\",D412)-1),B:B,RIGHT(D412,LEN(D412)-SEARCH(\".\",D412))),\"\")","v":67037.990000000005},{"$f":"IFERROR(SUMIFS(N:N,A:A,LEFT(D412,SEARCH(\".\",D412)-1),B:B,RIGHT(D412,LEN(D412)-SEARCH(\".\",D412))),\"\")","v":84815.95}]
["5","2","","5.2.1","DIVISÓRIA EM GRANITO CINZA ANDORINHA E = 3 CM, INCLUSIVE FERRAGENS EM LATÃO CROMADO","ED-48533","SETOP","m2",{"$f":"F427","v":61.298999999999992},629.32000000000005,"BDI 1",796.21,38576.68,48806.87]
[2000]
[2000,null,null,null,"IS Masculino 1",{"$f":"2.93*1.9","v":5.5670000000000002},"m²"]
[2000,null,null,null,"IS Feminino 1",{"$f":"3.13*1.9","v":5.9469999999999992},"m²"]
[2000,null,null,null,"Consultório 01",{"$f":"1.65*1.9","v":3.1349999999999998},"m²"]
[2000,null,null,null,"Consultório 02",3.1349999999999998,"m²"]
[2000,null,null,null,"Consultório 03",3.1349999999999998,"m²"]
[2000,null,null,null,"Consultório 04",3.1349999999999998,"m²"]
[2000,null,null,null,"Consultório 05",3.1349999999999998,"m²"]
[2000,null,null,null,"Sala de Enfermagem",3.1349999999999998,"m²"]
[2000,null,null,null,"Vestiário Masculino",{"$f":"4.39*1.9","v":8.3409999999999993},"m²"]
[2000,null,null,null,"Vestiário Feminino",{"$f":"4.39*1.9","v":8.3409999999999993},"m²"]
[2000,null,null,null,"IS Masculino 2",{"$f":"(2.93*1.9)+(0.4*1.2)","v":6.0470000000000006},"m²"]
[2000,null,null,null,"IS Feminino 2",{"$f":"4.34*1.9","v":8.2459999999999987},"m²"]
[2000,null,null,null,"Total",{"$f":"SUM(F415:F426)","v":61.298999999999992},"m²"]
[2000]
["5","2","","5.2.2",{"$f":"IF($G429=\"SINAPI\",VLOOKUP($F429,DADOS_SINAPI,2,0),IF(G429=\"SETOP\",VLOOKUP($F429,DADOS_SETOP,2,0),IF(G429=\"CPU\",VLOOKUP($F429,DADOS_COMPOSICAO,2,0),IF(G429=\"SICRO\",VLOOKUP($F429,DADOS_SICRO,2,0),IF(G429=\"SUDECAP\",VLOOKUP(F429,DADOS_SUDECAP,2,0),IF(G429=\"COTAÇÃO\",VLOOKUP($F429,DADOS_COTACAO,2,0),\"\"))))))","v":"CORTINA HOSPITALAR - FORNECIMENTO E INSTALAÇÃO"},"COT-ARQ-003","COTAÇÃO",{"$f":"IF(G429=\"SINAPI\",VLOOKUP($F429,DADOS_SINAPI,3,0),IF(G429=\"SETOP\",VLOOKUP($F429,DADOS_SETOP,3,0),IF(G429=\"CPU\",VLOOKUP($F429,DADOS_COMPOSICAO,10,0),IF(G429=\"SICRO\",VLOOKUP($F429,DADOS_SICRO,3,0),IF(G429=\"SUDECAP\",VLOOKUP(F429,DADOS_SUDECAP,3,0),IF(G429=\"COTAÇÃO\",VLOOKUP($F429,DADOS_COTACAO,9,0),\"\"))))))","v":"M"},{"$f":"F433","v":22.61},1225.1799999999998,"BDI 1",1550.09,27701.31,35047.53]
[2000]
[2000,null,null,null,"Sala de Observação Masculina",11.3,"m"]
[2000,null,null,null,"Sala de Observação Feminina",11.31,"m"]
[2000,null,null,null,"Total",{"$f":"SUM(F431:F432)","v":22.61},"m"]
[2000]
["5","2","","5.2.3",{"$f":"IF($G435=\"SINAPI\",VLOOKUP($F435,DADOS_SINAPI,2,0),IF(G435=\"SETOP\",VLOOKUP($F435,DADOS_SETOP,2,0),IF(G435=\"CPU\",VLOOKUP($F435,DADOS_COMPOSICAO,2,0),IF(G435=\"SICRO\",VLOOKUP($F435,DADOS_SICRO,2,0),IF(G435=\"SUDECAP\",VLOOKUP(F435,DADOS_SUDECAP,2,0),IF(G435=\"COTAÇÃO\",VLOOKUP($F435,DADOS_COTACAO,2,0),\"\"))))))","v":"BOX PARA BANHEIRO 1,65x1,90 M - FORNECIMENTO E INSTALAÇÃO"},"COT-ARQ-001","COTAÇÃO",{"$f":"IF(G435=\"SINAPI\",VLOOKUP($F435,DADOS_SINAPI,3,0),IF(G435=\"SETOP\",VLOOKUP($F435,DADOS_SETOP,3,0),IF(G435=\"CPU\",VLOOKUP($F435,DADOS_COMPOSICAO,10,0),IF(G435=\"SICRO\",VLOOKUP($F435,DADOS_SICRO,3,0),IF(G435=\"SUDECAP\",VLOOKUP(F435,DADOS_SUDECAP,3,0),IF(G435=\"COTAÇÃO\",VLOOKUP($F435,DADOS_COTACAO,9,0),\"\"))))))","v":"UN "},{"$f":"F438","v":1},760,"BDI 1",961.55,760,961.55]
[2000]
[2000,null,null,null,"IS Quarto",1,"un"]
[2000,null,null,null,"Total",{"$f":"SUM(F437:F437)","v":1},"un"]
[2000]
[null,null,null,"5.3","SEGURANÇA",null,null,null,null,null,null,null,{"$f":"IFERROR(SUMIFS(M:M,A:A,LEFT(D440,SEARCH(\".\",D440)-1),B:B,RIGHT(D440,LEN(D440)-SEARCH(\".\",D440))),\"\")","v":21287.91},{"$f":"IFERROR(SUMIFS(N:N,A:A,LEFT(D440,SEARCH(\".\",D440)-1),B:B,RIGHT(D440,LEN(D440)-SEARCH(\".\",D440))),\"\")","v":26933.41}]
[{"$f":"IFERROR(LEFT(D441,SEARCH(\".\",D441)-1),\"\")","v":"5"},{"$f":"IFERROR(LEFT(RIGHT(D441,LEN(D441)-SEARCH(\".\",D441)),SEARCH(\".\",RIGHT(D441,LEN(D441)-SEARCH(\".\",D441)))-1),\"\")","v":"3"},{"$f":"IFERROR(IF(LEN(D441)-LEN(SUBSTITUTE(D441,\".\",\"\"))<>3,\"\",MID(D441,SEARCH(\".\",D441,SEARCH(\".\",D441)+1)+1,LEN(D441)-SEARCH(\".\",D441,SEARCH(\".\",D441)+1)-(LEN(D441)-(SEARCH(\".\",D441,SEARCH(\".\",D441,SEARCH(\".\",D441)+1)+1)-1)))),\"\")","v":""},"5.3.1",{"$f":"IF($G441=\"SINAPI\",VLOOKUP($F441,DADOS_SINAPI,2,0),IF(G441=\"SETOP\",VLOOKUP($F441,DADOS_SETOP,2,0),IF(G441=\"CPU\",VLOOKUP($F441,DADOS_COMPOSICAO,2,0),IF(G441=\"SICRO\",VLOOKUP($F441,DADOS_SICRO,2,0),IF(G441=\"SUDECAP\",VLOOKUP(F441,DADOS_SUDECAP,2,0),IF(G441=\"COTAÇÃO\",VLOOKUP($F441,DADOS_COTACAO,2,0),\"\"))))))","v":"GUARDA-CORPO EM TUBO GALVANIZADO DIN 2440 D = 2\", COM SUBDIVISÕES EM TUBO DE AÇO D = 1/2\", H = 1,05 M"},"ED-50940","SETOP",{"$f":"IF(G441=\"SINAPI\",VLOOKUP($F441,DADOS_SINAPI,3,0),IF(G441=\"SETOP\",VLOOKUP($F441,DADOS_SETOP,3,0),IF(G441=\"CPU\",VLOOKUP($F441,DADOS_COMPOSICAO,10,0),IF(G441=\"SICRO\",VLOOKUP($F441,DADOS_SICRO,3,0),IF(G441=\"SUDECAP\",VLOOKUP(F441,DADOS_SUDECAP,3,0),IF(G441=\"COTAÇÃO\",VLOOKUP($F441,DADOS_COTACAO,9,0),\"\"))))))","v":"m"},{"$f":"F444","v":37.5},{"$f":"IF(G441=\"SINAPI\",VLOOKUP($F441,DADOS_SINAPI,4,0),IF(G441=\"SETOP\",VLOOKUP($F441,DADOS_SETOP,4,0),IF(G441=\"CPU\",VLOOKUP($F441,DADOS_COMPOSICAO,13,0),IF(G441=\"SICRO\",VLOOKUP($F441,DADOS_SICRO,4,0),IF(G441=\"SUDECAP\",VLOOKUP(F441,DADOS_SUDECAP,4,0),IF(G441=\"COTAÇÃO\",VLOOKUP(F441,DADOS_COTACAO,12,0),\"\"))))))","v":470.93},"BDI 1",{"$f":"TRUNC(J441*(1+$N$17),2)","v":595.82000000000005},{"$f":"IFERROR(TRUNC(I441*J441,2),\"\")","v":17659.87},{"$f":"IFERROR(TRUNC(L441*I441,2),\"\")","v":22343.25}]
[2000]
[2000,null,null,null,"Fachada",37.5,"m"]
[2000,null,null,null,"Total",{"$f":"SUM(F443:F443)","v":37.5},"m"]
[2000]
[{"$f":"IFERROR(LEFT(D446,SEARCH(\".\",D446)-1),\"\")","v":"5"},{"$f":"IFERROR(LEFT(RIGHT(D446,LEN(D446)-SEARCH(\".\",D446)),SEARCH(\".\",RIGHT(D446,LEN(D446)-SEARCH(\".\",D446)))-1),\"\")","v":"3"},{"$f":"IFERROR(IF(LEN(D446)-LEN(SUBSTITUTE(D446,\".\",\"\"))<>3,\"\",MID(D446,SEARCH(\".\",D446,SEARCH(\".\",D446)+1)+1,LEN(D446)-SEARCH(\".\",D446,SEARCH(\".\",D446)+1)-(LEN(D446)-(SEARCH(\".\",D446,SEARCH(\".\",D446,SEARCH(\".\",D446)+1)+1)-1)))),\"\")","v":""},"5.3.2",{"$f":"IF($G446=\"SINAPI\",VLOOKUP($F446,DADOS_SINAPI,2,0),IF(G446=\"SETOP\",VLOOKUP($F446,DADOS_SETOP,2,0),IF(G446=\"CPU\",VLOOKUP($F446,DADOS_COMPOSICAO,2,0),IF(G446=\"SICRO\",VLOOKUP($F446,DADOS_SICRO,2,0),IF(G446=\"SUDECAP\",VLOOKUP(F446,DADOS_SUDECAP,2,0),IF(G446=\"COTAÇÃO\",VLOOKUP($F446,DADOS_COTACAO,2,0),\"\"))))))","v":"CORRIMÃO DUPLO EM TUBO GALVANIZADO DIN 2440, D = 1 1/2\" - FIXADO EM ALVENARIA"},"ED-50937","SETOP",{"$f":"IF(G446=\"SINAPI\",VLOOKUP($F446,DADOS_SINAPI,3,0),IF(G446=\"SETOP\",VLOOKUP($F446,DADOS_SETOP,3,0),IF(G446=\"CPU\",VLOOKUP($F446,DADOS_COMPOSICAO,10,0),IF(G446=\"SICRO\",VLOOKUP($F446,DADOS_SICRO,3,0),IF(G446=\"SUDECAP\",VLOOKUP(F446,DADOS_SUDECAP,3,0),IF(G446=\"COTAÇÃO\",VLOOKUP($F446,DADOS_COTACAO,9,0),\"\"))))))","v":"m"},{"$f":"F449","v":24.99},{"$f":"IF(G446=\"SINAPI\",VLOOKUP($F446,DADOS_SINAPI,4,0),IF(G446=\"SETOP\",VLOOKUP($F446,DADOS_SETOP,4,0),IF(G446=\"CPU\",VLOOKUP($F446,DADOS_COMPOSICAO,13,0),IF(G446=\"SICRO\",VLOOKUP($F446,DADOS_SICRO,4,0),IF(G446=\"SUDECAP\",VLOOKUP(F446,DADOS_SUDECAP,4,0),IF(G446=\"COTAÇÃO\",VLOOKUP(F446,DADOS_COTACAO,12,0),\"\"))))))","v":145.18},"BDI 1",{"$f":"TRUNC(J446*(1+$N$17),2)","v":183.68},{"$f":"IFERROR(TRUNC(I446*J446,2),\"\")","v":3628.04},{"$f":"IFERROR(TRUNC(L446*I446,2),\"\")","v":4590.16}]
[2000]
[2000,null,null,null,"Fachada",24.99,"m"]
[2000,null,null,null,"Total",{"$f":"SUM(F448:F448)","v":24.99},"m"]
[2000]
[1000,null,null,6,"ESQUADRIAS",null,null,null,null,null,null,null,{"$f":"SUMIF(A:A,D451,M:M)","v":258866.88},{"$f":"SUMIF(A:A,D451,N:N)","v":327506.97000000009}]
[null,null,null,"6.1","PORTAS EM MADEIRA",null,null,null,null,null,null,null,{"$f":"IFERROR(SUMIFS(M:M,A:A,LEFT(D452,SEARCH(\".\",D452)-1),B:B,RIGHT(D452,LEN(D452)-SEARCH(\".\",D452))),\"\")","v":47261.33},{"$f":"IFERROR(SUMIFS(N:N,A:A,LEFT(D452,SEARCH(\".\",D452)-1),B:B,RIGHT(D452,LEN(D452)-SEARCH(\".\",D452))),\"\")","v":59794.96}]
[{"$f":"IFERROR(LEFT(D453,SEARCH(\".\",D453)-1),\"\")","v":"6"},{"$f":"IFERROR(LEFT(RIGHT(D453,LEN(D453)-SEARCH(\".\",D453)),SEARCH(\".\",RIGHT(D453,LEN(D453)-SEARCH(\".\",D453)))-1),\"\")","v":"1"},{"$f":"IFERROR(IF(LEN(D453)-LEN(SUBSTITUTE(D453,\".\",\"\"))<>3,\"\",MID(D453,SEARCH(\".\",D453,SEARCH(\".\",D453)+1)+1,LEN(D453)-SEARCH(\".\",D453,SEARCH(\".\",D453)+1)-(LEN(D453)-(SEARCH(\".\",D453,SEARCH(\".\",D453,SEARCH(\".\",D453)+1)+1)-1)))),\"\")","v":""},"6.1.1",{"$f":"IF($G453=\"SINAPI\",VLOOKUP($F453,DADOS_SINAPI,2,0),IF(G453=\"SETOP\",VLOOKUP($F453,DADOS_SETOP,2,0),IF(G453=\"CPU\",VLOOKUP($F453,DADOS_COMPOSICAO,2,0),IF(G453=\"SICRO\",VLOOKUP($F453,DADOS_SICRO,2,0),IF(G453=\"SUDECAP\",VLOOKUP(F453,DADOS_SUDECAP,2,0),IF(G453=\"COTAÇÃO\",VLOOKUP($F453,DADOS_COTACAO,2,0),\"\"))))))","v":"KIT DE PORTA DE MADEIRA PARA PINTURA, SEMI-OCA (LEVE OU MÉDIA), PADRÃO MÉDIO, 90X210CM, ESPESSURA DE 3,5CM, ITENS INCLUSOS: DOBRADIÇAS, MONTAGEM E INSTALAÇÃO DO BATENTE, FECHADURA COM EXECUÇÃO DO FURO - FORNECIMENTO E INSTALAÇÃO. AF_12/2019"},90844,"SINAPI",{"$f":"IF(G453=\"SINAPI\",VLOOKUP($F453,DADOS_SINAPI,3,0),IF(G453=\"SETOP\",VLOOKUP($F453,DADOS_SETOP,3,0),IF(G453=\"CPU\",VLOOKUP($F453,DADOS_COMPOSICAO,10,0),IF(G453=\"SICRO\",VLOOKUP($F453,DADOS_SICRO,3,0),IF(G453=\"SUDECAP\",VLOOKUP(F453,DADOS_SUDECAP,3,0),IF(G453=\"COTAÇÃO\",VLOOKUP($F453,DADOS_COTACAO,9,0),\"\"))))))","v":"UN"},{"$f":"F456","v":33},{"$f":"IF(G453=\"SINAPI\",VLOOKUP($F453,DADOS_SINAPI,4,0),IF(G453=\"SETOP\",VLOOKUP($F453,DADOS_SETOP,4,0),IF(G453=\"CPU\",VLOOKUP($F453,DADOS_COMPOSICAO,13,0),IF(G453=\"SICRO\",VLOOKUP($F453,DADOS_SICRO,4,0),IF(G453=\"SUDECAP\",VLOOKUP(F453,DADOS_SUDECAP,4,0),IF(G453=\"COTAÇÃO\",VLOOKUP(F453,DADOS_COTACAO,12,0),\"\"))))))","v":1117.31},"BDI 1",{"$f":"TRUNC(J453*(1+$N$17),2)","v":1413.62},{"$f":"IFERROR(TRUNC(I453*J453,2),\"\")","v":36871.230000000003},{"$f":"IFERROR(TRUNC(L453*I453,2),\"\")","v":46649.46}]
[2000]
[2000,null,null,null,"PM2",33,"un "]
[2000,null,null,null,"Total ",{"$f":"SUM(F455:F455)","v":33},"un "]
[2000]
[{"$f":"IFERROR(LEFT(D458,SEARCH(\".\",D458)-1),\"\")","v":"6"},{"$f":"IFERROR(LEFT(RIGHT(D458,LEN(D458)-SEARCH(\".\",D458)),SEARCH(\".\",RIGHT(D458,LEN(D458)-SEARCH(\".\",D458)))-1),\"\")","v":"1"},{"$f":"IFERROR(IF(LEN(D458)-LEN(SUBSTITUTE(D458,\".\",\"\"))<>3,\"\",MID(D458,SEARCH(\".\",D458,SEARCH(\".\",D458)+1)+1,LEN(D458)-SEARCH(\".\",D458,SEARCH(\".\",D458)+1)-(LEN(D458)-(SEARCH(\".\",D458,SEARCH(\".\",D458,SEARCH(\".\",D458)+1)+1)-1)))),\"\")","v":""},"6.1.2",{"$f":"IF($G458=\"SINAPI\",VLOOKUP($F458,DADOS_SINAPI,2,0),IF(G458=\"SETOP\",VLOOKUP($F458,DADOS_SETOP,2,0),IF(G458=\"CPU\",VLOOKUP($F458,DADOS_COMPOSICAO,2,0),IF(G458=\"SICRO\",VLOOKUP($F458,DADOS_SICRO,2,0),IF(G458=\"SUDECAP\",VLOOKUP(F458,DADOS_SUDECAP,2,0),IF(G458=\"COTAÇÃO\",VLOOKUP($F458,DADOS_COTACAO,2,0),\"\"))))))","v":"KIT DE PORTA DE MADEIRA PARA PINTURA, SEMI-OCA (LEVE OU MÉDIA), PADRÃO MÉDIO, 80X210CM, ESPESSURA DE 3,5CM, ITENS INCLUSOS: DOBRADIÇAS, MONTAGEM E INSTALAÇÃO DO BATENTE, FECHADURA COM EXECUÇÃO DO FURO - FORNECIMENTO E INSTALAÇÃO. AF_12/2019"},90843,"SINAPI",{"$f":"IF(G458=\"SINAPI\",VLOOKUP($F458,DADOS_SINAPI,3,0),IF(G458=\"SETOP\",VLOOKUP($F458,DADOS_SETOP,3,0),IF(G458=\"CPU\",VLOOKUP($F458,DADOS_COMPOSICAO,10,0),IF(G458=\"SICRO\",VLOOKUP($F458,DADOS_SICRO,3,0),IF(G458=\"SUDECAP\",VLOOKUP(F458,DADOS_SUDECAP,3,0),IF(G458=\"COTAÇÃO\",VLOOKUP($F458,DADOS_COTACAO,9,0),\"\"))))))","v":"UN"},{"$f":"F462","v":10},{"$f":"IF(G458=\"SINAPI\",VLOOKUP($F458,DADOS_SINAPI,4,0),IF(G458=\"SETOP\",VLOOKUP($F458,DADOS_SETOP,4,0),IF(G458=\"CPU\",VLOOKUP($F458,DADOS_COMPOSICAO,13,0),IF(G458=\"SICRO\",VLOOKUP($F458,DADOS_SICRO,4,0),IF(G458=\"SUDECAP\",VLOOKUP(F458,DADOS_SUDECAP,4,0),IF(G458=\"COTAÇÃO\",VLOOKUP(F458,DADOS_COTACAO,12,0),\"\"))))))","v":1039.01},"BDI 1",{"$f":"TRUNC(J458*(1+$N$17),2)","v":1314.55},{"$f":"IFERROR(TRUNC(I458*J458,2),\"\")","v":10390.1},{"$f":"IFERROR(TRUNC(L458*I458,2),\"\")","v":13145.5}]
[2000]
[2000,null,null,null,"PM1",2,"un"]
[2000,null,null,null,"PM3",8,"un"]
[2000,null,null,null,"Total",{"$f":"SUM(F460:F461)","v":10},"un"]
[2000]
[null,null,null,"6.2","PORTAS EM PVC",null,null,null,null,null,null,null,{"$f":"IFERROR(SUMIFS(M:M,A:A,LEFT(D464,SEARCH(\".\",D464)-1),B:B,RIGHT(D464,LEN(D464)-SEARCH(\".\",D464))),\"\")","v":559.04},{"$f":"IFERROR(SUMIFS(N:N,A:A,LEFT(D464,SEARCH(\".\",D464)-1),B:B,RIGHT(D464,LEN(D464)-SEARCH(\".\",D464))),\"\")","v":707.28}]
[{"$f":"IFERROR(LEFT(D465,SEARCH(\".\",D465)-1),\"\")","v":"6"},{"$f":"IFERROR(LEFT(RIGHT(D465,LEN(D465)-SEARCH(\".\",D465)),SEARCH(\".\",RIGHT(D465,LEN(D465)-SEARCH(\".\",D465)))-1),\"\")","v":"2"},{"$f":"IFERROR(IF(LEN(D465)-LEN(SUBSTITUTE(D465,\".\",\"\"))<>3,\"\",MID(D465,SEARCH(\".\",D465,SEARCH(\".\",D465)+1)+1,LEN(D465)-SEARCH(\".\",D465,SEARCH(\".\",D465)+1)-(LEN(D465)-(SEARCH(\".\",D465,SEARCH(\".\",D465,SEARCH(\".\",D465)+1)+1)-1)))),\"\")","v":""},"6.2.1",{"$f":"IF($G465=\"SINAPI\",VLOOKUP($F465,DADOS_SINAPI,2,0),IF(G465=\"SETOP\",VLOOKUP($F465,DADOS_SETOP,2,0),IF(G465=\"CPU\",VLOOKUP($F465,DADOS_COMPOSICAO,2,0),IF(G465=\"SICRO\",VLOOKUP($F465,DADOS_SICRO,2,0),IF(G465=\"SUDECAP\",VLOOKUP(F465,DADOS_SUDECAP,2,0),IF(G465=\"COTAÇÃO\",VLOOKUP($F465,DADOS_COTACAO,2,0),\"\"))))))","v":"PORTA SANFONADA PVC 1000  X 2100 MM, COMPLETA, NA COR BRANCA"},"COT-ARQ-005","COTAÇÃO",{"$f":"IF(G465=\"SINAPI\",VLOOKUP($F465,DADOS_SINAPI,3,0),IF(G465=\"SETOP\",VLOOKUP($F465,DADOS_SETOP,3,0),IF(G465=\"CPU\",VLOOKUP($F465,DADOS_COMPOSICAO,10,0),IF(G465=\"SICRO\",VLOOKUP($F465,DADOS_SICRO,3,0),IF(G465=\"SUDECAP\",VLOOKUP(F465,DADOS_SUDECAP,3,0),IF(G465=\"COTAÇÃO\",VLOOKUP($F465,DADOS_COTACAO,9,0),\"\"))))))","v":"UN "},{"$f":"F469","v":2},{"$f":"IF(G465=\"SINAPI\",VLOOKUP($F465,DADOS_SINAPI,4,0),IF(G465=\"SETOP\",VLOOKUP($F465,DADOS_SETOP,4,0),IF(G465=\"CPU\",VLOOKUP($F465,DADOS_COMPOSICAO,13,0),IF(G465=\"SICRO\",VLOOKUP($F465,DADOS_SICRO,4,0),IF(G465=\"SUDECAP\",VLOOKUP(F465,DADOS_SUDECAP,4,0),IF(G465=\"COTAÇÃO\",VLOOKUP(F465,DADOS_COTACAO,12,0),\"\"))))))","v":217.08},"BDI 1",{"$f":"TRUNC(J465*(1+$N$17),2)","v":274.64},{"$f":"IFERROR(TRUNC(I465*J465,2),\"\")","v":434.16},{"$f":"IFERROR(TRUNC(L465*I465,2),\"\")","v":549.28}]
[2000]
[2000,null,null,null,"IS PNE Masculino 2",1,"un"]
[2000,null,null,null,"IS PNE Feminino 2",1,"un"]
[2000,null,null,null,"Total",{"$f":"SUM(F467:F468)","v":2},"un "]
[2000]
[{"$f":"IFERROR(LEFT(D471,SEARCH(\".\",D471)-1),\"\")","v":"6"},{"$f":"IFERROR(LEFT(RIGHT(D471,LEN(D471)-SEARCH(\".\",D471)),SEARCH(\".\",RIGHT(D471,LEN(D471)-SEARCH(\".\",D471)))-1),\"\")","v":"2"},{"$f":"IFERROR(IF(LEN(D471)-LEN(SUBSTITUTE(D471,\".\",\"\"))<>3,\"\",MID(D471,SEARCH(\".\",D471,SEARCH(\".\",D471)+1)+1,LEN(D471)-SEARCH(\".\",D471,SEARCH(\".\",D471)+1)-(LEN(D471)-(SEARCH(\".\",D471,SEARCH(\".\",D471,SEARCH(\".\",D471)+1)+1)-1)))),\"\")","v":""},"6.2.2",{"$f":"IF($G471=\"SINAPI\",VLOOKUP($F471,DADOS_SINAPI,2,0),IF(G471=\"SETOP\",VLOOKUP($F471,DADOS_SETOP,2,0),IF(G471=\"CPU\",VLOOKUP($F471,DADOS_COMPOSICAO,2,0),IF(G471=\"SICRO\",VLOOKUP($F471,DADOS_SICRO,2,0),IF(G471=\"SUDECAP\",VLOOKUP(F471,DADOS_SUDECAP,2,0),IF(G471=\"COTAÇÃO\",VLOOKUP($F471,DADOS_COTACAO,2,0),\"\"))))))","v":"INSTALAÇÃO DE PORTA SANFONADA EM PVC, INCLUSIVE ACESSÓRIOS (PUXADOR E TRINCOS)"},"DAC-6.1","CPU",{"$f":"IF(G471=\"SINAPI\",VLOOKUP($F471,DADOS_SINAPI,3,0),IF(G471=\"SETOP\",VLOOKUP($F471,DADOS_SETOP,3,0),IF(G471=\"CPU\",VLOOKUP($F471,DADOS_COMPOSICAO,10,0),IF(G471=\"SICRO\",VLOOKUP($F471,DADOS_SICRO,3,0),IF(G471=\"SUDECAP\",VLOOKUP(F471,DADOS_SUDECAP,3,0),IF(G471=\"COTAÇÃO\",VLOOKUP($F471,DADOS_COTACAO,9,0),\"\"))))))","v":"UN "},{"$f":"F475","v":2},{"$f":"IF(G471=\"SINAPI\",VLOOKUP($F471,DADOS_SINAPI,4,0),IF(G471=\"SETOP\",VLOOKUP($F471,DADOS_SETOP,4,0),IF(G471=\"CPU\",VLOOKUP($F471,DADOS_COMPOSICAO,13,0),IF(G471=\"SICRO\",VLOOKUP($F471,DADOS_SICRO,4,0),IF(G471=\"SUDECAP\",VLOOKUP(F471,DADOS_SUDECAP,4,0),IF(G471=\"COTAÇÃO\",VLOOKUP(F471,DADOS_COTACAO,12,0),\"\"))))))","v":62.441719999999997},"BDI 1",{"$f":"TRUNC(J471*(1+$N$17),2)","v":79},{"$f":"IFERROR(TRUNC(I471*J471,2),\"\")","v":124.88},{"$f":"IFERROR(TRUNC(L471*I471,2),\"\")","v":158}]
[2000]
[2000,null,null,null,"IS PNE Masculino 2",1,"un"]
[2000,null,null,null,"IS PNE Feminino 2",1,"un"]
[2000,null,null,null,"Total",{"$f":"SUM(F473:F474)","v":2},"un "]
[2000]
[null,null,null,"6.3","PORTAS EM VIDRO",null,null,null,null,null,null,null,{"$f":"IFERROR(SUMIFS(M:M,A:A,LEFT(D477,SEARCH(\".\",D477)-1),B:B,RIGHT(D477,LEN(D477)-SEARCH(\".\",D477))),\"\")","v":15843.580000000002},{"$f":"IFERROR(SUMIFS(N:N,A:A,LEFT(D477,SEARCH(\".\",D477)-1),B:B,RIGHT(D477,LEN(D477)-SEARCH(\".\",D477))),\"\")","v":20045.289999999997}]
[{"$f":"IFERROR(LEFT(D478,SEARCH(\".\",D478)-1),\"\")","v":"6"},{"$f":"IFERROR(LEFT(RIGHT(D478,LEN(D478)-SEARCH(\".\",D478)),SEARCH(\".\",RIGHT(D478,LEN(D478)-SEARCH(\".\",D478)))-1),\"\")","v":"3"},{"$f":"IFERROR(IF(LEN(D478)-LEN(SUBSTITUTE(D478,\".\",\"\"))<>3,\"\",MID(D478,SEARCH(\".\",D478,SEARCH(\".\",D478)+1)+1,LEN(D478)-SEARCH(\".\",D478,SEARCH(\".\",D478)+1)-(LEN(D478)-(SEARCH(\".\",D478,SEARCH(\".\",D478,SEARCH(\".\",D478)+1)+1)-1)))),\"\")","v":""},"6.3.1",{"$f":"IF($G478=\"SINAPI\",VLOOKUP($F478,DADOS_SINAPI,2,0),IF(G478=\"SETOP\",VLOOKUP($F478,DADOS_SETOP,2,0),IF(G478=\"CPU\",VLOOKUP($F478,DADOS_COMPOSICAO,2,0),IF(G478=\"SICRO\",VLOOKUP($F478,DADOS_SICRO,2,0),IF(G478=\"SUDECAP\",VLOOKUP(F478,DADOS_SUDECAP,2,0),IF(G478=\"COTAÇÃO\",VLOOKUP($F478,DADOS_COTACAO,2,0),\"\"))))))","v":"PORTA DE ABRIR COM MOLA HIDRÁULICA, EM VIDRO TEMPERADO, 2 FOLHAS DE 100X210 CM, ESPESSURA DD 10MM, INCLUSIVE ACESSÓRIOS. AF_01/2021"},"DAC-6.2","CPU",{"$f":"IF(G478=\"SINAPI\",VLOOKUP($F478,DADOS_SINAPI,3,0),IF(G478=\"SETOP\",VLOOKUP($F478,DADOS_SETOP,3,0),IF(G478=\"CPU\",VLOOKUP($F478,DADOS_COMPOSICAO,10,0),IF(G478=\"SICRO\",VLOOKUP($F478,DADOS_SICRO,3,0),IF(G478=\"SUDECAP\",VLOOKUP(F478,DADOS_SUDECAP,3,0),IF(G478=\"COTAÇÃO\",VLOOKUP($F478,DADOS_COTACAO,9,0),\"\"))))))","v":"UN "},{"$f":"F481","v":1},{"$f":"IF(G478=\"SINAPI\",VLOOKUP($F478,DADOS_SINAPI,4,0),IF(G478=\"SETOP\",VLOOKUP($F478,DADOS_SETOP,4,0),IF(G478=\"CPU\",VLOOKUP($F478,DADOS_COMPOSICAO,13,0),IF(G478=\"SICRO\",VLOOKUP($F478,DADOS_SICRO,4,0),IF(G478=\"SUDECAP\",VLOOKUP(F478,DADOS_SUDECAP,4,0),IF(G478=\"COTAÇÃO\",VLOOKUP(F478,DADOS_COTACAO,12,0),\"\"))))))","v":3748.9292999999998},"BDI 1",{"$f":"TRUNC(J478*(1+$N$17),2)","v":4743.1400000000003},{"$f":"IFERROR(TRUNC(I478*J478,2),\"\")","v":3748.92},{"$f":"IFERROR(TRUNC(L478*I478,2),\"\")","v":4743.1400000000003}]
[2000]
[2000,null,null,null,"PV3",1,"un"]
[2000,null,null,null,"Total",{"$f":"F480","v":1},"un"]
[2000]
[{"$f":"IFERROR(LEFT(D483,SEARCH(\".\",D483)-1),\"\")","v":"6"},{"$f":"IFERROR(LEFT(RIGHT(D483,LEN(D483)-SEARCH(\".\",D483)),SEARCH(\".\",RIGHT(D483,LEN(D483)-SEARCH(\".\",D483)))-1),\"\")","v":"3"},{"$f":"IFERROR(IF(LEN(D483)-LEN(SUBSTITUTE(D483,\".\",\"\"))<>3,\"\",MID(D483,SEARCH(\".\",D483,SEARCH(\".\",D483)+1)+1,LEN(D483)-SEARCH(\".\",D483,SEARCH(\".\",D483)+1)-(LEN(D483)-(SEARCH(\".\",D483,SEARCH(\".\",D483,SEARCH(\".\",D483)+1)+1)-1)))),\"\")","v":""},"6.3.2",{"$f":"IF($G483=\"SINAPI\",VLOOKUP($F483,DADOS_SINAPI,2,0),IF(G483=\"SETOP\",VLOOKUP($F483,DADOS_SETOP,2,0),IF(G483=\"CPU\",VLOOKUP($F483,DADOS_COMPOSICAO,2,0),IF(G483=\"SICRO\",VLOOKUP($F483,DADOS_SICRO,2,0),IF(G483=\"SUDECAP\",VLOOKUP(F483,DADOS_SUDECAP,2,0),IF(G483=\"COTAÇÃO\",VLOOKUP($F483,DADOS_COTACAO,2,0),\"\"))))))","v":"PORTA DE ABRIR COM MOLA HIDRÁULICA, EM VIDRO TEMPERADO, 2 FOLHAS DE 80X210 CM, ESPESSURA DD 10MM, INCLUSIVE ACESSÓRIOS. AF_01/2021"},"DAC-6.3","CPU",{"$f":"IF(G483=\"SINAPI\",VLOOKUP($F483,DADOS_SINAPI,3,0),IF(G483=\"SETOP\",VLOOKUP($F483,DADOS_SETOP,3,0),IF(G483=\"CPU\",VLOOKUP($F483,DADOS_COMPOSICAO,10,0),IF(G483=\"SICRO\",VLOOKUP($F483,DADOS_SICRO,3,0),IF(G483=\"SUDECAP\",VLOOKUP(F483,DADOS_SUDECAP,3,0),IF(G483=\"COTAÇÃO\",VLOOKUP($F483,DADOS_COTACAO,9,0),\"\"))))))","v":"UN "},{"$f":"F486","v":3},{"$f":"IF(G483=\"SINAPI\",VLOOKUP($F483,DADOS_SINAPI,4,0),IF(G483=\"SETOP\",VLOOKUP($F483,DADOS_SETOP,4,0),IF(G483=\"CPU\",VLOOKUP($F483,DADOS_COMPOSICAO,13,0),IF(G483=\"SICRO\",VLOOKUP($F483,DADOS_SICRO,4,0),IF(G483=\"SUDECAP\",VLOOKUP(F483,DADOS_SUDECAP,4,0),IF(G483=\"COTAÇÃO\",VLOOKUP(F483,DADOS_COTACAO,12,0),\"\"))))))","v":3433.9293000000002},"BDI 1",{"$f":"TRUNC(J483*(1+$N$17),2)","v":4344.6000000000004},{"$f":"IFERROR(TRUNC(I483*J483,2),\"\")","v":10301.780000000001},{"$f":"IFERROR(TRUNC(L483*I483,2),\"\")","v":13033.8}]
[2000]
[2000,null,null,null,"PV2",3,"un"]
[2000,null,null,null,"Total",{"$f":"F485","v":3},"un"]
[2000]
[{"$f":"IFERROR(LEFT(D488,SEARCH(\".\",D488)-1),\"\")","v":"6"},{"$f":"IFERROR(LEFT(RIGHT(D488,LEN(D488)-SEARCH(\".\",D488)),SEARCH(\".\",RIGHT(D488,LEN(D488)-SEARCH(\".\",D488)))-1),\"\")","v":"3"},{"$f":"IFERROR(IF(LEN(D488)-LEN(SUBSTITUTE(D488,\".\",\"\"))<>3,\"\",MID(D488,SEARCH(\".\",D488,SEARCH(\".\",D488)+1)+1,LEN(D488)-SEARCH(\".\",D488,SEARCH(\".\",D488)+1)-(LEN(D488)-(SEARCH(\".\",D488,SEARCH(\".\",D488,SEARCH(\".\",D488)+1)+1)-1)))),\"\")","v":""},"6.3.3",{"$f":"IF($G488=\"SINAPI\",VLOOKUP($F488,DADOS_SINAPI,2,0),IF(G488=\"SETOP\",VLOOKUP($F488,DADOS_SETOP,2,0),IF(G488=\"CPU\",VLOOKUP($F488,DADOS_COMPOSICAO,2,0),IF(G488=\"SICRO\",VLOOKUP($F488,DADOS_SICRO,2,0),IF(G488=\"SUDECAP\",VLOOKUP(F488,DADOS_SUDECAP,2,0),IF(G488=\"COTAÇÃO\",VLOOKUP($F488,DADOS_COTACAO,2,0),\"\"))))))","v":"PORTA DE ABRIR COM MOLA HIDRÁULICA, EM VIDRO TEMPERADO, 90X210 CM, ESPESSURA 10 MM, INCLUSIVE ACESSÓRIOS. AF_01/2021"},102184,"SINAPI",{"$f":"IF(G488=\"SINAPI\",VLOOKUP($F488,DADOS_SINAPI,3,0),IF(G488=\"SETOP\",VLOOKUP($F488,DADOS_SETOP,3,0),IF(G488=\"CPU\",VLOOKUP($F488,DADOS_COMPOSICAO,10,0),IF(G488=\"SICRO\",VLOOKUP($F488,DADOS_SICRO,3,0),IF(G488=\"SUDECAP\",VLOOKUP(F488,DADOS_SUDECAP,3,0),IF(G488=\"COTAÇÃO\",VLOOKUP($F488,DADOS_COTACAO,9,0),\"\"))))))","v":"UN"},{"$f":"F491","v":1},{"$f":"IF(G488=\"SINAPI\",VLOOKUP($F488,DADOS_SINAPI,4,0),IF(G488=\"SETOP\",VLOOKUP($F488,DADOS_SETOP,4,0),IF(G488=\"CPU\",VLOOKUP($F488,DADOS_COMPOSICAO,13,0),IF(G488=\"SICRO\",VLOOKUP($F488,DADOS_SICRO,4,0),IF(G488=\"SUDECAP\",VLOOKUP(F488,DADOS_SUDECAP,4,0),IF(G488=\"COTAÇÃO\",VLOOKUP(F488,DADOS_COTACAO,12,0),\"\"))))))","v":1792.88},"BDI 1",{"$f":"TRUNC(J488*(1+$N$17),2)","v":2268.35},{"$f":"IFERROR(TRUNC(I488*J488,2),\"\")","v":1792.88},{"$f":"IFERROR(TRUNC(L488*I488,2),\"\")","v":2268.35}]
[2000]
[2000,null,null,null,"PV2",1,"un"]
[2000,null,null,null,"Total",{"$f":"F490","v":1},"un"]
[2000]
[null,null,null,"6.4","PORTAS METÁLICAS",null,null,null,null,null,null,null,{"$f":"IFERROR(SUMIFS(M:M,A:A,LEFT(D493,SEARCH(\".\",D493)-1),B:B,RIGHT(D493,LEN(D493)-SEARCH(\".\",D493))),\"\")","v":21817.77},{"$f":"IFERROR(SUMIFS(N:N,A:A,LEFT(D493,SEARCH(\".\",D493)-1),B:B,RIGHT(D493,LEN(D493)-SEARCH(\".\",D493))),\"\")","v":27603.75}]
[{"$f":"IFERROR(LEFT(D494,SEARCH(\".\",D494)-1),\"\")","v":"6"},{"$f":"IFERROR(LEFT(RIGHT(D494,LEN(D494)-SEARCH(\".\",D494)),SEARCH(\".\",RIGHT(D494,LEN(D494)-SEARCH(\".\",D494)))-1),\"\")","v":"4"},{"$f":"IFERROR(IF(LEN(D494)-LEN(SUBSTITUTE(D494,\".\",\"\"))<>3,\"\",MID(D494,SEARCH(\".\",D494,SEARCH(\".\",D494)+1)+1,LEN(D494)-SEARCH(\".\",D494,SEARCH(\".\",D494)+1)-(LEN(D494)-(SEARCH(\".\",D494,SEARCH(\".\",D494,SEARCH(\".\",D494)+1)+1)-1)))),\"\")","v":""},"6.4.1",{"$f":"IF($G494=\"SINAPI\",VLOOKUP($F494,DADOS_SINAPI,2,0),IF(G494=\"SETOP\",VLOOKUP($F494,DADOS_SETOP,2,0),IF(G494=\"CPU\",VLOOKUP($F494,DADOS_COMPOSICAO,2,0),IF(G494=\"SICRO\",VLOOKUP($F494,DADOS_SICRO,2,0),IF(G494=\"SUDECAP\",VLOOKUP(F494,DADOS_SUDECAP,2,0),IF(G494=\"COTAÇÃO\",VLOOKUP($F494,DADOS_COTACAO,2,0),\"\"))))))","v":"PORTA EM ALUMÍNIO DE ABRIR TIPO VENEZIANA COM GUARNIÇÃO, FIXAÇÃO COM PARAFUSOS - FORNECIMENTO E INSTALAÇÃO. AF_12/2019"},91341,"SINAPI",{"$f":"IF(G494=\"SINAPI\",VLOOKUP($F494,DADOS_SINAPI,3,0),IF(G494=\"SETOP\",VLOOKUP($F494,DADOS_SETOP,3,0),IF(G494=\"CPU\",VLOOKUP($F494,DADOS_COMPOSICAO,10,0),IF(G494=\"SICRO\",VLOOKUP($F494,DADOS_SICRO,3,0),IF(G494=\"SUDECAP\",VLOOKUP(F494,DADOS_SUDECAP,3,0),IF(G494=\"COTAÇÃO\",VLOOKUP($F494,DADOS_COTACAO,9,0),\"\"))))))","v":"M2"},{"$f":"F500","v":33.54},{"$f":"IF(G494=\"SINAPI\",VLOOKUP($F494,DADOS_SINAPI,4,0),IF(G494=\"SETOP\",VLOOKUP($F494,DADOS_SETOP,4,0),IF(G494=\"CPU\",VLOOKUP($F494,DADOS_COMPOSICAO,13,0),IF(G494=\"SICRO\",VLOOKUP($F494,DADOS_SICRO,4,0),IF(G494=\"SUDECAP\",VLOOKUP(F494,DADOS_SUDECAP,4,0),IF(G494=\"COTAÇÃO\",VLOOKUP(F494,DADOS_COTACAO,12,0),\"\"))))))","v":650.5},"BDI 1",{"$f":"TRUNC(J494*(1+$N$17),2)","v":823.01},{"$f":"IFERROR(TRUNC(I494*J494,2),\"\")","v":21817.77},{"$f":"IFERROR(TRUNC(L494*I494,2),\"\")","v":27603.75}]
[2000]
[2000,null,null,null,"PF1",{"$f":"0.8*1.8*17","v":24.480000000000004},"m²"]
[2000,null,null,null,"PF2",{"$f":"1*2.1*2","v":4.2},"m²"]
[2000,null,null,null,"PF3",{"$f":"1.8*1*2","v":3.6},"m²"]
[2000,null,null,null,"PF4",{"$f":"1.2*1.05","v":1.26},"m²"]
[2000,null,null,null,"Total",{"$f":"SUM(F496:F499)","v":33.54},"m²"]
[2000]
[null,null,null,"6.5","JANELAS EM VIDRO",null,null,null,null,null,null,null,{"$f":"IFERROR(SUMIFS(M:M,A:A,LEFT(D502,SEARCH(\".\",D502)-1),B:B,RIGHT(D502,LEN(D502)-SEARCH(\".\",D502))),\"\")","v":96169.539999999979},{"$f":"IFERROR(SUMIFS(N:N,A:A,LEFT(D502,SEARCH(\".\",D502)-1),B:B,RIGHT(D502,LEN(D502)-SEARCH(\".\",D502))),\"\")","v":121670.31}]
[{"$f":"IFERROR(LEFT(D503,SEARCH(\".\",D503)-1),\"\")","v":"6"},{"$f":"IFERROR(LEFT(RIGHT(D503,LEN(D503)-SEARCH(\".\",D503)),SEARCH(\".\",RIGHT(D503,LEN(D503)-SEARCH(\".\",D503)))-1),\"\")","v":"5"},{"$f":"IFERROR(IF(LEN(D503)-LEN(SUBSTITUTE(D503,\".\",\"\"))<>3,\"\",MID(D503,SEARCH(\".\",D503,SEARCH(\".\",D503)+1)+1,LEN(D503)-SEARCH(\".\",D503,SEARCH(\".\",D503)+1)-(LEN(D503)-(SEARCH(\".\",D503,SEARCH(\".\",D503,SEARCH(\".\",D503)+1)+1)-1)))),\"\")","v":""},"6.5.1",{"$f":"IF($G503=\"SINAPI\",VLOOKUP($F503,DADOS_SINAPI,2,0),IF(G503=\"SETOP\",VLOOKUP($F503,DADOS_SETOP,2,0),IF(G503=\"CPU\",VLOOKUP($F503,DADOS_COMPOSICAO,2,0),IF(G503=\"SICRO\",VLOOKUP($F503,DADOS_SICRO,2,0),IF(G503=\"SUDECAP\",VLOOKUP(F503,DADOS_SUDECAP,2,0),IF(G503=\"COTAÇÃO\",VLOOKUP($F503,DADOS_COTACAO,2,0),\"\"))))))","v":"JANELA DE ALUMÍNIO TIPO MAXIM-AR, COM VIDROS, BATENTE E FERRAGENS. EXCLUSIVE ALIZAR, ACABAMENTO E CONTRAMARCO. FORNECIMENTO E INSTALAÇÃO. AF_12/2019"},94569,"SINAPI",{"$f":"IF(G503=\"SINAPI\",VLOOKUP($F503,DADOS_SINAPI,3,0),IF(G503=\"SETOP\",VLOOKUP($F503,DADOS_SETOP,3,0),IF(G503=\"CPU\",VLOOKUP($F503,DADOS_COMPOSICAO,10,0),IF(G503=\"SICRO\",VLOOKUP($F503,DADOS_SICRO,3,0),IF(G503=\"SUDECAP\",VLOOKUP(F503,DADOS_SUDECAP,3,0),IF(G503=\"COTAÇÃO\",VLOOKUP($F503,DADOS_COTACAO,9,0),\"\"))))))","v":"M2"},{"$f":"F513","v":98.88000000000001},{"$f":"IF(G503=\"SINAPI\",VLOOKUP($F503,DADOS_SINAPI,4,0),IF(G503=\"SETOP\",VLOOKUP($F503,DADOS_SETOP,4,0),IF(G503=\"CPU\",VLOOKUP($F503,DADOS_COMPOSICAO,13,0),IF(G503=\"SICRO\",VLOOKUP($F503,DADOS_SICRO,4,0),IF(G503=\"SUDECAP\",VLOOKUP(F503,DADOS_SUDECAP,4,0),IF(G503=\"COTAÇÃO\",VLOOKUP(F503,DADOS_COTACAO,12,0),\"\"))))))","v":638.91999999999996},"BDI 1",{"$f":"TRUNC(J503*(1+$N$17),2)","v":808.36},{"$f":"IFERROR(TRUNC(I503*J503,2),\"\")","v":63176.4},{"$f":"IFERROR(TRUNC(L503*I503,2),\"\")","v":79930.63}]
[2000]
[2000,null,null,null,"JA2",5.04,"m²"]
[2000,null,null,null,"JA3",4.32,"m²"]
[2000,null,null,null,"JA4",12.6,"m²"]
[2000,null,null,null,"JA5",31.2,"m²"]
[2000,null,null,null,"JA6",7.92,"m²"]
[2000,null,null,null,"JA7",12,"m²"]
[2000,null,null,null,"JA8",21.6,"m²"]
[2000,null,null,null,"JA9",4.2,"m²"]
[2000,null,null,null,"Total ",{"$f":"SUM(F505:F512)","v":98.88000000000001},"m²"]
[2000]
[{"$f":"IFERROR(LEFT(D515,SEARCH(\".\",D515)-1),\"\")","v":"6"},{"$f":"IFERROR(LEFT(RIGHT(D515,LEN(D515)-SEARCH(\".\",D515)),SEARCH(\".\",RIGHT(D515,LEN(D515)-SEARCH(\".\",D515)))-1),\"\")","v":"5"},{"$f":"IFERROR(IF(LEN(D515)-LEN(SUBSTITUTE(D515,\".\",\"\"))<>3,\"\",MID(D515,SEARCH(\".\",D515,SEARCH(\".\",D515)+1)+1,LEN(D515)-SEARCH(\".\",D515,SEARCH(\".\",D515)+1)-(LEN(D515)-(SEARCH(\".\",D515,SEARCH(\".\",D515,SEARCH(\".\",D515)+1)+1)-1)))),\"\")","v":""},"6.5.2",{"$f":"IF($G515=\"SINAPI\",VLOOKUP($F515,DADOS_SINAPI,2,0),IF(G515=\"SETOP\",VLOOKUP($F515,DADOS_SETOP,2,0),IF(G515=\"CPU\",VLOOKUP($F515,DADOS_COMPOSICAO,2,0),IF(G515=\"SICRO\",VLOOKUP($F515,DADOS_SICRO,2,0),IF(G515=\"SUDECAP\",VLOOKUP(F515,DADOS_SUDECAP,2,0),IF(G515=\"COTAÇÃO\",VLOOKUP($F515,DADOS_COTACAO,2,0),\"\"))))))","v":"CONTRAMARCO DE ALUMÍNIO, FIXAÇÃO COM ARGAMASSA - FORNECIMENTO E INSTALAÇÃO. AF_12/2019"},94589,"SINAPI",{"$f":"IF(G515=\"SINAPI\",VLOOKUP($F515,DADOS_SINAPI,3,0),IF(G515=\"SETOP\",VLOOKUP($F515,DADOS_SETOP,3,0),IF(G515=\"CPU\",VLOOKUP($F515,DADOS_COMPOSICAO,10,0),IF(G515=\"SICRO\",VLOOKUP($F515,DADOS_SICRO,3,0),IF(G515=\"SUDECAP\",VLOOKUP(F515,DADOS_SUDECAP,3,0),IF(G515=\"COTAÇÃO\",VLOOKUP($F515,DADOS_COTACAO,9,0),\"\"))))))","v":"M"},{"$f":"F528","v":301.60000000000002},{"$f":"IF(G515=\"SINAPI\",VLOOKUP($F515,DADOS_SINAPI,4,0),IF(G515=\"SETOP\",VLOOKUP($F515,DADOS_SETOP,4,0),IF(G515=\"CPU\",VLOOKUP($F515,DADOS_COMPOSICAO,13,0),IF(G515=\"SICRO\",VLOOKUP($F515,DADOS_SICRO,4,0),IF(G515=\"SUDECAP\",VLOOKUP(F515,DADOS_SUDECAP,4,0),IF(G515=\"COTAÇÃO\",VLOOKUP(F515,DADOS_COTACAO,12,0),\"\"))))))","v":19.739999999999998},"BDI 1",{"$f":"TRUNC(J515*(1+$N$17),2)","v":24.97},{"$f":"IFERROR(TRUNC(I515*J515,2),\"\")","v":5953.58},{"$f":"IFERROR(TRUNC(L515*I515,2),\"\")","v":7530.95}]
[2000]
[2000,null,null,null,"JA2",{"$f":"(2.4+1.2)*7","v":25.199999999999996},"m"]
[2000,null,null,null,"JA3",{"$f":"(2.4+2.4)*3","v":14.399999999999999},"m"]
[2000,null,null,null,"JA4",{"$f":"(3+2.4)*7","v":37.800000000000004},"m"]
[2000,null,null,null,"JA5",{"$f":"(4+2.4)*13","v":83.2},"m"]
[2000,null,null,null,"JA6",{"$f":"(4.4+2.4)*3","v":20.400000000000002},"m"]
[2000,null,null,null,"JA7",{"$f":"(5+2.4)*4","v":29.6},"m"]
[2000,null,null,null,"JA8",{"$f":"(6+2.4)*6","v":50.400000000000006},"m"]
[2000,null,null,null,"JA9",{"$f":"(7+2.4)*1","v":9.4},"m"]
[2000,null,null,null,"Sala de Observação Masculino",{"$f":"(4.25*2)+(1.65*2)","v":11.8},"m"]
[2000,null,null,null,"Sala de Observação Feminino",{"$f":"(4.25*2)+(1.65*2)","v":11.8},"m"]
[2000,null,null,null,"Posto de Enfermagem",{"$f":"(2.15*2)+(1.65*2)","v":7.6},"m"]
[2000,null,null,null,"Total ",{"$f":"SUM(F517:F527)","v":301.60000000000002},"m"]
[2000]
[{"$f":"IFERROR(LEFT(D530,SEARCH(\".\",D530)-1),\"\")","v":"6"},{"$f":"IFERROR(LEFT(RIGHT(D530,LEN(D530)-SEARCH(\".\",D530)),SEARCH(\".\",RIGHT(D530,LEN(D530)-SEARCH(\".\",D530)))-1),\"\")","v":"5"},{"$f":"IFERROR(IF(LEN(D530)-LEN(SUBSTITUTE(D530,\".\",\"\"))<>3,\"\",MID(D530,SEARCH(\".\",D530,SEARCH(\".\",D530)+1)+1,LEN(D530)-SEARCH(\".\",D530,SEARCH(\".\",D530)+1)-(LEN(D530)-(SEARCH(\".\",D530,SEARCH(\".\",D530,SEARCH(\".\",D530)+1)+1)-1)))),\"\")","v":""},"6.5.3",{"$f":"IF($G530=\"SINAPI\",VLOOKUP($F530,DADOS_SINAPI,2,0),IF(G530=\"SETOP\",VLOOKUP($F530,DADOS_SETOP,2,0),IF(G530=\"CPU\",VLOOKUP($F530,DADOS_COMPOSICAO,2,0),IF(G530=\"SICRO\",VLOOKUP($F530,DADOS_SICRO,2,0),IF(G530=\"SUDECAP\",VLOOKUP(F530,DADOS_SUDECAP,2,0),IF(G530=\"COTAÇÃO\",VLOOKUP($F530,DADOS_COTACAO,2,0),\"\"))))))","v":"ACABAMENTO PARA ESQUADRIAS EM ALUMÍNIO"},"DAC-6.4","CPU",{"$f":"IF(G530=\"SINAPI\",VLOOKUP($F530,DADOS_SINAPI,3,0),IF(G530=\"SETOP\",VLOOKUP($F530,DADOS_SETOP,3,0),IF(G530=\"CPU\",VLOOKUP($F530,DADOS_COMPOSICAO,10,0),IF(G530=\"SICRO\",VLOOKUP($F530,DADOS_SICRO,3,0),IF(G530=\"SUDECAP\",VLOOKUP(F530,DADOS_SUDECAP,3,0),IF(G530=\"COTAÇÃO\",VLOOKUP($F530,DADOS_COTACAO,9,0),\"\"))))))","v":"M     "},{"$f":"F543","v":301.60000000000002},{"$f":"IF(G530=\"SINAPI\",VLOOKUP($F530,DADOS_SINAPI,4,0),IF(G530=\"SETOP\",VLOOKUP($F530,DADOS_SETOP,4,0),IF(G530=\"CPU\",VLOOKUP($F530,DADOS_COMPOSICAO,13,0),IF(G530=\"SICRO\",VLOOKUP($F530,DADOS_SICRO,4,0),IF(G530=\"SUDECAP\",VLOOKUP(F530,DADOS_SUDECAP,4,0),IF(G530=\"COTAÇÃO\",VLOOKUP(F530,DADOS_COTACAO,12,0),\"\"))))))","v":42.977499999999999},"BDI 1",{"$f":"TRUNC(J530*(1+$N$17),2)","v":54.37},{"$f":"IFERROR(TRUNC(I530*J530,2),\"\")","v":12962.01},{"$f":"IFERROR(TRUNC(L530*I530,2),\"\")","v":16397.990000000002}]
[2000]
[2000,null,null,null,"JA2",{"$f":"(2.4+1.2)*7","v":25.199999999999996},"m"]
[2000,null,null,null,"JA3",{"$f":"(2.4+2.4)*3","v":14.399999999999999},"m"]
[2000,null,null,null,"JA4",{"$f":"(3+2.4)*7","v":37.800000000000004},"m"]
[2000,null,null,null,"JA5",{"$f":"(4+2.4)*13","v":83.2},"m"]
[2000,null,null,null,"JA6",{"$f":"(4.4+2.4)*3","v":20.400000000000002},"m"]
[2000,null,null,null,"JA7",{"$f":"(5+2.4)*4","v":29.6},"m"]
[2000,null,null,null,"JA8",{"$f":"(6+2.4)*6","v":50.400000000000006},"m"]
[2000,null,null,null,"JA9",{"$f":"(7+2.4)*1","v":9.4},"m"]
[2000,null,null,null,"Sala de Observação Masculino",{"$f":"(4.25*2)+(1.65*2)","v":11.8},"m"]
[2000,null,null,null,"Sala de Observação Feminino",{"$f":"(4.25*2)+(1.65*2)","v":11.8},"m"]
[2000,null,null,null,"Posto de Enfermagem",{"$f":"(2.15*2)+(1.65*2)","v":7.6},"m"]
[2000,null,null,null,"Total",{"$f":"SUM(F532:F542)","v":301.60000000000002},"m"]
[2000]
[{"$f":"IFERROR(LEFT(D545,SEARCH(\".\",D545)-1),\"\")","v":"6"},{"$f":"IFERROR(LEFT(RIGHT(D545,LEN(D545)-SEARCH(\".\",D545)),SEARCH(\".\",RIGHT(D545,LEN(D545)-SEARCH(\".\",D545)))-1),\"\")","v":"5"},{"$f":"IFERROR(IF(LEN(D545)-LEN(SUBSTITUTE(D545,\".\",\"\"))<>3,\"\",MID(D545,SEARCH(\".\",D545,SEARCH(\".\",D545)+1)+1,LEN(D545)-SEARCH(\".\",D545,SEARCH(\".\",D545)+1)-(LEN(D545)-(SEARCH(\".\",D545,SEARCH(\".\",D545,SEARCH(\".\",D545)+1)+1)-1)))),\"\")","v":""},"6.5.4",{"$f":"IF($G545=\"SINAPI\",VLOOKUP($F545,DADOS_SINAPI,2,0),IF(G545=\"SETOP\",VLOOKUP($F545,DADOS_SETOP,2,0),IF(G545=\"CPU\",VLOOKUP($F545,DADOS_COMPOSICAO,2,0),IF(G545=\"SICRO\",VLOOKUP($F545,DADOS_SICRO,2,0),IF(G545=\"SUDECAP\",VLOOKUP(F545,DADOS_SUDECAP,2,0),IF(G545=\"COTAÇÃO\",VLOOKUP($F545,DADOS_COTACAO,2,0),\"\"))))))","v":"JANELA DE ALUMÍNIO TIPO GUILHOTINA, 1000 X 1000 MM COM DUAS FOLHAS - FORNECIMENTO E INSTALAÇÃO"},"COT-ARQ-006","COTAÇÃO",{"$f":"IF(G545=\"SINAPI\",VLOOKUP($F545,DADOS_SINAPI,3,0),IF(G545=\"SETOP\",VLOOKUP($F545,DADOS_SETOP,3,0),IF(G545=\"CPU\",VLOOKUP($F545,DADOS_COMPOSICAO,10,0),IF(G545=\"SICRO\",VLOOKUP($F545,DADOS_SICRO,3,0),IF(G545=\"SUDECAP\",VLOOKUP(F545,DADOS_SUDECAP,3,0),IF(G545=\"COTAÇÃO\",VLOOKUP($F545,DADOS_COTACAO,9,0),\"\"))))))","v":"UN "},{"$f":"F548","v":2},{"$f":"IF(G545=\"SINAPI\",VLOOKUP($F545,DADOS_SINAPI,4,0),IF(G545=\"SETOP\",VLOOKUP($F545,DADOS_SETOP,4,0),IF(G545=\"CPU\",VLOOKUP($F545,DADOS_COMPOSICAO,13,0),IF(G545=\"SICRO\",VLOOKUP($F545,DADOS_SICRO,4,0),IF(G545=\"SUDECAP\",VLOOKUP(F545,DADOS_SUDECAP,4,0),IF(G545=\"COTAÇÃO\",VLOOKUP(F545,DADOS_COTACAO,12,0),\"\"))))))","v":962.29499999999996},"BDI 1",{"$f":"TRUNC(J545*(1+$N$17),2)","v":1217.49},{"$f":"IFERROR(TRUNC(I545*J545,2),\"\")","v":1924.59},{"$f":"IFERROR(TRUNC(L545*I545,2),\"\")","v":2434.98}]
[2000]
[2000,null,null,null,"JA1",{"$f":"1*1*2","v":2},"un"]
[2000,null,null,null,"Total",{"$f":"SUM(F547:F547)","v":2},"un"]
[2000]
[{"$f":"IFERROR(LEFT(D550,SEARCH(\".\",D550)-1),\"\")","v":"6"},{"$f":"IFERROR(LEFT(RIGHT(D550,LEN(D550)-SEARCH(\".\",D550)),SEARCH(\".\",RIGHT(D550,LEN(D550)-SEARCH(\".\",D550)))-1),\"\")","v":"5"},{"$f":"IFERROR(IF(LEN(D550)-LEN(SUBSTITUTE(D550,\".\",\"\"))<>3,\"\",MID(D550,SEARCH(\".\",D550,SEARCH(\".\",D550)+1)+1,LEN(D550)-SEARCH(\".\",D550,SEARCH(\".\",D550)+1)-(LEN(D550)-(SEARCH(\".\",D550,SEARCH(\".\",D550,SEARCH(\".\",D550)+1)+1)-1)))),\"\")","v":""},"6.5.5",{"$f":"IF($G550=\"SINAPI\",VLOOKUP($F550,DADOS_SINAPI,2,0),IF(G550=\"SETOP\",VLOOKUP($F550,DADOS_SETOP,2,0),IF(G550=\"CPU\",VLOOKUP($F550,DADOS_COMPOSICAO,2,0),IF(G550=\"SICRO\",VLOOKUP($F550,DADOS_SICRO,2,0),IF(G550=\"SUDECAP\",VLOOKUP(F550,DADOS_SUDECAP,2,0),IF(G550=\"COTAÇÃO\",VLOOKUP($F550,DADOS_COTACAO,2,0),\"\"))))))","v":"JANELA FIXA DE ALUMÍNIO PARA VIDRO, COM VIDRO, BATENTE E FERRAGENS. EXCLUSIVE ACABAMENTO, ALIZAR E CONTRAMARCO. FORNECIMENTO E INSTALAÇÃO. AF_12/2019"},100674,"SINAPI",{"$f":"IF(G550=\"SINAPI\",VLOOKUP($F550,DADOS_SINAPI,3,0),IF(G550=\"SETOP\",VLOOKUP($F550,DADOS_SETOP,3,0),IF(G550=\"CPU\",VLOOKUP($F550,DADOS_COMPOSICAO,10,0),IF(G550=\"SICRO\",VLOOKUP($F550,DADOS_SICRO,3,0),IF(G550=\"SUDECAP\",VLOOKUP(F550,DADOS_SUDECAP,3,0),IF(G550=\"COTAÇÃO\",VLOOKUP($F550,DADOS_COTACAO,9,0),\"\"))))))","v":"M2"},{"$f":"F555","v":17.572499999999998},{"$f":"IF(G550=\"SINAPI\",VLOOKUP($F550,DADOS_SINAPI,4,0),IF(G550=\"SETOP\",VLOOKUP($F550,DADOS_SETOP,4,0),IF(G550=\"CPU\",VLOOKUP($F550,DADOS_COMPOSICAO,13,0),IF(G550=\"SICRO\",VLOOKUP($F550,DADOS_SICRO,4,0),IF(G550=\"SUDECAP\",VLOOKUP(F550,DADOS_SUDECAP,4,0),IF(G550=\"COTAÇÃO\",VLOOKUP(F550,DADOS_COTACAO,12,0),\"\"))))))","v":691.59},"BDI 1",{"$f":"TRUNC(J550*(1+$N$17),2)","v":874.99},{"$f":"IFERROR(TRUNC(I550*J550,2),\"\")","v":12152.96},{"$f":"IFERROR(TRUNC(L550*I550,2),\"\")","v":15375.76}]
[2000]
[2000,null,null,null,"Sala de Observação Masculino",{"$f":"4.25*1.65","v":7.0124999999999993},"m²"]
[2000,null,null,null,"Sala de Observação Feminino",{"$f":"4.25*1.65","v":7.0124999999999993},"m²"]
[2000,null,null,null,"Posto de Enfermagem",{"$f":"2.15*1.65","v":3.5474999999999999},"m²"]
[2000,null,null,null,"Total",{"$f":"SUM(F552:F554)","v":17.572499999999998},"m²"]
[2000]
[null,null,null,"6.6","VERGAS E CONTRAVERGAS",null,null,null,null,null,null,null,{"$f":"IFERROR(SUMIFS(M:M,A:A,LEFT(D557,SEARCH(\".\",D557)-1),B:B,RIGHT(D557,LEN(D557)-SEARCH(\".\",D557))),\"\")","v":24756.629999999997},{"$f":"IFERROR(SUMIFS(N:N,A:A,LEFT(D557,SEARCH(\".\",D557)-1),B:B,RIGHT(D557,LEN(D557)-SEARCH(\".\",D557))),\"\")","v":31320.21}]
[{"$f":"IFERROR(LEFT(D558,SEARCH(\".\",D558)-1),\"\")","v":"6"},{"$f":"IFERROR(LEFT(RIGHT(D558,LEN(D558)-SEARCH(\".\",D558)),SEARCH(\".\",RIGHT(D558,LEN(D558)-SEARCH(\".\",D558)))-1),\"\")","v":"6"},{"$f":"IFERROR(IF(LEN(D558)-LEN(SUBSTITUTE(D558,\".\",\"\"))<>3,\"\",MID(D558,SEARCH(\".\",D558,SEARCH(\".\",D558)+1)+1,LEN(D558)-SEARCH(\".\",D558,SEARCH(\".\",D558)+1)-(LEN(D558)-(SEARCH(\".\",D558,SEARCH(\".\",D558,SEARCH(\".\",D558)+1)+1)-1)))),\"\")","v":""},"6.6.1",{"$f":"IF($G558=\"SINAPI\",VLOOKUP($F558,DADOS_SINAPI,2,0),IF(G558=\"SETOP\",VLOOKUP($F558,DADOS_SETOP,2,0),IF(G558=\"CPU\",VLOOKUP($F558,DADOS_COMPOSICAO,2,0),IF(G558=\"SICRO\",VLOOKUP($F558,DADOS_SICRO,2,0),IF(G558=\"SUDECAP\",VLOOKUP(F558,DADOS_SUDECAP,2,0),IF(G558=\"COTAÇÃO\",VLOOKUP($F558,DADOS_COTACAO,2,0),\"\"))))))","v":"VERGA PRÉ-MOLDADA PARA PORTAS COM ATÉ 1,5 M DE VÃO. AF_03/2016"},93184,"SINAPI",{"$f":"IF(G558=\"SINAPI\",VLOOKUP($F558,DADOS_SINAPI,3,0),IF(G558=\"SETOP\",VLOOKUP($F558,DADOS_SETOP,3,0),IF(G558=\"CPU\",VLOOKUP($F558,DADOS_COMPOSICAO,10,0),IF(G558=\"SICRO\",VLOOKUP($F558,DADOS_SICRO,3,0),IF(G558=\"SUDECAP\",VLOOKUP(F558,DADOS_SUDECAP,3,0),IF(G558=\"COTAÇÃO\",VLOOKUP($F558,DADOS_COTACAO,9,0),\"\"))))))","v":"M"},{"$f":"F567","v":86.3},{"$f":"IF(G558=\"SINAPI\",VLOOKUP($F558,DADOS_SINAPI,4,0),IF(G558=\"SETOP\",VLOOKUP($F558,DADOS_SETOP,4,0),IF(G558=\"CPU\",VLOOKUP($F558,DADOS_COMPOSICAO,13,0),IF(G558=\"SICRO\",VLOOKUP($F558,DADOS_SICRO,4,0),IF(G558=\"SUDECAP\",VLOOKUP(F558,DADOS_SUDECAP,4,0),IF(G558=\"COTAÇÃO\",VLOOKUP(F558,DADOS_COTACAO,12,0),\"\"))))))","v":45.09},"BDI 1",{"$f":"TRUNC(J558*(1+$N$17),2)","v":57.04},{"$f":"IFERROR(TRUNC(I558*J558,2),\"\")","v":3891.26},{"$f":"IFERROR(TRUNC(L558*I558,2),\"\")","v":4922.55}]
[2000]
[2000,null,null,null,"PF2",{"$f":"(1+1)*2","v":4},"m"]
[2000,null,null,null,"PF3",{"$f":"(1+1)*2","v":4},"m"]
[2000,null,null,null,"PF4",{"$f":"(1.3+1)*1","v":2.2999999999999998},"m"]
[2000,null,null,null,"PM1",{"$f":"(0.9+1)*2","v":3.8},"m"]
[2000,null,null,null,"PM2",{"$f":"(1+1)*33","v":66},"m"]
[2000,null,null,null,"PS1",{"$f":"(1.1+1)*2","v":4.2},"m"]
[2000,null,null,null,"PV1",{"$f":"(1+1)*1","v":2},"m"]
[2000,null,null,null,"Total",{"$f":"SUM(F560:F566)","v":86.3},"m"]
[2000]
[{"$f":"IFERROR(LEFT(D569,SEARCH(\".\",D569)-1),\"\")","v":"6"},{"$f":"IFERROR(LEFT(RIGHT(D569,LEN(D569)-SEARCH(\".\",D569)),SEARCH(\".\",RIGHT(D569,LEN(D569)-SEARCH(\".\",D569)))-1),\"\")","v":"6"},{"$f":"IFERROR(IF(LEN(D569)-LEN(SUBSTITUTE(D569,\".\",\"\"))<>3,\"\",MID(D569,SEARCH(\".\",D569,SEARCH(\".\",D569)+1)+1,LEN(D569)-SEARCH(\".\",D569,SEARCH(\".\",D569)+1)-(LEN(D569)-(SEARCH(\".\",D569,SEARCH(\".\",D569,SEARCH(\".\",D569)+1)+1)-1)))),\"\")","v":""},"6.6.2",{"$f":"IF($G569=\"SINAPI\",VLOOKUP($F569,DADOS_SINAPI,2,0),IF(G569=\"SETOP\",VLOOKUP($F569,DADOS_SETOP,2,0),IF(G569=\"CPU\",VLOOKUP($F569,DADOS_COMPOSICAO,2,0),IF(G569=\"SICRO\",VLOOKUP($F569,DADOS_SICRO,2,0),IF(G569=\"SUDECAP\",VLOOKUP(F569,DADOS_SUDECAP,2,0),IF(G569=\"COTAÇÃO\",VLOOKUP($F569,DADOS_COTACAO,2,0),\"\"))))))","v":"VERGA PRÉ-MOLDADA PARA PORTAS COM MAIS DE 1,5 M DE VÃO. AF_03/2016"},93185,"SINAPI",{"$f":"IF(G569=\"SINAPI\",VLOOKUP($F569,DADOS_SINAPI,3,0),IF(G569=\"SETOP\",VLOOKUP($F569,DADOS_SETOP,3,0),IF(G569=\"CPU\",VLOOKUP($F569,DADOS_COMPOSICAO,10,0),IF(G569=\"SICRO\",VLOOKUP($F569,DADOS_SICRO,3,0),IF(G569=\"SUDECAP\",VLOOKUP(F569,DADOS_SUDECAP,3,0),IF(G569=\"COTAÇÃO\",VLOOKUP($F569,DADOS_COTACAO,9,0),\"\"))))))","v":"M"},{"$f":"F574","v":22.000000000000004},{"$f":"IF(G569=\"SINAPI\",VLOOKUP($F569,DADOS_SINAPI,4,0),IF(G569=\"SETOP\",VLOOKUP($F569,DADOS_SETOP,4,0),IF(G569=\"CPU\",VLOOKUP($F569,DADOS_COMPOSICAO,13,0),IF(G569=\"SICRO\",VLOOKUP($F569,DADOS_SICRO,4,0),IF(G569=\"SUDECAP\",VLOOKUP(F569,DADOS_SUDECAP,4,0),IF(G569=\"COTAÇÃO\",VLOOKUP(F569,DADOS_COTACAO,12,0),\"\"))))))","v":77.17},"BDI 1",{"$f":"TRUNC(J569*(1+$N$17),2)","v":97.63},{"$f":"IFERROR(TRUNC(I569*J569,2),\"\")","v":1697.74},{"$f":"IFERROR(TRUNC(L569*I569,2),\"\")","v":2147.86}]
[2000]
[2000,null,null,null,"PM3",{"$f":"(1.7+1)*4","v":10.8},"m"]
[2000,null,null,null,"PV2",{"$f":"(1.7+1)*3","v":8.1000000000000014},"m"]
[2000,null,null,null,"PV3",{"$f":"(2.1+1)*1","v":3.1},"m"]
[2000,null,null,null,"Total",{"$f":"SUM(F571:F573)","v":22.000000000000004},"m"]
[2000]
[{"$f":"IFERROR(LEFT(D576,SEARCH(\".\",D576)-1),\"\")","v":"6"},{"$f":"IFERROR(LEFT(RIGHT(D576,LEN(D576)-SEARCH(\".\",D576)),SEARCH(\".\",RIGHT(D576,LEN(D576)-SEARCH(\".\",D576)))-1),\"\")","v":"6"},{"$f":"IFERROR(IF(LEN(D576)-LEN(SUBSTITUTE(D576,\".\",\"\"))<>3,\"\",MID(D576,SEARCH(\".\",D576,SEARCH(\".\",D576)+1)+1,LEN(D576)-SEARCH(\".\",D576,SEARCH(\".\",D576)+1)-(LEN(D576)-(SEARCH(\".\",D576,SEARCH(\".\",D576,SEARCH(\".\",D576)+1)+1)-1)))),\"\")","v":""},"6.6.3",{"$f":"IF($G576=\"SINAPI\",VLOOKUP($F576,DADOS_SINAPI,2,0),IF(G576=\"SETOP\",VLOOKUP($F576,DADOS_SETOP,2,0),IF(G576=\"CPU\",VLOOKUP($F576,DADOS_COMPOSICAO,2,0),IF(G576=\"SICRO\",VLOOKUP($F576,DADOS_SICRO,2,0),IF(G576=\"SUDECAP\",VLOOKUP(F576,DADOS_SUDECAP,2,0),IF(G576=\"COTAÇÃO\",VLOOKUP($F576,DADOS_COTACAO,2,0),\"\"))))))","v":"VERGA PRÉ-MOLDADA PARA JANELAS COM ATÉ 1,5 M DE VÃO. AF_03/2016"},93182,"SINAPI",{"$f":"IF(G576=\"SINAPI\",VLOOKUP($F576,DADOS_SINAPI,3,0),IF(G576=\"SETOP\",VLOOKUP($F576,DADOS_SETOP,3,0),IF(G576=\"CPU\",VLOOKUP($F576,DADOS_COMPOSICAO,10,0),IF(G576=\"SICRO\",VLOOKUP($F576,DADOS_SICRO,3,0),IF(G576=\"SUDECAP\",VLOOKUP(F576,DADOS_SUDECAP,3,0),IF(G576=\"COTAÇÃO\",VLOOKUP($F576,DADOS_COTACAO,9,0),\"\"))))))","v":"M"},{"$f":"F582","v":43.5},{"$f":"IF(G576=\"SINAPI\",VLOOKUP($F576,DADOS_SINAPI,4,0),IF(G576=\"SETOP\",VLOOKUP($F576,DADOS_SETOP,4,0),IF(G576=\"CPU\",VLOOKUP($F576,DADOS_COMPOSICAO,13,0),IF(G576=\"SICRO\",VLOOKUP($F576,DADOS_SICRO,4,0),IF(G576=\"SUDECAP\",VLOOKUP(F576,DADOS_SUDECAP,4,0),IF(G576=\"COTAÇÃO\",VLOOKUP(F576,DADOS_COTACAO,12,0),\"\"))))))","v":61.35},"BDI 1",{"$f":"TRUNC(J576*(1+$N$17),2)","v":77.62},{"$f":"IFERROR(TRUNC(I576*J576,2),\"\")","v":2668.72},{"$f":"IFERROR(TRUNC(L576*I576,2),\"\")","v":3376.47}]
[2000]
[2000,null,null,null,"JA1",{"$f":"(1+1)*2","v":4},"m"]
[2000,null,null,null,"JA2",{"$f":"(1.2+1)*7","v":15.400000000000002},"m"]
[2000,null,null,null,"JA3",{"$f":"(1.2+1)*3","v":6.6000000000000005},"m"]
[2000,null,null,null,"JA4",{"$f":"(1.5+1)*7","v":17.5},"m"]
[2000,null,null,null,"Total",{"$f":"SUM(F578:F581)","v":43.5},"m"]
[2000]
[{"$f":"IFERROR(LEFT(D584,SEARCH(\".\",D584)-1),\"\")","v":"6"},{"$f":"IFERROR(LEFT(RIGHT(D584,LEN(D584)-SEARCH(\".\",D584)),SEARCH(\".\",RIGHT(D584,LEN(D584)-SEARCH(\".\",D584)))-1),\"\")","v":"6"},{"$f":"IFERROR(IF(LEN(D584)-LEN(SUBSTITUTE(D584,\".\",\"\"))<>3,\"\",MID(D584,SEARCH(\".\",D584,SEARCH(\".\",D584)+1)+1,LEN(D584)-SEARCH(\".\",D584,SEARCH(\".\",D584)+1)-(LEN(D584)-(SEARCH(\".\",D584,SEARCH(\".\",D584,SEARCH(\".\",D584)+1)+1)-1)))),\"\")","v":""},"6.6.4",{"$f":"IF($G584=\"SINAPI\",VLOOKUP($F584,DADOS_SINAPI,2,0),IF(G584=\"SETOP\",VLOOKUP($F584,DADOS_SETOP,2,0),IF(G584=\"CPU\",VLOOKUP($F584,DADOS_COMPOSICAO,2,0),IF(G584=\"SICRO\",VLOOKUP($F584,DADOS_SICRO,2,0),IF(G584=\"SUDECAP\",VLOOKUP(F584,DADOS_SUDECAP,2,0),IF(G584=\"COTAÇÃO\",VLOOKUP($F584,DADOS_COTACAO,2,0),\"\"))))))","v":"VERGA PRÉ-MOLDADA PARA JANELAS COM MAIS DE 1,5 M DE VÃO. AF_03/2016"},93183,"SINAPI",{"$f":"IF(G584=\"SINAPI\",VLOOKUP($F584,DADOS_SINAPI,3,0),IF(G584=\"SETOP\",VLOOKUP($F584,DADOS_SETOP,3,0),IF(G584=\"CPU\",VLOOKUP($F584,DADOS_COMPOSICAO,10,0),IF(G584=\"SICRO\",VLOOKUP($F584,DADOS_SICRO,3,0),IF(G584=\"SUDECAP\",VLOOKUP(F584,DADOS_SUDECAP,3,0),IF(G584=\"COTAÇÃO\",VLOOKUP($F584,DADOS_COTACAO,9,0),\"\"))))))","v":"M"},{"$f":"F591","v":91.1},{"$f":"IF(G584=\"SINAPI\",VLOOKUP($F584,DADOS_SINAPI,4,0),IF(G584=\"SETOP\",VLOOKUP($F584,DADOS_SETOP,4,0),IF(G584=\"CPU\",VLOOKUP($F584,DADOS_COMPOSICAO,13,0),IF(G584=\"SICRO\",VLOOKUP($F584,DADOS_SICRO,4,0),IF(G584=\"SUDECAP\",VLOOKUP(F584,DADOS_SUDECAP,4,0),IF(G584=\"COTAÇÃO\",VLOOKUP(F584,DADOS_COTACAO,12,0),\"\"))))))","v":78.31},"BDI 1",{"$f":"TRUNC(J584*(1+$N$17),2)","v":99.07},{"$f":"IFERROR(TRUNC(I584*J584,2),\"\")","v":7134.04},{"$f":"IFERROR(TRUNC(L584*I584,2),\"\")","v":9025.27}]
[2000]
[2000,null,null,null,"JA5",{"$f":"(2+1)*13","v":39},"m"]
[2000,null,null,null,"JA6",{"$f":"(2.2+1)*3","v":9.6000000000000014},"m"]
[2000,null,null,null,"JA7",{"$f":"(2.5+1)*4","v":14},"m"]
[2000,null,null,null,"JA8",{"$f":"(3+1)*6","v":24},"m"]
[2000,null,null,null,"JA9",{"$f":"(3.5+1)*1","v":4.5},"m"]
[2000,null,null,null,"Total",{"$f":"SUM(F586:F590)","v":91.1},"m"]
[2000]
[{"$f":"IFERROR(LEFT(D593,SEARCH(\".\",D593)-1),\"\")","v":"6"},{"$f":"IFERROR(LEFT(RIGHT(D593,LEN(D593)-SEARCH(\".\",D593)),SEARCH(\".\",RIGHT(D593,LEN(D593)-SEARCH(\".\",D593)))-1),\"\")","v":"6"},{"$f":"IFERROR(IF(LEN(D593)-LEN(SUBSTITUTE(D593,\".\",\"\"))<>3,\"\",MID(D593,SEARCH(\".\",D593,SEARCH(\".\",D593)+1)+1,LEN(D593)-SEARCH(\".\",D593,SEARCH(\".\",D593)+1)-(LEN(D593)-(SEARCH(\".\",D593,SEARCH(\".\",D593,SEARCH(\".\",D593)+1)+1)-1)))),\"\")","v":""},"6.6.5",{"$f":"IF($G593=\"SINAPI\",VLOOKUP($F593,DADOS_SINAPI,2,0),IF(G593=\"SETOP\",VLOOKUP($F593,DADOS_SETOP,2,0),IF(G593=\"CPU\",VLOOKUP($F593,DADOS_COMPOSICAO,2,0),IF(G593=\"SICRO\",VLOOKUP($F593,DADOS_SICRO,2,0),IF(G593=\"SUDECAP\",VLOOKUP(F593,DADOS_SUDECAP,2,0),IF(G593=\"COTAÇÃO\",VLOOKUP($F593,DADOS_COTACAO,2,0),\"\"))))))","v":"CONTRAVERGA PRÉ-MOLDADA PARA VÃOS DE ATÉ 1,5 M DE COMPRIMENTO. AF_03/2016"},93194,"SINAPI",{"$f":"IF(G593=\"SINAPI\",VLOOKUP($F593,DADOS_SINAPI,3,0),IF(G593=\"SETOP\",VLOOKUP($F593,DADOS_SETOP,3,0),IF(G593=\"CPU\",VLOOKUP($F593,DADOS_COMPOSICAO,10,0),IF(G593=\"SICRO\",VLOOKUP($F593,DADOS_SICRO,3,0),IF(G593=\"SUDECAP\",VLOOKUP(F593,DADOS_SUDECAP,3,0),IF(G593=\"COTAÇÃO\",VLOOKUP($F593,DADOS_COTACAO,9,0),\"\"))))))","v":"M"},{"$f":"F599","v":43.5},{"$f":"IF(G593=\"SINAPI\",VLOOKUP($F593,DADOS_SINAPI,4,0),IF(G593=\"SETOP\",VLOOKUP($F593,DADOS_SETOP,4,0),IF(G593=\"CPU\",VLOOKUP($F593,DADOS_COMPOSICAO,13,0),IF(G593=\"SICRO\",VLOOKUP($F593,DADOS_SICRO,4,0),IF(G593=\"SUDECAP\",VLOOKUP(F593,DADOS_SUDECAP,4,0),IF(G593=\"COTAÇÃO\",VLOOKUP(F593,DADOS_COTACAO,12,0),\"\"))))))","v":59.87},"BDI 1",{"$f":"TRUNC(J593*(1+$N$17),2)","v":75.739999999999995},{"$f":"IFERROR(TRUNC(I593*J593,2),\"\")","v":2604.34},{"$f":"IFERROR(TRUNC(L593*I593,2),\"\")","v":3294.69}]
[2000]
[2000,null,null,null,"JA1",{"$f":"(1+1)*2","v":4},"m"]
[2000,null,null,null,"JA2",{"$f":"(1.2+1)*7","v":15.400000000000002},"m"]
[2000,null,null,null,"JA3",{"$f":"(1.2+1)*3","v":6.6000000000000005},"m"]
[2000,null,null,null,"JA4",{"$f":"(1.5+1)*7","v":17.5},"m"]
[2000,null,null,null,"Total",{"$f":"SUM(F595:F598)","v":43.5},"m"]
[2000]
[{"$f":"IFERROR(LEFT(D601,SEARCH(\".\",D601)-1),\"\")","v":"6"},{"$f":"IFERROR(LEFT(RIGHT(D601,LEN(D601)-SEARCH(\".\",D601)),SEARCH(\".\",RIGHT(D601,LEN(D601)-SEARCH(\".\",D601)))-1),\"\")","v":"6"},{"$f":"IFERROR(IF(LEN(D601)-LEN(SUBSTITUTE(D601,\".\",\"\"))<>3,\"\",MID(D601,SEARCH(\".\",D601,SEARCH(\".\",D601)+1)+1,LEN(D601)-SEARCH(\".\",D601,SEARCH(\".\",D601)+1)-(LEN(D601)-(SEARCH(\".\",D601,SEARCH(\".\",D601,SEARCH(\".\",D601)+1)+1)-1)))),\"\")","v":""},"6.6.6",{"$f":"IF($G601=\"SINAPI\",VLOOKUP($F601,DADOS_SINAPI,2,0),IF(G601=\"SETOP\",VLOOKUP($F601,DADOS_SETOP,2,0),IF(G601=\"CPU\",VLOOKUP($F601,DADOS_COMPOSICAO,2,0),IF(G601=\"SICRO\",VLOOKUP($F601,DADOS_SICRO,2,0),IF(G601=\"SUDECAP\",VLOOKUP(F601,DADOS_SUDECAP,2,0),IF(G601=\"COTAÇÃO\",VLOOKUP($F601,DADOS_COTACAO,2,0),\"\"))))))","v":"CONTRAVERGA PRÉ-MOLDADA PARA VÃOS DE MAIS DE 1,5 M DE COMPRIMENTO. AF_03/2016"},93195,"SINAPI",{"$f":"IF(G601=\"SINAPI\",VLOOKUP($F601,DADOS_SINAPI,3,0),IF(G601=\"SETOP\",VLOOKUP($F601,DADOS_SETOP,3,0),IF(G601=\"CPU\",VLOOKUP($F601,DADOS_COMPOSICAO,10,0),IF(G601=\"SICRO\",VLOOKUP($F601,DADOS_SICRO,3,0),IF(G601=\"SUDECAP\",VLOOKUP(F601,DADOS_SUDECAP,3,0),IF(G601=\"COTAÇÃO\",VLOOKUP($F601,DADOS_COTACAO,9,0),\"\"))))))","v":"M"},{"$f":"F608","v":91.1},{"$f":"IF(G601=\"SINAPI\",VLOOKUP($F601,DADOS_SINAPI,4,0),IF(G601=\"SETOP\",VLOOKUP($F601,DADOS_SETOP,4,0),IF(G601=\"CPU\",VLOOKUP($F601,DADOS_COMPOSICAO,13,0),IF(G601=\"SICRO\",VLOOKUP($F601,DADOS_SICRO,4,0),IF(G601=\"SUDECAP\",VLOOKUP(F601,DADOS_SUDECAP,4,0),IF(G601=\"COTAÇÃO\",VLOOKUP(F601,DADOS_COTACAO,12,0),\"\"))))))","v":74.209999999999994},"BDI 1",{"$f":"TRUNC(J601*(1+$N$17),2)","v":93.89},{"$f":"IFERROR(TRUNC(I601*J601,2),\"\")","v":6760.53},{"$f":"IFERROR(TRUNC(L601*I601,2),\"\")","v":8553.3700000000008}]
[2000]
[2000,null,null,null,"JA5",{"$f":"(2+1)*13","v":39},"m"]
[2000,null,null,null,"JA6",{"$f":"(2.2+1)*3","v":9.6000000000000014},"m"]
[2000,null,null,null,"JA7",{"$f":"(2.5+1)*4","v":14},"m"]
[2000,null,null,null,"JA8",{"$f":"(3+1)*6","v":24},"m"]
[2000,null,null,null,"JA9",{"$f":"(3.5+1)*1","v":4.5},"m"]
[2000,null,null,null,"Total",{"$f":"SUM(F603:F607)","v":91.1},"m"]
[2000]
[null,null,null,"6.7","ACABAMENTOS",null,null,null,null,null,null,null,{"$f":"IFERROR(SUMIFS(M:M,A:A,LEFT(D610,SEARCH(\".\",D610)-1),B:B,RIGHT(D610,LEN(D610)-SEARCH(\".\",D610))),\"\")","v":32286.800000000007},{"$f":"IFERROR(SUMIFS(N:N,A:A,LEFT(D610,SEARCH(\".\",D610)-1),B:B,RIGHT(D610,LEN(D610)-SEARCH(\".\",D610))),\"\")","v":40844.01}]
[{"$f":"IFERROR(LEFT(D611,SEARCH(\".\",D611)-1),\"\")","v":"6"},{"$f":"IFERROR(LEFT(RIGHT(D611,LEN(D611)-SEARCH(\".\",D611)),SEARCH(\".\",RIGHT(D611,LEN(D611)-SEARCH(\".\",D611)))-1),\"\")","v":"7"},{"$f":"IFERROR(IF(LEN(D611)-LEN(SUBSTITUTE(D611,\".\",\"\"))<>3,\"\",MID(D611,SEARCH(\".\",D611,SEARCH(\".\",D611)+1)+1,LEN(D611)-SEARCH(\".\",D611,SEARCH(\".\",D611)+1)-(LEN(D611)-(SEARCH(\".\",D611,SEARCH(\".\",D611,SEARCH(\".\",D611)+1)+1)-1)))),\"\")","v":""},"6.7.1",{"$f":"IF($G611=\"SINAPI\",VLOOKUP($F611,DADOS_SINAPI,2,0),IF(G611=\"SETOP\",VLOOKUP($F611,DADOS_SETOP,2,0),IF(G611=\"CPU\",VLOOKUP($F611,DADOS_COMPOSICAO,2,0),IF(G611=\"SICRO\",VLOOKUP($F611,DADOS_SICRO,2,0),IF(G611=\"SUDECAP\",VLOOKUP(F611,DADOS_SUDECAP,2,0),IF(G611=\"COTAÇÃO\",VLOOKUP($F611,DADOS_COTACAO,2,0),\"\"))))))","v":"EMASSAMENTO EM ESQUADRIA DE MADEIRA COM MASSA A ÓLEO, DUAS (2) DEMÃOS, INCLUSIVE LIXAMENTO PARA PINTURA  A ÓLEO OU ESMALTE"},"ED-50482","SETOP",{"$f":"IF(G611=\"SINAPI\",VLOOKUP($F611,DADOS_SINAPI,3,0),IF(G611=\"SETOP\",VLOOKUP($F611,DADOS_SETOP,3,0),IF(G611=\"CPU\",VLOOKUP($F611,DADOS_COMPOSICAO,10,0),IF(G611=\"SICRO\",VLOOKUP($F611,DADOS_SICRO,3,0),IF(G611=\"SUDECAP\",VLOOKUP(F611,DADOS_SUDECAP,3,0),IF(G611=\"COTAÇÃO\",VLOOKUP($F611,DADOS_COTACAO,9,0),\"\"))))))","v":"m2"},{"$f":"F616","v":158.34},{"$f":"IF(G611=\"SINAPI\",VLOOKUP($F611,DADOS_SINAPI,4,0),IF(G611=\"SETOP\",VLOOKUP($F611,DADOS_SETOP,4,0),IF(G611=\"CPU\",VLOOKUP($F611,DADOS_COMPOSICAO,13,0),IF(G611=\"SICRO\",VLOOKUP($F611,DADOS_SICRO,4,0),IF(G611=\"SUDECAP\",VLOOKUP(F611,DADOS_SUDECAP,4,0),IF(G611=\"COTAÇÃO\",VLOOKUP(F611,DADOS_COTACAO,12,0),\"\"))))))","v":29.77},"BDI 1",{"$f":"TRUNC(J611*(1+$N$17),2)","v":37.659999999999997},{"$f":"IFERROR(TRUNC(I611*J611,2),\"\")","v":4713.78},{"$f":"IFERROR(TRUNC(L611*I611,2),\"\")","v":5963.08}]
[2000]
[2000,null,null,null,"PM1",6.72,"m²"]
[2000,null,null,null,"PM2",124.74,"m²"]
[2000,null,null,null,"PM3",26.88,"m²"]
[2000,null,null,null,"Total",{"$f":"SUM(F613:F615)","v":158.34},"m²"]
[2000]
[{"$f":"IFERROR(LEFT(D618,SEARCH(\".\",D618)-1),\"\")","v":"6"},{"$f":"IFERROR(LEFT(RIGHT(D618,LEN(D618)-SEARCH(\".\",D618)),SEARCH(\".\",RIGHT(D618,LEN(D618)-SEARCH(\".\",D618)))-1),\"\")","v":"7"},{"$f":"IFERROR(IF(LEN(D618)-LEN(SUBSTITUTE(D618,\".\",\"\"))<>3,\"\",MID(D618,SEARCH(\".\",D618,SEARCH(\".\",D618)+1)+1,LEN(D618)-SEARCH(\".\",D618,SEARCH(\".\",D618)+1)-(LEN(D618)-(SEARCH(\".\",D618,SEARCH(\".\",D618,SEARCH(\".\",D618)+1)+1)-1)))),\"\")","v":""},"6.7.2",{"$f":"IF($G618=\"SINAPI\",VLOOKUP($F618,DADOS_SINAPI,2,0),IF(G618=\"SETOP\",VLOOKUP($F618,DADOS_SETOP,2,0),IF(G618=\"CPU\",VLOOKUP($F618,DADOS_COMPOSICAO,2,0),IF(G618=\"SICRO\",VLOOKUP($F618,DADOS_SICRO,2,0),IF(G618=\"SUDECAP\",VLOOKUP(F618,DADOS_SUDECAP,2,0),IF(G618=\"COTAÇÃO\",VLOOKUP($F618,DADOS_COTACAO,2,0),\"\"))))))","v":"PINTURA ESMALTE EM ESQUADRIA DE MADEIRA, DUAS (2) DEMÃOS, INCLUSIVE UMA (1) DEMÃO DE FUNDO NIVELADOR, EXCLUSIVE MASSA A ÓLEO"},"ED-50493","SETOP",{"$f":"IF(G618=\"SINAPI\",VLOOKUP($F618,DADOS_SINAPI,3,0),IF(G618=\"SETOP\",VLOOKUP($F618,DADOS_SETOP,3,0),IF(G618=\"CPU\",VLOOKUP($F618,DADOS_COMPOSICAO,10,0),IF(G618=\"SICRO\",VLOOKUP($F618,DADOS_SICRO,3,0),IF(G618=\"SUDECAP\",VLOOKUP(F618,DADOS_SUDECAP,3,0),IF(G618=\"COTAÇÃO\",VLOOKUP($F618,DADOS_COTACAO,9,0),\"\"))))))","v":"m2"},{"$f":"F623","v":158.34},{"$f":"IF(G618=\"SINAPI\",VLOOKUP($F618,DADOS_SINAPI,4,0),IF(G618=\"SETOP\",VLOOKUP($F618,DADOS_SETOP,4,0),IF(G618=\"CPU\",VLOOKUP($F618,DADOS_COMPOSICAO,13,0),IF(G618=\"SICRO\",VLOOKUP($F618,DADOS_SICRO,4,0),IF(G618=\"SUDECAP\",VLOOKUP(F618,DADOS_SUDECAP,4,0),IF(G618=\"COTAÇÃO\",VLOOKUP(F618,DADOS_COTACAO,12,0),\"\"))))))","v":23.77},"BDI 1",{"$f":"TRUNC(J618*(1+$N$17),2)","v":30.07},{"$f":"IFERROR(TRUNC(I618*J618,2),\"\")","v":3763.74},{"$f":"IFERROR(TRUNC(L618*I618,2),\"\")","v":4761.28}]
[2000]
[2000,null,null,null,"PM1",6.72,"m²"]
[2000,null,null,null,"PM2",124.74,"m²"]
[2000,null,null,null,"PM3",26.88,"m²"]
[2000,null,null,null,"Total",{"$f":"SUM(F620:F622)","v":158.34},"m²"]
[2000]
[{"$f":"IFERROR(LEFT(D625,SEARCH(\".\",D625)-1),\"\")","v":"6"},{"$f":"IFERROR(LEFT(RIGHT(D625,LEN(D625)-SEARCH(\".\",D625)),SEARCH(\".\",RIGHT(D625,LEN(D625)-SEARCH(\".\",D625)))-1),\"\")","v":"7"},{"$f":"IFERROR(IF(LEN(D625)-LEN(SUBSTITUTE(D625,\".\",\"\"))<>3,\"\",MID(D625,SEARCH(\".\",D625,SEARCH(\".\",D625)+1)+1,LEN(D625)-SEARCH(\".\",D625,SEARCH(\".\",D625)+1)-(LEN(D625)-(SEARCH(\".\",D625,SEARCH(\".\",D625,SEARCH(\".\",D625)+1)+1)-1)))),\"\")","v":""},"6.7.3",{"$f":"IF($G625=\"SINAPI\",VLOOKUP($F625,DADOS_SINAPI,2,0),IF(G625=\"SETOP\",VLOOKUP($F625,DADOS_SETOP,2,0),IF(G625=\"CPU\",VLOOKUP($F625,DADOS_COMPOSICAO,2,0),IF(G625=\"SICRO\",VLOOKUP($F625,DADOS_SICRO,2,0),IF(G625=\"SUDECAP\",VLOOKUP(F625,DADOS_SUDECAP,2,0),IF(G625=\"COTAÇÃO\",VLOOKUP($F625,DADOS_COTACAO,2,0),\"\"))))))","v":"PINTURA ESMALTE EM ESTRUTURA METÁLICA, DUAS (2) DEMÃOS, INCLUSIVE UMA (1) DEMÃO FUNDO ANTICORROSIVO"},"ED-50497","SETOP",{"$f":"IF(G625=\"SINAPI\",VLOOKUP($F625,DADOS_SINAPI,3,0),IF(G625=\"SETOP\",VLOOKUP($F625,DADOS_SETOP,3,0),IF(G625=\"CPU\",VLOOKUP($F625,DADOS_COMPOSICAO,10,0),IF(G625=\"SICRO\",VLOOKUP($F625,DADOS_SICRO,3,0),IF(G625=\"SUDECAP\",VLOOKUP(F625,DADOS_SUDECAP,3,0),IF(G625=\"COTAÇÃO\",VLOOKUP($F625,DADOS_COTACAO,9,0),\"\"))))))","v":"m2"},{"$f":"F646","v":343.64150000000001},{"$f":"IF(G625=\"SINAPI\",VLOOKUP($F625,DADOS_SINAPI,4,0),IF(G625=\"SETOP\",VLOOKUP($F625,DADOS_SETOP,4,0),IF(G625=\"CPU\",VLOOKUP($F625,DADOS_COMPOSICAO,13,0),IF(G625=\"SICRO\",VLOOKUP($F625,DADOS_SICRO,4,0),IF(G625=\"SUDECAP\",VLOOKUP(F625,DADOS_SUDECAP,4,0),IF(G625=\"COTAÇÃO\",VLOOKUP(F625,DADOS_COTACAO,12,0),\"\"))))))","v":32.909999999999997},"BDI 1",{"$f":"TRUNC(J625*(1+$N$17),2)","v":41.63},{"$f":"IFERROR(TRUNC(I625*J625,2),\"\")","v":11309.24},{"$f":"IFERROR(TRUNC(L625*I625,2),\"\")","v":14305.79}]
[2000]
[2000,null,null,null,"PF1",48.96,"m²"]
[2000,null,null,null,"PF2",7.56,"m²"]
[2000,null,null,null,"PF3",6.48,"m²"]
[2000,null,null,null,"PF4",2.52,"m²"]
[2000,null,null,null,"PV1",2.84,"m²"]
[2000,null,null,null,"PV2",15.12,"m²"]
[2000,null,null,null,"PV3",6.3,"m²"]
[2000,null,null,null,"JA1",3,"m²"]
[2000,null,null,null,"JA2",7.56,"m²"]
[2000,null,null,null,"JA3",6.48,"m²"]
[2000,null,null,null,"JA4",18.899999999999999,"m²"]
[2000,null,null,null,"JA5",46.8,"m²"]
[2000,null,null,null,"JA6",11.88,"m²"]
[2000,null,null,null,"JA7",18,"m²"]
[2000,null,null,null,"JA8",32.4,"m²"]
[2000,null,null,null,"JA9",6.3,"m²"]
[2000,null,null,null,"Brises ",{"$f":"F1191*2","v":17.543999999999997},"m²"]
[2000,null,null,null,"Guarda-corpo",{"$f":"F444*1.05*2","v":78.75},"m²"]
[2000,null,null,null,"Corrimãos",{"$f":"F449*0.25","v":6.2474999999999996},"m²"]
[2000,null,null,null,"Total",{"$f":"SUM(F627:F645)","v":343.64150000000001},"m²"]
[2000]
[{"$f":"IFERROR(LEFT(D648,SEARCH(\".\",D648)-1),\"\")","v":"6"},{"$f":"IFERROR(LEFT(RIGHT(D648,LEN(D648)-SEARCH(\".\",D648)),SEARCH(\".\",RIGHT(D648,LEN(D648)-SEARCH(\".\",D648)))-1),\"\")","v":"7"},{"$f":"IFERROR(IF(LEN(D648)-LEN(SUBSTITUTE(D648,\".\",\"\"))<>3,\"\",MID(D648,SEARCH(\".\",D648,SEARCH(\".\",D648)+1)+1,LEN(D648)-SEARCH(\".\",D648,SEARCH(\".\",D648)+1)-(LEN(D648)-(SEARCH(\".\",D648,SEARCH(\".\",D648,SEARCH(\".\",D648)+1)+1)-1)))),\"\")","v":""},"6.7.4",{"$f":"IF($G648=\"SINAPI\",VLOOKUP($F648,DADOS_SINAPI,2,0),IF(G648=\"SETOP\",VLOOKUP($F648,DADOS_SETOP,2,0),IF(G648=\"CPU\",VLOOKUP($F648,DADOS_COMPOSICAO,2,0),IF(G648=\"SICRO\",VLOOKUP($F648,DADOS_SICRO,2,0),IF(G648=\"SUDECAP\",VLOOKUP(F648,DADOS_SUDECAP,2,0),IF(G648=\"COTAÇÃO\",VLOOKUP($F648,DADOS_COTACAO,2,0),\"\"))))))","v":"PINTURA ESMALTE EM ESQUADRIA DE PVC, DUAS (2) DEMÃOS."},"DAC-6.6","CPU",{"$f":"IF(G648=\"SINAPI\",VLOOKUP($F648,DADOS_SINAPI,3,0),IF(G648=\"SETOP\",VLOOKUP($F648,DADOS_SETOP,3,0),IF(G648=\"CPU\",VLOOKUP($F648,DADOS_COMPOSICAO,10,0),IF(G648=\"SICRO\",VLOOKUP($F648,DADOS_SICRO,3,0),IF(G648=\"SUDECAP\",VLOOKUP(F648,DADOS_SUDECAP,3,0),IF(G648=\"COTAÇÃO\",VLOOKUP($F648,DADOS_COTACAO,9,0),\"\"))))))","v":"M2"},{"$f":"F651","v":4.620000000000001},{"$f":"IF(G648=\"SINAPI\",VLOOKUP($F648,DADOS_SINAPI,4,0),IF(G648=\"SETOP\",VLOOKUP($F648,DADOS_SETOP,4,0),IF(G648=\"CPU\",VLOOKUP($F648,DADOS_COMPOSICAO,13,0),IF(G648=\"SICRO\",VLOOKUP($F648,DADOS_SICRO,4,0),IF(G648=\"SUDECAP\",VLOOKUP(F648,DADOS_SUDECAP,4,0),IF(G648=\"COTAÇÃO\",VLOOKUP(F648,DADOS_COTACAO,12,0),\"\"))))))","v":23.4056},"BDI 1",{"$f":"TRUNC(J648*(1+$N$17),2)","v":29.61},{"$f":"IFERROR(TRUNC(I648*J648,2),\"\")","v":108.13},{"$f":"IFERROR(TRUNC(L648*I648,2),\"\")","v":136.79}]
[2000]
[2000,null,null,null,"PS1",{"$f":"1.1*2.1*2","v":4.620000000000001},"m²"]
[2000,null,null,null,"Total",{"$f":"SUM(F650:F650)","v":4.620000000000001},"m²"]
[2000]
[{"$f":"IFERROR(LEFT(D653,SEARCH(\".\",D653)-1),\"\")","v":"6"},{"$f":"IFERROR(LEFT(RIGHT(D653,LEN(D653)-SEARCH(\".\",D653)),SEARCH(\".\",RIGHT(D653,LEN(D653)-SEARCH(\".\",D653)))-1),\"\")","v":"7"},{"$f":"IFERROR(IF(LEN(D653)-LEN(SUBSTITUTE(D653,\".\",\"\"))<>3,\"\",MID(D653,SEARCH(\".\",D653,SEARCH(\".\",D653)+1)+1,LEN(D653)-SEARCH(\".\",D653,SEARCH(\".\",D653)+1)-(LEN(D653)-(SEARCH(\".\",D653,SEARCH(\".\",D653,SEARCH(\".\",D653)+1)+1)-1)))),\"\")","v":""},"6.7.5",{"$f":"IF($G653=\"SINAPI\",VLOOKUP($F653,DADOS_SINAPI,2,0),IF(G653=\"SETOP\",VLOOKUP($F653,DADOS_SETOP,2,0),IF(G653=\"CPU\",VLOOKUP($F653,DADOS_COMPOSICAO,2,0),IF(G653=\"SICRO\",VLOOKUP($F653,DADOS_SICRO,2,0),IF(G653=\"SUDECAP\",VLOOKUP(F653,DADOS_SUDECAP,2,0),IF(G653=\"COTAÇÃO\",VLOOKUP($F653,DADOS_COTACAO,2,0),\"\"))))))","v":"PEITORIL DE GRANITO CINZA ANDORINHA E = 3 CM"},"ED-50998","SETOP",{"$f":"IF(G653=\"SINAPI\",VLOOKUP($F653,DADOS_SINAPI,3,0),IF(G653=\"SETOP\",VLOOKUP($F653,DADOS_SETOP,3,0),IF(G653=\"CPU\",VLOOKUP($F653,DADOS_COMPOSICAO,10,0),IF(G653=\"SICRO\",VLOOKUP($F653,DADOS_SICRO,3,0),IF(G653=\"SUDECAP\",VLOOKUP(F653,DADOS_SUDECAP,3,0),IF(G653=\"COTAÇÃO\",VLOOKUP($F653,DADOS_COTACAO,9,0),\"\"))))))","v":"m2"},{"$f":"F664","v":22.16},{"$f":"IF(G653=\"SINAPI\",VLOOKUP($F653,DADOS_SINAPI,4,0),IF(G653=\"SETOP\",VLOOKUP($F653,DADOS_SETOP,4,0),IF(G653=\"CPU\",VLOOKUP($F653,DADOS_COMPOSICAO,13,0),IF(G653=\"SICRO\",VLOOKUP($F653,DADOS_SICRO,4,0),IF(G653=\"SUDECAP\",VLOOKUP(F653,DADOS_SUDECAP,4,0),IF(G653=\"COTAÇÃO\",VLOOKUP(F653,DADOS_COTACAO,12,0),\"\"))))))","v":281.89},"BDI 1",{"$f":"TRUNC(J653*(1+$N$17),2)","v":356.64},{"$f":"IFERROR(TRUNC(I653*J653,2),\"\")","v":6246.68},{"$f":"IFERROR(TRUNC(L653*I653,2),\"\")","v":7903.14}]
[2000]
[2000,null,null,null,"JA1",0.5,"m²"]
[2000,null,null,null,"JA2",2.1,"m²"]
[2000,null,null,null,"JA3",0.9,"m²"]
[2000,null,null,null,"JA4",2.63,"m²"]
[2000,null,null,null,"JA5",6.5,"m²"]
[2000,null,null,null,"JA6",1.65,"m²"]
[2000,null,null,null,"JA7",2.5,"m²"]
[2000,null,null,null,"JA8",4.5,"m²"]
[2000,null,null,null,"JA9",0.88,"m²"]
[2000,null,null,null,"Total",{"$f":"SUM(F655:F663)","v":22.16},"m²"]
[2000]
[{"$f":"IFERROR(LEFT(D666,SEARCH(\".\",D666)-1),\"\")","v":"6"},{"$f":"IFERROR(LEFT(RIGHT(D666,LEN(D666)-SEARCH(\".\",D666)),SEARCH(\".\",RIGHT(D666,LEN(D666)-SEARCH(\".\",D666)))-1),\"\")","v":"7"},{"$f":"IFERROR(IF(LEN(D666)-LEN(SUBSTITUTE(D666,\".\",\"\"))<>3,\"\",MID(D666,SEARCH(\".\",D666,SEARCH(\".\",D666)+1)+1,LEN(D666)-SEARCH(\".\",D666,SEARCH(\".\",D666)+1)-(LEN(D666)-(SEARCH(\".\",D666,SEARCH(\".\",D666,SEARCH(\".\",D666)+1)+1)-1)))),\"\")","v":""},"6.7.6",{"$f":"IF($G666=\"SINAPI\",VLOOKUP($F666,DADOS_SINAPI,2,0),IF(G666=\"SETOP\",VLOOKUP($F666,DADOS_SETOP,2,0),IF(G666=\"CPU\",VLOOKUP($F666,DADOS_COMPOSICAO,2,0),IF(G666=\"SICRO\",VLOOKUP($F666,DADOS_SICRO,2,0),IF(G666=\"SUDECAP\",VLOOKUP(F666,DADOS_SUDECAP,2,0),IF(G666=\"COTAÇÃO\",VLOOKUP($F666,DADOS_COTACAO,2,0),\"\"))))))","v":"PELÍCULA JATEADA PARA VIDROS"},"COT-ARQ-007","COTAÇÃO",{"$f":"IF(G666=\"SINAPI\",VLOOKUP($F666,DADOS_SINAPI,3,0),IF(G666=\"SETOP\",VLOOKUP($F666,DADOS_SETOP,3,0),IF(G666=\"CPU\",VLOOKUP($F666,DADOS_COMPOSICAO,10,0),IF(G666=\"SICRO\",VLOOKUP($F666,DADOS_SICRO,3,0),IF(G666=\"SUDECAP\",VLOOKUP(F666,DADOS_SUDECAP,3,0),IF(G666=\"COTAÇÃO\",VLOOKUP($F666,DADOS_COTACAO,9,0),\"\"))))))","v":"M2"},{"$f":"F676","v":98.88000000000001},{"$f":"IF(G666=\"SINAPI\",VLOOKUP($F666,DADOS_SINAPI,4,0),IF(G666=\"SETOP\",VLOOKUP($F666,DADOS_SETOP,4,0),IF(G666=\"CPU\",VLOOKUP($F666,DADOS_COMPOSICAO,13,0),IF(G666=\"SICRO\",VLOOKUP($F666,DADOS_SICRO,4,0),IF(G666=\"SUDECAP\",VLOOKUP(F666,DADOS_SUDECAP,4,0),IF(G666=\"COTAÇÃO\",VLOOKUP(F666,DADOS_COTACAO,12,0),\"\"))))))","v":56.539999999999992},"BDI 1",{"$f":"TRUNC(J666*(1+$N$17),2)","v":71.53},{"$f":"IFERROR(TRUNC(I666*J666,2),\"\")","v":5590.67},{"$f":"IFERROR(TRUNC(L666*I666,2),\"\")","v":7072.88}]
[2000]
[2000,null,null,null,"JA2",5.04,"m²"]
[2000,null,null,null,"JA3",4.32,"m²"]
[2000,null,null,null,"JA4",12.6,"m²"]
[2000,null,null,null,"JA5",31.2,"m²"]
[2000,null,null,null,"JA6",7.92,"m²"]
[2000,null,null,null,"JA7",12,"m²"]
[2000,null,null,null,"JA8",21.6,"m²"]
[2000,null,null,null,"JA9",4.2,"m²"]
[2000,null,null,null,"Total",{"$f":"SUM(F668:F675)","v":98.88000000000001},"m²"]
[2000]
[{"$f":"IFERROR(LEFT(D678,SEARCH(\".\",D678)-1),\"\")","v":"6"},{"$f":"IFERROR(LEFT(RIGHT(D678,LEN(D678)-SEARCH(\".\",D678)),SEARCH(\".\",RIGHT(D678,LEN(D678)-SEARCH(\".\",D678)))-1),\"\")","v":"7"},{"$f":"IFERROR(IF(LEN(D678)-LEN(SUBSTITUTE(D678,\".\",\"\"))<>3,\"\",MID(D678,SEARCH(\".\",D678,SEARCH(\".\",D678)+1)+1,LEN(D678)-SEARCH(\".\",D678,SEARCH(\".\",D678)+1)-(LEN(D678)-(SEARCH(\".\",D678,SEARCH(\".\",D678,SEARCH(\".\",D678)+1)+1)-1)))),\"\")","v":""},"6.7.7",{"$f":"IF($G678=\"SINAPI\",VLOOKUP($F678,DADOS_SINAPI,2,0),IF(G678=\"SETOP\",VLOOKUP($F678,DADOS_SETOP,2,0),IF(G678=\"CPU\",VLOOKUP($F678,DADOS_COMPOSICAO,2,0),IF(G678=\"SICRO\",VLOOKUP($F678,DADOS_SICRO,2,0),IF(G678=\"SUDECAP\",VLOOKUP(F678,DADOS_SUDECAP,2,0),IF(G678=\"COTAÇÃO\",VLOOKUP($F678,DADOS_COTACAO,2,0),\"\"))))))","v":"APLICAÇÃO DE PELÍCULA JATEADA EM ESQUADRIAS"},"DAC-6.5","CPU",{"$f":"IF(G678=\"SINAPI\",VLOOKUP($F678,DADOS_SINAPI,3,0),IF(G678=\"SETOP\",VLOOKUP($F678,DADOS_SETOP,3,0),IF(G678=\"CPU\",VLOOKUP($F678,DADOS_COMPOSICAO,10,0),IF(G678=\"SICRO\",VLOOKUP($F678,DADOS_SICRO,3,0),IF(G678=\"SUDECAP\",VLOOKUP(F678,DADOS_SUDECAP,3,0),IF(G678=\"COTAÇÃO\",VLOOKUP($F678,DADOS_COTACAO,9,0),\"\"))))))","v":"M2"},{"$f":"F688","v":98.88000000000001},{"$f":"IF(G678=\"SINAPI\",VLOOKUP($F678,DADOS_SINAPI,4,0),IF(G678=\"SETOP\",VLOOKUP($F678,DADOS_SETOP,4,0),IF(G678=\"CPU\",VLOOKUP($F678,DADOS_COMPOSICAO,13,0),IF(G678=\"SICRO\",VLOOKUP($F678,DADOS_SICRO,4,0),IF(G678=\"SUDECAP\",VLOOKUP(F678,DADOS_SUDECAP,4,0),IF(G678=\"COTAÇÃO\",VLOOKUP(F678,DADOS_COTACAO,12,0),\"\"))))))","v":5.6084599999999991},"BDI 1",{"$f":"TRUNC(J678*(1+$N$17),2)","v":7.09},{"$f":"IFERROR(TRUNC(I678*J678,2),\"\")","v":554.55999999999995},{"$f":"IFERROR(TRUNC(L678*I678,2),\"\")","v":701.05}]
[2000]
[2000,null,null,null,"JA2",5.04,"m²"]
[2000,null,null,null,"JA3",4.32,"m²"]
[2000,null,null,null,"JA4",12.6,"m²"]
[2000,null,null,null,"JA5",31.2,"m²"]
[2000,null,null,null,"JA6",7.92,"m²"]
[2000,null,null,null,"JA7",12,"m²"]
[2000,null,null,null,"JA8",21.6,"m²"]
[2000,null,null,null,"JA9",4.2,"m²"]
[2000,null,null,null,"Total",{"$f":"SUM(F680:F687)","v":98.88000000000001},"m²"]
[2000]
[null,null,null,"6.8","ACESSÓRIOS",null,null,null,null,null,null,null,{"$f":"IFERROR(SUMIFS(M:M,A:A,LEFT(D690,SEARCH(\".\",D690)-1),B:B,RIGHT(D690,LEN(D690)-SEARCH(\".\",D690))),\"\")","v":20172.189999999999},{"$f":"IFERROR(SUMIFS(N:N,A:A,LEFT(D690,SEARCH(\".\",D690)-1),B:B,RIGHT(D690,LEN(D690)-SEARCH(\".\",D690))),\"\")","v":25521.16}]
[{"$f":"IFERROR(LEFT(D691,SEARCH(\".\",D691)-1),\"\")","v":"6"},{"$f":"IFERROR(LEFT(RIGHT(D691,LEN(D691)-SEARCH(\".\",D691)),SEARCH(\".\",RIGHT(D691,LEN(D691)-SEARCH(\".\",D691)))-1),\"\")","v":"8"},{"$f":"IFERROR(IF(LEN(D691)-LEN(SUBSTITUTE(D691,\".\",\"\"))<>3,\"\",MID(D691,SEARCH(\".\",D691,SEARCH(\".\",D691)+1)+1,LEN(D691)-SEARCH(\".\",D691,SEARCH(\".\",D691)+1)-(LEN(D691)-(SEARCH(\".\",D691,SEARCH(\".\",D691,SEARCH(\".\",D691)+1)+1)-1)))),\"\")","v":""},"6.8.1",{"$f":"IF($G691=\"SINAPI\",VLOOKUP($F691,DADOS_SINAPI,2,0),IF(G691=\"SETOP\",VLOOKUP($F691,DADOS_SETOP,2,0),IF(G691=\"CPU\",VLOOKUP($F691,DADOS_COMPOSICAO,2,0),IF(G691=\"SICRO\",VLOOKUP($F691,DADOS_SICRO,2,0),IF(G691=\"SUDECAP\",VLOOKUP(F691,DADOS_SUDECAP,2,0),IF(G691=\"COTAÇÃO\",VLOOKUP($F691,DADOS_COTACAO,2,0),\"\"))))))","v":"BARRA DE APOIO EM AÇO INOX POLIDO RETA, DN 1.1/4\" (31,75MM), PARA ACESSIBILIDADE (PMR/PCR), COMPRIMENTO 80CM, INSTALADO EM PAREDE, INCLUSIVE FORNECIMENTO, INSTALAÇÃO E ACESSÓRIOS PARA FIXAÇÃO"},"ED-48160","SETOP",{"$f":"IF(G691=\"SINAPI\",VLOOKUP($F691,DADOS_SINAPI,3,0),IF(G691=\"SETOP\",VLOOKUP($F691,DADOS_SETOP,3,0),IF(G691=\"CPU\",VLOOKUP($F691,DADOS_COMPOSICAO,10,0),IF(G691=\"SICRO\",VLOOKUP($F691,DADOS_SICRO,3,0),IF(G691=\"SUDECAP\",VLOOKUP(F691,DADOS_SUDECAP,3,0),IF(G691=\"COTAÇÃO\",VLOOKUP($F691,DADOS_COTACAO,9,0),\"\"))))))","v":"un"},{"$f":"F699","v":22},{"$f":"IF(G691=\"SINAPI\",VLOOKUP($F691,DADOS_SINAPI,4,0),IF(G691=\"SETOP\",VLOOKUP($F691,DADOS_SETOP,4,0),IF(G691=\"CPU\",VLOOKUP($F691,DADOS_COMPOSICAO,13,0),IF(G691=\"SICRO\",VLOOKUP($F691,DADOS_SICRO,4,0),IF(G691=\"SUDECAP\",VLOOKUP(F691,DADOS_SUDECAP,4,0),IF(G691=\"COTAÇÃO\",VLOOKUP(F691,DADOS_COTACAO,12,0),\"\"))))))","v":226.84},"BDI 1",{"$f":"TRUNC(J691*(1+$N$17),2)","v":286.99},{"$f":"IFERROR(TRUNC(I691*J691,2),\"\")","v":4990.4799999999996},{"$f":"IFERROR(TRUNC(L691*I691,2),\"\")","v":6313.78}]
[2000]
[2000,null,null,null,"IS PNE Masculino 1",3,"un"]
[2000,null,null,null,"IS PNE Feminino 1",3,"un"]
[2000,null,null,null,"IS PNE Masculino 2",5,"un"]
[2000,null,null,null,"IS PNE Feminino 2",5,"un"]
[2000,null,null,null,"IS PNE Masculino 3",3,"un"]
[2000,null,null,null,"IS PNE Feminino 3",3,"un"]
[2000,null,null,null,"Total",{"$f":"SUM(F693:F698)","v":22},"un"]
[2000]
[{"$f":"IFERROR(LEFT(D701,SEARCH(\".\",D701)-1),\"\")","v":"6"},{"$f":"IFERROR(LEFT(RIGHT(D701,LEN(D701)-SEARCH(\".\",D701)),SEARCH(\".\",RIGHT(D701,LEN(D701)-SEARCH(\".\",D701)))-1),\"\")","v":"8"},{"$f":"IFERROR(IF(LEN(D701)-LEN(SUBSTITUTE(D701,\".\",\"\"))<>3,\"\",MID(D701,SEARCH(\".\",D701,SEARCH(\".\",D701)+1)+1,LEN(D701)-SEARCH(\".\",D701,SEARCH(\".\",D701)+1)-(LEN(D701)-(SEARCH(\".\",D701,SEARCH(\".\",D701,SEARCH(\".\",D701)+1)+1)-1)))),\"\")","v":""},"6.8.2",{"$f":"IF($G701=\"SINAPI\",VLOOKUP($F701,DADOS_SINAPI,2,0),IF(G701=\"SETOP\",VLOOKUP($F701,DADOS_SETOP,2,0),IF(G701=\"CPU\",VLOOKUP($F701,DADOS_COMPOSICAO,2,0),IF(G701=\"SICRO\",VLOOKUP($F701,DADOS_SICRO,2,0),IF(G701=\"SUDECAP\",VLOOKUP(F701,DADOS_SUDECAP,2,0),IF(G701=\"COTAÇÃO\",VLOOKUP($F701,DADOS_COTACAO,2,0),\"\"))))))","v":"BARRA DE APOIO EM AÇO INOX POLIDO RETA, DN 1.1/4\" (31,75MM), PARA ACESSIBILIDADE (PMR/PCR), COMPRIMENTO 40CM, INSTALADO EM PORTA/PAREDE, INCLUSIVE FORNECIMENTO, INSTALAÇÃO E ACESSÓRIOS PARA FIXAÇÃO"},"ED-48163","SETOP",{"$f":"IF(G701=\"SINAPI\",VLOOKUP($F701,DADOS_SINAPI,3,0),IF(G701=\"SETOP\",VLOOKUP($F701,DADOS_SETOP,3,0),IF(G701=\"CPU\",VLOOKUP($F701,DADOS_COMPOSICAO,10,0),IF(G701=\"SICRO\",VLOOKUP($F701,DADOS_SICRO,3,0),IF(G701=\"SUDECAP\",VLOOKUP(F701,DADOS_SUDECAP,3,0),IF(G701=\"COTAÇÃO\",VLOOKUP($F701,DADOS_COTACAO,9,0),\"\"))))))","v":"un"},{"$f":"F709","v":16},{"$f":"IF(G701=\"SINAPI\",VLOOKUP($F701,DADOS_SINAPI,4,0),IF(G701=\"SETOP\",VLOOKUP($F701,DADOS_SETOP,4,0),IF(G701=\"CPU\",VLOOKUP($F701,DADOS_COMPOSICAO,13,0),IF(G701=\"SICRO\",VLOOKUP($F701,DADOS_SICRO,4,0),IF(G701=\"SUDECAP\",VLOOKUP(F701,DADOS_SUDECAP,4,0),IF(G701=\"COTAÇÃO\",VLOOKUP(F701,DADOS_COTACAO,12,0),\"\"))))))","v":135.03},"BDI 1",{"$f":"TRUNC(J701*(1+$N$17),2)","v":170.83},{"$f":"IFERROR(TRUNC(I701*J701,2),\"\")","v":2160.48},{"$f":"IFERROR(TRUNC(L701*I701,2),\"\")","v":2733.28}]
[2000]
[2000,null,null,null,"IS PNE Masculino 1",3,"un"]
[2000,null,null,null,"IS PNE Feminino 1",3,"un"]
[2,null,null,null,"IS PNE Masculino 2",2,"un"]
[2000,null,null,null,"IS PNE Feminino 2",2,"un"]
[2000,null,null,null,"IS PNE Masculino 3",3,"un"]
[2000,null,null,null,"IS PNE Feminino 3",3,"un"]
[2000,null,null,null,"Total",{"$f":"SUM(F703:F708)","v":16},"un"]
[2000]
[{"$f":"IFERROR(LEFT(D711,SEARCH(\".\",D711)-1),\"\")","v":"6"},{"$f":"IFERROR(LEFT(RIGHT(D711,LEN(D711)-SEARCH(\".\",D711)),SEARCH(\".\",RIGHT(D711,LEN(D711)-SEARCH(\".\",D711)))-1),\"\")","v":"8"},{"$f":"IFERROR(IF(LEN(D711)-LEN(SUBSTITUTE(D711,\".\",\"\"))<>3,\"\",MID(D711,SEARCH(\".\",D711,SEARCH(\".\",D711)+1)+1,LEN(D711)-SEARCH(\".\",D711,SEARCH(\".\",D711)+1)-(LEN(D711)-(SEARCH(\".\",D711,SEARCH(\".\",D711,SEARCH(\".\",D711)+1)+1)-1)))),\"\")","v":""},"6.8.3",{"$f":"IF($G711=\"SINAPI\",VLOOKUP($F711,DADOS_SINAPI,2,0),IF(G711=\"SETOP\",VLOOKUP($F711,DADOS_SETOP,2,0),IF(G711=\"CPU\",VLOOKUP($F711,DADOS_COMPOSICAO,2,0),IF(G711=\"SICRO\",VLOOKUP($F711,DADOS_SICRO,2,0),IF(G711=\"SUDECAP\",VLOOKUP(F711,DADOS_SUDECAP,2,0),IF(G711=\"COTAÇÃO\",VLOOKUP($F711,DADOS_COTACAO,2,0),\"\"))))))","v":"BARRA DE APOIO LATERAL ARTICULADA, COM TRAVA, EM ACO INOX POLIDO, FIXADA NA PAREDE - FORNECIMENTO E INSTALAÇÃO. AF_01/2020"},100865,"SINAPI",{"$f":"IF(G711=\"SINAPI\",VLOOKUP($F711,DADOS_SINAPI,3,0),IF(G711=\"SETOP\",VLOOKUP($F711,DADOS_SETOP,3,0),IF(G711=\"CPU\",VLOOKUP($F711,DADOS_COMPOSICAO,10,0),IF(G711=\"SICRO\",VLOOKUP($F711,DADOS_SICRO,3,0),IF(G711=\"SUDECAP\",VLOOKUP(F711,DADOS_SUDECAP,3,0),IF(G711=\"COTAÇÃO\",VLOOKUP($F711,DADOS_COTACAO,9,0),\"\"))))))","v":"UN"},{"$f":"F715","v":2},{"$f":"IF(G711=\"SINAPI\",VLOOKUP($F711,DADOS_SINAPI,4,0),IF(G711=\"SETOP\",VLOOKUP($F711,DADOS_SETOP,4,0),IF(G711=\"CPU\",VLOOKUP($F711,DADOS_COMPOSICAO,13,0),IF(G711=\"SICRO\",VLOOKUP($F711,DADOS_SICRO,4,0),IF(G711=\"SUDECAP\",VLOOKUP(F711,DADOS_SUDECAP,4,0),IF(G711=\"COTAÇÃO\",VLOOKUP(F711,DADOS_COTACAO,12,0),\"\"))))))","v":601.21},"BDI 1",{"$f":"TRUNC(J711*(1+$N$17),2)","v":760.65},{"$f":"IFERROR(TRUNC(I711*J711,2),\"\")","v":1202.42},{"$f":"IFERROR(TRUNC(L711*I711,2),\"\")","v":1521.3}]
[2000]
[2,null,null,null,"IS PNE Masculino 2",1,"un"]
[1,null,null,null,"IS PNE Feminino 2",1,"un"]
[2000,null,null,null,"Total",{"$f":"SUM(F713:F714)","v":2},"un"]
[2000]
[{"$f":"IFERROR(LEFT(D717,SEARCH(\".\",D717)-1),\"\")","v":"6"},{"$f":"IFERROR(LEFT(RIGHT(D717,LEN(D717)-SEARCH(\".\",D717)),SEARCH(\".\",RIGHT(D717,LEN(D717)-SEARCH(\".\",D717)))-1),\"\")","v":"8"},{"$f":"IFERROR(IF(LEN(D717)-LEN(SUBSTITUTE(D717,\".\",\"\"))<>3,\"\",MID(D717,SEARCH(\".\",D717,SEARCH(\".\",D717)+1)+1,LEN(D717)-SEARCH(\".\",D717,SEARCH(\".\",D717)+1)-(LEN(D717)-(SEARCH(\".\",D717,SEARCH(\".\",D717,SEARCH(\".\",D717)+1)+1)-1)))),\"\")","v":""},"6.8.4",{"$f":"IF($G717=\"SINAPI\",VLOOKUP($F717,DADOS_SINAPI,2,0),IF(G717=\"SETOP\",VLOOKUP($F717,DADOS_SETOP,2,0),IF(G717=\"CPU\",VLOOKUP($F717,DADOS_COMPOSICAO,2,0),IF(G717=\"SICRO\",VLOOKUP($F717,DADOS_SICRO,2,0),IF(G717=\"SUDECAP\",VLOOKUP(F717,DADOS_SUDECAP,2,0),IF(G717=\"COTAÇÃO\",VLOOKUP($F717,DADOS_COTACAO,2,0),\"\"))))))","v":"FORNECIMENTO E INSTALAÇÃO DE ESPELHO CRISTAL, ESPESSURA 4 MM"},"DAC-6.7","CPU",{"$f":"IF(G717=\"SINAPI\",VLOOKUP($F717,DADOS_SINAPI,3,0),IF(G717=\"SETOP\",VLOOKUP($F717,DADOS_SETOP,3,0),IF(G717=\"CPU\",VLOOKUP($F717,DADOS_COMPOSICAO,10,0),IF(G717=\"SICRO\",VLOOKUP($F717,DADOS_SICRO,3,0),IF(G717=\"SUDECAP\",VLOOKUP(F717,DADOS_SUDECAP,3,0),IF(G717=\"COTAÇÃO\",VLOOKUP($F717,DADOS_COTACAO,9,0),\"\"))))))","v":"M2"},{"$f":"F732","v":16.14},{"$f":"IF(G717=\"SINAPI\",VLOOKUP($F717,DADOS_SINAPI,4,0),IF(G717=\"SETOP\",VLOOKUP($F717,DADOS_SETOP,4,0),IF(G717=\"CPU\",VLOOKUP($F717,DADOS_COMPOSICAO,13,0),IF(G717=\"SICRO\",VLOOKUP($F717,DADOS_SICRO,4,0),IF(G717=\"SUDECAP\",VLOOKUP(F717,DADOS_SUDECAP,4,0),IF(G717=\"COTAÇÃO\",VLOOKUP(F717,DADOS_COTACAO,12,0),\"\"))))))","v":389.24449999999996},"BDI 1",{"$f":"TRUNC(J717*(1+$N$17),2)","v":492.47},{"$f":"IFERROR(TRUNC(I717*J717,2),\"\")","v":6282.4},{"$f":"IFERROR(TRUNC(L717*I717,2),\"\")","v":7948.46}]
[2000]
[2000,null,null,null,"IS Masculino 1",1.35,"m²"]
[2000,null,null,null,"IS PNE Masculino 1",1.08,"m²"]
[2000,null,null,null,"IS PNE Feminino 1",1.08,"m²"]
[2000,null,null,null,"IS Feminino 1",1.35,"m²"]
[2000,null,null,null,"IS PNE Masculino 2",1.08,"m²"]
[2000,null,null,null,"IS PNE Feminino 2",1.08,"m²"]
[2000,null,null,null,"Vestiário Masculino",1.86,"m²"]
[2000,null,null,null,"Vestiário Feminino",1.86,"m²"]
[2000,null,null,null,"IS Quarto",0.54,"m²"]
[2000,null,null,null,"IS Masculino 2",1.35,"m²"]
[2000,null,null,null,"IS PNE Masculino 3",1.08,"m²"]
[2000,null,null,null,"IS PNE Feminino 3",1.08,"m²"]
[2000,null,null,null,"IS Feminino 2",1.35,"m²"]
[2000,null,null,null,"Total",{"$f":"SUM(F719:F731)","v":16.14},"m²"]
[2000]
[{"$f":"IFERROR(LEFT(D734,SEARCH(\".\",D734)-1),\"\")","v":"6"},{"$f":"IFERROR(LEFT(RIGHT(D734,LEN(D734)-SEARCH(\".\",D734)),SEARCH(\".\",RIGHT(D734,LEN(D734)-SEARCH(\".\",D734)))-1),\"\")","v":"8"},{"$f":"IFERROR(IF(LEN(D734)-LEN(SUBSTITUTE(D734,\".\",\"\"))<>3,\"\",MID(D734,SEARCH(\".\",D734,SEARCH(\".\",D734)+1)+1,LEN(D734)-SEARCH(\".\",D734,SEARCH(\".\",D734)+1)-(LEN(D734)-(SEARCH(\".\",D734,SEARCH(\".\",D734,SEARCH(\".\",D734)+1)+1)-1)))),\"\")","v":""},"6.8.5",{"$f":"IF($G734=\"SINAPI\",VLOOKUP($F734,DADOS_SINAPI,2,0),IF(G734=\"SETOP\",VLOOKUP($F734,DADOS_SETOP,2,0),IF(G734=\"CPU\",VLOOKUP($F734,DADOS_COMPOSICAO,2,0),IF(G734=\"SICRO\",VLOOKUP($F734,DADOS_SICRO,2,0),IF(G734=\"SUDECAP\",VLOOKUP(F734,DADOS_SUDECAP,2,0),IF(G734=\"COTAÇÃO\",VLOOKUP($F734,DADOS_COTACAO,2,0),\"\"))))))","v":"FORNECIMENTO E INSTALAÇÃO DE PLACAS DE IDENTIFICAÇÃO"},"DAC-6.8","CPU",{"$f":"IF(G734=\"SINAPI\",VLOOKUP($F734,DADOS_SINAPI,3,0),IF(G734=\"SETOP\",VLOOKUP($F734,DADOS_SETOP,3,0),IF(G734=\"CPU\",VLOOKUP($F734,DADOS_COMPOSICAO,10,0),IF(G734=\"SICRO\",VLOOKUP($F734,DADOS_SICRO,3,0),IF(G734=\"SUDECAP\",VLOOKUP(F734,DADOS_SUDECAP,3,0),IF(G734=\"COTAÇÃO\",VLOOKUP($F734,DADOS_COTACAO,9,0),\"\"))))))","v":"UN    "},{"$f":"F779","v":42},{"$f":"IF(G734=\"SINAPI\",VLOOKUP($F734,DADOS_SINAPI,4,0),IF(G734=\"SETOP\",VLOOKUP($F734,DADOS_SETOP,4,0),IF(G734=\"CPU\",VLOOKUP($F734,DADOS_COMPOSICAO,13,0),IF(G734=\"SICRO\",VLOOKUP($F734,DADOS_SICRO,4,0),IF(G734=\"SUDECAP\",VLOOKUP(F734,DADOS_SUDECAP,4,0),IF(G734=\"COTAÇÃO\",VLOOKUP(F734,DADOS_COTACAO,12,0),\"\"))))))","v":131.81950000000001},"BDI 1",{"$f":"TRUNC(J734*(1+$N$17),2)","v":166.77},{"$f":"IFERROR(TRUNC(I734*J734,2),\"\")","v":5536.41},{"$f":"IFERROR(TRUNC(L734*I734,2),\"\")","v":7004.34}]
[2000]
[2000,null,null,null,"Arquivo",1,"un"]
[2000,null,null,null,"IS Masculino 1",1,"un"]
[2000,null,null,null,"IS PNE Masculino 1",1,"un"]
[2000,null,null,null,"IS PNE Feminino 1",1,"un"]
[2000,null,null,null,"IS Feminino 1",1,"un"]
[2000,null,null,null,"Consultório 01",1,"un"]
[2000,null,null,null,"Consultório 02",1,"un"]
[2000,null,null,null,"Consultório 03",1,"un"]
[2000,null,null,null,"Consultório 04",1,"un"]
[2000,null,null,null,"Consultório 05",1,"un"]
[2000,null,null,null,"Farmácia",1,"un"]
[2000,null,null,null,"Sala de Enfermagem",1,"un"]
[2000,null,null,null,"Sala de Atividades Coletivas 01 ",1,"un"]
[2000,null,null,null,"Sala de Atividades Coletivas 02",1,"un"]
[2000,null,null,null,"Quarto Individual 01",1,"un"]
[2000,null,null,null,"Quarto Individual 02",1,"un"]
[2,null,null,null,"IS PNE Masculino 2",1,"un"]
[2000,null,null,null,"IS PNE Feminino 2",1,"un"]
[2000,null,null,null,"Circulação Observação",1,"un"]
[2000,null,null,null,"Circulação 03",1,"un"]
[2000,null,null,null,"Sala de Reuniões",1,"un"]
[2000,null,null,null,"Vestiário Masculino",1,"un"]
[2000,null,null,null,"Vestiário Feminino",1,"un"]
[2000,null,null,null,"Sala de Utilidades",1,"un"]
[2000,null,null,null,"Almoxarifado",1,"un"]
[2000,null,null,null,"IS Quarto",1,"un"]
[2000,null,null,null,"Quarto Plantonista",1,"un"]
[2000,null,null,null,"Rouparia",1,"un"]
[2000,null,null,null,"Diretoria",1,"un"]
[2000,null,null,null,"IS Masculino 2",1,"un"]
[2000,null,null,null,"IS PNE Masculino 3",1,"un"]
[2000,null,null,null,"IS PNE Feminino 3",1,"un"]
[2000,null,null,null,"IS Feminino 2",1,"un"]
[2000,null,null,null,"DML",1,"un"]
[2000,null,null,null,"Área de Serviço",1,"un"]
[2000,null,null,null,"Copa Funcionários",1,"un"]
[2000,null,null,null,"Cozinha",2,"un"]
[2000,null,null,null,"Triagem",1,"un"]
[2000,null,null,null,"Despensa",1,"un"]
[2000,null,null,null,"Abrigo de Resíduos Sólidos",1,"un"]
[2000,null,null,null,"Casa de Bombas Incêndio",1,"un"]
[2000,null,null,null,"Casa de Bombas Reuso",1,"un"]
[2000,null,null,null,"Casa de Gás",1,"un"]
[2000,null,null,null,"Total",{"$f":"SUM(F738:F778)","v":42},"un"]
[2000]
[1000,null,null,7,"SISTEMA DE COBERTURA",null,null,null,null,null,null,null,{"$f":"SUMIF(A:A,D781,M:M)","v":455999.19},{"$f":"SUMIF(A:A,D781,N:N)","v":576810.54}]
[{"$f":"IFERROR(LEFT(D782,SEARCH(\".\",D782)-1),\"\")","v":"7"},{"$f":"IFERROR(LEFT(RIGHT(D782,LEN(D782)-SEARCH(\".\",D782)),SEARCH(\".\",RIGHT(D782,LEN(D782)-SEARCH(\".\",D782)))-1),\"\")","v":""},{"$f":"IFERROR(IF(LEN(D782)-LEN(SUBSTITUTE(D782,\".\",\"\"))<>3,\"\",MID(D782,SEARCH(\".\",D782,SEARCH(\".\",D782)+1)+1,LEN(D782)-SEARCH(\".\",D782,SEARCH(\".\",D782)+1)-(LEN(D782)-(SEARCH(\".\",D782,SEARCH(\".\",D782,SEARCH(\".\",D782)+1)+1)-1)))),\"\")","v":""},"7.1",{"$f":"IF($G782=\"SINAPI\",VLOOKUP($F782,DADOS_SINAPI,2,0),IF(G782=\"SETOP\",VLOOKUP($F782,DADOS_SETOP,2,0),IF(G782=\"CPU\",VLOOKUP($F782,DADOS_COMPOSICAO,2,0),IF(G782=\"SICRO\",VLOOKUP($F782,DADOS_SICRO,2,0),IF(G782=\"SUDECAP\",VLOOKUP(F782,DADOS_SUDECAP,2,0),IF(G782=\"COTAÇÃO\",VLOOKUP($F782,DADOS_COTACAO,2,0),\"\"))))))","v":"FORNECIMENTO DE ESTRUTURA METÁLICA EM PERFIL LAMINADO, INCLUSIVE FABRICAÇÃO, TRANSPORTE, MONTAGEM E APLICAÇÃO DE FUNDO PREPARADOR ANTICORROSIVO EM SUPERFÍCIE METÁLICA, UMA (1) DEMÃO"},"ED-49664","SETOP",{"$f":"IF(G782=\"SINAPI\",VLOOKUP($F782,DADOS_SINAPI,3,0),IF(G782=\"SETOP\",VLOOKUP($F782,DADOS_SETOP,3,0),IF(G782=\"CPU\",VLOOKUP($F782,DADOS_COMPOSICAO,10,0),IF(G782=\"SICRO\",VLOOKUP($F782,DADOS_SICRO,3,0),IF(G782=\"SUDECAP\",VLOOKUP(F782,DADOS_SUDECAP,3,0),IF(G782=\"COTAÇÃO\",VLOOKUP($F782,DADOS_COTACAO,9,0),\"\"))))))","v":"Kg"},{"$f":"F790","v":10162.17},{"$f":"IF(G782=\"SINAPI\",VLOOKUP($F782,DADOS_SINAPI,4,0),IF(G782=\"SETOP\",VLOOKUP($F782,DADOS_SETOP,4,0),IF(G782=\"CPU\",VLOOKUP($F782,DADOS_COMPOSICAO,13,0),IF(G782=\"SICRO\",VLOOKUP($F782,DADOS_SICRO,4,0),IF(G782=\"SUDECAP\",VLOOKUP(F782,DADOS_SUDECAP,4,0),IF(G782=\"COTAÇÃO\",VLOOKUP(F782,DADOS_COTACAO,12,0),\"\"))))))","v":24.43},"BDI 1",{"$f":"TRUNC(J782*(1+$N$17),2)","v":30.9},{"$f":"IFERROR(TRUNC(I782*J782,2),\"\")","v":248261.81},{"$f":"IFERROR(TRUNC(L782*I782,2),\"\")","v":314011.05}]
[2000]
[2000,null,null,null,"CB1",1755.52,"kg"]
[2000,null,null,null,"CB2",2274.34,"kg"]
[2000,null,null,null,"CB3",1604.44,"kg"]
[2000,null,null,null,"CB4",2861.28,"kg"]
[2000,null,null,null,"CB5",1459.2,"kg"]
[2000,null,null,null,"CB6",207.39,"kg"]
[2000,null,null,null,"Total",{"$f":"ROUNDUP(SUM(F784:F789),2)","v":10162.17},"kg"]
[2000]
[{"$f":"IFERROR(LEFT(D792,SEARCH(\".\",D792)-1),\"\")","v":"7"},{"$f":"IFERROR(LEFT(RIGHT(D792,LEN(D792)-SEARCH(\".\",D792)),SEARCH(\".\",RIGHT(D792,LEN(D792)-SEARCH(\".\",D792)))-1),\"\")","v":""},{"$f":"IFERROR(IF(LEN(D792)-LEN(SUBSTITUTE(D792,\".\",\"\"))<>3,\"\",MID(D792,SEARCH(\".\",D792,SEARCH(\".\",D792)+1)+1,LEN(D792)-SEARCH(\".\",D792,SEARCH(\".\",D792)+1)-(LEN(D792)-(SEARCH(\".\",D792,SEARCH(\".\",D792,SEARCH(\".\",D792)+1)+1)-1)))),\"\")","v":""},"7.2",{"$f":"IF($G792=\"SINAPI\",VLOOKUP($F792,DADOS_SINAPI,2,0),IF(G792=\"SETOP\",VLOOKUP($F792,DADOS_SETOP,2,0),IF(G792=\"CPU\",VLOOKUP($F792,DADOS_COMPOSICAO,2,0),IF(G792=\"SICRO\",VLOOKUP($F792,DADOS_SICRO,2,0),IF(G792=\"SUDECAP\",VLOOKUP(F792,DADOS_SUDECAP,2,0),IF(G792=\"COTAÇÃO\",VLOOKUP($F792,DADOS_COTACAO,2,0),\"\"))))))","v":"COBERTURA EM TELHA METÁLICA GALVANIZADA TRAPEZOIDAL, TIPO SIMPLES, ESP. 0,50MM, ACABAMENTO NATURAL, INCLUSIVE ACESSÓRIOS PARA FIXAÇÃO, FORNECIMENTO E INSTALAÇÃO"},"ED-48428","SETOP",{"$f":"IF(G792=\"SINAPI\",VLOOKUP($F792,DADOS_SINAPI,3,0),IF(G792=\"SETOP\",VLOOKUP($F792,DADOS_SETOP,3,0),IF(G792=\"CPU\",VLOOKUP($F792,DADOS_COMPOSICAO,10,0),IF(G792=\"SICRO\",VLOOKUP($F792,DADOS_SICRO,3,0),IF(G792=\"SUDECAP\",VLOOKUP(F792,DADOS_SUDECAP,3,0),IF(G792=\"COTAÇÃO\",VLOOKUP($F792,DADOS_COTACAO,9,0),\"\"))))))","v":"m2"},{"$f":"F800","v":1038.6300000000001},{"$f":"IF(G792=\"SINAPI\",VLOOKUP($F792,DADOS_SINAPI,4,0),IF(G792=\"SETOP\",VLOOKUP($F792,DADOS_SETOP,4,0),IF(G792=\"CPU\",VLOOKUP($F792,DADOS_COMPOSICAO,13,0),IF(G792=\"SICRO\",VLOOKUP($F792,DADOS_SICRO,4,0),IF(G792=\"SUDECAP\",VLOOKUP(F792,DADOS_SUDECAP,4,0),IF(G792=\"COTAÇÃO\",VLOOKUP(F792,DADOS_COTACAO,12,0),\"\"))))))","v":99.23},"BDI 1",{"$f":"TRUNC(J792*(1+$N$17),2)","v":125.54},{"$f":"IFERROR(TRUNC(I792*J792,2),\"\")","v":103063.25},{"$f":"IFERROR(TRUNC(L792*I792,2),\"\")","v":130389.61}]
[2000]
[2000,null,null,null,"CB1",174.38,"m²"]
[2000,null,null,null,"CB2",253.01,"m²"]
[2000,null,null,null,"CB3",154.03,"m²"]
[2000,null,null,null,"CB4",317.02999999999997,"m²"]
[2000,null,null,null,"CB5",127.68,"m²"]
[2000,null,null,null,"CB6",12.5,"m²"]
[2000,null,null,null,"Total",{"$f":"ROUNDUP(SUM(F794:F799),2)","v":1038.6300000000001},"m²"]
[2000]
[{"$f":"IFERROR(LEFT(D802,SEARCH(\".\",D802)-1),\"\")","v":"7"},{"$f":"IFERROR(LEFT(RIGHT(D802,LEN(D802)-SEARCH(\".\",D802)),SEARCH(\".\",RIGHT(D802,LEN(D802)-SEARCH(\".\",D802)))-1),\"\")","v":""},{"$f":"IFERROR(IF(LEN(D802)-LEN(SUBSTITUTE(D802,\".\",\"\"))<>3,\"\",MID(D802,SEARCH(\".\",D802,SEARCH(\".\",D802)+1)+1,LEN(D802)-SEARCH(\".\",D802,SEARCH(\".\",D802)+1)-(LEN(D802)-(SEARCH(\".\",D802,SEARCH(\".\",D802,SEARCH(\".\",D802)+1)+1)-1)))),\"\")","v":""},"7.3",{"$f":"IF($G802=\"SINAPI\",VLOOKUP($F802,DADOS_SINAPI,2,0),IF(G802=\"SETOP\",VLOOKUP($F802,DADOS_SETOP,2,0),IF(G802=\"CPU\",VLOOKUP($F802,DADOS_COMPOSICAO,2,0),IF(G802=\"SICRO\",VLOOKUP($F802,DADOS_SICRO,2,0),IF(G802=\"SUDECAP\",VLOOKUP(F802,DADOS_SUDECAP,2,0),IF(G802=\"COTAÇÃO\",VLOOKUP($F802,DADOS_COTACAO,2,0),\"\"))))))","v":"COLOCAÇÃO DE CUMEEIRA GALVANIZADA TRAPEZOIDAL E = 0,50 MM, SIMPLES"},"ED-48402","SETOP",{"$f":"IF(G802=\"SINAPI\",VLOOKUP($F802,DADOS_SINAPI,3,0),IF(G802=\"SETOP\",VLOOKUP($F802,DADOS_SETOP,3,0),IF(G802=\"CPU\",VLOOKUP($F802,DADOS_COMPOSICAO,10,0),IF(G802=\"SICRO\",VLOOKUP($F802,DADOS_SICRO,3,0),IF(G802=\"SUDECAP\",VLOOKUP(F802,DADOS_SUDECAP,3,0),IF(G802=\"COTAÇÃO\",VLOOKUP($F802,DADOS_COTACAO,9,0),\"\"))))))","v":"m"},{"$f":"F809","v":70.709999999999994},{"$f":"IF(G802=\"SINAPI\",VLOOKUP($F802,DADOS_SINAPI,4,0),IF(G802=\"SETOP\",VLOOKUP($F802,DADOS_SETOP,4,0),IF(G802=\"CPU\",VLOOKUP($F802,DADOS_COMPOSICAO,13,0),IF(G802=\"SICRO\",VLOOKUP($F802,DADOS_SICRO,4,0),IF(G802=\"SUDECAP\",VLOOKUP(F802,DADOS_SUDECAP,4,0),IF(G802=\"COTAÇÃO\",VLOOKUP(F802,DADOS_COTACAO,12,0),\"\"))))))","v":54.81},"BDI 1",{"$f":"TRUNC(J802*(1+$N$17),2)","v":69.34},{"$f":"IFERROR(TRUNC(I802*J802,2),\"\")","v":3875.61},{"$f":"IFERROR(TRUNC(L802*I802,2),\"\")","v":4903.03}]
[2000]
[2000,null,null,null,"CB1",14.09,"m"]
[2000,null,null,null,"CB2",16.3,"m"]
[2000,null,null,null,"CB3",13.3,"m"]
[2000,null,null,null,"CB4",25.57,"m"]
[2000,null,null,null,"CB6",1.45,"m"]
[2000,null,null,null,"Total",{"$f":"ROUND(SUM(F804:F808),2)","v":70.709999999999994},"m"]
[2000]
[{"$f":"IFERROR(LEFT(D811,SEARCH(\".\",D811)-1),\"\")","v":"7"},{"$f":"IFERROR(LEFT(RIGHT(D811,LEN(D811)-SEARCH(\".\",D811)),SEARCH(\".\",RIGHT(D811,LEN(D811)-SEARCH(\".\",D811)))-1),\"\")","v":""},{"$f":"IFERROR(IF(LEN(D811)-LEN(SUBSTITUTE(D811,\".\",\"\"))<>3,\"\",MID(D811,SEARCH(\".\",D811,SEARCH(\".\",D811)+1)+1,LEN(D811)-SEARCH(\".\",D811,SEARCH(\".\",D811)+1)-(LEN(D811)-(SEARCH(\".\",D811,SEARCH(\".\",D811,SEARCH(\".\",D811)+1)+1)-1)))),\"\")","v":""},"7.4",{"$f":"IF($G811=\"SINAPI\",VLOOKUP($F811,DADOS_SINAPI,2,0),IF(G811=\"SETOP\",VLOOKUP($F811,DADOS_SETOP,2,0),IF(G811=\"CPU\",VLOOKUP($F811,DADOS_COMPOSICAO,2,0),IF(G811=\"SICRO\",VLOOKUP($F811,DADOS_SICRO,2,0),IF(G811=\"SUDECAP\",VLOOKUP(F811,DADOS_SUDECAP,2,0),IF(G811=\"COTAÇÃO\",VLOOKUP($F811,DADOS_COTACAO,2,0),\"\"))))))","v":"PINTURA ESMALTE EM ESTRUTURA METÁLICA, DUAS (2) DEMÃOS, INCLUSIVE UMA (1) DEMÃO FUNDO ANTICORROSIVO"},"ED-50497","SETOP",{"$f":"IF(G811=\"SINAPI\",VLOOKUP($F811,DADOS_SINAPI,3,0),IF(G811=\"SETOP\",VLOOKUP($F811,DADOS_SETOP,3,0),IF(G811=\"CPU\",VLOOKUP($F811,DADOS_COMPOSICAO,10,0),IF(G811=\"SICRO\",VLOOKUP($F811,DADOS_SICRO,3,0),IF(G811=\"SUDECAP\",VLOOKUP(F811,DADOS_SUDECAP,3,0),IF(G811=\"COTAÇÃO\",VLOOKUP($F811,DADOS_COTACAO,9,0),\"\"))))))","v":"m2"},{"$f":"F819","v":3016.76},{"$f":"IF(G811=\"SINAPI\",VLOOKUP($F811,DADOS_SINAPI,4,0),IF(G811=\"SETOP\",VLOOKUP($F811,DADOS_SETOP,4,0),IF(G811=\"CPU\",VLOOKUP($F811,DADOS_COMPOSICAO,13,0),IF(G811=\"SICRO\",VLOOKUP($F811,DADOS_SICRO,4,0),IF(G811=\"SUDECAP\",VLOOKUP(F811,DADOS_SUDECAP,4,0),IF(G811=\"COTAÇÃO\",VLOOKUP(F811,DADOS_COTACAO,12,0),\"\"))))))","v":32.909999999999997},"BDI 1",{"$f":"TRUNC(J811*(1+$N$17),2)","v":41.63},{"$f":"IFERROR(TRUNC(I811*J811,2),\"\")","v":99281.57},{"$f":"IFERROR(TRUNC(L811*I811,2),\"\")","v":125587.71}]
[2000]
[2000,null,null,null,"CB1",513.76,"m²"]
[2000,null,null,null,"CB2",719.03,"m²"]
[2000,null,null,null,"CB3",459.54,"m²"]
[2000,null,null,null,"CB4",907.8,"m²"]
[2000,null,null,null,"CB5",373.09,"m²"]
[2000,null,null,null,"CB6",43.54,"m²"]
[2000,null,null,null,"Total",{"$f":"ROUNDUP(SUM(F813:F818),2)","v":3016.76},"m²"]
[2000]
[{"$f":"IFERROR(LEFT(D821,SEARCH(\".\",D821)-1),\"\")","v":"7"},{"$f":"IFERROR(LEFT(RIGHT(D821,LEN(D821)-SEARCH(\".\",D821)),SEARCH(\".\",RIGHT(D821,LEN(D821)-SEARCH(\".\",D821)))-1),\"\")","v":""},{"$f":"IFERROR(IF(LEN(D821)-LEN(SUBSTITUTE(D821,\".\",\"\"))<>3,\"\",MID(D821,SEARCH(\".\",D821,SEARCH(\".\",D821)+1)+1,LEN(D821)-SEARCH(\".\",D821,SEARCH(\".\",D821)+1)-(LEN(D821)-(SEARCH(\".\",D821,SEARCH(\".\",D821,SEARCH(\".\",D821)+1)+1)-1)))),\"\")","v":""},"7.5",{"$f":"IF($G821=\"SINAPI\",VLOOKUP($F821,DADOS_SINAPI,2,0),IF(G821=\"SETOP\",VLOOKUP($F821,DADOS_SETOP,2,0),IF(G821=\"CPU\",VLOOKUP($F821,DADOS_COMPOSICAO,2,0),IF(G821=\"SICRO\",VLOOKUP($F821,DADOS_SICRO,2,0),IF(G821=\"SUDECAP\",VLOOKUP(F821,DADOS_SUDECAP,2,0),IF(G821=\"COTAÇÃO\",VLOOKUP($F821,DADOS_COTACAO,2,0),\"\"))))))","v":"FORNECIMENTO DE CONCRETO ESTRUTURAL, PREPARADO EM OBRA, COM FCK 30MPA, INCLUSIVE LANÇAMENTO, ADENSAMENTO E ACABAMENTO"},"ED-49620","SETOP",{"$f":"IF(G821=\"SINAPI\",VLOOKUP($F821,DADOS_SINAPI,3,0),IF(G821=\"SETOP\",VLOOKUP($F821,DADOS_SETOP,3,0),IF(G821=\"CPU\",VLOOKUP($F821,DADOS_COMPOSICAO,10,0),IF(G821=\"SICRO\",VLOOKUP($F821,DADOS_SICRO,3,0),IF(G821=\"SUDECAP\",VLOOKUP(F821,DADOS_SUDECAP,3,0),IF(G821=\"COTAÇÃO\",VLOOKUP($F821,DADOS_COTACAO,9,0),\"\"))))))","v":"m3"},{"$f":"F824","v":0.23},{"$f":"IF(G821=\"SINAPI\",VLOOKUP($F821,DADOS_SINAPI,4,0),IF(G821=\"SETOP\",VLOOKUP($F821,DADOS_SETOP,4,0),IF(G821=\"CPU\",VLOOKUP($F821,DADOS_COMPOSICAO,13,0),IF(G821=\"SICRO\",VLOOKUP($F821,DADOS_SICRO,4,0),IF(G821=\"SUDECAP\",VLOOKUP(F821,DADOS_SUDECAP,4,0),IF(G821=\"COTAÇÃO\",VLOOKUP(F821,DADOS_COTACAO,12,0),\"\"))))))","v":770.19},"BDI 1",{"$f":"TRUNC(J821*(1+$N$17),2)","v":974.44},{"$f":"IFERROR(TRUNC(I821*J821,2),\"\")","v":177.14},{"$f":"IFERROR(TRUNC(L821*I821,2),\"\")","v":224.12}]
[2000]
[2000,null,null,null,"Casa de Gás",{"$f":"1.5*0.15","v":0.22499999999999998},"m³"]
[2000,null,null,null,"Total",{"$f":"ROUNDUP(SUM(F823:F823),2)","v":0.23},"m³"]
[2000]
[{"$f":"IFERROR(LEFT(D826,SEARCH(\".\",D826)-1),\"\")","v":"7"},{"$f":"IFERROR(LEFT(RIGHT(D826,LEN(D826)-SEARCH(\".\",D826)),SEARCH(\".\",RIGHT(D826,LEN(D826)-SEARCH(\".\",D826)))-1),\"\")","v":""},{"$f":"IFERROR(IF(LEN(D826)-LEN(SUBSTITUTE(D826,\".\",\"\"))<>3,\"\",MID(D826,SEARCH(\".\",D826,SEARCH(\".\",D826)+1)+1,LEN(D826)-SEARCH(\".\",D826,SEARCH(\".\",D826)+1)-(LEN(D826)-(SEARCH(\".\",D826,SEARCH(\".\",D826,SEARCH(\".\",D826)+1)+1)-1)))),\"\")","v":""},"7.6",{"$f":"IF($G826=\"SINAPI\",VLOOKUP($F826,DADOS_SINAPI,2,0),IF(G826=\"SETOP\",VLOOKUP($F826,DADOS_SETOP,2,0),IF(G826=\"CPU\",VLOOKUP($F826,DADOS_COMPOSICAO,2,0),IF(G826=\"SICRO\",VLOOKUP($F826,DADOS_SICRO,2,0),IF(G826=\"SUDECAP\",VLOOKUP(F826,DADOS_SUDECAP,2,0),IF(G826=\"COTAÇÃO\",VLOOKUP($F826,DADOS_COTACAO,2,0),\"\"))))))","v":"MONTAGEM E DESMONTAGEM DE FÔRMA DE LAJE MACIÇA, PÉ-DIREITO SIMPLES, EM MADEIRA SERRADA, 2 UTILIZAÇÕES. AF_09/2020"},92484,"SINAPI",{"$f":"IF(G826=\"SINAPI\",VLOOKUP($F826,DADOS_SINAPI,3,0),IF(G826=\"SETOP\",VLOOKUP($F826,DADOS_SETOP,3,0),IF(G826=\"CPU\",VLOOKUP($F826,DADOS_COMPOSICAO,10,0),IF(G826=\"SICRO\",VLOOKUP($F826,DADOS_SICRO,3,0),IF(G826=\"SUDECAP\",VLOOKUP(F826,DADOS_SUDECAP,3,0),IF(G826=\"COTAÇÃO\",VLOOKUP($F826,DADOS_COTACAO,9,0),\"\"))))))","v":"M2"},{"$f":"F829","v":3.88},{"$f":"IF(G826=\"SINAPI\",VLOOKUP($F826,DADOS_SINAPI,4,0),IF(G826=\"SETOP\",VLOOKUP($F826,DADOS_SETOP,4,0),IF(G826=\"CPU\",VLOOKUP($F826,DADOS_COMPOSICAO,13,0),IF(G826=\"SICRO\",VLOOKUP($F826,DADOS_SICRO,4,0),IF(G826=\"SUDECAP\",VLOOKUP(F826,DADOS_SUDECAP,4,0),IF(G826=\"COTAÇÃO\",VLOOKUP(F826,DADOS_COTACAO,12,0),\"\"))))))","v":281.2},"BDI 1",{"$f":"TRUNC(J826*(1+$N$17),2)","v":355.77},{"$f":"IFERROR(TRUNC(I826*J826,2),\"\")","v":1091.05},{"$f":"IFERROR(TRUNC(L826*I826,2),\"\")","v":1380.38}]
[2000]
[2000,null,null,null,"Casa de Gás",{"$f":"(0.65*0.15*2)+(2.3*0.15*2)+(0.65*2.3*2)","v":3.875},"m²"]
[2000,null,null,null,"Total",{"$f":"ROUNDUP(SUM(F828:F828),2)","v":3.88},"m²"]
[2000]
[{"$f":"IFERROR(LEFT(D831,SEARCH(\".\",D831)-1),\"\")","v":"7"},{"$f":"IFERROR(LEFT(RIGHT(D831,LEN(D831)-SEARCH(\".\",D831)),SEARCH(\".\",RIGHT(D831,LEN(D831)-SEARCH(\".\",D831)))-1),\"\")","v":""},{"$f":"IFERROR(IF(LEN(D831)-LEN(SUBSTITUTE(D831,\".\",\"\"))<>3,\"\",MID(D831,SEARCH(\".\",D831,SEARCH(\".\",D831)+1)+1,LEN(D831)-SEARCH(\".\",D831,SEARCH(\".\",D831)+1)-(LEN(D831)-(SEARCH(\".\",D831,SEARCH(\".\",D831,SEARCH(\".\",D831)+1)+1)-1)))),\"\")","v":""},"7.7",{"$f":"IF($G831=\"SINAPI\",VLOOKUP($F831,DADOS_SINAPI,2,0),IF(G831=\"SETOP\",VLOOKUP($F831,DADOS_SETOP,2,0),IF(G831=\"CPU\",VLOOKUP($F831,DADOS_COMPOSICAO,2,0),IF(G831=\"SICRO\",VLOOKUP($F831,DADOS_SICRO,2,0),IF(G831=\"SUDECAP\",VLOOKUP(F831,DADOS_SUDECAP,2,0),IF(G831=\"COTAÇÃO\",VLOOKUP($F831,DADOS_COTACAO,2,0),\"\"))))))","v":"CORTE, DOBRA E MONTAGEM DE AÇO CA-50/60, INCLUSIVE ESPAÇADOR"},"ED-48298","SETOP",{"$f":"IF(G831=\"SINAPI\",VLOOKUP($F831,DADOS_SINAPI,3,0),IF(G831=\"SETOP\",VLOOKUP($F831,DADOS_SETOP,3,0),IF(G831=\"CPU\",VLOOKUP($F831,DADOS_COMPOSICAO,10,0),IF(G831=\"SICRO\",VLOOKUP($F831,DADOS_SICRO,3,0),IF(G831=\"SUDECAP\",VLOOKUP(F831,DADOS_SUDECAP,3,0),IF(G831=\"COTAÇÃO\",VLOOKUP($F831,DADOS_COTACAO,9,0),\"\"))))))","v":"Kg"},{"$f":"F834","v":18.399999999999999},{"$f":"IF(G831=\"SINAPI\",VLOOKUP($F831,DADOS_SINAPI,4,0),IF(G831=\"SETOP\",VLOOKUP($F831,DADOS_SETOP,4,0),IF(G831=\"CPU\",VLOOKUP($F831,DADOS_COMPOSICAO,13,0),IF(G831=\"SICRO\",VLOOKUP($F831,DADOS_SICRO,4,0),IF(G831=\"SUDECAP\",VLOOKUP(F831,DADOS_SUDECAP,4,0),IF(G831=\"COTAÇÃO\",VLOOKUP(F831,DADOS_COTACAO,12,0),\"\"))))))","v":13.52},"BDI 1",{"$f":"TRUNC(J831*(1+$N$17),2)","v":17.100000000000001},{"$f":"IFERROR(TRUNC(I831*J831,2),\"\")","v":248.76},{"$f":"IFERROR(TRUNC(L831*I831,2),\"\")","v":314.64}]
[2000]
[2000,null,null,null,"Casa de Gás",{"$f":"80*F824","v":18.400000000000002},"kg"]
[2000,null,null,null,"Total",{"$f":"ROUNDUP(SUM(F833:F833),2)","v":18.399999999999999},"kg"]
[2000]
[1000,null,null,8,"REVESTIMENTOS INTERNOS E EXTERNOS",null,null,null,null,null,null,null,{"$f":"SUMIF(A:A,D836,M:M)","v":484463.33999999997},{"$f":"SUMIF(A:A,D836,N:N)","v":612857.49000000011}]
[null,null,null,"8.1","REVESTIMENTOS INTERNOS",null,null,null,null,null,null,null,{"$f":"IFERROR(SUMIFS(M:M,A:A,LEFT(D837,SEARCH(\".\",D837)-1),B:B,RIGHT(D837,LEN(D837)-SEARCH(\".\",D837))),\"\")","v":295921.94999999995},{"$f":"IFERROR(SUMIFS(N:N,A:A,LEFT(D837,SEARCH(\".\",D837)-1),B:B,RIGHT(D837,LEN(D837)-SEARCH(\".\",D837))),\"\")","v":374355.34000000008}]
[{"$f":"IFERROR(LEFT(D838,SEARCH(\".\",D838)-1),\"\")","v":"8"},{"$f":"IFERROR(LEFT(RIGHT(D838,LEN(D838)-SEARCH(\".\",D838)),SEARCH(\".\",RIGHT(D838,LEN(D838)-SEARCH(\".\",D838)))-1),\"\")","v":"1"},{"$f":"IFERROR(IF(LEN(D838)-LEN(SUBSTITUTE(D838,\".\",\"\"))<>3,\"\",MID(D838,SEARCH(\".\",D838,SEARCH(\".\",D838)+1)+1,LEN(D838)-SEARCH(\".\",D838,SEARCH(\".\",D838)+1)-(LEN(D838)-(SEARCH(\".\",D838,SEARCH(\".\",D838,SEARCH(\".\",D838)+1)+1)-1)))),\"\")","v":""},"8.1.1",{"$f":"IF($G838=\"SINAPI\",VLOOKUP($F838,DADOS_SINAPI,2,0),IF(G838=\"SETOP\",VLOOKUP($F838,DADOS_SETOP,2,0),IF(G838=\"CPU\",VLOOKUP($F838,DADOS_COMPOSICAO,2,0),IF(G838=\"SICRO\",VLOOKUP($F838,DADOS_SICRO,2,0),IF(G838=\"SUDECAP\",VLOOKUP(F838,DADOS_SUDECAP,2,0),IF(G838=\"COTAÇÃO\",VLOOKUP($F838,DADOS_COTACAO,2,0),\"\"))))))","v":"CHAPISCO APLICADO EM ALVENARIAS E ESTRUTURAS DE CONCRETO INTERNAS, COM COLHER DE PEDREIRO.  ARGAMASSA TRAÇO 1:3 COM PREPARO EM BETONEIRA 400L. AF_10/2022"},87879,"SINAPI",{"$f":"IF(G838=\"SINAPI\",VLOOKUP($F838,DADOS_SINAPI,3,0),IF(G838=\"SETOP\",VLOOKUP($F838,DADOS_SETOP,3,0),IF(G838=\"CPU\",VLOOKUP($F838,DADOS_COMPOSICAO,10,0),IF(G838=\"SICRO\",VLOOKUP($F838,DADOS_SICRO,3,0),IF(G838=\"SUDECAP\",VLOOKUP(F838,DADOS_SUDECAP,3,0),IF(G838=\"COTAÇÃO\",VLOOKUP($F838,DADOS_COTACAO,9,0),\"\"))))))","v":"M2"},{"$f":"F893","v":2899.85},{"$f":"IF(G838=\"SINAPI\",VLOOKUP($F838,DADOS_SINAPI,4,0),IF(G838=\"SETOP\",VLOOKUP($F838,DADOS_SETOP,4,0),IF(G838=\"CPU\",VLOOKUP($F838,DADOS_COMPOSICAO,13,0),IF(G838=\"SICRO\",VLOOKUP($F838,DADOS_SICRO,4,0),IF(G838=\"SUDECAP\",VLOOKUP(F838,DADOS_SUDECAP,4,0),IF(G838=\"COTAÇÃO\",VLOOKUP(F838,DADOS_COTACAO,12,0),\"\"))))))","v":4.08},"BDI 1",{"$f":"TRUNC(J838*(1+$N$17),2)","v":5.16},{"$f":"IFERROR(TRUNC(I838*J838,2),\"\")","v":11831.38},{"$f":"IFERROR(TRUNC(L838*I838,2),\"\")","v":14963.22}]
[2000]
[2000,null,null,null,"Recepção + Espera + Sala de Estar",199.8,"m²"]
[2000,null,null,null,"Arquivo",35.380000000000003,"m²"]
[2000,null,null,null,"IS Masculino 1",49.44,"m²"]
[2000,null,null,null,"IS PNE Masculino 1",28.19,"m²"]
[2000,null,null,null,"IS PNE Feminino 1",28.19,"m²"]
[2000,null,null,null,"IS Feminino 1",49.44,"m²"]
[2000,null,null,null,"Poço Elevador",29.65,"m²"]
[2000,null,null,null,"Consultório 01",55.77,"m²"]
[2000,null,null,null,"Consultório 02",55.77,"m²"]
[2000,null,null,null,"Consultório 03",55.77,"m²"]
[2000,null,null,null,"Consultório 04",55.77,"m²"]
[2000,null,null,null,"Consultório 05",57.04,"m²"]
[2000,null,null,null,"Farmácia",54.23,"m²"]
[2000,null,null,null,"Sala de Enfermagem",54.23,"m²"]
[2000,null,null,null,"Sala de Atividades Coletivas 01 + 02",86.74,"m²"]
[2000,null,null,null,"Circulação 01",106.9,"m²"]
[2000,null,null,null,"Sala de Observação Masculino",63.54,"m²"]
[2000,null,null,null,"Sala de Observação Feminino",62.3,"m²"]
[2000,null,null,null,"Posto de Enfermagem",45,"m²"]
[2000,null,null,null,"Quarto Individual 01",46.75,"m²"]
[2000,null,null,null,"Quarto Individual 02",46.75,"m²"]
[2,null,null,null,"IS PNE Masculino 2",37.99,"m²"]
[2000,null,null,null,"IS PNE Feminino 2",37.99,"m²"]
[2000,null,null,null,"Circulação Observação",32.409999999999997,"m²"]
[2000,null,null,null,"Circulação 03",144.27000000000001,"m²"]
[2000,null,null,null,"Sala de Reuniões",71.45,"m²"]
[2000,null,null,null,"Vestiário Masculino",57.57,"m²"]
[2000,null,null,null,"Vestiário Feminino",57.57,"m²"]
[2000,null,null,null,"Sala de Utilidades",55.12,"m²"]
[2000,null,null,null,"Almoxarifado",37.97,"m²"]
[2000,null,null,null,"IS Quarto",30.59,"m²"]
[2000,null,null,null,"Quarto Plantonista",54.19,"m²"]
[2000,null,null,null,"Rouparia",54.19,"m²"]
[2000,null,null,null,"Diretoria",51.46,"m²"]
[2000,null,null,null,"Circulação 02 + Refeitório",324.61,"m²"]
[2000,null,null,null,"IS Masculino 2",51.73,"m²"]
[2000,null,null,null,"IS PNE Masculino 3",28.19,"m²"]
[2000,null,null,null,"IS PNE Feminino 3",28.19,"m²"]
[2000,null,null,null,"IS Feminino 2",51.73,"m²"]
[2000,null,null,null,"DML",39.25,"m²"]
[2000,null,null,null,"Área de Serviço",45.59,"m²"]
[2000,null,null,null,"Copa Funcionários",58.19,"m²"]
[2000,null,null,null,"Cozinha",71.78,"m²"]
[2000,null,null,null,"Triagem",28.71,"m²"]
[2000,null,null,null,"Despensa",52.7,"m²"]
[2000,null,null,null,"Abrigo de Resíduos Sólidos",30.64,"m²"]
[2000,null,null,null,"Balcão Recepção",18.899999999999999,"m²"]
[2000,null,null,null,"Mureta Bancada",50.4,"m²"]
[2000,null,null,null,"Balcão Posto de Enfermagem",4.2,"m²"]
[2000,null,null,null,"Casa de Bombas Incêndio",8.82,"m²"]
[2000,null,null,null,"Casa de Bombas Reuso",8.82,"m²"]
[2000,null,null,null,"Casa de Gás",3.99,"m²"]
[2000,null,null,null,"Bancada de Concreto",{"$f":"3.12+(0.6*0.15)+(5.2*0.15)","v":3.99},"m²"]
[2000,null,null,null,"Total",{"$f":"SUM(F840:F892)","v":2899.85},"m²"]
[2000]
[{"$f":"IFERROR(LEFT(D895,SEARCH(\".\",D895)-1),\"\")","v":"8"},{"$f":"IFERROR(LEFT(RIGHT(D895,LEN(D895)-SEARCH(\".\",D895)),SEARCH(\".\",RIGHT(D895,LEN(D895)-SEARCH(\".\",D895)))-1),\"\")","v":"1"},{"$f":"IFERROR(IF(LEN(D895)-LEN(SUBSTITUTE(D895,\".\",\"\"))<>3,\"\",MID(D895,SEARCH(\".\",D895,SEARCH(\".\",D895)+1)+1,LEN(D895)-SEARCH(\".\",D895,SEARCH(\".\",D895)+1)-(LEN(D895)-(SEARCH(\".\",D895,SEARCH(\".\",D895,SEARCH(\".\",D895)+1)+1)-1)))),\"\")","v":""},"8.1.2",{"$f":"IF($G895=\"SINAPI\",VLOOKUP($F895,DADOS_SINAPI,2,0),IF(G895=\"SETOP\",VLOOKUP($F895,DADOS_SETOP,2,0),IF(G895=\"CPU\",VLOOKUP($F895,DADOS_COMPOSICAO,2,0),IF(G895=\"SICRO\",VLOOKUP($F895,DADOS_SICRO,2,0),IF(G895=\"SUDECAP\",VLOOKUP(F895,DADOS_SUDECAP,2,0),IF(G895=\"COTAÇÃO\",VLOOKUP($F895,DADOS_COTACAO,2,0),\"\"))))))","v":"MASSA ÚNICA, PARA RECEBIMENTO DE PINTURA, EM ARGAMASSA TRAÇO 1:2:8, PREPARO MECÂNICO COM BETONEIRA 400L, APLICADA MANUALMENTE EM FACES INTERNAS DE PAREDES, ESPESSURA DE 20MM, COM EXECUÇÃO DE TALISCAS. AF_06/2014"},87529,"SINAPI",{"$f":"IF(G895=\"SINAPI\",VLOOKUP($F895,DADOS_SINAPI,3,0),IF(G895=\"SETOP\",VLOOKUP($F895,DADOS_SETOP,3,0),IF(G895=\"CPU\",VLOOKUP($F895,DADOS_COMPOSICAO,10,0),IF(G895=\"SICRO\",VLOOKUP($F895,DADOS_SICRO,3,0),IF(G895=\"SUDECAP\",VLOOKUP(F895,DADOS_SUDECAP,3,0),IF(G895=\"COTAÇÃO\",VLOOKUP($F895,DADOS_COTACAO,9,0),\"\"))))))","v":"M2"},{"$f":"F930","v":1873.8500000000004},{"$f":"IF(G895=\"SINAPI\",VLOOKUP($F895,DADOS_SINAPI,4,0),IF(G895=\"SETOP\",VLOOKUP($F895,DADOS_SETOP,4,0),IF(G895=\"CPU\",VLOOKUP($F895,DADOS_COMPOSICAO,13,0),IF(G895=\"SICRO\",VLOOKUP($F895,DADOS_SICRO,4,0),IF(G895=\"SUDECAP\",VLOOKUP(F895,DADOS_SUDECAP,4,0),IF(G895=\"COTAÇÃO\",VLOOKUP(F895,DADOS_COTACAO,12,0),\"\"))))))","v":35.33},"BDI 1",{"$f":"TRUNC(J895*(1+$N$17),2)","v":44.69},{"$f":"IFERROR(TRUNC(I895*J895,2),\"\")","v":66203.12},{"$f":"IFERROR(TRUNC(L895*I895,2),\"\")","v":83742.350000000006}]
[2000]
[2000,null,null,null,"Recepção + Espera + Sala de Estar",189.45,"m²"]
[2000,null,null,null,"Arquivo",35.380000000000003,"m²"]
[2000,null,null,null,"Poço Elevador",29.65,"m²"]
[2000,null,null,null,"Consultório 01",51.92,"m²"]
[2000,null,null,null,"Consultório 02",51.92,"m²"]
[2000,null,null,null,"Consultório 03",51.92,"m²"]
[2000,null,null,null,"Consultório 04",51.92,"m²"]
[2000,null,null,null,"Consultório 05",53.19,"m²"]
[2000,null,null,null,"Farmácia",54.23,"m²"]
[2000,null,null,null,"Sala de Enfermagem",54.23,"m²"]
[2000,null,null,null,"Sala de Atividades Coletivas 01 + 02",86.74,"m²"]
[2000,null,null,null,"Circulação 01",106.9,"m²"]
[2000,null,null,null,"Sala de Observação Masculino",59.69,"m²"]
[2000,null,null,null,"Sala de Observação Feminino",58.45,"m²"]
[2000,null,null,null,"Posto de Enfermagem",34.24,"m²"]
[2000,null,null,null,"Quarto Individual 01",42.9,"m²"]
[2000,null,null,null,"Quarto Individual 02",42.9,"m²"]
[2000,null,null,null,"Circulação Observação",32.409999999999997,"m²"]
[2000,null,null,null,"Circulação 03",144.27000000000001,"m²"]
[2000,null,null,null,"Sala de Reuniões",71.45,"m²"]
[2000,null,null,null,"Sala de Utilidades",42.73,"m²"]
[2000,null,null,null,"Almoxarifado",37.97,"m²"]
[2000,null,null,null,"Quarto Plantonista",54.19,"m²"]
[2000,null,null,null,"Rouparia",40.42,"m²"]
[2000,null,null,null,"Diretoria",51.46,"m²"]
[2000,null,null,null,"Circulação 02 + Refeitório",300.49,"m²"]
[2000,null,null,null,"Balcão Recepção",9.23,"m²"]
[2000,null,null,null,"Balcão Posto de Enfermagem",4.2,"m²"]
[2000,null,null,null,"Casa de Bombas Incêndio",8.82,"m²"]
[2000,null,null,null,"Casa de Bombas Reuso",8.82,"m²"]
[2000,null,null,null,"Casa de Gás",3.99,"m²"]
[2000,null,null,null,"Mureta Bancada",{"$f":"3*1.4*0.9","v":3.7799999999999994},"m²"]
[2000,null,null,null,"Bancada de Concreto",{"$f":"3.12+(0.6*0.15)+(5.2*0.15)","v":3.99},"m²"]
[2000,null,null,null,"Total",{"$f":"SUM(F897:F929)","v":1873.8500000000004},"m²"]
[2000]
[{"$f":"IFERROR(LEFT(D932,SEARCH(\".\",D932)-1),\"\")","v":"8"},{"$f":"IFERROR(LEFT(RIGHT(D932,LEN(D932)-SEARCH(\".\",D932)),SEARCH(\".\",RIGHT(D932,LEN(D932)-SEARCH(\".\",D932)))-1),\"\")","v":"1"},{"$f":"IFERROR(IF(LEN(D932)-LEN(SUBSTITUTE(D932,\".\",\"\"))<>3,\"\",MID(D932,SEARCH(\".\",D932,SEARCH(\".\",D932)+1)+1,LEN(D932)-SEARCH(\".\",D932,SEARCH(\".\",D932)+1)-(LEN(D932)-(SEARCH(\".\",D932,SEARCH(\".\",D932,SEARCH(\".\",D932)+1)+1)-1)))),\"\")","v":""},"8.1.3",{"$f":"IF($G932=\"SINAPI\",VLOOKUP($F932,DADOS_SINAPI,2,0),IF(G932=\"SETOP\",VLOOKUP($F932,DADOS_SETOP,2,0),IF(G932=\"CPU\",VLOOKUP($F932,DADOS_COMPOSICAO,2,0),IF(G932=\"SICRO\",VLOOKUP($F932,DADOS_SICRO,2,0),IF(G932=\"SUDECAP\",VLOOKUP(F932,DADOS_SUDECAP,2,0),IF(G932=\"COTAÇÃO\",VLOOKUP($F932,DADOS_COTACAO,2,0),\"\"))))))","v":"EMBOÇO, PARA RECEBIMENTO DE CERÂMICA, EM ARGAMASSA TRAÇO 1:2:8, PREPARO MECÂNICO COM BETONEIRA 400L, APLICADO MANUALMENTE EM FACES INTERNAS DE PAREDES, PARA AMBIENTE COM ÁREA  MAIOR QUE 10M2, ESPESSURA DE 20MM, COM EXECUÇÃO DE TALISCAS. AF_06/2014"},87535,"SINAPI",{"$f":"IF(G932=\"SINAPI\",VLOOKUP($F932,DADOS_SINAPI,3,0),IF(G932=\"SETOP\",VLOOKUP($F932,DADOS_SETOP,3,0),IF(G932=\"CPU\",VLOOKUP($F932,DADOS_COMPOSICAO,10,0),IF(G932=\"SICRO\",VLOOKUP($F932,DADOS_SICRO,3,0),IF(G932=\"SUDECAP\",VLOOKUP(F932,DADOS_SUDECAP,3,0),IF(G932=\"COTAÇÃO\",VLOOKUP($F932,DADOS_COTACAO,9,0),\"\"))))))","v":"M2"},{"$f":"F970","v":1026.01},{"$f":"IF(G932=\"SINAPI\",VLOOKUP($F932,DADOS_SINAPI,4,0),IF(G932=\"SETOP\",VLOOKUP($F932,DADOS_SETOP,4,0),IF(G932=\"CPU\",VLOOKUP($F932,DADOS_COMPOSICAO,13,0),IF(G932=\"SICRO\",VLOOKUP($F932,DADOS_SICRO,4,0),IF(G932=\"SUDECAP\",VLOOKUP(F932,DADOS_SUDECAP,4,0),IF(G932=\"COTAÇÃO\",VLOOKUP(F932,DADOS_COTACAO,12,0),\"\"))))))","v":30.72},"BDI 1",{"$f":"TRUNC(J932*(1+$N$17),2)","v":38.86},{"$f":"IFERROR(TRUNC(I932*J932,2),\"\")","v":31519.02},{"$f":"IFERROR(TRUNC(L932*I932,2),\"\")","v":39870.74}]
[2000]
[2000,null,null,null,"Recepção + Espera + Sala de Estar",10.36,"m²"]
[2000,null,null,null,"IS Masculino 1",49.44,"m²"]
[2000,null,null,null,"IS PNE Masculino 1",28.19,"m²"]
[2000,null,null,null,"IS PNE Feminino 1",28.19,"m²"]
[2000,null,null,null,"IS Feminino 1",49.44,"m²"]
[2000,null,null,null,"Consultório 01",3.85,"m²"]
[2000,null,null,null,"Consultório 02",3.85,"m²"]
[2000,null,null,null,"Consultório 03",3.85,"m²"]
[2000,null,null,null,"Consultório 04",3.85,"m²"]
[2000,null,null,null,"Consultório 05",3.85,"m²"]
[2000,null,null,null,"Sala de Observação Masculino",3.85,"m²"]
[2000,null,null,null,"Sala de Observação Feminino",3.85,"m²"]
[2000,null,null,null,"Posto de Enfermagem",10.76,"m²"]
[2000,null,null,null,"Quarto Individual 01",3.85,"m²"]
[2000,null,null,null,"Quarto Individual 02",3.85,"m²"]
[2,null,null,null,"IS PNE Masculino 2",37.99,"m²"]
[2000,null,null,null,"IS PNE Feminino 2",37.99,"m²"]
[2000,null,null,null,"Vestiário Masculino",57.57,"m²"]
[2000,null,null,null,"Vestiário Feminino",57.57,"m²"]
[2000,null,null,null,"Sala de Utilidades",12.38,"m²"]
[2000,null,null,null,"IS Quarto",30.59,"m²"]
[2000,null,null,null,"Rouparia",13.77,"m²"]
[2000,null,null,null,"Circulação 02 + Refeitório",24.12,"m²"]
[2000,null,null,null,"IS Masculino 2",51.73,"m²"]
[2000,null,null,null,"IS PNE Masculino 3",28.19,"m²"]
[2000,null,null,null,"IS PNE Feminino 3",28.19,"m²"]
[2000,null,null,null,"IS Feminino 2",51.73,"m²"]
[2000,null,null,null,"DML",39.25,"m²"]
[2000,null,null,null,"Área de Serviço",45.59,"m²"]
[2000,null,null,null,"Copa Funcionários",58.19,"m²"]
[2000,null,null,null,"Cozinha",71.78,"m²"]
[2000,null,null,null,"Triagem",28.71,"m²"]
[2000,null,null,null,"Despensa",52.7,"m²"]
[2000,null,null,null,"Abrigo de Resíduos Sólidos",30.64,"m²"]
[2000,null,null,null,"Balcão Recepção",9.68,"m²"]
[2000,null,null,null,"Mureta Bancada",46.62,"m²"]
[2000,null,null,null,"Total",{"$f":"SUM(F934:F969)","v":1026.01},"m²"]
[2000]
[{"$f":"IFERROR(LEFT(D972,SEARCH(\".\",D972)-1),\"\")","v":"8"},{"$f":"IFERROR(LEFT(RIGHT(D972,LEN(D972)-SEARCH(\".\",D972)),SEARCH(\".\",RIGHT(D972,LEN(D972)-SEARCH(\".\",D972)))-1),\"\")","v":"1"},{"$f":"IFERROR(IF(LEN(D972)-LEN(SUBSTITUTE(D972,\".\",\"\"))<>3,\"\",MID(D972,SEARCH(\".\",D972,SEARCH(\".\",D972)+1)+1,LEN(D972)-SEARCH(\".\",D972,SEARCH(\".\",D972)+1)-(LEN(D972)-(SEARCH(\".\",D972,SEARCH(\".\",D972,SEARCH(\".\",D972)+1)+1)-1)))),\"\")","v":""},"8.1.4",{"$f":"IF($G972=\"SINAPI\",VLOOKUP($F972,DADOS_SINAPI,2,0),IF(G972=\"SETOP\",VLOOKUP($F972,DADOS_SETOP,2,0),IF(G972=\"CPU\",VLOOKUP($F972,DADOS_COMPOSICAO,2,0),IF(G972=\"SICRO\",VLOOKUP($F972,DADOS_SICRO,2,0),IF(G972=\"SUDECAP\",VLOOKUP(F972,DADOS_SUDECAP,2,0),IF(G972=\"COTAÇÃO\",VLOOKUP($F972,DADOS_COTACAO,2,0),\"\"))))))","v":"REVESTIMENTO COM CERÂMICA APLICADO EM PAREDE, ACABAMENTO ESMALTADO, AMBIENTE INTERNO/EXTERNO, PADRÃO EXTRA, DIMENSÃO DA PEÇA ATÉ 2025 CM2, PEI III, ASSENTAMENTO COM ARGAMASSA INDUSTRIALIZADA, INCLUSIVE REJUNTAMENTO"},"ED-9081","SETOP",{"$f":"IF(G972=\"SINAPI\",VLOOKUP($F972,DADOS_SINAPI,3,0),IF(G972=\"SETOP\",VLOOKUP($F972,DADOS_SETOP,3,0),IF(G972=\"CPU\",VLOOKUP($F972,DADOS_COMPOSICAO,10,0),IF(G972=\"SICRO\",VLOOKUP($F972,DADOS_SICRO,3,0),IF(G972=\"SUDECAP\",VLOOKUP(F972,DADOS_SUDECAP,3,0),IF(G972=\"COTAÇÃO\",VLOOKUP($F972,DADOS_COTACAO,9,0),\"\"))))))","v":"m2"},{"$f":"F1006","v":971.09000000000015},{"$f":"IF(G972=\"SINAPI\",VLOOKUP($F972,DADOS_SINAPI,4,0),IF(G972=\"SETOP\",VLOOKUP($F972,DADOS_SETOP,4,0),IF(G972=\"CPU\",VLOOKUP($F972,DADOS_COMPOSICAO,13,0),IF(G972=\"SICRO\",VLOOKUP($F972,DADOS_SICRO,4,0),IF(G972=\"SUDECAP\",VLOOKUP(F972,DADOS_SUDECAP,4,0),IF(G972=\"COTAÇÃO\",VLOOKUP(F972,DADOS_COTACAO,12,0),\"\"))))))","v":69.349999999999994},"BDI 1",{"$f":"TRUNC(J972*(1+$N$17),2)","v":87.74},{"$f":"IFERROR(TRUNC(I972*J972,2),\"\")","v":67345.09},{"$f":"IFERROR(TRUNC(L972*I972,2),\"\")","v":85203.43}]
[2000]
[2000,null,null,null,"IS Masculino 1",49.44,"m²"]
[2000,null,null,null,"IS PNE Masculino 1",28.19,"m²"]
[2000,null,null,null,"IS PNE Feminino 1",28.19,"m²"]
[2000,null,null,null,"IS Feminino 1",49.44,"m²"]
[2000,null,null,null,"Consultório 01",3.85,"m²"]
[2000,null,null,null,"Consultório 02",3.85,"m²"]
[2000,null,null,null,"Consultório 03",3.85,"m²"]
[2000,null,null,null,"Consultório 04",3.85,"m²"]
[2000,null,null,null,"Consultório 05",3.85,"m²"]
[2000,null,null,null,"Sala de Observação Masculino",3.85,"m²"]
[2000,null,null,null,"Sala de Observação Feminino",3.85,"m²"]
[2000,null,null,null,"Quarto Individual 01",3.85,"m²"]
[2000,null,null,null,"Quarto Individual 02",3.85,"m²"]
[2,null,null,null,"IS PNE Masculino 2",37.99,"m²"]
[2000,null,null,null,"IS PNE Feminino 2",37.99,"m²"]
[2000,null,null,null,"Vestiário Masculino",57.57,"m²"]
[2000,null,null,null,"Vestiário Feminino",57.57,"m²"]
[2000,null,null,null,"Sala de Utilidades",12.38,"m²"]
[2000,null,null,null,"IS Quarto",30.59,"m²"]
[2000,null,null,null,"Rouparia",13.77,"m²"]
[2000,null,null,null,"IS Masculino 2",51.73,"m²"]
[2000,null,null,null,"IS PNE Masculino 3",28.19,"m²"]
[2000,null,null,null,"IS PNE Feminino 3",28.19,"m²"]
[2000,null,null,null,"IS Feminino 2",51.73,"m²"]
[2000,null,null,null,"DML",39.25,"m²"]
[2000,null,null,null,"Área de Serviço",45.59,"m²"]
[2000,null,null,null,"Copa Funcionários",58.19,"m²"]
[2000,null,null,null,"Cozinha",71.78,"m²"]
[2000,null,null,null,"Triagem",28.71,"m²"]
[2000,null,null,null,"Despensa",52.7,"m²"]
[2000,null,null,null,"Abrigo de Resíduos Sólidos",30.64,"m²"]
[2000,null,null,null,"Mureta Bancada",46.62,"m²"]
[2000,null,null,null,"Total",{"$f":"SUM(F974:F1005)","v":971.09000000000015},"m²"]
[2000]
[{"$f":"IFERROR(LEFT(D1008,SEARCH(\".\",D1008)-1),\"\")","v":"8"},{"$f":"IFERROR(LEFT(RIGHT(D1008,LEN(D1008)-SEARCH(\".\",D1008)),SEARCH(\".\",RIGHT(D1008,LEN(D1008)-SEARCH(\".\",D1008)))-1),\"\")","v":"1"},{"$f":"IFERROR(IF(LEN(D1008)-LEN(SUBSTITUTE(D1008,\".\",\"\"))<>3,\"\",MID(D1008,SEARCH(\".\",D1008,SEARCH(\".\",D1008)+1)+1,LEN(D1008)-SEARCH(\".\",D1008,SEARCH(\".\",D1008)+1)-(LEN(D1008)-(SEARCH(\".\",D1008,SEARCH(\".\",D1008,SEARCH(\".\",D1008)+1)+1)-1)))),\"\")","v":""},"8.1.5",{"$f":"IF($G1008=\"SINAPI\",VLOOKUP($F1008,DADOS_SINAPI,2,0),IF(G1008=\"SETOP\",VLOOKUP($F1008,DADOS_SETOP,2,0),IF(G1008=\"CPU\",VLOOKUP($F1008,DADOS_COMPOSICAO,2,0),IF(G1008=\"SICRO\",VLOOKUP($F1008,DADOS_SICRO,2,0),IF(G1008=\"SUDECAP\",VLOOKUP(F1008,DADOS_SUDECAP,2,0),IF(G1008=\"COTAÇÃO\",VLOOKUP($F1008,DADOS_COTACAO,2,0),\"\"))))))","v":"REVESTIMENTO COM PASTILHA APLICADO EM PAREDE, ACABAMENTO ESMALTADO, AMBIENTE INTERNO/EXTERNO, PADRÃO EXTRA, DIMENSÃO DA PEÇA ATÉ 2025 CM2, ASSENTAMENTO COM ARGAMASSA."},"DAC-8.2","CPU",{"$f":"IF(G1008=\"SINAPI\",VLOOKUP($F1008,DADOS_SINAPI,3,0),IF(G1008=\"SETOP\",VLOOKUP($F1008,DADOS_SETOP,3,0),IF(G1008=\"CPU\",VLOOKUP($F1008,DADOS_COMPOSICAO,10,0),IF(G1008=\"SICRO\",VLOOKUP($F1008,DADOS_SICRO,3,0),IF(G1008=\"SUDECAP\",VLOOKUP(F1008,DADOS_SUDECAP,3,0),IF(G1008=\"COTAÇÃO\",VLOOKUP($F1008,DADOS_COTACAO,9,0),\"\"))))))","v":"M2"},{"$f":"F1014","v":54.919999999999995},{"$f":"IF(G1008=\"SINAPI\",VLOOKUP($F1008,DADOS_SINAPI,4,0),IF(G1008=\"SETOP\",VLOOKUP($F1008,DADOS_SETOP,4,0),IF(G1008=\"CPU\",VLOOKUP($F1008,DADOS_COMPOSICAO,13,0),IF(G1008=\"SICRO\",VLOOKUP($F1008,DADOS_SICRO,4,0),IF(G1008=\"SUDECAP\",VLOOKUP(F1008,DADOS_SUDECAP,4,0),IF(G1008=\"COTAÇÃO\",VLOOKUP(F1008,DADOS_COTACAO,12,0),\"\"))))))","v":137.68560000000002},"BDI 1",{"$f":"TRUNC(J1008*(1+$N$17),2)","v":174.19},{"$f":"IFERROR(TRUNC(I1008*J1008,2),\"\")","v":7561.69},{"$f":"IFERROR(TRUNC(L1008*I1008,2),\"\")","v":9566.51}]
[2000]
[2000,null,null,null,"Recepção + Espera + Sala de Estar",10.36,"m²"]
[2000,null,null,null,"Posto de Enfermagem",10.76,"m²"]
[2000,null,null,null,"Circulação 02 + Refeitório",24.12,"m²"]
[2000,null,null,null,"Balcão Recepção",9.68,"m²"]
[2000,null,null,null,"Total",{"$f":"SUM(F1010:F1013)","v":54.919999999999995},"m²"]
[2000]
[{"$f":"IFERROR(LEFT(D1016,SEARCH(\".\",D1016)-1),\"\")","v":"8"},{"$f":"IFERROR(LEFT(RIGHT(D1016,LEN(D1016)-SEARCH(\".\",D1016)),SEARCH(\".\",RIGHT(D1016,LEN(D1016)-SEARCH(\".\",D1016)))-1),\"\")","v":"1"},{"$f":"IFERROR(IF(LEN(D1016)-LEN(SUBSTITUTE(D1016,\".\",\"\"))<>3,\"\",MID(D1016,SEARCH(\".\",D1016,SEARCH(\".\",D1016)+1)+1,LEN(D1016)-SEARCH(\".\",D1016,SEARCH(\".\",D1016)+1)-(LEN(D1016)-(SEARCH(\".\",D1016,SEARCH(\".\",D1016,SEARCH(\".\",D1016)+1)+1)-1)))),\"\")","v":""},"8.1.6",{"$f":"IF($G1016=\"SINAPI\",VLOOKUP($F1016,DADOS_SINAPI,2,0),IF(G1016=\"SETOP\",VLOOKUP($F1016,DADOS_SETOP,2,0),IF(G1016=\"CPU\",VLOOKUP($F1016,DADOS_COMPOSICAO,2,0),IF(G1016=\"SICRO\",VLOOKUP($F1016,DADOS_SICRO,2,0),IF(G1016=\"SUDECAP\",VLOOKUP(F1016,DADOS_SUDECAP,2,0),IF(G1016=\"COTAÇÃO\",VLOOKUP($F1016,DADOS_COTACAO,2,0),\"\"))))))","v":"IMPERMEABILIZAÇÃO DE SUPERFÍCIE COM ARGAMASSA POLIMÉRICA / MEMBRANA ACRÍLICA, 3 DEMÃOS. AF_06/2018"},98555,"SINAPI",{"$f":"IF(G1016=\"SINAPI\",VLOOKUP($F1016,DADOS_SINAPI,3,0),IF(G1016=\"SETOP\",VLOOKUP($F1016,DADOS_SETOP,3,0),IF(G1016=\"CPU\",VLOOKUP($F1016,DADOS_COMPOSICAO,10,0),IF(G1016=\"SICRO\",VLOOKUP($F1016,DADOS_SICRO,3,0),IF(G1016=\"SUDECAP\",VLOOKUP(F1016,DADOS_SUDECAP,3,0),IF(G1016=\"COTAÇÃO\",VLOOKUP($F1016,DADOS_COTACAO,9,0),\"\"))))))","v":"M2"},{"$f":"F1070","v":1135.6200000000001},{"$f":"IF(G1016=\"SINAPI\",VLOOKUP($F1016,DADOS_SINAPI,4,0),IF(G1016=\"SETOP\",VLOOKUP($F1016,DADOS_SETOP,4,0),IF(G1016=\"CPU\",VLOOKUP($F1016,DADOS_COMPOSICAO,13,0),IF(G1016=\"SICRO\",VLOOKUP($F1016,DADOS_SICRO,4,0),IF(G1016=\"SUDECAP\",VLOOKUP(F1016,DADOS_SUDECAP,4,0),IF(G1016=\"COTAÇÃO\",VLOOKUP(F1016,DADOS_COTACAO,12,0),\"\"))))))","v":24.46},"BDI 1",{"$f":"TRUNC(J1016*(1+$N$17),2)","v":30.94},{"$f":"IFERROR(TRUNC(I1016*J1016,2),\"\")","v":27777.26},{"$f":"IFERROR(TRUNC(L1016*I1016,2),\"\")","v":35136.080000000002}]
[2000]
[2000,null,null,null,"Recepção + Espera + Sala de Estar",33.770000000000003,"m²"]
[2000,null,null,null,"Arquivo",13.8,"m²"]
[2000,null,null,null,"IS Masculino 1",19.350000000000001,"m²"]
[2000,null,null,null,"IS PNE Masculino 1",10.65,"m²"]
[2000,null,null,null,"IS PNE Feminino 1",10.65,"m²"]
[2000,null,null,null,"IS Feminino 1",19.350000000000001,"m²"]
[2000,null,null,null,"Poço Elevador",11.55,"m²"]
[2000,null,null,null,"Consultório 01",22.05,"m²"]
[2000,null,null,null,"Consultório 02",22.05,"m²"]
[2000,null,null,null,"Consultório 03",22.05,"m²"]
[2000,null,null,null,"Consultório 04",22.05,"m²"]
[2000,null,null,null,"Consultório 05",22.55,"m²"]
[2000,null,null,null,"Farmácia",21.45,"m²"]
[2000,null,null,null,"Sala de Enfermagem",21.45,"m²"]
[2000,null,null,null,"Sala de Atividades Coletivas 01 + 02",34.909999999999997,"m²"]
[2000,null,null,null,"Circulação 01",33.950000000000003,"m²"]
[2000,null,null,null,"Sala de Observação Masculino",28.3,"m²"]
[2000,null,null,null,"Sala de Observação Feminino",27.82,"m²"]
[2000,null,null,null,"Posto de Enfermagem",19.07,"m²"]
[2000,null,null,null,"Quarto Individual 01",18.3,"m²"]
[2000,null,null,null,"Quarto Individual 02",18.3,"m²"]
[2,null,null,null,"IS PNE Masculino 2",14.4,"m²"]
[2000,null,null,null,"IS PNE Feminino 2",13.5,"m²"]
[2000,null,null,null,"Circulação Observação",19.23,"m²"]
[2000,null,null,null,"Circulação 03",53.31,"m²"]
[2000,null,null,null,"Sala de Reuniões",28.86,"m²"]
[2000,null,null,null,"Vestiário Masculino",22.85,"m²"]
[2000,null,null,null,"Vestiário Feminino",22.85,"m²"]
[2000,null,null,null,"Sala de Utilidades",21.8,"m²"]
[2000,null,null,null,"Almoxarifado",14.88,"m²"]
[2000,null,null,null,"IS Quarto",11.66,"m²"]
[2000,null,null,null,"Quarto Plantonista",20.239999999999998,"m²"]
[2000,null,null,null,"Rouparia",21.44,"m²"]
[2000,null,null,null,"Diretoria",20.37,"m²"]
[2000,null,null,null,"Circulação 02 + Refeitório",119.53,"m²"]
[2000,null,null,null,"IS Masculino 2",20.48,"m²"]
[2000,null,null,null,"IS PNE Masculino 3",10.65,"m²"]
[2000,null,null,null,"IS PNE Feminino 3",10.65,"m²"]
[2000,null,null,null,"IS Feminino 2",20.48,"m²"]
[2000,null,null,null,"DML",15.24,"m²"]
[2000,null,null,null,"Área de Serviço",17.850000000000001,"m²"]
[2000,null,null,null,"Copa Funcionários",23.09,"m²"]
[2000,null,null,null,"Cozinha",28.12,"m²"]
[2000,null,null,null,"Triagem",9.35,"m²"]
[2000,null,null,null,"Despensa",19.920000000000002,"m²"]
[2000,null,null,null,"Abrigo de Resíduos Sólidos",11.33,"m²"]
[2000,null,null,null,"Balcão Recepção",18.899999999999999,"m²"]
[2000,null,null,null,"Mureta Bancada",46.62,"m²"]
[2000,null,null,null,"Balcão Posto de Enfermagem",4.2,"m²"]
[2000,null,null,null,"Casa de Bombas Incêndio",7.35,"m²"]
[2000,null,null,null,"Casa de Bombas Reuso",7.35,"m²"]
[2000,null,null,null,"Casa de Gás",5.7,"m²"]
[2000,null,null,null,"Total",{"$f":"SUM(F1018:F1069)","v":1135.6200000000001},"m²"]
[2000]
[{"$f":"IFERROR(LEFT(D1072,SEARCH(\".\",D1072)-1),\"\")","v":"8"},{"$f":"IFERROR(LEFT(RIGHT(D1072,LEN(D1072)-SEARCH(\".\",D1072)),SEARCH(\".\",RIGHT(D1072,LEN(D1072)-SEARCH(\".\",D1072)))-1),\"\")","v":"1"},{"$f":"IFERROR(IF(LEN(D1072)-LEN(SUBSTITUTE(D1072,\".\",\"\"))<>3,\"\",MID(D1072,SEARCH(\".\",D1072,SEARCH(\".\",D1072)+1)+1,LEN(D1072)-SEARCH(\".\",D1072,SEARCH(\".\",D1072)+1)-(LEN(D1072)-(SEARCH(\".\",D1072,SEARCH(\".\",D1072,SEARCH(\".\",D1072)+1)+1)-1)))),\"\")","v":""},"8.1.7",{"$f":"IF($G1072=\"SINAPI\",VLOOKUP($F1072,DADOS_SINAPI,2,0),IF(G1072=\"SETOP\",VLOOKUP($F1072,DADOS_SETOP,2,0),IF(G1072=\"CPU\",VLOOKUP($F1072,DADOS_COMPOSICAO,2,0),IF(G1072=\"SICRO\",VLOOKUP($F1072,DADOS_SICRO,2,0),IF(G1072=\"SUDECAP\",VLOOKUP(F1072,DADOS_SUDECAP,2,0),IF(G1072=\"COTAÇÃO\",VLOOKUP($F1072,DADOS_COTACAO,2,0),\"\"))))))","v":"FORRO EM DRYWALL, PARA AMBIENTES COMERCIAIS, INCLUSIVE ESTRUTURA DE FIXAÇÃO. AF_05/2017_PS"},96114,"SINAPI",{"$f":"IF(G1072=\"SINAPI\",VLOOKUP($F1072,DADOS_SINAPI,3,0),IF(G1072=\"SETOP\",VLOOKUP($F1072,DADOS_SETOP,3,0),IF(G1072=\"CPU\",VLOOKUP($F1072,DADOS_COMPOSICAO,10,0),IF(G1072=\"SICRO\",VLOOKUP($F1072,DADOS_SICRO,3,0),IF(G1072=\"SUDECAP\",VLOOKUP(F1072,DADOS_SUDECAP,3,0),IF(G1072=\"COTAÇÃO\",VLOOKUP($F1072,DADOS_COTACAO,9,0),\"\"))))))","v":"M2"},{"$f":"F1120","v":837.91},{"$f":"IF(G1072=\"SINAPI\",VLOOKUP($F1072,DADOS_SINAPI,4,0),IF(G1072=\"SETOP\",VLOOKUP($F1072,DADOS_SETOP,4,0),IF(G1072=\"CPU\",VLOOKUP($F1072,DADOS_COMPOSICAO,13,0),IF(G1072=\"SICRO\",VLOOKUP($F1072,DADOS_SICRO,4,0),IF(G1072=\"SUDECAP\",VLOOKUP(F1072,DADOS_SUDECAP,4,0),IF(G1072=\"COTAÇÃO\",VLOOKUP(F1072,DADOS_COTACAO,12,0),\"\"))))))","v":72.52},"BDI 1",{"$f":"TRUNC(J1072*(1+$N$17),2)","v":91.75},{"$f":"IFERROR(TRUNC(I1072*J1072,2),\"\")","v":60765.23},{"$f":"IFERROR(TRUNC(L1072*I1072,2),\"\")","v":76878.240000000005}]
[2000]
[2000,null,null,null,"Recepção + Espera + Sala de Estar",91.2,"m²"]
[2000,null,null,null,"Arquivo",5.96,"m²"]
[2000,null,null,null,"IS Masculino 1",11.66,"m²"]
[2000,null,null,null,"IS PNE Masculino 1",3.98,"m²"]
[2000,null,null,null,"IS PNE Feminino 1",3.98,"m²"]
[2000,null,null,null,"IS Feminino 1",11.68,"m²"]
[2000,null,null,null,"Poço Elevador",3.69,"m²"]
[2000,null,null,null,"Consultório 01",13.96,"m²"]
[2000,null,null,null,"Consultório 02",13.97,"m²"]
[2000,null,null,null,"Consultório 03",13.97,"m²"]
[2000,null,null,null,"Consultório 04",13.97,"m²"]
[2000,null,null,null,"Consultório 05",14.83,"m²"]
[2000,null,null,null,"Farmácia",12.96,"m²"]
[2000,null,null,null,"Sala de Enfermagem",12.97,"m²"]
[2000,null,null,null,"Sala de Atividades Coletivas 01 + 02",35.97,"m²"]
[2000,null,null,null,"Circulação 01",29.93,"m²"]
[2000,null,null,null,"Sala de Observação Masculino",26.97,"m²"]
[2000,null,null,null,"Sala de Observação Feminino",27.05,"m²"]
[2000,null,null,null,"Posto de Enfermagem",11.5,"m²"]
[2000,null,null,null,"Quarto Individual 01",10.6,"m²"]
[2000,null,null,null,"Quarto Individual 02",10.6,"m²"]
[2,null,null,null,"IS PNE Masculino 2",6.09,"m²"]
[2000,null,null,null,"IS PNE Feminino 2",6.12,"m²"]
[2000,null,null,null,"Circulação Observação",17.82,"m²"]
[2000,null,null,null,"Circulação 03",37.53,"m²"]
[2000,null,null,null,"Sala de Reuniões",24.41,"m²"]
[2000,null,null,null,"Vestiário Masculino",15.18,"m²"]
[2000,null,null,null,"Vestiário Feminino",15.18,"m²"]
[2000,null,null,null,"Sala de Utilidades",13.37,"m²"]
[2000,null,null,null,"Almoxarifado",7.3,"m²"]
[2000,null,null,null,"IS Quarto",4.3,"m²"]
[2000,null,null,null,"Quarto Plantonista",13.77,"m²"]
[2000,null,null,null,"Rouparia",13.77,"m²"]
[2000,null,null,null,"Diretoria",12.11,"m²"]
[2000,null,null,null,"Circulação 02 + Refeitório",160.93,"m²"]
[2000,null,null,null,"IS Masculino 2",13.2,"m²"]
[2000,null,null,null,"IS PNE Masculino 3",3.98,"m²"]
[2000,null,null,null,"IS PNE Feminino 3",3.98,"m²"]
[2000,null,null,null,"IS Feminino 2",13.21,"m²"]
[2000,null,null,null,"DML",7.03,"m²"]
[2000,null,null,null,"Área de Serviço",8.76,"m²"]
[2000,null,null,null,"Copa Funcionários",16.46,"m²"]
[2000,null,null,null,"Cozinha",21.9,"m²"]
[2000,null,null,null,"Triagem",4.93,"m²"]
[2000,null,null,null,"Despensa",10.75,"m²"]
[2000,null,null,null,"Abrigo de Resíduos Sólidos",4.43,"m²"]
[2000,null,null,null,"Total",{"$f":"SUM(F1074:F1119)","v":837.91},"m²"]
[2000]
[{"$f":"IFERROR(LEFT(D1122,SEARCH(\".\",D1122)-1),\"\")","v":"8"},{"$f":"IFERROR(LEFT(RIGHT(D1122,LEN(D1122)-SEARCH(\".\",D1122)),SEARCH(\".\",RIGHT(D1122,LEN(D1122)-SEARCH(\".\",D1122)))-1),\"\")","v":"1"},{"$f":"IFERROR(IF(LEN(D1122)-LEN(SUBSTITUTE(D1122,\".\",\"\"))<>3,\"\",MID(D1122,SEARCH(\".\",D1122,SEARCH(\".\",D1122)+1)+1,LEN(D1122)-SEARCH(\".\",D1122,SEARCH(\".\",D1122)+1)-(LEN(D1122)-(SEARCH(\".\",D1122,SEARCH(\".\",D1122,SEARCH(\".\",D1122)+1)+1)-1)))),\"\")","v":""},"8.1.8",{"$f":"IF($G1122=\"SINAPI\",VLOOKUP($F1122,DADOS_SINAPI,2,0),IF(G1122=\"SETOP\",VLOOKUP($F1122,DADOS_SETOP,2,0),IF(G1122=\"CPU\",VLOOKUP($F1122,DADOS_COMPOSICAO,2,0),IF(G1122=\"SICRO\",VLOOKUP($F1122,DADOS_SICRO,2,0),IF(G1122=\"SUDECAP\",VLOOKUP(F1122,DADOS_SUDECAP,2,0),IF(G1122=\"COTAÇÃO\",VLOOKUP($F1122,DADOS_COTACAO,2,0),\"\"))))))","v":"EMASSAMENTO EM TETO COM MASSA CORRIDA (PVA), DUAS (2) DEMÃOS, INCLUSIVE LIXAMENTO PARA PINTURA"},"ED-50480","SETOP",{"$f":"IF(G1122=\"SINAPI\",VLOOKUP($F1122,DADOS_SINAPI,3,0),IF(G1122=\"SETOP\",VLOOKUP($F1122,DADOS_SETOP,3,0),IF(G1122=\"CPU\",VLOOKUP($F1122,DADOS_COMPOSICAO,10,0),IF(G1122=\"SICRO\",VLOOKUP($F1122,DADOS_SICRO,3,0),IF(G1122=\"SUDECAP\",VLOOKUP(F1122,DADOS_SUDECAP,3,0),IF(G1122=\"COTAÇÃO\",VLOOKUP($F1122,DADOS_COTACAO,9,0),\"\"))))))","v":"m2"},{"$f":"F1125","v":837.91},{"$f":"IF(G1122=\"SINAPI\",VLOOKUP($F1122,DADOS_SINAPI,4,0),IF(G1122=\"SETOP\",VLOOKUP($F1122,DADOS_SETOP,4,0),IF(G1122=\"CPU\",VLOOKUP($F1122,DADOS_COMPOSICAO,13,0),IF(G1122=\"SICRO\",VLOOKUP($F1122,DADOS_SICRO,4,0),IF(G1122=\"SUDECAP\",VLOOKUP(F1122,DADOS_SUDECAP,4,0),IF(G1122=\"COTAÇÃO\",VLOOKUP(F1122,DADOS_COTACAO,12,0),\"\"))))))","v":26.67},"BDI 1",{"$f":"TRUNC(J1122*(1+$N$17),2)","v":33.74},{"$f":"IFERROR(TRUNC(I1122*J1122,2),\"\")","v":22347.05},{"$f":"IFERROR(TRUNC(L1122*I1122,2),\"\")","v":28271.08}]
[2000]
[2000,null,null,null,"Área de Forro",{"$f":"F1120","v":837.91},"m²"]
[2000,null,null,null,"Total",{"$f":"F1124","v":837.91},"m²"]
[2000]
[{"$f":"IFERROR(LEFT(D1127,SEARCH(\".\",D1127)-1),\"\")","v":"8"},{"$f":"IFERROR(LEFT(RIGHT(D1127,LEN(D1127)-SEARCH(\".\",D1127)),SEARCH(\".\",RIGHT(D1127,LEN(D1127)-SEARCH(\".\",D1127)))-1),\"\")","v":"1"},{"$f":"IFERROR(IF(LEN(D1127)-LEN(SUBSTITUTE(D1127,\".\",\"\"))<>3,\"\",MID(D1127,SEARCH(\".\",D1127,SEARCH(\".\",D1127)+1)+1,LEN(D1127)-SEARCH(\".\",D1127,SEARCH(\".\",D1127)+1)-(LEN(D1127)-(SEARCH(\".\",D1127,SEARCH(\".\",D1127,SEARCH(\".\",D1127)+1)+1)-1)))),\"\")","v":""},"8.1.9",{"$f":"IF($G1127=\"SINAPI\",VLOOKUP($F1127,DADOS_SINAPI,2,0),IF(G1127=\"SETOP\",VLOOKUP($F1127,DADOS_SETOP,2,0),IF(G1127=\"CPU\",VLOOKUP($F1127,DADOS_COMPOSICAO,2,0),IF(G1127=\"SICRO\",VLOOKUP($F1127,DADOS_SICRO,2,0),IF(G1127=\"SUDECAP\",VLOOKUP(F1127,DADOS_SUDECAP,2,0),IF(G1127=\"COTAÇÃO\",VLOOKUP($F1127,DADOS_COTACAO,2,0),\"\"))))))","v":"APLICAÇÃO DE RESINA SINTÉTICA PARA ADERÊNCIA DE REVESTIMENTOS"},"DAC-8.1","CPU",{"$f":"IF(G1127=\"SINAPI\",VLOOKUP($F1127,DADOS_SINAPI,3,0),IF(G1127=\"SETOP\",VLOOKUP($F1127,DADOS_SETOP,3,0),IF(G1127=\"CPU\",VLOOKUP($F1127,DADOS_COMPOSICAO,10,0),IF(G1127=\"SICRO\",VLOOKUP($F1127,DADOS_SICRO,3,0),IF(G1127=\"SUDECAP\",VLOOKUP(F1127,DADOS_SUDECAP,3,0),IF(G1127=\"COTAÇÃO\",VLOOKUP($F1127,DADOS_COTACAO,9,0),\"\"))))))","v":"M2"},{"$f":"F1132","v":5.2},{"$f":"IF(G1127=\"SINAPI\",VLOOKUP($F1127,DADOS_SINAPI,4,0),IF(G1127=\"SETOP\",VLOOKUP($F1127,DADOS_SETOP,4,0),IF(G1127=\"CPU\",VLOOKUP($F1127,DADOS_COMPOSICAO,13,0),IF(G1127=\"SICRO\",VLOOKUP($F1127,DADOS_SICRO,4,0),IF(G1127=\"SUDECAP\",VLOOKUP(F1127,DADOS_SUDECAP,4,0),IF(G1127=\"COTAÇÃO\",VLOOKUP(F1127,DADOS_COTACAO,12,0),\"\"))))))","v":7.6164999999999994},"BDI 1",{"$f":"TRUNC(J1127*(1+$N$17),2)","v":9.6300000000000008},{"$f":"IFERROR(TRUNC(I1127*J1127,2),\"\")","v":39.6},{"$f":"IFERROR(TRUNC(L1127*I1127,2),\"\")","v":50.07}]
[2000]
[2000,null,null,null,"Casa de Bombas Incêndio",2.1,"m²"]
[2000,null,null,null,"Casa de Bombas Reuso",2.1,"m²"]
[2000,null,null,null,"Casa de Gás",1,"m²"]
[2000,null,null,null,"Total",{"$f":"SUM(F1129:F1131)","v":5.2},"m²"]
[2000]
[{"$f":"IFERROR(LEFT(D1134,SEARCH(\".\",D1134)-1),\"\")","v":"8"},{"$f":"IFERROR(LEFT(RIGHT(D1134,LEN(D1134)-SEARCH(\".\",D1134)),SEARCH(\".\",RIGHT(D1134,LEN(D1134)-SEARCH(\".\",D1134)))-1),\"\")","v":"1"},{"$f":"IFERROR(IF(LEN(D1134)-LEN(SUBSTITUTE(D1134,\".\",\"\"))<>3,\"\",MID(D1134,SEARCH(\".\",D1134,SEARCH(\".\",D1134)+1)+1,LEN(D1134)-SEARCH(\".\",D1134,SEARCH(\".\",D1134)+1)-(LEN(D1134)-(SEARCH(\".\",D1134,SEARCH(\".\",D1134,SEARCH(\".\",D1134)+1)+1)-1)))),\"\")","v":""},"8.1.10",{"$f":"IF($G1134=\"SINAPI\",VLOOKUP($F1134,DADOS_SINAPI,2,0),IF(G1134=\"SETOP\",VLOOKUP($F1134,DADOS_SETOP,2,0),IF(G1134=\"CPU\",VLOOKUP($F1134,DADOS_COMPOSICAO,2,0),IF(G1134=\"SICRO\",VLOOKUP($F1134,DADOS_SICRO,2,0),IF(G1134=\"SUDECAP\",VLOOKUP(F1134,DADOS_SUDECAP,2,0),IF(G1134=\"COTAÇÃO\",VLOOKUP($F1134,DADOS_COTACAO,2,0),\"\"))))))","v":"APLICAÇÃO MANUAL DE GESSO DESEMPENADO (SEM TALISCAS) EM TETO DE AMBIENTES DE ÁREA MAIOR QUE 10M², ESPESSURA DE 1,0CM. AF_03/2023"},87414,"SINAPI",{"$f":"IF(G1134=\"SINAPI\",VLOOKUP($F1134,DADOS_SINAPI,3,0),IF(G1134=\"SETOP\",VLOOKUP($F1134,DADOS_SETOP,3,0),IF(G1134=\"CPU\",VLOOKUP($F1134,DADOS_COMPOSICAO,10,0),IF(G1134=\"SICRO\",VLOOKUP($F1134,DADOS_SICRO,3,0),IF(G1134=\"SUDECAP\",VLOOKUP(F1134,DADOS_SUDECAP,3,0),IF(G1134=\"COTAÇÃO\",VLOOKUP($F1134,DADOS_COTACAO,9,0),\"\"))))))","v":"M2"},{"$f":"F1137","v":5.2},{"$f":"IF(G1134=\"SINAPI\",VLOOKUP($F1134,DADOS_SINAPI,4,0),IF(G1134=\"SETOP\",VLOOKUP($F1134,DADOS_SETOP,4,0),IF(G1134=\"CPU\",VLOOKUP($F1134,DADOS_COMPOSICAO,13,0),IF(G1134=\"SICRO\",VLOOKUP($F1134,DADOS_SICRO,4,0),IF(G1134=\"SUDECAP\",VLOOKUP(F1134,DADOS_SUDECAP,4,0),IF(G1134=\"COTAÇÃO\",VLOOKUP(F1134,DADOS_COTACAO,12,0),\"\"))))))","v":25.06},"BDI 1",{"$f":"TRUNC(J1134*(1+$N$17),2)","v":31.7},{"$f":"IFERROR(TRUNC(I1134*J1134,2),\"\")","v":130.31},{"$f":"IFERROR(TRUNC(L1134*I1134,2),\"\")","v":164.84}]
[2000]
[2000,null,null,null,"Área de Forro",{"$f":"F1132","v":5.2},"m²"]
[2000,null,null,null,"Total",{"$f":"F1136","v":5.2},"m²"]
[2000]
[{"$f":"IFERROR(LEFT(D1139,SEARCH(\".\",D1139)-1),\"\")","v":"8"},{"$f":"IFERROR(LEFT(RIGHT(D1139,LEN(D1139)-SEARCH(\".\",D1139)),SEARCH(\".\",RIGHT(D1139,LEN(D1139)-SEARCH(\".\",D1139)))-1),\"\")","v":"1"},{"$f":"IFERROR(IF(LEN(D1139)-LEN(SUBSTITUTE(D1139,\".\",\"\"))<>3,\"\",MID(D1139,SEARCH(\".\",D1139,SEARCH(\".\",D1139)+1)+1,LEN(D1139)-SEARCH(\".\",D1139,SEARCH(\".\",D1139)+1)-(LEN(D1139)-(SEARCH(\".\",D1139,SEARCH(\".\",D1139,SEARCH(\".\",D1139)+1)+1)-1)))),\"\")","v":""},"8.1.11",{"$f":"IF($G1139=\"SINAPI\",VLOOKUP($F1139,DADOS_SINAPI,2,0),IF(G1139=\"SETOP\",VLOOKUP($F1139,DADOS_SETOP,2,0),IF(G1139=\"CPU\",VLOOKUP($F1139,DADOS_COMPOSICAO,2,0),IF(G1139=\"SICRO\",VLOOKUP($F1139,DADOS_SICRO,2,0),IF(G1139=\"SUDECAP\",VLOOKUP(F1139,DADOS_SUDECAP,2,0),IF(G1139=\"COTAÇÃO\",VLOOKUP($F1139,DADOS_COTACAO,2,0),\"\"))))))","v":"EMASSAMENTO EM PAREDE EM CHAPA DE GESSO ACARTONADO (DRYWALL) COM MASSA CORRIDA (PVA), UMA (1) DEMÃO, INCLUSIVE LIXAMENTO PARA PINTURA"},"ED-50484","SETOP",{"$f":"F1143","v":36.498000000000005},{"$f":"F1143","v":36.498000000000005},{"$f":"IF(G1139=\"SINAPI\",VLOOKUP($F1139,DADOS_SINAPI,4,0),IF(G1139=\"SETOP\",VLOOKUP($F1139,DADOS_SETOP,4,0),IF(G1139=\"CPU\",VLOOKUP($F1139,DADOS_COMPOSICAO,13,0),IF(G1139=\"SICRO\",VLOOKUP($F1139,DADOS_SICRO,4,0),IF(G1139=\"SUDECAP\",VLOOKUP(F1139,DADOS_SUDECAP,4,0),IF(G1139=\"COTAÇÃO\",VLOOKUP(F1139,DADOS_COTACAO,12,0),\"\"))))))","v":11.02},"BDI 1",{"$f":"TRUNC(J1139*(1+$N$17),2)","v":13.94},{"$f":"IFERROR(TRUNC(I1139*J1139,2),\"\")","v":402.2},{"$f":"IFERROR(TRUNC(L1139*I1139,2),\"\")","v":508.78}]
[2000]
[2000,null,null,null,"Sala de Atividades Coletivas 01",{"$f":"4.74*3.85","v":18.249000000000002},"m²"]
[2000,null,null,null,"Sala de Atividades Coletivas 02",{"$f":"4.74*3.85","v":18.249000000000002},"m²"]
[2000,null,null,null,"Total",{"$f":"SUM(F1141:F1142)","v":36.498000000000005},"m²"]
[2000]
[null,null,null,"8.2","REVESTIMENTOS EXTERNOS",null,null,null,null,null,null,null,{"$f":"IFERROR(SUMIFS(M:M,A:A,LEFT(D1145,SEARCH(\".\",D1145)-1),B:B,RIGHT(D1145,LEN(D1145)-SEARCH(\".\",D1145))),\"\")","v":188541.38999999998},{"$f":"IFERROR(SUMIFS(N:N,A:A,LEFT(D1145,SEARCH(\".\",D1145)-1),B:B,RIGHT(D1145,LEN(D1145)-SEARCH(\".\",D1145))),\"\")","v":238502.14999999994}]
[{"$f":"IFERROR(LEFT(D1146,SEARCH(\".\",D1146)-1),\"\")","v":"8"},{"$f":"IFERROR(LEFT(RIGHT(D1146,LEN(D1146)-SEARCH(\".\",D1146)),SEARCH(\".\",RIGHT(D1146,LEN(D1146)-SEARCH(\".\",D1146)))-1),\"\")","v":"2"},{"$f":"IFERROR(IF(LEN(D1146)-LEN(SUBSTITUTE(D1146,\".\",\"\"))<>3,\"\",MID(D1146,SEARCH(\".\",D1146,SEARCH(\".\",D1146)+1)+1,LEN(D1146)-SEARCH(\".\",D1146,SEARCH(\".\",D1146)+1)-(LEN(D1146)-(SEARCH(\".\",D1146,SEARCH(\".\",D1146,SEARCH(\".\",D1146)+1)+1)-1)))),\"\")","v":""},"8.2.1",{"$f":"IF($G1146=\"SINAPI\",VLOOKUP($F1146,DADOS_SINAPI,2,0),IF(G1146=\"SETOP\",VLOOKUP($F1146,DADOS_SETOP,2,0),IF(G1146=\"CPU\",VLOOKUP($F1146,DADOS_COMPOSICAO,2,0),IF(G1146=\"SICRO\",VLOOKUP($F1146,DADOS_SICRO,2,0),IF(G1146=\"SUDECAP\",VLOOKUP(F1146,DADOS_SUDECAP,2,0),IF(G1146=\"COTAÇÃO\",VLOOKUP($F1146,DADOS_COTACAO,2,0),\"\"))))))","v":"CHAPISCO APLICADO EM ALVENARIA (COM PRESENÇA DE VÃOS) E ESTRUTURAS DE CONCRETO DE FACHADA, COM COLHER DE PEDREIRO.  ARGAMASSA TRAÇO 1:3 COM PREPARO EM BETONEIRA 400L. AF_10/2022"},87905,"SINAPI",{"$f":"IF(G1146=\"SINAPI\",VLOOKUP($F1146,DADOS_SINAPI,3,0),IF(G1146=\"SETOP\",VLOOKUP($F1146,DADOS_SETOP,3,0),IF(G1146=\"CPU\",VLOOKUP($F1146,DADOS_COMPOSICAO,10,0),IF(G1146=\"SICRO\",VLOOKUP($F1146,DADOS_SICRO,3,0),IF(G1146=\"SUDECAP\",VLOOKUP(F1146,DADOS_SUDECAP,3,0),IF(G1146=\"COTAÇÃO\",VLOOKUP($F1146,DADOS_COTACAO,9,0),\"\"))))))","v":"M2"},{"$f":"F1155","v":1918.7},{"$f":"IF(G1146=\"SINAPI\",VLOOKUP($F1146,DADOS_SINAPI,4,0),IF(G1146=\"SETOP\",VLOOKUP($F1146,DADOS_SETOP,4,0),IF(G1146=\"CPU\",VLOOKUP($F1146,DADOS_COMPOSICAO,13,0),IF(G1146=\"SICRO\",VLOOKUP($F1146,DADOS_SICRO,4,0),IF(G1146=\"SUDECAP\",VLOOKUP(F1146,DADOS_SUDECAP,4,0),IF(G1146=\"COTAÇÃO\",VLOOKUP(F1146,DADOS_COTACAO,12,0),\"\"))))))","v":7.2},"BDI 1",{"$f":"TRUNC(J1146*(1+$N$17),2)","v":9.1},{"$f":"IFERROR(TRUNC(I1146*J1146,2),\"\")","v":13814.64},{"$f":"IFERROR(TRUNC(L1146*I1146,2),\"\")","v":17460.169999999998}]
[2000]
[2000,null,null,null,"Paredes Externas",750.53,"m²"]
[2000,null,null,null,"Canteiro",15.65,"m²"]
[2000,null,null,null,"Platibanda",790.72,"m²"]
[2000,null,null,null,"Pórtico",24.98,"m²"]
[2000,null,null,null,"Casa de Máquinas",17.96,"m²"]
[2000,null,null,null,"Casa de Gás",3.06,"m²"]
[2000,null,null,null,"Muros",{"$f":"157.9*2","v":315.8},"m²"]
[2000,null,null,null,"Total",{"$f":"SUM(F1148:F1154)","v":1918.7},"m²"]
[2000]
[{"$f":"IFERROR(LEFT(D1157,SEARCH(\".\",D1157)-1),\"\")","v":"8"},{"$f":"IFERROR(LEFT(RIGHT(D1157,LEN(D1157)-SEARCH(\".\",D1157)),SEARCH(\".\",RIGHT(D1157,LEN(D1157)-SEARCH(\".\",D1157)))-1),\"\")","v":"2"},{"$f":"IFERROR(IF(LEN(D1157)-LEN(SUBSTITUTE(D1157,\".\",\"\"))<>3,\"\",MID(D1157,SEARCH(\".\",D1157,SEARCH(\".\",D1157)+1)+1,LEN(D1157)-SEARCH(\".\",D1157,SEARCH(\".\",D1157)+1)-(LEN(D1157)-(SEARCH(\".\",D1157,SEARCH(\".\",D1157,SEARCH(\".\",D1157)+1)+1)-1)))),\"\")","v":""},"8.2.2",{"$f":"IF($G1157=\"SINAPI\",VLOOKUP($F1157,DADOS_SINAPI,2,0),IF(G1157=\"SETOP\",VLOOKUP($F1157,DADOS_SETOP,2,0),IF(G1157=\"CPU\",VLOOKUP($F1157,DADOS_COMPOSICAO,2,0),IF(G1157=\"SICRO\",VLOOKUP($F1157,DADOS_SICRO,2,0),IF(G1157=\"SUDECAP\",VLOOKUP(F1157,DADOS_SUDECAP,2,0),IF(G1157=\"COTAÇÃO\",VLOOKUP($F1157,DADOS_COTACAO,2,0),\"\"))))))","v":"EMBOÇO OU MASSA ÚNICA EM ARGAMASSA TRAÇO 1:2:8, PREPARO MECÂNICO COM BETONEIRA 400 L, APLICADA MANUALMENTE EM PANOS DE FACHADA COM PRESENÇA DE VÃOS, ESPESSURA DE 35 MM. AF_08/2022"},87779,"SINAPI",{"$f":"IF(G1157=\"SINAPI\",VLOOKUP($F1157,DADOS_SINAPI,3,0),IF(G1157=\"SETOP\",VLOOKUP($F1157,DADOS_SETOP,3,0),IF(G1157=\"CPU\",VLOOKUP($F1157,DADOS_COMPOSICAO,10,0),IF(G1157=\"SICRO\",VLOOKUP($F1157,DADOS_SICRO,3,0),IF(G1157=\"SUDECAP\",VLOOKUP(F1157,DADOS_SUDECAP,3,0),IF(G1157=\"COTAÇÃO\",VLOOKUP($F1157,DADOS_COTACAO,9,0),\"\"))))))","v":"M2"},{"$f":"F1160","v":1918.7},{"$f":"IF(G1157=\"SINAPI\",VLOOKUP($F1157,DADOS_SINAPI,4,0),IF(G1157=\"SETOP\",VLOOKUP($F1157,DADOS_SETOP,4,0),IF(G1157=\"CPU\",VLOOKUP($F1157,DADOS_COMPOSICAO,13,0),IF(G1157=\"SICRO\",VLOOKUP($F1157,DADOS_SICRO,4,0),IF(G1157=\"SUDECAP\",VLOOKUP(F1157,DADOS_SUDECAP,4,0),IF(G1157=\"COTAÇÃO\",VLOOKUP(F1157,DADOS_COTACAO,12,0),\"\"))))))","v":63.27},"BDI 1",{"$f":"TRUNC(J1157*(1+$N$17),2)","v":80.040000000000006},{"$f":"IFERROR(TRUNC(I1157*J1157,2),\"\")","v":121396.14},{"$f":"IFERROR(TRUNC(L1157*I1157,2),\"\")","v":153572.74}]
[2000]
[2000,null,null,null,"Área de Chapisco",{"$f":"F1155","v":1918.7},"m²"]
[2000,null,null,null,"Total",{"$f":"F1159","v":1918.7},"m²"]
[2000]
[{"$f":"IFERROR(LEFT(D1162,SEARCH(\".\",D1162)-1),\"\")","v":"8"},{"$f":"IFERROR(LEFT(RIGHT(D1162,LEN(D1162)-SEARCH(\".\",D1162)),SEARCH(\".\",RIGHT(D1162,LEN(D1162)-SEARCH(\".\",D1162)))-1),\"\")","v":"2"},{"$f":"IFERROR(IF(LEN(D1162)-LEN(SUBSTITUTE(D1162,\".\",\"\"))<>3,\"\",MID(D1162,SEARCH(\".\",D1162,SEARCH(\".\",D1162)+1)+1,LEN(D1162)-SEARCH(\".\",D1162,SEARCH(\".\",D1162)+1)-(LEN(D1162)-(SEARCH(\".\",D1162,SEARCH(\".\",D1162,SEARCH(\".\",D1162)+1)+1)-1)))),\"\")","v":""},"8.2.3",{"$f":"IF($G1162=\"SINAPI\",VLOOKUP($F1162,DADOS_SINAPI,2,0),IF(G1162=\"SETOP\",VLOOKUP($F1162,DADOS_SETOP,2,0),IF(G1162=\"CPU\",VLOOKUP($F1162,DADOS_COMPOSICAO,2,0),IF(G1162=\"SICRO\",VLOOKUP($F1162,DADOS_SICRO,2,0),IF(G1162=\"SUDECAP\",VLOOKUP(F1162,DADOS_SUDECAP,2,0),IF(G1162=\"COTAÇÃO\",VLOOKUP($F1162,DADOS_COTACAO,2,0),\"\"))))))","v":"REVESTIMENTO COM PASTILHA APLICADO EM PAREDE, ACABAMENTO ESMALTADO, AMBIENTE INTERNO/EXTERNO, PADRÃO EXTRA, DIMENSÃO DA PEÇA ATÉ 2025 CM2, ASSENTAMENTO COM ARGAMASSA."},"DAC-8.2","CPU",{"$f":"IF(G1162=\"SINAPI\",VLOOKUP($F1162,DADOS_SINAPI,3,0),IF(G1162=\"SETOP\",VLOOKUP($F1162,DADOS_SETOP,3,0),IF(G1162=\"CPU\",VLOOKUP($F1162,DADOS_COMPOSICAO,10,0),IF(G1162=\"SICRO\",VLOOKUP($F1162,DADOS_SICRO,3,0),IF(G1162=\"SUDECAP\",VLOOKUP(F1162,DADOS_SUDECAP,3,0),IF(G1162=\"COTAÇÃO\",VLOOKUP($F1162,DADOS_COTACAO,9,0),\"\"))))))","v":"M2"},{"$f":"F1167","v":239.72},{"$f":"IF(G1162=\"SINAPI\",VLOOKUP($F1162,DADOS_SINAPI,4,0),IF(G1162=\"SETOP\",VLOOKUP($F1162,DADOS_SETOP,4,0),IF(G1162=\"CPU\",VLOOKUP($F1162,DADOS_COMPOSICAO,13,0),IF(G1162=\"SICRO\",VLOOKUP($F1162,DADOS_SICRO,4,0),IF(G1162=\"SUDECAP\",VLOOKUP(F1162,DADOS_SUDECAP,4,0),IF(G1162=\"COTAÇÃO\",VLOOKUP(F1162,DADOS_COTACAO,12,0),\"\"))))))","v":137.68560000000002},"BDI 1",{"$f":"TRUNC(J1162*(1+$N$17),2)","v":174.19},{"$f":"IFERROR(TRUNC(I1162*J1162,2),\"\")","v":33005.99},{"$f":"IFERROR(TRUNC(L1162*I1162,2),\"\")","v":41756.82}]
[2000]
[2000,null,null,null,"Paredes Externas",226.1,"m²"]
[2000,null,null,null,"Casa de Máquinas",10.56,"m²"]
[2000,null,null,null,"Casa de Gás",3.06,"m²"]
[2000,null,null,null,"Total",{"$f":"SUM(F1164:F1166)","v":239.72},"m²"]
[2000]
[{"$f":"IFERROR(LEFT(D1169,SEARCH(\".\",D1169)-1),\"\")","v":"8"},{"$f":"IFERROR(LEFT(RIGHT(D1169,LEN(D1169)-SEARCH(\".\",D1169)),SEARCH(\".\",RIGHT(D1169,LEN(D1169)-SEARCH(\".\",D1169)))-1),\"\")","v":"2"},{"$f":"IFERROR(IF(LEN(D1169)-LEN(SUBSTITUTE(D1169,\".\",\"\"))<>3,\"\",MID(D1169,SEARCH(\".\",D1169,SEARCH(\".\",D1169)+1)+1,LEN(D1169)-SEARCH(\".\",D1169,SEARCH(\".\",D1169)+1)-(LEN(D1169)-(SEARCH(\".\",D1169,SEARCH(\".\",D1169,SEARCH(\".\",D1169)+1)+1)-1)))),\"\")","v":""},"8.2.4",{"$f":"IF($G1169=\"SINAPI\",VLOOKUP($F1169,DADOS_SINAPI,2,0),IF(G1169=\"SETOP\",VLOOKUP($F1169,DADOS_SETOP,2,0),IF(G1169=\"CPU\",VLOOKUP($F1169,DADOS_COMPOSICAO,2,0),IF(G1169=\"SICRO\",VLOOKUP($F1169,DADOS_SICRO,2,0),IF(G1169=\"SUDECAP\",VLOOKUP(F1169,DADOS_SUDECAP,2,0),IF(G1169=\"COTAÇÃO\",VLOOKUP($F1169,DADOS_COTACAO,2,0),\"\"))))))","v":"IMPERMEABILIZAÇÃO DE SUPERFÍCIE COM ARGAMASSA POLIMÉRICA / MEMBRANA ACRÍLICA, 3 DEMÃOS. AF_06/2018"},98555,"SINAPI",{"$f":"IF(G1169=\"SINAPI\",VLOOKUP($F1169,DADOS_SINAPI,3,0),IF(G1169=\"SETOP\",VLOOKUP($F1169,DADOS_SETOP,3,0),IF(G1169=\"CPU\",VLOOKUP($F1169,DADOS_COMPOSICAO,10,0),IF(G1169=\"SICRO\",VLOOKUP($F1169,DADOS_SICRO,3,0),IF(G1169=\"SUDECAP\",VLOOKUP(F1169,DADOS_SUDECAP,3,0),IF(G1169=\"COTAÇÃO\",VLOOKUP($F1169,DADOS_COTACAO,9,0),\"\"))))))","v":"M2"},{"$f":"F1175","v":322.18999999999994},{"$f":"IF(G1169=\"SINAPI\",VLOOKUP($F1169,DADOS_SINAPI,4,0),IF(G1169=\"SETOP\",VLOOKUP($F1169,DADOS_SETOP,4,0),IF(G1169=\"CPU\",VLOOKUP($F1169,DADOS_COMPOSICAO,13,0),IF(G1169=\"SICRO\",VLOOKUP($F1169,DADOS_SICRO,4,0),IF(G1169=\"SUDECAP\",VLOOKUP(F1169,DADOS_SUDECAP,4,0),IF(G1169=\"COTAÇÃO\",VLOOKUP(F1169,DADOS_COTACAO,12,0),\"\"))))))","v":24.46},"BDI 1",{"$f":"TRUNC(J1169*(1+$N$17),2)","v":30.94},{"$f":"IFERROR(TRUNC(I1169*J1169,2),\"\")","v":7880.76},{"$f":"IFERROR(TRUNC(L1169*I1169,2),\"\")","v":9968.5499999999993}]
[2000]
[2000,null,null,null,"Paredes Externas",290.27999999999997,"m²"]
[2000,null,null,null,"Canteiro",15.65,"m²"]
[2000,null,null,null,"Casa de Máquinas",13.2,"m²"]
[2000,null,null,null,"Casa de Gás",3.06,"m²"]
[2000,null,null,null,"Total",{"$f":"SUM(F1171:F1174)","v":322.18999999999994},"m²"]
[2000]
[{"$f":"IFERROR(LEFT(D1177,SEARCH(\".\",D1177)-1),\"\")","v":"8"},{"$f":"IFERROR(LEFT(RIGHT(D1177,LEN(D1177)-SEARCH(\".\",D1177)),SEARCH(\".\",RIGHT(D1177,LEN(D1177)-SEARCH(\".\",D1177)))-1),\"\")","v":"2"},{"$f":"IFERROR(IF(LEN(D1177)-LEN(SUBSTITUTE(D1177,\".\",\"\"))<>3,\"\",MID(D1177,SEARCH(\".\",D1177,SEARCH(\".\",D1177)+1)+1,LEN(D1177)-SEARCH(\".\",D1177,SEARCH(\".\",D1177)+1)-(LEN(D1177)-(SEARCH(\".\",D1177,SEARCH(\".\",D1177,SEARCH(\".\",D1177)+1)+1)-1)))),\"\")","v":""},"8.2.5",{"$f":"IF($G1177=\"SINAPI\",VLOOKUP($F1177,DADOS_SINAPI,2,0),IF(G1177=\"SETOP\",VLOOKUP($F1177,DADOS_SETOP,2,0),IF(G1177=\"CPU\",VLOOKUP($F1177,DADOS_COMPOSICAO,2,0),IF(G1177=\"SICRO\",VLOOKUP($F1177,DADOS_SICRO,2,0),IF(G1177=\"SUDECAP\",VLOOKUP(F1177,DADOS_SUDECAP,2,0),IF(G1177=\"COTAÇÃO\",VLOOKUP($F1177,DADOS_COTACAO,2,0),\"\"))))))","v":"MASSA ÚNICA, PARA RECEBIMENTO DE PINTURA, EM ARGAMASSA TRAÇO 1:2:8, PREPARO MECÂNICO COM BETONEIRA 400L, APLICADA MANUALMENTE EM TETO, ESPESSURA DE 20MM, COM EXECUÇÃO DE TALISCAS. AF_03/2015"},90406,"SINAPI",{"$f":"IF(G1177=\"SINAPI\",VLOOKUP($F1177,DADOS_SINAPI,3,0),IF(G1177=\"SETOP\",VLOOKUP($F1177,DADOS_SETOP,3,0),IF(G1177=\"CPU\",VLOOKUP($F1177,DADOS_COMPOSICAO,10,0),IF(G1177=\"SICRO\",VLOOKUP($F1177,DADOS_SICRO,3,0),IF(G1177=\"SUDECAP\",VLOOKUP(F1177,DADOS_SUDECAP,3,0),IF(G1177=\"COTAÇÃO\",VLOOKUP($F1177,DADOS_COTACAO,9,0),\"\"))))))","v":"M2"},{"$f":"F1181","v":7.96},{"$f":"IF(G1177=\"SINAPI\",VLOOKUP($F1177,DADOS_SINAPI,4,0),IF(G1177=\"SETOP\",VLOOKUP($F1177,DADOS_SETOP,4,0),IF(G1177=\"CPU\",VLOOKUP($F1177,DADOS_COMPOSICAO,13,0),IF(G1177=\"SICRO\",VLOOKUP($F1177,DADOS_SICRO,4,0),IF(G1177=\"SUDECAP\",VLOOKUP(F1177,DADOS_SUDECAP,4,0),IF(G1177=\"COTAÇÃO\",VLOOKUP(F1177,DADOS_COTACAO,12,0),\"\"))))))","v":45.24},"BDI 1",{"$f":"TRUNC(J1177*(1+$N$17),2)","v":57.23},{"$f":"IFERROR(TRUNC(I1177*J1177,2),\"\")","v":360.11},{"$f":"IFERROR(TRUNC(L1177*I1177,2),\"\")","v":455.55}]
[2000]
[2000,null,null,null,"Casa de Máquinas",6.46,"m²"]
[2000,null,null,null,"Casa de Gás",1.5,"m²"]
[2000,null,null,null,"Total",{"$f":"SUM(F1179:F1180)","v":7.96},"m²"]
[2000]
[{"$f":"IFERROR(LEFT(D1183,SEARCH(\".\",D1183)-1),\"\")","v":"8"},{"$f":"IFERROR(LEFT(RIGHT(D1183,LEN(D1183)-SEARCH(\".\",D1183)),SEARCH(\".\",RIGHT(D1183,LEN(D1183)-SEARCH(\".\",D1183)))-1),\"\")","v":"2"},{"$f":"IFERROR(IF(LEN(D1183)-LEN(SUBSTITUTE(D1183,\".\",\"\"))<>3,\"\",MID(D1183,SEARCH(\".\",D1183,SEARCH(\".\",D1183)+1)+1,LEN(D1183)-SEARCH(\".\",D1183,SEARCH(\".\",D1183)+1)-(LEN(D1183)-(SEARCH(\".\",D1183,SEARCH(\".\",D1183,SEARCH(\".\",D1183)+1)+1)-1)))),\"\")","v":""},"8.2.6",{"$f":"VLOOKUP($F1183,DADOS_COTACAO,2,0)","v":"PAINEL EM MADEIRA - FORNECIMENTO E INSTALAÇÃO"},"COT-ARQ-004","COTAÇÃO",{"$f":"VLOOKUP($F1183,DADOS_COTACAO,9,0)","v":"M²"},{"$f":"F1186","v":13.299999999999999},{"$f":"VLOOKUP($F1183,DADOS_COTACAO,12,0)","v":307.16999999999996},"BDI 1",{"$f":"TRUNC(J1183*(1+$N$17),2)","v":388.63},{"$f":"IFERROR(TRUNC(I1183*J1183,2),\"\")","v":4085.36},{"$f":"IFERROR(TRUNC(L1183*I1183,2),\"\")","v":5168.7700000000004}]
[2000]
[2000,null,null,null,"Fachada",{"$f":"3.8*3.5","v":13.299999999999999},"m²"]
[2000,null,null,null,"Total",{"$f":"F1185","v":13.299999999999999},"m²"]
[2000]
[{"$f":"IFERROR(LEFT(D1188,SEARCH(\".\",D1188)-1),\"\")","v":"8"},{"$f":"IFERROR(LEFT(RIGHT(D1188,LEN(D1188)-SEARCH(\".\",D1188)),SEARCH(\".\",RIGHT(D1188,LEN(D1188)-SEARCH(\".\",D1188)))-1),\"\")","v":"2"},{"$f":"IFERROR(IF(LEN(D1188)-LEN(SUBSTITUTE(D1188,\".\",\"\"))<>3,\"\",MID(D1188,SEARCH(\".\",D1188,SEARCH(\".\",D1188)+1)+1,LEN(D1188)-SEARCH(\".\",D1188,SEARCH(\".\",D1188)+1)-(LEN(D1188)-(SEARCH(\".\",D1188,SEARCH(\".\",D1188,SEARCH(\".\",D1188)+1)+1)-1)))),\"\")","v":""},"8.2.7",{"$f":"VLOOKUP($F1188,DADOS_COTACAO,2,0)","v":"BRISE METÁLICO - FORNECIMENTO E INSTALAÇÃO"},"COT-ARQ-002","COTAÇÃO",{"$f":"VLOOKUP($F1188,DADOS_COTACAO,9,0)","v":"M²"},{"$f":"F1191","v":8.7719999999999985},{"$f":"VLOOKUP($F1188,DADOS_COTACAO,12,0)","v":911.81},"BDI 1",{"$f":"TRUNC(J1188*(1+$N$17),2)","v":1153.6199999999999},{"$f":"IFERROR(TRUNC(I1188*J1188,2),\"\")","v":7998.39},{"$f":"IFERROR(TRUNC(L1188*I1188,2),\"\")","v":10119.549999999999}]
[2000]
[2000,null,null,null,"Fachada",{"$f":"7.31*1.2","v":8.7719999999999985},"m²"]
[2000,null,null,null,"Total",{"$f":"F1190","v":8.7719999999999985},"m²"]
[2000]
[1000,null,null,9,"SISTEMA DE PISOS",null,null,null,null,null,null,null,{"$f":"SUMIF(A:A,D1193,M:M)","v":467237.72000000003},{"$f":"SUMIF(A:A,D1193,N:N)","v":591121.78999999992}]
[null,null,null,"9.1","PISOS INTERNOS",null,null,null,null,null,null,null,{"$f":"IFERROR(SUMIFS(M:M,A:A,LEFT(D1194,SEARCH(\".\",D1194)-1),B:B,RIGHT(D1194,LEN(D1194)-SEARCH(\".\",D1194))),\"\")","v":281228.05000000005},{"$f":"IFERROR(SUMIFS(N:N,A:A,LEFT(D1194,SEARCH(\".\",D1194)-1),B:B,RIGHT(D1194,LEN(D1194)-SEARCH(\".\",D1194))),\"\")","v":355798.73}]
[{"$f":"IFERROR(LEFT(D1195,SEARCH(\".\",D1195)-1),\"\")","v":"9"},{"$f":"IFERROR(LEFT(RIGHT(D1195,LEN(D1195)-SEARCH(\".\",D1195)),SEARCH(\".\",RIGHT(D1195,LEN(D1195)-SEARCH(\".\",D1195)))-1),\"\")","v":"1"},{"$f":"IFERROR(IF(LEN(D1195)-LEN(SUBSTITUTE(D1195,\".\",\"\"))<>3,\"\",MID(D1195,SEARCH(\".\",D1195,SEARCH(\".\",D1195)+1)+1,LEN(D1195)-SEARCH(\".\",D1195,SEARCH(\".\",D1195)+1)-(LEN(D1195)-(SEARCH(\".\",D1195,SEARCH(\".\",D1195,SEARCH(\".\",D1195)+1)+1)-1)))),\"\")","v":""},"9.1.1",{"$f":"IF($G1195=\"SINAPI\",VLOOKUP($F1195,DADOS_SINAPI,2,0),IF(G1195=\"SETOP\",VLOOKUP($F1195,DADOS_SETOP,2,0),IF(G1195=\"CPU\",VLOOKUP($F1195,DADOS_COMPOSICAO,2,0),IF(G1195=\"SICRO\",VLOOKUP($F1195,DADOS_SICRO,2,0),IF(G1195=\"SUDECAP\",VLOOKUP(F1195,DADOS_SUDECAP,2,0),IF(G1195=\"COTAÇÃO\",VLOOKUP($F1195,DADOS_COTACAO,2,0),\"\"))))))","v":"LASTRO COM MATERIAL GRANULAR (PEDRA BRITADA N.2), APLICADO EM PISOS OU LAJES SOBRE SOLO, ESPESSURA DE *10 CM*. AF_08/2017"},96624,"SINAPI",{"$f":"IF(G1195=\"SINAPI\",VLOOKUP($F1195,DADOS_SINAPI,3,0),IF(G1195=\"SETOP\",VLOOKUP($F1195,DADOS_SETOP,3,0),IF(G1195=\"CPU\",VLOOKUP($F1195,DADOS_COMPOSICAO,10,0),IF(G1195=\"SICRO\",VLOOKUP($F1195,DADOS_SICRO,3,0),IF(G1195=\"SUDECAP\",VLOOKUP(F1195,DADOS_SUDECAP,3,0),IF(G1195=\"COTAÇÃO\",VLOOKUP($F1195,DADOS_COTACAO,9,0),\"\"))))))","v":"M3"},{"$f":"F1199","v":42.702500000000001},{"$f":"IF(G1195=\"SINAPI\",VLOOKUP($F1195,DADOS_SINAPI,4,0),IF(G1195=\"SETOP\",VLOOKUP($F1195,DADOS_SETOP,4,0),IF(G1195=\"CPU\",VLOOKUP($F1195,DADOS_COMPOSICAO,13,0),IF(G1195=\"SICRO\",VLOOKUP($F1195,DADOS_SICRO,4,0),IF(G1195=\"SUDECAP\",VLOOKUP(F1195,DADOS_SUDECAP,4,0),IF(G1195=\"COTAÇÃO\",VLOOKUP(F1195,DADOS_COTACAO,12,0),\"\"))))))","v":154.6},"BDI 1",{"$f":"TRUNC(J1195*(1+$N$17),2)","v":195.59},{"$f":"IFERROR(TRUNC(I1195*J1195,2),\"\")","v":6601.8},{"$f":"IFERROR(TRUNC(L1195*I1195,2),\"\")","v":8352.18}]
[2000]
[2000,null,null,null,"Área Total",854.05,"m²"]
[2000,null,null,null,"Espessura",0.05,"m"]
[2000,null,null,null,"Total",{"$f":"F1197*F1198","v":42.702500000000001},"m³"]
[2000]
[{"$f":"IFERROR(LEFT(D1201,SEARCH(\".\",D1201)-1),\"\")","v":"9"},{"$f":"IFERROR(LEFT(RIGHT(D1201,LEN(D1201)-SEARCH(\".\",D1201)),SEARCH(\".\",RIGHT(D1201,LEN(D1201)-SEARCH(\".\",D1201)))-1),\"\")","v":"1"},{"$f":"IFERROR(IF(LEN(D1201)-LEN(SUBSTITUTE(D1201,\".\",\"\"))<>3,\"\",MID(D1201,SEARCH(\".\",D1201,SEARCH(\".\",D1201)+1)+1,LEN(D1201)-SEARCH(\".\",D1201,SEARCH(\".\",D1201)+1)-(LEN(D1201)-(SEARCH(\".\",D1201,SEARCH(\".\",D1201,SEARCH(\".\",D1201)+1)+1)-1)))),\"\")","v":""},"9.1.2",{"$f":"IF($G1201=\"SINAPI\",VLOOKUP($F1201,DADOS_SINAPI,2,0),IF(G1201=\"SETOP\",VLOOKUP($F1201,DADOS_SETOP,2,0),IF(G1201=\"CPU\",VLOOKUP($F1201,DADOS_COMPOSICAO,2,0),IF(G1201=\"SICRO\",VLOOKUP($F1201,DADOS_SICRO,2,0),IF(G1201=\"SUDECAP\",VLOOKUP(F1201,DADOS_SUDECAP,2,0),IF(G1201=\"COTAÇÃO\",VLOOKUP($F1201,DADOS_COTACAO,2,0),\"\"))))))","v":"APILOAMENTO MECANIZADO EM FUNDO DE VALA COM PLACA VIBRATÓRIA, EXCLUSIVE ESCAVAÇÃO"},"ED-51094","SETOP",{"$f":"IF(G1201=\"SINAPI\",VLOOKUP($F1201,DADOS_SINAPI,3,0),IF(G1201=\"SETOP\",VLOOKUP($F1201,DADOS_SETOP,3,0),IF(G1201=\"CPU\",VLOOKUP($F1201,DADOS_COMPOSICAO,10,0),IF(G1201=\"SICRO\",VLOOKUP($F1201,DADOS_SICRO,3,0),IF(G1201=\"SUDECAP\",VLOOKUP(F1201,DADOS_SUDECAP,3,0),IF(G1201=\"COTAÇÃO\",VLOOKUP($F1201,DADOS_COTACAO,9,0),\"\"))))))","v":"m2"},{"$f":"F1204","v":854.05},{"$f":"IF(G1201=\"SINAPI\",VLOOKUP($F1201,DADOS_SINAPI,4,0),IF(G1201=\"SETOP\",VLOOKUP($F1201,DADOS_SETOP,4,0),IF(G1201=\"CPU\",VLOOKUP($F1201,DADOS_COMPOSICAO,13,0),IF(G1201=\"SICRO\",VLOOKUP($F1201,DADOS_SICRO,4,0),IF(G1201=\"SUDECAP\",VLOOKUP(F1201,DADOS_SUDECAP,4,0),IF(G1201=\"COTAÇÃO\",VLOOKUP(F1201,DADOS_COTACAO,12,0),\"\"))))))","v":11.41},"BDI 1",{"$f":"TRUNC(J1201*(1+$N$17),2)","v":14.43},{"$f":"IFERROR(TRUNC(I1201*J1201,2),\"\")","v":9744.7099999999991},{"$f":"IFERROR(TRUNC(L1201*I1201,2),\"\")","v":12323.94}]
[2000]
[2000,null,null,null,"Área Total",{"$f":"F1197","v":854.05},"m²"]
[2000,null,null,null,"Total",{"$f":"F1203","v":854.05},"m²"]
[2000]
[{"$f":"IFERROR(LEFT(D1206,SEARCH(\".\",D1206)-1),\"\")","v":"9"},{"$f":"IFERROR(LEFT(RIGHT(D1206,LEN(D1206)-SEARCH(\".\",D1206)),SEARCH(\".\",RIGHT(D1206,LEN(D1206)-SEARCH(\".\",D1206)))-1),\"\")","v":"1"},{"$f":"IFERROR(IF(LEN(D1206)-LEN(SUBSTITUTE(D1206,\".\",\"\"))<>3,\"\",MID(D1206,SEARCH(\".\",D1206,SEARCH(\".\",D1206)+1)+1,LEN(D1206)-SEARCH(\".\",D1206,SEARCH(\".\",D1206)+1)-(LEN(D1206)-(SEARCH(\".\",D1206,SEARCH(\".\",D1206,SEARCH(\".\",D1206)+1)+1)-1)))),\"\")","v":""},"9.1.3",{"$f":"IF($G1206=\"SINAPI\",VLOOKUP($F1206,DADOS_SINAPI,2,0),IF(G1206=\"SETOP\",VLOOKUP($F1206,DADOS_SETOP,2,0),IF(G1206=\"CPU\",VLOOKUP($F1206,DADOS_COMPOSICAO,2,0),IF(G1206=\"SICRO\",VLOOKUP($F1206,DADOS_SICRO,2,0),IF(G1206=\"SUDECAP\",VLOOKUP(F1206,DADOS_SUDECAP,2,0),IF(G1206=\"COTAÇÃO\",VLOOKUP($F1206,DADOS_COTACAO,2,0),\"\"))))))","v":"EXECUÇÃO DE PASSEIO (CALÇADA) OU PISO DE CONCRETO COM CONCRETO MOLDADO IN LOCO, USINADO, ACABAMENTO CONVENCIONAL, ESPESSURA 10 CM, ARMADO"},"DAC-9.1","CPU",{"$f":"IF(G1206=\"SINAPI\",VLOOKUP($F1206,DADOS_SINAPI,3,0),IF(G1206=\"SETOP\",VLOOKUP($F1206,DADOS_SETOP,3,0),IF(G1206=\"CPU\",VLOOKUP($F1206,DADOS_COMPOSICAO,10,0),IF(G1206=\"SICRO\",VLOOKUP($F1206,DADOS_SICRO,3,0),IF(G1206=\"SUDECAP\",VLOOKUP(F1206,DADOS_SUDECAP,3,0),IF(G1206=\"COTAÇÃO\",VLOOKUP($F1206,DADOS_COTACAO,9,0),\"\"))))))","v":"M2"},{"$f":"F1209","v":854.05},{"$f":"IF(G1206=\"SINAPI\",VLOOKUP($F1206,DADOS_SINAPI,4,0),IF(G1206=\"SETOP\",VLOOKUP($F1206,DADOS_SETOP,4,0),IF(G1206=\"CPU\",VLOOKUP($F1206,DADOS_COMPOSICAO,13,0),IF(G1206=\"SICRO\",VLOOKUP($F1206,DADOS_SICRO,4,0),IF(G1206=\"SUDECAP\",VLOOKUP(F1206,DADOS_SUDECAP,4,0),IF(G1206=\"COTAÇÃO\",VLOOKUP(F1206,DADOS_COTACAO,12,0),\"\"))))))","v":130.865588},"BDI 1",{"$f":"TRUNC(J1206*(1+$N$17),2)","v":165.57},{"$f":"IFERROR(TRUNC(I1206*J1206,2),\"\")","v":111765.75},{"$f":"IFERROR(TRUNC(L1206*I1206,2),\"\")","v":141405.04999999999}]
[2000]
[2000,null,null,null,"Área Total",{"$f":"F1197","v":854.05},"m²"]
[2000,null,null,null,"Total",{"$f":"F1208","v":854.05},"m²"]
[2000]
[{"$f":"IFERROR(LEFT(D1211,SEARCH(\".\",D1211)-1),\"\")","v":"9"},{"$f":"IFERROR(LEFT(RIGHT(D1211,LEN(D1211)-SEARCH(\".\",D1211)),SEARCH(\".\",RIGHT(D1211,LEN(D1211)-SEARCH(\".\",D1211)))-1),\"\")","v":"1"},{"$f":"IFERROR(IF(LEN(D1211)-LEN(SUBSTITUTE(D1211,\".\",\"\"))<>3,\"\",MID(D1211,SEARCH(\".\",D1211,SEARCH(\".\",D1211)+1)+1,LEN(D1211)-SEARCH(\".\",D1211,SEARCH(\".\",D1211)+1)-(LEN(D1211)-(SEARCH(\".\",D1211,SEARCH(\".\",D1211,SEARCH(\".\",D1211)+1)+1)-1)))),\"\")","v":""},"9.1.4",{"$f":"IF($G1211=\"SINAPI\",VLOOKUP($F1211,DADOS_SINAPI,2,0),IF(G1211=\"SETOP\",VLOOKUP($F1211,DADOS_SETOP,2,0),IF(G1211=\"CPU\",VLOOKUP($F1211,DADOS_COMPOSICAO,2,0),IF(G1211=\"SICRO\",VLOOKUP($F1211,DADOS_SICRO,2,0),IF(G1211=\"SUDECAP\",VLOOKUP(F1211,DADOS_SUDECAP,2,0),IF(G1211=\"COTAÇÃO\",VLOOKUP($F1211,DADOS_COTACAO,2,0),\"\"))))))","v":"CONTRAPISO EM ARGAMASSA TRAÇO 1:4 (CIMENTO E AREIA), PREPARO MECÂNICO COM BETONEIRA 400 L, APLICADO EM ÁREAS SECAS SOBRE LAJE, ADERIDO, ACABAMENTO NÃO REFORÇADO, ESPESSURA 3CM. AF_07/2021"},87630,"SINAPI",{"$f":"IF(G1211=\"SINAPI\",VLOOKUP($F1211,DADOS_SINAPI,3,0),IF(G1211=\"SETOP\",VLOOKUP($F1211,DADOS_SETOP,3,0),IF(G1211=\"CPU\",VLOOKUP($F1211,DADOS_COMPOSICAO,10,0),IF(G1211=\"SICRO\",VLOOKUP($F1211,DADOS_SICRO,3,0),IF(G1211=\"SUDECAP\",VLOOKUP(F1211,DADOS_SUDECAP,3,0),IF(G1211=\"COTAÇÃO\",VLOOKUP($F1211,DADOS_COTACAO,9,0),\"\"))))))","v":"M2"},{"$f":"F1262","v":667.24999999999955},{"$f":"IF(G1211=\"SINAPI\",VLOOKUP($F1211,DADOS_SINAPI,4,0),IF(G1211=\"SETOP\",VLOOKUP($F1211,DADOS_SETOP,4,0),IF(G1211=\"CPU\",VLOOKUP($F1211,DADOS_COMPOSICAO,13,0),IF(G1211=\"SICRO\",VLOOKUP($F1211,DADOS_SICRO,4,0),IF(G1211=\"SUDECAP\",VLOOKUP(F1211,DADOS_SUDECAP,4,0),IF(G1211=\"COTAÇÃO\",VLOOKUP(F1211,DADOS_COTACAO,12,0),\"\"))))))","v":38.090000000000003},"BDI 1",{"$f":"TRUNC(J1211*(1+$N$17),2)","v":48.19},{"$f":"IFERROR(TRUNC(I1211*J1211,2),\"\")","v":25415.55},{"$f":"IFERROR(TRUNC(L1211*I1211,2),\"\")","v":32154.77}]
[2000]
[2000,null,null,null,"Recepção + Espera + Sala de Estar",91.6,"m²"]
[2000,null,null,null,"Arquivo",6.12,"m²"]
[2000,null,null,null,"IS Masculino 1",0.18,"m²"]
[2000,null,null,null,"IS PNE Masculino 1",0.18,"m²"]
[2000,null,null,null,"IS PNE Feminino 1",0.18,"m²"]
[2000,null,null,null,"IS Feminino 1",0.18,"m²"]
[2000,null,null,null,"Poço Elevador",3.69,"m²"]
[2000,null,null,null,"Consultório 01",14.14,"m²"]
[2000,null,null,null,"Consultório 02",14.15,"m²"]
[2000,null,null,null,"Consultório 03",14.15,"m²"]
[2000,null,null,null,"Consultório 04",14.15,"m²"]
[2000,null,null,null,"Consultório 05",15.01,"m²"]
[2000,null,null,null,"Farmácia",13.14,"m²"]
[2000,null,null,null,"Sala de Enfermagem",13.15,"m²"]
[2000,null,null,null,"Sala de Atividades Coletivas 01 + 02",36.33,"m²"]
[2000,null,null,null,"Circulação 01",30.25,"m²"]
[2000,null,null,null,"Sala de Observação Masculino",27.22,"m²"]
[2000,null,null,null,"Sala de Observação Feminino",27.3,"m²"]
[2000,null,null,null,"Posto de Enfermagem",11.68,"m²"]
[2000,null,null,null,"Quarto Individual 01",10.78,"m²"]
[2000,null,null,null,"Quarto Individual 02",10.78,"m²"]
[2,null,null,null,"IS PNE Masculino 2",0.2,"m²"]
[2000,null,null,null,"IS PNE Feminino 2",0.2,"m²"]
[2000,null,null,null,"Circulação Observação",18.14,"m²"]
[2000,null,null,null,"Circulação 03",37.85,"m²"]
[2000,null,null,null,"Sala de Reuniões",24.59,"m²"]
[2000,null,null,null,"Vestiário Masculino",0.18,"m²"]
[2000,null,null,null,"Vestiário Feminino",0.18,"m²"]
[2000,null,null,null,"Sala de Utilidades",13.55,"m²"]
[2000,null,null,null,"Almoxarifado",7.48,"m²"]
[2000,null,null,null,"IS Quarto",0.16,"m²"]
[2000,null,null,null,"Quarto Plantonista",13.95,"m²"]
[2000,null,null,null,"Rouparia",13.95,"m²"]
[2000,null,null,null,"Diretoria",12.29,"m²"]
[2000,null,null,null,"Circulação 02 + Refeitório",162.21,"m²"]
[2000,null,null,null,"IS Masculino 2",0.18,"m²"]
[2000,null,null,null,"IS PNE Masculino 3",0.18,"m²"]
[2000,null,null,null,"IS PNE Feminino 3",0.18,"m²"]
[2000,null,null,null,"IS Feminino 2",0.18,"m²"]
[2000,null,null,null,"DML",0.18,"m²"]
[2000,null,null,null,"Área de Serviço",0.18,"m²"]
[2000,null,null,null,"Copa Funcionários",0.18,"m²"]
[2000,null,null,null,"Cozinha",0.36,"m²"]
[2000,null,null,null,"Triagem",0.18,"m²"]
[2000,null,null,null,"Despensa",0.18,"m²"]
[2000,null,null,null,"Abrigo de Resíduos Sólidos",0.18,"m²"]
[2000,null,null,null,"Casa de Bombas Incêndio",2.2799999999999998,"m²"]
[2000,null,null,null,"Casa de Bombas Reuso",2.2799999999999998,"m²"]
[2000,null,null,null,"Casa de Gás",1.24,"m²"]
[2000,null,null,null,"Total",{"$f":"SUM(F1213:F1261)","v":667.24999999999955},"m²"]
[2000]
[{"$f":"IFERROR(LEFT(D1264,SEARCH(\".\",D1264)-1),\"\")","v":"9"},{"$f":"IFERROR(LEFT(RIGHT(D1264,LEN(D1264)-SEARCH(\".\",D1264)),SEARCH(\".\",RIGHT(D1264,LEN(D1264)-SEARCH(\".\",D1264)))-1),\"\")","v":"1"},{"$f":"IFERROR(IF(LEN(D1264)-LEN(SUBSTITUTE(D1264,\".\",\"\"))<>3,\"\",MID(D1264,SEARCH(\".\",D1264,SEARCH(\".\",D1264)+1)+1,LEN(D1264)-SEARCH(\".\",D1264,SEARCH(\".\",D1264)+1)-(LEN(D1264)-(SEARCH(\".\",D1264,SEARCH(\".\",D1264,SEARCH(\".\",D1264)+1)+1)-1)))),\"\")","v":""},"9.1.5",{"$f":"IF($G1264=\"SINAPI\",VLOOKUP($F1264,DADOS_SINAPI,2,0),IF(G1264=\"SETOP\",VLOOKUP($F1264,DADOS_SETOP,2,0),IF(G1264=\"CPU\",VLOOKUP($F1264,DADOS_COMPOSICAO,2,0),IF(G1264=\"SICRO\",VLOOKUP($F1264,DADOS_SICRO,2,0),IF(G1264=\"SUDECAP\",VLOOKUP(F1264,DADOS_SUDECAP,2,0),IF(G1264=\"COTAÇÃO\",VLOOKUP($F1264,DADOS_COTACAO,2,0),\"\"))))))","v":"CONTRAPISO EM ARGAMASSA TRAÇO 1:4 (CIMENTO E AREIA), PREPARO MECÂNICO COM BETONEIRA 400 L, APLICADO EM ÁREAS MOLHADAS SOBRE LAJE, ADERIDO, ACABAMENTO NÃO REFORÇADO, ESPESSURA 3CM. AF_07/2021"},87745,"SINAPI",{"$f":"IF(G1264=\"SINAPI\",VLOOKUP($F1264,DADOS_SINAPI,3,0),IF(G1264=\"SETOP\",VLOOKUP($F1264,DADOS_SETOP,3,0),IF(G1264=\"CPU\",VLOOKUP($F1264,DADOS_COMPOSICAO,10,0),IF(G1264=\"SICRO\",VLOOKUP($F1264,DADOS_SICRO,3,0),IF(G1264=\"SUDECAP\",VLOOKUP(F1264,DADOS_SUDECAP,3,0),IF(G1264=\"COTAÇÃO\",VLOOKUP($F1264,DADOS_COTACAO,9,0),\"\"))))))","v":"M2"},{"$f":"F1286","v":186.80000000000004},{"$f":"IF(G1264=\"SINAPI\",VLOOKUP($F1264,DADOS_SINAPI,4,0),IF(G1264=\"SETOP\",VLOOKUP($F1264,DADOS_SETOP,4,0),IF(G1264=\"CPU\",VLOOKUP($F1264,DADOS_COMPOSICAO,13,0),IF(G1264=\"SICRO\",VLOOKUP($F1264,DADOS_SICRO,4,0),IF(G1264=\"SUDECAP\",VLOOKUP(F1264,DADOS_SUDECAP,4,0),IF(G1264=\"COTAÇÃO\",VLOOKUP(F1264,DADOS_COTACAO,12,0),\"\"))))))","v":48.6},"BDI 1",{"$f":"TRUNC(J1264*(1+$N$17),2)","v":61.48},{"$f":"IFERROR(TRUNC(I1264*J1264,2),\"\")","v":9078.48},{"$f":"IFERROR(TRUNC(L1264*I1264,2),\"\")","v":11484.46}]
[2000]
[2000,null,null,null,"IS Masculino 1",11.66,"m²"]
[2000,null,null,null,"IS PNE Masculino 1",3.98,"m²"]
[2000,null,null,null,"IS PNE Feminino 1",3.98,"m²"]
[2000,null,null,null,"IS Feminino 1",11.68,"m²"]
[2,null,null,null,"IS PNE Masculino 2",6.09,"m²"]
[2000,null,null,null,"IS PNE Feminino 2",6.12,"m²"]
[2000,null,null,null,"Vestiário Masculino",15.18,"m²"]
[2000,null,null,null,"Vestiário Feminino",15.18,"m²"]
[2000,null,null,null,"IS Quarto",4.3,"m²"]
[2000,null,null,null,"IS Masculino 2",13.2,"m²"]
[2000,null,null,null,"IS PNE Masculino 3",3.98,"m²"]
[2000,null,null,null,"IS PNE Feminino 3",3.98,"m²"]
[2000,null,null,null,"IS Feminino 2",13.21,"m²"]
[2000,null,null,null,"DML",7.03,"m²"]
[2000,null,null,null,"Área de Serviço",8.76,"m²"]
[2000,null,null,null,"Copa Funcionários",16.46,"m²"]
[2000,null,null,null,"Cozinha",21.9,"m²"]
[2000,null,null,null,"Triagem",4.93,"m²"]
[2000,null,null,null,"Despensa",10.75,"m²"]
[2000,null,null,null,"Abrigo de Resíduos Sólidos",4.43,"m²"]
[2000,null,null,null,"Total",{"$f":"SUM(F1266:F1285)","v":186.80000000000004},"m²"]
[2000]
[{"$f":"IFERROR(LEFT(D1288,SEARCH(\".\",D1288)-1),\"\")","v":"9"},{"$f":"IFERROR(LEFT(RIGHT(D1288,LEN(D1288)-SEARCH(\".\",D1288)),SEARCH(\".\",RIGHT(D1288,LEN(D1288)-SEARCH(\".\",D1288)))-1),\"\")","v":"1"},{"$f":"IFERROR(IF(LEN(D1288)-LEN(SUBSTITUTE(D1288,\".\",\"\"))<>3,\"\",MID(D1288,SEARCH(\".\",D1288,SEARCH(\".\",D1288)+1)+1,LEN(D1288)-SEARCH(\".\",D1288,SEARCH(\".\",D1288)+1)-(LEN(D1288)-(SEARCH(\".\",D1288,SEARCH(\".\",D1288,SEARCH(\".\",D1288)+1)+1)-1)))),\"\")","v":""},"9.1.6",{"$f":"IF($G1288=\"SINAPI\",VLOOKUP($F1288,DADOS_SINAPI,2,0),IF(G1288=\"SETOP\",VLOOKUP($F1288,DADOS_SETOP,2,0),IF(G1288=\"CPU\",VLOOKUP($F1288,DADOS_COMPOSICAO,2,0),IF(G1288=\"SICRO\",VLOOKUP($F1288,DADOS_SICRO,2,0),IF(G1288=\"SUDECAP\",VLOOKUP(F1288,DADOS_SUDECAP,2,0),IF(G1288=\"COTAÇÃO\",VLOOKUP($F1288,DADOS_COTACAO,2,0),\"\"))))))","v":"REVESTIMENTO COM PORCELANATO APLICADO EM PISO, ACABAMENTO POLÍDO, AMBIENTE INTERNO, PADRÃO EXTRA, BORDA RETIFICADA, DIMENSÃO DA PEÇA (60X60CM), ASSENTAMENTO COM ARGAMASSA INDUSTRIALIZADA, INCLUSIVE REJUNTAMENTO"},"ED-50754","SETOP",{"$f":"IF(G1288=\"SINAPI\",VLOOKUP($F1288,DADOS_SINAPI,3,0),IF(G1288=\"SETOP\",VLOOKUP($F1288,DADOS_SETOP,3,0),IF(G1288=\"CPU\",VLOOKUP($F1288,DADOS_COMPOSICAO,10,0),IF(G1288=\"SICRO\",VLOOKUP($F1288,DADOS_SICRO,3,0),IF(G1288=\"SUDECAP\",VLOOKUP(F1288,DADOS_SUDECAP,3,0),IF(G1288=\"COTAÇÃO\",VLOOKUP($F1288,DADOS_COTACAO,9,0),\"\"))))))","v":"m2"},{"$f":"F1339","v":843.61},{"$f":"IF(G1288=\"SINAPI\",VLOOKUP($F1288,DADOS_SINAPI,4,0),IF(G1288=\"SETOP\",VLOOKUP($F1288,DADOS_SETOP,4,0),IF(G1288=\"CPU\",VLOOKUP($F1288,DADOS_COMPOSICAO,13,0),IF(G1288=\"SICRO\",VLOOKUP($F1288,DADOS_SICRO,4,0),IF(G1288=\"SUDECAP\",VLOOKUP(F1288,DADOS_SUDECAP,4,0),IF(G1288=\"COTAÇÃO\",VLOOKUP(F1288,DADOS_COTACAO,12,0),\"\"))))))","v":126.89},"BDI 1",{"$f":"TRUNC(J1288*(1+$N$17),2)","v":160.54},{"$f":"IFERROR(TRUNC(I1288*J1288,2),\"\")","v":107045.67},{"$f":"IFERROR(TRUNC(L1288*I1288,2),\"\")","v":135433.14000000001}]
[2000]
[2000,null,null,null,"Recepção + Espera + Sala de Estar",91.2,"m²"]
[2000,null,null,null,"Arquivo",5.96,"m²"]
[2000,null,null,null,"IS Masculino 1",11.66,"m²"]
[2000,null,null,null,"IS PNE Masculino 1",3.98,"m²"]
[2000,null,null,null,"IS PNE Feminino 1",3.98,"m²"]
[2000,null,null,null,"IS Feminino 1",11.68,"m²"]
[2000,null,null,null,"Poço Elevador",3.69,"m²"]
[2000,null,null,null,"Consultório 01",13.96,"m²"]
[2000,null,null,null,"Consultório 02",13.97,"m²"]
[2000,null,null,null,"Consultório 03",13.97,"m²"]
[2000,null,null,null,"Consultório 04",13.97,"m²"]
[2000,null,null,null,"Consultório 05",14.83,"m²"]
[2000,null,null,null,"Farmácia",12.96,"m²"]
[2000,null,null,null,"Sala de Enfermagem",12.97,"m²"]
[2000,null,null,null,"Sala de Atividades Coletivas 01 + 02",35.97,"m²"]
[2000,null,null,null,"Circulação 01",29.93,"m²"]
[2000,null,null,null,"Sala de Observação Masculino",27.22,"m²"]
[2000,null,null,null,"Sala de Observação Feminino",27.3,"m²"]
[2000,null,null,null,"Posto de Enfermagem",11.5,"m²"]
[2000,null,null,null,"Quarto Individual 01",10.6,"m²"]
[2000,null,null,null,"Quarto Individual 02",10.6,"m²"]
[2,null,null,null,"IS PNE Masculino 2",6.09,"m²"]
[2000,null,null,null,"IS PNE Feminino 2",6.12,"m²"]
[2000,null,null,null,"Circulação Observação",17.82,"m²"]
[2000,null,null,null,"Circulação 03",37.53,"m²"]
[2000,null,null,null,"Sala de Reuniões",24.41,"m²"]
[2000,null,null,null,"Vestiário Masculino",15.18,"m²"]
[2000,null,null,null,"Vestiário Feminino",15.18,"m²"]
[2000,null,null,null,"Sala de Utilidades",13.37,"m²"]
[2000,null,null,null,"Almoxarifado",7.3,"m²"]
[2000,null,null,null,"IS Quarto",4.3,"m²"]
[2000,null,null,null,"Quarto Plantonista",13.77,"m²"]
[2000,null,null,null,"Rouparia",13.77,"m²"]
[2000,null,null,null,"Diretoria",12.11,"m²"]
[2000,null,null,null,"Circulação 02 + Refeitório",160.93,"m²"]
[2000,null,null,null,"IS Masculino 2",13.2,"m²"]
[2000,null,null,null,"IS PNE Masculino 3",3.98,"m²"]
[2000,null,null,null,"IS PNE Feminino 3",3.98,"m²"]
[2000,null,null,null,"IS Feminino 2",13.21,"m²"]
[2000,null,null,null,"DML",7.03,"m²"]
[2000,null,null,null,"Área de Serviço",8.76,"m²"]
[2000,null,null,null,"Copa Funcionários",16.46,"m²"]
[2000,null,null,null,"Cozinha",21.9,"m²"]
[2000,null,null,null,"Triagem",4.93,"m²"]
[2000,null,null,null,"Despensa",10.75,"m²"]
[2000,null,null,null,"Abrigo de Resíduos Sólidos",4.43,"m²"]
[2000,null,null,null,"Casa de Bombas Incêndio",2.1,"m²"]
[2000,null,null,null,"Casa de Bombas Reuso",2.1,"m²"]
[2000,null,null,null,"Casa de Gás",1,"m²"]
[2000,null,null,null,"Total",{"$f":"SUM(F1290:F1338)","v":843.61},"m²"]
[2000]
[{"$f":"IFERROR(LEFT(D1341,SEARCH(\".\",D1341)-1),\"\")","v":"9"},{"$f":"IFERROR(LEFT(RIGHT(D1341,LEN(D1341)-SEARCH(\".\",D1341)),SEARCH(\".\",RIGHT(D1341,LEN(D1341)-SEARCH(\".\",D1341)))-1),\"\")","v":"1"},{"$f":"IFERROR(IF(LEN(D1341)-LEN(SUBSTITUTE(D1341,\".\",\"\"))<>3,\"\",MID(D1341,SEARCH(\".\",D1341,SEARCH(\".\",D1341)+1)+1,LEN(D1341)-SEARCH(\".\",D1341,SEARCH(\".\",D1341)+1)-(LEN(D1341)-(SEARCH(\".\",D1341,SEARCH(\".\",D1341,SEARCH(\".\",D1341)+1)+1)-1)))),\"\")","v":""},"9.1.7",{"$f":"IF($G1341=\"SINAPI\",VLOOKUP($F1341,DADOS_SINAPI,2,0),IF(G1341=\"SETOP\",VLOOKUP($F1341,DADOS_SETOP,2,0),IF(G1341=\"CPU\",VLOOKUP($F1341,DADOS_COMPOSICAO,2,0),IF(G1341=\"SICRO\",VLOOKUP($F1341,DADOS_SICRO,2,0),IF(G1341=\"SUDECAP\",VLOOKUP(F1341,DADOS_SUDECAP,2,0),IF(G1341=\"COTAÇÃO\",VLOOKUP($F1341,DADOS_COTACAO,2,0),\"\"))))))","v":"RODAPÉ COM REVESTIMENTO EM PORCELANATO 60X60 COM BORDA RETIFICADA E ACABAMENTO POLIDO, ALTURA 10CM"},"DAC-9.2","CPU",{"$f":"IF(G1341=\"SINAPI\",VLOOKUP($F1341,DADOS_SINAPI,3,0),IF(G1341=\"SETOP\",VLOOKUP($F1341,DADOS_SETOP,3,0),IF(G1341=\"CPU\",VLOOKUP($F1341,DADOS_COMPOSICAO,10,0),IF(G1341=\"SICRO\",VLOOKUP($F1341,DADOS_SICRO,3,0),IF(G1341=\"SUDECAP\",VLOOKUP(F1341,DADOS_SUDECAP,3,0),IF(G1341=\"COTAÇÃO\",VLOOKUP($F1341,DADOS_COTACAO,9,0),\"\"))))))","v":"M"},{"$f":"F1372","v":500.59},{"$f":"IF(G1341=\"SINAPI\",VLOOKUP($F1341,DADOS_SINAPI,4,0),IF(G1341=\"SETOP\",VLOOKUP($F1341,DADOS_SETOP,4,0),IF(G1341=\"CPU\",VLOOKUP($F1341,DADOS_COMPOSICAO,13,0),IF(G1341=\"SICRO\",VLOOKUP($F1341,DADOS_SICRO,4,0),IF(G1341=\"SUDECAP\",VLOOKUP(F1341,DADOS_SUDECAP,4,0),IF(G1341=\"COTAÇÃO\",VLOOKUP(F1341,DADOS_COTACAO,12,0),\"\"))))))","v":17.176543700000003},"BDI 1",{"$f":"TRUNC(J1341*(1+$N$17),2)","v":21.73},{"$f":"IFERROR(TRUNC(I1341*J1341,2),\"\")","v":8598.4},{"$f":"IFERROR(TRUNC(L1341*I1341,2),\"\")","v":10877.82}]
[2000]
[2000,null,null,null,"Recepção + Espera + Sala de Estar",50.91,"m"]
[2000,null,null,null,"Arquivo",9.1999999999999993,"m"]
[2000,null,null,null,"Poço Elevador",7.7,"m"]
[2000,null,null,null,"Consultório 01",13.7,"m"]
[2000,null,null,null,"Consultório 02",13.7,"m"]
[2000,null,null,null,"Consultório 03",13.7,"m"]
[2000,null,null,null,"Consultório 04",13.7,"m"]
[2000,null,null,null,"Consultório 05",14.03,"m"]
[2000,null,null,null,"Farmácia",14.3,"m"]
[2000,null,null,null,"Sala de Enfermagem",14.3,"m"]
[2000,null,null,null,"Sala de Atividades Coletivas 01 + 02",{"$f":"23.27+(4.74*2)","v":32.75},"m"]
[2000,null,null,null,"Circulação 01",22.63,"m"]
[2000,null,null,null,"Sala de Observação Masculino",17.16,"m"]
[2000,null,null,null,"Sala de Observação Feminino",16.84,"m"]
[2000,null,null,null,"Posto de Enfermagem",8.98,"m"]
[2000,null,null,null,"Quarto Individual 01",11.2,"m"]
[2000,null,null,null,"Quarto Individual 02",11.2,"m"]
[2000,null,null,null,"Circulação Observação",12.82,"m"]
[2000,null,null,null,"Circulação 03",33.94,"m"]
[2000,null,null,null,"Sala de Reuniões",19.239999999999998,"m"]
[2000,null,null,null,"Sala de Utilidades",10.69,"m"]
[2000,null,null,null,"Almoxarifado",9.92,"m"]
[2000,null,null,null,"Quarto Plantonista",13.49,"m"]
[2000,null,null,null,"Rouparia",14.29,"m"]
[2000,null,null,null,"Diretoria",13.58,"m"]
[2000,null,null,null,"Circulação 02 + Refeitório",73.02,"m"]
[2000,null,null,null,"Casa de Bombas Incêndio",4.9000000000000004,"m"]
[2000,null,null,null,"Casa de Bombas Reuso",4.9000000000000004,"m"]
[2000,null,null,null,"Casa de Gás",3.8,"m"]
[2000,null,null,null,"Total",{"$f":"SUM(F1343:F1371)","v":500.59},"m"]
[2000]
[{"$f":"IFERROR(LEFT(D1374,SEARCH(\".\",D1374)-1),\"\")","v":"9"},{"$f":"IFERROR(LEFT(RIGHT(D1374,LEN(D1374)-SEARCH(\".\",D1374)),SEARCH(\".\",RIGHT(D1374,LEN(D1374)-SEARCH(\".\",D1374)))-1),\"\")","v":"1"},{"$f":"IFERROR(IF(LEN(D1374)-LEN(SUBSTITUTE(D1374,\".\",\"\"))<>3,\"\",MID(D1374,SEARCH(\".\",D1374,SEARCH(\".\",D1374)+1)+1,LEN(D1374)-SEARCH(\".\",D1374,SEARCH(\".\",D1374)+1)-(LEN(D1374)-(SEARCH(\".\",D1374,SEARCH(\".\",D1374,SEARCH(\".\",D1374)+1)+1)-1)))),\"\")","v":""},"9.1.8",{"$f":"IF($G1374=\"SINAPI\",VLOOKUP($F1374,DADOS_SINAPI,2,0),IF(G1374=\"SETOP\",VLOOKUP($F1374,DADOS_SETOP,2,0),IF(G1374=\"CPU\",VLOOKUP($F1374,DADOS_COMPOSICAO,2,0),IF(G1374=\"SICRO\",VLOOKUP($F1374,DADOS_SICRO,2,0),IF(G1374=\"SUDECAP\",VLOOKUP(F1374,DADOS_SUDECAP,2,0),IF(G1374=\"COTAÇÃO\",VLOOKUP($F1374,DADOS_COTACAO,2,0),\"\"))))))","v":"SOLEIRA DE GRANITO CINZA ANDORINHA E = 3 CM"},"ED-51003","SETOP",{"$f":"IF(G1374=\"SINAPI\",VLOOKUP($F1374,DADOS_SINAPI,3,0),IF(G1374=\"SETOP\",VLOOKUP($F1374,DADOS_SETOP,3,0),IF(G1374=\"CPU\",VLOOKUP($F1374,DADOS_COMPOSICAO,10,0),IF(G1374=\"SICRO\",VLOOKUP($F1374,DADOS_SICRO,3,0),IF(G1374=\"SUDECAP\",VLOOKUP(F1374,DADOS_SUDECAP,3,0),IF(G1374=\"COTAÇÃO\",VLOOKUP($F1374,DADOS_COTACAO,9,0),\"\"))))))","v":"m2"},{"$f":"F1422","v":10.439999999999996},{"$f":"IF(G1374=\"SINAPI\",VLOOKUP($F1374,DADOS_SINAPI,4,0),IF(G1374=\"SETOP\",VLOOKUP($F1374,DADOS_SETOP,4,0),IF(G1374=\"CPU\",VLOOKUP($F1374,DADOS_COMPOSICAO,13,0),IF(G1374=\"SICRO\",VLOOKUP($F1374,DADOS_SICRO,4,0),IF(G1374=\"SUDECAP\",VLOOKUP(F1374,DADOS_SUDECAP,4,0),IF(G1374=\"COTAÇÃO\",VLOOKUP(F1374,DADOS_COTACAO,12,0),\"\"))))))","v":285.22000000000003},"BDI 1",{"$f":"TRUNC(J1374*(1+$N$17),2)","v":360.86},{"$f":"IFERROR(TRUNC(I1374*J1374,2),\"\")","v":2977.69},{"$f":"IFERROR(TRUNC(L1374*I1374,2),\"\")","v":3767.37}]
[2000]
[2000,null,null,null,"Recepção + Espera + Sala de Estar",0.4,"m²"]
[2000,null,null,null,"Arquivo",0.16,"m²"]
[2000,null,null,null,"IS Masculino 1",0.18,"m²"]
[2000,null,null,null,"IS PNE Masculino 1",0.18,"m²"]
[2000,null,null,null,"IS PNE Feminino 1",0.18,"m²"]
[2000,null,null,null,"IS Feminino 1",0.18,"m²"]
[2000,null,null,null,"Consultório 01",0.18,"m²"]
[2000,null,null,null,"Consultório 02",0.18,"m²"]
[2000,null,null,null,"Consultório 03",0.18,"m²"]
[2000,null,null,null,"Consultório 04",0.18,"m²"]
[2000,null,null,null,"Consultório 05",0.18,"m²"]
[2000,null,null,null,"Farmácia",0.18,"m²"]
[2000,null,null,null,"Sala de Enfermagem",0.18,"m²"]
[2000,null,null,null,"Sala de Atividades Coletivas 01 + 02",0.36,"m²"]
[2000,null,null,null,"Circulação 01",0.32,"m²"]
[2000,null,null,null,"Posto de Enfermagem",0.18,"m²"]
[2000,null,null,null,"Quarto Individual 01",0.18,"m²"]
[2000,null,null,null,"Quarto Individual 02",0.18,"m²"]
[2,null,null,null,"IS PNE Masculino 2",0.2,"m²"]
[2000,null,null,null,"IS PNE Feminino 2",0.2,"m²"]
[2000,null,null,null,"Circulação Observação",0.32,"m²"]
[2000,null,null,null,"Circulação 03",0.32,"m²"]
[2000,null,null,null,"Sala de Reuniões",0.18,"m²"]
[2000,null,null,null,"Vestiário Masculino",0.18,"m²"]
[2000,null,null,null,"Vestiário Feminino",0.18,"m²"]
[2000,null,null,null,"Sala de Utilidades",0.18,"m²"]
[2000,null,null,null,"Almoxarifado",0.18,"m²"]
[2000,null,null,null,"IS Quarto",0.16,"m²"]
[2000,null,null,null,"Quarto Plantonista",0.18,"m²"]
[2000,null,null,null,"Rouparia",0.18,"m²"]
[2000,null,null,null,"Diretoria",0.18,"m²"]
[2000,null,null,null,"Circulação 02 + Refeitório",1.28,"m²"]
[2000,null,null,null,"IS Masculino 2",0.18,"m²"]
[2000,null,null,null,"IS PNE Masculino 3",0.18,"m²"]
[2000,null,null,null,"IS PNE Feminino 3",0.18,"m²"]
[2000,null,null,null,"IS Feminino 2",0.18,"m²"]
[2000,null,null,null,"DML",0.18,"m²"]
[2000,null,null,null,"Área de Serviço",0.18,"m²"]
[2000,null,null,null,"Copa Funcionários",0.18,"m²"]
[2000,null,null,null,"Cozinha",0.36,"m²"]
[2000,null,null,null,"Triagem",0.18,"m²"]
[2000,null,null,null,"Despensa",0.18,"m²"]
[2000,null,null,null,"Abrigo de Resíduos Sólidos",0.18,"m²"]
[2000,null,null,null,"Casa de Bombas Incêndio",0.18,"m²"]
[2000,null,null,null,"Casa de Bombas Reuso",0.18,"m²"]
[2000,null,null,null,"Casa de Gás",0.24,"m²"]
[2000,null,null,null,"Total",{"$f":"SUM(F1376:F1421)","v":10.439999999999996},"m²"]
[2000]
[null,null,null,"9.2","PISOS EXTERNOS",null,null,null,null,null,null,null,{"$f":"IFERROR(SUMIFS(M:M,A:A,LEFT(D1424,SEARCH(\".\",D1424)-1),B:B,RIGHT(D1424,LEN(D1424)-SEARCH(\".\",D1424))),\"\")","v":186009.66999999998},{"$f":"IFERROR(SUMIFS(N:N,A:A,LEFT(D1424,SEARCH(\".\",D1424)-1),B:B,RIGHT(D1424,LEN(D1424)-SEARCH(\".\",D1424))),\"\")","v":235323.06}]
[{"$f":"IFERROR(LEFT(D1425,SEARCH(\".\",D1425)-1),\"\")","v":"9"},{"$f":"IFERROR(LEFT(RIGHT(D1425,LEN(D1425)-SEARCH(\".\",D1425)),SEARCH(\".\",RIGHT(D1425,LEN(D1425)-SEARCH(\".\",D1425)))-1),\"\")","v":"2"},{"$f":"IFERROR(IF(LEN(D1425)-LEN(SUBSTITUTE(D1425,\".\",\"\"))<>3,\"\",MID(D1425,SEARCH(\".\",D1425,SEARCH(\".\",D1425)+1)+1,LEN(D1425)-SEARCH(\".\",D1425,SEARCH(\".\",D1425)+1)-(LEN(D1425)-(SEARCH(\".\",D1425,SEARCH(\".\",D1425,SEARCH(\".\",D1425)+1)+1)-1)))),\"\")","v":""},"9.2.1",{"$f":"IF($G1425=\"SINAPI\",VLOOKUP($F1425,DADOS_SINAPI,2,0),IF(G1425=\"SETOP\",VLOOKUP($F1425,DADOS_SETOP,2,0),IF(G1425=\"CPU\",VLOOKUP($F1425,DADOS_COMPOSICAO,2,0),IF(G1425=\"SICRO\",VLOOKUP($F1425,DADOS_SICRO,2,0),IF(G1425=\"SUDECAP\",VLOOKUP(F1425,DADOS_SUDECAP,2,0),IF(G1425=\"COTAÇÃO\",VLOOKUP($F1425,DADOS_COTACAO,2,0),\"\"))))))","v":"LASTRO COM MATERIAL GRANULAR (PEDRA BRITADA N.2), APLICADO EM PISOS OU LAJES SOBRE SOLO, ESPESSURA DE *10 CM*. AF_08/2017"},96624,"SINAPI",{"$f":"IF(G1425=\"SINAPI\",VLOOKUP($F1425,DADOS_SINAPI,3,0),IF(G1425=\"SETOP\",VLOOKUP($F1425,DADOS_SETOP,3,0),IF(G1425=\"CPU\",VLOOKUP($F1425,DADOS_COMPOSICAO,10,0),IF(G1425=\"SICRO\",VLOOKUP($F1425,DADOS_SICRO,3,0),IF(G1425=\"SUDECAP\",VLOOKUP(F1425,DADOS_SUDECAP,3,0),IF(G1425=\"COTAÇÃO\",VLOOKUP($F1425,DADOS_COTACAO,9,0),\"\"))))))","v":"M3"},{"$f":"F1429","v":33.488999999999997},{"$f":"IF(G1425=\"SINAPI\",VLOOKUP($F1425,DADOS_SINAPI,4,0),IF(G1425=\"SETOP\",VLOOKUP($F1425,DADOS_SETOP,4,0),IF(G1425=\"CPU\",VLOOKUP($F1425,DADOS_COMPOSICAO,13,0),IF(G1425=\"SICRO\",VLOOKUP($F1425,DADOS_SICRO,4,0),IF(G1425=\"SUDECAP\",VLOOKUP(F1425,DADOS_SUDECAP,4,0),IF(G1425=\"COTAÇÃO\",VLOOKUP(F1425,DADOS_COTACAO,12,0),\"\"))))))","v":154.6},"BDI 1",{"$f":"TRUNC(J1425*(1+$N$17),2)","v":195.59},{"$f":"IFERROR(TRUNC(I1425*J1425,2),\"\")","v":5177.3900000000003},{"$f":"IFERROR(TRUNC(L1425*I1425,2),\"\")","v":6550.11}]
[2000]
[2000,null,null,null,"Área Externa",{"$f":"1613.76-943.98","v":669.78},"m²"]
[2000,null,null,null,"Espessura",0.05,"m"]
[2000,null,null,null,"Total",{"$f":"F1427*F1428","v":33.488999999999997},"m³"]
[2000]
[{"$f":"IFERROR(LEFT(D1431,SEARCH(\".\",D1431)-1),\"\")","v":"9"},{"$f":"IFERROR(LEFT(RIGHT(D1431,LEN(D1431)-SEARCH(\".\",D1431)),SEARCH(\".\",RIGHT(D1431,LEN(D1431)-SEARCH(\".\",D1431)))-1),\"\")","v":"2"},{"$f":"IFERROR(IF(LEN(D1431)-LEN(SUBSTITUTE(D1431,\".\",\"\"))<>3,\"\",MID(D1431,SEARCH(\".\",D1431,SEARCH(\".\",D1431)+1)+1,LEN(D1431)-SEARCH(\".\",D1431,SEARCH(\".\",D1431)+1)-(LEN(D1431)-(SEARCH(\".\",D1431,SEARCH(\".\",D1431,SEARCH(\".\",D1431)+1)+1)-1)))),\"\")","v":""},"9.2.2",{"$f":"IF($G1431=\"SINAPI\",VLOOKUP($F1431,DADOS_SINAPI,2,0),IF(G1431=\"SETOP\",VLOOKUP($F1431,DADOS_SETOP,2,0),IF(G1431=\"CPU\",VLOOKUP($F1431,DADOS_COMPOSICAO,2,0),IF(G1431=\"SICRO\",VLOOKUP($F1431,DADOS_SICRO,2,0),IF(G1431=\"SUDECAP\",VLOOKUP(F1431,DADOS_SUDECAP,2,0),IF(G1431=\"COTAÇÃO\",VLOOKUP($F1431,DADOS_COTACAO,2,0),\"\"))))))","v":"APILOAMENTO MECANIZADO EM FUNDO DE VALA COM PLACA VIBRATÓRIA, EXCLUSIVE ESCAVAÇÃO"},"ED-51094","SETOP",{"$f":"IF(G1431=\"SINAPI\",VLOOKUP($F1431,DADOS_SINAPI,3,0),IF(G1431=\"SETOP\",VLOOKUP($F1431,DADOS_SETOP,3,0),IF(G1431=\"CPU\",VLOOKUP($F1431,DADOS_COMPOSICAO,10,0),IF(G1431=\"SICRO\",VLOOKUP($F1431,DADOS_SICRO,3,0),IF(G1431=\"SUDECAP\",VLOOKUP(F1431,DADOS_SUDECAP,3,0),IF(G1431=\"COTAÇÃO\",VLOOKUP($F1431,DADOS_COTACAO,9,0),\"\"))))))","v":"m2"},{"$f":"F1434","v":669.78},{"$f":"IF(G1431=\"SINAPI\",VLOOKUP($F1431,DADOS_SINAPI,4,0),IF(G1431=\"SETOP\",VLOOKUP($F1431,DADOS_SETOP,4,0),IF(G1431=\"CPU\",VLOOKUP($F1431,DADOS_COMPOSICAO,13,0),IF(G1431=\"SICRO\",VLOOKUP($F1431,DADOS_SICRO,4,0),IF(G1431=\"SUDECAP\",VLOOKUP(F1431,DADOS_SUDECAP,4,0),IF(G1431=\"COTAÇÃO\",VLOOKUP(F1431,DADOS_COTACAO,12,0),\"\"))))))","v":11.41},"BDI 1",{"$f":"TRUNC(J1431*(1+$N$17),2)","v":14.43},{"$f":"IFERROR(TRUNC(I1431*J1431,2),\"\")","v":7642.18},{"$f":"IFERROR(TRUNC(L1431*I1431,2),\"\")","v":9664.92}]
[2000]
[2000,null,null,null,"Área Externa",{"$f":"1613.76-943.98","v":669.78},"m²"]
[2000,null,null,null,"Total",{"$f":"F1433","v":669.78},"m³"]
[2000]
[{"$f":"IFERROR(LEFT(D1436,SEARCH(\".\",D1436)-1),\"\")","v":"9"},{"$f":"IFERROR(LEFT(RIGHT(D1436,LEN(D1436)-SEARCH(\".\",D1436)),SEARCH(\".\",RIGHT(D1436,LEN(D1436)-SEARCH(\".\",D1436)))-1),\"\")","v":"2"},{"$f":"IFERROR(IF(LEN(D1436)-LEN(SUBSTITUTE(D1436,\".\",\"\"))<>3,\"\",MID(D1436,SEARCH(\".\",D1436,SEARCH(\".\",D1436)+1)+1,LEN(D1436)-SEARCH(\".\",D1436,SEARCH(\".\",D1436)+1)-(LEN(D1436)-(SEARCH(\".\",D1436,SEARCH(\".\",D1436,SEARCH(\".\",D1436)+1)+1)-1)))),\"\")","v":""},"9.2.3",{"$f":"IF($G1436=\"SINAPI\",VLOOKUP($F1436,DADOS_SINAPI,2,0),IF(G1436=\"SETOP\",VLOOKUP($F1436,DADOS_SETOP,2,0),IF(G1436=\"CPU\",VLOOKUP($F1436,DADOS_COMPOSICAO,2,0),IF(G1436=\"SICRO\",VLOOKUP($F1436,DADOS_SICRO,2,0),IF(G1436=\"SUDECAP\",VLOOKUP(F1436,DADOS_SUDECAP,2,0),IF(G1436=\"COTAÇÃO\",VLOOKUP($F1436,DADOS_COTACAO,2,0),\"\"))))))","v":"EXECUÇÃO DE PASSEIO (CALÇADA) OU PISO DE CONCRETO COM CONCRETO MOLDADO IN LOCO, USINADO, ACABAMENTO CONVENCIONAL, ESPESSURA 10 CM, ARMADO"},"DAC-9.1","CPU",{"$f":"IF(G1436=\"SINAPI\",VLOOKUP($F1436,DADOS_SINAPI,3,0),IF(G1436=\"SETOP\",VLOOKUP($F1436,DADOS_SETOP,3,0),IF(G1436=\"CPU\",VLOOKUP($F1436,DADOS_COMPOSICAO,10,0),IF(G1436=\"SICRO\",VLOOKUP($F1436,DADOS_SICRO,3,0),IF(G1436=\"SUDECAP\",VLOOKUP(F1436,DADOS_SUDECAP,3,0),IF(G1436=\"COTAÇÃO\",VLOOKUP($F1436,DADOS_COTACAO,9,0),\"\"))))))","v":"M2"},{"$f":"F1439","v":669.78},{"$f":"IF(G1436=\"SINAPI\",VLOOKUP($F1436,DADOS_SINAPI,4,0),IF(G1436=\"SETOP\",VLOOKUP($F1436,DADOS_SETOP,4,0),IF(G1436=\"CPU\",VLOOKUP($F1436,DADOS_COMPOSICAO,13,0),IF(G1436=\"SICRO\",VLOOKUP($F1436,DADOS_SICRO,4,0),IF(G1436=\"SUDECAP\",VLOOKUP(F1436,DADOS_SUDECAP,4,0),IF(G1436=\"COTAÇÃO\",VLOOKUP(F1436,DADOS_COTACAO,12,0),\"\"))))))","v":130.865588},"BDI 1",{"$f":"TRUNC(J1436*(1+$N$17),2)","v":165.57},{"$f":"IFERROR(TRUNC(I1436*J1436,2),\"\")","v":87651.15},{"$f":"IFERROR(TRUNC(L1436*I1436,2),\"\")","v":110895.47}]
[2000]
[2000,null,null,null,"Área Externa",{"$f":"1613.76-943.98","v":669.78},"m²"]
[2000,null,null,null,"Total",{"$f":"F1438","v":669.78},"m³"]
[2000]
[{"$f":"IFERROR(LEFT(D1441,SEARCH(\".\",D1441)-1),\"\")","v":"9"},{"$f":"IFERROR(LEFT(RIGHT(D1441,LEN(D1441)-SEARCH(\".\",D1441)),SEARCH(\".\",RIGHT(D1441,LEN(D1441)-SEARCH(\".\",D1441)))-1),\"\")","v":"2"},{"$f":"IFERROR(IF(LEN(D1441)-LEN(SUBSTITUTE(D1441,\".\",\"\"))<>3,\"\",MID(D1441,SEARCH(\".\",D1441,SEARCH(\".\",D1441)+1)+1,LEN(D1441)-SEARCH(\".\",D1441,SEARCH(\".\",D1441)+1)-(LEN(D1441)-(SEARCH(\".\",D1441,SEARCH(\".\",D1441,SEARCH(\".\",D1441)+1)+1)-1)))),\"\")","v":""},"9.2.4",{"$f":"IF($G1441=\"SINAPI\",VLOOKUP($F1441,DADOS_SINAPI,2,0),IF(G1441=\"SETOP\",VLOOKUP($F1441,DADOS_SETOP,2,0),IF(G1441=\"CPU\",VLOOKUP($F1441,DADOS_COMPOSICAO,2,0),IF(G1441=\"SICRO\",VLOOKUP($F1441,DADOS_SICRO,2,0),IF(G1441=\"SUDECAP\",VLOOKUP(F1441,DADOS_SUDECAP,2,0),IF(G1441=\"COTAÇÃO\",VLOOKUP($F1441,DADOS_COTACAO,2,0),\"\"))))))","v":"CONTRAPISO EM ARGAMASSA TRAÇO 1:4 (CIMENTO E AREIA), PREPARO MECÂNICO COM BETONEIRA 400 L, APLICADO EM ÁREAS SECAS SOBRE LAJE, ADERIDO, ACABAMENTO NÃO REFORÇADO, ESPESSURA 3CM. AF_07/2021"},87630,"SINAPI",{"$f":"IF(G1441=\"SINAPI\",VLOOKUP($F1441,DADOS_SINAPI,3,0),IF(G1441=\"SETOP\",VLOOKUP($F1441,DADOS_SETOP,3,0),IF(G1441=\"CPU\",VLOOKUP($F1441,DADOS_COMPOSICAO,10,0),IF(G1441=\"SICRO\",VLOOKUP($F1441,DADOS_SICRO,3,0),IF(G1441=\"SUDECAP\",VLOOKUP(F1441,DADOS_SUDECAP,3,0),IF(G1441=\"COTAÇÃO\",VLOOKUP($F1441,DADOS_COTACAO,9,0),\"\"))))))","v":"M2"},{"$f":"F1444","v":669.78},{"$f":"IF(G1441=\"SINAPI\",VLOOKUP($F1441,DADOS_SINAPI,4,0),IF(G1441=\"SETOP\",VLOOKUP($F1441,DADOS_SETOP,4,0),IF(G1441=\"CPU\",VLOOKUP($F1441,DADOS_COMPOSICAO,13,0),IF(G1441=\"SICRO\",VLOOKUP($F1441,DADOS_SICRO,4,0),IF(G1441=\"SUDECAP\",VLOOKUP(F1441,DADOS_SUDECAP,4,0),IF(G1441=\"COTAÇÃO\",VLOOKUP(F1441,DADOS_COTACAO,12,0),\"\"))))))","v":38.090000000000003},"BDI 1",{"$f":"TRUNC(J1441*(1+$N$17),2)","v":48.19},{"$f":"IFERROR(TRUNC(I1441*J1441,2),\"\")","v":25511.919999999998},{"$f":"IFERROR(TRUNC(L1441*I1441,2),\"\")","v":32276.69}]
[2000]
[2000,null,null,null,"Área Externa",{"$f":"1613.76-943.98","v":669.78},"m²"]
[2000,null,null,null,"Total",{"$f":"F1443","v":669.78},"m³"]
[2000]
[{"$f":"IFERROR(LEFT(D1446,SEARCH(\".\",D1446)-1),\"\")","v":"9"},{"$f":"IFERROR(LEFT(RIGHT(D1446,LEN(D1446)-SEARCH(\".\",D1446)),SEARCH(\".\",RIGHT(D1446,LEN(D1446)-SEARCH(\".\",D1446)))-1),\"\")","v":"2"},{"$f":"IFERROR(IF(LEN(D1446)-LEN(SUBSTITUTE(D1446,\".\",\"\"))<>3,\"\",MID(D1446,SEARCH(\".\",D1446,SEARCH(\".\",D1446)+1)+1,LEN(D1446)-SEARCH(\".\",D1446,SEARCH(\".\",D1446)+1)-(LEN(D1446)-(SEARCH(\".\",D1446,SEARCH(\".\",D1446,SEARCH(\".\",D1446)+1)+1)-1)))),\"\")","v":""},"9.2.5",{"$f":"IF($G1446=\"SINAPI\",VLOOKUP($F1446,DADOS_SINAPI,2,0),IF(G1446=\"SETOP\",VLOOKUP($F1446,DADOS_SETOP,2,0),IF(G1446=\"CPU\",VLOOKUP($F1446,DADOS_COMPOSICAO,2,0),IF(G1446=\"SICRO\",VLOOKUP($F1446,DADOS_SICRO,2,0),IF(G1446=\"SUDECAP\",VLOOKUP(F1446,DADOS_SUDECAP,2,0),IF(G1446=\"COTAÇÃO\",VLOOKUP($F1446,DADOS_COTACAO,2,0),\"\"))))))","v":"PISO CIMENTADO, TRAÇO 1:3 (CIMENTO E AREIA), ACABAMENTO LISO, ESPESSURA 3,0 CM, PREPARO MECÂNICO DA ARGAMASSA. AF_09/2020"},98680,"SINAPI",{"$f":"IF(G1446=\"SINAPI\",VLOOKUP($F1446,DADOS_SINAPI,3,0),IF(G1446=\"SETOP\",VLOOKUP($F1446,DADOS_SETOP,3,0),IF(G1446=\"CPU\",VLOOKUP($F1446,DADOS_COMPOSICAO,10,0),IF(G1446=\"SICRO\",VLOOKUP($F1446,DADOS_SICRO,3,0),IF(G1446=\"SUDECAP\",VLOOKUP(F1446,DADOS_SUDECAP,3,0),IF(G1446=\"COTAÇÃO\",VLOOKUP($F1446,DADOS_COTACAO,9,0),\"\"))))))","v":"M2"},{"$f":"F1449","v":669.78},{"$f":"IF(G1446=\"SINAPI\",VLOOKUP($F1446,DADOS_SINAPI,4,0),IF(G1446=\"SETOP\",VLOOKUP($F1446,DADOS_SETOP,4,0),IF(G1446=\"CPU\",VLOOKUP($F1446,DADOS_COMPOSICAO,13,0),IF(G1446=\"SICRO\",VLOOKUP($F1446,DADOS_SICRO,4,0),IF(G1446=\"SUDECAP\",VLOOKUP(F1446,DADOS_SUDECAP,4,0),IF(G1446=\"COTAÇÃO\",VLOOKUP(F1446,DADOS_COTACAO,12,0),\"\"))))))","v":44.86},"BDI 1",{"$f":"TRUNC(J1446*(1+$N$17),2)","v":56.75},{"$f":"IFERROR(TRUNC(I1446*J1446,2),\"\")","v":30046.33},{"$f":"IFERROR(TRUNC(L1446*I1446,2),\"\")","v":38010.01}]
[2000]
[2000,null,null,null,"Área Externa",{"$f":"1613.76-943.98","v":669.78},"m²"]
[2000,null,null,null,"Total",{"$f":"F1448","v":669.78},"m³"]
[2000]
[{"$f":"IFERROR(LEFT(D1451,SEARCH(\".\",D1451)-1),\"\")","v":"9"},{"$f":"IFERROR(LEFT(RIGHT(D1451,LEN(D1451)-SEARCH(\".\",D1451)),SEARCH(\".\",RIGHT(D1451,LEN(D1451)-SEARCH(\".\",D1451)))-1),\"\")","v":"2"},{"$f":"IFERROR(IF(LEN(D1451)-LEN(SUBSTITUTE(D1451,\".\",\"\"))<>3,\"\",MID(D1451,SEARCH(\".\",D1451,SEARCH(\".\",D1451)+1)+1,LEN(D1451)-SEARCH(\".\",D1451,SEARCH(\".\",D1451)+1)-(LEN(D1451)-(SEARCH(\".\",D1451,SEARCH(\".\",D1451,SEARCH(\".\",D1451)+1)+1)-1)))),\"\")","v":""},"9.2.6",{"$f":"IF($G1451=\"SINAPI\",VLOOKUP($F1451,DADOS_SINAPI,2,0),IF(G1451=\"SETOP\",VLOOKUP($F1451,DADOS_SETOP,2,0),IF(G1451=\"CPU\",VLOOKUP($F1451,DADOS_COMPOSICAO,2,0),IF(G1451=\"SICRO\",VLOOKUP($F1451,DADOS_SICRO,2,0),IF(G1451=\"SUDECAP\",VLOOKUP(F1451,DADOS_SUDECAP,2,0),IF(G1451=\"COTAÇÃO\",VLOOKUP($F1451,DADOS_COTACAO,2,0),\"\"))))))","v":"PINTURA DE PISO COM TINTA ACRÍLICA, APLICAÇÃO MANUAL, 2 DEMÃOS, INCLUSO FUNDO PREPARADOR. AF_05/2021"},102491,"SINAPI",{"$f":"IF(G1451=\"SINAPI\",VLOOKUP($F1451,DADOS_SINAPI,3,0),IF(G1451=\"SETOP\",VLOOKUP($F1451,DADOS_SETOP,3,0),IF(G1451=\"CPU\",VLOOKUP($F1451,DADOS_COMPOSICAO,10,0),IF(G1451=\"SICRO\",VLOOKUP($F1451,DADOS_SICRO,3,0),IF(G1451=\"SUDECAP\",VLOOKUP(F1451,DADOS_SUDECAP,3,0),IF(G1451=\"COTAÇÃO\",VLOOKUP($F1451,DADOS_COTACAO,9,0),\"\"))))))","v":"M2"},{"$f":"F1455","v":848.46},{"$f":"IF(G1451=\"SINAPI\",VLOOKUP($F1451,DADOS_SINAPI,4,0),IF(G1451=\"SETOP\",VLOOKUP($F1451,DADOS_SETOP,4,0),IF(G1451=\"CPU\",VLOOKUP($F1451,DADOS_COMPOSICAO,13,0),IF(G1451=\"SICRO\",VLOOKUP($F1451,DADOS_SICRO,4,0),IF(G1451=\"SUDECAP\",VLOOKUP(F1451,DADOS_SUDECAP,4,0),IF(G1451=\"COTAÇÃO\",VLOOKUP(F1451,DADOS_COTACAO,12,0),\"\"))))))","v":17.59},"BDI 1",{"$f":"TRUNC(J1451*(1+$N$17),2)","v":22.25},{"$f":"IFERROR(TRUNC(I1451*J1451,2),\"\")","v":14924.41},{"$f":"IFERROR(TRUNC(L1451*I1451,2),\"\")","v":18878.23}]
[2000]
[2000,null,null,null,"Área Externa",{"$f":"1613.76-943.98","v":669.78},"m²"]
[2000,null,null,null,"Passeio",178.68,"m²"]
[2000,null,null,null,"Total",{"$f":"SUM(F1453:F1454)","v":848.46},"m³"]
[2000]
[{"$f":"IFERROR(LEFT(D1457,SEARCH(\".\",D1457)-1),\"\")","v":"9"},{"$f":"IFERROR(LEFT(RIGHT(D1457,LEN(D1457)-SEARCH(\".\",D1457)),SEARCH(\".\",RIGHT(D1457,LEN(D1457)-SEARCH(\".\",D1457)))-1),\"\")","v":"2"},{"$f":"IFERROR(IF(LEN(D1457)-LEN(SUBSTITUTE(D1457,\".\",\"\"))<>3,\"\",MID(D1457,SEARCH(\".\",D1457,SEARCH(\".\",D1457)+1)+1,LEN(D1457)-SEARCH(\".\",D1457,SEARCH(\".\",D1457)+1)-(LEN(D1457)-(SEARCH(\".\",D1457,SEARCH(\".\",D1457,SEARCH(\".\",D1457)+1)+1)-1)))),\"\")","v":""},"9.2.7",{"$f":"IF($G1457=\"SINAPI\",VLOOKUP($F1457,DADOS_SINAPI,2,0),IF(G1457=\"SETOP\",VLOOKUP($F1457,DADOS_SETOP,2,0),IF(G1457=\"CPU\",VLOOKUP($F1457,DADOS_COMPOSICAO,2,0),IF(G1457=\"SICRO\",VLOOKUP($F1457,DADOS_SICRO,2,0),IF(G1457=\"SUDECAP\",VLOOKUP(F1457,DADOS_SUDECAP,2,0),IF(G1457=\"COTAÇÃO\",VLOOKUP($F1457,DADOS_COTACAO,2,0),\"\"))))))","v":"PLANTIO DE GRAMA ESMERALDA EM PLACAS, INCLUSIVE TERRA VEGETAL E CONSERVAÇÃO POR TRINTA (30) DIAS"},"ED-50437","SETOP",{"$f":"IF(G1457=\"SINAPI\",VLOOKUP($F1457,DADOS_SINAPI,3,0),IF(G1457=\"SETOP\",VLOOKUP($F1457,DADOS_SETOP,3,0),IF(G1457=\"CPU\",VLOOKUP($F1457,DADOS_COMPOSICAO,10,0),IF(G1457=\"SICRO\",VLOOKUP($F1457,DADOS_SICRO,3,0),IF(G1457=\"SUDECAP\",VLOOKUP(F1457,DADOS_SUDECAP,3,0),IF(G1457=\"COTAÇÃO\",VLOOKUP($F1457,DADOS_COTACAO,9,0),\"\"))))))","v":"m2"},{"$f":"F1461","v":36.85},{"$f":"IF(G1457=\"SINAPI\",VLOOKUP($F1457,DADOS_SINAPI,4,0),IF(G1457=\"SETOP\",VLOOKUP($F1457,DADOS_SETOP,4,0),IF(G1457=\"CPU\",VLOOKUP($F1457,DADOS_COMPOSICAO,13,0),IF(G1457=\"SICRO\",VLOOKUP($F1457,DADOS_SICRO,4,0),IF(G1457=\"SUDECAP\",VLOOKUP(F1457,DADOS_SUDECAP,4,0),IF(G1457=\"COTAÇÃO\",VLOOKUP(F1457,DADOS_COTACAO,12,0),\"\"))))))","v":29.23},"BDI 1",{"$f":"TRUNC(J1457*(1+$N$17),2)","v":36.979999999999997},{"$f":"IFERROR(TRUNC(I1457*J1457,2),\"\")","v":1077.1199999999999},{"$f":"IFERROR(TRUNC(L1457*I1457,2),\"\")","v":1362.71}]
[2000]
[2000,null,null,null,"Horta",33.29,"m²"]
[2000,null,null,null,"Canteiro",{"$f":"2.16+1.4","v":3.56},"m²"]
[2000,null,null,null,"Total",{"$f":"SUM(F1459:F1460)","v":36.85},"m³"]
[2000]
[{"$f":"IFERROR(LEFT(D1463,SEARCH(\".\",D1463)-1),\"\")","v":"9"},{"$f":"IFERROR(LEFT(RIGHT(D1463,LEN(D1463)-SEARCH(\".\",D1463)),SEARCH(\".\",RIGHT(D1463,LEN(D1463)-SEARCH(\".\",D1463)))-1),\"\")","v":"2"},{"$f":"IFERROR(IF(LEN(D1463)-LEN(SUBSTITUTE(D1463,\".\",\"\"))<>3,\"\",MID(D1463,SEARCH(\".\",D1463,SEARCH(\".\",D1463)+1)+1,LEN(D1463)-SEARCH(\".\",D1463,SEARCH(\".\",D1463)+1)-(LEN(D1463)-(SEARCH(\".\",D1463,SEARCH(\".\",D1463,SEARCH(\".\",D1463)+1)+1)-1)))),\"\")","v":""},"9.2.8",{"$f":"IF($G1463=\"SINAPI\",VLOOKUP($F1463,DADOS_SINAPI,2,0),IF(G1463=\"SETOP\",VLOOKUP($F1463,DADOS_SETOP,2,0),IF(G1463=\"CPU\",VLOOKUP($F1463,DADOS_COMPOSICAO,2,0),IF(G1463=\"SICRO\",VLOOKUP($F1463,DADOS_SICRO,2,0),IF(G1463=\"SUDECAP\",VLOOKUP(F1463,DADOS_SUDECAP,2,0),IF(G1463=\"COTAÇÃO\",VLOOKUP($F1463,DADOS_COTACAO,2,0),\"\"))))))","v":"PISO CIMENTADO COM ARGAMASSA, TRAÇO 1:3 (CIMENTO E AREIA), ESP. 30MM, ACABAMENTO DESEMPENADO E FELTRADO, MODULAÇÃO DE 100X100CM, INCLUSIVE JUNTA PLÁSTICA"},"ED-50548","SETOP",{"$f":"IF(G1463=\"SINAPI\",VLOOKUP($F1463,DADOS_SINAPI,3,0),IF(G1463=\"SETOP\",VLOOKUP($F1463,DADOS_SETOP,3,0),IF(G1463=\"CPU\",VLOOKUP($F1463,DADOS_COMPOSICAO,10,0),IF(G1463=\"SICRO\",VLOOKUP($F1463,DADOS_SICRO,3,0),IF(G1463=\"SUDECAP\",VLOOKUP(F1463,DADOS_SUDECAP,3,0),IF(G1463=\"COTAÇÃO\",VLOOKUP($F1463,DADOS_COTACAO,9,0),\"\"))))))","v":"m2"},{"$f":"F1466","v":178.68},{"$f":"IF(G1463=\"SINAPI\",VLOOKUP($F1463,DADOS_SINAPI,4,0),IF(G1463=\"SETOP\",VLOOKUP($F1463,DADOS_SETOP,4,0),IF(G1463=\"CPU\",VLOOKUP($F1463,DADOS_COMPOSICAO,13,0),IF(G1463=\"SICRO\",VLOOKUP($F1463,DADOS_SICRO,4,0),IF(G1463=\"SUDECAP\",VLOOKUP(F1463,DADOS_SUDECAP,4,0),IF(G1463=\"COTAÇÃO\",VLOOKUP(F1463,DADOS_COTACAO,12,0),\"\"))))))","v":59.23},"BDI 1",{"$f":"TRUNC(J1463*(1+$N$17),2)","v":74.930000000000007},{"$f":"IFERROR(TRUNC(I1463*J1463,2),\"\")","v":10583.21},{"$f":"IFERROR(TRUNC(L1463*I1463,2),\"\")","v":13388.49}]
[2000]
[2000,null,null,null,"Passeio",178.68,"m²"]
[2000,null,null,null,"Total",{"$f":"F1465","v":178.68},"m³"]
[2000]
[{"$f":"IFERROR(LEFT(D1468,SEARCH(\".\",D1468)-1),\"\")","v":"9"},{"$f":"IFERROR(LEFT(RIGHT(D1468,LEN(D1468)-SEARCH(\".\",D1468)),SEARCH(\".\",RIGHT(D1468,LEN(D1468)-SEARCH(\".\",D1468)))-1),\"\")","v":"2"},{"$f":"IFERROR(IF(LEN(D1468)-LEN(SUBSTITUTE(D1468,\".\",\"\"))<>3,\"\",MID(D1468,SEARCH(\".\",D1468,SEARCH(\".\",D1468)+1)+1,LEN(D1468)-SEARCH(\".\",D1468,SEARCH(\".\",D1468)+1)-(LEN(D1468)-(SEARCH(\".\",D1468,SEARCH(\".\",D1468,SEARCH(\".\",D1468)+1)+1)-1)))),\"\")","v":""},"9.2.9",{"$f":"IF($G1468=\"SINAPI\",VLOOKUP($F1468,DADOS_SINAPI,2,0),IF(G1468=\"SETOP\",VLOOKUP($F1468,DADOS_SETOP,2,0),IF(G1468=\"CPU\",VLOOKUP($F1468,DADOS_COMPOSICAO,2,0),IF(G1468=\"SICRO\",VLOOKUP($F1468,DADOS_SICRO,2,0),IF(G1468=\"SUDECAP\",VLOOKUP(F1468,DADOS_SUDECAP,2,0),IF(G1468=\"COTAÇÃO\",VLOOKUP($F1468,DADOS_COTACAO,2,0),\"\"))))))","v":"GUIA (MEIO-FIO) CONCRETO, MOLDADA  IN LOCO  EM TRECHO CURVO COM EXTRUSORA, 15 CM BASE X 30 CM ALTURA. AF_06/2016"},94266,"SINAPI",{"$f":"IF(G1468=\"SINAPI\",VLOOKUP($F1468,DADOS_SINAPI,3,0),IF(G1468=\"SETOP\",VLOOKUP($F1468,DADOS_SETOP,3,0),IF(G1468=\"CPU\",VLOOKUP($F1468,DADOS_COMPOSICAO,10,0),IF(G1468=\"SICRO\",VLOOKUP($F1468,DADOS_SICRO,3,0),IF(G1468=\"SUDECAP\",VLOOKUP(F1468,DADOS_SUDECAP,3,0),IF(G1468=\"COTAÇÃO\",VLOOKUP($F1468,DADOS_COTACAO,9,0),\"\"))))))","v":"M"},{"$f":"F1471","v":67.959999999999994},{"$f":"IF(G1468=\"SINAPI\",VLOOKUP($F1468,DADOS_SINAPI,4,0),IF(G1468=\"SETOP\",VLOOKUP($F1468,DADOS_SETOP,4,0),IF(G1468=\"CPU\",VLOOKUP($F1468,DADOS_COMPOSICAO,13,0),IF(G1468=\"SICRO\",VLOOKUP($F1468,DADOS_SICRO,4,0),IF(G1468=\"SUDECAP\",VLOOKUP(F1468,DADOS_SUDECAP,4,0),IF(G1468=\"COTAÇÃO\",VLOOKUP(F1468,DADOS_COTACAO,12,0),\"\"))))))","v":49.97},"BDI 1",{"$f":"TRUNC(J1468*(1+$N$17),2)","v":63.22},{"$f":"IFERROR(TRUNC(I1468*J1468,2),\"\")","v":3395.96},{"$f":"IFERROR(TRUNC(L1468*I1468,2),\"\")","v":4296.43}]
[2000]
[2000,null,null,null,"Passeio",67.959999999999994,"m"]
[2000,null,null,null,"Total",{"$f":"F1470","v":67.959999999999994},"m"]
[2000]
[1000,null,null,10,"PINTURAS E ACABAMENTOS",null,null,null,null,null,null,null,{"$f":"SUMIF(A:A,D1473,M:M)","v":79085.47},{"$f":"SUMIF(A:A,D1473,N:N)","v":100002.87}]
[{"$f":"IFERROR(LEFT(D1474,SEARCH(\".\",D1474)-1),\"\")","v":"10"},{"$f":"IFERROR(LEFT(RIGHT(D1474,LEN(D1474)-SEARCH(\".\",D1474)),SEARCH(\".\",RIGHT(D1474,LEN(D1474)-SEARCH(\".\",D1474)))-1),\"\")","v":""},{"$f":"IFERROR(IF(LEN(D1474)-LEN(SUBSTITUTE(D1474,\".\",\"\"))<>3,\"\",MID(D1474,SEARCH(\".\",D1474,SEARCH(\".\",D1474)+1)+1,LEN(D1474)-SEARCH(\".\",D1474,SEARCH(\".\",D1474)+1)-(LEN(D1474)-(SEARCH(\".\",D1474,SEARCH(\".\",D1474,SEARCH(\".\",D1474)+1)+1)-1)))),\"\")","v":""},"10.1",{"$f":"IF($G1474=\"SINAPI\",VLOOKUP($F1474,DADOS_SINAPI,2,0),IF(G1474=\"SETOP\",VLOOKUP($F1474,DADOS_SETOP,2,0),IF(G1474=\"CPU\",VLOOKUP($F1474,DADOS_COMPOSICAO,2,0),IF(G1474=\"SICRO\",VLOOKUP($F1474,DADOS_SICRO,2,0),IF(G1474=\"SUDECAP\",VLOOKUP(F1474,DADOS_SUDECAP,2,0),IF(G1474=\"COTAÇÃO\",VLOOKUP($F1474,DADOS_COTACAO,2,0),\"\"))))))","v":"APLICAÇÃO DE FUNDO SELADOR ACRÍLICO EM PAREDES, UMA DEMÃO. AF_06/2014"},88485,"SINAPI",{"$f":"IF(G1474=\"SINAPI\",VLOOKUP($F1474,DADOS_SINAPI,3,0),IF(G1474=\"SETOP\",VLOOKUP($F1474,DADOS_SETOP,3,0),IF(G1474=\"CPU\",VLOOKUP($F1474,DADOS_COMPOSICAO,10,0),IF(G1474=\"SICRO\",VLOOKUP($F1474,DADOS_SICRO,3,0),IF(G1474=\"SUDECAP\",VLOOKUP(F1474,DADOS_SUDECAP,3,0),IF(G1474=\"COTAÇÃO\",VLOOKUP($F1474,DADOS_COTACAO,9,0),\"\"))))))","v":"M2"},{"$f":"F1478","v":1910.3480000000004},{"$f":"IF(G1474=\"SINAPI\",VLOOKUP($F1474,DADOS_SINAPI,4,0),IF(G1474=\"SETOP\",VLOOKUP($F1474,DADOS_SETOP,4,0),IF(G1474=\"CPU\",VLOOKUP($F1474,DADOS_COMPOSICAO,13,0),IF(G1474=\"SICRO\",VLOOKUP($F1474,DADOS_SICRO,4,0),IF(G1474=\"SUDECAP\",VLOOKUP(F1474,DADOS_SUDECAP,4,0),IF(G1474=\"COTAÇÃO\",VLOOKUP(F1474,DADOS_COTACAO,12,0),\"\"))))))","v":3},"BDI 1",{"$f":"TRUNC(J1474*(1+$N$17),2)","v":3.79},{"$f":"IFERROR(TRUNC(I1474*J1474,2),\"\")","v":5731.04},{"$f":"IFERROR(TRUNC(L1474*I1474,2),\"\")","v":7240.21}]
[2000]
[2000,null,null,null,"Área  Massa Única",{"$f":"F930","v":1873.8500000000004},"m²"]
[2000,null,null,null,"Área  Emassamento",{"$f":"F1143","v":36.498000000000005},"m²"]
[2000,null,null,null,"Total",{"$f":"SUM(F1476:F1477)","v":1910.3480000000004},"m²"]
[2000]
[{"$f":"IFERROR(LEFT(D1480,SEARCH(\".\",D1480)-1),\"\")","v":"10"},{"$f":"IFERROR(LEFT(RIGHT(D1480,LEN(D1480)-SEARCH(\".\",D1480)),SEARCH(\".\",RIGHT(D1480,LEN(D1480)-SEARCH(\".\",D1480)))-1),\"\")","v":""},{"$f":"IFERROR(IF(LEN(D1480)-LEN(SUBSTITUTE(D1480,\".\",\"\"))<>3,\"\",MID(D1480,SEARCH(\".\",D1480,SEARCH(\".\",D1480)+1)+1,LEN(D1480)-SEARCH(\".\",D1480,SEARCH(\".\",D1480)+1)-(LEN(D1480)-(SEARCH(\".\",D1480,SEARCH(\".\",D1480,SEARCH(\".\",D1480)+1)+1)-1)))),\"\")","v":""},"10.2",{"$f":"IF($G1480=\"SINAPI\",VLOOKUP($F1480,DADOS_SINAPI,2,0),IF(G1480=\"SETOP\",VLOOKUP($F1480,DADOS_SETOP,2,0),IF(G1480=\"CPU\",VLOOKUP($F1480,DADOS_COMPOSICAO,2,0),IF(G1480=\"SICRO\",VLOOKUP($F1480,DADOS_SICRO,2,0),IF(G1480=\"SUDECAP\",VLOOKUP(F1480,DADOS_SUDECAP,2,0),IF(G1480=\"COTAÇÃO\",VLOOKUP($F1480,DADOS_COTACAO,2,0),\"\"))))))","v":"APLICAÇÃO MANUAL DE PINTURA COM TINTA LÁTEX ACRÍLICA EM PAREDES, DUAS DEMÃOS. AF_06/2014"},88489,"SINAPI",{"$f":"IF(G1480=\"SINAPI\",VLOOKUP($F1480,DADOS_SINAPI,3,0),IF(G1480=\"SETOP\",VLOOKUP($F1480,DADOS_SETOP,3,0),IF(G1480=\"CPU\",VLOOKUP($F1480,DADOS_COMPOSICAO,10,0),IF(G1480=\"SICRO\",VLOOKUP($F1480,DADOS_SICRO,3,0),IF(G1480=\"SUDECAP\",VLOOKUP(F1480,DADOS_SUDECAP,3,0),IF(G1480=\"COTAÇÃO\",VLOOKUP($F1480,DADOS_COTACAO,9,0),\"\"))))))","v":"M2"},{"$f":"F1483","v":1910.3480000000004},{"$f":"IF(G1480=\"SINAPI\",VLOOKUP($F1480,DADOS_SINAPI,4,0),IF(G1480=\"SETOP\",VLOOKUP($F1480,DADOS_SETOP,4,0),IF(G1480=\"CPU\",VLOOKUP($F1480,DADOS_COMPOSICAO,13,0),IF(G1480=\"SICRO\",VLOOKUP($F1480,DADOS_SICRO,4,0),IF(G1480=\"SUDECAP\",VLOOKUP(F1480,DADOS_SUDECAP,4,0),IF(G1480=\"COTAÇÃO\",VLOOKUP(F1480,DADOS_COTACAO,12,0),\"\"))))))","v":13.68},"BDI 1",{"$f":"TRUNC(J1480*(1+$N$17),2)","v":17.3},{"$f":"IFERROR(TRUNC(I1480*J1480,2),\"\")","v":26133.56},{"$f":"IFERROR(TRUNC(L1480*I1480,2),\"\")","v":33049.019999999997}]
[2000]
[2000,null,null,null,"Área Fundo",{"$f":"F1478","v":1910.3480000000004},"m²"]
[2000,null,null,null,"Total",{"$f":"SUM(F1482:F1482)","v":1910.3480000000004},"m²"]
[2000]
[{"$f":"IFERROR(LEFT(D1485,SEARCH(\".\",D1485)-1),\"\")","v":"10"},{"$f":"IFERROR(LEFT(RIGHT(D1485,LEN(D1485)-SEARCH(\".\",D1485)),SEARCH(\".\",RIGHT(D1485,LEN(D1485)-SEARCH(\".\",D1485)))-1),\"\")","v":""},{"$f":"IFERROR(IF(LEN(D1485)-LEN(SUBSTITUTE(D1485,\".\",\"\"))<>3,\"\",MID(D1485,SEARCH(\".\",D1485,SEARCH(\".\",D1485)+1)+1,LEN(D1485)-SEARCH(\".\",D1485,SEARCH(\".\",D1485)+1)-(LEN(D1485)-(SEARCH(\".\",D1485,SEARCH(\".\",D1485,SEARCH(\".\",D1485)+1)+1)-1)))),\"\")","v":""},"10.3",{"$f":"IF($G1485=\"SINAPI\",VLOOKUP($F1485,DADOS_SINAPI,2,0),IF(G1485=\"SETOP\",VLOOKUP($F1485,DADOS_SETOP,2,0),IF(G1485=\"CPU\",VLOOKUP($F1485,DADOS_COMPOSICAO,2,0),IF(G1485=\"SICRO\",VLOOKUP($F1485,DADOS_SICRO,2,0),IF(G1485=\"SUDECAP\",VLOOKUP(F1485,DADOS_SUDECAP,2,0),IF(G1485=\"COTAÇÃO\",VLOOKUP($F1485,DADOS_COTACAO,2,0),\"\"))))))","v":"APLICAÇÃO DE FUNDO SELADOR ACRÍLICO EM TETO, UMA DEMÃO. AF_06/2014"},88484,"SINAPI",{"$f":"IF(G1485=\"SINAPI\",VLOOKUP($F1485,DADOS_SINAPI,3,0),IF(G1485=\"SETOP\",VLOOKUP($F1485,DADOS_SETOP,3,0),IF(G1485=\"CPU\",VLOOKUP($F1485,DADOS_COMPOSICAO,10,0),IF(G1485=\"SICRO\",VLOOKUP($F1485,DADOS_SICRO,3,0),IF(G1485=\"SUDECAP\",VLOOKUP(F1485,DADOS_SUDECAP,3,0),IF(G1485=\"COTAÇÃO\",VLOOKUP($F1485,DADOS_COTACAO,9,0),\"\"))))))","v":"M2"},{"$f":"F1490","v":851.07},{"$f":"IF(G1485=\"SINAPI\",VLOOKUP($F1485,DADOS_SINAPI,4,0),IF(G1485=\"SETOP\",VLOOKUP($F1485,DADOS_SETOP,4,0),IF(G1485=\"CPU\",VLOOKUP($F1485,DADOS_COMPOSICAO,13,0),IF(G1485=\"SICRO\",VLOOKUP($F1485,DADOS_SICRO,4,0),IF(G1485=\"SUDECAP\",VLOOKUP(F1485,DADOS_SUDECAP,4,0),IF(G1485=\"COTAÇÃO\",VLOOKUP(F1485,DADOS_COTACAO,12,0),\"\"))))))","v":3.39},"BDI 1",{"$f":"TRUNC(J1485*(1+$N$17),2)","v":4.28},{"$f":"IFERROR(TRUNC(I1485*J1485,2),\"\")","v":2885.12},{"$f":"IFERROR(TRUNC(L1485*I1485,2),\"\")","v":3642.57}]
[2000]
[2000,null,null,null,"Área  Emassamento",{"$f":"F1124","v":837.91},"m²"]
[2000,null,null,null,"Área  Gesso",{"$f":"F1137","v":5.2},"m²"]
[2000,null,null,null,"Área  Massa Única",{"$f":"F1181","v":7.96},"m²"]
[2000,null,null,null,"Total",{"$f":"SUM(F1487:F1489)","v":851.07},"m²"]
[2000]
["10","","","10.4","APLICAÇÃO MANUAL DE PINTURA COM TINTA LÁTEX ACRÍLICA EM TETO, DUAS DEMÃOS. AF_06/2014",88488,"SINAPI","M2",{"$f":"F1495","v":851.07},15.51,"BDI 1",19.62,13200.09,16697.990000000002]
[2000]
[2000,null,null,null,"Área Fundo",{"$f":"F1490","v":851.07},"m²"]
[2000,null,null,null,"Total",{"$f":"SUM(F1494:F1494)","v":851.07},"m²"]
[2000]
["10","","","10.5","APLICAÇÃO MANUAL DE FUNDO SELADOR ACRÍLICO EM PAREDES EXTERNAS DE CASAS. AF_06/2014",88415,"SINAPI","M2",{"$f":"F1500","v":1678.98},3.38,"BDI 1",4.2699999999999996,5674.95,7169.24]
[2000]
[2000,null,null,null,"Área  Massa Única",{"$f":"F1160-F1167","v":1678.98},"m²"]
[2000,null,null,null,"Total",{"$f":"SUM(F1499:F1499)","v":1678.98},"m²"]
[2000]
["10","","","10.6","APLICAÇÃO MANUAL DE TINTA LÁTEX ACRÍLICA EM PAREDE EXTERNAS DE CASAS, DUAS DEMÃOS. AF_11/2016",95626,"SINAPI","M2",{"$f":"F1505","v":1678.98},14.99,"BDI 1",18.96,25167.91,31833.46]
[2000]
[2000,null,null,null,"Área Fundo",{"$f":"F1500","v":1678.98},"m²"]
[2000,null,null,null,"Total",{"$f":"SUM(F1504:F1504)","v":1678.98},"m²"]
[2000]
["10","","","10.7","FORNECIMENTO DE ANDAIME METÁLICO TUBULAR TIPO TORRE (LOCAÇÃO), INCLUSIVE RODÍZIOS, EXCLUSIVE MONTAGEM E DESMONTAGEM","ED-9076","SETOP","mxmês",{"$f":"F1511","v":12},20,"BDI 1",25.3,240,303.60000000000002]
[2000]
[2000,null,null,null,"Altura",6,"m"]
[2000,null,null,null,"Quantidade",2,"mês"]
[2000,null,null,null,"Total",{"$f":"F1509*F1510","v":12},"mxmês"]
[2000]
["10","","","10.8","MONTAGEM E DESMONTAGEM DE ANDAIME METÁLICO TUBULAR TIPO TORRE, EXCLUSIVE FORNECIMENTO DO ANDAIME","ED-9077","SETOP","m",{"$f":"F1516","v":6},8.8000000000000007,"BDI 1",11.13,52.8,66.78]
[2000]
[2000,null,null,null,"Altura",6,"m"]
[2000,null,null,null,"Total",{"$f":"F1515","v":6},"m"]
[2000]
[1000,null,null,11,"EQUIPAMENTOS",null,null,null,null,null,null,null,{"$f":"SUMIF(A:A,D1518,M:M)","v":11245.96},{"$f":"SUMIF(A:A,D1518,N:N)","v":14228.37}]
[{"$f":"IFERROR(LEFT(D1519,SEARCH(\".\",D1519)-1),\"\")","v":"11"},{"$f":"IFERROR(LEFT(RIGHT(D1519,LEN(D1519)-SEARCH(\".\",D1519)),SEARCH(\".\",RIGHT(D1519,LEN(D1519)-SEARCH(\".\",D1519)))-1),\"\")","v":""},{"$f":"IFERROR(IF(LEN(D1519)-LEN(SUBSTITUTE(D1519,\".\",\"\"))<>3,\"\",MID(D1519,SEARCH(\".\",D1519,SEARCH(\".\",D1519)+1)+1,LEN(D1519)-SEARCH(\".\",D1519,SEARCH(\".\",D1519)+1)-(LEN(D1519)-(SEARCH(\".\",D1519,SEARCH(\".\",D1519,SEARCH(\".\",D1519)+1)+1)-1)))),\"\")","v":""},"11.1",{"$f":"IF($G1519=\"SINAPI\",VLOOKUP($F1519,DADOS_SINAPI,2,0),IF(G1519=\"SETOP\",VLOOKUP($F1519,DADOS_SETOP,2,0),IF(G1519=\"CPU\",VLOOKUP($F1519,DADOS_COMPOSICAO,2,0),IF(G1519=\"SICRO\",VLOOKUP($F1519,DADOS_SICRO,2,0),IF(G1519=\"SUDECAP\",VLOOKUP(F1519,DADOS_SUDECAP,2,0),IF(G1519=\"COTAÇÃO\",VLOOKUP($F1519,DADOS_COTACAO,2,0),\"\"))))))","v":"BANCADA SIMPLES EM CONCRETO, APOIADA EM ALVENARIA"},"ED-48340","SETOP",{"$f":"IF(G1519=\"SINAPI\",VLOOKUP($F1519,DADOS_SINAPI,3,0),IF(G1519=\"SETOP\",VLOOKUP($F1519,DADOS_SETOP,3,0),IF(G1519=\"CPU\",VLOOKUP($F1519,DADOS_COMPOSICAO,10,0),IF(G1519=\"SICRO\",VLOOKUP($F1519,DADOS_SICRO,3,0),IF(G1519=\"SUDECAP\",VLOOKUP(F1519,DADOS_SUDECAP,3,0),IF(G1519=\"COTAÇÃO\",VLOOKUP($F1519,DADOS_COTACAO,9,0),\"\"))))))","v":"m2"},{"$f":"F1522","v":3.12},{"$f":"IF(G1519=\"SINAPI\",VLOOKUP($F1519,DADOS_SINAPI,4,0),IF(G1519=\"SETOP\",VLOOKUP($F1519,DADOS_SETOP,4,0),IF(G1519=\"CPU\",VLOOKUP($F1519,DADOS_COMPOSICAO,13,0),IF(G1519=\"SICRO\",VLOOKUP($F1519,DADOS_SICRO,4,0),IF(G1519=\"SUDECAP\",VLOOKUP(F1519,DADOS_SUDECAP,4,0),IF(G1519=\"COTAÇÃO\",VLOOKUP(F1519,DADOS_COTACAO,12,0),\"\"))))))","v":283.77},"BDI 1",{"$f":"TRUNC(J1519*(1+$N$17),2)","v":359.02},{"$f":"IFERROR(TRUNC(I1519*J1519,2),\"\")","v":885.36},{"$f":"IFERROR(TRUNC(L1519*I1519,2),\"\")","v":1120.1400000000001}]
[2000]
[2000,null,null,null,"Área Externa",3.12,"m²"]
[2000,null,null,null,"Total",{"$f":"F1521","v":3.12},"m²"]
[2000]
[{"$f":"IFERROR(LEFT(D1524,SEARCH(\".\",D1524)-1),\"\")","v":"11"},{"$f":"IFERROR(LEFT(RIGHT(D1524,LEN(D1524)-SEARCH(\".\",D1524)),SEARCH(\".\",RIGHT(D1524,LEN(D1524)-SEARCH(\".\",D1524)))-1),\"\")","v":""},{"$f":"IFERROR(IF(LEN(D1524)-LEN(SUBSTITUTE(D1524,\".\",\"\"))<>3,\"\",MID(D1524,SEARCH(\".\",D1524,SEARCH(\".\",D1524)+1)+1,LEN(D1524)-SEARCH(\".\",D1524,SEARCH(\".\",D1524)+1)-(LEN(D1524)-(SEARCH(\".\",D1524,SEARCH(\".\",D1524,SEARCH(\".\",D1524)+1)+1)-1)))),\"\")","v":""},"11.2",{"$f":"VLOOKUP($F1524,DADOS_COTACAO,2,0)","v":"COIFA PARA FOGÃO INDUSTRIAL - FORNECIMENTO E INSTALAÇÃO"},"COT-ARQ-008","COTAÇÃO",{"$f":"VLOOKUP($F1524,DADOS_COTACAO,9,0)","v":"UN "},{"$f":"F1526","v":1},{"$f":"VLOOKUP($F1524,DADOS_COTACAO,12,0)","v":5250},"BDI 1",{"$f":"TRUNC(J1524*(1+$N$17),2)","v":6642.3},{"$f":"IFERROR(TRUNC(I1524*J1524,2),\"\")","v":5250},{"$f":"IFERROR(TRUNC(L1524*I1524,2),\"\")","v":6642.3}]
[2000]
[2000,null,null,null,"Quantidade",1,"un"]
[2000]
[{"$f":"IFERROR(LEFT(D1528,SEARCH(\".\",D1528)-1),\"\")","v":"11"},{"$f":"IFERROR(LEFT(RIGHT(D1528,LEN(D1528)-SEARCH(\".\",D1528)),SEARCH(\".\",RIGHT(D1528,LEN(D1528)-SEARCH(\".\",D1528)))-1),\"\")","v":""},{"$f":"IFERROR(IF(LEN(D1528)-LEN(SUBSTITUTE(D1528,\".\",\"\"))<>3,\"\",MID(D1528,SEARCH(\".\",D1528,SEARCH(\".\",D1528)+1)+1,LEN(D1528)-SEARCH(\".\",D1528,SEARCH(\".\",D1528)+1)-(LEN(D1528)-(SEARCH(\".\",D1528,SEARCH(\".\",D1528,SEARCH(\".\",D1528)+1)+1)-1)))),\"\")","v":""},"11.3",{"$f":"VLOOKUP($F1528,DADOS_COTACAO,2,0)","v":"FOGÃO INDUSTRIAL 6 BOCAS"},"COT-ARQ-009","COTAÇÃO",{"$f":"VLOOKUP($F1528,DADOS_COTACAO,9,0)","v":"UN "},{"$f":"F1530","v":1},{"$f":"VLOOKUP($F1528,DADOS_COTACAO,12,0)","v":5110.5999999999995},"BDI 1",{"$f":"TRUNC(J1528*(1+$N$17),2)","v":6465.93},{"$f":"IFERROR(TRUNC(I1528*J1528,2),\"\")","v":5110.6000000000004},{"$f":"IFERROR(TRUNC(L1528*I1528,2),\"\")","v":6465.93}]
[2000]
[2000,null,null,null,"Quantidade",1,"un"]
[2000]
[1000,null,null,12,"INSTALAÇÕES HIDRÁULICAS",null,null,null,null,null,null,null,{"$f":"SUMIF(A:A,D1532,M:M)","v":62940.740000000005},{"$f":"SUMIF(A:A,D1532,N:N)","v":79622.460000000021}]
[null,null,null,"12.1","CPVC AQUATHERM",null,null,null,null,null,null,null,{"$f":"IFERROR(SUMIFS(M:M,A:A,LEFT(D1533,SEARCH(\".\",D1533)-1),B:B,RIGHT(D1533,LEN(D1533)-SEARCH(\".\",D1533))),\"\")","v":5774.4699999999993},{"$f":"IFERROR(SUMIFS(N:N,A:A,LEFT(D1533,SEARCH(\".\",D1533)-1),B:B,RIGHT(D1533,LEN(D1533)-SEARCH(\".\",D1533))),\"\")","v":7305.3}]
[{"$f":"IFERROR(LEFT(D1534,SEARCH(\".\",D1534)-1),\"\")","v":"12"},{"$f":"IFERROR(LEFT(RIGHT(D1534,LEN(D1534)-SEARCH(\".\",D1534)),SEARCH(\".\",RIGHT(D1534,LEN(D1534)-SEARCH(\".\",D1534)))-1),\"\")","v":"1"},{"$f":"IFERROR(IF(LEN(D1534)-LEN(SUBSTITUTE(D1534,\".\",\"\"))<>3,\"\",MID(D1534,SEARCH(\".\",D1534,SEARCH(\".\",D1534)+1)+1,LEN(D1534)-SEARCH(\".\",D1534,SEARCH(\".\",D1534)+1)-(LEN(D1534)-(SEARCH(\".\",D1534,SEARCH(\".\",D1534,SEARCH(\".\",D1534)+1)+1)-1)))),\"\")","v":""},"12.1.1",{"$f":"VLOOKUP($F1534,DADOS_COTACAO,2,0)","v":"BUCHA DE REDUÇÃO, CPVC, 35 X 22 MM"},"COT-HID-001","COTAÇÃO",{"$f":"VLOOKUP($F1534,DADOS_COTACAO,9,0)","v":"UN "},{"$f":"F1536","v":3},{"$f":"VLOOKUP($F1534,DADOS_COTACAO,12,0)","v":25.13},"BDI 1",{"$f":"TRUNC(J1534*(1+$N$17),2)","v":31.79},{"$f":"IFERROR(TRUNC(I1534*J1534,2),\"\")","v":75.39},{"$f":"IFERROR(TRUNC(L1534*I1534,2),\"\")","v":95.37}]
[2000]
[2000,null,null,null,"Quantidade",3,"un"]
[2000]
[{"$f":"IFERROR(LEFT(D1538,SEARCH(\".\",D1538)-1),\"\")","v":"12"},{"$f":"IFERROR(LEFT(RIGHT(D1538,LEN(D1538)-SEARCH(\".\",D1538)),SEARCH(\".\",RIGHT(D1538,LEN(D1538)-SEARCH(\".\",D1538)))-1),\"\")","v":"1"},{"$f":"IFERROR(IF(LEN(D1538)-LEN(SUBSTITUTE(D1538,\".\",\"\"))<>3,\"\",MID(D1538,SEARCH(\".\",D1538,SEARCH(\".\",D1538)+1)+1,LEN(D1538)-SEARCH(\".\",D1538,SEARCH(\".\",D1538)+1)-(LEN(D1538)-(SEARCH(\".\",D1538,SEARCH(\".\",D1538,SEARCH(\".\",D1538)+1)+1)-1)))),\"\")","v":""},"12.1.2",{"$f":"IF($G1538=\"SINAPI\",VLOOKUP($F1538,DADOS_SINAPI,2,0),IF(G1538=\"SETOP\",VLOOKUP($F1538,DADOS_SETOP,2,0),IF(G1538=\"CPU\",VLOOKUP($F1538,DADOS_COMPOSICAO,2,0),IF(G1538=\"SICRO\",VLOOKUP($F1538,DADOS_SICRO,2,0),IF(G1538=\"SUDECAP\",VLOOKUP(F1538,DADOS_SUDECAP,2,0),IF(G1538=\"COTAÇÃO\",VLOOKUP($F1538,DADOS_COTACAO,2,0),\"\"))))))","v":"INSTALAÇÃO BUCHA DE REDUÇÃO, CPVC, 35 X 22 MM"},"DAC-12.1","CPU",{"$f":"IF(G1538=\"SINAPI\",VLOOKUP($F1538,DADOS_SINAPI,3,0),IF(G1538=\"SETOP\",VLOOKUP($F1538,DADOS_SETOP,3,0),IF(G1538=\"CPU\",VLOOKUP($F1538,DADOS_COMPOSICAO,10,0),IF(G1538=\"SICRO\",VLOOKUP($F1538,DADOS_SICRO,3,0),IF(G1538=\"SUDECAP\",VLOOKUP(F1538,DADOS_SUDECAP,3,0),IF(G1538=\"COTAÇÃO\",VLOOKUP($F1538,DADOS_COTACAO,9,0),\"\"))))))","v":"UN    "},{"$f":"F1540","v":3},{"$f":"IF(G1538=\"SINAPI\",VLOOKUP($F1538,DADOS_SINAPI,4,0),IF(G1538=\"SETOP\",VLOOKUP($F1538,DADOS_SETOP,4,0),IF(G1538=\"CPU\",VLOOKUP($F1538,DADOS_COMPOSICAO,13,0),IF(G1538=\"SICRO\",VLOOKUP($F1538,DADOS_SICRO,4,0),IF(G1538=\"SUDECAP\",VLOOKUP(F1538,DADOS_SUDECAP,4,0),IF(G1538=\"COTAÇÃO\",VLOOKUP(F1538,DADOS_COTACAO,12,0),\"\"))))))","v":5.5355609999999995},"BDI 1",{"$f":"TRUNC(J1538*(1+$N$17),2)","v":7},{"$f":"IFERROR(TRUNC(I1538*J1538,2),\"\")","v":16.600000000000001},{"$f":"IFERROR(TRUNC(L1538*I1538,2),\"\")","v":21}]
[2000]
[2000,null,null,null,"Quantidade",3,"un"]
[2000]
[{"$f":"IFERROR(LEFT(D1542,SEARCH(\".\",D1542)-1),\"\")","v":"12"},{"$f":"IFERROR(LEFT(RIGHT(D1542,LEN(D1542)-SEARCH(\".\",D1542)),SEARCH(\".\",RIGHT(D1542,LEN(D1542)-SEARCH(\".\",D1542)))-1),\"\")","v":"1"},{"$f":"IFERROR(IF(LEN(D1542)-LEN(SUBSTITUTE(D1542,\".\",\"\"))<>3,\"\",MID(D1542,SEARCH(\".\",D1542,SEARCH(\".\",D1542)+1)+1,LEN(D1542)-SEARCH(\".\",D1542,SEARCH(\".\",D1542)+1)-(LEN(D1542)-(SEARCH(\".\",D1542,SEARCH(\".\",D1542,SEARCH(\".\",D1542)+1)+1)-1)))),\"\")","v":""},"12.1.3",{"$f":"IF($G1542=\"SINAPI\",VLOOKUP($F1542,DADOS_SINAPI,2,0),IF(G1542=\"SETOP\",VLOOKUP($F1542,DADOS_SETOP,2,0),IF(G1542=\"CPU\",VLOOKUP($F1542,DADOS_COMPOSICAO,2,0),IF(G1542=\"SICRO\",VLOOKUP($F1542,DADOS_SICRO,2,0),IF(G1542=\"SUDECAP\",VLOOKUP(F1542,DADOS_SUDECAP,2,0),IF(G1542=\"COTAÇÃO\",VLOOKUP($F1542,DADOS_COTACAO,2,0),\"\"))))))","v":"CONECTOR, CPVC, SOLDÁVEL, DN22MM X 3/4\u0094, INSTALADO EM RAMAL OU SUB-RAMAL DE ÁGUA - FORNECIMENTO E INSTALAÇÃO. AF_06/2022"},89668,"SINAPI",{"$f":"IF(G1542=\"SINAPI\",VLOOKUP($F1542,DADOS_SINAPI,3,0),IF(G1542=\"SETOP\",VLOOKUP($F1542,DADOS_SETOP,3,0),IF(G1542=\"CPU\",VLOOKUP($F1542,DADOS_COMPOSICAO,10,0),IF(G1542=\"SICRO\",VLOOKUP($F1542,DADOS_SICRO,3,0),IF(G1542=\"SUDECAP\",VLOOKUP(F1542,DADOS_SUDECAP,3,0),IF(G1542=\"COTAÇÃO\",VLOOKUP($F1542,DADOS_COTACAO,9,0),\"\"))))))","v":"UN"},{"$f":"F1544","v":10},{"$f":"IF(G1542=\"SINAPI\",VLOOKUP($F1542,DADOS_SINAPI,4,0),IF(G1542=\"SETOP\",VLOOKUP($F1542,DADOS_SETOP,4,0),IF(G1542=\"CPU\",VLOOKUP($F1542,DADOS_COMPOSICAO,13,0),IF(G1542=\"SICRO\",VLOOKUP($F1542,DADOS_SICRO,4,0),IF(G1542=\"SUDECAP\",VLOOKUP(F1542,DADOS_SUDECAP,4,0),IF(G1542=\"COTAÇÃO\",VLOOKUP(F1542,DADOS_COTACAO,12,0),\"\"))))))","v":29.53},"BDI 1",{"$f":"TRUNC(J1542*(1+$N$17),2)","v":37.36},{"$f":"IFERROR(TRUNC(I1542*J1542,2),\"\")","v":295.3},{"$f":"IFERROR(TRUNC(L1542*I1542,2),\"\")","v":373.6}]
[2000]
[2000,null,null,null,"Quantidade",10,"un"]
[2000]
[{"$f":"IFERROR(LEFT(D1546,SEARCH(\".\",D1546)-1),\"\")","v":"12"},{"$f":"IFERROR(LEFT(RIGHT(D1546,LEN(D1546)-SEARCH(\".\",D1546)),SEARCH(\".\",RIGHT(D1546,LEN(D1546)-SEARCH(\".\",D1546)))-1),\"\")","v":"1"},{"$f":"IFERROR(IF(LEN(D1546)-LEN(SUBSTITUTE(D1546,\".\",\"\"))<>3,\"\",MID(D1546,SEARCH(\".\",D1546,SEARCH(\".\",D1546)+1)+1,LEN(D1546)-SEARCH(\".\",D1546,SEARCH(\".\",D1546)+1)-(LEN(D1546)-(SEARCH(\".\",D1546,SEARCH(\".\",D1546,SEARCH(\".\",D1546)+1)+1)-1)))),\"\")","v":""},"12.1.4",{"$f":"IF($G1546=\"SINAPI\",VLOOKUP($F1546,DADOS_SINAPI,2,0),IF(G1546=\"SETOP\",VLOOKUP($F1546,DADOS_SETOP,2,0),IF(G1546=\"CPU\",VLOOKUP($F1546,DADOS_COMPOSICAO,2,0),IF(G1546=\"SICRO\",VLOOKUP($F1546,DADOS_SICRO,2,0),IF(G1546=\"SUDECAP\",VLOOKUP(F1546,DADOS_SUDECAP,2,0),IF(G1546=\"COTAÇÃO\",VLOOKUP($F1546,DADOS_COTACAO,2,0),\"\"))))))","v":"CONECTOR, CPVC, SOLDÁVEL, DN 35MM X 1 1/4 , INSTALADO EM RAMAL DE DISTRIBUIÇÃO DE ÁGUA - FORNECIMENTO E INSTALAÇÃO. AF_06/2022"},89763,"SINAPI",{"$f":"IF(G1546=\"SINAPI\",VLOOKUP($F1546,DADOS_SINAPI,3,0),IF(G1546=\"SETOP\",VLOOKUP($F1546,DADOS_SETOP,3,0),IF(G1546=\"CPU\",VLOOKUP($F1546,DADOS_COMPOSICAO,10,0),IF(G1546=\"SICRO\",VLOOKUP($F1546,DADOS_SICRO,3,0),IF(G1546=\"SUDECAP\",VLOOKUP(F1546,DADOS_SUDECAP,3,0),IF(G1546=\"COTAÇÃO\",VLOOKUP($F1546,DADOS_COTACAO,9,0),\"\"))))))","v":"UN"},{"$f":"F1548","v":2},{"$f":"IF(G1546=\"SINAPI\",VLOOKUP($F1546,DADOS_SINAPI,4,0),IF(G1546=\"SETOP\",VLOOKUP($F1546,DADOS_SETOP,4,0),IF(G1546=\"CPU\",VLOOKUP($F1546,DADOS_COMPOSICAO,13,0),IF(G1546=\"SICRO\",VLOOKUP($F1546,DADOS_SICRO,4,0),IF(G1546=\"SUDECAP\",VLOOKUP(F1546,DADOS_SUDECAP,4,0),IF(G1546=\"COTAÇÃO\",VLOOKUP(F1546,DADOS_COTACAO,12,0),\"\"))))))","v":56.8},"BDI 1",{"$f":"TRUNC(J1546*(1+$N$17),2)","v":71.86},{"$f":"IFERROR(TRUNC(I1546*J1546,2),\"\")","v":113.6},{"$f":"IFERROR(TRUNC(L1546*I1546,2),\"\")","v":143.72}]
[2000]
[2000,null,null,null,"Quantidade",2,"un"]
[2000]
[{"$f":"IFERROR(LEFT(D1550,SEARCH(\".\",D1550)-1),\"\")","v":"12"},{"$f":"IFERROR(LEFT(RIGHT(D1550,LEN(D1550)-SEARCH(\".\",D1550)),SEARCH(\".\",RIGHT(D1550,LEN(D1550)-SEARCH(\".\",D1550)))-1),\"\")","v":"1"},{"$f":"IFERROR(IF(LEN(D1550)-LEN(SUBSTITUTE(D1550,\".\",\"\"))<>3,\"\",MID(D1550,SEARCH(\".\",D1550,SEARCH(\".\",D1550)+1)+1,LEN(D1550)-SEARCH(\".\",D1550,SEARCH(\".\",D1550)+1)-(LEN(D1550)-(SEARCH(\".\",D1550,SEARCH(\".\",D1550,SEARCH(\".\",D1550)+1)+1)-1)))),\"\")","v":""},"12.1.5",{"$f":"IF($G1550=\"SINAPI\",VLOOKUP($F1550,DADOS_SINAPI,2,0),IF(G1550=\"SETOP\",VLOOKUP($F1550,DADOS_SETOP,2,0),IF(G1550=\"CPU\",VLOOKUP($F1550,DADOS_COMPOSICAO,2,0),IF(G1550=\"SICRO\",VLOOKUP($F1550,DADOS_SICRO,2,0),IF(G1550=\"SUDECAP\",VLOOKUP(F1550,DADOS_SUDECAP,2,0),IF(G1550=\"COTAÇÃO\",VLOOKUP($F1550,DADOS_COTACAO,2,0),\"\"))))))","v":"JOELHO 45 GRAUS, CPVC, SOLDÁVEL, DN 22MM, INSTALADO EM RAMAL OU SUB-RAMAL DE ÁGUA - FORNECIMENTO E INSTALAÇÃO. AF_06/2022"},89642,"SINAPI",{"$f":"IF(G1550=\"SINAPI\",VLOOKUP($F1550,DADOS_SINAPI,3,0),IF(G1550=\"SETOP\",VLOOKUP($F1550,DADOS_SETOP,3,0),IF(G1550=\"CPU\",VLOOKUP($F1550,DADOS_COMPOSICAO,10,0),IF(G1550=\"SICRO\",VLOOKUP($F1550,DADOS_SICRO,3,0),IF(G1550=\"SUDECAP\",VLOOKUP(F1550,DADOS_SUDECAP,3,0),IF(G1550=\"COTAÇÃO\",VLOOKUP($F1550,DADOS_COTACAO,9,0),\"\"))))))","v":"UN"},{"$f":"F1552","v":3},{"$f":"IF(G1550=\"SINAPI\",VLOOKUP($F1550,DADOS_SINAPI,4,0),IF(G1550=\"SETOP\",VLOOKUP($F1550,DADOS_SETOP,4,0),IF(G1550=\"CPU\",VLOOKUP($F1550,DADOS_COMPOSICAO,13,0),IF(G1550=\"SICRO\",VLOOKUP($F1550,DADOS_SICRO,4,0),IF(G1550=\"SUDECAP\",VLOOKUP(F1550,DADOS_SUDECAP,4,0),IF(G1550=\"COTAÇÃO\",VLOOKUP(F1550,DADOS_COTACAO,12,0),\"\"))))))","v":14.54},"BDI 1",{"$f":"TRUNC(J1550*(1+$N$17),2)","v":18.39},{"$f":"IFERROR(TRUNC(I1550*J1550,2),\"\")","v":43.62},{"$f":"IFERROR(TRUNC(L1550*I1550,2),\"\")","v":55.17}]
[2000]
[2000,null,null,null,"Quantidade",3,"un"]
[2000]
[{"$f":"IFERROR(LEFT(D1554,SEARCH(\".\",D1554)-1),\"\")","v":"12"},{"$f":"IFERROR(LEFT(RIGHT(D1554,LEN(D1554)-SEARCH(\".\",D1554)),SEARCH(\".\",RIGHT(D1554,LEN(D1554)-SEARCH(\".\",D1554)))-1),\"\")","v":"1"},{"$f":"IFERROR(IF(LEN(D1554)-LEN(SUBSTITUTE(D1554,\".\",\"\"))<>3,\"\",MID(D1554,SEARCH(\".\",D1554,SEARCH(\".\",D1554)+1)+1,LEN(D1554)-SEARCH(\".\",D1554,SEARCH(\".\",D1554)+1)-(LEN(D1554)-(SEARCH(\".\",D1554,SEARCH(\".\",D1554,SEARCH(\".\",D1554)+1)+1)-1)))),\"\")","v":""},"12.1.6",{"$f":"IF($G1554=\"SINAPI\",VLOOKUP($F1554,DADOS_SINAPI,2,0),IF(G1554=\"SETOP\",VLOOKUP($F1554,DADOS_SETOP,2,0),IF(G1554=\"CPU\",VLOOKUP($F1554,DADOS_COMPOSICAO,2,0),IF(G1554=\"SICRO\",VLOOKUP($F1554,DADOS_SICRO,2,0),IF(G1554=\"SUDECAP\",VLOOKUP(F1554,DADOS_SUDECAP,2,0),IF(G1554=\"COTAÇÃO\",VLOOKUP($F1554,DADOS_COTACAO,2,0),\"\"))))))","v":"JOELHO 45 GRAUS, CPVC, SOLDÁVEL, DN 35MM, INSTALADO EM RAMAL OU SUB-RAMAL DE ÁGUA   FORNECIMENTO E INSTALAÇÃO. AF_06/2022"},89650,"SINAPI",{"$f":"IF(G1554=\"SINAPI\",VLOOKUP($F1554,DADOS_SINAPI,3,0),IF(G1554=\"SETOP\",VLOOKUP($F1554,DADOS_SETOP,3,0),IF(G1554=\"CPU\",VLOOKUP($F1554,DADOS_COMPOSICAO,10,0),IF(G1554=\"SICRO\",VLOOKUP($F1554,DADOS_SICRO,3,0),IF(G1554=\"SUDECAP\",VLOOKUP(F1554,DADOS_SUDECAP,3,0),IF(G1554=\"COTAÇÃO\",VLOOKUP($F1554,DADOS_COTACAO,9,0),\"\"))))))","v":"UN"},{"$f":"F1556","v":1},{"$f":"IF(G1554=\"SINAPI\",VLOOKUP($F1554,DADOS_SINAPI,4,0),IF(G1554=\"SETOP\",VLOOKUP($F1554,DADOS_SETOP,4,0),IF(G1554=\"CPU\",VLOOKUP($F1554,DADOS_COMPOSICAO,13,0),IF(G1554=\"SICRO\",VLOOKUP($F1554,DADOS_SICRO,4,0),IF(G1554=\"SUDECAP\",VLOOKUP(F1554,DADOS_SUDECAP,4,0),IF(G1554=\"COTAÇÃO\",VLOOKUP(F1554,DADOS_COTACAO,12,0),\"\"))))))","v":27.96},"BDI 1",{"$f":"TRUNC(J1554*(1+$N$17),2)","v":35.369999999999997},{"$f":"IFERROR(TRUNC(I1554*J1554,2),\"\")","v":27.96},{"$f":"IFERROR(TRUNC(L1554*I1554,2),\"\")","v":35.369999999999997}]
[2000]
[2000,null,null,null,"Quantidade",1,"un"]
[2000]
[{"$f":"IFERROR(LEFT(D1558,SEARCH(\".\",D1558)-1),\"\")","v":"12"},{"$f":"IFERROR(LEFT(RIGHT(D1558,LEN(D1558)-SEARCH(\".\",D1558)),SEARCH(\".\",RIGHT(D1558,LEN(D1558)-SEARCH(\".\",D1558)))-1),\"\")","v":"1"},{"$f":"IFERROR(IF(LEN(D1558)-LEN(SUBSTITUTE(D1558,\".\",\"\"))<>3,\"\",MID(D1558,SEARCH(\".\",D1558,SEARCH(\".\",D1558)+1)+1,LEN(D1558)-SEARCH(\".\",D1558,SEARCH(\".\",D1558)+1)-(LEN(D1558)-(SEARCH(\".\",D1558,SEARCH(\".\",D1558,SEARCH(\".\",D1558)+1)+1)-1)))),\"\")","v":""},"12.1.7",{"$f":"IF($G1558=\"SINAPI\",VLOOKUP($F1558,DADOS_SINAPI,2,0),IF(G1558=\"SETOP\",VLOOKUP($F1558,DADOS_SETOP,2,0),IF(G1558=\"CPU\",VLOOKUP($F1558,DADOS_COMPOSICAO,2,0),IF(G1558=\"SICRO\",VLOOKUP($F1558,DADOS_SICRO,2,0),IF(G1558=\"SUDECAP\",VLOOKUP(F1558,DADOS_SUDECAP,2,0),IF(G1558=\"COTAÇÃO\",VLOOKUP($F1558,DADOS_COTACAO,2,0),\"\"))))))","v":"JOELHO 90 GRAUS, CPVC, SOLDÁVEL, DN 22MM, INSTALADO EM RAMAL OU SUB-RAMAL DE ÁGUA - FORNECIMENTO E INSTALAÇÃO. AF_06/2022"},89641,"SINAPI",{"$f":"IF(G1558=\"SINAPI\",VLOOKUP($F1558,DADOS_SINAPI,3,0),IF(G1558=\"SETOP\",VLOOKUP($F1558,DADOS_SETOP,3,0),IF(G1558=\"CPU\",VLOOKUP($F1558,DADOS_COMPOSICAO,10,0),IF(G1558=\"SICRO\",VLOOKUP($F1558,DADOS_SICRO,3,0),IF(G1558=\"SUDECAP\",VLOOKUP(F1558,DADOS_SUDECAP,3,0),IF(G1558=\"COTAÇÃO\",VLOOKUP($F1558,DADOS_COTACAO,9,0),\"\"))))))","v":"UN"},{"$f":"F1560","v":10},{"$f":"IF(G1558=\"SINAPI\",VLOOKUP($F1558,DADOS_SINAPI,4,0),IF(G1558=\"SETOP\",VLOOKUP($F1558,DADOS_SETOP,4,0),IF(G1558=\"CPU\",VLOOKUP($F1558,DADOS_COMPOSICAO,13,0),IF(G1558=\"SICRO\",VLOOKUP($F1558,DADOS_SICRO,4,0),IF(G1558=\"SUDECAP\",VLOOKUP(F1558,DADOS_SUDECAP,4,0),IF(G1558=\"COTAÇÃO\",VLOOKUP(F1558,DADOS_COTACAO,12,0),\"\"))))))","v":12.86},"BDI 1",{"$f":"TRUNC(J1558*(1+$N$17),2)","v":16.27},{"$f":"IFERROR(TRUNC(I1558*J1558,2),\"\")","v":128.6},{"$f":"IFERROR(TRUNC(L1558*I1558,2),\"\")","v":162.69999999999999}]
[2000]
[2000,null,null,null,"Quantidade",10,"un"]
[2000]
[{"$f":"IFERROR(LEFT(D1562,SEARCH(\".\",D1562)-1),\"\")","v":"12"},{"$f":"IFERROR(LEFT(RIGHT(D1562,LEN(D1562)-SEARCH(\".\",D1562)),SEARCH(\".\",RIGHT(D1562,LEN(D1562)-SEARCH(\".\",D1562)))-1),\"\")","v":"1"},{"$f":"IFERROR(IF(LEN(D1562)-LEN(SUBSTITUTE(D1562,\".\",\"\"))<>3,\"\",MID(D1562,SEARCH(\".\",D1562,SEARCH(\".\",D1562)+1)+1,LEN(D1562)-SEARCH(\".\",D1562,SEARCH(\".\",D1562)+1)-(LEN(D1562)-(SEARCH(\".\",D1562,SEARCH(\".\",D1562,SEARCH(\".\",D1562)+1)+1)-1)))),\"\")","v":""},"12.1.8",{"$f":"IF($G1562=\"SINAPI\",VLOOKUP($F1562,DADOS_SINAPI,2,0),IF(G1562=\"SETOP\",VLOOKUP($F1562,DADOS_SETOP,2,0),IF(G1562=\"CPU\",VLOOKUP($F1562,DADOS_COMPOSICAO,2,0),IF(G1562=\"SICRO\",VLOOKUP($F1562,DADOS_SICRO,2,0),IF(G1562=\"SUDECAP\",VLOOKUP(F1562,DADOS_SUDECAP,2,0),IF(G1562=\"COTAÇÃO\",VLOOKUP($F1562,DADOS_COTACAO,2,0),\"\"))))))","v":"JOELHO 90 GRAUS, CPVC, SOLDÁVEL, DN 35MM, INSTALADO EM RAMAL OU SUB-RAMAL DE ÁGUA   FORNECIMENTO E INSTALAÇÃO. AF_06/2022"},89649,"SINAPI",{"$f":"IF(G1562=\"SINAPI\",VLOOKUP($F1562,DADOS_SINAPI,3,0),IF(G1562=\"SETOP\",VLOOKUP($F1562,DADOS_SETOP,3,0),IF(G1562=\"CPU\",VLOOKUP($F1562,DADOS_COMPOSICAO,10,0),IF(G1562=\"SICRO\",VLOOKUP($F1562,DADOS_SICRO,3,0),IF(G1562=\"SUDECAP\",VLOOKUP(F1562,DADOS_SUDECAP,3,0),IF(G1562=\"COTAÇÃO\",VLOOKUP($F1562,DADOS_COTACAO,9,0),\"\"))))))","v":"UN"},{"$f":"F1564","v":7},{"$f":"IF(G1562=\"SINAPI\",VLOOKUP($F1562,DADOS_SINAPI,4,0),IF(G1562=\"SETOP\",VLOOKUP($F1562,DADOS_SETOP,4,0),IF(G1562=\"CPU\",VLOOKUP($F1562,DADOS_COMPOSICAO,13,0),IF(G1562=\"SICRO\",VLOOKUP($F1562,DADOS_SICRO,4,0),IF(G1562=\"SUDECAP\",VLOOKUP(F1562,DADOS_SUDECAP,4,0),IF(G1562=\"COTAÇÃO\",VLOOKUP(F1562,DADOS_COTACAO,12,0),\"\"))))))","v":29.68},"BDI 1",{"$f":"TRUNC(J1562*(1+$N$17),2)","v":37.549999999999997},{"$f":"IFERROR(TRUNC(I1562*J1562,2),\"\")","v":207.76},{"$f":"IFERROR(TRUNC(L1562*I1562,2),\"\")","v":262.85000000000002}]
[2000]
[2000,null,null,null,"Quantidade",7,"un"]
[2000]
[{"$f":"IFERROR(LEFT(D1566,SEARCH(\".\",D1566)-1),\"\")","v":"12"},{"$f":"IFERROR(LEFT(RIGHT(D1566,LEN(D1566)-SEARCH(\".\",D1566)),SEARCH(\".\",RIGHT(D1566,LEN(D1566)-SEARCH(\".\",D1566)))-1),\"\")","v":"1"},{"$f":"IFERROR(IF(LEN(D1566)-LEN(SUBSTITUTE(D1566,\".\",\"\"))<>3,\"\",MID(D1566,SEARCH(\".\",D1566,SEARCH(\".\",D1566)+1)+1,LEN(D1566)-SEARCH(\".\",D1566,SEARCH(\".\",D1566)+1)-(LEN(D1566)-(SEARCH(\".\",D1566,SEARCH(\".\",D1566,SEARCH(\".\",D1566)+1)+1)-1)))),\"\")","v":""},"12.1.9",{"$f":"IF($G1566=\"SINAPI\",VLOOKUP($F1566,DADOS_SINAPI,2,0),IF(G1566=\"SETOP\",VLOOKUP($F1566,DADOS_SETOP,2,0),IF(G1566=\"CPU\",VLOOKUP($F1566,DADOS_COMPOSICAO,2,0),IF(G1566=\"SICRO\",VLOOKUP($F1566,DADOS_SICRO,2,0),IF(G1566=\"SUDECAP\",VLOOKUP(F1566,DADOS_SUDECAP,2,0),IF(G1566=\"COTAÇÃO\",VLOOKUP($F1566,DADOS_COTACAO,2,0),\"\"))))))","v":"JOELHO DE TRANSIÇÃO, 90 GRAUS, CPVC, SOLDÁVEL, DN 22MM X 3/4\u0094, INSTALADO EM RAMAL OU SUB-RAMAL DE ÁGUA - FORNECIMENTO E INSTALAÇÃO. AF_06/2022"},89645,"SINAPI",{"$f":"IF(G1566=\"SINAPI\",VLOOKUP($F1566,DADOS_SINAPI,3,0),IF(G1566=\"SETOP\",VLOOKUP($F1566,DADOS_SETOP,3,0),IF(G1566=\"CPU\",VLOOKUP($F1566,DADOS_COMPOSICAO,10,0),IF(G1566=\"SICRO\",VLOOKUP($F1566,DADOS_SICRO,3,0),IF(G1566=\"SUDECAP\",VLOOKUP(F1566,DADOS_SUDECAP,3,0),IF(G1566=\"COTAÇÃO\",VLOOKUP($F1566,DADOS_COTACAO,9,0),\"\"))))))","v":"UN"},{"$f":"F1568","v":5},{"$f":"IF(G1566=\"SINAPI\",VLOOKUP($F1566,DADOS_SINAPI,4,0),IF(G1566=\"SETOP\",VLOOKUP($F1566,DADOS_SETOP,4,0),IF(G1566=\"CPU\",VLOOKUP($F1566,DADOS_COMPOSICAO,13,0),IF(G1566=\"SICRO\",VLOOKUP($F1566,DADOS_SICRO,4,0),IF(G1566=\"SUDECAP\",VLOOKUP(F1566,DADOS_SUDECAP,4,0),IF(G1566=\"COTAÇÃO\",VLOOKUP(F1566,DADOS_COTACAO,12,0),\"\"))))))","v":32.590000000000003},"BDI 1",{"$f":"TRUNC(J1566*(1+$N$17),2)","v":41.23},{"$f":"IFERROR(TRUNC(I1566*J1566,2),\"\")","v":162.94999999999999},{"$f":"IFERROR(TRUNC(L1566*I1566,2),\"\")","v":206.15}]
[2000]
[2000,null,null,null,"Quantidade",5,"un"]
[2000]
[{"$f":"IFERROR(LEFT(D1570,SEARCH(\".\",D1570)-1),\"\")","v":"12"},{"$f":"IFERROR(LEFT(RIGHT(D1570,LEN(D1570)-SEARCH(\".\",D1570)),SEARCH(\".\",RIGHT(D1570,LEN(D1570)-SEARCH(\".\",D1570)))-1),\"\")","v":"1"},{"$f":"IFERROR(IF(LEN(D1570)-LEN(SUBSTITUTE(D1570,\".\",\"\"))<>3,\"\",MID(D1570,SEARCH(\".\",D1570,SEARCH(\".\",D1570)+1)+1,LEN(D1570)-SEARCH(\".\",D1570,SEARCH(\".\",D1570)+1)-(LEN(D1570)-(SEARCH(\".\",D1570,SEARCH(\".\",D1570,SEARCH(\".\",D1570)+1)+1)-1)))),\"\")","v":""},"12.1.10",{"$f":"IF($G1570=\"SINAPI\",VLOOKUP($F1570,DADOS_SINAPI,2,0),IF(G1570=\"SETOP\",VLOOKUP($F1570,DADOS_SETOP,2,0),IF(G1570=\"CPU\",VLOOKUP($F1570,DADOS_COMPOSICAO,2,0),IF(G1570=\"SICRO\",VLOOKUP($F1570,DADOS_SICRO,2,0),IF(G1570=\"SUDECAP\",VLOOKUP(F1570,DADOS_SUDECAP,2,0),IF(G1570=\"COTAÇÃO\",VLOOKUP($F1570,DADOS_COTACAO,2,0),\"\"))))))","v":"LUVA, CPVC, SOLDÁVEL, DN 22MM, INSTALADO EM RAMAL OU SUB-RAMAL DE ÁGUA   FORNECIMENTO E INSTALAÇÃO. AF_06/2022"},89658,"SINAPI",{"$f":"IF(G1570=\"SINAPI\",VLOOKUP($F1570,DADOS_SINAPI,3,0),IF(G1570=\"SETOP\",VLOOKUP($F1570,DADOS_SETOP,3,0),IF(G1570=\"CPU\",VLOOKUP($F1570,DADOS_COMPOSICAO,10,0),IF(G1570=\"SICRO\",VLOOKUP($F1570,DADOS_SICRO,3,0),IF(G1570=\"SUDECAP\",VLOOKUP(F1570,DADOS_SUDECAP,3,0),IF(G1570=\"COTAÇÃO\",VLOOKUP($F1570,DADOS_COTACAO,9,0),\"\"))))))","v":"UN"},{"$f":"F1572","v":5},{"$f":"IF(G1570=\"SINAPI\",VLOOKUP($F1570,DADOS_SINAPI,4,0),IF(G1570=\"SETOP\",VLOOKUP($F1570,DADOS_SETOP,4,0),IF(G1570=\"CPU\",VLOOKUP($F1570,DADOS_COMPOSICAO,13,0),IF(G1570=\"SICRO\",VLOOKUP($F1570,DADOS_SICRO,4,0),IF(G1570=\"SUDECAP\",VLOOKUP(F1570,DADOS_SUDECAP,4,0),IF(G1570=\"COTAÇÃO\",VLOOKUP(F1570,DADOS_COTACAO,12,0),\"\"))))))","v":8.85},"BDI 1",{"$f":"TRUNC(J1570*(1+$N$17),2)","v":11.19},{"$f":"IFERROR(TRUNC(I1570*J1570,2),\"\")","v":44.25},{"$f":"IFERROR(TRUNC(L1570*I1570,2),\"\")","v":55.95}]
[2000]
[2000,null,null,null,"Quantidade",5,"un"]
[2000]
[{"$f":"IFERROR(LEFT(D1574,SEARCH(\".\",D1574)-1),\"\")","v":"12"},{"$f":"IFERROR(LEFT(RIGHT(D1574,LEN(D1574)-SEARCH(\".\",D1574)),SEARCH(\".\",RIGHT(D1574,LEN(D1574)-SEARCH(\".\",D1574)))-1),\"\")","v":"1"},{"$f":"IFERROR(IF(LEN(D1574)-LEN(SUBSTITUTE(D1574,\".\",\"\"))<>3,\"\",MID(D1574,SEARCH(\".\",D1574,SEARCH(\".\",D1574)+1)+1,LEN(D1574)-SEARCH(\".\",D1574,SEARCH(\".\",D1574)+1)-(LEN(D1574)-(SEARCH(\".\",D1574,SEARCH(\".\",D1574,SEARCH(\".\",D1574)+1)+1)-1)))),\"\")","v":""},"12.1.11",{"$f":"IF($G1574=\"SINAPI\",VLOOKUP($F1574,DADOS_SINAPI,2,0),IF(G1574=\"SETOP\",VLOOKUP($F1574,DADOS_SETOP,2,0),IF(G1574=\"CPU\",VLOOKUP($F1574,DADOS_COMPOSICAO,2,0),IF(G1574=\"SICRO\",VLOOKUP($F1574,DADOS_SICRO,2,0),IF(G1574=\"SUDECAP\",VLOOKUP(F1574,DADOS_SUDECAP,2,0),IF(G1574=\"COTAÇÃO\",VLOOKUP($F1574,DADOS_COTACAO,2,0),\"\"))))))","v":"TUBO, CPVC, SOLDÁVEL, DN 22MM, INSTALADO EM RAMAL OU SUB-RAMAL DE ÁGUA - FORNECIMENTO E INSTALAÇÃO. AF_06/2022"},89634,"SINAPI",{"$f":"IF(G1574=\"SINAPI\",VLOOKUP($F1574,DADOS_SINAPI,3,0),IF(G1574=\"SETOP\",VLOOKUP($F1574,DADOS_SETOP,3,0),IF(G1574=\"CPU\",VLOOKUP($F1574,DADOS_COMPOSICAO,10,0),IF(G1574=\"SICRO\",VLOOKUP($F1574,DADOS_SICRO,3,0),IF(G1574=\"SUDECAP\",VLOOKUP(F1574,DADOS_SUDECAP,3,0),IF(G1574=\"COTAÇÃO\",VLOOKUP($F1574,DADOS_COTACAO,9,0),\"\"))))))","v":"M"},{"$f":"F1576","v":39.5},{"$f":"IF(G1574=\"SINAPI\",VLOOKUP($F1574,DADOS_SINAPI,4,0),IF(G1574=\"SETOP\",VLOOKUP($F1574,DADOS_SETOP,4,0),IF(G1574=\"CPU\",VLOOKUP($F1574,DADOS_COMPOSICAO,13,0),IF(G1574=\"SICRO\",VLOOKUP($F1574,DADOS_SICRO,4,0),IF(G1574=\"SUDECAP\",VLOOKUP(F1574,DADOS_SUDECAP,4,0),IF(G1574=\"COTAÇÃO\",VLOOKUP(F1574,DADOS_COTACAO,12,0),\"\"))))))","v":35.71},"BDI 1",{"$f":"TRUNC(J1574*(1+$N$17),2)","v":45.18},{"$f":"IFERROR(TRUNC(I1574*J1574,2),\"\")","v":1410.54},{"$f":"IFERROR(TRUNC(L1574*I1574,2),\"\")","v":1784.61}]
[2000]
[2000,null,null,null,"Quantidade",39.5,"m"]
[2000]
[{"$f":"IFERROR(LEFT(D1578,SEARCH(\".\",D1578)-1),\"\")","v":"12"},{"$f":"IFERROR(LEFT(RIGHT(D1578,LEN(D1578)-SEARCH(\".\",D1578)),SEARCH(\".\",RIGHT(D1578,LEN(D1578)-SEARCH(\".\",D1578)))-1),\"\")","v":"1"},{"$f":"IFERROR(IF(LEN(D1578)-LEN(SUBSTITUTE(D1578,\".\",\"\"))<>3,\"\",MID(D1578,SEARCH(\".\",D1578,SEARCH(\".\",D1578)+1)+1,LEN(D1578)-SEARCH(\".\",D1578,SEARCH(\".\",D1578)+1)-(LEN(D1578)-(SEARCH(\".\",D1578,SEARCH(\".\",D1578,SEARCH(\".\",D1578)+1)+1)-1)))),\"\")","v":""},"12.1.12",{"$f":"IF($G1578=\"SINAPI\",VLOOKUP($F1578,DADOS_SINAPI,2,0),IF(G1578=\"SETOP\",VLOOKUP($F1578,DADOS_SETOP,2,0),IF(G1578=\"CPU\",VLOOKUP($F1578,DADOS_COMPOSICAO,2,0),IF(G1578=\"SICRO\",VLOOKUP($F1578,DADOS_SICRO,2,0),IF(G1578=\"SUDECAP\",VLOOKUP(F1578,DADOS_SUDECAP,2,0),IF(G1578=\"COTAÇÃO\",VLOOKUP($F1578,DADOS_COTACAO,2,0),\"\"))))))","v":"TUBO, CPVC, SOLDÁVEL, DN 35MM, INSTALADO EM RAMAL OU SUB-RAMAL DE ÁGUA   FORNECIMENTO E INSTALAÇÃO. AF_06/2022"},89636,"SINAPI",{"$f":"IF(G1578=\"SINAPI\",VLOOKUP($F1578,DADOS_SINAPI,3,0),IF(G1578=\"SETOP\",VLOOKUP($F1578,DADOS_SETOP,3,0),IF(G1578=\"CPU\",VLOOKUP($F1578,DADOS_COMPOSICAO,10,0),IF(G1578=\"SICRO\",VLOOKUP($F1578,DADOS_SICRO,3,0),IF(G1578=\"SUDECAP\",VLOOKUP(F1578,DADOS_SUDECAP,3,0),IF(G1578=\"COTAÇÃO\",VLOOKUP($F1578,DADOS_COTACAO,9,0),\"\"))))))","v":"M"},{"$f":"F1580","v":43.1},{"$f":"IF(G1578=\"SINAPI\",VLOOKUP($F1578,DADOS_SINAPI,4,0),IF(G1578=\"SETOP\",VLOOKUP($F1578,DADOS_SETOP,4,0),IF(G1578=\"CPU\",VLOOKUP($F1578,DADOS_COMPOSICAO,13,0),IF(G1578=\"SICRO\",VLOOKUP($F1578,DADOS_SICRO,4,0),IF(G1578=\"SUDECAP\",VLOOKUP(F1578,DADOS_SUDECAP,4,0),IF(G1578=\"COTAÇÃO\",VLOOKUP(F1578,DADOS_COTACAO,12,0),\"\"))))))","v":67.53},"BDI 1",{"$f":"TRUNC(J1578*(1+$N$17),2)","v":85.43},{"$f":"IFERROR(TRUNC(I1578*J1578,2),\"\")","v":2910.54},{"$f":"IFERROR(TRUNC(L1578*I1578,2),\"\")","v":3682.03}]
[2000]
[2000,null,null,null,"Quantidade",43.1,"m"]
[2000]
[{"$f":"IFERROR(LEFT(D1582,SEARCH(\".\",D1582)-1),\"\")","v":"12"},{"$f":"IFERROR(LEFT(RIGHT(D1582,LEN(D1582)-SEARCH(\".\",D1582)),SEARCH(\".\",RIGHT(D1582,LEN(D1582)-SEARCH(\".\",D1582)))-1),\"\")","v":"1"},{"$f":"IFERROR(IF(LEN(D1582)-LEN(SUBSTITUTE(D1582,\".\",\"\"))<>3,\"\",MID(D1582,SEARCH(\".\",D1582,SEARCH(\".\",D1582)+1)+1,LEN(D1582)-SEARCH(\".\",D1582,SEARCH(\".\",D1582)+1)-(LEN(D1582)-(SEARCH(\".\",D1582,SEARCH(\".\",D1582,SEARCH(\".\",D1582)+1)+1)-1)))),\"\")","v":""},"12.1.13",{"$f":"IF($G1582=\"SINAPI\",VLOOKUP($F1582,DADOS_SINAPI,2,0),IF(G1582=\"SETOP\",VLOOKUP($F1582,DADOS_SETOP,2,0),IF(G1582=\"CPU\",VLOOKUP($F1582,DADOS_COMPOSICAO,2,0),IF(G1582=\"SICRO\",VLOOKUP($F1582,DADOS_SICRO,2,0),IF(G1582=\"SUDECAP\",VLOOKUP(F1582,DADOS_SUDECAP,2,0),IF(G1582=\"COTAÇÃO\",VLOOKUP($F1582,DADOS_COTACAO,2,0),\"\"))))))","v":"TE, CPVC, SOLDÁVEL, DN 22MM, INSTALADO EM RAMAL OU SUB-RAMAL DE ÁGUA - FORNECIMENTO E INSTALAÇÃO. AF_06/2022"},89697,"SINAPI",{"$f":"IF(G1582=\"SINAPI\",VLOOKUP($F1582,DADOS_SINAPI,3,0),IF(G1582=\"SETOP\",VLOOKUP($F1582,DADOS_SETOP,3,0),IF(G1582=\"CPU\",VLOOKUP($F1582,DADOS_COMPOSICAO,10,0),IF(G1582=\"SICRO\",VLOOKUP($F1582,DADOS_SICRO,3,0),IF(G1582=\"SUDECAP\",VLOOKUP(F1582,DADOS_SUDECAP,3,0),IF(G1582=\"COTAÇÃO\",VLOOKUP($F1582,DADOS_COTACAO,9,0),\"\"))))))","v":"UN"},{"$f":"F1584","v":1},{"$f":"IF(G1582=\"SINAPI\",VLOOKUP($F1582,DADOS_SINAPI,4,0),IF(G1582=\"SETOP\",VLOOKUP($F1582,DADOS_SETOP,4,0),IF(G1582=\"CPU\",VLOOKUP($F1582,DADOS_COMPOSICAO,13,0),IF(G1582=\"SICRO\",VLOOKUP($F1582,DADOS_SICRO,4,0),IF(G1582=\"SUDECAP\",VLOOKUP(F1582,DADOS_SUDECAP,4,0),IF(G1582=\"COTAÇÃO\",VLOOKUP(F1582,DADOS_COTACAO,12,0),\"\"))))))","v":16.61},"BDI 1",{"$f":"TRUNC(J1582*(1+$N$17),2)","v":21.01},{"$f":"IFERROR(TRUNC(I1582*J1582,2),\"\")","v":16.61},{"$f":"IFERROR(TRUNC(L1582*I1582,2),\"\")","v":21.01}]
[2000]
[2000,null,null,null,"Quantidade",1,"un"]
[2000]
[{"$f":"IFERROR(LEFT(D1586,SEARCH(\".\",D1586)-1),\"\")","v":"12"},{"$f":"IFERROR(LEFT(RIGHT(D1586,LEN(D1586)-SEARCH(\".\",D1586)),SEARCH(\".\",RIGHT(D1586,LEN(D1586)-SEARCH(\".\",D1586)))-1),\"\")","v":"1"},{"$f":"IFERROR(IF(LEN(D1586)-LEN(SUBSTITUTE(D1586,\".\",\"\"))<>3,\"\",MID(D1586,SEARCH(\".\",D1586,SEARCH(\".\",D1586)+1)+1,LEN(D1586)-SEARCH(\".\",D1586,SEARCH(\".\",D1586)+1)-(LEN(D1586)-(SEARCH(\".\",D1586,SEARCH(\".\",D1586,SEARCH(\".\",D1586)+1)+1)-1)))),\"\")","v":""},"12.1.14",{"$f":"IF($G1586=\"SINAPI\",VLOOKUP($F1586,DADOS_SINAPI,2,0),IF(G1586=\"SETOP\",VLOOKUP($F1586,DADOS_SETOP,2,0),IF(G1586=\"CPU\",VLOOKUP($F1586,DADOS_COMPOSICAO,2,0),IF(G1586=\"SICRO\",VLOOKUP($F1586,DADOS_SICRO,2,0),IF(G1586=\"SUDECAP\",VLOOKUP(F1586,DADOS_SUDECAP,2,0),IF(G1586=\"COTAÇÃO\",VLOOKUP($F1586,DADOS_COTACAO,2,0),\"\"))))))","v":"TÊ, CPVC, SOLDÁVEL, DN35MM, INSTALADO EM RAMAL OU SUB-RAMAL DE ÁGUA   FORNECIMENTO E INSTALAÇÃO. AF_06/2022"},89706,"SINAPI",{"$f":"IF(G1586=\"SINAPI\",VLOOKUP($F1586,DADOS_SINAPI,3,0),IF(G1586=\"SETOP\",VLOOKUP($F1586,DADOS_SETOP,3,0),IF(G1586=\"CPU\",VLOOKUP($F1586,DADOS_COMPOSICAO,10,0),IF(G1586=\"SICRO\",VLOOKUP($F1586,DADOS_SICRO,3,0),IF(G1586=\"SUDECAP\",VLOOKUP(F1586,DADOS_SUDECAP,3,0),IF(G1586=\"COTAÇÃO\",VLOOKUP($F1586,DADOS_COTACAO,9,0),\"\"))))))","v":"UN"},{"$f":"F1588","v":3},{"$f":"IF(G1586=\"SINAPI\",VLOOKUP($F1586,DADOS_SINAPI,4,0),IF(G1586=\"SETOP\",VLOOKUP($F1586,DADOS_SETOP,4,0),IF(G1586=\"CPU\",VLOOKUP($F1586,DADOS_COMPOSICAO,13,0),IF(G1586=\"SICRO\",VLOOKUP($F1586,DADOS_SICRO,4,0),IF(G1586=\"SUDECAP\",VLOOKUP(F1586,DADOS_SUDECAP,4,0),IF(G1586=\"COTAÇÃO\",VLOOKUP(F1586,DADOS_COTACAO,12,0),\"\"))))))","v":56.1},"BDI 1",{"$f":"TRUNC(J1586*(1+$N$17),2)","v":70.97},{"$f":"IFERROR(TRUNC(I1586*J1586,2),\"\")","v":168.3},{"$f":"IFERROR(TRUNC(L1586*I1586,2),\"\")","v":212.91}]
[2000]
[2000,null,null,null,"Quantidade",3,"un"]
[2000]
[{"$f":"IFERROR(LEFT(D1590,SEARCH(\".\",D1590)-1),\"\")","v":"12"},{"$f":"IFERROR(LEFT(RIGHT(D1590,LEN(D1590)-SEARCH(\".\",D1590)),SEARCH(\".\",RIGHT(D1590,LEN(D1590)-SEARCH(\".\",D1590)))-1),\"\")","v":"1"},{"$f":"IFERROR(IF(LEN(D1590)-LEN(SUBSTITUTE(D1590,\".\",\"\"))<>3,\"\",MID(D1590,SEARCH(\".\",D1590,SEARCH(\".\",D1590)+1)+1,LEN(D1590)-SEARCH(\".\",D1590,SEARCH(\".\",D1590)+1)-(LEN(D1590)-(SEARCH(\".\",D1590,SEARCH(\".\",D1590,SEARCH(\".\",D1590)+1)+1)-1)))),\"\")","v":""},"12.1.15",{"$f":"VLOOKUP($F1590,DADOS_COTACAO,2,0)","v":"TE DE REDUÇÃO, CPVC, 35 X 22 MM"},"COT-HID-002","COTAÇÃO",{"$f":"VLOOKUP($F1590,DADOS_COTACAO,9,0)","v":"UN "},{"$f":"F1592","v":1},{"$f":"VLOOKUP($F1590,DADOS_COTACAO,12,0)","v":31.47},"BDI 1",{"$f":"TRUNC(J1590*(1+$N$17),2)","v":39.81},{"$f":"IFERROR(TRUNC(I1590*J1590,2),\"\")","v":31.47},{"$f":"IFERROR(TRUNC(L1590*I1590,2),\"\")","v":39.81}]
[2000]
[2000,null,null,null,"Quantidade",1,"un"]
[2000]
[{"$f":"IFERROR(LEFT(D1594,SEARCH(\".\",D1594)-1),\"\")","v":"12"},{"$f":"IFERROR(LEFT(RIGHT(D1594,LEN(D1594)-SEARCH(\".\",D1594)),SEARCH(\".\",RIGHT(D1594,LEN(D1594)-SEARCH(\".\",D1594)))-1),\"\")","v":"1"},{"$f":"IFERROR(IF(LEN(D1594)-LEN(SUBSTITUTE(D1594,\".\",\"\"))<>3,\"\",MID(D1594,SEARCH(\".\",D1594,SEARCH(\".\",D1594)+1)+1,LEN(D1594)-SEARCH(\".\",D1594,SEARCH(\".\",D1594)+1)-(LEN(D1594)-(SEARCH(\".\",D1594,SEARCH(\".\",D1594,SEARCH(\".\",D1594)+1)+1)-1)))),\"\")","v":""},"12.1.16",{"$f":"IF($G1594=\"SINAPI\",VLOOKUP($F1594,DADOS_SINAPI,2,0),IF(G1594=\"SETOP\",VLOOKUP($F1594,DADOS_SETOP,2,0),IF(G1594=\"CPU\",VLOOKUP($F1594,DADOS_COMPOSICAO,2,0),IF(G1594=\"SICRO\",VLOOKUP($F1594,DADOS_SICRO,2,0),IF(G1594=\"SUDECAP\",VLOOKUP(F1594,DADOS_SUDECAP,2,0),IF(G1594=\"COTAÇÃO\",VLOOKUP($F1594,DADOS_COTACAO,2,0),\"\"))))))","v":"INSTALAÇÃO TE DE REDUÇÃO, CPVC, 35 X 22 MM"},"DAC-12.2","CPU",{"$f":"IF(G1594=\"SINAPI\",VLOOKUP($F1594,DADOS_SINAPI,3,0),IF(G1594=\"SETOP\",VLOOKUP($F1594,DADOS_SETOP,3,0),IF(G1594=\"CPU\",VLOOKUP($F1594,DADOS_COMPOSICAO,10,0),IF(G1594=\"SICRO\",VLOOKUP($F1594,DADOS_SICRO,3,0),IF(G1594=\"SUDECAP\",VLOOKUP(F1594,DADOS_SUDECAP,3,0),IF(G1594=\"COTAÇÃO\",VLOOKUP($F1594,DADOS_COTACAO,9,0),\"\"))))))","v":"UN    "},{"$f":"F1596","v":1},{"$f":"IF(G1594=\"SINAPI\",VLOOKUP($F1594,DADOS_SINAPI,4,0),IF(G1594=\"SETOP\",VLOOKUP($F1594,DADOS_SETOP,4,0),IF(G1594=\"CPU\",VLOOKUP($F1594,DADOS_COMPOSICAO,13,0),IF(G1594=\"SICRO\",VLOOKUP($F1594,DADOS_SICRO,4,0),IF(G1594=\"SUDECAP\",VLOOKUP(F1594,DADOS_SUDECAP,4,0),IF(G1594=\"COTAÇÃO\",VLOOKUP(F1594,DADOS_COTACAO,12,0),\"\"))))))","v":15.537288},"BDI 1",{"$f":"TRUNC(J1594*(1+$N$17),2)","v":19.649999999999999},{"$f":"IFERROR(TRUNC(I1594*J1594,2),\"\")","v":15.53},{"$f":"IFERROR(TRUNC(L1594*I1594,2),\"\")","v":19.649999999999999}]
[2000]
[2000,null,null,null,"Quantidade",{"$f":"F1592","v":1},"un"]
[2000]
[{"$f":"IFERROR(LEFT(D1598,SEARCH(\".\",D1598)-1),\"\")","v":"12"},{"$f":"IFERROR(LEFT(RIGHT(D1598,LEN(D1598)-SEARCH(\".\",D1598)),SEARCH(\".\",RIGHT(D1598,LEN(D1598)-SEARCH(\".\",D1598)))-1),\"\")","v":"1"},{"$f":"IFERROR(IF(LEN(D1598)-LEN(SUBSTITUTE(D1598,\".\",\"\"))<>3,\"\",MID(D1598,SEARCH(\".\",D1598,SEARCH(\".\",D1598)+1)+1,LEN(D1598)-SEARCH(\".\",D1598,SEARCH(\".\",D1598)+1)-(LEN(D1598)-(SEARCH(\".\",D1598,SEARCH(\".\",D1598,SEARCH(\".\",D1598)+1)+1)-1)))),\"\")","v":""},"12.1.17",{"$f":"IF($G1598=\"SINAPI\",VLOOKUP($F1598,DADOS_SINAPI,2,0),IF(G1598=\"SETOP\",VLOOKUP($F1598,DADOS_SETOP,2,0),IF(G1598=\"CPU\",VLOOKUP($F1598,DADOS_COMPOSICAO,2,0),IF(G1598=\"SICRO\",VLOOKUP($F1598,DADOS_SICRO,2,0),IF(G1598=\"SUDECAP\",VLOOKUP(F1598,DADOS_SUDECAP,2,0),IF(G1598=\"COTAÇÃO\",VLOOKUP($F1598,DADOS_COTACAO,2,0),\"\"))))))","v":"TÊ MISTURADOR, CPVC, SOLDÁVEL, DN22MM, INSTALADO EM RAMAL OU SUB-RAMAL DE ÁGUA   FORNECIMENTO E INSTALAÇÃO. AF_06/2022"},89702,"SINAPI",{"$f":"IF(G1598=\"SINAPI\",VLOOKUP($F1598,DADOS_SINAPI,3,0),IF(G1598=\"SETOP\",VLOOKUP($F1598,DADOS_SETOP,3,0),IF(G1598=\"CPU\",VLOOKUP($F1598,DADOS_COMPOSICAO,10,0),IF(G1598=\"SICRO\",VLOOKUP($F1598,DADOS_SICRO,3,0),IF(G1598=\"SUDECAP\",VLOOKUP(F1598,DADOS_SUDECAP,3,0),IF(G1598=\"COTAÇÃO\",VLOOKUP($F1598,DADOS_COTACAO,9,0),\"\"))))))","v":"UN"},{"$f":"F1600","v":5},{"$f":"IF(G1598=\"SINAPI\",VLOOKUP($F1598,DADOS_SINAPI,4,0),IF(G1598=\"SETOP\",VLOOKUP($F1598,DADOS_SETOP,4,0),IF(G1598=\"CPU\",VLOOKUP($F1598,DADOS_COMPOSICAO,13,0),IF(G1598=\"SICRO\",VLOOKUP($F1598,DADOS_SICRO,4,0),IF(G1598=\"SUDECAP\",VLOOKUP(F1598,DADOS_SUDECAP,4,0),IF(G1598=\"COTAÇÃO\",VLOOKUP(F1598,DADOS_COTACAO,12,0),\"\"))))))","v":21.09},"BDI 1",{"$f":"TRUNC(J1598*(1+$N$17),2)","v":26.68},{"$f":"IFERROR(TRUNC(I1598*J1598,2),\"\")","v":105.45},{"$f":"IFERROR(TRUNC(L1598*I1598,2),\"\")","v":133.4}]
[2000]
[2000,null,null,null,"Quantidade",5,"un"]
[2000]
[null,null,null,"12.2","COBRE",null,null,null,null,null,null,null,{"$f":"IFERROR(SUMIFS(M:M,A:A,LEFT(D1602,SEARCH(\".\",D1602)-1),B:B,RIGHT(D1602,LEN(D1602)-SEARCH(\".\",D1602))),\"\")","v":69.790000000000006},{"$f":"IFERROR(SUMIFS(N:N,A:A,LEFT(D1602,SEARCH(\".\",D1602)-1),B:B,RIGHT(D1602,LEN(D1602)-SEARCH(\".\",D1602))),\"\")","v":88.28}]
[{"$f":"IFERROR(LEFT(D1603,SEARCH(\".\",D1603)-1),\"\")","v":"12"},{"$f":"IFERROR(LEFT(RIGHT(D1603,LEN(D1603)-SEARCH(\".\",D1603)),SEARCH(\".\",RIGHT(D1603,LEN(D1603)-SEARCH(\".\",D1603)))-1),\"\")","v":"2"},{"$f":"IFERROR(IF(LEN(D1603)-LEN(SUBSTITUTE(D1603,\".\",\"\"))<>3,\"\",MID(D1603,SEARCH(\".\",D1603,SEARCH(\".\",D1603)+1)+1,LEN(D1603)-SEARCH(\".\",D1603,SEARCH(\".\",D1603)+1)-(LEN(D1603)-(SEARCH(\".\",D1603,SEARCH(\".\",D1603,SEARCH(\".\",D1603)+1)+1)-1)))),\"\")","v":""},"12.2.1",{"$f":"IF($G1603=\"SINAPI\",VLOOKUP($F1603,DADOS_SINAPI,2,0),IF(G1603=\"SETOP\",VLOOKUP($F1603,DADOS_SETOP,2,0),IF(G1603=\"CPU\",VLOOKUP($F1603,DADOS_COMPOSICAO,2,0),IF(G1603=\"SICRO\",VLOOKUP($F1603,DADOS_SICRO,2,0),IF(G1603=\"SUDECAP\",VLOOKUP(F1603,DADOS_SUDECAP,2,0),IF(G1603=\"COTAÇÃO\",VLOOKUP($F1603,DADOS_COTACAO,2,0),\"\"))))))","v":"LUVA EM COBRE, DN 22 MM, SEM ANEL DE SOLDA, INSTALADO EM PRUMADA DE HIDRÁULICA PREDIAL - FORNECIMENTO E INSTALAÇÃO. AF_04/2022"},92293,"SINAPI",{"$f":"IF(G1603=\"SINAPI\",VLOOKUP($F1603,DADOS_SINAPI,3,0),IF(G1603=\"SETOP\",VLOOKUP($F1603,DADOS_SETOP,3,0),IF(G1603=\"CPU\",VLOOKUP($F1603,DADOS_COMPOSICAO,10,0),IF(G1603=\"SICRO\",VLOOKUP($F1603,DADOS_SICRO,3,0),IF(G1603=\"SUDECAP\",VLOOKUP(F1603,DADOS_SUDECAP,3,0),IF(G1603=\"COTAÇÃO\",VLOOKUP($F1603,DADOS_COTACAO,9,0),\"\"))))))","v":"UN"},{"$f":"F1605","v":1},{"$f":"IF(G1603=\"SINAPI\",VLOOKUP($F1603,DADOS_SINAPI,4,0),IF(G1603=\"SETOP\",VLOOKUP($F1603,DADOS_SETOP,4,0),IF(G1603=\"CPU\",VLOOKUP($F1603,DADOS_COMPOSICAO,13,0),IF(G1603=\"SICRO\",VLOOKUP($F1603,DADOS_SICRO,4,0),IF(G1603=\"SUDECAP\",VLOOKUP(F1603,DADOS_SUDECAP,4,0),IF(G1603=\"COTAÇÃO\",VLOOKUP(F1603,DADOS_COTACAO,12,0),\"\"))))))","v":9.33},"BDI 1",{"$f":"TRUNC(J1603*(1+$N$17),2)","v":11.8},{"$f":"IFERROR(TRUNC(I1603*J1603,2),\"\")","v":9.33},{"$f":"IFERROR(TRUNC(L1603*I1603,2),\"\")","v":11.8}]
[2000]
[2000,null,null,null,"Quantidade",1,"un"]
[2000]
[{"$f":"IFERROR(LEFT(D1607,SEARCH(\".\",D1607)-1),\"\")","v":"12"},{"$f":"IFERROR(LEFT(RIGHT(D1607,LEN(D1607)-SEARCH(\".\",D1607)),SEARCH(\".\",RIGHT(D1607,LEN(D1607)-SEARCH(\".\",D1607)))-1),\"\")","v":"2"},{"$f":"IFERROR(IF(LEN(D1607)-LEN(SUBSTITUTE(D1607,\".\",\"\"))<>3,\"\",MID(D1607,SEARCH(\".\",D1607,SEARCH(\".\",D1607)+1)+1,LEN(D1607)-SEARCH(\".\",D1607,SEARCH(\".\",D1607)+1)-(LEN(D1607)-(SEARCH(\".\",D1607,SEARCH(\".\",D1607,SEARCH(\".\",D1607)+1)+1)-1)))),\"\")","v":""},"12.2.2",{"$f":"IF($G1607=\"SINAPI\",VLOOKUP($F1607,DADOS_SINAPI,2,0),IF(G1607=\"SETOP\",VLOOKUP($F1607,DADOS_SETOP,2,0),IF(G1607=\"CPU\",VLOOKUP($F1607,DADOS_COMPOSICAO,2,0),IF(G1607=\"SICRO\",VLOOKUP($F1607,DADOS_SICRO,2,0),IF(G1607=\"SUDECAP\",VLOOKUP(F1607,DADOS_SUDECAP,2,0),IF(G1607=\"COTAÇÃO\",VLOOKUP($F1607,DADOS_COTACAO,2,0),\"\"))))))","v":"LUVA EM COBRE, DN 35 MM, SEM ANEL DE SOLDA, INSTALADO EM PRUMADA DE HIDRÁULICA PREDIAL - FORNECIMENTO E INSTALAÇÃO. AF_04/2022"},92295,"SINAPI",{"$f":"IF(G1607=\"SINAPI\",VLOOKUP($F1607,DADOS_SINAPI,3,0),IF(G1607=\"SETOP\",VLOOKUP($F1607,DADOS_SETOP,3,0),IF(G1607=\"CPU\",VLOOKUP($F1607,DADOS_COMPOSICAO,10,0),IF(G1607=\"SICRO\",VLOOKUP($F1607,DADOS_SICRO,3,0),IF(G1607=\"SUDECAP\",VLOOKUP(F1607,DADOS_SUDECAP,3,0),IF(G1607=\"COTAÇÃO\",VLOOKUP($F1607,DADOS_COTACAO,9,0),\"\"))))))","v":"UN"},{"$f":"F1609","v":2},{"$f":"IF(G1607=\"SINAPI\",VLOOKUP($F1607,DADOS_SINAPI,4,0),IF(G1607=\"SETOP\",VLOOKUP($F1607,DADOS_SETOP,4,0),IF(G1607=\"CPU\",VLOOKUP($F1607,DADOS_COMPOSICAO,13,0),IF(G1607=\"SICRO\",VLOOKUP($F1607,DADOS_SICRO,4,0),IF(G1607=\"SUDECAP\",VLOOKUP(F1607,DADOS_SUDECAP,4,0),IF(G1607=\"COTAÇÃO\",VLOOKUP(F1607,DADOS_COTACAO,12,0),\"\"))))))","v":30.23},"BDI 1",{"$f":"TRUNC(J1607*(1+$N$17),2)","v":38.24},{"$f":"IFERROR(TRUNC(I1607*J1607,2),\"\")","v":60.46},{"$f":"IFERROR(TRUNC(L1607*I1607,2),\"\")","v":76.48}]
[2000]
[2000,null,null,null,"Quantidade",2,"un"]
[2000]
[null,null,null,"12.3","METAIS",null,null,null,null,null,null,null,{"$f":"IFERROR(SUMIFS(M:M,A:A,LEFT(D1611,SEARCH(\".\",D1611)-1),B:B,RIGHT(D1611,LEN(D1611)-SEARCH(\".\",D1611))),\"\")","v":7309.32},{"$f":"IFERROR(SUMIFS(N:N,A:A,LEFT(D1611,SEARCH(\".\",D1611)-1),B:B,RIGHT(D1611,LEN(D1611)-SEARCH(\".\",D1611))),\"\")","v":9247.4}]
[{"$f":"IFERROR(LEFT(D1612,SEARCH(\".\",D1612)-1),\"\")","v":"12"},{"$f":"IFERROR(LEFT(RIGHT(D1612,LEN(D1612)-SEARCH(\".\",D1612)),SEARCH(\".\",RIGHT(D1612,LEN(D1612)-SEARCH(\".\",D1612)))-1),\"\")","v":"3"},{"$f":"IFERROR(IF(LEN(D1612)-LEN(SUBSTITUTE(D1612,\".\",\"\"))<>3,\"\",MID(D1612,SEARCH(\".\",D1612,SEARCH(\".\",D1612)+1)+1,LEN(D1612)-SEARCH(\".\",D1612,SEARCH(\".\",D1612)+1)-(LEN(D1612)-(SEARCH(\".\",D1612,SEARCH(\".\",D1612,SEARCH(\".\",D1612)+1)+1)-1)))),\"\")","v":""},"12.3.1",{"$f":"IF($G1612=\"SINAPI\",VLOOKUP($F1612,DADOS_SINAPI,2,0),IF(G1612=\"SETOP\",VLOOKUP($F1612,DADOS_SETOP,2,0),IF(G1612=\"CPU\",VLOOKUP($F1612,DADOS_COMPOSICAO,2,0),IF(G1612=\"SICRO\",VLOOKUP($F1612,DADOS_SICRO,2,0),IF(G1612=\"SUDECAP\",VLOOKUP(F1612,DADOS_SUDECAP,2,0),IF(G1612=\"COTAÇÃO\",VLOOKUP($F1612,DADOS_COTACAO,2,0),\"\"))))))","v":"REGISTRO DE GAVETA BRUTO, LATÃO, ROSCÁVEL, 1 1/4\" - FORNECIMENTO E INSTALAÇÃO. AF_08/2021"},94496,"SINAPI",{"$f":"IF(G1612=\"SINAPI\",VLOOKUP($F1612,DADOS_SINAPI,3,0),IF(G1612=\"SETOP\",VLOOKUP($F1612,DADOS_SETOP,3,0),IF(G1612=\"CPU\",VLOOKUP($F1612,DADOS_COMPOSICAO,10,0),IF(G1612=\"SICRO\",VLOOKUP($F1612,DADOS_SICRO,3,0),IF(G1612=\"SUDECAP\",VLOOKUP(F1612,DADOS_SUDECAP,3,0),IF(G1612=\"COTAÇÃO\",VLOOKUP($F1612,DADOS_COTACAO,9,0),\"\"))))))","v":"UN"},{"$f":"F1614","v":2},{"$f":"IF(G1612=\"SINAPI\",VLOOKUP($F1612,DADOS_SINAPI,4,0),IF(G1612=\"SETOP\",VLOOKUP($F1612,DADOS_SETOP,4,0),IF(G1612=\"CPU\",VLOOKUP($F1612,DADOS_COMPOSICAO,13,0),IF(G1612=\"SICRO\",VLOOKUP($F1612,DADOS_SICRO,4,0),IF(G1612=\"SUDECAP\",VLOOKUP(F1612,DADOS_SUDECAP,4,0),IF(G1612=\"COTAÇÃO\",VLOOKUP(F1612,DADOS_COTACAO,12,0),\"\"))))))","v":111.4},"BDI 1",{"$f":"TRUNC(J1612*(1+$N$17),2)","v":140.94},{"$f":"IFERROR(TRUNC(I1612*J1612,2),\"\")","v":222.8},{"$f":"IFERROR(TRUNC(L1612*I1612,2),\"\")","v":281.88}]
[2000]
[2000,null,null,null,"Quantidade",{"$f":"1+1","v":2},"un"]
[2000]
[{"$f":"IFERROR(LEFT(D1616,SEARCH(\".\",D1616)-1),\"\")","v":"12"},{"$f":"IFERROR(LEFT(RIGHT(D1616,LEN(D1616)-SEARCH(\".\",D1616)),SEARCH(\".\",RIGHT(D1616,LEN(D1616)-SEARCH(\".\",D1616)))-1),\"\")","v":"3"},{"$f":"IFERROR(IF(LEN(D1616)-LEN(SUBSTITUTE(D1616,\".\",\"\"))<>3,\"\",MID(D1616,SEARCH(\".\",D1616,SEARCH(\".\",D1616)+1)+1,LEN(D1616)-SEARCH(\".\",D1616,SEARCH(\".\",D1616)+1)-(LEN(D1616)-(SEARCH(\".\",D1616,SEARCH(\".\",D1616,SEARCH(\".\",D1616)+1)+1)-1)))),\"\")","v":""},"12.3.2",{"$f":"IF($G1616=\"SINAPI\",VLOOKUP($F1616,DADOS_SINAPI,2,0),IF(G1616=\"SETOP\",VLOOKUP($F1616,DADOS_SETOP,2,0),IF(G1616=\"CPU\",VLOOKUP($F1616,DADOS_COMPOSICAO,2,0),IF(G1616=\"SICRO\",VLOOKUP($F1616,DADOS_SICRO,2,0),IF(G1616=\"SUDECAP\",VLOOKUP(F1616,DADOS_SUDECAP,2,0),IF(G1616=\"COTAÇÃO\",VLOOKUP($F1616,DADOS_COTACAO,2,0),\"\"))))))","v":"REGISTRO DE GAVETA BRUTO, LATÃO, ROSCÁVEL, 3/4\", COM ACABAMENTO E CANOPLA CROMADOS - FORNECIMENTO E INSTALAÇÃO. AF_08/2021"},89987,"SINAPI",{"$f":"IF(G1616=\"SINAPI\",VLOOKUP($F1616,DADOS_SINAPI,3,0),IF(G1616=\"SETOP\",VLOOKUP($F1616,DADOS_SETOP,3,0),IF(G1616=\"CPU\",VLOOKUP($F1616,DADOS_COMPOSICAO,10,0),IF(G1616=\"SICRO\",VLOOKUP($F1616,DADOS_SICRO,3,0),IF(G1616=\"SUDECAP\",VLOOKUP(F1616,DADOS_SUDECAP,3,0),IF(G1616=\"COTAÇÃO\",VLOOKUP($F1616,DADOS_COTACAO,9,0),\"\"))))))","v":"UN"},{"$f":"F1618","v":47},{"$f":"IF(G1616=\"SINAPI\",VLOOKUP($F1616,DADOS_SINAPI,4,0),IF(G1616=\"SETOP\",VLOOKUP($F1616,DADOS_SETOP,4,0),IF(G1616=\"CPU\",VLOOKUP($F1616,DADOS_COMPOSICAO,13,0),IF(G1616=\"SICRO\",VLOOKUP($F1616,DADOS_SICRO,4,0),IF(G1616=\"SUDECAP\",VLOOKUP(F1616,DADOS_SUDECAP,4,0),IF(G1616=\"COTAÇÃO\",VLOOKUP(F1616,DADOS_COTACAO,12,0),\"\"))))))","v":125.89},"BDI 1",{"$f":"TRUNC(J1616*(1+$N$17),2)","v":159.27000000000001},{"$f":"IFERROR(TRUNC(I1616*J1616,2),\"\")","v":5916.83},{"$f":"IFERROR(TRUNC(L1616*I1616,2),\"\")","v":7485.69}]
[2000,null,null,null,null,0]
[2000,null,null,null,"Quantidade",{"$f":"5+42","v":47},"un"]
[2000]
[{"$f":"IFERROR(LEFT(D1620,SEARCH(\".\",D1620)-1),\"\")","v":"12"},{"$f":"IFERROR(LEFT(RIGHT(D1620,LEN(D1620)-SEARCH(\".\",D1620)),SEARCH(\".\",RIGHT(D1620,LEN(D1620)-SEARCH(\".\",D1620)))-1),\"\")","v":"3"},{"$f":"IFERROR(IF(LEN(D1620)-LEN(SUBSTITUTE(D1620,\".\",\"\"))<>3,\"\",MID(D1620,SEARCH(\".\",D1620,SEARCH(\".\",D1620)+1)+1,LEN(D1620)-SEARCH(\".\",D1620,SEARCH(\".\",D1620)+1)-(LEN(D1620)-(SEARCH(\".\",D1620,SEARCH(\".\",D1620,SEARCH(\".\",D1620)+1)+1)-1)))),\"\")","v":""},"12.3.3",{"$f":"IF($G1620=\"SINAPI\",VLOOKUP($F1620,DADOS_SINAPI,2,0),IF(G1620=\"SETOP\",VLOOKUP($F1620,DADOS_SETOP,2,0),IF(G1620=\"CPU\",VLOOKUP($F1620,DADOS_COMPOSICAO,2,0),IF(G1620=\"SICRO\",VLOOKUP($F1620,DADOS_SICRO,2,0),IF(G1620=\"SUDECAP\",VLOOKUP(F1620,DADOS_SUDECAP,2,0),IF(G1620=\"COTAÇÃO\",VLOOKUP($F1620,DADOS_COTACAO,2,0),\"\"))))))","v":"REGISTRO DE PRESSÃO BRUTO, LATÃO,  ROSCÁVEL, 3/4'' - FORNECIMENTO E INSTALAÇÃO. AF_08/2021"},89351,"SINAPI",{"$f":"IF(G1620=\"SINAPI\",VLOOKUP($F1620,DADOS_SINAPI,3,0),IF(G1620=\"SETOP\",VLOOKUP($F1620,DADOS_SETOP,3,0),IF(G1620=\"CPU\",VLOOKUP($F1620,DADOS_COMPOSICAO,10,0),IF(G1620=\"SICRO\",VLOOKUP($F1620,DADOS_SICRO,3,0),IF(G1620=\"SUDECAP\",VLOOKUP(F1620,DADOS_SUDECAP,3,0),IF(G1620=\"COTAÇÃO\",VLOOKUP($F1620,DADOS_COTACAO,9,0),\"\"))))))","v":"UN"},{"$f":"F1622","v":5},{"$f":"IF(G1620=\"SINAPI\",VLOOKUP($F1620,DADOS_SINAPI,4,0),IF(G1620=\"SETOP\",VLOOKUP($F1620,DADOS_SETOP,4,0),IF(G1620=\"CPU\",VLOOKUP($F1620,DADOS_COMPOSICAO,13,0),IF(G1620=\"SICRO\",VLOOKUP($F1620,DADOS_SICRO,4,0),IF(G1620=\"SUDECAP\",VLOOKUP(F1620,DADOS_SUDECAP,4,0),IF(G1620=\"COTAÇÃO\",VLOOKUP(F1620,DADOS_COTACAO,12,0),\"\"))))))","v":43.09},"BDI 1",{"$f":"TRUNC(J1620*(1+$N$17),2)","v":54.51},{"$f":"IFERROR(TRUNC(I1620*J1620,2),\"\")","v":215.45},{"$f":"IFERROR(TRUNC(L1620*I1620,2),\"\")","v":272.55}]
[2000]
[2000,null,null,null,"Quantidade",{"$f":"5","v":5},"un"]
[2000]
[{"$f":"IFERROR(LEFT(D1624,SEARCH(\".\",D1624)-1),\"\")","v":"12"},{"$f":"IFERROR(LEFT(RIGHT(D1624,LEN(D1624)-SEARCH(\".\",D1624)),SEARCH(\".\",RIGHT(D1624,LEN(D1624)-SEARCH(\".\",D1624)))-1),\"\")","v":"3"},{"$f":"IFERROR(IF(LEN(D1624)-LEN(SUBSTITUTE(D1624,\".\",\"\"))<>3,\"\",MID(D1624,SEARCH(\".\",D1624,SEARCH(\".\",D1624)+1)+1,LEN(D1624)-SEARCH(\".\",D1624,SEARCH(\".\",D1624)+1)-(LEN(D1624)-(SEARCH(\".\",D1624,SEARCH(\".\",D1624,SEARCH(\".\",D1624)+1)+1)-1)))),\"\")","v":""},"12.3.4",{"$f":"IF($G1624=\"SINAPI\",VLOOKUP($F1624,DADOS_SINAPI,2,0),IF(G1624=\"SETOP\",VLOOKUP($F1624,DADOS_SETOP,2,0),IF(G1624=\"CPU\",VLOOKUP($F1624,DADOS_COMPOSICAO,2,0),IF(G1624=\"SICRO\",VLOOKUP($F1624,DADOS_SICRO,2,0),IF(G1624=\"SUDECAP\",VLOOKUP(F1624,DADOS_SUDECAP,2,0),IF(G1624=\"COTAÇÃO\",VLOOKUP($F1624,DADOS_COTACAO,2,0),\"\"))))))","v":"REGISTRO DE PRESSÃO BRUTO, LATÃO, ROSCÁVEL, 3/4\", COM ACABAMENTO E CANOPLA CROMADOS - FORNECIMENTO E INSTALAÇÃO. AF_08/2021"},89985,"SINAPI",{"$f":"IF(G1624=\"SINAPI\",VLOOKUP($F1624,DADOS_SINAPI,3,0),IF(G1624=\"SETOP\",VLOOKUP($F1624,DADOS_SETOP,3,0),IF(G1624=\"CPU\",VLOOKUP($F1624,DADOS_COMPOSICAO,10,0),IF(G1624=\"SICRO\",VLOOKUP($F1624,DADOS_SICRO,3,0),IF(G1624=\"SUDECAP\",VLOOKUP(F1624,DADOS_SUDECAP,3,0),IF(G1624=\"COTAÇÃO\",VLOOKUP($F1624,DADOS_COTACAO,9,0),\"\"))))))","v":"UN"},{"$f":"F1626","v":8},{"$f":"IF(G1624=\"SINAPI\",VLOOKUP($F1624,DADOS_SINAPI,4,0),IF(G1624=\"SETOP\",VLOOKUP($F1624,DADOS_SETOP,4,0),IF(G1624=\"CPU\",VLOOKUP($F1624,DADOS_COMPOSICAO,13,0),IF(G1624=\"SICRO\",VLOOKUP($F1624,DADOS_SICRO,4,0),IF(G1624=\"SUDECAP\",VLOOKUP(F1624,DADOS_SUDECAP,4,0),IF(G1624=\"COTAÇÃO\",VLOOKUP(F1624,DADOS_COTACAO,12,0),\"\"))))))","v":119.28},"BDI 1",{"$f":"TRUNC(J1624*(1+$N$17),2)","v":150.91},{"$f":"IFERROR(TRUNC(I1624*J1624,2),\"\")","v":954.24},{"$f":"IFERROR(TRUNC(L1624*I1624,2),\"\")","v":1207.28}]
[2000]
[2000,null,null,null,"Quantidade",8,"un"]
[2000]
[null,null,null,"12.4","PVC RÍGIDO SOLDÁVEL ",null,null,null,null,null,null,null,{"$f":"IFERROR(SUMIFS(M:M,A:A,LEFT(D1628,SEARCH(\".\",D1628)-1),B:B,RIGHT(D1628,LEN(D1628)-SEARCH(\".\",D1628))),\"\")","v":18068.330000000002},{"$f":"IFERROR(SUMIFS(N:N,A:A,LEFT(D1628,SEARCH(\".\",D1628)-1),B:B,RIGHT(D1628,LEN(D1628)-SEARCH(\".\",D1628))),\"\")","v":22855.940000000002}]
[{"$f":"IFERROR(LEFT(D1629,SEARCH(\".\",D1629)-1),\"\")","v":"12"},{"$f":"IFERROR(LEFT(RIGHT(D1629,LEN(D1629)-SEARCH(\".\",D1629)),SEARCH(\".\",RIGHT(D1629,LEN(D1629)-SEARCH(\".\",D1629)))-1),\"\")","v":"4"},{"$f":"IFERROR(IF(LEN(D1629)-LEN(SUBSTITUTE(D1629,\".\",\"\"))<>3,\"\",MID(D1629,SEARCH(\".\",D1629,SEARCH(\".\",D1629)+1)+1,LEN(D1629)-SEARCH(\".\",D1629,SEARCH(\".\",D1629)+1)-(LEN(D1629)-(SEARCH(\".\",D1629,SEARCH(\".\",D1629,SEARCH(\".\",D1629)+1)+1)-1)))),\"\")","v":""},"12.4.1",{"$f":"IF($G1629=\"SINAPI\",VLOOKUP($F1629,DADOS_SINAPI,2,0),IF(G1629=\"SETOP\",VLOOKUP($F1629,DADOS_SETOP,2,0),IF(G1629=\"CPU\",VLOOKUP($F1629,DADOS_COMPOSICAO,2,0),IF(G1629=\"SICRO\",VLOOKUP($F1629,DADOS_SICRO,2,0),IF(G1629=\"SUDECAP\",VLOOKUP(F1629,DADOS_SUDECAP,2,0),IF(G1629=\"COTAÇÃO\",VLOOKUP($F1629,DADOS_COTACAO,2,0),\"\"))))))","v":"ADAPTADOR CURTO COM BOLSA E ROSCA PARA REGISTRO, PVC, SOLDÁVEL, DN 25MM X 3/4 , INSTALADO EM RAMAL OU SUB-RAMAL DE ÁGUA - FORNECIMENTO E INSTALAÇÃO. AF_06/2022"},89383,"SINAPI",{"$f":"IF(G1629=\"SINAPI\",VLOOKUP($F1629,DADOS_SINAPI,3,0),IF(G1629=\"SETOP\",VLOOKUP($F1629,DADOS_SETOP,3,0),IF(G1629=\"CPU\",VLOOKUP($F1629,DADOS_COMPOSICAO,10,0),IF(G1629=\"SICRO\",VLOOKUP($F1629,DADOS_SICRO,3,0),IF(G1629=\"SUDECAP\",VLOOKUP(F1629,DADOS_SUDECAP,3,0),IF(G1629=\"COTAÇÃO\",VLOOKUP($F1629,DADOS_COTACAO,9,0),\"\"))))))","v":"UN"},{"$f":"F1631","v":92},{"$f":"IF(G1629=\"SINAPI\",VLOOKUP($F1629,DADOS_SINAPI,4,0),IF(G1629=\"SETOP\",VLOOKUP($F1629,DADOS_SETOP,4,0),IF(G1629=\"CPU\",VLOOKUP($F1629,DADOS_COMPOSICAO,13,0),IF(G1629=\"SICRO\",VLOOKUP($F1629,DADOS_SICRO,4,0),IF(G1629=\"SUDECAP\",VLOOKUP(F1629,DADOS_SUDECAP,4,0),IF(G1629=\"COTAÇÃO\",VLOOKUP(F1629,DADOS_COTACAO,12,0),\"\"))))))","v":6.02},"BDI 1",{"$f":"TRUNC(J1629*(1+$N$17),2)","v":7.61},{"$f":"IFERROR(TRUNC(I1629*J1629,2),\"\")","v":553.84},{"$f":"IFERROR(TRUNC(L1629*I1629,2),\"\")","v":700.12}]
[2000]
[2000,null,null,null,"Quantidade",92,"un"]
[2000]
[{"$f":"IFERROR(LEFT(D1633,SEARCH(\".\",D1633)-1),\"\")","v":"12"},{"$f":"IFERROR(LEFT(RIGHT(D1633,LEN(D1633)-SEARCH(\".\",D1633)),SEARCH(\".\",RIGHT(D1633,LEN(D1633)-SEARCH(\".\",D1633)))-1),\"\")","v":"4"},{"$f":"IFERROR(IF(LEN(D1633)-LEN(SUBSTITUTE(D1633,\".\",\"\"))<>3,\"\",MID(D1633,SEARCH(\".\",D1633,SEARCH(\".\",D1633)+1)+1,LEN(D1633)-SEARCH(\".\",D1633,SEARCH(\".\",D1633)+1)-(LEN(D1633)-(SEARCH(\".\",D1633,SEARCH(\".\",D1633,SEARCH(\".\",D1633)+1)+1)-1)))),\"\")","v":""},"12.4.2",{"$f":"IF($G1633=\"SINAPI\",VLOOKUP($F1633,DADOS_SINAPI,2,0),IF(G1633=\"SETOP\",VLOOKUP($F1633,DADOS_SETOP,2,0),IF(G1633=\"CPU\",VLOOKUP($F1633,DADOS_COMPOSICAO,2,0),IF(G1633=\"SICRO\",VLOOKUP($F1633,DADOS_SICRO,2,0),IF(G1633=\"SUDECAP\",VLOOKUP(F1633,DADOS_SUDECAP,2,0),IF(G1633=\"COTAÇÃO\",VLOOKUP($F1633,DADOS_COTACAO,2,0),\"\"))))))","v":"ADAPTADOR CURTO COM BOLSA E ROSCA PARA REGISTRO, PVC, SOLDÁVEL, DN 40MM X 1.1/4 , INSTALADO EM PRUMADA DE ÁGUA - FORNECIMENTO E INSTALAÇÃO. AF_06/2022"},89572,"SINAPI",{"$f":"IF(G1633=\"SINAPI\",VLOOKUP($F1633,DADOS_SINAPI,3,0),IF(G1633=\"SETOP\",VLOOKUP($F1633,DADOS_SETOP,3,0),IF(G1633=\"CPU\",VLOOKUP($F1633,DADOS_COMPOSICAO,10,0),IF(G1633=\"SICRO\",VLOOKUP($F1633,DADOS_SICRO,3,0),IF(G1633=\"SUDECAP\",VLOOKUP(F1633,DADOS_SUDECAP,3,0),IF(G1633=\"COTAÇÃO\",VLOOKUP($F1633,DADOS_COTACAO,9,0),\"\"))))))","v":"UN"},{"$f":"F1635","v":2},{"$f":"IF(G1633=\"SINAPI\",VLOOKUP($F1633,DADOS_SINAPI,4,0),IF(G1633=\"SETOP\",VLOOKUP($F1633,DADOS_SETOP,4,0),IF(G1633=\"CPU\",VLOOKUP($F1633,DADOS_COMPOSICAO,13,0),IF(G1633=\"SICRO\",VLOOKUP($F1633,DADOS_SICRO,4,0),IF(G1633=\"SUDECAP\",VLOOKUP(F1633,DADOS_SUDECAP,4,0),IF(G1633=\"COTAÇÃO\",VLOOKUP(F1633,DADOS_COTACAO,12,0),\"\"))))))","v":8.8699999999999992},"BDI 1",{"$f":"TRUNC(J1633*(1+$N$17),2)","v":11.22},{"$f":"IFERROR(TRUNC(I1633*J1633,2),\"\")","v":17.739999999999998},{"$f":"IFERROR(TRUNC(L1633*I1633,2),\"\")","v":22.44}]
[2000]
[2000,null,null,null,"Quantidade",2,"un"]
[2000]
[{"$f":"IFERROR(LEFT(D1637,SEARCH(\".\",D1637)-1),\"\")","v":"12"},{"$f":"IFERROR(LEFT(RIGHT(D1637,LEN(D1637)-SEARCH(\".\",D1637)),SEARCH(\".\",RIGHT(D1637,LEN(D1637)-SEARCH(\".\",D1637)))-1),\"\")","v":"4"},{"$f":"IFERROR(IF(LEN(D1637)-LEN(SUBSTITUTE(D1637,\".\",\"\"))<>3,\"\",MID(D1637,SEARCH(\".\",D1637,SEARCH(\".\",D1637)+1)+1,LEN(D1637)-SEARCH(\".\",D1637,SEARCH(\".\",D1637)+1)-(LEN(D1637)-(SEARCH(\".\",D1637,SEARCH(\".\",D1637,SEARCH(\".\",D1637)+1)+1)-1)))),\"\")","v":""},"12.4.3",{"$f":"IF($G1637=\"SINAPI\",VLOOKUP($F1637,DADOS_SINAPI,2,0),IF(G1637=\"SETOP\",VLOOKUP($F1637,DADOS_SETOP,2,0),IF(G1637=\"CPU\",VLOOKUP($F1637,DADOS_COMPOSICAO,2,0),IF(G1637=\"SICRO\",VLOOKUP($F1637,DADOS_SICRO,2,0),IF(G1637=\"SUDECAP\",VLOOKUP(F1637,DADOS_SUDECAP,2,0),IF(G1637=\"COTAÇÃO\",VLOOKUP($F1637,DADOS_COTACAO,2,0),\"\"))))))","v":"BUCHA DE REDUÇÃO, PVC, SOLDÁVEL, DN 40MM X 32MM, INSTALADO EM PRUMADA DE ÁGUA - FORNECIMENTO E INSTALAÇÃO. AF_06/2022"},103977,"SINAPI",{"$f":"IF(G1637=\"SINAPI\",VLOOKUP($F1637,DADOS_SINAPI,3,0),IF(G1637=\"SETOP\",VLOOKUP($F1637,DADOS_SETOP,3,0),IF(G1637=\"CPU\",VLOOKUP($F1637,DADOS_COMPOSICAO,10,0),IF(G1637=\"SICRO\",VLOOKUP($F1637,DADOS_SICRO,3,0),IF(G1637=\"SUDECAP\",VLOOKUP(F1637,DADOS_SUDECAP,3,0),IF(G1637=\"COTAÇÃO\",VLOOKUP($F1637,DADOS_COTACAO,9,0),\"\"))))))","v":"UN"},{"$f":"F1639","v":3},{"$f":"IF(G1637=\"SINAPI\",VLOOKUP($F1637,DADOS_SINAPI,4,0),IF(G1637=\"SETOP\",VLOOKUP($F1637,DADOS_SETOP,4,0),IF(G1637=\"CPU\",VLOOKUP($F1637,DADOS_COMPOSICAO,13,0),IF(G1637=\"SICRO\",VLOOKUP($F1637,DADOS_SICRO,4,0),IF(G1637=\"SUDECAP\",VLOOKUP(F1637,DADOS_SUDECAP,4,0),IF(G1637=\"COTAÇÃO\",VLOOKUP(F1637,DADOS_COTACAO,12,0),\"\"))))))","v":6.84},"BDI 1",{"$f":"TRUNC(J1637*(1+$N$17),2)","v":8.65},{"$f":"IFERROR(TRUNC(I1637*J1637,2),\"\")","v":20.52},{"$f":"IFERROR(TRUNC(L1637*I1637,2),\"\")","v":25.95}]
[2000]
[2000,null,null,null,"Quantidade",3,"un"]
[2000]
[{"$f":"IFERROR(LEFT(D1641,SEARCH(\".\",D1641)-1),\"\")","v":"12"},{"$f":"IFERROR(LEFT(RIGHT(D1641,LEN(D1641)-SEARCH(\".\",D1641)),SEARCH(\".\",RIGHT(D1641,LEN(D1641)-SEARCH(\".\",D1641)))-1),\"\")","v":"4"},{"$f":"IFERROR(IF(LEN(D1641)-LEN(SUBSTITUTE(D1641,\".\",\"\"))<>3,\"\",MID(D1641,SEARCH(\".\",D1641,SEARCH(\".\",D1641)+1)+1,LEN(D1641)-SEARCH(\".\",D1641,SEARCH(\".\",D1641)+1)-(LEN(D1641)-(SEARCH(\".\",D1641,SEARCH(\".\",D1641,SEARCH(\".\",D1641)+1)+1)-1)))),\"\")","v":""},"12.4.4",{"$f":"IF($G1641=\"SINAPI\",VLOOKUP($F1641,DADOS_SINAPI,2,0),IF(G1641=\"SETOP\",VLOOKUP($F1641,DADOS_SETOP,2,0),IF(G1641=\"CPU\",VLOOKUP($F1641,DADOS_COMPOSICAO,2,0),IF(G1641=\"SICRO\",VLOOKUP($F1641,DADOS_SICRO,2,0),IF(G1641=\"SUDECAP\",VLOOKUP(F1641,DADOS_SUDECAP,2,0),IF(G1641=\"COTAÇÃO\",VLOOKUP($F1641,DADOS_COTACAO,2,0),\"\"))))))","v":"BUCHA DE REDUÇÃO, CURTA, PVC, SOLDÁVEL, DN 50 X 40 MM, INSTALADO EM PRUMADA DE ÁGUA - FORNECIMENTO E INSTALAÇÃO. AF_06/2022"},103958,"SINAPI",{"$f":"IF(G1641=\"SINAPI\",VLOOKUP($F1641,DADOS_SINAPI,3,0),IF(G1641=\"SETOP\",VLOOKUP($F1641,DADOS_SETOP,3,0),IF(G1641=\"CPU\",VLOOKUP($F1641,DADOS_COMPOSICAO,10,0),IF(G1641=\"SICRO\",VLOOKUP($F1641,DADOS_SICRO,3,0),IF(G1641=\"SUDECAP\",VLOOKUP(F1641,DADOS_SUDECAP,3,0),IF(G1641=\"COTAÇÃO\",VLOOKUP($F1641,DADOS_COTACAO,9,0),\"\"))))))","v":"UN"},{"$f":"F1643","v":1},{"$f":"IF(G1641=\"SINAPI\",VLOOKUP($F1641,DADOS_SINAPI,4,0),IF(G1641=\"SETOP\",VLOOKUP($F1641,DADOS_SETOP,4,0),IF(G1641=\"CPU\",VLOOKUP($F1641,DADOS_COMPOSICAO,13,0),IF(G1641=\"SICRO\",VLOOKUP($F1641,DADOS_SICRO,4,0),IF(G1641=\"SUDECAP\",VLOOKUP(F1641,DADOS_SUDECAP,4,0),IF(G1641=\"COTAÇÃO\",VLOOKUP(F1641,DADOS_COTACAO,12,0),\"\"))))))","v":9.9499999999999993},"BDI 1",{"$f":"TRUNC(J1641*(1+$N$17),2)","v":12.58},{"$f":"IFERROR(TRUNC(I1641*J1641,2),\"\")","v":9.9499999999999993},{"$f":"IFERROR(TRUNC(L1641*I1641,2),\"\")","v":12.58}]
[2000]
[2000,null,null,null,"Quantidade",1,"un"]
[2000]
[{"$f":"IFERROR(LEFT(D1645,SEARCH(\".\",D1645)-1),\"\")","v":"12"},{"$f":"IFERROR(LEFT(RIGHT(D1645,LEN(D1645)-SEARCH(\".\",D1645)),SEARCH(\".\",RIGHT(D1645,LEN(D1645)-SEARCH(\".\",D1645)))-1),\"\")","v":"4"},{"$f":"IFERROR(IF(LEN(D1645)-LEN(SUBSTITUTE(D1645,\".\",\"\"))<>3,\"\",MID(D1645,SEARCH(\".\",D1645,SEARCH(\".\",D1645)+1)+1,LEN(D1645)-SEARCH(\".\",D1645,SEARCH(\".\",D1645)+1)-(LEN(D1645)-(SEARCH(\".\",D1645,SEARCH(\".\",D1645,SEARCH(\".\",D1645)+1)+1)-1)))),\"\")","v":""},"12.4.5",{"$f":"IF($G1645=\"SINAPI\",VLOOKUP($F1645,DADOS_SINAPI,2,0),IF(G1645=\"SETOP\",VLOOKUP($F1645,DADOS_SETOP,2,0),IF(G1645=\"CPU\",VLOOKUP($F1645,DADOS_COMPOSICAO,2,0),IF(G1645=\"SICRO\",VLOOKUP($F1645,DADOS_SICRO,2,0),IF(G1645=\"SUDECAP\",VLOOKUP(F1645,DADOS_SUDECAP,2,0),IF(G1645=\"COTAÇÃO\",VLOOKUP($F1645,DADOS_COTACAO,2,0),\"\"))))))","v":"BUCHA DE REDUÇÃO , LONGA, PVC, SOLDÁVEL, DN 50 X 32 MM, INSTALADO EM RAMAL DE DISTRIBUIÇÃO DE ÁGUA - FORNECIMENTO E INSTALAÇÃO. AF_06/2022"},104003,"SINAPI",{"$f":"IF(G1645=\"SINAPI\",VLOOKUP($F1645,DADOS_SINAPI,3,0),IF(G1645=\"SETOP\",VLOOKUP($F1645,DADOS_SETOP,3,0),IF(G1645=\"CPU\",VLOOKUP($F1645,DADOS_COMPOSICAO,10,0),IF(G1645=\"SICRO\",VLOOKUP($F1645,DADOS_SICRO,3,0),IF(G1645=\"SUDECAP\",VLOOKUP(F1645,DADOS_SUDECAP,3,0),IF(G1645=\"COTAÇÃO\",VLOOKUP($F1645,DADOS_COTACAO,9,0),\"\"))))))","v":"UN"},{"$f":"F1647","v":1},{"$f":"IF(G1645=\"SINAPI\",VLOOKUP($F1645,DADOS_SINAPI,4,0),IF(G1645=\"SETOP\",VLOOKUP($F1645,DADOS_SETOP,4,0),IF(G1645=\"CPU\",VLOOKUP($F1645,DADOS_COMPOSICAO,13,0),IF(G1645=\"SICRO\",VLOOKUP($F1645,DADOS_SICRO,4,0),IF(G1645=\"SUDECAP\",VLOOKUP(F1645,DADOS_SUDECAP,4,0),IF(G1645=\"COTAÇÃO\",VLOOKUP(F1645,DADOS_COTACAO,12,0),\"\"))))))","v":14.75},"BDI 1",{"$f":"TRUNC(J1645*(1+$N$17),2)","v":18.66},{"$f":"IFERROR(TRUNC(I1645*J1645,2),\"\")","v":14.75},{"$f":"IFERROR(TRUNC(L1645*I1645,2),\"\")","v":18.66}]
[2000]
[2000,null,null,null,"Quantidade",1,"un"]
[2000]
[{"$f":"IFERROR(LEFT(D1649,SEARCH(\".\",D1649)-1),\"\")","v":"12"},{"$f":"IFERROR(LEFT(RIGHT(D1649,LEN(D1649)-SEARCH(\".\",D1649)),SEARCH(\".\",RIGHT(D1649,LEN(D1649)-SEARCH(\".\",D1649)))-1),\"\")","v":"4"},{"$f":"IFERROR(IF(LEN(D1649)-LEN(SUBSTITUTE(D1649,\".\",\"\"))<>3,\"\",MID(D1649,SEARCH(\".\",D1649,SEARCH(\".\",D1649)+1)+1,LEN(D1649)-SEARCH(\".\",D1649,SEARCH(\".\",D1649)+1)-(LEN(D1649)-(SEARCH(\".\",D1649,SEARCH(\".\",D1649,SEARCH(\".\",D1649)+1)+1)-1)))),\"\")","v":""},"12.4.6",{"$f":"IF($G1649=\"SINAPI\",VLOOKUP($F1649,DADOS_SINAPI,2,0),IF(G1649=\"SETOP\",VLOOKUP($F1649,DADOS_SETOP,2,0),IF(G1649=\"CPU\",VLOOKUP($F1649,DADOS_COMPOSICAO,2,0),IF(G1649=\"SICRO\",VLOOKUP($F1649,DADOS_SICRO,2,0),IF(G1649=\"SUDECAP\",VLOOKUP(F1649,DADOS_SUDECAP,2,0),IF(G1649=\"COTAÇÃO\",VLOOKUP($F1649,DADOS_COTACAO,2,0),\"\"))))))","v":"JOELHO 45 GRAUS, PVC, SOLDÁVEL, DN 25MM, INSTALADO EM RAMAL OU SUB-RAMAL DE ÁGUA - FORNECIMENTO E INSTALAÇÃO. AF_06/2022"},89363,"SINAPI",{"$f":"IF(G1649=\"SINAPI\",VLOOKUP($F1649,DADOS_SINAPI,3,0),IF(G1649=\"SETOP\",VLOOKUP($F1649,DADOS_SETOP,3,0),IF(G1649=\"CPU\",VLOOKUP($F1649,DADOS_COMPOSICAO,10,0),IF(G1649=\"SICRO\",VLOOKUP($F1649,DADOS_SICRO,3,0),IF(G1649=\"SUDECAP\",VLOOKUP(F1649,DADOS_SUDECAP,3,0),IF(G1649=\"COTAÇÃO\",VLOOKUP($F1649,DADOS_COTACAO,9,0),\"\"))))))","v":"UN"},{"$f":"F1651","v":4},{"$f":"IF(G1649=\"SINAPI\",VLOOKUP($F1649,DADOS_SINAPI,4,0),IF(G1649=\"SETOP\",VLOOKUP($F1649,DADOS_SETOP,4,0),IF(G1649=\"CPU\",VLOOKUP($F1649,DADOS_COMPOSICAO,13,0),IF(G1649=\"SICRO\",VLOOKUP($F1649,DADOS_SICRO,4,0),IF(G1649=\"SUDECAP\",VLOOKUP(F1649,DADOS_SUDECAP,4,0),IF(G1649=\"COTAÇÃO\",VLOOKUP(F1649,DADOS_COTACAO,12,0),\"\"))))))","v":9.4},"BDI 1",{"$f":"TRUNC(J1649*(1+$N$17),2)","v":11.89},{"$f":"IFERROR(TRUNC(I1649*J1649,2),\"\")","v":37.6},{"$f":"IFERROR(TRUNC(L1649*I1649,2),\"\")","v":47.56}]
[2000]
[2000,null,null,null,"Quantidade",4,"un"]
[2000]
[{"$f":"IFERROR(LEFT(D1653,SEARCH(\".\",D1653)-1),\"\")","v":"12"},{"$f":"IFERROR(LEFT(RIGHT(D1653,LEN(D1653)-SEARCH(\".\",D1653)),SEARCH(\".\",RIGHT(D1653,LEN(D1653)-SEARCH(\".\",D1653)))-1),\"\")","v":"4"},{"$f":"IFERROR(IF(LEN(D1653)-LEN(SUBSTITUTE(D1653,\".\",\"\"))<>3,\"\",MID(D1653,SEARCH(\".\",D1653,SEARCH(\".\",D1653)+1)+1,LEN(D1653)-SEARCH(\".\",D1653,SEARCH(\".\",D1653)+1)-(LEN(D1653)-(SEARCH(\".\",D1653,SEARCH(\".\",D1653,SEARCH(\".\",D1653)+1)+1)-1)))),\"\")","v":""},"12.4.7",{"$f":"IF($G1653=\"SINAPI\",VLOOKUP($F1653,DADOS_SINAPI,2,0),IF(G1653=\"SETOP\",VLOOKUP($F1653,DADOS_SETOP,2,0),IF(G1653=\"CPU\",VLOOKUP($F1653,DADOS_COMPOSICAO,2,0),IF(G1653=\"SICRO\",VLOOKUP($F1653,DADOS_SICRO,2,0),IF(G1653=\"SUDECAP\",VLOOKUP(F1653,DADOS_SUDECAP,2,0),IF(G1653=\"COTAÇÃO\",VLOOKUP($F1653,DADOS_COTACAO,2,0),\"\"))))))","v":"JOELHO 45 GRAUS, PVC, SOLDÁVEL, DN 32MM, INSTALADO EM RAMAL OU SUB-RAMAL DE ÁGUA - FORNECIMENTO E INSTALAÇÃO. AF_06/2022"},89368,"SINAPI",{"$f":"IF(G1653=\"SINAPI\",VLOOKUP($F1653,DADOS_SINAPI,3,0),IF(G1653=\"SETOP\",VLOOKUP($F1653,DADOS_SETOP,3,0),IF(G1653=\"CPU\",VLOOKUP($F1653,DADOS_COMPOSICAO,10,0),IF(G1653=\"SICRO\",VLOOKUP($F1653,DADOS_SICRO,3,0),IF(G1653=\"SUDECAP\",VLOOKUP(F1653,DADOS_SUDECAP,3,0),IF(G1653=\"COTAÇÃO\",VLOOKUP($F1653,DADOS_COTACAO,9,0),\"\"))))))","v":"UN"},{"$f":"F1655","v":21},{"$f":"IF(G1653=\"SINAPI\",VLOOKUP($F1653,DADOS_SINAPI,4,0),IF(G1653=\"SETOP\",VLOOKUP($F1653,DADOS_SETOP,4,0),IF(G1653=\"CPU\",VLOOKUP($F1653,DADOS_COMPOSICAO,13,0),IF(G1653=\"SICRO\",VLOOKUP($F1653,DADOS_SICRO,4,0),IF(G1653=\"SUDECAP\",VLOOKUP(F1653,DADOS_SUDECAP,4,0),IF(G1653=\"COTAÇÃO\",VLOOKUP(F1653,DADOS_COTACAO,12,0),\"\"))))))","v":14.35},"BDI 1",{"$f":"TRUNC(J1653*(1+$N$17),2)","v":18.149999999999999},{"$f":"IFERROR(TRUNC(I1653*J1653,2),\"\")","v":301.35000000000002},{"$f":"IFERROR(TRUNC(L1653*I1653,2),\"\")","v":381.15}]
[2000]
[2000,null,null,null,"Quantidade",21,"un"]
[2000]
[{"$f":"IFERROR(LEFT(D1657,SEARCH(\".\",D1657)-1),\"\")","v":"12"},{"$f":"IFERROR(LEFT(RIGHT(D1657,LEN(D1657)-SEARCH(\".\",D1657)),SEARCH(\".\",RIGHT(D1657,LEN(D1657)-SEARCH(\".\",D1657)))-1),\"\")","v":"4"},{"$f":"IFERROR(IF(LEN(D1657)-LEN(SUBSTITUTE(D1657,\".\",\"\"))<>3,\"\",MID(D1657,SEARCH(\".\",D1657,SEARCH(\".\",D1657)+1)+1,LEN(D1657)-SEARCH(\".\",D1657,SEARCH(\".\",D1657)+1)-(LEN(D1657)-(SEARCH(\".\",D1657,SEARCH(\".\",D1657,SEARCH(\".\",D1657)+1)+1)-1)))),\"\")","v":""},"12.4.8",{"$f":"IF($G1657=\"SINAPI\",VLOOKUP($F1657,DADOS_SINAPI,2,0),IF(G1657=\"SETOP\",VLOOKUP($F1657,DADOS_SETOP,2,0),IF(G1657=\"CPU\",VLOOKUP($F1657,DADOS_COMPOSICAO,2,0),IF(G1657=\"SICRO\",VLOOKUP($F1657,DADOS_SICRO,2,0),IF(G1657=\"SUDECAP\",VLOOKUP(F1657,DADOS_SUDECAP,2,0),IF(G1657=\"COTAÇÃO\",VLOOKUP($F1657,DADOS_COTACAO,2,0),\"\"))))))","v":"JOELHO 45 GRAUS, PVC, SOLDÁVEL, DN 50MM, INSTALADO EM PRUMADA DE ÁGUA - FORNECIMENTO E INSTALAÇÃO. AF_06/2022"},89502,"SINAPI",{"$f":"IF(G1657=\"SINAPI\",VLOOKUP($F1657,DADOS_SINAPI,3,0),IF(G1657=\"SETOP\",VLOOKUP($F1657,DADOS_SETOP,3,0),IF(G1657=\"CPU\",VLOOKUP($F1657,DADOS_COMPOSICAO,10,0),IF(G1657=\"SICRO\",VLOOKUP($F1657,DADOS_SICRO,3,0),IF(G1657=\"SUDECAP\",VLOOKUP(F1657,DADOS_SUDECAP,3,0),IF(G1657=\"COTAÇÃO\",VLOOKUP($F1657,DADOS_COTACAO,9,0),\"\"))))))","v":"UN"},{"$f":"F1659","v":7},{"$f":"IF(G1657=\"SINAPI\",VLOOKUP($F1657,DADOS_SINAPI,4,0),IF(G1657=\"SETOP\",VLOOKUP($F1657,DADOS_SETOP,4,0),IF(G1657=\"CPU\",VLOOKUP($F1657,DADOS_COMPOSICAO,13,0),IF(G1657=\"SICRO\",VLOOKUP($F1657,DADOS_SICRO,4,0),IF(G1657=\"SUDECAP\",VLOOKUP(F1657,DADOS_SUDECAP,4,0),IF(G1657=\"COTAÇÃO\",VLOOKUP(F1657,DADOS_COTACAO,12,0),\"\"))))))","v":17.37},"BDI 1",{"$f":"TRUNC(J1657*(1+$N$17),2)","v":21.97},{"$f":"IFERROR(TRUNC(I1657*J1657,2),\"\")","v":121.59},{"$f":"IFERROR(TRUNC(L1657*I1657,2),\"\")","v":153.79}]
[2000]
[2000,null,null,null,"Quantidade",7,"un"]
[2000]
[{"$f":"IFERROR(LEFT(D1661,SEARCH(\".\",D1661)-1),\"\")","v":"12"},{"$f":"IFERROR(LEFT(RIGHT(D1661,LEN(D1661)-SEARCH(\".\",D1661)),SEARCH(\".\",RIGHT(D1661,LEN(D1661)-SEARCH(\".\",D1661)))-1),\"\")","v":"4"},{"$f":"IFERROR(IF(LEN(D1661)-LEN(SUBSTITUTE(D1661,\".\",\"\"))<>3,\"\",MID(D1661,SEARCH(\".\",D1661,SEARCH(\".\",D1661)+1)+1,LEN(D1661)-SEARCH(\".\",D1661,SEARCH(\".\",D1661)+1)-(LEN(D1661)-(SEARCH(\".\",D1661,SEARCH(\".\",D1661,SEARCH(\".\",D1661)+1)+1)-1)))),\"\")","v":""},"12.4.9",{"$f":"IF($G1661=\"SINAPI\",VLOOKUP($F1661,DADOS_SINAPI,2,0),IF(G1661=\"SETOP\",VLOOKUP($F1661,DADOS_SETOP,2,0),IF(G1661=\"CPU\",VLOOKUP($F1661,DADOS_COMPOSICAO,2,0),IF(G1661=\"SICRO\",VLOOKUP($F1661,DADOS_SICRO,2,0),IF(G1661=\"SUDECAP\",VLOOKUP(F1661,DADOS_SUDECAP,2,0),IF(G1661=\"COTAÇÃO\",VLOOKUP($F1661,DADOS_COTACAO,2,0),\"\"))))))","v":"JOELHO 90 GRAUS, PVC, SOLDÁVEL, DN 25MM, INSTALADO EM PRUMADA DE ÁGUA - FORNECIMENTO E INSTALAÇÃO. AF_06/2022"},89481,"SINAPI",{"$f":"IF(G1661=\"SINAPI\",VLOOKUP($F1661,DADOS_SINAPI,3,0),IF(G1661=\"SETOP\",VLOOKUP($F1661,DADOS_SETOP,3,0),IF(G1661=\"CPU\",VLOOKUP($F1661,DADOS_COMPOSICAO,10,0),IF(G1661=\"SICRO\",VLOOKUP($F1661,DADOS_SICRO,3,0),IF(G1661=\"SUDECAP\",VLOOKUP(F1661,DADOS_SUDECAP,3,0),IF(G1661=\"COTAÇÃO\",VLOOKUP($F1661,DADOS_COTACAO,9,0),\"\"))))))","v":"UN"},{"$f":"F1663","v":117},{"$f":"IF(G1661=\"SINAPI\",VLOOKUP($F1661,DADOS_SINAPI,4,0),IF(G1661=\"SETOP\",VLOOKUP($F1661,DADOS_SETOP,4,0),IF(G1661=\"CPU\",VLOOKUP($F1661,DADOS_COMPOSICAO,13,0),IF(G1661=\"SICRO\",VLOOKUP($F1661,DADOS_SICRO,4,0),IF(G1661=\"SUDECAP\",VLOOKUP(F1661,DADOS_SUDECAP,4,0),IF(G1661=\"COTAÇÃO\",VLOOKUP(F1661,DADOS_COTACAO,12,0),\"\"))))))","v":4.87},"BDI 1",{"$f":"TRUNC(J1661*(1+$N$17),2)","v":6.16},{"$f":"IFERROR(TRUNC(I1661*J1661,2),\"\")","v":569.79},{"$f":"IFERROR(TRUNC(L1661*I1661,2),\"\")","v":720.72}]
[2000]
[2000,null,null,null,"Quantidade",{"$f":"113+4","v":117},"un"]
[2000]
[{"$f":"IFERROR(LEFT(D1665,SEARCH(\".\",D1665)-1),\"\")","v":"12"},{"$f":"IFERROR(LEFT(RIGHT(D1665,LEN(D1665)-SEARCH(\".\",D1665)),SEARCH(\".\",RIGHT(D1665,LEN(D1665)-SEARCH(\".\",D1665)))-1),\"\")","v":"4"},{"$f":"IFERROR(IF(LEN(D1665)-LEN(SUBSTITUTE(D1665,\".\",\"\"))<>3,\"\",MID(D1665,SEARCH(\".\",D1665,SEARCH(\".\",D1665)+1)+1,LEN(D1665)-SEARCH(\".\",D1665,SEARCH(\".\",D1665)+1)-(LEN(D1665)-(SEARCH(\".\",D1665,SEARCH(\".\",D1665,SEARCH(\".\",D1665)+1)+1)-1)))),\"\")","v":""},"12.4.10",{"$f":"IF($G1665=\"SINAPI\",VLOOKUP($F1665,DADOS_SINAPI,2,0),IF(G1665=\"SETOP\",VLOOKUP($F1665,DADOS_SETOP,2,0),IF(G1665=\"CPU\",VLOOKUP($F1665,DADOS_COMPOSICAO,2,0),IF(G1665=\"SICRO\",VLOOKUP($F1665,DADOS_SICRO,2,0),IF(G1665=\"SUDECAP\",VLOOKUP(F1665,DADOS_SUDECAP,2,0),IF(G1665=\"COTAÇÃO\",VLOOKUP($F1665,DADOS_COTACAO,2,0),\"\"))))))","v":"JOELHO 90 GRAUS, PVC, SOLDÁVEL, DN 32MM, INSTALADO EM PRUMADA DE ÁGUA - FORNECIMENTO E INSTALAÇÃO. AF_06/2022"},89492,"SINAPI",{"$f":"IF(G1665=\"SINAPI\",VLOOKUP($F1665,DADOS_SINAPI,3,0),IF(G1665=\"SETOP\",VLOOKUP($F1665,DADOS_SETOP,3,0),IF(G1665=\"CPU\",VLOOKUP($F1665,DADOS_COMPOSICAO,10,0),IF(G1665=\"SICRO\",VLOOKUP($F1665,DADOS_SICRO,3,0),IF(G1665=\"SUDECAP\",VLOOKUP(F1665,DADOS_SUDECAP,3,0),IF(G1665=\"COTAÇÃO\",VLOOKUP($F1665,DADOS_COTACAO,9,0),\"\"))))))","v":"UN"},{"$f":"F1667","v":1},{"$f":"IF(G1665=\"SINAPI\",VLOOKUP($F1665,DADOS_SINAPI,4,0),IF(G1665=\"SETOP\",VLOOKUP($F1665,DADOS_SETOP,4,0),IF(G1665=\"CPU\",VLOOKUP($F1665,DADOS_COMPOSICAO,13,0),IF(G1665=\"SICRO\",VLOOKUP($F1665,DADOS_SICRO,4,0),IF(G1665=\"SUDECAP\",VLOOKUP(F1665,DADOS_SUDECAP,4,0),IF(G1665=\"COTAÇÃO\",VLOOKUP(F1665,DADOS_COTACAO,12,0),\"\"))))))","v":8.02},"BDI 1",{"$f":"TRUNC(J1665*(1+$N$17),2)","v":10.14},{"$f":"IFERROR(TRUNC(I1665*J1665,2),\"\")","v":8.02},{"$f":"IFERROR(TRUNC(L1665*I1665,2),\"\")","v":10.14}]
[2000]
[2000,null,null,null,"Quantidade",1,"un"]
[2000]
[{"$f":"IFERROR(LEFT(D1669,SEARCH(\".\",D1669)-1),\"\")","v":"12"},{"$f":"IFERROR(LEFT(RIGHT(D1669,LEN(D1669)-SEARCH(\".\",D1669)),SEARCH(\".\",RIGHT(D1669,LEN(D1669)-SEARCH(\".\",D1669)))-1),\"\")","v":"4"},{"$f":"IFERROR(IF(LEN(D1669)-LEN(SUBSTITUTE(D1669,\".\",\"\"))<>3,\"\",MID(D1669,SEARCH(\".\",D1669,SEARCH(\".\",D1669)+1)+1,LEN(D1669)-SEARCH(\".\",D1669,SEARCH(\".\",D1669)+1)-(LEN(D1669)-(SEARCH(\".\",D1669,SEARCH(\".\",D1669,SEARCH(\".\",D1669)+1)+1)-1)))),\"\")","v":""},"12.4.11",{"$f":"IF($G1669=\"SINAPI\",VLOOKUP($F1669,DADOS_SINAPI,2,0),IF(G1669=\"SETOP\",VLOOKUP($F1669,DADOS_SETOP,2,0),IF(G1669=\"CPU\",VLOOKUP($F1669,DADOS_COMPOSICAO,2,0),IF(G1669=\"SICRO\",VLOOKUP($F1669,DADOS_SICRO,2,0),IF(G1669=\"SUDECAP\",VLOOKUP(F1669,DADOS_SUDECAP,2,0),IF(G1669=\"COTAÇÃO\",VLOOKUP($F1669,DADOS_COTACAO,2,0),\"\"))))))","v":"JOELHO 90 GRAUS, PVC, SOLDÁVEL, DN 40MM, INSTALADO EM PRUMADA DE ÁGUA - FORNECIMENTO E INSTALAÇÃO. AF_06/2022"},89497,"SINAPI",{"$f":"IF(G1669=\"SINAPI\",VLOOKUP($F1669,DADOS_SINAPI,3,0),IF(G1669=\"SETOP\",VLOOKUP($F1669,DADOS_SETOP,3,0),IF(G1669=\"CPU\",VLOOKUP($F1669,DADOS_COMPOSICAO,10,0),IF(G1669=\"SICRO\",VLOOKUP($F1669,DADOS_SICRO,3,0),IF(G1669=\"SUDECAP\",VLOOKUP(F1669,DADOS_SUDECAP,3,0),IF(G1669=\"COTAÇÃO\",VLOOKUP($F1669,DADOS_COTACAO,9,0),\"\"))))))","v":"UN"},{"$f":"F1671","v":14},{"$f":"IF(G1669=\"SINAPI\",VLOOKUP($F1669,DADOS_SINAPI,4,0),IF(G1669=\"SETOP\",VLOOKUP($F1669,DADOS_SETOP,4,0),IF(G1669=\"CPU\",VLOOKUP($F1669,DADOS_COMPOSICAO,13,0),IF(G1669=\"SICRO\",VLOOKUP($F1669,DADOS_SICRO,4,0),IF(G1669=\"SUDECAP\",VLOOKUP(F1669,DADOS_SUDECAP,4,0),IF(G1669=\"COTAÇÃO\",VLOOKUP(F1669,DADOS_COTACAO,12,0),\"\"))))))","v":13.59},"BDI 1",{"$f":"TRUNC(J1669*(1+$N$17),2)","v":17.190000000000001},{"$f":"IFERROR(TRUNC(I1669*J1669,2),\"\")","v":190.26},{"$f":"IFERROR(TRUNC(L1669*I1669,2),\"\")","v":240.66}]
[2000]
[2000,null,null,null,"Quantidade",14,"un"]
[2000]
[{"$f":"IFERROR(LEFT(D1673,SEARCH(\".\",D1673)-1),\"\")","v":"12"},{"$f":"IFERROR(LEFT(RIGHT(D1673,LEN(D1673)-SEARCH(\".\",D1673)),SEARCH(\".\",RIGHT(D1673,LEN(D1673)-SEARCH(\".\",D1673)))-1),\"\")","v":"4"},{"$f":"IFERROR(IF(LEN(D1673)-LEN(SUBSTITUTE(D1673,\".\",\"\"))<>3,\"\",MID(D1673,SEARCH(\".\",D1673,SEARCH(\".\",D1673)+1)+1,LEN(D1673)-SEARCH(\".\",D1673,SEARCH(\".\",D1673)+1)-(LEN(D1673)-(SEARCH(\".\",D1673,SEARCH(\".\",D1673,SEARCH(\".\",D1673)+1)+1)-1)))),\"\")","v":""},"12.4.12",{"$f":"IF($G1673=\"SINAPI\",VLOOKUP($F1673,DADOS_SINAPI,2,0),IF(G1673=\"SETOP\",VLOOKUP($F1673,DADOS_SETOP,2,0),IF(G1673=\"CPU\",VLOOKUP($F1673,DADOS_COMPOSICAO,2,0),IF(G1673=\"SICRO\",VLOOKUP($F1673,DADOS_SICRO,2,0),IF(G1673=\"SUDECAP\",VLOOKUP(F1673,DADOS_SUDECAP,2,0),IF(G1673=\"COTAÇÃO\",VLOOKUP($F1673,DADOS_COTACAO,2,0),\"\"))))))","v":"JOELHO DE REDUÇÃO, 90 GRAUS, PVC, SOLDÁVEL, DN 32 MM X 25 MM, INSTALADO EM RAMAL OU SUB-RAMAL DE ÁGUA - FORNECIMENTO E INSTALAÇÃO. AF_06/2022"},103951,"SINAPI",{"$f":"IF(G1673=\"SINAPI\",VLOOKUP($F1673,DADOS_SINAPI,3,0),IF(G1673=\"SETOP\",VLOOKUP($F1673,DADOS_SETOP,3,0),IF(G1673=\"CPU\",VLOOKUP($F1673,DADOS_COMPOSICAO,10,0),IF(G1673=\"SICRO\",VLOOKUP($F1673,DADOS_SICRO,3,0),IF(G1673=\"SUDECAP\",VLOOKUP(F1673,DADOS_SUDECAP,3,0),IF(G1673=\"COTAÇÃO\",VLOOKUP($F1673,DADOS_COTACAO,9,0),\"\"))))))","v":"UN"},{"$f":"F1675","v":42},{"$f":"IF(G1673=\"SINAPI\",VLOOKUP($F1673,DADOS_SINAPI,4,0),IF(G1673=\"SETOP\",VLOOKUP($F1673,DADOS_SETOP,4,0),IF(G1673=\"CPU\",VLOOKUP($F1673,DADOS_COMPOSICAO,13,0),IF(G1673=\"SICRO\",VLOOKUP($F1673,DADOS_SICRO,4,0),IF(G1673=\"SUDECAP\",VLOOKUP(F1673,DADOS_SUDECAP,4,0),IF(G1673=\"COTAÇÃO\",VLOOKUP(F1673,DADOS_COTACAO,12,0),\"\"))))))","v":14.86},"BDI 1",{"$f":"TRUNC(J1673*(1+$N$17),2)","v":18.8},{"$f":"IFERROR(TRUNC(I1673*J1673,2),\"\")","v":624.12},{"$f":"IFERROR(TRUNC(L1673*I1673,2),\"\")","v":789.6}]
[2000]
[2000,null,null,null,"Quantidade",42,"un"]
[2000]
[{"$f":"IFERROR(LEFT(D1677,SEARCH(\".\",D1677)-1),\"\")","v":"12"},{"$f":"IFERROR(LEFT(RIGHT(D1677,LEN(D1677)-SEARCH(\".\",D1677)),SEARCH(\".\",RIGHT(D1677,LEN(D1677)-SEARCH(\".\",D1677)))-1),\"\")","v":"4"},{"$f":"IFERROR(IF(LEN(D1677)-LEN(SUBSTITUTE(D1677,\".\",\"\"))<>3,\"\",MID(D1677,SEARCH(\".\",D1677,SEARCH(\".\",D1677)+1)+1,LEN(D1677)-SEARCH(\".\",D1677,SEARCH(\".\",D1677)+1)-(LEN(D1677)-(SEARCH(\".\",D1677,SEARCH(\".\",D1677,SEARCH(\".\",D1677)+1)+1)-1)))),\"\")","v":""},"12.4.13",{"$f":"IF($G1677=\"SINAPI\",VLOOKUP($F1677,DADOS_SINAPI,2,0),IF(G1677=\"SETOP\",VLOOKUP($F1677,DADOS_SETOP,2,0),IF(G1677=\"CPU\",VLOOKUP($F1677,DADOS_COMPOSICAO,2,0),IF(G1677=\"SICRO\",VLOOKUP($F1677,DADOS_SICRO,2,0),IF(G1677=\"SUDECAP\",VLOOKUP(F1677,DADOS_SUDECAP,2,0),IF(G1677=\"COTAÇÃO\",VLOOKUP($F1677,DADOS_COTACAO,2,0),\"\"))))))","v":"TUBO, PVC, SOLDÁVEL, DN 25MM, INSTALADO EM RAMAL OU SUB-RAMAL DE ÁGUA - FORNECIMENTO E INSTALAÇÃO. AF_06/2022"},89356,"SINAPI",{"$f":"IF(G1677=\"SINAPI\",VLOOKUP($F1677,DADOS_SINAPI,3,0),IF(G1677=\"SETOP\",VLOOKUP($F1677,DADOS_SETOP,3,0),IF(G1677=\"CPU\",VLOOKUP($F1677,DADOS_COMPOSICAO,10,0),IF(G1677=\"SICRO\",VLOOKUP($F1677,DADOS_SICRO,3,0),IF(G1677=\"SUDECAP\",VLOOKUP(F1677,DADOS_SUDECAP,3,0),IF(G1677=\"COTAÇÃO\",VLOOKUP($F1677,DADOS_COTACAO,9,0),\"\"))))))","v":"M"},{"$f":"F1679","v":313.8},{"$f":"IF(G1677=\"SINAPI\",VLOOKUP($F1677,DADOS_SINAPI,4,0),IF(G1677=\"SETOP\",VLOOKUP($F1677,DADOS_SETOP,4,0),IF(G1677=\"CPU\",VLOOKUP($F1677,DADOS_COMPOSICAO,13,0),IF(G1677=\"SICRO\",VLOOKUP($F1677,DADOS_SICRO,4,0),IF(G1677=\"SUDECAP\",VLOOKUP(F1677,DADOS_SUDECAP,4,0),IF(G1677=\"COTAÇÃO\",VLOOKUP(F1677,DADOS_COTACAO,12,0),\"\"))))))","v":21.99},"BDI 1",{"$f":"TRUNC(J1677*(1+$N$17),2)","v":27.82},{"$f":"IFERROR(TRUNC(I1677*J1677,2),\"\")","v":6900.46},{"$f":"IFERROR(TRUNC(L1677*I1677,2),\"\")","v":8729.91}]
[2000]
[2000,null,null,null,"Quantidade",{"$f":"138.8+3.4+171.6","v":313.8},"m"]
[2000]
[{"$f":"IFERROR(LEFT(D1681,SEARCH(\".\",D1681)-1),\"\")","v":"12"},{"$f":"IFERROR(LEFT(RIGHT(D1681,LEN(D1681)-SEARCH(\".\",D1681)),SEARCH(\".\",RIGHT(D1681,LEN(D1681)-SEARCH(\".\",D1681)))-1),\"\")","v":"4"},{"$f":"IFERROR(IF(LEN(D1681)-LEN(SUBSTITUTE(D1681,\".\",\"\"))<>3,\"\",MID(D1681,SEARCH(\".\",D1681,SEARCH(\".\",D1681)+1)+1,LEN(D1681)-SEARCH(\".\",D1681,SEARCH(\".\",D1681)+1)-(LEN(D1681)-(SEARCH(\".\",D1681,SEARCH(\".\",D1681,SEARCH(\".\",D1681)+1)+1)-1)))),\"\")","v":""},"12.4.14",{"$f":"IF($G1681=\"SINAPI\",VLOOKUP($F1681,DADOS_SINAPI,2,0),IF(G1681=\"SETOP\",VLOOKUP($F1681,DADOS_SETOP,2,0),IF(G1681=\"CPU\",VLOOKUP($F1681,DADOS_COMPOSICAO,2,0),IF(G1681=\"SICRO\",VLOOKUP($F1681,DADOS_SICRO,2,0),IF(G1681=\"SUDECAP\",VLOOKUP(F1681,DADOS_SUDECAP,2,0),IF(G1681=\"COTAÇÃO\",VLOOKUP($F1681,DADOS_COTACAO,2,0),\"\"))))))","v":"TUBO, PVC, SOLDÁVEL, DN 32MM, INSTALADO EM RAMAL OU SUB-RAMAL DE ÁGUA - FORNECIMENTO E INSTALAÇÃO. AF_06/2022"},89357,"SINAPI",{"$f":"IF(G1681=\"SINAPI\",VLOOKUP($F1681,DADOS_SINAPI,3,0),IF(G1681=\"SETOP\",VLOOKUP($F1681,DADOS_SETOP,3,0),IF(G1681=\"CPU\",VLOOKUP($F1681,DADOS_COMPOSICAO,10,0),IF(G1681=\"SICRO\",VLOOKUP($F1681,DADOS_SICRO,3,0),IF(G1681=\"SUDECAP\",VLOOKUP(F1681,DADOS_SUDECAP,3,0),IF(G1681=\"COTAÇÃO\",VLOOKUP($F1681,DADOS_COTACAO,9,0),\"\"))))))","v":"M"},{"$f":"F1683","v":97.4},{"$f":"IF(G1681=\"SINAPI\",VLOOKUP($F1681,DADOS_SINAPI,4,0),IF(G1681=\"SETOP\",VLOOKUP($F1681,DADOS_SETOP,4,0),IF(G1681=\"CPU\",VLOOKUP($F1681,DADOS_COMPOSICAO,13,0),IF(G1681=\"SICRO\",VLOOKUP($F1681,DADOS_SICRO,4,0),IF(G1681=\"SUDECAP\",VLOOKUP(F1681,DADOS_SUDECAP,4,0),IF(G1681=\"COTAÇÃO\",VLOOKUP(F1681,DADOS_COTACAO,12,0),\"\"))))))","v":31.56},"BDI 1",{"$f":"TRUNC(J1681*(1+$N$17),2)","v":39.92},{"$f":"IFERROR(TRUNC(I1681*J1681,2),\"\")","v":3073.94},{"$f":"IFERROR(TRUNC(L1681*I1681,2),\"\")","v":3888.2}]
[2000]
[2000,null,null,null,"Quantidade",97.4,"m"]
[2000]
[{"$f":"IFERROR(LEFT(D1685,SEARCH(\".\",D1685)-1),\"\")","v":"12"},{"$f":"IFERROR(LEFT(RIGHT(D1685,LEN(D1685)-SEARCH(\".\",D1685)),SEARCH(\".\",RIGHT(D1685,LEN(D1685)-SEARCH(\".\",D1685)))-1),\"\")","v":"4"},{"$f":"IFERROR(IF(LEN(D1685)-LEN(SUBSTITUTE(D1685,\".\",\"\"))<>3,\"\",MID(D1685,SEARCH(\".\",D1685,SEARCH(\".\",D1685)+1)+1,LEN(D1685)-SEARCH(\".\",D1685,SEARCH(\".\",D1685)+1)-(LEN(D1685)-(SEARCH(\".\",D1685,SEARCH(\".\",D1685,SEARCH(\".\",D1685)+1)+1)-1)))),\"\")","v":""},"12.4.15",{"$f":"IF($G1685=\"SINAPI\",VLOOKUP($F1685,DADOS_SINAPI,2,0),IF(G1685=\"SETOP\",VLOOKUP($F1685,DADOS_SETOP,2,0),IF(G1685=\"CPU\",VLOOKUP($F1685,DADOS_COMPOSICAO,2,0),IF(G1685=\"SICRO\",VLOOKUP($F1685,DADOS_SICRO,2,0),IF(G1685=\"SUDECAP\",VLOOKUP(F1685,DADOS_SUDECAP,2,0),IF(G1685=\"COTAÇÃO\",VLOOKUP($F1685,DADOS_COTACAO,2,0),\"\"))))))","v":"TUBO, PVC, SOLDÁVEL, DN 40MM, INSTALADO EM PRUMADA DE ÁGUA - FORNECIMENTO E INSTALAÇÃO. AF_06/2022"},89448,"SINAPI",{"$f":"IF(G1685=\"SINAPI\",VLOOKUP($F1685,DADOS_SINAPI,3,0),IF(G1685=\"SETOP\",VLOOKUP($F1685,DADOS_SETOP,3,0),IF(G1685=\"CPU\",VLOOKUP($F1685,DADOS_COMPOSICAO,10,0),IF(G1685=\"SICRO\",VLOOKUP($F1685,DADOS_SICRO,3,0),IF(G1685=\"SUDECAP\",VLOOKUP(F1685,DADOS_SUDECAP,3,0),IF(G1685=\"COTAÇÃO\",VLOOKUP($F1685,DADOS_COTACAO,9,0),\"\"))))))","v":"M"},{"$f":"F1687","v":97.1},{"$f":"IF(G1685=\"SINAPI\",VLOOKUP($F1685,DADOS_SINAPI,4,0),IF(G1685=\"SETOP\",VLOOKUP($F1685,DADOS_SETOP,4,0),IF(G1685=\"CPU\",VLOOKUP($F1685,DADOS_COMPOSICAO,13,0),IF(G1685=\"SICRO\",VLOOKUP($F1685,DADOS_SICRO,4,0),IF(G1685=\"SUDECAP\",VLOOKUP(F1685,DADOS_SUDECAP,4,0),IF(G1685=\"COTAÇÃO\",VLOOKUP(F1685,DADOS_COTACAO,12,0),\"\"))))))","v":19.97},"BDI 1",{"$f":"TRUNC(J1685*(1+$N$17),2)","v":25.26},{"$f":"IFERROR(TRUNC(I1685*J1685,2),\"\")","v":1939.08},{"$f":"IFERROR(TRUNC(L1685*I1685,2),\"\")","v":2452.7399999999998}]
[2000]
[2000,null,null,null,"Quantidade",97.1,"m"]
[2000]
[{"$f":"IFERROR(LEFT(D1689,SEARCH(\".\",D1689)-1),\"\")","v":"12"},{"$f":"IFERROR(LEFT(RIGHT(D1689,LEN(D1689)-SEARCH(\".\",D1689)),SEARCH(\".\",RIGHT(D1689,LEN(D1689)-SEARCH(\".\",D1689)))-1),\"\")","v":"4"},{"$f":"IFERROR(IF(LEN(D1689)-LEN(SUBSTITUTE(D1689,\".\",\"\"))<>3,\"\",MID(D1689,SEARCH(\".\",D1689,SEARCH(\".\",D1689)+1)+1,LEN(D1689)-SEARCH(\".\",D1689,SEARCH(\".\",D1689)+1)-(LEN(D1689)-(SEARCH(\".\",D1689,SEARCH(\".\",D1689,SEARCH(\".\",D1689)+1)+1)-1)))),\"\")","v":""},"12.4.16",{"$f":"IF($G1689=\"SINAPI\",VLOOKUP($F1689,DADOS_SINAPI,2,0),IF(G1689=\"SETOP\",VLOOKUP($F1689,DADOS_SETOP,2,0),IF(G1689=\"CPU\",VLOOKUP($F1689,DADOS_COMPOSICAO,2,0),IF(G1689=\"SICRO\",VLOOKUP($F1689,DADOS_SICRO,2,0),IF(G1689=\"SUDECAP\",VLOOKUP(F1689,DADOS_SUDECAP,2,0),IF(G1689=\"COTAÇÃO\",VLOOKUP($F1689,DADOS_COTACAO,2,0),\"\"))))))","v":"TUBO, PVC, SOLDÁVEL, DN 50MM, INSTALADO EM PRUMADA DE ÁGUA - FORNECIMENTO E INSTALAÇÃO. AF_06/2022"},89449,"SINAPI",{"$f":"IF(G1689=\"SINAPI\",VLOOKUP($F1689,DADOS_SINAPI,3,0),IF(G1689=\"SETOP\",VLOOKUP($F1689,DADOS_SETOP,3,0),IF(G1689=\"CPU\",VLOOKUP($F1689,DADOS_COMPOSICAO,10,0),IF(G1689=\"SICRO\",VLOOKUP($F1689,DADOS_SICRO,3,0),IF(G1689=\"SUDECAP\",VLOOKUP(F1689,DADOS_SUDECAP,3,0),IF(G1689=\"COTAÇÃO\",VLOOKUP($F1689,DADOS_COTACAO,9,0),\"\"))))))","v":"M"},{"$f":"F1691","v":81.5},{"$f":"IF(G1689=\"SINAPI\",VLOOKUP($F1689,DADOS_SINAPI,4,0),IF(G1689=\"SETOP\",VLOOKUP($F1689,DADOS_SETOP,4,0),IF(G1689=\"CPU\",VLOOKUP($F1689,DADOS_COMPOSICAO,13,0),IF(G1689=\"SICRO\",VLOOKUP($F1689,DADOS_SICRO,4,0),IF(G1689=\"SUDECAP\",VLOOKUP(F1689,DADOS_SUDECAP,4,0),IF(G1689=\"COTAÇÃO\",VLOOKUP(F1689,DADOS_COTACAO,12,0),\"\"))))))","v":22.05},"BDI 1",{"$f":"TRUNC(J1689*(1+$N$17),2)","v":27.89},{"$f":"IFERROR(TRUNC(I1689*J1689,2),\"\")","v":1797.07},{"$f":"IFERROR(TRUNC(L1689*I1689,2),\"\")","v":2273.0300000000002}]
[2000]
[2000,null,null,null,"Quantidade",81.5,"m"]
[2000]
[{"$f":"IFERROR(LEFT(D1693,SEARCH(\".\",D1693)-1),\"\")","v":"12"},{"$f":"IFERROR(LEFT(RIGHT(D1693,LEN(D1693)-SEARCH(\".\",D1693)),SEARCH(\".\",RIGHT(D1693,LEN(D1693)-SEARCH(\".\",D1693)))-1),\"\")","v":"4"},{"$f":"IFERROR(IF(LEN(D1693)-LEN(SUBSTITUTE(D1693,\".\",\"\"))<>3,\"\",MID(D1693,SEARCH(\".\",D1693,SEARCH(\".\",D1693)+1)+1,LEN(D1693)-SEARCH(\".\",D1693,SEARCH(\".\",D1693)+1)-(LEN(D1693)-(SEARCH(\".\",D1693,SEARCH(\".\",D1693,SEARCH(\".\",D1693)+1)+1)-1)))),\"\")","v":""},"12.4.17",{"$f":"IF($G1693=\"SINAPI\",VLOOKUP($F1693,DADOS_SINAPI,2,0),IF(G1693=\"SETOP\",VLOOKUP($F1693,DADOS_SETOP,2,0),IF(G1693=\"CPU\",VLOOKUP($F1693,DADOS_COMPOSICAO,2,0),IF(G1693=\"SICRO\",VLOOKUP($F1693,DADOS_SICRO,2,0),IF(G1693=\"SUDECAP\",VLOOKUP(F1693,DADOS_SUDECAP,2,0),IF(G1693=\"COTAÇÃO\",VLOOKUP($F1693,DADOS_COTACAO,2,0),\"\"))))))","v":"TE, PVC, SOLDÁVEL, DN 25MM, INSTALADO EM RAMAL OU SUB-RAMAL DE ÁGUA - FORNECIMENTO E INSTALAÇÃO. AF_06/2022"},89395,"SINAPI",{"$f":"IF(G1693=\"SINAPI\",VLOOKUP($F1693,DADOS_SINAPI,3,0),IF(G1693=\"SETOP\",VLOOKUP($F1693,DADOS_SETOP,3,0),IF(G1693=\"CPU\",VLOOKUP($F1693,DADOS_COMPOSICAO,10,0),IF(G1693=\"SICRO\",VLOOKUP($F1693,DADOS_SICRO,3,0),IF(G1693=\"SUDECAP\",VLOOKUP(F1693,DADOS_SUDECAP,3,0),IF(G1693=\"COTAÇÃO\",VLOOKUP($F1693,DADOS_COTACAO,9,0),\"\"))))))","v":"UN"},{"$f":"F1695","v":71},{"$f":"IF(G1693=\"SINAPI\",VLOOKUP($F1693,DADOS_SINAPI,4,0),IF(G1693=\"SETOP\",VLOOKUP($F1693,DADOS_SETOP,4,0),IF(G1693=\"CPU\",VLOOKUP($F1693,DADOS_COMPOSICAO,13,0),IF(G1693=\"SICRO\",VLOOKUP($F1693,DADOS_SICRO,4,0),IF(G1693=\"SUDECAP\",VLOOKUP(F1693,DADOS_SUDECAP,4,0),IF(G1693=\"COTAÇÃO\",VLOOKUP(F1693,DADOS_COTACAO,12,0),\"\"))))))","v":11.69},"BDI 1",{"$f":"TRUNC(J1693*(1+$N$17),2)","v":14.79},{"$f":"IFERROR(TRUNC(I1693*J1693,2),\"\")","v":829.99},{"$f":"IFERROR(TRUNC(L1693*I1693,2),\"\")","v":1050.0899999999999}]
[2000]
[2000,null,null,null,"Quantidade",71,"un"]
[2000]
[{"$f":"IFERROR(LEFT(D1697,SEARCH(\".\",D1697)-1),\"\")","v":"12"},{"$f":"IFERROR(LEFT(RIGHT(D1697,LEN(D1697)-SEARCH(\".\",D1697)),SEARCH(\".\",RIGHT(D1697,LEN(D1697)-SEARCH(\".\",D1697)))-1),\"\")","v":"4"},{"$f":"IFERROR(IF(LEN(D1697)-LEN(SUBSTITUTE(D1697,\".\",\"\"))<>3,\"\",MID(D1697,SEARCH(\".\",D1697,SEARCH(\".\",D1697)+1)+1,LEN(D1697)-SEARCH(\".\",D1697,SEARCH(\".\",D1697)+1)-(LEN(D1697)-(SEARCH(\".\",D1697,SEARCH(\".\",D1697,SEARCH(\".\",D1697)+1)+1)-1)))),\"\")","v":""},"12.4.18",{"$f":"IF($G1697=\"SINAPI\",VLOOKUP($F1697,DADOS_SINAPI,2,0),IF(G1697=\"SETOP\",VLOOKUP($F1697,DADOS_SETOP,2,0),IF(G1697=\"CPU\",VLOOKUP($F1697,DADOS_COMPOSICAO,2,0),IF(G1697=\"SICRO\",VLOOKUP($F1697,DADOS_SICRO,2,0),IF(G1697=\"SUDECAP\",VLOOKUP(F1697,DADOS_SUDECAP,2,0),IF(G1697=\"COTAÇÃO\",VLOOKUP($F1697,DADOS_COTACAO,2,0),\"\"))))))","v":"TE, PVC, SOLDÁVEL, DN 32MM, INSTALADO EM RAMAL OU SUB-RAMAL DE ÁGUA - FORNECIMENTO E INSTALAÇÃO. AF_06/2022"},89398,"SINAPI",{"$f":"IF(G1697=\"SINAPI\",VLOOKUP($F1697,DADOS_SINAPI,3,0),IF(G1697=\"SETOP\",VLOOKUP($F1697,DADOS_SETOP,3,0),IF(G1697=\"CPU\",VLOOKUP($F1697,DADOS_COMPOSICAO,10,0),IF(G1697=\"SICRO\",VLOOKUP($F1697,DADOS_SICRO,3,0),IF(G1697=\"SUDECAP\",VLOOKUP(F1697,DADOS_SUDECAP,3,0),IF(G1697=\"COTAÇÃO\",VLOOKUP($F1697,DADOS_COTACAO,9,0),\"\"))))))","v":"UN"},{"$f":"F1699","v":4},{"$f":"IF(G1697=\"SINAPI\",VLOOKUP($F1697,DADOS_SINAPI,4,0),IF(G1697=\"SETOP\",VLOOKUP($F1697,DADOS_SETOP,4,0),IF(G1697=\"CPU\",VLOOKUP($F1697,DADOS_COMPOSICAO,13,0),IF(G1697=\"SICRO\",VLOOKUP($F1697,DADOS_SICRO,4,0),IF(G1697=\"SUDECAP\",VLOOKUP(F1697,DADOS_SUDECAP,4,0),IF(G1697=\"COTAÇÃO\",VLOOKUP(F1697,DADOS_COTACAO,12,0),\"\"))))))","v":17.14},"BDI 1",{"$f":"TRUNC(J1697*(1+$N$17),2)","v":21.68},{"$f":"IFERROR(TRUNC(I1697*J1697,2),\"\")","v":68.56},{"$f":"IFERROR(TRUNC(L1697*I1697,2),\"\")","v":86.72}]
[2000]
[2000,null,null,null,"Quantidade",4,"un"]
[2000]
[{"$f":"IFERROR(LEFT(D1701,SEARCH(\".\",D1701)-1),\"\")","v":"12"},{"$f":"IFERROR(LEFT(RIGHT(D1701,LEN(D1701)-SEARCH(\".\",D1701)),SEARCH(\".\",RIGHT(D1701,LEN(D1701)-SEARCH(\".\",D1701)))-1),\"\")","v":"4"},{"$f":"IFERROR(IF(LEN(D1701)-LEN(SUBSTITUTE(D1701,\".\",\"\"))<>3,\"\",MID(D1701,SEARCH(\".\",D1701,SEARCH(\".\",D1701)+1)+1,LEN(D1701)-SEARCH(\".\",D1701,SEARCH(\".\",D1701)+1)-(LEN(D1701)-(SEARCH(\".\",D1701,SEARCH(\".\",D1701,SEARCH(\".\",D1701)+1)+1)-1)))),\"\")","v":""},"12.4.19",{"$f":"IF($G1701=\"SINAPI\",VLOOKUP($F1701,DADOS_SINAPI,2,0),IF(G1701=\"SETOP\",VLOOKUP($F1701,DADOS_SETOP,2,0),IF(G1701=\"CPU\",VLOOKUP($F1701,DADOS_COMPOSICAO,2,0),IF(G1701=\"SICRO\",VLOOKUP($F1701,DADOS_SICRO,2,0),IF(G1701=\"SUDECAP\",VLOOKUP(F1701,DADOS_SUDECAP,2,0),IF(G1701=\"COTAÇÃO\",VLOOKUP($F1701,DADOS_COTACAO,2,0),\"\"))))))","v":"TE, PVC, SOLDÁVEL, DN 50MM, INSTALADO EM PRUMADA DE ÁGUA - FORNECIMENTO E INSTALAÇÃO. AF_06/2022"},89625,"SINAPI",{"$f":"IF(G1701=\"SINAPI\",VLOOKUP($F1701,DADOS_SINAPI,3,0),IF(G1701=\"SETOP\",VLOOKUP($F1701,DADOS_SETOP,3,0),IF(G1701=\"CPU\",VLOOKUP($F1701,DADOS_COMPOSICAO,10,0),IF(G1701=\"SICRO\",VLOOKUP($F1701,DADOS_SICRO,3,0),IF(G1701=\"SUDECAP\",VLOOKUP(F1701,DADOS_SUDECAP,3,0),IF(G1701=\"COTAÇÃO\",VLOOKUP($F1701,DADOS_COTACAO,9,0),\"\"))))))","v":"UN"},{"$f":"F1703","v":1},{"$f":"IF(G1701=\"SINAPI\",VLOOKUP($F1701,DADOS_SINAPI,4,0),IF(G1701=\"SETOP\",VLOOKUP($F1701,DADOS_SETOP,4,0),IF(G1701=\"CPU\",VLOOKUP($F1701,DADOS_COMPOSICAO,13,0),IF(G1701=\"SICRO\",VLOOKUP($F1701,DADOS_SICRO,4,0),IF(G1701=\"SUDECAP\",VLOOKUP(F1701,DADOS_SUDECAP,4,0),IF(G1701=\"COTAÇÃO\",VLOOKUP(F1701,DADOS_COTACAO,12,0),\"\"))))))","v":23.13},"BDI 1",{"$f":"TRUNC(J1701*(1+$N$17),2)","v":29.26},{"$f":"IFERROR(TRUNC(I1701*J1701,2),\"\")","v":23.13},{"$f":"IFERROR(TRUNC(L1701*I1701,2),\"\")","v":29.26}]
[2000]
[2000,null,null,null,"Quantidade",1,"un"]
[2000]
[{"$f":"IFERROR(LEFT(D1705,SEARCH(\".\",D1705)-1),\"\")","v":"12"},{"$f":"IFERROR(LEFT(RIGHT(D1705,LEN(D1705)-SEARCH(\".\",D1705)),SEARCH(\".\",RIGHT(D1705,LEN(D1705)-SEARCH(\".\",D1705)))-1),\"\")","v":"4"},{"$f":"IFERROR(IF(LEN(D1705)-LEN(SUBSTITUTE(D1705,\".\",\"\"))<>3,\"\",MID(D1705,SEARCH(\".\",D1705,SEARCH(\".\",D1705)+1)+1,LEN(D1705)-SEARCH(\".\",D1705,SEARCH(\".\",D1705)+1)-(LEN(D1705)-(SEARCH(\".\",D1705,SEARCH(\".\",D1705,SEARCH(\".\",D1705)+1)+1)-1)))),\"\")","v":""},"12.4.20",{"$f":"IF($G1705=\"SINAPI\",VLOOKUP($F1705,DADOS_SINAPI,2,0),IF(G1705=\"SETOP\",VLOOKUP($F1705,DADOS_SETOP,2,0),IF(G1705=\"CPU\",VLOOKUP($F1705,DADOS_COMPOSICAO,2,0),IF(G1705=\"SICRO\",VLOOKUP($F1705,DADOS_SICRO,2,0),IF(G1705=\"SUDECAP\",VLOOKUP(F1705,DADOS_SUDECAP,2,0),IF(G1705=\"COTAÇÃO\",VLOOKUP($F1705,DADOS_COTACAO,2,0),\"\"))))))","v":"TÊ DE REDUÇÃO, PVC, SOLDÁVEL, DN 40MM X 32MM, INSTALADO EM PRUMADA DE ÁGUA - FORNECIMENTO E INSTALAÇÃO. AF_06/2022"},89624,"SINAPI",{"$f":"IF(G1705=\"SINAPI\",VLOOKUP($F1705,DADOS_SINAPI,3,0),IF(G1705=\"SETOP\",VLOOKUP($F1705,DADOS_SETOP,3,0),IF(G1705=\"CPU\",VLOOKUP($F1705,DADOS_COMPOSICAO,10,0),IF(G1705=\"SICRO\",VLOOKUP($F1705,DADOS_SICRO,3,0),IF(G1705=\"SUDECAP\",VLOOKUP(F1705,DADOS_SUDECAP,3,0),IF(G1705=\"COTAÇÃO\",VLOOKUP($F1705,DADOS_COTACAO,9,0),\"\"))))))","v":"UN"},{"$f":"F1707","v":8},{"$f":"IF(G1705=\"SINAPI\",VLOOKUP($F1705,DADOS_SINAPI,4,0),IF(G1705=\"SETOP\",VLOOKUP($F1705,DADOS_SETOP,4,0),IF(G1705=\"CPU\",VLOOKUP($F1705,DADOS_COMPOSICAO,13,0),IF(G1705=\"SICRO\",VLOOKUP($F1705,DADOS_SICRO,4,0),IF(G1705=\"SUDECAP\",VLOOKUP(F1705,DADOS_SUDECAP,4,0),IF(G1705=\"COTAÇÃO\",VLOOKUP(F1705,DADOS_COTACAO,12,0),\"\"))))))","v":18.649999999999999},"BDI 1",{"$f":"TRUNC(J1705*(1+$N$17),2)","v":23.59},{"$f":"IFERROR(TRUNC(I1705*J1705,2),\"\")","v":149.19999999999999},{"$f":"IFERROR(TRUNC(L1705*I1705,2),\"\")","v":188.72}]
[2000]
[2000,null,null,null,"Quantidade",8,"un"]
[2000]
[{"$f":"IFERROR(LEFT(D1709,SEARCH(\".\",D1709)-1),\"\")","v":"12"},{"$f":"IFERROR(LEFT(RIGHT(D1709,LEN(D1709)-SEARCH(\".\",D1709)),SEARCH(\".\",RIGHT(D1709,LEN(D1709)-SEARCH(\".\",D1709)))-1),\"\")","v":"4"},{"$f":"IFERROR(IF(LEN(D1709)-LEN(SUBSTITUTE(D1709,\".\",\"\"))<>3,\"\",MID(D1709,SEARCH(\".\",D1709,SEARCH(\".\",D1709)+1)+1,LEN(D1709)-SEARCH(\".\",D1709,SEARCH(\".\",D1709)+1)-(LEN(D1709)-(SEARCH(\".\",D1709,SEARCH(\".\",D1709,SEARCH(\".\",D1709)+1)+1)-1)))),\"\")","v":""},"12.4.21",{"$f":"IF($G1709=\"SINAPI\",VLOOKUP($F1709,DADOS_SINAPI,2,0),IF(G1709=\"SETOP\",VLOOKUP($F1709,DADOS_SETOP,2,0),IF(G1709=\"CPU\",VLOOKUP($F1709,DADOS_COMPOSICAO,2,0),IF(G1709=\"SICRO\",VLOOKUP($F1709,DADOS_SICRO,2,0),IF(G1709=\"SUDECAP\",VLOOKUP(F1709,DADOS_SUDECAP,2,0),IF(G1709=\"COTAÇÃO\",VLOOKUP($F1709,DADOS_COTACAO,2,0),\"\"))))))","v":"TE DE REDUÇÃO, 90 GRAUS, PVC, SOLDÁVEL, DN 50 MM X 32 MM, INSTALADO EM PRUMADA DE ÁGUA - FORNECIMENTO E INSTALAÇÃO. AF_06/2022"},103976,"SINAPI",{"$f":"IF(G1709=\"SINAPI\",VLOOKUP($F1709,DADOS_SINAPI,3,0),IF(G1709=\"SETOP\",VLOOKUP($F1709,DADOS_SETOP,3,0),IF(G1709=\"CPU\",VLOOKUP($F1709,DADOS_COMPOSICAO,10,0),IF(G1709=\"SICRO\",VLOOKUP($F1709,DADOS_SICRO,3,0),IF(G1709=\"SUDECAP\",VLOOKUP(F1709,DADOS_SUDECAP,3,0),IF(G1709=\"COTAÇÃO\",VLOOKUP($F1709,DADOS_COTACAO,9,0),\"\"))))))","v":"UN"},{"$f":"F1711","v":26},{"$f":"IF(G1709=\"SINAPI\",VLOOKUP($F1709,DADOS_SINAPI,4,0),IF(G1709=\"SETOP\",VLOOKUP($F1709,DADOS_SETOP,4,0),IF(G1709=\"CPU\",VLOOKUP($F1709,DADOS_COMPOSICAO,13,0),IF(G1709=\"SICRO\",VLOOKUP($F1709,DADOS_SICRO,4,0),IF(G1709=\"SUDECAP\",VLOOKUP(F1709,DADOS_SUDECAP,4,0),IF(G1709=\"COTAÇÃO\",VLOOKUP(F1709,DADOS_COTACAO,12,0),\"\"))))))","v":27.67},"BDI 1",{"$f":"TRUNC(J1709*(1+$N$17),2)","v":35},{"$f":"IFERROR(TRUNC(I1709*J1709,2),\"\")","v":719.42},{"$f":"IFERROR(TRUNC(L1709*I1709,2),\"\")","v":910}]
[2000]
[2000,null,null,null,"Quantidade",26,"un"]
[2000]
[{"$f":"IFERROR(LEFT(D1713,SEARCH(\".\",D1713)-1),\"\")","v":"12"},{"$f":"IFERROR(LEFT(RIGHT(D1713,LEN(D1713)-SEARCH(\".\",D1713)),SEARCH(\".\",RIGHT(D1713,LEN(D1713)-SEARCH(\".\",D1713)))-1),\"\")","v":"4"},{"$f":"IFERROR(IF(LEN(D1713)-LEN(SUBSTITUTE(D1713,\".\",\"\"))<>3,\"\",MID(D1713,SEARCH(\".\",D1713,SEARCH(\".\",D1713)+1)+1,LEN(D1713)-SEARCH(\".\",D1713,SEARCH(\".\",D1713)+1)-(LEN(D1713)-(SEARCH(\".\",D1713,SEARCH(\".\",D1713,SEARCH(\".\",D1713)+1)+1)-1)))),\"\")","v":""},"12.4.22",{"$f":"IF($G1713=\"SINAPI\",VLOOKUP($F1713,DADOS_SINAPI,2,0),IF(G1713=\"SETOP\",VLOOKUP($F1713,DADOS_SETOP,2,0),IF(G1713=\"CPU\",VLOOKUP($F1713,DADOS_COMPOSICAO,2,0),IF(G1713=\"SICRO\",VLOOKUP($F1713,DADOS_SICRO,2,0),IF(G1713=\"SUDECAP\",VLOOKUP(F1713,DADOS_SUDECAP,2,0),IF(G1713=\"COTAÇÃO\",VLOOKUP($F1713,DADOS_COTACAO,2,0),\"\"))))))","v":"TÊ DE REDUÇÃO, PVC, SOLDÁVEL, DN 50MM X 40MM, INSTALADO EM PRUMADA DE ÁGUA - FORNECIMENTO E INSTALAÇÃO. AF_06/2022"},89626,"SINAPI",{"$f":"IF(G1713=\"SINAPI\",VLOOKUP($F1713,DADOS_SINAPI,3,0),IF(G1713=\"SETOP\",VLOOKUP($F1713,DADOS_SETOP,3,0),IF(G1713=\"CPU\",VLOOKUP($F1713,DADOS_COMPOSICAO,10,0),IF(G1713=\"SICRO\",VLOOKUP($F1713,DADOS_SICRO,3,0),IF(G1713=\"SUDECAP\",VLOOKUP(F1713,DADOS_SUDECAP,3,0),IF(G1713=\"COTAÇÃO\",VLOOKUP($F1713,DADOS_COTACAO,9,0),\"\"))))))","v":"UN"},{"$f":"F1715","v":3},{"$f":"IF(G1713=\"SINAPI\",VLOOKUP($F1713,DADOS_SINAPI,4,0),IF(G1713=\"SETOP\",VLOOKUP($F1713,DADOS_SETOP,4,0),IF(G1713=\"CPU\",VLOOKUP($F1713,DADOS_COMPOSICAO,13,0),IF(G1713=\"SICRO\",VLOOKUP($F1713,DADOS_SICRO,4,0),IF(G1713=\"SUDECAP\",VLOOKUP(F1713,DADOS_SUDECAP,4,0),IF(G1713=\"COTAÇÃO\",VLOOKUP(F1713,DADOS_COTACAO,12,0),\"\"))))))","v":32.65},"BDI 1",{"$f":"TRUNC(J1713*(1+$N$17),2)","v":41.3},{"$f":"IFERROR(TRUNC(I1713*J1713,2),\"\")","v":97.95},{"$f":"IFERROR(TRUNC(L1713*I1713,2),\"\")","v":123.9}]
[2000]
[2000,null,null,null,"Quantidade",3,"un"]
[2000]
[null,null,null,"12.5","PVC SOLDÁVEL AZUL COM BUCHA DE LATÃO",null,null,null,null,null,null,null,{"$f":"IFERROR(SUMIFS(M:M,A:A,LEFT(D1717,SEARCH(\".\",D1717)-1),B:B,RIGHT(D1717,LEN(D1717)-SEARCH(\".\",D1717))),\"\")","v":1665.45},{"$f":"IFERROR(SUMIFS(N:N,A:A,LEFT(D1717,SEARCH(\".\",D1717)-1),B:B,RIGHT(D1717,LEN(D1717)-SEARCH(\".\",D1717))),\"\")","v":2106.2800000000002}]
[{"$f":"IFERROR(LEFT(D1718,SEARCH(\".\",D1718)-1),\"\")","v":"12"},{"$f":"IFERROR(LEFT(RIGHT(D1718,LEN(D1718)-SEARCH(\".\",D1718)),SEARCH(\".\",RIGHT(D1718,LEN(D1718)-SEARCH(\".\",D1718)))-1),\"\")","v":"5"},{"$f":"IFERROR(IF(LEN(D1718)-LEN(SUBSTITUTE(D1718,\".\",\"\"))<>3,\"\",MID(D1718,SEARCH(\".\",D1718,SEARCH(\".\",D1718)+1)+1,LEN(D1718)-SEARCH(\".\",D1718,SEARCH(\".\",D1718)+1)-(LEN(D1718)-(SEARCH(\".\",D1718,SEARCH(\".\",D1718,SEARCH(\".\",D1718)+1)+1)-1)))),\"\")","v":""},"12.5.1",{"$f":"IF($G1718=\"SINAPI\",VLOOKUP($F1718,DADOS_SINAPI,2,0),IF(G1718=\"SETOP\",VLOOKUP($F1718,DADOS_SETOP,2,0),IF(G1718=\"CPU\",VLOOKUP($F1718,DADOS_COMPOSICAO,2,0),IF(G1718=\"SICRO\",VLOOKUP($F1718,DADOS_SICRO,2,0),IF(G1718=\"SUDECAP\",VLOOKUP(F1718,DADOS_SUDECAP,2,0),IF(G1718=\"COTAÇÃO\",VLOOKUP($F1718,DADOS_COTACAO,2,0),\"\"))))))","v":"JOELHO 90 GRAUS COM BUCHA DE LATÃO, PVC, SOLDÁVEL, DN 25MM, X 1/2  INSTALADO EM RAMAL OU SUB-RAMAL DE ÁGUA - FORNECIMENTO E INSTALAÇÃO. AF_06/2022"},90373,"SINAPI",{"$f":"IF(G1718=\"SINAPI\",VLOOKUP($F1718,DADOS_SINAPI,3,0),IF(G1718=\"SETOP\",VLOOKUP($F1718,DADOS_SETOP,3,0),IF(G1718=\"CPU\",VLOOKUP($F1718,DADOS_COMPOSICAO,10,0),IF(G1718=\"SICRO\",VLOOKUP($F1718,DADOS_SICRO,3,0),IF(G1718=\"SUDECAP\",VLOOKUP(F1718,DADOS_SUDECAP,3,0),IF(G1718=\"COTAÇÃO\",VLOOKUP($F1718,DADOS_COTACAO,9,0),\"\"))))))","v":"UN"},{"$f":"F1720","v":80},{"$f":"IF(G1718=\"SINAPI\",VLOOKUP($F1718,DADOS_SINAPI,4,0),IF(G1718=\"SETOP\",VLOOKUP($F1718,DADOS_SETOP,4,0),IF(G1718=\"CPU\",VLOOKUP($F1718,DADOS_COMPOSICAO,13,0),IF(G1718=\"SICRO\",VLOOKUP($F1718,DADOS_SICRO,4,0),IF(G1718=\"SUDECAP\",VLOOKUP(F1718,DADOS_SUDECAP,4,0),IF(G1718=\"COTAÇÃO\",VLOOKUP(F1718,DADOS_COTACAO,12,0),\"\"))))))","v":13.27},"BDI 1",{"$f":"TRUNC(J1718*(1+$N$17),2)","v":16.78},{"$f":"IFERROR(TRUNC(I1718*J1718,2),\"\")","v":1061.5999999999999},{"$f":"IFERROR(TRUNC(L1718*I1718,2),\"\")","v":1342.4}]
[2000]
[2000,null,null,null,"Quantidade",80,"un"]
[2000]
[{"$f":"IFERROR(LEFT(D1722,SEARCH(\".\",D1722)-1),\"\")","v":"12"},{"$f":"IFERROR(LEFT(RIGHT(D1722,LEN(D1722)-SEARCH(\".\",D1722)),SEARCH(\".\",RIGHT(D1722,LEN(D1722)-SEARCH(\".\",D1722)))-1),\"\")","v":"5"},{"$f":"IFERROR(IF(LEN(D1722)-LEN(SUBSTITUTE(D1722,\".\",\"\"))<>3,\"\",MID(D1722,SEARCH(\".\",D1722,SEARCH(\".\",D1722)+1)+1,LEN(D1722)-SEARCH(\".\",D1722,SEARCH(\".\",D1722)+1)-(LEN(D1722)-(SEARCH(\".\",D1722,SEARCH(\".\",D1722,SEARCH(\".\",D1722)+1)+1)-1)))),\"\")","v":""},"12.5.2",{"$f":"IF($G1722=\"SINAPI\",VLOOKUP($F1722,DADOS_SINAPI,2,0),IF(G1722=\"SETOP\",VLOOKUP($F1722,DADOS_SETOP,2,0),IF(G1722=\"CPU\",VLOOKUP($F1722,DADOS_COMPOSICAO,2,0),IF(G1722=\"SICRO\",VLOOKUP($F1722,DADOS_SICRO,2,0),IF(G1722=\"SUDECAP\",VLOOKUP(F1722,DADOS_SUDECAP,2,0),IF(G1722=\"COTAÇÃO\",VLOOKUP($F1722,DADOS_COTACAO,2,0),\"\"))))))","v":"LUVA COM BUCHA DE LATÃO, PVC, SOLDÁVEL, DN 25MM X 3/4 , INSTALADO EM RAMAL OU SUB-RAMAL DE ÁGUA - FORNECIMENTO E INSTALAÇÃO. AF_06/2022"},89381,"SINAPI",{"$f":"IF(G1722=\"SINAPI\",VLOOKUP($F1722,DADOS_SINAPI,3,0),IF(G1722=\"SETOP\",VLOOKUP($F1722,DADOS_SETOP,3,0),IF(G1722=\"CPU\",VLOOKUP($F1722,DADOS_COMPOSICAO,10,0),IF(G1722=\"SICRO\",VLOOKUP($F1722,DADOS_SICRO,3,0),IF(G1722=\"SUDECAP\",VLOOKUP(F1722,DADOS_SUDECAP,3,0),IF(G1722=\"COTAÇÃO\",VLOOKUP($F1722,DADOS_COTACAO,9,0),\"\"))))))","v":"UN"},{"$f":"F1724","v":8},{"$f":"IF(G1722=\"SINAPI\",VLOOKUP($F1722,DADOS_SINAPI,4,0),IF(G1722=\"SETOP\",VLOOKUP($F1722,DADOS_SETOP,4,0),IF(G1722=\"CPU\",VLOOKUP($F1722,DADOS_COMPOSICAO,13,0),IF(G1722=\"SICRO\",VLOOKUP($F1722,DADOS_SICRO,4,0),IF(G1722=\"SUDECAP\",VLOOKUP(F1722,DADOS_SUDECAP,4,0),IF(G1722=\"COTAÇÃO\",VLOOKUP(F1722,DADOS_COTACAO,12,0),\"\"))))))","v":13.24},"BDI 1",{"$f":"TRUNC(J1722*(1+$N$17),2)","v":16.75},{"$f":"IFERROR(TRUNC(I1722*J1722,2),\"\")","v":105.92},{"$f":"IFERROR(TRUNC(L1722*I1722,2),\"\")","v":134}]
[2000]
[2000,null,null,null,"Quantidade",8,"un"]
[2000]
[{"$f":"IFERROR(LEFT(D1726,SEARCH(\".\",D1726)-1),\"\")","v":"12"},{"$f":"IFERROR(LEFT(RIGHT(D1726,LEN(D1726)-SEARCH(\".\",D1726)),SEARCH(\".\",RIGHT(D1726,LEN(D1726)-SEARCH(\".\",D1726)))-1),\"\")","v":"5"},{"$f":"IFERROR(IF(LEN(D1726)-LEN(SUBSTITUTE(D1726,\".\",\"\"))<>3,\"\",MID(D1726,SEARCH(\".\",D1726,SEARCH(\".\",D1726)+1)+1,LEN(D1726)-SEARCH(\".\",D1726,SEARCH(\".\",D1726)+1)-(LEN(D1726)-(SEARCH(\".\",D1726,SEARCH(\".\",D1726,SEARCH(\".\",D1726)+1)+1)-1)))),\"\")","v":""},"12.5.3",{"$f":"IF($G1726=\"SINAPI\",VLOOKUP($F1726,DADOS_SINAPI,2,0),IF(G1726=\"SETOP\",VLOOKUP($F1726,DADOS_SETOP,2,0),IF(G1726=\"CPU\",VLOOKUP($F1726,DADOS_COMPOSICAO,2,0),IF(G1726=\"SICRO\",VLOOKUP($F1726,DADOS_SICRO,2,0),IF(G1726=\"SUDECAP\",VLOOKUP(F1726,DADOS_SUDECAP,2,0),IF(G1726=\"COTAÇÃO\",VLOOKUP($F1726,DADOS_COTACAO,2,0),\"\"))))))","v":"JOELHO 90 GRAUS COM BUCHA DE LATÃO, PVC, SOLDÁVEL, DN 25MM, X 3/4  INSTALADO EM RAMAL OU SUB-RAMAL DE ÁGUA - FORNECIMENTO E INSTALAÇÃO. AF_06/2022"},89366,"SINAPI",{"$f":"IF(G1726=\"SINAPI\",VLOOKUP($F1726,DADOS_SINAPI,3,0),IF(G1726=\"SETOP\",VLOOKUP($F1726,DADOS_SETOP,3,0),IF(G1726=\"CPU\",VLOOKUP($F1726,DADOS_COMPOSICAO,10,0),IF(G1726=\"SICRO\",VLOOKUP($F1726,DADOS_SICRO,3,0),IF(G1726=\"SUDECAP\",VLOOKUP(F1726,DADOS_SUDECAP,3,0),IF(G1726=\"COTAÇÃO\",VLOOKUP($F1726,DADOS_COTACAO,9,0),\"\"))))))","v":"UN"},{"$f":"F1728","v":29},{"$f":"IF(G1726=\"SINAPI\",VLOOKUP($F1726,DADOS_SINAPI,4,0),IF(G1726=\"SETOP\",VLOOKUP($F1726,DADOS_SETOP,4,0),IF(G1726=\"CPU\",VLOOKUP($F1726,DADOS_COMPOSICAO,13,0),IF(G1726=\"SICRO\",VLOOKUP($F1726,DADOS_SICRO,4,0),IF(G1726=\"SUDECAP\",VLOOKUP(F1726,DADOS_SUDECAP,4,0),IF(G1726=\"COTAÇÃO\",VLOOKUP(F1726,DADOS_COTACAO,12,0),\"\"))))))","v":17.170000000000002},"BDI 1",{"$f":"TRUNC(J1726*(1+$N$17),2)","v":21.72},{"$f":"IFERROR(TRUNC(I1726*J1726,2),\"\")","v":497.93},{"$f":"IFERROR(TRUNC(L1726*I1726,2),\"\")","v":629.88}]
[2000]
[2000,null,null,null,"Quantidade",29,"un"]
[2000]
[null,null,null,"12.6","RASGOS E CHUMBAMENTOS",null,null,null,null,null,null,null,{"$f":"IFERROR(SUMIFS(M:M,A:A,LEFT(D1730,SEARCH(\".\",D1730)-1),B:B,RIGHT(D1730,LEN(D1730)-SEARCH(\".\",D1730))),\"\")","v":19724.98},{"$f":"IFERROR(SUMIFS(N:N,A:A,LEFT(D1730,SEARCH(\".\",D1730)-1),B:B,RIGHT(D1730,LEN(D1730)-SEARCH(\".\",D1730))),\"\")","v":24951.77}]
[{"$f":"IFERROR(LEFT(D1731,SEARCH(\".\",D1731)-1),\"\")","v":"12"},{"$f":"IFERROR(LEFT(RIGHT(D1731,LEN(D1731)-SEARCH(\".\",D1731)),SEARCH(\".\",RIGHT(D1731,LEN(D1731)-SEARCH(\".\",D1731)))-1),\"\")","v":"6"},{"$f":"IFERROR(IF(LEN(D1731)-LEN(SUBSTITUTE(D1731,\".\",\"\"))<>3,\"\",MID(D1731,SEARCH(\".\",D1731,SEARCH(\".\",D1731)+1)+1,LEN(D1731)-SEARCH(\".\",D1731,SEARCH(\".\",D1731)+1)-(LEN(D1731)-(SEARCH(\".\",D1731,SEARCH(\".\",D1731,SEARCH(\".\",D1731)+1)+1)-1)))),\"\")","v":""},"12.6.1",{"$f":"IF($G1731=\"SINAPI\",VLOOKUP($F1731,DADOS_SINAPI,2,0),IF(G1731=\"SETOP\",VLOOKUP($F1731,DADOS_SETOP,2,0),IF(G1731=\"CPU\",VLOOKUP($F1731,DADOS_COMPOSICAO,2,0),IF(G1731=\"SICRO\",VLOOKUP($F1731,DADOS_SICRO,2,0),IF(G1731=\"SUDECAP\",VLOOKUP(F1731,DADOS_SUDECAP,2,0),IF(G1731=\"COTAÇÃO\",VLOOKUP($F1731,DADOS_COTACAO,2,0),\"\"))))))","v":"CHUMBAMENTO LINEAR EM CONTRAPISO PARA RAMAIS/DISTRIBUIÇÃO COM DIÂMETROS MAIORES QUE 40 MM E MENORES OU IGUAIS A 75 MM. AF_05/2015"},90469,"SINAPI",{"$f":"IF(G1731=\"SINAPI\",VLOOKUP($F1731,DADOS_SINAPI,3,0),IF(G1731=\"SETOP\",VLOOKUP($F1731,DADOS_SETOP,3,0),IF(G1731=\"CPU\",VLOOKUP($F1731,DADOS_COMPOSICAO,10,0),IF(G1731=\"SICRO\",VLOOKUP($F1731,DADOS_SICRO,3,0),IF(G1731=\"SUDECAP\",VLOOKUP(F1731,DADOS_SUDECAP,3,0),IF(G1731=\"COTAÇÃO\",VLOOKUP($F1731,DADOS_COTACAO,9,0),\"\"))))))","v":"M"},{"$f":"F1733","v":342.2},{"$f":"IF(G1731=\"SINAPI\",VLOOKUP($F1731,DADOS_SINAPI,4,0),IF(G1731=\"SETOP\",VLOOKUP($F1731,DADOS_SETOP,4,0),IF(G1731=\"CPU\",VLOOKUP($F1731,DADOS_COMPOSICAO,13,0),IF(G1731=\"SICRO\",VLOOKUP($F1731,DADOS_SICRO,4,0),IF(G1731=\"SUDECAP\",VLOOKUP(F1731,DADOS_SUDECAP,4,0),IF(G1731=\"COTAÇÃO\",VLOOKUP(F1731,DADOS_COTACAO,12,0),\"\"))))))","v":8.8699999999999992},"BDI 1",{"$f":"TRUNC(J1731*(1+$N$17),2)","v":11.22},{"$f":"IFERROR(TRUNC(I1731*J1731,2),\"\")","v":3035.31},{"$f":"IFERROR(TRUNC(L1731*I1731,2),\"\")","v":3839.48}]
[2000]
[2000,null,null,null,"Quantidade",342.2,"m"]
[2000]
[{"$f":"IFERROR(LEFT(D1735,SEARCH(\".\",D1735)-1),\"\")","v":"12"},{"$f":"IFERROR(LEFT(RIGHT(D1735,LEN(D1735)-SEARCH(\".\",D1735)),SEARCH(\".\",RIGHT(D1735,LEN(D1735)-SEARCH(\".\",D1735)))-1),\"\")","v":"6"},{"$f":"IFERROR(IF(LEN(D1735)-LEN(SUBSTITUTE(D1735,\".\",\"\"))<>3,\"\",MID(D1735,SEARCH(\".\",D1735,SEARCH(\".\",D1735)+1)+1,LEN(D1735)-SEARCH(\".\",D1735,SEARCH(\".\",D1735)+1)-(LEN(D1735)-(SEARCH(\".\",D1735,SEARCH(\".\",D1735,SEARCH(\".\",D1735)+1)+1)-1)))),\"\")","v":""},"12.6.2",{"$f":"IF($G1735=\"SINAPI\",VLOOKUP($F1735,DADOS_SINAPI,2,0),IF(G1735=\"SETOP\",VLOOKUP($F1735,DADOS_SETOP,2,0),IF(G1735=\"CPU\",VLOOKUP($F1735,DADOS_COMPOSICAO,2,0),IF(G1735=\"SICRO\",VLOOKUP($F1735,DADOS_SICRO,2,0),IF(G1735=\"SUDECAP\",VLOOKUP(F1735,DADOS_SUDECAP,2,0),IF(G1735=\"COTAÇÃO\",VLOOKUP($F1735,DADOS_COTACAO,2,0),\"\"))))))","v":"RASGO EM CONTRAPISO PARA RAMAIS/ DISTRIBUIÇÃO COM DIÂMETROS MAIORES QUE 40 MM E MENORES OU IGUAIS A 75 MM. AF_05/2015"},90445,"SINAPI",{"$f":"IF(G1735=\"SINAPI\",VLOOKUP($F1735,DADOS_SINAPI,3,0),IF(G1735=\"SETOP\",VLOOKUP($F1735,DADOS_SETOP,3,0),IF(G1735=\"CPU\",VLOOKUP($F1735,DADOS_COMPOSICAO,10,0),IF(G1735=\"SICRO\",VLOOKUP($F1735,DADOS_SICRO,3,0),IF(G1735=\"SUDECAP\",VLOOKUP(F1735,DADOS_SUDECAP,3,0),IF(G1735=\"COTAÇÃO\",VLOOKUP($F1735,DADOS_COTACAO,9,0),\"\"))))))","v":"M"},{"$f":"F1737","v":342.2},{"$f":"IF(G1735=\"SINAPI\",VLOOKUP($F1735,DADOS_SINAPI,4,0),IF(G1735=\"SETOP\",VLOOKUP($F1735,DADOS_SETOP,4,0),IF(G1735=\"CPU\",VLOOKUP($F1735,DADOS_COMPOSICAO,13,0),IF(G1735=\"SICRO\",VLOOKUP($F1735,DADOS_SICRO,4,0),IF(G1735=\"SUDECAP\",VLOOKUP(F1735,DADOS_SUDECAP,4,0),IF(G1735=\"COTAÇÃO\",VLOOKUP(F1735,DADOS_COTACAO,12,0),\"\"))))))","v":27.42},"BDI 1",{"$f":"TRUNC(J1735*(1+$N$17),2)","v":34.69},{"$f":"IFERROR(TRUNC(I1735*J1735,2),\"\")","v":9383.1200000000008},{"$f":"IFERROR(TRUNC(L1735*I1735,2),\"\")","v":11870.91}]
[2000]
[2000,null,null,null,"Quantidade",342.2,"m"]
[2000]
[{"$f":"IFERROR(LEFT(D1739,SEARCH(\".\",D1739)-1),\"\")","v":"12"},{"$f":"IFERROR(LEFT(RIGHT(D1739,LEN(D1739)-SEARCH(\".\",D1739)),SEARCH(\".\",RIGHT(D1739,LEN(D1739)-SEARCH(\".\",D1739)))-1),\"\")","v":"6"},{"$f":"IFERROR(IF(LEN(D1739)-LEN(SUBSTITUTE(D1739,\".\",\"\"))<>3,\"\",MID(D1739,SEARCH(\".\",D1739,SEARCH(\".\",D1739)+1)+1,LEN(D1739)-SEARCH(\".\",D1739,SEARCH(\".\",D1739)+1)-(LEN(D1739)-(SEARCH(\".\",D1739,SEARCH(\".\",D1739,SEARCH(\".\",D1739)+1)+1)-1)))),\"\")","v":""},"12.6.3",{"$f":"IF($G1739=\"SINAPI\",VLOOKUP($F1739,DADOS_SINAPI,2,0),IF(G1739=\"SETOP\",VLOOKUP($F1739,DADOS_SETOP,2,0),IF(G1739=\"CPU\",VLOOKUP($F1739,DADOS_COMPOSICAO,2,0),IF(G1739=\"SICRO\",VLOOKUP($F1739,DADOS_SICRO,2,0),IF(G1739=\"SUDECAP\",VLOOKUP(F1739,DADOS_SUDECAP,2,0),IF(G1739=\"COTAÇÃO\",VLOOKUP($F1739,DADOS_COTACAO,2,0),\"\"))))))","v":"RASGO EM ALVENARIA PARA RAMAIS/ DISTRIBUIÇÃO COM DIÂMETROS MAIORES QUE 40 MM E MENORES OU IGUAIS A 75 MM. AF_05/2015"},91222,"SINAPI",{"$f":"IF(G1739=\"SINAPI\",VLOOKUP($F1739,DADOS_SINAPI,3,0),IF(G1739=\"SETOP\",VLOOKUP($F1739,DADOS_SETOP,3,0),IF(G1739=\"CPU\",VLOOKUP($F1739,DADOS_COMPOSICAO,10,0),IF(G1739=\"SICRO\",VLOOKUP($F1739,DADOS_SICRO,3,0),IF(G1739=\"SUDECAP\",VLOOKUP(F1739,DADOS_SUDECAP,3,0),IF(G1739=\"COTAÇÃO\",VLOOKUP($F1739,DADOS_COTACAO,9,0),\"\"))))))","v":"M"},{"$f":"F1741","v":226.56},{"$f":"IF(G1739=\"SINAPI\",VLOOKUP($F1739,DADOS_SINAPI,4,0),IF(G1739=\"SETOP\",VLOOKUP($F1739,DADOS_SETOP,4,0),IF(G1739=\"CPU\",VLOOKUP($F1739,DADOS_COMPOSICAO,13,0),IF(G1739=\"SICRO\",VLOOKUP($F1739,DADOS_SICRO,4,0),IF(G1739=\"SUDECAP\",VLOOKUP(F1739,DADOS_SUDECAP,4,0),IF(G1739=\"COTAÇÃO\",VLOOKUP(F1739,DADOS_COTACAO,12,0),\"\"))))))","v":12.88},"BDI 1",{"$f":"TRUNC(J1739*(1+$N$17),2)","v":16.29},{"$f":"IFERROR(TRUNC(I1739*J1739,2),\"\")","v":2918.09},{"$f":"IFERROR(TRUNC(L1739*I1739,2),\"\")","v":3690.66}]
[2000]
[2000,null,null,null,"Quantidade",226.56,"m"]
[2000]
[{"$f":"IFERROR(LEFT(D1743,SEARCH(\".\",D1743)-1),\"\")","v":"12"},{"$f":"IFERROR(LEFT(RIGHT(D1743,LEN(D1743)-SEARCH(\".\",D1743)),SEARCH(\".\",RIGHT(D1743,LEN(D1743)-SEARCH(\".\",D1743)))-1),\"\")","v":"6"},{"$f":"IFERROR(IF(LEN(D1743)-LEN(SUBSTITUTE(D1743,\".\",\"\"))<>3,\"\",MID(D1743,SEARCH(\".\",D1743,SEARCH(\".\",D1743)+1)+1,LEN(D1743)-SEARCH(\".\",D1743,SEARCH(\".\",D1743)+1)-(LEN(D1743)-(SEARCH(\".\",D1743,SEARCH(\".\",D1743,SEARCH(\".\",D1743)+1)+1)-1)))),\"\")","v":""},"12.6.4",{"$f":"IF($G1743=\"SINAPI\",VLOOKUP($F1743,DADOS_SINAPI,2,0),IF(G1743=\"SETOP\",VLOOKUP($F1743,DADOS_SETOP,2,0),IF(G1743=\"CPU\",VLOOKUP($F1743,DADOS_COMPOSICAO,2,0),IF(G1743=\"SICRO\",VLOOKUP($F1743,DADOS_SICRO,2,0),IF(G1743=\"SUDECAP\",VLOOKUP(F1743,DADOS_SUDECAP,2,0),IF(G1743=\"COTAÇÃO\",VLOOKUP($F1743,DADOS_COTACAO,2,0),\"\"))))))","v":"CHUMBAMENTO LINEAR EM ALVENARIA PARA RAMAIS/DISTRIBUIÇÃO COM DIÂMETROS MAIORES QUE 40 MM E MENORES OU IGUAIS A 75 MM. AF_05/2015"},90467,"SINAPI",{"$f":"IF(G1743=\"SINAPI\",VLOOKUP($F1743,DADOS_SINAPI,3,0),IF(G1743=\"SETOP\",VLOOKUP($F1743,DADOS_SETOP,3,0),IF(G1743=\"CPU\",VLOOKUP($F1743,DADOS_COMPOSICAO,10,0),IF(G1743=\"SICRO\",VLOOKUP($F1743,DADOS_SICRO,3,0),IF(G1743=\"SUDECAP\",VLOOKUP(F1743,DADOS_SUDECAP,3,0),IF(G1743=\"COTAÇÃO\",VLOOKUP($F1743,DADOS_COTACAO,9,0),\"\"))))))","v":"M"},{"$f":"F1745","v":226.56},{"$f":"IF(G1743=\"SINAPI\",VLOOKUP($F1743,DADOS_SINAPI,4,0),IF(G1743=\"SETOP\",VLOOKUP($F1743,DADOS_SETOP,4,0),IF(G1743=\"CPU\",VLOOKUP($F1743,DADOS_COMPOSICAO,13,0),IF(G1743=\"SICRO\",VLOOKUP($F1743,DADOS_SICRO,4,0),IF(G1743=\"SUDECAP\",VLOOKUP(F1743,DADOS_SUDECAP,4,0),IF(G1743=\"COTAÇÃO\",VLOOKUP(F1743,DADOS_COTACAO,12,0),\"\"))))))","v":19.37},"BDI 1",{"$f":"TRUNC(J1743*(1+$N$17),2)","v":24.5},{"$f":"IFERROR(TRUNC(I1743*J1743,2),\"\")","v":4388.46},{"$f":"IFERROR(TRUNC(L1743*I1743,2),\"\")","v":5550.72}]
[2000]
[2000,null,null,null,"Quantidade",226.56,"m"]
[2000]
[null,null,null,"12.8","AQUECEDOR SOLAR",null,null,null,null,null,null,null,{"$f":"IFERROR(SUMIFS(M:M,A:A,LEFT(D1747,SEARCH(\".\",D1747)-1),B:B,RIGHT(D1747,LEN(D1747)-SEARCH(\".\",D1747))),\"\")","v":10328.4},{"$f":"IFERROR(SUMIFS(N:N,A:A,LEFT(D1747,SEARCH(\".\",D1747)-1),B:B,RIGHT(D1747,LEN(D1747)-SEARCH(\".\",D1747))),\"\")","v":13067.49}]
[{"$f":"IFERROR(LEFT(D1748,SEARCH(\".\",D1748)-1),\"\")","v":"12"},{"$f":"IFERROR(LEFT(RIGHT(D1748,LEN(D1748)-SEARCH(\".\",D1748)),SEARCH(\".\",RIGHT(D1748,LEN(D1748)-SEARCH(\".\",D1748)))-1),\"\")","v":"8"},{"$f":"IFERROR(IF(LEN(D1748)-LEN(SUBSTITUTE(D1748,\".\",\"\"))<>3,\"\",MID(D1748,SEARCH(\".\",D1748,SEARCH(\".\",D1748)+1)+1,LEN(D1748)-SEARCH(\".\",D1748,SEARCH(\".\",D1748)+1)-(LEN(D1748)-(SEARCH(\".\",D1748,SEARCH(\".\",D1748,SEARCH(\".\",D1748)+1)+1)-1)))),\"\")","v":""},"12.8.1",{"$f":"IF($G1748=\"SINAPI\",VLOOKUP($F1748,DADOS_SINAPI,2,0),IF(G1748=\"SETOP\",VLOOKUP($F1748,DADOS_SETOP,2,0),IF(G1748=\"CPU\",VLOOKUP($F1748,DADOS_COMPOSICAO,2,0),IF(G1748=\"SICRO\",VLOOKUP($F1748,DADOS_SICRO,2,0),IF(G1748=\"SUDECAP\",VLOOKUP(F1748,DADOS_SUDECAP,2,0),IF(G1748=\"COTAÇÃO\",VLOOKUP($F1748,DADOS_COTACAO,2,0),\"\"))))))","v":"RESERVATÓRIO TÉRMICO/BOILER SOLAR EM AÇO INOX 1000 L COM 5 PLACAS COLETORAS EM VIDRO TEMPERADO COM SERPENTINA EM TUBO DE COBRE 2 X 1 M - FORNECIMENTO E INSTALAÇÃO. AF_12/2021"},103523,"SINAPI",{"$f":"IF(G1748=\"SINAPI\",VLOOKUP($F1748,DADOS_SINAPI,3,0),IF(G1748=\"SETOP\",VLOOKUP($F1748,DADOS_SETOP,3,0),IF(G1748=\"CPU\",VLOOKUP($F1748,DADOS_COMPOSICAO,10,0),IF(G1748=\"SICRO\",VLOOKUP($F1748,DADOS_SICRO,3,0),IF(G1748=\"SUDECAP\",VLOOKUP(F1748,DADOS_SUDECAP,3,0),IF(G1748=\"COTAÇÃO\",VLOOKUP($F1748,DADOS_COTACAO,9,0),\"\"))))))","v":"UN"},{"$f":"F1750","v":1},{"$f":"IF(G1748=\"SINAPI\",VLOOKUP($F1748,DADOS_SINAPI,4,0),IF(G1748=\"SETOP\",VLOOKUP($F1748,DADOS_SETOP,4,0),IF(G1748=\"CPU\",VLOOKUP($F1748,DADOS_COMPOSICAO,13,0),IF(G1748=\"SICRO\",VLOOKUP($F1748,DADOS_SICRO,4,0),IF(G1748=\"SUDECAP\",VLOOKUP(F1748,DADOS_SUDECAP,4,0),IF(G1748=\"COTAÇÃO\",VLOOKUP(F1748,DADOS_COTACAO,12,0),\"\"))))))","v":10328.4},"BDI 1",{"$f":"TRUNC(J1748*(1+$N$17),2)","v":13067.49},{"$f":"IFERROR(TRUNC(I1748*J1748,2),\"\")","v":10328.4},{"$f":"IFERROR(TRUNC(L1748*I1748,2),\"\")","v":13067.49}]
[2000]
[2000,null,null,null,"Quantidade",1,"un"]
[2000]
[1000,null,null,13,"INSTALAÇÕES SANITÁRIAS",null,null,null,null,null,null,null,{"$f":"SUMIF(A:A,D1752,M:M)","v":45017.599999999991},{"$f":"SUMIF(A:A,D1752,N:N)","v":56949.33}]
[null,null,null,"13.1","CAIXAS DE PASSAGEM",null,null,null,null,null,null,null,{"$f":"IFERROR(SUMIFS(M:M,A:A,LEFT(D1753,SEARCH(\".\",D1753)-1),B:B,RIGHT(D1753,LEN(D1753)-SEARCH(\".\",D1753))),\"\")","v":3712.23},{"$f":"IFERROR(SUMIFS(N:N,A:A,LEFT(D1753,SEARCH(\".\",D1753)-1),B:B,RIGHT(D1753,LEN(D1753)-SEARCH(\".\",D1753))),\"\")","v":4696.6499999999996}]
[{"$f":"IFERROR(LEFT(D1754,SEARCH(\".\",D1754)-1),\"\")","v":"13"},{"$f":"IFERROR(LEFT(RIGHT(D1754,LEN(D1754)-SEARCH(\".\",D1754)),SEARCH(\".\",RIGHT(D1754,LEN(D1754)-SEARCH(\".\",D1754)))-1),\"\")","v":"1"},{"$f":"IFERROR(IF(LEN(D1754)-LEN(SUBSTITUTE(D1754,\".\",\"\"))<>3,\"\",MID(D1754,SEARCH(\".\",D1754,SEARCH(\".\",D1754)+1)+1,LEN(D1754)-SEARCH(\".\",D1754,SEARCH(\".\",D1754)+1)-(LEN(D1754)-(SEARCH(\".\",D1754,SEARCH(\".\",D1754,SEARCH(\".\",D1754)+1)+1)-1)))),\"\")","v":""},"13.1.1",{"$f":"IF($G1754=\"SINAPI\",VLOOKUP($F1754,DADOS_SINAPI,2,0),IF(G1754=\"SETOP\",VLOOKUP($F1754,DADOS_SETOP,2,0),IF(G1754=\"CPU\",VLOOKUP($F1754,DADOS_COMPOSICAO,2,0),IF(G1754=\"SICRO\",VLOOKUP($F1754,DADOS_SICRO,2,0),IF(G1754=\"SUDECAP\",VLOOKUP(F1754,DADOS_SUDECAP,2,0),IF(G1754=\"COTAÇÃO\",VLOOKUP($F1754,DADOS_COTACAO,2,0),\"\"))))))","v":"CAIXA DE ESGOTO DE INSPEÇÃO/PASSAGEM EM ALVENARIA (60X60X60CM), REVESTIMENTO EM ARGAMASSA COM ADITIVO IMPERMEABILIZANTE, COM TAMPA DE CONCRETO, INCLUSIVE ESCAVAÇÃO, REATERRO E TRANSPORTE E RETIRADA DO MATERIAL ESCAVADO (EM CAÇAMBA)"},"ED-49883","SETOP",{"$f":"IF(G1754=\"SINAPI\",VLOOKUP($F1754,DADOS_SINAPI,3,0),IF(G1754=\"SETOP\",VLOOKUP($F1754,DADOS_SETOP,3,0),IF(G1754=\"CPU\",VLOOKUP($F1754,DADOS_COMPOSICAO,10,0),IF(G1754=\"SICRO\",VLOOKUP($F1754,DADOS_SICRO,3,0),IF(G1754=\"SUDECAP\",VLOOKUP(F1754,DADOS_SUDECAP,3,0),IF(G1754=\"COTAÇÃO\",VLOOKUP($F1754,DADOS_COTACAO,9,0),\"\"))))))","v":"un"},{"$f":"F1756","v":9},{"$f":"IF(G1754=\"SINAPI\",VLOOKUP($F1754,DADOS_SINAPI,4,0),IF(G1754=\"SETOP\",VLOOKUP($F1754,DADOS_SETOP,4,0),IF(G1754=\"CPU\",VLOOKUP($F1754,DADOS_COMPOSICAO,13,0),IF(G1754=\"SICRO\",VLOOKUP($F1754,DADOS_SICRO,4,0),IF(G1754=\"SUDECAP\",VLOOKUP(F1754,DADOS_SUDECAP,4,0),IF(G1754=\"COTAÇÃO\",VLOOKUP(F1754,DADOS_COTACAO,12,0),\"\"))))))","v":412.47},"BDI 1",{"$f":"TRUNC(J1754*(1+$N$17),2)","v":521.85},{"$f":"IFERROR(TRUNC(I1754*J1754,2),\"\")","v":3712.23},{"$f":"IFERROR(TRUNC(L1754*I1754,2),\"\")","v":4696.6499999999996}]
[2000]
[2000,null,null,null,"Quantidade",9,"un"]
[2000]
[null,null,null,"13.2","PVC ACESSÓRIOS",null,null,null,null,null,null,null,{"$f":"IFERROR(SUMIFS(M:M,A:A,LEFT(D1758,SEARCH(\".\",D1758)-1),B:B,RIGHT(D1758,LEN(D1758)-SEARCH(\".\",D1758))),\"\")","v":2134.48},{"$f":"IFERROR(SUMIFS(N:N,A:A,LEFT(D1758,SEARCH(\".\",D1758)-1),B:B,RIGHT(D1758,LEN(D1758)-SEARCH(\".\",D1758))),\"\")","v":2700.28}]
[{"$f":"IFERROR(LEFT(D1759,SEARCH(\".\",D1759)-1),\"\")","v":"13"},{"$f":"IFERROR(LEFT(RIGHT(D1759,LEN(D1759)-SEARCH(\".\",D1759)),SEARCH(\".\",RIGHT(D1759,LEN(D1759)-SEARCH(\".\",D1759)))-1),\"\")","v":"2"},{"$f":"IFERROR(IF(LEN(D1759)-LEN(SUBSTITUTE(D1759,\".\",\"\"))<>3,\"\",MID(D1759,SEARCH(\".\",D1759,SEARCH(\".\",D1759)+1)+1,LEN(D1759)-SEARCH(\".\",D1759,SEARCH(\".\",D1759)+1)-(LEN(D1759)-(SEARCH(\".\",D1759,SEARCH(\".\",D1759,SEARCH(\".\",D1759)+1)+1)-1)))),\"\")","v":""},"13.2.1",{"$f":"IF($G1759=\"SINAPI\",VLOOKUP($F1759,DADOS_SINAPI,2,0),IF(G1759=\"SETOP\",VLOOKUP($F1759,DADOS_SETOP,2,0),IF(G1759=\"CPU\",VLOOKUP($F1759,DADOS_COMPOSICAO,2,0),IF(G1759=\"SICRO\",VLOOKUP($F1759,DADOS_SICRO,2,0),IF(G1759=\"SUDECAP\",VLOOKUP(F1759,DADOS_SUDECAP,2,0),IF(G1759=\"COTAÇÃO\",VLOOKUP($F1759,DADOS_COTACAO,2,0),\"\"))))))","v":"CAIXA SIFONADA, COM GRELHA QUADRADA, PVC, DN 150 X 150 X 50 MM, JUNTA SOLDÁVEL, FORNECIDA E INSTALADA EM RAMAL DE DESCARGA OU EM RAMAL DE ESGOTO SANITÁRIO. AF_08/2022"},104328,"SINAPI",{"$f":"IF(G1759=\"SINAPI\",VLOOKUP($F1759,DADOS_SINAPI,3,0),IF(G1759=\"SETOP\",VLOOKUP($F1759,DADOS_SETOP,3,0),IF(G1759=\"CPU\",VLOOKUP($F1759,DADOS_COMPOSICAO,10,0),IF(G1759=\"SICRO\",VLOOKUP($F1759,DADOS_SICRO,3,0),IF(G1759=\"SUDECAP\",VLOOKUP(F1759,DADOS_SUDECAP,3,0),IF(G1759=\"COTAÇÃO\",VLOOKUP($F1759,DADOS_COTACAO,9,0),\"\"))))))","v":"UN"},{"$f":"F1761","v":23},{"$f":"IF(G1759=\"SINAPI\",VLOOKUP($F1759,DADOS_SINAPI,4,0),IF(G1759=\"SETOP\",VLOOKUP($F1759,DADOS_SETOP,4,0),IF(G1759=\"CPU\",VLOOKUP($F1759,DADOS_COMPOSICAO,13,0),IF(G1759=\"SICRO\",VLOOKUP($F1759,DADOS_SICRO,4,0),IF(G1759=\"SUDECAP\",VLOOKUP(F1759,DADOS_SUDECAP,4,0),IF(G1759=\"COTAÇÃO\",VLOOKUP(F1759,DADOS_COTACAO,12,0),\"\"))))))","v":60.06},"BDI 1",{"$f":"TRUNC(J1759*(1+$N$17),2)","v":75.98},{"$f":"IFERROR(TRUNC(I1759*J1759,2),\"\")","v":1381.38},{"$f":"IFERROR(TRUNC(L1759*I1759,2),\"\")","v":1747.54}]
[2000]
[2000,null,null,null,"Quantidade",23,"un"]
[2000]
[{"$f":"IFERROR(LEFT(D1763,SEARCH(\".\",D1763)-1),\"\")","v":"13"},{"$f":"IFERROR(LEFT(RIGHT(D1763,LEN(D1763)-SEARCH(\".\",D1763)),SEARCH(\".\",RIGHT(D1763,LEN(D1763)-SEARCH(\".\",D1763)))-1),\"\")","v":"2"},{"$f":"IFERROR(IF(LEN(D1763)-LEN(SUBSTITUTE(D1763,\".\",\"\"))<>3,\"\",MID(D1763,SEARCH(\".\",D1763,SEARCH(\".\",D1763)+1)+1,LEN(D1763)-SEARCH(\".\",D1763,SEARCH(\".\",D1763)+1)-(LEN(D1763)-(SEARCH(\".\",D1763,SEARCH(\".\",D1763,SEARCH(\".\",D1763)+1)+1)-1)))),\"\")","v":""},"13.2.2",{"$f":"IF($G1763=\"SINAPI\",VLOOKUP($F1763,DADOS_SINAPI,2,0),IF(G1763=\"SETOP\",VLOOKUP($F1763,DADOS_SETOP,2,0),IF(G1763=\"CPU\",VLOOKUP($F1763,DADOS_COMPOSICAO,2,0),IF(G1763=\"SICRO\",VLOOKUP($F1763,DADOS_SICRO,2,0),IF(G1763=\"SUDECAP\",VLOOKUP(F1763,DADOS_SUDECAP,2,0),IF(G1763=\"COTAÇÃO\",VLOOKUP($F1763,DADOS_COTACAO,2,0),\"\"))))))","v":"CAIXA SIFONADA, COM GRELHA REDONDA, PVC, DN 150 X 150 X 50 MM, JUNTA SOLDÁVEL, FORNECIDA E INSTALADA EM RAMAL DE DESCARGA OU EM RAMAL DE ESGOTO SANITÁRIO. AF_08/2022"},104329,"SINAPI",{"$f":"IF(G1763=\"SINAPI\",VLOOKUP($F1763,DADOS_SINAPI,3,0),IF(G1763=\"SETOP\",VLOOKUP($F1763,DADOS_SETOP,3,0),IF(G1763=\"CPU\",VLOOKUP($F1763,DADOS_COMPOSICAO,10,0),IF(G1763=\"SICRO\",VLOOKUP($F1763,DADOS_SICRO,3,0),IF(G1763=\"SUDECAP\",VLOOKUP(F1763,DADOS_SUDECAP,3,0),IF(G1763=\"COTAÇÃO\",VLOOKUP($F1763,DADOS_COTACAO,9,0),\"\"))))))","v":"UN"},{"$f":"F1765","v":9},{"$f":"IF(G1763=\"SINAPI\",VLOOKUP($F1763,DADOS_SINAPI,4,0),IF(G1763=\"SETOP\",VLOOKUP($F1763,DADOS_SETOP,4,0),IF(G1763=\"CPU\",VLOOKUP($F1763,DADOS_COMPOSICAO,13,0),IF(G1763=\"SICRO\",VLOOKUP($F1763,DADOS_SICRO,4,0),IF(G1763=\"SUDECAP\",VLOOKUP(F1763,DADOS_SUDECAP,4,0),IF(G1763=\"COTAÇÃO\",VLOOKUP(F1763,DADOS_COTACAO,12,0),\"\"))))))","v":67.739999999999995},"BDI 1",{"$f":"TRUNC(J1763*(1+$N$17),2)","v":85.7},{"$f":"IFERROR(TRUNC(I1763*J1763,2),\"\")","v":609.66},{"$f":"IFERROR(TRUNC(L1763*I1763,2),\"\")","v":771.3}]
[2000]
[2000,null,null,null,"Quantidade",9,"un"]
[2000]
[{"$f":"IFERROR(LEFT(D1767,SEARCH(\".\",D1767)-1),\"\")","v":"13"},{"$f":"IFERROR(LEFT(RIGHT(D1767,LEN(D1767)-SEARCH(\".\",D1767)),SEARCH(\".\",RIGHT(D1767,LEN(D1767)-SEARCH(\".\",D1767)))-1),\"\")","v":"2"},{"$f":"IFERROR(IF(LEN(D1767)-LEN(SUBSTITUTE(D1767,\".\",\"\"))<>3,\"\",MID(D1767,SEARCH(\".\",D1767,SEARCH(\".\",D1767)+1)+1,LEN(D1767)-SEARCH(\".\",D1767,SEARCH(\".\",D1767)+1)-(LEN(D1767)-(SEARCH(\".\",D1767,SEARCH(\".\",D1767,SEARCH(\".\",D1767)+1)+1)-1)))),\"\")","v":""},"13.2.3",{"$f":"IF($G1767=\"SINAPI\",VLOOKUP($F1767,DADOS_SINAPI,2,0),IF(G1767=\"SETOP\",VLOOKUP($F1767,DADOS_SETOP,2,0),IF(G1767=\"CPU\",VLOOKUP($F1767,DADOS_COMPOSICAO,2,0),IF(G1767=\"SICRO\",VLOOKUP($F1767,DADOS_SICRO,2,0),IF(G1767=\"SUDECAP\",VLOOKUP(F1767,DADOS_SUDECAP,2,0),IF(G1767=\"COTAÇÃO\",VLOOKUP($F1767,DADOS_COTACAO,2,0),\"\"))))))","v":"RALO SIFONADO, PVC, DN 100 X 40 MM, JUNTA SOLDÁVEL, FORNECIDO E INSTALADO EM RAMAL DE DESCARGA OU EM RAMAL DE ESGOTO SANITÁRIO. AF_08/2022"},89709,"SINAPI",{"$f":"IF(G1767=\"SINAPI\",VLOOKUP($F1767,DADOS_SINAPI,3,0),IF(G1767=\"SETOP\",VLOOKUP($F1767,DADOS_SETOP,3,0),IF(G1767=\"CPU\",VLOOKUP($F1767,DADOS_COMPOSICAO,10,0),IF(G1767=\"SICRO\",VLOOKUP($F1767,DADOS_SICRO,3,0),IF(G1767=\"SUDECAP\",VLOOKUP(F1767,DADOS_SUDECAP,3,0),IF(G1767=\"COTAÇÃO\",VLOOKUP($F1767,DADOS_COTACAO,9,0),\"\"))))))","v":"UN"},{"$f":"F1769","v":8},{"$f":"IF(G1767=\"SINAPI\",VLOOKUP($F1767,DADOS_SINAPI,4,0),IF(G1767=\"SETOP\",VLOOKUP($F1767,DADOS_SETOP,4,0),IF(G1767=\"CPU\",VLOOKUP($F1767,DADOS_COMPOSICAO,13,0),IF(G1767=\"SICRO\",VLOOKUP($F1767,DADOS_SICRO,4,0),IF(G1767=\"SUDECAP\",VLOOKUP(F1767,DADOS_SUDECAP,4,0),IF(G1767=\"COTAÇÃO\",VLOOKUP(F1767,DADOS_COTACAO,12,0),\"\"))))))","v":17.93},"BDI 1",{"$f":"TRUNC(J1767*(1+$N$17),2)","v":22.68},{"$f":"IFERROR(TRUNC(I1767*J1767,2),\"\")","v":143.44},{"$f":"IFERROR(TRUNC(L1767*I1767,2),\"\")","v":181.44}]
[2000]
[2000,null,null,null,"Quantidade",8,"un"]
[2000]
[null,null,null,"13.3","PVC ESGOTO",null,null,null,null,null,null,null,{"$f":"IFERROR(SUMIFS(M:M,A:A,LEFT(D1771,SEARCH(\".\",D1771)-1),B:B,RIGHT(D1771,LEN(D1771)-SEARCH(\".\",D1771))),\"\")","v":20518.569999999992},{"$f":"IFERROR(SUMIFS(N:N,A:A,LEFT(D1771,SEARCH(\".\",D1771)-1),B:B,RIGHT(D1771,LEN(D1771)-SEARCH(\".\",D1771))),\"\")","v":25956.880000000005}]
[{"$f":"IFERROR(LEFT(D1772,SEARCH(\".\",D1772)-1),\"\")","v":"13"},{"$f":"IFERROR(LEFT(RIGHT(D1772,LEN(D1772)-SEARCH(\".\",D1772)),SEARCH(\".\",RIGHT(D1772,LEN(D1772)-SEARCH(\".\",D1772)))-1),\"\")","v":"3"},{"$f":"IFERROR(IF(LEN(D1772)-LEN(SUBSTITUTE(D1772,\".\",\"\"))<>3,\"\",MID(D1772,SEARCH(\".\",D1772,SEARCH(\".\",D1772)+1)+1,LEN(D1772)-SEARCH(\".\",D1772,SEARCH(\".\",D1772)+1)-(LEN(D1772)-(SEARCH(\".\",D1772,SEARCH(\".\",D1772,SEARCH(\".\",D1772)+1)+1)-1)))),\"\")","v":""},"13.3.1",{"$f":"IF($G1772=\"SINAPI\",VLOOKUP($F1772,DADOS_SINAPI,2,0),IF(G1772=\"SETOP\",VLOOKUP($F1772,DADOS_SETOP,2,0),IF(G1772=\"CPU\",VLOOKUP($F1772,DADOS_COMPOSICAO,2,0),IF(G1772=\"SICRO\",VLOOKUP($F1772,DADOS_SICRO,2,0),IF(G1772=\"SUDECAP\",VLOOKUP(F1772,DADOS_SUDECAP,2,0),IF(G1772=\"COTAÇÃO\",VLOOKUP($F1772,DADOS_COTACAO,2,0),\"\"))))))","v":"BUCHA DE REDUÇÃO LONGA, PVC, SÉRIE NORMAL, ESGOTO PREDIAL, DN 50 X 40 MM, JUNTA SOLDÁVEL E ELÁSTICA, FORNECIDO E INSTALADO EM RAMAL DE DESCARGA OU RAMAL DE ESGOTO SANITÁRIO. AF_08/2022"},104341,"SINAPI",{"$f":"IF(G1772=\"SINAPI\",VLOOKUP($F1772,DADOS_SINAPI,3,0),IF(G1772=\"SETOP\",VLOOKUP($F1772,DADOS_SETOP,3,0),IF(G1772=\"CPU\",VLOOKUP($F1772,DADOS_COMPOSICAO,10,0),IF(G1772=\"SICRO\",VLOOKUP($F1772,DADOS_SICRO,3,0),IF(G1772=\"SUDECAP\",VLOOKUP(F1772,DADOS_SUDECAP,3,0),IF(G1772=\"COTAÇÃO\",VLOOKUP($F1772,DADOS_COTACAO,9,0),\"\"))))))","v":"UN"},{"$f":"F1774","v":6},{"$f":"IF(G1772=\"SINAPI\",VLOOKUP($F1772,DADOS_SINAPI,4,0),IF(G1772=\"SETOP\",VLOOKUP($F1772,DADOS_SETOP,4,0),IF(G1772=\"CPU\",VLOOKUP($F1772,DADOS_COMPOSICAO,13,0),IF(G1772=\"SICRO\",VLOOKUP($F1772,DADOS_SICRO,4,0),IF(G1772=\"SUDECAP\",VLOOKUP(F1772,DADOS_SUDECAP,4,0),IF(G1772=\"COTAÇÃO\",VLOOKUP(F1772,DADOS_COTACAO,12,0),\"\"))))))","v":10.27},"BDI 1",{"$f":"TRUNC(J1772*(1+$N$17),2)","v":12.99},{"$f":"IFERROR(TRUNC(I1772*J1772,2),\"\")","v":61.62},{"$f":"IFERROR(TRUNC(L1772*I1772,2),\"\")","v":77.94}]
[2000]
[2000,null,null,null,"Quantidade",6,"un"]
[2000]
[{"$f":"IFERROR(LEFT(D1776,SEARCH(\".\",D1776)-1),\"\")","v":"13"},{"$f":"IFERROR(LEFT(RIGHT(D1776,LEN(D1776)-SEARCH(\".\",D1776)),SEARCH(\".\",RIGHT(D1776,LEN(D1776)-SEARCH(\".\",D1776)))-1),\"\")","v":"3"},{"$f":"IFERROR(IF(LEN(D1776)-LEN(SUBSTITUTE(D1776,\".\",\"\"))<>3,\"\",MID(D1776,SEARCH(\".\",D1776,SEARCH(\".\",D1776)+1)+1,LEN(D1776)-SEARCH(\".\",D1776,SEARCH(\".\",D1776)+1)-(LEN(D1776)-(SEARCH(\".\",D1776,SEARCH(\".\",D1776,SEARCH(\".\",D1776)+1)+1)-1)))),\"\")","v":""},"13.3.2",{"$f":"IF($G1776=\"SINAPI\",VLOOKUP($F1776,DADOS_SINAPI,2,0),IF(G1776=\"SETOP\",VLOOKUP($F1776,DADOS_SETOP,2,0),IF(G1776=\"CPU\",VLOOKUP($F1776,DADOS_COMPOSICAO,2,0),IF(G1776=\"SICRO\",VLOOKUP($F1776,DADOS_SICRO,2,0),IF(G1776=\"SUDECAP\",VLOOKUP(F1776,DADOS_SUDECAP,2,0),IF(G1776=\"COTAÇÃO\",VLOOKUP($F1776,DADOS_COTACAO,2,0),\"\"))))))","v":"CURVA CURTA 90 GRAUS, PVC, SERIE NORMAL, ESGOTO PREDIAL, DN 40 MM, JUNTA SOLDÁVEL, FORNECIDO E INSTALADO EM RAMAL DE DESCARGA OU RAMAL DE ESGOTO SANITÁRIO. AF_08/2022"},89728,"SINAPI",{"$f":"IF(G1776=\"SINAPI\",VLOOKUP($F1776,DADOS_SINAPI,3,0),IF(G1776=\"SETOP\",VLOOKUP($F1776,DADOS_SETOP,3,0),IF(G1776=\"CPU\",VLOOKUP($F1776,DADOS_COMPOSICAO,10,0),IF(G1776=\"SICRO\",VLOOKUP($F1776,DADOS_SICRO,3,0),IF(G1776=\"SUDECAP\",VLOOKUP(F1776,DADOS_SUDECAP,3,0),IF(G1776=\"COTAÇÃO\",VLOOKUP($F1776,DADOS_COTACAO,9,0),\"\"))))))","v":"UN"},{"$f":"F1778","v":63},{"$f":"IF(G1776=\"SINAPI\",VLOOKUP($F1776,DADOS_SINAPI,4,0),IF(G1776=\"SETOP\",VLOOKUP($F1776,DADOS_SETOP,4,0),IF(G1776=\"CPU\",VLOOKUP($F1776,DADOS_COMPOSICAO,13,0),IF(G1776=\"SICRO\",VLOOKUP($F1776,DADOS_SICRO,4,0),IF(G1776=\"SUDECAP\",VLOOKUP(F1776,DADOS_SUDECAP,4,0),IF(G1776=\"COTAÇÃO\",VLOOKUP(F1776,DADOS_COTACAO,12,0),\"\"))))))","v":12.57},"BDI 1",{"$f":"TRUNC(J1776*(1+$N$17),2)","v":15.9},{"$f":"IFERROR(TRUNC(I1776*J1776,2),\"\")","v":791.91},{"$f":"IFERROR(TRUNC(L1776*I1776,2),\"\")","v":1001.7}]
[2000]
[2000,null,null,null,"Quantidade",63,"un"]
[2000]
[{"$f":"IFERROR(LEFT(D1780,SEARCH(\".\",D1780)-1),\"\")","v":"13"},{"$f":"IFERROR(LEFT(RIGHT(D1780,LEN(D1780)-SEARCH(\".\",D1780)),SEARCH(\".\",RIGHT(D1780,LEN(D1780)-SEARCH(\".\",D1780)))-1),\"\")","v":"3"},{"$f":"IFERROR(IF(LEN(D1780)-LEN(SUBSTITUTE(D1780,\".\",\"\"))<>3,\"\",MID(D1780,SEARCH(\".\",D1780,SEARCH(\".\",D1780)+1)+1,LEN(D1780)-SEARCH(\".\",D1780,SEARCH(\".\",D1780)+1)-(LEN(D1780)-(SEARCH(\".\",D1780,SEARCH(\".\",D1780,SEARCH(\".\",D1780)+1)+1)-1)))),\"\")","v":""},"13.3.3",{"$f":"IF($G1780=\"SINAPI\",VLOOKUP($F1780,DADOS_SINAPI,2,0),IF(G1780=\"SETOP\",VLOOKUP($F1780,DADOS_SETOP,2,0),IF(G1780=\"CPU\",VLOOKUP($F1780,DADOS_COMPOSICAO,2,0),IF(G1780=\"SICRO\",VLOOKUP($F1780,DADOS_SICRO,2,0),IF(G1780=\"SUDECAP\",VLOOKUP(F1780,DADOS_SUDECAP,2,0),IF(G1780=\"COTAÇÃO\",VLOOKUP($F1780,DADOS_COTACAO,2,0),\"\"))))))","v":"JOELHO 45 GRAUS, PVC, SERIE NORMAL, ESGOTO PREDIAL, DN 100 MM, JUNTA ELÁSTICA, FORNECIDO E INSTALADO EM PRUMADA DE ESGOTO SANITÁRIO OU VENTILAÇÃO. AF_08/2022"},89810,"SINAPI",{"$f":"IF(G1780=\"SINAPI\",VLOOKUP($F1780,DADOS_SINAPI,3,0),IF(G1780=\"SETOP\",VLOOKUP($F1780,DADOS_SETOP,3,0),IF(G1780=\"CPU\",VLOOKUP($F1780,DADOS_COMPOSICAO,10,0),IF(G1780=\"SICRO\",VLOOKUP($F1780,DADOS_SICRO,3,0),IF(G1780=\"SUDECAP\",VLOOKUP(F1780,DADOS_SUDECAP,3,0),IF(G1780=\"COTAÇÃO\",VLOOKUP($F1780,DADOS_COTACAO,9,0),\"\"))))))","v":"UN"},{"$f":"F1782","v":10},{"$f":"IF(G1780=\"SINAPI\",VLOOKUP($F1780,DADOS_SINAPI,4,0),IF(G1780=\"SETOP\",VLOOKUP($F1780,DADOS_SETOP,4,0),IF(G1780=\"CPU\",VLOOKUP($F1780,DADOS_COMPOSICAO,13,0),IF(G1780=\"SICRO\",VLOOKUP($F1780,DADOS_SICRO,4,0),IF(G1780=\"SUDECAP\",VLOOKUP(F1780,DADOS_SUDECAP,4,0),IF(G1780=\"COTAÇÃO\",VLOOKUP(F1780,DADOS_COTACAO,12,0),\"\"))))))","v":28.21},"BDI 1",{"$f":"TRUNC(J1780*(1+$N$17),2)","v":35.69},{"$f":"IFERROR(TRUNC(I1780*J1780,2),\"\")","v":282.10000000000002},{"$f":"IFERROR(TRUNC(L1780*I1780,2),\"\")","v":356.9}]
[2000]
[2000,null,null,null,"Quantidade",10,"un"]
[2000]
[{"$f":"IFERROR(LEFT(D1784,SEARCH(\".\",D1784)-1),\"\")","v":"13"},{"$f":"IFERROR(LEFT(RIGHT(D1784,LEN(D1784)-SEARCH(\".\",D1784)),SEARCH(\".\",RIGHT(D1784,LEN(D1784)-SEARCH(\".\",D1784)))-1),\"\")","v":"3"},{"$f":"IFERROR(IF(LEN(D1784)-LEN(SUBSTITUTE(D1784,\".\",\"\"))<>3,\"\",MID(D1784,SEARCH(\".\",D1784,SEARCH(\".\",D1784)+1)+1,LEN(D1784)-SEARCH(\".\",D1784,SEARCH(\".\",D1784)+1)-(LEN(D1784)-(SEARCH(\".\",D1784,SEARCH(\".\",D1784,SEARCH(\".\",D1784)+1)+1)-1)))),\"\")","v":""},"13.3.4",{"$f":"IF($G1784=\"SINAPI\",VLOOKUP($F1784,DADOS_SINAPI,2,0),IF(G1784=\"SETOP\",VLOOKUP($F1784,DADOS_SETOP,2,0),IF(G1784=\"CPU\",VLOOKUP($F1784,DADOS_COMPOSICAO,2,0),IF(G1784=\"SICRO\",VLOOKUP($F1784,DADOS_SICRO,2,0),IF(G1784=\"SUDECAP\",VLOOKUP(F1784,DADOS_SUDECAP,2,0),IF(G1784=\"COTAÇÃO\",VLOOKUP($F1784,DADOS_COTACAO,2,0),\"\"))))))","v":"JOELHO 45 GRAUS, PVC, SERIE NORMAL, ESGOTO PREDIAL, DN 75 MM, JUNTA ELÁSTICA, FORNECIDO E INSTALADO EM PRUMADA DE ESGOTO SANITÁRIO OU VENTILAÇÃO. AF_08/2022"},89806,"SINAPI",{"$f":"IF(G1784=\"SINAPI\",VLOOKUP($F1784,DADOS_SINAPI,3,0),IF(G1784=\"SETOP\",VLOOKUP($F1784,DADOS_SETOP,3,0),IF(G1784=\"CPU\",VLOOKUP($F1784,DADOS_COMPOSICAO,10,0),IF(G1784=\"SICRO\",VLOOKUP($F1784,DADOS_SICRO,3,0),IF(G1784=\"SUDECAP\",VLOOKUP(F1784,DADOS_SUDECAP,3,0),IF(G1784=\"COTAÇÃO\",VLOOKUP($F1784,DADOS_COTACAO,9,0),\"\"))))))","v":"UN"},{"$f":"F1786","v":6},{"$f":"IF(G1784=\"SINAPI\",VLOOKUP($F1784,DADOS_SINAPI,4,0),IF(G1784=\"SETOP\",VLOOKUP($F1784,DADOS_SETOP,4,0),IF(G1784=\"CPU\",VLOOKUP($F1784,DADOS_COMPOSICAO,13,0),IF(G1784=\"SICRO\",VLOOKUP($F1784,DADOS_SICRO,4,0),IF(G1784=\"SUDECAP\",VLOOKUP(F1784,DADOS_SUDECAP,4,0),IF(G1784=\"COTAÇÃO\",VLOOKUP(F1784,DADOS_COTACAO,12,0),\"\"))))))","v":20.97},"BDI 1",{"$f":"TRUNC(J1784*(1+$N$17),2)","v":26.53},{"$f":"IFERROR(TRUNC(I1784*J1784,2),\"\")","v":125.82},{"$f":"IFERROR(TRUNC(L1784*I1784,2),\"\")","v":159.18}]
[2000]
[2000,null,null,null,"Quantidade",{"$f":"5+1","v":6},"un"]
[2000]
[{"$f":"IFERROR(LEFT(D1788,SEARCH(\".\",D1788)-1),\"\")","v":"13"},{"$f":"IFERROR(LEFT(RIGHT(D1788,LEN(D1788)-SEARCH(\".\",D1788)),SEARCH(\".\",RIGHT(D1788,LEN(D1788)-SEARCH(\".\",D1788)))-1),\"\")","v":"3"},{"$f":"IFERROR(IF(LEN(D1788)-LEN(SUBSTITUTE(D1788,\".\",\"\"))<>3,\"\",MID(D1788,SEARCH(\".\",D1788,SEARCH(\".\",D1788)+1)+1,LEN(D1788)-SEARCH(\".\",D1788,SEARCH(\".\",D1788)+1)-(LEN(D1788)-(SEARCH(\".\",D1788,SEARCH(\".\",D1788,SEARCH(\".\",D1788)+1)+1)-1)))),\"\")","v":""},"13.3.5",{"$f":"IF($G1788=\"SINAPI\",VLOOKUP($F1788,DADOS_SINAPI,2,0),IF(G1788=\"SETOP\",VLOOKUP($F1788,DADOS_SETOP,2,0),IF(G1788=\"CPU\",VLOOKUP($F1788,DADOS_COMPOSICAO,2,0),IF(G1788=\"SICRO\",VLOOKUP($F1788,DADOS_SICRO,2,0),IF(G1788=\"SUDECAP\",VLOOKUP(F1788,DADOS_SUDECAP,2,0),IF(G1788=\"COTAÇÃO\",VLOOKUP($F1788,DADOS_COTACAO,2,0),\"\"))))))","v":"JOELHO 45 GRAUS, PVC, SERIE NORMAL, ESGOTO PREDIAL, DN 50 MM, JUNTA ELÁSTICA, FORNECIDO E INSTALADO EM PRUMADA DE ESGOTO SANITÁRIO OU VENTILAÇÃO. AF_08/2022"},89802,"SINAPI",{"$f":"IF(G1788=\"SINAPI\",VLOOKUP($F1788,DADOS_SINAPI,3,0),IF(G1788=\"SETOP\",VLOOKUP($F1788,DADOS_SETOP,3,0),IF(G1788=\"CPU\",VLOOKUP($F1788,DADOS_COMPOSICAO,10,0),IF(G1788=\"SICRO\",VLOOKUP($F1788,DADOS_SICRO,3,0),IF(G1788=\"SUDECAP\",VLOOKUP(F1788,DADOS_SUDECAP,3,0),IF(G1788=\"COTAÇÃO\",VLOOKUP($F1788,DADOS_COTACAO,9,0),\"\"))))))","v":"UN"},{"$f":"F1790","v":71},{"$f":"IF(G1788=\"SINAPI\",VLOOKUP($F1788,DADOS_SINAPI,4,0),IF(G1788=\"SETOP\",VLOOKUP($F1788,DADOS_SETOP,4,0),IF(G1788=\"CPU\",VLOOKUP($F1788,DADOS_COMPOSICAO,13,0),IF(G1788=\"SICRO\",VLOOKUP($F1788,DADOS_SICRO,4,0),IF(G1788=\"SUDECAP\",VLOOKUP(F1788,DADOS_SUDECAP,4,0),IF(G1788=\"COTAÇÃO\",VLOOKUP(F1788,DADOS_COTACAO,12,0),\"\"))))))","v":10.26},"BDI 1",{"$f":"TRUNC(J1788*(1+$N$17),2)","v":12.98},{"$f":"IFERROR(TRUNC(I1788*J1788,2),\"\")","v":728.46},{"$f":"IFERROR(TRUNC(L1788*I1788,2),\"\")","v":921.58}]
[2000]
[2000,null,null,null,"Quantidade",{"$f":"37+6+28","v":71},"un"]
[2000]
[{"$f":"IFERROR(LEFT(D1792,SEARCH(\".\",D1792)-1),\"\")","v":"13"},{"$f":"IFERROR(LEFT(RIGHT(D1792,LEN(D1792)-SEARCH(\".\",D1792)),SEARCH(\".\",RIGHT(D1792,LEN(D1792)-SEARCH(\".\",D1792)))-1),\"\")","v":"3"},{"$f":"IFERROR(IF(LEN(D1792)-LEN(SUBSTITUTE(D1792,\".\",\"\"))<>3,\"\",MID(D1792,SEARCH(\".\",D1792,SEARCH(\".\",D1792)+1)+1,LEN(D1792)-SEARCH(\".\",D1792,SEARCH(\".\",D1792)+1)-(LEN(D1792)-(SEARCH(\".\",D1792,SEARCH(\".\",D1792,SEARCH(\".\",D1792)+1)+1)-1)))),\"\")","v":""},"13.3.6",{"$f":"IF($G1792=\"SINAPI\",VLOOKUP($F1792,DADOS_SINAPI,2,0),IF(G1792=\"SETOP\",VLOOKUP($F1792,DADOS_SETOP,2,0),IF(G1792=\"CPU\",VLOOKUP($F1792,DADOS_COMPOSICAO,2,0),IF(G1792=\"SICRO\",VLOOKUP($F1792,DADOS_SICRO,2,0),IF(G1792=\"SUDECAP\",VLOOKUP(F1792,DADOS_SUDECAP,2,0),IF(G1792=\"COTAÇÃO\",VLOOKUP($F1792,DADOS_COTACAO,2,0),\"\"))))))","v":"JOELHO 45 GRAUS, PVC, SERIE NORMAL, ESGOTO PREDIAL, DN 40 MM, JUNTA SOLDÁVEL, FORNECIDO E INSTALADO EM RAMAL DE DESCARGA OU RAMAL DE ESGOTO SANITÁRIO. AF_08/2022"},89726,"SINAPI",{"$f":"IF(G1792=\"SINAPI\",VLOOKUP($F1792,DADOS_SINAPI,3,0),IF(G1792=\"SETOP\",VLOOKUP($F1792,DADOS_SETOP,3,0),IF(G1792=\"CPU\",VLOOKUP($F1792,DADOS_COMPOSICAO,10,0),IF(G1792=\"SICRO\",VLOOKUP($F1792,DADOS_SICRO,3,0),IF(G1792=\"SUDECAP\",VLOOKUP(F1792,DADOS_SUDECAP,3,0),IF(G1792=\"COTAÇÃO\",VLOOKUP($F1792,DADOS_COTACAO,9,0),\"\"))))))","v":"UN"},{"$f":"F1794","v":25},{"$f":"IF(G1792=\"SINAPI\",VLOOKUP($F1792,DADOS_SINAPI,4,0),IF(G1792=\"SETOP\",VLOOKUP($F1792,DADOS_SETOP,4,0),IF(G1792=\"CPU\",VLOOKUP($F1792,DADOS_COMPOSICAO,13,0),IF(G1792=\"SICRO\",VLOOKUP($F1792,DADOS_SICRO,4,0),IF(G1792=\"SUDECAP\",VLOOKUP(F1792,DADOS_SUDECAP,4,0),IF(G1792=\"COTAÇÃO\",VLOOKUP(F1792,DADOS_COTACAO,12,0),\"\"))))))","v":9.58},"BDI 1",{"$f":"TRUNC(J1792*(1+$N$17),2)","v":12.12},{"$f":"IFERROR(TRUNC(I1792*J1792,2),\"\")","v":239.5},{"$f":"IFERROR(TRUNC(L1792*I1792,2),\"\")","v":303}]
[2000]
[2000,null,null,null,"Quantidade",25,"un"]
[2000]
[{"$f":"IFERROR(LEFT(D1796,SEARCH(\".\",D1796)-1),\"\")","v":"13"},{"$f":"IFERROR(LEFT(RIGHT(D1796,LEN(D1796)-SEARCH(\".\",D1796)),SEARCH(\".\",RIGHT(D1796,LEN(D1796)-SEARCH(\".\",D1796)))-1),\"\")","v":"3"},{"$f":"IFERROR(IF(LEN(D1796)-LEN(SUBSTITUTE(D1796,\".\",\"\"))<>3,\"\",MID(D1796,SEARCH(\".\",D1796,SEARCH(\".\",D1796)+1)+1,LEN(D1796)-SEARCH(\".\",D1796,SEARCH(\".\",D1796)+1)-(LEN(D1796)-(SEARCH(\".\",D1796,SEARCH(\".\",D1796,SEARCH(\".\",D1796)+1)+1)-1)))),\"\")","v":""},"13.3.7",{"$f":"IF($G1796=\"SINAPI\",VLOOKUP($F1796,DADOS_SINAPI,2,0),IF(G1796=\"SETOP\",VLOOKUP($F1796,DADOS_SETOP,2,0),IF(G1796=\"CPU\",VLOOKUP($F1796,DADOS_COMPOSICAO,2,0),IF(G1796=\"SICRO\",VLOOKUP($F1796,DADOS_SICRO,2,0),IF(G1796=\"SUDECAP\",VLOOKUP(F1796,DADOS_SUDECAP,2,0),IF(G1796=\"COTAÇÃO\",VLOOKUP($F1796,DADOS_COTACAO,2,0),\"\"))))))","v":"JOELHO 90 GRAUS, PVC, SERIE NORMAL, ESGOTO PREDIAL, DN 100 MM, JUNTA ELÁSTICA, FORNECIDO E INSTALADO EM SUBCOLETOR AÉREO DE ESGOTO SANITÁRIO. AF_08/2022"},89850,"SINAPI",{"$f":"IF(G1796=\"SINAPI\",VLOOKUP($F1796,DADOS_SINAPI,3,0),IF(G1796=\"SETOP\",VLOOKUP($F1796,DADOS_SETOP,3,0),IF(G1796=\"CPU\",VLOOKUP($F1796,DADOS_COMPOSICAO,10,0),IF(G1796=\"SICRO\",VLOOKUP($F1796,DADOS_SICRO,3,0),IF(G1796=\"SUDECAP\",VLOOKUP(F1796,DADOS_SUDECAP,3,0),IF(G1796=\"COTAÇÃO\",VLOOKUP($F1796,DADOS_COTACAO,9,0),\"\"))))))","v":"UN"},{"$f":"F1798","v":22},{"$f":"IF(G1796=\"SINAPI\",VLOOKUP($F1796,DADOS_SINAPI,4,0),IF(G1796=\"SETOP\",VLOOKUP($F1796,DADOS_SETOP,4,0),IF(G1796=\"CPU\",VLOOKUP($F1796,DADOS_COMPOSICAO,13,0),IF(G1796=\"SICRO\",VLOOKUP($F1796,DADOS_SICRO,4,0),IF(G1796=\"SUDECAP\",VLOOKUP(F1796,DADOS_SUDECAP,4,0),IF(G1796=\"COTAÇÃO\",VLOOKUP(F1796,DADOS_COTACAO,12,0),\"\"))))))","v":29.87},"BDI 1",{"$f":"TRUNC(J1796*(1+$N$17),2)","v":37.79},{"$f":"IFERROR(TRUNC(I1796*J1796,2),\"\")","v":657.14},{"$f":"IFERROR(TRUNC(L1796*I1796,2),\"\")","v":831.38}]
[2000]
[2000,null,null,null,"Quantidade",22,"un"]
[2000]
[{"$f":"IFERROR(LEFT(D1800,SEARCH(\".\",D1800)-1),\"\")","v":"13"},{"$f":"IFERROR(LEFT(RIGHT(D1800,LEN(D1800)-SEARCH(\".\",D1800)),SEARCH(\".\",RIGHT(D1800,LEN(D1800)-SEARCH(\".\",D1800)))-1),\"\")","v":"3"},{"$f":"IFERROR(IF(LEN(D1800)-LEN(SUBSTITUTE(D1800,\".\",\"\"))<>3,\"\",MID(D1800,SEARCH(\".\",D1800,SEARCH(\".\",D1800)+1)+1,LEN(D1800)-SEARCH(\".\",D1800,SEARCH(\".\",D1800)+1)-(LEN(D1800)-(SEARCH(\".\",D1800,SEARCH(\".\",D1800,SEARCH(\".\",D1800)+1)+1)-1)))),\"\")","v":""},"13.3.9",{"$f":"IF($G1800=\"SINAPI\",VLOOKUP($F1800,DADOS_SINAPI,2,0),IF(G1800=\"SETOP\",VLOOKUP($F1800,DADOS_SETOP,2,0),IF(G1800=\"CPU\",VLOOKUP($F1800,DADOS_COMPOSICAO,2,0),IF(G1800=\"SICRO\",VLOOKUP($F1800,DADOS_SICRO,2,0),IF(G1800=\"SUDECAP\",VLOOKUP(F1800,DADOS_SUDECAP,2,0),IF(G1800=\"COTAÇÃO\",VLOOKUP($F1800,DADOS_COTACAO,2,0),\"\"))))))","v":"JOELHO 90 GRAUS, PVC, SERIE NORMAL, ESGOTO PREDIAL, DN 50 MM, JUNTA ELÁSTICA, FORNECIDO E INSTALADO EM PRUMADA DE ESGOTO SANITÁRIO OU VENTILAÇÃO. AF_08/2022"},89801,"SINAPI",{"$f":"IF(G1800=\"SINAPI\",VLOOKUP($F1800,DADOS_SINAPI,3,0),IF(G1800=\"SETOP\",VLOOKUP($F1800,DADOS_SETOP,3,0),IF(G1800=\"CPU\",VLOOKUP($F1800,DADOS_COMPOSICAO,10,0),IF(G1800=\"SICRO\",VLOOKUP($F1800,DADOS_SICRO,3,0),IF(G1800=\"SUDECAP\",VLOOKUP(F1800,DADOS_SUDECAP,3,0),IF(G1800=\"COTAÇÃO\",VLOOKUP($F1800,DADOS_COTACAO,9,0),\"\"))))))","v":"UN"},{"$f":"F1802","v":69},{"$f":"IF(G1800=\"SINAPI\",VLOOKUP($F1800,DADOS_SINAPI,4,0),IF(G1800=\"SETOP\",VLOOKUP($F1800,DADOS_SETOP,4,0),IF(G1800=\"CPU\",VLOOKUP($F1800,DADOS_COMPOSICAO,13,0),IF(G1800=\"SICRO\",VLOOKUP($F1800,DADOS_SICRO,4,0),IF(G1800=\"SUDECAP\",VLOOKUP(F1800,DADOS_SUDECAP,4,0),IF(G1800=\"COTAÇÃO\",VLOOKUP(F1800,DADOS_COTACAO,12,0),\"\"))))))","v":9.4499999999999993},"BDI 1",{"$f":"TRUNC(J1800*(1+$N$17),2)","v":11.95},{"$f":"IFERROR(TRUNC(I1800*J1800,2),\"\")","v":652.04999999999995},{"$f":"IFERROR(TRUNC(L1800*I1800,2),\"\")","v":824.55}]
[2000]
[2000,null,null,null,"Quantidade",{"$f":"15+54","v":69},"un"]
[2000]
[{"$f":"IFERROR(LEFT(D1804,SEARCH(\".\",D1804)-1),\"\")","v":"13"},{"$f":"IFERROR(LEFT(RIGHT(D1804,LEN(D1804)-SEARCH(\".\",D1804)),SEARCH(\".\",RIGHT(D1804,LEN(D1804)-SEARCH(\".\",D1804)))-1),\"\")","v":"3"},{"$f":"IFERROR(IF(LEN(D1804)-LEN(SUBSTITUTE(D1804,\".\",\"\"))<>3,\"\",MID(D1804,SEARCH(\".\",D1804,SEARCH(\".\",D1804)+1)+1,LEN(D1804)-SEARCH(\".\",D1804,SEARCH(\".\",D1804)+1)-(LEN(D1804)-(SEARCH(\".\",D1804,SEARCH(\".\",D1804,SEARCH(\".\",D1804)+1)+1)-1)))),\"\")","v":""},"13.3.10",{"$f":"IF($G1804=\"SINAPI\",VLOOKUP($F1804,DADOS_SINAPI,2,0),IF(G1804=\"SETOP\",VLOOKUP($F1804,DADOS_SETOP,2,0),IF(G1804=\"CPU\",VLOOKUP($F1804,DADOS_COMPOSICAO,2,0),IF(G1804=\"SICRO\",VLOOKUP($F1804,DADOS_SICRO,2,0),IF(G1804=\"SUDECAP\",VLOOKUP(F1804,DADOS_SUDECAP,2,0),IF(G1804=\"COTAÇÃO\",VLOOKUP($F1804,DADOS_COTACAO,2,0),\"\"))))))","v":"JOELHO 90 GRAUS, PVC, SERIE NORMAL, ESGOTO PREDIAL, DN 40 MM, JUNTA SOLDÁVEL, FORNECIDO E INSTALADO EM RAMAL DE DESCARGA OU RAMAL DE ESGOTO SANITÁRIO. AF_08/2022"},89724,"SINAPI",{"$f":"IF(G1804=\"SINAPI\",VLOOKUP($F1804,DADOS_SINAPI,3,0),IF(G1804=\"SETOP\",VLOOKUP($F1804,DADOS_SETOP,3,0),IF(G1804=\"CPU\",VLOOKUP($F1804,DADOS_COMPOSICAO,10,0),IF(G1804=\"SICRO\",VLOOKUP($F1804,DADOS_SICRO,3,0),IF(G1804=\"SUDECAP\",VLOOKUP(F1804,DADOS_SUDECAP,3,0),IF(G1804=\"COTAÇÃO\",VLOOKUP($F1804,DADOS_COTACAO,9,0),\"\"))))))","v":"UN"},{"$f":"F1806","v":3},{"$f":"IF(G1804=\"SINAPI\",VLOOKUP($F1804,DADOS_SINAPI,4,0),IF(G1804=\"SETOP\",VLOOKUP($F1804,DADOS_SETOP,4,0),IF(G1804=\"CPU\",VLOOKUP($F1804,DADOS_COMPOSICAO,13,0),IF(G1804=\"SICRO\",VLOOKUP($F1804,DADOS_SICRO,4,0),IF(G1804=\"SUDECAP\",VLOOKUP(F1804,DADOS_SUDECAP,4,0),IF(G1804=\"COTAÇÃO\",VLOOKUP(F1804,DADOS_COTACAO,12,0),\"\"))))))","v":9.33},"BDI 1",{"$f":"TRUNC(J1804*(1+$N$17),2)","v":11.8},{"$f":"IFERROR(TRUNC(I1804*J1804,2),\"\")","v":27.99},{"$f":"IFERROR(TRUNC(L1804*I1804,2),\"\")","v":35.4}]
[2000]
[2000,null,null,null,"Quantidade",3,"un"]
[2000]
[{"$f":"IFERROR(LEFT(D1808,SEARCH(\".\",D1808)-1),\"\")","v":"13"},{"$f":"IFERROR(LEFT(RIGHT(D1808,LEN(D1808)-SEARCH(\".\",D1808)),SEARCH(\".\",RIGHT(D1808,LEN(D1808)-SEARCH(\".\",D1808)))-1),\"\")","v":"3"},{"$f":"IFERROR(IF(LEN(D1808)-LEN(SUBSTITUTE(D1808,\".\",\"\"))<>3,\"\",MID(D1808,SEARCH(\".\",D1808,SEARCH(\".\",D1808)+1)+1,LEN(D1808)-SEARCH(\".\",D1808,SEARCH(\".\",D1808)+1)-(LEN(D1808)-(SEARCH(\".\",D1808,SEARCH(\".\",D1808,SEARCH(\".\",D1808)+1)+1)-1)))),\"\")","v":""},"13.3.11",{"$f":"IF($G1808=\"SINAPI\",VLOOKUP($F1808,DADOS_SINAPI,2,0),IF(G1808=\"SETOP\",VLOOKUP($F1808,DADOS_SETOP,2,0),IF(G1808=\"CPU\",VLOOKUP($F1808,DADOS_COMPOSICAO,2,0),IF(G1808=\"SICRO\",VLOOKUP($F1808,DADOS_SICRO,2,0),IF(G1808=\"SUDECAP\",VLOOKUP(F1808,DADOS_SUDECAP,2,0),IF(G1808=\"COTAÇÃO\",VLOOKUP($F1808,DADOS_COTACAO,2,0),\"\"))))))","v":"JOELHO 90 GRAUS, PVC, SERIE NORMAL, ESGOTO PREDIAL, DN 75 MM, JUNTA ELÁSTICA, FORNECIDO E INSTALADO EM RAMAL DE DESCARGA OU RAMAL DE ESGOTO SANITÁRIO. AF_08/2022"},89737,"SINAPI",{"$f":"IF(G1808=\"SINAPI\",VLOOKUP($F1808,DADOS_SINAPI,3,0),IF(G1808=\"SETOP\",VLOOKUP($F1808,DADOS_SETOP,3,0),IF(G1808=\"CPU\",VLOOKUP($F1808,DADOS_COMPOSICAO,10,0),IF(G1808=\"SICRO\",VLOOKUP($F1808,DADOS_SICRO,3,0),IF(G1808=\"SUDECAP\",VLOOKUP(F1808,DADOS_SUDECAP,3,0),IF(G1808=\"COTAÇÃO\",VLOOKUP($F1808,DADOS_COTACAO,9,0),\"\"))))))","v":"UN"},{"$f":"F1810","v":5},{"$f":"IF(G1808=\"SINAPI\",VLOOKUP($F1808,DADOS_SINAPI,4,0),IF(G1808=\"SETOP\",VLOOKUP($F1808,DADOS_SETOP,4,0),IF(G1808=\"CPU\",VLOOKUP($F1808,DADOS_COMPOSICAO,13,0),IF(G1808=\"SICRO\",VLOOKUP($F1808,DADOS_SICRO,4,0),IF(G1808=\"SUDECAP\",VLOOKUP(F1808,DADOS_SUDECAP,4,0),IF(G1808=\"COTAÇÃO\",VLOOKUP(F1808,DADOS_COTACAO,12,0),\"\"))))))","v":21.59},"BDI 1",{"$f":"TRUNC(J1808*(1+$N$17),2)","v":27.31},{"$f":"IFERROR(TRUNC(I1808*J1808,2),\"\")","v":107.95},{"$f":"IFERROR(TRUNC(L1808*I1808,2),\"\")","v":136.55000000000001}]
[2000]
[2000,null,null,null,"Quantidade",5,"un"]
[2000]
[{"$f":"IFERROR(LEFT(D1812,SEARCH(\".\",D1812)-1),\"\")","v":"13"},{"$f":"IFERROR(LEFT(RIGHT(D1812,LEN(D1812)-SEARCH(\".\",D1812)),SEARCH(\".\",RIGHT(D1812,LEN(D1812)-SEARCH(\".\",D1812)))-1),\"\")","v":"3"},{"$f":"IFERROR(IF(LEN(D1812)-LEN(SUBSTITUTE(D1812,\".\",\"\"))<>3,\"\",MID(D1812,SEARCH(\".\",D1812,SEARCH(\".\",D1812)+1)+1,LEN(D1812)-SEARCH(\".\",D1812,SEARCH(\".\",D1812)+1)-(LEN(D1812)-(SEARCH(\".\",D1812,SEARCH(\".\",D1812,SEARCH(\".\",D1812)+1)+1)-1)))),\"\")","v":""},"13.3.12",{"$f":"IF($G1812=\"SINAPI\",VLOOKUP($F1812,DADOS_SINAPI,2,0),IF(G1812=\"SETOP\",VLOOKUP($F1812,DADOS_SETOP,2,0),IF(G1812=\"CPU\",VLOOKUP($F1812,DADOS_COMPOSICAO,2,0),IF(G1812=\"SICRO\",VLOOKUP($F1812,DADOS_SICRO,2,0),IF(G1812=\"SUDECAP\",VLOOKUP(F1812,DADOS_SUDECAP,2,0),IF(G1812=\"COTAÇÃO\",VLOOKUP($F1812,DADOS_COTACAO,2,0),\"\"))))))","v":"JOELHO PVC, COM BOLSA E ANEL, 90 GRAUS, DN 40 X *38* MM,SERIE NORMAL, PARA ESGOTO PREDIAL - FORNECIDO E INSTALADO EM RAMAL DE DESCARGA OU RAMAL DE ESGOTO SANITÁRIO"},"DAC-13.1","CPU",{"$f":"IF(G1812=\"SINAPI\",VLOOKUP($F1812,DADOS_SINAPI,3,0),IF(G1812=\"SETOP\",VLOOKUP($F1812,DADOS_SETOP,3,0),IF(G1812=\"CPU\",VLOOKUP($F1812,DADOS_COMPOSICAO,10,0),IF(G1812=\"SICRO\",VLOOKUP($F1812,DADOS_SICRO,3,0),IF(G1812=\"SUDECAP\",VLOOKUP(F1812,DADOS_SUDECAP,3,0),IF(G1812=\"COTAÇÃO\",VLOOKUP($F1812,DADOS_COTACAO,9,0),\"\"))))))","v":"UN    "},{"$f":"F1814","v":52},{"$f":"IF(G1812=\"SINAPI\",VLOOKUP($F1812,DADOS_SINAPI,4,0),IF(G1812=\"SETOP\",VLOOKUP($F1812,DADOS_SETOP,4,0),IF(G1812=\"CPU\",VLOOKUP($F1812,DADOS_COMPOSICAO,13,0),IF(G1812=\"SICRO\",VLOOKUP($F1812,DADOS_SICRO,4,0),IF(G1812=\"SUDECAP\",VLOOKUP(F1812,DADOS_SUDECAP,4,0),IF(G1812=\"COTAÇÃO\",VLOOKUP(F1812,DADOS_COTACAO,12,0),\"\"))))))","v":17.273726},"BDI 1",{"$f":"TRUNC(J1812*(1+$N$17),2)","v":21.85},{"$f":"IFERROR(TRUNC(I1812*J1812,2),\"\")","v":898.23},{"$f":"IFERROR(TRUNC(L1812*I1812,2),\"\")","v":1136.2}]
[2000]
[2000,null,null,null,"Quantidade",52,"un"]
[2000]
[{"$f":"IFERROR(LEFT(D1816,SEARCH(\".\",D1816)-1),\"\")","v":"13"},{"$f":"IFERROR(LEFT(RIGHT(D1816,LEN(D1816)-SEARCH(\".\",D1816)),SEARCH(\".\",RIGHT(D1816,LEN(D1816)-SEARCH(\".\",D1816)))-1),\"\")","v":"3"},{"$f":"IFERROR(IF(LEN(D1816)-LEN(SUBSTITUTE(D1816,\".\",\"\"))<>3,\"\",MID(D1816,SEARCH(\".\",D1816,SEARCH(\".\",D1816)+1)+1,LEN(D1816)-SEARCH(\".\",D1816,SEARCH(\".\",D1816)+1)-(LEN(D1816)-(SEARCH(\".\",D1816,SEARCH(\".\",D1816,SEARCH(\".\",D1816)+1)+1)-1)))),\"\")","v":""},"13.3.13",{"$f":"IF($G1816=\"SINAPI\",VLOOKUP($F1816,DADOS_SINAPI,2,0),IF(G1816=\"SETOP\",VLOOKUP($F1816,DADOS_SETOP,2,0),IF(G1816=\"CPU\",VLOOKUP($F1816,DADOS_COMPOSICAO,2,0),IF(G1816=\"SICRO\",VLOOKUP($F1816,DADOS_SICRO,2,0),IF(G1816=\"SUDECAP\",VLOOKUP(F1816,DADOS_SUDECAP,2,0),IF(G1816=\"COTAÇÃO\",VLOOKUP($F1816,DADOS_COTACAO,2,0),\"\"))))))","v":"JUNÇÃO SIMPLES, PVC, SERIE NORMAL, ESGOTO PREDIAL, DN 100 X 50 MM, JUNTA ELÁSTICA, FORNECIDO E INSTALADO EM PRUMADA DE ESGOTO SANITÁRIO OU VENTILAÇÃO"},"DAC-13.2","CPU",{"$f":"IF(G1816=\"SINAPI\",VLOOKUP($F1816,DADOS_SINAPI,3,0),IF(G1816=\"SETOP\",VLOOKUP($F1816,DADOS_SETOP,3,0),IF(G1816=\"CPU\",VLOOKUP($F1816,DADOS_COMPOSICAO,10,0),IF(G1816=\"SICRO\",VLOOKUP($F1816,DADOS_SICRO,3,0),IF(G1816=\"SUDECAP\",VLOOKUP(F1816,DADOS_SUDECAP,3,0),IF(G1816=\"COTAÇÃO\",VLOOKUP($F1816,DADOS_COTACAO,9,0),\"\"))))))","v":"UN    "},{"$f":"F1818","v":22},{"$f":"IF(G1816=\"SINAPI\",VLOOKUP($F1816,DADOS_SINAPI,4,0),IF(G1816=\"SETOP\",VLOOKUP($F1816,DADOS_SETOP,4,0),IF(G1816=\"CPU\",VLOOKUP($F1816,DADOS_COMPOSICAO,13,0),IF(G1816=\"SICRO\",VLOOKUP($F1816,DADOS_SICRO,4,0),IF(G1816=\"SUDECAP\",VLOOKUP(F1816,DADOS_SUDECAP,4,0),IF(G1816=\"COTAÇÃO\",VLOOKUP(F1816,DADOS_COTACAO,12,0),\"\"))))))","v":45.030521},"BDI 1",{"$f":"TRUNC(J1816*(1+$N$17),2)","v":56.97},{"$f":"IFERROR(TRUNC(I1816*J1816,2),\"\")","v":990.67},{"$f":"IFERROR(TRUNC(L1816*I1816,2),\"\")","v":1253.3399999999999}]
[2000]
[2000,null,null,null,"Quantidade",22,"un"]
[2000]
[{"$f":"IFERROR(LEFT(D1820,SEARCH(\".\",D1820)-1),\"\")","v":"13"},{"$f":"IFERROR(LEFT(RIGHT(D1820,LEN(D1820)-SEARCH(\".\",D1820)),SEARCH(\".\",RIGHT(D1820,LEN(D1820)-SEARCH(\".\",D1820)))-1),\"\")","v":"3"},{"$f":"IFERROR(IF(LEN(D1820)-LEN(SUBSTITUTE(D1820,\".\",\"\"))<>3,\"\",MID(D1820,SEARCH(\".\",D1820,SEARCH(\".\",D1820)+1)+1,LEN(D1820)-SEARCH(\".\",D1820,SEARCH(\".\",D1820)+1)-(LEN(D1820)-(SEARCH(\".\",D1820,SEARCH(\".\",D1820,SEARCH(\".\",D1820)+1)+1)-1)))),\"\")","v":""},"13.3.14",{"$f":"IF($G1820=\"SINAPI\",VLOOKUP($F1820,DADOS_SINAPI,2,0),IF(G1820=\"SETOP\",VLOOKUP($F1820,DADOS_SETOP,2,0),IF(G1820=\"CPU\",VLOOKUP($F1820,DADOS_COMPOSICAO,2,0),IF(G1820=\"SICRO\",VLOOKUP($F1820,DADOS_SICRO,2,0),IF(G1820=\"SUDECAP\",VLOOKUP(F1820,DADOS_SUDECAP,2,0),IF(G1820=\"COTAÇÃO\",VLOOKUP($F1820,DADOS_COTACAO,2,0),\"\"))))))","v":"JUNÇÃO SIMPLES, PVC, SERIE NORMAL, ESGOTO PREDIAL, DN 100 X 100 MM, JUNTA ELÁSTICA, FORNECIDO E INSTALADO EM RAMAL DE DESCARGA OU RAMAL DE ESGOTO SANITÁRIO. AF_08/2022"},89797,"SINAPI",{"$f":"IF(G1820=\"SINAPI\",VLOOKUP($F1820,DADOS_SINAPI,3,0),IF(G1820=\"SETOP\",VLOOKUP($F1820,DADOS_SETOP,3,0),IF(G1820=\"CPU\",VLOOKUP($F1820,DADOS_COMPOSICAO,10,0),IF(G1820=\"SICRO\",VLOOKUP($F1820,DADOS_SICRO,3,0),IF(G1820=\"SUDECAP\",VLOOKUP(F1820,DADOS_SUDECAP,3,0),IF(G1820=\"COTAÇÃO\",VLOOKUP($F1820,DADOS_COTACAO,9,0),\"\"))))))","v":"UN"},{"$f":"F1822","v":17},{"$f":"IF(G1820=\"SINAPI\",VLOOKUP($F1820,DADOS_SINAPI,4,0),IF(G1820=\"SETOP\",VLOOKUP($F1820,DADOS_SETOP,4,0),IF(G1820=\"CPU\",VLOOKUP($F1820,DADOS_COMPOSICAO,13,0),IF(G1820=\"SICRO\",VLOOKUP($F1820,DADOS_SICRO,4,0),IF(G1820=\"SUDECAP\",VLOOKUP(F1820,DADOS_SUDECAP,4,0),IF(G1820=\"COTAÇÃO\",VLOOKUP(F1820,DADOS_COTACAO,12,0),\"\"))))))","v":50.84},"BDI 1",{"$f":"TRUNC(J1820*(1+$N$17),2)","v":64.319999999999993},{"$f":"IFERROR(TRUNC(I1820*J1820,2),\"\")","v":864.28},{"$f":"IFERROR(TRUNC(L1820*I1820,2),\"\")","v":1093.44}]
[2000]
[2000,null,null,null,"Quantidade",17,"un"]
[2000]
[{"$f":"IFERROR(LEFT(D1824,SEARCH(\".\",D1824)-1),\"\")","v":"13"},{"$f":"IFERROR(LEFT(RIGHT(D1824,LEN(D1824)-SEARCH(\".\",D1824)),SEARCH(\".\",RIGHT(D1824,LEN(D1824)-SEARCH(\".\",D1824)))-1),\"\")","v":"3"},{"$f":"IFERROR(IF(LEN(D1824)-LEN(SUBSTITUTE(D1824,\".\",\"\"))<>3,\"\",MID(D1824,SEARCH(\".\",D1824,SEARCH(\".\",D1824)+1)+1,LEN(D1824)-SEARCH(\".\",D1824,SEARCH(\".\",D1824)+1)-(LEN(D1824)-(SEARCH(\".\",D1824,SEARCH(\".\",D1824,SEARCH(\".\",D1824)+1)+1)-1)))),\"\")","v":""},"13.3.15",{"$f":"IF($G1824=\"SINAPI\",VLOOKUP($F1824,DADOS_SINAPI,2,0),IF(G1824=\"SETOP\",VLOOKUP($F1824,DADOS_SETOP,2,0),IF(G1824=\"CPU\",VLOOKUP($F1824,DADOS_COMPOSICAO,2,0),IF(G1824=\"SICRO\",VLOOKUP($F1824,DADOS_SICRO,2,0),IF(G1824=\"SUDECAP\",VLOOKUP(F1824,DADOS_SUDECAP,2,0),IF(G1824=\"COTAÇÃO\",VLOOKUP($F1824,DADOS_COTACAO,2,0),\"\"))))))","v":"JUNÇÃO SIMPLES, PVC, SERIE NORMAL, ESGOTO PREDIAL, DN 50 X 50 MM, JUNTA ELÁSTICA, FORNECIDO E INSTALADO EM RAMAL DE DESCARGA OU RAMAL DE ESGOTO SANITÁRIO. AF_08/2022"},89785,"SINAPI",{"$f":"IF(G1824=\"SINAPI\",VLOOKUP($F1824,DADOS_SINAPI,3,0),IF(G1824=\"SETOP\",VLOOKUP($F1824,DADOS_SETOP,3,0),IF(G1824=\"CPU\",VLOOKUP($F1824,DADOS_COMPOSICAO,10,0),IF(G1824=\"SICRO\",VLOOKUP($F1824,DADOS_SICRO,3,0),IF(G1824=\"SUDECAP\",VLOOKUP(F1824,DADOS_SUDECAP,3,0),IF(G1824=\"COTAÇÃO\",VLOOKUP($F1824,DADOS_COTACAO,9,0),\"\"))))))","v":"UN"},{"$f":"F1826","v":10},{"$f":"IF(G1824=\"SINAPI\",VLOOKUP($F1824,DADOS_SINAPI,4,0),IF(G1824=\"SETOP\",VLOOKUP($F1824,DADOS_SETOP,4,0),IF(G1824=\"CPU\",VLOOKUP($F1824,DADOS_COMPOSICAO,13,0),IF(G1824=\"SICRO\",VLOOKUP($F1824,DADOS_SICRO,4,0),IF(G1824=\"SUDECAP\",VLOOKUP(F1824,DADOS_SUDECAP,4,0),IF(G1824=\"COTAÇÃO\",VLOOKUP(F1824,DADOS_COTACAO,12,0),\"\"))))))","v":25.69},"BDI 1",{"$f":"TRUNC(J1824*(1+$N$17),2)","v":32.5},{"$f":"IFERROR(TRUNC(I1824*J1824,2),\"\")","v":256.89999999999998},{"$f":"IFERROR(TRUNC(L1824*I1824,2),\"\")","v":325}]
[2000]
[2000,null,null,null,"Quantidade",{"$f":"4+2+4","v":10},"un"]
[2000]
[{"$f":"IFERROR(LEFT(D1828,SEARCH(\".\",D1828)-1),\"\")","v":"13"},{"$f":"IFERROR(LEFT(RIGHT(D1828,LEN(D1828)-SEARCH(\".\",D1828)),SEARCH(\".\",RIGHT(D1828,LEN(D1828)-SEARCH(\".\",D1828)))-1),\"\")","v":"3"},{"$f":"IFERROR(IF(LEN(D1828)-LEN(SUBSTITUTE(D1828,\".\",\"\"))<>3,\"\",MID(D1828,SEARCH(\".\",D1828,SEARCH(\".\",D1828)+1)+1,LEN(D1828)-SEARCH(\".\",D1828,SEARCH(\".\",D1828)+1)-(LEN(D1828)-(SEARCH(\".\",D1828,SEARCH(\".\",D1828,SEARCH(\".\",D1828)+1)+1)-1)))),\"\")","v":""},"13.3.16",{"$f":"VLOOKUP($F1828,DADOS_COTACAO,2,0)","v":"JUNÇÃO SIMPLES, PVC, ESGOTO PREDIAL, 75 X 50 MM"},"COT-SAN-001","COTAÇÃO",{"$f":"VLOOKUP($F1828,DADOS_COTACAO,9,0)","v":"UN "},{"$f":"F1830","v":2},{"$f":"VLOOKUP($F1828,DADOS_COTACAO,12,0)","v":49},"BDI 1",{"$f":"TRUNC(J1828*(1+$N$17),2)","v":61.99},{"$f":"IFERROR(TRUNC(I1828*J1828,2),\"\")","v":98},{"$f":"IFERROR(TRUNC(L1828*I1828,2),\"\")","v":123.98}]
[2000]
[2000,null,null,null,"Quantidade",2,"un"]
[2000]
[{"$f":"IFERROR(LEFT(D1832,SEARCH(\".\",D1832)-1),\"\")","v":"13"},{"$f":"IFERROR(LEFT(RIGHT(D1832,LEN(D1832)-SEARCH(\".\",D1832)),SEARCH(\".\",RIGHT(D1832,LEN(D1832)-SEARCH(\".\",D1832)))-1),\"\")","v":"3"},{"$f":"IFERROR(IF(LEN(D1832)-LEN(SUBSTITUTE(D1832,\".\",\"\"))<>3,\"\",MID(D1832,SEARCH(\".\",D1832,SEARCH(\".\",D1832)+1)+1,LEN(D1832)-SEARCH(\".\",D1832,SEARCH(\".\",D1832)+1)-(LEN(D1832)-(SEARCH(\".\",D1832,SEARCH(\".\",D1832,SEARCH(\".\",D1832)+1)+1)-1)))),\"\")","v":""},"13.3.17",{"$f":"IF($G1832=\"SINAPI\",VLOOKUP($F1832,DADOS_SINAPI,2,0),IF(G1832=\"SETOP\",VLOOKUP($F1832,DADOS_SETOP,2,0),IF(G1832=\"CPU\",VLOOKUP($F1832,DADOS_COMPOSICAO,2,0),IF(G1832=\"SICRO\",VLOOKUP($F1832,DADOS_SICRO,2,0),IF(G1832=\"SUDECAP\",VLOOKUP(F1832,DADOS_SUDECAP,2,0),IF(G1832=\"COTAÇÃO\",VLOOKUP($F1832,DADOS_COTACAO,2,0),\"\"))))))","v":"INSTALAÇÃO JUNÇÃO SIMPLES, PVC, SERIE NORMAL, ESGOTO PREDIAL, DN 75 X 50 MM, JUNTA ELÁSTICA"},"DAC-13.3","CPU",{"$f":"IF(G1832=\"SINAPI\",VLOOKUP($F1832,DADOS_SINAPI,3,0),IF(G1832=\"SETOP\",VLOOKUP($F1832,DADOS_SETOP,3,0),IF(G1832=\"CPU\",VLOOKUP($F1832,DADOS_COMPOSICAO,10,0),IF(G1832=\"SICRO\",VLOOKUP($F1832,DADOS_SICRO,3,0),IF(G1832=\"SUDECAP\",VLOOKUP(F1832,DADOS_SUDECAP,3,0),IF(G1832=\"COTAÇÃO\",VLOOKUP($F1832,DADOS_COTACAO,9,0),\"\"))))))","v":"UN    "},{"$f":"F1834","v":2},{"$f":"IF(G1832=\"SINAPI\",VLOOKUP($F1832,DADOS_SINAPI,4,0),IF(G1832=\"SETOP\",VLOOKUP($F1832,DADOS_SETOP,4,0),IF(G1832=\"CPU\",VLOOKUP($F1832,DADOS_COMPOSICAO,13,0),IF(G1832=\"SICRO\",VLOOKUP($F1832,DADOS_SICRO,4,0),IF(G1832=\"SUDECAP\",VLOOKUP(F1832,DADOS_SUDECAP,4,0),IF(G1832=\"COTAÇÃO\",VLOOKUP(F1832,DADOS_COTACAO,12,0),\"\"))))))","v":23.210521},"BDI 1",{"$f":"TRUNC(J1832*(1+$N$17),2)","v":29.36},{"$f":"IFERROR(TRUNC(I1832*J1832,2),\"\")","v":46.42},{"$f":"IFERROR(TRUNC(L1832*I1832,2),\"\")","v":58.72}]
[2000]
[2000,null,null,null,"Quantidade",2,"un"]
[2000]
[{"$f":"IFERROR(LEFT(D1836,SEARCH(\".\",D1836)-1),\"\")","v":"13"},{"$f":"IFERROR(LEFT(RIGHT(D1836,LEN(D1836)-SEARCH(\".\",D1836)),SEARCH(\".\",RIGHT(D1836,LEN(D1836)-SEARCH(\".\",D1836)))-1),\"\")","v":"3"},{"$f":"IFERROR(IF(LEN(D1836)-LEN(SUBSTITUTE(D1836,\".\",\"\"))<>3,\"\",MID(D1836,SEARCH(\".\",D1836,SEARCH(\".\",D1836)+1)+1,LEN(D1836)-SEARCH(\".\",D1836,SEARCH(\".\",D1836)+1)-(LEN(D1836)-(SEARCH(\".\",D1836,SEARCH(\".\",D1836,SEARCH(\".\",D1836)+1)+1)-1)))),\"\")","v":""},"13.3.18",{"$f":"IF($G1836=\"SINAPI\",VLOOKUP($F1836,DADOS_SINAPI,2,0),IF(G1836=\"SETOP\",VLOOKUP($F1836,DADOS_SETOP,2,0),IF(G1836=\"CPU\",VLOOKUP($F1836,DADOS_COMPOSICAO,2,0),IF(G1836=\"SICRO\",VLOOKUP($F1836,DADOS_SICRO,2,0),IF(G1836=\"SUDECAP\",VLOOKUP(F1836,DADOS_SUDECAP,2,0),IF(G1836=\"COTAÇÃO\",VLOOKUP($F1836,DADOS_COTACAO,2,0),\"\"))))))","v":"JUNÇÃO SIMPLES, PVC, SERIE NORMAL, ESGOTO PREDIAL, DN 100 X 75 MM, JUNTA ELÁSTICA, FORNECIDO E INSTALADO EM PRUMADA DE ESGOTO SANITÁRIO OU VENTILAÇÃO"},"DAC-13.4","CPU",{"$f":"IF(G1836=\"SINAPI\",VLOOKUP($F1836,DADOS_SINAPI,3,0),IF(G1836=\"SETOP\",VLOOKUP($F1836,DADOS_SETOP,3,0),IF(G1836=\"CPU\",VLOOKUP($F1836,DADOS_COMPOSICAO,10,0),IF(G1836=\"SICRO\",VLOOKUP($F1836,DADOS_SICRO,3,0),IF(G1836=\"SUDECAP\",VLOOKUP(F1836,DADOS_SUDECAP,3,0),IF(G1836=\"COTAÇÃO\",VLOOKUP($F1836,DADOS_COTACAO,9,0),\"\"))))))","v":"UN    "},{"$f":"F1838","v":1},{"$f":"IF(G1836=\"SINAPI\",VLOOKUP($F1836,DADOS_SINAPI,4,0),IF(G1836=\"SETOP\",VLOOKUP($F1836,DADOS_SETOP,4,0),IF(G1836=\"CPU\",VLOOKUP($F1836,DADOS_COMPOSICAO,13,0),IF(G1836=\"SICRO\",VLOOKUP($F1836,DADOS_SICRO,4,0),IF(G1836=\"SUDECAP\",VLOOKUP(F1836,DADOS_SUDECAP,4,0),IF(G1836=\"COTAÇÃO\",VLOOKUP(F1836,DADOS_COTACAO,12,0),\"\"))))))","v":51.930520999999999},"BDI 1",{"$f":"TRUNC(J1836*(1+$N$17),2)","v":65.7},{"$f":"IFERROR(TRUNC(I1836*J1836,2),\"\")","v":51.93},{"$f":"IFERROR(TRUNC(L1836*I1836,2),\"\")","v":65.7}]
[2000]
[2000,null,null,null,"Quantidade",1,"un"]
[2000]
[{"$f":"IFERROR(LEFT(D1840,SEARCH(\".\",D1840)-1),\"\")","v":"13"},{"$f":"IFERROR(LEFT(RIGHT(D1840,LEN(D1840)-SEARCH(\".\",D1840)),SEARCH(\".\",RIGHT(D1840,LEN(D1840)-SEARCH(\".\",D1840)))-1),\"\")","v":"3"},{"$f":"IFERROR(IF(LEN(D1840)-LEN(SUBSTITUTE(D1840,\".\",\"\"))<>3,\"\",MID(D1840,SEARCH(\".\",D1840,SEARCH(\".\",D1840)+1)+1,LEN(D1840)-SEARCH(\".\",D1840,SEARCH(\".\",D1840)+1)-(LEN(D1840)-(SEARCH(\".\",D1840,SEARCH(\".\",D1840,SEARCH(\".\",D1840)+1)+1)-1)))),\"\")","v":""},"13.3.19",{"$f":"IF($G1840=\"SINAPI\",VLOOKUP($F1840,DADOS_SINAPI,2,0),IF(G1840=\"SETOP\",VLOOKUP($F1840,DADOS_SETOP,2,0),IF(G1840=\"CPU\",VLOOKUP($F1840,DADOS_COMPOSICAO,2,0),IF(G1840=\"SICRO\",VLOOKUP($F1840,DADOS_SICRO,2,0),IF(G1840=\"SUDECAP\",VLOOKUP(F1840,DADOS_SUDECAP,2,0),IF(G1840=\"COTAÇÃO\",VLOOKUP($F1840,DADOS_COTACAO,2,0),\"\"))))))","v":"REDUÇÃO EXCÊNTRICA, PVC OCRE, JUNTA ELÁSTICA, 100 X 50 MM, PARA COLETOR PREDIAL DE ESGOTO - FORNECIMENTO E INSTALAÇÃO"},"DAC-13.5","CPU",{"$f":"IF(G1840=\"SINAPI\",VLOOKUP($F1840,DADOS_SINAPI,3,0),IF(G1840=\"SETOP\",VLOOKUP($F1840,DADOS_SETOP,3,0),IF(G1840=\"CPU\",VLOOKUP($F1840,DADOS_COMPOSICAO,10,0),IF(G1840=\"SICRO\",VLOOKUP($F1840,DADOS_SICRO,3,0),IF(G1840=\"SUDECAP\",VLOOKUP(F1840,DADOS_SUDECAP,3,0),IF(G1840=\"COTAÇÃO\",VLOOKUP($F1840,DADOS_COTACAO,9,0),\"\"))))))","v":"UN    "},{"$f":"F1842","v":1},{"$f":"IF(G1840=\"SINAPI\",VLOOKUP($F1840,DADOS_SINAPI,4,0),IF(G1840=\"SETOP\",VLOOKUP($F1840,DADOS_SETOP,4,0),IF(G1840=\"CPU\",VLOOKUP($F1840,DADOS_COMPOSICAO,13,0),IF(G1840=\"SICRO\",VLOOKUP($F1840,DADOS_SICRO,4,0),IF(G1840=\"SUDECAP\",VLOOKUP(F1840,DADOS_SUDECAP,4,0),IF(G1840=\"COTAÇÃO\",VLOOKUP(F1840,DADOS_COTACAO,12,0),\"\"))))))","v":20.406142000000003},"BDI 1",{"$f":"TRUNC(J1840*(1+$N$17),2)","v":25.81},{"$f":"IFERROR(TRUNC(I1840*J1840,2),\"\")","v":20.399999999999999},{"$f":"IFERROR(TRUNC(L1840*I1840,2),\"\")","v":25.81}]
[2000]
[2000,null,null,null,"Quantidade",1,"un"]
[2000]
[{"$f":"IFERROR(LEFT(D1844,SEARCH(\".\",D1844)-1),\"\")","v":"13"},{"$f":"IFERROR(LEFT(RIGHT(D1844,LEN(D1844)-SEARCH(\".\",D1844)),SEARCH(\".\",RIGHT(D1844,LEN(D1844)-SEARCH(\".\",D1844)))-1),\"\")","v":"3"},{"$f":"IFERROR(IF(LEN(D1844)-LEN(SUBSTITUTE(D1844,\".\",\"\"))<>3,\"\",MID(D1844,SEARCH(\".\",D1844,SEARCH(\".\",D1844)+1)+1,LEN(D1844)-SEARCH(\".\",D1844,SEARCH(\".\",D1844)+1)-(LEN(D1844)-(SEARCH(\".\",D1844,SEARCH(\".\",D1844,SEARCH(\".\",D1844)+1)+1)-1)))),\"\")","v":""},"13.3.20",{"$f":"IF($G1844=\"SINAPI\",VLOOKUP($F1844,DADOS_SINAPI,2,0),IF(G1844=\"SETOP\",VLOOKUP($F1844,DADOS_SETOP,2,0),IF(G1844=\"CPU\",VLOOKUP($F1844,DADOS_COMPOSICAO,2,0),IF(G1844=\"SICRO\",VLOOKUP($F1844,DADOS_SICRO,2,0),IF(G1844=\"SUDECAP\",VLOOKUP(F1844,DADOS_SUDECAP,2,0),IF(G1844=\"COTAÇÃO\",VLOOKUP($F1844,DADOS_COTACAO,2,0),\"\"))))))","v":"REDUÇÃO EXCÊNTRICA, PVC OCRE, JUNTA ELÁSTICA, 75 X 50 MM, PARA COLETOR PREDIAL DE ESGOTO - FORNECIMENTO E INSTALAÇÃO"},"DAC-13.6","CPU",{"$f":"IF(G1844=\"SINAPI\",VLOOKUP($F1844,DADOS_SINAPI,3,0),IF(G1844=\"SETOP\",VLOOKUP($F1844,DADOS_SETOP,3,0),IF(G1844=\"CPU\",VLOOKUP($F1844,DADOS_COMPOSICAO,10,0),IF(G1844=\"SICRO\",VLOOKUP($F1844,DADOS_SICRO,3,0),IF(G1844=\"SUDECAP\",VLOOKUP(F1844,DADOS_SUDECAP,3,0),IF(G1844=\"COTAÇÃO\",VLOOKUP($F1844,DADOS_COTACAO,9,0),\"\"))))))","v":"UN    "},{"$f":"F1846","v":3},{"$f":"IF(G1844=\"SINAPI\",VLOOKUP($F1844,DADOS_SINAPI,4,0),IF(G1844=\"SETOP\",VLOOKUP($F1844,DADOS_SETOP,4,0),IF(G1844=\"CPU\",VLOOKUP($F1844,DADOS_COMPOSICAO,13,0),IF(G1844=\"SICRO\",VLOOKUP($F1844,DADOS_SICRO,4,0),IF(G1844=\"SUDECAP\",VLOOKUP(F1844,DADOS_SUDECAP,4,0),IF(G1844=\"COTAÇÃO\",VLOOKUP(F1844,DADOS_COTACAO,12,0),\"\"))))))","v":18.246141999999999},"BDI 1",{"$f":"TRUNC(J1844*(1+$N$17),2)","v":23.08},{"$f":"IFERROR(TRUNC(I1844*J1844,2),\"\")","v":54.73},{"$f":"IFERROR(TRUNC(L1844*I1844,2),\"\")","v":69.239999999999995}]
[2000]
[2000,null,null,null,"Quantidade",{"$f":"2+1","v":3},"un"]
[2000]
[{"$f":"IFERROR(LEFT(D1848,SEARCH(\".\",D1848)-1),\"\")","v":"13"},{"$f":"IFERROR(LEFT(RIGHT(D1848,LEN(D1848)-SEARCH(\".\",D1848)),SEARCH(\".\",RIGHT(D1848,LEN(D1848)-SEARCH(\".\",D1848)))-1),\"\")","v":"3"},{"$f":"IFERROR(IF(LEN(D1848)-LEN(SUBSTITUTE(D1848,\".\",\"\"))<>3,\"\",MID(D1848,SEARCH(\".\",D1848,SEARCH(\".\",D1848)+1)+1,LEN(D1848)-SEARCH(\".\",D1848,SEARCH(\".\",D1848)+1)-(LEN(D1848)-(SEARCH(\".\",D1848,SEARCH(\".\",D1848,SEARCH(\".\",D1848)+1)+1)-1)))),\"\")","v":""},"13.3.21",{"$f":"IF($G1848=\"SINAPI\",VLOOKUP($F1848,DADOS_SINAPI,2,0),IF(G1848=\"SETOP\",VLOOKUP($F1848,DADOS_SETOP,2,0),IF(G1848=\"CPU\",VLOOKUP($F1848,DADOS_COMPOSICAO,2,0),IF(G1848=\"SICRO\",VLOOKUP($F1848,DADOS_SICRO,2,0),IF(G1848=\"SUDECAP\",VLOOKUP(F1848,DADOS_SUDECAP,2,0),IF(G1848=\"COTAÇÃO\",VLOOKUP($F1848,DADOS_COTACAO,2,0),\"\"))))))","v":"TERMINAL DE VENTILAÇÃO, PVC, SÉRIE NORMAL, ESGOTO PREDIAL, DN 50 MM, JUNTA SOLDÁVEL, FORNECIDO E INSTALADO EM PRUMADA DE ESGOTO SANITÁRIO OU VENTILAÇÃO. AF_08/2022"},104348,"SINAPI",{"$f":"IF(G1848=\"SINAPI\",VLOOKUP($F1848,DADOS_SINAPI,3,0),IF(G1848=\"SETOP\",VLOOKUP($F1848,DADOS_SETOP,3,0),IF(G1848=\"CPU\",VLOOKUP($F1848,DADOS_COMPOSICAO,10,0),IF(G1848=\"SICRO\",VLOOKUP($F1848,DADOS_SICRO,3,0),IF(G1848=\"SUDECAP\",VLOOKUP(F1848,DADOS_SUDECAP,3,0),IF(G1848=\"COTAÇÃO\",VLOOKUP($F1848,DADOS_COTACAO,9,0),\"\"))))))","v":"UN"},{"$f":"F1850","v":27},{"$f":"IF(G1848=\"SINAPI\",VLOOKUP($F1848,DADOS_SINAPI,4,0),IF(G1848=\"SETOP\",VLOOKUP($F1848,DADOS_SETOP,4,0),IF(G1848=\"CPU\",VLOOKUP($F1848,DADOS_COMPOSICAO,13,0),IF(G1848=\"SICRO\",VLOOKUP($F1848,DADOS_SICRO,4,0),IF(G1848=\"SUDECAP\",VLOOKUP(F1848,DADOS_SUDECAP,4,0),IF(G1848=\"COTAÇÃO\",VLOOKUP(F1848,DADOS_COTACAO,12,0),\"\"))))))","v":11.77},"BDI 1",{"$f":"TRUNC(J1848*(1+$N$17),2)","v":14.89},{"$f":"IFERROR(TRUNC(I1848*J1848,2),\"\")","v":317.79000000000002},{"$f":"IFERROR(TRUNC(L1848*I1848,2),\"\")","v":402.03}]
[2000]
[2000,null,null,null,"Quantidade",27,"un"]
[2000]
[{"$f":"IFERROR(LEFT(D1852,SEARCH(\".\",D1852)-1),\"\")","v":"13"},{"$f":"IFERROR(LEFT(RIGHT(D1852,LEN(D1852)-SEARCH(\".\",D1852)),SEARCH(\".\",RIGHT(D1852,LEN(D1852)-SEARCH(\".\",D1852)))-1),\"\")","v":"3"},{"$f":"IFERROR(IF(LEN(D1852)-LEN(SUBSTITUTE(D1852,\".\",\"\"))<>3,\"\",MID(D1852,SEARCH(\".\",D1852,SEARCH(\".\",D1852)+1)+1,LEN(D1852)-SEARCH(\".\",D1852,SEARCH(\".\",D1852)+1)-(LEN(D1852)-(SEARCH(\".\",D1852,SEARCH(\".\",D1852,SEARCH(\".\",D1852)+1)+1)-1)))),\"\")","v":""},"13.3.22",{"$f":"IF($G1852=\"SINAPI\",VLOOKUP($F1852,DADOS_SINAPI,2,0),IF(G1852=\"SETOP\",VLOOKUP($F1852,DADOS_SETOP,2,0),IF(G1852=\"CPU\",VLOOKUP($F1852,DADOS_COMPOSICAO,2,0),IF(G1852=\"SICRO\",VLOOKUP($F1852,DADOS_SICRO,2,0),IF(G1852=\"SUDECAP\",VLOOKUP(F1852,DADOS_SUDECAP,2,0),IF(G1852=\"COTAÇÃO\",VLOOKUP($F1852,DADOS_COTACAO,2,0),\"\"))))))","v":"TERMINAL DE VENTILAÇÃO, PVC, SÉRIE NORMAL, ESGOTO PREDIAL, DN 75 MM, JUNTA SOLDÁVEL, FORNECIDO E INSTALADO EM PRUMADA DE ESGOTO SANITÁRIO OU VENTILAÇÃO. AF_08/2022"},104351,"SINAPI",{"$f":"IF(G1852=\"SINAPI\",VLOOKUP($F1852,DADOS_SINAPI,3,0),IF(G1852=\"SETOP\",VLOOKUP($F1852,DADOS_SETOP,3,0),IF(G1852=\"CPU\",VLOOKUP($F1852,DADOS_COMPOSICAO,10,0),IF(G1852=\"SICRO\",VLOOKUP($F1852,DADOS_SICRO,3,0),IF(G1852=\"SUDECAP\",VLOOKUP(F1852,DADOS_SUDECAP,3,0),IF(G1852=\"COTAÇÃO\",VLOOKUP($F1852,DADOS_COTACAO,9,0),\"\"))))))","v":"UN"},{"$f":"F1854","v":2},{"$f":"IF(G1852=\"SINAPI\",VLOOKUP($F1852,DADOS_SINAPI,4,0),IF(G1852=\"SETOP\",VLOOKUP($F1852,DADOS_SETOP,4,0),IF(G1852=\"CPU\",VLOOKUP($F1852,DADOS_COMPOSICAO,13,0),IF(G1852=\"SICRO\",VLOOKUP($F1852,DADOS_SICRO,4,0),IF(G1852=\"SUDECAP\",VLOOKUP(F1852,DADOS_SUDECAP,4,0),IF(G1852=\"COTAÇÃO\",VLOOKUP(F1852,DADOS_COTACAO,12,0),\"\"))))))","v":24.01},"BDI 1",{"$f":"TRUNC(J1852*(1+$N$17),2)","v":30.37},{"$f":"IFERROR(TRUNC(I1852*J1852,2),\"\")","v":48.02},{"$f":"IFERROR(TRUNC(L1852*I1852,2),\"\")","v":60.74}]
[2000]
[2000,null,null,null,"Quantidade",2,"un"]
[2000]
[{"$f":"IFERROR(LEFT(D1856,SEARCH(\".\",D1856)-1),\"\")","v":"13"},{"$f":"IFERROR(LEFT(RIGHT(D1856,LEN(D1856)-SEARCH(\".\",D1856)),SEARCH(\".\",RIGHT(D1856,LEN(D1856)-SEARCH(\".\",D1856)))-1),\"\")","v":"3"},{"$f":"IFERROR(IF(LEN(D1856)-LEN(SUBSTITUTE(D1856,\".\",\"\"))<>3,\"\",MID(D1856,SEARCH(\".\",D1856,SEARCH(\".\",D1856)+1)+1,LEN(D1856)-SEARCH(\".\",D1856,SEARCH(\".\",D1856)+1)-(LEN(D1856)-(SEARCH(\".\",D1856,SEARCH(\".\",D1856,SEARCH(\".\",D1856)+1)+1)-1)))),\"\")","v":""},"13.3.23",{"$f":"IF($G1856=\"SINAPI\",VLOOKUP($F1856,DADOS_SINAPI,2,0),IF(G1856=\"SETOP\",VLOOKUP($F1856,DADOS_SETOP,2,0),IF(G1856=\"CPU\",VLOOKUP($F1856,DADOS_COMPOSICAO,2,0),IF(G1856=\"SICRO\",VLOOKUP($F1856,DADOS_SICRO,2,0),IF(G1856=\"SUDECAP\",VLOOKUP(F1856,DADOS_SUDECAP,2,0),IF(G1856=\"COTAÇÃO\",VLOOKUP($F1856,DADOS_COTACAO,2,0),\"\"))))))","v":"TUBO PVC, SERIE NORMAL, ESGOTO PREDIAL, DN 100 MM, FORNECIDO E INSTALADO EM PRUMADA DE ESGOTO SANITÁRIO OU VENTILAÇÃO. AF_08/2022"},89800,"SINAPI",{"$f":"IF(G1856=\"SINAPI\",VLOOKUP($F1856,DADOS_SINAPI,3,0),IF(G1856=\"SETOP\",VLOOKUP($F1856,DADOS_SETOP,3,0),IF(G1856=\"CPU\",VLOOKUP($F1856,DADOS_COMPOSICAO,10,0),IF(G1856=\"SICRO\",VLOOKUP($F1856,DADOS_SICRO,3,0),IF(G1856=\"SUDECAP\",VLOOKUP(F1856,DADOS_SUDECAP,3,0),IF(G1856=\"COTAÇÃO\",VLOOKUP($F1856,DADOS_COTACAO,9,0),\"\"))))))","v":"M"},{"$f":"F1858","v":165.3},{"$f":"IF(G1856=\"SINAPI\",VLOOKUP($F1856,DADOS_SINAPI,4,0),IF(G1856=\"SETOP\",VLOOKUP($F1856,DADOS_SETOP,4,0),IF(G1856=\"CPU\",VLOOKUP($F1856,DADOS_COMPOSICAO,13,0),IF(G1856=\"SICRO\",VLOOKUP($F1856,DADOS_SICRO,4,0),IF(G1856=\"SUDECAP\",VLOOKUP(F1856,DADOS_SUDECAP,4,0),IF(G1856=\"COTAÇÃO\",VLOOKUP(F1856,DADOS_COTACAO,12,0),\"\"))))))","v":28.74},"BDI 1",{"$f":"TRUNC(J1856*(1+$N$17),2)","v":36.36},{"$f":"IFERROR(TRUNC(I1856*J1856,2),\"\")","v":4750.72},{"$f":"IFERROR(TRUNC(L1856*I1856,2),\"\")","v":6010.3}]
[2000]
[2000,null,null,null,"Quantidade",165.3,"m"]
[2000]
[{"$f":"IFERROR(LEFT(D1860,SEARCH(\".\",D1860)-1),\"\")","v":"13"},{"$f":"IFERROR(LEFT(RIGHT(D1860,LEN(D1860)-SEARCH(\".\",D1860)),SEARCH(\".\",RIGHT(D1860,LEN(D1860)-SEARCH(\".\",D1860)))-1),\"\")","v":"3"},{"$f":"IFERROR(IF(LEN(D1860)-LEN(SUBSTITUTE(D1860,\".\",\"\"))<>3,\"\",MID(D1860,SEARCH(\".\",D1860,SEARCH(\".\",D1860)+1)+1,LEN(D1860)-SEARCH(\".\",D1860,SEARCH(\".\",D1860)+1)-(LEN(D1860)-(SEARCH(\".\",D1860,SEARCH(\".\",D1860,SEARCH(\".\",D1860)+1)+1)-1)))),\"\")","v":""},"13.3.24",{"$f":"IF($G1860=\"SINAPI\",VLOOKUP($F1860,DADOS_SINAPI,2,0),IF(G1860=\"SETOP\",VLOOKUP($F1860,DADOS_SETOP,2,0),IF(G1860=\"CPU\",VLOOKUP($F1860,DADOS_COMPOSICAO,2,0),IF(G1860=\"SICRO\",VLOOKUP($F1860,DADOS_SICRO,2,0),IF(G1860=\"SUDECAP\",VLOOKUP(F1860,DADOS_SUDECAP,2,0),IF(G1860=\"COTAÇÃO\",VLOOKUP($F1860,DADOS_COTACAO,2,0),\"\"))))))","v":"TUBO PVC, SERIE NORMAL, ESGOTO PREDIAL, DN 75 MM, FORNECIDO E INSTALADO EM PRUMADA DE ESGOTO SANITÁRIO OU VENTILAÇÃO. AF_08/2022"},89799,"SINAPI",{"$f":"IF(G1860=\"SINAPI\",VLOOKUP($F1860,DADOS_SINAPI,3,0),IF(G1860=\"SETOP\",VLOOKUP($F1860,DADOS_SETOP,3,0),IF(G1860=\"CPU\",VLOOKUP($F1860,DADOS_COMPOSICAO,10,0),IF(G1860=\"SICRO\",VLOOKUP($F1860,DADOS_SICRO,3,0),IF(G1860=\"SUDECAP\",VLOOKUP(F1860,DADOS_SUDECAP,3,0),IF(G1860=\"COTAÇÃO\",VLOOKUP($F1860,DADOS_COTACAO,9,0),\"\"))))))","v":"M"},{"$f":"F1862","v":33},{"$f":"IF(G1860=\"SINAPI\",VLOOKUP($F1860,DADOS_SINAPI,4,0),IF(G1860=\"SETOP\",VLOOKUP($F1860,DADOS_SETOP,4,0),IF(G1860=\"CPU\",VLOOKUP($F1860,DADOS_COMPOSICAO,13,0),IF(G1860=\"SICRO\",VLOOKUP($F1860,DADOS_SICRO,4,0),IF(G1860=\"SUDECAP\",VLOOKUP(F1860,DADOS_SUDECAP,4,0),IF(G1860=\"COTAÇÃO\",VLOOKUP(F1860,DADOS_COTACAO,12,0),\"\"))))))","v":23.08},"BDI 1",{"$f":"TRUNC(J1860*(1+$N$17),2)","v":29.2},{"$f":"IFERROR(TRUNC(I1860*J1860,2),\"\")","v":761.64},{"$f":"IFERROR(TRUNC(L1860*I1860,2),\"\")","v":963.6}]
[2000]
[2000,null,null,null,"Quantidade",{"$f":"19.6+13.4","v":33},"m"]
[2000]
[{"$f":"IFERROR(LEFT(D1864,SEARCH(\".\",D1864)-1),\"\")","v":"13"},{"$f":"IFERROR(LEFT(RIGHT(D1864,LEN(D1864)-SEARCH(\".\",D1864)),SEARCH(\".\",RIGHT(D1864,LEN(D1864)-SEARCH(\".\",D1864)))-1),\"\")","v":"3"},{"$f":"IFERROR(IF(LEN(D1864)-LEN(SUBSTITUTE(D1864,\".\",\"\"))<>3,\"\",MID(D1864,SEARCH(\".\",D1864,SEARCH(\".\",D1864)+1)+1,LEN(D1864)-SEARCH(\".\",D1864,SEARCH(\".\",D1864)+1)-(LEN(D1864)-(SEARCH(\".\",D1864,SEARCH(\".\",D1864,SEARCH(\".\",D1864)+1)+1)-1)))),\"\")","v":""},"13.3.25",{"$f":"IF($G1864=\"SINAPI\",VLOOKUP($F1864,DADOS_SINAPI,2,0),IF(G1864=\"SETOP\",VLOOKUP($F1864,DADOS_SETOP,2,0),IF(G1864=\"CPU\",VLOOKUP($F1864,DADOS_COMPOSICAO,2,0),IF(G1864=\"SICRO\",VLOOKUP($F1864,DADOS_SICRO,2,0),IF(G1864=\"SUDECAP\",VLOOKUP(F1864,DADOS_SUDECAP,2,0),IF(G1864=\"COTAÇÃO\",VLOOKUP($F1864,DADOS_COTACAO,2,0),\"\"))))))","v":"TUBO PVC, SERIE NORMAL, ESGOTO PREDIAL, DN 50 MM, FORNECIDO E INSTALADO EM PRUMADA DE ESGOTO SANITÁRIO OU VENTILAÇÃO. AF_08/2022"},89798,"SINAPI",{"$f":"IF(G1864=\"SINAPI\",VLOOKUP($F1864,DADOS_SINAPI,3,0),IF(G1864=\"SETOP\",VLOOKUP($F1864,DADOS_SETOP,3,0),IF(G1864=\"CPU\",VLOOKUP($F1864,DADOS_COMPOSICAO,10,0),IF(G1864=\"SICRO\",VLOOKUP($F1864,DADOS_SICRO,3,0),IF(G1864=\"SUDECAP\",VLOOKUP(F1864,DADOS_SUDECAP,3,0),IF(G1864=\"COTAÇÃO\",VLOOKUP($F1864,DADOS_COTACAO,9,0),\"\"))))))","v":"M"},{"$f":"F1866","v":316},{"$f":"IF(G1864=\"SINAPI\",VLOOKUP($F1864,DADOS_SINAPI,4,0),IF(G1864=\"SETOP\",VLOOKUP($F1864,DADOS_SETOP,4,0),IF(G1864=\"CPU\",VLOOKUP($F1864,DADOS_COMPOSICAO,13,0),IF(G1864=\"SICRO\",VLOOKUP($F1864,DADOS_SICRO,4,0),IF(G1864=\"SUDECAP\",VLOOKUP(F1864,DADOS_SUDECAP,4,0),IF(G1864=\"COTAÇÃO\",VLOOKUP(F1864,DADOS_COTACAO,12,0),\"\"))))))","v":14.42},"BDI 1",{"$f":"TRUNC(J1864*(1+$N$17),2)","v":18.239999999999998},{"$f":"IFERROR(TRUNC(I1864*J1864,2),\"\")","v":4556.72},{"$f":"IFERROR(TRUNC(L1864*I1864,2),\"\")","v":5763.84}]
[2000]
[2000,null,null,null,"Quantidade",{"$f":"102.9+12.1+201","v":316},"m"]
[2000]
[{"$f":"IFERROR(LEFT(D1868,SEARCH(\".\",D1868)-1),\"\")","v":"13"},{"$f":"IFERROR(LEFT(RIGHT(D1868,LEN(D1868)-SEARCH(\".\",D1868)),SEARCH(\".\",RIGHT(D1868,LEN(D1868)-SEARCH(\".\",D1868)))-1),\"\")","v":"3"},{"$f":"IFERROR(IF(LEN(D1868)-LEN(SUBSTITUTE(D1868,\".\",\"\"))<>3,\"\",MID(D1868,SEARCH(\".\",D1868,SEARCH(\".\",D1868)+1)+1,LEN(D1868)-SEARCH(\".\",D1868,SEARCH(\".\",D1868)+1)-(LEN(D1868)-(SEARCH(\".\",D1868,SEARCH(\".\",D1868,SEARCH(\".\",D1868)+1)+1)-1)))),\"\")","v":""},"13.3.26",{"$f":"IF($G1868=\"SINAPI\",VLOOKUP($F1868,DADOS_SINAPI,2,0),IF(G1868=\"SETOP\",VLOOKUP($F1868,DADOS_SETOP,2,0),IF(G1868=\"CPU\",VLOOKUP($F1868,DADOS_COMPOSICAO,2,0),IF(G1868=\"SICRO\",VLOOKUP($F1868,DADOS_SICRO,2,0),IF(G1868=\"SUDECAP\",VLOOKUP(F1868,DADOS_SUDECAP,2,0),IF(G1868=\"COTAÇÃO\",VLOOKUP($F1868,DADOS_COTACAO,2,0),\"\"))))))","v":"TUBO PVC, SERIE NORMAL, ESGOTO PREDIAL, DN 40 MM, FORNECIDO E INSTALADO EM RAMAL DE DESCARGA OU RAMAL DE ESGOTO SANITÁRIO. AF_08/2022"},89711,"SINAPI",{"$f":"IF(G1868=\"SINAPI\",VLOOKUP($F1868,DADOS_SINAPI,3,0),IF(G1868=\"SETOP\",VLOOKUP($F1868,DADOS_SETOP,3,0),IF(G1868=\"CPU\",VLOOKUP($F1868,DADOS_COMPOSICAO,10,0),IF(G1868=\"SICRO\",VLOOKUP($F1868,DADOS_SICRO,3,0),IF(G1868=\"SUDECAP\",VLOOKUP(F1868,DADOS_SUDECAP,3,0),IF(G1868=\"COTAÇÃO\",VLOOKUP($F1868,DADOS_COTACAO,9,0),\"\"))))))","v":"M"},{"$f":"F1870","v":88.6},{"$f":"IF(G1868=\"SINAPI\",VLOOKUP($F1868,DADOS_SINAPI,4,0),IF(G1868=\"SETOP\",VLOOKUP($F1868,DADOS_SETOP,4,0),IF(G1868=\"CPU\",VLOOKUP($F1868,DADOS_COMPOSICAO,13,0),IF(G1868=\"SICRO\",VLOOKUP($F1868,DADOS_SICRO,4,0),IF(G1868=\"SUDECAP\",VLOOKUP(F1868,DADOS_SUDECAP,4,0),IF(G1868=\"COTAÇÃO\",VLOOKUP(F1868,DADOS_COTACAO,12,0),\"\"))))))","v":20.18},"BDI 1",{"$f":"TRUNC(J1868*(1+$N$17),2)","v":25.53},{"$f":"IFERROR(TRUNC(I1868*J1868,2),\"\")","v":1787.94},{"$f":"IFERROR(TRUNC(L1868*I1868,2),\"\")","v":2261.9499999999998}]
[2000]
[2000,null,null,null,"Quantidade",{"$f":"87.1+1.5","v":88.6},"m"]
[2000]
[{"$f":"IFERROR(LEFT(D1872,SEARCH(\".\",D1872)-1),\"\")","v":"13"},{"$f":"IFERROR(LEFT(RIGHT(D1872,LEN(D1872)-SEARCH(\".\",D1872)),SEARCH(\".\",RIGHT(D1872,LEN(D1872)-SEARCH(\".\",D1872)))-1),\"\")","v":"3"},{"$f":"IFERROR(IF(LEN(D1872)-LEN(SUBSTITUTE(D1872,\".\",\"\"))<>3,\"\",MID(D1872,SEARCH(\".\",D1872,SEARCH(\".\",D1872)+1)+1,LEN(D1872)-SEARCH(\".\",D1872,SEARCH(\".\",D1872)+1)-(LEN(D1872)-(SEARCH(\".\",D1872,SEARCH(\".\",D1872,SEARCH(\".\",D1872)+1)+1)-1)))),\"\")","v":""},"13.3.27",{"$f":"IF($G1872=\"SINAPI\",VLOOKUP($F1872,DADOS_SINAPI,2,0),IF(G1872=\"SETOP\",VLOOKUP($F1872,DADOS_SETOP,2,0),IF(G1872=\"CPU\",VLOOKUP($F1872,DADOS_COMPOSICAO,2,0),IF(G1872=\"SICRO\",VLOOKUP($F1872,DADOS_SICRO,2,0),IF(G1872=\"SUDECAP\",VLOOKUP(F1872,DADOS_SUDECAP,2,0),IF(G1872=\"COTAÇÃO\",VLOOKUP($F1872,DADOS_COTACAO,2,0),\"\"))))))","v":"TE, PVC, SERIE NORMAL, ESGOTO PREDIAL, DN 100 X 50 MM, JUNTA ELÁSTICA, FORNECIDO E INSTALADO EM RAMAL DE DESCARGA OU RAMAL DE ESGOTO SANITÁRIO."},"DAC-13.7","CPU",{"$f":"IF(G1872=\"SINAPI\",VLOOKUP($F1872,DADOS_SINAPI,3,0),IF(G1872=\"SETOP\",VLOOKUP($F1872,DADOS_SETOP,3,0),IF(G1872=\"CPU\",VLOOKUP($F1872,DADOS_COMPOSICAO,10,0),IF(G1872=\"SICRO\",VLOOKUP($F1872,DADOS_SICRO,3,0),IF(G1872=\"SUDECAP\",VLOOKUP(F1872,DADOS_SUDECAP,3,0),IF(G1872=\"COTAÇÃO\",VLOOKUP($F1872,DADOS_COTACAO,9,0),\"\"))))))","v":"UN    "},{"$f":"F1874","v":5},{"$f":"IF(G1872=\"SINAPI\",VLOOKUP($F1872,DADOS_SINAPI,4,0),IF(G1872=\"SETOP\",VLOOKUP($F1872,DADOS_SETOP,4,0),IF(G1872=\"CPU\",VLOOKUP($F1872,DADOS_COMPOSICAO,13,0),IF(G1872=\"SICRO\",VLOOKUP($F1872,DADOS_SICRO,4,0),IF(G1872=\"SUDECAP\",VLOOKUP(F1872,DADOS_SUDECAP,4,0),IF(G1872=\"COTAÇÃO\",VLOOKUP(F1872,DADOS_COTACAO,12,0),\"\"))))))","v":36.939314000000003},"BDI 1",{"$f":"TRUNC(J1872*(1+$N$17),2)","v":46.73},{"$f":"IFERROR(TRUNC(I1872*J1872,2),\"\")","v":184.69},{"$f":"IFERROR(TRUNC(L1872*I1872,2),\"\")","v":233.65}]
[2000]
[2000,null,null,null,"Quantidade",{"$f":"1+4","v":5},"un"]
[2000]
[{"$f":"IFERROR(LEFT(D1876,SEARCH(\".\",D1876)-1),\"\")","v":"13"},{"$f":"IFERROR(LEFT(RIGHT(D1876,LEN(D1876)-SEARCH(\".\",D1876)),SEARCH(\".\",RIGHT(D1876,LEN(D1876)-SEARCH(\".\",D1876)))-1),\"\")","v":"3"},{"$f":"IFERROR(IF(LEN(D1876)-LEN(SUBSTITUTE(D1876,\".\",\"\"))<>3,\"\",MID(D1876,SEARCH(\".\",D1876,SEARCH(\".\",D1876)+1)+1,LEN(D1876)-SEARCH(\".\",D1876,SEARCH(\".\",D1876)+1)-(LEN(D1876)-(SEARCH(\".\",D1876,SEARCH(\".\",D1876,SEARCH(\".\",D1876)+1)+1)-1)))),\"\")","v":""},"13.3.28",{"$f":"IF($G1876=\"SINAPI\",VLOOKUP($F1876,DADOS_SINAPI,2,0),IF(G1876=\"SETOP\",VLOOKUP($F1876,DADOS_SETOP,2,0),IF(G1876=\"CPU\",VLOOKUP($F1876,DADOS_COMPOSICAO,2,0),IF(G1876=\"SICRO\",VLOOKUP($F1876,DADOS_SICRO,2,0),IF(G1876=\"SUDECAP\",VLOOKUP(F1876,DADOS_SUDECAP,2,0),IF(G1876=\"COTAÇÃO\",VLOOKUP($F1876,DADOS_COTACAO,2,0),\"\"))))))","v":"TE, PVC, SERIE NORMAL, ESGOTO PREDIAL, DN 100 X 75 MM, JUNTA ELÁSTICA, FORNECIDO E INSTALADO EM RAMAL DE DESCARGA OU RAMAL DE ESGOTO SANITÁRIO."},"DAC-13.8","CPU",{"$f":"IF(G1876=\"SINAPI\",VLOOKUP($F1876,DADOS_SINAPI,3,0),IF(G1876=\"SETOP\",VLOOKUP($F1876,DADOS_SETOP,3,0),IF(G1876=\"CPU\",VLOOKUP($F1876,DADOS_COMPOSICAO,10,0),IF(G1876=\"SICRO\",VLOOKUP($F1876,DADOS_SICRO,3,0),IF(G1876=\"SUDECAP\",VLOOKUP(F1876,DADOS_SUDECAP,3,0),IF(G1876=\"COTAÇÃO\",VLOOKUP($F1876,DADOS_COTACAO,9,0),\"\"))))))","v":"UN    "},{"$f":"F1878","v":2},{"$f":"IF(G1876=\"SINAPI\",VLOOKUP($F1876,DADOS_SINAPI,4,0),IF(G1876=\"SETOP\",VLOOKUP($F1876,DADOS_SETOP,4,0),IF(G1876=\"CPU\",VLOOKUP($F1876,DADOS_COMPOSICAO,13,0),IF(G1876=\"SICRO\",VLOOKUP($F1876,DADOS_SICRO,4,0),IF(G1876=\"SUDECAP\",VLOOKUP(F1876,DADOS_SUDECAP,4,0),IF(G1876=\"COTAÇÃO\",VLOOKUP(F1876,DADOS_COTACAO,12,0),\"\"))))))","v":36.286141999999998},"BDI 1",{"$f":"TRUNC(J1876*(1+$N$17),2)","v":45.9},{"$f":"IFERROR(TRUNC(I1876*J1876,2),\"\")","v":72.569999999999993},{"$f":"IFERROR(TRUNC(L1876*I1876,2),\"\")","v":91.8}]
[2000]
[2000,null,null,null,"Quantidade",2,"un"]
[2000]
[{"$f":"IFERROR(LEFT(D1880,SEARCH(\".\",D1880)-1),\"\")","v":"13"},{"$f":"IFERROR(LEFT(RIGHT(D1880,LEN(D1880)-SEARCH(\".\",D1880)),SEARCH(\".\",RIGHT(D1880,LEN(D1880)-SEARCH(\".\",D1880)))-1),\"\")","v":"3"},{"$f":"IFERROR(IF(LEN(D1880)-LEN(SUBSTITUTE(D1880,\".\",\"\"))<>3,\"\",MID(D1880,SEARCH(\".\",D1880,SEARCH(\".\",D1880)+1)+1,LEN(D1880)-SEARCH(\".\",D1880,SEARCH(\".\",D1880)+1)-(LEN(D1880)-(SEARCH(\".\",D1880,SEARCH(\".\",D1880,SEARCH(\".\",D1880)+1)+1)-1)))),\"\")","v":""},"13.3.29",{"$f":"IF($G1880=\"SINAPI\",VLOOKUP($F1880,DADOS_SINAPI,2,0),IF(G1880=\"SETOP\",VLOOKUP($F1880,DADOS_SETOP,2,0),IF(G1880=\"CPU\",VLOOKUP($F1880,DADOS_COMPOSICAO,2,0),IF(G1880=\"SICRO\",VLOOKUP($F1880,DADOS_SICRO,2,0),IF(G1880=\"SUDECAP\",VLOOKUP(F1880,DADOS_SUDECAP,2,0),IF(G1880=\"COTAÇÃO\",VLOOKUP($F1880,DADOS_COTACAO,2,0),\"\"))))))","v":"TE, PVC, SERIE NORMAL, ESGOTO PREDIAL, DN 50 X 50 MM, JUNTA ELÁSTICA, FORNECIDO E INSTALADO EM RAMAL DE DESCARGA OU RAMAL DE ESGOTO SANITÁRIO. AF_08/2022"},89784,"SINAPI",{"$f":"IF(G1880=\"SINAPI\",VLOOKUP($F1880,DADOS_SINAPI,3,0),IF(G1880=\"SETOP\",VLOOKUP($F1880,DADOS_SETOP,3,0),IF(G1880=\"CPU\",VLOOKUP($F1880,DADOS_COMPOSICAO,10,0),IF(G1880=\"SICRO\",VLOOKUP($F1880,DADOS_SICRO,3,0),IF(G1880=\"SUDECAP\",VLOOKUP(F1880,DADOS_SUDECAP,3,0),IF(G1880=\"COTAÇÃO\",VLOOKUP($F1880,DADOS_COTACAO,9,0),\"\"))))))","v":"UN"},{"$f":"F1882","v":34},{"$f":"IF(G1880=\"SINAPI\",VLOOKUP($F1880,DADOS_SINAPI,4,0),IF(G1880=\"SETOP\",VLOOKUP($F1880,DADOS_SETOP,4,0),IF(G1880=\"CPU\",VLOOKUP($F1880,DADOS_COMPOSICAO,13,0),IF(G1880=\"SICRO\",VLOOKUP($F1880,DADOS_SICRO,4,0),IF(G1880=\"SUDECAP\",VLOOKUP(F1880,DADOS_SUDECAP,4,0),IF(G1880=\"COTAÇÃO\",VLOOKUP(F1880,DADOS_COTACAO,12,0),\"\"))))))","v":23.08},"BDI 1",{"$f":"TRUNC(J1880*(1+$N$17),2)","v":29.2},{"$f":"IFERROR(TRUNC(I1880*J1880,2),\"\")","v":784.72},{"$f":"IFERROR(TRUNC(L1880*I1880,2),\"\")","v":992.8}]
[2000]
[2000,null,null,null,"Quantidade",{"$f":"10+24","v":34},"un"]
[2000]
[{"$f":"IFERROR(LEFT(D1884,SEARCH(\".\",D1884)-1),\"\")","v":"13"},{"$f":"IFERROR(LEFT(RIGHT(D1884,LEN(D1884)-SEARCH(\".\",D1884)),SEARCH(\".\",RIGHT(D1884,LEN(D1884)-SEARCH(\".\",D1884)))-1),\"\")","v":"3"},{"$f":"IFERROR(IF(LEN(D1884)-LEN(SUBSTITUTE(D1884,\".\",\"\"))<>3,\"\",MID(D1884,SEARCH(\".\",D1884,SEARCH(\".\",D1884)+1)+1,LEN(D1884)-SEARCH(\".\",D1884,SEARCH(\".\",D1884)+1)-(LEN(D1884)-(SEARCH(\".\",D1884,SEARCH(\".\",D1884,SEARCH(\".\",D1884)+1)+1)-1)))),\"\")","v":""},"13.3.30",{"$f":"VLOOKUP($F1884,DADOS_COTACAO,2,0)","v":"TE DE REDUÇÃO, PVC, ESGOTO PREDIAL, 75 X 50 MM"},"COT-SAN-002","COTAÇÃO",{"$f":"VLOOKUP($F1884,DADOS_COTACAO,9,0)","v":"UN "},{"$f":"F1886","v":1},{"$f":"VLOOKUP($F1884,DADOS_COTACAO,12,0)","v":35.85},"BDI 1",{"$f":"TRUNC(J1884*(1+$N$17),2)","v":45.35},{"$f":"IFERROR(TRUNC(I1884*J1884,2),\"\")","v":35.85},{"$f":"IFERROR(TRUNC(L1884*I1884,2),\"\")","v":45.35}]
[2000]
[2000,null,null,null,"Quantidade",1,"un"]
[2000]
[{"$f":"IFERROR(LEFT(D1888,SEARCH(\".\",D1888)-1),\"\")","v":"13"},{"$f":"IFERROR(LEFT(RIGHT(D1888,LEN(D1888)-SEARCH(\".\",D1888)),SEARCH(\".\",RIGHT(D1888,LEN(D1888)-SEARCH(\".\",D1888)))-1),\"\")","v":"3"},{"$f":"IFERROR(IF(LEN(D1888)-LEN(SUBSTITUTE(D1888,\".\",\"\"))<>3,\"\",MID(D1888,SEARCH(\".\",D1888,SEARCH(\".\",D1888)+1)+1,LEN(D1888)-SEARCH(\".\",D1888,SEARCH(\".\",D1888)+1)-(LEN(D1888)-(SEARCH(\".\",D1888,SEARCH(\".\",D1888,SEARCH(\".\",D1888)+1)+1)-1)))),\"\")","v":""},"13.3.31",{"$f":"IF($G1888=\"SINAPI\",VLOOKUP($F1888,DADOS_SINAPI,2,0),IF(G1888=\"SETOP\",VLOOKUP($F1888,DADOS_SETOP,2,0),IF(G1888=\"CPU\",VLOOKUP($F1888,DADOS_COMPOSICAO,2,0),IF(G1888=\"SICRO\",VLOOKUP($F1888,DADOS_SICRO,2,0),IF(G1888=\"SUDECAP\",VLOOKUP(F1888,DADOS_SUDECAP,2,0),IF(G1888=\"COTAÇÃO\",VLOOKUP($F1888,DADOS_COTACAO,2,0),\"\"))))))","v":"INSTALAÇÃO TE, PVC, SERIE NORMAL, ESGOTO PREDIAL, DN 75 X 50 MM, JUNTA ELÁSTICA"},"DAC-13.9","CPU",{"$f":"IF(G1888=\"SINAPI\",VLOOKUP($F1888,DADOS_SINAPI,3,0),IF(G1888=\"SETOP\",VLOOKUP($F1888,DADOS_SETOP,3,0),IF(G1888=\"CPU\",VLOOKUP($F1888,DADOS_COMPOSICAO,10,0),IF(G1888=\"SICRO\",VLOOKUP($F1888,DADOS_SICRO,3,0),IF(G1888=\"SUDECAP\",VLOOKUP(F1888,DADOS_SUDECAP,3,0),IF(G1888=\"COTAÇÃO\",VLOOKUP($F1888,DADOS_COTACAO,9,0),\"\"))))))","v":"UN    "},{"$f":"F1890","v":1},{"$f":"IF(G1888=\"SINAPI\",VLOOKUP($F1888,DADOS_SINAPI,4,0),IF(G1888=\"SETOP\",VLOOKUP($F1888,DADOS_SETOP,4,0),IF(G1888=\"CPU\",VLOOKUP($F1888,DADOS_COMPOSICAO,13,0),IF(G1888=\"SICRO\",VLOOKUP($F1888,DADOS_SICRO,4,0),IF(G1888=\"SUDECAP\",VLOOKUP(F1888,DADOS_SUDECAP,4,0),IF(G1888=\"COTAÇÃO\",VLOOKUP(F1888,DADOS_COTACAO,12,0),\"\"))))))","v":12.106141999999998},"BDI 1",{"$f":"TRUNC(J1888*(1+$N$17),2)","v":15.31},{"$f":"IFERROR(TRUNC(I1888*J1888,2),\"\")","v":12.1},{"$f":"IFERROR(TRUNC(L1888*I1888,2),\"\")","v":15.31}]
[2000]
[2000,null,null,null,"Quantidade",1,"un"]
[2000]
[{"$f":"IFERROR(LEFT(D1892,SEARCH(\".\",D1892)-1),\"\")","v":"13"},{"$f":"IFERROR(LEFT(RIGHT(D1892,LEN(D1892)-SEARCH(\".\",D1892)),SEARCH(\".\",RIGHT(D1892,LEN(D1892)-SEARCH(\".\",D1892)))-1),\"\")","v":"3"},{"$f":"IFERROR(IF(LEN(D1892)-LEN(SUBSTITUTE(D1892,\".\",\"\"))<>3,\"\",MID(D1892,SEARCH(\".\",D1892,SEARCH(\".\",D1892)+1)+1,LEN(D1892)-SEARCH(\".\",D1892,SEARCH(\".\",D1892)+1)-(LEN(D1892)-(SEARCH(\".\",D1892,SEARCH(\".\",D1892,SEARCH(\".\",D1892)+1)+1)-1)))),\"\")","v":""},"13.3.32",{"$f":"IF($G1892=\"SINAPI\",VLOOKUP($F1892,DADOS_SINAPI,2,0),IF(G1892=\"SETOP\",VLOOKUP($F1892,DADOS_SETOP,2,0),IF(G1892=\"CPU\",VLOOKUP($F1892,DADOS_COMPOSICAO,2,0),IF(G1892=\"SICRO\",VLOOKUP($F1892,DADOS_SICRO,2,0),IF(G1892=\"SUDECAP\",VLOOKUP(F1892,DADOS_SUDECAP,2,0),IF(G1892=\"COTAÇÃO\",VLOOKUP($F1892,DADOS_COTACAO,2,0),\"\"))))))","v":"TE, PVC, SERIE NORMAL, ESGOTO PREDIAL, DN 75 X 75 MM, JUNTA ELÁSTICA, FORNECIDO E INSTALADO EM RAMAL DE DESCARGA OU RAMAL DE ESGOTO SANITÁRIO. AF_08/2022"},89786,"SINAPI",{"$f":"IF(G1892=\"SINAPI\",VLOOKUP($F1892,DADOS_SINAPI,3,0),IF(G1892=\"SETOP\",VLOOKUP($F1892,DADOS_SETOP,3,0),IF(G1892=\"CPU\",VLOOKUP($F1892,DADOS_COMPOSICAO,10,0),IF(G1892=\"SICRO\",VLOOKUP($F1892,DADOS_SICRO,3,0),IF(G1892=\"SUDECAP\",VLOOKUP(F1892,DADOS_SUDECAP,3,0),IF(G1892=\"COTAÇÃO\",VLOOKUP($F1892,DADOS_COTACAO,9,0),\"\"))))))","v":"UN"},{"$f":"F1894","v":1},{"$f":"IF(G1892=\"SINAPI\",VLOOKUP($F1892,DADOS_SINAPI,4,0),IF(G1892=\"SETOP\",VLOOKUP($F1892,DADOS_SETOP,4,0),IF(G1892=\"CPU\",VLOOKUP($F1892,DADOS_COMPOSICAO,13,0),IF(G1892=\"SICRO\",VLOOKUP($F1892,DADOS_SICRO,4,0),IF(G1892=\"SUDECAP\",VLOOKUP(F1892,DADOS_SUDECAP,4,0),IF(G1892=\"COTAÇÃO\",VLOOKUP(F1892,DADOS_COTACAO,12,0),\"\"))))))","v":38.07},"BDI 1",{"$f":"TRUNC(J1892*(1+$N$17),2)","v":48.16},{"$f":"IFERROR(TRUNC(I1892*J1892,2),\"\")","v":38.07},{"$f":"IFERROR(TRUNC(L1892*I1892,2),\"\")","v":48.16}]
[2000]
[2000,null,null,null,"Quantidade",1,"un"]
[2000]
[{"$f":"IFERROR(LEFT(D1896,SEARCH(\".\",D1896)-1),\"\")","v":"13"},{"$f":"IFERROR(LEFT(RIGHT(D1896,LEN(D1896)-SEARCH(\".\",D1896)),SEARCH(\".\",RIGHT(D1896,LEN(D1896)-SEARCH(\".\",D1896)))-1),\"\")","v":"3"},{"$f":"IFERROR(IF(LEN(D1896)-LEN(SUBSTITUTE(D1896,\".\",\"\"))<>3,\"\",MID(D1896,SEARCH(\".\",D1896,SEARCH(\".\",D1896)+1)+1,LEN(D1896)-SEARCH(\".\",D1896,SEARCH(\".\",D1896)+1)-(LEN(D1896)-(SEARCH(\".\",D1896,SEARCH(\".\",D1896,SEARCH(\".\",D1896)+1)+1)-1)))),\"\")","v":""},"13.3.33",{"$f":"IF($G1896=\"SINAPI\",VLOOKUP($F1896,DADOS_SINAPI,2,0),IF(G1896=\"SETOP\",VLOOKUP($F1896,DADOS_SETOP,2,0),IF(G1896=\"CPU\",VLOOKUP($F1896,DADOS_COMPOSICAO,2,0),IF(G1896=\"SICRO\",VLOOKUP($F1896,DADOS_SICRO,2,0),IF(G1896=\"SUDECAP\",VLOOKUP(F1896,DADOS_SUDECAP,2,0),IF(G1896=\"COTAÇÃO\",VLOOKUP($F1896,DADOS_COTACAO,2,0),\"\"))))))","v":"ANEL DE VEDACAO, PVC FLEXIVEL, 100 MM, PARA SAIDA DE BACIA / VASO SANITARIO"},6138,"SINAPI",{"$f":"IF(G1896=\"SINAPI\",VLOOKUP($F1896,DADOS_SINAPI,3,0),IF(G1896=\"SETOP\",VLOOKUP($F1896,DADOS_SETOP,3,0),IF(G1896=\"CPU\",VLOOKUP($F1896,DADOS_COMPOSICAO,10,0),IF(G1896=\"SICRO\",VLOOKUP($F1896,DADOS_SICRO,3,0),IF(G1896=\"SUDECAP\",VLOOKUP(F1896,DADOS_SUDECAP,3,0),IF(G1896=\"COTAÇÃO\",VLOOKUP($F1896,DADOS_COTACAO,9,0),\"\"))))))","v":"UN    "},{"$f":"F1898","v":22},{"$f":"IF(G1896=\"SINAPI\",VLOOKUP($F1896,DADOS_SINAPI,4,0),IF(G1896=\"SETOP\",VLOOKUP($F1896,DADOS_SETOP,4,0),IF(G1896=\"CPU\",VLOOKUP($F1896,DADOS_COMPOSICAO,13,0),IF(G1896=\"SICRO\",VLOOKUP($F1896,DADOS_SICRO,4,0),IF(G1896=\"SUDECAP\",VLOOKUP(F1896,DADOS_SUDECAP,4,0),IF(G1896=\"COTAÇÃO\",VLOOKUP(F1896,DADOS_COTACAO,12,0),\"\"))))))","v":9.6199999999999992},"BDI 1",{"$f":"TRUNC(J1896*(1+$N$17),2)","v":12.17},{"$f":"IFERROR(TRUNC(I1896*J1896,2),\"\")","v":211.64},{"$f":"IFERROR(TRUNC(L1896*I1896,2),\"\")","v":267.74}]
[2000]
[2000,null,null,null,"Quantidade",22,"un"]
[2000]
[null,null,null,"13.4","ESCAVAÇÕES",null,null,null,null,null,null,null,{"$f":"IFERROR(SUMIFS(M:M,A:A,LEFT(D1900,SEARCH(\".\",D1900)-1),B:B,RIGHT(D1900,LEN(D1900)-SEARCH(\".\",D1900))),\"\")","v":6742.75},{"$f":"IFERROR(SUMIFS(N:N,A:A,LEFT(D1900,SEARCH(\".\",D1900)-1),B:B,RIGHT(D1900,LEN(D1900)-SEARCH(\".\",D1900))),\"\")","v":8530.7800000000007}]
[{"$f":"IFERROR(LEFT(D1901,SEARCH(\".\",D1901)-1),\"\")","v":"13"},{"$f":"IFERROR(LEFT(RIGHT(D1901,LEN(D1901)-SEARCH(\".\",D1901)),SEARCH(\".\",RIGHT(D1901,LEN(D1901)-SEARCH(\".\",D1901)))-1),\"\")","v":"4"},{"$f":"IFERROR(IF(LEN(D1901)-LEN(SUBSTITUTE(D1901,\".\",\"\"))<>3,\"\",MID(D1901,SEARCH(\".\",D1901,SEARCH(\".\",D1901)+1)+1,LEN(D1901)-SEARCH(\".\",D1901,SEARCH(\".\",D1901)+1)-(LEN(D1901)-(SEARCH(\".\",D1901,SEARCH(\".\",D1901,SEARCH(\".\",D1901)+1)+1)-1)))),\"\")","v":""},"13.4.1",{"$f":"IF($G1901=\"SINAPI\",VLOOKUP($F1901,DADOS_SINAPI,2,0),IF(G1901=\"SETOP\",VLOOKUP($F1901,DADOS_SETOP,2,0),IF(G1901=\"CPU\",VLOOKUP($F1901,DADOS_COMPOSICAO,2,0),IF(G1901=\"SICRO\",VLOOKUP($F1901,DADOS_SICRO,2,0),IF(G1901=\"SUDECAP\",VLOOKUP(F1901,DADOS_SUDECAP,2,0),IF(G1901=\"COTAÇÃO\",VLOOKUP($F1901,DADOS_COTACAO,2,0),\"\"))))))","v":"ESCAVAÇÃO MANUAL DE VALA COM PROFUNDIDADE MENOR OU IGUAL A 1,30 M. AF_02/2021"},93358,"SINAPI",{"$f":"IF(G1901=\"SINAPI\",VLOOKUP($F1901,DADOS_SINAPI,3,0),IF(G1901=\"SETOP\",VLOOKUP($F1901,DADOS_SETOP,3,0),IF(G1901=\"CPU\",VLOOKUP($F1901,DADOS_COMPOSICAO,10,0),IF(G1901=\"SICRO\",VLOOKUP($F1901,DADOS_SICRO,3,0),IF(G1901=\"SUDECAP\",VLOOKUP(F1901,DADOS_SUDECAP,3,0),IF(G1901=\"COTAÇÃO\",VLOOKUP($F1901,DADOS_COTACAO,9,0),\"\"))))))","v":"M3"},{"$f":"F1903","v":78.95},{"$f":"IF(G1901=\"SINAPI\",VLOOKUP($F1901,DADOS_SINAPI,4,0),IF(G1901=\"SETOP\",VLOOKUP($F1901,DADOS_SETOP,4,0),IF(G1901=\"CPU\",VLOOKUP($F1901,DADOS_COMPOSICAO,13,0),IF(G1901=\"SICRO\",VLOOKUP($F1901,DADOS_SICRO,4,0),IF(G1901=\"SUDECAP\",VLOOKUP(F1901,DADOS_SUDECAP,4,0),IF(G1901=\"COTAÇÃO\",VLOOKUP(F1901,DADOS_COTACAO,12,0),\"\"))))))","v":70.290000000000006},"BDI 1",{"$f":"TRUNC(J1901*(1+$N$17),2)","v":88.93},{"$f":"IFERROR(TRUNC(I1901*J1901,2),\"\")","v":5549.39},{"$f":"IFERROR(TRUNC(L1901*I1901,2),\"\")","v":7021.02}]
[2000]
[2000,null,null,null,"Quantidade",78.95,"m³"]
[2000]
[{"$f":"IFERROR(LEFT(D1905,SEARCH(\".\",D1905)-1),\"\")","v":"13"},{"$f":"IFERROR(LEFT(RIGHT(D1905,LEN(D1905)-SEARCH(\".\",D1905)),SEARCH(\".\",RIGHT(D1905,LEN(D1905)-SEARCH(\".\",D1905)))-1),\"\")","v":"4"},{"$f":"IFERROR(IF(LEN(D1905)-LEN(SUBSTITUTE(D1905,\".\",\"\"))<>3,\"\",MID(D1905,SEARCH(\".\",D1905,SEARCH(\".\",D1905)+1)+1,LEN(D1905)-SEARCH(\".\",D1905,SEARCH(\".\",D1905)+1)-(LEN(D1905)-(SEARCH(\".\",D1905,SEARCH(\".\",D1905,SEARCH(\".\",D1905)+1)+1)-1)))),\"\")","v":""},"13.4.2",{"$f":"IF($G1905=\"SINAPI\",VLOOKUP($F1905,DADOS_SINAPI,2,0),IF(G1905=\"SETOP\",VLOOKUP($F1905,DADOS_SETOP,2,0),IF(G1905=\"CPU\",VLOOKUP($F1905,DADOS_COMPOSICAO,2,0),IF(G1905=\"SICRO\",VLOOKUP($F1905,DADOS_SICRO,2,0),IF(G1905=\"SUDECAP\",VLOOKUP(F1905,DADOS_SUDECAP,2,0),IF(G1905=\"COTAÇÃO\",VLOOKUP($F1905,DADOS_COTACAO,2,0),\"\"))))))","v":"REATERRO MANUAL APILOADO COM SOQUETE. AF_10/2017"},96995,"SINAPI",{"$f":"IF(G1905=\"SINAPI\",VLOOKUP($F1905,DADOS_SINAPI,3,0),IF(G1905=\"SETOP\",VLOOKUP($F1905,DADOS_SETOP,3,0),IF(G1905=\"CPU\",VLOOKUP($F1905,DADOS_COMPOSICAO,10,0),IF(G1905=\"SICRO\",VLOOKUP($F1905,DADOS_SICRO,3,0),IF(G1905=\"SUDECAP\",VLOOKUP(F1905,DADOS_SUDECAP,3,0),IF(G1905=\"COTAÇÃO\",VLOOKUP($F1905,DADOS_COTACAO,9,0),\"\"))))))","v":"M3"},{"$f":"F1907","v":28},{"$f":"IF(G1905=\"SINAPI\",VLOOKUP($F1905,DADOS_SINAPI,4,0),IF(G1905=\"SETOP\",VLOOKUP($F1905,DADOS_SETOP,4,0),IF(G1905=\"CPU\",VLOOKUP($F1905,DADOS_COMPOSICAO,13,0),IF(G1905=\"SICRO\",VLOOKUP($F1905,DADOS_SICRO,4,0),IF(G1905=\"SUDECAP\",VLOOKUP(F1905,DADOS_SUDECAP,4,0),IF(G1905=\"COTAÇÃO\",VLOOKUP(F1905,DADOS_COTACAO,12,0),\"\"))))))","v":42.62},"BDI 1",{"$f":"TRUNC(J1905*(1+$N$17),2)","v":53.92},{"$f":"IFERROR(TRUNC(I1905*J1905,2),\"\")","v":1193.3599999999999},{"$f":"IFERROR(TRUNC(L1905*I1905,2),\"\")","v":1509.76}]
[2000]
[2000,null,null,null,"Quantidade",28,"m³"]
[2000]
[null,null,null,"13.5","RASGOS E CHUMBAMENTOS",null,null,null,null,null,null,null,{"$f":"IFERROR(SUMIFS(M:M,A:A,LEFT(D1909,SEARCH(\".\",D1909)-1),B:B,RIGHT(D1909,LEN(D1909)-SEARCH(\".\",D1909))),\"\")","v":11909.57},{"$f":"IFERROR(SUMIFS(N:N,A:A,LEFT(D1909,SEARCH(\".\",D1909)-1),B:B,RIGHT(D1909,LEN(D1909)-SEARCH(\".\",D1909))),\"\")","v":15064.74}]
[{"$f":"IFERROR(LEFT(D1910,SEARCH(\".\",D1910)-1),\"\")","v":"13"},{"$f":"IFERROR(LEFT(RIGHT(D1910,LEN(D1910)-SEARCH(\".\",D1910)),SEARCH(\".\",RIGHT(D1910,LEN(D1910)-SEARCH(\".\",D1910)))-1),\"\")","v":"5"},{"$f":"IFERROR(IF(LEN(D1910)-LEN(SUBSTITUTE(D1910,\".\",\"\"))<>3,\"\",MID(D1910,SEARCH(\".\",D1910,SEARCH(\".\",D1910)+1)+1,LEN(D1910)-SEARCH(\".\",D1910,SEARCH(\".\",D1910)+1)-(LEN(D1910)-(SEARCH(\".\",D1910,SEARCH(\".\",D1910,SEARCH(\".\",D1910)+1)+1)-1)))),\"\")","v":""},"13.5.1",{"$f":"IF($G1910=\"SINAPI\",VLOOKUP($F1910,DADOS_SINAPI,2,0),IF(G1910=\"SETOP\",VLOOKUP($F1910,DADOS_SETOP,2,0),IF(G1910=\"CPU\",VLOOKUP($F1910,DADOS_COMPOSICAO,2,0),IF(G1910=\"SICRO\",VLOOKUP($F1910,DADOS_SICRO,2,0),IF(G1910=\"SUDECAP\",VLOOKUP(F1910,DADOS_SUDECAP,2,0),IF(G1910=\"COTAÇÃO\",VLOOKUP($F1910,DADOS_COTACAO,2,0),\"\"))))))","v":"RASGO EM ALVENARIA PARA RAMAIS/ DISTRIBUIÇÃO COM DIAMETROS MENORES OU IGUAIS A 40 MM. AF_05/2015"},90443,"SINAPI",{"$f":"IF(G1910=\"SINAPI\",VLOOKUP($F1910,DADOS_SINAPI,3,0),IF(G1910=\"SETOP\",VLOOKUP($F1910,DADOS_SETOP,3,0),IF(G1910=\"CPU\",VLOOKUP($F1910,DADOS_COMPOSICAO,10,0),IF(G1910=\"SICRO\",VLOOKUP($F1910,DADOS_SICRO,3,0),IF(G1910=\"SUDECAP\",VLOOKUP(F1910,DADOS_SUDECAP,3,0),IF(G1910=\"COTAÇÃO\",VLOOKUP($F1910,DADOS_COTACAO,9,0),\"\"))))))","v":"M"},{"$f":"F1912","v":135},{"$f":"IF(G1910=\"SINAPI\",VLOOKUP($F1910,DADOS_SINAPI,4,0),IF(G1910=\"SETOP\",VLOOKUP($F1910,DADOS_SETOP,4,0),IF(G1910=\"CPU\",VLOOKUP($F1910,DADOS_COMPOSICAO,13,0),IF(G1910=\"SICRO\",VLOOKUP($F1910,DADOS_SICRO,4,0),IF(G1910=\"SUDECAP\",VLOOKUP(F1910,DADOS_SUDECAP,4,0),IF(G1910=\"COTAÇÃO\",VLOOKUP(F1910,DADOS_COTACAO,12,0),\"\"))))))","v":11.96},"BDI 1",{"$f":"TRUNC(J1910*(1+$N$17),2)","v":15.13},{"$f":"IFERROR(TRUNC(I1910*J1910,2),\"\")","v":1614.6},{"$f":"IFERROR(TRUNC(L1910*I1910,2),\"\")","v":2042.55}]
[2000]
[2000,null,null,null,"Quantidade",135,"m"]
[2000]
[{"$f":"IFERROR(LEFT(D1914,SEARCH(\".\",D1914)-1),\"\")","v":"13"},{"$f":"IFERROR(LEFT(RIGHT(D1914,LEN(D1914)-SEARCH(\".\",D1914)),SEARCH(\".\",RIGHT(D1914,LEN(D1914)-SEARCH(\".\",D1914)))-1),\"\")","v":"5"},{"$f":"IFERROR(IF(LEN(D1914)-LEN(SUBSTITUTE(D1914,\".\",\"\"))<>3,\"\",MID(D1914,SEARCH(\".\",D1914,SEARCH(\".\",D1914)+1)+1,LEN(D1914)-SEARCH(\".\",D1914,SEARCH(\".\",D1914)+1)-(LEN(D1914)-(SEARCH(\".\",D1914,SEARCH(\".\",D1914,SEARCH(\".\",D1914)+1)+1)-1)))),\"\")","v":""},"13.5.2",{"$f":"IF($G1914=\"SINAPI\",VLOOKUP($F1914,DADOS_SINAPI,2,0),IF(G1914=\"SETOP\",VLOOKUP($F1914,DADOS_SETOP,2,0),IF(G1914=\"CPU\",VLOOKUP($F1914,DADOS_COMPOSICAO,2,0),IF(G1914=\"SICRO\",VLOOKUP($F1914,DADOS_SICRO,2,0),IF(G1914=\"SUDECAP\",VLOOKUP(F1914,DADOS_SUDECAP,2,0),IF(G1914=\"COTAÇÃO\",VLOOKUP($F1914,DADOS_COTACAO,2,0),\"\"))))))","v":"CHUMBAMENTO LINEAR EM ALVENARIA PARA RAMAIS/DISTRIBUIÇÃO COM DIÂMETROS MENORES OU IGUAIS A 40 MM. AF_05/2015"},90466,"SINAPI",{"$f":"IF(G1914=\"SINAPI\",VLOOKUP($F1914,DADOS_SINAPI,3,0),IF(G1914=\"SETOP\",VLOOKUP($F1914,DADOS_SETOP,3,0),IF(G1914=\"CPU\",VLOOKUP($F1914,DADOS_COMPOSICAO,10,0),IF(G1914=\"SICRO\",VLOOKUP($F1914,DADOS_SICRO,3,0),IF(G1914=\"SUDECAP\",VLOOKUP(F1914,DADOS_SUDECAP,3,0),IF(G1914=\"COTAÇÃO\",VLOOKUP($F1914,DADOS_COTACAO,9,0),\"\"))))))","v":"M"},{"$f":"F1916","v":135},{"$f":"IF(G1914=\"SINAPI\",VLOOKUP($F1914,DADOS_SINAPI,4,0),IF(G1914=\"SETOP\",VLOOKUP($F1914,DADOS_SETOP,4,0),IF(G1914=\"CPU\",VLOOKUP($F1914,DADOS_COMPOSICAO,13,0),IF(G1914=\"SICRO\",VLOOKUP($F1914,DADOS_SICRO,4,0),IF(G1914=\"SUDECAP\",VLOOKUP(F1914,DADOS_SUDECAP,4,0),IF(G1914=\"COTAÇÃO\",VLOOKUP(F1914,DADOS_COTACAO,12,0),\"\"))))))","v":12.22},"BDI 1",{"$f":"TRUNC(J1914*(1+$N$17),2)","v":15.46},{"$f":"IFERROR(TRUNC(I1914*J1914,2),\"\")","v":1649.7},{"$f":"IFERROR(TRUNC(L1914*I1914,2),\"\")","v":2087.1}]
[2000]
[2000,null,null,null,"Quantidade",135,"m"]
[2000]
[{"$f":"IFERROR(LEFT(D1918,SEARCH(\".\",D1918)-1),\"\")","v":"13"},{"$f":"IFERROR(LEFT(RIGHT(D1918,LEN(D1918)-SEARCH(\".\",D1918)),SEARCH(\".\",RIGHT(D1918,LEN(D1918)-SEARCH(\".\",D1918)))-1),\"\")","v":"5"},{"$f":"IFERROR(IF(LEN(D1918)-LEN(SUBSTITUTE(D1918,\".\",\"\"))<>3,\"\",MID(D1918,SEARCH(\".\",D1918,SEARCH(\".\",D1918)+1)+1,LEN(D1918)-SEARCH(\".\",D1918,SEARCH(\".\",D1918)+1)-(LEN(D1918)-(SEARCH(\".\",D1918,SEARCH(\".\",D1918,SEARCH(\".\",D1918)+1)+1)-1)))),\"\")","v":""},"13.5.3",{"$f":"IF($G1918=\"SINAPI\",VLOOKUP($F1918,DADOS_SINAPI,2,0),IF(G1918=\"SETOP\",VLOOKUP($F1918,DADOS_SETOP,2,0),IF(G1918=\"CPU\",VLOOKUP($F1918,DADOS_COMPOSICAO,2,0),IF(G1918=\"SICRO\",VLOOKUP($F1918,DADOS_SICRO,2,0),IF(G1918=\"SUDECAP\",VLOOKUP(F1918,DADOS_SUDECAP,2,0),IF(G1918=\"COTAÇÃO\",VLOOKUP($F1918,DADOS_COTACAO,2,0),\"\"))))))","v":"RASGO EM ALVENARIA PARA RAMAIS/ DISTRIBUIÇÃO COM DIÂMETROS MAIORES QUE 40 MM E MENORES OU IGUAIS A 75 MM. AF_05/2015"},91222,"SINAPI",{"$f":"IF(G1918=\"SINAPI\",VLOOKUP($F1918,DADOS_SINAPI,3,0),IF(G1918=\"SETOP\",VLOOKUP($F1918,DADOS_SETOP,3,0),IF(G1918=\"CPU\",VLOOKUP($F1918,DADOS_COMPOSICAO,10,0),IF(G1918=\"SICRO\",VLOOKUP($F1918,DADOS_SICRO,3,0),IF(G1918=\"SUDECAP\",VLOOKUP(F1918,DADOS_SUDECAP,3,0),IF(G1918=\"COTAÇÃO\",VLOOKUP($F1918,DADOS_COTACAO,9,0),\"\"))))))","v":"M"},{"$f":"F1920","v":222},{"$f":"IF(G1918=\"SINAPI\",VLOOKUP($F1918,DADOS_SINAPI,4,0),IF(G1918=\"SETOP\",VLOOKUP($F1918,DADOS_SETOP,4,0),IF(G1918=\"CPU\",VLOOKUP($F1918,DADOS_COMPOSICAO,13,0),IF(G1918=\"SICRO\",VLOOKUP($F1918,DADOS_SICRO,4,0),IF(G1918=\"SUDECAP\",VLOOKUP(F1918,DADOS_SUDECAP,4,0),IF(G1918=\"COTAÇÃO\",VLOOKUP(F1918,DADOS_COTACAO,12,0),\"\"))))))","v":12.88},"BDI 1",{"$f":"TRUNC(J1918*(1+$N$17),2)","v":16.29},{"$f":"IFERROR(TRUNC(I1918*J1918,2),\"\")","v":2859.36},{"$f":"IFERROR(TRUNC(L1918*I1918,2),\"\")","v":3616.38}]
[2000]
[2000,null,null,null,"Quantidade",222,"m"]
[2000]
[{"$f":"IFERROR(LEFT(D1922,SEARCH(\".\",D1922)-1),\"\")","v":"13"},{"$f":"IFERROR(LEFT(RIGHT(D1922,LEN(D1922)-SEARCH(\".\",D1922)),SEARCH(\".\",RIGHT(D1922,LEN(D1922)-SEARCH(\".\",D1922)))-1),\"\")","v":"5"},{"$f":"IFERROR(IF(LEN(D1922)-LEN(SUBSTITUTE(D1922,\".\",\"\"))<>3,\"\",MID(D1922,SEARCH(\".\",D1922,SEARCH(\".\",D1922)+1)+1,LEN(D1922)-SEARCH(\".\",D1922,SEARCH(\".\",D1922)+1)-(LEN(D1922)-(SEARCH(\".\",D1922,SEARCH(\".\",D1922,SEARCH(\".\",D1922)+1)+1)-1)))),\"\")","v":""},"13.5.4",{"$f":"IF($G1922=\"SINAPI\",VLOOKUP($F1922,DADOS_SINAPI,2,0),IF(G1922=\"SETOP\",VLOOKUP($F1922,DADOS_SETOP,2,0),IF(G1922=\"CPU\",VLOOKUP($F1922,DADOS_COMPOSICAO,2,0),IF(G1922=\"SICRO\",VLOOKUP($F1922,DADOS_SICRO,2,0),IF(G1922=\"SUDECAP\",VLOOKUP(F1922,DADOS_SUDECAP,2,0),IF(G1922=\"COTAÇÃO\",VLOOKUP($F1922,DADOS_COTACAO,2,0),\"\"))))))","v":"CHUMBAMENTO LINEAR EM ALVENARIA PARA RAMAIS/DISTRIBUIÇÃO COM DIÂMETROS MAIORES QUE 40 MM E MENORES OU IGUAIS A 75 MM. AF_05/2015"},90467,"SINAPI",{"$f":"IF(G1922=\"SINAPI\",VLOOKUP($F1922,DADOS_SINAPI,3,0),IF(G1922=\"SETOP\",VLOOKUP($F1922,DADOS_SETOP,3,0),IF(G1922=\"CPU\",VLOOKUP($F1922,DADOS_COMPOSICAO,10,0),IF(G1922=\"SICRO\",VLOOKUP($F1922,DADOS_SICRO,3,0),IF(G1922=\"SUDECAP\",VLOOKUP(F1922,DADOS_SUDECAP,3,0),IF(G1922=\"COTAÇÃO\",VLOOKUP($F1922,DADOS_COTACAO,9,0),\"\"))))))","v":"M"},{"$f":"F1924","v":222},{"$f":"IF(G1922=\"SINAPI\",VLOOKUP($F1922,DADOS_SINAPI,4,0),IF(G1922=\"SETOP\",VLOOKUP($F1922,DADOS_SETOP,4,0),IF(G1922=\"CPU\",VLOOKUP($F1922,DADOS_COMPOSICAO,13,0),IF(G1922=\"SICRO\",VLOOKUP($F1922,DADOS_SICRO,4,0),IF(G1922=\"SUDECAP\",VLOOKUP(F1922,DADOS_SUDECAP,4,0),IF(G1922=\"COTAÇÃO\",VLOOKUP(F1922,DADOS_COTACAO,12,0),\"\"))))))","v":19.37},"BDI 1",{"$f":"TRUNC(J1922*(1+$N$17),2)","v":24.5},{"$f":"IFERROR(TRUNC(I1922*J1922,2),\"\")","v":4300.1400000000003},{"$f":"IFERROR(TRUNC(L1922*I1922,2),\"\")","v":5439}]
[2000]
[2000,null,null,null,"Quantidade",222,"m"]
[2000]
[{"$f":"IFERROR(LEFT(D1926,SEARCH(\".\",D1926)-1),\"\")","v":"13"},{"$f":"IFERROR(LEFT(RIGHT(D1926,LEN(D1926)-SEARCH(\".\",D1926)),SEARCH(\".\",RIGHT(D1926,LEN(D1926)-SEARCH(\".\",D1926)))-1),\"\")","v":"5"},{"$f":"IFERROR(IF(LEN(D1926)-LEN(SUBSTITUTE(D1926,\".\",\"\"))<>3,\"\",MID(D1926,SEARCH(\".\",D1926,SEARCH(\".\",D1926)+1)+1,LEN(D1926)-SEARCH(\".\",D1926,SEARCH(\".\",D1926)+1)-(LEN(D1926)-(SEARCH(\".\",D1926,SEARCH(\".\",D1926,SEARCH(\".\",D1926)+1)+1)-1)))),\"\")","v":""},"13.5.5",{"$f":"IF($G1926=\"SINAPI\",VLOOKUP($F1926,DADOS_SINAPI,2,0),IF(G1926=\"SETOP\",VLOOKUP($F1926,DADOS_SETOP,2,0),IF(G1926=\"CPU\",VLOOKUP($F1926,DADOS_COMPOSICAO,2,0),IF(G1926=\"SICRO\",VLOOKUP($F1926,DADOS_SICRO,2,0),IF(G1926=\"SUDECAP\",VLOOKUP(F1926,DADOS_SUDECAP,2,0),IF(G1926=\"COTAÇÃO\",VLOOKUP($F1926,DADOS_COTACAO,2,0),\"\"))))))","v":"RASGO EM CONTRAPISO PARA RAMAIS/ DISTRIBUIÇÃO COM DIÂMETROS MAIORES QUE 75 MM. AF_05/2015"},90446,"SINAPI",{"$f":"IF(G1926=\"SINAPI\",VLOOKUP($F1926,DADOS_SINAPI,3,0),IF(G1926=\"SETOP\",VLOOKUP($F1926,DADOS_SETOP,3,0),IF(G1926=\"CPU\",VLOOKUP($F1926,DADOS_COMPOSICAO,10,0),IF(G1926=\"SICRO\",VLOOKUP($F1926,DADOS_SICRO,3,0),IF(G1926=\"SUDECAP\",VLOOKUP(F1926,DADOS_SUDECAP,3,0),IF(G1926=\"COTAÇÃO\",VLOOKUP($F1926,DADOS_COTACAO,9,0),\"\"))))))","v":"M"},{"$f":"F1928","v":35.299999999999997},{"$f":"IF(G1926=\"SINAPI\",VLOOKUP($F1926,DADOS_SINAPI,4,0),IF(G1926=\"SETOP\",VLOOKUP($F1926,DADOS_SETOP,4,0),IF(G1926=\"CPU\",VLOOKUP($F1926,DADOS_COMPOSICAO,13,0),IF(G1926=\"SICRO\",VLOOKUP($F1926,DADOS_SICRO,4,0),IF(G1926=\"SUDECAP\",VLOOKUP(F1926,DADOS_SUDECAP,4,0),IF(G1926=\"COTAÇÃO\",VLOOKUP(F1926,DADOS_COTACAO,12,0),\"\"))))))","v":29.79},"BDI 1",{"$f":"TRUNC(J1926*(1+$N$17),2)","v":37.69},{"$f":"IFERROR(TRUNC(I1926*J1926,2),\"\")","v":1051.58},{"$f":"IFERROR(TRUNC(L1926*I1926,2),\"\")","v":1330.45}]
[2000]
[2000,null,null,null,"Quantidade",35.299999999999997,"m"]
[2000]
[{"$f":"IFERROR(LEFT(D1930,SEARCH(\".\",D1930)-1),\"\")","v":"13"},{"$f":"IFERROR(LEFT(RIGHT(D1930,LEN(D1930)-SEARCH(\".\",D1930)),SEARCH(\".\",RIGHT(D1930,LEN(D1930)-SEARCH(\".\",D1930)))-1),\"\")","v":"5"},{"$f":"IFERROR(IF(LEN(D1930)-LEN(SUBSTITUTE(D1930,\".\",\"\"))<>3,\"\",MID(D1930,SEARCH(\".\",D1930,SEARCH(\".\",D1930)+1)+1,LEN(D1930)-SEARCH(\".\",D1930,SEARCH(\".\",D1930)+1)-(LEN(D1930)-(SEARCH(\".\",D1930,SEARCH(\".\",D1930,SEARCH(\".\",D1930)+1)+1)-1)))),\"\")","v":""},"13.5.6",{"$f":"IF($G1930=\"SINAPI\",VLOOKUP($F1930,DADOS_SINAPI,2,0),IF(G1930=\"SETOP\",VLOOKUP($F1930,DADOS_SETOP,2,0),IF(G1930=\"CPU\",VLOOKUP($F1930,DADOS_COMPOSICAO,2,0),IF(G1930=\"SICRO\",VLOOKUP($F1930,DADOS_SICRO,2,0),IF(G1930=\"SUDECAP\",VLOOKUP(F1930,DADOS_SUDECAP,2,0),IF(G1930=\"COTAÇÃO\",VLOOKUP($F1930,DADOS_COTACAO,2,0),\"\"))))))","v":"CHUMBAMENTO LINEAR EM CONTRAPISO PARA RAMAIS/DISTRIBUIÇÃO COM DIÂMETROS MAIORES QUE 75 MM. AF_05/2015"},90470,"SINAPI",{"$f":"IF(G1930=\"SINAPI\",VLOOKUP($F1930,DADOS_SINAPI,3,0),IF(G1930=\"SETOP\",VLOOKUP($F1930,DADOS_SETOP,3,0),IF(G1930=\"CPU\",VLOOKUP($F1930,DADOS_COMPOSICAO,10,0),IF(G1930=\"SICRO\",VLOOKUP($F1930,DADOS_SICRO,3,0),IF(G1930=\"SUDECAP\",VLOOKUP(F1930,DADOS_SUDECAP,3,0),IF(G1930=\"COTAÇÃO\",VLOOKUP($F1930,DADOS_COTACAO,9,0),\"\"))))))","v":"M"},{"$f":"F1932","v":35.299999999999997},{"$f":"IF(G1930=\"SINAPI\",VLOOKUP($F1930,DADOS_SINAPI,4,0),IF(G1930=\"SETOP\",VLOOKUP($F1930,DADOS_SETOP,4,0),IF(G1930=\"CPU\",VLOOKUP($F1930,DADOS_COMPOSICAO,13,0),IF(G1930=\"SICRO\",VLOOKUP($F1930,DADOS_SICRO,4,0),IF(G1930=\"SUDECAP\",VLOOKUP(F1930,DADOS_SUDECAP,4,0),IF(G1930=\"COTAÇÃO\",VLOOKUP(F1930,DADOS_COTACAO,12,0),\"\"))))))","v":12.3},"BDI 1",{"$f":"TRUNC(J1930*(1+$N$17),2)","v":15.56},{"$f":"IFERROR(TRUNC(I1930*J1930,2),\"\")","v":434.19},{"$f":"IFERROR(TRUNC(L1930*I1930,2),\"\")","v":549.26}]
[2000]
[2000,null,null,null,"Quantidade",35.299999999999997,"m"]
[2000]
[1000,null,null,14,"LOUÇAS E METAIS",null,null,null,null,null,null,null,{"$f":"SUMIF(A:A,D1934,M:M)","v":183718.08000000002},{"$f":"SUMIF(A:A,D1934,N:N)","v":232438.09999999998}]
[{"$f":"IFERROR(LEFT(D1935,SEARCH(\".\",D1935)-1),\"\")","v":"14"},{"$f":"IFERROR(LEFT(RIGHT(D1935,LEN(D1935)-SEARCH(\".\",D1935)),SEARCH(\".\",RIGHT(D1935,LEN(D1935)-SEARCH(\".\",D1935)))-1),\"\")","v":""},{"$f":"IFERROR(IF(LEN(D1935)-LEN(SUBSTITUTE(D1935,\".\",\"\"))<>3,\"\",MID(D1935,SEARCH(\".\",D1935,SEARCH(\".\",D1935)+1)+1,LEN(D1935)-SEARCH(\".\",D1935,SEARCH(\".\",D1935)+1)-(LEN(D1935)-(SEARCH(\".\",D1935,SEARCH(\".\",D1935,SEARCH(\".\",D1935)+1)+1)-1)))),\"\")","v":""},"14.1",{"$f":"VLOOKUP($F1935,DADOS_COTACAO,2,0)","v":"BEBEDOURO 100 LITROS - 3 TORNEIRAS"},"COT-LOU-001","COTAÇÃO",{"$f":"VLOOKUP($F1935,DADOS_COTACAO,9,0)","v":"UN "},{"$f":"F1937","v":4},{"$f":"VLOOKUP($F1935,DADOS_COTACAO,12,0)","v":3948},"BDI 1",{"$f":"TRUNC(J1935*(1+$N$17),2)","v":4995},{"$f":"IFERROR(TRUNC(I1935*J1935,2),\"\")","v":15792},{"$f":"IFERROR(TRUNC(L1935*I1935,2),\"\")","v":19980}]
[2000]
[2000,null,null,null,"Quantidade",4,"un"]
[2000]
[{"$f":"IFERROR(LEFT(D1939,SEARCH(\".\",D1939)-1),\"\")","v":"14"},{"$f":"IFERROR(LEFT(RIGHT(D1939,LEN(D1939)-SEARCH(\".\",D1939)),SEARCH(\".\",RIGHT(D1939,LEN(D1939)-SEARCH(\".\",D1939)))-1),\"\")","v":""},{"$f":"IFERROR(IF(LEN(D1939)-LEN(SUBSTITUTE(D1939,\".\",\"\"))<>3,\"\",MID(D1939,SEARCH(\".\",D1939,SEARCH(\".\",D1939)+1)+1,LEN(D1939)-SEARCH(\".\",D1939,SEARCH(\".\",D1939)+1)-(LEN(D1939)-(SEARCH(\".\",D1939,SEARCH(\".\",D1939,SEARCH(\".\",D1939)+1)+1)-1)))),\"\")","v":""},"14.2",{"$f":"IF($G1939=\"SINAPI\",VLOOKUP($F1939,DADOS_SINAPI,2,0),IF(G1939=\"SETOP\",VLOOKUP($F1939,DADOS_SETOP,2,0),IF(G1939=\"CPU\",VLOOKUP($F1939,DADOS_COMPOSICAO,2,0),IF(G1939=\"SICRO\",VLOOKUP($F1939,DADOS_SICRO,2,0),IF(G1939=\"SUDECAP\",VLOOKUP(F1939,DADOS_SUDECAP,2,0),IF(G1939=\"COTAÇÃO\",VLOOKUP($F1939,DADOS_COTACAO,2,0),\"\"))))))","v":"CHUVEIRO ELÉTRICO COM RESISTÊNCIA BLINDADA, TENSÃO 127V/220V, POTÊNCIA 5500W/6800W, INCLUSIVE BRAÇO, FORNECIMENTO E INSTALAÇÃO"},"ED-50314","SETOP",{"$f":"IF(G1939=\"SINAPI\",VLOOKUP($F1939,DADOS_SINAPI,3,0),IF(G1939=\"SETOP\",VLOOKUP($F1939,DADOS_SETOP,3,0),IF(G1939=\"CPU\",VLOOKUP($F1939,DADOS_COMPOSICAO,10,0),IF(G1939=\"SICRO\",VLOOKUP($F1939,DADOS_SICRO,3,0),IF(G1939=\"SUDECAP\",VLOOKUP(F1939,DADOS_SUDECAP,3,0),IF(G1939=\"COTAÇÃO\",VLOOKUP($F1939,DADOS_COTACAO,9,0),\"\"))))))","v":"un"},{"$f":"F1941","v":5},{"$f":"IF(G1939=\"SINAPI\",VLOOKUP($F1939,DADOS_SINAPI,4,0),IF(G1939=\"SETOP\",VLOOKUP($F1939,DADOS_SETOP,4,0),IF(G1939=\"CPU\",VLOOKUP($F1939,DADOS_COMPOSICAO,13,0),IF(G1939=\"SICRO\",VLOOKUP($F1939,DADOS_SICRO,4,0),IF(G1939=\"SUDECAP\",VLOOKUP(F1939,DADOS_SUDECAP,4,0),IF(G1939=\"COTAÇÃO\",VLOOKUP(F1939,DADOS_COTACAO,12,0),\"\"))))))","v":235.99},"BDI 1",{"$f":"TRUNC(J1939*(1+$N$17),2)","v":298.57},{"$f":"IFERROR(TRUNC(I1939*J1939,2),\"\")","v":1179.95},{"$f":"IFERROR(TRUNC(L1939*I1939,2),\"\")","v":1492.85}]
[2000]
[2000,null,null,null,"Quantidade",5,"un"]
[2000]
[{"$f":"IFERROR(LEFT(D1943,SEARCH(\".\",D1943)-1),\"\")","v":"14"},{"$f":"IFERROR(LEFT(RIGHT(D1943,LEN(D1943)-SEARCH(\".\",D1943)),SEARCH(\".\",RIGHT(D1943,LEN(D1943)-SEARCH(\".\",D1943)))-1),\"\")","v":""},{"$f":"IFERROR(IF(LEN(D1943)-LEN(SUBSTITUTE(D1943,\".\",\"\"))<>3,\"\",MID(D1943,SEARCH(\".\",D1943,SEARCH(\".\",D1943)+1)+1,LEN(D1943)-SEARCH(\".\",D1943,SEARCH(\".\",D1943)+1)-(LEN(D1943)-(SEARCH(\".\",D1943,SEARCH(\".\",D1943,SEARCH(\".\",D1943)+1)+1)-1)))),\"\")","v":""},"14.3",{"$f":"IF($G1943=\"SINAPI\",VLOOKUP($F1943,DADOS_SINAPI,2,0),IF(G1943=\"SETOP\",VLOOKUP($F1943,DADOS_SETOP,2,0),IF(G1943=\"CPU\",VLOOKUP($F1943,DADOS_COMPOSICAO,2,0),IF(G1943=\"SICRO\",VLOOKUP($F1943,DADOS_SICRO,2,0),IF(G1943=\"SUDECAP\",VLOOKUP(F1943,DADOS_SUDECAP,2,0),IF(G1943=\"COTAÇÃO\",VLOOKUP($F1943,DADOS_COTACAO,2,0),\"\"))))))","v":"DUCHA HIGIÊNICA COM REGISTRO PARA CONTROLE DE FLUXO DE ÁGUA, DIÂMETRO 1/2\" (20MM), INCLUSIVE FORNECIMENTO E INSTALAÇÃO"},"ED-50316","SETOP",{"$f":"IF(G1943=\"SINAPI\",VLOOKUP($F1943,DADOS_SINAPI,3,0),IF(G1943=\"SETOP\",VLOOKUP($F1943,DADOS_SETOP,3,0),IF(G1943=\"CPU\",VLOOKUP($F1943,DADOS_COMPOSICAO,10,0),IF(G1943=\"SICRO\",VLOOKUP($F1943,DADOS_SICRO,3,0),IF(G1943=\"SUDECAP\",VLOOKUP(F1943,DADOS_SUDECAP,3,0),IF(G1943=\"COTAÇÃO\",VLOOKUP($F1943,DADOS_COTACAO,9,0),\"\"))))))","v":"un"},{"$f":"F1945","v":16},{"$f":"IF(G1943=\"SINAPI\",VLOOKUP($F1943,DADOS_SINAPI,4,0),IF(G1943=\"SETOP\",VLOOKUP($F1943,DADOS_SETOP,4,0),IF(G1943=\"CPU\",VLOOKUP($F1943,DADOS_COMPOSICAO,13,0),IF(G1943=\"SICRO\",VLOOKUP($F1943,DADOS_SICRO,4,0),IF(G1943=\"SUDECAP\",VLOOKUP(F1943,DADOS_SUDECAP,4,0),IF(G1943=\"COTAÇÃO\",VLOOKUP(F1943,DADOS_COTACAO,12,0),\"\"))))))","v":151.58000000000001},"BDI 1",{"$f":"TRUNC(J1943*(1+$N$17),2)","v":191.77},{"$f":"IFERROR(TRUNC(I1943*J1943,2),\"\")","v":2425.2800000000002},{"$f":"IFERROR(TRUNC(L1943*I1943,2),\"\")","v":3068.32}]
[2000]
[2000,null,null,null,"Quantidade",16,"un"]
[2000]
[{"$f":"IFERROR(LEFT(D1947,SEARCH(\".\",D1947)-1),\"\")","v":"14"},{"$f":"IFERROR(LEFT(RIGHT(D1947,LEN(D1947)-SEARCH(\".\",D1947)),SEARCH(\".\",RIGHT(D1947,LEN(D1947)-SEARCH(\".\",D1947)))-1),\"\")","v":""},{"$f":"IFERROR(IF(LEN(D1947)-LEN(SUBSTITUTE(D1947,\".\",\"\"))<>3,\"\",MID(D1947,SEARCH(\".\",D1947,SEARCH(\".\",D1947)+1)+1,LEN(D1947)-SEARCH(\".\",D1947,SEARCH(\".\",D1947)+1)-(LEN(D1947)-(SEARCH(\".\",D1947,SEARCH(\".\",D1947,SEARCH(\".\",D1947)+1)+1)-1)))),\"\")","v":""},"14.4",{"$f":"IF($G1947=\"SINAPI\",VLOOKUP($F1947,DADOS_SINAPI,2,0),IF(G1947=\"SETOP\",VLOOKUP($F1947,DADOS_SETOP,2,0),IF(G1947=\"CPU\",VLOOKUP($F1947,DADOS_COMPOSICAO,2,0),IF(G1947=\"SICRO\",VLOOKUP($F1947,DADOS_SICRO,2,0),IF(G1947=\"SUDECAP\",VLOOKUP(F1947,DADOS_SUDECAP,2,0),IF(G1947=\"COTAÇÃO\",VLOOKUP($F1947,DADOS_COTACAO,2,0),\"\"))))))","v":"MICTÓRIO SIFONADO LOUÇA BRANCA \u0096 PADRÃO MÉDIO \u0096 FORNECIMENTO E INSTALAÇÃO. AF_01/2020"},100858,"SINAPI",{"$f":"IF(G1947=\"SINAPI\",VLOOKUP($F1947,DADOS_SINAPI,3,0),IF(G1947=\"SETOP\",VLOOKUP($F1947,DADOS_SETOP,3,0),IF(G1947=\"CPU\",VLOOKUP($F1947,DADOS_COMPOSICAO,10,0),IF(G1947=\"SICRO\",VLOOKUP($F1947,DADOS_SICRO,3,0),IF(G1947=\"SUDECAP\",VLOOKUP(F1947,DADOS_SUDECAP,3,0),IF(G1947=\"COTAÇÃO\",VLOOKUP($F1947,DADOS_COTACAO,9,0),\"\"))))))","v":"UN"},{"$f":"F1949","v":3},{"$f":"IF(G1947=\"SINAPI\",VLOOKUP($F1947,DADOS_SINAPI,4,0),IF(G1947=\"SETOP\",VLOOKUP($F1947,DADOS_SETOP,4,0),IF(G1947=\"CPU\",VLOOKUP($F1947,DADOS_COMPOSICAO,13,0),IF(G1947=\"SICRO\",VLOOKUP($F1947,DADOS_SICRO,4,0),IF(G1947=\"SUDECAP\",VLOOKUP(F1947,DADOS_SUDECAP,4,0),IF(G1947=\"COTAÇÃO\",VLOOKUP(F1947,DADOS_COTACAO,12,0),\"\"))))))","v":671.97},"BDI 1",{"$f":"TRUNC(J1947*(1+$N$17),2)","v":850.17},{"$f":"IFERROR(TRUNC(I1947*J1947,2),\"\")","v":2015.91},{"$f":"IFERROR(TRUNC(L1947*I1947,2),\"\")","v":2550.5100000000002}]
[2000]
[2000,null,null,null,"Quantidade",3,"un"]
[2000]
[{"$f":"IFERROR(LEFT(D1951,SEARCH(\".\",D1951)-1),\"\")","v":"14"},{"$f":"IFERROR(LEFT(RIGHT(D1951,LEN(D1951)-SEARCH(\".\",D1951)),SEARCH(\".\",RIGHT(D1951,LEN(D1951)-SEARCH(\".\",D1951)))-1),\"\")","v":""},{"$f":"IFERROR(IF(LEN(D1951)-LEN(SUBSTITUTE(D1951,\".\",\"\"))<>3,\"\",MID(D1951,SEARCH(\".\",D1951,SEARCH(\".\",D1951)+1)+1,LEN(D1951)-SEARCH(\".\",D1951,SEARCH(\".\",D1951)+1)-(LEN(D1951)-(SEARCH(\".\",D1951,SEARCH(\".\",D1951,SEARCH(\".\",D1951)+1)+1)-1)))),\"\")","v":""},"14.5",{"$f":"IF($G1951=\"SINAPI\",VLOOKUP($F1951,DADOS_SINAPI,2,0),IF(G1951=\"SETOP\",VLOOKUP($F1951,DADOS_SETOP,2,0),IF(G1951=\"CPU\",VLOOKUP($F1951,DADOS_COMPOSICAO,2,0),IF(G1951=\"SICRO\",VLOOKUP($F1951,DADOS_SICRO,2,0),IF(G1951=\"SUDECAP\",VLOOKUP(F1951,DADOS_SUDECAP,2,0),IF(G1951=\"COTAÇÃO\",VLOOKUP($F1951,DADOS_COTACAO,2,0),\"\"))))))","v":"VASO SANITÁRIO SIFONADO COM CAIXA ACOPLADA LOUÇA BRANCA - PADRÃO MÉDIO, INCLUSO ENGATE FLEXÍVEL EM METAL CROMADO, 1/2  X 40CM - FORNECIMENTO E INSTALAÇÃO. AF_01/2020"},86932,"SINAPI",{"$f":"IF(G1951=\"SINAPI\",VLOOKUP($F1951,DADOS_SINAPI,3,0),IF(G1951=\"SETOP\",VLOOKUP($F1951,DADOS_SETOP,3,0),IF(G1951=\"CPU\",VLOOKUP($F1951,DADOS_COMPOSICAO,10,0),IF(G1951=\"SICRO\",VLOOKUP($F1951,DADOS_SICRO,3,0),IF(G1951=\"SUDECAP\",VLOOKUP(F1951,DADOS_SUDECAP,3,0),IF(G1951=\"COTAÇÃO\",VLOOKUP($F1951,DADOS_COTACAO,9,0),\"\"))))))","v":"UN"},{"$f":"F1953","v":22},{"$f":"IF(G1951=\"SINAPI\",VLOOKUP($F1951,DADOS_SINAPI,4,0),IF(G1951=\"SETOP\",VLOOKUP($F1951,DADOS_SETOP,4,0),IF(G1951=\"CPU\",VLOOKUP($F1951,DADOS_COMPOSICAO,13,0),IF(G1951=\"SICRO\",VLOOKUP($F1951,DADOS_SICRO,4,0),IF(G1951=\"SUDECAP\",VLOOKUP(F1951,DADOS_SUDECAP,4,0),IF(G1951=\"COTAÇÃO\",VLOOKUP(F1951,DADOS_COTACAO,12,0),\"\"))))))","v":543.78},"BDI 1",{"$f":"TRUNC(J1951*(1+$N$17),2)","v":687.99},{"$f":"IFERROR(TRUNC(I1951*J1951,2),\"\")","v":11963.16},{"$f":"IFERROR(TRUNC(L1951*I1951,2),\"\")","v":15135.78}]
[2000]
[2000,null,null,null,"Quantidade",22,"un"]
[2000]
[{"$f":"IFERROR(LEFT(D1955,SEARCH(\".\",D1955)-1),\"\")","v":"14"},{"$f":"IFERROR(LEFT(RIGHT(D1955,LEN(D1955)-SEARCH(\".\",D1955)),SEARCH(\".\",RIGHT(D1955,LEN(D1955)-SEARCH(\".\",D1955)))-1),\"\")","v":""},{"$f":"IFERROR(IF(LEN(D1955)-LEN(SUBSTITUTE(D1955,\".\",\"\"))<>3,\"\",MID(D1955,SEARCH(\".\",D1955,SEARCH(\".\",D1955)+1)+1,LEN(D1955)-SEARCH(\".\",D1955,SEARCH(\".\",D1955)+1)-(LEN(D1955)-(SEARCH(\".\",D1955,SEARCH(\".\",D1955,SEARCH(\".\",D1955)+1)+1)-1)))),\"\")","v":""},"14.6",{"$f":"IF($G1955=\"SINAPI\",VLOOKUP($F1955,DADOS_SINAPI,2,0),IF(G1955=\"SETOP\",VLOOKUP($F1955,DADOS_SETOP,2,0),IF(G1955=\"CPU\",VLOOKUP($F1955,DADOS_COMPOSICAO,2,0),IF(G1955=\"SICRO\",VLOOKUP($F1955,DADOS_SICRO,2,0),IF(G1955=\"SUDECAP\",VLOOKUP(F1955,DADOS_SUDECAP,2,0),IF(G1955=\"COTAÇÃO\",VLOOKUP($F1955,DADOS_COTACAO,2,0),\"\"))))))","v":"ASSENTO SANITÁRIO CONVENCIONAL - FORNECIMENTO E INSTALACAO. AF_01/2020"},100849,"SINAPI",{"$f":"IF(G1955=\"SINAPI\",VLOOKUP($F1955,DADOS_SINAPI,3,0),IF(G1955=\"SETOP\",VLOOKUP($F1955,DADOS_SETOP,3,0),IF(G1955=\"CPU\",VLOOKUP($F1955,DADOS_COMPOSICAO,10,0),IF(G1955=\"SICRO\",VLOOKUP($F1955,DADOS_SICRO,3,0),IF(G1955=\"SUDECAP\",VLOOKUP(F1955,DADOS_SUDECAP,3,0),IF(G1955=\"COTAÇÃO\",VLOOKUP($F1955,DADOS_COTACAO,9,0),\"\"))))))","v":"UN"},{"$f":"F1957","v":22},{"$f":"IF(G1955=\"SINAPI\",VLOOKUP($F1955,DADOS_SINAPI,4,0),IF(G1955=\"SETOP\",VLOOKUP($F1955,DADOS_SETOP,4,0),IF(G1955=\"CPU\",VLOOKUP($F1955,DADOS_COMPOSICAO,13,0),IF(G1955=\"SICRO\",VLOOKUP($F1955,DADOS_SICRO,4,0),IF(G1955=\"SUDECAP\",VLOOKUP(F1955,DADOS_SUDECAP,4,0),IF(G1955=\"COTAÇÃO\",VLOOKUP(F1955,DADOS_COTACAO,12,0),\"\"))))))","v":45.94},"BDI 1",{"$f":"TRUNC(J1955*(1+$N$17),2)","v":58.12},{"$f":"IFERROR(TRUNC(I1955*J1955,2),\"\")","v":1010.68},{"$f":"IFERROR(TRUNC(L1955*I1955,2),\"\")","v":1278.6400000000001}]
[2000]
[2000,null,null,null,"Quantidade",22,"un"]
[2000]
[{"$f":"IFERROR(LEFT(D1959,SEARCH(\".\",D1959)-1),\"\")","v":"14"},{"$f":"IFERROR(LEFT(RIGHT(D1959,LEN(D1959)-SEARCH(\".\",D1959)),SEARCH(\".\",RIGHT(D1959,LEN(D1959)-SEARCH(\".\",D1959)))-1),\"\")","v":""},{"$f":"IFERROR(IF(LEN(D1959)-LEN(SUBSTITUTE(D1959,\".\",\"\"))<>3,\"\",MID(D1959,SEARCH(\".\",D1959,SEARCH(\".\",D1959)+1)+1,LEN(D1959)-SEARCH(\".\",D1959,SEARCH(\".\",D1959)+1)-(LEN(D1959)-(SEARCH(\".\",D1959,SEARCH(\".\",D1959,SEARCH(\".\",D1959)+1)+1)-1)))),\"\")","v":""},"14.7",{"$f":"IF($G1959=\"SINAPI\",VLOOKUP($F1959,DADOS_SINAPI,2,0),IF(G1959=\"SETOP\",VLOOKUP($F1959,DADOS_SETOP,2,0),IF(G1959=\"CPU\",VLOOKUP($F1959,DADOS_COMPOSICAO,2,0),IF(G1959=\"SICRO\",VLOOKUP($F1959,DADOS_SICRO,2,0),IF(G1959=\"SUDECAP\",VLOOKUP(F1959,DADOS_SUDECAP,2,0),IF(G1959=\"COTAÇÃO\",VLOOKUP($F1959,DADOS_COTACAO,2,0),\"\"))))))","v":"TORNEIRA METÁLICA PARA IRRIGAÇÃO/JARDIM, ACABAMENTO CROMADO, APLICAÇÃO DE PAREDE, INCLUSIVE FORNECIMENTO E INSTALAÇÃO"},"ED-50323","SETOP",{"$f":"IF(G1959=\"SINAPI\",VLOOKUP($F1959,DADOS_SINAPI,3,0),IF(G1959=\"SETOP\",VLOOKUP($F1959,DADOS_SETOP,3,0),IF(G1959=\"CPU\",VLOOKUP($F1959,DADOS_COMPOSICAO,10,0),IF(G1959=\"SICRO\",VLOOKUP($F1959,DADOS_SICRO,3,0),IF(G1959=\"SUDECAP\",VLOOKUP(F1959,DADOS_SUDECAP,3,0),IF(G1959=\"COTAÇÃO\",VLOOKUP($F1959,DADOS_COTACAO,9,0),\"\"))))))","v":"un"},{"$f":"F1961","v":14},{"$f":"IF(G1959=\"SINAPI\",VLOOKUP($F1959,DADOS_SINAPI,4,0),IF(G1959=\"SETOP\",VLOOKUP($F1959,DADOS_SETOP,4,0),IF(G1959=\"CPU\",VLOOKUP($F1959,DADOS_COMPOSICAO,13,0),IF(G1959=\"SICRO\",VLOOKUP($F1959,DADOS_SICRO,4,0),IF(G1959=\"SUDECAP\",VLOOKUP(F1959,DADOS_SUDECAP,4,0),IF(G1959=\"COTAÇÃO\",VLOOKUP(F1959,DADOS_COTACAO,12,0),\"\"))))))","v":43.78},"BDI 1",{"$f":"TRUNC(J1959*(1+$N$17),2)","v":55.39},{"$f":"IFERROR(TRUNC(I1959*J1959,2),\"\")","v":612.91999999999996},{"$f":"IFERROR(TRUNC(L1959*I1959,2),\"\")","v":775.46}]
[2000]
[2000,null,null,null,"Quantidade",14,"un"]
[2000]
[{"$f":"IFERROR(LEFT(D1963,SEARCH(\".\",D1963)-1),\"\")","v":"14"},{"$f":"IFERROR(LEFT(RIGHT(D1963,LEN(D1963)-SEARCH(\".\",D1963)),SEARCH(\".\",RIGHT(D1963,LEN(D1963)-SEARCH(\".\",D1963)))-1),\"\")","v":""},{"$f":"IFERROR(IF(LEN(D1963)-LEN(SUBSTITUTE(D1963,\".\",\"\"))<>3,\"\",MID(D1963,SEARCH(\".\",D1963,SEARCH(\".\",D1963)+1)+1,LEN(D1963)-SEARCH(\".\",D1963,SEARCH(\".\",D1963)+1)-(LEN(D1963)-(SEARCH(\".\",D1963,SEARCH(\".\",D1963,SEARCH(\".\",D1963)+1)+1)-1)))),\"\")","v":""},"14.8",{"$f":"IF($G1963=\"SINAPI\",VLOOKUP($F1963,DADOS_SINAPI,2,0),IF(G1963=\"SETOP\",VLOOKUP($F1963,DADOS_SETOP,2,0),IF(G1963=\"CPU\",VLOOKUP($F1963,DADOS_COMPOSICAO,2,0),IF(G1963=\"SICRO\",VLOOKUP($F1963,DADOS_SICRO,2,0),IF(G1963=\"SUDECAP\",VLOOKUP(F1963,DADOS_SUDECAP,2,0),IF(G1963=\"COTAÇÃO\",VLOOKUP($F1963,DADOS_COTACAO,2,0),\"\"))))))","v":"TORNEIRA METÁLICA PARA PIA, ABERTURA 1/4 DE VOLTA, ACABAMENTO CROMADO, COM AREJADOR, APLICAÇÃO DE PAREDE, INCLUSIVE FORNECIMENTO E INSTALAÇÃO"},"ED-50326","SETOP",{"$f":"IF(G1963=\"SINAPI\",VLOOKUP($F1963,DADOS_SINAPI,3,0),IF(G1963=\"SETOP\",VLOOKUP($F1963,DADOS_SETOP,3,0),IF(G1963=\"CPU\",VLOOKUP($F1963,DADOS_COMPOSICAO,10,0),IF(G1963=\"SICRO\",VLOOKUP($F1963,DADOS_SICRO,3,0),IF(G1963=\"SUDECAP\",VLOOKUP(F1963,DADOS_SUDECAP,3,0),IF(G1963=\"COTAÇÃO\",VLOOKUP($F1963,DADOS_COTACAO,9,0),\"\"))))))","v":"un"},{"$f":"F1965","v":11},{"$f":"IF(G1963=\"SINAPI\",VLOOKUP($F1963,DADOS_SINAPI,4,0),IF(G1963=\"SETOP\",VLOOKUP($F1963,DADOS_SETOP,4,0),IF(G1963=\"CPU\",VLOOKUP($F1963,DADOS_COMPOSICAO,13,0),IF(G1963=\"SICRO\",VLOOKUP($F1963,DADOS_SICRO,4,0),IF(G1963=\"SUDECAP\",VLOOKUP(F1963,DADOS_SUDECAP,4,0),IF(G1963=\"COTAÇÃO\",VLOOKUP(F1963,DADOS_COTACAO,12,0),\"\"))))))","v":77.47},"BDI 1",{"$f":"TRUNC(J1963*(1+$N$17),2)","v":98.01},{"$f":"IFERROR(TRUNC(I1963*J1963,2),\"\")","v":852.17},{"$f":"IFERROR(TRUNC(L1963*I1963,2),\"\")","v":1078.1099999999999}]
[2000]
[2000,null,null,null,"Quantidade",11,"un"]
[2000]
[{"$f":"IFERROR(LEFT(D1967,SEARCH(\".\",D1967)-1),\"\")","v":"14"},{"$f":"IFERROR(LEFT(RIGHT(D1967,LEN(D1967)-SEARCH(\".\",D1967)),SEARCH(\".\",RIGHT(D1967,LEN(D1967)-SEARCH(\".\",D1967)))-1),\"\")","v":""},{"$f":"IFERROR(IF(LEN(D1967)-LEN(SUBSTITUTE(D1967,\".\",\"\"))<>3,\"\",MID(D1967,SEARCH(\".\",D1967,SEARCH(\".\",D1967)+1)+1,LEN(D1967)-SEARCH(\".\",D1967,SEARCH(\".\",D1967)+1)-(LEN(D1967)-(SEARCH(\".\",D1967,SEARCH(\".\",D1967,SEARCH(\".\",D1967)+1)+1)-1)))),\"\")","v":""},"14.9",{"$f":"IF($G1967=\"SINAPI\",VLOOKUP($F1967,DADOS_SINAPI,2,0),IF(G1967=\"SETOP\",VLOOKUP($F1967,DADOS_SETOP,2,0),IF(G1967=\"CPU\",VLOOKUP($F1967,DADOS_COMPOSICAO,2,0),IF(G1967=\"SICRO\",VLOOKUP($F1967,DADOS_SICRO,2,0),IF(G1967=\"SUDECAP\",VLOOKUP(F1967,DADOS_SUDECAP,2,0),IF(G1967=\"COTAÇÃO\",VLOOKUP($F1967,DADOS_COTACAO,2,0),\"\"))))))","v":"TORNEIRA METÁLICA PARA TANQUE, ACABAMENTO CROMADO, BICO COM ROSCA, INCLUSIVE FORNECIMENTO E INSTALAÇÃO"},"ED-50331","SETOP",{"$f":"IF(G1967=\"SINAPI\",VLOOKUP($F1967,DADOS_SINAPI,3,0),IF(G1967=\"SETOP\",VLOOKUP($F1967,DADOS_SETOP,3,0),IF(G1967=\"CPU\",VLOOKUP($F1967,DADOS_COMPOSICAO,10,0),IF(G1967=\"SICRO\",VLOOKUP($F1967,DADOS_SICRO,3,0),IF(G1967=\"SUDECAP\",VLOOKUP(F1967,DADOS_SUDECAP,3,0),IF(G1967=\"COTAÇÃO\",VLOOKUP($F1967,DADOS_COTACAO,9,0),\"\"))))))","v":"un"},{"$f":"F1969","v":4},{"$f":"IF(G1967=\"SINAPI\",VLOOKUP($F1967,DADOS_SINAPI,4,0),IF(G1967=\"SETOP\",VLOOKUP($F1967,DADOS_SETOP,4,0),IF(G1967=\"CPU\",VLOOKUP($F1967,DADOS_COMPOSICAO,13,0),IF(G1967=\"SICRO\",VLOOKUP($F1967,DADOS_SICRO,4,0),IF(G1967=\"SUDECAP\",VLOOKUP(F1967,DADOS_SUDECAP,4,0),IF(G1967=\"COTAÇÃO\",VLOOKUP(F1967,DADOS_COTACAO,12,0),\"\"))))))","v":75.599999999999994},"BDI 1",{"$f":"TRUNC(J1967*(1+$N$17),2)","v":95.64},{"$f":"IFERROR(TRUNC(I1967*J1967,2),\"\")","v":302.39999999999998},{"$f":"IFERROR(TRUNC(L1967*I1967,2),\"\")","v":382.56}]
[2000]
[2000,null,null,null,"Quantidade",4,"un"]
[2000]
[{"$f":"IFERROR(LEFT(D1971,SEARCH(\".\",D1971)-1),\"\")","v":"14"},{"$f":"IFERROR(LEFT(RIGHT(D1971,LEN(D1971)-SEARCH(\".\",D1971)),SEARCH(\".\",RIGHT(D1971,LEN(D1971)-SEARCH(\".\",D1971)))-1),\"\")","v":""},{"$f":"IFERROR(IF(LEN(D1971)-LEN(SUBSTITUTE(D1971,\".\",\"\"))<>3,\"\",MID(D1971,SEARCH(\".\",D1971,SEARCH(\".\",D1971)+1)+1,LEN(D1971)-SEARCH(\".\",D1971,SEARCH(\".\",D1971)+1)-(LEN(D1971)-(SEARCH(\".\",D1971,SEARCH(\".\",D1971,SEARCH(\".\",D1971)+1)+1)-1)))),\"\")","v":""},"14.10",{"$f":"IF($G1971=\"SINAPI\",VLOOKUP($F1971,DADOS_SINAPI,2,0),IF(G1971=\"SETOP\",VLOOKUP($F1971,DADOS_SETOP,2,0),IF(G1971=\"CPU\",VLOOKUP($F1971,DADOS_COMPOSICAO,2,0),IF(G1971=\"SICRO\",VLOOKUP($F1971,DADOS_SICRO,2,0),IF(G1971=\"SUDECAP\",VLOOKUP(F1971,DADOS_SUDECAP,2,0),IF(G1971=\"COTAÇÃO\",VLOOKUP($F1971,DADOS_COTACAO,2,0),\"\"))))))","v":"TORNEIRA METÁLICA PARA LAVATÓRIO, FECHAMENTO AUTOMÁTICO, ACABAMENTO CROMADO, COM AREJADOR, APLICAÇÃO DE MESA, INCLUSIVE ENGATE FLEXÍVEL METÁLICO, FORNECIMENTO E INSTALAÇÃO"},"ED-50329","SETOP",{"$f":"IF(G1971=\"SINAPI\",VLOOKUP($F1971,DADOS_SINAPI,3,0),IF(G1971=\"SETOP\",VLOOKUP($F1971,DADOS_SETOP,3,0),IF(G1971=\"CPU\",VLOOKUP($F1971,DADOS_COMPOSICAO,10,0),IF(G1971=\"SICRO\",VLOOKUP($F1971,DADOS_SICRO,3,0),IF(G1971=\"SUDECAP\",VLOOKUP(F1971,DADOS_SUDECAP,3,0),IF(G1971=\"COTAÇÃO\",VLOOKUP($F1971,DADOS_COTACAO,9,0),\"\"))))))","v":"un"},{"$f":"F1973","v":35},{"$f":"IF(G1971=\"SINAPI\",VLOOKUP($F1971,DADOS_SINAPI,4,0),IF(G1971=\"SETOP\",VLOOKUP($F1971,DADOS_SETOP,4,0),IF(G1971=\"CPU\",VLOOKUP($F1971,DADOS_COMPOSICAO,13,0),IF(G1971=\"SICRO\",VLOOKUP($F1971,DADOS_SICRO,4,0),IF(G1971=\"SUDECAP\",VLOOKUP(F1971,DADOS_SUDECAP,4,0),IF(G1971=\"COTAÇÃO\",VLOOKUP(F1971,DADOS_COTACAO,12,0),\"\"))))))","v":344.82},"BDI 1",{"$f":"TRUNC(J1971*(1+$N$17),2)","v":436.26},{"$f":"IFERROR(TRUNC(I1971*J1971,2),\"\")","v":12068.7},{"$f":"IFERROR(TRUNC(L1971*I1971,2),\"\")","v":15269.1}]
[2000]
[2000,null,null,null,"Quantidade",35,"un"]
[2000]
[{"$f":"IFERROR(LEFT(D1975,SEARCH(\".\",D1975)-1),\"\")","v":"14"},{"$f":"IFERROR(LEFT(RIGHT(D1975,LEN(D1975)-SEARCH(\".\",D1975)),SEARCH(\".\",RIGHT(D1975,LEN(D1975)-SEARCH(\".\",D1975)))-1),\"\")","v":""},{"$f":"IFERROR(IF(LEN(D1975)-LEN(SUBSTITUTE(D1975,\".\",\"\"))<>3,\"\",MID(D1975,SEARCH(\".\",D1975,SEARCH(\".\",D1975)+1)+1,LEN(D1975)-SEARCH(\".\",D1975,SEARCH(\".\",D1975)+1)-(LEN(D1975)-(SEARCH(\".\",D1975,SEARCH(\".\",D1975,SEARCH(\".\",D1975)+1)+1)-1)))),\"\")","v":""},"14.11",{"$f":"IF($G1975=\"SINAPI\",VLOOKUP($F1975,DADOS_SINAPI,2,0),IF(G1975=\"SETOP\",VLOOKUP($F1975,DADOS_SETOP,2,0),IF(G1975=\"CPU\",VLOOKUP($F1975,DADOS_COMPOSICAO,2,0),IF(G1975=\"SICRO\",VLOOKUP($F1975,DADOS_SICRO,2,0),IF(G1975=\"SUDECAP\",VLOOKUP(F1975,DADOS_SUDECAP,2,0),IF(G1975=\"COTAÇÃO\",VLOOKUP($F1975,DADOS_COTACAO,2,0),\"\"))))))","v":"LAVATÓRIO DE CANTO DE LOUÇA BRANCA SEM COLUNA, TAMANHO PEQUENO, INCLUSIVE ACESSÓRIOS DE FIXAÇÃO COM PARAFUSO CASTELO, VÁLVULA DE ESCOAMENTO DE METAL COM ACABAMENTO CROMADO, SIFÃO DE METAL TIPO COPO COM ACABAMENTO CROMADO, FORNECIMENTO, INSTALAÇÃO E REJUNTAMENTO, EXCLUSIVE TORNEIRA E ENGATE FLEXÍVEL"},"ED-2552","SETOP",{"$f":"IF(G1975=\"SINAPI\",VLOOKUP($F1975,DADOS_SINAPI,3,0),IF(G1975=\"SETOP\",VLOOKUP($F1975,DADOS_SETOP,3,0),IF(G1975=\"CPU\",VLOOKUP($F1975,DADOS_COMPOSICAO,10,0),IF(G1975=\"SICRO\",VLOOKUP($F1975,DADOS_SICRO,3,0),IF(G1975=\"SUDECAP\",VLOOKUP(F1975,DADOS_SUDECAP,3,0),IF(G1975=\"COTAÇÃO\",VLOOKUP($F1975,DADOS_COTACAO,9,0),\"\"))))))","v":"un"},{"$f":"F1977","v":6},{"$f":"IF(G1975=\"SINAPI\",VLOOKUP($F1975,DADOS_SINAPI,4,0),IF(G1975=\"SETOP\",VLOOKUP($F1975,DADOS_SETOP,4,0),IF(G1975=\"CPU\",VLOOKUP($F1975,DADOS_COMPOSICAO,13,0),IF(G1975=\"SICRO\",VLOOKUP($F1975,DADOS_SICRO,4,0),IF(G1975=\"SUDECAP\",VLOOKUP(F1975,DADOS_SUDECAP,4,0),IF(G1975=\"COTAÇÃO\",VLOOKUP(F1975,DADOS_COTACAO,12,0),\"\"))))))","v":412.65},"BDI 1",{"$f":"TRUNC(J1975*(1+$N$17),2)","v":522.08000000000004},{"$f":"IFERROR(TRUNC(I1975*J1975,2),\"\")","v":2475.9},{"$f":"IFERROR(TRUNC(L1975*I1975,2),\"\")","v":3132.48}]
[2000]
[2000,null,null,null,"Quantidade",6,"un"]
[2000]
[{"$f":"IFERROR(LEFT(D1979,SEARCH(\".\",D1979)-1),\"\")","v":"14"},{"$f":"IFERROR(LEFT(RIGHT(D1979,LEN(D1979)-SEARCH(\".\",D1979)),SEARCH(\".\",RIGHT(D1979,LEN(D1979)-SEARCH(\".\",D1979)))-1),\"\")","v":""},{"$f":"IFERROR(IF(LEN(D1979)-LEN(SUBSTITUTE(D1979,\".\",\"\"))<>3,\"\",MID(D1979,SEARCH(\".\",D1979,SEARCH(\".\",D1979)+1)+1,LEN(D1979)-SEARCH(\".\",D1979,SEARCH(\".\",D1979)+1)-(LEN(D1979)-(SEARCH(\".\",D1979,SEARCH(\".\",D1979,SEARCH(\".\",D1979)+1)+1)-1)))),\"\")","v":""},"14.12",{"$f":"IF($G1979=\"SINAPI\",VLOOKUP($F1979,DADOS_SINAPI,2,0),IF(G1979=\"SETOP\",VLOOKUP($F1979,DADOS_SETOP,2,0),IF(G1979=\"CPU\",VLOOKUP($F1979,DADOS_COMPOSICAO,2,0),IF(G1979=\"SICRO\",VLOOKUP($F1979,DADOS_SICRO,2,0),IF(G1979=\"SUDECAP\",VLOOKUP(F1979,DADOS_SUDECAP,2,0),IF(G1979=\"COTAÇÃO\",VLOOKUP($F1979,DADOS_COTACAO,2,0),\"\"))))))","v":"CUBA DE LOUÇA BRANCA DE EMBUTIR, FORMATO OVAL, INCLUSIVE VÁLVULA DE ESCOAMENTO DE METAL COM ACABAMENTO CROMADO, SIFÃO DE METAL TIPO COPO COM ACABAMENTO CROMADO, FORNECIMENTO E INSTALAÇÃO"},"ED-50279","SETOP",{"$f":"IF(G1979=\"SINAPI\",VLOOKUP($F1979,DADOS_SINAPI,3,0),IF(G1979=\"SETOP\",VLOOKUP($F1979,DADOS_SETOP,3,0),IF(G1979=\"CPU\",VLOOKUP($F1979,DADOS_COMPOSICAO,10,0),IF(G1979=\"SICRO\",VLOOKUP($F1979,DADOS_SICRO,3,0),IF(G1979=\"SUDECAP\",VLOOKUP(F1979,DADOS_SUDECAP,3,0),IF(G1979=\"COTAÇÃO\",VLOOKUP($F1979,DADOS_COTACAO,9,0),\"\"))))))","v":"un"},{"$f":"F1981","v":17},{"$f":"IF(G1979=\"SINAPI\",VLOOKUP($F1979,DADOS_SINAPI,4,0),IF(G1979=\"SETOP\",VLOOKUP($F1979,DADOS_SETOP,4,0),IF(G1979=\"CPU\",VLOOKUP($F1979,DADOS_COMPOSICAO,13,0),IF(G1979=\"SICRO\",VLOOKUP($F1979,DADOS_SICRO,4,0),IF(G1979=\"SUDECAP\",VLOOKUP(F1979,DADOS_SUDECAP,4,0),IF(G1979=\"COTAÇÃO\",VLOOKUP(F1979,DADOS_COTACAO,12,0),\"\"))))))","v":306.76},"BDI 1",{"$f":"TRUNC(J1979*(1+$N$17),2)","v":388.11},{"$f":"IFERROR(TRUNC(I1979*J1979,2),\"\")","v":5214.92},{"$f":"IFERROR(TRUNC(L1979*I1979,2),\"\")","v":6597.87}]
[2000]
[2000,null,null,null,"Quantidade",17,"un"]
[2000]
[{"$f":"IFERROR(LEFT(D1983,SEARCH(\".\",D1983)-1),\"\")","v":"14"},{"$f":"IFERROR(LEFT(RIGHT(D1983,LEN(D1983)-SEARCH(\".\",D1983)),SEARCH(\".\",RIGHT(D1983,LEN(D1983)-SEARCH(\".\",D1983)))-1),\"\")","v":""},{"$f":"IFERROR(IF(LEN(D1983)-LEN(SUBSTITUTE(D1983,\".\",\"\"))<>3,\"\",MID(D1983,SEARCH(\".\",D1983,SEARCH(\".\",D1983)+1)+1,LEN(D1983)-SEARCH(\".\",D1983,SEARCH(\".\",D1983)+1)-(LEN(D1983)-(SEARCH(\".\",D1983,SEARCH(\".\",D1983,SEARCH(\".\",D1983)+1)+1)-1)))),\"\")","v":""},"14.13",{"$f":"IF($G1983=\"SINAPI\",VLOOKUP($F1983,DADOS_SINAPI,2,0),IF(G1983=\"SETOP\",VLOOKUP($F1983,DADOS_SETOP,2,0),IF(G1983=\"CPU\",VLOOKUP($F1983,DADOS_COMPOSICAO,2,0),IF(G1983=\"SICRO\",VLOOKUP($F1983,DADOS_SICRO,2,0),IF(G1983=\"SUDECAP\",VLOOKUP(F1983,DADOS_SUDECAP,2,0),IF(G1983=\"COTAÇÃO\",VLOOKUP($F1983,DADOS_COTACAO,2,0),\"\"))))))","v":"LAVATÓRIO DE LOUÇA BRANCA COM COLUNA, TAMANHO MÉDIO, INCLUSIVE ACESSÓRIOS DE FIXAÇÃO, VÁLVULA DE ESCOAMENTO DE METAL COM ACABAMENTO CROMADO, SIFÃO DE METAL TIPO COPO COM ACABAMENTO CROMADO, FORNECIMENTO, INSTALAÇÃO E REJUNTAMENTO, EXCLUSIVE TORNEIRA E ENGATE FLEXÍVEL"},"ED-50282","SETOP",{"$f":"IF(G1983=\"SINAPI\",VLOOKUP($F1983,DADOS_SINAPI,3,0),IF(G1983=\"SETOP\",VLOOKUP($F1983,DADOS_SETOP,3,0),IF(G1983=\"CPU\",VLOOKUP($F1983,DADOS_COMPOSICAO,10,0),IF(G1983=\"SICRO\",VLOOKUP($F1983,DADOS_SICRO,3,0),IF(G1983=\"SUDECAP\",VLOOKUP(F1983,DADOS_SUDECAP,3,0),IF(G1983=\"COTAÇÃO\",VLOOKUP($F1983,DADOS_COTACAO,9,0),\"\"))))))","v":"U"},{"$f":"F1985","v":12},{"$f":"IF(G1983=\"SINAPI\",VLOOKUP($F1983,DADOS_SINAPI,4,0),IF(G1983=\"SETOP\",VLOOKUP($F1983,DADOS_SETOP,4,0),IF(G1983=\"CPU\",VLOOKUP($F1983,DADOS_COMPOSICAO,13,0),IF(G1983=\"SICRO\",VLOOKUP($F1983,DADOS_SICRO,4,0),IF(G1983=\"SUDECAP\",VLOOKUP(F1983,DADOS_SUDECAP,4,0),IF(G1983=\"COTAÇÃO\",VLOOKUP(F1983,DADOS_COTACAO,12,0),\"\"))))))","v":457.69},"BDI 1",{"$f":"TRUNC(J1983*(1+$N$17),2)","v":579.05999999999995},{"$f":"IFERROR(TRUNC(I1983*J1983,2),\"\")","v":5492.28},{"$f":"IFERROR(TRUNC(L1983*I1983,2),\"\")","v":6948.72}]
[2000]
[2000,null,null,null,"Quantidade",12,"un"]
[2000]
[{"$f":"IFERROR(LEFT(D1987,SEARCH(\".\",D1987)-1),\"\")","v":"14"},{"$f":"IFERROR(LEFT(RIGHT(D1987,LEN(D1987)-SEARCH(\".\",D1987)),SEARCH(\".\",RIGHT(D1987,LEN(D1987)-SEARCH(\".\",D1987)))-1),\"\")","v":""},{"$f":"IFERROR(IF(LEN(D1987)-LEN(SUBSTITUTE(D1987,\".\",\"\"))<>3,\"\",MID(D1987,SEARCH(\".\",D1987,SEARCH(\".\",D1987)+1)+1,LEN(D1987)-SEARCH(\".\",D1987,SEARCH(\".\",D1987)+1)-(LEN(D1987)-(SEARCH(\".\",D1987,SEARCH(\".\",D1987,SEARCH(\".\",D1987)+1)+1)-1)))),\"\")","v":""},"14.14",{"$f":"IF($G1987=\"SINAPI\",VLOOKUP($F1987,DADOS_SINAPI,2,0),IF(G1987=\"SETOP\",VLOOKUP($F1987,DADOS_SETOP,2,0),IF(G1987=\"CPU\",VLOOKUP($F1987,DADOS_COMPOSICAO,2,0),IF(G1987=\"SICRO\",VLOOKUP($F1987,DADOS_SICRO,2,0),IF(G1987=\"SUDECAP\",VLOOKUP(F1987,DADOS_SUDECAP,2,0),IF(G1987=\"COTAÇÃO\",VLOOKUP($F1987,DADOS_COTACAO,2,0),\"\"))))))","v":"CUBA EM AÇO INOXIDÁVEL DE EMBUTIR, AISI 304, APLICAÇÃO PARA PIA (465X330X115MM), NÚMERO 1, ASSENTAMENTO EM BANCADA, INCLUSIVE VÁLVULA DE ESCOAMENTO DE METAL COM ACABAMENTO CROMADO, SIFÃO DE METAL TIPO COPO COM ACABAMENTO CROMADO, FORNECIMENTO E INSTALAÇÃO"},"ED-50277","SETOP",{"$f":"IF(G1987=\"SINAPI\",VLOOKUP($F1987,DADOS_SINAPI,3,0),IF(G1987=\"SETOP\",VLOOKUP($F1987,DADOS_SETOP,3,0),IF(G1987=\"CPU\",VLOOKUP($F1987,DADOS_COMPOSICAO,10,0),IF(G1987=\"SICRO\",VLOOKUP($F1987,DADOS_SICRO,3,0),IF(G1987=\"SUDECAP\",VLOOKUP(F1987,DADOS_SUDECAP,3,0),IF(G1987=\"COTAÇÃO\",VLOOKUP($F1987,DADOS_COTACAO,9,0),\"\"))))))","v":"un"},{"$f":"F1989","v":11},{"$f":"IF(G1987=\"SINAPI\",VLOOKUP($F1987,DADOS_SINAPI,4,0),IF(G1987=\"SETOP\",VLOOKUP($F1987,DADOS_SETOP,4,0),IF(G1987=\"CPU\",VLOOKUP($F1987,DADOS_COMPOSICAO,13,0),IF(G1987=\"SICRO\",VLOOKUP($F1987,DADOS_SICRO,4,0),IF(G1987=\"SUDECAP\",VLOOKUP(F1987,DADOS_SUDECAP,4,0),IF(G1987=\"COTAÇÃO\",VLOOKUP(F1987,DADOS_COTACAO,12,0),\"\"))))))","v":455.79},"BDI 1",{"$f":"TRUNC(J1987*(1+$N$17),2)","v":576.66},{"$f":"IFERROR(TRUNC(I1987*J1987,2),\"\")","v":5013.6899999999996},{"$f":"IFERROR(TRUNC(L1987*I1987,2),\"\")","v":6343.26}]
[2000]
[2000,null,null,null,"Quantidade",11,"un"]
[2000]
[{"$f":"IFERROR(LEFT(D1991,SEARCH(\".\",D1991)-1),\"\")","v":"14"},{"$f":"IFERROR(LEFT(RIGHT(D1991,LEN(D1991)-SEARCH(\".\",D1991)),SEARCH(\".\",RIGHT(D1991,LEN(D1991)-SEARCH(\".\",D1991)))-1),\"\")","v":""},{"$f":"IFERROR(IF(LEN(D1991)-LEN(SUBSTITUTE(D1991,\".\",\"\"))<>3,\"\",MID(D1991,SEARCH(\".\",D1991,SEARCH(\".\",D1991)+1)+1,LEN(D1991)-SEARCH(\".\",D1991,SEARCH(\".\",D1991)+1)-(LEN(D1991)-(SEARCH(\".\",D1991,SEARCH(\".\",D1991,SEARCH(\".\",D1991)+1)+1)-1)))),\"\")","v":""},"14.15",{"$f":"IF($G1991=\"SINAPI\",VLOOKUP($F1991,DADOS_SINAPI,2,0),IF(G1991=\"SETOP\",VLOOKUP($F1991,DADOS_SETOP,2,0),IF(G1991=\"CPU\",VLOOKUP($F1991,DADOS_COMPOSICAO,2,0),IF(G1991=\"SICRO\",VLOOKUP($F1991,DADOS_SICRO,2,0),IF(G1991=\"SUDECAP\",VLOOKUP(F1991,DADOS_SUDECAP,2,0),IF(G1991=\"COTAÇÃO\",VLOOKUP($F1991,DADOS_COTACAO,2,0),\"\"))))))","v":"TANQUE DE LOUÇA BRANCA COM COLUNA, CAPACIDADE 22 LITROS, INCLUSIVE ACESSÓRIOS DE FIXAÇÃO, VÁLVULA DE ESCOAMENTO DE METAL COM ACABAMENTO CROMADO, SIFÃO DE METAL TIPO COPO COM ACABAMENTO CROMADO, FORNECIMENTO, INSTALAÇÃO E REJUNTAMENTO, EXCLUSIVE TORNEIRA"},"ED-50290","SETOP",{"$f":"IF(G1991=\"SINAPI\",VLOOKUP($F1991,DADOS_SINAPI,3,0),IF(G1991=\"SETOP\",VLOOKUP($F1991,DADOS_SETOP,3,0),IF(G1991=\"CPU\",VLOOKUP($F1991,DADOS_COMPOSICAO,10,0),IF(G1991=\"SICRO\",VLOOKUP($F1991,DADOS_SICRO,3,0),IF(G1991=\"SUDECAP\",VLOOKUP(F1991,DADOS_SUDECAP,3,0),IF(G1991=\"COTAÇÃO\",VLOOKUP($F1991,DADOS_COTACAO,9,0),\"\"))))))","v":"U"},{"$f":"F1993","v":4},{"$f":"IF(G1991=\"SINAPI\",VLOOKUP($F1991,DADOS_SINAPI,4,0),IF(G1991=\"SETOP\",VLOOKUP($F1991,DADOS_SETOP,4,0),IF(G1991=\"CPU\",VLOOKUP($F1991,DADOS_COMPOSICAO,13,0),IF(G1991=\"SICRO\",VLOOKUP($F1991,DADOS_SICRO,4,0),IF(G1991=\"SUDECAP\",VLOOKUP(F1991,DADOS_SUDECAP,4,0),IF(G1991=\"COTAÇÃO\",VLOOKUP(F1991,DADOS_COTACAO,12,0),\"\"))))))","v":616.4},"BDI 1",{"$f":"TRUNC(J1991*(1+$N$17),2)","v":779.86},{"$f":"IFERROR(TRUNC(I1991*J1991,2),\"\")","v":2465.6},{"$f":"IFERROR(TRUNC(L1991*I1991,2),\"\")","v":3119.44}]
[2000]
[2000,null,null,null,"Quantidade",4,"un"]
[2000]
[{"$f":"IFERROR(LEFT(D1995,SEARCH(\".\",D1995)-1),\"\")","v":"14"},{"$f":"IFERROR(LEFT(RIGHT(D1995,LEN(D1995)-SEARCH(\".\",D1995)),SEARCH(\".\",RIGHT(D1995,LEN(D1995)-SEARCH(\".\",D1995)))-1),\"\")","v":""},{"$f":"IFERROR(IF(LEN(D1995)-LEN(SUBSTITUTE(D1995,\".\",\"\"))<>3,\"\",MID(D1995,SEARCH(\".\",D1995,SEARCH(\".\",D1995)+1)+1,LEN(D1995)-SEARCH(\".\",D1995,SEARCH(\".\",D1995)+1)-(LEN(D1995)-(SEARCH(\".\",D1995,SEARCH(\".\",D1995,SEARCH(\".\",D1995)+1)+1)-1)))),\"\")","v":""},"14.16",{"$f":"IF($G1995=\"SINAPI\",VLOOKUP($F1995,DADOS_SINAPI,2,0),IF(G1995=\"SETOP\",VLOOKUP($F1995,DADOS_SETOP,2,0),IF(G1995=\"CPU\",VLOOKUP($F1995,DADOS_COMPOSICAO,2,0),IF(G1995=\"SICRO\",VLOOKUP($F1995,DADOS_SICRO,2,0),IF(G1995=\"SUDECAP\",VLOOKUP(F1995,DADOS_SUDECAP,2,0),IF(G1995=\"COTAÇÃO\",VLOOKUP($F1995,DADOS_COTACAO,2,0),\"\"))))))","v":"BANCADA EM GRANITO CINZA ANDORINHA E = 3 CM, APOIADA EM ALVENARIA"},"ED-48344","SETOP",{"$f":"IF(G1995=\"SINAPI\",VLOOKUP($F1995,DADOS_SINAPI,3,0),IF(G1995=\"SETOP\",VLOOKUP($F1995,DADOS_SETOP,3,0),IF(G1995=\"CPU\",VLOOKUP($F1995,DADOS_COMPOSICAO,10,0),IF(G1995=\"SICRO\",VLOOKUP($F1995,DADOS_SICRO,3,0),IF(G1995=\"SUDECAP\",VLOOKUP(F1995,DADOS_SUDECAP,3,0),IF(G1995=\"COTAÇÃO\",VLOOKUP($F1995,DADOS_COTACAO,9,0),\"\"))))))","v":"m2"},{"$f":"F2004","v":27.1},{"$f":"IF(G1995=\"SINAPI\",VLOOKUP($F1995,DADOS_SINAPI,4,0),IF(G1995=\"SETOP\",VLOOKUP($F1995,DADOS_SETOP,4,0),IF(G1995=\"CPU\",VLOOKUP($F1995,DADOS_COMPOSICAO,13,0),IF(G1995=\"SICRO\",VLOOKUP($F1995,DADOS_SICRO,4,0),IF(G1995=\"SUDECAP\",VLOOKUP(F1995,DADOS_SUDECAP,4,0),IF(G1995=\"COTAÇÃO\",VLOOKUP(F1995,DADOS_COTACAO,12,0),\"\"))))))","v":332.16},"BDI 1",{"$f":"TRUNC(J1995*(1+$N$17),2)","v":420.24},{"$f":"IFERROR(TRUNC(I1995*J1995,2),\"\")","v":9001.5300000000007},{"$f":"IFERROR(TRUNC(L1995*I1995,2),\"\")","v":11388.5}]
[2000]
[2000,null,null,null,"Vestiário feminino",4.0999999999999996,"m²"]
[2000,null,null,null,"Vestiário masculino",4.0999999999999996,"m²"]
[2000,null,null,null,"I.S feminino",3,"m²"]
[2000,null,null,null,"I.S masculino",3,"m²"]
[2000,null,null,null,"I.S feminino 2",4.3,"m²"]
[2000,null,null,null,"I.S masculino 2",4.3,"m²"]
[2000,null,null,null,"Refeitório",4.3,"m²"]
[2000,null,null,null,"Total",{"$f":"SUM(F1997:F2003)","v":27.1},"m²"]
[2000]
[{"$f":"IFERROR(LEFT(D2006,SEARCH(\".\",D2006)-1),\"\")","v":"14"},{"$f":"IFERROR(LEFT(RIGHT(D2006,LEN(D2006)-SEARCH(\".\",D2006)),SEARCH(\".\",RIGHT(D2006,LEN(D2006)-SEARCH(\".\",D2006)))-1),\"\")","v":""},{"$f":"IFERROR(IF(LEN(D2006)-LEN(SUBSTITUTE(D2006,\".\",\"\"))<>3,\"\",MID(D2006,SEARCH(\".\",D2006,SEARCH(\".\",D2006)+1)+1,LEN(D2006)-SEARCH(\".\",D2006,SEARCH(\".\",D2006)+1)-(LEN(D2006)-(SEARCH(\".\",D2006,SEARCH(\".\",D2006,SEARCH(\".\",D2006)+1)+1)-1)))),\"\")","v":""},"14.17",{"$f":"IF($G2006=\"SINAPI\",VLOOKUP($F2006,DADOS_SINAPI,2,0),IF(G2006=\"SETOP\",VLOOKUP($F2006,DADOS_SETOP,2,0),IF(G2006=\"CPU\",VLOOKUP($F2006,DADOS_COMPOSICAO,2,0),IF(G2006=\"SICRO\",VLOOKUP($F2006,DADOS_SICRO,2,0),IF(G2006=\"SUDECAP\",VLOOKUP(F2006,DADOS_SUDECAP,2,0),IF(G2006=\"COTAÇÃO\",VLOOKUP($F2006,DADOS_COTACAO,2,0),\"\"))))))","v":"ABERTURA PARA ENCAIXE DE CUBA OU LAVATORIO EM BANCADA DE MARMORE/ GRANITO OU OUTRO TIPO DE PEDRA NATURAL"},38605,"SINAPI",{"$f":"IF(G2006=\"SINAPI\",VLOOKUP($F2006,DADOS_SINAPI,3,0),IF(G2006=\"SETOP\",VLOOKUP($F2006,DADOS_SETOP,3,0),IF(G2006=\"CPU\",VLOOKUP($F2006,DADOS_COMPOSICAO,10,0),IF(G2006=\"SICRO\",VLOOKUP($F2006,DADOS_SICRO,3,0),IF(G2006=\"SUDECAP\",VLOOKUP(F2006,DADOS_SUDECAP,3,0),IF(G2006=\"COTAÇÃO\",VLOOKUP($F2006,DADOS_COTACAO,9,0),\"\"))))))","v":"UN    "},{"$f":"F2008","v":17},{"$f":"IF(G2006=\"SINAPI\",VLOOKUP($F2006,DADOS_SINAPI,4,0),IF(G2006=\"SETOP\",VLOOKUP($F2006,DADOS_SETOP,4,0),IF(G2006=\"CPU\",VLOOKUP($F2006,DADOS_COMPOSICAO,13,0),IF(G2006=\"SICRO\",VLOOKUP($F2006,DADOS_SICRO,4,0),IF(G2006=\"SUDECAP\",VLOOKUP(F2006,DADOS_SUDECAP,4,0),IF(G2006=\"COTAÇÃO\",VLOOKUP(F2006,DADOS_COTACAO,12,0),\"\"))))))","v":119.64},"BDI 1",{"$f":"TRUNC(J2006*(1+$N$17),2)","v":151.36000000000001},{"$f":"IFERROR(TRUNC(I2006*J2006,2),\"\")","v":2033.88},{"$f":"IFERROR(TRUNC(L2006*I2006,2),\"\")","v":2573.12}]
[2000]
[2000,null,null,null,"Quantidade",17,"un"]
[2000]
[{"$f":"IFERROR(LEFT(D2010,SEARCH(\".\",D2010)-1),\"\")","v":"14"},{"$f":"IFERROR(LEFT(RIGHT(D2010,LEN(D2010)-SEARCH(\".\",D2010)),SEARCH(\".\",RIGHT(D2010,LEN(D2010)-SEARCH(\".\",D2010)))-1),\"\")","v":""},{"$f":"IFERROR(IF(LEN(D2010)-LEN(SUBSTITUTE(D2010,\".\",\"\"))<>3,\"\",MID(D2010,SEARCH(\".\",D2010,SEARCH(\".\",D2010)+1)+1,LEN(D2010)-SEARCH(\".\",D2010,SEARCH(\".\",D2010)+1)-(LEN(D2010)-(SEARCH(\".\",D2010,SEARCH(\".\",D2010,SEARCH(\".\",D2010)+1)+1)-1)))),\"\")","v":""},"14.18",{"$f":"IF($G2010=\"SINAPI\",VLOOKUP($F2010,DADOS_SINAPI,2,0),IF(G2010=\"SETOP\",VLOOKUP($F2010,DADOS_SETOP,2,0),IF(G2010=\"CPU\",VLOOKUP($F2010,DADOS_COMPOSICAO,2,0),IF(G2010=\"SICRO\",VLOOKUP($F2010,DADOS_SICRO,2,0),IF(G2010=\"SUDECAP\",VLOOKUP(F2010,DADOS_SUDECAP,2,0),IF(G2010=\"COTAÇÃO\",VLOOKUP($F2010,DADOS_COTACAO,2,0),\"\"))))))","v":"BANCADA EM AÇO INOXIDÁVEL COM RODABANCA"},"DAC-14.1","CPU",{"$f":"IF(G2010=\"SINAPI\",VLOOKUP($F2010,DADOS_SINAPI,3,0),IF(G2010=\"SETOP\",VLOOKUP($F2010,DADOS_SETOP,3,0),IF(G2010=\"CPU\",VLOOKUP($F2010,DADOS_COMPOSICAO,10,0),IF(G2010=\"SICRO\",VLOOKUP($F2010,DADOS_SICRO,3,0),IF(G2010=\"SUDECAP\",VLOOKUP(F2010,DADOS_SUDECAP,3,0),IF(G2010=\"COTAÇÃO\",VLOOKUP($F2010,DADOS_COTACAO,9,0),\"\"))))))","v":"M2"},{"$f":"F2018","v":50.87},{"$f":"IF(G2010=\"SINAPI\",VLOOKUP($F2010,DADOS_SINAPI,4,0),IF(G2010=\"SETOP\",VLOOKUP($F2010,DADOS_SETOP,4,0),IF(G2010=\"CPU\",VLOOKUP($F2010,DADOS_COMPOSICAO,13,0),IF(G2010=\"SICRO\",VLOOKUP($F2010,DADOS_SICRO,4,0),IF(G2010=\"SUDECAP\",VLOOKUP(F2010,DADOS_SUDECAP,4,0),IF(G2010=\"COTAÇÃO\",VLOOKUP(F2010,DADOS_COTACAO,12,0),\"\"))))))","v":1957.8494999999998},"BDI 1",{"$f":"TRUNC(J2010*(1+$N$17),2)","v":2477.0700000000002},{"$f":"IFERROR(TRUNC(I2010*J2010,2),\"\")","v":99595.8},{"$f":"IFERROR(TRUNC(L2010*I2010,2),\"\")","v":126008.55}]
[2000]
[2000,null,null,null,"Sala de utilidades",6.14,"m²"]
[2000,null,null,null,"Rouparia",7.15,"m²"]
[2000,null,null,null,"Posto de serviço e enfermagem",11.32,"m²"]
[2000,null,null,null,"Copa funcionários",8.4,"m²"]
[2000,null,null,null,"Cozinha",{"$f":"6.74+8","v":14.74},"m²"]
[2000,null,null,null,"Triagem",3.12,"m²"]
[2000,null,null,null,"Total",{"$f":"SUM(F2012:F2017)","v":50.87},"m²"]
[2000]
[{"$f":"IFERROR(LEFT(D2020,SEARCH(\".\",D2020)-1),\"\")","v":"14"},{"$f":"IFERROR(LEFT(RIGHT(D2020,LEN(D2020)-SEARCH(\".\",D2020)),SEARCH(\".\",RIGHT(D2020,LEN(D2020)-SEARCH(\".\",D2020)))-1),\"\")","v":""},{"$f":"IFERROR(IF(LEN(D2020)-LEN(SUBSTITUTE(D2020,\".\",\"\"))<>3,\"\",MID(D2020,SEARCH(\".\",D2020,SEARCH(\".\",D2020)+1)+1,LEN(D2020)-SEARCH(\".\",D2020,SEARCH(\".\",D2020)+1)-(LEN(D2020)-(SEARCH(\".\",D2020,SEARCH(\".\",D2020,SEARCH(\".\",D2020)+1)+1)-1)))),\"\")","v":""},"14.19",{"$f":"IF($G2020=\"SINAPI\",VLOOKUP($F2020,DADOS_SINAPI,2,0),IF(G2020=\"SETOP\",VLOOKUP($F2020,DADOS_SETOP,2,0),IF(G2020=\"CPU\",VLOOKUP($F2020,DADOS_COMPOSICAO,2,0),IF(G2020=\"SICRO\",VLOOKUP($F2020,DADOS_SICRO,2,0),IF(G2020=\"SUDECAP\",VLOOKUP(F2020,DADOS_SUDECAP,2,0),IF(G2020=\"COTAÇÃO\",VLOOKUP($F2020,DADOS_COTACAO,2,0),\"\"))))))","v":"PAPELEIRA DE PAREDE EM METAL CROMADO SEM TAMPA, INCLUSO FIXAÇÃO. AF_01/2020"},95544,"SINAPI",{"$f":"IF(G2020=\"SINAPI\",VLOOKUP($F2020,DADOS_SINAPI,3,0),IF(G2020=\"SETOP\",VLOOKUP($F2020,DADOS_SETOP,3,0),IF(G2020=\"CPU\",VLOOKUP($F2020,DADOS_COMPOSICAO,10,0),IF(G2020=\"SICRO\",VLOOKUP($F2020,DADOS_SICRO,3,0),IF(G2020=\"SUDECAP\",VLOOKUP(F2020,DADOS_SUDECAP,3,0),IF(G2020=\"COTAÇÃO\",VLOOKUP($F2020,DADOS_COTACAO,9,0),\"\"))))))","v":"UN"},{"$f":"F2022","v":22},{"$f":"IF(G2020=\"SINAPI\",VLOOKUP($F2020,DADOS_SINAPI,4,0),IF(G2020=\"SETOP\",VLOOKUP($F2020,DADOS_SETOP,4,0),IF(G2020=\"CPU\",VLOOKUP($F2020,DADOS_COMPOSICAO,13,0),IF(G2020=\"SICRO\",VLOOKUP($F2020,DADOS_SICRO,4,0),IF(G2020=\"SUDECAP\",VLOOKUP(F2020,DADOS_SUDECAP,4,0),IF(G2020=\"COTAÇÃO\",VLOOKUP(F2020,DADOS_COTACAO,12,0),\"\"))))))","v":37.729999999999997},"BDI 1",{"$f":"TRUNC(J2020*(1+$N$17),2)","v":47.73},{"$f":"IFERROR(TRUNC(I2020*J2020,2),\"\")","v":830.06},{"$f":"IFERROR(TRUNC(L2020*I2020,2),\"\")","v":1050.06}]
[2000]
[2000,null,null,null,"Quantidade",22,"un"]
[2000]
[{"$f":"IFERROR(LEFT(D2024,SEARCH(\".\",D2024)-1),\"\")","v":"14"},{"$f":"IFERROR(LEFT(RIGHT(D2024,LEN(D2024)-SEARCH(\".\",D2024)),SEARCH(\".\",RIGHT(D2024,LEN(D2024)-SEARCH(\".\",D2024)))-1),\"\")","v":""},{"$f":"IFERROR(IF(LEN(D2024)-LEN(SUBSTITUTE(D2024,\".\",\"\"))<>3,\"\",MID(D2024,SEARCH(\".\",D2024,SEARCH(\".\",D2024)+1)+1,LEN(D2024)-SEARCH(\".\",D2024,SEARCH(\".\",D2024)+1)-(LEN(D2024)-(SEARCH(\".\",D2024,SEARCH(\".\",D2024,SEARCH(\".\",D2024)+1)+1)-1)))),\"\")","v":""},"14.20",{"$f":"IF($G2024=\"SINAPI\",VLOOKUP($F2024,DADOS_SINAPI,2,0),IF(G2024=\"SETOP\",VLOOKUP($F2024,DADOS_SETOP,2,0),IF(G2024=\"CPU\",VLOOKUP($F2024,DADOS_COMPOSICAO,2,0),IF(G2024=\"SICRO\",VLOOKUP($F2024,DADOS_SICRO,2,0),IF(G2024=\"SUDECAP\",VLOOKUP(F2024,DADOS_SUDECAP,2,0),IF(G2024=\"COTAÇÃO\",VLOOKUP($F2024,DADOS_COTACAO,2,0),\"\"))))))","v":"SABONETEIRA PLASTICA TIPO DISPENSER PARA SABONETE LIQUIDO COM RESERVATORIO 800 A 1500 ML, INCLUSO FIXAÇÃO. AF_01/2020"},95547,"SINAPI",{"$f":"IF(G2024=\"SINAPI\",VLOOKUP($F2024,DADOS_SINAPI,3,0),IF(G2024=\"SETOP\",VLOOKUP($F2024,DADOS_SETOP,3,0),IF(G2024=\"CPU\",VLOOKUP($F2024,DADOS_COMPOSICAO,10,0),IF(G2024=\"SICRO\",VLOOKUP($F2024,DADOS_SICRO,3,0),IF(G2024=\"SUDECAP\",VLOOKUP(F2024,DADOS_SUDECAP,3,0),IF(G2024=\"COTAÇÃO\",VLOOKUP($F2024,DADOS_COTACAO,9,0),\"\"))))))","v":"UN"},{"$f":"F2026","v":33},{"$f":"IF(G2024=\"SINAPI\",VLOOKUP($F2024,DADOS_SINAPI,4,0),IF(G2024=\"SETOP\",VLOOKUP($F2024,DADOS_SETOP,4,0),IF(G2024=\"CPU\",VLOOKUP($F2024,DADOS_COMPOSICAO,13,0),IF(G2024=\"SICRO\",VLOOKUP($F2024,DADOS_SICRO,4,0),IF(G2024=\"SUDECAP\",VLOOKUP(F2024,DADOS_SUDECAP,4,0),IF(G2024=\"COTAÇÃO\",VLOOKUP(F2024,DADOS_COTACAO,12,0),\"\"))))))","v":43.55},"BDI 1",{"$f":"TRUNC(J2024*(1+$N$17),2)","v":55.09},{"$f":"IFERROR(TRUNC(I2024*J2024,2),\"\")","v":1437.15},{"$f":"IFERROR(TRUNC(L2024*I2024,2),\"\")","v":1817.97}]
[2000]
[2000,null,null,null,"Quantidade",33,"un"]
[2000]
[{"$f":"IFERROR(LEFT(D2028,SEARCH(\".\",D2028)-1),\"\")","v":"14"},{"$f":"IFERROR(LEFT(RIGHT(D2028,LEN(D2028)-SEARCH(\".\",D2028)),SEARCH(\".\",RIGHT(D2028,LEN(D2028)-SEARCH(\".\",D2028)))-1),\"\")","v":""},{"$f":"IFERROR(IF(LEN(D2028)-LEN(SUBSTITUTE(D2028,\".\",\"\"))<>3,\"\",MID(D2028,SEARCH(\".\",D2028,SEARCH(\".\",D2028)+1)+1,LEN(D2028)-SEARCH(\".\",D2028,SEARCH(\".\",D2028)+1)-(LEN(D2028)-(SEARCH(\".\",D2028,SEARCH(\".\",D2028,SEARCH(\".\",D2028)+1)+1)-1)))),\"\")","v":""},"14.21",{"$f":"IF($G2028=\"SINAPI\",VLOOKUP($F2028,DADOS_SINAPI,2,0),IF(G2028=\"SETOP\",VLOOKUP($F2028,DADOS_SETOP,2,0),IF(G2028=\"CPU\",VLOOKUP($F2028,DADOS_COMPOSICAO,2,0),IF(G2028=\"SICRO\",VLOOKUP($F2028,DADOS_SICRO,2,0),IF(G2028=\"SUDECAP\",VLOOKUP(F2028,DADOS_SUDECAP,2,0),IF(G2028=\"COTAÇÃO\",VLOOKUP($F2028,DADOS_COTACAO,2,0),\"\"))))))","v":"DISPENSER EM PLÁSTICO PARA PAPEL TOALHA 2 OU 3 FOLHAS"},"ED-48182","SETOP",{"$f":"IF(G2028=\"SINAPI\",VLOOKUP($F2028,DADOS_SINAPI,3,0),IF(G2028=\"SETOP\",VLOOKUP($F2028,DADOS_SETOP,3,0),IF(G2028=\"CPU\",VLOOKUP($F2028,DADOS_COMPOSICAO,10,0),IF(G2028=\"SICRO\",VLOOKUP($F2028,DADOS_SICRO,3,0),IF(G2028=\"SUDECAP\",VLOOKUP(F2028,DADOS_SUDECAP,3,0),IF(G2028=\"COTAÇÃO\",VLOOKUP($F2028,DADOS_COTACAO,9,0),\"\"))))))","v":"U"},{"$f":"F2030","v":30},{"$f":"IF(G2028=\"SINAPI\",VLOOKUP($F2028,DADOS_SINAPI,4,0),IF(G2028=\"SETOP\",VLOOKUP($F2028,DADOS_SETOP,4,0),IF(G2028=\"CPU\",VLOOKUP($F2028,DADOS_COMPOSICAO,13,0),IF(G2028=\"SICRO\",VLOOKUP($F2028,DADOS_SICRO,4,0),IF(G2028=\"SUDECAP\",VLOOKUP(F2028,DADOS_SUDECAP,4,0),IF(G2028=\"COTAÇÃO\",VLOOKUP(F2028,DADOS_COTACAO,12,0),\"\"))))))","v":64.47},"BDI 1",{"$f":"TRUNC(J2028*(1+$N$17),2)","v":81.56},{"$f":"IFERROR(TRUNC(I2028*J2028,2),\"\")","v":1934.1},{"$f":"IFERROR(TRUNC(L2028*I2028,2),\"\")","v":2446.8000000000002}]
[2000]
[2000,null,null,null,"Quantidade",30,"un"]
[2000]
[1000,null,null,15,"CLIMATIZAÇÃO",null,null,null,null,null,null,null,{"$f":"SUMIF(A:A,D2032,M:M)","v":63600.78},{"$f":"SUMIF(A:A,D2032,N:N)","v":80465.689999999988}]
[null,null,null,"15.1","EQUIPAMENTOS",null,null,null,null,null,null,null,{"$f":"IFERROR(SUMIFS(M:M,A:A,LEFT(D2033,SEARCH(\".\",D2033)-1),B:B,RIGHT(D2033,LEN(D2033)-SEARCH(\".\",D2033))),\"\")","v":48120.44},{"$f":"IFERROR(SUMIFS(N:N,A:A,LEFT(D2033,SEARCH(\".\",D2033)-1),B:B,RIGHT(D2033,LEN(D2033)-SEARCH(\".\",D2033))),\"\")","v":60881.9}]
[{"$f":"IFERROR(LEFT(D2034,SEARCH(\".\",D2034)-1),\"\")","v":"15"},{"$f":"IFERROR(LEFT(RIGHT(D2034,LEN(D2034)-SEARCH(\".\",D2034)),SEARCH(\".\",RIGHT(D2034,LEN(D2034)-SEARCH(\".\",D2034)))-1),\"\")","v":"1"},{"$f":"IFERROR(IF(LEN(D2034)-LEN(SUBSTITUTE(D2034,\".\",\"\"))<>3,\"\",MID(D2034,SEARCH(\".\",D2034,SEARCH(\".\",D2034)+1)+1,LEN(D2034)-SEARCH(\".\",D2034,SEARCH(\".\",D2034)+1)-(LEN(D2034)-(SEARCH(\".\",D2034,SEARCH(\".\",D2034,SEARCH(\".\",D2034)+1)+1)-1)))),\"\")","v":""},"15.1.1",{"$f":"IF($G2034=\"SINAPI\",VLOOKUP($F2034,DADOS_SINAPI,2,0),IF(G2034=\"SETOP\",VLOOKUP($F2034,DADOS_SETOP,2,0),IF(G2034=\"CPU\",VLOOKUP($F2034,DADOS_COMPOSICAO,2,0),IF(G2034=\"SICRO\",VLOOKUP($F2034,DADOS_SICRO,2,0),IF(G2034=\"SUDECAP\",VLOOKUP(F2034,DADOS_SUDECAP,2,0),IF(G2034=\"COTAÇÃO\",VLOOKUP($F2034,DADOS_COTACAO,2,0),\"\"))))))","v":"AR CONDICIONADO SPLIT INVERTER, HI-WALL (PAREDE), 9000 BTU/H, CICLO FRIO - FORNECIMENTO E INSTALAÇÃO. AF_11/2021_PE"},103244,"SINAPI",{"$f":"IF(G2034=\"SINAPI\",VLOOKUP($F2034,DADOS_SINAPI,3,0),IF(G2034=\"SETOP\",VLOOKUP($F2034,DADOS_SETOP,3,0),IF(G2034=\"CPU\",VLOOKUP($F2034,DADOS_COMPOSICAO,10,0),IF(G2034=\"SICRO\",VLOOKUP($F2034,DADOS_SICRO,3,0),IF(G2034=\"SUDECAP\",VLOOKUP(F2034,DADOS_SUDECAP,3,0),IF(G2034=\"COTAÇÃO\",VLOOKUP($F2034,DADOS_COTACAO,9,0),\"\"))))))","v":"UN"},{"$f":"F2036","v":7},{"$f":"IF(G2034=\"SINAPI\",VLOOKUP($F2034,DADOS_SINAPI,4,0),IF(G2034=\"SETOP\",VLOOKUP($F2034,DADOS_SETOP,4,0),IF(G2034=\"CPU\",VLOOKUP($F2034,DADOS_COMPOSICAO,13,0),IF(G2034=\"SICRO\",VLOOKUP($F2034,DADOS_SICRO,4,0),IF(G2034=\"SUDECAP\",VLOOKUP(F2034,DADOS_SUDECAP,4,0),IF(G2034=\"COTAÇÃO\",VLOOKUP(F2034,DADOS_COTACAO,12,0),\"\"))))))","v":2209.7199999999998},"BDI 1",{"$f":"TRUNC(J2034*(1+$N$17),2)","v":2795.73},{"$f":"IFERROR(TRUNC(I2034*J2034,2),\"\")","v":15468.04},{"$f":"IFERROR(TRUNC(L2034*I2034,2),\"\")","v":19570.11}]
[2000]
[2000,null,null,null,"Quantidade",7,"un"]
[2000]
[{"$f":"IFERROR(LEFT(D2038,SEARCH(\".\",D2038)-1),\"\")","v":"15"},{"$f":"IFERROR(LEFT(RIGHT(D2038,LEN(D2038)-SEARCH(\".\",D2038)),SEARCH(\".\",RIGHT(D2038,LEN(D2038)-SEARCH(\".\",D2038)))-1),\"\")","v":"1"},{"$f":"IFERROR(IF(LEN(D2038)-LEN(SUBSTITUTE(D2038,\".\",\"\"))<>3,\"\",MID(D2038,SEARCH(\".\",D2038,SEARCH(\".\",D2038)+1)+1,LEN(D2038)-SEARCH(\".\",D2038,SEARCH(\".\",D2038)+1)-(LEN(D2038)-(SEARCH(\".\",D2038,SEARCH(\".\",D2038,SEARCH(\".\",D2038)+1)+1)-1)))),\"\")","v":""},"15.1.2",{"$f":"IF($G2038=\"SINAPI\",VLOOKUP($F2038,DADOS_SINAPI,2,0),IF(G2038=\"SETOP\",VLOOKUP($F2038,DADOS_SETOP,2,0),IF(G2038=\"CPU\",VLOOKUP($F2038,DADOS_COMPOSICAO,2,0),IF(G2038=\"SICRO\",VLOOKUP($F2038,DADOS_SICRO,2,0),IF(G2038=\"SUDECAP\",VLOOKUP(F2038,DADOS_SUDECAP,2,0),IF(G2038=\"COTAÇÃO\",VLOOKUP($F2038,DADOS_COTACAO,2,0),\"\"))))))","v":"AR CONDICIONADO SPLIT INVERTER, HI-WALL (PAREDE), 12000 BTU/H, CICLO FRIO - FORNECIMENTO E INSTALAÇÃO. AF_11/2021_PE"},103247,"SINAPI",{"$f":"IF(G2038=\"SINAPI\",VLOOKUP($F2038,DADOS_SINAPI,3,0),IF(G2038=\"SETOP\",VLOOKUP($F2038,DADOS_SETOP,3,0),IF(G2038=\"CPU\",VLOOKUP($F2038,DADOS_COMPOSICAO,10,0),IF(G2038=\"SICRO\",VLOOKUP($F2038,DADOS_SICRO,3,0),IF(G2038=\"SUDECAP\",VLOOKUP(F2038,DADOS_SUDECAP,3,0),IF(G2038=\"COTAÇÃO\",VLOOKUP($F2038,DADOS_COTACAO,9,0),\"\"))))))","v":"UN"},{"$f":"F2040","v":5},{"$f":"IF(G2038=\"SINAPI\",VLOOKUP($F2038,DADOS_SINAPI,4,0),IF(G2038=\"SETOP\",VLOOKUP($F2038,DADOS_SETOP,4,0),IF(G2038=\"CPU\",VLOOKUP($F2038,DADOS_COMPOSICAO,13,0),IF(G2038=\"SICRO\",VLOOKUP($F2038,DADOS_SICRO,4,0),IF(G2038=\"SUDECAP\",VLOOKUP(F2038,DADOS_SUDECAP,4,0),IF(G2038=\"COTAÇÃO\",VLOOKUP(F2038,DADOS_COTACAO,12,0),\"\"))))))","v":2452.42},"BDI 1",{"$f":"TRUNC(J2038*(1+$N$17),2)","v":3102.8},{"$f":"IFERROR(TRUNC(I2038*J2038,2),\"\")","v":12262.1},{"$f":"IFERROR(TRUNC(L2038*I2038,2),\"\")","v":15514}]
[2000]
[2000,null,null,null,"Quantidade",5,"un"]
[2000]
[{"$f":"IFERROR(LEFT(D2042,SEARCH(\".\",D2042)-1),\"\")","v":"15"},{"$f":"IFERROR(LEFT(RIGHT(D2042,LEN(D2042)-SEARCH(\".\",D2042)),SEARCH(\".\",RIGHT(D2042,LEN(D2042)-SEARCH(\".\",D2042)))-1),\"\")","v":"1"},{"$f":"IFERROR(IF(LEN(D2042)-LEN(SUBSTITUTE(D2042,\".\",\"\"))<>3,\"\",MID(D2042,SEARCH(\".\",D2042,SEARCH(\".\",D2042)+1)+1,LEN(D2042)-SEARCH(\".\",D2042,SEARCH(\".\",D2042)+1)-(LEN(D2042)-(SEARCH(\".\",D2042,SEARCH(\".\",D2042,SEARCH(\".\",D2042)+1)+1)-1)))),\"\")","v":""},"15.1.3",{"$f":"IF($G2042=\"SINAPI\",VLOOKUP($F2042,DADOS_SINAPI,2,0),IF(G2042=\"SETOP\",VLOOKUP($F2042,DADOS_SETOP,2,0),IF(G2042=\"CPU\",VLOOKUP($F2042,DADOS_COMPOSICAO,2,0),IF(G2042=\"SICRO\",VLOOKUP($F2042,DADOS_SICRO,2,0),IF(G2042=\"SUDECAP\",VLOOKUP(F2042,DADOS_SUDECAP,2,0),IF(G2042=\"COTAÇÃO\",VLOOKUP($F2042,DADOS_COTACAO,2,0),\"\"))))))","v":"AR CONDICIONADO SPLIT INVERTER, HI-WALL (PAREDE), 18000 BTU/H, CICLO FRIO - FORNECIMENTO E INSTALAÇÃO. AF_11/2021_PE"},103250,"SINAPI",{"$f":"IF(G2042=\"SINAPI\",VLOOKUP($F2042,DADOS_SINAPI,3,0),IF(G2042=\"SETOP\",VLOOKUP($F2042,DADOS_SETOP,3,0),IF(G2042=\"CPU\",VLOOKUP($F2042,DADOS_COMPOSICAO,10,0),IF(G2042=\"SICRO\",VLOOKUP($F2042,DADOS_SICRO,3,0),IF(G2042=\"SUDECAP\",VLOOKUP(F2042,DADOS_SUDECAP,3,0),IF(G2042=\"COTAÇÃO\",VLOOKUP($F2042,DADOS_COTACAO,9,0),\"\"))))))","v":"UN"},{"$f":"F2044","v":3},{"$f":"IF(G2042=\"SINAPI\",VLOOKUP($F2042,DADOS_SINAPI,4,0),IF(G2042=\"SETOP\",VLOOKUP($F2042,DADOS_SETOP,4,0),IF(G2042=\"CPU\",VLOOKUP($F2042,DADOS_COMPOSICAO,13,0),IF(G2042=\"SICRO\",VLOOKUP($F2042,DADOS_SICRO,4,0),IF(G2042=\"SUDECAP\",VLOOKUP(F2042,DADOS_SUDECAP,4,0),IF(G2042=\"COTAÇÃO\",VLOOKUP(F2042,DADOS_COTACAO,12,0),\"\"))))))","v":3560.98},"BDI 1",{"$f":"TRUNC(J2042*(1+$N$17),2)","v":4505.3500000000004},{"$f":"IFERROR(TRUNC(I2042*J2042,2),\"\")","v":10682.94},{"$f":"IFERROR(TRUNC(L2042*I2042,2),\"\")","v":13516.05}]
[2000]
[2000,null,null,null,"Quantidade",3,"un"]
[2000]
[{"$f":"IFERROR(LEFT(D2046,SEARCH(\".\",D2046)-1),\"\")","v":"15"},{"$f":"IFERROR(LEFT(RIGHT(D2046,LEN(D2046)-SEARCH(\".\",D2046)),SEARCH(\".\",RIGHT(D2046,LEN(D2046)-SEARCH(\".\",D2046)))-1),\"\")","v":"1"},{"$f":"IFERROR(IF(LEN(D2046)-LEN(SUBSTITUTE(D2046,\".\",\"\"))<>3,\"\",MID(D2046,SEARCH(\".\",D2046,SEARCH(\".\",D2046)+1)+1,LEN(D2046)-SEARCH(\".\",D2046,SEARCH(\".\",D2046)+1)-(LEN(D2046)-(SEARCH(\".\",D2046,SEARCH(\".\",D2046,SEARCH(\".\",D2046)+1)+1)-1)))),\"\")","v":""},"15.1.4",{"$f":"IF($G2046=\"SINAPI\",VLOOKUP($F2046,DADOS_SINAPI,2,0),IF(G2046=\"SETOP\",VLOOKUP($F2046,DADOS_SETOP,2,0),IF(G2046=\"CPU\",VLOOKUP($F2046,DADOS_COMPOSICAO,2,0),IF(G2046=\"SICRO\",VLOOKUP($F2046,DADOS_SICRO,2,0),IF(G2046=\"SUDECAP\",VLOOKUP(F2046,DADOS_SUDECAP,2,0),IF(G2046=\"COTAÇÃO\",VLOOKUP($F2046,DADOS_COTACAO,2,0),\"\"))))))","v":"AR CONDICIONADO SPLIT INVERTER, HI-WALL (PAREDE), 24000 BTU/H, CICLO FRIO - FORNECIMENTO E INSTALAÇÃO. AF_11/2021_PE"},103253,"SINAPI",{"$f":"IF(G2046=\"SINAPI\",VLOOKUP($F2046,DADOS_SINAPI,3,0),IF(G2046=\"SETOP\",VLOOKUP($F2046,DADOS_SETOP,3,0),IF(G2046=\"CPU\",VLOOKUP($F2046,DADOS_COMPOSICAO,10,0),IF(G2046=\"SICRO\",VLOOKUP($F2046,DADOS_SICRO,3,0),IF(G2046=\"SUDECAP\",VLOOKUP(F2046,DADOS_SUDECAP,3,0),IF(G2046=\"COTAÇÃO\",VLOOKUP($F2046,DADOS_COTACAO,9,0),\"\"))))))","v":"UN"},{"$f":"F2048","v":2},{"$f":"IF(G2046=\"SINAPI\",VLOOKUP($F2046,DADOS_SINAPI,4,0),IF(G2046=\"SETOP\",VLOOKUP($F2046,DADOS_SETOP,4,0),IF(G2046=\"CPU\",VLOOKUP($F2046,DADOS_COMPOSICAO,13,0),IF(G2046=\"SICRO\",VLOOKUP($F2046,DADOS_SICRO,4,0),IF(G2046=\"SUDECAP\",VLOOKUP(F2046,DADOS_SUDECAP,4,0),IF(G2046=\"COTAÇÃO\",VLOOKUP(F2046,DADOS_COTACAO,12,0),\"\"))))))","v":4853.68},"BDI 1",{"$f":"TRUNC(J2046*(1+$N$17),2)","v":6140.87},{"$f":"IFERROR(TRUNC(I2046*J2046,2),\"\")","v":9707.36},{"$f":"IFERROR(TRUNC(L2046*I2046,2),\"\")","v":12281.74}]
[2000]
[2000,null,null,null,"Quantidade",2,"un"]
[2000]
[null,null,null,"15.2","PVC RÍGIDO SOLDÁVEL",null,null,null,null,null,null,null,{"$f":"IFERROR(SUMIFS(M:M,A:A,LEFT(D2050,SEARCH(\".\",D2050)-1),B:B,RIGHT(D2050,LEN(D2050)-SEARCH(\".\",D2050))),\"\")","v":1204.8399999999999},{"$f":"IFERROR(SUMIFS(N:N,A:A,LEFT(D2050,SEARCH(\".\",D2050)-1),B:B,RIGHT(D2050,LEN(D2050)-SEARCH(\".\",D2050))),\"\")","v":1524.03}]
[{"$f":"IFERROR(LEFT(D2051,SEARCH(\".\",D2051)-1),\"\")","v":"15"},{"$f":"IFERROR(LEFT(RIGHT(D2051,LEN(D2051)-SEARCH(\".\",D2051)),SEARCH(\".\",RIGHT(D2051,LEN(D2051)-SEARCH(\".\",D2051)))-1),\"\")","v":"2"},{"$f":"IFERROR(IF(LEN(D2051)-LEN(SUBSTITUTE(D2051,\".\",\"\"))<>3,\"\",MID(D2051,SEARCH(\".\",D2051,SEARCH(\".\",D2051)+1)+1,LEN(D2051)-SEARCH(\".\",D2051,SEARCH(\".\",D2051)+1)-(LEN(D2051)-(SEARCH(\".\",D2051,SEARCH(\".\",D2051,SEARCH(\".\",D2051)+1)+1)-1)))),\"\")","v":""},"15.2.1",{"$f":"IF($G2051=\"SINAPI\",VLOOKUP($F2051,DADOS_SINAPI,2,0),IF(G2051=\"SETOP\",VLOOKUP($F2051,DADOS_SETOP,2,0),IF(G2051=\"CPU\",VLOOKUP($F2051,DADOS_COMPOSICAO,2,0),IF(G2051=\"SICRO\",VLOOKUP($F2051,DADOS_SICRO,2,0),IF(G2051=\"SUDECAP\",VLOOKUP(F2051,DADOS_SUDECAP,2,0),IF(G2051=\"COTAÇÃO\",VLOOKUP($F2051,DADOS_COTACAO,2,0),\"\"))))))","v":"JOELHO 90 GRAUS, PVC, SOLDÁVEL, DN 20 MM, INSTALADO EM DRENO DE AR CONDICIONADO - FORNECIMENTO E INSTALAÇÃO. AF_08/2022"},104317,"SINAPI",{"$f":"IF(G2051=\"SINAPI\",VLOOKUP($F2051,DADOS_SINAPI,3,0),IF(G2051=\"SETOP\",VLOOKUP($F2051,DADOS_SETOP,3,0),IF(G2051=\"CPU\",VLOOKUP($F2051,DADOS_COMPOSICAO,10,0),IF(G2051=\"SICRO\",VLOOKUP($F2051,DADOS_SICRO,3,0),IF(G2051=\"SUDECAP\",VLOOKUP(F2051,DADOS_SUDECAP,3,0),IF(G2051=\"COTAÇÃO\",VLOOKUP($F2051,DADOS_COTACAO,9,0),\"\"))))))","v":"UN"},{"$f":"F2053","v":49},{"$f":"IF(G2051=\"SINAPI\",VLOOKUP($F2051,DADOS_SINAPI,4,0),IF(G2051=\"SETOP\",VLOOKUP($F2051,DADOS_SETOP,4,0),IF(G2051=\"CPU\",VLOOKUP($F2051,DADOS_COMPOSICAO,13,0),IF(G2051=\"SICRO\",VLOOKUP($F2051,DADOS_SICRO,4,0),IF(G2051=\"SUDECAP\",VLOOKUP(F2051,DADOS_SUDECAP,4,0),IF(G2051=\"COTAÇÃO\",VLOOKUP(F2051,DADOS_COTACAO,12,0),\"\"))))))","v":5.97},"BDI 1",{"$f":"TRUNC(J2051*(1+$N$17),2)","v":7.55},{"$f":"IFERROR(TRUNC(I2051*J2051,2),\"\")","v":292.52999999999997},{"$f":"IFERROR(TRUNC(L2051*I2051,2),\"\")","v":369.95}]
[2000]
[2000,null,null,null,"Quantidade",49,"un"]
[2000]
[{"$f":"IFERROR(LEFT(D2055,SEARCH(\".\",D2055)-1),\"\")","v":"15"},{"$f":"IFERROR(LEFT(RIGHT(D2055,LEN(D2055)-SEARCH(\".\",D2055)),SEARCH(\".\",RIGHT(D2055,LEN(D2055)-SEARCH(\".\",D2055)))-1),\"\")","v":"2"},{"$f":"IFERROR(IF(LEN(D2055)-LEN(SUBSTITUTE(D2055,\".\",\"\"))<>3,\"\",MID(D2055,SEARCH(\".\",D2055,SEARCH(\".\",D2055)+1)+1,LEN(D2055)-SEARCH(\".\",D2055,SEARCH(\".\",D2055)+1)-(LEN(D2055)-(SEARCH(\".\",D2055,SEARCH(\".\",D2055,SEARCH(\".\",D2055)+1)+1)-1)))),\"\")","v":""},"15.2.3",{"$f":"IF($G2055=\"SINAPI\",VLOOKUP($F2055,DADOS_SINAPI,2,0),IF(G2055=\"SETOP\",VLOOKUP($F2055,DADOS_SETOP,2,0),IF(G2055=\"CPU\",VLOOKUP($F2055,DADOS_COMPOSICAO,2,0),IF(G2055=\"SICRO\",VLOOKUP($F2055,DADOS_SICRO,2,0),IF(G2055=\"SUDECAP\",VLOOKUP(F2055,DADOS_SUDECAP,2,0),IF(G2055=\"COTAÇÃO\",VLOOKUP($F2055,DADOS_COTACAO,2,0),\"\"))))))","v":"TUBO, PVC, SOLDÁVEL, DN 20 MM, INSTALADO EM DRENO DE AR CONDICIONADO - FORNECIMENTO E INSTALAÇÃO. AF_08/2022"},104315,"SINAPI",{"$f":"IF(G2055=\"SINAPI\",VLOOKUP($F2055,DADOS_SINAPI,3,0),IF(G2055=\"SETOP\",VLOOKUP($F2055,DADOS_SETOP,3,0),IF(G2055=\"CPU\",VLOOKUP($F2055,DADOS_COMPOSICAO,10,0),IF(G2055=\"SICRO\",VLOOKUP($F2055,DADOS_SICRO,3,0),IF(G2055=\"SUDECAP\",VLOOKUP(F2055,DADOS_SUDECAP,3,0),IF(G2055=\"COTAÇÃO\",VLOOKUP($F2055,DADOS_COTACAO,9,0),\"\"))))))","v":"M"},{"$f":"F2057","v":57.9},{"$f":"IF(G2055=\"SINAPI\",VLOOKUP($F2055,DADOS_SINAPI,4,0),IF(G2055=\"SETOP\",VLOOKUP($F2055,DADOS_SETOP,4,0),IF(G2055=\"CPU\",VLOOKUP($F2055,DADOS_COMPOSICAO,13,0),IF(G2055=\"SICRO\",VLOOKUP($F2055,DADOS_SICRO,4,0),IF(G2055=\"SUDECAP\",VLOOKUP(F2055,DADOS_SUDECAP,4,0),IF(G2055=\"COTAÇÃO\",VLOOKUP(F2055,DADOS_COTACAO,12,0),\"\"))))))","v":15.32},"BDI 1",{"$f":"TRUNC(J2055*(1+$N$17),2)","v":19.38},{"$f":"IFERROR(TRUNC(I2055*J2055,2),\"\")","v":887.02},{"$f":"IFERROR(TRUNC(L2055*I2055,2),\"\")","v":1122.0999999999999}]
[2000]
[2000,null,null,null,"Quantidade",57.9,"m"]
[2000]
[{"$f":"IFERROR(LEFT(D2059,SEARCH(\".\",D2059)-1),\"\")","v":"15"},{"$f":"IFERROR(LEFT(RIGHT(D2059,LEN(D2059)-SEARCH(\".\",D2059)),SEARCH(\".\",RIGHT(D2059,LEN(D2059)-SEARCH(\".\",D2059)))-1),\"\")","v":"2"},{"$f":"IFERROR(IF(LEN(D2059)-LEN(SUBSTITUTE(D2059,\".\",\"\"))<>3,\"\",MID(D2059,SEARCH(\".\",D2059,SEARCH(\".\",D2059)+1)+1,LEN(D2059)-SEARCH(\".\",D2059,SEARCH(\".\",D2059)+1)-(LEN(D2059)-(SEARCH(\".\",D2059,SEARCH(\".\",D2059,SEARCH(\".\",D2059)+1)+1)-1)))),\"\")","v":""},"15.2.4",{"$f":"IF($G2059=\"SINAPI\",VLOOKUP($F2059,DADOS_SINAPI,2,0),IF(G2059=\"SETOP\",VLOOKUP($F2059,DADOS_SETOP,2,0),IF(G2059=\"CPU\",VLOOKUP($F2059,DADOS_COMPOSICAO,2,0),IF(G2059=\"SICRO\",VLOOKUP($F2059,DADOS_SICRO,2,0),IF(G2059=\"SUDECAP\",VLOOKUP(F2059,DADOS_SUDECAP,2,0),IF(G2059=\"COTAÇÃO\",VLOOKUP($F2059,DADOS_COTACAO,2,0),\"\"))))))","v":"TE, PVC, SOLDÁVEL, DN 20 MM, INSTALADO EM DRENO DE AR CONDICIONADO - FORNECIMENTO E INSTALAÇÃO. AF_08/2022"},104323,"SINAPI",{"$f":"IF(G2059=\"SINAPI\",VLOOKUP($F2059,DADOS_SINAPI,3,0),IF(G2059=\"SETOP\",VLOOKUP($F2059,DADOS_SETOP,3,0),IF(G2059=\"CPU\",VLOOKUP($F2059,DADOS_COMPOSICAO,10,0),IF(G2059=\"SICRO\",VLOOKUP($F2059,DADOS_SICRO,3,0),IF(G2059=\"SUDECAP\",VLOOKUP(F2059,DADOS_SUDECAP,3,0),IF(G2059=\"COTAÇÃO\",VLOOKUP($F2059,DADOS_COTACAO,9,0),\"\"))))))","v":"UN"},{"$f":"F2061","v":3},{"$f":"IF(G2059=\"SINAPI\",VLOOKUP($F2059,DADOS_SINAPI,4,0),IF(G2059=\"SETOP\",VLOOKUP($F2059,DADOS_SETOP,4,0),IF(G2059=\"CPU\",VLOOKUP($F2059,DADOS_COMPOSICAO,13,0),IF(G2059=\"SICRO\",VLOOKUP($F2059,DADOS_SICRO,4,0),IF(G2059=\"SUDECAP\",VLOOKUP(F2059,DADOS_SUDECAP,4,0),IF(G2059=\"COTAÇÃO\",VLOOKUP(F2059,DADOS_COTACAO,12,0),\"\"))))))","v":8.43},"BDI 1",{"$f":"TRUNC(J2059*(1+$N$17),2)","v":10.66},{"$f":"IFERROR(TRUNC(I2059*J2059,2),\"\")","v":25.29},{"$f":"IFERROR(TRUNC(L2059*I2059,2),\"\")","v":31.98}]
[2000]
[2000,null,null,null,"Quantidade",3,"un"]
[2000]
[null,null,null,"15.3","SEGMENTO DE DUTO",null,null,null,null,null,null,null,{"$f":"IFERROR(SUMIFS(M:M,A:A,LEFT(D2063,SEARCH(\".\",D2063)-1),B:B,RIGHT(D2063,LEN(D2063)-SEARCH(\".\",D2063))),\"\")","v":11057.23},{"$f":"IFERROR(SUMIFS(N:N,A:A,LEFT(D2063,SEARCH(\".\",D2063)-1),B:B,RIGHT(D2063,LEN(D2063)-SEARCH(\".\",D2063))),\"\")","v":13988.439999999999}]
[{"$f":"IFERROR(LEFT(D2064,SEARCH(\".\",D2064)-1),\"\")","v":"15"},{"$f":"IFERROR(LEFT(RIGHT(D2064,LEN(D2064)-SEARCH(\".\",D2064)),SEARCH(\".\",RIGHT(D2064,LEN(D2064)-SEARCH(\".\",D2064)))-1),\"\")","v":"3"},{"$f":"IFERROR(IF(LEN(D2064)-LEN(SUBSTITUTE(D2064,\".\",\"\"))<>3,\"\",MID(D2064,SEARCH(\".\",D2064,SEARCH(\".\",D2064)+1)+1,LEN(D2064)-SEARCH(\".\",D2064,SEARCH(\".\",D2064)+1)-(LEN(D2064)-(SEARCH(\".\",D2064,SEARCH(\".\",D2064,SEARCH(\".\",D2064)+1)+1)-1)))),\"\")","v":""},"15.3.1",{"$f":"VLOOKUP($F2064,DADOS_COTACAO,2,0)","v":"CABO PP TETRAPOLAR"},"COT-CLI-001","COTAÇÃO",{"$f":"VLOOKUP($F2064,DADOS_COTACAO,9,0)","v":"UN "},{"$f":"F2066","v":82.1},{"$f":"VLOOKUP($F2064,DADOS_COTACAO,12,0)","v":31.37},"BDI 1",{"$f":"TRUNC(J2064*(1+$N$17),2)","v":39.68},{"$f":"IFERROR(TRUNC(I2064*J2064,2),\"\")","v":2575.4699999999998},{"$f":"IFERROR(TRUNC(L2064*I2064,2),\"\")","v":3257.72}]
[2000]
[2000,null,null,null,"Quantidade",82.1,"m"]
[2000]
[{"$f":"IFERROR(LEFT(D2068,SEARCH(\".\",D2068)-1),\"\")","v":"15"},{"$f":"IFERROR(LEFT(RIGHT(D2068,LEN(D2068)-SEARCH(\".\",D2068)),SEARCH(\".\",RIGHT(D2068,LEN(D2068)-SEARCH(\".\",D2068)))-1),\"\")","v":"3"},{"$f":"IFERROR(IF(LEN(D2068)-LEN(SUBSTITUTE(D2068,\".\",\"\"))<>3,\"\",MID(D2068,SEARCH(\".\",D2068,SEARCH(\".\",D2068)+1)+1,LEN(D2068)-SEARCH(\".\",D2068,SEARCH(\".\",D2068)+1)-(LEN(D2068)-(SEARCH(\".\",D2068,SEARCH(\".\",D2068,SEARCH(\".\",D2068)+1)+1)-1)))),\"\")","v":""},"15.3.2",{"$f":"IF($G2068=\"SINAPI\",VLOOKUP($F2068,DADOS_SINAPI,2,0),IF(G2068=\"SETOP\",VLOOKUP($F2068,DADOS_SETOP,2,0),IF(G2068=\"CPU\",VLOOKUP($F2068,DADOS_COMPOSICAO,2,0),IF(G2068=\"SICRO\",VLOOKUP($F2068,DADOS_SICRO,2,0),IF(G2068=\"SUDECAP\",VLOOKUP(F2068,DADOS_SUDECAP,2,0),IF(G2068=\"COTAÇÃO\",VLOOKUP($F2068,DADOS_COTACAO,2,0),\"\"))))))","v":"TUBO EM COBRE FLEXÍVEL, DN 1/2\", COM ISOLAMENTO, INSTALADO EM RAMAL DE ALIMENTAÇÃO DE AR CONDICIONADO COM CONDENSADORA INDIVIDUAL \u0096 FORNECIMENTO E INSTALAÇÃO. AF_12/2015"},97329,"SINAPI",{"$f":"IF(G2068=\"SINAPI\",VLOOKUP($F2068,DADOS_SINAPI,3,0),IF(G2068=\"SETOP\",VLOOKUP($F2068,DADOS_SETOP,3,0),IF(G2068=\"CPU\",VLOOKUP($F2068,DADOS_COMPOSICAO,10,0),IF(G2068=\"SICRO\",VLOOKUP($F2068,DADOS_SICRO,3,0),IF(G2068=\"SUDECAP\",VLOOKUP(F2068,DADOS_SUDECAP,3,0),IF(G2068=\"COTAÇÃO\",VLOOKUP($F2068,DADOS_COTACAO,9,0),\"\"))))))","v":"M"},{"$f":"F2070","v":22.7},{"$f":"IF(G2068=\"SINAPI\",VLOOKUP($F2068,DADOS_SINAPI,4,0),IF(G2068=\"SETOP\",VLOOKUP($F2068,DADOS_SETOP,4,0),IF(G2068=\"CPU\",VLOOKUP($F2068,DADOS_COMPOSICAO,13,0),IF(G2068=\"SICRO\",VLOOKUP($F2068,DADOS_SICRO,4,0),IF(G2068=\"SUDECAP\",VLOOKUP(F2068,DADOS_SUDECAP,4,0),IF(G2068=\"COTAÇÃO\",VLOOKUP(F2068,DADOS_COTACAO,12,0),\"\"))))))","v":67.87},"BDI 1",{"$f":"TRUNC(J2068*(1+$N$17),2)","v":85.86},{"$f":"IFERROR(TRUNC(I2068*J2068,2),\"\")","v":1540.64},{"$f":"IFERROR(TRUNC(L2068*I2068,2),\"\")","v":1949.02}]
[2000]
[2000,null,null,null,"Quantidade",22.7,"m"]
[2000]
[{"$f":"IFERROR(LEFT(D2072,SEARCH(\".\",D2072)-1),\"\")","v":"15"},{"$f":"IFERROR(LEFT(RIGHT(D2072,LEN(D2072)-SEARCH(\".\",D2072)),SEARCH(\".\",RIGHT(D2072,LEN(D2072)-SEARCH(\".\",D2072)))-1),\"\")","v":"3"},{"$f":"IFERROR(IF(LEN(D2072)-LEN(SUBSTITUTE(D2072,\".\",\"\"))<>3,\"\",MID(D2072,SEARCH(\".\",D2072,SEARCH(\".\",D2072)+1)+1,LEN(D2072)-SEARCH(\".\",D2072,SEARCH(\".\",D2072)+1)-(LEN(D2072)-(SEARCH(\".\",D2072,SEARCH(\".\",D2072,SEARCH(\".\",D2072)+1)+1)-1)))),\"\")","v":""},"15.3.3",{"$f":"IF($G2072=\"SINAPI\",VLOOKUP($F2072,DADOS_SINAPI,2,0),IF(G2072=\"SETOP\",VLOOKUP($F2072,DADOS_SETOP,2,0),IF(G2072=\"CPU\",VLOOKUP($F2072,DADOS_COMPOSICAO,2,0),IF(G2072=\"SICRO\",VLOOKUP($F2072,DADOS_SICRO,2,0),IF(G2072=\"SUDECAP\",VLOOKUP(F2072,DADOS_SUDECAP,2,0),IF(G2072=\"COTAÇÃO\",VLOOKUP($F2072,DADOS_COTACAO,2,0),\"\"))))))","v":"TUBO EM COBRE FLEXÍVEL, DN 1/4\u0094, COM ISOLAMENTO, INSTALADO EM RAMAL DE ALIMENTAÇÃO DE AR CONDICIONADO COM CONDENSADORA INDIVIDUAL   FORNECIMENTO E INSTALAÇÃO. AF_12/2015"},97327,"SINAPI",{"$f":"IF(G2072=\"SINAPI\",VLOOKUP($F2072,DADOS_SINAPI,3,0),IF(G2072=\"SETOP\",VLOOKUP($F2072,DADOS_SETOP,3,0),IF(G2072=\"CPU\",VLOOKUP($F2072,DADOS_COMPOSICAO,10,0),IF(G2072=\"SICRO\",VLOOKUP($F2072,DADOS_SICRO,3,0),IF(G2072=\"SUDECAP\",VLOOKUP(F2072,DADOS_SUDECAP,3,0),IF(G2072=\"COTAÇÃO\",VLOOKUP($F2072,DADOS_COTACAO,9,0),\"\"))))))","v":"M"},{"$f":"F2074","v":67.8},{"$f":"IF(G2072=\"SINAPI\",VLOOKUP($F2072,DADOS_SINAPI,4,0),IF(G2072=\"SETOP\",VLOOKUP($F2072,DADOS_SETOP,4,0),IF(G2072=\"CPU\",VLOOKUP($F2072,DADOS_COMPOSICAO,13,0),IF(G2072=\"SICRO\",VLOOKUP($F2072,DADOS_SICRO,4,0),IF(G2072=\"SUDECAP\",VLOOKUP(F2072,DADOS_SUDECAP,4,0),IF(G2072=\"COTAÇÃO\",VLOOKUP(F2072,DADOS_COTACAO,12,0),\"\"))))))","v":30.51},"BDI 1",{"$f":"TRUNC(J2072*(1+$N$17),2)","v":38.6},{"$f":"IFERROR(TRUNC(I2072*J2072,2),\"\")","v":2068.5700000000002},{"$f":"IFERROR(TRUNC(L2072*I2072,2),\"\")","v":2617.08}]
[2000]
[2000,null,null,null,"Quantidade",67.8,"m"]
[2000]
[{"$f":"IFERROR(LEFT(D2076,SEARCH(\".\",D2076)-1),\"\")","v":"15"},{"$f":"IFERROR(LEFT(RIGHT(D2076,LEN(D2076)-SEARCH(\".\",D2076)),SEARCH(\".\",RIGHT(D2076,LEN(D2076)-SEARCH(\".\",D2076)))-1),\"\")","v":"3"},{"$f":"IFERROR(IF(LEN(D2076)-LEN(SUBSTITUTE(D2076,\".\",\"\"))<>3,\"\",MID(D2076,SEARCH(\".\",D2076,SEARCH(\".\",D2076)+1)+1,LEN(D2076)-SEARCH(\".\",D2076,SEARCH(\".\",D2076)+1)-(LEN(D2076)-(SEARCH(\".\",D2076,SEARCH(\".\",D2076,SEARCH(\".\",D2076)+1)+1)-1)))),\"\")","v":""},"15.3.4",{"$f":"IF($G2076=\"SINAPI\",VLOOKUP($F2076,DADOS_SINAPI,2,0),IF(G2076=\"SETOP\",VLOOKUP($F2076,DADOS_SETOP,2,0),IF(G2076=\"CPU\",VLOOKUP($F2076,DADOS_COMPOSICAO,2,0),IF(G2076=\"SICRO\",VLOOKUP($F2076,DADOS_SICRO,2,0),IF(G2076=\"SUDECAP\",VLOOKUP(F2076,DADOS_SUDECAP,2,0),IF(G2076=\"COTAÇÃO\",VLOOKUP($F2076,DADOS_COTACAO,2,0),\"\"))))))","v":"TUBO EM COBRE FLEXÍVEL, DN 3/8\", COM ISOLAMENTO, INSTALADO EM RAMAL DE ALIMENTAÇÃO DE AR CONDICIONADO COM CONDENSADORA INDIVIDUAL \u0096 FORNECIMENTO E INSTALAÇÃO. AF_12/2015"},97328,"SINAPI",{"$f":"IF(G2076=\"SINAPI\",VLOOKUP($F2076,DADOS_SINAPI,3,0),IF(G2076=\"SETOP\",VLOOKUP($F2076,DADOS_SETOP,3,0),IF(G2076=\"CPU\",VLOOKUP($F2076,DADOS_COMPOSICAO,10,0),IF(G2076=\"SICRO\",VLOOKUP($F2076,DADOS_SICRO,3,0),IF(G2076=\"SUDECAP\",VLOOKUP(F2076,DADOS_SUDECAP,3,0),IF(G2076=\"COTAÇÃO\",VLOOKUP($F2076,DADOS_COTACAO,9,0),\"\"))))))","v":"M"},{"$f":"F2078","v":44.6},{"$f":"IF(G2076=\"SINAPI\",VLOOKUP($F2076,DADOS_SINAPI,4,0),IF(G2076=\"SETOP\",VLOOKUP($F2076,DADOS_SETOP,4,0),IF(G2076=\"CPU\",VLOOKUP($F2076,DADOS_COMPOSICAO,13,0),IF(G2076=\"SICRO\",VLOOKUP($F2076,DADOS_SICRO,4,0),IF(G2076=\"SUDECAP\",VLOOKUP(F2076,DADOS_SUDECAP,4,0),IF(G2076=\"COTAÇÃO\",VLOOKUP(F2076,DADOS_COTACAO,12,0),\"\"))))))","v":54.94},"BDI 1",{"$f":"TRUNC(J2076*(1+$N$17),2)","v":69.510000000000005},{"$f":"IFERROR(TRUNC(I2076*J2076,2),\"\")","v":2450.3200000000002},{"$f":"IFERROR(TRUNC(L2076*I2076,2),\"\")","v":3100.14}]
[2000]
[2000,null,null,null,"Quantidade",44.6,"m"]
[2000]
[{"$f":"IFERROR(LEFT(D2080,SEARCH(\".\",D2080)-1),\"\")","v":"15"},{"$f":"IFERROR(LEFT(RIGHT(D2080,LEN(D2080)-SEARCH(\".\",D2080)),SEARCH(\".\",RIGHT(D2080,LEN(D2080)-SEARCH(\".\",D2080)))-1),\"\")","v":"3"},{"$f":"IFERROR(IF(LEN(D2080)-LEN(SUBSTITUTE(D2080,\".\",\"\"))<>3,\"\",MID(D2080,SEARCH(\".\",D2080,SEARCH(\".\",D2080)+1)+1,LEN(D2080)-SEARCH(\".\",D2080,SEARCH(\".\",D2080)+1)-(LEN(D2080)-(SEARCH(\".\",D2080,SEARCH(\".\",D2080,SEARCH(\".\",D2080)+1)+1)-1)))),\"\")","v":""},"15.3.5",{"$f":"IF($G2080=\"SINAPI\",VLOOKUP($F2080,DADOS_SINAPI,2,0),IF(G2080=\"SETOP\",VLOOKUP($F2080,DADOS_SETOP,2,0),IF(G2080=\"CPU\",VLOOKUP($F2080,DADOS_COMPOSICAO,2,0),IF(G2080=\"SICRO\",VLOOKUP($F2080,DADOS_SICRO,2,0),IF(G2080=\"SUDECAP\",VLOOKUP(F2080,DADOS_SUDECAP,2,0),IF(G2080=\"COTAÇÃO\",VLOOKUP($F2080,DADOS_COTACAO,2,0),\"\"))))))","v":"TUBO EM COBRE FLEXÍVEL, DN 5/8\", COM ISOLAMENTO, INSTALADO EM RAMAL DE ALIMENTAÇÃO DE AR CONDICIONADO COM CONDENSADORA INDIVIDUAL \u0096 FORNECIMENTO E INSTALAÇÃO. AF_12/2015"},97330,"SINAPI",{"$f":"IF(G2080=\"SINAPI\",VLOOKUP($F2080,DADOS_SINAPI,3,0),IF(G2080=\"SETOP\",VLOOKUP($F2080,DADOS_SETOP,3,0),IF(G2080=\"CPU\",VLOOKUP($F2080,DADOS_COMPOSICAO,10,0),IF(G2080=\"SICRO\",VLOOKUP($F2080,DADOS_SICRO,3,0),IF(G2080=\"SUDECAP\",VLOOKUP(F2080,DADOS_SUDECAP,3,0),IF(G2080=\"COTAÇÃO\",VLOOKUP($F2080,DADOS_COTACAO,9,0),\"\"))))))","v":"M"},{"$f":"F2082","v":29.3},{"$f":"IF(G2080=\"SINAPI\",VLOOKUP($F2080,DADOS_SINAPI,4,0),IF(G2080=\"SETOP\",VLOOKUP($F2080,DADOS_SETOP,4,0),IF(G2080=\"CPU\",VLOOKUP($F2080,DADOS_COMPOSICAO,13,0),IF(G2080=\"SICRO\",VLOOKUP($F2080,DADOS_SICRO,4,0),IF(G2080=\"SUDECAP\",VLOOKUP(F2080,DADOS_SUDECAP,4,0),IF(G2080=\"COTAÇÃO\",VLOOKUP(F2080,DADOS_COTACAO,12,0),\"\"))))))","v":82.67},"BDI 1",{"$f":"TRUNC(J2080*(1+$N$17),2)","v":104.59},{"$f":"IFERROR(TRUNC(I2080*J2080,2),\"\")","v":2422.23},{"$f":"IFERROR(TRUNC(L2080*I2080,2),\"\")","v":3064.48}]
[2000]
[2000,null,null,null,"Quantidade",29.3,"m"]
[2000]
[null,null,null,"15.4","RASGOS E CHUMBAMENTOS",null,null,null,null,null,null,null,{"$f":"IFERROR(SUMIFS(M:M,A:A,LEFT(D2084,SEARCH(\".\",D2084)-1),B:B,RIGHT(D2084,LEN(D2084)-SEARCH(\".\",D2084))),\"\")","v":3218.27},{"$f":"IFERROR(SUMIFS(N:N,A:A,LEFT(D2084,SEARCH(\".\",D2084)-1),B:B,RIGHT(D2084,LEN(D2084)-SEARCH(\".\",D2084))),\"\")","v":4071.32}]
[{"$f":"IFERROR(LEFT(D2085,SEARCH(\".\",D2085)-1),\"\")","v":"15"},{"$f":"IFERROR(LEFT(RIGHT(D2085,LEN(D2085)-SEARCH(\".\",D2085)),SEARCH(\".\",RIGHT(D2085,LEN(D2085)-SEARCH(\".\",D2085)))-1),\"\")","v":"4"},{"$f":"IFERROR(IF(LEN(D2085)-LEN(SUBSTITUTE(D2085,\".\",\"\"))<>3,\"\",MID(D2085,SEARCH(\".\",D2085,SEARCH(\".\",D2085)+1)+1,LEN(D2085)-SEARCH(\".\",D2085,SEARCH(\".\",D2085)+1)-(LEN(D2085)-(SEARCH(\".\",D2085,SEARCH(\".\",D2085,SEARCH(\".\",D2085)+1)+1)-1)))),\"\")","v":""},"15.4.1",{"$f":"IF($G2085=\"SINAPI\",VLOOKUP($F2085,DADOS_SINAPI,2,0),IF(G2085=\"SETOP\",VLOOKUP($F2085,DADOS_SETOP,2,0),IF(G2085=\"CPU\",VLOOKUP($F2085,DADOS_COMPOSICAO,2,0),IF(G2085=\"SICRO\",VLOOKUP($F2085,DADOS_SICRO,2,0),IF(G2085=\"SUDECAP\",VLOOKUP(F2085,DADOS_SUDECAP,2,0),IF(G2085=\"COTAÇÃO\",VLOOKUP($F2085,DADOS_COTACAO,2,0),\"\"))))))","v":"RASGO EM CONTRAPISO PARA RAMAIS/ DISTRIBUIÇÃO COM DIÂMETROS MENORES OU IGUAIS A 40 MM. AF_05/2015"},90444,"SINAPI",{"$f":"IF(G2085=\"SINAPI\",VLOOKUP($F2085,DADOS_SINAPI,3,0),IF(G2085=\"SETOP\",VLOOKUP($F2085,DADOS_SETOP,3,0),IF(G2085=\"CPU\",VLOOKUP($F2085,DADOS_COMPOSICAO,10,0),IF(G2085=\"SICRO\",VLOOKUP($F2085,DADOS_SICRO,3,0),IF(G2085=\"SUDECAP\",VLOOKUP(F2085,DADOS_SUDECAP,3,0),IF(G2085=\"COTAÇÃO\",VLOOKUP($F2085,DADOS_COTACAO,9,0),\"\"))))))","v":"M"},{"$f":"F2087","v":103.15},{"$f":"IF(G2085=\"SINAPI\",VLOOKUP($F2085,DADOS_SINAPI,4,0),IF(G2085=\"SETOP\",VLOOKUP($F2085,DADOS_SETOP,4,0),IF(G2085=\"CPU\",VLOOKUP($F2085,DADOS_COMPOSICAO,13,0),IF(G2085=\"SICRO\",VLOOKUP($F2085,DADOS_SICRO,4,0),IF(G2085=\"SUDECAP\",VLOOKUP(F2085,DADOS_SUDECAP,4,0),IF(G2085=\"COTAÇÃO\",VLOOKUP(F2085,DADOS_COTACAO,12,0),\"\"))))))","v":25.68},"BDI 1",{"$f":"TRUNC(J2085*(1+$N$17),2)","v":32.49},{"$f":"IFERROR(TRUNC(I2085*J2085,2),\"\")","v":2648.89},{"$f":"IFERROR(TRUNC(L2085*I2085,2),\"\")","v":3351.34}]
[2000]
[2000,null,null,null,"Quantidade",103.15,"m"]
[2000]
[{"$f":"IFERROR(LEFT(D2089,SEARCH(\".\",D2089)-1),\"\")","v":"15"},{"$f":"IFERROR(LEFT(RIGHT(D2089,LEN(D2089)-SEARCH(\".\",D2089)),SEARCH(\".\",RIGHT(D2089,LEN(D2089)-SEARCH(\".\",D2089)))-1),\"\")","v":"4"},{"$f":"IFERROR(IF(LEN(D2089)-LEN(SUBSTITUTE(D2089,\".\",\"\"))<>3,\"\",MID(D2089,SEARCH(\".\",D2089,SEARCH(\".\",D2089)+1)+1,LEN(D2089)-SEARCH(\".\",D2089,SEARCH(\".\",D2089)+1)-(LEN(D2089)-(SEARCH(\".\",D2089,SEARCH(\".\",D2089,SEARCH(\".\",D2089)+1)+1)-1)))),\"\")","v":""},"15.4.2",{"$f":"IF($G2089=\"SINAPI\",VLOOKUP($F2089,DADOS_SINAPI,2,0),IF(G2089=\"SETOP\",VLOOKUP($F2089,DADOS_SETOP,2,0),IF(G2089=\"CPU\",VLOOKUP($F2089,DADOS_COMPOSICAO,2,0),IF(G2089=\"SICRO\",VLOOKUP($F2089,DADOS_SICRO,2,0),IF(G2089=\"SUDECAP\",VLOOKUP(F2089,DADOS_SUDECAP,2,0),IF(G2089=\"COTAÇÃO\",VLOOKUP($F2089,DADOS_COTACAO,2,0),\"\"))))))","v":"CHUMBAMENTO LINEAR EM CONTRAPISO PARA RAMAIS/DISTRIBUIÇÃO COM DIÂMETROS MENORES OU IGUAIS A 40 MM. AF_05/2015"},90468,"SINAPI",{"$f":"IF(G2089=\"SINAPI\",VLOOKUP($F2089,DADOS_SINAPI,3,0),IF(G2089=\"SETOP\",VLOOKUP($F2089,DADOS_SETOP,3,0),IF(G2089=\"CPU\",VLOOKUP($F2089,DADOS_COMPOSICAO,10,0),IF(G2089=\"SICRO\",VLOOKUP($F2089,DADOS_SICRO,3,0),IF(G2089=\"SUDECAP\",VLOOKUP(F2089,DADOS_SUDECAP,3,0),IF(G2089=\"COTAÇÃO\",VLOOKUP($F2089,DADOS_COTACAO,9,0),\"\"))))))","v":"M"},{"$f":"F2091","v":103.15},{"$f":"IF(G2089=\"SINAPI\",VLOOKUP($F2089,DADOS_SINAPI,4,0),IF(G2089=\"SETOP\",VLOOKUP($F2089,DADOS_SETOP,4,0),IF(G2089=\"CPU\",VLOOKUP($F2089,DADOS_COMPOSICAO,13,0),IF(G2089=\"SICRO\",VLOOKUP($F2089,DADOS_SICRO,4,0),IF(G2089=\"SUDECAP\",VLOOKUP(F2089,DADOS_SUDECAP,4,0),IF(G2089=\"COTAÇÃO\",VLOOKUP(F2089,DADOS_COTACAO,12,0),\"\"))))))","v":5.52},"BDI 1",{"$f":"TRUNC(J2089*(1+$N$17),2)","v":6.98},{"$f":"IFERROR(TRUNC(I2089*J2089,2),\"\")","v":569.38},{"$f":"IFERROR(TRUNC(L2089*I2089,2),\"\")","v":719.98}]
[2000]
[2000,null,null,null,"Quantidade",{"$f":"F2087","v":103.15},"m"]
[2000]
[1000,null,null,16,"DRENAGEM PLUVIAL",null,null,null,null,null,null,null,{"$f":"SUMIF(A:A,D2093,M:M)","v":42854.16},{"$f":"SUMIF(A:A,D2093,N:N)","v":54217.029999999984}]
[null,null,null,"16.1","CAIXAS DE PASSAGEM",null,null,null,null,null,null,null,{"$f":"IFERROR(SUMIFS(M:M,A:A,LEFT(D2094,SEARCH(\".\",D2094)-1),B:B,RIGHT(D2094,LEN(D2094)-SEARCH(\".\",D2094))),\"\")","v":3943.17},{"$f":"IFERROR(SUMIFS(N:N,A:A,LEFT(D2094,SEARCH(\".\",D2094)-1),B:B,RIGHT(D2094,LEN(D2094)-SEARCH(\".\",D2094))),\"\")","v":4988.88}]
[{"$f":"IFERROR(LEFT(D2095,SEARCH(\".\",D2095)-1),\"\")","v":"16"},{"$f":"IFERROR(LEFT(RIGHT(D2095,LEN(D2095)-SEARCH(\".\",D2095)),SEARCH(\".\",RIGHT(D2095,LEN(D2095)-SEARCH(\".\",D2095)))-1),\"\")","v":"1"},{"$f":"IFERROR(IF(LEN(D2095)-LEN(SUBSTITUTE(D2095,\".\",\"\"))<>3,\"\",MID(D2095,SEARCH(\".\",D2095,SEARCH(\".\",D2095)+1)+1,LEN(D2095)-SEARCH(\".\",D2095,SEARCH(\".\",D2095)+1)-(LEN(D2095)-(SEARCH(\".\",D2095,SEARCH(\".\",D2095,SEARCH(\".\",D2095)+1)+1)-1)))),\"\")","v":""},"16.1.1",{"$f":"IF($G2095=\"SINAPI\",VLOOKUP($F2095,DADOS_SINAPI,2,0),IF(G2095=\"SETOP\",VLOOKUP($F2095,DADOS_SETOP,2,0),IF(G2095=\"CPU\",VLOOKUP($F2095,DADOS_COMPOSICAO,2,0),IF(G2095=\"SICRO\",VLOOKUP($F2095,DADOS_SICRO,2,0),IF(G2095=\"SUDECAP\",VLOOKUP(F2095,DADOS_SUDECAP,2,0),IF(G2095=\"COTAÇÃO\",VLOOKUP($F2095,DADOS_COTACAO,2,0),\"\"))))))","v":"CAIXA DE DRENAGEM DE INSPEÇÃO/PASSAGEM EM ALVENARIA (80X80X100CM), REVESTIMENTO EM ARGAMASSA COM ADITIVO IMPERMEABILIZANTE, COM TAMPA EM GRELHA, INCLUSIVE ESCAVAÇÃO, REATERRO E TRANSPORTE E RETIRADA DO MATERIAL ESCAVADO (EM CAÇAMBA)"},"ED-49925","SETOP",{"$f":"IF(G2095=\"SINAPI\",VLOOKUP($F2095,DADOS_SINAPI,3,0),IF(G2095=\"SETOP\",VLOOKUP($F2095,DADOS_SETOP,3,0),IF(G2095=\"CPU\",VLOOKUP($F2095,DADOS_COMPOSICAO,10,0),IF(G2095=\"SICRO\",VLOOKUP($F2095,DADOS_SICRO,3,0),IF(G2095=\"SUDECAP\",VLOOKUP(F2095,DADOS_SUDECAP,3,0),IF(G2095=\"COTAÇÃO\",VLOOKUP($F2095,DADOS_COTACAO,9,0),\"\"))))))","v":"un"},{"$f":"F2097","v":3},{"$f":"IF(G2095=\"SINAPI\",VLOOKUP($F2095,DADOS_SINAPI,4,0),IF(G2095=\"SETOP\",VLOOKUP($F2095,DADOS_SETOP,4,0),IF(G2095=\"CPU\",VLOOKUP($F2095,DADOS_COMPOSICAO,13,0),IF(G2095=\"SICRO\",VLOOKUP($F2095,DADOS_SICRO,4,0),IF(G2095=\"SUDECAP\",VLOOKUP(F2095,DADOS_SUDECAP,4,0),IF(G2095=\"COTAÇÃO\",VLOOKUP(F2095,DADOS_COTACAO,12,0),\"\"))))))","v":1314.39},"BDI 1",{"$f":"TRUNC(J2095*(1+$N$17),2)","v":1662.96},{"$f":"IFERROR(TRUNC(I2095*J2095,2),\"\")","v":3943.17},{"$f":"IFERROR(TRUNC(L2095*I2095,2),\"\")","v":4988.88}]
[2000]
[2000,null,null,null,"Quantidade",3,"un"]
[2000]
[null,null,null,"16.2","CALHA METÁLICA E ACESSÓRIOS",null,null,null,null,null,null,null,{"$f":"IFERROR(SUMIFS(M:M,A:A,LEFT(D2099,SEARCH(\".\",D2099)-1),B:B,RIGHT(D2099,LEN(D2099)-SEARCH(\".\",D2099))),\"\")","v":12834},{"$f":"IFERROR(SUMIFS(N:N,A:A,LEFT(D2099,SEARCH(\".\",D2099)-1),B:B,RIGHT(D2099,LEN(D2099)-SEARCH(\".\",D2099))),\"\")","v":16236.72}]
[{"$f":"IFERROR(LEFT(D2100,SEARCH(\".\",D2100)-1),\"\")","v":"16"},{"$f":"IFERROR(LEFT(RIGHT(D2100,LEN(D2100)-SEARCH(\".\",D2100)),SEARCH(\".\",RIGHT(D2100,LEN(D2100)-SEARCH(\".\",D2100)))-1),\"\")","v":"2"},{"$f":"IFERROR(IF(LEN(D2100)-LEN(SUBSTITUTE(D2100,\".\",\"\"))<>3,\"\",MID(D2100,SEARCH(\".\",D2100,SEARCH(\".\",D2100)+1)+1,LEN(D2100)-SEARCH(\".\",D2100,SEARCH(\".\",D2100)+1)-(LEN(D2100)-(SEARCH(\".\",D2100,SEARCH(\".\",D2100,SEARCH(\".\",D2100)+1)+1)-1)))),\"\")","v":""},"16.2.1",{"$f":"IF($G2100=\"SINAPI\",VLOOKUP($F2100,DADOS_SINAPI,2,0),IF(G2100=\"SETOP\",VLOOKUP($F2100,DADOS_SETOP,2,0),IF(G2100=\"CPU\",VLOOKUP($F2100,DADOS_COMPOSICAO,2,0),IF(G2100=\"SICRO\",VLOOKUP($F2100,DADOS_SICRO,2,0),IF(G2100=\"SUDECAP\",VLOOKUP(F2100,DADOS_SUDECAP,2,0),IF(G2100=\"COTAÇÃO\",VLOOKUP($F2100,DADOS_COTACAO,2,0),\"\"))))))","v":"CALHA EM CHAPA DE AÇO GALVANIZADO NÚMERO 24, DESENVOLVIMENTO DE 50 CM, INCLUSO TRANSPORTE VERTICAL. AF_07/2019"},94228,"SINAPI",{"$f":"IF(G2100=\"SINAPI\",VLOOKUP($F2100,DADOS_SINAPI,3,0),IF(G2100=\"SETOP\",VLOOKUP($F2100,DADOS_SETOP,3,0),IF(G2100=\"CPU\",VLOOKUP($F2100,DADOS_COMPOSICAO,10,0),IF(G2100=\"SICRO\",VLOOKUP($F2100,DADOS_SICRO,3,0),IF(G2100=\"SUDECAP\",VLOOKUP(F2100,DADOS_SUDECAP,3,0),IF(G2100=\"COTAÇÃO\",VLOOKUP($F2100,DADOS_COTACAO,9,0),\"\"))))))","v":"M"},{"$f":"F2103","v":125.1},{"$f":"IF(G2100=\"SINAPI\",VLOOKUP($F2100,DADOS_SINAPI,4,0),IF(G2100=\"SETOP\",VLOOKUP($F2100,DADOS_SETOP,4,0),IF(G2100=\"CPU\",VLOOKUP($F2100,DADOS_COMPOSICAO,13,0),IF(G2100=\"SICRO\",VLOOKUP($F2100,DADOS_SICRO,4,0),IF(G2100=\"SUDECAP\",VLOOKUP(F2100,DADOS_SUDECAP,4,0),IF(G2100=\"COTAÇÃO\",VLOOKUP(F2100,DADOS_COTACAO,12,0),\"\"))))))","v":102.59},"BDI 1",{"$f":"TRUNC(J2100*(1+$N$17),2)","v":129.79},{"$f":"IFERROR(TRUNC(I2100*J2100,2),\"\")","v":12834},{"$f":"IFERROR(TRUNC(L2100*I2100,2),\"\")","v":16236.72}]
[2000]
[2000,null,null,null,"200 X 150 MM",125.1,"m"]
[2000,null,null,null,"Total",{"$f":"F2102","v":125.1},"m"]
[2000]
[null,null,null,"16.3","TUBULAÇÕES E CONEXÕES DE PVC",null,null,null,null,null,null,null,{"$f":"IFERROR(SUMIFS(M:M,A:A,LEFT(D2105,SEARCH(\".\",D2105)-1),B:B,RIGHT(D2105,LEN(D2105)-SEARCH(\".\",D2105))),\"\")","v":25073.23},{"$f":"IFERROR(SUMIFS(N:N,A:A,LEFT(D2105,SEARCH(\".\",D2105)-1),B:B,RIGHT(D2105,LEN(D2105)-SEARCH(\".\",D2105))),\"\")","v":31721.51}]
[{"$f":"IFERROR(LEFT(D2106,SEARCH(\".\",D2106)-1),\"\")","v":"16"},{"$f":"IFERROR(LEFT(RIGHT(D2106,LEN(D2106)-SEARCH(\".\",D2106)),SEARCH(\".\",RIGHT(D2106,LEN(D2106)-SEARCH(\".\",D2106)))-1),\"\")","v":"3"},{"$f":"IFERROR(IF(LEN(D2106)-LEN(SUBSTITUTE(D2106,\".\",\"\"))<>3,\"\",MID(D2106,SEARCH(\".\",D2106,SEARCH(\".\",D2106)+1)+1,LEN(D2106)-SEARCH(\".\",D2106,SEARCH(\".\",D2106)+1)-(LEN(D2106)-(SEARCH(\".\",D2106,SEARCH(\".\",D2106,SEARCH(\".\",D2106)+1)+1)-1)))),\"\")","v":""},"16.3.1",{"$f":"IF($G2106=\"SINAPI\",VLOOKUP($F2106,DADOS_SINAPI,2,0),IF(G2106=\"SETOP\",VLOOKUP($F2106,DADOS_SETOP,2,0),IF(G2106=\"CPU\",VLOOKUP($F2106,DADOS_COMPOSICAO,2,0),IF(G2106=\"SICRO\",VLOOKUP($F2106,DADOS_SICRO,2,0),IF(G2106=\"SUDECAP\",VLOOKUP(F2106,DADOS_SUDECAP,2,0),IF(G2106=\"COTAÇÃO\",VLOOKUP($F2106,DADOS_COTACAO,2,0),\"\"))))))","v":"TUBO PVC, ÁGUA PLUVIAL, DN 200 MM, FORNECIDO E INSTALADO "},"DAC-16.1","CPU",{"$f":"IF(G2106=\"SINAPI\",VLOOKUP($F2106,DADOS_SINAPI,3,0),IF(G2106=\"SETOP\",VLOOKUP($F2106,DADOS_SETOP,3,0),IF(G2106=\"CPU\",VLOOKUP($F2106,DADOS_COMPOSICAO,10,0),IF(G2106=\"SICRO\",VLOOKUP($F2106,DADOS_SICRO,3,0),IF(G2106=\"SUDECAP\",VLOOKUP(F2106,DADOS_SUDECAP,3,0),IF(G2106=\"COTAÇÃO\",VLOOKUP($F2106,DADOS_COTACAO,9,0),\"\"))))))","v":"M     "},{"$f":"F2108","v":48.7},{"$f":"IF(G2106=\"SINAPI\",VLOOKUP($F2106,DADOS_SINAPI,4,0),IF(G2106=\"SETOP\",VLOOKUP($F2106,DADOS_SETOP,4,0),IF(G2106=\"CPU\",VLOOKUP($F2106,DADOS_COMPOSICAO,13,0),IF(G2106=\"SICRO\",VLOOKUP($F2106,DADOS_SICRO,4,0),IF(G2106=\"SUDECAP\",VLOOKUP(F2106,DADOS_SUDECAP,4,0),IF(G2106=\"COTAÇÃO\",VLOOKUP(F2106,DADOS_COTACAO,12,0),\"\"))))))","v":287.631326},"BDI 1",{"$f":"TRUNC(J2106*(1+$N$17),2)","v":363.91},{"$f":"IFERROR(TRUNC(I2106*J2106,2),\"\")","v":14007.64},{"$f":"IFERROR(TRUNC(L2106*I2106,2),\"\")","v":17722.41}]
[2000]
[2000,null,null,null,"Quantidade",48.7,"m"]
[2000]
[{"$f":"IFERROR(LEFT(D2110,SEARCH(\".\",D2110)-1),\"\")","v":"16"},{"$f":"IFERROR(LEFT(RIGHT(D2110,LEN(D2110)-SEARCH(\".\",D2110)),SEARCH(\".\",RIGHT(D2110,LEN(D2110)-SEARCH(\".\",D2110)))-1),\"\")","v":"3"},{"$f":"IFERROR(IF(LEN(D2110)-LEN(SUBSTITUTE(D2110,\".\",\"\"))<>3,\"\",MID(D2110,SEARCH(\".\",D2110,SEARCH(\".\",D2110)+1)+1,LEN(D2110)-SEARCH(\".\",D2110,SEARCH(\".\",D2110)+1)-(LEN(D2110)-(SEARCH(\".\",D2110,SEARCH(\".\",D2110,SEARCH(\".\",D2110)+1)+1)-1)))),\"\")","v":""},"16.3.2",{"$f":"IF($G2110=\"SINAPI\",VLOOKUP($F2110,DADOS_SINAPI,2,0),IF(G2110=\"SETOP\",VLOOKUP($F2110,DADOS_SETOP,2,0),IF(G2110=\"CPU\",VLOOKUP($F2110,DADOS_COMPOSICAO,2,0),IF(G2110=\"SICRO\",VLOOKUP($F2110,DADOS_SICRO,2,0),IF(G2110=\"SUDECAP\",VLOOKUP(F2110,DADOS_SUDECAP,2,0),IF(G2110=\"COTAÇÃO\",VLOOKUP($F2110,DADOS_COTACAO,2,0),\"\"))))))","v":"JOELHO 45 GRAUS, PVC, SERIE R, ÁGUA PLUVIAL, DN 100 MM, JUNTA ELÁSTICA, FORNECIDO E INSTALADO EM RAMAL DE ENCAMINHAMENTO. AF_06/2022"},89531,"SINAPI",{"$f":"IF(G2110=\"SINAPI\",VLOOKUP($F2110,DADOS_SINAPI,3,0),IF(G2110=\"SETOP\",VLOOKUP($F2110,DADOS_SETOP,3,0),IF(G2110=\"CPU\",VLOOKUP($F2110,DADOS_COMPOSICAO,10,0),IF(G2110=\"SICRO\",VLOOKUP($F2110,DADOS_SICRO,3,0),IF(G2110=\"SUDECAP\",VLOOKUP(F2110,DADOS_SUDECAP,3,0),IF(G2110=\"COTAÇÃO\",VLOOKUP($F2110,DADOS_COTACAO,9,0),\"\"))))))","v":"UN"},{"$f":"F2112","v":11},{"$f":"IF(G2110=\"SINAPI\",VLOOKUP($F2110,DADOS_SINAPI,4,0),IF(G2110=\"SETOP\",VLOOKUP($F2110,DADOS_SETOP,4,0),IF(G2110=\"CPU\",VLOOKUP($F2110,DADOS_COMPOSICAO,13,0),IF(G2110=\"SICRO\",VLOOKUP($F2110,DADOS_SICRO,4,0),IF(G2110=\"SUDECAP\",VLOOKUP(F2110,DADOS_SUDECAP,4,0),IF(G2110=\"COTAÇÃO\",VLOOKUP(F2110,DADOS_COTACAO,12,0),\"\"))))))","v":38.03},"BDI 1",{"$f":"TRUNC(J2110*(1+$N$17),2)","v":48.11},{"$f":"IFERROR(TRUNC(I2110*J2110,2),\"\")","v":418.33},{"$f":"IFERROR(TRUNC(L2110*I2110,2),\"\")","v":529.21}]
[2000]
[2000,null,null,null,"Quantidade",11,"un"]
[2000]
[{"$f":"IFERROR(LEFT(D2114,SEARCH(\".\",D2114)-1),\"\")","v":"16"},{"$f":"IFERROR(LEFT(RIGHT(D2114,LEN(D2114)-SEARCH(\".\",D2114)),SEARCH(\".\",RIGHT(D2114,LEN(D2114)-SEARCH(\".\",D2114)))-1),\"\")","v":"3"},{"$f":"IFERROR(IF(LEN(D2114)-LEN(SUBSTITUTE(D2114,\".\",\"\"))<>3,\"\",MID(D2114,SEARCH(\".\",D2114,SEARCH(\".\",D2114)+1)+1,LEN(D2114)-SEARCH(\".\",D2114,SEARCH(\".\",D2114)+1)-(LEN(D2114)-(SEARCH(\".\",D2114,SEARCH(\".\",D2114,SEARCH(\".\",D2114)+1)+1)-1)))),\"\")","v":""},"16.3.3",{"$f":"IF($G2114=\"SINAPI\",VLOOKUP($F2114,DADOS_SINAPI,2,0),IF(G2114=\"SETOP\",VLOOKUP($F2114,DADOS_SETOP,2,0),IF(G2114=\"CPU\",VLOOKUP($F2114,DADOS_COMPOSICAO,2,0),IF(G2114=\"SICRO\",VLOOKUP($F2114,DADOS_SICRO,2,0),IF(G2114=\"SUDECAP\",VLOOKUP(F2114,DADOS_SUDECAP,2,0),IF(G2114=\"COTAÇÃO\",VLOOKUP($F2114,DADOS_COTACAO,2,0),\"\"))))))","v":"JOELHO 45 GRAUS, PVC, SERIE R, ÁGUA PLUVIAL, DN 150 MM, JUNTA ELÁSTICA, FORNECIDO E INSTALADO EM RAMAL DE ENCAMINHAMENTO. AF_06/2022"},104168,"SINAPI",{"$f":"IF(G2114=\"SINAPI\",VLOOKUP($F2114,DADOS_SINAPI,3,0),IF(G2114=\"SETOP\",VLOOKUP($F2114,DADOS_SETOP,3,0),IF(G2114=\"CPU\",VLOOKUP($F2114,DADOS_COMPOSICAO,10,0),IF(G2114=\"SICRO\",VLOOKUP($F2114,DADOS_SICRO,3,0),IF(G2114=\"SUDECAP\",VLOOKUP(F2114,DADOS_SUDECAP,3,0),IF(G2114=\"COTAÇÃO\",VLOOKUP($F2114,DADOS_COTACAO,9,0),\"\"))))))","v":"UN"},{"$f":"F2116","v":6},{"$f":"IF(G2114=\"SINAPI\",VLOOKUP($F2114,DADOS_SINAPI,4,0),IF(G2114=\"SETOP\",VLOOKUP($F2114,DADOS_SETOP,4,0),IF(G2114=\"CPU\",VLOOKUP($F2114,DADOS_COMPOSICAO,13,0),IF(G2114=\"SICRO\",VLOOKUP($F2114,DADOS_SICRO,4,0),IF(G2114=\"SUDECAP\",VLOOKUP(F2114,DADOS_SUDECAP,4,0),IF(G2114=\"COTAÇÃO\",VLOOKUP(F2114,DADOS_COTACAO,12,0),\"\"))))))","v":122},"BDI 1",{"$f":"TRUNC(J2114*(1+$N$17),2)","v":154.35},{"$f":"IFERROR(TRUNC(I2114*J2114,2),\"\")","v":732},{"$f":"IFERROR(TRUNC(L2114*I2114,2),\"\")","v":926.1}]
[2000]
[2000,null,null,null,"Quantidade",6,"un"]
[2000]
[{"$f":"IFERROR(LEFT(D2118,SEARCH(\".\",D2118)-1),\"\")","v":"16"},{"$f":"IFERROR(LEFT(RIGHT(D2118,LEN(D2118)-SEARCH(\".\",D2118)),SEARCH(\".\",RIGHT(D2118,LEN(D2118)-SEARCH(\".\",D2118)))-1),\"\")","v":"3"},{"$f":"IFERROR(IF(LEN(D2118)-LEN(SUBSTITUTE(D2118,\".\",\"\"))<>3,\"\",MID(D2118,SEARCH(\".\",D2118,SEARCH(\".\",D2118)+1)+1,LEN(D2118)-SEARCH(\".\",D2118,SEARCH(\".\",D2118)+1)-(LEN(D2118)-(SEARCH(\".\",D2118,SEARCH(\".\",D2118,SEARCH(\".\",D2118)+1)+1)-1)))),\"\")","v":""},"16.3.4",{"$f":"IF($G2118=\"SINAPI\",VLOOKUP($F2118,DADOS_SINAPI,2,0),IF(G2118=\"SETOP\",VLOOKUP($F2118,DADOS_SETOP,2,0),IF(G2118=\"CPU\",VLOOKUP($F2118,DADOS_COMPOSICAO,2,0),IF(G2118=\"SICRO\",VLOOKUP($F2118,DADOS_SICRO,2,0),IF(G2118=\"SUDECAP\",VLOOKUP(F2118,DADOS_SUDECAP,2,0),IF(G2118=\"COTAÇÃO\",VLOOKUP($F2118,DADOS_COTACAO,2,0),\"\"))))))","v":"JOELHO 90 GRAUS, PVC, SERIE R, ÁGUA PLUVIAL, DN 100 MM, JUNTA ELÁSTICA, FORNECIDO E INSTALADO EM CONDUTORES VERTICAIS DE ÁGUAS PLUVIAIS. AF_06/2022"},89584,"SINAPI",{"$f":"IF(G2118=\"SINAPI\",VLOOKUP($F2118,DADOS_SINAPI,3,0),IF(G2118=\"SETOP\",VLOOKUP($F2118,DADOS_SETOP,3,0),IF(G2118=\"CPU\",VLOOKUP($F2118,DADOS_COMPOSICAO,10,0),IF(G2118=\"SICRO\",VLOOKUP($F2118,DADOS_SICRO,3,0),IF(G2118=\"SUDECAP\",VLOOKUP(F2118,DADOS_SUDECAP,3,0),IF(G2118=\"COTAÇÃO\",VLOOKUP($F2118,DADOS_COTACAO,9,0),\"\"))))))","v":"UN"},{"$f":"F2120","v":11},{"$f":"IF(G2118=\"SINAPI\",VLOOKUP($F2118,DADOS_SINAPI,4,0),IF(G2118=\"SETOP\",VLOOKUP($F2118,DADOS_SETOP,4,0),IF(G2118=\"CPU\",VLOOKUP($F2118,DADOS_COMPOSICAO,13,0),IF(G2118=\"SICRO\",VLOOKUP($F2118,DADOS_SICRO,4,0),IF(G2118=\"SUDECAP\",VLOOKUP(F2118,DADOS_SUDECAP,4,0),IF(G2118=\"COTAÇÃO\",VLOOKUP(F2118,DADOS_COTACAO,12,0),\"\"))))))","v":43.05},"BDI 1",{"$f":"TRUNC(J2118*(1+$N$17),2)","v":54.46},{"$f":"IFERROR(TRUNC(I2118*J2118,2),\"\")","v":473.55},{"$f":"IFERROR(TRUNC(L2118*I2118,2),\"\")","v":599.05999999999995}]
[2000]
[2000,null,null,null,"Quantidade",11,"un"]
[2000]
[{"$f":"IFERROR(LEFT(D2122,SEARCH(\".\",D2122)-1),\"\")","v":"16"},{"$f":"IFERROR(LEFT(RIGHT(D2122,LEN(D2122)-SEARCH(\".\",D2122)),SEARCH(\".\",RIGHT(D2122,LEN(D2122)-SEARCH(\".\",D2122)))-1),\"\")","v":"3"},{"$f":"IFERROR(IF(LEN(D2122)-LEN(SUBSTITUTE(D2122,\".\",\"\"))<>3,\"\",MID(D2122,SEARCH(\".\",D2122,SEARCH(\".\",D2122)+1)+1,LEN(D2122)-SEARCH(\".\",D2122,SEARCH(\".\",D2122)+1)-(LEN(D2122)-(SEARCH(\".\",D2122,SEARCH(\".\",D2122,SEARCH(\".\",D2122)+1)+1)-1)))),\"\")","v":""},"16.3.5",{"$f":"IF($G2122=\"SINAPI\",VLOOKUP($F2122,DADOS_SINAPI,2,0),IF(G2122=\"SETOP\",VLOOKUP($F2122,DADOS_SETOP,2,0),IF(G2122=\"CPU\",VLOOKUP($F2122,DADOS_COMPOSICAO,2,0),IF(G2122=\"SICRO\",VLOOKUP($F2122,DADOS_SICRO,2,0),IF(G2122=\"SUDECAP\",VLOOKUP(F2122,DADOS_SUDECAP,2,0),IF(G2122=\"COTAÇÃO\",VLOOKUP($F2122,DADOS_COTACAO,2,0),\"\"))))))","v":"JOELHO 90 GRAUS, PVC, SERIE R, ÁGUA PLUVIAL, DN 150 MM, JUNTA ELÁSTICA, FORNECIDO E INSTALADO EM RAMAL DE ENCAMINHAMENTO. AF_06/2022"},104167,"SINAPI",{"$f":"IF(G2122=\"SINAPI\",VLOOKUP($F2122,DADOS_SINAPI,3,0),IF(G2122=\"SETOP\",VLOOKUP($F2122,DADOS_SETOP,3,0),IF(G2122=\"CPU\",VLOOKUP($F2122,DADOS_COMPOSICAO,10,0),IF(G2122=\"SICRO\",VLOOKUP($F2122,DADOS_SICRO,3,0),IF(G2122=\"SUDECAP\",VLOOKUP(F2122,DADOS_SUDECAP,3,0),IF(G2122=\"COTAÇÃO\",VLOOKUP($F2122,DADOS_COTACAO,9,0),\"\"))))))","v":"UN"},{"$f":"F2124","v":8},{"$f":"IF(G2122=\"SINAPI\",VLOOKUP($F2122,DADOS_SINAPI,4,0),IF(G2122=\"SETOP\",VLOOKUP($F2122,DADOS_SETOP,4,0),IF(G2122=\"CPU\",VLOOKUP($F2122,DADOS_COMPOSICAO,13,0),IF(G2122=\"SICRO\",VLOOKUP($F2122,DADOS_SICRO,4,0),IF(G2122=\"SUDECAP\",VLOOKUP(F2122,DADOS_SUDECAP,4,0),IF(G2122=\"COTAÇÃO\",VLOOKUP(F2122,DADOS_COTACAO,12,0),\"\"))))))","v":125.49},"BDI 1",{"$f":"TRUNC(J2122*(1+$N$17),2)","v":158.76},{"$f":"IFERROR(TRUNC(I2122*J2122,2),\"\")","v":1003.92},{"$f":"IFERROR(TRUNC(L2122*I2122,2),\"\")","v":1270.08}]
[2000]
[2000,null,null,null,"Quantidade",8,"un"]
[2000]
[{"$f":"IFERROR(LEFT(D2126,SEARCH(\".\",D2126)-1),\"\")","v":"16"},{"$f":"IFERROR(LEFT(RIGHT(D2126,LEN(D2126)-SEARCH(\".\",D2126)),SEARCH(\".\",RIGHT(D2126,LEN(D2126)-SEARCH(\".\",D2126)))-1),\"\")","v":"3"},{"$f":"IFERROR(IF(LEN(D2126)-LEN(SUBSTITUTE(D2126,\".\",\"\"))<>3,\"\",MID(D2126,SEARCH(\".\",D2126,SEARCH(\".\",D2126)+1)+1,LEN(D2126)-SEARCH(\".\",D2126,SEARCH(\".\",D2126)+1)-(LEN(D2126)-(SEARCH(\".\",D2126,SEARCH(\".\",D2126,SEARCH(\".\",D2126)+1)+1)-1)))),\"\")","v":""},"16.3.6",{"$f":"IF($G2126=\"SINAPI\",VLOOKUP($F2126,DADOS_SINAPI,2,0),IF(G2126=\"SETOP\",VLOOKUP($F2126,DADOS_SETOP,2,0),IF(G2126=\"CPU\",VLOOKUP($F2126,DADOS_COMPOSICAO,2,0),IF(G2126=\"SICRO\",VLOOKUP($F2126,DADOS_SICRO,2,0),IF(G2126=\"SUDECAP\",VLOOKUP(F2126,DADOS_SUDECAP,2,0),IF(G2126=\"COTAÇÃO\",VLOOKUP($F2126,DADOS_COTACAO,2,0),\"\"))))))","v":"JUNÇÃO SIMPLES, PVC, SERIE R, ÁGUA PLUVIAL, DN 150 X 100 MM, JUNTA ELÁSTICA, FORNECIDO E INSTALADO EM CONDUTORES VERTICAIS DE ÁGUAS PLUVIAIS. AF_06/2022"},89699,"SINAPI",{"$f":"IF(G2126=\"SINAPI\",VLOOKUP($F2126,DADOS_SINAPI,3,0),IF(G2126=\"SETOP\",VLOOKUP($F2126,DADOS_SETOP,3,0),IF(G2126=\"CPU\",VLOOKUP($F2126,DADOS_COMPOSICAO,10,0),IF(G2126=\"SICRO\",VLOOKUP($F2126,DADOS_SICRO,3,0),IF(G2126=\"SUDECAP\",VLOOKUP(F2126,DADOS_SUDECAP,3,0),IF(G2126=\"COTAÇÃO\",VLOOKUP($F2126,DADOS_COTACAO,9,0),\"\"))))))","v":"UN"},{"$f":"F2128","v":7},{"$f":"IF(G2126=\"SINAPI\",VLOOKUP($F2126,DADOS_SINAPI,4,0),IF(G2126=\"SETOP\",VLOOKUP($F2126,DADOS_SETOP,4,0),IF(G2126=\"CPU\",VLOOKUP($F2126,DADOS_COMPOSICAO,13,0),IF(G2126=\"SICRO\",VLOOKUP($F2126,DADOS_SICRO,4,0),IF(G2126=\"SUDECAP\",VLOOKUP(F2126,DADOS_SUDECAP,4,0),IF(G2126=\"COTAÇÃO\",VLOOKUP(F2126,DADOS_COTACAO,12,0),\"\"))))))","v":205.33},"BDI 1",{"$f":"TRUNC(J2126*(1+$N$17),2)","v":259.77999999999997},{"$f":"IFERROR(TRUNC(I2126*J2126,2),\"\")","v":1437.31},{"$f":"IFERROR(TRUNC(L2126*I2126,2),\"\")","v":1818.46}]
[2000]
[2000,null,null,null,"Quantidade",7,"un"]
[2000]
[{"$f":"IFERROR(LEFT(D2130,SEARCH(\".\",D2130)-1),\"\")","v":"16"},{"$f":"IFERROR(LEFT(RIGHT(D2130,LEN(D2130)-SEARCH(\".\",D2130)),SEARCH(\".\",RIGHT(D2130,LEN(D2130)-SEARCH(\".\",D2130)))-1),\"\")","v":"3"},{"$f":"IFERROR(IF(LEN(D2130)-LEN(SUBSTITUTE(D2130,\".\",\"\"))<>3,\"\",MID(D2130,SEARCH(\".\",D2130,SEARCH(\".\",D2130)+1)+1,LEN(D2130)-SEARCH(\".\",D2130,SEARCH(\".\",D2130)+1)-(LEN(D2130)-(SEARCH(\".\",D2130,SEARCH(\".\",D2130,SEARCH(\".\",D2130)+1)+1)-1)))),\"\")","v":""},"16.3.7",{"$f":"IF($G2130=\"SINAPI\",VLOOKUP($F2130,DADOS_SINAPI,2,0),IF(G2130=\"SETOP\",VLOOKUP($F2130,DADOS_SETOP,2,0),IF(G2130=\"CPU\",VLOOKUP($F2130,DADOS_COMPOSICAO,2,0),IF(G2130=\"SICRO\",VLOOKUP($F2130,DADOS_SICRO,2,0),IF(G2130=\"SUDECAP\",VLOOKUP(F2130,DADOS_SUDECAP,2,0),IF(G2130=\"COTAÇÃO\",VLOOKUP($F2130,DADOS_COTACAO,2,0),\"\"))))))","v":"REDUÇÃO EXCÊNTRICA, PVC, SERIE R, ÁGUA PLUVIAL, DN 150 X 100 MM, JUNTA ELÁSTICA, FORNECIDO E INSTALADO EM CONDUTORES VERTICAIS DE ÁGUAS PLUVIAIS. AF_06/2022"},89681,"SINAPI",{"$f":"IF(G2130=\"SINAPI\",VLOOKUP($F2130,DADOS_SINAPI,3,0),IF(G2130=\"SETOP\",VLOOKUP($F2130,DADOS_SETOP,3,0),IF(G2130=\"CPU\",VLOOKUP($F2130,DADOS_COMPOSICAO,10,0),IF(G2130=\"SICRO\",VLOOKUP($F2130,DADOS_SICRO,3,0),IF(G2130=\"SUDECAP\",VLOOKUP(F2130,DADOS_SUDECAP,3,0),IF(G2130=\"COTAÇÃO\",VLOOKUP($F2130,DADOS_COTACAO,9,0),\"\"))))))","v":"UN"},{"$f":"F2132","v":4},{"$f":"IF(G2130=\"SINAPI\",VLOOKUP($F2130,DADOS_SINAPI,4,0),IF(G2130=\"SETOP\",VLOOKUP($F2130,DADOS_SETOP,4,0),IF(G2130=\"CPU\",VLOOKUP($F2130,DADOS_COMPOSICAO,13,0),IF(G2130=\"SICRO\",VLOOKUP($F2130,DADOS_SICRO,4,0),IF(G2130=\"SUDECAP\",VLOOKUP(F2130,DADOS_SUDECAP,4,0),IF(G2130=\"COTAÇÃO\",VLOOKUP(F2130,DADOS_COTACAO,12,0),\"\"))))))","v":91.28},"BDI 1",{"$f":"TRUNC(J2130*(1+$N$17),2)","v":115.48},{"$f":"IFERROR(TRUNC(I2130*J2130,2),\"\")","v":365.12},{"$f":"IFERROR(TRUNC(L2130*I2130,2),\"\")","v":461.92}]
[2000]
[2000,null,null,null,"Quantidade",4,"un"]
[2000]
[{"$f":"IFERROR(LEFT(D2134,SEARCH(\".\",D2134)-1),\"\")","v":"16"},{"$f":"IFERROR(LEFT(RIGHT(D2134,LEN(D2134)-SEARCH(\".\",D2134)),SEARCH(\".\",RIGHT(D2134,LEN(D2134)-SEARCH(\".\",D2134)))-1),\"\")","v":"3"},{"$f":"IFERROR(IF(LEN(D2134)-LEN(SUBSTITUTE(D2134,\".\",\"\"))<>3,\"\",MID(D2134,SEARCH(\".\",D2134,SEARCH(\".\",D2134)+1)+1,LEN(D2134)-SEARCH(\".\",D2134,SEARCH(\".\",D2134)+1)-(LEN(D2134)-(SEARCH(\".\",D2134,SEARCH(\".\",D2134,SEARCH(\".\",D2134)+1)+1)-1)))),\"\")","v":""},"16.3.8",{"$f":"IF($G2134=\"SINAPI\",VLOOKUP($F2134,DADOS_SINAPI,2,0),IF(G2134=\"SETOP\",VLOOKUP($F2134,DADOS_SETOP,2,0),IF(G2134=\"CPU\",VLOOKUP($F2134,DADOS_COMPOSICAO,2,0),IF(G2134=\"SICRO\",VLOOKUP($F2134,DADOS_SICRO,2,0),IF(G2134=\"SUDECAP\",VLOOKUP(F2134,DADOS_SUDECAP,2,0),IF(G2134=\"COTAÇÃO\",VLOOKUP($F2134,DADOS_COTACAO,2,0),\"\"))))))","v":"TUBO PVC, SÉRIE R, ÁGUA PLUVIAL, DN 100 MM, FORNECIDO E INSTALADO EM CONDUTORES VERTICAIS DE ÁGUAS PLUVIAIS. AF_06/2022"},89578,"SINAPI",{"$f":"IF(G2134=\"SINAPI\",VLOOKUP($F2134,DADOS_SINAPI,3,0),IF(G2134=\"SETOP\",VLOOKUP($F2134,DADOS_SETOP,3,0),IF(G2134=\"CPU\",VLOOKUP($F2134,DADOS_COMPOSICAO,10,0),IF(G2134=\"SICRO\",VLOOKUP($F2134,DADOS_SICRO,3,0),IF(G2134=\"SUDECAP\",VLOOKUP(F2134,DADOS_SUDECAP,3,0),IF(G2134=\"COTAÇÃO\",VLOOKUP($F2134,DADOS_COTACAO,9,0),\"\"))))))","v":"M"},{"$f":"F2136","v":74.3},{"$f":"IF(G2134=\"SINAPI\",VLOOKUP($F2134,DADOS_SINAPI,4,0),IF(G2134=\"SETOP\",VLOOKUP($F2134,DADOS_SETOP,4,0),IF(G2134=\"CPU\",VLOOKUP($F2134,DADOS_COMPOSICAO,13,0),IF(G2134=\"SICRO\",VLOOKUP($F2134,DADOS_SICRO,4,0),IF(G2134=\"SUDECAP\",VLOOKUP(F2134,DADOS_SUDECAP,4,0),IF(G2134=\"COTAÇÃO\",VLOOKUP(F2134,DADOS_COTACAO,12,0),\"\"))))))","v":35.630000000000003},"BDI 1",{"$f":"TRUNC(J2134*(1+$N$17),2)","v":45.07},{"$f":"IFERROR(TRUNC(I2134*J2134,2),\"\")","v":2647.3},{"$f":"IFERROR(TRUNC(L2134*I2134,2),\"\")","v":3348.7}]
[2000]
[2000,null,null,null,"Quantidade",74.3,"m"]
[2000]
[{"$f":"IFERROR(LEFT(D2138,SEARCH(\".\",D2138)-1),\"\")","v":"16"},{"$f":"IFERROR(LEFT(RIGHT(D2138,LEN(D2138)-SEARCH(\".\",D2138)),SEARCH(\".\",RIGHT(D2138,LEN(D2138)-SEARCH(\".\",D2138)))-1),\"\")","v":"3"},{"$f":"IFERROR(IF(LEN(D2138)-LEN(SUBSTITUTE(D2138,\".\",\"\"))<>3,\"\",MID(D2138,SEARCH(\".\",D2138,SEARCH(\".\",D2138)+1)+1,LEN(D2138)-SEARCH(\".\",D2138,SEARCH(\".\",D2138)+1)-(LEN(D2138)-(SEARCH(\".\",D2138,SEARCH(\".\",D2138,SEARCH(\".\",D2138)+1)+1)-1)))),\"\")","v":""},"16.3.9",{"$f":"IF($G2138=\"SINAPI\",VLOOKUP($F2138,DADOS_SINAPI,2,0),IF(G2138=\"SETOP\",VLOOKUP($F2138,DADOS_SETOP,2,0),IF(G2138=\"CPU\",VLOOKUP($F2138,DADOS_COMPOSICAO,2,0),IF(G2138=\"SICRO\",VLOOKUP($F2138,DADOS_SICRO,2,0),IF(G2138=\"SUDECAP\",VLOOKUP(F2138,DADOS_SUDECAP,2,0),IF(G2138=\"COTAÇÃO\",VLOOKUP($F2138,DADOS_COTACAO,2,0),\"\"))))))","v":"TUBO PVC, SÉRIE R, ÁGUA PLUVIAL, DN 150 MM, FORNECIDO E INSTALADO EM CONDUTORES VERTICAIS DE ÁGUAS PLUVIAIS. AF_06/2022"},89580,"SINAPI",{"$f":"IF(G2138=\"SINAPI\",VLOOKUP($F2138,DADOS_SINAPI,3,0),IF(G2138=\"SETOP\",VLOOKUP($F2138,DADOS_SETOP,3,0),IF(G2138=\"CPU\",VLOOKUP($F2138,DADOS_COMPOSICAO,10,0),IF(G2138=\"SICRO\",VLOOKUP($F2138,DADOS_SICRO,3,0),IF(G2138=\"SUDECAP\",VLOOKUP(F2138,DADOS_SUDECAP,3,0),IF(G2138=\"COTAÇÃO\",VLOOKUP($F2138,DADOS_COTACAO,9,0),\"\"))))))","v":"M"},{"$f":"F2140","v":53.9},{"$f":"IF(G2138=\"SINAPI\",VLOOKUP($F2138,DADOS_SINAPI,4,0),IF(G2138=\"SETOP\",VLOOKUP($F2138,DADOS_SETOP,4,0),IF(G2138=\"CPU\",VLOOKUP($F2138,DADOS_COMPOSICAO,13,0),IF(G2138=\"SICRO\",VLOOKUP($F2138,DADOS_SICRO,4,0),IF(G2138=\"SUDECAP\",VLOOKUP(F2138,DADOS_SUDECAP,4,0),IF(G2138=\"COTAÇÃO\",VLOOKUP(F2138,DADOS_COTACAO,12,0),\"\"))))))","v":73.989999999999995},"BDI 1",{"$f":"TRUNC(J2138*(1+$N$17),2)","v":93.61},{"$f":"IFERROR(TRUNC(I2138*J2138,2),\"\")","v":3988.06},{"$f":"IFERROR(TRUNC(L2138*I2138,2),\"\")","v":5045.57}]
[2000]
[2000,null,null,null,"Quantidade",53.9,"m"]
[2000]
[null,null,null,"16.4","ESCAVAÇÕES",null,null,null,null,null,null,null,{"$f":"IFERROR(SUMIFS(M:M,A:A,LEFT(D2142,SEARCH(\".\",D2142)-1),B:B,RIGHT(D2142,LEN(D2142)-SEARCH(\".\",D2142))),\"\")","v":1003.76},{"$f":"IFERROR(SUMIFS(N:N,A:A,LEFT(D2142,SEARCH(\".\",D2142)-1),B:B,RIGHT(D2142,LEN(D2142)-SEARCH(\".\",D2142))),\"\")","v":1269.92}]
[{"$f":"IFERROR(LEFT(D2143,SEARCH(\".\",D2143)-1),\"\")","v":"16"},{"$f":"IFERROR(LEFT(RIGHT(D2143,LEN(D2143)-SEARCH(\".\",D2143)),SEARCH(\".\",RIGHT(D2143,LEN(D2143)-SEARCH(\".\",D2143)))-1),\"\")","v":"4"},{"$f":"IFERROR(IF(LEN(D2143)-LEN(SUBSTITUTE(D2143,\".\",\"\"))<>3,\"\",MID(D2143,SEARCH(\".\",D2143,SEARCH(\".\",D2143)+1)+1,LEN(D2143)-SEARCH(\".\",D2143,SEARCH(\".\",D2143)+1)-(LEN(D2143)-(SEARCH(\".\",D2143,SEARCH(\".\",D2143,SEARCH(\".\",D2143)+1)+1)-1)))),\"\")","v":""},"16.4.1",{"$f":"IF($G2143=\"SINAPI\",VLOOKUP($F2143,DADOS_SINAPI,2,0),IF(G2143=\"SETOP\",VLOOKUP($F2143,DADOS_SETOP,2,0),IF(G2143=\"CPU\",VLOOKUP($F2143,DADOS_COMPOSICAO,2,0),IF(G2143=\"SICRO\",VLOOKUP($F2143,DADOS_SICRO,2,0),IF(G2143=\"SUDECAP\",VLOOKUP(F2143,DADOS_SUDECAP,2,0),IF(G2143=\"COTAÇÃO\",VLOOKUP($F2143,DADOS_COTACAO,2,0),\"\"))))))","v":"ESCAVAÇÃO MANUAL DE VALA COM PROFUNDIDADE MENOR OU IGUAL A 1,30 M. AF_02/2021"},93358,"SINAPI",{"$f":"IF(G2143=\"SINAPI\",VLOOKUP($F2143,DADOS_SINAPI,3,0),IF(G2143=\"SETOP\",VLOOKUP($F2143,DADOS_SETOP,3,0),IF(G2143=\"CPU\",VLOOKUP($F2143,DADOS_COMPOSICAO,10,0),IF(G2143=\"SICRO\",VLOOKUP($F2143,DADOS_SICRO,3,0),IF(G2143=\"SUDECAP\",VLOOKUP(F2143,DADOS_SUDECAP,3,0),IF(G2143=\"COTAÇÃO\",VLOOKUP($F2143,DADOS_COTACAO,9,0),\"\"))))))","v":"M3"},{"$f":"F2145","v":8.89},{"$f":"IF(G2143=\"SINAPI\",VLOOKUP($F2143,DADOS_SINAPI,4,0),IF(G2143=\"SETOP\",VLOOKUP($F2143,DADOS_SETOP,4,0),IF(G2143=\"CPU\",VLOOKUP($F2143,DADOS_COMPOSICAO,13,0),IF(G2143=\"SICRO\",VLOOKUP($F2143,DADOS_SICRO,4,0),IF(G2143=\"SUDECAP\",VLOOKUP(F2143,DADOS_SUDECAP,4,0),IF(G2143=\"COTAÇÃO\",VLOOKUP(F2143,DADOS_COTACAO,12,0),\"\"))))))","v":70.290000000000006},"BDI 1",{"$f":"TRUNC(J2143*(1+$N$17),2)","v":88.93},{"$f":"IFERROR(TRUNC(I2143*J2143,2),\"\")","v":624.87},{"$f":"IFERROR(TRUNC(L2143*I2143,2),\"\")","v":790.58}]
[2000]
[2000,null,null,null,"Quantidade",8.89,"m³"]
[2000]
[{"$f":"IFERROR(LEFT(D2147,SEARCH(\".\",D2147)-1),\"\")","v":"16"},{"$f":"IFERROR(LEFT(RIGHT(D2147,LEN(D2147)-SEARCH(\".\",D2147)),SEARCH(\".\",RIGHT(D2147,LEN(D2147)-SEARCH(\".\",D2147)))-1),\"\")","v":"4"},{"$f":"IFERROR(IF(LEN(D2147)-LEN(SUBSTITUTE(D2147,\".\",\"\"))<>3,\"\",MID(D2147,SEARCH(\".\",D2147,SEARCH(\".\",D2147)+1)+1,LEN(D2147)-SEARCH(\".\",D2147,SEARCH(\".\",D2147)+1)-(LEN(D2147)-(SEARCH(\".\",D2147,SEARCH(\".\",D2147,SEARCH(\".\",D2147)+1)+1)-1)))),\"\")","v":""},"16.4.2",{"$f":"IF($G2147=\"SINAPI\",VLOOKUP($F2147,DADOS_SINAPI,2,0),IF(G2147=\"SETOP\",VLOOKUP($F2147,DADOS_SETOP,2,0),IF(G2147=\"CPU\",VLOOKUP($F2147,DADOS_COMPOSICAO,2,0),IF(G2147=\"SICRO\",VLOOKUP($F2147,DADOS_SICRO,2,0),IF(G2147=\"SUDECAP\",VLOOKUP(F2147,DADOS_SUDECAP,2,0),IF(G2147=\"COTAÇÃO\",VLOOKUP($F2147,DADOS_COTACAO,2,0),\"\"))))))","v":"REATERRO MANUAL APILOADO COM SOQUETE. AF_10/2017"},96995,"SINAPI",{"$f":"IF(G2147=\"SINAPI\",VLOOKUP($F2147,DADOS_SINAPI,3,0),IF(G2147=\"SETOP\",VLOOKUP($F2147,DADOS_SETOP,3,0),IF(G2147=\"CPU\",VLOOKUP($F2147,DADOS_COMPOSICAO,10,0),IF(G2147=\"SICRO\",VLOOKUP($F2147,DADOS_SICRO,3,0),IF(G2147=\"SUDECAP\",VLOOKUP(F2147,DADOS_SUDECAP,3,0),IF(G2147=\"COTAÇÃO\",VLOOKUP($F2147,DADOS_COTACAO,9,0),\"\"))))))","v":"M3"},{"$f":"F2149","v":8.89},{"$f":"IF(G2147=\"SINAPI\",VLOOKUP($F2147,DADOS_SINAPI,4,0),IF(G2147=\"SETOP\",VLOOKUP($F2147,DADOS_SETOP,4,0),IF(G2147=\"CPU\",VLOOKUP($F2147,DADOS_COMPOSICAO,13,0),IF(G2147=\"SICRO\",VLOOKUP($F2147,DADOS_SICRO,4,0),IF(G2147=\"SUDECAP\",VLOOKUP(F2147,DADOS_SUDECAP,4,0),IF(G2147=\"COTAÇÃO\",VLOOKUP(F2147,DADOS_COTACAO,12,0),\"\"))))))","v":42.62},"BDI 1",{"$f":"TRUNC(J2147*(1+$N$17),2)","v":53.92},{"$f":"IFERROR(TRUNC(I2147*J2147,2),\"\")","v":378.89},{"$f":"IFERROR(TRUNC(L2147*I2147,2),\"\")","v":479.34}]
[2000]
[2000,null,null,null,"Quantidade",{"$f":"F2145","v":8.89},"m³"]
[2000]
[1000,null,null,17,"SISTEMA DE GÁS",null,null,null,null,null,null,null,{"$f":"SUMIF(A:A,D2151,M:M)","v":2584.69},{"$f":"SUMIF(A:A,D2151,N:N)","v":3269.8999999999996}]
[{"$f":"IFERROR(LEFT(D2152,SEARCH(\".\",D2152)-1),\"\")","v":"17"},{"$f":"IFERROR(LEFT(RIGHT(D2152,LEN(D2152)-SEARCH(\".\",D2152)),SEARCH(\".\",RIGHT(D2152,LEN(D2152)-SEARCH(\".\",D2152)))-1),\"\")","v":""},{"$f":"IFERROR(IF(LEN(D2152)-LEN(SUBSTITUTE(D2152,\".\",\"\"))<>3,\"\",MID(D2152,SEARCH(\".\",D2152,SEARCH(\".\",D2152)+1)+1,LEN(D2152)-SEARCH(\".\",D2152,SEARCH(\".\",D2152)+1)-(LEN(D2152)-(SEARCH(\".\",D2152,SEARCH(\".\",D2152,SEARCH(\".\",D2152)+1)+1)-1)))),\"\")","v":""},"17.1",{"$f":"IF($G2152=\"SINAPI\",VLOOKUP($F2152,DADOS_SINAPI,2,0),IF(G2152=\"SETOP\",VLOOKUP($F2152,DADOS_SETOP,2,0),IF(G2152=\"CPU\",VLOOKUP($F2152,DADOS_COMPOSICAO,2,0),IF(G2152=\"SICRO\",VLOOKUP($F2152,DADOS_SICRO,2,0),IF(G2152=\"SUDECAP\",VLOOKUP(F2152,DADOS_SUDECAP,2,0),IF(G2152=\"COTAÇÃO\",VLOOKUP($F2152,DADOS_COTACAO,2,0),\"\"))))))","v":"MANGUEIRA PLÁSTICA PARA GÁS D = 3/8\" X 1,50 M"},"ED-49821","SETOP",{"$f":"IF(G2152=\"SINAPI\",VLOOKUP($F2152,DADOS_SINAPI,3,0),IF(G2152=\"SETOP\",VLOOKUP($F2152,DADOS_SETOP,3,0),IF(G2152=\"CPU\",VLOOKUP($F2152,DADOS_COMPOSICAO,10,0),IF(G2152=\"SICRO\",VLOOKUP($F2152,DADOS_SICRO,3,0),IF(G2152=\"SUDECAP\",VLOOKUP(F2152,DADOS_SUDECAP,3,0),IF(G2152=\"COTAÇÃO\",VLOOKUP($F2152,DADOS_COTACAO,9,0),\"\"))))))","v":"U"},{"$f":"F2155","v":4},{"$f":"IF(G2152=\"SINAPI\",VLOOKUP($F2152,DADOS_SINAPI,4,0),IF(G2152=\"SETOP\",VLOOKUP($F2152,DADOS_SETOP,4,0),IF(G2152=\"CPU\",VLOOKUP($F2152,DADOS_COMPOSICAO,13,0),IF(G2152=\"SICRO\",VLOOKUP($F2152,DADOS_SICRO,4,0),IF(G2152=\"SUDECAP\",VLOOKUP(F2152,DADOS_SUDECAP,4,0),IF(G2152=\"COTAÇÃO\",VLOOKUP(F2152,DADOS_COTACAO,12,0),\"\"))))))","v":30.12},"BDI 1",{"$f":"TRUNC(J2152*(1+$N$17),2)","v":38.1},{"$f":"IFERROR(TRUNC(I2152*J2152,2),\"\")","v":120.48},{"$f":"IFERROR(TRUNC(L2152*I2152,2),\"\")","v":152.4}]
[2000]
[2000,null,null,null,"Quantidade",4,"un "]
[2000,null,null,null,"Total",{"$f":"F2154","v":4},{"$f":"G2154","v":"un "}]
[2000]
[{"$f":"IFERROR(LEFT(D2157,SEARCH(\".\",D2157)-1),\"\")","v":"17"},{"$f":"IFERROR(LEFT(RIGHT(D2157,LEN(D2157)-SEARCH(\".\",D2157)),SEARCH(\".\",RIGHT(D2157,LEN(D2157)-SEARCH(\".\",D2157)))-1),\"\")","v":""},{"$f":"IFERROR(IF(LEN(D2157)-LEN(SUBSTITUTE(D2157,\".\",\"\"))<>3,\"\",MID(D2157,SEARCH(\".\",D2157,SEARCH(\".\",D2157)+1)+1,LEN(D2157)-SEARCH(\".\",D2157,SEARCH(\".\",D2157)+1)-(LEN(D2157)-(SEARCH(\".\",D2157,SEARCH(\".\",D2157,SEARCH(\".\",D2157)+1)+1)-1)))),\"\")","v":""},"17.2",{"$f":"IF($G2157=\"SINAPI\",VLOOKUP($F2157,DADOS_SINAPI,2,0),IF(G2157=\"SETOP\",VLOOKUP($F2157,DADOS_SETOP,2,0),IF(G2157=\"CPU\",VLOOKUP($F2157,DADOS_COMPOSICAO,2,0),IF(G2157=\"SICRO\",VLOOKUP($F2157,DADOS_SICRO,2,0),IF(G2157=\"SUDECAP\",VLOOKUP(F2157,DADOS_SUDECAP,2,0),IF(G2157=\"COTAÇÃO\",VLOOKUP($F2157,DADOS_COTACAO,2,0),\"\"))))))","v":"REGISTRO OU REGULADOR DE GAS COZINHA, VAZAO DE 2 KG/H, 2,8 KPA"},11756,"SINAPI",{"$f":"IF(G2157=\"SINAPI\",VLOOKUP($F2157,DADOS_SINAPI,3,0),IF(G2157=\"SETOP\",VLOOKUP($F2157,DADOS_SETOP,3,0),IF(G2157=\"CPU\",VLOOKUP($F2157,DADOS_COMPOSICAO,10,0),IF(G2157=\"SICRO\",VLOOKUP($F2157,DADOS_SICRO,3,0),IF(G2157=\"SUDECAP\",VLOOKUP(F2157,DADOS_SUDECAP,3,0),IF(G2157=\"COTAÇÃO\",VLOOKUP($F2157,DADOS_COTACAO,9,0),\"\"))))))","v":"UN    "},{"$f":"F2160","v":1},{"$f":"IF(G2157=\"SINAPI\",VLOOKUP($F2157,DADOS_SINAPI,4,0),IF(G2157=\"SETOP\",VLOOKUP($F2157,DADOS_SETOP,4,0),IF(G2157=\"CPU\",VLOOKUP($F2157,DADOS_COMPOSICAO,13,0),IF(G2157=\"SICRO\",VLOOKUP($F2157,DADOS_SICRO,4,0),IF(G2157=\"SUDECAP\",VLOOKUP(F2157,DADOS_SUDECAP,4,0),IF(G2157=\"COTAÇÃO\",VLOOKUP(F2157,DADOS_COTACAO,12,0),\"\"))))))","v":55.54},"BDI 1",{"$f":"TRUNC(J2157*(1+$N$17),2)","v":70.260000000000005},{"$f":"IFERROR(TRUNC(I2157*J2157,2),\"\")","v":55.54},{"$f":"IFERROR(TRUNC(L2157*I2157,2),\"\")","v":70.260000000000005}]
[2000]
[2000,null,null,null,"Quantidade",1,"un "]
[2000,null,null,null,"Total",{"$f":"F2159","v":1},{"$f":"G2159","v":"un "}]
[2000]
[{"$f":"IFERROR(LEFT(D2162,SEARCH(\".\",D2162)-1),\"\")","v":"17"},{"$f":"IFERROR(LEFT(RIGHT(D2162,LEN(D2162)-SEARCH(\".\",D2162)),SEARCH(\".\",RIGHT(D2162,LEN(D2162)-SEARCH(\".\",D2162)))-1),\"\")","v":""},{"$f":"IFERROR(IF(LEN(D2162)-LEN(SUBSTITUTE(D2162,\".\",\"\"))<>3,\"\",MID(D2162,SEARCH(\".\",D2162,SEARCH(\".\",D2162)+1)+1,LEN(D2162)-SEARCH(\".\",D2162,SEARCH(\".\",D2162)+1)-(LEN(D2162)-(SEARCH(\".\",D2162,SEARCH(\".\",D2162,SEARCH(\".\",D2162)+1)+1)-1)))),\"\")","v":""},"17.3",{"$f":"IF($G2162=\"SINAPI\",VLOOKUP($F2162,DADOS_SINAPI,2,0),IF(G2162=\"SETOP\",VLOOKUP($F2162,DADOS_SETOP,2,0),IF(G2162=\"CPU\",VLOOKUP($F2162,DADOS_COMPOSICAO,2,0),IF(G2162=\"SICRO\",VLOOKUP($F2162,DADOS_SICRO,2,0),IF(G2162=\"SUDECAP\",VLOOKUP(F2162,DADOS_SUDECAP,2,0),IF(G2162=\"COTAÇÃO\",VLOOKUP($F2162,DADOS_COTACAO,2,0),\"\"))))))","v":"TUBO DE AÇO GALVANIZADO COM COSTURA, CLASSE MÉDIA, CONEXÃO ROSQUEADA, DN 20 (3/4\"), INSTALADO EM RAMAIS E SUB-RAMAIS DE GÁS - FORNECIMENTO E INSTALAÇÃO. AF_10/2020"},92688,"SINAPI",{"$f":"IF(G2162=\"SINAPI\",VLOOKUP($F2162,DADOS_SINAPI,3,0),IF(G2162=\"SETOP\",VLOOKUP($F2162,DADOS_SETOP,3,0),IF(G2162=\"CPU\",VLOOKUP($F2162,DADOS_COMPOSICAO,10,0),IF(G2162=\"SICRO\",VLOOKUP($F2162,DADOS_SICRO,3,0),IF(G2162=\"SUDECAP\",VLOOKUP(F2162,DADOS_SUDECAP,3,0),IF(G2162=\"COTAÇÃO\",VLOOKUP($F2162,DADOS_COTACAO,9,0),\"\"))))))","v":"M"},{"$f":"F2165","v":7.35},{"$f":"IF(G2162=\"SINAPI\",VLOOKUP($F2162,DADOS_SINAPI,4,0),IF(G2162=\"SETOP\",VLOOKUP($F2162,DADOS_SETOP,4,0),IF(G2162=\"CPU\",VLOOKUP($F2162,DADOS_COMPOSICAO,13,0),IF(G2162=\"SICRO\",VLOOKUP($F2162,DADOS_SICRO,4,0),IF(G2162=\"SUDECAP\",VLOOKUP(F2162,DADOS_SUDECAP,4,0),IF(G2162=\"COTAÇÃO\",VLOOKUP(F2162,DADOS_COTACAO,12,0),\"\"))))))","v":41.68},"BDI 1",{"$f":"TRUNC(J2162*(1+$N$17),2)","v":52.73},{"$f":"IFERROR(TRUNC(I2162*J2162,2),\"\")","v":306.33999999999997},{"$f":"IFERROR(TRUNC(L2162*I2162,2),\"\")","v":387.56}]
[2000]
[2000,null,null,null,"Quantidade",{"$f":"(4.4+0.8+1.8)+((5/100)*(4.4+0.8+1.8))","v":7.35},"m"]
[2000,null,null,null,"Total",{"$f":"F2164","v":7.35},{"$f":"G2164","v":"m"}]
[2000]
[{"$f":"IFERROR(LEFT(D2167,SEARCH(\".\",D2167)-1),\"\")","v":"17"},{"$f":"IFERROR(LEFT(RIGHT(D2167,LEN(D2167)-SEARCH(\".\",D2167)),SEARCH(\".\",RIGHT(D2167,LEN(D2167)-SEARCH(\".\",D2167)))-1),\"\")","v":""},{"$f":"IFERROR(IF(LEN(D2167)-LEN(SUBSTITUTE(D2167,\".\",\"\"))<>3,\"\",MID(D2167,SEARCH(\".\",D2167,SEARCH(\".\",D2167)+1)+1,LEN(D2167)-SEARCH(\".\",D2167,SEARCH(\".\",D2167)+1)-(LEN(D2167)-(SEARCH(\".\",D2167,SEARCH(\".\",D2167,SEARCH(\".\",D2167)+1)+1)-1)))),\"\")","v":""},"17.4",{"$f":"IF($G2167=\"SINAPI\",VLOOKUP($F2167,DADOS_SINAPI,2,0),IF(G2167=\"SETOP\",VLOOKUP($F2167,DADOS_SETOP,2,0),IF(G2167=\"CPU\",VLOOKUP($F2167,DADOS_COMPOSICAO,2,0),IF(G2167=\"SICRO\",VLOOKUP($F2167,DADOS_SICRO,2,0),IF(G2167=\"SUDECAP\",VLOOKUP(F2167,DADOS_SUDECAP,2,0),IF(G2167=\"COTAÇÃO\",VLOOKUP($F2167,DADOS_COTACAO,2,0),\"\"))))))","v":"NIPLE DE FERRO GALVANIZADO, COM ROSCA BSP, DE 1/2\""},4177,"SINAPI",{"$f":"IF(G2167=\"SINAPI\",VLOOKUP($F2167,DADOS_SINAPI,3,0),IF(G2167=\"SETOP\",VLOOKUP($F2167,DADOS_SETOP,3,0),IF(G2167=\"CPU\",VLOOKUP($F2167,DADOS_COMPOSICAO,10,0),IF(G2167=\"SICRO\",VLOOKUP($F2167,DADOS_SICRO,3,0),IF(G2167=\"SUDECAP\",VLOOKUP(F2167,DADOS_SUDECAP,3,0),IF(G2167=\"COTAÇÃO\",VLOOKUP($F2167,DADOS_COTACAO,9,0),\"\"))))))","v":"UN    "},{"$f":"F2170","v":3},{"$f":"IF(G2167=\"SINAPI\",VLOOKUP($F2167,DADOS_SINAPI,4,0),IF(G2167=\"SETOP\",VLOOKUP($F2167,DADOS_SETOP,4,0),IF(G2167=\"CPU\",VLOOKUP($F2167,DADOS_COMPOSICAO,13,0),IF(G2167=\"SICRO\",VLOOKUP($F2167,DADOS_SICRO,4,0),IF(G2167=\"SUDECAP\",VLOOKUP(F2167,DADOS_SUDECAP,4,0),IF(G2167=\"COTAÇÃO\",VLOOKUP(F2167,DADOS_COTACAO,12,0),\"\"))))))","v":5.93},"BDI 1",{"$f":"TRUNC(J2167*(1+$N$17),2)","v":7.5},{"$f":"IFERROR(TRUNC(I2167*J2167,2),\"\")","v":17.79},{"$f":"IFERROR(TRUNC(L2167*I2167,2),\"\")","v":22.5}]
[2000]
[2000,null,null,null,"Quantidade",3,"un "]
[2000,null,null,null,"Total",{"$f":"F2169","v":3},{"$f":"G2169","v":"un "}]
[2000]
[{"$f":"IFERROR(LEFT(D2172,SEARCH(\".\",D2172)-1),\"\")","v":"17"},{"$f":"IFERROR(LEFT(RIGHT(D2172,LEN(D2172)-SEARCH(\".\",D2172)),SEARCH(\".\",RIGHT(D2172,LEN(D2172)-SEARCH(\".\",D2172)))-1),\"\")","v":""},{"$f":"IFERROR(IF(LEN(D2172)-LEN(SUBSTITUTE(D2172,\".\",\"\"))<>3,\"\",MID(D2172,SEARCH(\".\",D2172,SEARCH(\".\",D2172)+1)+1,LEN(D2172)-SEARCH(\".\",D2172,SEARCH(\".\",D2172)+1)-(LEN(D2172)-(SEARCH(\".\",D2172,SEARCH(\".\",D2172,SEARCH(\".\",D2172)+1)+1)-1)))),\"\")","v":""},"17.5",{"$f":"IF($G2172=\"SINAPI\",VLOOKUP($F2172,DADOS_SINAPI,2,0),IF(G2172=\"SETOP\",VLOOKUP($F2172,DADOS_SETOP,2,0),IF(G2172=\"CPU\",VLOOKUP($F2172,DADOS_COMPOSICAO,2,0),IF(G2172=\"SICRO\",VLOOKUP($F2172,DADOS_SICRO,2,0),IF(G2172=\"SUDECAP\",VLOOKUP(F2172,DADOS_SUDECAP,2,0),IF(G2172=\"COTAÇÃO\",VLOOKUP($F2172,DADOS_COTACAO,2,0),\"\"))))))","v":"NIPLE DE FERRO GALVANIZADO, COM ROSCA BSP, DE 3/4\""},4178,"SINAPI",{"$f":"IF(G2172=\"SINAPI\",VLOOKUP($F2172,DADOS_SINAPI,3,0),IF(G2172=\"SETOP\",VLOOKUP($F2172,DADOS_SETOP,3,0),IF(G2172=\"CPU\",VLOOKUP($F2172,DADOS_COMPOSICAO,10,0),IF(G2172=\"SICRO\",VLOOKUP($F2172,DADOS_SICRO,3,0),IF(G2172=\"SUDECAP\",VLOOKUP(F2172,DADOS_SUDECAP,3,0),IF(G2172=\"COTAÇÃO\",VLOOKUP($F2172,DADOS_COTACAO,9,0),\"\"))))))","v":"UN    "},{"$f":"F2175","v":6},{"$f":"IF(G2172=\"SINAPI\",VLOOKUP($F2172,DADOS_SINAPI,4,0),IF(G2172=\"SETOP\",VLOOKUP($F2172,DADOS_SETOP,4,0),IF(G2172=\"CPU\",VLOOKUP($F2172,DADOS_COMPOSICAO,13,0),IF(G2172=\"SICRO\",VLOOKUP($F2172,DADOS_SICRO,4,0),IF(G2172=\"SUDECAP\",VLOOKUP(F2172,DADOS_SUDECAP,4,0),IF(G2172=\"COTAÇÃO\",VLOOKUP(F2172,DADOS_COTACAO,12,0),\"\"))))))","v":8.2200000000000006},"BDI 1",{"$f":"TRUNC(J2172*(1+$N$17),2)","v":10.39},{"$f":"IFERROR(TRUNC(I2172*J2172,2),\"\")","v":49.32},{"$f":"IFERROR(TRUNC(L2172*I2172,2),\"\")","v":62.34}]
[2000]
[2000,null,null,null,"Quantidade",6,"un "]
[2000,null,null,null,"Total",{"$f":"F2174","v":6},{"$f":"G2174","v":"un "}]
[2000]
[{"$f":"IFERROR(LEFT(D2177,SEARCH(\".\",D2177)-1),\"\")","v":"17"},{"$f":"IFERROR(LEFT(RIGHT(D2177,LEN(D2177)-SEARCH(\".\",D2177)),SEARCH(\".\",RIGHT(D2177,LEN(D2177)-SEARCH(\".\",D2177)))-1),\"\")","v":""},{"$f":"IFERROR(IF(LEN(D2177)-LEN(SUBSTITUTE(D2177,\".\",\"\"))<>3,\"\",MID(D2177,SEARCH(\".\",D2177,SEARCH(\".\",D2177)+1)+1,LEN(D2177)-SEARCH(\".\",D2177,SEARCH(\".\",D2177)+1)-(LEN(D2177)-(SEARCH(\".\",D2177,SEARCH(\".\",D2177,SEARCH(\".\",D2177)+1)+1)-1)))),\"\")","v":""},"17.6",{"$f":"IF($G2177=\"SINAPI\",VLOOKUP($F2177,DADOS_SINAPI,2,0),IF(G2177=\"SETOP\",VLOOKUP($F2177,DADOS_SETOP,2,0),IF(G2177=\"CPU\",VLOOKUP($F2177,DADOS_COMPOSICAO,2,0),IF(G2177=\"SICRO\",VLOOKUP($F2177,DADOS_SICRO,2,0),IF(G2177=\"SUDECAP\",VLOOKUP(F2177,DADOS_SUDECAP,2,0),IF(G2177=\"COTAÇÃO\",VLOOKUP($F2177,DADOS_COTACAO,2,0),\"\"))))))","v":"NIPLE DE FERRO GALVANIZADO, COM ROSCA BSP, DE 1 1/4\""},4180,"SINAPI",{"$f":"IF(G2177=\"SINAPI\",VLOOKUP($F2177,DADOS_SINAPI,3,0),IF(G2177=\"SETOP\",VLOOKUP($F2177,DADOS_SETOP,3,0),IF(G2177=\"CPU\",VLOOKUP($F2177,DADOS_COMPOSICAO,10,0),IF(G2177=\"SICRO\",VLOOKUP($F2177,DADOS_SICRO,3,0),IF(G2177=\"SUDECAP\",VLOOKUP(F2177,DADOS_SUDECAP,3,0),IF(G2177=\"COTAÇÃO\",VLOOKUP($F2177,DADOS_COTACAO,9,0),\"\"))))))","v":"UN    "},{"$f":"F2180","v":2},{"$f":"IF(G2177=\"SINAPI\",VLOOKUP($F2177,DADOS_SINAPI,4,0),IF(G2177=\"SETOP\",VLOOKUP($F2177,DADOS_SETOP,4,0),IF(G2177=\"CPU\",VLOOKUP($F2177,DADOS_COMPOSICAO,13,0),IF(G2177=\"SICRO\",VLOOKUP($F2177,DADOS_SICRO,4,0),IF(G2177=\"SUDECAP\",VLOOKUP(F2177,DADOS_SUDECAP,4,0),IF(G2177=\"COTAÇÃO\",VLOOKUP(F2177,DADOS_COTACAO,12,0),\"\"))))))","v":17.850000000000001},"BDI 1",{"$f":"TRUNC(J2177*(1+$N$17),2)","v":22.58},{"$f":"IFERROR(TRUNC(I2177*J2177,2),\"\")","v":35.700000000000003},{"$f":"IFERROR(TRUNC(L2177*I2177,2),\"\")","v":45.16}]
[2000]
[2000,null,null,null,"Quantidade",2,"un "]
[2000,null,null,null,"Total",{"$f":"F2179","v":2},{"$f":"G2179","v":"un "}]
[2000]
[{"$f":"IFERROR(LEFT(D2182,SEARCH(\".\",D2182)-1),\"\")","v":"17"},{"$f":"IFERROR(LEFT(RIGHT(D2182,LEN(D2182)-SEARCH(\".\",D2182)),SEARCH(\".\",RIGHT(D2182,LEN(D2182)-SEARCH(\".\",D2182)))-1),\"\")","v":""},{"$f":"IFERROR(IF(LEN(D2182)-LEN(SUBSTITUTE(D2182,\".\",\"\"))<>3,\"\",MID(D2182,SEARCH(\".\",D2182,SEARCH(\".\",D2182)+1)+1,LEN(D2182)-SEARCH(\".\",D2182,SEARCH(\".\",D2182)+1)-(LEN(D2182)-(SEARCH(\".\",D2182,SEARCH(\".\",D2182,SEARCH(\".\",D2182)+1)+1)-1)))),\"\")","v":""},"17.7",{"$f":"IF($G2182=\"SINAPI\",VLOOKUP($F2182,DADOS_SINAPI,2,0),IF(G2182=\"SETOP\",VLOOKUP($F2182,DADOS_SETOP,2,0),IF(G2182=\"CPU\",VLOOKUP($F2182,DADOS_COMPOSICAO,2,0),IF(G2182=\"SICRO\",VLOOKUP($F2182,DADOS_SICRO,2,0),IF(G2182=\"SUDECAP\",VLOOKUP(F2182,DADOS_SUDECAP,2,0),IF(G2182=\"COTAÇÃO\",VLOOKUP($F2182,DADOS_COTACAO,2,0),\"\"))))))","v":"JOELHO 90 GRAUS, EM FERRO GALVANIZADO, CONEXÃO ROSQUEADA, DN 15 (1/2\"), INSTALADO EM RAMAIS E SUB-RAMAIS DE GÁS - FORNECIMENTO E INSTALAÇÃO. AF_10/2020"},92699,"SINAPI",{"$f":"IF(G2182=\"SINAPI\",VLOOKUP($F2182,DADOS_SINAPI,3,0),IF(G2182=\"SETOP\",VLOOKUP($F2182,DADOS_SETOP,3,0),IF(G2182=\"CPU\",VLOOKUP($F2182,DADOS_COMPOSICAO,10,0),IF(G2182=\"SICRO\",VLOOKUP($F2182,DADOS_SICRO,3,0),IF(G2182=\"SUDECAP\",VLOOKUP(F2182,DADOS_SUDECAP,3,0),IF(G2182=\"COTAÇÃO\",VLOOKUP($F2182,DADOS_COTACAO,9,0),\"\"))))))","v":"UN"},{"$f":"F2185","v":2},{"$f":"IF(G2182=\"SINAPI\",VLOOKUP($F2182,DADOS_SINAPI,4,0),IF(G2182=\"SETOP\",VLOOKUP($F2182,DADOS_SETOP,4,0),IF(G2182=\"CPU\",VLOOKUP($F2182,DADOS_COMPOSICAO,13,0),IF(G2182=\"SICRO\",VLOOKUP($F2182,DADOS_SICRO,4,0),IF(G2182=\"SUDECAP\",VLOOKUP(F2182,DADOS_SUDECAP,4,0),IF(G2182=\"COTAÇÃO\",VLOOKUP(F2182,DADOS_COTACAO,12,0),\"\"))))))","v":18.52},"BDI 1",{"$f":"TRUNC(J2182*(1+$N$17),2)","v":23.43},{"$f":"IFERROR(TRUNC(I2182*J2182,2),\"\")","v":37.04},{"$f":"IFERROR(TRUNC(L2182*I2182,2),\"\")","v":46.86}]
[2000]
[2000,null,null,null,"Quantidade",2,"un "]
[2000,null,null,null,"Total",{"$f":"F2184","v":2},{"$f":"G2184","v":"un "}]
[2000]
[{"$f":"IFERROR(LEFT(D2187,SEARCH(\".\",D2187)-1),\"\")","v":"17"},{"$f":"IFERROR(LEFT(RIGHT(D2187,LEN(D2187)-SEARCH(\".\",D2187)),SEARCH(\".\",RIGHT(D2187,LEN(D2187)-SEARCH(\".\",D2187)))-1),\"\")","v":""},{"$f":"IFERROR(IF(LEN(D2187)-LEN(SUBSTITUTE(D2187,\".\",\"\"))<>3,\"\",MID(D2187,SEARCH(\".\",D2187,SEARCH(\".\",D2187)+1)+1,LEN(D2187)-SEARCH(\".\",D2187,SEARCH(\".\",D2187)+1)-(LEN(D2187)-(SEARCH(\".\",D2187,SEARCH(\".\",D2187,SEARCH(\".\",D2187)+1)+1)-1)))),\"\")","v":""},"17.8",{"$f":"IF($G2187=\"SINAPI\",VLOOKUP($F2187,DADOS_SINAPI,2,0),IF(G2187=\"SETOP\",VLOOKUP($F2187,DADOS_SETOP,2,0),IF(G2187=\"CPU\",VLOOKUP($F2187,DADOS_COMPOSICAO,2,0),IF(G2187=\"SICRO\",VLOOKUP($F2187,DADOS_SICRO,2,0),IF(G2187=\"SUDECAP\",VLOOKUP(F2187,DADOS_SUDECAP,2,0),IF(G2187=\"COTAÇÃO\",VLOOKUP($F2187,DADOS_COTACAO,2,0),\"\"))))))","v":"UNIÃO, EM FERRO GALVANIZADO, CONEXÃO ROSQUEADA, DN 20 (3/4\"), INSTALADO EM RAMAIS E SUB-RAMAIS DE GÁS - FORNECIMENTO E INSTALAÇÃO. AF_10/2020"},92905,"SINAPI",{"$f":"IF(G2187=\"SINAPI\",VLOOKUP($F2187,DADOS_SINAPI,3,0),IF(G2187=\"SETOP\",VLOOKUP($F2187,DADOS_SETOP,3,0),IF(G2187=\"CPU\",VLOOKUP($F2187,DADOS_COMPOSICAO,10,0),IF(G2187=\"SICRO\",VLOOKUP($F2187,DADOS_SICRO,3,0),IF(G2187=\"SUDECAP\",VLOOKUP(F2187,DADOS_SUDECAP,3,0),IF(G2187=\"COTAÇÃO\",VLOOKUP($F2187,DADOS_COTACAO,9,0),\"\"))))))","v":"UN"},{"$f":"F2190","v":3},{"$f":"IF(G2187=\"SINAPI\",VLOOKUP($F2187,DADOS_SINAPI,4,0),IF(G2187=\"SETOP\",VLOOKUP($F2187,DADOS_SETOP,4,0),IF(G2187=\"CPU\",VLOOKUP($F2187,DADOS_COMPOSICAO,13,0),IF(G2187=\"SICRO\",VLOOKUP($F2187,DADOS_SICRO,4,0),IF(G2187=\"SUDECAP\",VLOOKUP(F2187,DADOS_SUDECAP,4,0),IF(G2187=\"COTAÇÃO\",VLOOKUP(F2187,DADOS_COTACAO,12,0),\"\"))))))","v":46.72},"BDI 1",{"$f":"TRUNC(J2187*(1+$N$17),2)","v":59.11},{"$f":"IFERROR(TRUNC(I2187*J2187,2),\"\")","v":140.16},{"$f":"IFERROR(TRUNC(L2187*I2187,2),\"\")","v":177.33}]
[2000]
[2000,null,null,null,"Quantidade",3,"un "]
[2000,null,null,null,"Total",{"$f":"F2189","v":3},{"$f":"G2189","v":"un "}]
[2000]
[{"$f":"IFERROR(LEFT(D2192,SEARCH(\".\",D2192)-1),\"\")","v":"17"},{"$f":"IFERROR(LEFT(RIGHT(D2192,LEN(D2192)-SEARCH(\".\",D2192)),SEARCH(\".\",RIGHT(D2192,LEN(D2192)-SEARCH(\".\",D2192)))-1),\"\")","v":""},{"$f":"IFERROR(IF(LEN(D2192)-LEN(SUBSTITUTE(D2192,\".\",\"\"))<>3,\"\",MID(D2192,SEARCH(\".\",D2192,SEARCH(\".\",D2192)+1)+1,LEN(D2192)-SEARCH(\".\",D2192,SEARCH(\".\",D2192)+1)-(LEN(D2192)-(SEARCH(\".\",D2192,SEARCH(\".\",D2192,SEARCH(\".\",D2192)+1)+1)-1)))),\"\")","v":""},"17.9",{"$f":"IF($G2192=\"SINAPI\",VLOOKUP($F2192,DADOS_SINAPI,2,0),IF(G2192=\"SETOP\",VLOOKUP($F2192,DADOS_SETOP,2,0),IF(G2192=\"CPU\",VLOOKUP($F2192,DADOS_COMPOSICAO,2,0),IF(G2192=\"SICRO\",VLOOKUP($F2192,DADOS_SICRO,2,0),IF(G2192=\"SUDECAP\",VLOOKUP(F2192,DADOS_SUDECAP,2,0),IF(G2192=\"COTAÇÃO\",VLOOKUP($F2192,DADOS_COTACAO,2,0),\"\"))))))","v":"TÊ, EM FERRO GALVANIZADO, CONEXÃO ROSQUEADA, DN 20 (3/4\"), INSTALADO EM RAMAIS E SUB-RAMAIS DE GÁS - FORNECIMENTO E INSTALAÇÃO. AF_10/2020"},92705,"SINAPI",{"$f":"IF(G2192=\"SINAPI\",VLOOKUP($F2192,DADOS_SINAPI,3,0),IF(G2192=\"SETOP\",VLOOKUP($F2192,DADOS_SETOP,3,0),IF(G2192=\"CPU\",VLOOKUP($F2192,DADOS_COMPOSICAO,10,0),IF(G2192=\"SICRO\",VLOOKUP($F2192,DADOS_SICRO,3,0),IF(G2192=\"SUDECAP\",VLOOKUP(F2192,DADOS_SUDECAP,3,0),IF(G2192=\"COTAÇÃO\",VLOOKUP($F2192,DADOS_COTACAO,9,0),\"\"))))))","v":"UN"},{"$f":"F2195","v":1},{"$f":"IF(G2192=\"SINAPI\",VLOOKUP($F2192,DADOS_SINAPI,4,0),IF(G2192=\"SETOP\",VLOOKUP($F2192,DADOS_SETOP,4,0),IF(G2192=\"CPU\",VLOOKUP($F2192,DADOS_COMPOSICAO,13,0),IF(G2192=\"SICRO\",VLOOKUP($F2192,DADOS_SICRO,4,0),IF(G2192=\"SUDECAP\",VLOOKUP(F2192,DADOS_SUDECAP,4,0),IF(G2192=\"COTAÇÃO\",VLOOKUP(F2192,DADOS_COTACAO,12,0),\"\"))))))","v":39.81},"BDI 1",{"$f":"TRUNC(J2192*(1+$N$17),2)","v":50.36},{"$f":"IFERROR(TRUNC(I2192*J2192,2),\"\")","v":39.81},{"$f":"IFERROR(TRUNC(L2192*I2192,2),\"\")","v":50.36}]
[2000]
[2000,null,null,null,"Quantidade",1,"un "]
[2000,null,null,null,"Total",{"$f":"F2194","v":1},{"$f":"G2194","v":"un "}]
[2000]
[{"$f":"IFERROR(LEFT(D2197,SEARCH(\".\",D2197)-1),\"\")","v":"17"},{"$f":"IFERROR(LEFT(RIGHT(D2197,LEN(D2197)-SEARCH(\".\",D2197)),SEARCH(\".\",RIGHT(D2197,LEN(D2197)-SEARCH(\".\",D2197)))-1),\"\")","v":""},{"$f":"IFERROR(IF(LEN(D2197)-LEN(SUBSTITUTE(D2197,\".\",\"\"))<>3,\"\",MID(D2197,SEARCH(\".\",D2197,SEARCH(\".\",D2197)+1)+1,LEN(D2197)-SEARCH(\".\",D2197,SEARCH(\".\",D2197)+1)-(LEN(D2197)-(SEARCH(\".\",D2197,SEARCH(\".\",D2197,SEARCH(\".\",D2197)+1)+1)-1)))),\"\")","v":""},"17.10",{"$f":"IF($G2197=\"SINAPI\",VLOOKUP($F2197,DADOS_SINAPI,2,0),IF(G2197=\"SETOP\",VLOOKUP($F2197,DADOS_SETOP,2,0),IF(G2197=\"CPU\",VLOOKUP($F2197,DADOS_COMPOSICAO,2,0),IF(G2197=\"SICRO\",VLOOKUP($F2197,DADOS_SICRO,2,0),IF(G2197=\"SUDECAP\",VLOOKUP(F2197,DADOS_SUDECAP,2,0),IF(G2197=\"COTAÇÃO\",VLOOKUP($F2197,DADOS_COTACAO,2,0),\"\"))))))","v":"MANOMETRO COM CAIXA EM ACO PINTADO, ESCALA *10* KGF/CM2 (*10* BAR), DIAMETRO NOMINAL DE *63* MM, CONEXAO DE 1/4\""},12899,"SINAPI",{"$f":"IF(G2197=\"SINAPI\",VLOOKUP($F2197,DADOS_SINAPI,3,0),IF(G2197=\"SETOP\",VLOOKUP($F2197,DADOS_SETOP,3,0),IF(G2197=\"CPU\",VLOOKUP($F2197,DADOS_COMPOSICAO,10,0),IF(G2197=\"SICRO\",VLOOKUP($F2197,DADOS_SICRO,3,0),IF(G2197=\"SUDECAP\",VLOOKUP(F2197,DADOS_SUDECAP,3,0),IF(G2197=\"COTAÇÃO\",VLOOKUP($F2197,DADOS_COTACAO,9,0),\"\"))))))","v":"UN    "},{"$f":"F2200","v":1},{"$f":"IF(G2197=\"SINAPI\",VLOOKUP($F2197,DADOS_SINAPI,4,0),IF(G2197=\"SETOP\",VLOOKUP($F2197,DADOS_SETOP,4,0),IF(G2197=\"CPU\",VLOOKUP($F2197,DADOS_COMPOSICAO,13,0),IF(G2197=\"SICRO\",VLOOKUP($F2197,DADOS_SICRO,4,0),IF(G2197=\"SUDECAP\",VLOOKUP(F2197,DADOS_SUDECAP,4,0),IF(G2197=\"COTAÇÃO\",VLOOKUP(F2197,DADOS_COTACAO,12,0),\"\"))))))","v":114.55},"BDI 1",{"$f":"TRUNC(J2197*(1+$N$17),2)","v":144.91999999999999},{"$f":"IFERROR(TRUNC(I2197*J2197,2),\"\")","v":114.55},{"$f":"IFERROR(TRUNC(L2197*I2197,2),\"\")","v":144.91999999999999}]
[2000]
[2000,null,null,null,"Quantidade",1,"un "]
[2000,null,null,null,"Total",{"$f":"F2199","v":1},{"$f":"G2199","v":"un "}]
[2000]
[{"$f":"IFERROR(LEFT(D2202,SEARCH(\".\",D2202)-1),\"\")","v":"17"},{"$f":"IFERROR(LEFT(RIGHT(D2202,LEN(D2202)-SEARCH(\".\",D2202)),SEARCH(\".\",RIGHT(D2202,LEN(D2202)-SEARCH(\".\",D2202)))-1),\"\")","v":""},{"$f":"IFERROR(IF(LEN(D2202)-LEN(SUBSTITUTE(D2202,\".\",\"\"))<>3,\"\",MID(D2202,SEARCH(\".\",D2202,SEARCH(\".\",D2202)+1)+1,LEN(D2202)-SEARCH(\".\",D2202,SEARCH(\".\",D2202)+1)-(LEN(D2202)-(SEARCH(\".\",D2202,SEARCH(\".\",D2202,SEARCH(\".\",D2202)+1)+1)-1)))),\"\")","v":""},"17.11",{"$f":"IF($G2202=\"SINAPI\",VLOOKUP($F2202,DADOS_SINAPI,2,0),IF(G2202=\"SETOP\",VLOOKUP($F2202,DADOS_SETOP,2,0),IF(G2202=\"CPU\",VLOOKUP($F2202,DADOS_COMPOSICAO,2,0),IF(G2202=\"SICRO\",VLOOKUP($F2202,DADOS_SICRO,2,0),IF(G2202=\"SUDECAP\",VLOOKUP(F2202,DADOS_SUDECAP,2,0),IF(G2202=\"COTAÇÃO\",VLOOKUP($F2202,DADOS_COTACAO,2,0),\"\"))))))","v":"VALVULA DE ESFERA BRUTA EM BRONZE, BITOLA 3/4 \" (REF 1552-B)"},11749,"SINAPI",{"$f":"IF(G2202=\"SINAPI\",VLOOKUP($F2202,DADOS_SINAPI,3,0),IF(G2202=\"SETOP\",VLOOKUP($F2202,DADOS_SETOP,3,0),IF(G2202=\"CPU\",VLOOKUP($F2202,DADOS_COMPOSICAO,10,0),IF(G2202=\"SICRO\",VLOOKUP($F2202,DADOS_SICRO,3,0),IF(G2202=\"SUDECAP\",VLOOKUP(F2202,DADOS_SUDECAP,3,0),IF(G2202=\"COTAÇÃO\",VLOOKUP($F2202,DADOS_COTACAO,9,0),\"\"))))))","v":"UN    "},{"$f":"F2205","v":5},{"$f":"IF(G2202=\"SINAPI\",VLOOKUP($F2202,DADOS_SINAPI,4,0),IF(G2202=\"SETOP\",VLOOKUP($F2202,DADOS_SETOP,4,0),IF(G2202=\"CPU\",VLOOKUP($F2202,DADOS_COMPOSICAO,13,0),IF(G2202=\"SICRO\",VLOOKUP($F2202,DADOS_SICRO,4,0),IF(G2202=\"SUDECAP\",VLOOKUP(F2202,DADOS_SUDECAP,4,0),IF(G2202=\"COTAÇÃO\",VLOOKUP(F2202,DADOS_COTACAO,12,0),\"\"))))))","v":78.2},"BDI 1",{"$f":"TRUNC(J2202*(1+$N$17),2)","v":98.93},{"$f":"IFERROR(TRUNC(I2202*J2202,2),\"\")","v":391},{"$f":"IFERROR(TRUNC(L2202*I2202,2),\"\")","v":494.65}]
[2000]
[2000,null,null,null,"Quantidade",5,"un "]
[2000,null,null,null,"Total",{"$f":"F2204","v":5},{"$f":"G2204","v":"un "}]
[2000]
[{"$f":"IFERROR(LEFT(D2207,SEARCH(\".\",D2207)-1),\"\")","v":"17"},{"$f":"IFERROR(LEFT(RIGHT(D2207,LEN(D2207)-SEARCH(\".\",D2207)),SEARCH(\".\",RIGHT(D2207,LEN(D2207)-SEARCH(\".\",D2207)))-1),\"\")","v":""},{"$f":"IFERROR(IF(LEN(D2207)-LEN(SUBSTITUTE(D2207,\".\",\"\"))<>3,\"\",MID(D2207,SEARCH(\".\",D2207,SEARCH(\".\",D2207)+1)+1,LEN(D2207)-SEARCH(\".\",D2207,SEARCH(\".\",D2207)+1)-(LEN(D2207)-(SEARCH(\".\",D2207,SEARCH(\".\",D2207,SEARCH(\".\",D2207)+1)+1)-1)))),\"\")","v":""},"17.12",{"$f":"IF($G2207=\"SINAPI\",VLOOKUP($F2207,DADOS_SINAPI,2,0),IF(G2207=\"SETOP\",VLOOKUP($F2207,DADOS_SETOP,2,0),IF(G2207=\"CPU\",VLOOKUP($F2207,DADOS_COMPOSICAO,2,0),IF(G2207=\"SICRO\",VLOOKUP($F2207,DADOS_SICRO,2,0),IF(G2207=\"SUDECAP\",VLOOKUP(F2207,DADOS_SUDECAP,2,0),IF(G2207=\"COTAÇÃO\",VLOOKUP($F2207,DADOS_COTACAO,2,0),\"\"))))))","v":"LUVA DE REDUÇÃO, EM FERRO GALVANIZADO, 3/4\" X 1/2\", CONEXÃO ROSQUEADA, INSTALADO EM RAMAIS E SUB-RAMAIS DE GÁS - FORNECIMENTO E INSTALAÇÃO. AF_10/2020"},92953,"SINAPI",{"$f":"IF(G2207=\"SINAPI\",VLOOKUP($F2207,DADOS_SINAPI,3,0),IF(G2207=\"SETOP\",VLOOKUP($F2207,DADOS_SETOP,3,0),IF(G2207=\"CPU\",VLOOKUP($F2207,DADOS_COMPOSICAO,10,0),IF(G2207=\"SICRO\",VLOOKUP($F2207,DADOS_SICRO,3,0),IF(G2207=\"SUDECAP\",VLOOKUP(F2207,DADOS_SUDECAP,3,0),IF(G2207=\"COTAÇÃO\",VLOOKUP($F2207,DADOS_COTACAO,9,0),\"\"))))))","v":"UN"},{"$f":"F2210","v":3},{"$f":"IF(G2207=\"SINAPI\",VLOOKUP($F2207,DADOS_SINAPI,4,0),IF(G2207=\"SETOP\",VLOOKUP($F2207,DADOS_SETOP,4,0),IF(G2207=\"CPU\",VLOOKUP($F2207,DADOS_COMPOSICAO,13,0),IF(G2207=\"SICRO\",VLOOKUP($F2207,DADOS_SICRO,4,0),IF(G2207=\"SUDECAP\",VLOOKUP(F2207,DADOS_SUDECAP,4,0),IF(G2207=\"COTAÇÃO\",VLOOKUP(F2207,DADOS_COTACAO,12,0),\"\"))))))","v":23.02},"BDI 1",{"$f":"TRUNC(J2207*(1+$N$17),2)","v":29.12},{"$f":"IFERROR(TRUNC(I2207*J2207,2),\"\")","v":69.06},{"$f":"IFERROR(TRUNC(L2207*I2207,2),\"\")","v":87.36}]
[2000]
[2000,null,null,null,"Quantidade",3,"un "]
[2000,null,null,null,"Total",{"$f":"F2209","v":3},{"$f":"G2209","v":"un "}]
[2000]
[{"$f":"IFERROR(LEFT(D2212,SEARCH(\".\",D2212)-1),\"\")","v":"17"},{"$f":"IFERROR(LEFT(RIGHT(D2212,LEN(D2212)-SEARCH(\".\",D2212)),SEARCH(\".\",RIGHT(D2212,LEN(D2212)-SEARCH(\".\",D2212)))-1),\"\")","v":""},{"$f":"IFERROR(IF(LEN(D2212)-LEN(SUBSTITUTE(D2212,\".\",\"\"))<>3,\"\",MID(D2212,SEARCH(\".\",D2212,SEARCH(\".\",D2212)+1)+1,LEN(D2212)-SEARCH(\".\",D2212,SEARCH(\".\",D2212)+1)-(LEN(D2212)-(SEARCH(\".\",D2212,SEARCH(\".\",D2212,SEARCH(\".\",D2212)+1)+1)-1)))),\"\")","v":""},"17.13",{"$f":"IF($G2212=\"SINAPI\",VLOOKUP($F2212,DADOS_SINAPI,2,0),IF(G2212=\"SETOP\",VLOOKUP($F2212,DADOS_SETOP,2,0),IF(G2212=\"CPU\",VLOOKUP($F2212,DADOS_COMPOSICAO,2,0),IF(G2212=\"SICRO\",VLOOKUP($F2212,DADOS_SICRO,2,0),IF(G2212=\"SUDECAP\",VLOOKUP(F2212,DADOS_SUDECAP,2,0),IF(G2212=\"COTAÇÃO\",VLOOKUP($F2212,DADOS_COTACAO,2,0),\"\"))))))","v":"BUCHA DE REDUÇÃO EM COBRE, DN 28 MM X 22 MM, SEM ANEL DE SOLDA, PONTA X BOLSA, INSTALADO EM PRUMADA DE HIDRÁULICA PREDIAL - FORNECIMENTO E INSTALAÇÃO. AF_04/2022"},93057,"SINAPI",{"$f":"IF(G2212=\"SINAPI\",VLOOKUP($F2212,DADOS_SINAPI,3,0),IF(G2212=\"SETOP\",VLOOKUP($F2212,DADOS_SETOP,3,0),IF(G2212=\"CPU\",VLOOKUP($F2212,DADOS_COMPOSICAO,10,0),IF(G2212=\"SICRO\",VLOOKUP($F2212,DADOS_SICRO,3,0),IF(G2212=\"SUDECAP\",VLOOKUP(F2212,DADOS_SUDECAP,3,0),IF(G2212=\"COTAÇÃO\",VLOOKUP($F2212,DADOS_COTACAO,9,0),\"\"))))))","v":"UN"},{"$f":"F2215","v":2},{"$f":"IF(G2212=\"SINAPI\",VLOOKUP($F2212,DADOS_SINAPI,4,0),IF(G2212=\"SETOP\",VLOOKUP($F2212,DADOS_SETOP,4,0),IF(G2212=\"CPU\",VLOOKUP($F2212,DADOS_COMPOSICAO,13,0),IF(G2212=\"SICRO\",VLOOKUP($F2212,DADOS_SICRO,4,0),IF(G2212=\"SUDECAP\",VLOOKUP(F2212,DADOS_SUDECAP,4,0),IF(G2212=\"COTAÇÃO\",VLOOKUP(F2212,DADOS_COTACAO,12,0),\"\"))))))","v":13.19},"BDI 1",{"$f":"TRUNC(J2212*(1+$N$17),2)","v":16.68},{"$f":"IFERROR(TRUNC(I2212*J2212,2),\"\")","v":26.38},{"$f":"IFERROR(TRUNC(L2212*I2212,2),\"\")","v":33.36}]
[2000]
[2000,null,null,null,"Quantidade",2,"un "]
[2000,null,null,null,"Total",{"$f":"F2214","v":2},{"$f":"G2214","v":"un "}]
[2000]
[{"$f":"IFERROR(LEFT(D2217,SEARCH(\".\",D2217)-1),\"\")","v":"17"},{"$f":"IFERROR(LEFT(RIGHT(D2217,LEN(D2217)-SEARCH(\".\",D2217)),SEARCH(\".\",RIGHT(D2217,LEN(D2217)-SEARCH(\".\",D2217)))-1),\"\")","v":""},{"$f":"IFERROR(IF(LEN(D2217)-LEN(SUBSTITUTE(D2217,\".\",\"\"))<>3,\"\",MID(D2217,SEARCH(\".\",D2217,SEARCH(\".\",D2217)+1)+1,LEN(D2217)-SEARCH(\".\",D2217,SEARCH(\".\",D2217)+1)-(LEN(D2217)-(SEARCH(\".\",D2217,SEARCH(\".\",D2217,SEARCH(\".\",D2217)+1)+1)-1)))),\"\")","v":""},"17.14",{"$f":"IF($G2217=\"SINAPI\",VLOOKUP($F2217,DADOS_SINAPI,2,0),IF(G2217=\"SETOP\",VLOOKUP($F2217,DADOS_SETOP,2,0),IF(G2217=\"CPU\",VLOOKUP($F2217,DADOS_COMPOSICAO,2,0),IF(G2217=\"SICRO\",VLOOKUP($F2217,DADOS_SICRO,2,0),IF(G2217=\"SUDECAP\",VLOOKUP(F2217,DADOS_SUDECAP,2,0),IF(G2217=\"COTAÇÃO\",VLOOKUP($F2217,DADOS_COTACAO,2,0),\"\"))))))","v":"REGISTRO DE GAVETA BRUTO, LATÃO, ROSCÁVEL, 2 1/2\" - FORNECIMENTO E INSTALAÇÃO. AF_08/2021"},94499,"SINAPI",{"$f":"IF(G2217=\"SINAPI\",VLOOKUP($F2217,DADOS_SINAPI,3,0),IF(G2217=\"SETOP\",VLOOKUP($F2217,DADOS_SETOP,3,0),IF(G2217=\"CPU\",VLOOKUP($F2217,DADOS_COMPOSICAO,10,0),IF(G2217=\"SICRO\",VLOOKUP($F2217,DADOS_SICRO,3,0),IF(G2217=\"SUDECAP\",VLOOKUP(F2217,DADOS_SUDECAP,3,0),IF(G2217=\"COTAÇÃO\",VLOOKUP($F2217,DADOS_COTACAO,9,0),\"\"))))))","v":"UN"},{"$f":"F2220","v":3},{"$f":"IF(G2217=\"SINAPI\",VLOOKUP($F2217,DADOS_SINAPI,4,0),IF(G2217=\"SETOP\",VLOOKUP($F2217,DADOS_SETOP,4,0),IF(G2217=\"CPU\",VLOOKUP($F2217,DADOS_COMPOSICAO,13,0),IF(G2217=\"SICRO\",VLOOKUP($F2217,DADOS_SICRO,4,0),IF(G2217=\"SUDECAP\",VLOOKUP(F2217,DADOS_SUDECAP,4,0),IF(G2217=\"COTAÇÃO\",VLOOKUP(F2217,DADOS_COTACAO,12,0),\"\"))))))","v":393.84},"BDI 1",{"$f":"TRUNC(J2217*(1+$N$17),2)","v":498.28},{"$f":"IFERROR(TRUNC(I2217*J2217,2),\"\")","v":1181.52},{"$f":"IFERROR(TRUNC(L2217*I2217,2),\"\")","v":1494.84}]
[2000]
[2000,null,null,null,"Quantidade",3,"un "]
[2000,null,null,null,"Total",{"$f":"F2219","v":3},{"$f":"G2219","v":"un "}]
[2000]
[1000,null,null,18,"INSTALAÇÕES ELÉTRICAS",null,null,null,null,null,null,null,{"$f":"SUMIF(A:A,D2222,M:M)","v":260117.23999999996},{"$f":"SUMIF(A:A,D2222,N:N)","v":325341.69}]
[null,null,null,"18.1","ACESSÓRIOS PARA ELETRODUTOS",null,null,null,null,null,null,null,{"$f":"IFERROR(SUMIFS(M:M,A:A,LEFT(D2223,SEARCH(\".\",D2223)-1),B:B,RIGHT(D2223,LEN(D2223)-SEARCH(\".\",D2223))),\"\")","v":9549.07},{"$f":"IFERROR(SUMIFS(N:N,A:A,LEFT(D2223,SEARCH(\".\",D2223)-1),B:B,RIGHT(D2223,LEN(D2223)-SEARCH(\".\",D2223))),\"\")","v":12079.100000000002}]
[{"$f":"IFERROR(LEFT(D2224,SEARCH(\".\",D2224)-1),\"\")","v":"18"},{"$f":"IFERROR(LEFT(RIGHT(D2224,LEN(D2224)-SEARCH(\".\",D2224)),SEARCH(\".\",RIGHT(D2224,LEN(D2224)-SEARCH(\".\",D2224)))-1),\"\")","v":"1"},{"$f":"IFERROR(IF(LEN(D2224)-LEN(SUBSTITUTE(D2224,\".\",\"\"))<>3,\"\",MID(D2224,SEARCH(\".\",D2224,SEARCH(\".\",D2224)+1)+1,LEN(D2224)-SEARCH(\".\",D2224,SEARCH(\".\",D2224)+1)-(LEN(D2224)-(SEARCH(\".\",D2224,SEARCH(\".\",D2224,SEARCH(\".\",D2224)+1)+1)-1)))),\"\")","v":""},"18.1.1",{"$f":"IF($G2224=\"SINAPI\",VLOOKUP($F2224,DADOS_SINAPI,2,0),IF(G2224=\"SETOP\",VLOOKUP($F2224,DADOS_SETOP,2,0),IF(G2224=\"CPU\",VLOOKUP($F2224,DADOS_COMPOSICAO,2,0),IF(G2224=\"SICRO\",VLOOKUP($F2224,DADOS_SICRO,2,0),IF(G2224=\"SUDECAP\",VLOOKUP(F2224,DADOS_SUDECAP,2,0),IF(G2224=\"COTAÇÃO\",VLOOKUP($F2224,DADOS_COTACAO,2,0),\"\"))))))","v":"CAIXA RETANGULAR 4\" X 2\" ALTA (2,00 M DO PISO), PVC, INSTALADA EM PAREDE - FORNECIMENTO E INSTALAÇÃO. AF_03/2023"},91939,"SINAPI",{"$f":"IF(G2224=\"SINAPI\",VLOOKUP($F2224,DADOS_SINAPI,3,0),IF(G2224=\"SETOP\",VLOOKUP($F2224,DADOS_SETOP,3,0),IF(G2224=\"CPU\",VLOOKUP($F2224,DADOS_COMPOSICAO,10,0),IF(G2224=\"SICRO\",VLOOKUP($F2224,DADOS_SICRO,3,0),IF(G2224=\"SUDECAP\",VLOOKUP(F2224,DADOS_SUDECAP,3,0),IF(G2224=\"COTAÇÃO\",VLOOKUP($F2224,DADOS_COTACAO,9,0),\"\"))))))","v":"UN"},{"$f":"F2227","v":292},{"$f":"IF(G2224=\"SINAPI\",VLOOKUP($F2224,DADOS_SINAPI,4,0),IF(G2224=\"SETOP\",VLOOKUP($F2224,DADOS_SETOP,4,0),IF(G2224=\"CPU\",VLOOKUP($F2224,DADOS_COMPOSICAO,13,0),IF(G2224=\"SICRO\",VLOOKUP($F2224,DADOS_SICRO,4,0),IF(G2224=\"SUDECAP\",VLOOKUP(F2224,DADOS_SUDECAP,4,0),IF(G2224=\"COTAÇÃO\",VLOOKUP(F2224,DADOS_COTACAO,12,0),\"\"))))))","v":27.91},"BDI 1",{"$f":"TRUNC(J2224*(1+$N$17),2)","v":35.31},{"$f":"IFERROR(TRUNC(I2224*J2224,2),\"\")","v":8149.72},{"$f":"IFERROR(TRUNC(L2224*I2224,2),\"\")","v":10310.52}]
[2000]
[2000,null,null,null,"Quantidade",292,"un"]
[2000,null,null,null,"Total",{"$f":"F2226","v":292},"un"]
[2000]
[{"$f":"IFERROR(LEFT(D2229,SEARCH(\".\",D2229)-1),\"\")","v":"18"},{"$f":"IFERROR(LEFT(RIGHT(D2229,LEN(D2229)-SEARCH(\".\",D2229)),SEARCH(\".\",RIGHT(D2229,LEN(D2229)-SEARCH(\".\",D2229)))-1),\"\")","v":"1"},{"$f":"IFERROR(IF(LEN(D2229)-LEN(SUBSTITUTE(D2229,\".\",\"\"))<>3,\"\",MID(D2229,SEARCH(\".\",D2229,SEARCH(\".\",D2229)+1)+1,LEN(D2229)-SEARCH(\".\",D2229,SEARCH(\".\",D2229)+1)-(LEN(D2229)-(SEARCH(\".\",D2229,SEARCH(\".\",D2229,SEARCH(\".\",D2229)+1)+1)-1)))),\"\")","v":""},"18.1.2",{"$f":"IF($G2229=\"SINAPI\",VLOOKUP($F2229,DADOS_SINAPI,2,0),IF(G2229=\"SETOP\",VLOOKUP($F2229,DADOS_SETOP,2,0),IF(G2229=\"CPU\",VLOOKUP($F2229,DADOS_COMPOSICAO,2,0),IF(G2229=\"SICRO\",VLOOKUP($F2229,DADOS_SICRO,2,0),IF(G2229=\"SUDECAP\",VLOOKUP(F2229,DADOS_SUDECAP,2,0),IF(G2229=\"COTAÇÃO\",VLOOKUP($F2229,DADOS_COTACAO,2,0),\"\"))))))","v":"CAIXA OCTOGONAL DE FUNDO MOVEL, EM PVC, DE 4\" X 4\", PARA ELETRODUTO FLEXIVEL CORRUGADO"},12001,"SINAPI",{"$f":"IF(G2229=\"SINAPI\",VLOOKUP($F2229,DADOS_SINAPI,3,0),IF(G2229=\"SETOP\",VLOOKUP($F2229,DADOS_SETOP,3,0),IF(G2229=\"CPU\",VLOOKUP($F2229,DADOS_COMPOSICAO,10,0),IF(G2229=\"SICRO\",VLOOKUP($F2229,DADOS_SICRO,3,0),IF(G2229=\"SUDECAP\",VLOOKUP(F2229,DADOS_SUDECAP,3,0),IF(G2229=\"COTAÇÃO\",VLOOKUP($F2229,DADOS_COTACAO,9,0),\"\"))))))","v":"UN    "},{"$f":"F2232","v":194},{"$f":"IF(G2229=\"SINAPI\",VLOOKUP($F2229,DADOS_SINAPI,4,0),IF(G2229=\"SETOP\",VLOOKUP($F2229,DADOS_SETOP,4,0),IF(G2229=\"CPU\",VLOOKUP($F2229,DADOS_COMPOSICAO,13,0),IF(G2229=\"SICRO\",VLOOKUP($F2229,DADOS_SICRO,4,0),IF(G2229=\"SUDECAP\",VLOOKUP(F2229,DADOS_SUDECAP,4,0),IF(G2229=\"COTAÇÃO\",VLOOKUP(F2229,DADOS_COTACAO,12,0),\"\"))))))","v":7.05},"BDI 1",{"$f":"TRUNC(J2229*(1+$N$17),2)","v":8.91},{"$f":"IFERROR(TRUNC(I2229*J2229,2),\"\")","v":1367.7},{"$f":"IFERROR(TRUNC(L2229*I2229,2),\"\")","v":1728.54}]
[2000]
[2000,null,null,null,"Quantidade",194,"un"]
[2000,null,null,null,"Total",{"$f":"F2231","v":194},"un"]
[2000]
[{"$f":"IFERROR(LEFT(D2234,SEARCH(\".\",D2234)-1),\"\")","v":"18"},{"$f":"IFERROR(LEFT(RIGHT(D2234,LEN(D2234)-SEARCH(\".\",D2234)),SEARCH(\".\",RIGHT(D2234,LEN(D2234)-SEARCH(\".\",D2234)))-1),\"\")","v":"1"},{"$f":"IFERROR(IF(LEN(D2234)-LEN(SUBSTITUTE(D2234,\".\",\"\"))<>3,\"\",MID(D2234,SEARCH(\".\",D2234,SEARCH(\".\",D2234)+1)+1,LEN(D2234)-SEARCH(\".\",D2234,SEARCH(\".\",D2234)+1)-(LEN(D2234)-(SEARCH(\".\",D2234,SEARCH(\".\",D2234,SEARCH(\".\",D2234)+1)+1)-1)))),\"\")","v":""},"18.1.3",{"$f":"IF($G2234=\"SINAPI\",VLOOKUP($F2234,DADOS_SINAPI,2,0),IF(G2234=\"SETOP\",VLOOKUP($F2234,DADOS_SETOP,2,0),IF(G2234=\"CPU\",VLOOKUP($F2234,DADOS_COMPOSICAO,2,0),IF(G2234=\"SICRO\",VLOOKUP($F2234,DADOS_SICRO,2,0),IF(G2234=\"SUDECAP\",VLOOKUP(F2234,DADOS_SUDECAP,2,0),IF(G2234=\"COTAÇÃO\",VLOOKUP($F2234,DADOS_COTACAO,2,0),\"\"))))))","v":"CAIXA RETANGULAR 4\" X 4\" ALTA (2,00 M DO PISO), PVC, INSTALADA EM PAREDE - FORNECIMENTO E INSTALAÇÃO. AF_03/2023"},91942,"SINAPI",{"$f":"IF(G2234=\"SINAPI\",VLOOKUP($F2234,DADOS_SINAPI,3,0),IF(G2234=\"SETOP\",VLOOKUP($F2234,DADOS_SETOP,3,0),IF(G2234=\"CPU\",VLOOKUP($F2234,DADOS_COMPOSICAO,10,0),IF(G2234=\"SICRO\",VLOOKUP($F2234,DADOS_SICRO,3,0),IF(G2234=\"SUDECAP\",VLOOKUP(F2234,DADOS_SUDECAP,3,0),IF(G2234=\"COTAÇÃO\",VLOOKUP($F2234,DADOS_COTACAO,9,0),\"\"))))))","v":"UN"},{"$f":"F2237","v":1},{"$f":"IF(G2234=\"SINAPI\",VLOOKUP($F2234,DADOS_SINAPI,4,0),IF(G2234=\"SETOP\",VLOOKUP($F2234,DADOS_SETOP,4,0),IF(G2234=\"CPU\",VLOOKUP($F2234,DADOS_COMPOSICAO,13,0),IF(G2234=\"SICRO\",VLOOKUP($F2234,DADOS_SICRO,4,0),IF(G2234=\"SUDECAP\",VLOOKUP(F2234,DADOS_SUDECAP,4,0),IF(G2234=\"COTAÇÃO\",VLOOKUP(F2234,DADOS_COTACAO,12,0),\"\"))))))","v":31.65},"BDI 1",{"$f":"TRUNC(J2234*(1+$N$17),2)","v":40.04},{"$f":"IFERROR(TRUNC(I2234*J2234,2),\"\")","v":31.65},{"$f":"IFERROR(TRUNC(L2234*I2234,2),\"\")","v":40.04}]
[2000]
[2000,null,null,null,"Quantidade",1,"un"]
[2000,null,null,null,"Total",{"$f":"F2236","v":1},"un"]
[2000]
[null,null,null,"18.2","CABO UNIPOLAR (COBRE)",null,null,null,null,null,null,null,{"$f":"IFERROR(SUMIFS(M:M,A:A,LEFT(D2239,SEARCH(\".\",D2239)-1),B:B,RIGHT(D2239,LEN(D2239)-SEARCH(\".\",D2239))),\"\")","v":95001.859999999986},{"$f":"IFERROR(SUMIFS(N:N,A:A,LEFT(D2239,SEARCH(\".\",D2239)-1),B:B,RIGHT(D2239,LEN(D2239)-SEARCH(\".\",D2239))),\"\")","v":120173.95999999999}]
[{"$f":"IFERROR(LEFT(D2240,SEARCH(\".\",D2240)-1),\"\")","v":"18"},{"$f":"IFERROR(LEFT(RIGHT(D2240,LEN(D2240)-SEARCH(\".\",D2240)),SEARCH(\".\",RIGHT(D2240,LEN(D2240)-SEARCH(\".\",D2240)))-1),\"\")","v":"2"},{"$f":"IFERROR(IF(LEN(D2240)-LEN(SUBSTITUTE(D2240,\".\",\"\"))<>3,\"\",MID(D2240,SEARCH(\".\",D2240,SEARCH(\".\",D2240)+1)+1,LEN(D2240)-SEARCH(\".\",D2240,SEARCH(\".\",D2240)+1)-(LEN(D2240)-(SEARCH(\".\",D2240,SEARCH(\".\",D2240,SEARCH(\".\",D2240)+1)+1)-1)))),\"\")","v":""},"18.2.1",{"$f":"IF($G2240=\"SINAPI\",VLOOKUP($F2240,DADOS_SINAPI,2,0),IF(G2240=\"SETOP\",VLOOKUP($F2240,DADOS_SETOP,2,0),IF(G2240=\"CPU\",VLOOKUP($F2240,DADOS_COMPOSICAO,2,0),IF(G2240=\"SICRO\",VLOOKUP($F2240,DADOS_SICRO,2,0),IF(G2240=\"SUDECAP\",VLOOKUP(F2240,DADOS_SUDECAP,2,0),IF(G2240=\"COTAÇÃO\",VLOOKUP($F2240,DADOS_COTACAO,2,0),\"\"))))))","v":"CABO DE COBRE FLEXÍVEL ISOLADO, 150 MM², ANTI-CHAMA 0,6/1,0 KV, PARA REDE ENTERRADA DE DISTRIBUIÇÃO DE ENERGIA ELÉTRICA - FORNECIMENTO E INSTALAÇÃO. AF_12/2021"},92996,"SINAPI",{"$f":"IF(G2240=\"SINAPI\",VLOOKUP($F2240,DADOS_SINAPI,3,0),IF(G2240=\"SETOP\",VLOOKUP($F2240,DADOS_SETOP,3,0),IF(G2240=\"CPU\",VLOOKUP($F2240,DADOS_COMPOSICAO,10,0),IF(G2240=\"SICRO\",VLOOKUP($F2240,DADOS_SICRO,3,0),IF(G2240=\"SUDECAP\",VLOOKUP(F2240,DADOS_SUDECAP,3,0),IF(G2240=\"COTAÇÃO\",VLOOKUP($F2240,DADOS_COTACAO,9,0),\"\"))))))","v":"M"},{"$f":"F2246","v":165.12},{"$f":"IF(G2240=\"SINAPI\",VLOOKUP($F2240,DADOS_SINAPI,4,0),IF(G2240=\"SETOP\",VLOOKUP($F2240,DADOS_SETOP,4,0),IF(G2240=\"CPU\",VLOOKUP($F2240,DADOS_COMPOSICAO,13,0),IF(G2240=\"SICRO\",VLOOKUP($F2240,DADOS_SICRO,4,0),IF(G2240=\"SUDECAP\",VLOOKUP(F2240,DADOS_SUDECAP,4,0),IF(G2240=\"COTAÇÃO\",VLOOKUP(F2240,DADOS_COTACAO,12,0),\"\"))))))","v":147.04},"BDI 1",{"$f":"TRUNC(J2240*(1+$N$17),2)","v":186.03},{"$f":"IFERROR(TRUNC(I2240*J2240,2),\"\")","v":24279.24},{"$f":"IFERROR(TRUNC(L2240*I2240,2),\"\")","v":30717.27}]
[2000]
[2000,null,null,null,"Azul claro",41.28,"m"]
[2000,null,null,null,"Branco",41.28,"m"]
[2000,null,null,null,"Preto",41.28,"m"]
[2000,null,null,null,"Vermelho",41.28,"m"]
[2000,null,null,null,"Total",{"$f":"SUM(F2242:F2245)","v":165.12},"m"]
[2000]
[{"$f":"IFERROR(LEFT(D2248,SEARCH(\".\",D2248)-1),\"\")","v":"18"},{"$f":"IFERROR(LEFT(RIGHT(D2248,LEN(D2248)-SEARCH(\".\",D2248)),SEARCH(\".\",RIGHT(D2248,LEN(D2248)-SEARCH(\".\",D2248)))-1),\"\")","v":"2"},{"$f":"IFERROR(IF(LEN(D2248)-LEN(SUBSTITUTE(D2248,\".\",\"\"))<>3,\"\",MID(D2248,SEARCH(\".\",D2248,SEARCH(\".\",D2248)+1)+1,LEN(D2248)-SEARCH(\".\",D2248,SEARCH(\".\",D2248)+1)-(LEN(D2248)-(SEARCH(\".\",D2248,SEARCH(\".\",D2248,SEARCH(\".\",D2248)+1)+1)-1)))),\"\")","v":""},"18.2.2",{"$f":"IF($G2248=\"SINAPI\",VLOOKUP($F2248,DADOS_SINAPI,2,0),IF(G2248=\"SETOP\",VLOOKUP($F2248,DADOS_SETOP,2,0),IF(G2248=\"CPU\",VLOOKUP($F2248,DADOS_COMPOSICAO,2,0),IF(G2248=\"SICRO\",VLOOKUP($F2248,DADOS_SICRO,2,0),IF(G2248=\"SUDECAP\",VLOOKUP(F2248,DADOS_SUDECAP,2,0),IF(G2248=\"COTAÇÃO\",VLOOKUP($F2248,DADOS_COTACAO,2,0),\"\"))))))","v":"CABO DE COBRE FLEXÍVEL ISOLADO, 16 MM², ANTI-CHAMA 0,6/1,0 KV, PARA DISTRIBUIÇÃO - FORNECIMENTO E INSTALAÇÃO. AF_12/2015"},92982,"SINAPI",{"$f":"IF(G2248=\"SINAPI\",VLOOKUP($F2248,DADOS_SINAPI,3,0),IF(G2248=\"SETOP\",VLOOKUP($F2248,DADOS_SETOP,3,0),IF(G2248=\"CPU\",VLOOKUP($F2248,DADOS_COMPOSICAO,10,0),IF(G2248=\"SICRO\",VLOOKUP($F2248,DADOS_SICRO,3,0),IF(G2248=\"SUDECAP\",VLOOKUP(F2248,DADOS_SUDECAP,3,0),IF(G2248=\"COTAÇÃO\",VLOOKUP($F2248,DADOS_COTACAO,9,0),\"\"))))))","v":"M"},{"$f":"F2255","v":113.64},{"$f":"IF(G2248=\"SINAPI\",VLOOKUP($F2248,DADOS_SINAPI,4,0),IF(G2248=\"SETOP\",VLOOKUP($F2248,DADOS_SETOP,4,0),IF(G2248=\"CPU\",VLOOKUP($F2248,DADOS_COMPOSICAO,13,0),IF(G2248=\"SICRO\",VLOOKUP($F2248,DADOS_SICRO,4,0),IF(G2248=\"SUDECAP\",VLOOKUP(F2248,DADOS_SUDECAP,4,0),IF(G2248=\"COTAÇÃO\",VLOOKUP(F2248,DADOS_COTACAO,12,0),\"\"))))))","v":15.72},"BDI 1",{"$f":"TRUNC(J2248*(1+$N$17),2)","v":19.88},{"$f":"IFERROR(TRUNC(I2248*J2248,2),\"\")","v":1786.42},{"$f":"IFERROR(TRUNC(L2248*I2248,2),\"\")","v":2259.16}]
[2000]
[2000,null,null,null,"Azul  claro",13.81,"m"]
[2000,null,null,null,"Branco",13.81,"m"]
[2000,null,null,null,"Preto",13.81,"m"]
[2000,null,null,null,"Verde Amarelo",58.4,"m"]
[2000,null,null,null,"Vermelho",13.81,"m"]
[2000,null,null,null,"Total",{"$f":"SUM(F2250:F2254)","v":113.64},"m"]
[2000]
["18","2","","18.2.3","CABO DE COBRE FLEXÍVEL ISOLADO, 25 MM², ANTI-CHAMA 0,6/1,0 KV, PARA REDE ENTERRADA DE DISTRIBUIÇÃO DE ENERGIA ELÉTRICA - FORNECIMENTO E INSTALAÇÃO. AF_12/2021",92984,"SINAPI","M",{"$f":"F2263","v":89},25.91,"BDI 1",32.78,2305.9899999999998,2917.42]
[2000]
[2000,null,null,null,"Azul  claro",22.25,"m"]
[2000,null,null,null,"Branco",22.25,"m"]
[2000,null,null,null,"Preto",22.25,"m"]
[2000,null,null,null,"Vermelho",22.25,"m"]
[2000,null,null,null,"Total",{"$f":"SUM(F2259:F2262)","v":89},"m"]
[2000]
["18","2","","18.2.4","CABO DE COBRE FLEXÍVEL ISOLADO, 35 MM², ANTI-CHAMA 0,6/1,0 KV, PARA REDE ENTERRADA DE DISTRIBUIÇÃO DE ENERGIA ELÉTRICA - FORNECIMENTO E INSTALAÇÃO. AF_12/2021",92986,"SINAPI","M",{"$f":"F2272","v":123.63},35.880000000000003,"BDI 1",45.39,4435.84,5611.56]
[2000]
[2000,null,null,null,"Azul  claro",22.34,"m"]
[2000,null,null,null,"Branco",22.34,"m"]
[2000,null,null,null,"Preto",22.34,"m"]
[2000,null,null,null,"Verde Amarelo",34.270000000000003,"m"]
[2000,null,null,null,"Vermelho",22.34,"m"]
[2000,null,null,null,"Total",{"$f":"SUM(F2267:F2271)","v":123.63},"m"]
[2000]
["18","2","","18.2.5","CABO DE COBRE FLEXÍVEL ISOLADO, 70 MM², ANTI-CHAMA 0,6/1,0 KV, PARA REDE ENTERRADA DE DISTRIBUIÇÃO DE ENERGIA ELÉTRICA - FORNECIMENTO E INSTALAÇÃO. AF_12/2021",92990,"SINAPI","M",{"$f":"F2280","v":137.08000000000001},72.27,"BDI 1",91.43,9906.77,12533.22]
[2000]
[2000,null,null,null,"Azul  claro",34.270000000000003,"m"]
[2000,null,null,null,"Branco",34.270000000000003,"m"]
[2000,null,null,null,"Preto",34.270000000000003,"m"]
[2000,null,null,null,"Vermelho",34.270000000000003,"m"]
[2000,null,null,null,"Total",{"$f":"SUM(F2276:F2279)","v":137.08000000000001},"m"]
[2000]
["18","2","","18.2.6","CABO DE COBRE FLEXÍVEL ISOLADO, 95 MM², ANTI-CHAMA 0,6/1,0 KV, PARA REDE ENTERRADA DE DISTRIBUIÇÃO DE ENERGIA ELÉTRICA - FORNECIMENTO E INSTALAÇÃO. AF_12/2021",92992,"SINAPI","M",{"$f":"F2289","v":228.56},93.46,"BDI 1",118.24,21361.21,27024.93]
[2000]
[2000,null,null,null,"Azul  claro",46.82,"m"]
[2000,null,null,null,"Branco",46.82,"m"]
[2000,null,null,null,"Preto",46.82,"m"]
[2000,null,null,null,"Verde Amarelo",41.28,"m"]
[2000,null,null,null,"Vermelho",46.82,"m"]
[2000,null,null,null,"Total",{"$f":"SUM(F2284:F2288)","v":228.56},"m"]
[2000]
["18","2","","18.2.7","CABO DE COBRE FLEXÍVEL ISOLADO, 1,5 MM², ANTI-CHAMA 450/750 V, PARA CIRCUITOS TERMINAIS - FORNECIMENTO E INSTALAÇÃO. AF_03/2023",91924,"SINAPI","M",{"$f":"F2299","v":1462.2900000000002},2.71,"BDI 1",3.42,3962.8,5001.03]
[2000]
[2000,null,null,null,"Amarelo",497.3,"m"]
[2000,null,null,null,"Azul  claro",443.65,"m"]
[2000,null,null,null,"Branco",177.65,"m"]
[2000,null,null,null,"Preto",31.75,"m"]
[2000,null,null,null,"Verde Amarelo",81.2,"m"]
[2000,null,null,null,"Vermelho",230.74,"m"]
[2000,null,null,null,"Total",{"$f":"SUM(F2293:F2298)","v":1462.2900000000002},"m"]
[2000]
["18","2","","18.2.8","CABO DE COBRE FLEXÍVEL ISOLADO, 10 MM², ANTI-CHAMA 450/750 V, PARA CIRCUITOS TERMINAIS - FORNECIMENTO E INSTALAÇÃO. AF_03/2023",91932,"SINAPI","M",{"$f":"F2307","v":145.5},15.49,"BDI 1",19.59,2253.79,2850.34]
[2000]
[2000,null,null,null,"Branco",17,"m"]
[2000,null,null,null,"Preto",48.5,"m"]
[2000,null,null,null,"Verde Amarelo",48.5,"m"]
[2000,null,null,null,"Vermelho",31.5,"m"]
[2000,null,null,null,"Total",{"$f":"SUM(F2303:F2306)","v":145.5},"m"]
[2000]
["18","2","","18.2.9","CABO DE COBRE FLEXÍVEL ISOLADO, 2,5 MM², ANTI-CHAMA 450/750 V, PARA CIRCUITOS TERMINAIS - FORNECIMENTO E INSTALAÇÃO. AF_03/2023",91926,"SINAPI","M",{"$f":"F2317","v":3836.21},3.96,"BDI 1",5.01,15191.39,19219.41]
[2000]
[2000,null,null,null,"Amarelo",154.86000000000001,"m"]
[2000,null,null,null,"Azul  claro",1418.92,"m"]
[2000,null,null,null,"Branco",753.6,"m"]
[2000,null,null,null,"Preto",275.93,"m"]
[2000,null,null,null,"Verde Amarelo",803.57,"m"]
[2000,null,null,null,"Vermelho",429.33,"m"]
[2000,null,null,null,"Total",{"$f":"SUM(F2311:F2316)","v":3836.21},"m"]
[2000]
["18","2","","18.2.10","CABO DE COBRE FLEXÍVEL ISOLADO, 4 MM², ANTI-CHAMA 450/750 V, PARA CIRCUITOS TERMINAIS - FORNECIMENTO E INSTALAÇÃO. AF_03/2023",91928,"SINAPI","M",{"$f":"F2325","v":456.90000000000003},6.15,"BDI 1",7.78,2809.93,3554.68]
[2000]
[2000,null,null,null,"Azul claro",3,"m"]
[2000,null,null,null,"Branco",96.8,"m"]
[2000,null,null,null,"Verde amarelo",216.8,"m"]
[2000,null,null,null,"Vermelho",140.30000000000001,"m"]
[2000,null,null,null,"Total",{"$f":"SUM(F2321:F2324)","v":456.90000000000003},"m"]
[2000]
["18","2","","18.2.11","CABO DE COBRE FLEXÍVEL ISOLADO, 6 MM², ANTI-CHAMA 450/750 V, PARA CIRCUITOS TERMINAIS - FORNECIMENTO E INSTALAÇÃO. AF_03/2023",91930,"SINAPI","M",{"$f":"F2333","v":779.15},8.61,"BDI 1",10.89,6708.48,8484.94]
[2000]
[2000,null,null,null,"Branco",188.44,"m"]
[2000,null,null,null,"Preto",185.07,"m"]
[2000,null,null,null,"Verde amarelo",259.72000000000003,"m"]
[2000,null,null,null,"Vermelho",145.91999999999999,"m"]
[2000,null,null,null,"Total",{"$f":"SUM(F2329:F2332)","v":779.15},"m"]
[2000]
[null,null,null,"18.3","CAIXA DE PASSAGEM - EMBUTIR",null,null,null,null,null,null,null,{"$f":"IFERROR(SUMIFS(M:M,A:A,LEFT(D2335,SEARCH(\".\",D2335)-1),B:B,RIGHT(D2335,LEN(D2335)-SEARCH(\".\",D2335))),\"\")","v":1004.45},{"$f":"IFERROR(SUMIFS(N:N,A:A,LEFT(D2335,SEARCH(\".\",D2335)-1),B:B,RIGHT(D2335,LEN(D2335)-SEARCH(\".\",D2335))),\"\")","v":1270.8}]
[{"$f":"IFERROR(LEFT(D2336,SEARCH(\".\",D2336)-1),\"\")","v":"18"},{"$f":"IFERROR(LEFT(RIGHT(D2336,LEN(D2336)-SEARCH(\".\",D2336)),SEARCH(\".\",RIGHT(D2336,LEN(D2336)-SEARCH(\".\",D2336)))-1),\"\")","v":"3"},{"$f":"IFERROR(IF(LEN(D2336)-LEN(SUBSTITUTE(D2336,\".\",\"\"))<>3,\"\",MID(D2336,SEARCH(\".\",D2336,SEARCH(\".\",D2336)+1)+1,LEN(D2336)-SEARCH(\".\",D2336,SEARCH(\".\",D2336)+1)-(LEN(D2336)-(SEARCH(\".\",D2336,SEARCH(\".\",D2336,SEARCH(\".\",D2336)+1)+1)-1)))),\"\")","v":""},"18.3.1",{"$f":"IF($G2336=\"SINAPI\",VLOOKUP($F2336,DADOS_SINAPI,2,0),IF(G2336=\"SETOP\",VLOOKUP($F2336,DADOS_SETOP,2,0),IF(G2336=\"CPU\",VLOOKUP($F2336,DADOS_COMPOSICAO,2,0),IF(G2336=\"SICRO\",VLOOKUP($F2336,DADOS_SICRO,2,0),IF(G2336=\"SUDECAP\",VLOOKUP(F2336,DADOS_SUDECAP,2,0),IF(G2336=\"COTAÇÃO\",VLOOKUP($F2336,DADOS_COTACAO,2,0),\"\"))))))","v":"CAIXA DE INSPEÇÃO EM CONCRETO, TIPO \"ZA\" PASSEIO, PADRÃO CEMIG, DIMENSÃO (28X28)CM, ALTURA 40CM, COM TAMPA E ARO ARTICULADO EM FERRO FUNDIDO, INCLUSIVE ESCAVAÇÃO, APILOAMENTO, LASTRO DE BRITA, REATERRO E TRANSPORTE E RETIRADA DO MATERIAL ESCAVADO (EM CAÇAMBA)"},"ED-49197","SETOP",{"$f":"IF(G2336=\"SINAPI\",VLOOKUP($F2336,DADOS_SINAPI,3,0),IF(G2336=\"SETOP\",VLOOKUP($F2336,DADOS_SETOP,3,0),IF(G2336=\"CPU\",VLOOKUP($F2336,DADOS_COMPOSICAO,10,0),IF(G2336=\"SICRO\",VLOOKUP($F2336,DADOS_SICRO,3,0),IF(G2336=\"SUDECAP\",VLOOKUP(F2336,DADOS_SUDECAP,3,0),IF(G2336=\"COTAÇÃO\",VLOOKUP($F2336,DADOS_COTACAO,9,0),\"\"))))))","v":"un"},{"$f":"F2339","v":5},{"$f":"IF(G2336=\"SINAPI\",VLOOKUP($F2336,DADOS_SINAPI,4,0),IF(G2336=\"SETOP\",VLOOKUP($F2336,DADOS_SETOP,4,0),IF(G2336=\"CPU\",VLOOKUP($F2336,DADOS_COMPOSICAO,13,0),IF(G2336=\"SICRO\",VLOOKUP($F2336,DADOS_SICRO,4,0),IF(G2336=\"SUDECAP\",VLOOKUP(F2336,DADOS_SUDECAP,4,0),IF(G2336=\"COTAÇÃO\",VLOOKUP(F2336,DADOS_COTACAO,12,0),\"\"))))))","v":200.89},"BDI 1",{"$f":"TRUNC(J2336*(1+$N$17),2)","v":254.16},{"$f":"IFERROR(TRUNC(I2336*J2336,2),\"\")","v":1004.45},{"$f":"IFERROR(TRUNC(L2336*I2336,2),\"\")","v":1270.8}]
[2000]
[2000,null,null,null,"Quantidade",5,"un"]
[2000,null,null,null,"Total",{"$f":"F2338","v":5},"un"]
[2000]
[null,null,null,"18.4","DISPOSITIVO ELÉTRICO - EMBUTIDO",null,null,null,null,null,null,null,{"$f":"IFERROR(SUMIFS(M:M,A:A,LEFT(D2341,SEARCH(\".\",D2341)-1),B:B,RIGHT(D2341,LEN(D2341)-SEARCH(\".\",D2341))),\"\")","v":9189.68},{"$f":"IFERROR(SUMIFS(N:N,A:A,LEFT(D2341,SEARCH(\".\",D2341)-1),B:B,RIGHT(D2341,LEN(D2341)-SEARCH(\".\",D2341))),\"\")","v":11625.380000000001}]
[{"$f":"IFERROR(LEFT(D2342,SEARCH(\".\",D2342)-1),\"\")","v":"18"},{"$f":"IFERROR(LEFT(RIGHT(D2342,LEN(D2342)-SEARCH(\".\",D2342)),SEARCH(\".\",RIGHT(D2342,LEN(D2342)-SEARCH(\".\",D2342)))-1),\"\")","v":"4"},{"$f":"IFERROR(IF(LEN(D2342)-LEN(SUBSTITUTE(D2342,\".\",\"\"))<>3,\"\",MID(D2342,SEARCH(\".\",D2342,SEARCH(\".\",D2342)+1)+1,LEN(D2342)-SEARCH(\".\",D2342,SEARCH(\".\",D2342)+1)-(LEN(D2342)-(SEARCH(\".\",D2342,SEARCH(\".\",D2342,SEARCH(\".\",D2342)+1)+1)-1)))),\"\")","v":""},"18.4.1",{"$f":"IF($G2342=\"SINAPI\",VLOOKUP($F2342,DADOS_SINAPI,2,0),IF(G2342=\"SETOP\",VLOOKUP($F2342,DADOS_SETOP,2,0),IF(G2342=\"CPU\",VLOOKUP($F2342,DADOS_COMPOSICAO,2,0),IF(G2342=\"SICRO\",VLOOKUP($F2342,DADOS_SICRO,2,0),IF(G2342=\"SUDECAP\",VLOOKUP(F2342,DADOS_SUDECAP,2,0),IF(G2342=\"COTAÇÃO\",VLOOKUP($F2342,DADOS_COTACAO,2,0),\"\"))))))","v":"INTERRUPTOR PARALELO (1 MÓDULO), 10A/250V, INCLUINDO SUPORTE E PLACA - FORNECIMENTO E INSTALAÇÃO. AF_03/2023"},91955,"SINAPI",{"$f":"IF(G2342=\"SINAPI\",VLOOKUP($F2342,DADOS_SINAPI,3,0),IF(G2342=\"SETOP\",VLOOKUP($F2342,DADOS_SETOP,3,0),IF(G2342=\"CPU\",VLOOKUP($F2342,DADOS_COMPOSICAO,10,0),IF(G2342=\"SICRO\",VLOOKUP($F2342,DADOS_SICRO,3,0),IF(G2342=\"SUDECAP\",VLOOKUP(F2342,DADOS_SUDECAP,3,0),IF(G2342=\"COTAÇÃO\",VLOOKUP($F2342,DADOS_COTACAO,9,0),\"\"))))))","v":"UN"},{"$f":"F2345","v":10},{"$f":"IF(G2342=\"SINAPI\",VLOOKUP($F2342,DADOS_SINAPI,4,0),IF(G2342=\"SETOP\",VLOOKUP($F2342,DADOS_SETOP,4,0),IF(G2342=\"CPU\",VLOOKUP($F2342,DADOS_COMPOSICAO,13,0),IF(G2342=\"SICRO\",VLOOKUP($F2342,DADOS_SICRO,4,0),IF(G2342=\"SUDECAP\",VLOOKUP(F2342,DADOS_SUDECAP,4,0),IF(G2342=\"COTAÇÃO\",VLOOKUP(F2342,DADOS_COTACAO,12,0),\"\"))))))","v":33.21},"BDI 1",{"$f":"TRUNC(J2342*(1+$N$17),2)","v":42.01},{"$f":"IFERROR(TRUNC(I2342*J2342,2),\"\")","v":332.1},{"$f":"IFERROR(TRUNC(L2342*I2342,2),\"\")","v":420.1}]
[2000]
[2000,null,null,null,"Quantidade",10,"un"]
[2000,null,null,null,"Total",{"$f":"F2344","v":10},"un"]
[2000]
["18","4","","18.4.2","INTERRUPTOR PARALELO (2 MÓDULOS), 10A/250V, INCLUINDO SUPORTE E PLACA - FORNECIMENTO E INSTALAÇÃO. AF_03/2023",91961,"SINAPI","UN",{"$f":"F2350","v":1},53.54,"BDI 1",67.73,53.54,67.73]
[2000]
[2000,null,null,null,"Quantidade",1,"un"]
[2000,null,null,null,"Total",{"$f":"F2349","v":1},"un"]
[2000]
["18","4","","18.4.3","INTERRUPTOR SIMPLES (1 MÓDULO), 10A/250V, INCLUINDO SUPORTE E PLACA - FORNECIMENTO E INSTALAÇÃO. AF_03/2023",91953,"SINAPI","UN",{"$f":"F2355","v":35},27.33,"BDI 1",34.57,956.55,1209.95]
[2000]
[2000,null,null,null,"Quantidade",35,"un"]
[2000,null,null,null,"Total",{"$f":"F2354","v":35},"un"]
[2000]
["18","4","","18.4.4","INTERRUPTOR SIMPLES (2 MÓDULOS), 10A/250V, INCLUINDO SUPORTE E PLACA - FORNECIMENTO E INSTALAÇÃO. AF_03/2023",91959,"SINAPI","UN",{"$f":"F2360","v":2},41.78,"BDI 1",52.86,83.56,105.72]
[2000]
[2000,null,null,null,"Quantidade",2,"un"]
[2000,null,null,null,"Total",{"$f":"F2359","v":2},"un"]
[2000]
["18","4","","18.4.5","INTERRUPTOR SIMPLES (3 MÓDULOS), 10A/250V, INCLUINDO SUPORTE E PLACA - FORNECIMENTO E INSTALAÇÃO. AF_03/2023",91967,"SINAPI","UN",{"$f":"F2365","v":1},56.24,"BDI 1",71.150000000000006,56.24,71.150000000000006]
[2000]
[2000,null,null,null,"Quantidade",1,"un"]
[2000,null,null,null,"Total",{"$f":"F2364","v":1},"un"]
[2000]
["18","4","","18.4.6","PLACA 2X4\" COM FURO CENTRAL PARA TOMADA JACK","11.81.09","SUDECAP","UN",{"$f":"F2370","v":24},5.57,"BDI 1",7.04,133.68,168.96]
[2000]
[2000,null,null,null,"Quantidade",24,"un"]
[2000,null,null,null,"Total",{"$f":"F2369","v":24},"un"]
[2000]
["18","4","","18.4.7","CONJUNTO DE UM (1) INTERRUPTOR BIPOLAR SIMPLES, CORRENTE 10A, TENSÃO 250V, (10A-250V) E UMA (1) TOMADA PADRÃO, TRÊS (3) POLOS, CORRENTE 10A, TENSÃO 250V, (2P+T/10A-250V), COM PLACA 4\"X2\" DE DOIS (2) POSTOS, INCLUSIVE FORNECIMENTO, INSTALAÇÃO, SUPORTE, MÓDULO E PLACA","ED-15767","SETOP","un",{"$f":"F2375","v":11},58.95,"BDI 1",74.58,648.45000000000005,820.38]
[2000]
[2000,null,null,null,"Quantidade",11,"un"]
[2000,null,null,null,"Total",{"$f":"F2374","v":11},"un"]
[2000]
["18","4","","18.4.8","CONJUNTO DE DUAS (2) TOMADAS PADRÃO, TRÊS (3) POLOS, CORRENTE 10A, TENSÃO 250V, (2P+T/10A-250V), COM PLACA 4\"X2\" DE DOIS (2) POSTOS, INCLUSIVE FORNECIMENTO, INSTALAÇÃO, SUPORTE, MÓDULO E PLACA","ED-15755","SETOP","un",{"$f":"F2380","v":94},38.54,"BDI 1",48.76,3622.76,4583.4399999999996]
[2000]
[2000,null,null,null,"Quantidade",94,"un"]
[2000,null,null,null,"Total",{"$f":"F2379","v":94},"un"]
[2000]
["18","4","","18.4.9","TOMADA BAIXA DE EMBUTIR (1 MÓDULO), 2P+T 10 A, INCLUINDO SUPORTE E PLACA - FORNECIMENTO E INSTALAÇÃO. AF_03/2023",92000,"SINAPI","UN",{"$f":"F2385","v":115},28.72,"BDI 1",36.33,3302.8,4177.95]
[2000]
[2000,null,null,null,"Quantidade",115,"un"]
[2000,null,null,null,"Total",{"$f":"F2384","v":115},"un"]
[2000]
[null,null,null,"18.5","DISPOSITIVO DE COMANDO",null,null,null,null,null,null,null,{"$f":"IFERROR(SUMIFS(M:M,A:A,LEFT(D2387,SEARCH(\".\",D2387)-1),B:B,RIGHT(D2387,LEN(D2387)-SEARCH(\".\",D2387))),\"\")","v":35.56},{"$f":"IFERROR(SUMIFS(N:N,A:A,LEFT(D2387,SEARCH(\".\",D2387)-1),B:B,RIGHT(D2387,LEN(D2387)-SEARCH(\".\",D2387))),\"\")","v":44.99}]
[{"$f":"IFERROR(LEFT(D2388,SEARCH(\".\",D2388)-1),\"\")","v":"18"},{"$f":"IFERROR(LEFT(RIGHT(D2388,LEN(D2388)-SEARCH(\".\",D2388)),SEARCH(\".\",RIGHT(D2388,LEN(D2388)-SEARCH(\".\",D2388)))-1),\"\")","v":"5"},{"$f":"IFERROR(IF(LEN(D2388)-LEN(SUBSTITUTE(D2388,\".\",\"\"))<>3,\"\",MID(D2388,SEARCH(\".\",D2388,SEARCH(\".\",D2388)+1)+1,LEN(D2388)-SEARCH(\".\",D2388,SEARCH(\".\",D2388)+1)-(LEN(D2388)-(SEARCH(\".\",D2388,SEARCH(\".\",D2388,SEARCH(\".\",D2388)+1)+1)-1)))),\"\")","v":""},"18.5.1",{"$f":"IF($G2388=\"SINAPI\",VLOOKUP($F2388,DADOS_SINAPI,2,0),IF(G2388=\"SETOP\",VLOOKUP($F2388,DADOS_SETOP,2,0),IF(G2388=\"CPU\",VLOOKUP($F2388,DADOS_COMPOSICAO,2,0),IF(G2388=\"SICRO\",VLOOKUP($F2388,DADOS_SICRO,2,0),IF(G2388=\"SUDECAP\",VLOOKUP(F2388,DADOS_SUDECAP,2,0),IF(G2388=\"COTAÇÃO\",VLOOKUP($F2388,DADOS_COTACAO,2,0),\"\"))))))","v":"RELE FOTOELETRICO INTERNO E EXTERNO BIVOLT 1000 W, DE CONECTOR, SEM BASE"},2510,"SINAPI",{"$f":"IF(G2388=\"SINAPI\",VLOOKUP($F2388,DADOS_SINAPI,3,0),IF(G2388=\"SETOP\",VLOOKUP($F2388,DADOS_SETOP,3,0),IF(G2388=\"CPU\",VLOOKUP($F2388,DADOS_COMPOSICAO,10,0),IF(G2388=\"SICRO\",VLOOKUP($F2388,DADOS_SICRO,3,0),IF(G2388=\"SUDECAP\",VLOOKUP(F2388,DADOS_SUDECAP,3,0),IF(G2388=\"COTAÇÃO\",VLOOKUP($F2388,DADOS_COTACAO,9,0),\"\"))))))","v":"UN    "},{"$f":"F2391","v":1},{"$f":"IF(G2388=\"SINAPI\",VLOOKUP($F2388,DADOS_SINAPI,4,0),IF(G2388=\"SETOP\",VLOOKUP($F2388,DADOS_SETOP,4,0),IF(G2388=\"CPU\",VLOOKUP($F2388,DADOS_COMPOSICAO,13,0),IF(G2388=\"SICRO\",VLOOKUP($F2388,DADOS_SICRO,4,0),IF(G2388=\"SUDECAP\",VLOOKUP(F2388,DADOS_SUDECAP,4,0),IF(G2388=\"COTAÇÃO\",VLOOKUP(F2388,DADOS_COTACAO,12,0),\"\"))))))","v":35.56},"BDI 1",{"$f":"TRUNC(J2388*(1+$N$17),2)","v":44.99},{"$f":"IFERROR(TRUNC(I2388*J2388,2),\"\")","v":35.56},{"$f":"IFERROR(TRUNC(L2388*I2388,2),\"\")","v":44.99}]
[2000]
[2000,null,null,null,"Quantidade",1,"un"]
[2000,null,null,null,"Total",{"$f":"F2390","v":1},"un"]
[2000]
[null,null,null,"18.6","DISPOSITIVO DE PROTEÇÃO",null,null,null,null,null,null,null,{"$f":"IFERROR(SUMIFS(M:M,A:A,LEFT(D2393,SEARCH(\".\",D2393)-1),B:B,RIGHT(D2393,LEN(D2393)-SEARCH(\".\",D2393))),\"\")","v":7185.8499999999995},{"$f":"IFERROR(SUMIFS(N:N,A:A,LEFT(D2393,SEARCH(\".\",D2393)-1),B:B,RIGHT(D2393,LEN(D2393)-SEARCH(\".\",D2393))),\"\")","v":9091.18}]
[{"$f":"IFERROR(LEFT(D2394,SEARCH(\".\",D2394)-1),\"\")","v":"18"},{"$f":"IFERROR(LEFT(RIGHT(D2394,LEN(D2394)-SEARCH(\".\",D2394)),SEARCH(\".\",RIGHT(D2394,LEN(D2394)-SEARCH(\".\",D2394)))-1),\"\")","v":"6"},{"$f":"IFERROR(IF(LEN(D2394)-LEN(SUBSTITUTE(D2394,\".\",\"\"))<>3,\"\",MID(D2394,SEARCH(\".\",D2394,SEARCH(\".\",D2394)+1)+1,LEN(D2394)-SEARCH(\".\",D2394,SEARCH(\".\",D2394)+1)-(LEN(D2394)-(SEARCH(\".\",D2394,SEARCH(\".\",D2394,SEARCH(\".\",D2394)+1)+1)-1)))),\"\")","v":""},"18.6.1",{"$f":"IF($G2394=\"SINAPI\",VLOOKUP($F2394,DADOS_SINAPI,2,0),IF(G2394=\"SETOP\",VLOOKUP($F2394,DADOS_SETOP,2,0),IF(G2394=\"CPU\",VLOOKUP($F2394,DADOS_COMPOSICAO,2,0),IF(G2394=\"SICRO\",VLOOKUP($F2394,DADOS_SICRO,2,0),IF(G2394=\"SUDECAP\",VLOOKUP(F2394,DADOS_SUDECAP,2,0),IF(G2394=\"COTAÇÃO\",VLOOKUP($F2394,DADOS_COTACAO,2,0),\"\"))))))","v":"DISJUNTOR TRIPOLAR TIPO DIN, CORRENTE NOMINAL DE 25A - FORNECIMENTO E INSTALAÇÃO. AF_10/2020"},93670,"SINAPI",{"$f":"IF(G2394=\"SINAPI\",VLOOKUP($F2394,DADOS_SINAPI,3,0),IF(G2394=\"SETOP\",VLOOKUP($F2394,DADOS_SETOP,3,0),IF(G2394=\"CPU\",VLOOKUP($F2394,DADOS_COMPOSICAO,10,0),IF(G2394=\"SICRO\",VLOOKUP($F2394,DADOS_SICRO,3,0),IF(G2394=\"SUDECAP\",VLOOKUP(F2394,DADOS_SUDECAP,3,0),IF(G2394=\"COTAÇÃO\",VLOOKUP($F2394,DADOS_COTACAO,9,0),\"\"))))))","v":"UN"},{"$f":"F2397","v":1},{"$f":"IF(G2394=\"SINAPI\",VLOOKUP($F2394,DADOS_SINAPI,4,0),IF(G2394=\"SETOP\",VLOOKUP($F2394,DADOS_SETOP,4,0),IF(G2394=\"CPU\",VLOOKUP($F2394,DADOS_COMPOSICAO,13,0),IF(G2394=\"SICRO\",VLOOKUP($F2394,DADOS_SICRO,4,0),IF(G2394=\"SUDECAP\",VLOOKUP(F2394,DADOS_SUDECAP,4,0),IF(G2394=\"COTAÇÃO\",VLOOKUP(F2394,DADOS_COTACAO,12,0),\"\"))))))","v":124.87},"BDI 1",{"$f":"TRUNC(J2394*(1+$N$17),2)","v":157.97999999999999},{"$f":"IFERROR(TRUNC(I2394*J2394,2),\"\")","v":124.87},{"$f":"IFERROR(TRUNC(L2394*I2394,2),\"\")","v":157.97999999999999}]
[2000]
[2000,null,null,null,"Quantidade",1,"un"]
[2000,null,null,null,"Total",{"$f":"F2396","v":1},"un"]
[2000]
["18","6","","18.6.2","DISJUNTOR TRIPOLAR TIPO DIN, CORRENTE NOMINAL DE 50A - FORNECIMENTO E INSTALAÇÃO. AF_10/2020",93673,"SINAPI","UN",{"$f":"F2402","v":1},143.66999999999999,"BDI 1",181.77,143.66999999999999,181.77]
[2000]
[2000,null,null,null,"Quantidade",1,"un"]
[2000,null,null,null,"Total",{"$f":"F2401","v":1},"un"]
[2000]
["18","6","","18.6.3","DISJUNTOR TRIPOLAR TERMOMAGNÉTICO 80A / 10KA","COT-ELE-001","COTAÇÃO","UN ",{"$f":"F2407","v":1},259.89999999999998,"BDI 1",328.82,259.89999999999998,328.82]
[2000]
[2000,null,null,null,"Quantidade",1,"un"]
[2000,null,null,null,"Total",{"$f":"F2406","v":1},"un"]
[2000]
["18","6","","18.6.4","DISJUNTOR MONOPOLAR TIPO DIN, CORRENTE NOMINAL DE 10A - FORNECIMENTO E INSTALAÇÃO. AF_10/2020",93653,"SINAPI","UN",{"$f":"F2412","v":48},18.57,"BDI 1",23.49,891.36,1127.52]
[2000]
[2000,null,null,null,"Quantidade",48,"un"]
[2000,null,null,null,"Total",{"$f":"F2411","v":48},"un"]
[2000]
["18","6","","18.6.5","DISJUNTOR MONOPOLAR TIPO DIN, CORRENTE NOMINAL DE 16A - FORNECIMENTO E INSTALAÇÃO. AF_10/2020",93654,"SINAPI","UN",{"$f":"F2417","v":18},19.12,"BDI 1",24.19,344.16,435.42]
[2000]
[2000,null,null,null,"Quantidade",18,"un"]
[2000,null,null,null,"Total",{"$f":"F2416","v":18},"un"]
[2000]
["18","6","","18.6.6","DISJUNTOR BIPOLAR TIPO DIN, CORRENTE NOMINAL DE 10A - FORNECIMENTO E INSTALAÇÃO. AF_10/2020",93660,"SINAPI","UN",{"$f":"F2422","v":16},96.5,"BDI 1",122.09,1544,1953.44]
[2000]
[2000,null,null,null,"Quantidade",16,"un"]
[2000,null,null,null,"Total",{"$f":"F2421","v":16},"un"]
[2000]
["18","6","","18.6.7","DISJUNTOR BIPOLAR TIPO DIN, CORRENTE NOMINAL DE 16A - FORNECIMENTO E INSTALAÇÃO. AF_10/2020",93661,"SINAPI","UN",{"$f":"F2427","v":2},97.62,"BDI 1",123.5,195.24,247]
[2000]
[2000,null,null,null,"Quantidade",2,"un"]
[2000,null,null,null,"Total",{"$f":"F2426","v":2},"un"]
[2000]
["18","6","","18.6.8","DISJUNTOR BIPOLAR TIPO DIN, CORRENTE NOMINAL DE 32A - FORNECIMENTO E INSTALAÇÃO. AF_10/2020",93664,"SINAPI","UN",{"$f":"F2432","v":5},102.72,"BDI 1",129.96,513.6,649.79999999999995]
[2000]
[2000,null,null,null,"Quantidade",5,"un"]
[2000,null,null,null,"Total",{"$f":"F2431","v":5},"un"]
[2000]
[{"$f":"IFERROR(LEFT(D2434,SEARCH(\".\",D2434)-1),\"\")","v":"18"},{"$f":"IFERROR(LEFT(RIGHT(D2434,LEN(D2434)-SEARCH(\".\",D2434)),SEARCH(\".\",RIGHT(D2434,LEN(D2434)-SEARCH(\".\",D2434)))-1),\"\")","v":"6"},{"$f":"IFERROR(IF(LEN(D2434)-LEN(SUBSTITUTE(D2434,\".\",\"\"))<>3,\"\",MID(D2434,SEARCH(\".\",D2434,SEARCH(\".\",D2434)+1)+1,LEN(D2434)-SEARCH(\".\",D2434,SEARCH(\".\",D2434)+1)-(LEN(D2434)-(SEARCH(\".\",D2434,SEARCH(\".\",D2434,SEARCH(\".\",D2434)+1)+1)-1)))),\"\")","v":""},"18.6.9",{"$f":"IF($G2434=\"SINAPI\",VLOOKUP($F2434,DADOS_SINAPI,2,0),IF(G2434=\"SETOP\",VLOOKUP($F2434,DADOS_SETOP,2,0),IF(G2434=\"CPU\",VLOOKUP($F2434,DADOS_COMPOSICAO,2,0),IF(G2434=\"SICRO\",VLOOKUP($F2434,DADOS_SICRO,2,0),IF(G2434=\"SUDECAP\",VLOOKUP(F2434,DADOS_SUDECAP,2,0),IF(G2434=\"COTAÇÃO\",VLOOKUP($F2434,DADOS_COTACAO,2,0),\"\"))))))","v":"DISJUNTOR TERMOMAGNÉTICO TRIPOLAR , CORRENTE NOMINAL DE 200A - FORNECIMENTO E INSTALAÇÃO. AF_10/2020"},101896,"SINAPI",{"$f":"IF(G2434=\"SINAPI\",VLOOKUP($F2434,DADOS_SINAPI,3,0),IF(G2434=\"SETOP\",VLOOKUP($F2434,DADOS_SETOP,3,0),IF(G2434=\"CPU\",VLOOKUP($F2434,DADOS_COMPOSICAO,10,0),IF(G2434=\"SICRO\",VLOOKUP($F2434,DADOS_SICRO,3,0),IF(G2434=\"SUDECAP\",VLOOKUP(F2434,DADOS_SUDECAP,3,0),IF(G2434=\"COTAÇÃO\",VLOOKUP($F2434,DADOS_COTACAO,9,0),\"\"))))))","v":"UN"},{"$f":"F2437","v":1},{"$f":"IF(G2434=\"SINAPI\",VLOOKUP($F2434,DADOS_SINAPI,4,0),IF(G2434=\"SETOP\",VLOOKUP($F2434,DADOS_SETOP,4,0),IF(G2434=\"CPU\",VLOOKUP($F2434,DADOS_COMPOSICAO,13,0),IF(G2434=\"SICRO\",VLOOKUP($F2434,DADOS_SICRO,4,0),IF(G2434=\"SUDECAP\",VLOOKUP(F2434,DADOS_SUDECAP,4,0),IF(G2434=\"COTAÇÃO\",VLOOKUP(F2434,DADOS_COTACAO,12,0),\"\"))))))","v":1056.56},"BDI 1",{"$f":"TRUNC(J2434*(1+$N$17),2)","v":1336.75},{"$f":"IFERROR(TRUNC(I2434*J2434,2),\"\")","v":1056.56},{"$f":"IFERROR(TRUNC(L2434*I2434,2),\"\")","v":1336.75}]
[2000]
[2000,null,null,null,"Quantidade",1,"un"]
[2000,null,null,null,"Total",{"$f":"F2436","v":1},"un"]
[2000]
["18","6","","18.6.10","DISJUNTOR TRIPOLAR TERMOMAGNÉTICO 5KA, DE 70A","ED-49291","SETOP","un",{"$f":"F2442","v":1},107.96,"BDI 1",136.59,107.96,136.59]
[2000]
[2000,null,null,null,"Quantidade",1,"un"]
[2000,null,null,null,"Total",{"$f":"F2441","v":1},"un"]
[2000]
["18","6","","18.6.11","DISPOSITIVO DE PROTEÇÃO CONTRA SURTOS 175V/ 8KA","COT-ELE-002","COTAÇÃO","UN ",{"$f":"F2447","v":4},71.239999999999995,"BDI 1",90.13,284.95999999999998,360.52]
[2000]
[2000,null,null,null,"Quantidade",4,"un"]
[2000,null,null,null,"Total",{"$f":"F2446","v":4},"un"]
[2000]
["18","6","","18.6.12","DISPOSITIVO DR, 4 POLOS, SENSIBILIDADE DE 30 MA, CORRENTE DE 25 A, TIPO AC",39455,"SINAPI","UN    ",{"$f":"F2452","v":1},279.02999999999997,"BDI 1",353.02,279.02999999999997,353.02]
[2000]
[2000,null,null,null,"Quantidade",1,"un"]
[2000,null,null,null,"Total",{"$f":"F2451","v":1},"un"]
[2000]
["18","6","","18.6.13","DISPOSITIVO DR, 4 POLOS, SENSIBILIDADE DE 30 MA, CORRENTE DE 63 A, TIPO AC",39457,"SINAPI","UN    ",{"$f":"F2457","v":1},304.42,"BDI 1",385.15,304.42,385.15]
[2000]
[2000,null,null,null,"Quantidade",1,"un"]
[2000,null,null,null,"Total",{"$f":"F2456","v":1},"un"]
[2000]
[{"$f":"IFERROR(LEFT(D2459,SEARCH(\".\",D2459)-1),\"\")","v":"18"},{"$f":"IFERROR(LEFT(RIGHT(D2459,LEN(D2459)-SEARCH(\".\",D2459)),SEARCH(\".\",RIGHT(D2459,LEN(D2459)-SEARCH(\".\",D2459)))-1),\"\")","v":"6"},{"$f":"IFERROR(IF(LEN(D2459)-LEN(SUBSTITUTE(D2459,\".\",\"\"))<>3,\"\",MID(D2459,SEARCH(\".\",D2459,SEARCH(\".\",D2459)+1)+1,LEN(D2459)-SEARCH(\".\",D2459,SEARCH(\".\",D2459)+1)-(LEN(D2459)-(SEARCH(\".\",D2459,SEARCH(\".\",D2459,SEARCH(\".\",D2459)+1)+1)-1)))),\"\")","v":""},"18.6.14",{"$f":"IF($G2459=\"SINAPI\",VLOOKUP($F2459,DADOS_SINAPI,2,0),IF(G2459=\"SETOP\",VLOOKUP($F2459,DADOS_SETOP,2,0),IF(G2459=\"CPU\",VLOOKUP($F2459,DADOS_COMPOSICAO,2,0),IF(G2459=\"SICRO\",VLOOKUP($F2459,DADOS_SICRO,2,0),IF(G2459=\"SUDECAP\",VLOOKUP(F2459,DADOS_SUDECAP,2,0),IF(G2459=\"COTAÇÃO\",VLOOKUP($F2459,DADOS_COTACAO,2,0),\"\"))))))","v":"DISPOSITIVO DR, 4 POLOS, SENSIBILIDADE DE 30 MA, CORRENTE DE 80 A, TIPO AC"},39458,"SINAPI",{"$f":"IF(G2459=\"SINAPI\",VLOOKUP($F2459,DADOS_SINAPI,3,0),IF(G2459=\"SETOP\",VLOOKUP($F2459,DADOS_SETOP,3,0),IF(G2459=\"CPU\",VLOOKUP($F2459,DADOS_COMPOSICAO,10,0),IF(G2459=\"SICRO\",VLOOKUP($F2459,DADOS_SICRO,3,0),IF(G2459=\"SUDECAP\",VLOOKUP(F2459,DADOS_SUDECAP,3,0),IF(G2459=\"COTAÇÃO\",VLOOKUP($F2459,DADOS_COTACAO,9,0),\"\"))))))","v":"UN    "},{"$f":"F2462","v":2},{"$f":"IF(G2459=\"SINAPI\",VLOOKUP($F2459,DADOS_SINAPI,4,0),IF(G2459=\"SETOP\",VLOOKUP($F2459,DADOS_SETOP,4,0),IF(G2459=\"CPU\",VLOOKUP($F2459,DADOS_COMPOSICAO,13,0),IF(G2459=\"SICRO\",VLOOKUP($F2459,DADOS_SICRO,4,0),IF(G2459=\"SUDECAP\",VLOOKUP(F2459,DADOS_SUDECAP,4,0),IF(G2459=\"COTAÇÃO\",VLOOKUP(F2459,DADOS_COTACAO,12,0),\"\"))))))","v":568.05999999999995},"BDI 1",{"$f":"TRUNC(J2459*(1+$N$17),2)","v":718.7},{"$f":"IFERROR(TRUNC(I2459*J2459,2),\"\")","v":1136.1199999999999},{"$f":"IFERROR(TRUNC(L2459*I2459,2),\"\")","v":1437.4}]
[2000]
[2000,null,null,null,"Quantidade",2,"un"]
[2000,null,null,null,"Total",{"$f":"F2461","v":2},"un"]
[2000]
[null,null,null,"18.7","ELETRODUTO PVC FLEXÍVEL",null,null,null,null,null,null,null,{"$f":"IFERROR(SUMIFS(M:M,A:A,LEFT(D2464,SEARCH(\".\",D2464)-1),B:B,RIGHT(D2464,LEN(D2464)-SEARCH(\".\",D2464))),\"\")","v":22352.469999999998},{"$f":"IFERROR(SUMIFS(N:N,A:A,LEFT(D2464,SEARCH(\".\",D2464)-1),B:B,RIGHT(D2464,LEN(D2464)-SEARCH(\".\",D2464))),\"\")","v":28273.679999999997}]
[{"$f":"IFERROR(LEFT(D2465,SEARCH(\".\",D2465)-1),\"\")","v":"18"},{"$f":"IFERROR(LEFT(RIGHT(D2465,LEN(D2465)-SEARCH(\".\",D2465)),SEARCH(\".\",RIGHT(D2465,LEN(D2465)-SEARCH(\".\",D2465)))-1),\"\")","v":"7"},{"$f":"IFERROR(IF(LEN(D2465)-LEN(SUBSTITUTE(D2465,\".\",\"\"))<>3,\"\",MID(D2465,SEARCH(\".\",D2465,SEARCH(\".\",D2465)+1)+1,LEN(D2465)-SEARCH(\".\",D2465,SEARCH(\".\",D2465)+1)-(LEN(D2465)-(SEARCH(\".\",D2465,SEARCH(\".\",D2465,SEARCH(\".\",D2465)+1)+1)-1)))),\"\")","v":""},"18.7.1",{"$f":"IF($G2465=\"SINAPI\",VLOOKUP($F2465,DADOS_SINAPI,2,0),IF(G2465=\"SETOP\",VLOOKUP($F2465,DADOS_SETOP,2,0),IF(G2465=\"CPU\",VLOOKUP($F2465,DADOS_COMPOSICAO,2,0),IF(G2465=\"SICRO\",VLOOKUP($F2465,DADOS_SICRO,2,0),IF(G2465=\"SUDECAP\",VLOOKUP(F2465,DADOS_SUDECAP,2,0),IF(G2465=\"COTAÇÃO\",VLOOKUP($F2465,DADOS_COTACAO,2,0),\"\"))))))","v":"ELETRODUTO FLEXÍVEL CORRUGADO REFORÇADO, PVC, DN 25 MM (3/4\"), PARA CIRCUITOS TERMINAIS, INSTALADO EM FORRO - FORNECIMENTO E INSTALAÇÃO. AF_03/2023"},91835,"SINAPI",{"$f":"IF(G2465=\"SINAPI\",VLOOKUP($F2465,DADOS_SINAPI,3,0),IF(G2465=\"SETOP\",VLOOKUP($F2465,DADOS_SETOP,3,0),IF(G2465=\"CPU\",VLOOKUP($F2465,DADOS_COMPOSICAO,10,0),IF(G2465=\"SICRO\",VLOOKUP($F2465,DADOS_SICRO,3,0),IF(G2465=\"SUDECAP\",VLOOKUP(F2465,DADOS_SUDECAP,3,0),IF(G2465=\"COTAÇÃO\",VLOOKUP($F2465,DADOS_COTACAO,9,0),\"\"))))))","v":"M"},{"$f":"F2468","v":1540.72},{"$f":"IF(G2465=\"SINAPI\",VLOOKUP($F2465,DADOS_SINAPI,4,0),IF(G2465=\"SETOP\",VLOOKUP($F2465,DADOS_SETOP,4,0),IF(G2465=\"CPU\",VLOOKUP($F2465,DADOS_COMPOSICAO,13,0),IF(G2465=\"SICRO\",VLOOKUP($F2465,DADOS_SICRO,4,0),IF(G2465=\"SUDECAP\",VLOOKUP(F2465,DADOS_SUDECAP,4,0),IF(G2465=\"COTAÇÃO\",VLOOKUP(F2465,DADOS_COTACAO,12,0),\"\"))))))","v":11.89},"BDI 1",{"$f":"TRUNC(J2465*(1+$N$17),2)","v":15.04},{"$f":"IFERROR(TRUNC(I2465*J2465,2),\"\")","v":18319.16},{"$f":"IFERROR(TRUNC(L2465*I2465,2),\"\")","v":23172.42}]
[2000]
[2000,null,null,null,"Quantidade",1540.72,"m"]
[2000,null,null,null,"Total",{"$f":"F2467","v":1540.72},"m"]
[2000]
["18","7","","18.7.2","ELETRODUTO FLEXÍVEL CORRUGADO, PEAD, DN 50 (1 1/2\"), PARA REDE ENTERRADA DE DISTRIBUIÇÃO DE ENERGIA ELÉTRICA - FORNECIMENTO E INSTALAÇÃO. AF_12/2021",97667,"SINAPI","M",{"$f":"F2473","v":143.63},8.24,"BDI 1",10.42,1183.51,1496.62]
[2000]
[2000,null,null,null,"Quantidade",143.63,"m"]
[2000,null,null,null,"Total",{"$f":"F2472","v":143.63},"m"]
[2000]
["18","7","","18.7.3","ELETRODUTO FLEXÍVEL CORRUGADO, PEAD, DN 100 (4\"), PARA REDE ENTERRADA DE DISTRIBUIÇÃO DE ENERGIA ELÉTRICA - FORNECIMENTO E INSTALAÇÃO. AF_12/2021",97670,"SINAPI","M",{"$f":"F2478","v":71.819999999999993},22.39,"BDI 1",28.32,1608.04,2033.94]
[2000]
[2000,null,null,null,"Quantidade",71.819999999999993,"m"]
[2000,null,null,null,"Total",{"$f":"F2477","v":71.819999999999993},"m"]
[2000]
["18","7","","18.7.4","ELETRODUTO FLEXÍVEL CORRUGADO, PEAD, DN 90 (3\"), PARA REDE ENTERRADA DE DISTRIBUIÇÃO DE ENERGIA ELÉTRICA - FORNECIMENTO E INSTALAÇÃO. AF_12/2021",97669,"SINAPI","M",{"$f":"F2483","v":71.819999999999993},17.29,"BDI 1",21.87,1241.76,1570.7]
[2000]
[2000,null,null,null,"Quantidade",87.2,"m"]
[2000,null,null,null,"Total",71.819999999999993,"m"]
[2000]
[null,null,null,"18.8","LUMINÁRIA E ACESSÓRIOS",null,null,null,null,null,null,null,{"$f":"IFERROR(SUMIFS(M:M,A:A,LEFT(D2485,SEARCH(\".\",D2485)-1),B:B,RIGHT(D2485,LEN(D2485)-SEARCH(\".\",D2485))),\"\")","v":29377.059999999998},{"$f":"IFERROR(SUMIFS(N:N,A:A,LEFT(D2485,SEARCH(\".\",D2485)-1),B:B,RIGHT(D2485,LEN(D2485)-SEARCH(\".\",D2485))),\"\")","v":37165.800000000003}]
[{"$f":"IFERROR(LEFT(D2486,SEARCH(\".\",D2486)-1),\"\")","v":"18"},{"$f":"IFERROR(LEFT(RIGHT(D2486,LEN(D2486)-SEARCH(\".\",D2486)),SEARCH(\".\",RIGHT(D2486,LEN(D2486)-SEARCH(\".\",D2486)))-1),\"\")","v":"8"},{"$f":"IFERROR(IF(LEN(D2486)-LEN(SUBSTITUTE(D2486,\".\",\"\"))<>3,\"\",MID(D2486,SEARCH(\".\",D2486,SEARCH(\".\",D2486)+1)+1,LEN(D2486)-SEARCH(\".\",D2486,SEARCH(\".\",D2486)+1)-(LEN(D2486)-(SEARCH(\".\",D2486,SEARCH(\".\",D2486,SEARCH(\".\",D2486)+1)+1)-1)))),\"\")","v":""},"18.8.1",{"$f":"IF($G2486=\"SINAPI\",VLOOKUP($F2486,DADOS_SINAPI,2,0),IF(G2486=\"SETOP\",VLOOKUP($F2486,DADOS_SETOP,2,0),IF(G2486=\"CPU\",VLOOKUP($F2486,DADOS_COMPOSICAO,2,0),IF(G2486=\"SICRO\",VLOOKUP($F2486,DADOS_SICRO,2,0),IF(G2486=\"SUDECAP\",VLOOKUP(F2486,DADOS_SUDECAP,2,0),IF(G2486=\"COTAÇÃO\",VLOOKUP($F2486,DADOS_COTACAO,2,0),\"\"))))))","v":"LUMINARIA LED REFLETOR RETANGULAR BIVOLT, LUZ BRANCA, 50 W"},39391,"SINAPI",{"$f":"IF(G2486=\"SINAPI\",VLOOKUP($F2486,DADOS_SINAPI,3,0),IF(G2486=\"SETOP\",VLOOKUP($F2486,DADOS_SETOP,3,0),IF(G2486=\"CPU\",VLOOKUP($F2486,DADOS_COMPOSICAO,10,0),IF(G2486=\"SICRO\",VLOOKUP($F2486,DADOS_SICRO,3,0),IF(G2486=\"SUDECAP\",VLOOKUP(F2486,DADOS_SUDECAP,3,0),IF(G2486=\"COTAÇÃO\",VLOOKUP($F2486,DADOS_COTACAO,9,0),\"\"))))))","v":"UN    "},3,{"$f":"IF(G2486=\"SINAPI\",VLOOKUP($F2486,DADOS_SINAPI,4,0),IF(G2486=\"SETOP\",VLOOKUP($F2486,DADOS_SETOP,4,0),IF(G2486=\"CPU\",VLOOKUP($F2486,DADOS_COMPOSICAO,13,0),IF(G2486=\"SICRO\",VLOOKUP($F2486,DADOS_SICRO,4,0),IF(G2486=\"SUDECAP\",VLOOKUP(F2486,DADOS_SUDECAP,4,0),IF(G2486=\"COTAÇÃO\",VLOOKUP(F2486,DADOS_COTACAO,12,0),\"\"))))))","v":58.08},"BDI 1",{"$f":"TRUNC(J2486*(1+$N$17),2)","v":73.48},{"$f":"IFERROR(TRUNC(I2486*J2486,2),\"\")","v":174.24},{"$f":"IFERROR(TRUNC(L2486*I2486,2),\"\")","v":220.44}]
[2000]
[2000,null,null,null,"Quantidade",3,"un"]
[2000,null,null,null,"Total",{"$f":"F2488","v":3},"un"]
[2000]
[{"$f":"IFERROR(LEFT(D2491,SEARCH(\".\",D2491)-1),\"\")","v":"18"},{"$f":"IFERROR(LEFT(RIGHT(D2491,LEN(D2491)-SEARCH(\".\",D2491)),SEARCH(\".\",RIGHT(D2491,LEN(D2491)-SEARCH(\".\",D2491)))-1),\"\")","v":"8"},{"$f":"IFERROR(IF(LEN(D2491)-LEN(SUBSTITUTE(D2491,\".\",\"\"))<>3,\"\",MID(D2491,SEARCH(\".\",D2491,SEARCH(\".\",D2491)+1)+1,LEN(D2491)-SEARCH(\".\",D2491,SEARCH(\".\",D2491)+1)-(LEN(D2491)-(SEARCH(\".\",D2491,SEARCH(\".\",D2491,SEARCH(\".\",D2491)+1)+1)-1)))),\"\")","v":""},"18.8.2",{"$f":"IF($G2491=\"SINAPI\",VLOOKUP($F2491,DADOS_SINAPI,2,0),IF(G2491=\"SETOP\",VLOOKUP($F2491,DADOS_SETOP,2,0),IF(G2491=\"CPU\",VLOOKUP($F2491,DADOS_COMPOSICAO,2,0),IF(G2491=\"SICRO\",VLOOKUP($F2491,DADOS_SICRO,2,0),IF(G2491=\"SUDECAP\",VLOOKUP(F2491,DADOS_SUDECAP,2,0),IF(G2491=\"COTAÇÃO\",VLOOKUP($F2491,DADOS_COTACAO,2,0),\"\"))))))","v":"LÂMPADA TUBULAR LED DE 18/20 W, BASE G13 - FORNECIMENTO E INSTALAÇÃO. AF_02/2020_PS"},100903,"SINAPI",{"$f":"IF(G2491=\"SINAPI\",VLOOKUP($F2491,DADOS_SINAPI,3,0),IF(G2491=\"SETOP\",VLOOKUP($F2491,DADOS_SETOP,3,0),IF(G2491=\"CPU\",VLOOKUP($F2491,DADOS_COMPOSICAO,10,0),IF(G2491=\"SICRO\",VLOOKUP($F2491,DADOS_SICRO,3,0),IF(G2491=\"SUDECAP\",VLOOKUP(F2491,DADOS_SUDECAP,3,0),IF(G2491=\"COTAÇÃO\",VLOOKUP($F2491,DADOS_COTACAO,9,0),\"\"))))))","v":"UN"},388,{"$f":"IF(G2491=\"SINAPI\",VLOOKUP($F2491,DADOS_SINAPI,4,0),IF(G2491=\"SETOP\",VLOOKUP($F2491,DADOS_SETOP,4,0),IF(G2491=\"CPU\",VLOOKUP($F2491,DADOS_COMPOSICAO,13,0),IF(G2491=\"SICRO\",VLOOKUP($F2491,DADOS_SICRO,4,0),IF(G2491=\"SUDECAP\",VLOOKUP(F2491,DADOS_SUDECAP,4,0),IF(G2491=\"COTAÇÃO\",VLOOKUP(F2491,DADOS_COTACAO,12,0),\"\"))))))","v":33.01},"BDI 1",{"$f":"TRUNC(J2491*(1+$N$17),2)","v":41.76},{"$f":"IFERROR(TRUNC(I2491*J2491,2),\"\")","v":12807.88},{"$f":"IFERROR(TRUNC(L2491*I2491,2),\"\")","v":16202.88}]
[2000]
[2000,null,null,null,"Quantidade",388,"un"]
[2000,null,null,null,"Total",{"$f":"F2493","v":388},"un"]
[2000]
[{"$f":"IFERROR(LEFT(D2496,SEARCH(\".\",D2496)-1),\"\")","v":"18"},{"$f":"IFERROR(LEFT(RIGHT(D2496,LEN(D2496)-SEARCH(\".\",D2496)),SEARCH(\".\",RIGHT(D2496,LEN(D2496)-SEARCH(\".\",D2496)))-1),\"\")","v":"8"},{"$f":"IFERROR(IF(LEN(D2496)-LEN(SUBSTITUTE(D2496,\".\",\"\"))<>3,\"\",MID(D2496,SEARCH(\".\",D2496,SEARCH(\".\",D2496)+1)+1,LEN(D2496)-SEARCH(\".\",D2496,SEARCH(\".\",D2496)+1)-(LEN(D2496)-(SEARCH(\".\",D2496,SEARCH(\".\",D2496,SEARCH(\".\",D2496)+1)+1)-1)))),\"\")","v":""},"18.8.3",{"$f":"IF($G2496=\"SINAPI\",VLOOKUP($F2496,DADOS_SINAPI,2,0),IF(G2496=\"SETOP\",VLOOKUP($F2496,DADOS_SETOP,2,0),IF(G2496=\"CPU\",VLOOKUP($F2496,DADOS_COMPOSICAO,2,0),IF(G2496=\"SICRO\",VLOOKUP($F2496,DADOS_SICRO,2,0),IF(G2496=\"SUDECAP\",VLOOKUP(F2496,DADOS_SUDECAP,2,0),IF(G2496=\"COTAÇÃO\",VLOOKUP($F2496,DADOS_COTACAO,2,0),\"\"))))))","v":"LUMINÁRIA COMERCIAL CHANFRADA DE SOBREPOR, PARA DUAS (2) LÂMPADAS TUBULARES FLUORESCENTE 2X32W-ØT8 OU 2X40W-ØT10 OU LED 2X18W-ØT8, FORNECIMENTO E INSTALAÇÃO, EXCLUSIVE BASE, REATOR E LÂMPADAS"},"ED-49392","SETOP",{"$f":"IF(G2496=\"SINAPI\",VLOOKUP($F2496,DADOS_SINAPI,3,0),IF(G2496=\"SETOP\",VLOOKUP($F2496,DADOS_SETOP,3,0),IF(G2496=\"CPU\",VLOOKUP($F2496,DADOS_COMPOSICAO,10,0),IF(G2496=\"SICRO\",VLOOKUP($F2496,DADOS_SICRO,3,0),IF(G2496=\"SUDECAP\",VLOOKUP(F2496,DADOS_SUDECAP,3,0),IF(G2496=\"COTAÇÃO\",VLOOKUP($F2496,DADOS_COTACAO,9,0),\"\"))))))","v":"un"},194,{"$f":"IF(G2496=\"SINAPI\",VLOOKUP($F2496,DADOS_SINAPI,4,0),IF(G2496=\"SETOP\",VLOOKUP($F2496,DADOS_SETOP,4,0),IF(G2496=\"CPU\",VLOOKUP($F2496,DADOS_COMPOSICAO,13,0),IF(G2496=\"SICRO\",VLOOKUP($F2496,DADOS_SICRO,4,0),IF(G2496=\"SUDECAP\",VLOOKUP(F2496,DADOS_SUDECAP,4,0),IF(G2496=\"COTAÇÃO\",VLOOKUP(F2496,DADOS_COTACAO,12,0),\"\"))))))","v":84.51},"BDI 1",{"$f":"TRUNC(J2496*(1+$N$17),2)","v":106.92},{"$f":"IFERROR(TRUNC(I2496*J2496,2),\"\")","v":16394.939999999999},{"$f":"IFERROR(TRUNC(L2496*I2496,2),\"\")","v":20742.48}]
[2000]
[2000,null,null,null,"Quantidade",194,"un"]
[2000,null,null,null,"Total",{"$f":"F2498","v":194},"un"]
[2000]
[null,null,null,"18.9","MATERIAL PARA ENTRADA SERVIÇO",null,null,null,null,null,null,null,{"$f":"IFERROR(SUMIFS(M:M,A:A,LEFT(D2501,SEARCH(\".\",D2501)-1),B:B,RIGHT(D2501,LEN(D2501)-SEARCH(\".\",D2501))),\"\")","v":7517.41},{"$f":"IFERROR(SUMIFS(N:N,A:A,LEFT(D2501,SEARCH(\".\",D2501)-1),B:B,RIGHT(D2501,LEN(D2501)-SEARCH(\".\",D2501))),\"\")","v":9511.02}]
[{"$f":"IFERROR(LEFT(D2502,SEARCH(\".\",D2502)-1),\"\")","v":"18"},{"$f":"IFERROR(LEFT(RIGHT(D2502,LEN(D2502)-SEARCH(\".\",D2502)),SEARCH(\".\",RIGHT(D2502,LEN(D2502)-SEARCH(\".\",D2502)))-1),\"\")","v":"9"},{"$f":"IFERROR(IF(LEN(D2502)-LEN(SUBSTITUTE(D2502,\".\",\"\"))<>3,\"\",MID(D2502,SEARCH(\".\",D2502,SEARCH(\".\",D2502)+1)+1,LEN(D2502)-SEARCH(\".\",D2502,SEARCH(\".\",D2502)+1)-(LEN(D2502)-(SEARCH(\".\",D2502,SEARCH(\".\",D2502,SEARCH(\".\",D2502)+1)+1)-1)))),\"\")","v":""},"18.9.1",{"$f":"IF($G2502=\"SINAPI\",VLOOKUP($F2502,DADOS_SINAPI,2,0),IF(G2502=\"SETOP\",VLOOKUP($F2502,DADOS_SETOP,2,0),IF(G2502=\"CPU\",VLOOKUP($F2502,DADOS_COMPOSICAO,2,0),IF(G2502=\"SICRO\",VLOOKUP($F2502,DADOS_SICRO,2,0),IF(G2502=\"SUDECAP\",VLOOKUP(F2502,DADOS_SUDECAP,2,0),IF(G2502=\"COTAÇÃO\",VLOOKUP($F2502,DADOS_COTACAO,2,0),\"\"))))))","v":"ENTRADA DE ENERGIA AÉREA, TIPO C6, PADRÃO CEMIG, CARGA INSTALADA DE 47,1KVA ATÉ 57KVA, TRIFÁSICO, COM SAÍDA SUBTERRÂNEA, INCLUSIVE POSTE, CAIXA PARA MEDIDOR, DISJUNTOR, BARRAMENTO, ATERRAMENTO E ACESSÓRIOS"},"ED-20586","SETOP",{"$f":"IF(G2502=\"SINAPI\",VLOOKUP($F2502,DADOS_SINAPI,3,0),IF(G2502=\"SETOP\",VLOOKUP($F2502,DADOS_SETOP,3,0),IF(G2502=\"CPU\",VLOOKUP($F2502,DADOS_COMPOSICAO,10,0),IF(G2502=\"SICRO\",VLOOKUP($F2502,DADOS_SICRO,3,0),IF(G2502=\"SUDECAP\",VLOOKUP(F2502,DADOS_SUDECAP,3,0),IF(G2502=\"COTAÇÃO\",VLOOKUP($F2502,DADOS_COTACAO,9,0),\"\"))))))","v":"un"},1,{"$f":"IF(G2502=\"SINAPI\",VLOOKUP($F2502,DADOS_SINAPI,4,0),IF(G2502=\"SETOP\",VLOOKUP($F2502,DADOS_SETOP,4,0),IF(G2502=\"CPU\",VLOOKUP($F2502,DADOS_COMPOSICAO,13,0),IF(G2502=\"SICRO\",VLOOKUP($F2502,DADOS_SICRO,4,0),IF(G2502=\"SUDECAP\",VLOOKUP(F2502,DADOS_SUDECAP,4,0),IF(G2502=\"COTAÇÃO\",VLOOKUP(F2502,DADOS_COTACAO,12,0),\"\"))))))","v":7517.41},"BDI 1",{"$f":"TRUNC(J2502*(1+$N$17),2)","v":9511.02},{"$f":"IFERROR(TRUNC(I2502*J2502,2),\"\")","v":7517.41},{"$f":"IFERROR(TRUNC(L2502*I2502,2),\"\")","v":9511.02}]
[2000]
[2000,null,null,null,"Quantidade",1,"un"]
[2000,null,null,null,"Total",{"$f":"F2504","v":1},"un"]
[2000]
[null,null,null,"18.10","QUADRO DE DISTRIBUIÇÃO - EMBUTIR",null,null,null,null,null,null,null,{"$f":"IFERROR(SUMIFS(M:M,A:A,LEFT(D2507,SEARCH(\".\",D2507)-1),B:B,RIGHT(D2507,LEN(D2507)-SEARCH(\".\",D2507))),\"\")","v":3320.04},{"$f":"IFERROR(SUMIFS(N:N,A:A,LEFT(D2507,SEARCH(\".\",D2507)-1),B:B,RIGHT(D2507,LEN(D2507)-SEARCH(\".\",D2507))),\"\")","v":4200.49}]
[{"$f":"IFERROR(LEFT(D2508,SEARCH(\".\",D2508)-1),\"\")","v":"18"},{"$f":"IFERROR(LEFT(RIGHT(D2508,LEN(D2508)-SEARCH(\".\",D2508)),SEARCH(\".\",RIGHT(D2508,LEN(D2508)-SEARCH(\".\",D2508)))-1),\"\")","v":"10"},{"$f":"IFERROR(IF(LEN(D2508)-LEN(SUBSTITUTE(D2508,\".\",\"\"))<>3,\"\",MID(D2508,SEARCH(\".\",D2508,SEARCH(\".\",D2508)+1)+1,LEN(D2508)-SEARCH(\".\",D2508,SEARCH(\".\",D2508)+1)-(LEN(D2508)-(SEARCH(\".\",D2508,SEARCH(\".\",D2508,SEARCH(\".\",D2508)+1)+1)-1)))),\"\")","v":""},"18.10.1",{"$f":"IF($G2508=\"SINAPI\",VLOOKUP($F2508,DADOS_SINAPI,2,0),IF(G2508=\"SETOP\",VLOOKUP($F2508,DADOS_SETOP,2,0),IF(G2508=\"CPU\",VLOOKUP($F2508,DADOS_COMPOSICAO,2,0),IF(G2508=\"SICRO\",VLOOKUP($F2508,DADOS_SICRO,2,0),IF(G2508=\"SUDECAP\",VLOOKUP(F2508,DADOS_SUDECAP,2,0),IF(G2508=\"COTAÇÃO\",VLOOKUP($F2508,DADOS_COTACAO,2,0),\"\"))))))","v":"QUADRO DE DISTRIBUIÇÃO PARA 42 MÓDULOS COM BARRAMENTO 100 A"},"ED-49503","SETOP",{"$f":"IF(G2508=\"SINAPI\",VLOOKUP($F2508,DADOS_SINAPI,3,0),IF(G2508=\"SETOP\",VLOOKUP($F2508,DADOS_SETOP,3,0),IF(G2508=\"CPU\",VLOOKUP($F2508,DADOS_COMPOSICAO,10,0),IF(G2508=\"SICRO\",VLOOKUP($F2508,DADOS_SICRO,3,0),IF(G2508=\"SUDECAP\",VLOOKUP(F2508,DADOS_SUDECAP,3,0),IF(G2508=\"COTAÇÃO\",VLOOKUP($F2508,DADOS_COTACAO,9,0),\"\"))))))","v":"un"},2,{"$f":"IF(G2508=\"SINAPI\",VLOOKUP($F2508,DADOS_SINAPI,4,0),IF(G2508=\"SETOP\",VLOOKUP($F2508,DADOS_SETOP,4,0),IF(G2508=\"CPU\",VLOOKUP($F2508,DADOS_COMPOSICAO,13,0),IF(G2508=\"SICRO\",VLOOKUP($F2508,DADOS_SICRO,4,0),IF(G2508=\"SUDECAP\",VLOOKUP(F2508,DADOS_SUDECAP,4,0),IF(G2508=\"COTAÇÃO\",VLOOKUP(F2508,DADOS_COTACAO,12,0),\"\"))))))","v":805.12},"BDI 1",{"$f":"TRUNC(J2508*(1+$N$17),2)","v":1018.63},{"$f":"IFERROR(TRUNC(I2508*J2508,2),\"\")","v":1610.24},{"$f":"IFERROR(TRUNC(L2508*I2508,2),\"\")","v":2037.26}]
[2000]
[2000,null,null,null,"Quantidade",4,"un"]
[2000,null,null,null,"Total",{"$f":"F2510","v":4},"un"]
[2000]
[{"$f":"IFERROR(LEFT(D2513,SEARCH(\".\",D2513)-1),\"\")","v":"18"},{"$f":"IFERROR(LEFT(RIGHT(D2513,LEN(D2513)-SEARCH(\".\",D2513)),SEARCH(\".\",RIGHT(D2513,LEN(D2513)-SEARCH(\".\",D2513)))-1),\"\")","v":"10"},{"$f":"IFERROR(IF(LEN(D2513)-LEN(SUBSTITUTE(D2513,\".\",\"\"))<>3,\"\",MID(D2513,SEARCH(\".\",D2513,SEARCH(\".\",D2513)+1)+1,LEN(D2513)-SEARCH(\".\",D2513,SEARCH(\".\",D2513)+1)-(LEN(D2513)-(SEARCH(\".\",D2513,SEARCH(\".\",D2513,SEARCH(\".\",D2513)+1)+1)-1)))),\"\")","v":""},"18.10.2",{"$f":"IF($G2513=\"SINAPI\",VLOOKUP($F2513,DADOS_SINAPI,2,0),IF(G2513=\"SETOP\",VLOOKUP($F2513,DADOS_SETOP,2,0),IF(G2513=\"CPU\",VLOOKUP($F2513,DADOS_COMPOSICAO,2,0),IF(G2513=\"SICRO\",VLOOKUP($F2513,DADOS_SICRO,2,0),IF(G2513=\"SUDECAP\",VLOOKUP(F2513,DADOS_SUDECAP,2,0),IF(G2513=\"COTAÇÃO\",VLOOKUP($F2513,DADOS_COTACAO,2,0),\"\"))))))","v":"QUADRO DE DISTRIBUIÇÃO COM BARRAMENTO 225A / 50 DISJ. - EMBUTIR"},"COT-ELE-003","COTAÇÃO",{"$f":"IF(G2513=\"SINAPI\",VLOOKUP($F2513,DADOS_SINAPI,3,0),IF(G2513=\"SETOP\",VLOOKUP($F2513,DADOS_SETOP,3,0),IF(G2513=\"CPU\",VLOOKUP($F2513,DADOS_COMPOSICAO,10,0),IF(G2513=\"SICRO\",VLOOKUP($F2513,DADOS_SICRO,3,0),IF(G2513=\"SUDECAP\",VLOOKUP(F2513,DADOS_SUDECAP,3,0),IF(G2513=\"COTAÇÃO\",VLOOKUP($F2513,DADOS_COTACAO,9,0),\"\"))))))","v":"UN "},1,{"$f":"IF(G2513=\"SINAPI\",VLOOKUP($F2513,DADOS_SINAPI,4,0),IF(G2513=\"SETOP\",VLOOKUP($F2513,DADOS_SETOP,4,0),IF(G2513=\"CPU\",VLOOKUP($F2513,DADOS_COMPOSICAO,13,0),IF(G2513=\"SICRO\",VLOOKUP($F2513,DADOS_SICRO,4,0),IF(G2513=\"SUDECAP\",VLOOKUP(F2513,DADOS_SUDECAP,4,0),IF(G2513=\"COTAÇÃO\",VLOOKUP(F2513,DADOS_COTACAO,12,0),\"\"))))))","v":1709.8},"BDI 1",{"$f":"TRUNC(J2513*(1+$N$17),2)","v":2163.23},{"$f":"IFERROR(TRUNC(I2513*J2513,2),\"\")","v":1709.8},{"$f":"IFERROR(TRUNC(L2513*I2513,2),\"\")","v":2163.23}]
[2000]
[2000,null,null,null,"Quantidade",1,"un"]
[2000,null,null,null,"Total",{"$f":"F2515","v":1},"un"]
[2000]
[null,null,null,"18.11","LISTA COMPLEMENTAR",null,null,null,null,null,null,null,{"$f":"IFERROR(SUMIFS(M:M,A:A,LEFT(D2518,SEARCH(\".\",D2518)-1),B:B,RIGHT(D2518,LEN(D2518)-SEARCH(\".\",D2518))),\"\")","v":75583.789999999994},{"$f":"IFERROR(SUMIFS(N:N,A:A,LEFT(D2518,SEARCH(\".\",D2518)-1),B:B,RIGHT(D2518,LEN(D2518)-SEARCH(\".\",D2518))),\"\")","v":91905.29}]
[{"$f":"IFERROR(LEFT(D2519,SEARCH(\".\",D2519)-1),\"\")","v":"18"},{"$f":"IFERROR(LEFT(RIGHT(D2519,LEN(D2519)-SEARCH(\".\",D2519)),SEARCH(\".\",RIGHT(D2519,LEN(D2519)-SEARCH(\".\",D2519)))-1),\"\")","v":"11"},{"$f":"IFERROR(IF(LEN(D2519)-LEN(SUBSTITUTE(D2519,\".\",\"\"))<>3,\"\",MID(D2519,SEARCH(\".\",D2519,SEARCH(\".\",D2519)+1)+1,LEN(D2519)-SEARCH(\".\",D2519,SEARCH(\".\",D2519)+1)-(LEN(D2519)-(SEARCH(\".\",D2519,SEARCH(\".\",D2519,SEARCH(\".\",D2519)+1)+1)-1)))),\"\")","v":""},"18.11.1",{"$f":"IF($G2519=\"SINAPI\",VLOOKUP($F2519,DADOS_SINAPI,2,0),IF(G2519=\"SETOP\",VLOOKUP($F2519,DADOS_SETOP,2,0),IF(G2519=\"CPU\",VLOOKUP($F2519,DADOS_COMPOSICAO,2,0),IF(G2519=\"SICRO\",VLOOKUP($F2519,DADOS_SICRO,2,0),IF(G2519=\"SUDECAP\",VLOOKUP(F2519,DADOS_SUDECAP,2,0),IF(G2519=\"COTAÇÃO\",VLOOKUP($F2519,DADOS_COTACAO,2,0),\"\"))))))","v":"ESCAVAÇÃO MANUAL DE VALA COM PROFUNDIDADE MENOR OU IGUAL A 1,30 M. AF_02/2021"},93358,"SINAPI",{"$f":"IF(G2519=\"SINAPI\",VLOOKUP($F2519,DADOS_SINAPI,3,0),IF(G2519=\"SETOP\",VLOOKUP($F2519,DADOS_SETOP,3,0),IF(G2519=\"CPU\",VLOOKUP($F2519,DADOS_COMPOSICAO,10,0),IF(G2519=\"SICRO\",VLOOKUP($F2519,DADOS_SICRO,3,0),IF(G2519=\"SUDECAP\",VLOOKUP(F2519,DADOS_SUDECAP,3,0),IF(G2519=\"COTAÇÃO\",VLOOKUP($F2519,DADOS_COTACAO,9,0),\"\"))))))","v":"M3"},{"$f":"F2522","v":163.06499999999997},{"$f":"IF(G2519=\"SINAPI\",VLOOKUP($F2519,DADOS_SINAPI,4,0),IF(G2519=\"SETOP\",VLOOKUP($F2519,DADOS_SETOP,4,0),IF(G2519=\"CPU\",VLOOKUP($F2519,DADOS_COMPOSICAO,13,0),IF(G2519=\"SICRO\",VLOOKUP($F2519,DADOS_SICRO,4,0),IF(G2519=\"SUDECAP\",VLOOKUP(F2519,DADOS_SUDECAP,4,0),IF(G2519=\"COTAÇÃO\",VLOOKUP(F2519,DADOS_COTACAO,12,0),\"\"))))))","v":70.290000000000006},"BDI 1",{"$f":"TRUNC(J2519*(1+$N$17),2)","v":88.93},{"$f":"IFERROR(TRUNC(I2519*J2519,2),\"\")","v":11461.83},{"$f":"IFERROR(TRUNC(L2519*I2519,2),\"\")","v":14501.37}]
[2000]
[2000,null,null,null,"Quantidade",{"$f":"465.9*0.7*0.5","v":163.06499999999997},"m³"]
[2000,null,null,null,"Total",{"$f":"F2521","v":163.06499999999997},"m³"]
[2000]
[{"$f":"IFERROR(LEFT(D2524,SEARCH(\".\",D2524)-1),\"\")","v":"18"},{"$f":"IFERROR(LEFT(RIGHT(D2524,LEN(D2524)-SEARCH(\".\",D2524)),SEARCH(\".\",RIGHT(D2524,LEN(D2524)-SEARCH(\".\",D2524)))-1),\"\")","v":"11"},{"$f":"IFERROR(IF(LEN(D2524)-LEN(SUBSTITUTE(D2524,\".\",\"\"))<>3,\"\",MID(D2524,SEARCH(\".\",D2524,SEARCH(\".\",D2524)+1)+1,LEN(D2524)-SEARCH(\".\",D2524,SEARCH(\".\",D2524)+1)-(LEN(D2524)-(SEARCH(\".\",D2524,SEARCH(\".\",D2524,SEARCH(\".\",D2524)+1)+1)-1)))),\"\")","v":""},"18.11.2",{"$f":"IF($G2524=\"SINAPI\",VLOOKUP($F2524,DADOS_SINAPI,2,0),IF(G2524=\"SETOP\",VLOOKUP($F2524,DADOS_SETOP,2,0),IF(G2524=\"CPU\",VLOOKUP($F2524,DADOS_COMPOSICAO,2,0),IF(G2524=\"SICRO\",VLOOKUP($F2524,DADOS_SICRO,2,0),IF(G2524=\"SUDECAP\",VLOOKUP(F2524,DADOS_SUDECAP,2,0),IF(G2524=\"COTAÇÃO\",VLOOKUP($F2524,DADOS_COTACAO,2,0),\"\"))))))","v":"REATERRO MANUAL DE VALAS COM COMPACTAÇÃO MECANIZADA. AF_04/2016"},93382,"SINAPI",{"$f":"IF(G2524=\"SINAPI\",VLOOKUP($F2524,DADOS_SINAPI,3,0),IF(G2524=\"SETOP\",VLOOKUP($F2524,DADOS_SETOP,3,0),IF(G2524=\"CPU\",VLOOKUP($F2524,DADOS_COMPOSICAO,10,0),IF(G2524=\"SICRO\",VLOOKUP($F2524,DADOS_SICRO,3,0),IF(G2524=\"SUDECAP\",VLOOKUP(F2524,DADOS_SUDECAP,3,0),IF(G2524=\"COTAÇÃO\",VLOOKUP($F2524,DADOS_COTACAO,9,0),\"\"))))))","v":"M3"},{"$f":"F2527","v":163.06499999999997},{"$f":"IF(G2524=\"SINAPI\",VLOOKUP($F2524,DADOS_SINAPI,4,0),IF(G2524=\"SETOP\",VLOOKUP($F2524,DADOS_SETOP,4,0),IF(G2524=\"CPU\",VLOOKUP($F2524,DADOS_COMPOSICAO,13,0),IF(G2524=\"SICRO\",VLOOKUP($F2524,DADOS_SICRO,4,0),IF(G2524=\"SUDECAP\",VLOOKUP(F2524,DADOS_SUDECAP,4,0),IF(G2524=\"COTAÇÃO\",VLOOKUP(F2524,DADOS_COTACAO,12,0),\"\"))))))","v":29.22},"BDI 1",{"$f":"TRUNC(J2524*(1+$N$17),2)","v":36.96},{"$f":"IFERROR(TRUNC(I2524*J2524,2),\"\")","v":4764.75},{"$f":"IFERROR(TRUNC(L2524*I2524,2),\"\")","v":6026.88}]
[2000]
[2000,null,null,null,"Quantidade",{"$f":"465.9*0.7*0.5","v":163.06499999999997},"m³"]
[2000,null,null,null,"Total",{"$f":"F2526","v":163.06499999999997},"m³"]
[2000]
[{"$f":"IFERROR(LEFT(D2529,SEARCH(\".\",D2529)-1),\"\")","v":"18"},{"$f":"IFERROR(LEFT(RIGHT(D2529,LEN(D2529)-SEARCH(\".\",D2529)),SEARCH(\".\",RIGHT(D2529,LEN(D2529)-SEARCH(\".\",D2529)))-1),\"\")","v":"11"},{"$f":"IFERROR(IF(LEN(D2529)-LEN(SUBSTITUTE(D2529,\".\",\"\"))<>3,\"\",MID(D2529,SEARCH(\".\",D2529,SEARCH(\".\",D2529)+1)+1,LEN(D2529)-SEARCH(\".\",D2529,SEARCH(\".\",D2529)+1)-(LEN(D2529)-(SEARCH(\".\",D2529,SEARCH(\".\",D2529,SEARCH(\".\",D2529)+1)+1)-1)))),\"\")","v":""},"18.11.3",{"$f":"VLOOKUP($F2529,DADOS_COTACAO,2,0)","v":"GERADOR ELÉTRICO 72 KVA"},"COT-ELE-004","COTAÇÃO",{"$f":"VLOOKUP($F2529,DADOS_COTACAO,9,0)","v":"UN "},{"$f":"F2532","v":1},{"$f":"VLOOKUP($F2529,DADOS_COTACAO,12,0)","v":59357.21},"BDI 2",{"$f":"TRUNC(J2529*(1+$N$18),2)","v":71377.039999999994},{"$f":"IFERROR(TRUNC(I2529*J2529,2),\"\")","v":59357.21},{"$f":"IFERROR(TRUNC(L2529*I2529,2),\"\")","v":71377.039999999994}]
[2000]
[2000,null,null,null,"Quantidade",1,"un"]
[2000,null,null,null,"Total",{"$f":"F2531","v":1},"un"]
[2000]
[1000,null,null,19,"CABEAMENTO ESTRUTURADO E CFTV",null,null,null,null,null,null,null,{"$f":"SUMIF(A:A,D2534,M:M)","v":87936.34},{"$f":"SUMIF(A:A,D2534,N:N)","v":111190.30999999998}]
[null,null,null,"19.1","ACESSÓRIOS CABEAMENTO",null,null,null,null,null,null,null,{"$f":"IFERROR(SUMIFS(M:M,A:A,LEFT(D2535,SEARCH(\".\",D2535)-1),B:B,RIGHT(D2535,LEN(D2535)-SEARCH(\".\",D2535))),\"\")","v":1944.86},{"$f":"IFERROR(SUMIFS(N:N,A:A,LEFT(D2535,SEARCH(\".\",D2535)-1),B:B,RIGHT(D2535,LEN(D2535)-SEARCH(\".\",D2535))),\"\")","v":2460.63}]
[{"$f":"IFERROR(LEFT(D2536,SEARCH(\".\",D2536)-1),\"\")","v":"19"},{"$f":"IFERROR(LEFT(RIGHT(D2536,LEN(D2536)-SEARCH(\".\",D2536)),SEARCH(\".\",RIGHT(D2536,LEN(D2536)-SEARCH(\".\",D2536)))-1),\"\")","v":"1"},{"$f":"IFERROR(IF(LEN(D2536)-LEN(SUBSTITUTE(D2536,\".\",\"\"))<>3,\"\",MID(D2536,SEARCH(\".\",D2536,SEARCH(\".\",D2536)+1)+1,LEN(D2536)-SEARCH(\".\",D2536,SEARCH(\".\",D2536)+1)-(LEN(D2536)-(SEARCH(\".\",D2536,SEARCH(\".\",D2536,SEARCH(\".\",D2536)+1)+1)-1)))),\"\")","v":""},"19.1.1",{"$f":"IF($G2536=\"SINAPI\",VLOOKUP($F2536,DADOS_SINAPI,2,0),IF(G2536=\"SETOP\",VLOOKUP($F2536,DADOS_SETOP,2,0),IF(G2536=\"CPU\",VLOOKUP($F2536,DADOS_COMPOSICAO,2,0),IF(G2536=\"SICRO\",VLOOKUP($F2536,DADOS_SICRO,2,0),IF(G2536=\"SUDECAP\",VLOOKUP(F2536,DADOS_SUDECAP,2,0),IF(G2536=\"COTAÇÃO\",VLOOKUP($F2536,DADOS_COTACAO,2,0),\"\"))))))","v":"SWITCH  24 PORTAS RJ45 COM FIBRA "},"COT-DAD-008","COTAÇÃO",{"$f":"IF(G2536=\"SINAPI\",VLOOKUP($F2536,DADOS_SINAPI,3,0),IF(G2536=\"SETOP\",VLOOKUP($F2536,DADOS_SETOP,3,0),IF(G2536=\"CPU\",VLOOKUP($F2536,DADOS_COMPOSICAO,10,0),IF(G2536=\"SICRO\",VLOOKUP($F2536,DADOS_SICRO,3,0),IF(G2536=\"SUDECAP\",VLOOKUP(F2536,DADOS_SUDECAP,3,0),IF(G2536=\"COTAÇÃO\",VLOOKUP($F2536,DADOS_COTACAO,9,0),\"\"))))))","v":"UN "},{"$f":"F2539","v":1},{"$f":"IF(G2536=\"SINAPI\",VLOOKUP($F2536,DADOS_SINAPI,4,0),IF(G2536=\"SETOP\",VLOOKUP($F2536,DADOS_SETOP,4,0),IF(G2536=\"CPU\",VLOOKUP($F2536,DADOS_COMPOSICAO,13,0),IF(G2536=\"SICRO\",VLOOKUP($F2536,DADOS_SICRO,4,0),IF(G2536=\"SUDECAP\",VLOOKUP(F2536,DADOS_SUDECAP,4,0),IF(G2536=\"COTAÇÃO\",VLOOKUP(F2536,DADOS_COTACAO,12,0),\"\"))))))","v":1944.86},"BDI 1",{"$f":"TRUNC(J2536*(1+$N$17),2)","v":2460.63},{"$f":"IFERROR(TRUNC(I2536*J2536,2),\"\")","v":1944.86},{"$f":"IFERROR(TRUNC(L2536*I2536,2),\"\")","v":2460.63}]
[2000]
[2000,null,null,null,"QUANTIDADE",1,"u"]
[2000,null,null,null,"Total",{"$f":"F2538","v":1},"u"]
[2000]
[null,null,null,"19.2","ACESSÓRIOS CABEAMENTO - METÁLICO ",null,null,null,null,null,null,null,{"$f":"IFERROR(SUMIFS(M:M,A:A,LEFT(D2541,SEARCH(\".\",D2541)-1),B:B,RIGHT(D2541,LEN(D2541)-SEARCH(\".\",D2541))),\"\")","v":26575.66},{"$f":"IFERROR(SUMIFS(N:N,A:A,LEFT(D2541,SEARCH(\".\",D2541)-1),B:B,RIGHT(D2541,LEN(D2541)-SEARCH(\".\",D2541))),\"\")","v":33620.160000000003}]
[{"$f":"IFERROR(LEFT(D2542,SEARCH(\".\",D2542)-1),\"\")","v":"19"},{"$f":"IFERROR(LEFT(RIGHT(D2542,LEN(D2542)-SEARCH(\".\",D2542)),SEARCH(\".\",RIGHT(D2542,LEN(D2542)-SEARCH(\".\",D2542)))-1),\"\")","v":"2"},{"$f":"IFERROR(IF(LEN(D2542)-LEN(SUBSTITUTE(D2542,\".\",\"\"))<>3,\"\",MID(D2542,SEARCH(\".\",D2542,SEARCH(\".\",D2542)+1)+1,LEN(D2542)-SEARCH(\".\",D2542,SEARCH(\".\",D2542)+1)-(LEN(D2542)-(SEARCH(\".\",D2542,SEARCH(\".\",D2542,SEARCH(\".\",D2542)+1)+1)-1)))),\"\")","v":""},"19.2.1",{"$f":"IF($G2542=\"SINAPI\",VLOOKUP($F2542,DADOS_SINAPI,2,0),IF(G2542=\"SETOP\",VLOOKUP($F2542,DADOS_SETOP,2,0),IF(G2542=\"CPU\",VLOOKUP($F2542,DADOS_COMPOSICAO,2,0),IF(G2542=\"SICRO\",VLOOKUP($F2542,DADOS_SICRO,2,0),IF(G2542=\"SUDECAP\",VLOOKUP(F2542,DADOS_SUDECAP,2,0),IF(G2542=\"COTAÇÃO\",VLOOKUP($F2542,DADOS_COTACAO,2,0),\"\"))))))","v":"CONECTOR MACHO RJ 45, CATEGORIA 5 E (CAT 5E) PARA CABOS"},39602,"SINAPI",{"$f":"IF(G2542=\"SINAPI\",VLOOKUP($F2542,DADOS_SINAPI,3,0),IF(G2542=\"SETOP\",VLOOKUP($F2542,DADOS_SETOP,3,0),IF(G2542=\"CPU\",VLOOKUP($F2542,DADOS_COMPOSICAO,10,0),IF(G2542=\"SICRO\",VLOOKUP($F2542,DADOS_SICRO,3,0),IF(G2542=\"SUDECAP\",VLOOKUP(F2542,DADOS_SUDECAP,3,0),IF(G2542=\"COTAÇÃO\",VLOOKUP($F2542,DADOS_COTACAO,9,0),\"\"))))))","v":"UN    "},{"$f":"F2545","v":813},{"$f":"IF(G2542=\"SINAPI\",VLOOKUP($F2542,DADOS_SINAPI,4,0),IF(G2542=\"SETOP\",VLOOKUP($F2542,DADOS_SETOP,4,0),IF(G2542=\"CPU\",VLOOKUP($F2542,DADOS_COMPOSICAO,13,0),IF(G2542=\"SICRO\",VLOOKUP($F2542,DADOS_SICRO,4,0),IF(G2542=\"SUDECAP\",VLOOKUP(F2542,DADOS_SUDECAP,4,0),IF(G2542=\"COTAÇÃO\",VLOOKUP(F2542,DADOS_COTACAO,12,0),\"\"))))))","v":1.41},"BDI 1",{"$f":"TRUNC(J2542*(1+$N$17),2)","v":1.78},{"$f":"IFERROR(TRUNC(I2542*J2542,2),\"\")","v":1146.33},{"$f":"IFERROR(TRUNC(L2542*I2542,2),\"\")","v":1447.14}]
[2000]
[2000,null,null,null,"QUANTIDADE",813,"u"]
[2000,null,null,null,"Total",{"$f":"F2544","v":813},"u"]
[2000]
[{"$f":"IFERROR(LEFT(D2547,SEARCH(\".\",D2547)-1),\"\")","v":"19"},{"$f":"IFERROR(LEFT(RIGHT(D2547,LEN(D2547)-SEARCH(\".\",D2547)),SEARCH(\".\",RIGHT(D2547,LEN(D2547)-SEARCH(\".\",D2547)))-1),\"\")","v":"2"},{"$f":"IFERROR(IF(LEN(D2547)-LEN(SUBSTITUTE(D2547,\".\",\"\"))<>3,\"\",MID(D2547,SEARCH(\".\",D2547,SEARCH(\".\",D2547)+1)+1,LEN(D2547)-SEARCH(\".\",D2547,SEARCH(\".\",D2547)+1)-(LEN(D2547)-(SEARCH(\".\",D2547,SEARCH(\".\",D2547,SEARCH(\".\",D2547)+1)+1)-1)))),\"\")","v":""},"19.2.2",{"$f":"IF($G2547=\"SINAPI\",VLOOKUP($F2547,DADOS_SINAPI,2,0),IF(G2547=\"SETOP\",VLOOKUP($F2547,DADOS_SETOP,2,0),IF(G2547=\"CPU\",VLOOKUP($F2547,DADOS_COMPOSICAO,2,0),IF(G2547=\"SICRO\",VLOOKUP($F2547,DADOS_SICRO,2,0),IF(G2547=\"SUDECAP\",VLOOKUP(F2547,DADOS_SUDECAP,2,0),IF(G2547=\"COTAÇÃO\",VLOOKUP($F2547,DADOS_COTACAO,2,0),\"\"))))))","v":"PATCH PANEL 24 PORTAS, CATEGORIA 5E - FORNECIMENTO E INSTALAÇÃO. AF_11/2019"},98301,"SINAPI",{"$f":"IF(G2547=\"SINAPI\",VLOOKUP($F2547,DADOS_SINAPI,3,0),IF(G2547=\"SETOP\",VLOOKUP($F2547,DADOS_SETOP,3,0),IF(G2547=\"CPU\",VLOOKUP($F2547,DADOS_COMPOSICAO,10,0),IF(G2547=\"SICRO\",VLOOKUP($F2547,DADOS_SICRO,3,0),IF(G2547=\"SUDECAP\",VLOOKUP(F2547,DADOS_SUDECAP,3,0),IF(G2547=\"COTAÇÃO\",VLOOKUP($F2547,DADOS_COTACAO,9,0),\"\"))))))","v":"UN"},{"$f":"F2550","v":19},{"$f":"IF(G2547=\"SINAPI\",VLOOKUP($F2547,DADOS_SINAPI,4,0),IF(G2547=\"SETOP\",VLOOKUP($F2547,DADOS_SETOP,4,0),IF(G2547=\"CPU\",VLOOKUP($F2547,DADOS_COMPOSICAO,13,0),IF(G2547=\"SICRO\",VLOOKUP($F2547,DADOS_SICRO,4,0),IF(G2547=\"SUDECAP\",VLOOKUP(F2547,DADOS_SUDECAP,4,0),IF(G2547=\"COTAÇÃO\",VLOOKUP(F2547,DADOS_COTACAO,12,0),\"\"))))))","v":549.66999999999996},"BDI 1",{"$f":"TRUNC(J2547*(1+$N$17),2)","v":695.44},{"$f":"IFERROR(TRUNC(I2547*J2547,2),\"\")","v":10443.73},{"$f":"IFERROR(TRUNC(L2547*I2547,2),\"\")","v":13213.36}]
[2000]
[2000,null,null,null,"QUANTIDADE",19,"u"]
[2000,null,null,null,"Total",{"$f":"F2549","v":19},"u"]
[2000]
[{"$f":"IFERROR(LEFT(D2552,SEARCH(\".\",D2552)-1),\"\")","v":"19"},{"$f":"IFERROR(LEFT(RIGHT(D2552,LEN(D2552)-SEARCH(\".\",D2552)),SEARCH(\".\",RIGHT(D2552,LEN(D2552)-SEARCH(\".\",D2552)))-1),\"\")","v":"2"},{"$f":"IFERROR(IF(LEN(D2552)-LEN(SUBSTITUTE(D2552,\".\",\"\"))<>3,\"\",MID(D2552,SEARCH(\".\",D2552,SEARCH(\".\",D2552)+1)+1,LEN(D2552)-SEARCH(\".\",D2552,SEARCH(\".\",D2552)+1)-(LEN(D2552)-(SEARCH(\".\",D2552,SEARCH(\".\",D2552,SEARCH(\".\",D2552)+1)+1)-1)))),\"\")","v":""},"19.2.3",{"$f":"IF($G2552=\"SINAPI\",VLOOKUP($F2552,DADOS_SINAPI,2,0),IF(G2552=\"SETOP\",VLOOKUP($F2552,DADOS_SETOP,2,0),IF(G2552=\"CPU\",VLOOKUP($F2552,DADOS_COMPOSICAO,2,0),IF(G2552=\"SICRO\",VLOOKUP($F2552,DADOS_SICRO,2,0),IF(G2552=\"SUDECAP\",VLOOKUP(F2552,DADOS_SUDECAP,2,0),IF(G2552=\"COTAÇÃO\",VLOOKUP($F2552,DADOS_COTACAO,2,0),\"\"))))))","v":"NVR 24 PORTAS"},"COT-DAD-001","COTAÇÃO",{"$f":"IF(G2552=\"SINAPI\",VLOOKUP($F2552,DADOS_SINAPI,3,0),IF(G2552=\"SETOP\",VLOOKUP($F2552,DADOS_SETOP,3,0),IF(G2552=\"CPU\",VLOOKUP($F2552,DADOS_COMPOSICAO,10,0),IF(G2552=\"SICRO\",VLOOKUP($F2552,DADOS_SICRO,3,0),IF(G2552=\"SUDECAP\",VLOOKUP(F2552,DADOS_SUDECAP,3,0),IF(G2552=\"COTAÇÃO\",VLOOKUP($F2552,DADOS_COTACAO,9,0),\"\"))))))","v":"UN "},{"$f":"F2555","v":1},{"$f":"IF(G2552=\"SINAPI\",VLOOKUP($F2552,DADOS_SINAPI,4,0),IF(G2552=\"SETOP\",VLOOKUP($F2552,DADOS_SETOP,4,0),IF(G2552=\"CPU\",VLOOKUP($F2552,DADOS_COMPOSICAO,13,0),IF(G2552=\"SICRO\",VLOOKUP($F2552,DADOS_SICRO,4,0),IF(G2552=\"SUDECAP\",VLOOKUP(F2552,DADOS_SUDECAP,4,0),IF(G2552=\"COTAÇÃO\",VLOOKUP(F2552,DADOS_COTACAO,12,0),\"\"))))))","v":2884.96},"BDI 1",{"$f":"TRUNC(J2552*(1+$N$17),2)","v":3650.05},{"$f":"IFERROR(TRUNC(I2552*J2552,2),\"\")","v":2884.96},{"$f":"IFERROR(TRUNC(L2552*I2552,2),\"\")","v":3650.05}]
[2000]
[2000,null,null,null,"QUANTIDADE",1,"u"]
[2000,null,null,null,"Total",{"$f":"F2554","v":1},"u"]
[2000]
[{"$f":"IFERROR(LEFT(D2557,SEARCH(\".\",D2557)-1),\"\")","v":"19"},{"$f":"IFERROR(LEFT(RIGHT(D2557,LEN(D2557)-SEARCH(\".\",D2557)),SEARCH(\".\",RIGHT(D2557,LEN(D2557)-SEARCH(\".\",D2557)))-1),\"\")","v":"2"},{"$f":"IFERROR(IF(LEN(D2557)-LEN(SUBSTITUTE(D2557,\".\",\"\"))<>3,\"\",MID(D2557,SEARCH(\".\",D2557,SEARCH(\".\",D2557)+1)+1,LEN(D2557)-SEARCH(\".\",D2557,SEARCH(\".\",D2557)+1)-(LEN(D2557)-(SEARCH(\".\",D2557,SEARCH(\".\",D2557,SEARCH(\".\",D2557)+1)+1)-1)))),\"\")","v":""},"19.2.4",{"$f":"IF($G2557=\"SINAPI\",VLOOKUP($F2557,DADOS_SINAPI,2,0),IF(G2557=\"SETOP\",VLOOKUP($F2557,DADOS_SETOP,2,0),IF(G2557=\"CPU\",VLOOKUP($F2557,DADOS_COMPOSICAO,2,0),IF(G2557=\"SICRO\",VLOOKUP($F2557,DADOS_SICRO,2,0),IF(G2557=\"SUDECAP\",VLOOKUP(F2557,DADOS_SUDECAP,2,0),IF(G2557=\"COTAÇÃO\",VLOOKUP($F2557,DADOS_COTACAO,2,0),\"\"))))))","v":"HD 2 TB"},"COT-DAD-002","COTAÇÃO",{"$f":"IF(G2557=\"SINAPI\",VLOOKUP($F2557,DADOS_SINAPI,3,0),IF(G2557=\"SETOP\",VLOOKUP($F2557,DADOS_SETOP,3,0),IF(G2557=\"CPU\",VLOOKUP($F2557,DADOS_COMPOSICAO,10,0),IF(G2557=\"SICRO\",VLOOKUP($F2557,DADOS_SICRO,3,0),IF(G2557=\"SUDECAP\",VLOOKUP(F2557,DADOS_SUDECAP,3,0),IF(G2557=\"COTAÇÃO\",VLOOKUP($F2557,DADOS_COTACAO,9,0),\"\"))))))","v":"UN "},{"$f":"F2560","v":1},{"$f":"IF(G2557=\"SINAPI\",VLOOKUP($F2557,DADOS_SINAPI,4,0),IF(G2557=\"SETOP\",VLOOKUP($F2557,DADOS_SETOP,4,0),IF(G2557=\"CPU\",VLOOKUP($F2557,DADOS_COMPOSICAO,13,0),IF(G2557=\"SICRO\",VLOOKUP($F2557,DADOS_SICRO,4,0),IF(G2557=\"SUDECAP\",VLOOKUP(F2557,DADOS_SUDECAP,4,0),IF(G2557=\"COTAÇÃO\",VLOOKUP(F2557,DADOS_COTACAO,12,0),\"\"))))))","v":463.79999999999995},"BDI 1",{"$f":"TRUNC(J2557*(1+$N$17),2)","v":586.79},{"$f":"IFERROR(TRUNC(I2557*J2557,2),\"\")","v":463.8},{"$f":"IFERROR(TRUNC(L2557*I2557,2),\"\")","v":586.79}]
[2000]
[2000,null,null,null,"QUANTIDADE",1,"u"]
[2000,null,null,null,"Total",{"$f":"F2559","v":1},"u"]
[2000]
[{"$f":"IFERROR(LEFT(D2562,SEARCH(\".\",D2562)-1),\"\")","v":"19"},{"$f":"IFERROR(LEFT(RIGHT(D2562,LEN(D2562)-SEARCH(\".\",D2562)),SEARCH(\".\",RIGHT(D2562,LEN(D2562)-SEARCH(\".\",D2562)))-1),\"\")","v":"2"},{"$f":"IFERROR(IF(LEN(D2562)-LEN(SUBSTITUTE(D2562,\".\",\"\"))<>3,\"\",MID(D2562,SEARCH(\".\",D2562,SEARCH(\".\",D2562)+1)+1,LEN(D2562)-SEARCH(\".\",D2562,SEARCH(\".\",D2562)+1)-(LEN(D2562)-(SEARCH(\".\",D2562,SEARCH(\".\",D2562,SEARCH(\".\",D2562)+1)+1)-1)))),\"\")","v":""},"19.2.5",{"$f":"IF($G2562=\"SINAPI\",VLOOKUP($F2562,DADOS_SINAPI,2,0),IF(G2562=\"SETOP\",VLOOKUP($F2562,DADOS_SETOP,2,0),IF(G2562=\"CPU\",VLOOKUP($F2562,DADOS_COMPOSICAO,2,0),IF(G2562=\"SICRO\",VLOOKUP($F2562,DADOS_SICRO,2,0),IF(G2562=\"SUDECAP\",VLOOKUP(F2562,DADOS_SUDECAP,2,0),IF(G2562=\"COTAÇÃO\",VLOOKUP($F2562,DADOS_COTACAO,2,0),\"\"))))))","v":"SWITCH (10/100/1000) BASE T, 24 PORTAS "},"COT-DAD-003","COTAÇÃO",{"$f":"IF(G2562=\"SINAPI\",VLOOKUP($F2562,DADOS_SINAPI,3,0),IF(G2562=\"SETOP\",VLOOKUP($F2562,DADOS_SETOP,3,0),IF(G2562=\"CPU\",VLOOKUP($F2562,DADOS_COMPOSICAO,10,0),IF(G2562=\"SICRO\",VLOOKUP($F2562,DADOS_SICRO,3,0),IF(G2562=\"SUDECAP\",VLOOKUP(F2562,DADOS_SUDECAP,3,0),IF(G2562=\"COTAÇÃO\",VLOOKUP($F2562,DADOS_COTACAO,9,0),\"\"))))))","v":"UN "},{"$f":"F2565","v":14},{"$f":"IF(G2562=\"SINAPI\",VLOOKUP($F2562,DADOS_SINAPI,4,0),IF(G2562=\"SETOP\",VLOOKUP($F2562,DADOS_SETOP,4,0),IF(G2562=\"CPU\",VLOOKUP($F2562,DADOS_COMPOSICAO,13,0),IF(G2562=\"SICRO\",VLOOKUP($F2562,DADOS_SICRO,4,0),IF(G2562=\"SUDECAP\",VLOOKUP(F2562,DADOS_SUDECAP,4,0),IF(G2562=\"COTAÇÃO\",VLOOKUP(F2562,DADOS_COTACAO,12,0),\"\"))))))","v":831.20333333333338},"BDI 1",{"$f":"TRUNC(J2562*(1+$N$17),2)","v":1051.6300000000001},{"$f":"IFERROR(TRUNC(I2562*J2562,2),\"\")","v":11636.84},{"$f":"IFERROR(TRUNC(L2562*I2562,2),\"\")","v":14722.82}]
[2000]
[2000,null,null,null,"QUANTIDADE",14,"u"]
[2000,null,null,null,"Total",{"$f":"F2564","v":14},"u"]
[2000]
[null,null,null,"19.3","CABEAMENTO - RACK",null,null,null,null,null,null,null,{"$f":"IFERROR(SUMIFS(M:M,A:A,LEFT(D2567,SEARCH(\".\",D2567)-1),B:B,RIGHT(D2567,LEN(D2567)-SEARCH(\".\",D2567))),\"\")","v":1969.15},{"$f":"IFERROR(SUMIFS(N:N,A:A,LEFT(D2567,SEARCH(\".\",D2567)-1),B:B,RIGHT(D2567,LEN(D2567)-SEARCH(\".\",D2567))),\"\")","v":2491.34}]
[{"$f":"IFERROR(LEFT(D2568,SEARCH(\".\",D2568)-1),\"\")","v":"19"},{"$f":"IFERROR(LEFT(RIGHT(D2568,LEN(D2568)-SEARCH(\".\",D2568)),SEARCH(\".\",RIGHT(D2568,LEN(D2568)-SEARCH(\".\",D2568)))-1),\"\")","v":"3"},{"$f":"IFERROR(IF(LEN(D2568)-LEN(SUBSTITUTE(D2568,\".\",\"\"))<>3,\"\",MID(D2568,SEARCH(\".\",D2568,SEARCH(\".\",D2568)+1)+1,LEN(D2568)-SEARCH(\".\",D2568,SEARCH(\".\",D2568)+1)-(LEN(D2568)-(SEARCH(\".\",D2568,SEARCH(\".\",D2568,SEARCH(\".\",D2568)+1)+1)-1)))),\"\")","v":""},"19.3.1",{"$f":"IF($G2568=\"SINAPI\",VLOOKUP($F2568,DADOS_SINAPI,2,0),IF(G2568=\"SETOP\",VLOOKUP($F2568,DADOS_SETOP,2,0),IF(G2568=\"CPU\",VLOOKUP($F2568,DADOS_COMPOSICAO,2,0),IF(G2568=\"SICRO\",VLOOKUP($F2568,DADOS_SICRO,2,0),IF(G2568=\"SUDECAP\",VLOOKUP(F2568,DADOS_SUDECAP,2,0),IF(G2568=\"COTAÇÃO\",VLOOKUP($F2568,DADOS_COTACAO,2,0),\"\"))))))","v":"RÉGUA DE TOMADAS 10A- 10 SAÍDAS PADRÃO"},"COT-DAD-005","COTAÇÃO",{"$f":"IF(G2568=\"SINAPI\",VLOOKUP($F2568,DADOS_SINAPI,3,0),IF(G2568=\"SETOP\",VLOOKUP($F2568,DADOS_SETOP,3,0),IF(G2568=\"CPU\",VLOOKUP($F2568,DADOS_COMPOSICAO,10,0),IF(G2568=\"SICRO\",VLOOKUP($F2568,DADOS_SICRO,3,0),IF(G2568=\"SUDECAP\",VLOOKUP(F2568,DADOS_SUDECAP,3,0),IF(G2568=\"COTAÇÃO\",VLOOKUP($F2568,DADOS_COTACAO,9,0),\"\"))))))","v":"UN "},{"$f":"F2571","v":2},{"$f":"IF(G2568=\"SINAPI\",VLOOKUP($F2568,DADOS_SINAPI,4,0),IF(G2568=\"SETOP\",VLOOKUP($F2568,DADOS_SETOP,4,0),IF(G2568=\"CPU\",VLOOKUP($F2568,DADOS_COMPOSICAO,13,0),IF(G2568=\"SICRO\",VLOOKUP($F2568,DADOS_SICRO,4,0),IF(G2568=\"SUDECAP\",VLOOKUP(F2568,DADOS_SUDECAP,4,0),IF(G2568=\"COTAÇÃO\",VLOOKUP(F2568,DADOS_COTACAO,12,0),\"\"))))))","v":108.31},"BDI 1",{"$f":"TRUNC(J2568*(1+$N$17),2)","v":137.03},{"$f":"IFERROR(TRUNC(I2568*J2568,2),\"\")","v":216.62},{"$f":"IFERROR(TRUNC(L2568*I2568,2),\"\")","v":274.06}]
[2000]
[2000,null,null,null,"QUANTIDADE",2,"u"]
[2000,null,null,null,"Total",{"$f":"F2570","v":2},"u"]
[2000]
[{"$f":"IFERROR(LEFT(D2573,SEARCH(\".\",D2573)-1),\"\")","v":"19"},{"$f":"IFERROR(LEFT(RIGHT(D2573,LEN(D2573)-SEARCH(\".\",D2573)),SEARCH(\".\",RIGHT(D2573,LEN(D2573)-SEARCH(\".\",D2573)))-1),\"\")","v":"3"},{"$f":"IFERROR(IF(LEN(D2573)-LEN(SUBSTITUTE(D2573,\".\",\"\"))<>3,\"\",MID(D2573,SEARCH(\".\",D2573,SEARCH(\".\",D2573)+1)+1,LEN(D2573)-SEARCH(\".\",D2573,SEARCH(\".\",D2573)+1)-(LEN(D2573)-(SEARCH(\".\",D2573,SEARCH(\".\",D2573,SEARCH(\".\",D2573)+1)+1)-1)))),\"\")","v":""},"19.3.2",{"$f":"IF($G2573=\"SINAPI\",VLOOKUP($F2573,DADOS_SINAPI,2,0),IF(G2573=\"SETOP\",VLOOKUP($F2573,DADOS_SETOP,2,0),IF(G2573=\"CPU\",VLOOKUP($F2573,DADOS_COMPOSICAO,2,0),IF(G2573=\"SICRO\",VLOOKUP($F2573,DADOS_SICRO,2,0),IF(G2573=\"SUDECAP\",VLOOKUP(F2573,DADOS_SUDECAP,2,0),IF(G2573=\"COTAÇÃO\",VLOOKUP($F2573,DADOS_COTACAO,2,0),\"\"))))))","v":"ORGANIZADOR DE CABOS DE 1U PARA RACK 19\""},"ED-48377","SETOP",{"$f":"IF(G2573=\"SINAPI\",VLOOKUP($F2573,DADOS_SINAPI,3,0),IF(G2573=\"SETOP\",VLOOKUP($F2573,DADOS_SETOP,3,0),IF(G2573=\"CPU\",VLOOKUP($F2573,DADOS_COMPOSICAO,10,0),IF(G2573=\"SICRO\",VLOOKUP($F2573,DADOS_SICRO,3,0),IF(G2573=\"SUDECAP\",VLOOKUP(F2573,DADOS_SUDECAP,3,0),IF(G2573=\"COTAÇÃO\",VLOOKUP($F2573,DADOS_COTACAO,9,0),\"\"))))))","v":"cj"},{"$f":"F2576","v":13},{"$f":"IF(G2573=\"SINAPI\",VLOOKUP($F2573,DADOS_SINAPI,4,0),IF(G2573=\"SETOP\",VLOOKUP($F2573,DADOS_SETOP,4,0),IF(G2573=\"CPU\",VLOOKUP($F2573,DADOS_COMPOSICAO,13,0),IF(G2573=\"SICRO\",VLOOKUP($F2573,DADOS_SICRO,4,0),IF(G2573=\"SUDECAP\",VLOOKUP(F2573,DADOS_SUDECAP,4,0),IF(G2573=\"COTAÇÃO\",VLOOKUP(F2573,DADOS_COTACAO,12,0),\"\"))))))","v":134.81},"BDI 1",{"$f":"TRUNC(J2573*(1+$N$17),2)","v":170.56},{"$f":"IFERROR(TRUNC(I2573*J2573,2),\"\")","v":1752.53},{"$f":"IFERROR(TRUNC(L2573*I2573,2),\"\")","v":2217.2800000000002}]
[2000]
[2000,null,null,null,"QUANTIDADE",13,"u"]
[2000,null,null,null,"Total",{"$f":"F2575","v":13},"u"]
[2000]
[null,null,null,"19.4","ACESSÓRIOS PARA ELETRODUTOS",null,null,null,null,null,null,null,{"$f":"IFERROR(SUMIFS(M:M,A:A,LEFT(D2578,SEARCH(\".\",D2578)-1),B:B,RIGHT(D2578,LEN(D2578)-SEARCH(\".\",D2578))),\"\")","v":2559.46},{"$f":"IFERROR(SUMIFS(N:N,A:A,LEFT(D2578,SEARCH(\".\",D2578)-1),B:B,RIGHT(D2578,LEN(D2578)-SEARCH(\".\",D2578))),\"\")","v":3238.07}]
[{"$f":"IFERROR(LEFT(D2579,SEARCH(\".\",D2579)-1),\"\")","v":"19"},{"$f":"IFERROR(LEFT(RIGHT(D2579,LEN(D2579)-SEARCH(\".\",D2579)),SEARCH(\".\",RIGHT(D2579,LEN(D2579)-SEARCH(\".\",D2579)))-1),\"\")","v":"4"},{"$f":"IFERROR(IF(LEN(D2579)-LEN(SUBSTITUTE(D2579,\".\",\"\"))<>3,\"\",MID(D2579,SEARCH(\".\",D2579,SEARCH(\".\",D2579)+1)+1,LEN(D2579)-SEARCH(\".\",D2579,SEARCH(\".\",D2579)+1)-(LEN(D2579)-(SEARCH(\".\",D2579,SEARCH(\".\",D2579,SEARCH(\".\",D2579)+1)+1)-1)))),\"\")","v":""},"19.4.1",{"$f":"IF($G2579=\"SINAPI\",VLOOKUP($F2579,DADOS_SINAPI,2,0),IF(G2579=\"SETOP\",VLOOKUP($F2579,DADOS_SETOP,2,0),IF(G2579=\"CPU\",VLOOKUP($F2579,DADOS_COMPOSICAO,2,0),IF(G2579=\"SICRO\",VLOOKUP($F2579,DADOS_SICRO,2,0),IF(G2579=\"SUDECAP\",VLOOKUP(F2579,DADOS_SUDECAP,2,0),IF(G2579=\"COTAÇÃO\",VLOOKUP($F2579,DADOS_COTACAO,2,0),\"\"))))))","v":"CAIXA RETANGULAR 4\" X 2\" ALTA (2,00 M DO PISO), PVC, INSTALADA EM PAREDE - FORNECIMENTO E INSTALAÇÃO. AF_03/2023"},91939,"SINAPI",{"$f":"IF(G2579=\"SINAPI\",VLOOKUP($F2579,DADOS_SINAPI,3,0),IF(G2579=\"SETOP\",VLOOKUP($F2579,DADOS_SETOP,3,0),IF(G2579=\"CPU\",VLOOKUP($F2579,DADOS_COMPOSICAO,10,0),IF(G2579=\"SICRO\",VLOOKUP($F2579,DADOS_SICRO,3,0),IF(G2579=\"SUDECAP\",VLOOKUP(F2579,DADOS_SUDECAP,3,0),IF(G2579=\"COTAÇÃO\",VLOOKUP($F2579,DADOS_COTACAO,9,0),\"\"))))))","v":"UN"},{"$f":"F2582","v":91},{"$f":"IF(G2579=\"SINAPI\",VLOOKUP($F2579,DADOS_SINAPI,4,0),IF(G2579=\"SETOP\",VLOOKUP($F2579,DADOS_SETOP,4,0),IF(G2579=\"CPU\",VLOOKUP($F2579,DADOS_COMPOSICAO,13,0),IF(G2579=\"SICRO\",VLOOKUP($F2579,DADOS_SICRO,4,0),IF(G2579=\"SUDECAP\",VLOOKUP(F2579,DADOS_SUDECAP,4,0),IF(G2579=\"COTAÇÃO\",VLOOKUP(F2579,DADOS_COTACAO,12,0),\"\"))))))","v":27.91},"BDI 1",{"$f":"TRUNC(J2579*(1+$N$17),2)","v":35.31},{"$f":"IFERROR(TRUNC(I2579*J2579,2),\"\")","v":2539.81},{"$f":"IFERROR(TRUNC(L2579*I2579,2),\"\")","v":3213.21}]
[2000]
[2000,null,null,null,"QUANTIDADE",91,"u"]
[2000,null,null,null,"Total",{"$f":"F2581","v":91},"u"]
[2000]
[{"$f":"IFERROR(LEFT(D2584,SEARCH(\".\",D2584)-1),\"\")","v":"19"},{"$f":"IFERROR(LEFT(RIGHT(D2584,LEN(D2584)-SEARCH(\".\",D2584)),SEARCH(\".\",RIGHT(D2584,LEN(D2584)-SEARCH(\".\",D2584)))-1),\"\")","v":"4"},{"$f":"IFERROR(IF(LEN(D2584)-LEN(SUBSTITUTE(D2584,\".\",\"\"))<>3,\"\",MID(D2584,SEARCH(\".\",D2584,SEARCH(\".\",D2584)+1)+1,LEN(D2584)-SEARCH(\".\",D2584,SEARCH(\".\",D2584)+1)-(LEN(D2584)-(SEARCH(\".\",D2584,SEARCH(\".\",D2584,SEARCH(\".\",D2584)+1)+1)-1)))),\"\")","v":""},"19.4.2",{"$f":"IF($G2584=\"SINAPI\",VLOOKUP($F2584,DADOS_SINAPI,2,0),IF(G2584=\"SETOP\",VLOOKUP($F2584,DADOS_SETOP,2,0),IF(G2584=\"CPU\",VLOOKUP($F2584,DADOS_COMPOSICAO,2,0),IF(G2584=\"SICRO\",VLOOKUP($F2584,DADOS_SICRO,2,0),IF(G2584=\"SUDECAP\",VLOOKUP(F2584,DADOS_SUDECAP,2,0),IF(G2584=\"COTAÇÃO\",VLOOKUP($F2584,DADOS_COTACAO,2,0),\"\"))))))","v":"CAIXA RETANGULAR 4\" X 4\" MÉDIA (1,30 M DO PISO), PVC, INSTALADA EM PAREDE - FORNECIMENTO E INSTALAÇÃO. AF_03/2023"},91943,"SINAPI",{"$f":"IF(G2584=\"SINAPI\",VLOOKUP($F2584,DADOS_SINAPI,3,0),IF(G2584=\"SETOP\",VLOOKUP($F2584,DADOS_SETOP,3,0),IF(G2584=\"CPU\",VLOOKUP($F2584,DADOS_COMPOSICAO,10,0),IF(G2584=\"SICRO\",VLOOKUP($F2584,DADOS_SICRO,3,0),IF(G2584=\"SUDECAP\",VLOOKUP(F2584,DADOS_SUDECAP,3,0),IF(G2584=\"COTAÇÃO\",VLOOKUP($F2584,DADOS_COTACAO,9,0),\"\"))))))","v":"UN"},{"$f":"F2587","v":1},{"$f":"IF(G2584=\"SINAPI\",VLOOKUP($F2584,DADOS_SINAPI,4,0),IF(G2584=\"SETOP\",VLOOKUP($F2584,DADOS_SETOP,4,0),IF(G2584=\"CPU\",VLOOKUP($F2584,DADOS_COMPOSICAO,13,0),IF(G2584=\"SICRO\",VLOOKUP($F2584,DADOS_SICRO,4,0),IF(G2584=\"SUDECAP\",VLOOKUP(F2584,DADOS_SUDECAP,4,0),IF(G2584=\"COTAÇÃO\",VLOOKUP(F2584,DADOS_COTACAO,12,0),\"\"))))))","v":19.649999999999999},"BDI 1",{"$f":"TRUNC(J2584*(1+$N$17),2)","v":24.86},{"$f":"IFERROR(TRUNC(I2584*J2584,2),\"\")","v":19.649999999999999},{"$f":"IFERROR(TRUNC(L2584*I2584,2),\"\")","v":24.86}]
[2000]
[2000,null,null,null,"QUANTIDADE",1,"u"]
[2000,null,null,null,"Total",{"$f":"F2586","v":1},"u"]
[2000]
[null,null,null,"19.5","CABEAMENTO ESTRUTURADO",null,null,null,null,null,null,null,{"$f":"IFERROR(SUMIFS(M:M,A:A,LEFT(D2589,SEARCH(\".\",D2589)-1),B:B,RIGHT(D2589,LEN(D2589)-SEARCH(\".\",D2589))),\"\")","v":31370.16},{"$f":"IFERROR(SUMIFS(N:N,A:A,LEFT(D2589,SEARCH(\".\",D2589)-1),B:B,RIGHT(D2589,LEN(D2589)-SEARCH(\".\",D2589))),\"\")","v":39632.620000000003}]
[{"$f":"IFERROR(LEFT(D2590,SEARCH(\".\",D2590)-1),\"\")","v":"19"},{"$f":"IFERROR(LEFT(RIGHT(D2590,LEN(D2590)-SEARCH(\".\",D2590)),SEARCH(\".\",RIGHT(D2590,LEN(D2590)-SEARCH(\".\",D2590)))-1),\"\")","v":"5"},{"$f":"IFERROR(IF(LEN(D2590)-LEN(SUBSTITUTE(D2590,\".\",\"\"))<>3,\"\",MID(D2590,SEARCH(\".\",D2590,SEARCH(\".\",D2590)+1)+1,LEN(D2590)-SEARCH(\".\",D2590,SEARCH(\".\",D2590)+1)-(LEN(D2590)-(SEARCH(\".\",D2590,SEARCH(\".\",D2590,SEARCH(\".\",D2590)+1)+1)-1)))),\"\")","v":""},"19.5.1",{"$f":"IF($G2590=\"SINAPI\",VLOOKUP($F2590,DADOS_SINAPI,2,0),IF(G2590=\"SETOP\",VLOOKUP($F2590,DADOS_SETOP,2,0),IF(G2590=\"CPU\",VLOOKUP($F2590,DADOS_COMPOSICAO,2,0),IF(G2590=\"SICRO\",VLOOKUP($F2590,DADOS_SICRO,2,0),IF(G2590=\"SUDECAP\",VLOOKUP(F2590,DADOS_SUDECAP,2,0),IF(G2590=\"COTAÇÃO\",VLOOKUP($F2590,DADOS_COTACAO,2,0),\"\"))))))","v":"CABO ELETRÔNICO CATEGORIA 5E, INSTALADO EM EDIFICAÇÃO INSTITUCIONAL - FORNECIMENTO E INSTALAÇÃO. AF_11/2019"},98295,"SINAPI",{"$f":"IF(G2590=\"SINAPI\",VLOOKUP($F2590,DADOS_SINAPI,3,0),IF(G2590=\"SETOP\",VLOOKUP($F2590,DADOS_SETOP,3,0),IF(G2590=\"CPU\",VLOOKUP($F2590,DADOS_COMPOSICAO,10,0),IF(G2590=\"SICRO\",VLOOKUP($F2590,DADOS_SICRO,3,0),IF(G2590=\"SUDECAP\",VLOOKUP(F2590,DADOS_SUDECAP,3,0),IF(G2590=\"COTAÇÃO\",VLOOKUP($F2590,DADOS_COTACAO,9,0),\"\"))))))","v":"M"},{"$f":"F2593","v":6093.38},{"$f":"IF(G2590=\"SINAPI\",VLOOKUP($F2590,DADOS_SINAPI,4,0),IF(G2590=\"SETOP\",VLOOKUP($F2590,DADOS_SETOP,4,0),IF(G2590=\"CPU\",VLOOKUP($F2590,DADOS_COMPOSICAO,13,0),IF(G2590=\"SICRO\",VLOOKUP($F2590,DADOS_SICRO,4,0),IF(G2590=\"SUDECAP\",VLOOKUP(F2590,DADOS_SUDECAP,4,0),IF(G2590=\"COTAÇÃO\",VLOOKUP(F2590,DADOS_COTACAO,12,0),\"\"))))))","v":5.05},"BDI 1",{"$f":"TRUNC(J2590*(1+$N$17),2)","v":6.38},{"$f":"IFERROR(TRUNC(I2590*J2590,2),\"\")","v":30771.56},{"$f":"IFERROR(TRUNC(L2590*I2590,2),\"\")","v":38875.760000000002}]
[2000]
[2000,null,null,null,"QUANTIDADE",6093.38,"u"]
[2000,null,null,null,"Total",{"$f":"F2592","v":6093.38},"u"]
[2000]
[{"$f":"IFERROR(LEFT(D2595,SEARCH(\".\",D2595)-1),\"\")","v":"19"},{"$f":"IFERROR(LEFT(RIGHT(D2595,LEN(D2595)-SEARCH(\".\",D2595)),SEARCH(\".\",RIGHT(D2595,LEN(D2595)-SEARCH(\".\",D2595)))-1),\"\")","v":"5"},{"$f":"IFERROR(IF(LEN(D2595)-LEN(SUBSTITUTE(D2595,\".\",\"\"))<>3,\"\",MID(D2595,SEARCH(\".\",D2595,SEARCH(\".\",D2595)+1)+1,LEN(D2595)-SEARCH(\".\",D2595,SEARCH(\".\",D2595)+1)-(LEN(D2595)-(SEARCH(\".\",D2595,SEARCH(\".\",D2595,SEARCH(\".\",D2595)+1)+1)-1)))),\"\")","v":""},"19.5.2",{"$f":"IF($G2595=\"SINAPI\",VLOOKUP($F2595,DADOS_SINAPI,2,0),IF(G2595=\"SETOP\",VLOOKUP($F2595,DADOS_SETOP,2,0),IF(G2595=\"CPU\",VLOOKUP($F2595,DADOS_COMPOSICAO,2,0),IF(G2595=\"SICRO\",VLOOKUP($F2595,DADOS_SICRO,2,0),IF(G2595=\"SUDECAP\",VLOOKUP(F2595,DADOS_SUDECAP,2,0),IF(G2595=\"COTAÇÃO\",VLOOKUP($F2595,DADOS_COTACAO,2,0),\"\"))))))","v":"CABO ELETRÔNICO CATEGORIA 6, INSTALADO EM EDIFICAÇÃO INSTITUCIONAL - FORNECIMENTO E INSTALAÇÃO. AF_11/2019"},98297,"SINAPI",{"$f":"IF(G2595=\"SINAPI\",VLOOKUP($F2595,DADOS_SINAPI,3,0),IF(G2595=\"SETOP\",VLOOKUP($F2595,DADOS_SETOP,3,0),IF(G2595=\"CPU\",VLOOKUP($F2595,DADOS_COMPOSICAO,10,0),IF(G2595=\"SICRO\",VLOOKUP($F2595,DADOS_SICRO,3,0),IF(G2595=\"SUDECAP\",VLOOKUP(F2595,DADOS_SUDECAP,3,0),IF(G2595=\"COTAÇÃO\",VLOOKUP($F2595,DADOS_COTACAO,9,0),\"\"))))))","v":"M"},{"$f":"F2598","v":82},{"$f":"IF(G2595=\"SINAPI\",VLOOKUP($F2595,DADOS_SINAPI,4,0),IF(G2595=\"SETOP\",VLOOKUP($F2595,DADOS_SETOP,4,0),IF(G2595=\"CPU\",VLOOKUP($F2595,DADOS_COMPOSICAO,13,0),IF(G2595=\"SICRO\",VLOOKUP($F2595,DADOS_SICRO,4,0),IF(G2595=\"SUDECAP\",VLOOKUP(F2595,DADOS_SUDECAP,4,0),IF(G2595=\"COTAÇÃO\",VLOOKUP(F2595,DADOS_COTACAO,12,0),\"\"))))))","v":7.3},"BDI 1",{"$f":"TRUNC(J2595*(1+$N$17),2)","v":9.23},{"$f":"IFERROR(TRUNC(I2595*J2595,2),\"\")","v":598.6},{"$f":"IFERROR(TRUNC(L2595*I2595,2),\"\")","v":756.86}]
[2000]
[2000,null,null,null,"QUANTIDADE",82,"m"]
[2000,null,null,null,"Total",{"$f":"F2597","v":82},"m"]
[2000]
[null,null,null,"19.6","CAIXA DE PASSAGEM",null,null,null,null,null,null,null,{"$f":"IFERROR(SUMIFS(M:M,A:A,LEFT(D2600,SEARCH(\".\",D2600)-1),B:B,RIGHT(D2600,LEN(D2600)-SEARCH(\".\",D2600))),\"\")","v":1781.4},{"$f":"IFERROR(SUMIFS(N:N,A:A,LEFT(D2600,SEARCH(\".\",D2600)-1),B:B,RIGHT(D2600,LEN(D2600)-SEARCH(\".\",D2600))),\"\")","v":2253.75}]
[{"$f":"IFERROR(LEFT(D2601,SEARCH(\".\",D2601)-1),\"\")","v":"19"},{"$f":"IFERROR(LEFT(RIGHT(D2601,LEN(D2601)-SEARCH(\".\",D2601)),SEARCH(\".\",RIGHT(D2601,LEN(D2601)-SEARCH(\".\",D2601)))-1),\"\")","v":"6"},{"$f":"IFERROR(IF(LEN(D2601)-LEN(SUBSTITUTE(D2601,\".\",\"\"))<>3,\"\",MID(D2601,SEARCH(\".\",D2601,SEARCH(\".\",D2601)+1)+1,LEN(D2601)-SEARCH(\".\",D2601,SEARCH(\".\",D2601)+1)-(LEN(D2601)-(SEARCH(\".\",D2601,SEARCH(\".\",D2601,SEARCH(\".\",D2601)+1)+1)-1)))),\"\")","v":""},"19.6.1",{"$f":"IF($G2601=\"SINAPI\",VLOOKUP($F2601,DADOS_SINAPI,2,0),IF(G2601=\"SETOP\",VLOOKUP($F2601,DADOS_SETOP,2,0),IF(G2601=\"CPU\",VLOOKUP($F2601,DADOS_COMPOSICAO,2,0),IF(G2601=\"SICRO\",VLOOKUP($F2601,DADOS_SICRO,2,0),IF(G2601=\"SUDECAP\",VLOOKUP(F2601,DADOS_SUDECAP,2,0),IF(G2601=\"COTAÇÃO\",VLOOKUP($F2601,DADOS_COTACAO,2,0),\"\"))))))","v":"CAIXA DE PASSAGEM EM CHAPA DE AÇO, EMBUTIR 230 X 230 X 102 MM"},"ED-49149","SETOP",{"$f":"IF(G2601=\"SINAPI\",VLOOKUP($F2601,DADOS_SINAPI,3,0),IF(G2601=\"SETOP\",VLOOKUP($F2601,DADOS_SETOP,3,0),IF(G2601=\"CPU\",VLOOKUP($F2601,DADOS_COMPOSICAO,10,0),IF(G2601=\"SICRO\",VLOOKUP($F2601,DADOS_SICRO,3,0),IF(G2601=\"SUDECAP\",VLOOKUP(F2601,DADOS_SUDECAP,3,0),IF(G2601=\"COTAÇÃO\",VLOOKUP($F2601,DADOS_COTACAO,9,0),\"\"))))))","v":"un"},{"$f":"F2604","v":15},{"$f":"IF(G2601=\"SINAPI\",VLOOKUP($F2601,DADOS_SINAPI,4,0),IF(G2601=\"SETOP\",VLOOKUP($F2601,DADOS_SETOP,4,0),IF(G2601=\"CPU\",VLOOKUP($F2601,DADOS_COMPOSICAO,13,0),IF(G2601=\"SICRO\",VLOOKUP($F2601,DADOS_SICRO,4,0),IF(G2601=\"SUDECAP\",VLOOKUP(F2601,DADOS_SUDECAP,4,0),IF(G2601=\"COTAÇÃO\",VLOOKUP(F2601,DADOS_COTACAO,12,0),\"\"))))))","v":118.76},"BDI 1",{"$f":"TRUNC(J2601*(1+$N$17),2)","v":150.25},{"$f":"IFERROR(TRUNC(I2601*J2601,2),\"\")","v":1781.4},{"$f":"IFERROR(TRUNC(L2601*I2601,2),\"\")","v":2253.75}]
[2000]
[2000,null,null,null,"QUANTIDADE",15,"u"]
[2000,null,null,null,"Total",{"$f":"F2603","v":15},"u"]
[2000]
[null,null,null,"19.7","DISPOSITIVO ELÉTRICO - EMBUTIDO",null,null,null,null,null,null,null,{"$f":"IFERROR(SUMIFS(M:M,A:A,LEFT(D2606,SEARCH(\".\",D2606)-1),B:B,RIGHT(D2606,LEN(D2606)-SEARCH(\".\",D2606))),\"\")","v":25.11},{"$f":"IFERROR(SUMIFS(N:N,A:A,LEFT(D2606,SEARCH(\".\",D2606)-1),B:B,RIGHT(D2606,LEN(D2606)-SEARCH(\".\",D2606))),\"\")","v":31.76}]
[{"$f":"IFERROR(LEFT(D2607,SEARCH(\".\",D2607)-1),\"\")","v":"19"},{"$f":"IFERROR(LEFT(RIGHT(D2607,LEN(D2607)-SEARCH(\".\",D2607)),SEARCH(\".\",RIGHT(D2607,LEN(D2607)-SEARCH(\".\",D2607)))-1),\"\")","v":"7"},{"$f":"IFERROR(IF(LEN(D2607)-LEN(SUBSTITUTE(D2607,\".\",\"\"))<>3,\"\",MID(D2607,SEARCH(\".\",D2607,SEARCH(\".\",D2607)+1)+1,LEN(D2607)-SEARCH(\".\",D2607,SEARCH(\".\",D2607)+1)-(LEN(D2607)-(SEARCH(\".\",D2607,SEARCH(\".\",D2607,SEARCH(\".\",D2607)+1)+1)-1)))),\"\")","v":""},"19.7.1",{"$f":"IF($G2607=\"SINAPI\",VLOOKUP($F2607,DADOS_SINAPI,2,0),IF(G2607=\"SETOP\",VLOOKUP($F2607,DADOS_SETOP,2,0),IF(G2607=\"CPU\",VLOOKUP($F2607,DADOS_COMPOSICAO,2,0),IF(G2607=\"SICRO\",VLOOKUP($F2607,DADOS_SICRO,2,0),IF(G2607=\"SUDECAP\",VLOOKUP(F2607,DADOS_SUDECAP,2,0),IF(G2607=\"COTAÇÃO\",VLOOKUP($F2607,DADOS_COTACAO,2,0),\"\"))))))","v":"PLACA 4X4 \" COM FURO"},"COT-DAD-004","COTAÇÃO",{"$f":"IF(G2607=\"SINAPI\",VLOOKUP($F2607,DADOS_SINAPI,3,0),IF(G2607=\"SETOP\",VLOOKUP($F2607,DADOS_SETOP,3,0),IF(G2607=\"CPU\",VLOOKUP($F2607,DADOS_COMPOSICAO,10,0),IF(G2607=\"SICRO\",VLOOKUP($F2607,DADOS_SICRO,3,0),IF(G2607=\"SUDECAP\",VLOOKUP(F2607,DADOS_SUDECAP,3,0),IF(G2607=\"COTAÇÃO\",VLOOKUP($F2607,DADOS_COTACAO,9,0),\"\"))))))","v":"UN "},{"$f":"F2610","v":1},{"$f":"IF(G2607=\"SINAPI\",VLOOKUP($F2607,DADOS_SINAPI,4,0),IF(G2607=\"SETOP\",VLOOKUP($F2607,DADOS_SETOP,4,0),IF(G2607=\"CPU\",VLOOKUP($F2607,DADOS_COMPOSICAO,13,0),IF(G2607=\"SICRO\",VLOOKUP($F2607,DADOS_SICRO,4,0),IF(G2607=\"SUDECAP\",VLOOKUP(F2607,DADOS_SUDECAP,4,0),IF(G2607=\"COTAÇÃO\",VLOOKUP(F2607,DADOS_COTACAO,12,0),\"\"))))))","v":25.11},"BDI 1",{"$f":"TRUNC(J2607*(1+$N$17),2)","v":31.76},{"$f":"IFERROR(TRUNC(I2607*J2607,2),\"\")","v":25.11},{"$f":"IFERROR(TRUNC(L2607*I2607,2),\"\")","v":31.76}]
[2000]
[2000,null,null,null,"QUANTIDADE",1,"u"]
[2000,null,null,null,"Total",{"$f":"F2609","v":1},"u"]
[2000]
[null,null,null,"19.8","DISPOSITIVO LÓGICA - EMBUTIR ",null,null,null,null,null,null,null,{"$f":"IFERROR(SUMIFS(M:M,A:A,LEFT(D2612,SEARCH(\".\",D2612)-1),B:B,RIGHT(D2612,LEN(D2612)-SEARCH(\".\",D2612))),\"\")","v":4394.84},{"$f":"IFERROR(SUMIFS(N:N,A:A,LEFT(D2612,SEARCH(\".\",D2612)-1),B:B,RIGHT(D2612,LEN(D2612)-SEARCH(\".\",D2612))),\"\")","v":5560.19}]
[{"$f":"IFERROR(LEFT(D2613,SEARCH(\".\",D2613)-1),\"\")","v":"19"},{"$f":"IFERROR(LEFT(RIGHT(D2613,LEN(D2613)-SEARCH(\".\",D2613)),SEARCH(\".\",RIGHT(D2613,LEN(D2613)-SEARCH(\".\",D2613)))-1),\"\")","v":"8"},{"$f":"IFERROR(IF(LEN(D2613)-LEN(SUBSTITUTE(D2613,\".\",\"\"))<>3,\"\",MID(D2613,SEARCH(\".\",D2613,SEARCH(\".\",D2613)+1)+1,LEN(D2613)-SEARCH(\".\",D2613,SEARCH(\".\",D2613)+1)-(LEN(D2613)-(SEARCH(\".\",D2613,SEARCH(\".\",D2613,SEARCH(\".\",D2613)+1)+1)-1)))),\"\")","v":""},"19.8.1",{"$f":"IF($G2613=\"SINAPI\",VLOOKUP($F2613,DADOS_SINAPI,2,0),IF(G2613=\"SETOP\",VLOOKUP($F2613,DADOS_SETOP,2,0),IF(G2613=\"CPU\",VLOOKUP($F2613,DADOS_COMPOSICAO,2,0),IF(G2613=\"SICRO\",VLOOKUP($F2613,DADOS_SICRO,2,0),IF(G2613=\"SUDECAP\",VLOOKUP(F2613,DADOS_SUDECAP,2,0),IF(G2613=\"COTAÇÃO\",VLOOKUP($F2613,DADOS_COTACAO,2,0),\"\"))))))","v":"CAMERA POE"},"COT-DAD-009","COTAÇÃO",{"$f":"IF(G2613=\"SINAPI\",VLOOKUP($F2613,DADOS_SINAPI,3,0),IF(G2613=\"SETOP\",VLOOKUP($F2613,DADOS_SETOP,3,0),IF(G2613=\"CPU\",VLOOKUP($F2613,DADOS_COMPOSICAO,10,0),IF(G2613=\"SICRO\",VLOOKUP($F2613,DADOS_SICRO,3,0),IF(G2613=\"SUDECAP\",VLOOKUP(F2613,DADOS_SUDECAP,3,0),IF(G2613=\"COTAÇÃO\",VLOOKUP($F2613,DADOS_COTACAO,9,0),\"\"))))))","v":"UN "},{"$f":"F2616","v":17},{"$f":"IF(G2613=\"SINAPI\",VLOOKUP($F2613,DADOS_SINAPI,4,0),IF(G2613=\"SETOP\",VLOOKUP($F2613,DADOS_SETOP,4,0),IF(G2613=\"CPU\",VLOOKUP($F2613,DADOS_COMPOSICAO,13,0),IF(G2613=\"SICRO\",VLOOKUP($F2613,DADOS_SICRO,4,0),IF(G2613=\"SUDECAP\",VLOOKUP(F2613,DADOS_SUDECAP,4,0),IF(G2613=\"COTAÇÃO\",VLOOKUP(F2613,DADOS_COTACAO,12,0),\"\"))))))","v":258.52},"BDI 1",{"$f":"TRUNC(J2613*(1+$N$17),2)","v":327.07},{"$f":"IFERROR(TRUNC(I2613*J2613,2),\"\")","v":4394.84},{"$f":"IFERROR(TRUNC(L2613*I2613,2),\"\")","v":5560.19}]
[2000]
[2000,null,null,null,"QUANTIDADE",17,"u"]
[2000,null,null,null,"Total",{"$f":"F2615","v":17},"u"]
[2000]
[null,null,null,"19.9","DISPOSITIVO DE CABEAMENTO EMBUTIDO",null,null,null,null,null,null,null,{"$f":"IFERROR(SUMIFS(M:M,A:A,LEFT(D2618,SEARCH(\".\",D2618)-1),B:B,RIGHT(D2618,LEN(D2618)-SEARCH(\".\",D2618))),\"\")","v":5316.1},{"$f":"IFERROR(SUMIFS(N:N,A:A,LEFT(D2618,SEARCH(\".\",D2618)-1),B:B,RIGHT(D2618,LEN(D2618)-SEARCH(\".\",D2618))),\"\")","v":6725.4400000000005}]
[{"$f":"IFERROR(LEFT(D2619,SEARCH(\".\",D2619)-1),\"\")","v":"19"},{"$f":"IFERROR(LEFT(RIGHT(D2619,LEN(D2619)-SEARCH(\".\",D2619)),SEARCH(\".\",RIGHT(D2619,LEN(D2619)-SEARCH(\".\",D2619)))-1),\"\")","v":"9"},{"$f":"IFERROR(IF(LEN(D2619)-LEN(SUBSTITUTE(D2619,\".\",\"\"))<>3,\"\",MID(D2619,SEARCH(\".\",D2619,SEARCH(\".\",D2619)+1)+1,LEN(D2619)-SEARCH(\".\",D2619,SEARCH(\".\",D2619)+1)-(LEN(D2619)-(SEARCH(\".\",D2619,SEARCH(\".\",D2619,SEARCH(\".\",D2619)+1)+1)-1)))),\"\")","v":""},"19.9.1",{"$f":"IF($G2619=\"SINAPI\",VLOOKUP($F2619,DADOS_SINAPI,2,0),IF(G2619=\"SETOP\",VLOOKUP($F2619,DADOS_SETOP,2,0),IF(G2619=\"CPU\",VLOOKUP($F2619,DADOS_COMPOSICAO,2,0),IF(G2619=\"SICRO\",VLOOKUP($F2619,DADOS_SICRO,2,0),IF(G2619=\"SUDECAP\",VLOOKUP(F2619,DADOS_SUDECAP,2,0),IF(G2619=\"COTAÇÃO\",VLOOKUP($F2619,DADOS_COTACAO,2,0),\"\"))))))","v":"CONJUNTO DE UMA (1) TOMADA DE DADOS (CONECTOR RJ45 CAT.6E), COM PLACA 4\"X2\" DE UM (1) POSTO, INCLUSIVE FORNECIMENTO, INSTALAÇÃO, SUPORTE, MÓDULO E PLACA"},"ED-15752","SETOP",{"$f":"IF(G2619=\"SINAPI\",VLOOKUP($F2619,DADOS_SINAPI,3,0),IF(G2619=\"SETOP\",VLOOKUP($F2619,DADOS_SETOP,3,0),IF(G2619=\"CPU\",VLOOKUP($F2619,DADOS_COMPOSICAO,10,0),IF(G2619=\"SICRO\",VLOOKUP($F2619,DADOS_SICRO,3,0),IF(G2619=\"SUDECAP\",VLOOKUP(F2619,DADOS_SUDECAP,3,0),IF(G2619=\"COTAÇÃO\",VLOOKUP($F2619,DADOS_COTACAO,9,0),\"\"))))))","v":"un"},{"$f":"F2622","v":23},{"$f":"IF(G2619=\"SINAPI\",VLOOKUP($F2619,DADOS_SINAPI,4,0),IF(G2619=\"SETOP\",VLOOKUP($F2619,DADOS_SETOP,4,0),IF(G2619=\"CPU\",VLOOKUP($F2619,DADOS_COMPOSICAO,13,0),IF(G2619=\"SICRO\",VLOOKUP($F2619,DADOS_SICRO,4,0),IF(G2619=\"SUDECAP\",VLOOKUP(F2619,DADOS_SUDECAP,4,0),IF(G2619=\"COTAÇÃO\",VLOOKUP(F2619,DADOS_COTACAO,12,0),\"\"))))))","v":37.659999999999997},"BDI 1",{"$f":"TRUNC(J2619*(1+$N$17),2)","v":47.64},{"$f":"IFERROR(TRUNC(I2619*J2619,2),\"\")","v":866.18},{"$f":"IFERROR(TRUNC(L2619*I2619,2),\"\")","v":1095.72}]
[2000]
[2000,null,null,null,"QUANTIDADE",23,"u"]
[2000,null,null,null,"Total",{"$f":"F2621","v":23},"u"]
[2000]
[{"$f":"IFERROR(LEFT(D2624,SEARCH(\".\",D2624)-1),\"\")","v":"19"},{"$f":"IFERROR(LEFT(RIGHT(D2624,LEN(D2624)-SEARCH(\".\",D2624)),SEARCH(\".\",RIGHT(D2624,LEN(D2624)-SEARCH(\".\",D2624)))-1),\"\")","v":"9"},{"$f":"IFERROR(IF(LEN(D2624)-LEN(SUBSTITUTE(D2624,\".\",\"\"))<>3,\"\",MID(D2624,SEARCH(\".\",D2624,SEARCH(\".\",D2624)+1)+1,LEN(D2624)-SEARCH(\".\",D2624,SEARCH(\".\",D2624)+1)-(LEN(D2624)-(SEARCH(\".\",D2624,SEARCH(\".\",D2624,SEARCH(\".\",D2624)+1)+1)-1)))),\"\")","v":""},"19.9.2",{"$f":"IF($G2624=\"SINAPI\",VLOOKUP($F2624,DADOS_SINAPI,2,0),IF(G2624=\"SETOP\",VLOOKUP($F2624,DADOS_SETOP,2,0),IF(G2624=\"CPU\",VLOOKUP($F2624,DADOS_COMPOSICAO,2,0),IF(G2624=\"SICRO\",VLOOKUP($F2624,DADOS_SICRO,2,0),IF(G2624=\"SUDECAP\",VLOOKUP(F2624,DADOS_SUDECAP,2,0),IF(G2624=\"COTAÇÃO\",VLOOKUP($F2624,DADOS_COTACAO,2,0),\"\"))))))","v":"CONJUNTO DE DUAS (2) TOMADAS DE DADOS (CONECTOR RJ45 CAT.6E), COM PLACA 4\"X2\" DE DOIS (2) POSTOS, INCLUSIVE FORNECIMENTO, INSTALAÇÃO, SUPORTE, MÓDULO E PLACA"},"ED-15762","SETOP",{"$f":"IF(G2624=\"SINAPI\",VLOOKUP($F2624,DADOS_SINAPI,3,0),IF(G2624=\"SETOP\",VLOOKUP($F2624,DADOS_SETOP,3,0),IF(G2624=\"CPU\",VLOOKUP($F2624,DADOS_COMPOSICAO,10,0),IF(G2624=\"SICRO\",VLOOKUP($F2624,DADOS_SICRO,3,0),IF(G2624=\"SUDECAP\",VLOOKUP(F2624,DADOS_SUDECAP,3,0),IF(G2624=\"COTAÇÃO\",VLOOKUP($F2624,DADOS_COTACAO,9,0),\"\"))))))","v":"un"},{"$f":"F2627","v":68},{"$f":"IF(G2624=\"SINAPI\",VLOOKUP($F2624,DADOS_SINAPI,4,0),IF(G2624=\"SETOP\",VLOOKUP($F2624,DADOS_SETOP,4,0),IF(G2624=\"CPU\",VLOOKUP($F2624,DADOS_COMPOSICAO,13,0),IF(G2624=\"SICRO\",VLOOKUP($F2624,DADOS_SICRO,4,0),IF(G2624=\"SUDECAP\",VLOOKUP(F2624,DADOS_SUDECAP,4,0),IF(G2624=\"COTAÇÃO\",VLOOKUP(F2624,DADOS_COTACAO,12,0),\"\"))))))","v":65.44},"BDI 1",{"$f":"TRUNC(J2624*(1+$N$17),2)","v":82.79},{"$f":"IFERROR(TRUNC(I2624*J2624,2),\"\")","v":4449.92},{"$f":"IFERROR(TRUNC(L2624*I2624,2),\"\")","v":5629.72}]
[2000]
[2000,null,null,null,"QUANTIDADE",68,"u"]
[2000,null,null,null,"Total",{"$f":"F2626","v":68},"u"]
[2000]
[null,null,null,"19.10","ELETRODUTO",null,null,null,null,null,null,null,{"$f":"IFERROR(SUMIFS(M:M,A:A,LEFT(D2629,SEARCH(\".\",D2629)-1),B:B,RIGHT(D2629,LEN(D2629)-SEARCH(\".\",D2629))),\"\")","v":8101.02},{"$f":"IFERROR(SUMIFS(N:N,A:A,LEFT(D2629,SEARCH(\".\",D2629)-1),B:B,RIGHT(D2629,LEN(D2629)-SEARCH(\".\",D2629))),\"\")","v":10243.869999999999}]
[{"$f":"IFERROR(LEFT(D2630,SEARCH(\".\",D2630)-1),\"\")","v":"19"},{"$f":"IFERROR(LEFT(RIGHT(D2630,LEN(D2630)-SEARCH(\".\",D2630)),SEARCH(\".\",RIGHT(D2630,LEN(D2630)-SEARCH(\".\",D2630)))-1),\"\")","v":"10"},{"$f":"IFERROR(IF(LEN(D2630)-LEN(SUBSTITUTE(D2630,\".\",\"\"))<>3,\"\",MID(D2630,SEARCH(\".\",D2630,SEARCH(\".\",D2630)+1)+1,LEN(D2630)-SEARCH(\".\",D2630,SEARCH(\".\",D2630)+1)-(LEN(D2630)-(SEARCH(\".\",D2630,SEARCH(\".\",D2630,SEARCH(\".\",D2630)+1)+1)-1)))),\"\")","v":""},"19.10.1",{"$f":"IF($G2630=\"SINAPI\",VLOOKUP($F2630,DADOS_SINAPI,2,0),IF(G2630=\"SETOP\",VLOOKUP($F2630,DADOS_SETOP,2,0),IF(G2630=\"CPU\",VLOOKUP($F2630,DADOS_COMPOSICAO,2,0),IF(G2630=\"SICRO\",VLOOKUP($F2630,DADOS_SICRO,2,0),IF(G2630=\"SUDECAP\",VLOOKUP(F2630,DADOS_SUDECAP,2,0),IF(G2630=\"COTAÇÃO\",VLOOKUP($F2630,DADOS_COTACAO,2,0),\"\"))))))","v":"ELETRODUTO FLEXÍVEL CORRUGADO, PVC, DN 25 MM (3/4\"), PARA CIRCUITOS TERMINAIS, INSTALADO EM LAJE - FORNECIMENTO E INSTALAÇÃO. AF_03/2023"},91844,"SINAPI",{"$f":"IF(G2630=\"SINAPI\",VLOOKUP($F2630,DADOS_SINAPI,3,0),IF(G2630=\"SETOP\",VLOOKUP($F2630,DADOS_SETOP,3,0),IF(G2630=\"CPU\",VLOOKUP($F2630,DADOS_COMPOSICAO,10,0),IF(G2630=\"SICRO\",VLOOKUP($F2630,DADOS_SICRO,3,0),IF(G2630=\"SUDECAP\",VLOOKUP(F2630,DADOS_SUDECAP,3,0),IF(G2630=\"COTAÇÃO\",VLOOKUP($F2630,DADOS_COTACAO,9,0),\"\"))))))","v":"M"},{"$f":"F2633","v":486.47},{"$f":"IF(G2630=\"SINAPI\",VLOOKUP($F2630,DADOS_SINAPI,4,0),IF(G2630=\"SETOP\",VLOOKUP($F2630,DADOS_SETOP,4,0),IF(G2630=\"CPU\",VLOOKUP($F2630,DADOS_COMPOSICAO,13,0),IF(G2630=\"SICRO\",VLOOKUP($F2630,DADOS_SICRO,4,0),IF(G2630=\"SUDECAP\",VLOOKUP(F2630,DADOS_SUDECAP,4,0),IF(G2630=\"COTAÇÃO\",VLOOKUP(F2630,DADOS_COTACAO,12,0),\"\"))))))","v":6.35},"BDI 1",{"$f":"TRUNC(J2630*(1+$N$17),2)","v":8.0299999999999994},{"$f":"IFERROR(TRUNC(I2630*J2630,2),\"\")","v":3089.08},{"$f":"IFERROR(TRUNC(L2630*I2630,2),\"\")","v":3906.35}]
[2000]
[2000,null,null,null,"QUANTIDADE",486.47,"m"]
[2000,null,null,null,"Total",{"$f":"F2632","v":486.47},"m"]
[2000]
[{"$f":"IFERROR(LEFT(D2635,SEARCH(\".\",D2635)-1),\"\")","v":"19"},{"$f":"IFERROR(LEFT(RIGHT(D2635,LEN(D2635)-SEARCH(\".\",D2635)),SEARCH(\".\",RIGHT(D2635,LEN(D2635)-SEARCH(\".\",D2635)))-1),\"\")","v":"10"},{"$f":"IFERROR(IF(LEN(D2635)-LEN(SUBSTITUTE(D2635,\".\",\"\"))<>3,\"\",MID(D2635,SEARCH(\".\",D2635,SEARCH(\".\",D2635)+1)+1,LEN(D2635)-SEARCH(\".\",D2635,SEARCH(\".\",D2635)+1)-(LEN(D2635)-(SEARCH(\".\",D2635,SEARCH(\".\",D2635,SEARCH(\".\",D2635)+1)+1)-1)))),\"\")","v":""},"19.10.2",{"$f":"IF($G2635=\"SINAPI\",VLOOKUP($F2635,DADOS_SINAPI,2,0),IF(G2635=\"SETOP\",VLOOKUP($F2635,DADOS_SETOP,2,0),IF(G2635=\"CPU\",VLOOKUP($F2635,DADOS_COMPOSICAO,2,0),IF(G2635=\"SICRO\",VLOOKUP($F2635,DADOS_SICRO,2,0),IF(G2635=\"SUDECAP\",VLOOKUP(F2635,DADOS_SUDECAP,2,0),IF(G2635=\"COTAÇÃO\",VLOOKUP($F2635,DADOS_COTACAO,2,0),\"\"))))))","v":"ELETRODUTO FLEXÍVEL CORRUGADO, PVC, DN 32 MM (1\"), PARA CIRCUITOS TERMINAIS, INSTALADO EM LAJE - FORNECIMENTO E INSTALAÇÃO. AF_03/2023"},91846,"SINAPI",{"$f":"IF(G2635=\"SINAPI\",VLOOKUP($F2635,DADOS_SINAPI,3,0),IF(G2635=\"SETOP\",VLOOKUP($F2635,DADOS_SETOP,3,0),IF(G2635=\"CPU\",VLOOKUP($F2635,DADOS_COMPOSICAO,10,0),IF(G2635=\"SICRO\",VLOOKUP($F2635,DADOS_SICRO,3,0),IF(G2635=\"SUDECAP\",VLOOKUP(F2635,DADOS_SUDECAP,3,0),IF(G2635=\"COTAÇÃO\",VLOOKUP($F2635,DADOS_COTACAO,9,0),\"\"))))))","v":"M"},{"$f":"F2638","v":437.83},{"$f":"IF(G2635=\"SINAPI\",VLOOKUP($F2635,DADOS_SINAPI,4,0),IF(G2635=\"SETOP\",VLOOKUP($F2635,DADOS_SETOP,4,0),IF(G2635=\"CPU\",VLOOKUP($F2635,DADOS_COMPOSICAO,13,0),IF(G2635=\"SICRO\",VLOOKUP($F2635,DADOS_SICRO,4,0),IF(G2635=\"SUDECAP\",VLOOKUP(F2635,DADOS_SUDECAP,4,0),IF(G2635=\"COTAÇÃO\",VLOOKUP(F2635,DADOS_COTACAO,12,0),\"\"))))))","v":9.26},"BDI 1",{"$f":"TRUNC(J2635*(1+$N$17),2)","v":11.71},{"$f":"IFERROR(TRUNC(I2635*J2635,2),\"\")","v":4054.3},{"$f":"IFERROR(TRUNC(L2635*I2635,2),\"\")","v":5126.9799999999996}]
[2000]
[2000,null,null,null,"QUANTIDADE",437.83,"m"]
[2000,null,null,null,"Total",{"$f":"F2637","v":437.83},"m"]
[2000]
[{"$f":"IFERROR(LEFT(D2640,SEARCH(\".\",D2640)-1),\"\")","v":"19"},{"$f":"IFERROR(LEFT(RIGHT(D2640,LEN(D2640)-SEARCH(\".\",D2640)),SEARCH(\".\",RIGHT(D2640,LEN(D2640)-SEARCH(\".\",D2640)))-1),\"\")","v":"10"},{"$f":"IFERROR(IF(LEN(D2640)-LEN(SUBSTITUTE(D2640,\".\",\"\"))<>3,\"\",MID(D2640,SEARCH(\".\",D2640,SEARCH(\".\",D2640)+1)+1,LEN(D2640)-SEARCH(\".\",D2640,SEARCH(\".\",D2640)+1)-(LEN(D2640)-(SEARCH(\".\",D2640,SEARCH(\".\",D2640,SEARCH(\".\",D2640)+1)+1)-1)))),\"\")","v":""},"19.10.3",{"$f":"IF($G2640=\"SINAPI\",VLOOKUP($F2640,DADOS_SINAPI,2,0),IF(G2640=\"SETOP\",VLOOKUP($F2640,DADOS_SETOP,2,0),IF(G2640=\"CPU\",VLOOKUP($F2640,DADOS_COMPOSICAO,2,0),IF(G2640=\"SICRO\",VLOOKUP($F2640,DADOS_SICRO,2,0),IF(G2640=\"SUDECAP\",VLOOKUP(F2640,DADOS_SUDECAP,2,0),IF(G2640=\"COTAÇÃO\",VLOOKUP($F2640,DADOS_COTACAO,2,0),\"\"))))))","v":"ELETRODUTO FLEXÍVEL LISO, PEAD, DN 40 MM (1 1/4\"), PARA CIRCUITOS TERMINAIS, INSTALADO EM LAJE - FORNECIMENTO E INSTALAÇÃO. AF_03/2023"},91851,"SINAPI",{"$f":"IF(G2640=\"SINAPI\",VLOOKUP($F2640,DADOS_SINAPI,3,0),IF(G2640=\"SETOP\",VLOOKUP($F2640,DADOS_SETOP,3,0),IF(G2640=\"CPU\",VLOOKUP($F2640,DADOS_COMPOSICAO,10,0),IF(G2640=\"SICRO\",VLOOKUP($F2640,DADOS_SICRO,3,0),IF(G2640=\"SUDECAP\",VLOOKUP(F2640,DADOS_SUDECAP,3,0),IF(G2640=\"COTAÇÃO\",VLOOKUP($F2640,DADOS_COTACAO,9,0),\"\"))))))","v":"M"},{"$f":"F2643","v":112.4},{"$f":"IF(G2640=\"SINAPI\",VLOOKUP($F2640,DADOS_SINAPI,4,0),IF(G2640=\"SETOP\",VLOOKUP($F2640,DADOS_SETOP,4,0),IF(G2640=\"CPU\",VLOOKUP($F2640,DADOS_COMPOSICAO,13,0),IF(G2640=\"SICRO\",VLOOKUP($F2640,DADOS_SICRO,4,0),IF(G2640=\"SUDECAP\",VLOOKUP(F2640,DADOS_SUDECAP,4,0),IF(G2640=\"COTAÇÃO\",VLOOKUP(F2640,DADOS_COTACAO,12,0),\"\"))))))","v":8.52},"BDI 1",{"$f":"TRUNC(J2640*(1+$N$17),2)","v":10.77},{"$f":"IFERROR(TRUNC(I2640*J2640,2),\"\")","v":957.64},{"$f":"IFERROR(TRUNC(L2640*I2640,2),\"\")","v":1210.54}]
[2000]
[2000,null,null,null,"QUANTIDADE",112.4,"m"]
[2000,null,null,null,"Total",{"$f":"F2642","v":112.4},"m"]
[2000]
[2000,null,null,"19.11","RACK",null,null,null,null,null,null,null,{"$f":"IFERROR(SUMIFS(M:M,A:A,LEFT(D2645,SEARCH(\".\",D2645)-1),B:B,RIGHT(D2645,LEN(D2645)-SEARCH(\".\",D2645))),\"\")","v":3898.58},{"$f":"IFERROR(SUMIFS(N:N,A:A,LEFT(D2645,SEARCH(\".\",D2645)-1),B:B,RIGHT(D2645,LEN(D2645)-SEARCH(\".\",D2645))),\"\")","v":4932.4799999999996}]
[{"$f":"IFERROR(LEFT(D2646,SEARCH(\".\",D2646)-1),\"\")","v":"19"},{"$f":"IFERROR(LEFT(RIGHT(D2646,LEN(D2646)-SEARCH(\".\",D2646)),SEARCH(\".\",RIGHT(D2646,LEN(D2646)-SEARCH(\".\",D2646)))-1),\"\")","v":"11"},{"$f":"IFERROR(IF(LEN(D2646)-LEN(SUBSTITUTE(D2646,\".\",\"\"))<>3,\"\",MID(D2646,SEARCH(\".\",D2646,SEARCH(\".\",D2646)+1)+1,LEN(D2646)-SEARCH(\".\",D2646,SEARCH(\".\",D2646)+1)-(LEN(D2646)-(SEARCH(\".\",D2646,SEARCH(\".\",D2646,SEARCH(\".\",D2646)+1)+1)-1)))),\"\")","v":""},"19.11.4",{"$f":"VLOOKUP($F2646,DADOS_COTACAO,2,0)","v":"RACK - GABINETE 19\" -  24U"},"COT-DAD-006","COTAÇÃO",{"$f":"VLOOKUP($F2646,DADOS_COTACAO,9,0)","v":"UN "},{"$f":"F2649","v":2},{"$f":"VLOOKUP($F2646,DADOS_COTACAO,12,0)","v":1949.29},"BDI 1",{"$f":"TRUNC(J2646*(1+$N$17),2)","v":2466.2399999999998},{"$f":"IFERROR(TRUNC(I2646*J2646,2),\"\")","v":3898.58},{"$f":"IFERROR(TRUNC(L2646*I2646,2),\"\")","v":4932.4799999999996}]
[2000]
[2000,null,null,null,"QUANTIDADE",2,"u"]
[2000,null,null,null,"Total",{"$f":"F2648","v":2},"u"]
[2000]
[1000,null,null,20,"SISTEMA DE PROTEÇÃO CONTRA DESCARGAS ATMOSFÉRICAS",null,null,null,null,null,null,null,{"$f":"SUMIF(A:A,D2651,M:M)","v":33714.089999999997},{"$f":"SUMIF(A:A,D2651,N:N)","v":42649.520000000011}]
[null,null,null,"20.1","CAPTORES",null,null,null,null,null,null,null,{"$f":"IFERROR(SUMIFS(M:M,A:A,LEFT(D2652,SEARCH(\".\",D2652)-1),B:B,RIGHT(D2652,LEN(D2652)-SEARCH(\".\",D2652))),\"\")","v":4912.12},{"$f":"IFERROR(SUMIFS(N:N,A:A,LEFT(D2652,SEARCH(\".\",D2652)-1),B:B,RIGHT(D2652,LEN(D2652)-SEARCH(\".\",D2652))),\"\")","v":6214.1100000000006}]
[{"$f":"IFERROR(LEFT(D2653,SEARCH(\".\",D2653)-1),\"\")","v":"20"},{"$f":"IFERROR(LEFT(RIGHT(D2653,LEN(D2653)-SEARCH(\".\",D2653)),SEARCH(\".\",RIGHT(D2653,LEN(D2653)-SEARCH(\".\",D2653)))-1),\"\")","v":"1"},{"$f":"IFERROR(IF(LEN(D2653)-LEN(SUBSTITUTE(D2653,\".\",\"\"))<>3,\"\",MID(D2653,SEARCH(\".\",D2653,SEARCH(\".\",D2653)+1)+1,LEN(D2653)-SEARCH(\".\",D2653,SEARCH(\".\",D2653)+1)-(LEN(D2653)-(SEARCH(\".\",D2653,SEARCH(\".\",D2653,SEARCH(\".\",D2653)+1)+1)-1)))),\"\")","v":""},"20.1.1",{"$f":"IF($G2653=\"SINAPI\",VLOOKUP($F2653,DADOS_SINAPI,2,0),IF(G2653=\"SETOP\",VLOOKUP($F2653,DADOS_SETOP,2,0),IF(G2653=\"CPU\",VLOOKUP($F2653,DADOS_COMPOSICAO,2,0),IF(G2653=\"SICRO\",VLOOKUP($F2653,DADOS_SICRO,2,0),IF(G2653=\"SUDECAP\",VLOOKUP(F2653,DADOS_SUDECAP,2,0),IF(G2653=\"COTAÇÃO\",VLOOKUP($F2653,DADOS_COTACAO,2,0),\"\"))))))","v":"CAPTOR TIPO FRANKLIN PARA SPDA - FORNECIMENTO E INSTALAÇÃO. AF_12/2017"},96989,"SINAPI",{"$f":"IF(G2653=\"SINAPI\",VLOOKUP($F2653,DADOS_SINAPI,3,0),IF(G2653=\"SETOP\",VLOOKUP($F2653,DADOS_SETOP,3,0),IF(G2653=\"CPU\",VLOOKUP($F2653,DADOS_COMPOSICAO,10,0),IF(G2653=\"SICRO\",VLOOKUP($F2653,DADOS_SICRO,3,0),IF(G2653=\"SUDECAP\",VLOOKUP(F2653,DADOS_SUDECAP,3,0),IF(G2653=\"COTAÇÃO\",VLOOKUP($F2653,DADOS_COTACAO,9,0),\"\"))))))","v":"UN"},{"$f":"F2655","v":7},{"$f":"IF(G2653=\"SINAPI\",VLOOKUP($F2653,DADOS_SINAPI,4,0),IF(G2653=\"SETOP\",VLOOKUP($F2653,DADOS_SETOP,4,0),IF(G2653=\"CPU\",VLOOKUP($F2653,DADOS_COMPOSICAO,13,0),IF(G2653=\"SICRO\",VLOOKUP($F2653,DADOS_SICRO,4,0),IF(G2653=\"SUDECAP\",VLOOKUP(F2653,DADOS_SUDECAP,4,0),IF(G2653=\"COTAÇÃO\",VLOOKUP(F2653,DADOS_COTACAO,12,0),\"\"))))))","v":136},"BDI 1",{"$f":"TRUNC(J2653*(1+$N$17),2)","v":172.06},{"$f":"IFERROR(TRUNC(I2653*J2653,2),\"\")","v":952},{"$f":"IFERROR(TRUNC(L2653*I2653,2),\"\")","v":1204.42}]
[2000]
[2000,null,null,null,"Quantidade",7,"un"]
[2000]
[{"$f":"IFERROR(LEFT(D2657,SEARCH(\".\",D2657)-1),\"\")","v":"20"},{"$f":"IFERROR(LEFT(RIGHT(D2657,LEN(D2657)-SEARCH(\".\",D2657)),SEARCH(\".\",RIGHT(D2657,LEN(D2657)-SEARCH(\".\",D2657)))-1),\"\")","v":"1"},{"$f":"IFERROR(IF(LEN(D2657)-LEN(SUBSTITUTE(D2657,\".\",\"\"))<>3,\"\",MID(D2657,SEARCH(\".\",D2657,SEARCH(\".\",D2657)+1)+1,LEN(D2657)-SEARCH(\".\",D2657,SEARCH(\".\",D2657)+1)-(LEN(D2657)-(SEARCH(\".\",D2657,SEARCH(\".\",D2657,SEARCH(\".\",D2657)+1)+1)-1)))),\"\")","v":""},"20.1.2",{"$f":"IF($G2657=\"SINAPI\",VLOOKUP($F2657,DADOS_SINAPI,2,0),IF(G2657=\"SETOP\",VLOOKUP($F2657,DADOS_SETOP,2,0),IF(G2657=\"CPU\",VLOOKUP($F2657,DADOS_COMPOSICAO,2,0),IF(G2657=\"SICRO\",VLOOKUP($F2657,DADOS_SICRO,2,0),IF(G2657=\"SUDECAP\",VLOOKUP(F2657,DADOS_SUDECAP,2,0),IF(G2657=\"COTAÇÃO\",VLOOKUP($F2657,DADOS_COTACAO,2,0),\"\"))))))","v":"MASTRO 1 ½  PARA SPDA - FORNECIMENTO E INSTALAÇÃO. AF_12/2017"},96988,"SINAPI",{"$f":"IF(G2657=\"SINAPI\",VLOOKUP($F2657,DADOS_SINAPI,3,0),IF(G2657=\"SETOP\",VLOOKUP($F2657,DADOS_SETOP,3,0),IF(G2657=\"CPU\",VLOOKUP($F2657,DADOS_COMPOSICAO,10,0),IF(G2657=\"SICRO\",VLOOKUP($F2657,DADOS_SICRO,3,0),IF(G2657=\"SUDECAP\",VLOOKUP(F2657,DADOS_SUDECAP,3,0),IF(G2657=\"COTAÇÃO\",VLOOKUP($F2657,DADOS_COTACAO,9,0),\"\"))))))","v":"UN"},{"$f":"F2659","v":7},{"$f":"IF(G2657=\"SINAPI\",VLOOKUP($F2657,DADOS_SINAPI,4,0),IF(G2657=\"SETOP\",VLOOKUP($F2657,DADOS_SETOP,4,0),IF(G2657=\"CPU\",VLOOKUP($F2657,DADOS_COMPOSICAO,13,0),IF(G2657=\"SICRO\",VLOOKUP($F2657,DADOS_SICRO,4,0),IF(G2657=\"SUDECAP\",VLOOKUP(F2657,DADOS_SUDECAP,4,0),IF(G2657=\"COTAÇÃO\",VLOOKUP(F2657,DADOS_COTACAO,12,0),\"\"))))))","v":162.47},"BDI 1",{"$f":"TRUNC(J2657*(1+$N$17),2)","v":205.55},{"$f":"IFERROR(TRUNC(I2657*J2657,2),\"\")","v":1137.29},{"$f":"IFERROR(TRUNC(L2657*I2657,2),\"\")","v":1438.85}]
[2000]
[2000,null,null,null,"Quantidade",7,"un"]
[2000]
[{"$f":"IFERROR(LEFT(D2661,SEARCH(\".\",D2661)-1),\"\")","v":"20"},{"$f":"IFERROR(LEFT(RIGHT(D2661,LEN(D2661)-SEARCH(\".\",D2661)),SEARCH(\".\",RIGHT(D2661,LEN(D2661)-SEARCH(\".\",D2661)))-1),\"\")","v":"1"},{"$f":"IFERROR(IF(LEN(D2661)-LEN(SUBSTITUTE(D2661,\".\",\"\"))<>3,\"\",MID(D2661,SEARCH(\".\",D2661,SEARCH(\".\",D2661)+1)+1,LEN(D2661)-SEARCH(\".\",D2661,SEARCH(\".\",D2661)+1)-(LEN(D2661)-(SEARCH(\".\",D2661,SEARCH(\".\",D2661,SEARCH(\".\",D2661)+1)+1)-1)))),\"\")","v":""},"20.1.3",{"$f":"IF($G2661=\"SINAPI\",VLOOKUP($F2661,DADOS_SINAPI,2,0),IF(G2661=\"SETOP\",VLOOKUP($F2661,DADOS_SETOP,2,0),IF(G2661=\"CPU\",VLOOKUP($F2661,DADOS_COMPOSICAO,2,0),IF(G2661=\"SICRO\",VLOOKUP($F2661,DADOS_SICRO,2,0),IF(G2661=\"SUDECAP\",VLOOKUP(F2661,DADOS_SUDECAP,2,0),IF(G2661=\"COTAÇÃO\",VLOOKUP($F2661,DADOS_COTACAO,2,0),\"\"))))))","v":"BASE METÁLICA PARA MASTRO 1 ½  PARA SPDA - FORNECIMENTO E INSTALAÇÃO. AF_12/2017"},96987,"SINAPI",{"$f":"IF(G2661=\"SINAPI\",VLOOKUP($F2661,DADOS_SINAPI,3,0),IF(G2661=\"SETOP\",VLOOKUP($F2661,DADOS_SETOP,3,0),IF(G2661=\"CPU\",VLOOKUP($F2661,DADOS_COMPOSICAO,10,0),IF(G2661=\"SICRO\",VLOOKUP($F2661,DADOS_SICRO,3,0),IF(G2661=\"SUDECAP\",VLOOKUP(F2661,DADOS_SUDECAP,3,0),IF(G2661=\"COTAÇÃO\",VLOOKUP($F2661,DADOS_COTACAO,9,0),\"\"))))))","v":"UN"},{"$f":"F2663","v":7},{"$f":"IF(G2661=\"SINAPI\",VLOOKUP($F2661,DADOS_SINAPI,4,0),IF(G2661=\"SETOP\",VLOOKUP($F2661,DADOS_SETOP,4,0),IF(G2661=\"CPU\",VLOOKUP($F2661,DADOS_COMPOSICAO,13,0),IF(G2661=\"SICRO\",VLOOKUP($F2661,DADOS_SICRO,4,0),IF(G2661=\"SUDECAP\",VLOOKUP(F2661,DADOS_SUDECAP,4,0),IF(G2661=\"COTAÇÃO\",VLOOKUP(F2661,DADOS_COTACAO,12,0),\"\"))))))","v":103.29},"BDI 1",{"$f":"TRUNC(J2661*(1+$N$17),2)","v":130.68},{"$f":"IFERROR(TRUNC(I2661*J2661,2),\"\")","v":723.03},{"$f":"IFERROR(TRUNC(L2661*I2661,2),\"\")","v":914.76}]
[2000]
[2000,null,null,null,"Quantidade",7,"un"]
[2000]
[{"$f":"IFERROR(LEFT(D2665,SEARCH(\".\",D2665)-1),\"\")","v":"20"},{"$f":"IFERROR(LEFT(RIGHT(D2665,LEN(D2665)-SEARCH(\".\",D2665)),SEARCH(\".\",RIGHT(D2665,LEN(D2665)-SEARCH(\".\",D2665)))-1),\"\")","v":"1"},{"$f":"IFERROR(IF(LEN(D2665)-LEN(SUBSTITUTE(D2665,\".\",\"\"))<>3,\"\",MID(D2665,SEARCH(\".\",D2665,SEARCH(\".\",D2665)+1)+1,LEN(D2665)-SEARCH(\".\",D2665,SEARCH(\".\",D2665)+1)-(LEN(D2665)-(SEARCH(\".\",D2665,SEARCH(\".\",D2665,SEARCH(\".\",D2665)+1)+1)-1)))),\"\")","v":""},"20.1.4",{"$f":"IF($G2665=\"SINAPI\",VLOOKUP($F2665,DADOS_SINAPI,2,0),IF(G2665=\"SETOP\",VLOOKUP($F2665,DADOS_SETOP,2,0),IF(G2665=\"CPU\",VLOOKUP($F2665,DADOS_COMPOSICAO,2,0),IF(G2665=\"SICRO\",VLOOKUP($F2665,DADOS_SICRO,2,0),IF(G2665=\"SUDECAP\",VLOOKUP(F2665,DADOS_SUDECAP,2,0),IF(G2665=\"COTAÇÃO\",VLOOKUP($F2665,DADOS_COTACAO,2,0),\"\"))))))","v":"TERMINAL AEREO (CAPTOR), ACO GALV. D= 3/8\"X250MM"},"11.92.01","SUDECAP",{"$f":"IF(G2665=\"SINAPI\",VLOOKUP($F2665,DADOS_SINAPI,3,0),IF(G2665=\"SETOP\",VLOOKUP($F2665,DADOS_SETOP,3,0),IF(G2665=\"CPU\",VLOOKUP($F2665,DADOS_COMPOSICAO,10,0),IF(G2665=\"SICRO\",VLOOKUP($F2665,DADOS_SICRO,3,0),IF(G2665=\"SUDECAP\",VLOOKUP(F2665,DADOS_SUDECAP,3,0),IF(G2665=\"COTAÇÃO\",VLOOKUP($F2665,DADOS_COTACAO,9,0),\"\"))))))","v":"UN"},{"$f":"F2667","v":50},{"$f":"IF(G2665=\"SINAPI\",VLOOKUP($F2665,DADOS_SINAPI,4,0),IF(G2665=\"SETOP\",VLOOKUP($F2665,DADOS_SETOP,4,0),IF(G2665=\"CPU\",VLOOKUP($F2665,DADOS_COMPOSICAO,13,0),IF(G2665=\"SICRO\",VLOOKUP($F2665,DADOS_SICRO,4,0),IF(G2665=\"SUDECAP\",VLOOKUP(F2665,DADOS_SUDECAP,4,0),IF(G2665=\"COTAÇÃO\",VLOOKUP(F2665,DADOS_COTACAO,12,0),\"\"))))))","v":13.47},"BDI 1",{"$f":"TRUNC(J2665*(1+$N$17),2)","v":17.04},{"$f":"IFERROR(TRUNC(I2665*J2665,2),\"\")","v":673.5},{"$f":"IFERROR(TRUNC(L2665*I2665,2),\"\")","v":852}]
[2000]
[2000,null,null,null,"Quantidade",50,"un"]
[2000]
[{"$f":"IFERROR(LEFT(D2669,SEARCH(\".\",D2669)-1),\"\")","v":"20"},{"$f":"IFERROR(LEFT(RIGHT(D2669,LEN(D2669)-SEARCH(\".\",D2669)),SEARCH(\".\",RIGHT(D2669,LEN(D2669)-SEARCH(\".\",D2669)))-1),\"\")","v":"1"},{"$f":"IFERROR(IF(LEN(D2669)-LEN(SUBSTITUTE(D2669,\".\",\"\"))<>3,\"\",MID(D2669,SEARCH(\".\",D2669,SEARCH(\".\",D2669)+1)+1,LEN(D2669)-SEARCH(\".\",D2669,SEARCH(\".\",D2669)+1)-(LEN(D2669)-(SEARCH(\".\",D2669,SEARCH(\".\",D2669,SEARCH(\".\",D2669)+1)+1)-1)))),\"\")","v":""},"20.1.5",{"$f":"IF($G2669=\"SINAPI\",VLOOKUP($F2669,DADOS_SINAPI,2,0),IF(G2669=\"SETOP\",VLOOKUP($F2669,DADOS_SETOP,2,0),IF(G2669=\"CPU\",VLOOKUP($F2669,DADOS_COMPOSICAO,2,0),IF(G2669=\"SICRO\",VLOOKUP($F2669,DADOS_SICRO,2,0),IF(G2669=\"SUDECAP\",VLOOKUP(F2669,DADOS_SUDECAP,2,0),IF(G2669=\"COTAÇÃO\",VLOOKUP($F2669,DADOS_COTACAO,2,0),\"\"))))))","v":"MOLDE PPS 35-2 PARA SOLDA EXOTERMICA"},"11.92.43","SUDECAP",{"$f":"IF(G2669=\"SINAPI\",VLOOKUP($F2669,DADOS_SINAPI,3,0),IF(G2669=\"SETOP\",VLOOKUP($F2669,DADOS_SETOP,3,0),IF(G2669=\"CPU\",VLOOKUP($F2669,DADOS_COMPOSICAO,10,0),IF(G2669=\"SICRO\",VLOOKUP($F2669,DADOS_SICRO,3,0),IF(G2669=\"SUDECAP\",VLOOKUP(F2669,DADOS_SUDECAP,3,0),IF(G2669=\"COTAÇÃO\",VLOOKUP($F2669,DADOS_COTACAO,9,0),\"\"))))))","v":"UN"},{"$f":"F2671","v":1},{"$f":"IF(G2669=\"SINAPI\",VLOOKUP($F2669,DADOS_SINAPI,4,0),IF(G2669=\"SETOP\",VLOOKUP($F2669,DADOS_SETOP,4,0),IF(G2669=\"CPU\",VLOOKUP($F2669,DADOS_COMPOSICAO,13,0),IF(G2669=\"SICRO\",VLOOKUP($F2669,DADOS_SICRO,4,0),IF(G2669=\"SUDECAP\",VLOOKUP(F2669,DADOS_SUDECAP,4,0),IF(G2669=\"COTAÇÃO\",VLOOKUP(F2669,DADOS_COTACAO,12,0),\"\"))))))","v":83.01},"BDI 1",{"$f":"TRUNC(J2669*(1+$N$17),2)","v":105.02},{"$f":"IFERROR(TRUNC(I2669*J2669,2),\"\")","v":83.01},{"$f":"IFERROR(TRUNC(L2669*I2669,2),\"\")","v":105.02}]
[2000]
[2000,null,null,null,"Quantidade",1,"un"]
[2000]
[{"$f":"IFERROR(LEFT(D2673,SEARCH(\".\",D2673)-1),\"\")","v":"20"},{"$f":"IFERROR(LEFT(RIGHT(D2673,LEN(D2673)-SEARCH(\".\",D2673)),SEARCH(\".\",RIGHT(D2673,LEN(D2673)-SEARCH(\".\",D2673)))-1),\"\")","v":"1"},{"$f":"IFERROR(IF(LEN(D2673)-LEN(SUBSTITUTE(D2673,\".\",\"\"))<>3,\"\",MID(D2673,SEARCH(\".\",D2673,SEARCH(\".\",D2673)+1)+1,LEN(D2673)-SEARCH(\".\",D2673,SEARCH(\".\",D2673)+1)-(LEN(D2673)-(SEARCH(\".\",D2673,SEARCH(\".\",D2673,SEARCH(\".\",D2673)+1)+1)-1)))),\"\")","v":""},"20.1.6",{"$f":"IF($G2673=\"SINAPI\",VLOOKUP($F2673,DADOS_SINAPI,2,0),IF(G2673=\"SETOP\",VLOOKUP($F2673,DADOS_SETOP,2,0),IF(G2673=\"CPU\",VLOOKUP($F2673,DADOS_COMPOSICAO,2,0),IF(G2673=\"SICRO\",VLOOKUP($F2673,DADOS_SICRO,2,0),IF(G2673=\"SUDECAP\",VLOOKUP(F2673,DADOS_SUDECAP,2,0),IF(G2673=\"COTAÇÃO\",VLOOKUP($F2673,DADOS_COTACAO,2,0),\"\"))))))","v":"MOLDE P/ SOLDA EXOTERMICA HCL 5/8\".50-5"},"11.92.04","SUDECAP",{"$f":"IF(G2673=\"SINAPI\",VLOOKUP($F2673,DADOS_SINAPI,3,0),IF(G2673=\"SETOP\",VLOOKUP($F2673,DADOS_SETOP,3,0),IF(G2673=\"CPU\",VLOOKUP($F2673,DADOS_COMPOSICAO,10,0),IF(G2673=\"SICRO\",VLOOKUP($F2673,DADOS_SICRO,3,0),IF(G2673=\"SUDECAP\",VLOOKUP(F2673,DADOS_SUDECAP,3,0),IF(G2673=\"COTAÇÃO\",VLOOKUP($F2673,DADOS_COTACAO,9,0),\"\"))))))","v":"UN"},{"$f":"F2675","v":1},{"$f":"IF(G2673=\"SINAPI\",VLOOKUP($F2673,DADOS_SINAPI,4,0),IF(G2673=\"SETOP\",VLOOKUP($F2673,DADOS_SETOP,4,0),IF(G2673=\"CPU\",VLOOKUP($F2673,DADOS_COMPOSICAO,13,0),IF(G2673=\"SICRO\",VLOOKUP($F2673,DADOS_SICRO,4,0),IF(G2673=\"SUDECAP\",VLOOKUP(F2673,DADOS_SUDECAP,4,0),IF(G2673=\"COTAÇÃO\",VLOOKUP(F2673,DADOS_COTACAO,12,0),\"\"))))))","v":195.99},"BDI 1",{"$f":"TRUNC(J2673*(1+$N$17),2)","v":247.96},{"$f":"IFERROR(TRUNC(I2673*J2673,2),\"\")","v":195.99},{"$f":"IFERROR(TRUNC(L2673*I2673,2),\"\")","v":247.96}]
[2000]
[2000,null,null,null,"Quantidade",1,"un"]
[2000]
[{"$f":"IFERROR(LEFT(D2677,SEARCH(\".\",D2677)-1),\"\")","v":"20"},{"$f":"IFERROR(LEFT(RIGHT(D2677,LEN(D2677)-SEARCH(\".\",D2677)),SEARCH(\".\",RIGHT(D2677,LEN(D2677)-SEARCH(\".\",D2677)))-1),\"\")","v":"1"},{"$f":"IFERROR(IF(LEN(D2677)-LEN(SUBSTITUTE(D2677,\".\",\"\"))<>3,\"\",MID(D2677,SEARCH(\".\",D2677,SEARCH(\".\",D2677)+1)+1,LEN(D2677)-SEARCH(\".\",D2677,SEARCH(\".\",D2677)+1)-(LEN(D2677)-(SEARCH(\".\",D2677,SEARCH(\".\",D2677,SEARCH(\".\",D2677)+1)+1)-1)))),\"\")","v":""},"20.1.7",{"$f":"IF($G2677=\"SINAPI\",VLOOKUP($F2677,DADOS_SINAPI,2,0),IF(G2677=\"SETOP\",VLOOKUP($F2677,DADOS_SETOP,2,0),IF(G2677=\"CPU\",VLOOKUP($F2677,DADOS_COMPOSICAO,2,0),IF(G2677=\"SICRO\",VLOOKUP($F2677,DADOS_SICRO,2,0),IF(G2677=\"SUDECAP\",VLOOKUP(F2677,DADOS_SUDECAP,2,0),IF(G2677=\"COTAÇÃO\",VLOOKUP($F2677,DADOS_COTACAO,2,0),\"\"))))))","v":"CARTUCHO Nº45 PARA SOLDA EXOTERMICA"},"11.92.44","SUDECAP",{"$f":"IF(G2677=\"SINAPI\",VLOOKUP($F2677,DADOS_SINAPI,3,0),IF(G2677=\"SETOP\",VLOOKUP($F2677,DADOS_SETOP,3,0),IF(G2677=\"CPU\",VLOOKUP($F2677,DADOS_COMPOSICAO,10,0),IF(G2677=\"SICRO\",VLOOKUP($F2677,DADOS_SICRO,3,0),IF(G2677=\"SUDECAP\",VLOOKUP(F2677,DADOS_SUDECAP,3,0),IF(G2677=\"COTAÇÃO\",VLOOKUP($F2677,DADOS_COTACAO,9,0),\"\"))))))","v":"UN"},{"$f":"F2679","v":70},{"$f":"IF(G2677=\"SINAPI\",VLOOKUP($F2677,DADOS_SINAPI,4,0),IF(G2677=\"SETOP\",VLOOKUP($F2677,DADOS_SETOP,4,0),IF(G2677=\"CPU\",VLOOKUP($F2677,DADOS_COMPOSICAO,13,0),IF(G2677=\"SICRO\",VLOOKUP($F2677,DADOS_SICRO,4,0),IF(G2677=\"SUDECAP\",VLOOKUP(F2677,DADOS_SUDECAP,4,0),IF(G2677=\"COTAÇÃO\",VLOOKUP(F2677,DADOS_COTACAO,12,0),\"\"))))))","v":16.39},"BDI 1",{"$f":"TRUNC(J2677*(1+$N$17),2)","v":20.73},{"$f":"IFERROR(TRUNC(I2677*J2677,2),\"\")","v":1147.3},{"$f":"IFERROR(TRUNC(L2677*I2677,2),\"\")","v":1451.1}]
[2000]
[2000,null,null,null,"Quantidade",70,"un"]
[2000]
[null,null,null,"20.2","ATERRAMETO",null,null,null,null,null,null,null,{"$f":"IFERROR(SUMIFS(M:M,A:A,LEFT(D2681,SEARCH(\".\",D2681)-1),B:B,RIGHT(D2681,LEN(D2681)-SEARCH(\".\",D2681))),\"\")","v":3897.1},{"$f":"IFERROR(SUMIFS(N:N,A:A,LEFT(D2681,SEARCH(\".\",D2681)-1),B:B,RIGHT(D2681,LEN(D2681)-SEARCH(\".\",D2681))),\"\")","v":4930.45}]
[{"$f":"IFERROR(LEFT(D2682,SEARCH(\".\",D2682)-1),\"\")","v":"20"},{"$f":"IFERROR(LEFT(RIGHT(D2682,LEN(D2682)-SEARCH(\".\",D2682)),SEARCH(\".\",RIGHT(D2682,LEN(D2682)-SEARCH(\".\",D2682)))-1),\"\")","v":"2"},{"$f":"IFERROR(IF(LEN(D2682)-LEN(SUBSTITUTE(D2682,\".\",\"\"))<>3,\"\",MID(D2682,SEARCH(\".\",D2682,SEARCH(\".\",D2682)+1)+1,LEN(D2682)-SEARCH(\".\",D2682,SEARCH(\".\",D2682)+1)-(LEN(D2682)-(SEARCH(\".\",D2682,SEARCH(\".\",D2682,SEARCH(\".\",D2682)+1)+1)-1)))),\"\")","v":""},"20.2.1",{"$f":"IF($G2682=\"SINAPI\",VLOOKUP($F2682,DADOS_SINAPI,2,0),IF(G2682=\"SETOP\",VLOOKUP($F2682,DADOS_SETOP,2,0),IF(G2682=\"CPU\",VLOOKUP($F2682,DADOS_COMPOSICAO,2,0),IF(G2682=\"SICRO\",VLOOKUP($F2682,DADOS_SICRO,2,0),IF(G2682=\"SUDECAP\",VLOOKUP(F2682,DADOS_SUDECAP,2,0),IF(G2682=\"COTAÇÃO\",VLOOKUP($F2682,DADOS_COTACAO,2,0),\"\"))))))","v":"CAIXA DE EQUALIZAÇÃO PARA USO INTERNO COM 9 TERMINAIS 210X210X90MM EM AÇO"},"ED-51053","SETOP",{"$f":"IF(G2682=\"SINAPI\",VLOOKUP($F2682,DADOS_SINAPI,3,0),IF(G2682=\"SETOP\",VLOOKUP($F2682,DADOS_SETOP,3,0),IF(G2682=\"CPU\",VLOOKUP($F2682,DADOS_COMPOSICAO,10,0),IF(G2682=\"SICRO\",VLOOKUP($F2682,DADOS_SICRO,3,0),IF(G2682=\"SUDECAP\",VLOOKUP(F2682,DADOS_SUDECAP,3,0),IF(G2682=\"COTAÇÃO\",VLOOKUP($F2682,DADOS_COTACAO,9,0),\"\"))))))","v":"U"},{"$f":"F2684","v":1},{"$f":"IF(G2682=\"SINAPI\",VLOOKUP($F2682,DADOS_SINAPI,4,0),IF(G2682=\"SETOP\",VLOOKUP($F2682,DADOS_SETOP,4,0),IF(G2682=\"CPU\",VLOOKUP($F2682,DADOS_COMPOSICAO,13,0),IF(G2682=\"SICRO\",VLOOKUP($F2682,DADOS_SICRO,4,0),IF(G2682=\"SUDECAP\",VLOOKUP(F2682,DADOS_SUDECAP,4,0),IF(G2682=\"COTAÇÃO\",VLOOKUP(F2682,DADOS_COTACAO,12,0),\"\"))))))","v":192.14},"BDI 1",{"$f":"TRUNC(J2682*(1+$N$17),2)","v":243.09},{"$f":"IFERROR(TRUNC(I2682*J2682,2),\"\")","v":192.14},{"$f":"IFERROR(TRUNC(L2682*I2682,2),\"\")","v":243.09}]
[2000]
[2000,null,null,null,"Quantidade",1,"un"]
[2000]
[{"$f":"IFERROR(LEFT(D2686,SEARCH(\".\",D2686)-1),\"\")","v":"20"},{"$f":"IFERROR(LEFT(RIGHT(D2686,LEN(D2686)-SEARCH(\".\",D2686)),SEARCH(\".\",RIGHT(D2686,LEN(D2686)-SEARCH(\".\",D2686)))-1),\"\")","v":"2"},{"$f":"IFERROR(IF(LEN(D2686)-LEN(SUBSTITUTE(D2686,\".\",\"\"))<>3,\"\",MID(D2686,SEARCH(\".\",D2686,SEARCH(\".\",D2686)+1)+1,LEN(D2686)-SEARCH(\".\",D2686,SEARCH(\".\",D2686)+1)-(LEN(D2686)-(SEARCH(\".\",D2686,SEARCH(\".\",D2686,SEARCH(\".\",D2686)+1)+1)-1)))),\"\")","v":""},"20.2.2",{"$f":"IF($G2686=\"SINAPI\",VLOOKUP($F2686,DADOS_SINAPI,2,0),IF(G2686=\"SETOP\",VLOOKUP($F2686,DADOS_SETOP,2,0),IF(G2686=\"CPU\",VLOOKUP($F2686,DADOS_COMPOSICAO,2,0),IF(G2686=\"SICRO\",VLOOKUP($F2686,DADOS_SICRO,2,0),IF(G2686=\"SUDECAP\",VLOOKUP(F2686,DADOS_SUDECAP,2,0),IF(G2686=\"COTAÇÃO\",VLOOKUP($F2686,DADOS_COTACAO,2,0),\"\"))))))","v":"CAIXA DE INSPEÇÃO PARA ATERRAMENTO, CIRCULAR, EM POLIETILENO, DIÂMETRO INTERNO = 0,3 M. AF_12/2020"},98111,"SINAPI",{"$f":"IF(G2686=\"SINAPI\",VLOOKUP($F2686,DADOS_SINAPI,3,0),IF(G2686=\"SETOP\",VLOOKUP($F2686,DADOS_SETOP,3,0),IF(G2686=\"CPU\",VLOOKUP($F2686,DADOS_COMPOSICAO,10,0),IF(G2686=\"SICRO\",VLOOKUP($F2686,DADOS_SICRO,3,0),IF(G2686=\"SUDECAP\",VLOOKUP(F2686,DADOS_SUDECAP,3,0),IF(G2686=\"COTAÇÃO\",VLOOKUP($F2686,DADOS_COTACAO,9,0),\"\"))))))","v":"UN"},{"$f":"F2688","v":16},{"$f":"IF(G2686=\"SINAPI\",VLOOKUP($F2686,DADOS_SINAPI,4,0),IF(G2686=\"SETOP\",VLOOKUP($F2686,DADOS_SETOP,4,0),IF(G2686=\"CPU\",VLOOKUP($F2686,DADOS_COMPOSICAO,13,0),IF(G2686=\"SICRO\",VLOOKUP($F2686,DADOS_SICRO,4,0),IF(G2686=\"SUDECAP\",VLOOKUP(F2686,DADOS_SUDECAP,4,0),IF(G2686=\"COTAÇÃO\",VLOOKUP(F2686,DADOS_COTACAO,12,0),\"\"))))))","v":44.69},"BDI 1",{"$f":"TRUNC(J2686*(1+$N$17),2)","v":56.54},{"$f":"IFERROR(TRUNC(I2686*J2686,2),\"\")","v":715.04},{"$f":"IFERROR(TRUNC(L2686*I2686,2),\"\")","v":904.64}]
[2000]
[2000,null,null,null,"Quantidade",16,"un"]
[2000]
[{"$f":"IFERROR(LEFT(D2690,SEARCH(\".\",D2690)-1),\"\")","v":"20"},{"$f":"IFERROR(LEFT(RIGHT(D2690,LEN(D2690)-SEARCH(\".\",D2690)),SEARCH(\".\",RIGHT(D2690,LEN(D2690)-SEARCH(\".\",D2690)))-1),\"\")","v":"2"},{"$f":"IFERROR(IF(LEN(D2690)-LEN(SUBSTITUTE(D2690,\".\",\"\"))<>3,\"\",MID(D2690,SEARCH(\".\",D2690,SEARCH(\".\",D2690)+1)+1,LEN(D2690)-SEARCH(\".\",D2690,SEARCH(\".\",D2690)+1)-(LEN(D2690)-(SEARCH(\".\",D2690,SEARCH(\".\",D2690,SEARCH(\".\",D2690)+1)+1)-1)))),\"\")","v":""},"20.2.3",{"$f":"IF($G2690=\"SINAPI\",VLOOKUP($F2690,DADOS_SINAPI,2,0),IF(G2690=\"SETOP\",VLOOKUP($F2690,DADOS_SETOP,2,0),IF(G2690=\"CPU\",VLOOKUP($F2690,DADOS_COMPOSICAO,2,0),IF(G2690=\"SICRO\",VLOOKUP($F2690,DADOS_SICRO,2,0),IF(G2690=\"SUDECAP\",VLOOKUP(F2690,DADOS_SUDECAP,2,0),IF(G2690=\"COTAÇÃO\",VLOOKUP($F2690,DADOS_COTACAO,2,0),\"\"))))))","v":"HASTE DE AÇO COBREADA PARA ATERRAMENTO DIÂMETRO 3/4\"X 2400 MM,CONFORME PADRÕES TELEBRÁS"},"ED-49343","SETOP",{"$f":"IF(G2690=\"SINAPI\",VLOOKUP($F2690,DADOS_SINAPI,3,0),IF(G2690=\"SETOP\",VLOOKUP($F2690,DADOS_SETOP,3,0),IF(G2690=\"CPU\",VLOOKUP($F2690,DADOS_COMPOSICAO,10,0),IF(G2690=\"SICRO\",VLOOKUP($F2690,DADOS_SICRO,3,0),IF(G2690=\"SUDECAP\",VLOOKUP(F2690,DADOS_SUDECAP,3,0),IF(G2690=\"COTAÇÃO\",VLOOKUP($F2690,DADOS_COTACAO,9,0),\"\"))))))","v":"U"},{"$f":"F2692","v":16},{"$f":"IF(G2690=\"SINAPI\",VLOOKUP($F2690,DADOS_SINAPI,4,0),IF(G2690=\"SETOP\",VLOOKUP($F2690,DADOS_SETOP,4,0),IF(G2690=\"CPU\",VLOOKUP($F2690,DADOS_COMPOSICAO,13,0),IF(G2690=\"SICRO\",VLOOKUP($F2690,DADOS_SICRO,4,0),IF(G2690=\"SUDECAP\",VLOOKUP(F2690,DADOS_SUDECAP,4,0),IF(G2690=\"COTAÇÃO\",VLOOKUP(F2690,DADOS_COTACAO,12,0),\"\"))))))","v":186.87},"BDI 1",{"$f":"TRUNC(J2690*(1+$N$17),2)","v":236.42},{"$f":"IFERROR(TRUNC(I2690*J2690,2),\"\")","v":2989.92},{"$f":"IFERROR(TRUNC(L2690*I2690,2),\"\")","v":3782.72}]
[2000]
[2000,null,null,null,"Quantidade",16,"un"]
[2000]
[null,null,null,"20.3","CONDUTORES DE PROTEÇÃO",null,null,null,null,null,null,null,{"$f":"IFERROR(SUMIFS(M:M,A:A,LEFT(D2694,SEARCH(\".\",D2694)-1),B:B,RIGHT(D2694,LEN(D2694)-SEARCH(\".\",D2694))),\"\")","v":24904.869999999995},{"$f":"IFERROR(SUMIFS(N:N,A:A,LEFT(D2694,SEARCH(\".\",D2694)-1),B:B,RIGHT(D2694,LEN(D2694)-SEARCH(\".\",D2694))),\"\")","v":31504.960000000003}]
[{"$f":"IFERROR(LEFT(D2695,SEARCH(\".\",D2695)-1),\"\")","v":"20"},{"$f":"IFERROR(LEFT(RIGHT(D2695,LEN(D2695)-SEARCH(\".\",D2695)),SEARCH(\".\",RIGHT(D2695,LEN(D2695)-SEARCH(\".\",D2695)))-1),\"\")","v":"3"},{"$f":"IFERROR(IF(LEN(D2695)-LEN(SUBSTITUTE(D2695,\".\",\"\"))<>3,\"\",MID(D2695,SEARCH(\".\",D2695,SEARCH(\".\",D2695)+1)+1,LEN(D2695)-SEARCH(\".\",D2695,SEARCH(\".\",D2695)+1)-(LEN(D2695)-(SEARCH(\".\",D2695,SEARCH(\".\",D2695,SEARCH(\".\",D2695)+1)+1)-1)))),\"\")","v":""},"20.3.1",{"$f":"IF($G2695=\"SINAPI\",VLOOKUP($F2695,DADOS_SINAPI,2,0),IF(G2695=\"SETOP\",VLOOKUP($F2695,DADOS_SETOP,2,0),IF(G2695=\"CPU\",VLOOKUP($F2695,DADOS_COMPOSICAO,2,0),IF(G2695=\"SICRO\",VLOOKUP($F2695,DADOS_SICRO,2,0),IF(G2695=\"SUDECAP\",VLOOKUP(F2695,DADOS_SUDECAP,2,0),IF(G2695=\"COTAÇÃO\",VLOOKUP($F2695,DADOS_COTACAO,2,0),\"\"))))))","v":"CABO DE COBRE NU #16MM2 - 7 FIOSX1,70MM, PARA ELEMENTOS DE CAPTAÇÃO/ANEL DE CINTAMENTO (SPDA), INCLUSIVE PRESILHA DE FIXAÇÃO"},"ED-13931","SETOP",{"$f":"IF(G2695=\"SINAPI\",VLOOKUP($F2695,DADOS_SINAPI,3,0),IF(G2695=\"SETOP\",VLOOKUP($F2695,DADOS_SETOP,3,0),IF(G2695=\"CPU\",VLOOKUP($F2695,DADOS_COMPOSICAO,10,0),IF(G2695=\"SICRO\",VLOOKUP($F2695,DADOS_SICRO,3,0),IF(G2695=\"SUDECAP\",VLOOKUP(F2695,DADOS_SUDECAP,3,0),IF(G2695=\"COTAÇÃO\",VLOOKUP($F2695,DADOS_COTACAO,9,0),\"\"))))))","v":"m"},{"$f":"F2697","v":1.35},{"$f":"IF(G2695=\"SINAPI\",VLOOKUP($F2695,DADOS_SINAPI,4,0),IF(G2695=\"SETOP\",VLOOKUP($F2695,DADOS_SETOP,4,0),IF(G2695=\"CPU\",VLOOKUP($F2695,DADOS_COMPOSICAO,13,0),IF(G2695=\"SICRO\",VLOOKUP($F2695,DADOS_SICRO,4,0),IF(G2695=\"SUDECAP\",VLOOKUP(F2695,DADOS_SUDECAP,4,0),IF(G2695=\"COTAÇÃO\",VLOOKUP(F2695,DADOS_COTACAO,12,0),\"\"))))))","v":22.14},"BDI 1",{"$f":"TRUNC(J2695*(1+$N$17),2)","v":28.01},{"$f":"IFERROR(TRUNC(I2695*J2695,2),\"\")","v":29.88},{"$f":"IFERROR(TRUNC(L2695*I2695,2),\"\")","v":37.81}]
[2000]
[2000,null,null,null,"Quantidade",1.35,"m"]
[2000]
[{"$f":"IFERROR(LEFT(D2699,SEARCH(\".\",D2699)-1),\"\")","v":"20"},{"$f":"IFERROR(LEFT(RIGHT(D2699,LEN(D2699)-SEARCH(\".\",D2699)),SEARCH(\".\",RIGHT(D2699,LEN(D2699)-SEARCH(\".\",D2699)))-1),\"\")","v":"3"},{"$f":"IFERROR(IF(LEN(D2699)-LEN(SUBSTITUTE(D2699,\".\",\"\"))<>3,\"\",MID(D2699,SEARCH(\".\",D2699,SEARCH(\".\",D2699)+1)+1,LEN(D2699)-SEARCH(\".\",D2699,SEARCH(\".\",D2699)+1)-(LEN(D2699)-(SEARCH(\".\",D2699,SEARCH(\".\",D2699,SEARCH(\".\",D2699)+1)+1)-1)))),\"\")","v":""},"20.3.2",{"$f":"IF($G2699=\"SINAPI\",VLOOKUP($F2699,DADOS_SINAPI,2,0),IF(G2699=\"SETOP\",VLOOKUP($F2699,DADOS_SETOP,2,0),IF(G2699=\"CPU\",VLOOKUP($F2699,DADOS_COMPOSICAO,2,0),IF(G2699=\"SICRO\",VLOOKUP($F2699,DADOS_SICRO,2,0),IF(G2699=\"SUDECAP\",VLOOKUP(F2699,DADOS_SUDECAP,2,0),IF(G2699=\"COTAÇÃO\",VLOOKUP($F2699,DADOS_COTACAO,2,0),\"\"))))))","v":"CABO DE COBRE NU #35MM2 - 7 FIOSX2,50MM, PARA ELEMENTOS  DE CAPTAÇÃO/ ANEL DE CINTAMENTO/ DESCIDA (SPDA), INCLUSIVE SUPORTE E ISOLADOR"},"ED-13940","SETOP",{"$f":"IF(G2699=\"SINAPI\",VLOOKUP($F2699,DADOS_SINAPI,3,0),IF(G2699=\"SETOP\",VLOOKUP($F2699,DADOS_SETOP,3,0),IF(G2699=\"CPU\",VLOOKUP($F2699,DADOS_COMPOSICAO,10,0),IF(G2699=\"SICRO\",VLOOKUP($F2699,DADOS_SICRO,3,0),IF(G2699=\"SUDECAP\",VLOOKUP(F2699,DADOS_SUDECAP,3,0),IF(G2699=\"COTAÇÃO\",VLOOKUP($F2699,DADOS_COTACAO,9,0),\"\"))))))","v":"m"},{"$f":"F2701","v":11.08},{"$f":"IF(G2699=\"SINAPI\",VLOOKUP($F2699,DADOS_SINAPI,4,0),IF(G2699=\"SETOP\",VLOOKUP($F2699,DADOS_SETOP,4,0),IF(G2699=\"CPU\",VLOOKUP($F2699,DADOS_COMPOSICAO,13,0),IF(G2699=\"SICRO\",VLOOKUP($F2699,DADOS_SICRO,4,0),IF(G2699=\"SUDECAP\",VLOOKUP(F2699,DADOS_SUDECAP,4,0),IF(G2699=\"COTAÇÃO\",VLOOKUP(F2699,DADOS_COTACAO,12,0),\"\"))))))","v":48.47},"BDI 1",{"$f":"TRUNC(J2699*(1+$N$17),2)","v":61.32},{"$f":"IFERROR(TRUNC(I2699*J2699,2),\"\")","v":537.04},{"$f":"IFERROR(TRUNC(L2699*I2699,2),\"\")","v":679.42}]
[2000]
[2000,null,null,null,"Quantidade",11.08,"m"]
[2000]
[{"$f":"IFERROR(LEFT(D2703,SEARCH(\".\",D2703)-1),\"\")","v":"20"},{"$f":"IFERROR(LEFT(RIGHT(D2703,LEN(D2703)-SEARCH(\".\",D2703)),SEARCH(\".\",RIGHT(D2703,LEN(D2703)-SEARCH(\".\",D2703)))-1),\"\")","v":"3"},{"$f":"IFERROR(IF(LEN(D2703)-LEN(SUBSTITUTE(D2703,\".\",\"\"))<>3,\"\",MID(D2703,SEARCH(\".\",D2703,SEARCH(\".\",D2703)+1)+1,LEN(D2703)-SEARCH(\".\",D2703,SEARCH(\".\",D2703)+1)-(LEN(D2703)-(SEARCH(\".\",D2703,SEARCH(\".\",D2703,SEARCH(\".\",D2703)+1)+1)-1)))),\"\")","v":""},"20.3.3",{"$f":"IF($G2703=\"SINAPI\",VLOOKUP($F2703,DADOS_SINAPI,2,0),IF(G2703=\"SETOP\",VLOOKUP($F2703,DADOS_SETOP,2,0),IF(G2703=\"CPU\",VLOOKUP($F2703,DADOS_COMPOSICAO,2,0),IF(G2703=\"SICRO\",VLOOKUP($F2703,DADOS_SICRO,2,0),IF(G2703=\"SUDECAP\",VLOOKUP(F2703,DADOS_SUDECAP,2,0),IF(G2703=\"COTAÇÃO\",VLOOKUP($F2703,DADOS_COTACAO,2,0),\"\"))))))","v":"CABO DE COBRE NU #50 MM2 - 7 FIOSX3,00MM, PARA ELEMENTOS DE CAPTAÇÃO/ANEL DE CINTAMENTO (SPDA), INCLUSIVE PRESILHA DE FIXAÇÃO"},"ED-13935","SETOP",{"$f":"IF(G2703=\"SINAPI\",VLOOKUP($F2703,DADOS_SINAPI,3,0),IF(G2703=\"SETOP\",VLOOKUP($F2703,DADOS_SETOP,3,0),IF(G2703=\"CPU\",VLOOKUP($F2703,DADOS_COMPOSICAO,10,0),IF(G2703=\"SICRO\",VLOOKUP($F2703,DADOS_SICRO,3,0),IF(G2703=\"SUDECAP\",VLOOKUP(F2703,DADOS_SUDECAP,3,0),IF(G2703=\"COTAÇÃO\",VLOOKUP($F2703,DADOS_COTACAO,9,0),\"\"))))))","v":"m"},{"$f":"F2705","v":302.81},{"$f":"IF(G2703=\"SINAPI\",VLOOKUP($F2703,DADOS_SINAPI,4,0),IF(G2703=\"SETOP\",VLOOKUP($F2703,DADOS_SETOP,4,0),IF(G2703=\"CPU\",VLOOKUP($F2703,DADOS_COMPOSICAO,13,0),IF(G2703=\"SICRO\",VLOOKUP($F2703,DADOS_SICRO,4,0),IF(G2703=\"SUDECAP\",VLOOKUP(F2703,DADOS_SUDECAP,4,0),IF(G2703=\"COTAÇÃO\",VLOOKUP(F2703,DADOS_COTACAO,12,0),\"\"))))))","v":56.07},"BDI 1",{"$f":"TRUNC(J2703*(1+$N$17),2)","v":70.930000000000007},{"$f":"IFERROR(TRUNC(I2703*J2703,2),\"\")","v":16978.55},{"$f":"IFERROR(TRUNC(L2703*I2703,2),\"\")","v":21478.31}]
[2000]
[2000,null,null,null,"Quantidade",302.81,"m"]
[2000]
[{"$f":"IFERROR(LEFT(D2707,SEARCH(\".\",D2707)-1),\"\")","v":"20"},{"$f":"IFERROR(LEFT(RIGHT(D2707,LEN(D2707)-SEARCH(\".\",D2707)),SEARCH(\".\",RIGHT(D2707,LEN(D2707)-SEARCH(\".\",D2707)))-1),\"\")","v":"3"},{"$f":"IFERROR(IF(LEN(D2707)-LEN(SUBSTITUTE(D2707,\".\",\"\"))<>3,\"\",MID(D2707,SEARCH(\".\",D2707,SEARCH(\".\",D2707)+1)+1,LEN(D2707)-SEARCH(\".\",D2707,SEARCH(\".\",D2707)+1)-(LEN(D2707)-(SEARCH(\".\",D2707,SEARCH(\".\",D2707,SEARCH(\".\",D2707)+1)+1)-1)))),\"\")","v":""},"20.3.4",{"$f":"IF($G2707=\"SINAPI\",VLOOKUP($F2707,DADOS_SINAPI,2,0),IF(G2707=\"SETOP\",VLOOKUP($F2707,DADOS_SETOP,2,0),IF(G2707=\"CPU\",VLOOKUP($F2707,DADOS_COMPOSICAO,2,0),IF(G2707=\"SICRO\",VLOOKUP($F2707,DADOS_SICRO,2,0),IF(G2707=\"SUDECAP\",VLOOKUP(F2707,DADOS_SUDECAP,2,0),IF(G2707=\"COTAÇÃO\",VLOOKUP($F2707,DADOS_COTACAO,2,0),\"\"))))))","v":"BARRA CHATA DE ALUMÍNIO 7/8\" X 1/8\" X 3M"},"ED-51019","SETOP",{"$f":"IF(G2707=\"SINAPI\",VLOOKUP($F2707,DADOS_SINAPI,3,0),IF(G2707=\"SETOP\",VLOOKUP($F2707,DADOS_SETOP,3,0),IF(G2707=\"CPU\",VLOOKUP($F2707,DADOS_COMPOSICAO,10,0),IF(G2707=\"SICRO\",VLOOKUP($F2707,DADOS_SICRO,3,0),IF(G2707=\"SUDECAP\",VLOOKUP(F2707,DADOS_SUDECAP,3,0),IF(G2707=\"COTAÇÃO\",VLOOKUP($F2707,DADOS_COTACAO,9,0),\"\"))))))","v":"U"},{"$f":"F2709","v":238.97333333333333},{"$f":"IF(G2707=\"SINAPI\",VLOOKUP($F2707,DADOS_SINAPI,4,0),IF(G2707=\"SETOP\",VLOOKUP($F2707,DADOS_SETOP,4,0),IF(G2707=\"CPU\",VLOOKUP($F2707,DADOS_COMPOSICAO,13,0),IF(G2707=\"SICRO\",VLOOKUP($F2707,DADOS_SICRO,4,0),IF(G2707=\"SUDECAP\",VLOOKUP(F2707,DADOS_SUDECAP,4,0),IF(G2707=\"COTAÇÃO\",VLOOKUP(F2707,DADOS_COTACAO,12,0),\"\"))))))","v":27.51},"BDI 1",{"$f":"TRUNC(J2707*(1+$N$17),2)","v":34.799999999999997},{"$f":"IFERROR(TRUNC(I2707*J2707,2),\"\")","v":6574.15},{"$f":"IFERROR(TRUNC(L2707*I2707,2),\"\")","v":8316.27}]
[2000]
[2000,null,null,null,"Quantidade",{"$f":"716.92/3","v":238.97333333333333},"un"]
[2000]
[{"$f":"IFERROR(LEFT(D2711,SEARCH(\".\",D2711)-1),\"\")","v":"20"},{"$f":"IFERROR(LEFT(RIGHT(D2711,LEN(D2711)-SEARCH(\".\",D2711)),SEARCH(\".\",RIGHT(D2711,LEN(D2711)-SEARCH(\".\",D2711)))-1),\"\")","v":"3"},{"$f":"IFERROR(IF(LEN(D2711)-LEN(SUBSTITUTE(D2711,\".\",\"\"))<>3,\"\",MID(D2711,SEARCH(\".\",D2711,SEARCH(\".\",D2711)+1)+1,LEN(D2711)-SEARCH(\".\",D2711,SEARCH(\".\",D2711)+1)-(LEN(D2711)-(SEARCH(\".\",D2711,SEARCH(\".\",D2711,SEARCH(\".\",D2711)+1)+1)-1)))),\"\")","v":""},"20.3.5",{"$f":"IF($G2711=\"SINAPI\",VLOOKUP($F2711,DADOS_SINAPI,2,0),IF(G2711=\"SETOP\",VLOOKUP($F2711,DADOS_SETOP,2,0),IF(G2711=\"CPU\",VLOOKUP($F2711,DADOS_COMPOSICAO,2,0),IF(G2711=\"SICRO\",VLOOKUP($F2711,DADOS_SICRO,2,0),IF(G2711=\"SUDECAP\",VLOOKUP(F2711,DADOS_SUDECAP,2,0),IF(G2711=\"COTAÇÃO\",VLOOKUP($F2711,DADOS_COTACAO,2,0),\"\"))))))","v":"ELETRODUTO RÍGIDO ROSCÁVEL, PVC, DN 32 MM (1\"), PARA CIRCUITOS TERMINAIS, INSTALADO EM PAREDE - FORNECIMENTO E INSTALAÇÃO. AF_03/2023"},91872,"SINAPI",{"$f":"IF(G2711=\"SINAPI\",VLOOKUP($F2711,DADOS_SINAPI,3,0),IF(G2711=\"SETOP\",VLOOKUP($F2711,DADOS_SETOP,3,0),IF(G2711=\"CPU\",VLOOKUP($F2711,DADOS_COMPOSICAO,10,0),IF(G2711=\"SICRO\",VLOOKUP($F2711,DADOS_SICRO,3,0),IF(G2711=\"SUDECAP\",VLOOKUP(F2711,DADOS_SUDECAP,3,0),IF(G2711=\"COTAÇÃO\",VLOOKUP($F2711,DADOS_COTACAO,9,0),\"\"))))))","v":"M"},{"$f":"F2713","v":45},{"$f":"IF(G2711=\"SINAPI\",VLOOKUP($F2711,DADOS_SINAPI,4,0),IF(G2711=\"SETOP\",VLOOKUP($F2711,DADOS_SETOP,4,0),IF(G2711=\"CPU\",VLOOKUP($F2711,DADOS_COMPOSICAO,13,0),IF(G2711=\"SICRO\",VLOOKUP($F2711,DADOS_SICRO,4,0),IF(G2711=\"SUDECAP\",VLOOKUP(F2711,DADOS_SUDECAP,4,0),IF(G2711=\"COTAÇÃO\",VLOOKUP(F2711,DADOS_COTACAO,12,0),\"\"))))))","v":17.45},"BDI 1",{"$f":"TRUNC(J2711*(1+$N$17),2)","v":22.07},{"$f":"IFERROR(TRUNC(I2711*J2711,2),\"\")","v":785.25},{"$f":"IFERROR(TRUNC(L2711*I2711,2),\"\")","v":993.15}]
[2000]
[2000,null,null,null,"Quantidade",{"$f":"15*3","v":45},"m"]
[2000]
[1000,null,null,21,"PROTEÇÃO CONTRA INCÊNDO E PÂNICO",null,null,null,null,null,null,null,{"$f":"SUMIF(A:A,D2715,M:M)","v":42074.39},{"$f":"SUMIF(A:A,D2715,N:N)","v":53229.71}]
[null,null,null,"21.1","EXTINTORES",null,null,null,null,null,null,null,{"$f":"IFERROR(SUMIFS(M:M,A:A,LEFT(D2716,SEARCH(\".\",D2716)-1),B:B,RIGHT(D2716,LEN(D2716)-SEARCH(\".\",D2716))),\"\")","v":1808.1299999999999},{"$f":"IFERROR(SUMIFS(N:N,A:A,LEFT(D2716,SEARCH(\".\",D2716)-1),B:B,RIGHT(D2716,LEN(D2716)-SEARCH(\".\",D2716))),\"\")","v":2287.46}]
[{"$f":"IFERROR(LEFT(D2717,SEARCH(\".\",D2717)-1),\"\")","v":"21"},{"$f":"IFERROR(LEFT(RIGHT(D2717,LEN(D2717)-SEARCH(\".\",D2717)),SEARCH(\".\",RIGHT(D2717,LEN(D2717)-SEARCH(\".\",D2717)))-1),\"\")","v":"1"},{"$f":"IFERROR(IF(LEN(D2717)-LEN(SUBSTITUTE(D2717,\".\",\"\"))<>3,\"\",MID(D2717,SEARCH(\".\",D2717,SEARCH(\".\",D2717)+1)+1,LEN(D2717)-SEARCH(\".\",D2717,SEARCH(\".\",D2717)+1)-(LEN(D2717)-(SEARCH(\".\",D2717,SEARCH(\".\",D2717,SEARCH(\".\",D2717)+1)+1)-1)))),\"\")","v":""},"21.1.1",{"$f":"IF($G2717=\"SINAPI\",VLOOKUP($F2717,DADOS_SINAPI,2,0),IF(G2717=\"SETOP\",VLOOKUP($F2717,DADOS_SETOP,2,0),IF(G2717=\"CPU\",VLOOKUP($F2717,DADOS_COMPOSICAO,2,0),IF(G2717=\"SICRO\",VLOOKUP($F2717,DADOS_SICRO,2,0),IF(G2717=\"SUDECAP\",VLOOKUP(F2717,DADOS_SUDECAP,2,0),IF(G2717=\"COTAÇÃO\",VLOOKUP($F2717,DADOS_COTACAO,2,0),\"\"))))))","v":"EXTINTOR DE INCÊNDIO TIPO PÓ QUÍMICO 2-A:20-B:C, CAPACIDADE 6 KG"},"ED-50193","SETOP",{"$f":"IF(G2717=\"SINAPI\",VLOOKUP($F2717,DADOS_SINAPI,3,0),IF(G2717=\"SETOP\",VLOOKUP($F2717,DADOS_SETOP,3,0),IF(G2717=\"CPU\",VLOOKUP($F2717,DADOS_COMPOSICAO,10,0),IF(G2717=\"SICRO\",VLOOKUP($F2717,DADOS_SICRO,3,0),IF(G2717=\"SUDECAP\",VLOOKUP(F2717,DADOS_SUDECAP,3,0),IF(G2717=\"COTAÇÃO\",VLOOKUP($F2717,DADOS_COTACAO,9,0),\"\"))))))","v":"U"},{"$f":"F2720","v":7},{"$f":"IF(G2717=\"SINAPI\",VLOOKUP($F2717,DADOS_SINAPI,4,0),IF(G2717=\"SETOP\",VLOOKUP($F2717,DADOS_SETOP,4,0),IF(G2717=\"CPU\",VLOOKUP($F2717,DADOS_COMPOSICAO,13,0),IF(G2717=\"SICRO\",VLOOKUP($F2717,DADOS_SICRO,4,0),IF(G2717=\"SUDECAP\",VLOOKUP(F2717,DADOS_SUDECAP,4,0),IF(G2717=\"COTAÇÃO\",VLOOKUP(F2717,DADOS_COTACAO,12,0),\"\"))))))","v":212.44},"BDI 1",{"$f":"TRUNC(J2717*(1+$N$17),2)","v":268.77},{"$f":"IFERROR(TRUNC(I2717*J2717,2),\"\")","v":1487.08},{"$f":"IFERROR(TRUNC(L2717*I2717,2),\"\")","v":1881.39}]
[2000]
[2000,null,null,null,"Quantidade ",7,"un "]
[2000,null,null,null,"Total",{"$f":"F2719","v":7},{"$f":"G2719","v":"un "}]
[2000]
[{"$f":"IFERROR(LEFT(D2722,SEARCH(\".\",D2722)-1),\"\")","v":"21"},{"$f":"IFERROR(LEFT(RIGHT(D2722,LEN(D2722)-SEARCH(\".\",D2722)),SEARCH(\".\",RIGHT(D2722,LEN(D2722)-SEARCH(\".\",D2722)))-1),\"\")","v":"1"},{"$f":"IFERROR(IF(LEN(D2722)-LEN(SUBSTITUTE(D2722,\".\",\"\"))<>3,\"\",MID(D2722,SEARCH(\".\",D2722,SEARCH(\".\",D2722)+1)+1,LEN(D2722)-SEARCH(\".\",D2722,SEARCH(\".\",D2722)+1)-(LEN(D2722)-(SEARCH(\".\",D2722,SEARCH(\".\",D2722,SEARCH(\".\",D2722)+1)+1)-1)))),\"\")","v":""},"21.1.2",{"$f":"IF($G2722=\"SINAPI\",VLOOKUP($F2722,DADOS_SINAPI,2,0),IF(G2722=\"SETOP\",VLOOKUP($F2722,DADOS_SETOP,2,0),IF(G2722=\"CPU\",VLOOKUP($F2722,DADOS_COMPOSICAO,2,0),IF(G2722=\"SICRO\",VLOOKUP($F2722,DADOS_SICRO,2,0),IF(G2722=\"SUDECAP\",VLOOKUP(F2722,DADOS_SUDECAP,2,0),IF(G2722=\"COTAÇÃO\",VLOOKUP($F2722,DADOS_COTACAO,2,0),\"\"))))))","v":"BASE DECORATIVA PARA EXTINTORES"},"ED-50194","SETOP",{"$f":"IF(G2722=\"SINAPI\",VLOOKUP($F2722,DADOS_SINAPI,3,0),IF(G2722=\"SETOP\",VLOOKUP($F2722,DADOS_SETOP,3,0),IF(G2722=\"CPU\",VLOOKUP($F2722,DADOS_COMPOSICAO,10,0),IF(G2722=\"SICRO\",VLOOKUP($F2722,DADOS_SICRO,3,0),IF(G2722=\"SUDECAP\",VLOOKUP(F2722,DADOS_SUDECAP,3,0),IF(G2722=\"COTAÇÃO\",VLOOKUP($F2722,DADOS_COTACAO,9,0),\"\"))))))","v":"U"},{"$f":"F2725","v":7},{"$f":"IF(G2722=\"SINAPI\",VLOOKUP($F2722,DADOS_SINAPI,4,0),IF(G2722=\"SETOP\",VLOOKUP($F2722,DADOS_SETOP,4,0),IF(G2722=\"CPU\",VLOOKUP($F2722,DADOS_COMPOSICAO,13,0),IF(G2722=\"SICRO\",VLOOKUP($F2722,DADOS_SICRO,4,0),IF(G2722=\"SUDECAP\",VLOOKUP(F2722,DADOS_SUDECAP,4,0),IF(G2722=\"COTAÇÃO\",VLOOKUP(F2722,DADOS_COTACAO,12,0),\"\"))))))","v":31.9},"BDI 1",{"$f":"TRUNC(J2722*(1+$N$17),2)","v":40.35},{"$f":"IFERROR(TRUNC(I2722*J2722,2),\"\")","v":223.3},{"$f":"IFERROR(TRUNC(L2722*I2722,2),\"\")","v":282.45}]
[2000]
[2000,null,null,null,"Quantidade ",{"$f":"F2720","v":7},"un "]
[2000,null,null,null,"Total",{"$f":"F2724","v":7},{"$f":"G2724","v":"un "}]
[2000]
[{"$f":"IFERROR(LEFT(D2727,SEARCH(\".\",D2727)-1),\"\")","v":"21"},{"$f":"IFERROR(LEFT(RIGHT(D2727,LEN(D2727)-SEARCH(\".\",D2727)),SEARCH(\".\",RIGHT(D2727,LEN(D2727)-SEARCH(\".\",D2727)))-1),\"\")","v":"1"},{"$f":"IFERROR(IF(LEN(D2727)-LEN(SUBSTITUTE(D2727,\".\",\"\"))<>3,\"\",MID(D2727,SEARCH(\".\",D2727,SEARCH(\".\",D2727)+1)+1,LEN(D2727)-SEARCH(\".\",D2727,SEARCH(\".\",D2727)+1)-(LEN(D2727)-(SEARCH(\".\",D2727,SEARCH(\".\",D2727,SEARCH(\".\",D2727)+1)+1)-1)))),\"\")","v":""},"21.1.3",{"$f":"IF($G2727=\"SINAPI\",VLOOKUP($F2727,DADOS_SINAPI,2,0),IF(G2727=\"SETOP\",VLOOKUP($F2727,DADOS_SETOP,2,0),IF(G2727=\"CPU\",VLOOKUP($F2727,DADOS_COMPOSICAO,2,0),IF(G2727=\"SICRO\",VLOOKUP($F2727,DADOS_SICRO,2,0),IF(G2727=\"SUDECAP\",VLOOKUP(F2727,DADOS_SUDECAP,2,0),IF(G2727=\"COTAÇÃO\",VLOOKUP($F2727,DADOS_COTACAO,2,0),\"\"))))))","v":"PINTURA ACRÍLICA PARA SINALIZAÇÃO HORIZONTAL EM PISO"},"DAC-21.1","CPU",{"$f":"IF(G2727=\"SINAPI\",VLOOKUP($F2727,DADOS_SINAPI,3,0),IF(G2727=\"SETOP\",VLOOKUP($F2727,DADOS_SETOP,3,0),IF(G2727=\"CPU\",VLOOKUP($F2727,DADOS_COMPOSICAO,10,0),IF(G2727=\"SICRO\",VLOOKUP($F2727,DADOS_SICRO,3,0),IF(G2727=\"SUDECAP\",VLOOKUP(F2727,DADOS_SUDECAP,3,0),IF(G2727=\"COTAÇÃO\",VLOOKUP($F2727,DADOS_COTACAO,9,0),\"\"))))))","v":"M2"},{"$f":"F2731","v":7},{"$f":"IF(G2727=\"SINAPI\",VLOOKUP($F2727,DADOS_SINAPI,4,0),IF(G2727=\"SETOP\",VLOOKUP($F2727,DADOS_SETOP,4,0),IF(G2727=\"CPU\",VLOOKUP($F2727,DADOS_COMPOSICAO,13,0),IF(G2727=\"SICRO\",VLOOKUP($F2727,DADOS_SICRO,4,0),IF(G2727=\"SUDECAP\",VLOOKUP(F2727,DADOS_SUDECAP,4,0),IF(G2727=\"COTAÇÃO\",VLOOKUP(F2727,DADOS_COTACAO,12,0),\"\"))))))","v":13.964399999999999},"BDI 1",{"$f":"TRUNC(J2727*(1+$N$17),2)","v":17.66},{"$f":"IFERROR(TRUNC(I2727*J2727,2),\"\")","v":97.75},{"$f":"IFERROR(TRUNC(L2727*I2727,2),\"\")","v":123.62}]
[2000]
[2000,null,null,null,"Quantidade ",{"$f":"F2720","v":7},"un "]
[2000,null,null,null,"Área",{"$f":"1*1","v":1},"m²"]
[2000,null,null,null,"Total",{"$f":"F2729*F2730","v":7},{"$f":"G2730","v":"m²"}]
[2000]
[null,null,null,"21.2","ILUMINAÇÃO",null,null,null,null,null,null,null,{"$f":"IFERROR(SUMIFS(M:M,A:A,LEFT(D2733,SEARCH(\".\",D2733)-1),B:B,RIGHT(D2733,LEN(D2733)-SEARCH(\".\",D2733))),\"\")","v":1478.4},{"$f":"IFERROR(SUMIFS(N:N,A:A,LEFT(D2733,SEARCH(\".\",D2733)-1),B:B,RIGHT(D2733,LEN(D2733)-SEARCH(\".\",D2733))),\"\")","v":1870.08}]
[{"$f":"IFERROR(LEFT(D2734,SEARCH(\".\",D2734)-1),\"\")","v":"21"},{"$f":"IFERROR(LEFT(RIGHT(D2734,LEN(D2734)-SEARCH(\".\",D2734)),SEARCH(\".\",RIGHT(D2734,LEN(D2734)-SEARCH(\".\",D2734)))-1),\"\")","v":"2"},{"$f":"IFERROR(IF(LEN(D2734)-LEN(SUBSTITUTE(D2734,\".\",\"\"))<>3,\"\",MID(D2734,SEARCH(\".\",D2734,SEARCH(\".\",D2734)+1)+1,LEN(D2734)-SEARCH(\".\",D2734,SEARCH(\".\",D2734)+1)-(LEN(D2734)-(SEARCH(\".\",D2734,SEARCH(\".\",D2734,SEARCH(\".\",D2734)+1)+1)-1)))),\"\")","v":""},"21.2.1",{"$f":"IF($G2734=\"SINAPI\",VLOOKUP($F2734,DADOS_SINAPI,2,0),IF(G2734=\"SETOP\",VLOOKUP($F2734,DADOS_SETOP,2,0),IF(G2734=\"CPU\",VLOOKUP($F2734,DADOS_COMPOSICAO,2,0),IF(G2734=\"SICRO\",VLOOKUP($F2734,DADOS_SICRO,2,0),IF(G2734=\"SUDECAP\",VLOOKUP(F2734,DADOS_SUDECAP,2,0),IF(G2734=\"COTAÇÃO\",VLOOKUP($F2734,DADOS_COTACAO,2,0),\"\"))))))","v":"LUMINÁRIA DE EMERGÊNCIA, COM 30 LÂMPADAS LED DE 2 W, SEM REATOR - FORNECIMENTO E INSTALAÇÃO. AF_02/2020"},97599,"SINAPI",{"$f":"IF(G2734=\"SINAPI\",VLOOKUP($F2734,DADOS_SINAPI,3,0),IF(G2734=\"SETOP\",VLOOKUP($F2734,DADOS_SETOP,3,0),IF(G2734=\"CPU\",VLOOKUP($F2734,DADOS_COMPOSICAO,10,0),IF(G2734=\"SICRO\",VLOOKUP($F2734,DADOS_SICRO,3,0),IF(G2734=\"SUDECAP\",VLOOKUP(F2734,DADOS_SUDECAP,3,0),IF(G2734=\"COTAÇÃO\",VLOOKUP($F2734,DADOS_COTACAO,9,0),\"\"))))))","v":"UN"},{"$f":"F2737","v":48},{"$f":"IF(G2734=\"SINAPI\",VLOOKUP($F2734,DADOS_SINAPI,4,0),IF(G2734=\"SETOP\",VLOOKUP($F2734,DADOS_SETOP,4,0),IF(G2734=\"CPU\",VLOOKUP($F2734,DADOS_COMPOSICAO,13,0),IF(G2734=\"SICRO\",VLOOKUP($F2734,DADOS_SICRO,4,0),IF(G2734=\"SUDECAP\",VLOOKUP(F2734,DADOS_SUDECAP,4,0),IF(G2734=\"COTAÇÃO\",VLOOKUP(F2734,DADOS_COTACAO,12,0),\"\"))))))","v":30.8},"BDI 1",{"$f":"TRUNC(J2734*(1+$N$17),2)","v":38.96},{"$f":"IFERROR(TRUNC(I2734*J2734,2),\"\")","v":1478.4},{"$f":"IFERROR(TRUNC(L2734*I2734,2),\"\")","v":1870.08}]
[2000]
[2000,null,null,null,"Quantidade ",48,"un "]
[2000,null,null,null,"Total",{"$f":"F2736","v":48},{"$f":"G2736","v":"un "}]
[2000]
[null,null,null,"21.3","PLACAS",null,null,null,null,null,null,null,{"$f":"IFERROR(SUMIFS(M:M,A:A,LEFT(D2739,SEARCH(\".\",D2739)-1),B:B,RIGHT(D2739,LEN(D2739)-SEARCH(\".\",D2739))),\"\")","v":2368.71},{"$f":"IFERROR(SUMIFS(N:N,A:A,LEFT(D2739,SEARCH(\".\",D2739)-1),B:B,RIGHT(D2739,LEN(D2739)-SEARCH(\".\",D2739))),\"\")","v":2996.37}]
[{"$f":"IFERROR(LEFT(D2740,SEARCH(\".\",D2740)-1),\"\")","v":"21"},{"$f":"IFERROR(LEFT(RIGHT(D2740,LEN(D2740)-SEARCH(\".\",D2740)),SEARCH(\".\",RIGHT(D2740,LEN(D2740)-SEARCH(\".\",D2740)))-1),\"\")","v":"3"},{"$f":"IFERROR(IF(LEN(D2740)-LEN(SUBSTITUTE(D2740,\".\",\"\"))<>3,\"\",MID(D2740,SEARCH(\".\",D2740,SEARCH(\".\",D2740)+1)+1,LEN(D2740)-SEARCH(\".\",D2740,SEARCH(\".\",D2740)+1)-(LEN(D2740)-(SEARCH(\".\",D2740,SEARCH(\".\",D2740,SEARCH(\".\",D2740)+1)+1)-1)))),\"\")","v":""},"21.3.1",{"$f":"IF($G2740=\"SINAPI\",VLOOKUP($F2740,DADOS_SINAPI,2,0),IF(G2740=\"SETOP\",VLOOKUP($F2740,DADOS_SETOP,2,0),IF(G2740=\"CPU\",VLOOKUP($F2740,DADOS_COMPOSICAO,2,0),IF(G2740=\"SICRO\",VLOOKUP($F2740,DADOS_SICRO,2,0),IF(G2740=\"SUDECAP\",VLOOKUP(F2740,DADOS_SUDECAP,2,0),IF(G2740=\"COTAÇÃO\",VLOOKUP($F2740,DADOS_COTACAO,2,0),\"\"))))))","v":"PLACA FOTOLUMINESCENTE PARA SINALIZAÇÃO DE EMERGÊNCIA, TIPO \"S2\", DIMENSÃO (380X190)MM, INCLUSIVE FIXAÇÃO"},"ED-50201","SETOP",{"$f":"IF(G2740=\"SINAPI\",VLOOKUP($F2740,DADOS_SINAPI,3,0),IF(G2740=\"SETOP\",VLOOKUP($F2740,DADOS_SETOP,3,0),IF(G2740=\"CPU\",VLOOKUP($F2740,DADOS_COMPOSICAO,10,0),IF(G2740=\"SICRO\",VLOOKUP($F2740,DADOS_SICRO,3,0),IF(G2740=\"SUDECAP\",VLOOKUP(F2740,DADOS_SUDECAP,3,0),IF(G2740=\"COTAÇÃO\",VLOOKUP($F2740,DADOS_COTACAO,9,0),\"\"))))))","v":"un"},{"$f":"F2743","v":9},{"$f":"IF(G2740=\"SINAPI\",VLOOKUP($F2740,DADOS_SINAPI,4,0),IF(G2740=\"SETOP\",VLOOKUP($F2740,DADOS_SETOP,4,0),IF(G2740=\"CPU\",VLOOKUP($F2740,DADOS_COMPOSICAO,13,0),IF(G2740=\"SICRO\",VLOOKUP($F2740,DADOS_SICRO,4,0),IF(G2740=\"SUDECAP\",VLOOKUP(F2740,DADOS_SUDECAP,4,0),IF(G2740=\"COTAÇÃO\",VLOOKUP(F2740,DADOS_COTACAO,12,0),\"\"))))))","v":22.97},"BDI 1",{"$f":"TRUNC(J2740*(1+$N$17),2)","v":29.06},{"$f":"IFERROR(TRUNC(I2740*J2740,2),\"\")","v":206.73},{"$f":"IFERROR(TRUNC(L2740*I2740,2),\"\")","v":261.54000000000002}]
[2000]
[2000,null,null,null,"Quantidade ",9,"un "]
[2000,null,null,null,"Total",{"$f":"F2742","v":9},{"$f":"G2742","v":"un "}]
[2000]
[{"$f":"IFERROR(LEFT(D2745,SEARCH(\".\",D2745)-1),\"\")","v":"21"},{"$f":"IFERROR(LEFT(RIGHT(D2745,LEN(D2745)-SEARCH(\".\",D2745)),SEARCH(\".\",RIGHT(D2745,LEN(D2745)-SEARCH(\".\",D2745)))-1),\"\")","v":"3"},{"$f":"IFERROR(IF(LEN(D2745)-LEN(SUBSTITUTE(D2745,\".\",\"\"))<>3,\"\",MID(D2745,SEARCH(\".\",D2745,SEARCH(\".\",D2745)+1)+1,LEN(D2745)-SEARCH(\".\",D2745,SEARCH(\".\",D2745)+1)-(LEN(D2745)-(SEARCH(\".\",D2745,SEARCH(\".\",D2745,SEARCH(\".\",D2745)+1)+1)-1)))),\"\")","v":""},"21.3.2",{"$f":"IF($G2745=\"SINAPI\",VLOOKUP($F2745,DADOS_SINAPI,2,0),IF(G2745=\"SETOP\",VLOOKUP($F2745,DADOS_SETOP,2,0),IF(G2745=\"CPU\",VLOOKUP($F2745,DADOS_COMPOSICAO,2,0),IF(G2745=\"SICRO\",VLOOKUP($F2745,DADOS_SICRO,2,0),IF(G2745=\"SUDECAP\",VLOOKUP(F2745,DADOS_SUDECAP,2,0),IF(G2745=\"COTAÇÃO\",VLOOKUP($F2745,DADOS_COTACAO,2,0),\"\"))))))","v":"PLACA FOTOLUMINESCENTE PARA SINALIZAÇÃO DE EMERGÊNCIA, TIPO \"S1\", DIMENSÃO (380X190)MM, INCLUSIVE FIXAÇÃO"},"ED-50202","SETOP",{"$f":"IF(G2745=\"SINAPI\",VLOOKUP($F2745,DADOS_SINAPI,3,0),IF(G2745=\"SETOP\",VLOOKUP($F2745,DADOS_SETOP,3,0),IF(G2745=\"CPU\",VLOOKUP($F2745,DADOS_COMPOSICAO,10,0),IF(G2745=\"SICRO\",VLOOKUP($F2745,DADOS_SICRO,3,0),IF(G2745=\"SUDECAP\",VLOOKUP(F2745,DADOS_SUDECAP,3,0),IF(G2745=\"COTAÇÃO\",VLOOKUP($F2745,DADOS_COTACAO,9,0),\"\"))))))","v":"un"},{"$f":"F2748","v":6},{"$f":"IF(G2745=\"SINAPI\",VLOOKUP($F2745,DADOS_SINAPI,4,0),IF(G2745=\"SETOP\",VLOOKUP($F2745,DADOS_SETOP,4,0),IF(G2745=\"CPU\",VLOOKUP($F2745,DADOS_COMPOSICAO,13,0),IF(G2745=\"SICRO\",VLOOKUP($F2745,DADOS_SICRO,4,0),IF(G2745=\"SUDECAP\",VLOOKUP(F2745,DADOS_SUDECAP,4,0),IF(G2745=\"COTAÇÃO\",VLOOKUP(F2745,DADOS_COTACAO,12,0),\"\"))))))","v":23.29},"BDI 1",{"$f":"TRUNC(J2745*(1+$N$17),2)","v":29.46},{"$f":"IFERROR(TRUNC(I2745*J2745,2),\"\")","v":139.74},{"$f":"IFERROR(TRUNC(L2745*I2745,2),\"\")","v":176.76}]
[2000]
[2000,null,null,null,"Quantidade ",6,"un "]
[2000,null,null,null,"Total",{"$f":"F2747","v":6},{"$f":"G2747","v":"un "}]
[2000]
[{"$f":"IFERROR(LEFT(D2750,SEARCH(\".\",D2750)-1),\"\")","v":"21"},{"$f":"IFERROR(LEFT(RIGHT(D2750,LEN(D2750)-SEARCH(\".\",D2750)),SEARCH(\".\",RIGHT(D2750,LEN(D2750)-SEARCH(\".\",D2750)))-1),\"\")","v":"3"},{"$f":"IFERROR(IF(LEN(D2750)-LEN(SUBSTITUTE(D2750,\".\",\"\"))<>3,\"\",MID(D2750,SEARCH(\".\",D2750,SEARCH(\".\",D2750)+1)+1,LEN(D2750)-SEARCH(\".\",D2750,SEARCH(\".\",D2750)+1)-(LEN(D2750)-(SEARCH(\".\",D2750,SEARCH(\".\",D2750,SEARCH(\".\",D2750)+1)+1)-1)))),\"\")","v":""},"21.3.3",{"$f":"VLOOKUP($F2750,DADOS_COTACAO,2,0)","v":"PLACA FOTOLUMINESCENTE \"S3\""},"COT-INC-001","COTAÇÃO",{"$f":"VLOOKUP($F2750,DADOS_COTACAO,9,0)","v":"UN "},{"$f":"F2753","v":31},{"$f":"VLOOKUP($F2750,DADOS_COTACAO,12,0)","v":37.25},"BDI 1",{"$f":"TRUNC(J2750*(1+$N$17),2)","v":47.12},{"$f":"IFERROR(TRUNC(I2750*J2750,2),\"\")","v":1154.75},{"$f":"IFERROR(TRUNC(L2750*I2750,2),\"\")","v":1460.72}]
[2000]
[2000,null,null,null,"Quantidade ",31,"un "]
[2000,null,null,null,"Total",{"$f":"F2752","v":31},{"$f":"G2752","v":"un "}]
[2000]
[{"$f":"IFERROR(LEFT(D2755,SEARCH(\".\",D2755)-1),\"\")","v":"21"},{"$f":"IFERROR(LEFT(RIGHT(D2755,LEN(D2755)-SEARCH(\".\",D2755)),SEARCH(\".\",RIGHT(D2755,LEN(D2755)-SEARCH(\".\",D2755)))-1),\"\")","v":"3"},{"$f":"IFERROR(IF(LEN(D2755)-LEN(SUBSTITUTE(D2755,\".\",\"\"))<>3,\"\",MID(D2755,SEARCH(\".\",D2755,SEARCH(\".\",D2755)+1)+1,LEN(D2755)-SEARCH(\".\",D2755,SEARCH(\".\",D2755)+1)-(LEN(D2755)-(SEARCH(\".\",D2755,SEARCH(\".\",D2755,SEARCH(\".\",D2755)+1)+1)-1)))),\"\")","v":""},"21.3.4",{"$f":"IF($G2755=\"SINAPI\",VLOOKUP($F2755,DADOS_SINAPI,2,0),IF(G2755=\"SETOP\",VLOOKUP($F2755,DADOS_SETOP,2,0),IF(G2755=\"CPU\",VLOOKUP($F2755,DADOS_COMPOSICAO,2,0),IF(G2755=\"SICRO\",VLOOKUP($F2755,DADOS_SICRO,2,0),IF(G2755=\"SUDECAP\",VLOOKUP(F2755,DADOS_SUDECAP,2,0),IF(G2755=\"COTAÇÃO\",VLOOKUP($F2755,DADOS_COTACAO,2,0),\"\"))))))","v":"PLACA FOTOLUMINESCENTE PARA SINALIZAÇÃO DE EMERGÊNCIA, TIPO \"S12\", DIMENSÃO (380X190)MM, INCLUSIVE FIXAÇÃO"},"ED-50205","SETOP",{"$f":"IF(G2755=\"SINAPI\",VLOOKUP($F2755,DADOS_SINAPI,3,0),IF(G2755=\"SETOP\",VLOOKUP($F2755,DADOS_SETOP,3,0),IF(G2755=\"CPU\",VLOOKUP($F2755,DADOS_COMPOSICAO,10,0),IF(G2755=\"SICRO\",VLOOKUP($F2755,DADOS_SICRO,3,0),IF(G2755=\"SUDECAP\",VLOOKUP(F2755,DADOS_SUDECAP,3,0),IF(G2755=\"COTAÇÃO\",VLOOKUP($F2755,DADOS_COTACAO,9,0),\"\"))))))","v":"un"},{"$f":"F2758","v":4},{"$f":"IF(G2755=\"SINAPI\",VLOOKUP($F2755,DADOS_SINAPI,4,0),IF(G2755=\"SETOP\",VLOOKUP($F2755,DADOS_SETOP,4,0),IF(G2755=\"CPU\",VLOOKUP($F2755,DADOS_COMPOSICAO,13,0),IF(G2755=\"SICRO\",VLOOKUP($F2755,DADOS_SICRO,4,0),IF(G2755=\"SUDECAP\",VLOOKUP(F2755,DADOS_SUDECAP,4,0),IF(G2755=\"COTAÇÃO\",VLOOKUP(F2755,DADOS_COTACAO,12,0),\"\"))))))","v":22.85},"BDI 1",{"$f":"TRUNC(J2755*(1+$N$17),2)","v":28.9},{"$f":"IFERROR(TRUNC(I2755*J2755,2),\"\")","v":91.4},{"$f":"IFERROR(TRUNC(L2755*I2755,2),\"\")","v":115.6}]
[2000]
[2000,null,null,null,"Quantidade ",4,"un "]
[2000,null,null,null,"Total",{"$f":"F2757","v":4},{"$f":"G2757","v":"un "}]
[2000]
[{"$f":"IFERROR(LEFT(D2760,SEARCH(\".\",D2760)-1),\"\")","v":"21"},{"$f":"IFERROR(LEFT(RIGHT(D2760,LEN(D2760)-SEARCH(\".\",D2760)),SEARCH(\".\",RIGHT(D2760,LEN(D2760)-SEARCH(\".\",D2760)))-1),\"\")","v":"3"},{"$f":"IFERROR(IF(LEN(D2760)-LEN(SUBSTITUTE(D2760,\".\",\"\"))<>3,\"\",MID(D2760,SEARCH(\".\",D2760,SEARCH(\".\",D2760)+1)+1,LEN(D2760)-SEARCH(\".\",D2760,SEARCH(\".\",D2760)+1)-(LEN(D2760)-(SEARCH(\".\",D2760,SEARCH(\".\",D2760,SEARCH(\".\",D2760)+1)+1)-1)))),\"\")","v":""},"21.3.5",{"$f":"VLOOKUP($F2760,DADOS_COTACAO,2,0)","v":"PLACA FOTOLUMINESCENTE \"E1\" - ALARME SONORO "},"COT-INC-002","COTAÇÃO",{"$f":"VLOOKUP($F2760,DADOS_COTACAO,9,0)","v":"UN "},{"$f":"F2763","v":2},{"$f":"VLOOKUP($F2760,DADOS_COTACAO,12,0)","v":37.840000000000003},"BDI 1",{"$f":"TRUNC(J2760*(1+$N$17),2)","v":47.87},{"$f":"IFERROR(TRUNC(I2760*J2760,2),\"\")","v":75.680000000000007},{"$f":"IFERROR(TRUNC(L2760*I2760,2),\"\")","v":95.74}]
[2000]
[2000,null,null,null,"Quantidade ",2,"un "]
[2000,null,null,null,"Total",{"$f":"F2762","v":2},{"$f":"G2762","v":"un "}]
[2000]
[{"$f":"IFERROR(LEFT(D2765,SEARCH(\".\",D2765)-1),\"\")","v":"21"},{"$f":"IFERROR(LEFT(RIGHT(D2765,LEN(D2765)-SEARCH(\".\",D2765)),SEARCH(\".\",RIGHT(D2765,LEN(D2765)-SEARCH(\".\",D2765)))-1),\"\")","v":"3"},{"$f":"IFERROR(IF(LEN(D2765)-LEN(SUBSTITUTE(D2765,\".\",\"\"))<>3,\"\",MID(D2765,SEARCH(\".\",D2765,SEARCH(\".\",D2765)+1)+1,LEN(D2765)-SEARCH(\".\",D2765,SEARCH(\".\",D2765)+1)-(LEN(D2765)-(SEARCH(\".\",D2765,SEARCH(\".\",D2765,SEARCH(\".\",D2765)+1)+1)-1)))),\"\")","v":""},"21.3.6",{"$f":"VLOOKUP($F2765,DADOS_COTACAO,2,0)","v":"PLACA FOTOLUMINESCENTE \"E2\" - ALARME DE INCÊNDIO"},"COT-INC-003","COTAÇÃO",{"$f":"VLOOKUP($F2765,DADOS_COTACAO,9,0)","v":"UN "},{"$f":"F2768","v":2},{"$f":"VLOOKUP($F2765,DADOS_COTACAO,12,0)","v":48.62},"BDI 1",{"$f":"TRUNC(J2765*(1+$N$17),2)","v":61.51},{"$f":"IFERROR(TRUNC(I2765*J2765,2),\"\")","v":97.24},{"$f":"IFERROR(TRUNC(L2765*I2765,2),\"\")","v":123.02}]
[2000]
[2000,null,null,null,"Quantidade ",2,"un "]
[2000,null,null,null,"Total",{"$f":"F2767","v":2},{"$f":"G2767","v":"un "}]
[2000]
[{"$f":"IFERROR(LEFT(D2770,SEARCH(\".\",D2770)-1),\"\")","v":"21"},{"$f":"IFERROR(LEFT(RIGHT(D2770,LEN(D2770)-SEARCH(\".\",D2770)),SEARCH(\".\",RIGHT(D2770,LEN(D2770)-SEARCH(\".\",D2770)))-1),\"\")","v":"3"},{"$f":"IFERROR(IF(LEN(D2770)-LEN(SUBSTITUTE(D2770,\".\",\"\"))<>3,\"\",MID(D2770,SEARCH(\".\",D2770,SEARCH(\".\",D2770)+1)+1,LEN(D2770)-SEARCH(\".\",D2770,SEARCH(\".\",D2770)+1)-(LEN(D2770)-(SEARCH(\".\",D2770,SEARCH(\".\",D2770,SEARCH(\".\",D2770)+1)+1)-1)))),\"\")","v":""},"21.3.7",{"$f":"IF($G2770=\"SINAPI\",VLOOKUP($F2770,DADOS_SINAPI,2,0),IF(G2770=\"SETOP\",VLOOKUP($F2770,DADOS_SETOP,2,0),IF(G2770=\"CPU\",VLOOKUP($F2770,DADOS_COMPOSICAO,2,0),IF(G2770=\"SICRO\",VLOOKUP($F2770,DADOS_SICRO,2,0),IF(G2770=\"SUDECAP\",VLOOKUP(F2770,DADOS_SUDECAP,2,0),IF(G2770=\"COTAÇÃO\",VLOOKUP($F2770,DADOS_COTACAO,2,0),\"\"))))))","v":"PLACA FOTOLUMINESCENTE PARA SINALIZAÇÃO DE EMERGÊNCIA, TIPO \"E5\", DIMENSÃO (300X300)MM, INCLUSIVE FIXAÇÃO"},"ED-50199","SETOP",{"$f":"IF(G2770=\"SINAPI\",VLOOKUP($F2770,DADOS_SINAPI,3,0),IF(G2770=\"SETOP\",VLOOKUP($F2770,DADOS_SETOP,3,0),IF(G2770=\"CPU\",VLOOKUP($F2770,DADOS_COMPOSICAO,10,0),IF(G2770=\"SICRO\",VLOOKUP($F2770,DADOS_SICRO,3,0),IF(G2770=\"SUDECAP\",VLOOKUP(F2770,DADOS_SUDECAP,3,0),IF(G2770=\"COTAÇÃO\",VLOOKUP($F2770,DADOS_COTACAO,9,0),\"\"))))))","v":"un"},{"$f":"F2773","v":7},{"$f":"IF(G2770=\"SINAPI\",VLOOKUP($F2770,DADOS_SINAPI,4,0),IF(G2770=\"SETOP\",VLOOKUP($F2770,DADOS_SETOP,4,0),IF(G2770=\"CPU\",VLOOKUP($F2770,DADOS_COMPOSICAO,13,0),IF(G2770=\"SICRO\",VLOOKUP($F2770,DADOS_SICRO,4,0),IF(G2770=\"SUDECAP\",VLOOKUP(F2770,DADOS_SUDECAP,4,0),IF(G2770=\"COTAÇÃO\",VLOOKUP(F2770,DADOS_COTACAO,12,0),\"\"))))))","v":20.78},"BDI 1",{"$f":"TRUNC(J2770*(1+$N$17),2)","v":26.29},{"$f":"IFERROR(TRUNC(I2770*J2770,2),\"\")","v":145.46},{"$f":"IFERROR(TRUNC(L2770*I2770,2),\"\")","v":184.03}]
[2000]
[2000,null,null,null,"Quantidade ",{"$f":"F2720","v":7},"un "]
[2000,null,null,null,"Total",{"$f":"F2772","v":7},{"$f":"G2772","v":"un "}]
[2000]
[{"$f":"IFERROR(LEFT(D2775,SEARCH(\".\",D2775)-1),\"\")","v":"21"},{"$f":"IFERROR(LEFT(RIGHT(D2775,LEN(D2775)-SEARCH(\".\",D2775)),SEARCH(\".\",RIGHT(D2775,LEN(D2775)-SEARCH(\".\",D2775)))-1),\"\")","v":"3"},{"$f":"IFERROR(IF(LEN(D2775)-LEN(SUBSTITUTE(D2775,\".\",\"\"))<>3,\"\",MID(D2775,SEARCH(\".\",D2775,SEARCH(\".\",D2775)+1)+1,LEN(D2775)-SEARCH(\".\",D2775,SEARCH(\".\",D2775)+1)-(LEN(D2775)-(SEARCH(\".\",D2775,SEARCH(\".\",D2775,SEARCH(\".\",D2775)+1)+1)-1)))),\"\")","v":""},"21.3.8",{"$f":"IF($G2775=\"SINAPI\",VLOOKUP($F2775,DADOS_SINAPI,2,0),IF(G2775=\"SETOP\",VLOOKUP($F2775,DADOS_SETOP,2,0),IF(G2775=\"CPU\",VLOOKUP($F2775,DADOS_COMPOSICAO,2,0),IF(G2775=\"SICRO\",VLOOKUP($F2775,DADOS_SICRO,2,0),IF(G2775=\"SUDECAP\",VLOOKUP(F2775,DADOS_SUDECAP,2,0),IF(G2775=\"COTAÇÃO\",VLOOKUP($F2775,DADOS_COTACAO,2,0),\"\"))))))","v":"PLACA FOTOLUMINESCENTE PARA SINALIZAÇÃO DE EMERGÊNCIA, TIPO \"E8\", DIMENSÃO (300X300)MM, INCLUSIVE FIXAÇÃO"},"ED-50200","SETOP",{"$f":"IF(G2775=\"SINAPI\",VLOOKUP($F2775,DADOS_SINAPI,3,0),IF(G2775=\"SETOP\",VLOOKUP($F2775,DADOS_SETOP,3,0),IF(G2775=\"CPU\",VLOOKUP($F2775,DADOS_COMPOSICAO,10,0),IF(G2775=\"SICRO\",VLOOKUP($F2775,DADOS_SICRO,3,0),IF(G2775=\"SUDECAP\",VLOOKUP(F2775,DADOS_SUDECAP,3,0),IF(G2775=\"COTAÇÃO\",VLOOKUP($F2775,DADOS_COTACAO,9,0),\"\"))))))","v":"un"},{"$f":"F2778","v":2},{"$f":"IF(G2775=\"SINAPI\",VLOOKUP($F2775,DADOS_SINAPI,4,0),IF(G2775=\"SETOP\",VLOOKUP($F2775,DADOS_SETOP,4,0),IF(G2775=\"CPU\",VLOOKUP($F2775,DADOS_COMPOSICAO,13,0),IF(G2775=\"SICRO\",VLOOKUP($F2775,DADOS_SICRO,4,0),IF(G2775=\"SUDECAP\",VLOOKUP(F2775,DADOS_SUDECAP,4,0),IF(G2775=\"COTAÇÃO\",VLOOKUP(F2775,DADOS_COTACAO,12,0),\"\"))))))","v":20.77},"BDI 1",{"$f":"TRUNC(J2775*(1+$N$17),2)","v":26.27},{"$f":"IFERROR(TRUNC(I2775*J2775,2),\"\")","v":41.54},{"$f":"IFERROR(TRUNC(L2775*I2775,2),\"\")","v":52.54}]
[2000]
[2000,null,null,null,"Quantidade ",2,"un "]
[2000,null,null,null,"Total",{"$f":"F2777","v":2},{"$f":"G2777","v":"un "}]
[2000]
[{"$f":"IFERROR(LEFT(D2780,SEARCH(\".\",D2780)-1),\"\")","v":"21"},{"$f":"IFERROR(LEFT(RIGHT(D2780,LEN(D2780)-SEARCH(\".\",D2780)),SEARCH(\".\",RIGHT(D2780,LEN(D2780)-SEARCH(\".\",D2780)))-1),\"\")","v":"3"},{"$f":"IFERROR(IF(LEN(D2780)-LEN(SUBSTITUTE(D2780,\".\",\"\"))<>3,\"\",MID(D2780,SEARCH(\".\",D2780,SEARCH(\".\",D2780)+1)+1,LEN(D2780)-SEARCH(\".\",D2780,SEARCH(\".\",D2780)+1)-(LEN(D2780)-(SEARCH(\".\",D2780,SEARCH(\".\",D2780,SEARCH(\".\",D2780)+1)+1)-1)))),\"\")","v":""},"21.3.9",{"$f":"VLOOKUP($F2780,DADOS_COTACAO,2,0)","v":"PLACA FOTOLIMINESCENTE \"E9\" - HIDRANTE"},"COT-INC-004","COTAÇÃO",{"$f":"VLOOKUP($F2780,DADOS_COTACAO,9,0)","v":"UN "},{"$f":"F2783","v":2},{"$f":"VLOOKUP($F2780,DADOS_COTACAO,12,0)","v":35.619999999999997},"BDI 1",{"$f":"TRUNC(J2780*(1+$N$17),2)","v":45.06},{"$f":"IFERROR(TRUNC(I2780*J2780,2),\"\")","v":71.239999999999995},{"$f":"IFERROR(TRUNC(L2780*I2780,2),\"\")","v":90.12}]
[2000]
[2000,null,null,null,"Quantidade ",2,"un "]
[2000,null,null,null,"Total",{"$f":"F2782","v":2},{"$f":"G2782","v":"un "}]
[2000]
[{"$f":"IFERROR(LEFT(D2785,SEARCH(\".\",D2785)-1),\"\")","v":"21"},{"$f":"IFERROR(LEFT(RIGHT(D2785,LEN(D2785)-SEARCH(\".\",D2785)),SEARCH(\".\",RIGHT(D2785,LEN(D2785)-SEARCH(\".\",D2785)))-1),\"\")","v":"3"},{"$f":"IFERROR(IF(LEN(D2785)-LEN(SUBSTITUTE(D2785,\".\",\"\"))<>3,\"\",MID(D2785,SEARCH(\".\",D2785,SEARCH(\".\",D2785)+1)+1,LEN(D2785)-SEARCH(\".\",D2785,SEARCH(\".\",D2785)+1)-(LEN(D2785)-(SEARCH(\".\",D2785,SEARCH(\".\",D2785,SEARCH(\".\",D2785)+1)+1)-1)))),\"\")","v":""},"21.3.10",{"$f":"VLOOKUP($F2785,DADOS_COTACAO,2,0)","v":"PLACA FOTOLUMINESCENTE \"M1\" - SISTEMAS DE SEGURANÇA"},"COT-INC-005","COTAÇÃO",{"$f":"VLOOKUP($F2785,DADOS_COTACAO,9,0)","v":"UN "},{"$f":"F2788","v":1},{"$f":"VLOOKUP($F2785,DADOS_COTACAO,12,0)","v":66.430000000000007},"BDI 1",{"$f":"TRUNC(J2785*(1+$N$17),2)","v":84.04},{"$f":"IFERROR(TRUNC(I2785*J2785,2),\"\")","v":66.430000000000007},{"$f":"IFERROR(TRUNC(L2785*I2785,2),\"\")","v":84.04}]
[2000]
[2000,null,null,null,"Quantidade ",1,"un "]
[2000,null,null,null,"Total",{"$f":"F2787","v":1},{"$f":"G2787","v":"un "}]
[2000]
[{"$f":"IFERROR(LEFT(D2790,SEARCH(\".\",D2790)-1),\"\")","v":"21"},{"$f":"IFERROR(LEFT(RIGHT(D2790,LEN(D2790)-SEARCH(\".\",D2790)),SEARCH(\".\",RIGHT(D2790,LEN(D2790)-SEARCH(\".\",D2790)))-1),\"\")","v":"3"},{"$f":"IFERROR(IF(LEN(D2790)-LEN(SUBSTITUTE(D2790,\".\",\"\"))<>3,\"\",MID(D2790,SEARCH(\".\",D2790,SEARCH(\".\",D2790)+1)+1,LEN(D2790)-SEARCH(\".\",D2790,SEARCH(\".\",D2790)+1)-(LEN(D2790)-(SEARCH(\".\",D2790,SEARCH(\".\",D2790,SEARCH(\".\",D2790)+1)+1)-1)))),\"\")","v":""},"21.3.11",{"$f":"IF($G2790=\"SINAPI\",VLOOKUP($F2790,DADOS_SINAPI,2,0),IF(G2790=\"SETOP\",VLOOKUP($F2790,DADOS_SETOP,2,0),IF(G2790=\"CPU\",VLOOKUP($F2790,DADOS_COMPOSICAO,2,0),IF(G2790=\"SICRO\",VLOOKUP($F2790,DADOS_SICRO,2,0),IF(G2790=\"SUDECAP\",VLOOKUP(F2790,DADOS_SUDECAP,2,0),IF(G2790=\"COTAÇÃO\",VLOOKUP($F2790,DADOS_COTACAO,2,0),\"\"))))))","v":"INSTALAÇÃO DE PLACAS"},"DAC-21.2","CPU",{"$f":"IF(G2790=\"SINAPI\",VLOOKUP($F2790,DADOS_SINAPI,3,0),IF(G2790=\"SETOP\",VLOOKUP($F2790,DADOS_SETOP,3,0),IF(G2790=\"CPU\",VLOOKUP($F2790,DADOS_COMPOSICAO,10,0),IF(G2790=\"SICRO\",VLOOKUP($F2790,DADOS_SICRO,3,0),IF(G2790=\"SUDECAP\",VLOOKUP(F2790,DADOS_SUDECAP,3,0),IF(G2790=\"COTAÇÃO\",VLOOKUP($F2790,DADOS_COTACAO,9,0),\"\"))))))","v":"UN "},{"$f":"F2793","v":38},{"$f":"IF(G2790=\"SINAPI\",VLOOKUP($F2790,DADOS_SINAPI,4,0),IF(G2790=\"SETOP\",VLOOKUP($F2790,DADOS_SETOP,4,0),IF(G2790=\"CPU\",VLOOKUP($F2790,DADOS_COMPOSICAO,13,0),IF(G2790=\"SICRO\",VLOOKUP($F2790,DADOS_SICRO,4,0),IF(G2790=\"SUDECAP\",VLOOKUP(F2790,DADOS_SUDECAP,4,0),IF(G2790=\"COTAÇÃO\",VLOOKUP(F2790,DADOS_COTACAO,12,0),\"\"))))))","v":7.3289999999999997},"BDI 1",{"$f":"TRUNC(J2790*(1+$N$17),2)","v":9.27},{"$f":"IFERROR(TRUNC(I2790*J2790,2),\"\")","v":278.5},{"$f":"IFERROR(TRUNC(L2790*I2790,2),\"\")","v":352.26}]
[2000]
[2000,null,null,null,"Quantidade ",{"$f":"SUM(F2753,F2763,F2768,F2783,F2788)","v":38},"un "]
[2000,null,null,null,"Total",{"$f":"F2792","v":38},{"$f":"G2792","v":"un "}]
[2000]
[null,null,null,"21.4","REDE DE HIDRANTES",null,null,null,null,null,null,null,{"$f":"IFERROR(SUMIFS(M:M,A:A,LEFT(D2795,SEARCH(\".\",D2795)-1),B:B,RIGHT(D2795,LEN(D2795)-SEARCH(\".\",D2795))),\"\")","v":20610.5},{"$f":"IFERROR(SUMIFS(N:N,A:A,LEFT(D2795,SEARCH(\".\",D2795)-1),B:B,RIGHT(D2795,LEN(D2795)-SEARCH(\".\",D2795))),\"\")","v":26075.350000000002}]
[{"$f":"IFERROR(LEFT(D2796,SEARCH(\".\",D2796)-1),\"\")","v":"21"},{"$f":"IFERROR(LEFT(RIGHT(D2796,LEN(D2796)-SEARCH(\".\",D2796)),SEARCH(\".\",RIGHT(D2796,LEN(D2796)-SEARCH(\".\",D2796)))-1),\"\")","v":"4"},{"$f":"IFERROR(IF(LEN(D2796)-LEN(SUBSTITUTE(D2796,\".\",\"\"))<>3,\"\",MID(D2796,SEARCH(\".\",D2796,SEARCH(\".\",D2796)+1)+1,LEN(D2796)-SEARCH(\".\",D2796,SEARCH(\".\",D2796)+1)-(LEN(D2796)-(SEARCH(\".\",D2796,SEARCH(\".\",D2796,SEARCH(\".\",D2796)+1)+1)-1)))),\"\")","v":""},"21.4.1",{"$f":"IF($G2796=\"SINAPI\",VLOOKUP($F2796,DADOS_SINAPI,2,0),IF(G2796=\"SETOP\",VLOOKUP($F2796,DADOS_SETOP,2,0),IF(G2796=\"CPU\",VLOOKUP($F2796,DADOS_COMPOSICAO,2,0),IF(G2796=\"SICRO\",VLOOKUP($F2796,DADOS_SICRO,2,0),IF(G2796=\"SUDECAP\",VLOOKUP(F2796,DADOS_SUDECAP,2,0),IF(G2796=\"COTAÇÃO\",VLOOKUP($F2796,DADOS_COTACAO,2,0),\"\"))))))","v":"TUBO DE AÇO GALVANIZADO COM COSTURA, CLASSE MÉDIA, DN 65 (2 1/2\"), CONEXÃO ROSQUEADA, INSTALADO EM REDE DE ALIMENTAÇÃO PARA HIDRANTE - FORNECIMENTO E INSTALAÇÃO. AF_10/2020"},92367,"SINAPI",{"$f":"IF(G2796=\"SINAPI\",VLOOKUP($F2796,DADOS_SINAPI,3,0),IF(G2796=\"SETOP\",VLOOKUP($F2796,DADOS_SETOP,3,0),IF(G2796=\"CPU\",VLOOKUP($F2796,DADOS_COMPOSICAO,10,0),IF(G2796=\"SICRO\",VLOOKUP($F2796,DADOS_SICRO,3,0),IF(G2796=\"SUDECAP\",VLOOKUP(F2796,DADOS_SUDECAP,3,0),IF(G2796=\"COTAÇÃO\",VLOOKUP($F2796,DADOS_COTACAO,9,0),\"\"))))))","v":"M"},{"$f":"F2799","v":87.695999999999998},{"$f":"IF(G2796=\"SINAPI\",VLOOKUP($F2796,DADOS_SINAPI,4,0),IF(G2796=\"SETOP\",VLOOKUP($F2796,DADOS_SETOP,4,0),IF(G2796=\"CPU\",VLOOKUP($F2796,DADOS_COMPOSICAO,13,0),IF(G2796=\"SICRO\",VLOOKUP($F2796,DADOS_SICRO,4,0),IF(G2796=\"SUDECAP\",VLOOKUP(F2796,DADOS_SUDECAP,4,0),IF(G2796=\"COTAÇÃO\",VLOOKUP(F2796,DADOS_COTACAO,12,0),\"\"))))))","v":123.3},"BDI 1",{"$f":"TRUNC(J2796*(1+$N$17),2)","v":155.99},{"$f":"IFERROR(TRUNC(I2796*J2796,2),\"\")","v":10812.91},{"$f":"IFERROR(TRUNC(L2796*I2796,2),\"\")","v":13679.69}]
[2000]
[2000,null,null,null,"Quantidade ",{"$f":"(71.75+11.77)+((71.75+11.77)*(5/100))","v":87.695999999999998},"m"]
[2000,null,null,null,"Total",{"$f":"F2798","v":87.695999999999998},{"$f":"G2798","v":"m"}]
[2000]
[{"$f":"IFERROR(LEFT(D2801,SEARCH(\".\",D2801)-1),\"\")","v":"21"},{"$f":"IFERROR(LEFT(RIGHT(D2801,LEN(D2801)-SEARCH(\".\",D2801)),SEARCH(\".\",RIGHT(D2801,LEN(D2801)-SEARCH(\".\",D2801)))-1),\"\")","v":"4"},{"$f":"IFERROR(IF(LEN(D2801)-LEN(SUBSTITUTE(D2801,\".\",\"\"))<>3,\"\",MID(D2801,SEARCH(\".\",D2801,SEARCH(\".\",D2801)+1)+1,LEN(D2801)-SEARCH(\".\",D2801,SEARCH(\".\",D2801)+1)-(LEN(D2801)-(SEARCH(\".\",D2801,SEARCH(\".\",D2801,SEARCH(\".\",D2801)+1)+1)-1)))),\"\")","v":""},"21.4.2",{"$f":"IF($G2801=\"SINAPI\",VLOOKUP($F2801,DADOS_SINAPI,2,0),IF(G2801=\"SETOP\",VLOOKUP($F2801,DADOS_SETOP,2,0),IF(G2801=\"CPU\",VLOOKUP($F2801,DADOS_COMPOSICAO,2,0),IF(G2801=\"SICRO\",VLOOKUP($F2801,DADOS_SICRO,2,0),IF(G2801=\"SUDECAP\",VLOOKUP(F2801,DADOS_SUDECAP,2,0),IF(G2801=\"COTAÇÃO\",VLOOKUP($F2801,DADOS_COTACAO,2,0),\"\"))))))","v":"JOELHO 90 GRAUS, EM FERRO GALVANIZADO, DN 65 (2 1/2\"), CONEXÃO ROSQUEADA, INSTALADO EM REDE DE ALIMENTAÇÃO PARA HIDRANTE - FORNECIMENTO E INSTALAÇÃO. AF_10/2020"},92390,"SINAPI",{"$f":"IF(G2801=\"SINAPI\",VLOOKUP($F2801,DADOS_SINAPI,3,0),IF(G2801=\"SETOP\",VLOOKUP($F2801,DADOS_SETOP,3,0),IF(G2801=\"CPU\",VLOOKUP($F2801,DADOS_COMPOSICAO,10,0),IF(G2801=\"SICRO\",VLOOKUP($F2801,DADOS_SICRO,3,0),IF(G2801=\"SUDECAP\",VLOOKUP(F2801,DADOS_SUDECAP,3,0),IF(G2801=\"COTAÇÃO\",VLOOKUP($F2801,DADOS_COTACAO,9,0),\"\"))))))","v":"UN"},{"$f":"F2804","v":13},{"$f":"IF(G2801=\"SINAPI\",VLOOKUP($F2801,DADOS_SINAPI,4,0),IF(G2801=\"SETOP\",VLOOKUP($F2801,DADOS_SETOP,4,0),IF(G2801=\"CPU\",VLOOKUP($F2801,DADOS_COMPOSICAO,13,0),IF(G2801=\"SICRO\",VLOOKUP($F2801,DADOS_SICRO,4,0),IF(G2801=\"SUDECAP\",VLOOKUP(F2801,DADOS_SUDECAP,4,0),IF(G2801=\"COTAÇÃO\",VLOOKUP(F2801,DADOS_COTACAO,12,0),\"\"))))))","v":143.21},"BDI 1",{"$f":"TRUNC(J2801*(1+$N$17),2)","v":181.18},{"$f":"IFERROR(TRUNC(I2801*J2801,2),\"\")","v":1861.73},{"$f":"IFERROR(TRUNC(L2801*I2801,2),\"\")","v":2355.34}]
[2000]
[2000,null,null,null,"Quantidade ",13,"un "]
[2000,null,null,null,"Total",{"$f":"F2803","v":13},{"$f":"G2803","v":"un "}]
[2000]
[{"$f":"IFERROR(LEFT(D2806,SEARCH(\".\",D2806)-1),\"\")","v":"21"},{"$f":"IFERROR(LEFT(RIGHT(D2806,LEN(D2806)-SEARCH(\".\",D2806)),SEARCH(\".\",RIGHT(D2806,LEN(D2806)-SEARCH(\".\",D2806)))-1),\"\")","v":"4"},{"$f":"IFERROR(IF(LEN(D2806)-LEN(SUBSTITUTE(D2806,\".\",\"\"))<>3,\"\",MID(D2806,SEARCH(\".\",D2806,SEARCH(\".\",D2806)+1)+1,LEN(D2806)-SEARCH(\".\",D2806,SEARCH(\".\",D2806)+1)-(LEN(D2806)-(SEARCH(\".\",D2806,SEARCH(\".\",D2806,SEARCH(\".\",D2806)+1)+1)-1)))),\"\")","v":""},"21.4.3",{"$f":"IF($G2806=\"SINAPI\",VLOOKUP($F2806,DADOS_SINAPI,2,0),IF(G2806=\"SETOP\",VLOOKUP($F2806,DADOS_SETOP,2,0),IF(G2806=\"CPU\",VLOOKUP($F2806,DADOS_COMPOSICAO,2,0),IF(G2806=\"SICRO\",VLOOKUP($F2806,DADOS_SICRO,2,0),IF(G2806=\"SUDECAP\",VLOOKUP(F2806,DADOS_SUDECAP,2,0),IF(G2806=\"COTAÇÃO\",VLOOKUP($F2806,DADOS_COTACAO,2,0),\"\"))))))","v":"TÊ, EM FERRO GALVANIZADO, CONEXÃO ROSQUEADA, DN 65 (2 1/2\"), INSTALADO EM REDE DE ALIMENTAÇÃO PARA HIDRANTE - FORNECIMENTO E INSTALAÇÃO. AF_10/2020"},92642,"SINAPI",{"$f":"IF(G2806=\"SINAPI\",VLOOKUP($F2806,DADOS_SINAPI,3,0),IF(G2806=\"SETOP\",VLOOKUP($F2806,DADOS_SETOP,3,0),IF(G2806=\"CPU\",VLOOKUP($F2806,DADOS_COMPOSICAO,10,0),IF(G2806=\"SICRO\",VLOOKUP($F2806,DADOS_SICRO,3,0),IF(G2806=\"SUDECAP\",VLOOKUP(F2806,DADOS_SUDECAP,3,0),IF(G2806=\"COTAÇÃO\",VLOOKUP($F2806,DADOS_COTACAO,9,0),\"\"))))))","v":"UN"},{"$f":"F2809","v":2},{"$f":"IF(G2806=\"SINAPI\",VLOOKUP($F2806,DADOS_SINAPI,4,0),IF(G2806=\"SETOP\",VLOOKUP($F2806,DADOS_SETOP,4,0),IF(G2806=\"CPU\",VLOOKUP($F2806,DADOS_COMPOSICAO,13,0),IF(G2806=\"SICRO\",VLOOKUP($F2806,DADOS_SICRO,4,0),IF(G2806=\"SUDECAP\",VLOOKUP(F2806,DADOS_SUDECAP,4,0),IF(G2806=\"COTAÇÃO\",VLOOKUP(F2806,DADOS_COTACAO,12,0),\"\"))))))","v":196.19},"BDI 1",{"$f":"TRUNC(J2806*(1+$N$17),2)","v":248.21},{"$f":"IFERROR(TRUNC(I2806*J2806,2),\"\")","v":392.38},{"$f":"IFERROR(TRUNC(L2806*I2806,2),\"\")","v":496.42}]
[2000]
[2000,null,null,null,"Quantidade ",2,"un "]
[2000,null,null,null,"Total",{"$f":"F2808","v":2},{"$f":"G2808","v":"un "}]
[2000]
[{"$f":"IFERROR(LEFT(D2811,SEARCH(\".\",D2811)-1),\"\")","v":"21"},{"$f":"IFERROR(LEFT(RIGHT(D2811,LEN(D2811)-SEARCH(\".\",D2811)),SEARCH(\".\",RIGHT(D2811,LEN(D2811)-SEARCH(\".\",D2811)))-1),\"\")","v":"4"},{"$f":"IFERROR(IF(LEN(D2811)-LEN(SUBSTITUTE(D2811,\".\",\"\"))<>3,\"\",MID(D2811,SEARCH(\".\",D2811,SEARCH(\".\",D2811)+1)+1,LEN(D2811)-SEARCH(\".\",D2811,SEARCH(\".\",D2811)+1)-(LEN(D2811)-(SEARCH(\".\",D2811,SEARCH(\".\",D2811,SEARCH(\".\",D2811)+1)+1)-1)))),\"\")","v":""},"21.4.4",{"$f":"IF($G2811=\"SINAPI\",VLOOKUP($F2811,DADOS_SINAPI,2,0),IF(G2811=\"SETOP\",VLOOKUP($F2811,DADOS_SETOP,2,0),IF(G2811=\"CPU\",VLOOKUP($F2811,DADOS_COMPOSICAO,2,0),IF(G2811=\"SICRO\",VLOOKUP($F2811,DADOS_SICRO,2,0),IF(G2811=\"SUDECAP\",VLOOKUP(F2811,DADOS_SUDECAP,2,0),IF(G2811=\"COTAÇÃO\",VLOOKUP($F2811,DADOS_COTACAO,2,0),\"\"))))))","v":"UNIÃO, EM FERRO GALVANIZADO, DN 65 (2 1/2\"), CONEXÃO ROSQUEADA, INSTALADO EM REDE DE ALIMENTAÇÃO PARA HIDRANTE - FORNECIMENTO E INSTALAÇÃO. AF_10/2020"},92896,"SINAPI",{"$f":"IF(G2811=\"SINAPI\",VLOOKUP($F2811,DADOS_SINAPI,3,0),IF(G2811=\"SETOP\",VLOOKUP($F2811,DADOS_SETOP,3,0),IF(G2811=\"CPU\",VLOOKUP($F2811,DADOS_COMPOSICAO,10,0),IF(G2811=\"SICRO\",VLOOKUP($F2811,DADOS_SICRO,3,0),IF(G2811=\"SUDECAP\",VLOOKUP(F2811,DADOS_SUDECAP,3,0),IF(G2811=\"COTAÇÃO\",VLOOKUP($F2811,DADOS_COTACAO,9,0),\"\"))))))","v":"UN"},{"$f":"F2814","v":2},{"$f":"IF(G2811=\"SINAPI\",VLOOKUP($F2811,DADOS_SINAPI,4,0),IF(G2811=\"SETOP\",VLOOKUP($F2811,DADOS_SETOP,4,0),IF(G2811=\"CPU\",VLOOKUP($F2811,DADOS_COMPOSICAO,13,0),IF(G2811=\"SICRO\",VLOOKUP($F2811,DADOS_SICRO,4,0),IF(G2811=\"SUDECAP\",VLOOKUP(F2811,DADOS_SUDECAP,4,0),IF(G2811=\"COTAÇÃO\",VLOOKUP(F2811,DADOS_COTACAO,12,0),\"\"))))))","v":209.02},"BDI 1",{"$f":"TRUNC(J2811*(1+$N$17),2)","v":264.45},{"$f":"IFERROR(TRUNC(I2811*J2811,2),\"\")","v":418.04},{"$f":"IFERROR(TRUNC(L2811*I2811,2),\"\")","v":528.9}]
[2000]
[2000,null,null,null,"Quantidade ",2,"un "]
[2000,null,null,null,"Total",{"$f":"F2813","v":2},{"$f":"G2813","v":"un "}]
[2000]
[{"$f":"IFERROR(LEFT(D2816,SEARCH(\".\",D2816)-1),\"\")","v":"21"},{"$f":"IFERROR(LEFT(RIGHT(D2816,LEN(D2816)-SEARCH(\".\",D2816)),SEARCH(\".\",RIGHT(D2816,LEN(D2816)-SEARCH(\".\",D2816)))-1),\"\")","v":"4"},{"$f":"IFERROR(IF(LEN(D2816)-LEN(SUBSTITUTE(D2816,\".\",\"\"))<>3,\"\",MID(D2816,SEARCH(\".\",D2816,SEARCH(\".\",D2816)+1)+1,LEN(D2816)-SEARCH(\".\",D2816,SEARCH(\".\",D2816)+1)-(LEN(D2816)-(SEARCH(\".\",D2816,SEARCH(\".\",D2816,SEARCH(\".\",D2816)+1)+1)-1)))),\"\")","v":""},"21.4.5",{"$f":"IF($G2816=\"SINAPI\",VLOOKUP($F2816,DADOS_SINAPI,2,0),IF(G2816=\"SETOP\",VLOOKUP($F2816,DADOS_SETOP,2,0),IF(G2816=\"CPU\",VLOOKUP($F2816,DADOS_COMPOSICAO,2,0),IF(G2816=\"SICRO\",VLOOKUP($F2816,DADOS_SICRO,2,0),IF(G2816=\"SUDECAP\",VLOOKUP(F2816,DADOS_SUDECAP,2,0),IF(G2816=\"COTAÇÃO\",VLOOKUP($F2816,DADOS_COTACAO,2,0),\"\"))))))","v":"NIPLE, EM FERRO GALVANIZADO, DN 65 (2 1/2\"), CONEXÃO ROSQUEADA, INSTALADO EM REDE DE ALIMENTAÇÃO PARA HIDRANTE - FORNECIMENTO E INSTALAÇÃO. AF_10/2020"},92377,"SINAPI",{"$f":"IF(G2816=\"SINAPI\",VLOOKUP($F2816,DADOS_SINAPI,3,0),IF(G2816=\"SETOP\",VLOOKUP($F2816,DADOS_SETOP,3,0),IF(G2816=\"CPU\",VLOOKUP($F2816,DADOS_COMPOSICAO,10,0),IF(G2816=\"SICRO\",VLOOKUP($F2816,DADOS_SICRO,3,0),IF(G2816=\"SUDECAP\",VLOOKUP(F2816,DADOS_SUDECAP,3,0),IF(G2816=\"COTAÇÃO\",VLOOKUP($F2816,DADOS_COTACAO,9,0),\"\"))))))","v":"UN"},{"$f":"F2819","v":2},{"$f":"IF(G2816=\"SINAPI\",VLOOKUP($F2816,DADOS_SINAPI,4,0),IF(G2816=\"SETOP\",VLOOKUP($F2816,DADOS_SETOP,4,0),IF(G2816=\"CPU\",VLOOKUP($F2816,DADOS_COMPOSICAO,13,0),IF(G2816=\"SICRO\",VLOOKUP($F2816,DADOS_SICRO,4,0),IF(G2816=\"SUDECAP\",VLOOKUP(F2816,DADOS_SUDECAP,4,0),IF(G2816=\"COTAÇÃO\",VLOOKUP(F2816,DADOS_COTACAO,12,0),\"\"))))))","v":88.64},"BDI 1",{"$f":"TRUNC(J2816*(1+$N$17),2)","v":112.14},{"$f":"IFERROR(TRUNC(I2816*J2816,2),\"\")","v":177.28},{"$f":"IFERROR(TRUNC(L2816*I2816,2),\"\")","v":224.28}]
[2000]
[2000,null,null,null,"Quantidade ",2,"un "]
[2000,null,null,null,"Total",{"$f":"F2818","v":2},{"$f":"G2818","v":"un "}]
[2000]
[{"$f":"IFERROR(LEFT(D2821,SEARCH(\".\",D2821)-1),\"\")","v":"21"},{"$f":"IFERROR(LEFT(RIGHT(D2821,LEN(D2821)-SEARCH(\".\",D2821)),SEARCH(\".\",RIGHT(D2821,LEN(D2821)-SEARCH(\".\",D2821)))-1),\"\")","v":"4"},{"$f":"IFERROR(IF(LEN(D2821)-LEN(SUBSTITUTE(D2821,\".\",\"\"))<>3,\"\",MID(D2821,SEARCH(\".\",D2821,SEARCH(\".\",D2821)+1)+1,LEN(D2821)-SEARCH(\".\",D2821,SEARCH(\".\",D2821)+1)-(LEN(D2821)-(SEARCH(\".\",D2821,SEARCH(\".\",D2821,SEARCH(\".\",D2821)+1)+1)-1)))),\"\")","v":""},"21.4.6",{"$f":"IF($G2821=\"SINAPI\",VLOOKUP($F2821,DADOS_SINAPI,2,0),IF(G2821=\"SETOP\",VLOOKUP($F2821,DADOS_SETOP,2,0),IF(G2821=\"CPU\",VLOOKUP($F2821,DADOS_COMPOSICAO,2,0),IF(G2821=\"SICRO\",VLOOKUP($F2821,DADOS_SICRO,2,0),IF(G2821=\"SUDECAP\",VLOOKUP(F2821,DADOS_SUDECAP,2,0),IF(G2821=\"COTAÇÃO\",VLOOKUP($F2821,DADOS_COTACAO,2,0),\"\"))))))","v":"ABRIGO PARA HIDRANTE, 90X60X17CM, COM REGISTRO GLOBO ANGULAR 45° 2 1/2\", ADAPTADOR STORZ 2 1/2\", 2 MANGUEIRA DE INCÊNDIO DE 15M, REDUÇÃO DE 2 1/2\" X 1 1/2\" E ESGUICHO EM LATÃO 1 1/2\" - FORNECIMENTO E INSTALAÇÃO"},"DAC-21.3","CPU",{"$f":"IF(G2821=\"SINAPI\",VLOOKUP($F2821,DADOS_SINAPI,3,0),IF(G2821=\"SETOP\",VLOOKUP($F2821,DADOS_SETOP,3,0),IF(G2821=\"CPU\",VLOOKUP($F2821,DADOS_COMPOSICAO,10,0),IF(G2821=\"SICRO\",VLOOKUP($F2821,DADOS_SICRO,3,0),IF(G2821=\"SUDECAP\",VLOOKUP(F2821,DADOS_SUDECAP,3,0),IF(G2821=\"COTAÇÃO\",VLOOKUP($F2821,DADOS_COTACAO,9,0),\"\"))))))","v":"UN "},{"$f":"F2824","v":2},{"$f":"IF(G2821=\"SINAPI\",VLOOKUP($F2821,DADOS_SINAPI,4,0),IF(G2821=\"SETOP\",VLOOKUP($F2821,DADOS_SETOP,4,0),IF(G2821=\"CPU\",VLOOKUP($F2821,DADOS_COMPOSICAO,13,0),IF(G2821=\"SICRO\",VLOOKUP($F2821,DADOS_SICRO,4,0),IF(G2821=\"SUDECAP\",VLOOKUP(F2821,DADOS_SUDECAP,4,0),IF(G2821=\"COTAÇÃO\",VLOOKUP(F2821,DADOS_COTACAO,12,0),\"\"))))))","v":2548.9621200000001},"BDI 1",{"$f":"TRUNC(J2821*(1+$N$17),2)","v":3224.94},{"$f":"IFERROR(TRUNC(I2821*J2821,2),\"\")","v":5097.92},{"$f":"IFERROR(TRUNC(L2821*I2821,2),\"\")","v":6449.88}]
[2000]
[2000,null,null,null,"Quantidade ",2,"un "]
[2000,null,null,null,"Total",{"$f":"F2823","v":2},{"$f":"G2823","v":"un "}]
[2000]
[{"$f":"IFERROR(LEFT(D2826,SEARCH(\".\",D2826)-1),\"\")","v":"21"},{"$f":"IFERROR(LEFT(RIGHT(D2826,LEN(D2826)-SEARCH(\".\",D2826)),SEARCH(\".\",RIGHT(D2826,LEN(D2826)-SEARCH(\".\",D2826)))-1),\"\")","v":"4"},{"$f":"IFERROR(IF(LEN(D2826)-LEN(SUBSTITUTE(D2826,\".\",\"\"))<>3,\"\",MID(D2826,SEARCH(\".\",D2826,SEARCH(\".\",D2826)+1)+1,LEN(D2826)-SEARCH(\".\",D2826,SEARCH(\".\",D2826)+1)-(LEN(D2826)-(SEARCH(\".\",D2826,SEARCH(\".\",D2826,SEARCH(\".\",D2826)+1)+1)-1)))),\"\")","v":""},"21.4.7",{"$f":"IF($G2826=\"SINAPI\",VLOOKUP($F2826,DADOS_SINAPI,2,0),IF(G2826=\"SETOP\",VLOOKUP($F2826,DADOS_SETOP,2,0),IF(G2826=\"CPU\",VLOOKUP($F2826,DADOS_COMPOSICAO,2,0),IF(G2826=\"SICRO\",VLOOKUP($F2826,DADOS_SICRO,2,0),IF(G2826=\"SUDECAP\",VLOOKUP(F2826,DADOS_SUDECAP,2,0),IF(G2826=\"COTAÇÃO\",VLOOKUP($F2826,DADOS_COTACAO,2,0),\"\"))))))","v":"PINTURA ESMALTE EM TUBO GALVANIZADO, DUAS (2) DEMÃOS, INCLUSIVE UMA (1) DEMÃO DE FUNDO ANTICORROSIVO"},"ED-50496","SETOP",{"$f":"IF(G2826=\"SINAPI\",VLOOKUP($F2826,DADOS_SINAPI,3,0),IF(G2826=\"SETOP\",VLOOKUP($F2826,DADOS_SETOP,3,0),IF(G2826=\"CPU\",VLOOKUP($F2826,DADOS_COMPOSICAO,10,0),IF(G2826=\"SICRO\",VLOOKUP($F2826,DADOS_SICRO,3,0),IF(G2826=\"SUDECAP\",VLOOKUP(F2826,DADOS_SUDECAP,3,0),IF(G2826=\"COTAÇÃO\",VLOOKUP($F2826,DADOS_COTACAO,9,0),\"\"))))))","v":"m"},{"$f":"F2829","v":87.695999999999998},{"$f":"IF(G2826=\"SINAPI\",VLOOKUP($F2826,DADOS_SINAPI,4,0),IF(G2826=\"SETOP\",VLOOKUP($F2826,DADOS_SETOP,4,0),IF(G2826=\"CPU\",VLOOKUP($F2826,DADOS_COMPOSICAO,13,0),IF(G2826=\"SICRO\",VLOOKUP($F2826,DADOS_SICRO,4,0),IF(G2826=\"SUDECAP\",VLOOKUP(F2826,DADOS_SUDECAP,4,0),IF(G2826=\"COTAÇÃO\",VLOOKUP(F2826,DADOS_COTACAO,12,0),\"\"))))))","v":20.78},"BDI 1",{"$f":"TRUNC(J2826*(1+$N$17),2)","v":26.29},{"$f":"IFERROR(TRUNC(I2826*J2826,2),\"\")","v":1822.32},{"$f":"IFERROR(TRUNC(L2826*I2826,2),\"\")","v":2305.52}]
[2000]
[2000,null,null,null,"Quantidade ",{"$f":"F2799","v":87.695999999999998},"m"]
[2000,null,null,null,"Total",{"$f":"F2828","v":87.695999999999998},{"$f":"G2828","v":"m"}]
[2000]
[{"$f":"IFERROR(LEFT(D2831,SEARCH(\".\",D2831)-1),\"\")","v":"21"},{"$f":"IFERROR(LEFT(RIGHT(D2831,LEN(D2831)-SEARCH(\".\",D2831)),SEARCH(\".\",RIGHT(D2831,LEN(D2831)-SEARCH(\".\",D2831)))-1),\"\")","v":"4"},{"$f":"IFERROR(IF(LEN(D2831)-LEN(SUBSTITUTE(D2831,\".\",\"\"))<>3,\"\",MID(D2831,SEARCH(\".\",D2831,SEARCH(\".\",D2831)+1)+1,LEN(D2831)-SEARCH(\".\",D2831,SEARCH(\".\",D2831)+1)-(LEN(D2831)-(SEARCH(\".\",D2831,SEARCH(\".\",D2831,SEARCH(\".\",D2831)+1)+1)-1)))),\"\")","v":""},"21.4.8",{"$f":"IF($G2831=\"SINAPI\",VLOOKUP($F2831,DADOS_SINAPI,2,0),IF(G2831=\"SETOP\",VLOOKUP($F2831,DADOS_SETOP,2,0),IF(G2831=\"CPU\",VLOOKUP($F2831,DADOS_COMPOSICAO,2,0),IF(G2831=\"SICRO\",VLOOKUP($F2831,DADOS_SICRO,2,0),IF(G2831=\"SUDECAP\",VLOOKUP(F2831,DADOS_SUDECAP,2,0),IF(G2831=\"COTAÇÃO\",VLOOKUP($F2831,DADOS_COTACAO,2,0),\"\"))))))","v":"PINTURA ACRÍLICA PARA SINALIZAÇÃO HORIZONTAL EM PISO"},"DAC-21.1","CPU",{"$f":"IF(G2831=\"SINAPI\",VLOOKUP($F2831,DADOS_SINAPI,3,0),IF(G2831=\"SETOP\",VLOOKUP($F2831,DADOS_SETOP,3,0),IF(G2831=\"CPU\",VLOOKUP($F2831,DADOS_COMPOSICAO,10,0),IF(G2831=\"SICRO\",VLOOKUP($F2831,DADOS_SICRO,3,0),IF(G2831=\"SUDECAP\",VLOOKUP(F2831,DADOS_SUDECAP,3,0),IF(G2831=\"COTAÇÃO\",VLOOKUP($F2831,DADOS_COTACAO,9,0),\"\"))))))","v":"M2"},{"$f":"F2835","v":2},{"$f":"IF(G2831=\"SINAPI\",VLOOKUP($F2831,DADOS_SINAPI,4,0),IF(G2831=\"SETOP\",VLOOKUP($F2831,DADOS_SETOP,4,0),IF(G2831=\"CPU\",VLOOKUP($F2831,DADOS_COMPOSICAO,13,0),IF(G2831=\"SICRO\",VLOOKUP($F2831,DADOS_SICRO,4,0),IF(G2831=\"SUDECAP\",VLOOKUP(F2831,DADOS_SUDECAP,4,0),IF(G2831=\"COTAÇÃO\",VLOOKUP(F2831,DADOS_COTACAO,12,0),\"\"))))))","v":13.964399999999999},"BDI 1",{"$f":"TRUNC(J2831*(1+$N$17),2)","v":17.66},{"$f":"IFERROR(TRUNC(I2831*J2831,2),\"\")","v":27.92},{"$f":"IFERROR(TRUNC(L2831*I2831,2),\"\")","v":35.32}]
[2000]
[2000,null,null,null,"Quantidade ",{"$f":"F2823","v":2},"un "]
[2000,null,null,null,"Área",{"$f":"1*1","v":1},"m²"]
[2000,null,null,null,"Total",{"$f":"F2833*F2834","v":2},{"$f":"G2834","v":"m²"}]
[2000]
[null,null,null,"21.5","ESCAVAÇÕES",null,null,null,null,null,null,null,{"$f":"IFERROR(SUMIFS(M:M,A:A,LEFT(D2837,SEARCH(\".\",D2837)-1),B:B,RIGHT(D2837,LEN(D2837)-SEARCH(\".\",D2837))),\"\")","v":3306.7400000000002},{"$f":"IFERROR(SUMIFS(N:N,A:A,LEFT(D2837,SEARCH(\".\",D2837)-1),B:B,RIGHT(D2837,LEN(D2837)-SEARCH(\".\",D2837))),\"\")","v":4183.1100000000006}]
[{"$f":"IFERROR(LEFT(D2838,SEARCH(\".\",D2838)-1),\"\")","v":"21"},{"$f":"IFERROR(LEFT(RIGHT(D2838,LEN(D2838)-SEARCH(\".\",D2838)),SEARCH(\".\",RIGHT(D2838,LEN(D2838)-SEARCH(\".\",D2838)))-1),\"\")","v":"5"},{"$f":"IFERROR(IF(LEN(D2838)-LEN(SUBSTITUTE(D2838,\".\",\"\"))<>3,\"\",MID(D2838,SEARCH(\".\",D2838,SEARCH(\".\",D2838)+1)+1,LEN(D2838)-SEARCH(\".\",D2838,SEARCH(\".\",D2838)+1)-(LEN(D2838)-(SEARCH(\".\",D2838,SEARCH(\".\",D2838,SEARCH(\".\",D2838)+1)+1)-1)))),\"\")","v":""},"21.5.1",{"$f":"IF($G2838=\"SINAPI\",VLOOKUP($F2838,DADOS_SINAPI,2,0),IF(G2838=\"SETOP\",VLOOKUP($F2838,DADOS_SETOP,2,0),IF(G2838=\"CPU\",VLOOKUP($F2838,DADOS_COMPOSICAO,2,0),IF(G2838=\"SICRO\",VLOOKUP($F2838,DADOS_SICRO,2,0),IF(G2838=\"SUDECAP\",VLOOKUP(F2838,DADOS_SUDECAP,2,0),IF(G2838=\"COTAÇÃO\",VLOOKUP($F2838,DADOS_COTACAO,2,0),\"\"))))))","v":"ESCAVAÇÃO MANUAL DE VALA COM PROFUNDIDADE MENOR OU IGUAL A 1,30 M. AF_02/2021"},93358,"SINAPI",{"$f":"IF(G2838=\"SINAPI\",VLOOKUP($F2838,DADOS_SINAPI,3,0),IF(G2838=\"SETOP\",VLOOKUP($F2838,DADOS_SETOP,3,0),IF(G2838=\"CPU\",VLOOKUP($F2838,DADOS_COMPOSICAO,10,0),IF(G2838=\"SICRO\",VLOOKUP($F2838,DADOS_SICRO,3,0),IF(G2838=\"SUDECAP\",VLOOKUP(F2838,DADOS_SUDECAP,3,0),IF(G2838=\"COTAÇÃO\",VLOOKUP($F2838,DADOS_COTACAO,9,0),\"\"))))))","v":"M3"},{"$f":"F2843","v":18.081000000000003},{"$f":"IF(G2838=\"SINAPI\",VLOOKUP($F2838,DADOS_SINAPI,4,0),IF(G2838=\"SETOP\",VLOOKUP($F2838,DADOS_SETOP,4,0),IF(G2838=\"CPU\",VLOOKUP($F2838,DADOS_COMPOSICAO,13,0),IF(G2838=\"SICRO\",VLOOKUP($F2838,DADOS_SICRO,4,0),IF(G2838=\"SUDECAP\",VLOOKUP(F2838,DADOS_SUDECAP,4,0),IF(G2838=\"COTAÇÃO\",VLOOKUP(F2838,DADOS_COTACAO,12,0),\"\"))))))","v":70.290000000000006},"BDI 1",{"$f":"TRUNC(J2838*(1+$N$17),2)","v":88.93},{"$f":"IFERROR(TRUNC(I2838*J2838,2),\"\")","v":1270.9100000000001},{"$f":"IFERROR(TRUNC(L2838*I2838,2),\"\")","v":1607.94}]
[2000]
[2000,null,null,null,"Comprimento da Vala ",{"$f":"71.75+(71.75*(5/100))","v":75.337500000000006},"m"]
[2000,null,null,null,"Pronfundidade ",0.4,"m"]
[2000,null,null,null,"Largura",0.6,"m"]
[2000,null,null,null,"Total",{"$f":"F2840*F2841*F2842","v":18.081000000000003},"m³"]
[2000]
[{"$f":"IFERROR(LEFT(D2845,SEARCH(\".\",D2845)-1),\"\")","v":"21"},{"$f":"IFERROR(LEFT(RIGHT(D2845,LEN(D2845)-SEARCH(\".\",D2845)),SEARCH(\".\",RIGHT(D2845,LEN(D2845)-SEARCH(\".\",D2845)))-1),\"\")","v":"5"},{"$f":"IFERROR(IF(LEN(D2845)-LEN(SUBSTITUTE(D2845,\".\",\"\"))<>3,\"\",MID(D2845,SEARCH(\".\",D2845,SEARCH(\".\",D2845)+1)+1,LEN(D2845)-SEARCH(\".\",D2845,SEARCH(\".\",D2845)+1)-(LEN(D2845)-(SEARCH(\".\",D2845,SEARCH(\".\",D2845,SEARCH(\".\",D2845)+1)+1)-1)))),\"\")","v":""},"21.5.2",{"$f":"IF($G2845=\"SINAPI\",VLOOKUP($F2845,DADOS_SINAPI,2,0),IF(G2845=\"SETOP\",VLOOKUP($F2845,DADOS_SETOP,2,0),IF(G2845=\"CPU\",VLOOKUP($F2845,DADOS_COMPOSICAO,2,0),IF(G2845=\"SICRO\",VLOOKUP($F2845,DADOS_SICRO,2,0),IF(G2845=\"SUDECAP\",VLOOKUP(F2845,DADOS_SUDECAP,2,0),IF(G2845=\"COTAÇÃO\",VLOOKUP($F2845,DADOS_COTACAO,2,0),\"\"))))))","v":"APILOAMENTO MANUAL EM FUNDO DE VALA COM SOQUETE, EXCLUSIVE ESCAVAÇÃO"},"ED-51093","SETOP",{"$f":"IF(G2845=\"SINAPI\",VLOOKUP($F2845,DADOS_SINAPI,3,0),IF(G2845=\"SETOP\",VLOOKUP($F2845,DADOS_SETOP,3,0),IF(G2845=\"CPU\",VLOOKUP($F2845,DADOS_COMPOSICAO,10,0),IF(G2845=\"SICRO\",VLOOKUP($F2845,DADOS_SICRO,3,0),IF(G2845=\"SUDECAP\",VLOOKUP(F2845,DADOS_SUDECAP,3,0),IF(G2845=\"COTAÇÃO\",VLOOKUP($F2845,DADOS_COTACAO,9,0),\"\"))))))","v":"m2"},{"$f":"F2849","v":45.202500000000001},{"$f":"IF(G2845=\"SINAPI\",VLOOKUP($F2845,DADOS_SINAPI,4,0),IF(G2845=\"SETOP\",VLOOKUP($F2845,DADOS_SETOP,4,0),IF(G2845=\"CPU\",VLOOKUP($F2845,DADOS_COMPOSICAO,13,0),IF(G2845=\"SICRO\",VLOOKUP($F2845,DADOS_SICRO,4,0),IF(G2845=\"SUDECAP\",VLOOKUP(F2845,DADOS_SUDECAP,4,0),IF(G2845=\"COTAÇÃO\",VLOOKUP(F2845,DADOS_COTACAO,12,0),\"\"))))))","v":20.43},"BDI 1",{"$f":"TRUNC(J2845*(1+$N$17),2)","v":25.84},{"$f":"IFERROR(TRUNC(I2845*J2845,2),\"\")","v":923.48},{"$f":"IFERROR(TRUNC(L2845*I2845,2),\"\")","v":1168.03}]
[2000]
[2000,null,null,null,"Comprimento da Vala ",{"$f":"F2840","v":75.337500000000006},"m"]
[2000,null,null,null,"Largura",{"$f":"F2842","v":0.6},"m"]
[2000,null,null,null,"Total",{"$f":"F2847*F2848","v":45.202500000000001},"m²"]
[2000]
[{"$f":"IFERROR(LEFT(D2851,SEARCH(\".\",D2851)-1),\"\")","v":"21"},{"$f":"IFERROR(LEFT(RIGHT(D2851,LEN(D2851)-SEARCH(\".\",D2851)),SEARCH(\".\",RIGHT(D2851,LEN(D2851)-SEARCH(\".\",D2851)))-1),\"\")","v":"5"},{"$f":"IFERROR(IF(LEN(D2851)-LEN(SUBSTITUTE(D2851,\".\",\"\"))<>3,\"\",MID(D2851,SEARCH(\".\",D2851,SEARCH(\".\",D2851)+1)+1,LEN(D2851)-SEARCH(\".\",D2851,SEARCH(\".\",D2851)+1)-(LEN(D2851)-(SEARCH(\".\",D2851,SEARCH(\".\",D2851,SEARCH(\".\",D2851)+1)+1)-1)))),\"\")","v":""},"21.5.3",{"$f":"IF($G2851=\"SINAPI\",VLOOKUP($F2851,DADOS_SINAPI,2,0),IF(G2851=\"SETOP\",VLOOKUP($F2851,DADOS_SETOP,2,0),IF(G2851=\"CPU\",VLOOKUP($F2851,DADOS_COMPOSICAO,2,0),IF(G2851=\"SICRO\",VLOOKUP($F2851,DADOS_SICRO,2,0),IF(G2851=\"SUDECAP\",VLOOKUP(F2851,DADOS_SUDECAP,2,0),IF(G2851=\"COTAÇÃO\",VLOOKUP($F2851,DADOS_COTACAO,2,0),\"\"))))))","v":"REATERRO MANUAL DE VALA, INCLUSIVE ESPALHAMENTO E COMPACTAÇÃO MANUAL COM SOQUETE"},"ED-51120","SETOP",{"$f":"IF(G2851=\"SINAPI\",VLOOKUP($F2851,DADOS_SINAPI,3,0),IF(G2851=\"SETOP\",VLOOKUP($F2851,DADOS_SETOP,3,0),IF(G2851=\"CPU\",VLOOKUP($F2851,DADOS_COMPOSICAO,10,0),IF(G2851=\"SICRO\",VLOOKUP($F2851,DADOS_SICRO,3,0),IF(G2851=\"SUDECAP\",VLOOKUP(F2851,DADOS_SUDECAP,3,0),IF(G2851=\"COTAÇÃO\",VLOOKUP($F2851,DADOS_COTACAO,9,0),\"\"))))))","v":"m3"},{"$f":"F2855","v":17.079011250000004},{"$f":"IF(G2851=\"SINAPI\",VLOOKUP($F2851,DADOS_SINAPI,4,0),IF(G2851=\"SETOP\",VLOOKUP($F2851,DADOS_SETOP,4,0),IF(G2851=\"CPU\",VLOOKUP($F2851,DADOS_COMPOSICAO,13,0),IF(G2851=\"SICRO\",VLOOKUP($F2851,DADOS_SICRO,4,0),IF(G2851=\"SUDECAP\",VLOOKUP(F2851,DADOS_SUDECAP,4,0),IF(G2851=\"COTAÇÃO\",VLOOKUP(F2851,DADOS_COTACAO,12,0),\"\"))))))","v":60.61},"BDI 1",{"$f":"TRUNC(J2851*(1+$N$17),2)","v":76.680000000000007},{"$f":"IFERROR(TRUNC(I2851*J2851,2),\"\")","v":1035.1500000000001},{"$f":"IFERROR(TRUNC(L2851*I2851,2),\"\")","v":1309.6099999999999}]
[2000]
[2000,null,null,null,"Volume escavação ",{"$f":"F2843","v":18.081000000000003},"m³"]
[2000,null,null,null,"Volume tubo de aço",{"$f":"0.0133*F2840","v":1.00198875},"m³"]
[2000,null,null,null,"Total",{"$f":"F2853-F2854","v":17.079011250000004},"m³"]
[2000]
[{"$f":"IFERROR(LEFT(D2857,SEARCH(\".\",D2857)-1),\"\")","v":"21"},{"$f":"IFERROR(LEFT(RIGHT(D2857,LEN(D2857)-SEARCH(\".\",D2857)),SEARCH(\".\",RIGHT(D2857,LEN(D2857)-SEARCH(\".\",D2857)))-1),\"\")","v":"5"},{"$f":"IFERROR(IF(LEN(D2857)-LEN(SUBSTITUTE(D2857,\".\",\"\"))<>3,\"\",MID(D2857,SEARCH(\".\",D2857,SEARCH(\".\",D2857)+1)+1,LEN(D2857)-SEARCH(\".\",D2857,SEARCH(\".\",D2857)+1)-(LEN(D2857)-(SEARCH(\".\",D2857,SEARCH(\".\",D2857,SEARCH(\".\",D2857)+1)+1)-1)))),\"\")","v":""},"21.5.4",{"$f":"IF($G2857=\"SINAPI\",VLOOKUP($F2857,DADOS_SINAPI,2,0),IF(G2857=\"SETOP\",VLOOKUP($F2857,DADOS_SETOP,2,0),IF(G2857=\"CPU\",VLOOKUP($F2857,DADOS_COMPOSICAO,2,0),IF(G2857=\"SICRO\",VLOOKUP($F2857,DADOS_SICRO,2,0),IF(G2857=\"SUDECAP\",VLOOKUP(F2857,DADOS_SUDECAP,2,0),IF(G2857=\"COTAÇÃO\",VLOOKUP($F2857,DADOS_COTACAO,2,0),\"\"))))))","v":"CARGA MANUAL DE MATERIAL DE QUALQUER NATUREZA SOBRE CAMINHÃO, EXCLUSIVE TRANSPORTE"},"ED-51131","SETOP",{"$f":"IF(G2857=\"SINAPI\",VLOOKUP($F2857,DADOS_SINAPI,3,0),IF(G2857=\"SETOP\",VLOOKUP($F2857,DADOS_SETOP,3,0),IF(G2857=\"CPU\",VLOOKUP($F2857,DADOS_COMPOSICAO,10,0),IF(G2857=\"SICRO\",VLOOKUP($F2857,DADOS_SICRO,3,0),IF(G2857=\"SUDECAP\",VLOOKUP(F2857,DADOS_SUDECAP,3,0),IF(G2857=\"COTAÇÃO\",VLOOKUP($F2857,DADOS_COTACAO,9,0),\"\"))))))","v":"m3"},{"$f":"F2862","v":1.3025853749999985},{"$f":"IF(G2857=\"SINAPI\",VLOOKUP($F2857,DADOS_SINAPI,4,0),IF(G2857=\"SETOP\",VLOOKUP($F2857,DADOS_SETOP,4,0),IF(G2857=\"CPU\",VLOOKUP($F2857,DADOS_COMPOSICAO,13,0),IF(G2857=\"SICRO\",VLOOKUP($F2857,DADOS_SICRO,4,0),IF(G2857=\"SUDECAP\",VLOOKUP(F2857,DADOS_SUDECAP,4,0),IF(G2857=\"COTAÇÃO\",VLOOKUP(F2857,DADOS_COTACAO,12,0),\"\"))))))","v":35.54},"BDI 1",{"$f":"TRUNC(J2857*(1+$N$17),2)","v":44.96},{"$f":"IFERROR(TRUNC(I2857*J2857,2),\"\")","v":46.29},{"$f":"IFERROR(TRUNC(L2857*I2857,2),\"\")","v":58.56}]
[2000]
[2000,null,null,null,"Volume Escavação ",{"$f":"F2843","v":18.081000000000003},"m³"]
[2000,null,null,null,"Volume Reaterro ",{"$f":"F2855","v":17.079011250000004},"m³"]
[2000,null,null,null,"Empolamento ",30,"%"]
[2000,null,null,null,"Total",{"$f":"(F2859-F2860)*1.3","v":1.3025853749999985},"m³"]
[2000]
[{"$f":"IFERROR(LEFT(D2864,SEARCH(\".\",D2864)-1),\"\")","v":"21"},{"$f":"IFERROR(LEFT(RIGHT(D2864,LEN(D2864)-SEARCH(\".\",D2864)),SEARCH(\".\",RIGHT(D2864,LEN(D2864)-SEARCH(\".\",D2864)))-1),\"\")","v":"5"},{"$f":"IFERROR(IF(LEN(D2864)-LEN(SUBSTITUTE(D2864,\".\",\"\"))<>3,\"\",MID(D2864,SEARCH(\".\",D2864,SEARCH(\".\",D2864)+1)+1,LEN(D2864)-SEARCH(\".\",D2864,SEARCH(\".\",D2864)+1)-(LEN(D2864)-(SEARCH(\".\",D2864,SEARCH(\".\",D2864,SEARCH(\".\",D2864)+1)+1)-1)))),\"\")","v":""},"21.5.5",{"$f":"IF($G2864=\"SINAPI\",VLOOKUP($F2864,DADOS_SINAPI,2,0),IF(G2864=\"SETOP\",VLOOKUP($F2864,DADOS_SETOP,2,0),IF(G2864=\"CPU\",VLOOKUP($F2864,DADOS_COMPOSICAO,2,0),IF(G2864=\"SICRO\",VLOOKUP($F2864,DADOS_SICRO,2,0),IF(G2864=\"SUDECAP\",VLOOKUP(F2864,DADOS_SUDECAP,2,0),IF(G2864=\"COTAÇÃO\",VLOOKUP($F2864,DADOS_COTACAO,2,0),\"\"))))))","v":"TRANSPORTE COM CAMINHÃO BASCULANTE DE 10 M³, EM VIA URBANA PAVIMENTADA, DMT ATÉ 30 KM (UNIDADE: M3XKM). AF_07/2020"},95875,"SINAPI",{"$f":"IF(G2864=\"SINAPI\",VLOOKUP($F2864,DADOS_SINAPI,3,0),IF(G2864=\"SETOP\",VLOOKUP($F2864,DADOS_SETOP,3,0),IF(G2864=\"CPU\",VLOOKUP($F2864,DADOS_COMPOSICAO,10,0),IF(G2864=\"SICRO\",VLOOKUP($F2864,DADOS_SICRO,3,0),IF(G2864=\"SUDECAP\",VLOOKUP(F2864,DADOS_SUDECAP,3,0),IF(G2864=\"COTAÇÃO\",VLOOKUP($F2864,DADOS_COTACAO,9,0),\"\"))))))","v":"M3XKM"},{"$f":"F2868","v":13.677146437499983},{"$f":"IF(G2864=\"SINAPI\",VLOOKUP($F2864,DADOS_SINAPI,4,0),IF(G2864=\"SETOP\",VLOOKUP($F2864,DADOS_SETOP,4,0),IF(G2864=\"CPU\",VLOOKUP($F2864,DADOS_COMPOSICAO,13,0),IF(G2864=\"SICRO\",VLOOKUP($F2864,DADOS_SICRO,4,0),IF(G2864=\"SUDECAP\",VLOOKUP(F2864,DADOS_SUDECAP,4,0),IF(G2864=\"COTAÇÃO\",VLOOKUP(F2864,DADOS_COTACAO,12,0),\"\"))))))","v":2.2599999999999998},"BDI 1",{"$f":"TRUNC(J2864*(1+$N$17),2)","v":2.85},{"$f":"IFERROR(TRUNC(I2864*J2864,2),\"\")","v":30.91},{"$f":"IFERROR(TRUNC(L2864*I2864,2),\"\")","v":38.97}]
[2000]
[2000,null,null,null,"Volume Carga ",{"$f":"F2862","v":1.3025853749999985},"m³"]
[2000,null,null,null,"DMT",10.5,"km"]
[2000,null,null,null,"Total",{"$f":"F2866*F2867","v":13.677146437499983},"m³ x km"]
[2000]
[null,null,null,"21.6","SISTEMA DE ALARME DE INCÊNDIO",null,null,null,null,null,null,null,{"$f":"IFERROR(SUMIFS(M:M,A:A,LEFT(D2870,SEARCH(\".\",D2870)-1),B:B,RIGHT(D2870,LEN(D2870)-SEARCH(\".\",D2870))),\"\")","v":4015.9900000000002},{"$f":"IFERROR(SUMIFS(N:N,A:A,LEFT(D2870,SEARCH(\".\",D2870)-1),B:B,RIGHT(D2870,LEN(D2870)-SEARCH(\".\",D2870))),\"\")","v":5081}]
[{"$f":"IFERROR(LEFT(D2871,SEARCH(\".\",D2871)-1),\"\")","v":"21"},{"$f":"IFERROR(LEFT(RIGHT(D2871,LEN(D2871)-SEARCH(\".\",D2871)),SEARCH(\".\",RIGHT(D2871,LEN(D2871)-SEARCH(\".\",D2871)))-1),\"\")","v":"6"},{"$f":"IFERROR(IF(LEN(D2871)-LEN(SUBSTITUTE(D2871,\".\",\"\"))<>3,\"\",MID(D2871,SEARCH(\".\",D2871,SEARCH(\".\",D2871)+1)+1,LEN(D2871)-SEARCH(\".\",D2871,SEARCH(\".\",D2871)+1)-(LEN(D2871)-(SEARCH(\".\",D2871,SEARCH(\".\",D2871,SEARCH(\".\",D2871)+1)+1)-1)))),\"\")","v":""},"21.6.1",{"$f":"VLOOKUP($F2871,DADOS_COTACAO,2,0)","v":"CENTRAL DE ALARME DE INCÊNDIO ENDEREÇÁVEL"},"COT-INC-006","COTAÇÃO",{"$f":"VLOOKUP($F2871,DADOS_COTACAO,9,0)","v":"UN "},{"$f":"F2874","v":1},{"$f":"VLOOKUP($F2871,DADOS_COTACAO,12,0)","v":1542.69},"BDI 1",{"$f":"TRUNC(J2871*(1+$N$17),2)","v":1951.81},{"$f":"IFERROR(TRUNC(I2871*J2871,2),\"\")","v":1542.69},{"$f":"IFERROR(TRUNC(L2871*I2871,2),\"\")","v":1951.81}]
[2000]
[2000,null,null,null,"Quantidade ",1,"un "]
[2000,null,null,null,"Total",{"$f":"F2873","v":1},{"$f":"G2873","v":"un "}]
[2000]
[{"$f":"IFERROR(LEFT(D2876,SEARCH(\".\",D2876)-1),\"\")","v":"21"},{"$f":"IFERROR(LEFT(RIGHT(D2876,LEN(D2876)-SEARCH(\".\",D2876)),SEARCH(\".\",RIGHT(D2876,LEN(D2876)-SEARCH(\".\",D2876)))-1),\"\")","v":"6"},{"$f":"IFERROR(IF(LEN(D2876)-LEN(SUBSTITUTE(D2876,\".\",\"\"))<>3,\"\",MID(D2876,SEARCH(\".\",D2876,SEARCH(\".\",D2876)+1)+1,LEN(D2876)-SEARCH(\".\",D2876,SEARCH(\".\",D2876)+1)-(LEN(D2876)-(SEARCH(\".\",D2876,SEARCH(\".\",D2876,SEARCH(\".\",D2876)+1)+1)-1)))),\"\")","v":""},"21.6.2",{"$f":"IF($G2876=\"SINAPI\",VLOOKUP($F2876,DADOS_SINAPI,2,0),IF(G2876=\"SETOP\",VLOOKUP($F2876,DADOS_SETOP,2,0),IF(G2876=\"CPU\",VLOOKUP($F2876,DADOS_COMPOSICAO,2,0),IF(G2876=\"SICRO\",VLOOKUP($F2876,DADOS_SICRO,2,0),IF(G2876=\"SUDECAP\",VLOOKUP(F2876,DADOS_SUDECAP,2,0),IF(G2876=\"COTAÇÃO\",VLOOKUP($F2876,DADOS_COTACAO,2,0),\"\"))))))","v":"ACIONADOR MANUAL DE ALARME DE INCÊNDIO"},"ED-50180","SETOP",{"$f":"IF(G2876=\"SINAPI\",VLOOKUP($F2876,DADOS_SINAPI,3,0),IF(G2876=\"SETOP\",VLOOKUP($F2876,DADOS_SETOP,3,0),IF(G2876=\"CPU\",VLOOKUP($F2876,DADOS_COMPOSICAO,10,0),IF(G2876=\"SICRO\",VLOOKUP($F2876,DADOS_SICRO,3,0),IF(G2876=\"SUDECAP\",VLOOKUP(F2876,DADOS_SUDECAP,3,0),IF(G2876=\"COTAÇÃO\",VLOOKUP($F2876,DADOS_COTACAO,9,0),\"\"))))))","v":"un"},{"$f":"F2879","v":2},{"$f":"IF(G2876=\"SINAPI\",VLOOKUP($F2876,DADOS_SINAPI,4,0),IF(G2876=\"SETOP\",VLOOKUP($F2876,DADOS_SETOP,4,0),IF(G2876=\"CPU\",VLOOKUP($F2876,DADOS_COMPOSICAO,13,0),IF(G2876=\"SICRO\",VLOOKUP($F2876,DADOS_SICRO,4,0),IF(G2876=\"SUDECAP\",VLOOKUP(F2876,DADOS_SUDECAP,4,0),IF(G2876=\"COTAÇÃO\",VLOOKUP(F2876,DADOS_COTACAO,12,0),\"\"))))))","v":120.78},"BDI 1",{"$f":"TRUNC(J2876*(1+$N$17),2)","v":152.81},{"$f":"IFERROR(TRUNC(I2876*J2876,2),\"\")","v":241.56},{"$f":"IFERROR(TRUNC(L2876*I2876,2),\"\")","v":305.62}]
[2000]
[2000,null,null,null,"Quantidade ",2,"un "]
[2000,null,null,null,"Total",{"$f":"F2878","v":2},{"$f":"G2878","v":"un "}]
[2000]
[{"$f":"IFERROR(LEFT(D2881,SEARCH(\".\",D2881)-1),\"\")","v":"21"},{"$f":"IFERROR(LEFT(RIGHT(D2881,LEN(D2881)-SEARCH(\".\",D2881)),SEARCH(\".\",RIGHT(D2881,LEN(D2881)-SEARCH(\".\",D2881)))-1),\"\")","v":"6"},{"$f":"IFERROR(IF(LEN(D2881)-LEN(SUBSTITUTE(D2881,\".\",\"\"))<>3,\"\",MID(D2881,SEARCH(\".\",D2881,SEARCH(\".\",D2881)+1)+1,LEN(D2881)-SEARCH(\".\",D2881,SEARCH(\".\",D2881)+1)-(LEN(D2881)-(SEARCH(\".\",D2881,SEARCH(\".\",D2881,SEARCH(\".\",D2881)+1)+1)-1)))),\"\")","v":""},"21.6.3",{"$f":"VLOOKUP($F2881,DADOS_COTACAO,2,0)","v":"SINALIZADOR VISUAL E ACÚSTICO PARA SISTEMA DE INCÊNDIO ENDEREÇÁVEL "},"COT-INC-007","COTAÇÃO",{"$f":"VLOOKUP($F2881,DADOS_COTACAO,9,0)","v":"UN "},{"$f":"F2884","v":2},{"$f":"VLOOKUP($F2881,DADOS_COTACAO,12,0)","v":86.27},"BDI 1",{"$f":"TRUNC(J2881*(1+$N$17),2)","v":109.14},{"$f":"IFERROR(TRUNC(I2881*J2881,2),\"\")","v":172.54},{"$f":"IFERROR(TRUNC(L2881*I2881,2),\"\")","v":218.28}]
[2000]
[2000,null,null,null,"Quantidade ",2,"un "]
[2000,null,null,null,"Total",{"$f":"F2883","v":2},{"$f":"G2883","v":"un "}]
[2000]
[{"$f":"IFERROR(LEFT(D2886,SEARCH(\".\",D2886)-1),\"\")","v":"21"},{"$f":"IFERROR(LEFT(RIGHT(D2886,LEN(D2886)-SEARCH(\".\",D2886)),SEARCH(\".\",RIGHT(D2886,LEN(D2886)-SEARCH(\".\",D2886)))-1),\"\")","v":"6"},{"$f":"IFERROR(IF(LEN(D2886)-LEN(SUBSTITUTE(D2886,\".\",\"\"))<>3,\"\",MID(D2886,SEARCH(\".\",D2886,SEARCH(\".\",D2886)+1)+1,LEN(D2886)-SEARCH(\".\",D2886,SEARCH(\".\",D2886)+1)-(LEN(D2886)-(SEARCH(\".\",D2886,SEARCH(\".\",D2886,SEARCH(\".\",D2886)+1)+1)-1)))),\"\")","v":""},"21.6.4",{"$f":"VLOOKUP($F2886,DADOS_COTACAO,2,0)","v":"BATERIA PARA ALARME DE INCÊNDIO "},"COT-INC-008","COTAÇÃO",{"$f":"VLOOKUP($F2886,DADOS_COTACAO,9,0)","v":"UN "},{"$f":"F2889","v":2},{"$f":"VLOOKUP($F2886,DADOS_COTACAO,12,0)","v":134.4},"BDI 1",{"$f":"TRUNC(J2886*(1+$N$17),2)","v":170.04},{"$f":"IFERROR(TRUNC(I2886*J2886,2),\"\")","v":268.8},{"$f":"IFERROR(TRUNC(L2886*I2886,2),\"\")","v":340.08}]
[2000]
[2000,null,null,null,"Quantidade ",2,"un "]
[2000,null,null,null,"Total",{"$f":"F2888","v":2},{"$f":"G2888","v":"un "}]
[2000]
[{"$f":"IFERROR(LEFT(D2891,SEARCH(\".\",D2891)-1),\"\")","v":"21"},{"$f":"IFERROR(LEFT(RIGHT(D2891,LEN(D2891)-SEARCH(\".\",D2891)),SEARCH(\".\",RIGHT(D2891,LEN(D2891)-SEARCH(\".\",D2891)))-1),\"\")","v":"6"},{"$f":"IFERROR(IF(LEN(D2891)-LEN(SUBSTITUTE(D2891,\".\",\"\"))<>3,\"\",MID(D2891,SEARCH(\".\",D2891,SEARCH(\".\",D2891)+1)+1,LEN(D2891)-SEARCH(\".\",D2891,SEARCH(\".\",D2891)+1)-(LEN(D2891)-(SEARCH(\".\",D2891,SEARCH(\".\",D2891,SEARCH(\".\",D2891)+1)+1)-1)))),\"\")","v":""},"21.6.5",{"$f":"IF($G2891=\"SINAPI\",VLOOKUP($F2891,DADOS_SINAPI,2,0),IF(G2891=\"SETOP\",VLOOKUP($F2891,DADOS_SETOP,2,0),IF(G2891=\"CPU\",VLOOKUP($F2891,DADOS_COMPOSICAO,2,0),IF(G2891=\"SICRO\",VLOOKUP($F2891,DADOS_SICRO,2,0),IF(G2891=\"SUDECAP\",VLOOKUP(F2891,DADOS_SUDECAP,2,0),IF(G2891=\"COTAÇÃO\",VLOOKUP($F2891,DADOS_COTACAO,2,0),\"\"))))))","v":"INSTALAÇÃO DO SISTEMA DE ALARME"},"DAC-21.4","CPU",{"$f":"IF(G2891=\"SINAPI\",VLOOKUP($F2891,DADOS_SINAPI,3,0),IF(G2891=\"SETOP\",VLOOKUP($F2891,DADOS_SETOP,3,0),IF(G2891=\"CPU\",VLOOKUP($F2891,DADOS_COMPOSICAO,10,0),IF(G2891=\"SICRO\",VLOOKUP($F2891,DADOS_SICRO,3,0),IF(G2891=\"SUDECAP\",VLOOKUP(F2891,DADOS_SUDECAP,3,0),IF(G2891=\"COTAÇÃO\",VLOOKUP($F2891,DADOS_COTACAO,9,0),\"\"))))))","v":"UN "},{"$f":"F2894","v":1},{"$f":"IF(G2891=\"SINAPI\",VLOOKUP($F2891,DADOS_SINAPI,4,0),IF(G2891=\"SETOP\",VLOOKUP($F2891,DADOS_SETOP,4,0),IF(G2891=\"CPU\",VLOOKUP($F2891,DADOS_COMPOSICAO,13,0),IF(G2891=\"SICRO\",VLOOKUP($F2891,DADOS_SICRO,4,0),IF(G2891=\"SUDECAP\",VLOOKUP(F2891,DADOS_SUDECAP,4,0),IF(G2891=\"COTAÇÃO\",VLOOKUP(F2891,DADOS_COTACAO,12,0),\"\"))))))","v":1790.3999999999999},"BDI 1",{"$f":"TRUNC(J2891*(1+$N$17),2)","v":2265.21},{"$f":"IFERROR(TRUNC(I2891*J2891,2),\"\")","v":1790.4},{"$f":"IFERROR(TRUNC(L2891*I2891,2),\"\")","v":2265.21}]
[2000]
[2000,null,null,null,"Quantidade ",1,"un "]
[2000,null,null,null,"Total",{"$f":"F2893","v":1},{"$f":"G2893","v":"un "}]
[2000]
[null,null,null,"21.7","CASA DE BOMBAS",null,null,null,null,null,null,null,{"$f":"IFERROR(SUMIFS(M:M,A:A,LEFT(D2896,SEARCH(\".\",D2896)-1),B:B,RIGHT(D2896,LEN(D2896)-SEARCH(\".\",D2896))),\"\")","v":8485.92},{"$f":"IFERROR(SUMIFS(N:N,A:A,LEFT(D2896,SEARCH(\".\",D2896)-1),B:B,RIGHT(D2896,LEN(D2896)-SEARCH(\".\",D2896))),\"\")","v":10736.34}]
[{"$f":"IFERROR(LEFT(D2897,SEARCH(\".\",D2897)-1),\"\")","v":"21"},{"$f":"IFERROR(LEFT(RIGHT(D2897,LEN(D2897)-SEARCH(\".\",D2897)),SEARCH(\".\",RIGHT(D2897,LEN(D2897)-SEARCH(\".\",D2897)))-1),\"\")","v":"7"},{"$f":"IFERROR(IF(LEN(D2897)-LEN(SUBSTITUTE(D2897,\".\",\"\"))<>3,\"\",MID(D2897,SEARCH(\".\",D2897,SEARCH(\".\",D2897)+1)+1,LEN(D2897)-SEARCH(\".\",D2897,SEARCH(\".\",D2897)+1)-(LEN(D2897)-(SEARCH(\".\",D2897,SEARCH(\".\",D2897,SEARCH(\".\",D2897)+1)+1)-1)))),\"\")","v":""},"21.7.1",{"$f":"IF($G2897=\"SINAPI\",VLOOKUP($F2897,DADOS_SINAPI,2,0),IF(G2897=\"SETOP\",VLOOKUP($F2897,DADOS_SETOP,2,0),IF(G2897=\"CPU\",VLOOKUP($F2897,DADOS_COMPOSICAO,2,0),IF(G2897=\"SICRO\",VLOOKUP($F2897,DADOS_SICRO,2,0),IF(G2897=\"SUDECAP\",VLOOKUP(F2897,DADOS_SUDECAP,2,0),IF(G2897=\"COTAÇÃO\",VLOOKUP($F2897,DADOS_COTACAO,2,0),\"\"))))))","v":"VÁLVULA DE RETENÇÃO HORIZONTAL, DE BRONZE, ROSCÁVEL, 2 1/2\" - FORNECIMENTO E INSTALAÇÃO. AF_08/2021"},99624,"SINAPI",{"$f":"IF(G2897=\"SINAPI\",VLOOKUP($F2897,DADOS_SINAPI,3,0),IF(G2897=\"SETOP\",VLOOKUP($F2897,DADOS_SETOP,3,0),IF(G2897=\"CPU\",VLOOKUP($F2897,DADOS_COMPOSICAO,10,0),IF(G2897=\"SICRO\",VLOOKUP($F2897,DADOS_SICRO,3,0),IF(G2897=\"SUDECAP\",VLOOKUP(F2897,DADOS_SUDECAP,3,0),IF(G2897=\"COTAÇÃO\",VLOOKUP($F2897,DADOS_COTACAO,9,0),\"\"))))))","v":"UN"},{"$f":"F2900","v":1},{"$f":"IF(G2897=\"SINAPI\",VLOOKUP($F2897,DADOS_SINAPI,4,0),IF(G2897=\"SETOP\",VLOOKUP($F2897,DADOS_SETOP,4,0),IF(G2897=\"CPU\",VLOOKUP($F2897,DADOS_COMPOSICAO,13,0),IF(G2897=\"SICRO\",VLOOKUP($F2897,DADOS_SICRO,4,0),IF(G2897=\"SUDECAP\",VLOOKUP(F2897,DADOS_SUDECAP,4,0),IF(G2897=\"COTAÇÃO\",VLOOKUP(F2897,DADOS_COTACAO,12,0),\"\"))))))","v":404.44},"BDI 1",{"$f":"TRUNC(J2897*(1+$N$17),2)","v":511.69},{"$f":"IFERROR(TRUNC(I2897*J2897,2),\"\")","v":404.44},{"$f":"IFERROR(TRUNC(L2897*I2897,2),\"\")","v":511.69}]
[2000]
[2000,null,null,null,"Quantidade ",1,"un "]
[2000,null,null,null,"Total",{"$f":"F2899","v":1},{"$f":"G2899","v":"un "}]
[2000]
[{"$f":"IFERROR(LEFT(D2902,SEARCH(\".\",D2902)-1),\"\")","v":"21"},{"$f":"IFERROR(LEFT(RIGHT(D2902,LEN(D2902)-SEARCH(\".\",D2902)),SEARCH(\".\",RIGHT(D2902,LEN(D2902)-SEARCH(\".\",D2902)))-1),\"\")","v":"7"},{"$f":"IFERROR(IF(LEN(D2902)-LEN(SUBSTITUTE(D2902,\".\",\"\"))<>3,\"\",MID(D2902,SEARCH(\".\",D2902,SEARCH(\".\",D2902)+1)+1,LEN(D2902)-SEARCH(\".\",D2902,SEARCH(\".\",D2902)+1)-(LEN(D2902)-(SEARCH(\".\",D2902,SEARCH(\".\",D2902,SEARCH(\".\",D2902)+1)+1)-1)))),\"\")","v":""},"21.7.2",{"$f":"IF($G2902=\"SINAPI\",VLOOKUP($F2902,DADOS_SINAPI,2,0),IF(G2902=\"SETOP\",VLOOKUP($F2902,DADOS_SETOP,2,0),IF(G2902=\"CPU\",VLOOKUP($F2902,DADOS_COMPOSICAO,2,0),IF(G2902=\"SICRO\",VLOOKUP($F2902,DADOS_SICRO,2,0),IF(G2902=\"SUDECAP\",VLOOKUP(F2902,DADOS_SUDECAP,2,0),IF(G2902=\"COTAÇÃO\",VLOOKUP($F2902,DADOS_COTACAO,2,0),\"\"))))))","v":"REGISTRO DE GAVETA BRUTO, LATÃO, ROSCÁVEL, 2 1/2\" - FORNECIMENTO E INSTALAÇÃO. AF_08/2021"},94499,"SINAPI",{"$f":"IF(G2902=\"SINAPI\",VLOOKUP($F2902,DADOS_SINAPI,3,0),IF(G2902=\"SETOP\",VLOOKUP($F2902,DADOS_SETOP,3,0),IF(G2902=\"CPU\",VLOOKUP($F2902,DADOS_COMPOSICAO,10,0),IF(G2902=\"SICRO\",VLOOKUP($F2902,DADOS_SICRO,3,0),IF(G2902=\"SUDECAP\",VLOOKUP(F2902,DADOS_SUDECAP,3,0),IF(G2902=\"COTAÇÃO\",VLOOKUP($F2902,DADOS_COTACAO,9,0),\"\"))))))","v":"UN"},{"$f":"F2905","v":2},{"$f":"IF(G2902=\"SINAPI\",VLOOKUP($F2902,DADOS_SINAPI,4,0),IF(G2902=\"SETOP\",VLOOKUP($F2902,DADOS_SETOP,4,0),IF(G2902=\"CPU\",VLOOKUP($F2902,DADOS_COMPOSICAO,13,0),IF(G2902=\"SICRO\",VLOOKUP($F2902,DADOS_SICRO,4,0),IF(G2902=\"SUDECAP\",VLOOKUP(F2902,DADOS_SUDECAP,4,0),IF(G2902=\"COTAÇÃO\",VLOOKUP(F2902,DADOS_COTACAO,12,0),\"\"))))))","v":393.84},"BDI 1",{"$f":"TRUNC(J2902*(1+$N$17),2)","v":498.28},{"$f":"IFERROR(TRUNC(I2902*J2902,2),\"\")","v":787.68},{"$f":"IFERROR(TRUNC(L2902*I2902,2),\"\")","v":996.56}]
[2000]
[2000,null,null,null,"Quantidade ",2,"un "]
[2000,null,null,null,"Total",{"$f":"F2904","v":2},{"$f":"G2904","v":"un "}]
[2000]
[{"$f":"IFERROR(LEFT(D2907,SEARCH(\".\",D2907)-1),\"\")","v":"21"},{"$f":"IFERROR(LEFT(RIGHT(D2907,LEN(D2907)-SEARCH(\".\",D2907)),SEARCH(\".\",RIGHT(D2907,LEN(D2907)-SEARCH(\".\",D2907)))-1),\"\")","v":"7"},{"$f":"IFERROR(IF(LEN(D2907)-LEN(SUBSTITUTE(D2907,\".\",\"\"))<>3,\"\",MID(D2907,SEARCH(\".\",D2907,SEARCH(\".\",D2907)+1)+1,LEN(D2907)-SEARCH(\".\",D2907,SEARCH(\".\",D2907)+1)-(LEN(D2907)-(SEARCH(\".\",D2907,SEARCH(\".\",D2907,SEARCH(\".\",D2907)+1)+1)-1)))),\"\")","v":""},"21.7.3",{"$f":"IF($G2907=\"SINAPI\",VLOOKUP($F2907,DADOS_SINAPI,2,0),IF(G2907=\"SETOP\",VLOOKUP($F2907,DADOS_SETOP,2,0),IF(G2907=\"CPU\",VLOOKUP($F2907,DADOS_COMPOSICAO,2,0),IF(G2907=\"SICRO\",VLOOKUP($F2907,DADOS_SICRO,2,0),IF(G2907=\"SUDECAP\",VLOOKUP(F2907,DADOS_SUDECAP,2,0),IF(G2907=\"COTAÇÃO\",VLOOKUP($F2907,DADOS_COTACAO,2,0),\"\"))))))","v":"PRESSOSTATO TELEMECANIQUE, MODELO XML B004 A2S11, COM ESCALA DE 3 A 58 PSI"},"ED-50185","SETOP",{"$f":"IF(G2907=\"SINAPI\",VLOOKUP($F2907,DADOS_SINAPI,3,0),IF(G2907=\"SETOP\",VLOOKUP($F2907,DADOS_SETOP,3,0),IF(G2907=\"CPU\",VLOOKUP($F2907,DADOS_COMPOSICAO,10,0),IF(G2907=\"SICRO\",VLOOKUP($F2907,DADOS_SICRO,3,0),IF(G2907=\"SUDECAP\",VLOOKUP(F2907,DADOS_SUDECAP,3,0),IF(G2907=\"COTAÇÃO\",VLOOKUP($F2907,DADOS_COTACAO,9,0),\"\"))))))","v":"U"},{"$f":"F2910","v":1},{"$f":"IF(G2907=\"SINAPI\",VLOOKUP($F2907,DADOS_SINAPI,4,0),IF(G2907=\"SETOP\",VLOOKUP($F2907,DADOS_SETOP,4,0),IF(G2907=\"CPU\",VLOOKUP($F2907,DADOS_COMPOSICAO,13,0),IF(G2907=\"SICRO\",VLOOKUP($F2907,DADOS_SICRO,4,0),IF(G2907=\"SUDECAP\",VLOOKUP(F2907,DADOS_SUDECAP,4,0),IF(G2907=\"COTAÇÃO\",VLOOKUP(F2907,DADOS_COTACAO,12,0),\"\"))))))","v":998.81},"BDI 1",{"$f":"TRUNC(J2907*(1+$N$17),2)","v":1263.69},{"$f":"IFERROR(TRUNC(I2907*J2907,2),\"\")","v":998.81},{"$f":"IFERROR(TRUNC(L2907*I2907,2),\"\")","v":1263.69}]
[2000]
[2000,null,null,null,"Quantidade ",1,"un "]
[2000,null,null,null,"Total",{"$f":"F2909","v":1},{"$f":"G2909","v":"un "}]
[2000]
[{"$f":"IFERROR(LEFT(D2912,SEARCH(\".\",D2912)-1),\"\")","v":"21"},{"$f":"IFERROR(LEFT(RIGHT(D2912,LEN(D2912)-SEARCH(\".\",D2912)),SEARCH(\".\",RIGHT(D2912,LEN(D2912)-SEARCH(\".\",D2912)))-1),\"\")","v":"7"},{"$f":"IFERROR(IF(LEN(D2912)-LEN(SUBSTITUTE(D2912,\".\",\"\"))<>3,\"\",MID(D2912,SEARCH(\".\",D2912,SEARCH(\".\",D2912)+1)+1,LEN(D2912)-SEARCH(\".\",D2912,SEARCH(\".\",D2912)+1)-(LEN(D2912)-(SEARCH(\".\",D2912,SEARCH(\".\",D2912,SEARCH(\".\",D2912)+1)+1)-1)))),\"\")","v":""},"21.7.4",{"$f":"IF($G2912=\"SINAPI\",VLOOKUP($F2912,DADOS_SINAPI,2,0),IF(G2912=\"SETOP\",VLOOKUP($F2912,DADOS_SETOP,2,0),IF(G2912=\"CPU\",VLOOKUP($F2912,DADOS_COMPOSICAO,2,0),IF(G2912=\"SICRO\",VLOOKUP($F2912,DADOS_SICRO,2,0),IF(G2912=\"SUDECAP\",VLOOKUP(F2912,DADOS_SUDECAP,2,0),IF(G2912=\"COTAÇÃO\",VLOOKUP($F2912,DADOS_COTACAO,2,0),\"\"))))))","v":"MANÔMETRO 0 A 200 PSI (0 A 14 KGF/CM2), D = 50MM - FORNECIMENTO E INSTALAÇÃO. AF_10/2020"},101917,"SINAPI",{"$f":"IF(G2912=\"SINAPI\",VLOOKUP($F2912,DADOS_SINAPI,3,0),IF(G2912=\"SETOP\",VLOOKUP($F2912,DADOS_SETOP,3,0),IF(G2912=\"CPU\",VLOOKUP($F2912,DADOS_COMPOSICAO,10,0),IF(G2912=\"SICRO\",VLOOKUP($F2912,DADOS_SICRO,3,0),IF(G2912=\"SUDECAP\",VLOOKUP(F2912,DADOS_SUDECAP,3,0),IF(G2912=\"COTAÇÃO\",VLOOKUP($F2912,DADOS_COTACAO,9,0),\"\"))))))","v":"UN"},{"$f":"F2915","v":1},{"$f":"IF(G2912=\"SINAPI\",VLOOKUP($F2912,DADOS_SINAPI,4,0),IF(G2912=\"SETOP\",VLOOKUP($F2912,DADOS_SETOP,4,0),IF(G2912=\"CPU\",VLOOKUP($F2912,DADOS_COMPOSICAO,13,0),IF(G2912=\"SICRO\",VLOOKUP($F2912,DADOS_SICRO,4,0),IF(G2912=\"SUDECAP\",VLOOKUP(F2912,DADOS_SUDECAP,4,0),IF(G2912=\"COTAÇÃO\",VLOOKUP(F2912,DADOS_COTACAO,12,0),\"\"))))))","v":150.63},"BDI 1",{"$f":"TRUNC(J2912*(1+$N$17),2)","v":190.57},{"$f":"IFERROR(TRUNC(I2912*J2912,2),\"\")","v":150.63},{"$f":"IFERROR(TRUNC(L2912*I2912,2),\"\")","v":190.57}]
[2000]
[2000,null,null,null,"Quantidade ",1,"un "]
[2000,null,null,null,"Total",{"$f":"F2914","v":1},{"$f":"G2914","v":"un "}]
[2000]
[{"$f":"IFERROR(LEFT(D2917,SEARCH(\".\",D2917)-1),\"\")","v":"21"},{"$f":"IFERROR(LEFT(RIGHT(D2917,LEN(D2917)-SEARCH(\".\",D2917)),SEARCH(\".\",RIGHT(D2917,LEN(D2917)-SEARCH(\".\",D2917)))-1),\"\")","v":"7"},{"$f":"IFERROR(IF(LEN(D2917)-LEN(SUBSTITUTE(D2917,\".\",\"\"))<>3,\"\",MID(D2917,SEARCH(\".\",D2917,SEARCH(\".\",D2917)+1)+1,LEN(D2917)-SEARCH(\".\",D2917,SEARCH(\".\",D2917)+1)-(LEN(D2917)-(SEARCH(\".\",D2917,SEARCH(\".\",D2917,SEARCH(\".\",D2917)+1)+1)-1)))),\"\")","v":""},"21.7.5",{"$f":"VLOOKUP($F2917,DADOS_COTACAO,2,0)","v":"BOMBA DE INCÊNDIO 4 CV"},"COT-INC-009","COTAÇÃO",{"$f":"VLOOKUP($F2917,DADOS_COTACAO,9,0)","v":"UN "},{"$f":"F2920","v":1},{"$f":"VLOOKUP($F2917,DADOS_COTACAO,12,0)","v":4291.72},"BDI 1",{"$f":"TRUNC(J2917*(1+$N$17),2)","v":5429.88},{"$f":"IFERROR(TRUNC(I2917*J2917,2),\"\")","v":4291.72},{"$f":"IFERROR(TRUNC(L2917*I2917,2),\"\")","v":5429.88}]
[2000]
[2000,null,null,null,"Quantidade ",1,"un "]
[2000,null,null,null,"Total",{"$f":"F2919","v":1},{"$f":"G2919","v":"un "}]
[2000]
[{"$f":"IFERROR(LEFT(D2922,SEARCH(\".\",D2922)-1),\"\")","v":"21"},{"$f":"IFERROR(LEFT(RIGHT(D2922,LEN(D2922)-SEARCH(\".\",D2922)),SEARCH(\".\",RIGHT(D2922,LEN(D2922)-SEARCH(\".\",D2922)))-1),\"\")","v":"7"},{"$f":"IFERROR(IF(LEN(D2922)-LEN(SUBSTITUTE(D2922,\".\",\"\"))<>3,\"\",MID(D2922,SEARCH(\".\",D2922,SEARCH(\".\",D2922)+1)+1,LEN(D2922)-SEARCH(\".\",D2922,SEARCH(\".\",D2922)+1)-(LEN(D2922)-(SEARCH(\".\",D2922,SEARCH(\".\",D2922,SEARCH(\".\",D2922)+1)+1)-1)))),\"\")","v":""},"21.7.6",{"$f":"VLOOKUP($F2922,DADOS_COTACAO,2,0)","v":"QUADRO DE COMANDO PARA BOMBA DE INCÊNDIO"},"COT-INC-010","COTAÇÃO",{"$f":"VLOOKUP($F2922,DADOS_COTACAO,9,0)","v":"UN "},{"$f":"F2925","v":1},{"$f":"VLOOKUP($F2922,DADOS_COTACAO,12,0)","v":1069.3600000000001},"BDI 1",{"$f":"TRUNC(J2922*(1+$N$17),2)","v":1352.95},{"$f":"IFERROR(TRUNC(I2922*J2922,2),\"\")","v":1069.3599999999999},{"$f":"IFERROR(TRUNC(L2922*I2922,2),\"\")","v":1352.95}]
[2000]
[2000,null,null,null,"Quantidade ",1,"un "]
[2000,null,null,null,"Total",{"$f":"F2924","v":1},{"$f":"G2924","v":"un "}]
[2000]
[{"$f":"IFERROR(LEFT(D2927,SEARCH(\".\",D2927)-1),\"\")","v":"21"},{"$f":"IFERROR(LEFT(RIGHT(D2927,LEN(D2927)-SEARCH(\".\",D2927)),SEARCH(\".\",RIGHT(D2927,LEN(D2927)-SEARCH(\".\",D2927)))-1),\"\")","v":"7"},{"$f":"IFERROR(IF(LEN(D2927)-LEN(SUBSTITUTE(D2927,\".\",\"\"))<>3,\"\",MID(D2927,SEARCH(\".\",D2927,SEARCH(\".\",D2927)+1)+1,LEN(D2927)-SEARCH(\".\",D2927,SEARCH(\".\",D2927)+1)-(LEN(D2927)-(SEARCH(\".\",D2927,SEARCH(\".\",D2927,SEARCH(\".\",D2927)+1)+1)-1)))),\"\")","v":""},"21.7.7",{"$f":"IF($G2927=\"SINAPI\",VLOOKUP($F2927,DADOS_SINAPI,2,0),IF(G2927=\"SETOP\",VLOOKUP($F2927,DADOS_SETOP,2,0),IF(G2927=\"CPU\",VLOOKUP($F2927,DADOS_COMPOSICAO,2,0),IF(G2927=\"SICRO\",VLOOKUP($F2927,DADOS_SICRO,2,0),IF(G2927=\"SUDECAP\",VLOOKUP(F2927,DADOS_SUDECAP,2,0),IF(G2927=\"COTAÇÃO\",VLOOKUP($F2927,DADOS_COTACAO,2,0),\"\"))))))","v":"INSTALAÇÃO DE BOMBA HIDRÁULICA E QUADRO DE COMANDO PARA O SISTEMA DE COMBATE A INCÊNDIO"},"DAC-21.5","CPU",{"$f":"IF(G2927=\"SINAPI\",VLOOKUP($F2927,DADOS_SINAPI,3,0),IF(G2927=\"SETOP\",VLOOKUP($F2927,DADOS_SETOP,3,0),IF(G2927=\"CPU\",VLOOKUP($F2927,DADOS_COMPOSICAO,10,0),IF(G2927=\"SICRO\",VLOOKUP($F2927,DADOS_SICRO,3,0),IF(G2927=\"SUDECAP\",VLOOKUP(F2927,DADOS_SUDECAP,3,0),IF(G2927=\"COTAÇÃO\",VLOOKUP($F2927,DADOS_COTACAO,9,0),\"\"))))))","v":"UN "},{"$f":"F2930","v":1},{"$f":"IF(G2927=\"SINAPI\",VLOOKUP($F2927,DADOS_SINAPI,4,0),IF(G2927=\"SETOP\",VLOOKUP($F2927,DADOS_SETOP,4,0),IF(G2927=\"CPU\",VLOOKUP($F2927,DADOS_COMPOSICAO,13,0),IF(G2927=\"SICRO\",VLOOKUP($F2927,DADOS_SICRO,4,0),IF(G2927=\"SUDECAP\",VLOOKUP(F2927,DADOS_SUDECAP,4,0),IF(G2927=\"COTAÇÃO\",VLOOKUP(F2927,DADOS_COTACAO,12,0),\"\"))))))","v":783.28},"BDI 1",{"$f":"TRUNC(J2927*(1+$N$17),2)","v":991},{"$f":"IFERROR(TRUNC(I2927*J2927,2),\"\")","v":783.28},{"$f":"IFERROR(TRUNC(L2927*I2927,2),\"\")","v":991}]
[2000]
[2000,null,null,null,"Quantidade ",1,"un "]
[2000,null,null,null,"Total",{"$f":"F2929","v":1},{"$f":"G2929","v":"un "}]
[2000]
[1000,null,null,22,"SERVIÇOS FINAIS",null,null,null,null,null,null,null,{"$f":"SUMIF(A:A,D2932,M:M)","v":11378.77},{"$f":"SUMIF(A:A,D2932,N:N)","v":14390.8}]
[{"$f":"IFERROR(LEFT(D2933,SEARCH(\".\",D2933)-1),\"\")","v":"22"},{"$f":"IFERROR(LEFT(RIGHT(D2933,LEN(D2933)-SEARCH(\".\",D2933)),SEARCH(\".\",RIGHT(D2933,LEN(D2933)-SEARCH(\".\",D2933)))-1),\"\")","v":""},{"$f":"IFERROR(IF(LEN(D2933)-LEN(SUBSTITUTE(D2933,\".\",\"\"))<>3,\"\",MID(D2933,SEARCH(\".\",D2933,SEARCH(\".\",D2933)+1)+1,LEN(D2933)-SEARCH(\".\",D2933,SEARCH(\".\",D2933)+1)-(LEN(D2933)-(SEARCH(\".\",D2933,SEARCH(\".\",D2933,SEARCH(\".\",D2933)+1)+1)-1)))),\"\")","v":""},"22.1",{"$f":"IF($G2933=\"SINAPI\",VLOOKUP($F2933,DADOS_SINAPI,2,0),IF(G2933=\"SETOP\",VLOOKUP($F2933,DADOS_SETOP,2,0),IF(G2933=\"CPU\",VLOOKUP($F2933,DADOS_COMPOSICAO,2,0),IF(G2933=\"SICRO\",VLOOKUP($F2933,DADOS_SICRO,2,0),IF(G2933=\"SUDECAP\",VLOOKUP(F2933,DADOS_SUDECAP,2,0),IF(G2933=\"COTAÇÃO\",VLOOKUP($F2933,DADOS_COTACAO,2,0),\"\"))))))","v":"LIMPEZA FINAL PARA ENTREGA DA OBRA"},"ED-50266","SETOP",{"$f":"IF(G2933=\"SINAPI\",VLOOKUP($F2933,DADOS_SINAPI,3,0),IF(G2933=\"SETOP\",VLOOKUP($F2933,DADOS_SETOP,3,0),IF(G2933=\"CPU\",VLOOKUP($F2933,DADOS_COMPOSICAO,10,0),IF(G2933=\"SICRO\",VLOOKUP($F2933,DADOS_SICRO,3,0),IF(G2933=\"SUDECAP\",VLOOKUP(F2933,DADOS_SUDECAP,3,0),IF(G2933=\"COTAÇÃO\",VLOOKUP($F2933,DADOS_COTACAO,9,0),\"\"))))))","v":"m2"},{"$f":"F2939","v":1761.42},{"$f":"IF(G2933=\"SINAPI\",VLOOKUP($F2933,DADOS_SINAPI,4,0),IF(G2933=\"SETOP\",VLOOKUP($F2933,DADOS_SETOP,4,0),IF(G2933=\"CPU\",VLOOKUP($F2933,DADOS_COMPOSICAO,13,0),IF(G2933=\"SICRO\",VLOOKUP($F2933,DADOS_SICRO,4,0),IF(G2933=\"SUDECAP\",VLOOKUP(F2933,DADOS_SUDECAP,4,0),IF(G2933=\"COTAÇÃO\",VLOOKUP(F2933,DADOS_COTACAO,12,0),\"\"))))))","v":6.46},"BDI 1",{"$f":"TRUNC(J2933*(1+$N$17),2)","v":8.17},{"$f":"IFERROR(TRUNC(I2933*J2933,2),\"\")","v":11378.77},{"$f":"IFERROR(TRUNC(L2933*I2933,2),\"\")","v":14390.8}]
[2000]
[2000,null,null,null,"Área UPA",1083.68,"m²"]
[2000,null,null,null,"Área Casa de Máquinas",6.46,"m²"]
[2000,null,null,null,"Área Casa de Gás",1.5,"m²"]
[2000,null,null,null,"Área Externa",669.78,"m²"]
[2000,null,null,null,"Total",{"$f":"SUM(F2935:F2938)","v":1761.42},"m²"]
[2000]
[2000]
[2000]
[null,null,null,"TOTAL INCLUINDO ADMINISTRAÇÃO",null,null,null,null,null,null,null,null,{"$f":"IFERROR(SUMIF(A:A,1000,M:M),\"\")","v":4980220.62}]
[null,null,null,"BDI",null,null,null,null,null,null,null,null,{"$f":"IFERROR(M2945-M2943,\"\")","v":1316414.5100000007}]
[null,null,null,"TOTAL GERAL",null,null,null,null,null,null,null,null,{"$f":"IFERROR(SUMIF(A:A,1000,N:N),\"\")","v":6296635.1300000008}]
[]
[]
[]
[]
[]
[]
[]
[]
[null,null,null,null,"RESPONSÁVEL TÉCNICO:",{"$f":"DADOS!D16","v":"FLÁVIA CRISTINA BARBOSA"}]
[null,null,null,null,null,{"$f":"DADOS!D18","v":"CREA -  MG 187.842/D"}]

{"sheet":"ABC","index":4,"n_rows":438,"n_cols":9,"rows_kept":438,"cut":false,"hidden":false,"merged":[[433,2,433,7],[1,0,2,6],[4,7,6,8],[4,0,8,1],[10,0,10,8],[430,7,430,8],[431,7,431,8],[432,7,432,8],[430,0,430,6],[431,0,431,6],[432,0,432,6]]}
[]
["CURVA ABC DE SERVIÇOS",null,null,null,null,null,null,"Revisão:",{"$f":"DADOS!D6","v":"R01"}]
[null,null,null,null,null,null,null,"Data: ",{"$f":"DADOS!D2","v":"2023-04-28"}]
["Projeto:",null,"Responsável:","Cliente:",null,null,null,"Bancos:"]
[{"$f":"DADOS!D8","v":"CONSTRUÇÃO DO CENTRO DE ATENÇÃO PSICOSSOCIAL"},null,null,null,null,null,null,{"$f":"DADOS!D14","v":"SINAPI: 03/2023 Minas Gerais\nSETOP: 01/2023 Minas Gerais\nSICRO : 10/2022 Minas Gerais\nSUDECAP: 02/2023 Minas Gerais"}]
[]
[]
[null,null,null,null,null,null,null,"BDI 1:",{"$f":"DADOS!D10","v":0.26519999999999999}]
[null,null,null,null,null,null,null,"BDI 2:",{"$f":"DADOS!D12","v":0.20250000000000001}]
[]
[{"$f":"A2&\" DE \"&DADOS!D20&\" - \"&A5","v":"CURVA ABC DE SERVIÇOS DE PROJETO EXECUTIVO - CONSTRUÇÃO DO CENTRO DE ATENÇÃO PSICOSSOCIAL"}]
[]
["Código","Banco","Descrição","Unidade","Quantidade","Valor Unitário","Total","Peso (%)","Peso Acumulado (%)"]
[]
["DAC-4.4","CPU","FORNECIMENTO E EXECUÇÃO DE LAJE ALVEOLAR","M³",170.83,3055.65,521996.68,8.2900893766731501E-2,8.2900893766731501E-2]
["DAC-4.3","CPU","FORNECIMENTO E EXECUÇÃO DE VIGAS PRÉ-FABRICADAS","M³",94.59,3935.61,372269.33999999997,5.9121948836822584E-2,0.14202284260355408]
["ED-49664","SETOP","FORNECIMENTO DE ESTRUTURA METÁLICA EM PERFIL LAMINADO, INCLUSIVE FABRICAÇÃO, TRANSPORTE, MONTAGEM E APLICAÇÃO DE FUNDO PREPARADOR ANTICORROSIVO EM SUPERFÍCIE METÁLICA, UMA (1) DEMÃO","Kg",10162.17,30.9,314011.05,4.9869659511301519E-2,0.19189250211485559]
["ED-48298","SETOP","CORTE, DOBRA E MONTAGEM DE AÇO CA-50/60, INCLUSIVE ESPAÇADOR","Kg",17345.54,17.100000000000001,296608.73,4.7105910359458887E-2,0.23899841247431447]
[100320,"SINAPI","ENGENHEIRO CIVIL PLENO COM ENCARGOS COMPLEMENTARES","MES",12,24654.31,295851.71999999997,4.6985685829313686E-2,0.28598409830362814]
[100651,"SINAPI","ESTACA HÉLICE CONTÍNUA, DIÂMETRO DE 30 CM, INCLUSO CONCRETO FCK=30MPA E ARMADURA MÍNIMA (EXCLUSIVE MOBILIZAÇÃO, DESMOBILIZAÇÃO E BOMBEAMENTO). AF_12/2019","M",1508,184.12,277652.96000000002,4.4095450072553249E-2,0.33007954837618136]
["DAC-9.1","CPU","EXECUÇÃO DE PASSEIO (CALÇADA) OU PISO DE CONCRETO COM CONCRETO MOLDADO IN LOCO, USINADO, ACABAMENTO CONVENCIONAL, ESPESSURA 10 CM, ARMADO","M2",1523.83,165.57,252300.52,4.0069102749487058E-2,0.37014865112566842]
[103318,"SINAPI","ALVENARIA DE VEDAÇÃO DE BLOCOS VAZADOS DE CONCRETO DE 14X19X39 CM (ESPESSURA 14 CM)  E ARGAMASSA DE ASSENTAMENTO COM PREPARO EM BETONEIRA. AF_12/2021","M2",2278.21,108.33,246798.48,3.9195296361407533E-2,0.40934394748707592]
["DAC-4.2","CPU","FORNECIMENTO E EXECUÇÃO DE PILARES PRÉ-FABRICADOS","M³",52.05,3611.16,187960.87,2.9851002340038697E-2,0.4391949498271146]
[87779,"SINAPI","EMBOÇO OU MASSA ÚNICA EM ARGAMASSA TRAÇO 1:2:8, PREPARO MECÂNICO COM BETONEIRA 400 L, APLICADA MANUALMENTE EM PANOS DE FACHADA COM PRESENÇA DE VÃOS, ESPESSURA DE 35 MM. AF_08/2022","M2",1918.7,80.040000000000006,153572.74,2.4389652064848145E-2,0.46358460189196277]
["ED-50497","SETOP","PINTURA ESMALTE EM ESTRUTURA METÁLICA, DUAS (2) DEMÃOS, INCLUSIVE UMA (1) DEMÃO FUNDO ANTICORROSIVO","m2",3360.4015000000004,41.63,139893.5,2.2217183799246105E-2,0.48580178569120885]
["ED-50754","SETOP","REVESTIMENTO COM PORCELANATO APLICADO EM PISO, ACABAMENTO POLÍDO, AMBIENTE INTERNO, PADRÃO EXTRA, BORDA RETIFICADA, DIMENSÃO DA PEÇA (60X60CM), ASSENTAMENTO COM ARGAMASSA INDUSTRIALIZADA, INCLUSIVE REJUNTAMENTO","m2",843.61,160.54,135433.14000000001,2.150881180247138E-2,0.50731059749368024]
["ED-48428","SETOP","COBERTURA EM TELHA METÁLICA GALVANIZADA TRAPEZOIDAL, TIPO SIMPLES, ESP. 0,50MM, ACABAMENTO NATURAL, INCLUSIVE ACESSÓRIOS PARA FIXAÇÃO, FORNECIMENTO E INSTALAÇÃO","m2",1038.6300000000001,125.54,130389.61,2.0707823672165025E-2,0.5280184211658453]
["ED-49806","SETOP","FORNECIMENTO DE CONCRETO ESTRUTURAL, USINADO BOMBEADO, COM FCK 30MPA, INCLUSIVE LANÇAMENTO, ADENSAMENTO E ACABAMENTO (FUNDAÇÃO)","m3",139.32999999999998,932.59,129937.75,2.0636061534027604E-2,0.54865448269987294]
["DAC-14.1","CPU","BANCADA EM AÇO INOXIDÁVEL COM RODABANCA","M2",50.87,2477.0700000000002,126008.55,2.0012045703527992E-2,0.56866652840340093]
[100321,"SINAPI","TÉCNICO EM SEGURANÇA DO TRABALHO COM ENCARGOS COMPLEMENTARES","MES",12,7349.88,88198.56,1.4007252791222148E-2,0.5826737811946231]
["ED-9081","SETOP","REVESTIMENTO COM CERÂMICA APLICADO EM PAREDE, ACABAMENTO ESMALTADO, AMBIENTE INTERNO/EXTERNO, PADRÃO EXTRA, DIMENSÃO DA PEÇA ATÉ 2025 CM2, PEI III, ASSENTAMENTO COM ARGAMASSA INDUSTRIALIZADA, INCLUSIVE REJUNTAMENTO","m2",971.09000000000015,87.74,85203.43,1.3531581271725988E-2,0.59620536246634903]
[87529,"SINAPI","MASSA ÚNICA, PARA RECEBIMENTO DE PINTURA, EM ARGAMASSA TRAÇO 1:2:8, PREPARO MECÂNICO COM BETONEIRA 400L, APLICADA MANUALMENTE EM FACES INTERNAS DE PAREDES, ESPESSURA DE 20MM, COM EXECUÇÃO DE TALISCAS. AF_06/2014","M2",1873.8500000000004,44.69,83742.350000000006,1.3299539876626128E-2,0.60950490234297516]
[94569,"SINAPI","JANELA DE ALUMÍNIO TIPO MAXIM-AR, COM VIDROS, BATENTE E FERRAGENS. EXCLUSIVE ALIZAR, ACABAMENTO E CONTRAMARCO. FORNECIMENTO E INSTALAÇÃO. AF_12/2019","M2",98.88000000000001,808.36,79930.63,1.2694181630308304E-2,0.6221990839732835]
[96114,"SINAPI","FORRO EM DRYWALL, PARA AMBIENTES COMERCIAIS, INCLUSIVE ESTRUTURA DE FIXAÇÃO. AF_05/2017_PS","M2",837.91,91.75,76878.240000000005,1.2209416364895824E-2,0.6344085003381793]
["COT-ELE-004","COTAÇÃO","GERADOR ELÉTRICO 72 KVA","UN ",1,71377.039999999994,71377.039999999994,1.133574338140186E-2,0.64574424371958117]
[87630,"SINAPI","CONTRAPISO EM ARGAMASSA TRAÇO 1:4 (CIMENTO E AREIA), PREPARO MECÂNICO COM BETONEIRA 400 L, APLICADO EM ÁREAS SECAS SOBRE LAJE, ADERIDO, ACABAMENTO NÃO REFORÇADO, ESPESSURA 3CM. AF_07/2021","M2",1337.0299999999995,48.19,64431.46,1.0232681213021145E-2,0.65597692493260229]
[100652,"SINAPI","ESTACA HÉLICE CONTÍNUA , DIÂMETRO DE 50 CM, INCLUSO CONCRETO FCK=30MPA E ARMADURA MÍNIMA (EXCLUSIVE MOBILIZAÇÃO, DESMOBILIZAÇÃO E BOMBEAMENTO). AF_12/2019","M",169,359.02,60674.38,9.6360006173646512E-3,0.66561292554996698]
["ED-49804","SETOP","FORNECIMENTO DE CONCRETO ESTRUTURAL, USINADO BOMBEADO, COM FCK 20MPA, INCLUSIVE LANÇAMENTO, ADENSAMENTO E ACABAMENTO (FUNDAÇÃO)","m3",62.3,884.09,55078.8,8.7473386757920598E-3,0.67436026422575901]
["DAC-8.2","CPU","REVESTIMENTO COM PASTILHA APLICADO EM PAREDE, ACABAMENTO ESMALTADO, AMBIENTE INTERNO/EXTERNO, PADRÃO EXTRA, DIMENSÃO DA PEÇA ATÉ 2025 CM2, ASSENTAMENTO COM ARGAMASSA.","M2",294.64,174.19,51323.33,8.1509137722579079E-3,0.68251117799801697]
["ED-48533","SETOP","DIVISÓRIA EM GRANITO CINZA ANDORINHA E = 3 CM, INCLUSIVE FERRAGENS EM LATÃO CROMADO","m2",61.298999999999992,796.21,48806.87,7.751262220588597E-3,0.69026244021860561]
[90844,"SINAPI","KIT DE PORTA DE MADEIRA PARA PINTURA, SEMI-OCA (LEVE OU MÉDIA), PADRÃO MÉDIO, 90X210CM, ESPESSURA DE 3,5CM, ITENS INCLUSOS: DOBRADIÇAS, MONTAGEM E INSTALAÇÃO DO BATENTE, FECHADURA COM EXECUÇÃO DO FURO - FORNECIMENTO E INSTALAÇÃO. AF_12/2019","UN",33,1413.62,46649.46,7.408633188501104E-3,0.69767107340710677]
[98555,"SINAPI","IMPERMEABILIZAÇÃO DE SUPERFÍCIE COM ARGAMASSA POLIMÉRICA / MEMBRANA ACRÍLICA, 3 DEMÃOS. AF_06/2018","M2",1457.81,30.94,45104.630000000005,7.1632910385899988E-3,0.7048343644456968]
["ED-49810","SETOP","FÔRMA E DESFORMA DE TÁBUA E SARRAFO, REAPROVEITAMENTO (3X) (FUNDAÇÃO)","m2",632.28,71.040000000000006,44917.149999999994,7.1335164056107476E-3,0.71196788085130758]
[87535,"SINAPI","EMBOÇO, PARA RECEBIMENTO DE CERÂMICA, EM ARGAMASSA TRAÇO 1:2:8, PREPARO MECÂNICO COM BETONEIRA 400L, APLICADO MANUALMENTE EM FACES INTERNAS DE PAREDES, PARA AMBIENTE COM ÁREA  MAIOR QUE 10M2, ESPESSURA DE 20MM, COM EXECUÇÃO DE TALISCAS. AF_06/2014","M2",1026.01,38.86,39870.74,6.332070888153872E-3,0.71829995173946148]
[98295,"SINAPI","CABO ELETRÔNICO CATEGORIA 5E, INSTALADO EM EDIFICAÇÃO INSTITUCIONAL - FORNECIMENTO E INSTALAÇÃO. AF_11/2019","M",6093.38,6.38,38875.760000000002,6.1740531565468004E-3,0.72447400489600833]
[98680,"SINAPI","PISO CIMENTADO, TRAÇO 1:3 (CIMENTO E AREIA), ACABAMENTO LISO, ESPESSURA 3,0 CM, PREPARO MECÂNICO DA ARGAMASSA. AF_09/2020","M2",669.78,56.75,38010.01,6.0365590851696651E-3,0.73051056398117797]
["COT-ARQ-003","COTAÇÃO","CORTINA HOSPITALAR - FORNECIMENTO E INSTALAÇÃO","M",22.61,1550.09,35047.53,5.5660728748626051E-3,0.73607663685604063]
[88489,"SINAPI","APLICAÇÃO MANUAL DE PINTURA COM TINTA LÁTEX ACRÍLICA EM PAREDES, DUAS DEMÃOS. AF_06/2014","M2",1910.3480000000004,17.3,33049.019999999997,5.2486795435453433E-3,0.74132531639958599]
[95626,"SINAPI","APLICAÇÃO MANUAL DE TINTA LÁTEX ACRÍLICA EM PAREDE EXTERNAS DE CASAS, DUAS DEMÃOS. AF_11/2016","M2",1678.98,18.96,31833.46,5.0556304030276522E-3,0.74638094680261369]
[92996,"SINAPI","CABO DE COBRE FLEXÍVEL ISOLADO, 150 MM², ANTI-CHAMA 0,6/1,0 KV, PARA REDE ENTERRADA DE DISTRIBUIÇÃO DE ENERGIA ELÉTRICA - FORNECIMENTO E INSTALAÇÃO. AF_12/2021","M",165.12,186.03,30717.27,4.8783627073528679E-3,0.75125930950996656]
["ED-50480","SETOP","EMASSAMENTO EM TETO COM MASSA CORRIDA (PVA), DUAS (2) DEMÃOS, INCLUSIVE LIXAMENTO PARA PINTURA","m2",837.91,33.74,28271.08,4.4898710845263767E-3,0.75574918059449292]
[91341,"SINAPI","PORTA EM ALUMÍNIO DE ABRIR TIPO VENEZIANA COM GUARNIÇÃO, FIXAÇÃO COM PARAFUSOS - FORNECIMENTO E INSTALAÇÃO. AF_12/2019","M2",33.54,823.01,27603.75,4.3838890820405499E-3,0.76013306967653349]
[92992,"SINAPI","CABO DE COBRE FLEXÍVEL ISOLADO, 95 MM², ANTI-CHAMA 0,6/1,0 KV, PARA REDE ENTERRADA DE DISTRIBUIÇÃO DE ENERGIA ELÉTRICA - FORNECIMENTO E INSTALAÇÃO. AF_12/2021","M",228.56,118.24,27024.93,4.2919637936841958E-3,0.76442503347021773]
["ED-19753","SETOP","MOBILIZAÇÃO E DESMOBILIZAÇÃO DE EQUIPAMENTO PARA ESTACA TIPO HÉLICE CONTÍNUA  (CUSTO FIXO), INCLUSIVE CARGA E DESGARGA, EXCLUSIVE TRANSPORTE EM QUILÔMETRO RODADO (CUSTO VARIÁVEL)","un",1,24494.09,24494.09,3.8900284825619208E-3,0.76831506195277965]
[93358,"SINAPI","ESCAVAÇÃO MANUAL DE VALA COM PROFUNDIDADE MENOR OU IGUAL A 1,30 M. AF_02/2021","M3",268.98599999999999,88.93,23920.91,3.7989989107086761E-3,0.77211406086348833]
[93582,"SINAPI","EXECUÇÃO DE CENTRAL DE ARMADURA EM CANTEIRO DE OBRA, NÃO INCLUSO MOBILIÁRIO E EQUIPAMENTOS. AF_04/2016","M2",60,398.32,23899.200000000001,3.7955510374316358E-3,0.77590961190092]
[93202,"SINAPI","FIXAÇÃO (ENCUNHAMENTO) DE ALVENARIA DE VEDAÇÃO COM TIJOLO MACIÇO. AF_03/2016","M",757.04,31.09,23536.37,3.7379281972147529E-3,0.77964754009813475]
["ED-48202","SETOP","ALVENARIA ESTRUTURAL COM BLOCO DE CONCRETO, ESP. 19CM, (FBK 4,5MPA), COM ACABAMENTO APARENTE, INCLUSIVE ARGAMASSA PARA ASSENTAMENTO","m2",273.81,84.65,23178.01,3.6810152599710795E-3,0.78332855535810586]
[91835,"SINAPI","ELETRODUTO FLEXÍVEL CORRUGADO REFORÇADO, PVC, DN 25 MM (3/4\"), PARA CIRCUITOS TERMINAIS, INSTALADO EM FORRO - FORNECIMENTO E INSTALAÇÃO. AF_03/2023","M",1540.72,15.04,23172.42,3.6801274842171109E-3,0.78700868284232295]
[93583,"SINAPI","EXECUÇÃO DE CENTRAL DE FÔRMAS, PRODUÇÃO DE ARGAMASSA OU CONCRETO EM CANTEIRO DE OBRA, NÃO INCLUSO MOBILIÁRIO E EQUIPAMENTOS. AF_04/2016","M2",36,621.78,22384.080000000002,3.5549272806601365E-3,0.79056361012298304]
["ED-50940","SETOP","GUARDA-CORPO EM TUBO GALVANIZADO DIN 2440 D = 2\", COM SUBDIVISÕES EM TUBO DE AÇO D = 1/2\", H = 1,05 M","m",37.5,595.82000000000005,22343.25,3.5484428649115618E-3,0.79411205298789456]
["ED-51094","SETOP","APILOAMENTO MECANIZADO EM FUNDO DE VALA COM PLACA VIBRATÓRIA, EXCLUSIVE ESCAVAÇÃO","m2",1523.83,14.43,21988.86,3.492160423149687E-3,0.79760421341104426]
["ED-13935","SETOP","CABO DE COBRE NU #50 MM2 - 7 FIOSX3,00MM, PARA ELEMENTOS DE CAPTAÇÃO/ANEL DE CINTAMENTO (SPDA), INCLUSIVE PRESILHA DE FIXAÇÃO","m",302.81,70.930000000000007,21478.31,3.4110774336705112E-3,0.80101529084471479]
["ED-49392","SETOP","LUMINÁRIA COMERCIAL CHANFRADA DE SOBREPOR, PARA DUAS (2) LÂMPADAS TUBULARES FLUORESCENTE 2X32W-ØT8 OU 2X40W-ØT10 OU LED 2X18W-ØT8, FORNECIMENTO E INSTALAÇÃO, EXCLUSIVE BASE, REATOR E LÂMPADAS","un",194,106.92,20742.48,3.2942166048614578E-3,0.8043095074495763]
[101173,"SINAPI","ESTACA BROCA DE CONCRETO, DIÂMETRO DE 20CM, ESCAVAÇÃO MANUAL COM TRADO CONCHA, COM ARMADURA DE ARRANQUE. AF_05/2020","M",288,71.87,20698.560000000001,3.2872414508159672E-3,0.80759674890039224]
["COT-LOU-001","COTAÇÃO","BEBEDOURO 100 LITROS - 3 TORNEIRAS","UN ",4,4995,19980,3.1731233567602298E-3,0.81076987225715247]
[103244,"SINAPI","AR CONDICIONADO SPLIT INVERTER, HI-WALL (PAREDE), 9000 BTU/H, CICLO FRIO - FORNECIMENTO E INSTALAÇÃO. AF_11/2021_PE","UN",7,2795.73,19570.11,3.1080266834517989E-3,0.81387789894060425]
[91926,"SINAPI","CABO DE COBRE FLEXÍVEL ISOLADO, 2,5 MM², ANTI-CHAMA 450/750 V, PARA CIRCUITOS TERMINAIS - FORNECIMENTO E INSTALAÇÃO. AF_03/2023","M",3836.21,5.01,19219.41,3.0523302689765327E-3,0.8169302292095808]
[96523,"SINAPI","ESCAVAÇÃO MANUAL PARA BLOCO DE COROAMENTO OU SAPATA (INCLUINDO ESCAVAÇÃO PARA COLOCAÇÃO DE FÔRMAS). AF_06/2017","M3",179.67000000000002,105.37,18931.82,3.0066566680670898E-3,0.8199368858776479]
[102491,"SINAPI","PINTURA DE PISO COM TINTA ACRÍLICA, APLICAÇÃO MANUAL, 2 DEMÃOS, INCLUSO FUNDO PREPARADOR. AF_05/2021","M2",848.46,22.25,18878.23,2.9981457731377212E-3,0.82293503165078563]
[90279,"SINAPI","GRAUTE FGK=20 MPA; TRAÇO 1:0,04:1,8:2,1 (EM MASSA SECA DE CIMENTO/ CAL/ AREIA GROSSA/ BRITA 0) - PREPARO MECÂNICO COM BETONEIRA 400 L. AF_09/2021","M3",26.01,722.18,18783.900000000001,2.9831647558082324E-3,0.82591819640659392]
["DAC-16.1","CPU","TUBO PVC, ÁGUA PLUVIAL, DN 200 MM, FORNECIDO E INSTALADO ","M     ",48.7,363.91,17722.41,2.8145842396937468E-3,0.82873278064628764]
[99059,"SINAPI","LOCACAO CONVENCIONAL DE OBRA, UTILIZANDO GABARITO DE TÁBUAS CORRIDAS PONTALETADAS A CADA 2,00M -  2 UTILIZAÇÕES. AF_10/2018","M",213.18,82.17,17517,2.7819620540725197E-3,0.83151474270036019]
[87905,"SINAPI","CHAPISCO APLICADO EM ALVENARIA (COM PRESENÇA DE VÃOS) E ESTRUTURAS DE CONCRETO DE FACHADA, COM COLHER DE PEDREIRO.  ARGAMASSA TRAÇO 1:3 COM PREPARO EM BETONEIRA 400L. AF_10/2022","M2",1918.7,9.1,17460.169999999998,2.7729365985988117E-3,0.83428767929895897]
[92877,"SINAPI","CORTE E DOBRA DE AÇO CA-25, DIÂMETRO DE 10,0 MM. AF_06/2022","KG",1273.71012,13.14,16736.55,2.6580149007300012E-3,0.83694569419968901]
[88488,"SINAPI","APLICAÇÃO MANUAL DE PINTURA COM TINTA LÁTEX ACRÍLICA EM TETO, DUAS DEMÃOS. AF_06/2014","M2",851.07,19.62,16697.990000000002,2.6518909949924301E-3,0.83959758519468142]
["DAC-6.4","CPU","ACABAMENTO PARA ESQUADRIAS EM ALUMÍNIO","M     ",301.60000000000002,54.37,16397.990000000002,2.6042465001461803E-3,0.84220183169482765]
[94228,"SINAPI","CALHA EM CHAPA DE AÇO GALVANIZADO NÚMERO 24, DESENVOLVIMENTO DE 50 CM, INCLUSO TRANSPORTE VERTICAL. AF_07/2019","M",125.1,129.79,16236.72,2.5786344078666643E-3,0.84478046610269431]
[100903,"SINAPI","LÂMPADA TUBULAR LED DE 18/20 W, BASE G13 - FORNECIMENTO E INSTALAÇÃO. AF_02/2020_PS","UN",388,41.76,16202.88,2.5732601088480074E-3,0.84735372621154226]
[103247,"SINAPI","AR CONDICIONADO SPLIT INVERTER, HI-WALL (PAREDE), 12000 BTU/H, CICLO FRIO - FORNECIMENTO E INSTALAÇÃO. AF_11/2021_PE","UN",5,3102.8,15514,2.4638556434823924E-3,0.84981758185502465]
[100674,"SINAPI","JANELA FIXA DE ALUMÍNIO PARA VIDRO, COM VIDRO, BATENTE E FERRAGENS. EXCLUSIVE ACABAMENTO, ALIZAR E CONTRAMARCO. FORNECIMENTO E INSTALAÇÃO. AF_12/2019","M2",17.572499999999998,874.99,15375.76,2.4419010602572408E-3,0.85225948291528186]
["ED-50329","SETOP","TORNEIRA METÁLICA PARA LAVATÓRIO, FECHAMENTO AUTOMÁTICO, ACABAMENTO CROMADO, COM AREJADOR, APLICAÇÃO DE MESA, INCLUSIVE ENGATE FLEXÍVEL METÁLICO, FORNECIMENTO E INSTALAÇÃO","un",35,436.26,15269.1,2.4249618541895709E-3,0.85468444476947147]
[86932,"SINAPI","VASO SANITÁRIO SIFONADO COM CAIXA ACOPLADA LOUÇA BRANCA - PADRÃO MÉDIO, INCLUSO ENGATE FLEXÍVEL EM METAL CROMADO, 1/2  X 40CM - FORNECIMENTO E INSTALAÇÃO. AF_01/2020","UN",22,687.99,15135.78,2.4037886406798976E-3,0.85708823341015139]
[87879,"SINAPI","CHAPISCO APLICADO EM ALVENARIAS E ESTRUTURAS DE CONCRETO INTERNAS, COM COLHER DE PEDREIRO.  ARGAMASSA TRAÇO 1:3 COM PREPARO EM BETONEIRA 400L. AF_10/2022","M2",2899.85,5.16,14963.22,2.3763835272443343E-3,0.85946461693739573]
[96624,"SINAPI","LASTRO COM MATERIAL GRANULAR (PEDRA BRITADA N.2), APLICADO EM PISOS OU LAJES SOBRE SOLO, ESPESSURA DE *10 CM*. AF_08/2017","M3",76.191499999999991,195.59,14902.29,2.3667069303410612E-3,0.86183132386773675]
["COT-DAD-003","COTAÇÃO","SWITCH (10/100/1000) BASE T, 24 PORTAS ","UN ",14,1051.6300000000001,14722.82,2.3382044053742064E-3,0.864169528273111]
["ED-16349","SETOP","LOCAÇÃO DE CONTAINER COM ISOLAMENTO TÉRMICO, TIPO 2, PARA ESCRITÓRIO DE OBRA COM SANITÁRIO CONTENDO UM (1) VASO SANITÁRIO E UM (1) LAVATÓRIO, COM MEDIDAS REFERENCIAIS DE (6) METROS COMPRIMENTO, (2,3) METROS LARGURA E (2,5) METROS ALTURA ÚTIL INTERNA, INCLUSIVE AR CONDICIONADO E LIGAÇÕES ELÉTRICAS E HIDROSSANITÁRIAS INTERNAS, EXCLUSIVE MOBILIZAÇÃO/DESMOBILIZAÇÃO E LIGAÇÕES PROVISÓRIAS EXTERNAS","mês",12,1206.3499999999999,14476.2,2.2990374543109329E-3,0.86646856572742192]
["ED-50266","SETOP","LIMPEZA FINAL PARA ENTREGA DA OBRA","m2",1761.42,8.17,14390.8,2.2854746547780335E-3,0.86875404038219994]
[92367,"SINAPI","TUBO DE AÇO GALVANIZADO COM COSTURA, CLASSE MÉDIA, DN 65 (2 1/2\"), CONEXÃO ROSQUEADA, INSTALADO EM REDE DE ALIMENTAÇÃO PARA HIDRANTE - FORNECIMENTO E INSTALAÇÃO. AF_10/2020","M",87.695999999999998,155.99,13679.69,2.1725397323443117E-3,0.87092658011454427]
[91939,"SINAPI","CAIXA RETANGULAR 4\" X 2\" ALTA (2,00 M DO PISO), PVC, INSTALADA EM PAREDE - FORNECIMENTO E INSTALAÇÃO. AF_03/2023","UN",383,35.31,13523.73,2.1477709476235745E-3,0.8730743510621678]
[103250,"SINAPI","AR CONDICIONADO SPLIT INVERTER, HI-WALL (PAREDE), 18000 BTU/H, CICLO FRIO - FORNECIMENTO E INSTALAÇÃO. AF_11/2021_PE","UN",3,4505.3500000000004,13516.05,2.1465512485555104E-3,0.87522090231072336]
["ED-50548","SETOP","PISO CIMENTADO COM ARGAMASSA, TRAÇO 1:3 (CIMENTO E AREIA), ESP. 30MM, ACABAMENTO DESEMPENADO E FELTRADO, MODULAÇÃO DE 100X100CM, INCLUSIVE JUNTA PLÁSTICA","m2",178.68,74.930000000000007,13388.49,2.1262928093468852E-3,0.8773471951200702]
[98301,"SINAPI","PATCH PANEL 24 PORTAS, CATEGORIA 5E - FORNECIMENTO E INSTALAÇÃO. AF_11/2019","UN",19,695.44,13213.36,2.0984795414054729E-3,0.87944567466147572]
[90843,"SINAPI","KIT DE PORTA DE MADEIRA PARA PINTURA, SEMI-OCA (LEVE OU MÉDIA), PADRÃO MÉDIO, 80X210CM, ESPESSURA DE 3,5CM, ITENS INCLUSOS: DOBRADIÇAS, MONTAGEM E INSTALAÇÃO DO BATENTE, FECHADURA COM EXECUÇÃO DO FURO - FORNECIMENTO E INSTALAÇÃO. AF_12/2019","UN",10,1314.55,13145.5,2.0877023566712514E-3,0.88153337701814694]
[103523,"SINAPI","RESERVATÓRIO TÉRMICO/BOILER SOLAR EM AÇO INOX 1000 L COM 5 PLACAS COLETORAS EM VIDRO TEMPERADO COM SERPENTINA EM TUBO DE COBRE 2 X 1 M - FORNECIMENTO E INSTALAÇÃO. AF_12/2021","UN",1,13067.49,13067.49,2.0753131998613979E-3,0.88360869021800836]
["DAC-6.3","CPU","PORTA DE ABRIR COM MOLA HIDRÁULICA, EM VIDRO TEMPERADO, 2 FOLHAS DE 80X210 CM, ESPESSURA DD 10MM, INCLUSIVE ACESSÓRIOS. AF_01/2021","UN ",3,4344.6000000000004,13033.8,2.069962723090164E-3,0.88567865294109849]
[92990,"SINAPI","CABO DE COBRE FLEXÍVEL ISOLADO, 70 MM², ANTI-CHAMA 0,6/1,0 KV, PARA REDE ENTERRADA DE DISTRIBUIÇÃO DE ENERGIA ELÉTRICA - FORNECIMENTO E INSTALAÇÃO. AF_12/2021","M",137.08000000000001,91.43,12533.22,1.9904631189897118E-3,0.88766911606008825]
["ED-50155","SETOP","LOCAÇÃO DE BANHEIRO QUÍMICO, DIMENSÃO (110X120X230)CM, LINHA PADRÃO, CONTENDO UMA (1) PIA/HIGIENIZADOR DE MÃOS, INCLUSIVE MANUTENÇÃO E MOBILIZAÇÃO/DESMOBILIZAÇÃO","mês",12,1037.46,12449.52,1.9771703049276087E-3,0.88964628636501586]
[103253,"SINAPI","AR CONDICIONADO SPLIT INVERTER, HI-WALL (PAREDE), 24000 BTU/H, CICLO FRIO - FORNECIMENTO E INSTALAÇÃO. AF_11/2021_PE","UN",2,6140.87,12281.74,1.9505243271099291E-3,0.89159681069212582]
[90445,"SINAPI","RASGO EM CONTRAPISO PARA RAMAIS/ DISTRIBUIÇÃO COM DIÂMETROS MAIORES QUE 40 MM E MENORES OU IGUAIS A 75 MM. AF_05/2015","M",342.2,34.69,11870.91,1.8852783677176465E-3,0.8934820890598435]
[87745,"SINAPI","CONTRAPISO EM ARGAMASSA TRAÇO 1:4 (CIMENTO E AREIA), PREPARO MECÂNICO COM BETONEIRA 400 L, APLICADO EM ÁREAS MOLHADAS SOBRE LAJE, ADERIDO, ACABAMENTO NÃO REFORÇADO, ESPESSURA 3CM. AF_07/2021","M2",186.80000000000004,61.48,11484.46,1.8239043176065358E-3,0.89530599337744998]
["ED-48344","SETOP","BANCADA EM GRANITO CINZA ANDORINHA E = 3 CM, APOIADA EM ALVENARIA","m2",27.1,420.24,11388.5,1.8086644318550489E-3,0.89711465780930499]
[90467,"SINAPI","CHUMBAMENTO LINEAR EM ALVENARIA PARA RAMAIS/DISTRIBUIÇÃO COM DIÂMETROS MAIORES QUE 40 MM E MENORES OU IGUAIS A 75 MM. AF_05/2015","M",448.56,24.5,10989.720000000001,1.7453321930057575E-3,0.89885999000231076]
["DAC-9.2","CPU","RODAPÉ COM REVESTIMENTO EM PORCELANATO 60X60 COM BORDA RETIFICADA E ACABAMENTO POLIDO, ALTURA 10CM","M",500.59,21.73,10877.82,1.7275607964281061E-3,0.90058755079873887]
["ED-16350","SETOP","LOCAÇÃO DE CONTAINER COM ISOLAMENTO TÉRMICO, TIPO 3, PARA DEPÓSITO/FERRAMENTARIA DE OBRA, COM MEDIDAS REFERENCIAIS DE (6) METROS COMPRIMENTO, (2,3) METROS LARGURA E (2,5) METROS ALTURA ÚTIL INTERNA, INCLUSIVE LIGAÇÕES ELÉTRICAS INTERNAS, EXCLUSIVE MOBILIZAÇÃO/DESMOBILIZAÇÃO E LIGAÇÕES PROVISÓRIAS EXTERNAS","mês",12,872.27,10467.24,1.6623545407815289E-3,0.90224990533952043]
["COT-ARQ-002","COTAÇÃO","BRISE METÁLICO - FORNECIMENTO E INSTALAÇÃO","M²",8.7719999999999985,1153.6199999999999,10119.549999999999,1.6071361594045537E-3,0.90385704149892498]
["ED-20586","SETOP","ENTRADA DE ENERGIA AÉREA, TIPO C6, PADRÃO CEMIG, CARGA INSTALADA DE 47,1KVA ATÉ 57KVA, TRIFÁSICO, COM SAÍDA SUBTERRÂNEA, INCLUSIVE POSTE, CAIXA PARA MEDIDOR, DISJUNTOR, BARRAMENTO, ATERRAMENTO E ACESSÓRIOS","un",1,9511.02,9511.02,1.5104924779085927E-3,0.90536753397683356]
["ED-16351","SETOP","LOCAÇÃO DE CONTAINER COM ISOLAMENTO TÉRMICO, TIPO 4, PARA REFEITÓRIO DE OBRA, COM MEDIDAS REFERENCIAIS DE (6) METROS COMPRIMENTO, (2,3) METROS LARGURA E (2,5) METROS ALTURA ÚTIL INTERNA, INCLUSIVE LIGAÇÕES ELÉTRICAS INTERNAS, EXCLUSIVE MOBILIZAÇÃO/DESMOBILIZAÇÃO E LIGAÇÕES PROVISÓRIAS EXTERNAS","mês",12,770.55,9246.6,1.4684986201511081E-3,0.90683603259698464]
[93183,"SINAPI","VERGA PRÉ-MOLDADA PARA JANELAS COM MAIS DE 1,5 M DE VÃO. AF_03/2016","M",91.1,99.07,9025.27,1.4333481000033733E-3,0.90826938069698804]
[89356,"SINAPI","TUBO, PVC, SOLDÁVEL, DN 25MM, INSTALADO EM RAMAL OU SUB-RAMAL DE ÁGUA - FORNECIMENTO E INSTALAÇÃO. AF_06/2022","M",313.8,27.82,8729.91,1.3864405066774123E-3,0.9096558212036655]
[93195,"SINAPI","CONTRAVERGA PRÉ-MOLDADA PARA VÃOS DE MAIS DE 1,5 M DE COMPRIMENTO. AF_03/2016","M",91.1,93.89,8553.3700000000008,1.3584033096102227E-3,0.91101422451327574]
[91930,"SINAPI","CABO DE COBRE FLEXÍVEL ISOLADO, 6 MM², ANTI-CHAMA 450/750 V, PARA CIRCUITOS TERMINAIS - FORNECIMENTO E INSTALAÇÃO. AF_03/2023","M",779.15,10.89,8484.94,1.347535600335793E-3,0.91236176011361159]
["ED-51019","SETOP","BARRA CHATA DE ALUMÍNIO 7/8\" X 1/8\" X 3M","U",238.97333333333333,34.799999999999997,8316.27,1.3207482771834032E-3,0.91368250839079501]
[93382,"SINAPI","REATERRO MANUAL DE VALAS COM COMPACTAÇÃO MECANIZADA. AF_04/2016","M3",221.55499999999998,36.96,8188.66,1.3004818972256367E-3,0.91498299028802066]
["DAC-6.7","CPU","FORNECIMENTO E INSTALAÇÃO DE ESPELHO CRISTAL, ESPESSURA 4 MM","M2",16.14,492.47,7948.46,1.2623345383520729E-3,0.91624532482637278]
["ED-50998","SETOP","PEITORIL DE GRANITO CINZA ANDORINHA E = 3 CM","m2",22.16,356.64,7903.14,1.2551370433306328E-3,0.91750046186970335]
[94589,"SINAPI","CONTRAMARCO DE ALUMÍNIO, FIXAÇÃO COM ARGAMASSA - FORNECIMENTO E INSTALAÇÃO. AF_12/2019","M",301.60000000000002,24.97,7530.95,1.1960276948745471E-3,0.91869648956457794]
[89987,"SINAPI","REGISTRO DE GAVETA BRUTO, LATÃO, ROSCÁVEL, 3/4\", COM ACABAMENTO E CANOPLA CROMADOS - FORNECIMENTO E INSTALAÇÃO. AF_08/2021","UN",47,159.27000000000001,7485.69,1.1888397287520762E-3,0.91988532929333]
[91222,"SINAPI","RASGO EM ALVENARIA PARA RAMAIS/ DISTRIBUIÇÃO COM DIÂMETROS MAIORES QUE 40 MM E MENORES OU IGUAIS A 75 MM. AF_05/2015","M",448.56,16.29,7307.04,1.1604674320711346E-3,0.9210457967254011]
[95875,"SINAPI","TRANSPORTE COM CAMINHÃO BASCULANTE DE 10 M³, EM VIA URBANA PAVIMENTADA, DMT ATÉ 30 KM (UNIDADE: M3XKM). AF_07/2020","M3XKM",2560.3671464375002,2.85,7297.03,1.1588776940930981E-3,0.92220467441949416]
[88485,"SINAPI","APLICAÇÃO DE FUNDO SELADOR ACRÍLICO EM PAREDES, UMA DEMÃO. AF_06/2014","M2",1910.3480000000004,3.79,7240.21,1.1498538267692184E-3,0.92335452824626341]
[88415,"SINAPI","APLICAÇÃO MANUAL DE FUNDO SELADOR ACRÍLICO EM PAREDES EXTERNAS DE CASAS. AF_06/2014","M2",1678.98,4.2699999999999996,7169.24,1.1385827274384239E-3,0.92449311097370179]
[96527,"SINAPI","ESCAVAÇÃO MANUAL DE VALA PARA VIGA BALDRAME (INCLUINDO ESCAVAÇÃO PARA COLOCAÇÃO DE FÔRMAS). AF_06/2017","M3",51.88,138.12,7165.66,1.1380141697999253E-3,0.92563112514350177]
["COT-ARQ-007","COTAÇÃO","PELÍCULA JATEADA PARA VIDROS","M2",98.88000000000001,71.53,7072.88,1.1232793156938086E-3,0.92675440445919555]
["DAC-6.8","CPU","FORNECIMENTO E INSTALAÇÃO DE PLACAS DE IDENTIFICAÇÃO","UN    ",42,166.77,7004.34,1.1123941367712686E-3,0.92786679859596677]
["ED-50282","SETOP","LAVATÓRIO DE LOUÇA BRANCA COM COLUNA, TAMANHO MÉDIO, INCLUSIVE ACESSÓRIOS DE FIXAÇÃO, VÁLVULA DE ESCOAMENTO DE METAL COM ACABAMENTO CROMADO, SIFÃO DE METAL TIPO COPO COM ACABAMENTO CROMADO, FORNECIMENTO, INSTALAÇÃO E REJUNTAMENTO, EXCLUSIVE TORNEIRA E ENGATE FLEXÍVEL","U",12,579.05999999999995,6948.72,1.1035608474267739E-3,0.92897035944339357]
["DAC-4.5","CPU","DRENO DE BRITA 2 + AREIA","M³",41.33,164.85,6813.25,1.0820461817040359E-3,0.93005240562509761]
[98561,"SINAPI","IMPERMEABILIZAÇÃO DE PAREDES COM ARGAMASSA DE CIMENTO E AREIA, COM ADITIVO IMPERMEABILIZANTE, E = 2CM. AF_06/2018","M2",130.16,51.73,6733.17,1.0693282778797436E-3,0.93112173390297737]
["COT-ARQ-008","COTAÇÃO","COIFA PARA FOGÃO INDUSTRIAL - FORNECIMENTO E INSTALAÇÃO","UN ",1,6642.3,6642.3,1.0548967603908146E-3,0.9321766306633682]
["ED-50279","SETOP","CUBA DE LOUÇA BRANCA DE EMBUTIR, FORMATO OVAL, INCLUSIVE VÁLVULA DE ESCOAMENTO DE METAL COM ACABAMENTO CROMADO, SIFÃO DE METAL TIPO COPO COM ACABAMENTO CROMADO, FORNECIMENTO E INSTALAÇÃO","un",17,388.11,6597.87,1.0478406107040849E-3,0.93322447127407226]
["COT-ARQ-009","COTAÇÃO","FOGÃO INDUSTRIAL 6 BOCAS","UN ",1,6465.93,6465.93,1.0268865618707043E-3,0.93425135783594293]
["DAC-21.3","CPU","ABRIGO PARA HIDRANTE, 90X60X17CM, COM REGISTRO GLOBO ANGULAR 45° 2 1/2\", ADAPTADOR STORZ 2 1/2\", 2 MANGUEIRA DE INCÊNDIO DE 15M, REDUÇÃO DE 2 1/2\" X 1 1/2\" E ESGUICHO EM LATÃO 1 1/2\" - FORNECIMENTO E INSTALAÇÃO","UN ",2,3224.94,6449.88,1.0243375813964301E-3,0.93527569541733935]
["ED-50277","SETOP","CUBA EM AÇO INOXIDÁVEL DE EMBUTIR, AISI 304, APLICAÇÃO PARA PIA (465X330X115MM), NÚMERO 1, ASSENTAMENTO EM BANCADA, INCLUSIVE VÁLVULA DE ESCOAMENTO DE METAL COM ACABAMENTO CROMADO, SIFÃO DE METAL TIPO COPO COM ACABAMENTO CROMADO, FORNECIMENTO E INSTALAÇÃO","un",11,576.66,6343.26,1.0074047279280728E-3,0.93628310014526739]
["ED-48160","SETOP","BARRA DE APOIO EM AÇO INOX POLIDO RETA, DN 1.1/4\" (31,75MM), PARA ACESSIBILIDADE (PMR/PCR), COMPRIMENTO 80CM, INSTALADO EM PAREDE, INCLUSIVE FORNECIMENTO, INSTALAÇÃO E ACESSÓRIOS PARA FIXAÇÃO","un",22,286.99,6313.78,1.0027228622345146E-3,0.93728582300750185]
[89800,"SINAPI","TUBO PVC, SERIE NORMAL, ESGOTO PREDIAL, DN 100 MM, FORNECIDO E INSTALADO EM PRUMADA DE ESGOTO SANITÁRIO OU VENTILAÇÃO. AF_08/2022","M",165.3,36.36,6010.3,9.5452569124804851E-4,0.93824034869874995]
["ED-50482","SETOP","EMASSAMENTO EM ESQUADRIA DE MADEIRA COM MASSA A ÓLEO, DUAS (2) DEMÃOS, INCLUSIVE LIXAMENTO PARA PINTURA  A ÓLEO OU ESMALTE","m2",158.34,37.659999999999997,5963.08,9.4702644775924874E-4,0.93918737514650918]
["ED-49812","SETOP","LASTRO DE CONCRETO MAGRO, INCLUSIVE TRANSPORTE, LANÇAMENTO E ADENSAMENTO ","m3",9.08,648.22,5885.82,9.3475640218651122E-4,0.94012213154869573]
[89798,"SINAPI","TUBO PVC, SERIE NORMAL, ESGOTO PREDIAL, DN 50 MM, FORNECIDO E INSTALADO EM PRUMADA DE ESGOTO SANITÁRIO OU VENTILAÇÃO. AF_08/2022","M",316,18.239999999999998,5763.84,9.1538415058202622E-4,0.94103751569927774]
["ED-15762","SETOP","CONJUNTO DE DUAS (2) TOMADAS DE DADOS (CONECTOR RJ45 CAT.6E), COM PLACA 4\"X2\" DE DOIS (2) POSTOS, INCLUSIVE FORNECIMENTO, INSTALAÇÃO, SUPORTE, MÓDULO E PLACA","un",68,82.79,5629.72,8.9408388508609615E-4,0.94193159958436379]
[92986,"SINAPI","CABO DE COBRE FLEXÍVEL ISOLADO, 35 MM², ANTI-CHAMA 0,6/1,0 KV, PARA REDE ENTERRADA DE DISTRIBUIÇÃO DE ENERGIA ELÉTRICA - FORNECIMENTO E INSTALAÇÃO. AF_12/2021","M",123.63,45.39,5611.56,8.911998049980699E-4,0.94282279938936187]
["COT-DAD-009","COTAÇÃO","CAMERA POE","UN ",17,327.07,5560.19,8.8304147933056362E-4,0.94370584086869247]
["COT-INC-009","COTAÇÃO","BOMBA DE INCÊNDIO 4 CV","UN ",1,5429.88,5429.88,8.6234629891918102E-4,0.94456818716761171]
["COT-ARQ-004","COTAÇÃO","PAINEL EM MADEIRA - FORNECIMENTO E INSTALAÇÃO","M²",13.299999999999999,388.63,5168.7700000000004,8.2087811875483359E-4,0.94538906528636657]
[91846,"SINAPI","ELETRODUTO FLEXÍVEL CORRUGADO, PVC, DN 32 MM (1\"), PARA CIRCUITOS TERMINAIS, INSTALADO EM LAJE - FORNECIMENTO E INSTALAÇÃO. AF_03/2023","M",437.83,11.71,5126.9799999999996,8.1424124062275084E-4,0.94620330652698936]
[89580,"SINAPI","TUBO PVC, SÉRIE R, ÁGUA PLUVIAL, DN 150 MM, FORNECIDO E INSTALADO EM CONDUTORES VERTICAIS DE ÁGUAS PLUVIAIS. AF_06/2022","M",53.9,93.61,5045.57,8.0131211287130691E-4,0.94700461863986063]
[91924,"SINAPI","CABO DE COBRE FLEXÍVEL ISOLADO, 1,5 MM², ANTI-CHAMA 450/750 V, PARA CIRCUITOS TERMINAIS - FORNECIMENTO E INSTALAÇÃO. AF_03/2023","M",1462.2900000000002,3.42,5001.03,7.9423849353646696E-4,0.94779885713339707]
["ED-49925","SETOP","CAIXA DE DRENAGEM DE INSPEÇÃO/PASSAGEM EM ALVENARIA (80X80X100CM), REVESTIMENTO EM ARGAMASSA COM ADITIVO IMPERMEABILIZANTE, COM TAMPA EM GRELHA, INCLUSIVE ESCAVAÇÃO, REATERRO E TRANSPORTE E RETIRADA DO MATERIAL ESCAVADO (EM CAÇAMBA)","un",3,1662.96,4988.88,7.92308891495194E-4,0.94859116602489224]
["COT-DAD-006","COTAÇÃO","RACK - GABINETE 19\" -  24U","UN ",2,2466.2399999999998,4932.4799999999996,7.8335172646409889E-4,0.94937451775135639]
[93184,"SINAPI","VERGA PRÉ-MOLDADA PARA PORTAS COM ATÉ 1,5 M DE VÃO. AF_03/2016","M",86.3,57.04,4922.55,7.817746936846882E-4,0.95015629244504107]
["ED-48402","SETOP","COLOCAÇÃO DE CUMEEIRA GALVANIZADA TRAPEZOIDAL E = 0,50 MM, SIMPLES","m",70.709999999999994,69.34,4903.03,7.7867462522002542E-4,0.95093496707026115]
["ED-29802","SETOP","PERFURAÇÃO MECÂNICA DE ESTACA TIPO TRADO ROTATIVO, INCLUSIVE AFASTAMENTO LATERAL, EXCLUSIVE ARMAÇÃO, CONCRETO ESTRUTURAL, TRANSPORTE E RETIRADA DO MATERIAL ESCAVADO","m3",38.29,125.5,4805.3900000000003,7.6316793029739948E-4,0.95169813500055855]
["ED-50493","SETOP","PINTURA ESMALTE EM ESQUADRIA DE MADEIRA, DUAS (2) DEMÃOS, INCLUSIVE UMA (1) DEMÃO DE FUNDO NIVELADOR, EXCLUSIVE MASSA A ÓLEO","m2",158.34,30.07,4761.28,7.5616260140517252E-4,0.95245429760196376]
["DAC-6.2","CPU","PORTA DE ABRIR COM MOLA HIDRÁULICA, EM VIDRO TEMPERADO, 2 FOLHAS DE 100X210 CM, ESPESSURA DD 10MM, INCLUSIVE ACESSÓRIOS. AF_01/2021","UN ",1,4743.1400000000003,4743.1400000000003,7.5328169761680261E-4,0.95320757929958055]
["ED-49883","SETOP","CAIXA DE ESGOTO DE INSPEÇÃO/PASSAGEM EM ALVENARIA (60X60X60CM), REVESTIMENTO EM ARGAMASSA COM ADITIVO IMPERMEABILIZANTE, COM TAMPA DE CONCRETO, INCLUSIVE ESCAVAÇÃO, REATERRO E TRANSPORTE E RETIRADA DO MATERIAL ESCAVADO (EM CAÇAMBA)","un",9,521.85,4696.6499999999996,7.4589838906546208E-4,0.95395347768864602]
["ED-50937","SETOP","CORRIMÃO DUPLO EM TUBO GALVANIZADO DIN 2440, D = 1 1/2\" - FIXADO EM ALVENARIA","m",24.99,183.68,4590.16,7.2898618154487163E-4,0.95468246387019084]
["ED-15755","SETOP","CONJUNTO DE DUAS (2) TOMADAS PADRÃO, TRÊS (3) POLOS, CORRENTE 10A, TENSÃO 250V, (2P+T/10A-250V), COM PLACA 4\"X2\" DE DOIS (2) POSTOS, INCLUSIVE FORNECIMENTO, INSTALAÇÃO, SUPORTE, MÓDULO E PLACA","un",94,48.76,4583.4399999999996,7.2791894486031567E-4,0.9554103828150512]
[94266,"SINAPI","GUIA (MEIO-FIO) CONCRETO, MOLDADA  IN LOCO  EM TRECHO CURVO COM EXTRUSORA, 15 CM BASE X 30 CM ALTURA. AF_06/2016","M",67.959999999999994,63.22,4296.43,6.8233745664090866E-4,0.95609272027169212]
[92000,"SINAPI","TOMADA BAIXA DE EMBUTIR (1 MÓDULO), 2P+T 10 A, INCLUINDO SUPORTE E PLACA - FORNECIMENTO E INSTALAÇÃO. AF_03/2023","UN",115,36.33,4177.95,6.6352105747629632E-4,0.95675624132916837]
[91844,"SINAPI","ELETRODUTO FLEXÍVEL CORRUGADO, PVC, DN 25 MM (3/4\"), PARA CIRCUITOS TERMINAIS, INSTALADO EM LAJE - FORNECIMENTO E INSTALAÇÃO. AF_03/2023","M",486.47,8.0299999999999994,3906.35,6.2038690814215827E-4,0.95737662823731051]
[89357,"SINAPI","TUBO, PVC, SOLDÁVEL, DN 32MM, INSTALADO EM RAMAL OU SUB-RAMAL DE ÁGUA - FORNECIMENTO E INSTALAÇÃO. AF_06/2022","M",97.4,39.92,3888.2,6.1750441620396024E-4,0.95799413265351452]
[90469,"SINAPI","CHUMBAMENTO LINEAR EM CONTRAPISO PARA RAMAIS/DISTRIBUIÇÃO COM DIÂMETROS MAIORES QUE 40 MM E MENORES OU IGUAIS A 75 MM. AF_05/2015","M",342.2,11.22,3839.48,6.0976695024092932E-4,0.95860389960375547]
["ED-49343","SETOP","HASTE DE AÇO COBREADA PARA ATERRAMENTO DIÂMETRO 3/4\"X 2400 MM,CONFORME PADRÕES TELEBRÁS","U",16,236.42,3782.72,6.0075261181601882E-4,0.9592046522155715]
["ED-29823","SETOP","TAPUME FIXO DE PROTEÇÃO PARA FECHAMENTO DE OBRA EM TELHA METÁLICA GALVANIZADA, TIPO TRAPEZOIDAL, ESP. 0,5MM, COM MÓDULO NA DIMENSÃO DE (300X220)CM, COM REAPROVEITAMENTO, EXCLUSIVE PINTURA ESMALTE, INCLUSIVE PONTALETE E FIXAÇÃO","m2",51.172000000000004,73.67,3769.84,5.9870707483728651E-4,0.95980335929040883]
["ED-51003","SETOP","SOLEIRA DE GRANITO CINZA ANDORINHA E = 3 CM","m2",10.439999999999996,360.86,3767.37,5.9831480182971901E-4,0.96040167409223853]
[89636,"SINAPI","TUBO, CPVC, SOLDÁVEL, DN 35MM, INSTALADO EM RAMAL OU SUB-RAMAL DE ÁGUA   FORNECIMENTO E INSTALAÇÃO. AF_06/2022","M",43.1,85.43,3682.03,5.8476153119578923E-4,0.96098643562343433]
["COT-DAD-001","COTAÇÃO","NVR 24 PORTAS","UN ",1,3650.05,3650.05,5.79682628045179E-4,0.96156611825147953]
[88484,"SINAPI","APLICAÇÃO DE FUNDO SELADOR ACRÍLICO EM TETO, UMA DEMÃO. AF_06/2014","M2",851.07,4.28,3642.57,5.7849469197367924E-4,0.96214461294345321]
[103316,"SINAPI","ALVENARIA DE VEDAÇÃO DE BLOCOS VAZADOS DE CONCRETO DE 9X19X39 CM (ESPESSURA 9 CM) E ARGAMASSA DE ASSENTAMENTO COM PREPARO EM BETONEIRA. AF_12/2021","M2",43.314999999999998,83.41,3612.9,5.737826514333851E-4,0.96271839559488659]
[91928,"SINAPI","CABO DE COBRE FLEXÍVEL ISOLADO, 4 MM², ANTI-CHAMA 450/750 V, PARA CIRCUITOS TERMINAIS - FORNECIMENTO E INSTALAÇÃO. AF_03/2023","M",456.90000000000003,7.78,3554.68,5.6453644313355625E-4,0.96328293203802018]
[93182,"SINAPI","VERGA PRÉ-MOLDADA PARA JANELAS COM ATÉ 1,5 M DE VÃO. AF_03/2016","M",43.5,77.62,3376.47,5.3623402504505567E-4,0.96381916606306528]
[90444,"SINAPI","RASGO EM CONTRAPISO PARA RAMAIS/ DISTRIBUIÇÃO COM DIÂMETROS MENORES OU IGUAIS A 40 MM. AF_05/2015","M",103.15,32.49,3351.34,5.3224300452676824E-4,0.96435140906759209]
[89578,"SINAPI","TUBO PVC, SÉRIE R, ÁGUA PLUVIAL, DN 100 MM, FORNECIDO E INSTALADO EM CONDUTORES VERTICAIS DE ÁGUAS PLUVIAIS. AF_06/2022","M",74.3,45.07,3348.7,5.3182373297212121E-4,0.96488323280056421]
[93194,"SINAPI","CONTRAVERGA PRÉ-MOLDADA PARA VÃOS DE ATÉ 1,5 M DE COMPRIMENTO. AF_03/2016","M",43.5,75.739999999999995,3294.69,5.2324613574996801E-4,0.96540647893631415]
["COT-CLI-001","COTAÇÃO","CABO PP TETRAPOLAR","UN ",82.1,39.68,3257.72,5.1737474583508187E-4,0.96592385368214928]
["ED-2552","SETOP","LAVATÓRIO DE CANTO DE LOUÇA BRANCA SEM COLUNA, TAMANHO PEQUENO, INCLUSIVE ACESSÓRIOS DE FIXAÇÃO COM PARAFUSO CASTELO, VÁLVULA DE ESCOAMENTO DE METAL COM ACABAMENTO CROMADO, SIFÃO DE METAL TIPO COPO COM ACABAMENTO CROMADO, FORNECIMENTO, INSTALAÇÃO E REJUNTAMENTO, EXCLUSIVE TORNEIRA E ENGATE FLEXÍVEL","un",6,522.08000000000004,3132.48,4.9748475738660078E-4,0.96642133843953593]
[95601,"SINAPI","ARRASAMENTO MECANICO DE ESTACA DE CONCRETO ARMADO, DIAMETROS DE ATÉ 40 CM. AF_05/2021","UN",164,19.059999999999999,3125.84,4.9643022590067053E-4,0.96691776866543655]
["ED-50290","SETOP","TANQUE DE LOUÇA BRANCA COM COLUNA, CAPACIDADE 22 LITROS, INCLUSIVE ACESSÓRIOS DE FIXAÇÃO, VÁLVULA DE ESCOAMENTO DE METAL COM ACABAMENTO CROMADO, SIFÃO DE METAL TIPO COPO COM ACABAMENTO CROMADO, FORNECIMENTO, INSTALAÇÃO E REJUNTAMENTO, EXCLUSIVE TORNEIRA","U",4,779.86,3119.44,4.9541381001061717E-4,0.96741318247544716]
[97328,"SINAPI","TUBO EM COBRE FLEXÍVEL, DN 3/8\", COM ISOLAMENTO, INSTALADO EM RAMAL DE ALIMENTAÇÃO DE AR CONDICIONADO COM CONDENSADORA INDIVIDUAL \u0096 FORNECIMENTO E INSTALAÇÃO. AF_12/2015","M",44.6,69.510000000000005,3100.14,4.9234868084217505E-4,0.9679055311562893]
["ED-50316","SETOP","DUCHA HIGIÊNICA COM REGISTRO PARA CONTROLE DE FLUXO DE ÁGUA, DIÂMETRO 1/2\" (20MM), INCLUSIVE FORNECIMENTO E INSTALAÇÃO","un",16,191.77,3068.32,4.8729518808881623E-4,0.96839282634437807]
[97330,"SINAPI","TUBO EM COBRE FLEXÍVEL, DN 5/8\", COM ISOLAMENTO, INSTALADO EM RAMAL DE ALIMENTAÇÃO DE AR CONDICIONADO COM CONDENSADORA INDIVIDUAL \u0096 FORNECIMENTO E INSTALAÇÃO. AF_12/2015","M",29.3,104.59,3064.48,4.8668533855478424E-4,0.96887951168293285]
[92984,"SINAPI","CABO DE COBRE FLEXÍVEL ISOLADO, 25 MM², ANTI-CHAMA 0,6/1,0 KV, PARA REDE ENTERRADA DE DISTRIBUIÇÃO DE ENERGIA ELÉTRICA - FORNECIMENTO E INSTALAÇÃO. AF_12/2021","M",89,32.78,2917.42,4.6333000718115262E-4,0.96934284169011398]
[91932,"SINAPI","CABO DE COBRE FLEXÍVEL ISOLADO, 10 MM², ANTI-CHAMA 450/750 V, PARA CIRCUITOS TERMINAIS - FORNECIMENTO E INSTALAÇÃO. AF_03/2023","M",145.5,19.59,2850.34,4.5267669813353124E-4,0.96979551838824751]
["ED-48163","SETOP","BARRA DE APOIO EM AÇO INOX POLIDO RETA, DN 1.1/4\" (31,75MM), PARA ACESSIBILIDADE (PMR/PCR), COMPRIMENTO 40CM, INSTALADO EM PORTA/PAREDE, INCLUSIVE FORNECIMENTO, INSTALAÇÃO E ACESSÓRIOS PARA FIXAÇÃO","un",16,170.83,2733.28,4.3408581624452457E-4,0.970229604204492]
[97327,"SINAPI","TUBO EM COBRE FLEXÍVEL, DN 1/4\u0094, COM ISOLAMENTO, INSTALADO EM RAMAL DE ALIMENTAÇÃO DE AR CONDICIONADO COM CONDENSADORA INDIVIDUAL   FORNECIMENTO E INSTALAÇÃO. AF_12/2015","M",67.8,38.6,2617.08,4.1563151524074386E-4,0.97064523571973271]
[38605,"SINAPI","ABERTURA PARA ENCAIXE DE CUBA OU LAVATORIO EM BANCADA DE MARMORE/ GRANITO OU OUTRO TIPO DE PEDRA NATURAL","UN    ",17,151.36000000000001,2573.12,4.0865000859594003E-4,0.97105388572832863]
[100858,"SINAPI","MICTÓRIO SIFONADO LOUÇA BRANCA \u0096 PADRÃO MÉDIO \u0096 FORNECIMENTO E INSTALAÇÃO. AF_01/2020","UN",3,850.17,2550.5100000000002,4.0505920183436106E-4,0.97145894493016294]
[94499,"SINAPI","REGISTRO DE GAVETA BRUTO, LATÃO, ROSCÁVEL, 2 1/2\" - FORNECIMENTO E INSTALAÇÃO. AF_08/2021","UN",5,498.28,2491.3999999999996,3.9567164819982156E-4,0.97185461657836281]
[98562,"SINAPI","IMPERMEABILIZAÇÃO DE FLOREIRA OU VIGA BALDRAME COM ARGAMASSA DE CIMENTO E AREIA, COM ADITIVO IMPERMEABILIZANTE, E = 2 CM. AF_06/2018","M2",47.81,52.01,2486.59,3.9490774813245345E-4,0.97224952432649525]
["COT-DAD-008","COTAÇÃO","SWITCH  24 PORTAS RJ45 COM FIBRA ","UN ",1,2460.63,2460.63,3.9078491117842463E-4,0.97264030923767364]
[89448,"SINAPI","TUBO, PVC, SOLDÁVEL, DN 40MM, INSTALADO EM PRUMADA DE ÁGUA - FORNECIMENTO E INSTALAÇÃO. AF_06/2022","M",97.1,25.26,2452.7399999999998,3.8953186096396823E-4,0.97302984109863766]
["ED-48182","SETOP","DISPENSER EM PLÁSTICO PARA PAPEL TOALHA 2 OU 3 FOLHAS","U",30,81.56,2446.8000000000002,3.8858849996601253E-4,0.9734184295986037]
["COT-ARQ-006","COTAÇÃO","JANELA DE ALUMÍNIO TIPO GUILHOTINA, 1000 X 1000 MM COM DUAS FOLHAS - FORNECIMENTO E INSTALAÇÃO","UN ",2,1217.49,2434.98,3.8671130686907028E-4,0.97380514090547277]
["ED-50137","SETOP","MOBILIZAÇÃO E DESMOBILIZAÇÃO DE CONTAINER, INCLUSIVE CARGA, DESCARGA E TRANSPORTE EM CAMINHÃO CARROCERIA COM GUINDAUTO (MUNCK), EXCLUSIVE LOCAÇÃO DO CONTAINER","un",3,799.47,2398.41,3.8090344294731244E-4,0.97418604434842004]
[92390,"SINAPI","JOELHO 90 GRAUS, EM FERRO GALVANIZADO, DN 65 (2 1/2\"), CONEXÃO ROSQUEADA, INSTALADO EM REDE DE ALIMENTAÇÃO PARA HIDRANTE - FORNECIMENTO E INSTALAÇÃO. AF_10/2020","UN",13,181.18,2355.34,3.7406328163721924E-4,0.97456010763005729]
["ED-50496","SETOP","PINTURA ESMALTE EM TUBO GALVANIZADO, DUAS (2) DEMÃOS, INCLUSIVE UMA (1) DEMÃO DE FUNDO ANTICORROSIVO","m",87.695999999999998,26.29,2305.52,3.661511191930853E-4,0.97492625874925043]
[89449,"SINAPI","TUBO, PVC, SOLDÁVEL, DN 50MM, INSTALADO EM PRUMADA DE ÁGUA - FORNECIMENTO E INSTALAÇÃO. AF_06/2022","M",81.5,27.89,2273.0300000000002,3.609912204012365E-4,0.97528724996965166]
[102184,"SINAPI","PORTA DE ABRIR COM MOLA HIDRÁULICA, EM VIDRO TEMPERADO, 90X210 CM, ESPESSURA 10 MM, INCLUSIVE ACESSÓRIOS. AF_01/2021","UN",1,2268.35,2268.35,3.6024796628163496E-4,0.97564749793593331]
["DAC-21.4","CPU","INSTALAÇÃO DO SISTEMA DE ALARME","UN ",1,2265.21,2265.21,3.5974928723557758E-4,0.97600724722316889]
[89711,"SINAPI","TUBO PVC, SERIE NORMAL, ESGOTO PREDIAL, DN 40 MM, FORNECIDO E INSTALADO EM RAMAL DE DESCARGA OU RAMAL DE ESGOTO SANITÁRIO. AF_08/2022","M",88.6,25.53,2261.9499999999998,3.5923155039158165E-4,0.97636647877356053]
[92982,"SINAPI","CABO DE COBRE FLEXÍVEL ISOLADO, 16 MM², ANTI-CHAMA 0,6/1,0 KV, PARA DISTRIBUIÇÃO - FORNECIMENTO E INSTALAÇÃO. AF_12/2015","M",113.64,19.88,2259.16,3.587884565895115E-4,0.97672526723015007]
["ED-49149","SETOP","CAIXA DE PASSAGEM EM CHAPA DE AÇO, EMBUTIR 230 X 230 X 102 MM","un",15,150.25,2253.75,3.5792926753245083E-4,0.97708319649768249]
["ED-48377","SETOP","ORGANIZADOR DE CABOS DE 1U PARA RACK 19\"","cj",13,170.56,2217.2800000000002,3.5213728510897509E-4,0.97743533378279146]
[96358,"SINAPI","PAREDE COM PLACAS DE GESSO ACARTONADO (DRYWALL), PARA USO INTERNO, COM DUAS FACES SIMPLES E ESTRUTURA METÁLICA COM GUIAS SIMPLES, SEM VÃOS. AF_06/2017_PS","M2",18.287500000000001,119.85,2191.75,3.4808273859755924E-4,0.977783416521389]
[100977,"SINAPI","CARGA, MANOBRA E DESCARGA DE SOLOS E MATERIAIS GRANULARES EM CAMINHÃO BASCULANTE 6 M³ - CARGA COM ESCAVADEIRA HIDRÁULICA (CAÇAMBA DE 1,20 M³ / 155 HP) E DESCARGA LIVRE (UNIDADE: M3). AF_07/2020","M3",242.54000000000002,8.93,2165.88,3.4397419499198435E-4,0.978127390716381]
["COT-ELE-003","COTAÇÃO","QUADRO DE DISTRIBUIÇÃO COM BARRAMENTO 225A / 50 DISJ. - EMBUTIR","UN ",1,2163.23,2163.23,3.435533352875091E-4,0.97847094405166846]
[93185,"SINAPI","VERGA PRÉ-MOLDADA PARA PORTAS COM MAIS DE 1,5 M DE VÃO. AF_03/2016","M",22.000000000000004,97.63,2147.86,3.4111234900155294E-4,0.97881205640067004]
[90466,"SINAPI","CHUMBAMENTO LINEAR EM ALVENARIA PARA RAMAIS/DISTRIBUIÇÃO COM DIÂMETROS MENORES OU IGUAIS A 40 MM. AF_05/2015","M",135,15.46,2087.1,3.3146275064535911E-4,0.97914351915131537]
["09.12.01","SUDECAP","PINTURA COM TINTA ASFALTICA IMPERMEABILIZANTE DILUIDA EM SOLVENTE, PARA MATERIAIS CIMENTICIOS, METAL E MADEIRA","M2",130.16,15.87,2065.63,3.280529929641959E-4,0.9794715721442796]
[90443,"SINAPI","RASGO EM ALVENARIA PARA RAMAIS/ DISTRIBUIÇÃO COM DIAMETROS MENORES OU IGUAIS A 40 MM. AF_05/2015","M",135,15.13,2042.55,3.2438754316069105E-4,0.97979595968744027]
["ED-49503","SETOP","QUADRO DE DISTRIBUIÇÃO PARA 42 MÓDULOS COM BARRAMENTO 100 A","un",2,1018.63,2037.26,3.2354741190156883E-4,0.98011950709934181]
[97670,"SINAPI","ELETRODUTO FLEXÍVEL CORRUGADO, PEAD, DN 100 (4\"), PARA REDE ENTERRADA DE DISTRIBUIÇÃO DE ENERGIA ELÉTRICA - FORNECIMENTO E INSTALAÇÃO. AF_12/2021","M",71.819999999999993,28.32,2033.94,3.230201461586037E-4,0.98044252724550041]
[96995,"SINAPI","REATERRO MANUAL APILOADO COM SOQUETE. AF_10/2017","M3",36.89,53.92,1989.1,3.1589888232891756E-4,0.98075842612782937]
[93660,"SINAPI","DISJUNTOR BIPOLAR TIPO DIN, CORRENTE NOMINAL DE 10A - FORNECIMENTO E INSTALAÇÃO. AF_10/2020","UN",16,122.09,1953.44,3.102355400415267E-4,0.98106866166787088]
["COT-INC-006","COTAÇÃO","CENTRAL DE ALARME DE INCÊNDIO ENDEREÇÁVEL","UN ",1,1951.81,1951.81,3.0997667161952871E-4,0.98137863833949046]
[97329,"SINAPI","TUBO EM COBRE FLEXÍVEL, DN 1/2\", COM ISOLAMENTO, INSTALADO EM RAMAL DE ALIMENTAÇÃO DE AR CONDICIONADO COM CONDENSADORA INDIVIDUAL \u0096 FORNECIMENTO E INSTALAÇÃO. AF_12/2015","M",22.7,85.86,1949.02,3.0953357781745861E-4,0.98168817191730795]
["ED-50193","SETOP","EXTINTOR DE INCÊNDIO TIPO PÓ QUÍMICO 2-A:20-B:C, CAPACIDADE 6 KG","U",7,268.77,1881.39,2.9879292052928575E-4,0.98198696483783721]
[97599,"SINAPI","LUMINÁRIA DE EMERGÊNCIA, COM 30 LÂMPADAS LED DE 2 W, SEM REATOR - FORNECIMENTO E INSTALAÇÃO. AF_02/2020","UN",48,38.96,1870.08,2.9699672307358208E-4,0.9822839615609108]
[89699,"SINAPI","JUNÇÃO SIMPLES, PVC, SERIE R, ÁGUA PLUVIAL, DN 150 X 100 MM, JUNTA ELÁSTICA, FORNECIDO E INSTALADO EM CONDUTORES VERTICAIS DE ÁGUAS PLUVIAIS. AF_06/2022","UN",7,259.77999999999997,1818.46,2.8879869366037073E-4,0.98257276025457119]
[95547,"SINAPI","SABONETEIRA PLASTICA TIPO DISPENSER PARA SABONETE LIQUIDO COM RESERVATORIO 800 A 1500 ML, INCLUSO FIXAÇÃO. AF_01/2020","UN",33,55.09,1817.97,2.8872087431878855E-4,0.98286148112888994]
[89634,"SINAPI","TUBO, CPVC, SOLDÁVEL, DN 22MM, INSTALADO EM RAMAL OU SUB-RAMAL DE ÁGUA - FORNECIMENTO E INSTALAÇÃO. AF_06/2022","M",39.5,45.18,1784.61,2.8342280649188556E-4,0.98314490393538179]
["ED-28427","SETOP","FORNECIMENTO E COLOCAÇÃO DE PLACA DE OBRA EM CHAPA GALVANIZADA #26, ESP. 0,45MM, DIMENSÃO (3X1,5)M, PLOTADA COM ADESIVO VINÍLICO, AFIXADA COM REBITES 4,8X40MM, EM ESTRUTURA METÁLICA DE METALON 20X20MM, ESP. 1,25MM, INCLUSIVE SUPORTE EM EUCALIPTO AUTOCLAVADO PINTADO COM TINTA PVA DUAS (2) DEMÃOS","un",1,1759.03,1759.03,2.7936031923132869E-4,0.98342426425461316]
[104328,"SINAPI","CAIXA SIFONADA, COM GRELHA QUADRADA, PVC, DN 150 X 150 X 50 MM, JUNTA SOLDÁVEL, FORNECIDA E INSTALADA EM RAMAL DE DESCARGA OU EM RAMAL DE ESGOTO SANITÁRIO. AF_08/2022","UN",23,75.98,1747.54,2.7753553507871731E-4,0.98370179978969186]
[12001,"SINAPI","CAIXA OCTOGONAL DE FUNDO MOVEL, EM PVC, DE 4\" X 4\", PARA ELETRODUTO FLEXIVEL CORRUGADO","UN    ",194,8.91,1728.54,2.745180504051215E-4,0.98397631784009698]
[97669,"SINAPI","ELETRODUTO FLEXÍVEL CORRUGADO, PEAD, DN 90 (3\"), PARA REDE ENTERRADA DE DISTRIBUIÇÃO DE ENERGIA ELÉTRICA - FORNECIMENTO E INSTALAÇÃO. AF_12/2021","M",71.819999999999993,21.87,1570.7,2.4945069351668133E-4,0.98422576853361365]
["ED-19754","SETOP","MOBILIZAÇÃO E DESMOBILIZAÇÃO DE EQUIPAMENTO PARA ESTACA TIPO HÉLICE CONTÍNUA (CUSTO VARIÁVEL), EXCLUSIVE CUSTO FIXO DE TRANSPORTE","km",50,31.31,1565.5,2.4862485560601298E-4,0.98447439338921972]
[100865,"SINAPI","BARRA DE APOIO LATERAL ARTICULADA, COM TRAVA, EM ACO INOX POLIDO, FIXADA NA PAREDE - FORNECIMENTO E INSTALAÇÃO. AF_01/2020","UN",2,760.65,1521.3,2.416052333653322E-4,0.98471599862258508]
[97667,"SINAPI","ELETRODUTO FLEXÍVEL CORRUGADO, PEAD, DN 50 (1 1/2\"), PARA REDE ENTERRADA DE DISTRIBUIÇÃO DE ENERGIA ELÉTRICA - FORNECIMENTO E INSTALAÇÃO. AF_12/2021","M",143.63,10.42,1496.62,2.3768567958931406E-4,0.98495368430217434]
["ED-50314","SETOP","CHUVEIRO ELÉTRICO COM RESISTÊNCIA BLINDADA, TENSÃO 127V/220V, POTÊNCIA 5500W/6800W, INCLUSIVE BRAÇO, FORNECIMENTO E INSTALAÇÃO","un",5,298.57,1492.85,2.370869471040795E-4,0.98519077124927845]
["COT-INC-001","COTAÇÃO","PLACA FOTOLUMINESCENTE \"S3\"","UN ",31,47.12,1460.72,2.319842217060462E-4,0.98542275547098446]
["ED-50151","SETOP","LIGAÇÃO PROVISÓRIA COM ENTRADA DE ENERGIA AÉREA, PADRÃO CEMIG, CARGA INSTALADA DE 15,1KVA ATÉ 30KVA, TRIFÁSICO, COM SAÍDA SUBTERRÂNEA, INCLUSIVE POSTE, CAIXA PARA MEDIDOR, DISJUNTOR, BARRAMENTO, ATERRAMENTO E ACESSÓRIOS","un",1,1457.18,1457.18,2.3142201666686045E-4,0.98565417748765127]
["11.92.44","SUDECAP","CARTUCHO Nº45 PARA SOLDA EXOTERMICA","UN",70,20.73,1451.1,2.3045642157130977E-4,0.98588463390922254]
[39602,"SINAPI","CONECTOR MACHO RJ 45, CATEGORIA 5 E (CAT 5E) PARA CABOS","UN    ",813,1.78,1447.14,2.2982751423933931E-4,0.98611446142346193]
[96988,"SINAPI","MASTRO 1 ½  PARA SPDA - FORNECIMENTO E INSTALAÇÃO. AF_12/2017","UN",7,205.55,1438.85,2.2851093803175456E-4,0.98634297236149371]
[39458,"SINAPI","DISPOSITIVO DR, 4 POLOS, SENSIBILIDADE DE 30 MA, CORRENTE DE 80 A, TIPO AC","UN    ",2,718.7,1437.4,2.282806563066644E-4,0.98657125301780035]
[92484,"SINAPI","MONTAGEM E DESMONTAGEM DE FÔRMA DE LAJE MACIÇA, PÉ-DIREITO SIMPLES, EM MADEIRA SERRADA, 2 UTILIZAÇÕES. AF_09/2020","M2",3.88,355.77,1380.38,2.1922502598622053E-4,0.98679047804378661]
["ED-50437","SETOP","PLANTIO DE GRAMA ESMERALDA EM PLACAS, INCLUSIVE TERRA VEGETAL E CONSERVAÇÃO POR TRINTA (30) DIAS","m2",36.85,36.979999999999997,1362.71,2.1641876523977643E-4,0.98700689680902642]
["COT-INC-010","COTAÇÃO","QUADRO DE COMANDO PARA BOMBA DE INCÊNDIO","UN ",1,1352.95,1352.95,2.1486873100744509E-4,0.98722176554003382]
[90373,"SINAPI","JOELHO 90 GRAUS COM BUCHA DE LATÃO, PVC, SOLDÁVEL, DN 25MM, X 1/2  INSTALADO EM RAMAL OU SUB-RAMAL DE ÁGUA - FORNECIMENTO E INSTALAÇÃO. AF_06/2022","UN",80,16.78,1342.4,2.1319323293868533E-4,0.98743495877297249]
[101896,"SINAPI","DISJUNTOR TERMOMAGNÉTICO TRIPOLAR , CORRENTE NOMINAL DE 200A - FORNECIMENTO E INSTALAÇÃO. AF_10/2020","UN",1,1336.75,1336.75,2.122959282857476E-4,0.98764725470125825]
[90446,"SINAPI","RASGO EM CONTRAPISO PARA RAMAIS/ DISTRIBUIÇÃO COM DIÂMETROS MAIORES QUE 75 MM. AF_05/2015","M",35.299999999999997,37.69,1330.45,2.1129539389397637E-4,0.98785855009515222]
["ED-51120","SETOP","REATERRO MANUAL DE VALA, INCLUSIVE ESPALHAMENTO E COMPACTAÇÃO MANUAL COM SOQUETE","m3",17.079011250000004,76.680000000000007,1309.6099999999999,2.0798568965199019E-4,0.98806653578480419]
[100849,"SINAPI","ASSENTO SANITÁRIO CONVENCIONAL - FORNECIMENTO E INSTALACAO. AF_01/2020","UN",22,58.12,1278.6400000000001,2.0306718963402905E-4,0.98826960297443822]
["ED-49197","SETOP","CAIXA DE INSPEÇÃO EM CONCRETO, TIPO \"ZA\" PASSEIO, PADRÃO CEMIG, DIMENSÃO (28X28)CM, ALTURA 40CM, COM TAMPA E ARO ARTICULADO EM FERRO FUNDIDO, INCLUSIVE ESCAVAÇÃO, APILOAMENTO, LASTRO DE BRITA, REATERRO E TRANSPORTE E RETIRADA DO MATERIAL ESCAVADO (EM CAÇAMBA)","un",5,254.16,1270.8,2.018220801687137E-4,0.98847142505460694]
[104167,"SINAPI","JOELHO 90 GRAUS, PVC, SERIE R, ÁGUA PLUVIAL, DN 150 MM, JUNTA ELÁSTICA, FORNECIDO E INSTALADO EM RAMAL DE ENCAMINHAMENTO. AF_06/2022","UN",8,158.76,1270.08,2.0170773338108269E-4,0.98867313278798807]
["ED-50185","SETOP","PRESSOSTATO TELEMECANIQUE, MODELO XML B004 A2S11, COM ESCALA DE 3 A 58 PSI","U",1,1263.69,1263.69,2.0069290564085759E-4,0.98887382569362892]
["ED-49813","SETOP","LASTRO DE BRITA COM PEDRA BRITADA NÚMERO 2 E 3, INCLUSIVE ADENSAMENTO E APILOAMENTO MANUAL","m3",5.66,222.29,1258.1500000000001,1.9981307063603019E-4,0.98907363876426491]
["DAC-13.2","CPU","JUNÇÃO SIMPLES, PVC, SERIE NORMAL, ESGOTO PREDIAL, DN 100 X 50 MM, JUNTA ELÁSTICA, FORNECIDO E INSTALADO EM PRUMADA DE ESGOTO SANITÁRIO OU VENTILAÇÃO","UN    ",22,56.97,1253.3399999999999,1.9904917056866198E-4,0.98927268793483358]
[91851,"SINAPI","ELETRODUTO FLEXÍVEL LISO, PEAD, DN 40 MM (1 1/4\"), PARA CIRCUITOS TERMINAIS, INSTALADO EM LAJE - FORNECIMENTO E INSTALAÇÃO. AF_03/2023","M",112.4,10.77,1210.54,1.9225188930393035E-4,0.98946493982413752]
[91953,"SINAPI","INTERRUPTOR SIMPLES (1 MÓDULO), 10A/250V, INCLUINDO SUPORTE E PLACA - FORNECIMENTO E INSTALAÇÃO. AF_03/2023","UN",35,34.57,1209.95,1.9215818846406608E-4,0.9896570980126016]
[89985,"SINAPI","REGISTRO DE PRESSÃO BRUTO, LATÃO, ROSCÁVEL, 3/4\", COM ACABAMENTO E CANOPLA CROMADOS - FORNECIMENTO E INSTALAÇÃO. AF_08/2021","UN",8,150.91,1207.28,1.9173415245993442E-4,0.98984883216506159]
[96989,"SINAPI","CAPTOR TIPO FRANKLIN PARA SPDA - FORNECIMENTO E INSTALAÇÃO. AF_12/2017","UN",7,172.06,1204.42,1.9127994160906688E-4,0.99004011210667064]
["ED-51093","SETOP","APILOAMENTO MANUAL EM FUNDO DE VALA COM SOQUETE, EXCLUSIVE ESCAVAÇÃO","m2",45.202500000000001,25.84,1168.03,1.8550066438421676E-4,0.99022561277105481]
["DAC-13.1","CPU","JOELHO PVC, COM BOLSA E ANEL, 90 GRAUS, DN 40 X *38* MM,SERIE NORMAL, PARA ESGOTO PREDIAL - FORNECIDO E INSTALADO EM RAMAL DE DESCARGA OU RAMAL DE ESGOTO SANITÁRIO","UN    ",52,21.85,1136.2,1.8044558348102968E-4,0.99040605835453588]
[93653,"SINAPI","DISJUNTOR MONOPOLAR TIPO DIN, CORRENTE NOMINAL DE 10A - FORNECIMENTO E INSTALAÇÃO. AF_10/2020","UN",48,23.49,1127.52,1.7906706943014486E-4,0.99058512542396604]
[104315,"SINAPI","TUBO, PVC, SOLDÁVEL, DN 20 MM, INSTALADO EM DRENO DE AR CONDICIONADO - FORNECIMENTO E INSTALAÇÃO. AF_08/2022","M",57.9,19.38,1122.0999999999999,1.7820629222325594E-4,0.99076333171618924]
["ED-48340","SETOP","BANCADA SIMPLES EM CONCRETO, APOIADA EM ALVENARIA","m2",3.12,359.02,1120.1400000000001,1.7789501485692712E-4,0.99094122673104612]
["ED-15752","SETOP","CONJUNTO DE UMA (1) TOMADA DE DADOS (CONECTOR RJ45 CAT.6E), COM PLACA 4\"X2\" DE UM (1) POSTO, INCLUSIVE FORNECIMENTO, INSTALAÇÃO, SUPORTE, MÓDULO E PLACA","un",23,47.64,1095.72,1.7401675297644238E-4,0.99111524348402258]
[89797,"SINAPI","JUNÇÃO SIMPLES, PVC, SERIE NORMAL, ESGOTO PREDIAL, DN 100 X 100 MM, JUNTA ELÁSTICA, FORNECIDO E INSTALADO EM RAMAL DE DESCARGA OU RAMAL DE ESGOTO SANITÁRIO. AF_08/2022","UN",17,64.319999999999993,1093.44,1.7365465481561089E-4,0.99128889813883814]
["ED-50326","SETOP","TORNEIRA METÁLICA PARA PIA, ABERTURA 1/4 DE VOLTA, ACABAMENTO CROMADO, COM AREJADOR, APLICAÇÃO DE PAREDE, INCLUSIVE FORNECIMENTO E INSTALAÇÃO","un",11,98.01,1078.1099999999999,1.712200211289675E-4,0.99146011815996715]
[89395,"SINAPI","TE, PVC, SOLDÁVEL, DN 25MM, INSTALADO EM RAMAL OU SUB-RAMAL DE ÁGUA - FORNECIMENTO E INSTALAÇÃO. AF_06/2022","UN",71,14.79,1050.0899999999999,1.6677002531032779E-4,0.99162688818527744]
[95544,"SINAPI","PAPELEIRA DE PAREDE EM METAL CROMADO SEM TAMPA, INCLUSO FIXAÇÃO. AF_01/2020","UN",22,47.73,1050.06,1.6676526086084319E-4,0.99179365344613823]
[89728,"SINAPI","CURVA CURTA 90 GRAUS, PVC, SERIE NORMAL, ESGOTO PREDIAL, DN 40 MM, JUNTA SOLDÁVEL, FORNECIDO E INSTALADO EM RAMAL DE DESCARGA OU RAMAL DE ESGOTO SANITÁRIO. AF_08/2022","UN",63,15.9,1001.7,1.5908496829162774E-4,0.99195273841442988]
[91872,"SINAPI","ELETRODUTO RÍGIDO ROSCÁVEL, PVC, DN 32 MM (1\"), PARA CIRCUITOS TERMINAIS, INSTALADO EM PAREDE - FORNECIMENTO E INSTALAÇÃO. AF_03/2023","M",45,22.07,993.15,1.5772710018850962E-4,0.99211046551461834]
[89784,"SINAPI","TE, PVC, SERIE NORMAL, ESGOTO PREDIAL, DN 50 X 50 MM, JUNTA ELÁSTICA, FORNECIDO E INSTALADO EM RAMAL DE DESCARGA OU RAMAL DE ESGOTO SANITÁRIO. AF_08/2022","UN",34,29.2,992.8,1.5767151494452231E-4,0.99226813702956285]
["DAC-21.5","CPU","INSTALAÇÃO DE BOMBA HIDRÁULICA E QUADRO DE COMANDO PARA O SISTEMA DE COMBATE A INCÊNDIO","UN ",1,991,991,1.5738564797544482E-4,0.99242552267753825]
[89799,"SINAPI","TUBO PVC, SERIE NORMAL, ESGOTO PREDIAL, DN 75 MM, FORNECIDO E INSTALADO EM PRUMADA DE ESGOTO SANITÁRIO OU VENTILAÇÃO. AF_08/2022","M",33,29.2,963.6,1.5303411744615404E-4,0.99257855679498441]
["COT-ARQ-001","COTAÇÃO","BOX PARA BANHEIRO 1,65x1,90 M - FORNECIMENTO E INSTALAÇÃO","UN ",1,961.55,961.55,1.5270854673137132E-4,0.99273126534171574]
[104168,"SINAPI","JOELHO 45 GRAUS, PVC, SERIE R, ÁGUA PLUVIAL, DN 150 MM, JUNTA ELÁSTICA, FORNECIDO E INSTALADO EM RAMAL DE ENCAMINHAMENTO. AF_06/2022","UN",6,154.35,926.1,1.4707855559037281E-4,0.99287834389730611]
[89802,"SINAPI","JOELHO 45 GRAUS, PVC, SERIE NORMAL, ESGOTO PREDIAL, DN 50 MM, JUNTA ELÁSTICA, FORNECIDO E INSTALADO EM PRUMADA DE ESGOTO SANITÁRIO OU VENTILAÇÃO. AF_08/2022","UN",71,12.98,921.58,1.4636071186802265E-4,0.99302470460917414]
[96987,"SINAPI","BASE METÁLICA PARA MASTRO 1 ½  PARA SPDA - FORNECIMENTO E INSTALAÇÃO. AF_12/2017","UN",7,130.68,914.76,1.4527759368518456E-4,0.99316998220285935]
[103976,"SINAPI","TE DE REDUÇÃO, 90 GRAUS, PVC, SOLDÁVEL, DN 50 MM X 32 MM, INSTALADO EM PRUMADA DE ÁGUA - FORNECIMENTO E INSTALAÇÃO. AF_06/2022","UN",26,35,910,1.4452163436695742E-4,0.9933145038372263]
[98111,"SINAPI","CAIXA DE INSPEÇÃO PARA ATERRAMENTO, CIRCULAR, EM POLIETILENO, DIÂMETRO INTERNO = 0,3 M. AF_12/2020","UN",16,56.54,904.64,1.4367038605903775E-4,0.99345817422328531]
["11.92.01","SUDECAP","TERMINAL AEREO (CAPTOR), ACO GALV. D= 3/8\"X250MM","UN",50,17.04,852,1.3531036536334914E-4,0.9935934845886486]
[89850,"SINAPI","JOELHO 90 GRAUS, PVC, SERIE NORMAL, ESGOTO PREDIAL, DN 100 MM, JUNTA ELÁSTICA, FORNECIDO E INSTALADO EM SUBCOLETOR AÉREO DE ESGOTO SANITÁRIO. AF_08/2022","UN",22,37.79,831.38,1.3203560041758356E-4,0.99372552018906624]
[89801,"SINAPI","JOELHO 90 GRAUS, PVC, SERIE NORMAL, ESGOTO PREDIAL, DN 50 MM, JUNTA ELÁSTICA, FORNECIDO E INSTALADO EM PRUMADA DE ESGOTO SANITÁRIO OU VENTILAÇÃO. AF_08/2022","UN",69,11.95,824.55,1.3095089408491728E-4,0.99385647108315112]
["ED-15767","SETOP","CONJUNTO DE UM (1) INTERRUPTOR BIPOLAR SIMPLES, CORRENTE 10A, TENSÃO 250V, (10A-250V) E UMA (1) TOMADA PADRÃO, TRÊS (3) POLOS, CORRENTE 10A, TENSÃO 250V, (2P+T/10A-250V), COM PLACA 4\"X2\" DE DOIS (2) POSTOS, INCLUSIVE FORNECIMENTO, INSTALAÇÃO, SUPORTE, MÓDULO E PLACA","un",11,74.58,820.38,1.3028863560655442E-4,0.99398675971875772]
[102719,"SINAPI","ENCHIMENTO DE BRITA PARA DRENO, LANÇAMENTO MANUAL. AF_07/2021","M3",4.29,188.07,806.82,1.2813510443950395E-4,0.99411489482319726]
["ED-16357","SETOP","LIGAÇÕES PROVISÓRIAS PARA CONTAINER TIPO 2 (CORRESPONDENTE AO CÓDIGO ED-16349)","un",1,803.4,803.4,1.2759195719825667E-4,0.99424248678039551]
[103951,"SINAPI","JOELHO DE REDUÇÃO, 90 GRAUS, PVC, SOLDÁVEL, DN 32 MM X 25 MM, INSTALADO EM RAMAL OU SUB-RAMAL DE ÁGUA - FORNECIMENTO E INSTALAÇÃO. AF_06/2022","UN",42,18.8,789.6,1.254003104353292E-4,0.99436788709083079]
["ED-50323","SETOP","TORNEIRA METÁLICA PARA IRRIGAÇÃO/JARDIM, ACABAMENTO CROMADO, APLICAÇÃO DE PAREDE, INCLUSIVE FORNECIMENTO E INSTALAÇÃO","un",14,55.39,775.46,1.2315466657824263E-4,0.99449104175740899]
[104329,"SINAPI","CAIXA SIFONADA, COM GRELHA REDONDA, PVC, DN 150 X 150 X 50 MM, JUNTA SOLDÁVEL, FORNECIDA E INSTALADA EM RAMAL DE DESCARGA OU EM RAMAL DE ESGOTO SANITÁRIO. AF_08/2022","UN",9,85.7,771.3,1.2249399624970797E-4,0.99461353575365874]
[98297,"SINAPI","CABO ELETRÔNICO CATEGORIA 6, INSTALADO EM EDIFICAÇÃO INSTITUCIONAL - FORNECIMENTO E INSTALAÇÃO. AF_11/2019","M",82,9.23,756.86,1.2020070789777516E-4,0.99473373646155649]
[89481,"SINAPI","JOELHO 90 GRAUS, PVC, SOLDÁVEL, DN 25MM, INSTALADO EM PRUMADA DE ÁGUA - FORNECIMENTO E INSTALAÇÃO. AF_06/2022","UN",117,6.16,720.72,1.1446113441863028E-4,0.99484819759597509]
[90468,"SINAPI","CHUMBAMENTO LINEAR EM CONTRAPISO PARA RAMAIS/DISTRIBUIÇÃO COM DIÂMETROS MENORES OU IGUAIS A 40 MM. AF_05/2015","M",103.15,6.98,719.98,1.1434361133134286E-4,0.99496254120730643]
["DAC-6.5","CPU","APLICAÇÃO DE PELÍCULA JATEADA EM ESQUADRIAS","M2",98.88000000000001,7.09,701.05,1.113372437065445E-4,0.99507387845101303]
[89383,"SINAPI","ADAPTADOR CURTO COM BOLSA E ROSCA PARA REGISTRO, PVC, SOLDÁVEL, DN 25MM X 3/4 , INSTALADO EM RAMAL OU SUB-RAMAL DE ÁGUA - FORNECIMENTO E INSTALAÇÃO. AF_06/2022","UN",92,7.61,700.12,1.1118954577252113E-4,0.99518506799678552]
["ED-13940","SETOP","CABO DE COBRE NU #35MM2 - 7 FIOSX2,50MM, PARA ELEMENTOS  DE CAPTAÇÃO/ ANEL DE CINTAMENTO/ DESCIDA (SPDA), INCLUSIVE SUPORTE E ISOLADOR","m",11.08,61.32,679.42,1.0790207562812988E-4,0.99529297007241369]
[93664,"SINAPI","DISJUNTOR BIPOLAR TIPO DIN, CORRENTE NOMINAL DE 32A - FORNECIMENTO E INSTALAÇÃO. AF_10/2020","UN",5,129.96,649.79999999999995,1.0319797583697684E-4,0.99539616804825071]
[89366,"SINAPI","JOELHO 90 GRAUS COM BUCHA DE LATÃO, PVC, SOLDÁVEL, DN 25MM, X 3/4  INSTALADO EM RAMAL OU SUB-RAMAL DE ÁGUA - FORNECIMENTO E INSTALAÇÃO. AF_06/2022","UN",29,21.72,629.88,1.0003438137918587E-4,0.99549620242962988]
[89584,"SINAPI","JOELHO 90 GRAUS, PVC, SERIE R, ÁGUA PLUVIAL, DN 100 MM, JUNTA ELÁSTICA, FORNECIDO E INSTALADO EM CONDUTORES VERTICAIS DE ÁGUAS PLUVIAIS. AF_06/2022","UN",11,54.46,599.05999999999995,9.5139703608647797E-5,0.99559134213323852]
["COT-DAD-002","COTAÇÃO","HD 2 TB","UN ",1,586.79,586.79,9.3191043769436192E-5,0.995684533177008]
["RO-40981","SETOP","Manta geotêxtil não tecida, A/300, OP/30 ou similar, resistência à tração de 21 KN/m2 (Execução, incluindo fornecimento, transporte e colocação)","m2",64.38,8.83,568.47,9.0281553284158559E-5,0.99577481473029217]
["COT-ARQ-005","COTAÇÃO","PORTA SANFONADA PVC 1000  X 2100 MM, COMPLETA, NA COR BRANCA","UN ",2,274.64,549.28,8.7233893763826766E-5,0.99586204862405603]
[90470,"SINAPI","CHUMBAMENTO LINEAR EM CONTRAPISO PARA RAMAIS/DISTRIBUIÇÃO COM DIÂMETROS MAIORES QUE 75 MM. AF_05/2015","M",35.299999999999997,15.56,549.26,8.7230717464170353E-5,0.99594927934152022]
[89531,"SINAPI","JOELHO 45 GRAUS, PVC, SERIE R, ÁGUA PLUVIAL, DN 100 MM, JUNTA ELÁSTICA, FORNECIDO E INSTALADO EM RAMAL DE ENCAMINHAMENTO. AF_06/2022","UN",11,48.11,529.21,8.404647705861268E-5,0.99603332581857884]
[92896,"SINAPI","UNIÃO, EM FERRO GALVANIZADO, DN 65 (2 1/2\"), CONEXÃO ROSQUEADA, INSTALADO EM REDE DE ALIMENTAÇÃO PARA HIDRANTE - FORNECIMENTO E INSTALAÇÃO. AF_10/2020","UN",2,264.45,528.9,8.3997244413938215E-5,0.99611732306299283]
["ED-49639","SETOP","FORNECIMENTO DE CONCRETO ESTRUTURAL, USINADO BOMBEADO, COM FCK 30MPA, INCLUSIVE LANÇAMENTO, ADENSAMENTO E ACABAMENTO","m3",0.54,948.44,512.15,8.1337093451689269E-5,0.99619866015644454]
[99624,"SINAPI","VÁLVULA DE RETENÇÃO HORIZONTAL, DE BRONZE, ROSCÁVEL, 2 1/2\" - FORNECIMENTO E INSTALAÇÃO. AF_08/2021","UN",1,511.69,511.69,8.126403855959169E-5,0.99627992419500411]
["ED-50484","SETOP","EMASSAMENTO EM PAREDE EM CHAPA DE GESSO ACARTONADO (DRYWALL) COM MASSA CORRIDA (PVA), UMA (1) DEMÃO, INCLUSIVE LIXAMENTO PARA PINTURA",36.498000000000005,36.498000000000005,13.94,508.78,8.0801886959583065E-5,0.99636072608196369]
[92642,"SINAPI","TÊ, EM FERRO GALVANIZADO, CONEXÃO ROSQUEADA, DN 65 (2 1/2\"), INSTALADO EM REDE DE ALIMENTAÇÃO PARA HIDRANTE - FORNECIMENTO E INSTALAÇÃO. AF_10/2020","UN",2,248.21,496.42,7.8838933771917583E-5,0.99643956501573561]
[11749,"SINAPI","VALVULA DE ESFERA BRUTA EM BRONZE, BITOLA 3/4 \" (REF 1552-B)","UN    ",5,98.93,494.65,7.8557831252324705E-5,0.99651812284698793]
["ED-50150","SETOP","LIGAÇÃO DE ÁGUA PROVISÓRIA PARA CANTEIRO,  INCLUSIVE HIDRÔMETRO E CAVALETE PARA MEDIÇÃO DE ÁGUA - ENTRADA PRINCIPAL, EM AÇO GALVANIZADO DN 20MM (1/2\") - PADRÃO CONCESSIONÁRIA","un",1,470.14,470.14,7.4665276023386105E-5,0.99659278812301133]
[89681,"SINAPI","REDUÇÃO EXCÊNTRICA, PVC, SERIE R, ÁGUA PLUVIAL, DN 150 X 100 MM, JUNTA ELÁSTICA, FORNECIDO E INSTALADO EM CONDUTORES VERTICAIS DE ÁGUAS PLUVIAIS. AF_06/2022","UN",4,115.48,461.92,7.3359816864598871E-5,0.99666614793987596]
[90406,"SINAPI","MASSA ÚNICA, PARA RECEBIMENTO DE PINTURA, EM ARGAMASSA TRAÇO 1:2:8, PREPARO MECÂNICO COM BETONEIRA 400L, APLICADA MANUALMENTE EM TETO, ESPESSURA DE 20MM, COM EXECUÇÃO DE TALISCAS. AF_03/2015","M2",7.96,57.23,455.55,7.2348165424030166E-5,0.99673849610529996]
[93654,"SINAPI","DISJUNTOR MONOPOLAR TIPO DIN, CORRENTE NOMINAL DE 16A - FORNECIMENTO E INSTALAÇÃO. AF_10/2020","UN",18,24.19,435.42,6.9151219819846817E-5,0.99680764732511984]
[91955,"SINAPI","INTERRUPTOR PARALELO (1 MÓDULO), 10A/250V, INCLUINDO SUPORTE E PLACA - FORNECIMENTO E INSTALAÇÃO. AF_03/2023","UN",10,42.01,420.1,6.6718174283031658E-5,0.99687436549940289]
["ED-16358","SETOP","LIGAÇÕES PROVISÓRIAS PARA CONTAINER TIPO 3 (CORRESPONDENTE AO CÓDIGO ED-16350)","un",1,418.78,418.78,6.6508538505708159E-5,0.99694087403790865]
["ED-16359","SETOP","LIGAÇÕES PROVISÓRIAS PARA CONTAINER TIPO 4 (CORRESPONDENTE AO CÓDIGO ED-16351)","un",1,418.78,418.78,6.6508538505708159E-5,0.99700738257641441]
[104348,"SINAPI","TERMINAL DE VENTILAÇÃO, PVC, SÉRIE NORMAL, ESGOTO PREDIAL, DN 50 MM, JUNTA SOLDÁVEL, FORNECIDO E INSTALADO EM PRUMADA DE ESGOTO SANITÁRIO OU VENTILAÇÃO. AF_08/2022","UN",27,14.89,402.03,6.3848387543459213E-5,0.99707123096395789]
[100574,"SINAPI","ESPALHAMENTO DE MATERIAL COM TRATOR DE ESTEIRAS. AF_11/2019","M3",242.54000000000002,1.64,397.76,6.3170247566814264E-5,0.99713440121152475]
[95602,"SINAPI","ARRASAMENTO MECANICO DE ESTACA DE CONCRETO ARMADO, DIAMETROS DE 41 CM A 60 CM. AF_05/2021","UN",13,30.51,396.63,6.2990786636226716E-5,0.99719739199816093]
[92688,"SINAPI","TUBO DE AÇO GALVANIZADO COM COSTURA, CLASSE MÉDIA, CONEXÃO ROSQUEADA, DN 20 (3/4\"), INSTALADO EM RAMAIS E SUB-RAMAIS DE GÁS - FORNECIMENTO E INSTALAÇÃO. AF_10/2020","M",7.35,52.73,387.56,6.1550334742041776E-5,0.99725894233290302]
[39457,"SINAPI","DISPOSITIVO DR, 4 POLOS, SENSIBILIDADE DE 30 MA, CORRENTE DE 63 A, TIPO AC","UN    ",1,385.15,385.15,6.1167590633443567E-5,0.99732010992353648]
["ED-50331","SETOP","TORNEIRA METÁLICA PARA TANQUE, ACABAMENTO CROMADO, BICO COM ROSCA, INCLUSIVE FORNECIMENTO E INSTALAÇÃO","un",4,95.64,382.56,6.0756259827937614E-5,0.99738086618336441]
[89368,"SINAPI","JOELHO 45 GRAUS, PVC, SOLDÁVEL, DN 32MM, INSTALADO EM RAMAL OU SUB-RAMAL DE ÁGUA - FORNECIMENTO E INSTALAÇÃO. AF_06/2022","UN",21,18.149999999999999,381.15,6.0532330702160232E-5,0.99744139851406655]
[89668,"SINAPI","CONECTOR, CPVC, SOLDÁVEL, DN22MM X 3/4\u0094, INSTALADO EM RAMAL OU SUB-RAMAL DE ÁGUA - FORNECIMENTO E INSTALAÇÃO. AF_06/2022","UN",10,37.36,373.6,5.9333277581862961E-5,0.99750073179164844]
[104317,"SINAPI","JOELHO 90 GRAUS, PVC, SOLDÁVEL, DN 20 MM, INSTALADO EM DRENO DE AR CONDICIONADO - FORNECIMENTO E INSTALAÇÃO. AF_08/2022","UN",49,7.55,369.95,5.8753602894566917E-5,0.99755948539454298]
["COT-ELE-002","COTAÇÃO","DISPOSITIVO DE PROTEÇÃO CONTRA SURTOS 175V/ 8KA","UN ",4,90.13,360.52,5.7255977606566466E-5,0.99761674137214951]
[89810,"SINAPI","JOELHO 45 GRAUS, PVC, SERIE NORMAL, ESGOTO PREDIAL, DN 100 MM, JUNTA ELÁSTICA, FORNECIDO E INSTALADO EM PRUMADA DE ESGOTO SANITÁRIO OU VENTILAÇÃO. AF_08/2022","UN",10,35.69,356.9,5.6681067368755053E-5,0.99767342243951829]
[39455,"SINAPI","DISPOSITIVO DR, 4 POLOS, SENSIBILIDADE DE 30 MA, CORRENTE DE 25 A, TIPO AC","UN    ",1,353.02,353.02,5.6064865235410226E-5,0.99772948730475375]
["DAC-21.2","CPU","INSTALAÇÃO DE PLACAS","UN ",38,9.27,352.26,5.5944165848466394E-5,0.99778543147060217]
["COT-INC-008","COTAÇÃO","BATERIA PARA ALARME DE INCÊNDIO ","UN ",2,170.04,340.08,5.4009799357708651E-5,0.99783944126995983]
["COT-ELE-001","COTAÇÃO","DISJUNTOR TRIPOLAR TERMOMAGNÉTICO 80A / 10KA","UN ",1,328.82,328.82,5.2221542651146085E-5,0.99789166281261099]
[89785,"SINAPI","JUNÇÃO SIMPLES, PVC, SERIE NORMAL, ESGOTO PREDIAL, DN 50 X 50 MM, JUNTA ELÁSTICA, FORNECIDO E INSTALADO EM RAMAL DE DESCARGA OU RAMAL DE ESGOTO SANITÁRIO. AF_08/2022","UN",10,32.5,325,5.1614869416770501E-5,0.99794327768202773]
["ED-50180","SETOP","ACIONADOR MANUAL DE ALARME DE INCÊNDIO","un",2,152.81,305.62,4.8537035049702777E-5,0.99799181471707743]
["ED-9076","SETOP","FORNECIMENTO DE ANDAIME METÁLICO TUBULAR TIPO TORRE (LOCAÇÃO), INCLUSIVE RODÍZIOS, EXCLUSIVE MONTAGEM E DESMONTAGEM","mxmês",12,25.3,303.60000000000002,4.8216228784404697E-5,0.9980400309458618]
[89726,"SINAPI","JOELHO 45 GRAUS, PVC, SERIE NORMAL, ESGOTO PREDIAL, DN 40 MM, JUNTA SOLDÁVEL, FORNECIDO E INSTALADO EM RAMAL DE DESCARGA OU RAMAL DE ESGOTO SANITÁRIO. AF_08/2022","UN",25,12.12,303,4.8120939794712192E-5,0.99808815188565647]
["ED-48227","SETOP","ALVENARIA DE VEDAÇÃO COM TIJOLO MACIÇO REQUEIMADO, ESP. 10CM, PARA REVESTIMENTO, INCLUSIVE ARGAMASSA PARA ASSENTAMENTO","m2",2.6999999999999993,110.85,299.29000000000002,4.753173620844691E-5,0.99813568362186489]
["ED-50194","SETOP","BASE DECORATIVA PARA EXTINTORES","U",7,40.35,282.45,4.4857291897744088E-5,0.99818054091376263]
[94496,"SINAPI","REGISTRO DE GAVETA BRUTO, LATÃO, ROSCÁVEL, 1 1/4\" - FORNECIMENTO E INSTALAÇÃO. AF_08/2021","UN",2,140.94,281.88,4.4766767357536215E-5,0.99822530768112017]
["COT-DAD-005","COTAÇÃO","RÉGUA DE TOMADAS 10A- 10 SAÍDAS PADRÃO","UN ",2,137.03,274.06,4.3524834191877303E-5,0.99826883251531207]
[89351,"SINAPI","REGISTRO DE PRESSÃO BRUTO, LATÃO,  ROSCÁVEL, 3/4'' - FORNECIMENTO E INSTALAÇÃO. AF_08/2021","UN",5,54.51,272.55,4.3285023567817853E-5,0.99831211753887983]
[6138,"SINAPI","ANEL DE VEDACAO, PVC FLEXIVEL, 100 MM, PARA SAIDA DE BACIA / VASO SANITARIO","UN    ",22,12.17,267.74,4.2521123500449649E-5,0.99835463866238028]
[89649,"SINAPI","JOELHO 90 GRAUS, CPVC, SOLDÁVEL, DN 35MM, INSTALADO EM RAMAL OU SUB-RAMAL DE ÁGUA   FORNECIMENTO E INSTALAÇÃO. AF_06/2022","UN",7,37.549999999999997,262.85000000000002,4.1744518234455781E-5,0.99839638318061474]
["ED-50201","SETOP","PLACA FOTOLUMINESCENTE PARA SINALIZAÇÃO DE EMERGÊNCIA, TIPO \"S2\", DIMENSÃO (380X190)MM, INCLUSIVE FIXAÇÃO","un",9,29.06,261.54000000000002,4.1536470606960489E-5,0.99843791965122175]
["11.92.04","SUDECAP","MOLDE P/ SOLDA EXOTERMICA HCL 5/8\".50-5","UN",1,247.96,247.96,3.9379763140253583E-5,0.99847729941436203]
[93661,"SINAPI","DISJUNTOR BIPOLAR TIPO DIN, CORRENTE NOMINAL DE 16A - FORNECIMENTO E INSTALAÇÃO. AF_10/2020","UN",2,123.5,247,3.9227300756745581E-5,0.99851652671511881]
["ED-51053","SETOP","CAIXA DE EQUALIZAÇÃO PARA USO INTERNO COM 9 TERMINAIS 210X210X90MM EM AÇO","U",1,243.09,243.09,3.8606334173916128E-5,0.99855513304929278]
[89497,"SINAPI","JOELHO 90 GRAUS, PVC, SOLDÁVEL, DN 40MM, INSTALADO EM PRUMADA DE ÁGUA - FORNECIMENTO E INSTALAÇÃO. AF_06/2022","UN",14,17.190000000000001,240.66,3.8220413765661507E-5,0.99859335346305844]
[2003935,"SICRO","Tubo de PVC para dreno tipo barbacã - D = 50 mm - fornecimento e instalação","m",21.27,11.08,235.67,3.7427927001385551E-5,0.99863078139005979]
["DAC-13.7","CPU","TE, PVC, SERIE NORMAL, ESGOTO PREDIAL, DN 100 X 50 MM, JUNTA ELÁSTICA, FORNECIDO E INSTALADO EM RAMAL DE DESCARGA OU RAMAL DE ESGOTO SANITÁRIO.","UN    ",5,46.73,233.65,3.7107120736087471E-5,0.99866788851079591]
[92377,"SINAPI","NIPLE, EM FERRO GALVANIZADO, DN 65 (2 1/2\"), CONEXÃO ROSQUEADA, INSTALADO EM REDE DE ALIMENTAÇÃO PARA HIDRANTE - FORNECIMENTO E INSTALAÇÃO. AF_10/2020","UN",2,112.14,224.28,3.5619024347056271E-5,0.99870350753514292]
["ED-49620","SETOP","FORNECIMENTO DE CONCRETO ESTRUTURAL, PREPARADO EM OBRA, COM FCK 30MPA, INCLUSIVE LANÇAMENTO, ADENSAMENTO E ACABAMENTO","m3",0.23,974.44,224.12,3.5593613949804938E-5,0.9987391011490927]
[39391,"SINAPI","LUMINARIA LED REFLETOR RETANGULAR BIVOLT, LUZ BRANCA, 50 W","UN    ",3,73.48,220.44,3.5009174813024275E-5,0.99877411032390573]
["COT-INC-007","COTAÇÃO","SINALIZADOR VISUAL E ACÚSTICO PARA SISTEMA DE INCÊNDIO ENDEREÇÁVEL ","UN ",2,109.14,218.28,3.4666134450131282E-5,0.99880877645835586]
[89706,"SINAPI","TÊ, CPVC, SOLDÁVEL, DN35MM, INSTALADO EM RAMAL OU SUB-RAMAL DE ÁGUA   FORNECIMENTO E INSTALAÇÃO. AF_06/2022","UN",3,70.97,212.91,3.381329799238341E-5,0.99884258975634821]
[89645,"SINAPI","JOELHO DE TRANSIÇÃO, 90 GRAUS, CPVC, SOLDÁVEL, DN 22MM X 3/4\u0094, INSTALADO EM RAMAL OU SUB-RAMAL DE ÁGUA - FORNECIMENTO E INSTALAÇÃO. AF_06/2022","UN",5,41.23,206.15,3.2739708708514583E-5,0.99887532946505675]
[101917,"SINAPI","MANÔMETRO 0 A 200 PSI (0 A 14 KGF/CM2), D = 50MM - FORNECIMENTO E INSTALAÇÃO. AF_10/2020","UN",1,190.57,190.57,3.0265371276166013E-5,0.9989055948363329]
[89624,"SINAPI","TÊ DE REDUÇÃO, PVC, SOLDÁVEL, DN 40MM X 32MM, INSTALADO EM PRUMADA DE ÁGUA - FORNECIMENTO E INSTALAÇÃO. AF_06/2022","UN",8,23.59,188.72,2.9971563557947475E-5,0.9989355663998909]
["ED-50199","SETOP","PLACA FOTOLUMINESCENTE PARA SINALIZAÇÃO DE EMERGÊNCIA, TIPO \"E5\", DIMENSÃO (300X300)MM, INCLUSIVE FIXAÇÃO","un",7,26.29,184.03,2.9226721288517772E-5,0.99896479312117936]
[93673,"SINAPI","DISJUNTOR TRIPOLAR TIPO DIN, CORRENTE NOMINAL DE 50A - FORNECIMENTO E INSTALAÇÃO. AF_10/2020","UN",1,181.77,181.77,2.8867799427342693E-5,0.99899366092060671]
[89709,"SINAPI","RALO SIFONADO, PVC, DN 100 X 40 MM, JUNTA SOLDÁVEL, FORNECIDO E INSTALADO EM RAMAL DE DESCARGA OU EM RAMAL DE ESGOTO SANITÁRIO. AF_08/2022","UN",8,22.68,181.44,2.8815390483011815E-5,0.99902247631108976]
[92905,"SINAPI","UNIÃO, EM FERRO GALVANIZADO, CONEXÃO ROSQUEADA, DN 20 (3/4\"), INSTALADO EM RAMAIS E SUB-RAMAIS DE GÁS - FORNECIMENTO E INSTALAÇÃO. AF_10/2020","UN",3,59.11,177.33,2.8162660903618198E-5,0.99905063897199342]
["ED-50202","SETOP","PLACA FOTOLUMINESCENTE PARA SINALIZAÇÃO DE EMERGÊNCIA, TIPO \"S1\", DIMENSÃO (380X190)MM, INCLUSIVE FIXAÇÃO","un",6,29.46,176.76,2.8072136363410318E-5,0.99907871110835678]
["11.81.09","SUDECAP","PLACA 2X4\" COM FURO CENTRAL PARA TOMADA JACK","UN",24,7.04,168.96,2.6833379497407829E-5,0.99910554448785416]
[87414,"SINAPI","APLICAÇÃO MANUAL DE GESSO DESEMPENADO (SEM TALISCAS) EM TETO DE AMBIENTES DE ÁREA MAIOR QUE 10M², ESPESSURA DE 1,0CM. AF_03/2023","M2",5.2,31.7,164.84,2.6179061768185999E-5,0.99913172354962232]
[89641,"SINAPI","JOELHO 90 GRAUS, CPVC, SOLDÁVEL, DN 22MM, INSTALADO EM RAMAL OU SUB-RAMAL DE ÁGUA - FORNECIMENTO E INSTALAÇÃO. AF_06/2022","UN",10,16.27,162.69999999999999,2.5839197704949418E-5,0.99915756274732725]
[89806,"SINAPI","JOELHO 45 GRAUS, PVC, SERIE NORMAL, ESGOTO PREDIAL, DN 75 MM, JUNTA ELÁSTICA, FORNECIDO E INSTALADO EM PRUMADA DE ESGOTO SANITÁRIO OU VENTILAÇÃO. AF_08/2022","UN",6,26.53,159.18,2.5280168965420091E-5,0.99918284291629267]
["DAC-21.1","CPU","PINTURA ACRÍLICA PARA SINALIZAÇÃO HORIZONTAL EM PISO","M2",9,17.66,158.94,2.5242053369543089E-5,0.99920808496966218]
["DAC-6.1","CPU","INSTALAÇÃO DE PORTA SANFONADA EM PVC, INCLUSIVE ACESSÓRIOS (PUXADOR E TRINCOS)","UN ",2,79,158,2.5092767285691505E-5,0.99923317773694786]
[93670,"SINAPI","DISJUNTOR TRIPOLAR TIPO DIN, CORRENTE NOMINAL DE 25A - FORNECIMENTO E INSTALAÇÃO. AF_10/2020","UN",1,157.97999999999999,157.97999999999999,2.508959098603509E-5,0.99925826732793388]
[97637,"SINAPI","REMOÇÃO DE TAPUME/ CHAPAS METÁLICAS E DE MADEIRA, DE FORMA MANUAL, SEM REAPROVEITAMENTO. AF_12/2017","M2",51.172000000000004,3.04,155.56,2.4705258727608675E-5,0.99928297258666143]
[89502,"SINAPI","JOELHO 45 GRAUS, PVC, SOLDÁVEL, DN 50MM, INSTALADO EM PRUMADA DE ÁGUA - FORNECIMENTO E INSTALAÇÃO. AF_06/2022","UN",7,21.97,153.79,2.44241562080158E-5,0.9993073967428695]
["ED-49821","SETOP","MANGUEIRA PLÁSTICA PARA GÁS D = 3/8\" X 1,50 M","U",4,38.1,152.4,2.4203403381894848E-5,0.99933160014625144]
[12899,"SINAPI","MANOMETRO COM CAIXA EM ACO PINTADO, ESCALA *10* KGF/CM2 (*10* BAR), DIAMETRO NOMINAL DE *63* MM, CONEXAO DE 1/4\"","UN    ",1,144.91999999999999,144.91999999999999,2.3015467310395017E-5,0.99935461561356187]
[89763,"SINAPI","CONECTOR, CPVC, SOLDÁVEL, DN 35MM X 1 1/4 , INSTALADO EM RAMAL DE DISTRIBUIÇÃO DE ÁGUA - FORNECIMENTO E INSTALAÇÃO. AF_06/2022","UN",2,71.86,143.72,2.2824889331010022E-5,0.9993774405028929]
["DAC-6.6","CPU","PINTURA ESMALTE EM ESQUADRIA DE PVC, DUAS (2) DEMÃOS.","M2",4.620000000000001,29.61,136.79,2.1724301500061653E-5,0.99939916480439295]
["ED-49291","SETOP","DISJUNTOR TRIPOLAR TERMOMAGNÉTICO 5KA, DE 70A","un",1,136.59,136.59,2.1692538503497489E-5,0.99942085734289643]
[89737,"SINAPI","JOELHO 90 GRAUS, PVC, SERIE NORMAL, ESGOTO PREDIAL, DN 75 MM, JUNTA ELÁSTICA, FORNECIDO E INSTALADO EM RAMAL DE DESCARGA OU RAMAL DE ESGOTO SANITÁRIO. AF_08/2022","UN",5,27.31,136.55000000000001,2.1686185904184654E-5,0.99944254352880058]
[89381,"SINAPI","LUVA COM BUCHA DE LATÃO, PVC, SOLDÁVEL, DN 25MM X 3/4 , INSTALADO EM RAMAL OU SUB-RAMAL DE ÁGUA - FORNECIMENTO E INSTALAÇÃO. AF_06/2022","UN",8,16.75,134,2.1281207697991532E-5,0.99946382473649853]
[89702,"SINAPI","TÊ MISTURADOR, CPVC, SOLDÁVEL, DN22MM, INSTALADO EM RAMAL OU SUB-RAMAL DE ÁGUA   FORNECIMENTO E INSTALAÇÃO. AF_06/2022","UN",5,26.68,133.4,2.1185918708299033E-5,0.99948501065520678]
["COT-SAN-001","COTAÇÃO","JUNÇÃO SIMPLES, PVC, ESGOTO PREDIAL, 75 X 50 MM","UN ",2,61.99,123.98,1.9689881570126792E-5,0.99950470053677687]
[89626,"SINAPI","TÊ DE REDUÇÃO, PVC, SOLDÁVEL, DN 50MM X 40MM, INSTALADO EM PRUMADA DE ÁGUA - FORNECIMENTO E INSTALAÇÃO. AF_06/2022","UN",3,41.3,123.9,1.9677176371501125E-5,0.99952437771314839]
["COT-INC-003","COTAÇÃO","PLACA FOTOLUMINESCENTE \"E2\" - ALARME DE INCÊNDIO","UN ",2,61.51,123.02,1.9537419186618793E-5,0.99954391513233498]
["ED-50205","SETOP","PLACA FOTOLUMINESCENTE PARA SINALIZAÇÃO DE EMERGÊNCIA, TIPO \"S12\", DIMENSÃO (380X190)MM, INCLUSIVE FIXAÇÃO","un",4,28.9,115.6,1.8359012014088216E-5,0.99956227414434906]
[91959,"SINAPI","INTERRUPTOR SIMPLES (2 MÓDULOS), 10A/250V, INCLUINDO SUPORTE E PLACA - FORNECIMENTO E INSTALAÇÃO. AF_03/2023","UN",2,52.86,105.72,1.6789919983818392E-5,0.99957906406433283]
["11.92.43","SUDECAP","MOLDE PPS 35-2 PARA SOLDA EXOTERMICA","UN",1,105.02,105.02,1.6678749495843808E-5,0.99959574281382868]
["COT-INC-002","COTAÇÃO","PLACA FOTOLUMINESCENTE \"E1\" - ALARME SONORO ","UN ",2,47.87,95.74,1.5204946455266485E-5,0.99961094776028392]
["COT-HID-001","COTAÇÃO","BUCHA DE REDUÇÃO, CPVC, 35 X 22 MM","UN ",3,31.79,95.37,1.5146184911622779E-5,0.99962609394519553]
["DAC-13.8","CPU","TE, PVC, SERIE NORMAL, ESGOTO PREDIAL, DN 100 X 75 MM, JUNTA ELÁSTICA, FORNECIDO E INSTALADO EM RAMAL DE DESCARGA OU RAMAL DE ESGOTO SANITÁRIO.","UN    ",2,45.9,91.8,1.4579215422952406E-5,0.99964067316061844]
["COT-INC-004","COTAÇÃO","PLACA FOTOLIMINESCENTE \"E9\" - HIDRANTE","UN ",2,45.06,90.12,1.4312406251813409E-5,0.99965498556687027]
[92953,"SINAPI","LUVA DE REDUÇÃO, EM FERRO GALVANIZADO, 3/4\" X 1/2\", CONEXÃO ROSQUEADA, INSTALADO EM RAMAIS E SUB-RAMAIS DE GÁS - FORNECIMENTO E INSTALAÇÃO. AF_10/2020","UN",3,29.12,87.36,1.3874076899227911E-5,0.9996688596437695]
[89398,"SINAPI","TE, PVC, SOLDÁVEL, DN 32MM, INSTALADO EM RAMAL OU SUB-RAMAL DE ÁGUA - FORNECIMENTO E INSTALAÇÃO. AF_06/2022","UN",4,21.68,86.72,1.3772435310222579E-5,0.9996826320790797]
["COT-INC-005","COTAÇÃO","PLACA FOTOLUMINESCENTE \"M1\" - SISTEMAS DE SEGURANÇA","UN ",1,84.04,84.04,1.334681115626275E-5,0.99969597889023598]
[104341,"SINAPI","BUCHA DE REDUÇÃO LONGA, PVC, SÉRIE NORMAL, ESGOTO PREDIAL, DN 50 X 40 MM, JUNTA SOLDÁVEL E ELÁSTICA, FORNECIDO E INSTALADO EM RAMAL DE DESCARGA OU RAMAL DE ESGOTO SANITÁRIO. AF_08/2022","UN",6,12.99,77.94,1.237803976105567E-5,0.99970835692999704]
[92295,"SINAPI","LUVA EM COBRE, DN 35 MM, SEM ANEL DE SOLDA, INSTALADO EM PRUMADA DE HIDRÁULICA PREDIAL - FORNECIMENTO E INSTALAÇÃO. AF_04/2022","UN",2,38.24,76.48,1.2146169886137256E-5,0.99972050309988314]
[91967,"SINAPI","INTERRUPTOR SIMPLES (3 MÓDULOS), 10A/250V, INCLUINDO SUPORTE E PLACA - FORNECIMENTO E INSTALAÇÃO. AF_03/2023","UN",1,71.150000000000006,71.150000000000006,1.1299686027702221E-5,0.99973180278591089]
[11756,"SINAPI","REGISTRO OU REGULADOR DE GAS COZINHA, VAZAO DE 2 KG/H, 2,8 KPA","UN    ",1,70.260000000000005,70.260000000000005,1.115834069299168E-5,0.99974296112660388]
["DAC-13.6","CPU","REDUÇÃO EXCÊNTRICA, PVC OCRE, JUNTA ELÁSTICA, 75 X 50 MM, PARA COLETOR PREDIAL DE ESGOTO - FORNECIMENTO E INSTALAÇÃO","UN    ",3,23.08,69.239999999999995,1.0996349410514429E-5,0.99975395747601437]
[91961,"SINAPI","INTERRUPTOR PARALELO (2 MÓDULOS), 10A/250V, INCLUINDO SUPORTE E PLACA - FORNECIMENTO E INSTALAÇÃO. AF_03/2023","UN",1,67.73,67.73,1.0756538786454974E-5,0.99976471401480083]
["ED-9077","SETOP","MONTAGEM E DESMONTAGEM DE ANDAIME METÁLICO TUBULAR TIPO TORRE, EXCLUSIVE FORNECIMENTO DO ANDAIME","m",6,11.13,66.78,1.0605664552775183E-5,0.99977531967935362]
["DAC-13.4","CPU","JUNÇÃO SIMPLES, PVC, SERIE NORMAL, ESGOTO PREDIAL, DN 100 X 75 MM, JUNTA ELÁSTICA, FORNECIDO E INSTALADO EM PRUMADA DE ESGOTO SANITÁRIO OU VENTILAÇÃO","UN    ",1,65.7,65.7,1.0434144371328684E-5,0.99978575382372492]
[4178,"SINAPI","NIPLE DE FERRO GALVANIZADO, COM ROSCA BSP, DE 3/4\"","UN    ",6,10.39,62.34,9.9005260290506879E-6,0.99979565434975393]
[104351,"SINAPI","TERMINAL DE VENTILAÇÃO, PVC, SÉRIE NORMAL, ESGOTO PREDIAL, DN 75 MM, JUNTA SOLDÁVEL, FORNECIDO E INSTALADO EM PRUMADA DE ESGOTO SANITÁRIO OU VENTILAÇÃO. AF_08/2022","UN",2,30.37,60.74,9.6464220565373552E-6,0.99980530077181051]
["DAC-13.3","CPU","INSTALAÇÃO JUNÇÃO SIMPLES, PVC, SERIE NORMAL, ESGOTO PREDIAL, DN 75 X 50 MM, JUNTA ELÁSTICA","UN    ",2,29.36,58.72,9.3256157912392736E-6,0.99981462638760177]
["ED-51131","SETOP","CARGA MANUAL DE MATERIAL DE QUALQUER NATUREZA SOBRE CAMINHÃO, EXCLUSIVE TRANSPORTE","m3",1.3025853749999985,44.96,58.56,9.300205393987941E-6,0.99982392659299579]
[89658,"SINAPI","LUVA, CPVC, SOLDÁVEL, DN 22MM, INSTALADO EM RAMAL OU SUB-RAMAL DE ÁGUA   FORNECIMENTO E INSTALAÇÃO. AF_06/2022","UN",5,11.19,55.95,8.8856982888255683E-6,0.99983281229128462]
[89642,"SINAPI","JOELHO 45 GRAUS, CPVC, SOLDÁVEL, DN 22MM, INSTALADO EM RAMAL OU SUB-RAMAL DE ÁGUA - FORNECIMENTO E INSTALAÇÃO. AF_06/2022","UN",3,18.39,55.17,8.7618226022253194E-6,0.99984157411388686]
["ED-50200","SETOP","PLACA FOTOLUMINESCENTE PARA SINALIZAÇÃO DE EMERGÊNCIA, TIPO \"E8\", DIMENSÃO (300X300)MM, INCLUSIVE FIXAÇÃO","un",2,26.27,52.54,8.3441391974065293E-6,0.99984991825308422]
[92705,"SINAPI","TÊ, EM FERRO GALVANIZADO, CONEXÃO ROSQUEADA, DN 20 (3/4\"), INSTALADO EM RAMAIS E SUB-RAMAIS DE GÁS - FORNECIMENTO E INSTALAÇÃO. AF_10/2020","UN",1,50.36,50.36,7.9979225348571151E-6,0.99985791617561903]
["DAC-8.1","CPU","APLICAÇÃO DE RESINA SINTÉTICA PARA ADERÊNCIA DE REVESTIMENTOS","M2",5.2,9.6300000000000008,50.07,7.9518661898390735E-6,0.99986586804180888]
[89786,"SINAPI","TE, PVC, SERIE NORMAL, ESGOTO PREDIAL, DN 75 X 75 MM, JUNTA ELÁSTICA, FORNECIDO E INSTALADO EM RAMAL DE DESCARGA OU RAMAL DE ESGOTO SANITÁRIO. AF_08/2022","UN",1,48.16,48.16,7.6485295726512835E-6,0.99987351657138157]
[89363,"SINAPI","JOELHO 45 GRAUS, PVC, SOLDÁVEL, DN 25MM, INSTALADO EM RAMAL OU SUB-RAMAL DE ÁGUA - FORNECIMENTO E INSTALAÇÃO. AF_06/2022","UN",4,11.89,47.56,7.5532405829587854E-6,0.99988106981196456]
[92699,"SINAPI","JOELHO 90 GRAUS, EM FERRO GALVANIZADO, CONEXÃO ROSQUEADA, DN 15 (1/2\"), INSTALADO EM RAMAIS E SUB-RAMAIS DE GÁS - FORNECIMENTO E INSTALAÇÃO. AF_10/2020","UN",2,23.43,46.86,7.4420700949842027E-6,0.99988851188205952]
["COT-SAN-002","COTAÇÃO","TE DE REDUÇÃO, PVC, ESGOTO PREDIAL, 75 X 50 MM","UN ",1,45.35,45.35,7.2022594709247459E-6,0.99989571414153045]
[4180,"SINAPI","NIPLE DE FERRO GALVANIZADO, COM ROSCA BSP, DE 1 1/4\"","UN    ",2,22.58,45.16,7.1720846241887872E-6,0.99990288622615464]
[2510,"SINAPI","RELE FOTOELETRICO INTERNO E EXTERNO BIVOLT 1000 W, DE CONECTOR, SEM BASE","UN    ",1,44.99,44.99,7.1450860771092467E-6,0.99991003131223177]
[91942,"SINAPI","CAIXA RETANGULAR 4\" X 4\" ALTA (2,00 M DO PISO), PVC, INSTALADA EM PAREDE - FORNECIMENTO E INSTALAÇÃO. AF_03/2023","UN",1,40.04,40.04,6.3589519121461255E-6,0.99991639026414392]
["COT-HID-002","COTAÇÃO","TE DE REDUÇÃO, CPVC, 35 X 22 MM","UN ",1,39.81,39.81,6.3224244660973354E-6,0.99992271268860999]
["ED-13931","SETOP","CABO DE COBRE NU #16MM2 - 7 FIOSX1,70MM, PARA ELEMENTOS DE CAPTAÇÃO/ANEL DE CINTAMENTO (SPDA), INCLUSIVE PRESILHA DE FIXAÇÃO","m",1.35,28.01,37.81,6.0047945004556703E-6,0.99992871748311041]
[89724,"SINAPI","JOELHO 90 GRAUS, PVC, SERIE NORMAL, ESGOTO PREDIAL, DN 40 MM, JUNTA SOLDÁVEL, FORNECIDO E INSTALADO EM RAMAL DE DESCARGA OU RAMAL DE ESGOTO SANITÁRIO. AF_08/2022","UN",3,11.8,35.4,5.6220503918574642E-6,0.9999343395335023]
[89650,"SINAPI","JOELHO 45 GRAUS, CPVC, SOLDÁVEL, DN 35MM, INSTALADO EM RAMAL OU SUB-RAMAL DE ÁGUA   FORNECIMENTO E INSTALAÇÃO. AF_06/2022","UN",1,35.369999999999997,35.369999999999997,5.6172859423728389E-6,0.9999399568194447]
[93057,"SINAPI","BUCHA DE REDUÇÃO EM COBRE, DN 28 MM X 22 MM, SEM ANEL DE SOLDA, PONTA X BOLSA, INSTALADO EM PRUMADA DE HIDRÁULICA PREDIAL - FORNECIMENTO E INSTALAÇÃO. AF_04/2022","UN",2,16.68,33.36,5.298067826902966E-6,0.9999452548872716]
[104323,"SINAPI","TE, PVC, SOLDÁVEL, DN 20 MM, INSTALADO EM DRENO DE AR CONDICIONADO - FORNECIMENTO E INSTALAÇÃO. AF_08/2022","UN",3,10.66,31.98,5.0789031506102173E-6,0.9999503337904222]
["COT-DAD-004","COTAÇÃO","PLACA 4X4 \" COM FURO","UN ",1,31.76,31.76,5.043963854389635E-6,0.99995537775427656]
[89625,"SINAPI","TE, PVC, SOLDÁVEL, DN 50MM, INSTALADO EM PRUMADA DE ÁGUA - FORNECIMENTO E INSTALAÇÃO. AF_06/2022","UN",1,29.26,29.26,4.6469263973375539E-6,0.99996002468067391]
[103977,"SINAPI","BUCHA DE REDUÇÃO, PVC, SOLDÁVEL, DN 40MM X 32MM, INSTALADO EM PRUMADA DE ÁGUA - FORNECIMENTO E INSTALAÇÃO. AF_06/2022","UN",3,8.65,25.95,4.1212488042005986E-6,0.99996414592947813]
["DAC-13.5","CPU","REDUÇÃO EXCÊNTRICA, PVC OCRE, JUNTA ELÁSTICA, 100 X 50 MM, PARA COLETOR PREDIAL DE ESGOTO - FORNECIMENTO E INSTALAÇÃO","UN    ",1,25.81,25.81,4.0990147066056817E-6,0.99996824494418479]
[91943,"SINAPI","CAIXA RETANGULAR 4\" X 4\" MÉDIA (1,30 M DO PISO), PVC, INSTALADA EM PAREDE - FORNECIMENTO E INSTALAÇÃO. AF_03/2023","UN",1,24.86,24.86,3.9481404729258915E-6,0.99997219308465768]
[4177,"SINAPI","NIPLE DE FERRO GALVANIZADO, COM ROSCA BSP, DE 1/2\"","UN    ",3,7.5,22.5,3.5733371134687273E-6,0.99997576642177111]
[89572,"SINAPI","ADAPTADOR CURTO COM BOLSA E ROSCA PARA REGISTRO, PVC, SOLDÁVEL, DN 40MM X 1.1/4 , INSTALADO EM PRUMADA DE ÁGUA - FORNECIMENTO E INSTALAÇÃO. AF_06/2022","UN",2,11.22,22.44,3.5638082144994776E-6,0.99997933022998564]
[89697,"SINAPI","TE, CPVC, SOLDÁVEL, DN 22MM, INSTALADO EM RAMAL OU SUB-RAMAL DE ÁGUA - FORNECIMENTO E INSTALAÇÃO. AF_06/2022","UN",1,21.01,21.01,3.3367027890656874E-6,0.99998266693277471]
["DAC-12.1","CPU","INSTALAÇÃO BUCHA DE REDUÇÃO, CPVC, 35 X 22 MM","UN    ",3,7,21,3.3351146392374787E-6,0.99998600204741395]
["DAC-12.2","CPU","INSTALAÇÃO TE DE REDUÇÃO, CPVC, 35 X 22 MM","UN    ",1,19.649999999999999,19.649999999999999,3.1207144124293549E-6,0.99998912276182639]
[104003,"SINAPI","BUCHA DE REDUÇÃO , LONGA, PVC, SOLDÁVEL, DN 50 X 32 MM, INSTALADO EM RAMAL DE DISTRIBUIÇÃO DE ÁGUA - FORNECIMENTO E INSTALAÇÃO. AF_06/2022","UN",1,18.66,18.66,2.9634875794367311E-6,0.99999208624940583]
["DAC-13.9","CPU","INSTALAÇÃO TE, PVC, SERIE NORMAL, ESGOTO PREDIAL, DN 75 X 50 MM, JUNTA ELÁSTICA","UN    ",1,15.31,15.31,2.431457386986943E-6,0.99999451770679282]
[103958,"SINAPI","BUCHA DE REDUÇÃO, CURTA, PVC, SOLDÁVEL, DN 50 X 40 MM, INSTALADO EM PRUMADA DE ÁGUA - FORNECIMENTO E INSTALAÇÃO. AF_06/2022","UN",1,12.58,12.58,1.9978924838860705E-6,0.99999651559927671]
[92293,"SINAPI","LUVA EM COBRE, DN 22 MM, SEM ANEL DE SOLDA, INSTALADO EM PRUMADA DE HIDRÁULICA PREDIAL - FORNECIMENTO E INSTALAÇÃO. AF_04/2022","UN",1,11.8,11.8,1.8740167972858216E-6,0.99999838961607401]
[89492,"SINAPI","JOELHO 90 GRAUS, PVC, SOLDÁVEL, DN 32MM, INSTALADO EM PRUMADA DE ÁGUA - FORNECIMENTO E INSTALAÇÃO. AF_06/2022","UN",1,10.14,10.14,1.6103839258032398E-6,0.99999999999999978]
[]
["TOTAL INCLUINDO ADMINISTRAÇÃO",null,null,null,null,null,null,{"$f":"ORC!M2943","v":4980220.62}]
["BDI",null,null,null,null,null,null,{"$f":"ORC!M2944","v":1316414.5100000007}]
["TOTAL GERAL",null,null,null,null,null,null,{"$f":"ORC!M2945","v":6296635.1300000008}]
[]
[]
[]
[null,null,null,"RESPONSÁVEL TÉCNICO:",null,{"$f":"DADOS!D16","v":"FLÁVIA CRISTINA BARBOSA"}]
[null,null,null,null,null,{"$f":"DADOS!D18","v":"CREA -  MG 187.842/D"}]

{"sheet":"Auxiliar_ABC","index":5,"n_rows":415,"n_cols":24,"rows_kept":415,"cut":false,"hidden":true,"merged":[]}
["DAC-4.4","CPU","FORNECIMENTO E EXECUÇÃO DE LAJE ALVEOLAR","M³",170.83,3055.65,521996.68,8.2900893766731501E-2,8.2900893766731501E-2,null,null,null,null,null,null,null,null,"QUANTIDADE TOTAL",null,null,null,"VALOR TOTAL","%",{"$f":"W1","v":"%"}]
["DAC-4.3","CPU","FORNECIMENTO E EXECUÇÃO DE VIGAS PRÉ-FABRICADAS","M³",94.59,3935.61,372269.33999999997,5.9121948836822584E-2,0.14202284260355408,null,null,null,null,null,null,null,null,{"$f":"SUMIF(ORC!$F:$F,O2,ORC!$I:$I)","v":0},null,null,null,{"$f":"SUMIF(ORC!$F:$F,O2,ORC!$N:$N)","v":0},{"$f":"V2/SUM($I:$I)","v":0},{"$f":"W2+X1","v":{"$error":"#VALUE!"}}]
["ED-49664","SETOP","FORNECIMENTO DE ESTRUTURA METÁLICA EM PERFIL LAMINADO, INCLUSIVE FABRICAÇÃO, TRANSPORTE, MONTAGEM E APLICAÇÃO DE FUNDO PREPARADOR ANTICORROSIVO EM SUPERFÍCIE METÁLICA, UMA (1) DEMÃO","Kg",10162.17,30.9,314011.05,4.9869659511301519E-2,0.19189250211485559]
["ED-48298","SETOP","CORTE, DOBRA E MONTAGEM DE AÇO CA-50/60, INCLUSIVE ESPAÇADOR","Kg",17345.54,17.100000000000001,296608.73,4.7105910359458887E-2,0.23899841247431447]
[100320,"SINAPI","ENGENHEIRO CIVIL PLENO COM ENCARGOS COMPLEMENTARES","MES",12,24654.31,295851.71999999997,4.6985685829313686E-2,0.28598409830362814]
[100651,"SINAPI","ESTACA HÉLICE CONTÍNUA, DIÂMETRO DE 30 CM, INCLUSO CONCRETO FCK=30MPA E ARMADURA MÍNIMA (EXCLUSIVE MOBILIZAÇÃO, DESMOBILIZAÇÃO E BOMBEAMENTO). AF_12/2019","M",1508,184.12,277652.96000000002,4.4095450072553249E-2,0.33007954837618136]
["DAC-9.1","CPU","EXECUÇÃO DE PASSEIO (CALÇADA) OU PISO DE CONCRETO COM CONCRETO MOLDADO IN LOCO, USINADO, ACABAMENTO CONVENCIONAL, ESPESSURA 10 CM, ARMADO","M2",1523.83,165.57,252300.52,4.0069102749487058E-2,0.37014865112566842]
[103318,"SINAPI","ALVENARIA DE VEDAÇÃO DE BLOCOS VAZADOS DE CONCRETO DE 14X19X39 CM (ESPESSURA 14 CM)  E ARGAMASSA DE ASSENTAMENTO COM PREPARO EM BETONEIRA. AF_12/2021","M2",2278.21,108.33,246798.48,3.9195296361407533E-2,0.40934394748707592]
["DAC-4.2","CPU","FORNECIMENTO E EXECUÇÃO DE PILARES PRÉ-FABRICADOS","M³",52.05,3611.16,187960.87,2.9851002340038697E-2,0.4391949498271146]
[87779,"SINAPI","EMBOÇO OU MASSA ÚNICA EM ARGAMASSA TRAÇO 1:2:8, PREPARO MECÂNICO COM BETONEIRA 400 L, APLICADA MANUALMENTE EM PANOS DE FACHADA COM PRESENÇA DE VÃOS, ESPESSURA DE 35 MM. AF_08/2022","M2",1918.7,80.040000000000006,153572.74,2.4389652064848145E-2,0.46358460189196277]
["ED-50497","SETOP","PINTURA ESMALTE EM ESTRUTURA METÁLICA, DUAS (2) DEMÃOS, INCLUSIVE UMA (1) DEMÃO FUNDO ANTICORROSIVO","m2",3360.4015000000004,41.63,139893.5,2.2217183799246105E-2,0.48580178569120885]
["ED-50754","SETOP","REVESTIMENTO COM PORCELANATO APLICADO EM PISO, ACABAMENTO POLÍDO, AMBIENTE INTERNO, PADRÃO EXTRA, BORDA RETIFICADA, DIMENSÃO DA PEÇA (60X60CM), ASSENTAMENTO COM ARGAMASSA INDUSTRIALIZADA, INCLUSIVE REJUNTAMENTO","m2",843.61,160.54,135433.14000000001,2.150881180247138E-2,0.50731059749368024]
["ED-48428","SETOP","COBERTURA EM TELHA METÁLICA GALVANIZADA TRAPEZOIDAL, TIPO SIMPLES, ESP. 0,50MM, ACABAMENTO NATURAL, INCLUSIVE ACESSÓRIOS PARA FIXAÇÃO, FORNECIMENTO E INSTALAÇÃO","m2",1038.6300000000001,125.54,130389.61,2.0707823672165025E-2,0.5280184211658453]
["ED-49806","SETOP","FORNECIMENTO DE CONCRETO ESTRUTURAL, USINADO BOMBEADO, COM FCK 30MPA, INCLUSIVE LANÇAMENTO, ADENSAMENTO E ACABAMENTO (FUNDAÇÃO)","m3",139.32999999999998,932.59,129937.75,2.0636061534027604E-2,0.54865448269987294]
["DAC-14.1","CPU","BANCADA EM AÇO INOXIDÁVEL COM RODABANCA","M2",50.87,2477.0700000000002,126008.55,2.0012045703527992E-2,0.56866652840340093]
[100321,"SINAPI","TÉCNICO EM SEGURANÇA DO TRABALHO COM ENCARGOS COMPLEMENTARES","MES",12,7349.88,88198.56,1.4007252791222148E-2,0.5826737811946231]
["ED-9081","SETOP","REVESTIMENTO COM CERÂMICA APLICADO EM PAREDE, ACABAMENTO ESMALTADO, AMBIENTE INTERNO/EXTERNO, PADRÃO EXTRA, DIMENSÃO DA PEÇA ATÉ 2025 CM2, PEI III, ASSENTAMENTO COM ARGAMASSA INDUSTRIALIZADA, INCLUSIVE REJUNTAMENTO","m2",971.09000000000015,87.74,85203.43,1.3531581271725988E-2,0.59620536246634903]
[87529,"SINAPI","MASSA ÚNICA, PARA RECEBIMENTO DE PINTURA, EM ARGAMASSA TRAÇO 1:2:8, PREPARO MECÂNICO COM BETONEIRA 400L, APLICADA MANUALMENTE EM FACES INTERNAS DE PAREDES, ESPESSURA DE 20MM, COM EXECUÇÃO DE TALISCAS. AF_06/2014","M2",1873.8500000000004,44.69,83742.350000000006,1.3299539876626128E-2,0.60950490234297516]
[94569,"SINAPI","JANELA DE ALUMÍNIO TIPO MAXIM-AR, COM VIDROS, BATENTE E FERRAGENS. EXCLUSIVE ALIZAR, ACABAMENTO E CONTRAMARCO. FORNECIMENTO E INSTALAÇÃO. AF_12/2019","M2",98.88000000000001,808.36,79930.63,1.2694181630308304E-2,0.6221990839732835]
[96114,"SINAPI","FORRO EM DRYWALL, PARA AMBIENTES COMERCIAIS, INCLUSIVE ESTRUTURA DE FIXAÇÃO. AF_05/2017_PS","M2",837.91,91.75,76878.240000000005,1.2209416364895824E-2,0.6344085003381793]
["COT-ELE-004","COTAÇÃO","GERADOR ELÉTRICO 72 KVA","UN ",1,71377.039999999994,71377.039999999994,1.133574338140186E-2,0.64574424371958117]
[87630,"SINAPI","CONTRAPISO EM ARGAMASSA TRAÇO 1:4 (CIMENTO E AREIA), PREPARO MECÂNICO COM BETONEIRA 400 L, APLICADO EM ÁREAS SECAS SOBRE LAJE, ADERIDO, ACABAMENTO NÃO REFORÇADO, ESPESSURA 3CM. AF_07/2021","M2",1337.0299999999995,48.19,64431.46,1.0232681213021145E-2,0.65597692493260229]
[100652,"SINAPI","ESTACA HÉLICE CONTÍNUA , DIÂMETRO DE 50 CM, INCLUSO CONCRETO FCK=30MPA E ARMADURA MÍNIMA (EXCLUSIVE MOBILIZAÇÃO, DESMOBILIZAÇÃO E BOMBEAMENTO). AF_12/2019","M",169,359.02,60674.38,9.6360006173646512E-3,0.66561292554996698]
["ED-49804","SETOP","FORNECIMENTO DE CONCRETO ESTRUTURAL, USINADO BOMBEADO, COM FCK 20MPA, INCLUSIVE LANÇAMENTO, ADENSAMENTO E ACABAMENTO (FUNDAÇÃO)","m3",62.3,884.09,55078.8,8.7473386757920598E-3,0.67436026422575901]
["DAC-8.2","CPU","REVESTIMENTO COM PASTILHA APLICADO EM PAREDE, ACABAMENTO ESMALTADO, AMBIENTE INTERNO/EXTERNO, PADRÃO EXTRA, DIMENSÃO DA PEÇA ATÉ 2025 CM2, ASSENTAMENTO COM ARGAMASSA.","M2",294.64,174.19,51323.33,8.1509137722579079E-3,0.68251117799801697]
["ED-48533","SETOP","DIVISÓRIA EM GRANITO CINZA ANDORINHA E = 3 CM, INCLUSIVE FERRAGENS EM LATÃO CROMADO","m2",61.298999999999992,796.21,48806.87,7.751262220588597E-3,0.69026244021860561]
[90844,"SINAPI","KIT DE PORTA DE MADEIRA PARA PINTURA, SEMI-OCA (LEVE OU MÉDIA), PADRÃO MÉDIO, 90X210CM, ESPESSURA DE 3,5CM, ITENS INCLUSOS: DOBRADIÇAS, MONTAGEM E INSTALAÇÃO DO BATENTE, FECHADURA COM EXECUÇÃO DO FURO - FORNECIMENTO E INSTALAÇÃO. AF_12/2019","UN",33,1413.62,46649.46,7.408633188501104E-3,0.69767107340710677]
[98555,"SINAPI","IMPERMEABILIZAÇÃO DE SUPERFÍCIE COM ARGAMASSA POLIMÉRICA / MEMBRANA ACRÍLICA, 3 DEMÃOS. AF_06/2018","M2",1457.81,30.94,45104.630000000005,7.1632910385899988E-3,0.7048343644456968]
["ED-49810","SETOP","FÔRMA E DESFORMA DE TÁBUA E SARRAFO, REAPROVEITAMENTO (3X) (FUNDAÇÃO)","m2",632.28,71.040000000000006,44917.149999999994,7.1335164056107476E-3,0.71196788085130758]
[87535,"SINAPI","EMBOÇO, PARA RECEBIMENTO DE CERÂMICA, EM ARGAMASSA TRAÇO 1:2:8, PREPARO MECÂNICO COM BETONEIRA 400L, APLICADO MANUALMENTE EM FACES INTERNAS DE PAREDES, PARA AMBIENTE COM ÁREA  MAIOR QUE 10M2, ESPESSURA DE 20MM, COM EXECUÇÃO DE TALISCAS. AF_06/2014","M2",1026.01,38.86,39870.74,6.332070888153872E-3,0.71829995173946148]
[98295,"SINAPI","CABO ELETRÔNICO CATEGORIA 5E, INSTALADO EM EDIFICAÇÃO INSTITUCIONAL - FORNECIMENTO E INSTALAÇÃO. AF_11/2019","M",6093.38,6.38,38875.760000000002,6.1740531565468004E-3,0.72447400489600833]
[98680,"SINAPI","PISO CIMENTADO, TRAÇO 1:3 (CIMENTO E AREIA), ACABAMENTO LISO, ESPESSURA 3,0 CM, PREPARO MECÂNICO DA ARGAMASSA. AF_09/2020","M2",669.78,56.75,38010.01,6.0365590851696651E-3,0.73051056398117797]
["COT-ARQ-003","COTAÇÃO","CORTINA HOSPITALAR - FORNECIMENTO E INSTALAÇÃO","M",22.61,1550.09,35047.53,5.5660728748626051E-3,0.73607663685604063]
[88489,"SINAPI","APLICAÇÃO MANUAL DE PINTURA COM TINTA LÁTEX ACRÍLICA EM PAREDES, DUAS DEMÃOS. AF_06/2014","M2",1910.3480000000004,17.3,33049.019999999997,5.2486795435453433E-3,0.74132531639958599]
[95626,"SINAPI","APLICAÇÃO MANUAL DE TINTA LÁTEX ACRÍLICA EM PAREDE EXTERNAS DE CASAS, DUAS DEMÃOS. AF_11/2016","M2",1678.98,18.96,31833.46,5.0556304030276522E-3,0.74638094680261369]
[92996,"SINAPI","CABO DE COBRE FLEXÍVEL ISOLADO, 150 MM², ANTI-CHAMA 0,6/1,0 KV, PARA REDE ENTERRADA DE DISTRIBUIÇÃO DE ENERGIA ELÉTRICA - FORNECIMENTO E INSTALAÇÃO. AF_12/2021","M",165.12,186.03,30717.27,4.8783627073528679E-3,0.75125930950996656]
["ED-50480","SETOP","EMASSAMENTO EM TETO COM MASSA CORRIDA (PVA), DUAS (2) DEMÃOS, INCLUSIVE LIXAMENTO PARA PINTURA","m2",837.91,33.74,28271.08,4.4898710845263767E-3,0.75574918059449292]
[91341,"SINAPI","PORTA EM ALUMÍNIO DE ABRIR TIPO VENEZIANA COM GUARNIÇÃO, FIXAÇÃO COM PARAFUSOS - FORNECIMENTO E INSTALAÇÃO. AF_12/2019","M2",33.54,823.01,27603.75,4.3838890820405499E-3,0.76013306967653349]
[92992,"SINAPI","CABO DE COBRE FLEXÍVEL ISOLADO, 95 MM², ANTI-CHAMA 0,6/1,0 KV, PARA REDE ENTERRADA DE DISTRIBUIÇÃO DE ENERGIA ELÉTRICA - FORNECIMENTO E INSTALAÇÃO. AF_12/2021","M",228.56,118.24,27024.93,4.2919637936841958E-3,0.76442503347021773]
["ED-19753","SETOP","MOBILIZAÇÃO E DESMOBILIZAÇÃO DE EQUIPAMENTO PARA ESTACA TIPO HÉLICE CONTÍNUA  (CUSTO FIXO), INCLUSIVE CARGA E DESGARGA, EXCLUSIVE TRANSPORTE EM QUILÔMETRO RODADO (CUSTO VARIÁVEL)","un",1,24494.09,24494.09,3.8900284825619208E-3,0.76831506195277965]
[93358,"SINAPI","ESCAVAÇÃO MANUAL DE VALA COM PROFUNDIDADE MENOR OU IGUAL A 1,30 M. AF_02/2021","M3",268.98599999999999,88.93,23920.91,3.7989989107086761E-3,0.77211406086348833]
[93582,"SINAPI","EXECUÇÃO DE CENTRAL DE ARMADURA EM CANTEIRO DE OBRA, NÃO INCLUSO MOBILIÁRIO E EQUIPAMENTOS. AF_04/2016","M2",60,398.32,23899.200000000001,3.7955510374316358E-3,0.77590961190092]
[93202,"SINAPI","FIXAÇÃO (ENCUNHAMENTO) DE ALVENARIA DE VEDAÇÃO COM TIJOLO MACIÇO. AF_03/2016","M",757.04,31.09,23536.37,3.7379281972147529E-3,0.77964754009813475]
["ED-48202","SETOP","ALVENARIA ESTRUTURAL COM BLOCO DE CONCRETO, ESP. 19CM, (FBK 4,5MPA), COM ACABAMENTO APARENTE, INCLUSIVE ARGAMASSA PARA ASSENTAMENTO","m2",273.81,84.65,23178.01,3.6810152599710795E-3,0.78332855535810586]
[91835,"SINAPI","ELETRODUTO FLEXÍVEL CORRUGADO REFORÇADO, PVC, DN 25 MM (3/4\"), PARA CIRCUITOS TERMINAIS, INSTALADO EM FORRO - FORNECIMENTO E INSTALAÇÃO. AF_03/2023","M",1540.72,15.04,23172.42,3.6801274842171109E-3,0.78700868284232295]
[93583,"SINAPI","EXECUÇÃO DE CENTRAL DE FÔRMAS, PRODUÇÃO DE ARGAMASSA OU CONCRETO EM CANTEIRO DE OBRA, NÃO INCLUSO MOBILIÁRIO E EQUIPAMENTOS. AF_04/2016","M2",36,621.78,22384.080000000002,3.5549272806601365E-3,0.79056361012298304]
["ED-50940","SETOP","GUARDA-CORPO EM TUBO GALVANIZADO DIN 2440 D = 2\", COM SUBDIVISÕES EM TUBO DE AÇO D = 1/2\", H = 1,05 M","m",37.5,595.82000000000005,22343.25,3.5484428649115618E-3,0.79411205298789456]
["ED-51094","SETOP","APILOAMENTO MECANIZADO EM FUNDO DE VALA COM PLACA VIBRATÓRIA, EXCLUSIVE ESCAVAÇÃO","m2",1523.83,14.43,21988.86,3.492160423149687E-3,0.79760421341104426]
["ED-13935","SETOP","CABO DE COBRE NU #50 MM2 - 7 FIOSX3,00MM, PARA ELEMENTOS DE CAPTAÇÃO/ANEL DE CINTAMENTO (SPDA), INCLUSIVE PRESILHA DE FIXAÇÃO","m",302.81,70.930000000000007,21478.31,3.4110774336705112E-3,0.80101529084471479]
["ED-49392","SETOP","LUMINÁRIA COMERCIAL CHANFRADA DE SOBREPOR, PARA DUAS (2) LÂMPADAS TUBULARES FLUORESCENTE 2X32W-ØT8 OU 2X40W-ØT10 OU LED 2X18W-ØT8, FORNECIMENTO E INSTALAÇÃO, EXCLUSIVE BASE, REATOR E LÂMPADAS","un",194,106.92,20742.48,3.2942166048614578E-3,0.8043095074495763]
[101173,"SINAPI","ESTACA BROCA DE CONCRETO, DIÂMETRO DE 20CM, ESCAVAÇÃO MANUAL COM TRADO CONCHA, COM ARMADURA DE ARRANQUE. AF_05/2020","M",288,71.87,20698.560000000001,3.2872414508159672E-3,0.80759674890039224]
["COT-LOU-001","COTAÇÃO","BEBEDOURO 100 LITROS - 3 TORNEIRAS","UN ",4,4995,19980,3.1731233567602298E-3,0.81076987225715247]
[103244,"SINAPI","AR CONDICIONADO SPLIT INVERTER, HI-WALL (PAREDE), 9000 BTU/H, CICLO FRIO - FORNECIMENTO E INSTALAÇÃO. AF_11/2021_PE","UN",7,2795.73,19570.11,3.1080266834517989E-3,0.81387789894060425]
[91926,"SINAPI","CABO DE COBRE FLEXÍVEL ISOLADO, 2,5 MM², ANTI-CHAMA 450/750 V, PARA CIRCUITOS TERMINAIS - FORNECIMENTO E INSTALAÇÃO. AF_03/2023","M",3836.21,5.01,19219.41,3.0523302689765327E-3,0.8169302292095808]
[96523,"SINAPI","ESCAVAÇÃO MANUAL PARA BLOCO DE COROAMENTO OU SAPATA (INCLUINDO ESCAVAÇÃO PARA COLOCAÇÃO DE FÔRMAS). AF_06/2017","M3",179.67000000000002,105.37,18931.82,3.0066566680670898E-3,0.8199368858776479]
[102491,"SINAPI","PINTURA DE PISO COM TINTA ACRÍLICA, APLICAÇÃO MANUAL, 2 DEMÃOS, INCLUSO FUNDO PREPARADOR. AF_05/2021","M2",848.46,22.25,18878.23,2.9981457731377212E-3,0.82293503165078563]
[90279,"SINAPI","GRAUTE FGK=20 MPA; TRAÇO 1:0,04:1,8:2,1 (EM MASSA SECA DE CIMENTO/ CAL/ AREIA GROSSA/ BRITA 0) - PREPARO MECÂNICO COM BETONEIRA 400 L. AF_09/2021","M3",26.01,722.18,18783.900000000001,2.9831647558082324E-3,0.82591819640659392]
["DAC-16.1","CPU","TUBO PVC, ÁGUA PLUVIAL, DN 200 MM, FORNECIDO E INSTALADO ","M     ",48.7,363.91,17722.41,2.8145842396937468E-3,0.82873278064628764]
[99059,"SINAPI","LOCACAO CONVENCIONAL DE OBRA, UTILIZANDO GABARITO DE TÁBUAS CORRIDAS PONTALETADAS A CADA 2,00M -  2 UTILIZAÇÕES. AF_10/2018","M",213.18,82.17,17517,2.7819620540725197E-3,0.83151474270036019]
[87905,"SINAPI","CHAPISCO APLICADO EM ALVENARIA (COM PRESENÇA DE VÃOS) E ESTRUTURAS DE CONCRETO DE FACHADA, COM COLHER DE PEDREIRO.  ARGAMASSA TRAÇO 1:3 COM PREPARO EM BETONEIRA 400L. AF_10/2022","M2",1918.7,9.1,17460.169999999998,2.7729365985988117E-3,0.83428767929895897]
[92877,"SINAPI","CORTE E DOBRA DE AÇO CA-25, DIÂMETRO DE 10,0 MM. AF_06/2022","KG",1273.71012,13.14,16736.55,2.6580149007300012E-3,0.83694569419968901]
[88488,"SINAPI","APLICAÇÃO MANUAL DE PINTURA COM TINTA LÁTEX ACRÍLICA EM TETO, DUAS DEMÃOS. AF_06/2014","M2",851.07,19.62,16697.990000000002,2.6518909949924301E-3,0.83959758519468142]
["DAC-6.4","CPU","ACABAMENTO PARA ESQUADRIAS EM ALUMÍNIO","M     ",301.60000000000002,54.37,16397.990000000002,2.6042465001461803E-3,0.84220183169482765]
[94228,"SINAPI","CALHA EM CHAPA DE AÇO GALVANIZADO NÚMERO 24, DESENVOLVIMENTO DE 50 CM, INCLUSO TRANSPORTE VERTICAL. AF_07/2019","M",125.1,129.79,16236.72,2.5786344078666643E-3,0.84478046610269431]
[100903,"SINAPI","LÂMPADA TUBULAR LED DE 18/20 W, BASE G13 - FORNECIMENTO E INSTALAÇÃO. AF_02/2020_PS","UN",388,41.76,16202.88,2.5732601088480074E-3,0.84735372621154226]
[103247,"SINAPI","AR CONDICIONADO SPLIT INVERTER, HI-WALL (PAREDE), 12000 BTU/H, CICLO FRIO - FORNECIMENTO E INSTALAÇÃO. AF_11/2021_PE","UN",5,3102.8,15514,2.4638556434823924E-3,0.84981758185502465]
[100674,"SINAPI","JANELA FIXA DE ALUMÍNIO PARA VIDRO, COM VIDRO, BATENTE E FERRAGENS. EXCLUSIVE ACABAMENTO, ALIZAR E CONTRAMARCO. FORNECIMENTO E INSTALAÇÃO. AF_12/2019","M2",17.572499999999998,874.99,15375.76,2.4419010602572408E-3,0.85225948291528186]
["ED-50329","SETOP","TORNEIRA METÁLICA PARA LAVATÓRIO, FECHAMENTO AUTOMÁTICO, ACABAMENTO CROMADO, COM AREJADOR, APLICAÇÃO DE MESA, INCLUSIVE ENGATE FLEXÍVEL METÁLICO, FORNECIMENTO E INSTALAÇÃO","un",35,436.26,15269.1,2.4249618541895709E-3,0.85468444476947147]
[86932,"SINAPI","VASO SANITÁRIO SIFONADO COM CAIXA ACOPLADA LOUÇA BRANCA - PADRÃO MÉDIO, INCLUSO ENGATE FLEXÍVEL EM METAL CROMADO, 1/2  X 40CM - FORNECIMENTO E INSTALAÇÃO. AF_01/2020","UN",22,687.99,15135.78,2.4037886406798976E-3,0.85708823341015139]
[87879,"SINAPI","CHAPISCO APLICADO EM ALVENARIAS E ESTRUTURAS DE CONCRETO INTERNAS, COM COLHER DE PEDREIRO.  ARGAMASSA TRAÇO 1:3 COM PREPARO EM BETONEIRA 400L. AF_10/2022","M2",2899.85,5.16,14963.22,2.3763835272443343E-3,0.85946461693739573]
[96624,"SINAPI","LASTRO COM MATERIAL GRANULAR (PEDRA BRITADA N.2), APLICADO EM PISOS OU LAJES SOBRE SOLO, ESPESSURA DE *10 CM*. AF_08/2017","M3",76.191499999999991,195.59,14902.29,2.3667069303410612E-3,0.86183132386773675]
["COT-DAD-003","COTAÇÃO","SWITCH (10/100/1000) BASE T, 24 PORTAS ","UN ",14,1051.6300000000001,14722.82,2.3382044053742064E-3,0.864169528273111]
["ED-16349","SETOP","LOCAÇÃO DE CONTAINER COM ISOLAMENTO TÉRMICO, TIPO 2, PARA ESCRITÓRIO DE OBRA COM SANITÁRIO CONTENDO UM (1) VASO SANITÁRIO E UM (1) LAVATÓRIO, COM MEDIDAS REFERENCIAIS DE (6) METROS COMPRIMENTO, (2,3) METROS LARGURA E (2,5) METROS ALTURA ÚTIL INTERNA, INCLUSIVE AR CONDICIONADO E LIGAÇÕES ELÉTRICAS E HIDROSSANITÁRIAS INTERNAS, EXCLUSIVE MOBILIZAÇÃO/DESMOBILIZAÇÃO E LIGAÇÕES PROVISÓRIAS EXTERNAS","mês",12,1206.3499999999999,14476.2,2.2990374543109329E-3,0.86646856572742192]
["ED-50266","SETOP","LIMPEZA FINAL PARA ENTREGA DA OBRA","m2",1761.42,8.17,14390.8,2.2854746547780335E-3,0.86875404038219994]
[92367,"SINAPI","TUBO DE AÇO GALVANIZADO COM COSTURA, CLASSE MÉDIA, DN 65 (2 1/2\"), CONEXÃO ROSQUEADA, INSTALADO EM REDE DE ALIMENTAÇÃO PARA HIDRANTE - FORNECIMENTO E INSTALAÇÃO. AF_10/2020","M",87.695999999999998,155.99,13679.69,2.1725397323443117E-3,0.87092658011454427]
[91939,"SINAPI","CAIXA RETANGULAR 4\" X 2\" ALTA (2,00 M DO PISO), PVC, INSTALADA EM PAREDE - FORNECIMENTO E INSTALAÇÃO. AF_03/2023","UN",383,35.31,13523.73,2.1477709476235745E-3,0.8730743510621678]
[103250,"SINAPI","AR CONDICIONADO SPLIT INVERTER, HI-WALL (PAREDE), 18000 BTU/H, CICLO FRIO - FORNECIMENTO E INSTALAÇÃO. AF_11/2021_PE","UN",3,4505.3500000000004,13516.05,2.1465512485555104E-3,0.87522090231072336]
["ED-50548","SETOP","PISO CIMENTADO COM ARGAMASSA, TRAÇO 1:3 (CIMENTO E AREIA), ESP. 30MM, ACABAMENTO DESEMPENADO E FELTRADO, MODULAÇÃO DE 100X100CM, INCLUSIVE JUNTA PLÁSTICA","m2",178.68,74.930000000000007,13388.49,2.1262928093468852E-3,0.8773471951200702]
[98301,"SINAPI","PATCH PANEL 24 PORTAS, CATEGORIA 5E - FORNECIMENTO E INSTALAÇÃO. AF_11/2019","UN",19,695.44,13213.36,2.0984795414054729E-3,0.87944567466147572]
[90843,"SINAPI","KIT DE PORTA DE MADEIRA PARA PINTURA, SEMI-OCA (LEVE OU MÉDIA), PADRÃO MÉDIO, 80X210CM, ESPESSURA DE 3,5CM, ITENS INCLUSOS: DOBRADIÇAS, MONTAGEM E INSTALAÇÃO DO BATENTE, FECHADURA COM EXECUÇÃO DO FURO - FORNECIMENTO E INSTALAÇÃO. AF_12/2019","UN",10,1314.55,13145.5,2.0877023566712514E-3,0.88153337701814694]
[103523,"SINAPI","RESERVATÓRIO TÉRMICO/BOILER SOLAR EM AÇO INOX 1000 L COM 5 PLACAS COLETORAS EM VIDRO TEMPERADO COM SERPENTINA EM TUBO DE COBRE 2 X 1 M - FORNECIMENTO E INSTALAÇÃO. AF_12/2021","UN",1,13067.49,13067.49,2.0753131998613979E-3,0.88360869021800836]
["DAC-6.3","CPU","PORTA DE ABRIR COM MOLA HIDRÁULICA, EM VIDRO TEMPERADO, 2 FOLHAS DE 80X210 CM, ESPESSURA DD 10MM, INCLUSIVE ACESSÓRIOS. AF_01/2021","UN ",3,4344.6000000000004,13033.8,2.069962723090164E-3,0.88567865294109849]
[92990,"SINAPI","CABO DE COBRE FLEXÍVEL ISOLADO, 70 MM², ANTI-CHAMA 0,6/1,0 KV, PARA REDE ENTERRADA DE DISTRIBUIÇÃO DE ENERGIA ELÉTRICA - FORNECIMENTO E INSTALAÇÃO. AF_12/2021","M",137.08000000000001,91.43,12533.22,1.9904631189897118E-3,0.88766911606008825]
["ED-50155","SETOP","LOCAÇÃO DE BANHEIRO QUÍMICO, DIMENSÃO (110X120X230)CM, LINHA PADRÃO, CONTENDO UMA (1) PIA/HIGIENIZADOR DE MÃOS, INCLUSIVE MANUTENÇÃO E MOBILIZAÇÃO/DESMOBILIZAÇÃO","mês",12,1037.46,12449.52,1.9771703049276087E-3,0.88964628636501586]
[103253,"SINAPI","AR CONDICIONADO SPLIT INVERTER, HI-WALL (PAREDE), 24000 BTU/H, CICLO FRIO - FORNECIMENTO E INSTALAÇÃO. AF_11/2021_PE","UN",2,6140.87,12281.74,1.9505243271099291E-3,0.89159681069212582]
[90445,"SINAPI","RASGO EM CONTRAPISO PARA RAMAIS/ DISTRIBUIÇÃO COM DIÂMETROS MAIORES QUE 40 MM E MENORES OU IGUAIS A 75 MM. AF_05/2015","M",342.2,34.69,11870.91,1.8852783677176465E-3,0.8934820890598435]
[87745,"SINAPI","CONTRAPISO EM ARGAMASSA TRAÇO 1:4 (CIMENTO E AREIA), PREPARO MECÂNICO COM BETONEIRA 400 L, APLICADO EM ÁREAS MOLHADAS SOBRE LAJE, ADERIDO, ACABAMENTO NÃO REFORÇADO, ESPESSURA 3CM. AF_07/2021","M2",186.80000000000004,61.48,11484.46,1.8239043176065358E-3,0.89530599337744998]
["ED-48344","SETOP","BANCADA EM GRANITO CINZA ANDORINHA E = 3 CM, APOIADA EM ALVENARIA","m2",27.1,420.24,11388.5,1.8086644318550489E-3,0.89711465780930499]
[90467,"SINAPI","CHUMBAMENTO LINEAR EM ALVENARIA PARA RAMAIS/DISTRIBUIÇÃO COM DIÂMETROS MAIORES QUE 40 MM E MENORES OU IGUAIS A 75 MM. AF_05/2015","M",448.56,24.5,10989.720000000001,1.7453321930057575E-3,0.89885999000231076]
["DAC-9.2","CPU","RODAPÉ COM REVESTIMENTO EM PORCELANATO 60X60 COM BORDA RETIFICADA E ACABAMENTO POLIDO, ALTURA 10CM","M",500.59,21.73,10877.82,1.7275607964281061E-3,0.90058755079873887]
["ED-16350","SETOP","LOCAÇÃO DE CONTAINER COM ISOLAMENTO TÉRMICO, TIPO 3, PARA DEPÓSITO/FERRAMENTARIA DE OBRA, COM MEDIDAS REFERENCIAIS DE (6) METROS COMPRIMENTO, (2,3) METROS LARGURA E (2,5) METROS ALTURA ÚTIL INTERNA, INCLUSIVE LIGAÇÕES ELÉTRICAS INTERNAS, EXCLUSIVE MOBILIZAÇÃO/DESMOBILIZAÇÃO E LIGAÇÕES PROVISÓRIAS EXTERNAS","mês",12,872.27,10467.24,1.6623545407815289E-3,0.90224990533952043]
["COT-ARQ-002","COTAÇÃO","BRISE METÁLICO - FORNECIMENTO E INSTALAÇÃO","M²",8.7719999999999985,1153.6199999999999,10119.549999999999,1.6071361594045537E-3,0.90385704149892498]
["ED-20586","SETOP","ENTRADA DE ENERGIA AÉREA, TIPO C6, PADRÃO CEMIG, CARGA INSTALADA DE 47,1KVA ATÉ 57KVA, TRIFÁSICO, COM SAÍDA SUBTERRÂNEA, INCLUSIVE POSTE, CAIXA PARA MEDIDOR, DISJUNTOR, BARRAMENTO, ATERRAMENTO E ACESSÓRIOS","un",1,9511.02,9511.02,1.5104924779085927E-3,0.90536753397683356]
["ED-16351","SETOP","LOCAÇÃO DE CONTAINER COM ISOLAMENTO TÉRMICO, TIPO 4, PARA REFEITÓRIO DE OBRA, COM MEDIDAS REFERENCIAIS DE (6) METROS COMPRIMENTO, (2,3) METROS LARGURA E (2,5) METROS ALTURA ÚTIL INTERNA, INCLUSIVE LIGAÇÕES ELÉTRICAS INTERNAS, EXCLUSIVE MOBILIZAÇÃO/DESMOBILIZAÇÃO E LIGAÇÕES PROVISÓRIAS EXTERNAS","mês",12,770.55,9246.6,1.4684986201511081E-3,0.90683603259698464]
[93183,"SINAPI","VERGA PRÉ-MOLDADA PARA JANELAS COM MAIS DE 1,5 M DE VÃO. AF_03/2016","M",91.1,99.07,9025.27,1.4333481000033733E-3,0.90826938069698804]
[89356,"SINAPI","TUBO, PVC, SOLDÁVEL, DN 25MM, INSTALADO EM RAMAL OU SUB-RAMAL DE ÁGUA - FORNECIMENTO E INSTALAÇÃO. AF_06/2022","M",313.8,27.82,8729.91,1.3864405066774123E-3,0.9096558212036655]
[93195,"SINAPI","CONTRAVERGA PRÉ-MOLDADA PARA VÃOS DE MAIS DE 1,5 M DE COMPRIMENTO. AF_03/2016","M",91.1,93.89,8553.3700000000008,1.3584033096102227E-3,0.91101422451327574]
[91930,"SINAPI","CABO DE COBRE FLEXÍVEL ISOLADO, 6 MM², ANTI-CHAMA 450/750 V, PARA CIRCUITOS TERMINAIS - FORNECIMENTO E INSTALAÇÃO. AF_03/2023","M",779.15,10.89,8484.94,1.347535600335793E-3,0.91236176011361159]
["ED-51019","SETOP","BARRA CHATA DE ALUMÍNIO 7/8\" X 1/8\" X 3M","U",238.97333333333333,34.799999999999997,8316.27,1.3207482771834032E-3,0.91368250839079501]
[93382,"SINAPI","REATERRO MANUAL DE VALAS COM COMPACTAÇÃO MECANIZADA. AF_04/2016","M3",221.55499999999998,36.96,8188.66,1.3004818972256367E-3,0.91498299028802066]
["DAC-6.7","CPU","FORNECIMENTO E INSTALAÇÃO DE ESPELHO CRISTAL, ESPESSURA 4 MM","M2",16.14,492.47,7948.46,1.2623345383520729E-3,0.91624532482637278]
["ED-50998","SETOP","PEITORIL DE GRANITO CINZA ANDORINHA E = 3 CM","m2",22.16,356.64,7903.14,1.2551370433306328E-3,0.91750046186970335]
[94589,"SINAPI","CONTRAMARCO DE ALUMÍNIO, FIXAÇÃO COM ARGAMASSA - FORNECIMENTO E INSTALAÇÃO. AF_12/2019","M",301.60000000000002,24.97,7530.95,1.1960276948745471E-3,0.91869648956457794]
[89987,"SINAPI","REGISTRO DE GAVETA BRUTO, LATÃO, ROSCÁVEL, 3/4\", COM ACABAMENTO E CANOPLA CROMADOS - FORNECIMENTO E INSTALAÇÃO. AF_08/2021","UN",47,159.27000000000001,7485.69,1.1888397287520762E-3,0.91988532929333]
[91222,"SINAPI","RASGO EM ALVENARIA PARA RAMAIS/ DISTRIBUIÇÃO COM DIÂMETROS MAIORES QUE 40 MM E MENORES OU IGUAIS A 75 MM. AF_05/2015","M",448.56,16.29,7307.04,1.1604674320711346E-3,0.9210457967254011]
[95875,"SINAPI","TRANSPORTE COM CAMINHÃO BASCULANTE DE 10 M³, EM VIA URBANA PAVIMENTADA, DMT ATÉ 30 KM (UNIDADE: M3XKM). AF_07/2020","M3XKM",2560.3671464375002,2.85,7297.03,1.1588776940930981E-3,0.92220467441949416]
[88485,"SINAPI","APLICAÇÃO DE FUNDO SELADOR ACRÍLICO EM PAREDES, UMA DEMÃO. AF_06/2014","M2",1910.3480000000004,3.79,7240.21,1.1498538267692184E-3,0.92335452824626341]
[88415,"SINAPI","APLICAÇÃO MANUAL DE FUNDO SELADOR ACRÍLICO EM PAREDES EXTERNAS DE CASAS. AF_06/2014","M2",1678.98,4.2699999999999996,7169.24,1.1385827274384239E-3,0.92449311097370179]
[96527,"SINAPI","ESCAVAÇÃO MANUAL DE VALA PARA VIGA BALDRAME (INCLUINDO ESCAVAÇÃO PARA COLOCAÇÃO DE FÔRMAS). AF_06/2017","M3",51.88,138.12,7165.66,1.1380141697999253E-3,0.92563112514350177]
["COT-ARQ-007","COTAÇÃO","PELÍCULA JATEADA PARA VIDROS","M2",98.88000000000001,71.53,7072.88,1.1232793156938086E-3,0.92675440445919555]
["DAC-6.8","CPU","FORNECIMENTO E INSTALAÇÃO DE PLACAS DE IDENTIFICAÇÃO","UN    ",42,166.77,7004.34,1.1123941367712686E-3,0.92786679859596677]
["ED-50282","SETOP","LAVATÓRIO DE LOUÇA BRANCA COM COLUNA, TAMANHO MÉDIO, INCLUSIVE ACESSÓRIOS DE FIXAÇÃO, VÁLVULA DE ESCOAMENTO DE METAL COM ACABAMENTO CROMADO, SIFÃO DE METAL TIPO COPO COM ACABAMENTO CROMADO, FORNECIMENTO, INSTALAÇÃO E REJUNTAMENTO, EXCLUSIVE TORNEIRA E ENGATE FLEXÍVEL","U",12,579.05999999999995,6948.72,1.1035608474267739E-3,0.92897035944339357]
["DAC-4.5","CPU","DRENO DE BRITA 2 + AREIA","M³",41.33,164.85,6813.25,1.0820461817040359E-3,0.93005240562509761]
[98561,"SINAPI","IMPERMEABILIZAÇÃO DE PAREDES COM ARGAMASSA DE CIMENTO E AREIA, COM ADITIVO IMPERMEABILIZANTE, E = 2CM. AF_06/2018","M2",130.16,51.73,6733.17,1.0693282778797436E-3,0.93112173390297737]
["COT-ARQ-008","COTAÇÃO","COIFA PARA FOGÃO INDUSTRIAL - FORNECIMENTO E INSTALAÇÃO","UN ",1,6642.3,6642.3,1.0548967603908146E-3,0.9321766306633682]
["ED-50279","SETOP","CUBA DE LOUÇA BRANCA DE EMBUTIR, FORMATO OVAL, INCLUSIVE VÁLVULA DE ESCOAMENTO DE METAL COM ACABAMENTO CROMADO, SIFÃO DE METAL TIPO COPO COM ACABAMENTO CROMADO, FORNECIMENTO E INSTALAÇÃO","un",17,388.11,6597.87,1.0478406107040849E-3,0.93322447127407226]
["COT-ARQ-009","COTAÇÃO","FOGÃO INDUSTRIAL 6 BOCAS","UN ",1,6465.93,6465.93,1.0268865618707043E-3,0.93425135783594293]
["DAC-21.3","CPU","ABRIGO PARA HIDRANTE, 90X60X17CM, COM REGISTRO GLOBO ANGULAR 45° 2 1/2\", ADAPTADOR STORZ 2 1/2\", 2 MANGUEIRA DE INCÊNDIO DE 15M, REDUÇÃO DE 2 1/2\" X 1 1/2\" E ESGUICHO EM LATÃO 1 1/2\" - FORNECIMENTO E INSTALAÇÃO","UN ",2,3224.94,6449.88,1.0243375813964301E-3,0.93527569541733935]
["ED-50277","SETOP","CUBA EM AÇO INOXIDÁVEL DE EMBUTIR, AISI 304, APLICAÇÃO PARA PIA (465X330X115MM), NÚMERO 1, ASSENTAMENTO EM BANCADA, INCLUSIVE VÁLVULA DE ESCOAMENTO DE METAL COM ACABAMENTO CROMADO, SIFÃO DE METAL TIPO COPO COM ACABAMENTO CROMADO, FORNECIMENTO E INSTALAÇÃO","un",11,576.66,6343.26,1.0074047279280728E-3,0.93628310014526739]
["ED-48160","SETOP","BARRA DE APOIO EM AÇO INOX POLIDO RETA, DN 1.1/4\" (31,75MM), PARA ACESSIBILIDADE (PMR/PCR), COMPRIMENTO 80CM, INSTALADO EM PAREDE, INCLUSIVE FORNECIMENTO, INSTALAÇÃO E ACESSÓRIOS PARA FIXAÇÃO","un",22,286.99,6313.78,1.0027228622345146E-3,0.93728582300750185]
[89800,"SINAPI","TUBO PVC, SERIE NORMAL, ESGOTO PREDIAL, DN 100 MM, FORNECIDO E INSTALADO EM PRUMADA DE ESGOTO SANITÁRIO OU VENTILAÇÃO. AF_08/2022","M",165.3,36.36,6010.3,9.5452569124804851E-4,0.93824034869874995]
["ED-50482","SETOP","EMASSAMENTO EM ESQUADRIA DE MADEIRA COM MASSA A ÓLEO, DUAS (2) DEMÃOS, INCLUSIVE LIXAMENTO PARA PINTURA  A ÓLEO OU ESMALTE","m2",158.34,37.659999999999997,5963.08,9.4702644775924874E-4,0.93918737514650918]
["ED-49812","SETOP","LASTRO DE CONCRETO MAGRO, INCLUSIVE TRANSPORTE, LANÇAMENTO E ADENSAMENTO ","m3",9.08,648.22,5885.82,9.3475640218651122E-4,0.94012213154869573]
[89798,"SINAPI","TUBO PVC, SERIE NORMAL, ESGOTO PREDIAL, DN 50 MM, FORNECIDO E INSTALADO EM PRUMADA DE ESGOTO SANITÁRIO OU VENTILAÇÃO. AF_08/2022","M",316,18.239999999999998,5763.84,9.1538415058202622E-4,0.94103751569927774]
["ED-15762","SETOP","CONJUNTO DE DUAS (2) TOMADAS DE DADOS (CONECTOR RJ45 CAT.6E), COM PLACA 4\"X2\" DE DOIS (2) POSTOS, INCLUSIVE FORNECIMENTO, INSTALAÇÃO, SUPORTE, MÓDULO E PLACA","un",68,82.79,5629.72,8.9408388508609615E-4,0.94193159958436379]
[92986,"SINAPI","CABO DE COBRE FLEXÍVEL ISOLADO, 35 MM², ANTI-CHAMA 0,6/1,0 KV, PARA REDE ENTERRADA DE DISTRIBUIÇÃO DE ENERGIA ELÉTRICA - FORNECIMENTO E INSTALAÇÃO. AF_12/2021","M",123.63,45.39,5611.56,8.911998049980699E-4,0.94282279938936187]
["COT-DAD-009","COTAÇÃO","CAMERA POE","UN ",17,327.07,5560.19,8.8304147933056362E-4,0.94370584086869247]
["COT-INC-009","COTAÇÃO","BOMBA DE INCÊNDIO 4 CV","UN ",1,5429.88,5429.88,8.6234629891918102E-4,0.94456818716761171]
["COT-ARQ-004","COTAÇÃO","PAINEL EM MADEIRA - FORNECIMENTO E INSTALAÇÃO","M²",13.299999999999999,388.63,5168.7700000000004,8.2087811875483359E-4,0.94538906528636657]
[91846,"SINAPI","ELETRODUTO FLEXÍVEL CORRUGADO, PVC, DN 32 MM (1\"), PARA CIRCUITOS TERMINAIS, INSTALADO EM LAJE - FORNECIMENTO E INSTALAÇÃO. AF_03/2023","M",437.83,11.71,5126.9799999999996,8.1424124062275084E-4,0.94620330652698936]
[89580,"SINAPI","TUBO PVC, SÉRIE R, ÁGUA PLUVIAL, DN 150 MM, FORNECIDO E INSTALADO EM CONDUTORES VERTICAIS DE ÁGUAS PLUVIAIS. AF_06/2022","M",53.9,93.61,5045.57,8.0131211287130691E-4,0.94700461863986063]
[91924,"SINAPI","CABO DE COBRE FLEXÍVEL ISOLADO, 1,5 MM², ANTI-CHAMA 450/750 V, PARA CIRCUITOS TERMINAIS - FORNECIMENTO E INSTALAÇÃO. AF_03/2023","M",1462.2900000000002,3.42,5001.03,7.9423849353646696E-4,0.94779885713339707]
["ED-49925","SETOP","CAIXA DE DRENAGEM DE INSPEÇÃO/PASSAGEM EM ALVENARIA (80X80X100CM), REVESTIMENTO EM ARGAMASSA COM ADITIVO IMPERMEABILIZANTE, COM TAMPA EM GRELHA, INCLUSIVE ESCAVAÇÃO, REATERRO E TRANSPORTE E RETIRADA DO MATERIAL ESCAVADO (EM CAÇAMBA)","un",3,1662.96,4988.88,7.92308891495194E-4,0.94859116602489224]
["COT-DAD-006","COTAÇÃO","RACK - GABINETE 19\" -  24U","UN ",2,2466.2399999999998,4932.4799999999996,7.8335172646409889E-4,0.94937451775135639]
[93184,"SINAPI","VERGA PRÉ-MOLDADA PARA PORTAS COM ATÉ 1,5 M DE VÃO. AF_03/2016","M",86.3,57.04,4922.55,7.817746936846882E-4,0.95015629244504107]
["ED-48402","SETOP","COLOCAÇÃO DE CUMEEIRA GALVANIZADA TRAPEZOIDAL E = 0,50 MM, SIMPLES","m",70.709999999999994,69.34,4903.03,7.7867462522002542E-4,0.95093496707026115]
["ED-29802","SETOP","PERFURAÇÃO MECÂNICA DE ESTACA TIPO TRADO ROTATIVO, INCLUSIVE AFASTAMENTO LATERAL, EXCLUSIVE ARMAÇÃO, CONCRETO ESTRUTURAL, TRANSPORTE E RETIRADA DO MATERIAL ESCAVADO","m3",38.29,125.5,4805.3900000000003,7.6316793029739948E-4,0.95169813500055855]
["ED-50493","SETOP","PINTURA ESMALTE EM ESQUADRIA DE MADEIRA, DUAS (2) DEMÃOS, INCLUSIVE UMA (1) DEMÃO DE FUNDO NIVELADOR, EXCLUSIVE MASSA A ÓLEO","m2",158.34,30.07,4761.28,7.5616260140517252E-4,0.95245429760196376]
["DAC-6.2","CPU","PORTA DE ABRIR COM MOLA HIDRÁULICA, EM VIDRO TEMPERADO, 2 FOLHAS DE 100X210 CM, ESPESSURA DD 10MM, INCLUSIVE ACESSÓRIOS. AF_01/2021","UN ",1,4743.1400000000003,4743.1400000000003,7.5328169761680261E-4,0.95320757929958055]
["ED-49883","SETOP","CAIXA DE ESGOTO DE INSPEÇÃO/PASSAGEM EM ALVENARIA (60X60X60CM), REVESTIMENTO EM ARGAMASSA COM ADITIVO IMPERMEABILIZANTE, COM TAMPA DE CONCRETO, INCLUSIVE ESCAVAÇÃO, REATERRO E TRANSPORTE E RETIRADA DO MATERIAL ESCAVADO (EM CAÇAMBA)","un",9,521.85,4696.6499999999996,7.4589838906546208E-4,0.95395347768864602]
["ED-50937","SETOP","CORRIMÃO DUPLO EM TUBO GALVANIZADO DIN 2440, D = 1 1/2\" - FIXADO EM ALVENARIA","m",24.99,183.68,4590.16,7.2898618154487163E-4,0.95468246387019084]
["ED-15755","SETOP","CONJUNTO DE DUAS (2) TOMADAS PADRÃO, TRÊS (3) POLOS, CORRENTE 10A, TENSÃO 250V, (2P+T/10A-250V), COM PLACA 4\"X2\" DE DOIS (2) POSTOS, INCLUSIVE FORNECIMENTO, INSTALAÇÃO, SUPORTE, MÓDULO E PLACA","un",94,48.76,4583.4399999999996,7.2791894486031567E-4,0.9554103828150512]
[94266,"SINAPI","GUIA (MEIO-FIO) CONCRETO, MOLDADA  IN LOCO  EM TRECHO CURVO COM EXTRUSORA, 15 CM BASE X 30 CM ALTURA. AF_06/2016","M",67.959999999999994,63.22,4296.43,6.8233745664090866E-4,0.95609272027169212]
[92000,"SINAPI","TOMADA BAIXA DE EMBUTIR (1 MÓDULO), 2P+T 10 A, INCLUINDO SUPORTE E PLACA - FORNECIMENTO E INSTALAÇÃO. AF_03/2023","UN",115,36.33,4177.95,6.6352105747629632E-4,0.95675624132916837]
[91844,"SINAPI","ELETRODUTO FLEXÍVEL CORRUGADO, PVC, DN 25 MM (3/4\"), PARA CIRCUITOS TERMINAIS, INSTALADO EM LAJE - FORNECIMENTO E INSTALAÇÃO. AF_03/2023","M",486.47,8.0299999999999994,3906.35,6.2038690814215827E-4,0.95737662823731051]
[89357,"SINAPI","TUBO, PVC, SOLDÁVEL, DN 32MM, INSTALADO EM RAMAL OU SUB-RAMAL DE ÁGUA - FORNECIMENTO E INSTALAÇÃO. AF_06/2022","M",97.4,39.92,3888.2,6.1750441620396024E-4,0.95799413265351452]
[90469,"SINAPI","CHUMBAMENTO LINEAR EM CONTRAPISO PARA RAMAIS/DISTRIBUIÇÃO COM DIÂMETROS MAIORES QUE 40 MM E MENORES OU IGUAIS A 75 MM. AF_05/2015","M",342.2,11.22,3839.48,6.0976695024092932E-4,0.95860389960375547]
["ED-49343","SETOP","HASTE DE AÇO COBREADA PARA ATERRAMENTO DIÂMETRO 3/4\"X 2400 MM,CONFORME PADRÕES TELEBRÁS","U",16,236.42,3782.72,6.0075261181601882E-4,0.9592046522155715]
["ED-29823","SETOP","TAPUME FIXO DE PROTEÇÃO PARA FECHAMENTO DE OBRA EM TELHA METÁLICA GALVANIZADA, TIPO TRAPEZOIDAL, ESP. 0,5MM, COM MÓDULO NA DIMENSÃO DE (300X220)CM, COM REAPROVEITAMENTO, EXCLUSIVE PINTURA ESMALTE, INCLUSIVE PONTALETE E FIXAÇÃO","m2",51.172000000000004,73.67,3769.84,5.9870707483728651E-4,0.95980335929040883]
["ED-51003","SETOP","SOLEIRA DE GRANITO CINZA ANDORINHA E = 3 CM","m2",10.439999999999996,360.86,3767.37,5.9831480182971901E-4,0.96040167409223853]
[89636,"SINAPI","TUBO, CPVC, SOLDÁVEL, DN 35MM, INSTALADO EM RAMAL OU SUB-RAMAL DE ÁGUA   FORNECIMENTO E INSTALAÇÃO. AF_06/2022","M",43.1,85.43,3682.03,5.8476153119578923E-4,0.96098643562343433]
["COT-DAD-001","COTAÇÃO","NVR 24 PORTAS","UN ",1,3650.05,3650.05,5.79682628045179E-4,0.96156611825147953]
[88484,"SINAPI","APLICAÇÃO DE FUNDO SELADOR ACRÍLICO EM TETO, UMA DEMÃO. AF_06/2014","M2",851.07,4.28,3642.57,5.7849469197367924E-4,0.96214461294345321]
[103316,"SINAPI","ALVENARIA DE VEDAÇÃO DE BLOCOS VAZADOS DE CONCRETO DE 9X19X39 CM (ESPESSURA 9 CM) E ARGAMASSA DE ASSENTAMENTO COM PREPARO EM BETONEIRA. AF_12/2021","M2",43.314999999999998,83.41,3612.9,5.737826514333851E-4,0.96271839559488659]
[91928,"SINAPI","CABO DE COBRE FLEXÍVEL ISOLADO, 4 MM², ANTI-CHAMA 450/750 V, PARA CIRCUITOS TERMINAIS - FORNECIMENTO E INSTALAÇÃO. AF_03/2023","M",456.90000000000003,7.78,3554.68,5.6453644313355625E-4,0.96328293203802018]
[93182,"SINAPI","VERGA PRÉ-MOLDADA PARA JANELAS COM ATÉ 1,5 M DE VÃO. AF_03/2016","M",43.5,77.62,3376.47,5.3623402504505567E-4,0.96381916606306528]
[90444,"SINAPI","RASGO EM CONTRAPISO PARA RAMAIS/ DISTRIBUIÇÃO COM DIÂMETROS MENORES OU IGUAIS A 40 MM. AF_05/2015","M",103.15,32.49,3351.34,5.3224300452676824E-4,0.96435140906759209]
[89578,"SINAPI","TUBO PVC, SÉRIE R, ÁGUA PLUVIAL, DN 100 MM, FORNECIDO E INSTALADO EM CONDUTORES VERTICAIS DE ÁGUAS PLUVIAIS. AF_06/2022","M",74.3,45.07,3348.7,5.3182373297212121E-4,0.96488323280056421]
[93194,"SINAPI","CONTRAVERGA PRÉ-MOLDADA PARA VÃOS DE ATÉ 1,5 M DE COMPRIMENTO. AF_03/2016","M",43.5,75.739999999999995,3294.69,5.2324613574996801E-4,0.96540647893631415]
["COT-CLI-001","COTAÇÃO","CABO PP TETRAPOLAR","UN ",82.1,39.68,3257.72,5.1737474583508187E-4,0.96592385368214928]
["ED-2552","SETOP","LAVATÓRIO DE CANTO DE LOUÇA BRANCA SEM COLUNA, TAMANHO PEQUENO, INCLUSIVE ACESSÓRIOS DE FIXAÇÃO COM PARAFUSO CASTELO, VÁLVULA DE ESCOAMENTO DE METAL COM ACABAMENTO CROMADO, SIFÃO DE METAL TIPO COPO COM ACABAMENTO CROMADO, FORNECIMENTO, INSTALAÇÃO E REJUNTAMENTO, EXCLUSIVE TORNEIRA E ENGATE FLEXÍVEL","un",6,522.08000000000004,3132.48,4.9748475738660078E-4,0.96642133843953593]
[95601,"SINAPI","ARRASAMENTO MECANICO DE ESTACA DE CONCRETO ARMADO, DIAMETROS DE ATÉ 40 CM. AF_05/2021","UN",164,19.059999999999999,3125.84,4.9643022590067053E-4,0.96691776866543655]
["ED-50290","SETOP","TANQUE DE LOUÇA BRANCA COM COLUNA, CAPACIDADE 22 LITROS, INCLUSIVE ACESSÓRIOS DE FIXAÇÃO, VÁLVULA DE ESCOAMENTO DE METAL COM ACABAMENTO CROMADO, SIFÃO DE METAL TIPO COPO COM ACABAMENTO CROMADO, FORNECIMENTO, INSTALAÇÃO E REJUNTAMENTO, EXCLUSIVE TORNEIRA","U",4,779.86,3119.44,4.9541381001061717E-4,0.96741318247544716]
[97328,"SINAPI","TUBO EM COBRE FLEXÍVEL, DN 3/8\", COM ISOLAMENTO, INSTALADO EM RAMAL DE ALIMENTAÇÃO DE AR CONDICIONADO COM CONDENSADORA INDIVIDUAL \u0096 FORNECIMENTO E INSTALAÇÃO. AF_12/2015","M",44.6,69.510000000000005,3100.14,4.9234868084217505E-4,0.9679055311562893]
["ED-50316","SETOP","DUCHA HIGIÊNICA COM REGISTRO PARA CONTROLE DE FLUXO DE ÁGUA, DIÂMETRO 1/2\" (20MM), INCLUSIVE FORNECIMENTO E INSTALAÇÃO","un",16,191.77,3068.32,4.8729518808881623E-4,0.96839282634437807]
[97330,"SINAPI","TUBO EM COBRE FLEXÍVEL, DN 5/8\", COM ISOLAMENTO, INSTALADO EM RAMAL DE ALIMENTAÇÃO DE AR CONDICIONADO COM CONDENSADORA INDIVIDUAL \u0096 FORNECIMENTO E INSTALAÇÃO. AF_12/2015","M",29.3,104.59,3064.48,4.8668533855478424E-4,0.96887951168293285]
[92984,"SINAPI","CABO DE COBRE FLEXÍVEL ISOLADO, 25 MM², ANTI-CHAMA 0,6/1,0 KV, PARA REDE ENTERRADA DE DISTRIBUIÇÃO DE ENERGIA ELÉTRICA - FORNECIMENTO E INSTALAÇÃO. AF_12/2021","M",89,32.78,2917.42,4.6333000718115262E-4,0.96934284169011398]
[91932,"SINAPI","CABO DE COBRE FLEXÍVEL ISOLADO, 10 MM², ANTI-CHAMA 450/750 V, PARA CIRCUITOS TERMINAIS - FORNECIMENTO E INSTALAÇÃO. AF_03/2023","M",145.5,19.59,2850.34,4.5267669813353124E-4,0.96979551838824751]
["ED-48163","SETOP","BARRA DE APOIO EM AÇO INOX POLIDO RETA, DN 1.1/4\" (31,75MM), PARA ACESSIBILIDADE (PMR/PCR), COMPRIMENTO 40CM, INSTALADO EM PORTA/PAREDE, INCLUSIVE FORNECIMENTO, INSTALAÇÃO E ACESSÓRIOS PARA FIXAÇÃO","un",16,170.83,2733.28,4.3408581624452457E-4,0.970229604204492]
[97327,"SINAPI","TUBO EM COBRE FLEXÍVEL, DN 1/4\u0094, COM ISOLAMENTO, INSTALADO EM RAMAL DE ALIMENTAÇÃO DE AR CONDICIONADO COM CONDENSADORA INDIVIDUAL   FORNECIMENTO E INSTALAÇÃO. AF_12/2015","M",67.8,38.6,2617.08,4.1563151524074386E-4,0.97064523571973271]
[38605,"SINAPI","ABERTURA PARA ENCAIXE DE CUBA OU LAVATORIO EM BANCADA DE MARMORE/ GRANITO OU OUTRO TIPO DE PEDRA NATURAL","UN    ",17,151.36000000000001,2573.12,4.0865000859594003E-4,0.97105388572832863]
[100858,"SINAPI","MICTÓRIO SIFONADO LOUÇA BRANCA \u0096 PADRÃO MÉDIO \u0096 FORNECIMENTO E INSTALAÇÃO. AF_01/2020","UN",3,850.17,2550.5100000000002,4.0505920183436106E-4,0.97145894493016294]
[94499,"SINAPI","REGISTRO DE GAVETA BRUTO, LATÃO, ROSCÁVEL, 2 1/2\" - FORNECIMENTO E INSTALAÇÃO. AF_08/2021","UN",5,498.28,2491.3999999999996,3.9567164819982156E-4,0.97185461657836281]
[98562,"SINAPI","IMPERMEABILIZAÇÃO DE FLOREIRA OU VIGA BALDRAME COM ARGAMASSA DE CIMENTO E AREIA, COM ADITIVO IMPERMEABILIZANTE, E = 2 CM. AF_06/2018","M2",47.81,52.01,2486.59,3.9490774813245345E-4,0.97224952432649525]
["COT-DAD-008","COTAÇÃO","SWITCH  24 PORTAS RJ45 COM FIBRA ","UN ",1,2460.63,2460.63,3.9078491117842463E-4,0.97264030923767364]
[89448,"SINAPI","TUBO, PVC, SOLDÁVEL, DN 40MM, INSTALADO EM PRUMADA DE ÁGUA - FORNECIMENTO E INSTALAÇÃO. AF_06/2022","M",97.1,25.26,2452.7399999999998,3.8953186096396823E-4,0.97302984109863766]
["ED-48182","SETOP","DISPENSER EM PLÁSTICO PARA PAPEL TOALHA 2 OU 3 FOLHAS","U",30,81.56,2446.8000000000002,3.8858849996601253E-4,0.9734184295986037]
["COT-ARQ-006","COTAÇÃO","JANELA DE ALUMÍNIO TIPO GUILHOTINA, 1000 X 1000 MM COM DUAS FOLHAS - FORNECIMENTO E INSTALAÇÃO","UN ",2,1217.49,2434.98,3.8671130686907028E-4,0.97380514090547277]
["ED-50137","SETOP","MOBILIZAÇÃO E DESMOBILIZAÇÃO DE CONTAINER, INCLUSIVE CARGA, DESCARGA E TRANSPORTE EM CAMINHÃO CARROCERIA COM GUINDAUTO (MUNCK), EXCLUSIVE LOCAÇÃO DO CONTAINER","un",3,799.47,2398.41,3.8090344294731244E-4,0.97418604434842004]
[92390,"SINAPI","JOELHO 90 GRAUS, EM FERRO GALVANIZADO, DN 65 (2 1/2\"), CONEXÃO ROSQUEADA, INSTALADO EM REDE DE ALIMENTAÇÃO PARA HIDRANTE - FORNECIMENTO E INSTALAÇÃO. AF_10/2020","UN",13,181.18,2355.34,3.7406328163721924E-4,0.97456010763005729]
["ED-50496","SETOP","PINTURA ESMALTE EM TUBO GALVANIZADO, DUAS (2) DEMÃOS, INCLUSIVE UMA (1) DEMÃO DE FUNDO ANTICORROSIVO","m",87.695999999999998,26.29,2305.52,3.661511191930853E-4,0.97492625874925043]
[89449,"SINAPI","TUBO, PVC, SOLDÁVEL, DN 50MM, INSTALADO EM PRUMADA DE ÁGUA - FORNECIMENTO E INSTALAÇÃO. AF_06/2022","M",81.5,27.89,2273.0300000000002,3.609912204012365E-4,0.97528724996965166]
[102184,"SINAPI","PORTA DE ABRIR COM MOLA HIDRÁULICA, EM VIDRO TEMPERADO, 90X210 CM, ESPESSURA 10 MM, INCLUSIVE ACESSÓRIOS. AF_01/2021","UN",1,2268.35,2268.35,3.6024796628163496E-4,0.97564749793593331]
["DAC-21.4","CPU","INSTALAÇÃO DO SISTEMA DE ALARME","UN ",1,2265.21,2265.21,3.5974928723557758E-4,0.97600724722316889]
[89711,"SINAPI","TUBO PVC, SERIE NORMAL, ESGOTO PREDIAL, DN 40 MM, FORNECIDO E INSTALADO EM RAMAL DE DESCARGA OU RAMAL DE ESGOTO SANITÁRIO. AF_08/2022","M",88.6,25.53,2261.9499999999998,3.5923155039158165E-4,0.97636647877356053]
[92982,"SINAPI","CABO DE COBRE FLEXÍVEL ISOLADO, 16 MM², ANTI-CHAMA 0,6/1,0 KV, PARA DISTRIBUIÇÃO - FORNECIMENTO E INSTALAÇÃO. AF_12/2015","M",113.64,19.88,2259.16,3.587884565895115E-4,0.97672526723015007]
["ED-49149","SETOP","CAIXA DE PASSAGEM EM CHAPA DE AÇO, EMBUTIR 230 X 230 X 102 MM","un",15,150.25,2253.75,3.5792926753245083E-4,0.97708319649768249]
["ED-48377","SETOP","ORGANIZADOR DE CABOS DE 1U PARA RACK 19\"","cj",13,170.56,2217.2800000000002,3.5213728510897509E-4,0.97743533378279146]
[96358,"SINAPI","PAREDE COM PLACAS DE GESSO ACARTONADO (DRYWALL), PARA USO INTERNO, COM DUAS FACES SIMPLES E ESTRUTURA METÁLICA COM GUIAS SIMPLES, SEM VÃOS. AF_06/2017_PS","M2",18.287500000000001,119.85,2191.75,3.4808273859755924E-4,0.977783416521389]
[100977,"SINAPI","CARGA, MANOBRA E DESCARGA DE SOLOS E MATERIAIS GRANULARES EM CAMINHÃO BASCULANTE 6 M³ - CARGA COM ESCAVADEIRA HIDRÁULICA (CAÇAMBA DE 1,20 M³ / 155 HP) E DESCARGA LIVRE (UNIDADE: M3). AF_07/2020","M3",242.54000000000002,8.93,2165.88,3.4397419499198435E-4,0.978127390716381]
["COT-ELE-003","COTAÇÃO","QUADRO DE DISTRIBUIÇÃO COM BARRAMENTO 225A / 50 DISJ. - EMBUTIR","UN ",1,2163.23,2163.23,3.435533352875091E-4,0.97847094405166846]
[93185,"SINAPI","VERGA PRÉ-MOLDADA PARA PORTAS COM MAIS DE 1,5 M DE VÃO. AF_03/2016","M",22.000000000000004,97.63,2147.86,3.4111234900155294E-4,0.97881205640067004]
[90466,"SINAPI","CHUMBAMENTO LINEAR EM ALVENARIA PARA RAMAIS/DISTRIBUIÇÃO COM DIÂMETROS MENORES OU IGUAIS A 40 MM. AF_05/2015","M",135,15.46,2087.1,3.3146275064535911E-4,0.97914351915131537]
["09.12.01","SUDECAP","PINTURA COM TINTA ASFALTICA IMPERMEABILIZANTE DILUIDA EM SOLVENTE, PARA MATERIAIS CIMENTICIOS, METAL E MADEIRA","M2",130.16,15.87,2065.63,3.280529929641959E-4,0.9794715721442796]
[90443,"SINAPI","RASGO EM ALVENARIA PARA RAMAIS/ DISTRIBUIÇÃO COM DIAMETROS MENORES OU IGUAIS A 40 MM. AF_05/2015","M",135,15.13,2042.55,3.2438754316069105E-4,0.97979595968744027]
["ED-49503","SETOP","QUADRO DE DISTRIBUIÇÃO PARA 42 MÓDULOS COM BARRAMENTO 100 A","un",2,1018.63,2037.26,3.2354741190156883E-4,0.98011950709934181]
[97670,"SINAPI","ELETRODUTO FLEXÍVEL CORRUGADO, PEAD, DN 100 (4\"), PARA REDE ENTERRADA DE DISTRIBUIÇÃO DE ENERGIA ELÉTRICA - FORNECIMENTO E INSTALAÇÃO. AF_12/2021","M",71.819999999999993,28.32,2033.94,3.230201461586037E-4,0.98044252724550041]
[96995,"SINAPI","REATERRO MANUAL APILOADO COM SOQUETE. AF_10/2017","M3",36.89,53.92,1989.1,3.1589888232891756E-4,0.98075842612782937]
[93660,"SINAPI","DISJUNTOR BIPOLAR TIPO DIN, CORRENTE NOMINAL DE 10A - FORNECIMENTO E INSTALAÇÃO. AF_10/2020","UN",16,122.09,1953.44,3.102355400415267E-4,0.98106866166787088]
["COT-INC-006","COTAÇÃO","CENTRAL DE ALARME DE INCÊNDIO ENDEREÇÁVEL","UN ",1,1951.81,1951.81,3.0997667161952871E-4,0.98137863833949046]
[97329,"SINAPI","TUBO EM COBRE FLEXÍVEL, DN 1/2\", COM ISOLAMENTO, INSTALADO EM RAMAL DE ALIMENTAÇÃO DE AR CONDICIONADO COM CONDENSADORA INDIVIDUAL \u0096 FORNECIMENTO E INSTALAÇÃO. AF_12/2015","M",22.7,85.86,1949.02,3.0953357781745861E-4,0.98168817191730795]
["ED-50193","SETOP","EXTINTOR DE INCÊNDIO TIPO PÓ QUÍMICO 2-A:20-B:C, CAPACIDADE 6 KG","U",7,268.77,1881.39,2.9879292052928575E-4,0.98198696483783721]
[97599,"SINAPI","LUMINÁRIA DE EMERGÊNCIA, COM 30 LÂMPADAS LED DE 2 W, SEM REATOR - FORNECIMENTO E INSTALAÇÃO. AF_02/2020","UN",48,38.96,1870.08,2.9699672307358208E-4,0.9822839615609108]
[89699,"SINAPI","JUNÇÃO SIMPLES, PVC, SERIE R, ÁGUA PLUVIAL, DN 150 X 100 MM, JUNTA ELÁSTICA, FORNECIDO E INSTALADO EM CONDUTORES VERTICAIS DE ÁGUAS PLUVIAIS. AF_06/2022","UN",7,259.77999999999997,1818.46,2.8879869366037073E-4,0.98257276025457119]
[95547,"SINAPI","SABONETEIRA PLASTICA TIPO DISPENSER PARA SABONETE LIQUIDO COM RESERVATORIO 800 A 1500 ML, INCLUSO FIXAÇÃO. AF_01/2020","UN",33,55.09,1817.97,2.8872087431878855E-4,0.98286148112888994]
[89634,"SINAPI","TUBO, CPVC, SOLDÁVEL, DN 22MM, INSTALADO EM RAMAL OU SUB-RAMAL DE ÁGUA - FORNECIMENTO E INSTALAÇÃO. AF_06/2022","M",39.5,45.18,1784.61,2.8342280649188556E-4,0.98314490393538179]
["ED-28427","SETOP","FORNECIMENTO E COLOCAÇÃO DE PLACA DE OBRA EM CHAPA GALVANIZADA #26, ESP. 0,45MM, DIMENSÃO (3X1,5)M, PLOTADA COM ADESIVO VINÍLICO, AFIXADA COM REBITES 4,8X40MM, EM ESTRUTURA METÁLICA DE METALON 20X20MM, ESP. 1,25MM, INCLUSIVE SUPORTE EM EUCALIPTO AUTOCLAVADO PINTADO COM TINTA PVA DUAS (2) DEMÃOS","un",1,1759.03,1759.03,2.7936031923132869E-4,0.98342426425461316]
[104328,"SINAPI","CAIXA SIFONADA, COM GRELHA QUADRADA, PVC, DN 150 X 150 X 50 MM, JUNTA SOLDÁVEL, FORNECIDA E INSTALADA EM RAMAL DE DESCARGA OU EM RAMAL DE ESGOTO SANITÁRIO. AF_08/2022","UN",23,75.98,1747.54,2.7753553507871731E-4,0.98370179978969186]
[12001,"SINAPI","CAIXA OCTOGONAL DE FUNDO MOVEL, EM PVC, DE 4\" X 4\", PARA ELETRODUTO FLEXIVEL CORRUGADO","UN    ",194,8.91,1728.54,2.745180504051215E-4,0.98397631784009698]
[97669,"SINAPI","ELETRODUTO FLEXÍVEL CORRUGADO, PEAD, DN 90 (3\"), PARA REDE ENTERRADA DE DISTRIBUIÇÃO DE ENERGIA ELÉTRICA - FORNECIMENTO E INSTALAÇÃO. AF_12/2021","M",71.819999999999993,21.87,1570.7,2.4945069351668133E-4,0.98422576853361365]
["ED-19754","SETOP","MOBILIZAÇÃO E DESMOBILIZAÇÃO DE EQUIPAMENTO PARA ESTACA TIPO HÉLICE CONTÍNUA (CUSTO VARIÁVEL), EXCLUSIVE CUSTO FIXO DE TRANSPORTE","km",50,31.31,1565.5,2.4862485560601298E-4,0.98447439338921972]
[100865,"SINAPI","BARRA DE APOIO LATERAL ARTICULADA, COM TRAVA, EM ACO INOX POLIDO, FIXADA NA PAREDE - FORNECIMENTO E INSTALAÇÃO. AF_01/2020","UN",2,760.65,1521.3,2.416052333653322E-4,0.98471599862258508]
[97667,"SINAPI","ELETRODUTO FLEXÍVEL CORRUGADO, PEAD, DN 50 (1 1/2\"), PARA REDE ENTERRADA DE DISTRIBUIÇÃO DE ENERGIA ELÉTRICA - FORNECIMENTO E INSTALAÇÃO. AF_12/2021","M",143.63,10.42,1496.62,2.3768567958931406E-4,0.98495368430217434]
["ED-50314","SETOP","CHUVEIRO ELÉTRICO COM RESISTÊNCIA BLINDADA, TENSÃO 127V/220V, POTÊNCIA 5500W/6800W, INCLUSIVE BRAÇO, FORNECIMENTO E INSTALAÇÃO","un",5,298.57,1492.85,2.370869471040795E-4,0.98519077124927845]
["COT-INC-001","COTAÇÃO","PLACA FOTOLUMINESCENTE \"S3\"","UN ",31,47.12,1460.72,2.319842217060462E-4,0.98542275547098446]
["ED-50151","SETOP","LIGAÇÃO PROVISÓRIA COM ENTRADA DE ENERGIA AÉREA, PADRÃO CEMIG, CARGA INSTALADA DE 15,1KVA ATÉ 30KVA, TRIFÁSICO, COM SAÍDA SUBTERRÂNEA, INCLUSIVE POSTE, CAIXA PARA MEDIDOR, DISJUNTOR, BARRAMENTO, ATERRAMENTO E ACESSÓRIOS","un",1,1457.18,1457.18,2.3142201666686045E-4,0.98565417748765127]
["11.92.44","SUDECAP","CARTUCHO Nº45 PARA SOLDA EXOTERMICA","UN",70,20.73,1451.1,2.3045642157130977E-4,0.98588463390922254]
[39602,"SINAPI","CONECTOR MACHO RJ 45, CATEGORIA 5 E (CAT 5E) PARA CABOS","UN    ",813,1.78,1447.14,2.2982751423933931E-4,0.98611446142346193]
[96988,"SINAPI","MASTRO 1 ½  PARA SPDA - FORNECIMENTO E INSTALAÇÃO. AF_12/2017","UN",7,205.55,1438.85,2.2851093803175456E-4,0.98634297236149371]
[39458,"SINAPI","DISPOSITIVO DR, 4 POLOS, SENSIBILIDADE DE 30 MA, CORRENTE DE 80 A, TIPO AC","UN    ",2,718.7,1437.4,2.282806563066644E-4,0.98657125301780035]
[92484,"SINAPI","MONTAGEM E DESMONTAGEM DE FÔRMA DE LAJE MACIÇA, PÉ-DIREITO SIMPLES, EM MADEIRA SERRADA, 2 UTILIZAÇÕES. AF_09/2020","M2",3.88,355.77,1380.38,2.1922502598622053E-4,0.98679047804378661]
["ED-50437","SETOP","PLANTIO DE GRAMA ESMERALDA EM PLACAS, INCLUSIVE TERRA VEGETAL E CONSERVAÇÃO POR TRINTA (30) DIAS","m2",36.85,36.979999999999997,1362.71,2.1641876523977643E-4,0.98700689680902642]
["COT-INC-010","COTAÇÃO","QUADRO DE COMANDO PARA BOMBA DE INCÊNDIO","UN ",1,1352.95,1352.95,2.1486873100744509E-4,0.98722176554003382]
[90373,"SINAPI","JOELHO 90 GRAUS COM BUCHA DE LATÃO, PVC, SOLDÁVEL, DN 25MM, X 1/2  INSTALADO EM RAMAL OU SUB-RAMAL DE ÁGUA - FORNECIMENTO E INSTALAÇÃO. AF_06/2022","UN",80,16.78,1342.4,2.1319323293868533E-4,0.98743495877297249]
[101896,"SINAPI","DISJUNTOR TERMOMAGNÉTICO TRIPOLAR , CORRENTE NOMINAL DE 200A - FORNECIMENTO E INSTALAÇÃO. AF_10/2020","UN",1,1336.75,1336.75,2.122959282857476E-4,0.98764725470125825]
[90446,"SINAPI","RASGO EM CONTRAPISO PARA RAMAIS/ DISTRIBUIÇÃO COM DIÂMETROS MAIORES QUE 75 MM. AF_05/2015","M",35.299999999999997,37.69,1330.45,2.1129539389397637E-4,0.98785855009515222]
["ED-51120","SETOP","REATERRO MANUAL DE VALA, INCLUSIVE ESPALHAMENTO E COMPACTAÇÃO MANUAL COM SOQUETE","m3",17.079011250000004,76.680000000000007,1309.6099999999999,2.0798568965199019E-4,0.98806653578480419]
[100849,"SINAPI","ASSENTO SANITÁRIO CONVENCIONAL - FORNECIMENTO E INSTALACAO. AF_01/2020","UN",22,58.12,1278.6400000000001,2.0306718963402905E-4,0.98826960297443822]
["ED-49197","SETOP","CAIXA DE INSPEÇÃO EM CONCRETO, TIPO \"ZA\" PASSEIO, PADRÃO CEMIG, DIMENSÃO (28X28)CM, ALTURA 40CM, COM TAMPA E ARO ARTICULADO EM FERRO FUNDIDO, INCLUSIVE ESCAVAÇÃO, APILOAMENTO, LASTRO DE BRITA, REATERRO E TRANSPORTE E RETIRADA DO MATERIAL ESCAVADO (EM CAÇAMBA)","un",5,254.16,1270.8,2.018220801687137E-4,0.98847142505460694]
[104167,"SINAPI","JOELHO 90 GRAUS, PVC, SERIE R, ÁGUA PLUVIAL, DN 150 MM, JUNTA ELÁSTICA, FORNECIDO E INSTALADO EM RAMAL DE ENCAMINHAMENTO. AF_06/2022","UN",8,158.76,1270.08,2.0170773338108269E-4,0.98867313278798807]
["ED-50185","SETOP","PRESSOSTATO TELEMECANIQUE, MODELO XML B004 A2S11, COM ESCALA DE 3 A 58 PSI","U",1,1263.69,1263.69,2.0069290564085759E-4,0.98887382569362892]
["ED-49813","SETOP","LASTRO DE BRITA COM PEDRA BRITADA NÚMERO 2 E 3, INCLUSIVE ADENSAMENTO E APILOAMENTO MANUAL","m3",5.66,222.29,1258.1500000000001,1.9981307063603019E-4,0.98907363876426491]
["DAC-13.2","CPU","JUNÇÃO SIMPLES, PVC, SERIE NORMAL, ESGOTO PREDIAL, DN 100 X 50 MM, JUNTA ELÁSTICA, FORNECIDO E INSTALADO EM PRUMADA DE ESGOTO SANITÁRIO OU VENTILAÇÃO","UN    ",22,56.97,1253.3399999999999,1.9904917056866198E-4,0.98927268793483358]
[91851,"SINAPI","ELETRODUTO FLEXÍVEL LISO, PEAD, DN 40 MM (1 1/4\"), PARA CIRCUITOS TERMINAIS, INSTALADO EM LAJE - FORNECIMENTO E INSTALAÇÃO. AF_03/2023","M",112.4,10.77,1210.54,1.9225188930393035E-4,0.98946493982413752]
[91953,"SINAPI","INTERRUPTOR SIMPLES (1 MÓDULO), 10A/250V, INCLUINDO SUPORTE E PLACA - FORNECIMENTO E INSTALAÇÃO. AF_03/2023","UN",35,34.57,1209.95,1.9215818846406608E-4,0.9896570980126016]
[89985,"SINAPI","REGISTRO DE PRESSÃO BRUTO, LATÃO, ROSCÁVEL, 3/4\", COM ACABAMENTO E CANOPLA CROMADOS - FORNECIMENTO E INSTALAÇÃO. AF_08/2021","UN",8,150.91,1207.28,1.9173415245993442E-4,0.98984883216506159]
[96989,"SINAPI","CAPTOR TIPO FRANKLIN PARA SPDA - FORNECIMENTO E INSTALAÇÃO. AF_12/2017","UN",7,172.06,1204.42,1.9127994160906688E-4,0.99004011210667064]
["ED-51093","SETOP","APILOAMENTO MANUAL EM FUNDO DE VALA COM SOQUETE, EXCLUSIVE ESCAVAÇÃO","m2",45.202500000000001,25.84,1168.03,1.8550066438421676E-4,0.99022561277105481]
["DAC-13.1","CPU","JOELHO PVC, COM BOLSA E ANEL, 90 GRAUS, DN 40 X *38* MM,SERIE NORMAL, PARA ESGOTO PREDIAL - FORNECIDO E INSTALADO EM RAMAL DE DESCARGA OU RAMAL DE ESGOTO SANITÁRIO","UN    ",52,21.85,1136.2,1.8044558348102968E-4,0.99040605835453588]
[93653,"SINAPI","DISJUNTOR MONOPOLAR TIPO DIN, CORRENTE NOMINAL DE 10A - FORNECIMENTO E INSTALAÇÃO. AF_10/2020","UN",48,23.49,1127.52,1.7906706943014486E-4,0.99058512542396604]
[104315,"SINAPI","TUBO, PVC, SOLDÁVEL, DN 20 MM, INSTALADO EM DRENO DE AR CONDICIONADO - FORNECIMENTO E INSTALAÇÃO. AF_08/2022","M",57.9,19.38,1122.0999999999999,1.7820629222325594E-4,0.99076333171618924]
["ED-48340","SETOP","BANCADA SIMPLES EM CONCRETO, APOIADA EM ALVENARIA","m2",3.12,359.02,1120.1400000000001,1.7789501485692712E-4,0.99094122673104612]
["ED-15752","SETOP","CONJUNTO DE UMA (1) TOMADA DE DADOS (CONECTOR RJ45 CAT.6E), COM PLACA 4\"X2\" DE UM (1) POSTO, INCLUSIVE FORNECIMENTO, INSTALAÇÃO, SUPORTE, MÓDULO E PLACA","un",23,47.64,1095.72,1.7401675297644238E-4,0.99111524348402258]
[89797,"SINAPI","JUNÇÃO SIMPLES, PVC, SERIE NORMAL, ESGOTO PREDIAL, DN 100 X 100 MM, JUNTA ELÁSTICA, FORNECIDO E INSTALADO EM RAMAL DE DESCARGA OU RAMAL DE ESGOTO SANITÁRIO. AF_08/2022","UN",17,64.319999999999993,1093.44,1.7365465481561089E-4,0.99128889813883814]
["ED-50326","SETOP","TORNEIRA METÁLICA PARA PIA, ABERTURA 1/4 DE VOLTA, ACABAMENTO CROMADO, COM AREJADOR, APLICAÇÃO DE PAREDE, INCLUSIVE FORNECIMENTO E INSTALAÇÃO","un",11,98.01,1078.1099999999999,1.712200211289675E-4,0.99146011815996715]
[89395,"SINAPI","TE, PVC, SOLDÁVEL, DN 25MM, INSTALADO EM RAMAL OU SUB-RAMAL DE ÁGUA - FORNECIMENTO E INSTALAÇÃO. AF_06/2022","UN",71,14.79,1050.0899999999999,1.6677002531032779E-4,0.99162688818527744]
[95544,"SINAPI","PAPELEIRA DE PAREDE EM METAL CROMADO SEM TAMPA, INCLUSO FIXAÇÃO. AF_01/2020","UN",22,47.73,1050.06,1.6676526086084319E-4,0.99179365344613823]
[89728,"SINAPI","CURVA CURTA 90 GRAUS, PVC, SERIE NORMAL, ESGOTO PREDIAL, DN 40 MM, JUNTA SOLDÁVEL, FORNECIDO E INSTALADO EM RAMAL DE DESCARGA OU RAMAL DE ESGOTO SANITÁRIO. AF_08/2022","UN",63,15.9,1001.7,1.5908496829162774E-4,0.99195273841442988]
[91872,"SINAPI","ELETRODUTO RÍGIDO ROSCÁVEL, PVC, DN 32 MM (1\"), PARA CIRCUITOS TERMINAIS, INSTALADO EM PAREDE - FORNECIMENTO E INSTALAÇÃO. AF_03/2023","M",45,22.07,993.15,1.5772710018850962E-4,0.99211046551461834]
[89784,"SINAPI","TE, PVC, SERIE NORMAL, ESGOTO PREDIAL, DN 50 X 50 MM, JUNTA ELÁSTICA, FORNECIDO E INSTALADO EM RAMAL DE DESCARGA OU RAMAL DE ESGOTO SANITÁRIO. AF_08/2022","UN",34,29.2,992.8,1.5767151494452231E-4,0.99226813702956285]
["DAC-21.5","CPU","INSTALAÇÃO DE BOMBA HIDRÁULICA E QUADRO DE COMANDO PARA O SISTEMA DE COMBATE A INCÊNDIO","UN ",1,991,991,1.5738564797544482E-4,0.99242552267753825]
[89799,"SINAPI","TUBO PVC, SERIE NORMAL, ESGOTO PREDIAL, DN 75 MM, FORNECIDO E INSTALADO EM PRUMADA DE ESGOTO SANITÁRIO OU VENTILAÇÃO. AF_08/2022","M",33,29.2,963.6,1.5303411744615404E-4,0.99257855679498441]
["COT-ARQ-001","COTAÇÃO","BOX PARA BANHEIRO 1,65x1,90 M - FORNECIMENTO E INSTALAÇÃO","UN ",1,961.55,961.55,1.5270854673137132E-4,0.99273126534171574]
[104168,"SINAPI","JOELHO 45 GRAUS, PVC, SERIE R, ÁGUA PLUVIAL, DN 150 MM, JUNTA ELÁSTICA, FORNECIDO E INSTALADO EM RAMAL DE ENCAMINHAMENTO. AF_06/2022","UN",6,154.35,926.1,1.4707855559037281E-4,0.99287834389730611]
[89802,"SINAPI","JOELHO 45 GRAUS, PVC, SERIE NORMAL, ESGOTO PREDIAL, DN 50 MM, JUNTA ELÁSTICA, FORNECIDO E INSTALADO EM PRUMADA DE ESGOTO SANITÁRIO OU VENTILAÇÃO. AF_08/2022","UN",71,12.98,921.58,1.4636071186802265E-4,0.99302470460917414]
[96987,"SINAPI","BASE METÁLICA PARA MASTRO 1 ½  PARA SPDA - FORNECIMENTO E INSTALAÇÃO. AF_12/2017","UN",7,130.68,914.76,1.4527759368518456E-4,0.99316998220285935]
[103976,"SINAPI","TE DE REDUÇÃO, 90 GRAUS, PVC, SOLDÁVEL, DN 50 MM X 32 MM, INSTALADO EM PRUMADA DE ÁGUA - FORNECIMENTO E INSTALAÇÃO. AF_06/2022","UN",26,35,910,1.4452163436695742E-4,0.9933145038372263]
[98111,"SINAPI","CAIXA DE INSPEÇÃO PARA ATERRAMENTO, CIRCULAR, EM POLIETILENO, DIÂMETRO INTERNO = 0,3 M. AF_12/2020","UN",16,56.54,904.64,1.4367038605903775E-4,0.99345817422328531]
["11.92.01","SUDECAP","TERMINAL AEREO (CAPTOR), ACO GALV. D= 3/8\"X250MM","UN",50,17.04,852,1.3531036536334914E-4,0.9935934845886486]
[89850,"SINAPI","JOELHO 90 GRAUS, PVC, SERIE NORMAL, ESGOTO PREDIAL, DN 100 MM, JUNTA ELÁSTICA, FORNECIDO E INSTALADO EM SUBCOLETOR AÉREO DE ESGOTO SANITÁRIO. AF_08/2022","UN",22,37.79,831.38,1.3203560041758356E-4,0.99372552018906624]
[89801,"SINAPI","JOELHO 90 GRAUS, PVC, SERIE NORMAL, ESGOTO PREDIAL, DN 50 MM, JUNTA ELÁSTICA, FORNECIDO E INSTALADO EM PRUMADA DE ESGOTO SANITÁRIO OU VENTILAÇÃO. AF_08/2022","UN",69,11.95,824.55,1.3095089408491728E-4,0.99385647108315112]
["ED-15767","SETOP","CONJUNTO DE UM (1) INTERRUPTOR BIPOLAR SIMPLES, CORRENTE 10A, TENSÃO 250V, (10A-250V) E UMA (1) TOMADA PADRÃO, TRÊS (3) POLOS, CORRENTE 10A, TENSÃO 250V, (2P+T/10A-250V), COM PLACA 4\"X2\" DE DOIS (2) POSTOS, INCLUSIVE FORNECIMENTO, INSTALAÇÃO, SUPORTE, MÓDULO E PLACA","un",11,74.58,820.38,1.3028863560655442E-4,0.99398675971875772]
[102719,"SINAPI","ENCHIMENTO DE BRITA PARA DRENO, LANÇAMENTO MANUAL. AF_07/2021","M3",4.29,188.07,806.82,1.2813510443950395E-4,0.99411489482319726]
["ED-16357","SETOP","LIGAÇÕES PROVISÓRIAS PARA CONTAINER TIPO 2 (CORRESPONDENTE AO CÓDIGO ED-16349)","un",1,803.4,803.4,1.2759195719825667E-4,0.99424248678039551]
[103951,"SINAPI","JOELHO DE REDUÇÃO, 90 GRAUS, PVC, SOLDÁVEL, DN 32 MM X 25 MM, INSTALADO EM RAMAL OU SUB-RAMAL DE ÁGUA - FORNECIMENTO E INSTALAÇÃO. AF_06/2022","UN",42,18.8,789.6,1.254003104353292E-4,0.99436788709083079]
["ED-50323","SETOP","TORNEIRA METÁLICA PARA IRRIGAÇÃO/JARDIM, ACABAMENTO CROMADO, APLICAÇÃO DE PAREDE, INCLUSIVE FORNECIMENTO E INSTALAÇÃO","un",14,55.39,775.46,1.2315466657824263E-4,0.99449104175740899]
[104329,"SINAPI","CAIXA SIFONADA, COM GRELHA REDONDA, PVC, DN 150 X 150 X 50 MM, JUNTA SOLDÁVEL, FORNECIDA E INSTALADA EM RAMAL DE DESCARGA OU EM RAMAL DE ESGOTO SANITÁRIO. AF_08/2022","UN",9,85.7,771.3,1.2249399624970797E-4,0.99461353575365874]
[98297,"SINAPI","CABO ELETRÔNICO CATEGORIA 6, INSTALADO EM EDIFICAÇÃO INSTITUCIONAL - FORNECIMENTO E INSTALAÇÃO. AF_11/2019","M",82,9.23,756.86,1.2020070789777516E-4,0.99473373646155649]
[89481,"SINAPI","JOELHO 90 GRAUS, PVC, SOLDÁVEL, DN 25MM, INSTALADO EM PRUMADA DE ÁGUA - FORNECIMENTO E INSTALAÇÃO. AF_06/2022","UN",117,6.16,720.72,1.1446113441863028E-4,0.99484819759597509]
[90468,"SINAPI","CHUMBAMENTO LINEAR EM CONTRAPISO PARA RAMAIS/DISTRIBUIÇÃO COM DIÂMETROS MENORES OU IGUAIS A 40 MM. AF_05/2015","M",103.15,6.98,719.98,1.1434361133134286E-4,0.99496254120730643]
["DAC-6.5","CPU","APLICAÇÃO DE PELÍCULA JATEADA EM ESQUADRIAS","M2",98.88000000000001,7.09,701.05,1.113372437065445E-4,0.99507387845101303]
[89383,"SINAPI","ADAPTADOR CURTO COM BOLSA E ROSCA PARA REGISTRO, PVC, SOLDÁVEL, DN 25MM X 3/4 , INSTALADO EM RAMAL OU SUB-RAMAL DE ÁGUA - FORNECIMENTO E INSTALAÇÃO. AF_06/2022","UN",92,7.61,700.12,1.1118954577252113E-4,0.99518506799678552]
["ED-13940","SETOP","CABO DE COBRE NU #35MM2 - 7 FIOSX2,50MM, PARA ELEMENTOS  DE CAPTAÇÃO/ ANEL DE CINTAMENTO/ DESCIDA (SPDA), INCLUSIVE SUPORTE E ISOLADOR","m",11.08,61.32,679.42,1.0790207562812988E-4,0.99529297007241369]
[93664,"SINAPI","DISJUNTOR BIPOLAR TIPO DIN, CORRENTE NOMINAL DE 32A - FORNECIMENTO E INSTALAÇÃO. AF_10/2020","UN",5,129.96,649.79999999999995,1.0319797583697684E-4,0.99539616804825071]
[89366,"SINAPI","JOELHO 90 GRAUS COM BUCHA DE LATÃO, PVC, SOLDÁVEL, DN 25MM, X 3/4  INSTALADO EM RAMAL OU SUB-RAMAL DE ÁGUA - FORNECIMENTO E INSTALAÇÃO. AF_06/2022","UN",29,21.72,629.88,1.0003438137918587E-4,0.99549620242962988]
[89584,"SINAPI","JOELHO 90 GRAUS, PVC, SERIE R, ÁGUA PLUVIAL, DN 100 MM, JUNTA ELÁSTICA, FORNECIDO E INSTALADO EM CONDUTORES VERTICAIS DE ÁGUAS PLUVIAIS. AF_06/2022","UN",11,54.46,599.05999999999995,9.5139703608647797E-5,0.99559134213323852]
["COT-DAD-002","COTAÇÃO","HD 2 TB","UN ",1,586.79,586.79,9.3191043769436192E-5,0.995684533177008]
["RO-40981","SETOP","Manta geotêxtil não tecida, A/300, OP/30 ou similar, resistência à tração de 21 KN/m2 (Execução, incluindo fornecimento, transporte e colocação)","m2",64.38,8.83,568.47,9.0281553284158559E-5,0.99577481473029217]
["COT-ARQ-005","COTAÇÃO","PORTA SANFONADA PVC 1000  X 2100 MM, COMPLETA, NA COR BRANCA","UN ",2,274.64,549.28,8.7233893763826766E-5,0.99586204862405603]
[90470,"SINAPI","CHUMBAMENTO LINEAR EM CONTRAPISO PARA RAMAIS/DISTRIBUIÇÃO COM DIÂMETROS MAIORES QUE 75 MM. AF_05/2015","M",35.299999999999997,15.56,549.26,8.7230717464170353E-5,0.99594927934152022]
[89531,"SINAPI","JOELHO 45 GRAUS, PVC, SERIE R, ÁGUA PLUVIAL, DN 100 MM, JUNTA ELÁSTICA, FORNECIDO E INSTALADO EM RAMAL DE ENCAMINHAMENTO. AF_06/2022","UN",11,48.11,529.21,8.404647705861268E-5,0.99603332581857884]
[92896,"SINAPI","UNIÃO, EM FERRO GALVANIZADO, DN 65 (2 1/2\"), CONEXÃO ROSQUEADA, INSTALADO EM REDE DE ALIMENTAÇÃO PARA HIDRANTE - FORNECIMENTO E INSTALAÇÃO. AF_10/2020","UN",2,264.45,528.9,8.3997244413938215E-5,0.99611732306299283]
["ED-49639","SETOP","FORNECIMENTO DE CONCRETO ESTRUTURAL, USINADO BOMBEADO, COM FCK 30MPA, INCLUSIVE LANÇAMENTO, ADENSAMENTO E ACABAMENTO","m3",0.54,948.44,512.15,8.1337093451689269E-5,0.99619866015644454]
[99624,"SINAPI","VÁLVULA DE RETENÇÃO HORIZONTAL, DE BRONZE, ROSCÁVEL, 2 1/2\" - FORNECIMENTO E INSTALAÇÃO. AF_08/2021","UN",1,511.69,511.69,8.126403855959169E-5,0.99627992419500411]
["ED-50484","SETOP","EMASSAMENTO EM PAREDE EM CHAPA DE GESSO ACARTONADO (DRYWALL) COM MASSA CORRIDA (PVA), UMA (1) DEMÃO, INCLUSIVE LIXAMENTO PARA PINTURA",36.498000000000005,36.498000000000005,13.94,508.78,8.0801886959583065E-5,0.99636072608196369]
[92642,"SINAPI","TÊ, EM FERRO GALVANIZADO, CONEXÃO ROSQUEADA, DN 65 (2 1/2\"), INSTALADO EM REDE DE ALIMENTAÇÃO PARA HIDRANTE - FORNECIMENTO E INSTALAÇÃO. AF_10/2020","UN",2,248.21,496.42,7.8838933771917583E-5,0.99643956501573561]
[11749,"SINAPI","VALVULA DE ESFERA BRUTA EM BRONZE, BITOLA 3/4 \" (REF 1552-B)","UN    ",5,98.93,494.65,7.8557831252324705E-5,0.99651812284698793]
["ED-50150","SETOP","LIGAÇÃO DE ÁGUA PROVISÓRIA PARA CANTEIRO,  INCLUSIVE HIDRÔMETRO E CAVALETE PARA MEDIÇÃO DE ÁGUA - ENTRADA PRINCIPAL, EM AÇO GALVANIZADO DN 20MM (1/2\") - PADRÃO CONCESSIONÁRIA","un",1,470.14,470.14,7.4665276023386105E-5,0.99659278812301133]
[89681,"SINAPI","REDUÇÃO EXCÊNTRICA, PVC, SERIE R, ÁGUA PLUVIAL, DN 150 X 100 MM, JUNTA ELÁSTICA, FORNECIDO E INSTALADO EM CONDUTORES VERTICAIS DE ÁGUAS PLUVIAIS. AF_06/2022","UN",4,115.48,461.92,7.3359816864598871E-5,0.99666614793987596]
[90406,"SINAPI","MASSA ÚNICA, PARA RECEBIMENTO DE PINTURA, EM ARGAMASSA TRAÇO 1:2:8, PREPARO MECÂNICO COM BETONEIRA 400L, APLICADA MANUALMENTE EM TETO, ESPESSURA DE 20MM, COM EXECUÇÃO DE TALISCAS. AF_03/2015","M2",7.96,57.23,455.55,7.2348165424030166E-5,0.99673849610529996]
[93654,"SINAPI","DISJUNTOR MONOPOLAR TIPO DIN, CORRENTE NOMINAL DE 16A - FORNECIMENTO E INSTALAÇÃO. AF_10/2020","UN",18,24.19,435.42,6.9151219819846817E-5,0.99680764732511984]
[91955,"SINAPI","INTERRUPTOR PARALELO (1 MÓDULO), 10A/250V, INCLUINDO SUPORTE E PLACA - FORNECIMENTO E INSTALAÇÃO. AF_03/2023","UN",10,42.01,420.1,6.6718174283031658E-5,0.99687436549940289]
["ED-16358","SETOP","LIGAÇÕES PROVISÓRIAS PARA CONTAINER TIPO 3 (CORRESPONDENTE AO CÓDIGO ED-16350)","un",1,418.78,418.78,6.6508538505708159E-5,0.99694087403790865]
["ED-16359","SETOP","LIGAÇÕES PROVISÓRIAS PARA CONTAINER TIPO 4 (CORRESPONDENTE AO CÓDIGO ED-16351)","un",1,418.78,418.78,6.6508538505708159E-5,0.99700738257641441]
[104348,"SINAPI","TERMINAL DE VENTILAÇÃO, PVC, SÉRIE NORMAL, ESGOTO PREDIAL, DN 50 MM, JUNTA SOLDÁVEL, FORNECIDO E INSTALADO EM PRUMADA DE ESGOTO SANITÁRIO OU VENTILAÇÃO. AF_08/2022","UN",27,14.89,402.03,6.3848387543459213E-5,0.99707123096395789]
[100574,"SINAPI","ESPALHAMENTO DE MATERIAL COM TRATOR DE ESTEIRAS. AF_11/2019","M3",242.54000000000002,1.64,397.76,6.3170247566814264E-5,0.99713440121152475]
[95602,"SINAPI","ARRASAMENTO MECANICO DE ESTACA DE CONCRETO ARMADO, DIAMETROS DE 41 CM A 60 CM. AF_05/2021","UN",13,30.51,396.63,6.2990786636226716E-5,0.99719739199816093]
[92688,"SINAPI","TUBO DE AÇO GALVANIZADO COM COSTURA, CLASSE MÉDIA, CONEXÃO ROSQUEADA, DN 20 (3/4\"), INSTALADO EM RAMAIS E SUB-RAMAIS DE GÁS - FORNECIMENTO E INSTALAÇÃO. AF_10/2020","M",7.35,52.73,387.56,6.1550334742041776E-5,0.99725894233290302]
[39457,"SINAPI","DISPOSITIVO DR, 4 POLOS, SENSIBILIDADE DE 30 MA, CORRENTE DE 63 A, TIPO AC","UN    ",1,385.15,385.15,6.1167590633443567E-5,0.99732010992353648]
["ED-50331","SETOP","TORNEIRA METÁLICA PARA TANQUE, ACABAMENTO CROMADO, BICO COM ROSCA, INCLUSIVE FORNECIMENTO E INSTALAÇÃO","un",4,95.64,382.56,6.0756259827937614E-5,0.99738086618336441]
[89368,"SINAPI","JOELHO 45 GRAUS, PVC, SOLDÁVEL, DN 32MM, INSTALADO EM RAMAL OU SUB-RAMAL DE ÁGUA - FORNECIMENTO E INSTALAÇÃO. AF_06/2022","UN",21,18.149999999999999,381.15,6.0532330702160232E-5,0.99744139851406655]
[89668,"SINAPI","CONECTOR, CPVC, SOLDÁVEL, DN22MM X 3/4\u0094, INSTALADO EM RAMAL OU SUB-RAMAL DE ÁGUA - FORNECIMENTO E INSTALAÇÃO. AF_06/2022","UN",10,37.36,373.6,5.9333277581862961E-5,0.99750073179164844]
[104317,"SINAPI","JOELHO 90 GRAUS, PVC, SOLDÁVEL, DN 20 MM, INSTALADO EM DRENO DE AR CONDICIONADO - FORNECIMENTO E INSTALAÇÃO. AF_08/2022","UN",49,7.55,369.95,5.8753602894566917E-5,0.99755948539454298]
["COT-ELE-002","COTAÇÃO","DISPOSITIVO DE PROTEÇÃO CONTRA SURTOS 175V/ 8KA","UN ",4,90.13,360.52,5.7255977606566466E-5,0.99761674137214951]
[89810,"SINAPI","JOELHO 45 GRAUS, PVC, SERIE NORMAL, ESGOTO PREDIAL, DN 100 MM, JUNTA ELÁSTICA, FORNECIDO E INSTALADO EM PRUMADA DE ESGOTO SANITÁRIO OU VENTILAÇÃO. AF_08/2022","UN",10,35.69,356.9,5.6681067368755053E-5,0.99767342243951829]
[39455,"SINAPI","DISPOSITIVO DR, 4 POLOS, SENSIBILIDADE DE 30 MA, CORRENTE DE 25 A, TIPO AC","UN    ",1,353.02,353.02,5.6064865235410226E-5,0.99772948730475375]
["DAC-21.2","CPU","INSTALAÇÃO DE PLACAS","UN ",38,9.27,352.26,5.5944165848466394E-5,0.99778543147060217]
["COT-INC-008","COTAÇÃO","BATERIA PARA ALARME DE INCÊNDIO ","UN ",2,170.04,340.08,5.4009799357708651E-5,0.99783944126995983]
["COT-ELE-001","COTAÇÃO","DISJUNTOR TRIPOLAR TERMOMAGNÉTICO 80A / 10KA","UN ",1,328.82,328.82,5.2221542651146085E-5,0.99789166281261099]
[89785,"SINAPI","JUNÇÃO SIMPLES, PVC, SERIE NORMAL, ESGOTO PREDIAL, DN 50 X 50 MM, JUNTA ELÁSTICA, FORNECIDO E INSTALADO EM RAMAL DE DESCARGA OU RAMAL DE ESGOTO SANITÁRIO. AF_08/2022","UN",10,32.5,325,5.1614869416770501E-5,0.99794327768202773]
["ED-50180","SETOP","ACIONADOR MANUAL DE ALARME DE INCÊNDIO","un",2,152.81,305.62,4.8537035049702777E-5,0.99799181471707743]
["ED-9076","SETOP","FORNECIMENTO DE ANDAIME METÁLICO TUBULAR TIPO TORRE (LOCAÇÃO), INCLUSIVE RODÍZIOS, EXCLUSIVE MONTAGEM E DESMONTAGEM","mxmês",12,25.3,303.60000000000002,4.8216228784404697E-5,0.9980400309458618]
[89726,"SINAPI","JOELHO 45 GRAUS, PVC, SERIE NORMAL, ESGOTO PREDIAL, DN 40 MM, JUNTA SOLDÁVEL, FORNECIDO E INSTALADO EM RAMAL DE DESCARGA OU RAMAL DE ESGOTO SANITÁRIO. AF_08/2022","UN",25,12.12,303,4.8120939794712192E-5,0.99808815188565647]
["ED-48227","SETOP","ALVENARIA DE VEDAÇÃO COM TIJOLO MACIÇO REQUEIMADO, ESP. 10CM, PARA REVESTIMENTO, INCLUSIVE ARGAMASSA PARA ASSENTAMENTO","m2",2.6999999999999993,110.85,299.29000000000002,4.753173620844691E-5,0.99813568362186489]
["ED-50194","SETOP","BASE DECORATIVA PARA EXTINTORES","U",7,40.35,282.45,4.4857291897744088E-5,0.99818054091376263]
[94496,"SINAPI","REGISTRO DE GAVETA BRUTO, LATÃO, ROSCÁVEL, 1 1/4\" - FORNECIMENTO E INSTALAÇÃO. AF_08/2021","UN",2,140.94,281.88,4.4766767357536215E-5,0.99822530768112017]
["COT-DAD-005","COTAÇÃO","RÉGUA DE TOMADAS 10A- 10 SAÍDAS PADRÃO","UN ",2,137.03,274.06,4.3524834191877303E-5,0.99826883251531207]
[89351,"SINAPI","REGISTRO DE PRESSÃO BRUTO, LATÃO,  ROSCÁVEL, 3/4'' - FORNECIMENTO E INSTALAÇÃO. AF_08/2021","UN",5,54.51,272.55,4.3285023567817853E-5,0.99831211753887983]
[6138,"SINAPI","ANEL DE VEDACAO, PVC FLEXIVEL, 100 MM, PARA SAIDA DE BACIA / VASO SANITARIO","UN    ",22,12.17,267.74,4.2521123500449649E-5,0.99835463866238028]
[89649,"SINAPI","JOELHO 90 GRAUS, CPVC, SOLDÁVEL, DN 35MM, INSTALADO EM RAMAL OU SUB-RAMAL DE ÁGUA   FORNECIMENTO E INSTALAÇÃO. AF_06/2022","UN",7,37.549999999999997,262.85000000000002,4.1744518234455781E-5,0.99839638318061474]
["ED-50201","SETOP","PLACA FOTOLUMINESCENTE PARA SINALIZAÇÃO DE EMERGÊNCIA, TIPO \"S2\", DIMENSÃO (380X190)MM, INCLUSIVE FIXAÇÃO","un",9,29.06,261.54000000000002,4.1536470606960489E-5,0.99843791965122175]
["11.92.04","SUDECAP","MOLDE P/ SOLDA EXOTERMICA HCL 5/8\".50-5","UN",1,247.96,247.96,3.9379763140253583E-5,0.99847729941436203]
[93661,"SINAPI","DISJUNTOR BIPOLAR TIPO DIN, CORRENTE NOMINAL DE 16A - FORNECIMENTO E INSTALAÇÃO. AF_10/2020","UN",2,123.5,247,3.9227300756745581E-5,0.99851652671511881]
["ED-51053","SETOP","CAIXA DE EQUALIZAÇÃO PARA USO INTERNO COM 9 TERMINAIS 210X210X90MM EM AÇO","U",1,243.09,243.09,3.8606334173916128E-5,0.99855513304929278]
[89497,"SINAPI","JOELHO 90 GRAUS, PVC, SOLDÁVEL, DN 40MM, INSTALADO EM PRUMADA DE ÁGUA - FORNECIMENTO E INSTALAÇÃO. AF_06/2022","UN",14,17.190000000000001,240.66,3.8220413765661507E-5,0.99859335346305844]
[2003935,"SICRO","Tubo de PVC para dreno tipo barbacã - D = 50 mm - fornecimento e instalação","m",21.27,11.08,235.67,3.7427927001385551E-5,0.99863078139005979]
["DAC-13.7","CPU","TE, PVC, SERIE NORMAL, ESGOTO PREDIAL, DN 100 X 50 MM, JUNTA ELÁSTICA, FORNECIDO E INSTALADO EM RAMAL DE DESCARGA OU RAMAL DE ESGOTO SANITÁRIO.","UN    ",5,46.73,233.65,3.7107120736087471E-5,0.99866788851079591]
[92377,"SINAPI","NIPLE, EM FERRO GALVANIZADO, DN 65 (2 1/2\"), CONEXÃO ROSQUEADA, INSTALADO EM REDE DE ALIMENTAÇÃO PARA HIDRANTE - FORNECIMENTO E INSTALAÇÃO. AF_10/2020","UN",2,112.14,224.28,3.5619024347056271E-5,0.99870350753514292]
["ED-49620","SETOP","FORNECIMENTO DE CONCRETO ESTRUTURAL, PREPARADO EM OBRA, COM FCK 30MPA, INCLUSIVE LANÇAMENTO, ADENSAMENTO E ACABAMENTO","m3",0.23,974.44,224.12,3.5593613949804938E-5,0.9987391011490927]
[39391,"SINAPI","LUMINARIA LED REFLETOR RETANGULAR BIVOLT, LUZ BRANCA, 50 W","UN    ",3,73.48,220.44,3.5009174813024275E-5,0.99877411032390573]
["COT-INC-007","COTAÇÃO","SINALIZADOR VISUAL E ACÚSTICO PARA SISTEMA DE INCÊNDIO ENDEREÇÁVEL ","UN ",2,109.14,218.28,3.4666134450131282E-5,0.99880877645835586]
[89706,"SINAPI","TÊ, CPVC, SOLDÁVEL, DN35MM, INSTALADO EM RAMAL OU SUB-RAMAL DE ÁGUA   FORNECIMENTO E INSTALAÇÃO. AF_06/2022","UN",3,70.97,212.91,3.381329799238341E-5,0.99884258975634821]
[89645,"SINAPI","JOELHO DE TRANSIÇÃO, 90 GRAUS, CPVC, SOLDÁVEL, DN 22MM X 3/4\u0094, INSTALADO EM RAMAL OU SUB-RAMAL DE ÁGUA - FORNECIMENTO E INSTALAÇÃO. AF_06/2022","UN",5,41.23,206.15,3.2739708708514583E-5,0.99887532946505675]
[101917,"SINAPI","MANÔMETRO 0 A 200 PSI (0 A 14 KGF/CM2), D = 50MM - FORNECIMENTO E INSTALAÇÃO. AF_10/2020","UN",1,190.57,190.57,3.0265371276166013E-5,0.9989055948363329]
[89624,"SINAPI","TÊ DE REDUÇÃO, PVC, SOLDÁVEL, DN 40MM X 32MM, INSTALADO EM PRUMADA DE ÁGUA - FORNECIMENTO E INSTALAÇÃO. AF_06/2022","UN",8,23.59,188.72,2.9971563557947475E-5,0.9989355663998909]
["ED-50199","SETOP","PLACA FOTOLUMINESCENTE PARA SINALIZAÇÃO DE EMERGÊNCIA, TIPO \"E5\", DIMENSÃO (300X300)MM, INCLUSIVE FIXAÇÃO","un",7,26.29,184.03,2.9226721288517772E-5,0.99896479312117936]
[93673,"SINAPI","DISJUNTOR TRIPOLAR TIPO DIN, CORRENTE NOMINAL DE 50A - FORNECIMENTO E INSTALAÇÃO. AF_10/2020","UN",1,181.77,181.77,2.8867799427342693E-5,0.99899366092060671]
[89709,"SINAPI","RALO SIFONADO, PVC, DN 100 X 40 MM, JUNTA SOLDÁVEL, FORNECIDO E INSTALADO EM RAMAL DE DESCARGA OU EM RAMAL DE ESGOTO SANITÁRIO. AF_08/2022","UN",8,22.68,181.44,2.8815390483011815E-5,0.99902247631108976]
[92905,"SINAPI","UNIÃO, EM FERRO GALVANIZADO, CONEXÃO ROSQUEADA, DN 20 (3/4\"), INSTALADO EM RAMAIS E SUB-RAMAIS DE GÁS - FORNECIMENTO E INSTALAÇÃO. AF_10/2020","UN",3,59.11,177.33,2.8162660903618198E-5,0.99905063897199342]
["ED-50202","SETOP","PLACA FOTOLUMINESCENTE PARA SINALIZAÇÃO DE EMERGÊNCIA, TIPO \"S1\", DIMENSÃO (380X190)MM, INCLUSIVE FIXAÇÃO","un",6,29.46,176.76,2.8072136363410318E-5,0.99907871110835678]
["11.81.09","SUDECAP","PLACA 2X4\" COM FURO CENTRAL PARA TOMADA JACK","UN",24,7.04,168.96,2.6833379497407829E-5,0.99910554448785416]
[87414,"SINAPI","APLICAÇÃO MANUAL DE GESSO DESEMPENADO (SEM TALISCAS) EM TETO DE AMBIENTES DE ÁREA MAIOR QUE 10M², ESPESSURA DE 1,0CM. AF_03/2023","M2",5.2,31.7,164.84,2.6179061768185999E-5,0.99913172354962232]
[89641,"SINAPI","JOELHO 90 GRAUS, CPVC, SOLDÁVEL, DN 22MM, INSTALADO EM RAMAL OU SUB-RAMAL DE ÁGUA - FORNECIMENTO E INSTALAÇÃO. AF_06/2022","UN",10,16.27,162.69999999999999,2.5839197704949418E-5,0.99915756274732725]
[89806,"SINAPI","JOELHO 45 GRAUS, PVC, SERIE NORMAL, ESGOTO PREDIAL, DN 75 MM, JUNTA ELÁSTICA, FORNECIDO E INSTALADO EM PRUMADA DE ESGOTO SANITÁRIO OU VENTILAÇÃO. AF_08/2022","UN",6,26.53,159.18,2.5280168965420091E-5,0.99918284291629267]
["DAC-21.1","CPU","PINTURA ACRÍLICA PARA SINALIZAÇÃO HORIZONTAL EM PISO","M2",9,17.66,158.94,2.5242053369543089E-5,0.99920808496966218]
["DAC-6.1","CPU","INSTALAÇÃO DE PORTA SANFONADA EM PVC, INCLUSIVE ACESSÓRIOS (PUXADOR E TRINCOS)","UN ",2,79,158,2.5092767285691505E-5,0.99923317773694786]
[93670,"SINAPI","DISJUNTOR TRIPOLAR TIPO DIN, CORRENTE NOMINAL DE 25A - FORNECIMENTO E INSTALAÇÃO. AF_10/2020","UN",1,157.97999999999999,157.97999999999999,2.508959098603509E-5,0.99925826732793388]
[97637,"SINAPI","REMOÇÃO DE TAPUME/ CHAPAS METÁLICAS E DE MADEIRA, DE FORMA MANUAL, SEM REAPROVEITAMENTO. AF_12/2017","M2",51.172000000000004,3.04,155.56,2.4705258727608675E-5,0.99928297258666143]
[89502,"SINAPI","JOELHO 45 GRAUS, PVC, SOLDÁVEL, DN 50MM, INSTALADO EM PRUMADA DE ÁGUA - FORNECIMENTO E INSTALAÇÃO. AF_06/2022","UN",7,21.97,153.79,2.44241562080158E-5,0.9993073967428695]
["ED-49821","SETOP","MANGUEIRA PLÁSTICA PARA GÁS D = 3/8\" X 1,50 M","U",4,38.1,152.4,2.4203403381894848E-5,0.99933160014625144]
[12899,"SINAPI","MANOMETRO COM CAIXA EM ACO PINTADO, ESCALA *10* KGF/CM2 (*10* BAR), DIAMETRO NOMINAL DE *63* MM, CONEXAO DE 1/4\"","UN    ",1,144.91999999999999,144.91999999999999,2.3015467310395017E-5,0.99935461561356187]
[89763,"SINAPI","CONECTOR, CPVC, SOLDÁVEL, DN 35MM X 1 1/4 , INSTALADO EM RAMAL DE DISTRIBUIÇÃO DE ÁGUA - FORNECIMENTO E INSTALAÇÃO. AF_06/2022","UN",2,71.86,143.72,2.2824889331010022E-5,0.9993774405028929]
["DAC-6.6","CPU","PINTURA ESMALTE EM ESQUADRIA DE PVC, DUAS (2) DEMÃOS.","M2",4.620000000000001,29.61,136.79,2.1724301500061653E-5,0.99939916480439295]
["ED-49291","SETOP","DISJUNTOR TRIPOLAR TERMOMAGNÉTICO 5KA, DE 70A","un",1,136.59,136.59,2.1692538503497489E-5,0.99942085734289643]
[89737,"SINAPI","JOELHO 90 GRAUS, PVC, SERIE NORMAL, ESGOTO PREDIAL, DN 75 MM, JUNTA ELÁSTICA, FORNECIDO E INSTALADO EM RAMAL DE DESCARGA OU RAMAL DE ESGOTO SANITÁRIO. AF_08/2022","UN",5,27.31,136.55000000000001,2.1686185904184654E-5,0.99944254352880058]
[89381,"SINAPI","LUVA COM BUCHA DE LATÃO, PVC, SOLDÁVEL, DN 25MM X 3/4 , INSTALADO EM RAMAL OU SUB-RAMAL DE ÁGUA - FORNECIMENTO E INSTALAÇÃO. AF_06/2022","UN",8,16.75,134,2.1281207697991532E-5,0.99946382473649853]
[89702,"SINAPI","TÊ MISTURADOR, CPVC, SOLDÁVEL, DN22MM, INSTALADO EM RAMAL OU SUB-RAMAL DE ÁGUA   FORNECIMENTO E INSTALAÇÃO. AF_06/2022","UN",5,26.68,133.4,2.1185918708299033E-5,0.99948501065520678]
["COT-SAN-001","COTAÇÃO","JUNÇÃO SIMPLES, PVC, ESGOTO PREDIAL, 75 X 50 MM","UN ",2,61.99,123.98,1.9689881570126792E-5,0.99950470053677687]
[89626,"SINAPI","TÊ DE REDUÇÃO, PVC, SOLDÁVEL, DN 50MM X 40MM, INSTALADO EM PRUMADA DE ÁGUA - FORNECIMENTO E INSTALAÇÃO. AF_06/2022","UN",3,41.3,123.9,1.9677176371501125E-5,0.99952437771314839]
["COT-INC-003","COTAÇÃO","PLACA FOTOLUMINESCENTE \"E2\" - ALARME DE INCÊNDIO","UN ",2,61.51,123.02,1.9537419186618793E-5,0.99954391513233498]
["ED-50205","SETOP","PLACA FOTOLUMINESCENTE PARA SINALIZAÇÃO DE EMERGÊNCIA, TIPO \"S12\", DIMENSÃO (380X190)MM, INCLUSIVE FIXAÇÃO","un",4,28.9,115.6,1.8359012014088216E-5,0.99956227414434906]
[91959,"SINAPI","INTERRUPTOR SIMPLES (2 MÓDULOS), 10A/250V, INCLUINDO SUPORTE E PLACA - FORNECIMENTO E INSTALAÇÃO. AF_03/2023","UN",2,52.86,105.72,1.6789919983818392E-5,0.99957906406433283]
["11.92.43","SUDECAP","MOLDE PPS 35-2 PARA SOLDA EXOTERMICA","UN",1,105.02,105.02,1.6678749495843808E-5,0.99959574281382868]
["COT-INC-002","COTAÇÃO","PLACA FOTOLUMINESCENTE \"E1\" - ALARME SONORO ","UN ",2,47.87,95.74,1.5204946455266485E-5,0.99961094776028392]
["COT-HID-001","COTAÇÃO","BUCHA DE REDUÇÃO, CPVC, 35 X 22 MM","UN ",3,31.79,95.37,1.5146184911622779E-5,0.99962609394519553]
["DAC-13.8","CPU","TE, PVC, SERIE NORMAL, ESGOTO PREDIAL, DN 100 X 75 MM, JUNTA ELÁSTICA, FORNECIDO E INSTALADO EM RAMAL DE DESCARGA OU RAMAL DE ESGOTO SANITÁRIO.","UN    ",2,45.9,91.8,1.4579215422952406E-5,0.99964067316061844]
["COT-INC-004","COTAÇÃO","PLACA FOTOLIMINESCENTE \"E9\" - HIDRANTE","UN ",2,45.06,90.12,1.4312406251813409E-5,0.99965498556687027]
[92953,"SINAPI","LUVA DE REDUÇÃO, EM FERRO GALVANIZADO, 3/4\" X 1/2\", CONEXÃO ROSQUEADA, INSTALADO EM RAMAIS E SUB-RAMAIS DE GÁS - FORNECIMENTO E INSTALAÇÃO. AF_10/2020","UN",3,29.12,87.36,1.3874076899227911E-5,0.9996688596437695]
[89398,"SINAPI","TE, PVC, SOLDÁVEL, DN 32MM, INSTALADO EM RAMAL OU SUB-RAMAL DE ÁGUA - FORNECIMENTO E INSTALAÇÃO. AF_06/2022","UN",4,21.68,86.72,1.3772435310222579E-5,0.9996826320790797]
["COT-INC-005","COTAÇÃO","PLACA FOTOLUMINESCENTE \"M1\" - SISTEMAS DE SEGURANÇA","UN ",1,84.04,84.04,1.334681115626275E-5,0.99969597889023598]
[104341,"SINAPI","BUCHA DE REDUÇÃO LONGA, PVC, SÉRIE NORMAL, ESGOTO PREDIAL, DN 50 X 40 MM, JUNTA SOLDÁVEL E ELÁSTICA, FORNECIDO E INSTALADO EM RAMAL DE DESCARGA OU RAMAL DE ESGOTO SANITÁRIO. AF_08/2022","UN",6,12.99,77.94,1.237803976105567E-5,0.99970835692999704]
[92295,"SINAPI","LUVA EM COBRE, DN 35 MM, SEM ANEL DE SOLDA, INSTALADO EM PRUMADA DE HIDRÁULICA PREDIAL - FORNECIMENTO E INSTALAÇÃO. AF_04/2022","UN",2,38.24,76.48,1.2146169886137256E-5,0.99972050309988314]
[91967,"SINAPI","INTERRUPTOR SIMPLES (3 MÓDULOS), 10A/250V, INCLUINDO SUPORTE E PLACA - FORNECIMENTO E INSTALAÇÃO. AF_03/2023","UN",1,71.150000000000006,71.150000000000006,1.1299686027702221E-5,0.99973180278591089]
[11756,"SINAPI","REGISTRO OU REGULADOR DE GAS COZINHA, VAZAO DE 2 KG/H, 2,8 KPA","UN    ",1,70.260000000000005,70.260000000000005,1.115834069299168E-5,0.99974296112660388]
["DAC-13.6","CPU","REDUÇÃO EXCÊNTRICA, PVC OCRE, JUNTA ELÁSTICA, 75 X 50 MM, PARA COLETOR PREDIAL DE ESGOTO - FORNECIMENTO E INSTALAÇÃO","UN    ",3,23.08,69.239999999999995,1.0996349410514429E-5,0.99975395747601437]
[91961,"SINAPI","INTERRUPTOR PARALELO (2 MÓDULOS), 10A/250V, INCLUINDO SUPORTE E PLACA - FORNECIMENTO E INSTALAÇÃO. AF_03/2023","UN",1,67.73,67.73,1.0756538786454974E-5,0.99976471401480083]
["ED-9077","SETOP","MONTAGEM E DESMONTAGEM DE ANDAIME METÁLICO TUBULAR TIPO TORRE, EXCLUSIVE FORNECIMENTO DO ANDAIME","m",6,11.13,66.78,1.0605664552775183E-5,0.99977531967935362]
["DAC-13.4","CPU","JUNÇÃO SIMPLES, PVC, SERIE NORMAL, ESGOTO PREDIAL, DN 100 X 75 MM, JUNTA ELÁSTICA, FORNECIDO E INSTALADO EM PRUMADA DE ESGOTO SANITÁRIO OU VENTILAÇÃO","UN    ",1,65.7,65.7,1.0434144371328684E-5,0.99978575382372492]
[4178,"SINAPI","NIPLE DE FERRO GALVANIZADO, COM ROSCA BSP, DE 3/4\"","UN    ",6,10.39,62.34,9.9005260290506879E-6,0.99979565434975393]
[104351,"SINAPI","TERMINAL DE VENTILAÇÃO, PVC, SÉRIE NORMAL, ESGOTO PREDIAL, DN 75 MM, JUNTA SOLDÁVEL, FORNECIDO E INSTALADO EM PRUMADA DE ESGOTO SANITÁRIO OU VENTILAÇÃO. AF_08/2022","UN",2,30.37,60.74,9.6464220565373552E-6,0.99980530077181051]
["DAC-13.3","CPU","INSTALAÇÃO JUNÇÃO SIMPLES, PVC, SERIE NORMAL, ESGOTO PREDIAL, DN 75 X 50 MM, JUNTA ELÁSTICA","UN    ",2,29.36,58.72,9.3256157912392736E-6,0.99981462638760177]
["ED-51131","SETOP","CARGA MANUAL DE MATERIAL DE QUALQUER NATUREZA SOBRE CAMINHÃO, EXCLUSIVE TRANSPORTE","m3",1.3025853749999985,44.96,58.56,9.300205393987941E-6,0.99982392659299579]
[89658,"SINAPI","LUVA, CPVC, SOLDÁVEL, DN 22MM, INSTALADO EM RAMAL OU SUB-RAMAL DE ÁGUA   FORNECIMENTO E INSTALAÇÃO. AF_06/2022","UN",5,11.19,55.95,8.8856982888255683E-6,0.99983281229128462]
[89642,"SINAPI","JOELHO 45 GRAUS, CPVC, SOLDÁVEL, DN 22MM, INSTALADO EM RAMAL OU SUB-RAMAL DE ÁGUA - FORNECIMENTO E INSTALAÇÃO. AF_06/2022","UN",3,18.39,55.17,8.7618226022253194E-6,0.99984157411388686]
["ED-50200","SETOP","PLACA FOTOLUMINESCENTE PARA SINALIZAÇÃO DE EMERGÊNCIA, TIPO \"E8\", DIMENSÃO (300X300)MM, INCLUSIVE FIXAÇÃO","un",2,26.27,52.54,8.3441391974065293E-6,0.99984991825308422]
[92705,"SINAPI","TÊ, EM FERRO GALVANIZADO, CONEXÃO ROSQUEADA, DN 20 (3/4\"), INSTALADO EM RAMAIS E SUB-RAMAIS DE GÁS - FORNECIMENTO E INSTALAÇÃO. AF_10/2020","UN",1,50.36,50.36,7.9979225348571151E-6,0.99985791617561903]
["DAC-8.1","CPU","APLICAÇÃO DE RESINA SINTÉTICA PARA ADERÊNCIA DE REVESTIMENTOS","M2",5.2,9.6300000000000008,50.07,7.9518661898390735E-6,0.99986586804180888]
[89786,"SINAPI","TE, PVC, SERIE NORMAL, ESGOTO PREDIAL, DN 75 X 75 MM, JUNTA ELÁSTICA, FORNECIDO E INSTALADO EM RAMAL DE DESCARGA OU RAMAL DE ESGOTO SANITÁRIO. AF_08/2022","UN",1,48.16,48.16,7.6485295726512835E-6,0.99987351657138157]
[89363,"SINAPI","JOELHO 45 GRAUS, PVC, SOLDÁVEL, DN 25MM, INSTALADO EM RAMAL OU SUB-RAMAL DE ÁGUA - FORNECIMENTO E INSTALAÇÃO. AF_06/2022","UN",4,11.89,47.56,7.5532405829587854E-6,0.99988106981196456]
[92699,"SINAPI","JOELHO 90 GRAUS, EM FERRO GALVANIZADO, CONEXÃO ROSQUEADA, DN 15 (1/2\"), INSTALADO EM RAMAIS E SUB-RAMAIS DE GÁS - FORNECIMENTO E INSTALAÇÃO. AF_10/2020","UN",2,23.43,46.86,7.4420700949842027E-6,0.99988851188205952]
["COT-SAN-002","COTAÇÃO","TE DE REDUÇÃO, PVC, ESGOTO PREDIAL, 75 X 50 MM","UN ",1,45.35,45.35,7.2022594709247459E-6,0.99989571414153045]
[4180,"SINAPI","NIPLE DE FERRO GALVANIZADO, COM ROSCA BSP, DE 1 1/4\"","UN    ",2,22.58,45.16,7.1720846241887872E-6,0.99990288622615464]
[2510,"SINAPI","RELE FOTOELETRICO INTERNO E EXTERNO BIVOLT 1000 W, DE CONECTOR, SEM BASE","UN    ",1,44.99,44.99,7.1450860771092467E-6,0.99991003131223177]
[91942,"SINAPI","CAIXA RETANGULAR 4\" X 4\" ALTA (2,00 M DO PISO), PVC, INSTALADA EM PAREDE - FORNECIMENTO E INSTALAÇÃO. AF_03/2023","UN",1,40.04,40.04,6.3589519121461255E-6,0.99991639026414392]
["COT-HID-002","COTAÇÃO","TE DE REDUÇÃO, CPVC, 35 X 22 MM","UN ",1,39.81,39.81,6.3224244660973354E-6,0.99992271268860999]
["ED-13931","SETOP","CABO DE COBRE NU #16MM2 - 7 FIOSX1,70MM, PARA ELEMENTOS DE CAPTAÇÃO/ANEL DE CINTAMENTO (SPDA), INCLUSIVE PRESILHA DE FIXAÇÃO","m",1.35,28.01,37.81,6.0047945004556703E-6,0.99992871748311041]
[89724,"SINAPI","JOELHO 90 GRAUS, PVC, SERIE NORMAL, ESGOTO PREDIAL, DN 40 MM, JUNTA SOLDÁVEL, FORNECIDO E INSTALADO EM RAMAL DE DESCARGA OU RAMAL DE ESGOTO SANITÁRIO. AF_08/2022","UN",3,11.8,35.4,5.6220503918574642E-6,0.9999343395335023]
[89650,"SINAPI","JOELHO 45 GRAUS, CPVC, SOLDÁVEL, DN 35MM, INSTALADO EM RAMAL OU SUB-RAMAL DE ÁGUA   FORNECIMENTO E INSTALAÇÃO. AF_06/2022","UN",1,35.369999999999997,35.369999999999997,5.6172859423728389E-6,0.9999399568194447]
[93057,"SINAPI","BUCHA DE REDUÇÃO EM COBRE, DN 28 MM X 22 MM, SEM ANEL DE SOLDA, PONTA X BOLSA, INSTALADO EM PRUMADA DE HIDRÁULICA PREDIAL - FORNECIMENTO E INSTALAÇÃO. AF_04/2022","UN",2,16.68,33.36,5.298067826902966E-6,0.9999452548872716]
[104323,"SINAPI","TE, PVC, SOLDÁVEL, DN 20 MM, INSTALADO EM DRENO DE AR CONDICIONADO - FORNECIMENTO E INSTALAÇÃO. AF_08/2022","UN",3,10.66,31.98,5.0789031506102173E-6,0.9999503337904222]
["COT-DAD-004","COTAÇÃO","PLACA 4X4 \" COM FURO","UN ",1,31.76,31.76,5.043963854389635E-6,0.99995537775427656]
[89625,"SINAPI","TE, PVC, SOLDÁVEL, DN 50MM, INSTALADO EM PRUMADA DE ÁGUA - FORNECIMENTO E INSTALAÇÃO. AF_06/2022","UN",1,29.26,29.26,4.6469263973375539E-6,0.99996002468067391]
[103977,"SINAPI","BUCHA DE REDUÇÃO, PVC, SOLDÁVEL, DN 40MM X 32MM, INSTALADO EM PRUMADA DE ÁGUA - FORNECIMENTO E INSTALAÇÃO. AF_06/2022","UN",3,8.65,25.95,4.1212488042005986E-6,0.99996414592947813]
["DAC-13.5","CPU","REDUÇÃO EXCÊNTRICA, PVC OCRE, JUNTA ELÁSTICA, 100 X 50 MM, PARA COLETOR PREDIAL DE ESGOTO - FORNECIMENTO E INSTALAÇÃO","UN    ",1,25.81,25.81,4.0990147066056817E-6,0.99996824494418479]
[91943,"SINAPI","CAIXA RETANGULAR 4\" X 4\" MÉDIA (1,30 M DO PISO), PVC, INSTALADA EM PAREDE - FORNECIMENTO E INSTALAÇÃO. AF_03/2023","UN",1,24.86,24.86,3.9481404729258915E-6,0.99997219308465768]
[4177,"SINAPI","NIPLE DE FERRO GALVANIZADO, COM ROSCA BSP, DE 1/2\"","UN    ",3,7.5,22.5,3.5733371134687273E-6,0.99997576642177111]
[89572,"SINAPI","ADAPTADOR CURTO COM BOLSA E ROSCA PARA REGISTRO, PVC, SOLDÁVEL, DN 40MM X 1.1/4 , INSTALADO EM PRUMADA DE ÁGUA - FORNECIMENTO E INSTALAÇÃO. AF_06/2022","UN",2,11.22,22.44,3.5638082144994776E-6,0.99997933022998564]
[89697,"SINAPI","TE, CPVC, SOLDÁVEL, DN 22MM, INSTALADO EM RAMAL OU SUB-RAMAL DE ÁGUA - FORNECIMENTO E INSTALAÇÃO. AF_06/2022","UN",1,21.01,21.01,3.3367027890656874E-6,0.99998266693277471]
["DAC-12.1","CPU","INSTALAÇÃO BUCHA DE REDUÇÃO, CPVC, 35 X 22 MM","UN    ",3,7,21,3.3351146392374787E-6,0.99998600204741395]
["DAC-12.2","CPU","INSTALAÇÃO TE DE REDUÇÃO, CPVC, 35 X 22 MM","UN    ",1,19.649999999999999,19.649999999999999,3.1207144124293549E-6,0.99998912276182639]
[104003,"SINAPI","BUCHA DE REDUÇÃO , LONGA, PVC, SOLDÁVEL, DN 50 X 32 MM, INSTALADO EM RAMAL DE DISTRIBUIÇÃO DE ÁGUA - FORNECIMENTO E INSTALAÇÃO. AF_06/2022","UN",1,18.66,18.66,2.9634875794367311E-6,0.99999208624940583]
["DAC-13.9","CPU","INSTALAÇÃO TE, PVC, SERIE NORMAL, ESGOTO PREDIAL, DN 75 X 50 MM, JUNTA ELÁSTICA","UN    ",1,15.31,15.31,2.431457386986943E-6,0.99999451770679282]
[103958,"SINAPI","BUCHA DE REDUÇÃO, CURTA, PVC, SOLDÁVEL, DN 50 X 40 MM, INSTALADO EM PRUMADA DE ÁGUA - FORNECIMENTO E INSTALAÇÃO. AF_06/2022","UN",1,12.58,12.58,1.9978924838860705E-6,0.99999651559927671]
[92293,"SINAPI","LUVA EM COBRE, DN 22 MM, SEM ANEL DE SOLDA, INSTALADO EM PRUMADA DE HIDRÁULICA PREDIAL - FORNECIMENTO E INSTALAÇÃO. AF_04/2022","UN",1,11.8,11.8,1.8740167972858216E-6,0.99999838961607401]
[89492,"SINAPI","JOELHO 90 GRAUS, PVC, SOLDÁVEL, DN 32MM, INSTALADO EM PRUMADA DE ÁGUA - FORNECIMENTO E INSTALAÇÃO. AF_06/2022","UN",1,10.14,10.14,1.6103839258032398E-6,0.99999999999999978]

{"sheet":"Auxiliar_ABC2","index":6,"n_rows":452,"n_cols":14,"rows_kept":452,"cut":false,"hidden":true,"merged":[]}
["1","","","1.1","LOCAÇÃO DE CONTAINER COM ISOLAMENTO TÉRMICO, TIPO 2, PARA ESCRITÓRIO DE OBRA COM SANITÁRIO CONTENDO UM (1) VASO SANITÁRIO E UM (1) LAVATÓRIO, COM MEDIDAS REFERENCIAIS DE (6) METROS COMPRIMENTO, (2,3) METROS LARGURA E (2,5) METROS ALTURA ÚTIL INTERNA, INCLUSIVE AR CONDICIONADO E LIGAÇÕES ELÉTRICAS E HIDROSSANITÁRIAS INTERNAS, EXCLUSIVE MOBILIZAÇÃO/DESMOBILIZAÇÃO E LIGAÇÕES PROVISÓRIAS EXTERNAS","ED-16349","SETOP","mês",12,953.49,"BDI 1",1206.3499999999999,11441.88,14476.2]
["1","","","1.2","LIGAÇÕES PROVISÓRIAS PARA CONTAINER TIPO 2 (CORRESPONDENTE AO CÓDIGO ED-16349)","ED-16357","SETOP","un",1,635,"BDI 1",803.4,635,803.4]
["1","","","1.3","LOCAÇÃO DE CONTAINER COM ISOLAMENTO TÉRMICO, TIPO 3, PARA DEPÓSITO/FERRAMENTARIA DE OBRA, COM MEDIDAS REFERENCIAIS DE (6) METROS COMPRIMENTO, (2,3) METROS LARGURA E (2,5) METROS ALTURA ÚTIL INTERNA, INCLUSIVE LIGAÇÕES ELÉTRICAS INTERNAS, EXCLUSIVE MOBILIZAÇÃO/DESMOBILIZAÇÃO E LIGAÇÕES PROVISÓRIAS EXTERNAS","ED-16350","SETOP","mês",12,689.44,"BDI 1",872.27,8273.2800000000007,10467.24]
["1","","","1.4","LIGAÇÕES PROVISÓRIAS PARA CONTAINER TIPO 3 (CORRESPONDENTE AO CÓDIGO ED-16350)","ED-16358","SETOP","un",1,331,"BDI 1",418.78,331,418.78]
["1","","","1.5","LOCAÇÃO DE CONTAINER COM ISOLAMENTO TÉRMICO, TIPO 4, PARA REFEITÓRIO DE OBRA, COM MEDIDAS REFERENCIAIS DE (6) METROS COMPRIMENTO, (2,3) METROS LARGURA E (2,5) METROS ALTURA ÚTIL INTERNA, INCLUSIVE LIGAÇÕES ELÉTRICAS INTERNAS, EXCLUSIVE MOBILIZAÇÃO/DESMOBILIZAÇÃO E LIGAÇÕES PROVISÓRIAS EXTERNAS","ED-16351","SETOP","mês",12,609.04,"BDI 1",770.55,7308.48,9246.6]
["1","","","1.6","LIGAÇÕES PROVISÓRIAS PARA CONTAINER TIPO 4 (CORRESPONDENTE AO CÓDIGO ED-16351)","ED-16359","SETOP","un",1,331,"BDI 1",418.78,331,418.78]
["1","","","1.7","MOBILIZAÇÃO E DESMOBILIZAÇÃO DE CONTAINER, INCLUSIVE CARGA, DESCARGA E TRANSPORTE EM CAMINHÃO CARROCERIA COM GUINDAUTO (MUNCK), EXCLUSIVE LOCAÇÃO DO CONTAINER","ED-50137","SETOP","un",3,631.9,"BDI 1",799.47,1895.7,2398.41]
["1","","","1.8","LOCAÇÃO DE BANHEIRO QUÍMICO, DIMENSÃO (110X120X230)CM, LINHA PADRÃO, CONTENDO UMA (1) PIA/HIGIENIZADOR DE MÃOS, INCLUSIVE MANUTENÇÃO E MOBILIZAÇÃO/DESMOBILIZAÇÃO","ED-50155","SETOP","mês",12,820,"BDI 1",1037.46,9840,12449.52]
["1","","","1.9","LIGAÇÃO DE ÁGUA PROVISÓRIA PARA CANTEIRO,  INCLUSIVE HIDRÔMETRO E CAVALETE PARA MEDIÇÃO DE ÁGUA - ENTRADA PRINCIPAL, EM AÇO GALVANIZADO DN 20MM (1/2\") - PADRÃO CONCESSIONÁRIA","ED-50150","SETOP","un",1,371.6,"BDI 1",470.14,371.6,470.14]
["1","","","1.10","LIGAÇÃO PROVISÓRIA COM ENTRADA DE ENERGIA AÉREA, PADRÃO CEMIG, CARGA INSTALADA DE 15,1KVA ATÉ 30KVA, TRIFÁSICO, COM SAÍDA SUBTERRÂNEA, INCLUSIVE POSTE, CAIXA PARA MEDIDOR, DISJUNTOR, BARRAMENTO, ATERRAMENTO E ACESSÓRIOS","ED-50151","SETOP","un",1,1151.74,"BDI 1",1457.18,1151.74,1457.18]
["1","","","1.11","EXECUÇÃO DE CENTRAL DE ARMADURA EM CANTEIRO DE OBRA, NÃO INCLUSO MOBILIÁRIO E EQUIPAMENTOS. AF_04/2016",93582,"SINAPI","M2",60,314.83,"BDI 1",398.32,18889.8,23899.200000000001]
["1","","","1.12","EXECUÇÃO DE CENTRAL DE FÔRMAS, PRODUÇÃO DE ARGAMASSA OU CONCRETO EM CANTEIRO DE OBRA, NÃO INCLUSO MOBILIÁRIO E EQUIPAMENTOS. AF_04/2016",93583,"SINAPI","M2",36,491.45,"BDI 1",621.78,17692.2,22384.080000000002]
["1","","","1.13","TAPUME FIXO DE PROTEÇÃO PARA FECHAMENTO DE OBRA EM TELHA METÁLICA GALVANIZADA, TIPO TRAPEZOIDAL, ESP. 0,5MM, COM MÓDULO NA DIMENSÃO DE (300X220)CM, COM REAPROVEITAMENTO, EXCLUSIVE PINTURA ESMALTE, INCLUSIVE PONTALETE E FIXAÇÃO","ED-29823","SETOP","m2",51.172000000000004,58.23,"BDI 1",73.67,2979.74,3769.84]
["1","","","1.14","REMOÇÃO DE TAPUME/ CHAPAS METÁLICAS E DE MADEIRA, DE FORMA MANUAL, SEM REAPROVEITAMENTO. AF_12/2017",97637,"SINAPI","M2",51.172000000000004,2.41,"BDI 1",3.04,123.32,155.56]
["2","","","2.1","FORNECIMENTO E COLOCAÇÃO DE PLACA DE OBRA EM CHAPA GALVANIZADA #26, ESP. 0,45MM, DIMENSÃO (3X1,5)M, PLOTADA COM ADESIVO VINÍLICO, AFIXADA COM REBITES 4,8X40MM, EM ESTRUTURA METÁLICA DE METALON 20X20MM, ESP. 1,25MM, INCLUSIVE SUPORTE EM EUCALIPTO AUTOCLAVADO PINTADO COM TINTA PVA DUAS (2) DEMÃOS","ED-28427","SETOP","un",1,1390.32,"BDI 1",1759.03,1390.32,1759.03]
["2","","","2.2","LOCACAO CONVENCIONAL DE OBRA, UTILIZANDO GABARITO DE TÁBUAS CORRIDAS PONTALETADAS A CADA 2,00M -  2 UTILIZAÇÕES. AF_10/2018",99059,"SINAPI","M",213.18,64.95,"BDI 1",82.17,13846.04,17517]
["3","","","3.1","ENGENHEIRO CIVIL PLENO COM ENCARGOS COMPLEMENTARES",100320,"SINAPI","MES",12,19486.5,"BDI 1",24654.31,233838,295851.71999999997]
["3","","","3.2","TÉCNICO EM SEGURANÇA DO TRABALHO COM ENCARGOS COMPLEMENTARES",100321,"SINAPI","MES",12,5809.27,"BDI 1",7349.88,69711.240000000005,88198.56]
["4","1","","4.1.1","ESCAVAÇÃO MANUAL PARA BLOCO DE COROAMENTO OU SAPATA (INCLUINDO ESCAVAÇÃO PARA COLOCAÇÃO DE FÔRMAS). AF_06/2017",96523,"SINAPI","M3",116.17,83.29,"BDI 1",105.37,9675.7900000000009,12240.83]
["4","1","","4.1.2","ESCAVAÇÃO MANUAL DE VALA PARA VIGA BALDRAME (INCLUINDO ESCAVAÇÃO PARA COLOCAÇÃO DE FÔRMAS). AF_06/2017",96527,"SINAPI","M3",51.88,109.17,"BDI 1",138.12,5663.73,7165.66]
["4","1","","4.1.3","REATERRO MANUAL DE VALAS COM COMPACTAÇÃO MECANIZADA. AF_04/2016",93382,"SINAPI","M3",56.92,29.22,"BDI 1",36.96,1663.2,2103.7600000000002]
["4","1","","4.1.4","CARGA, MANOBRA E DESCARGA DE SOLOS E MATERIAIS GRANULARES EM CAMINHÃO BASCULANTE 6 M³ - CARGA COM ESCAVADEIRA HIDRÁULICA (CAÇAMBA DE 1,20 M³ / 155 HP) E DESCARGA LIVRE (UNIDADE: M3). AF_07/2020",100977,"SINAPI","M3",161.55000000000001,7.06,"BDI 1",8.93,1140.54,1442.64]
["4","1","","4.1.5","TRANSPORTE COM CAMINHÃO BASCULANTE DE 10 M³, EM VIA URBANA PAVIMENTADA, DMT ATÉ 30 KM (UNIDADE: M3XKM). AF_07/2020",95875,"SINAPI","M3XKM",1696.29,2.2599999999999998,"BDI 1",2.85,3833.61,4834.42]
["4","1","","4.1.6","ESPALHAMENTO DE MATERIAL COM TRATOR DE ESTEIRAS. AF_11/2019",100574,"SINAPI","M3",161.55000000000001,1.3,"BDI 1",1.64,210.01,264.94]
["4","2","1","4.2.1.1","MOBILIZAÇÃO E DESMOBILIZAÇÃO DE EQUIPAMENTO PARA ESTACA TIPO HÉLICE CONTÍNUA  (CUSTO FIXO), INCLUSIVE CARGA E DESGARGA, EXCLUSIVE TRANSPORTE EM QUILÔMETRO RODADO (CUSTO VARIÁVEL)","ED-19753","SETOP","un",1,19359.86,"BDI 1",24494.09,19359.86,24494.09]
["4","2","1","4.2.1.2","MOBILIZAÇÃO E DESMOBILIZAÇÃO DE EQUIPAMENTO PARA ESTACA TIPO HÉLICE CONTÍNUA (CUSTO VARIÁVEL), EXCLUSIVE CUSTO FIXO DE TRANSPORTE","ED-19754","SETOP","km",50,24.75,"BDI 1",31.31,1237.5,1565.5]
["4","2","1","4.2.1.3","ESTACA HÉLICE CONTÍNUA , DIÂMETRO DE 50 CM, INCLUSO CONCRETO FCK=30MPA E ARMADURA MÍNIMA (EXCLUSIVE MOBILIZAÇÃO, DESMOBILIZAÇÃO E BOMBEAMENTO). AF_12/2019",100652,"SINAPI","M",169,283.77,"BDI 1",359.02,47957.13,60674.38]
["4","2","1","4.2.1.4","ESTACA HÉLICE CONTÍNUA, DIÂMETRO DE 30 CM, INCLUSO CONCRETO FCK=30MPA E ARMADURA MÍNIMA (EXCLUSIVE MOBILIZAÇÃO, DESMOBILIZAÇÃO E BOMBEAMENTO). AF_12/2019",100651,"SINAPI","M",1508,145.53,"BDI 1",184.12,219459.24,277652.96000000002]
["4","2","1","4.2.1.5","ESTACA BROCA DE CONCRETO, DIÂMETRO DE 20CM, ESCAVAÇÃO MANUAL COM TRADO CONCHA, COM ARMADURA DE ARRANQUE. AF_05/2020",101173,"SINAPI","M",288,56.81,"BDI 1",71.87,16361.28,20698.560000000001]
["4","2","1","4.2.1.6","ARRASAMENTO MECANICO DE ESTACA DE CONCRETO ARMADO, DIAMETROS DE ATÉ 40 CM. AF_05/2021",95601,"SINAPI","UN",164,15.07,"BDI 1",19.059999999999999,2471.48,3125.84]
["4","2","1","4.2.1.7","ARRASAMENTO MECANICO DE ESTACA DE CONCRETO ARMADO, DIAMETROS DE 41 CM A 60 CM. AF_05/2021",95602,"SINAPI","UN",13,24.12,"BDI 1",30.51,313.56,396.63]
["4","2","2","4.2.2.1","FORNECIMENTO DE CONCRETO ESTRUTURAL, USINADO BOMBEADO, COM FCK 30MPA, INCLUSIVE LANÇAMENTO, ADENSAMENTO E ACABAMENTO (FUNDAÇÃO)","ED-49806","SETOP","m3",72.349999999999994,737.11,"BDI 1",932.59,53329.9,67472.88]
["4","2","2","4.2.2.2","FÔRMA E DESFORMA DE TÁBUA E SARRAFO, REAPROVEITAMENTO (3X) (FUNDAÇÃO)","ED-49810","SETOP","m2",457.94,56.15,"BDI 1",71.040000000000006,25713.33,32532.05]
["4","2","2","4.2.2.3","CORTE, DOBRA E MONTAGEM DE AÇO CA-50/60, INCLUSIVE ESPAÇADOR","ED-48298","SETOP","Kg",4032.5,13.52,"BDI 1",17.100000000000001,54519.4,68955.75]
["4","2","2","4.2.2.4","LASTRO DE CONCRETO MAGRO, INCLUSIVE TRANSPORTE, LANÇAMENTO E ADENSAMENTO ","ED-49812","SETOP","m3",4.47,512.35,"BDI 1",648.22,2290.1999999999998,2897.54]
["4","2","3","4.2.3.1","FORNECIMENTO DE CONCRETO ESTRUTURAL, USINADO BOMBEADO, COM FCK 30MPA, INCLUSIVE LANÇAMENTO, ADENSAMENTO E ACABAMENTO (FUNDAÇÃO)","ED-49806","SETOP","m3",7.38,737.11,"BDI 1",932.59,5439.87,6882.51]
["4","2","3","4.2.3.2","FÔRMA E DESFORMA DE TÁBUA E SARRAFO, REAPROVEITAMENTO (3X) (FUNDAÇÃO)","ED-49810","SETOP","m2",95.62,56.15,"BDI 1",71.040000000000006,5369.06,6792.84]
["4","2","3","4.2.3.3","CORTE, DOBRA E MONTAGEM DE AÇO CA-50/60, INCLUSIVE ESPAÇADOR","ED-48298","SETOP","Kg",396.6,13.52,"BDI 1",17.100000000000001,5362.03,6781.86]
["4","2","3","4.2.3.4","LASTRO DE BRITA COM PEDRA BRITADA NÚMERO 2 E 3, INCLUSIVE ADENSAMENTO E APILOAMENTO MANUAL","ED-49813","SETOP","m3",1.18,175.7,"BDI 1",222.29,207.32,262.3]
["4","2","3","4.2.3.5","LASTRO DE CONCRETO MAGRO, INCLUSIVE TRANSPORTE, LANÇAMENTO E ADENSAMENTO ","ED-49812","SETOP","m3",1.18,512.35,"BDI 1",648.22,604.57000000000005,764.89]
["4","2","3","4.2.3.6","IMPERMEABILIZAÇÃO DE FLOREIRA OU VIGA BALDRAME COM ARGAMASSA DE CIMENTO E AREIA, COM ADITIVO IMPERMEABILIZANTE, E = 2 CM. AF_06/2018",98562,"SINAPI","M2",47.81,41.11,"BDI 1",52.01,1965.46,2486.59]
["4","2","4","4.2.4.1","FORNECIMENTO E EXECUÇÃO DE VIGAS PRÉ-FABRICADAS","DAC-4.3","CPU","M³",44.54,3110.6675605343999,"BDI 1",3935.61,138549.13,175292.06]
["4","2","4","4.2.4.2","LASTRO DE BRITA COM PEDRA BRITADA NÚMERO 2 E 3, INCLUSIVE ADENSAMENTO E APILOAMENTO MANUAL","ED-49813","SETOP","m3",4.4800000000000004,175.7,"BDI 1",222.29,787.13,995.85]
["4","3","1","4.3.1.1","FORNECIMENTO E EXECUÇÃO DE PILARES PRÉ-FABRICADOS","DAC-4.2","CPU","M³",52.05,2854.2212325264172,"BDI 1",3611.16,148562.21,187960.87]
["4","3","1","4.3.1.2","CORTE E DOBRA DE AÇO CA-25, DIÂMETRO DE 10,0 MM. AF_06/2022",92877,"SINAPI","KG",1273.71012,10.39,"BDI 1",13.14,13233.84,16736.55]
["4","3","2","4.3.2.1","FORNECIMENTO E EXECUÇÃO DE VIGAS PRÉ-FABRICADAS","DAC-4.3","CPU","M³",50.05,3110.6675605343999,"BDI 1",3935.61,155688.91,196977.28]
["4","3","3","4.3.3.1","FORNECIMENTO E EXECUÇÃO DE LAJE ALVEOLAR","DAC-4.4","CPU","M³",170.83,2415.1522699999996,"BDI 1",3055.65,412580.46,521996.68]
["4","3","3","4.3.3.2","FORNECIMENTO DE CONCRETO ESTRUTURAL, USINADO BOMBEADO, COM FCK 30MPA, INCLUSIVE LANÇAMENTO, ADENSAMENTO E ACABAMENTO (FUNDAÇÃO)","ED-49806","SETOP","m3",59.6,737.11,"BDI 1",932.59,43931.75,55582.36]
["4","3","3","4.3.3.3","CORTE, DOBRA E MONTAGEM DE AÇO CA-50/60, INCLUSIVE ESPAÇADOR","ED-48298","SETOP","Kg",4668.9000000000005,13.52,"BDI 1",17.100000000000001,63123.519999999997,79838.19]
["4","3","4","4.3.4.1","FORNECIMENTO DE CONCRETO ESTRUTURAL, USINADO BOMBEADO, COM FCK 30MPA, INCLUSIVE LANÇAMENTO, ADENSAMENTO E ACABAMENTO","ED-49639","SETOP","m3",0.54,749.64,"BDI 1",948.44,404.8,512.15]
["4","3","4","4.3.4.2","FÔRMA E DESFORMA DE TÁBUA E SARRAFO, REAPROVEITAMENTO (3X) (FUNDAÇÃO)","ED-49810","SETOP","m2",3.61,56.15,"BDI 1",71.040000000000006,202.7,256.45]
["4","3","4","4.3.4.3","CORTE, DOBRA E MONTAGEM DE AÇO CA-50/60, INCLUSIVE ESPAÇADOR","ED-48298","SETOP","Kg",65.5,13.52,"BDI 1",17.100000000000001,885.56,1120.05]
["4","4","1","4.4.1.1","ESCAVAÇÃO MANUAL PARA BLOCO DE COROAMENTO OU SAPATA (INCLUINDO ESCAVAÇÃO PARA COLOCAÇÃO DE FÔRMAS). AF_06/2017",96523,"SINAPI","M3",63.5,83.29,"BDI 1",105.37,5288.91,6690.99]
["4","4","1","4.4.1.2","REATERRO MANUAL DE VALAS COM COMPACTAÇÃO MECANIZADA. AF_04/2016",93382,"SINAPI","M3",1.57,29.22,"BDI 1",36.96,45.87,58.02]
["4","4","1","4.4.1.3","CARGA, MANOBRA E DESCARGA DE SOLOS E MATERIAIS GRANULARES EM CAMINHÃO BASCULANTE 6 M³ - CARGA COM ESCAVADEIRA HIDRÁULICA (CAÇAMBA DE 1,20 M³ / 155 HP) E DESCARGA LIVRE (UNIDADE: M3). AF_07/2020",100977,"SINAPI","M3",80.989999999999995,7.06,"BDI 1",8.93,571.78,723.24]
["4","4","1","4.4.1.4","TRANSPORTE COM CAMINHÃO BASCULANTE DE 10 M³, EM VIA URBANA PAVIMENTADA, DMT ATÉ 30 KM (UNIDADE: M3XKM). AF_07/2020",95875,"SINAPI","M3XKM",850.4,2.2599999999999998,"BDI 1",2.85,1921.9,2423.64]
["4","4","1","4.4.1.5","ESPALHAMENTO DE MATERIAL COM TRATOR DE ESTEIRAS. AF_11/2019",100574,"SINAPI","M3",80.989999999999995,1.3,"BDI 1",1.64,105.28,132.82]
["4","4","2","4.4.2.1","PERFURAÇÃO MECÂNICA DE ESTACA TIPO TRADO ROTATIVO, INCLUSIVE AFASTAMENTO LATERAL, EXCLUSIVE ARMAÇÃO, CONCRETO ESTRUTURAL, TRANSPORTE E RETIRADA DO MATERIAL ESCAVADO","ED-29802","SETOP","m3",38.29,99.2,"BDI 1",125.5,3798.36,4805.3900000000003]
["4","4","3","4.4.3.1","LASTRO DE CONCRETO MAGRO, INCLUSIVE TRANSPORTE, LANÇAMENTO E ADENSAMENTO ","ED-49812","SETOP","m3",3.43,512.35,"BDI 1",648.22,1757.36,2223.39]
["4","4","3","4.4.3.2","FÔRMA E DESFORMA DE TÁBUA E SARRAFO, REAPROVEITAMENTO (3X) (FUNDAÇÃO)","ED-49810","SETOP","m2",75.11,56.15,"BDI 1",71.040000000000006,4217.42,5335.81]
["4","4","3","4.4.3.3","CORTE, DOBRA E MONTAGEM DE AÇO CA-50/60, INCLUSIVE ESPAÇADOR","ED-48298","SETOP","Kg",8163.64,13.52,"BDI 1",17.100000000000001,110372.41,139598.24]
["4","4","3","4.4.3.4","FORNECIMENTO DE CONCRETO ESTRUTURAL, USINADO BOMBEADO, COM FCK 20MPA, INCLUSIVE LANÇAMENTO, ADENSAMENTO E ACABAMENTO (FUNDAÇÃO)","ED-49804","SETOP","m3",62.3,698.78,"BDI 1",884.09,43533.99,55078.8]
["4","4","3","4.4.3.5","ALVENARIA ESTRUTURAL COM BLOCO DE CONCRETO, ESP. 19CM, (FBK 4,5MPA), COM ACABAMENTO APARENTE, INCLUSIVE ARGAMASSA PARA ASSENTAMENTO","ED-48202","SETOP","m2",273.81,66.91,"BDI 1",84.65,18320.62,23178.01]
["4","4","3","4.4.3.6","GRAUTE FGK=20 MPA; TRAÇO 1:0,04:1,8:2,1 (EM MASSA SECA DE CIMENTO/ CAL/ AREIA GROSSA/ BRITA 0) - PREPARO MECÂNICO COM BETONEIRA 400 L. AF_09/2021",90279,"SINAPI","M3",26.01,570.80999999999995,"BDI 1",722.18,14846.76,18783.900000000001]
["4","4","3","4.4.3.7","IMPERMEABILIZAÇÃO DE PAREDES COM ARGAMASSA DE CIMENTO E AREIA, COM ADITIVO IMPERMEABILIZANTE, E = 2CM. AF_06/2018",98561,"SINAPI","M2",130.16,40.89,"BDI 1",51.73,5322.24,6733.17]
["4","4","3","4.4.3.8","PINTURA COM TINTA ASFALTICA IMPERMEABILIZANTE DILUIDA EM SOLVENTE, PARA MATERIAIS CIMENTICIOS, METAL E MADEIRA","09.12.01","SUDECAP","M2",130.16,12.55,"BDI 1",15.87,1633.5,2065.63]
["4","4","4","4.4.4.1","Manta geotêxtil não tecida, A/300, OP/30 ou similar, resistência à tração de 21 KN/m2 (Execução, incluindo fornecimento, transporte e colocação)","RO-40981","SETOP","m2",64.38,6.98,"BDI 1",8.83,449.37,568.47]
["4","4","4","4.4.4.2","ENCHIMENTO DE BRITA PARA DRENO, LANÇAMENTO MANUAL. AF_07/2021",102719,"SINAPI","M3",4.29,148.65,"BDI 1",188.07,637.70000000000005,806.82]
["4","4","4","4.4.4.3","DRENO DE BRITA 2 + AREIA","DAC-4.5","CPU","M³",41.33,130.29820000000001,"BDI 1",164.85,5385.22,6813.25]
["4","4","4","4.4.4.4","Tubo de PVC para dreno tipo barbacã - D = 50 mm - fornecimento e instalação",2003935,"SICRO","m",21.27,8.76,"BDI 1",11.08,186.32,235.67]
["5","1","","5.1.1","ALVENARIA DE VEDAÇÃO DE BLOCOS VAZADOS DE CONCRETO DE 14X19X39 CM (ESPESSURA 14 CM)  E ARGAMASSA DE ASSENTAMENTO COM PREPARO EM BETONEIRA. AF_12/2021",103318,"SINAPI","M2",2278.21,85.63,"BDI 1",108.33,195083.12,246798.48]
["5","1","","5.1.2","ALVENARIA DE VEDAÇÃO DE BLOCOS VAZADOS DE CONCRETO DE 9X19X39 CM (ESPESSURA 9 CM) E ARGAMASSA DE ASSENTAMENTO COM PREPARO EM BETONEIRA. AF_12/2021",103316,"SINAPI","M2",43.314999999999998,65.930000000000007,"BDI 1",83.41,2855.75,3612.9]
["5","1","","5.1.3","FIXAÇÃO (ENCUNHAMENTO) DE ALVENARIA DE VEDAÇÃO COM TIJOLO MACIÇO. AF_03/2016",93202,"SINAPI","M",757.04,24.58,"BDI 1",31.09,18608.04,23536.37]
["5","1","","5.1.4","PAREDE COM PLACAS DE GESSO ACARTONADO (DRYWALL), PARA USO INTERNO, COM DUAS FACES SIMPLES E ESTRUTURA METÁLICA COM GUIAS SIMPLES, SEM VÃOS. AF_06/2017_PS",96358,"SINAPI","M2",18.287500000000001,94.73,"BDI 1",119.85,1732.37,2191.75]
["5","1","","5.1.5","ALVENARIA DE VEDAÇÃO COM TIJOLO MACIÇO REQUEIMADO, ESP. 10CM, PARA REVESTIMENTO, INCLUSIVE ARGAMASSA PARA ASSENTAMENTO","ED-48227","SETOP","m2",2.6999999999999993,87.62,"BDI 1",110.85,236.57,299.29000000000002]
["5","2","","5.2.1","DIVISÓRIA EM GRANITO CINZA ANDORINHA E = 3 CM, INCLUSIVE FERRAGENS EM LATÃO CROMADO","ED-48533","SETOP","m2",61.298999999999992,629.32000000000005,"BDI 1",796.21,38576.68,48806.87]
["5","2","","5.2.2","CORTINA HOSPITALAR - FORNECIMENTO E INSTALAÇÃO","COT-ARQ-003","COTAÇÃO","M",22.61,1225.1799999999998,"BDI 1",1550.09,27701.31,35047.53]
["5","2","","5.2.3","BOX PARA BANHEIRO 1,65x1,90 M - FORNECIMENTO E INSTALAÇÃO","COT-ARQ-001","COTAÇÃO","UN ",1,760,"BDI 1",961.55,760,961.55]
["5","3","","5.3.1","GUARDA-CORPO EM TUBO GALVANIZADO DIN 2440 D = 2\", COM SUBDIVISÕES EM TUBO DE AÇO D = 1/2\", H = 1,05 M","ED-50940","SETOP","m",37.5,470.93,"BDI 1",595.82000000000005,17659.87,22343.25]
["5","3","","5.3.2","CORRIMÃO DUPLO EM TUBO GALVANIZADO DIN 2440, D = 1 1/2\" - FIXADO EM ALVENARIA","ED-50937","SETOP","m",24.99,145.18,"BDI 1",183.68,3628.04,4590.16]
["6","1","","6.1.1","KIT DE PORTA DE MADEIRA PARA PINTURA, SEMI-OCA (LEVE OU MÉDIA), PADRÃO MÉDIO, 90X210CM, ESPESSURA DE 3,5CM, ITENS INCLUSOS: DOBRADIÇAS, MONTAGEM E INSTALAÇÃO DO BATENTE, FECHADURA COM EXECUÇÃO DO FURO - FORNECIMENTO E INSTALAÇÃO. AF_12/2019",90844,"SINAPI","UN",33,1117.31,"BDI 1",1413.62,36871.230000000003,46649.46]
["6","1","","6.1.2","KIT DE PORTA DE MADEIRA PARA PINTURA, SEMI-OCA (LEVE OU MÉDIA), PADRÃO MÉDIO, 80X210CM, ESPESSURA DE 3,5CM, ITENS INCLUSOS: DOBRADIÇAS, MONTAGEM E INSTALAÇÃO DO BATENTE, FECHADURA COM EXECUÇÃO DO FURO - FORNECIMENTO E INSTALAÇÃO. AF_12/2019",90843,"SINAPI","UN",10,1039.01,"BDI 1",1314.55,10390.1,13145.5]
["6","2","","6.2.1","PORTA SANFONADA PVC 1000  X 2100 MM, COMPLETA, NA COR BRANCA","COT-ARQ-005","COTAÇÃO","UN ",2,217.08,"BDI 1",274.64,434.16,549.28]
["6","2","","6.2.2","INSTALAÇÃO DE PORTA SANFONADA EM PVC, INCLUSIVE ACESSÓRIOS (PUXADOR E TRINCOS)","DAC-6.1","CPU","UN ",2,62.441719999999997,"BDI 1",79,124.88,158]
["6","3","","6.3.1","PORTA DE ABRIR COM MOLA HIDRÁULICA, EM VIDRO TEMPERADO, 2 FOLHAS DE 100X210 CM, ESPESSURA DD 10MM, INCLUSIVE ACESSÓRIOS. AF_01/2021","DAC-6.2","CPU","UN ",1,3748.9292999999998,"BDI 1",4743.1400000000003,3748.92,4743.1400000000003]
["6","3","","6.3.2","PORTA DE ABRIR COM MOLA HIDRÁULICA, EM VIDRO TEMPERADO, 2 FOLHAS DE 80X210 CM, ESPESSURA DD 10MM, INCLUSIVE ACESSÓRIOS. AF_01/2021","DAC-6.3","CPU","UN ",3,3433.9293000000002,"BDI 1",4344.6000000000004,10301.780000000001,13033.8]
["6","3","","6.3.3","PORTA DE ABRIR COM MOLA HIDRÁULICA, EM VIDRO TEMPERADO, 90X210 CM, ESPESSURA 10 MM, INCLUSIVE ACESSÓRIOS. AF_01/2021",102184,"SINAPI","UN",1,1792.88,"BDI 1",2268.35,1792.88,2268.35]
["6","4","","6.4.1","PORTA EM ALUMÍNIO DE ABRIR TIPO VENEZIANA COM GUARNIÇÃO, FIXAÇÃO COM PARAFUSOS - FORNECIMENTO E INSTALAÇÃO. AF_12/2019",91341,"SINAPI","M2",33.54,650.5,"BDI 1",823.01,21817.77,27603.75]
["6","5","","6.5.1","JANELA DE ALUMÍNIO TIPO MAXIM-AR, COM VIDROS, BATENTE E FERRAGENS. EXCLUSIVE ALIZAR, ACABAMENTO E CONTRAMARCO. FORNECIMENTO E INSTALAÇÃO. AF_12/2019",94569,"SINAPI","M2",98.88000000000001,638.91999999999996,"BDI 1",808.36,63176.4,79930.63]
["6","5","","6.5.2","CONTRAMARCO DE ALUMÍNIO, FIXAÇÃO COM ARGAMASSA - FORNECIMENTO E INSTALAÇÃO. AF_12/2019",94589,"SINAPI","M",301.60000000000002,19.739999999999998,"BDI 1",24.97,5953.58,7530.95]
["6","5","","6.5.3","ACABAMENTO PARA ESQUADRIAS EM ALUMÍNIO","DAC-6.4","CPU","M     ",301.60000000000002,42.977499999999999,"BDI 1",54.37,12962.01,16397.990000000002]
["6","5","","6.5.4","JANELA DE ALUMÍNIO TIPO GUILHOTINA, 1000 X 1000 MM COM DUAS FOLHAS - FORNECIMENTO E INSTALAÇÃO","COT-ARQ-006","COTAÇÃO","UN ",2,962.29499999999996,"BDI 1",1217.49,1924.59,2434.98]
["6","5","","6.5.5","JANELA FIXA DE ALUMÍNIO PARA VIDRO, COM VIDRO, BATENTE E FERRAGENS. EXCLUSIVE ACABAMENTO, ALIZAR E CONTRAMARCO. FORNECIMENTO E INSTALAÇÃO. AF_12/2019",100674,"SINAPI","M2",17.572499999999998,691.59,"BDI 1",874.99,12152.96,15375.76]
["6","6","","6.6.1","VERGA PRÉ-MOLDADA PARA PORTAS COM ATÉ 1,5 M DE VÃO. AF_03/2016",93184,"SINAPI","M",86.3,45.09,"BDI 1",57.04,3891.26,4922.55]
["6","6","","6.6.2","VERGA PRÉ-MOLDADA PARA PORTAS COM MAIS DE 1,5 M DE VÃO. AF_03/2016",93185,"SINAPI","M",22.000000000000004,77.17,"BDI 1",97.63,1697.74,2147.86]
["6","6","","6.6.3","VERGA PRÉ-MOLDADA PARA JANELAS COM ATÉ 1,5 M DE VÃO. AF_03/2016",93182,"SINAPI","M",43.5,61.35,"BDI 1",77.62,2668.72,3376.47]
["6","6","","6.6.4","VERGA PRÉ-MOLDADA PARA JANELAS COM MAIS DE 1,5 M DE VÃO. AF_03/2016",93183,"SINAPI","M",91.1,78.31,"BDI 1",99.07,7134.04,9025.27]
["6","6","","6.6.5","CONTRAVERGA PRÉ-MOLDADA PARA VÃOS DE ATÉ 1,5 M DE COMPRIMENTO. AF_03/2016",93194,"SINAPI","M",43.5,59.87,"BDI 1",75.739999999999995,2604.34,3294.69]
["6","6","","6.6.6","CONTRAVERGA PRÉ-MOLDADA PARA VÃOS DE MAIS DE 1,5 M DE COMPRIMENTO. AF_03/2016",93195,"SINAPI","M",91.1,74.209999999999994,"BDI 1",93.89,6760.53,8553.3700000000008]
["6","7","","6.7.1","EMASSAMENTO EM ESQUADRIA DE MADEIRA COM MASSA A ÓLEO, DUAS (2) DEMÃOS, INCLUSIVE LIXAMENTO PARA PINTURA  A ÓLEO OU ESMALTE","ED-50482","SETOP","m2",158.34,29.77,"BDI 1",37.659999999999997,4713.78,5963.08]
["6","7","","6.7.2","PINTURA ESMALTE EM ESQUADRIA DE MADEIRA, DUAS (2) DEMÃOS, INCLUSIVE UMA (1) DEMÃO DE FUNDO NIVELADOR, EXCLUSIVE MASSA A ÓLEO","ED-50493","SETOP","m2",158.34,23.77,"BDI 1",30.07,3763.74,4761.28]
["6","7","","6.7.3","PINTURA ESMALTE EM ESTRUTURA METÁLICA, DUAS (2) DEMÃOS, INCLUSIVE UMA (1) DEMÃO FUNDO ANTICORROSIVO","ED-50497","SETOP","m2",343.64150000000001,32.909999999999997,"BDI 1",41.63,11309.24,14305.79]
["6","7","","6.7.4","PINTURA ESMALTE EM ESQUADRIA DE PVC, DUAS (2) DEMÃOS.","DAC-6.6","CPU","M2",4.620000000000001,23.4056,"BDI 1",29.61,108.13,136.79]
["6","7","","6.7.5","PEITORIL DE GRANITO CINZA ANDORINHA E = 3 CM","ED-50998","SETOP","m2",22.16,281.89,"BDI 1",356.64,6246.68,7903.14]
["6","7","","6.7.6","PELÍCULA JATEADA PARA VIDROS","COT-ARQ-007","COTAÇÃO","M2",98.88000000000001,56.539999999999992,"BDI 1",71.53,5590.67,7072.88]
["6","7","","6.7.7","APLICAÇÃO DE PELÍCULA JATEADA EM ESQUADRIAS","DAC-6.5","CPU","M2",98.88000000000001,5.6084599999999991,"BDI 1",7.09,554.55999999999995,701.05]
["6","8","","6.8.1","BARRA DE APOIO EM AÇO INOX POLIDO RETA, DN 1.1/4\" (31,75MM), PARA ACESSIBILIDADE (PMR/PCR), COMPRIMENTO 80CM, INSTALADO EM PAREDE, INCLUSIVE FORNECIMENTO, INSTALAÇÃO E ACESSÓRIOS PARA FIXAÇÃO","ED-48160","SETOP","un",22,226.84,"BDI 1",286.99,4990.4799999999996,6313.78]
["6","8","","6.8.2","BARRA DE APOIO EM AÇO INOX POLIDO RETA, DN 1.1/4\" (31,75MM), PARA ACESSIBILIDADE (PMR/PCR), COMPRIMENTO 40CM, INSTALADO EM PORTA/PAREDE, INCLUSIVE FORNECIMENTO, INSTALAÇÃO E ACESSÓRIOS PARA FIXAÇÃO","ED-48163","SETOP","un",16,135.03,"BDI 1",170.83,2160.48,2733.28]
["6","8","","6.8.3","BARRA DE APOIO LATERAL ARTICULADA, COM TRAVA, EM ACO INOX POLIDO, FIXADA NA PAREDE - FORNECIMENTO E INSTALAÇÃO. AF_01/2020",100865,"SINAPI","UN",2,601.21,"BDI 1",760.65,1202.42,1521.3]
["6","8","","6.8.4","FORNECIMENTO E INSTALAÇÃO DE ESPELHO CRISTAL, ESPESSURA 4 MM","DAC-6.7","CPU","M2",16.14,389.24449999999996,"BDI 1",492.47,6282.4,7948.46]
["6","8","","6.8.5","FORNECIMENTO E INSTALAÇÃO DE PLACAS DE IDENTIFICAÇÃO","DAC-6.8","CPU","UN    ",42,131.81950000000001,"BDI 1",166.77,5536.41,7004.34]
["7","","","7.1","FORNECIMENTO DE ESTRUTURA METÁLICA EM PERFIL LAMINADO, INCLUSIVE FABRICAÇÃO, TRANSPORTE, MONTAGEM E APLICAÇÃO DE FUNDO PREPARADOR ANTICORROSIVO EM SUPERFÍCIE METÁLICA, UMA (1) DEMÃO","ED-49664","SETOP","Kg",10162.17,24.43,"BDI 1",30.9,248261.81,314011.05]
["7","","","7.2","COBERTURA EM TELHA METÁLICA GALVANIZADA TRAPEZOIDAL, TIPO SIMPLES, ESP. 0,50MM, ACABAMENTO NATURAL, INCLUSIVE ACESSÓRIOS PARA FIXAÇÃO, FORNECIMENTO E INSTALAÇÃO","ED-48428","SETOP","m2",1038.6300000000001,99.23,"BDI 1",125.54,103063.25,130389.61]
["7","","","7.3","COLOCAÇÃO DE CUMEEIRA GALVANIZADA TRAPEZOIDAL E = 0,50 MM, SIMPLES","ED-48402","SETOP","m",70.709999999999994,54.81,"BDI 1",69.34,3875.61,4903.03]
["7","","","7.4","PINTURA ESMALTE EM ESTRUTURA METÁLICA, DUAS (2) DEMÃOS, INCLUSIVE UMA (1) DEMÃO FUNDO ANTICORROSIVO","ED-50497","SETOP","m2",3016.76,32.909999999999997,"BDI 1",41.63,99281.57,125587.71]
["7","","","7.5","FORNECIMENTO DE CONCRETO ESTRUTURAL, PREPARADO EM OBRA, COM FCK 30MPA, INCLUSIVE LANÇAMENTO, ADENSAMENTO E ACABAMENTO","ED-49620","SETOP","m3",0.23,770.19,"BDI 1",974.44,177.14,224.12]
["7","","","7.6","MONTAGEM E DESMONTAGEM DE FÔRMA DE LAJE MACIÇA, PÉ-DIREITO SIMPLES, EM MADEIRA SERRADA, 2 UTILIZAÇÕES. AF_09/2020",92484,"SINAPI","M2",3.88,281.2,"BDI 1",355.77,1091.05,1380.38]
["7","","","7.7","CORTE, DOBRA E MONTAGEM DE AÇO CA-50/60, INCLUSIVE ESPAÇADOR","ED-48298","SETOP","Kg",18.399999999999999,13.52,"BDI 1",17.100000000000001,248.76,314.64]
["8","1","","8.1.1","CHAPISCO APLICADO EM ALVENARIAS E ESTRUTURAS DE CONCRETO INTERNAS, COM COLHER DE PEDREIRO.  ARGAMASSA TRAÇO 1:3 COM PREPARO EM BETONEIRA 400L. AF_10/2022",87879,"SINAPI","M2",2899.85,4.08,"BDI 1",5.16,11831.38,14963.22]
["8","1","","8.1.2","MASSA ÚNICA, PARA RECEBIMENTO DE PINTURA, EM ARGAMASSA TRAÇO 1:2:8, PREPARO MECÂNICO COM BETONEIRA 400L, APLICADA MANUALMENTE EM FACES INTERNAS DE PAREDES, ESPESSURA DE 20MM, COM EXECUÇÃO DE TALISCAS. AF_06/2014",87529,"SINAPI","M2",1873.8500000000004,35.33,"BDI 1",44.69,66203.12,83742.350000000006]
["8","1","","8.1.3","EMBOÇO, PARA RECEBIMENTO DE CERÂMICA, EM ARGAMASSA TRAÇO 1:2:8, PREPARO MECÂNICO COM BETONEIRA 400L, APLICADO MANUALMENTE EM FACES INTERNAS DE PAREDES, PARA AMBIENTE COM ÁREA  MAIOR QUE 10M2, ESPESSURA DE 20MM, COM EXECUÇÃO DE TALISCAS. AF_06/2014",87535,"SINAPI","M2",1026.01,30.72,"BDI 1",38.86,31519.02,39870.74]
["8","1","","8.1.4","REVESTIMENTO COM CERÂMICA APLICADO EM PAREDE, ACABAMENTO ESMALTADO, AMBIENTE INTERNO/EXTERNO, PADRÃO EXTRA, DIMENSÃO DA PEÇA ATÉ 2025 CM2, PEI III, ASSENTAMENTO COM ARGAMASSA INDUSTRIALIZADA, INCLUSIVE REJUNTAMENTO","ED-9081","SETOP","m2",971.09000000000015,69.349999999999994,"BDI 1",87.74,67345.09,85203.43]
["8","1","","8.1.5","REVESTIMENTO COM PASTILHA APLICADO EM PAREDE, ACABAMENTO ESMALTADO, AMBIENTE INTERNO/EXTERNO, PADRÃO EXTRA, DIMENSÃO DA PEÇA ATÉ 2025 CM2, ASSENTAMENTO COM ARGAMASSA.","DAC-8.2","CPU","M2",54.919999999999995,137.68560000000002,"BDI 1",174.19,7561.69,9566.51]
["8","1","","8.1.6","IMPERMEABILIZAÇÃO DE SUPERFÍCIE COM ARGAMASSA POLIMÉRICA / MEMBRANA ACRÍLICA, 3 DEMÃOS. AF_06/2018",98555,"SINAPI","M2",1135.6200000000001,24.46,"BDI 1",30.94,27777.26,35136.080000000002]
["8","1","","8.1.7","FORRO EM DRYWALL, PARA AMBIENTES COMERCIAIS, INCLUSIVE ESTRUTURA DE FIXAÇÃO. AF_05/2017_PS",96114,"SINAPI","M2",837.91,72.52,"BDI 1",91.75,60765.23,76878.240000000005]
["8","1","","8.1.8","EMASSAMENTO EM TETO COM MASSA CORRIDA (PVA), DUAS (2) DEMÃOS, INCLUSIVE LIXAMENTO PARA PINTURA","ED-50480","SETOP","m2",837.91,26.67,"BDI 1",33.74,22347.05,28271.08]
["8","1","","8.1.9","APLICAÇÃO DE RESINA SINTÉTICA PARA ADERÊNCIA DE REVESTIMENTOS","DAC-8.1","CPU","M2",5.2,7.6164999999999994,"BDI 1",9.6300000000000008,39.6,50.07]
["8","1","","8.1.10","APLICAÇÃO MANUAL DE GESSO DESEMPENADO (SEM TALISCAS) EM TETO DE AMBIENTES DE ÁREA MAIOR QUE 10M², ESPESSURA DE 1,0CM. AF_03/2023",87414,"SINAPI","M2",5.2,25.06,"BDI 1",31.7,130.31,164.84]
["8","1","","8.1.11","EMASSAMENTO EM PAREDE EM CHAPA DE GESSO ACARTONADO (DRYWALL) COM MASSA CORRIDA (PVA), UMA (1) DEMÃO, INCLUSIVE LIXAMENTO PARA PINTURA","ED-50484","SETOP",36.498000000000005,36.498000000000005,11.02,"BDI 1",13.94,402.2,508.78]
["8","2","","8.2.1","CHAPISCO APLICADO EM ALVENARIA (COM PRESENÇA DE VÃOS) E ESTRUTURAS DE CONCRETO DE FACHADA, COM COLHER DE PEDREIRO.  ARGAMASSA TRAÇO 1:3 COM PREPARO EM BETONEIRA 400L. AF_10/2022",87905,"SINAPI","M2",1918.7,7.2,"BDI 1",9.1,13814.64,17460.169999999998]
["8","2","","8.2.2","EMBOÇO OU MASSA ÚNICA EM ARGAMASSA TRAÇO 1:2:8, PREPARO MECÂNICO COM BETONEIRA 400 L, APLICADA MANUALMENTE EM PANOS DE FACHADA COM PRESENÇA DE VÃOS, ESPESSURA DE 35 MM. AF_08/2022",87779,"SINAPI","M2",1918.7,63.27,"BDI 1",80.040000000000006,121396.14,153572.74]
["8","2","","8.2.3","REVESTIMENTO COM PASTILHA APLICADO EM PAREDE, ACABAMENTO ESMALTADO, AMBIENTE INTERNO/EXTERNO, PADRÃO EXTRA, DIMENSÃO DA PEÇA ATÉ 2025 CM2, ASSENTAMENTO COM ARGAMASSA.","DAC-8.2","CPU","M2",239.72,137.68560000000002,"BDI 1",174.19,33005.99,41756.82]
["8","2","","8.2.4","IMPERMEABILIZAÇÃO DE SUPERFÍCIE COM ARGAMASSA POLIMÉRICA / MEMBRANA ACRÍLICA, 3 DEMÃOS. AF_06/2018",98555,"SINAPI","M2",322.18999999999994,24.46,"BDI 1",30.94,7880.76,9968.5499999999993]
["8","2","","8.2.5","MASSA ÚNICA, PARA RECEBIMENTO DE PINTURA, EM ARGAMASSA TRAÇO 1:2:8, PREPARO MECÂNICO COM BETONEIRA 400L, APLICADA MANUALMENTE EM TETO, ESPESSURA DE 20MM, COM EXECUÇÃO DE TALISCAS. AF_03/2015",90406,"SINAPI","M2",7.96,45.24,"BDI 1",57.23,360.11,455.55]
["8","2","","8.2.6","PAINEL EM MADEIRA - FORNECIMENTO E INSTALAÇÃO","COT-ARQ-004","COTAÇÃO","M²",13.299999999999999,307.16999999999996,"BDI 1",388.63,4085.36,5168.7700000000004]
["8","2","","8.2.7","BRISE METÁLICO - FORNECIMENTO E INSTALAÇÃO","COT-ARQ-002","COTAÇÃO","M²",8.7719999999999985,911.81,"BDI 1",1153.6199999999999,7998.39,10119.549999999999]
["9","1","","9.1.1","LASTRO COM MATERIAL GRANULAR (PEDRA BRITADA N.2), APLICADO EM PISOS OU LAJES SOBRE SOLO, ESPESSURA DE *10 CM*. AF_08/2017",96624,"SINAPI","M3",42.702500000000001,154.6,"BDI 1",195.59,6601.8,8352.18]
["9","1","","9.1.2","APILOAMENTO MECANIZADO EM FUNDO DE VALA COM PLACA VIBRATÓRIA, EXCLUSIVE ESCAVAÇÃO","ED-51094","SETOP","m2",854.05,11.41,"BDI 1",14.43,9744.7099999999991,12323.94]
["9","1","","9.1.3","EXECUÇÃO DE PASSEIO (CALÇADA) OU PISO DE CONCRETO COM CONCRETO MOLDADO IN LOCO, USINADO, ACABAMENTO CONVENCIONAL, ESPESSURA 10 CM, ARMADO","DAC-9.1","CPU","M2",854.05,130.865588,"BDI 1",165.57,111765.75,141405.04999999999]
["9","1","","9.1.4","CONTRAPISO EM ARGAMASSA TRAÇO 1:4 (CIMENTO E AREIA), PREPARO MECÂNICO COM BETONEIRA 400 L, APLICADO EM ÁREAS SECAS SOBRE LAJE, ADERIDO, ACABAMENTO NÃO REFORÇADO, ESPESSURA 3CM. AF_07/2021",87630,"SINAPI","M2",667.24999999999955,38.090000000000003,"BDI 1",48.19,25415.55,32154.77]
["9","1","","9.1.5","CONTRAPISO EM ARGAMASSA TRAÇO 1:4 (CIMENTO E AREIA), PREPARO MECÂNICO COM BETONEIRA 400 L, APLICADO EM ÁREAS MOLHADAS SOBRE LAJE, ADERIDO, ACABAMENTO NÃO REFORÇADO, ESPESSURA 3CM. AF_07/2021",87745,"SINAPI","M2",186.80000000000004,48.6,"BDI 1",61.48,9078.48,11484.46]
["9","1","","9.1.6","REVESTIMENTO COM PORCELANATO APLICADO EM PISO, ACABAMENTO POLÍDO, AMBIENTE INTERNO, PADRÃO EXTRA, BORDA RETIFICADA, DIMENSÃO DA PEÇA (60X60CM), ASSENTAMENTO COM ARGAMASSA INDUSTRIALIZADA, INCLUSIVE REJUNTAMENTO","ED-50754","SETOP","m2",843.61,126.89,"BDI 1",160.54,107045.67,135433.14000000001]
["9","1","","9.1.7","RODAPÉ COM REVESTIMENTO EM PORCELANATO 60X60 COM BORDA RETIFICADA E ACABAMENTO POLIDO, ALTURA 10CM","DAC-9.2","CPU","M",500.59,17.176543700000003,"BDI 1",21.73,8598.4,10877.82]
["9","1","","9.1.8","SOLEIRA DE GRANITO CINZA ANDORINHA E = 3 CM","ED-51003","SETOP","m2",10.439999999999996,285.22000000000003,"BDI 1",360.86,2977.69,3767.37]
["9","2","","9.2.1","LASTRO COM MATERIAL GRANULAR (PEDRA BRITADA N.2), APLICADO EM PISOS OU LAJES SOBRE SOLO, ESPESSURA DE *10 CM*. AF_08/2017",96624,"SINAPI","M3",33.488999999999997,154.6,"BDI 1",195.59,5177.3900000000003,6550.11]
["9","2","","9.2.2","APILOAMENTO MECANIZADO EM FUNDO DE VALA COM PLACA VIBRATÓRIA, EXCLUSIVE ESCAVAÇÃO","ED-51094","SETOP","m2",669.78,11.41,"BDI 1",14.43,7642.18,9664.92]
["9","2","","9.2.3","EXECUÇÃO DE PASSEIO (CALÇADA) OU PISO DE CONCRETO COM CONCRETO MOLDADO IN LOCO, USINADO, ACABAMENTO CONVENCIONAL, ESPESSURA 10 CM, ARMADO","DAC-9.1","CPU","M2",669.78,130.865588,"BDI 1",165.57,87651.15,110895.47]
["9","2","","9.2.4","CONTRAPISO EM ARGAMASSA TRAÇO 1:4 (CIMENTO E AREIA), PREPARO MECÂNICO COM BETONEIRA 400 L, APLICADO EM ÁREAS SECAS SOBRE LAJE, ADERIDO, ACABAMENTO NÃO REFORÇADO, ESPESSURA 3CM. AF_07/2021",87630,"SINAPI","M2",669.78,38.090000000000003,"BDI 1",48.19,25511.919999999998,32276.69]
["9","2","","9.2.5","PISO CIMENTADO, TRAÇO 1:3 (CIMENTO E AREIA), ACABAMENTO LISO, ESPESSURA 3,0 CM, PREPARO MECÂNICO DA ARGAMASSA. AF_09/2020",98680,"SINAPI","M2",669.78,44.86,"BDI 1",56.75,30046.33,38010.01]
["9","2","","9.2.6","PINTURA DE PISO COM TINTA ACRÍLICA, APLICAÇÃO MANUAL, 2 DEMÃOS, INCLUSO FUNDO PREPARADOR. AF_05/2021",102491,"SINAPI","M2",848.46,17.59,"BDI 1",22.25,14924.41,18878.23]
["9","2","","9.2.7","PLANTIO DE GRAMA ESMERALDA EM PLACAS, INCLUSIVE TERRA VEGETAL E CONSERVAÇÃO POR TRINTA (30) DIAS","ED-50437","SETOP","m2",36.85,29.23,"BDI 1",36.979999999999997,1077.1199999999999,1362.71]
["9","2","","9.2.8","PISO CIMENTADO COM ARGAMASSA, TRAÇO 1:3 (CIMENTO E AREIA), ESP. 30MM, ACABAMENTO DESEMPENADO E FELTRADO, MODULAÇÃO DE 100X100CM, INCLUSIVE JUNTA PLÁSTICA","ED-50548","SETOP","m2",178.68,59.23,"BDI 1",74.930000000000007,10583.21,13388.49]
["9","2","","9.2.9","GUIA (MEIO-FIO) CONCRETO, MOLDADA  IN LOCO  EM TRECHO CURVO COM EXTRUSORA, 15 CM BASE X 30 CM ALTURA. AF_06/2016",94266,"SINAPI","M",67.959999999999994,49.97,"BDI 1",63.22,3395.96,4296.43]
["10","","","10.1","APLICAÇÃO DE FUNDO SELADOR ACRÍLICO EM PAREDES, UMA DEMÃO. AF_06/2014",88485,"SINAPI","M2",1910.3480000000004,3,"BDI 1",3.79,5731.04,7240.21]
["10","","","10.2","APLICAÇÃO MANUAL DE PINTURA COM TINTA LÁTEX ACRÍLICA EM PAREDES, DUAS DEMÃOS. AF_06/2014",88489,"SINAPI","M2",1910.3480000000004,13.68,"BDI 1",17.3,26133.56,33049.019999999997]
["10","","","10.3","APLICAÇÃO DE FUNDO SELADOR ACRÍLICO EM TETO, UMA DEMÃO. AF_06/2014",88484,"SINAPI","M2",851.07,3.39,"BDI 1",4.28,2885.12,3642.57]
["10","","","10.4","APLICAÇÃO MANUAL DE PINTURA COM TINTA LÁTEX ACRÍLICA EM TETO, DUAS DEMÃOS. AF_06/2014",88488,"SINAPI","M2",851.07,15.51,"BDI 1",19.62,13200.09,16697.990000000002]
["10","","","10.5","APLICAÇÃO MANUAL DE FUNDO SELADOR ACRÍLICO EM PAREDES EXTERNAS DE CASAS. AF_06/2014",88415,"SINAPI","M2",1678.98,3.38,"BDI 1",4.2699999999999996,5674.95,7169.24]
["10","","","10.6","APLICAÇÃO MANUAL DE TINTA LÁTEX ACRÍLICA EM PAREDE EXTERNAS DE CASAS, DUAS DEMÃOS. AF_11/2016",95626,"SINAPI","M2",1678.98,14.99,"BDI 1",18.96,25167.91,31833.46]
["10","","","10.7","FORNECIMENTO DE ANDAIME METÁLICO TUBULAR TIPO TORRE (LOCAÇÃO), INCLUSIVE RODÍZIOS, EXCLUSIVE MONTAGEM E DESMONTAGEM","ED-9076","SETOP","mxmês",12,20,"BDI 1",25.3,240,303.60000000000002]
["10","","","10.8","MONTAGEM E DESMONTAGEM DE ANDAIME METÁLICO TUBULAR TIPO TORRE, EXCLUSIVE FORNECIMENTO DO ANDAIME","ED-9077","SETOP","m",6,8.8000000000000007,"BDI 1",11.13,52.8,66.78]
["11","","","11.1","BANCADA SIMPLES EM CONCRETO, APOIADA EM ALVENARIA","ED-48340","SETOP","m2",3.12,283.77,"BDI 1",359.02,885.36,1120.1400000000001]
["11","","","11.2","COIFA PARA FOGÃO INDUSTRIAL - FORNECIMENTO E INSTALAÇÃO","COT-ARQ-008","COTAÇÃO","UN ",1,5250,"BDI 1",6642.3,5250,6642.3]
["11","","","11.3","FOGÃO INDUSTRIAL 6 BOCAS","COT-ARQ-009","COTAÇÃO","UN ",1,5110.5999999999995,"BDI 1",6465.93,5110.6000000000004,6465.93]
["12","1","","12.1.1","BUCHA DE REDUÇÃO, CPVC, 35 X 22 MM","COT-HID-001","COTAÇÃO","UN ",3,25.13,"BDI 1",31.79,75.39,95.37]
["12","1","","12.1.2","INSTALAÇÃO BUCHA DE REDUÇÃO, CPVC, 35 X 22 MM","DAC-12.1","CPU","UN    ",3,5.5355609999999995,"BDI 1",7,16.600000000000001,21]
["12","1","","12.1.3","CONECTOR, CPVC, SOLDÁVEL, DN22MM X 3/4\u0094, INSTALADO EM RAMAL OU SUB-RAMAL DE ÁGUA - FORNECIMENTO E INSTALAÇÃO. AF_06/2022",89668,"SINAPI","UN",10,29.53,"BDI 1",37.36,295.3,373.6]
["12","1","","12.1.4","CONECTOR, CPVC, SOLDÁVEL, DN 35MM X 1 1/4 , INSTALADO EM RAMAL DE DISTRIBUIÇÃO DE ÁGUA - FORNECIMENTO E INSTALAÇÃO. AF_06/2022",89763,"SINAPI","UN",2,56.8,"BDI 1",71.86,113.6,143.72]
["12","1","","12.1.5","JOELHO 45 GRAUS, CPVC, SOLDÁVEL, DN 22MM, INSTALADO EM RAMAL OU SUB-RAMAL DE ÁGUA - FORNECIMENTO E INSTALAÇÃO. AF_06/2022",89642,"SINAPI","UN",3,14.54,"BDI 1",18.39,43.62,55.17]
["12","1","","12.1.6","JOELHO 45 GRAUS, CPVC, SOLDÁVEL, DN 35MM, INSTALADO EM RAMAL OU SUB-RAMAL DE ÁGUA   FORNECIMENTO E INSTALAÇÃO. AF_06/2022",89650,"SINAPI","UN",1,27.96,"BDI 1",35.369999999999997,27.96,35.369999999999997]
["12","1","","12.1.7","JOELHO 90 GRAUS, CPVC, SOLDÁVEL, DN 22MM, INSTALADO EM RAMAL OU SUB-RAMAL DE ÁGUA - FORNECIMENTO E INSTALAÇÃO. AF_06/2022",89641,"SINAPI","UN",10,12.86,"BDI 1",16.27,128.6,162.69999999999999]
["12","1","","12.1.8","JOELHO 90 GRAUS, CPVC, SOLDÁVEL, DN 35MM, INSTALADO EM RAMAL OU SUB-RAMAL DE ÁGUA   FORNECIMENTO E INSTALAÇÃO. AF_06/2022",89649,"SINAPI","UN",7,29.68,"BDI 1",37.549999999999997,207.76,262.85000000000002]
["12","1","","12.1.9","JOELHO DE TRANSIÇÃO, 90 GRAUS, CPVC, SOLDÁVEL, DN 22MM X 3/4\u0094, INSTALADO EM RAMAL OU SUB-RAMAL DE ÁGUA - FORNECIMENTO E INSTALAÇÃO. AF_06/2022",89645,"SINAPI","UN",5,32.590000000000003,"BDI 1",41.23,162.94999999999999,206.15]
["12","1","","12.1.10","LUVA, CPVC, SOLDÁVEL, DN 22MM, INSTALADO EM RAMAL OU SUB-RAMAL DE ÁGUA   FORNECIMENTO E INSTALAÇÃO. AF_06/2022",89658,"SINAPI","UN",5,8.85,"BDI 1",11.19,44.25,55.95]
["12","1","","12.1.11","TUBO, CPVC, SOLDÁVEL, DN 22MM, INSTALADO EM RAMAL OU SUB-RAMAL DE ÁGUA - FORNECIMENTO E INSTALAÇÃO. AF_06/2022",89634,"SINAPI","M",39.5,35.71,"BDI 1",45.18,1410.54,1784.61]
["12","1","","12.1.12","TUBO, CPVC, SOLDÁVEL, DN 35MM, INSTALADO EM RAMAL OU SUB-RAMAL DE ÁGUA   FORNECIMENTO E INSTALAÇÃO. AF_06/2022",89636,"SINAPI","M",43.1,67.53,"BDI 1",85.43,2910.54,3682.03]
["12","1","","12.1.13","TE, CPVC, SOLDÁVEL, DN 22MM, INSTALADO EM RAMAL OU SUB-RAMAL DE ÁGUA - FORNECIMENTO E INSTALAÇÃO. AF_06/2022",89697,"SINAPI","UN",1,16.61,"BDI 1",21.01,16.61,21.01]
["12","1","","12.1.14","TÊ, CPVC, SOLDÁVEL, DN35MM, INSTALADO EM RAMAL OU SUB-RAMAL DE ÁGUA   FORNECIMENTO E INSTALAÇÃO. AF_06/2022",89706,"SINAPI","UN",3,56.1,"BDI 1",70.97,168.3,212.91]
["12","1","","12.1.15","TE DE REDUÇÃO, CPVC, 35 X 22 MM","COT-HID-002","COTAÇÃO","UN ",1,31.47,"BDI 1",39.81,31.47,39.81]
["12","1","","12.1.16","INSTALAÇÃO TE DE REDUÇÃO, CPVC, 35 X 22 MM","DAC-12.2","CPU","UN    ",1,15.537288,"BDI 1",19.649999999999999,15.53,19.649999999999999]
["12","1","","12.1.17","TÊ MISTURADOR, CPVC, SOLDÁVEL, DN22MM, INSTALADO EM RAMAL OU SUB-RAMAL DE ÁGUA   FORNECIMENTO E INSTALAÇÃO. AF_06/2022",89702,"SINAPI","UN",5,21.09,"BDI 1",26.68,105.45,133.4]
["12","2","","12.2.1","LUVA EM COBRE, DN 22 MM, SEM ANEL DE SOLDA, INSTALADO EM PRUMADA DE HIDRÁULICA PREDIAL - FORNECIMENTO E INSTALAÇÃO. AF_04/2022",92293,"SINAPI","UN",1,9.33,"BDI 1",11.8,9.33,11.8]
["12","2","","12.2.2","LUVA EM COBRE, DN 35 MM, SEM ANEL DE SOLDA, INSTALADO EM PRUMADA DE HIDRÁULICA PREDIAL - FORNECIMENTO E INSTALAÇÃO. AF_04/2022",92295,"SINAPI","UN",2,30.23,"BDI 1",38.24,60.46,76.48]
["12","3","","12.3.1","REGISTRO DE GAVETA BRUTO, LATÃO, ROSCÁVEL, 1 1/4\" - FORNECIMENTO E INSTALAÇÃO. AF_08/2021",94496,"SINAPI","UN",2,111.4,"BDI 1",140.94,222.8,281.88]
["12","3","","12.3.2","REGISTRO DE GAVETA BRUTO, LATÃO, ROSCÁVEL, 3/4\", COM ACABAMENTO E CANOPLA CROMADOS - FORNECIMENTO E INSTALAÇÃO. AF_08/2021",89987,"SINAPI","UN",47,125.89,"BDI 1",159.27000000000001,5916.83,7485.69]
["12","3","","12.3.3","REGISTRO DE PRESSÃO BRUTO, LATÃO,  ROSCÁVEL, 3/4'' - FORNECIMENTO E INSTALAÇÃO. AF_08/2021",89351,"SINAPI","UN",5,43.09,"BDI 1",54.51,215.45,272.55]
["12","3","","12.3.4","REGISTRO DE PRESSÃO BRUTO, LATÃO, ROSCÁVEL, 3/4\", COM ACABAMENTO E CANOPLA CROMADOS - FORNECIMENTO E INSTALAÇÃO. AF_08/2021",89985,"SINAPI","UN",8,119.28,"BDI 1",150.91,954.24,1207.28]
["12","4","","12.4.1","ADAPTADOR CURTO COM BOLSA E ROSCA PARA REGISTRO, PVC, SOLDÁVEL, DN 25MM X 3/4 , INSTALADO EM RAMAL OU SUB-RAMAL DE ÁGUA - FORNECIMENTO E INSTALAÇÃO. AF_06/2022",89383,"SINAPI","UN",92,6.02,"BDI 1",7.61,553.84,700.12]
["12","4","","12.4.2","ADAPTADOR CURTO COM BOLSA E ROSCA PARA REGISTRO, PVC, SOLDÁVEL, DN 40MM X 1.1/4 , INSTALADO EM PRUMADA DE ÁGUA - FORNECIMENTO E INSTALAÇÃO. AF_06/2022",89572,"SINAPI","UN",2,8.8699999999999992,"BDI 1",11.22,17.739999999999998,22.44]
["12","4","","12.4.3","BUCHA DE REDUÇÃO, PVC, SOLDÁVEL, DN 40MM X 32MM, INSTALADO EM PRUMADA DE ÁGUA - FORNECIMENTO E INSTALAÇÃO. AF_06/2022",103977,"SINAPI","UN",3,6.84,"BDI 1",8.65,20.52,25.95]
["12","4","","12.4.4","BUCHA DE REDUÇÃO, CURTA, PVC, SOLDÁVEL, DN 50 X 40 MM, INSTALADO EM PRUMADA DE ÁGUA - FORNECIMENTO E INSTALAÇÃO. AF_06/2022",103958,"SINAPI","UN",1,9.9499999999999993,"BDI 1",12.58,9.9499999999999993,12.58]
["12","4","","12.4.5","BUCHA DE REDUÇÃO , LONGA, PVC, SOLDÁVEL, DN 50 X 32 MM, INSTALADO EM RAMAL DE DISTRIBUIÇÃO DE ÁGUA - FORNECIMENTO E INSTALAÇÃO. AF_06/2022",104003,"SINAPI","UN",1,14.75,"BDI 1",18.66,14.75,18.66]
["12","4","","12.4.6","JOELHO 45 GRAUS, PVC, SOLDÁVEL, DN 25MM, INSTALADO EM RAMAL OU SUB-RAMAL DE ÁGUA - FORNECIMENTO E INSTALAÇÃO. AF_06/2022",89363,"SINAPI","UN",4,9.4,"BDI 1",11.89,37.6,47.56]
["12","4","","12.4.7","JOELHO 45 GRAUS, PVC, SOLDÁVEL, DN 32MM, INSTALADO EM RAMAL OU SUB-RAMAL DE ÁGUA - FORNECIMENTO E INSTALAÇÃO. AF_06/2022",89368,"SINAPI","UN",21,14.35,"BDI 1",18.149999999999999,301.35000000000002,381.15]
["12","4","","12.4.8","JOELHO 45 GRAUS, PVC, SOLDÁVEL, DN 50MM, INSTALADO EM PRUMADA DE ÁGUA - FORNECIMENTO E INSTALAÇÃO. AF_06/2022",89502,"SINAPI","UN",7,17.37,"BDI 1",21.97,121.59,153.79]
["12","4","","12.4.9","JOELHO 90 GRAUS, PVC, SOLDÁVEL, DN 25MM, INSTALADO EM PRUMADA DE ÁGUA - FORNECIMENTO E INSTALAÇÃO. AF_06/2022",89481,"SINAPI","UN",117,4.87,"BDI 1",6.16,569.79,720.72]
["12","4","","12.4.10","JOELHO 90 GRAUS, PVC, SOLDÁVEL, DN 32MM, INSTALADO EM PRUMADA DE ÁGUA - FORNECIMENTO E INSTALAÇÃO. AF_06/2022",89492,"SINAPI","UN",1,8.02,"BDI 1",10.14,8.02,10.14]
["12","4","","12.4.11","JOELHO 90 GRAUS, PVC, SOLDÁVEL, DN 40MM, INSTALADO EM PRUMADA DE ÁGUA - FORNECIMENTO E INSTALAÇÃO. AF_06/2022",89497,"SINAPI","UN",14,13.59,"BDI 1",17.190000000000001,190.26,240.66]
["12","4","","12.4.12","JOELHO DE REDUÇÃO, 90 GRAUS, PVC, SOLDÁVEL, DN 32 MM X 25 MM, INSTALADO EM RAMAL OU SUB-RAMAL DE ÁGUA - FORNECIMENTO E INSTALAÇÃO. AF_06/2022",103951,"SINAPI","UN",42,14.86,"BDI 1",18.8,624.12,789.6]
["12","4","","12.4.13","TUBO, PVC, SOLDÁVEL, DN 25MM, INSTALADO EM RAMAL OU SUB-RAMAL DE ÁGUA - FORNECIMENTO E INSTALAÇÃO. AF_06/2022",89356,"SINAPI","M",313.8,21.99,"BDI 1",27.82,6900.46,8729.91]
["12","4","","12.4.14","TUBO, PVC, SOLDÁVEL, DN 32MM, INSTALADO EM RAMAL OU SUB-RAMAL DE ÁGUA - FORNECIMENTO E INSTALAÇÃO. AF_06/2022",89357,"SINAPI","M",97.4,31.56,"BDI 1",39.92,3073.94,3888.2]
["12","4","","12.4.15","TUBO, PVC, SOLDÁVEL, DN 40MM, INSTALADO EM PRUMADA DE ÁGUA - FORNECIMENTO E INSTALAÇÃO. AF_06/2022",89448,"SINAPI","M",97.1,19.97,"BDI 1",25.26,1939.08,2452.7399999999998]
["12","4","","12.4.16","TUBO, PVC, SOLDÁVEL, DN 50MM, INSTALADO EM PRUMADA DE ÁGUA - FORNECIMENTO E INSTALAÇÃO. AF_06/2022",89449,"SINAPI","M",81.5,22.05,"BDI 1",27.89,1797.07,2273.0300000000002]
["12","4","","12.4.17","TE, PVC, SOLDÁVEL, DN 25MM, INSTALADO EM RAMAL OU SUB-RAMAL DE ÁGUA - FORNECIMENTO E INSTALAÇÃO. AF_06/2022",89395,"SINAPI","UN",71,11.69,"BDI 1",14.79,829.99,1050.0899999999999]
["12","4","","12.4.18","TE, PVC, SOLDÁVEL, DN 32MM, INSTALADO EM RAMAL OU SUB-RAMAL DE ÁGUA - FORNECIMENTO E INSTALAÇÃO. AF_06/2022",89398,"SINAPI","UN",4,17.14,"BDI 1",21.68,68.56,86.72]
["12","4","","12.4.19","TE, PVC, SOLDÁVEL, DN 50MM, INSTALADO EM PRUMADA DE ÁGUA - FORNECIMENTO E INSTALAÇÃO. AF_06/2022",89625,"SINAPI","UN",1,23.13,"BDI 1",29.26,23.13,29.26]
["12","4","","12.4.20","TÊ DE REDUÇÃO, PVC, SOLDÁVEL, DN 40MM X 32MM, INSTALADO EM PRUMADA DE ÁGUA - FORNECIMENTO E INSTALAÇÃO. AF_06/2022",89624,"SINAPI","UN",8,18.649999999999999,"BDI 1",23.59,149.19999999999999,188.72]
["12","4","","12.4.21","TE DE REDUÇÃO, 90 GRAUS, PVC, SOLDÁVEL, DN 50 MM X 32 MM, INSTALADO EM PRUMADA DE ÁGUA - FORNECIMENTO E INSTALAÇÃO. AF_06/2022",103976,"SINAPI","UN",26,27.67,"BDI 1",35,719.42,910]
["12","4","","12.4.22","TÊ DE REDUÇÃO, PVC, SOLDÁVEL, DN 50MM X 40MM, INSTALADO EM PRUMADA DE ÁGUA - FORNECIMENTO E INSTALAÇÃO. AF_06/2022",89626,"SINAPI","UN",3,32.65,"BDI 1",41.3,97.95,123.9]
["12","5","","12.5.1","JOELHO 90 GRAUS COM BUCHA DE LATÃO, PVC, SOLDÁVEL, DN 25MM, X 1/2  INSTALADO EM RAMAL OU SUB-RAMAL DE ÁGUA - FORNECIMENTO E INSTALAÇÃO. AF_06/2022",90373,"SINAPI","UN",80,13.27,"BDI 1",16.78,1061.5999999999999,1342.4]
["12","5","","12.5.2","LUVA COM BUCHA DE LATÃO, PVC, SOLDÁVEL, DN 25MM X 3/4 , INSTALADO EM RAMAL OU SUB-RAMAL DE ÁGUA - FORNECIMENTO E INSTALAÇÃO. AF_06/2022",89381,"SINAPI","UN",8,13.24,"BDI 1",16.75,105.92,134]
["12","5","","12.5.3","JOELHO 90 GRAUS COM BUCHA DE LATÃO, PVC, SOLDÁVEL, DN 25MM, X 3/4  INSTALADO EM RAMAL OU SUB-RAMAL DE ÁGUA - FORNECIMENTO E INSTALAÇÃO. AF_06/2022",89366,"SINAPI","UN",29,17.170000000000002,"BDI 1",21.72,497.93,629.88]
["12","6","","12.6.1","CHUMBAMENTO LINEAR EM CONTRAPISO PARA RAMAIS/DISTRIBUIÇÃO COM DIÂMETROS MAIORES QUE 40 MM E MENORES OU IGUAIS A 75 MM. AF_05/2015",90469,"SINAPI","M",342.2,8.8699999999999992,"BDI 1",11.22,3035.31,3839.48]
["12","6","","12.6.2","RASGO EM CONTRAPISO PARA RAMAIS/ DISTRIBUIÇÃO COM DIÂMETROS MAIORES QUE 40 MM E MENORES OU IGUAIS A 75 MM. AF_05/2015",90445,"SINAPI","M",342.2,27.42,"BDI 1",34.69,9383.1200000000008,11870.91]
["12","6","","12.6.3","RASGO EM ALVENARIA PARA RAMAIS/ DISTRIBUIÇÃO COM DIÂMETROS MAIORES QUE 40 MM E MENORES OU IGUAIS A 75 MM. AF_05/2015",91222,"SINAPI","M",226.56,12.88,"BDI 1",16.29,2918.09,3690.66]
["12","6","","12.6.4","CHUMBAMENTO LINEAR EM ALVENARIA PARA RAMAIS/DISTRIBUIÇÃO COM DIÂMETROS MAIORES QUE 40 MM E MENORES OU IGUAIS A 75 MM. AF_05/2015",90467,"SINAPI","M",226.56,19.37,"BDI 1",24.5,4388.46,5550.72]
["12","8","","12.8.1","RESERVATÓRIO TÉRMICO/BOILER SOLAR EM AÇO INOX 1000 L COM 5 PLACAS COLETORAS EM VIDRO TEMPERADO COM SERPENTINA EM TUBO DE COBRE 2 X 1 M - FORNECIMENTO E INSTALAÇÃO. AF_12/2021",103523,"SINAPI","UN",1,10328.4,"BDI 1",13067.49,10328.4,13067.49]
["13","1","","13.1.1","CAIXA DE ESGOTO DE INSPEÇÃO/PASSAGEM EM ALVENARIA (60X60X60CM), REVESTIMENTO EM ARGAMASSA COM ADITIVO IMPERMEABILIZANTE, COM TAMPA DE CONCRETO, INCLUSIVE ESCAVAÇÃO, REATERRO E TRANSPORTE E RETIRADA DO MATERIAL ESCAVADO (EM CAÇAMBA)","ED-49883","SETOP","un",9,412.47,"BDI 1",521.85,3712.23,4696.6499999999996]
["13","2","","13.2.1","CAIXA SIFONADA, COM GRELHA QUADRADA, PVC, DN 150 X 150 X 50 MM, JUNTA SOLDÁVEL, FORNECIDA E INSTALADA EM RAMAL DE DESCARGA OU EM RAMAL DE ESGOTO SANITÁRIO. AF_08/2022",104328,"SINAPI","UN",23,60.06,"BDI 1",75.98,1381.38,1747.54]
["13","2","","13.2.2","CAIXA SIFONADA, COM GRELHA REDONDA, PVC, DN 150 X 150 X 50 MM, JUNTA SOLDÁVEL, FORNECIDA E INSTALADA EM RAMAL DE DESCARGA OU EM RAMAL DE ESGOTO SANITÁRIO. AF_08/2022",104329,"SINAPI","UN",9,67.739999999999995,"BDI 1",85.7,609.66,771.3]
["13","2","","13.2.3","RALO SIFONADO, PVC, DN 100 X 40 MM, JUNTA SOLDÁVEL, FORNECIDO E INSTALADO EM RAMAL DE DESCARGA OU EM RAMAL DE ESGOTO SANITÁRIO. AF_08/2022",89709,"SINAPI","UN",8,17.93,"BDI 1",22.68,143.44,181.44]
["13","3","","13.3.1","BUCHA DE REDUÇÃO LONGA, PVC, SÉRIE NORMAL, ESGOTO PREDIAL, DN 50 X 40 MM, JUNTA SOLDÁVEL E ELÁSTICA, FORNECIDO E INSTALADO EM RAMAL DE DESCARGA OU RAMAL DE ESGOTO SANITÁRIO. AF_08/2022",104341,"SINAPI","UN",6,10.27,"BDI 1",12.99,61.62,77.94]
["13","3","","13.3.2","CURVA CURTA 90 GRAUS, PVC, SERIE NORMAL, ESGOTO PREDIAL, DN 40 MM, JUNTA SOLDÁVEL, FORNECIDO E INSTALADO EM RAMAL DE DESCARGA OU RAMAL DE ESGOTO SANITÁRIO. AF_08/2022",89728,"SINAPI","UN",63,12.57,"BDI 1",15.9,791.91,1001.7]
["13","3","","13.3.3","JOELHO 45 GRAUS, PVC, SERIE NORMAL, ESGOTO PREDIAL, DN 100 MM, JUNTA ELÁSTICA, FORNECIDO E INSTALADO EM PRUMADA DE ESGOTO SANITÁRIO OU VENTILAÇÃO. AF_08/2022",89810,"SINAPI","UN",10,28.21,"BDI 1",35.69,282.10000000000002,356.9]
["13","3","","13.3.4","JOELHO 45 GRAUS, PVC, SERIE NORMAL, ESGOTO PREDIAL, DN 75 MM, JUNTA ELÁSTICA, FORNECIDO E INSTALADO EM PRUMADA DE ESGOTO SANITÁRIO OU VENTILAÇÃO. AF_08/2022",89806,"SINAPI","UN",6,20.97,"BDI 1",26.53,125.82,159.18]
["13","3","","13.3.5","JOELHO 45 GRAUS, PVC, SERIE NORMAL, ESGOTO PREDIAL, DN 50 MM, JUNTA ELÁSTICA, FORNECIDO E INSTALADO EM PRUMADA DE ESGOTO SANITÁRIO OU VENTILAÇÃO. AF_08/2022",89802,"SINAPI","UN",71,10.26,"BDI 1",12.98,728.46,921.58]
["13","3","","13.3.6","JOELHO 45 GRAUS, PVC, SERIE NORMAL, ESGOTO PREDIAL, DN 40 MM, JUNTA SOLDÁVEL, FORNECIDO E INSTALADO EM RAMAL DE DESCARGA OU RAMAL DE ESGOTO SANITÁRIO. AF_08/2022",89726,"SINAPI","UN",25,9.58,"BDI 1",12.12,239.5,303]
["13","3","","13.3.7","JOELHO 90 GRAUS, PVC, SERIE NORMAL, ESGOTO PREDIAL, DN 100 MM, JUNTA ELÁSTICA, FORNECIDO E INSTALADO EM SUBCOLETOR AÉREO DE ESGOTO SANITÁRIO. AF_08/2022",89850,"SINAPI","UN",22,29.87,"BDI 1",37.79,657.14,831.38]
["13","3","","13.3.9","JOELHO 90 GRAUS, PVC, SERIE NORMAL, ESGOTO PREDIAL, DN 50 MM, JUNTA ELÁSTICA, FORNECIDO E INSTALADO EM PRUMADA DE ESGOTO SANITÁRIO OU VENTILAÇÃO. AF_08/2022",89801,"SINAPI","UN",69,9.4499999999999993,"BDI 1",11.95,652.04999999999995,824.55]
["13","3","","13.3.10","JOELHO 90 GRAUS, PVC, SERIE NORMAL, ESGOTO PREDIAL, DN 40 MM, JUNTA SOLDÁVEL, FORNECIDO E INSTALADO EM RAMAL DE DESCARGA OU RAMAL DE ESGOTO SANITÁRIO. AF_08/2022",89724,"SINAPI","UN",3,9.33,"BDI 1",11.8,27.99,35.4]
["13","3","","13.3.11","JOELHO 90 GRAUS, PVC, SERIE NORMAL, ESGOTO PREDIAL, DN 75 MM, JUNTA ELÁSTICA, FORNECIDO E INSTALADO EM RAMAL DE DESCARGA OU RAMAL DE ESGOTO SANITÁRIO. AF_08/2022",89737,"SINAPI","UN",5,21.59,"BDI 1",27.31,107.95,136.55000000000001]
["13","3","","13.3.12","JOELHO PVC, COM BOLSA E ANEL, 90 GRAUS, DN 40 X *38* MM,SERIE NORMAL, PARA ESGOTO PREDIAL - FORNECIDO E INSTALADO EM RAMAL DE DESCARGA OU RAMAL DE ESGOTO SANITÁRIO","DAC-13.1","CPU","UN    ",52,17.273726,"BDI 1",21.85,898.23,1136.2]
["13","3","","13.3.13","JUNÇÃO SIMPLES, PVC, SERIE NORMAL, ESGOTO PREDIAL, DN 100 X 50 MM, JUNTA ELÁSTICA, FORNECIDO E INSTALADO EM PRUMADA DE ESGOTO SANITÁRIO OU VENTILAÇÃO","DAC-13.2","CPU","UN    ",22,45.030521,"BDI 1",56.97,990.67,1253.3399999999999]
["13","3","","13.3.14","JUNÇÃO SIMPLES, PVC, SERIE NORMAL, ESGOTO PREDIAL, DN 100 X 100 MM, JUNTA ELÁSTICA, FORNECIDO E INSTALADO EM RAMAL DE DESCARGA OU RAMAL DE ESGOTO SANITÁRIO. AF_08/2022",89797,"SINAPI","UN",17,50.84,"BDI 1",64.319999999999993,864.28,1093.44]
["13","3","","13.3.15","JUNÇÃO SIMPLES, PVC, SERIE NORMAL, ESGOTO PREDIAL, DN 50 X 50 MM, JUNTA ELÁSTICA, FORNECIDO E INSTALADO EM RAMAL DE DESCARGA OU RAMAL DE ESGOTO SANITÁRIO. AF_08/2022",89785,"SINAPI","UN",10,25.69,"BDI 1",32.5,256.89999999999998,325]
["13","3","","13.3.16","JUNÇÃO SIMPLES, PVC, ESGOTO PREDIAL, 75 X 50 MM","COT-SAN-001","COTAÇÃO","UN ",2,49,"BDI 1",61.99,98,123.98]
["13","3","","13.3.17","INSTALAÇÃO JUNÇÃO SIMPLES, PVC, SERIE NORMAL, ESGOTO PREDIAL, DN 75 X 50 MM, JUNTA ELÁSTICA","DAC-13.3","CPU","UN    ",2,23.210521,"BDI 1",29.36,46.42,58.72]
["13","3","","13.3.18","JUNÇÃO SIMPLES, PVC, SERIE NORMAL, ESGOTO PREDIAL, DN 100 X 75 MM, JUNTA ELÁSTICA, FORNECIDO E INSTALADO EM PRUMADA DE ESGOTO SANITÁRIO OU VENTILAÇÃO","DAC-13.4","CPU","UN    ",1,51.930520999999999,"BDI 1",65.7,51.93,65.7]
["13","3","","13.3.19","REDUÇÃO EXCÊNTRICA, PVC OCRE, JUNTA ELÁSTICA, 100 X 50 MM, PARA COLETOR PREDIAL DE ESGOTO - FORNECIMENTO E INSTALAÇÃO","DAC-13.5","CPU","UN    ",1,20.406142000000003,"BDI 1",25.81,20.399999999999999,25.81]
["13","3","","13.3.20","REDUÇÃO EXCÊNTRICA, PVC OCRE, JUNTA ELÁSTICA, 75 X 50 MM, PARA COLETOR PREDIAL DE ESGOTO - FORNECIMENTO E INSTALAÇÃO","DAC-13.6","CPU","UN    ",3,18.246141999999999,"BDI 1",23.08,54.73,69.239999999999995]
["13","3","","13.3.21","TERMINAL DE VENTILAÇÃO, PVC, SÉRIE NORMAL, ESGOTO PREDIAL, DN 50 MM, JUNTA SOLDÁVEL, FORNECIDO E INSTALADO EM PRUMADA DE ESGOTO SANITÁRIO OU VENTILAÇÃO. AF_08/2022",104348,"SINAPI","UN",27,11.77,"BDI 1",14.89,317.79000000000002,402.03]
["13","3","","13.3.22","TERMINAL DE VENTILAÇÃO, PVC, SÉRIE NORMAL, ESGOTO PREDIAL, DN 75 MM, JUNTA SOLDÁVEL, FORNECIDO E INSTALADO EM PRUMADA DE ESGOTO SANITÁRIO OU VENTILAÇÃO. AF_08/2022",104351,"SINAPI","UN",2,24.01,"BDI 1",30.37,48.02,60.74]
["13","3","","13.3.23","TUBO PVC, SERIE NORMAL, ESGOTO PREDIAL, DN 100 MM, FORNECIDO E INSTALADO EM PRUMADA DE ESGOTO SANITÁRIO OU VENTILAÇÃO. AF_08/2022",89800,"SINAPI","M",165.3,28.74,"BDI 1",36.36,4750.72,6010.3]
["13","3","","13.3.24","TUBO PVC, SERIE NORMAL, ESGOTO PREDIAL, DN 75 MM, FORNECIDO E INSTALADO EM PRUMADA DE ESGOTO SANITÁRIO OU VENTILAÇÃO. AF_08/2022",89799,"SINAPI","M",33,23.08,"BDI 1",29.2,761.64,963.6]
["13","3","","13.3.25","TUBO PVC, SERIE NORMAL, ESGOTO PREDIAL, DN 50 MM, FORNECIDO E INSTALADO EM PRUMADA DE ESGOTO SANITÁRIO OU VENTILAÇÃO. AF_08/2022",89798,"SINAPI","M",316,14.42,"BDI 1",18.239999999999998,4556.72,5763.84]
["13","3","","13.3.26","TUBO PVC, SERIE NORMAL, ESGOTO PREDIAL, DN 40 MM, FORNECIDO E INSTALADO EM RAMAL DE DESCARGA OU RAMAL DE ESGOTO SANITÁRIO. AF_08/2022",89711,"SINAPI","M",88.6,20.18,"BDI 1",25.53,1787.94,2261.9499999999998]
["13","3","","13.3.27","TE, PVC, SERIE NORMAL, ESGOTO PREDIAL, DN 100 X 50 MM, JUNTA ELÁSTICA, FORNECIDO E INSTALADO EM RAMAL DE DESCARGA OU RAMAL DE ESGOTO SANITÁRIO.","DAC-13.7","CPU","UN    ",5,36.939314000000003,"BDI 1",46.73,184.69,233.65]
["13","3","","13.3.28","TE, PVC, SERIE NORMAL, ESGOTO PREDIAL, DN 100 X 75 MM, JUNTA ELÁSTICA, FORNECIDO E INSTALADO EM RAMAL DE DESCARGA OU RAMAL DE ESGOTO SANITÁRIO.","DAC-13.8","CPU","UN    ",2,36.286141999999998,"BDI 1",45.9,72.569999999999993,91.8]
["13","3","","13.3.29","TE, PVC, SERIE NORMAL, ESGOTO PREDIAL, DN 50 X 50 MM, JUNTA ELÁSTICA, FORNECIDO E INSTALADO EM RAMAL DE DESCARGA OU RAMAL DE ESGOTO SANITÁRIO. AF_08/2022",89784,"SINAPI","UN",34,23.08,"BDI 1",29.2,784.72,992.8]
["13","3","","13.3.30","TE DE REDUÇÃO, PVC, ESGOTO PREDIAL, 75 X 50 MM","COT-SAN-002","COTAÇÃO","UN ",1,35.85,"BDI 1",45.35,35.85,45.35]
["13","3","","13.3.31","INSTALAÇÃO TE, PVC, SERIE NORMAL, ESGOTO PREDIAL, DN 75 X 50 MM, JUNTA ELÁSTICA","DAC-13.9","CPU","UN    ",1,12.106141999999998,"BDI 1",15.31,12.1,15.31]
["13","3","","13.3.32","TE, PVC, SERIE NORMAL, ESGOTO PREDIAL, DN 75 X 75 MM, JUNTA ELÁSTICA, FORNECIDO E INSTALADO EM RAMAL DE DESCARGA OU RAMAL DE ESGOTO SANITÁRIO. AF_08/2022",89786,"SINAPI","UN",1,38.07,"BDI 1",48.16,38.07,48.16]
["13","3","","13.3.33","ANEL DE VEDACAO, PVC FLEXIVEL, 100 MM, PARA SAIDA DE BACIA / VASO SANITARIO",6138,"SINAPI","UN    ",22,9.6199999999999992,"BDI 1",12.17,211.64,267.74]
["13","4","","13.4.1","ESCAVAÇÃO MANUAL DE VALA COM PROFUNDIDADE MENOR OU IGUAL A 1,30 M. AF_02/2021",93358,"SINAPI","M3",78.95,70.290000000000006,"BDI 1",88.93,5549.39,7021.02]
["13","4","","13.4.2","REATERRO MANUAL APILOADO COM SOQUETE. AF_10/2017",96995,"SINAPI","M3",28,42.62,"BDI 1",53.92,1193.3599999999999,1509.76]
["13","5","","13.5.1","RASGO EM ALVENARIA PARA RAMAIS/ DISTRIBUIÇÃO COM DIAMETROS MENORES OU IGUAIS A 40 MM. AF_05/2015",90443,"SINAPI","M",135,11.96,"BDI 1",15.13,1614.6,2042.55]
["13","5","","13.5.2","CHUMBAMENTO LINEAR EM ALVENARIA PARA RAMAIS/DISTRIBUIÇÃO COM DIÂMETROS MENORES OU IGUAIS A 40 MM. AF_05/2015",90466,"SINAPI","M",135,12.22,"BDI 1",15.46,1649.7,2087.1]
["13","5","","13.5.3","RASGO EM ALVENARIA PARA RAMAIS/ DISTRIBUIÇÃO COM DIÂMETROS MAIORES QUE 40 MM E MENORES OU IGUAIS A 75 MM. AF_05/2015",91222,"SINAPI","M",222,12.88,"BDI 1",16.29,2859.36,3616.38]
["13","5","","13.5.4","CHUMBAMENTO LINEAR EM ALVENARIA PARA RAMAIS/DISTRIBUIÇÃO COM DIÂMETROS MAIORES QUE 40 MM E MENORES OU IGUAIS A 75 MM. AF_05/2015",90467,"SINAPI","M",222,19.37,"BDI 1",24.5,4300.1400000000003,5439]
["13","5","","13.5.5","RASGO EM CONTRAPISO PARA RAMAIS/ DISTRIBUIÇÃO COM DIÂMETROS MAIORES QUE 75 MM. AF_05/2015",90446,"SINAPI","M",35.299999999999997,29.79,"BDI 1",37.69,1051.58,1330.45]
["13","5","","13.5.6","CHUMBAMENTO LINEAR EM CONTRAPISO PARA RAMAIS/DISTRIBUIÇÃO COM DIÂMETROS MAIORES QUE 75 MM. AF_05/2015",90470,"SINAPI","M",35.299999999999997,12.3,"BDI 1",15.56,434.19,549.26]
["14","","","14.1","BEBEDOURO 100 LITROS - 3 TORNEIRAS","COT-LOU-001","COTAÇÃO","UN ",4,3948,"BDI 1",4995,15792,19980]
["14","","","14.2","CHUVEIRO ELÉTRICO COM RESISTÊNCIA BLINDADA, TENSÃO 127V/220V, POTÊNCIA 5500W/6800W, INCLUSIVE BRAÇO, FORNECIMENTO E INSTALAÇÃO","ED-50314","SETOP","un",5,235.99,"BDI 1",298.57,1179.95,1492.85]
["14","","","14.3","DUCHA HIGIÊNICA COM REGISTRO PARA CONTROLE DE FLUXO DE ÁGUA, DIÂMETRO 1/2\" (20MM), INCLUSIVE FORNECIMENTO E INSTALAÇÃO","ED-50316","SETOP","un",16,151.58000000000001,"BDI 1",191.77,2425.2800000000002,3068.32]
["14","","","14.4","MICTÓRIO SIFONADO LOUÇA BRANCA \u0096 PADRÃO MÉDIO \u0096 FORNECIMENTO E INSTALAÇÃO. AF_01/2020",100858,"SINAPI","UN",3,671.97,"BDI 1",850.17,2015.91,2550.5100000000002]
["14","","","14.5","VASO SANITÁRIO SIFONADO COM CAIXA ACOPLADA LOUÇA BRANCA - PADRÃO MÉDIO, INCLUSO ENGATE FLEXÍVEL EM METAL CROMADO, 1/2  X 40CM - FORNECIMENTO E INSTALAÇÃO. AF_01/2020",86932,"SINAPI","UN",22,543.78,"BDI 1",687.99,11963.16,15135.78]
["14","","","14.6","ASSENTO SANITÁRIO CONVENCIONAL - FORNECIMENTO E INSTALACAO. AF_01/2020",100849,"SINAPI","UN",22,45.94,"BDI 1",58.12,1010.68,1278.6400000000001]
["14","","","14.7","TORNEIRA METÁLICA PARA IRRIGAÇÃO/JARDIM, ACABAMENTO CROMADO, APLICAÇÃO DE PAREDE, INCLUSIVE FORNECIMENTO E INSTALAÇÃO","ED-50323","SETOP","un",14,43.78,"BDI 1",55.39,612.91999999999996,775.46]
["14","","","14.8","TORNEIRA METÁLICA PARA PIA, ABERTURA 1/4 DE VOLTA, ACABAMENTO CROMADO, COM AREJADOR, APLICAÇÃO DE PAREDE, INCLUSIVE FORNECIMENTO E INSTALAÇÃO","ED-50326","SETOP","un",11,77.47,"BDI 1",98.01,852.17,1078.1099999999999]
["14","","","14.9","TORNEIRA METÁLICA PARA TANQUE, ACABAMENTO CROMADO, BICO COM ROSCA, INCLUSIVE FORNECIMENTO E INSTALAÇÃO","ED-50331","SETOP","un",4,75.599999999999994,"BDI 1",95.64,302.39999999999998,382.56]
["14","","","14.10","TORNEIRA METÁLICA PARA LAVATÓRIO, FECHAMENTO AUTOMÁTICO, ACABAMENTO CROMADO, COM AREJADOR, APLICAÇÃO DE MESA, INCLUSIVE ENGATE FLEXÍVEL METÁLICO, FORNECIMENTO E INSTALAÇÃO","ED-50329","SETOP","un",35,344.82,"BDI 1",436.26,12068.7,15269.1]
["14","","","14.11","LAVATÓRIO DE CANTO DE LOUÇA BRANCA SEM COLUNA, TAMANHO PEQUENO, INCLUSIVE ACESSÓRIOS DE FIXAÇÃO COM PARAFUSO CASTELO, VÁLVULA DE ESCOAMENTO DE METAL COM ACABAMENTO CROMADO, SIFÃO DE METAL TIPO COPO COM ACABAMENTO CROMADO, FORNECIMENTO, INSTALAÇÃO E REJUNTAMENTO, EXCLUSIVE TORNEIRA E ENGATE FLEXÍVEL","ED-2552","SETOP","un",6,412.65,"BDI 1",522.08000000000004,2475.9,3132.48]
["14","","","14.12","CUBA DE LOUÇA BRANCA DE EMBUTIR, FORMATO OVAL, INCLUSIVE VÁLVULA DE ESCOAMENTO DE METAL COM ACABAMENTO CROMADO, SIFÃO DE METAL TIPO COPO COM ACABAMENTO CROMADO, FORNECIMENTO E INSTALAÇÃO","ED-50279","SETOP","un",17,306.76,"BDI 1",388.11,5214.92,6597.87]
["14","","","14.13","LAVATÓRIO DE LOUÇA BRANCA COM COLUNA, TAMANHO MÉDIO, INCLUSIVE ACESSÓRIOS DE FIXAÇÃO, VÁLVULA DE ESCOAMENTO DE METAL COM ACABAMENTO CROMADO, SIFÃO DE METAL TIPO COPO COM ACABAMENTO CROMADO, FORNECIMENTO, INSTALAÇÃO E REJUNTAMENTO, EXCLUSIVE TORNEIRA E ENGATE FLEXÍVEL","ED-50282","SETOP","U",12,457.69,"BDI 1",579.05999999999995,5492.28,6948.72]
["14","","","14.14","CUBA EM AÇO INOXIDÁVEL DE EMBUTIR, AISI 304, APLICAÇÃO PARA PIA (465X330X115MM), NÚMERO 1, ASSENTAMENTO EM BANCADA, INCLUSIVE VÁLVULA DE ESCOAMENTO DE METAL COM ACABAMENTO CROMADO, SIFÃO DE METAL TIPO COPO COM ACABAMENTO CROMADO, FORNECIMENTO E INSTALAÇÃO","ED-50277","SETOP","un",11,455.79,"BDI 1",576.66,5013.6899999999996,6343.26]
["14","","","14.15","TANQUE DE LOUÇA BRANCA COM COLUNA, CAPACIDADE 22 LITROS, INCLUSIVE ACESSÓRIOS DE FIXAÇÃO, VÁLVULA DE ESCOAMENTO DE METAL COM ACABAMENTO CROMADO, SIFÃO DE METAL TIPO COPO COM ACABAMENTO CROMADO, FORNECIMENTO, INSTALAÇÃO E REJUNTAMENTO, EXCLUSIVE TORNEIRA","ED-50290","SETOP","U",4,616.4,"BDI 1",779.86,2465.6,3119.44]
["14","","","14.16","BANCADA EM GRANITO CINZA ANDORINHA E = 3 CM, APOIADA EM ALVENARIA","ED-48344","SETOP","m2",27.1,332.16,"BDI 1",420.24,9001.5300000000007,11388.5]
["14","","","14.17","ABERTURA PARA ENCAIXE DE CUBA OU LAVATORIO EM BANCADA DE MARMORE/ GRANITO OU OUTRO TIPO DE PEDRA NATURAL",38605,"SINAPI","UN    ",17,119.64,"BDI 1",151.36000000000001,2033.88,2573.12]
["14","","","14.18","BANCADA EM AÇO INOXIDÁVEL COM RODABANCA","DAC-14.1","CPU","M2",50.87,1957.8494999999998,"BDI 1",2477.0700000000002,99595.8,126008.55]
["14","","","14.19","PAPELEIRA DE PAREDE EM METAL CROMADO SEM TAMPA, INCLUSO FIXAÇÃO. AF_01/2020",95544,"SINAPI","UN",22,37.729999999999997,"BDI 1",47.73,830.06,1050.06]
["14","","","14.20","SABONETEIRA PLASTICA TIPO DISPENSER PARA SABONETE LIQUIDO COM RESERVATORIO 800 A 1500 ML, INCLUSO FIXAÇÃO. AF_01/2020",95547,"SINAPI","UN",33,43.55,"BDI 1",55.09,1437.15,1817.97]
["14","","","14.21","DISPENSER EM PLÁSTICO PARA PAPEL TOALHA 2 OU 3 FOLHAS","ED-48182","SETOP","U",30,64.47,"BDI 1",81.56,1934.1,2446.8000000000002]
["15","1","","15.1.1","AR CONDICIONADO SPLIT INVERTER, HI-WALL (PAREDE), 9000 BTU/H, CICLO FRIO - FORNECIMENTO E INSTALAÇÃO. AF_11/2021_PE",103244,"SINAPI","UN",7,2209.7199999999998,"BDI 1",2795.73,15468.04,19570.11]
["15","1","","15.1.2","AR CONDICIONADO SPLIT INVERTER, HI-WALL (PAREDE), 12000 BTU/H, CICLO FRIO - FORNECIMENTO E INSTALAÇÃO. AF_11/2021_PE",103247,"SINAPI","UN",5,2452.42,"BDI 1",3102.8,12262.1,15514]
["15","1","","15.1.3","AR CONDICIONADO SPLIT INVERTER, HI-WALL (PAREDE), 18000 BTU/H, CICLO FRIO - FORNECIMENTO E INSTALAÇÃO. AF_11/2021_PE",103250,"SINAPI","UN",3,3560.98,"BDI 1",4505.3500000000004,10682.94,13516.05]
["15","1","","15.1.4","AR CONDICIONADO SPLIT INVERTER, HI-WALL (PAREDE), 24000 BTU/H, CICLO FRIO - FORNECIMENTO E INSTALAÇÃO. AF_11/2021_PE",103253,"SINAPI","UN",2,4853.68,"BDI 1",6140.87,9707.36,12281.74]
["15","2","","15.2.1","JOELHO 90 GRAUS, PVC, SOLDÁVEL, DN 20 MM, INSTALADO EM DRENO DE AR CONDICIONADO - FORNECIMENTO E INSTALAÇÃO. AF_08/2022",104317,"SINAPI","UN",49,5.97,"BDI 1",7.55,292.52999999999997,369.95]
["15","2","","15.2.3","TUBO, PVC, SOLDÁVEL, DN 20 MM, INSTALADO EM DRENO DE AR CONDICIONADO - FORNECIMENTO E INSTALAÇÃO. AF_08/2022",104315,"SINAPI","M",57.9,15.32,"BDI 1",19.38,887.02,1122.0999999999999]
["15","2","","15.2.4","TE, PVC, SOLDÁVEL, DN 20 MM, INSTALADO EM DRENO DE AR CONDICIONADO - FORNECIMENTO E INSTALAÇÃO. AF_08/2022",104323,"SINAPI","UN",3,8.43,"BDI 1",10.66,25.29,31.98]
["15","3","","15.3.1","CABO PP TETRAPOLAR","COT-CLI-001","COTAÇÃO","UN ",82.1,31.37,"BDI 1",39.68,2575.4699999999998,3257.72]
["15","3","","15.3.2","TUBO EM COBRE FLEXÍVEL, DN 1/2\", COM ISOLAMENTO, INSTALADO EM RAMAL DE ALIMENTAÇÃO DE AR CONDICIONADO COM CONDENSADORA INDIVIDUAL \u0096 FORNECIMENTO E INSTALAÇÃO. AF_12/2015",97329,"SINAPI","M",22.7,67.87,"BDI 1",85.86,1540.64,1949.02]
["15","3","","15.3.3","TUBO EM COBRE FLEXÍVEL, DN 1/4\u0094, COM ISOLAMENTO, INSTALADO EM RAMAL DE ALIMENTAÇÃO DE AR CONDICIONADO COM CONDENSADORA INDIVIDUAL   FORNECIMENTO E INSTALAÇÃO. AF_12/2015",97327,"SINAPI","M",67.8,30.51,"BDI 1",38.6,2068.5700000000002,2617.08]
["15","3","","15.3.4","TUBO EM COBRE FLEXÍVEL, DN 3/8\", COM ISOLAMENTO, INSTALADO EM RAMAL DE ALIMENTAÇÃO DE AR CONDICIONADO COM CONDENSADORA INDIVIDUAL \u0096 FORNECIMENTO E INSTALAÇÃO. AF_12/2015",97328,"SINAPI","M",44.6,54.94,"BDI 1",69.510000000000005,2450.3200000000002,3100.14]
["15","3","","15.3.5","TUBO EM COBRE FLEXÍVEL, DN 5/8\", COM ISOLAMENTO, INSTALADO EM RAMAL DE ALIMENTAÇÃO DE AR CONDICIONADO COM CONDENSADORA INDIVIDUAL \u0096 FORNECIMENTO E INSTALAÇÃO. AF_12/2015",97330,"SINAPI","M",29.3,82.67,"BDI 1",104.59,2422.23,3064.48]
["15","4","","15.4.1","RASGO EM CONTRAPISO PARA RAMAIS/ DISTRIBUIÇÃO COM DIÂMETROS MENORES OU IGUAIS A 40 MM. AF_05/2015",90444,"SINAPI","M",103.15,25.68,"BDI 1",32.49,2648.89,3351.34]
["15","4","","15.4.2","CHUMBAMENTO LINEAR EM CONTRAPISO PARA RAMAIS/DISTRIBUIÇÃO COM DIÂMETROS MENORES OU IGUAIS A 40 MM. AF_05/2015",90468,"SINAPI","M",103.15,5.52,"BDI 1",6.98,569.38,719.98]
["16","1","","16.1.1","CAIXA DE DRENAGEM DE INSPEÇÃO/PASSAGEM EM ALVENARIA (80X80X100CM), REVESTIMENTO EM ARGAMASSA COM ADITIVO IMPERMEABILIZANTE, COM TAMPA EM GRELHA, INCLUSIVE ESCAVAÇÃO, REATERRO E TRANSPORTE E RETIRADA DO MATERIAL ESCAVADO (EM CAÇAMBA)","ED-49925","SETOP","un",3,1314.39,"BDI 1",1662.96,3943.17,4988.88]
["16","2","","16.2.1","CALHA EM CHAPA DE AÇO GALVANIZADO NÚMERO 24, DESENVOLVIMENTO DE 50 CM, INCLUSO TRANSPORTE VERTICAL. AF_07/2019",94228,"SINAPI","M",125.1,102.59,"BDI 1",129.79,12834,16236.72]
["16","3","","16.3.1","TUBO PVC, ÁGUA PLUVIAL, DN 200 MM, FORNECIDO E INSTALADO ","DAC-16.1","CPU","M     ",48.7,287.631326,"BDI 1",363.91,14007.64,17722.41]
["16","3","","16.3.2","JOELHO 45 GRAUS, PVC, SERIE R, ÁGUA PLUVIAL, DN 100 MM, JUNTA ELÁSTICA, FORNECIDO E INSTALADO EM RAMAL DE ENCAMINHAMENTO. AF_06/2022",89531,"SINAPI","UN",11,38.03,"BDI 1",48.11,418.33,529.21]
["16","3","","16.3.3","JOELHO 45 GRAUS, PVC, SERIE R, ÁGUA PLUVIAL, DN 150 MM, JUNTA ELÁSTICA, FORNECIDO E INSTALADO EM RAMAL DE ENCAMINHAMENTO. AF_06/2022",104168,"SINAPI","UN",6,122,"BDI 1",154.35,732,926.1]
["16","3","","16.3.4","JOELHO 90 GRAUS, PVC, SERIE R, ÁGUA PLUVIAL, DN 100 MM, JUNTA ELÁSTICA, FORNECIDO E INSTALADO EM CONDUTORES VERTICAIS DE ÁGUAS PLUVIAIS. AF_06/2022",89584,"SINAPI","UN",11,43.05,"BDI 1",54.46,473.55,599.05999999999995]
["16","3","","16.3.5","JOELHO 90 GRAUS, PVC, SERIE R, ÁGUA PLUVIAL, DN 150 MM, JUNTA ELÁSTICA, FORNECIDO E INSTALADO EM RAMAL DE ENCAMINHAMENTO. AF_06/2022",104167,"SINAPI","UN",8,125.49,"BDI 1",158.76,1003.92,1270.08]
["16","3","","16.3.6","JUNÇÃO SIMPLES, PVC, SERIE R, ÁGUA PLUVIAL, DN 150 X 100 MM, JUNTA ELÁSTICA, FORNECIDO E INSTALADO EM CONDUTORES VERTICAIS DE ÁGUAS PLUVIAIS. AF_06/2022",89699,"SINAPI","UN",7,205.33,"BDI 1",259.77999999999997,1437.31,1818.46]
["16","3","","16.3.7","REDUÇÃO EXCÊNTRICA, PVC, SERIE R, ÁGUA PLUVIAL, DN 150 X 100 MM, JUNTA ELÁSTICA, FORNECIDO E INSTALADO EM CONDUTORES VERTICAIS DE ÁGUAS PLUVIAIS. AF_06/2022",89681,"SINAPI","UN",4,91.28,"BDI 1",115.48,365.12,461.92]
["16","3","","16.3.8","TUBO PVC, SÉRIE R, ÁGUA PLUVIAL, DN 100 MM, FORNECIDO E INSTALADO EM CONDUTORES VERTICAIS DE ÁGUAS PLUVIAIS. AF_06/2022",89578,"SINAPI","M",74.3,35.630000000000003,"BDI 1",45.07,2647.3,3348.7]
["16","3","","16.3.9","TUBO PVC, SÉRIE R, ÁGUA PLUVIAL, DN 150 MM, FORNECIDO E INSTALADO EM CONDUTORES VERTICAIS DE ÁGUAS PLUVIAIS. AF_06/2022",89580,"SINAPI","M",53.9,73.989999999999995,"BDI 1",93.61,3988.06,5045.57]
["16","4","","16.4.1","ESCAVAÇÃO MANUAL DE VALA COM PROFUNDIDADE MENOR OU IGUAL A 1,30 M. AF_02/2021",93358,"SINAPI","M3",8.89,70.290000000000006,"BDI 1",88.93,624.87,790.58]
["16","4","","16.4.2","REATERRO MANUAL APILOADO COM SOQUETE. AF_10/2017",96995,"SINAPI","M3",8.89,42.62,"BDI 1",53.92,378.89,479.34]
["17","","","17.1","MANGUEIRA PLÁSTICA PARA GÁS D = 3/8\" X 1,50 M","ED-49821","SETOP","U",4,30.12,"BDI 1",38.1,120.48,152.4]
["17","","","17.2","REGISTRO OU REGULADOR DE GAS COZINHA, VAZAO DE 2 KG/H, 2,8 KPA",11756,"SINAPI","UN    ",1,55.54,"BDI 1",70.260000000000005,55.54,70.260000000000005]
["17","","","17.3","TUBO DE AÇO GALVANIZADO COM COSTURA, CLASSE MÉDIA, CONEXÃO ROSQUEADA, DN 20 (3/4\"), INSTALADO EM RAMAIS E SUB-RAMAIS DE GÁS - FORNECIMENTO E INSTALAÇÃO. AF_10/2020",92688,"SINAPI","M",7.35,41.68,"BDI 1",52.73,306.33999999999997,387.56]
["17","","","17.4","NIPLE DE FERRO GALVANIZADO, COM ROSCA BSP, DE 1/2\"",4177,"SINAPI","UN    ",3,5.93,"BDI 1",7.5,17.79,22.5]
["17","","","17.5","NIPLE DE FERRO GALVANIZADO, COM ROSCA BSP, DE 3/4\"",4178,"SINAPI","UN    ",6,8.2200000000000006,"BDI 1",10.39,49.32,62.34]
["17","","","17.6","NIPLE DE FERRO GALVANIZADO, COM ROSCA BSP, DE 1 1/4\"",4180,"SINAPI","UN    ",2,17.850000000000001,"BDI 1",22.58,35.700000000000003,45.16]
["17","","","17.7","JOELHO 90 GRAUS, EM FERRO GALVANIZADO, CONEXÃO ROSQUEADA, DN 15 (1/2\"), INSTALADO EM RAMAIS E SUB-RAMAIS DE GÁS - FORNECIMENTO E INSTALAÇÃO. AF_10/2020",92699,"SINAPI","UN",2,18.52,"BDI 1",23.43,37.04,46.86]
["17","","","17.8","UNIÃO, EM FERRO GALVANIZADO, CONEXÃO ROSQUEADA, DN 20 (3/4\"), INSTALADO EM RAMAIS E SUB-RAMAIS DE GÁS - FORNECIMENTO E INSTALAÇÃO. AF_10/2020",92905,"SINAPI","UN",3,46.72,"BDI 1",59.11,140.16,177.33]
["17","","","17.9","TÊ, EM FERRO GALVANIZADO, CONEXÃO ROSQUEADA, DN 20 (3/4\"), INSTALADO EM RAMAIS E SUB-RAMAIS DE GÁS - FORNECIMENTO E INSTALAÇÃO. AF_10/2020",92705,"SINAPI","UN",1,39.81,"BDI 1",50.36,39.81,50.36]
["17","","","17.10","MANOMETRO COM CAIXA EM ACO PINTADO, ESCALA *10* KGF/CM2 (*10* BAR), DIAMETRO NOMINAL DE *63* MM, CONEXAO DE 1/4\"",12899,"SINAPI","UN    ",1,114.55,"BDI 1",144.91999999999999,114.55,144.91999999999999]
["17","","","17.11","VALVULA DE ESFERA BRUTA EM BRONZE, BITOLA 3/4 \" (REF 1552-B)",11749,"SINAPI","UN    ",5,78.2,"BDI 1",98.93,391,494.65]
["17","","","17.12","LUVA DE REDUÇÃO, EM FERRO GALVANIZADO, 3/4\" X 1/2\", CONEXÃO ROSQUEADA, INSTALADO EM RAMAIS E SUB-RAMAIS DE GÁS - FORNECIMENTO E INSTALAÇÃO. AF_10/2020",92953,"SINAPI","UN",3,23.02,"BDI 1",29.12,69.06,87.36]
["17","","","17.13","BUCHA DE REDUÇÃO EM COBRE, DN 28 MM X 22 MM, SEM ANEL DE SOLDA, PONTA X BOLSA, INSTALADO EM PRUMADA DE HIDRÁULICA PREDIAL - FORNECIMENTO E INSTALAÇÃO. AF_04/2022",93057,"SINAPI","UN",2,13.19,"BDI 1",16.68,26.38,33.36]
["17","","","17.14","REGISTRO DE GAVETA BRUTO, LATÃO, ROSCÁVEL, 2 1/2\" - FORNECIMENTO E INSTALAÇÃO. AF_08/2021",94499,"SINAPI","UN",3,393.84,"BDI 1",498.28,1181.52,1494.84]
["18","1","","18.1.1","CAIXA RETANGULAR 4\" X 2\" ALTA (2,00 M DO PISO), PVC, INSTALADA EM PAREDE - FORNECIMENTO E INSTALAÇÃO. AF_03/2023",91939,"SINAPI","UN",292,27.91,"BDI 1",35.31,8149.72,10310.52]
["18","1","","18.1.2","CAIXA OCTOGONAL DE FUNDO MOVEL, EM PVC, DE 4\" X 4\", PARA ELETRODUTO FLEXIVEL CORRUGADO",12001,"SINAPI","UN    ",194,7.05,"BDI 1",8.91,1367.7,1728.54]
["18","1","","18.1.3","CAIXA RETANGULAR 4\" X 4\" ALTA (2,00 M DO PISO), PVC, INSTALADA EM PAREDE - FORNECIMENTO E INSTALAÇÃO. AF_03/2023",91942,"SINAPI","UN",1,31.65,"BDI 1",40.04,31.65,40.04]
["18","2","","18.2.1","CABO DE COBRE FLEXÍVEL ISOLADO, 150 MM², ANTI-CHAMA 0,6/1,0 KV, PARA REDE ENTERRADA DE DISTRIBUIÇÃO DE ENERGIA ELÉTRICA - FORNECIMENTO E INSTALAÇÃO. AF_12/2021",92996,"SINAPI","M",165.12,147.04,"BDI 1",186.03,24279.24,30717.27]
["18","2","","18.2.2","CABO DE COBRE FLEXÍVEL ISOLADO, 16 MM², ANTI-CHAMA 0,6/1,0 KV, PARA DISTRIBUIÇÃO - FORNECIMENTO E INSTALAÇÃO. AF_12/2015",92982,"SINAPI","M",113.64,15.72,"BDI 1",19.88,1786.42,2259.16]
["18","2","","18.2.3","CABO DE COBRE FLEXÍVEL ISOLADO, 25 MM², ANTI-CHAMA 0,6/1,0 KV, PARA REDE ENTERRADA DE DISTRIBUIÇÃO DE ENERGIA ELÉTRICA - FORNECIMENTO E INSTALAÇÃO. AF_12/2021",92984,"SINAPI","M",89,25.91,"BDI 1",32.78,2305.9899999999998,2917.42]
["18","2","","18.2.4","CABO DE COBRE FLEXÍVEL ISOLADO, 35 MM², ANTI-CHAMA 0,6/1,0 KV, PARA REDE ENTERRADA DE DISTRIBUIÇÃO DE ENERGIA ELÉTRICA - FORNECIMENTO E INSTALAÇÃO. AF_12/2021",92986,"SINAPI","M",123.63,35.880000000000003,"BDI 1",45.39,4435.84,5611.56]
["18","2","","18.2.5","CABO DE COBRE FLEXÍVEL ISOLADO, 70 MM², ANTI-CHAMA 0,6/1,0 KV, PARA REDE ENTERRADA DE DISTRIBUIÇÃO DE ENERGIA ELÉTRICA - FORNECIMENTO E INSTALAÇÃO. AF_12/2021",92990,"SINAPI","M",137.08000000000001,72.27,"BDI 1",91.43,9906.77,12533.22]
["18","2","","18.2.6","CABO DE COBRE FLEXÍVEL ISOLADO, 95 MM², ANTI-CHAMA 0,6/1,0 KV, PARA REDE ENTERRADA DE DISTRIBUIÇÃO DE ENERGIA ELÉTRICA - FORNECIMENTO E INSTALAÇÃO. AF_12/2021",92992,"SINAPI","M",228.56,93.46,"BDI 1",118.24,21361.21,27024.93]
["18","2","","18.2.7","CABO DE COBRE FLEXÍVEL ISOLADO, 1,5 MM², ANTI-CHAMA 450/750 V, PARA CIRCUITOS TERMINAIS - FORNECIMENTO E INSTALAÇÃO. AF_03/2023",91924,"SINAPI","M",1462.2900000000002,2.71,"BDI 1",3.42,3962.8,5001.03]
["18","2","","18.2.8","CABO DE COBRE FLEXÍVEL ISOLADO, 10 MM², ANTI-CHAMA 450/750 V, PARA CIRCUITOS TERMINAIS - FORNECIMENTO E INSTALAÇÃO. AF_03/2023",91932,"SINAPI","M",145.5,15.49,"BDI 1",19.59,2253.79,2850.34]
["18","2","","18.2.9","CABO DE COBRE FLEXÍVEL ISOLADO, 2,5 MM², ANTI-CHAMA 450/750 V, PARA CIRCUITOS TERMINAIS - FORNECIMENTO E INSTALAÇÃO. AF_03/2023",91926,"SINAPI","M",3836.21,3.96,"BDI 1",5.01,15191.39,19219.41]
["18","2","","18.2.10","CABO DE COBRE FLEXÍVEL ISOLADO, 4 MM², ANTI-CHAMA 450/750 V, PARA CIRCUITOS TERMINAIS - FORNECIMENTO E INSTALAÇÃO. AF_03/2023",91928,"SINAPI","M",456.90000000000003,6.15,"BDI 1",7.78,2809.93,3554.68]
["18","2","","18.2.11","CABO DE COBRE FLEXÍVEL ISOLADO, 6 MM², ANTI-CHAMA 450/750 V, PARA CIRCUITOS TERMINAIS - FORNECIMENTO E INSTALAÇÃO. AF_03/2023",91930,"SINAPI","M",779.15,8.61,"BDI 1",10.89,6708.48,8484.94]
["18","3","","18.3.1","CAIXA DE INSPEÇÃO EM CONCRETO, TIPO \"ZA\" PASSEIO, PADRÃO CEMIG, DIMENSÃO (28X28)CM, ALTURA 40CM, COM TAMPA E ARO ARTICULADO EM FERRO FUNDIDO, INCLUSIVE ESCAVAÇÃO, APILOAMENTO, LASTRO DE BRITA, REATERRO E TRANSPORTE E RETIRADA DO MATERIAL ESCAVADO (EM CAÇAMBA)","ED-49197","SETOP","un",5,200.89,"BDI 1",254.16,1004.45,1270.8]
["18","4","","18.4.1","INTERRUPTOR PARALELO (1 MÓDULO), 10A/250V, INCLUINDO SUPORTE E PLACA - FORNECIMENTO E INSTALAÇÃO. AF_03/2023",91955,"SINAPI","UN",10,33.21,"BDI 1",42.01,332.1,420.1]
["18","4","","18.4.2","INTERRUPTOR PARALELO (2 MÓDULOS), 10A/250V, INCLUINDO SUPORTE E PLACA - FORNECIMENTO E INSTALAÇÃO. AF_03/2023",91961,"SINAPI","UN",1,53.54,"BDI 1",67.73,53.54,67.73]
["18","4","","18.4.3","INTERRUPTOR SIMPLES (1 MÓDULO), 10A/250V, INCLUINDO SUPORTE E PLACA - FORNECIMENTO E INSTALAÇÃO. AF_03/2023",91953,"SINAPI","UN",35,27.33,"BDI 1",34.57,956.55,1209.95]
["18","4","","18.4.4","INTERRUPTOR SIMPLES (2 MÓDULOS), 10A/250V, INCLUINDO SUPORTE E PLACA - FORNECIMENTO E INSTALAÇÃO. AF_03/2023",91959,"SINAPI","UN",2,41.78,"BDI 1",52.86,83.56,105.72]
["18","4","","18.4.5","INTERRUPTOR SIMPLES (3 MÓDULOS), 10A/250V, INCLUINDO SUPORTE E PLACA - FORNECIMENTO E INSTALAÇÃO. AF_03/2023",91967,"SINAPI","UN",1,56.24,"BDI 1",71.150000000000006,56.24,71.150000000000006]
["18","4","","18.4.6","PLACA 2X4\" COM FURO CENTRAL PARA TOMADA JACK","11.81.09","SUDECAP","UN",24,5.57,"BDI 1",7.04,133.68,168.96]
["18","4","","18.4.7","CONJUNTO DE UM (1) INTERRUPTOR BIPOLAR SIMPLES, CORRENTE 10A, TENSÃO 250V, (10A-250V) E UMA (1) TOMADA PADRÃO, TRÊS (3) POLOS, CORRENTE 10A, TENSÃO 250V, (2P+T/10A-250V), COM PLACA 4\"X2\" DE DOIS (2) POSTOS, INCLUSIVE FORNECIMENTO, INSTALAÇÃO, SUPORTE, MÓDULO E PLACA","ED-15767","SETOP","un",11,58.95,"BDI 1",74.58,648.45000000000005,820.38]
["18","4","","18.4.8","CONJUNTO DE DUAS (2) TOMADAS PADRÃO, TRÊS (3) POLOS, CORRENTE 10A, TENSÃO 250V, (2P+T/10A-250V), COM PLACA 4\"X2\" DE DOIS (2) POSTOS, INCLUSIVE FORNECIMENTO, INSTALAÇÃO, SUPORTE, MÓDULO E PLACA","ED-15755","SETOP","un",94,38.54,"BDI 1",48.76,3622.76,4583.4399999999996]
["18","4","","18.4.9","TOMADA BAIXA DE EMBUTIR (1 MÓDULO), 2P+T 10 A, INCLUINDO SUPORTE E PLACA - FORNECIMENTO E INSTALAÇÃO. AF_03/2023",92000,"SINAPI","UN",115,28.72,"BDI 1",36.33,3302.8,4177.95]
["18","5","","18.5.1","RELE FOTOELETRICO INTERNO E EXTERNO BIVOLT 1000 W, DE CONECTOR, SEM BASE",2510,"SINAPI","UN    ",1,35.56,"BDI 1",44.99,35.56,44.99]
["18","6","","18.6.1","DISJUNTOR TRIPOLAR TIPO DIN, CORRENTE NOMINAL DE 25A - FORNECIMENTO E INSTALAÇÃO. AF_10/2020",93670,"SINAPI","UN",1,124.87,"BDI 1",157.97999999999999,124.87,157.97999999999999]
["18","6","","18.6.2","DISJUNTOR TRIPOLAR TIPO DIN, CORRENTE NOMINAL DE 50A - FORNECIMENTO E INSTALAÇÃO. AF_10/2020",93673,"SINAPI","UN",1,143.66999999999999,"BDI 1",181.77,143.66999999999999,181.77]
["18","6","","18.6.3","DISJUNTOR TRIPOLAR TERMOMAGNÉTICO 80A / 10KA","COT-ELE-001","COTAÇÃO","UN ",1,259.89999999999998,"BDI 1",328.82,259.89999999999998,328.82]
["18","6","","18.6.4","DISJUNTOR MONOPOLAR TIPO DIN, CORRENTE NOMINAL DE 10A - FORNECIMENTO E INSTALAÇÃO. AF_10/2020",93653,"SINAPI","UN",48,18.57,"BDI 1",23.49,891.36,1127.52]
["18","6","","18.6.5","DISJUNTOR MONOPOLAR TIPO DIN, CORRENTE NOMINAL DE 16A - FORNECIMENTO E INSTALAÇÃO. AF_10/2020",93654,"SINAPI","UN",18,19.12,"BDI 1",24.19,344.16,435.42]
["18","6","","18.6.6","DISJUNTOR BIPOLAR TIPO DIN, CORRENTE NOMINAL DE 10A - FORNECIMENTO E INSTALAÇÃO. AF_10/2020",93660,"SINAPI","UN",16,96.5,"BDI 1",122.09,1544,1953.44]
["18","6","","18.6.7","DISJUNTOR BIPOLAR TIPO DIN, CORRENTE NOMINAL DE 16A - FORNECIMENTO E INSTALAÇÃO. AF_10/2020",93661,"SINAPI","UN",2,97.62,"BDI 1",123.5,195.24,247]
["18","6","","18.6.8","DISJUNTOR BIPOLAR TIPO DIN, CORRENTE NOMINAL DE 32A - FORNECIMENTO E INSTALAÇÃO. AF_10/2020",93664,"SINAPI","UN",5,102.72,"BDI 1",129.96,513.6,649.79999999999995]
["18","6","","18.6.9","DISJUNTOR TERMOMAGNÉTICO TRIPOLAR , CORRENTE NOMINAL DE 200A - FORNECIMENTO E INSTALAÇÃO. AF_10/2020",101896,"SINAPI","UN",1,1056.56,"BDI 1",1336.75,1056.56,1336.75]
["18","6","","18.6.10","DISJUNTOR TRIPOLAR TERMOMAGNÉTICO 5KA, DE 70A","ED-49291","SETOP","un",1,107.96,"BDI 1",136.59,107.96,136.59]
["18","6","","18.6.11","DISPOSITIVO DE PROTEÇÃO CONTRA SURTOS 175V/ 8KA","COT-ELE-002","COTAÇÃO","UN ",4,71.239999999999995,"BDI 1",90.13,284.95999999999998,360.52]
["18","6","","18.6.12","DISPOSITIVO DR, 4 POLOS, SENSIBILIDADE DE 30 MA, CORRENTE DE 25 A, TIPO AC",39455,"SINAPI","UN    ",1,279.02999999999997,"BDI 1",353.02,279.02999999999997,353.02]
["18","6","","18.6.13","DISPOSITIVO DR, 4 POLOS, SENSIBILIDADE DE 30 MA, CORRENTE DE 63 A, TIPO AC",39457,"SINAPI","UN    ",1,304.42,"BDI 1",385.15,304.42,385.15]
["18","6","","18.6.14","DISPOSITIVO DR, 4 POLOS, SENSIBILIDADE DE 30 MA, CORRENTE DE 80 A, TIPO AC",39458,"SINAPI","UN    ",2,568.05999999999995,"BDI 1",718.7,1136.1199999999999,1437.4]
["18","7","","18.7.1","ELETRODUTO FLEXÍVEL CORRUGADO REFORÇADO, PVC, DN 25 MM (3/4\"), PARA CIRCUITOS TERMINAIS, INSTALADO EM FORRO - FORNECIMENTO E INSTALAÇÃO. AF_03/2023",91835,"SINAPI","M",1540.72,11.89,"BDI 1",15.04,18319.16,23172.42]
["18","7","","18.7.2","ELETRODUTO FLEXÍVEL CORRUGADO, PEAD, DN 50 (1 1/2\"), PARA REDE ENTERRADA DE DISTRIBUIÇÃO DE ENERGIA ELÉTRICA - FORNECIMENTO E INSTALAÇÃO. AF_12/2021",97667,"SINAPI","M",143.63,8.24,"BDI 1",10.42,1183.51,1496.62]
["18","7","","18.7.3","ELETRODUTO FLEXÍVEL CORRUGADO, PEAD, DN 100 (4\"), PARA REDE ENTERRADA DE DISTRIBUIÇÃO DE ENERGIA ELÉTRICA - FORNECIMENTO E INSTALAÇÃO. AF_12/2021",97670,"SINAPI","M",71.819999999999993,22.39,"BDI 1",28.32,1608.04,2033.94]
["18","7","","18.7.4","ELETRODUTO FLEXÍVEL CORRUGADO, PEAD, DN 90 (3\"), PARA REDE ENTERRADA DE DISTRIBUIÇÃO DE ENERGIA ELÉTRICA - FORNECIMENTO E INSTALAÇÃO. AF_12/2021",97669,"SINAPI","M",71.819999999999993,17.29,"BDI 1",21.87,1241.76,1570.7]
["18","8","","18.8.1","LUMINARIA LED REFLETOR RETANGULAR BIVOLT, LUZ BRANCA, 50 W",39391,"SINAPI","UN    ",3,58.08,"BDI 1",73.48,174.24,220.44]
["18","8","","18.8.2","LÂMPADA TUBULAR LED DE 18/20 W, BASE G13 - FORNECIMENTO E INSTALAÇÃO. AF_02/2020_PS",100903,"SINAPI","UN",388,33.01,"BDI 1",41.76,12807.88,16202.88]
["18","8","","18.8.3","LUMINÁRIA COMERCIAL CHANFRADA DE SOBREPOR, PARA DUAS (2) LÂMPADAS TUBULARES FLUORESCENTE 2X32W-ØT8 OU 2X40W-ØT10 OU LED 2X18W-ØT8, FORNECIMENTO E INSTALAÇÃO, EXCLUSIVE BASE, REATOR E LÂMPADAS","ED-49392","SETOP","un",194,84.51,"BDI 1",106.92,16394.939999999999,20742.48]
["18","9","","18.9.1","ENTRADA DE ENERGIA AÉREA, TIPO C6, PADRÃO CEMIG, CARGA INSTALADA DE 47,1KVA ATÉ 57KVA, TRIFÁSICO, COM SAÍDA SUBTERRÂNEA, INCLUSIVE POSTE, CAIXA PARA MEDIDOR, DISJUNTOR, BARRAMENTO, ATERRAMENTO E ACESSÓRIOS","ED-20586","SETOP","un",1,7517.41,"BDI 1",9511.02,7517.41,9511.02]
["18","10","","18.10.1","QUADRO DE DISTRIBUIÇÃO PARA 42 MÓDULOS COM BARRAMENTO 100 A","ED-49503","SETOP","un",2,805.12,"BDI 1",1018.63,1610.24,2037.26]
["18","10","","18.10.2","QUADRO DE DISTRIBUIÇÃO COM BARRAMENTO 225A / 50 DISJ. - EMBUTIR","COT-ELE-003","COTAÇÃO","UN ",1,1709.8,"BDI 1",2163.23,1709.8,2163.23]
["18","11","","18.11.1","ESCAVAÇÃO MANUAL DE VALA COM PROFUNDIDADE MENOR OU IGUAL A 1,30 M. AF_02/2021",93358,"SINAPI","M3",163.06499999999997,70.290000000000006,"BDI 1",88.93,11461.83,14501.37]
["18","11","","18.11.2","REATERRO MANUAL DE VALAS COM COMPACTAÇÃO MECANIZADA. AF_04/2016",93382,"SINAPI","M3",163.06499999999997,29.22,"BDI 1",36.96,4764.75,6026.88]
["18","11","","18.11.3","GERADOR ELÉTRICO 72 KVA","COT-ELE-004","COTAÇÃO","UN ",1,59357.21,"BDI 2",71377.039999999994,59357.21,71377.039999999994]
["19","1","","19.1.1","SWITCH  24 PORTAS RJ45 COM FIBRA ","COT-DAD-008","COTAÇÃO","UN ",1,1944.86,"BDI 1",2460.63,1944.86,2460.63]
["19","2","","19.2.1","CONECTOR MACHO RJ 45, CATEGORIA 5 E (CAT 5E) PARA CABOS",39602,"SINAPI","UN    ",813,1.41,"BDI 1",1.78,1146.33,1447.14]
["19","2","","19.2.2","PATCH PANEL 24 PORTAS, CATEGORIA 5E - FORNECIMENTO E INSTALAÇÃO. AF_11/2019",98301,"SINAPI","UN",19,549.66999999999996,"BDI 1",695.44,10443.73,13213.36]
["19","2","","19.2.3","NVR 24 PORTAS","COT-DAD-001","COTAÇÃO","UN ",1,2884.96,"BDI 1",3650.05,2884.96,3650.05]
["19","2","","19.2.4","HD 2 TB","COT-DAD-002","COTAÇÃO","UN ",1,463.79999999999995,"BDI 1",586.79,463.8,586.79]
["19","2","","19.2.5","SWITCH (10/100/1000) BASE T, 24 PORTAS ","COT-DAD-003","COTAÇÃO","UN ",14,831.20333333333338,"BDI 1",1051.6300000000001,11636.84,14722.82]
["19","3","","19.3.1","RÉGUA DE TOMADAS 10A- 10 SAÍDAS PADRÃO","COT-DAD-005","COTAÇÃO","UN ",2,108.31,"BDI 1",137.03,216.62,274.06]
["19","3","","19.3.2","ORGANIZADOR DE CABOS DE 1U PARA RACK 19\"","ED-48377","SETOP","cj",13,134.81,"BDI 1",170.56,1752.53,2217.2800000000002]
["19","4","","19.4.1","CAIXA RETANGULAR 4\" X 2\" ALTA (2,00 M DO PISO), PVC, INSTALADA EM PAREDE - FORNECIMENTO E INSTALAÇÃO. AF_03/2023",91939,"SINAPI","UN",91,27.91,"BDI 1",35.31,2539.81,3213.21]
["19","4","","19.4.2","CAIXA RETANGULAR 4\" X 4\" MÉDIA (1,30 M DO PISO), PVC, INSTALADA EM PAREDE - FORNECIMENTO E INSTALAÇÃO. AF_03/2023",91943,"SINAPI","UN",1,19.649999999999999,"BDI 1",24.86,19.649999999999999,24.86]
["19","5","","19.5.1","CABO ELETRÔNICO CATEGORIA 5E, INSTALADO EM EDIFICAÇÃO INSTITUCIONAL - FORNECIMENTO E INSTALAÇÃO. AF_11/2019",98295,"SINAPI","M",6093.38,5.05,"BDI 1",6.38,30771.56,38875.760000000002]
["19","5","","19.5.2","CABO ELETRÔNICO CATEGORIA 6, INSTALADO EM EDIFICAÇÃO INSTITUCIONAL - FORNECIMENTO E INSTALAÇÃO. AF_11/2019",98297,"SINAPI","M",82,7.3,"BDI 1",9.23,598.6,756.86]
["19","6","","19.6.1","CAIXA DE PASSAGEM EM CHAPA DE AÇO, EMBUTIR 230 X 230 X 102 MM","ED-49149","SETOP","un",15,118.76,"BDI 1",150.25,1781.4,2253.75]
["19","7","","19.7.1","PLACA 4X4 \" COM FURO","COT-DAD-004","COTAÇÃO","UN ",1,25.11,"BDI 1",31.76,25.11,31.76]
["19","8","","19.8.1","CAMERA POE","COT-DAD-009","COTAÇÃO","UN ",17,258.52,"BDI 1",327.07,4394.84,5560.19]
["19","9","","19.9.1","CONJUNTO DE UMA (1) TOMADA DE DADOS (CONECTOR RJ45 CAT.6E), COM PLACA 4\"X2\" DE UM (1) POSTO, INCLUSIVE FORNECIMENTO, INSTALAÇÃO, SUPORTE, MÓDULO E PLACA","ED-15752","SETOP","un",23,37.659999999999997,"BDI 1",47.64,866.18,1095.72]
["19","9","","19.9.2","CONJUNTO DE DUAS (2) TOMADAS DE DADOS (CONECTOR RJ45 CAT.6E), COM PLACA 4\"X2\" DE DOIS (2) POSTOS, INCLUSIVE FORNECIMENTO, INSTALAÇÃO, SUPORTE, MÓDULO E PLACA","ED-15762","SETOP","un",68,65.44,"BDI 1",82.79,4449.92,5629.72]
["19","10","","19.10.1","ELETRODUTO FLEXÍVEL CORRUGADO, PVC, DN 25 MM (3/4\"), PARA CIRCUITOS TERMINAIS, INSTALADO EM LAJE - FORNECIMENTO E INSTALAÇÃO. AF_03/2023",91844,"SINAPI","M",486.47,6.35,"BDI 1",8.0299999999999994,3089.08,3906.35]
["19","10","","19.10.2","ELETRODUTO FLEXÍVEL CORRUGADO, PVC, DN 32 MM (1\"), PARA CIRCUITOS TERMINAIS, INSTALADO EM LAJE - FORNECIMENTO E INSTALAÇÃO. AF_03/2023",91846,"SINAPI","M",437.83,9.26,"BDI 1",11.71,4054.3,5126.9799999999996]
["19","10","","19.10.3","ELETRODUTO FLEXÍVEL LISO, PEAD, DN 40 MM (1 1/4\"), PARA CIRCUITOS TERMINAIS, INSTALADO EM LAJE - FORNECIMENTO E INSTALAÇÃO. AF_03/2023",91851,"SINAPI","M",112.4,8.52,"BDI 1",10.77,957.64,1210.54]
["19","11","","19.11.4","RACK - GABINETE 19\" -  24U","COT-DAD-006","COTAÇÃO","UN ",2,1949.29,"BDI 1",2466.2399999999998,3898.58,4932.4799999999996]
["20","1","","20.1.1","CAPTOR TIPO FRANKLIN PARA SPDA - FORNECIMENTO E INSTALAÇÃO. AF_12/2017",96989,"SINAPI","UN",7,136,"BDI 1",172.06,952,1204.42]
["20","1","","20.1.2","MASTRO 1 ½  PARA SPDA - FORNECIMENTO E INSTALAÇÃO. AF_12/2017",96988,"SINAPI","UN",7,162.47,"BDI 1",205.55,1137.29,1438.85]
["20","1","","20.1.3","BASE METÁLICA PARA MASTRO 1 ½  PARA SPDA - FORNECIMENTO E INSTALAÇÃO. AF_12/2017",96987,"SINAPI","UN",7,103.29,"BDI 1",130.68,723.03,914.76]
["20","1","","20.1.4","TERMINAL AEREO (CAPTOR), ACO GALV. D= 3/8\"X250MM","11.92.01","SUDECAP","UN",50,13.47,"BDI 1",17.04,673.5,852]
["20","1","","20.1.5","MOLDE PPS 35-2 PARA SOLDA EXOTERMICA","11.92.43","SUDECAP","UN",1,83.01,"BDI 1",105.02,83.01,105.02]
["20","1","","20.1.6","MOLDE P/ SOLDA EXOTERMICA HCL 5/8\".50-5","11.92.04","SUDECAP","UN",1,195.99,"BDI 1",247.96,195.99,247.96]
["20","1","","20.1.7","CARTUCHO Nº45 PARA SOLDA EXOTERMICA","11.92.44","SUDECAP","UN",70,16.39,"BDI 1",20.73,1147.3,1451.1]
["20","2","","20.2.1","CAIXA DE EQUALIZAÇÃO PARA USO INTERNO COM 9 TERMINAIS 210X210X90MM EM AÇO","ED-51053","SETOP","U",1,192.14,"BDI 1",243.09,192.14,243.09]
["20","2","","20.2.2","CAIXA DE INSPEÇÃO PARA ATERRAMENTO, CIRCULAR, EM POLIETILENO, DIÂMETRO INTERNO = 0,3 M. AF_12/2020",98111,"SINAPI","UN",16,44.69,"BDI 1",56.54,715.04,904.64]
["20","2","","20.2.3","HASTE DE AÇO COBREADA PARA ATERRAMENTO DIÂMETRO 3/4\"X 2400 MM,CONFORME PADRÕES TELEBRÁS","ED-49343","SETOP","U",16,186.87,"BDI 1",236.42,2989.92,3782.72]
["20","3","","20.3.1","CABO DE COBRE NU #16MM2 - 7 FIOSX1,70MM, PARA ELEMENTOS DE CAPTAÇÃO/ANEL DE CINTAMENTO (SPDA), INCLUSIVE PRESILHA DE FIXAÇÃO","ED-13931","SETOP","m",1.35,22.14,"BDI 1",28.01,29.88,37.81]
["20","3","","20.3.2","CABO DE COBRE NU #35MM2 - 7 FIOSX2,50MM, PARA ELEMENTOS  DE CAPTAÇÃO/ ANEL DE CINTAMENTO/ DESCIDA (SPDA), INCLUSIVE SUPORTE E ISOLADOR","ED-13940","SETOP","m",11.08,48.47,"BDI 1",61.32,537.04,679.42]
["20","3","","20.3.3","CABO DE COBRE NU #50 MM2 - 7 FIOSX3,00MM, PARA ELEMENTOS DE CAPTAÇÃO/ANEL DE CINTAMENTO (SPDA), INCLUSIVE PRESILHA DE FIXAÇÃO","ED-13935","SETOP","m",302.81,56.07,"BDI 1",70.930000000000007,16978.55,21478.31]
["20","3","","20.3.4","BARRA CHATA DE ALUMÍNIO 7/8\" X 1/8\" X 3M","ED-51019","SETOP","U",238.97333333333333,27.51,"BDI 1",34.799999999999997,6574.15,8316.27]
["20","3","","20.3.5","ELETRODUTO RÍGIDO ROSCÁVEL, PVC, DN 32 MM (1\"), PARA CIRCUITOS TERMINAIS, INSTALADO EM PAREDE - FORNECIMENTO E INSTALAÇÃO. AF_03/2023",91872,"SINAPI","M",45,17.45,"BDI 1",22.07,785.25,993.15]
["21","1","","21.1.1","EXTINTOR DE INCÊNDIO TIPO PÓ QUÍMICO 2-A:20-B:C, CAPACIDADE 6 KG","ED-50193","SETOP","U",7,212.44,"BDI 1",268.77,1487.08,1881.39]
["21","1","","21.1.2","BASE DECORATIVA PARA EXTINTORES","ED-50194","SETOP","U",7,31.9,"BDI 1",40.35,223.3,282.45]
["21","1","","21.1.3","PINTURA ACRÍLICA PARA SINALIZAÇÃO HORIZONTAL EM PISO","DAC-21.1","CPU","M2",7,13.964399999999999,"BDI 1",17.66,97.75,123.62]
["21","2","","21.2.1","LUMINÁRIA DE EMERGÊNCIA, COM 30 LÂMPADAS LED DE 2 W, SEM REATOR - FORNECIMENTO E INSTALAÇÃO. AF_02/2020",97599,"SINAPI","UN",48,30.8,"BDI 1",38.96,1478.4,1870.08]
["21","3","","21.3.1","PLACA FOTOLUMINESCENTE PARA SINALIZAÇÃO DE EMERGÊNCIA, TIPO \"S2\", DIMENSÃO (380X190)MM, INCLUSIVE FIXAÇÃO","ED-50201","SETOP","un",9,22.97,"BDI 1",29.06,206.73,261.54000000000002]
["21","3","","21.3.2","PLACA FOTOLUMINESCENTE PARA SINALIZAÇÃO DE EMERGÊNCIA, TIPO \"S1\", DIMENSÃO (380X190)MM, INCLUSIVE FIXAÇÃO","ED-50202","SETOP","un",6,23.29,"BDI 1",29.46,139.74,176.76]
["21","3","","21.3.3","PLACA FOTOLUMINESCENTE \"S3\"","COT-INC-001","COTAÇÃO","UN ",31,37.25,"BDI 1",47.12,1154.75,1460.72]
["21","3","","21.3.4","PLACA FOTOLUMINESCENTE PARA SINALIZAÇÃO DE EMERGÊNCIA, TIPO \"S12\", DIMENSÃO (380X190)MM, INCLUSIVE FIXAÇÃO","ED-50205","SETOP","un",4,22.85,"BDI 1",28.9,91.4,115.6]
["21","3","","21.3.5","PLACA FOTOLUMINESCENTE \"E1\" - ALARME SONORO ","COT-INC-002","COTAÇÃO","UN ",2,37.840000000000003,"BDI 1",47.87,75.680000000000007,95.74]
["21","3","","21.3.6","PLACA FOTOLUMINESCENTE \"E2\" - ALARME DE INCÊNDIO","COT-INC-003","COTAÇÃO","UN ",2,48.62,"BDI 1",61.51,97.24,123.02]
["21","3","","21.3.7","PLACA FOTOLUMINESCENTE PARA SINALIZAÇÃO DE EMERGÊNCIA, TIPO \"E5\", DIMENSÃO (300X300)MM, INCLUSIVE FIXAÇÃO","ED-50199","SETOP","un",7,20.78,"BDI 1",26.29,145.46,184.03]
["21","3","","21.3.8","PLACA FOTOLUMINESCENTE PARA SINALIZAÇÃO DE EMERGÊNCIA, TIPO \"E8\", DIMENSÃO (300X300)MM, INCLUSIVE FIXAÇÃO","ED-50200","SETOP","un",2,20.77,"BDI 1",26.27,41.54,52.54]
["21","3","","21.3.9","PLACA FOTOLIMINESCENTE \"E9\" - HIDRANTE","COT-INC-004","COTAÇÃO","UN ",2,35.619999999999997,"BDI 1",45.06,71.239999999999995,90.12]
["21","3","","21.3.10","PLACA FOTOLUMINESCENTE \"M1\" - SISTEMAS DE SEGURANÇA","COT-INC-005","COTAÇÃO","UN ",1,66.430000000000007,"BDI 1",84.04,66.430000000000007,84.04]
["21","3","","21.3.11","INSTALAÇÃO DE PLACAS","DAC-21.2","CPU","UN ",38,7.3289999999999997,"BDI 1",9.27,278.5,352.26]
["21","4","","21.4.1","TUBO DE AÇO GALVANIZADO COM COSTURA, CLASSE MÉDIA, DN 65 (2 1/2\"), CONEXÃO ROSQUEADA, INSTALADO EM REDE DE ALIMENTAÇÃO PARA HIDRANTE - FORNECIMENTO E INSTALAÇÃO. AF_10/2020",92367,"SINAPI","M",87.695999999999998,123.3,"BDI 1",155.99,10812.91,13679.69]
["21","4","","21.4.2","JOELHO 90 GRAUS, EM FERRO GALVANIZADO, DN 65 (2 1/2\"), CONEXÃO ROSQUEADA, INSTALADO EM REDE DE ALIMENTAÇÃO PARA HIDRANTE - FORNECIMENTO E INSTALAÇÃO. AF_10/2020",92390,"SINAPI","UN",13,143.21,"BDI 1",181.18,1861.73,2355.34]
["21","4","","21.4.3","TÊ, EM FERRO GALVANIZADO, CONEXÃO ROSQUEADA, DN 65 (2 1/2\"), INSTALADO EM REDE DE ALIMENTAÇÃO PARA HIDRANTE - FORNECIMENTO E INSTALAÇÃO. AF_10/2020",92642,"SINAPI","UN",2,196.19,"BDI 1",248.21,392.38,496.42]
["21","4","","21.4.4","UNIÃO, EM FERRO GALVANIZADO, DN 65 (2 1/2\"), CONEXÃO ROSQUEADA, INSTALADO EM REDE DE ALIMENTAÇÃO PARA HIDRANTE - FORNECIMENTO E INSTALAÇÃO. AF_10/2020",92896,"SINAPI","UN",2,209.02,"BDI 1",264.45,418.04,528.9]
["21","4","","21.4.5","NIPLE, EM FERRO GALVANIZADO, DN 65 (2 1/2\"), CONEXÃO ROSQUEADA, INSTALADO EM REDE DE ALIMENTAÇÃO PARA HIDRANTE - FORNECIMENTO E INSTALAÇÃO. AF_10/2020",92377,"SINAPI","UN",2,88.64,"BDI 1",112.14,177.28,224.28]
["21","4","","21.4.6","ABRIGO PARA HIDRANTE, 90X60X17CM, COM REGISTRO GLOBO ANGULAR 45° 2 1/2\", ADAPTADOR STORZ 2 1/2\", 2 MANGUEIRA DE INCÊNDIO DE 15M, REDUÇÃO DE 2 1/2\" X 1 1/2\" E ESGUICHO EM LATÃO 1 1/2\" - FORNECIMENTO E INSTALAÇÃO","DAC-21.3","CPU","UN ",2,2548.9621200000001,"BDI 1",3224.94,5097.92,6449.88]
["21","4","","21.4.7","PINTURA ESMALTE EM TUBO GALVANIZADO, DUAS (2) DEMÃOS, INCLUSIVE UMA (1) DEMÃO DE FUNDO ANTICORROSIVO","ED-50496","SETOP","m",87.695999999999998,20.78,"BDI 1",26.29,1822.32,2305.52]
["21","4","","21.4.8","PINTURA ACRÍLICA PARA SINALIZAÇÃO HORIZONTAL EM PISO","DAC-21.1","CPU","M2",2,13.964399999999999,"BDI 1",17.66,27.92,35.32]
["21","5","","21.5.1","ESCAVAÇÃO MANUAL DE VALA COM PROFUNDIDADE MENOR OU IGUAL A 1,30 M. AF_02/2021",93358,"SINAPI","M3",18.081000000000003,70.290000000000006,"BDI 1",88.93,1270.9100000000001,1607.94]
["21","5","","21.5.2","APILOAMENTO MANUAL EM FUNDO DE VALA COM SOQUETE, EXCLUSIVE ESCAVAÇÃO","ED-51093","SETOP","m2",45.202500000000001,20.43,"BDI 1",25.84,923.48,1168.03]
["21","5","","21.5.3","REATERRO MANUAL DE VALA, INCLUSIVE ESPALHAMENTO E COMPACTAÇÃO MANUAL COM SOQUETE","ED-51120","SETOP","m3",17.079011250000004,60.61,"BDI 1",76.680000000000007,1035.1500000000001,1309.6099999999999]
["21","5","","21.5.4","CARGA MANUAL DE MATERIAL DE QUALQUER NATUREZA SOBRE CAMINHÃO, EXCLUSIVE TRANSPORTE","ED-51131","SETOP","m3",1.3025853749999985,35.54,"BDI 1",44.96,46.29,58.56]
["21","5","","21.5.5","TRANSPORTE COM CAMINHÃO BASCULANTE DE 10 M³, EM VIA URBANA PAVIMENTADA, DMT ATÉ 30 KM (UNIDADE: M3XKM). AF_07/2020",95875,"SINAPI","M3XKM",13.677146437499983,2.2599999999999998,"BDI 1",2.85,30.91,38.97]
["21","6","","21.6.1","CENTRAL DE ALARME DE INCÊNDIO ENDEREÇÁVEL","COT-INC-006","COTAÇÃO","UN ",1,1542.69,"BDI 1",1951.81,1542.69,1951.81]
["21","6","","21.6.2","ACIONADOR MANUAL DE ALARME DE INCÊNDIO","ED-50180","SETOP","un",2,120.78,"BDI 1",152.81,241.56,305.62]
["21","6","","21.6.3","SINALIZADOR VISUAL E ACÚSTICO PARA SISTEMA DE INCÊNDIO ENDEREÇÁVEL ","COT-INC-007","COTAÇÃO","UN ",2,86.27,"BDI 1",109.14,172.54,218.28]
["21","6","","21.6.4","BATERIA PARA ALARME DE INCÊNDIO ","COT-INC-008","COTAÇÃO","UN ",2,134.4,"BDI 1",170.04,268.8,340.08]
["21","6","","21.6.5","INSTALAÇÃO DO SISTEMA DE ALARME","DAC-21.4","CPU","UN ",1,1790.3999999999999,"BDI 1",2265.21,1790.4,2265.21]
["21","7","","21.7.1","VÁLVULA DE RETENÇÃO HORIZONTAL, DE BRONZE, ROSCÁVEL, 2 1/2\" - FORNECIMENTO E INSTALAÇÃO. AF_08/2021",99624,"SINAPI","UN",1,404.44,"BDI 1",511.69,404.44,511.69]
["21","7","","21.7.2","REGISTRO DE GAVETA BRUTO, LATÃO, ROSCÁVEL, 2 1/2\" - FORNECIMENTO E INSTALAÇÃO. AF_08/2021",94499,"SINAPI","UN",2,393.84,"BDI 1",498.28,787.68,996.56]
["21","7","","21.7.3","PRESSOSTATO TELEMECANIQUE, MODELO XML B004 A2S11, COM ESCALA DE 3 A 58 PSI","ED-50185","SETOP","U",1,998.81,"BDI 1",1263.69,998.81,1263.69]
["21","7","","21.7.4","MANÔMETRO 0 A 200 PSI (0 A 14 KGF/CM2), D = 50MM - FORNECIMENTO E INSTALAÇÃO. AF_10/2020",101917,"SINAPI","UN",1,150.63,"BDI 1",190.57,150.63,190.57]
["21","7","","21.7.5","BOMBA DE INCÊNDIO 4 CV","COT-INC-009","COTAÇÃO","UN ",1,4291.72,"BDI 1",5429.88,4291.72,5429.88]
["21","7","","21.7.6","QUADRO DE COMANDO PARA BOMBA DE INCÊNDIO","COT-INC-010","COTAÇÃO","UN ",1,1069.3600000000001,"BDI 1",1352.95,1069.3599999999999,1352.95]
["21","7","","21.7.7","INSTALAÇÃO DE BOMBA HIDRÁULICA E QUADRO DE COMANDO PARA O SISTEMA DE COMBATE A INCÊNDIO","DAC-21.5","CPU","UN ",1,783.28,"BDI 1",991,783.28,991]
["22","","","22.1","LIMPEZA FINAL PARA ENTREGA DA OBRA","ED-50266","SETOP","m2",1761.42,6.46,"BDI 1",8.17,11378.77,14390.8]

{"sheet":"COT","index":7,"n_rows":242,"n_cols":12,"rows_kept":242,"cut":false,"hidden":false,"merged":[[97,2,97,5],[98,2,98,5],[100,1,100,7],[102,2,102,5],[103,2,103,5],[104,2,104,5],[106,1,106,7],[121,2,121,5],[122,2,122,5],[108,2,108,5],[109,2,109,5],[110,2,110,5],[112,1,112,7],[114,2,114,5],[115,2,115,5],[116,2,116,5],[118,1,118,7],[120,2,120,5],[84,2,84,5],[85,2,85,5],[86,2,86,5],[88,1,88,7],[90,2,90,5],[91,2,91,5],[92,2,92,5],[94,1,94,7],[96,2,96,5],[70,1,70,7],[72,2,72,5],[73,2,73,5],[74,2,74,5],[76,1,76,7],[78,2,78,5],[79,2,79,5],[80,2,80,5],[82,1,82,7],[51,2,51,5],[44,2,44,5],[45,2,45,5],[46,2,46,5],[47,1,47,7],[64,1,64,7],[66,2,66,5],[67,2,67,5],[68,2,68,5],[53,1,53,7],[55,2,55,5],[56,2,56,5],[58,1,58,7],[60,2,60,5],[61,2,61,5],[62,2,62,5],[1,0,2,9],[4,0,8,2],[4,10,6,11],[9,0,9,11],[10,0,10,11],[28,2,28,5],[30,1,30,7],[32,2,32,5],[50,2,50,5],[39,2,39,5],[40,2,40,5],[42,1,42,7],[241,5,241,6],[240,2,240,4],[240,5,240,6],[12,1,12,7],[14,2,14,5],[15,2,15,5],[16,2,16,5],[18,1,18,7],[20,2,20,5],[21,2,21,5],[22,2,22,5],[24,1,24,7],[33,2,33,5],[49,2,49,5],[36,1,36,7],[38,2,38,5],[34,2,34,5],[26,2,26,5],[27,2,27,5],[156,2,156,5],[157,2,157,5],[158,2,158,5],[148,1,148,7],[150,2,150,5],[151,2,151,5],[152,2,152,5],[154,1,154,7],[124,1,124,7],[126,2,126,5],[127,2,127,5],[128,2,128,5],[132,2,132,5],[133,2,133,5],[134,2,134,5],[136,1,136,7],[145,2,145,5],[146,2,146,5],[138,2,138,5],[139,2,139,5],[140,2,140,5],[142,1,142,7],[144,2,144,5],[130,1,130,7],[160,1,160,7],[162,2,162,5],[163,2,163,5],[164,2,164,5],[166,1,166,7],[168,2,168,5],[169,2,169,5],[170,2,170,5],[172,1,172,7],[174,2,174,5],[175,2,175,5],[176,2,176,5],[184,1,184,7],[186,2,186,5],[187,2,187,5],[188,2,188,5],[190,1,190,7],[192,2,192,5],[178,1,178,7],[180,2,180,5],[181,2,181,5],[182,2,182,5],[193,2,193,5],[194,2,194,5],[196,1,196,7],[198,2,198,5],[199,2,199,5],[200,2,200,5],[202,1,202,7],[204,2,204,5],[205,2,205,5],[206,2,206,5],[208,1,208,7],[210,2,210,5],[211,2,211,5],[212,2,212,5],[214,1,214,7],[216,2,216,5],[217,2,217,5],[218,2,218,5],[234,2,234,5],[235,2,235,5],[236,2,236,5],[220,1,220,7],[222,2,222,5],[223,2,223,5],[224,2,224,5],[226,1,226,7],[228,2,228,5],[229,2,229,5],[230,2,230,5],[232,1,232,7]]}
[]
["PLANILHA DE COTAÇÕES",null,null,null,null,null,null,null,null,null,"Revisão:",{"$f":"DADOS!D6","v":"R01"}]
[null,null,null,null,null,null,null,null,null,null,"Data: ",{"$f":"DADOS!D2","v":"2023-04-28"}]
["Projeto:",null,null,"Responsável:",null,null,"Cliente:",null,null,null,"Bancos:"]
[{"$f":"DADOS!D8","v":"CONSTRUÇÃO DO CENTRO DE ATENÇÃO PSICOSSOCIAL"},null,null,{"$f":"DADOS!G8","v":0},null,null,null,null,null,null,{"$f":"DADOS!D14","v":"SINAPI: 03/2023 Minas Gerais\nSETOP: 01/2023 Minas Gerais\nSICRO : 10/2022 Minas Gerais\nSUDECAP: 02/2023 Minas Gerais"}]
[]
[]
[null,null,null,null,null,null,null,null,null,null,"BDI 1:",{"$f":"DADOS!D10","v":0.26519999999999999}]
[null,null,null,null,null,null,null,null,null,null,"BDI 2:",{"$f":"DADOS!D12","v":0.20250000000000001}]
[]
[{"$f":"A2&\" DE \"&DADOS!D20&\" - \"&A5","v":"PLANILHA DE COTAÇÕES DE PROJETO EXECUTIVO - CONSTRUÇÃO DO CENTRO DE ATENÇÃO PSICOSSOCIAL"}]
[]
["COT-ARQ-001","BOX PARA BANHEIRO 1,65x1,90 M - FORNECIMENTO E INSTALAÇÃO",null,null,null,null,null,null,"UN ",null,null,{"$f":"MEDIAN(L15:XFD17)","v":760}]
["EMPRESA","CIDADE","LOCAL / LINK",null,null,null,"CNPJ","CONTATO ","UN ","VALOR","FRETE","TOTAL"]
["VIDRAÇARIA BOM JESUS","POUSO ALEGRE",null,null,null,null,"15.028.808/0001-54","(35) 8810-1123","UN ",630,0,{"$f":"J15+K15","v":630}]
["VIDRAÇARIA SÃO JORGE","POUSO ALEGRE",null,null,null,null,"23.961.877/0001-44","(35) 9900-4179","UN ",1200,0,{"$f":"J16+K16","v":1200}]
["VIDRAÇARIA CRISTAL","POUSO ALEGRE",null,null,null,null,"36.084.232/0001-12","(35) 9878-6061","UN ",760,0,{"$f":"J17+K17","v":760}]
[]
["COT-ARQ-002","BRISE METÁLICO - FORNECIMENTO E INSTALAÇÃO",null,null,null,null,null,null,"M²",null,null,{"$f":"MEDIAN(L21:XFD23)","v":911.81}]
["EMPRESA","CIDADE","LOCAL / LINK",null,null,null,"CNPJ","CONTATO ","UN ","VALOR","FRETE","TOTAL"]
["OLIVER BRISE","SANTO ANDRÉ/SP",null,null,null,null,"26.804.967/0001-10","(11) 4106-2676","M ²",460,1500,{"$f":"J21+K21","v":1960}]
["METAL LINE","SÃO CARLOS/SP",null,null,null,null,"06.865.553/0001-93","(16) 3116-7779","M²",301.81,610,{"$f":"J22+K22","v":911.81}]
["BORGES SERRALHERIA","POUSO ALEGRE/MG",null,null,null,null,"30.190.654/0001-96","(35) 99762-7723","M²",666.67,0,{"$f":"J23+K23","v":666.67}]
[]
["COT-ARQ-003","CORTINA HOSPITALAR - FORNECIMENTO E INSTALAÇÃO",null,null,null,null,null,null,"M",null,null,{"$f":"MEDIAN(L27:XFD29)","v":1225.1799999999998}]
["EMPRESA","CIDADE","LOCAL / LINK",null,null,null,"CNPJ","CONTATO ","UN ","VALOR","FRETE","TOTAL"]
["IJS CORTINAS",null,"https://ijscortinas.com.br/divisorias-para-leito/",null,null,null,"27.211.941/0001-20","(11) 2861-8040","M",281.36,0,{"$f":"J27+K27","v":281.36}]
["LVL HOSPITALAR",null,"https://lvlhospitalar.com.br/produtos/cortina-para-leito-hospitalar/",null,null,null,"37.021.825/0001-00","(11) 2379-1682","M",169,2000,{"$f":"J28+K28","v":2169}]
[]
[]
["COT-ARQ-004","PAINEL EM MADEIRA - FORNECIMENTO E INSTALAÇÃO",null,null,null,null,null,null,"M²",null,null,{"$f":"MEDIAN(L33:XFD35)","v":307.16999999999996}]
["EMPRESA","CIDADE","LOCAL / LINK",null,null,null,"CNPJ","CONTATO ","UN ","VALOR","FRETE","TOTAL"]
["MADEIREIRA BASE SÓLIDA",null,"https://www.basesolidamadeiras.com/chapas-e-paineis/copia-chapa-painel-de-eucalipto-2-80m-x-60cm-x-1-9cm",null,null,null,"04.308.184/0001-02","(41) 3653-0008","M²",232.14,306.8,{"$f":"J33+K33","v":538.94000000000005}]
["LEROY MERLIN",null,"https://www.leroymerlin.com.br/painel-de-madeira-eucalipto-saligna-1,7cm-natural-60cm-x-1,83m-madvei_91723380",null,null,null,"01.438.784/0048-60","0800 020 5376","M²",145.63,161.54,{"$f":"J34+K34","v":307.16999999999996}]
["PONTO FRIO",null,"https://www.pontofrio.com.br/painel-madeira-eucalipto-800-x-300-x-18mm-reck-1542553072/p/1542553072?utm_medium=cpc&utm_source=google_freelisting&IdSku=1542553072&idLojista=40698&tipoLojista=3P",null,null,null,"33.041.260/0652-90","(21) 99664-7398","M²",197.87,51.66,{"$f":"J35+K35","v":249.53}]
[]
["COT-ARQ-005","PORTA SANFONADA PVC 1000  X 2100 MM, COMPLETA, NA COR BRANCA",null,null,null,null,null,null,"UN ",null,null,{"$f":"MEDIAN(L39:XFD41)","v":217.08}]
["EMPRESA","CIDADE","LOCAL / LINK",null,null,null,"CNPJ","CONTATO ","UN ","VALOR","FRETE","TOTAL"]
["MAGAZINE LUIZA",null,"https://www.magazineluiza.com.br/porta-sanfonada-de-pvc-210x105cm-bariri/p/deek7h00fh/cj/prts/?&seller_id=madeiramadeira-openapi&utm_source=google&utm_medium=pla&utm_campaign=&partner_id=69996&gclid=Cj0KCQiA_bieBhDSARIsADU4zLdw-UmjKKE-E2V4yTYZa1mASmvwjvNah9j3maChV4K8aTBuXgMw_gMaAjy5EALw_wcB&gclsrc=aw.ds",null,null,null,"47.960.950/1088-36","0800 773 383","UN ",131.12,0,{"$f":"J39+K39","v":131.12}]
["MADEIRA MADEIRA",null,"https://www.madeiramadeira.com.br/porta-sanfonada-de-pvc-210x105cm-bariri-791801.html?origem=pla-791801&utm_source=google&utm_medium=cpc&utm_content=portas-3065&utm_term=&utm_id=17700659450&gclid=Cj0KCQiA_bieBhDSARIsADU4zLeR_fWZrW6vydzE6wZn1ub9J2uoKLpHw3Y5cEXDMDj0pQVhK9245-QaAn3jEALw_wcB",null,null,null,"10.490.181/0001-35","0800 080 0099","UN ",131.12,99.6,{"$f":"J40+K40","v":230.72}]
["C&C CASA & CONSTRUÇÃO",null,"https://www.cec.com.br/janelas-e-portas/portas/sanfonada/porta-sanfonada-em-pvc-210x94cm-cinza?produto=1365991&idpublicacao=791d2005-d206-4804-b297-71cab438caf1&gclid=Cj0KCQiA_bieBhDSARIsADU4zLeheg5OOz4VHwrJIdJvQfE23G6m3KfIwPzOq_5zJI22FjhfXuaV9AsaAtVUEALw_wcB",null,null,null,"63.004.030.0030-20","11 4001-0100","UN ",187.99,29.09,{"$f":"J41+K41","v":217.08}]
[]
["COT-ARQ-006","JANELA DE ALUMÍNIO TIPO GUILHOTINA, 1000 X 1000 MM COM DUAS FOLHAS - FORNECIMENTO E INSTALAÇÃO",null,null,null,null,null,null,"UN ",null,null,{"$f":"MEDIAN(L45:XFD47)","v":962.29499999999996}]
["EMPRESA","CIDADE","LOCAL / LINK",null,null,null,"CNPJ","CONTATO ","UN ","VALOR","FRETE","TOTAL"]
["DECORE",null,null,null,null,null,"12.639.868/0001-15","(35) 3422-3456","UN ",918.55,0,{"$f":"J45+K45","v":918.55}]
["WM ESQUADRIAS",null,null,null,null,null,"09.033.340/0001-90","(16)  3413-2790","UN ",1006.04,0,{"$f":"J46+K46","v":1006.04}]
[]
["COT-ARQ-007","PELÍCULA JATEADA PARA VIDROS",null,null,null,null,null,null,"M2",null,null,{"$f":"MEDIAN(L50:XFD52)","v":56.539999999999992}]
["EMPRESA","CIDADE","LOCAL / LINK",null,null,null,"CNPJ","CONTATO ","UN ","VALOR","FRETE","TOTAL"]
["FRAN ADESIVOS",null,"https://www.franadesivos.com.br/adesivo-jateado-para-box-e-portas-de-vidro-50cm-p18365",null,null,null,"17.121.172/0001-16","(16) 98147-4440","M²",44.9,22.89,{"$f":"J50+K50","v":67.789999999999992}]
["AMAZON ",null,"https://www.amazon.com.br/Adesivo-Jateado-para-Vidro-Janelas/dp/B079RN2FHC/ref=asc_df_B079RN2FHC/?tag=googleshopp00-20&linkCode=df0&hvadid=379685184894&hvpos=&hvnetw=g&hvrand=4997116388034431693&hvpone=&hvptwo=&hvqmt=&hvdev=c&hvdvcmdl=&hvlocint=&hvlocphy=9101220&hvtargid=pla-904056265624&psc=1",null,null,null,"15.436.940/0001-03",null,"M²",30.36,10.35,{"$f":"J51+K51","v":40.71}]
["MAGAZINE LUIZA",null,"https://www.magazineluiza.com.br/adesivo-jateado-para-janela-vidro-box-banheiro-imprimax/p/bkj83e0f80/de/avid/?&seller_id=olhomagicoadesivos&utm_source=google&utm_medium=pla&utm_campaign=&partner_id=68055&gclid=CjwKCAiAoL6eBhA3EiwAXDom5vBgU7wtwP6KTHvJFYD6HwM1UTOEXyfJh7bolsih5AOJL9ruWsujphoCLR0QAvD_BwE&gclsrc=aw.ds",null,null,null,"47.960.950/1088-36","0800 773 3838","M²",39.799999999999997,16.739999999999998,{"$f":"J52+K52","v":56.539999999999992}]
[]
["COT-ARQ-008","COIFA PARA FOGÃO INDUSTRIAL - FORNECIMENTO E INSTALAÇÃO",null,null,null,null,null,null,"UN ",null,null,{"$f":"MEDIAN(L56:XFD57)","v":5250}]
["EMPRESA","CIDADE","LOCAL / LINK",null,null,null,"CNPJ","CONTATO ","UN ","VALOR","FRETE","TOTAL"]
["INOXSIM",null,null,null,null,null,"29.358.545/0001-56","(35) 9915-0100","UN ",5900,0,{"$f":"J56+K56","v":5900}]
["POUSO INOX",null,null,null,null,null,"12.115.379/0001-64","(35) 9927-5518","UN ",4600,0,{"$f":"J57+K57","v":4600}]
[]
["COT-ARQ-009","FOGÃO INDUSTRIAL 6 BOCAS",null,null,null,null,null,null,"UN ",null,null,{"$f":"MEDIAN(L61:XFD63)","v":5110.5999999999995}]
["EMPRESA","CIDADE","LOCAL / LINK",null,null,null,"CNPJ","CONTATO ","UN ","VALOR","FRETE","TOTAL"]
["POUSO INOX",null,null,null,null,null,"12.115.379/0001-64","(35) 9927-5518","UN ",7580,0,{"$f":"SUM(J61:K61)","v":7580}]
["AMERICANAS",null,"https://www.americanas.com.br/produto/3273221079?pfm_carac=fogao-industrial-6-bocas-40x40&pfm_index=2&pfm_page=search&pfm_pos=grid&pfm_type=search_page&offerId=6099912252131c3c8111517a",null,null,null,"00.776.574/0006-60","4003-4848","UN ",3569.69,330,3899.69]
["CASTELLMAQ",null,"https://www.castellmaq.com.br/fogao-industrial-6-bocas-40x40-em-inox-cristal-aco-0620-p620",null,null,null,"33.600.590/0001-42","0800 300 3000","UN ",4875.78,234.82,{"$f":"SUM(J63:K63)","v":5110.5999999999995}]
[]
["COT-INC-001","PLACA FOTOLUMINESCENTE \"S3\"",null,null,null,null,null,null,"UN ",null,null,{"$f":"MEDIAN(L67:XFD69)","v":37.25}]
["EMPRESA","CIDADE","LOCAL / LINK",null,null,null,"CNPJ","CONTATO ","UN ","VALOR","FRETE","TOTAL"]
["LOJA VIÁRIA",null,"https://www.lojaviaria.com.br/placa-fotoluminescente-s3-saida-acima-24x12cm?utm_source=Site&utm_medium=GoogleMerchant&utm_campaign=GoogleMerchant",null,null,null,"13.851.664/0001-06","(41) 3679-6752","UN ",13.38,23.87,{"$f":"J67+K67","v":37.25}]
["MAGAZINE LUIZA",null,"https://www.magazineluiza.com.br/placa-saida-emergencia-cima-s3-20x40cm-fotoluminescentebrcontroll/p/ddb652b42k/pi/psds/",null,null,null,"47.960.950/1088-36","0800 770 8411","UN ",13.77,14.67,{"$f":"J68+K68","v":28.439999999999998}]
["ACQUA FORT",null,"https://www.acquafort.com.br/placafotoluminescentesaidaemergenciacimas320x40cm/p?idsku=547&gclid=EAIaIQobChMIw_32nMC59wIVpeVcCh2VbQG0EAQYASABEgJmZ_D_BwE",null,null,null,"02.264.256/0001-31","(41) 3247-1199","UN ",12.87,26.05,{"$f":"J69+K69","v":38.92}]
[]
["COT-INC-002","PLACA FOTOLUMINESCENTE \"E1\" - ALARME SONORO ",null,null,null,null,null,null,"UN ",null,null,{"$f":"MEDIAN(L73:XFD75)","v":37.840000000000003}]
["EMPRESA","CIDADE","LOCAL / LINK",null,null,null,"CNPJ","CONTATO ","UN ","VALOR","FRETE","TOTAL"]
["VALDÔ ADESIVOS E PLACAS ",null,"https://valdoplacas.com.br/produtos/placa-alarme-sonoro-fotoluminescente-e1/?pf=gs&gclid=Cj0KCQjwteOaBhDuARIsADBqRegM54NDMsDHv3zB4JTQ3BgsnNAs1hG3NAQO8oDCAB-n0B8rqrmjLV4aAtg7EALw_wcB",null,null,null,"00.321.078/0001-08 ","(51) 3724-2500","UN ",14.9,20.72,{"$f":"J73+K73","v":35.619999999999997}]
["SINAL CENTER",null,"https://www.sinalcenter.com.br/placa-fotoluminescente-e1-alarme-sonoro?parceiro=2432",null,null,null,"38.414.523/0001-57","(41) 99772-8458","UN ",16.899999999999999,20.94,{"$f":"J74+K74","v":37.840000000000003}]
["I SINALIZA",null,"https://www.isinaliza.com/placa-alarme-sonoro-quadrada/p?gclid=Cj0KCQiAic6eBhCoARIsANlox86nJt2KWziqu4kprWAynO8rOUHnej55m2nO-uhUeOeUtDD2SGa_abwaAqoAEALw_wcB&idsku=13759&skuId=13760",null,null,null,"82.962.127.0001-56","(11) 93004-1270","UN ",16.899999999999999,43.02,{"$f":"J75+K75","v":59.92}]
[]
["COT-INC-003","PLACA FOTOLUMINESCENTE \"E2\" - ALARME DE INCÊNDIO",null,null,null,null,null,null,"UN ",null,null,{"$f":"MEDIAN(L79:XFD81)","v":48.62}]
["EMPRESA","CIDADE","LOCAL / LINK",null,null,null,"CNPJ","CONTATO ","UN ","VALOR","FRETE","TOTAL"]
["ACQUA FORT",null,"https://www.acquafort.com.br/placae22030/p?idsku=1901&gclid=Cj0KCQjwteOaBhDuARIsADBqRejfdvQYd-C4SD0RUEB6A5wYwNozKir1-i6Otzs6aFCY9shL2LvcQeMaAqqPEALw_wcB",null,null,null,"02.264.256/0001-31","(41) 3247-1199","UN ",11.77,26.04,{"$f":"J79+K79","v":37.81}]
["QUALITY TUBOS",null,"https://www.lojaqualitytubos.com.br/placa-sinalizadora-de-alarme-de-incendio-modelo-e2-\np1000501?v=1000502",null,null,null,"29.851.289/0001-34","(11) 3107-0000","UN ",15.25,49.9,{"$f":"J80+K80","v":65.150000000000006}]
["VALDÔ ADESIVOS E PLACAS ",null,"https://valdoplacas.com.br/produtos/placa-sinalizacao-alarme-de-incendio-fotoluminescente-e2/",null,null,null,"00.321.078/0001-08","(51) 3722-4852","UN ",27.9,20.72,{"$f":"J81+K81","v":48.62}]
[]
["COT-INC-004","PLACA FOTOLIMINESCENTE \"E9\" - HIDRANTE",null,null,null,null,null,null,"UN ",null,null,{"$f":"MEDIAN(L85:XFD87)","v":35.619999999999997}]
["EMPRESA","CIDADE","LOCAL / LINK",null,null,null,"CNPJ","CONTATO ","UN ","VALOR","FRETE","TOTAL"]
["VALDÔ ADESIVOS E PLACAS ",null,"https://valdoplacas.com.br/produtos/placa-hidrante-fotoluminescente-e9/?pf=gs&gclid=Cj0KCQjwteOaBhDuARIsADBqRegOrlehoP-KCZaunUEuM77Qt6hHmog4vBnC5pcczfAiDEgIcaio8soaAprxEALw_wcB",null,null,null,"00.321.078/0001-08","(51) 3722-4852","UN ",14.9,20.72,{"$f":"J85+K85","v":35.619999999999997}]
["ACQUA FORT",null,"https://www.acquafort.com.br/placafotoluminescentehidranteincendioe820x20/p?idsku=1902&gclid=Cj0KCQjwteOaBhDuARIsADBqReg0G9aEuN7o6X6kqBe0LtS3oArUUjT4tnaS3Ampmt2SvDXJsumh1JgaAr2rEALw_wcB",null,null,null,"02.264.256/0001-31","(41) 3247-1199","UN ",5.91,25.98,{"$f":"J86+K86","v":31.89}]
["I SINALIZA",null,"https://www.isinaliza.com/placa-hidrante-fotoluminescente-e9/p?idsku=15800",null,null,null,"82.962.127.0001-56","(11) 93004-1270","UN ",21.47,43.06,{"$f":"J87+K87","v":64.53}]
[]
["COT-INC-005","PLACA FOTOLUMINESCENTE \"M1\" - SISTEMAS DE SEGURANÇA",null,null,null,null,null,null,"UN ",null,null,{"$f":"MEDIAN(L91:XFD93)","v":66.430000000000007}]
["EMPRESA","CIDADE","LOCAL / LINK",null,null,null,"CNPJ","CONTATO ","UN ","VALOR","FRETE","TOTAL"]
["JP EXTINTORES",null,"https://www.jpextintores.com.br/placa-indicativa-m1-a",null,null,null,"27.955.015/0001-60","(11) 2143-9136","UN ",59.99,22.75,{"$f":"J91+K91","v":82.740000000000009}]
["CONTRA INCÊNDIO",null,"https://contraincendio.com.br/produto/sinalizacao-de-emergencia/mensagens-escritas/placa-de-sinalizacao-edificacao-m1/?attribute_modelos=Modelo+2&utm_source=Google+Shopping&utm_medium=cpc&utm_campaign=feed_contraincendio_google_shopping&gclid=Cj0KCQjwteOaBhDuARIsADBqRegd3Da3Znwx2sworlrSL98dX3tCgH3x6183njECLqKJLMexDDzRoccaAv2_EALw_wcB",null,null,null,"15.579.136/0001-75 ","(15) 3233-5959","UN ",48.99,17.440000000000001,{"$f":"J92+K92","v":66.430000000000007}]
["MEGA THOR",null,"https://www.megathor.com.br/placa-sistemas-de-seguranca-m1-fotoluminescente?parceiro=2543&gclid=Cj0KCQjwteOaBhDuARIsADBqReiGrGavUAwj8mayGFEe-8cLDD9WxZRk4bLPfC2uCU2XL8HIMoHpA-UaAvcmEALw_wcB",null,null,null,"40.863.901/0001-21","(11) 4395-1324","UN ",21.9,39,{"$f":"J93+K93","v":60.9}]
[]
["COT-INC-006","CENTRAL DE ALARME DE INCÊNDIO ENDEREÇÁVEL",null,null,null,null,null,null,"UN ",null,null,{"$f":"MEDIAN(L97:XFD99)","v":1542.69}]
["EMPRESA","CIDADE","LOCAL / LINK",null,null,null,"CNPJ","CONTATO ","UN ","VALOR","FRETE","TOTAL"]
["POROCESSTEC",null,"https://www.processtec.com.br/central-de-alarme-de-incendio-intelbras-cie-1125?origem=gs&gclid=EAIaIQobChMIq__mgPTC9QIVFA2RCh3D",null,null,null,"05.690.866/0001-95","(81) 9 9906-8474","UN ",1502.69,40,{"$f":"J97+K97","v":1542.69}]
["CONTRA INCÊNDIO",null,"https://contraincendio.com.br/produto/alarme-de-incendio/central/intelbras-central/central-alarme-de-incendio-enderecavel-cie-1125-intelbras/",null,null,null,"15.579.136/0001-75 ","(15) 3233-5959","UN ",1488.26,39.14,{"$f":"J98+K98","v":1527.4}]
["NET ALARMES ",null,"https://www.netalarmes.com.br/central-de-alarme-de-incendio-intelbras-cie-1125-enderecavel?parceiro=8046&srsltid=AdGWZVQVxCJDRWfNmad_R2Y4AjlHxbydkvffaTEoUUimGx-vIwxyUjQlge0",null,null,null,"20.544.487/0001-80","(43) 3344-4002","UN ",1543.3,39.049999999999997,{"$f":"J99+K99","v":1582.35}]
[]
["COT-INC-007","SINALIZADOR VISUAL E ACÚSTICO PARA SISTEMA DE INCÊNDIO ENDEREÇÁVEL ",null,null,null,null,null,null,"UN ",null,null,{"$f":"MEDIAN(L103:XFD105)","v":86.27}]
["EMPRESA","CIDADE","LOCAL / LINK",null,null,null,"CNPJ","CONTATO ","UN ","VALOR","FRETE","TOTAL"]
["NET ALARMES ",null,"https://www.netalarmes.com.br/alarme/alarme-de-incendio/sinalizador-audiovisual-convencional-intelbras-sav-420-c",null,null,null,"20.544.487/0001-80","(43) 3344-4002","UN ",63.98,22.29,{"$f":"J103+K103","v":86.27}]
["ELETRÔNICA SANTANA ",null,"https://www.eletronicasantana.com.br/sinalizador-audiovisual-convencional-sav-420c-4615030-intelbras/p",null,null,null,"60.717.899/0001-90","(11) 2823-7066","UN ",67.900000000000006,15.71,{"$f":"J104+K104","v":83.610000000000014}]
["UPPER SEG",null,"https://www.upperseg.com.br/deteccao-e-alarme-de-incendio/acessorios/avisador-visual-e-sonoro-convencional-led-24vcc-slim-engesul/",null,null,null,"17.354.683/0001-88","(43) 3024-5144","UN ",61.66,29.19,{"$f":"J105+K105","v":90.85}]
[]
["COT-INC-008","BATERIA PARA ALARME DE INCÊNDIO ",null,null,null,null,null,null,"UN ",null,null,{"$f":"MEDIAN(L109:XFD111)","v":134.4}]
["EMPRESA","CIDADE","LOCAL / LINK",null,null,null,"CNPJ","CONTATO ","UN ","VALOR","FRETE","TOTAL"]
["MAGAZINE LUIZA",null,"https://www.magazineluiza.com.br/bateria-selada-12v-para-sistemas-de-seguranca-xb-12al-intelbras/p/af1k5h907e/cj/batr/?&seller_id=eltecom&utm_source=google&utm_medium=pla&utm_campaign=&partner_id=69095&gclid=CjwKCAiArNOeBhAHEiwAze_nKCdE54lv0yHbDE20nx-CYE2jTk8ZsJdSRT6llfJwt9qIWgTg_ZKFRhoCBcYQAvD_BwE&gclsrc=aw.ds",null,null,null,"47.960.950/1088-36","0800 770 8411","UN ",110.8,0,{"$f":"J109+K109","v":110.8}]
["UPPER SEG",null,"https://www.upperseg.com.br/alarme/acessorios/bateria/bateria-de-chumbo-acido-12v-para-sistemas-de-seguranca-xb-12al/",null,null,null,"17.354.683/0001-88","(43) 3024-5144","UN ",106.31,28.09,{"$f":"J110+K110","v":134.4}]
["GRUPO MGA",null,"https://www.mgavirtual.com.br/bateria-selada-12v-xb-12al-p2572",null,null,null,"92.826.742/0001-99","(51) 3269-6000","UN ",125,25.71,{"$f":"J111+K111","v":150.71}]
[]
["COT-INC-009","BOMBA DE INCÊNDIO 4 CV",null,null,null,null,null,null,"UN ",null,null,{"$f":"MEDIAN(L115:XFD117)","v":4291.72}]
["EMPRESA","CIDADE","LOCAL / LINK",null,null,null,"CNPJ","CONTATO ","UN ","VALOR","FRETE","TOTAL"]
["MERITO COMERCIAL",null,"https://www.meritocomercial.com.br/bomba-de-incendio-thebe-thli-13-4-cv-trifasica-220380440v-20370078003-p1023478",null,null,null,"01.582.892/0001-49","(11) 98394-0500","UN ",4722.82,95.24,{"$f":"J115+K115","v":4818.0599999999995}]
["COLISEU FERRAMENTAS",null,"https://www.coliseuferramentas.com.br/produto/bomba-de-incendio-thebe-thli-13-4cv-trifasico-220380440v.html?utm_source=Site&utm_medium=GoogleMerchant&utm_campaign=GoogleMerchant&srsltid=AdGWZVRJ4J_ljQxqO8i4N-h1b-W0yUxKuaHAvh7Ig7cb33qhCFa1ay_pvvA",null,null,null,"29.851.278/0001-54","(11) 3567-9661","UN ",3515.99,123.08,{"$f":"J116+K116","v":3639.0699999999997}]
["MAGAZINE LUIZA",null,"https://www.magazineluiza.com.br/bomba-centrifuga-monoestagio-thli-13-4cv-ip55-trifasico-thebe/p/fabdd5g49j/cj/mobo/?&seller_id=jumes3&utm_source=google&utm_medium=pla&utm_campaign=&partner_id=69095&gclid=Cj0KCQjw48OaBhDWARIsAMd966AsF9-fXuV9GicNeZYi80u_t8_Y2bmqZtvANZHVtcpFq3CGCt_DX3AaAr2HEALw_wcB&gclsrc=aw.ds",null,null,null,"47.960.950/1088-36","0800 770 8411","UN ",4186.25,105.47,{"$f":"J117+K117","v":4291.72}]
[]
["COT-INC-010","QUADRO DE COMANDO PARA BOMBA DE INCÊNDIO",null,null,null,null,null,null,"UN ",null,null,{"$f":"MEDIAN(L121:XFD123)","v":1069.3600000000001}]
["EMPRESA","CIDADE","LOCAL / LINK",null,null,null,"CNPJ","CONTATO ","UN ","VALOR","FRETE","TOTAL"]
["MEGA THOR ",null,"https://www.megathor.com.br/quadro-de-comando-principal-para-jockey-hidrante",null,null,null,"40.863.901/0001-21","(11) 4395-1324","UN ",1010.36,59,{"$f":"J121+K121","v":1069.3600000000001}]
["RICARDO BOMBAS",null,"https://www.ricardobombas.com.br/paineldecomandodimensionarparabombadeincndio5cv220vtrifsico/prod-6990137/",null,null,null,"18.820.545/0001-00","(11) 4559-3314","UN ",956.25,46.84,{"$f":"J122+K122","v":1003.09}]
["BOMBA SHOPPING",null,"https://www.bombashopping.com.br/painel-partida-direta-para-combate-a-incendio-weg--500cv-220v-monofasico-comando-24vcc-0000000050261/p",null,null,null,"14.778.311/0001-90"," (11) 2971-5695","UN ",1061,77,{"$f":"J123+K123","v":1138}]
[]
["COT-CLI-001","CABO PP TETRAPOLAR",null,null,null,null,null,null,"UN ",null,null,{"$f":"MEDIAN(L127:XFD129)","v":31.37}]
["EMPRESA","CIDADE","LOCAL / LINK",null,null,null,"CNPJ","CONTATO ","UN ","VALOR","FRETE","TOTAL"]
["ELETROFRIGOR",null,"https://www.eletrofrigor.com.br/cabo-pp-4-x-2-5-mm-1kv-preto-metro.html",null,null,null,"07.885.198/0001-87","(21) 98621-0567","UN ",13.01,18.53,{"$f":"J127+K127","v":31.54}]
["SANTIL",null,"https://www.santil.com.br/produto/cabo-flexivel-hepr-4x25mm-preto-1kv-vendido-por-metro-sil/2898155/",null,null,null,"49.474.398/0008-63","(11) 3998-3000","UN ",9.94,15.28,{"$f":"J128+K128","v":25.22}]
["ELETROFIO",null,"https://www.eletrofio.com/materiais-eletricos/cabos/cabos-comando-pp/cabo-de-comando-pp-4x2-50-por-metro?parceiro=3223",null,null,null,"06.114.741/0001-80","(16) 3209-3070","UN ",10.3,21.07,{"$f":"J129+K129","v":31.37}]
[]
["COT-HID-001","BUCHA DE REDUÇÃO, CPVC, 35 X 22 MM",null,null,null,null,null,null,"UN ",null,null,{"$f":"MEDIAN(L133:XFD135)","v":25.13}]
["EMPRESA","CIDADE","LOCAL / LINK",null,null,null,"CNPJ","CONTATO ","UN ","VALOR","FRETE","TOTAL"]
["PLASTOLÂNDIA",null,"https://www.plastolandia.com.br/bucha-reduc-o-aquatherm-35-x-22-mm-tigre",null,null,null,"43.235.522/0001-85","(11) 2168-8533","UN ",13.3,24.3,{"$f":"J133+K133","v":37.6}]
["PONTO DO ENCANADOR",null,"https://www.pontodoencanador.com/bucha-de-reducao-aquatherm-35-x-22-mm-tigre",null,null,null,"05.414.611/0001-08","(19) 3249-3000","UN ",11.02,14.11,{"$f":"J134+K134","v":25.13}]
["TATETI",null,"https://www.tateti.com.br/produto/bucha-de-reducao-super-cpvc-flowguard-35-x-22-mm-amanco/4752282",null,null,null,"65.369.985/0003-34","(15) 3229-0010","UN ",10.52,12.52,{"$f":"J135+K135","v":23.04}]
[]
["COT-HID-002","TE DE REDUÇÃO, CPVC, 35 X 22 MM",null,null,null,null,null,null,"UN ",null,null,{"$f":"MEDIAN(L139:XFD141)","v":31.47}]
["EMPRESA","CIDADE","LOCAL / LINK",null,null,null,"CNPJ","CONTATO ","UN ","VALOR","FRETE","TOTAL"]
["PLASTOLÂNDIA",null,"https://www.plastolandia.com.br/te-reduc-o-aquatherm-35-x-22-tigre",null,null,null,"43.235.522/0001-85","(11) 2168-8533","UN ",17.41,24.3,{"$f":"J139+K139","v":41.71}]
["PONTO DO ENCANADOR",null,"https://www.pontodoencanador.com/te-de-reducao-aquatherm-35-x-22-mm-tigre",null,null,null,"05.414.611/0001-08","(19) 3249-3000","UN ",14.42,14.11,{"$f":"J140+K140","v":28.53}]
["TATETI",null,"https://www.tateti.com.br/produto/te-de-reducao-cpvc-35-x-22-mm-tigre/5056432",null,null,null,"65.369.985/0003-34","(15) 3229-0010","UN ",18.88,12.59,{"$f":"J141+K141","v":31.47}]
[]
["COT-LOU-001","BEBEDOURO 100 LITROS - 3 TORNEIRAS",null,null,null,null,null,null,"UN ",null,null,{"$f":"MEDIAN(L145:XFD147)","v":3948}]
["EMPRESA","CIDADE","LOCAL / LINK",null,null,null,"CNPJ","CONTATO ","UN ","VALOR","FRETE","TOTAL"]
["MAGAZINE LUIZA",null,"https://www.magazineluiza.com.br/bebedouro-100-litros-02-torneiras-e-01-jato-filtro-110v-frisbel/p/jc7ke4abee/pi/bind/",null,null,null,"47.960.950/1088-36","0800 773 3838","UN ",2999,949,{"$f":"J145+K145","v":3948}]
["AMERICANAS",null,"https://www.americanas.com.br/produto/3096358401?pfm_carac=bebedouro-industrial-100-litros&pfm_index=4&pfm_page=search&pfm_pos=grid&pfm_type=search_page&offerId=6064740e0c07044266513a46&voltagem=220V&condition=NEW",null,null,null,"00.776.574/0006-60","4003-4848","UN ",3855.72,247.63,{"$f":"J146+K146","v":4103.3499999999995}]
["CÂNOVAS BEBEDOUROS",null,"https://www.canovas.com.br/bebedouro-industrial-100-litros-em-inox-com-3-torneiras-100-resist-prd.html",null,null,null,"02.400.936/0001-35","(17) 3213-9511","UN ",2934,288.75,{"$f":"J147+K147","v":3222.75}]
[]
["COT-SAN-001","JUNÇÃO SIMPLES, PVC, ESGOTO PREDIAL, 75 X 50 MM",null,null,null,null,null,null,"UN ",null,null,{"$f":"MEDIAN(L151:XFD153)","v":49}]
["EMPRESA","CIDADE","LOCAL / LINK",null,null,null,"CNPJ","CONTATO ","UN ","VALOR","FRETE","TOTAL"]
["C&C",null,"https://www.cec.com.br/material-hidraulico/tubos-e-conexoes/juncao/juncao-simples-75x50mm-branca?produto=1034396",null,null,null,"63.004.030/0030-20","(11) 4001-0100","UN ",15.99,112.49,{"$f":"J151+K151","v":128.47999999999999}]
["TATETI",null,"https://www.tateti.com.br/produto/juncao-simples-de-reducao-para-esgoto-75-x-50-mm-amanco/4752238",null,null,null,"65.369.985/0003-34","(15) 3229-0010","UN ",14.22,12.75,{"$f":"J152+K152","v":26.97}]
["TELHA NORTE",null,"https://www.telhanorte.com.br/juncao-simples-para-esgoto-75x50mm-tigre-25100/p",null,null,null,"03.840.986/0056-70","(11) 3787-1000","UN ",27.9,21.1,{"$f":"J153+K153","v":49}]
[]
["COT-SAN-002","TE DE REDUÇÃO, PVC, ESGOTO PREDIAL, 75 X 50 MM",null,null,null,null,null,null,"UN ",null,null,{"$f":"MEDIAN(L157:XFD159)","v":35.85}]
["EMPRESA","CIDADE","LOCAL / LINK",null,null,null,"CNPJ","CONTATO ","UN ","VALOR","FRETE","TOTAL"]
["HIDRAUCONEX",null,"https://www.hidrauconexloja.com.br/te-pvc-esgoto-de-reducao-dn-75mm-x-50mm-kra",null,null,null,"21.951.873/0001-50","(31) 3568-9125","UN ",19.760000000000002,16.09,{"$f":"J157+K157","v":35.85}]
["TAQI",null,"https://www.taqi.com.br/te-de-reducao-para-esgoto-serie-normal-amanco-75-x-50-mm-branco-10407/041474",null,null,null,"89,237.911/0001-40","0800 644 2299","UN ",14.79,10.86,{"$f":"J158+K158","v":25.65}]
["C&C",null,"https://www.cec.com.br/material-hidraulico/tubos-e-conexoes/te/te-de-reducao-curto-esgoto-75x50mm-branco?produto=1034403",null,null,null,"63.004.030/0030-20","(11) 4001-0100","UN ",27.29,112.56,{"$f":"J159+K159","v":139.85}]
[]
["COT-ELE-001","DISJUNTOR TRIPOLAR TERMOMAGNÉTICO 80A / 10KA",null,null,null,null,null,null,"UN ",null,null,{"$f":"MEDIAN(L163:XFD165)","v":259.89999999999998}]
["EMPRESA","CIDADE","LOCAL / LINK",null,null,null,"CNPJ","CONTATO ","UN ","VALOR","FRETE","TOTAL"]
["OFERTA ELÉTRICA",null,"https://www.ofertaeletrica.com.br/disjuntor-tripolar-80a-curva-c-10ka-sdd3c80-steck",null,null,null,"20.526.132/0001-69","11 97616-3191","UN ",274.45,0,{"$f":"J163+K163","v":274.45}]
["MAGAZINE LUIZA",null,"https://www.magazineluiza.com.br/disjuntor-tripolar-80a-curva-c-steck/p/kg7hk480fe/cj/djcm/?&seller_id=naomyvictoriabelezaesaude",null,null,null,"47.960.950/1088-36","0800 773 3838","UN ",259.89999999999998,0,{"$f":"J164+K164","v":259.89999999999998}]
["AMERICANAS",null,"https://www.americanas.com.br/produto/3800143528?pfm_carac=disjuntor-tripolar-termomagnetico-80a-curva-c&pfm_index=1&pfm_page=search&pfm_pos=grid&pfm_type=search_page&offerId=6126973c09c351890df6bf0d",null,null,null,"00.776.574/0006-60","021 11 3003-1084","UN ",237.81,0,{"$f":"J165+K165","v":237.81}]
[]
["COT-ELE-002","DISPOSITIVO DE PROTEÇÃO CONTRA SURTOS 175V/ 8KA",null,null,null,null,null,null,"UN ",null,null,{"$f":"MEDIAN(L169:XFD171)","v":71.239999999999995}]
["EMPRESA","CIDADE","LOCAL / LINK",null,null,null,"CNPJ","CONTATO ","UN ","VALOR","FRETE","TOTAL"]
["SHOPTIME",null,"https://www.shoptime.com.br/produto/6699397602?pfm_carac=dps-175v&pfm_index=9&pfm_page=search&pfm_pos=grid&pfm_type=search_page&offerId=6390392a643f314f7f8ef786",null,null,null,"00.776.574/0006-60","021 11 4003-1020","UN ",50.42,9.99,{"$f":"J169+K169","v":60.410000000000004}]
["MAGAZINE LUIZA",null,"https://www.magazineluiza.com.br/protetor-surto-dps-clamper-175v-20ka/p/ejc63874ff/cj/dpdp/",null,null,null,"47.960.950/1088-36","0800 773 3838","UN ",54,17.239999999999998,{"$f":"J170+K170","v":71.239999999999995}]
["ELETROTRAFO PRODUTOS ELÉTRICOS",null,"https://www.eletrotrafo.com.br/para-raio-clamper-surtos-transitor--08ka-vcl-175v-nema-2734-f-l--06510002/p",null,null,null,"80.224.785/0001-15","(43) 3520-5000","UN ",44.36,32.99,{"$f":"J171+K171","v":77.349999999999994}]
[]
["COT-ELE-003","QUADRO DE DISTRIBUIÇÃO COM BARRAMENTO 225A / 50 DISJ. - EMBUTIR",null,null,null,null,null,null,"UN ",null,null,{"$f":"MEDIAN(L175:XFD177)","v":1709.8}]
["EMPRESA","CIDADE","LOCAL / LINK",null,null,null,"CNPJ","CONTATO ","UN ","VALOR","FRETE","TOTAL"]
["MERKATHO ",null,"https://www.merkatho.com.br/produto/647/quadro-distribuicao-com-barramento-225a--54-din-sobrepor",null,null,null,"14.762.237/0001-14","51 3276 7635 51","UN ",1609,100.8,{"$f":"J175+K175","v":1709.8}]
["MERKASHOP",null,"https://www.merkashop.com.br/materiais-eletricos/quadro-de-distribuicao-com-barramento/quadro-de-distribuicao-225a-embutir/quadro-distribuicao-com-barramento-225a-embutir?variant_id=215",null,null,null,"14.762.237/0001-14","51 4100 9329","UN ",1607,177.9,{"$f":"J176+K176","v":1784.9}]
["ELETRORASTRO",null,"https://www.eletrorastro.com.br/produto/quadro-dg-embutir-com-barramento-trifasico-225a-56-din-gomes-89494",null,null,null,"85.014.793/0007-46","(41) 3165-3800","UN ",1587.49,0,{"$f":"J177+K177","v":1587.49}]
[]
["COT-ELE-004","GERADOR ELÉTRICO 72 KVA",null,null,null,null,null,null,"UN ",null,null,{"$f":"MEDIAN(L181:XFD183)","v":59357.21}]
["EMPRESA","CIDADE","LOCAL / LINK",null,null,null,"CNPJ","CONTATO ","UN ","VALOR","FRETE","TOTAL"]
["CASAS BAHIA",null,"https://www.casasbahia.com.br/gerador-de-energia-a-diesel-72-kva-silenciado-com-qta-nd72100es3qta-1501853456/p/1501853456?utm_medium=Cpc&utm_source=GP_PLA&IdSku=1501853456&idLojista=13835&tipoLojista=3P&&utm_campaign=3p_gg_pmax_longtail_casa&gclid=CjwKCAiAuOieBhAIEiwAgjCvcuoaKsO9ad-wywyWVVa4yQV8AH18TQmuyMmt1wfMNQnfS2MvhabXrBoCUyAQAvD_BwE&gclsrc=aw.ds",null,null,null,"33.041.260/0652-90","4003-4336","UN ",55966.94,3390.27,{"$f":"J181+K181","v":59357.21}]
["LOJA DO MECANICO",null,"https://www.lojadomecanico.com.br/produto/122488/33/326/Gerador-de-Energia-a-Diesel--3860CC-40kVa-380V-Trifasico/153/?utm_source=googleshopping&utm_campaign=xmlshopping&utm_medium=cpc&utm_content=122488&gclid=CjwKCAiAuOieBhAIEiwAgjCvcjNE6UZcUKM5baRvmUTyiaAuWH5L8DxtP4Y5v_NWdDlqEGRXjhzjlhoCBYMQAvD_BwE",null,null,null,"05.478.489/0001-25","(24) 3512-3781","UN ",56979.9,199.9,{"$f":"J182+K182","v":57179.8}]
["EXTRA",null,"https://www.extra.com.br/gerador-de-energia-a-diesel-72-kva-silenciado-com-qta-nd72100es3qta-1501853456/p/1501853456?utm_medium=cpc&utm_source=GP_PLA&IdSku=1501853456&idLojista=13835&tipoLojista=3P&&utm_campaign=3p_gg_pmax_tudo&gclid=CjwKCAiAuOieBhAIEiwAgjCvckHbSXhmN7uSLtmo41mwPkwwYannvSoneHwFmhCuPxzzNiMeWTZanRoCrusQAvD_BwE&gclsrc=aw.ds",null,null,null,"33.041.260/0652-90","0800-720-3030","UN ",55966.94,3390.27,{"$f":"J183+K183","v":59357.21}]
[]
["COT-DAD-001","NVR 24 PORTAS",null,null,null,null,null,null,"UN ",null,null,{"$f":"MEDIAN(L187:XFD189)","v":2884.96}]
["EMPRESA","CIDADE","LOCAL / LINK",null,null,null,"CNPJ","CONTATO ","UN ","VALOR","FRETE","TOTAL"]
["CFTV CLUBE","CAMPINAS/SP","https://www.cftvclube.com.br/gravadores-de-video/resolucao-de-2-megapixel-1080p/gravador-dvrnvrhvr-32-canais/nvd-5124-intelbras-24-canais-ip-full-hd?parceiro=2410&parceiro=7283&gclid=CjwKCAiAoL6eBhA3EiwAXDom5h2Pcm9pe0uFgHTLRo83cYVJFfDCKJQ_6msMT0sfUQ8jkV-uF1FKexoC1koQAvD_BwE",null,null,null,"23.025.667/0001-44","(19) 98117-5752","UN ",4851.1000000000004,30.85,{"$f":"J187+K187","v":4881.9500000000007}]
["MAGAZINE LUIZA",null,"https://www.magazineluiza.com.br/gravador-digital-de-video-em-rede-nvd-3316-intelbras/p/ghkejh5gb5/cj/grbv/?&seller_id=magnumdistribuidora&utm_source=google&utm_medium=pla&utm_campaign=&partner_id=69095&gclid=CjwKCAiAoL6eBhA3EiwAXDom5iCNBFIOi0YYaB1eYJ8xhN1zNtRrdgxKLzT_zFuMhbIQcDxAg-kyyRoCewoQAvD_BwE&gclsrc=aw.ds",null,null,null,"47.960.950/1088-36","0800 773 3838","UN ",2618,36.9,{"$f":"J188+K188","v":2654.9}]
["KABUM",null,"https://www.kabum.com.br/produto/305273/gravador-digital-dvr-intelbras-24-canais-full-hd-1080p-com-inteligencia-artificial-mhdx-3016-c-hd-skyhawk-2tb?gclid=CjwKCAiAoL6eBhA3EiwAXDom5vtmgiwWXIaE_qVSzxye5KmU3ocFf9D2G0ttuUqjMeIgd_6IMJUuSRoCRlwQAvD_BwE",null,null,null,"05.570.714/0001-59","(19) 2114-4444","UN ",2802.1,82.86,{"$f":"J189+K189","v":2884.96}]
[]
["COT-DAD-002","HD 2 TB",null,null,null,null,null,null,"UN ",null,null,{"$f":"MEDIAN(L193:XFD195)","v":463.79999999999995}]
["EMPRESA","CIDADE","LOCAL / LINK",null,null,null,"CNPJ","CONTATO ","UN ","VALOR","FRETE","TOTAL"]
["AMAZON ",null,"https://www.amazon.com.br/Desktop-Seagate-BarraCuda-3-5-SATA/dp/B075QJTBVT/ref=asc_df_B075QJTBVT/?tag=googleshopp00-20&linkCode=df0&hvadid=379787216837&hvpos=&hvnetw=g&hvrand=12239325021909454626&hvpone=&hvptwo=&hvqmt=&hvdev=c&hvdvcmdl=&hvlocint=&hvlocphy=9101220&hvtargid=pla-721841429415&psc=1",null,null,null,"15.436.940/0001-03"," 0800 038 054","UN ",398,36.21,{"$f":"J193+K193","v":434.21}]
["MAGAZINE LUIZA",null,"https://www.magazineluiza.com.br/disco-rigido-interno-seagate-barracuda-st2000dm008-2tb-prata/p/cba0bg138g/in/hdit/?&seller_id=portaldc&utm_source=google&utm_medium=pla&utm_campaign=&partner_id=67172&gclid=CjwKCAiAoL6eBhA3EiwAXDom5tSuA6j2LcsPVRuBDVdrotzGcaBz4rpwxV8IXbQ-neZ-77MJquVHkBoCC5kQAvD_BwE&gclsrc=aw.ds",null,null,null,"47.960.950/1088-36","0800 773 3838","UN ",454.9,8.9,{"$f":"J194+K194","v":463.79999999999995}]
["KABUM",null,"https://www.kabum.com.br/produto/217616/hd-seagate-2tb-barracuda-3-5-sata-iii-para-desktop-st2000dm008?gclid=CjwKCAiAoL6eBhA3EiwAXDom5qqregeTZlApAwVXtxtcOUmlrKETYsvnRQ-DVmzhnmbSu6dQwdnJhxoCuEsQAvD_BwE",null,null,null,"05.570.714/0001-59","(19) 2114-4444","UN ",463,18.8,{"$f":"J195+K195","v":481.8}]
[]
["COT-DAD-003","SWITCH (10/100/1000) BASE T, 24 PORTAS ",null,null,null,null,null,null,"UN ",null,null,{"$f":"AVERAGE(L199:XFD201)","v":831.20333333333338}]
["EMPRESA","CIDADE","LOCAL / LINK",null,null,null,"CNPJ","CONTATO ","UN ","VALOR","FRETE","TOTAL"]
["MAGAZINE LUIZA",null,"https://www.magazineluiza.com.br/switch-tp-link-24p-10-100-1000-tl-sg1024d-tp-link/p/jf2ej0g11f/in/swit/?&seller_id=teledaticaltda&utm_source=google&utm_medium=pla&utm_campaign=&partner_id=67172&gclid=CjwKCAiAoL6eBhA3EiwAXDom5mqPzyySZsluB81JhxsJHA6CvR7qz4Vs2x5JU4eY8rBz88zp_tyKxRoCMV4QAvD_BwE&gclsrc=aw.ds",null,null,null,"47.960.950/1088-36","0800 773 3838","UN ",795,11.9,{"$f":"J199+K199","v":806.9}]
["AMAZON",null,"https://www.amazon.com.br/Switch-Portas-Gigabit-Tp-link-TL-SG1024D/dp/B07MQ22QWY/ref=asc_df_B07MQ22QWY/?tag=googleshopp00-20&linkCode=df0&hvadid=379725653161&hvpos=&hvnetw=g&hvrand=17616278417141423364&hvpone=&hvptwo=&hvqmt=&hvdev=c&hvdvcmdl=&hvlocint=&hvlocphy=9101220&hvtargid=pla-892385588626&psc=1",null,null,null,"15.436.940/0001-03"," 0800 038 054","UN ",762,39.32,{"$f":"J200+K200","v":801.32}]
["KABUM",null,"https://www.kabum.com.br/produto/22261/switch-wired-tp-link-gigabit-24-portas-tl-sg1024d?gclid=CjwKCAiAoL6eBhA3EiwAXDom5sRvRfQb2vjR8TkF2JCJ_Jyg2gDVN-YFUsee2rbyr3wK5FzC_kHNghoCdUMQAvD_BwE",null,null,null,"37.021.825/0001-00","(11) 2379-1682","UN ",859.99,25.4,{"$f":"J201+K201","v":885.39}]
[]
["COT-DAD-004","PLACA 4X4 \" COM FURO",null,null,null,null,null,null,"UN ",null,null,{"$f":"MEDIAN(L205:XFD207)","v":25.11}]
["EMPRESA","CIDADE","LOCAL / LINK",null,null,null,"CNPJ","CONTATO ","UN ","VALOR","FRETE","TOTAL"]
["MAGAZINE LUIZA",null,"https://www.magazineluiza.com.br/placa-4x4-com-furo-millenium-mec-tronic/p/dakkaafcbc/cj/esad/?&seller_id=akiounidadebelmira&utm_source=google&utm_medium=pla&utm_campaign=&partner_id=68055&gclid=CjwKCAiAoL6eBhA3EiwAXDom5gasIOe7TRKKxw7siP3T9y_8ep6z9dqwyLNGeXz4ujDfyAt_L4enIBoCZo0QAvD_BwE&gclsrc=aw.ds",null,null,null,"47.960.950/1088-36","0800 773 3838","UN ",7.2,17.91,{"$f":"J205+K205","v":25.11}]
["ELETROASTRO",null,"https://www.eletrorastro.com.br/produto/placa-novara-branco-4x4-com-furo-dicompel-89891?utm_source=google&utm_medium=cpc&utm_campaign=&gclid=CjwKCAiAoL6eBhA3EiwAXDom5lce7irInrQvLXTjaqCl6HA1P-foe1XFZgrsTCwzOeom7ibtTul-shoCAzsQAvD_BwE",null,null,null,"5.014.793/0007-46","(41) 3661 3100","UN ",22.58,27.28,{"$f":"J206+K206","v":49.86}]
["TRAMONTINA",null,"https://www.tramontinastore.com/placa-com-1-furo-4x4-9-5-mm-tramontina-liz-branca_57106022/p?idsku=57106022&gclid=CjwKCAiAoL6eBhA3EiwAXDom5hEgkEJ2I0sOrpDwcXD_3ctY6E4axPNW1uHTluoltdHcKqpzg9kWHBoCGo4QAvD_BwE",null,null,null,"61.652.608/0001-95","(11) 4861-3981","UN ",14.16,7.03,{"$f":"J207+K207","v":21.19}]
[]
["COT-DAD-005","RÉGUA DE TOMADAS 10A- 10 SAÍDAS PADRÃO",null,null,null,null,null,null,"UN ",null,null,{"$f":"MEDIAN(L211:XFD213)","v":108.31}]
["EMPRESA","CIDADE","LOCAL / LINK",null,null,null,"CNPJ","CONTATO ","UN ","VALOR","FRETE","TOTAL"]
["CASAS BAHIA",null,"https://www.casasbahia.com.br/regua-para-rack-com-10-tomadas-10a-bivolt-ipec-1524324526/p/1524324526?utm_medium=Cpc&utm_source=GP_PLA&IdSku=1524324526&idLojista=32096&tipoLojista=3P&&utm_campaign=3p_gg_pmax_tudo&gclid=CjwKCAiAoL6eBhA3EiwAXDom5sZzlEBJxaT43KDKau9XLxz9PWayxuA47VzGP9FBe34G3OYnAYxcVhoC_G4QAvD_BwE&gclsrc=aw.ds",null,null,null,"33.041.260/0652-90","4003-4336","UN ",79.650000000000006,25.84,{"$f":"J211+K211","v":105.49000000000001}]
["MAGAZINE LUIZA",null,"https://www.magazineluiza.com.br/regua-de-tomadas-10a-10-saidas-padrao-novo-nbr-pier-telecom/p/ab7dg978ce/cj/extl/?&seller_id=piertelecom&utm_source=google&utm_medium=pla&utm_campaign=&partner_id=69095&gclid=CjwKCAiAoL6eBhA3EiwAXDom5tx4w8pl0BIuQeOlsTyiEr_mDdG46uflI212byYXLFYf_rXTeCdnlRoCb0YQAvD_BwE&gclsrc=aw.ds",null,null,null,"47.960.950/1088-36","0800 773 3838","UN ",111.61,0,{"$f":"J212+K212","v":111.61}]
["KABUM",null,"https://www.kabum.com.br/produto/167726/regua-rack-19-polegadas-10a-a2267-ipec-preto-fora-de-linha-mundoware?gclid=CjwKCAiAoL6eBhA3EiwAXDom5gkbc74fICArcD6XJwFN5eI4kBACCC6g8EuCx6fGYmR1uCvbBGyQbhoC6oIQAvD_BwE",null,null,null,"37.021.825/0001-00","(11) 2379-1682","UN ",49.39,58.92,{"$f":"J213+K213","v":108.31}]
[]
["COT-DAD-006","RACK - GABINETE 19\" -  24U",null,null,null,null,null,null,"UN ",null,null,{"$f":"MEDIAN(L217:XFD219)","v":1949.29}]
["EMPRESA","CIDADE","LOCAL / LINK",null,null,null,"CNPJ","CONTATO ","UN ","VALOR","FRETE","TOTAL"]
["UNICASERV",null,"https://www.unicaserv.com.br/rack-de-piso-24u-x-470mm?parceiro=3738&gclid=Cj0KCQiAw8OeBhCeARIsAGxWtUwZUB9GpvPC0256BiLlSbzFuNwjp4s-h5-2dKGT6_VJKAUwLvy5C4waAgrJEALw_wcB",null,null,null,"07.709.614/0001-96","(13) 3345-6012","UN ",1664,150.59,{"$f":"J217+K217","v":1814.59}]
["APL RACK",null,"https://www.rackpiso.com.br/rack-piso-fechado-24u-pro?utm_source=Site&utm_medium=GoogleMerchant&utm_campaign=GoogleMerchant&sku=RPF24UPRO-1100&gclid=Cj0KCQiAw8OeBhCeARIsAGxWtUzItf_cFzEmBBSx_1uwSGF3FbU-YSn-oUc9Rsz1Hf8Lr8_vIULxrLEaAr7OEALw_wcB",null,null,null,"31.690.876/0001-30","(41) 4103-1706","UN ",1841.84,314.81,{"$f":"J218+K218","v":2156.65}]
["MAGAZINE LUIZA",null,"https://www.magazineluiza.com.br/rack-piso-19-24u-870mm-preto-max-eletron/p/acj83a4d64/in/svdr/?&seller_id=aquiquetemm&utm_source=google&utm_medium=pla&utm_campaign=&partner_id=69087&gclid=Cj0KCQiAw8OeBhCeARIsAGxWtUwcCo4pDcAAXQ1ddkA1AkJh5eqU-Qx4Kt07QAf4lCJDAfimHQHc1lMaAhhLEALw_wcB&gclsrc=aw.ds",null,null,null,"47.960.950/1088-36","0800 773 3838","UN ",1852.85,96.44,{"$f":"J219+K219","v":1949.29}]
[]
["COT-DAD-007","RACK - GABINETE 19\" -  28U",null,null,null,null,null,null,"UN ",null,null,{"$f":"MEDIAN(L223:XFD225)","v":1944.86}]
["EMPRESA","CIDADE","LOCAL / LINK",null,null,null,"CNPJ","CONTATO ","UN ","VALOR","FRETE","TOTAL"]
["RACKFORT",null,"https://www.rackfort.com.br/rack-fechado/rack-servidor-fechado-28u-x-770mm?utm_source=Site&utm_medium=GoogleMerchant&utm_campaign=GoogleMerchant",null,null,null,"31.690.876/0001-30","(41) 4103-1717","UN ",1682.1,262.76,{"$f":"J223+K223","v":1944.86}]
["APLRACK",null,"https://www.cetti.com.br/interruptor-dr-tetrapolar-125a-steck-sdr-4125003",null,null,null,"31.690.876/0001-30","(41) 4103-1717","UN ",1644.38,198.32,{"$f":"J224+K224","v":1842.7}]
["AMAZON",null,"https://www.amazon.com.br/rack-piso-19-28u-570mm/dp/B08QJHQB8F/ref=sr_1_1?__mk_pt_BR=%C3%85M%C3%85%C5%BD%C3%95%C3%91&crid=8EKDWXEZWOKX&keywords=RACK+28U&qid=1674649089&sprefix=rack+28u%2Caps%2C179&sr=8-1&ufe=app_do%3Aamzn1.fos.25548f35-0de7-44b3-b28e-0f56f3f96147",null,null,null,"15.436.940/0001-03"," 0800 038 054","UN ",1759.46,267.07,{"$f":"J225+K225","v":2026.53}]
[]
["COT-DAD-008","SWITCH  24 PORTAS RJ45 COM FIBRA ",null,null,null,null,null,null,"UN ",null,null,{"$f":"MEDIAN(L223:XFD225)","v":1944.86}]
["EMPRESA","CIDADE","LOCAL / LINK",null,null,null,"CNPJ","CONTATO ","UN ","VALOR","FRETE","TOTAL"]
["FOURSERV",null,"https://www.fourserv.com.br/switch-ubiquiti-unifi-pro-24-portas-poe-2x-10g-sfp-gerenciavel-layer-3-mpn-usw-pro-24-poe?utm_source=google-shopping&utm_medium=cpc&utm_campaign=google-shopping&gclid=Cj0KCQiAw8OeBhCeARIsAGxWtUzifOtbeA3ghMRkK463xlC1rodY8-8SFM0nQ6oNll_2m61AIHVOOVUaAsVdEALw_wcB#",null,null,null,"05.229.845/0001-77","(21) 96715-7944","UN ",7479.15,92.1,{"$f":"J229+K229","v":7571.25}]
["KABUM",null,"https://www.kabum.com.br/produto/419523/switch-24-portas-poe-gigabit-c-2-slots-sfp-10gb-tela-touch-usw-pro-24-poe-ubiquiti?gclid=Cj0KCQiAw8OeBhCeARIsAGxWtUzyogweLcfFuxWag6s-AxHLuRWrnyWBQs_BCEGNbIOFjQo-Ti4MhcwaAqzaEALw_wcB",null,null,null,"37.021.825/0001-00","(11) 2379-1682","UN ",4797.75,58.85,{"$f":"J230+K230","v":4856.6000000000004}]
["TUDOEMUBITIQUI",null,"https://www.tudoemubiquiti.com.br/switch-de-24-portas-com-16-portas-poe-8-portas-poe-2-portas-sfp-de-10-giga-usw-pro-24-poe-br",null,null,null,"32.438.394/0001-50"," (47) 3234-0802","UN ",7081.3,88.61,{"$f":"J231+K231","v":7169.91}]
[]
["COT-DAD-009","CAMERA POE",null,null,null,null,null,null,"UN ",null,null,{"$f":"MEDIAN(L235:XFD237)","v":258.52}]
["EMPRESA","CIDADE","LOCAL / LINK",null,null,null,"CNPJ","CONTATO ","UN ","VALOR","FRETE","TOTAL"]
["AMERICANAS",null,"https://www.americanas.com.br/produto/5367543888?pfm_carac=camera-ip-poe&pfm_index=4&pfm_page=search&pfm_pos=grid&pfm_type=search_page&offerId=62bca2ed2376eb9c7268ce41",null,null,null,"00.776.574/0006-60","021 11 3003-1084","UN ",258.52,0,{"$f":"J235+K235","v":258.52}]
["AMAZON",null,"https://www.amazon.com.br/GIGA-C%C3%A2mera-Bullet-Pl%C3%A1stica-Prote%C3%A7%C3%A3o/dp/B09XVN4JG1",null,null,null,"15.436.940/0001-03"," 0800 038 054","UN ",258.52999999999997,0,{"$f":"J236+K236","v":258.52999999999997}]
["MAGAZINE LUIZA",null,"https://www.magazineluiza.com.br/camera-ip-bullet-ip66-poe-2mp-infra-30m-dwdr-giga-security-gs0369/p/bcgf8ce96e/cj/cagu/?&seller_id=kitalarmes",null,null,null,"47.960.950/1088-36","0800 773 3838","UN ",241,9.9,{"$f":"J237+K237","v":250.9}]
[]
[]
[]
[null,null,"RESPONSÁVEL TÉCNICO:",null,null,{"$f":"DADOS!D16","v":"FLÁVIA CRISTINA BARBOSA"}]
[null,null,null,null,null,{"$f":"DADOS!D18","v":"CREA -  MG 187.842/D"}]

{"sheet":"CPU","index":8,"n_rows":264,"n_cols":13,"rows_kept":264,"cut":false,"hidden":false,"merged":[[1,0,2,10],[4,0,8,2],[9,0,9,12],[10,0,10,12],[239,1,239,7],[15,1,15,7],[26,1,26,7],[36,1,36,7],[45,1,45,7],[54,1,54,7],[147,1,147,7],[153,1,153,7],[169,1,169,7],[177,1,177,7],[185,1,185,7],[12,1,12,7],[263,6,263,9],[262,3,262,5],[262,6,262,9],[193,1,193,7],[201,1,201,7],[250,1,250,7],[254,1,254,7],[4,11,6,12],[60,1,60,7],[64,1,64,7],[71,1,71,7],[118,1,118,7],[111,1,111,7],[128,1,128,7],[100,1,100,7],[78,1,78,7],[83,1,83,7],[87,1,87,7],[94,1,94,7],[106,1,106,7]]}
[]
["COMPOSIÇÕES DE CUSTO",null,null,null,null,null,null,null,null,null,null,"Revisão:",{"$f":"DADOS!D6","v":"R01"}]
[null,null,null,null,null,null,null,null,null,null,null,"Data: ",{"$f":"DADOS!D2","v":"2023-04-28"}]
["Projeto:",null,null,"Cliente:",null,null,null,"Cliente:",null,null,null,"Bancos:"]
[{"$f":"DADOS!D8","v":"CONSTRUÇÃO DO CENTRO DE ATENÇÃO PSICOSSOCIAL"},null,null,null,null,null,null,null,null,null,null,{"$f":"DADOS!D14","v":"SINAPI: 03/2023 Minas Gerais\nSETOP: 01/2023 Minas Gerais\nSICRO : 10/2022 Minas Gerais\nSUDECAP: 02/2023 Minas Gerais"}]
[]
[]
[null,null,null,null,null,null,null,null,null,null,null,"BDI 1:",{"$f":"DADOS!D10","v":0.26519999999999999}]
[null,null,null,null,null,null,null,null,null,null,null,"BDI 2:",{"$f":"DADOS!D12","v":0.20250000000000001}]
[]
[{"$f":"A2&\" DE \"&DADOS!D20&\" - \"&A5","v":"COMPOSIÇÕES DE CUSTO DE PROJETO EXECUTIVO - CONSTRUÇÃO DO CENTRO DE ATENÇÃO PSICOSSOCIAL"}]
[]
["Código","Descrição",null,null,null,null,null,null,"Banco","Unid.","Coeficiente","Preço Unit.","Total"]
[]
[4,{"$f":"VLOOKUP(A15,ORC!$D$24:$N$2945,2,0)","v":"ESTRUTURA"}]
["DAC-4.1","ESTACA HÉLICE CONTÍNUA, DIÂMETRO DE 25 CM, INCLUSO CONCRETO FCK=30MPA E ARMADURA MÍNIMA (EXCLUSIVE MOBILIZAÇÃO E DESMOBILIZAÇÃO E BOMBEAMENTO). ",null,null,null,null,null,null,"CPU","M",null,null,{"$f":"SUM(M17:XFD25)","v":120.4311313}]
[null,90675,{"$f":"IF(I17=\"SINAPI\",VLOOKUP(B17,DADOS_SINAPI,2,0),IF(I17=\"SETOP\",VLOOKUP(B17,DADOS_SETOP,2,0),IF(I17=\"SICRO\",VLOOKUP(B17,DADOS_SICRO,2,0),IF(I17=\"SUDECAP\",VLOOKUP(B17,DADOS_SUDECAP,2,0),IF(I17=\"COTAÇÃO\",VLOOKUP(B17,DADOS_COTACAO,2,0),VLOOKUP(B17,DADOS_COMPOSICAO,2,0))))))","v":"PERFURATRIZ COM TORRE METÁLICA PARA EXECUÇÃO DE ESTACA HÉLICE CONTÍNUA, PROFUNDIDADE MÁXIMA DE 30 M, DIÂMETRO MÁXIMO DE 800 MM, POTÊNCIA INSTALADA DE 268 HP, MESA ROTATIVA COM TORQUE MÁXIMO DE 170 KNM - CHI DIURNO. AF_06/2015"},null,null,null,null,null,"SINAPI",{"$f":"IF(I17=\"SINAPI\",VLOOKUP(B17,DADOS_SINAPI,3,0),IF(I17=\"SETOP\",VLOOKUP(B17,DADOS_SETOP,3,0),IF(I17=\"SICRO\",VLOOKUP(B17,DADOS_SICRO,3,0),IF(I17=\"SUDECAP\",VLOOKUP(B17,DADOS_SUDECAP,3,0),IF(I17=\"COTAÇÃO\",VLOOKUP(B17,DADOS_COTACAO,9,0),VLOOKUP(B17,DADOS_COMPOSICAO,10,0))))))","v":"CHI"},5.9400000000000001E-2,{"$f":"IF(I17=\"SINAPI\",VLOOKUP(B17,DADOS_SINAPI,4,0),IF(I17=\"SETOP\",VLOOKUP(B17,DADOS_SETOP,4,0),IF(I17=\"SICRO\",VLOOKUP(B17,DADOS_SICRO,4,0),IF(I17=\"SUDECAP\",VLOOKUP(B17,DADOS_SUDECAP,4,0),IF(I17=\"COTAÇÃO\",VLOOKUP(B17,DADOS_COTACAO,12,0),VLOOKUP(B17,DADOS_COMPOSICAO,13,0))))))","v":286.37},{"$f":"K17*L17","v":17.010377999999999}]
[null,90674,"PERFURATRIZ COM TORRE METÁLICA PARA EXECUÇÃO DE ESTACA HÉLICE CONTÍNUA, PROFUNDIDADE MÁXIMA DE 30 M, DIÂMETRO MÁXIMO DE 800 MM, POTÊNCIA INSTALADA DE 268 HP, MESA ROTATIVA COM TORQUE MÁXIMO DE 170 KNM - CHP DIURNO. AF_06/2015",null,null,null,null,null,"SINAPI","CHP",2.4199999999999999E-2,685.26,16.583292]
[null,100973,"CARGA, MANOBRA E DESCARGA DE SOLOS E MATERIAIS GRANULARES EM CAMINHÃO BASCULANTE 6 M³ - CARGA COM PÁ CARREGADEIRA (CAÇAMBA DE 1,7 A 2,8 M³ / 128 HP) E DESCARGA LIVRE (UNIDADE: M3). AF_07/2020",null,null,null,null,null,"SINAPI","M3",9.6600000000000005E-2,8.57,0.8278620000000001]
[null,88316,"SERVENTE COM ENCARGOS COMPLEMENTARES",null,null,null,null,null,"SINAPI","H",0.25090000000000001,17.77,4.4584929999999998]
[null,90776,"ENCARREGADO GERAL COM ENCARGOS COMPLEMENTARES",null,null,null,null,null,"SINAPI","H",8.3599999999999994E-2,43.59,3.6441240000000001]
[null,43360,"CONCRETO USINADO BOMBEAVEL, CLASSE DE RESISTENCIA C30, COM BRITA 0 E 1, SLUMP = 220 +/- 30 MM, EXCLUI SERVICO DE BOMBEAMENTO (NBR 8953)",null,null,null,null,null,"SINAPI","M3    ",{"$f":"0.1133*0.7","v":7.9309999999999992E-2},688.63,54.615245299999991]
[null,97913,{"$f":"IF(I23=\"SINAPI\",VLOOKUP(B23,DADOS_SINAPI,2,0),IF(I23=\"SETOP\",VLOOKUP(B23,DADOS_SETOP,2,0),IF(I23=\"SICRO\",VLOOKUP(B23,DADOS_SICRO,2,0),IF(I23=\"SUDECAP\",VLOOKUP(B23,DADOS_SUDECAP,2,0),IF(I23=\"COTAÇÃO\",VLOOKUP(B23,DADOS_COTACAO,2,0),VLOOKUP(B23,DADOS_COMPOSICAO,2,0))))))","v":"TRANSPORTE COM CAMINHÃO BASCULANTE DE 6 M³, EM VIA URBANA EM REVESTIMENTO PRIMÁRIO (UNIDADE: M3XKM). AF_07/2020"},null,null,null,null,null,"SINAPI",{"$f":"IF(I23=\"SINAPI\",VLOOKUP(B23,DADOS_SINAPI,3,0),IF(I23=\"SETOP\",VLOOKUP(B23,DADOS_SETOP,3,0),IF(I23=\"SICRO\",VLOOKUP(B23,DADOS_SICRO,3,0),IF(I23=\"SUDECAP\",VLOOKUP(B23,DADOS_SUDECAP,3,0),IF(I23=\"COTAÇÃO\",VLOOKUP(B23,DADOS_COTACAO,9,0),VLOOKUP(B23,DADOS_COMPOSICAO,10,0))))))","v":"M3XKM"},2.9000000000000001E-2,{"$f":"IF(I23=\"SINAPI\",VLOOKUP(B23,DADOS_SINAPI,4,0),IF(I23=\"SETOP\",VLOOKUP(B23,DADOS_SETOP,4,0),IF(I23=\"SICRO\",VLOOKUP(B23,DADOS_SICRO,4,0),IF(I23=\"SUDECAP\",VLOOKUP(B23,DADOS_SUDECAP,4,0),IF(I23=\"COTAÇÃO\",VLOOKUP(B23,DADOS_COTACAO,12,0),VLOOKUP(B23,DADOS_COMPOSICAO,13,0))))))","v":2.94},8.5260000000000002E-2]
[null,95579,{"$f":"IF(I24=\"SINAPI\",VLOOKUP(B24,DADOS_SINAPI,2,0),IF(I24=\"SETOP\",VLOOKUP(B24,DADOS_SETOP,2,0),IF(I24=\"SICRO\",VLOOKUP(B24,DADOS_SICRO,2,0),IF(I24=\"SUDECAP\",VLOOKUP(B24,DADOS_SUDECAP,2,0),IF(I24=\"COTAÇÃO\",VLOOKUP(B24,DADOS_COTACAO,2,0),VLOOKUP(B24,DADOS_COMPOSICAO,2,0))))))","v":"MONTAGEM DE ARMADURA DE ESTACAS, DIÂMETRO = 16,0 MM. AF_09/2021_PS"},null,null,null,null,null,"SINAPI",{"$f":"IF(I24=\"SINAPI\",VLOOKUP(B24,DADOS_SINAPI,3,0),IF(I24=\"SETOP\",VLOOKUP(B24,DADOS_SETOP,3,0),IF(I24=\"SICRO\",VLOOKUP(B24,DADOS_SICRO,3,0),IF(I24=\"SUDECAP\",VLOOKUP(B24,DADOS_SUDECAP,3,0),IF(I24=\"COTAÇÃO\",VLOOKUP(B24,DADOS_COTACAO,9,0),VLOOKUP(B24,DADOS_COMPOSICAO,10,0))))))","v":"KG"},2.2427999999999999,{"$f":"IF(I24=\"SINAPI\",VLOOKUP(B24,DADOS_SINAPI,4,0),IF(I24=\"SETOP\",VLOOKUP(B24,DADOS_SETOP,4,0),IF(I24=\"SICRO\",VLOOKUP(B24,DADOS_SICRO,4,0),IF(I24=\"SUDECAP\",VLOOKUP(B24,DADOS_SUDECAP,4,0),IF(I24=\"COTAÇÃO\",VLOOKUP(B24,DADOS_COTACAO,12,0),VLOOKUP(B24,DADOS_COMPOSICAO,13,0))))))","v":8.99},20.162772]
[null,95584,{"$f":"IF(I25=\"SINAPI\",VLOOKUP(B25,DADOS_SINAPI,2,0),IF(I25=\"SETOP\",VLOOKUP(B25,DADOS_SETOP,2,0),IF(I25=\"SICRO\",VLOOKUP(B25,DADOS_SICRO,2,0),IF(I25=\"SUDECAP\",VLOOKUP(B25,DADOS_SUDECAP,2,0),IF(I25=\"COTAÇÃO\",VLOOKUP(B25,DADOS_COTACAO,2,0),VLOOKUP(B25,DADOS_COMPOSICAO,2,0))))))","v":"MONTAGEM DE ARMADURA TRANSVERSAL DE ESTACAS DE SEÇÃO CIRCULAR, DIÂMETRO = 6,30 MM. AF_09/2021_PS"},null,null,null,null,null,"SINAPI",{"$f":"IF(I25=\"SINAPI\",VLOOKUP(B25,DADOS_SINAPI,3,0),IF(I25=\"SETOP\",VLOOKUP(B25,DADOS_SETOP,3,0),IF(I25=\"SICRO\",VLOOKUP(B25,DADOS_SICRO,3,0),IF(I25=\"SUDECAP\",VLOOKUP(B25,DADOS_SUDECAP,3,0),IF(I25=\"COTAÇÃO\",VLOOKUP(B25,DADOS_COTACAO,9,0),VLOOKUP(B25,DADOS_COMPOSICAO,10,0))))))","v":"KG"},0.2185,{"$f":"IF(I25=\"SINAPI\",VLOOKUP(B25,DADOS_SINAPI,4,0),IF(I25=\"SETOP\",VLOOKUP(B25,DADOS_SETOP,4,0),IF(I25=\"SICRO\",VLOOKUP(B25,DADOS_SICRO,4,0),IF(I25=\"SUDECAP\",VLOOKUP(B25,DADOS_SUDECAP,4,0),IF(I25=\"COTAÇÃO\",VLOOKUP(B25,DADOS_COTACAO,12,0),VLOOKUP(B25,DADOS_COMPOSICAO,13,0))))))","v":13.93},3.0437050000000001]
[]
["DAC-4.2","FORNECIMENTO E EXECUÇÃO DE PILARES PRÉ-FABRICADOS",null,null,null,null,null,null,"CPU","M³",null,null,{"$f":"SUM(M28:XFD35)","v":2854.2212325264172}]
[null,88309,{"$f":"IF(I28=\"SINAPI\",VLOOKUP(B28,DADOS_SINAPI,2,0),IF(I28=\"SETOP\",VLOOKUP(B28,DADOS_SETOP,2,0),IF(I28=\"SICRO\",VLOOKUP(B28,DADOS_SICRO,2,0),IF(I28=\"SUDECAP\",VLOOKUP(B28,DADOS_SUDECAP,2,0),IF(I28=\"COTAÇÃO\",VLOOKUP(B28,DADOS_COTACAO,2,0),VLOOKUP(B28,DADOS_COMPOSICAO,2,0))))))","v":"PEDREIRO COM ENCARGOS COMPLEMENTARES"},null,null,null,null,null,"SINAPI",{"$f":"IF(I28=\"SINAPI\",VLOOKUP(B28,DADOS_SINAPI,3,0),IF(I28=\"SETOP\",VLOOKUP(B28,DADOS_SETOP,3,0),IF(I28=\"SICRO\",VLOOKUP(B28,DADOS_SICRO,3,0),IF(I28=\"SUDECAP\",VLOOKUP(B28,DADOS_SUDECAP,3,0),IF(I28=\"COTAÇÃO\",VLOOKUP(B28,DADOS_COTACAO,9,0),VLOOKUP(B28,DADOS_COMPOSICAO,10,0))))))","v":"H"},1.7589999999999999,{"$f":"IF(I28=\"SINAPI\",VLOOKUP(B28,DADOS_SINAPI,4,0),IF(I28=\"SETOP\",VLOOKUP(B28,DADOS_SETOP,4,0),IF(I28=\"SICRO\",VLOOKUP(B28,DADOS_SICRO,4,0),IF(I28=\"SUDECAP\",VLOOKUP(B28,DADOS_SUDECAP,4,0),IF(I28=\"COTAÇÃO\",VLOOKUP(B28,DADOS_COTACAO,12,0),VLOOKUP(B28,DADOS_COMPOSICAO,13,0))))))","v":24.43},{"$f":"K28*L28","v":42.972369999999998}]
[null,88316,"SERVENTE COM ENCARGOS COMPLEMENTARES",null,null,null,null,null,"SINAPI","H",3.5169999999999999,17.77,62.49709]
[null,89272,"GUINDASTE HIDRÁULICO AUTOPROPELIDO, COM LANÇA TELESCÓPICA 28,80 M, CAPACIDADE MÁXIMA 30 T, POTÊNCIA 97 KW, TRAÇÃO 4 X 4 - CHP DIURNO. AF_11/2014",null,null,null,null,null,"SINAPI","CHP",1.0529999999999999,197.9,208.3887]
[null,89273,{"$f":"IF(I31=\"SINAPI\",VLOOKUP(B31,DADOS_SINAPI,2,0),IF(I31=\"SETOP\",VLOOKUP(B31,DADOS_SETOP,2,0),IF(I31=\"SICRO\",VLOOKUP(B31,DADOS_SICRO,2,0),IF(I31=\"SUDECAP\",VLOOKUP(B31,DADOS_SUDECAP,2,0),IF(I31=\"COTAÇÃO\",VLOOKUP(B31,DADOS_COTACAO,2,0),VLOOKUP(B31,DADOS_COMPOSICAO,2,0))))))","v":"GUINDASTE HIDRÁULICO AUTOPROPELIDO, COM LANÇA TELESCÓPICA 28,80 M, CAPACIDADE MÁXIMA 30 T, POTÊNCIA 97 KW, TRAÇÃO 4 X 4 - CHI DIURNO. AF_11/2014"},null,null,null,null,null,"SINAPI",{"$f":"IF(I31=\"SINAPI\",VLOOKUP(B31,DADOS_SINAPI,3,0),IF(I31=\"SETOP\",VLOOKUP(B31,DADOS_SETOP,3,0),IF(I31=\"SICRO\",VLOOKUP(B31,DADOS_SICRO,3,0),IF(I31=\"SUDECAP\",VLOOKUP(B31,DADOS_SUDECAP,3,0),IF(I31=\"COTAÇÃO\",VLOOKUP(B31,DADOS_COTACAO,9,0),VLOOKUP(B31,DADOS_COMPOSICAO,10,0))))))","v":"CHI"},0.70599999999999996,{"$f":"IF(I31=\"SINAPI\",VLOOKUP(B31,DADOS_SINAPI,4,0),IF(I31=\"SETOP\",VLOOKUP(B31,DADOS_SETOP,4,0),IF(I31=\"SICRO\",VLOOKUP(B31,DADOS_SICRO,4,0),IF(I31=\"SUDECAP\",VLOOKUP(B31,DADOS_SUDECAP,4,0),IF(I31=\"COTAÇÃO\",VLOOKUP(B31,DADOS_COTACAO,12,0),VLOOKUP(B31,DADOS_COMPOSICAO,13,0))))))","v":89.75},63.363499999999995]
[null,"ED-49639",{"$f":"IF(I32=\"SINAPI\",VLOOKUP(B32,DADOS_SINAPI,2,0),IF(I32=\"SETOP\",VLOOKUP(B32,DADOS_SETOP,2,0),IF(I32=\"SICRO\",VLOOKUP(B32,DADOS_SICRO,2,0),IF(I32=\"SUDECAP\",VLOOKUP(B32,DADOS_SUDECAP,2,0),IF(I32=\"COTAÇÃO\",VLOOKUP(B32,DADOS_COTACAO,2,0),VLOOKUP(B32,DADOS_COMPOSICAO,2,0))))))","v":"FORNECIMENTO DE CONCRETO ESTRUTURAL, USINADO BOMBEADO, COM FCK 30MPA, INCLUSIVE LANÇAMENTO, ADENSAMENTO E ACABAMENTO"},null,null,null,null,null,"SETOP",{"$f":"IF(I32=\"SINAPI\",VLOOKUP(B32,DADOS_SINAPI,3,0),IF(I32=\"SETOP\",VLOOKUP(B32,DADOS_SETOP,3,0),IF(I32=\"SICRO\",VLOOKUP(B32,DADOS_SICRO,3,0),IF(I32=\"SUDECAP\",VLOOKUP(B32,DADOS_SUDECAP,3,0),IF(I32=\"COTAÇÃO\",VLOOKUP(B32,DADOS_COTACAO,9,0),VLOOKUP(B32,DADOS_COMPOSICAO,10,0))))))","v":"m3"},1,{"$f":"IF(I32=\"SINAPI\",VLOOKUP(B32,DADOS_SINAPI,4,0),IF(I32=\"SETOP\",VLOOKUP(B32,DADOS_SETOP,4,0),IF(I32=\"SICRO\",VLOOKUP(B32,DADOS_SICRO,4,0),IF(I32=\"SUDECAP\",VLOOKUP(B32,DADOS_SUDECAP,4,0),IF(I32=\"COTAÇÃO\",VLOOKUP(B32,DADOS_COTACAO,12,0),VLOOKUP(B32,DADOS_COMPOSICAO,13,0))))))","v":749.64},749.64]
[null,"ED-49647",{"$f":"IF(I33=\"SINAPI\",VLOOKUP(B33,DADOS_SINAPI,2,0),IF(I33=\"SETOP\",VLOOKUP(B33,DADOS_SETOP,2,0),IF(I33=\"SICRO\",VLOOKUP(B33,DADOS_SICRO,2,0),IF(I33=\"SUDECAP\",VLOOKUP(B33,DADOS_SUDECAP,2,0),IF(I33=\"COTAÇÃO\",VLOOKUP(B33,DADOS_COTACAO,2,0),VLOOKUP(B33,DADOS_COMPOSICAO,2,0))))))","v":"FÔRMA E DESFORMA DE COMPENSADO PLASTIFICADO, ESP. 12MM, REAPROVEITAMENTO (5X), EXCLUSIVE ESCORAMENTO"},null,null,null,null,null,"SETOP",{"$f":"IF(I33=\"SINAPI\",VLOOKUP(B33,DADOS_SINAPI,3,0),IF(I33=\"SETOP\",VLOOKUP(B33,DADOS_SETOP,3,0),IF(I33=\"SICRO\",VLOOKUP(B33,DADOS_SICRO,3,0),IF(I33=\"SUDECAP\",VLOOKUP(B33,DADOS_SUDECAP,3,0),IF(I33=\"COTAÇÃO\",VLOOKUP(B33,DADOS_COTACAO,9,0),VLOOKUP(B33,DADOS_COMPOSICAO,10,0))))))","v":"m2"},9.1112391930835734,{"$f":"IF(I33=\"SINAPI\",VLOOKUP(B33,DADOS_SINAPI,4,0),IF(I33=\"SETOP\",VLOOKUP(B33,DADOS_SETOP,4,0),IF(I33=\"SICRO\",VLOOKUP(B33,DADOS_SICRO,4,0),IF(I33=\"SUDECAP\",VLOOKUP(B33,DADOS_SUDECAP,4,0),IF(I33=\"COTAÇÃO\",VLOOKUP(B33,DADOS_COTACAO,12,0),VLOOKUP(B33,DADOS_COMPOSICAO,13,0))))))","v":53.12},483.98902593659938]
[null,"ED-48298",{"$f":"IF(I34=\"SINAPI\",VLOOKUP(B34,DADOS_SINAPI,2,0),IF(I34=\"SETOP\",VLOOKUP(B34,DADOS_SETOP,2,0),IF(I34=\"SICRO\",VLOOKUP(B34,DADOS_SICRO,2,0),IF(I34=\"SUDECAP\",VLOOKUP(B34,DADOS_SUDECAP,2,0),IF(I34=\"COTAÇÃO\",VLOOKUP(B34,DADOS_COTACAO,2,0),VLOOKUP(B34,DADOS_COMPOSICAO,2,0))))))","v":"CORTE, DOBRA E MONTAGEM DE AÇO CA-50/60, INCLUSIVE ESPAÇADOR"},null,null,null,null,null,"SETOP",{"$f":"IF(I34=\"SINAPI\",VLOOKUP(B34,DADOS_SINAPI,3,0),IF(I34=\"SETOP\",VLOOKUP(B34,DADOS_SETOP,3,0),IF(I34=\"SICRO\",VLOOKUP(B34,DADOS_SICRO,3,0),IF(I34=\"SUDECAP\",VLOOKUP(B34,DADOS_SUDECAP,3,0),IF(I34=\"COTAÇÃO\",VLOOKUP(B34,DADOS_COTACAO,9,0),VLOOKUP(B34,DADOS_COMPOSICAO,10,0))))))","v":"Kg"},83.927185398655141,{"$f":"IF(I34=\"SINAPI\",VLOOKUP(B34,DADOS_SINAPI,4,0),IF(I34=\"SETOP\",VLOOKUP(B34,DADOS_SETOP,4,0),IF(I34=\"SICRO\",VLOOKUP(B34,DADOS_SICRO,4,0),IF(I34=\"SUDECAP\",VLOOKUP(B34,DADOS_SUDECAP,4,0),IF(I34=\"COTAÇÃO\",VLOOKUP(B34,DADOS_COTACAO,12,0),VLOOKUP(B34,DADOS_COMPOSICAO,13,0))))))","v":13.52},1134.6955465898175]
[null,89994,{"$f":"IF(I35=\"SINAPI\",VLOOKUP(B35,DADOS_SINAPI,2,0),IF(I35=\"SETOP\",VLOOKUP(B35,DADOS_SETOP,2,0),IF(I35=\"SICRO\",VLOOKUP(B35,DADOS_SICRO,2,0),IF(I35=\"SUDECAP\",VLOOKUP(B35,DADOS_SUDECAP,2,0),IF(I35=\"COTAÇÃO\",VLOOKUP(B35,DADOS_COTACAO,2,0),VLOOKUP(B35,DADOS_COMPOSICAO,2,0))))))","v":"GRAUTEAMENTO DE CINTA INTERMEDIÁRIA OU DE CONTRAVERGA EM ALVENARIA ESTRUTURAL. AF_09/2021"},null,null,null,null,null,"SINAPI",{"$f":"IF(I35=\"SINAPI\",VLOOKUP(B35,DADOS_SINAPI,3,0),IF(I35=\"SETOP\",VLOOKUP(B35,DADOS_SETOP,3,0),IF(I35=\"SICRO\",VLOOKUP(B35,DADOS_SICRO,3,0),IF(I35=\"SUDECAP\",VLOOKUP(B35,DADOS_SUDECAP,3,0),IF(I35=\"COTAÇÃO\",VLOOKUP(B35,DADOS_COTACAO,9,0),VLOOKUP(B35,DADOS_COMPOSICAO,10,0))))))","v":"M3"},0.126,{"$f":"IF(I35=\"SINAPI\",VLOOKUP(B35,DADOS_SINAPI,4,0),IF(I35=\"SETOP\",VLOOKUP(B35,DADOS_SETOP,4,0),IF(I35=\"SICRO\",VLOOKUP(B35,DADOS_SICRO,4,0),IF(I35=\"SUDECAP\",VLOOKUP(B35,DADOS_SUDECAP,4,0),IF(I35=\"COTAÇÃO\",VLOOKUP(B35,DADOS_COTACAO,12,0),VLOOKUP(B35,DADOS_COMPOSICAO,13,0))))))","v":862.5},108.675]
[]
["DAC-4.3","FORNECIMENTO E EXECUÇÃO DE VIGAS PRÉ-FABRICADAS",null,null,null,null,null,null,"CPU","M³",null,null,{"$f":"SUM(M38:XFD44)","v":3110.6675605343999}]
[null,88309,{"$f":"IF(I38=\"SINAPI\",VLOOKUP(B38,DADOS_SINAPI,2,0),IF(I38=\"SETOP\",VLOOKUP(B38,DADOS_SETOP,2,0),IF(I38=\"SICRO\",VLOOKUP(B38,DADOS_SICRO,2,0),IF(I38=\"SUDECAP\",VLOOKUP(B38,DADOS_SUDECAP,2,0),IF(I38=\"COTAÇÃO\",VLOOKUP(B38,DADOS_COTACAO,2,0),VLOOKUP(B38,DADOS_COMPOSICAO,2,0))))))","v":"PEDREIRO COM ENCARGOS COMPLEMENTARES"},null,null,null,null,null,"SINAPI",{"$f":"IF(I38=\"SINAPI\",VLOOKUP(B38,DADOS_SINAPI,3,0),IF(I38=\"SETOP\",VLOOKUP(B38,DADOS_SETOP,3,0),IF(I38=\"SICRO\",VLOOKUP(B38,DADOS_SICRO,3,0),IF(I38=\"SUDECAP\",VLOOKUP(B38,DADOS_SUDECAP,3,0),IF(I38=\"COTAÇÃO\",VLOOKUP(B38,DADOS_COTACAO,9,0),VLOOKUP(B38,DADOS_COMPOSICAO,10,0))))))","v":"H"},0.378,{"$f":"IF(I38=\"SINAPI\",VLOOKUP(B38,DADOS_SINAPI,4,0),IF(I38=\"SETOP\",VLOOKUP(B38,DADOS_SETOP,4,0),IF(I38=\"SICRO\",VLOOKUP(B38,DADOS_SICRO,4,0),IF(I38=\"SUDECAP\",VLOOKUP(B38,DADOS_SUDECAP,4,0),IF(I38=\"COTAÇÃO\",VLOOKUP(B38,DADOS_COTACAO,12,0),VLOOKUP(B38,DADOS_COMPOSICAO,13,0))))))","v":24.43},{"$f":"K38*L38","v":9.2345399999999991}]
[null,88316,"SERVENTE COM ENCARGOS COMPLEMENTARES",null,null,null,null,null,"SINAPI","H",0.75600000000000001,17.77,13.43412]
[null,89272,"GUINDASTE HIDRÁULICO AUTOPROPELIDO, COM LANÇA TELESCÓPICA 28,80 M, CAPACIDADE MÁXIMA 30 T, POTÊNCIA 97 KW, TRAÇÃO 4 X 4 - CHP DIURNO. AF_11/2014",null,null,null,null,null,"SINAPI","CHP",0.19800000000000001,197.9,39.184200000000004]
[null,89273,{"$f":"IF(I41=\"SINAPI\",VLOOKUP(B41,DADOS_SINAPI,2,0),IF(I41=\"SETOP\",VLOOKUP(B41,DADOS_SETOP,2,0),IF(I41=\"SICRO\",VLOOKUP(B41,DADOS_SICRO,2,0),IF(I41=\"SUDECAP\",VLOOKUP(B41,DADOS_SUDECAP,2,0),IF(I41=\"COTAÇÃO\",VLOOKUP(B41,DADOS_COTACAO,2,0),VLOOKUP(B41,DADOS_COMPOSICAO,2,0))))))","v":"GUINDASTE HIDRÁULICO AUTOPROPELIDO, COM LANÇA TELESCÓPICA 28,80 M, CAPACIDADE MÁXIMA 30 T, POTÊNCIA 97 KW, TRAÇÃO 4 X 4 - CHI DIURNO. AF_11/2014"},null,null,null,null,null,"SINAPI",{"$f":"IF(I41=\"SINAPI\",VLOOKUP(B41,DADOS_SINAPI,3,0),IF(I41=\"SETOP\",VLOOKUP(B41,DADOS_SETOP,3,0),IF(I41=\"SICRO\",VLOOKUP(B41,DADOS_SICRO,3,0),IF(I41=\"SUDECAP\",VLOOKUP(B41,DADOS_SUDECAP,3,0),IF(I41=\"COTAÇÃO\",VLOOKUP(B41,DADOS_COTACAO,9,0),VLOOKUP(B41,DADOS_COMPOSICAO,10,0))))))","v":"CHI"},0.18,{"$f":"IF(I41=\"SINAPI\",VLOOKUP(B41,DADOS_SINAPI,4,0),IF(I41=\"SETOP\",VLOOKUP(B41,DADOS_SETOP,4,0),IF(I41=\"SICRO\",VLOOKUP(B41,DADOS_SICRO,4,0),IF(I41=\"SUDECAP\",VLOOKUP(B41,DADOS_SUDECAP,4,0),IF(I41=\"COTAÇÃO\",VLOOKUP(B41,DADOS_COTACAO,12,0),VLOOKUP(B41,DADOS_COMPOSICAO,13,0))))))","v":89.75},16.155000000000001]
[null,"ED-49639",{"$f":"IF(I42=\"SINAPI\",VLOOKUP(B42,DADOS_SINAPI,2,0),IF(I42=\"SETOP\",VLOOKUP(B42,DADOS_SETOP,2,0),IF(I42=\"SICRO\",VLOOKUP(B42,DADOS_SICRO,2,0),IF(I42=\"SUDECAP\",VLOOKUP(B42,DADOS_SUDECAP,2,0),IF(I42=\"COTAÇÃO\",VLOOKUP(B42,DADOS_COTACAO,2,0),VLOOKUP(B42,DADOS_COMPOSICAO,2,0))))))","v":"FORNECIMENTO DE CONCRETO ESTRUTURAL, USINADO BOMBEADO, COM FCK 30MPA, INCLUSIVE LANÇAMENTO, ADENSAMENTO E ACABAMENTO"},null,null,null,null,null,"SETOP",{"$f":"IF(I42=\"SINAPI\",VLOOKUP(B42,DADOS_SINAPI,3,0),IF(I42=\"SETOP\",VLOOKUP(B42,DADOS_SETOP,3,0),IF(I42=\"SICRO\",VLOOKUP(B42,DADOS_SICRO,3,0),IF(I42=\"SUDECAP\",VLOOKUP(B42,DADOS_SUDECAP,3,0),IF(I42=\"COTAÇÃO\",VLOOKUP(B42,DADOS_COTACAO,9,0),VLOOKUP(B42,DADOS_COMPOSICAO,10,0))))))","v":"m3"},1,{"$f":"IF(I42=\"SINAPI\",VLOOKUP(B42,DADOS_SINAPI,4,0),IF(I42=\"SETOP\",VLOOKUP(B42,DADOS_SETOP,4,0),IF(I42=\"SICRO\",VLOOKUP(B42,DADOS_SICRO,4,0),IF(I42=\"SUDECAP\",VLOOKUP(B42,DADOS_SUDECAP,4,0),IF(I42=\"COTAÇÃO\",VLOOKUP(B42,DADOS_COTACAO,12,0),VLOOKUP(B42,DADOS_COMPOSICAO,13,0))))))","v":749.64},749.64]
[null,"ED-49647",{"$f":"IF(I43=\"SINAPI\",VLOOKUP(B43,DADOS_SINAPI,2,0),IF(I43=\"SETOP\",VLOOKUP(B43,DADOS_SETOP,2,0),IF(I43=\"SICRO\",VLOOKUP(B43,DADOS_SICRO,2,0),IF(I43=\"SUDECAP\",VLOOKUP(B43,DADOS_SUDECAP,2,0),IF(I43=\"COTAÇÃO\",VLOOKUP(B43,DADOS_COTACAO,2,0),VLOOKUP(B43,DADOS_COMPOSICAO,2,0))))))","v":"FÔRMA E DESFORMA DE COMPENSADO PLASTIFICADO, ESP. 12MM, REAPROVEITAMENTO (5X), EXCLUSIVE ESCORAMENTO"},null,null,null,null,null,"SETOP",{"$f":"IF(I43=\"SINAPI\",VLOOKUP(B43,DADOS_SINAPI,3,0),IF(I43=\"SETOP\",VLOOKUP(B43,DADOS_SETOP,3,0),IF(I43=\"SICRO\",VLOOKUP(B43,DADOS_SICRO,3,0),IF(I43=\"SUDECAP\",VLOOKUP(B43,DADOS_SUDECAP,3,0),IF(I43=\"COTAÇÃO\",VLOOKUP(B43,DADOS_COTACAO,9,0),VLOOKUP(B43,DADOS_COMPOSICAO,10,0))))))","v":"m2"},11.265734269999999,{"$f":"IF(I43=\"SINAPI\",VLOOKUP(B43,DADOS_SINAPI,4,0),IF(I43=\"SETOP\",VLOOKUP(B43,DADOS_SETOP,4,0),IF(I43=\"SICRO\",VLOOKUP(B43,DADOS_SICRO,4,0),IF(I43=\"SUDECAP\",VLOOKUP(B43,DADOS_SUDECAP,4,0),IF(I43=\"COTAÇÃO\",VLOOKUP(B43,DADOS_COTACAO,12,0),VLOOKUP(B43,DADOS_COMPOSICAO,13,0))))))","v":53.12},598.43580442239988]
[null,"ED-48298",{"$f":"IF(I44=\"SINAPI\",VLOOKUP(B44,DADOS_SINAPI,2,0),IF(I44=\"SETOP\",VLOOKUP(B44,DADOS_SETOP,2,0),IF(I44=\"SICRO\",VLOOKUP(B44,DADOS_SICRO,2,0),IF(I44=\"SUDECAP\",VLOOKUP(B44,DADOS_SUDECAP,2,0),IF(I44=\"COTAÇÃO\",VLOOKUP(B44,DADOS_COTACAO,2,0),VLOOKUP(B44,DADOS_COMPOSICAO,2,0))))))","v":"CORTE, DOBRA E MONTAGEM DE AÇO CA-50/60, INCLUSIVE ESPAÇADOR"},null,null,null,null,null,"SETOP",{"$f":"IF(I44=\"SINAPI\",VLOOKUP(B44,DADOS_SINAPI,3,0),IF(I44=\"SETOP\",VLOOKUP(B44,DADOS_SETOP,3,0),IF(I44=\"SICRO\",VLOOKUP(B44,DADOS_SICRO,3,0),IF(I44=\"SUDECAP\",VLOOKUP(B44,DADOS_SUDECAP,3,0),IF(I44=\"COTAÇÃO\",VLOOKUP(B44,DADOS_COTACAO,9,0),VLOOKUP(B44,DADOS_COMPOSICAO,10,0))))))","v":"Kg"},124.5994006,{"$f":"IF(I44=\"SINAPI\",VLOOKUP(B44,DADOS_SINAPI,4,0),IF(I44=\"SETOP\",VLOOKUP(B44,DADOS_SETOP,4,0),IF(I44=\"SICRO\",VLOOKUP(B44,DADOS_SICRO,4,0),IF(I44=\"SUDECAP\",VLOOKUP(B44,DADOS_SUDECAP,4,0),IF(I44=\"COTAÇÃO\",VLOOKUP(B44,DADOS_COTACAO,12,0),VLOOKUP(B44,DADOS_COMPOSICAO,13,0))))))","v":13.52},1684.5838961119998]
[]
["DAC-4.4","FORNECIMENTO E EXECUÇÃO DE LAJE ALVEOLAR",null,null,null,null,null,null,"CPU","M³",null,null,{"$f":"SUM(M47:XFD53)","v":2415.1522699999996}]
[null,88309,{"$f":"IF(I47=\"SINAPI\",VLOOKUP(B47,DADOS_SINAPI,2,0),IF(I47=\"SETOP\",VLOOKUP(B47,DADOS_SETOP,2,0),IF(I47=\"SICRO\",VLOOKUP(B47,DADOS_SICRO,2,0),IF(I47=\"SUDECAP\",VLOOKUP(B47,DADOS_SUDECAP,2,0),IF(I47=\"COTAÇÃO\",VLOOKUP(B47,DADOS_COTACAO,2,0),VLOOKUP(B47,DADOS_COMPOSICAO,2,0))))))","v":"PEDREIRO COM ENCARGOS COMPLEMENTARES"},null,null,null,null,null,"SINAPI",{"$f":"IF(I47=\"SINAPI\",VLOOKUP(B47,DADOS_SINAPI,3,0),IF(I47=\"SETOP\",VLOOKUP(B47,DADOS_SETOP,3,0),IF(I47=\"SICRO\",VLOOKUP(B47,DADOS_SICRO,3,0),IF(I47=\"SUDECAP\",VLOOKUP(B47,DADOS_SUDECAP,3,0),IF(I47=\"COTAÇÃO\",VLOOKUP(B47,DADOS_COTACAO,9,0),VLOOKUP(B47,DADOS_COMPOSICAO,10,0))))))","v":"H"},0.25600000000000001,{"$f":"IF(I47=\"SINAPI\",VLOOKUP(B47,DADOS_SINAPI,4,0),IF(I47=\"SETOP\",VLOOKUP(B47,DADOS_SETOP,4,0),IF(I47=\"SICRO\",VLOOKUP(B47,DADOS_SICRO,4,0),IF(I47=\"SUDECAP\",VLOOKUP(B47,DADOS_SUDECAP,4,0),IF(I47=\"COTAÇÃO\",VLOOKUP(B47,DADOS_COTACAO,12,0),VLOOKUP(B47,DADOS_COMPOSICAO,13,0))))))","v":24.43},{"$f":"K47*L47","v":6.2540800000000001}]
[null,88316,"SERVENTE COM ENCARGOS COMPLEMENTARES",null,null,null,null,null,"SINAPI","H",0.51200000000000001,17.77,9.0982400000000005]
[null,89272,"GUINDASTE HIDRÁULICO AUTOPROPELIDO, COM LANÇA TELESCÓPICA 28,80 M, CAPACIDADE MÁXIMA 30 T, POTÊNCIA 97 KW, TRAÇÃO 4 X 4 - CHP DIURNO. AF_11/2014",null,null,null,null,null,"SINAPI","CHP",0.13300000000000001,197.9,26.320700000000002]
[null,89273,{"$f":"IF(I50=\"SINAPI\",VLOOKUP(B50,DADOS_SINAPI,2,0),IF(I50=\"SETOP\",VLOOKUP(B50,DADOS_SETOP,2,0),IF(I50=\"SICRO\",VLOOKUP(B50,DADOS_SICRO,2,0),IF(I50=\"SUDECAP\",VLOOKUP(B50,DADOS_SUDECAP,2,0),IF(I50=\"COTAÇÃO\",VLOOKUP(B50,DADOS_COTACAO,2,0),VLOOKUP(B50,DADOS_COMPOSICAO,2,0))))))","v":"GUINDASTE HIDRÁULICO AUTOPROPELIDO, COM LANÇA TELESCÓPICA 28,80 M, CAPACIDADE MÁXIMA 30 T, POTÊNCIA 97 KW, TRAÇÃO 4 X 4 - CHI DIURNO. AF_11/2014"},null,null,null,null,null,"SINAPI",{"$f":"IF(I50=\"SINAPI\",VLOOKUP(B50,DADOS_SINAPI,3,0),IF(I50=\"SETOP\",VLOOKUP(B50,DADOS_SETOP,3,0),IF(I50=\"SICRO\",VLOOKUP(B50,DADOS_SICRO,3,0),IF(I50=\"SUDECAP\",VLOOKUP(B50,DADOS_SUDECAP,3,0),IF(I50=\"COTAÇÃO\",VLOOKUP(B50,DADOS_COTACAO,9,0),VLOOKUP(B50,DADOS_COMPOSICAO,10,0))))))","v":"CHI"},0.123,{"$f":"IF(I50=\"SINAPI\",VLOOKUP(B50,DADOS_SINAPI,4,0),IF(I50=\"SETOP\",VLOOKUP(B50,DADOS_SETOP,4,0),IF(I50=\"SICRO\",VLOOKUP(B50,DADOS_SICRO,4,0),IF(I50=\"SUDECAP\",VLOOKUP(B50,DADOS_SUDECAP,4,0),IF(I50=\"COTAÇÃO\",VLOOKUP(B50,DADOS_COTACAO,12,0),VLOOKUP(B50,DADOS_COMPOSICAO,13,0))))))","v":89.75},11.039249999999999]
[null,"ED-49639",{"$f":"IF(I51=\"SINAPI\",VLOOKUP(B51,DADOS_SINAPI,2,0),IF(I51=\"SETOP\",VLOOKUP(B51,DADOS_SETOP,2,0),IF(I51=\"SICRO\",VLOOKUP(B51,DADOS_SICRO,2,0),IF(I51=\"SUDECAP\",VLOOKUP(B51,DADOS_SUDECAP,2,0),IF(I51=\"COTAÇÃO\",VLOOKUP(B51,DADOS_COTACAO,2,0),VLOOKUP(B51,DADOS_COMPOSICAO,2,0))))))","v":"FORNECIMENTO DE CONCRETO ESTRUTURAL, USINADO BOMBEADO, COM FCK 30MPA, INCLUSIVE LANÇAMENTO, ADENSAMENTO E ACABAMENTO"},null,null,null,null,null,"SETOP",{"$f":"IF(I51=\"SINAPI\",VLOOKUP(B51,DADOS_SINAPI,3,0),IF(I51=\"SETOP\",VLOOKUP(B51,DADOS_SETOP,3,0),IF(I51=\"SICRO\",VLOOKUP(B51,DADOS_SICRO,3,0),IF(I51=\"SUDECAP\",VLOOKUP(B51,DADOS_SUDECAP,3,0),IF(I51=\"COTAÇÃO\",VLOOKUP(B51,DADOS_COTACAO,9,0),VLOOKUP(B51,DADOS_COMPOSICAO,10,0))))))","v":"m3"},1,{"$f":"IF(I51=\"SINAPI\",VLOOKUP(B51,DADOS_SINAPI,4,0),IF(I51=\"SETOP\",VLOOKUP(B51,DADOS_SETOP,4,0),IF(I51=\"SICRO\",VLOOKUP(B51,DADOS_SICRO,4,0),IF(I51=\"SUDECAP\",VLOOKUP(B51,DADOS_SUDECAP,4,0),IF(I51=\"COTAÇÃO\",VLOOKUP(B51,DADOS_COTACAO,12,0),VLOOKUP(B51,DADOS_COMPOSICAO,13,0))))))","v":749.64},749.64]
[null,"ED-49647",{"$f":"IF(I52=\"SINAPI\",VLOOKUP(B52,DADOS_SINAPI,2,0),IF(I52=\"SETOP\",VLOOKUP(B52,DADOS_SETOP,2,0),IF(I52=\"SICRO\",VLOOKUP(B52,DADOS_SICRO,2,0),IF(I52=\"SUDECAP\",VLOOKUP(B52,DADOS_SUDECAP,2,0),IF(I52=\"COTAÇÃO\",VLOOKUP(B52,DADOS_COTACAO,2,0),VLOOKUP(B52,DADOS_COMPOSICAO,2,0))))))","v":"FÔRMA E DESFORMA DE COMPENSADO PLASTIFICADO, ESP. 12MM, REAPROVEITAMENTO (5X), EXCLUSIVE ESCORAMENTO"},null,null,null,null,null,"SETOP",{"$f":"IF(I52=\"SINAPI\",VLOOKUP(B52,DADOS_SINAPI,3,0),IF(I52=\"SETOP\",VLOOKUP(B52,DADOS_SETOP,3,0),IF(I52=\"SICRO\",VLOOKUP(B52,DADOS_SICRO,3,0),IF(I52=\"SUDECAP\",VLOOKUP(B52,DADOS_SUDECAP,3,0),IF(I52=\"COTAÇÃO\",VLOOKUP(B52,DADOS_COTACAO,9,0),VLOOKUP(B52,DADOS_COMPOSICAO,10,0))))))","v":"m2"},10,{"$f":"IF(I52=\"SINAPI\",VLOOKUP(B52,DADOS_SINAPI,4,0),IF(I52=\"SETOP\",VLOOKUP(B52,DADOS_SETOP,4,0),IF(I52=\"SICRO\",VLOOKUP(B52,DADOS_SICRO,4,0),IF(I52=\"SUDECAP\",VLOOKUP(B52,DADOS_SUDECAP,4,0),IF(I52=\"COTAÇÃO\",VLOOKUP(B52,DADOS_COTACAO,12,0),VLOOKUP(B52,DADOS_COMPOSICAO,13,0))))))","v":53.12},531.19999999999993]
[null,"ED-48298",{"$f":"IF(I53=\"SINAPI\",VLOOKUP(B53,DADOS_SINAPI,2,0),IF(I53=\"SETOP\",VLOOKUP(B53,DADOS_SETOP,2,0),IF(I53=\"SICRO\",VLOOKUP(B53,DADOS_SICRO,2,0),IF(I53=\"SUDECAP\",VLOOKUP(B53,DADOS_SUDECAP,2,0),IF(I53=\"COTAÇÃO\",VLOOKUP(B53,DADOS_COTACAO,2,0),VLOOKUP(B53,DADOS_COMPOSICAO,2,0))))))","v":"CORTE, DOBRA E MONTAGEM DE AÇO CA-50/60, INCLUSIVE ESPAÇADOR"},null,null,null,null,null,"SETOP",{"$f":"IF(I53=\"SINAPI\",VLOOKUP(B53,DADOS_SINAPI,3,0),IF(I53=\"SETOP\",VLOOKUP(B53,DADOS_SETOP,3,0),IF(I53=\"SICRO\",VLOOKUP(B53,DADOS_SICRO,3,0),IF(I53=\"SUDECAP\",VLOOKUP(B53,DADOS_SUDECAP,3,0),IF(I53=\"COTAÇÃO\",VLOOKUP(B53,DADOS_COTACAO,9,0),VLOOKUP(B53,DADOS_COMPOSICAO,10,0))))))","v":"Kg"},80,{"$f":"IF(I53=\"SINAPI\",VLOOKUP(B53,DADOS_SINAPI,4,0),IF(I53=\"SETOP\",VLOOKUP(B53,DADOS_SETOP,4,0),IF(I53=\"SICRO\",VLOOKUP(B53,DADOS_SICRO,4,0),IF(I53=\"SUDECAP\",VLOOKUP(B53,DADOS_SUDECAP,4,0),IF(I53=\"COTAÇÃO\",VLOOKUP(B53,DADOS_COTACAO,12,0),VLOOKUP(B53,DADOS_COMPOSICAO,13,0))))))","v":13.52},1081.5999999999999]
[]
["DAC-4.5","DRENO DE BRITA 2 + AREIA",null,null,null,null,null,null,"CPU","M³",null,null,{"$f":"SUM(M56:XFD58)","v":130.29820000000001}]
[null,367,{"$f":"IF(I56=\"SINAPI\",VLOOKUP(B56,DADOS_SINAPI,2,0),IF(I56=\"SETOP\",VLOOKUP(B56,DADOS_SETOP,2,0),IF(I56=\"SICRO\",VLOOKUP(B56,DADOS_SICRO,2,0),IF(I56=\"SUDECAP\",VLOOKUP(B56,DADOS_SUDECAP,2,0),IF(I56=\"COTAÇÃO\",VLOOKUP(B56,DADOS_COTACAO,2,0),VLOOKUP(B56,DADOS_COMPOSICAO,2,0))))))","v":"AREIA GROSSA - POSTO JAZIDA/FORNECEDOR (RETIRADO NA JAZIDA, SEM TRANSPORTE)"},null,null,null,null,null,"SINAPI",{"$f":"IF(I56=\"SINAPI\",VLOOKUP(B56,DADOS_SINAPI,3,0),IF(I56=\"SETOP\",VLOOKUP(B56,DADOS_SETOP,3,0),IF(I56=\"SICRO\",VLOOKUP(B56,DADOS_SICRO,3,0),IF(I56=\"SUDECAP\",VLOOKUP(B56,DADOS_SUDECAP,3,0),IF(I56=\"COTAÇÃO\",VLOOKUP(B56,DADOS_COTACAO,9,0),VLOOKUP(B56,DADOS_COMPOSICAO,10,0))))))","v":"M3    "},0.8,{"$f":"IF(I56=\"SINAPI\",VLOOKUP(B56,DADOS_SINAPI,4,0),IF(I56=\"SETOP\",VLOOKUP(B56,DADOS_SETOP,4,0),IF(I56=\"SICRO\",VLOOKUP(B56,DADOS_SICRO,4,0),IF(I56=\"SUDECAP\",VLOOKUP(B56,DADOS_SUDECAP,4,0),IF(I56=\"COTAÇÃO\",VLOOKUP(B56,DADOS_COTACAO,12,0),VLOOKUP(B56,DADOS_COMPOSICAO,13,0))))))","v":98.77},{"$f":"K56*L56","v":79.016000000000005}]
[null,"ED-50367","SERVENTE COM ENCARGOS COMPLEMENTARES",null,null,null,null,null,"SETOP","hora",1.66,17.77,29.498199999999997]
[null,4718,"PEDRA BRITADA N. 2 (19 A 38 MM) POSTO PEDREIRA/FORNECEDOR, SEM FRETE",null,null,null,null,null,"SINAPI","M3    ",0.2,108.92,21.784000000000002]
[]
[6,{"$f":"VLOOKUP(A60,ORC!$D$24:$N$2945,2,0)","v":"ESQUADRIAS"}]
["DAC-6.1","INSTALAÇÃO DE PORTA SANFONADA EM PVC, INCLUSIVE ACESSÓRIOS (PUXADOR E TRINCOS)",null,null,null,null,null,null,"CPU","UN ",null,null,{"$f":"SUM(M62:M63)","v":62.441719999999997}]
[null,88316,{"$f":"IF(I62=\"SINAPI\",VLOOKUP(B62,DADOS_SINAPI,2,0),IF(I62=\"SETOP\",VLOOKUP(B62,DADOS_SETOP,2,0),IF(I62=\"SICRO\",VLOOKUP(B62,DADOS_SICRO,2,0),IF(I62=\"SUDECAP\",VLOOKUP(B62,DADOS_SUDECAP,2,0),IF(I62=\"COTAÇÃO\",VLOOKUP(B62,DADOS_COTACAO,2,0),VLOOKUP(B62,DADOS_COMPOSICAO,2,0))))))","v":"SERVENTE COM ENCARGOS COMPLEMENTARES"},null,null,null,null,null,"SINAPI",{"$f":"IF(I62=\"SINAPI\",VLOOKUP(B62,DADOS_SINAPI,3,0),IF(I62=\"SETOP\",VLOOKUP(B62,DADOS_SETOP,3,0),IF(I62=\"SICRO\",VLOOKUP(B62,DADOS_SICRO,3,0),IF(I62=\"SUDECAP\",VLOOKUP(B62,DADOS_SUDECAP,3,0),IF(I62=\"COTAÇÃO\",VLOOKUP(B62,DADOS_COTACAO,9,0),VLOOKUP(B62,DADOS_COMPOSICAO,10,0))))))","v":"H"},1.486,{"$f":"IF(I62=\"SINAPI\",VLOOKUP(B62,DADOS_SINAPI,4,0),IF(I62=\"SETOP\",VLOOKUP(B62,DADOS_SETOP,4,0),IF(I62=\"SICRO\",VLOOKUP(B62,DADOS_SICRO,4,0),IF(I62=\"SUDECAP\",VLOOKUP(B62,DADOS_SUDECAP,4,0),IF(I62=\"COTAÇÃO\",VLOOKUP(B62,DADOS_COTACAO,12,0),VLOOKUP(B62,DADOS_COMPOSICAO,13,0))))))","v":17.77},{"$f":"K62*L62","v":26.406219999999998}]
[null,88315,{"$f":"IF(I63=\"SINAPI\",VLOOKUP(B63,DADOS_SINAPI,2,0),IF(I63=\"SETOP\",VLOOKUP(B63,DADOS_SETOP,2,0),IF(I63=\"SICRO\",VLOOKUP(B63,DADOS_SICRO,2,0),IF(I63=\"SUDECAP\",VLOOKUP(B63,DADOS_SUDECAP,2,0),IF(I63=\"COTAÇÃO\",VLOOKUP(B63,DADOS_COTACAO,2,0),VLOOKUP(B63,DADOS_COMPOSICAO,2,0))))))","v":"SERRALHEIRO COM ENCARGOS COMPLEMENTARES"},null,null,null,null,null,"SINAPI",{"$f":"IF(I63=\"SINAPI\",VLOOKUP(B63,DADOS_SINAPI,3,0),IF(I63=\"SETOP\",VLOOKUP(B63,DADOS_SETOP,3,0),IF(I63=\"SICRO\",VLOOKUP(B63,DADOS_SICRO,3,0),IF(I63=\"SUDECAP\",VLOOKUP(B63,DADOS_SUDECAP,3,0),IF(I63=\"COTAÇÃO\",VLOOKUP(B63,DADOS_COTACAO,9,0),VLOOKUP(B63,DADOS_COMPOSICAO,10,0))))))","v":"H"},1.486,{"$f":"IF(I63=\"SINAPI\",VLOOKUP(B63,DADOS_SINAPI,4,0),IF(I63=\"SETOP\",VLOOKUP(B63,DADOS_SETOP,4,0),IF(I63=\"SICRO\",VLOOKUP(B63,DADOS_SICRO,4,0),IF(I63=\"SUDECAP\",VLOOKUP(B63,DADOS_SUDECAP,4,0),IF(I63=\"COTAÇÃO\",VLOOKUP(B63,DADOS_COTACAO,12,0),VLOOKUP(B63,DADOS_COMPOSICAO,13,0))))))","v":24.25},36.035499999999999]
[]
["DAC-6.2","PORTA DE ABRIR COM MOLA HIDRÁULICA, EM VIDRO TEMPERADO, 2 FOLHAS DE 100X210 CM, ESPESSURA DD 10MM, INCLUSIVE ACESSÓRIOS. AF_01/2021",null,null,null,null,null,null,"CPU","UN ",null,null,{"$f":"SUM(M66:M70)","v":3748.9292999999998}]
[null,88316,{"$f":"IF(I66=\"SINAPI\",VLOOKUP(B66,DADOS_SINAPI,2,0),IF(I66=\"SETOP\",VLOOKUP(B66,DADOS_SETOP,2,0),IF(I66=\"SICRO\",VLOOKUP(B66,DADOS_SICRO,2,0),IF(I66=\"SUDECAP\",VLOOKUP(B66,DADOS_SUDECAP,2,0),IF(I66=\"COTAÇÃO\",VLOOKUP(B66,DADOS_COTACAO,2,0),VLOOKUP(B66,DADOS_COMPOSICAO,2,0))))))","v":"SERVENTE COM ENCARGOS COMPLEMENTARES"},null,null,null,null,null,"SINAPI",{"$f":"IF(I66=\"SINAPI\",VLOOKUP(B66,DADOS_SINAPI,3,0),IF(I66=\"SETOP\",VLOOKUP(B66,DADOS_SETOP,3,0),IF(I66=\"SICRO\",VLOOKUP(B66,DADOS_SICRO,3,0),IF(I66=\"SUDECAP\",VLOOKUP(B66,DADOS_SUDECAP,3,0),IF(I66=\"COTAÇÃO\",VLOOKUP(B66,DADOS_COTACAO,9,0),VLOOKUP(B66,DADOS_COMPOSICAO,10,0))))))","v":"H"},6.57,{"$f":"IF(I66=\"SINAPI\",VLOOKUP(B66,DADOS_SINAPI,4,0),IF(I66=\"SETOP\",VLOOKUP(B66,DADOS_SETOP,4,0),IF(I66=\"SICRO\",VLOOKUP(B66,DADOS_SICRO,4,0),IF(I66=\"SUDECAP\",VLOOKUP(B66,DADOS_SUDECAP,4,0),IF(I66=\"COTAÇÃO\",VLOOKUP(B66,DADOS_COTACAO,12,0),VLOOKUP(B66,DADOS_COMPOSICAO,13,0))))))","v":17.77},{"$f":"K66*L66","v":116.74890000000001}]
[null,88325,{"$f":"IF(I67=\"SINAPI\",VLOOKUP(B67,DADOS_SINAPI,2,0),IF(I67=\"SETOP\",VLOOKUP(B67,DADOS_SETOP,2,0),IF(I67=\"SICRO\",VLOOKUP(B67,DADOS_SICRO,2,0),IF(I67=\"SUDECAP\",VLOOKUP(B67,DADOS_SUDECAP,2,0),IF(I67=\"COTAÇÃO\",VLOOKUP(B67,DADOS_COTACAO,2,0),VLOOKUP(B67,DADOS_COMPOSICAO,2,0))))))","v":"VIDRACEIRO COM ENCARGOS COMPLEMENTARES"},null,null,null,null,null,"SINAPI",{"$f":"IF(I67=\"SINAPI\",VLOOKUP(B67,DADOS_SINAPI,3,0),IF(I67=\"SETOP\",VLOOKUP(B67,DADOS_SETOP,3,0),IF(I67=\"SICRO\",VLOOKUP(B67,DADOS_SICRO,3,0),IF(I67=\"SUDECAP\",VLOOKUP(B67,DADOS_SUDECAP,3,0),IF(I67=\"COTAÇÃO\",VLOOKUP(B67,DADOS_COTACAO,9,0),VLOOKUP(B67,DADOS_COMPOSICAO,10,0))))))","v":"H"},6.57,{"$f":"IF(I67=\"SINAPI\",VLOOKUP(B67,DADOS_SINAPI,4,0),IF(I67=\"SETOP\",VLOOKUP(B67,DADOS_SETOP,4,0),IF(I67=\"SICRO\",VLOOKUP(B67,DADOS_SICRO,4,0),IF(I67=\"SUDECAP\",VLOOKUP(B67,DADOS_SUDECAP,4,0),IF(I67=\"COTAÇÃO\",VLOOKUP(B67,DADOS_COTACAO,12,0),VLOOKUP(B67,DADOS_COMPOSICAO,13,0))))))","v":19.72},129.56039999999999]
[null,3104,{"$f":"IF(I68=\"SINAPI\",VLOOKUP(B68,DADOS_SINAPI,2,0),IF(I68=\"SETOP\",VLOOKUP(B68,DADOS_SETOP,2,0),IF(I68=\"SICRO\",VLOOKUP(B68,DADOS_SICRO,2,0),IF(I68=\"SUDECAP\",VLOOKUP(B68,DADOS_SUDECAP,2,0),IF(I68=\"COTAÇÃO\",VLOOKUP(B68,DADOS_COTACAO,2,0),VLOOKUP(B68,DADOS_COMPOSICAO,2,0))))))","v":"CONJ. DE FERRAGENS PARA PORTA DE VIDRO TEMPERADO, EM ZAMAC CROMADO, CONTEMPLANDO DOBRADICA INF., DOBRADICA SUP., PIVO PARA DOBRADICA INF., PIVO PARA DOBRADICA SUP., FECHADURA CENTRAL EM ZAMC. CROMADO, CONTRA FECHADURA DE PRESSAO"},null,null,null,null,null,"SINAPI",{"$f":"IF(I68=\"SINAPI\",VLOOKUP(B68,DADOS_SINAPI,3,0),IF(I68=\"SETOP\",VLOOKUP(B68,DADOS_SETOP,3,0),IF(I68=\"SICRO\",VLOOKUP(B68,DADOS_SICRO,3,0),IF(I68=\"SUDECAP\",VLOOKUP(B68,DADOS_SUDECAP,3,0),IF(I68=\"COTAÇÃO\",VLOOKUP(B68,DADOS_COTACAO,9,0),VLOOKUP(B68,DADOS_COMPOSICAO,10,0))))))","v":"CJ    "},2,{"$f":"IF(I68=\"SINAPI\",VLOOKUP(B68,DADOS_SINAPI,4,0),IF(I68=\"SETOP\",VLOOKUP(B68,DADOS_SETOP,4,0),IF(I68=\"SICRO\",VLOOKUP(B68,DADOS_SICRO,4,0),IF(I68=\"SUDECAP\",VLOOKUP(B68,DADOS_SUDECAP,4,0),IF(I68=\"COTAÇÃO\",VLOOKUP(B68,DADOS_COTACAO,12,0),VLOOKUP(B68,DADOS_COMPOSICAO,13,0))))))","v":150.85},301.7]
[null,5031,{"$f":"IF(I69=\"SINAPI\",VLOOKUP(B69,DADOS_SINAPI,2,0),IF(I69=\"SETOP\",VLOOKUP(B69,DADOS_SETOP,2,0),IF(I69=\"SICRO\",VLOOKUP(B69,DADOS_SICRO,2,0),IF(I69=\"SUDECAP\",VLOOKUP(B69,DADOS_SUDECAP,2,0),IF(I69=\"COTAÇÃO\",VLOOKUP(B69,DADOS_COTACAO,2,0),VLOOKUP(B69,DADOS_COMPOSICAO,2,0))))))","v":"VIDRO TEMPERADO INCOLOR PARA PORTA DE ABRIR, E = 10 MM (SEM FERRAGENS E SEM COLOCACAO)"},null,null,null,null,null,"SINAPI",{"$f":"IF(I69=\"SINAPI\",VLOOKUP(B69,DADOS_SINAPI,3,0),IF(I69=\"SETOP\",VLOOKUP(B69,DADOS_SETOP,3,0),IF(I69=\"SICRO\",VLOOKUP(B69,DADOS_SICRO,3,0),IF(I69=\"SUDECAP\",VLOOKUP(B69,DADOS_SUDECAP,3,0),IF(I69=\"COTAÇÃO\",VLOOKUP(B69,DADOS_COTACAO,9,0),VLOOKUP(B69,DADOS_COMPOSICAO,10,0))))))","v":"M2    "},4.2,{"$f":"IF(I69=\"SINAPI\",VLOOKUP(B69,DADOS_SINAPI,4,0),IF(I69=\"SETOP\",VLOOKUP(B69,DADOS_SETOP,4,0),IF(I69=\"SICRO\",VLOOKUP(B69,DADOS_SICRO,4,0),IF(I69=\"SUDECAP\",VLOOKUP(B69,DADOS_SUDECAP,4,0),IF(I69=\"COTAÇÃO\",VLOOKUP(B69,DADOS_COTACAO,12,0),VLOOKUP(B69,DADOS_COMPOSICAO,13,0))))))","v":375},1575]
[null,11499,{"$f":"IF(I70=\"SINAPI\",VLOOKUP(B70,DADOS_SINAPI,2,0),IF(I70=\"SETOP\",VLOOKUP(B70,DADOS_SETOP,2,0),IF(I70=\"SICRO\",VLOOKUP(B70,DADOS_SICRO,2,0),IF(I70=\"SUDECAP\",VLOOKUP(B70,DADOS_SUDECAP,2,0),IF(I70=\"COTAÇÃO\",VLOOKUP(B70,DADOS_COTACAO,2,0),VLOOKUP(B70,DADOS_COMPOSICAO,2,0))))))","v":"MOLA HIDRAULICA DE PISO, PARA PORTAS DE ATE 1100 MM E PESO DE ATE 120 KG, COM CORPO EM ACO INOX"},null,null,null,null,null,"SINAPI",{"$f":"IF(I70=\"SINAPI\",VLOOKUP(B70,DADOS_SINAPI,3,0),IF(I70=\"SETOP\",VLOOKUP(B70,DADOS_SETOP,3,0),IF(I70=\"SICRO\",VLOOKUP(B70,DADOS_SICRO,3,0),IF(I70=\"SUDECAP\",VLOOKUP(B70,DADOS_SUDECAP,3,0),IF(I70=\"COTAÇÃO\",VLOOKUP(B70,DADOS_COTACAO,9,0),VLOOKUP(B70,DADOS_COMPOSICAO,10,0))))))","v":"UN    "},2,{"$f":"IF(I70=\"SINAPI\",VLOOKUP(B70,DADOS_SINAPI,4,0),IF(I70=\"SETOP\",VLOOKUP(B70,DADOS_SETOP,4,0),IF(I70=\"SICRO\",VLOOKUP(B70,DADOS_SICRO,4,0),IF(I70=\"SUDECAP\",VLOOKUP(B70,DADOS_SUDECAP,4,0),IF(I70=\"COTAÇÃO\",VLOOKUP(B70,DADOS_COTACAO,12,0),VLOOKUP(B70,DADOS_COMPOSICAO,13,0))))))","v":812.96},1625.92]
[]
["DAC-6.3","PORTA DE ABRIR COM MOLA HIDRÁULICA, EM VIDRO TEMPERADO, 2 FOLHAS DE 80X210 CM, ESPESSURA DD 10MM, INCLUSIVE ACESSÓRIOS. AF_01/2021",null,null,null,null,null,null,"CPU","UN ",null,null,{"$f":"SUM(M73:M77)","v":3433.9293000000002}]
[null,88316,{"$f":"IF(I73=\"SINAPI\",VLOOKUP(B73,DADOS_SINAPI,2,0),IF(I73=\"SETOP\",VLOOKUP(B73,DADOS_SETOP,2,0),IF(I73=\"SICRO\",VLOOKUP(B73,DADOS_SICRO,2,0),IF(I73=\"SUDECAP\",VLOOKUP(B73,DADOS_SUDECAP,2,0),IF(I73=\"COTAÇÃO\",VLOOKUP(B73,DADOS_COTACAO,2,0),VLOOKUP(B73,DADOS_COMPOSICAO,2,0))))))","v":"SERVENTE COM ENCARGOS COMPLEMENTARES"},null,null,null,null,null,"SINAPI",{"$f":"IF(I73=\"SINAPI\",VLOOKUP(B73,DADOS_SINAPI,3,0),IF(I73=\"SETOP\",VLOOKUP(B73,DADOS_SETOP,3,0),IF(I73=\"SICRO\",VLOOKUP(B73,DADOS_SICRO,3,0),IF(I73=\"SUDECAP\",VLOOKUP(B73,DADOS_SUDECAP,3,0),IF(I73=\"COTAÇÃO\",VLOOKUP(B73,DADOS_COTACAO,9,0),VLOOKUP(B73,DADOS_COMPOSICAO,10,0))))))","v":"H"},6.57,{"$f":"IF(I73=\"SINAPI\",VLOOKUP(B73,DADOS_SINAPI,4,0),IF(I73=\"SETOP\",VLOOKUP(B73,DADOS_SETOP,4,0),IF(I73=\"SICRO\",VLOOKUP(B73,DADOS_SICRO,4,0),IF(I73=\"SUDECAP\",VLOOKUP(B73,DADOS_SUDECAP,4,0),IF(I73=\"COTAÇÃO\",VLOOKUP(B73,DADOS_COTACAO,12,0),VLOOKUP(B73,DADOS_COMPOSICAO,13,0))))))","v":17.77},{"$f":"K73*L73","v":116.74890000000001}]
[null,88325,{"$f":"IF(I74=\"SINAPI\",VLOOKUP(B74,DADOS_SINAPI,2,0),IF(I74=\"SETOP\",VLOOKUP(B74,DADOS_SETOP,2,0),IF(I74=\"SICRO\",VLOOKUP(B74,DADOS_SICRO,2,0),IF(I74=\"SUDECAP\",VLOOKUP(B74,DADOS_SUDECAP,2,0),IF(I74=\"COTAÇÃO\",VLOOKUP(B74,DADOS_COTACAO,2,0),VLOOKUP(B74,DADOS_COMPOSICAO,2,0))))))","v":"VIDRACEIRO COM ENCARGOS COMPLEMENTARES"},null,null,null,null,null,"SINAPI",{"$f":"IF(I74=\"SINAPI\",VLOOKUP(B74,DADOS_SINAPI,3,0),IF(I74=\"SETOP\",VLOOKUP(B74,DADOS_SETOP,3,0),IF(I74=\"SICRO\",VLOOKUP(B74,DADOS_SICRO,3,0),IF(I74=\"SUDECAP\",VLOOKUP(B74,DADOS_SUDECAP,3,0),IF(I74=\"COTAÇÃO\",VLOOKUP(B74,DADOS_COTACAO,9,0),VLOOKUP(B74,DADOS_COMPOSICAO,10,0))))))","v":"H"},6.57,{"$f":"IF(I74=\"SINAPI\",VLOOKUP(B74,DADOS_SINAPI,4,0),IF(I74=\"SETOP\",VLOOKUP(B74,DADOS_SETOP,4,0),IF(I74=\"SICRO\",VLOOKUP(B74,DADOS_SICRO,4,0),IF(I74=\"SUDECAP\",VLOOKUP(B74,DADOS_SUDECAP,4,0),IF(I74=\"COTAÇÃO\",VLOOKUP(B74,DADOS_COTACAO,12,0),VLOOKUP(B74,DADOS_COMPOSICAO,13,0))))))","v":19.72},129.56039999999999]
[null,3104,{"$f":"IF(I75=\"SINAPI\",VLOOKUP(B75,DADOS_SINAPI,2,0),IF(I75=\"SETOP\",VLOOKUP(B75,DADOS_SETOP,2,0),IF(I75=\"SICRO\",VLOOKUP(B75,DADOS_SICRO,2,0),IF(I75=\"SUDECAP\",VLOOKUP(B75,DADOS_SUDECAP,2,0),IF(I75=\"COTAÇÃO\",VLOOKUP(B75,DADOS_COTACAO,2,0),VLOOKUP(B75,DADOS_COMPOSICAO,2,0))))))","v":"CONJ. DE FERRAGENS PARA PORTA DE VIDRO TEMPERADO, EM ZAMAC CROMADO, CONTEMPLANDO DOBRADICA INF., DOBRADICA SUP., PIVO PARA DOBRADICA INF., PIVO PARA DOBRADICA SUP., FECHADURA CENTRAL EM ZAMC. CROMADO, CONTRA FECHADURA DE PRESSAO"},null,null,null,null,null,"SINAPI",{"$f":"IF(I75=\"SINAPI\",VLOOKUP(B75,DADOS_SINAPI,3,0),IF(I75=\"SETOP\",VLOOKUP(B75,DADOS_SETOP,3,0),IF(I75=\"SICRO\",VLOOKUP(B75,DADOS_SICRO,3,0),IF(I75=\"SUDECAP\",VLOOKUP(B75,DADOS_SUDECAP,3,0),IF(I75=\"COTAÇÃO\",VLOOKUP(B75,DADOS_COTACAO,9,0),VLOOKUP(B75,DADOS_COMPOSICAO,10,0))))))","v":"CJ    "},2,{"$f":"IF(I75=\"SINAPI\",VLOOKUP(B75,DADOS_SINAPI,4,0),IF(I75=\"SETOP\",VLOOKUP(B75,DADOS_SETOP,4,0),IF(I75=\"SICRO\",VLOOKUP(B75,DADOS_SICRO,4,0),IF(I75=\"SUDECAP\",VLOOKUP(B75,DADOS_SUDECAP,4,0),IF(I75=\"COTAÇÃO\",VLOOKUP(B75,DADOS_COTACAO,12,0),VLOOKUP(B75,DADOS_COMPOSICAO,13,0))))))","v":150.85},301.7]
[null,5031,{"$f":"IF(I76=\"SINAPI\",VLOOKUP(B76,DADOS_SINAPI,2,0),IF(I76=\"SETOP\",VLOOKUP(B76,DADOS_SETOP,2,0),IF(I76=\"SICRO\",VLOOKUP(B76,DADOS_SICRO,2,0),IF(I76=\"SUDECAP\",VLOOKUP(B76,DADOS_SUDECAP,2,0),IF(I76=\"COTAÇÃO\",VLOOKUP(B76,DADOS_COTACAO,2,0),VLOOKUP(B76,DADOS_COMPOSICAO,2,0))))))","v":"VIDRO TEMPERADO INCOLOR PARA PORTA DE ABRIR, E = 10 MM (SEM FERRAGENS E SEM COLOCACAO)"},null,null,null,null,null,"SINAPI",{"$f":"IF(I76=\"SINAPI\",VLOOKUP(B76,DADOS_SINAPI,3,0),IF(I76=\"SETOP\",VLOOKUP(B76,DADOS_SETOP,3,0),IF(I76=\"SICRO\",VLOOKUP(B76,DADOS_SICRO,3,0),IF(I76=\"SUDECAP\",VLOOKUP(B76,DADOS_SUDECAP,3,0),IF(I76=\"COTAÇÃO\",VLOOKUP(B76,DADOS_COTACAO,9,0),VLOOKUP(B76,DADOS_COMPOSICAO,10,0))))))","v":"M2    "},{"$f":"1.6*2.1","v":3.3600000000000003},{"$f":"IF(I76=\"SINAPI\",VLOOKUP(B76,DADOS_SINAPI,4,0),IF(I76=\"SETOP\",VLOOKUP(B76,DADOS_SETOP,4,0),IF(I76=\"SICRO\",VLOOKUP(B76,DADOS_SICRO,4,0),IF(I76=\"SUDECAP\",VLOOKUP(B76,DADOS_SUDECAP,4,0),IF(I76=\"COTAÇÃO\",VLOOKUP(B76,DADOS_COTACAO,12,0),VLOOKUP(B76,DADOS_COMPOSICAO,13,0))))))","v":375},1260.0000000000002]
[null,11499,{"$f":"IF(I77=\"SINAPI\",VLOOKUP(B77,DADOS_SINAPI,2,0),IF(I77=\"SETOP\",VLOOKUP(B77,DADOS_SETOP,2,0),IF(I77=\"SICRO\",VLOOKUP(B77,DADOS_SICRO,2,0),IF(I77=\"SUDECAP\",VLOOKUP(B77,DADOS_SUDECAP,2,0),IF(I77=\"COTAÇÃO\",VLOOKUP(B77,DADOS_COTACAO,2,0),VLOOKUP(B77,DADOS_COMPOSICAO,2,0))))))","v":"MOLA HIDRAULICA DE PISO, PARA PORTAS DE ATE 1100 MM E PESO DE ATE 120 KG, COM CORPO EM ACO INOX"},null,null,null,null,null,"SINAPI",{"$f":"IF(I77=\"SINAPI\",VLOOKUP(B77,DADOS_SINAPI,3,0),IF(I77=\"SETOP\",VLOOKUP(B77,DADOS_SETOP,3,0),IF(I77=\"SICRO\",VLOOKUP(B77,DADOS_SICRO,3,0),IF(I77=\"SUDECAP\",VLOOKUP(B77,DADOS_SUDECAP,3,0),IF(I77=\"COTAÇÃO\",VLOOKUP(B77,DADOS_COTACAO,9,0),VLOOKUP(B77,DADOS_COMPOSICAO,10,0))))))","v":"UN    "},2,{"$f":"IF(I77=\"SINAPI\",VLOOKUP(B77,DADOS_SINAPI,4,0),IF(I77=\"SETOP\",VLOOKUP(B77,DADOS_SETOP,4,0),IF(I77=\"SICRO\",VLOOKUP(B77,DADOS_SICRO,4,0),IF(I77=\"SUDECAP\",VLOOKUP(B77,DADOS_SUDECAP,4,0),IF(I77=\"COTAÇÃO\",VLOOKUP(B77,DADOS_COTACAO,12,0),VLOOKUP(B77,DADOS_COMPOSICAO,13,0))))))","v":812.96},1625.92]
[]
["DAC-6.4","ACABAMENTO PARA ESQUADRIAS EM ALUMÍNIO",null,null,null,null,null,null,"CPU","M     ",null,null,{"$f":"SUM(M80:M82)","v":42.977499999999999}]
[null,88316,{"$f":"IF(I80=\"SINAPI\",VLOOKUP(B80,DADOS_SINAPI,2,0),IF(I80=\"SETOP\",VLOOKUP(B80,DADOS_SETOP,2,0),IF(I80=\"SICRO\",VLOOKUP(B80,DADOS_SICRO,2,0),IF(I80=\"SUDECAP\",VLOOKUP(B80,DADOS_SUDECAP,2,0),IF(I80=\"COTAÇÃO\",VLOOKUP(B80,DADOS_COTACAO,2,0),VLOOKUP(B80,DADOS_COMPOSICAO,2,0))))))","v":"SERVENTE COM ENCARGOS COMPLEMENTARES"},null,null,null,null,null,"SINAPI",{"$f":"IF(I80=\"SINAPI\",VLOOKUP(B80,DADOS_SINAPI,3,0),IF(I80=\"SETOP\",VLOOKUP(B80,DADOS_SETOP,3,0),IF(I80=\"SICRO\",VLOOKUP(B80,DADOS_SICRO,3,0),IF(I80=\"SUDECAP\",VLOOKUP(B80,DADOS_SUDECAP,3,0),IF(I80=\"COTAÇÃO\",VLOOKUP(B80,DADOS_COTACAO,9,0),VLOOKUP(B80,DADOS_COMPOSICAO,10,0))))))","v":"H"},0.25,{"$f":"IF(I80=\"SINAPI\",VLOOKUP(B80,DADOS_SINAPI,4,0),IF(I80=\"SETOP\",VLOOKUP(B80,DADOS_SETOP,4,0),IF(I80=\"SICRO\",VLOOKUP(B80,DADOS_SICRO,4,0),IF(I80=\"SUDECAP\",VLOOKUP(B80,DADOS_SUDECAP,4,0),IF(I80=\"COTAÇÃO\",VLOOKUP(B80,DADOS_COTACAO,12,0),VLOOKUP(B80,DADOS_COMPOSICAO,13,0))))))","v":17.77},{"$f":"K80*L80","v":4.4424999999999999}]
[null,88309,{"$f":"IF(I81=\"SINAPI\",VLOOKUP(B81,DADOS_SINAPI,2,0),IF(I81=\"SETOP\",VLOOKUP(B81,DADOS_SETOP,2,0),IF(I81=\"SICRO\",VLOOKUP(B81,DADOS_SICRO,2,0),IF(I81=\"SUDECAP\",VLOOKUP(B81,DADOS_SUDECAP,2,0),IF(I81=\"COTAÇÃO\",VLOOKUP(B81,DADOS_COTACAO,2,0),VLOOKUP(B81,DADOS_COMPOSICAO,2,0))))))","v":"PEDREIRO COM ENCARGOS COMPLEMENTARES"},null,null,null,null,null,"SINAPI",{"$f":"IF(I81=\"SINAPI\",VLOOKUP(B81,DADOS_SINAPI,3,0),IF(I81=\"SETOP\",VLOOKUP(B81,DADOS_SETOP,3,0),IF(I81=\"SICRO\",VLOOKUP(B81,DADOS_SICRO,3,0),IF(I81=\"SUDECAP\",VLOOKUP(B81,DADOS_SUDECAP,3,0),IF(I81=\"COTAÇÃO\",VLOOKUP(B81,DADOS_COTACAO,9,0),VLOOKUP(B81,DADOS_COMPOSICAO,10,0))))))","v":"H"},0.5,{"$f":"IF(I81=\"SINAPI\",VLOOKUP(B81,DADOS_SINAPI,4,0),IF(I81=\"SETOP\",VLOOKUP(B81,DADOS_SETOP,4,0),IF(I81=\"SICRO\",VLOOKUP(B81,DADOS_SICRO,4,0),IF(I81=\"SUDECAP\",VLOOKUP(B81,DADOS_SUDECAP,4,0),IF(I81=\"COTAÇÃO\",VLOOKUP(B81,DADOS_COTACAO,12,0),VLOOKUP(B81,DADOS_COMPOSICAO,13,0))))))","v":24.43},12.215]
[null,36888,{"$f":"IF(I82=\"SINAPI\",VLOOKUP(B82,DADOS_SINAPI,2,0),IF(I82=\"SETOP\",VLOOKUP(B82,DADOS_SETOP,2,0),IF(I82=\"SICRO\",VLOOKUP(B82,DADOS_SICRO,2,0),IF(I82=\"SUDECAP\",VLOOKUP(B82,DADOS_SUDECAP,2,0),IF(I82=\"COTAÇÃO\",VLOOKUP(B82,DADOS_COTACAO,2,0),VLOOKUP(B82,DADOS_COMPOSICAO,2,0))))))","v":"GUARNICAO / MOLDURA / ARREMATE DE ACABAMENTO PARA ESQUADRIA, EM ALUMINIO PERFIL 25, ACABAMENTO ANODIZADO BRANCO OU BRILHANTE, PARA 1 FACE"},null,null,null,null,null,"SINAPI",{"$f":"IF(I82=\"SINAPI\",VLOOKUP(B82,DADOS_SINAPI,3,0),IF(I82=\"SETOP\",VLOOKUP(B82,DADOS_SETOP,3,0),IF(I82=\"SICRO\",VLOOKUP(B82,DADOS_SICRO,3,0),IF(I82=\"SUDECAP\",VLOOKUP(B82,DADOS_SUDECAP,3,0),IF(I82=\"COTAÇÃO\",VLOOKUP(B82,DADOS_COTACAO,9,0),VLOOKUP(B82,DADOS_COMPOSICAO,10,0))))))","v":"M     "},1,{"$f":"IF(I82=\"SINAPI\",VLOOKUP(B82,DADOS_SINAPI,4,0),IF(I82=\"SETOP\",VLOOKUP(B82,DADOS_SETOP,4,0),IF(I82=\"SICRO\",VLOOKUP(B82,DADOS_SICRO,4,0),IF(I82=\"SUDECAP\",VLOOKUP(B82,DADOS_SUDECAP,4,0),IF(I82=\"COTAÇÃO\",VLOOKUP(B82,DADOS_COTACAO,12,0),VLOOKUP(B82,DADOS_COMPOSICAO,13,0))))))","v":26.32},26.32]
[]
["DAC-6.5","APLICAÇÃO DE PELÍCULA JATEADA EM ESQUADRIAS",null,null,null,null,null,null,"CPU","M2",null,null,{"$f":"SUM(M85:M86)","v":5.6084599999999991}]
[null,88325,{"$f":"IF(I85=\"SINAPI\",VLOOKUP(B85,DADOS_SINAPI,2,0),IF(I85=\"SETOP\",VLOOKUP(B85,DADOS_SETOP,2,0),IF(I85=\"SICRO\",VLOOKUP(B85,DADOS_SICRO,2,0),IF(I85=\"SUDECAP\",VLOOKUP(B85,DADOS_SUDECAP,2,0),IF(I85=\"COTAÇÃO\",VLOOKUP(B85,DADOS_COTACAO,2,0),VLOOKUP(B85,DADOS_COMPOSICAO,2,0))))))","v":"VIDRACEIRO COM ENCARGOS COMPLEMENTARES"},null,null,null,null,null,"SINAPI",{"$f":"IF(I85=\"SINAPI\",VLOOKUP(B85,DADOS_SINAPI,3,0),IF(I85=\"SETOP\",VLOOKUP(B85,DADOS_SETOP,3,0),IF(I85=\"SICRO\",VLOOKUP(B85,DADOS_SICRO,3,0),IF(I85=\"SUDECAP\",VLOOKUP(B85,DADOS_SUDECAP,3,0),IF(I85=\"COTAÇÃO\",VLOOKUP(B85,DADOS_COTACAO,9,0),VLOOKUP(B85,DADOS_COMPOSICAO,10,0))))))","v":"H"},0.14299999999999999,{"$f":"IF(I85=\"SINAPI\",VLOOKUP(B85,DADOS_SINAPI,4,0),IF(I85=\"SETOP\",VLOOKUP(B85,DADOS_SETOP,4,0),IF(I85=\"SICRO\",VLOOKUP(B85,DADOS_SICRO,4,0),IF(I85=\"SUDECAP\",VLOOKUP(B85,DADOS_SUDECAP,4,0),IF(I85=\"COTAÇÃO\",VLOOKUP(B85,DADOS_COTACAO,12,0),VLOOKUP(B85,DADOS_COMPOSICAO,13,0))))))","v":19.72},{"$f":"K85*L85","v":2.8199599999999996}]
[null,88243,{"$f":"IF(I86=\"SINAPI\",VLOOKUP(B86,DADOS_SINAPI,2,0),IF(I86=\"SETOP\",VLOOKUP(B86,DADOS_SETOP,2,0),IF(I86=\"SICRO\",VLOOKUP(B86,DADOS_SICRO,2,0),IF(I86=\"SUDECAP\",VLOOKUP(B86,DADOS_SUDECAP,2,0),IF(I86=\"COTAÇÃO\",VLOOKUP(B86,DADOS_COTACAO,2,0),VLOOKUP(B86,DADOS_COMPOSICAO,2,0))))))","v":"AJUDANTE ESPECIALIZADO COM ENCARGOS COMPLEMENTARES"},null,null,null,null,null,"SINAPI",{"$f":"IF(I86=\"SINAPI\",VLOOKUP(B86,DADOS_SINAPI,3,0),IF(I86=\"SETOP\",VLOOKUP(B86,DADOS_SETOP,3,0),IF(I86=\"SICRO\",VLOOKUP(B86,DADOS_SICRO,3,0),IF(I86=\"SUDECAP\",VLOOKUP(B86,DADOS_SUDECAP,3,0),IF(I86=\"COTAÇÃO\",VLOOKUP(B86,DADOS_COTACAO,9,0),VLOOKUP(B86,DADOS_COMPOSICAO,10,0))))))","v":"H"},0.14299999999999999,{"$f":"IF(I86=\"SINAPI\",VLOOKUP(B86,DADOS_SINAPI,4,0),IF(I86=\"SETOP\",VLOOKUP(B86,DADOS_SETOP,4,0),IF(I86=\"SICRO\",VLOOKUP(B86,DADOS_SICRO,4,0),IF(I86=\"SUDECAP\",VLOOKUP(B86,DADOS_SUDECAP,4,0),IF(I86=\"COTAÇÃO\",VLOOKUP(B86,DADOS_COTACAO,12,0),VLOOKUP(B86,DADOS_COMPOSICAO,13,0))))))","v":19.5},2.7885]
[]
["DAC-6.6","PINTURA ESMALTE EM ESQUADRIA DE PVC, DUAS (2) DEMÃOS.",null,null,null,null,null,null,"CPU","M2",null,null,{"$f":"SUM(M89:M93)","v":23.4056}]
[null,88310,{"$f":"IF(I89=\"SINAPI\",VLOOKUP(B89,DADOS_SINAPI,2,0),IF(I89=\"SETOP\",VLOOKUP(B89,DADOS_SETOP,2,0),IF(I89=\"SICRO\",VLOOKUP(B89,DADOS_SICRO,2,0),IF(I89=\"SUDECAP\",VLOOKUP(B89,DADOS_SUDECAP,2,0),IF(I89=\"COTAÇÃO\",VLOOKUP(B89,DADOS_COTACAO,2,0),VLOOKUP(B89,DADOS_COMPOSICAO,2,0))))))","v":"PINTOR COM ENCARGOS COMPLEMENTARES"},null,null,null,null,null,"SINAPI",{"$f":"IF(I89=\"SINAPI\",VLOOKUP(B89,DADOS_SINAPI,3,0),IF(I89=\"SETOP\",VLOOKUP(B89,DADOS_SETOP,3,0),IF(I89=\"SICRO\",VLOOKUP(B89,DADOS_SICRO,3,0),IF(I89=\"SUDECAP\",VLOOKUP(B89,DADOS_SUDECAP,3,0),IF(I89=\"COTAÇÃO\",VLOOKUP(B89,DADOS_COTACAO,9,0),VLOOKUP(B89,DADOS_COMPOSICAO,10,0))))))","v":"H"},0.4,{"$f":"IF(I89=\"SINAPI\",VLOOKUP(B89,DADOS_SINAPI,4,0),IF(I89=\"SETOP\",VLOOKUP(B89,DADOS_SETOP,4,0),IF(I89=\"SICRO\",VLOOKUP(B89,DADOS_SICRO,4,0),IF(I89=\"SUDECAP\",VLOOKUP(B89,DADOS_SUDECAP,4,0),IF(I89=\"COTAÇÃO\",VLOOKUP(B89,DADOS_COTACAO,12,0),VLOOKUP(B89,DADOS_COMPOSICAO,13,0))))))","v":25.66},{"$f":"K89*L89","v":10.264000000000001}]
[null,100301,{"$f":"IF(I90=\"SINAPI\",VLOOKUP(B90,DADOS_SINAPI,2,0),IF(I90=\"SETOP\",VLOOKUP(B90,DADOS_SETOP,2,0),IF(I90=\"SICRO\",VLOOKUP(B90,DADOS_SICRO,2,0),IF(I90=\"SUDECAP\",VLOOKUP(B90,DADOS_SUDECAP,2,0),IF(I90=\"COTAÇÃO\",VLOOKUP(B90,DADOS_COTACAO,2,0),VLOOKUP(B90,DADOS_COMPOSICAO,2,0))))))","v":"AJUDANTE DE PINTOR COM ENCARGOS COMPLEMENTARES"},null,null,null,null,null,"SINAPI",{"$f":"IF(I90=\"SINAPI\",VLOOKUP(B90,DADOS_SINAPI,3,0),IF(I90=\"SETOP\",VLOOKUP(B90,DADOS_SETOP,3,0),IF(I90=\"SICRO\",VLOOKUP(B90,DADOS_SICRO,3,0),IF(I90=\"SUDECAP\",VLOOKUP(B90,DADOS_SUDECAP,3,0),IF(I90=\"COTAÇÃO\",VLOOKUP(B90,DADOS_COTACAO,9,0),VLOOKUP(B90,DADOS_COMPOSICAO,10,0))))))","v":"H"},0.2,{"$f":"IF(I90=\"SINAPI\",VLOOKUP(B90,DADOS_SINAPI,4,0),IF(I90=\"SETOP\",VLOOKUP(B90,DADOS_SETOP,4,0),IF(I90=\"SICRO\",VLOOKUP(B90,DADOS_SICRO,4,0),IF(I90=\"SUDECAP\",VLOOKUP(B90,DADOS_SUDECAP,4,0),IF(I90=\"COTAÇÃO\",VLOOKUP(B90,DADOS_COTACAO,12,0),VLOOKUP(B90,DADOS_COMPOSICAO,13,0))))))","v":21.05},4.21]
[null,7292,{"$f":"IF(I91=\"SINAPI\",VLOOKUP(B91,DADOS_SINAPI,2,0),IF(I91=\"SETOP\",VLOOKUP(B91,DADOS_SETOP,2,0),IF(I91=\"SICRO\",VLOOKUP(B91,DADOS_SICRO,2,0),IF(I91=\"SUDECAP\",VLOOKUP(B91,DADOS_SUDECAP,2,0),IF(I91=\"COTAÇÃO\",VLOOKUP(B91,DADOS_COTACAO,2,0),VLOOKUP(B91,DADOS_COMPOSICAO,2,0))))))","v":"TINTA ESMALTE SINTETICO PREMIUM BRILHANTE"},null,null,null,null,null,"SINAPI",{"$f":"IF(I91=\"SINAPI\",VLOOKUP(B91,DADOS_SINAPI,3,0),IF(I91=\"SETOP\",VLOOKUP(B91,DADOS_SETOP,3,0),IF(I91=\"SICRO\",VLOOKUP(B91,DADOS_SICRO,3,0),IF(I91=\"SUDECAP\",VLOOKUP(B91,DADOS_SUDECAP,3,0),IF(I91=\"COTAÇÃO\",VLOOKUP(B91,DADOS_COTACAO,9,0),VLOOKUP(B91,DADOS_COMPOSICAO,10,0))))))","v":"L     "},0.16,{"$f":"IF(I91=\"SINAPI\",VLOOKUP(B91,DADOS_SINAPI,4,0),IF(I91=\"SETOP\",VLOOKUP(B91,DADOS_SETOP,4,0),IF(I91=\"SICRO\",VLOOKUP(B91,DADOS_SICRO,4,0),IF(I91=\"SUDECAP\",VLOOKUP(B91,DADOS_SUDECAP,4,0),IF(I91=\"COTAÇÃO\",VLOOKUP(B91,DADOS_COTACAO,12,0),VLOOKUP(B91,DADOS_COMPOSICAO,13,0))))))","v":43.06},6.8896000000000006]
[null,5318,{"$f":"IF(I92=\"SINAPI\",VLOOKUP(B92,DADOS_SINAPI,2,0),IF(I92=\"SETOP\",VLOOKUP(B92,DADOS_SETOP,2,0),IF(I92=\"SICRO\",VLOOKUP(B92,DADOS_SICRO,2,0),IF(I92=\"SUDECAP\",VLOOKUP(B92,DADOS_SUDECAP,2,0),IF(I92=\"COTAÇÃO\",VLOOKUP(B92,DADOS_COTACAO,2,0),VLOOKUP(B92,DADOS_COMPOSICAO,2,0))))))","v":"DILUENTE AGUARRAS"},null,null,null,null,null,"SINAPI",{"$f":"IF(I92=\"SINAPI\",VLOOKUP(B92,DADOS_SINAPI,3,0),IF(I92=\"SETOP\",VLOOKUP(B92,DADOS_SETOP,3,0),IF(I92=\"SICRO\",VLOOKUP(B92,DADOS_SICRO,3,0),IF(I92=\"SUDECAP\",VLOOKUP(B92,DADOS_SUDECAP,3,0),IF(I92=\"COTAÇÃO\",VLOOKUP(B92,DADOS_COTACAO,9,0),VLOOKUP(B92,DADOS_COMPOSICAO,10,0))))))","v":"L     "},0.04,{"$f":"IF(I92=\"SINAPI\",VLOOKUP(B92,DADOS_SINAPI,4,0),IF(I92=\"SETOP\",VLOOKUP(B92,DADOS_SETOP,4,0),IF(I92=\"SICRO\",VLOOKUP(B92,DADOS_SICRO,4,0),IF(I92=\"SUDECAP\",VLOOKUP(B92,DADOS_SUDECAP,4,0),IF(I92=\"COTAÇÃO\",VLOOKUP(B92,DADOS_COTACAO,12,0),VLOOKUP(B92,DADOS_COMPOSICAO,13,0))))))","v":26.95},1.0780000000000001]
[null,38383,{"$f":"IF(I93=\"SINAPI\",VLOOKUP(B93,DADOS_SINAPI,2,0),IF(I93=\"SETOP\",VLOOKUP(B93,DADOS_SETOP,2,0),IF(I93=\"SICRO\",VLOOKUP(B93,DADOS_SICRO,2,0),IF(I93=\"SUDECAP\",VLOOKUP(B93,DADOS_SUDECAP,2,0),IF(I93=\"COTAÇÃO\",VLOOKUP(B93,DADOS_COTACAO,2,0),VLOOKUP(B93,DADOS_COMPOSICAO,2,0))))))","v":"LIXA D'AGUA EM FOLHA, GRAO 100"},null,null,null,null,null,"SINAPI",{"$f":"IF(I93=\"SINAPI\",VLOOKUP(B93,DADOS_SINAPI,3,0),IF(I93=\"SETOP\",VLOOKUP(B93,DADOS_SETOP,3,0),IF(I93=\"SICRO\",VLOOKUP(B93,DADOS_SICRO,3,0),IF(I93=\"SUDECAP\",VLOOKUP(B93,DADOS_SUDECAP,3,0),IF(I93=\"COTAÇÃO\",VLOOKUP(B93,DADOS_COTACAO,9,0),VLOOKUP(B93,DADOS_COMPOSICAO,10,0))))))","v":"UN    "},0.4,{"$f":"IF(I93=\"SINAPI\",VLOOKUP(B93,DADOS_SINAPI,4,0),IF(I93=\"SETOP\",VLOOKUP(B93,DADOS_SETOP,4,0),IF(I93=\"SICRO\",VLOOKUP(B93,DADOS_SICRO,4,0),IF(I93=\"SUDECAP\",VLOOKUP(B93,DADOS_SUDECAP,4,0),IF(I93=\"COTAÇÃO\",VLOOKUP(B93,DADOS_COTACAO,12,0),VLOOKUP(B93,DADOS_COMPOSICAO,13,0))))))","v":2.41},0.96400000000000008]
[]
["DAC-6.7","FORNECIMENTO E INSTALAÇÃO DE ESPELHO CRISTAL, ESPESSURA 4 MM",null,null,null,null,null,null,"CPU","M2",null,null,{"$f":"SUM(M96:M99)","v":389.24449999999996}]
[null,88325,{"$f":"IF(I96=\"SINAPI\",VLOOKUP(B96,DADOS_SINAPI,2,0),IF(I96=\"SETOP\",VLOOKUP(B96,DADOS_SETOP,2,0),IF(I96=\"SICRO\",VLOOKUP(B96,DADOS_SICRO,2,0),IF(I96=\"SUDECAP\",VLOOKUP(B96,DADOS_SUDECAP,2,0),IF(I96=\"COTAÇÃO\",VLOOKUP(B96,DADOS_COTACAO,2,0),VLOOKUP(B96,DADOS_COMPOSICAO,2,0))))))","v":"VIDRACEIRO COM ENCARGOS COMPLEMENTARES"},null,null,null,null,null,"SINAPI",{"$f":"IF(I96=\"SINAPI\",VLOOKUP(B96,DADOS_SINAPI,3,0),IF(I96=\"SETOP\",VLOOKUP(B96,DADOS_SETOP,3,0),IF(I96=\"SICRO\",VLOOKUP(B96,DADOS_SICRO,3,0),IF(I96=\"SUDECAP\",VLOOKUP(B96,DADOS_SUDECAP,3,0),IF(I96=\"COTAÇÃO\",VLOOKUP(B96,DADOS_COTACAO,9,0),VLOOKUP(B96,DADOS_COMPOSICAO,10,0))))))","v":"H"},1,{"$f":"IF(I96=\"SINAPI\",VLOOKUP(B96,DADOS_SINAPI,4,0),IF(I96=\"SETOP\",VLOOKUP(B96,DADOS_SETOP,4,0),IF(I96=\"SICRO\",VLOOKUP(B96,DADOS_SICRO,4,0),IF(I96=\"SUDECAP\",VLOOKUP(B96,DADOS_SUDECAP,4,0),IF(I96=\"COTAÇÃO\",VLOOKUP(B96,DADOS_COTACAO,12,0),VLOOKUP(B96,DADOS_COMPOSICAO,13,0))))))","v":19.72},{"$f":"K96*L96","v":19.72}]
[null,88316,{"$f":"IF(I97=\"SINAPI\",VLOOKUP(B97,DADOS_SINAPI,2,0),IF(I97=\"SETOP\",VLOOKUP(B97,DADOS_SETOP,2,0),IF(I97=\"SICRO\",VLOOKUP(B97,DADOS_SICRO,2,0),IF(I97=\"SUDECAP\",VLOOKUP(B97,DADOS_SUDECAP,2,0),IF(I97=\"COTAÇÃO\",VLOOKUP(B97,DADOS_COTACAO,2,0),VLOOKUP(B97,DADOS_COMPOSICAO,2,0))))))","v":"SERVENTE COM ENCARGOS COMPLEMENTARES"},null,null,null,null,null,"SINAPI",{"$f":"IF(I97=\"SINAPI\",VLOOKUP(B97,DADOS_SINAPI,3,0),IF(I97=\"SETOP\",VLOOKUP(B97,DADOS_SETOP,3,0),IF(I97=\"SICRO\",VLOOKUP(B97,DADOS_SICRO,3,0),IF(I97=\"SUDECAP\",VLOOKUP(B97,DADOS_SUDECAP,3,0),IF(I97=\"COTAÇÃO\",VLOOKUP(B97,DADOS_COTACAO,9,0),VLOOKUP(B97,DADOS_COMPOSICAO,10,0))))))","v":"H"},0.4,{"$f":"IF(I97=\"SINAPI\",VLOOKUP(B97,DADOS_SINAPI,4,0),IF(I97=\"SETOP\",VLOOKUP(B97,DADOS_SETOP,4,0),IF(I97=\"SICRO\",VLOOKUP(B97,DADOS_SICRO,4,0),IF(I97=\"SUDECAP\",VLOOKUP(B97,DADOS_SUDECAP,4,0),IF(I97=\"COTAÇÃO\",VLOOKUP(B97,DADOS_COTACAO,12,0),VLOOKUP(B97,DADOS_COMPOSICAO,13,0))))))","v":17.77},7.1080000000000005]
[null,11186,{"$f":"IF(I98=\"SINAPI\",VLOOKUP(B98,DADOS_SINAPI,2,0),IF(I98=\"SETOP\",VLOOKUP(B98,DADOS_SETOP,2,0),IF(I98=\"SICRO\",VLOOKUP(B98,DADOS_SICRO,2,0),IF(I98=\"SUDECAP\",VLOOKUP(B98,DADOS_SUDECAP,2,0),IF(I98=\"COTAÇÃO\",VLOOKUP(B98,DADOS_COTACAO,2,0),VLOOKUP(B98,DADOS_COMPOSICAO,2,0))))))","v":"ESPELHO CRISTAL E = 4 MM"},null,null,null,null,null,"SINAPI",{"$f":"IF(I98=\"SINAPI\",VLOOKUP(B98,DADOS_SINAPI,3,0),IF(I98=\"SETOP\",VLOOKUP(B98,DADOS_SETOP,3,0),IF(I98=\"SICRO\",VLOOKUP(B98,DADOS_SICRO,3,0),IF(I98=\"SUDECAP\",VLOOKUP(B98,DADOS_SUDECAP,3,0),IF(I98=\"COTAÇÃO\",VLOOKUP(B98,DADOS_COTACAO,9,0),VLOOKUP(B98,DADOS_COMPOSICAO,10,0))))))","v":"M2    "},1.05,{"$f":"IF(I98=\"SINAPI\",VLOOKUP(B98,DADOS_SINAPI,4,0),IF(I98=\"SETOP\",VLOOKUP(B98,DADOS_SETOP,4,0),IF(I98=\"SICRO\",VLOOKUP(B98,DADOS_SICRO,4,0),IF(I98=\"SUDECAP\",VLOOKUP(B98,DADOS_SUDECAP,4,0),IF(I98=\"COTAÇÃO\",VLOOKUP(B98,DADOS_COTACAO,12,0),VLOOKUP(B98,DADOS_COMPOSICAO,13,0))))))","v":315.33},331.09649999999999]
[null,442,{"$f":"IF(I99=\"SINAPI\",VLOOKUP(B99,DADOS_SINAPI,2,0),IF(I99=\"SETOP\",VLOOKUP(B99,DADOS_SETOP,2,0),IF(I99=\"SICRO\",VLOOKUP(B99,DADOS_SICRO,2,0),IF(I99=\"SUDECAP\",VLOOKUP(B99,DADOS_SUDECAP,2,0),IF(I99=\"COTAÇÃO\",VLOOKUP(B99,DADOS_COTACAO,2,0),VLOOKUP(B99,DADOS_COMPOSICAO,2,0))))))","v":"PARAFUSO FRANCES M16 EM ACO GALVANIZADO, COMPRIMENTO = 45 MM, DIAMETRO = 16 MM, CABECA ABAULADA"},null,null,null,null,null,"SINAPI",{"$f":"IF(I99=\"SINAPI\",VLOOKUP(B99,DADOS_SINAPI,3,0),IF(I99=\"SETOP\",VLOOKUP(B99,DADOS_SETOP,3,0),IF(I99=\"SICRO\",VLOOKUP(B99,DADOS_SICRO,3,0),IF(I99=\"SUDECAP\",VLOOKUP(B99,DADOS_SUDECAP,3,0),IF(I99=\"COTAÇÃO\",VLOOKUP(B99,DADOS_COTACAO,9,0),VLOOKUP(B99,DADOS_COMPOSICAO,10,0))))))","v":"UN    "},4,{"$f":"IF(I99=\"SINAPI\",VLOOKUP(B99,DADOS_SINAPI,4,0),IF(I99=\"SETOP\",VLOOKUP(B99,DADOS_SETOP,4,0),IF(I99=\"SICRO\",VLOOKUP(B99,DADOS_SICRO,4,0),IF(I99=\"SUDECAP\",VLOOKUP(B99,DADOS_SUDECAP,4,0),IF(I99=\"COTAÇÃO\",VLOOKUP(B99,DADOS_COTACAO,12,0),VLOOKUP(B99,DADOS_COMPOSICAO,13,0))))))","v":7.83},31.32]
[]
["DAC-6.8","FORNECIMENTO E INSTALAÇÃO DE PLACAS DE IDENTIFICAÇÃO",null,null,null,null,null,null,"CPU","UN    ",null,null,{"$f":"SUM(M102:M104)","v":131.81950000000001}]
[null,88316,{"$f":"IF(I102=\"SINAPI\",VLOOKUP(B102,DADOS_SINAPI,2,0),IF(I102=\"SETOP\",VLOOKUP(B102,DADOS_SETOP,2,0),IF(I102=\"SICRO\",VLOOKUP(B102,DADOS_SICRO,2,0),IF(I102=\"SUDECAP\",VLOOKUP(B102,DADOS_SUDECAP,2,0),IF(I102=\"COTAÇÃO\",VLOOKUP(B102,DADOS_COTACAO,2,0),VLOOKUP(B102,DADOS_COMPOSICAO,2,0))))))","v":"SERVENTE COM ENCARGOS COMPLEMENTARES"},null,null,null,null,null,"SINAPI",{"$f":"IF(I102=\"SINAPI\",VLOOKUP(B102,DADOS_SINAPI,3,0),IF(I102=\"SETOP\",VLOOKUP(B102,DADOS_SETOP,3,0),IF(I102=\"SICRO\",VLOOKUP(B102,DADOS_SICRO,3,0),IF(I102=\"SUDECAP\",VLOOKUP(B102,DADOS_SUDECAP,3,0),IF(I102=\"COTAÇÃO\",VLOOKUP(B102,DADOS_COTACAO,9,0),VLOOKUP(B102,DADOS_COMPOSICAO,10,0))))))","v":"H"},0.35,{"$f":"IF(I102=\"SINAPI\",VLOOKUP(B102,DADOS_SINAPI,4,0),IF(I102=\"SETOP\",VLOOKUP(B102,DADOS_SETOP,4,0),IF(I102=\"SICRO\",VLOOKUP(B102,DADOS_SICRO,4,0),IF(I102=\"SUDECAP\",VLOOKUP(B102,DADOS_SUDECAP,4,0),IF(I102=\"COTAÇÃO\",VLOOKUP(B102,DADOS_COTACAO,12,0),VLOOKUP(B102,DADOS_COMPOSICAO,13,0))))))","v":17.77},{"$f":"K102*L102","v":6.2194999999999991}]
[null,10851,{"$f":"IF(I103=\"SINAPI\",VLOOKUP(B103,DADOS_SINAPI,2,0),IF(I103=\"SETOP\",VLOOKUP(B103,DADOS_SETOP,2,0),IF(I103=\"SICRO\",VLOOKUP(B103,DADOS_SICRO,2,0),IF(I103=\"SUDECAP\",VLOOKUP(B103,DADOS_SUDECAP,2,0),IF(I103=\"COTAÇÃO\",VLOOKUP(B103,DADOS_COTACAO,2,0),VLOOKUP(B103,DADOS_COMPOSICAO,2,0))))))","v":"PLACA DE ACRILICO TRANSPARENTE ADESIVADA PARA SINALIZACAO DE PORTAS, BORDA POLIDA, DE *25 X 8*, E = 6 MM (NAO INCLUI ACESSORIOS PARA FIXACAO)"},null,null,null,null,null,"SINAPI",{"$f":"IF(I103=\"SINAPI\",VLOOKUP(B103,DADOS_SINAPI,3,0),IF(I103=\"SETOP\",VLOOKUP(B103,DADOS_SETOP,3,0),IF(I103=\"SICRO\",VLOOKUP(B103,DADOS_SICRO,3,0),IF(I103=\"SUDECAP\",VLOOKUP(B103,DADOS_SUDECAP,3,0),IF(I103=\"COTAÇÃO\",VLOOKUP(B103,DADOS_COTACAO,9,0),VLOOKUP(B103,DADOS_COMPOSICAO,10,0))))))","v":"UN    "},1,{"$f":"IF(I103=\"SINAPI\",VLOOKUP(B103,DADOS_SINAPI,4,0),IF(I103=\"SETOP\",VLOOKUP(B103,DADOS_SETOP,4,0),IF(I103=\"SICRO\",VLOOKUP(B103,DADOS_SICRO,4,0),IF(I103=\"SUDECAP\",VLOOKUP(B103,DADOS_SUDECAP,4,0),IF(I103=\"COTAÇÃO\",VLOOKUP(B103,DADOS_COTACAO,12,0),VLOOKUP(B103,DADOS_COMPOSICAO,13,0))))))","v":94.28},94.28]
[null,442,{"$f":"IF(I104=\"SINAPI\",VLOOKUP(B104,DADOS_SINAPI,2,0),IF(I104=\"SETOP\",VLOOKUP(B104,DADOS_SETOP,2,0),IF(I104=\"SICRO\",VLOOKUP(B104,DADOS_SICRO,2,0),IF(I104=\"SUDECAP\",VLOOKUP(B104,DADOS_SUDECAP,2,0),IF(I104=\"COTAÇÃO\",VLOOKUP(B104,DADOS_COTACAO,2,0),VLOOKUP(B104,DADOS_COMPOSICAO,2,0))))))","v":"PARAFUSO FRANCES M16 EM ACO GALVANIZADO, COMPRIMENTO = 45 MM, DIAMETRO = 16 MM, CABECA ABAULADA"},null,null,null,null,null,"SINAPI",{"$f":"IF(I104=\"SINAPI\",VLOOKUP(B104,DADOS_SINAPI,3,0),IF(I104=\"SETOP\",VLOOKUP(B104,DADOS_SETOP,3,0),IF(I104=\"SICRO\",VLOOKUP(B104,DADOS_SICRO,3,0),IF(I104=\"SUDECAP\",VLOOKUP(B104,DADOS_SUDECAP,3,0),IF(I104=\"COTAÇÃO\",VLOOKUP(B104,DADOS_COTACAO,9,0),VLOOKUP(B104,DADOS_COMPOSICAO,10,0))))))","v":"UN    "},4,{"$f":"IF(I104=\"SINAPI\",VLOOKUP(B104,DADOS_SINAPI,4,0),IF(I104=\"SETOP\",VLOOKUP(B104,DADOS_SETOP,4,0),IF(I104=\"SICRO\",VLOOKUP(B104,DADOS_SICRO,4,0),IF(I104=\"SUDECAP\",VLOOKUP(B104,DADOS_SUDECAP,4,0),IF(I104=\"COTAÇÃO\",VLOOKUP(B104,DADOS_COTACAO,12,0),VLOOKUP(B104,DADOS_COMPOSICAO,13,0))))))","v":7.83},31.32]
[]
[8,{"$f":"VLOOKUP(A106,ORC!$D$24:$N$2945,2,0)","v":"REVESTIMENTOS INTERNOS E EXTERNOS"}]
["DAC-8.1","APLICAÇÃO DE RESINA SINTÉTICA PARA ADERÊNCIA DE REVESTIMENTOS",null,null,null,null,null,null,"CPU","M2",null,null,{"$f":"SUM(M108:M110)","v":7.6164999999999994}]
[null,88316,{"$f":"IF(I108=\"SINAPI\",VLOOKUP(B108,DADOS_SINAPI,2,0),IF(I108=\"SETOP\",VLOOKUP(B108,DADOS_SETOP,2,0),IF(I108=\"SICRO\",VLOOKUP(B108,DADOS_SICRO,2,0),IF(I108=\"SUDECAP\",VLOOKUP(B108,DADOS_SUDECAP,2,0),IF(I108=\"COTAÇÃO\",VLOOKUP(B108,DADOS_COTACAO,2,0),VLOOKUP(B108,DADOS_COMPOSICAO,2,0))))))","v":"SERVENTE COM ENCARGOS COMPLEMENTARES"},null,null,null,null,null,"SINAPI",{"$f":"IF(I108=\"SINAPI\",VLOOKUP(B108,DADOS_SINAPI,3,0),IF(I108=\"SETOP\",VLOOKUP(B108,DADOS_SETOP,3,0),IF(I108=\"SICRO\",VLOOKUP(B108,DADOS_SICRO,3,0),IF(I108=\"SUDECAP\",VLOOKUP(B108,DADOS_SUDECAP,3,0),IF(I108=\"COTAÇÃO\",VLOOKUP(B108,DADOS_COTACAO,9,0),VLOOKUP(B108,DADOS_COMPOSICAO,10,0))))))","v":"H"},0.25,{"$f":"IF(I108=\"SINAPI\",VLOOKUP(B108,DADOS_SINAPI,4,0),IF(I108=\"SETOP\",VLOOKUP(B108,DADOS_SETOP,4,0),IF(I108=\"SICRO\",VLOOKUP(B108,DADOS_SICRO,4,0),IF(I108=\"SUDECAP\",VLOOKUP(B108,DADOS_SUDECAP,4,0),IF(I108=\"COTAÇÃO\",VLOOKUP(B108,DADOS_COTACAO,12,0),VLOOKUP(B108,DADOS_COMPOSICAO,13,0))))))","v":17.77},{"$f":"K108*L108","v":4.4424999999999999}]
[null,7334,{"$f":"IF(I109=\"SINAPI\",VLOOKUP(B109,DADOS_SINAPI,2,0),IF(I109=\"SETOP\",VLOOKUP(B109,DADOS_SETOP,2,0),IF(I109=\"SICRO\",VLOOKUP(B109,DADOS_SICRO,2,0),IF(I109=\"SUDECAP\",VLOOKUP(B109,DADOS_SUDECAP,2,0),IF(I109=\"COTAÇÃO\",VLOOKUP(B109,DADOS_COTACAO,2,0),VLOOKUP(B109,DADOS_COMPOSICAO,2,0))))))","v":"ADITIVO ADESIVO LIQUIDO PARA ARGAMASSAS DE REVESTIMENTOS CIMENTICIOS"},null,null,null,null,null,"SINAPI",{"$f":"IF(I109=\"SINAPI\",VLOOKUP(B109,DADOS_SINAPI,3,0),IF(I109=\"SETOP\",VLOOKUP(B109,DADOS_SETOP,3,0),IF(I109=\"SICRO\",VLOOKUP(B109,DADOS_SICRO,3,0),IF(I109=\"SUDECAP\",VLOOKUP(B109,DADOS_SUDECAP,3,0),IF(I109=\"COTAÇÃO\",VLOOKUP(B109,DADOS_COTACAO,9,0),VLOOKUP(B109,DADOS_COMPOSICAO,10,0))))))","v":"L     "},0.2,{"$f":"IF(I109=\"SINAPI\",VLOOKUP(B109,DADOS_SINAPI,4,0),IF(I109=\"SETOP\",VLOOKUP(B109,DADOS_SETOP,4,0),IF(I109=\"SICRO\",VLOOKUP(B109,DADOS_SICRO,4,0),IF(I109=\"SUDECAP\",VLOOKUP(B109,DADOS_SUDECAP,4,0),IF(I109=\"COTAÇÃO\",VLOOKUP(B109,DADOS_COTACAO,12,0),VLOOKUP(B109,DADOS_COMPOSICAO,13,0))))))","v":15.17},3.0340000000000003]
[null,1381,{"$f":"IF(I110=\"SINAPI\",VLOOKUP(B110,DADOS_SINAPI,2,0),IF(I110=\"SETOP\",VLOOKUP(B110,DADOS_SETOP,2,0),IF(I110=\"SICRO\",VLOOKUP(B110,DADOS_SICRO,2,0),IF(I110=\"SUDECAP\",VLOOKUP(B110,DADOS_SUDECAP,2,0),IF(I110=\"COTAÇÃO\",VLOOKUP(B110,DADOS_COTACAO,2,0),VLOOKUP(B110,DADOS_COMPOSICAO,2,0))))))","v":"ARGAMASSA COLANTE AC I PARA CERAMICAS"},null,null,null,null,null,"SINAPI",{"$f":"IF(I110=\"SINAPI\",VLOOKUP(B110,DADOS_SINAPI,3,0),IF(I110=\"SETOP\",VLOOKUP(B110,DADOS_SETOP,3,0),IF(I110=\"SICRO\",VLOOKUP(B110,DADOS_SICRO,3,0),IF(I110=\"SUDECAP\",VLOOKUP(B110,DADOS_SUDECAP,3,0),IF(I110=\"COTAÇÃO\",VLOOKUP(B110,DADOS_COTACAO,9,0),VLOOKUP(B110,DADOS_COMPOSICAO,10,0))))))","v":"KG    "},0.2,{"$f":"IF(I110=\"SINAPI\",VLOOKUP(B110,DADOS_SINAPI,4,0),IF(I110=\"SETOP\",VLOOKUP(B110,DADOS_SETOP,4,0),IF(I110=\"SICRO\",VLOOKUP(B110,DADOS_SICRO,4,0),IF(I110=\"SUDECAP\",VLOOKUP(B110,DADOS_SUDECAP,4,0),IF(I110=\"COTAÇÃO\",VLOOKUP(B110,DADOS_COTACAO,12,0),VLOOKUP(B110,DADOS_COMPOSICAO,13,0))))))","v":0.7},0.13999999999999999]
[]
["DAC-8.2","REVESTIMENTO COM PASTILHA APLICADO EM PAREDE, ACABAMENTO ESMALTADO, AMBIENTE INTERNO/EXTERNO, PADRÃO EXTRA, DIMENSÃO DA PEÇA ATÉ 2025 CM2, ASSENTAMENTO COM ARGAMASSA.",null,null,null,null,null,null,"CPU","M2",null,null,{"$f":"SUM(M113:M117)","v":137.68560000000002}]
[null,34353,{"$f":"IF(I113=\"SINAPI\",VLOOKUP(B113,DADOS_SINAPI,2,0),IF(I113=\"SETOP\",VLOOKUP(B113,DADOS_SETOP,2,0),IF(I113=\"SICRO\",VLOOKUP(B113,DADOS_SICRO,2,0),IF(I113=\"SUDECAP\",VLOOKUP(B113,DADOS_SUDECAP,2,0),IF(I113=\"COTAÇÃO\",VLOOKUP(B113,DADOS_COTACAO,2,0),VLOOKUP(B113,DADOS_COMPOSICAO,2,0))))))","v":"ARGAMASSA COLANTE AC II"},null,null,null,null,null,"SINAPI",{"$f":"IF(I113=\"SINAPI\",VLOOKUP(B113,DADOS_SINAPI,3,0),IF(I113=\"SETOP\",VLOOKUP(B113,DADOS_SETOP,3,0),IF(I113=\"SICRO\",VLOOKUP(B113,DADOS_SICRO,3,0),IF(I113=\"SUDECAP\",VLOOKUP(B113,DADOS_SUDECAP,3,0),IF(I113=\"COTAÇÃO\",VLOOKUP(B113,DADOS_COTACAO,9,0),VLOOKUP(B113,DADOS_COMPOSICAO,10,0))))))","v":"KG    "},7.69,{"$f":"IF(I113=\"SINAPI\",VLOOKUP(B113,DADOS_SINAPI,4,0),IF(I113=\"SETOP\",VLOOKUP(B113,DADOS_SETOP,4,0),IF(I113=\"SICRO\",VLOOKUP(B113,DADOS_SICRO,4,0),IF(I113=\"SUDECAP\",VLOOKUP(B113,DADOS_SUDECAP,4,0),IF(I113=\"COTAÇÃO\",VLOOKUP(B113,DADOS_COTACAO,12,0),VLOOKUP(B113,DADOS_COMPOSICAO,13,0))))))","v":1.3},{"$f":"K113*L113","v":9.9970000000000017}]
[null,"MATED-12634","PASTILHA PORCELANA ESMALTADA 3/4",null,null,null,null,null,"SETOP","M2",1.05,87.59,91.969500000000011]
[null,88256,{"$f":"IF(I115=\"SINAPI\",VLOOKUP(B115,DADOS_SINAPI,2,0),IF(I115=\"SETOP\",VLOOKUP(B115,DADOS_SETOP,2,0),IF(I115=\"SICRO\",VLOOKUP(B115,DADOS_SICRO,2,0),IF(I115=\"SUDECAP\",VLOOKUP(B115,DADOS_SUDECAP,2,0),IF(I115=\"COTAÇÃO\",VLOOKUP(B115,DADOS_COTACAO,2,0),VLOOKUP(B115,DADOS_COMPOSICAO,2,0))))))","v":"AZULEJISTA OU LADRILHISTA COM ENCARGOS COMPLEMENTARES"},null,null,null,null,null,"SINAPI",{"$f":"IF(I115=\"SINAPI\",VLOOKUP(B115,DADOS_SINAPI,3,0),IF(I115=\"SETOP\",VLOOKUP(B115,DADOS_SETOP,3,0),IF(I115=\"SICRO\",VLOOKUP(B115,DADOS_SICRO,3,0),IF(I115=\"SUDECAP\",VLOOKUP(B115,DADOS_SUDECAP,3,0),IF(I115=\"COTAÇÃO\",VLOOKUP(B115,DADOS_COTACAO,9,0),VLOOKUP(B115,DADOS_COMPOSICAO,10,0))))))","v":"H"},1.03,{"$f":"IF(I115=\"SINAPI\",VLOOKUP(B115,DADOS_SINAPI,4,0),IF(I115=\"SETOP\",VLOOKUP(B115,DADOS_SETOP,4,0),IF(I115=\"SICRO\",VLOOKUP(B115,DADOS_SICRO,4,0),IF(I115=\"SUDECAP\",VLOOKUP(B115,DADOS_SUDECAP,4,0),IF(I115=\"COTAÇÃO\",VLOOKUP(B115,DADOS_COTACAO,12,0),VLOOKUP(B115,DADOS_COMPOSICAO,13,0))))))","v":25.88},26.656400000000001]
[null,88316,{"$f":"IF(I116=\"SINAPI\",VLOOKUP(B116,DADOS_SINAPI,2,0),IF(I116=\"SETOP\",VLOOKUP(B116,DADOS_SETOP,2,0),IF(I116=\"SICRO\",VLOOKUP(B116,DADOS_SICRO,2,0),IF(I116=\"SUDECAP\",VLOOKUP(B116,DADOS_SUDECAP,2,0),IF(I116=\"COTAÇÃO\",VLOOKUP(B116,DADOS_COTACAO,2,0),VLOOKUP(B116,DADOS_COMPOSICAO,2,0))))))","v":"SERVENTE COM ENCARGOS COMPLEMENTARES"},null,null,null,null,null,"SINAPI",{"$f":"IF(I116=\"SINAPI\",VLOOKUP(B116,DADOS_SINAPI,3,0),IF(I116=\"SETOP\",VLOOKUP(B116,DADOS_SETOP,3,0),IF(I116=\"SICRO\",VLOOKUP(B116,DADOS_SICRO,3,0),IF(I116=\"SUDECAP\",VLOOKUP(B116,DADOS_SUDECAP,3,0),IF(I116=\"COTAÇÃO\",VLOOKUP(B116,DADOS_COTACAO,9,0),VLOOKUP(B116,DADOS_COMPOSICAO,10,0))))))","v":"H"},0.51,{"$f":"IF(I116=\"SINAPI\",VLOOKUP(B116,DADOS_SINAPI,4,0),IF(I116=\"SETOP\",VLOOKUP(B116,DADOS_SETOP,4,0),IF(I116=\"SICRO\",VLOOKUP(B116,DADOS_SICRO,4,0),IF(I116=\"SUDECAP\",VLOOKUP(B116,DADOS_SUDECAP,4,0),IF(I116=\"COTAÇÃO\",VLOOKUP(B116,DADOS_COTACAO,12,0),VLOOKUP(B116,DADOS_COMPOSICAO,13,0))))))","v":17.77},{"$f":"K116*L116","v":9.0626999999999995}]
[]
[9,{"$f":"VLOOKUP(A118,ORC!$D$24:$N$2945,2,0)","v":"SISTEMA DE PISOS"}]
["DAC-9.1","EXECUÇÃO DE PASSEIO (CALÇADA) OU PISO DE CONCRETO COM CONCRETO MOLDADO IN LOCO, USINADO, ACABAMENTO CONVENCIONAL, ESPESSURA 10 CM, ARMADO",null,null,null,null,null,null,"CPU","M2",null,null,{"$f":"SUM(M120:M127)","v":130.865588}]
[null,88262,{"$f":"IF(I120=\"SINAPI\",VLOOKUP(B120,DADOS_SINAPI,2,0),IF(I120=\"SETOP\",VLOOKUP(B120,DADOS_SETOP,2,0),IF(I120=\"SICRO\",VLOOKUP(B120,DADOS_SICRO,2,0),IF(I120=\"SUDECAP\",VLOOKUP(B120,DADOS_SUDECAP,2,0),IF(I120=\"COTAÇÃO\",VLOOKUP(B120,DADOS_COTACAO,2,0),VLOOKUP(B120,DADOS_COMPOSICAO,2,0))))))","v":"CARPINTEIRO DE FORMAS COM ENCARGOS COMPLEMENTARES"},null,null,null,null,null,"SINAPI",{"$f":"IF(I120=\"SINAPI\",VLOOKUP(B120,DADOS_SINAPI,3,0),IF(I120=\"SETOP\",VLOOKUP(B120,DADOS_SETOP,3,0),IF(I120=\"SICRO\",VLOOKUP(B120,DADOS_SICRO,3,0),IF(I120=\"SUDECAP\",VLOOKUP(B120,DADOS_SUDECAP,3,0),IF(I120=\"COTAÇÃO\",VLOOKUP(B120,DADOS_COTACAO,9,0),VLOOKUP(B120,DADOS_COMPOSICAO,10,0))))))","v":"H"},0.22559999999999999,{"$f":"IF(I120=\"SINAPI\",VLOOKUP(B120,DADOS_SINAPI,4,0),IF(I120=\"SETOP\",VLOOKUP(B120,DADOS_SETOP,4,0),IF(I120=\"SICRO\",VLOOKUP(B120,DADOS_SICRO,4,0),IF(I120=\"SUDECAP\",VLOOKUP(B120,DADOS_SUDECAP,4,0),IF(I120=\"COTAÇÃO\",VLOOKUP(B120,DADOS_COTACAO,12,0),VLOOKUP(B120,DADOS_COMPOSICAO,13,0))))))","v":24.07},{"$f":"K120*L120","v":5.4301919999999999}]
[null,88309,"PEDREIRO COM ENCARGOS COMPLEMENTARES",null,null,null,null,null,"SINAPI","H",0.15939999999999999,24.43,3.8941419999999995]
[null,88316,"SERVENTE COM ENCARGOS COMPLEMENTARES",null,null,null,null,null,"SINAPI","H",0.38500000000000001,17.77,6.84145]
[null,3777,"LONA PLASTICA PESADA PRETA, E = 150 MICRA",null,null,null,null,null,"SINAPI","M2    ",1.1279999999999999,1.5,1.6919999999999997]
[null,4460,"SARRAFO NAO APARELHADO *2,5 X 10* CM, EM MACARANDUBA, ANGELIM OU EQUIVALENTE DA REGIAO -  BRUTA",null,null,null,null,null,"SINAPI","M     ",0.25,15.42,3.855]
[null,4517,"SARRAFO *2,5 X 7,5* CM EM PINUS, MISTA OU EQUIVALENTE DA REGIAO - BRUTA",null,null,null,null,null,"SINAPI","M     ",0.2,3.14,0.62800000000000011]
[null,7156,"TELA DE ACO SOLDADA NERVURADA, CA-60, Q-196, (3,11 KG/M2), DIAMETRO DO FIO = 5,0 MM, LARGURA = 2,45 M, ESPACAMENTO DA MALHA = 10 X 10 CM",null,null,null,null,null,"SINAPI","M2    ",1.1224000000000001,36.71,41.203304000000003]
[null,34492,"CONCRETO USINADO BOMBEAVEL, CLASSE DE RESISTENCIA C20, COM BRITA 0 E 1, SLUMP = 100 +/- 20 MM, EXCLUI SERVICO DE BOMBEAMENTO (NBR 8953)",null,null,null,null,null,"SINAPI","M3    ",0.12130000000000001,555,67.3215]
[]
["DAC-9.2","RODAPÉ COM REVESTIMENTO EM PORCELANATO 60X60 COM BORDA RETIFICADA E ACABAMENTO POLIDO, ALTURA 10CM",null,null,null,null,null,null,"CPU","M",null,null,{"$f":"SUM(M130:M134)","v":17.176543700000003}]
[null,88256,{"$f":"IF(I130=\"SINAPI\",VLOOKUP(B130,DADOS_SINAPI,2,0),IF(I130=\"SETOP\",VLOOKUP(B130,DADOS_SETOP,2,0),IF(I130=\"SICRO\",VLOOKUP(B130,DADOS_SICRO,2,0),IF(I130=\"SUDECAP\",VLOOKUP(B130,DADOS_SUDECAP,2,0),IF(I130=\"COTAÇÃO\",VLOOKUP(B130,DADOS_COTACAO,2,0),VLOOKUP(B130,DADOS_COMPOSICAO,2,0))))))","v":"AZULEJISTA OU LADRILHISTA COM ENCARGOS COMPLEMENTARES"},null,null,null,null,null,"SINAPI",{"$f":"IF(I130=\"SINAPI\",VLOOKUP(B130,DADOS_SINAPI,3,0),IF(I130=\"SETOP\",VLOOKUP(B130,DADOS_SETOP,3,0),IF(I130=\"SICRO\",VLOOKUP(B130,DADOS_SICRO,3,0),IF(I130=\"SUDECAP\",VLOOKUP(B130,DADOS_SUDECAP,3,0),IF(I130=\"COTAÇÃO\",VLOOKUP(B130,DADOS_COTACAO,9,0),VLOOKUP(B130,DADOS_COMPOSICAO,10,0))))))","v":"H"},0.14666999999999999,{"$f":"IF(I130=\"SINAPI\",VLOOKUP(B130,DADOS_SINAPI,4,0),IF(I130=\"SETOP\",VLOOKUP(B130,DADOS_SETOP,4,0),IF(I130=\"SICRO\",VLOOKUP(B130,DADOS_SICRO,4,0),IF(I130=\"SUDECAP\",VLOOKUP(B130,DADOS_SUDECAP,4,0),IF(I130=\"COTAÇÃO\",VLOOKUP(B130,DADOS_COTACAO,12,0),VLOOKUP(B130,DADOS_COMPOSICAO,13,0))))))","v":25.88},{"$f":"K130*L130","v":3.7958195999999997}]
[null,88316,{"$f":"IF(I131=\"SINAPI\",VLOOKUP(B131,DADOS_SINAPI,2,0),IF(I131=\"SETOP\",VLOOKUP(B131,DADOS_SETOP,2,0),IF(I131=\"SICRO\",VLOOKUP(B131,DADOS_SICRO,2,0),IF(I131=\"SUDECAP\",VLOOKUP(B131,DADOS_SUDECAP,2,0),IF(I131=\"COTAÇÃO\",VLOOKUP(B131,DADOS_COTACAO,2,0),VLOOKUP(B131,DADOS_COMPOSICAO,2,0))))))","v":"SERVENTE COM ENCARGOS COMPLEMENTARES"},null,null,null,null,null,"SINAPI",{"$f":"IF(I131=\"SINAPI\",VLOOKUP(B131,DADOS_SINAPI,3,0),IF(I131=\"SETOP\",VLOOKUP(B131,DADOS_SETOP,3,0),IF(I131=\"SICRO\",VLOOKUP(B131,DADOS_SICRO,3,0),IF(I131=\"SUDECAP\",VLOOKUP(B131,DADOS_SUDECAP,3,0),IF(I131=\"COTAÇÃO\",VLOOKUP(B131,DADOS_COTACAO,9,0),VLOOKUP(B131,DADOS_COMPOSICAO,10,0))))))","v":"H"},7.3330000000000006E-2,{"$f":"IF(I131=\"SINAPI\",VLOOKUP(B131,DADOS_SINAPI,4,0),IF(I131=\"SETOP\",VLOOKUP(B131,DADOS_SETOP,4,0),IF(I131=\"SICRO\",VLOOKUP(B131,DADOS_SICRO,4,0),IF(I131=\"SUDECAP\",VLOOKUP(B131,DADOS_SUDECAP,4,0),IF(I131=\"COTAÇÃO\",VLOOKUP(B131,DADOS_COTACAO,12,0),VLOOKUP(B131,DADOS_COMPOSICAO,13,0))))))","v":17.77},1.3030741000000001]
[null,1381,{"$f":"IF(I132=\"SINAPI\",VLOOKUP(B132,DADOS_SINAPI,2,0),IF(I132=\"SETOP\",VLOOKUP(B132,DADOS_SETOP,2,0),IF(I132=\"SICRO\",VLOOKUP(B132,DADOS_SICRO,2,0),IF(I132=\"SUDECAP\",VLOOKUP(B132,DADOS_SUDECAP,2,0),IF(I132=\"COTAÇÃO\",VLOOKUP(B132,DADOS_COTACAO,2,0),VLOOKUP(B132,DADOS_COMPOSICAO,2,0))))))","v":"ARGAMASSA COLANTE AC I PARA CERAMICAS"},null,null,null,null,null,"SINAPI",{"$f":"IF(I132=\"SINAPI\",VLOOKUP(B132,DADOS_SINAPI,3,0),IF(I132=\"SETOP\",VLOOKUP(B132,DADOS_SETOP,3,0),IF(I132=\"SICRO\",VLOOKUP(B132,DADOS_SICRO,3,0),IF(I132=\"SUDECAP\",VLOOKUP(B132,DADOS_SUDECAP,3,0),IF(I132=\"COTAÇÃO\",VLOOKUP(B132,DADOS_COTACAO,9,0),VLOOKUP(B132,DADOS_COMPOSICAO,10,0))))))","v":"KG    "},0.47249999999999998,{"$f":"IF(I132=\"SINAPI\",VLOOKUP(B132,DADOS_SINAPI,4,0),IF(I132=\"SETOP\",VLOOKUP(B132,DADOS_SETOP,4,0),IF(I132=\"SICRO\",VLOOKUP(B132,DADOS_SICRO,4,0),IF(I132=\"SUDECAP\",VLOOKUP(B132,DADOS_SUDECAP,4,0),IF(I132=\"COTAÇÃO\",VLOOKUP(B132,DADOS_COTACAO,12,0),VLOOKUP(B132,DADOS_COMPOSICAO,13,0))))))","v":0.7},0.33074999999999999]
[null,38195,{"$f":"IF(I133=\"SINAPI\",VLOOKUP(B133,DADOS_SINAPI,2,0),IF(I133=\"SETOP\",VLOOKUP(B133,DADOS_SETOP,2,0),IF(I133=\"SICRO\",VLOOKUP(B133,DADOS_SICRO,2,0),IF(I133=\"SUDECAP\",VLOOKUP(B133,DADOS_SUDECAP,2,0),IF(I133=\"COTAÇÃO\",VLOOKUP(B133,DADOS_COTACAO,2,0),VLOOKUP(B133,DADOS_COMPOSICAO,2,0))))))","v":"PISO PORCELANATO, BORDA RETA, EXTRA, FORMATO MAIOR QUE 2025 CM2"},null,null,null,null,null,"SINAPI",{"$f":"IF(I133=\"SINAPI\",VLOOKUP(B133,DADOS_SINAPI,3,0),IF(I133=\"SETOP\",VLOOKUP(B133,DADOS_SETOP,3,0),IF(I133=\"SICRO\",VLOOKUP(B133,DADOS_SICRO,3,0),IF(I133=\"SUDECAP\",VLOOKUP(B133,DADOS_SUDECAP,3,0),IF(I133=\"COTAÇÃO\",VLOOKUP(B133,DADOS_COTACAO,9,0),VLOOKUP(B133,DADOS_COMPOSICAO,10,0))))))","v":"M2    "},0.11,{"$f":"IF(I133=\"SINAPI\",VLOOKUP(B133,DADOS_SINAPI,4,0),IF(I133=\"SETOP\",VLOOKUP(B133,DADOS_SETOP,4,0),IF(I133=\"SICRO\",VLOOKUP(B133,DADOS_SICRO,4,0),IF(I133=\"SUDECAP\",VLOOKUP(B133,DADOS_SUDECAP,4,0),IF(I133=\"COTAÇÃO\",VLOOKUP(B133,DADOS_COTACAO,12,0),VLOOKUP(B133,DADOS_COMPOSICAO,13,0))))))","v":102.68},11.2948]
[null,34357,{"$f":"IF(I134=\"SINAPI\",VLOOKUP(B134,DADOS_SINAPI,2,0),IF(I134=\"SETOP\",VLOOKUP(B134,DADOS_SETOP,2,0),IF(I134=\"SICRO\",VLOOKUP(B134,DADOS_SICRO,2,0),IF(I134=\"SUDECAP\",VLOOKUP(B134,DADOS_SUDECAP,2,0),IF(I134=\"COTAÇÃO\",VLOOKUP(B134,DADOS_COTACAO,2,0),VLOOKUP(B134,DADOS_COMPOSICAO,2,0))))))","v":"REJUNTE CIMENTICIO, QUALQUER COR"},null,null,null,null,null,"SINAPI",{"$f":"IF(I134=\"SINAPI\",VLOOKUP(B134,DADOS_SINAPI,3,0),IF(I134=\"SETOP\",VLOOKUP(B134,DADOS_SETOP,3,0),IF(I134=\"SICRO\",VLOOKUP(B134,DADOS_SICRO,3,0),IF(I134=\"SUDECAP\",VLOOKUP(B134,DADOS_SUDECAP,3,0),IF(I134=\"COTAÇÃO\",VLOOKUP(B134,DADOS_COTACAO,9,0),VLOOKUP(B134,DADOS_COMPOSICAO,10,0))))))","v":"KG    "},0.11,{"$f":"IF(I134=\"SINAPI\",VLOOKUP(B134,DADOS_SINAPI,4,0),IF(I134=\"SETOP\",VLOOKUP(B134,DADOS_SETOP,4,0),IF(I134=\"SICRO\",VLOOKUP(B134,DADOS_SICRO,4,0),IF(I134=\"SUDECAP\",VLOOKUP(B134,DADOS_SUDECAP,4,0),IF(I134=\"COTAÇÃO\",VLOOKUP(B134,DADOS_COTACAO,12,0),VLOOKUP(B134,DADOS_COMPOSICAO,13,0))))))","v":4.1100000000000003},0.45210000000000006]
[]
[12,{"$f":"VLOOKUP(A136,ORC!$D$24:$N$2945,2,0)","v":"INSTALAÇÕES HIDRÁULICAS"}]
["DAC-12.1","INSTALAÇÃO BUCHA DE REDUÇÃO, CPVC, 35 X 22 MM",null,null,null,null,null,null,"CPU","UN    ",null,null,{"$f":"SUM(M138:M140)","v":5.5355609999999995}]
[null,88248,{"$f":"IF(I138=\"SINAPI\",VLOOKUP(B138,DADOS_SINAPI,2,0),IF(I138=\"SETOP\",VLOOKUP(B138,DADOS_SETOP,2,0),IF(I138=\"SICRO\",VLOOKUP(B138,DADOS_SICRO,2,0),IF(I138=\"SUDECAP\",VLOOKUP(B138,DADOS_SUDECAP,2,0),IF(I138=\"COTAÇÃO\",VLOOKUP(B138,DADOS_COTACAO,2,0),VLOOKUP(B138,DADOS_COMPOSICAO,2,0))))))","v":"AUXILIAR DE ENCANADOR OU BOMBEIRO HIDRÁULICO COM ENCARGOS COMPLEMENTARES"},null,null,null,null,null,"SINAPI",{"$f":"IF(I138=\"SINAPI\",VLOOKUP(B138,DADOS_SINAPI,3,0),IF(I138=\"SETOP\",VLOOKUP(B138,DADOS_SETOP,3,0),IF(I138=\"SICRO\",VLOOKUP(B138,DADOS_SICRO,3,0),IF(I138=\"SUDECAP\",VLOOKUP(B138,DADOS_SUDECAP,3,0),IF(I138=\"COTAÇÃO\",VLOOKUP(B138,DADOS_COTACAO,9,0),VLOOKUP(B138,DADOS_COMPOSICAO,10,0))))))","v":"H"},8.3299999999999999E-2,{"$f":"IF(I138=\"SINAPI\",VLOOKUP(B138,DADOS_SINAPI,4,0),IF(I138=\"SETOP\",VLOOKUP(B138,DADOS_SETOP,4,0),IF(I138=\"SICRO\",VLOOKUP(B138,DADOS_SICRO,4,0),IF(I138=\"SUDECAP\",VLOOKUP(B138,DADOS_SUDECAP,4,0),IF(I138=\"COTAÇÃO\",VLOOKUP(B138,DADOS_COTACAO,12,0),VLOOKUP(B138,DADOS_COMPOSICAO,13,0))))))","v":19.07},{"$f":"K138*L138","v":1.5885309999999999}]
[null,88267,{"$f":"IF(I139=\"SINAPI\",VLOOKUP(B139,DADOS_SINAPI,2,0),IF(I139=\"SETOP\",VLOOKUP(B139,DADOS_SETOP,2,0),IF(I139=\"SICRO\",VLOOKUP(B139,DADOS_SICRO,2,0),IF(I139=\"SUDECAP\",VLOOKUP(B139,DADOS_SUDECAP,2,0),IF(I139=\"COTAÇÃO\",VLOOKUP(B139,DADOS_COTACAO,2,0),VLOOKUP(B139,DADOS_COMPOSICAO,2,0))))))","v":"ENCANADOR OU BOMBEIRO HIDRÁULICO COM ENCARGOS COMPLEMENTARES"},null,null,null,null,null,"SINAPI",{"$f":"IF(I139=\"SINAPI\",VLOOKUP(B139,DADOS_SINAPI,3,0),IF(I139=\"SETOP\",VLOOKUP(B139,DADOS_SETOP,3,0),IF(I139=\"SICRO\",VLOOKUP(B139,DADOS_SICRO,3,0),IF(I139=\"SUDECAP\",VLOOKUP(B139,DADOS_SUDECAP,3,0),IF(I139=\"COTAÇÃO\",VLOOKUP(B139,DADOS_COTACAO,9,0),VLOOKUP(B139,DADOS_COMPOSICAO,10,0))))))","v":"H"},8.3299999999999999E-2,{"$f":"IF(I139=\"SINAPI\",VLOOKUP(B139,DADOS_SINAPI,4,0),IF(I139=\"SETOP\",VLOOKUP(B139,DADOS_SETOP,4,0),IF(I139=\"SICRO\",VLOOKUP(B139,DADOS_SICRO,4,0),IF(I139=\"SUDECAP\",VLOOKUP(B139,DADOS_SUDECAP,4,0),IF(I139=\"COTAÇÃO\",VLOOKUP(B139,DADOS_COTACAO,12,0),VLOOKUP(B139,DADOS_COMPOSICAO,13,0))))))","v":23.69},1.9733770000000002]
[null,21114,{"$f":"IF(I140=\"SINAPI\",VLOOKUP(B140,DADOS_SINAPI,2,0),IF(I140=\"SETOP\",VLOOKUP(B140,DADOS_SETOP,2,0),IF(I140=\"SICRO\",VLOOKUP(B140,DADOS_SICRO,2,0),IF(I140=\"SUDECAP\",VLOOKUP(B140,DADOS_SUDECAP,2,0),IF(I140=\"COTAÇÃO\",VLOOKUP(B140,DADOS_COTACAO,2,0),VLOOKUP(B140,DADOS_COMPOSICAO,2,0))))))","v":"ADESIVO PARA TUBOS CPVC, *75* G"},null,null,null,null,null,"SINAPI",{"$f":"IF(I140=\"SINAPI\",VLOOKUP(B140,DADOS_SINAPI,3,0),IF(I140=\"SETOP\",VLOOKUP(B140,DADOS_SETOP,3,0),IF(I140=\"SICRO\",VLOOKUP(B140,DADOS_SICRO,3,0),IF(I140=\"SUDECAP\",VLOOKUP(B140,DADOS_SUDECAP,3,0),IF(I140=\"COTAÇÃO\",VLOOKUP(B140,DADOS_COTACAO,9,0),VLOOKUP(B140,DADOS_COMPOSICAO,10,0))))))","v":"UN    "},6.6699999999999995E-2,{"$f":"IF(I140=\"SINAPI\",VLOOKUP(B140,DADOS_SINAPI,4,0),IF(I140=\"SETOP\",VLOOKUP(B140,DADOS_SETOP,4,0),IF(I140=\"SICRO\",VLOOKUP(B140,DADOS_SICRO,4,0),IF(I140=\"SUDECAP\",VLOOKUP(B140,DADOS_SUDECAP,4,0),IF(I140=\"COTAÇÃO\",VLOOKUP(B140,DADOS_COTACAO,12,0),VLOOKUP(B140,DADOS_COMPOSICAO,13,0))))))","v":29.59},1.9736529999999999]
[]
["DAC-12.2","INSTALAÇÃO TE DE REDUÇÃO, CPVC, 35 X 22 MM",null,null,null,null,null,null,"CPU","UN    ",null,null,{"$f":"SUM(M143:M145)","v":15.537288}]
[null,88248,{"$f":"IF(I143=\"SINAPI\",VLOOKUP(B143,DADOS_SINAPI,2,0),IF(I143=\"SETOP\",VLOOKUP(B143,DADOS_SETOP,2,0),IF(I143=\"SICRO\",VLOOKUP(B143,DADOS_SICRO,2,0),IF(I143=\"SUDECAP\",VLOOKUP(B143,DADOS_SUDECAP,2,0),IF(I143=\"COTAÇÃO\",VLOOKUP(B143,DADOS_COTACAO,2,0),VLOOKUP(B143,DADOS_COMPOSICAO,2,0))))))","v":"AUXILIAR DE ENCANADOR OU BOMBEIRO HIDRÁULICO COM ENCARGOS COMPLEMENTARES"},null,null,null,null,null,"SINAPI",{"$f":"IF(I143=\"SINAPI\",VLOOKUP(B143,DADOS_SINAPI,3,0),IF(I143=\"SETOP\",VLOOKUP(B143,DADOS_SETOP,3,0),IF(I143=\"SICRO\",VLOOKUP(B143,DADOS_SICRO,3,0),IF(I143=\"SUDECAP\",VLOOKUP(B143,DADOS_SUDECAP,3,0),IF(I143=\"COTAÇÃO\",VLOOKUP(B143,DADOS_COTACAO,9,0),VLOOKUP(B143,DADOS_COMPOSICAO,10,0))))))","v":"H"},0.23880000000000001,{"$f":"IF(I143=\"SINAPI\",VLOOKUP(B143,DADOS_SINAPI,4,0),IF(I143=\"SETOP\",VLOOKUP(B143,DADOS_SETOP,4,0),IF(I143=\"SICRO\",VLOOKUP(B143,DADOS_SICRO,4,0),IF(I143=\"SUDECAP\",VLOOKUP(B143,DADOS_SUDECAP,4,0),IF(I143=\"COTAÇÃO\",VLOOKUP(B143,DADOS_COTACAO,12,0),VLOOKUP(B143,DADOS_COMPOSICAO,13,0))))))","v":19.07},{"$f":"K143*L143","v":4.5539160000000001}]
[null,88267,{"$f":"IF(I144=\"SINAPI\",VLOOKUP(B144,DADOS_SINAPI,2,0),IF(I144=\"SETOP\",VLOOKUP(B144,DADOS_SETOP,2,0),IF(I144=\"SICRO\",VLOOKUP(B144,DADOS_SICRO,2,0),IF(I144=\"SUDECAP\",VLOOKUP(B144,DADOS_SUDECAP,2,0),IF(I144=\"COTAÇÃO\",VLOOKUP(B144,DADOS_COTACAO,2,0),VLOOKUP(B144,DADOS_COMPOSICAO,2,0))))))","v":"ENCANADOR OU BOMBEIRO HIDRÁULICO COM ENCARGOS COMPLEMENTARES"},null,null,null,null,null,"SINAPI",{"$f":"IF(I144=\"SINAPI\",VLOOKUP(B144,DADOS_SINAPI,3,0),IF(I144=\"SETOP\",VLOOKUP(B144,DADOS_SETOP,3,0),IF(I144=\"SICRO\",VLOOKUP(B144,DADOS_SICRO,3,0),IF(I144=\"SUDECAP\",VLOOKUP(B144,DADOS_SUDECAP,3,0),IF(I144=\"COTAÇÃO\",VLOOKUP(B144,DADOS_COTACAO,9,0),VLOOKUP(B144,DADOS_COMPOSICAO,10,0))))))","v":"H"},0.23880000000000001,{"$f":"IF(I144=\"SINAPI\",VLOOKUP(B144,DADOS_SINAPI,4,0),IF(I144=\"SETOP\",VLOOKUP(B144,DADOS_SETOP,4,0),IF(I144=\"SICRO\",VLOOKUP(B144,DADOS_SICRO,4,0),IF(I144=\"SUDECAP\",VLOOKUP(B144,DADOS_SUDECAP,4,0),IF(I144=\"COTAÇÃO\",VLOOKUP(B144,DADOS_COTACAO,12,0),VLOOKUP(B144,DADOS_COMPOSICAO,13,0))))))","v":23.69},5.657172000000001]
[null,21114,{"$f":"IF(I145=\"SINAPI\",VLOOKUP(B145,DADOS_SINAPI,2,0),IF(I145=\"SETOP\",VLOOKUP(B145,DADOS_SETOP,2,0),IF(I145=\"SICRO\",VLOOKUP(B145,DADOS_SICRO,2,0),IF(I145=\"SUDECAP\",VLOOKUP(B145,DADOS_SUDECAP,2,0),IF(I145=\"COTAÇÃO\",VLOOKUP(B145,DADOS_COTACAO,2,0),VLOOKUP(B145,DADOS_COMPOSICAO,2,0))))))","v":"ADESIVO PARA TUBOS CPVC, *75* G"},null,null,null,null,null,"SINAPI",{"$f":"IF(I145=\"SINAPI\",VLOOKUP(B145,DADOS_SINAPI,3,0),IF(I145=\"SETOP\",VLOOKUP(B145,DADOS_SETOP,3,0),IF(I145=\"SICRO\",VLOOKUP(B145,DADOS_SICRO,3,0),IF(I145=\"SUDECAP\",VLOOKUP(B145,DADOS_SUDECAP,3,0),IF(I145=\"COTAÇÃO\",VLOOKUP(B145,DADOS_COTACAO,9,0),VLOOKUP(B145,DADOS_COMPOSICAO,10,0))))))","v":"UN    "},0.18,{"$f":"IF(I145=\"SINAPI\",VLOOKUP(B145,DADOS_SINAPI,4,0),IF(I145=\"SETOP\",VLOOKUP(B145,DADOS_SETOP,4,0),IF(I145=\"SICRO\",VLOOKUP(B145,DADOS_SICRO,4,0),IF(I145=\"SUDECAP\",VLOOKUP(B145,DADOS_SUDECAP,4,0),IF(I145=\"COTAÇÃO\",VLOOKUP(B145,DADOS_COTACAO,12,0),VLOOKUP(B145,DADOS_COMPOSICAO,13,0))))))","v":29.59},5.3262]
[]
[13,{"$f":"VLOOKUP(A147,ORC!$D$24:$N$2945,2,0)","v":"INSTALAÇÕES SANITÁRIAS"}]
["DAC-13.1","JOELHO PVC, COM BOLSA E ANEL, 90 GRAUS, DN 40 X *38* MM,SERIE NORMAL, PARA ESGOTO PREDIAL - FORNECIDO E INSTALADO EM RAMAL DE DESCARGA OU RAMAL DE ESGOTO SANITÁRIO",null,null,null,null,null,null,"CPU","UN    ",null,null,{"$f":"SUM(M149:M152)","v":17.273726}]
[null,88248,{"$f":"IF(I149=\"SINAPI\",VLOOKUP(B149,DADOS_SINAPI,2,0),IF(I149=\"SETOP\",VLOOKUP(B149,DADOS_SETOP,2,0),IF(I149=\"SICRO\",VLOOKUP(B149,DADOS_SICRO,2,0),IF(I149=\"SUDECAP\",VLOOKUP(B149,DADOS_SUDECAP,2,0),IF(I149=\"COTAÇÃO\",VLOOKUP(B149,DADOS_COTACAO,2,0),VLOOKUP(B149,DADOS_COMPOSICAO,2,0))))))","v":"AUXILIAR DE ENCANADOR OU BOMBEIRO HIDRÁULICO COM ENCARGOS COMPLEMENTARES"},null,null,null,null,null,"SINAPI",{"$f":"IF(I149=\"SINAPI\",VLOOKUP(B149,DADOS_SINAPI,3,0),IF(I149=\"SETOP\",VLOOKUP(B149,DADOS_SETOP,3,0),IF(I149=\"SICRO\",VLOOKUP(B149,DADOS_SICRO,3,0),IF(I149=\"SUDECAP\",VLOOKUP(B149,DADOS_SUDECAP,3,0),IF(I149=\"COTAÇÃO\",VLOOKUP(B149,DADOS_COTACAO,9,0),VLOOKUP(B149,DADOS_COMPOSICAO,10,0))))))","v":"H"},0.19259999999999999,{"$f":"IF(I149=\"SINAPI\",VLOOKUP(B149,DADOS_SINAPI,4,0),IF(I149=\"SETOP\",VLOOKUP(B149,DADOS_SETOP,4,0),IF(I149=\"SICRO\",VLOOKUP(B149,DADOS_SICRO,4,0),IF(I149=\"SUDECAP\",VLOOKUP(B149,DADOS_SUDECAP,4,0),IF(I149=\"COTAÇÃO\",VLOOKUP(B149,DADOS_COTACAO,12,0),VLOOKUP(B149,DADOS_COMPOSICAO,13,0))))))","v":19.07},{"$f":"K149*L149","v":3.672882}]
[null,88267,{"$f":"IF(I150=\"SINAPI\",VLOOKUP(B150,DADOS_SINAPI,2,0),IF(I150=\"SETOP\",VLOOKUP(B150,DADOS_SETOP,2,0),IF(I150=\"SICRO\",VLOOKUP(B150,DADOS_SICRO,2,0),IF(I150=\"SUDECAP\",VLOOKUP(B150,DADOS_SUDECAP,2,0),IF(I150=\"COTAÇÃO\",VLOOKUP(B150,DADOS_COTACAO,2,0),VLOOKUP(B150,DADOS_COMPOSICAO,2,0))))))","v":"ENCANADOR OU BOMBEIRO HIDRÁULICO COM ENCARGOS COMPLEMENTARES"},null,null,null,null,null,"SINAPI",{"$f":"IF(I150=\"SINAPI\",VLOOKUP(B150,DADOS_SINAPI,3,0),IF(I150=\"SETOP\",VLOOKUP(B150,DADOS_SETOP,3,0),IF(I150=\"SICRO\",VLOOKUP(B150,DADOS_SICRO,3,0),IF(I150=\"SUDECAP\",VLOOKUP(B150,DADOS_SUDECAP,3,0),IF(I150=\"COTAÇÃO\",VLOOKUP(B150,DADOS_COTACAO,9,0),VLOOKUP(B150,DADOS_COMPOSICAO,10,0))))))","v":"H"},0.19259999999999999,{"$f":"IF(I150=\"SINAPI\",VLOOKUP(B150,DADOS_SINAPI,4,0),IF(I150=\"SETOP\",VLOOKUP(B150,DADOS_SETOP,4,0),IF(I150=\"SICRO\",VLOOKUP(B150,DADOS_SICRO,4,0),IF(I150=\"SUDECAP\",VLOOKUP(B150,DADOS_SUDECAP,4,0),IF(I150=\"COTAÇÃO\",VLOOKUP(B150,DADOS_COTACAO,12,0),VLOOKUP(B150,DADOS_COMPOSICAO,13,0))))))","v":23.69},4.5626940000000005]
[null,10835,{"$f":"IF(I151=\"SINAPI\",VLOOKUP(B151,DADOS_SINAPI,2,0),IF(I151=\"SETOP\",VLOOKUP(B151,DADOS_SETOP,2,0),IF(I151=\"SICRO\",VLOOKUP(B151,DADOS_SICRO,2,0),IF(I151=\"SUDECAP\",VLOOKUP(B151,DADOS_SUDECAP,2,0),IF(I151=\"COTAÇÃO\",VLOOKUP(B151,DADOS_COTACAO,2,0),VLOOKUP(B151,DADOS_COMPOSICAO,2,0))))))","v":"JOELHO PVC, COM BOLSA E ANEL, 90 GRAUS, DN 40 X *38* MM, SERIE NORMAL, PARA ESGOTO PREDIAL"},null,null,null,null,null,"SINAPI",{"$f":"IF(I151=\"SINAPI\",VLOOKUP(B151,DADOS_SINAPI,3,0),IF(I151=\"SETOP\",VLOOKUP(B151,DADOS_SETOP,3,0),IF(I151=\"SICRO\",VLOOKUP(B151,DADOS_SICRO,3,0),IF(I151=\"SUDECAP\",VLOOKUP(B151,DADOS_SUDECAP,3,0),IF(I151=\"COTAÇÃO\",VLOOKUP(B151,DADOS_COTACAO,9,0),VLOOKUP(B151,DADOS_COMPOSICAO,10,0))))))","v":"UN    "},1,{"$f":"IF(I151=\"SINAPI\",VLOOKUP(B151,DADOS_SINAPI,4,0),IF(I151=\"SETOP\",VLOOKUP(B151,DADOS_SETOP,4,0),IF(I151=\"SICRO\",VLOOKUP(B151,DADOS_SICRO,4,0),IF(I151=\"SUDECAP\",VLOOKUP(B151,DADOS_SUDECAP,4,0),IF(I151=\"COTAÇÃO\",VLOOKUP(B151,DADOS_COTACAO,12,0),VLOOKUP(B151,DADOS_COMPOSICAO,13,0))))))","v":6.3},6.3]
[null,20078,{"$f":"IF(I152=\"SINAPI\",VLOOKUP(B152,DADOS_SINAPI,2,0),IF(I152=\"SETOP\",VLOOKUP(B152,DADOS_SETOP,2,0),IF(I152=\"SICRO\",VLOOKUP(B152,DADOS_SICRO,2,0),IF(I152=\"SUDECAP\",VLOOKUP(B152,DADOS_SUDECAP,2,0),IF(I152=\"COTAÇÃO\",VLOOKUP(B152,DADOS_COTACAO,2,0),VLOOKUP(B152,DADOS_COMPOSICAO,2,0))))))","v":"PASTA LUBRIFICANTE PARA TUBOS E CONEXOES COM JUNTA ELASTICA, EMBALAGEM DE *400* GR (USO EM PVC, ACO, POLIETILENO E OUTROS)"},null,null,null,null,null,"SINAPI",{"$f":"IF(I152=\"SINAPI\",VLOOKUP(B152,DADOS_SINAPI,3,0),IF(I152=\"SETOP\",VLOOKUP(B152,DADOS_SETOP,3,0),IF(I152=\"SICRO\",VLOOKUP(B152,DADOS_SICRO,3,0),IF(I152=\"SUDECAP\",VLOOKUP(B152,DADOS_SUDECAP,3,0),IF(I152=\"COTAÇÃO\",VLOOKUP(B152,DADOS_COTACAO,9,0),VLOOKUP(B152,DADOS_COMPOSICAO,10,0))))))","v":"UN    "},0.115,{"$f":"IF(I152=\"SINAPI\",VLOOKUP(B152,DADOS_SINAPI,4,0),IF(I152=\"SETOP\",VLOOKUP(B152,DADOS_SETOP,4,0),IF(I152=\"SICRO\",VLOOKUP(B152,DADOS_SICRO,4,0),IF(I152=\"SUDECAP\",VLOOKUP(B152,DADOS_SUDECAP,4,0),IF(I152=\"COTAÇÃO\",VLOOKUP(B152,DADOS_COTACAO,12,0),VLOOKUP(B152,DADOS_COMPOSICAO,13,0))))))","v":23.81},{"$f":"K152*L152","v":2.7381500000000001}]
[]
["DAC-13.2","JUNÇÃO SIMPLES, PVC, SERIE NORMAL, ESGOTO PREDIAL, DN 100 X 50 MM, JUNTA ELÁSTICA, FORNECIDO E INSTALADO EM PRUMADA DE ESGOTO SANITÁRIO OU VENTILAÇÃO",null,null,null,null,null,null,"CPU","UN    ",null,null,{"$f":"SUM(M155:M160)","v":45.030521}]
[null,88248,{"$f":"IF(I155=\"SINAPI\",VLOOKUP(B155,DADOS_SINAPI,2,0),IF(I155=\"SETOP\",VLOOKUP(B155,DADOS_SETOP,2,0),IF(I155=\"SICRO\",VLOOKUP(B155,DADOS_SICRO,2,0),IF(I155=\"SUDECAP\",VLOOKUP(B155,DADOS_SUDECAP,2,0),IF(I155=\"COTAÇÃO\",VLOOKUP(B155,DADOS_COTACAO,2,0),VLOOKUP(B155,DADOS_COMPOSICAO,2,0))))))","v":"AUXILIAR DE ENCANADOR OU BOMBEIRO HIDRÁULICO COM ENCARGOS COMPLEMENTARES"},null,null,null,null,null,"SINAPI",{"$f":"IF(I155=\"SINAPI\",VLOOKUP(B155,DADOS_SINAPI,3,0),IF(I155=\"SETOP\",VLOOKUP(B155,DADOS_SETOP,3,0),IF(I155=\"SICRO\",VLOOKUP(B155,DADOS_SICRO,3,0),IF(I155=\"SUDECAP\",VLOOKUP(B155,DADOS_SUDECAP,3,0),IF(I155=\"COTAÇÃO\",VLOOKUP(B155,DADOS_COTACAO,9,0),VLOOKUP(B155,DADOS_COMPOSICAO,10,0))))))","v":"H"},0.28960000000000002,{"$f":"IF(I155=\"SINAPI\",VLOOKUP(B155,DADOS_SINAPI,4,0),IF(I155=\"SETOP\",VLOOKUP(B155,DADOS_SETOP,4,0),IF(I155=\"SICRO\",VLOOKUP(B155,DADOS_SICRO,4,0),IF(I155=\"SUDECAP\",VLOOKUP(B155,DADOS_SUDECAP,4,0),IF(I155=\"COTAÇÃO\",VLOOKUP(B155,DADOS_COTACAO,12,0),VLOOKUP(B155,DADOS_COMPOSICAO,13,0))))))","v":19.07},{"$f":"K155*L155","v":5.5226720000000009}]
[null,88267,"ENCANADOR OU BOMBEIRO HIDRÁULICO COM ENCARGOS COMPLEMENTARES",null,null,null,null,null,"SINAPI","H",0.28960000000000002,23.69,6.8606240000000005]
[null,301,"ANEL BORRACHA PARA TUBO ESGOTO PREDIAL, DN 100 MM (NBR 5688)",null,null,null,null,null,"SINAPI","UN    ",2,3.02,6.04]
[null,296,"ANEL BORRACHA PARA TUBO ESGOTO PREDIAL, DN 50 MM (NBR 5688)",null,null,null,null,null,"SINAPI","UN    ",1,1.7,1.7]
[null,3659,"JUNCAO SIMPLES DE REDUCAO, PVC, DN 100 X 50 MM, SERIE NORMAL PARA ESGOTO PREDIAL",null,null,null,null,null,"SINAPI","UN    ",1,20.8,{"$f":"K159*L159","v":20.8}]
[null,20078,"PASTA LUBRIFICANTE PARA TUBOS E CONEXOES COM JUNTA ELASTICA, EMBALAGEM DE *400* GR (USO EM PVC, ACO, POLIETILENO E OUTROS)",null,null,null,null,null,"SINAPI","UN    ",0.17249999999999999,23.81,4.1072249999999997]
[]
[]
["DAC-13.3","INSTALAÇÃO JUNÇÃO SIMPLES, PVC, SERIE NORMAL, ESGOTO PREDIAL, DN 75 X 50 MM, JUNTA ELÁSTICA",null,null,null,null,null,null,"CPU","UN    ",null,null,{"$f":"SUM(M164:M168)","v":23.210521}]
[null,88248,{"$f":"IF(I164=\"SINAPI\",VLOOKUP(B164,DADOS_SINAPI,2,0),IF(I164=\"SETOP\",VLOOKUP(B164,DADOS_SETOP,2,0),IF(I164=\"SICRO\",VLOOKUP(B164,DADOS_SICRO,2,0),IF(I164=\"SUDECAP\",VLOOKUP(B164,DADOS_SUDECAP,2,0),IF(I164=\"COTAÇÃO\",VLOOKUP(B164,DADOS_COTACAO,2,0),VLOOKUP(B164,DADOS_COMPOSICAO,2,0))))))","v":"AUXILIAR DE ENCANADOR OU BOMBEIRO HIDRÁULICO COM ENCARGOS COMPLEMENTARES"},null,null,null,null,null,"SINAPI",{"$f":"IF(I164=\"SINAPI\",VLOOKUP(B164,DADOS_SINAPI,3,0),IF(I164=\"SETOP\",VLOOKUP(B164,DADOS_SETOP,3,0),IF(I164=\"SICRO\",VLOOKUP(B164,DADOS_SICRO,3,0),IF(I164=\"SUDECAP\",VLOOKUP(B164,DADOS_SUDECAP,3,0),IF(I164=\"COTAÇÃO\",VLOOKUP(B164,DADOS_COTACAO,9,0),VLOOKUP(B164,DADOS_COMPOSICAO,10,0))))))","v":"H"},0.28960000000000002,{"$f":"IF(I164=\"SINAPI\",VLOOKUP(B164,DADOS_SINAPI,4,0),IF(I164=\"SETOP\",VLOOKUP(B164,DADOS_SETOP,4,0),IF(I164=\"SICRO\",VLOOKUP(B164,DADOS_SICRO,4,0),IF(I164=\"SUDECAP\",VLOOKUP(B164,DADOS_SUDECAP,4,0),IF(I164=\"COTAÇÃO\",VLOOKUP(B164,DADOS_COTACAO,12,0),VLOOKUP(B164,DADOS_COMPOSICAO,13,0))))))","v":19.07},{"$f":"K164*L164","v":5.5226720000000009}]
[null,88267,"ENCANADOR OU BOMBEIRO HIDRÁULICO COM ENCARGOS COMPLEMENTARES",null,null,null,null,null,"SINAPI","H",0.28960000000000002,23.69,6.8606240000000005]
[null,297,"ANEL BORRACHA PARA TUBO ESGOTO PREDIAL, DN 75 MM (NBR 5688)",null,null,null,null,null,"SINAPI","UN    ",2,2.5099999999999998,5.0199999999999996]
[null,296,"ANEL BORRACHA PARA TUBO ESGOTO PREDIAL, DN 50 MM (NBR 5688)",null,null,null,null,null,"SINAPI","UN    ",1,1.7,1.7]
[null,20078,"PASTA LUBRIFICANTE PARA TUBOS E CONEXOES COM JUNTA ELASTICA, EMBALAGEM DE *400* GR (USO EM PVC, ACO, POLIETILENO E OUTROS)",null,null,null,null,null,"SINAPI","UN    ",0.17249999999999999,23.81,4.1072249999999997]
[]
["DAC-13.4","JUNÇÃO SIMPLES, PVC, SERIE NORMAL, ESGOTO PREDIAL, DN 100 X 75 MM, JUNTA ELÁSTICA, FORNECIDO E INSTALADO EM PRUMADA DE ESGOTO SANITÁRIO OU VENTILAÇÃO",null,null,null,null,null,null,"CPU","UN    ",null,null,{"$f":"SUM(M171:M176)","v":51.930520999999999}]
[null,88248,{"$f":"IF(I171=\"SINAPI\",VLOOKUP(B171,DADOS_SINAPI,2,0),IF(I171=\"SETOP\",VLOOKUP(B171,DADOS_SETOP,2,0),IF(I171=\"SICRO\",VLOOKUP(B171,DADOS_SICRO,2,0),IF(I171=\"SUDECAP\",VLOOKUP(B171,DADOS_SUDECAP,2,0),IF(I171=\"COTAÇÃO\",VLOOKUP(B171,DADOS_COTACAO,2,0),VLOOKUP(B171,DADOS_COMPOSICAO,2,0))))))","v":"AUXILIAR DE ENCANADOR OU BOMBEIRO HIDRÁULICO COM ENCARGOS COMPLEMENTARES"},null,null,null,null,null,"SINAPI",{"$f":"IF(I171=\"SINAPI\",VLOOKUP(B171,DADOS_SINAPI,3,0),IF(I171=\"SETOP\",VLOOKUP(B171,DADOS_SETOP,3,0),IF(I171=\"SICRO\",VLOOKUP(B171,DADOS_SICRO,3,0),IF(I171=\"SUDECAP\",VLOOKUP(B171,DADOS_SUDECAP,3,0),IF(I171=\"COTAÇÃO\",VLOOKUP(B171,DADOS_COTACAO,9,0),VLOOKUP(B171,DADOS_COMPOSICAO,10,0))))))","v":"H"},0.28960000000000002,{"$f":"IF(I171=\"SINAPI\",VLOOKUP(B171,DADOS_SINAPI,4,0),IF(I171=\"SETOP\",VLOOKUP(B171,DADOS_SETOP,4,0),IF(I171=\"SICRO\",VLOOKUP(B171,DADOS_SICRO,4,0),IF(I171=\"SUDECAP\",VLOOKUP(B171,DADOS_SUDECAP,4,0),IF(I171=\"COTAÇÃO\",VLOOKUP(B171,DADOS_COTACAO,12,0),VLOOKUP(B171,DADOS_COMPOSICAO,13,0))))))","v":19.07},{"$f":"K171*L171","v":5.5226720000000009}]
[null,88267,"ENCANADOR OU BOMBEIRO HIDRÁULICO COM ENCARGOS COMPLEMENTARES",null,null,null,null,null,"SINAPI","H",0.28960000000000002,23.69,6.8606240000000005]
[null,301,"ANEL BORRACHA PARA TUBO ESGOTO PREDIAL, DN 100 MM (NBR 5688)",null,null,null,null,null,"SINAPI","UN    ",2,3.02,6.04]
[null,297,"ANEL BORRACHA PARA TUBO ESGOTO PREDIAL, DN 75 MM (NBR 5688)",null,null,null,null,null,"SINAPI","UN    ",1,2.5099999999999998,2.5099999999999998]
[null,3660,"JUNCAO SIMPLES DE REDUCAO, PVC, DN 100 X 75 MM, SERIE NORMAL PARA ESGOTO PREDIAL",null,null,null,null,null,"SINAPI","UN    ",1,26.89,26.89]
[null,20078,"PASTA LUBRIFICANTE PARA TUBOS E CONEXOES COM JUNTA ELASTICA, EMBALAGEM DE *400* GR (USO EM PVC, ACO, POLIETILENO E OUTROS)",null,null,null,null,null,"SINAPI","UN    ",0.17249999999999999,23.81,4.1072249999999997]
[]
["DAC-13.5","REDUÇÃO EXCÊNTRICA, PVC OCRE, JUNTA ELÁSTICA, 100 X 50 MM, PARA COLETOR PREDIAL DE ESGOTO - FORNECIMENTO E INSTALAÇÃO",null,null,null,null,null,null,"CPU","UN    ",null,null,{"$f":"SUM(M179:M184)","v":20.406142000000003}]
[null,88248,{"$f":"IF(I179=\"SINAPI\",VLOOKUP(B179,DADOS_SINAPI,2,0),IF(I179=\"SETOP\",VLOOKUP(B179,DADOS_SETOP,2,0),IF(I179=\"SICRO\",VLOOKUP(B179,DADOS_SICRO,2,0),IF(I179=\"SUDECAP\",VLOOKUP(B179,DADOS_SUDECAP,2,0),IF(I179=\"COTAÇÃO\",VLOOKUP(B179,DADOS_COTACAO,2,0),VLOOKUP(B179,DADOS_COMPOSICAO,2,0))))))","v":"AUXILIAR DE ENCANADOR OU BOMBEIRO HIDRÁULICO COM ENCARGOS COMPLEMENTARES"},null,null,null,null,null,"SINAPI",{"$f":"IF(I179=\"SINAPI\",VLOOKUP(B179,DADOS_SINAPI,3,0),IF(I179=\"SETOP\",VLOOKUP(B179,DADOS_SETOP,3,0),IF(I179=\"SICRO\",VLOOKUP(B179,DADOS_SICRO,3,0),IF(I179=\"SUDECAP\",VLOOKUP(B179,DADOS_SUDECAP,3,0),IF(I179=\"COTAÇÃO\",VLOOKUP(B179,DADOS_COTACAO,9,0),VLOOKUP(B179,DADOS_COMPOSICAO,10,0))))))","v":"H"},8.4199999999999997E-2,{"$f":"IF(I179=\"SINAPI\",VLOOKUP(B179,DADOS_SINAPI,4,0),IF(I179=\"SETOP\",VLOOKUP(B179,DADOS_SETOP,4,0),IF(I179=\"SICRO\",VLOOKUP(B179,DADOS_SICRO,4,0),IF(I179=\"SUDECAP\",VLOOKUP(B179,DADOS_SUDECAP,4,0),IF(I179=\"COTAÇÃO\",VLOOKUP(B179,DADOS_COTACAO,12,0),VLOOKUP(B179,DADOS_COMPOSICAO,13,0))))))","v":19.07},{"$f":"K179*L179","v":1.605694}]
[null,88267,"ENCANADOR OU BOMBEIRO HIDRÁULICO COM ENCARGOS COMPLEMENTARES",null,null,null,null,null,"SINAPI","H",8.4199999999999997E-2,23.69,1.9946980000000001]
[null,303,"ANEL BORRACHA, PARA TUBO PVC, REDE COLETOR ESGOTO, DN 100 MM (NBR 7362)",null,null,null,null,null,"SINAPI","UN    ",1,3.34,3.34]
[null,296,"ANEL BORRACHA PARA TUBO ESGOTO PREDIAL, DN 50 MM (NBR 5688)",null,null,null,null,null,"SINAPI","UN    ",1,1.7,1.7]
[null,20043,"REDUCAO EXCENTRICA PVC, DN 100 X 50 MM, PARA ESGOTO PREDIAL",null,null,null,null,null,"SINAPI","UN    ",1,9.98,9.98]
[null,20078,"PASTA LUBRIFICANTE PARA TUBOS E CONEXOES COM JUNTA ELASTICA, EMBALAGEM DE *400* GR (USO EM PVC, ACO, POLIETILENO E OUTROS)",null,null,null,null,null,"SINAPI","UN    ",7.4999999999999997E-2,23.81,1.7857499999999999]
[]
["DAC-13.6","REDUÇÃO EXCÊNTRICA, PVC OCRE, JUNTA ELÁSTICA, 75 X 50 MM, PARA COLETOR PREDIAL DE ESGOTO - FORNECIMENTO E INSTALAÇÃO",null,null,null,null,null,null,"CPU","UN    ",null,null,{"$f":"SUM(M187:M192)","v":18.246141999999999}]
[null,88248,{"$f":"IF(I187=\"SINAPI\",VLOOKUP(B187,DADOS_SINAPI,2,0),IF(I187=\"SETOP\",VLOOKUP(B187,DADOS_SETOP,2,0),IF(I187=\"SICRO\",VLOOKUP(B187,DADOS_SICRO,2,0),IF(I187=\"SUDECAP\",VLOOKUP(B187,DADOS_SUDECAP,2,0),IF(I187=\"COTAÇÃO\",VLOOKUP(B187,DADOS_COTACAO,2,0),VLOOKUP(B187,DADOS_COMPOSICAO,2,0))))))","v":"AUXILIAR DE ENCANADOR OU BOMBEIRO HIDRÁULICO COM ENCARGOS COMPLEMENTARES"},null,null,null,null,null,"SINAPI",{"$f":"IF(I187=\"SINAPI\",VLOOKUP(B187,DADOS_SINAPI,3,0),IF(I187=\"SETOP\",VLOOKUP(B187,DADOS_SETOP,3,0),IF(I187=\"SICRO\",VLOOKUP(B187,DADOS_SICRO,3,0),IF(I187=\"SUDECAP\",VLOOKUP(B187,DADOS_SUDECAP,3,0),IF(I187=\"COTAÇÃO\",VLOOKUP(B187,DADOS_COTACAO,9,0),VLOOKUP(B187,DADOS_COMPOSICAO,10,0))))))","v":"H"},8.4199999999999997E-2,{"$f":"IF(I187=\"SINAPI\",VLOOKUP(B187,DADOS_SINAPI,4,0),IF(I187=\"SETOP\",VLOOKUP(B187,DADOS_SETOP,4,0),IF(I187=\"SICRO\",VLOOKUP(B187,DADOS_SICRO,4,0),IF(I187=\"SUDECAP\",VLOOKUP(B187,DADOS_SUDECAP,4,0),IF(I187=\"COTAÇÃO\",VLOOKUP(B187,DADOS_COTACAO,12,0),VLOOKUP(B187,DADOS_COMPOSICAO,13,0))))))","v":19.07},{"$f":"K187*L187","v":1.605694}]
[null,88267,"ENCANADOR OU BOMBEIRO HIDRÁULICO COM ENCARGOS COMPLEMENTARES",null,null,null,null,null,"SINAPI","H",8.4199999999999997E-2,23.69,1.9946980000000001]
[null,297,"ANEL BORRACHA PARA TUBO ESGOTO PREDIAL, DN 75 MM (NBR 5688)",null,null,null,null,null,"SINAPI","UN    ",1,2.5099999999999998,2.5099999999999998]
[null,296,"ANEL BORRACHA PARA TUBO ESGOTO PREDIAL, DN 50 MM (NBR 5688)",null,null,null,null,null,"SINAPI","UN    ",1,1.7,1.7]
[null,20042,"REDUCAO EXCENTRICA PVC, DN 75 X 50 MM, PARA ESGOTO PREDIAL",null,null,null,null,null,"SINAPI","UN    ",1,8.65,8.65]
[null,20078,"PASTA LUBRIFICANTE PARA TUBOS E CONEXOES COM JUNTA ELASTICA, EMBALAGEM DE *400* GR (USO EM PVC, ACO, POLIETILENO E OUTROS)",null,null,null,null,null,"SINAPI","UN    ",7.4999999999999997E-2,23.81,1.7857499999999999]
[]
["DAC-13.7","TE, PVC, SERIE NORMAL, ESGOTO PREDIAL, DN 100 X 50 MM, JUNTA ELÁSTICA, FORNECIDO E INSTALADO EM RAMAL DE DESCARGA OU RAMAL DE ESGOTO SANITÁRIO.",null,null,null,null,null,null,"CPU","UN    ",null,null,{"$f":"SUM(M195:M200)","v":36.939314000000003}]
[null,88248,{"$f":"IF(I195=\"SINAPI\",VLOOKUP(B195,DADOS_SINAPI,2,0),IF(I195=\"SETOP\",VLOOKUP(B195,DADOS_SETOP,2,0),IF(I195=\"SICRO\",VLOOKUP(B195,DADOS_SICRO,2,0),IF(I195=\"SUDECAP\",VLOOKUP(B195,DADOS_SUDECAP,2,0),IF(I195=\"COTAÇÃO\",VLOOKUP(B195,DADOS_COTACAO,2,0),VLOOKUP(B195,DADOS_COMPOSICAO,2,0))))))","v":"AUXILIAR DE ENCANADOR OU BOMBEIRO HIDRÁULICO COM ENCARGOS COMPLEMENTARES"},null,null,null,null,null,"SINAPI",{"$f":"IF(I195=\"SINAPI\",VLOOKUP(B195,DADOS_SINAPI,3,0),IF(I195=\"SETOP\",VLOOKUP(B195,DADOS_SETOP,3,0),IF(I195=\"SICRO\",VLOOKUP(B195,DADOS_SICRO,3,0),IF(I195=\"SUDECAP\",VLOOKUP(B195,DADOS_SUDECAP,3,0),IF(I195=\"COTAÇÃO\",VLOOKUP(B195,DADOS_COTACAO,9,0),VLOOKUP(B195,DADOS_COMPOSICAO,10,0))))))","v":"H"},0.18390000000000001,{"$f":"IF(I195=\"SINAPI\",VLOOKUP(B195,DADOS_SINAPI,4,0),IF(I195=\"SETOP\",VLOOKUP(B195,DADOS_SETOP,4,0),IF(I195=\"SICRO\",VLOOKUP(B195,DADOS_SICRO,4,0),IF(I195=\"SUDECAP\",VLOOKUP(B195,DADOS_SUDECAP,4,0),IF(I195=\"COTAÇÃO\",VLOOKUP(B195,DADOS_COTACAO,12,0),VLOOKUP(B195,DADOS_COMPOSICAO,13,0))))))","v":19.07},{"$f":"K195*L195","v":3.5069730000000003}]
[null,88267,"ENCANADOR OU BOMBEIRO HIDRÁULICO COM ENCARGOS COMPLEMENTARES",null,null,null,null,null,"SINAPI","H",0.18390000000000001,23.69,4.3565910000000008]
[null,303,"ANEL BORRACHA, PARA TUBO PVC, REDE COLETOR ESGOTO, DN 100 MM (NBR 7362)",null,null,null,null,null,"SINAPI","UN    ",2,3.34,6.68]
[null,296,"ANEL BORRACHA PARA TUBO ESGOTO PREDIAL, DN 50 MM (NBR 5688)",null,null,null,null,null,"SINAPI","UN    ",1,1.7,1.7]
[null,11655,"TE SANITARIO DE REDUCAO, PVC, DN 100 X 50 MM, SERIE NORMAL, PARA ESGOTO PREDIAL",null,null,null,null,null,"SINAPI","UN    ",1,18.91,18.91]
[null,20078,"PASTA LUBRIFICANTE PARA TUBOS E CONEXOES COM JUNTA ELASTICA, EMBALAGEM DE *400* GR (USO EM PVC, ACO, POLIETILENO E OUTROS)",null,null,null,null,null,"SINAPI","UN    ",7.4999999999999997E-2,23.81,1.7857499999999999]
[]
["DAC-13.8","TE, PVC, SERIE NORMAL, ESGOTO PREDIAL, DN 100 X 75 MM, JUNTA ELÁSTICA, FORNECIDO E INSTALADO EM RAMAL DE DESCARGA OU RAMAL DE ESGOTO SANITÁRIO.",null,null,null,null,null,null,"CPU","UN    ",null,null,{"$f":"SUM(M203:M208)","v":36.286141999999998}]
[null,88248,{"$f":"IF(I203=\"SINAPI\",VLOOKUP(B203,DADOS_SINAPI,2,0),IF(I203=\"SETOP\",VLOOKUP(B203,DADOS_SETOP,2,0),IF(I203=\"SICRO\",VLOOKUP(B203,DADOS_SICRO,2,0),IF(I203=\"SUDECAP\",VLOOKUP(B203,DADOS_SUDECAP,2,0),IF(I203=\"COTAÇÃO\",VLOOKUP(B203,DADOS_COTACAO,2,0),VLOOKUP(B203,DADOS_COMPOSICAO,2,0))))))","v":"AUXILIAR DE ENCANADOR OU BOMBEIRO HIDRÁULICO COM ENCARGOS COMPLEMENTARES"},null,null,null,null,null,"SINAPI",{"$f":"IF(I203=\"SINAPI\",VLOOKUP(B203,DADOS_SINAPI,3,0),IF(I203=\"SETOP\",VLOOKUP(B203,DADOS_SETOP,3,0),IF(I203=\"SICRO\",VLOOKUP(B203,DADOS_SICRO,3,0),IF(I203=\"SUDECAP\",VLOOKUP(B203,DADOS_SUDECAP,3,0),IF(I203=\"COTAÇÃO\",VLOOKUP(B203,DADOS_COTACAO,9,0),VLOOKUP(B203,DADOS_COMPOSICAO,10,0))))))","v":"H"},8.4199999999999997E-2,{"$f":"IF(I203=\"SINAPI\",VLOOKUP(B203,DADOS_SINAPI,4,0),IF(I203=\"SETOP\",VLOOKUP(B203,DADOS_SETOP,4,0),IF(I203=\"SICRO\",VLOOKUP(B203,DADOS_SICRO,4,0),IF(I203=\"SUDECAP\",VLOOKUP(B203,DADOS_SUDECAP,4,0),IF(I203=\"COTAÇÃO\",VLOOKUP(B203,DADOS_COTACAO,12,0),VLOOKUP(B203,DADOS_COMPOSICAO,13,0))))))","v":19.07},{"$f":"K203*L203","v":1.605694}]
[null,88267,"ENCANADOR OU BOMBEIRO HIDRÁULICO COM ENCARGOS COMPLEMENTARES",null,null,null,null,null,"SINAPI","H",8.4199999999999997E-2,23.69,1.9946980000000001]
[null,303,"ANEL BORRACHA, PARA TUBO PVC, REDE COLETOR ESGOTO, DN 100 MM (NBR 7362)",null,null,null,null,null,"SINAPI","UN    ",2,3.34,6.68]
[null,297,"ANEL BORRACHA PARA TUBO ESGOTO PREDIAL, DN 75 MM (NBR 5688)",null,null,null,null,null,"SINAPI","UN    ",1,2.5099999999999998,2.5099999999999998]
[null,11656,"TE SANITARIO DE REDUCAO, PVC, DN 100 X 75 MM, SERIE NORMAL PARA ESGOTO PREDIAL",null,null,null,null,null,"SINAPI","UN    ",1,21.71,21.71]
[null,20078,"PASTA LUBRIFICANTE PARA TUBOS E CONEXOES COM JUNTA ELASTICA, EMBALAGEM DE *400* GR (USO EM PVC, ACO, POLIETILENO E OUTROS)",null,null,null,null,null,"SINAPI","UN    ",7.4999999999999997E-2,23.81,1.7857499999999999]
[]
["DAC-13.9","INSTALAÇÃO TE, PVC, SERIE NORMAL, ESGOTO PREDIAL, DN 75 X 50 MM, JUNTA ELÁSTICA",null,null,null,null,null,null,"CPU","UN    ",null,null,{"$f":"SUM(M211:M215)","v":12.106141999999998}]
[null,88248,{"$f":"IF(I211=\"SINAPI\",VLOOKUP(B211,DADOS_SINAPI,2,0),IF(I211=\"SETOP\",VLOOKUP(B211,DADOS_SETOP,2,0),IF(I211=\"SICRO\",VLOOKUP(B211,DADOS_SICRO,2,0),IF(I211=\"SUDECAP\",VLOOKUP(B211,DADOS_SUDECAP,2,0),IF(I211=\"COTAÇÃO\",VLOOKUP(B211,DADOS_COTACAO,2,0),VLOOKUP(B211,DADOS_COMPOSICAO,2,0))))))","v":"AUXILIAR DE ENCANADOR OU BOMBEIRO HIDRÁULICO COM ENCARGOS COMPLEMENTARES"},null,null,null,null,null,"SINAPI",{"$f":"IF(I211=\"SINAPI\",VLOOKUP(B211,DADOS_SINAPI,3,0),IF(I211=\"SETOP\",VLOOKUP(B211,DADOS_SETOP,3,0),IF(I211=\"SICRO\",VLOOKUP(B211,DADOS_SICRO,3,0),IF(I211=\"SUDECAP\",VLOOKUP(B211,DADOS_SUDECAP,3,0),IF(I211=\"COTAÇÃO\",VLOOKUP(B211,DADOS_COTACAO,9,0),VLOOKUP(B211,DADOS_COMPOSICAO,10,0))))))","v":"H"},8.4199999999999997E-2,{"$f":"IF(I211=\"SINAPI\",VLOOKUP(B211,DADOS_SINAPI,4,0),IF(I211=\"SETOP\",VLOOKUP(B211,DADOS_SETOP,4,0),IF(I211=\"SICRO\",VLOOKUP(B211,DADOS_SICRO,4,0),IF(I211=\"SUDECAP\",VLOOKUP(B211,DADOS_SUDECAP,4,0),IF(I211=\"COTAÇÃO\",VLOOKUP(B211,DADOS_COTACAO,12,0),VLOOKUP(B211,DADOS_COMPOSICAO,13,0))))))","v":19.07},{"$f":"K211*L211","v":1.605694}]
[null,88267,"ENCANADOR OU BOMBEIRO HIDRÁULICO COM ENCARGOS COMPLEMENTARES",null,null,null,null,null,"SINAPI","H",8.4199999999999997E-2,23.69,1.9946980000000001]
[null,297,"ANEL BORRACHA PARA TUBO ESGOTO PREDIAL, DN 75 MM (NBR 5688)",null,null,null,null,null,"SINAPI","UN    ",2,2.5099999999999998,5.0199999999999996]
[null,296,"ANEL BORRACHA PARA TUBO ESGOTO PREDIAL, DN 50 MM (NBR 5688)",null,null,null,null,null,"SINAPI","UN    ",1,1.7,1.7]
[null,20078,"PASTA LUBRIFICANTE PARA TUBOS E CONEXOES COM JUNTA ELASTICA, EMBALAGEM DE *400* GR (USO EM PVC, ACO, POLIETILENO E OUTROS)",null,null,null,null,null,"SINAPI","UN    ",7.4999999999999997E-2,23.81,1.7857499999999999]
[]
[14,{"$f":"VLOOKUP(A217,ORC!$D$24:$N$2945,2,0)","v":"LOUÇAS E METAIS"}]
["DAC-14.1","BANCADA EM AÇO INOXIDÁVEL COM RODABANCA",null,null,null,null,null,null,"CPU","M2",null,null,{"$f":"SUM(M219:M221)","v":1957.8494999999998}]
[null,88309,{"$f":"IF(I219=\"SINAPI\",VLOOKUP(B219,DADOS_SINAPI,2,0),IF(I219=\"SETOP\",VLOOKUP(B219,DADOS_SETOP,2,0),IF(I219=\"SICRO\",VLOOKUP(B219,DADOS_SICRO,2,0),IF(I219=\"SUDECAP\",VLOOKUP(B219,DADOS_SUDECAP,2,0),IF(I219=\"COTAÇÃO\",VLOOKUP(B219,DADOS_COTACAO,2,0),VLOOKUP(B219,DADOS_COMPOSICAO,2,0))))))","v":"PEDREIRO COM ENCARGOS COMPLEMENTARES"},null,null,null,null,null,"SINAPI",{"$f":"IF(I219=\"SINAPI\",VLOOKUP(B219,DADOS_SINAPI,3,0),IF(I219=\"SETOP\",VLOOKUP(B219,DADOS_SETOP,3,0),IF(I219=\"SICRO\",VLOOKUP(B219,DADOS_SICRO,3,0),IF(I219=\"SUDECAP\",VLOOKUP(B219,DADOS_SUDECAP,3,0),IF(I219=\"COTAÇÃO\",VLOOKUP(B219,DADOS_COTACAO,9,0),VLOOKUP(B219,DADOS_COMPOSICAO,10,0))))))","v":"H"},6,{"$f":"IF(I219=\"SINAPI\",VLOOKUP(B219,DADOS_SINAPI,4,0),IF(I219=\"SETOP\",VLOOKUP(B219,DADOS_SETOP,4,0),IF(I219=\"SICRO\",VLOOKUP(B219,DADOS_SICRO,4,0),IF(I219=\"SUDECAP\",VLOOKUP(B219,DADOS_SUDECAP,4,0),IF(I219=\"COTAÇÃO\",VLOOKUP(B219,DADOS_COTACAO,12,0),VLOOKUP(B219,DADOS_COMPOSICAO,13,0))))))","v":24.43},{"$f":"K219*L219","v":146.57999999999998}]
[null,88316,{"$f":"IF(I220=\"SINAPI\",VLOOKUP(B220,DADOS_SINAPI,2,0),IF(I220=\"SETOP\",VLOOKUP(B220,DADOS_SETOP,2,0),IF(I220=\"SICRO\",VLOOKUP(B220,DADOS_SICRO,2,0),IF(I220=\"SUDECAP\",VLOOKUP(B220,DADOS_SUDECAP,2,0),IF(I220=\"COTAÇÃO\",VLOOKUP(B220,DADOS_COTACAO,2,0),VLOOKUP(B220,DADOS_COMPOSICAO,2,0))))))","v":"SERVENTE COM ENCARGOS COMPLEMENTARES"},null,null,null,null,null,"SINAPI",{"$f":"IF(I220=\"SINAPI\",VLOOKUP(B220,DADOS_SINAPI,3,0),IF(I220=\"SETOP\",VLOOKUP(B220,DADOS_SETOP,3,0),IF(I220=\"SICRO\",VLOOKUP(B220,DADOS_SICRO,3,0),IF(I220=\"SUDECAP\",VLOOKUP(B220,DADOS_SUDECAP,3,0),IF(I220=\"COTAÇÃO\",VLOOKUP(B220,DADOS_COTACAO,9,0),VLOOKUP(B220,DADOS_COMPOSICAO,10,0))))))","v":"H"},3.5,{"$f":"IF(I220=\"SINAPI\",VLOOKUP(B220,DADOS_SINAPI,4,0),IF(I220=\"SETOP\",VLOOKUP(B220,DADOS_SETOP,4,0),IF(I220=\"SICRO\",VLOOKUP(B220,DADOS_SICRO,4,0),IF(I220=\"SUDECAP\",VLOOKUP(B220,DADOS_SUDECAP,4,0),IF(I220=\"COTAÇÃO\",VLOOKUP(B220,DADOS_COTACAO,12,0),VLOOKUP(B220,DADOS_COMPOSICAO,13,0))))))","v":17.77},62.195]
[null,11687,{"$f":"IF(I221=\"SINAPI\",VLOOKUP(B221,DADOS_SINAPI,2,0),IF(I221=\"SETOP\",VLOOKUP(B221,DADOS_SETOP,2,0),IF(I221=\"SICRO\",VLOOKUP(B221,DADOS_SICRO,2,0),IF(I221=\"SUDECAP\",VLOOKUP(B221,DADOS_SUDECAP,2,0),IF(I221=\"COTAÇÃO\",VLOOKUP(B221,DADOS_COTACAO,2,0),VLOOKUP(B221,DADOS_COMPOSICAO,2,0))))))","v":"BANCADA/TAMPO ACO INOX (AISI 304), LARGURA 60 CM, COM RODABANCA (NAO INCLUI PES DE APOIO)"},null,null,null,null,null,"SINAPI",{"$f":"IF(I221=\"SINAPI\",VLOOKUP(B221,DADOS_SINAPI,3,0),IF(I221=\"SETOP\",VLOOKUP(B221,DADOS_SETOP,3,0),IF(I221=\"SICRO\",VLOOKUP(B221,DADOS_SICRO,3,0),IF(I221=\"SUDECAP\",VLOOKUP(B221,DADOS_SUDECAP,3,0),IF(I221=\"COTAÇÃO\",VLOOKUP(B221,DADOS_COTACAO,9,0),VLOOKUP(B221,DADOS_COMPOSICAO,10,0))))))","v":"M     "},1.67,{"$f":"IF(I221=\"SINAPI\",VLOOKUP(B221,DADOS_SINAPI,4,0),IF(I221=\"SETOP\",VLOOKUP(B221,DADOS_SETOP,4,0),IF(I221=\"SICRO\",VLOOKUP(B221,DADOS_SICRO,4,0),IF(I221=\"SUDECAP\",VLOOKUP(B221,DADOS_SUDECAP,4,0),IF(I221=\"COTAÇÃO\",VLOOKUP(B221,DADOS_COTACAO,12,0),VLOOKUP(B221,DADOS_COMPOSICAO,13,0))))))","v":1047.3499999999999},1749.0744999999997]
[]
[16,{"$f":"VLOOKUP(A223,ORC!$D$24:$N$2945,2,0)","v":"DRENAGEM PLUVIAL"}]
["DAC-16.1","TUBO PVC, ÁGUA PLUVIAL, DN 200 MM, FORNECIDO E INSTALADO ",null,null,null,null,null,null,"CPU","M     ",null,null,{"$f":"SUM(M225:M229)","v":287.631326}]
[null,88248,{"$f":"IF(I225=\"SINAPI\",VLOOKUP(B225,DADOS_SINAPI,2,0),IF(I225=\"SETOP\",VLOOKUP(B225,DADOS_SETOP,2,0),IF(I225=\"SICRO\",VLOOKUP(B225,DADOS_SICRO,2,0),IF(I225=\"SUDECAP\",VLOOKUP(B225,DADOS_SUDECAP,2,0),IF(I225=\"COTAÇÃO\",VLOOKUP(B225,DADOS_COTACAO,2,0),VLOOKUP(B225,DADOS_COMPOSICAO,2,0))))))","v":"AUXILIAR DE ENCANADOR OU BOMBEIRO HIDRÁULICO COM ENCARGOS COMPLEMENTARES"},null,null,null,null,null,"SINAPI",{"$f":"IF(I225=\"SINAPI\",VLOOKUP(B225,DADOS_SINAPI,3,0),IF(I225=\"SETOP\",VLOOKUP(B225,DADOS_SETOP,3,0),IF(I225=\"SICRO\",VLOOKUP(B225,DADOS_SICRO,3,0),IF(I225=\"SUDECAP\",VLOOKUP(B225,DADOS_SUDECAP,3,0),IF(I225=\"COTAÇÃO\",VLOOKUP(B225,DADOS_COTACAO,9,0),VLOOKUP(B225,DADOS_COMPOSICAO,10,0))))))","v":"H"},0.19259999999999999,{"$f":"IF(I225=\"SINAPI\",VLOOKUP(B225,DADOS_SINAPI,4,0),IF(I225=\"SETOP\",VLOOKUP(B225,DADOS_SETOP,4,0),IF(I225=\"SICRO\",VLOOKUP(B225,DADOS_SICRO,4,0),IF(I225=\"SUDECAP\",VLOOKUP(B225,DADOS_SUDECAP,4,0),IF(I225=\"COTAÇÃO\",VLOOKUP(B225,DADOS_COTACAO,12,0),VLOOKUP(B225,DADOS_COMPOSICAO,13,0))))))","v":19.07},{"$f":"K225*L225","v":3.672882}]
[null,88267,{"$f":"IF(I226=\"SINAPI\",VLOOKUP(B226,DADOS_SINAPI,2,0),IF(I226=\"SETOP\",VLOOKUP(B226,DADOS_SETOP,2,0),IF(I226=\"SICRO\",VLOOKUP(B226,DADOS_SICRO,2,0),IF(I226=\"SUDECAP\",VLOOKUP(B226,DADOS_SUDECAP,2,0),IF(I226=\"COTAÇÃO\",VLOOKUP(B226,DADOS_COTACAO,2,0),VLOOKUP(B226,DADOS_COMPOSICAO,2,0))))))","v":"ENCANADOR OU BOMBEIRO HIDRÁULICO COM ENCARGOS COMPLEMENTARES"},null,null,null,null,null,"SINAPI",{"$f":"IF(I226=\"SINAPI\",VLOOKUP(B226,DADOS_SINAPI,3,0),IF(I226=\"SETOP\",VLOOKUP(B226,DADOS_SETOP,3,0),IF(I226=\"SICRO\",VLOOKUP(B226,DADOS_SICRO,3,0),IF(I226=\"SUDECAP\",VLOOKUP(B226,DADOS_SUDECAP,3,0),IF(I226=\"COTAÇÃO\",VLOOKUP(B226,DADOS_COTACAO,9,0),VLOOKUP(B226,DADOS_COMPOSICAO,10,0))))))","v":"H"},0.19259999999999999,{"$f":"IF(I226=\"SINAPI\",VLOOKUP(B226,DADOS_SINAPI,4,0),IF(I226=\"SETOP\",VLOOKUP(B226,DADOS_SETOP,4,0),IF(I226=\"SICRO\",VLOOKUP(B226,DADOS_SICRO,4,0),IF(I226=\"SUDECAP\",VLOOKUP(B226,DADOS_SUDECAP,4,0),IF(I226=\"COTAÇÃO\",VLOOKUP(B226,DADOS_COTACAO,12,0),VLOOKUP(B226,DADOS_COMPOSICAO,13,0))))))","v":23.69},4.5626940000000005]
[null,306,{"$f":"IF(I227=\"SINAPI\",VLOOKUP(B227,DADOS_SINAPI,2,0),IF(I227=\"SETOP\",VLOOKUP(B227,DADOS_SETOP,2,0),IF(I227=\"SICRO\",VLOOKUP(B227,DADOS_SICRO,2,0),IF(I227=\"SUDECAP\",VLOOKUP(B227,DADOS_SUDECAP,2,0),IF(I227=\"COTAÇÃO\",VLOOKUP(B227,DADOS_COTACAO,2,0),VLOOKUP(B227,DADOS_COMPOSICAO,2,0))))))","v":"ANEL BORRACHA, PARA TUBO PVC, REDE COLETOR ESGOTO, DN 200 MM (NBR 7362)"},null,null,null,null,null,"SINAPI",{"$f":"IF(I227=\"SINAPI\",VLOOKUP(B227,DADOS_SINAPI,3,0),IF(I227=\"SETOP\",VLOOKUP(B227,DADOS_SETOP,3,0),IF(I227=\"SICRO\",VLOOKUP(B227,DADOS_SICRO,3,0),IF(I227=\"SUDECAP\",VLOOKUP(B227,DADOS_SUDECAP,3,0),IF(I227=\"COTAÇÃO\",VLOOKUP(B227,DADOS_COTACAO,9,0),VLOOKUP(B227,DADOS_COMPOSICAO,10,0))))))","v":"UN    "},1,{"$f":"IF(I227=\"SINAPI\",VLOOKUP(B227,DADOS_SINAPI,4,0),IF(I227=\"SETOP\",VLOOKUP(B227,DADOS_SETOP,4,0),IF(I227=\"SICRO\",VLOOKUP(B227,DADOS_SICRO,4,0),IF(I227=\"SUDECAP\",VLOOKUP(B227,DADOS_SUDECAP,4,0),IF(I227=\"COTAÇÃO\",VLOOKUP(B227,DADOS_COTACAO,12,0),VLOOKUP(B227,DADOS_COMPOSICAO,13,0))))))","v":15.96},15.96]
[null,9829,{"$f":"IF(I228=\"SINAPI\",VLOOKUP(B228,DADOS_SINAPI,2,0),IF(I228=\"SETOP\",VLOOKUP(B228,DADOS_SETOP,2,0),IF(I228=\"SICRO\",VLOOKUP(B228,DADOS_SICRO,2,0),IF(I228=\"SUDECAP\",VLOOKUP(B228,DADOS_SUDECAP,2,0),IF(I228=\"COTAÇÃO\",VLOOKUP(B228,DADOS_COTACAO,2,0),VLOOKUP(B228,DADOS_COMPOSICAO,2,0))))))","v":"TUBO PVC DEFOFO, JEI, 1 MPA, DN 200 MM, PARA REDE DE AGUA (NBR 7665)"},null,null,null,null,null,"SINAPI",{"$f":"IF(I228=\"SINAPI\",VLOOKUP(B228,DADOS_SINAPI,3,0),IF(I228=\"SETOP\",VLOOKUP(B228,DADOS_SETOP,3,0),IF(I228=\"SICRO\",VLOOKUP(B228,DADOS_SICRO,3,0),IF(I228=\"SUDECAP\",VLOOKUP(B228,DADOS_SUDECAP,3,0),IF(I228=\"COTAÇÃO\",VLOOKUP(B228,DADOS_COTACAO,9,0),VLOOKUP(B228,DADOS_COMPOSICAO,10,0))))))","v":"M     "},1,{"$f":"IF(I228=\"SINAPI\",VLOOKUP(B228,DADOS_SINAPI,4,0),IF(I228=\"SETOP\",VLOOKUP(B228,DADOS_SETOP,4,0),IF(I228=\"SICRO\",VLOOKUP(B228,DADOS_SICRO,4,0),IF(I228=\"SUDECAP\",VLOOKUP(B228,DADOS_SUDECAP,4,0),IF(I228=\"COTAÇÃO\",VLOOKUP(B228,DADOS_COTACAO,12,0),VLOOKUP(B228,DADOS_COMPOSICAO,13,0))))))","v":261.64999999999998},{"$f":"K228*L228","v":261.64999999999998}]
[null,20078,{"$f":"IF(I229=\"SINAPI\",VLOOKUP(B229,DADOS_SINAPI,2,0),IF(I229=\"SETOP\",VLOOKUP(B229,DADOS_SETOP,2,0),IF(I229=\"SICRO\",VLOOKUP(B229,DADOS_SICRO,2,0),IF(I229=\"SUDECAP\",VLOOKUP(B229,DADOS_SUDECAP,2,0),IF(I229=\"COTAÇÃO\",VLOOKUP(B229,DADOS_COTACAO,2,0),VLOOKUP(B229,DADOS_COMPOSICAO,2,0))))))","v":"PASTA LUBRIFICANTE PARA TUBOS E CONEXOES COM JUNTA ELASTICA, EMBALAGEM DE *400* GR (USO EM PVC, ACO, POLIETILENO E OUTROS)"},null,null,null,null,null,"SINAPI",{"$f":"IF(I229=\"SINAPI\",VLOOKUP(B229,DADOS_SINAPI,3,0),IF(I229=\"SETOP\",VLOOKUP(B229,DADOS_SETOP,3,0),IF(I229=\"SICRO\",VLOOKUP(B229,DADOS_SICRO,3,0),IF(I229=\"SUDECAP\",VLOOKUP(B229,DADOS_SUDECAP,3,0),IF(I229=\"COTAÇÃO\",VLOOKUP(B229,DADOS_COTACAO,9,0),VLOOKUP(B229,DADOS_COMPOSICAO,10,0))))))","v":"UN    "},7.4999999999999997E-2,{"$f":"IF(I229=\"SINAPI\",VLOOKUP(B229,DADOS_SINAPI,4,0),IF(I229=\"SETOP\",VLOOKUP(B229,DADOS_SETOP,4,0),IF(I229=\"SICRO\",VLOOKUP(B229,DADOS_SICRO,4,0),IF(I229=\"SUDECAP\",VLOOKUP(B229,DADOS_SUDECAP,4,0),IF(I229=\"COTAÇÃO\",VLOOKUP(B229,DADOS_COTACAO,12,0),VLOOKUP(B229,DADOS_COMPOSICAO,13,0))))))","v":23.81},1.7857499999999999]
[]
[21,{"$f":"VLOOKUP(A231,ORC!$D$24:$N$2945,2,0)","v":"PROTEÇÃO CONTRA INCÊNDO E PÂNICO"}]
["DAC-21.1","PINTURA ACRÍLICA PARA SINALIZAÇÃO HORIZONTAL EM PISO",null,null,null,null,null,null,"CPU","M2",null,null,{"$f":"SUM(M233:M235)","v":13.964399999999999}]
[null,88310,{"$f":"IF(I233=\"SINAPI\",VLOOKUP(B233,DADOS_SINAPI,2,0),IF(I233=\"SETOP\",VLOOKUP(B233,DADOS_SETOP,2,0),IF(I233=\"SICRO\",VLOOKUP(B233,DADOS_SICRO,2,0),IF(I233=\"SUDECAP\",VLOOKUP(B233,DADOS_SUDECAP,2,0),IF(I233=\"COTAÇÃO\",VLOOKUP(B233,DADOS_COTACAO,2,0),VLOOKUP(B233,DADOS_COMPOSICAO,2,0))))))","v":"PINTOR COM ENCARGOS COMPLEMENTARES"},null,null,null,null,null,"SINAPI",{"$f":"IF(I233=\"SINAPI\",VLOOKUP(B233,DADOS_SINAPI,3,0),IF(I233=\"SETOP\",VLOOKUP(B233,DADOS_SETOP,3,0),IF(I233=\"SICRO\",VLOOKUP(B233,DADOS_SICRO,3,0),IF(I233=\"SUDECAP\",VLOOKUP(B233,DADOS_SUDECAP,3,0),IF(I233=\"COTAÇÃO\",VLOOKUP(B233,DADOS_COTACAO,9,0),VLOOKUP(B233,DADOS_COMPOSICAO,10,0))))))","v":"H"},0.3,{"$f":"IF(I233=\"SINAPI\",VLOOKUP(B233,DADOS_SINAPI,4,0),IF(I233=\"SETOP\",VLOOKUP(B233,DADOS_SETOP,4,0),IF(I233=\"SICRO\",VLOOKUP(B233,DADOS_SICRO,4,0),IF(I233=\"SUDECAP\",VLOOKUP(B233,DADOS_SUDECAP,4,0),IF(I233=\"COTAÇÃO\",VLOOKUP(B233,DADOS_COTACAO,12,0),VLOOKUP(B233,DADOS_COMPOSICAO,13,0))))))","v":25.66},{"$f":"K233*L233","v":7.6979999999999995}]
[null,88316,{"$f":"IF(I234=\"SINAPI\",VLOOKUP(B234,DADOS_SINAPI,2,0),IF(I234=\"SETOP\",VLOOKUP(B234,DADOS_SETOP,2,0),IF(I234=\"SICRO\",VLOOKUP(B234,DADOS_SICRO,2,0),IF(I234=\"SUDECAP\",VLOOKUP(B234,DADOS_SUDECAP,2,0),IF(I234=\"COTAÇÃO\",VLOOKUP(B234,DADOS_COTACAO,2,0),VLOOKUP(B234,DADOS_COMPOSICAO,2,0))))))","v":"SERVENTE COM ENCARGOS COMPLEMENTARES"},null,null,null,null,null,"SINAPI",{"$f":"IF(I234=\"SINAPI\",VLOOKUP(B234,DADOS_SINAPI,3,0),IF(I234=\"SETOP\",VLOOKUP(B234,DADOS_SETOP,3,0),IF(I234=\"SICRO\",VLOOKUP(B234,DADOS_SICRO,3,0),IF(I234=\"SUDECAP\",VLOOKUP(B234,DADOS_SUDECAP,3,0),IF(I234=\"COTAÇÃO\",VLOOKUP(B234,DADOS_COTACAO,9,0),VLOOKUP(B234,DADOS_COMPOSICAO,10,0))))))","v":"H"},0.3,{"$f":"IF(I234=\"SINAPI\",VLOOKUP(B234,DADOS_SINAPI,4,0),IF(I234=\"SETOP\",VLOOKUP(B234,DADOS_SETOP,4,0),IF(I234=\"SICRO\",VLOOKUP(B234,DADOS_SICRO,4,0),IF(I234=\"SUDECAP\",VLOOKUP(B234,DADOS_SUDECAP,4,0),IF(I234=\"COTAÇÃO\",VLOOKUP(B234,DADOS_COTACAO,12,0),VLOOKUP(B234,DADOS_COMPOSICAO,13,0))))))","v":17.77},5.3309999999999995]
[null,7348,{"$f":"IF(I235=\"SINAPI\",VLOOKUP(B235,DADOS_SINAPI,2,0),IF(I235=\"SETOP\",VLOOKUP(B235,DADOS_SETOP,2,0),IF(I235=\"SICRO\",VLOOKUP(B235,DADOS_SICRO,2,0),IF(I235=\"SUDECAP\",VLOOKUP(B235,DADOS_SUDECAP,2,0),IF(I235=\"COTAÇÃO\",VLOOKUP(B235,DADOS_COTACAO,2,0),VLOOKUP(B235,DADOS_COMPOSICAO,2,0))))))","v":"TINTA ACRILICA PREMIUM PARA PISO"},null,null,null,null,null,"SINAPI",{"$f":"IF(I235=\"SINAPI\",VLOOKUP(B235,DADOS_SINAPI,3,0),IF(I235=\"SETOP\",VLOOKUP(B235,DADOS_SETOP,3,0),IF(I235=\"SICRO\",VLOOKUP(B235,DADOS_SICRO,3,0),IF(I235=\"SUDECAP\",VLOOKUP(B235,DADOS_SUDECAP,3,0),IF(I235=\"COTAÇÃO\",VLOOKUP(B235,DADOS_COTACAO,9,0),VLOOKUP(B235,DADOS_COMPOSICAO,10,0))))))","v":"L     "},0.06,{"$f":"IF(I235=\"SINAPI\",VLOOKUP(B235,DADOS_SINAPI,4,0),IF(I235=\"SETOP\",VLOOKUP(B235,DADOS_SETOP,4,0),IF(I235=\"SICRO\",VLOOKUP(B235,DADOS_SICRO,4,0),IF(I235=\"SUDECAP\",VLOOKUP(B235,DADOS_SUDECAP,4,0),IF(I235=\"COTAÇÃO\",VLOOKUP(B235,DADOS_COTACAO,12,0),VLOOKUP(B235,DADOS_COMPOSICAO,13,0))))))","v":15.59},0.93540000000000001]
[]
["DAC-21.2","INSTALAÇÃO DE PLACAS",null,null,null,null,null,null,"CPU","UN ",null,null,{"$f":"SUM(M238:M238)","v":7.3289999999999997}]
[null,88309,{"$f":"IF(I238=\"SINAPI\",VLOOKUP(B238,DADOS_SINAPI,2,0),IF(I238=\"SETOP\",VLOOKUP(B238,DADOS_SETOP,2,0),IF(I238=\"SICRO\",VLOOKUP(B238,DADOS_SICRO,2,0),IF(I238=\"SUDECAP\",VLOOKUP(B238,DADOS_SUDECAP,2,0),IF(I238=\"COTAÇÃO\",VLOOKUP(B238,DADOS_COTACAO,2,0),VLOOKUP(B238,DADOS_COMPOSICAO,2,0))))))","v":"PEDREIRO COM ENCARGOS COMPLEMENTARES"},null,null,null,null,null,"SINAPI",{"$f":"IF(I238=\"SINAPI\",VLOOKUP(B238,DADOS_SINAPI,3,0),IF(I238=\"SETOP\",VLOOKUP(B238,DADOS_SETOP,3,0),IF(I238=\"SICRO\",VLOOKUP(B238,DADOS_SICRO,3,0),IF(I238=\"SUDECAP\",VLOOKUP(B238,DADOS_SUDECAP,3,0),IF(I238=\"COTAÇÃO\",VLOOKUP(B238,DADOS_COTACAO,9,0),VLOOKUP(B238,DADOS_COMPOSICAO,10,0))))))","v":"H"},0.3,{"$f":"IF(I238=\"SINAPI\",VLOOKUP(B238,DADOS_SINAPI,4,0),IF(I238=\"SETOP\",VLOOKUP(B238,DADOS_SETOP,4,0),IF(I238=\"SICRO\",VLOOKUP(B238,DADOS_SICRO,4,0),IF(I238=\"SUDECAP\",VLOOKUP(B238,DADOS_SUDECAP,4,0),IF(I238=\"COTAÇÃO\",VLOOKUP(B238,DADOS_COTACAO,12,0),VLOOKUP(B238,DADOS_COMPOSICAO,13,0))))))","v":24.43},{"$f":"K238*L238","v":7.3289999999999997}]
[]
["DAC-21.3","ABRIGO PARA HIDRANTE, 90X60X17CM, COM REGISTRO GLOBO ANGULAR 45° 2 1/2\", ADAPTADOR STORZ 2 1/2\", 2 MANGUEIRA DE INCÊNDIO DE 15M, REDUÇÃO DE 2 1/2\" X 1 1/2\" E ESGUICHO EM LATÃO 1 1/2\" - FORNECIMENTO E INSTALAÇÃO",null,null,null,null,null,null,"CPU","UN ",null,null,{"$f":"SUM(M241:M249)","v":2548.9621200000001}]
[null,88267,{"$f":"IF(I241=\"SINAPI\",VLOOKUP(B241,DADOS_SINAPI,2,0),IF(I241=\"SETOP\",VLOOKUP(B241,DADOS_SETOP,2,0),IF(I241=\"SICRO\",VLOOKUP(B241,DADOS_SICRO,2,0),IF(I241=\"SUDECAP\",VLOOKUP(B241,DADOS_SUDECAP,2,0),IF(I241=\"COTAÇÃO\",VLOOKUP(B241,DADOS_COTACAO,2,0),VLOOKUP(B241,DADOS_COMPOSICAO,2,0))))))","v":"ENCANADOR OU BOMBEIRO HIDRÁULICO COM ENCARGOS COMPLEMENTARES"},null,null,null,null,null,"SINAPI",{"$f":"IF(I241=\"SINAPI\",VLOOKUP(B241,DADOS_SINAPI,3,0),IF(I241=\"SETOP\",VLOOKUP(B241,DADOS_SETOP,3,0),IF(I241=\"SICRO\",VLOOKUP(B241,DADOS_SICRO,3,0),IF(I241=\"SUDECAP\",VLOOKUP(B241,DADOS_SUDECAP,3,0),IF(I241=\"COTAÇÃO\",VLOOKUP(B241,DADOS_COTACAO,9,0),VLOOKUP(B241,DADOS_COMPOSICAO,10,0))))))","v":"H"},3.0369999999999999,{"$f":"IF(I241=\"SINAPI\",VLOOKUP(B241,DADOS_SINAPI,4,0),IF(I241=\"SETOP\",VLOOKUP(B241,DADOS_SETOP,4,0),IF(I241=\"SICRO\",VLOOKUP(B241,DADOS_SICRO,4,0),IF(I241=\"SUDECAP\",VLOOKUP(B241,DADOS_SUDECAP,4,0),IF(I241=\"COTAÇÃO\",VLOOKUP(B241,DADOS_COTACAO,12,0),VLOOKUP(B241,DADOS_COMPOSICAO,13,0))))))","v":23.69},{"$f":"K241*L241","v":71.946529999999996}]
[null,88248,"AUXILIAR DE ENCANADOR OU BOMBEIRO HIDRÁULICO COM ENCARGOS COMPLEMENTARES",null,null,null,null,null,"SINAPI","H",3.0369999999999999,19.07,57.915590000000002]
[null,4350,"BUCHA DE NYLON, DIAMETRO DO FURO 8 MM, COMPRIMENTO 40 MM, COM PARAFUSO DE ROSCA SOBERBA, CABECA CHATA, FENDA SIMPLES, 4,8 X 50 MM",null,null,null,null,null,"SINAPI","UN    ",4,0.87,3.48]
[null,10899,"ADAPTADOR, EM LATAO, ENGATE RAPIDO 2 1/2\" X ROSCA INTERNA 5 FIOS 2 1/2\",  PARA INSTALACAO PREDIAL DE COMBATE A INCENDIO",null,null,null,null,null,"SINAPI","UN    ",1,87.61,87.61]
[null,10904,"REGISTRO OU VALVULA GLOBO ANGULAR EM LATAO, PARA HIDRANTES EM INSTALACAO PREDIAL DE INCENDIO, 45 GRAUS, DIAMETRO DE 2 1/2\", COM VOLANTE, CLASSE DE PRESSAO DE ATE 200 PSI",null,null,null,null,null,"SINAPI","UN    ",1,200,200]
[null,20963,"CAIXA DE INCENDIO/ABRIGO PARA MANGUEIRA, DE SOBREPOR/EXTERNA, COM 90 X 60 X 17 CM, EM CHAPA DE ACO, PORTA COM VENTILACAO, VISOR COM A INSCRICAO \"INCENDIO\", SUPORTE/CESTA INTERNA PARA A MANGUEIRA, PINTURA ELETROSTATICA VERMELHA",null,null,null,null,null,"SINAPI","UN    ",1,370.14,370.14]
[null,20971,"CHAVE DUPLA PARA CONEXOES TIPO STORZ, ENGATE RAPIDO 1 1/2\" X 2 1/2\", EM LATAO, PARA INSTALACAO PREDIAL COMBATE A INCENDIO",null,null,null,null,null,"SINAPI","UN    ",1,19.04,19.04]
[null,37555,"ESGUICHO JATO REGULAVEL, TIPO ELKHART, ENGATE RAPIDO 2 1/2\", PARA COMBATE A INCENDIO",null,null,null,null,null,"SINAPI","UN    ",1,285.70999999999998,285.70999999999998]
[null,21034,"MANGUEIRA DE INCENDIO, TIPO 2, DE 2 1/2\", COMPRIMENTO = 15 M, TECIDO EM FIO DE POLIESTER E TUBO INTERNO EM BORRACHA SINTETICA, COM UNIOES ENGATE RAPIDO",null,null,null,null,null,"SINAPI","UN    ",2,726.56,1453.12]
[]
["DAC-21.4","INSTALAÇÃO DO SISTEMA DE ALARME",null,null,null,null,null,null,"CPU","UN ",null,null,{"$f":"SUM(M252:M253)","v":1790.3999999999999}]
[null,88264,{"$f":"IF(I252=\"SINAPI\",VLOOKUP(B252,DADOS_SINAPI,2,0),IF(I252=\"SETOP\",VLOOKUP(B252,DADOS_SETOP,2,0),IF(I252=\"SICRO\",VLOOKUP(B252,DADOS_SICRO,2,0),IF(I252=\"SUDECAP\",VLOOKUP(B252,DADOS_SUDECAP,2,0),IF(I252=\"COTAÇÃO\",VLOOKUP(B252,DADOS_COTACAO,2,0),VLOOKUP(B252,DADOS_COMPOSICAO,2,0))))))","v":"ELETRICISTA COM ENCARGOS COMPLEMENTARES"},null,null,null,null,null,"SINAPI",{"$f":"IF(I252=\"SINAPI\",VLOOKUP(B252,DADOS_SINAPI,3,0),IF(I252=\"SETOP\",VLOOKUP(B252,DADOS_SETOP,3,0),IF(I252=\"SICRO\",VLOOKUP(B252,DADOS_SICRO,3,0),IF(I252=\"SUDECAP\",VLOOKUP(B252,DADOS_SUDECAP,3,0),IF(I252=\"COTAÇÃO\",VLOOKUP(B252,DADOS_COTACAO,9,0),VLOOKUP(B252,DADOS_COMPOSICAO,10,0))))))","v":"H"},40,{"$f":"IF(I252=\"SINAPI\",VLOOKUP(B252,DADOS_SINAPI,4,0),IF(I252=\"SETOP\",VLOOKUP(B252,DADOS_SETOP,4,0),IF(I252=\"SICRO\",VLOOKUP(B252,DADOS_SICRO,4,0),IF(I252=\"SUDECAP\",VLOOKUP(B252,DADOS_SUDECAP,4,0),IF(I252=\"COTAÇÃO\",VLOOKUP(B252,DADOS_COTACAO,12,0),VLOOKUP(B252,DADOS_COMPOSICAO,13,0))))))","v":24.74},{"$f":"K252*L252","v":989.59999999999991}]
[null,88247,{"$f":"IF(I253=\"SINAPI\",VLOOKUP(B253,DADOS_SINAPI,2,0),IF(I253=\"SETOP\",VLOOKUP(B253,DADOS_SETOP,2,0),IF(I253=\"SICRO\",VLOOKUP(B253,DADOS_SICRO,2,0),IF(I253=\"SUDECAP\",VLOOKUP(B253,DADOS_SUDECAP,2,0),IF(I253=\"COTAÇÃO\",VLOOKUP(B253,DADOS_COTACAO,2,0),VLOOKUP(B253,DADOS_COMPOSICAO,2,0))))))","v":"AUXILIAR DE ELETRICISTA COM ENCARGOS COMPLEMENTARES"},null,null,null,null,null,"SINAPI",{"$f":"IF(I253=\"SINAPI\",VLOOKUP(B253,DADOS_SINAPI,3,0),IF(I253=\"SETOP\",VLOOKUP(B253,DADOS_SETOP,3,0),IF(I253=\"SICRO\",VLOOKUP(B253,DADOS_SICRO,3,0),IF(I253=\"SUDECAP\",VLOOKUP(B253,DADOS_SUDECAP,3,0),IF(I253=\"COTAÇÃO\",VLOOKUP(B253,DADOS_COTACAO,9,0),VLOOKUP(B253,DADOS_COMPOSICAO,10,0))))))","v":"H"},40,{"$f":"IF(I253=\"SINAPI\",VLOOKUP(B253,DADOS_SINAPI,4,0),IF(I253=\"SETOP\",VLOOKUP(B253,DADOS_SETOP,4,0),IF(I253=\"SICRO\",VLOOKUP(B253,DADOS_SICRO,4,0),IF(I253=\"SUDECAP\",VLOOKUP(B253,DADOS_SUDECAP,4,0),IF(I253=\"COTAÇÃO\",VLOOKUP(B253,DADOS_COTACAO,12,0),VLOOKUP(B253,DADOS_COMPOSICAO,13,0))))))","v":20.02},800.8]
[]
["DAC-21.5","INSTALAÇÃO DE BOMBA HIDRÁULICA E QUADRO DE COMANDO PARA O SISTEMA DE COMBATE A INCÊNDIO",null,null,null,null,null,null,"CPU","UN ",null,null,{"$f":"SUM(M256:M257)","v":783.28}]
[null,88264,{"$f":"IF(I256=\"SINAPI\",VLOOKUP(B256,DADOS_SINAPI,2,0),IF(I256=\"SETOP\",VLOOKUP(B256,DADOS_SETOP,2,0),IF(I256=\"SICRO\",VLOOKUP(B256,DADOS_SICRO,2,0),IF(I256=\"SUDECAP\",VLOOKUP(B256,DADOS_SUDECAP,2,0),IF(I256=\"COTAÇÃO\",VLOOKUP(B256,DADOS_COTACAO,2,0),VLOOKUP(B256,DADOS_COMPOSICAO,2,0))))))","v":"ELETRICISTA COM ENCARGOS COMPLEMENTARES"},null,null,null,null,null,"SINAPI",{"$f":"IF(I256=\"SINAPI\",VLOOKUP(B256,DADOS_SINAPI,3,0),IF(I256=\"SETOP\",VLOOKUP(B256,DADOS_SETOP,3,0),IF(I256=\"SICRO\",VLOOKUP(B256,DADOS_SICRO,3,0),IF(I256=\"SUDECAP\",VLOOKUP(B256,DADOS_SUDECAP,3,0),IF(I256=\"COTAÇÃO\",VLOOKUP(B256,DADOS_COTACAO,9,0),VLOOKUP(B256,DADOS_COMPOSICAO,10,0))))))","v":"H"},24,{"$f":"IF(I256=\"SINAPI\",VLOOKUP(B256,DADOS_SINAPI,4,0),IF(I256=\"SETOP\",VLOOKUP(B256,DADOS_SETOP,4,0),IF(I256=\"SICRO\",VLOOKUP(B256,DADOS_SICRO,4,0),IF(I256=\"SUDECAP\",VLOOKUP(B256,DADOS_SUDECAP,4,0),IF(I256=\"COTAÇÃO\",VLOOKUP(B256,DADOS_COTACAO,12,0),VLOOKUP(B256,DADOS_COMPOSICAO,13,0))))))","v":24.74},{"$f":"K256*L256","v":593.76}]
[null,88267,{"$f":"IF(I257=\"SINAPI\",VLOOKUP(B257,DADOS_SINAPI,2,0),IF(I257=\"SETOP\",VLOOKUP(B257,DADOS_SETOP,2,0),IF(I257=\"SICRO\",VLOOKUP(B257,DADOS_SICRO,2,0),IF(I257=\"SUDECAP\",VLOOKUP(B257,DADOS_SUDECAP,2,0),IF(I257=\"COTAÇÃO\",VLOOKUP(B257,DADOS_COTACAO,2,0),VLOOKUP(B257,DADOS_COMPOSICAO,2,0))))))","v":"ENCANADOR OU BOMBEIRO HIDRÁULICO COM ENCARGOS COMPLEMENTARES"},null,null,null,null,null,"SINAPI",{"$f":"IF(I257=\"SINAPI\",VLOOKUP(B257,DADOS_SINAPI,3,0),IF(I257=\"SETOP\",VLOOKUP(B257,DADOS_SETOP,3,0),IF(I257=\"SICRO\",VLOOKUP(B257,DADOS_SICRO,3,0),IF(I257=\"SUDECAP\",VLOOKUP(B257,DADOS_SUDECAP,3,0),IF(I257=\"COTAÇÃO\",VLOOKUP(B257,DADOS_COTACAO,9,0),VLOOKUP(B257,DADOS_COMPOSICAO,10,0))))))","v":"H"},8,{"$f":"IF(I257=\"SINAPI\",VLOOKUP(B257,DADOS_SINAPI,4,0),IF(I257=\"SETOP\",VLOOKUP(B257,DADOS_SETOP,4,0),IF(I257=\"SICRO\",VLOOKUP(B257,DADOS_SICRO,4,0),IF(I257=\"SUDECAP\",VLOOKUP(B257,DADOS_SUDECAP,4,0),IF(I257=\"COTAÇÃO\",VLOOKUP(B257,DADOS_COTACAO,12,0),VLOOKUP(B257,DADOS_COMPOSICAO,13,0))))))","v":23.69},189.52]
[]
[]
[]
[]
[]
[null,null,null,"RESPONSÁVEL TÉCNICO:",null,null,{"$f":"DADOS!D16","v":"FLÁVIA CRISTINA BARBOSA"}]
[null,null,null,null,null,null,{"$f":"DADOS!D18","v":"CREA -  MG 187.842/D"}]

{"sheet":"SINAPI","index":9,"n_rows":12438,"n_cols":256,"rows_kept":562,"cut":true,"hidden":false,"merged":[],"bounds":{"rows_first":250,"rows_last":62,"rows_between":250,"halvings":3}}
[null,"SINAPI MARÇO 2023"]
["CÓDIGO","DESCRIÇÃO","UNIDADE","PREÇO"]
[38605,"ABERTURA PARA ENCAIXE DE CUBA OU LAVATORIO EM BANCADA DE MARMORE/ GRANITO OU OUTRO TIPO DE PEDRA NATURAL","UN    ",119.64]
[11270,"ABRACADEIRA DE LATAO PARA FIXACAO DE CABO PARA-RAIO, DIMENSOES 32 X 24 X 24 MM","UN    ",3.54]
[412,"ABRACADEIRA DE NYLON PARA AMARRACAO DE CABOS, COMPRIMENTO DE *230* X *7,6* MM","UN    ",1.02]
[414,"ABRACADEIRA DE NYLON PARA AMARRACAO DE CABOS, COMPRIMENTO DE 100 X 2,5 MM","UN    ",0.06]
[410,"ABRACADEIRA DE NYLON PARA AMARRACAO DE CABOS, COMPRIMENTO DE 150 X *3,6* MM","UN    ",0.15]
[411,"ABRACADEIRA DE NYLON PARA AMARRACAO DE CABOS, COMPRIMENTO DE 200 X *4,6* MM","UN    ",0.2]
[408,"ABRACADEIRA DE NYLON PARA AMARRACAO DE CABOS, COMPRIMENTO DE 390 X *4,6* MM","UN    ",0.99]
[39131,"ABRACADEIRA EM ACO PARA AMARRACAO DE ELETRODUTOS, TIPO D, COM 1 1/2\" E CUNHA DE FIXACAO","UN    ",3.79]
[394,"ABRACADEIRA EM ACO PARA AMARRACAO DE ELETRODUTOS, TIPO D, COM 1 1/2\" E PARAFUSO DE FIXACAO","UN    ",3.84]
[39130,"ABRACADEIRA EM ACO PARA AMARRACAO DE ELETRODUTOS, TIPO D, COM 1 1/4\" E CUNHA DE FIXACAO","UN    ",3.46]
[395,"ABRACADEIRA EM ACO PARA AMARRACAO DE ELETRODUTOS, TIPO D, COM 1 1/4\" E PARAFUSO DE FIXACAO","UN    ",3.7]
[39127,"ABRACADEIRA EM ACO PARA AMARRACAO DE ELETRODUTOS, TIPO D, COM 1/2\" E CUNHA DE FIXACAO","UN    ",1.82]
[392,"ABRACADEIRA EM ACO PARA AMARRACAO DE ELETRODUTOS, TIPO D, COM 1/2\" E PARAFUSO DE FIXACAO","UN    ",1.87]
[39129,"ABRACADEIRA EM ACO PARA AMARRACAO DE ELETRODUTOS, TIPO D, COM 1\" E CUNHA DE FIXACAO","UN    ",2.13]
[393,"ABRACADEIRA EM ACO PARA AMARRACAO DE ELETRODUTOS, TIPO D, COM 1\" E PARAFUSO DE FIXACAO","UN    ",2.23]
[39133,"ABRACADEIRA EM ACO PARA AMARRACAO DE ELETRODUTOS, TIPO D, COM 2 1/2\" E CUNHA DE FIXACAO","UN    ",4.9800000000000004]
[397,"ABRACADEIRA EM ACO PARA AMARRACAO DE ELETRODUTOS, TIPO D, COM 2 1/2\" E PARAFUSO DE FIXACAO","UN    ",5.5]
[39132,"ABRACADEIRA EM ACO PARA AMARRACAO DE ELETRODUTOS, TIPO D, COM 2\" E CUNHA DE FIXACAO","UN    ",3.98]
[396,"ABRACADEIRA EM ACO PARA AMARRACAO DE ELETRODUTOS, TIPO D, COM 2\" E PARAFUSO DE FIXACAO","UN    ",4.2699999999999996]
[39135,"ABRACADEIRA EM ACO PARA AMARRACAO DE ELETRODUTOS, TIPO D, COM 3 1/2\" E CUNHA DE FIXACAO","UN    ",7.97]
[39128,"ABRACADEIRA EM ACO PARA AMARRACAO DE ELETRODUTOS, TIPO D, COM 3/4\" E CUNHA DE FIXACAO","UN    ",1.99]
[400,"ABRACADEIRA EM ACO PARA AMARRACAO DE ELETRODUTOS, TIPO D, COM 3/4\" E PARAFUSO DE FIXACAO","UN    ",1.94]
[39125,"ABRACADEIRA EM ACO PARA AMARRACAO DE ELETRODUTOS, TIPO D, COM 3/8\" E PARAFUSO DE FIXACAO","UN    ",1.99]
[39134,"ABRACADEIRA EM ACO PARA AMARRACAO DE ELETRODUTOS, TIPO D, COM 3\" E CUNHA DE FIXACAO","UN    ",6.64]
[398,"ABRACADEIRA EM ACO PARA AMARRACAO DE ELETRODUTOS, TIPO D, COM 3\" E PARAFUSO DE FIXACAO","UN    ",6.12]
[39126,"ABRACADEIRA EM ACO PARA AMARRACAO DE ELETRODUTOS, TIPO D, COM 4\" E CUNHA DE FIXACAO","UN    ",8.9600000000000009]
[399,"ABRACADEIRA EM ACO PARA AMARRACAO DE ELETRODUTOS, TIPO D, COM 4\" E PARAFUSO DE FIXACAO","UN    ",7.89]
[39158,"ABRACADEIRA EM ACO PARA AMARRACAO DE ELETRODUTOS, TIPO ECONOMICA (GOTA), COM 8\"","UN    ",21.2]
[39141,"ABRACADEIRA EM ACO PARA AMARRACAO DE ELETRODUTOS, TIPO U SIMPLES, COM 1 1/2\"","UN    ",1.54]
[39140,"ABRACADEIRA EM ACO PARA AMARRACAO DE ELETRODUTOS, TIPO U SIMPLES, COM 1 1/4\"","UN    ",1.39]
[39137,"ABRACADEIRA EM ACO PARA AMARRACAO DE ELETRODUTOS, TIPO U SIMPLES, COM 1/2\"","UN    ",0.8]
[39139,"ABRACADEIRA EM ACO PARA AMARRACAO DE ELETRODUTOS, TIPO U SIMPLES, COM 1\"","UN    ",1.1599999999999999]
[39143,"ABRACADEIRA EM ACO PARA AMARRACAO DE ELETRODUTOS, TIPO U SIMPLES, COM 2 1/2\"","UN    ",3.17]
[39142,"ABRACADEIRA EM ACO PARA AMARRACAO DE ELETRODUTOS, TIPO U SIMPLES, COM 2\"","UN    ",2.27]
[39138,"ABRACADEIRA EM ACO PARA AMARRACAO DE ELETRODUTOS, TIPO U SIMPLES, COM 3/4\"","UN    ",0.85]
[39136,"ABRACADEIRA EM ACO PARA AMARRACAO DE ELETRODUTOS, TIPO U SIMPLES, COM 3/8\"","UN    ",0.56000000000000005]
[39144,"ABRACADEIRA EM ACO PARA AMARRACAO DE ELETRODUTOS, TIPO U SIMPLES, COM 3\"","UN    ",3.7]
[39145,"ABRACADEIRA EM ACO PARA AMARRACAO DE ELETRODUTOS, TIPO U SIMPLES, COM 4\"","UN    ",6.09]
[12615,"ABRACADEIRA PVC, PARA CALHA PLUVIAL, DIAMETRO ENTRE *80 E 100* MM, PARA DRENAGEM PLUVIAL PREDIAL","UN    ",13.91]
[11927,"ABRACADEIRA, GALVANIZADA/ZINCADA, ROSCA SEM FIM, PARAFUSO INOX, LARGURA  FITA *12,6 A *14 MM, D = 2\" A 2 1/2\"","UN    ",10.56]
[11928,"ABRACADEIRA, GALVANIZADA/ZINCADA, ROSCA SEM FIM, PARAFUSO INOX, LARGURA  FITA *12,6 A *14 MM, D = 3\" A 3 3/4\"","UN    ",12.1]
[11929,"ABRACADEIRA, GALVANIZADA/ZINCADA, ROSCA SEM FIM, PARAFUSO INOX, LARGURA  FITA *12,6 A *14 MM, D = 4\" A 4 3/4\"","UN    ",18.72]
[36801,"ACABAMENTO DE METAL CROMADO PARA REGISTRO PEQUENO, DE PAREDE, 1/2 \" OU 3/4 \"","UN    ",27.25]
[36246,"ACABAMENTO SIMPLES/CONVENCIONAL PARA FORRO PVC, TIPO \"U\" OU \"C\", COR BRANCA, COMPRIMENTO 6 M","M     ",4.59]
[37600,"ACESSORIO DE LIGACAO NAO ELETRICO PARA CARGAS EXPLOSIVAS, TUBO DE 6 M","UN    ",112.99]
[37599,"ACESSORIO INICIADOR NAO ELETRICO, TUBO DE 6 M, TEMPO DE RETARDO DE *160* MS","UN    ",105.16]
[1,"ACETILENO (RECARGA DE GAS ACETILENO PARA CILINDRO DE CONJUNTO OXICORTE GRANDE) NAO INCLUI TROCA/MANUTENCAO DO CILINDRO","KG    ",90]
[3,"ACIDO CLORIDRICO / ACIDO MURIATICO, DILUICAO 10% A 12% PARA USO EM LIMPEZA","L     ",20.46]
[43054,"ACO CA-25, 10,0 MM, OU 12,5 MM, OU 16,0 MM, OU 20,0 MM, OU 25,0 MM, VERGALHAO","KG    ",9.07]
[42402,"ACO CA-25, 16,0 MM, BARRA DE TRANSFERENCIA","KG    ",8.66]
[42403,"ACO CA-25, 20,0 MM, BARRA DE TRANSFERENCIA","KG    ",11.11]
[42404,"ACO CA-25, 25,0 MM, BARRA DE TRANSFERENCIA","KG    ",11.05]
[42405,"ACO CA-25, 32,0 MM, BARRA DE TRANSFERENCIA","KG    ",11.77]
[34341,"ACO CA-25, 32,0 MM, VERGALHAO","KG    ",10.220000000000001]
[43053,"ACO CA-25, 6,3 MM OU 8,0 MM, VERGALHAO","KG    ",8.1]
[43058,"ACO CA-50, 10,0 MM, OU 12,5 MM, OU 16,0 MM, OU 20,0 MM, DOBRADO E CORTADO","KG    ",8.4]
[34,"ACO CA-50, 10,0 MM, VERGALHAO","KG    ",8.44]
[43055,"ACO CA-50, 12,5 MM OU 16,0 MM, VERGALHAO","KG    ",7.31]
[43056,"ACO CA-50, 20,0 MM OU 25,0 MM, VERGALHAO","KG    ",8.43]
[43057,"ACO CA-50, 32,0 MM, VERGALHAO","KG    ",9.26]
[34449,"ACO CA-50, 6,3 MM, DOBRADO E CORTADO","KG    ",9.9]
[32,"ACO CA-50, 6,3 MM, VERGALHAO","KG    ",8.9]
[33,"ACO CA-50, 8,0 MM, VERGALHAO","KG    ",8.9499999999999993]
[43061,"ACO CA-60, 4,2 MM OU 5,0 MM, DOBRADO E CORTADO","KG    ",8.3699999999999992]
[43059,"ACO CA-60, 4,2 MM, OU 5,0 MM, OU 6,0 MM, OU 7,0 MM, VERGALHAO","KG    ",7.98]
[43062,"ACO CA-60, 6,0 MM OU 7,0 MM, DOBRADO E CORTADO","KG    ",8.85]
[43060,"ACO CA-60, 8,0 MM OU 9,5 MM, VERGALHAO","KG    ",6.95]
[40410,"ACOPLAMENTO RIGIDO EM FERRO FUNDIDO PARA SISTEMA DE TUBULACAO RANHURADA, DN 50 MM (2\")","UN    ",26.72]
[40411,"ACOPLAMENTO RIGIDO EM FERRO FUNDIDO PARA SISTEMA DE TUBULACAO RANHURADA, DN 65 MM (2 1/2\")","UN    ",29]
[40412,"ACOPLAMENTO RIGIDO EM FERRO FUNDIDO PARA SISTEMA DE TUBULACAO RANHURADA, DN 80 MM (3\")","UN    ",32.54]
[44254,"ADAPTADOR CPVC, ROSCAVEL, COM FLANGES E ANEL DE VEDACAO, 15 MM, CAIXA D'AGUA PARA AGUA QUENTE","UN    ",30.01]
[44255,"ADAPTADOR CPVC, ROSCAVEL, COM FLANGES E ANEL DE VEDACAO, 22 MM, CAIXA D'AGUA PARA AGUA QUENTE","UN    ",33.270000000000003]
[44256,"ADAPTADOR CPVC, ROSCAVEL, COM FLANGES E ANEL DE VEDACAO, 28 MM, CAIXA D'AGUA PARA AGUA QUENTE","UN    ",37.57]
[44257,"ADAPTADOR CPVC, ROSCAVEL, COM FLANGES E ANEL DE VEDACAO, 35 MM, CAIXA D'AGUA PARA AGUA QUENTE","UN    ",59.44]
[44258,"ADAPTADOR CPVC, ROSCAVEL, COM FLANGES E ANEL DE VEDACAO, 42 MM, CAIXA D'AGUA PARA AGUA QUENTE","UN    ",67.94]
[44259,"ADAPTADOR CPVC, ROSCAVEL, COM FLANGES E ANEL DE VEDACAO, 54 MM, CAIXA D'AGUA PARA AGUA QUENTE","UN    ",93.25]
[55,"ADAPTADOR DE COMPRESSAO EM POLIPROPILENO (PP), PARA TUBO EM PEAD, 20 MM X 1/2\", PARA LIGACAO PREDIAL DE AGUA (NTS 179)","UN    ",4.6100000000000003]
[61,"ADAPTADOR DE COMPRESSAO EM POLIPROPILENO (PP), PARA TUBO EM PEAD, 20 MM X 3/4\", PARA LIGACAO PREDIAL DE AGUA (NTS 179)","UN    ",4.3600000000000003]
[62,"ADAPTADOR DE COMPRESSAO EM POLIPROPILENO (PP), PARA TUBO EM PEAD, 32 MM X 1\", PARA LIGACAO PREDIAL DE AGUA (NTS 179)","UN    ",9.0299999999999994]
[103,"ADAPTADOR PVC SOLDAVEL CURTO COM BOLSA E ROSCA, 110 MM X 4\", PARA AGUA FRIA","UN    ",54.99]
[107,"ADAPTADOR PVC SOLDAVEL CURTO COM BOLSA E ROSCA, 20 MM X 1/2\", PARA AGUA FRIA","UN    ",1.03]
[65,"ADAPTADOR PVC SOLDAVEL CURTO COM BOLSA E ROSCA, 25 MM X 3/4\", PARA AGUA FRIA","UN    ",1.1299999999999999]
[108,"ADAPTADOR PVC SOLDAVEL CURTO COM BOLSA E ROSCA, 32 MM X 1\", PARA AGUA FRIA","UN    ",2.2799999999999998]
[110,"ADAPTADOR PVC SOLDAVEL CURTO COM BOLSA E ROSCA, 40 MM X 1 1/2\", PARA AGUA FRIA","UN    ",7.91]
[109,"ADAPTADOR PVC SOLDAVEL CURTO COM BOLSA E ROSCA, 40 MM X 1 1/4\", PARA AGUA FRIA","UN    ",4.71]
[111,"ADAPTADOR PVC SOLDAVEL CURTO COM BOLSA E ROSCA, 50 MM X 1 1/4\", PARA AGUA FRIA","UN    ",10.7]
[112,"ADAPTADOR PVC SOLDAVEL CURTO COM BOLSA E ROSCA, 50 MM X1 1/2\", PARA AGUA FRIA","UN    ",5.67]
[113,"ADAPTADOR PVC SOLDAVEL CURTO COM BOLSA E ROSCA, 60 MM X 2\", PARA AGUA FRIA","UN    ",14.2]
[104,"ADAPTADOR PVC SOLDAVEL CURTO COM BOLSA E ROSCA, 75 MM X 2 1/2\", PARA AGUA FRIA","UN    ",24.72]
[102,"ADAPTADOR PVC SOLDAVEL CURTO COM BOLSA E ROSCA, 85 MM X 3\", PARA AGUA FRIA","UN    ",34.08]
[95,"ADAPTADOR PVC SOLDAVEL, COM FLANGE E ANEL DE VEDACAO, 20 MM X 1/2\", PARA CAIXA D'AGUA","UN    ",14.4]
[96,"ADAPTADOR PVC SOLDAVEL, COM FLANGE E ANEL DE VEDACAO, 25 MM X 3/4\", PARA CAIXA D'AGUA","UN    ",15.66]
[97,"ADAPTADOR PVC SOLDAVEL, COM FLANGE E ANEL DE VEDACAO, 32 MM X 1\", PARA CAIXA D'AGUA","UN    ",23.57]
[98,"ADAPTADOR PVC SOLDAVEL, COM FLANGE E ANEL DE VEDACAO, 40 MM X 1 1/4\", PARA CAIXA D'AGUA","UN    ",35.28]
[99,"ADAPTADOR PVC SOLDAVEL, COM FLANGE E ANEL DE VEDACAO, 50 MM X 1 1/2\", PARA CAIXA D'AGUA","UN    ",33.340000000000003]
[100,"ADAPTADOR PVC SOLDAVEL, COM FLANGES E ANEL DE VEDACAO, 60 MM X 2\", PARA CAIXA D' AGUA","UN    ",58.25]
[75,"ADAPTADOR PVC SOLDAVEL, COM FLANGES LIVRES, 110 MM X 4\", PARA CAIXA D' AGUA","UN    ",339.61]
[83,"ADAPTADOR PVC SOLDAVEL, COM FLANGES LIVRES, 75 MM X 2  1/2\", PARA CAIXA D' AGUA","UN    ",271.51]
[74,"ADAPTADOR PVC SOLDAVEL, COM FLANGES LIVRES, 85 MM X 3\", PARA CAIXA D' AGUA","UN    ",388.18]
[106,"ADAPTADOR PVC SOLDAVEL, LONGO, COM FLANGE LIVRE,  110 MM X 4\", PARA CAIXA D' AGUA","UN    ",490.87]
[88,"ADAPTADOR PVC SOLDAVEL, LONGO, COM FLANGE LIVRE,  32 MM X 1\", PARA CAIXA D' AGUA","UN    ",13.8]
[82,"ADAPTADOR PVC SOLDAVEL, LONGO, COM FLANGE LIVRE,  75 MM X 2 1/2\", PARA CAIXA D' AGUA","UN    ",258.32]
[105,"ADAPTADOR PVC SOLDAVEL, LONGO, COM FLANGE LIVRE,  85 MM X 3\", PARA CAIXA D' AGUA","UN    ",366.03]
[60,"ADAPTADOR PVC, COM REGISTRO, PARA PEAD, 20 MM X 3/4\", PARA LIGACAO PREDIAL DE AGUA","UN    ",5.98]
[72,"ADAPTADOR PVC, ROSCAVEL, COM FLANGES E ANEL DE VEDACAO, 1 1/2\", PARA CAIXA D'AGUA","UN    ",63.94]
[67,"ADAPTADOR PVC, ROSCAVEL, COM FLANGES E ANEL DE VEDACAO, 1/2\", PARA CAIXA D' AGUA","UN    ",20.67]
[71,"ADAPTADOR PVC, ROSCAVEL, COM FLANGES E ANEL DE VEDACAO, 1\", PARA CAIXA D' AGUA","UN    ",39.49]
[73,"ADAPTADOR PVC, ROSCAVEL, COM FLANGES E ANEL DE VEDACAO, 3/4\", PARA CAIXA D' AGUA","UN    ",19.78]
[37997,"ADAPTADOR, CPVC, SOLDAVEL, 15 MM, PARA AGUA QUENTE","UN    ",17.88]
[37998,"ADAPTADOR, CPVC, SOLDAVEL, 22 MM, PARA AGUA QUENTE","UN    ",23.94]
[10899,"ADAPTADOR, EM LATAO, ENGATE RAPIDO 2 1/2\" X ROSCA INTERNA 5 FIOS 2 1/2\",  PARA INSTALACAO PREDIAL DE COMBATE A INCENDIO","UN    ",87.61]
[10900,"ADAPTADOR, EM LATAO, ENGATE RAPIDO1 1/2\" X ROSCA INTERNA 5 FIOS 2 1/2\",  PARA INSTALACAO PREDIAL DE COMBATE A INCENDIO","UN    ",68.569999999999993]
[46,"ADAPTADOR, PVC PBA,  BOLSA/ROSCA, JE, DN 75 / DE  85 MM","UN    ",56.84]
[47,"ADAPTADOR, PVC PBA, BOLSA/ROSCA, JE, DN 100 / DE 110 MM","UN    ",97.19]
[48,"ADAPTADOR, PVC PBA, BOLSA/ROSCA, JE, DN 50 / DE 60 MM","UN    ",25.35]
[52,"ADAPTADOR, PVC PBA, PONTA/ROSCA, JE, DN 50 / DE  60 MM","UN    ",19.260000000000002]
[43,"ADAPTADOR, PVC PBA, PONTA/ROSCA, JE, DN 75 / DE  85 MM","UN    ",65]
[39719,"ADESIVO / COLA DE CONTATO LIQUIDO, A BASE DE RESINAS, PARA COLAGEM DE ESPUMA PARA ISOLAMENTO TERMICO FLEXIVEL","L     ",150.11000000000001]
[3410,"ADESIVO / COLA PARA EPS (ISOPOR) E OUTROS MATERIAIS","KG    ",33.76]
[4791,"ADESIVO ACRILICO DE BASE AQUOSA / COLA DE CONTATO","KG    ",47.6]
[157,"ADESIVO ESTRUTURAL A BASE DE RESINA EPOXI PARA INJECAO EM TRINCAS, BICOMPONENTE, BAIXA VISCOSIDADE","KG    ",133.22]
[156,"ADESIVO ESTRUTURAL A BASE DE RESINA EPOXI, BICOMPONENTE, FLUIDO","KG    ",47.43]
[131,"ADESIVO ESTRUTURAL A BASE DE RESINA EPOXI, BICOMPONENTE, PASTOSO (TIXOTROPICO)","KG    ",40.56]
[21114,"ADESIVO PARA TUBOS CPVC, *75* G","UN    ",29.59]
[119,"ADESIVO PLASTICO PARA PVC, BISNAGA COM 75 GR","UN    ",7.5]
[122,"ADESIVO PLASTICO PARA PVC, FRASCO COM *850* GR","UN    ",57.7]
[20080,"ADESIVO PLASTICO PARA PVC, FRASCO COM 175 GR","UN    ",18.829999999999998]
[124,"ADITIVO ACELERADOR DE PEGA E ENDURECIMENTO PARA ARGAMASSAS E CONCRETOS, LIQUIDO E ISENTO DE CLORETOS","L     ",15.64]
[7334,"ADITIVO ADESIVO LIQUIDO PARA ARGAMASSAS DE REVESTIMENTOS CIMENTICIOS","L     ",15.17]
[123,"ADITIVO IMPERMEABILIZANTE DE PEGA NORMAL PARA ARGAMASSAS E CONCRETOS SEM ARMACAO, LIQUIDO E ISENTO DE CLORETOS","L     ",6.4]
[127,"ADITIVO IMPERMEABILIZANTE DE PEGA ULTRARRAPIDA, LIQUIDO E ISENTO DE CLORETOS","L     ",15.28]
[41373,"ADITIVO LIQUIDO IMPERMEABILIZANTE CRISTALIZANTE","L     ",21.29]
[133,"ADITIVO LIQUIDO INCORPORADOR DE AR PARA CONCRETO E ARGAMASSA, LIQUIDO E ISENTO DE CLORETOS","L     ",6.34]
[43617,"ADITIVO PLASTIFICANTE E ESTABILIZADOR PARA ARGAMASSAS DE ASSENTAMENTO E REBOCO, LIQUIDO E ISENTO DE CLORETOS","L     ",7.09]
[132,"ADITIVO PLASTIFICANTE RETARDADOR DE PEGA E REDUTOR DE AGUA PARA CONCRETO, LIQUIDO E ISENTO DE CLORETOS","L     ",6.58]
[43618,"ADITIVO SUPERPLASTIFICANTE DE PEGA NORMAL PARA CONCRETO, LIQUIDO E ISENTO DE CLORETOS","KG    ",16.559999999999999]
[37476,"ADUELA/ GALERIA PRE-MOLDADA DE CONCRETO ARMADO, SECAO QUADRADA INTERNA DE 1,50 X 1,50 M (L X A), MISULA DE 20 X 20 CM, C = 1,00 M, ESPESSURA MIN = 15 CM, TB-45 E FCK DO CONCRETO = 30 MPA","UN    ",4159.66]
[37478,"ADUELA/ GALERIA PRE-MOLDADA DE CONCRETO ARMADO, SECAO RETANGULAR INTERNA DE 2,00 X 2,00 M (L X A), MISULA DE 20 X 20 CM, C = 1,00 M, ESPESSURA MIN = 15 CM, TB-45 E FCK DO CONCRETO = 30 MPA","UN    ",5210.08]
[37477,"ADUELA/ GALERIA PRE-MOLDADA DE CONCRETO ARMADO, SECAO RETANGULAR INTERNA DE 2,50 X 2,50 M (L X A), MISULA DE 20 X 20 CM, C = 1,00 M, ESPESSURA MIN = 15 CM, TB-45 E FCK DO CONCRETO = 30 MPA","UN    ",7058.82]
[37479,"ADUELA/ GALERIA PRE-MOLDADA DE CONCRETO ARMADO, SECAO RETANGULAR INTERNA DE 3,00 X 3,00 M (L X A), MISULA DE 20 X 20 CM, C = 1.00 M, ESPESSURA MIN = 20 CM, TB-45 E FCK DO CONCRETO = 30 MPA","UN    ",8371.84]
[4319,"AFASTADOR PARA TELHA DE FIBROCIMENTO CANALETE 90 OU KALHETAO","UN    ",2.37]
[42409,"AGENTE DE CURA, PROTETOR DA EVAPORACAO DA AGUA DE HIDRATACAO DO CONCRETO","KG    ",10.43]
[40553,"AGREGADO RECICLADO, TIPO RACHAO RECICLADO CINZA, CLASSE A","M3    ",48.5]
[6114,"AJUDANTE DE ARMADOR (HORISTA)","H     ",12.39]
[40912,"AJUDANTE DE ARMADOR (MENSALISTA)","MES   ",2185.38]
[247,"AJUDANTE DE ELETRICISTA (HORISTA)","H     ",13.86]
[40919,"AJUDANTE DE ELETRICISTA (MENSALISTA)","MES   ",2446]
[40984,"AJUDANTE DE ESTRUTURAS METALICAS (MENSALISTA)","MES   ",2582.9]
[44499,"AJUDANTE DE ESTRUTURAS METALICAS HORISTA","H     ",14.63]
[248,"AJUDANTE DE OPERACAO EM GERAL (HORISTA)","H     ",13.86]
[41086,"AJUDANTE DE OPERACAO EM GERAL (MENSALISTA)","MES   ",2446]
[34466,"AJUDANTE DE PINTOR (HORISTA)","H     ",13.86]
[41083,"AJUDANTE DE PINTOR (MENSALISTA)","MES   ",2446]
[252,"AJUDANTE DE SERRALHEIRO (HORISTA)","H     ",13.86]
[40909,"AJUDANTE DE SERRALHEIRO (MENSALISTA)","MES   ",2446]
[242,"AJUDANTE ESPECIALIZADO (HORISTA)","H     ",13.88]
[41085,"AJUDANTE ESPECIALIZADO (MENSALISTA)","MES   ",2449.4]
[427,"ALCA PREFORMADA DE CONTRA POSTE, EM ACO GALVANIZADO, PARA CABO 3/16\", COMPRIMENTO *860* MM","UN    ",8.17]
[417,"ALCA PREFORMADA DE DISTRIBUICAO, EM ACO GALVANIZADO, PARA CABO DE ALUMINIO DIAMETRO 16 A 25 MM","UN    ",3.85]
[11273,"ALCA PREFORMADA DE DISTRIBUICAO, EM ACO GALVANIZADO, PARA CONDUTORES DE ALUMINIO AWG 1/0 (CAA 6/1 OU CA 7 FIOS)","UN    ",11.95]
[11272,"ALCA PREFORMADA DE DISTRIBUICAO, EM ACO GALVANIZADO, PARA CONDUTORES DE ALUMINIO AWG 2 (CAA 6/1 OU CA 7 FIOS)","UN    ",7.21]
[11275,"ALCA PREFORMADA DE SERVICO, EM ACO GALVANIZADO, PARA CONDUTORES DE ALUMINIO AWG 4 (CAA 6/1)","UN    ",2.89]
[11274,"ALCA PREFORMADA DE SERVICO, EM ACO GALVANIZADO, PARA CONDUTORES DE ALUMINIO AWG 6 (CAA 6/1)","UN    ",2.2000000000000002]
[38470,"ALICATE DE CORTE DIAGONAL 6 \" COM ISOLAMENTO","UN    ",36]
[38547,"ALICATE DE CRIMPAR RJ11, RJ12 E RJ45","UN    ",98.24]
[38469,"ALICATE DE PRESSAO PARA SOLDA DE CHAPA 18 \"","UN    ",105.63]
[38467,"ALICATE DE PRESSAO 11 \" PARA SOLDA, TIPO C","UN    ",59.43]
[38468,"ALICATE DE PRESSAO 11 \" PARA SOLDA, TIPO U","UN    ",65.400000000000006]
[38471,"ALICATE PARA ANEIS DE PISTAO, CAPACIDADE 50 A 100 MM","UN    ",84.93]
[37370,"ALIMENTACAO - HORISTA (COLETADO CAIXA - ENCARGOS COMPLEMENTARES)","H     ",1.69]
[40862,"ALIMENTACAO - MENSALISTA (COLETADO CAIXA - ENCARGOS COMPLEMENTARES)","MES   ",319.56]
[10658,"ALISADORA DE CONCRETO COM MOTOR A GASOLINA DE 5,5 HP, PESO COM MOTOR DE 78 KG, 4 PAS","UN    ",8364.5]
[253,"ALMOXARIFE (HORISTA)","H     ",18.55]
[40809,"ALMOXARIFE (MENSALISTA)","MES   ",3270.79]
[42428,"ALONGADOR COM TRES ALTURAS, EM TUBO DE ACO CARBONO, PINTURA NO PROCESSO ELETROSTATICO - EQUIPAMENTO DE GINASTICA PARA ACADEMIA AO AR LIVRE / ACADEMIA DA TERCEIRA IDADE - ATI","UN    ",2251]
[583,"ALUMINIO ANODIZADO","KG    ",66.650000000000006]
[301,"ANEL BORRACHA PARA TUBO ESGOTO PREDIAL, DN 100 MM (NBR 5688)","UN    ",3.02]
[296,"ANEL BORRACHA PARA TUBO ESGOTO PREDIAL, DN 50 MM (NBR 5688)","UN    ",1.7]
[297,"ANEL BORRACHA PARA TUBO ESGOTO PREDIAL, DN 75 MM (NBR 5688)","UN    ",2.5099999999999998]
[299,"ANEL BORRACHA, DN 100 MM, PARA TUBO SERIE REFORCADA ESGOTO PREDIAL","UN    ",3.54]
[300,"ANEL BORRACHA, DN 150 MM, PARA TUBO SERIE REFORCADA ESGOTO PREDIAL","UN    ",12.26]
[20085,"ANEL BORRACHA, DN 50 MM, PARA TUBO SERIE REFORCADA ESGOTO PREDIAL","UN    ",2.2400000000000002]
[298,"ANEL BORRACHA, DN 75 MM, PARA TUBO SERIE REFORCADA ESGOTO PREDIAL","UN    ",2.72]
[311,"ANEL BORRACHA, PARA TUBO PVC DEFOFO, DN 100 MM (NBR 7665)","UN    ",10.11]
[318,"ANEL BORRACHA, PARA TUBO PVC DEFOFO, DN 150 MM (NBR 7665)","UN    ",20.36]
[319,"ANEL BORRACHA, PARA TUBO PVC DEFOFO, DN 200 MM (NBR 7665)","UN    ",31.92]
[303,"ANEL BORRACHA, PARA TUBO PVC, REDE COLETOR ESGOTO, DN 100 MM (NBR 7362)","UN    ",3.34]
[305,"ANEL BORRACHA, PARA TUBO PVC, REDE COLETOR ESGOTO, DN 150 MM (NBR 7362)","UN    ",10.52]
[306,"ANEL BORRACHA, PARA TUBO PVC, REDE COLETOR ESGOTO, DN 200 MM (NBR 7362)","UN    ",15.96]
[307,"ANEL BORRACHA, PARA TUBO PVC, REDE COLETOR ESGOTO, DN 250 MM (NBR 7362)","UN    ",40.32]
[309,"ANEL BORRACHA, PARA TUBO PVC, REDE COLETOR ESGOTO, DN 350 MM (NBR 7362)","UN    ",66.06]
[310,"ANEL BORRACHA, PARA TUBO PVC, REDE COLETOR ESGOTO, DN 400 MM (NBR 7362)","UN    ",91.55]
[328,"ANEL BORRACHA, PARA TUBO/CONEXAO PVC PBA, DN 100 MM, PARA REDE AGUA","UN    ",8]
[325,"ANEL BORRACHA, PARA TUBO/CONEXAO PVC PBA, DN 50 MM, PARA REDE AGUA","UN    ",2.36]
[20326,"ANEL BORRACHA, PARA TUBO/CONEXAO PVC PBA, DN 60 MM, PARA REDE AGUA","UN    ",4.32]
[329,"ANEL BORRACHA, PARA TUBO/CONEXAO PVC PBA, DN 75 MM, PARA REDE AGUA","UN    ",6.69]
[308,"ANEL BORRACHA, PARA TUBO, PVC REDE COLETOR ESGOTO, DN 300 MM (NBR 7362)","UN    ",90]
[39642,"ANEL DE BORRACHA PARA VEDACAO DE DUTO PEAD CORRUGADO PARA ELETRICA, DN 1 1/2\" (NBR 15715)","UN    ",2.96]
[39641,"ANEL DE BORRACHA PARA VEDACAO DE DUTO PEAD CORRUGADO PARA ELETRICA, DN 1 1/4\" (NBR 15715)","UN    ",2.6]
[39643,"ANEL DE BORRACHA PARA VEDACAO DE DUTO PEAD CORRUGADO PARA ELETRICA, DN 2\" (NBR 15715)","UN    ",3.48]
[39644,"ANEL DE BORRACHA PARA VEDACAO DE DUTO PEAD CORRUGADO PARA ELETRICA, DN 3\" (NBR 15715)","UN    ",5.4]
[39645,"ANEL DE BORRACHA PARA VEDACAO DE DUTO PEAD CORRUGADO PARA ELETRICA, DN 4\" (NBR 15715)","UN    ",5.91]
[41610,"ANEL DE CONCRETO ARMADO COM FUNDO, PARA FOSSA E POCO 1,50 X *0,50* M","UN    ",771.72]
[41611,"ANEL DE CONCRETO ARMADO COM FUNDO, PARA FOSSA E POCO 2,00 X *0,50* M","UN    ",1216.3800000000001]
[41612,"ANEL DE CONCRETO ARMADO COM FUNDO, PARA FOSSA E POCO 2,50 X *0,50* M","UN    ",1707.98]
[41637,"ANEL DE CONCRETO ARMADO, COM FUROS/DRENO PARA SUMIDOURO, D = 0,80 M, H = 0,50 M","UN    ",159.66]
[41638,"ANEL DE CONCRETO ARMADO, COM FUROS/DRENO PARA SUMIDOURO, D = 1,00 M, H = 0,50M","UN    ",207.98]
[41639,"ANEL DE CONCRETO ARMADO, COM FUROS/DRENO PARA SUMIDOURO, D = 1,50 M, H = 0,50 M","UN    ",503.15]
[11789,"ANEL DE DISTRIBUICAO EM ACO GALVANIZADO PARA FIO FE-160","UN    ",1.0900000000000001]
[20975,"ANEL DE EXPANSAO EM COBRE, ENGATE RAPIDO 1 1/2\", PARA EMPATACAO MANGUEIRA DE COMBATE A INCENDIO PREDIAL","UN    ",13.74]
[20976,"ANEL DE EXPANSAO EM COBRE, ENGATE RAPIDO 2 1/2\", PARA EMPATACAO MANGUEIRA DE COMBATE A INCENDIO PREDIAL","UN    ",20.76]
[40340,"ANEL DE VEDACAO/JUNTA ELASTICA, H = *16* MM, PARA TUBO DE CONCRETO, DN 300 MM","UN    ",22.21]
[40341,"ANEL DE VEDACAO/JUNTA ELASTICA, H = *16* MM, PARA TUBO DE CONCRETO, DN 400 MM","UN    ",26.51]
[40342,"ANEL DE VEDACAO/JUNTA ELASTICA, H = *16* MM, PARA TUBO DE CONCRETO, DN 500 MM","UN    ",31.62]
[40343,"ANEL DE VEDACAO/JUNTA ELASTICA, H = *16* MM, PARA TUBO DE CONCRETO, DN 600 MM","UN    ",37.5]
[40344,"ANEL DE VEDACAO/JUNTA ELASTICA, H = *18* MM, PARA TUBO DE CONCRETO, DN 700 MM","UN    ",51.13]
[40345,"ANEL DE VEDACAO/JUNTA ELASTICA, H = *19* MM, PARA TUBO DE CONCRETO, DN 800 MM","UN    ",63]
[40346,"ANEL DE VEDACAO/JUNTA ELASTICA, H = *19* MM, PARA TUBO DE CONCRETO, DN 900 MM","UN    ",73.08]
[40347,"ANEL DE VEDACAO/JUNTA ELASTICA, H = *21* MM, PARA TUBO DE CONCRETO, DN 1000 MM","UN    ",91.82]
[6138,"ANEL DE VEDACAO, PVC FLEXIVEL, 100 MM, PARA SAIDA DE BACIA / VASO SANITARIO","UN    ",9.6199999999999992]
[43424,"ANEL EM CONCRETO ARMADO, LISO,  PARA FOSSAS SEPTICAS E SUMIDOUROS, COM FUNDO, DIAMETRO INTERNO DE 1,20 M E ALTURA DE 0,50 M","UN    ",646.57000000000005]
[43426,"ANEL EM CONCRETO ARMADO, LISO, PARA FOSSAS SEPTICAS E SUMIDOUROS, COM FUNDO, DIAMETRO INTERNO DE 3,00 M E ALTURA DE 0,50 M","UN    ",2230.04]
[12565,"ANEL EM CONCRETO ARMADO, LISO, PARA FOSSAS SEPTICAS E SUMIDOUROS, SEM FUNDO, DIAMETRO INTERNO DE 2,00 M E ALTURA DE 0,50 M","UN    ",782.04]
[12567,"ANEL EM CONCRETO ARMADO, LISO, PARA FOSSAS SEPTICAS E SUMIDOUROS, SEM FUNDO, DIAMETRO INTERNO DE 2,50 M E ALTURA DE 0,50 M","UN    ",1050.42]
[12568,"ANEL EM CONCRETO ARMADO, LISO, PARA FOSSAS SEPTICAS E SUMIDOUROS, SEM FUNDO, DIAMETRO INTERNO DE 3,00 M E ALTURA DE 0,50 M","UN    ",1470.58]
[43441,"ANEL EM CONCRETO ARMADO, LISO, PARA POCOS DE INSPECAO, COM FUNDO, DIAMETRO INTERNO DE 0,60 M E ALTURA DE 0,50 M","UN    ",189.07]
[43423,"ANEL EM CONCRETO ARMADO, LISO, PARA POCOS DE INSPECAO, SEM FUNDO, DIAMETRO INTERNO DE 0,60 M E ALTURA DE 0,20 M","UN    ",88.23]
[12532,"ANEL EM CONCRETO ARMADO, LISO, PARA POCOS DE INSPECAO, SEM FUNDO, DIAMETRO INTERNO DE 0,60 M E ALTURA DE 0,50 M","UN    ",136.08000000000001]
[43444,"ANEL EM CONCRETO ARMADO, LISO, PARA POCOS DE VISITA, POCOS DE INSPECAO, FOSSAS SEPTICAS E SUMIDOUROS, COM FUNDO, DIAMETRO INTERNO DE 1,20 M E ALTURA DE 0,75 M","UN    ",456.93]
[12551,"ANEL EM CONCRETO ARMADO, LISO, PARA POCOS DE VISITA, POCOS DE INSPECAO, FOSSAS SEPTICAS E SUMIDOUROS, SEM FUNDO, DIAMETRO INTERNO DE 1,20 M E ALTURA DE 0,50 M","UN    ",326]
[43442,"ANEL EM CONCRETO ARMADO, LISO, PARA POCOS DE VISITAS, POCOS DE INSPECAO, FOSSAS SEPTICAS E SUMIDOUROS, COM FUNDO, DIAMETRO INTERNO DE 0,80 M E ALTURA DE 0,50 M","UN    ",252.1]
[43443,"ANEL EM CONCRETO ARMADO, LISO, PARA POCOS DE VISITAS, POCOS DE INSPECAO, FOSSAS SEPTICAS E SUMIDOUROS, COM FUNDO, DIAMETRO INTERNO DE 1,00 M E ALTURA DE 0,50 M","UN    ",330.88]
[12544,"ANEL EM CONCRETO ARMADO, LISO, PARA POCOS DE VISITAS, POCOS DE INSPECAO, FOSSAS SEPTICAS E SUMIDOUROS, SEM FUNDO, DIAMETRO INTERNO DE 0,80 M E ALTURA DE 0,50 M","UN    ",178.57]
[12547,"ANEL EM CONCRETO ARMADO, LISO, PARA POCOS DE VISITAS, POCOS DE INSPECAO, FOSSAS SEPTICAS E SUMIDOUROS, SEM FUNDO, DIAMETRO INTERNO DE 1,00 M E ALTURA DE 0,50 M","UN    ",240.16]
[43445,"ANEL EM CONCRETO ARMADO, LISO, PARA, POCOS DE VISITA, POCOS DE INSPECAO, FOSSAS SEPTICAS E SUMIDOUROS, COM FUNDO, DIAMETRO INTERNO DE 1,50 M E ALTURA DE 1,00 M","UN    ",630.25]
[12563,"ANEL EM CONCRETO ARMADO, LISO, PARA, POCOS DE VISITA, POCOS DE INSPECAO, FOSSAS SEPTICAS E SUMIDOUROS, SEM FUNDO, DIAMETRO INTERNO DE 1,50 M E ALTURA DE 0,50 M","UN    ",450.92]
[43425,"ANEL EM CONCRETO ARMADO, PERFURADO,  PARA FOSSAS SEPTICAS E SUMIDOUROS, SEM FUNDO, DIAMETRO INTERNO DE 1,20 M E ALTURA DE 0,50 M","UN    ",283.61]
[43446,"ANEL EM CONCRETO ARMADO, PERFURADO, PARA FOSSAS SEPTICAS E SUMIDOUROS, SEM FUNDO, DIAMETRO INTERNO DE 2,00 M E ALTURA DE 0,50 M","UN    ",598.73]
[43447,"ANEL EM CONCRETO ARMADO, PERFURADO, PARA FOSSAS SEPTICAS E SUMIDOUROS, SEM FUNDO, DIAMETRO INTERNO DE 2,50 M E ALTURA DE 0,50 M","UN    ",735.29]
[43448,"ANEL EM CONCRETO ARMADO, PERFURADO, PARA FOSSAS SEPTICAS E SUMIDOUROS, SEM FUNDO, DIAMETRO INTERNO DE 3,00 M E ALTURA DE 0,50 M","UN    ",1029.4100000000001]
[13761,"APARELHO CORTE OXI-ACETILENO PARA SOLDA E CORTE CONTENDO MACARICO SOLDA, BICO DE CORTE, CILINDROS, REGULADORES, MANGUEIRAS E CARRINHO","UN    ",2674.4]
[4814,"APARELHO SINALIZADOR LUMINOSO COM LED, PARA SAIDA GARAGEM, COM 2 LENTES EM POLICARBONATO, BIVOLT (INCLUI SUPORTE DE FIXACAO)","UN    ",109.44]
[44473,"APOIO DO PORTA DENTE PARA FRESADORA DE  ASFALTO","UN    ",2772.42]
[6122,"APONTADOR OU APROPRIADOR DE MAO DE OBRA (HORISTA)","H     ",16.12]
[40810,"APONTADOR OU APROPRIADOR DE MAO DE OBRA (MENSALISTA)","MES   ",2843.28]
[21100,"AQUECEDOR DE AGUA A GAS GLP/GN COM CAPACIDADE DE ARMAZENAMENTO DE 50 A 80 L","UN    ",1828.77]
[11816,"AQUECEDOR DE AGUA ELETRICO  RESERVATORIO DE 100 L CILINDRICO EM COBRE, REFORCADO COM ACO CARBONO, MONOFASICO, TENSAO NOMINAL 220 V","UN    ",1950]
[11814,"AQUECEDOR DE AGUA ELETRICO  RESERVATORIO DE 500 L CILINDRICO EM COBRE, REFORCADO COM ACO CARBONO, MONOFASICO, TENSAO NOMINAL 220 V","UN    ",4244.66]
[42425,"AR CONDICIONADO SPLIT INVERTER, HI-WALL (PAREDE), 12000 BTU/H, CICLO FRIO, 60HZ, CLASSIFICACAO A (SELO PROCEL), GAS HFC, CONTROLE S/FIO","UN    ",2270.0700000000002]
[37595,"ARGAMASSA COLANTE TIPO AC III","KG    ",2.15]
[41069,"AZULEJISTA OU LADRILHEIRO (MENSALISTA)","MES   ",3518.15]
[1750,"BANCADA/BANCA/PIA DE ACO INOXIDAVEL (AISI 430) COM 2 CUBAS, COM VALVULAS, ESCORREDOR DUPLO, DE *0,55 X 2,00* M","UN    ",657.34]
[7267,"BLOCO CERAMICO / TIJOLO VAZADO PARA ALVENARIA DE VEDACAO, 6 FUROS NA HORIZONTAL, 9 X 14 X 19 CM (L X A X C)","UN    ",0.67]
[11981,"BLOCO DE VIDRO / ELEMENTO VAZADO, INCOLOR, VENEZIANA, DE *20 X 10 X 8* CM (A X L X E)","UN    ",16.79]
[749,"BOMBA SUBMERSA PARA POCOS TUBULARES PROFUNDOS DIAMETRO DE 6 POLEGADAS, ELETRICA, TRIFASICA, POTENCIA 3,45 HP, 5 ESTAGIOS, BOCAL DE DESCARGA DIAMETRO DE 2 POLEGADAS, HM/Q = 68,5 M / 6,12 M3/H A 39,5 M / 14,04 M3/H","UN    ",16988.5]
[780,"BUCHA DE REDUCAO DE FERRO GALVANIZADO, COM ROSCA BSP, DE 3\" X 2 1/2\"","UN    ",67.55]
[39187,"BUCHA DE REDUCAO EM ALUMINIO, COM ROSCA, DE 1 1/4\" X 3/4\", PARA ELETRODUTO","UN    ",18.68]
[37410,"CABO DE ALUMINIO NU SEM ALMA DE ACO, BITOLA 2/0 AWG","KG    ",50.86]
[39232,"CABO DE COBRE, FLEXIVEL, CLASSE 4 OU 5, ISOLACAO EM PVC/A, ANTICHAMA BWF-B, 1 CONDUTOR, 450/750 V, SECAO NOMINAL 25 MM2","M     ",21.7]
[11906,"CABO TELEFONICO CCI 50, 6 PARES, USO INTERNO, SEM BLINDAGEM","M     ",2.91]
[37105,"CAIXA D'AGUA / RESERVATORIO EM POLIESTER REFORCADO COM FIBRA DE VIDRO, 5000 LITROS, COM TAMPA","UN    ",2986.9]
[1062,"CAIXA INTERNA/EXTERNA DE MEDICAO PARA 1 MEDIDOR TRIFASICO, COM VISOR, EM CHAPA DE ACO 18 USG (PADRAO DA CONCESSIONARIA LOCAL)","UN    ",317.62]
[38600,"CANALETA DE CONCRETO ESTRUTURAL 14 X 19 X 39 CM, FBK 14 MPA (NBR 6136)","UN    ",5.26]
[20088,"CAP PVC, SERIE R, DN 100 MM, PARA ESGOTO PREDIAL","UN    ",14.28]
[37729,"CARROCERIA FIXA ABERTA DE MADEIRA PARA TRANSPORTE GERAL DE CARGA SECA DIMENSOES APROXIMADAS 2,5 X 6,00 X 0,50 M (INCLUI MONTAGEM, NAO INCLUI CAMINHAO)","UN    ",27902.09]
[1337,"CHAPA DE ACO XADREZ PARA PISOS, E = 1/4 \" (6,30 MM) 54,53 KG/M2","KG    ",12.73]
[1420,"COLAR TOMADA PVC, COM TRAVAS, SAIDA COM ROSCA, DE 40 MM X 1/2\" OU 40 MM X 3/4\", PARA LIGACAO PREDIAL DE AGUA","UN    ",10.42]
[11147,"CONCRETO AUTOADENSAVEL (CAA) CLASSE DE RESISTENCIA C20, ESPALHAMENTO SF2, INCLUI SERVICO DE BOMBEAMENTO (NBR 15823)","M3    ",648.95000000000005]
[2595,"CONDULETE DE ALUMINIO TIPO LR, PARA ELETRODUTO ROSCAVEL DE 4\", COM TAMPA CEGA","UN    ",271.93]
[38996,"CONECTOR / ADAPTADOR F/M, COM INSERTO METALICO, PPR, DN 25 MM X 1/2\", PARA AGUA QUENTE E FRIA PREDIAL","UN    ",19.350000000000001]
[11862,"CONECTOR METALICO TIPO PARAFUSO FENDIDO (SPLIT BOLT), PARA CABOS ATE 50 MM2","UN    ",15.69]
[11889,"CORDAO DE COBRE, FLEXIVEL, TORCIDO, CLASSE 4 OU 5, ISOLACAO EM PVC/D, 300 V, 2 CONDUTORES DE 0,75 MM2","M     ",1.75]
[12715,"COTOVELO DE COBRE 90 GRAUS (REF 607) SEM ANEL DE SOLDA, BOLSA X BOLSA, 22 MM","UN    ",11.21]
[37972,"CURVA CPVC, 90 GRAUS, SOLDAVEL, 22 MM, PARA AGUA QUENTE","UN    ",7.55]
[1966,"CURVA PVC CURTA 90 GRAUS, DN 100 MM, PARA ESGOTO PREDIAL","UN    ",25.93]
[1810,"CURVA 45 GRAUS DE FERRO GALVANIZADO, COM ROSCA BSP MACHO/FEMEA, DE 2\"","UN    ",104.28]
[1787,"CURVA 90 GRAUS DE FERRO GALVANIZADO, COM ROSCA BSP FEMEA, DE 1\"","UN    ",39.69]
[5330,"DILUENTE EPOXI","L     ",61.43]
[39447,"DISPOSITIVO DR, 2 POLOS, SENSIBILIDADE DE 30 MA, CORRENTE DE 63 A, TIPO AC","UN    ",266.56]
[666,"ELEMENTO VAZADO DE CONCRETO, QUADRICULADO, 16 FUROS *40 X 40 X 7* CM","UN    ",22.64]
[40401,"ELETRODUTO FLEXIVEL PLANO EM PEAD, COR PRETA E LARANJA,  DIAMETRO 32 MM","M     ",2.74]
[34780,"ENGENHEIRO CIVIL PLENO","H     ",107.46]
[10902,"ESGUICHO TIPO JATO SOLIDO, EM LATAO, ENGATE RAPIDO 1 1/2\" X 13 MM, PARA MANGUEIRA EM INSTALACAO PREDIAL COMBATE A INCENDIO","UN    ",71.69]
[21142,"ESTRIBO COM PARAFUSO EM CHAPA DE FERRO FUNDIDO DE 2\" X 3/16\" X 35 CM, SECAO \"U\", PARA MADEIRAMENTO DE TELHADO","UN    ",43.6]
[38165,"FECHO / FECHADURA COM PUXADOR CONCHA, COM TRANCA TIPO TRAVA, PARA JANELA / PORTA DE CORRER (INCLUI TESTA, FECHADURA, PUXADOR) - COMPLETA","CJ    ",70.69]
[940,"FIO DE COBRE, SOLIDO, CLASSE 1, ISOLACAO EM PVC/A, ANTICHAMA BWF-B, 450/750V, SECAO NOMINAL 6 MM2","M     ",5.42]
[3262,"FLANGE SEXTAVADO DE FERRO GALVANIZADO, COM ROSCA BSP, DE 1/2\"","UN    ",19.3]
[11462,"GONZO DE SOBREPOR, EM LATAO / ZAMAC, PARA JANELA PIVOTANTE - INCLUI PARAFUSOS","PAR   ",18.39]
[3324,"GRAMA BATATAIS EM PLACAS, SEM PLANTIO","M2    ",10.71]
[3390,"IGNITOR PARA LAMPADA DE VAPOR DE SODIO / VAPOR METALICO ATE 400 W, TENSAO DE PULSO ENTRE 580 A 750 V","UN    ",32.630000000000003]
[3437,"JANELA BASCULANTE EM MADEIRA PINUS/ EUCALIPTO/ TAUARI/ VIROLA OU EQUIVALENTE DA REGIAO, CAIXA DO BATENTE/ MARCO *10* CM, *2* FOLHAS BASCULANTES PARA VIDRO, COM FERRAGENS (SEM VIDRO, SEM GUARNICAO/ALIZAR E SEM ACABAMENTO)","M2    ",791.2]
[36360,"JOELHO PPR, 90 GRAUS, SOLDAVEL, F/F, DN 25 MM, PARA AGUA QUENTE PREDIAL","UN    ",2.54]
[3475,"JOELHO PVC, ROSCAVEL, 45 GRAUS, 1/2\", COR BRANCA, PARA AGUA FRIA PREDIAL","UN    ",6.1]
[20140,"JUNCAO SIMPLES, PVC SERIE R, DN 40 X 40 MM, PARA ESGOTO PREDIAL","UN    ",9.5299999999999994]
[39492,"KIT PORTA PRONTA DE MADEIRA, FOLHA MEDIA (NBR 15930) DE 800 X 2100 MM, DE 35 MM A 40 MM DE ESPESSURA, NUCLEO SEMI-SOLIDO (SARRAFEADO), ESTRUTURA USINADA PARA FECHADURA, CAPA LISA EM HDF, ACABAMENTO MELAMINICO BRANCO (INCLUI MARCO, ALIZARES E DOBRADICAS)","UN    ",777.89]
[38138,"LADRILHO HIDRAULICO, *30 X 30* CM, E= 2 CM, MILANO, NATURAL","M2    ",47.9]
[10527,"LOCACAO DE ANDAIME METALICO TUBULAR DE ENCAIXE, TIPO DE TORRE, CADA PAINEL COM LARGURA DE 1 ATE 1,5 M E ALTURA DE *1,00* M, INCLUINDO DIAGONAL, BARRAS DE LIGACAO, SAPATAS OU RODIZIOS E DEMAIS ITENS NECESSARIOS A MONTAGEM (NAO INCLUI INSTALACAO)","MXMES ",20]
[3798,"LUMINARIA ABERTA P/ ILUMINACAO PUBLICA, TIPO X-57 PETERCO OU EQUIV","UN    ",83.81]
[12730,"LUVA DE COBRE (REF 600) SEM ANEL DE SOLDA, BOLSA X BOLSA, 79 MM","UN    ",244.49]
[3915,"LUVA DE FERRO GALVANIZADO, COM ROSCA BSP, DE 4\"","UN    ",159.96]
[2643,"LUVA PARA ELETRODUTO, EM ACO GALVANIZADO ELETROLITICO, DIAMETRO DE 50 MM (2\")","UN    ",8.15]
[3866,"LUVA PVC SOLDAVEL, 85 MM, PARA AGUA FRIA PREDIAL","UN    ",55.76]
[2788,"MADEIRA ROLICA TRATADA, D = 30 A 34 CM, H = 6,50 M, EM EUCALIPTO OU EQUIVALENTE DA REGIAO","M     ",167.27]
[4014,"MANTA ASFALTICA ELASTOMERICA EM POLIESTER 3 MM, TIPO III, CLASSE B, ACABAMENTO PP (NBR 9952)","M2    ",52.41]
[36141,"MASCARA DE SEGURANCA PARA SOLDA COM ESCUDO DE CELERON E CARNEIRA DE PLASTICO COM REGULAGEM","UN    ",38.47]
[4069,"MESTRE DE OBRAS (HORISTA)","H     ",65.599999999999994]
[21138,"MOURAO ROLICO DE MADEIRA TRATADA, D = 8 A 11 CM, H = 2,20 M, EM EUCALIPTO OU EQUIVALENTE DA REGIAO (PARA CERCA)","M     ",7.7]
[4205,"NIPLE DE REDUCAO DE FERRO GALVANIZADO, COM ROSCA BSP, DE 1 1/2\" X 1 1/4\"","UN    ",31.32]
[44501,"OPERADOR DE DEMARCADORA DE FAIXAS DE TRAFEGO HORISTA","H     ",22.37]
[39438,"PARAFUSO CABECA TROMBETA E PONTA AGULHA (GN55), COMPRIMENTO 55 MM, EM ACO FOSFATIZADO, PARA FIXAR CHAPA DE GESSO EM PERFIL DRYWALL METALICO MAXIMO 0,7 MM","UN    ",0.35]
[39605,"PATCH CORD (CABO DE REDE), CATEGORIA 5 E (CAT 5E) UTP, 24 AWG, 4 PARES, EXTENSAO DE 2,50 M","UN    ",12.23]
[4723,"PEDRA BRITADA N. 4 (50 A 76 MM) POSTO PEDREIRA/FORNECEDOR, SEM FRETE","M3    ",101.46]
[13617,"PICAPE CABINE SIMPLES COM MOTOR 1.6 FLEX, CAMBIO MANUAL, POTENCIA 101/104 CV, 2 PORTAS","UN    ",96645.07]
[40650,"PISO FULGET (GRANITO LAVADO) EM PLACAS DE *40 X 40* CM, E = 2,0 CM (SEM COLOCACAO)","M2    ",172.8]
[4309,"PLACA DE VENTILACAO PARA TELHA DE FIBROCIMENTO CANALETE 49 KALHETA","UN    ",10.130000000000001]
[4964,"PORTA DE ABRIR / GIRO, DE MADEIRA FOLHA MEDIA (NBR 15930) DE 800 X 2100 MM, DE 35 MM A 40 MM DE ESPESSURA, NUCLEO SEMI-SOLIDO (SARRAFEADO), CAPA FRISADA EM HDF, ACABAMENTO MELAMINICO EM PADRAO MADEIRA","UN    ",265.14]
[41189,"POSTE DE CONCRETO ARMADO DE SECAO CIRCULAR, EXTENSAO DE 14,00 M, RESISTENCIA DE 3000 DAN, TIPO C-29","UN    ",21285.1]
[41195,"POSTE DE CONCRETO ARMADO DE SECAO DUPLO T, EXTENSAO DE 8,00 M, RESISTENCIA DE 150 DAN, TIPO D","UN    ",685.11]
[11738,"PROLONGAMENTO / PROLONGADOR PARA CAIXA SIFONADA, PVC, 150 MM X 200 MM (NBR 5688)","UN    ",14.06]
[39803,"QUADRO DE DISTRIBUICAO, SEM BARRAMENTO, EM PVC, DE SOBREPOR, PARA 27 DISJUNTORES NEMA OU 36 DISJUNTORES DIN","UN    ",249.66]
[20046,"REDUCAO EXCENTRICA PVC, SERIE R, DN 100 X 75 MM, PARA ESGOTO PREDIAL","UN    ",20.49]
[34682,"REVESTIMENTO PARA ESCADA EM GRANILITE, MARMORITE OU GRANITINA ESP = 8 MM (INCLUSO EXECUCAO)","M2    ",135.65]
[7317,"SELANTE DE BASE ASFALTICA PARA VEDACAO","KG    ",39.47]
[42435,"SIMULADOR DE REMO INDIVIDUAL, EM TUBO DE ACO CARBONO, PINTURA NO PROCESSO ELETROSTATICO - EQUIPAMENTO DE GINASTICA PARA ACADEMIA AO AR LIVRE / ACADEMIA DA TERCEIRA IDADE - ATI","UN    ",2558.0500000000002]
[6180,"TABUA DE  MADEIRA PARA PISO, CUMARU/IPE CHAMPANHE OU EQUIVALENTE DA REGIAO, ENCAIXE MACHO/FEMEA, *15 X 2* CM","M2    ",289]
[6240,"TAMPAO FOFO SIMPLES COM BASE, CLASSE D400 CARGA MAX 40 T, REDONDO, TAMPA 600 MM, REDE PLUVIAL/ESGOTO (COM INSCRICAO EM RELEVO DO TIPO DE REDE)","UN    ",531.17999999999995]
[6306,"TE DE REDUCAO DE FERRO GALVANIZADO, COM ROSCA BSP, DE 2\" X 1 1/4\"","UN    ",77.069999999999993]
[37420,"TE DE SERVICO INTEGRADO, EM POLIPROPILENO (PP), PARA TUBOS EM PEAD/PVC, 60 X 20 MM - LIGACAO PREDIAL DE AGUA","UN    ",44.27]
[11656,"TE SANITARIO DE REDUCAO, PVC, DN 100 X 75 MM, SERIE NORMAL PARA ESGOTO PREDIAL","UN    ",21.71]
[6175,"TECNICO EM SONDAGEM","H     ",33.79]
[7170,"TELA FACHADEIRA EM POLIETILENO, ROLO DE 3 X 100 M (L X C), COR BRANCA, SEM LOGOMARCA - PARA PROTECAO DE OBRAS","M2    ",2.93]
[39321,"TERMINAL DE VENTILACAO, 100 MM, SERIE NORMAL, ESGOTO PREDIAL","UN    ",24.38]
[38082,"TOMADA RJ11, 2 FIOS, CONJUNTO MONTADO PARA EMBUTIR 4\" X 2\" (PLACA + SUPORTE + MODULO)","UN    ",20.170000000000002]
[13417,"TORNEIRA METALICA CROMADA CANO CURTO, SEM BICO, SEM AREJADOR, DE PAREDE, PARA TANQUE E USO GERAL, 1/2 \" OU 3/4 \" (REF 1143)","UN    ",72.930000000000007]
[36511,"TRATOR DE PNEUS COM POTENCIA DE 122 CV, TRACAO 4 X 4, PESO COM LASTRO DE 4510 KG","UN    ",382056.05]
[7696,"TUBO ACO GALVANIZADO COM COSTURA, CLASSE MEDIA, DN 2\", E = *3,65* MM, PESO *5,10* KG/M (NBR 5580)","M     ",87.51]
[21125,"TUBO CPVC, SOLDAVEL, 28 MM, AGUA QUENTE PREDIAL (NBR 15884)","M     ",34.17]
[12577,"TUBO DE CONCRETO ARMADO PARA AGUAS PLUVIAIS, CLASSE PA-3, COM ENCAIXE PONTA E BOLSA, DIAMETRO NOMINAL DE 500 MM","M     ",268.89999999999998]
[39716,"TUBO DE ESPUMA DE POLIETILENO EXPANDIDO FLEXIVEL PARA ISOLAMENTO TERMICO DE TUBULACAO DE AR CONDICIONADO, AGUA QUENTE,  DN 3/8\", E= 10 MM","M     ",1.99]
[38972,"TUBO PPR, CLASSE PN 12, DN 40 MM","M     ",14.57]
[36375,"TUBO PVC PBA JEI, CLASSE 15, DN 50 MM, PARA REDE DE AGUA (NBR 5647)","M     ",25.14]
[9891,"UNIAO DE FERRO GALVANIZADO, COM ROSCA BSP, COM ASSENTO PLANO, DE 4\"","UN    ",384.6]
[10409,"VALVULA DE RETENCAO HORIZONTAL, DE BRONZE (PN-25), 1 1/2\", 400 PSI, TAMPA DE PORCA DE UNIAO, EXTREMIDADES COM ROSCA","UN    ",191.97]
[10478,"VERNIZ A BASE RESINA ALQUIDICA COM POLIURETANO PARA MADEIRA, COM FILTRO SOLAR, BRILHANTE, USO INTERNO E EXTERNO","L     ",40.67]
[10503,"VIDRO TEMPERADO VERDE E = 8 MM, SEM COLOCACAO","M2    ",333.52]
[97180,"ASSENTAMENTO DE TUBO DE AÇO CARBONO PARA REDE DE ÁGUA, DN 1600 MM (64\u0092\u0092) OU DN 1700 MM (68\u0092\u0092), JUNTA SOLDADA, INSTALADO EM LOCAL COM NÍVEL ALTO DE INTERFERÊNCIAS (NÃO INCLUI FORNECIMENTO). AF_11/2017","M",110.91,"97180","ASSENTAMENTO DE TUBO DE AÇO CARBONO PARA REDE DE ÁGUA, DN 1600 MM (64\u0092\u0092) OU DN 1700 MM (68\u0092\u0092), JUNTA SOLDADA, INSTALADO EM LOCAL COM NÍVEL ALTO DE INTERFERÊNCIAS (NÃO INCLUI FORNECIMENTO). AF_11/2017","M","110,91","97180","ASSENTAMENTO DE TUBO DE AÇO CARBONO PARA REDE DE ÁGUA, DN 1600 MM (64\u0092\u0092) OU DN 1700 MM (68\u0092\u0092), JUNTA SOLDADA, INSTALADO EM LOCAL COM NÍVEL ALTO DE INTERFERÊNCIAS (NÃO INCLUI FORNECIMENTO). AF_11/2017","M","110,91","97180","ASSENTAMENTO DE TUBO DE AÇO CARBONO PARA REDE DE ÁGUA, DN 1600 MM (64\u0092\u0092) OU DN 1700 MM (68\u0092\u0092), JUNTA SOLDADA, INSTALADO EM LOCAL COM NÍVEL ALTO DE INTERFERÊNCIAS (NÃO INCLUI FORNECIMENTO). AF_11/2017","M","110,91","97180","ASSENTAMENTO DE TUBO DE AÇO CARBONO PARA REDE DE ÁGUA, DN 1600 MM (64\u0092\u0092) OU DN 1700 MM (68\u0092\u0092), JUNTA SOLDADA, INSTALADO EM LOCAL COM NÍVEL ALTO DE INTERFERÊNCIAS (NÃO INCLUI FORNECIMENTO). AF_11/2017","M","110,91","97180","ASSENTAMENTO DE TUBO DE AÇO CARBONO PARA REDE DE ÁGUA, DN 1600 MM (64\u0092\u0092) OU DN 1700 MM (68\u0092\u0092), JUNTA SOLDADA, INSTALADO EM LOCAL COM NÍVEL ALTO DE INTERFERÊNCIAS (NÃO INCLUI FORNECIMENTO). AF_11/2017","M","110,91","97180","ASSENTAMENTO DE TUBO DE AÇO CARBONO PARA REDE DE ÁGUA, DN 1600 MM (64\u0092\u0092) OU DN 1700 MM (68\u0092\u0092), JUNTA SOLDADA, INSTALADO EM LOCAL COM NÍVEL ALTO DE INTERFERÊNCIAS (NÃO INCLUI FORNECIMENTO). AF_11/2017","M","110,91","97180","ASSENTAMENTO DE TUBO DE AÇO CARBONO PARA REDE DE ÁGUA, DN 1600 MM (64\u0092\u0092) OU DN 1700 MM (68\u0092\u0092), JUNTA SOLDADA, INSTALADO EM LOCAL COM NÍVEL ALTO DE INTERFERÊNCIAS (NÃO INCLUI FORNECIMENTO). AF_11/2017","M","110,91","97180","ASSENTAMENTO DE TUBO DE AÇO CARBONO PARA REDE DE ÁGUA, DN 1600 MM (64\u0092\u0092) OU DN 1700 MM (68\u0092\u0092), JUNTA SOLDADA, INSTALADO EM LOCAL COM NÍVEL ALTO DE INTERFERÊNCIAS (NÃO INCLUI FORNECIMENTO). AF_11/2017","M","110,91","97180","ASSENTAMENTO DE TUBO DE AÇO CARBONO PARA REDE DE ÁGUA, DN 1600 MM (64\u0092\u0092) OU DN 1700 MM (68\u0092\u0092), JUNTA SOLDADA, INSTALADO EM LOCAL COM NÍVEL ALTO DE INTERFERÊNCIAS (NÃO INCLUI FORNECIMENTO). AF_11/2017","M","110,91","97180","ASSENTAMENTO DE TUBO DE AÇO CARBONO PARA REDE DE ÁGUA, DN 1600 MM (64\u0092\u0092) OU DN 1700 MM (68\u0092\u0092), JUNTA SOLDADA, INSTALADO EM LOCAL COM NÍVEL ALTO DE INTERFERÊNCIAS (NÃO INCLUI FORNECIMENTO). AF_11/2017","M","110,91","97180","ASSENTAMENTO DE TUBO DE AÇO CARBONO PARA REDE DE ÁGUA, DN 1600 MM (64\u0092\u0092) OU DN 1700 MM (68\u0092\u0092), JUNTA SOLDADA, INSTALADO EM LOCAL COM NÍVEL ALTO DE INTERFERÊNCIAS (NÃO INCLUI FORNECIMENTO). AF_11/2017","M","110,91","97180","ASSENTAMENTO DE TUBO DE AÇO CARBONO PARA REDE DE ÁGUA, DN 1600 MM (64\u0092\u0092) OU DN 1700 MM (68\u0092\u0092), JUNTA SOLDADA, INSTALADO EM LOCAL COM NÍVEL ALTO DE INTERFERÊNCIAS (NÃO INCLUI FORNECIMENTO). AF_11/2017","M","110,91","97180","ASSENTAMENTO DE TUBO DE AÇO CARBONO PARA REDE DE ÁGUA, DN 1600 MM (64\u0092\u0092) OU DN 1700 MM (68\u0092\u0092), JUNTA SOLDADA, INSTALADO EM LOCAL COM NÍVEL ALTO DE INTERFERÊNCIAS (NÃO INCLUI FORNECIMENTO). AF_11/2017","M","110,91","97180","ASSENTAMENTO DE TUBO DE AÇO CARBONO PARA REDE DE ÁGUA, DN 1600 MM (64\u0092\u0092) OU DN 1700 MM (68\u0092\u0092), JUNTA SOLDADA, INSTALADO EM LOCAL COM NÍVEL ALTO DE INTERFERÊNCIAS (NÃO INCLUI FORNECIMENTO). AF_11/2017","M","110,91","97180","ASSENTAMENTO DE TUBO DE AÇO CARBONO PARA REDE DE ÁGUA, DN 1600 MM (64\u0092\u0092) OU DN 1700 MM (68\u0092\u0092), JUNTA SOLDADA, INSTALADO EM LOCAL COM NÍVEL ALTO DE INTERFERÊNCIAS (NÃO INCLUI FORNECIMENTO). AF_11/2017","M","110,91","97180","ASSENTAMENTO DE TUBO DE AÇO CARBONO PARA REDE DE ÁGUA, DN 1600 MM (64\u0092\u0092) OU DN 1700 MM (68\u0092\u0092), JUNTA SOLDADA, INSTALADO EM LOCAL COM NÍVEL ALTO DE INTERFERÊNCIAS (NÃO INCLUI FORNECIMENTO). AF_11/2017","M","110,91","97180","ASSENTAMENTO DE TUBO DE AÇO CARBONO PARA REDE DE ÁGUA, DN 1600 MM (64\u0092\u0092) OU DN 1700 MM (68\u0092\u0092), JUNTA SOLDADA, INSTALADO EM LOCAL COM NÍVEL ALTO DE INTERFERÊNCIAS (NÃO INCLUI FORNECIMENTO). AF_11/2017","M","110,91","97180","ASSENTAMENTO DE TUBO DE AÇO CARBONO PARA REDE DE ÁGUA, DN 1600 MM (64\u0092\u0092) OU DN 1700 MM (68\u0092\u0092), JUNTA SOLDADA, INSTALADO EM LOCAL COM NÍVEL ALTO DE INTERFERÊNCIAS (NÃO INCLUI FORNECIMENTO). AF_11/2017","M","110,91","97180","ASSENTAMENTO DE TUBO DE AÇO CARBONO PARA REDE DE ÁGUA, DN 1600 MM (64\u0092\u0092) OU DN 1700 MM (68\u0092\u0092), JUNTA SOLDADA, INSTALADO EM LOCAL COM NÍVEL ALTO DE INTERFERÊNCIAS (NÃO INCLUI FORNECIMENTO). AF_11/2017","M","110,91","97180","ASSENTAMENTO DE TUBO DE AÇO CARBONO PARA REDE DE ÁGUA, DN 1600 MM (64\u0092\u0092) OU DN 1700 MM (68\u0092\u0092), JUNTA SOLDADA, INSTALADO EM LOCAL COM NÍVEL ALTO DE INTERFERÊNCIAS (NÃO INCLUI FORNECIMENTO). AF_11/2017","M","110,91","97180","ASSENTAMENTO DE TUBO DE AÇO CARBONO PARA REDE DE ÁGUA, DN 1600 MM (64\u0092\u0092) OU DN 1700 MM (68\u0092\u0092), JUNTA SOLDADA, INSTALADO EM LOCAL COM NÍVEL ALTO DE INTERFERÊNCIAS (NÃO INCLUI FORNECIMENTO). AF_11/2017","M","110,91","97180","ASSENTAMENTO DE TUBO DE AÇO CARBONO PARA REDE DE ÁGUA, DN 1600 MM (64\u0092\u0092) OU DN 1700 MM (68\u0092\u0092), JUNTA SOLDADA, INSTALADO EM LOCAL COM NÍVEL ALTO DE INTERFERÊNCIAS (NÃO INCLUI FORNECIMENTO). AF_11/2017","M","110,91","97180","ASSENTAMENTO DE TUBO DE AÇO CARBONO PARA REDE DE ÁGUA, DN 1600 MM (64\u0092\u0092) OU DN 1700 MM (68\u0092\u0092), JUNTA SOLDADA, INSTALADO EM LOCAL COM NÍVEL ALTO DE INTERFERÊNCIAS (NÃO INCLUI FORNECIMENTO). AF_11/2017","M","110,91","97180","ASSENTAMENTO DE TUBO DE AÇO CARBONO PARA REDE DE ÁGUA, DN 1600 MM (64\u0092\u0092) OU DN 1700 MM (68\u0092\u0092), JUNTA SOLDADA, INSTALADO EM LOCAL COM NÍVEL ALTO DE INTERFERÊNCIAS (NÃO INCLUI FORNECIMENTO). AF_11/2017","M","110,91","97180","ASSENTAMENTO DE TUBO DE AÇO CARBONO PARA REDE DE ÁGUA, DN 1600 MM (64\u0092\u0092) OU DN 1700 MM (68\u0092\u0092), JUNTA SOLDADA, INSTALADO EM LOCAL COM NÍVEL ALTO DE INTERFERÊNCIAS (NÃO INCLUI FORNECIMENTO). AF_11/2017","M","110,91","97180","ASSENTAMENTO DE TUBO DE AÇO CARBONO PARA REDE DE ÁGUA, DN 1600 MM (64\u0092\u0092) OU DN 1700 MM (68\u0092\u0092), JUNTA SOLDADA, INSTALADO EM LOCAL COM NÍVEL ALTO DE INTERFERÊNCIAS (NÃO INCLUI FORNECIMENTO). AF_11/2017","M","110,91","97180","ASSENTAMENTO DE TUBO DE AÇO CARBONO PARA REDE DE ÁGUA, DN 1600 MM (64\u0092\u0092) OU DN 1700 MM (68\u0092\u0092), JUNTA SOLDADA, INSTALADO EM LOCAL COM NÍVEL ALTO DE INTERFERÊNCIAS (NÃO INCLUI FORNECIMENTO). AF_11/2017","M","110,91","97180","ASSENTAMENTO DE TUBO DE AÇO CARBONO PARA REDE DE ÁGUA, DN 1600 MM (64\u0092\u0092) OU DN 1700 MM (68\u0092\u0092), JUNTA SOLDADA, INSTALADO EM LOCAL COM NÍVEL ALTO DE INTERFERÊNCIAS (NÃO INCLUI FORNECIMENTO). AF_11/2017","M","110,91","97180","ASSENTAMENTO DE TUBO DE AÇO CARBONO PARA REDE DE ÁGUA, DN 1600 MM (64\u0092\u0092) OU DN 1700 MM (68\u0092\u0092), JUNTA SOLDADA, INSTALADO EM LOCAL COM NÍVEL ALTO DE INTERFERÊNCIAS (NÃO INCLUI FORNECIMENTO). AF_11/2017","M","110,91","97180","ASSENTAMENTO DE TUBO DE AÇO CARBONO PARA REDE DE ÁGUA, DN 1600 MM (64\u0092\u0092) OU DN 1700 MM (68\u0092\u0092), JUNTA SOLDADA, INSTALADO EM LOCAL COM NÍVEL ALTO DE INTERFERÊNCIAS (NÃO INCLUI FORNECIMENTO). AF_11/2017","M","110,91","97180","ASSENTAMENTO DE TUBO DE AÇO CARBONO PARA REDE DE ÁGUA, DN 1600 MM (64\u0092\u0092) OU DN 1700 MM (68\u0092\u0092), JUNTA SOLDADA, INSTALADO EM LOCAL COM NÍVEL ALTO DE INTERFERÊNCIAS (NÃO INCLUI FORNECIMENTO). AF_11/2017","M","110,91","97180","ASSENTAMENTO DE TUBO DE AÇO CARBONO PARA REDE DE ÁGUA, DN 1600 MM (64\u0092\u0092) OU DN 1700 MM (68\u0092\u0092), JUNTA SOLDADA, INSTALADO EM LOCAL COM NÍVEL ALTO DE INTERFERÊNCIAS (NÃO INCLUI FORNECIMENTO). AF_11/2017","M","110,91","97180","ASSENTAMENTO DE TUBO DE AÇO CARBONO PARA REDE DE ÁGUA, DN 1600 MM (64\u0092\u0092) OU DN 1700 MM (68\u0092\u0092), JUNTA SOLDADA, INSTALADO EM LOCAL COM NÍVEL ALTO DE INTERFERÊNCIAS (NÃO INCLUI FORNECIMENTO). AF_11/2017","M","110,91","97180","ASSENTAMENTO DE TUBO DE AÇO CARBONO PARA REDE DE ÁGUA, DN 1600 MM (64\u0092\u0092) OU DN 1700 MM (68\u0092\u0092), JUNTA SOLDADA, INSTALADO EM LOCAL COM NÍVEL ALTO DE INTERFERÊNCIAS (NÃO INCLUI FORNECIMENTO). AF_11/2017","M","110,91","97180","ASSENTAMENTO DE TUBO DE AÇO CARBONO PARA REDE DE ÁGUA, DN 1600 MM (64\u0092\u0092) OU DN 1700 MM (68\u0092\u0092), JUNTA SOLDADA, INSTALADO EM LOCAL COM NÍVEL ALTO DE INTERFERÊNCIAS (NÃO INCLUI FORNECIMENTO). AF_11/2017","M","110,91","97180","ASSENTAMENTO DE TUBO DE AÇO CARBONO PARA REDE DE ÁGUA, DN 1600 MM (64\u0092\u0092) OU DN 1700 MM (68\u0092\u0092), JUNTA SOLDADA, INSTALADO EM LOCAL COM NÍVEL ALTO DE INTERFERÊNCIAS (NÃO INCLUI FORNECIMENTO). AF_11/2017","M","110,91","97180","ASSENTAMENTO DE TUBO DE AÇO CARBONO PARA REDE DE ÁGUA, DN 1600 MM (64\u0092\u0092) OU DN 1700 MM (68\u0092\u0092), JUNTA SOLDADA, INSTALADO EM LOCAL COM NÍVEL ALTO DE INTERFERÊNCIAS (NÃO INCLUI FORNECIMENTO). AF_11/2017","M","110,91","97180","ASSENTAMENTO DE TUBO DE AÇO CARBONO PARA REDE DE ÁGUA, DN 1600 MM (64\u0092\u0092) OU DN 1700 MM (68\u0092\u0092), JUNTA SOLDADA, INSTALADO EM LOCAL COM NÍVEL ALTO DE INTERFERÊNCIAS (NÃO INCLUI FORNECIMENTO). AF_11/2017","M","110,91","97180","ASSENTAMENTO DE TUBO DE AÇO CARBONO PARA REDE DE ÁGUA, DN 1600 MM (64\u0092\u0092) OU DN 1700 MM (68\u0092\u0092), JUNTA SOLDADA, INSTALADO EM LOCAL COM NÍVEL ALTO DE INTERFERÊNCIAS (NÃO INCLUI FORNECIMENTO). AF_11/2017","M","110,91","97180","ASSENTAMENTO DE TUBO DE AÇO CARBONO PARA REDE DE ÁGUA, DN 1600 MM (64\u0092\u0092) OU DN 1700 MM (68\u0092\u0092), JUNTA SOLDADA, INSTALADO EM LOCAL COM NÍVEL ALTO DE INTERFERÊNCIAS (NÃO INCLUI FORNECIMENTO). AF_11/2017","M","110,91","97180","ASSENTAMENTO DE TUBO DE AÇO CARBONO PARA REDE DE ÁGUA, DN 1600 MM (64\u0092\u0092) OU DN 1700 MM (68\u0092\u0092), JUNTA SOLDADA, INSTALADO EM LOCAL COM NÍVEL ALTO DE INTERFERÊNCIAS (NÃO INCLUI FORNECIMENTO). AF_11/2017","M","110,91","97180","ASSENTAMENTO DE TUBO DE AÇO CARBONO PARA REDE DE ÁGUA, DN 1600 MM (64\u0092\u0092) OU DN 1700 MM (68\u0092\u0092), JUNTA SOLDADA, INSTALADO EM LOCAL COM NÍVEL ALTO DE INTERFERÊNCIAS (NÃO INCLUI FORNECIMENTO). AF_11/2017","M","110,91","97180","ASSENTAMENTO DE TUBO DE AÇO CARBONO PARA REDE DE ÁGUA, DN 1600 MM (64\u0092\u0092) OU DN 1700 MM (68\u0092\u0092), JUNTA SOLDADA, INSTALADO EM LOCAL COM NÍVEL ALTO DE INTERFERÊNCIAS (NÃO INCLUI FORNECIMENTO). AF_11/2017","M","110,91","97180","ASSENTAMENTO DE TUBO DE AÇO CARBONO PARA REDE DE ÁGUA, DN 1600 MM (64\u0092\u0092) OU DN 1700 MM (68\u0092\u0092), JUNTA SOLDADA, INSTALADO EM LOCAL COM NÍVEL ALTO DE INTERFERÊNCIAS (NÃO INCLUI FORNECIMENTO). AF_11/2017","M","110,91","97180","ASSENTAMENTO DE TUBO DE AÇO CARBONO PARA REDE DE ÁGUA, DN 1600 MM (64\u0092\u0092) OU DN 1700 MM (68\u0092\u0092), JUNTA SOLDADA, INSTALADO EM LOCAL COM NÍVEL ALTO DE INTERFERÊNCIAS (NÃO INCLUI FORNECIMENTO). AF_11/2017","M","110,91","97180","ASSENTAMENTO DE TUBO DE AÇO CARBONO PARA REDE DE ÁGUA, DN 1600 MM (64\u0092\u0092) OU DN 1700 MM (68\u0092\u0092), JUNTA SOLDADA, INSTALADO EM LOCAL COM NÍVEL ALTO DE INTERFERÊNCIAS (NÃO INCLUI FORNECIMENTO). AF_11/2017","M","110,91","97180","ASSENTAMENTO DE TUBO DE AÇO CARBONO PARA REDE DE ÁGUA, DN 1600 MM (64\u0092\u0092) OU DN 1700 MM (68\u0092\u0092), JUNTA SOLDADA, INSTALADO EM LOCAL COM NÍVEL ALTO DE INTERFERÊNCIAS (NÃO INCLUI FORNECIMENTO). AF_11/2017","M","110,91","97180","ASSENTAMENTO DE TUBO DE AÇO CARBONO PARA REDE DE ÁGUA, DN 1600 MM (64\u0092\u0092) OU DN 1700 MM (68\u0092\u0092), JUNTA SOLDADA, INSTALADO EM LOCAL COM NÍVEL ALTO DE INTERFERÊNCIAS (NÃO INCLUI FORNECIMENTO). AF_11/2017","M","110,91","97180","ASSENTAMENTO DE TUBO DE AÇO CARBONO PARA REDE DE ÁGUA, DN 1600 MM (64\u0092\u0092) OU DN 1700 MM (68\u0092\u0092), JUNTA SOLDADA, INSTALADO EM LOCAL COM NÍVEL ALTO DE INTERFERÊNCIAS (NÃO INCLUI FORNECIMENTO). AF_11/2017","M","110,91","97180","ASSENTAMENTO DE TUBO DE AÇO CARBONO PARA REDE DE ÁGUA, DN 1600 MM (64\u0092\u0092) OU DN 1700 MM (68\u0092\u0092), JUNTA SOLDADA, INSTALADO EM LOCAL COM NÍVEL ALTO DE INTERFERÊNCIAS (NÃO INCLUI FORNECIMENTO). AF_11/2017","M","110,91","97180","ASSENTAMENTO DE TUBO DE AÇO CARBONO PARA REDE DE ÁGUA, DN 1600 MM (64\u0092\u0092) OU DN 1700 MM (68\u0092\u0092), JUNTA SOLDADA, INSTALADO EM LOCAL COM NÍVEL ALTO DE INTERFERÊNCIAS (NÃO INCLUI FORNECIMENTO). AF_11/2017","M","110,91","97180","ASSENTAMENTO DE TUBO DE AÇO CARBONO PARA REDE DE ÁGUA, DN 1600 MM (64\u0092\u0092) OU DN 1700 MM (68\u0092\u0092), JUNTA SOLDADA, INSTALADO EM LOCAL COM NÍVEL ALTO DE INTERFERÊNCIAS (NÃO INCLUI FORNECIMENTO). AF_11/2017","M","110,91","97180","ASSENTAMENTO DE TUBO DE AÇO CARBONO PARA REDE DE ÁGUA, DN 1600 MM (64\u0092\u0092) OU DN 1700 MM (68\u0092\u0092), JUNTA SOLDADA, INSTALADO EM LOCAL COM NÍVEL ALTO DE INTERFERÊNCIAS (NÃO INCLUI FORNECIMENTO). AF_11/2017","M","110,91","97180","ASSENTAMENTO DE TUBO DE AÇO CARBONO PARA REDE DE ÁGUA, DN 1600 MM (64\u0092\u0092) OU DN 1700 MM (68\u0092\u0092), JUNTA SOLDADA, INSTALADO EM LOCAL COM NÍVEL ALTO DE INTERFERÊNCIAS (NÃO INCLUI FORNECIMENTO). AF_11/2017","M","110,91","97180","ASSENTAMENTO DE TUBO DE AÇO CARBONO PARA REDE DE ÁGUA, DN 1600 MM (64\u0092\u0092) OU DN 1700 MM (68\u0092\u0092), JUNTA SOLDADA, INSTALADO EM LOCAL COM NÍVEL ALTO DE INTERFERÊNCIAS (NÃO INCLUI FORNECIMENTO). AF_11/2017","M","110,91","97180","ASSENTAMENTO DE TUBO DE AÇO CARBONO PARA REDE DE ÁGUA, DN 1600 MM (64\u0092\u0092) OU DN 1700 MM (68\u0092\u0092), JUNTA SOLDADA, INSTALADO EM LOCAL COM NÍVEL ALTO DE INTERFERÊNCIAS (NÃO INCLUI FORNECIMENTO). AF_11/2017","M","110,91","97180","ASSENTAMENTO DE TUBO DE AÇO CARBONO PARA REDE DE ÁGUA, DN 1600 MM (64\u0092\u0092) OU DN 1700 MM (68\u0092\u0092), JUNTA SOLDADA, INSTALADO EM LOCAL COM NÍVEL ALTO DE INTERFERÊNCIAS (NÃO INCLUI FORNECIMENTO). AF_11/2017","M","110,91","97180","ASSENTAMENTO DE TUBO DE AÇO CARBONO PARA REDE DE ÁGUA, DN 1600 MM (64\u0092\u0092) OU DN 1700 MM (68\u0092\u0092), JUNTA SOLDADA, INSTALADO EM LOCAL COM NÍVEL ALTO DE INTERFERÊNCIAS (NÃO INCLUI FORNECIMENTO). AF_11/2017","M","110,91","97180","ASSENTAMENTO DE TUBO DE AÇO CARBONO PARA REDE DE ÁGUA, DN 1600 MM (64\u0092\u0092) OU DN 1700 MM (68\u0092\u0092), JUNTA SOLDADA, INSTALADO EM LOCAL COM NÍVEL ALTO DE INTERFERÊNCIAS (NÃO INCLUI FORNECIMENTO). AF_11/2017","M","110,91","97180","ASSENTAMENTO DE TUBO DE AÇO CARBONO PARA REDE DE ÁGUA, DN 1600 MM (64\u0092\u0092) OU DN 1700 MM (68\u0092\u0092), JUNTA SOLDADA, INSTALADO EM LOCAL COM NÍVEL ALTO DE INTERFERÊNCIAS (NÃO INCLUI FORNECIMENTO). AF_11/2017","M","110,91","97180","ASSENTAMENTO DE TUBO DE AÇO CARBONO PARA REDE DE ÁGUA, DN 1600 MM (64\u0092\u0092) OU DN 1700 MM (68\u0092\u0092), JUNTA SOLDADA, INSTALADO EM LOCAL COM NÍVEL ALTO DE INTERFERÊNCIAS (NÃO INCLUI FORNECIMENTO). AF_11/2017","M","110,91","97180","ASSENTAMENTO DE TUBO DE AÇO CARBONO PARA REDE DE ÁGUA, DN 1600 MM (64\u0092\u0092) OU DN 1700 MM (68\u0092\u0092), JUNTA SOLDADA, INSTALADO EM LOCAL COM NÍVEL ALTO DE INTERFERÊNCIAS (NÃO INCLUI FORNECIMENTO). AF_11/2017","M","110,91","97180","ASSENTAMENTO DE TUBO DE AÇO CARBONO PARA REDE DE ÁGUA, DN 1600 MM (64\u0092\u0092) OU DN 1700 MM (68\u0092\u0092), JUNTA SOLDADA, INSTALADO EM LOCAL COM NÍVEL ALTO DE INTERFERÊNCIAS (NÃO INCLUI FORNECIMENTO). AF_11/2017","M","110,91"]
[90728,"JUNTA ARGAMASSADA ENTRE TUBO DN 300 MM E O POÇO DE VISITA/ CAIXA DE CONCRETO OU ALVENARIA EM REDES DE ESGOTO. AF_01/2021","UN",43.64,"90728","JUNTA ARGAMASSADA ENTRE TUBO DN 300 MM E O POÇO DE VISITA/ CAIXA DE CONCRETO OU ALVENARIA EM REDES DE ESGOTO. AF_01/2021","UN","43,64","90728","JUNTA ARGAMASSADA ENTRE TUBO DN 300 MM E O POÇO DE VISITA/ CAIXA DE CONCRETO OU ALVENARIA EM REDES DE ESGOTO. AF_01/2021","UN","43,64","90728","JUNTA ARGAMASSADA ENTRE TUBO DN 300 MM E O POÇO DE VISITA/ CAIXA DE CONCRETO OU ALVENARIA EM REDES DE ESGOTO. AF_01/2021","UN","43,64","90728","JUNTA ARGAMASSADA ENTRE TUBO DN 300 MM E O POÇO DE VISITA/ CAIXA DE CONCRETO OU ALVENARIA EM REDES DE ESGOTO. AF_01/2021","UN","43,64","90728","JUNTA ARGAMASSADA ENTRE TUBO DN 300 MM E O POÇO DE VISITA/ CAIXA DE CONCRETO OU ALVENARIA EM REDES DE ESGOTO. AF_01/2021","UN","43,64","90728","JUNTA ARGAMASSADA ENTRE TUBO DN 300 MM E O POÇO DE VISITA/ CAIXA DE CONCRETO OU ALVENARIA EM REDES DE ESGOTO. AF_01/2021","UN","43,64","90728","JUNTA ARGAMASSADA ENTRE TUBO DN 300 MM E O POÇO DE VISITA/ CAIXA DE CONCRETO OU ALVENARIA EM REDES DE ESGOTO. AF_01/2021","UN","43,64","90728","JUNTA ARGAMASSADA ENTRE TUBO DN 300 MM E O POÇO DE VISITA/ CAIXA DE CONCRETO OU ALVENARIA EM REDES DE ESGOTO. AF_01/2021","UN","43,64","90728","JUNTA ARGAMASSADA ENTRE TUBO DN 300 MM E O POÇO DE VISITA/ CAIXA DE CONCRETO OU ALVENARIA EM REDES DE ESGOTO. AF_01/2021","UN","43,64","90728","JUNTA ARGAMASSADA ENTRE TUBO DN 300 MM E O POÇO DE VISITA/ CAIXA DE CONCRETO OU ALVENARIA EM REDES DE ESGOTO. AF_01/2021","UN","43,64","90728","JUNTA ARGAMASSADA ENTRE TUBO DN 300 MM E O POÇO DE VISITA/ CAIXA DE CONCRETO OU ALVENARIA EM REDES DE ESGOTO. AF_01/2021","UN","43,64","90728","JUNTA ARGAMASSADA ENTRE TUBO DN 300 MM E O POÇO DE VISITA/ CAIXA DE CONCRETO OU ALVENARIA EM REDES DE ESGOTO. AF_01/2021","UN","43,64","90728","JUNTA ARGAMASSADA ENTRE TUBO DN 300 MM E O POÇO DE VISITA/ CAIXA DE CONCRETO OU ALVENARIA EM REDES DE ESGOTO. AF_01/2021","UN","43,64","90728","JUNTA ARGAMASSADA ENTRE TUBO DN 300 MM E O POÇO DE VISITA/ CAIXA DE CONCRETO OU ALVENARIA EM REDES DE ESGOTO. AF_01/2021","UN","43,64","90728","JUNTA ARGAMASSADA ENTRE TUBO DN 300 MM E O POÇO DE VISITA/ CAIXA DE CONCRETO OU ALVENARIA EM REDES DE ESGOTO. AF_01/2021","UN","43,64","90728","JUNTA ARGAMASSADA ENTRE TUBO DN 300 MM E O POÇO DE VISITA/ CAIXA DE CONCRETO OU ALVENARIA EM REDES DE ESGOTO. AF_01/2021","UN","43,64","90728","JUNTA ARGAMASSADA ENTRE TUBO DN 300 MM E O POÇO DE VISITA/ CAIXA DE CONCRETO OU ALVENARIA EM REDES DE ESGOTO. AF_01/2021","UN","43,64","90728","JUNTA ARGAMASSADA ENTRE TUBO DN 300 MM E O POÇO DE VISITA/ CAIXA DE CONCRETO OU ALVENARIA EM REDES DE ESGOTO. AF_01/2021","UN","43,64","90728","JUNTA ARGAMASSADA ENTRE TUBO DN 300 MM E O POÇO DE VISITA/ CAIXA DE CONCRETO OU ALVENARIA EM REDES DE ESGOTO. AF_01/2021","UN","43,64","90728","JUNTA ARGAMASSADA ENTRE TUBO DN 300 MM E O POÇO DE VISITA/ CAIXA DE CONCRETO OU ALVENARIA EM REDES DE ESGOTO. AF_01/2021","UN","43,64","90728","JUNTA ARGAMASSADA ENTRE TUBO DN 300 MM E O POÇO DE VISITA/ CAIXA DE CONCRETO OU ALVENARIA EM REDES DE ESGOTO. AF_01/2021","UN","43,64","90728","JUNTA ARGAMASSADA ENTRE TUBO DN 300 MM E O POÇO DE VISITA/ CAIXA DE CONCRETO OU ALVENARIA EM REDES DE ESGOTO. AF_01/2021","UN","43,64","90728","JUNTA ARGAMASSADA ENTRE TUBO DN 300 MM E O POÇO DE VISITA/ CAIXA DE CONCRETO OU ALVENARIA EM REDES DE ESGOTO. AF_01/2021","UN","43,64","90728","JUNTA ARGAMASSADA ENTRE TUBO DN 300 MM E O POÇO DE VISITA/ CAIXA DE CONCRETO OU ALVENARIA EM REDES DE ESGOTO. AF_01/2021","UN","43,64","90728","JUNTA ARGAMASSADA ENTRE TUBO DN 300 MM E O POÇO DE VISITA/ CAIXA DE CONCRETO OU ALVENARIA EM REDES DE ESGOTO. AF_01/2021","UN","43,64","90728","JUNTA ARGAMASSADA ENTRE TUBO DN 300 MM E O POÇO DE VISITA/ CAIXA DE CONCRETO OU ALVENARIA EM REDES DE ESGOTO. AF_01/2021","UN","43,64","90728","JUNTA ARGAMASSADA ENTRE TUBO DN 300 MM E O POÇO DE VISITA/ CAIXA DE CONCRETO OU ALVENARIA EM REDES DE ESGOTO. AF_01/2021","UN","43,64","90728","JUNTA ARGAMASSADA ENTRE TUBO DN 300 MM E O POÇO DE VISITA/ CAIXA DE CONCRETO OU ALVENARIA EM REDES DE ESGOTO. AF_01/2021","UN","43,64","90728","JUNTA ARGAMASSADA ENTRE TUBO DN 300 MM E O POÇO DE VISITA/ CAIXA DE CONCRETO OU ALVENARIA EM REDES DE ESGOTO. AF_01/2021","UN","43,64","90728","JUNTA ARGAMASSADA ENTRE TUBO DN 300 MM E O POÇO DE VISITA/ CAIXA DE CONCRETO OU ALVENARIA EM REDES DE ESGOTO. AF_01/2021","UN","43,64","90728","JUNTA ARGAMASSADA ENTRE TUBO DN 300 MM E O POÇO DE VISITA/ CAIXA DE CONCRETO OU ALVENARIA EM REDES DE ESGOTO. AF_01/2021","UN","43,64","90728","JUNTA ARGAMASSADA ENTRE TUBO DN 300 MM E O POÇO DE VISITA/ CAIXA DE CONCRETO OU ALVENARIA EM REDES DE ESGOTO. AF_01/2021","UN","43,64","90728","JUNTA ARGAMASSADA ENTRE TUBO DN 300 MM E O POÇO DE VISITA/ CAIXA DE CONCRETO OU ALVENARIA EM REDES DE ESGOTO. AF_01/2021","UN","43,64","90728","JUNTA ARGAMASSADA ENTRE TUBO DN 300 MM E O POÇO DE VISITA/ CAIXA DE CONCRETO OU ALVENARIA EM REDES DE ESGOTO. AF_01/2021","UN","43,64","90728","JUNTA ARGAMASSADA ENTRE TUBO DN 300 MM E O POÇO DE VISITA/ CAIXA DE CONCRETO OU ALVENARIA EM REDES DE ESGOTO. AF_01/2021","UN","43,64","90728","JUNTA ARGAMASSADA ENTRE TUBO DN 300 MM E O POÇO DE VISITA/ CAIXA DE CONCRETO OU ALVENARIA EM REDES DE ESGOTO. AF_01/2021","UN","43,64","90728","JUNTA ARGAMASSADA ENTRE TUBO DN 300 MM E O POÇO DE VISITA/ CAIXA DE CONCRETO OU ALVENARIA EM REDES DE ESGOTO. AF_01/2021","UN","43,64","90728","JUNTA ARGAMASSADA ENTRE TUBO DN 300 MM E O POÇO DE VISITA/ CAIXA DE CONCRETO OU ALVENARIA EM REDES DE ESGOTO. AF_01/2021","UN","43,64","90728","JUNTA ARGAMASSADA ENTRE TUBO DN 300 MM E O POÇO DE VISITA/ CAIXA DE CONCRETO OU ALVENARIA EM REDES DE ESGOTO. AF_01/2021","UN","43,64","90728","JUNTA ARGAMASSADA ENTRE TUBO DN 300 MM E O POÇO DE VISITA/ CAIXA DE CONCRETO OU ALVENARIA EM REDES DE ESGOTO. AF_01/2021","UN","43,64","90728","JUNTA ARGAMASSADA ENTRE TUBO DN 300 MM E O POÇO DE VISITA/ CAIXA DE CONCRETO OU ALVENARIA EM REDES DE ESGOTO. AF_01/2021","UN","43,64","90728","JUNTA ARGAMASSADA ENTRE TUBO DN 300 MM E O POÇO DE VISITA/ CAIXA DE CONCRETO OU ALVENARIA EM REDES DE ESGOTO. AF_01/2021","UN","43,64","90728","JUNTA ARGAMASSADA ENTRE TUBO DN 300 MM E O POÇO DE VISITA/ CAIXA DE CONCRETO OU ALVENARIA EM REDES DE ESGOTO. AF_01/2021","UN","43,64","90728","JUNTA ARGAMASSADA ENTRE TUBO DN 300 MM E O POÇO DE VISITA/ CAIXA DE CONCRETO OU ALVENARIA EM REDES DE ESGOTO. AF_01/2021","UN","43,64","90728","JUNTA ARGAMASSADA ENTRE TUBO DN 300 MM E O POÇO DE VISITA/ CAIXA DE CONCRETO OU ALVENARIA EM REDES DE ESGOTO. AF_01/2021","UN","43,64","90728","JUNTA ARGAMASSADA ENTRE TUBO DN 300 MM E O POÇO DE VISITA/ CAIXA DE CONCRETO OU ALVENARIA EM REDES DE ESGOTO. AF_01/2021","UN","43,64","90728","JUNTA ARGAMASSADA ENTRE TUBO DN 300 MM E O POÇO DE VISITA/ CAIXA DE CONCRETO OU ALVENARIA EM REDES DE ESGOTO. AF_01/2021","UN","43,64","90728","JUNTA ARGAMASSADA ENTRE TUBO DN 300 MM E O POÇO DE VISITA/ CAIXA DE CONCRETO OU ALVENARIA EM REDES DE ESGOTO. AF_01/2021","UN","43,64","90728","JUNTA ARGAMASSADA ENTRE TUBO DN 300 MM E O POÇO DE VISITA/ CAIXA DE CONCRETO OU ALVENARIA EM REDES DE ESGOTO. AF_01/2021","UN","43,64","90728","JUNTA ARGAMASSADA ENTRE TUBO DN 300 MM E O POÇO DE VISITA/ CAIXA DE CONCRETO OU ALVENARIA EM REDES DE ESGOTO. AF_01/2021","UN","43,64","90728","JUNTA ARGAMASSADA ENTRE TUBO DN 300 MM E O POÇO DE VISITA/ CAIXA DE CONCRETO OU ALVENARIA EM REDES DE ESGOTO. AF_01/2021","UN","43,64","90728","JUNTA ARGAMASSADA ENTRE TUBO DN 300 MM E O POÇO DE VISITA/ CAIXA DE CONCRETO OU ALVENARIA EM REDES DE ESGOTO. AF_01/2021","UN","43,64","90728","JUNTA ARGAMASSADA ENTRE TUBO DN 300 MM E O POÇO DE VISITA/ CAIXA DE CONCRETO OU ALVENARIA EM REDES DE ESGOTO. AF_01/2021","UN","43,64","90728","JUNTA ARGAMASSADA ENTRE TUBO DN 300 MM E O POÇO DE VISITA/ CAIXA DE CONCRETO OU ALVENARIA EM REDES DE ESGOTO. AF_01/2021","UN","43,64","90728","JUNTA ARGAMASSADA ENTRE TUBO DN 300 MM E O POÇO DE VISITA/ CAIXA DE CONCRETO OU ALVENARIA EM REDES DE ESGOTO. AF_01/2021","UN","43,64","90728","JUNTA ARGAMASSADA ENTRE TUBO DN 300 MM E O POÇO DE VISITA/ CAIXA DE CONCRETO OU ALVENARIA EM REDES DE ESGOTO. AF_01/2021","UN","43,64","90728","JUNTA ARGAMASSADA ENTRE TUBO DN 300 MM E O POÇO DE VISITA/ CAIXA DE CONCRETO OU ALVENARIA EM REDES DE ESGOTO. AF_01/2021","UN","43,64","90728","JUNTA ARGAMASSADA ENTRE TUBO DN 300 MM E O POÇO DE VISITA/ CAIXA DE CONCRETO OU ALVENARIA EM REDES DE ESGOTO. AF_01/2021","UN","43,64","90728","JUNTA ARGAMASSADA ENTRE TUBO DN 300 MM E O POÇO DE VISITA/ CAIXA DE CONCRETO OU ALVENARIA EM REDES DE ESGOTO. AF_01/2021","UN","43,64","90728","JUNTA ARGAMASSADA ENTRE TUBO DN 300 MM E O POÇO DE VISITA/ CAIXA DE CONCRETO OU ALVENARIA EM REDES DE ESGOTO. AF_01/2021","UN","43,64","90728","JUNTA ARGAMASSADA ENTRE TUBO DN 300 MM E O POÇO DE VISITA/ CAIXA DE CONCRETO OU ALVENARIA EM REDES DE ESGOTO. AF_01/2021","UN","43,64","90728","JUNTA ARGAMASSADA ENTRE TUBO DN 300 MM E O POÇO DE VISITA/ CAIXA DE CONCRETO OU ALVENARIA EM REDES DE ESGOTO. AF_01/2021","UN","43,64","90728","JUNTA ARGAMASSADA ENTRE TUBO DN 300 MM E O POÇO DE VISITA/ CAIXA DE CONCRETO OU ALVENARIA EM REDES DE ESGOTO. AF_01/2021","UN","43,64"]
[92864,"ASSENTAMENTO DE TUBO DE CONCRETO PARA REDES COLETORAS DE ESGOTO SANITÁRIO, DIÂMETRO DE 1000 MM, JUNTA ELÁSTICA, INSTALADO EM LOCAL COM ALTO NÍVEL DE INTERFERÊNCIAS (NÃO INCLUI FORNECIMENTO). AF_12/2015","M",47.92,"92864","ASSENTAMENTO DE TUBO DE CONCRETO PARA REDES COLETORAS DE ESGOTO SANITÁRIO, DIÂMETRO DE 1000 MM, JUNTA ELÁSTICA, INSTALADO EM LOCAL COM ALTO NÍVEL DE INTERFERÊNCIAS (NÃO INCLUI FORNECIMENTO). AF_12/2015","M","47,92","92864","ASSENTAMENTO DE TUBO DE CONCRETO PARA REDES COLETORAS DE ESGOTO SANITÁRIO, DIÂMETRO DE 1000 MM, JUNTA ELÁSTICA, INSTALADO EM LOCAL COM ALTO NÍVEL DE INTERFERÊNCIAS (NÃO INCLUI FORNECIMENTO). AF_12/2015","M","47,92","92864","ASSENTAMENTO DE TUBO DE CONCRETO PARA REDES COLETORAS DE ESGOTO SANITÁRIO, DIÂMETRO DE 1000 MM, JUNTA ELÁSTICA, INSTALADO EM LOCAL COM ALTO NÍVEL DE INTERFERÊNCIAS (NÃO INCLUI FORNECIMENTO). AF_12/2015","M","47,92","92864","ASSENTAMENTO DE TUBO DE CONCRETO PARA REDES COLETORAS DE ESGOTO SANITÁRIO, DIÂMETRO DE 1000 MM, JUNTA ELÁSTICA, INSTALADO EM LOCAL COM ALTO NÍVEL DE INTERFERÊNCIAS (NÃO INCLUI FORNECIMENTO). AF_12/2015","M","47,92","92864","ASSENTAMENTO DE TUBO DE CONCRETO PARA REDES COLETORAS DE ESGOTO SANITÁRIO, DIÂMETRO DE 1000 MM, JUNTA ELÁSTICA, INSTALADO EM LOCAL COM ALTO NÍVEL DE INTERFERÊNCIAS (NÃO INCLUI FORNECIMENTO). AF_12/2015","M","47,92","92864","ASSENTAMENTO DE TUBO DE CONCRETO PARA REDES COLETORAS DE ESGOTO SANITÁRIO, DIÂMETRO DE 1000 MM, JUNTA ELÁSTICA, INSTALADO EM LOCAL COM ALTO NÍVEL DE INTERFERÊNCIAS (NÃO INCLUI FORNECIMENTO). AF_12/2015","M","47,92","92864","ASSENTAMENTO DE TUBO DE CONCRETO PARA REDES COLETORAS DE ESGOTO SANITÁRIO, DIÂMETRO DE 1000 MM, JUNTA ELÁSTICA, INSTALADO EM LOCAL COM ALTO NÍVEL DE INTERFERÊNCIAS (NÃO INCLUI FORNECIMENTO). AF_12/2015","M","47,92","92864","ASSENTAMENTO DE TUBO DE CONCRETO PARA REDES COLETORAS DE ESGOTO SANITÁRIO, DIÂMETRO DE 1000 MM, JUNTA ELÁSTICA, INSTALADO EM LOCAL COM ALTO NÍVEL DE INTERFERÊNCIAS (NÃO INCLUI FORNECIMENTO). AF_12/2015","M","47,92","92864","ASSENTAMENTO DE TUBO DE CONCRETO PARA REDES COLETORAS DE ESGOTO SANITÁRIO, DIÂMETRO DE 1000 MM, JUNTA ELÁSTICA, INSTALADO EM LOCAL COM ALTO NÍVEL DE INTERFERÊNCIAS (NÃO INCLUI FORNECIMENTO). AF_12/2015","M","47,92","92864","ASSENTAMENTO DE TUBO DE CONCRETO PARA REDES COLETORAS DE ESGOTO SANITÁRIO, DIÂMETRO DE 1000 MM, JUNTA ELÁSTICA, INSTALADO EM LOCAL COM ALTO NÍVEL DE INTERFERÊNCIAS (NÃO INCLUI FORNECIMENTO). AF_12/2015","M","47,92","92864","ASSENTAMENTO DE TUBO DE CONCRETO PARA REDES COLETORAS DE ESGOTO SANITÁRIO, DIÂMETRO DE 1000 MM, JUNTA ELÁSTICA, INSTALADO EM LOCAL COM ALTO NÍVEL DE INTERFERÊNCIAS (NÃO INCLUI FORNECIMENTO). AF_12/2015","M","47,92","92864","ASSENTAMENTO DE TUBO DE CONCRETO PARA REDES COLETORAS DE ESGOTO SANITÁRIO, DIÂMETRO DE 1000 MM, JUNTA ELÁSTICA, INSTALADO EM LOCAL COM ALTO NÍVEL DE INTERFERÊNCIAS (NÃO INCLUI FORNECIMENTO). AF_12/2015","M","47,92","92864","ASSENTAMENTO DE TUBO DE CONCRETO PARA REDES COLETORAS DE ESGOTO SANITÁRIO, DIÂMETRO DE 1000 MM, JUNTA ELÁSTICA, INSTALADO EM LOCAL COM ALTO NÍVEL DE INTERFERÊNCIAS (NÃO INCLUI FORNECIMENTO). AF_12/2015","M","47,92","92864","ASSENTAMENTO DE TUBO DE CONCRETO PARA REDES COLETORAS DE ESGOTO SANITÁRIO, DIÂMETRO DE 1000 MM, JUNTA ELÁSTICA, INSTALADO EM LOCAL COM ALTO NÍVEL DE INTERFERÊNCIAS (NÃO INCLUI FORNECIMENTO). AF_12/2015","M","47,92","92864","ASSENTAMENTO DE TUBO DE CONCRETO PARA REDES COLETORAS DE ESGOTO SANITÁRIO, DIÂMETRO DE 1000 MM, JUNTA ELÁSTICA, INSTALADO EM LOCAL COM ALTO NÍVEL DE INTERFERÊNCIAS (NÃO INCLUI FORNECIMENTO). AF_12/2015","M","47,92","92864","ASSENTAMENTO DE TUBO DE CONCRETO PARA REDES COLETORAS DE ESGOTO SANITÁRIO, DIÂMETRO DE 1000 MM, JUNTA ELÁSTICA, INSTALADO EM LOCAL COM ALTO NÍVEL DE INTERFERÊNCIAS (NÃO INCLUI FORNECIMENTO). AF_12/2015","M","47,92","92864","ASSENTAMENTO DE TUBO DE CONCRETO PARA REDES COLETORAS DE ESGOTO SANITÁRIO, DIÂMETRO DE 1000 MM, JUNTA ELÁSTICA, INSTALADO EM LOCAL COM ALTO NÍVEL DE INTERFERÊNCIAS (NÃO INCLUI FORNECIMENTO). AF_12/2015","M","47,92","92864","ASSENTAMENTO DE TUBO DE CONCRETO PARA REDES COLETORAS DE ESGOTO SANITÁRIO, DIÂMETRO DE 1000 MM, JUNTA ELÁSTICA, INSTALADO EM LOCAL COM ALTO NÍVEL DE INTERFERÊNCIAS (NÃO INCLUI FORNECIMENTO). AF_12/2015","M","47,92","92864","ASSENTAMENTO DE TUBO DE CONCRETO PARA REDES COLETORAS DE ESGOTO SANITÁRIO, DIÂMETRO DE 1000 MM, JUNTA ELÁSTICA, INSTALADO EM LOCAL COM ALTO NÍVEL DE INTERFERÊNCIAS (NÃO INCLUI FORNECIMENTO). AF_12/2015","M","47,92","92864","ASSENTAMENTO DE TUBO DE CONCRETO PARA REDES COLETORAS DE ESGOTO SANITÁRIO, DIÂMETRO DE 1000 MM, JUNTA ELÁSTICA, INSTALADO EM LOCAL COM ALTO NÍVEL DE INTERFERÊNCIAS (NÃO INCLUI FORNECIMENTO). AF_12/2015","M","47,92","92864","ASSENTAMENTO DE TUBO DE CONCRETO PARA REDES COLETORAS DE ESGOTO SANITÁRIO, DIÂMETRO DE 1000 MM, JUNTA ELÁSTICA, INSTALADO EM LOCAL COM ALTO NÍVEL DE INTERFERÊNCIAS (NÃO INCLUI FORNECIMENTO). AF_12/2015","M","47,92","92864","ASSENTAMENTO DE TUBO DE CONCRETO PARA REDES COLETORAS DE ESGOTO SANITÁRIO, DIÂMETRO DE 1000 MM, JUNTA ELÁSTICA, INSTALADO EM LOCAL COM ALTO NÍVEL DE INTERFERÊNCIAS (NÃO INCLUI FORNECIMENTO). AF_12/2015","M","47,92","92864","ASSENTAMENTO DE TUBO DE CONCRETO PARA REDES COLETORAS DE ESGOTO SANITÁRIO, DIÂMETRO DE 1000 MM, JUNTA ELÁSTICA, INSTALADO EM LOCAL COM ALTO NÍVEL DE INTERFERÊNCIAS (NÃO INCLUI FORNECIMENTO). AF_12/2015","M","47,92","92864","ASSENTAMENTO DE TUBO DE CONCRETO PARA REDES COLETORAS DE ESGOTO SANITÁRIO, DIÂMETRO DE 1000 MM, JUNTA ELÁSTICA, INSTALADO EM LOCAL COM ALTO NÍVEL DE INTERFERÊNCIAS (NÃO INCLUI FORNECIMENTO). AF_12/2015","M","47,92","92864","ASSENTAMENTO DE TUBO DE CONCRETO PARA REDES COLETORAS DE ESGOTO SANITÁRIO, DIÂMETRO DE 1000 MM, JUNTA ELÁSTICA, INSTALADO EM LOCAL COM ALTO NÍVEL DE INTERFERÊNCIAS (NÃO INCLUI FORNECIMENTO). AF_12/2015","M","47,92","92864","ASSENTAMENTO DE TUBO DE CONCRETO PARA REDES COLETORAS DE ESGOTO SANITÁRIO, DIÂMETRO DE 1000 MM, JUNTA ELÁSTICA, INSTALADO EM LOCAL COM ALTO NÍVEL DE INTERFERÊNCIAS (NÃO INCLUI FORNECIMENTO). AF_12/2015","M","47,92","92864","ASSENTAMENTO DE TUBO DE CONCRETO PARA REDES COLETORAS DE ESGOTO SANITÁRIO, DIÂMETRO DE 1000 MM, JUNTA ELÁSTICA, INSTALADO EM LOCAL COM ALTO NÍVEL DE INTERFERÊNCIAS (NÃO INCLUI FORNECIMENTO). AF_12/2015","M","47,92","92864","ASSENTAMENTO DE TUBO DE CONCRETO PARA REDES COLETORAS DE ESGOTO SANITÁRIO, DIÂMETRO DE 1000 MM, JUNTA ELÁSTICA, INSTALADO EM LOCAL COM ALTO NÍVEL DE INTERFERÊNCIAS (NÃO INCLUI FORNECIMENTO). AF_12/2015","M","47,92","92864","ASSENTAMENTO DE TUBO DE CONCRETO PARA REDES COLETORAS DE ESGOTO SANITÁRIO, DIÂMETRO DE 1000 MM, JUNTA ELÁSTICA, INSTALADO EM LOCAL COM ALTO NÍVEL DE INTERFERÊNCIAS (NÃO INCLUI FORNECIMENTO). AF_12/2015","M","47,92","92864","ASSENTAMENTO DE TUBO DE CONCRETO PARA REDES COLETORAS DE ESGOTO SANITÁRIO, DIÂMETRO DE 1000 MM, JUNTA ELÁSTICA, INSTALADO EM LOCAL COM ALTO NÍVEL DE INTERFERÊNCIAS (NÃO INCLUI FORNECIMENTO). AF_12/2015","M","47,92","92864","ASSENTAMENTO DE TUBO DE CONCRETO PARA REDES COLETORAS DE ESGOTO SANITÁRIO, DIÂMETRO DE 1000 MM, JUNTA ELÁSTICA, INSTALADO EM LOCAL COM ALTO NÍVEL DE INTERFERÊNCIAS (NÃO INCLUI FORNECIMENTO). AF_12/2015","M","47,92","92864","ASSENTAMENTO DE TUBO DE CONCRETO PARA REDES COLETORAS DE ESGOTO SANITÁRIO, DIÂMETRO DE 1000 MM, JUNTA ELÁSTICA, INSTALADO EM LOCAL COM ALTO NÍVEL DE INTERFERÊNCIAS (NÃO INCLUI FORNECIMENTO). AF_12/2015","M","47,92","92864","ASSENTAMENTO DE TUBO DE CONCRETO PARA REDES COLETORAS DE ESGOTO SANITÁRIO, DIÂMETRO DE 1000 MM, JUNTA ELÁSTICA, INSTALADO EM LOCAL COM ALTO NÍVEL DE INTERFERÊNCIAS (NÃO INCLUI FORNECIMENTO). AF_12/2015","M","47,92","92864","ASSENTAMENTO DE TUBO DE CONCRETO PARA REDES COLETORAS DE ESGOTO SANITÁRIO, DIÂMETRO DE 1000 MM, JUNTA ELÁSTICA, INSTALADO EM LOCAL COM ALTO NÍVEL DE INTERFERÊNCIAS (NÃO INCLUI FORNECIMENTO). AF_12/2015","M","47,92","92864","ASSENTAMENTO DE TUBO DE CONCRETO PARA REDES COLETORAS DE ESGOTO SANITÁRIO, DIÂMETRO DE 1000 MM, JUNTA ELÁSTICA, INSTALADO EM LOCAL COM ALTO NÍVEL DE INTERFERÊNCIAS (NÃO INCLUI FORNECIMENTO). AF_12/2015","M","47,92","92864","ASSENTAMENTO DE TUBO DE CONCRETO PARA REDES COLETORAS DE ESGOTO SANITÁRIO, DIÂMETRO DE 1000 MM, JUNTA ELÁSTICA, INSTALADO EM LOCAL COM ALTO NÍVEL DE INTERFERÊNCIAS (NÃO INCLUI FORNECIMENTO). AF_12/2015","M","47,92","92864","ASSENTAMENTO DE TUBO DE CONCRETO PARA REDES COLETORAS DE ESGOTO SANITÁRIO, DIÂMETRO DE 1000 MM, JUNTA ELÁSTICA, INSTALADO EM LOCAL COM ALTO NÍVEL DE INTERFERÊNCIAS (NÃO INCLUI FORNECIMENTO). AF_12/2015","M","47,92","92864","ASSENTAMENTO DE TUBO DE CONCRETO PARA REDES COLETORAS DE ESGOTO SANITÁRIO, DIÂMETRO DE 1000 MM, JUNTA ELÁSTICA, INSTALADO EM LOCAL COM ALTO NÍVEL DE INTERFERÊNCIAS (NÃO INCLUI FORNECIMENTO). AF_12/2015","M","47,92","92864","ASSENTAMENTO DE TUBO DE CONCRETO PARA REDES COLETORAS DE ESGOTO SANITÁRIO, DIÂMETRO DE 1000 MM, JUNTA ELÁSTICA, INSTALADO EM LOCAL COM ALTO NÍVEL DE INTERFERÊNCIAS (NÃO INCLUI FORNECIMENTO). AF_12/2015","M","47,92","92864","ASSENTAMENTO DE TUBO DE CONCRETO PARA REDES COLETORAS DE ESGOTO SANITÁRIO, DIÂMETRO DE 1000 MM, JUNTA ELÁSTICA, INSTALADO EM LOCAL COM ALTO NÍVEL DE INTERFERÊNCIAS (NÃO INCLUI FORNECIMENTO). AF_12/2015","M","47,92","92864","ASSENTAMENTO DE TUBO DE CONCRETO PARA REDES COLETORAS DE ESGOTO SANITÁRIO, DIÂMETRO DE 1000 MM, JUNTA ELÁSTICA, INSTALADO EM LOCAL COM ALTO NÍVEL DE INTERFERÊNCIAS (NÃO INCLUI FORNECIMENTO). AF_12/2015","M","47,92","92864","ASSENTAMENTO DE TUBO DE CONCRETO PARA REDES COLETORAS DE ESGOTO SANITÁRIO, DIÂMETRO DE 1000 MM, JUNTA ELÁSTICA, INSTALADO EM LOCAL COM ALTO NÍVEL DE INTERFERÊNCIAS (NÃO INCLUI FORNECIMENTO). AF_12/2015","M","47,92","92864","ASSENTAMENTO DE TUBO DE CONCRETO PARA REDES COLETORAS DE ESGOTO SANITÁRIO, DIÂMETRO DE 1000 MM, JUNTA ELÁSTICA, INSTALADO EM LOCAL COM ALTO NÍVEL DE INTERFERÊNCIAS (NÃO INCLUI FORNECIMENTO). AF_12/2015","M","47,92","92864","ASSENTAMENTO DE TUBO DE CONCRETO PARA REDES COLETORAS DE ESGOTO SANITÁRIO, DIÂMETRO DE 1000 MM, JUNTA ELÁSTICA, INSTALADO EM LOCAL COM ALTO NÍVEL DE INTERFERÊNCIAS (NÃO INCLUI FORNECIMENTO). AF_12/2015","M","47,92","92864","ASSENTAMENTO DE TUBO DE CONCRETO PARA REDES COLETORAS DE ESGOTO SANITÁRIO, DIÂMETRO DE 1000 MM, JUNTA ELÁSTICA, INSTALADO EM LOCAL COM ALTO NÍVEL DE INTERFERÊNCIAS (NÃO INCLUI FORNECIMENTO). AF_12/2015","M","47,92","92864","ASSENTAMENTO DE TUBO DE CONCRETO PARA REDES COLETORAS DE ESGOTO SANITÁRIO, DIÂMETRO DE 1000 MM, JUNTA ELÁSTICA, INSTALADO EM LOCAL COM ALTO NÍVEL DE INTERFERÊNCIAS (NÃO INCLUI FORNECIMENTO). AF_12/2015","M","47,92","92864","ASSENTAMENTO DE TUBO DE CONCRETO PARA REDES COLETORAS DE ESGOTO SANITÁRIO, DIÂMETRO DE 1000 MM, JUNTA ELÁSTICA, INSTALADO EM LOCAL COM ALTO NÍVEL DE INTERFERÊNCIAS (NÃO INCLUI FORNECIMENTO). AF_12/2015","M","47,92","92864","ASSENTAMENTO DE TUBO DE CONCRETO PARA REDES COLETORAS DE ESGOTO SANITÁRIO, DIÂMETRO DE 1000 MM, JUNTA ELÁSTICA, INSTALADO EM LOCAL COM ALTO NÍVEL DE INTERFERÊNCIAS (NÃO INCLUI FORNECIMENTO). AF_12/2015","M","47,92","92864","ASSENTAMENTO DE TUBO DE CONCRETO PARA REDES COLETORAS DE ESGOTO SANITÁRIO, DIÂMETRO DE 1000 MM, JUNTA ELÁSTICA, INSTALADO EM LOCAL COM ALTO NÍVEL DE INTERFERÊNCIAS (NÃO INCLUI FORNECIMENTO). AF_12/2015","M","47,92","92864","ASSENTAMENTO DE TUBO DE CONCRETO PARA REDES COLETORAS DE ESGOTO SANITÁRIO, DIÂMETRO DE 1000 MM, JUNTA ELÁSTICA, INSTALADO EM LOCAL COM ALTO NÍVEL DE INTERFERÊNCIAS (NÃO INCLUI FORNECIMENTO). AF_12/2015","M","47,92","92864","ASSENTAMENTO DE TUBO DE CONCRETO PARA REDES COLETORAS DE ESGOTO SANITÁRIO, DIÂMETRO DE 1000 MM, JUNTA ELÁSTICA, INSTALADO EM LOCAL COM ALTO NÍVEL DE INTERFERÊNCIAS (NÃO INCLUI FORNECIMENTO). AF_12/2015","M","47,92","92864","ASSENTAMENTO DE TUBO DE CONCRETO PARA REDES COLETORAS DE ESGOTO SANITÁRIO, DIÂMETRO DE 1000 MM, JUNTA ELÁSTICA, INSTALADO EM LOCAL COM ALTO NÍVEL DE INTERFERÊNCIAS (NÃO INCLUI FORNECIMENTO). AF_12/2015","M","47,92","92864","ASSENTAMENTO DE TUBO DE CONCRETO PARA REDES COLETORAS DE ESGOTO SANITÁRIO, DIÂMETRO DE 1000 MM, JUNTA ELÁSTICA, INSTALADO EM LOCAL COM ALTO NÍVEL DE INTERFERÊNCIAS (NÃO INCLUI FORNECIMENTO). AF_12/2015","M","47,92","92864","ASSENTAMENTO DE TUBO DE CONCRETO PARA REDES COLETORAS DE ESGOTO SANITÁRIO, DIÂMETRO DE 1000 MM, JUNTA ELÁSTICA, INSTALADO EM LOCAL COM ALTO NÍVEL DE INTERFERÊNCIAS (NÃO INCLUI FORNECIMENTO). AF_12/2015","M","47,92","92864","ASSENTAMENTO DE TUBO DE CONCRETO PARA REDES COLETORAS DE ESGOTO SANITÁRIO, DIÂMETRO DE 1000 MM, JUNTA ELÁSTICA, INSTALADO EM LOCAL COM ALTO NÍVEL DE INTERFERÊNCIAS (NÃO INCLUI FORNECIMENTO). AF_12/2015","M","47,92","92864","ASSENTAMENTO DE TUBO DE CONCRETO PARA REDES COLETORAS DE ESGOTO SANITÁRIO, DIÂMETRO DE 1000 MM, JUNTA ELÁSTICA, INSTALADO EM LOCAL COM ALTO NÍVEL DE INTERFERÊNCIAS (NÃO INCLUI FORNECIMENTO). AF_12/2015","M","47,92","92864","ASSENTAMENTO DE TUBO DE CONCRETO PARA REDES COLETORAS DE ESGOTO SANITÁRIO, DIÂMETRO DE 1000 MM, JUNTA ELÁSTICA, INSTALADO EM LOCAL COM ALTO NÍVEL DE INTERFERÊNCIAS (NÃO INCLUI FORNECIMENTO). AF_12/2015","M","47,92","92864","ASSENTAMENTO DE TUBO DE CONCRETO PARA REDES COLETORAS DE ESGOTO SANITÁRIO, DIÂMETRO DE 1000 MM, JUNTA ELÁSTICA, INSTALADO EM LOCAL COM ALTO NÍVEL DE INTERFERÊNCIAS (NÃO INCLUI FORNECIMENTO). AF_12/2015","M","47,92","92864","ASSENTAMENTO DE TUBO DE CONCRETO PARA REDES COLETORAS DE ESGOTO SANITÁRIO, DIÂMETRO DE 1000 MM, JUNTA ELÁSTICA, INSTALADO EM LOCAL COM ALTO NÍVEL DE INTERFERÊNCIAS (NÃO INCLUI FORNECIMENTO). AF_12/2015","M","47,92","92864","ASSENTAMENTO DE TUBO DE CONCRETO PARA REDES COLETORAS DE ESGOTO SANITÁRIO, DIÂMETRO DE 1000 MM, JUNTA ELÁSTICA, INSTALADO EM LOCAL COM ALTO NÍVEL DE INTERFERÊNCIAS (NÃO INCLUI FORNECIMENTO). AF_12/2015","M","47,92","92864","ASSENTAMENTO DE TUBO DE CONCRETO PARA REDES COLETORAS DE ESGOTO SANITÁRIO, DIÂMETRO DE 1000 MM, JUNTA ELÁSTICA, INSTALADO EM LOCAL COM ALTO NÍVEL DE INTERFERÊNCIAS (NÃO INCLUI FORNECIMENTO). AF_12/2015","M","47,92","92864","ASSENTAMENTO DE TUBO DE CONCRETO PARA REDES COLETORAS DE ESGOTO SANITÁRIO, DIÂMETRO DE 1000 MM, JUNTA ELÁSTICA, INSTALADO EM LOCAL COM ALTO NÍVEL DE INTERFERÊNCIAS (NÃO INCLUI FORNECIMENTO). AF_12/2015","M","47,92","92864","ASSENTAMENTO DE TUBO DE CONCRETO PARA REDES COLETORAS DE ESGOTO SANITÁRIO, DIÂMETRO DE 1000 MM, JUNTA ELÁSTICA, INSTALADO EM LOCAL COM ALTO NÍVEL DE INTERFERÊNCIAS (NÃO INCLUI FORNECIMENTO). AF_12/2015","M","47,92"]
[97136,"ASSENTAMENTO DE TUBO DE PVC DEFOFO OU PRFV OU RPVC PARA REDE DE ÁGUA, DN 250 MM, JUNTA ELÁSTICA INTEGRADA, INSTALADO EM LOCAL COM NÍVEL BAIXO DE INTERFERÊNCIAS (NÃO INCLUI FORNECIMENTO). AF_11/2017","M",6.23,"97136","ASSENTAMENTO DE TUBO DE PVC DEFOFO OU PRFV OU RPVC PARA REDE DE ÁGUA, DN 250 MM, JUNTA ELÁSTICA INTEGRADA, INSTALADO EM LOCAL COM NÍVEL BAIXO DE INTERFERÊNCIAS (NÃO INCLUI FORNECIMENTO). AF_11/2017","M","6,23","97136","ASSENTAMENTO DE TUBO DE PVC DEFOFO OU PRFV OU RPVC PARA REDE DE ÁGUA, DN 250 MM, JUNTA ELÁSTICA INTEGRADA, INSTALADO EM LOCAL COM NÍVEL BAIXO DE INTERFERÊNCIAS (NÃO INCLUI FORNECIMENTO). AF_11/2017","M","6,23","97136","ASSENTAMENTO DE TUBO DE PVC DEFOFO OU PRFV OU RPVC PARA REDE DE ÁGUA, DN 250 MM, JUNTA ELÁSTICA INTEGRADA, INSTALADO EM LOCAL COM NÍVEL BAIXO DE INTERFERÊNCIAS (NÃO INCLUI FORNECIMENTO). AF_11/2017","M","6,23","97136","ASSENTAMENTO DE TUBO DE PVC DEFOFO OU PRFV OU RPVC PARA REDE DE ÁGUA, DN 250 MM, JUNTA ELÁSTICA INTEGRADA, INSTALADO EM LOCAL COM NÍVEL BAIXO DE INTERFERÊNCIAS (NÃO INCLUI FORNECIMENTO). AF_11/2017","M","6,23","97136","ASSENTAMENTO DE TUBO DE PVC DEFOFO OU PRFV OU RPVC PARA REDE DE ÁGUA, DN 250 MM, JUNTA ELÁSTICA INTEGRADA, INSTALADO EM LOCAL COM NÍVEL BAIXO DE INTERFERÊNCIAS (NÃO INCLUI FORNECIMENTO). AF_11/2017","M","6,23","97136","ASSENTAMENTO DE TUBO DE PVC DEFOFO OU PRFV OU RPVC PARA REDE DE ÁGUA, DN 250 MM, JUNTA ELÁSTICA INTEGRADA, INSTALADO EM LOCAL COM NÍVEL BAIXO DE INTERFERÊNCIAS (NÃO INCLUI FORNECIMENTO). AF_11/2017","M","6,23","97136","ASSENTAMENTO DE TUBO DE PVC DEFOFO OU PRFV OU RPVC PARA REDE DE ÁGUA, DN 250 MM, JUNTA ELÁSTICA INTEGRADA, INSTALADO EM LOCAL COM NÍVEL BAIXO DE INTERFERÊNCIAS (NÃO INCLUI FORNECIMENTO). AF_11/2017","M","6,23","97136","ASSENTAMENTO DE TUBO DE PVC DEFOFO OU PRFV OU RPVC PARA REDE DE ÁGUA, DN 250 MM, JUNTA ELÁSTICA INTEGRADA, INSTALADO EM LOCAL COM NÍVEL BAIXO DE INTERFERÊNCIAS (NÃO INCLUI FORNECIMENTO). AF_11/2017","M","6,23","97136","ASSENTAMENTO DE TUBO DE PVC DEFOFO OU PRFV OU RPVC PARA REDE DE ÁGUA, DN 250 MM, JUNTA ELÁSTICA INTEGRADA, INSTALADO EM LOCAL COM NÍVEL BAIXO DE INTERFERÊNCIAS (NÃO INCLUI FORNECIMENTO). AF_11/2017","M","6,23","97136","ASSENTAMENTO DE TUBO DE PVC DEFOFO OU PRFV OU RPVC PARA REDE DE ÁGUA, DN 250 MM, JUNTA ELÁSTICA INTEGRADA, INSTALADO EM LOCAL COM NÍVEL BAIXO DE INTERFERÊNCIAS (NÃO INCLUI FORNECIMENTO). AF_11/2017","M","6,23","97136","ASSENTAMENTO DE TUBO DE PVC DEFOFO OU PRFV OU RPVC PARA REDE DE ÁGUA, DN 250 MM, JUNTA ELÁSTICA INTEGRADA, INSTALADO EM LOCAL COM NÍVEL BAIXO DE INTERFERÊNCIAS (NÃO INCLUI FORNECIMENTO). AF_11/2017","M","6,23","97136","ASSENTAMENTO DE TUBO DE PVC DEFOFO OU PRFV OU RPVC PARA REDE DE ÁGUA, DN 250 MM, JUNTA ELÁSTICA INTEGRADA, INSTALADO EM LOCAL COM NÍVEL BAIXO DE INTERFERÊNCIAS (NÃO INCLUI FORNECIMENTO). AF_11/2017","M","6,23","97136","ASSENTAMENTO DE TUBO DE PVC DEFOFO OU PRFV OU RPVC PARA REDE DE ÁGUA, DN 250 MM, JUNTA ELÁSTICA INTEGRADA, INSTALADO EM LOCAL COM NÍVEL BAIXO DE INTERFERÊNCIAS (NÃO INCLUI FORNECIMENTO). AF_11/2017","M","6,23","97136","ASSENTAMENTO DE TUBO DE PVC DEFOFO OU PRFV OU RPVC PARA REDE DE ÁGUA, DN 250 MM, JUNTA ELÁSTICA INTEGRADA, INSTALADO EM LOCAL COM NÍVEL BAIXO DE INTERFERÊNCIAS (NÃO INCLUI FORNECIMENTO). AF_11/2017","M","6,23","97136","ASSENTAMENTO DE TUBO DE PVC DEFOFO OU PRFV OU RPVC PARA REDE DE ÁGUA, DN 250 MM, JUNTA ELÁSTICA INTEGRADA, INSTALADO EM LOCAL COM NÍVEL BAIXO DE INTERFERÊNCIAS (NÃO INCLUI FORNECIMENTO). AF_11/2017","M","6,23","97136","ASSENTAMENTO DE TUBO DE PVC DEFOFO OU PRFV OU RPVC PARA REDE DE ÁGUA, DN 250 MM, JUNTA ELÁSTICA INTEGRADA, INSTALADO EM LOCAL COM NÍVEL BAIXO DE INTERFERÊNCIAS (NÃO INCLUI FORNECIMENTO). AF_11/2017","M","6,23","97136","ASSENTAMENTO DE TUBO DE PVC DEFOFO OU PRFV OU RPVC PARA REDE DE ÁGUA, DN 250 MM, JUNTA ELÁSTICA INTEGRADA, INSTALADO EM LOCAL COM NÍVEL BAIXO DE INTERFERÊNCIAS (NÃO INCLUI FORNECIMENTO). AF_11/2017","M","6,23","97136","ASSENTAMENTO DE TUBO DE PVC DEFOFO OU PRFV OU RPVC PARA REDE DE ÁGUA, DN 250 MM, JUNTA ELÁSTICA INTEGRADA, INSTALADO EM LOCAL COM NÍVEL BAIXO DE INTERFERÊNCIAS (NÃO INCLUI FORNECIMENTO). AF_11/2017","M","6,23","97136","ASSENTAMENTO DE TUBO DE PVC DEFOFO OU PRFV OU RPVC PARA REDE DE ÁGUA, DN 250 MM, JUNTA ELÁSTICA INTEGRADA, INSTALADO EM LOCAL COM NÍVEL BAIXO DE INTERFERÊNCIAS (NÃO INCLUI FORNECIMENTO). AF_11/2017","M","6,23","97136","ASSENTAMENTO DE TUBO DE PVC DEFOFO OU PRFV OU RPVC PARA REDE DE ÁGUA, DN 250 MM, JUNTA ELÁSTICA INTEGRADA, INSTALADO EM LOCAL COM NÍVEL BAIXO DE INTERFERÊNCIAS (NÃO INCLUI FORNECIMENTO). AF_11/2017","M","6,23","97136","ASSENTAMENTO DE TUBO DE PVC DEFOFO OU PRFV OU RPVC PARA REDE DE ÁGUA, DN 250 MM, JUNTA ELÁSTICA INTEGRADA, INSTALADO EM LOCAL COM NÍVEL BAIXO DE INTERFERÊNCIAS (NÃO INCLUI FORNECIMENTO). AF_11/2017","M","6,23","97136","ASSENTAMENTO DE TUBO DE PVC DEFOFO OU PRFV OU RPVC PARA REDE DE ÁGUA, DN 250 MM, JUNTA ELÁSTICA INTEGRADA, INSTALADO EM LOCAL COM NÍVEL BAIXO DE INTERFERÊNCIAS (NÃO INCLUI FORNECIMENTO). AF_11/2017","M","6,23","97136","ASSENTAMENTO DE TUBO DE PVC DEFOFO OU PRFV OU RPVC PARA REDE DE ÁGUA, DN 250 MM, JUNTA ELÁSTICA INTEGRADA, INSTALADO EM LOCAL COM NÍVEL BAIXO DE INTERFERÊNCIAS (NÃO INCLUI FORNECIMENTO). AF_11/2017","M","6,23","97136","ASSENTAMENTO DE TUBO DE PVC DEFOFO OU PRFV OU RPVC PARA REDE DE ÁGUA, DN 250 MM, JUNTA ELÁSTICA INTEGRADA, INSTALADO EM LOCAL COM NÍVEL BAIXO DE INTERFERÊNCIAS (NÃO INCLUI FORNECIMENTO). AF_11/2017","M","6,23","97136","ASSENTAMENTO DE TUBO DE PVC DEFOFO OU PRFV OU RPVC PARA REDE DE ÁGUA, DN 250 MM, JUNTA ELÁSTICA INTEGRADA, INSTALADO EM LOCAL COM NÍVEL BAIXO DE INTERFERÊNCIAS (NÃO INCLUI FORNECIMENTO). AF_11/2017","M","6,23","97136","ASSENTAMENTO DE TUBO DE PVC DEFOFO OU PRFV OU RPVC PARA REDE DE ÁGUA, DN 250 MM, JUNTA ELÁSTICA INTEGRADA, INSTALADO EM LOCAL COM NÍVEL BAIXO DE INTERFERÊNCIAS (NÃO INCLUI FORNECIMENTO). AF_11/2017","M","6,23","97136","ASSENTAMENTO DE TUBO DE PVC DEFOFO OU PRFV OU RPVC PARA REDE DE ÁGUA, DN 250 MM, JUNTA ELÁSTICA INTEGRADA, INSTALADO EM LOCAL COM NÍVEL BAIXO DE INTERFERÊNCIAS (NÃO INCLUI FORNECIMENTO). AF_11/2017","M","6,23","97136","ASSENTAMENTO DE TUBO DE PVC DEFOFO OU PRFV OU RPVC PARA REDE DE ÁGUA, DN 250 MM, JUNTA ELÁSTICA INTEGRADA, INSTALADO EM LOCAL COM NÍVEL BAIXO DE INTERFERÊNCIAS (NÃO INCLUI FORNECIMENTO). AF_11/2017","M","6,23","97136","ASSENTAMENTO DE TUBO DE PVC DEFOFO OU PRFV OU RPVC PARA REDE DE ÁGUA, DN 250 MM, JUNTA ELÁSTICA INTEGRADA, INSTALADO EM LOCAL COM NÍVEL BAIXO DE INTERFERÊNCIAS (NÃO INCLUI FORNECIMENTO). AF_11/2017","M","6,23","97136","ASSENTAMENTO DE TUBO DE PVC DEFOFO OU PRFV OU RPVC PARA REDE DE ÁGUA, DN 250 MM, JUNTA ELÁSTICA INTEGRADA, INSTALADO EM LOCAL COM NÍVEL BAIXO DE INTERFERÊNCIAS (NÃO INCLUI FORNECIMENTO). AF_11/2017","M","6,23","97136","ASSENTAMENTO DE TUBO DE PVC DEFOFO OU PRFV OU RPVC PARA REDE DE ÁGUA, DN 250 MM, JUNTA ELÁSTICA INTEGRADA, INSTALADO EM LOCAL COM NÍVEL BAIXO DE INTERFERÊNCIAS (NÃO INCLUI FORNECIMENTO). AF_11/2017","M","6,23","97136","ASSENTAMENTO DE TUBO DE PVC DEFOFO OU PRFV OU RPVC PARA REDE DE ÁGUA, DN 250 MM, JUNTA ELÁSTICA INTEGRADA, INSTALADO EM LOCAL COM NÍVEL BAIXO DE INTERFERÊNCIAS (NÃO INCLUI FORNECIMENTO). AF_11/2017","M","6,23","97136","ASSENTAMENTO DE TUBO DE PVC DEFOFO OU PRFV OU RPVC PARA REDE DE ÁGUA, DN 250 MM, JUNTA ELÁSTICA INTEGRADA, INSTALADO EM LOCAL COM NÍVEL BAIXO DE INTERFERÊNCIAS (NÃO INCLUI FORNECIMENTO). AF_11/2017","M","6,23","97136","ASSENTAMENTO DE TUBO DE PVC DEFOFO OU PRFV OU RPVC PARA REDE DE ÁGUA, DN 250 MM, JUNTA ELÁSTICA INTEGRADA, INSTALADO EM LOCAL COM NÍVEL BAIXO DE INTERFERÊNCIAS (NÃO INCLUI FORNECIMENTO). AF_11/2017","M","6,23","97136","ASSENTAMENTO DE TUBO DE PVC DEFOFO OU PRFV OU RPVC PARA REDE DE ÁGUA, DN 250 MM, JUNTA ELÁSTICA INTEGRADA, INSTALADO EM LOCAL COM NÍVEL BAIXO DE INTERFERÊNCIAS (NÃO INCLUI FORNECIMENTO). AF_11/2017","M","6,23","97136","ASSENTAMENTO DE TUBO DE PVC DEFOFO OU PRFV OU RPVC PARA REDE DE ÁGUA, DN 250 MM, JUNTA ELÁSTICA INTEGRADA, INSTALADO EM LOCAL COM NÍVEL BAIXO DE INTERFERÊNCIAS (NÃO INCLUI FORNECIMENTO). AF_11/2017","M","6,23","97136","ASSENTAMENTO DE TUBO DE PVC DEFOFO OU PRFV OU RPVC PARA REDE DE ÁGUA, DN 250 MM, JUNTA ELÁSTICA INTEGRADA, INSTALADO EM LOCAL COM NÍVEL BAIXO DE INTERFERÊNCIAS (NÃO INCLUI FORNECIMENTO). AF_11/2017","M","6,23","97136","ASSENTAMENTO DE TUBO DE PVC DEFOFO OU PRFV OU RPVC PARA REDE DE ÁGUA, DN 250 MM, JUNTA ELÁSTICA INTEGRADA, INSTALADO EM LOCAL COM NÍVEL BAIXO DE INTERFERÊNCIAS (NÃO INCLUI FORNECIMENTO). AF_11/2017","M","6,23","97136","ASSENTAMENTO DE TUBO DE PVC DEFOFO OU PRFV OU RPVC PARA REDE DE ÁGUA, DN 250 MM, JUNTA ELÁSTICA INTEGRADA, INSTALADO EM LOCAL COM NÍVEL BAIXO DE INTERFERÊNCIAS (NÃO INCLUI FORNECIMENTO). AF_11/2017","M","6,23","97136","ASSENTAMENTO DE TUBO DE PVC DEFOFO OU PRFV OU RPVC PARA REDE DE ÁGUA, DN 250 MM, JUNTA ELÁSTICA INTEGRADA, INSTALADO EM LOCAL COM NÍVEL BAIXO DE INTERFERÊNCIAS (NÃO INCLUI FORNECIMENTO). AF_11/2017","M","6,23","97136","ASSENTAMENTO DE TUBO DE PVC DEFOFO OU PRFV OU RPVC PARA REDE DE ÁGUA, DN 250 MM, JUNTA ELÁSTICA INTEGRADA, INSTALADO EM LOCAL COM NÍVEL BAIXO DE INTERFERÊNCIAS (NÃO INCLUI FORNECIMENTO). AF_11/2017","M","6,23","97136","ASSENTAMENTO DE TUBO DE PVC DEFOFO OU PRFV OU RPVC PARA REDE DE ÁGUA, DN 250 MM, JUNTA ELÁSTICA INTEGRADA, INSTALADO EM LOCAL COM NÍVEL BAIXO DE INTERFERÊNCIAS (NÃO INCLUI FORNECIMENTO). AF_11/2017","M","6,23","97136","ASSENTAMENTO DE TUBO DE PVC DEFOFO OU PRFV OU RPVC PARA REDE DE ÁGUA, DN 250 MM, JUNTA ELÁSTICA INTEGRADA, INSTALADO EM LOCAL COM NÍVEL BAIXO DE INTERFERÊNCIAS (NÃO INCLUI FORNECIMENTO). AF_11/2017","M","6,23","97136","ASSENTAMENTO DE TUBO DE PVC DEFOFO OU PRFV OU RPVC PARA REDE DE ÁGUA, DN 250 MM, JUNTA ELÁSTICA INTEGRADA, INSTALADO EM LOCAL COM NÍVEL BAIXO DE INTERFERÊNCIAS (NÃO INCLUI FORNECIMENTO). AF_11/2017","M","6,23","97136","ASSENTAMENTO DE TUBO DE PVC DEFOFO OU PRFV OU RPVC PARA REDE DE ÁGUA, DN 250 MM, JUNTA ELÁSTICA INTEGRADA, INSTALADO EM LOCAL COM NÍVEL BAIXO DE INTERFERÊNCIAS (NÃO INCLUI FORNECIMENTO). AF_11/2017","M","6,23","97136","ASSENTAMENTO DE TUBO DE PVC DEFOFO OU PRFV OU RPVC PARA REDE DE ÁGUA, DN 250 MM, JUNTA ELÁSTICA INTEGRADA, INSTALADO EM LOCAL COM NÍVEL BAIXO DE INTERFERÊNCIAS (NÃO INCLUI FORNECIMENTO). AF_11/2017","M","6,23","97136","ASSENTAMENTO DE TUBO DE PVC DEFOFO OU PRFV OU RPVC PARA REDE DE ÁGUA, DN 250 MM, JUNTA ELÁSTICA INTEGRADA, INSTALADO EM LOCAL COM NÍVEL BAIXO DE INTERFERÊNCIAS (NÃO INCLUI FORNECIMENTO). AF_11/2017","M","6,23","97136","ASSENTAMENTO DE TUBO DE PVC DEFOFO OU PRFV OU RPVC PARA REDE DE ÁGUA, DN 250 MM, JUNTA ELÁSTICA INTEGRADA, INSTALADO EM LOCAL COM NÍVEL BAIXO DE INTERFERÊNCIAS (NÃO INCLUI FORNECIMENTO). AF_11/2017","M","6,23","97136","ASSENTAMENTO DE TUBO DE PVC DEFOFO OU PRFV OU RPVC PARA REDE DE ÁGUA, DN 250 MM, JUNTA ELÁSTICA INTEGRADA, INSTALADO EM LOCAL COM NÍVEL BAIXO DE INTERFERÊNCIAS (NÃO INCLUI FORNECIMENTO). AF_11/2017","M","6,23","97136","ASSENTAMENTO DE TUBO DE PVC DEFOFO OU PRFV OU RPVC PARA REDE DE ÁGUA, DN 250 MM, JUNTA ELÁSTICA INTEGRADA, INSTALADO EM LOCAL COM NÍVEL BAIXO DE INTERFERÊNCIAS (NÃO INCLUI FORNECIMENTO). AF_11/2017","M","6,23","97136","ASSENTAMENTO DE TUBO DE PVC DEFOFO OU PRFV OU RPVC PARA REDE DE ÁGUA, DN 250 MM, JUNTA ELÁSTICA INTEGRADA, INSTALADO EM LOCAL COM NÍVEL BAIXO DE INTERFERÊNCIAS (NÃO INCLUI FORNECIMENTO). AF_11/2017","M","6,23","97136","ASSENTAMENTO DE TUBO DE PVC DEFOFO OU PRFV OU RPVC PARA REDE DE ÁGUA, DN 250 MM, JUNTA ELÁSTICA INTEGRADA, INSTALADO EM LOCAL COM NÍVEL BAIXO DE INTERFERÊNCIAS (NÃO INCLUI FORNECIMENTO). AF_11/2017","M","6,23","97136","ASSENTAMENTO DE TUBO DE PVC DEFOFO OU PRFV OU RPVC PARA REDE DE ÁGUA, DN 250 MM, JUNTA ELÁSTICA INTEGRADA, INSTALADO EM LOCAL COM NÍVEL BAIXO DE INTERFERÊNCIAS (NÃO INCLUI FORNECIMENTO). AF_11/2017","M","6,23","97136","ASSENTAMENTO DE TUBO DE PVC DEFOFO OU PRFV OU RPVC PARA REDE DE ÁGUA, DN 250 MM, JUNTA ELÁSTICA INTEGRADA, INSTALADO EM LOCAL COM NÍVEL BAIXO DE INTERFERÊNCIAS (NÃO INCLUI FORNECIMENTO). AF_11/2017","M","6,23","97136","ASSENTAMENTO DE TUBO DE PVC DEFOFO OU PRFV OU RPVC PARA REDE DE ÁGUA, DN 250 MM, JUNTA ELÁSTICA INTEGRADA, INSTALADO EM LOCAL COM NÍVEL BAIXO DE INTERFERÊNCIAS (NÃO INCLUI FORNECIMENTO). AF_11/2017","M","6,23","97136","ASSENTAMENTO DE TUBO DE PVC DEFOFO OU PRFV OU RPVC PARA REDE DE ÁGUA, DN 250 MM, JUNTA ELÁSTICA INTEGRADA, INSTALADO EM LOCAL COM NÍVEL BAIXO DE INTERFERÊNCIAS (NÃO INCLUI FORNECIMENTO). AF_11/2017","M","6,23","97136","ASSENTAMENTO DE TUBO DE PVC DEFOFO OU PRFV OU RPVC PARA REDE DE ÁGUA, DN 250 MM, JUNTA ELÁSTICA INTEGRADA, INSTALADO EM LOCAL COM NÍVEL BAIXO DE INTERFERÊNCIAS (NÃO INCLUI FORNECIMENTO). AF_11/2017","M","6,23","97136","ASSENTAMENTO DE TUBO DE PVC DEFOFO OU PRFV OU RPVC PARA REDE DE ÁGUA, DN 250 MM, JUNTA ELÁSTICA INTEGRADA, INSTALADO EM LOCAL COM NÍVEL BAIXO DE INTERFERÊNCIAS (NÃO INCLUI FORNECIMENTO). AF_11/2017","M","6,23","97136","ASSENTAMENTO DE TUBO DE PVC DEFOFO OU PRFV OU RPVC PARA REDE DE ÁGUA, DN 250 MM, JUNTA ELÁSTICA INTEGRADA, INSTALADO EM LOCAL COM NÍVEL BAIXO DE INTERFERÊNCIAS (NÃO INCLUI FORNECIMENTO). AF_11/2017","M","6,23","97136","ASSENTAMENTO DE TUBO DE PVC DEFOFO OU PRFV OU RPVC PARA REDE DE ÁGUA, DN 250 MM, JUNTA ELÁSTICA INTEGRADA, INSTALADO EM LOCAL COM NÍVEL BAIXO DE INTERFERÊNCIAS (NÃO INCLUI FORNECIMENTO). AF_11/2017","M","6,23","97136","ASSENTAMENTO DE TUBO DE PVC DEFOFO OU PRFV OU RPVC PARA REDE DE ÁGUA, DN 250 MM, JUNTA ELÁSTICA INTEGRADA, INSTALADO EM LOCAL COM NÍVEL BAIXO DE INTERFERÊNCIAS (NÃO INCLUI FORNECIMENTO). AF_11/2017","M","6,23","97136","ASSENTAMENTO DE TUBO DE PVC DEFOFO OU PRFV OU RPVC PARA REDE DE ÁGUA, DN 250 MM, JUNTA ELÁSTICA INTEGRADA, INSTALADO EM LOCAL COM NÍVEL BAIXO DE INTERFERÊNCIAS (NÃO INCLUI FORNECIMENTO). AF_11/2017","M","6,23","97136","ASSENTAMENTO DE TUBO DE PVC DEFOFO OU PRFV OU RPVC PARA REDE DE ÁGUA, DN 250 MM, JUNTA ELÁSTICA INTEGRADA, INSTALADO EM LOCAL COM NÍVEL BAIXO DE INTERFERÊNCIAS (NÃO INCLUI FORNECIMENTO). AF_11/2017","M","6,23"]
[103124,"ASSENTAMENTO DE CONEXÃO COM 3 ACESSOS, FERRO FUNDIDO PARA REDE DE ÁGUA, DN  200 MM, JUNTA FLANGEADA (NÃO INCLUI O FORNECIMENTO). AF_09/2021","UN",131.85,"103124","ASSENTAMENTO DE CONEXÃO COM 3 ACESSOS, FERRO FUNDIDO PARA REDE DE ÁGUA, DN  200 MM, JUNTA FLANGEADA (NÃO INCLUI O FORNECIMENTO). AF_09/2021","UN","131,85","103124","ASSENTAMENTO DE CONEXÃO COM 3 ACESSOS, FERRO FUNDIDO PARA REDE DE ÁGUA, DN  200 MM, JUNTA FLANGEADA (NÃO INCLUI O FORNECIMENTO). AF_09/2021","UN","131,85","103124","ASSENTAMENTO DE CONEXÃO COM 3 ACESSOS, FERRO FUNDIDO PARA REDE DE ÁGUA, DN  200 MM, JUNTA FLANGEADA (NÃO INCLUI O FORNECIMENTO). AF_09/2021","UN","131,85","103124","ASSENTAMENTO DE CONEXÃO COM 3 ACESSOS, FERRO FUNDIDO PARA REDE DE ÁGUA, DN  200 MM, JUNTA FLANGEADA (NÃO INCLUI O FORNECIMENTO). AF_09/2021","UN","131,85","103124","ASSENTAMENTO DE CONEXÃO COM 3 ACESSOS, FERRO FUNDIDO PARA REDE DE ÁGUA, DN  200 MM, JUNTA FLANGEADA (NÃO INCLUI O FORNECIMENTO). AF_09/2021","UN","131,85","103124","ASSENTAMENTO DE CONEXÃO COM 3 ACESSOS, FERRO FUNDIDO PARA REDE DE ÁGUA, DN  200 MM, JUNTA FLANGEADA (NÃO INCLUI O FORNECIMENTO). AF_09/2021","UN","131,85","103124","ASSENTAMENTO DE CONEXÃO COM 3 ACESSOS, FERRO FUNDIDO PARA REDE DE ÁGUA, DN  200 MM, JUNTA FLANGEADA (NÃO INCLUI O FORNECIMENTO). AF_09/2021","UN","131,85","103124","ASSENTAMENTO DE CONEXÃO COM 3 ACESSOS, FERRO FUNDIDO PARA REDE DE ÁGUA, DN  200 MM, JUNTA FLANGEADA (NÃO INCLUI O FORNECIMENTO). AF_09/2021","UN","131,85","103124","ASSENTAMENTO DE CONEXÃO COM 3 ACESSOS, FERRO FUNDIDO PARA REDE DE ÁGUA, DN  200 MM, JUNTA FLANGEADA (NÃO INCLUI O FORNECIMENTO). AF_09/2021","UN","131,85","103124","ASSENTAMENTO DE CONEXÃO COM 3 ACESSOS, FERRO FUNDIDO PARA REDE DE ÁGUA, DN  200 MM, JUNTA FLANGEADA (NÃO INCLUI O FORNECIMENTO). AF_09/2021","UN","131,85","103124","ASSENTAMENTO DE CONEXÃO COM 3 ACESSOS, FERRO FUNDIDO PARA REDE DE ÁGUA, DN  200 MM, JUNTA FLANGEADA (NÃO INCLUI O FORNECIMENTO). AF_09/2021","UN","131,85","103124","ASSENTAMENTO DE CONEXÃO COM 3 ACESSOS, FERRO FUNDIDO PARA REDE DE ÁGUA, DN  200 MM, JUNTA FLANGEADA (NÃO INCLUI O FORNECIMENTO). AF_09/2021","UN","131,85","103124","ASSENTAMENTO DE CONEXÃO COM 3 ACESSOS, FERRO FUNDIDO PARA REDE DE ÁGUA, DN  200 MM, JUNTA FLANGEADA (NÃO INCLUI O FORNECIMENTO). AF_09/2021","UN","131,85","103124","ASSENTAMENTO DE CONEXÃO COM 3 ACESSOS, FERRO FUNDIDO PARA REDE DE ÁGUA, DN  200 MM, JUNTA FLANGEADA (NÃO INCLUI O FORNECIMENTO). AF_09/2021","UN","131,85","103124","ASSENTAMENTO DE CONEXÃO COM 3 ACESSOS, FERRO FUNDIDO PARA REDE DE ÁGUA, DN  200 MM, JUNTA FLANGEADA (NÃO INCLUI O FORNECIMENTO). AF_09/2021","UN","131,85","103124","ASSENTAMENTO DE CONEXÃO COM 3 ACESSOS, FERRO FUNDIDO PARA REDE DE ÁGUA, DN  200 MM, JUNTA FLANGEADA (NÃO INCLUI O FORNECIMENTO). AF_09/2021","UN","131,85","103124","ASSENTAMENTO DE CONEXÃO COM 3 ACESSOS, FERRO FUNDIDO PARA REDE DE ÁGUA, DN  200 MM, JUNTA FLANGEADA (NÃO INCLUI O FORNECIMENTO). AF_09/2021","UN","131,85","103124","ASSENTAMENTO DE CONEXÃO COM 3 ACESSOS, FERRO FUNDIDO PARA REDE DE ÁGUA, DN  200 MM, JUNTA FLANGEADA (NÃO INCLUI O FORNECIMENTO). AF_09/2021","UN","131,85","103124","ASSENTAMENTO DE CONEXÃO COM 3 ACESSOS, FERRO FUNDIDO PARA REDE DE ÁGUA, DN  200 MM, JUNTA FLANGEADA (NÃO INCLUI O FORNECIMENTO). AF_09/2021","UN","131,85","103124","ASSENTAMENTO DE CONEXÃO COM 3 ACESSOS, FERRO FUNDIDO PARA REDE DE ÁGUA, DN  200 MM, JUNTA FLANGEADA (NÃO INCLUI O FORNECIMENTO). AF_09/2021","UN","131,85","103124","ASSENTAMENTO DE CONEXÃO COM 3 ACESSOS, FERRO FUNDIDO PARA REDE DE ÁGUA, DN  200 MM, JUNTA FLANGEADA (NÃO INCLUI O FORNECIMENTO). AF_09/2021","UN","131,85","103124","ASSENTAMENTO DE CONEXÃO COM 3 ACESSOS, FERRO FUNDIDO PARA REDE DE ÁGUA, DN  200 MM, JUNTA FLANGEADA (NÃO INCLUI O FORNECIMENTO). AF_09/2021","UN","131,85","103124","ASSENTAMENTO DE CONEXÃO COM 3 ACESSOS, FERRO FUNDIDO PARA REDE DE ÁGUA, DN  200 MM, JUNTA FLANGEADA (NÃO INCLUI O FORNECIMENTO). AF_09/2021","UN","131,85","103124","ASSENTAMENTO DE CONEXÃO COM 3 ACESSOS, FERRO FUNDIDO PARA REDE DE ÁGUA, DN  200 MM, JUNTA FLANGEADA (NÃO INCLUI O FORNECIMENTO). AF_09/2021","UN","131,85","103124","ASSENTAMENTO DE CONEXÃO COM 3 ACESSOS, FERRO FUNDIDO PARA REDE DE ÁGUA, DN  200 MM, JUNTA FLANGEADA (NÃO INCLUI O FORNECIMENTO). AF_09/2021","UN","131,85","103124","ASSENTAMENTO DE CONEXÃO COM 3 ACESSOS, FERRO FUNDIDO PARA REDE DE ÁGUA, DN  200 MM, JUNTA FLANGEADA (NÃO INCLUI O FORNECIMENTO). AF_09/2021","UN","131,85","103124","ASSENTAMENTO DE CONEXÃO COM 3 ACESSOS, FERRO FUNDIDO PARA REDE DE ÁGUA, DN  200 MM, JUNTA FLANGEADA (NÃO INCLUI O FORNECIMENTO). AF_09/2021","UN","131,85","103124","ASSENTAMENTO DE CONEXÃO COM 3 ACESSOS, FERRO FUNDIDO PARA REDE DE ÁGUA, DN  200 MM, JUNTA FLANGEADA (NÃO INCLUI O FORNECIMENTO). AF_09/2021","UN","131,85","103124","ASSENTAMENTO DE CONEXÃO COM 3 ACESSOS, FERRO FUNDIDO PARA REDE DE ÁGUA, DN  200 MM, JUNTA FLANGEADA (NÃO INCLUI O FORNECIMENTO). AF_09/2021","UN","131,85","103124","ASSENTAMENTO DE CONEXÃO COM 3 ACESSOS, FERRO FUNDIDO PARA REDE DE ÁGUA, DN  200 MM, JUNTA FLANGEADA (NÃO INCLUI O FORNECIMENTO). AF_09/2021","UN","131,85","103124","ASSENTAMENTO DE CONEXÃO COM 3 ACESSOS, FERRO FUNDIDO PARA REDE DE ÁGUA, DN  200 MM, JUNTA FLANGEADA (NÃO INCLUI O FORNECIMENTO). AF_09/2021","UN","131,85","103124","ASSENTAMENTO DE CONEXÃO COM 3 ACESSOS, FERRO FUNDIDO PARA REDE DE ÁGUA, DN  200 MM, JUNTA FLANGEADA (NÃO INCLUI O FORNECIMENTO). AF_09/2021","UN","131,85","103124","ASSENTAMENTO DE CONEXÃO COM 3 ACESSOS, FERRO FUNDIDO PARA REDE DE ÁGUA, DN  200 MM, JUNTA FLANGEADA (NÃO INCLUI O FORNECIMENTO). AF_09/2021","UN","131,85","103124","ASSENTAMENTO DE CONEXÃO COM 3 ACESSOS, FERRO FUNDIDO PARA REDE DE ÁGUA, DN  200 MM, JUNTA FLANGEADA (NÃO INCLUI O FORNECIMENTO). AF_09/2021","UN","131,85","103124","ASSENTAMENTO DE CONEXÃO COM 3 ACESSOS, FERRO FUNDIDO PARA REDE DE ÁGUA, DN  200 MM, JUNTA FLANGEADA (NÃO INCLUI O FORNECIMENTO). AF_09/2021","UN","131,85","103124","ASSENTAMENTO DE CONEXÃO COM 3 ACESSOS, FERRO FUNDIDO PARA REDE DE ÁGUA, DN  200 MM, JUNTA FLANGEADA (NÃO INCLUI O FORNECIMENTO). AF_09/2021","UN","131,85","103124","ASSENTAMENTO DE CONEXÃO COM 3 ACESSOS, FERRO FUNDIDO PARA REDE DE ÁGUA, DN  200 MM, JUNTA FLANGEADA (NÃO INCLUI O FORNECIMENTO). AF_09/2021","UN","131,85","103124","ASSENTAMENTO DE CONEXÃO COM 3 ACESSOS, FERRO FUNDIDO PARA REDE DE ÁGUA, DN  200 MM, JUNTA FLANGEADA (NÃO INCLUI O FORNECIMENTO). AF_09/2021","UN","131,85","103124","ASSENTAMENTO DE CONEXÃO COM 3 ACESSOS, FERRO FUNDIDO PARA REDE DE ÁGUA, DN  200 MM, JUNTA FLANGEADA (NÃO INCLUI O FORNECIMENTO). AF_09/2021","UN","131,85","103124","ASSENTAMENTO DE CONEXÃO COM 3 ACESSOS, FERRO FUNDIDO PARA REDE DE ÁGUA, DN  200 MM, JUNTA FLANGEADA (NÃO INCLUI O FORNECIMENTO). AF_09/2021","UN","131,85","103124","ASSENTAMENTO DE CONEXÃO COM 3 ACESSOS, FERRO FUNDIDO PARA REDE DE ÁGUA, DN  200 MM, JUNTA FLANGEADA (NÃO INCLUI O FORNECIMENTO). AF_09/2021","UN","131,85","103124","ASSENTAMENTO DE CONEXÃO COM 3 ACESSOS, FERRO FUNDIDO PARA REDE DE ÁGUA, DN  200 MM, JUNTA FLANGEADA (NÃO INCLUI O FORNECIMENTO). AF_09/2021","UN","131,85","103124","ASSENTAMENTO DE CONEXÃO COM 3 ACESSOS, FERRO FUNDIDO PARA REDE DE ÁGUA, DN  200 MM, JUNTA FLANGEADA (NÃO INCLUI O FORNECIMENTO). AF_09/2021","UN","131,85","103124","ASSENTAMENTO DE CONEXÃO COM 3 ACESSOS, FERRO FUNDIDO PARA REDE DE ÁGUA, DN  200 MM, JUNTA FLANGEADA (NÃO INCLUI O FORNECIMENTO). AF_09/2021","UN","131,85","103124","ASSENTAMENTO DE CONEXÃO COM 3 ACESSOS, FERRO FUNDIDO PARA REDE DE ÁGUA, DN  200 MM, JUNTA FLANGEADA (NÃO INCLUI O FORNECIMENTO). AF_09/2021","UN","131,85","103124","ASSENTAMENTO DE CONEXÃO COM 3 ACESSOS, FERRO FUNDIDO PARA REDE DE ÁGUA, DN  200 MM, JUNTA FLANGEADA (NÃO INCLUI O FORNECIMENTO). AF_09/2021","UN","131,85","103124","ASSENTAMENTO DE CONEXÃO COM 3 ACESSOS, FERRO FUNDIDO PARA REDE DE ÁGUA, DN  200 MM, JUNTA FLANGEADA (NÃO INCLUI O FORNECIMENTO). AF_09/2021","UN","131,85","103124","ASSENTAMENTO DE CONEXÃO COM 3 ACESSOS, FERRO FUNDIDO PARA REDE DE ÁGUA, DN  200 MM, JUNTA FLANGEADA (NÃO INCLUI O FORNECIMENTO). AF_09/2021","UN","131,85","103124","ASSENTAMENTO DE CONEXÃO COM 3 ACESSOS, FERRO FUNDIDO PARA REDE DE ÁGUA, DN  200 MM, JUNTA FLANGEADA (NÃO INCLUI O FORNECIMENTO). AF_09/2021","UN","131,85","103124","ASSENTAMENTO DE CONEXÃO COM 3 ACESSOS, FERRO FUNDIDO PARA REDE DE ÁGUA, DN  200 MM, JUNTA FLANGEADA (NÃO INCLUI O FORNECIMENTO). AF_09/2021","UN","131,85","103124","ASSENTAMENTO DE CONEXÃO COM 3 ACESSOS, FERRO FUNDIDO PARA REDE DE ÁGUA, DN  200 MM, JUNTA FLANGEADA (NÃO INCLUI O FORNECIMENTO). AF_09/2021","UN","131,85","103124","ASSENTAMENTO DE CONEXÃO COM 3 ACESSOS, FERRO FUNDIDO PARA REDE DE ÁGUA, DN  200 MM, JUNTA FLANGEADA (NÃO INCLUI O FORNECIMENTO). AF_09/2021","UN","131,85","103124","ASSENTAMENTO DE CONEXÃO COM 3 ACESSOS, FERRO FUNDIDO PARA REDE DE ÁGUA, DN  200 MM, JUNTA FLANGEADA (NÃO INCLUI O FORNECIMENTO). AF_09/2021","UN","131,85","103124","ASSENTAMENTO DE CONEXÃO COM 3 ACESSOS, FERRO FUNDIDO PARA REDE DE ÁGUA, DN  200 MM, JUNTA FLANGEADA (NÃO INCLUI O FORNECIMENTO). AF_09/2021","UN","131,85","103124","ASSENTAMENTO DE CONEXÃO COM 3 ACESSOS, FERRO FUNDIDO PARA REDE DE ÁGUA, DN  200 MM, JUNTA FLANGEADA (NÃO INCLUI O FORNECIMENTO). AF_09/2021","UN","131,85","103124","ASSENTAMENTO DE CONEXÃO COM 3 ACESSOS, FERRO FUNDIDO PARA REDE DE ÁGUA, DN  200 MM, JUNTA FLANGEADA (NÃO INCLUI O FORNECIMENTO). AF_09/2021","UN","131,85","103124","ASSENTAMENTO DE CONEXÃO COM 3 ACESSOS, FERRO FUNDIDO PARA REDE DE ÁGUA, DN  200 MM, JUNTA FLANGEADA (NÃO INCLUI O FORNECIMENTO). AF_09/2021","UN","131,85","103124","ASSENTAMENTO DE CONEXÃO COM 3 ACESSOS, FERRO FUNDIDO PARA REDE DE ÁGUA, DN  200 MM, JUNTA FLANGEADA (NÃO INCLUI O FORNECIMENTO). AF_09/2021","UN","131,85","103124","ASSENTAMENTO DE CONEXÃO COM 3 ACESSOS, FERRO FUNDIDO PARA REDE DE ÁGUA, DN  200 MM, JUNTA FLANGEADA (NÃO INCLUI O FORNECIMENTO). AF_09/2021","UN","131,85","103124","ASSENTAMENTO DE CONEXÃO COM 3 ACESSOS, FERRO FUNDIDO PARA REDE DE ÁGUA, DN  200 MM, JUNTA FLANGEADA (NÃO INCLUI O FORNECIMENTO). AF_09/2021","UN","131,85","103124","ASSENTAMENTO DE CONEXÃO COM 3 ACESSOS, FERRO FUNDIDO PARA REDE DE ÁGUA, DN  200 MM, JUNTA FLANGEADA (NÃO INCLUI O FORNECIMENTO). AF_09/2021","UN","131,85","103124","ASSENTAMENTO DE CONEXÃO COM 3 ACESSOS, FERRO FUNDIDO PARA REDE DE ÁGUA, DN  200 MM, JUNTA FLANGEADA (NÃO INCLUI O FORNECIMENTO). AF_09/2021","UN","131,85","103124","ASSENTAMENTO DE CONEXÃO COM 3 ACESSOS, FERRO FUNDIDO PARA REDE DE ÁGUA, DN  200 MM, JUNTA FLANGEADA (NÃO INCLUI O FORNECIMENTO). AF_09/2021","UN","131,85"]
[103151,"ASSENTAMENTO DE CONEXÃO COM 1 ACESSO, FERRO FUNDIDO PARA REDE DE ÁGUA, DN  1000 MM, JUNTA FLANGEADA (NÃO INCLUI O FORNECIMENTO). AF_09/2021","UN",319.58999999999997,"103151","ASSENTAMENTO DE CONEXÃO COM 1 ACESSO, FERRO FUNDIDO PARA REDE DE ÁGUA, DN  1000 MM, JUNTA FLANGEADA (NÃO INCLUI O FORNECIMENTO). AF_09/2021","UN","319,59","103151","ASSENTAMENTO DE CONEXÃO COM 1 ACESSO, FERRO FUNDIDO PARA REDE DE ÁGUA, DN  1000 MM, JUNTA FLANGEADA (NÃO INCLUI O FORNECIMENTO). AF_09/2021","UN","319,59","103151","ASSENTAMENTO DE CONEXÃO COM 1 ACESSO, FERRO FUNDIDO PARA REDE DE ÁGUA, DN  1000 MM, JUNTA FLANGEADA (NÃO INCLUI O FORNECIMENTO). AF_09/2021","UN","319,59","103151","ASSENTAMENTO DE CONEXÃO COM 1 ACESSO, FERRO FUNDIDO PARA REDE DE ÁGUA, DN  1000 MM, JUNTA FLANGEADA (NÃO INCLUI O FORNECIMENTO). AF_09/2021","UN","319,59","103151","ASSENTAMENTO DE CONEXÃO COM 1 ACESSO, FERRO FUNDIDO PARA REDE DE ÁGUA, DN  1000 MM, JUNTA FLANGEADA (NÃO INCLUI O FORNECIMENTO). AF_09/2021","UN","319,59","103151","ASSENTAMENTO DE CONEXÃO COM 1 ACESSO, FERRO FUNDIDO PARA REDE DE ÁGUA, DN  1000 MM, JUNTA FLANGEADA (NÃO INCLUI O FORNECIMENTO). AF_09/2021","UN","319,59","103151","ASSENTAMENTO DE CONEXÃO COM 1 ACESSO, FERRO FUNDIDO PARA REDE DE ÁGUA, DN  1000 MM, JUNTA FLANGEADA (NÃO INCLUI O FORNECIMENTO). AF_09/2021","UN","319,59","103151","ASSENTAMENTO DE CONEXÃO COM 1 ACESSO, FERRO FUNDIDO PARA REDE DE ÁGUA, DN  1000 MM, JUNTA FLANGEADA (NÃO INCLUI O FORNECIMENTO). AF_09/2021","UN","319,59","103151","ASSENTAMENTO DE CONEXÃO COM 1 ACESSO, FERRO FUNDIDO PARA REDE DE ÁGUA, DN  1000 MM, JUNTA FLANGEADA (NÃO INCLUI O FORNECIMENTO). AF_09/2021","UN","319,59","103151","ASSENTAMENTO DE CONEXÃO COM 1 ACESSO, FERRO FUNDIDO PARA REDE DE ÁGUA, DN  1000 MM, JUNTA FLANGEADA (NÃO INCLUI O FORNECIMENTO). AF_09/2021","UN","319,59","103151","ASSENTAMENTO DE CONEXÃO COM 1 ACESSO, FERRO FUNDIDO PARA REDE DE ÁGUA, DN  1000 MM, JUNTA FLANGEADA (NÃO INCLUI O FORNECIMENTO). AF_09/2021","UN","319,59","103151","ASSENTAMENTO DE CONEXÃO COM 1 ACESSO, FERRO FUNDIDO PARA REDE DE ÁGUA, DN  1000 MM, JUNTA FLANGEADA (NÃO INCLUI O FORNECIMENTO). AF_09/2021","UN","319,59","103151","ASSENTAMENTO DE CONEXÃO COM 1 ACESSO, FERRO FUNDIDO PARA REDE DE ÁGUA, DN  1000 MM, JUNTA FLANGEADA (NÃO INCLUI O FORNECIMENTO). AF_09/2021","UN","319,59","103151","ASSENTAMENTO DE CONEXÃO COM 1 ACESSO, FERRO FUNDIDO PARA REDE DE ÁGUA, DN  1000 MM, JUNTA FLANGEADA (NÃO INCLUI O FORNECIMENTO). AF_09/2021","UN","319,59","103151","ASSENTAMENTO DE CONEXÃO COM 1 ACESSO, FERRO FUNDIDO PARA REDE DE ÁGUA, DN  1000 MM, JUNTA FLANGEADA (NÃO INCLUI O FORNECIMENTO). AF_09/2021","UN","319,59","103151","ASSENTAMENTO DE CONEXÃO COM 1 ACESSO, FERRO FUNDIDO PARA REDE DE ÁGUA, DN  1000 MM, JUNTA FLANGEADA (NÃO INCLUI O FORNECIMENTO). AF_09/2021","UN","319,59","103151","ASSENTAMENTO DE CONEXÃO COM 1 ACESSO, FERRO FUNDIDO PARA REDE DE ÁGUA, DN  1000 MM, JUNTA FLANGEADA (NÃO INCLUI O FORNECIMENTO). AF_09/2021","UN","319,59","103151","ASSENTAMENTO DE CONEXÃO COM 1 ACESSO, FERRO FUNDIDO PARA REDE DE ÁGUA, DN  1000 MM, JUNTA FLANGEADA (NÃO INCLUI O FORNECIMENTO). AF_09/2021","UN","319,59","103151","ASSENTAMENTO DE CONEXÃO COM 1 ACESSO, FERRO FUNDIDO PARA REDE DE ÁGUA, DN  1000 MM, JUNTA FLANGEADA (NÃO INCLUI O FORNECIMENTO). AF_09/2021","UN","319,59","103151","ASSENTAMENTO DE CONEXÃO COM 1 ACESSO, FERRO FUNDIDO PARA REDE DE ÁGUA, DN  1000 MM, JUNTA FLANGEADA (NÃO INCLUI O FORNECIMENTO). AF_09/2021","UN","319,59","103151","ASSENTAMENTO DE CONEXÃO COM 1 ACESSO, FERRO FUNDIDO PARA REDE DE ÁGUA, DN  1000 MM, JUNTA FLANGEADA (NÃO INCLUI O FORNECIMENTO). AF_09/2021","UN","319,59","103151","ASSENTAMENTO DE CONEXÃO COM 1 ACESSO, FERRO FUNDIDO PARA REDE DE ÁGUA, DN  1000 MM, JUNTA FLANGEADA (NÃO INCLUI O FORNECIMENTO). AF_09/2021","UN","319,59","103151","ASSENTAMENTO DE CONEXÃO COM 1 ACESSO, FERRO FUNDIDO PARA REDE DE ÁGUA, DN  1000 MM, JUNTA FLANGEADA (NÃO INCLUI O FORNECIMENTO). AF_09/2021","UN","319,59","103151","ASSENTAMENTO DE CONEXÃO COM 1 ACESSO, FERRO FUNDIDO PARA REDE DE ÁGUA, DN  1000 MM, JUNTA FLANGEADA (NÃO INCLUI O FORNECIMENTO). AF_09/2021","UN","319,59","103151","ASSENTAMENTO DE CONEXÃO COM 1 ACESSO, FERRO FUNDIDO PARA REDE DE ÁGUA, DN  1000 MM, JUNTA FLANGEADA (NÃO INCLUI O FORNECIMENTO). AF_09/2021","UN","319,59","103151","ASSENTAMENTO DE CONEXÃO COM 1 ACESSO, FERRO FUNDIDO PARA REDE DE ÁGUA, DN  1000 MM, JUNTA FLANGEADA (NÃO INCLUI O FORNECIMENTO). AF_09/2021","UN","319,59","103151","ASSENTAMENTO DE CONEXÃO COM 1 ACESSO, FERRO FUNDIDO PARA REDE DE ÁGUA, DN  1000 MM, JUNTA FLANGEADA (NÃO INCLUI O FORNECIMENTO). AF_09/2021","UN","319,59","103151","ASSENTAMENTO DE CONEXÃO COM 1 ACESSO, FERRO FUNDIDO PARA REDE DE ÁGUA, DN  1000 MM, JUNTA FLANGEADA (NÃO INCLUI O FORNECIMENTO). AF_09/2021","UN","319,59","103151","ASSENTAMENTO DE CONEXÃO COM 1 ACESSO, FERRO FUNDIDO PARA REDE DE ÁGUA, DN  1000 MM, JUNTA FLANGEADA (NÃO INCLUI O FORNECIMENTO). AF_09/2021","UN","319,59","103151","ASSENTAMENTO DE CONEXÃO COM 1 ACESSO, FERRO FUNDIDO PARA REDE DE ÁGUA, DN  1000 MM, JUNTA FLANGEADA (NÃO INCLUI O FORNECIMENTO). AF_09/2021","UN","319,59","103151","ASSENTAMENTO DE CONEXÃO COM 1 ACESSO, FERRO FUNDIDO PARA REDE DE ÁGUA, DN  1000 MM, JUNTA FLANGEADA (NÃO INCLUI O FORNECIMENTO). AF_09/2021","UN","319,59","103151","ASSENTAMENTO DE CONEXÃO COM 1 ACESSO, FERRO FUNDIDO PARA REDE DE ÁGUA, DN  1000 MM, JUNTA FLANGEADA (NÃO INCLUI O FORNECIMENTO). AF_09/2021","UN","319,59","103151","ASSENTAMENTO DE CONEXÃO COM 1 ACESSO, FERRO FUNDIDO PARA REDE DE ÁGUA, DN  1000 MM, JUNTA FLANGEADA (NÃO INCLUI O FORNECIMENTO). AF_09/2021","UN","319,59","103151","ASSENTAMENTO DE CONEXÃO COM 1 ACESSO, FERRO FUNDIDO PARA REDE DE ÁGUA, DN  1000 MM, JUNTA FLANGEADA (NÃO INCLUI O FORNECIMENTO). AF_09/2021","UN","319,59","103151","ASSENTAMENTO DE CONEXÃO COM 1 ACESSO, FERRO FUNDIDO PARA REDE DE ÁGUA, DN  1000 MM, JUNTA FLANGEADA (NÃO INCLUI O FORNECIMENTO). AF_09/2021","UN","319,59","103151","ASSENTAMENTO DE CONEXÃO COM 1 ACESSO, FERRO FUNDIDO PARA REDE DE ÁGUA, DN  1000 MM, JUNTA FLANGEADA (NÃO INCLUI O FORNECIMENTO). AF_09/2021","UN","319,59","103151","ASSENTAMENTO DE CONEXÃO COM 1 ACESSO, FERRO FUNDIDO PARA REDE DE ÁGUA, DN  1000 MM, JUNTA FLANGEADA (NÃO INCLUI O FORNECIMENTO). AF_09/2021","UN","319,59","103151","ASSENTAMENTO DE CONEXÃO COM 1 ACESSO, FERRO FUNDIDO PARA REDE DE ÁGUA, DN  1000 MM, JUNTA FLANGEADA (NÃO INCLUI O FORNECIMENTO). AF_09/2021","UN","319,59","103151","ASSENTAMENTO DE CONEXÃO COM 1 ACESSO, FERRO FUNDIDO PARA REDE DE ÁGUA, DN  1000 MM, JUNTA FLANGEADA (NÃO INCLUI O FORNECIMENTO). AF_09/2021","UN","319,59","103151","ASSENTAMENTO DE CONEXÃO COM 1 ACESSO, FERRO FUNDIDO PARA REDE DE ÁGUA, DN  1000 MM, JUNTA FLANGEADA (NÃO INCLUI O FORNECIMENTO). AF_09/2021","UN","319,59","103151","ASSENTAMENTO DE CONEXÃO COM 1 ACESSO, FERRO FUNDIDO PARA REDE DE ÁGUA, DN  1000 MM, JUNTA FLANGEADA (NÃO INCLUI O FORNECIMENTO). AF_09/2021","UN","319,59","103151","ASSENTAMENTO DE CONEXÃO COM 1 ACESSO, FERRO FUNDIDO PARA REDE DE ÁGUA, DN  1000 MM, JUNTA FLANGEADA (NÃO INCLUI O FORNECIMENTO). AF_09/2021","UN","319,59","103151","ASSENTAMENTO DE CONEXÃO COM 1 ACESSO, FERRO FUNDIDO PARA REDE DE ÁGUA, DN  1000 MM, JUNTA FLANGEADA (NÃO INCLUI O FORNECIMENTO). AF_09/2021","UN","319,59","103151","ASSENTAMENTO DE CONEXÃO COM 1 ACESSO, FERRO FUNDIDO PARA REDE DE ÁGUA, DN  1000 MM, JUNTA FLANGEADA (NÃO INCLUI O FORNECIMENTO). AF_09/2021","UN","319,59","103151","ASSENTAMENTO DE CONEXÃO COM 1 ACESSO, FERRO FUNDIDO PARA REDE DE ÁGUA, DN  1000 MM, JUNTA FLANGEADA (NÃO INCLUI O FORNECIMENTO). AF_09/2021","UN","319,59","103151","ASSENTAMENTO DE CONEXÃO COM 1 ACESSO, FERRO FUNDIDO PARA REDE DE ÁGUA, DN  1000 MM, JUNTA FLANGEADA (NÃO INCLUI O FORNECIMENTO). AF_09/2021","UN","319,59","103151","ASSENTAMENTO DE CONEXÃO COM 1 ACESSO, FERRO FUNDIDO PARA REDE DE ÁGUA, DN  1000 MM, JUNTA FLANGEADA (NÃO INCLUI O FORNECIMENTO). AF_09/2021","UN","319,59","103151","ASSENTAMENTO DE CONEXÃO COM 1 ACESSO, FERRO FUNDIDO PARA REDE DE ÁGUA, DN  1000 MM, JUNTA FLANGEADA (NÃO INCLUI O FORNECIMENTO). AF_09/2021","UN","319,59","103151","ASSENTAMENTO DE CONEXÃO COM 1 ACESSO, FERRO FUNDIDO PARA REDE DE ÁGUA, DN  1000 MM, JUNTA FLANGEADA (NÃO INCLUI O FORNECIMENTO). AF_09/2021","UN","319,59","103151","ASSENTAMENTO DE CONEXÃO COM 1 ACESSO, FERRO FUNDIDO PARA REDE DE ÁGUA, DN  1000 MM, JUNTA FLANGEADA (NÃO INCLUI O FORNECIMENTO). AF_09/2021","UN","319,59","103151","ASSENTAMENTO DE CONEXÃO COM 1 ACESSO, FERRO FUNDIDO PARA REDE DE ÁGUA, DN  1000 MM, JUNTA FLANGEADA (NÃO INCLUI O FORNECIMENTO). AF_09/2021","UN","319,59","103151","ASSENTAMENTO DE CONEXÃO COM 1 ACESSO, FERRO FUNDIDO PARA REDE DE ÁGUA, DN  1000 MM, JUNTA FLANGEADA (NÃO INCLUI O FORNECIMENTO). AF_09/2021","UN","319,59","103151","ASSENTAMENTO DE CONEXÃO COM 1 ACESSO, FERRO FUNDIDO PARA REDE DE ÁGUA, DN  1000 MM, JUNTA FLANGEADA (NÃO INCLUI O FORNECIMENTO). AF_09/2021","UN","319,59","103151","ASSENTAMENTO DE CONEXÃO COM 1 ACESSO, FERRO FUNDIDO PARA REDE DE ÁGUA, DN  1000 MM, JUNTA FLANGEADA (NÃO INCLUI O FORNECIMENTO). AF_09/2021","UN","319,59","103151","ASSENTAMENTO DE CONEXÃO COM 1 ACESSO, FERRO FUNDIDO PARA REDE DE ÁGUA, DN  1000 MM, JUNTA FLANGEADA (NÃO INCLUI O FORNECIMENTO). AF_09/2021","UN","319,59","103151","ASSENTAMENTO DE CONEXÃO COM 1 ACESSO, FERRO FUNDIDO PARA REDE DE ÁGUA, DN  1000 MM, JUNTA FLANGEADA (NÃO INCLUI O FORNECIMENTO). AF_09/2021","UN","319,59","103151","ASSENTAMENTO DE CONEXÃO COM 1 ACESSO, FERRO FUNDIDO PARA REDE DE ÁGUA, DN  1000 MM, JUNTA FLANGEADA (NÃO INCLUI O FORNECIMENTO). AF_09/2021","UN","319,59","103151","ASSENTAMENTO DE CONEXÃO COM 1 ACESSO, FERRO FUNDIDO PARA REDE DE ÁGUA, DN  1000 MM, JUNTA FLANGEADA (NÃO INCLUI O FORNECIMENTO). AF_09/2021","UN","319,59","103151","ASSENTAMENTO DE CONEXÃO COM 1 ACESSO, FERRO FUNDIDO PARA REDE DE ÁGUA, DN  1000 MM, JUNTA FLANGEADA (NÃO INCLUI O FORNECIMENTO). AF_09/2021","UN","319,59","103151","ASSENTAMENTO DE CONEXÃO COM 1 ACESSO, FERRO FUNDIDO PARA REDE DE ÁGUA, DN  1000 MM, JUNTA FLANGEADA (NÃO INCLUI O FORNECIMENTO). AF_09/2021","UN","319,59","103151","ASSENTAMENTO DE CONEXÃO COM 1 ACESSO, FERRO FUNDIDO PARA REDE DE ÁGUA, DN  1000 MM, JUNTA FLANGEADA (NÃO INCLUI O FORNECIMENTO). AF_09/2021","UN","319,59","103151","ASSENTAMENTO DE CONEXÃO COM 1 ACESSO, FERRO FUNDIDO PARA REDE DE ÁGUA, DN  1000 MM, JUNTA FLANGEADA (NÃO INCLUI O FORNECIMENTO). AF_09/2021","UN","319,59","103151","ASSENTAMENTO DE CONEXÃO COM 1 ACESSO, FERRO FUNDIDO PARA REDE DE ÁGUA, DN  1000 MM, JUNTA FLANGEADA (NÃO INCLUI O FORNECIMENTO). AF_09/2021","UN","319,59"]
[93212,"EXECUÇÃO DE SANITÁRIO E VESTIÁRIO EM CANTEIRO DE OBRA EM CHAPA DE MADEIRA COMPENSADA, NÃO INCLUSO MOBILIÁRIO. AF_02/2016","M2",1099.8599999999999,"93212","EXECUÇÃO DE SANITÁRIO E VESTIÁRIO EM CANTEIRO DE OBRA EM CHAPA DE MADEIRA COMPENSADA, NÃO INCLUSO MOBILIÁRIO. AF_02/2016","M2","1.099,86","93212","EXECUÇÃO DE SANITÁRIO E VESTIÁRIO EM CANTEIRO DE OBRA EM CHAPA DE MADEIRA COMPENSADA, NÃO INCLUSO MOBILIÁRIO. AF_02/2016","M2","1.099,86","93212","EXECUÇÃO DE SANITÁRIO E VESTIÁRIO EM CANTEIRO DE OBRA EM CHAPA DE MADEIRA COMPENSADA, NÃO INCLUSO MOBILIÁRIO. AF_02/2016","M2","1.099,86","93212","EXECUÇÃO DE SANITÁRIO E VESTIÁRIO EM CANTEIRO DE OBRA EM CHAPA DE MADEIRA COMPENSADA, NÃO INCLUSO MOBILIÁRIO. AF_02/2016","M2","1.099,86","93212","EXECUÇÃO DE SANITÁRIO E VESTIÁRIO EM CANTEIRO DE OBRA EM CHAPA DE MADEIRA COMPENSADA, NÃO INCLUSO MOBILIÁRIO. AF_02/2016","M2","1.099,86","93212","EXECUÇÃO DE SANITÁRIO E VESTIÁRIO EM CANTEIRO DE OBRA EM CHAPA DE MADEIRA COMPENSADA, NÃO INCLUSO MOBILIÁRIO. AF_02/2016","M2","1.099,86","93212","EXECUÇÃO DE SANITÁRIO E VESTIÁRIO EM CANTEIRO DE OBRA EM CHAPA DE MADEIRA COMPENSADA, NÃO INCLUSO MOBILIÁRIO. AF_02/2016","M2","1.099,86","93212","EXECUÇÃO DE SANITÁRIO E VESTIÁRIO EM CANTEIRO DE OBRA EM CHAPA DE MADEIRA COMPENSADA, NÃO INCLUSO MOBILIÁRIO. AF_02/2016","M2","1.099,86","93212","EXECUÇÃO DE SANITÁRIO E VESTIÁRIO EM CANTEIRO DE OBRA EM CHAPA DE MADEIRA COMPENSADA, NÃO INCLUSO MOBILIÁRIO. AF_02/2016","M2","1.099,86","93212","EXECUÇÃO DE SANITÁRIO E VESTIÁRIO EM CANTEIRO DE OBRA EM CHAPA DE MADEIRA COMPENSADA, NÃO INCLUSO MOBILIÁRIO. AF_02/2016","M2","1.099,86","93212","EXECUÇÃO DE SANITÁRIO E VESTIÁRIO EM CANTEIRO DE OBRA EM CHAPA DE MADEIRA COMPENSADA, NÃO INCLUSO MOBILIÁRIO. AF_02/2016","M2","1.099,86","93212","EXECUÇÃO DE SANITÁRIO E VESTIÁRIO EM CANTEIRO DE OBRA EM CHAPA DE MADEIRA COMPENSADA, NÃO INCLUSO MOBILIÁRIO. AF_02/2016","M2","1.099,86","93212","EXECUÇÃO DE SANITÁRIO E VESTIÁRIO EM CANTEIRO DE OBRA EM CHAPA DE MADEIRA COMPENSADA, NÃO INCLUSO MOBILIÁRIO. AF_02/2016","M2","1.099,86","93212","EXECUÇÃO DE SANITÁRIO E VESTIÁRIO EM CANTEIRO DE OBRA EM CHAPA DE MADEIRA COMPENSADA, NÃO INCLUSO MOBILIÁRIO. AF_02/2016","M2","1.099,86","93212","EXECUÇÃO DE SANITÁRIO E VESTIÁRIO EM CANTEIRO DE OBRA EM CHAPA DE MADEIRA COMPENSADA, NÃO INCLUSO MOBILIÁRIO. AF_02/2016","M2","1.099,86","93212","EXECUÇÃO DE SANITÁRIO E VESTIÁRIO EM CANTEIRO DE OBRA EM CHAPA DE MADEIRA COMPENSADA, NÃO INCLUSO MOBILIÁRIO. AF_02/2016","M2","1.099,86","93212","EXECUÇÃO DE SANITÁRIO E VESTIÁRIO EM CANTEIRO DE OBRA EM CHAPA DE MADEIRA COMPENSADA, NÃO INCLUSO MOBILIÁRIO. AF_02/2016","M2","1.099,86","93212","EXECUÇÃO DE SANITÁRIO E VESTIÁRIO EM CANTEIRO DE OBRA EM CHAPA DE MADEIRA COMPENSADA, NÃO INCLUSO MOBILIÁRIO. AF_02/2016","M2","1.099,86","93212","EXECUÇÃO DE SANITÁRIO E VESTIÁRIO EM CANTEIRO DE OBRA EM CHAPA DE MADEIRA COMPENSADA, NÃO INCLUSO MOBILIÁRIO. AF_02/2016","M2","1.099,86","93212","EXECUÇÃO DE SANITÁRIO E VESTIÁRIO EM CANTEIRO DE OBRA EM CHAPA DE MADEIRA COMPENSADA, NÃO INCLUSO MOBILIÁRIO. AF_02/2016","M2","1.099,86","93212","EXECUÇÃO DE SANITÁRIO E VESTIÁRIO EM CANTEIRO DE OBRA EM CHAPA DE MADEIRA COMPENSADA, NÃO INCLUSO MOBILIÁRIO. AF_02/2016","M2","1.099,86","93212","EXECUÇÃO DE SANITÁRIO E VESTIÁRIO EM CANTEIRO DE OBRA EM CHAPA DE MADEIRA COMPENSADA, NÃO INCLUSO MOBILIÁRIO. AF_02/2016","M2","1.099,86","93212","EXECUÇÃO DE SANITÁRIO E VESTIÁRIO EM CANTEIRO DE OBRA EM CHAPA DE MADEIRA COMPENSADA, NÃO INCLUSO MOBILIÁRIO. AF_02/2016","M2","1.099,86","93212","EXECUÇÃO DE SANITÁRIO E VESTIÁRIO EM CANTEIRO DE OBRA EM CHAPA DE MADEIRA COMPENSADA, NÃO INCLUSO MOBILIÁRIO. AF_02/2016","M2","1.099,86","93212","EXECUÇÃO DE SANITÁRIO E VESTIÁRIO EM CANTEIRO DE OBRA EM CHAPA DE MADEIRA COMPENSADA, NÃO INCLUSO MOBILIÁRIO. AF_02/2016","M2","1.099,86","93212","EXECUÇÃO DE SANITÁRIO E VESTIÁRIO EM CANTEIRO DE OBRA EM CHAPA DE MADEIRA COMPENSADA, NÃO INCLUSO MOBILIÁRIO. AF_02/2016","M2","1.099,86","93212","EXECUÇÃO DE SANITÁRIO E VESTIÁRIO EM CANTEIRO DE OBRA EM CHAPA DE MADEIRA COMPENSADA, NÃO INCLUSO MOBILIÁRIO. AF_02/2016","M2","1.099,86","93212","EXECUÇÃO DE SANITÁRIO E VESTIÁRIO EM CANTEIRO DE OBRA EM CHAPA DE MADEIRA COMPENSADA, NÃO INCLUSO MOBILIÁRIO. AF_02/2016","M2","1.099,86","93212","EXECUÇÃO DE SANITÁRIO E VESTIÁRIO EM CANTEIRO DE OBRA EM CHAPA DE MADEIRA COMPENSADA, NÃO INCLUSO MOBILIÁRIO. AF_02/2016","M2","1.099,86","93212","EXECUÇÃO DE SANITÁRIO E VESTIÁRIO EM CANTEIRO DE OBRA EM CHAPA DE MADEIRA COMPENSADA, NÃO INCLUSO MOBILIÁRIO. AF_02/2016","M2","1.099,86","93212","EXECUÇÃO DE SANITÁRIO E VESTIÁRIO EM CANTEIRO DE OBRA EM CHAPA DE MADEIRA COMPENSADA, NÃO INCLUSO MOBILIÁRIO. AF_02/2016","M2","1.099,86","93212","EXECUÇÃO DE SANITÁRIO E VESTIÁRIO EM CANTEIRO DE OBRA EM CHAPA DE MADEIRA COMPENSADA, NÃO INCLUSO MOBILIÁRIO. AF_02/2016","M2","1.099,86","93212","EXECUÇÃO DE SANITÁRIO E VESTIÁRIO EM CANTEIRO DE OBRA EM CHAPA DE MADEIRA COMPENSADA, NÃO INCLUSO MOBILIÁRIO. AF_02/2016","M2","1.099,86","93212","EXECUÇÃO DE SANITÁRIO E VESTIÁRIO EM CANTEIRO DE OBRA EM CHAPA DE MADEIRA COMPENSADA, NÃO INCLUSO MOBILIÁRIO. AF_02/2016","M2","1.099,86","93212","EXECUÇÃO DE SANITÁRIO E VESTIÁRIO EM CANTEIRO DE OBRA EM CHAPA DE MADEIRA COMPENSADA, NÃO INCLUSO MOBILIÁRIO. AF_02/2016","M2","1.099,86","93212","EXECUÇÃO DE SANITÁRIO E VESTIÁRIO EM CANTEIRO DE OBRA EM CHAPA DE MADEIRA COMPENSADA, NÃO INCLUSO MOBILIÁRIO. AF_02/2016","M2","1.099,86","93212","EXECUÇÃO DE SANITÁRIO E VESTIÁRIO EM CANTEIRO DE OBRA EM CHAPA DE MADEIRA COMPENSADA, NÃO INCLUSO MOBILIÁRIO. AF_02/2016","M2","1.099,86","93212","EXECUÇÃO DE SANITÁRIO E VESTIÁRIO EM CANTEIRO DE OBRA EM CHAPA DE MADEIRA COMPENSADA, NÃO INCLUSO MOBILIÁRIO. AF_02/2016","M2","1.099,86","93212","EXECUÇÃO DE SANITÁRIO E VESTIÁRIO EM CANTEIRO DE OBRA EM CHAPA DE MADEIRA COMPENSADA, NÃO INCLUSO MOBILIÁRIO. AF_02/2016","M2","1.099,86","93212","EXECUÇÃO DE SANITÁRIO E VESTIÁRIO EM CANTEIRO DE OBRA EM CHAPA DE MADEIRA COMPENSADA, NÃO INCLUSO MOBILIÁRIO. AF_02/2016","M2","1.099,86","93212","EXECUÇÃO DE SANITÁRIO E VESTIÁRIO EM CANTEIRO DE OBRA EM CHAPA DE MADEIRA COMPENSADA, NÃO INCLUSO MOBILIÁRIO. AF_02/2016","M2","1.099,86","93212","EXECUÇÃO DE SANITÁRIO E VESTIÁRIO EM CANTEIRO DE OBRA EM CHAPA DE MADEIRA COMPENSADA, NÃO INCLUSO MOBILIÁRIO. AF_02/2016","M2","1.099,86","93212","EXECUÇÃO DE SANITÁRIO E VESTIÁRIO EM CANTEIRO DE OBRA EM CHAPA DE MADEIRA COMPENSADA, NÃO INCLUSO MOBILIÁRIO. AF_02/2016","M2","1.099,86","93212","EXECUÇÃO DE SANITÁRIO E VESTIÁRIO EM CANTEIRO DE OBRA EM CHAPA DE MADEIRA COMPENSADA, NÃO INCLUSO MOBILIÁRIO. AF_02/2016","M2","1.099,86","93212","EXECUÇÃO DE SANITÁRIO E VESTIÁRIO EM CANTEIRO DE OBRA EM CHAPA DE MADEIRA COMPENSADA, NÃO INCLUSO MOBILIÁRIO. AF_02/2016","M2","1.099,86","93212","EXECUÇÃO DE SANITÁRIO E VESTIÁRIO EM CANTEIRO DE OBRA EM CHAPA DE MADEIRA COMPENSADA, NÃO INCLUSO MOBILIÁRIO. AF_02/2016","M2","1.099,86","93212","EXECUÇÃO DE SANITÁRIO E VESTIÁRIO EM CANTEIRO DE OBRA EM CHAPA DE MADEIRA COMPENSADA, NÃO INCLUSO MOBILIÁRIO. AF_02/2016","M2","1.099,86","93212","EXECUÇÃO DE SANITÁRIO E VESTIÁRIO EM CANTEIRO DE OBRA EM CHAPA DE MADEIRA COMPENSADA, NÃO INCLUSO MOBILIÁRIO. AF_02/2016","M2","1.099,86","93212","EXECUÇÃO DE SANITÁRIO E VESTIÁRIO EM CANTEIRO DE OBRA EM CHAPA DE MADEIRA COMPENSADA, NÃO INCLUSO MOBILIÁRIO. AF_02/2016","M2","1.099,86","93212","EXECUÇÃO DE SANITÁRIO E VESTIÁRIO EM CANTEIRO DE OBRA EM CHAPA DE MADEIRA COMPENSADA, NÃO INCLUSO MOBILIÁRIO. AF_02/2016","M2","1.099,86","93212","EXECUÇÃO DE SANITÁRIO E VESTIÁRIO EM CANTEIRO DE OBRA EM CHAPA DE MADEIRA COMPENSADA, NÃO INCLUSO MOBILIÁRIO. AF_02/2016","M2","1.099,86","93212","EXECUÇÃO DE SANITÁRIO E VESTIÁRIO EM CANTEIRO DE OBRA EM CHAPA DE MADEIRA COMPENSADA, NÃO INCLUSO MOBILIÁRIO. AF_02/2016","M2","1.099,86","93212","EXECUÇÃO DE SANITÁRIO E VESTIÁRIO EM CANTEIRO DE OBRA EM CHAPA DE MADEIRA COMPENSADA, NÃO INCLUSO MOBILIÁRIO. AF_02/2016","M2","1.099,86","93212","EXECUÇÃO DE SANITÁRIO E VESTIÁRIO EM CANTEIRO DE OBRA EM CHAPA DE MADEIRA COMPENSADA, NÃO INCLUSO MOBILIÁRIO. AF_02/2016","M2","1.099,86","93212","EXECUÇÃO DE SANITÁRIO E VESTIÁRIO EM CANTEIRO DE OBRA EM CHAPA DE MADEIRA COMPENSADA, NÃO INCLUSO MOBILIÁRIO. AF_02/2016","M2","1.099,86","93212","EXECUÇÃO DE SANITÁRIO E VESTIÁRIO EM CANTEIRO DE OBRA EM CHAPA DE MADEIRA COMPENSADA, NÃO INCLUSO MOBILIÁRIO. AF_02/2016","M2","1.099,86","93212","EXECUÇÃO DE SANITÁRIO E VESTIÁRIO EM CANTEIRO DE OBRA EM CHAPA DE MADEIRA COMPENSADA, NÃO INCLUSO MOBILIÁRIO. AF_02/2016","M2","1.099,86","93212","EXECUÇÃO DE SANITÁRIO E VESTIÁRIO EM CANTEIRO DE OBRA EM CHAPA DE MADEIRA COMPENSADA, NÃO INCLUSO MOBILIÁRIO. AF_02/2016","M2","1.099,86","93212","EXECUÇÃO DE SANITÁRIO E VESTIÁRIO EM CANTEIRO DE OBRA EM CHAPA DE MADEIRA COMPENSADA, NÃO INCLUSO MOBILIÁRIO. AF_02/2016","M2","1.099,86","93212","EXECUÇÃO DE SANITÁRIO E VESTIÁRIO EM CANTEIRO DE OBRA EM CHAPA DE MADEIRA COMPENSADA, NÃO INCLUSO MOBILIÁRIO. AF_02/2016","M2","1.099,86","93212","EXECUÇÃO DE SANITÁRIO E VESTIÁRIO EM CANTEIRO DE OBRA EM CHAPA DE MADEIRA COMPENSADA, NÃO INCLUSO MOBILIÁRIO. AF_02/2016","M2","1.099,86","93212","EXECUÇÃO DE SANITÁRIO E VESTIÁRIO EM CANTEIRO DE OBRA EM CHAPA DE MADEIRA COMPENSADA, NÃO INCLUSO MOBILIÁRIO. AF_02/2016","M2","1.099,86","93212","EXECUÇÃO DE SANITÁRIO E VESTIÁRIO EM CANTEIRO DE OBRA EM CHAPA DE MADEIRA COMPENSADA, NÃO INCLUSO MOBILIÁRIO. AF_02/2016","M2","1.099,86"]
[98447,"PAREDE DE MADEIRA COMPENSADA PARA CONSTRUÇÃO TEMPORÁRIA EM CHAPA SIMPLES, INTERNA, COM ÁREA LÍQUIDA MAIOR OU IGUAL A 6 M², COM VÃO. AF_05/2018","M2",206.22,"98447","PAREDE DE MADEIRA COMPENSADA PARA CONSTRUÇÃO TEMPORÁRIA EM CHAPA SIMPLES, INTERNA, COM ÁREA LÍQUIDA MAIOR OU IGUAL A 6 M², COM VÃO. AF_05/2018","M2","206,22","98447","PAREDE DE MADEIRA COMPENSADA PARA CONSTRUÇÃO TEMPORÁRIA EM CHAPA SIMPLES, INTERNA, COM ÁREA LÍQUIDA MAIOR OU IGUAL A 6 M², COM VÃO. AF_05/2018","M2","206,22","98447","PAREDE DE MADEIRA COMPENSADA PARA CONSTRUÇÃO TEMPORÁRIA EM CHAPA SIMPLES, INTERNA, COM ÁREA LÍQUIDA MAIOR OU IGUAL A 6 M², COM VÃO. AF_05/2018","M2","206,22","98447","PAREDE DE MADEIRA COMPENSADA PARA CONSTRUÇÃO TEMPORÁRIA EM CHAPA SIMPLES, INTERNA, COM ÁREA LÍQUIDA MAIOR OU IGUAL A 6 M², COM VÃO. AF_05/2018","M2","206,22","98447","PAREDE DE MADEIRA COMPENSADA PARA CONSTRUÇÃO TEMPORÁRIA EM CHAPA SIMPLES, INTERNA, COM ÁREA LÍQUIDA MAIOR OU IGUAL A 6 M², COM VÃO. AF_05/2018","M2","206,22","98447","PAREDE DE MADEIRA COMPENSADA PARA CONSTRUÇÃO TEMPORÁRIA EM CHAPA SIMPLES, INTERNA, COM ÁREA LÍQUIDA MAIOR OU IGUAL A 6 M², COM VÃO. AF_05/2018","M2","206,22","98447","PAREDE DE MADEIRA COMPENSADA PARA CONSTRUÇÃO TEMPORÁRIA EM CHAPA SIMPLES, INTERNA, COM ÁREA LÍQUIDA MAIOR OU IGUAL A 6 M², COM VÃO. AF_05/2018","M2","206,22","98447","PAREDE DE MADEIRA COMPENSADA PARA CONSTRUÇÃO TEMPORÁRIA EM CHAPA SIMPLES, INTERNA, COM ÁREA LÍQUIDA MAIOR OU IGUAL A 6 M², COM VÃO. AF_05/2018","M2","206,22","98447","PAREDE DE MADEIRA COMPENSADA PARA CONSTRUÇÃO TEMPORÁRIA EM CHAPA SIMPLES, INTERNA, COM ÁREA LÍQUIDA MAIOR OU IGUAL A 6 M², COM VÃO. AF_05/2018","M2","206,22","98447","PAREDE DE MADEIRA COMPENSADA PARA CONSTRUÇÃO TEMPORÁRIA EM CHAPA SIMPLES, INTERNA, COM ÁREA LÍQUIDA MAIOR OU IGUAL A 6 M², COM VÃO. AF_05/2018","M2","206,22","98447","PAREDE DE MADEIRA COMPENSADA PARA CONSTRUÇÃO TEMPORÁRIA EM CHAPA SIMPLES, INTERNA, COM ÁREA LÍQUIDA MAIOR OU IGUAL A 6 M², COM VÃO. AF_05/2018","M2","206,22","98447","PAREDE DE MADEIRA COMPENSADA PARA CONSTRUÇÃO TEMPORÁRIA EM CHAPA SIMPLES, INTERNA, COM ÁREA LÍQUIDA MAIOR OU IGUAL A 6 M², COM VÃO. AF_05/2018","M2","206,22","98447","PAREDE DE MADEIRA COMPENSADA PARA CONSTRUÇÃO TEMPORÁRIA EM CHAPA SIMPLES, INTERNA, COM ÁREA LÍQUIDA MAIOR OU IGUAL A 6 M², COM VÃO. AF_05/2018","M2","206,22","98447","PAREDE DE MADEIRA COMPENSADA PARA CONSTRUÇÃO TEMPORÁRIA EM CHAPA SIMPLES, INTERNA, COM ÁREA LÍQUIDA MAIOR OU IGUAL A 6 M², COM VÃO. AF_05/2018","M2","206,22","98447","PAREDE DE MADEIRA COMPENSADA PARA CONSTRUÇÃO TEMPORÁRIA EM CHAPA SIMPLES, INTERNA, COM ÁREA LÍQUIDA MAIOR OU IGUAL A 6 M², COM VÃO. AF_05/2018","M2","206,22","98447","PAREDE DE MADEIRA COMPENSADA PARA CONSTRUÇÃO TEMPORÁRIA EM CHAPA SIMPLES, INTERNA, COM ÁREA LÍQUIDA MAIOR OU IGUAL A 6 M², COM VÃO. AF_05/2018","M2","206,22","98447","PAREDE DE MADEIRA COMPENSADA PARA CONSTRUÇÃO TEMPORÁRIA EM CHAPA SIMPLES, INTERNA, COM ÁREA LÍQUIDA MAIOR OU IGUAL A 6 M², COM VÃO. AF_05/2018","M2","206,22","98447","PAREDE DE MADEIRA COMPENSADA PARA CONSTRUÇÃO TEMPORÁRIA EM CHAPA SIMPLES, INTERNA, COM ÁREA LÍQUIDA MAIOR OU IGUAL A 6 M², COM VÃO. AF_05/2018","M2","206,22","98447","PAREDE DE MADEIRA COMPENSADA PARA CONSTRUÇÃO TEMPORÁRIA EM CHAPA SIMPLES, INTERNA, COM ÁREA LÍQUIDA MAIOR OU IGUAL A 6 M², COM VÃO. AF_05/2018","M2","206,22","98447","PAREDE DE MADEIRA COMPENSADA PARA CONSTRUÇÃO TEMPORÁRIA EM CHAPA SIMPLES, INTERNA, COM ÁREA LÍQUIDA MAIOR OU IGUAL A 6 M², COM VÃO. AF_05/2018","M2","206,22","98447","PAREDE DE MADEIRA COMPENSADA PARA CONSTRUÇÃO TEMPORÁRIA EM CHAPA SIMPLES, INTERNA, COM ÁREA LÍQUIDA MAIOR OU IGUAL A 6 M², COM VÃO. AF_05/2018","M2","206,22","98447","PAREDE DE MADEIRA COMPENSADA PARA CONSTRUÇÃO TEMPORÁRIA EM CHAPA SIMPLES, INTERNA, COM ÁREA LÍQUIDA MAIOR OU IGUAL A 6 M², COM VÃO. AF_05/2018","M2","206,22","98447","PAREDE DE MADEIRA COMPENSADA PARA CONSTRUÇÃO TEMPORÁRIA EM CHAPA SIMPLES, INTERNA, COM ÁREA LÍQUIDA MAIOR OU IGUAL A 6 M², COM VÃO. AF_05/2018","M2","206,22","98447","PAREDE DE MADEIRA COMPENSADA PARA CONSTRUÇÃO TEMPORÁRIA EM CHAPA SIMPLES, INTERNA, COM ÁREA LÍQUIDA MAIOR OU IGUAL A 6 M², COM VÃO. AF_05/2018","M2","206,22","98447","PAREDE DE MADEIRA COMPENSADA PARA CONSTRUÇÃO TEMPORÁRIA EM CHAPA SIMPLES, INTERNA, COM ÁREA LÍQUIDA MAIOR OU IGUAL A 6 M², COM VÃO. AF_05/2018","M2","206,22","98447","PAREDE DE MADEIRA COMPENSADA PARA CONSTRUÇÃO TEMPORÁRIA EM CHAPA SIMPLES, INTERNA, COM ÁREA LÍQUIDA MAIOR OU IGUAL A 6 M², COM VÃO. AF_05/2018","M2","206,22","98447","PAREDE DE MADEIRA COMPENSADA PARA CONSTRUÇÃO TEMPORÁRIA EM CHAPA SIMPLES, INTERNA, COM ÁREA LÍQUIDA MAIOR OU IGUAL A 6 M², COM VÃO. AF_05/2018","M2","206,22","98447","PAREDE DE MADEIRA COMPENSADA PARA CONSTRUÇÃO TEMPORÁRIA EM CHAPA SIMPLES, INTERNA, COM ÁREA LÍQUIDA MAIOR OU IGUAL A 6 M², COM VÃO. AF_05/2018","M2","206,22","98447","PAREDE DE MADEIRA COMPENSADA PARA CONSTRUÇÃO TEMPORÁRIA EM CHAPA SIMPLES, INTERNA, COM ÁREA LÍQUIDA MAIOR OU IGUAL A 6 M², COM VÃO. AF_05/2018","M2","206,22","98447","PAREDE DE MADEIRA COMPENSADA PARA CONSTRUÇÃO TEMPORÁRIA EM CHAPA SIMPLES, INTERNA, COM ÁREA LÍQUIDA MAIOR OU IGUAL A 6 M², COM VÃO. AF_05/2018","M2","206,22","98447","PAREDE DE MADEIRA COMPENSADA PARA CONSTRUÇÃO TEMPORÁRIA EM CHAPA SIMPLES, INTERNA, COM ÁREA LÍQUIDA MAIOR OU IGUAL A 6 M², COM VÃO. AF_05/2018","M2","206,22","98447","PAREDE DE MADEIRA COMPENSADA PARA CONSTRUÇÃO TEMPORÁRIA EM CHAPA SIMPLES, INTERNA, COM ÁREA LÍQUIDA MAIOR OU IGUAL A 6 M², COM VÃO. AF_05/2018","M2","206,22","98447","PAREDE DE MADEIRA COMPENSADA PARA CONSTRUÇÃO TEMPORÁRIA EM CHAPA SIMPLES, INTERNA, COM ÁREA LÍQUIDA MAIOR OU IGUAL A 6 M², COM VÃO. AF_05/2018","M2","206,22","98447","PAREDE DE MADEIRA COMPENSADA PARA CONSTRUÇÃO TEMPORÁRIA EM CHAPA SIMPLES, INTERNA, COM ÁREA LÍQUIDA MAIOR OU IGUAL A 6 M², COM VÃO. AF_05/2018","M2","206,22","98447","PAREDE DE MADEIRA COMPENSADA PARA CONSTRUÇÃO TEMPORÁRIA EM CHAPA SIMPLES, INTERNA, COM ÁREA LÍQUIDA MAIOR OU IGUAL A 6 M², COM VÃO. AF_05/2018","M2","206,22","98447","PAREDE DE MADEIRA COMPENSADA PARA CONSTRUÇÃO TEMPORÁRIA EM CHAPA SIMPLES, INTERNA, COM ÁREA LÍQUIDA MAIOR OU IGUAL A 6 M², COM VÃO. AF_05/2018","M2","206,22","98447","PAREDE DE MADEIRA COMPENSADA PARA CONSTRUÇÃO TEMPORÁRIA EM CHAPA SIMPLES, INTERNA, COM ÁREA LÍQUIDA MAIOR OU IGUAL A 6 M², COM VÃO. AF_05/2018","M2","206,22","98447","PAREDE DE MADEIRA COMPENSADA PARA CONSTRUÇÃO TEMPORÁRIA EM CHAPA SIMPLES, INTERNA, COM ÁREA LÍQUIDA MAIOR OU IGUAL A 6 M², COM VÃO. AF_05/2018","M2","206,22","98447","PAREDE DE MADEIRA COMPENSADA PARA CONSTRUÇÃO TEMPORÁRIA EM CHAPA SIMPLES, INTERNA, COM ÁREA LÍQUIDA MAIOR OU IGUAL A 6 M², COM VÃO. AF_05/2018","M2","206,22","98447","PAREDE DE MADEIRA COMPENSADA PARA CONSTRUÇÃO TEMPORÁRIA EM CHAPA SIMPLES, INTERNA, COM ÁREA LÍQUIDA MAIOR OU IGUAL A 6 M², COM VÃO. AF_05/2018","M2","206,22","98447","PAREDE DE MADEIRA COMPENSADA PARA CONSTRUÇÃO TEMPORÁRIA EM CHAPA SIMPLES, INTERNA, COM ÁREA LÍQUIDA MAIOR OU IGUAL A 6 M², COM VÃO. AF_05/2018","M2","206,22","98447","PAREDE DE MADEIRA COMPENSADA PARA CONSTRUÇÃO TEMPORÁRIA EM CHAPA SIMPLES, INTERNA, COM ÁREA LÍQUIDA MAIOR OU IGUAL A 6 M², COM VÃO. AF_05/2018","M2","206,22","98447","PAREDE DE MADEIRA COMPENSADA PARA CONSTRUÇÃO TEMPORÁRIA EM CHAPA SIMPLES, INTERNA, COM ÁREA LÍQUIDA MAIOR OU IGUAL A 6 M², COM VÃO. AF_05/2018","M2","206,22","98447","PAREDE DE MADEIRA COMPENSADA PARA CONSTRUÇÃO TEMPORÁRIA EM CHAPA SIMPLES, INTERNA, COM ÁREA LÍQUIDA MAIOR OU IGUAL A 6 M², COM VÃO. AF_05/2018","M2","206,22","98447","PAREDE DE MADEIRA COMPENSADA PARA CONSTRUÇÃO TEMPORÁRIA EM CHAPA SIMPLES, INTERNA, COM ÁREA LÍQUIDA MAIOR OU IGUAL A 6 M², COM VÃO. AF_05/2018","M2","206,22","98447","PAREDE DE MADEIRA COMPENSADA PARA CONSTRUÇÃO TEMPORÁRIA EM CHAPA SIMPLES, INTERNA, COM ÁREA LÍQUIDA MAIOR OU IGUAL A 6 M², COM VÃO. AF_05/2018","M2","206,22","98447","PAREDE DE MADEIRA COMPENSADA PARA CONSTRUÇÃO TEMPORÁRIA EM CHAPA SIMPLES, INTERNA, COM ÁREA LÍQUIDA MAIOR OU IGUAL A 6 M², COM VÃO. AF_05/2018","M2","206,22","98447","PAREDE DE MADEIRA COMPENSADA PARA CONSTRUÇÃO TEMPORÁRIA EM CHAPA SIMPLES, INTERNA, COM ÁREA LÍQUIDA MAIOR OU IGUAL A 6 M², COM VÃO. AF_05/2018","M2","206,22","98447","PAREDE DE MADEIRA COMPENSADA PARA CONSTRUÇÃO TEMPORÁRIA EM CHAPA SIMPLES, INTERNA, COM ÁREA LÍQUIDA MAIOR OU IGUAL A 6 M², COM VÃO. AF_05/2018","M2","206,22","98447","PAREDE DE MADEIRA COMPENSADA PARA CONSTRUÇÃO TEMPORÁRIA EM CHAPA SIMPLES, INTERNA, COM ÁREA LÍQUIDA MAIOR OU IGUAL A 6 M², COM VÃO. AF_05/2018","M2","206,22","98447","PAREDE DE MADEIRA COMPENSADA PARA CONSTRUÇÃO TEMPORÁRIA EM CHAPA SIMPLES, INTERNA, COM ÁREA LÍQUIDA MAIOR OU IGUAL A 6 M², COM VÃO. AF_05/2018","M2","206,22","98447","PAREDE DE MADEIRA COMPENSADA PARA CONSTRUÇÃO TEMPORÁRIA EM CHAPA SIMPLES, INTERNA, COM ÁREA LÍQUIDA MAIOR OU IGUAL A 6 M², COM VÃO. AF_05/2018","M2","206,22","98447","PAREDE DE MADEIRA COMPENSADA PARA CONSTRUÇÃO TEMPORÁRIA EM CHAPA SIMPLES, INTERNA, COM ÁREA LÍQUIDA MAIOR OU IGUAL A 6 M², COM VÃO. AF_05/2018","M2","206,22","98447","PAREDE DE MADEIRA COMPENSADA PARA CONSTRUÇÃO TEMPORÁRIA EM CHAPA SIMPLES, INTERNA, COM ÁREA LÍQUIDA MAIOR OU IGUAL A 6 M², COM VÃO. AF_05/2018","M2","206,22","98447","PAREDE DE MADEIRA COMPENSADA PARA CONSTRUÇÃO TEMPORÁRIA EM CHAPA SIMPLES, INTERNA, COM ÁREA LÍQUIDA MAIOR OU IGUAL A 6 M², COM VÃO. AF_05/2018","M2","206,22","98447","PAREDE DE MADEIRA COMPENSADA PARA CONSTRUÇÃO TEMPORÁRIA EM CHAPA SIMPLES, INTERNA, COM ÁREA LÍQUIDA MAIOR OU IGUAL A 6 M², COM VÃO. AF_05/2018","M2","206,22","98447","PAREDE DE MADEIRA COMPENSADA PARA CONSTRUÇÃO TEMPORÁRIA EM CHAPA SIMPLES, INTERNA, COM ÁREA LÍQUIDA MAIOR OU IGUAL A 6 M², COM VÃO. AF_05/2018","M2","206,22","98447","PAREDE DE MADEIRA COMPENSADA PARA CONSTRUÇÃO TEMPORÁRIA EM CHAPA SIMPLES, INTERNA, COM ÁREA LÍQUIDA MAIOR OU IGUAL A 6 M², COM VÃO. AF_05/2018","M2","206,22","98447","PAREDE DE MADEIRA COMPENSADA PARA CONSTRUÇÃO TEMPORÁRIA EM CHAPA SIMPLES, INTERNA, COM ÁREA LÍQUIDA MAIOR OU IGUAL A 6 M², COM VÃO. AF_05/2018","M2","206,22","98447","PAREDE DE MADEIRA COMPENSADA PARA CONSTRUÇÃO TEMPORÁRIA EM CHAPA SIMPLES, INTERNA, COM ÁREA LÍQUIDA MAIOR OU IGUAL A 6 M², COM VÃO. AF_05/2018","M2","206,22","98447","PAREDE DE MADEIRA COMPENSADA PARA CONSTRUÇÃO TEMPORÁRIA EM CHAPA SIMPLES, INTERNA, COM ÁREA LÍQUIDA MAIOR OU IGUAL A 6 M², COM VÃO. AF_05/2018","M2","206,22","98447","PAREDE DE MADEIRA COMPENSADA PARA CONSTRUÇÃO TEMPORÁRIA EM CHAPA SIMPLES, INTERNA, COM ÁREA LÍQUIDA MAIOR OU IGUAL A 6 M², COM VÃO. AF_05/2018","M2","206,22","98447","PAREDE DE MADEIRA COMPENSADA PARA CONSTRUÇÃO TEMPORÁRIA EM CHAPA SIMPLES, INTERNA, COM ÁREA LÍQUIDA MAIOR OU IGUAL A 6 M², COM VÃO. AF_05/2018","M2","206,22"]
[90631,"PERFURATRIZ SOBRE ESTEIRA, TORQUE MÁXIMO 600 KGF, PESO MÉDIO 1000 KG, POTÊNCIA 20 HP, DIÂMETRO MÁXIMO 10\" - CHP DIURNO. AF_06/2015","CHP",145.96,"90631","PERFURATRIZ SOBRE ESTEIRA, TORQUE MÁXIMO 600 KGF, PESO MÉDIO 1000 KG, POTÊNCIA 20 HP, DIÂMETRO MÁXIMO 10\" - CHP DIURNO. AF_06/2015","CHP","145,96","90631","PERFURATRIZ SOBRE ESTEIRA, TORQUE MÁXIMO 600 KGF, PESO MÉDIO 1000 KG, POTÊNCIA 20 HP, DIÂMETRO MÁXIMO 10\" - CHP DIURNO. AF_06/2015","CHP","145,96","90631","PERFURATRIZ SOBRE ESTEIRA, TORQUE MÁXIMO 600 KGF, PESO MÉDIO 1000 KG, POTÊNCIA 20 HP, DIÂMETRO MÁXIMO 10\" - CHP DIURNO. AF_06/2015","CHP","145,96","90631","PERFURATRIZ SOBRE ESTEIRA, TORQUE MÁXIMO 600 KGF, PESO MÉDIO 1000 KG, POTÊNCIA 20 HP, DIÂMETRO MÁXIMO 10\" - CHP DIURNO. AF_06/2015","CHP","145,96","90631","PERFURATRIZ SOBRE ESTEIRA, TORQUE MÁXIMO 600 KGF, PESO MÉDIO 1000 KG, POTÊNCIA 20 HP, DIÂMETRO MÁXIMO 10\" - CHP DIURNO. AF_06/2015","CHP","145,96","90631","PERFURATRIZ SOBRE ESTEIRA, TORQUE MÁXIMO 600 KGF, PESO MÉDIO 1000 KG, POTÊNCIA 20 HP, DIÂMETRO MÁXIMO 10\" - CHP DIURNO. AF_06/2015","CHP","145,96","90631","PERFURATRIZ SOBRE ESTEIRA, TORQUE MÁXIMO 600 KGF, PESO MÉDIO 1000 KG, POTÊNCIA 20 HP, DIÂMETRO MÁXIMO 10\" - CHP DIURNO. AF_06/2015","CHP","145,96","90631","PERFURATRIZ SOBRE ESTEIRA, TORQUE MÁXIMO 600 KGF, PESO MÉDIO 1000 KG, POTÊNCIA 20 HP, DIÂMETRO MÁXIMO 10\" - CHP DIURNO. AF_06/2015","CHP","145,96","90631","PERFURATRIZ SOBRE ESTEIRA, TORQUE MÁXIMO 600 KGF, PESO MÉDIO 1000 KG, POTÊNCIA 20 HP, DIÂMETRO MÁXIMO 10\" - CHP DIURNO. AF_06/2015","CHP","145,96","90631","PERFURATRIZ SOBRE ESTEIRA, TORQUE MÁXIMO 600 KGF, PESO MÉDIO 1000 KG, POTÊNCIA 20 HP, DIÂMETRO MÁXIMO 10\" - CHP DIURNO. AF_06/2015","CHP","145,96","90631","PERFURATRIZ SOBRE ESTEIRA, TORQUE MÁXIMO 600 KGF, PESO MÉDIO 1000 KG, POTÊNCIA 20 HP, DIÂMETRO MÁXIMO 10\" - CHP DIURNO. AF_06/2015","CHP","145,96","90631","PERFURATRIZ SOBRE ESTEIRA, TORQUE MÁXIMO 600 KGF, PESO MÉDIO 1000 KG, POTÊNCIA 20 HP, DIÂMETRO MÁXIMO 10\" - CHP DIURNO. AF_06/2015","CHP","145,96","90631","PERFURATRIZ SOBRE ESTEIRA, TORQUE MÁXIMO 600 KGF, PESO MÉDIO 1000 KG, POTÊNCIA 20 HP, DIÂMETRO MÁXIMO 10\" - CHP DIURNO. AF_06/2015","CHP","145,96","90631","PERFURATRIZ SOBRE ESTEIRA, TORQUE MÁXIMO 600 KGF, PESO MÉDIO 1000 KG, POTÊNCIA 20 HP, DIÂMETRO MÁXIMO 10\" - CHP DIURNO. AF_06/2015","CHP","145,96","90631","PERFURATRIZ SOBRE ESTEIRA, TORQUE MÁXIMO 600 KGF, PESO MÉDIO 1000 KG, POTÊNCIA 20 HP, DIÂMETRO MÁXIMO 10\" - CHP DIURNO. AF_06/2015","CHP","145,96","90631","PERFURATRIZ SOBRE ESTEIRA, TORQUE MÁXIMO 600 KGF, PESO MÉDIO 1000 KG, POTÊNCIA 20 HP, DIÂMETRO MÁXIMO 10\" - CHP DIURNO. AF_06/2015","CHP","145,96","90631","PERFURATRIZ SOBRE ESTEIRA, TORQUE MÁXIMO 600 KGF, PESO MÉDIO 1000 KG, POTÊNCIA 20 HP, DIÂMETRO MÁXIMO 10\" - CHP DIURNO. AF_06/2015","CHP","145,96","90631","PERFURATRIZ SOBRE ESTEIRA, TORQUE MÁXIMO 600 KGF, PESO MÉDIO 1000 KG, POTÊNCIA 20 HP, DIÂMETRO MÁXIMO 10\" - CHP DIURNO. AF_06/2015","CHP","145,96","90631","PERFURATRIZ SOBRE ESTEIRA, TORQUE MÁXIMO 600 KGF, PESO MÉDIO 1000 KG, POTÊNCIA 20 HP, DIÂMETRO MÁXIMO 10\" - CHP DIURNO. AF_06/2015","CHP","145,96","90631","PERFURATRIZ SOBRE ESTEIRA, TORQUE MÁXIMO 600 KGF, PESO MÉDIO 1000 KG, POTÊNCIA 20 HP, DIÂMETRO MÁXIMO 10\" - CHP DIURNO. AF_06/2015","CHP","145,96","90631","PERFURATRIZ SOBRE ESTEIRA, TORQUE MÁXIMO 600 KGF, PESO MÉDIO 1000 KG, POTÊNCIA 20 HP, DIÂMETRO MÁXIMO 10\" - CHP DIURNO. AF_06/2015","CHP","145,96","90631","PERFURATRIZ SOBRE ESTEIRA, TORQUE MÁXIMO 600 KGF, PESO MÉDIO 1000 KG, POTÊNCIA 20 HP, DIÂMETRO MÁXIMO 10\" - CHP DIURNO. AF_06/2015","CHP","145,96","90631","PERFURATRIZ SOBRE ESTEIRA, TORQUE MÁXIMO 600 KGF, PESO MÉDIO 1000 KG, POTÊNCIA 20 HP, DIÂMETRO MÁXIMO 10\" - CHP DIURNO. AF_06/2015","CHP","145,96","90631","PERFURATRIZ SOBRE ESTEIRA, TORQUE MÁXIMO 600 KGF, PESO MÉDIO 1000 KG, POTÊNCIA 20 HP, DIÂMETRO MÁXIMO 10\" - CHP DIURNO. AF_06/2015","CHP","145,96","90631","PERFURATRIZ SOBRE ESTEIRA, TORQUE MÁXIMO 600 KGF, PESO MÉDIO 1000 KG, POTÊNCIA 20 HP, DIÂMETRO MÁXIMO 10\" - CHP DIURNO. AF_06/2015","CHP","145,96","90631","PERFURATRIZ SOBRE ESTEIRA, TORQUE MÁXIMO 600 KGF, PESO MÉDIO 1000 KG, POTÊNCIA 20 HP, DIÂMETRO MÁXIMO 10\" - CHP DIURNO. AF_06/2015","CHP","145,96","90631","PERFURATRIZ SOBRE ESTEIRA, TORQUE MÁXIMO 600 KGF, PESO MÉDIO 1000 KG, POTÊNCIA 20 HP, DIÂMETRO MÁXIMO 10\" - CHP DIURNO. AF_06/2015","CHP","145,96","90631","PERFURATRIZ SOBRE ESTEIRA, TORQUE MÁXIMO 600 KGF, PESO MÉDIO 1000 KG, POTÊNCIA 20 HP, DIÂMETRO MÁXIMO 10\" - CHP DIURNO. AF_06/2015","CHP","145,96","90631","PERFURATRIZ SOBRE ESTEIRA, TORQUE MÁXIMO 600 KGF, PESO MÉDIO 1000 KG, POTÊNCIA 20 HP, DIÂMETRO MÁXIMO 10\" - CHP DIURNO. AF_06/2015","CHP","145,96","90631","PERFURATRIZ SOBRE ESTEIRA, TORQUE MÁXIMO 600 KGF, PESO MÉDIO 1000 KG, POTÊNCIA 20 HP, DIÂMETRO MÁXIMO 10\" - CHP DIURNO. AF_06/2015","CHP","145,96","90631","PERFURATRIZ SOBRE ESTEIRA, TORQUE MÁXIMO 600 KGF, PESO MÉDIO 1000 KG, POTÊNCIA 20 HP, DIÂMETRO MÁXIMO 10\" - CHP DIURNO. AF_06/2015","CHP","145,96","90631","PERFURATRIZ SOBRE ESTEIRA, TORQUE MÁXIMO 600 KGF, PESO MÉDIO 1000 KG, POTÊNCIA 20 HP, DIÂMETRO MÁXIMO 10\" - CHP DIURNO. AF_06/2015","CHP","145,96","90631","PERFURATRIZ SOBRE ESTEIRA, TORQUE MÁXIMO 600 KGF, PESO MÉDIO 1000 KG, POTÊNCIA 20 HP, DIÂMETRO MÁXIMO 10\" - CHP DIURNO. AF_06/2015","CHP","145,96","90631","PERFURATRIZ SOBRE ESTEIRA, TORQUE MÁXIMO 600 KGF, PESO MÉDIO 1000 KG, POTÊNCIA 20 HP, DIÂMETRO MÁXIMO 10\" - CHP DIURNO. AF_06/2015","CHP","145,96","90631","PERFURATRIZ SOBRE ESTEIRA, TORQUE MÁXIMO 600 KGF, PESO MÉDIO 1000 KG, POTÊNCIA 20 HP, DIÂMETRO MÁXIMO 10\" - CHP DIURNO. AF_06/2015","CHP","145,96","90631","PERFURATRIZ SOBRE ESTEIRA, TORQUE MÁXIMO 600 KGF, PESO MÉDIO 1000 KG, POTÊNCIA 20 HP, DIÂMETRO MÁXIMO 10\" - CHP DIURNO. AF_06/2015","CHP","145,96","90631","PERFURATRIZ SOBRE ESTEIRA, TORQUE MÁXIMO 600 KGF, PESO MÉDIO 1000 KG, POTÊNCIA 20 HP, DIÂMETRO MÁXIMO 10\" - CHP DIURNO. AF_06/2015","CHP","145,96","90631","PERFURATRIZ SOBRE ESTEIRA, TORQUE MÁXIMO 600 KGF, PESO MÉDIO 1000 KG, POTÊNCIA 20 HP, DIÂMETRO MÁXIMO 10\" - CHP DIURNO. AF_06/2015","CHP","145,96","90631","PERFURATRIZ SOBRE ESTEIRA, TORQUE MÁXIMO 600 KGF, PESO MÉDIO 1000 KG, POTÊNCIA 20 HP, DIÂMETRO MÁXIMO 10\" - CHP DIURNO. AF_06/2015","CHP","145,96","90631","PERFURATRIZ SOBRE ESTEIRA, TORQUE MÁXIMO 600 KGF, PESO MÉDIO 1000 KG, POTÊNCIA 20 HP, DIÂMETRO MÁXIMO 10\" - CHP DIURNO. AF_06/2015","CHP","145,96","90631","PERFURATRIZ SOBRE ESTEIRA, TORQUE MÁXIMO 600 KGF, PESO MÉDIO 1000 KG, POTÊNCIA 20 HP, DIÂMETRO MÁXIMO 10\" - CHP DIURNO. AF_06/2015","CHP","145,96","90631","PERFURATRIZ SOBRE ESTEIRA, TORQUE MÁXIMO 600 KGF, PESO MÉDIO 1000 KG, POTÊNCIA 20 HP, DIÂMETRO MÁXIMO 10\" - CHP DIURNO. AF_06/2015","CHP","145,96","90631","PERFURATRIZ SOBRE ESTEIRA, TORQUE MÁXIMO 600 KGF, PESO MÉDIO 1000 KG, POTÊNCIA 20 HP, DIÂMETRO MÁXIMO 10\" - CHP DIURNO. AF_06/2015","CHP","145,96","90631","PERFURATRIZ SOBRE ESTEIRA, TORQUE MÁXIMO 600 KGF, PESO MÉDIO 1000 KG, POTÊNCIA 20 HP, DIÂMETRO MÁXIMO 10\" - CHP DIURNO. AF_06/2015","CHP","145,96","90631","PERFURATRIZ SOBRE ESTEIRA, TORQUE MÁXIMO 600 KGF, PESO MÉDIO 1000 KG, POTÊNCIA 20 HP, DIÂMETRO MÁXIMO 10\" - CHP DIURNO. AF_06/2015","CHP","145,96","90631","PERFURATRIZ SOBRE ESTEIRA, TORQUE MÁXIMO 600 KGF, PESO MÉDIO 1000 KG, POTÊNCIA 20 HP, DIÂMETRO MÁXIMO 10\" - CHP DIURNO. AF_06/2015","CHP","145,96","90631","PERFURATRIZ SOBRE ESTEIRA, TORQUE MÁXIMO 600 KGF, PESO MÉDIO 1000 KG, POTÊNCIA 20 HP, DIÂMETRO MÁXIMO 10\" - CHP DIURNO. AF_06/2015","CHP","145,96","90631","PERFURATRIZ SOBRE ESTEIRA, TORQUE MÁXIMO 600 KGF, PESO MÉDIO 1000 KG, POTÊNCIA 20 HP, DIÂMETRO MÁXIMO 10\" - CHP DIURNO. AF_06/2015","CHP","145,96","90631","PERFURATRIZ SOBRE ESTEIRA, TORQUE MÁXIMO 600 KGF, PESO MÉDIO 1000 KG, POTÊNCIA 20 HP, DIÂMETRO MÁXIMO 10\" - CHP DIURNO. AF_06/2015","CHP","145,96","90631","PERFURATRIZ SOBRE ESTEIRA, TORQUE MÁXIMO 600 KGF, PESO MÉDIO 1000 KG, POTÊNCIA 20 HP, DIÂMETRO MÁXIMO 10\" - CHP DIURNO. AF_06/2015","CHP","145,96","90631","PERFURATRIZ SOBRE ESTEIRA, TORQUE MÁXIMO 600 KGF, PESO MÉDIO 1000 KG, POTÊNCIA 20 HP, DIÂMETRO MÁXIMO 10\" - CHP DIURNO. AF_06/2015","CHP","145,96","90631","PERFURATRIZ SOBRE ESTEIRA, TORQUE MÁXIMO 600 KGF, PESO MÉDIO 1000 KG, POTÊNCIA 20 HP, DIÂMETRO MÁXIMO 10\" - CHP DIURNO. AF_06/2015","CHP","145,96","90631","PERFURATRIZ SOBRE ESTEIRA, TORQUE MÁXIMO 600 KGF, PESO MÉDIO 1000 KG, POTÊNCIA 20 HP, DIÂMETRO MÁXIMO 10\" - CHP DIURNO. AF_06/2015","CHP","145,96","90631","PERFURATRIZ SOBRE ESTEIRA, TORQUE MÁXIMO 600 KGF, PESO MÉDIO 1000 KG, POTÊNCIA 20 HP, DIÂMETRO MÁXIMO 10\" - CHP DIURNO. AF_06/2015","CHP","145,96","90631","PERFURATRIZ SOBRE ESTEIRA, TORQUE MÁXIMO 600 KGF, PESO MÉDIO 1000 KG, POTÊNCIA 20 HP, DIÂMETRO MÁXIMO 10\" - CHP DIURNO. AF_06/2015","CHP","145,96","90631","PERFURATRIZ SOBRE ESTEIRA, TORQUE MÁXIMO 600 KGF, PESO MÉDIO 1000 KG, POTÊNCIA 20 HP, DIÂMETRO MÁXIMO 10\" - CHP DIURNO. AF_06/2015","CHP","145,96","90631","PERFURATRIZ SOBRE ESTEIRA, TORQUE MÁXIMO 600 KGF, PESO MÉDIO 1000 KG, POTÊNCIA 20 HP, DIÂMETRO MÁXIMO 10\" - CHP DIURNO. AF_06/2015","CHP","145,96","90631","PERFURATRIZ SOBRE ESTEIRA, TORQUE MÁXIMO 600 KGF, PESO MÉDIO 1000 KG, POTÊNCIA 20 HP, DIÂMETRO MÁXIMO 10\" - CHP DIURNO. AF_06/2015","CHP","145,96","90631","PERFURATRIZ SOBRE ESTEIRA, TORQUE MÁXIMO 600 KGF, PESO MÉDIO 1000 KG, POTÊNCIA 20 HP, DIÂMETRO MÁXIMO 10\" - CHP DIURNO. AF_06/2015","CHP","145,96","90631","PERFURATRIZ SOBRE ESTEIRA, TORQUE MÁXIMO 600 KGF, PESO MÉDIO 1000 KG, POTÊNCIA 20 HP, DIÂMETRO MÁXIMO 10\" - CHP DIURNO. AF_06/2015","CHP","145,96","90631","PERFURATRIZ SOBRE ESTEIRA, TORQUE MÁXIMO 600 KGF, PESO MÉDIO 1000 KG, POTÊNCIA 20 HP, DIÂMETRO MÁXIMO 10\" - CHP DIURNO. AF_06/2015","CHP","145,96","90631","PERFURATRIZ SOBRE ESTEIRA, TORQUE MÁXIMO 600 KGF, PESO MÉDIO 1000 KG, POTÊNCIA 20 HP, DIÂMETRO MÁXIMO 10\" - CHP DIURNO. AF_06/2015","CHP","145,96","90631","PERFURATRIZ SOBRE ESTEIRA, TORQUE MÁXIMO 600 KGF, PESO MÉDIO 1000 KG, POTÊNCIA 20 HP, DIÂMETRO MÁXIMO 10\" - CHP DIURNO. AF_06/2015","CHP","145,96"]
[95139,"TALHA MANUAL DE CORRENTE, CAPACIDADE DE 2 TON. COM ELEVAÇÃO DE 3 M - CHP DIURNO. AF_07/2016","CHP",0.05,"95139","TALHA MANUAL DE CORRENTE, CAPACIDADE DE 2 TON. COM ELEVAÇÃO DE 3 M - CHP DIURNO. AF_07/2016","CHP","0,05","95139","TALHA MANUAL DE CORRENTE, CAPACIDADE DE 2 TON. COM ELEVAÇÃO DE 3 M - CHP DIURNO. AF_07/2016","CHP","0,05","95139","TALHA MANUAL DE CORRENTE, CAPACIDADE DE 2 TON. COM ELEVAÇÃO DE 3 M - CHP DIURNO. AF_07/2016","CHP","0,05","95139","TALHA MANUAL DE CORRENTE, CAPACIDADE DE 2 TON. COM ELEVAÇÃO DE 3 M - CHP DIURNO. AF_07/2016","CHP","0,05","95139","TALHA MANUAL DE CORRENTE, CAPACIDADE DE 2 TON. COM ELEVAÇÃO DE 3 M - CHP DIURNO. AF_07/2016","CHP","0,05","95139","TALHA MANUAL DE CORRENTE, CAPACIDADE DE 2 TON. COM ELEVAÇÃO DE 3 M - CHP DIURNO. AF_07/2016","CHP","0,05","95139","TALHA MANUAL DE CORRENTE, CAPACIDADE DE 2 TON. COM ELEVAÇÃO DE 3 M - CHP DIURNO. AF_07/2016","CHP","0,05","95139","TALHA MANUAL DE CORRENTE, CAPACIDADE DE 2 TON. COM ELEVAÇÃO DE 3 M - CHP DIURNO. AF_07/2016","CHP","0,05","95139","TALHA MANUAL DE CORRENTE, CAPACIDADE DE 2 TON. COM ELEVAÇÃO DE 3 M - CHP DIURNO. AF_07/2016","CHP","0,05","95139","TALHA MANUAL DE CORRENTE, CAPACIDADE DE 2 TON. COM ELEVAÇÃO DE 3 M - CHP DIURNO. AF_07/2016","CHP","0,05","95139","TALHA MANUAL DE CORRENTE, CAPACIDADE DE 2 TON. COM ELEVAÇÃO DE 3 M - CHP DIURNO. AF_07/2016","CHP","0,05","95139","TALHA MANUAL DE CORRENTE, CAPACIDADE DE 2 TON. COM ELEVAÇÃO DE 3 M - CHP DIURNO. AF_07/2016","CHP","0,05","95139","TALHA MANUAL DE CORRENTE, CAPACIDADE DE 2 TON. COM ELEVAÇÃO DE 3 M - CHP DIURNO. AF_07/2016","CHP","0,05","95139","TALHA MANUAL DE CORRENTE, CAPACIDADE DE 2 TON. COM ELEVAÇÃO DE 3 M - CHP DIURNO. AF_07/2016","CHP","0,05","95139","TALHA MANUAL DE CORRENTE, CAPACIDADE DE 2 TON. COM ELEVAÇÃO DE 3 M - CHP DIURNO. AF_07/2016","CHP","0,05","95139","TALHA MANUAL DE CORRENTE, CAPACIDADE DE 2 TON. COM ELEVAÇÃO DE 3 M - CHP DIURNO. AF_07/2016","CHP","0,05","95139","TALHA MANUAL DE CORRENTE, CAPACIDADE DE 2 TON. COM ELEVAÇÃO DE 3 M - CHP DIURNO. AF_07/2016","CHP","0,05","95139","TALHA MANUAL DE CORRENTE, CAPACIDADE DE 2 TON. COM ELEVAÇÃO DE 3 M - CHP DIURNO. AF_07/2016","CHP","0,05","95139","TALHA MANUAL DE CORRENTE, CAPACIDADE DE 2 TON. COM ELEVAÇÃO DE 3 M - CHP DIURNO. AF_07/2016","CHP","0,05","95139","TALHA MANUAL DE CORRENTE, CAPACIDADE DE 2 TON. COM ELEVAÇÃO DE 3 M - CHP DIURNO. AF_07/2016","CHP","0,05","95139","TALHA MANUAL DE CORRENTE, CAPACIDADE DE 2 TON. COM ELEVAÇÃO DE 3 M - CHP DIURNO. AF_07/2016","CHP","0,05","95139","TALHA MANUAL DE CORRENTE, CAPACIDADE DE 2 TON. COM ELEVAÇÃO DE 3 M - CHP DIURNO. AF_07/2016","CHP","0,05","95139","TALHA MANUAL DE CORRENTE, CAPACIDADE DE 2 TON. COM ELEVAÇÃO DE 3 M - CHP DIURNO. AF_07/2016","CHP","0,05","95139","TALHA MANUAL DE CORRENTE, CAPACIDADE DE 2 TON. COM ELEVAÇÃO DE 3 M - CHP DIURNO. AF_07/2016","CHP","0,05","95139","TALHA MANUAL DE CORRENTE, CAPACIDADE DE 2 TON. COM ELEVAÇÃO DE 3 M - CHP DIURNO. AF_07/2016","CHP","0,05","95139","TALHA MANUAL DE CORRENTE, CAPACIDADE DE 2 TON. COM ELEVAÇÃO DE 3 M - CHP DIURNO. AF_07/2016","CHP","0,05","95139","TALHA MANUAL DE CORRENTE, CAPACIDADE DE 2 TON. COM ELEVAÇÃO DE 3 M - CHP DIURNO. AF_07/2016","CHP","0,05","95139","TALHA MANUAL DE CORRENTE, CAPACIDADE DE 2 TON. COM ELEVAÇÃO DE 3 M - CHP DIURNO. AF_07/2016","CHP","0,05","95139","TALHA MANUAL DE CORRENTE, CAPACIDADE DE 2 TON. COM ELEVAÇÃO DE 3 M - CHP DIURNO. AF_07/2016","CHP","0,05","95139","TALHA MANUAL DE CORRENTE, CAPACIDADE DE 2 TON. COM ELEVAÇÃO DE 3 M - CHP DIURNO. AF_07/2016","CHP","0,05","95139","TALHA MANUAL DE CORRENTE, CAPACIDADE DE 2 TON. COM ELEVAÇÃO DE 3 M - CHP DIURNO. AF_07/2016","CHP","0,05","95139","TALHA MANUAL DE CORRENTE, CAPACIDADE DE 2 TON. COM ELEVAÇÃO DE 3 M - CHP DIURNO. AF_07/2016","CHP","0,05","95139","TALHA MANUAL DE CORRENTE, CAPACIDADE DE 2 TON. COM ELEVAÇÃO DE 3 M - CHP DIURNO. AF_07/2016","CHP","0,05","95139","TALHA MANUAL DE CORRENTE, CAPACIDADE DE 2 TON. COM ELEVAÇÃO DE 3 M - CHP DIURNO. AF_07/2016","CHP","0,05","95139","TALHA MANUAL DE CORRENTE, CAPACIDADE DE 2 TON. COM ELEVAÇÃO DE 3 M - CHP DIURNO. AF_07/2016","CHP","0,05","95139","TALHA MANUAL DE CORRENTE, CAPACIDADE DE 2 TON. COM ELEVAÇÃO DE 3 M - CHP DIURNO. AF_07/2016","CHP","0,05","95139","TALHA MANUAL DE CORRENTE, CAPACIDADE DE 2 TON. COM ELEVAÇÃO DE 3 M - CHP DIURNO. AF_07/2016","CHP","0,05","95139","TALHA MANUAL DE CORRENTE, CAPACIDADE DE 2 TON. COM ELEVAÇÃO DE 3 M - CHP DIURNO. AF_07/2016","CHP","0,05","95139","TALHA MANUAL DE CORRENTE, CAPACIDADE DE 2 TON. COM ELEVAÇÃO DE 3 M - CHP DIURNO. AF_07/2016","CHP","0,05","95139","TALHA MANUAL DE CORRENTE, CAPACIDADE DE 2 TON. COM ELEVAÇÃO DE 3 M - CHP DIURNO. AF_07/2016","CHP","0,05","95139","TALHA MANUAL DE CORRENTE, CAPACIDADE DE 2 TON. COM ELEVAÇÃO DE 3 M - CHP DIURNO. AF_07/2016","CHP","0,05","95139","TALHA MANUAL DE CORRENTE, CAPACIDADE DE 2 TON. COM ELEVAÇÃO DE 3 M - CHP DIURNO. AF_07/2016","CHP","0,05","95139","TALHA MANUAL DE CORRENTE, CAPACIDADE DE 2 TON. COM ELEVAÇÃO DE 3 M - CHP DIURNO. AF_07/2016","CHP","0,05","95139","TALHA MANUAL DE CORRENTE, CAPACIDADE DE 2 TON. COM ELEVAÇÃO DE 3 M - CHP DIURNO. AF_07/2016","CHP","0,05","95139","TALHA MANUAL DE CORRENTE, CAPACIDADE DE 2 TON. COM ELEVAÇÃO DE 3 M - CHP DIURNO. AF_07/2016","CHP","0,05","95139","TALHA MANUAL DE CORRENTE, CAPACIDADE DE 2 TON. COM ELEVAÇÃO DE 3 M - CHP DIURNO. AF_07/2016","CHP","0,05","95139","TALHA MANUAL DE CORRENTE, CAPACIDADE DE 2 TON. COM ELEVAÇÃO DE 3 M - CHP DIURNO. AF_07/2016","CHP","0,05","95139","TALHA MANUAL DE CORRENTE, CAPACIDADE DE 2 TON. COM ELEVAÇÃO DE 3 M - CHP DIURNO. AF_07/2016","CHP","0,05","95139","TALHA MANUAL DE CORRENTE, CAPACIDADE DE 2 TON. COM ELEVAÇÃO DE 3 M - CHP DIURNO. AF_07/2016","CHP","0,05","95139","TALHA MANUAL DE CORRENTE, CAPACIDADE DE 2 TON. COM ELEVAÇÃO DE 3 M - CHP DIURNO. AF_07/2016","CHP","0,05","95139","TALHA MANUAL DE CORRENTE, CAPACIDADE DE 2 TON. COM ELEVAÇÃO DE 3 M - CHP DIURNO. AF_07/2016","CHP","0,05","95139","TALHA MANUAL DE CORRENTE, CAPACIDADE DE 2 TON. COM ELEVAÇÃO DE 3 M - CHP DIURNO. AF_07/2016","CHP","0,05","95139","TALHA MANUAL DE CORRENTE, CAPACIDADE DE 2 TON. COM ELEVAÇÃO DE 3 M - CHP DIURNO. AF_07/2016","CHP","0,05","95139","TALHA MANUAL DE CORRENTE, CAPACIDADE DE 2 TON. COM ELEVAÇÃO DE 3 M - CHP DIURNO. AF_07/2016","CHP","0,05","95139","TALHA MANUAL DE CORRENTE, CAPACIDADE DE 2 TON. COM ELEVAÇÃO DE 3 M - CHP DIURNO. AF_07/2016","CHP","0,05","95139","TALHA MANUAL DE CORRENTE, CAPACIDADE DE 2 TON. COM ELEVAÇÃO DE 3 M - CHP DIURNO. AF_07/2016","CHP","0,05","95139","TALHA MANUAL DE CORRENTE, CAPACIDADE DE 2 TON. COM ELEVAÇÃO DE 3 M - CHP DIURNO. AF_07/2016","CHP","0,05","95139","TALHA MANUAL DE CORRENTE, CAPACIDADE DE 2 TON. COM ELEVAÇÃO DE 3 M - CHP DIURNO. AF_07/2016","CHP","0,05","95139","TALHA MANUAL DE CORRENTE, CAPACIDADE DE 2 TON. COM ELEVAÇÃO DE 3 M - CHP DIURNO. AF_07/2016","CHP","0,05","95139","TALHA MANUAL DE CORRENTE, CAPACIDADE DE 2 TON. COM ELEVAÇÃO DE 3 M - CHP DIURNO. AF_07/2016","CHP","0,05","95139","TALHA MANUAL DE CORRENTE, CAPACIDADE DE 2 TON. COM ELEVAÇÃO DE 3 M - CHP DIURNO. AF_07/2016","CHP","0,05","95139","TALHA MANUAL DE CORRENTE, CAPACIDADE DE 2 TON. COM ELEVAÇÃO DE 3 M - CHP DIURNO. AF_07/2016","CHP","0,05","95139","TALHA MANUAL DE CORRENTE, CAPACIDADE DE 2 TON. COM ELEVAÇÃO DE 3 M - CHP DIURNO. AF_07/2016","CHP","0,05"]
[5952,"MARTELETE OU ROMPEDOR PNEUMÁTICO MANUAL, 28 KG, COM SILENCIADOR - CHI DIURNO. AF_07/2016","CHI",23.78,"5952","MARTELETE OU ROMPEDOR PNEUMÁTICO MANUAL, 28 KG, COM SILENCIADOR - CHI DIURNO. AF_07/2016","CHI","23,78","5952","MARTELETE OU ROMPEDOR PNEUMÁTICO MANUAL, 28 KG, COM SILENCIADOR - CHI DIURNO. AF_07/2016","CHI","23,78","5952","MARTELETE OU ROMPEDOR PNEUMÁTICO MANUAL, 28 KG, COM SILENCIADOR - CHI DIURNO. AF_07/2016","CHI","23,78","5952","MARTELETE OU ROMPEDOR PNEUMÁTICO MANUAL, 28 KG, COM SILENCIADOR - CHI DIURNO. AF_07/2016","CHI","23,78","5952","MARTELETE OU ROMPEDOR PNEUMÁTICO MANUAL, 28 KG, COM SILENCIADOR - CHI DIURNO. AF_07/2016","CHI","23,78","5952","MARTELETE OU ROMPEDOR PNEUMÁTICO MANUAL, 28 KG, COM SILENCIADOR - CHI DIURNO. AF_07/2016","CHI","23,78","5952","MARTELETE OU ROMPEDOR PNEUMÁTICO MANUAL, 28 KG, COM SILENCIADOR - CHI DIURNO. AF_07/2016","CHI","23,78","5952","MARTELETE OU ROMPEDOR PNEUMÁTICO MANUAL, 28 KG, COM SILENCIADOR - CHI DIURNO. AF_07/2016","CHI","23,78","5952","MARTELETE OU ROMPEDOR PNEUMÁTICO MANUAL, 28 KG, COM SILENCIADOR - CHI DIURNO. AF_07/2016","CHI","23,78","5952","MARTELETE OU ROMPEDOR PNEUMÁTICO MANUAL, 28 KG, COM SILENCIADOR - CHI DIURNO. AF_07/2016","CHI","23,78","5952","MARTELETE OU ROMPEDOR PNEUMÁTICO MANUAL, 28 KG, COM SILENCIADOR - CHI DIURNO. AF_07/2016","CHI","23,78","5952","MARTELETE OU ROMPEDOR PNEUMÁTICO MANUAL, 28 KG, COM SILENCIADOR - CHI DIURNO. AF_07/2016","CHI","23,78","5952","MARTELETE OU ROMPEDOR PNEUMÁTICO MANUAL, 28 KG, COM SILENCIADOR - CHI DIURNO. AF_07/2016","CHI","23,78","5952","MARTELETE OU ROMPEDOR PNEUMÁTICO MANUAL, 28 KG, COM SILENCIADOR - CHI DIURNO. AF_07/2016","CHI","23,78","5952","MARTELETE OU ROMPEDOR PNEUMÁTICO MANUAL, 28 KG, COM SILENCIADOR - CHI DIURNO. AF_07/2016","CHI","23,78","5952","MARTELETE OU ROMPEDOR PNEUMÁTICO MANUAL, 28 KG, COM SILENCIADOR - CHI DIURNO. AF_07/2016","CHI","23,78","5952","MARTELETE OU ROMPEDOR PNEUMÁTICO MANUAL, 28 KG, COM SILENCIADOR - CHI DIURNO. AF_07/2016","CHI","23,78","5952","MARTELETE OU ROMPEDOR PNEUMÁTICO MANUAL, 28 KG, COM SILENCIADOR - CHI DIURNO. AF_07/2016","CHI","23,78","5952","MARTELETE OU ROMPEDOR PNEUMÁTICO MANUAL, 28 KG, COM SILENCIADOR - CHI DIURNO. AF_07/2016","CHI","23,78","5952","MARTELETE OU ROMPEDOR PNEUMÁTICO MANUAL, 28 KG, COM SILENCIADOR - CHI DIURNO. AF_07/2016","CHI","23,78","5952","MARTELETE OU ROMPEDOR PNEUMÁTICO MANUAL, 28 KG, COM SILENCIADOR - CHI DIURNO. AF_07/2016","CHI","23,78","5952","MARTELETE OU ROMPEDOR PNEUMÁTICO MANUAL, 28 KG, COM SILENCIADOR - CHI DIURNO. AF_07/2016","CHI","23,78","5952","MARTELETE OU ROMPEDOR PNEUMÁTICO MANUAL, 28 KG, COM SILENCIADOR - CHI DIURNO. AF_07/2016","CHI","23,78","5952","MARTELETE OU ROMPEDOR PNEUMÁTICO MANUAL, 28 KG, COM SILENCIADOR - CHI DIURNO. AF_07/2016","CHI","23,78","5952","MARTELETE OU ROMPEDOR PNEUMÁTICO MANUAL, 28 KG, COM SILENCIADOR - CHI DIURNO. AF_07/2016","CHI","23,78","5952","MARTELETE OU ROMPEDOR PNEUMÁTICO MANUAL, 28 KG, COM SILENCIADOR - CHI DIURNO. AF_07/2016","CHI","23,78","5952","MARTELETE OU ROMPEDOR PNEUMÁTICO MANUAL, 28 KG, COM SILENCIADOR - CHI DIURNO. AF_07/2016","CHI","23,78","5952","MARTELETE OU ROMPEDOR PNEUMÁTICO MANUAL, 28 KG, COM SILENCIADOR - CHI DIURNO. AF_07/2016","CHI","23,78","5952","MARTELETE OU ROMPEDOR PNEUMÁTICO MANUAL, 28 KG, COM SILENCIADOR - CHI DIURNO. AF_07/2016","CHI","23,78","5952","MARTELETE OU ROMPEDOR PNEUMÁTICO MANUAL, 28 KG, COM SILENCIADOR - CHI DIURNO. AF_07/2016","CHI","23,78","5952","MARTELETE OU ROMPEDOR PNEUMÁTICO MANUAL, 28 KG, COM SILENCIADOR - CHI DIURNO. AF_07/2016","CHI","23,78","5952","MARTELETE OU ROMPEDOR PNEUMÁTICO MANUAL, 28 KG, COM SILENCIADOR - CHI DIURNO. AF_07/2016","CHI","23,78","5952","MARTELETE OU ROMPEDOR PNEUMÁTICO MANUAL, 28 KG, COM SILENCIADOR - CHI DIURNO. AF_07/2016","CHI","23,78","5952","MARTELETE OU ROMPEDOR PNEUMÁTICO MANUAL, 28 KG, COM SILENCIADOR - CHI DIURNO. AF_07/2016","CHI","23,78","5952","MARTELETE OU ROMPEDOR PNEUMÁTICO MANUAL, 28 KG, COM SILENCIADOR - CHI DIURNO. AF_07/2016","CHI","23,78","5952","MARTELETE OU ROMPEDOR PNEUMÁTICO MANUAL, 28 KG, COM SILENCIADOR - CHI DIURNO. AF_07/2016","CHI","23,78","5952","MARTELETE OU ROMPEDOR PNEUMÁTICO MANUAL, 28 KG, COM SILENCIADOR - CHI DIURNO. AF_07/2016","CHI","23,78","5952","MARTELETE OU ROMPEDOR PNEUMÁTICO MANUAL, 28 KG, COM SILENCIADOR - CHI DIURNO. AF_07/2016","CHI","23,78","5952","MARTELETE OU ROMPEDOR PNEUMÁTICO MANUAL, 28 KG, COM SILENCIADOR - CHI DIURNO. AF_07/2016","CHI","23,78","5952","MARTELETE OU ROMPEDOR PNEUMÁTICO MANUAL, 28 KG, COM SILENCIADOR - CHI DIURNO. AF_07/2016","CHI","23,78","5952","MARTELETE OU ROMPEDOR PNEUMÁTICO MANUAL, 28 KG, COM SILENCIADOR - CHI DIURNO. AF_07/2016","CHI","23,78","5952","MARTELETE OU ROMPEDOR PNEUMÁTICO MANUAL, 28 KG, COM SILENCIADOR - CHI DIURNO. AF_07/2016","CHI","23,78","5952","MARTELETE OU ROMPEDOR PNEUMÁTICO MANUAL, 28 KG, COM SILENCIADOR - CHI DIURNO. AF_07/2016","CHI","23,78","5952","MARTELETE OU ROMPEDOR PNEUMÁTICO MANUAL, 28 KG, COM SILENCIADOR - CHI DIURNO. AF_07/2016","CHI","23,78","5952","MARTELETE OU ROMPEDOR PNEUMÁTICO MANUAL, 28 KG, COM SILENCIADOR - CHI DIURNO. AF_07/2016","CHI","23,78","5952","MARTELETE OU ROMPEDOR PNEUMÁTICO MANUAL, 28 KG, COM SILENCIADOR - CHI DIURNO. AF_07/2016","CHI","23,78","5952","MARTELETE OU ROMPEDOR PNEUMÁTICO MANUAL, 28 KG, COM SILENCIADOR - CHI DIURNO. AF_07/2016","CHI","23,78","5952","MARTELETE OU ROMPEDOR PNEUMÁTICO MANUAL, 28 KG, COM SILENCIADOR - CHI DIURNO. AF_07/2016","CHI","23,78","5952","MARTELETE OU ROMPEDOR PNEUMÁTICO MANUAL, 28 KG, COM SILENCIADOR - CHI DIURNO. AF_07/2016","CHI","23,78","5952","MARTELETE OU ROMPEDOR PNEUMÁTICO MANUAL, 28 KG, COM SILENCIADOR - CHI DIURNO. AF_07/2016","CHI","23,78","5952","MARTELETE OU ROMPEDOR PNEUMÁTICO MANUAL, 28 KG, COM SILENCIADOR - CHI DIURNO. AF_07/2016","CHI","23,78","5952","MARTELETE OU ROMPEDOR PNEUMÁTICO MANUAL, 28 KG, COM SILENCIADOR - CHI DIURNO. AF_07/2016","CHI","23,78","5952","MARTELETE OU ROMPEDOR PNEUMÁTICO MANUAL, 28 KG, COM SILENCIADOR - CHI DIURNO. AF_07/2016","CHI","23,78","5952","MARTELETE OU ROMPEDOR PNEUMÁTICO MANUAL, 28 KG, COM SILENCIADOR - CHI DIURNO. AF_07/2016","CHI","23,78","5952","MARTELETE OU ROMPEDOR PNEUMÁTICO MANUAL, 28 KG, COM SILENCIADOR - CHI DIURNO. AF_07/2016","CHI","23,78","5952","MARTELETE OU ROMPEDOR PNEUMÁTICO MANUAL, 28 KG, COM SILENCIADOR - CHI DIURNO. AF_07/2016","CHI","23,78","5952","MARTELETE OU ROMPEDOR PNEUMÁTICO MANUAL, 28 KG, COM SILENCIADOR - CHI DIURNO. AF_07/2016","CHI","23,78","5952","MARTELETE OU ROMPEDOR PNEUMÁTICO MANUAL, 28 KG, COM SILENCIADOR - CHI DIURNO. AF_07/2016","CHI","23,78","5952","MARTELETE OU ROMPEDOR PNEUMÁTICO MANUAL, 28 KG, COM SILENCIADOR - CHI DIURNO. AF_07/2016","CHI","23,78","5952","MARTELETE OU ROMPEDOR PNEUMÁTICO MANUAL, 28 KG, COM SILENCIADOR - CHI DIURNO. AF_07/2016","CHI","23,78","5952","MARTELETE OU ROMPEDOR PNEUMÁTICO MANUAL, 28 KG, COM SILENCIADOR - CHI DIURNO. AF_07/2016","CHI","23,78","5952","MARTELETE OU ROMPEDOR PNEUMÁTICO MANUAL, 28 KG, COM SILENCIADOR - CHI DIURNO. AF_07/2016","CHI","23,78","5952","MARTELETE OU ROMPEDOR PNEUMÁTICO MANUAL, 28 KG, COM SILENCIADOR - CHI DIURNO. AF_07/2016","CHI","23,78"]
[89226,"BETONEIRA CAPACIDADE NOMINAL DE 600 L, CAPACIDADE DE MISTURA 360 L, MOTOR ELÉTRICO TRIFÁSICO POTÊNCIA DE 4 CV, SEM CARREGADOR - CHI DIURNO. AF_11/2014","CHI",1.79,"89226","BETONEIRA CAPACIDADE NOMINAL DE 600 L, CAPACIDADE DE MISTURA 360 L, MOTOR ELÉTRICO TRIFÁSICO POTÊNCIA DE 4 CV, SEM CARREGADOR - CHI DIURNO. AF_11/2014","CHI","1,79","89226","BETONEIRA CAPACIDADE NOMINAL DE 600 L, CAPACIDADE DE MISTURA 360 L, MOTOR ELÉTRICO TRIFÁSICO POTÊNCIA DE 4 CV, SEM CARREGADOR - CHI DIURNO. AF_11/2014","CHI","1,79","89226","BETONEIRA CAPACIDADE NOMINAL DE 600 L, CAPACIDADE DE MISTURA 360 L, MOTOR ELÉTRICO TRIFÁSICO POTÊNCIA DE 4 CV, SEM CARREGADOR - CHI DIURNO. AF_11/2014","CHI","1,79","89226","BETONEIRA CAPACIDADE NOMINAL DE 600 L, CAPACIDADE DE MISTURA 360 L, MOTOR ELÉTRICO TRIFÁSICO POTÊNCIA DE 4 CV, SEM CARREGADOR - CHI DIURNO. AF_11/2014","CHI","1,79","89226","BETONEIRA CAPACIDADE NOMINAL DE 600 L, CAPACIDADE DE MISTURA 360 L, MOTOR ELÉTRICO TRIFÁSICO POTÊNCIA DE 4 CV, SEM CARREGADOR - CHI DIURNO. AF_11/2014","CHI","1,79","89226","BETONEIRA CAPACIDADE NOMINAL DE 600 L, CAPACIDADE DE MISTURA 360 L, MOTOR ELÉTRICO TRIFÁSICO POTÊNCIA DE 4 CV, SEM CARREGADOR - CHI DIURNO. AF_11/2014","CHI","1,79","89226","BETONEIRA CAPACIDADE NOMINAL DE 600 L, CAPACIDADE DE MISTURA 360 L, MOTOR ELÉTRICO TRIFÁSICO POTÊNCIA DE 4 CV, SEM CARREGADOR - CHI DIURNO. AF_11/2014","CHI","1,79","89226","BETONEIRA CAPACIDADE NOMINAL DE 600 L, CAPACIDADE DE MISTURA 360 L, MOTOR ELÉTRICO TRIFÁSICO POTÊNCIA DE 4 CV, SEM CARREGADOR - CHI DIURNO. AF_11/2014","CHI","1,79","89226","BETONEIRA CAPACIDADE NOMINAL DE 600 L, CAPACIDADE DE MISTURA 360 L, MOTOR ELÉTRICO TRIFÁSICO POTÊNCIA DE 4 CV, SEM CARREGADOR - CHI DIURNO. AF_11/2014","CHI","1,79","89226","BETONEIRA CAPACIDADE NOMINAL DE 600 L, CAPACIDADE DE MISTURA 360 L, MOTOR ELÉTRICO TRIFÁSICO POTÊNCIA DE 4 CV, SEM CARREGADOR - CHI DIURNO. AF_11/2014","CHI","1,79","89226","BETONEIRA CAPACIDADE NOMINAL DE 600 L, CAPACIDADE DE MISTURA 360 L, MOTOR ELÉTRICO TRIFÁSICO POTÊNCIA DE 4 CV, SEM CARREGADOR - CHI DIURNO. AF_11/2014","CHI","1,79","89226","BETONEIRA CAPACIDADE NOMINAL DE 600 L, CAPACIDADE DE MISTURA 360 L, MOTOR ELÉTRICO TRIFÁSICO POTÊNCIA DE 4 CV, SEM CARREGADOR - CHI DIURNO. AF_11/2014","CHI","1,79","89226","BETONEIRA CAPACIDADE NOMINAL DE 600 L, CAPACIDADE DE MISTURA 360 L, MOTOR ELÉTRICO TRIFÁSICO POTÊNCIA DE 4 CV, SEM CARREGADOR - CHI DIURNO. AF_11/2014","CHI","1,79","89226","BETONEIRA CAPACIDADE NOMINAL DE 600 L, CAPACIDADE DE MISTURA 360 L, MOTOR ELÉTRICO TRIFÁSICO POTÊNCIA DE 4 CV, SEM CARREGADOR - CHI DIURNO. AF_11/2014","CHI","1,79","89226","BETONEIRA CAPACIDADE NOMINAL DE 600 L, CAPACIDADE DE MISTURA 360 L, MOTOR ELÉTRICO TRIFÁSICO POTÊNCIA DE 4 CV, SEM CARREGADOR - CHI DIURNO. AF_11/2014","CHI","1,79","89226","BETONEIRA CAPACIDADE NOMINAL DE 600 L, CAPACIDADE DE MISTURA 360 L, MOTOR ELÉTRICO TRIFÁSICO POTÊNCIA DE 4 CV, SEM CARREGADOR - CHI DIURNO. AF_11/2014","CHI","1,79","89226","BETONEIRA CAPACIDADE NOMINAL DE 600 L, CAPACIDADE DE MISTURA 360 L, MOTOR ELÉTRICO TRIFÁSICO POTÊNCIA DE 4 CV, SEM CARREGADOR - CHI DIURNO. AF_11/2014","CHI","1,79","89226","BETONEIRA CAPACIDADE NOMINAL DE 600 L, CAPACIDADE DE MISTURA 360 L, MOTOR ELÉTRICO TRIFÁSICO POTÊNCIA DE 4 CV, SEM CARREGADOR - CHI DIURNO. AF_11/2014","CHI","1,79","89226","BETONEIRA CAPACIDADE NOMINAL DE 600 L, CAPACIDADE DE MISTURA 360 L, MOTOR ELÉTRICO TRIFÁSICO POTÊNCIA DE 4 CV, SEM CARREGADOR - CHI DIURNO. AF_11/2014","CHI","1,79","89226","BETONEIRA CAPACIDADE NOMINAL DE 600 L, CAPACIDADE DE MISTURA 360 L, MOTOR ELÉTRICO TRIFÁSICO POTÊNCIA DE 4 CV, SEM CARREGADOR - CHI DIURNO. AF_11/2014","CHI","1,79","89226","BETONEIRA CAPACIDADE NOMINAL DE 600 L, CAPACIDADE DE MISTURA 360 L, MOTOR ELÉTRICO TRIFÁSICO POTÊNCIA DE 4 CV, SEM CARREGADOR - CHI DIURNO. AF_11/2014","CHI","1,79","89226","BETONEIRA CAPACIDADE NOMINAL DE 600 L, CAPACIDADE DE MISTURA 360 L, MOTOR ELÉTRICO TRIFÁSICO POTÊNCIA DE 4 CV, SEM CARREGADOR - CHI DIURNO. AF_11/2014","CHI","1,79","89226","BETONEIRA CAPACIDADE NOMINAL DE 600 L, CAPACIDADE DE MISTURA 360 L, MOTOR ELÉTRICO TRIFÁSICO POTÊNCIA DE 4 CV, SEM CARREGADOR - CHI DIURNO. AF_11/2014","CHI","1,79","89226","BETONEIRA CAPACIDADE NOMINAL DE 600 L, CAPACIDADE DE MISTURA 360 L, MOTOR ELÉTRICO TRIFÁSICO POTÊNCIA DE 4 CV, SEM CARREGADOR - CHI DIURNO. AF_11/2014","CHI","1,79","89226","BETONEIRA CAPACIDADE NOMINAL DE 600 L, CAPACIDADE DE MISTURA 360 L, MOTOR ELÉTRICO TRIFÁSICO POTÊNCIA DE 4 CV, SEM CARREGADOR - CHI DIURNO. AF_11/2014","CHI","1,79","89226","BETONEIRA CAPACIDADE NOMINAL DE 600 L, CAPACIDADE DE MISTURA 360 L, MOTOR ELÉTRICO TRIFÁSICO POTÊNCIA DE 4 CV, SEM CARREGADOR - CHI DIURNO. AF_11/2014","CHI","1,79","89226","BETONEIRA CAPACIDADE NOMINAL DE 600 L, CAPACIDADE DE MISTURA 360 L, MOTOR ELÉTRICO TRIFÁSICO POTÊNCIA DE 4 CV, SEM CARREGADOR - CHI DIURNO. AF_11/2014","CHI","1,79","89226","BETONEIRA CAPACIDADE NOMINAL DE 600 L, CAPACIDADE DE MISTURA 360 L, MOTOR ELÉTRICO TRIFÁSICO POTÊNCIA DE 4 CV, SEM CARREGADOR - CHI DIURNO. AF_11/2014","CHI","1,79","89226","BETONEIRA CAPACIDADE NOMINAL DE 600 L, CAPACIDADE DE MISTURA 360 L, MOTOR ELÉTRICO TRIFÁSICO POTÊNCIA DE 4 CV, SEM CARREGADOR - CHI DIURNO. AF_11/2014","CHI","1,79","89226","BETONEIRA CAPACIDADE NOMINAL DE 600 L, CAPACIDADE DE MISTURA 360 L, MOTOR ELÉTRICO TRIFÁSICO POTÊNCIA DE 4 CV, SEM CARREGADOR - CHI DIURNO. AF_11/2014","CHI","1,79","89226","BETONEIRA CAPACIDADE NOMINAL DE 600 L, CAPACIDADE DE MISTURA 360 L, MOTOR ELÉTRICO TRIFÁSICO POTÊNCIA DE 4 CV, SEM CARREGADOR - CHI DIURNO. AF_11/2014","CHI","1,79","89226","BETONEIRA CAPACIDADE NOMINAL DE 600 L, CAPACIDADE DE MISTURA 360 L, MOTOR ELÉTRICO TRIFÁSICO POTÊNCIA DE 4 CV, SEM CARREGADOR - CHI DIURNO. AF_11/2014","CHI","1,79","89226","BETONEIRA CAPACIDADE NOMINAL DE 600 L, CAPACIDADE DE MISTURA 360 L, MOTOR ELÉTRICO TRIFÁSICO POTÊNCIA DE 4 CV, SEM CARREGADOR - CHI DIURNO. AF_11/2014","CHI","1,79","89226","BETONEIRA CAPACIDADE NOMINAL DE 600 L, CAPACIDADE DE MISTURA 360 L, MOTOR ELÉTRICO TRIFÁSICO POTÊNCIA DE 4 CV, SEM CARREGADOR - CHI DIURNO. AF_11/2014","CHI","1,79","89226","BETONEIRA CAPACIDADE NOMINAL DE 600 L, CAPACIDADE DE MISTURA 360 L, MOTOR ELÉTRICO TRIFÁSICO POTÊNCIA DE 4 CV, SEM CARREGADOR - CHI DIURNO. AF_11/2014","CHI","1,79","89226","BETONEIRA CAPACIDADE NOMINAL DE 600 L, CAPACIDADE DE MISTURA 360 L, MOTOR ELÉTRICO TRIFÁSICO POTÊNCIA DE 4 CV, SEM CARREGADOR - CHI DIURNO. AF_11/2014","CHI","1,79","89226","BETONEIRA CAPACIDADE NOMINAL DE 600 L, CAPACIDADE DE MISTURA 360 L, MOTOR ELÉTRICO TRIFÁSICO POTÊNCIA DE 4 CV, SEM CARREGADOR - CHI DIURNO. AF_11/2014","CHI","1,79","89226","BETONEIRA CAPACIDADE NOMINAL DE 600 L, CAPACIDADE DE MISTURA 360 L, MOTOR ELÉTRICO TRIFÁSICO POTÊNCIA DE 4 CV, SEM CARREGADOR - CHI DIURNO. AF_11/2014","CHI","1,79","89226","BETONEIRA CAPACIDADE NOMINAL DE 600 L, CAPACIDADE DE MISTURA 360 L, MOTOR ELÉTRICO TRIFÁSICO POTÊNCIA DE 4 CV, SEM CARREGADOR - CHI DIURNO. AF_11/2014","CHI","1,79","89226","BETONEIRA CAPACIDADE NOMINAL DE 600 L, CAPACIDADE DE MISTURA 360 L, MOTOR ELÉTRICO TRIFÁSICO POTÊNCIA DE 4 CV, SEM CARREGADOR - CHI DIURNO. AF_11/2014","CHI","1,79","89226","BETONEIRA CAPACIDADE NOMINAL DE 600 L, CAPACIDADE DE MISTURA 360 L, MOTOR ELÉTRICO TRIFÁSICO POTÊNCIA DE 4 CV, SEM CARREGADOR - CHI DIURNO. AF_11/2014","CHI","1,79","89226","BETONEIRA CAPACIDADE NOMINAL DE 600 L, CAPACIDADE DE MISTURA 360 L, MOTOR ELÉTRICO TRIFÁSICO POTÊNCIA DE 4 CV, SEM CARREGADOR - CHI DIURNO. AF_11/2014","CHI","1,79","89226","BETONEIRA CAPACIDADE NOMINAL DE 600 L, CAPACIDADE DE MISTURA 360 L, MOTOR ELÉTRICO TRIFÁSICO POTÊNCIA DE 4 CV, SEM CARREGADOR - CHI DIURNO. AF_11/2014","CHI","1,79","89226","BETONEIRA CAPACIDADE NOMINAL DE 600 L, CAPACIDADE DE MISTURA 360 L, MOTOR ELÉTRICO TRIFÁSICO POTÊNCIA DE 4 CV, SEM CARREGADOR - CHI DIURNO. AF_11/2014","CHI","1,79","89226","BETONEIRA CAPACIDADE NOMINAL DE 600 L, CAPACIDADE DE MISTURA 360 L, MOTOR ELÉTRICO TRIFÁSICO POTÊNCIA DE 4 CV, SEM CARREGADOR - CHI DIURNO. AF_11/2014","CHI","1,79","89226","BETONEIRA CAPACIDADE NOMINAL DE 600 L, CAPACIDADE DE MISTURA 360 L, MOTOR ELÉTRICO TRIFÁSICO POTÊNCIA DE 4 CV, SEM CARREGADOR - CHI DIURNO. AF_11/2014","CHI","1,79","89226","BETONEIRA CAPACIDADE NOMINAL DE 600 L, CAPACIDADE DE MISTURA 360 L, MOTOR ELÉTRICO TRIFÁSICO POTÊNCIA DE 4 CV, SEM CARREGADOR - CHI DIURNO. AF_11/2014","CHI","1,79","89226","BETONEIRA CAPACIDADE NOMINAL DE 600 L, CAPACIDADE DE MISTURA 360 L, MOTOR ELÉTRICO TRIFÁSICO POTÊNCIA DE 4 CV, SEM CARREGADOR - CHI DIURNO. AF_11/2014","CHI","1,79","89226","BETONEIRA CAPACIDADE NOMINAL DE 600 L, CAPACIDADE DE MISTURA 360 L, MOTOR ELÉTRICO TRIFÁSICO POTÊNCIA DE 4 CV, SEM CARREGADOR - CHI DIURNO. AF_11/2014","CHI","1,79","89226","BETONEIRA CAPACIDADE NOMINAL DE 600 L, CAPACIDADE DE MISTURA 360 L, MOTOR ELÉTRICO TRIFÁSICO POTÊNCIA DE 4 CV, SEM CARREGADOR - CHI DIURNO. AF_11/2014","CHI","1,79","89226","BETONEIRA CAPACIDADE NOMINAL DE 600 L, CAPACIDADE DE MISTURA 360 L, MOTOR ELÉTRICO TRIFÁSICO POTÊNCIA DE 4 CV, SEM CARREGADOR - CHI DIURNO. AF_11/2014","CHI","1,79","89226","BETONEIRA CAPACIDADE NOMINAL DE 600 L, CAPACIDADE DE MISTURA 360 L, MOTOR ELÉTRICO TRIFÁSICO POTÊNCIA DE 4 CV, SEM CARREGADOR - CHI DIURNO. AF_11/2014","CHI","1,79","89226","BETONEIRA CAPACIDADE NOMINAL DE 600 L, CAPACIDADE DE MISTURA 360 L, MOTOR ELÉTRICO TRIFÁSICO POTÊNCIA DE 4 CV, SEM CARREGADOR - CHI DIURNO. AF_11/2014","CHI","1,79","89226","BETONEIRA CAPACIDADE NOMINAL DE 600 L, CAPACIDADE DE MISTURA 360 L, MOTOR ELÉTRICO TRIFÁSICO POTÊNCIA DE 4 CV, SEM CARREGADOR - CHI DIURNO. AF_11/2014","CHI","1,79","89226","BETONEIRA CAPACIDADE NOMINAL DE 600 L, CAPACIDADE DE MISTURA 360 L, MOTOR ELÉTRICO TRIFÁSICO POTÊNCIA DE 4 CV, SEM CARREGADOR - CHI DIURNO. AF_11/2014","CHI","1,79","89226","BETONEIRA CAPACIDADE NOMINAL DE 600 L, CAPACIDADE DE MISTURA 360 L, MOTOR ELÉTRICO TRIFÁSICO POTÊNCIA DE 4 CV, SEM CARREGADOR - CHI DIURNO. AF_11/2014","CHI","1,79","89226","BETONEIRA CAPACIDADE NOMINAL DE 600 L, CAPACIDADE DE MISTURA 360 L, MOTOR ELÉTRICO TRIFÁSICO POTÊNCIA DE 4 CV, SEM CARREGADOR - CHI DIURNO. AF_11/2014","CHI","1,79","89226","BETONEIRA CAPACIDADE NOMINAL DE 600 L, CAPACIDADE DE MISTURA 360 L, MOTOR ELÉTRICO TRIFÁSICO POTÊNCIA DE 4 CV, SEM CARREGADOR - CHI DIURNO. AF_11/2014","CHI","1,79","89226","BETONEIRA CAPACIDADE NOMINAL DE 600 L, CAPACIDADE DE MISTURA 360 L, MOTOR ELÉTRICO TRIFÁSICO POTÊNCIA DE 4 CV, SEM CARREGADOR - CHI DIURNO. AF_11/2014","CHI","1,79","89226","BETONEIRA CAPACIDADE NOMINAL DE 600 L, CAPACIDADE DE MISTURA 360 L, MOTOR ELÉTRICO TRIFÁSICO POTÊNCIA DE 4 CV, SEM CARREGADOR - CHI DIURNO. AF_11/2014","CHI","1,79","89226","BETONEIRA CAPACIDADE NOMINAL DE 600 L, CAPACIDADE DE MISTURA 360 L, MOTOR ELÉTRICO TRIFÁSICO POTÊNCIA DE 4 CV, SEM CARREGADOR - CHI DIURNO. AF_11/2014","CHI","1,79","89226","BETONEIRA CAPACIDADE NOMINAL DE 600 L, CAPACIDADE DE MISTURA 360 L, MOTOR ELÉTRICO TRIFÁSICO POTÊNCIA DE 4 CV, SEM CARREGADOR - CHI DIURNO. AF_11/2014","CHI","1,79","89226","BETONEIRA CAPACIDADE NOMINAL DE 600 L, CAPACIDADE DE MISTURA 360 L, MOTOR ELÉTRICO TRIFÁSICO POTÊNCIA DE 4 CV, SEM CARREGADOR - CHI DIURNO. AF_11/2014","CHI","1,79"]
[95703,"PERFURATRIZ MANUAL, TORQUE MAXIMO 55 KGF.M, POTENCIA 5 CV, COM DIAMETRO MAXIMO 8 1/2\" - CHI DIURNO. AF_11/2016","CHI",31.02,"95703","PERFURATRIZ MANUAL, TORQUE MAXIMO 55 KGF.M, POTENCIA 5 CV, COM DIAMETRO MAXIMO 8 1/2\" - CHI DIURNO. AF_11/2016","CHI","31,02","95703","PERFURATRIZ MANUAL, TORQUE MAXIMO 55 KGF.M, POTENCIA 5 CV, COM DIAMETRO MAXIMO 8 1/2\" - CHI DIURNO. AF_11/2016","CHI","31,02","95703","PERFURATRIZ MANUAL, TORQUE MAXIMO 55 KGF.M, POTENCIA 5 CV, COM DIAMETRO MAXIMO 8 1/2\" - CHI DIURNO. AF_11/2016","CHI","31,02","95703","PERFURATRIZ MANUAL, TORQUE MAXIMO 55 KGF.M, POTENCIA 5 CV, COM DIAMETRO MAXIMO 8 1/2\" - CHI DIURNO. AF_11/2016","CHI","31,02","95703","PERFURATRIZ MANUAL, TORQUE MAXIMO 55 KGF.M, POTENCIA 5 CV, COM DIAMETRO MAXIMO 8 1/2\" - CHI DIURNO. AF_11/2016","CHI","31,02","95703","PERFURATRIZ MANUAL, TORQUE MAXIMO 55 KGF.M, POTENCIA 5 CV, COM DIAMETRO MAXIMO 8 1/2\" - CHI DIURNO. AF_11/2016","CHI","31,02","95703","PERFURATRIZ MANUAL, TORQUE MAXIMO 55 KGF.M, POTENCIA 5 CV, COM DIAMETRO MAXIMO 8 1/2\" - CHI DIURNO. AF_11/2016","CHI","31,02","95703","PERFURATRIZ MANUAL, TORQUE MAXIMO 55 KGF.M, POTENCIA 5 CV, COM DIAMETRO MAXIMO 8 1/2\" - CHI DIURNO. AF_11/2016","CHI","31,02","95703","PERFURATRIZ MANUAL, TORQUE MAXIMO 55 KGF.M, POTENCIA 5 CV, COM DIAMETRO MAXIMO 8 1/2\" - CHI DIURNO. AF_11/2016","CHI","31,02","95703","PERFURATRIZ MANUAL, TORQUE MAXIMO 55 KGF.M, POTENCIA 5 CV, COM DIAMETRO MAXIMO 8 1/2\" - CHI DIURNO. AF_11/2016","CHI","31,02","95703","PERFURATRIZ MANUAL, TORQUE MAXIMO 55 KGF.M, POTENCIA 5 CV, COM DIAMETRO MAXIMO 8 1/2\" - CHI DIURNO. AF_11/2016","CHI","31,02","95703","PERFURATRIZ MANUAL, TORQUE MAXIMO 55 KGF.M, POTENCIA 5 CV, COM DIAMETRO MAXIMO 8 1/2\" - CHI DIURNO. AF_11/2016","CHI","31,02","95703","PERFURATRIZ MANUAL, TORQUE MAXIMO 55 KGF.M, POTENCIA 5 CV, COM DIAMETRO MAXIMO 8 1/2\" - CHI DIURNO. AF_11/2016","CHI","31,02","95703","PERFURATRIZ MANUAL, TORQUE MAXIMO 55 KGF.M, POTENCIA 5 CV, COM DIAMETRO MAXIMO 8 1/2\" - CHI DIURNO. AF_11/2016","CHI","31,02","95703","PERFURATRIZ MANUAL, TORQUE MAXIMO 55 KGF.M, POTENCIA 5 CV, COM DIAMETRO MAXIMO 8 1/2\" - CHI DIURNO. AF_11/2016","CHI","31,02","95703","PERFURATRIZ MANUAL, TORQUE MAXIMO 55 KGF.M, POTENCIA 5 CV, COM DIAMETRO MAXIMO 8 1/2\" - CHI DIURNO. AF_11/2016","CHI","31,02","95703","PERFURATRIZ MANUAL, TORQUE MAXIMO 55 KGF.M, POTENCIA 5 CV, COM DIAMETRO MAXIMO 8 1/2\" - CHI DIURNO. AF_11/2016","CHI","31,02","95703","PERFURATRIZ MANUAL, TORQUE MAXIMO 55 KGF.M, POTENCIA 5 CV, COM DIAMETRO MAXIMO 8 1/2\" - CHI DIURNO. AF_11/2016","CHI","31,02","95703","PERFURATRIZ MANUAL, TORQUE MAXIMO 55 KGF.M, POTENCIA 5 CV, COM DIAMETRO MAXIMO 8 1/2\" - CHI DIURNO. AF_11/2016","CHI","31,02","95703","PERFURATRIZ MANUAL, TORQUE MAXIMO 55 KGF.M, POTENCIA 5 CV, COM DIAMETRO MAXIMO 8 1/2\" - CHI DIURNO. AF_11/2016","CHI","31,02","95703","PERFURATRIZ MANUAL, TORQUE MAXIMO 55 KGF.M, POTENCIA 5 CV, COM DIAMETRO MAXIMO 8 1/2\" - CHI DIURNO. AF_11/2016","CHI","31,02","95703","PERFURATRIZ MANUAL, TORQUE MAXIMO 55 KGF.M, POTENCIA 5 CV, COM DIAMETRO MAXIMO 8 1/2\" - CHI DIURNO. AF_11/2016","CHI","31,02","95703","PERFURATRIZ MANUAL, TORQUE MAXIMO 55 KGF.M, POTENCIA 5 CV, COM DIAMETRO MAXIMO 8 1/2\" - CHI DIURNO. AF_11/2016","CHI","31,02","95703","PERFURATRIZ MANUAL, TORQUE MAXIMO 55 KGF.M, POTENCIA 5 CV, COM DIAMETRO MAXIMO 8 1/2\" - CHI DIURNO. AF_11/2016","CHI","31,02","95703","PERFURATRIZ MANUAL, TORQUE MAXIMO 55 KGF.M, POTENCIA 5 CV, COM DIAMETRO MAXIMO 8 1/2\" - CHI DIURNO. AF_11/2016","CHI","31,02","95703","PERFURATRIZ MANUAL, TORQUE MAXIMO 55 KGF.M, POTENCIA 5 CV, COM DIAMETRO MAXIMO 8 1/2\" - CHI DIURNO. AF_11/2016","CHI","31,02","95703","PERFURATRIZ MANUAL, TORQUE MAXIMO 55 KGF.M, POTENCIA 5 CV, COM DIAMETRO MAXIMO 8 1/2\" - CHI DIURNO. AF_11/2016","CHI","31,02","95703","PERFURATRIZ MANUAL, TORQUE MAXIMO 55 KGF.M, POTENCIA 5 CV, COM DIAMETRO MAXIMO 8 1/2\" - CHI DIURNO. AF_11/2016","CHI","31,02","95703","PERFURATRIZ MANUAL, TORQUE MAXIMO 55 KGF.M, POTENCIA 5 CV, COM DIAMETRO MAXIMO 8 1/2\" - CHI DIURNO. AF_11/2016","CHI","31,02","95703","PERFURATRIZ MANUAL, TORQUE MAXIMO 55 KGF.M, POTENCIA 5 CV, COM DIAMETRO MAXIMO 8 1/2\" - CHI DIURNO. AF_11/2016","CHI","31,02","95703","PERFURATRIZ MANUAL, TORQUE MAXIMO 55 KGF.M, POTENCIA 5 CV, COM DIAMETRO MAXIMO 8 1/2\" - CHI DIURNO. AF_11/2016","CHI","31,02","95703","PERFURATRIZ MANUAL, TORQUE MAXIMO 55 KGF.M, POTENCIA 5 CV, COM DIAMETRO MAXIMO 8 1/2\" - CHI DIURNO. AF_11/2016","CHI","31,02","95703","PERFURATRIZ MANUAL, TORQUE MAXIMO 55 KGF.M, POTENCIA 5 CV, COM DIAMETRO MAXIMO 8 1/2\" - CHI DIURNO. AF_11/2016","CHI","31,02","95703","PERFURATRIZ MANUAL, TORQUE MAXIMO 55 KGF.M, POTENCIA 5 CV, COM DIAMETRO MAXIMO 8 1/2\" - CHI DIURNO. AF_11/2016","CHI","31,02","95703","PERFURATRIZ MANUAL, TORQUE MAXIMO 55 KGF.M, POTENCIA 5 CV, COM DIAMETRO MAXIMO 8 1/2\" - CHI DIURNO. AF_11/2016","CHI","31,02","95703","PERFURATRIZ MANUAL, TORQUE MAXIMO 55 KGF.M, POTENCIA 5 CV, COM DIAMETRO MAXIMO 8 1/2\" - CHI DIURNO. AF_11/2016","CHI","31,02","95703","PERFURATRIZ MANUAL, TORQUE MAXIMO 55 KGF.M, POTENCIA 5 CV, COM DIAMETRO MAXIMO 8 1/2\" - CHI DIURNO. AF_11/2016","CHI","31,02","95703","PERFURATRIZ MANUAL, TORQUE MAXIMO 55 KGF.M, POTENCIA 5 CV, COM DIAMETRO MAXIMO 8 1/2\" - CHI DIURNO. AF_11/2016","CHI","31,02","95703","PERFURATRIZ MANUAL, TORQUE MAXIMO 55 KGF.M, POTENCIA 5 CV, COM DIAMETRO MAXIMO 8 1/2\" - CHI DIURNO. AF_11/2016","CHI","31,02","95703","PERFURATRIZ MANUAL, TORQUE MAXIMO 55 KGF.M, POTENCIA 5 CV, COM DIAMETRO MAXIMO 8 1/2\" - CHI DIURNO. AF_11/2016","CHI","31,02","95703","PERFURATRIZ MANUAL, TORQUE MAXIMO 55 KGF.M, POTENCIA 5 CV, COM DIAMETRO MAXIMO 8 1/2\" - CHI DIURNO. AF_11/2016","CHI","31,02","95703","PERFURATRIZ MANUAL, TORQUE MAXIMO 55 KGF.M, POTENCIA 5 CV, COM DIAMETRO MAXIMO 8 1/2\" - CHI DIURNO. AF_11/2016","CHI","31,02","95703","PERFURATRIZ MANUAL, TORQUE MAXIMO 55 KGF.M, POTENCIA 5 CV, COM DIAMETRO MAXIMO 8 1/2\" - CHI DIURNO. AF_11/2016","CHI","31,02","95703","PERFURATRIZ MANUAL, TORQUE MAXIMO 55 KGF.M, POTENCIA 5 CV, COM DIAMETRO MAXIMO 8 1/2\" - CHI DIURNO. AF_11/2016","CHI","31,02","95703","PERFURATRIZ MANUAL, TORQUE MAXIMO 55 KGF.M, POTENCIA 5 CV, COM DIAMETRO MAXIMO 8 1/2\" - CHI DIURNO. AF_11/2016","CHI","31,02","95703","PERFURATRIZ MANUAL, TORQUE MAXIMO 55 KGF.M, POTENCIA 5 CV, COM DIAMETRO MAXIMO 8 1/2\" - CHI DIURNO. AF_11/2016","CHI","31,02","95703","PERFURATRIZ MANUAL, TORQUE MAXIMO 55 KGF.M, POTENCIA 5 CV, COM DIAMETRO MAXIMO 8 1/2\" - CHI DIURNO. AF_11/2016","CHI","31,02","95703","PERFURATRIZ MANUAL, TORQUE MAXIMO 55 KGF.M, POTENCIA 5 CV, COM DIAMETRO MAXIMO 8 1/2\" - CHI DIURNO. AF_11/2016","CHI","31,02","95703","PERFURATRIZ MANUAL, TORQUE MAXIMO 55 KGF.M, POTENCIA 5 CV, COM DIAMETRO MAXIMO 8 1/2\" - CHI DIURNO. AF_11/2016","CHI","31,02","95703","PERFURATRIZ MANUAL, TORQUE MAXIMO 55 KGF.M, POTENCIA 5 CV, COM DIAMETRO MAXIMO 8 1/2\" - CHI DIURNO. AF_11/2016","CHI","31,02","95703","PERFURATRIZ MANUAL, TORQUE MAXIMO 55 KGF.M, POTENCIA 5 CV, COM DIAMETRO MAXIMO 8 1/2\" - CHI DIURNO. AF_11/2016","CHI","31,02","95703","PERFURATRIZ MANUAL, TORQUE MAXIMO 55 KGF.M, POTENCIA 5 CV, COM DIAMETRO MAXIMO 8 1/2\" - CHI DIURNO. AF_11/2016","CHI","31,02","95703","PERFURATRIZ MANUAL, TORQUE MAXIMO 55 KGF.M, POTENCIA 5 CV, COM DIAMETRO MAXIMO 8 1/2\" - CHI DIURNO. AF_11/2016","CHI","31,02","95703","PERFURATRIZ MANUAL, TORQUE MAXIMO 55 KGF.M, POTENCIA 5 CV, COM DIAMETRO MAXIMO 8 1/2\" - CHI DIURNO. AF_11/2016","CHI","31,02","95703","PERFURATRIZ MANUAL, TORQUE MAXIMO 55 KGF.M, POTENCIA 5 CV, COM DIAMETRO MAXIMO 8 1/2\" - CHI DIURNO. AF_11/2016","CHI","31,02","95703","PERFURATRIZ MANUAL, TORQUE MAXIMO 55 KGF.M, POTENCIA 5 CV, COM DIAMETRO MAXIMO 8 1/2\" - CHI DIURNO. AF_11/2016","CHI","31,02","95703","PERFURATRIZ MANUAL, TORQUE MAXIMO 55 KGF.M, POTENCIA 5 CV, COM DIAMETRO MAXIMO 8 1/2\" - CHI DIURNO. AF_11/2016","CHI","31,02","95703","PERFURATRIZ MANUAL, TORQUE MAXIMO 55 KGF.M, POTENCIA 5 CV, COM DIAMETRO MAXIMO 8 1/2\" - CHI DIURNO. AF_11/2016","CHI","31,02","95703","PERFURATRIZ MANUAL, TORQUE MAXIMO 55 KGF.M, POTENCIA 5 CV, COM DIAMETRO MAXIMO 8 1/2\" - CHI DIURNO. AF_11/2016","CHI","31,02","95703","PERFURATRIZ MANUAL, TORQUE MAXIMO 55 KGF.M, POTENCIA 5 CV, COM DIAMETRO MAXIMO 8 1/2\" - CHI DIURNO. AF_11/2016","CHI","31,02","95703","PERFURATRIZ MANUAL, TORQUE MAXIMO 55 KGF.M, POTENCIA 5 CV, COM DIAMETRO MAXIMO 8 1/2\" - CHI DIURNO. AF_11/2016","CHI","31,02","95703","PERFURATRIZ MANUAL, TORQUE MAXIMO 55 KGF.M, POTENCIA 5 CV, COM DIAMETRO MAXIMO 8 1/2\" - CHI DIURNO. AF_11/2016","CHI","31,02","95703","PERFURATRIZ MANUAL, TORQUE MAXIMO 55 KGF.M, POTENCIA 5 CV, COM DIAMETRO MAXIMO 8 1/2\" - CHI DIURNO. AF_11/2016","CHI","31,02"]
[96464,"ROLO COMPACTADOR DE PNEUS, ESTATICO, PRESSAO VARIAVEL, POTENCIA 110 HP, PESO SEM/COM LASTRO 10,8/27 T, LARGURA DE ROLAGEM 2,30 M - CHI DIURNO. AF_06/2017","CHI",70.58,"96464","ROLO COMPACTADOR DE PNEUS, ESTATICO, PRESSAO VARIAVEL, POTENCIA 110 HP, PESO SEM/COM LASTRO 10,8/27 T, LARGURA DE ROLAGEM 2,30 M - CHI DIURNO. AF_06/2017","CHI","70,58","96464","ROLO COMPACTADOR DE PNEUS, ESTATICO, PRESSAO VARIAVEL, POTENCIA 110 HP, PESO SEM/COM LASTRO 10,8/27 T, LARGURA DE ROLAGEM 2,30 M - CHI DIURNO. AF_06/2017","CHI","70,58","96464","ROLO COMPACTADOR DE PNEUS, ESTATICO, PRESSAO VARIAVEL, POTENCIA 110 HP, PESO SEM/COM LASTRO 10,8/27 T, LARGURA DE ROLAGEM 2,30 M - CHI DIURNO. AF_06/2017","CHI","70,58","96464","ROLO COMPACTADOR DE PNEUS, ESTATICO, PRESSAO VARIAVEL, POTENCIA 110 HP, PESO SEM/COM LASTRO 10,8/27 T, LARGURA DE ROLAGEM 2,30 M - CHI DIURNO. AF_06/2017","CHI","70,58","96464","ROLO COMPACTADOR DE PNEUS, ESTATICO, PRESSAO VARIAVEL, POTENCIA 110 HP, PESO SEM/COM LASTRO 10,8/27 T, LARGURA DE ROLAGEM 2,30 M - CHI DIURNO. AF_06/2017","CHI","70,58","96464","ROLO COMPACTADOR DE PNEUS, ESTATICO, PRESSAO VARIAVEL, POTENCIA 110 HP, PESO SEM/COM LASTRO 10,8/27 T, LARGURA DE ROLAGEM 2,30 M - CHI DIURNO. AF_06/2017","CHI","70,58","96464","ROLO COMPACTADOR DE PNEUS, ESTATICO, PRESSAO VARIAVEL, POTENCIA 110 HP, PESO SEM/COM LASTRO 10,8/27 T, LARGURA DE ROLAGEM 2,30 M - CHI DIURNO. AF_06/2017","CHI","70,58","96464","ROLO COMPACTADOR DE PNEUS, ESTATICO, PRESSAO VARIAVEL, POTENCIA 110 HP, PESO SEM/COM LASTRO 10,8/27 T, LARGURA DE ROLAGEM 2,30 M - CHI DIURNO. AF_06/2017","CHI","70,58","96464","ROLO COMPACTADOR DE PNEUS, ESTATICO, PRESSAO VARIAVEL, POTENCIA 110 HP, PESO SEM/COM LASTRO 10,8/27 T, LARGURA DE ROLAGEM 2,30 M - CHI DIURNO. AF_06/2017","CHI","70,58","96464","ROLO COMPACTADOR DE PNEUS, ESTATICO, PRESSAO VARIAVEL, POTENCIA 110 HP, PESO SEM/COM LASTRO 10,8/27 T, LARGURA DE ROLAGEM 2,30 M - CHI DIURNO. AF_06/2017","CHI","70,58","96464","ROLO COMPACTADOR DE PNEUS, ESTATICO, PRESSAO VARIAVEL, POTENCIA 110 HP, PESO SEM/COM LASTRO 10,8/27 T, LARGURA DE ROLAGEM 2,30 M - CHI DIURNO. AF_06/2017","CHI","70,58","96464","ROLO COMPACTADOR DE PNEUS, ESTATICO, PRESSAO VARIAVEL, POTENCIA 110 HP, PESO SEM/COM LASTRO 10,8/27 T, LARGURA DE ROLAGEM 2,30 M - CHI DIURNO. AF_06/2017","CHI","70,58","96464","ROLO COMPACTADOR DE PNEUS, ESTATICO, PRESSAO VARIAVEL, POTENCIA 110 HP, PESO SEM/COM LASTRO 10,8/27 T, LARGURA DE ROLAGEM 2,30 M - CHI DIURNO. AF_06/2017","CHI","70,58","96464","ROLO COMPACTADOR DE PNEUS, ESTATICO, PRESSAO VARIAVEL, POTENCIA 110 HP, PESO SEM/COM LASTRO 10,8/27 T, LARGURA DE ROLAGEM 2,30 M - CHI DIURNO. AF_06/2017","CHI","70,58","96464","ROLO COMPACTADOR DE PNEUS, ESTATICO, PRESSAO VARIAVEL, POTENCIA 110 HP, PESO SEM/COM LASTRO 10,8/27 T, LARGURA DE ROLAGEM 2,30 M - CHI DIURNO. AF_06/2017","CHI","70,58","96464","ROLO COMPACTADOR DE PNEUS, ESTATICO, PRESSAO VARIAVEL, POTENCIA 110 HP, PESO SEM/COM LASTRO 10,8/27 T, LARGURA DE ROLAGEM 2,30 M - CHI DIURNO. AF_06/2017","CHI","70,58","96464","ROLO COMPACTADOR DE PNEUS, ESTATICO, PRESSAO VARIAVEL, POTENCIA 110 HP, PESO SEM/COM LASTRO 10,8/27 T, LARGURA DE ROLAGEM 2,30 M - CHI DIURNO. AF_06/2017","CHI","70,58","96464","ROLO COMPACTADOR DE PNEUS, ESTATICO, PRESSAO VARIAVEL, POTENCIA 110 HP, PESO SEM/COM LASTRO 10,8/27 T, LARGURA DE ROLAGEM 2,30 M - CHI DIURNO. AF_06/2017","CHI","70,58","96464","ROLO COMPACTADOR DE PNEUS, ESTATICO, PRESSAO VARIAVEL, POTENCIA 110 HP, PESO SEM/COM LASTRO 10,8/27 T, LARGURA DE ROLAGEM 2,30 M - CHI DIURNO. AF_06/2017","CHI","70,58","96464","ROLO COMPACTADOR DE PNEUS, ESTATICO, PRESSAO VARIAVEL, POTENCIA 110 HP, PESO SEM/COM LASTRO 10,8/27 T, LARGURA DE ROLAGEM 2,30 M - CHI DIURNO. AF_06/2017","CHI","70,58","96464","ROLO COMPACTADOR DE PNEUS, ESTATICO, PRESSAO VARIAVEL, POTENCIA 110 HP, PESO SEM/COM LASTRO 10,8/27 T, LARGURA DE ROLAGEM 2,30 M - CHI DIURNO. AF_06/2017","CHI","70,58","96464","ROLO COMPACTADOR DE PNEUS, ESTATICO, PRESSAO VARIAVEL, POTENCIA 110 HP, PESO SEM/COM LASTRO 10,8/27 T, LARGURA DE ROLAGEM 2,30 M - CHI DIURNO. AF_06/2017","CHI","70,58","96464","ROLO COMPACTADOR DE PNEUS, ESTATICO, PRESSAO VARIAVEL, POTENCIA 110 HP, PESO SEM/COM LASTRO 10,8/27 T, LARGURA DE ROLAGEM 2,30 M - CHI DIURNO. AF_06/2017","CHI","70,58","96464","ROLO COMPACTADOR DE PNEUS, ESTATICO, PRESSAO VARIAVEL, POTENCIA 110 HP, PESO SEM/COM LASTRO 10,8/27 T, LARGURA DE ROLAGEM 2,30 M - CHI DIURNO. AF_06/2017","CHI","70,58","96464","ROLO COMPACTADOR DE PNEUS, ESTATICO, PRESSAO VARIAVEL, POTENCIA 110 HP, PESO SEM/COM LASTRO 10,8/27 T, LARGURA DE ROLAGEM 2,30 M - CHI DIURNO. AF_06/2017","CHI","70,58","96464","ROLO COMPACTADOR DE PNEUS, ESTATICO, PRESSAO VARIAVEL, POTENCIA 110 HP, PESO SEM/COM LASTRO 10,8/27 T, LARGURA DE ROLAGEM 2,30 M - CHI DIURNO. AF_06/2017","CHI","70,58","96464","ROLO COMPACTADOR DE PNEUS, ESTATICO, PRESSAO VARIAVEL, POTENCIA 110 HP, PESO SEM/COM LASTRO 10,8/27 T, LARGURA DE ROLAGEM 2,30 M - CHI DIURNO. AF_06/2017","CHI","70,58","96464","ROLO COMPACTADOR DE PNEUS, ESTATICO, PRESSAO VARIAVEL, POTENCIA 110 HP, PESO SEM/COM LASTRO 10,8/27 T, LARGURA DE ROLAGEM 2,30 M - CHI DIURNO. AF_06/2017","CHI","70,58","96464","ROLO COMPACTADOR DE PNEUS, ESTATICO, PRESSAO VARIAVEL, POTENCIA 110 HP, PESO SEM/COM LASTRO 10,8/27 T, LARGURA DE ROLAGEM 2,30 M - CHI DIURNO. AF_06/2017","CHI","70,58","96464","ROLO COMPACTADOR DE PNEUS, ESTATICO, PRESSAO VARIAVEL, POTENCIA 110 HP, PESO SEM/COM LASTRO 10,8/27 T, LARGURA DE ROLAGEM 2,30 M - CHI DIURNO. AF_06/2017","CHI","70,58","96464","ROLO COMPACTADOR DE PNEUS, ESTATICO, PRESSAO VARIAVEL, POTENCIA 110 HP, PESO SEM/COM LASTRO 10,8/27 T, LARGURA DE ROLAGEM 2,30 M - CHI DIURNO. AF_06/2017","CHI","70,58","96464","ROLO COMPACTADOR DE PNEUS, ESTATICO, PRESSAO VARIAVEL, POTENCIA 110 HP, PESO SEM/COM LASTRO 10,8/27 T, LARGURA DE ROLAGEM 2,30 M - CHI DIURNO. AF_06/2017","CHI","70,58","96464","ROLO COMPACTADOR DE PNEUS, ESTATICO, PRESSAO VARIAVEL, POTENCIA 110 HP, PESO SEM/COM LASTRO 10,8/27 T, LARGURA DE ROLAGEM 2,30 M - CHI DIURNO. AF_06/2017","CHI","70,58","96464","ROLO COMPACTADOR DE PNEUS, ESTATICO, PRESSAO VARIAVEL, POTENCIA 110 HP, PESO SEM/COM LASTRO 10,8/27 T, LARGURA DE ROLAGEM 2,30 M - CHI DIURNO. AF_06/2017","CHI","70,58","96464","ROLO COMPACTADOR DE PNEUS, ESTATICO, PRESSAO VARIAVEL, POTENCIA 110 HP, PESO SEM/COM LASTRO 10,8/27 T, LARGURA DE ROLAGEM 2,30 M - CHI DIURNO. AF_06/2017","CHI","70,58","96464","ROLO COMPACTADOR DE PNEUS, ESTATICO, PRESSAO VARIAVEL, POTENCIA 110 HP, PESO SEM/COM LASTRO 10,8/27 T, LARGURA DE ROLAGEM 2,30 M - CHI DIURNO. AF_06/2017","CHI","70,58","96464","ROLO COMPACTADOR DE PNEUS, ESTATICO, PRESSAO VARIAVEL, POTENCIA 110 HP, PESO SEM/COM LASTRO 10,8/27 T, LARGURA DE ROLAGEM 2,30 M - CHI DIURNO. AF_06/2017","CHI","70,58","96464","ROLO COMPACTADOR DE PNEUS, ESTATICO, PRESSAO VARIAVEL, POTENCIA 110 HP, PESO SEM/COM LASTRO 10,8/27 T, LARGURA DE ROLAGEM 2,30 M - CHI DIURNO. AF_06/2017","CHI","70,58","96464","ROLO COMPACTADOR DE PNEUS, ESTATICO, PRESSAO VARIAVEL, POTENCIA 110 HP, PESO SEM/COM LASTRO 10,8/27 T, LARGURA DE ROLAGEM 2,30 M - CHI DIURNO. AF_06/2017","CHI","70,58","96464","ROLO COMPACTADOR DE PNEUS, ESTATICO, PRESSAO VARIAVEL, POTENCIA 110 HP, PESO SEM/COM LASTRO 10,8/27 T, LARGURA DE ROLAGEM 2,30 M - CHI DIURNO. AF_06/2017","CHI","70,58","96464","ROLO COMPACTADOR DE PNEUS, ESTATICO, PRESSAO VARIAVEL, POTENCIA 110 HP, PESO SEM/COM LASTRO 10,8/27 T, LARGURA DE ROLAGEM 2,30 M - CHI DIURNO. AF_06/2017","CHI","70,58","96464","ROLO COMPACTADOR DE PNEUS, ESTATICO, PRESSAO VARIAVEL, POTENCIA 110 HP, PESO SEM/COM LASTRO 10,8/27 T, LARGURA DE ROLAGEM 2,30 M - CHI DIURNO. AF_06/2017","CHI","70,58","96464","ROLO COMPACTADOR DE PNEUS, ESTATICO, PRESSAO VARIAVEL, POTENCIA 110 HP, PESO SEM/COM LASTRO 10,8/27 T, LARGURA DE ROLAGEM 2,30 M - CHI DIURNO. AF_06/2017","CHI","70,58","96464","ROLO COMPACTADOR DE PNEUS, ESTATICO, PRESSAO VARIAVEL, POTENCIA 110 HP, PESO SEM/COM LASTRO 10,8/27 T, LARGURA DE ROLAGEM 2,30 M - CHI DIURNO. AF_06/2017","CHI","70,58","96464","ROLO COMPACTADOR DE PNEUS, ESTATICO, PRESSAO VARIAVEL, POTENCIA 110 HP, PESO SEM/COM LASTRO 10,8/27 T, LARGURA DE ROLAGEM 2,30 M - CHI DIURNO. AF_06/2017","CHI","70,58","96464","ROLO COMPACTADOR DE PNEUS, ESTATICO, PRESSAO VARIAVEL, POTENCIA 110 HP, PESO SEM/COM LASTRO 10,8/27 T, LARGURA DE ROLAGEM 2,30 M - CHI DIURNO. AF_06/2017","CHI","70,58","96464","ROLO COMPACTADOR DE PNEUS, ESTATICO, PRESSAO VARIAVEL, POTENCIA 110 HP, PESO SEM/COM LASTRO 10,8/27 T, LARGURA DE ROLAGEM 2,30 M - CHI DIURNO. AF_06/2017","CHI","70,58","96464","ROLO COMPACTADOR DE PNEUS, ESTATICO, PRESSAO VARIAVEL, POTENCIA 110 HP, PESO SEM/COM LASTRO 10,8/27 T, LARGURA DE ROLAGEM 2,30 M - CHI DIURNO. AF_06/2017","CHI","70,58","96464","ROLO COMPACTADOR DE PNEUS, ESTATICO, PRESSAO VARIAVEL, POTENCIA 110 HP, PESO SEM/COM LASTRO 10,8/27 T, LARGURA DE ROLAGEM 2,30 M - CHI DIURNO. AF_06/2017","CHI","70,58","96464","ROLO COMPACTADOR DE PNEUS, ESTATICO, PRESSAO VARIAVEL, POTENCIA 110 HP, PESO SEM/COM LASTRO 10,8/27 T, LARGURA DE ROLAGEM 2,30 M - CHI DIURNO. AF_06/2017","CHI","70,58","96464","ROLO COMPACTADOR DE PNEUS, ESTATICO, PRESSAO VARIAVEL, POTENCIA 110 HP, PESO SEM/COM LASTRO 10,8/27 T, LARGURA DE ROLAGEM 2,30 M - CHI DIURNO. AF_06/2017","CHI","70,58","96464","ROLO COMPACTADOR DE PNEUS, ESTATICO, PRESSAO VARIAVEL, POTENCIA 110 HP, PESO SEM/COM LASTRO 10,8/27 T, LARGURA DE ROLAGEM 2,30 M - CHI DIURNO. AF_06/2017","CHI","70,58","96464","ROLO COMPACTADOR DE PNEUS, ESTATICO, PRESSAO VARIAVEL, POTENCIA 110 HP, PESO SEM/COM LASTRO 10,8/27 T, LARGURA DE ROLAGEM 2,30 M - CHI DIURNO. AF_06/2017","CHI","70,58","96464","ROLO COMPACTADOR DE PNEUS, ESTATICO, PRESSAO VARIAVEL, POTENCIA 110 HP, PESO SEM/COM LASTRO 10,8/27 T, LARGURA DE ROLAGEM 2,30 M - CHI DIURNO. AF_06/2017","CHI","70,58","96464","ROLO COMPACTADOR DE PNEUS, ESTATICO, PRESSAO VARIAVEL, POTENCIA 110 HP, PESO SEM/COM LASTRO 10,8/27 T, LARGURA DE ROLAGEM 2,30 M - CHI DIURNO. AF_06/2017","CHI","70,58","96464","ROLO COMPACTADOR DE PNEUS, ESTATICO, PRESSAO VARIAVEL, POTENCIA 110 HP, PESO SEM/COM LASTRO 10,8/27 T, LARGURA DE ROLAGEM 2,30 M - CHI DIURNO. AF_06/2017","CHI","70,58","96464","ROLO COMPACTADOR DE PNEUS, ESTATICO, PRESSAO VARIAVEL, POTENCIA 110 HP, PESO SEM/COM LASTRO 10,8/27 T, LARGURA DE ROLAGEM 2,30 M - CHI DIURNO. AF_06/2017","CHI","70,58","96464","ROLO COMPACTADOR DE PNEUS, ESTATICO, PRESSAO VARIAVEL, POTENCIA 110 HP, PESO SEM/COM LASTRO 10,8/27 T, LARGURA DE ROLAGEM 2,30 M - CHI DIURNO. AF_06/2017","CHI","70,58","96464","ROLO COMPACTADOR DE PNEUS, ESTATICO, PRESSAO VARIAVEL, POTENCIA 110 HP, PESO SEM/COM LASTRO 10,8/27 T, LARGURA DE ROLAGEM 2,30 M - CHI DIURNO. AF_06/2017","CHI","70,58","96464","ROLO COMPACTADOR DE PNEUS, ESTATICO, PRESSAO VARIAVEL, POTENCIA 110 HP, PESO SEM/COM LASTRO 10,8/27 T, LARGURA DE ROLAGEM 2,30 M - CHI DIURNO. AF_06/2017","CHI","70,58","96464","ROLO COMPACTADOR DE PNEUS, ESTATICO, PRESSAO VARIAVEL, POTENCIA 110 HP, PESO SEM/COM LASTRO 10,8/27 T, LARGURA DE ROLAGEM 2,30 M - CHI DIURNO. AF_06/2017","CHI","70,58","96464","ROLO COMPACTADOR DE PNEUS, ESTATICO, PRESSAO VARIAVEL, POTENCIA 110 HP, PESO SEM/COM LASTRO 10,8/27 T, LARGURA DE ROLAGEM 2,30 M - CHI DIURNO. AF_06/2017","CHI","70,58","96464","ROLO COMPACTADOR DE PNEUS, ESTATICO, PRESSAO VARIAVEL, POTENCIA 110 HP, PESO SEM/COM LASTRO 10,8/27 T, LARGURA DE ROLAGEM 2,30 M - CHI DIURNO. AF_06/2017","CHI","70,58"]
[53817,"TRATOR DE ESTEIRAS, POTÊNCIA 100 HP, PESO OPERACIONAL 9,4 T, COM LÂMINA 2,19 M3 - MATERIAIS NA OPERAÇÃO. AF_06/2014","H",58.67,"53817","TRATOR DE ESTEIRAS, POTÊNCIA 100 HP, PESO OPERACIONAL 9,4 T, COM LÂMINA 2,19 M3 - MATERIAIS NA OPERAÇÃO. AF_06/2014","H","58,67","53817","TRATOR DE ESTEIRAS, POTÊNCIA 100 HP, PESO OPERACIONAL 9,4 T, COM LÂMINA 2,19 M3 - MATERIAIS NA OPERAÇÃO. AF_06/2014","H","58,67","53817","TRATOR DE ESTEIRAS, POTÊNCIA 100 HP, PESO OPERACIONAL 9,4 T, COM LÂMINA 2,19 M3 - MATERIAIS NA OPERAÇÃO. AF_06/2014","H","58,67","53817","TRATOR DE ESTEIRAS, POTÊNCIA 100 HP, PESO OPERACIONAL 9,4 T, COM LÂMINA 2,19 M3 - MATERIAIS NA OPERAÇÃO. AF_06/2014","H","58,67","53817","TRATOR DE ESTEIRAS, POTÊNCIA 100 HP, PESO OPERACIONAL 9,4 T, COM LÂMINA 2,19 M3 - MATERIAIS NA OPERAÇÃO. AF_06/2014","H","58,67","53817","TRATOR DE ESTEIRAS, POTÊNCIA 100 HP, PESO OPERACIONAL 9,4 T, COM LÂMINA 2,19 M3 - MATERIAIS NA OPERAÇÃO. AF_06/2014","H","58,67","53817","TRATOR DE ESTEIRAS, POTÊNCIA 100 HP, PESO OPERACIONAL 9,4 T, COM LÂMINA 2,19 M3 - MATERIAIS NA OPERAÇÃO. AF_06/2014","H","58,67","53817","TRATOR DE ESTEIRAS, POTÊNCIA 100 HP, PESO OPERACIONAL 9,4 T, COM LÂMINA 2,19 M3 - MATERIAIS NA OPERAÇÃO. AF_06/2014","H","58,67","53817","TRATOR DE ESTEIRAS, POTÊNCIA 100 HP, PESO OPERACIONAL 9,4 T, COM LÂMINA 2,19 M3 - MATERIAIS NA OPERAÇÃO. AF_06/2014","H","58,67","53817","TRATOR DE ESTEIRAS, POTÊNCIA 100 HP, PESO OPERACIONAL 9,4 T, COM LÂMINA 2,19 M3 - MATERIAIS NA OPERAÇÃO. AF_06/2014","H","58,67","53817","TRATOR DE ESTEIRAS, POTÊNCIA 100 HP, PESO OPERACIONAL 9,4 T, COM LÂMINA 2,19 M3 - MATERIAIS NA OPERAÇÃO. AF_06/2014","H","58,67","53817","TRATOR DE ESTEIRAS, POTÊNCIA 100 HP, PESO OPERACIONAL 9,4 T, COM LÂMINA 2,19 M3 - MATERIAIS NA OPERAÇÃO. AF_06/2014","H","58,67","53817","TRATOR DE ESTEIRAS, POTÊNCIA 100 HP, PESO OPERACIONAL 9,4 T, COM LÂMINA 2,19 M3 - MATERIAIS NA OPERAÇÃO. AF_06/2014","H","58,67","53817","TRATOR DE ESTEIRAS, POTÊNCIA 100 HP, PESO OPERACIONAL 9,4 T, COM LÂMINA 2,19 M3 - MATERIAIS NA OPERAÇÃO. AF_06/2014","H","58,67","53817","TRATOR DE ESTEIRAS, POTÊNCIA 100 HP, PESO OPERACIONAL 9,4 T, COM LÂMINA 2,19 M3 - MATERIAIS NA OPERAÇÃO. AF_06/2014","H","58,67","53817","TRATOR DE ESTEIRAS, POTÊNCIA 100 HP, PESO OPERACIONAL 9,4 T, COM LÂMINA 2,19 M3 - MATERIAIS NA OPERAÇÃO. AF_06/2014","H","58,67","53817","TRATOR DE ESTEIRAS, POTÊNCIA 100 HP, PESO OPERACIONAL 9,4 T, COM LÂMINA 2,19 M3 - MATERIAIS NA OPERAÇÃO. AF_06/2014","H","58,67","53817","TRATOR DE ESTEIRAS, POTÊNCIA 100 HP, PESO OPERACIONAL 9,4 T, COM LÂMINA 2,19 M3 - MATERIAIS NA OPERAÇÃO. AF_06/2014","H","58,67","53817","TRATOR DE ESTEIRAS, POTÊNCIA 100 HP, PESO OPERACIONAL 9,4 T, COM LÂMINA 2,19 M3 - MATERIAIS NA OPERAÇÃO. AF_06/2014","H","58,67","53817","TRATOR DE ESTEIRAS, POTÊNCIA 100 HP, PESO OPERACIONAL 9,4 T, COM LÂMINA 2,19 M3 - MATERIAIS NA OPERAÇÃO. AF_06/2014","H","58,67","53817","TRATOR DE ESTEIRAS, POTÊNCIA 100 HP, PESO OPERACIONAL 9,4 T, COM LÂMINA 2,19 M3 - MATERIAIS NA OPERAÇÃO. AF_06/2014","H","58,67","53817","TRATOR DE ESTEIRAS, POTÊNCIA 100 HP, PESO OPERACIONAL 9,4 T, COM LÂMINA 2,19 M3 - MATERIAIS NA OPERAÇÃO. AF_06/2014","H","58,67","53817","TRATOR DE ESTEIRAS, POTÊNCIA 100 HP, PESO OPERACIONAL 9,4 T, COM LÂMINA 2,19 M3 - MATERIAIS NA OPERAÇÃO. AF_06/2014","H","58,67","53817","TRATOR DE ESTEIRAS, POTÊNCIA 100 HP, PESO OPERACIONAL 9,4 T, COM LÂMINA 2,19 M3 - MATERIAIS NA OPERAÇÃO. AF_06/2014","H","58,67","53817","TRATOR DE ESTEIRAS, POTÊNCIA 100 HP, PESO OPERACIONAL 9,4 T, COM LÂMINA 2,19 M3 - MATERIAIS NA OPERAÇÃO. AF_06/2014","H","58,67","53817","TRATOR DE ESTEIRAS, POTÊNCIA 100 HP, PESO OPERACIONAL 9,4 T, COM LÂMINA 2,19 M3 - MATERIAIS NA OPERAÇÃO. AF_06/2014","H","58,67","53817","TRATOR DE ESTEIRAS, POTÊNCIA 100 HP, PESO OPERACIONAL 9,4 T, COM LÂMINA 2,19 M3 - MATERIAIS NA OPERAÇÃO. AF_06/2014","H","58,67","53817","TRATOR DE ESTEIRAS, POTÊNCIA 100 HP, PESO OPERACIONAL 9,4 T, COM LÂMINA 2,19 M3 - MATERIAIS NA OPERAÇÃO. AF_06/2014","H","58,67","53817","TRATOR DE ESTEIRAS, POTÊNCIA 100 HP, PESO OPERACIONAL 9,4 T, COM LÂMINA 2,19 M3 - MATERIAIS NA OPERAÇÃO. AF_06/2014","H","58,67","53817","TRATOR DE ESTEIRAS, POTÊNCIA 100 HP, PESO OPERACIONAL 9,4 T, COM LÂMINA 2,19 M3 - MATERIAIS NA OPERAÇÃO. AF_06/2014","H","58,67","53817","TRATOR DE ESTEIRAS, POTÊNCIA 100 HP, PESO OPERACIONAL 9,4 T, COM LÂMINA 2,19 M3 - MATERIAIS NA OPERAÇÃO. AF_06/2014","H","58,67","53817","TRATOR DE ESTEIRAS, POTÊNCIA 100 HP, PESO OPERACIONAL 9,4 T, COM LÂMINA 2,19 M3 - MATERIAIS NA OPERAÇÃO. AF_06/2014","H","58,67","53817","TRATOR DE ESTEIRAS, POTÊNCIA 100 HP, PESO OPERACIONAL 9,4 T, COM LÂMINA 2,19 M3 - MATERIAIS NA OPERAÇÃO. AF_06/2014","H","58,67","53817","TRATOR DE ESTEIRAS, POTÊNCIA 100 HP, PESO OPERACIONAL 9,4 T, COM LÂMINA 2,19 M3 - MATERIAIS NA OPERAÇÃO. AF_06/2014","H","58,67","53817","TRATOR DE ESTEIRAS, POTÊNCIA 100 HP, PESO OPERACIONAL 9,4 T, COM LÂMINA 2,19 M3 - MATERIAIS NA OPERAÇÃO. AF_06/2014","H","58,67","53817","TRATOR DE ESTEIRAS, POTÊNCIA 100 HP, PESO OPERACIONAL 9,4 T, COM LÂMINA 2,19 M3 - MATERIAIS NA OPERAÇÃO. AF_06/2014","H","58,67","53817","TRATOR DE ESTEIRAS, POTÊNCIA 100 HP, PESO OPERACIONAL 9,4 T, COM LÂMINA 2,19 M3 - MATERIAIS NA OPERAÇÃO. AF_06/2014","H","58,67","53817","TRATOR DE ESTEIRAS, POTÊNCIA 100 HP, PESO OPERACIONAL 9,4 T, COM LÂMINA 2,19 M3 - MATERIAIS NA OPERAÇÃO. AF_06/2014","H","58,67","53817","TRATOR DE ESTEIRAS, POTÊNCIA 100 HP, PESO OPERACIONAL 9,4 T, COM LÂMINA 2,19 M3 - MATERIAIS NA OPERAÇÃO. AF_06/2014","H","58,67","53817","TRATOR DE ESTEIRAS, POTÊNCIA 100 HP, PESO OPERACIONAL 9,4 T, COM LÂMINA 2,19 M3 - MATERIAIS NA OPERAÇÃO. AF_06/2014","H","58,67","53817","TRATOR DE ESTEIRAS, POTÊNCIA 100 HP, PESO OPERACIONAL 9,4 T, COM LÂMINA 2,19 M3 - MATERIAIS NA OPERAÇÃO. AF_06/2014","H","58,67","53817","TRATOR DE ESTEIRAS, POTÊNCIA 100 HP, PESO OPERACIONAL 9,4 T, COM LÂMINA 2,19 M3 - MATERIAIS NA OPERAÇÃO. AF_06/2014","H","58,67","53817","TRATOR DE ESTEIRAS, POTÊNCIA 100 HP, PESO OPERACIONAL 9,4 T, COM LÂMINA 2,19 M3 - MATERIAIS NA OPERAÇÃO. AF_06/2014","H","58,67","53817","TRATOR DE ESTEIRAS, POTÊNCIA 100 HP, PESO OPERACIONAL 9,4 T, COM LÂMINA 2,19 M3 - MATERIAIS NA OPERAÇÃO. AF_06/2014","H","58,67","53817","TRATOR DE ESTEIRAS, POTÊNCIA 100 HP, PESO OPERACIONAL 9,4 T, COM LÂMINA 2,19 M3 - MATERIAIS NA OPERAÇÃO. AF_06/2014","H","58,67","53817","TRATOR DE ESTEIRAS, POTÊNCIA 100 HP, PESO OPERACIONAL 9,4 T, COM LÂMINA 2,19 M3 - MATERIAIS NA OPERAÇÃO. AF_06/2014","H","58,67","53817","TRATOR DE ESTEIRAS, POTÊNCIA 100 HP, PESO OPERACIONAL 9,4 T, COM LÂMINA 2,19 M3 - MATERIAIS NA OPERAÇÃO. AF_06/2014","H","58,67","53817","TRATOR DE ESTEIRAS, POTÊNCIA 100 HP, PESO OPERACIONAL 9,4 T, COM LÂMINA 2,19 M3 - MATERIAIS NA OPERAÇÃO. AF_06/2014","H","58,67","53817","TRATOR DE ESTEIRAS, POTÊNCIA 100 HP, PESO OPERACIONAL 9,4 T, COM LÂMINA 2,19 M3 - MATERIAIS NA OPERAÇÃO. AF_06/2014","H","58,67","53817","TRATOR DE ESTEIRAS, POTÊNCIA 100 HP, PESO OPERACIONAL 9,4 T, COM LÂMINA 2,19 M3 - MATERIAIS NA OPERAÇÃO. AF_06/2014","H","58,67","53817","TRATOR DE ESTEIRAS, POTÊNCIA 100 HP, PESO OPERACIONAL 9,4 T, COM LÂMINA 2,19 M3 - MATERIAIS NA OPERAÇÃO. AF_06/2014","H","58,67","53817","TRATOR DE ESTEIRAS, POTÊNCIA 100 HP, PESO OPERACIONAL 9,4 T, COM LÂMINA 2,19 M3 - MATERIAIS NA OPERAÇÃO. AF_06/2014","H","58,67","53817","TRATOR DE ESTEIRAS, POTÊNCIA 100 HP, PESO OPERACIONAL 9,4 T, COM LÂMINA 2,19 M3 - MATERIAIS NA OPERAÇÃO. AF_06/2014","H","58,67","53817","TRATOR DE ESTEIRAS, POTÊNCIA 100 HP, PESO OPERACIONAL 9,4 T, COM LÂMINA 2,19 M3 - MATERIAIS NA OPERAÇÃO. AF_06/2014","H","58,67","53817","TRATOR DE ESTEIRAS, POTÊNCIA 100 HP, PESO OPERACIONAL 9,4 T, COM LÂMINA 2,19 M3 - MATERIAIS NA OPERAÇÃO. AF_06/2014","H","58,67","53817","TRATOR DE ESTEIRAS, POTÊNCIA 100 HP, PESO OPERACIONAL 9,4 T, COM LÂMINA 2,19 M3 - MATERIAIS NA OPERAÇÃO. AF_06/2014","H","58,67","53817","TRATOR DE ESTEIRAS, POTÊNCIA 100 HP, PESO OPERACIONAL 9,4 T, COM LÂMINA 2,19 M3 - MATERIAIS NA OPERAÇÃO. AF_06/2014","H","58,67","53817","TRATOR DE ESTEIRAS, POTÊNCIA 100 HP, PESO OPERACIONAL 9,4 T, COM LÂMINA 2,19 M3 - MATERIAIS NA OPERAÇÃO. AF_06/2014","H","58,67","53817","TRATOR DE ESTEIRAS, POTÊNCIA 100 HP, PESO OPERACIONAL 9,4 T, COM LÂMINA 2,19 M3 - MATERIAIS NA OPERAÇÃO. AF_06/2014","H","58,67","53817","TRATOR DE ESTEIRAS, POTÊNCIA 100 HP, PESO OPERACIONAL 9,4 T, COM LÂMINA 2,19 M3 - MATERIAIS NA OPERAÇÃO. AF_06/2014","H","58,67","53817","TRATOR DE ESTEIRAS, POTÊNCIA 100 HP, PESO OPERACIONAL 9,4 T, COM LÂMINA 2,19 M3 - MATERIAIS NA OPERAÇÃO. AF_06/2014","H","58,67","53817","TRATOR DE ESTEIRAS, POTÊNCIA 100 HP, PESO OPERACIONAL 9,4 T, COM LÂMINA 2,19 M3 - MATERIAIS NA OPERAÇÃO. AF_06/2014","H","58,67","53817","TRATOR DE ESTEIRAS, POTÊNCIA 100 HP, PESO OPERACIONAL 9,4 T, COM LÂMINA 2,19 M3 - MATERIAIS NA OPERAÇÃO. AF_06/2014","H","58,67"]
[87443,"BETONEIRA CAPACIDADE NOMINAL 400 L, CAPACIDADE DE MISTURA 310 L, MOTOR A DIESEL POTÊNCIA 5,0 CV, SEM CARREGADOR - MANUTENÇÃO. AF_06/2014","H",0.67,"87443","BETONEIRA CAPACIDADE NOMINAL 400 L, CAPACIDADE DE MISTURA 310 L, MOTOR A DIESEL POTÊNCIA 5,0 CV, SEM CARREGADOR - MANUTENÇÃO. AF_06/2014","H","0,67","87443","BETONEIRA CAPACIDADE NOMINAL 400 L, CAPACIDADE DE MISTURA 310 L, MOTOR A DIESEL POTÊNCIA 5,0 CV, SEM CARREGADOR - MANUTENÇÃO. AF_06/2014","H","0,67","87443","BETONEIRA CAPACIDADE NOMINAL 400 L, CAPACIDADE DE MISTURA 310 L, MOTOR A DIESEL POTÊNCIA 5,0 CV, SEM CARREGADOR - MANUTENÇÃO. AF_06/2014","H","0,67","87443","BETONEIRA CAPACIDADE NOMINAL 400 L, CAPACIDADE DE MISTURA 310 L, MOTOR A DIESEL POTÊNCIA 5,0 CV, SEM CARREGADOR - MANUTENÇÃO. AF_06/2014","H","0,67","87443","BETONEIRA CAPACIDADE NOMINAL 400 L, CAPACIDADE DE MISTURA 310 L, MOTOR A DIESEL POTÊNCIA 5,0 CV, SEM CARREGADOR - MANUTENÇÃO. AF_06/2014","H","0,67","87443","BETONEIRA CAPACIDADE NOMINAL 400 L, CAPACIDADE DE MISTURA 310 L, MOTOR A DIESEL POTÊNCIA 5,0 CV, SEM CARREGADOR - MANUTENÇÃO. AF_06/2014","H","0,67","87443","BETONEIRA CAPACIDADE NOMINAL 400 L, CAPACIDADE DE MISTURA 310 L, MOTOR A DIESEL POTÊNCIA 5,0 CV, SEM CARREGADOR - MANUTENÇÃO. AF_06/2014","H","0,67","87443","BETONEIRA CAPACIDADE NOMINAL 400 L, CAPACIDADE DE MISTURA 310 L, MOTOR A DIESEL POTÊNCIA 5,0 CV, SEM CARREGADOR - MANUTENÇÃO. AF_06/2014","H","0,67","87443","BETONEIRA CAPACIDADE NOMINAL 400 L, CAPACIDADE DE MISTURA 310 L, MOTOR A DIESEL POTÊNCIA 5,0 CV, SEM CARREGADOR - MANUTENÇÃO. AF_06/2014","H","0,67","87443","BETONEIRA CAPACIDADE NOMINAL 400 L, CAPACIDADE DE MISTURA 310 L, MOTOR A DIESEL POTÊNCIA 5,0 CV, SEM CARREGADOR - MANUTENÇÃO. AF_06/2014","H","0,67","87443","BETONEIRA CAPACIDADE NOMINAL 400 L, CAPACIDADE DE MISTURA 310 L, MOTOR A DIESEL POTÊNCIA 5,0 CV, SEM CARREGADOR - MANUTENÇÃO. AF_06/2014","H","0,67","87443","BETONEIRA CAPACIDADE NOMINAL 400 L, CAPACIDADE DE MISTURA 310 L, MOTOR A DIESEL POTÊNCIA 5,0 CV, SEM CARREGADOR - MANUTENÇÃO. AF_06/2014","H","0,67","87443","BETONEIRA CAPACIDADE NOMINAL 400 L, CAPACIDADE DE MISTURA 310 L, MOTOR A DIESEL POTÊNCIA 5,0 CV, SEM CARREGADOR - MANUTENÇÃO. AF_06/2014","H","0,67","87443","BETONEIRA CAPACIDADE NOMINAL 400 L, CAPACIDADE DE MISTURA 310 L, MOTOR A DIESEL POTÊNCIA 5,0 CV, SEM CARREGADOR - MANUTENÇÃO. AF_06/2014","H","0,67","87443","BETONEIRA CAPACIDADE NOMINAL 400 L, CAPACIDADE DE MISTURA 310 L, MOTOR A DIESEL POTÊNCIA 5,0 CV, SEM CARREGADOR - MANUTENÇÃO. AF_06/2014","H","0,67","87443","BETONEIRA CAPACIDADE NOMINAL 400 L, CAPACIDADE DE MISTURA 310 L, MOTOR A DIESEL POTÊNCIA 5,0 CV, SEM CARREGADOR - MANUTENÇÃO. AF_06/2014","H","0,67","87443","BETONEIRA CAPACIDADE NOMINAL 400 L, CAPACIDADE DE MISTURA 310 L, MOTOR A DIESEL POTÊNCIA 5,0 CV, SEM CARREGADOR - MANUTENÇÃO. AF_06/2014","H","0,67","87443","BETONEIRA CAPACIDADE NOMINAL 400 L, CAPACIDADE DE MISTURA 310 L, MOTOR A DIESEL POTÊNCIA 5,0 CV, SEM CARREGADOR - MANUTENÇÃO. AF_06/2014","H","0,67","87443","BETONEIRA CAPACIDADE NOMINAL 400 L, CAPACIDADE DE MISTURA 310 L, MOTOR A DIESEL POTÊNCIA 5,0 CV, SEM CARREGADOR - MANUTENÇÃO. AF_06/2014","H","0,67","87443","BETONEIRA CAPACIDADE NOMINAL 400 L, CAPACIDADE DE MISTURA 310 L, MOTOR A DIESEL POTÊNCIA 5,0 CV, SEM CARREGADOR - MANUTENÇÃO. AF_06/2014","H","0,67","87443","BETONEIRA CAPACIDADE NOMINAL 400 L, CAPACIDADE DE MISTURA 310 L, MOTOR A DIESEL POTÊNCIA 5,0 CV, SEM CARREGADOR - MANUTENÇÃO. AF_06/2014","H","0,67","87443","BETONEIRA CAPACIDADE NOMINAL 400 L, CAPACIDADE DE MISTURA 310 L, MOTOR A DIESEL POTÊNCIA 5,0 CV, SEM CARREGADOR - MANUTENÇÃO. AF_06/2014","H","0,67","87443","BETONEIRA CAPACIDADE NOMINAL 400 L, CAPACIDADE DE MISTURA 310 L, MOTOR A DIESEL POTÊNCIA 5,0 CV, SEM CARREGADOR - MANUTENÇÃO. AF_06/2014","H","0,67","87443","BETONEIRA CAPACIDADE NOMINAL 400 L, CAPACIDADE DE MISTURA 310 L, MOTOR A DIESEL POTÊNCIA 5,0 CV, SEM CARREGADOR - MANUTENÇÃO. AF_06/2014","H","0,67","87443","BETONEIRA CAPACIDADE NOMINAL 400 L, CAPACIDADE DE MISTURA 310 L, MOTOR A DIESEL POTÊNCIA 5,0 CV, SEM CARREGADOR - MANUTENÇÃO. AF_06/2014","H","0,67","87443","BETONEIRA CAPACIDADE NOMINAL 400 L, CAPACIDADE DE MISTURA 310 L, MOTOR A DIESEL POTÊNCIA 5,0 CV, SEM CARREGADOR - MANUTENÇÃO. AF_06/2014","H","0,67","87443","BETONEIRA CAPACIDADE NOMINAL 400 L, CAPACIDADE DE MISTURA 310 L, MOTOR A DIESEL POTÊNCIA 5,0 CV, SEM CARREGADOR - MANUTENÇÃO. AF_06/2014","H","0,67","87443","BETONEIRA CAPACIDADE NOMINAL 400 L, CAPACIDADE DE MISTURA 310 L, MOTOR A DIESEL POTÊNCIA 5,0 CV, SEM CARREGADOR - MANUTENÇÃO. AF_06/2014","H","0,67","87443","BETONEIRA CAPACIDADE NOMINAL 400 L, CAPACIDADE DE MISTURA 310 L, MOTOR A DIESEL POTÊNCIA 5,0 CV, SEM CARREGADOR - MANUTENÇÃO. AF_06/2014","H","0,67","87443","BETONEIRA CAPACIDADE NOMINAL 400 L, CAPACIDADE DE MISTURA 310 L, MOTOR A DIESEL POTÊNCIA 5,0 CV, SEM CARREGADOR - MANUTENÇÃO. AF_06/2014","H","0,67","87443","BETONEIRA CAPACIDADE NOMINAL 400 L, CAPACIDADE DE MISTURA 310 L, MOTOR A DIESEL POTÊNCIA 5,0 CV, SEM CARREGADOR - MANUTENÇÃO. AF_06/2014","H","0,67","87443","BETONEIRA CAPACIDADE NOMINAL 400 L, CAPACIDADE DE MISTURA 310 L, MOTOR A DIESEL POTÊNCIA 5,0 CV, SEM CARREGADOR - MANUTENÇÃO. AF_06/2014","H","0,67","87443","BETONEIRA CAPACIDADE NOMINAL 400 L, CAPACIDADE DE MISTURA 310 L, MOTOR A DIESEL POTÊNCIA 5,0 CV, SEM CARREGADOR - MANUTENÇÃO. AF_06/2014","H","0,67","87443","BETONEIRA CAPACIDADE NOMINAL 400 L, CAPACIDADE DE MISTURA 310 L, MOTOR A DIESEL POTÊNCIA 5,0 CV, SEM CARREGADOR - MANUTENÇÃO. AF_06/2014","H","0,67","87443","BETONEIRA CAPACIDADE NOMINAL 400 L, CAPACIDADE DE MISTURA 310 L, MOTOR A DIESEL POTÊNCIA 5,0 CV, SEM CARREGADOR - MANUTENÇÃO. AF_06/2014","H","0,67","87443","BETONEIRA CAPACIDADE NOMINAL 400 L, CAPACIDADE DE MISTURA 310 L, MOTOR A DIESEL POTÊNCIA 5,0 CV, SEM CARREGADOR - MANUTENÇÃO. AF_06/2014","H","0,67","87443","BETONEIRA CAPACIDADE NOMINAL 400 L, CAPACIDADE DE MISTURA 310 L, MOTOR A DIESEL POTÊNCIA 5,0 CV, SEM CARREGADOR - MANUTENÇÃO. AF_06/2014","H","0,67","87443","BETONEIRA CAPACIDADE NOMINAL 400 L, CAPACIDADE DE MISTURA 310 L, MOTOR A DIESEL POTÊNCIA 5,0 CV, SEM CARREGADOR - MANUTENÇÃO. AF_06/2014","H","0,67","87443","BETONEIRA CAPACIDADE NOMINAL 400 L, CAPACIDADE DE MISTURA 310 L, MOTOR A DIESEL POTÊNCIA 5,0 CV, SEM CARREGADOR - MANUTENÇÃO. AF_06/2014","H","0,67","87443","BETONEIRA CAPACIDADE NOMINAL 400 L, CAPACIDADE DE MISTURA 310 L, MOTOR A DIESEL POTÊNCIA 5,0 CV, SEM CARREGADOR - MANUTENÇÃO. AF_06/2014","H","0,67","87443","BETONEIRA CAPACIDADE NOMINAL 400 L, CAPACIDADE DE MISTURA 310 L, MOTOR A DIESEL POTÊNCIA 5,0 CV, SEM CARREGADOR - MANUTENÇÃO. AF_06/2014","H","0,67","87443","BETONEIRA CAPACIDADE NOMINAL 400 L, CAPACIDADE DE MISTURA 310 L, MOTOR A DIESEL POTÊNCIA 5,0 CV, SEM CARREGADOR - MANUTENÇÃO. AF_06/2014","H","0,67","87443","BETONEIRA CAPACIDADE NOMINAL 400 L, CAPACIDADE DE MISTURA 310 L, MOTOR A DIESEL POTÊNCIA 5,0 CV, SEM CARREGADOR - MANUTENÇÃO. AF_06/2014","H","0,67","87443","BETONEIRA CAPACIDADE NOMINAL 400 L, CAPACIDADE DE MISTURA 310 L, MOTOR A DIESEL POTÊNCIA 5,0 CV, SEM CARREGADOR - MANUTENÇÃO. AF_06/2014","H","0,67","87443","BETONEIRA CAPACIDADE NOMINAL 400 L, CAPACIDADE DE MISTURA 310 L, MOTOR A DIESEL POTÊNCIA 5,0 CV, SEM CARREGADOR - MANUTENÇÃO. AF_06/2014","H","0,67","87443","BETONEIRA CAPACIDADE NOMINAL 400 L, CAPACIDADE DE MISTURA 310 L, MOTOR A DIESEL POTÊNCIA 5,0 CV, SEM CARREGADOR - MANUTENÇÃO. AF_06/2014","H","0,67","87443","BETONEIRA CAPACIDADE NOMINAL 400 L, CAPACIDADE DE MISTURA 310 L, MOTOR A DIESEL POTÊNCIA 5,0 CV, SEM CARREGADOR - MANUTENÇÃO. AF_06/2014","H","0,67","87443","BETONEIRA CAPACIDADE NOMINAL 400 L, CAPACIDADE DE MISTURA 310 L, MOTOR A DIESEL POTÊNCIA 5,0 CV, SEM CARREGADOR - MANUTENÇÃO. AF_06/2014","H","0,67","87443","BETONEIRA CAPACIDADE NOMINAL 400 L, CAPACIDADE DE MISTURA 310 L, MOTOR A DIESEL POTÊNCIA 5,0 CV, SEM CARREGADOR - MANUTENÇÃO. AF_06/2014","H","0,67","87443","BETONEIRA CAPACIDADE NOMINAL 400 L, CAPACIDADE DE MISTURA 310 L, MOTOR A DIESEL POTÊNCIA 5,0 CV, SEM CARREGADOR - MANUTENÇÃO. AF_06/2014","H","0,67","87443","BETONEIRA CAPACIDADE NOMINAL 400 L, CAPACIDADE DE MISTURA 310 L, MOTOR A DIESEL POTÊNCIA 5,0 CV, SEM CARREGADOR - MANUTENÇÃO. AF_06/2014","H","0,67","87443","BETONEIRA CAPACIDADE NOMINAL 400 L, CAPACIDADE DE MISTURA 310 L, MOTOR A DIESEL POTÊNCIA 5,0 CV, SEM CARREGADOR - MANUTENÇÃO. AF_06/2014","H","0,67","87443","BETONEIRA CAPACIDADE NOMINAL 400 L, CAPACIDADE DE MISTURA 310 L, MOTOR A DIESEL POTÊNCIA 5,0 CV, SEM CARREGADOR - MANUTENÇÃO. AF_06/2014","H","0,67","87443","BETONEIRA CAPACIDADE NOMINAL 400 L, CAPACIDADE DE MISTURA 310 L, MOTOR A DIESEL POTÊNCIA 5,0 CV, SEM CARREGADOR - MANUTENÇÃO. AF_06/2014","H","0,67","87443","BETONEIRA CAPACIDADE NOMINAL 400 L, CAPACIDADE DE MISTURA 310 L, MOTOR A DIESEL POTÊNCIA 5,0 CV, SEM CARREGADOR - MANUTENÇÃO. AF_06/2014","H","0,67","87443","BETONEIRA CAPACIDADE NOMINAL 400 L, CAPACIDADE DE MISTURA 310 L, MOTOR A DIESEL POTÊNCIA 5,0 CV, SEM CARREGADOR - MANUTENÇÃO. AF_06/2014","H","0,67","87443","BETONEIRA CAPACIDADE NOMINAL 400 L, CAPACIDADE DE MISTURA 310 L, MOTOR A DIESEL POTÊNCIA 5,0 CV, SEM CARREGADOR - MANUTENÇÃO. AF_06/2014","H","0,67","87443","BETONEIRA CAPACIDADE NOMINAL 400 L, CAPACIDADE DE MISTURA 310 L, MOTOR A DIESEL POTÊNCIA 5,0 CV, SEM CARREGADOR - MANUTENÇÃO. AF_06/2014","H","0,67","87443","BETONEIRA CAPACIDADE NOMINAL 400 L, CAPACIDADE DE MISTURA 310 L, MOTOR A DIESEL POTÊNCIA 5,0 CV, SEM CARREGADOR - MANUTENÇÃO. AF_06/2014","H","0,67","87443","BETONEIRA CAPACIDADE NOMINAL 400 L, CAPACIDADE DE MISTURA 310 L, MOTOR A DIESEL POTÊNCIA 5,0 CV, SEM CARREGADOR - MANUTENÇÃO. AF_06/2014","H","0,67","87443","BETONEIRA CAPACIDADE NOMINAL 400 L, CAPACIDADE DE MISTURA 310 L, MOTOR A DIESEL POTÊNCIA 5,0 CV, SEM CARREGADOR - MANUTENÇÃO. AF_06/2014","H","0,67","87443","BETONEIRA CAPACIDADE NOMINAL 400 L, CAPACIDADE DE MISTURA 310 L, MOTOR A DIESEL POTÊNCIA 5,0 CV, SEM CARREGADOR - MANUTENÇÃO. AF_06/2014","H","0,67","87443","BETONEIRA CAPACIDADE NOMINAL 400 L, CAPACIDADE DE MISTURA 310 L, MOTOR A DIESEL POTÊNCIA 5,0 CV, SEM CARREGADOR - MANUTENÇÃO. AF_06/2014","H","0,67"]
[89025,"TANQUE DE ASFALTO ESTACIONÁRIO COM MAÇARICO, CAPACIDADE 20.000 L - MANUTENÇÃO. AF_06/2014","H",5.14,"89025","TANQUE DE ASFALTO ESTACIONÁRIO COM MAÇARICO, CAPACIDADE 20.000 L - MANUTENÇÃO. AF_06/2014","H","5,14","89025","TANQUE DE ASFALTO ESTACIONÁRIO COM MAÇARICO, CAPACIDADE 20.000 L - MANUTENÇÃO. AF_06/2014","H","5,14","89025","TANQUE DE ASFALTO ESTACIONÁRIO COM MAÇARICO, CAPACIDADE 20.000 L - MANUTENÇÃO. AF_06/2014","H","5,14","89025","TANQUE DE ASFALTO ESTACIONÁRIO COM MAÇARICO, CAPACIDADE 20.000 L - MANUTENÇÃO. AF_06/2014","H","5,14","89025","TANQUE DE ASFALTO ESTACIONÁRIO COM MAÇARICO, CAPACIDADE 20.000 L - MANUTENÇÃO. AF_06/2014","H","5,14","89025","TANQUE DE ASFALTO ESTACIONÁRIO COM MAÇARICO, CAPACIDADE 20.000 L - MANUTENÇÃO. AF_06/2014","H","5,14","89025","TANQUE DE ASFALTO ESTACIONÁRIO COM MAÇARICO, CAPACIDADE 20.000 L - MANUTENÇÃO. AF_06/2014","H","5,14","89025","TANQUE DE ASFALTO ESTACIONÁRIO COM MAÇARICO, CAPACIDADE 20.000 L - MANUTENÇÃO. AF_06/2014","H","5,14","89025","TANQUE DE ASFALTO ESTACIONÁRIO COM MAÇARICO, CAPACIDADE 20.000 L - MANUTENÇÃO. AF_06/2014","H","5,14","89025","TANQUE DE ASFALTO ESTACIONÁRIO COM MAÇARICO, CAPACIDADE 20.000 L - MANUTENÇÃO. AF_06/2014","H","5,14","89025","TANQUE DE ASFALTO ESTACIONÁRIO COM MAÇARICO, CAPACIDADE 20.000 L - MANUTENÇÃO. AF_06/2014","H","5,14","89025","TANQUE DE ASFALTO ESTACIONÁRIO COM MAÇARICO, CAPACIDADE 20.000 L - MANUTENÇÃO. AF_06/2014","H","5,14","89025","TANQUE DE ASFALTO ESTACIONÁRIO COM MAÇARICO, CAPACIDADE 20.000 L - MANUTENÇÃO. AF_06/2014","H","5,14","89025","TANQUE DE ASFALTO ESTACIONÁRIO COM MAÇARICO, CAPACIDADE 20.000 L - MANUTENÇÃO. AF_06/2014","H","5,14","89025","TANQUE DE ASFALTO ESTACIONÁRIO COM MAÇARICO, CAPACIDADE 20.000 L - MANUTENÇÃO. AF_06/2014","H","5,14","89025","TANQUE DE ASFALTO ESTACIONÁRIO COM MAÇARICO, CAPACIDADE 20.000 L - MANUTENÇÃO. AF_06/2014","H","5,14","89025","TANQUE DE ASFALTO ESTACIONÁRIO COM MAÇARICO, CAPACIDADE 20.000 L - MANUTENÇÃO. AF_06/2014","H","5,14","89025","TANQUE DE ASFALTO ESTACIONÁRIO COM MAÇARICO, CAPACIDADE 20.000 L - MANUTENÇÃO. AF_06/2014","H","5,14","89025","TANQUE DE ASFALTO ESTACIONÁRIO COM MAÇARICO, CAPACIDADE 20.000 L - MANUTENÇÃO. AF_06/2014","H","5,14","89025","TANQUE DE ASFALTO ESTACIONÁRIO COM MAÇARICO, CAPACIDADE 20.000 L - MANUTENÇÃO. AF_06/2014","H","5,14","89025","TANQUE DE ASFALTO ESTACIONÁRIO COM MAÇARICO, CAPACIDADE 20.000 L - MANUTENÇÃO. AF_06/2014","H","5,14","89025","TANQUE DE ASFALTO ESTACIONÁRIO COM MAÇARICO, CAPACIDADE 20.000 L - MANUTENÇÃO. AF_06/2014","H","5,14","89025","TANQUE DE ASFALTO ESTACIONÁRIO COM MAÇARICO, CAPACIDADE 20.000 L - MANUTENÇÃO. AF_06/2014","H","5,14","89025","TANQUE DE ASFALTO ESTACIONÁRIO COM MAÇARICO, CAPACIDADE 20.000 L - MANUTENÇÃO. AF_06/2014","H","5,14","89025","TANQUE DE ASFALTO ESTACIONÁRIO COM MAÇARICO, CAPACIDADE 20.000 L - MANUTENÇÃO. AF_06/2014","H","5,14","89025","TANQUE DE ASFALTO ESTACIONÁRIO COM MAÇARICO, CAPACIDADE 20.000 L - MANUTENÇÃO. AF_06/2014","H","5,14","89025","TANQUE DE ASFALTO ESTACIONÁRIO COM MAÇARICO, CAPACIDADE 20.000 L - MANUTENÇÃO. AF_06/2014","H","5,14","89025","TANQUE DE ASFALTO ESTACIONÁRIO COM MAÇARICO, CAPACIDADE 20.000 L - MANUTENÇÃO. AF_06/2014","H","5,14","89025","TANQUE DE ASFALTO ESTACIONÁRIO COM MAÇARICO, CAPACIDADE 20.000 L - MANUTENÇÃO. AF_06/2014","H","5,14","89025","TANQUE DE ASFALTO ESTACIONÁRIO COM MAÇARICO, CAPACIDADE 20.000 L - MANUTENÇÃO. AF_06/2014","H","5,14","89025","TANQUE DE ASFALTO ESTACIONÁRIO COM MAÇARICO, CAPACIDADE 20.000 L - MANUTENÇÃO. AF_06/2014","H","5,14","89025","TANQUE DE ASFALTO ESTACIONÁRIO COM MAÇARICO, CAPACIDADE 20.000 L - MANUTENÇÃO. AF_06/2014","H","5,14","89025","TANQUE DE ASFALTO ESTACIONÁRIO COM MAÇARICO, CAPACIDADE 20.000 L - MANUTENÇÃO. AF_06/2014","H","5,14","89025","TANQUE DE ASFALTO ESTACIONÁRIO COM MAÇARICO, CAPACIDADE 20.000 L - MANUTENÇÃO. AF_06/2014","H","5,14","89025","TANQUE DE ASFALTO ESTACIONÁRIO COM MAÇARICO, CAPACIDADE 20.000 L - MANUTENÇÃO. AF_06/2014","H","5,14","89025","TANQUE DE ASFALTO ESTACIONÁRIO COM MAÇARICO, CAPACIDADE 20.000 L - MANUTENÇÃO. AF_06/2014","H","5,14","89025","TANQUE DE ASFALTO ESTACIONÁRIO COM MAÇARICO, CAPACIDADE 20.000 L - MANUTENÇÃO. AF_06/2014","H","5,14","89025","TANQUE DE ASFALTO ESTACIONÁRIO COM MAÇARICO, CAPACIDADE 20.000 L - MANUTENÇÃO. AF_06/2014","H","5,14","89025","TANQUE DE ASFALTO ESTACIONÁRIO COM MAÇARICO, CAPACIDADE 20.000 L - MANUTENÇÃO. AF_06/2014","H","5,14","89025","TANQUE DE ASFALTO ESTACIONÁRIO COM MAÇARICO, CAPACIDADE 20.000 L - MANUTENÇÃO. AF_06/2014","H","5,14","89025","TANQUE DE ASFALTO ESTACIONÁRIO COM MAÇARICO, CAPACIDADE 20.000 L - MANUTENÇÃO. AF_06/2014","H","5,14","89025","TANQUE DE ASFALTO ESTACIONÁRIO COM MAÇARICO, CAPACIDADE 20.000 L - MANUTENÇÃO. AF_06/2014","H","5,14","89025","TANQUE DE ASFALTO ESTACIONÁRIO COM MAÇARICO, CAPACIDADE 20.000 L - MANUTENÇÃO. AF_06/2014","H","5,14","89025","TANQUE DE ASFALTO ESTACIONÁRIO COM MAÇARICO, CAPACIDADE 20.000 L - MANUTENÇÃO. AF_06/2014","H","5,14","89025","TANQUE DE ASFALTO ESTACIONÁRIO COM MAÇARICO, CAPACIDADE 20.000 L - MANUTENÇÃO. AF_06/2014","H","5,14","89025","TANQUE DE ASFALTO ESTACIONÁRIO COM MAÇARICO, CAPACIDADE 20.000 L - MANUTENÇÃO. AF_06/2014","H","5,14","89025","TANQUE DE ASFALTO ESTACIONÁRIO COM MAÇARICO, CAPACIDADE 20.000 L - MANUTENÇÃO. AF_06/2014","H","5,14","89025","TANQUE DE ASFALTO ESTACIONÁRIO COM MAÇARICO, CAPACIDADE 20.000 L - MANUTENÇÃO. AF_06/2014","H","5,14","89025","TANQUE DE ASFALTO ESTACIONÁRIO COM MAÇARICO, CAPACIDADE 20.000 L - MANUTENÇÃO. AF_06/2014","H","5,14","89025","TANQUE DE ASFALTO ESTACIONÁRIO COM MAÇARICO, CAPACIDADE 20.000 L - MANUTENÇÃO. AF_06/2014","H","5,14","89025","TANQUE DE ASFALTO ESTACIONÁRIO COM MAÇARICO, CAPACIDADE 20.000 L - MANUTENÇÃO. AF_06/2014","H","5,14","89025","TANQUE DE ASFALTO ESTACIONÁRIO COM MAÇARICO, CAPACIDADE 20.000 L - MANUTENÇÃO. AF_06/2014","H","5,14","89025","TANQUE DE ASFALTO ESTACIONÁRIO COM MAÇARICO, CAPACIDADE 20.000 L - MANUTENÇÃO. AF_06/2014","H","5,14","89025","TANQUE DE ASFALTO ESTACIONÁRIO COM MAÇARICO, CAPACIDADE 20.000 L - MANUTENÇÃO. AF_06/2014","H","5,14","89025","TANQUE DE ASFALTO ESTACIONÁRIO COM MAÇARICO, CAPACIDADE 20.000 L - MANUTENÇÃO. AF_06/2014","H","5,14","89025","TANQUE DE ASFALTO ESTACIONÁRIO COM MAÇARICO, CAPACIDADE 20.000 L - MANUTENÇÃO. AF_06/2014","H","5,14","89025","TANQUE DE ASFALTO ESTACIONÁRIO COM MAÇARICO, CAPACIDADE 20.000 L - MANUTENÇÃO. AF_06/2014","H","5,14","89025","TANQUE DE ASFALTO ESTACIONÁRIO COM MAÇARICO, CAPACIDADE 20.000 L - MANUTENÇÃO. AF_06/2014","H","5,14","89025","TANQUE DE ASFALTO ESTACIONÁRIO COM MAÇARICO, CAPACIDADE 20.000 L - MANUTENÇÃO. AF_06/2014","H","5,14","89025","TANQUE DE ASFALTO ESTACIONÁRIO COM MAÇARICO, CAPACIDADE 20.000 L - MANUTENÇÃO. AF_06/2014","H","5,14","89025","TANQUE DE ASFALTO ESTACIONÁRIO COM MAÇARICO, CAPACIDADE 20.000 L - MANUTENÇÃO. AF_06/2014","H","5,14","89025","TANQUE DE ASFALTO ESTACIONÁRIO COM MAÇARICO, CAPACIDADE 20.000 L - MANUTENÇÃO. AF_06/2014","H","5,14","89025","TANQUE DE ASFALTO ESTACIONÁRIO COM MAÇARICO, CAPACIDADE 20.000 L - MANUTENÇÃO. AF_06/2014","H","5,14"]
[89224,"BETONEIRA CAPACIDADE NOMINAL DE 600 L, CAPACIDADE DE MISTURA 360 L, MOTOR ELÉTRICO TRIFÁSICO POTÊNCIA DE 4 CV, SEM CARREGADOR - MATERIAIS NA OPERAÇÃO. AF_11/2014","H",2.02,"89224","BETONEIRA CAPACIDADE NOMINAL DE 600 L, CAPACIDADE DE MISTURA 360 L, MOTOR ELÉTRICO TRIFÁSICO POTÊNCIA DE 4 CV, SEM CARREGADOR - MATERIAIS NA OPERAÇÃO. AF_11/2014","H","2,02","89224","BETONEIRA CAPACIDADE NOMINAL DE 600 L, CAPACIDADE DE MISTURA 360 L, MOTOR ELÉTRICO TRIFÁSICO POTÊNCIA DE 4 CV, SEM CARREGADOR - MATERIAIS NA OPERAÇÃO. AF_11/2014","H","2,02","89224","BETONEIRA CAPACIDADE NOMINAL DE 600 L, CAPACIDADE DE MISTURA 360 L, MOTOR ELÉTRICO TRIFÁSICO POTÊNCIA DE 4 CV, SEM CARREGADOR - MATERIAIS NA OPERAÇÃO. AF_11/2014","H","2,02","89224","BETONEIRA CAPACIDADE NOMINAL DE 600 L, CAPACIDADE DE MISTURA 360 L, MOTOR ELÉTRICO TRIFÁSICO POTÊNCIA DE 4 CV, SEM CARREGADOR - MATERIAIS NA OPERAÇÃO. AF_11/2014","H","2,02","89224","BETONEIRA CAPACIDADE NOMINAL DE 600 L, CAPACIDADE DE MISTURA 360 L, MOTOR ELÉTRICO TRIFÁSICO POTÊNCIA DE 4 CV, SEM CARREGADOR - MATERIAIS NA OPERAÇÃO. AF_11/2014","H","2,02","89224","BETONEIRA CAPACIDADE NOMINAL DE 600 L, CAPACIDADE DE MISTURA 360 L, MOTOR ELÉTRICO TRIFÁSICO POTÊNCIA DE 4 CV, SEM CARREGADOR - MATERIAIS NA OPERAÇÃO. AF_11/2014","H","2,02","89224","BETONEIRA CAPACIDADE NOMINAL DE 600 L, CAPACIDADE DE MISTURA 360 L, MOTOR ELÉTRICO TRIFÁSICO POTÊNCIA DE 4 CV, SEM CARREGADOR - MATERIAIS NA OPERAÇÃO. AF_11/2014","H","2,02","89224","BETONEIRA CAPACIDADE NOMINAL DE 600 L, CAPACIDADE DE MISTURA 360 L, MOTOR ELÉTRICO TRIFÁSICO POTÊNCIA DE 4 CV, SEM CARREGADOR - MATERIAIS NA OPERAÇÃO. AF_11/2014","H","2,02","89224","BETONEIRA CAPACIDADE NOMINAL DE 600 L, CAPACIDADE DE MISTURA 360 L, MOTOR ELÉTRICO TRIFÁSICO POTÊNCIA DE 4 CV, SEM CARREGADOR - MATERIAIS NA OPERAÇÃO. AF_11/2014","H","2,02","89224","BETONEIRA CAPACIDADE NOMINAL DE 600 L, CAPACIDADE DE MISTURA 360 L, MOTOR ELÉTRICO TRIFÁSICO POTÊNCIA DE 4 CV, SEM CARREGADOR - MATERIAIS NA OPERAÇÃO. AF_11/2014","H","2,02","89224","BETONEIRA CAPACIDADE NOMINAL DE 600 L, CAPACIDADE DE MISTURA 360 L, MOTOR ELÉTRICO TRIFÁSICO POTÊNCIA DE 4 CV, SEM CARREGADOR - MATERIAIS NA OPERAÇÃO. AF_11/2014","H","2,02","89224","BETONEIRA CAPACIDADE NOMINAL DE 600 L, CAPACIDADE DE MISTURA 360 L, MOTOR ELÉTRICO TRIFÁSICO POTÊNCIA DE 4 CV, SEM CARREGADOR - MATERIAIS NA OPERAÇÃO. AF_11/2014","H","2,02","89224","BETONEIRA CAPACIDADE NOMINAL DE 600 L, CAPACIDADE DE MISTURA 360 L, MOTOR ELÉTRICO TRIFÁSICO POTÊNCIA DE 4 CV, SEM CARREGADOR - MATERIAIS NA OPERAÇÃO. AF_11/2014","H","2,02","89224","BETONEIRA CAPACIDADE NOMINAL DE 600 L, CAPACIDADE DE MISTURA 360 L, MOTOR ELÉTRICO TRIFÁSICO POTÊNCIA DE 4 CV, SEM CARREGADOR - MATERIAIS NA OPERAÇÃO. AF_11/2014","H","2,02","89224","BETONEIRA CAPACIDADE NOMINAL DE 600 L, CAPACIDADE DE MISTURA 360 L, MOTOR ELÉTRICO TRIFÁSICO POTÊNCIA DE 4 CV, SEM CARREGADOR - MATERIAIS NA OPERAÇÃO. AF_11/2014","H","2,02","89224","BETONEIRA CAPACIDADE NOMINAL DE 600 L, CAPACIDADE DE MISTURA 360 L, MOTOR ELÉTRICO TRIFÁSICO POTÊNCIA DE 4 CV, SEM CARREGADOR - MATERIAIS NA OPERAÇÃO. AF_11/2014","H","2,02","89224","BETONEIRA CAPACIDADE NOMINAL DE 600 L, CAPACIDADE DE MISTURA 360 L, MOTOR ELÉTRICO TRIFÁSICO POTÊNCIA DE 4 CV, SEM CARREGADOR - MATERIAIS NA OPERAÇÃO. AF_11/2014","H","2,02","89224","BETONEIRA CAPACIDADE NOMINAL DE 600 L, CAPACIDADE DE MISTURA 360 L, MOTOR ELÉTRICO TRIFÁSICO POTÊNCIA DE 4 CV, SEM CARREGADOR - MATERIAIS NA OPERAÇÃO. AF_11/2014","H","2,02","89224","BETONEIRA CAPACIDADE NOMINAL DE 600 L, CAPACIDADE DE MISTURA 360 L, MOTOR ELÉTRICO TRIFÁSICO POTÊNCIA DE 4 CV, SEM CARREGADOR - MATERIAIS NA OPERAÇÃO. AF_11/2014","H","2,02","89224","BETONEIRA CAPACIDADE NOMINAL DE 600 L, CAPACIDADE DE MISTURA 360 L, MOTOR ELÉTRICO TRIFÁSICO POTÊNCIA DE 4 CV, SEM CARREGADOR - MATERIAIS NA OPERAÇÃO. AF_11/2014","H","2,02","89224","BETONEIRA CAPACIDADE NOMINAL DE 600 L, CAPACIDADE DE MISTURA 360 L, MOTOR ELÉTRICO TRIFÁSICO POTÊNCIA DE 4 CV, SEM CARREGADOR - MATERIAIS NA OPERAÇÃO. AF_11/2014","H","2,02","89224","BETONEIRA CAPACIDADE NOMINAL DE 600 L, CAPACIDADE DE MISTURA 360 L, MOTOR ELÉTRICO TRIFÁSICO POTÊNCIA DE 4 CV, SEM CARREGADOR - MATERIAIS NA OPERAÇÃO. AF_11/2014","H","2,02","89224","BETONEIRA CAPACIDADE NOMINAL DE 600 L, CAPACIDADE DE MISTURA 360 L, MOTOR ELÉTRICO TRIFÁSICO POTÊNCIA DE 4 CV, SEM CARREGADOR - MATERIAIS NA OPERAÇÃO. AF_11/2014","H","2,02","89224","BETONEIRA CAPACIDADE NOMINAL DE 600 L, CAPACIDADE DE MISTURA 360 L, MOTOR ELÉTRICO TRIFÁSICO POTÊNCIA DE 4 CV, SEM CARREGADOR - MATERIAIS NA OPERAÇÃO. AF_11/2014","H","2,02","89224","BETONEIRA CAPACIDADE NOMINAL DE 600 L, CAPACIDADE DE MISTURA 360 L, MOTOR ELÉTRICO TRIFÁSICO POTÊNCIA DE 4 CV, SEM CARREGADOR - MATERIAIS NA OPERAÇÃO. AF_11/2014","H","2,02","89224","BETONEIRA CAPACIDADE NOMINAL DE 600 L, CAPACIDADE DE MISTURA 360 L, MOTOR ELÉTRICO TRIFÁSICO POTÊNCIA DE 4 CV, SEM CARREGADOR - MATERIAIS NA OPERAÇÃO. AF_11/2014","H","2,02","89224","BETONEIRA CAPACIDADE NOMINAL DE 600 L, CAPACIDADE DE MISTURA 360 L, MOTOR ELÉTRICO TRIFÁSICO POTÊNCIA DE 4 CV, SEM CARREGADOR - MATERIAIS NA OPERAÇÃO. AF_11/2014","H","2,02","89224","BETONEIRA CAPACIDADE NOMINAL DE 600 L, CAPACIDADE DE MISTURA 360 L, MOTOR ELÉTRICO TRIFÁSICO POTÊNCIA DE 4 CV, SEM CARREGADOR - MATERIAIS NA OPERAÇÃO. AF_11/2014","H","2,02","89224","BETONEIRA CAPACIDADE NOMINAL DE 600 L, CAPACIDADE DE MISTURA 360 L, MOTOR ELÉTRICO TRIFÁSICO POTÊNCIA DE 4 CV, SEM CARREGADOR - MATERIAIS NA OPERAÇÃO. AF_11/2014","H","2,02","89224","BETONEIRA CAPACIDADE NOMINAL DE 600 L, CAPACIDADE DE MISTURA 360 L, MOTOR ELÉTRICO TRIFÁSICO POTÊNCIA DE 4 CV, SEM CARREGADOR - MATERIAIS NA OPERAÇÃO. AF_11/2014","H","2,02","89224","BETONEIRA CAPACIDADE NOMINAL DE 600 L, CAPACIDADE DE MISTURA 360 L, MOTOR ELÉTRICO TRIFÁSICO POTÊNCIA DE 4 CV, SEM CARREGADOR - MATERIAIS NA OPERAÇÃO. AF_11/2014","H","2,02","89224","BETONEIRA CAPACIDADE NOMINAL DE 600 L, CAPACIDADE DE MISTURA 360 L, MOTOR ELÉTRICO TRIFÁSICO POTÊNCIA DE 4 CV, SEM CARREGADOR - MATERIAIS NA OPERAÇÃO. AF_11/2014","H","2,02","89224","BETONEIRA CAPACIDADE NOMINAL DE 600 L, CAPACIDADE DE MISTURA 360 L, MOTOR ELÉTRICO TRIFÁSICO POTÊNCIA DE 4 CV, SEM CARREGADOR - MATERIAIS NA OPERAÇÃO. AF_11/2014","H","2,02","89224","BETONEIRA CAPACIDADE NOMINAL DE 600 L, CAPACIDADE DE MISTURA 360 L, MOTOR ELÉTRICO TRIFÁSICO POTÊNCIA DE 4 CV, SEM CARREGADOR - MATERIAIS NA OPERAÇÃO. AF_11/2014","H","2,02","89224","BETONEIRA CAPACIDADE NOMINAL DE 600 L, CAPACIDADE DE MISTURA 360 L, MOTOR ELÉTRICO TRIFÁSICO POTÊNCIA DE 4 CV, SEM CARREGADOR - MATERIAIS NA OPERAÇÃO. AF_11/2014","H","2,02","89224","BETONEIRA CAPACIDADE NOMINAL DE 600 L, CAPACIDADE DE MISTURA 360 L, MOTOR ELÉTRICO TRIFÁSICO POTÊNCIA DE 4 CV, SEM CARREGADOR - MATERIAIS NA OPERAÇÃO. AF_11/2014","H","2,02","89224","BETONEIRA CAPACIDADE NOMINAL DE 600 L, CAPACIDADE DE MISTURA 360 L, MOTOR ELÉTRICO TRIFÁSICO POTÊNCIA DE 4 CV, SEM CARREGADOR - MATERIAIS NA OPERAÇÃO. AF_11/2014","H","2,02","89224","BETONEIRA CAPACIDADE NOMINAL DE 600 L, CAPACIDADE DE MISTURA 360 L, MOTOR ELÉTRICO TRIFÁSICO POTÊNCIA DE 4 CV, SEM CARREGADOR - MATERIAIS NA OPERAÇÃO. AF_11/2014","H","2,02","89224","BETONEIRA CAPACIDADE NOMINAL DE 600 L, CAPACIDADE DE MISTURA 360 L, MOTOR ELÉTRICO TRIFÁSICO POTÊNCIA DE 4 CV, SEM CARREGADOR - MATERIAIS NA OPERAÇÃO. AF_11/2014","H","2,02","89224","BETONEIRA CAPACIDADE NOMINAL DE 600 L, CAPACIDADE DE MISTURA 360 L, MOTOR ELÉTRICO TRIFÁSICO POTÊNCIA DE 4 CV, SEM CARREGADOR - MATERIAIS NA OPERAÇÃO. AF_11/2014","H","2,02","89224","BETONEIRA CAPACIDADE NOMINAL DE 600 L, CAPACIDADE DE MISTURA 360 L, MOTOR ELÉTRICO TRIFÁSICO POTÊNCIA DE 4 CV, SEM CARREGADOR - MATERIAIS NA OPERAÇÃO. AF_11/2014","H","2,02","89224","BETONEIRA CAPACIDADE NOMINAL DE 600 L, CAPACIDADE DE MISTURA 360 L, MOTOR ELÉTRICO TRIFÁSICO POTÊNCIA DE 4 CV, SEM CARREGADOR - MATERIAIS NA OPERAÇÃO. AF_11/2014","H","2,02","89224","BETONEIRA CAPACIDADE NOMINAL DE 600 L, CAPACIDADE DE MISTURA 360 L, MOTOR ELÉTRICO TRIFÁSICO POTÊNCIA DE 4 CV, SEM CARREGADOR - MATERIAIS NA OPERAÇÃO. AF_11/2014","H","2,02","89224","BETONEIRA CAPACIDADE NOMINAL DE 600 L, CAPACIDADE DE MISTURA 360 L, MOTOR ELÉTRICO TRIFÁSICO POTÊNCIA DE 4 CV, SEM CARREGADOR - MATERIAIS NA OPERAÇÃO. AF_11/2014","H","2,02","89224","BETONEIRA CAPACIDADE NOMINAL DE 600 L, CAPACIDADE DE MISTURA 360 L, MOTOR ELÉTRICO TRIFÁSICO POTÊNCIA DE 4 CV, SEM CARREGADOR - MATERIAIS NA OPERAÇÃO. AF_11/2014","H","2,02","89224","BETONEIRA CAPACIDADE NOMINAL DE 600 L, CAPACIDADE DE MISTURA 360 L, MOTOR ELÉTRICO TRIFÁSICO POTÊNCIA DE 4 CV, SEM CARREGADOR - MATERIAIS NA OPERAÇÃO. AF_11/2014","H","2,02","89224","BETONEIRA CAPACIDADE NOMINAL DE 600 L, CAPACIDADE DE MISTURA 360 L, MOTOR ELÉTRICO TRIFÁSICO POTÊNCIA DE 4 CV, SEM CARREGADOR - MATERIAIS NA OPERAÇÃO. AF_11/2014","H","2,02","89224","BETONEIRA CAPACIDADE NOMINAL DE 600 L, CAPACIDADE DE MISTURA 360 L, MOTOR ELÉTRICO TRIFÁSICO POTÊNCIA DE 4 CV, SEM CARREGADOR - MATERIAIS NA OPERAÇÃO. AF_11/2014","H","2,02","89224","BETONEIRA CAPACIDADE NOMINAL DE 600 L, CAPACIDADE DE MISTURA 360 L, MOTOR ELÉTRICO TRIFÁSICO POTÊNCIA DE 4 CV, SEM CARREGADOR - MATERIAIS NA OPERAÇÃO. AF_11/2014","H","2,02","89224","BETONEIRA CAPACIDADE NOMINAL DE 600 L, CAPACIDADE DE MISTURA 360 L, MOTOR ELÉTRICO TRIFÁSICO POTÊNCIA DE 4 CV, SEM CARREGADOR - MATERIAIS NA OPERAÇÃO. AF_11/2014","H","2,02","89224","BETONEIRA CAPACIDADE NOMINAL DE 600 L, CAPACIDADE DE MISTURA 360 L, MOTOR ELÉTRICO TRIFÁSICO POTÊNCIA DE 4 CV, SEM CARREGADOR - MATERIAIS NA OPERAÇÃO. AF_11/2014","H","2,02","89224","BETONEIRA CAPACIDADE NOMINAL DE 600 L, CAPACIDADE DE MISTURA 360 L, MOTOR ELÉTRICO TRIFÁSICO POTÊNCIA DE 4 CV, SEM CARREGADOR - MATERIAIS NA OPERAÇÃO. AF_11/2014","H","2,02","89224","BETONEIRA CAPACIDADE NOMINAL DE 600 L, CAPACIDADE DE MISTURA 360 L, MOTOR ELÉTRICO TRIFÁSICO POTÊNCIA DE 4 CV, SEM CARREGADOR - MATERIAIS NA OPERAÇÃO. AF_11/2014","H","2,02","89224","BETONEIRA CAPACIDADE NOMINAL DE 600 L, CAPACIDADE DE MISTURA 360 L, MOTOR ELÉTRICO TRIFÁSICO POTÊNCIA DE 4 CV, SEM CARREGADOR - MATERIAIS NA OPERAÇÃO. AF_11/2014","H","2,02","89224","BETONEIRA CAPACIDADE NOMINAL DE 600 L, CAPACIDADE DE MISTURA 360 L, MOTOR ELÉTRICO TRIFÁSICO POTÊNCIA DE 4 CV, SEM CARREGADOR - MATERIAIS NA OPERAÇÃO. AF_11/2014","H","2,02","89224","BETONEIRA CAPACIDADE NOMINAL DE 600 L, CAPACIDADE DE MISTURA 360 L, MOTOR ELÉTRICO TRIFÁSICO POTÊNCIA DE 4 CV, SEM CARREGADOR - MATERIAIS NA OPERAÇÃO. AF_11/2014","H","2,02","89224","BETONEIRA CAPACIDADE NOMINAL DE 600 L, CAPACIDADE DE MISTURA 360 L, MOTOR ELÉTRICO TRIFÁSICO POTÊNCIA DE 4 CV, SEM CARREGADOR - MATERIAIS NA OPERAÇÃO. AF_11/2014","H","2,02","89224","BETONEIRA CAPACIDADE NOMINAL DE 600 L, CAPACIDADE DE MISTURA 360 L, MOTOR ELÉTRICO TRIFÁSICO POTÊNCIA DE 4 CV, SEM CARREGADOR - MATERIAIS NA OPERAÇÃO. AF_11/2014","H","2,02","89224","BETONEIRA CAPACIDADE NOMINAL DE 600 L, CAPACIDADE DE MISTURA 360 L, MOTOR ELÉTRICO TRIFÁSICO POTÊNCIA DE 4 CV, SEM CARREGADOR - MATERIAIS NA OPERAÇÃO. AF_11/2014","H","2,02","89224","BETONEIRA CAPACIDADE NOMINAL DE 600 L, CAPACIDADE DE MISTURA 360 L, MOTOR ELÉTRICO TRIFÁSICO POTÊNCIA DE 4 CV, SEM CARREGADOR - MATERIAIS NA OPERAÇÃO. AF_11/2014","H","2,02","89224","BETONEIRA CAPACIDADE NOMINAL DE 600 L, CAPACIDADE DE MISTURA 360 L, MOTOR ELÉTRICO TRIFÁSICO POTÊNCIA DE 4 CV, SEM CARREGADOR - MATERIAIS NA OPERAÇÃO. AF_11/2014","H","2,02","89224","BETONEIRA CAPACIDADE NOMINAL DE 600 L, CAPACIDADE DE MISTURA 360 L, MOTOR ELÉTRICO TRIFÁSICO POTÊNCIA DE 4 CV, SEM CARREGADOR - MATERIAIS NA OPERAÇÃO. AF_11/2014","H","2,02","89224","BETONEIRA CAPACIDADE NOMINAL DE 600 L, CAPACIDADE DE MISTURA 360 L, MOTOR ELÉTRICO TRIFÁSICO POTÊNCIA DE 4 CV, SEM CARREGADOR - MATERIAIS NA OPERAÇÃO. AF_11/2014","H","2,02"]
[89870,"CAMINHÃO BASCULANTE 14 M3, COM CAVALO MECÂNICO DE CAPACIDADE MÁXIMA DE TRAÇÃO COMBINADO DE 36000 KG, POTÊNCIA 286 CV, INCLUSIVE SEMIREBOQUE COM CAÇAMBA METÁLICA - DEPRECIAÇÃO. AF_12/2014","H",40.86,"89870","CAMINHÃO BASCULANTE 14 M3, COM CAVALO MECÂNICO DE CAPACIDADE MÁXIMA DE TRAÇÃO COMBINADO DE 36000 KG, POTÊNCIA 286 CV, INCLUSIVE SEMIREBOQUE COM CAÇAMBA METÁLICA - DEPRECIAÇÃO. AF_12/2014","H","40,86","89870","CAMINHÃO BASCULANTE 14 M3, COM CAVALO MECÂNICO DE CAPACIDADE MÁXIMA DE TRAÇÃO COMBINADO DE 36000 KG, POTÊNCIA 286 CV, INCLUSIVE SEMIREBOQUE COM CAÇAMBA METÁLICA - DEPRECIAÇÃO. AF_12/2014","H","40,86","89870","CAMINHÃO BASCULANTE 14 M3, COM CAVALO MECÂNICO DE CAPACIDADE MÁXIMA DE TRAÇÃO COMBINADO DE 36000 KG, POTÊNCIA 286 CV, INCLUSIVE SEMIREBOQUE COM CAÇAMBA METÁLICA - DEPRECIAÇÃO. AF_12/2014","H","40,86","89870","CAMINHÃO BASCULANTE 14 M3, COM CAVALO MECÂNICO DE CAPACIDADE MÁXIMA DE TRAÇÃO COMBINADO DE 36000 KG, POTÊNCIA 286 CV, INCLUSIVE SEMIREBOQUE COM CAÇAMBA METÁLICA - DEPRECIAÇÃO. AF_12/2014","H","40,86","89870","CAMINHÃO BASCULANTE 14 M3, COM CAVALO MECÂNICO DE CAPACIDADE MÁXIMA DE TRAÇÃO COMBINADO DE 36000 KG, POTÊNCIA 286 CV, INCLUSIVE SEMIREBOQUE COM CAÇAMBA METÁLICA - DEPRECIAÇÃO. AF_12/2014","H","40,86","89870","CAMINHÃO BASCULANTE 14 M3, COM CAVALO MECÂNICO DE CAPACIDADE MÁXIMA DE TRAÇÃO COMBINADO DE 36000 KG, POTÊNCIA 286 CV, INCLUSIVE SEMIREBOQUE COM CAÇAMBA METÁLICA - DEPRECIAÇÃO. AF_12/2014","H","40,86","89870","CAMINHÃO BASCULANTE 14 M3, COM CAVALO MECÂNICO DE CAPACIDADE MÁXIMA DE TRAÇÃO COMBINADO DE 36000 KG, POTÊNCIA 286 CV, INCLUSIVE SEMIREBOQUE COM CAÇAMBA METÁLICA - DEPRECIAÇÃO. AF_12/2014","H","40,86","89870","CAMINHÃO BASCULANTE 14 M3, COM CAVALO MECÂNICO DE CAPACIDADE MÁXIMA DE TRAÇÃO COMBINADO DE 36000 KG, POTÊNCIA 286 CV, INCLUSIVE SEMIREBOQUE COM CAÇAMBA METÁLICA - DEPRECIAÇÃO. AF_12/2014","H","40,86","89870","CAMINHÃO BASCULANTE 14 M3, COM CAVALO MECÂNICO DE CAPACIDADE MÁXIMA DE TRAÇÃO COMBINADO DE 36000 KG, POTÊNCIA 286 CV, INCLUSIVE SEMIREBOQUE COM CAÇAMBA METÁLICA - DEPRECIAÇÃO. AF_12/2014","H","40,86","89870","CAMINHÃO BASCULANTE 14 M3, COM CAVALO MECÂNICO DE CAPACIDADE MÁXIMA DE TRAÇÃO COMBINADO DE 36000 KG, POTÊNCIA 286 CV, INCLUSIVE SEMIREBOQUE COM CAÇAMBA METÁLICA - DEPRECIAÇÃO. AF_12/2014","H","40,86","89870","CAMINHÃO BASCULANTE 14 M3, COM CAVALO MECÂNICO DE CAPACIDADE MÁXIMA DE TRAÇÃO COMBINADO DE 36000 KG, POTÊNCIA 286 CV, INCLUSIVE SEMIREBOQUE COM CAÇAMBA METÁLICA - DEPRECIAÇÃO. AF_12/2014","H","40,86","89870","CAMINHÃO BASCULANTE 14 M3, COM CAVALO MECÂNICO DE CAPACIDADE MÁXIMA DE TRAÇÃO COMBINADO DE 36000 KG, POTÊNCIA 286 CV, INCLUSIVE SEMIREBOQUE COM CAÇAMBA METÁLICA - DEPRECIAÇÃO. AF_12/2014","H","40,86","89870","CAMINHÃO BASCULANTE 14 M3, COM CAVALO MECÂNICO DE CAPACIDADE MÁXIMA DE TRAÇÃO COMBINADO DE 36000 KG, POTÊNCIA 286 CV, INCLUSIVE SEMIREBOQUE COM CAÇAMBA METÁLICA - DEPRECIAÇÃO. AF_12/2014","H","40,86","89870","CAMINHÃO BASCULANTE 14 M3, COM CAVALO MECÂNICO DE CAPACIDADE MÁXIMA DE TRAÇÃO COMBINADO DE 36000 KG, POTÊNCIA 286 CV, INCLUSIVE SEMIREBOQUE COM CAÇAMBA METÁLICA - DEPRECIAÇÃO. AF_12/2014","H","40,86","89870","CAMINHÃO BASCULANTE 14 M3, COM CAVALO MECÂNICO DE CAPACIDADE MÁXIMA DE TRAÇÃO COMBINADO DE 36000 KG, POTÊNCIA 286 CV, INCLUSIVE SEMIREBOQUE COM CAÇAMBA METÁLICA - DEPRECIAÇÃO. AF_12/2014","H","40,86","89870","CAMINHÃO BASCULANTE 14 M3, COM CAVALO MECÂNICO DE CAPACIDADE MÁXIMA DE TRAÇÃO COMBINADO DE 36000 KG, POTÊNCIA 286 CV, INCLUSIVE SEMIREBOQUE COM CAÇAMBA METÁLICA - DEPRECIAÇÃO. AF_12/2014","H","40,86","89870","CAMINHÃO BASCULANTE 14 M3, COM CAVALO MECÂNICO DE CAPACIDADE MÁXIMA DE TRAÇÃO COMBINADO DE 36000 KG, POTÊNCIA 286 CV, INCLUSIVE SEMIREBOQUE COM CAÇAMBA METÁLICA - DEPRECIAÇÃO. AF_12/2014","H","40,86","89870","CAMINHÃO BASCULANTE 14 M3, COM CAVALO MECÂNICO DE CAPACIDADE MÁXIMA DE TRAÇÃO COMBINADO DE 36000 KG, POTÊNCIA 286 CV, INCLUSIVE SEMIREBOQUE COM CAÇAMBA METÁLICA - DEPRECIAÇÃO. AF_12/2014","H","40,86","89870","CAMINHÃO BASCULANTE 14 M3, COM CAVALO MECÂNICO DE CAPACIDADE MÁXIMA DE TRAÇÃO COMBINADO DE 36000 KG, POTÊNCIA 286 CV, INCLUSIVE SEMIREBOQUE COM CAÇAMBA METÁLICA - DEPRECIAÇÃO. AF_12/2014","H","40,86","89870","CAMINHÃO BASCULANTE 14 M3, COM CAVALO MECÂNICO DE CAPACIDADE MÁXIMA DE TRAÇÃO COMBINADO DE 36000 KG, POTÊNCIA 286 CV, INCLUSIVE SEMIREBOQUE COM CAÇAMBA METÁLICA - DEPRECIAÇÃO. AF_12/2014","H","40,86","89870","CAMINHÃO BASCULANTE 14 M3, COM CAVALO MECÂNICO DE CAPACIDADE MÁXIMA DE TRAÇÃO COMBINADO DE 36000 KG, POTÊNCIA 286 CV, INCLUSIVE SEMIREBOQUE COM CAÇAMBA METÁLICA - DEPRECIAÇÃO. AF_12/2014","H","40,86","89870","CAMINHÃO BASCULANTE 14 M3, COM CAVALO MECÂNICO DE CAPACIDADE MÁXIMA DE TRAÇÃO COMBINADO DE 36000 KG, POTÊNCIA 286 CV, INCLUSIVE SEMIREBOQUE COM CAÇAMBA METÁLICA - DEPRECIAÇÃO. AF_12/2014","H","40,86","89870","CAMINHÃO BASCULANTE 14 M3, COM CAVALO MECÂNICO DE CAPACIDADE MÁXIMA DE TRAÇÃO COMBINADO DE 36000 KG, POTÊNCIA 286 CV, INCLUSIVE SEMIREBOQUE COM CAÇAMBA METÁLICA - DEPRECIAÇÃO. AF_12/2014","H","40,86","89870","CAMINHÃO BASCULANTE 14 M3, COM CAVALO MECÂNICO DE CAPACIDADE MÁXIMA DE TRAÇÃO COMBINADO DE 36000 KG, POTÊNCIA 286 CV, INCLUSIVE SEMIREBOQUE COM CAÇAMBA METÁLICA - DEPRECIAÇÃO. AF_12/2014","H","40,86","89870","CAMINHÃO BASCULANTE 14 M3, COM CAVALO MECÂNICO DE CAPACIDADE MÁXIMA DE TRAÇÃO COMBINADO DE 36000 KG, POTÊNCIA 286 CV, INCLUSIVE SEMIREBOQUE COM CAÇAMBA METÁLICA - DEPRECIAÇÃO. AF_12/2014","H","40,86","89870","CAMINHÃO BASCULANTE 14 M3, COM CAVALO MECÂNICO DE CAPACIDADE MÁXIMA DE TRAÇÃO COMBINADO DE 36000 KG, POTÊNCIA 286 CV, INCLUSIVE SEMIREBOQUE COM CAÇAMBA METÁLICA - DEPRECIAÇÃO. AF_12/2014","H","40,86","89870","CAMINHÃO BASCULANTE 14 M3, COM CAVALO MECÂNICO DE CAPACIDADE MÁXIMA DE TRAÇÃO COMBINADO DE 36000 KG, POTÊNCIA 286 CV, INCLUSIVE SEMIREBOQUE COM CAÇAMBA METÁLICA - DEPRECIAÇÃO. AF_12/2014","H","40,86","89870","CAMINHÃO BASCULANTE 14 M3, COM CAVALO MECÂNICO DE CAPACIDADE MÁXIMA DE TRAÇÃO COMBINADO DE 36000 KG, POTÊNCIA 286 CV, INCLUSIVE SEMIREBOQUE COM CAÇAMBA METÁLICA - DEPRECIAÇÃO. AF_12/2014","H","40,86","89870","CAMINHÃO BASCULANTE 14 M3, COM CAVALO MECÂNICO DE CAPACIDADE MÁXIMA DE TRAÇÃO COMBINADO DE 36000 KG, POTÊNCIA 286 CV, INCLUSIVE SEMIREBOQUE COM CAÇAMBA METÁLICA - DEPRECIAÇÃO. AF_12/2014","H","40,86","89870","CAMINHÃO BASCULANTE 14 M3, COM CAVALO MECÂNICO DE CAPACIDADE MÁXIMA DE TRAÇÃO COMBINADO DE 36000 KG, POTÊNCIA 286 CV, INCLUSIVE SEMIREBOQUE COM CAÇAMBA METÁLICA - DEPRECIAÇÃO. AF_12/2014","H","40,86","89870","CAMINHÃO BASCULANTE 14 M3, COM CAVALO MECÂNICO DE CAPACIDADE MÁXIMA DE TRAÇÃO COMBINADO DE 36000 KG, POTÊNCIA 286 CV, INCLUSIVE SEMIREBOQUE COM CAÇAMBA METÁLICA - DEPRECIAÇÃO. AF_12/2014","H","40,86","89870","CAMINHÃO BASCULANTE 14 M3, COM CAVALO MECÂNICO DE CAPACIDADE MÁXIMA DE TRAÇÃO COMBINADO DE 36000 KG, POTÊNCIA 286 CV, INCLUSIVE SEMIREBOQUE COM CAÇAMBA METÁLICA - DEPRECIAÇÃO. AF_12/2014","H","40,86","89870","CAMINHÃO BASCULANTE 14 M3, COM CAVALO MECÂNICO DE CAPACIDADE MÁXIMA DE TRAÇÃO COMBINADO DE 36000 KG, POTÊNCIA 286 CV, INCLUSIVE SEMIREBOQUE COM CAÇAMBA METÁLICA - DEPRECIAÇÃO. AF_12/2014","H","40,86","89870","CAMINHÃO BASCULANTE 14 M3, COM CAVALO MECÂNICO DE CAPACIDADE MÁXIMA DE TRAÇÃO COMBINADO DE 36000 KG, POTÊNCIA 286 CV, INCLUSIVE SEMIREBOQUE COM CAÇAMBA METÁLICA - DEPRECIAÇÃO. AF_12/2014","H","40,86","89870","CAMINHÃO BASCULANTE 14 M3, COM CAVALO MECÂNICO DE CAPACIDADE MÁXIMA DE TRAÇÃO COMBINADO DE 36000 KG, POTÊNCIA 286 CV, INCLUSIVE SEMIREBOQUE COM CAÇAMBA METÁLICA - DEPRECIAÇÃO. AF_12/2014","H","40,86","89870","CAMINHÃO BASCULANTE 14 M3, COM CAVALO MECÂNICO DE CAPACIDADE MÁXIMA DE TRAÇÃO COMBINADO DE 36000 KG, POTÊNCIA 286 CV, INCLUSIVE SEMIREBOQUE COM CAÇAMBA METÁLICA - DEPRECIAÇÃO. AF_12/2014","H","40,86","89870","CAMINHÃO BASCULANTE 14 M3, COM CAVALO MECÂNICO DE CAPACIDADE MÁXIMA DE TRAÇÃO COMBINADO DE 36000 KG, POTÊNCIA 286 CV, INCLUSIVE SEMIREBOQUE COM CAÇAMBA METÁLICA - DEPRECIAÇÃO. AF_12/2014","H","40,86","89870","CAMINHÃO BASCULANTE 14 M3, COM CAVALO MECÂNICO DE CAPACIDADE MÁXIMA DE TRAÇÃO COMBINADO DE 36000 KG, POTÊNCIA 286 CV, INCLUSIVE SEMIREBOQUE COM CAÇAMBA METÁLICA - DEPRECIAÇÃO. AF_12/2014","H","40,86","89870","CAMINHÃO BASCULANTE 14 M3, COM CAVALO MECÂNICO DE CAPACIDADE MÁXIMA DE TRAÇÃO COMBINADO DE 36000 KG, POTÊNCIA 286 CV, INCLUSIVE SEMIREBOQUE COM CAÇAMBA METÁLICA - DEPRECIAÇÃO. AF_12/2014","H","40,86","89870","CAMINHÃO BASCULANTE 14 M3, COM CAVALO MECÂNICO DE CAPACIDADE MÁXIMA DE TRAÇÃO COMBINADO DE 36000 KG, POTÊNCIA 286 CV, INCLUSIVE SEMIREBOQUE COM CAÇAMBA METÁLICA - DEPRECIAÇÃO. AF_12/2014","H","40,86","89870","CAMINHÃO BASCULANTE 14 M3, COM CAVALO MECÂNICO DE CAPACIDADE MÁXIMA DE TRAÇÃO COMBINADO DE 36000 KG, POTÊNCIA 286 CV, INCLUSIVE SEMIREBOQUE COM CAÇAMBA METÁLICA - DEPRECIAÇÃO. AF_12/2014","H","40,86","89870","CAMINHÃO BASCULANTE 14 M3, COM CAVALO MECÂNICO DE CAPACIDADE MÁXIMA DE TRAÇÃO COMBINADO DE 36000 KG, POTÊNCIA 286 CV, INCLUSIVE SEMIREBOQUE COM CAÇAMBA METÁLICA - DEPRECIAÇÃO. AF_12/2014","H","40,86","89870","CAMINHÃO BASCULANTE 14 M3, COM CAVALO MECÂNICO DE CAPACIDADE MÁXIMA DE TRAÇÃO COMBINADO DE 36000 KG, POTÊNCIA 286 CV, INCLUSIVE SEMIREBOQUE COM CAÇAMBA METÁLICA - DEPRECIAÇÃO. AF_12/2014","H","40,86","89870","CAMINHÃO BASCULANTE 14 M3, COM CAVALO MECÂNICO DE CAPACIDADE MÁXIMA DE TRAÇÃO COMBINADO DE 36000 KG, POTÊNCIA 286 CV, INCLUSIVE SEMIREBOQUE COM CAÇAMBA METÁLICA - DEPRECIAÇÃO. AF_12/2014","H","40,86","89870","CAMINHÃO BASCULANTE 14 M3, COM CAVALO MECÂNICO DE CAPACIDADE MÁXIMA DE TRAÇÃO COMBINADO DE 36000 KG, POTÊNCIA 286 CV, INCLUSIVE SEMIREBOQUE COM CAÇAMBA METÁLICA - DEPRECIAÇÃO. AF_12/2014","H","40,86","89870","CAMINHÃO BASCULANTE 14 M3, COM CAVALO MECÂNICO DE CAPACIDADE MÁXIMA DE TRAÇÃO COMBINADO DE 36000 KG, POTÊNCIA 286 CV, INCLUSIVE SEMIREBOQUE COM CAÇAMBA METÁLICA - DEPRECIAÇÃO. AF_12/2014","H","40,86","89870","CAMINHÃO BASCULANTE 14 M3, COM CAVALO MECÂNICO DE CAPACIDADE MÁXIMA DE TRAÇÃO COMBINADO DE 36000 KG, POTÊNCIA 286 CV, INCLUSIVE SEMIREBOQUE COM CAÇAMBA METÁLICA - DEPRECIAÇÃO. AF_12/2014","H","40,86","89870","CAMINHÃO BASCULANTE 14 M3, COM CAVALO MECÂNICO DE CAPACIDADE MÁXIMA DE TRAÇÃO COMBINADO DE 36000 KG, POTÊNCIA 286 CV, INCLUSIVE SEMIREBOQUE COM CAÇAMBA METÁLICA - DEPRECIAÇÃO. AF_12/2014","H","40,86","89870","CAMINHÃO BASCULANTE 14 M3, COM CAVALO MECÂNICO DE CAPACIDADE MÁXIMA DE TRAÇÃO COMBINADO DE 36000 KG, POTÊNCIA 286 CV, INCLUSIVE SEMIREBOQUE COM CAÇAMBA METÁLICA - DEPRECIAÇÃO. AF_12/2014","H","40,86","89870","CAMINHÃO BASCULANTE 14 M3, COM CAVALO MECÂNICO DE CAPACIDADE MÁXIMA DE TRAÇÃO COMBINADO DE 36000 KG, POTÊNCIA 286 CV, INCLUSIVE SEMIREBOQUE COM CAÇAMBA METÁLICA - DEPRECIAÇÃO. AF_12/2014","H","40,86","89870","CAMINHÃO BASCULANTE 14 M3, COM CAVALO MECÂNICO DE CAPACIDADE MÁXIMA DE TRAÇÃO COMBINADO DE 36000 KG, POTÊNCIA 286 CV, INCLUSIVE SEMIREBOQUE COM CAÇAMBA METÁLICA - DEPRECIAÇÃO. AF_12/2014","H","40,86","89870","CAMINHÃO BASCULANTE 14 M3, COM CAVALO MECÂNICO DE CAPACIDADE MÁXIMA DE TRAÇÃO COMBINADO DE 36000 KG, POTÊNCIA 286 CV, INCLUSIVE SEMIREBOQUE COM CAÇAMBA METÁLICA - DEPRECIAÇÃO. AF_12/2014","H","40,86","89870","CAMINHÃO BASCULANTE 14 M3, COM CAVALO MECÂNICO DE CAPACIDADE MÁXIMA DE TRAÇÃO COMBINADO DE 36000 KG, POTÊNCIA 286 CV, INCLUSIVE SEMIREBOQUE COM CAÇAMBA METÁLICA - DEPRECIAÇÃO. AF_12/2014","H","40,86","89870","CAMINHÃO BASCULANTE 14 M3, COM CAVALO MECÂNICO DE CAPACIDADE MÁXIMA DE TRAÇÃO COMBINADO DE 36000 KG, POTÊNCIA 286 CV, INCLUSIVE SEMIREBOQUE COM CAÇAMBA METÁLICA - DEPRECIAÇÃO. AF_12/2014","H","40,86","89870","CAMINHÃO BASCULANTE 14 M3, COM CAVALO MECÂNICO DE CAPACIDADE MÁXIMA DE TRAÇÃO COMBINADO DE 36000 KG, POTÊNCIA 286 CV, INCLUSIVE SEMIREBOQUE COM CAÇAMBA METÁLICA - DEPRECIAÇÃO. AF_12/2014","H","40,86","89870","CAMINHÃO BASCULANTE 14 M3, COM CAVALO MECÂNICO DE CAPACIDADE MÁXIMA DE TRAÇÃO COMBINADO DE 36000 KG, POTÊNCIA 286 CV, INCLUSIVE SEMIREBOQUE COM CAÇAMBA METÁLICA - DEPRECIAÇÃO. AF_12/2014","H","40,86","89870","CAMINHÃO BASCULANTE 14 M3, COM CAVALO MECÂNICO DE CAPACIDADE MÁXIMA DE TRAÇÃO COMBINADO DE 36000 KG, POTÊNCIA 286 CV, INCLUSIVE SEMIREBOQUE COM CAÇAMBA METÁLICA - DEPRECIAÇÃO. AF_12/2014","H","40,86","89870","CAMINHÃO BASCULANTE 14 M3, COM CAVALO MECÂNICO DE CAPACIDADE MÁXIMA DE TRAÇÃO COMBINADO DE 36000 KG, POTÊNCIA 286 CV, INCLUSIVE SEMIREBOQUE COM CAÇAMBA METÁLICA - DEPRECIAÇÃO. AF_12/2014","H","40,86","89870","CAMINHÃO BASCULANTE 14 M3, COM CAVALO MECÂNICO DE CAPACIDADE MÁXIMA DE TRAÇÃO COMBINADO DE 36000 KG, POTÊNCIA 286 CV, INCLUSIVE SEMIREBOQUE COM CAÇAMBA METÁLICA - DEPRECIAÇÃO. AF_12/2014","H","40,86","89870","CAMINHÃO BASCULANTE 14 M3, COM CAVALO MECÂNICO DE CAPACIDADE MÁXIMA DE TRAÇÃO COMBINADO DE 36000 KG, POTÊNCIA 286 CV, INCLUSIVE SEMIREBOQUE COM CAÇAMBA METÁLICA - DEPRECIAÇÃO. AF_12/2014","H","40,86","89870","CAMINHÃO BASCULANTE 14 M3, COM CAVALO MECÂNICO DE CAPACIDADE MÁXIMA DE TRAÇÃO COMBINADO DE 36000 KG, POTÊNCIA 286 CV, INCLUSIVE SEMIREBOQUE COM CAÇAMBA METÁLICA - DEPRECIAÇÃO. AF_12/2014","H","40,86","89870","CAMINHÃO BASCULANTE 14 M3, COM CAVALO MECÂNICO DE CAPACIDADE MÁXIMA DE TRAÇÃO COMBINADO DE 36000 KG, POTÊNCIA 286 CV, INCLUSIVE SEMIREBOQUE COM CAÇAMBA METÁLICA - DEPRECIAÇÃO. AF_12/2014","H","40,86","89870","CAMINHÃO BASCULANTE 14 M3, COM CAVALO MECÂNICO DE CAPACIDADE MÁXIMA DE TRAÇÃO COMBINADO DE 36000 KG, POTÊNCIA 286 CV, INCLUSIVE SEMIREBOQUE COM CAÇAMBA METÁLICA - DEPRECIAÇÃO. AF_12/2014","H","40,86"]
[91282,"CORTADORA DE PISO COM MOTOR 4 TEMPOS A GASOLINA, POTÊNCIA DE 13 HP, COM DISCO DE CORTE DIAMANTADO SEGMENTADO PARA CONCRETO, DIÂMETRO DE 350 MM, FURO DE 1\" (14 X 1\") - MATERIAIS NA OPERAÇÃO. AF_08/2015","H",7.67,"91282","CORTADORA DE PISO COM MOTOR 4 TEMPOS A GASOLINA, POTÊNCIA DE 13 HP, COM DISCO DE CORTE DIAMANTADO SEGMENTADO PARA CONCRETO, DIÂMETRO DE 350 MM, FURO DE 1\" (14 X 1\") - MATERIAIS NA OPERAÇÃO. AF_08/2015","H","7,67","91282","CORTADORA DE PISO COM MOTOR 4 TEMPOS A GASOLINA, POTÊNCIA DE 13 HP, COM DISCO DE CORTE DIAMANTADO SEGMENTADO PARA CONCRETO, DIÂMETRO DE 350 MM, FURO DE 1\" (14 X 1\") - MATERIAIS NA OPERAÇÃO. AF_08/2015","H","7,67","91282","CORTADORA DE PISO COM MOTOR 4 TEMPOS A GASOLINA, POTÊNCIA DE 13 HP, COM DISCO DE CORTE DIAMANTADO SEGMENTADO PARA CONCRETO, DIÂMETRO DE 350 MM, FURO DE 1\" (14 X 1\") - MATERIAIS NA OPERAÇÃO. AF_08/2015","H","7,67","91282","CORTADORA DE PISO COM MOTOR 4 TEMPOS A GASOLINA, POTÊNCIA DE 13 HP, COM DISCO DE CORTE DIAMANTADO SEGMENTADO PARA CONCRETO, DIÂMETRO DE 350 MM, FURO DE 1\" (14 X 1\") - MATERIAIS NA OPERAÇÃO. AF_08/2015","H","7,67","91282","CORTADORA DE PISO COM MOTOR 4 TEMPOS A GASOLINA, POTÊNCIA DE 13 HP, COM DISCO DE CORTE DIAMANTADO SEGMENTADO PARA CONCRETO, DIÂMETRO DE 350 MM, FURO DE 1\" (14 X 1\") - MATERIAIS NA OPERAÇÃO. AF_08/2015","H","7,67","91282","CORTADORA DE PISO COM MOTOR 4 TEMPOS A GASOLINA, POTÊNCIA DE 13 HP, COM DISCO DE CORTE DIAMANTADO SEGMENTADO PARA CONCRETO, DIÂMETRO DE 350 MM, FURO DE 1\" (14 X 1\") - MATERIAIS NA OPERAÇÃO. AF_08/2015","H","7,67","91282","CORTADORA DE PISO COM MOTOR 4 TEMPOS A GASOLINA, POTÊNCIA DE 13 HP, COM DISCO DE CORTE DIAMANTADO SEGMENTADO PARA CONCRETO, DIÂMETRO DE 350 MM, FURO DE 1\" (14 X 1\") - MATERIAIS NA OPERAÇÃO. AF_08/2015","H","7,67","91282","CORTADORA DE PISO COM MOTOR 4 TEMPOS A GASOLINA, POTÊNCIA DE 13 HP, COM DISCO DE CORTE DIAMANTADO SEGMENTADO PARA CONCRETO, DIÂMETRO DE 350 MM, FURO DE 1\" (14 X 1\") - MATERIAIS NA OPERAÇÃO. AF_08/2015","H","7,67","91282","CORTADORA DE PISO COM MOTOR 4 TEMPOS A GASOLINA, POTÊNCIA DE 13 HP, COM DISCO DE CORTE DIAMANTADO SEGMENTADO PARA CONCRETO, DIÂMETRO DE 350 MM, FURO DE 1\" (14 X 1\") - MATERIAIS NA OPERAÇÃO. AF_08/2015","H","7,67","91282","CORTADORA DE PISO COM MOTOR 4 TEMPOS A GASOLINA, POTÊNCIA DE 13 HP, COM DISCO DE CORTE DIAMANTADO SEGMENTADO PARA CONCRETO, DIÂMETRO DE 350 MM, FURO DE 1\" (14 X 1\") - MATERIAIS NA OPERAÇÃO. AF_08/2015","H","7,67","91282","CORTADORA DE PISO COM MOTOR 4 TEMPOS A GASOLINA, POTÊNCIA DE 13 HP, COM DISCO DE CORTE DIAMANTADO SEGMENTADO PARA CONCRETO, DIÂMETRO DE 350 MM, FURO DE 1\" (14 X 1\") - MATERIAIS NA OPERAÇÃO. AF_08/2015","H","7,67","91282","CORTADORA DE PISO COM MOTOR 4 TEMPOS A GASOLINA, POTÊNCIA DE 13 HP, COM DISCO DE CORTE DIAMANTADO SEGMENTADO PARA CONCRETO, DIÂMETRO DE 350 MM, FURO DE 1\" (14 X 1\") - MATERIAIS NA OPERAÇÃO. AF_08/2015","H","7,67","91282","CORTADORA DE PISO COM MOTOR 4 TEMPOS A GASOLINA, POTÊNCIA DE 13 HP, COM DISCO DE CORTE DIAMANTADO SEGMENTADO PARA CONCRETO, DIÂMETRO DE 350 MM, FURO DE 1\" (14 X 1\") - MATERIAIS NA OPERAÇÃO. AF_08/2015","H","7,67","91282","CORTADORA DE PISO COM MOTOR 4 TEMPOS A GASOLINA, POTÊNCIA DE 13 HP, COM DISCO DE CORTE DIAMANTADO SEGMENTADO PARA CONCRETO, DIÂMETRO DE 350 MM, FURO DE 1\" (14 X 1\") - MATERIAIS NA OPERAÇÃO. AF_08/2015","H","7,67","91282","CORTADORA DE PISO COM MOTOR 4 TEMPOS A GASOLINA, POTÊNCIA DE 13 HP, COM DISCO DE CORTE DIAMANTADO SEGMENTADO PARA CONCRETO, DIÂMETRO DE 350 MM, FURO DE 1\" (14 X 1\") - MATERIAIS NA OPERAÇÃO. AF_08/2015","H","7,67","91282","CORTADORA DE PISO COM MOTOR 4 TEMPOS A GASOLINA, POTÊNCIA DE 13 HP, COM DISCO DE CORTE DIAMANTADO SEGMENTADO PARA CONCRETO, DIÂMETRO DE 350 MM, FURO DE 1\" (14 X 1\") - MATERIAIS NA OPERAÇÃO. AF_08/2015","H","7,67","91282","CORTADORA DE PISO COM MOTOR 4 TEMPOS A GASOLINA, POTÊNCIA DE 13 HP, COM DISCO DE CORTE DIAMANTADO SEGMENTADO PARA CONCRETO, DIÂMETRO DE 350 MM, FURO DE 1\" (14 X 1\") - MATERIAIS NA OPERAÇÃO. AF_08/2015","H","7,67","91282","CORTADORA DE PISO COM MOTOR 4 TEMPOS A GASOLINA, POTÊNCIA DE 13 HP, COM DISCO DE CORTE DIAMANTADO SEGMENTADO PARA CONCRETO, DIÂMETRO DE 350 MM, FURO DE 1\" (14 X 1\") - MATERIAIS NA OPERAÇÃO. AF_08/2015","H","7,67","91282","CORTADORA DE PISO COM MOTOR 4 TEMPOS A GASOLINA, POTÊNCIA DE 13 HP, COM DISCO DE CORTE DIAMANTADO SEGMENTADO PARA CONCRETO, DIÂMETRO DE 350 MM, FURO DE 1\" (14 X 1\") - MATERIAIS NA OPERAÇÃO. AF_08/2015","H","7,67","91282","CORTADORA DE PISO COM MOTOR 4 TEMPOS A GASOLINA, POTÊNCIA DE 13 HP, COM DISCO DE CORTE DIAMANTADO SEGMENTADO PARA CONCRETO, DIÂMETRO DE 350 MM, FURO DE 1\" (14 X 1\") - MATERIAIS NA OPERAÇÃO. AF_08/2015","H","7,67","91282","CORTADORA DE PISO COM MOTOR 4 TEMPOS A GASOLINA, POTÊNCIA DE 13 HP, COM DISCO DE CORTE DIAMANTADO SEGMENTADO PARA CONCRETO, DIÂMETRO DE 350 MM, FURO DE 1\" (14 X 1\") - MATERIAIS NA OPERAÇÃO. AF_08/2015","H","7,67","91282","CORTADORA DE PISO COM MOTOR 4 TEMPOS A GASOLINA, POTÊNCIA DE 13 HP, COM DISCO DE CORTE DIAMANTADO SEGMENTADO PARA CONCRETO, DIÂMETRO DE 350 MM, FURO DE 1\" (14 X 1\") - MATERIAIS NA OPERAÇÃO. AF_08/2015","H","7,67","91282","CORTADORA DE PISO COM MOTOR 4 TEMPOS A GASOLINA, POTÊNCIA DE 13 HP, COM DISCO DE CORTE DIAMANTADO SEGMENTADO PARA CONCRETO, DIÂMETRO DE 350 MM, FURO DE 1\" (14 X 1\") - MATERIAIS NA OPERAÇÃO. AF_08/2015","H","7,67","91282","CORTADORA DE PISO COM MOTOR 4 TEMPOS A GASOLINA, POTÊNCIA DE 13 HP, COM DISCO DE CORTE DIAMANTADO SEGMENTADO PARA CONCRETO, DIÂMETRO DE 350 MM, FURO DE 1\" (14 X 1\") - MATERIAIS NA OPERAÇÃO. AF_08/2015","H","7,67","91282","CORTADORA DE PISO COM MOTOR 4 TEMPOS A GASOLINA, POTÊNCIA DE 13 HP, COM DISCO DE CORTE DIAMANTADO SEGMENTADO PARA CONCRETO, DIÂMETRO DE 350 MM, FURO DE 1\" (14 X 1\") - MATERIAIS NA OPERAÇÃO. AF_08/2015","H","7,67","91282","CORTADORA DE PISO COM MOTOR 4 TEMPOS A GASOLINA, POTÊNCIA DE 13 HP, COM DISCO DE CORTE DIAMANTADO SEGMENTADO PARA CONCRETO, DIÂMETRO DE 350 MM, FURO DE 1\" (14 X 1\") - MATERIAIS NA OPERAÇÃO. AF_08/2015","H","7,67","91282","CORTADORA DE PISO COM MOTOR 4 TEMPOS A GASOLINA, POTÊNCIA DE 13 HP, COM DISCO DE CORTE DIAMANTADO SEGMENTADO PARA CONCRETO, DIÂMETRO DE 350 MM, FURO DE 1\" (14 X 1\") - MATERIAIS NA OPERAÇÃO. AF_08/2015","H","7,67","91282","CORTADORA DE PISO COM MOTOR 4 TEMPOS A GASOLINA, POTÊNCIA DE 13 HP, COM DISCO DE CORTE DIAMANTADO SEGMENTADO PARA CONCRETO, DIÂMETRO DE 350 MM, FURO DE 1\" (14 X 1\") - MATERIAIS NA OPERAÇÃO. AF_08/2015","H","7,67","91282","CORTADORA DE PISO COM MOTOR 4 TEMPOS A GASOLINA, POTÊNCIA DE 13 HP, COM DISCO DE CORTE DIAMANTADO SEGMENTADO PARA CONCRETO, DIÂMETRO DE 350 MM, FURO DE 1\" (14 X 1\") - MATERIAIS NA OPERAÇÃO. AF_08/2015","H","7,67","91282","CORTADORA DE PISO COM MOTOR 4 TEMPOS A GASOLINA, POTÊNCIA DE 13 HP, COM DISCO DE CORTE DIAMANTADO SEGMENTADO PARA CONCRETO, DIÂMETRO DE 350 MM, FURO DE 1\" (14 X 1\") - MATERIAIS NA OPERAÇÃO. AF_08/2015","H","7,67","91282","CORTADORA DE PISO COM MOTOR 4 TEMPOS A GASOLINA, POTÊNCIA DE 13 HP, COM DISCO DE CORTE DIAMANTADO SEGMENTADO PARA CONCRETO, DIÂMETRO DE 350 MM, FURO DE 1\" (14 X 1\") - MATERIAIS NA OPERAÇÃO. AF_08/2015","H","7,67","91282","CORTADORA DE PISO COM MOTOR 4 TEMPOS A GASOLINA, POTÊNCIA DE 13 HP, COM DISCO DE CORTE DIAMANTADO SEGMENTADO PARA CONCRETO, DIÂMETRO DE 350 MM, FURO DE 1\" (14 X 1\") - MATERIAIS NA OPERAÇÃO. AF_08/2015","H","7,67","91282","CORTADORA DE PISO COM MOTOR 4 TEMPOS A GASOLINA, POTÊNCIA DE 13 HP, COM DISCO DE CORTE DIAMANTADO SEGMENTADO PARA CONCRETO, DIÂMETRO DE 350 MM, FURO DE 1\" (14 X 1\") - MATERIAIS NA OPERAÇÃO. AF_08/2015","H","7,67","91282","CORTADORA DE PISO COM MOTOR 4 TEMPOS A GASOLINA, POTÊNCIA DE 13 HP, COM DISCO DE CORTE DIAMANTADO SEGMENTADO PARA CONCRETO, DIÂMETRO DE 350 MM, FURO DE 1\" (14 X 1\") - MATERIAIS NA OPERAÇÃO. AF_08/2015","H","7,67","91282","CORTADORA DE PISO COM MOTOR 4 TEMPOS A GASOLINA, POTÊNCIA DE 13 HP, COM DISCO DE CORTE DIAMANTADO SEGMENTADO PARA CONCRETO, DIÂMETRO DE 350 MM, FURO DE 1\" (14 X 1\") - MATERIAIS NA OPERAÇÃO. AF_08/2015","H","7,67","91282","CORTADORA DE PISO COM MOTOR 4 TEMPOS A GASOLINA, POTÊNCIA DE 13 HP, COM DISCO DE CORTE DIAMANTADO SEGMENTADO PARA CONCRETO, DIÂMETRO DE 350 MM, FURO DE 1\" (14 X 1\") - MATERIAIS NA OPERAÇÃO. AF_08/2015","H","7,67","91282","CORTADORA DE PISO COM MOTOR 4 TEMPOS A GASOLINA, POTÊNCIA DE 13 HP, COM DISCO DE CORTE DIAMANTADO SEGMENTADO PARA CONCRETO, DIÂMETRO DE 350 MM, FURO DE 1\" (14 X 1\") - MATERIAIS NA OPERAÇÃO. AF_08/2015","H","7,67","91282","CORTADORA DE PISO COM MOTOR 4 TEMPOS A GASOLINA, POTÊNCIA DE 13 HP, COM DISCO DE CORTE DIAMANTADO SEGMENTADO PARA CONCRETO, DIÂMETRO DE 350 MM, FURO DE 1\" (14 X 1\") - MATERIAIS NA OPERAÇÃO. AF_08/2015","H","7,67","91282","CORTADORA DE PISO COM MOTOR 4 TEMPOS A GASOLINA, POTÊNCIA DE 13 HP, COM DISCO DE CORTE DIAMANTADO SEGMENTADO PARA CONCRETO, DIÂMETRO DE 350 MM, FURO DE 1\" (14 X 1\") - MATERIAIS NA OPERAÇÃO. AF_08/2015","H","7,67","91282","CORTADORA DE PISO COM MOTOR 4 TEMPOS A GASOLINA, POTÊNCIA DE 13 HP, COM DISCO DE CORTE DIAMANTADO SEGMENTADO PARA CONCRETO, DIÂMETRO DE 350 MM, FURO DE 1\" (14 X 1\") - MATERIAIS NA OPERAÇÃO. AF_08/2015","H","7,67","91282","CORTADORA DE PISO COM MOTOR 4 TEMPOS A GASOLINA, POTÊNCIA DE 13 HP, COM DISCO DE CORTE DIAMANTADO SEGMENTADO PARA CONCRETO, DIÂMETRO DE 350 MM, FURO DE 1\" (14 X 1\") - MATERIAIS NA OPERAÇÃO. AF_08/2015","H","7,67","91282","CORTADORA DE PISO COM MOTOR 4 TEMPOS A GASOLINA, POTÊNCIA DE 13 HP, COM DISCO DE CORTE DIAMANTADO SEGMENTADO PARA CONCRETO, DIÂMETRO DE 350 MM, FURO DE 1\" (14 X 1\") - MATERIAIS NA OPERAÇÃO. AF_08/2015","H","7,67","91282","CORTADORA DE PISO COM MOTOR 4 TEMPOS A GASOLINA, POTÊNCIA DE 13 HP, COM DISCO DE CORTE DIAMANTADO SEGMENTADO PARA CONCRETO, DIÂMETRO DE 350 MM, FURO DE 1\" (14 X 1\") - MATERIAIS NA OPERAÇÃO. AF_08/2015","H","7,67","91282","CORTADORA DE PISO COM MOTOR 4 TEMPOS A GASOLINA, POTÊNCIA DE 13 HP, COM DISCO DE CORTE DIAMANTADO SEGMENTADO PARA CONCRETO, DIÂMETRO DE 350 MM, FURO DE 1\" (14 X 1\") - MATERIAIS NA OPERAÇÃO. AF_08/2015","H","7,67","91282","CORTADORA DE PISO COM MOTOR 4 TEMPOS A GASOLINA, POTÊNCIA DE 13 HP, COM DISCO DE CORTE DIAMANTADO SEGMENTADO PARA CONCRETO, DIÂMETRO DE 350 MM, FURO DE 1\" (14 X 1\") - MATERIAIS NA OPERAÇÃO. AF_08/2015","H","7,67","91282","CORTADORA DE PISO COM MOTOR 4 TEMPOS A GASOLINA, POTÊNCIA DE 13 HP, COM DISCO DE CORTE DIAMANTADO SEGMENTADO PARA CONCRETO, DIÂMETRO DE 350 MM, FURO DE 1\" (14 X 1\") - MATERIAIS NA OPERAÇÃO. AF_08/2015","H","7,67","91282","CORTADORA DE PISO COM MOTOR 4 TEMPOS A GASOLINA, POTÊNCIA DE 13 HP, COM DISCO DE CORTE DIAMANTADO SEGMENTADO PARA CONCRETO, DIÂMETRO DE 350 MM, FURO DE 1\" (14 X 1\") - MATERIAIS NA OPERAÇÃO. AF_08/2015","H","7,67","91282","CORTADORA DE PISO COM MOTOR 4 TEMPOS A GASOLINA, POTÊNCIA DE 13 HP, COM DISCO DE CORTE DIAMANTADO SEGMENTADO PARA CONCRETO, DIÂMETRO DE 350 MM, FURO DE 1\" (14 X 1\") - MATERIAIS NA OPERAÇÃO. AF_08/2015","H","7,67","91282","CORTADORA DE PISO COM MOTOR 4 TEMPOS A GASOLINA, POTÊNCIA DE 13 HP, COM DISCO DE CORTE DIAMANTADO SEGMENTADO PARA CONCRETO, DIÂMETRO DE 350 MM, FURO DE 1\" (14 X 1\") - MATERIAIS NA OPERAÇÃO. AF_08/2015","H","7,67","91282","CORTADORA DE PISO COM MOTOR 4 TEMPOS A GASOLINA, POTÊNCIA DE 13 HP, COM DISCO DE CORTE DIAMANTADO SEGMENTADO PARA CONCRETO, DIÂMETRO DE 350 MM, FURO DE 1\" (14 X 1\") - MATERIAIS NA OPERAÇÃO. AF_08/2015","H","7,67","91282","CORTADORA DE PISO COM MOTOR 4 TEMPOS A GASOLINA, POTÊNCIA DE 13 HP, COM DISCO DE CORTE DIAMANTADO SEGMENTADO PARA CONCRETO, DIÂMETRO DE 350 MM, FURO DE 1\" (14 X 1\") - MATERIAIS NA OPERAÇÃO. AF_08/2015","H","7,67","91282","CORTADORA DE PISO COM MOTOR 4 TEMPOS A GASOLINA, POTÊNCIA DE 13 HP, COM DISCO DE CORTE DIAMANTADO SEGMENTADO PARA CONCRETO, DIÂMETRO DE 350 MM, FURO DE 1\" (14 X 1\") - MATERIAIS NA OPERAÇÃO. AF_08/2015","H","7,67","91282","CORTADORA DE PISO COM MOTOR 4 TEMPOS A GASOLINA, POTÊNCIA DE 13 HP, COM DISCO DE CORTE DIAMANTADO SEGMENTADO PARA CONCRETO, DIÂMETRO DE 350 MM, FURO DE 1\" (14 X 1\") - MATERIAIS NA OPERAÇÃO. AF_08/2015","H","7,67","91282","CORTADORA DE PISO COM MOTOR 4 TEMPOS A GASOLINA, POTÊNCIA DE 13 HP, COM DISCO DE CORTE DIAMANTADO SEGMENTADO PARA CONCRETO, DIÂMETRO DE 350 MM, FURO DE 1\" (14 X 1\") - MATERIAIS NA OPERAÇÃO. AF_08/2015","H","7,67","91282","CORTADORA DE PISO COM MOTOR 4 TEMPOS A GASOLINA, POTÊNCIA DE 13 HP, COM DISCO DE CORTE DIAMANTADO SEGMENTADO PARA CONCRETO, DIÂMETRO DE 350 MM, FURO DE 1\" (14 X 1\") - MATERIAIS NA OPERAÇÃO. AF_08/2015","H","7,67","91282","CORTADORA DE PISO COM MOTOR 4 TEMPOS A GASOLINA, POTÊNCIA DE 13 HP, COM DISCO DE CORTE DIAMANTADO SEGMENTADO PARA CONCRETO, DIÂMETRO DE 350 MM, FURO DE 1\" (14 X 1\") - MATERIAIS NA OPERAÇÃO. AF_08/2015","H","7,67","91282","CORTADORA DE PISO COM MOTOR 4 TEMPOS A GASOLINA, POTÊNCIA DE 13 HP, COM DISCO DE CORTE DIAMANTADO SEGMENTADO PARA CONCRETO, DIÂMETRO DE 350 MM, FURO DE 1\" (14 X 1\") - MATERIAIS NA OPERAÇÃO. AF_08/2015","H","7,67","91282","CORTADORA DE PISO COM MOTOR 4 TEMPOS A GASOLINA, POTÊNCIA DE 13 HP, COM DISCO DE CORTE DIAMANTADO SEGMENTADO PARA CONCRETO, DIÂMETRO DE 350 MM, FURO DE 1\" (14 X 1\") - MATERIAIS NA OPERAÇÃO. AF_08/2015","H","7,67","91282","CORTADORA DE PISO COM MOTOR 4 TEMPOS A GASOLINA, POTÊNCIA DE 13 HP, COM DISCO DE CORTE DIAMANTADO SEGMENTADO PARA CONCRETO, DIÂMETRO DE 350 MM, FURO DE 1\" (14 X 1\") - MATERIAIS NA OPERAÇÃO. AF_08/2015","H","7,67","91282","CORTADORA DE PISO COM MOTOR 4 TEMPOS A GASOLINA, POTÊNCIA DE 13 HP, COM DISCO DE CORTE DIAMANTADO SEGMENTADO PARA CONCRETO, DIÂMETRO DE 350 MM, FURO DE 1\" (14 X 1\") - MATERIAIS NA OPERAÇÃO. AF_08/2015","H","7,67","91282","CORTADORA DE PISO COM MOTOR 4 TEMPOS A GASOLINA, POTÊNCIA DE 13 HP, COM DISCO DE CORTE DIAMANTADO SEGMENTADO PARA CONCRETO, DIÂMETRO DE 350 MM, FURO DE 1\" (14 X 1\") - MATERIAIS NA OPERAÇÃO. AF_08/2015","H","7,67","91282","CORTADORA DE PISO COM MOTOR 4 TEMPOS A GASOLINA, POTÊNCIA DE 13 HP, COM DISCO DE CORTE DIAMANTADO SEGMENTADO PARA CONCRETO, DIÂMETRO DE 350 MM, FURO DE 1\" (14 X 1\") - MATERIAIS NA OPERAÇÃO. AF_08/2015","H","7,67","91282","CORTADORA DE PISO COM MOTOR 4 TEMPOS A GASOLINA, POTÊNCIA DE 13 HP, COM DISCO DE CORTE DIAMANTADO SEGMENTADO PARA CONCRETO, DIÂMETRO DE 350 MM, FURO DE 1\" (14 X 1\") - MATERIAIS NA OPERAÇÃO. AF_08/2015","H","7,67"]
[91356,"CAMINHÃO TOCO, PESO BRUTO TOTAL 14.300 KG, CARGA ÚTIL MÁXIMA 9590 KG, DISTÂNCIA ENTRE EIXOS 4,76 M, POTÊNCIA 185 CV (NÃO INCLUI CARROCERIA) - IMPOSTOS E SEGUROS. AF_06/2014","H",2.85,"91356","CAMINHÃO TOCO, PESO BRUTO TOTAL 14.300 KG, CARGA ÚTIL MÁXIMA 9590 KG, DISTÂNCIA ENTRE EIXOS 4,76 M, POTÊNCIA 185 CV (NÃO INCLUI CARROCERIA) - IMPOSTOS E SEGUROS. AF_06/2014","H","2,85","91356","CAMINHÃO TOCO, PESO BRUTO TOTAL 14.300 KG, CARGA ÚTIL MÁXIMA 9590 KG, DISTÂNCIA ENTRE EIXOS 4,76 M, POTÊNCIA 185 CV (NÃO INCLUI CARROCERIA) - IMPOSTOS E SEGUROS. AF_06/2014","H","2,85","91356","CAMINHÃO TOCO, PESO BRUTO TOTAL 14.300 KG, CARGA ÚTIL MÁXIMA 9590 KG, DISTÂNCIA ENTRE EIXOS 4,76 M, POTÊNCIA 185 CV (NÃO INCLUI CARROCERIA) - IMPOSTOS E SEGUROS. AF_06/2014","H","2,85","91356","CAMINHÃO TOCO, PESO BRUTO TOTAL 14.300 KG, CARGA ÚTIL MÁXIMA 9590 KG, DISTÂNCIA ENTRE EIXOS 4,76 M, POTÊNCIA 185 CV (NÃO INCLUI CARROCERIA) - IMPOSTOS E SEGUROS. AF_06/2014","H","2,85","91356","CAMINHÃO TOCO, PESO BRUTO TOTAL 14.300 KG, CARGA ÚTIL MÁXIMA 9590 KG, DISTÂNCIA ENTRE EIXOS 4,76 M, POTÊNCIA 185 CV (NÃO INCLUI CARROCERIA) - IMPOSTOS E SEGUROS. AF_06/2014","H","2,85","91356","CAMINHÃO TOCO, PESO BRUTO TOTAL 14.300 KG, CARGA ÚTIL MÁXIMA 9590 KG, DISTÂNCIA ENTRE EIXOS 4,76 M, POTÊNCIA 185 CV (NÃO INCLUI CARROCERIA) - IMPOSTOS E SEGUROS. AF_06/2014","H","2,85","91356","CAMINHÃO TOCO, PESO BRUTO TOTAL 14.300 KG, CARGA ÚTIL MÁXIMA 9590 KG, DISTÂNCIA ENTRE EIXOS 4,76 M, POTÊNCIA 185 CV (NÃO INCLUI CARROCERIA) - IMPOSTOS E SEGUROS. AF_06/2014","H","2,85","91356","CAMINHÃO TOCO, PESO BRUTO TOTAL 14.300 KG, CARGA ÚTIL MÁXIMA 9590 KG, DISTÂNCIA ENTRE EIXOS 4,76 M, POTÊNCIA 185 CV (NÃO INCLUI CARROCERIA) - IMPOSTOS E SEGUROS. AF_06/2014","H","2,85","91356","CAMINHÃO TOCO, PESO BRUTO TOTAL 14.300 KG, CARGA ÚTIL MÁXIMA 9590 KG, DISTÂNCIA ENTRE EIXOS 4,76 M, POTÊNCIA 185 CV (NÃO INCLUI CARROCERIA) - IMPOSTOS E SEGUROS. AF_06/2014","H","2,85","91356","CAMINHÃO TOCO, PESO BRUTO TOTAL 14.300 KG, CARGA ÚTIL MÁXIMA 9590 KG, DISTÂNCIA ENTRE EIXOS 4,76 M, POTÊNCIA 185 CV (NÃO INCLUI CARROCERIA) - IMPOSTOS E SEGUROS. AF_06/2014","H","2,85","91356","CAMINHÃO TOCO, PESO BRUTO TOTAL 14.300 KG, CARGA ÚTIL MÁXIMA 9590 KG, DISTÂNCIA ENTRE EIXOS 4,76 M, POTÊNCIA 185 CV (NÃO INCLUI CARROCERIA) - IMPOSTOS E SEGUROS. AF_06/2014","H","2,85","91356","CAMINHÃO TOCO, PESO BRUTO TOTAL 14.300 KG, CARGA ÚTIL MÁXIMA 9590 KG, DISTÂNCIA ENTRE EIXOS 4,76 M, POTÊNCIA 185 CV (NÃO INCLUI CARROCERIA) - IMPOSTOS E SEGUROS. AF_06/2014","H","2,85","91356","CAMINHÃO TOCO, PESO BRUTO TOTAL 14.300 KG, CARGA ÚTIL MÁXIMA 9590 KG, DISTÂNCIA ENTRE EIXOS 4,76 M, POTÊNCIA 185 CV (NÃO INCLUI CARROCERIA) - IMPOSTOS E SEGUROS. AF_06/2014","H","2,85","91356","CAMINHÃO TOCO, PESO BRUTO TOTAL 14.300 KG, CARGA ÚTIL MÁXIMA 9590 KG, DISTÂNCIA ENTRE EIXOS 4,76 M, POTÊNCIA 185 CV (NÃO INCLUI CARROCERIA) - IMPOSTOS E SEGUROS. AF_06/2014","H","2,85","91356","CAMINHÃO TOCO, PESO BRUTO TOTAL 14.300 KG, CARGA ÚTIL MÁXIMA 9590 KG, DISTÂNCIA ENTRE EIXOS 4,76 M, POTÊNCIA 185 CV (NÃO INCLUI CARROCERIA) - IMPOSTOS E SEGUROS. AF_06/2014","H","2,85","91356","CAMINHÃO TOCO, PESO BRUTO TOTAL 14.300 KG, CARGA ÚTIL MÁXIMA 9590 KG, DISTÂNCIA ENTRE EIXOS 4,76 M, POTÊNCIA 185 CV (NÃO INCLUI CARROCERIA) - IMPOSTOS E SEGUROS. AF_06/2014","H","2,85","91356","CAMINHÃO TOCO, PESO BRUTO TOTAL 14.300 KG, CARGA ÚTIL MÁXIMA 9590 KG, DISTÂNCIA ENTRE EIXOS 4,76 M, POTÊNCIA 185 CV (NÃO INCLUI CARROCERIA) - IMPOSTOS E SEGUROS. AF_06/2014","H","2,85","91356","CAMINHÃO TOCO, PESO BRUTO TOTAL 14.300 KG, CARGA ÚTIL MÁXIMA 9590 KG, DISTÂNCIA ENTRE EIXOS 4,76 M, POTÊNCIA 185 CV (NÃO INCLUI CARROCERIA) - IMPOSTOS E SEGUROS. AF_06/2014","H","2,85","91356","CAMINHÃO TOCO, PESO BRUTO TOTAL 14.300 KG, CARGA ÚTIL MÁXIMA 9590 KG, DISTÂNCIA ENTRE EIXOS 4,76 M, POTÊNCIA 185 CV (NÃO INCLUI CARROCERIA) - IMPOSTOS E SEGUROS. AF_06/2014","H","2,85","91356","CAMINHÃO TOCO, PESO BRUTO TOTAL 14.300 KG, CARGA ÚTIL MÁXIMA 9590 KG, DISTÂNCIA ENTRE EIXOS 4,76 M, POTÊNCIA 185 CV (NÃO INCLUI CARROCERIA) - IMPOSTOS E SEGUROS. AF_06/2014","H","2,85","91356","CAMINHÃO TOCO, PESO BRUTO TOTAL 14.300 KG, CARGA ÚTIL MÁXIMA 9590 KG, DISTÂNCIA ENTRE EIXOS 4,76 M, POTÊNCIA 185 CV (NÃO INCLUI CARROCERIA) - IMPOSTOS E SEGUROS. AF_06/2014","H","2,85","91356","CAMINHÃO TOCO, PESO BRUTO TOTAL 14.300 KG, CARGA ÚTIL MÁXIMA 9590 KG, DISTÂNCIA ENTRE EIXOS 4,76 M, POTÊNCIA 185 CV (NÃO INCLUI CARROCERIA) - IMPOSTOS E SEGUROS. AF_06/2014","H","2,85","91356","CAMINHÃO TOCO, PESO BRUTO TOTAL 14.300 KG, CARGA ÚTIL MÁXIMA 9590 KG, DISTÂNCIA ENTRE EIXOS 4,76 M, POTÊNCIA 185 CV (NÃO INCLUI CARROCERIA) - IMPOSTOS E SEGUROS. AF_06/2014","H","2,85","91356","CAMINHÃO TOCO, PESO BRUTO TOTAL 14.300 KG, CARGA ÚTIL MÁXIMA 9590 KG, DISTÂNCIA ENTRE EIXOS 4,76 M, POTÊNCIA 185 CV (NÃO INCLUI CARROCERIA) - IMPOSTOS E SEGUROS. AF_06/2014","H","2,85","91356","CAMINHÃO TOCO, PESO BRUTO TOTAL 14.300 KG, CARGA ÚTIL MÁXIMA 9590 KG, DISTÂNCIA ENTRE EIXOS 4,76 M, POTÊNCIA 185 CV (NÃO INCLUI CARROCERIA) - IMPOSTOS E SEGUROS. AF_06/2014","H","2,85","91356","CAMINHÃO TOCO, PESO BRUTO TOTAL 14.300 KG, CARGA ÚTIL MÁXIMA 9590 KG, DISTÂNCIA ENTRE EIXOS 4,76 M, POTÊNCIA 185 CV (NÃO INCLUI CARROCERIA) - IMPOSTOS E SEGUROS. AF_06/2014","H","2,85","91356","CAMINHÃO TOCO, PESO BRUTO TOTAL 14.300 KG, CARGA ÚTIL MÁXIMA 9590 KG, DISTÂNCIA ENTRE EIXOS 4,76 M, POTÊNCIA 185 CV (NÃO INCLUI CARROCERIA) - IMPOSTOS E SEGUROS. AF_06/2014","H","2,85","91356","CAMINHÃO TOCO, PESO BRUTO TOTAL 14.300 KG, CARGA ÚTIL MÁXIMA 9590 KG, DISTÂNCIA ENTRE EIXOS 4,76 M, POTÊNCIA 185 CV (NÃO INCLUI CARROCERIA) - IMPOSTOS E SEGUROS. AF_06/2014","H","2,85","91356","CAMINHÃO TOCO, PESO BRUTO TOTAL 14.300 KG, CARGA ÚTIL MÁXIMA 9590 KG, DISTÂNCIA ENTRE EIXOS 4,76 M, POTÊNCIA 185 CV (NÃO INCLUI CARROCERIA) - IMPOSTOS E SEGUROS. AF_06/2014","H","2,85","91356","CAMINHÃO TOCO, PESO BRUTO TOTAL 14.300 KG, CARGA ÚTIL MÁXIMA 9590 KG, DISTÂNCIA ENTRE EIXOS 4,76 M, POTÊNCIA 185 CV (NÃO INCLUI CARROCERIA) - IMPOSTOS E SEGUROS. AF_06/2014","H","2,85","91356","CAMINHÃO TOCO, PESO BRUTO TOTAL 14.300 KG, CARGA ÚTIL MÁXIMA 9590 KG, DISTÂNCIA ENTRE EIXOS 4,76 M, POTÊNCIA 185 CV (NÃO INCLUI CARROCERIA) - IMPOSTOS E SEGUROS. AF_06/2014","H","2,85","91356","CAMINHÃO TOCO, PESO BRUTO TOTAL 14.300 KG, CARGA ÚTIL MÁXIMA 9590 KG, DISTÂNCIA ENTRE EIXOS 4,76 M, POTÊNCIA 185 CV (NÃO INCLUI CARROCERIA) - IMPOSTOS E SEGUROS. AF_06/2014","H","2,85","91356","CAMINHÃO TOCO, PESO BRUTO TOTAL 14.300 KG, CARGA ÚTIL MÁXIMA 9590 KG, DISTÂNCIA ENTRE EIXOS 4,76 M, POTÊNCIA 185 CV (NÃO INCLUI CARROCERIA) - IMPOSTOS E SEGUROS. AF_06/2014","H","2,85","91356","CAMINHÃO TOCO, PESO BRUTO TOTAL 14.300 KG, CARGA ÚTIL MÁXIMA 9590 KG, DISTÂNCIA ENTRE EIXOS 4,76 M, POTÊNCIA 185 CV (NÃO INCLUI CARROCERIA) - IMPOSTOS E SEGUROS. AF_06/2014","H","2,85","91356","CAMINHÃO TOCO, PESO BRUTO TOTAL 14.300 KG, CARGA ÚTIL MÁXIMA 9590 KG, DISTÂNCIA ENTRE EIXOS 4,76 M, POTÊNCIA 185 CV (NÃO INCLUI CARROCERIA) - IMPOSTOS E SEGUROS. AF_06/2014","H","2,85","91356","CAMINHÃO TOCO, PESO BRUTO TOTAL 14.300 KG, CARGA ÚTIL MÁXIMA 9590 KG, DISTÂNCIA ENTRE EIXOS 4,76 M, POTÊNCIA 185 CV (NÃO INCLUI CARROCERIA) - IMPOSTOS E SEGUROS. AF_06/2014","H","2,85","91356","CAMINHÃO TOCO, PESO BRUTO TOTAL 14.300 KG, CARGA ÚTIL MÁXIMA 9590 KG, DISTÂNCIA ENTRE EIXOS 4,76 M, POTÊNCIA 185 CV (NÃO INCLUI CARROCERIA) - IMPOSTOS E SEGUROS. AF_06/2014","H","2,85","91356","CAMINHÃO TOCO, PESO BRUTO TOTAL 14.300 KG, CARGA ÚTIL MÁXIMA 9590 KG, DISTÂNCIA ENTRE EIXOS 4,76 M, POTÊNCIA 185 CV (NÃO INCLUI CARROCERIA) - IMPOSTOS E SEGUROS. AF_06/2014","H","2,85","91356","CAMINHÃO TOCO, PESO BRUTO TOTAL 14.300 KG, CARGA ÚTIL MÁXIMA 9590 KG, DISTÂNCIA ENTRE EIXOS 4,76 M, POTÊNCIA 185 CV (NÃO INCLUI CARROCERIA) - IMPOSTOS E SEGUROS. AF_06/2014","H","2,85","91356","CAMINHÃO TOCO, PESO BRUTO TOTAL 14.300 KG, CARGA ÚTIL MÁXIMA 9590 KG, DISTÂNCIA ENTRE EIXOS 4,76 M, POTÊNCIA 185 CV (NÃO INCLUI CARROCERIA) - IMPOSTOS E SEGUROS. AF_06/2014","H","2,85","91356","CAMINHÃO TOCO, PESO BRUTO TOTAL 14.300 KG, CARGA ÚTIL MÁXIMA 9590 KG, DISTÂNCIA ENTRE EIXOS 4,76 M, POTÊNCIA 185 CV (NÃO INCLUI CARROCERIA) - IMPOSTOS E SEGUROS. AF_06/2014","H","2,85","91356","CAMINHÃO TOCO, PESO BRUTO TOTAL 14.300 KG, CARGA ÚTIL MÁXIMA 9590 KG, DISTÂNCIA ENTRE EIXOS 4,76 M, POTÊNCIA 185 CV (NÃO INCLUI CARROCERIA) - IMPOSTOS E SEGUROS. AF_06/2014","H","2,85","91356","CAMINHÃO TOCO, PESO BRUTO TOTAL 14.300 KG, CARGA ÚTIL MÁXIMA 9590 KG, DISTÂNCIA ENTRE EIXOS 4,76 M, POTÊNCIA 185 CV (NÃO INCLUI CARROCERIA) - IMPOSTOS E SEGUROS. AF_06/2014","H","2,85","91356","CAMINHÃO TOCO, PESO BRUTO TOTAL 14.300 KG, CARGA ÚTIL MÁXIMA 9590 KG, DISTÂNCIA ENTRE EIXOS 4,76 M, POTÊNCIA 185 CV (NÃO INCLUI CARROCERIA) - IMPOSTOS E SEGUROS. AF_06/2014","H","2,85","91356","CAMINHÃO TOCO, PESO BRUTO TOTAL 14.300 KG, CARGA ÚTIL MÁXIMA 9590 KG, DISTÂNCIA ENTRE EIXOS 4,76 M, POTÊNCIA 185 CV (NÃO INCLUI CARROCERIA) - IMPOSTOS E SEGUROS. AF_06/2014","H","2,85","91356","CAMINHÃO TOCO, PESO BRUTO TOTAL 14.300 KG, CARGA ÚTIL MÁXIMA 9590 KG, DISTÂNCIA ENTRE EIXOS 4,76 M, POTÊNCIA 185 CV (NÃO INCLUI CARROCERIA) - IMPOSTOS E SEGUROS. AF_06/2014","H","2,85","91356","CAMINHÃO TOCO, PESO BRUTO TOTAL 14.300 KG, CARGA ÚTIL MÁXIMA 9590 KG, DISTÂNCIA ENTRE EIXOS 4,76 M, POTÊNCIA 185 CV (NÃO INCLUI CARROCERIA) - IMPOSTOS E SEGUROS. AF_06/2014","H","2,85","91356","CAMINHÃO TOCO, PESO BRUTO TOTAL 14.300 KG, CARGA ÚTIL MÁXIMA 9590 KG, DISTÂNCIA ENTRE EIXOS 4,76 M, POTÊNCIA 185 CV (NÃO INCLUI CARROCERIA) - IMPOSTOS E SEGUROS. AF_06/2014","H","2,85","91356","CAMINHÃO TOCO, PESO BRUTO TOTAL 14.300 KG, CARGA ÚTIL MÁXIMA 9590 KG, DISTÂNCIA ENTRE EIXOS 4,76 M, POTÊNCIA 185 CV (NÃO INCLUI CARROCERIA) - IMPOSTOS E SEGUROS. AF_06/2014","H","2,85","91356","CAMINHÃO TOCO, PESO BRUTO TOTAL 14.300 KG, CARGA ÚTIL MÁXIMA 9590 KG, DISTÂNCIA ENTRE EIXOS 4,76 M, POTÊNCIA 185 CV (NÃO INCLUI CARROCERIA) - IMPOSTOS E SEGUROS. AF_06/2014","H","2,85","91356","CAMINHÃO TOCO, PESO BRUTO TOTAL 14.300 KG, CARGA ÚTIL MÁXIMA 9590 KG, DISTÂNCIA ENTRE EIXOS 4,76 M, POTÊNCIA 185 CV (NÃO INCLUI CARROCERIA) - IMPOSTOS E SEGUROS. AF_06/2014","H","2,85","91356","CAMINHÃO TOCO, PESO BRUTO TOTAL 14.300 KG, CARGA ÚTIL MÁXIMA 9590 KG, DISTÂNCIA ENTRE EIXOS 4,76 M, POTÊNCIA 185 CV (NÃO INCLUI CARROCERIA) - IMPOSTOS E SEGUROS. AF_06/2014","H","2,85","91356","CAMINHÃO TOCO, PESO BRUTO TOTAL 14.300 KG, CARGA ÚTIL MÁXIMA 9590 KG, DISTÂNCIA ENTRE EIXOS 4,76 M, POTÊNCIA 185 CV (NÃO INCLUI CARROCERIA) - IMPOSTOS E SEGUROS. AF_06/2014","H","2,85","91356","CAMINHÃO TOCO, PESO BRUTO TOTAL 14.300 KG, CARGA ÚTIL MÁXIMA 9590 KG, DISTÂNCIA ENTRE EIXOS 4,76 M, POTÊNCIA 185 CV (NÃO INCLUI CARROCERIA) - IMPOSTOS E SEGUROS. AF_06/2014","H","2,85","91356","CAMINHÃO TOCO, PESO BRUTO TOTAL 14.300 KG, CARGA ÚTIL MÁXIMA 9590 KG, DISTÂNCIA ENTRE EIXOS 4,76 M, POTÊNCIA 185 CV (NÃO INCLUI CARROCERIA) - IMPOSTOS E SEGUROS. AF_06/2014","H","2,85","91356","CAMINHÃO TOCO, PESO BRUTO TOTAL 14.300 KG, CARGA ÚTIL MÁXIMA 9590 KG, DISTÂNCIA ENTRE EIXOS 4,76 M, POTÊNCIA 185 CV (NÃO INCLUI CARROCERIA) - IMPOSTOS E SEGUROS. AF_06/2014","H","2,85","91356","CAMINHÃO TOCO, PESO BRUTO TOTAL 14.300 KG, CARGA ÚTIL MÁXIMA 9590 KG, DISTÂNCIA ENTRE EIXOS 4,76 M, POTÊNCIA 185 CV (NÃO INCLUI CARROCERIA) - IMPOSTOS E SEGUROS. AF_06/2014","H","2,85","91356","CAMINHÃO TOCO, PESO BRUTO TOTAL 14.300 KG, CARGA ÚTIL MÁXIMA 9590 KG, DISTÂNCIA ENTRE EIXOS 4,76 M, POTÊNCIA 185 CV (NÃO INCLUI CARROCERIA) - IMPOSTOS E SEGUROS. AF_06/2014","H","2,85","91356","CAMINHÃO TOCO, PESO BRUTO TOTAL 14.300 KG, CARGA ÚTIL MÁXIMA 9590 KG, DISTÂNCIA ENTRE EIXOS 4,76 M, POTÊNCIA 185 CV (NÃO INCLUI CARROCERIA) - IMPOSTOS E SEGUROS. AF_06/2014","H","2,85","91356","CAMINHÃO TOCO, PESO BRUTO TOTAL 14.300 KG, CARGA ÚTIL MÁXIMA 9590 KG, DISTÂNCIA ENTRE EIXOS 4,76 M, POTÊNCIA 185 CV (NÃO INCLUI CARROCERIA) - IMPOSTOS E SEGUROS. AF_06/2014","H","2,85","91356","CAMINHÃO TOCO, PESO BRUTO TOTAL 14.300 KG, CARGA ÚTIL MÁXIMA 9590 KG, DISTÂNCIA ENTRE EIXOS 4,76 M, POTÊNCIA 185 CV (NÃO INCLUI CARROCERIA) - IMPOSTOS E SEGUROS. AF_06/2014","H","2,85","91356","CAMINHÃO TOCO, PESO BRUTO TOTAL 14.300 KG, CARGA ÚTIL MÁXIMA 9590 KG, DISTÂNCIA ENTRE EIXOS 4,76 M, POTÊNCIA 185 CV (NÃO INCLUI CARROCERIA) - IMPOSTOS E SEGUROS. AF_06/2014","H","2,85","91356","CAMINHÃO TOCO, PESO BRUTO TOTAL 14.300 KG, CARGA ÚTIL MÁXIMA 9590 KG, DISTÂNCIA ENTRE EIXOS 4,76 M, POTÊNCIA 185 CV (NÃO INCLUI CARROCERIA) - IMPOSTOS E SEGUROS. AF_06/2014","H","2,85"]
[92956,"MÁQUINA EXTRUSORA DE CONCRETO PARA GUIAS E SARJETAS, MOTOR A DIESEL, POTÊNCIA 14 CV - DEPRECIAÇÃO. AF_12/2015","H",4.91,"92956","MÁQUINA EXTRUSORA DE CONCRETO PARA GUIAS E SARJETAS, MOTOR A DIESEL, POTÊNCIA 14 CV - DEPRECIAÇÃO. AF_12/2015","H","4,91","92956","MÁQUINA EXTRUSORA DE CONCRETO PARA GUIAS E SARJETAS, MOTOR A DIESEL, POTÊNCIA 14 CV - DEPRECIAÇÃO. AF_12/2015","H","4,91","92956","MÁQUINA EXTRUSORA DE CONCRETO PARA GUIAS E SARJETAS, MOTOR A DIESEL, POTÊNCIA 14 CV - DEPRECIAÇÃO. AF_12/2015","H","4,91","92956","MÁQUINA EXTRUSORA DE CONCRETO PARA GUIAS E SARJETAS, MOTOR A DIESEL, POTÊNCIA 14 CV - DEPRECIAÇÃO. AF_12/2015","H","4,91","92956","MÁQUINA EXTRUSORA DE CONCRETO PARA GUIAS E SARJETAS, MOTOR A DIESEL, POTÊNCIA 14 CV - DEPRECIAÇÃO. AF_12/2015","H","4,91","92956","MÁQUINA EXTRUSORA DE CONCRETO PARA GUIAS E SARJETAS, MOTOR A DIESEL, POTÊNCIA 14 CV - DEPRECIAÇÃO. AF_12/2015","H","4,91","92956","MÁQUINA EXTRUSORA DE CONCRETO PARA GUIAS E SARJETAS, MOTOR A DIESEL, POTÊNCIA 14 CV - DEPRECIAÇÃO. AF_12/2015","H","4,91","92956","MÁQUINA EXTRUSORA DE CONCRETO PARA GUIAS E SARJETAS, MOTOR A DIESEL, POTÊNCIA 14 CV - DEPRECIAÇÃO. AF_12/2015","H","4,91","92956","MÁQUINA EXTRUSORA DE CONCRETO PARA GUIAS E SARJETAS, MOTOR A DIESEL, POTÊNCIA 14 CV - DEPRECIAÇÃO. AF_12/2015","H","4,91","92956","MÁQUINA EXTRUSORA DE CONCRETO PARA GUIAS E SARJETAS, MOTOR A DIESEL, POTÊNCIA 14 CV - DEPRECIAÇÃO. AF_12/2015","H","4,91","92956","MÁQUINA EXTRUSORA DE CONCRETO PARA GUIAS E SARJETAS, MOTOR A DIESEL, POTÊNCIA 14 CV - DEPRECIAÇÃO. AF_12/2015","H","4,91","92956","MÁQUINA EXTRUSORA DE CONCRETO PARA GUIAS E SARJETAS, MOTOR A DIESEL, POTÊNCIA 14 CV - DEPRECIAÇÃO. AF_12/2015","H","4,91","92956","MÁQUINA EXTRUSORA DE CONCRETO PARA GUIAS E SARJETAS, MOTOR A DIESEL, POTÊNCIA 14 CV - DEPRECIAÇÃO. AF_12/2015","H","4,91","92956","MÁQUINA EXTRUSORA DE CONCRETO PARA GUIAS E SARJETAS, MOTOR A DIESEL, POTÊNCIA 14 CV - DEPRECIAÇÃO. AF_12/2015","H","4,91","92956","MÁQUINA EXTRUSORA DE CONCRETO PARA GUIAS E SARJETAS, MOTOR A DIESEL, POTÊNCIA 14 CV - DEPRECIAÇÃO. AF_12/2015","H","4,91","92956","MÁQUINA EXTRUSORA DE CONCRETO PARA GUIAS E SARJETAS, MOTOR A DIESEL, POTÊNCIA 14 CV - DEPRECIAÇÃO. AF_12/2015","H","4,91","92956","MÁQUINA EXTRUSORA DE CONCRETO PARA GUIAS E SARJETAS, MOTOR A DIESEL, POTÊNCIA 14 CV - DEPRECIAÇÃO. AF_12/2015","H","4,91","92956","MÁQUINA EXTRUSORA DE CONCRETO PARA GUIAS E SARJETAS, MOTOR A DIESEL, POTÊNCIA 14 CV - DEPRECIAÇÃO. AF_12/2015","H","4,91","92956","MÁQUINA EXTRUSORA DE CONCRETO PARA GUIAS E SARJETAS, MOTOR A DIESEL, POTÊNCIA 14 CV - DEPRECIAÇÃO. AF_12/2015","H","4,91","92956","MÁQUINA EXTRUSORA DE CONCRETO PARA GUIAS E SARJETAS, MOTOR A DIESEL, POTÊNCIA 14 CV - DEPRECIAÇÃO. AF_12/2015","H","4,91","92956","MÁQUINA EXTRUSORA DE CONCRETO PARA GUIAS E SARJETAS, MOTOR A DIESEL, POTÊNCIA 14 CV - DEPRECIAÇÃO. AF_12/2015","H","4,91","92956","MÁQUINA EXTRUSORA DE CONCRETO PARA GUIAS E SARJETAS, MOTOR A DIESEL, POTÊNCIA 14 CV - DEPRECIAÇÃO. AF_12/2015","H","4,91","92956","MÁQUINA EXTRUSORA DE CONCRETO PARA GUIAS E SARJETAS, MOTOR A DIESEL, POTÊNCIA 14 CV - DEPRECIAÇÃO. AF_12/2015","H","4,91","92956","MÁQUINA EXTRUSORA DE CONCRETO PARA GUIAS E SARJETAS, MOTOR A DIESEL, POTÊNCIA 14 CV - DEPRECIAÇÃO. AF_12/2015","H","4,91","92956","MÁQUINA EXTRUSORA DE CONCRETO PARA GUIAS E SARJETAS, MOTOR A DIESEL, POTÊNCIA 14 CV - DEPRECIAÇÃO. AF_12/2015","H","4,91","92956","MÁQUINA EXTRUSORA DE CONCRETO PARA GUIAS E SARJETAS, MOTOR A DIESEL, POTÊNCIA 14 CV - DEPRECIAÇÃO. AF_12/2015","H","4,91","92956","MÁQUINA EXTRUSORA DE CONCRETO PARA GUIAS E SARJETAS, MOTOR A DIESEL, POTÊNCIA 14 CV - DEPRECIAÇÃO. AF_12/2015","H","4,91","92956","MÁQUINA EXTRUSORA DE CONCRETO PARA GUIAS E SARJETAS, MOTOR A DIESEL, POTÊNCIA 14 CV - DEPRECIAÇÃO. AF_12/2015","H","4,91","92956","MÁQUINA EXTRUSORA DE CONCRETO PARA GUIAS E SARJETAS, MOTOR A DIESEL, POTÊNCIA 14 CV - DEPRECIAÇÃO. AF_12/2015","H","4,91","92956","MÁQUINA EXTRUSORA DE CONCRETO PARA GUIAS E SARJETAS, MOTOR A DIESEL, POTÊNCIA 14 CV - DEPRECIAÇÃO. AF_12/2015","H","4,91","92956","MÁQUINA EXTRUSORA DE CONCRETO PARA GUIAS E SARJETAS, MOTOR A DIESEL, POTÊNCIA 14 CV - DEPRECIAÇÃO. AF_12/2015","H","4,91","92956","MÁQUINA EXTRUSORA DE CONCRETO PARA GUIAS E SARJETAS, MOTOR A DIESEL, POTÊNCIA 14 CV - DEPRECIAÇÃO. AF_12/2015","H","4,91","92956","MÁQUINA EXTRUSORA DE CONCRETO PARA GUIAS E SARJETAS, MOTOR A DIESEL, POTÊNCIA 14 CV - DEPRECIAÇÃO. AF_12/2015","H","4,91","92956","MÁQUINA EXTRUSORA DE CONCRETO PARA GUIAS E SARJETAS, MOTOR A DIESEL, POTÊNCIA 14 CV - DEPRECIAÇÃO. AF_12/2015","H","4,91","92956","MÁQUINA EXTRUSORA DE CONCRETO PARA GUIAS E SARJETAS, MOTOR A DIESEL, POTÊNCIA 14 CV - DEPRECIAÇÃO. AF_12/2015","H","4,91","92956","MÁQUINA EXTRUSORA DE CONCRETO PARA GUIAS E SARJETAS, MOTOR A DIESEL, POTÊNCIA 14 CV - DEPRECIAÇÃO. AF_12/2015","H","4,91","92956","MÁQUINA EXTRUSORA DE CONCRETO PARA GUIAS E SARJETAS, MOTOR A DIESEL, POTÊNCIA 14 CV - DEPRECIAÇÃO. AF_12/2015","H","4,91","92956","MÁQUINA EXTRUSORA DE CONCRETO PARA GUIAS E SARJETAS, MOTOR A DIESEL, POTÊNCIA 14 CV - DEPRECIAÇÃO. AF_12/2015","H","4,91","92956","MÁQUINA EXTRUSORA DE CONCRETO PARA GUIAS E SARJETAS, MOTOR A DIESEL, POTÊNCIA 14 CV - DEPRECIAÇÃO. AF_12/2015","H","4,91","92956","MÁQUINA EXTRUSORA DE CONCRETO PARA GUIAS E SARJETAS, MOTOR A DIESEL, POTÊNCIA 14 CV - DEPRECIAÇÃO. AF_12/2015","H","4,91","92956","MÁQUINA EXTRUSORA DE CONCRETO PARA GUIAS E SARJETAS, MOTOR A DIESEL, POTÊNCIA 14 CV - DEPRECIAÇÃO. AF_12/2015","H","4,91","92956","MÁQUINA EXTRUSORA DE CONCRETO PARA GUIAS E SARJETAS, MOTOR A DIESEL, POTÊNCIA 14 CV - DEPRECIAÇÃO. AF_12/2015","H","4,91","92956","MÁQUINA EXTRUSORA DE CONCRETO PARA GUIAS E SARJETAS, MOTOR A DIESEL, POTÊNCIA 14 CV - DEPRECIAÇÃO. AF_12/2015","H","4,91","92956","MÁQUINA EXTRUSORA DE CONCRETO PARA GUIAS E SARJETAS, MOTOR A DIESEL, POTÊNCIA 14 CV - DEPRECIAÇÃO. AF_12/2015","H","4,91","92956","MÁQUINA EXTRUSORA DE CONCRETO PARA GUIAS E SARJETAS, MOTOR A DIESEL, POTÊNCIA 14 CV - DEPRECIAÇÃO. AF_12/2015","H","4,91","92956","MÁQUINA EXTRUSORA DE CONCRETO PARA GUIAS E SARJETAS, MOTOR A DIESEL, POTÊNCIA 14 CV - DEPRECIAÇÃO. AF_12/2015","H","4,91","92956","MÁQUINA EXTRUSORA DE CONCRETO PARA GUIAS E SARJETAS, MOTOR A DIESEL, POTÊNCIA 14 CV - DEPRECIAÇÃO. AF_12/2015","H","4,91","92956","MÁQUINA EXTRUSORA DE CONCRETO PARA GUIAS E SARJETAS, MOTOR A DIESEL, POTÊNCIA 14 CV - DEPRECIAÇÃO. AF_12/2015","H","4,91","92956","MÁQUINA EXTRUSORA DE CONCRETO PARA GUIAS E SARJETAS, MOTOR A DIESEL, POTÊNCIA 14 CV - DEPRECIAÇÃO. AF_12/2015","H","4,91","92956","MÁQUINA EXTRUSORA DE CONCRETO PARA GUIAS E SARJETAS, MOTOR A DIESEL, POTÊNCIA 14 CV - DEPRECIAÇÃO. AF_12/2015","H","4,91","92956","MÁQUINA EXTRUSORA DE CONCRETO PARA GUIAS E SARJETAS, MOTOR A DIESEL, POTÊNCIA 14 CV - DEPRECIAÇÃO. AF_12/2015","H","4,91","92956","MÁQUINA EXTRUSORA DE CONCRETO PARA GUIAS E SARJETAS, MOTOR A DIESEL, POTÊNCIA 14 CV - DEPRECIAÇÃO. AF_12/2015","H","4,91","92956","MÁQUINA EXTRUSORA DE CONCRETO PARA GUIAS E SARJETAS, MOTOR A DIESEL, POTÊNCIA 14 CV - DEPRECIAÇÃO. AF_12/2015","H","4,91","92956","MÁQUINA EXTRUSORA DE CONCRETO PARA GUIAS E SARJETAS, MOTOR A DIESEL, POTÊNCIA 14 CV - DEPRECIAÇÃO. AF_12/2015","H","4,91","92956","MÁQUINA EXTRUSORA DE CONCRETO PARA GUIAS E SARJETAS, MOTOR A DIESEL, POTÊNCIA 14 CV - DEPRECIAÇÃO. AF_12/2015","H","4,91","92956","MÁQUINA EXTRUSORA DE CONCRETO PARA GUIAS E SARJETAS, MOTOR A DIESEL, POTÊNCIA 14 CV - DEPRECIAÇÃO. AF_12/2015","H","4,91","92956","MÁQUINA EXTRUSORA DE CONCRETO PARA GUIAS E SARJETAS, MOTOR A DIESEL, POTÊNCIA 14 CV - DEPRECIAÇÃO. AF_12/2015","H","4,91","92956","MÁQUINA EXTRUSORA DE CONCRETO PARA GUIAS E SARJETAS, MOTOR A DIESEL, POTÊNCIA 14 CV - DEPRECIAÇÃO. AF_12/2015","H","4,91","92956","MÁQUINA EXTRUSORA DE CONCRETO PARA GUIAS E SARJETAS, MOTOR A DIESEL, POTÊNCIA 14 CV - DEPRECIAÇÃO. AF_12/2015","H","4,91","92956","MÁQUINA EXTRUSORA DE CONCRETO PARA GUIAS E SARJETAS, MOTOR A DIESEL, POTÊNCIA 14 CV - DEPRECIAÇÃO. AF_12/2015","H","4,91","92956","MÁQUINA EXTRUSORA DE CONCRETO PARA GUIAS E SARJETAS, MOTOR A DIESEL, POTÊNCIA 14 CV - DEPRECIAÇÃO. AF_12/2015","H","4,91","92956","MÁQUINA EXTRUSORA DE CONCRETO PARA GUIAS E SARJETAS, MOTOR A DIESEL, POTÊNCIA 14 CV - DEPRECIAÇÃO. AF_12/2015","H","4,91","92956","MÁQUINA EXTRUSORA DE CONCRETO PARA GUIAS E SARJETAS, MOTOR A DIESEL, POTÊNCIA 14 CV - DEPRECIAÇÃO. AF_12/2015","H","4,91"]
[95118,"USINA MISTURADORA DE SOLOS, CAPACIDADE DE 200 A 500 TON/H, POTENCIA 75KW - DEPRECIAÇÃO. AF_07/2016","H",57.75,"95118","USINA MISTURADORA DE SOLOS, CAPACIDADE DE 200 A 500 TON/H, POTENCIA 75KW - DEPRECIAÇÃO. AF_07/2016","H","57,75","95118","USINA MISTURADORA DE SOLOS, CAPACIDADE DE 200 A 500 TON/H, POTENCIA 75KW - DEPRECIAÇÃO. AF_07/2016","H","57,75","95118","USINA MISTURADORA DE SOLOS, CAPACIDADE DE 200 A 500 TON/H, POTENCIA 75KW - DEPRECIAÇÃO. AF_07/2016","H","57,75","95118","USINA MISTURADORA DE SOLOS, CAPACIDADE DE 200 A 500 TON/H, POTENCIA 75KW - DEPRECIAÇÃO. AF_07/2016","H","57,75","95118","USINA MISTURADORA DE SOLOS, CAPACIDADE DE 200 A 500 TON/H, POTENCIA 75KW - DEPRECIAÇÃO. AF_07/2016","H","57,75","95118","USINA MISTURADORA DE SOLOS, CAPACIDADE DE 200 A 500 TON/H, POTENCIA 75KW - DEPRECIAÇÃO. AF_07/2016","H","57,75","95118","USINA MISTURADORA DE SOLOS, CAPACIDADE DE 200 A 500 TON/H, POTENCIA 75KW - DEPRECIAÇÃO. AF_07/2016","H","57,75","95118","USINA MISTURADORA DE SOLOS, CAPACIDADE DE 200 A 500 TON/H, POTENCIA 75KW - DEPRECIAÇÃO. AF_07/2016","H","57,75","95118","USINA MISTURADORA DE SOLOS, CAPACIDADE DE 200 A 500 TON/H, POTENCIA 75KW - DEPRECIAÇÃO. AF_07/2016","H","57,75","95118","USINA MISTURADORA DE SOLOS, CAPACIDADE DE 200 A 500 TON/H, POTENCIA 75KW - DEPRECIAÇÃO. AF_07/2016","H","57,75","95118","USINA MISTURADORA DE SOLOS, CAPACIDADE DE 200 A 500 TON/H, POTENCIA 75KW - DEPRECIAÇÃO. AF_07/2016","H","57,75","95118","USINA MISTURADORA DE SOLOS, CAPACIDADE DE 200 A 500 TON/H, POTENCIA 75KW - DEPRECIAÇÃO. AF_07/2016","H","57,75","95118","USINA MISTURADORA DE SOLOS, CAPACIDADE DE 200 A 500 TON/H, POTENCIA 75KW - DEPRECIAÇÃO. AF_07/2016","H","57,75","95118","USINA MISTURADORA DE SOLOS, CAPACIDADE DE 200 A 500 TON/H, POTENCIA 75KW - DEPRECIAÇÃO. AF_07/2016","H","57,75","95118","USINA MISTURADORA DE SOLOS, CAPACIDADE DE 200 A 500 TON/H, POTENCIA 75KW - DEPRECIAÇÃO. AF_07/2016","H","57,75","95118","USINA MISTURADORA DE SOLOS, CAPACIDADE DE 200 A 500 TON/H, POTENCIA 75KW - DEPRECIAÇÃO. AF_07/2016","H","57,75","95118","USINA MISTURADORA DE SOLOS, CAPACIDADE DE 200 A 500 TON/H, POTENCIA 75KW - DEPRECIAÇÃO. AF_07/2016","H","57,75","95118","USINA MISTURADORA DE SOLOS, CAPACIDADE DE 200 A 500 TON/H, POTENCIA 75KW - DEPRECIAÇÃO. AF_07/2016","H","57,75","95118","USINA MISTURADORA DE SOLOS, CAPACIDADE DE 200 A 500 TON/H, POTENCIA 75KW - DEPRECIAÇÃO. AF_07/2016","H","57,75","95118","USINA MISTURADORA DE SOLOS, CAPACIDADE DE 200 A 500 TON/H, POTENCIA 75KW - DEPRECIAÇÃO. AF_07/2016","H","57,75","95118","USINA MISTURADORA DE SOLOS, CAPACIDADE DE 200 A 500 TON/H, POTENCIA 75KW - DEPRECIAÇÃO. AF_07/2016","H","57,75","95118","USINA MISTURADORA DE SOLOS, CAPACIDADE DE 200 A 500 TON/H, POTENCIA 75KW - DEPRECIAÇÃO. AF_07/2016","H","57,75","95118","USINA MISTURADORA DE SOLOS, CAPACIDADE DE 200 A 500 TON/H, POTENCIA 75KW - DEPRECIAÇÃO. AF_07/2016","H","57,75","95118","USINA MISTURADORA DE SOLOS, CAPACIDADE DE 200 A 500 TON/H, POTENCIA 75KW - DEPRECIAÇÃO. AF_07/2016","H","57,75","95118","USINA MISTURADORA DE SOLOS, CAPACIDADE DE 200 A 500 TON/H, POTENCIA 75KW - DEPRECIAÇÃO. AF_07/2016","H","57,75","95118","USINA MISTURADORA DE SOLOS, CAPACIDADE DE 200 A 500 TON/H, POTENCIA 75KW - DEPRECIAÇÃO. AF_07/2016","H","57,75","95118","USINA MISTURADORA DE SOLOS, CAPACIDADE DE 200 A 500 TON/H, POTENCIA 75KW - DEPRECIAÇÃO. AF_07/2016","H","57,75","95118","USINA MISTURADORA DE SOLOS, CAPACIDADE DE 200 A 500 TON/H, POTENCIA 75KW - DEPRECIAÇÃO. AF_07/2016","H","57,75","95118","USINA MISTURADORA DE SOLOS, CAPACIDADE DE 200 A 500 TON/H, POTENCIA 75KW - DEPRECIAÇÃO. AF_07/2016","H","57,75","95118","USINA MISTURADORA DE SOLOS, CAPACIDADE DE 200 A 500 TON/H, POTENCIA 75KW - DEPRECIAÇÃO. AF_07/2016","H","57,75","95118","USINA MISTURADORA DE SOLOS, CAPACIDADE DE 200 A 500 TON/H, POTENCIA 75KW - DEPRECIAÇÃO. AF_07/2016","H","57,75","95118","USINA MISTURADORA DE SOLOS, CAPACIDADE DE 200 A 500 TON/H, POTENCIA 75KW - DEPRECIAÇÃO. AF_07/2016","H","57,75","95118","USINA MISTURADORA DE SOLOS, CAPACIDADE DE 200 A 500 TON/H, POTENCIA 75KW - DEPRECIAÇÃO. AF_07/2016","H","57,75","95118","USINA MISTURADORA DE SOLOS, CAPACIDADE DE 200 A 500 TON/H, POTENCIA 75KW - DEPRECIAÇÃO. AF_07/2016","H","57,75","95118","USINA MISTURADORA DE SOLOS, CAPACIDADE DE 200 A 500 TON/H, POTENCIA 75KW - DEPRECIAÇÃO. AF_07/2016","H","57,75","95118","USINA MISTURADORA DE SOLOS, CAPACIDADE DE 200 A 500 TON/H, POTENCIA 75KW - DEPRECIAÇÃO. AF_07/2016","H","57,75","95118","USINA MISTURADORA DE SOLOS, CAPACIDADE DE 200 A 500 TON/H, POTENCIA 75KW - DEPRECIAÇÃO. AF_07/2016","H","57,75","95118","USINA MISTURADORA DE SOLOS, CAPACIDADE DE 200 A 500 TON/H, POTENCIA 75KW - DEPRECIAÇÃO. AF_07/2016","H","57,75","95118","USINA MISTURADORA DE SOLOS, CAPACIDADE DE 200 A 500 TON/H, POTENCIA 75KW - DEPRECIAÇÃO. AF_07/2016","H","57,75","95118","USINA MISTURADORA DE SOLOS, CAPACIDADE DE 200 A 500 TON/H, POTENCIA 75KW - DEPRECIAÇÃO. AF_07/2016","H","57,75","95118","USINA MISTURADORA DE SOLOS, CAPACIDADE DE 200 A 500 TON/H, POTENCIA 75KW - DEPRECIAÇÃO. AF_07/2016","H","57,75","95118","USINA MISTURADORA DE SOLOS, CAPACIDADE DE 200 A 500 TON/H, POTENCIA 75KW - DEPRECIAÇÃO. AF_07/2016","H","57,75","95118","USINA MISTURADORA DE SOLOS, CAPACIDADE DE 200 A 500 TON/H, POTENCIA 75KW - DEPRECIAÇÃO. AF_07/2016","H","57,75","95118","USINA MISTURADORA DE SOLOS, CAPACIDADE DE 200 A 500 TON/H, POTENCIA 75KW - DEPRECIAÇÃO. AF_07/2016","H","57,75","95118","USINA MISTURADORA DE SOLOS, CAPACIDADE DE 200 A 500 TON/H, POTENCIA 75KW - DEPRECIAÇÃO. AF_07/2016","H","57,75","95118","USINA MISTURADORA DE SOLOS, CAPACIDADE DE 200 A 500 TON/H, POTENCIA 75KW - DEPRECIAÇÃO. AF_07/2016","H","57,75","95118","USINA MISTURADORA DE SOLOS, CAPACIDADE DE 200 A 500 TON/H, POTENCIA 75KW - DEPRECIAÇÃO. AF_07/2016","H","57,75","95118","USINA MISTURADORA DE SOLOS, CAPACIDADE DE 200 A 500 TON/H, POTENCIA 75KW - DEPRECIAÇÃO. AF_07/2016","H","57,75","95118","USINA MISTURADORA DE SOLOS, CAPACIDADE DE 200 A 500 TON/H, POTENCIA 75KW - DEPRECIAÇÃO. AF_07/2016","H","57,75","95118","USINA MISTURADORA DE SOLOS, CAPACIDADE DE 200 A 500 TON/H, POTENCIA 75KW - DEPRECIAÇÃO. AF_07/2016","H","57,75","95118","USINA MISTURADORA DE SOLOS, CAPACIDADE DE 200 A 500 TON/H, POTENCIA 75KW - DEPRECIAÇÃO. AF_07/2016","H","57,75","95118","USINA MISTURADORA DE SOLOS, CAPACIDADE DE 200 A 500 TON/H, POTENCIA 75KW - DEPRECIAÇÃO. AF_07/2016","H","57,75","95118","USINA MISTURADORA DE SOLOS, CAPACIDADE DE 200 A 500 TON/H, POTENCIA 75KW - DEPRECIAÇÃO. AF_07/2016","H","57,75","95118","USINA MISTURADORA DE SOLOS, CAPACIDADE DE 200 A 500 TON/H, POTENCIA 75KW - DEPRECIAÇÃO. AF_07/2016","H","57,75","95118","USINA MISTURADORA DE SOLOS, CAPACIDADE DE 200 A 500 TON/H, POTENCIA 75KW - DEPRECIAÇÃO. AF_07/2016","H","57,75","95118","USINA MISTURADORA DE SOLOS, CAPACIDADE DE 200 A 500 TON/H, POTENCIA 75KW - DEPRECIAÇÃO. AF_07/2016","H","57,75","95118","USINA MISTURADORA DE SOLOS, CAPACIDADE DE 200 A 500 TON/H, POTENCIA 75KW - DEPRECIAÇÃO. AF_07/2016","H","57,75","95118","USINA MISTURADORA DE SOLOS, CAPACIDADE DE 200 A 500 TON/H, POTENCIA 75KW - DEPRECIAÇÃO. AF_07/2016","H","57,75","95118","USINA MISTURADORA DE SOLOS, CAPACIDADE DE 200 A 500 TON/H, POTENCIA 75KW - DEPRECIAÇÃO. AF_07/2016","H","57,75","95118","USINA MISTURADORA DE SOLOS, CAPACIDADE DE 200 A 500 TON/H, POTENCIA 75KW - DEPRECIAÇÃO. AF_07/2016","H","57,75","95118","USINA MISTURADORA DE SOLOS, CAPACIDADE DE 200 A 500 TON/H, POTENCIA 75KW - DEPRECIAÇÃO. AF_07/2016","H","57,75","95118","USINA MISTURADORA DE SOLOS, CAPACIDADE DE 200 A 500 TON/H, POTENCIA 75KW - DEPRECIAÇÃO. AF_07/2016","H","57,75","95118","USINA MISTURADORA DE SOLOS, CAPACIDADE DE 200 A 500 TON/H, POTENCIA 75KW - DEPRECIAÇÃO. AF_07/2016","H","57,75"]
[95120,"USINA MISTURADORA DE SOLOS, CAPACIDADE DE 200 A 500 TON/H, POTENCIA 75KW - MATERIAIS NA OPERAÇÃO. AF_07/2016","H",51.63,"95120","USINA MISTURADORA DE SOLOS, CAPACIDADE DE 200 A 500 TON/H, POTENCIA 75KW - MATERIAIS NA OPERAÇÃO. AF_07/2016","H","51,63","95120","USINA MISTURADORA DE SOLOS, CAPACIDADE DE 200 A 500 TON/H, POTENCIA 75KW - MATERIAIS NA OPERAÇÃO. AF_07/2016","H","51,63","95120","USINA MISTURADORA DE SOLOS, CAPACIDADE DE 200 A 500 TON/H, POTENCIA 75KW - MATERIAIS NA OPERAÇÃO. AF_07/2016","H","51,63","95120","USINA MISTURADORA DE SOLOS, CAPACIDADE DE 200 A 500 TON/H, POTENCIA 75KW - MATERIAIS NA OPERAÇÃO. AF_07/2016","H","51,63","95120","USINA MISTURADORA DE SOLOS, CAPACIDADE DE 200 A 500 TON/H, POTENCIA 75KW - MATERIAIS NA OPERAÇÃO. AF_07/2016","H","51,63","95120","USINA MISTURADORA DE SOLOS, CAPACIDADE DE 200 A 500 TON/H, POTENCIA 75KW - MATERIAIS NA OPERAÇÃO. AF_07/2016","H","51,63","95120","USINA MISTURADORA DE SOLOS, CAPACIDADE DE 200 A 500 TON/H, POTENCIA 75KW - MATERIAIS NA OPERAÇÃO. AF_07/2016","H","51,63","95120","USINA MISTURADORA DE SOLOS, CAPACIDADE DE 200 A 500 TON/H, POTENCIA 75KW - MATERIAIS NA OPERAÇÃO. AF_07/2016","H","51,63","95120","USINA MISTURADORA DE SOLOS, CAPACIDADE DE 200 A 500 TON/H, POTENCIA 75KW - MATERIAIS NA OPERAÇÃO. AF_07/2016","H","51,63","95120","USINA MISTURADORA DE SOLOS, CAPACIDADE DE 200 A 500 TON/H, POTENCIA 75KW - MATERIAIS NA OPERAÇÃO. AF_07/2016","H","51,63","95120","USINA MISTURADORA DE SOLOS, CAPACIDADE DE 200 A 500 TON/H, POTENCIA 75KW - MATERIAIS NA OPERAÇÃO. AF_07/2016","H","51,63","95120","USINA MISTURADORA DE SOLOS, CAPACIDADE DE 200 A 500 TON/H, POTENCIA 75KW - MATERIAIS NA OPERAÇÃO. AF_07/2016","H","51,63","95120","USINA MISTURADORA DE SOLOS, CAPACIDADE DE 200 A 500 TON/H, POTENCIA 75KW - MATERIAIS NA OPERAÇÃO. AF_07/2016","H","51,63","95120","USINA MISTURADORA DE SOLOS, CAPACIDADE DE 200 A 500 TON/H, POTENCIA 75KW - MATERIAIS NA OPERAÇÃO. AF_07/2016","H","51,63","95120","USINA MISTURADORA DE SOLOS, CAPACIDADE DE 200 A 500 TON/H, POTENCIA 75KW - MATERIAIS NA OPERAÇÃO. AF_07/2016","H","51,63","95120","USINA MISTURADORA DE SOLOS, CAPACIDADE DE 200 A 500 TON/H, POTENCIA 75KW - MATERIAIS NA OPERAÇÃO. AF_07/2016","H","51,63","95120","USINA MISTURADORA DE SOLOS, CAPACIDADE DE 200 A 500 TON/H, POTENCIA 75KW - MATERIAIS NA OPERAÇÃO. AF_07/2016","H","51,63","95120","USINA MISTURADORA DE SOLOS, CAPACIDADE DE 200 A 500 TON/H, POTENCIA 75KW - MATERIAIS NA OPERAÇÃO. AF_07/2016","H","51,63","95120","USINA MISTURADORA DE SOLOS, CAPACIDADE DE 200 A 500 TON/H, POTENCIA 75KW - MATERIAIS NA OPERAÇÃO. AF_07/2016","H","51,63","95120","USINA MISTURADORA DE SOLOS, CAPACIDADE DE 200 A 500 TON/H, POTENCIA 75KW - MATERIAIS NA OPERAÇÃO. AF_07/2016","H","51,63","95120","USINA MISTURADORA DE SOLOS, CAPACIDADE DE 200 A 500 TON/H, POTENCIA 75KW - MATERIAIS NA OPERAÇÃO. AF_07/2016","H","51,63","95120","USINA MISTURADORA DE SOLOS, CAPACIDADE DE 200 A 500 TON/H, POTENCIA 75KW - MATERIAIS NA OPERAÇÃO. AF_07/2016","H","51,63","95120","USINA MISTURADORA DE SOLOS, CAPACIDADE DE 200 A 500 TON/H, POTENCIA 75KW - MATERIAIS NA OPERAÇÃO. AF_07/2016","H","51,63","95120","USINA MISTURADORA DE SOLOS, CAPACIDADE DE 200 A 500 TON/H, POTENCIA 75KW - MATERIAIS NA OPERAÇÃO. AF_07/2016","H","51,63","95120","USINA MISTURADORA DE SOLOS, CAPACIDADE DE 200 A 500 TON/H, POTENCIA 75KW - MATERIAIS NA OPERAÇÃO. AF_07/2016","H","51,63","95120","USINA MISTURADORA DE SOLOS, CAPACIDADE DE 200 A 500 TON/H, POTENCIA 75KW - MATERIAIS NA OPERAÇÃO. AF_07/2016","H","51,63","95120","USINA MISTURADORA DE SOLOS, CAPACIDADE DE 200 A 500 TON/H, POTENCIA 75KW - MATERIAIS NA OPERAÇÃO. AF_07/2016","H","51,63","95120","USINA MISTURADORA DE SOLOS, CAPACIDADE DE 200 A 500 TON/H, POTENCIA 75KW - MATERIAIS NA OPERAÇÃO. AF_07/2016","H","51,63","95120","USINA MISTURADORA DE SOLOS, CAPACIDADE DE 200 A 500 TON/H, POTENCIA 75KW - MATERIAIS NA OPERAÇÃO. AF_07/2016","H","51,63","95120","USINA MISTURADORA DE SOLOS, CAPACIDADE DE 200 A 500 TON/H, POTENCIA 75KW - MATERIAIS NA OPERAÇÃO. AF_07/2016","H","51,63","95120","USINA MISTURADORA DE SOLOS, CAPACIDADE DE 200 A 500 TON/H, POTENCIA 75KW - MATERIAIS NA OPERAÇÃO. AF_07/2016","H","51,63","95120","USINA MISTURADORA DE SOLOS, CAPACIDADE DE 200 A 500 TON/H, POTENCIA 75KW - MATERIAIS NA OPERAÇÃO. AF_07/2016","H","51,63","95120","USINA MISTURADORA DE SOLOS, CAPACIDADE DE 200 A 500 TON/H, POTENCIA 75KW - MATERIAIS NA OPERAÇÃO. AF_07/2016","H","51,63","95120","USINA MISTURADORA DE SOLOS, CAPACIDADE DE 200 A 500 TON/H, POTENCIA 75KW - MATERIAIS NA OPERAÇÃO. AF_07/2016","H","51,63","95120","USINA MISTURADORA DE SOLOS, CAPACIDADE DE 200 A 500 TON/H, POTENCIA 75KW - MATERIAIS NA OPERAÇÃO. AF_07/2016","H","51,63","95120","USINA MISTURADORA DE SOLOS, CAPACIDADE DE 200 A 500 TON/H, POTENCIA 75KW - MATERIAIS NA OPERAÇÃO. AF_07/2016","H","51,63","95120","USINA MISTURADORA DE SOLOS, CAPACIDADE DE 200 A 500 TON/H, POTENCIA 75KW - MATERIAIS NA OPERAÇÃO. AF_07/2016","H","51,63","95120","USINA MISTURADORA DE SOLOS, CAPACIDADE DE 200 A 500 TON/H, POTENCIA 75KW - MATERIAIS NA OPERAÇÃO. AF_07/2016","H","51,63","95120","USINA MISTURADORA DE SOLOS, CAPACIDADE DE 200 A 500 TON/H, POTENCIA 75KW - MATERIAIS NA OPERAÇÃO. AF_07/2016","H","51,63","95120","USINA MISTURADORA DE SOLOS, CAPACIDADE DE 200 A 500 TON/H, POTENCIA 75KW - MATERIAIS NA OPERAÇÃO. AF_07/2016","H","51,63","95120","USINA MISTURADORA DE SOLOS, CAPACIDADE DE 200 A 500 TON/H, POTENCIA 75KW - MATERIAIS NA OPERAÇÃO. AF_07/2016","H","51,63","95120","USINA MISTURADORA DE SOLOS, CAPACIDADE DE 200 A 500 TON/H, POTENCIA 75KW - MATERIAIS NA OPERAÇÃO. AF_07/2016","H","51,63","95120","USINA MISTURADORA DE SOLOS, CAPACIDADE DE 200 A 500 TON/H, POTENCIA 75KW - MATERIAIS NA OPERAÇÃO. AF_07/2016","H","51,63","95120","USINA MISTURADORA DE SOLOS, CAPACIDADE DE 200 A 500 TON/H, POTENCIA 75KW - MATERIAIS NA OPERAÇÃO. AF_07/2016","H","51,63","95120","USINA MISTURADORA DE SOLOS, CAPACIDADE DE 200 A 500 TON/H, POTENCIA 75KW - MATERIAIS NA OPERAÇÃO. AF_07/2016","H","51,63","95120","USINA MISTURADORA DE SOLOS, CAPACIDADE DE 200 A 500 TON/H, POTENCIA 75KW - MATERIAIS NA OPERAÇÃO. AF_07/2016","H","51,63","95120","USINA MISTURADORA DE SOLOS, CAPACIDADE DE 200 A 500 TON/H, POTENCIA 75KW - MATERIAIS NA OPERAÇÃO. AF_07/2016","H","51,63","95120","USINA MISTURADORA DE SOLOS, CAPACIDADE DE 200 A 500 TON/H, POTENCIA 75KW - MATERIAIS NA OPERAÇÃO. AF_07/2016","H","51,63","95120","USINA MISTURADORA DE SOLOS, CAPACIDADE DE 200 A 500 TON/H, POTENCIA 75KW - MATERIAIS NA OPERAÇÃO. AF_07/2016","H","51,63","95120","USINA MISTURADORA DE SOLOS, CAPACIDADE DE 200 A 500 TON/H, POTENCIA 75KW - MATERIAIS NA OPERAÇÃO. AF_07/2016","H","51,63","95120","USINA MISTURADORA DE SOLOS, CAPACIDADE DE 200 A 500 TON/H, POTENCIA 75KW - MATERIAIS NA OPERAÇÃO. AF_07/2016","H","51,63","95120","USINA MISTURADORA DE SOLOS, CAPACIDADE DE 200 A 500 TON/H, POTENCIA 75KW - MATERIAIS NA OPERAÇÃO. AF_07/2016","H","51,63","95120","USINA MISTURADORA DE SOLOS, CAPACIDADE DE 200 A 500 TON/H, POTENCIA 75KW - MATERIAIS NA OPERAÇÃO. AF_07/2016","H","51,63","95120","USINA MISTURADORA DE SOLOS, CAPACIDADE DE 200 A 500 TON/H, POTENCIA 75KW - MATERIAIS NA OPERAÇÃO. AF_07/2016","H","51,63","95120","USINA MISTURADORA DE SOLOS, CAPACIDADE DE 200 A 500 TON/H, POTENCIA 75KW - MATERIAIS NA OPERAÇÃO. AF_07/2016","H","51,63","95120","USINA MISTURADORA DE SOLOS, CAPACIDADE DE 200 A 500 TON/H, POTENCIA 75KW - MATERIAIS NA OPERAÇÃO. AF_07/2016","H","51,63","95120","USINA MISTURADORA DE SOLOS, CAPACIDADE DE 200 A 500 TON/H, POTENCIA 75KW - MATERIAIS NA OPERAÇÃO. AF_07/2016","H","51,63","95120","USINA MISTURADORA DE SOLOS, CAPACIDADE DE 200 A 500 TON/H, POTENCIA 75KW - MATERIAIS NA OPERAÇÃO. AF_07/2016","H","51,63","95120","USINA MISTURADORA DE SOLOS, CAPACIDADE DE 200 A 500 TON/H, POTENCIA 75KW - MATERIAIS NA OPERAÇÃO. AF_07/2016","H","51,63","95120","USINA MISTURADORA DE SOLOS, CAPACIDADE DE 200 A 500 TON/H, POTENCIA 75KW - MATERIAIS NA OPERAÇÃO. AF_07/2016","H","51,63","95120","USINA MISTURADORA DE SOLOS, CAPACIDADE DE 200 A 500 TON/H, POTENCIA 75KW - MATERIAIS NA OPERAÇÃO. AF_07/2016","H","51,63","95120","USINA MISTURADORA DE SOLOS, CAPACIDADE DE 200 A 500 TON/H, POTENCIA 75KW - MATERIAIS NA OPERAÇÃO. AF_07/2016","H","51,63","95120","USINA MISTURADORA DE SOLOS, CAPACIDADE DE 200 A 500 TON/H, POTENCIA 75KW - MATERIAIS NA OPERAÇÃO. AF_07/2016","H","51,63"]
[96458,"ROLO COMPACTADOR DE PNEUS, ESTATICO, PRESSAO VARIAVEL, POTENCIA 110 HP, PESO SEM/COM LASTRO 10,8/27 T, LARGURA DE ROLAGEM 2,30 M - MANUTENCAO. AF_06/2017","H",52.66,"96458","ROLO COMPACTADOR DE PNEUS, ESTATICO, PRESSAO VARIAVEL, POTENCIA 110 HP, PESO SEM/COM LASTRO 10,8/27 T, LARGURA DE ROLAGEM 2,30 M - MANUTENCAO. AF_06/2017","H","52,66","96458","ROLO COMPACTADOR DE PNEUS, ESTATICO, PRESSAO VARIAVEL, POTENCIA 110 HP, PESO SEM/COM LASTRO 10,8/27 T, LARGURA DE ROLAGEM 2,30 M - MANUTENCAO. AF_06/2017","H","52,66","96458","ROLO COMPACTADOR DE PNEUS, ESTATICO, PRESSAO VARIAVEL, POTENCIA 110 HP, PESO SEM/COM LASTRO 10,8/27 T, LARGURA DE ROLAGEM 2,30 M - MANUTENCAO. AF_06/2017","H","52,66","96458","ROLO COMPACTADOR DE PNEUS, ESTATICO, PRESSAO VARIAVEL, POTENCIA 110 HP, PESO SEM/COM LASTRO 10,8/27 T, LARGURA DE ROLAGEM 2,30 M - MANUTENCAO. AF_06/2017","H","52,66","96458","ROLO COMPACTADOR DE PNEUS, ESTATICO, PRESSAO VARIAVEL, POTENCIA 110 HP, PESO SEM/COM LASTRO 10,8/27 T, LARGURA DE ROLAGEM 2,30 M - MANUTENCAO. AF_06/2017","H","52,66","96458","ROLO COMPACTADOR DE PNEUS, ESTATICO, PRESSAO VARIAVEL, POTENCIA 110 HP, PESO SEM/COM LASTRO 10,8/27 T, LARGURA DE ROLAGEM 2,30 M - MANUTENCAO. AF_06/2017","H","52,66","96458","ROLO COMPACTADOR DE PNEUS, ESTATICO, PRESSAO VARIAVEL, POTENCIA 110 HP, PESO SEM/COM LASTRO 10,8/27 T, LARGURA DE ROLAGEM 2,30 M - MANUTENCAO. AF_06/2017","H","52,66","96458","ROLO COMPACTADOR DE PNEUS, ESTATICO, PRESSAO VARIAVEL, POTENCIA 110 HP, PESO SEM/COM LASTRO 10,8/27 T, LARGURA DE ROLAGEM 2,30 M - MANUTENCAO. AF_06/2017","H","52,66","96458","ROLO COMPACTADOR DE PNEUS, ESTATICO, PRESSAO VARIAVEL, POTENCIA 110 HP, PESO SEM/COM LASTRO 10,8/27 T, LARGURA DE ROLAGEM 2,30 M - MANUTENCAO. AF_06/2017","H","52,66","96458","ROLO COMPACTADOR DE PNEUS, ESTATICO, PRESSAO VARIAVEL, POTENCIA 110 HP, PESO SEM/COM LASTRO 10,8/27 T, LARGURA DE ROLAGEM 2,30 M - MANUTENCAO. AF_06/2017","H","52,66","96458","ROLO COMPACTADOR DE PNEUS, ESTATICO, PRESSAO VARIAVEL, POTENCIA 110 HP, PESO SEM/COM LASTRO 10,8/27 T, LARGURA DE ROLAGEM 2,30 M - MANUTENCAO. AF_06/2017","H","52,66","96458","ROLO COMPACTADOR DE PNEUS, ESTATICO, PRESSAO VARIAVEL, POTENCIA 110 HP, PESO SEM/COM LASTRO 10,8/27 T, LARGURA DE ROLAGEM 2,30 M - MANUTENCAO. AF_06/2017","H","52,66","96458","ROLO COMPACTADOR DE PNEUS, ESTATICO, PRESSAO VARIAVEL, POTENCIA 110 HP, PESO SEM/COM LASTRO 10,8/27 T, LARGURA DE ROLAGEM 2,30 M - MANUTENCAO. AF_06/2017","H","52,66","96458","ROLO COMPACTADOR DE PNEUS, ESTATICO, PRESSAO VARIAVEL, POTENCIA 110 HP, PESO SEM/COM LASTRO 10,8/27 T, LARGURA DE ROLAGEM 2,30 M - MANUTENCAO. AF_06/2017","H","52,66","96458","ROLO COMPACTADOR DE PNEUS, ESTATICO, PRESSAO VARIAVEL, POTENCIA 110 HP, PESO SEM/COM LASTRO 10,8/27 T, LARGURA DE ROLAGEM 2,30 M - MANUTENCAO. AF_06/2017","H","52,66","96458","ROLO COMPACTADOR DE PNEUS, ESTATICO, PRESSAO VARIAVEL, POTENCIA 110 HP, PESO SEM/COM LASTRO 10,8/27 T, LARGURA DE ROLAGEM 2,30 M - MANUTENCAO. AF_06/2017","H","52,66","96458","ROLO COMPACTADOR DE PNEUS, ESTATICO, PRESSAO VARIAVEL, POTENCIA 110 HP, PESO SEM/COM LASTRO 10,8/27 T, LARGURA DE ROLAGEM 2,30 M - MANUTENCAO. AF_06/2017","H","52,66","96458","ROLO COMPACTADOR DE PNEUS, ESTATICO, PRESSAO VARIAVEL, POTENCIA 110 HP, PESO SEM/COM LASTRO 10,8/27 T, LARGURA DE ROLAGEM 2,30 M - MANUTENCAO. AF_06/2017","H","52,66","96458","ROLO COMPACTADOR DE PNEUS, ESTATICO, PRESSAO VARIAVEL, POTENCIA 110 HP, PESO SEM/COM LASTRO 10,8/27 T, LARGURA DE ROLAGEM 2,30 M - MANUTENCAO. AF_06/2017","H","52,66","96458","ROLO COMPACTADOR DE PNEUS, ESTATICO, PRESSAO VARIAVEL, POTENCIA 110 HP, PESO SEM/COM LASTRO 10,8/27 T, LARGURA DE ROLAGEM 2,30 M - MANUTENCAO. AF_06/2017","H","52,66","96458","ROLO COMPACTADOR DE PNEUS, ESTATICO, PRESSAO VARIAVEL, POTENCIA 110 HP, PESO SEM/COM LASTRO 10,8/27 T, LARGURA DE ROLAGEM 2,30 M - MANUTENCAO. AF_06/2017","H","52,66","96458","ROLO COMPACTADOR DE PNEUS, ESTATICO, PRESSAO VARIAVEL, POTENCIA 110 HP, PESO SEM/COM LASTRO 10,8/27 T, LARGURA DE ROLAGEM 2,30 M - MANUTENCAO. AF_06/2017","H","52,66","96458","ROLO COMPACTADOR DE PNEUS, ESTATICO, PRESSAO VARIAVEL, POTENCIA 110 HP, PESO SEM/COM LASTRO 10,8/27 T, LARGURA DE ROLAGEM 2,30 M - MANUTENCAO. AF_06/2017","H","52,66","96458","ROLO COMPACTADOR DE PNEUS, ESTATICO, PRESSAO VARIAVEL, POTENCIA 110 HP, PESO SEM/COM LASTRO 10,8/27 T, LARGURA DE ROLAGEM 2,30 M - MANUTENCAO. AF_06/2017","H","52,66","96458","ROLO COMPACTADOR DE PNEUS, ESTATICO, PRESSAO VARIAVEL, POTENCIA 110 HP, PESO SEM/COM LASTRO 10,8/27 T, LARGURA DE ROLAGEM 2,30 M - MANUTENCAO. AF_06/2017","H","52,66","96458","ROLO COMPACTADOR DE PNEUS, ESTATICO, PRESSAO VARIAVEL, POTENCIA 110 HP, PESO SEM/COM LASTRO 10,8/27 T, LARGURA DE ROLAGEM 2,30 M - MANUTENCAO. AF_06/2017","H","52,66","96458","ROLO COMPACTADOR DE PNEUS, ESTATICO, PRESSAO VARIAVEL, POTENCIA 110 HP, PESO SEM/COM LASTRO 10,8/27 T, LARGURA DE ROLAGEM 2,30 M - MANUTENCAO. AF_06/2017","H","52,66","96458","ROLO COMPACTADOR DE PNEUS, ESTATICO, PRESSAO VARIAVEL, POTENCIA 110 HP, PESO SEM/COM LASTRO 10,8/27 T, LARGURA DE ROLAGEM 2,30 M - MANUTENCAO. AF_06/2017","H","52,66","96458","ROLO COMPACTADOR DE PNEUS, ESTATICO, PRESSAO VARIAVEL, POTENCIA 110 HP, PESO SEM/COM LASTRO 10,8/27 T, LARGURA DE ROLAGEM 2,30 M - MANUTENCAO. AF_06/2017","H","52,66","96458","ROLO COMPACTADOR DE PNEUS, ESTATICO, PRESSAO VARIAVEL, POTENCIA 110 HP, PESO SEM/COM LASTRO 10,8/27 T, LARGURA DE ROLAGEM 2,30 M - MANUTENCAO. AF_06/2017","H","52,66","96458","ROLO COMPACTADOR DE PNEUS, ESTATICO, PRESSAO VARIAVEL, POTENCIA 110 HP, PESO SEM/COM LASTRO 10,8/27 T, LARGURA DE ROLAGEM 2,30 M - MANUTENCAO. AF_06/2017","H","52,66","96458","ROLO COMPACTADOR DE PNEUS, ESTATICO, PRESSAO VARIAVEL, POTENCIA 110 HP, PESO SEM/COM LASTRO 10,8/27 T, LARGURA DE ROLAGEM 2,30 M - MANUTENCAO. AF_06/2017","H","52,66","96458","ROLO COMPACTADOR DE PNEUS, ESTATICO, PRESSAO VARIAVEL, POTENCIA 110 HP, PESO SEM/COM LASTRO 10,8/27 T, LARGURA DE ROLAGEM 2,30 M - MANUTENCAO. AF_06/2017","H","52,66","96458","ROLO COMPACTADOR DE PNEUS, ESTATICO, PRESSAO VARIAVEL, POTENCIA 110 HP, PESO SEM/COM LASTRO 10,8/27 T, LARGURA DE ROLAGEM 2,30 M - MANUTENCAO. AF_06/2017","H","52,66","96458","ROLO COMPACTADOR DE PNEUS, ESTATICO, PRESSAO VARIAVEL, POTENCIA 110 HP, PESO SEM/COM LASTRO 10,8/27 T, LARGURA DE ROLAGEM 2,30 M - MANUTENCAO. AF_06/2017","H","52,66","96458","ROLO COMPACTADOR DE PNEUS, ESTATICO, PRESSAO VARIAVEL, POTENCIA 110 HP, PESO SEM/COM LASTRO 10,8/27 T, LARGURA DE ROLAGEM 2,30 M - MANUTENCAO. AF_06/2017","H","52,66","96458","ROLO COMPACTADOR DE PNEUS, ESTATICO, PRESSAO VARIAVEL, POTENCIA 110 HP, PESO SEM/COM LASTRO 10,8/27 T, LARGURA DE ROLAGEM 2,30 M - MANUTENCAO. AF_06/2017","H","52,66","96458","ROLO COMPACTADOR DE PNEUS, ESTATICO, PRESSAO VARIAVEL, POTENCIA 110 HP, PESO SEM/COM LASTRO 10,8/27 T, LARGURA DE ROLAGEM 2,30 M - MANUTENCAO. AF_06/2017","H","52,66","96458","ROLO COMPACTADOR DE PNEUS, ESTATICO, PRESSAO VARIAVEL, POTENCIA 110 HP, PESO SEM/COM LASTRO 10,8/27 T, LARGURA DE ROLAGEM 2,30 M - MANUTENCAO. AF_06/2017","H","52,66","96458","ROLO COMPACTADOR DE PNEUS, ESTATICO, PRESSAO VARIAVEL, POTENCIA 110 HP, PESO SEM/COM LASTRO 10,8/27 T, LARGURA DE ROLAGEM 2,30 M - MANUTENCAO. AF_06/2017","H","52,66","96458","ROLO COMPACTADOR DE PNEUS, ESTATICO, PRESSAO VARIAVEL, POTENCIA 110 HP, PESO SEM/COM LASTRO 10,8/27 T, LARGURA DE ROLAGEM 2,30 M - MANUTENCAO. AF_06/2017","H","52,66","96458","ROLO COMPACTADOR DE PNEUS, ESTATICO, PRESSAO VARIAVEL, POTENCIA 110 HP, PESO SEM/COM LASTRO 10,8/27 T, LARGURA DE ROLAGEM 2,30 M - MANUTENCAO. AF_06/2017","H","52,66","96458","ROLO COMPACTADOR DE PNEUS, ESTATICO, PRESSAO VARIAVEL, POTENCIA 110 HP, PESO SEM/COM LASTRO 10,8/27 T, LARGURA DE ROLAGEM 2,30 M - MANUTENCAO. AF_06/2017","H","52,66","96458","ROLO COMPACTADOR DE PNEUS, ESTATICO, PRESSAO VARIAVEL, POTENCIA 110 HP, PESO SEM/COM LASTRO 10,8/27 T, LARGURA DE ROLAGEM 2,30 M - MANUTENCAO. AF_06/2017","H","52,66","96458","ROLO COMPACTADOR DE PNEUS, ESTATICO, PRESSAO VARIAVEL, POTENCIA 110 HP, PESO SEM/COM LASTRO 10,8/27 T, LARGURA DE ROLAGEM 2,30 M - MANUTENCAO. AF_06/2017","H","52,66","96458","ROLO COMPACTADOR DE PNEUS, ESTATICO, PRESSAO VARIAVEL, POTENCIA 110 HP, PESO SEM/COM LASTRO 10,8/27 T, LARGURA DE ROLAGEM 2,30 M - MANUTENCAO. AF_06/2017","H","52,66","96458","ROLO COMPACTADOR DE PNEUS, ESTATICO, PRESSAO VARIAVEL, POTENCIA 110 HP, PESO SEM/COM LASTRO 10,8/27 T, LARGURA DE ROLAGEM 2,30 M - MANUTENCAO. AF_06/2017","H","52,66","96458","ROLO COMPACTADOR DE PNEUS, ESTATICO, PRESSAO VARIAVEL, POTENCIA 110 HP, PESO SEM/COM LASTRO 10,8/27 T, LARGURA DE ROLAGEM 2,30 M - MANUTENCAO. AF_06/2017","H","52,66","96458","ROLO COMPACTADOR DE PNEUS, ESTATICO, PRESSAO VARIAVEL, POTENCIA 110 HP, PESO SEM/COM LASTRO 10,8/27 T, LARGURA DE ROLAGEM 2,30 M - MANUTENCAO. AF_06/2017","H","52,66","96458","ROLO COMPACTADOR DE PNEUS, ESTATICO, PRESSAO VARIAVEL, POTENCIA 110 HP, PESO SEM/COM LASTRO 10,8/27 T, LARGURA DE ROLAGEM 2,30 M - MANUTENCAO. AF_06/2017","H","52,66","96458","ROLO COMPACTADOR DE PNEUS, ESTATICO, PRESSAO VARIAVEL, POTENCIA 110 HP, PESO SEM/COM LASTRO 10,8/27 T, LARGURA DE ROLAGEM 2,30 M - MANUTENCAO. AF_06/2017","H","52,66","96458","ROLO COMPACTADOR DE PNEUS, ESTATICO, PRESSAO VARIAVEL, POTENCIA 110 HP, PESO SEM/COM LASTRO 10,8/27 T, LARGURA DE ROLAGEM 2,30 M - MANUTENCAO. AF_06/2017","H","52,66","96458","ROLO COMPACTADOR DE PNEUS, ESTATICO, PRESSAO VARIAVEL, POTENCIA 110 HP, PESO SEM/COM LASTRO 10,8/27 T, LARGURA DE ROLAGEM 2,30 M - MANUTENCAO. AF_06/2017","H","52,66","96458","ROLO COMPACTADOR DE PNEUS, ESTATICO, PRESSAO VARIAVEL, POTENCIA 110 HP, PESO SEM/COM LASTRO 10,8/27 T, LARGURA DE ROLAGEM 2,30 M - MANUTENCAO. AF_06/2017","H","52,66","96458","ROLO COMPACTADOR DE PNEUS, ESTATICO, PRESSAO VARIAVEL, POTENCIA 110 HP, PESO SEM/COM LASTRO 10,8/27 T, LARGURA DE ROLAGEM 2,30 M - MANUTENCAO. AF_06/2017","H","52,66","96458","ROLO COMPACTADOR DE PNEUS, ESTATICO, PRESSAO VARIAVEL, POTENCIA 110 HP, PESO SEM/COM LASTRO 10,8/27 T, LARGURA DE ROLAGEM 2,30 M - MANUTENCAO. AF_06/2017","H","52,66","96458","ROLO COMPACTADOR DE PNEUS, ESTATICO, PRESSAO VARIAVEL, POTENCIA 110 HP, PESO SEM/COM LASTRO 10,8/27 T, LARGURA DE ROLAGEM 2,30 M - MANUTENCAO. AF_06/2017","H","52,66","96458","ROLO COMPACTADOR DE PNEUS, ESTATICO, PRESSAO VARIAVEL, POTENCIA 110 HP, PESO SEM/COM LASTRO 10,8/27 T, LARGURA DE ROLAGEM 2,30 M - MANUTENCAO. AF_06/2017","H","52,66","96458","ROLO COMPACTADOR DE PNEUS, ESTATICO, PRESSAO VARIAVEL, POTENCIA 110 HP, PESO SEM/COM LASTRO 10,8/27 T, LARGURA DE ROLAGEM 2,30 M - MANUTENCAO. AF_06/2017","H","52,66","96458","ROLO COMPACTADOR DE PNEUS, ESTATICO, PRESSAO VARIAVEL, POTENCIA 110 HP, PESO SEM/COM LASTRO 10,8/27 T, LARGURA DE ROLAGEM 2,30 M - MANUTENCAO. AF_06/2017","H","52,66","96458","ROLO COMPACTADOR DE PNEUS, ESTATICO, PRESSAO VARIAVEL, POTENCIA 110 HP, PESO SEM/COM LASTRO 10,8/27 T, LARGURA DE ROLAGEM 2,30 M - MANUTENCAO. AF_06/2017","H","52,66","96458","ROLO COMPACTADOR DE PNEUS, ESTATICO, PRESSAO VARIAVEL, POTENCIA 110 HP, PESO SEM/COM LASTRO 10,8/27 T, LARGURA DE ROLAGEM 2,30 M - MANUTENCAO. AF_06/2017","H","52,66","96458","ROLO COMPACTADOR DE PNEUS, ESTATICO, PRESSAO VARIAVEL, POTENCIA 110 HP, PESO SEM/COM LASTRO 10,8/27 T, LARGURA DE ROLAGEM 2,30 M - MANUTENCAO. AF_06/2017","H","52,66"]
[102903,"TORRE, COMPOSTA POR GUINCHO MECÂNICO, GUINCHO MANUAL, CABOS DE AÇO, PITEIRA E SOQUETE  - MATERIAIS NA OPERAÇÃO. AF_04/2019","H",10.95,"102903","TORRE, COMPOSTA POR GUINCHO MECÂNICO, GUINCHO MANUAL, CABOS DE AÇO, PITEIRA E SOQUETE  - MATERIAIS NA OPERAÇÃO. AF_04/2019","H","10,95","102903","TORRE, COMPOSTA POR GUINCHO MECÂNICO, GUINCHO MANUAL, CABOS DE AÇO, PITEIRA E SOQUETE  - MATERIAIS NA OPERAÇÃO. AF_04/2019","H","10,95","102903","TORRE, COMPOSTA POR GUINCHO MECÂNICO, GUINCHO MANUAL, CABOS DE AÇO, PITEIRA E SOQUETE  - MATERIAIS NA OPERAÇÃO. AF_04/2019","H","10,95","102903","TORRE, COMPOSTA POR GUINCHO MECÂNICO, GUINCHO MANUAL, CABOS DE AÇO, PITEIRA E SOQUETE  - MATERIAIS NA OPERAÇÃO. AF_04/2019","H","10,95","102903","TORRE, COMPOSTA POR GUINCHO MECÂNICO, GUINCHO MANUAL, CABOS DE AÇO, PITEIRA E SOQUETE  - MATERIAIS NA OPERAÇÃO. AF_04/2019","H","10,95","102903","TORRE, COMPOSTA POR GUINCHO MECÂNICO, GUINCHO MANUAL, CABOS DE AÇO, PITEIRA E SOQUETE  - MATERIAIS NA OPERAÇÃO. AF_04/2019","H","10,95","102903","TORRE, COMPOSTA POR GUINCHO MECÂNICO, GUINCHO MANUAL, CABOS DE AÇO, PITEIRA E SOQUETE  - MATERIAIS NA OPERAÇÃO. AF_04/2019","H","10,95","102903","TORRE, COMPOSTA POR GUINCHO MECÂNICO, GUINCHO MANUAL, CABOS DE AÇO, PITEIRA E SOQUETE  - MATERIAIS NA OPERAÇÃO. AF_04/2019","H","10,95","102903","TORRE, COMPOSTA POR GUINCHO MECÂNICO, GUINCHO MANUAL, CABOS DE AÇO, PITEIRA E SOQUETE  - MATERIAIS NA OPERAÇÃO. AF_04/2019","H","10,95","102903","TORRE, COMPOSTA POR GUINCHO MECÂNICO, GUINCHO MANUAL, CABOS DE AÇO, PITEIRA E SOQUETE  - MATERIAIS NA OPERAÇÃO. AF_04/2019","H","10,95","102903","TORRE, COMPOSTA POR GUINCHO MECÂNICO, GUINCHO MANUAL, CABOS DE AÇO, PITEIRA E SOQUETE  - MATERIAIS NA OPERAÇÃO. AF_04/2019","H","10,95","102903","TORRE, COMPOSTA POR GUINCHO MECÂNICO, GUINCHO MANUAL, CABOS DE AÇO, PITEIRA E SOQUETE  - MATERIAIS NA OPERAÇÃO. AF_04/2019","H","10,95","102903","TORRE, COMPOSTA POR GUINCHO MECÂNICO, GUINCHO MANUAL, CABOS DE AÇO, PITEIRA E SOQUETE  - MATERIAIS NA OPERAÇÃO. AF_04/2019","H","10,95","102903","TORRE, COMPOSTA POR GUINCHO MECÂNICO, GUINCHO MANUAL, CABOS DE AÇO, PITEIRA E SOQUETE  - MATERIAIS NA OPERAÇÃO. AF_04/2019","H","10,95","102903","TORRE, COMPOSTA POR GUINCHO MECÂNICO, GUINCHO MANUAL, CABOS DE AÇO, PITEIRA E SOQUETE  - MATERIAIS NA OPERAÇÃO. AF_04/2019","H","10,95","102903","TORRE, COMPOSTA POR GUINCHO MECÂNICO, GUINCHO MANUAL, CABOS DE AÇO, PITEIRA E SOQUETE  - MATERIAIS NA OPERAÇÃO. AF_04/2019","H","10,95","102903","TORRE, COMPOSTA POR GUINCHO MECÂNICO, GUINCHO MANUAL, CABOS DE AÇO, PITEIRA E SOQUETE  - MATERIAIS NA OPERAÇÃO. AF_04/2019","H","10,95","102903","TORRE, COMPOSTA POR GUINCHO MECÂNICO, GUINCHO MANUAL, CABOS DE AÇO, PITEIRA E SOQUETE  - MATERIAIS NA OPERAÇÃO. AF_04/2019","H","10,95","102903","TORRE, COMPOSTA POR GUINCHO MECÂNICO, GUINCHO MANUAL, CABOS DE AÇO, PITEIRA E SOQUETE  - MATERIAIS NA OPERAÇÃO. AF_04/2019","H","10,95","102903","TORRE, COMPOSTA POR GUINCHO MECÂNICO, GUINCHO MANUAL, CABOS DE AÇO, PITEIRA E SOQUETE  - MATERIAIS NA OPERAÇÃO. AF_04/2019","H","10,95","102903","TORRE, COMPOSTA POR GUINCHO MECÂNICO, GUINCHO MANUAL, CABOS DE AÇO, PITEIRA E SOQUETE  - MATERIAIS NA OPERAÇÃO. AF_04/2019","H","10,95","102903","TORRE, COMPOSTA POR GUINCHO MECÂNICO, GUINCHO MANUAL, CABOS DE AÇO, PITEIRA E SOQUETE  - MATERIAIS NA OPERAÇÃO. AF_04/2019","H","10,95","102903","TORRE, COMPOSTA POR GUINCHO MECÂNICO, GUINCHO MANUAL, CABOS DE AÇO, PITEIRA E SOQUETE  - MATERIAIS NA OPERAÇÃO. AF_04/2019","H","10,95","102903","TORRE, COMPOSTA POR GUINCHO MECÂNICO, GUINCHO MANUAL, CABOS DE AÇO, PITEIRA E SOQUETE  - MATERIAIS NA OPERAÇÃO. AF_04/2019","H","10,95","102903","TORRE, COMPOSTA POR GUINCHO MECÂNICO, GUINCHO MANUAL, CABOS DE AÇO, PITEIRA E SOQUETE  - MATERIAIS NA OPERAÇÃO. AF_04/2019","H","10,95","102903","TORRE, COMPOSTA POR GUINCHO MECÂNICO, GUINCHO MANUAL, CABOS DE AÇO, PITEIRA E SOQUETE  - MATERIAIS NA OPERAÇÃO. AF_04/2019","H","10,95","102903","TORRE, COMPOSTA POR GUINCHO MECÂNICO, GUINCHO MANUAL, CABOS DE AÇO, PITEIRA E SOQUETE  - MATERIAIS NA OPERAÇÃO. AF_04/2019","H","10,95","102903","TORRE, COMPOSTA POR GUINCHO MECÂNICO, GUINCHO MANUAL, CABOS DE AÇO, PITEIRA E SOQUETE  - MATERIAIS NA OPERAÇÃO. AF_04/2019","H","10,95","102903","TORRE, COMPOSTA POR GUINCHO MECÂNICO, GUINCHO MANUAL, CABOS DE AÇO, PITEIRA E SOQUETE  - MATERIAIS NA OPERAÇÃO. AF_04/2019","H","10,95","102903","TORRE, COMPOSTA POR GUINCHO MECÂNICO, GUINCHO MANUAL, CABOS DE AÇO, PITEIRA E SOQUETE  - MATERIAIS NA OPERAÇÃO. AF_04/2019","H","10,95","102903","TORRE, COMPOSTA POR GUINCHO MECÂNICO, GUINCHO MANUAL, CABOS DE AÇO, PITEIRA E SOQUETE  - MATERIAIS NA OPERAÇÃO. AF_04/2019","H","10,95","102903","TORRE, COMPOSTA POR GUINCHO MECÂNICO, GUINCHO MANUAL, CABOS DE AÇO, PITEIRA E SOQUETE  - MATERIAIS NA OPERAÇÃO. AF_04/2019","H","10,95","102903","TORRE, COMPOSTA POR GUINCHO MECÂNICO, GUINCHO MANUAL, CABOS DE AÇO, PITEIRA E SOQUETE  - MATERIAIS NA OPERAÇÃO. AF_04/2019","H","10,95","102903","TORRE, COMPOSTA POR GUINCHO MECÂNICO, GUINCHO MANUAL, CABOS DE AÇO, PITEIRA E SOQUETE  - MATERIAIS NA OPERAÇÃO. AF_04/2019","H","10,95","102903","TORRE, COMPOSTA POR GUINCHO MECÂNICO, GUINCHO MANUAL, CABOS DE AÇO, PITEIRA E SOQUETE  - MATERIAIS NA OPERAÇÃO. AF_04/2019","H","10,95","102903","TORRE, COMPOSTA POR GUINCHO MECÂNICO, GUINCHO MANUAL, CABOS DE AÇO, PITEIRA E SOQUETE  - MATERIAIS NA OPERAÇÃO. AF_04/2019","H","10,95","102903","TORRE, COMPOSTA POR GUINCHO MECÂNICO, GUINCHO MANUAL, CABOS DE AÇO, PITEIRA E SOQUETE  - MATERIAIS NA OPERAÇÃO. AF_04/2019","H","10,95","102903","TORRE, COMPOSTA POR GUINCHO MECÂNICO, GUINCHO MANUAL, CABOS DE AÇO, PITEIRA E SOQUETE  - MATERIAIS NA OPERAÇÃO. AF_04/2019","H","10,95","102903","TORRE, COMPOSTA POR GUINCHO MECÂNICO, GUINCHO MANUAL, CABOS DE AÇO, PITEIRA E SOQUETE  - MATERIAIS NA OPERAÇÃO. AF_04/2019","H","10,95","102903","TORRE, COMPOSTA POR GUINCHO MECÂNICO, GUINCHO MANUAL, CABOS DE AÇO, PITEIRA E SOQUETE  - MATERIAIS NA OPERAÇÃO. AF_04/2019","H","10,95","102903","TORRE, COMPOSTA POR GUINCHO MECÂNICO, GUINCHO MANUAL, CABOS DE AÇO, PITEIRA E SOQUETE  - MATERIAIS NA OPERAÇÃO. AF_04/2019","H","10,95","102903","TORRE, COMPOSTA POR GUINCHO MECÂNICO, GUINCHO MANUAL, CABOS DE AÇO, PITEIRA E SOQUETE  - MATERIAIS NA OPERAÇÃO. AF_04/2019","H","10,95","102903","TORRE, COMPOSTA POR GUINCHO MECÂNICO, GUINCHO MANUAL, CABOS DE AÇO, PITEIRA E SOQUETE  - MATERIAIS NA OPERAÇÃO. AF_04/2019","H","10,95","102903","TORRE, COMPOSTA POR GUINCHO MECÂNICO, GUINCHO MANUAL, CABOS DE AÇO, PITEIRA E SOQUETE  - MATERIAIS NA OPERAÇÃO. AF_04/2019","H","10,95","102903","TORRE, COMPOSTA POR GUINCHO MECÂNICO, GUINCHO MANUAL, CABOS DE AÇO, PITEIRA E SOQUETE  - MATERIAIS NA OPERAÇÃO. AF_04/2019","H","10,95","102903","TORRE, COMPOSTA POR GUINCHO MECÂNICO, GUINCHO MANUAL, CABOS DE AÇO, PITEIRA E SOQUETE  - MATERIAIS NA OPERAÇÃO. AF_04/2019","H","10,95","102903","TORRE, COMPOSTA POR GUINCHO MECÂNICO, GUINCHO MANUAL, CABOS DE AÇO, PITEIRA E SOQUETE  - MATERIAIS NA OPERAÇÃO. AF_04/2019","H","10,95","102903","TORRE, COMPOSTA POR GUINCHO MECÂNICO, GUINCHO MANUAL, CABOS DE AÇO, PITEIRA E SOQUETE  - MATERIAIS NA OPERAÇÃO. AF_04/2019","H","10,95","102903","TORRE, COMPOSTA POR GUINCHO MECÂNICO, GUINCHO MANUAL, CABOS DE AÇO, PITEIRA E SOQUETE  - MATERIAIS NA OPERAÇÃO. AF_04/2019","H","10,95","102903","TORRE, COMPOSTA POR GUINCHO MECÂNICO, GUINCHO MANUAL, CABOS DE AÇO, PITEIRA E SOQUETE  - MATERIAIS NA OPERAÇÃO. AF_04/2019","H","10,95","102903","TORRE, COMPOSTA POR GUINCHO MECÂNICO, GUINCHO MANUAL, CABOS DE AÇO, PITEIRA E SOQUETE  - MATERIAIS NA OPERAÇÃO. AF_04/2019","H","10,95","102903","TORRE, COMPOSTA POR GUINCHO MECÂNICO, GUINCHO MANUAL, CABOS DE AÇO, PITEIRA E SOQUETE  - MATERIAIS NA OPERAÇÃO. AF_04/2019","H","10,95","102903","TORRE, COMPOSTA POR GUINCHO MECÂNICO, GUINCHO MANUAL, CABOS DE AÇO, PITEIRA E SOQUETE  - MATERIAIS NA OPERAÇÃO. AF_04/2019","H","10,95","102903","TORRE, COMPOSTA POR GUINCHO MECÂNICO, GUINCHO MANUAL, CABOS DE AÇO, PITEIRA E SOQUETE  - MATERIAIS NA OPERAÇÃO. AF_04/2019","H","10,95","102903","TORRE, COMPOSTA POR GUINCHO MECÂNICO, GUINCHO MANUAL, CABOS DE AÇO, PITEIRA E SOQUETE  - MATERIAIS NA OPERAÇÃO. AF_04/2019","H","10,95","102903","TORRE, COMPOSTA POR GUINCHO MECÂNICO, GUINCHO MANUAL, CABOS DE AÇO, PITEIRA E SOQUETE  - MATERIAIS NA OPERAÇÃO. AF_04/2019","H","10,95","102903","TORRE, COMPOSTA POR GUINCHO MECÂNICO, GUINCHO MANUAL, CABOS DE AÇO, PITEIRA E SOQUETE  - MATERIAIS NA OPERAÇÃO. AF_04/2019","H","10,95","102903","TORRE, COMPOSTA POR GUINCHO MECÂNICO, GUINCHO MANUAL, CABOS DE AÇO, PITEIRA E SOQUETE  - MATERIAIS NA OPERAÇÃO. AF_04/2019","H","10,95","102903","TORRE, COMPOSTA POR GUINCHO MECÂNICO, GUINCHO MANUAL, CABOS DE AÇO, PITEIRA E SOQUETE  - MATERIAIS NA OPERAÇÃO. AF_04/2019","H","10,95","102903","TORRE, COMPOSTA POR GUINCHO MECÂNICO, GUINCHO MANUAL, CABOS DE AÇO, PITEIRA E SOQUETE  - MATERIAIS NA OPERAÇÃO. AF_04/2019","H","10,95","102903","TORRE, COMPOSTA POR GUINCHO MECÂNICO, GUINCHO MANUAL, CABOS DE AÇO, PITEIRA E SOQUETE  - MATERIAIS NA OPERAÇÃO. AF_04/2019","H","10,95","102903","TORRE, COMPOSTA POR GUINCHO MECÂNICO, GUINCHO MANUAL, CABOS DE AÇO, PITEIRA E SOQUETE  - MATERIAIS NA OPERAÇÃO. AF_04/2019","H","10,95","102903","TORRE, COMPOSTA POR GUINCHO MECÂNICO, GUINCHO MANUAL, CABOS DE AÇO, PITEIRA E SOQUETE  - MATERIAIS NA OPERAÇÃO. AF_04/2019","H","10,95"]
[103241,"MISTURADOR PARA PREPARO DE LAMA ESTABILIZANTE COM CAPACIDADE DE *4000* L, COM BOMBA CENTRÍFUGA 5,5 HP A 23,07 HP, PARA SISTEMA DE FURO DIRECIONAL - MATERIAIS NA OPERAÇÃO. AF_11/2021","H",7.33,"103241","MISTURADOR PARA PREPARO DE LAMA ESTABILIZANTE COM CAPACIDADE DE *4000* L, COM BOMBA CENTRÍFUGA 5,5 HP A 23,07 HP, PARA SISTEMA DE FURO DIRECIONAL - MATERIAIS NA OPERAÇÃO. AF_11/2021","H","7,33","103241","MISTURADOR PARA PREPARO DE LAMA ESTABILIZANTE COM CAPACIDADE DE *4000* L, COM BOMBA CENTRÍFUGA 5,5 HP A 23,07 HP, PARA SISTEMA DE FURO DIRECIONAL - MATERIAIS NA OPERAÇÃO. AF_11/2021","H","7,33","103241","MISTURADOR PARA PREPARO DE LAMA ESTABILIZANTE COM CAPACIDADE DE *4000* L, COM BOMBA CENTRÍFUGA 5,5 HP A 23,07 HP, PARA SISTEMA DE FURO DIRECIONAL - MATERIAIS NA OPERAÇÃO. AF_11/2021","H","7,33","103241","MISTURADOR PARA PREPARO DE LAMA ESTABILIZANTE COM CAPACIDADE DE *4000* L, COM BOMBA CENTRÍFUGA 5,5 HP A 23,07 HP, PARA SISTEMA DE FURO DIRECIONAL - MATERIAIS NA OPERAÇÃO. AF_11/2021","H","7,33","103241","MISTURADOR PARA PREPARO DE LAMA ESTABILIZANTE COM CAPACIDADE DE *4000* L, COM BOMBA CENTRÍFUGA 5,5 HP A 23,07 HP, PARA SISTEMA DE FURO DIRECIONAL - MATERIAIS NA OPERAÇÃO. AF_11/2021","H","7,33","103241","MISTURADOR PARA PREPARO DE LAMA ESTABILIZANTE COM CAPACIDADE DE *4000* L, COM BOMBA CENTRÍFUGA 5,5 HP A 23,07 HP, PARA SISTEMA DE FURO DIRECIONAL - MATERIAIS NA OPERAÇÃO. AF_11/2021","H","7,33","103241","MISTURADOR PARA PREPARO DE LAMA ESTABILIZANTE COM CAPACIDADE DE *4000* L, COM BOMBA CENTRÍFUGA 5,5 HP A 23,07 HP, PARA SISTEMA DE FURO DIRECIONAL - MATERIAIS NA OPERAÇÃO. AF_11/2021","H","7,33","103241","MISTURADOR PARA PREPARO DE LAMA ESTABILIZANTE COM CAPACIDADE DE *4000* L, COM BOMBA CENTRÍFUGA 5,5 HP A 23,07 HP, PARA SISTEMA DE FURO DIRECIONAL - MATERIAIS NA OPERAÇÃO. AF_11/2021","H","7,33","103241","MISTURADOR PARA PREPARO DE LAMA ESTABILIZANTE COM CAPACIDADE DE *4000* L, COM BOMBA CENTRÍFUGA 5,5 HP A 23,07 HP, PARA SISTEMA DE FURO DIRECIONAL - MATERIAIS NA OPERAÇÃO. AF_11/2021","H","7,33","103241","MISTURADOR PARA PREPARO DE LAMA ESTABILIZANTE COM CAPACIDADE DE *4000* L, COM BOMBA CENTRÍFUGA 5,5 HP A 23,07 HP, PARA SISTEMA DE FURO DIRECIONAL - MATERIAIS NA OPERAÇÃO. AF_11/2021","H","7,33","103241","MISTURADOR PARA PREPARO DE LAMA ESTABILIZANTE COM CAPACIDADE DE *4000* L, COM BOMBA CENTRÍFUGA 5,5 HP A 23,07 HP, PARA SISTEMA DE FURO DIRECIONAL - MATERIAIS NA OPERAÇÃO. AF_11/2021","H","7,33","103241","MISTURADOR PARA PREPARO DE LAMA ESTABILIZANTE COM CAPACIDADE DE *4000* L, COM BOMBA CENTRÍFUGA 5,5 HP A 23,07 HP, PARA SISTEMA DE FURO DIRECIONAL - MATERIAIS NA OPERAÇÃO. AF_11/2021","H","7,33","103241","MISTURADOR PARA PREPARO DE LAMA ESTABILIZANTE COM CAPACIDADE DE *4000* L, COM BOMBA CENTRÍFUGA 5,5 HP A 23,07 HP, PARA SISTEMA DE FURO DIRECIONAL - MATERIAIS NA OPERAÇÃO. AF_11/2021","H","7,33","103241","MISTURADOR PARA PREPARO DE LAMA ESTABILIZANTE COM CAPACIDADE DE *4000* L, COM BOMBA CENTRÍFUGA 5,5 HP A 23,07 HP, PARA SISTEMA DE FURO DIRECIONAL - MATERIAIS NA OPERAÇÃO. AF_11/2021","H","7,33","103241","MISTURADOR PARA PREPARO DE LAMA ESTABILIZANTE COM CAPACIDADE DE *4000* L, COM BOMBA CENTRÍFUGA 5,5 HP A 23,07 HP, PARA SISTEMA DE FURO DIRECIONAL - MATERIAIS NA OPERAÇÃO. AF_11/2021","H","7,33","103241","MISTURADOR PARA PREPARO DE LAMA ESTABILIZANTE COM CAPACIDADE DE *4000* L, COM BOMBA CENTRÍFUGA 5,5 HP A 23,07 HP, PARA SISTEMA DE FURO DIRECIONAL - MATERIAIS NA OPERAÇÃO. AF_11/2021","H","7,33","103241","MISTURADOR PARA PREPARO DE LAMA ESTABILIZANTE COM CAPACIDADE DE *4000* L, COM BOMBA CENTRÍFUGA 5,5 HP A 23,07 HP, PARA SISTEMA DE FURO DIRECIONAL - MATERIAIS NA OPERAÇÃO. AF_11/2021","H","7,33","103241","MISTURADOR PARA PREPARO DE LAMA ESTABILIZANTE COM CAPACIDADE DE *4000* L, COM BOMBA CENTRÍFUGA 5,5 HP A 23,07 HP, PARA SISTEMA DE FURO DIRECIONAL - MATERIAIS NA OPERAÇÃO. AF_11/2021","H","7,33","103241","MISTURADOR PARA PREPARO DE LAMA ESTABILIZANTE COM CAPACIDADE DE *4000* L, COM BOMBA CENTRÍFUGA 5,5 HP A 23,07 HP, PARA SISTEMA DE FURO DIRECIONAL - MATERIAIS NA OPERAÇÃO. AF_11/2021","H","7,33","103241","MISTURADOR PARA PREPARO DE LAMA ESTABILIZANTE COM CAPACIDADE DE *4000* L, COM BOMBA CENTRÍFUGA 5,5 HP A 23,07 HP, PARA SISTEMA DE FURO DIRECIONAL - MATERIAIS NA OPERAÇÃO. AF_11/2021","H","7,33","103241","MISTURADOR PARA PREPARO DE LAMA ESTABILIZANTE COM CAPACIDADE DE *4000* L, COM BOMBA CENTRÍFUGA 5,5 HP A 23,07 HP, PARA SISTEMA DE FURO DIRECIONAL - MATERIAIS NA OPERAÇÃO. AF_11/2021","H","7,33","103241","MISTURADOR PARA PREPARO DE LAMA ESTABILIZANTE COM CAPACIDADE DE *4000* L, COM BOMBA CENTRÍFUGA 5,5 HP A 23,07 HP, PARA SISTEMA DE FURO DIRECIONAL - MATERIAIS NA OPERAÇÃO. AF_11/2021","H","7,33","103241","MISTURADOR PARA PREPARO DE LAMA ESTABILIZANTE COM CAPACIDADE DE *4000* L, COM BOMBA CENTRÍFUGA 5,5 HP A 23,07 HP, PARA SISTEMA DE FURO DIRECIONAL - MATERIAIS NA OPERAÇÃO. AF_11/2021","H","7,33","103241","MISTURADOR PARA PREPARO DE LAMA ESTABILIZANTE COM CAPACIDADE DE *4000* L, COM BOMBA CENTRÍFUGA 5,5 HP A 23,07 HP, PARA SISTEMA DE FURO DIRECIONAL - MATERIAIS NA OPERAÇÃO. AF_11/2021","H","7,33","103241","MISTURADOR PARA PREPARO DE LAMA ESTABILIZANTE COM CAPACIDADE DE *4000* L, COM BOMBA CENTRÍFUGA 5,5 HP A 23,07 HP, PARA SISTEMA DE FURO DIRECIONAL - MATERIAIS NA OPERAÇÃO. AF_11/2021","H","7,33","103241","MISTURADOR PARA PREPARO DE LAMA ESTABILIZANTE COM CAPACIDADE DE *4000* L, COM BOMBA CENTRÍFUGA 5,5 HP A 23,07 HP, PARA SISTEMA DE FURO DIRECIONAL - MATERIAIS NA OPERAÇÃO. AF_11/2021","H","7,33","103241","MISTURADOR PARA PREPARO DE LAMA ESTABILIZANTE COM CAPACIDADE DE *4000* L, COM BOMBA CENTRÍFUGA 5,5 HP A 23,07 HP, PARA SISTEMA DE FURO DIRECIONAL - MATERIAIS NA OPERAÇÃO. AF_11/2021","H","7,33","103241","MISTURADOR PARA PREPARO DE LAMA ESTABILIZANTE COM CAPACIDADE DE *4000* L, COM BOMBA CENTRÍFUGA 5,5 HP A 23,07 HP, PARA SISTEMA DE FURO DIRECIONAL - MATERIAIS NA OPERAÇÃO. AF_11/2021","H","7,33","103241","MISTURADOR PARA PREPARO DE LAMA ESTABILIZANTE COM CAPACIDADE DE *4000* L, COM BOMBA CENTRÍFUGA 5,5 HP A 23,07 HP, PARA SISTEMA DE FURO DIRECIONAL - MATERIAIS NA OPERAÇÃO. AF_11/2021","H","7,33","103241","MISTURADOR PARA PREPARO DE LAMA ESTABILIZANTE COM CAPACIDADE DE *4000* L, COM BOMBA CENTRÍFUGA 5,5 HP A 23,07 HP, PARA SISTEMA DE FURO DIRECIONAL - MATERIAIS NA OPERAÇÃO. AF_11/2021","H","7,33","103241","MISTURADOR PARA PREPARO DE LAMA ESTABILIZANTE COM CAPACIDADE DE *4000* L, COM BOMBA CENTRÍFUGA 5,5 HP A 23,07 HP, PARA SISTEMA DE FURO DIRECIONAL - MATERIAIS NA OPERAÇÃO. AF_11/2021","H","7,33","103241","MISTURADOR PARA PREPARO DE LAMA ESTABILIZANTE COM CAPACIDADE DE *4000* L, COM BOMBA CENTRÍFUGA 5,5 HP A 23,07 HP, PARA SISTEMA DE FURO DIRECIONAL - MATERIAIS NA OPERAÇÃO. AF_11/2021","H","7,33","103241","MISTURADOR PARA PREPARO DE LAMA ESTABILIZANTE COM CAPACIDADE DE *4000* L, COM BOMBA CENTRÍFUGA 5,5 HP A 23,07 HP, PARA SISTEMA DE FURO DIRECIONAL - MATERIAIS NA OPERAÇÃO. AF_11/2021","H","7,33","103241","MISTURADOR PARA PREPARO DE LAMA ESTABILIZANTE COM CAPACIDADE DE *4000* L, COM BOMBA CENTRÍFUGA 5,5 HP A 23,07 HP, PARA SISTEMA DE FURO DIRECIONAL - MATERIAIS NA OPERAÇÃO. AF_11/2021","H","7,33","103241","MISTURADOR PARA PREPARO DE LAMA ESTABILIZANTE COM CAPACIDADE DE *4000* L, COM BOMBA CENTRÍFUGA 5,5 HP A 23,07 HP, PARA SISTEMA DE FURO DIRECIONAL - MATERIAIS NA OPERAÇÃO. AF_11/2021","H","7,33","103241","MISTURADOR PARA PREPARO DE LAMA ESTABILIZANTE COM CAPACIDADE DE *4000* L, COM BOMBA CENTRÍFUGA 5,5 HP A 23,07 HP, PARA SISTEMA DE FURO DIRECIONAL - MATERIAIS NA OPERAÇÃO. AF_11/2021","H","7,33","103241","MISTURADOR PARA PREPARO DE LAMA ESTABILIZANTE COM CAPACIDADE DE *4000* L, COM BOMBA CENTRÍFUGA 5,5 HP A 23,07 HP, PARA SISTEMA DE FURO DIRECIONAL - MATERIAIS NA OPERAÇÃO. AF_11/2021","H","7,33","103241","MISTURADOR PARA PREPARO DE LAMA ESTABILIZANTE COM CAPACIDADE DE *4000* L, COM BOMBA CENTRÍFUGA 5,5 HP A 23,07 HP, PARA SISTEMA DE FURO DIRECIONAL - MATERIAIS NA OPERAÇÃO. AF_11/2021","H","7,33","103241","MISTURADOR PARA PREPARO DE LAMA ESTABILIZANTE COM CAPACIDADE DE *4000* L, COM BOMBA CENTRÍFUGA 5,5 HP A 23,07 HP, PARA SISTEMA DE FURO DIRECIONAL - MATERIAIS NA OPERAÇÃO. AF_11/2021","H","7,33","103241","MISTURADOR PARA PREPARO DE LAMA ESTABILIZANTE COM CAPACIDADE DE *4000* L, COM BOMBA CENTRÍFUGA 5,5 HP A 23,07 HP, PARA SISTEMA DE FURO DIRECIONAL - MATERIAIS NA OPERAÇÃO. AF_11/2021","H","7,33","103241","MISTURADOR PARA PREPARO DE LAMA ESTABILIZANTE COM CAPACIDADE DE *4000* L, COM BOMBA CENTRÍFUGA 5,5 HP A 23,07 HP, PARA SISTEMA DE FURO DIRECIONAL - MATERIAIS NA OPERAÇÃO. AF_11/2021","H","7,33","103241","MISTURADOR PARA PREPARO DE LAMA ESTABILIZANTE COM CAPACIDADE DE *4000* L, COM BOMBA CENTRÍFUGA 5,5 HP A 23,07 HP, PARA SISTEMA DE FURO DIRECIONAL - MATERIAIS NA OPERAÇÃO. AF_11/2021","H","7,33","103241","MISTURADOR PARA PREPARO DE LAMA ESTABILIZANTE COM CAPACIDADE DE *4000* L, COM BOMBA CENTRÍFUGA 5,5 HP A 23,07 HP, PARA SISTEMA DE FURO DIRECIONAL - MATERIAIS NA OPERAÇÃO. AF_11/2021","H","7,33","103241","MISTURADOR PARA PREPARO DE LAMA ESTABILIZANTE COM CAPACIDADE DE *4000* L, COM BOMBA CENTRÍFUGA 5,5 HP A 23,07 HP, PARA SISTEMA DE FURO DIRECIONAL - MATERIAIS NA OPERAÇÃO. AF_11/2021","H","7,33","103241","MISTURADOR PARA PREPARO DE LAMA ESTABILIZANTE COM CAPACIDADE DE *4000* L, COM BOMBA CENTRÍFUGA 5,5 HP A 23,07 HP, PARA SISTEMA DE FURO DIRECIONAL - MATERIAIS NA OPERAÇÃO. AF_11/2021","H","7,33","103241","MISTURADOR PARA PREPARO DE LAMA ESTABILIZANTE COM CAPACIDADE DE *4000* L, COM BOMBA CENTRÍFUGA 5,5 HP A 23,07 HP, PARA SISTEMA DE FURO DIRECIONAL - MATERIAIS NA OPERAÇÃO. AF_11/2021","H","7,33","103241","MISTURADOR PARA PREPARO DE LAMA ESTABILIZANTE COM CAPACIDADE DE *4000* L, COM BOMBA CENTRÍFUGA 5,5 HP A 23,07 HP, PARA SISTEMA DE FURO DIRECIONAL - MATERIAIS NA OPERAÇÃO. AF_11/2021","H","7,33","103241","MISTURADOR PARA PREPARO DE LAMA ESTABILIZANTE COM CAPACIDADE DE *4000* L, COM BOMBA CENTRÍFUGA 5,5 HP A 23,07 HP, PARA SISTEMA DE FURO DIRECIONAL - MATERIAIS NA OPERAÇÃO. AF_11/2021","H","7,33","103241","MISTURADOR PARA PREPARO DE LAMA ESTABILIZANTE COM CAPACIDADE DE *4000* L, COM BOMBA CENTRÍFUGA 5,5 HP A 23,07 HP, PARA SISTEMA DE FURO DIRECIONAL - MATERIAIS NA OPERAÇÃO. AF_11/2021","H","7,33","103241","MISTURADOR PARA PREPARO DE LAMA ESTABILIZANTE COM CAPACIDADE DE *4000* L, COM BOMBA CENTRÍFUGA 5,5 HP A 23,07 HP, PARA SISTEMA DE FURO DIRECIONAL - MATERIAIS NA OPERAÇÃO. AF_11/2021","H","7,33","103241","MISTURADOR PARA PREPARO DE LAMA ESTABILIZANTE COM CAPACIDADE DE *4000* L, COM BOMBA CENTRÍFUGA 5,5 HP A 23,07 HP, PARA SISTEMA DE FURO DIRECIONAL - MATERIAIS NA OPERAÇÃO. AF_11/2021","H","7,33","103241","MISTURADOR PARA PREPARO DE LAMA ESTABILIZANTE COM CAPACIDADE DE *4000* L, COM BOMBA CENTRÍFUGA 5,5 HP A 23,07 HP, PARA SISTEMA DE FURO DIRECIONAL - MATERIAIS NA OPERAÇÃO. AF_11/2021","H","7,33","103241","MISTURADOR PARA PREPARO DE LAMA ESTABILIZANTE COM CAPACIDADE DE *4000* L, COM BOMBA CENTRÍFUGA 5,5 HP A 23,07 HP, PARA SISTEMA DE FURO DIRECIONAL - MATERIAIS NA OPERAÇÃO. AF_11/2021","H","7,33","103241","MISTURADOR PARA PREPARO DE LAMA ESTABILIZANTE COM CAPACIDADE DE *4000* L, COM BOMBA CENTRÍFUGA 5,5 HP A 23,07 HP, PARA SISTEMA DE FURO DIRECIONAL - MATERIAIS NA OPERAÇÃO. AF_11/2021","H","7,33","103241","MISTURADOR PARA PREPARO DE LAMA ESTABILIZANTE COM CAPACIDADE DE *4000* L, COM BOMBA CENTRÍFUGA 5,5 HP A 23,07 HP, PARA SISTEMA DE FURO DIRECIONAL - MATERIAIS NA OPERAÇÃO. AF_11/2021","H","7,33","103241","MISTURADOR PARA PREPARO DE LAMA ESTABILIZANTE COM CAPACIDADE DE *4000* L, COM BOMBA CENTRÍFUGA 5,5 HP A 23,07 HP, PARA SISTEMA DE FURO DIRECIONAL - MATERIAIS NA OPERAÇÃO. AF_11/2021","H","7,33","103241","MISTURADOR PARA PREPARO DE LAMA ESTABILIZANTE COM CAPACIDADE DE *4000* L, COM BOMBA CENTRÍFUGA 5,5 HP A 23,07 HP, PARA SISTEMA DE FURO DIRECIONAL - MATERIAIS NA OPERAÇÃO. AF_11/2021","H","7,33","103241","MISTURADOR PARA PREPARO DE LAMA ESTABILIZANTE COM CAPACIDADE DE *4000* L, COM BOMBA CENTRÍFUGA 5,5 HP A 23,07 HP, PARA SISTEMA DE FURO DIRECIONAL - MATERIAIS NA OPERAÇÃO. AF_11/2021","H","7,33","103241","MISTURADOR PARA PREPARO DE LAMA ESTABILIZANTE COM CAPACIDADE DE *4000* L, COM BOMBA CENTRÍFUGA 5,5 HP A 23,07 HP, PARA SISTEMA DE FURO DIRECIONAL - MATERIAIS NA OPERAÇÃO. AF_11/2021","H","7,33","103241","MISTURADOR PARA PREPARO DE LAMA ESTABILIZANTE COM CAPACIDADE DE *4000* L, COM BOMBA CENTRÍFUGA 5,5 HP A 23,07 HP, PARA SISTEMA DE FURO DIRECIONAL - MATERIAIS NA OPERAÇÃO. AF_11/2021","H","7,33","103241","MISTURADOR PARA PREPARO DE LAMA ESTABILIZANTE COM CAPACIDADE DE *4000* L, COM BOMBA CENTRÍFUGA 5,5 HP A 23,07 HP, PARA SISTEMA DE FURO DIRECIONAL - MATERIAIS NA OPERAÇÃO. AF_11/2021","H","7,33","103241","MISTURADOR PARA PREPARO DE LAMA ESTABILIZANTE COM CAPACIDADE DE *4000* L, COM BOMBA CENTRÍFUGA 5,5 HP A 23,07 HP, PARA SISTEMA DE FURO DIRECIONAL - MATERIAIS NA OPERAÇÃO. AF_11/2021","H","7,33","103241","MISTURADOR PARA PREPARO DE LAMA ESTABILIZANTE COM CAPACIDADE DE *4000* L, COM BOMBA CENTRÍFUGA 5,5 HP A 23,07 HP, PARA SISTEMA DE FURO DIRECIONAL - MATERIAIS NA OPERAÇÃO. AF_11/2021","H","7,33"]
[94201,"TELHAMENTO COM TELHA CERÂMICA CAPA-CANAL, TIPO COLONIAL, COM ATÉ 2 ÁGUAS, INCLUSO TRANSPORTE VERTICAL. AF_07/2019","M2",60.61,"94201","TELHAMENTO COM TELHA CERÂMICA CAPA-CANAL, TIPO COLONIAL, COM ATÉ 2 ÁGUAS, INCLUSO TRANSPORTE VERTICAL. AF_07/2019","M2","60,61","94201","TELHAMENTO COM TELHA CERÂMICA CAPA-CANAL, TIPO COLONIAL, COM ATÉ 2 ÁGUAS, INCLUSO TRANSPORTE VERTICAL. AF_07/2019","M2","60,61","94201","TELHAMENTO COM TELHA CERÂMICA CAPA-CANAL, TIPO COLONIAL, COM ATÉ 2 ÁGUAS, INCLUSO TRANSPORTE VERTICAL. AF_07/2019","M2","60,61","94201","TELHAMENTO COM TELHA CERÂMICA CAPA-CANAL, TIPO COLONIAL, COM ATÉ 2 ÁGUAS, INCLUSO TRANSPORTE VERTICAL. AF_07/2019","M2","60,61","94201","TELHAMENTO COM TELHA CERÂMICA CAPA-CANAL, TIPO COLONIAL, COM ATÉ 2 ÁGUAS, INCLUSO TRANSPORTE VERTICAL. AF_07/2019","M2","60,61","94201","TELHAMENTO COM TELHA CERÂMICA CAPA-CANAL, TIPO COLONIAL, COM ATÉ 2 ÁGUAS, INCLUSO TRANSPORTE VERTICAL. AF_07/2019","M2","60,61","94201","TELHAMENTO COM TELHA CERÂMICA CAPA-CANAL, TIPO COLONIAL, COM ATÉ 2 ÁGUAS, INCLUSO TRANSPORTE VERTICAL. AF_07/2019","M2","60,61","94201","TELHAMENTO COM TELHA CERÂMICA CAPA-CANAL, TIPO COLONIAL, COM ATÉ 2 ÁGUAS, INCLUSO TRANSPORTE VERTICAL. AF_07/2019","M2","60,61","94201","TELHAMENTO COM TELHA CERÂMICA CAPA-CANAL, TIPO COLONIAL, COM ATÉ 2 ÁGUAS, INCLUSO TRANSPORTE VERTICAL. AF_07/2019","M2","60,61","94201","TELHAMENTO COM TELHA CERÂMICA CAPA-CANAL, TIPO COLONIAL, COM ATÉ 2 ÁGUAS, INCLUSO TRANSPORTE VERTICAL. AF_07/2019","M2","60,61","94201","TELHAMENTO COM TELHA CERÂMICA CAPA-CANAL, TIPO COLONIAL, COM ATÉ 2 ÁGUAS, INCLUSO TRANSPORTE VERTICAL. AF_07/2019","M2","60,61","94201","TELHAMENTO COM TELHA CERÂMICA CAPA-CANAL, TIPO COLONIAL, COM ATÉ 2 ÁGUAS, INCLUSO TRANSPORTE VERTICAL. AF_07/2019","M2","60,61","94201","TELHAMENTO COM TELHA CERÂMICA CAPA-CANAL, TIPO COLONIAL, COM ATÉ 2 ÁGUAS, INCLUSO TRANSPORTE VERTICAL. AF_07/2019","M2","60,61","94201","TELHAMENTO COM TELHA CERÂMICA CAPA-CANAL, TIPO COLONIAL, COM ATÉ 2 ÁGUAS, INCLUSO TRANSPORTE VERTICAL. AF_07/2019","M2","60,61","94201","TELHAMENTO COM TELHA CERÂMICA CAPA-CANAL, TIPO COLONIAL, COM ATÉ 2 ÁGUAS, INCLUSO TRANSPORTE VERTICAL. AF_07/2019","M2","60,61","94201","TELHAMENTO COM TELHA CERÂMICA CAPA-CANAL, TIPO COLONIAL, COM ATÉ 2 ÁGUAS, INCLUSO TRANSPORTE VERTICAL. AF_07/2019","M2","60,61","94201","TELHAMENTO COM TELHA CERÂMICA CAPA-CANAL, TIPO COLONIAL, COM ATÉ 2 ÁGUAS, INCLUSO TRANSPORTE VERTICAL. AF_07/2019","M2","60,61","94201","TELHAMENTO COM TELHA CERÂMICA CAPA-CANAL, TIPO COLONIAL, COM ATÉ 2 ÁGUAS, INCLUSO TRANSPORTE VERTICAL. AF_07/2019","M2","60,61","94201","TELHAMENTO COM TELHA CERÂMICA CAPA-CANAL, TIPO COLONIAL, COM ATÉ 2 ÁGUAS, INCLUSO TRANSPORTE VERTICAL. AF_07/2019","M2","60,61","94201","TELHAMENTO COM TELHA CERÂMICA CAPA-CANAL, TIPO COLONIAL, COM ATÉ 2 ÁGUAS, INCLUSO TRANSPORTE VERTICAL. AF_07/2019","M2","60,61","94201","TELHAMENTO COM TELHA CERÂMICA CAPA-CANAL, TIPO COLONIAL, COM ATÉ 2 ÁGUAS, INCLUSO TRANSPORTE VERTICAL. AF_07/2019","M2","60,61","94201","TELHAMENTO COM TELHA CERÂMICA CAPA-CANAL, TIPO COLONIAL, COM ATÉ 2 ÁGUAS, INCLUSO TRANSPORTE VERTICAL. AF_07/2019","M2","60,61","94201","TELHAMENTO COM TELHA CERÂMICA CAPA-CANAL, TIPO COLONIAL, COM ATÉ 2 ÁGUAS, INCLUSO TRANSPORTE VERTICAL. AF_07/2019","M2","60,61","94201","TELHAMENTO COM TELHA CERÂMICA CAPA-CANAL, TIPO COLONIAL, COM ATÉ 2 ÁGUAS, INCLUSO TRANSPORTE VERTICAL. AF_07/2019","M2","60,61","94201","TELHAMENTO COM TELHA CERÂMICA CAPA-CANAL, TIPO COLONIAL, COM ATÉ 2 ÁGUAS, INCLUSO TRANSPORTE VERTICAL. AF_07/2019","M2","60,61","94201","TELHAMENTO COM TELHA CERÂMICA CAPA-CANAL, TIPO COLONIAL, COM ATÉ 2 ÁGUAS, INCLUSO TRANSPORTE VERTICAL. AF_07/2019","M2","60,61","94201","TELHAMENTO COM TELHA CERÂMICA CAPA-CANAL, TIPO COLONIAL, COM ATÉ 2 ÁGUAS, INCLUSO TRANSPORTE VERTICAL. AF_07/2019","M2","60,61","94201","TELHAMENTO COM TELHA CERÂMICA CAPA-CANAL, TIPO COLONIAL, COM ATÉ 2 ÁGUAS, INCLUSO TRANSPORTE VERTICAL. AF_07/2019","M2","60,61","94201","TELHAMENTO COM TELHA CERÂMICA CAPA-CANAL, TIPO COLONIAL, COM ATÉ 2 ÁGUAS, INCLUSO TRANSPORTE VERTICAL. AF_07/2019","M2","60,61","94201","TELHAMENTO COM TELHA CERÂMICA CAPA-CANAL, TIPO COLONIAL, COM ATÉ 2 ÁGUAS, INCLUSO TRANSPORTE VERTICAL. AF_07/2019","M2","60,61","94201","TELHAMENTO COM TELHA CERÂMICA CAPA-CANAL, TIPO COLONIAL, COM ATÉ 2 ÁGUAS, INCLUSO TRANSPORTE VERTICAL. AF_07/2019","M2","60,61","94201","TELHAMENTO COM TELHA CERÂMICA CAPA-CANAL, TIPO COLONIAL, COM ATÉ 2 ÁGUAS, INCLUSO TRANSPORTE VERTICAL. AF_07/2019","M2","60,61","94201","TELHAMENTO COM TELHA CERÂMICA CAPA-CANAL, TIPO COLONIAL, COM ATÉ 2 ÁGUAS, INCLUSO TRANSPORTE VERTICAL. AF_07/2019","M2","60,61","94201","TELHAMENTO COM TELHA CERÂMICA CAPA-CANAL, TIPO COLONIAL, COM ATÉ 2 ÁGUAS, INCLUSO TRANSPORTE VERTICAL. AF_07/2019","M2","60,61","94201","TELHAMENTO COM TELHA CERÂMICA CAPA-CANAL, TIPO COLONIAL, COM ATÉ 2 ÁGUAS, INCLUSO TRANSPORTE VERTICAL. AF_07/2019","M2","60,61","94201","TELHAMENTO COM TELHA CERÂMICA CAPA-CANAL, TIPO COLONIAL, COM ATÉ 2 ÁGUAS, INCLUSO TRANSPORTE VERTICAL. AF_07/2019","M2","60,61","94201","TELHAMENTO COM TELHA CERÂMICA CAPA-CANAL, TIPO COLONIAL, COM ATÉ 2 ÁGUAS, INCLUSO TRANSPORTE VERTICAL. AF_07/2019","M2","60,61","94201","TELHAMENTO COM TELHA CERÂMICA CAPA-CANAL, TIPO COLONIAL, COM ATÉ 2 ÁGUAS, INCLUSO TRANSPORTE VERTICAL. AF_07/2019","M2","60,61","94201","TELHAMENTO COM TELHA CERÂMICA CAPA-CANAL, TIPO COLONIAL, COM ATÉ 2 ÁGUAS, INCLUSO TRANSPORTE VERTICAL. AF_07/2019","M2","60,61","94201","TELHAMENTO COM TELHA CERÂMICA CAPA-CANAL, TIPO COLONIAL, COM ATÉ 2 ÁGUAS, INCLUSO TRANSPORTE VERTICAL. AF_07/2019","M2","60,61","94201","TELHAMENTO COM TELHA CERÂMICA CAPA-CANAL, TIPO COLONIAL, COM ATÉ 2 ÁGUAS, INCLUSO TRANSPORTE VERTICAL. AF_07/2019","M2","60,61","94201","TELHAMENTO COM TELHA CERÂMICA CAPA-CANAL, TIPO COLONIAL, COM ATÉ 2 ÁGUAS, INCLUSO TRANSPORTE VERTICAL. AF_07/2019","M2","60,61","94201","TELHAMENTO COM TELHA CERÂMICA CAPA-CANAL, TIPO COLONIAL, COM ATÉ 2 ÁGUAS, INCLUSO TRANSPORTE VERTICAL. AF_07/2019","M2","60,61","94201","TELHAMENTO COM TELHA CERÂMICA CAPA-CANAL, TIPO COLONIAL, COM ATÉ 2 ÁGUAS, INCLUSO TRANSPORTE VERTICAL. AF_07/2019","M2","60,61","94201","TELHAMENTO COM TELHA CERÂMICA CAPA-CANAL, TIPO COLONIAL, COM ATÉ 2 ÁGUAS, INCLUSO TRANSPORTE VERTICAL. AF_07/2019","M2","60,61","94201","TELHAMENTO COM TELHA CERÂMICA CAPA-CANAL, TIPO COLONIAL, COM ATÉ 2 ÁGUAS, INCLUSO TRANSPORTE VERTICAL. AF_07/2019","M2","60,61","94201","TELHAMENTO COM TELHA CERÂMICA CAPA-CANAL, TIPO COLONIAL, COM ATÉ 2 ÁGUAS, INCLUSO TRANSPORTE VERTICAL. AF_07/2019","M2","60,61","94201","TELHAMENTO COM TELHA CERÂMICA CAPA-CANAL, TIPO COLONIAL, COM ATÉ 2 ÁGUAS, INCLUSO TRANSPORTE VERTICAL. AF_07/2019","M2","60,61","94201","TELHAMENTO COM TELHA CERÂMICA CAPA-CANAL, TIPO COLONIAL, COM ATÉ 2 ÁGUAS, INCLUSO TRANSPORTE VERTICAL. AF_07/2019","M2","60,61","94201","TELHAMENTO COM TELHA CERÂMICA CAPA-CANAL, TIPO COLONIAL, COM ATÉ 2 ÁGUAS, INCLUSO TRANSPORTE VERTICAL. AF_07/2019","M2","60,61","94201","TELHAMENTO COM TELHA CERÂMICA CAPA-CANAL, TIPO COLONIAL, COM ATÉ 2 ÁGUAS, INCLUSO TRANSPORTE VERTICAL. AF_07/2019","M2","60,61","94201","TELHAMENTO COM TELHA CERÂMICA CAPA-CANAL, TIPO COLONIAL, COM ATÉ 2 ÁGUAS, INCLUSO TRANSPORTE VERTICAL. AF_07/2019","M2","60,61","94201","TELHAMENTO COM TELHA CERÂMICA CAPA-CANAL, TIPO COLONIAL, COM ATÉ 2 ÁGUAS, INCLUSO TRANSPORTE VERTICAL. AF_07/2019","M2","60,61","94201","TELHAMENTO COM TELHA CERÂMICA CAPA-CANAL, TIPO COLONIAL, COM ATÉ 2 ÁGUAS, INCLUSO TRANSPORTE VERTICAL. AF_07/2019","M2","60,61","94201","TELHAMENTO COM TELHA CERÂMICA CAPA-CANAL, TIPO COLONIAL, COM ATÉ 2 ÁGUAS, INCLUSO TRANSPORTE VERTICAL. AF_07/2019","M2","60,61","94201","TELHAMENTO COM TELHA CERÂMICA CAPA-CANAL, TIPO COLONIAL, COM ATÉ 2 ÁGUAS, INCLUSO TRANSPORTE VERTICAL. AF_07/2019","M2","60,61","94201","TELHAMENTO COM TELHA CERÂMICA CAPA-CANAL, TIPO COLONIAL, COM ATÉ 2 ÁGUAS, INCLUSO TRANSPORTE VERTICAL. AF_07/2019","M2","60,61","94201","TELHAMENTO COM TELHA CERÂMICA CAPA-CANAL, TIPO COLONIAL, COM ATÉ 2 ÁGUAS, INCLUSO TRANSPORTE VERTICAL. AF_07/2019","M2","60,61","94201","TELHAMENTO COM TELHA CERÂMICA CAPA-CANAL, TIPO COLONIAL, COM ATÉ 2 ÁGUAS, INCLUSO TRANSPORTE VERTICAL. AF_07/2019","M2","60,61","94201","TELHAMENTO COM TELHA CERÂMICA CAPA-CANAL, TIPO COLONIAL, COM ATÉ 2 ÁGUAS, INCLUSO TRANSPORTE VERTICAL. AF_07/2019","M2","60,61","94201","TELHAMENTO COM TELHA CERÂMICA CAPA-CANAL, TIPO COLONIAL, COM ATÉ 2 ÁGUAS, INCLUSO TRANSPORTE VERTICAL. AF_07/2019","M2","60,61","94201","TELHAMENTO COM TELHA CERÂMICA CAPA-CANAL, TIPO COLONIAL, COM ATÉ 2 ÁGUAS, INCLUSO TRANSPORTE VERTICAL. AF_07/2019","M2","60,61","94201","TELHAMENTO COM TELHA CERÂMICA CAPA-CANAL, TIPO COLONIAL, COM ATÉ 2 ÁGUAS, INCLUSO TRANSPORTE VERTICAL. AF_07/2019","M2","60,61"]
[100331,"RETIRADA E RECOLOCAÇÃO DE  TELHA CERÂMICA CAPA-CANAL, COM MAIS DE DUAS ÁGUAS, INCLUSO IÇAMENTO. AF_07/2019","M2",24.56,"100331","RETIRADA E RECOLOCAÇÃO DE  TELHA CERÂMICA CAPA-CANAL, COM MAIS DE DUAS ÁGUAS, INCLUSO IÇAMENTO. AF_07/2019","M2","24,56","100331","RETIRADA E RECOLOCAÇÃO DE  TELHA CERÂMICA CAPA-CANAL, COM MAIS DE DUAS ÁGUAS, INCLUSO IÇAMENTO. AF_07/2019","M2","24,56","100331","RETIRADA E RECOLOCAÇÃO DE  TELHA CERÂMICA CAPA-CANAL, COM MAIS DE DUAS ÁGUAS, INCLUSO IÇAMENTO. AF_07/2019","M2","24,56","100331","RETIRADA E RECOLOCAÇÃO DE  TELHA CERÂMICA CAPA-CANAL, COM MAIS DE DUAS ÁGUAS, INCLUSO IÇAMENTO. AF_07/2019","M2","24,56","100331","RETIRADA E RECOLOCAÇÃO DE  TELHA CERÂMICA CAPA-CANAL, COM MAIS DE DUAS ÁGUAS, INCLUSO IÇAMENTO. AF_07/2019","M2","24,56","100331","RETIRADA E RECOLOCAÇÃO DE  TELHA CERÂMICA CAPA-CANAL, COM MAIS DE DUAS ÁGUAS, INCLUSO IÇAMENTO. AF_07/2019","M2","24,56","100331","RETIRADA E RECOLOCAÇÃO DE  TELHA CERÂMICA CAPA-CANAL, COM MAIS DE DUAS ÁGUAS, INCLUSO IÇAMENTO. AF_07/2019","M2","24,56","100331","RETIRADA E RECOLOCAÇÃO DE  TELHA CERÂMICA CAPA-CANAL, COM MAIS DE DUAS ÁGUAS, INCLUSO IÇAMENTO. AF_07/2019","M2","24,56","100331","RETIRADA E RECOLOCAÇÃO DE  TELHA CERÂMICA CAPA-CANAL, COM MAIS DE DUAS ÁGUAS, INCLUSO IÇAMENTO. AF_07/2019","M2","24,56","100331","RETIRADA E RECOLOCAÇÃO DE  TELHA CERÂMICA CAPA-CANAL, COM MAIS DE DUAS ÁGUAS, INCLUSO IÇAMENTO. AF_07/2019","M2","24,56","100331","RETIRADA E RECOLOCAÇÃO DE  TELHA CERÂMICA CAPA-CANAL, COM MAIS DE DUAS ÁGUAS, INCLUSO IÇAMENTO. AF_07/2019","M2","24,56","100331","RETIRADA E RECOLOCAÇÃO DE  TELHA CERÂMICA CAPA-CANAL, COM MAIS DE DUAS ÁGUAS, INCLUSO IÇAMENTO. AF_07/2019","M2","24,56","100331","RETIRADA E RECOLOCAÇÃO DE  TELHA CERÂMICA CAPA-CANAL, COM MAIS DE DUAS ÁGUAS, INCLUSO IÇAMENTO. AF_07/2019","M2","24,56","100331","RETIRADA E RECOLOCAÇÃO DE  TELHA CERÂMICA CAPA-CANAL, COM MAIS DE DUAS ÁGUAS, INCLUSO IÇAMENTO. AF_07/2019","M2","24,56","100331","RETIRADA E RECOLOCAÇÃO DE  TELHA CERÂMICA CAPA-CANAL, COM MAIS DE DUAS ÁGUAS, INCLUSO IÇAMENTO. AF_07/2019","M2","24,56","100331","RETIRADA E RECOLOCAÇÃO DE  TELHA CERÂMICA CAPA-CANAL, COM MAIS DE DUAS ÁGUAS, INCLUSO IÇAMENTO. AF_07/2019","M2","24,56","100331","RETIRADA E RECOLOCAÇÃO DE  TELHA CERÂMICA CAPA-CANAL, COM MAIS DE DUAS ÁGUAS, INCLUSO IÇAMENTO. AF_07/2019","M2","24,56","100331","RETIRADA E RECOLOCAÇÃO DE  TELHA CERÂMICA CAPA-CANAL, COM MAIS DE DUAS ÁGUAS, INCLUSO IÇAMENTO. AF_07/2019","M2","24,56","100331","RETIRADA E RECOLOCAÇÃO DE  TELHA CERÂMICA CAPA-CANAL, COM MAIS DE DUAS ÁGUAS, INCLUSO IÇAMENTO. AF_07/2019","M2","24,56","100331","RETIRADA E RECOLOCAÇÃO DE  TELHA CERÂMICA CAPA-CANAL, COM MAIS DE DUAS ÁGUAS, INCLUSO IÇAMENTO. AF_07/2019","M2","24,56","100331","RETIRADA E RECOLOCAÇÃO DE  TELHA CERÂMICA CAPA-CANAL, COM MAIS DE DUAS ÁGUAS, INCLUSO IÇAMENTO. AF_07/2019","M2","24,56","100331","RETIRADA E RECOLOCAÇÃO DE  TELHA CERÂMICA CAPA-CANAL, COM MAIS DE DUAS ÁGUAS, INCLUSO IÇAMENTO. AF_07/2019","M2","24,56","100331","RETIRADA E RECOLOCAÇÃO DE  TELHA CERÂMICA CAPA-CANAL, COM MAIS DE DUAS ÁGUAS, INCLUSO IÇAMENTO. AF_07/2019","M2","24,56","100331","RETIRADA E RECOLOCAÇÃO DE  TELHA CERÂMICA CAPA-CANAL, COM MAIS DE DUAS ÁGUAS, INCLUSO IÇAMENTO. AF_07/2019","M2","24,56","100331","RETIRADA E RECOLOCAÇÃO DE  TELHA CERÂMICA CAPA-CANAL, COM MAIS DE DUAS ÁGUAS, INCLUSO IÇAMENTO. AF_07/2019","M2","24,56","100331","RETIRADA E RECOLOCAÇÃO DE  TELHA CERÂMICA CAPA-CANAL, COM MAIS DE DUAS ÁGUAS, INCLUSO IÇAMENTO. AF_07/2019","M2","24,56","100331","RETIRADA E RECOLOCAÇÃO DE  TELHA CERÂMICA CAPA-CANAL, COM MAIS DE DUAS ÁGUAS, INCLUSO IÇAMENTO. AF_07/2019","M2","24,56","100331","RETIRADA E RECOLOCAÇÃO DE  TELHA CERÂMICA CAPA-CANAL, COM MAIS DE DUAS ÁGUAS, INCLUSO IÇAMENTO. AF_07/2019","M2","24,56","100331","RETIRADA E RECOLOCAÇÃO DE  TELHA CERÂMICA CAPA-CANAL, COM MAIS DE DUAS ÁGUAS, INCLUSO IÇAMENTO. AF_07/2019","M2","24,56","100331","RETIRADA E RECOLOCAÇÃO DE  TELHA CERÂMICA CAPA-CANAL, COM MAIS DE DUAS ÁGUAS, INCLUSO IÇAMENTO. AF_07/2019","M2","24,56","100331","RETIRADA E RECOLOCAÇÃO DE  TELHA CERÂMICA CAPA-CANAL, COM MAIS DE DUAS ÁGUAS, INCLUSO IÇAMENTO. AF_07/2019","M2","24,56","100331","RETIRADA E RECOLOCAÇÃO DE  TELHA CERÂMICA CAPA-CANAL, COM MAIS DE DUAS ÁGUAS, INCLUSO IÇAMENTO. AF_07/2019","M2","24,56","100331","RETIRADA E RECOLOCAÇÃO DE  TELHA CERÂMICA CAPA-CANAL, COM MAIS DE DUAS ÁGUAS, INCLUSO IÇAMENTO. AF_07/2019","M2","24,56","100331","RETIRADA E RECOLOCAÇÃO DE  TELHA CERÂMICA CAPA-CANAL, COM MAIS DE DUAS ÁGUAS, INCLUSO IÇAMENTO. AF_07/2019","M2","24,56","100331","RETIRADA E RECOLOCAÇÃO DE  TELHA CERÂMICA CAPA-CANAL, COM MAIS DE DUAS ÁGUAS, INCLUSO IÇAMENTO. AF_07/2019","M2","24,56","100331","RETIRADA E RECOLOCAÇÃO DE  TELHA CERÂMICA CAPA-CANAL, COM MAIS DE DUAS ÁGUAS, INCLUSO IÇAMENTO. AF_07/2019","M2","24,56","100331","RETIRADA E RECOLOCAÇÃO DE  TELHA CERÂMICA CAPA-CANAL, COM MAIS DE DUAS ÁGUAS, INCLUSO IÇAMENTO. AF_07/2019","M2","24,56","100331","RETIRADA E RECOLOCAÇÃO DE  TELHA CERÂMICA CAPA-CANAL, COM MAIS DE DUAS ÁGUAS, INCLUSO IÇAMENTO. AF_07/2019","M2","24,56","100331","RETIRADA E RECOLOCAÇÃO DE  TELHA CERÂMICA CAPA-CANAL, COM MAIS DE DUAS ÁGUAS, INCLUSO IÇAMENTO. AF_07/2019","M2","24,56","100331","RETIRADA E RECOLOCAÇÃO DE  TELHA CERÂMICA CAPA-CANAL, COM MAIS DE DUAS ÁGUAS, INCLUSO IÇAMENTO. AF_07/2019","M2","24,56","100331","RETIRADA E RECOLOCAÇÃO DE  TELHA CERÂMICA CAPA-CANAL, COM MAIS DE DUAS ÁGUAS, INCLUSO IÇAMENTO. AF_07/2019","M2","24,56","100331","RETIRADA E RECOLOCAÇÃO DE  TELHA CERÂMICA CAPA-CANAL, COM MAIS DE DUAS ÁGUAS, INCLUSO IÇAMENTO. AF_07/2019","M2","24,56","100331","RETIRADA E RECOLOCAÇÃO DE  TELHA CERÂMICA CAPA-CANAL, COM MAIS DE DUAS ÁGUAS, INCLUSO IÇAMENTO. AF_07/2019","M2","24,56","100331","RETIRADA E RECOLOCAÇÃO DE  TELHA CERÂMICA CAPA-CANAL, COM MAIS DE DUAS ÁGUAS, INCLUSO IÇAMENTO. AF_07/2019","M2","24,56","100331","RETIRADA E RECOLOCAÇÃO DE  TELHA CERÂMICA CAPA-CANAL, COM MAIS DE DUAS ÁGUAS, INCLUSO IÇAMENTO. AF_07/2019","M2","24,56","100331","RETIRADA E RECOLOCAÇÃO DE  TELHA CERÂMICA CAPA-CANAL, COM MAIS DE DUAS ÁGUAS, INCLUSO IÇAMENTO. AF_07/2019","M2","24,56","100331","RETIRADA E RECOLOCAÇÃO DE  TELHA CERÂMICA CAPA-CANAL, COM MAIS DE DUAS ÁGUAS, INCLUSO IÇAMENTO. AF_07/2019","M2","24,56","100331","RETIRADA E RECOLOCAÇÃO DE  TELHA CERÂMICA CAPA-CANAL, COM MAIS DE DUAS ÁGUAS, INCLUSO IÇAMENTO. AF_07/2019","M2","24,56","100331","RETIRADA E RECOLOCAÇÃO DE  TELHA CERÂMICA CAPA-CANAL, COM MAIS DE DUAS ÁGUAS, INCLUSO IÇAMENTO. AF_07/2019","M2","24,56","100331","RETIRADA E RECOLOCAÇÃO DE  TELHA CERÂMICA CAPA-CANAL, COM MAIS DE DUAS ÁGUAS, INCLUSO IÇAMENTO. AF_07/2019","M2","24,56","100331","RETIRADA E RECOLOCAÇÃO DE  TELHA CERÂMICA CAPA-CANAL, COM MAIS DE DUAS ÁGUAS, INCLUSO IÇAMENTO. AF_07/2019","M2","24,56","100331","RETIRADA E RECOLOCAÇÃO DE  TELHA CERÂMICA CAPA-CANAL, COM MAIS DE DUAS ÁGUAS, INCLUSO IÇAMENTO. AF_07/2019","M2","24,56","100331","RETIRADA E RECOLOCAÇÃO DE  TELHA CERÂMICA CAPA-CANAL, COM MAIS DE DUAS ÁGUAS, INCLUSO IÇAMENTO. AF_07/2019","M2","24,56","100331","RETIRADA E RECOLOCAÇÃO DE  TELHA CERÂMICA CAPA-CANAL, COM MAIS DE DUAS ÁGUAS, INCLUSO IÇAMENTO. AF_07/2019","M2","24,56","100331","RETIRADA E RECOLOCAÇÃO DE  TELHA CERÂMICA CAPA-CANAL, COM MAIS DE DUAS ÁGUAS, INCLUSO IÇAMENTO. AF_07/2019","M2","24,56","100331","RETIRADA E RECOLOCAÇÃO DE  TELHA CERÂMICA CAPA-CANAL, COM MAIS DE DUAS ÁGUAS, INCLUSO IÇAMENTO. AF_07/2019","M2","24,56","100331","RETIRADA E RECOLOCAÇÃO DE  TELHA CERÂMICA CAPA-CANAL, COM MAIS DE DUAS ÁGUAS, INCLUSO IÇAMENTO. AF_07/2019","M2","24,56","100331","RETIRADA E RECOLOCAÇÃO DE  TELHA CERÂMICA CAPA-CANAL, COM MAIS DE DUAS ÁGUAS, INCLUSO IÇAMENTO. AF_07/2019","M2","24,56","100331","RETIRADA E RECOLOCAÇÃO DE  TELHA CERÂMICA CAPA-CANAL, COM MAIS DE DUAS ÁGUAS, INCLUSO IÇAMENTO. AF_07/2019","M2","24,56","100331","RETIRADA E RECOLOCAÇÃO DE  TELHA CERÂMICA CAPA-CANAL, COM MAIS DE DUAS ÁGUAS, INCLUSO IÇAMENTO. AF_07/2019","M2","24,56","100331","RETIRADA E RECOLOCAÇÃO DE  TELHA CERÂMICA CAPA-CANAL, COM MAIS DE DUAS ÁGUAS, INCLUSO IÇAMENTO. AF_07/2019","M2","24,56","100331","RETIRADA E RECOLOCAÇÃO DE  TELHA CERÂMICA CAPA-CANAL, COM MAIS DE DUAS ÁGUAS, INCLUSO IÇAMENTO. AF_07/2019","M2","24,56","100331","RETIRADA E RECOLOCAÇÃO DE  TELHA CERÂMICA CAPA-CANAL, COM MAIS DE DUAS ÁGUAS, INCLUSO IÇAMENTO. AF_07/2019","M2","24,56"]
[100377,"FABRICAÇÃO E INSTALAÇÃO DE TESOURA (INTEIRA OU MEIA) EM AÇO, VÃOS MAIORES OU IGUAIS A 3,0 M E MENORES OU IGUAL A 6,0 M, INCLUSO IÇAMENTO. AF_07/2019","KG",12.61,"100377","FABRICAÇÃO E INSTALAÇÃO DE TESOURA (INTEIRA OU MEIA) EM AÇO, VÃOS MAIORES OU IGUAIS A 3,0 M E MENORES OU IGUAL A 6,0 M, INCLUSO IÇAMENTO. AF_07/2019","KG","12,61","100377","FABRICAÇÃO E INSTALAÇÃO DE TESOURA (INTEIRA OU MEIA) EM AÇO, VÃOS MAIORES OU IGUAIS A 3,0 M E MENORES OU IGUAL A 6,0 M, INCLUSO IÇAMENTO. AF_07/2019","KG","12,61","100377","FABRICAÇÃO E INSTALAÇÃO DE TESOURA (INTEIRA OU MEIA) EM AÇO, VÃOS MAIORES OU IGUAIS A 3,0 M E MENORES OU IGUAL A 6,0 M, INCLUSO IÇAMENTO. AF_07/2019","KG","12,61","100377","FABRICAÇÃO E INSTALAÇÃO DE TESOURA (INTEIRA OU MEIA) EM AÇO, VÃOS MAIORES OU IGUAIS A 3,0 M E MENORES OU IGUAL A 6,0 M, INCLUSO IÇAMENTO. AF_07/2019","KG","12,61","100377","FABRICAÇÃO E INSTALAÇÃO DE TESOURA (INTEIRA OU MEIA) EM AÇO, VÃOS MAIORES OU IGUAIS A 3,0 M E MENORES OU IGUAL A 6,0 M, INCLUSO IÇAMENTO. AF_07/2019","KG","12,61","100377","FABRICAÇÃO E INSTALAÇÃO DE TESOURA (INTEIRA OU MEIA) EM AÇO, VÃOS MAIORES OU IGUAIS A 3,0 M E MENORES OU IGUAL A 6,0 M, INCLUSO IÇAMENTO. AF_07/2019","KG","12,61","100377","FABRICAÇÃO E INSTALAÇÃO DE TESOURA (INTEIRA OU MEIA) EM AÇO, VÃOS MAIORES OU IGUAIS A 3,0 M E MENORES OU IGUAL A 6,0 M, INCLUSO IÇAMENTO. AF_07/2019","KG","12,61","100377","FABRICAÇÃO E INSTALAÇÃO DE TESOURA (INTEIRA OU MEIA) EM AÇO, VÃOS MAIORES OU IGUAIS A 3,0 M E MENORES OU IGUAL A 6,0 M, INCLUSO IÇAMENTO. AF_07/2019","KG","12,61","100377","FABRICAÇÃO E INSTALAÇÃO DE TESOURA (INTEIRA OU MEIA) EM AÇO, VÃOS MAIORES OU IGUAIS A 3,0 M E MENORES OU IGUAL A 6,0 M, INCLUSO IÇAMENTO. AF_07/2019","KG","12,61","100377","FABRICAÇÃO E INSTALAÇÃO DE TESOURA (INTEIRA OU MEIA) EM AÇO, VÃOS MAIORES OU IGUAIS A 3,0 M E MENORES OU IGUAL A 6,0 M, INCLUSO IÇAMENTO. AF_07/2019","KG","12,61","100377","FABRICAÇÃO E INSTALAÇÃO DE TESOURA (INTEIRA OU MEIA) EM AÇO, VÃOS MAIORES OU IGUAIS A 3,0 M E MENORES OU IGUAL A 6,0 M, INCLUSO IÇAMENTO. AF_07/2019","KG","12,61","100377","FABRICAÇÃO E INSTALAÇÃO DE TESOURA (INTEIRA OU MEIA) EM AÇO, VÃOS MAIORES OU IGUAIS A 3,0 M E MENORES OU IGUAL A 6,0 M, INCLUSO IÇAMENTO. AF_07/2019","KG","12,61","100377","FABRICAÇÃO E INSTALAÇÃO DE TESOURA (INTEIRA OU MEIA) EM AÇO, VÃOS MAIORES OU IGUAIS A 3,0 M E MENORES OU IGUAL A 6,0 M, INCLUSO IÇAMENTO. AF_07/2019","KG","12,61","100377","FABRICAÇÃO E INSTALAÇÃO DE TESOURA (INTEIRA OU MEIA) EM AÇO, VÃOS MAIORES OU IGUAIS A 3,0 M E MENORES OU IGUAL A 6,0 M, INCLUSO IÇAMENTO. AF_07/2019","KG","12,61","100377","FABRICAÇÃO E INSTALAÇÃO DE TESOURA (INTEIRA OU MEIA) EM AÇO, VÃOS MAIORES OU IGUAIS A 3,0 M E MENORES OU IGUAL A 6,0 M, INCLUSO IÇAMENTO. AF_07/2019","KG","12,61","100377","FABRICAÇÃO E INSTALAÇÃO DE TESOURA (INTEIRA OU MEIA) EM AÇO, VÃOS MAIORES OU IGUAIS A 3,0 M E MENORES OU IGUAL A 6,0 M, INCLUSO IÇAMENTO. AF_07/2019","KG","12,61","100377","FABRICAÇÃO E INSTALAÇÃO DE TESOURA (INTEIRA OU MEIA) EM AÇO, VÃOS MAIORES OU IGUAIS A 3,0 M E MENORES OU IGUAL A 6,0 M, INCLUSO IÇAMENTO. AF_07/2019","KG","12,61","100377","FABRICAÇÃO E INSTALAÇÃO DE TESOURA (INTEIRA OU MEIA) EM AÇO, VÃOS MAIORES OU IGUAIS A 3,0 M E MENORES OU IGUAL A 6,0 M, INCLUSO IÇAMENTO. AF_07/2019","KG","12,61","100377","FABRICAÇÃO E INSTALAÇÃO DE TESOURA (INTEIRA OU MEIA) EM AÇO, VÃOS MAIORES OU IGUAIS A 3,0 M E MENORES OU IGUAL A 6,0 M, INCLUSO IÇAMENTO. AF_07/2019","KG","12,61","100377","FABRICAÇÃO E INSTALAÇÃO DE TESOURA (INTEIRA OU MEIA) EM AÇO, VÃOS MAIORES OU IGUAIS A 3,0 M E MENORES OU IGUAL A 6,0 M, INCLUSO IÇAMENTO. AF_07/2019","KG","12,61","100377","FABRICAÇÃO E INSTALAÇÃO DE TESOURA (INTEIRA OU MEIA) EM AÇO, VÃOS MAIORES OU IGUAIS A 3,0 M E MENORES OU IGUAL A 6,0 M, INCLUSO IÇAMENTO. AF_07/2019","KG","12,61","100377","FABRICAÇÃO E INSTALAÇÃO DE TESOURA (INTEIRA OU MEIA) EM AÇO, VÃOS MAIORES OU IGUAIS A 3,0 M E MENORES OU IGUAL A 6,0 M, INCLUSO IÇAMENTO. AF_07/2019","KG","12,61","100377","FABRICAÇÃO E INSTALAÇÃO DE TESOURA (INTEIRA OU MEIA) EM AÇO, VÃOS MAIORES OU IGUAIS A 3,0 M E MENORES OU IGUAL A 6,0 M, INCLUSO IÇAMENTO. AF_07/2019","KG","12,61","100377","FABRICAÇÃO E INSTALAÇÃO DE TESOURA (INTEIRA OU MEIA) EM AÇO, VÃOS MAIORES OU IGUAIS A 3,0 M E MENORES OU IGUAL A 6,0 M, INCLUSO IÇAMENTO. AF_07/2019","KG","12,61","100377","FABRICAÇÃO E INSTALAÇÃO DE TESOURA (INTEIRA OU MEIA) EM AÇO, VÃOS MAIORES OU IGUAIS A 3,0 M E MENORES OU IGUAL A 6,0 M, INCLUSO IÇAMENTO. AF_07/2019","KG","12,61","100377","FABRICAÇÃO E INSTALAÇÃO DE TESOURA (INTEIRA OU MEIA) EM AÇO, VÃOS MAIORES OU IGUAIS A 3,0 M E MENORES OU IGUAL A 6,0 M, INCLUSO IÇAMENTO. AF_07/2019","KG","12,61","100377","FABRICAÇÃO E INSTALAÇÃO DE TESOURA (INTEIRA OU MEIA) EM AÇO, VÃOS MAIORES OU IGUAIS A 3,0 M E MENORES OU IGUAL A 6,0 M, INCLUSO IÇAMENTO. AF_07/2019","KG","12,61","100377","FABRICAÇÃO E INSTALAÇÃO DE TESOURA (INTEIRA OU MEIA) EM AÇO, VÃOS MAIORES OU IGUAIS A 3,0 M E MENORES OU IGUAL A 6,0 M, INCLUSO IÇAMENTO. AF_07/2019","KG","12,61","100377","FABRICAÇÃO E INSTALAÇÃO DE TESOURA (INTEIRA OU MEIA) EM AÇO, VÃOS MAIORES OU IGUAIS A 3,0 M E MENORES OU IGUAL A 6,0 M, INCLUSO IÇAMENTO. AF_07/2019","KG","12,61","100377","FABRICAÇÃO E INSTALAÇÃO DE TESOURA (INTEIRA OU MEIA) EM AÇO, VÃOS MAIORES OU IGUAIS A 3,0 M E MENORES OU IGUAL A 6,0 M, INCLUSO IÇAMENTO. AF_07/2019","KG","12,61","100377","FABRICAÇÃO E INSTALAÇÃO DE TESOURA (INTEIRA OU MEIA) EM AÇO, VÃOS MAIORES OU IGUAIS A 3,0 M E MENORES OU IGUAL A 6,0 M, INCLUSO IÇAMENTO. AF_07/2019","KG","12,61","100377","FABRICAÇÃO E INSTALAÇÃO DE TESOURA (INTEIRA OU MEIA) EM AÇO, VÃOS MAIORES OU IGUAIS A 3,0 M E MENORES OU IGUAL A 6,0 M, INCLUSO IÇAMENTO. AF_07/2019","KG","12,61","100377","FABRICAÇÃO E INSTALAÇÃO DE TESOURA (INTEIRA OU MEIA) EM AÇO, VÃOS MAIORES OU IGUAIS A 3,0 M E MENORES OU IGUAL A 6,0 M, INCLUSO IÇAMENTO. AF_07/2019","KG","12,61","100377","FABRICAÇÃO E INSTALAÇÃO DE TESOURA (INTEIRA OU MEIA) EM AÇO, VÃOS MAIORES OU IGUAIS A 3,0 M E MENORES OU IGUAL A 6,0 M, INCLUSO IÇAMENTO. AF_07/2019","KG","12,61","100377","FABRICAÇÃO E INSTALAÇÃO DE TESOURA (INTEIRA OU MEIA) EM AÇO, VÃOS MAIORES OU IGUAIS A 3,0 M E MENORES OU IGUAL A 6,0 M, INCLUSO IÇAMENTO. AF_07/2019","KG","12,61","100377","FABRICAÇÃO E INSTALAÇÃO DE TESOURA (INTEIRA OU MEIA) EM AÇO, VÃOS MAIORES OU IGUAIS A 3,0 M E MENORES OU IGUAL A 6,0 M, INCLUSO IÇAMENTO. AF_07/2019","KG","12,61","100377","FABRICAÇÃO E INSTALAÇÃO DE TESOURA (INTEIRA OU MEIA) EM AÇO, VÃOS MAIORES OU IGUAIS A 3,0 M E MENORES OU IGUAL A 6,0 M, INCLUSO IÇAMENTO. AF_07/2019","KG","12,61","100377","FABRICAÇÃO E INSTALAÇÃO DE TESOURA (INTEIRA OU MEIA) EM AÇO, VÃOS MAIORES OU IGUAIS A 3,0 M E MENORES OU IGUAL A 6,0 M, INCLUSO IÇAMENTO. AF_07/2019","KG","12,61","100377","FABRICAÇÃO E INSTALAÇÃO DE TESOURA (INTEIRA OU MEIA) EM AÇO, VÃOS MAIORES OU IGUAIS A 3,0 M E MENORES OU IGUAL A 6,0 M, INCLUSO IÇAMENTO. AF_07/2019","KG","12,61","100377","FABRICAÇÃO E INSTALAÇÃO DE TESOURA (INTEIRA OU MEIA) EM AÇO, VÃOS MAIORES OU IGUAIS A 3,0 M E MENORES OU IGUAL A 6,0 M, INCLUSO IÇAMENTO. AF_07/2019","KG","12,61","100377","FABRICAÇÃO E INSTALAÇÃO DE TESOURA (INTEIRA OU MEIA) EM AÇO, VÃOS MAIORES OU IGUAIS A 3,0 M E MENORES OU IGUAL A 6,0 M, INCLUSO IÇAMENTO. AF_07/2019","KG","12,61","100377","FABRICAÇÃO E INSTALAÇÃO DE TESOURA (INTEIRA OU MEIA) EM AÇO, VÃOS MAIORES OU IGUAIS A 3,0 M E MENORES OU IGUAL A 6,0 M, INCLUSO IÇAMENTO. AF_07/2019","KG","12,61","100377","FABRICAÇÃO E INSTALAÇÃO DE TESOURA (INTEIRA OU MEIA) EM AÇO, VÃOS MAIORES OU IGUAIS A 3,0 M E MENORES OU IGUAL A 6,0 M, INCLUSO IÇAMENTO. AF_07/2019","KG","12,61","100377","FABRICAÇÃO E INSTALAÇÃO DE TESOURA (INTEIRA OU MEIA) EM AÇO, VÃOS MAIORES OU IGUAIS A 3,0 M E MENORES OU IGUAL A 6,0 M, INCLUSO IÇAMENTO. AF_07/2019","KG","12,61","100377","FABRICAÇÃO E INSTALAÇÃO DE TESOURA (INTEIRA OU MEIA) EM AÇO, VÃOS MAIORES OU IGUAIS A 3,0 M E MENORES OU IGUAL A 6,0 M, INCLUSO IÇAMENTO. AF_07/2019","KG","12,61","100377","FABRICAÇÃO E INSTALAÇÃO DE TESOURA (INTEIRA OU MEIA) EM AÇO, VÃOS MAIORES OU IGUAIS A 3,0 M E MENORES OU IGUAL A 6,0 M, INCLUSO IÇAMENTO. AF_07/2019","KG","12,61","100377","FABRICAÇÃO E INSTALAÇÃO DE TESOURA (INTEIRA OU MEIA) EM AÇO, VÃOS MAIORES OU IGUAIS A 3,0 M E MENORES OU IGUAL A 6,0 M, INCLUSO IÇAMENTO. AF_07/2019","KG","12,61","100377","FABRICAÇÃO E INSTALAÇÃO DE TESOURA (INTEIRA OU MEIA) EM AÇO, VÃOS MAIORES OU IGUAIS A 3,0 M E MENORES OU IGUAL A 6,0 M, INCLUSO IÇAMENTO. AF_07/2019","KG","12,61","100377","FABRICAÇÃO E INSTALAÇÃO DE TESOURA (INTEIRA OU MEIA) EM AÇO, VÃOS MAIORES OU IGUAIS A 3,0 M E MENORES OU IGUAL A 6,0 M, INCLUSO IÇAMENTO. AF_07/2019","KG","12,61","100377","FABRICAÇÃO E INSTALAÇÃO DE TESOURA (INTEIRA OU MEIA) EM AÇO, VÃOS MAIORES OU IGUAIS A 3,0 M E MENORES OU IGUAL A 6,0 M, INCLUSO IÇAMENTO. AF_07/2019","KG","12,61","100377","FABRICAÇÃO E INSTALAÇÃO DE TESOURA (INTEIRA OU MEIA) EM AÇO, VÃOS MAIORES OU IGUAIS A 3,0 M E MENORES OU IGUAL A 6,0 M, INCLUSO IÇAMENTO. AF_07/2019","KG","12,61","100377","FABRICAÇÃO E INSTALAÇÃO DE TESOURA (INTEIRA OU MEIA) EM AÇO, VÃOS MAIORES OU IGUAIS A 3,0 M E MENORES OU IGUAL A 6,0 M, INCLUSO IÇAMENTO. AF_07/2019","KG","12,61","100377","FABRICAÇÃO E INSTALAÇÃO DE TESOURA (INTEIRA OU MEIA) EM AÇO, VÃOS MAIORES OU IGUAIS A 3,0 M E MENORES OU IGUAL A 6,0 M, INCLUSO IÇAMENTO. AF_07/2019","KG","12,61","100377","FABRICAÇÃO E INSTALAÇÃO DE TESOURA (INTEIRA OU MEIA) EM AÇO, VÃOS MAIORES OU IGUAIS A 3,0 M E MENORES OU IGUAL A 6,0 M, INCLUSO IÇAMENTO. AF_07/2019","KG","12,61","100377","FABRICAÇÃO E INSTALAÇÃO DE TESOURA (INTEIRA OU MEIA) EM AÇO, VÃOS MAIORES OU IGUAIS A 3,0 M E MENORES OU IGUAL A 6,0 M, INCLUSO IÇAMENTO. AF_07/2019","KG","12,61","100377","FABRICAÇÃO E INSTALAÇÃO DE TESOURA (INTEIRA OU MEIA) EM AÇO, VÃOS MAIORES OU IGUAIS A 3,0 M E MENORES OU IGUAL A 6,0 M, INCLUSO IÇAMENTO. AF_07/2019","KG","12,61","100377","FABRICAÇÃO E INSTALAÇÃO DE TESOURA (INTEIRA OU MEIA) EM AÇO, VÃOS MAIORES OU IGUAIS A 3,0 M E MENORES OU IGUAL A 6,0 M, INCLUSO IÇAMENTO. AF_07/2019","KG","12,61","100377","FABRICAÇÃO E INSTALAÇÃO DE TESOURA (INTEIRA OU MEIA) EM AÇO, VÃOS MAIORES OU IGUAIS A 3,0 M E MENORES OU IGUAL A 6,0 M, INCLUSO IÇAMENTO. AF_07/2019","KG","12,61","100377","FABRICAÇÃO E INSTALAÇÃO DE TESOURA (INTEIRA OU MEIA) EM AÇO, VÃOS MAIORES OU IGUAIS A 3,0 M E MENORES OU IGUAL A 6,0 M, INCLUSO IÇAMENTO. AF_07/2019","KG","12,61","100377","FABRICAÇÃO E INSTALAÇÃO DE TESOURA (INTEIRA OU MEIA) EM AÇO, VÃOS MAIORES OU IGUAIS A 3,0 M E MENORES OU IGUAL A 6,0 M, INCLUSO IÇAMENTO. AF_07/2019","KG","12,61","100377","FABRICAÇÃO E INSTALAÇÃO DE TESOURA (INTEIRA OU MEIA) EM AÇO, VÃOS MAIORES OU IGUAIS A 3,0 M E MENORES OU IGUAL A 6,0 M, INCLUSO IÇAMENTO. AF_07/2019","KG","12,61","100377","FABRICAÇÃO E INSTALAÇÃO DE TESOURA (INTEIRA OU MEIA) EM AÇO, VÃOS MAIORES OU IGUAIS A 3,0 M E MENORES OU IGUAL A 6,0 M, INCLUSO IÇAMENTO. AF_07/2019","KG","12,61","100377","FABRICAÇÃO E INSTALAÇÃO DE TESOURA (INTEIRA OU MEIA) EM AÇO, VÃOS MAIORES OU IGUAIS A 3,0 M E MENORES OU IGUAL A 6,0 M, INCLUSO IÇAMENTO. AF_07/2019","KG","12,61"]
[92748,"MURO DE GABIÃO, ENCHIMENTO COM PEDRA DE MÃO TIPO RACHÃO, DE GRAVIDADE, COM GAIOLAS DE COMPRIMENTO IGUAL A 5 M, PARA MUROS COM ALTURA MAIOR QUE 6 M E MENOR OU IGUAL A 10 M\u0096 FORNECIMENTO E EXECUÇÃO. AF_12/2015","M3",816.57,"92748","MURO DE GABIÃO, ENCHIMENTO COM PEDRA DE MÃO TIPO RACHÃO, DE GRAVIDADE, COM GAIOLAS DE COMPRIMENTO IGUAL A 5 M, PARA MUROS COM ALTURA MAIOR QUE 6 M E MENOR OU IGUAL A 10 M\u0096 FORNECIMENTO E EXECUÇÃO. AF_12/2015","M3","816,57","92748","MURO DE GABIÃO, ENCHIMENTO COM PEDRA DE MÃO TIPO RACHÃO, DE GRAVIDADE, COM GAIOLAS DE COMPRIMENTO IGUAL A 5 M, PARA MUROS COM ALTURA MAIOR QUE 6 M E MENOR OU IGUAL A 10 M\u0096 FORNECIMENTO E EXECUÇÃO. AF_12/2015","M3","816,57","92748","MURO DE GABIÃO, ENCHIMENTO COM PEDRA DE MÃO TIPO RACHÃO, DE GRAVIDADE, COM GAIOLAS DE COMPRIMENTO IGUAL A 5 M, PARA MUROS COM ALTURA MAIOR QUE 6 M E MENOR OU IGUAL A 10 M\u0096 FORNECIMENTO E EXECUÇÃO. AF_12/2015","M3","816,57","92748","MURO DE GABIÃO, ENCHIMENTO COM PEDRA DE MÃO TIPO RACHÃO, DE GRAVIDADE, COM GAIOLAS DE COMPRIMENTO IGUAL A 5 M, PARA MUROS COM ALTURA MAIOR QUE 6 M E MENOR OU IGUAL A 10 M\u0096 FORNECIMENTO E EXECUÇÃO. AF_12/2015","M3","816,57","92748","MURO DE GABIÃO, ENCHIMENTO COM PEDRA DE MÃO TIPO RACHÃO, DE GRAVIDADE, COM GAIOLAS DE COMPRIMENTO IGUAL A 5 M, PARA MUROS COM ALTURA MAIOR QUE 6 M E MENOR OU IGUAL A 10 M\u0096 FORNECIMENTO E EXECUÇÃO. AF_12/2015","M3","816,57","92748","MURO DE GABIÃO, ENCHIMENTO COM PEDRA DE MÃO TIPO RACHÃO, DE GRAVIDADE, COM GAIOLAS DE COMPRIMENTO IGUAL A 5 M, PARA MUROS COM ALTURA MAIOR QUE 6 M E MENOR OU IGUAL A 10 M\u0096 FORNECIMENTO E EXECUÇÃO. AF_12/2015","M3","816,57","92748","MURO DE GABIÃO, ENCHIMENTO COM PEDRA DE MÃO TIPO RACHÃO, DE GRAVIDADE, COM GAIOLAS DE COMPRIMENTO IGUAL A 5 M, PARA MUROS COM ALTURA MAIOR QUE 6 M E MENOR OU IGUAL A 10 M\u0096 FORNECIMENTO E EXECUÇÃO. AF_12/2015","M3","816,57","92748","MURO DE GABIÃO, ENCHIMENTO COM PEDRA DE MÃO TIPO RACHÃO, DE GRAVIDADE, COM GAIOLAS DE COMPRIMENTO IGUAL A 5 M, PARA MUROS COM ALTURA MAIOR QUE 6 M E MENOR OU IGUAL A 10 M\u0096 FORNECIMENTO E EXECUÇÃO. AF_12/2015","M3","816,57","92748","MURO DE GABIÃO, ENCHIMENTO COM PEDRA DE MÃO TIPO RACHÃO, DE GRAVIDADE, COM GAIOLAS DE COMPRIMENTO IGUAL A 5 M, PARA MUROS COM ALTURA MAIOR QUE 6 M E MENOR OU IGUAL A 10 M\u0096 FORNECIMENTO E EXECUÇÃO. AF_12/2015","M3","816,57","92748","MURO DE GABIÃO, ENCHIMENTO COM PEDRA DE MÃO TIPO RACHÃO, DE GRAVIDADE, COM GAIOLAS DE COMPRIMENTO IGUAL A 5 M, PARA MUROS COM ALTURA MAIOR QUE 6 M E MENOR OU IGUAL A 10 M\u0096 FORNECIMENTO E EXECUÇÃO. AF_12/2015","M3","816,57","92748","MURO DE GABIÃO, ENCHIMENTO COM PEDRA DE MÃO TIPO RACHÃO, DE GRAVIDADE, COM GAIOLAS DE COMPRIMENTO IGUAL A 5 M, PARA MUROS COM ALTURA MAIOR QUE 6 M E MENOR OU IGUAL A 10 M\u0096 FORNECIMENTO E EXECUÇÃO. AF_12/2015","M3","816,57","92748","MURO DE GABIÃO, ENCHIMENTO COM PEDRA DE MÃO TIPO RACHÃO, DE GRAVIDADE, COM GAIOLAS DE COMPRIMENTO IGUAL A 5 M, PARA MUROS COM ALTURA MAIOR QUE 6 M E MENOR OU IGUAL A 10 M\u0096 FORNECIMENTO E EXECUÇÃO. AF_12/2015","M3","816,57","92748","MURO DE GABIÃO, ENCHIMENTO COM PEDRA DE MÃO TIPO RACHÃO, DE GRAVIDADE, COM GAIOLAS DE COMPRIMENTO IGUAL A 5 M, PARA MUROS COM ALTURA MAIOR QUE 6 M E MENOR OU IGUAL A 10 M\u0096 FORNECIMENTO E EXECUÇÃO. AF_12/2015","M3","816,57","92748","MURO DE GABIÃO, ENCHIMENTO COM PEDRA DE MÃO TIPO RACHÃO, DE GRAVIDADE, COM GAIOLAS DE COMPRIMENTO IGUAL A 5 M, PARA MUROS COM ALTURA MAIOR QUE 6 M E MENOR OU IGUAL A 10 M\u0096 FORNECIMENTO E EXECUÇÃO. AF_12/2015","M3","816,57","92748","MURO DE GABIÃO, ENCHIMENTO COM PEDRA DE MÃO TIPO RACHÃO, DE GRAVIDADE, COM GAIOLAS DE COMPRIMENTO IGUAL A 5 M, PARA MUROS COM ALTURA MAIOR QUE 6 M E MENOR OU IGUAL A 10 M\u0096 FORNECIMENTO E EXECUÇÃO. AF_12/2015","M3","816,57","92748","MURO DE GABIÃO, ENCHIMENTO COM PEDRA DE MÃO TIPO RACHÃO, DE GRAVIDADE, COM GAIOLAS DE COMPRIMENTO IGUAL A 5 M, PARA MUROS COM ALTURA MAIOR QUE 6 M E MENOR OU IGUAL A 10 M\u0096 FORNECIMENTO E EXECUÇÃO. AF_12/2015","M3","816,57","92748","MURO DE GABIÃO, ENCHIMENTO COM PEDRA DE MÃO TIPO RACHÃO, DE GRAVIDADE, COM GAIOLAS DE COMPRIMENTO IGUAL A 5 M, PARA MUROS COM ALTURA MAIOR QUE 6 M E MENOR OU IGUAL A 10 M\u0096 FORNECIMENTO E EXECUÇÃO. AF_12/2015","M3","816,57","92748","MURO DE GABIÃO, ENCHIMENTO COM PEDRA DE MÃO TIPO RACHÃO, DE GRAVIDADE, COM GAIOLAS DE COMPRIMENTO IGUAL A 5 M, PARA MUROS COM ALTURA MAIOR QUE 6 M E MENOR OU IGUAL A 10 M\u0096 FORNECIMENTO E EXECUÇÃO. AF_12/2015","M3","816,57","92748","MURO DE GABIÃO, ENCHIMENTO COM PEDRA DE MÃO TIPO RACHÃO, DE GRAVIDADE, COM GAIOLAS DE COMPRIMENTO IGUAL A 5 M, PARA MUROS COM ALTURA MAIOR QUE 6 M E MENOR OU IGUAL A 10 M\u0096 FORNECIMENTO E EXECUÇÃO. AF_12/2015","M3","816,57","92748","MURO DE GABIÃO, ENCHIMENTO COM PEDRA DE MÃO TIPO RACHÃO, DE GRAVIDADE, COM GAIOLAS DE COMPRIMENTO IGUAL A 5 M, PARA MUROS COM ALTURA MAIOR QUE 6 M E MENOR OU IGUAL A 10 M\u0096 FORNECIMENTO E EXECUÇÃO. AF_12/2015","M3","816,57","92748","MURO DE GABIÃO, ENCHIMENTO COM PEDRA DE MÃO TIPO RACHÃO, DE GRAVIDADE, COM GAIOLAS DE COMPRIMENTO IGUAL A 5 M, PARA MUROS COM ALTURA MAIOR QUE 6 M E MENOR OU IGUAL A 10 M\u0096 FORNECIMENTO E EXECUÇÃO. AF_12/2015","M3","816,57","92748","MURO DE GABIÃO, ENCHIMENTO COM PEDRA DE MÃO TIPO RACHÃO, DE GRAVIDADE, COM GAIOLAS DE COMPRIMENTO IGUAL A 5 M, PARA MUROS COM ALTURA MAIOR QUE 6 M E MENOR OU IGUAL A 10 M\u0096 FORNECIMENTO E EXECUÇÃO. AF_12/2015","M3","816,57","92748","MURO DE GABIÃO, ENCHIMENTO COM PEDRA DE MÃO TIPO RACHÃO, DE GRAVIDADE, COM GAIOLAS DE COMPRIMENTO IGUAL A 5 M, PARA MUROS COM ALTURA MAIOR QUE 6 M E MENOR OU IGUAL A 10 M\u0096 FORNECIMENTO E EXECUÇÃO. AF_12/2015","M3","816,57","92748","MURO DE GABIÃO, ENCHIMENTO COM PEDRA DE MÃO TIPO RACHÃO, DE GRAVIDADE, COM GAIOLAS DE COMPRIMENTO IGUAL A 5 M, PARA MUROS COM ALTURA MAIOR QUE 6 M E MENOR OU IGUAL A 10 M\u0096 FORNECIMENTO E EXECUÇÃO. AF_12/2015","M3","816,57","92748","MURO DE GABIÃO, ENCHIMENTO COM PEDRA DE MÃO TIPO RACHÃO, DE GRAVIDADE, COM GAIOLAS DE COMPRIMENTO IGUAL A 5 M, PARA MUROS COM ALTURA MAIOR QUE 6 M E MENOR OU IGUAL A 10 M\u0096 FORNECIMENTO E EXECUÇÃO. AF_12/2015","M3","816,57","92748","MURO DE GABIÃO, ENCHIMENTO COM PEDRA DE MÃO TIPO RACHÃO, DE GRAVIDADE, COM GAIOLAS DE COMPRIMENTO IGUAL A 5 M, PARA MUROS COM ALTURA MAIOR QUE 6 M E MENOR OU IGUAL A 10 M\u0096 FORNECIMENTO E EXECUÇÃO. AF_12/2015","M3","816,57","92748","MURO DE GABIÃO, ENCHIMENTO COM PEDRA DE MÃO TIPO RACHÃO, DE GRAVIDADE, COM GAIOLAS DE COMPRIMENTO IGUAL A 5 M, PARA MUROS COM ALTURA MAIOR QUE 6 M E MENOR OU IGUAL A 10 M\u0096 FORNECIMENTO E EXECUÇÃO. AF_12/2015","M3","816,57","92748","MURO DE GABIÃO, ENCHIMENTO COM PEDRA DE MÃO TIPO RACHÃO, DE GRAVIDADE, COM GAIOLAS DE COMPRIMENTO IGUAL A 5 M, PARA MUROS COM ALTURA MAIOR QUE 6 M E MENOR OU IGUAL A 10 M\u0096 FORNECIMENTO E EXECUÇÃO. AF_12/2015","M3","816,57","92748","MURO DE GABIÃO, ENCHIMENTO COM PEDRA DE MÃO TIPO RACHÃO, DE GRAVIDADE, COM GAIOLAS DE COMPRIMENTO IGUAL A 5 M, PARA MUROS COM ALTURA MAIOR QUE 6 M E MENOR OU IGUAL A 10 M\u0096 FORNECIMENTO E EXECUÇÃO. AF_12/2015","M3","816,57","92748","MURO DE GABIÃO, ENCHIMENTO COM PEDRA DE MÃO TIPO RACHÃO, DE GRAVIDADE, COM GAIOLAS DE COMPRIMENTO IGUAL A 5 M, PARA MUROS COM ALTURA MAIOR QUE 6 M E MENOR OU IGUAL A 10 M\u0096 FORNECIMENTO E EXECUÇÃO. AF_12/2015","M3","816,57","92748","MURO DE GABIÃO, ENCHIMENTO COM PEDRA DE MÃO TIPO RACHÃO, DE GRAVIDADE, COM GAIOLAS DE COMPRIMENTO IGUAL A 5 M, PARA MUROS COM ALTURA MAIOR QUE 6 M E MENOR OU IGUAL A 10 M\u0096 FORNECIMENTO E EXECUÇÃO. AF_12/2015","M3","816,57","92748","MURO DE GABIÃO, ENCHIMENTO COM PEDRA DE MÃO TIPO RACHÃO, DE GRAVIDADE, COM GAIOLAS DE COMPRIMENTO IGUAL A 5 M, PARA MUROS COM ALTURA MAIOR QUE 6 M E MENOR OU IGUAL A 10 M\u0096 FORNECIMENTO E EXECUÇÃO. AF_12/2015","M3","816,57","92748","MURO DE GABIÃO, ENCHIMENTO COM PEDRA DE MÃO TIPO RACHÃO, DE GRAVIDADE, COM GAIOLAS DE COMPRIMENTO IGUAL A 5 M, PARA MUROS COM ALTURA MAIOR QUE 6 M E MENOR OU IGUAL A 10 M\u0096 FORNECIMENTO E EXECUÇÃO. AF_12/2015","M3","816,57","92748","MURO DE GABIÃO, ENCHIMENTO COM PEDRA DE MÃO TIPO RACHÃO, DE GRAVIDADE, COM GAIOLAS DE COMPRIMENTO IGUAL A 5 M, PARA MUROS COM ALTURA MAIOR QUE 6 M E MENOR OU IGUAL A 10 M\u0096 FORNECIMENTO E EXECUÇÃO. AF_12/2015","M3","816,57","92748","MURO DE GABIÃO, ENCHIMENTO COM PEDRA DE MÃO TIPO RACHÃO, DE GRAVIDADE, COM GAIOLAS DE COMPRIMENTO IGUAL A 5 M, PARA MUROS COM ALTURA MAIOR QUE 6 M E MENOR OU IGUAL A 10 M\u0096 FORNECIMENTO E EXECUÇÃO. AF_12/2015","M3","816,57","92748","MURO DE GABIÃO, ENCHIMENTO COM PEDRA DE MÃO TIPO RACHÃO, DE GRAVIDADE, COM GAIOLAS DE COMPRIMENTO IGUAL A 5 M, PARA MUROS COM ALTURA MAIOR QUE 6 M E MENOR OU IGUAL A 10 M\u0096 FORNECIMENTO E EXECUÇÃO. AF_12/2015","M3","816,57","92748","MURO DE GABIÃO, ENCHIMENTO COM PEDRA DE MÃO TIPO RACHÃO, DE GRAVIDADE, COM GAIOLAS DE COMPRIMENTO IGUAL A 5 M, PARA MUROS COM ALTURA MAIOR QUE 6 M E MENOR OU IGUAL A 10 M\u0096 FORNECIMENTO E EXECUÇÃO. AF_12/2015","M3","816,57","92748","MURO DE GABIÃO, ENCHIMENTO COM PEDRA DE MÃO TIPO RACHÃO, DE GRAVIDADE, COM GAIOLAS DE COMPRIMENTO IGUAL A 5 M, PARA MUROS COM ALTURA MAIOR QUE 6 M E MENOR OU IGUAL A 10 M\u0096 FORNECIMENTO E EXECUÇÃO. AF_12/2015","M3","816,57","92748","MURO DE GABIÃO, ENCHIMENTO COM PEDRA DE MÃO TIPO RACHÃO, DE GRAVIDADE, COM GAIOLAS DE COMPRIMENTO IGUAL A 5 M, PARA MUROS COM ALTURA MAIOR QUE 6 M E MENOR OU IGUAL A 10 M\u0096 FORNECIMENTO E EXECUÇÃO. AF_12/2015","M3","816,57","92748","MURO DE GABIÃO, ENCHIMENTO COM PEDRA DE MÃO TIPO RACHÃO, DE GRAVIDADE, COM GAIOLAS DE COMPRIMENTO IGUAL A 5 M, PARA MUROS COM ALTURA MAIOR QUE 6 M E MENOR OU IGUAL A 10 M\u0096 FORNECIMENTO E EXECUÇÃO. AF_12/2015","M3","816,57","92748","MURO DE GABIÃO, ENCHIMENTO COM PEDRA DE MÃO TIPO RACHÃO, DE GRAVIDADE, COM GAIOLAS DE COMPRIMENTO IGUAL A 5 M, PARA MUROS COM ALTURA MAIOR QUE 6 M E MENOR OU IGUAL A 10 M\u0096 FORNECIMENTO E EXECUÇÃO. AF_12/2015","M3","816,57","92748","MURO DE GABIÃO, ENCHIMENTO COM PEDRA DE MÃO TIPO RACHÃO, DE GRAVIDADE, COM GAIOLAS DE COMPRIMENTO IGUAL A 5 M, PARA MUROS COM ALTURA MAIOR QUE 6 M E MENOR OU IGUAL A 10 M\u0096 FORNECIMENTO E EXECUÇÃO. AF_12/2015","M3","816,57","92748","MURO DE GABIÃO, ENCHIMENTO COM PEDRA DE MÃO TIPO RACHÃO, DE GRAVIDADE, COM GAIOLAS DE COMPRIMENTO IGUAL A 5 M, PARA MUROS COM ALTURA MAIOR QUE 6 M E MENOR OU IGUAL A 10 M\u0096 FORNECIMENTO E EXECUÇÃO. AF_12/2015","M3","816,57","92748","MURO DE GABIÃO, ENCHIMENTO COM PEDRA DE MÃO TIPO RACHÃO, DE GRAVIDADE, COM GAIOLAS DE COMPRIMENTO IGUAL A 5 M, PARA MUROS COM ALTURA MAIOR QUE 6 M E MENOR OU IGUAL A 10 M\u0096 FORNECIMENTO E EXECUÇÃO. AF_12/2015","M3","816,57","92748","MURO DE GABIÃO, ENCHIMENTO COM PEDRA DE MÃO TIPO RACHÃO, DE GRAVIDADE, COM GAIOLAS DE COMPRIMENTO IGUAL A 5 M, PARA MUROS COM ALTURA MAIOR QUE 6 M E MENOR OU IGUAL A 10 M\u0096 FORNECIMENTO E EXECUÇÃO. AF_12/2015","M3","816,57","92748","MURO DE GABIÃO, ENCHIMENTO COM PEDRA DE MÃO TIPO RACHÃO, DE GRAVIDADE, COM GAIOLAS DE COMPRIMENTO IGUAL A 5 M, PARA MUROS COM ALTURA MAIOR QUE 6 M E MENOR OU IGUAL A 10 M\u0096 FORNECIMENTO E EXECUÇÃO. AF_12/2015","M3","816,57","92748","MURO DE GABIÃO, ENCHIMENTO COM PEDRA DE MÃO TIPO RACHÃO, DE GRAVIDADE, COM GAIOLAS DE COMPRIMENTO IGUAL A 5 M, PARA MUROS COM ALTURA MAIOR QUE 6 M E MENOR OU IGUAL A 10 M\u0096 FORNECIMENTO E EXECUÇÃO. AF_12/2015","M3","816,57","92748","MURO DE GABIÃO, ENCHIMENTO COM PEDRA DE MÃO TIPO RACHÃO, DE GRAVIDADE, COM GAIOLAS DE COMPRIMENTO IGUAL A 5 M, PARA MUROS COM ALTURA MAIOR QUE 6 M E MENOR OU IGUAL A 10 M\u0096 FORNECIMENTO E EXECUÇÃO. AF_12/2015","M3","816,57","92748","MURO DE GABIÃO, ENCHIMENTO COM PEDRA DE MÃO TIPO RACHÃO, DE GRAVIDADE, COM GAIOLAS DE COMPRIMENTO IGUAL A 5 M, PARA MUROS COM ALTURA MAIOR QUE 6 M E MENOR OU IGUAL A 10 M\u0096 FORNECIMENTO E EXECUÇÃO. AF_12/2015","M3","816,57","92748","MURO DE GABIÃO, ENCHIMENTO COM PEDRA DE MÃO TIPO RACHÃO, DE GRAVIDADE, COM GAIOLAS DE COMPRIMENTO IGUAL A 5 M, PARA MUROS COM ALTURA MAIOR QUE 6 M E MENOR OU IGUAL A 10 M\u0096 FORNECIMENTO E EXECUÇÃO. AF_12/2015","M3","816,57","92748","MURO DE GABIÃO, ENCHIMENTO COM PEDRA DE MÃO TIPO RACHÃO, DE GRAVIDADE, COM GAIOLAS DE COMPRIMENTO IGUAL A 5 M, PARA MUROS COM ALTURA MAIOR QUE 6 M E MENOR OU IGUAL A 10 M\u0096 FORNECIMENTO E EXECUÇÃO. AF_12/2015","M3","816,57","92748","MURO DE GABIÃO, ENCHIMENTO COM PEDRA DE MÃO TIPO RACHÃO, DE GRAVIDADE, COM GAIOLAS DE COMPRIMENTO IGUAL A 5 M, PARA MUROS COM ALTURA MAIOR QUE 6 M E MENOR OU IGUAL A 10 M\u0096 FORNECIMENTO E EXECUÇÃO. AF_12/2015","M3","816,57","92748","MURO DE GABIÃO, ENCHIMENTO COM PEDRA DE MÃO TIPO RACHÃO, DE GRAVIDADE, COM GAIOLAS DE COMPRIMENTO IGUAL A 5 M, PARA MUROS COM ALTURA MAIOR QUE 6 M E MENOR OU IGUAL A 10 M\u0096 FORNECIMENTO E EXECUÇÃO. AF_12/2015","M3","816,57","92748","MURO DE GABIÃO, ENCHIMENTO COM PEDRA DE MÃO TIPO RACHÃO, DE GRAVIDADE, COM GAIOLAS DE COMPRIMENTO IGUAL A 5 M, PARA MUROS COM ALTURA MAIOR QUE 6 M E MENOR OU IGUAL A 10 M\u0096 FORNECIMENTO E EXECUÇÃO. AF_12/2015","M3","816,57","92748","MURO DE GABIÃO, ENCHIMENTO COM PEDRA DE MÃO TIPO RACHÃO, DE GRAVIDADE, COM GAIOLAS DE COMPRIMENTO IGUAL A 5 M, PARA MUROS COM ALTURA MAIOR QUE 6 M E MENOR OU IGUAL A 10 M\u0096 FORNECIMENTO E EXECUÇÃO. AF_12/2015","M3","816,57","92748","MURO DE GABIÃO, ENCHIMENTO COM PEDRA DE MÃO TIPO RACHÃO, DE GRAVIDADE, COM GAIOLAS DE COMPRIMENTO IGUAL A 5 M, PARA MUROS COM ALTURA MAIOR QUE 6 M E MENOR OU IGUAL A 10 M\u0096 FORNECIMENTO E EXECUÇÃO. AF_12/2015","M3","816,57","92748","MURO DE GABIÃO, ENCHIMENTO COM PEDRA DE MÃO TIPO RACHÃO, DE GRAVIDADE, COM GAIOLAS DE COMPRIMENTO IGUAL A 5 M, PARA MUROS COM ALTURA MAIOR QUE 6 M E MENOR OU IGUAL A 10 M\u0096 FORNECIMENTO E EXECUÇÃO. AF_12/2015","M3","816,57","92748","MURO DE GABIÃO, ENCHIMENTO COM PEDRA DE MÃO TIPO RACHÃO, DE GRAVIDADE, COM GAIOLAS DE COMPRIMENTO IGUAL A 5 M, PARA MUROS COM ALTURA MAIOR QUE 6 M E MENOR OU IGUAL A 10 M\u0096 FORNECIMENTO E EXECUÇÃO. AF_12/2015","M3","816,57","92748","MURO DE GABIÃO, ENCHIMENTO COM PEDRA DE MÃO TIPO RACHÃO, DE GRAVIDADE, COM GAIOLAS DE COMPRIMENTO IGUAL A 5 M, PARA MUROS COM ALTURA MAIOR QUE 6 M E MENOR OU IGUAL A 10 M\u0096 FORNECIMENTO E EXECUÇÃO. AF_12/2015","M3","816,57","92748","MURO DE GABIÃO, ENCHIMENTO COM PEDRA DE MÃO TIPO RACHÃO, DE GRAVIDADE, COM GAIOLAS DE COMPRIMENTO IGUAL A 5 M, PARA MUROS COM ALTURA MAIOR QUE 6 M E MENOR OU IGUAL A 10 M\u0096 FORNECIMENTO E EXECUÇÃO. AF_12/2015","M3","816,57","92748","MURO DE GABIÃO, ENCHIMENTO COM PEDRA DE MÃO TIPO RACHÃO, DE GRAVIDADE, COM GAIOLAS DE COMPRIMENTO IGUAL A 5 M, PARA MUROS COM ALTURA MAIOR QUE 6 M E MENOR OU IGUAL A 10 M\u0096 FORNECIMENTO E EXECUÇÃO. AF_12/2015","M3","816,57","92748","MURO DE GABIÃO, ENCHIMENTO COM PEDRA DE MÃO TIPO RACHÃO, DE GRAVIDADE, COM GAIOLAS DE COMPRIMENTO IGUAL A 5 M, PARA MUROS COM ALTURA MAIOR QUE 6 M E MENOR OU IGUAL A 10 M\u0096 FORNECIMENTO E EXECUÇÃO. AF_12/2015","M3","816,57","92748","MURO DE GABIÃO, ENCHIMENTO COM PEDRA DE MÃO TIPO RACHÃO, DE GRAVIDADE, COM GAIOLAS DE COMPRIMENTO IGUAL A 5 M, PARA MUROS COM ALTURA MAIOR QUE 6 M E MENOR OU IGUAL A 10 M\u0096 FORNECIMENTO E EXECUÇÃO. AF_12/2015","M3","816,57"]
[91101,"EXECUÇÃO DE REVESTIMENTO DE CONCRETO PROJETADO COM ESPESSURA DE 10 CM, ARMADO COM FIBRAS DE AÇO, INCLINAÇÃO DE 90°, APLICAÇÃO DESCONTÍNUA, UTILIZANDO EQUIPAMENTO DE PROJEÇÃO COM 3 M³/H DE CAPACIDADE. AF_01/2016","M2",182.69,"91101","EXECUÇÃO DE REVESTIMENTO DE CONCRETO PROJETADO COM ESPESSURA DE 10 CM, ARMADO COM FIBRAS DE AÇO, INCLINAÇÃO DE 90°, APLICAÇÃO DESCONTÍNUA, UTILIZANDO EQUIPAMENTO DE PROJEÇÃO COM 3 M³/H DE CAPACIDADE. AF_01/2016","M2","182,69","91101","EXECUÇÃO DE REVESTIMENTO DE CONCRETO PROJETADO COM ESPESSURA DE 10 CM, ARMADO COM FIBRAS DE AÇO, INCLINAÇÃO DE 90°, APLICAÇÃO DESCONTÍNUA, UTILIZANDO EQUIPAMENTO DE PROJEÇÃO COM 3 M³/H DE CAPACIDADE. AF_01/2016","M2","182,69","91101","EXECUÇÃO DE REVESTIMENTO DE CONCRETO PROJETADO COM ESPESSURA DE 10 CM, ARMADO COM FIBRAS DE AÇO, INCLINAÇÃO DE 90°, APLICAÇÃO DESCONTÍNUA, UTILIZANDO EQUIPAMENTO DE PROJEÇÃO COM 3 M³/H DE CAPACIDADE. AF_01/2016","M2","182,69","91101","EXECUÇÃO DE REVESTIMENTO DE CONCRETO PROJETADO COM ESPESSURA DE 10 CM, ARMADO COM FIBRAS DE AÇO, INCLINAÇÃO DE 90°, APLICAÇÃO DESCONTÍNUA, UTILIZANDO EQUIPAMENTO DE PROJEÇÃO COM 3 M³/H DE CAPACIDADE. AF_01/2016","M2","182,69","91101","EXECUÇÃO DE REVESTIMENTO DE CONCRETO PROJETADO COM ESPESSURA DE 10 CM, ARMADO COM FIBRAS DE AÇO, INCLINAÇÃO DE 90°, APLICAÇÃO DESCONTÍNUA, UTILIZANDO EQUIPAMENTO DE PROJEÇÃO COM 3 M³/H DE CAPACIDADE. AF_01/2016","M2","182,69","91101","EXECUÇÃO DE REVESTIMENTO DE CONCRETO PROJETADO COM ESPESSURA DE 10 CM, ARMADO COM FIBRAS DE AÇO, INCLINAÇÃO DE 90°, APLICAÇÃO DESCONTÍNUA, UTILIZANDO EQUIPAMENTO DE PROJEÇÃO COM 3 M³/H DE CAPACIDADE. AF_01/2016","M2","182,69","91101","EXECUÇÃO DE REVESTIMENTO DE CONCRETO PROJETADO COM ESPESSURA DE 10 CM, ARMADO COM FIBRAS DE AÇO, INCLINAÇÃO DE 90°, APLICAÇÃO DESCONTÍNUA, UTILIZANDO EQUIPAMENTO DE PROJEÇÃO COM 3 M³/H DE CAPACIDADE. AF_01/2016","M2","182,69","91101","EXECUÇÃO DE REVESTIMENTO DE CONCRETO PROJETADO COM ESPESSURA DE 10 CM, ARMADO COM FIBRAS DE AÇO, INCLINAÇÃO DE 90°, APLICAÇÃO DESCONTÍNUA, UTILIZANDO EQUIPAMENTO DE PROJEÇÃO COM 3 M³/H DE CAPACIDADE. AF_01/2016","M2","182,69","91101","EXECUÇÃO DE REVESTIMENTO DE CONCRETO PROJETADO COM ESPESSURA DE 10 CM, ARMADO COM FIBRAS DE AÇO, INCLINAÇÃO DE 90°, APLICAÇÃO DESCONTÍNUA, UTILIZANDO EQUIPAMENTO DE PROJEÇÃO COM 3 M³/H DE CAPACIDADE. AF_01/2016","M2","182,69","91101","EXECUÇÃO DE REVESTIMENTO DE CONCRETO PROJETADO COM ESPESSURA DE 10 CM, ARMADO COM FIBRAS DE AÇO, INCLINAÇÃO DE 90°, APLICAÇÃO DESCONTÍNUA, UTILIZANDO EQUIPAMENTO DE PROJEÇÃO COM 3 M³/H DE CAPACIDADE. AF_01/2016","M2","182,69","91101","EXECUÇÃO DE REVESTIMENTO DE CONCRETO PROJETADO COM ESPESSURA DE 10 CM, ARMADO COM FIBRAS DE AÇO, INCLINAÇÃO DE 90°, APLICAÇÃO DESCONTÍNUA, UTILIZANDO EQUIPAMENTO DE PROJEÇÃO COM 3 M³/H DE CAPACIDADE. AF_01/2016","M2","182,69","91101","EXECUÇÃO DE REVESTIMENTO DE CONCRETO PROJETADO COM ESPESSURA DE 10 CM, ARMADO COM FIBRAS DE AÇO, INCLINAÇÃO DE 90°, APLICAÇÃO DESCONTÍNUA, UTILIZANDO EQUIPAMENTO DE PROJEÇÃO COM 3 M³/H DE CAPACIDADE. AF_01/2016","M2","182,69","91101","EXECUÇÃO DE REVESTIMENTO DE CONCRETO PROJETADO COM ESPESSURA DE 10 CM, ARMADO COM FIBRAS DE AÇO, INCLINAÇÃO DE 90°, APLICAÇÃO DESCONTÍNUA, UTILIZANDO EQUIPAMENTO DE PROJEÇÃO COM 3 M³/H DE CAPACIDADE. AF_01/2016","M2","182,69","91101","EXECUÇÃO DE REVESTIMENTO DE CONCRETO PROJETADO COM ESPESSURA DE 10 CM, ARMADO COM FIBRAS DE AÇO, INCLINAÇÃO DE 90°, APLICAÇÃO DESCONTÍNUA, UTILIZANDO EQUIPAMENTO DE PROJEÇÃO COM 3 M³/H DE CAPACIDADE. AF_01/2016","M2","182,69","91101","EXECUÇÃO DE REVESTIMENTO DE CONCRETO PROJETADO COM ESPESSURA DE 10 CM, ARMADO COM FIBRAS DE AÇO, INCLINAÇÃO DE 90°, APLICAÇÃO DESCONTÍNUA, UTILIZANDO EQUIPAMENTO DE PROJEÇÃO COM 3 M³/H DE CAPACIDADE. AF_01/2016","M2","182,69","91101","EXECUÇÃO DE REVESTIMENTO DE CONCRETO PROJETADO COM ESPESSURA DE 10 CM, ARMADO COM FIBRAS DE AÇO, INCLINAÇÃO DE 90°, APLICAÇÃO DESCONTÍNUA, UTILIZANDO EQUIPAMENTO DE PROJEÇÃO COM 3 M³/H DE CAPACIDADE. AF_01/2016","M2","182,69","91101","EXECUÇÃO DE REVESTIMENTO DE CONCRETO PROJETADO COM ESPESSURA DE 10 CM, ARMADO COM FIBRAS DE AÇO, INCLINAÇÃO DE 90°, APLICAÇÃO DESCONTÍNUA, UTILIZANDO EQUIPAMENTO DE PROJEÇÃO COM 3 M³/H DE CAPACIDADE. AF_01/2016","M2","182,69","91101","EXECUÇÃO DE REVESTIMENTO DE CONCRETO PROJETADO COM ESPESSURA DE 10 CM, ARMADO COM FIBRAS DE AÇO, INCLINAÇÃO DE 90°, APLICAÇÃO DESCONTÍNUA, UTILIZANDO EQUIPAMENTO DE PROJEÇÃO COM 3 M³/H DE CAPACIDADE. AF_01/2016","M2","182,69","91101","EXECUÇÃO DE REVESTIMENTO DE CONCRETO PROJETADO COM ESPESSURA DE 10 CM, ARMADO COM FIBRAS DE AÇO, INCLINAÇÃO DE 90°, APLICAÇÃO DESCONTÍNUA, UTILIZANDO EQUIPAMENTO DE PROJEÇÃO COM 3 M³/H DE CAPACIDADE. AF_01/2016","M2","182,69","91101","EXECUÇÃO DE REVESTIMENTO DE CONCRETO PROJETADO COM ESPESSURA DE 10 CM, ARMADO COM FIBRAS DE AÇO, INCLINAÇÃO DE 90°, APLICAÇÃO DESCONTÍNUA, UTILIZANDO EQUIPAMENTO DE PROJEÇÃO COM 3 M³/H DE CAPACIDADE. AF_01/2016","M2","182,69","91101","EXECUÇÃO DE REVESTIMENTO DE CONCRETO PROJETADO COM ESPESSURA DE 10 CM, ARMADO COM FIBRAS DE AÇO, INCLINAÇÃO DE 90°, APLICAÇÃO DESCONTÍNUA, UTILIZANDO EQUIPAMENTO DE PROJEÇÃO COM 3 M³/H DE CAPACIDADE. AF_01/2016","M2","182,69","91101","EXECUÇÃO DE REVESTIMENTO DE CONCRETO PROJETADO COM ESPESSURA DE 10 CM, ARMADO COM FIBRAS DE AÇO, INCLINAÇÃO DE 90°, APLICAÇÃO DESCONTÍNUA, UTILIZANDO EQUIPAMENTO DE PROJEÇÃO COM 3 M³/H DE CAPACIDADE. AF_01/2016","M2","182,69","91101","EXECUÇÃO DE REVESTIMENTO DE CONCRETO PROJETADO COM ESPESSURA DE 10 CM, ARMADO COM FIBRAS DE AÇO, INCLINAÇÃO DE 90°, APLICAÇÃO DESCONTÍNUA, UTILIZANDO EQUIPAMENTO DE PROJEÇÃO COM 3 M³/H DE CAPACIDADE. AF_01/2016","M2","182,69","91101","EXECUÇÃO DE REVESTIMENTO DE CONCRETO PROJETADO COM ESPESSURA DE 10 CM, ARMADO COM FIBRAS DE AÇO, INCLINAÇÃO DE 90°, APLICAÇÃO DESCONTÍNUA, UTILIZANDO EQUIPAMENTO DE PROJEÇÃO COM 3 M³/H DE CAPACIDADE. AF_01/2016","M2","182,69","91101","EXECUÇÃO DE REVESTIMENTO DE CONCRETO PROJETADO COM ESPESSURA DE 10 CM, ARMADO COM FIBRAS DE AÇO, INCLINAÇÃO DE 90°, APLICAÇÃO DESCONTÍNUA, UTILIZANDO EQUIPAMENTO DE PROJEÇÃO COM 3 M³/H DE CAPACIDADE. AF_01/2016","M2","182,69","91101","EXECUÇÃO DE REVESTIMENTO DE CONCRETO PROJETADO COM ESPESSURA DE 10 CM, ARMADO COM FIBRAS DE AÇO, INCLINAÇÃO DE 90°, APLICAÇÃO DESCONTÍNUA, UTILIZANDO EQUIPAMENTO DE PROJEÇÃO COM 3 M³/H DE CAPACIDADE. AF_01/2016","M2","182,69","91101","EXECUÇÃO DE REVESTIMENTO DE CONCRETO PROJETADO COM ESPESSURA DE 10 CM, ARMADO COM FIBRAS DE AÇO, INCLINAÇÃO DE 90°, APLICAÇÃO DESCONTÍNUA, UTILIZANDO EQUIPAMENTO DE PROJEÇÃO COM 3 M³/H DE CAPACIDADE. AF_01/2016","M2","182,69","91101","EXECUÇÃO DE REVESTIMENTO DE CONCRETO PROJETADO COM ESPESSURA DE 10 CM, ARMADO COM FIBRAS DE AÇO, INCLINAÇÃO DE 90°, APLICAÇÃO DESCONTÍNUA, UTILIZANDO EQUIPAMENTO DE PROJEÇÃO COM 3 M³/H DE CAPACIDADE. AF_01/2016","M2","182,69","91101","EXECUÇÃO DE REVESTIMENTO DE CONCRETO PROJETADO COM ESPESSURA DE 10 CM, ARMADO COM FIBRAS DE AÇO, INCLINAÇÃO DE 90°, APLICAÇÃO DESCONTÍNUA, UTILIZANDO EQUIPAMENTO DE PROJEÇÃO COM 3 M³/H DE CAPACIDADE. AF_01/2016","M2","182,69","91101","EXECUÇÃO DE REVESTIMENTO DE CONCRETO PROJETADO COM ESPESSURA DE 10 CM, ARMADO COM FIBRAS DE AÇO, INCLINAÇÃO DE 90°, APLICAÇÃO DESCONTÍNUA, UTILIZANDO EQUIPAMENTO DE PROJEÇÃO COM 3 M³/H DE CAPACIDADE. AF_01/2016","M2","182,69","91101","EXECUÇÃO DE REVESTIMENTO DE CONCRETO PROJETADO COM ESPESSURA DE 10 CM, ARMADO COM FIBRAS DE AÇO, INCLINAÇÃO DE 90°, APLICAÇÃO DESCONTÍNUA, UTILIZANDO EQUIPAMENTO DE PROJEÇÃO COM 3 M³/H DE CAPACIDADE. AF_01/2016","M2","182,69","91101","EXECUÇÃO DE REVESTIMENTO DE CONCRETO PROJETADO COM ESPESSURA DE 10 CM, ARMADO COM FIBRAS DE AÇO, INCLINAÇÃO DE 90°, APLICAÇÃO DESCONTÍNUA, UTILIZANDO EQUIPAMENTO DE PROJEÇÃO COM 3 M³/H DE CAPACIDADE. AF_01/2016","M2","182,69","91101","EXECUÇÃO DE REVESTIMENTO DE CONCRETO PROJETADO COM ESPESSURA DE 10 CM, ARMADO COM FIBRAS DE AÇO, INCLINAÇÃO DE 90°, APLICAÇÃO DESCONTÍNUA, UTILIZANDO EQUIPAMENTO DE PROJEÇÃO COM 3 M³/H DE CAPACIDADE. AF_01/2016","M2","182,69","91101","EXECUÇÃO DE REVESTIMENTO DE CONCRETO PROJETADO COM ESPESSURA DE 10 CM, ARMADO COM FIBRAS DE AÇO, INCLINAÇÃO DE 90°, APLICAÇÃO DESCONTÍNUA, UTILIZANDO EQUIPAMENTO DE PROJEÇÃO COM 3 M³/H DE CAPACIDADE. AF_01/2016","M2","182,69","91101","EXECUÇÃO DE REVESTIMENTO DE CONCRETO PROJETADO COM ESPESSURA DE 10 CM, ARMADO COM FIBRAS DE AÇO, INCLINAÇÃO DE 90°, APLICAÇÃO DESCONTÍNUA, UTILIZANDO EQUIPAMENTO DE PROJEÇÃO COM 3 M³/H DE CAPACIDADE. AF_01/2016","M2","182,69","91101","EXECUÇÃO DE REVESTIMENTO DE CONCRETO PROJETADO COM ESPESSURA DE 10 CM, ARMADO COM FIBRAS DE AÇO, INCLINAÇÃO DE 90°, APLICAÇÃO DESCONTÍNUA, UTILIZANDO EQUIPAMENTO DE PROJEÇÃO COM 3 M³/H DE CAPACIDADE. AF_01/2016","M2","182,69","91101","EXECUÇÃO DE REVESTIMENTO DE CONCRETO PROJETADO COM ESPESSURA DE 10 CM, ARMADO COM FIBRAS DE AÇO, INCLINAÇÃO DE 90°, APLICAÇÃO DESCONTÍNUA, UTILIZANDO EQUIPAMENTO DE PROJEÇÃO COM 3 M³/H DE CAPACIDADE. AF_01/2016","M2","182,69","91101","EXECUÇÃO DE REVESTIMENTO DE CONCRETO PROJETADO COM ESPESSURA DE 10 CM, ARMADO COM FIBRAS DE AÇO, INCLINAÇÃO DE 90°, APLICAÇÃO DESCONTÍNUA, UTILIZANDO EQUIPAMENTO DE PROJEÇÃO COM 3 M³/H DE CAPACIDADE. AF_01/2016","M2","182,69","91101","EXECUÇÃO DE REVESTIMENTO DE CONCRETO PROJETADO COM ESPESSURA DE 10 CM, ARMADO COM FIBRAS DE AÇO, INCLINAÇÃO DE 90°, APLICAÇÃO DESCONTÍNUA, UTILIZANDO EQUIPAMENTO DE PROJEÇÃO COM 3 M³/H DE CAPACIDADE. AF_01/2016","M2","182,69","91101","EXECUÇÃO DE REVESTIMENTO DE CONCRETO PROJETADO COM ESPESSURA DE 10 CM, ARMADO COM FIBRAS DE AÇO, INCLINAÇÃO DE 90°, APLICAÇÃO DESCONTÍNUA, UTILIZANDO EQUIPAMENTO DE PROJEÇÃO COM 3 M³/H DE CAPACIDADE. AF_01/2016","M2","182,69","91101","EXECUÇÃO DE REVESTIMENTO DE CONCRETO PROJETADO COM ESPESSURA DE 10 CM, ARMADO COM FIBRAS DE AÇO, INCLINAÇÃO DE 90°, APLICAÇÃO DESCONTÍNUA, UTILIZANDO EQUIPAMENTO DE PROJEÇÃO COM 3 M³/H DE CAPACIDADE. AF_01/2016","M2","182,69","91101","EXECUÇÃO DE REVESTIMENTO DE CONCRETO PROJETADO COM ESPESSURA DE 10 CM, ARMADO COM FIBRAS DE AÇO, INCLINAÇÃO DE 90°, APLICAÇÃO DESCONTÍNUA, UTILIZANDO EQUIPAMENTO DE PROJEÇÃO COM 3 M³/H DE CAPACIDADE. AF_01/2016","M2","182,69","91101","EXECUÇÃO DE REVESTIMENTO DE CONCRETO PROJETADO COM ESPESSURA DE 10 CM, ARMADO COM FIBRAS DE AÇO, INCLINAÇÃO DE 90°, APLICAÇÃO DESCONTÍNUA, UTILIZANDO EQUIPAMENTO DE PROJEÇÃO COM 3 M³/H DE CAPACIDADE. AF_01/2016","M2","182,69","91101","EXECUÇÃO DE REVESTIMENTO DE CONCRETO PROJETADO COM ESPESSURA DE 10 CM, ARMADO COM FIBRAS DE AÇO, INCLINAÇÃO DE 90°, APLICAÇÃO DESCONTÍNUA, UTILIZANDO EQUIPAMENTO DE PROJEÇÃO COM 3 M³/H DE CAPACIDADE. AF_01/2016","M2","182,69","91101","EXECUÇÃO DE REVESTIMENTO DE CONCRETO PROJETADO COM ESPESSURA DE 10 CM, ARMADO COM FIBRAS DE AÇO, INCLINAÇÃO DE 90°, APLICAÇÃO DESCONTÍNUA, UTILIZANDO EQUIPAMENTO DE PROJEÇÃO COM 3 M³/H DE CAPACIDADE. AF_01/2016","M2","182,69","91101","EXECUÇÃO DE REVESTIMENTO DE CONCRETO PROJETADO COM ESPESSURA DE 10 CM, ARMADO COM FIBRAS DE AÇO, INCLINAÇÃO DE 90°, APLICAÇÃO DESCONTÍNUA, UTILIZANDO EQUIPAMENTO DE PROJEÇÃO COM 3 M³/H DE CAPACIDADE. AF_01/2016","M2","182,69","91101","EXECUÇÃO DE REVESTIMENTO DE CONCRETO PROJETADO COM ESPESSURA DE 10 CM, ARMADO COM FIBRAS DE AÇO, INCLINAÇÃO DE 90°, APLICAÇÃO DESCONTÍNUA, UTILIZANDO EQUIPAMENTO DE PROJEÇÃO COM 3 M³/H DE CAPACIDADE. AF_01/2016","M2","182,69","91101","EXECUÇÃO DE REVESTIMENTO DE CONCRETO PROJETADO COM ESPESSURA DE 10 CM, ARMADO COM FIBRAS DE AÇO, INCLINAÇÃO DE 90°, APLICAÇÃO DESCONTÍNUA, UTILIZANDO EQUIPAMENTO DE PROJEÇÃO COM 3 M³/H DE CAPACIDADE. AF_01/2016","M2","182,69","91101","EXECUÇÃO DE REVESTIMENTO DE CONCRETO PROJETADO COM ESPESSURA DE 10 CM, ARMADO COM FIBRAS DE AÇO, INCLINAÇÃO DE 90°, APLICAÇÃO DESCONTÍNUA, UTILIZANDO EQUIPAMENTO DE PROJEÇÃO COM 3 M³/H DE CAPACIDADE. AF_01/2016","M2","182,69","91101","EXECUÇÃO DE REVESTIMENTO DE CONCRETO PROJETADO COM ESPESSURA DE 10 CM, ARMADO COM FIBRAS DE AÇO, INCLINAÇÃO DE 90°, APLICAÇÃO DESCONTÍNUA, UTILIZANDO EQUIPAMENTO DE PROJEÇÃO COM 3 M³/H DE CAPACIDADE. AF_01/2016","M2","182,69","91101","EXECUÇÃO DE REVESTIMENTO DE CONCRETO PROJETADO COM ESPESSURA DE 10 CM, ARMADO COM FIBRAS DE AÇO, INCLINAÇÃO DE 90°, APLICAÇÃO DESCONTÍNUA, UTILIZANDO EQUIPAMENTO DE PROJEÇÃO COM 3 M³/H DE CAPACIDADE. AF_01/2016","M2","182,69","91101","EXECUÇÃO DE REVESTIMENTO DE CONCRETO PROJETADO COM ESPESSURA DE 10 CM, ARMADO COM FIBRAS DE AÇO, INCLINAÇÃO DE 90°, APLICAÇÃO DESCONTÍNUA, UTILIZANDO EQUIPAMENTO DE PROJEÇÃO COM 3 M³/H DE CAPACIDADE. AF_01/2016","M2","182,69","91101","EXECUÇÃO DE REVESTIMENTO DE CONCRETO PROJETADO COM ESPESSURA DE 10 CM, ARMADO COM FIBRAS DE AÇO, INCLINAÇÃO DE 90°, APLICAÇÃO DESCONTÍNUA, UTILIZANDO EQUIPAMENTO DE PROJEÇÃO COM 3 M³/H DE CAPACIDADE. AF_01/2016","M2","182,69","91101","EXECUÇÃO DE REVESTIMENTO DE CONCRETO PROJETADO COM ESPESSURA DE 10 CM, ARMADO COM FIBRAS DE AÇO, INCLINAÇÃO DE 90°, APLICAÇÃO DESCONTÍNUA, UTILIZANDO EQUIPAMENTO DE PROJEÇÃO COM 3 M³/H DE CAPACIDADE. AF_01/2016","M2","182,69","91101","EXECUÇÃO DE REVESTIMENTO DE CONCRETO PROJETADO COM ESPESSURA DE 10 CM, ARMADO COM FIBRAS DE AÇO, INCLINAÇÃO DE 90°, APLICAÇÃO DESCONTÍNUA, UTILIZANDO EQUIPAMENTO DE PROJEÇÃO COM 3 M³/H DE CAPACIDADE. AF_01/2016","M2","182,69","91101","EXECUÇÃO DE REVESTIMENTO DE CONCRETO PROJETADO COM ESPESSURA DE 10 CM, ARMADO COM FIBRAS DE AÇO, INCLINAÇÃO DE 90°, APLICAÇÃO DESCONTÍNUA, UTILIZANDO EQUIPAMENTO DE PROJEÇÃO COM 3 M³/H DE CAPACIDADE. AF_01/2016","M2","182,69","91101","EXECUÇÃO DE REVESTIMENTO DE CONCRETO PROJETADO COM ESPESSURA DE 10 CM, ARMADO COM FIBRAS DE AÇO, INCLINAÇÃO DE 90°, APLICAÇÃO DESCONTÍNUA, UTILIZANDO EQUIPAMENTO DE PROJEÇÃO COM 3 M³/H DE CAPACIDADE. AF_01/2016","M2","182,69","91101","EXECUÇÃO DE REVESTIMENTO DE CONCRETO PROJETADO COM ESPESSURA DE 10 CM, ARMADO COM FIBRAS DE AÇO, INCLINAÇÃO DE 90°, APLICAÇÃO DESCONTÍNUA, UTILIZANDO EQUIPAMENTO DE PROJEÇÃO COM 3 M³/H DE CAPACIDADE. AF_01/2016","M2","182,69","91101","EXECUÇÃO DE REVESTIMENTO DE CONCRETO PROJETADO COM ESPESSURA DE 10 CM, ARMADO COM FIBRAS DE AÇO, INCLINAÇÃO DE 90°, APLICAÇÃO DESCONTÍNUA, UTILIZANDO EQUIPAMENTO DE PROJEÇÃO COM 3 M³/H DE CAPACIDADE. AF_01/2016","M2","182,69","91101","EXECUÇÃO DE REVESTIMENTO DE CONCRETO PROJETADO COM ESPESSURA DE 10 CM, ARMADO COM FIBRAS DE AÇO, INCLINAÇÃO DE 90°, APLICAÇÃO DESCONTÍNUA, UTILIZANDO EQUIPAMENTO DE PROJEÇÃO COM 3 M³/H DE CAPACIDADE. AF_01/2016","M2","182,69","91101","EXECUÇÃO DE REVESTIMENTO DE CONCRETO PROJETADO COM ESPESSURA DE 10 CM, ARMADO COM FIBRAS DE AÇO, INCLINAÇÃO DE 90°, APLICAÇÃO DESCONTÍNUA, UTILIZANDO EQUIPAMENTO DE PROJEÇÃO COM 3 M³/H DE CAPACIDADE. AF_01/2016","M2","182,69","91101","EXECUÇÃO DE REVESTIMENTO DE CONCRETO PROJETADO COM ESPESSURA DE 10 CM, ARMADO COM FIBRAS DE AÇO, INCLINAÇÃO DE 90°, APLICAÇÃO DESCONTÍNUA, UTILIZANDO EQUIPAMENTO DE PROJEÇÃO COM 3 M³/H DE CAPACIDADE. AF_01/2016","M2","182,69","91101","EXECUÇÃO DE REVESTIMENTO DE CONCRETO PROJETADO COM ESPESSURA DE 10 CM, ARMADO COM FIBRAS DE AÇO, INCLINAÇÃO DE 90°, APLICAÇÃO DESCONTÍNUA, UTILIZANDO EQUIPAMENTO DE PROJEÇÃO COM 3 M³/H DE CAPACIDADE. AF_01/2016","M2","182,69"]
[102995,"EXECUÇÃO DE CANALETA DE CONCRETO MOLDADO IN LOCO, ESPESSURA DE 0,07 M, GEOMETRIA TRAPEZOIDAL (DIMENSÕES INTERNAS: B=0,6 M; B=0,147 M; H=0,2 M). AF_08/2021","M",50.85,"102995","EXECUÇÃO DE CANALETA DE CONCRETO MOLDADO IN LOCO, ESPESSURA DE 0,07 M, GEOMETRIA TRAPEZOIDAL (DIMENSÕES INTERNAS: B=0,6 M; B=0,147 M; H=0,2 M). AF_08/2021","M","50,85","102995","EXECUÇÃO DE CANALETA DE CONCRETO MOLDADO IN LOCO, ESPESSURA DE 0,07 M, GEOMETRIA TRAPEZOIDAL (DIMENSÕES INTERNAS: B=0,6 M; B=0,147 M; H=0,2 M). AF_08/2021","M","50,85","102995","EXECUÇÃO DE CANALETA DE CONCRETO MOLDADO IN LOCO, ESPESSURA DE 0,07 M, GEOMETRIA TRAPEZOIDAL (DIMENSÕES INTERNAS: B=0,6 M; B=0,147 M; H=0,2 M). AF_08/2021","M","50,85","102995","EXECUÇÃO DE CANALETA DE CONCRETO MOLDADO IN LOCO, ESPESSURA DE 0,07 M, GEOMETRIA TRAPEZOIDAL (DIMENSÕES INTERNAS: B=0,6 M; B=0,147 M; H=0,2 M). AF_08/2021","M","50,85","102995","EXECUÇÃO DE CANALETA DE CONCRETO MOLDADO IN LOCO, ESPESSURA DE 0,07 M, GEOMETRIA TRAPEZOIDAL (DIMENSÕES INTERNAS: B=0,6 M; B=0,147 M; H=0,2 M). AF_08/2021","M","50,85","102995","EXECUÇÃO DE CANALETA DE CONCRETO MOLDADO IN LOCO, ESPESSURA DE 0,07 M, GEOMETRIA TRAPEZOIDAL (DIMENSÕES INTERNAS: B=0,6 M; B=0,147 M; H=0,2 M). AF_08/2021","M","50,85","102995","EXECUÇÃO DE CANALETA DE CONCRETO MOLDADO IN LOCO, ESPESSURA DE 0,07 M, GEOMETRIA TRAPEZOIDAL (DIMENSÕES INTERNAS: B=0,6 M; B=0,147 M; H=0,2 M). AF_08/2021","M","50,85","102995","EXECUÇÃO DE CANALETA DE CONCRETO MOLDADO IN LOCO, ESPESSURA DE 0,07 M, GEOMETRIA TRAPEZOIDAL (DIMENSÕES INTERNAS: B=0,6 M; B=0,147 M; H=0,2 M). AF_08/2021","M","50,85","102995","EXECUÇÃO DE CANALETA DE CONCRETO MOLDADO IN LOCO, ESPESSURA DE 0,07 M, GEOMETRIA TRAPEZOIDAL (DIMENSÕES INTERNAS: B=0,6 M; B=0,147 M; H=0,2 M). AF_08/2021","M","50,85","102995","EXECUÇÃO DE CANALETA DE CONCRETO MOLDADO IN LOCO, ESPESSURA DE 0,07 M, GEOMETRIA TRAPEZOIDAL (DIMENSÕES INTERNAS: B=0,6 M; B=0,147 M; H=0,2 M). AF_08/2021","M","50,85","102995","EXECUÇÃO DE CANALETA DE CONCRETO MOLDADO IN LOCO, ESPESSURA DE 0,07 M, GEOMETRIA TRAPEZOIDAL (DIMENSÕES INTERNAS: B=0,6 M; B=0,147 M; H=0,2 M). AF_08/2021","M","50,85","102995","EXECUÇÃO DE CANALETA DE CONCRETO MOLDADO IN LOCO, ESPESSURA DE 0,07 M, GEOMETRIA TRAPEZOIDAL (DIMENSÕES INTERNAS: B=0,6 M; B=0,147 M; H=0,2 M). AF_08/2021","M","50,85","102995","EXECUÇÃO DE CANALETA DE CONCRETO MOLDADO IN LOCO, ESPESSURA DE 0,07 M, GEOMETRIA TRAPEZOIDAL (DIMENSÕES INTERNAS: B=0,6 M; B=0,147 M; H=0,2 M). AF_08/2021","M","50,85","102995","EXECUÇÃO DE CANALETA DE CONCRETO MOLDADO IN LOCO, ESPESSURA DE 0,07 M, GEOMETRIA TRAPEZOIDAL (DIMENSÕES INTERNAS: B=0,6 M; B=0,147 M; H=0,2 M). AF_08/2021","M","50,85","102995","EXECUÇÃO DE CANALETA DE CONCRETO MOLDADO IN LOCO, ESPESSURA DE 0,07 M, GEOMETRIA TRAPEZOIDAL (DIMENSÕES INTERNAS: B=0,6 M; B=0,147 M; H=0,2 M). AF_08/2021","M","50,85","102995","EXECUÇÃO DE CANALETA DE CONCRETO MOLDADO IN LOCO, ESPESSURA DE 0,07 M, GEOMETRIA TRAPEZOIDAL (DIMENSÕES INTERNAS: B=0,6 M; B=0,147 M; H=0,2 M). AF_08/2021","M","50,85","102995","EXECUÇÃO DE CANALETA DE CONCRETO MOLDADO IN LOCO, ESPESSURA DE 0,07 M, GEOMETRIA TRAPEZOIDAL (DIMENSÕES INTERNAS: B=0,6 M; B=0,147 M; H=0,2 M). AF_08/2021","M","50,85","102995","EXECUÇÃO DE CANALETA DE CONCRETO MOLDADO IN LOCO, ESPESSURA DE 0,07 M, GEOMETRIA TRAPEZOIDAL (DIMENSÕES INTERNAS: B=0,6 M; B=0,147 M; H=0,2 M). AF_08/2021","M","50,85","102995","EXECUÇÃO DE CANALETA DE CONCRETO MOLDADO IN LOCO, ESPESSURA DE 0,07 M, GEOMETRIA TRAPEZOIDAL (DIMENSÕES INTERNAS: B=0,6 M; B=0,147 M; H=0,2 M). AF_08/2021","M","50,85","102995","EXECUÇÃO DE CANALETA DE CONCRETO MOLDADO IN LOCO, ESPESSURA DE 0,07 M, GEOMETRIA TRAPEZOIDAL (DIMENSÕES INTERNAS: B=0,6 M; B=0,147 M; H=0,2 M). AF_08/2021","M","50,85","102995","EXECUÇÃO DE CANALETA DE CONCRETO MOLDADO IN LOCO, ESPESSURA DE 0,07 M, GEOMETRIA TRAPEZOIDAL (DIMENSÕES INTERNAS: B=0,6 M; B=0,147 M; H=0,2 M). AF_08/2021","M","50,85","102995","EXECUÇÃO DE CANALETA DE CONCRETO MOLDADO IN LOCO, ESPESSURA DE 0,07 M, GEOMETRIA TRAPEZOIDAL (DIMENSÕES INTERNAS: B=0,6 M; B=0,147 M; H=0,2 M). AF_08/2021","M","50,85","102995","EXECUÇÃO DE CANALETA DE CONCRETO MOLDADO IN LOCO, ESPESSURA DE 0,07 M, GEOMETRIA TRAPEZOIDAL (DIMENSÕES INTERNAS: B=0,6 M; B=0,147 M; H=0,2 M). AF_08/2021","M","50,85","102995","EXECUÇÃO DE CANALETA DE CONCRETO MOLDADO IN LOCO, ESPESSURA DE 0,07 M, GEOMETRIA TRAPEZOIDAL (DIMENSÕES INTERNAS: B=0,6 M; B=0,147 M; H=0,2 M). AF_08/2021","M","50,85","102995","EXECUÇÃO DE CANALETA DE CONCRETO MOLDADO IN LOCO, ESPESSURA DE 0,07 M, GEOMETRIA TRAPEZOIDAL (DIMENSÕES INTERNAS: B=0,6 M; B=0,147 M; H=0,2 M). AF_08/2021","M","50,85","102995","EXECUÇÃO DE CANALETA DE CONCRETO MOLDADO IN LOCO, ESPESSURA DE 0,07 M, GEOMETRIA TRAPEZOIDAL (DIMENSÕES INTERNAS: B=0,6 M; B=0,147 M; H=0,2 M). AF_08/2021","M","50,85","102995","EXECUÇÃO DE CANALETA DE CONCRETO MOLDADO IN LOCO, ESPESSURA DE 0,07 M, GEOMETRIA TRAPEZOIDAL (DIMENSÕES INTERNAS: B=0,6 M; B=0,147 M; H=0,2 M). AF_08/2021","M","50,85","102995","EXECUÇÃO DE CANALETA DE CONCRETO MOLDADO IN LOCO, ESPESSURA DE 0,07 M, GEOMETRIA TRAPEZOIDAL (DIMENSÕES INTERNAS: B=0,6 M; B=0,147 M; H=0,2 M). AF_08/2021","M","50,85","102995","EXECUÇÃO DE CANALETA DE CONCRETO MOLDADO IN LOCO, ESPESSURA DE 0,07 M, GEOMETRIA TRAPEZOIDAL (DIMENSÕES INTERNAS: B=0,6 M; B=0,147 M; H=0,2 M). AF_08/2021","M","50,85","102995","EXECUÇÃO DE CANALETA DE CONCRETO MOLDADO IN LOCO, ESPESSURA DE 0,07 M, GEOMETRIA TRAPEZOIDAL (DIMENSÕES INTERNAS: B=0,6 M; B=0,147 M; H=0,2 M). AF_08/2021","M","50,85","102995","EXECUÇÃO DE CANALETA DE CONCRETO MOLDADO IN LOCO, ESPESSURA DE 0,07 M, GEOMETRIA TRAPEZOIDAL (DIMENSÕES INTERNAS: B=0,6 M; B=0,147 M; H=0,2 M). AF_08/2021","M","50,85","102995","EXECUÇÃO DE CANALETA DE CONCRETO MOLDADO IN LOCO, ESPESSURA DE 0,07 M, GEOMETRIA TRAPEZOIDAL (DIMENSÕES INTERNAS: B=0,6 M; B=0,147 M; H=0,2 M). AF_08/2021","M","50,85","102995","EXECUÇÃO DE CANALETA DE CONCRETO MOLDADO IN LOCO, ESPESSURA DE 0,07 M, GEOMETRIA TRAPEZOIDAL (DIMENSÕES INTERNAS: B=0,6 M; B=0,147 M; H=0,2 M). AF_08/2021","M","50,85","102995","EXECUÇÃO DE CANALETA DE CONCRETO MOLDADO IN LOCO, ESPESSURA DE 0,07 M, GEOMETRIA TRAPEZOIDAL (DIMENSÕES INTERNAS: B=0,6 M; B=0,147 M; H=0,2 M). AF_08/2021","M","50,85","102995","EXECUÇÃO DE CANALETA DE CONCRETO MOLDADO IN LOCO, ESPESSURA DE 0,07 M, GEOMETRIA TRAPEZOIDAL (DIMENSÕES INTERNAS: B=0,6 M; B=0,147 M; H=0,2 M). AF_08/2021","M","50,85","102995","EXECUÇÃO DE CANALETA DE CONCRETO MOLDADO IN LOCO, ESPESSURA DE 0,07 M, GEOMETRIA TRAPEZOIDAL (DIMENSÕES INTERNAS: B=0,6 M; B=0,147 M; H=0,2 M). AF_08/2021","M","50,85","102995","EXECUÇÃO DE CANALETA DE CONCRETO MOLDADO IN LOCO, ESPESSURA DE 0,07 M, GEOMETRIA TRAPEZOIDAL (DIMENSÕES INTERNAS: B=0,6 M; B=0,147 M; H=0,2 M). AF_08/2021","M","50,85","102995","EXECUÇÃO DE CANALETA DE CONCRETO MOLDADO IN LOCO, ESPESSURA DE 0,07 M, GEOMETRIA TRAPEZOIDAL (DIMENSÕES INTERNAS: B=0,6 M; B=0,147 M; H=0,2 M). AF_08/2021","M","50,85","102995","EXECUÇÃO DE CANALETA DE CONCRETO MOLDADO IN LOCO, ESPESSURA DE 0,07 M, GEOMETRIA TRAPEZOIDAL (DIMENSÕES INTERNAS: B=0,6 M; B=0,147 M; H=0,2 M). AF_08/2021","M","50,85","102995","EXECUÇÃO DE CANALETA DE CONCRETO MOLDADO IN LOCO, ESPESSURA DE 0,07 M, GEOMETRIA TRAPEZOIDAL (DIMENSÕES INTERNAS: B=0,6 M; B=0,147 M; H=0,2 M). AF_08/2021","M","50,85","102995","EXECUÇÃO DE CANALETA DE CONCRETO MOLDADO IN LOCO, ESPESSURA DE 0,07 M, GEOMETRIA TRAPEZOIDAL (DIMENSÕES INTERNAS: B=0,6 M; B=0,147 M; H=0,2 M). AF_08/2021","M","50,85","102995","EXECUÇÃO DE CANALETA DE CONCRETO MOLDADO IN LOCO, ESPESSURA DE 0,07 M, GEOMETRIA TRAPEZOIDAL (DIMENSÕES INTERNAS: B=0,6 M; B=0,147 M; H=0,2 M). AF_08/2021","M","50,85","102995","EXECUÇÃO DE CANALETA DE CONCRETO MOLDADO IN LOCO, ESPESSURA DE 0,07 M, GEOMETRIA TRAPEZOIDAL (DIMENSÕES INTERNAS: B=0,6 M; B=0,147 M; H=0,2 M). AF_08/2021","M","50,85","102995","EXECUÇÃO DE CANALETA DE CONCRETO MOLDADO IN LOCO, ESPESSURA DE 0,07 M, GEOMETRIA TRAPEZOIDAL (DIMENSÕES INTERNAS: B=0,6 M; B=0,147 M; H=0,2 M). AF_08/2021","M","50,85","102995","EXECUÇÃO DE CANALETA DE CONCRETO MOLDADO IN LOCO, ESPESSURA DE 0,07 M, GEOMETRIA TRAPEZOIDAL (DIMENSÕES INTERNAS: B=0,6 M; B=0,147 M; H=0,2 M). AF_08/2021","M","50,85","102995","EXECUÇÃO DE CANALETA DE CONCRETO MOLDADO IN LOCO, ESPESSURA DE 0,07 M, GEOMETRIA TRAPEZOIDAL (DIMENSÕES INTERNAS: B=0,6 M; B=0,147 M; H=0,2 M). AF_08/2021","M","50,85","102995","EXECUÇÃO DE CANALETA DE CONCRETO MOLDADO IN LOCO, ESPESSURA DE 0,07 M, GEOMETRIA TRAPEZOIDAL (DIMENSÕES INTERNAS: B=0,6 M; B=0,147 M; H=0,2 M). AF_08/2021","M","50,85","102995","EXECUÇÃO DE CANALETA DE CONCRETO MOLDADO IN LOCO, ESPESSURA DE 0,07 M, GEOMETRIA TRAPEZOIDAL (DIMENSÕES INTERNAS: B=0,6 M; B=0,147 M; H=0,2 M). AF_08/2021","M","50,85","102995","EXECUÇÃO DE CANALETA DE CONCRETO MOLDADO IN LOCO, ESPESSURA DE 0,07 M, GEOMETRIA TRAPEZOIDAL (DIMENSÕES INTERNAS: B=0,6 M; B=0,147 M; H=0,2 M). AF_08/2021","M","50,85","102995","EXECUÇÃO DE CANALETA DE CONCRETO MOLDADO IN LOCO, ESPESSURA DE 0,07 M, GEOMETRIA TRAPEZOIDAL (DIMENSÕES INTERNAS: B=0,6 M; B=0,147 M; H=0,2 M). AF_08/2021","M","50,85","102995","EXECUÇÃO DE CANALETA DE CONCRETO MOLDADO IN LOCO, ESPESSURA DE 0,07 M, GEOMETRIA TRAPEZOIDAL (DIMENSÕES INTERNAS: B=0,6 M; B=0,147 M; H=0,2 M). AF_08/2021","M","50,85","102995","EXECUÇÃO DE CANALETA DE CONCRETO MOLDADO IN LOCO, ESPESSURA DE 0,07 M, GEOMETRIA TRAPEZOIDAL (DIMENSÕES INTERNAS: B=0,6 M; B=0,147 M; H=0,2 M). AF_08/2021","M","50,85","102995","EXECUÇÃO DE CANALETA DE CONCRETO MOLDADO IN LOCO, ESPESSURA DE 0,07 M, GEOMETRIA TRAPEZOIDAL (DIMENSÕES INTERNAS: B=0,6 M; B=0,147 M; H=0,2 M). AF_08/2021","M","50,85","102995","EXECUÇÃO DE CANALETA DE CONCRETO MOLDADO IN LOCO, ESPESSURA DE 0,07 M, GEOMETRIA TRAPEZOIDAL (DIMENSÕES INTERNAS: B=0,6 M; B=0,147 M; H=0,2 M). AF_08/2021","M","50,85","102995","EXECUÇÃO DE CANALETA DE CONCRETO MOLDADO IN LOCO, ESPESSURA DE 0,07 M, GEOMETRIA TRAPEZOIDAL (DIMENSÕES INTERNAS: B=0,6 M; B=0,147 M; H=0,2 M). AF_08/2021","M","50,85","102995","EXECUÇÃO DE CANALETA DE CONCRETO MOLDADO IN LOCO, ESPESSURA DE 0,07 M, GEOMETRIA TRAPEZOIDAL (DIMENSÕES INTERNAS: B=0,6 M; B=0,147 M; H=0,2 M). AF_08/2021","M","50,85","102995","EXECUÇÃO DE CANALETA DE CONCRETO MOLDADO IN LOCO, ESPESSURA DE 0,07 M, GEOMETRIA TRAPEZOIDAL (DIMENSÕES INTERNAS: B=0,6 M; B=0,147 M; H=0,2 M). AF_08/2021","M","50,85","102995","EXECUÇÃO DE CANALETA DE CONCRETO MOLDADO IN LOCO, ESPESSURA DE 0,07 M, GEOMETRIA TRAPEZOIDAL (DIMENSÕES INTERNAS: B=0,6 M; B=0,147 M; H=0,2 M). AF_08/2021","M","50,85","102995","EXECUÇÃO DE CANALETA DE CONCRETO MOLDADO IN LOCO, ESPESSURA DE 0,07 M, GEOMETRIA TRAPEZOIDAL (DIMENSÕES INTERNAS: B=0,6 M; B=0,147 M; H=0,2 M). AF_08/2021","M","50,85","102995","EXECUÇÃO DE CANALETA DE CONCRETO MOLDADO IN LOCO, ESPESSURA DE 0,07 M, GEOMETRIA TRAPEZOIDAL (DIMENSÕES INTERNAS: B=0,6 M; B=0,147 M; H=0,2 M). AF_08/2021","M","50,85","102995","EXECUÇÃO DE CANALETA DE CONCRETO MOLDADO IN LOCO, ESPESSURA DE 0,07 M, GEOMETRIA TRAPEZOIDAL (DIMENSÕES INTERNAS: B=0,6 M; B=0,147 M; H=0,2 M). AF_08/2021","M","50,85","102995","EXECUÇÃO DE CANALETA DE CONCRETO MOLDADO IN LOCO, ESPESSURA DE 0,07 M, GEOMETRIA TRAPEZOIDAL (DIMENSÕES INTERNAS: B=0,6 M; B=0,147 M; H=0,2 M). AF_08/2021","M","50,85","102995","EXECUÇÃO DE CANALETA DE CONCRETO MOLDADO IN LOCO, ESPESSURA DE 0,07 M, GEOMETRIA TRAPEZOIDAL (DIMENSÕES INTERNAS: B=0,6 M; B=0,147 M; H=0,2 M). AF_08/2021","M","50,85"]
[98009,"ACRÉSCIMO PARA POÇO DE VISITA RETANGULAR PARA ESGOTO, EM ALVENARIA COM BLOCOS DE CONCRETO, DIMENSÕES INTERNAS = 1,5X1,5 M. AF_12/2020","M",1652.31,"98009","ACRÉSCIMO PARA POÇO DE VISITA RETANGULAR PARA ESGOTO, EM ALVENARIA COM BLOCOS DE CONCRETO, DIMENSÕES INTERNAS = 1,5X1,5 M. AF_12/2020","M","1.652,31","98009","ACRÉSCIMO PARA POÇO DE VISITA RETANGULAR PARA ESGOTO, EM ALVENARIA COM BLOCOS DE CONCRETO, DIMENSÕES INTERNAS = 1,5X1,5 M. AF_12/2020","M","1.652,31","98009","ACRÉSCIMO PARA POÇO DE VISITA RETANGULAR PARA ESGOTO, EM ALVENARIA COM BLOCOS DE CONCRETO, DIMENSÕES INTERNAS = 1,5X1,5 M. AF_12/2020","M","1.652,31","98009","ACRÉSCIMO PARA POÇO DE VISITA RETANGULAR PARA ESGOTO, EM ALVENARIA COM BLOCOS DE CONCRETO, DIMENSÕES INTERNAS = 1,5X1,5 M. AF_12/2020","M","1.652,31","98009","ACRÉSCIMO PARA POÇO DE VISITA RETANGULAR PARA ESGOTO, EM ALVENARIA COM BLOCOS DE CONCRETO, DIMENSÕES INTERNAS = 1,5X1,5 M. AF_12/2020","M","1.652,31","98009","ACRÉSCIMO PARA POÇO DE VISITA RETANGULAR PARA ESGOTO, EM ALVENARIA COM BLOCOS DE CONCRETO, DIMENSÕES INTERNAS = 1,5X1,5 M. AF_12/2020","M","1.652,31","98009","ACRÉSCIMO PARA POÇO DE VISITA RETANGULAR PARA ESGOTO, EM ALVENARIA COM BLOCOS DE CONCRETO, DIMENSÕES INTERNAS = 1,5X1,5 M. AF_12/2020","M","1.652,31","98009","ACRÉSCIMO PARA POÇO DE VISITA RETANGULAR PARA ESGOTO, EM ALVENARIA COM BLOCOS DE CONCRETO, DIMENSÕES INTERNAS = 1,5X1,5 M. AF_12/2020","M","1.652,31","98009","ACRÉSCIMO PARA POÇO DE VISITA RETANGULAR PARA ESGOTO, EM ALVENARIA COM BLOCOS DE CONCRETO, DIMENSÕES INTERNAS = 1,5X1,5 M. AF_12/2020","M","1.652,31","98009","ACRÉSCIMO PARA POÇO DE VISITA RETANGULAR PARA ESGOTO, EM ALVENARIA COM BLOCOS DE CONCRETO, DIMENSÕES INTERNAS = 1,5X1,5 M. AF_12/2020","M","1.652,31","98009","ACRÉSCIMO PARA POÇO DE VISITA RETANGULAR PARA ESGOTO, EM ALVENARIA COM BLOCOS DE CONCRETO, DIMENSÕES INTERNAS = 1,5X1,5 M. AF_12/2020","M","1.652,31","98009","ACRÉSCIMO PARA POÇO DE VISITA RETANGULAR PARA ESGOTO, EM ALVENARIA COM BLOCOS DE CONCRETO, DIMENSÕES INTERNAS = 1,5X1,5 M. AF_12/2020","M","1.652,31","98009","ACRÉSCIMO PARA POÇO DE VISITA RETANGULAR PARA ESGOTO, EM ALVENARIA COM BLOCOS DE CONCRETO, DIMENSÕES INTERNAS = 1,5X1,5 M. AF_12/2020","M","1.652,31","98009","ACRÉSCIMO PARA POÇO DE VISITA RETANGULAR PARA ESGOTO, EM ALVENARIA COM BLOCOS DE CONCRETO, DIMENSÕES INTERNAS = 1,5X1,5 M. AF_12/2020","M","1.652,31","98009","ACRÉSCIMO PARA POÇO DE VISITA RETANGULAR PARA ESGOTO, EM ALVENARIA COM BLOCOS DE CONCRETO, DIMENSÕES INTERNAS = 1,5X1,5 M. AF_12/2020","M","1.652,31","98009","ACRÉSCIMO PARA POÇO DE VISITA RETANGULAR PARA ESGOTO, EM ALVENARIA COM BLOCOS DE CONCRETO, DIMENSÕES INTERNAS = 1,5X1,5 M. AF_12/2020","M","1.652,31","98009","ACRÉSCIMO PARA POÇO DE VISITA RETANGULAR PARA ESGOTO, EM ALVENARIA COM BLOCOS DE CONCRETO, DIMENSÕES INTERNAS = 1,5X1,5 M. AF_12/2020","M","1.652,31","98009","ACRÉSCIMO PARA POÇO DE VISITA RETANGULAR PARA ESGOTO, EM ALVENARIA COM BLOCOS DE CONCRETO, DIMENSÕES INTERNAS = 1,5X1,5 M. AF_12/2020","M","1.652,31","98009","ACRÉSCIMO PARA POÇO DE VISITA RETANGULAR PARA ESGOTO, EM ALVENARIA COM BLOCOS DE CONCRETO, DIMENSÕES INTERNAS = 1,5X1,5 M. AF_12/2020","M","1.652,31","98009","ACRÉSCIMO PARA POÇO DE VISITA RETANGULAR PARA ESGOTO, EM ALVENARIA COM BLOCOS DE CONCRETO, DIMENSÕES INTERNAS = 1,5X1,5 M. AF_12/2020","M","1.652,31","98009","ACRÉSCIMO PARA POÇO DE VISITA RETANGULAR PARA ESGOTO, EM ALVENARIA COM BLOCOS DE CONCRETO, DIMENSÕES INTERNAS = 1,5X1,5 M. AF_12/2020","M","1.652,31","98009","ACRÉSCIMO PARA POÇO DE VISITA RETANGULAR PARA ESGOTO, EM ALVENARIA COM BLOCOS DE CONCRETO, DIMENSÕES INTERNAS = 1,5X1,5 M. AF_12/2020","M","1.652,31","98009","ACRÉSCIMO PARA POÇO DE VISITA RETANGULAR PARA ESGOTO, EM ALVENARIA COM BLOCOS DE CONCRETO, DIMENSÕES INTERNAS = 1,5X1,5 M. AF_12/2020","M","1.652,31","98009","ACRÉSCIMO PARA POÇO DE VISITA RETANGULAR PARA ESGOTO, EM ALVENARIA COM BLOCOS DE CONCRETO, DIMENSÕES INTERNAS = 1,5X1,5 M. AF_12/2020","M","1.652,31","98009","ACRÉSCIMO PARA POÇO DE VISITA RETANGULAR PARA ESGOTO, EM ALVENARIA COM BLOCOS DE CONCRETO, DIMENSÕES INTERNAS = 1,5X1,5 M. AF_12/2020","M","1.652,31","98009","ACRÉSCIMO PARA POÇO DE VISITA RETANGULAR PARA ESGOTO, EM ALVENARIA COM BLOCOS DE CONCRETO, DIMENSÕES INTERNAS = 1,5X1,5 M. AF_12/2020","M","1.652,31","98009","ACRÉSCIMO PARA POÇO DE VISITA RETANGULAR PARA ESGOTO, EM ALVENARIA COM BLOCOS DE CONCRETO, DIMENSÕES INTERNAS = 1,5X1,5 M. AF_12/2020","M","1.652,31","98009","ACRÉSCIMO PARA POÇO DE VISITA RETANGULAR PARA ESGOTO, EM ALVENARIA COM BLOCOS DE CONCRETO, DIMENSÕES INTERNAS = 1,5X1,5 M. AF_12/2020","M","1.652,31","98009","ACRÉSCIMO PARA POÇO DE VISITA RETANGULAR PARA ESGOTO, EM ALVENARIA COM BLOCOS DE CONCRETO, DIMENSÕES INTERNAS = 1,5X1,5 M. AF_12/2020","M","1.652,31","98009","ACRÉSCIMO PARA POÇO DE VISITA RETANGULAR PARA ESGOTO, EM ALVENARIA COM BLOCOS DE CONCRETO, DIMENSÕES INTERNAS = 1,5X1,5 M. AF_12/2020","M","1.652,31","98009","ACRÉSCIMO PARA POÇO DE VISITA RETANGULAR PARA ESGOTO, EM ALVENARIA COM BLOCOS DE CONCRETO, DIMENSÕES INTERNAS = 1,5X1,5 M. AF_12/2020","M","1.652,31","98009","ACRÉSCIMO PARA POÇO DE VISITA RETANGULAR PARA ESGOTO, EM ALVENARIA COM BLOCOS DE CONCRETO, DIMENSÕES INTERNAS = 1,5X1,5 M. AF_12/2020","M","1.652,31","98009","ACRÉSCIMO PARA POÇO DE VISITA RETANGULAR PARA ESGOTO, EM ALVENARIA COM BLOCOS DE CONCRETO, DIMENSÕES INTERNAS = 1,5X1,5 M. AF_12/2020","M","1.652,31","98009","ACRÉSCIMO PARA POÇO DE VISITA RETANGULAR PARA ESGOTO, EM ALVENARIA COM BLOCOS DE CONCRETO, DIMENSÕES INTERNAS = 1,5X1,5 M. AF_12/2020","M","1.652,31","98009","ACRÉSCIMO PARA POÇO DE VISITA RETANGULAR PARA ESGOTO, EM ALVENARIA COM BLOCOS DE CONCRETO, DIMENSÕES INTERNAS = 1,5X1,5 M. AF_12/2020","M","1.652,31","98009","ACRÉSCIMO PARA POÇO DE VISITA RETANGULAR PARA ESGOTO, EM ALVENARIA COM BLOCOS DE CONCRETO, DIMENSÕES INTERNAS = 1,5X1,5 M. AF_12/2020","M","1.652,31","98009","ACRÉSCIMO PARA POÇO DE VISITA RETANGULAR PARA ESGOTO, EM ALVENARIA COM BLOCOS DE CONCRETO, DIMENSÕES INTERNAS = 1,5X1,5 M. AF_12/2020","M","1.652,31","98009","ACRÉSCIMO PARA POÇO DE VISITA RETANGULAR PARA ESGOTO, EM ALVENARIA COM BLOCOS DE CONCRETO, DIMENSÕES INTERNAS = 1,5X1,5 M. AF_12/2020","M","1.652,31","98009","ACRÉSCIMO PARA POÇO DE VISITA RETANGULAR PARA ESGOTO, EM ALVENARIA COM BLOCOS DE CONCRETO, DIMENSÕES INTERNAS = 1,5X1,5 M. AF_12/2020","M","1.652,31","98009","ACRÉSCIMO PARA POÇO DE VISITA RETANGULAR PARA ESGOTO, EM ALVENARIA COM BLOCOS DE CONCRETO, DIMENSÕES INTERNAS = 1,5X1,5 M. AF_12/2020","M","1.652,31","98009","ACRÉSCIMO PARA POÇO DE VISITA RETANGULAR PARA ESGOTO, EM ALVENARIA COM BLOCOS DE CONCRETO, DIMENSÕES INTERNAS = 1,5X1,5 M. AF_12/2020","M","1.652,31","98009","ACRÉSCIMO PARA POÇO DE VISITA RETANGULAR PARA ESGOTO, EM ALVENARIA COM BLOCOS DE CONCRETO, DIMENSÕES INTERNAS = 1,5X1,5 M. AF_12/2020","M","1.652,31","98009","ACRÉSCIMO PARA POÇO DE VISITA RETANGULAR PARA ESGOTO, EM ALVENARIA COM BLOCOS DE CONCRETO, DIMENSÕES INTERNAS = 1,5X1,5 M. AF_12/2020","M","1.652,31","98009","ACRÉSCIMO PARA POÇO DE VISITA RETANGULAR PARA ESGOTO, EM ALVENARIA COM BLOCOS DE CONCRETO, DIMENSÕES INTERNAS = 1,5X1,5 M. AF_12/2020","M","1.652,31","98009","ACRÉSCIMO PARA POÇO DE VISITA RETANGULAR PARA ESGOTO, EM ALVENARIA COM BLOCOS DE CONCRETO, DIMENSÕES INTERNAS = 1,5X1,5 M. AF_12/2020","M","1.652,31","98009","ACRÉSCIMO PARA POÇO DE VISITA RETANGULAR PARA ESGOTO, EM ALVENARIA COM BLOCOS DE CONCRETO, DIMENSÕES INTERNAS = 1,5X1,5 M. AF_12/2020","M","1.652,31","98009","ACRÉSCIMO PARA POÇO DE VISITA RETANGULAR PARA ESGOTO, EM ALVENARIA COM BLOCOS DE CONCRETO, DIMENSÕES INTERNAS = 1,5X1,5 M. AF_12/2020","M","1.652,31","98009","ACRÉSCIMO PARA POÇO DE VISITA RETANGULAR PARA ESGOTO, EM ALVENARIA COM BLOCOS DE CONCRETO, DIMENSÕES INTERNAS = 1,5X1,5 M. AF_12/2020","M","1.652,31","98009","ACRÉSCIMO PARA POÇO DE VISITA RETANGULAR PARA ESGOTO, EM ALVENARIA COM BLOCOS DE CONCRETO, DIMENSÕES INTERNAS = 1,5X1,5 M. AF_12/2020","M","1.652,31","98009","ACRÉSCIMO PARA POÇO DE VISITA RETANGULAR PARA ESGOTO, EM ALVENARIA COM BLOCOS DE CONCRETO, DIMENSÕES INTERNAS = 1,5X1,5 M. AF_12/2020","M","1.652,31","98009","ACRÉSCIMO PARA POÇO DE VISITA RETANGULAR PARA ESGOTO, EM ALVENARIA COM BLOCOS DE CONCRETO, DIMENSÕES INTERNAS = 1,5X1,5 M. AF_12/2020","M","1.652,31","98009","ACRÉSCIMO PARA POÇO DE VISITA RETANGULAR PARA ESGOTO, EM ALVENARIA COM BLOCOS DE CONCRETO, DIMENSÕES INTERNAS = 1,5X1,5 M. AF_12/2020","M","1.652,31","98009","ACRÉSCIMO PARA POÇO DE VISITA RETANGULAR PARA ESGOTO, EM ALVENARIA COM BLOCOS DE CONCRETO, DIMENSÕES INTERNAS = 1,5X1,5 M. AF_12/2020","M","1.652,31","98009","ACRÉSCIMO PARA POÇO DE VISITA RETANGULAR PARA ESGOTO, EM ALVENARIA COM BLOCOS DE CONCRETO, DIMENSÕES INTERNAS = 1,5X1,5 M. AF_12/2020","M","1.652,31","98009","ACRÉSCIMO PARA POÇO DE VISITA RETANGULAR PARA ESGOTO, EM ALVENARIA COM BLOCOS DE CONCRETO, DIMENSÕES INTERNAS = 1,5X1,5 M. AF_12/2020","M","1.652,31","98009","ACRÉSCIMO PARA POÇO DE VISITA RETANGULAR PARA ESGOTO, EM ALVENARIA COM BLOCOS DE CONCRETO, DIMENSÕES INTERNAS = 1,5X1,5 M. AF_12/2020","M","1.652,31","98009","ACRÉSCIMO PARA POÇO DE VISITA RETANGULAR PARA ESGOTO, EM ALVENARIA COM BLOCOS DE CONCRETO, DIMENSÕES INTERNAS = 1,5X1,5 M. AF_12/2020","M","1.652,31","98009","ACRÉSCIMO PARA POÇO DE VISITA RETANGULAR PARA ESGOTO, EM ALVENARIA COM BLOCOS DE CONCRETO, DIMENSÕES INTERNAS = 1,5X1,5 M. AF_12/2020","M","1.652,31","98009","ACRÉSCIMO PARA POÇO DE VISITA RETANGULAR PARA ESGOTO, EM ALVENARIA COM BLOCOS DE CONCRETO, DIMENSÕES INTERNAS = 1,5X1,5 M. AF_12/2020","M","1.652,31","98009","ACRÉSCIMO PARA POÇO DE VISITA RETANGULAR PARA ESGOTO, EM ALVENARIA COM BLOCOS DE CONCRETO, DIMENSÕES INTERNAS = 1,5X1,5 M. AF_12/2020","M","1.652,31","98009","ACRÉSCIMO PARA POÇO DE VISITA RETANGULAR PARA ESGOTO, EM ALVENARIA COM BLOCOS DE CONCRETO, DIMENSÕES INTERNAS = 1,5X1,5 M. AF_12/2020","M","1.652,31","98009","ACRÉSCIMO PARA POÇO DE VISITA RETANGULAR PARA ESGOTO, EM ALVENARIA COM BLOCOS DE CONCRETO, DIMENSÕES INTERNAS = 1,5X1,5 M. AF_12/2020","M","1.652,31","98009","ACRÉSCIMO PARA POÇO DE VISITA RETANGULAR PARA ESGOTO, EM ALVENARIA COM BLOCOS DE CONCRETO, DIMENSÕES INTERNAS = 1,5X1,5 M. AF_12/2020","M","1.652,31"]
[98037,"ACRÉSCIMO PARA POÇO DE VISITA RETANGULAR PARA ESGOTO, EM ALVENARIA COM BLOCOS DE CONCRETO, DIMENSÕES INTERNAS = 2,5X4 M. AF_12/2020","M",3302.37,"98037","ACRÉSCIMO PARA POÇO DE VISITA RETANGULAR PARA ESGOTO, EM ALVENARIA COM BLOCOS DE CONCRETO, DIMENSÕES INTERNAS = 2,5X4 M. AF_12/2020","M","3.302,37","98037","ACRÉSCIMO PARA POÇO DE VISITA RETANGULAR PARA ESGOTO, EM ALVENARIA COM BLOCOS DE CONCRETO, DIMENSÕES INTERNAS = 2,5X4 M. AF_12/2020","M","3.302,37","98037","ACRÉSCIMO PARA POÇO DE VISITA RETANGULAR PARA ESGOTO, EM ALVENARIA COM BLOCOS DE CONCRETO, DIMENSÕES INTERNAS = 2,5X4 M. AF_12/2020","M","3.302,37","98037","ACRÉSCIMO PARA POÇO DE VISITA RETANGULAR PARA ESGOTO, EM ALVENARIA COM BLOCOS DE CONCRETO, DIMENSÕES INTERNAS = 2,5X4 M. AF_12/2020","M","3.302,37","98037","ACRÉSCIMO PARA POÇO DE VISITA RETANGULAR PARA ESGOTO, EM ALVENARIA COM BLOCOS DE CONCRETO, DIMENSÕES INTERNAS = 2,5X4 M. AF_12/2020","M","3.302,37","98037","ACRÉSCIMO PARA POÇO DE VISITA RETANGULAR PARA ESGOTO, EM ALVENARIA COM BLOCOS DE CONCRETO, DIMENSÕES INTERNAS = 2,5X4 M. AF_12/2020","M","3.302,37","98037","ACRÉSCIMO PARA POÇO DE VISITA RETANGULAR PARA ESGOTO, EM ALVENARIA COM BLOCOS DE CONCRETO, DIMENSÕES INTERNAS = 2,5X4 M. AF_12/2020","M","3.302,37","98037","ACRÉSCIMO PARA POÇO DE VISITA RETANGULAR PARA ESGOTO, EM ALVENARIA COM BLOCOS DE CONCRETO, DIMENSÕES INTERNAS = 2,5X4 M. AF_12/2020","M","3.302,37","98037","ACRÉSCIMO PARA POÇO DE VISITA RETANGULAR PARA ESGOTO, EM ALVENARIA COM BLOCOS DE CONCRETO, DIMENSÕES INTERNAS = 2,5X4 M. AF_12/2020","M","3.302,37","98037","ACRÉSCIMO PARA POÇO DE VISITA RETANGULAR PARA ESGOTO, EM ALVENARIA COM BLOCOS DE CONCRETO, DIMENSÕES INTERNAS = 2,5X4 M. AF_12/2020","M","3.302,37","98037","ACRÉSCIMO PARA POÇO DE VISITA RETANGULAR PARA ESGOTO, EM ALVENARIA COM BLOCOS DE CONCRETO, DIMENSÕES INTERNAS = 2,5X4 M. AF_12/2020","M","3.302,37","98037","ACRÉSCIMO PARA POÇO DE VISITA RETANGULAR PARA ESGOTO, EM ALVENARIA COM BLOCOS DE CONCRETO, DIMENSÕES INTERNAS = 2,5X4 M. AF_12/2020","M","3.302,37","98037","ACRÉSCIMO PARA POÇO DE VISITA RETANGULAR PARA ESGOTO, EM ALVENARIA COM BLOCOS DE CONCRETO, DIMENSÕES INTERNAS = 2,5X4 M. AF_12/2020","M","3.302,37","98037","ACRÉSCIMO PARA POÇO DE VISITA RETANGULAR PARA ESGOTO, EM ALVENARIA COM BLOCOS DE CONCRETO, DIMENSÕES INTERNAS = 2,5X4 M. AF_12/2020","M","3.302,37","98037","ACRÉSCIMO PARA POÇO DE VISITA RETANGULAR PARA ESGOTO, EM ALVENARIA COM BLOCOS DE CONCRETO, DIMENSÕES INTERNAS = 2,5X4 M. AF_12/2020","M","3.302,37","98037","ACRÉSCIMO PARA POÇO DE VISITA RETANGULAR PARA ESGOTO, EM ALVENARIA COM BLOCOS DE CONCRETO, DIMENSÕES INTERNAS = 2,5X4 M. AF_12/2020","M","3.302,37","98037","ACRÉSCIMO PARA POÇO DE VISITA RETANGULAR PARA ESGOTO, EM ALVENARIA COM BLOCOS DE CONCRETO, DIMENSÕES INTERNAS = 2,5X4 M. AF_12/2020","M","3.302,37","98037","ACRÉSCIMO PARA POÇO DE VISITA RETANGULAR PARA ESGOTO, EM ALVENARIA COM BLOCOS DE CONCRETO, DIMENSÕES INTERNAS = 2,5X4 M. AF_12/2020","M","3.302,37","98037","ACRÉSCIMO PARA POÇO DE VISITA RETANGULAR PARA ESGOTO, EM ALVENARIA COM BLOCOS DE CONCRETO, DIMENSÕES INTERNAS = 2,5X4 M. AF_12/2020","M","3.302,37","98037","ACRÉSCIMO PARA POÇO DE VISITA RETANGULAR PARA ESGOTO, EM ALVENARIA COM BLOCOS DE CONCRETO, DIMENSÕES INTERNAS = 2,5X4 M. AF_12/2020","M","3.302,37","98037","ACRÉSCIMO PARA POÇO DE VISITA RETANGULAR PARA ESGOTO, EM ALVENARIA COM BLOCOS DE CONCRETO, DIMENSÕES INTERNAS = 2,5X4 M. AF_12/2020","M","3.302,37","98037","ACRÉSCIMO PARA POÇO DE VISITA RETANGULAR PARA ESGOTO, EM ALVENARIA COM BLOCOS DE CONCRETO, DIMENSÕES INTERNAS = 2,5X4 M. AF_12/2020","M","3.302,37","98037","ACRÉSCIMO PARA POÇO DE VISITA RETANGULAR PARA ESGOTO, EM ALVENARIA COM BLOCOS DE CONCRETO, DIMENSÕES INTERNAS = 2,5X4 M. AF_12/2020","M","3.302,37","98037","ACRÉSCIMO PARA POÇO DE VISITA RETANGULAR PARA ESGOTO, EM ALVENARIA COM BLOCOS DE CONCRETO, DIMENSÕES INTERNAS = 2,5X4 M. AF_12/2020","M","3.302,37","98037","ACRÉSCIMO PARA POÇO DE VISITA RETANGULAR PARA ESGOTO, EM ALVENARIA COM BLOCOS DE CONCRETO, DIMENSÕES INTERNAS = 2,5X4 M. AF_12/2020","M","3.302,37","98037","ACRÉSCIMO PARA POÇO DE VISITA RETANGULAR PARA ESGOTO, EM ALVENARIA COM BLOCOS DE CONCRETO, DIMENSÕES INTERNAS = 2,5X4 M. AF_12/2020","M","3.302,37","98037","ACRÉSCIMO PARA POÇO DE VISITA RETANGULAR PARA ESGOTO, EM ALVENARIA COM BLOCOS DE CONCRETO, DIMENSÕES INTERNAS = 2,5X4 M. AF_12/2020","M","3.302,37","98037","ACRÉSCIMO PARA POÇO DE VISITA RETANGULAR PARA ESGOTO, EM ALVENARIA COM BLOCOS DE CONCRETO, DIMENSÕES INTERNAS = 2,5X4 M. AF_12/2020","M","3.302,37","98037","ACRÉSCIMO PARA POÇO DE VISITA RETANGULAR PARA ESGOTO, EM ALVENARIA COM BLOCOS DE CONCRETO, DIMENSÕES INTERNAS = 2,5X4 M. AF_12/2020","M","3.302,37","98037","ACRÉSCIMO PARA POÇO DE VISITA RETANGULAR PARA ESGOTO, EM ALVENARIA COM BLOCOS DE CONCRETO, DIMENSÕES INTERNAS = 2,5X4 M. AF_12/2020","M","3.302,37","98037","ACRÉSCIMO PARA POÇO DE VISITA RETANGULAR PARA ESGOTO, EM ALVENARIA COM BLOCOS DE CONCRETO, DIMENSÕES INTERNAS = 2,5X4 M. AF_12/2020","M","3.302,37","98037","ACRÉSCIMO PARA POÇO DE VISITA RETANGULAR PARA ESGOTO, EM ALVENARIA COM BLOCOS DE CONCRETO, DIMENSÕES INTERNAS = 2,5X4 M. AF_12/2020","M","3.302,37","98037","ACRÉSCIMO PARA POÇO DE VISITA RETANGULAR PARA ESGOTO, EM ALVENARIA COM BLOCOS DE CONCRETO, DIMENSÕES INTERNAS = 2,5X4 M. AF_12/2020","M","3.302,37","98037","ACRÉSCIMO PARA POÇO DE VISITA RETANGULAR PARA ESGOTO, EM ALVENARIA COM BLOCOS DE CONCRETO, DIMENSÕES INTERNAS = 2,5X4 M. AF_12/2020","M","3.302,37","98037","ACRÉSCIMO PARA POÇO DE VISITA RETANGULAR PARA ESGOTO, EM ALVENARIA COM BLOCOS DE CONCRETO, DIMENSÕES INTERNAS = 2,5X4 M. AF_12/2020","M","3.302,37","98037","ACRÉSCIMO PARA POÇO DE VISITA RETANGULAR PARA ESGOTO, EM ALVENARIA COM BLOCOS DE CONCRETO, DIMENSÕES INTERNAS = 2,5X4 M. AF_12/2020","M","3.302,37","98037","ACRÉSCIMO PARA POÇO DE VISITA RETANGULAR PARA ESGOTO, EM ALVENARIA COM BLOCOS DE CONCRETO, DIMENSÕES INTERNAS = 2,5X4 M. AF_12/2020","M","3.302,37","98037","ACRÉSCIMO PARA POÇO DE VISITA RETANGULAR PARA ESGOTO, EM ALVENARIA COM BLOCOS DE CONCRETO, DIMENSÕES INTERNAS = 2,5X4 M. AF_12/2020","M","3.302,37","98037","ACRÉSCIMO PARA POÇO DE VISITA RETANGULAR PARA ESGOTO, EM ALVENARIA COM BLOCOS DE CONCRETO, DIMENSÕES INTERNAS = 2,5X4 M. AF_12/2020","M","3.302,37","98037","ACRÉSCIMO PARA POÇO DE VISITA RETANGULAR PARA ESGOTO, EM ALVENARIA COM BLOCOS DE CONCRETO, DIMENSÕES INTERNAS = 2,5X4 M. AF_12/2020","M","3.302,37","98037","ACRÉSCIMO PARA POÇO DE VISITA RETANGULAR PARA ESGOTO, EM ALVENARIA COM BLOCOS DE CONCRETO, DIMENSÕES INTERNAS = 2,5X4 M. AF_12/2020","M","3.302,37","98037","ACRÉSCIMO PARA POÇO DE VISITA RETANGULAR PARA ESGOTO, EM ALVENARIA COM BLOCOS DE CONCRETO, DIMENSÕES INTERNAS = 2,5X4 M. AF_12/2020","M","3.302,37","98037","ACRÉSCIMO PARA POÇO DE VISITA RETANGULAR PARA ESGOTO, EM ALVENARIA COM BLOCOS DE CONCRETO, DIMENSÕES INTERNAS = 2,5X4 M. AF_12/2020","M","3.302,37","98037","ACRÉSCIMO PARA POÇO DE VISITA RETANGULAR PARA ESGOTO, EM ALVENARIA COM BLOCOS DE CONCRETO, DIMENSÕES INTERNAS = 2,5X4 M. AF_12/2020","M","3.302,37","98037","ACRÉSCIMO PARA POÇO DE VISITA RETANGULAR PARA ESGOTO, EM ALVENARIA COM BLOCOS DE CONCRETO, DIMENSÕES INTERNAS = 2,5X4 M. AF_12/2020","M","3.302,37","98037","ACRÉSCIMO PARA POÇO DE VISITA RETANGULAR PARA ESGOTO, EM ALVENARIA COM BLOCOS DE CONCRETO, DIMENSÕES INTERNAS = 2,5X4 M. AF_12/2020","M","3.302,37","98037","ACRÉSCIMO PARA POÇO DE VISITA RETANGULAR PARA ESGOTO, EM ALVENARIA COM BLOCOS DE CONCRETO, DIMENSÕES INTERNAS = 2,5X4 M. AF_12/2020","M","3.302,37","98037","ACRÉSCIMO PARA POÇO DE VISITA RETANGULAR PARA ESGOTO, EM ALVENARIA COM BLOCOS DE CONCRETO, DIMENSÕES INTERNAS = 2,5X4 M. AF_12/2020","M","3.302,37","98037","ACRÉSCIMO PARA POÇO DE VISITA RETANGULAR PARA ESGOTO, EM ALVENARIA COM BLOCOS DE CONCRETO, DIMENSÕES INTERNAS = 2,5X4 M. AF_12/2020","M","3.302,37","98037","ACRÉSCIMO PARA POÇO DE VISITA RETANGULAR PARA ESGOTO, EM ALVENARIA COM BLOCOS DE CONCRETO, DIMENSÕES INTERNAS = 2,5X4 M. AF_12/2020","M","3.302,37","98037","ACRÉSCIMO PARA POÇO DE VISITA RETANGULAR PARA ESGOTO, EM ALVENARIA COM BLOCOS DE CONCRETO, DIMENSÕES INTERNAS = 2,5X4 M. AF_12/2020","M","3.302,37","98037","ACRÉSCIMO PARA POÇO DE VISITA RETANGULAR PARA ESGOTO, EM ALVENARIA COM BLOCOS DE CONCRETO, DIMENSÕES INTERNAS = 2,5X4 M. AF_12/2020","M","3.302,37","98037","ACRÉSCIMO PARA POÇO DE VISITA RETANGULAR PARA ESGOTO, EM ALVENARIA COM BLOCOS DE CONCRETO, DIMENSÕES INTERNAS = 2,5X4 M. AF_12/2020","M","3.302,37","98037","ACRÉSCIMO PARA POÇO DE VISITA RETANGULAR PARA ESGOTO, EM ALVENARIA COM BLOCOS DE CONCRETO, DIMENSÕES INTERNAS = 2,5X4 M. AF_12/2020","M","3.302,37","98037","ACRÉSCIMO PARA POÇO DE VISITA RETANGULAR PARA ESGOTO, EM ALVENARIA COM BLOCOS DE CONCRETO, DIMENSÕES INTERNAS = 2,5X4 M. AF_12/2020","M","3.302,37","98037","ACRÉSCIMO PARA POÇO DE VISITA RETANGULAR PARA ESGOTO, EM ALVENARIA COM BLOCOS DE CONCRETO, DIMENSÕES INTERNAS = 2,5X4 M. AF_12/2020","M","3.302,37","98037","ACRÉSCIMO PARA POÇO DE VISITA RETANGULAR PARA ESGOTO, EM ALVENARIA COM BLOCOS DE CONCRETO, DIMENSÕES INTERNAS = 2,5X4 M. AF_12/2020","M","3.302,37","98037","ACRÉSCIMO PARA POÇO DE VISITA RETANGULAR PARA ESGOTO, EM ALVENARIA COM BLOCOS DE CONCRETO, DIMENSÕES INTERNAS = 2,5X4 M. AF_12/2020","M","3.302,37","98037","ACRÉSCIMO PARA POÇO DE VISITA RETANGULAR PARA ESGOTO, EM ALVENARIA COM BLOCOS DE CONCRETO, DIMENSÕES INTERNAS = 2,5X4 M. AF_12/2020","M","3.302,37","98037","ACRÉSCIMO PARA POÇO DE VISITA RETANGULAR PARA ESGOTO, EM ALVENARIA COM BLOCOS DE CONCRETO, DIMENSÕES INTERNAS = 2,5X4 M. AF_12/2020","M","3.302,37","98037","ACRÉSCIMO PARA POÇO DE VISITA RETANGULAR PARA ESGOTO, EM ALVENARIA COM BLOCOS DE CONCRETO, DIMENSÕES INTERNAS = 2,5X4 M. AF_12/2020","M","3.302,37","98037","ACRÉSCIMO PARA POÇO DE VISITA RETANGULAR PARA ESGOTO, EM ALVENARIA COM BLOCOS DE CONCRETO, DIMENSÕES INTERNAS = 2,5X4 M. AF_12/2020","M","3.302,37","98037","ACRÉSCIMO PARA POÇO DE VISITA RETANGULAR PARA ESGOTO, EM ALVENARIA COM BLOCOS DE CONCRETO, DIMENSÕES INTERNAS = 2,5X4 M. AF_12/2020","M","3.302,37"]
[99298,"BASE PARA POÇO DE VISITA RETANGULAR PARA DRENAGEM, EM ALVENARIA COM BLOCOS DE CONCRETO, DIMENSÕES INTERNAS = 2,5X3,5 M, PROFUNDIDADE = 1,40 M, EXCLUINDO TAMPÃO. AF_12/2020_PA","UN",9969.15,"99298","BASE PARA POÇO DE VISITA RETANGULAR PARA DRENAGEM, EM ALVENARIA COM BLOCOS DE CONCRETO, DIMENSÕES INTERNAS = 2,5X3,5 M, PROFUNDIDADE = 1,40 M, EXCLUINDO TAMPÃO. AF_12/2020_PA","UN","9.969,15","99298","BASE PARA POÇO DE VISITA RETANGULAR PARA DRENAGEM, EM ALVENARIA COM BLOCOS DE CONCRETO, DIMENSÕES INTERNAS = 2,5X3,5 M, PROFUNDIDADE = 1,40 M, EXCLUINDO TAMPÃO. AF_12/2020_PA","UN","9.969,15","99298","BASE PARA POÇO DE VISITA RETANGULAR PARA DRENAGEM, EM ALVENARIA COM BLOCOS DE CONCRETO, DIMENSÕES INTERNAS = 2,5X3,5 M, PROFUNDIDADE = 1,40 M, EXCLUINDO TAMPÃO. AF_12/2020_PA","UN","9.969,15","99298","BASE PARA POÇO DE VISITA RETANGULAR PARA DRENAGEM, EM ALVENARIA COM BLOCOS DE CONCRETO, DIMENSÕES INTERNAS = 2,5X3,5 M, PROFUNDIDADE = 1,40 M, EXCLUINDO TAMPÃO. AF_12/2020_PA","UN","9.969,15","99298","BASE PARA POÇO DE VISITA RETANGULAR PARA DRENAGEM, EM ALVENARIA COM BLOCOS DE CONCRETO, DIMENSÕES INTERNAS = 2,5X3,5 M, PROFUNDIDADE = 1,40 M, EXCLUINDO TAMPÃO. AF_12/2020_PA","UN","9.969,15","99298","BASE PARA POÇO DE VISITA RETANGULAR PARA DRENAGEM, EM ALVENARIA COM BLOCOS DE CONCRETO, DIMENSÕES INTERNAS = 2,5X3,5 M, PROFUNDIDADE = 1,40 M, EXCLUINDO TAMPÃO. AF_12/2020_PA","UN","9.969,15","99298","BASE PARA POÇO DE VISITA RETANGULAR PARA DRENAGEM, EM ALVENARIA COM BLOCOS DE CONCRETO, DIMENSÕES INTERNAS = 2,5X3,5 M, PROFUNDIDADE = 1,40 M, EXCLUINDO TAMPÃO. AF_12/2020_PA","UN","9.969,15","99298","BASE PARA POÇO DE VISITA RETANGULAR PARA DRENAGEM, EM ALVENARIA COM BLOCOS DE CONCRETO, DIMENSÕES INTERNAS = 2,5X3,5 M, PROFUNDIDADE = 1,40 M, EXCLUINDO TAMPÃO. AF_12/2020_PA","UN","9.969,15","99298","BASE PARA POÇO DE VISITA RETANGULAR PARA DRENAGEM, EM ALVENARIA COM BLOCOS DE CONCRETO, DIMENSÕES INTERNAS = 2,5X3,5 M, PROFUNDIDADE = 1,40 M, EXCLUINDO TAMPÃO. AF_12/2020_PA","UN","9.969,15","99298","BASE PARA POÇO DE VISITA RETANGULAR PARA DRENAGEM, EM ALVENARIA COM BLOCOS DE CONCRETO, DIMENSÕES INTERNAS = 2,5X3,5 M, PROFUNDIDADE = 1,40 M, EXCLUINDO TAMPÃO. AF_12/2020_PA","UN","9.969,15","99298","BASE PARA POÇO DE VISITA RETANGULAR PARA DRENAGEM, EM ALVENARIA COM BLOCOS DE CONCRETO, DIMENSÕES INTERNAS = 2,5X3,5 M, PROFUNDIDADE = 1,40 M, EXCLUINDO TAMPÃO. AF_12/2020_PA","UN","9.969,15","99298","BASE PARA POÇO DE VISITA RETANGULAR PARA DRENAGEM, EM ALVENARIA COM BLOCOS DE CONCRETO, DIMENSÕES INTERNAS = 2,5X3,5 M, PROFUNDIDADE = 1,40 M, EXCLUINDO TAMPÃO. AF_12/2020_PA","UN","9.969,15","99298","BASE PARA POÇO DE VISITA RETANGULAR PARA DRENAGEM, EM ALVENARIA COM BLOCOS DE CONCRETO, DIMENSÕES INTERNAS = 2,5X3,5 M, PROFUNDIDADE = 1,40 M, EXCLUINDO TAMPÃO. AF_12/2020_PA","UN","9.969,15","99298","BASE PARA POÇO DE VISITA RETANGULAR PARA DRENAGEM, EM ALVENARIA COM BLOCOS DE CONCRETO, DIMENSÕES INTERNAS = 2,5X3,5 M, PROFUNDIDADE = 1,40 M, EXCLUINDO TAMPÃO. AF_12/2020_PA","UN","9.969,15","99298","BASE PARA POÇO DE VISITA RETANGULAR PARA DRENAGEM, EM ALVENARIA COM BLOCOS DE CONCRETO, DIMENSÕES INTERNAS = 2,5X3,5 M, PROFUNDIDADE = 1,40 M, EXCLUINDO TAMPÃO. AF_12/2020_PA","UN","9.969,15","99298","BASE PARA POÇO DE VISITA RETANGULAR PARA DRENAGEM, EM ALVENARIA COM BLOCOS DE CONCRETO, DIMENSÕES INTERNAS = 2,5X3,5 M, PROFUNDIDADE = 1,40 M, EXCLUINDO TAMPÃO. AF_12/2020_PA","UN","9.969,15","99298","BASE PARA POÇO DE VISITA RETANGULAR PARA DRENAGEM, EM ALVENARIA COM BLOCOS DE CONCRETO, DIMENSÕES INTERNAS = 2,5X3,5 M, PROFUNDIDADE = 1,40 M, EXCLUINDO TAMPÃO. AF_12/2020_PA","UN","9.969,15","99298","BASE PARA POÇO DE VISITA RETANGULAR PARA DRENAGEM, EM ALVENARIA COM BLOCOS DE CONCRETO, DIMENSÕES INTERNAS = 2,5X3,5 M, PROFUNDIDADE = 1,40 M, EXCLUINDO TAMPÃO. AF_12/2020_PA","UN","9.969,15","99298","BASE PARA POÇO DE VISITA RETANGULAR PARA DRENAGEM, EM ALVENARIA COM BLOCOS DE CONCRETO, DIMENSÕES INTERNAS = 2,5X3,5 M, PROFUNDIDADE = 1,40 M, EXCLUINDO TAMPÃO. AF_12/2020_PA","UN","9.969,15","99298","BASE PARA POÇO DE VISITA RETANGULAR PARA DRENAGEM, EM ALVENARIA COM BLOCOS DE CONCRETO, DIMENSÕES INTERNAS = 2,5X3,5 M, PROFUNDIDADE = 1,40 M, EXCLUINDO TAMPÃO. AF_12/2020_PA","UN","9.969,15","99298","BASE PARA POÇO DE VISITA RETANGULAR PARA DRENAGEM, EM ALVENARIA COM BLOCOS DE CONCRETO, DIMENSÕES INTERNAS = 2,5X3,5 M, PROFUNDIDADE = 1,40 M, EXCLUINDO TAMPÃO. AF_12/2020_PA","UN","9.969,15","99298","BASE PARA POÇO DE VISITA RETANGULAR PARA DRENAGEM, EM ALVENARIA COM BLOCOS DE CONCRETO, DIMENSÕES INTERNAS = 2,5X3,5 M, PROFUNDIDADE = 1,40 M, EXCLUINDO TAMPÃO. AF_12/2020_PA","UN","9.969,15","99298","BASE PARA POÇO DE VISITA RETANGULAR PARA DRENAGEM, EM ALVENARIA COM BLOCOS DE CONCRETO, DIMENSÕES INTERNAS = 2,5X3,5 M, PROFUNDIDADE = 1,40 M, EXCLUINDO TAMPÃO. AF_12/2020_PA","UN","9.969,15","99298","BASE PARA POÇO DE VISITA RETANGULAR PARA DRENAGEM, EM ALVENARIA COM BLOCOS DE CONCRETO, DIMENSÕES INTERNAS = 2,5X3,5 M, PROFUNDIDADE = 1,40 M, EXCLUINDO TAMPÃO. AF_12/2020_PA","UN","9.969,15","99298","BASE PARA POÇO DE VISITA RETANGULAR PARA DRENAGEM, EM ALVENARIA COM BLOCOS DE CONCRETO, DIMENSÕES INTERNAS = 2,5X3,5 M, PROFUNDIDADE = 1,40 M, EXCLUINDO TAMPÃO. AF_12/2020_PA","UN","9.969,15","99298","BASE PARA POÇO DE VISITA RETANGULAR PARA DRENAGEM, EM ALVENARIA COM BLOCOS DE CONCRETO, DIMENSÕES INTERNAS = 2,5X3,5 M, PROFUNDIDADE = 1,40 M, EXCLUINDO TAMPÃO. AF_12/2020_PA","UN","9.969,15","99298","BASE PARA POÇO DE VISITA RETANGULAR PARA DRENAGEM, EM ALVENARIA COM BLOCOS DE CONCRETO, DIMENSÕES INTERNAS = 2,5X3,5 M, PROFUNDIDADE = 1,40 M, EXCLUINDO TAMPÃO. AF_12/2020_PA","UN","9.969,15","99298","BASE PARA POÇO DE VISITA RETANGULAR PARA DRENAGEM, EM ALVENARIA COM BLOCOS DE CONCRETO, DIMENSÕES INTERNAS = 2,5X3,5 M, PROFUNDIDADE = 1,40 M, EXCLUINDO TAMPÃO. AF_12/2020_PA","UN","9.969,15","99298","BASE PARA POÇO DE VISITA RETANGULAR PARA DRENAGEM, EM ALVENARIA COM BLOCOS DE CONCRETO, DIMENSÕES INTERNAS = 2,5X3,5 M, PROFUNDIDADE = 1,40 M, EXCLUINDO TAMPÃO. AF_12/2020_PA","UN","9.969,15","99298","BASE PARA POÇO DE VISITA RETANGULAR PARA DRENAGEM, EM ALVENARIA COM BLOCOS DE CONCRETO, DIMENSÕES INTERNAS = 2,5X3,5 M, PROFUNDIDADE = 1,40 M, EXCLUINDO TAMPÃO. AF_12/2020_PA","UN","9.969,15","99298","BASE PARA POÇO DE VISITA RETANGULAR PARA DRENAGEM, EM ALVENARIA COM BLOCOS DE CONCRETO, DIMENSÕES INTERNAS = 2,5X3,5 M, PROFUNDIDADE = 1,40 M, EXCLUINDO TAMPÃO. AF_12/2020_PA","UN","9.969,15","99298","BASE PARA POÇO DE VISITA RETANGULAR PARA DRENAGEM, EM ALVENARIA COM BLOCOS DE CONCRETO, DIMENSÕES INTERNAS = 2,5X3,5 M, PROFUNDIDADE = 1,40 M, EXCLUINDO TAMPÃO. AF_12/2020_PA","UN","9.969,15","99298","BASE PARA POÇO DE VISITA RETANGULAR PARA DRENAGEM, EM ALVENARIA COM BLOCOS DE CONCRETO, DIMENSÕES INTERNAS = 2,5X3,5 M, PROFUNDIDADE = 1,40 M, EXCLUINDO TAMPÃO. AF_12/2020_PA","UN","9.969,15","99298","BASE PARA POÇO DE VISITA RETANGULAR PARA DRENAGEM, EM ALVENARIA COM BLOCOS DE CONCRETO, DIMENSÕES INTERNAS = 2,5X3,5 M, PROFUNDIDADE = 1,40 M, EXCLUINDO TAMPÃO. AF_12/2020_PA","UN","9.969,15","99298","BASE PARA POÇO DE VISITA RETANGULAR PARA DRENAGEM, EM ALVENARIA COM BLOCOS DE CONCRETO, DIMENSÕES INTERNAS = 2,5X3,5 M, PROFUNDIDADE = 1,40 M, EXCLUINDO TAMPÃO. AF_12/2020_PA","UN","9.969,15","99298","BASE PARA POÇO DE VISITA RETANGULAR PARA DRENAGEM, EM ALVENARIA COM BLOCOS DE CONCRETO, DIMENSÕES INTERNAS = 2,5X3,5 M, PROFUNDIDADE = 1,40 M, EXCLUINDO TAMPÃO. AF_12/2020_PA","UN","9.969,15","99298","BASE PARA POÇO DE VISITA RETANGULAR PARA DRENAGEM, EM ALVENARIA COM BLOCOS DE CONCRETO, DIMENSÕES INTERNAS = 2,5X3,5 M, PROFUNDIDADE = 1,40 M, EXCLUINDO TAMPÃO. AF_12/2020_PA","UN","9.969,15","99298","BASE PARA POÇO DE VISITA RETANGULAR PARA DRENAGEM, EM ALVENARIA COM BLOCOS DE CONCRETO, DIMENSÕES INTERNAS = 2,5X3,5 M, PROFUNDIDADE = 1,40 M, EXCLUINDO TAMPÃO. AF_12/2020_PA","UN","9.969,15","99298","BASE PARA POÇO DE VISITA RETANGULAR PARA DRENAGEM, EM ALVENARIA COM BLOCOS DE CONCRETO, DIMENSÕES INTERNAS = 2,5X3,5 M, PROFUNDIDADE = 1,40 M, EXCLUINDO TAMPÃO. AF_12/2020_PA","UN","9.969,15","99298","BASE PARA POÇO DE VISITA RETANGULAR PARA DRENAGEM, EM ALVENARIA COM BLOCOS DE CONCRETO, DIMENSÕES INTERNAS = 2,5X3,5 M, PROFUNDIDADE = 1,40 M, EXCLUINDO TAMPÃO. AF_12/2020_PA","UN","9.969,15","99298","BASE PARA POÇO DE VISITA RETANGULAR PARA DRENAGEM, EM ALVENARIA COM BLOCOS DE CONCRETO, DIMENSÕES INTERNAS = 2,5X3,5 M, PROFUNDIDADE = 1,40 M, EXCLUINDO TAMPÃO. AF_12/2020_PA","UN","9.969,15","99298","BASE PARA POÇO DE VISITA RETANGULAR PARA DRENAGEM, EM ALVENARIA COM BLOCOS DE CONCRETO, DIMENSÕES INTERNAS = 2,5X3,5 M, PROFUNDIDADE = 1,40 M, EXCLUINDO TAMPÃO. AF_12/2020_PA","UN","9.969,15","99298","BASE PARA POÇO DE VISITA RETANGULAR PARA DRENAGEM, EM ALVENARIA COM BLOCOS DE CONCRETO, DIMENSÕES INTERNAS = 2,5X3,5 M, PROFUNDIDADE = 1,40 M, EXCLUINDO TAMPÃO. AF_12/2020_PA","UN","9.969,15","99298","BASE PARA POÇO DE VISITA RETANGULAR PARA DRENAGEM, EM ALVENARIA COM BLOCOS DE CONCRETO, DIMENSÕES INTERNAS = 2,5X3,5 M, PROFUNDIDADE = 1,40 M, EXCLUINDO TAMPÃO. AF_12/2020_PA","UN","9.969,15","99298","BASE PARA POÇO DE VISITA RETANGULAR PARA DRENAGEM, EM ALVENARIA COM BLOCOS DE CONCRETO, DIMENSÕES INTERNAS = 2,5X3,5 M, PROFUNDIDADE = 1,40 M, EXCLUINDO TAMPÃO. AF_12/2020_PA","UN","9.969,15","99298","BASE PARA POÇO DE VISITA RETANGULAR PARA DRENAGEM, EM ALVENARIA COM BLOCOS DE CONCRETO, DIMENSÕES INTERNAS = 2,5X3,5 M, PROFUNDIDADE = 1,40 M, EXCLUINDO TAMPÃO. AF_12/2020_PA","UN","9.969,15","99298","BASE PARA POÇO DE VISITA RETANGULAR PARA DRENAGEM, EM ALVENARIA COM BLOCOS DE CONCRETO, DIMENSÕES INTERNAS = 2,5X3,5 M, PROFUNDIDADE = 1,40 M, EXCLUINDO TAMPÃO. AF_12/2020_PA","UN","9.969,15","99298","BASE PARA POÇO DE VISITA RETANGULAR PARA DRENAGEM, EM ALVENARIA COM BLOCOS DE CONCRETO, DIMENSÕES INTERNAS = 2,5X3,5 M, PROFUNDIDADE = 1,40 M, EXCLUINDO TAMPÃO. AF_12/2020_PA","UN","9.969,15","99298","BASE PARA POÇO DE VISITA RETANGULAR PARA DRENAGEM, EM ALVENARIA COM BLOCOS DE CONCRETO, DIMENSÕES INTERNAS = 2,5X3,5 M, PROFUNDIDADE = 1,40 M, EXCLUINDO TAMPÃO. AF_12/2020_PA","UN","9.969,15","99298","BASE PARA POÇO DE VISITA RETANGULAR PARA DRENAGEM, EM ALVENARIA COM BLOCOS DE CONCRETO, DIMENSÕES INTERNAS = 2,5X3,5 M, PROFUNDIDADE = 1,40 M, EXCLUINDO TAMPÃO. AF_12/2020_PA","UN","9.969,15","99298","BASE PARA POÇO DE VISITA RETANGULAR PARA DRENAGEM, EM ALVENARIA COM BLOCOS DE CONCRETO, DIMENSÕES INTERNAS = 2,5X3,5 M, PROFUNDIDADE = 1,40 M, EXCLUINDO TAMPÃO. AF_12/2020_PA","UN","9.969,15","99298","BASE PARA POÇO DE VISITA RETANGULAR PARA DRENAGEM, EM ALVENARIA COM BLOCOS DE CONCRETO, DIMENSÕES INTERNAS = 2,5X3,5 M, PROFUNDIDADE = 1,40 M, EXCLUINDO TAMPÃO. AF_12/2020_PA","UN","9.969,15","99298","BASE PARA POÇO DE VISITA RETANGULAR PARA DRENAGEM, EM ALVENARIA COM BLOCOS DE CONCRETO, DIMENSÕES INTERNAS = 2,5X3,5 M, PROFUNDIDADE = 1,40 M, EXCLUINDO TAMPÃO. AF_12/2020_PA","UN","9.969,15","99298","BASE PARA POÇO DE VISITA RETANGULAR PARA DRENAGEM, EM ALVENARIA COM BLOCOS DE CONCRETO, DIMENSÕES INTERNAS = 2,5X3,5 M, PROFUNDIDADE = 1,40 M, EXCLUINDO TAMPÃO. AF_12/2020_PA","UN","9.969,15","99298","BASE PARA POÇO DE VISITA RETANGULAR PARA DRENAGEM, EM ALVENARIA COM BLOCOS DE CONCRETO, DIMENSÕES INTERNAS = 2,5X3,5 M, PROFUNDIDADE = 1,40 M, EXCLUINDO TAMPÃO. AF_12/2020_PA","UN","9.969,15","99298","BASE PARA POÇO DE VISITA RETANGULAR PARA DRENAGEM, EM ALVENARIA COM BLOCOS DE CONCRETO, DIMENSÕES INTERNAS = 2,5X3,5 M, PROFUNDIDADE = 1,40 M, EXCLUINDO TAMPÃO. AF_12/2020_PA","UN","9.969,15","99298","BASE PARA POÇO DE VISITA RETANGULAR PARA DRENAGEM, EM ALVENARIA COM BLOCOS DE CONCRETO, DIMENSÕES INTERNAS = 2,5X3,5 M, PROFUNDIDADE = 1,40 M, EXCLUINDO TAMPÃO. AF_12/2020_PA","UN","9.969,15","99298","BASE PARA POÇO DE VISITA RETANGULAR PARA DRENAGEM, EM ALVENARIA COM BLOCOS DE CONCRETO, DIMENSÕES INTERNAS = 2,5X3,5 M, PROFUNDIDADE = 1,40 M, EXCLUINDO TAMPÃO. AF_12/2020_PA","UN","9.969,15","99298","BASE PARA POÇO DE VISITA RETANGULAR PARA DRENAGEM, EM ALVENARIA COM BLOCOS DE CONCRETO, DIMENSÕES INTERNAS = 2,5X3,5 M, PROFUNDIDADE = 1,40 M, EXCLUINDO TAMPÃO. AF_12/2020_PA","UN","9.969,15","99298","BASE PARA POÇO DE VISITA RETANGULAR PARA DRENAGEM, EM ALVENARIA COM BLOCOS DE CONCRETO, DIMENSÕES INTERNAS = 2,5X3,5 M, PROFUNDIDADE = 1,40 M, EXCLUINDO TAMPÃO. AF_12/2020_PA","UN","9.969,15","99298","BASE PARA POÇO DE VISITA RETANGULAR PARA DRENAGEM, EM ALVENARIA COM BLOCOS DE CONCRETO, DIMENSÕES INTERNAS = 2,5X3,5 M, PROFUNDIDADE = 1,40 M, EXCLUINDO TAMPÃO. AF_12/2020_PA","UN","9.969,15","99298","BASE PARA POÇO DE VISITA RETANGULAR PARA DRENAGEM, EM ALVENARIA COM BLOCOS DE CONCRETO, DIMENSÕES INTERNAS = 2,5X3,5 M, PROFUNDIDADE = 1,40 M, EXCLUINDO TAMPÃO. AF_12/2020_PA","UN","9.969,15","99298","BASE PARA POÇO DE VISITA RETANGULAR PARA DRENAGEM, EM ALVENARIA COM BLOCOS DE CONCRETO, DIMENSÕES INTERNAS = 2,5X3,5 M, PROFUNDIDADE = 1,40 M, EXCLUINDO TAMPÃO. AF_12/2020_PA","UN","9.969,15"]
[94271,"GUIA (MEIO-FIO) E SARJETA CONJUGADOS DE CONCRETO, MOLDADA  IN LOCO  EM TRECHO RETO COM EXTRUSORA, 65 CM BASE (15 CM BASE DA GUIA + 50 CM BASE DA SARJETA) X 30 CM ALTURA. AF_06/2016","M",98.9,"94271","GUIA (MEIO-FIO) E SARJETA CONJUGADOS DE CONCRETO, MOLDADA  IN LOCO  EM TRECHO RETO COM EXTRUSORA, 65 CM BASE (15 CM BASE DA GUIA + 50 CM BASE DA SARJETA) X 30 CM ALTURA. AF_06/2016","M","98,90","94271","GUIA (MEIO-FIO) E SARJETA CONJUGADOS DE CONCRETO, MOLDADA  IN LOCO  EM TRECHO RETO COM EXTRUSORA, 65 CM BASE (15 CM BASE DA GUIA + 50 CM BASE DA SARJETA) X 30 CM ALTURA. AF_06/2016","M","98,90","94271","GUIA (MEIO-FIO) E SARJETA CONJUGADOS DE CONCRETO, MOLDADA  IN LOCO  EM TRECHO RETO COM EXTRUSORA, 65 CM BASE (15 CM BASE DA GUIA + 50 CM BASE DA SARJETA) X 30 CM ALTURA. AF_06/2016","M","98,90","94271","GUIA (MEIO-FIO) E SARJETA CONJUGADOS DE CONCRETO, MOLDADA  IN LOCO  EM TRECHO RETO COM EXTRUSORA, 65 CM BASE (15 CM BASE DA GUIA + 50 CM BASE DA SARJETA) X 30 CM ALTURA. AF_06/2016","M","98,90","94271","GUIA (MEIO-FIO) E SARJETA CONJUGADOS DE CONCRETO, MOLDADA  IN LOCO  EM TRECHO RETO COM EXTRUSORA, 65 CM BASE (15 CM BASE DA GUIA + 50 CM BASE DA SARJETA) X 30 CM ALTURA. AF_06/2016","M","98,90","94271","GUIA (MEIO-FIO) E SARJETA CONJUGADOS DE CONCRETO, MOLDADA  IN LOCO  EM TRECHO RETO COM EXTRUSORA, 65 CM BASE (15 CM BASE DA GUIA + 50 CM BASE DA SARJETA) X 30 CM ALTURA. AF_06/2016","M","98,90","94271","GUIA (MEIO-FIO) E SARJETA CONJUGADOS DE CONCRETO, MOLDADA  IN LOCO  EM TRECHO RETO COM EXTRUSORA, 65 CM BASE (15 CM BASE DA GUIA + 50 CM BASE DA SARJETA) X 30 CM ALTURA. AF_06/2016","M","98,90","94271","GUIA (MEIO-FIO) E SARJETA CONJUGADOS DE CONCRETO, MOLDADA  IN LOCO  EM TRECHO RETO COM EXTRUSORA, 65 CM BASE (15 CM BASE DA GUIA + 50 CM BASE DA SARJETA) X 30 CM ALTURA. AF_06/2016","M","98,90","94271","GUIA (MEIO-FIO) E SARJETA CONJUGADOS DE CONCRETO, MOLDADA  IN LOCO  EM TRECHO RETO COM EXTRUSORA, 65 CM BASE (15 CM BASE DA GUIA + 50 CM BASE DA SARJETA) X 30 CM ALTURA. AF_06/2016","M","98,90","94271","GUIA (MEIO-FIO) E SARJETA CONJUGADOS DE CONCRETO, MOLDADA  IN LOCO  EM TRECHO RETO COM EXTRUSORA, 65 CM BASE (15 CM BASE DA GUIA + 50 CM BASE DA SARJETA) X 30 CM ALTURA. AF_06/2016","M","98,90","94271","GUIA (MEIO-FIO) E SARJETA CONJUGADOS DE CONCRETO, MOLDADA  IN LOCO  EM TRECHO RETO COM EXTRUSORA, 65 CM BASE (15 CM BASE DA GUIA + 50 CM BASE DA SARJETA) X 30 CM ALTURA. AF_06/2016","M","98,90","94271","GUIA (MEIO-FIO) E SARJETA CONJUGADOS DE CONCRETO, MOLDADA  IN LOCO  EM TRECHO RETO COM EXTRUSORA, 65 CM BASE (15 CM BASE DA GUIA + 50 CM BASE DA SARJETA) X 30 CM ALTURA. AF_06/2016","M","98,90","94271","GUIA (MEIO-FIO) E SARJETA CONJUGADOS DE CONCRETO, MOLDADA  IN LOCO  EM TRECHO RETO COM EXTRUSORA, 65 CM BASE (15 CM BASE DA GUIA + 50 CM BASE DA SARJETA) X 30 CM ALTURA. AF_06/2016","M","98,90","94271","GUIA (MEIO-FIO) E SARJETA CONJUGADOS DE CONCRETO, MOLDADA  IN LOCO  EM TRECHO RETO COM EXTRUSORA, 65 CM BASE (15 CM BASE DA GUIA + 50 CM BASE DA SARJETA) X 30 CM ALTURA. AF_06/2016","M","98,90","94271","GUIA (MEIO-FIO) E SARJETA CONJUGADOS DE CONCRETO, MOLDADA  IN LOCO  EM TRECHO RETO COM EXTRUSORA, 65 CM BASE (15 CM BASE DA GUIA + 50 CM BASE DA SARJETA) X 30 CM ALTURA. AF_06/2016","M","98,90","94271","GUIA (MEIO-FIO) E SARJETA CONJUGADOS DE CONCRETO, MOLDADA  IN LOCO  EM TRECHO RETO COM EXTRUSORA, 65 CM BASE (15 CM BASE DA GUIA + 50 CM BASE DA SARJETA) X 30 CM ALTURA. AF_06/2016","M","98,90","94271","GUIA (MEIO-FIO) E SARJETA CONJUGADOS DE CONCRETO, MOLDADA  IN LOCO  EM TRECHO RETO COM EXTRUSORA, 65 CM BASE (15 CM BASE DA GUIA + 50 CM BASE DA SARJETA) X 30 CM ALTURA. AF_06/2016","M","98,90","94271","GUIA (MEIO-FIO) E SARJETA CONJUGADOS DE CONCRETO, MOLDADA  IN LOCO  EM TRECHO RETO COM EXTRUSORA, 65 CM BASE (15 CM BASE DA GUIA + 50 CM BASE DA SARJETA) X 30 CM ALTURA. AF_06/2016","M","98,90","94271","GUIA (MEIO-FIO) E SARJETA CONJUGADOS DE CONCRETO, MOLDADA  IN LOCO  EM TRECHO RETO COM EXTRUSORA, 65 CM BASE (15 CM BASE DA GUIA + 50 CM BASE DA SARJETA) X 30 CM ALTURA. AF_06/2016","M","98,90","94271","GUIA (MEIO-FIO) E SARJETA CONJUGADOS DE CONCRETO, MOLDADA  IN LOCO  EM TRECHO RETO COM EXTRUSORA, 65 CM BASE (15 CM BASE DA GUIA + 50 CM BASE DA SARJETA) X 30 CM ALTURA. AF_06/2016","M","98,90","94271","GUIA (MEIO-FIO) E SARJETA CONJUGADOS DE CONCRETO, MOLDADA  IN LOCO  EM TRECHO RETO COM EXTRUSORA, 65 CM BASE (15 CM BASE DA GUIA + 50 CM BASE DA SARJETA) X 30 CM ALTURA. AF_06/2016","M","98,90","94271","GUIA (MEIO-FIO) E SARJETA CONJUGADOS DE CONCRETO, MOLDADA  IN LOCO  EM TRECHO RETO COM EXTRUSORA, 65 CM BASE (15 CM BASE DA GUIA + 50 CM BASE DA SARJETA) X 30 CM ALTURA. AF_06/2016","M","98,90","94271","GUIA (MEIO-FIO) E SARJETA CONJUGADOS DE CONCRETO, MOLDADA  IN LOCO  EM TRECHO RETO COM EXTRUSORA, 65 CM BASE (15 CM BASE DA GUIA + 50 CM BASE DA SARJETA) X 30 CM ALTURA. AF_06/2016","M","98,90","94271","GUIA (MEIO-FIO) E SARJETA CONJUGADOS DE CONCRETO, MOLDADA  IN LOCO  EM TRECHO RETO COM EXTRUSORA, 65 CM BASE (15 CM BASE DA GUIA + 50 CM BASE DA SARJETA) X 30 CM ALTURA. AF_06/2016","M","98,90","94271","GUIA (MEIO-FIO) E SARJETA CONJUGADOS DE CONCRETO, MOLDADA  IN LOCO  EM TRECHO RETO COM EXTRUSORA, 65 CM BASE (15 CM BASE DA GUIA + 50 CM BASE DA SARJETA) X 30 CM ALTURA. AF_06/2016","M","98,90","94271","GUIA (MEIO-FIO) E SARJETA CONJUGADOS DE CONCRETO, MOLDADA  IN LOCO  EM TRECHO RETO COM EXTRUSORA, 65 CM BASE (15 CM BASE DA GUIA + 50 CM BASE DA SARJETA) X 30 CM ALTURA. AF_06/2016","M","98,90","94271","GUIA (MEIO-FIO) E SARJETA CONJUGADOS DE CONCRETO, MOLDADA  IN LOCO  EM TRECHO RETO COM EXTRUSORA, 65 CM BASE (15 CM BASE DA GUIA + 50 CM BASE DA SARJETA) X 30 CM ALTURA. AF_06/2016","M","98,90","94271","GUIA (MEIO-FIO) E SARJETA CONJUGADOS DE CONCRETO, MOLDADA  IN LOCO  EM TRECHO RETO COM EXTRUSORA, 65 CM BASE (15 CM BASE DA GUIA + 50 CM BASE DA SARJETA) X 30 CM ALTURA. AF_06/2016","M","98,90","94271","GUIA (MEIO-FIO) E SARJETA CONJUGADOS DE CONCRETO, MOLDADA  IN LOCO  EM TRECHO RETO COM EXTRUSORA, 65 CM BASE (15 CM BASE DA GUIA + 50 CM BASE DA SARJETA) X 30 CM ALTURA. AF_06/2016","M","98,90","94271","GUIA (MEIO-FIO) E SARJETA CONJUGADOS DE CONCRETO, MOLDADA  IN LOCO  EM TRECHO RETO COM EXTRUSORA, 65 CM BASE (15 CM BASE DA GUIA + 50 CM BASE DA SARJETA) X 30 CM ALTURA. AF_06/2016","M","98,90","94271","GUIA (MEIO-FIO) E SARJETA CONJUGADOS DE CONCRETO, MOLDADA  IN LOCO  EM TRECHO RETO COM EXTRUSORA, 65 CM BASE (15 CM BASE DA GUIA + 50 CM BASE DA SARJETA) X 30 CM ALTURA. AF_06/2016","M","98,90","94271","GUIA (MEIO-FIO) E SARJETA CONJUGADOS DE CONCRETO, MOLDADA  IN LOCO  EM TRECHO RETO COM EXTRUSORA, 65 CM BASE (15 CM BASE DA GUIA + 50 CM BASE DA SARJETA) X 30 CM ALTURA. AF_06/2016","M","98,90","94271","GUIA (MEIO-FIO) E SARJETA CONJUGADOS DE CONCRETO, MOLDADA  IN LOCO  EM TRECHO RETO COM EXTRUSORA, 65 CM BASE (15 CM BASE DA GUIA + 50 CM BASE DA SARJETA) X 30 CM ALTURA. AF_06/2016","M","98,90","94271","GUIA (MEIO-FIO) E SARJETA CONJUGADOS DE CONCRETO, MOLDADA  IN LOCO  EM TRECHO RETO COM EXTRUSORA, 65 CM BASE (15 CM BASE DA GUIA + 50 CM BASE DA SARJETA) X 30 CM ALTURA. AF_06/2016","M","98,90","94271","GUIA (MEIO-FIO) E SARJETA CONJUGADOS DE CONCRETO, MOLDADA  IN LOCO  EM TRECHO RETO COM EXTRUSORA, 65 CM BASE (15 CM BASE DA GUIA + 50 CM BASE DA SARJETA) X 30 CM ALTURA. AF_06/2016","M","98,90","94271","GUIA (MEIO-FIO) E SARJETA CONJUGADOS DE CONCRETO, MOLDADA  IN LOCO  EM TRECHO RETO COM EXTRUSORA, 65 CM BASE (15 CM BASE DA GUIA + 50 CM BASE DA SARJETA) X 30 CM ALTURA. AF_06/2016","M","98,90","94271","GUIA (MEIO-FIO) E SARJETA CONJUGADOS DE CONCRETO, MOLDADA  IN LOCO  EM TRECHO RETO COM EXTRUSORA, 65 CM BASE (15 CM BASE DA GUIA + 50 CM BASE DA SARJETA) X 30 CM ALTURA. AF_06/2016","M","98,90","94271","GUIA (MEIO-FIO) E SARJETA CONJUGADOS DE CONCRETO, MOLDADA  IN LOCO  EM TRECHO RETO COM EXTRUSORA, 65 CM BASE (15 CM BASE DA GUIA + 50 CM BASE DA SARJETA) X 30 CM ALTURA. AF_06/2016","M","98,90","94271","GUIA (MEIO-FIO) E SARJETA CONJUGADOS DE CONCRETO, MOLDADA  IN LOCO  EM TRECHO RETO COM EXTRUSORA, 65 CM BASE (15 CM BASE DA GUIA + 50 CM BASE DA SARJETA) X 30 CM ALTURA. AF_06/2016","M","98,90","94271","GUIA (MEIO-FIO) E SARJETA CONJUGADOS DE CONCRETO, MOLDADA  IN LOCO  EM TRECHO RETO COM EXTRUSORA, 65 CM BASE (15 CM BASE DA GUIA + 50 CM BASE DA SARJETA) X 30 CM ALTURA. AF_06/2016","M","98,90","94271","GUIA (MEIO-FIO) E SARJETA CONJUGADOS DE CONCRETO, MOLDADA  IN LOCO  EM TRECHO RETO COM EXTRUSORA, 65 CM BASE (15 CM BASE DA GUIA + 50 CM BASE DA SARJETA) X 30 CM ALTURA. AF_06/2016","M","98,90","94271","GUIA (MEIO-FIO) E SARJETA CONJUGADOS DE CONCRETO, MOLDADA  IN LOCO  EM TRECHO RETO COM EXTRUSORA, 65 CM BASE (15 CM BASE DA GUIA + 50 CM BASE DA SARJETA) X 30 CM ALTURA. AF_06/2016","M","98,90","94271","GUIA (MEIO-FIO) E SARJETA CONJUGADOS DE CONCRETO, MOLDADA  IN LOCO  EM TRECHO RETO COM EXTRUSORA, 65 CM BASE (15 CM BASE DA GUIA + 50 CM BASE DA SARJETA) X 30 CM ALTURA. AF_06/2016","M","98,90","94271","GUIA (MEIO-FIO) E SARJETA CONJUGADOS DE CONCRETO, MOLDADA  IN LOCO  EM TRECHO RETO COM EXTRUSORA, 65 CM BASE (15 CM BASE DA GUIA + 50 CM BASE DA SARJETA) X 30 CM ALTURA. AF_06/2016","M","98,90","94271","GUIA (MEIO-FIO) E SARJETA CONJUGADOS DE CONCRETO, MOLDADA  IN LOCO  EM TRECHO RETO COM EXTRUSORA, 65 CM BASE (15 CM BASE DA GUIA + 50 CM BASE DA SARJETA) X 30 CM ALTURA. AF_06/2016","M","98,90","94271","GUIA (MEIO-FIO) E SARJETA CONJUGADOS DE CONCRETO, MOLDADA  IN LOCO  EM TRECHO RETO COM EXTRUSORA, 65 CM BASE (15 CM BASE DA GUIA + 50 CM BASE DA SARJETA) X 30 CM ALTURA. AF_06/2016","M","98,90","94271","GUIA (MEIO-FIO) E SARJETA CONJUGADOS DE CONCRETO, MOLDADA  IN LOCO  EM TRECHO RETO COM EXTRUSORA, 65 CM BASE (15 CM BASE DA GUIA + 50 CM BASE DA SARJETA) X 30 CM ALTURA. AF_06/2016","M","98,90","94271","GUIA (MEIO-FIO) E SARJETA CONJUGADOS DE CONCRETO, MOLDADA  IN LOCO  EM TRECHO RETO COM EXTRUSORA, 65 CM BASE (15 CM BASE DA GUIA + 50 CM BASE DA SARJETA) X 30 CM ALTURA. AF_06/2016","M","98,90","94271","GUIA (MEIO-FIO) E SARJETA CONJUGADOS DE CONCRETO, MOLDADA  IN LOCO  EM TRECHO RETO COM EXTRUSORA, 65 CM BASE (15 CM BASE DA GUIA + 50 CM BASE DA SARJETA) X 30 CM ALTURA. AF_06/2016","M","98,90","94271","GUIA (MEIO-FIO) E SARJETA CONJUGADOS DE CONCRETO, MOLDADA  IN LOCO  EM TRECHO RETO COM EXTRUSORA, 65 CM BASE (15 CM BASE DA GUIA + 50 CM BASE DA SARJETA) X 30 CM ALTURA. AF_06/2016","M","98,90","94271","GUIA (MEIO-FIO) E SARJETA CONJUGADOS DE CONCRETO, MOLDADA  IN LOCO  EM TRECHO RETO COM EXTRUSORA, 65 CM BASE (15 CM BASE DA GUIA + 50 CM BASE DA SARJETA) X 30 CM ALTURA. AF_06/2016","M","98,90","94271","GUIA (MEIO-FIO) E SARJETA CONJUGADOS DE CONCRETO, MOLDADA  IN LOCO  EM TRECHO RETO COM EXTRUSORA, 65 CM BASE (15 CM BASE DA GUIA + 50 CM BASE DA SARJETA) X 30 CM ALTURA. AF_06/2016","M","98,90","94271","GUIA (MEIO-FIO) E SARJETA CONJUGADOS DE CONCRETO, MOLDADA  IN LOCO  EM TRECHO RETO COM EXTRUSORA, 65 CM BASE (15 CM BASE DA GUIA + 50 CM BASE DA SARJETA) X 30 CM ALTURA. AF_06/2016","M","98,90","94271","GUIA (MEIO-FIO) E SARJETA CONJUGADOS DE CONCRETO, MOLDADA  IN LOCO  EM TRECHO RETO COM EXTRUSORA, 65 CM BASE (15 CM BASE DA GUIA + 50 CM BASE DA SARJETA) X 30 CM ALTURA. AF_06/2016","M","98,90","94271","GUIA (MEIO-FIO) E SARJETA CONJUGADOS DE CONCRETO, MOLDADA  IN LOCO  EM TRECHO RETO COM EXTRUSORA, 65 CM BASE (15 CM BASE DA GUIA + 50 CM BASE DA SARJETA) X 30 CM ALTURA. AF_06/2016","M","98,90","94271","GUIA (MEIO-FIO) E SARJETA CONJUGADOS DE CONCRETO, MOLDADA  IN LOCO  EM TRECHO RETO COM EXTRUSORA, 65 CM BASE (15 CM BASE DA GUIA + 50 CM BASE DA SARJETA) X 30 CM ALTURA. AF_06/2016","M","98,90","94271","GUIA (MEIO-FIO) E SARJETA CONJUGADOS DE CONCRETO, MOLDADA  IN LOCO  EM TRECHO RETO COM EXTRUSORA, 65 CM BASE (15 CM BASE DA GUIA + 50 CM BASE DA SARJETA) X 30 CM ALTURA. AF_06/2016","M","98,90","94271","GUIA (MEIO-FIO) E SARJETA CONJUGADOS DE CONCRETO, MOLDADA  IN LOCO  EM TRECHO RETO COM EXTRUSORA, 65 CM BASE (15 CM BASE DA GUIA + 50 CM BASE DA SARJETA) X 30 CM ALTURA. AF_06/2016","M","98,90","94271","GUIA (MEIO-FIO) E SARJETA CONJUGADOS DE CONCRETO, MOLDADA  IN LOCO  EM TRECHO RETO COM EXTRUSORA, 65 CM BASE (15 CM BASE DA GUIA + 50 CM BASE DA SARJETA) X 30 CM ALTURA. AF_06/2016","M","98,90","94271","GUIA (MEIO-FIO) E SARJETA CONJUGADOS DE CONCRETO, MOLDADA  IN LOCO  EM TRECHO RETO COM EXTRUSORA, 65 CM BASE (15 CM BASE DA GUIA + 50 CM BASE DA SARJETA) X 30 CM ALTURA. AF_06/2016","M","98,90","94271","GUIA (MEIO-FIO) E SARJETA CONJUGADOS DE CONCRETO, MOLDADA  IN LOCO  EM TRECHO RETO COM EXTRUSORA, 65 CM BASE (15 CM BASE DA GUIA + 50 CM BASE DA SARJETA) X 30 CM ALTURA. AF_06/2016","M","98,90","94271","GUIA (MEIO-FIO) E SARJETA CONJUGADOS DE CONCRETO, MOLDADA  IN LOCO  EM TRECHO RETO COM EXTRUSORA, 65 CM BASE (15 CM BASE DA GUIA + 50 CM BASE DA SARJETA) X 30 CM ALTURA. AF_06/2016","M","98,90","94271","GUIA (MEIO-FIO) E SARJETA CONJUGADOS DE CONCRETO, MOLDADA  IN LOCO  EM TRECHO RETO COM EXTRUSORA, 65 CM BASE (15 CM BASE DA GUIA + 50 CM BASE DA SARJETA) X 30 CM ALTURA. AF_06/2016","M","98,90"]
[102747,"BOCA PARA BUEIRO TRIPLO TUBULAR D = 100 CM EM CONCRETO, ALAS COM ESCONSIDADE DE 0°, INCLUINDO FÔRMAS E MATERIAIS. AF_07/2021","UN",8324.08,"102747","BOCA PARA BUEIRO TRIPLO TUBULAR D = 100 CM EM CONCRETO, ALAS COM ESCONSIDADE DE 0°, INCLUINDO FÔRMAS E MATERIAIS. AF_07/2021","UN","8.324,08","102747","BOCA PARA BUEIRO TRIPLO TUBULAR D = 100 CM EM CONCRETO, ALAS COM ESCONSIDADE DE 0°, INCLUINDO FÔRMAS E MATERIAIS. AF_07/2021","UN","8.324,08","102747","BOCA PARA BUEIRO TRIPLO TUBULAR D = 100 CM EM CONCRETO, ALAS COM ESCONSIDADE DE 0°, INCLUINDO FÔRMAS E MATERIAIS. AF_07/2021","UN","8.324,08","102747","BOCA PARA BUEIRO TRIPLO TUBULAR D = 100 CM EM CONCRETO, ALAS COM ESCONSIDADE DE 0°, INCLUINDO FÔRMAS E MATERIAIS. AF_07/2021","UN","8.324,08","102747","BOCA PARA BUEIRO TRIPLO TUBULAR D = 100 CM EM CONCRETO, ALAS COM ESCONSIDADE DE 0°, INCLUINDO FÔRMAS E MATERIAIS. AF_07/2021","UN","8.324,08","102747","BOCA PARA BUEIRO TRIPLO TUBULAR D = 100 CM EM CONCRETO, ALAS COM ESCONSIDADE DE 0°, INCLUINDO FÔRMAS E MATERIAIS. AF_07/2021","UN","8.324,08","102747","BOCA PARA BUEIRO TRIPLO TUBULAR D = 100 CM EM CONCRETO, ALAS COM ESCONSIDADE DE 0°, INCLUINDO FÔRMAS E MATERIAIS. AF_07/2021","UN","8.324,08","102747","BOCA PARA BUEIRO TRIPLO TUBULAR D = 100 CM EM CONCRETO, ALAS COM ESCONSIDADE DE 0°, INCLUINDO FÔRMAS E MATERIAIS. AF_07/2021","UN","8.324,08","102747","BOCA PARA BUEIRO TRIPLO TUBULAR D = 100 CM EM CONCRETO, ALAS COM ESCONSIDADE DE 0°, INCLUINDO FÔRMAS E MATERIAIS. AF_07/2021","UN","8.324,08","102747","BOCA PARA BUEIRO TRIPLO TUBULAR D = 100 CM EM CONCRETO, ALAS COM ESCONSIDADE DE 0°, INCLUINDO FÔRMAS E MATERIAIS. AF_07/2021","UN","8.324,08","102747","BOCA PARA BUEIRO TRIPLO TUBULAR D = 100 CM EM CONCRETO, ALAS COM ESCONSIDADE DE 0°, INCLUINDO FÔRMAS E MATERIAIS. AF_07/2021","UN","8.324,08","102747","BOCA PARA BUEIRO TRIPLO TUBULAR D = 100 CM EM CONCRETO, ALAS COM ESCONSIDADE DE 0°, INCLUINDO FÔRMAS E MATERIAIS. AF_07/2021","UN","8.324,08","102747","BOCA PARA BUEIRO TRIPLO TUBULAR D = 100 CM EM CONCRETO, ALAS COM ESCONSIDADE DE 0°, INCLUINDO FÔRMAS E MATERIAIS. AF_07/2021","UN","8.324,08","102747","BOCA PARA BUEIRO TRIPLO TUBULAR D = 100 CM EM CONCRETO, ALAS COM ESCONSIDADE DE 0°, INCLUINDO FÔRMAS E MATERIAIS. AF_07/2021","UN","8.324,08","102747","BOCA PARA BUEIRO TRIPLO TUBULAR D = 100 CM EM CONCRETO, ALAS COM ESCONSIDADE DE 0°, INCLUINDO FÔRMAS E MATERIAIS. AF_07/2021","UN","8.324,08","102747","BOCA PARA BUEIRO TRIPLO TUBULAR D = 100 CM EM CONCRETO, ALAS COM ESCONSIDADE DE 0°, INCLUINDO FÔRMAS E MATERIAIS. AF_07/2021","UN","8.324,08","102747","BOCA PARA BUEIRO TRIPLO TUBULAR D = 100 CM EM CONCRETO, ALAS COM ESCONSIDADE DE 0°, INCLUINDO FÔRMAS E MATERIAIS. AF_07/2021","UN","8.324,08","102747","BOCA PARA BUEIRO TRIPLO TUBULAR D = 100 CM EM CONCRETO, ALAS COM ESCONSIDADE DE 0°, INCLUINDO FÔRMAS E MATERIAIS. AF_07/2021","UN","8.324,08","102747","BOCA PARA BUEIRO TRIPLO TUBULAR D = 100 CM EM CONCRETO, ALAS COM ESCONSIDADE DE 0°, INCLUINDO FÔRMAS E MATERIAIS. AF_07/2021","UN","8.324,08","102747","BOCA PARA BUEIRO TRIPLO TUBULAR D = 100 CM EM CONCRETO, ALAS COM ESCONSIDADE DE 0°, INCLUINDO FÔRMAS E MATERIAIS. AF_07/2021","UN","8.324,08","102747","BOCA PARA BUEIRO TRIPLO TUBULAR D = 100 CM EM CONCRETO, ALAS COM ESCONSIDADE DE 0°, INCLUINDO FÔRMAS E MATERIAIS. AF_07/2021","UN","8.324,08","102747","BOCA PARA BUEIRO TRIPLO TUBULAR D = 100 CM EM CONCRETO, ALAS COM ESCONSIDADE DE 0°, INCLUINDO FÔRMAS E MATERIAIS. AF_07/2021","UN","8.324,08","102747","BOCA PARA BUEIRO TRIPLO TUBULAR D = 100 CM EM CONCRETO, ALAS COM ESCONSIDADE DE 0°, INCLUINDO FÔRMAS E MATERIAIS. AF_07/2021","UN","8.324,08","102747","BOCA PARA BUEIRO TRIPLO TUBULAR D = 100 CM EM CONCRETO, ALAS COM ESCONSIDADE DE 0°, INCLUINDO FÔRMAS E MATERIAIS. AF_07/2021","UN","8.324,08","102747","BOCA PARA BUEIRO TRIPLO TUBULAR D = 100 CM EM CONCRETO, ALAS COM ESCONSIDADE DE 0°, INCLUINDO FÔRMAS E MATERIAIS. AF_07/2021","UN","8.324,08","102747","BOCA PARA BUEIRO TRIPLO TUBULAR D = 100 CM EM CONCRETO, ALAS COM ESCONSIDADE DE 0°, INCLUINDO FÔRMAS E MATERIAIS. AF_07/2021","UN","8.324,08","102747","BOCA PARA BUEIRO TRIPLO TUBULAR D = 100 CM EM CONCRETO, ALAS COM ESCONSIDADE DE 0°, INCLUINDO FÔRMAS E MATERIAIS. AF_07/2021","UN","8.324,08","102747","BOCA PARA BUEIRO TRIPLO TUBULAR D = 100 CM EM CONCRETO, ALAS COM ESCONSIDADE DE 0°, INCLUINDO FÔRMAS E MATERIAIS. AF_07/2021","UN","8.324,08","102747","BOCA PARA BUEIRO TRIPLO TUBULAR D = 100 CM EM CONCRETO, ALAS COM ESCONSIDADE DE 0°, INCLUINDO FÔRMAS E MATERIAIS. AF_07/2021","UN","8.324,08","102747","BOCA PARA BUEIRO TRIPLO TUBULAR D = 100 CM EM CONCRETO, ALAS COM ESCONSIDADE DE 0°, INCLUINDO FÔRMAS E MATERIAIS. AF_07/2021","UN","8.324,08","102747","BOCA PARA BUEIRO TRIPLO TUBULAR D = 100 CM EM CONCRETO, ALAS COM ESCONSIDADE DE 0°, INCLUINDO FÔRMAS E MATERIAIS. AF_07/2021","UN","8.324,08","102747","BOCA PARA BUEIRO TRIPLO TUBULAR D = 100 CM EM CONCRETO, ALAS COM ESCONSIDADE DE 0°, INCLUINDO FÔRMAS E MATERIAIS. AF_07/2021","UN","8.324,08","102747","BOCA PARA BUEIRO TRIPLO TUBULAR D = 100 CM EM CONCRETO, ALAS COM ESCONSIDADE DE 0°, INCLUINDO FÔRMAS E MATERIAIS. AF_07/2021","UN","8.324,08","102747","BOCA PARA BUEIRO TRIPLO TUBULAR D = 100 CM EM CONCRETO, ALAS COM ESCONSIDADE DE 0°, INCLUINDO FÔRMAS E MATERIAIS. AF_07/2021","UN","8.324,08","102747","BOCA PARA BUEIRO TRIPLO TUBULAR D = 100 CM EM CONCRETO, ALAS COM ESCONSIDADE DE 0°, INCLUINDO FÔRMAS E MATERIAIS. AF_07/2021","UN","8.324,08","102747","BOCA PARA BUEIRO TRIPLO TUBULAR D = 100 CM EM CONCRETO, ALAS COM ESCONSIDADE DE 0°, INCLUINDO FÔRMAS E MATERIAIS. AF_07/2021","UN","8.324,08","102747","BOCA PARA BUEIRO TRIPLO TUBULAR D = 100 CM EM CONCRETO, ALAS COM ESCONSIDADE DE 0°, INCLUINDO FÔRMAS E MATERIAIS. AF_07/2021","UN","8.324,08","102747","BOCA PARA BUEIRO TRIPLO TUBULAR D = 100 CM EM CONCRETO, ALAS COM ESCONSIDADE DE 0°, INCLUINDO FÔRMAS E MATERIAIS. AF_07/2021","UN","8.324,08","102747","BOCA PARA BUEIRO TRIPLO TUBULAR D = 100 CM EM CONCRETO, ALAS COM ESCONSIDADE DE 0°, INCLUINDO FÔRMAS E MATERIAIS. AF_07/2021","UN","8.324,08","102747","BOCA PARA BUEIRO TRIPLO TUBULAR D = 100 CM EM CONCRETO, ALAS COM ESCONSIDADE DE 0°, INCLUINDO FÔRMAS E MATERIAIS. AF_07/2021","UN","8.324,08","102747","BOCA PARA BUEIRO TRIPLO TUBULAR D = 100 CM EM CONCRETO, ALAS COM ESCONSIDADE DE 0°, INCLUINDO FÔRMAS E MATERIAIS. AF_07/2021","UN","8.324,08","102747","BOCA PARA BUEIRO TRIPLO TUBULAR D = 100 CM EM CONCRETO, ALAS COM ESCONSIDADE DE 0°, INCLUINDO FÔRMAS E MATERIAIS. AF_07/2021","UN","8.324,08","102747","BOCA PARA BUEIRO TRIPLO TUBULAR D = 100 CM EM CONCRETO, ALAS COM ESCONSIDADE DE 0°, INCLUINDO FÔRMAS E MATERIAIS. AF_07/2021","UN","8.324,08","102747","BOCA PARA BUEIRO TRIPLO TUBULAR D = 100 CM EM CONCRETO, ALAS COM ESCONSIDADE DE 0°, INCLUINDO FÔRMAS E MATERIAIS. AF_07/2021","UN","8.324,08","102747","BOCA PARA BUEIRO TRIPLO TUBULAR D = 100 CM EM CONCRETO, ALAS COM ESCONSIDADE DE 0°, INCLUINDO FÔRMAS E MATERIAIS. AF_07/2021","UN","8.324,08","102747","BOCA PARA BUEIRO TRIPLO TUBULAR D = 100 CM EM CONCRETO, ALAS COM ESCONSIDADE DE 0°, INCLUINDO FÔRMAS E MATERIAIS. AF_07/2021","UN","8.324,08","102747","BOCA PARA BUEIRO TRIPLO TUBULAR D = 100 CM EM CONCRETO, ALAS COM ESCONSIDADE DE 0°, INCLUINDO FÔRMAS E MATERIAIS. AF_07/2021","UN","8.324,08","102747","BOCA PARA BUEIRO TRIPLO TUBULAR D = 100 CM EM CONCRETO, ALAS COM ESCONSIDADE DE 0°, INCLUINDO FÔRMAS E MATERIAIS. AF_07/2021","UN","8.324,08","102747","BOCA PARA BUEIRO TRIPLO TUBULAR D = 100 CM EM CONCRETO, ALAS COM ESCONSIDADE DE 0°, INCLUINDO FÔRMAS E MATERIAIS. AF_07/2021","UN","8.324,08","102747","BOCA PARA BUEIRO TRIPLO TUBULAR D = 100 CM EM CONCRETO, ALAS COM ESCONSIDADE DE 0°, INCLUINDO FÔRMAS E MATERIAIS. AF_07/2021","UN","8.324,08","102747","BOCA PARA BUEIRO TRIPLO TUBULAR D = 100 CM EM CONCRETO, ALAS COM ESCONSIDADE DE 0°, INCLUINDO FÔRMAS E MATERIAIS. AF_07/2021","UN","8.324,08","102747","BOCA PARA BUEIRO TRIPLO TUBULAR D = 100 CM EM CONCRETO, ALAS COM ESCONSIDADE DE 0°, INCLUINDO FÔRMAS E MATERIAIS. AF_07/2021","UN","8.324,08","102747","BOCA PARA BUEIRO TRIPLO TUBULAR D = 100 CM EM CONCRETO, ALAS COM ESCONSIDADE DE 0°, INCLUINDO FÔRMAS E MATERIAIS. AF_07/2021","UN","8.324,08","102747","BOCA PARA BUEIRO TRIPLO TUBULAR D = 100 CM EM CONCRETO, ALAS COM ESCONSIDADE DE 0°, INCLUINDO FÔRMAS E MATERIAIS. AF_07/2021","UN","8.324,08","102747","BOCA PARA BUEIRO TRIPLO TUBULAR D = 100 CM EM CONCRETO, ALAS COM ESCONSIDADE DE 0°, INCLUINDO FÔRMAS E MATERIAIS. AF_07/2021","UN","8.324,08","102747","BOCA PARA BUEIRO TRIPLO TUBULAR D = 100 CM EM CONCRETO, ALAS COM ESCONSIDADE DE 0°, INCLUINDO FÔRMAS E MATERIAIS. AF_07/2021","UN","8.324,08","102747","BOCA PARA BUEIRO TRIPLO TUBULAR D = 100 CM EM CONCRETO, ALAS COM ESCONSIDADE DE 0°, INCLUINDO FÔRMAS E MATERIAIS. AF_07/2021","UN","8.324,08","102747","BOCA PARA BUEIRO TRIPLO TUBULAR D = 100 CM EM CONCRETO, ALAS COM ESCONSIDADE DE 0°, INCLUINDO FÔRMAS E MATERIAIS. AF_07/2021","UN","8.324,08","102747","BOCA PARA BUEIRO TRIPLO TUBULAR D = 100 CM EM CONCRETO, ALAS COM ESCONSIDADE DE 0°, INCLUINDO FÔRMAS E MATERIAIS. AF_07/2021","UN","8.324,08","102747","BOCA PARA BUEIRO TRIPLO TUBULAR D = 100 CM EM CONCRETO, ALAS COM ESCONSIDADE DE 0°, INCLUINDO FÔRMAS E MATERIAIS. AF_07/2021","UN","8.324,08","102747","BOCA PARA BUEIRO TRIPLO TUBULAR D = 100 CM EM CONCRETO, ALAS COM ESCONSIDADE DE 0°, INCLUINDO FÔRMAS E MATERIAIS. AF_07/2021","UN","8.324,08","102747","BOCA PARA BUEIRO TRIPLO TUBULAR D = 100 CM EM CONCRETO, ALAS COM ESCONSIDADE DE 0°, INCLUINDO FÔRMAS E MATERIAIS. AF_07/2021","UN","8.324,08","102747","BOCA PARA BUEIRO TRIPLO TUBULAR D = 100 CM EM CONCRETO, ALAS COM ESCONSIDADE DE 0°, INCLUINDO FÔRMAS E MATERIAIS. AF_07/2021","UN","8.324,08"]
[102781,"BOCA PARA BUEIRO DUPLO TUBULAR D = 80 CM EM GABIÃO, ALAS COM ESCONSIDADE DE 45°, INCLUINDO FÔRMAS E MATERIAIS. AF_07/2021","UN",13711.85,"102781","BOCA PARA BUEIRO DUPLO TUBULAR D = 80 CM EM GABIÃO, ALAS COM ESCONSIDADE DE 45°, INCLUINDO FÔRMAS E MATERIAIS. AF_07/2021","UN","13.711,85","102781","BOCA PARA BUEIRO DUPLO TUBULAR D = 80 CM EM GABIÃO, ALAS COM ESCONSIDADE DE 45°, INCLUINDO FÔRMAS E MATERIAIS. AF_07/2021","UN","13.711,85","102781","BOCA PARA BUEIRO DUPLO TUBULAR D = 80 CM EM GABIÃO, ALAS COM ESCONSIDADE DE 45°, INCLUINDO FÔRMAS E MATERIAIS. AF_07/2021","UN","13.711,85","102781","BOCA PARA BUEIRO DUPLO TUBULAR D = 80 CM EM GABIÃO, ALAS COM ESCONSIDADE DE 45°, INCLUINDO FÔRMAS E MATERIAIS. AF_07/2021","UN","13.711,85","102781","BOCA PARA BUEIRO DUPLO TUBULAR D = 80 CM EM GABIÃO, ALAS COM ESCONSIDADE DE 45°, INCLUINDO FÔRMAS E MATERIAIS. AF_07/2021","UN","13.711,85","102781","BOCA PARA BUEIRO DUPLO TUBULAR D = 80 CM EM GABIÃO, ALAS COM ESCONSIDADE DE 45°, INCLUINDO FÔRMAS E MATERIAIS. AF_07/2021","UN","13.711,85","102781","BOCA PARA BUEIRO DUPLO TUBULAR D = 80 CM EM GABIÃO, ALAS COM ESCONSIDADE DE 45°, INCLUINDO FÔRMAS E MATERIAIS. AF_07/2021","UN","13.711,85","102781","BOCA PARA BUEIRO DUPLO TUBULAR D = 80 CM EM GABIÃO, ALAS COM ESCONSIDADE DE 45°, INCLUINDO FÔRMAS E MATERIAIS. AF_07/2021","UN","13.711,85","102781","BOCA PARA BUEIRO DUPLO TUBULAR D = 80 CM EM GABIÃO, ALAS COM ESCONSIDADE DE 45°, INCLUINDO FÔRMAS E MATERIAIS. AF_07/2021","UN","13.711,85","102781","BOCA PARA BUEIRO DUPLO TUBULAR D = 80 CM EM GABIÃO, ALAS COM ESCONSIDADE DE 45°, INCLUINDO FÔRMAS E MATERIAIS. AF_07/2021","UN","13.711,85","102781","BOCA PARA BUEIRO DUPLO TUBULAR D = 80 CM EM GABIÃO, ALAS COM ESCONSIDADE DE 45°, INCLUINDO FÔRMAS E MATERIAIS. AF_07/2021","UN","13.711,85","102781","BOCA PARA BUEIRO DUPLO TUBULAR D = 80 CM EM GABIÃO, ALAS COM ESCONSIDADE DE 45°, INCLUINDO FÔRMAS E MATERIAIS. AF_07/2021","UN","13.711,85","102781","BOCA PARA BUEIRO DUPLO TUBULAR D = 80 CM EM GABIÃO, ALAS COM ESCONSIDADE DE 45°, INCLUINDO FÔRMAS E MATERIAIS. AF_07/2021","UN","13.711,85","102781","BOCA PARA BUEIRO DUPLO TUBULAR D = 80 CM EM GABIÃO, ALAS COM ESCONSIDADE DE 45°, INCLUINDO FÔRMAS E MATERIAIS. AF_07/2021","UN","13.711,85","102781","BOCA PARA BUEIRO DUPLO TUBULAR D = 80 CM EM GABIÃO, ALAS COM ESCONSIDADE DE 45°, INCLUINDO FÔRMAS E MATERIAIS. AF_07/2021","UN","13.711,85","102781","BOCA PARA BUEIRO DUPLO TUBULAR D = 80 CM EM GABIÃO, ALAS COM ESCONSIDADE DE 45°, INCLUINDO FÔRMAS E MATERIAIS. AF_07/2021","UN","13.711,85","102781","BOCA PARA BUEIRO DUPLO TUBULAR D = 80 CM EM GABIÃO, ALAS COM ESCONSIDADE DE 45°, INCLUINDO FÔRMAS E MATERIAIS. AF_07/2021","UN","13.711,85","102781","BOCA PARA BUEIRO DUPLO TUBULAR D = 80 CM EM GABIÃO, ALAS COM ESCONSIDADE DE 45°, INCLUINDO FÔRMAS E MATERIAIS. AF_07/2021","UN","13.711,85","102781","BOCA PARA BUEIRO DUPLO TUBULAR D = 80 CM EM GABIÃO, ALAS COM ESCONSIDADE DE 45°, INCLUINDO FÔRMAS E MATERIAIS. AF_07/2021","UN","13.711,85","102781","BOCA PARA BUEIRO DUPLO TUBULAR D = 80 CM EM GABIÃO, ALAS COM ESCONSIDADE DE 45°, INCLUINDO FÔRMAS E MATERIAIS. AF_07/2021","UN","13.711,85","102781","BOCA PARA BUEIRO DUPLO TUBULAR D = 80 CM EM GABIÃO, ALAS COM ESCONSIDADE DE 45°, INCLUINDO FÔRMAS E MATERIAIS. AF_07/2021","UN","13.711,85","102781","BOCA PARA BUEIRO DUPLO TUBULAR D = 80 CM EM GABIÃO, ALAS COM ESCONSIDADE DE 45°, INCLUINDO FÔRMAS E MATERIAIS. AF_07/2021","UN","13.711,85","102781","BOCA PARA BUEIRO DUPLO TUBULAR D = 80 CM EM GABIÃO, ALAS COM ESCONSIDADE DE 45°, INCLUINDO FÔRMAS E MATERIAIS. AF_07/2021","UN","13.711,85","102781","BOCA PARA BUEIRO DUPLO TUBULAR D = 80 CM EM GABIÃO, ALAS COM ESCONSIDADE DE 45°, INCLUINDO FÔRMAS E MATERIAIS. AF_07/2021","UN","13.711,85","102781","BOCA PARA BUEIRO DUPLO TUBULAR D = 80 CM EM GABIÃO, ALAS COM ESCONSIDADE DE 45°, INCLUINDO FÔRMAS E MATERIAIS. AF_07/2021","UN","13.711,85","102781","BOCA PARA BUEIRO DUPLO TUBULAR D = 80 CM EM GABIÃO, ALAS COM ESCONSIDADE DE 45°, INCLUINDO FÔRMAS E MATERIAIS. AF_07/2021","UN","13.711,85","102781","BOCA PARA BUEIRO DUPLO TUBULAR D = 80 CM EM GABIÃO, ALAS COM ESCONSIDADE DE 45°, INCLUINDO FÔRMAS E MATERIAIS. AF_07/2021","UN","13.711,85","102781","BOCA PARA BUEIRO DUPLO TUBULAR D = 80 CM EM GABIÃO, ALAS COM ESCONSIDADE DE 45°, INCLUINDO FÔRMAS E MATERIAIS. AF_07/2021","UN","13.711,85","102781","BOCA PARA BUEIRO DUPLO TUBULAR D = 80 CM EM GABIÃO, ALAS COM ESCONSIDADE DE 45°, INCLUINDO FÔRMAS E MATERIAIS. AF_07/2021","UN","13.711,85","102781","BOCA PARA BUEIRO DUPLO TUBULAR D = 80 CM EM GABIÃO, ALAS COM ESCONSIDADE DE 45°, INCLUINDO FÔRMAS E MATERIAIS. AF_07/2021","UN","13.711,85","102781","BOCA PARA BUEIRO DUPLO TUBULAR D = 80 CM EM GABIÃO, ALAS COM ESCONSIDADE DE 45°, INCLUINDO FÔRMAS E MATERIAIS. AF_07/2021","UN","13.711,85","102781","BOCA PARA BUEIRO DUPLO TUBULAR D = 80 CM EM GABIÃO, ALAS COM ESCONSIDADE DE 45°, INCLUINDO FÔRMAS E MATERIAIS. AF_07/2021","UN","13.711,85","102781","BOCA PARA BUEIRO DUPLO TUBULAR D = 80 CM EM GABIÃO, ALAS COM ESCONSIDADE DE 45°, INCLUINDO FÔRMAS E MATERIAIS. AF_07/2021","UN","13.711,85","102781","BOCA PARA BUEIRO DUPLO TUBULAR D = 80 CM EM GABIÃO, ALAS COM ESCONSIDADE DE 45°, INCLUINDO FÔRMAS E MATERIAIS. AF_07/2021","UN","13.711,85","102781","BOCA PARA BUEIRO DUPLO TUBULAR D = 80 CM EM GABIÃO, ALAS COM ESCONSIDADE DE 45°, INCLUINDO FÔRMAS E MATERIAIS. AF_07/2021","UN","13.711,85","102781","BOCA PARA BUEIRO DUPLO TUBULAR D = 80 CM EM GABIÃO, ALAS COM ESCONSIDADE DE 45°, INCLUINDO FÔRMAS E MATERIAIS. AF_07/2021","UN","13.711,85","102781","BOCA PARA BUEIRO DUPLO TUBULAR D = 80 CM EM GABIÃO, ALAS COM ESCONSIDADE DE 45°, INCLUINDO FÔRMAS E MATERIAIS. AF_07/2021","UN","13.711,85","102781","BOCA PARA BUEIRO DUPLO TUBULAR D = 80 CM EM GABIÃO, ALAS COM ESCONSIDADE DE 45°, INCLUINDO FÔRMAS E MATERIAIS. AF_07/2021","UN","13.711,85","102781","BOCA PARA BUEIRO DUPLO TUBULAR D = 80 CM EM GABIÃO, ALAS COM ESCONSIDADE DE 45°, INCLUINDO FÔRMAS E MATERIAIS. AF_07/2021","UN","13.711,85","102781","BOCA PARA BUEIRO DUPLO TUBULAR D = 80 CM EM GABIÃO, ALAS COM ESCONSIDADE DE 45°, INCLUINDO FÔRMAS E MATERIAIS. AF_07/2021","UN","13.711,85","102781","BOCA PARA BUEIRO DUPLO TUBULAR D = 80 CM EM GABIÃO, ALAS COM ESCONSIDADE DE 45°, INCLUINDO FÔRMAS E MATERIAIS. AF_07/2021","UN","13.711,85","102781","BOCA PARA BUEIRO DUPLO TUBULAR D = 80 CM EM GABIÃO, ALAS COM ESCONSIDADE DE 45°, INCLUINDO FÔRMAS E MATERIAIS. AF_07/2021","UN","13.711,85","102781","BOCA PARA BUEIRO DUPLO TUBULAR D = 80 CM EM GABIÃO, ALAS COM ESCONSIDADE DE 45°, INCLUINDO FÔRMAS E MATERIAIS. AF_07/2021","UN","13.711,85","102781","BOCA PARA BUEIRO DUPLO TUBULAR D = 80 CM EM GABIÃO, ALAS COM ESCONSIDADE DE 45°, INCLUINDO FÔRMAS E MATERIAIS. AF_07/2021","UN","13.711,85","102781","BOCA PARA BUEIRO DUPLO TUBULAR D = 80 CM EM GABIÃO, ALAS COM ESCONSIDADE DE 45°, INCLUINDO FÔRMAS E MATERIAIS. AF_07/2021","UN","13.711,85","102781","BOCA PARA BUEIRO DUPLO TUBULAR D = 80 CM EM GABIÃO, ALAS COM ESCONSIDADE DE 45°, INCLUINDO FÔRMAS E MATERIAIS. AF_07/2021","UN","13.711,85","102781","BOCA PARA BUEIRO DUPLO TUBULAR D = 80 CM EM GABIÃO, ALAS COM ESCONSIDADE DE 45°, INCLUINDO FÔRMAS E MATERIAIS. AF_07/2021","UN","13.711,85","102781","BOCA PARA BUEIRO DUPLO TUBULAR D = 80 CM EM GABIÃO, ALAS COM ESCONSIDADE DE 45°, INCLUINDO FÔRMAS E MATERIAIS. AF_07/2021","UN","13.711,85","102781","BOCA PARA BUEIRO DUPLO TUBULAR D = 80 CM EM GABIÃO, ALAS COM ESCONSIDADE DE 45°, INCLUINDO FÔRMAS E MATERIAIS. AF_07/2021","UN","13.711,85","102781","BOCA PARA BUEIRO DUPLO TUBULAR D = 80 CM EM GABIÃO, ALAS COM ESCONSIDADE DE 45°, INCLUINDO FÔRMAS E MATERIAIS. AF_07/2021","UN","13.711,85","102781","BOCA PARA BUEIRO DUPLO TUBULAR D = 80 CM EM GABIÃO, ALAS COM ESCONSIDADE DE 45°, INCLUINDO FÔRMAS E MATERIAIS. AF_07/2021","UN","13.711,85","102781","BOCA PARA BUEIRO DUPLO TUBULAR D = 80 CM EM GABIÃO, ALAS COM ESCONSIDADE DE 45°, INCLUINDO FÔRMAS E MATERIAIS. AF_07/2021","UN","13.711,85","102781","BOCA PARA BUEIRO DUPLO TUBULAR D = 80 CM EM GABIÃO, ALAS COM ESCONSIDADE DE 45°, INCLUINDO FÔRMAS E MATERIAIS. AF_07/2021","UN","13.711,85","102781","BOCA PARA BUEIRO DUPLO TUBULAR D = 80 CM EM GABIÃO, ALAS COM ESCONSIDADE DE 45°, INCLUINDO FÔRMAS E MATERIAIS. AF_07/2021","UN","13.711,85","102781","BOCA PARA BUEIRO DUPLO TUBULAR D = 80 CM EM GABIÃO, ALAS COM ESCONSIDADE DE 45°, INCLUINDO FÔRMAS E MATERIAIS. AF_07/2021","UN","13.711,85","102781","BOCA PARA BUEIRO DUPLO TUBULAR D = 80 CM EM GABIÃO, ALAS COM ESCONSIDADE DE 45°, INCLUINDO FÔRMAS E MATERIAIS. AF_07/2021","UN","13.711,85","102781","BOCA PARA BUEIRO DUPLO TUBULAR D = 80 CM EM GABIÃO, ALAS COM ESCONSIDADE DE 45°, INCLUINDO FÔRMAS E MATERIAIS. AF_07/2021","UN","13.711,85","102781","BOCA PARA BUEIRO DUPLO TUBULAR D = 80 CM EM GABIÃO, ALAS COM ESCONSIDADE DE 45°, INCLUINDO FÔRMAS E MATERIAIS. AF_07/2021","UN","13.711,85","102781","BOCA PARA BUEIRO DUPLO TUBULAR D = 80 CM EM GABIÃO, ALAS COM ESCONSIDADE DE 45°, INCLUINDO FÔRMAS E MATERIAIS. AF_07/2021","UN","13.711,85","102781","BOCA PARA BUEIRO DUPLO TUBULAR D = 80 CM EM GABIÃO, ALAS COM ESCONSIDADE DE 45°, INCLUINDO FÔRMAS E MATERIAIS. AF_07/2021","UN","13.711,85","102781","BOCA PARA BUEIRO DUPLO TUBULAR D = 80 CM EM GABIÃO, ALAS COM ESCONSIDADE DE 45°, INCLUINDO FÔRMAS E MATERIAIS. AF_07/2021","UN","13.711,85","102781","BOCA PARA BUEIRO DUPLO TUBULAR D = 80 CM EM GABIÃO, ALAS COM ESCONSIDADE DE 45°, INCLUINDO FÔRMAS E MATERIAIS. AF_07/2021","UN","13.711,85","102781","BOCA PARA BUEIRO DUPLO TUBULAR D = 80 CM EM GABIÃO, ALAS COM ESCONSIDADE DE 45°, INCLUINDO FÔRMAS E MATERIAIS. AF_07/2021","UN","13.711,85"]
[90831,"FECHADURA DE EMBUTIR PARA PORTA DE BANHEIRO, COMPLETA, ACABAMENTO PADRÃO MÉDIO, INCLUSO EXECUÇÃO DE FURO - FORNECIMENTO E INSTALAÇÃO. AF_12/2019","UN",144.94999999999999,"90831","FECHADURA DE EMBUTIR PARA PORTA DE BANHEIRO, COMPLETA, ACABAMENTO PADRÃO MÉDIO, INCLUSO EXECUÇÃO DE FURO - FORNECIMENTO E INSTALAÇÃO. AF_12/2019","UN","144,95","90831","FECHADURA DE EMBUTIR PARA PORTA DE BANHEIRO, COMPLETA, ACABAMENTO PADRÃO MÉDIO, INCLUSO EXECUÇÃO DE FURO - FORNECIMENTO E INSTALAÇÃO. AF_12/2019","UN","144,95","90831","FECHADURA DE EMBUTIR PARA PORTA DE BANHEIRO, COMPLETA, ACABAMENTO PADRÃO MÉDIO, INCLUSO EXECUÇÃO DE FURO - FORNECIMENTO E INSTALAÇÃO. AF_12/2019","UN","144,95","90831","FECHADURA DE EMBUTIR PARA PORTA DE BANHEIRO, COMPLETA, ACABAMENTO PADRÃO MÉDIO, INCLUSO EXECUÇÃO DE FURO - FORNECIMENTO E INSTALAÇÃO. AF_12/2019","UN","144,95","90831","FECHADURA DE EMBUTIR PARA PORTA DE BANHEIRO, COMPLETA, ACABAMENTO PADRÃO MÉDIO, INCLUSO EXECUÇÃO DE FURO - FORNECIMENTO E INSTALAÇÃO. AF_12/2019","UN","144,95","90831","FECHADURA DE EMBUTIR PARA PORTA DE BANHEIRO, COMPLETA, ACABAMENTO PADRÃO MÉDIO, INCLUSO EXECUÇÃO DE FURO - FORNECIMENTO E INSTALAÇÃO. AF_12/2019","UN","144,95","90831","FECHADURA DE EMBUTIR PARA PORTA DE BANHEIRO, COMPLETA, ACABAMENTO PADRÃO MÉDIO, INCLUSO EXECUÇÃO DE FURO - FORNECIMENTO E INSTALAÇÃO. AF_12/2019","UN","144,95","90831","FECHADURA DE EMBUTIR PARA PORTA DE BANHEIRO, COMPLETA, ACABAMENTO PADRÃO MÉDIO, INCLUSO EXECUÇÃO DE FURO - FORNECIMENTO E INSTALAÇÃO. AF_12/2019","UN","144,95","90831","FECHADURA DE EMBUTIR PARA PORTA DE BANHEIRO, COMPLETA, ACABAMENTO PADRÃO MÉDIO, INCLUSO EXECUÇÃO DE FURO - FORNECIMENTO E INSTALAÇÃO. AF_12/2019","UN","144,95","90831","FECHADURA DE EMBUTIR PARA PORTA DE BANHEIRO, COMPLETA, ACABAMENTO PADRÃO MÉDIO, INCLUSO EXECUÇÃO DE FURO - FORNECIMENTO E INSTALAÇÃO. AF_12/2019","UN","144,95","90831","FECHADURA DE EMBUTIR PARA PORTA DE BANHEIRO, COMPLETA, ACABAMENTO PADRÃO MÉDIO, INCLUSO EXECUÇÃO DE FURO - FORNECIMENTO E INSTALAÇÃO. AF_12/2019","UN","144,95","90831","FECHADURA DE EMBUTIR PARA PORTA DE BANHEIRO, COMPLETA, ACABAMENTO PADRÃO MÉDIO, INCLUSO EXECUÇÃO DE FURO - FORNECIMENTO E INSTALAÇÃO. AF_12/2019","UN","144,95","90831","FECHADURA DE EMBUTIR PARA PORTA DE BANHEIRO, COMPLETA, ACABAMENTO PADRÃO MÉDIO, INCLUSO EXECUÇÃO DE FURO - FORNECIMENTO E INSTALAÇÃO. AF_12/2019","UN","144,95","90831","FECHADURA DE EMBUTIR PARA PORTA DE BANHEIRO, COMPLETA, ACABAMENTO PADRÃO MÉDIO, INCLUSO EXECUÇÃO DE FURO - FORNECIMENTO E INSTALAÇÃO. AF_12/2019","UN","144,95","90831","FECHADURA DE EMBUTIR PARA PORTA DE BANHEIRO, COMPLETA, ACABAMENTO PADRÃO MÉDIO, INCLUSO EXECUÇÃO DE FURO - FORNECIMENTO E INSTALAÇÃO. AF_12/2019","UN","144,95","90831","FECHADURA DE EMBUTIR PARA PORTA DE BANHEIRO, COMPLETA, ACABAMENTO PADRÃO MÉDIO, INCLUSO EXECUÇÃO DE FURO - FORNECIMENTO E INSTALAÇÃO. AF_12/2019","UN","144,95","90831","FECHADURA DE EMBUTIR PARA PORTA DE BANHEIRO, COMPLETA, ACABAMENTO PADRÃO MÉDIO, INCLUSO EXECUÇÃO DE FURO - FORNECIMENTO E INSTALAÇÃO. AF_12/2019","UN","144,95","90831","FECHADURA DE EMBUTIR PARA PORTA DE BANHEIRO, COMPLETA, ACABAMENTO PADRÃO MÉDIO, INCLUSO EXECUÇÃO DE FURO - FORNECIMENTO E INSTALAÇÃO. AF_12/2019","UN","144,95","90831","FECHADURA DE EMBUTIR PARA PORTA DE BANHEIRO, COMPLETA, ACABAMENTO PADRÃO MÉDIO, INCLUSO EXECUÇÃO DE FURO - FORNECIMENTO E INSTALAÇÃO. AF_12/2019","UN","144,95","90831","FECHADURA DE EMBUTIR PARA PORTA DE BANHEIRO, COMPLETA, ACABAMENTO PADRÃO MÉDIO, INCLUSO EXECUÇÃO DE FURO - FORNECIMENTO E INSTALAÇÃO. AF_12/2019","UN","144,95","90831","FECHADURA DE EMBUTIR PARA PORTA DE BANHEIRO, COMPLETA, ACABAMENTO PADRÃO MÉDIO, INCLUSO EXECUÇÃO DE FURO - FORNECIMENTO E INSTALAÇÃO. AF_12/2019","UN","144,95","90831","FECHADURA DE EMBUTIR PARA PORTA DE BANHEIRO, COMPLETA, ACABAMENTO PADRÃO MÉDIO, INCLUSO EXECUÇÃO DE FURO - FORNECIMENTO E INSTALAÇÃO. AF_12/2019","UN","144,95","90831","FECHADURA DE EMBUTIR PARA PORTA DE BANHEIRO, COMPLETA, ACABAMENTO PADRÃO MÉDIO, INCLUSO EXECUÇÃO DE FURO - FORNECIMENTO E INSTALAÇÃO. AF_12/2019","UN","144,95","90831","FECHADURA DE EMBUTIR PARA PORTA DE BANHEIRO, COMPLETA, ACABAMENTO PADRÃO MÉDIO, INCLUSO EXECUÇÃO DE FURO - FORNECIMENTO E INSTALAÇÃO. AF_12/2019","UN","144,95","90831","FECHADURA DE EMBUTIR PARA PORTA DE BANHEIRO, COMPLETA, ACABAMENTO PADRÃO MÉDIO, INCLUSO EXECUÇÃO DE FURO - FORNECIMENTO E INSTALAÇÃO. AF_12/2019","UN","144,95","90831","FECHADURA DE EMBUTIR PARA PORTA DE BANHEIRO, COMPLETA, ACABAMENTO PADRÃO MÉDIO, INCLUSO EXECUÇÃO DE FURO - FORNECIMENTO E INSTALAÇÃO. AF_12/2019","UN","144,95","90831","FECHADURA DE EMBUTIR PARA PORTA DE BANHEIRO, COMPLETA, ACABAMENTO PADRÃO MÉDIO, INCLUSO EXECUÇÃO DE FURO - FORNECIMENTO E INSTALAÇÃO. AF_12/2019","UN","144,95","90831","FECHADURA DE EMBUTIR PARA PORTA DE BANHEIRO, COMPLETA, ACABAMENTO PADRÃO MÉDIO, INCLUSO EXECUÇÃO DE FURO - FORNECIMENTO E INSTALAÇÃO. AF_12/2019","UN","144,95","90831","FECHADURA DE EMBUTIR PARA PORTA DE BANHEIRO, COMPLETA, ACABAMENTO PADRÃO MÉDIO, INCLUSO EXECUÇÃO DE FURO - FORNECIMENTO E INSTALAÇÃO. AF_12/2019","UN","144,95","90831","FECHADURA DE EMBUTIR PARA PORTA DE BANHEIRO, COMPLETA, ACABAMENTO PADRÃO MÉDIO, INCLUSO EXECUÇÃO DE FURO - FORNECIMENTO E INSTALAÇÃO. AF_12/2019","UN","144,95","90831","FECHADURA DE EMBUTIR PARA PORTA DE BANHEIRO, COMPLETA, ACABAMENTO PADRÃO MÉDIO, INCLUSO EXECUÇÃO DE FURO - FORNECIMENTO E INSTALAÇÃO. AF_12/2019","UN","144,95","90831","FECHADURA DE EMBUTIR PARA PORTA DE BANHEIRO, COMPLETA, ACABAMENTO PADRÃO MÉDIO, INCLUSO EXECUÇÃO DE FURO - FORNECIMENTO E INSTALAÇÃO. AF_12/2019","UN","144,95","90831","FECHADURA DE EMBUTIR PARA PORTA DE BANHEIRO, COMPLETA, ACABAMENTO PADRÃO MÉDIO, INCLUSO EXECUÇÃO DE FURO - FORNECIMENTO E INSTALAÇÃO. AF_12/2019","UN","144,95","90831","FECHADURA DE EMBUTIR PARA PORTA DE BANHEIRO, COMPLETA, ACABAMENTO PADRÃO MÉDIO, INCLUSO EXECUÇÃO DE FURO - FORNECIMENTO E INSTALAÇÃO. AF_12/2019","UN","144,95","90831","FECHADURA DE EMBUTIR PARA PORTA DE BANHEIRO, COMPLETA, ACABAMENTO PADRÃO MÉDIO, INCLUSO EXECUÇÃO DE FURO - FORNECIMENTO E INSTALAÇÃO. AF_12/2019","UN","144,95","90831","FECHADURA DE EMBUTIR PARA PORTA DE BANHEIRO, COMPLETA, ACABAMENTO PADRÃO MÉDIO, INCLUSO EXECUÇÃO DE FURO - FORNECIMENTO E INSTALAÇÃO. AF_12/2019","UN","144,95","90831","FECHADURA DE EMBUTIR PARA PORTA DE BANHEIRO, COMPLETA, ACABAMENTO PADRÃO MÉDIO, INCLUSO EXECUÇÃO DE FURO - FORNECIMENTO E INSTALAÇÃO. AF_12/2019","UN","144,95","90831","FECHADURA DE EMBUTIR PARA PORTA DE BANHEIRO, COMPLETA, ACABAMENTO PADRÃO MÉDIO, INCLUSO EXECUÇÃO DE FURO - FORNECIMENTO E INSTALAÇÃO. AF_12/2019","UN","144,95","90831","FECHADURA DE EMBUTIR PARA PORTA DE BANHEIRO, COMPLETA, ACABAMENTO PADRÃO MÉDIO, INCLUSO EXECUÇÃO DE FURO - FORNECIMENTO E INSTALAÇÃO. AF_12/2019","UN","144,95","90831","FECHADURA DE EMBUTIR PARA PORTA DE BANHEIRO, COMPLETA, ACABAMENTO PADRÃO MÉDIO, INCLUSO EXECUÇÃO DE FURO - FORNECIMENTO E INSTALAÇÃO. AF_12/2019","UN","144,95","90831","FECHADURA DE EMBUTIR PARA PORTA DE BANHEIRO, COMPLETA, ACABAMENTO PADRÃO MÉDIO, INCLUSO EXECUÇÃO DE FURO - FORNECIMENTO E INSTALAÇÃO. AF_12/2019","UN","144,95","90831","FECHADURA DE EMBUTIR PARA PORTA DE BANHEIRO, COMPLETA, ACABAMENTO PADRÃO MÉDIO, INCLUSO EXECUÇÃO DE FURO - FORNECIMENTO E INSTALAÇÃO. AF_12/2019","UN","144,95","90831","FECHADURA DE EMBUTIR PARA PORTA DE BANHEIRO, COMPLETA, ACABAMENTO PADRÃO MÉDIO, INCLUSO EXECUÇÃO DE FURO - FORNECIMENTO E INSTALAÇÃO. AF_12/2019","UN","144,95","90831","FECHADURA DE EMBUTIR PARA PORTA DE BANHEIRO, COMPLETA, ACABAMENTO PADRÃO MÉDIO, INCLUSO EXECUÇÃO DE FURO - FORNECIMENTO E INSTALAÇÃO. AF_12/2019","UN","144,95","90831","FECHADURA DE EMBUTIR PARA PORTA DE BANHEIRO, COMPLETA, ACABAMENTO PADRÃO MÉDIO, INCLUSO EXECUÇÃO DE FURO - FORNECIMENTO E INSTALAÇÃO. AF_12/2019","UN","144,95","90831","FECHADURA DE EMBUTIR PARA PORTA DE BANHEIRO, COMPLETA, ACABAMENTO PADRÃO MÉDIO, INCLUSO EXECUÇÃO DE FURO - FORNECIMENTO E INSTALAÇÃO. AF_12/2019","UN","144,95","90831","FECHADURA DE EMBUTIR PARA PORTA DE BANHEIRO, COMPLETA, ACABAMENTO PADRÃO MÉDIO, INCLUSO EXECUÇÃO DE FURO - FORNECIMENTO E INSTALAÇÃO. AF_12/2019","UN","144,95","90831","FECHADURA DE EMBUTIR PARA PORTA DE BANHEIRO, COMPLETA, ACABAMENTO PADRÃO MÉDIO, INCLUSO EXECUÇÃO DE FURO - FORNECIMENTO E INSTALAÇÃO. AF_12/2019","UN","144,95","90831","FECHADURA DE EMBUTIR PARA PORTA DE BANHEIRO, COMPLETA, ACABAMENTO PADRÃO MÉDIO, INCLUSO EXECUÇÃO DE FURO - FORNECIMENTO E INSTALAÇÃO. AF_12/2019","UN","144,95","90831","FECHADURA DE EMBUTIR PARA PORTA DE BANHEIRO, COMPLETA, ACABAMENTO PADRÃO MÉDIO, INCLUSO EXECUÇÃO DE FURO - FORNECIMENTO E INSTALAÇÃO. AF_12/2019","UN","144,95","90831","FECHADURA DE EMBUTIR PARA PORTA DE BANHEIRO, COMPLETA, ACABAMENTO PADRÃO MÉDIO, INCLUSO EXECUÇÃO DE FURO - FORNECIMENTO E INSTALAÇÃO. AF_12/2019","UN","144,95","90831","FECHADURA DE EMBUTIR PARA PORTA DE BANHEIRO, COMPLETA, ACABAMENTO PADRÃO MÉDIO, INCLUSO EXECUÇÃO DE FURO - FORNECIMENTO E INSTALAÇÃO. AF_12/2019","UN","144,95","90831","FECHADURA DE EMBUTIR PARA PORTA DE BANHEIRO, COMPLETA, ACABAMENTO PADRÃO MÉDIO, INCLUSO EXECUÇÃO DE FURO - FORNECIMENTO E INSTALAÇÃO. AF_12/2019","UN","144,95","90831","FECHADURA DE EMBUTIR PARA PORTA DE BANHEIRO, COMPLETA, ACABAMENTO PADRÃO MÉDIO, INCLUSO EXECUÇÃO DE FURO - FORNECIMENTO E INSTALAÇÃO. AF_12/2019","UN","144,95","90831","FECHADURA DE EMBUTIR PARA PORTA DE BANHEIRO, COMPLETA, ACABAMENTO PADRÃO MÉDIO, INCLUSO EXECUÇÃO DE FURO - FORNECIMENTO E INSTALAÇÃO. AF_12/2019","UN","144,95","90831","FECHADURA DE EMBUTIR PARA PORTA DE BANHEIRO, COMPLETA, ACABAMENTO PADRÃO MÉDIO, INCLUSO EXECUÇÃO DE FURO - FORNECIMENTO E INSTALAÇÃO. AF_12/2019","UN","144,95","90831","FECHADURA DE EMBUTIR PARA PORTA DE BANHEIRO, COMPLETA, ACABAMENTO PADRÃO MÉDIO, INCLUSO EXECUÇÃO DE FURO - FORNECIMENTO E INSTALAÇÃO. AF_12/2019","UN","144,95","90831","FECHADURA DE EMBUTIR PARA PORTA DE BANHEIRO, COMPLETA, ACABAMENTO PADRÃO MÉDIO, INCLUSO EXECUÇÃO DE FURO - FORNECIMENTO E INSTALAÇÃO. AF_12/2019","UN","144,95","90831","FECHADURA DE EMBUTIR PARA PORTA DE BANHEIRO, COMPLETA, ACABAMENTO PADRÃO MÉDIO, INCLUSO EXECUÇÃO DE FURO - FORNECIMENTO E INSTALAÇÃO. AF_12/2019","UN","144,95","90831","FECHADURA DE EMBUTIR PARA PORTA DE BANHEIRO, COMPLETA, ACABAMENTO PADRÃO MÉDIO, INCLUSO EXECUÇÃO DE FURO - FORNECIMENTO E INSTALAÇÃO. AF_12/2019","UN","144,95","90831","FECHADURA DE EMBUTIR PARA PORTA DE BANHEIRO, COMPLETA, ACABAMENTO PADRÃO MÉDIO, INCLUSO EXECUÇÃO DE FURO - FORNECIMENTO E INSTALAÇÃO. AF_12/2019","UN","144,95","90831","FECHADURA DE EMBUTIR PARA PORTA DE BANHEIRO, COMPLETA, ACABAMENTO PADRÃO MÉDIO, INCLUSO EXECUÇÃO DE FURO - FORNECIMENTO E INSTALAÇÃO. AF_12/2019","UN","144,95","90831","FECHADURA DE EMBUTIR PARA PORTA DE BANHEIRO, COMPLETA, ACABAMENTO PADRÃO MÉDIO, INCLUSO EXECUÇÃO DE FURO - FORNECIMENTO E INSTALAÇÃO. AF_12/2019","UN","144,95"]
[90851,"KIT DE PORTA DE MADEIRA PARA PINTURA, SEMI-OCA (PESADA OU SUPERPESADA), PADRÃO MÉDIO, 80X210CM, ESPESSURA DE 3,5CM, ITENS INCLUSOS: DOBRADIÇAS, MONTAGEM E INSTALAÇÃO DO BATENTE, SEM FECHADURA - FORNECIMENTO E INSTALAÇÃO. AF_12/2019","UN",1124.73,"90851","KIT DE PORTA DE MADEIRA PARA PINTURA, SEMI-OCA (PESADA OU SUPERPESADA), PADRÃO MÉDIO, 80X210CM, ESPESSURA DE 3,5CM, ITENS INCLUSOS: DOBRADIÇAS, MONTAGEM E INSTALAÇÃO DO BATENTE, SEM FECHADURA - FORNECIMENTO E INSTALAÇÃO. AF_12/2019","UN","1.124,73","90851","KIT DE PORTA DE MADEIRA PARA PINTURA, SEMI-OCA (PESADA OU SUPERPESADA), PADRÃO MÉDIO, 80X210CM, ESPESSURA DE 3,5CM, ITENS INCLUSOS: DOBRADIÇAS, MONTAGEM E INSTALAÇÃO DO BATENTE, SEM FECHADURA - FORNECIMENTO E INSTALAÇÃO. AF_12/2019","UN","1.124,73","90851","KIT DE PORTA DE MADEIRA PARA PINTURA, SEMI-OCA (PESADA OU SUPERPESADA), PADRÃO MÉDIO, 80X210CM, ESPESSURA DE 3,5CM, ITENS INCLUSOS: DOBRADIÇAS, MONTAGEM E INSTALAÇÃO DO BATENTE, SEM FECHADURA - FORNECIMENTO E INSTALAÇÃO. AF_12/2019","UN","1.124,73","90851","KIT DE PORTA DE MADEIRA PARA PINTURA, SEMI-OCA (PESADA OU SUPERPESADA), PADRÃO MÉDIO, 80X210CM, ESPESSURA DE 3,5CM, ITENS INCLUSOS: DOBRADIÇAS, MONTAGEM E INSTALAÇÃO DO BATENTE, SEM FECHADURA - FORNECIMENTO E INSTALAÇÃO. AF_12/2019","UN","1.124,73","90851","KIT DE PORTA DE MADEIRA PARA PINTURA, SEMI-OCA (PESADA OU SUPERPESADA), PADRÃO MÉDIO, 80X210CM, ESPESSURA DE 3,5CM, ITENS INCLUSOS: DOBRADIÇAS, MONTAGEM E INSTALAÇÃO DO BATENTE, SEM FECHADURA - FORNECIMENTO E INSTALAÇÃO. AF_12/2019","UN","1.124,73","90851","KIT DE PORTA DE MADEIRA PARA PINTURA, SEMI-OCA (PESADA OU SUPERPESADA), PADRÃO MÉDIO, 80X210CM, ESPESSURA DE 3,5CM, ITENS INCLUSOS: DOBRADIÇAS, MONTAGEM E INSTALAÇÃO DO BATENTE, SEM FECHADURA - FORNECIMENTO E INSTALAÇÃO. AF_12/2019","UN","1.124,73","90851","KIT DE PORTA DE MADEIRA PARA PINTURA, SEMI-OCA (PESADA OU SUPERPESADA), PADRÃO MÉDIO, 80X210CM, ESPESSURA DE 3,5CM, ITENS INCLUSOS: DOBRADIÇAS, MONTAGEM E INSTALAÇÃO DO BATENTE, SEM FECHADURA - FORNECIMENTO E INSTALAÇÃO. AF_12/2019","UN","1.124,73","90851","KIT DE PORTA DE MADEIRA PARA PINTURA, SEMI-OCA (PESADA OU SUPERPESADA), PADRÃO MÉDIO, 80X210CM, ESPESSURA DE 3,5CM, ITENS INCLUSOS: DOBRADIÇAS, MONTAGEM E INSTALAÇÃO DO BATENTE, SEM FECHADURA - FORNECIMENTO E INSTALAÇÃO. AF_12/2019","UN","1.124,73","90851","KIT DE PORTA DE MADEIRA PARA PINTURA, SEMI-OCA (PESADA OU SUPERPESADA), PADRÃO MÉDIO, 80X210CM, ESPESSURA DE 3,5CM, ITENS INCLUSOS: DOBRADIÇAS, MONTAGEM E INSTALAÇÃO DO BATENTE, SEM FECHADURA - FORNECIMENTO E INSTALAÇÃO. AF_12/2019","UN","1.124,73","90851","KIT DE PORTA DE MADEIRA PARA PINTURA, SEMI-OCA (PESADA OU SUPERPESADA), PADRÃO MÉDIO, 80X210CM, ESPESSURA DE 3,5CM, ITENS INCLUSOS: DOBRADIÇAS, MONTAGEM E INSTALAÇÃO DO BATENTE, SEM FECHADURA - FORNECIMENTO E INSTALAÇÃO. AF_12/2019","UN","1.124,73","90851","KIT DE PORTA DE MADEIRA PARA PINTURA, SEMI-OCA (PESADA OU SUPERPESADA), PADRÃO MÉDIO, 80X210CM, ESPESSURA DE 3,5CM, ITENS INCLUSOS: DOBRADIÇAS, MONTAGEM E INSTALAÇÃO DO BATENTE, SEM FECHADURA - FORNECIMENTO E INSTALAÇÃO. AF_12/2019","UN","1.124,73","90851","KIT DE PORTA DE MADEIRA PARA PINTURA, SEMI-OCA (PESADA OU SUPERPESADA), PADRÃO MÉDIO, 80X210CM, ESPESSURA DE 3,5CM, ITENS INCLUSOS: DOBRADIÇAS, MONTAGEM E INSTALAÇÃO DO BATENTE, SEM FECHADURA - FORNECIMENTO E INSTALAÇÃO. AF_12/2019","UN","1.124,73","90851","KIT DE PORTA DE MADEIRA PARA PINTURA, SEMI-OCA (PESADA OU SUPERPESADA), PADRÃO MÉDIO, 80X210CM, ESPESSURA DE 3,5CM, ITENS INCLUSOS: DOBRADIÇAS, MONTAGEM E INSTALAÇÃO DO BATENTE, SEM FECHADURA - FORNECIMENTO E INSTALAÇÃO. AF_12/2019","UN","1.124,73","90851","KIT DE PORTA DE MADEIRA PARA PINTURA, SEMI-OCA (PESADA OU SUPERPESADA), PADRÃO MÉDIO, 80X210CM, ESPESSURA DE 3,5CM, ITENS INCLUSOS: DOBRADIÇAS, MONTAGEM E INSTALAÇÃO DO BATENTE, SEM FECHADURA - FORNECIMENTO E INSTALAÇÃO. AF_12/2019","UN","1.124,73","90851","KIT DE PORTA DE MADEIRA PARA PINTURA, SEMI-OCA (PESADA OU SUPERPESADA), PADRÃO MÉDIO, 80X210CM, ESPESSURA DE 3,5CM, ITENS INCLUSOS: DOBRADIÇAS, MONTAGEM E INSTALAÇÃO DO BATENTE, SEM FECHADURA - FORNECIMENTO E INSTALAÇÃO. AF_12/2019","UN","1.124,73","90851","KIT DE PORTA DE MADEIRA PARA PINTURA, SEMI-OCA (PESADA OU SUPERPESADA), PADRÃO MÉDIO, 80X210CM, ESPESSURA DE 3,5CM, ITENS INCLUSOS: DOBRADIÇAS, MONTAGEM E INSTALAÇÃO DO BATENTE, SEM FECHADURA - FORNECIMENTO E INSTALAÇÃO. AF_12/2019","UN","1.124,73","90851","KIT DE PORTA DE MADEIRA PARA PINTURA, SEMI-OCA (PESADA OU SUPERPESADA), PADRÃO MÉDIO, 80X210CM, ESPESSURA DE 3,5CM, ITENS INCLUSOS: DOBRADIÇAS, MONTAGEM E INSTALAÇÃO DO BATENTE, SEM FECHADURA - FORNECIMENTO E INSTALAÇÃO. AF_12/2019","UN","1.124,73","90851","KIT DE PORTA DE MADEIRA PARA PINTURA, SEMI-OCA (PESADA OU SUPERPESADA), PADRÃO MÉDIO, 80X210CM, ESPESSURA DE 3,5CM, ITENS INCLUSOS: DOBRADIÇAS, MONTAGEM E INSTALAÇÃO DO BATENTE, SEM FECHADURA - FORNECIMENTO E INSTALAÇÃO. AF_12/2019","UN","1.124,73","90851","KIT DE PORTA DE MADEIRA PARA PINTURA, SEMI-OCA (PESADA OU SUPERPESADA), PADRÃO MÉDIO, 80X210CM, ESPESSURA DE 3,5CM, ITENS INCLUSOS: DOBRADIÇAS, MONTAGEM E INSTALAÇÃO DO BATENTE, SEM FECHADURA - FORNECIMENTO E INSTALAÇÃO. AF_12/2019","UN","1.124,73","90851","KIT DE PORTA DE MADEIRA PARA PINTURA, SEMI-OCA (PESADA OU SUPERPESADA), PADRÃO MÉDIO, 80X210CM, ESPESSURA DE 3,5CM, ITENS INCLUSOS: DOBRADIÇAS, MONTAGEM E INSTALAÇÃO DO BATENTE, SEM FECHADURA - FORNECIMENTO E INSTALAÇÃO. AF_12/2019","UN","1.124,73","90851","KIT DE PORTA DE MADEIRA PARA PINTURA, SEMI-OCA (PESADA OU SUPERPESADA), PADRÃO MÉDIO, 80X210CM, ESPESSURA DE 3,5CM, ITENS INCLUSOS: DOBRADIÇAS, MONTAGEM E INSTALAÇÃO DO BATENTE, SEM FECHADURA - FORNECIMENTO E INSTALAÇÃO. AF_12/2019","UN","1.124,73","90851","KIT DE PORTA DE MADEIRA PARA PINTURA, SEMI-OCA (PESADA OU SUPERPESADA), PADRÃO MÉDIO, 80X210CM, ESPESSURA DE 3,5CM, ITENS INCLUSOS: DOBRADIÇAS, MONTAGEM E INSTALAÇÃO DO BATENTE, SEM FECHADURA - FORNECIMENTO E INSTALAÇÃO. AF_12/2019","UN","1.124,73","90851","KIT DE PORTA DE MADEIRA PARA PINTURA, SEMI-OCA (PESADA OU SUPERPESADA), PADRÃO MÉDIO, 80X210CM, ESPESSURA DE 3,5CM, ITENS INCLUSOS: DOBRADIÇAS, MONTAGEM E INSTALAÇÃO DO BATENTE, SEM FECHADURA - FORNECIMENTO E INSTALAÇÃO. AF_12/2019","UN","1.124,73","90851","KIT DE PORTA DE MADEIRA PARA PINTURA, SEMI-OCA (PESADA OU SUPERPESADA), PADRÃO MÉDIO, 80X210CM, ESPESSURA DE 3,5CM, ITENS INCLUSOS: DOBRADIÇAS, MONTAGEM E INSTALAÇÃO DO BATENTE, SEM FECHADURA - FORNECIMENTO E INSTALAÇÃO. AF_12/2019","UN","1.124,73","90851","KIT DE PORTA DE MADEIRA PARA PINTURA, SEMI-OCA (PESADA OU SUPERPESADA), PADRÃO MÉDIO, 80X210CM, ESPESSURA DE 3,5CM, ITENS INCLUSOS: DOBRADIÇAS, MONTAGEM E INSTALAÇÃO DO BATENTE, SEM FECHADURA - FORNECIMENTO E INSTALAÇÃO. AF_12/2019","UN","1.124,73","90851","KIT DE PORTA DE MADEIRA PARA PINTURA, SEMI-OCA (PESADA OU SUPERPESADA), PADRÃO MÉDIO, 80X210CM, ESPESSURA DE 3,5CM, ITENS INCLUSOS: DOBRADIÇAS, MONTAGEM E INSTALAÇÃO DO BATENTE, SEM FECHADURA - FORNECIMENTO E INSTALAÇÃO. AF_12/2019","UN","1.124,73","90851","KIT DE PORTA DE MADEIRA PARA PINTURA, SEMI-OCA (PESADA OU SUPERPESADA), PADRÃO MÉDIO, 80X210CM, ESPESSURA DE 3,5CM, ITENS INCLUSOS: DOBRADIÇAS, MONTAGEM E INSTALAÇÃO DO BATENTE, SEM FECHADURA - FORNECIMENTO E INSTALAÇÃO. AF_12/2019","UN","1.124,73","90851","KIT DE PORTA DE MADEIRA PARA PINTURA, SEMI-OCA (PESADA OU SUPERPESADA), PADRÃO MÉDIO, 80X210CM, ESPESSURA DE 3,5CM, ITENS INCLUSOS: DOBRADIÇAS, MONTAGEM E INSTALAÇÃO DO BATENTE, SEM FECHADURA - FORNECIMENTO E INSTALAÇÃO. AF_12/2019","UN","1.124,73","90851","KIT DE PORTA DE MADEIRA PARA PINTURA, SEMI-OCA (PESADA OU SUPERPESADA), PADRÃO MÉDIO, 80X210CM, ESPESSURA DE 3,5CM, ITENS INCLUSOS: DOBRADIÇAS, MONTAGEM E INSTALAÇÃO DO BATENTE, SEM FECHADURA - FORNECIMENTO E INSTALAÇÃO. AF_12/2019","UN","1.124,73","90851","KIT DE PORTA DE MADEIRA PARA PINTURA, SEMI-OCA (PESADA OU SUPERPESADA), PADRÃO MÉDIO, 80X210CM, ESPESSURA DE 3,5CM, ITENS INCLUSOS: DOBRADIÇAS, MONTAGEM E INSTALAÇÃO DO BATENTE, SEM FECHADURA - FORNECIMENTO E INSTALAÇÃO. AF_12/2019","UN","1.124,73","90851","KIT DE PORTA DE MADEIRA PARA PINTURA, SEMI-OCA (PESADA OU SUPERPESADA), PADRÃO MÉDIO, 80X210CM, ESPESSURA DE 3,5CM, ITENS INCLUSOS: DOBRADIÇAS, MONTAGEM E INSTALAÇÃO DO BATENTE, SEM FECHADURA - FORNECIMENTO E INSTALAÇÃO. AF_12/2019","UN","1.124,73","90851","KIT DE PORTA DE MADEIRA PARA PINTURA, SEMI-OCA (PESADA OU SUPERPESADA), PADRÃO MÉDIO, 80X210CM, ESPESSURA DE 3,5CM, ITENS INCLUSOS: DOBRADIÇAS, MONTAGEM E INSTALAÇÃO DO BATENTE, SEM FECHADURA - FORNECIMENTO E INSTALAÇÃO. AF_12/2019","UN","1.124,73","90851","KIT DE PORTA DE MADEIRA PARA PINTURA, SEMI-OCA (PESADA OU SUPERPESADA), PADRÃO MÉDIO, 80X210CM, ESPESSURA DE 3,5CM, ITENS INCLUSOS: DOBRADIÇAS, MONTAGEM E INSTALAÇÃO DO BATENTE, SEM FECHADURA - FORNECIMENTO E INSTALAÇÃO. AF_12/2019","UN","1.124,73","90851","KIT DE PORTA DE MADEIRA PARA PINTURA, SEMI-OCA (PESADA OU SUPERPESADA), PADRÃO MÉDIO, 80X210CM, ESPESSURA DE 3,5CM, ITENS INCLUSOS: DOBRADIÇAS, MONTAGEM E INSTALAÇÃO DO BATENTE, SEM FECHADURA - FORNECIMENTO E INSTALAÇÃO. AF_12/2019","UN","1.124,73","90851","KIT DE PORTA DE MADEIRA PARA PINTURA, SEMI-OCA (PESADA OU SUPERPESADA), PADRÃO MÉDIO, 80X210CM, ESPESSURA DE 3,5CM, ITENS INCLUSOS: DOBRADIÇAS, MONTAGEM E INSTALAÇÃO DO BATENTE, SEM FECHADURA - FORNECIMENTO E INSTALAÇÃO. AF_12/2019","UN","1.124,73","90851","KIT DE PORTA DE MADEIRA PARA PINTURA, SEMI-OCA (PESADA OU SUPERPESADA), PADRÃO MÉDIO, 80X210CM, ESPESSURA DE 3,5CM, ITENS INCLUSOS: DOBRADIÇAS, MONTAGEM E INSTALAÇÃO DO BATENTE, SEM FECHADURA - FORNECIMENTO E INSTALAÇÃO. AF_12/2019","UN","1.124,73","90851","KIT DE PORTA DE MADEIRA PARA PINTURA, SEMI-OCA (PESADA OU SUPERPESADA), PADRÃO MÉDIO, 80X210CM, ESPESSURA DE 3,5CM, ITENS INCLUSOS: DOBRADIÇAS, MONTAGEM E INSTALAÇÃO DO BATENTE, SEM FECHADURA - FORNECIMENTO E INSTALAÇÃO. AF_12/2019","UN","1.124,73","90851","KIT DE PORTA DE MADEIRA PARA PINTURA, SEMI-OCA (PESADA OU SUPERPESADA), PADRÃO MÉDIO, 80X210CM, ESPESSURA DE 3,5CM, ITENS INCLUSOS: DOBRADIÇAS, MONTAGEM E INSTALAÇÃO DO BATENTE, SEM FECHADURA - FORNECIMENTO E INSTALAÇÃO. AF_12/2019","UN","1.124,73","90851","KIT DE PORTA DE MADEIRA PARA PINTURA, SEMI-OCA (PESADA OU SUPERPESADA), PADRÃO MÉDIO, 80X210CM, ESPESSURA DE 3,5CM, ITENS INCLUSOS: DOBRADIÇAS, MONTAGEM E INSTALAÇÃO DO BATENTE, SEM FECHADURA - FORNECIMENTO E INSTALAÇÃO. AF_12/2019","UN","1.124,73","90851","KIT DE PORTA DE MADEIRA PARA PINTURA, SEMI-OCA (PESADA OU SUPERPESADA), PADRÃO MÉDIO, 80X210CM, ESPESSURA DE 3,5CM, ITENS INCLUSOS: DOBRADIÇAS, MONTAGEM E INSTALAÇÃO DO BATENTE, SEM FECHADURA - FORNECIMENTO E INSTALAÇÃO. AF_12/2019","UN","1.124,73","90851","KIT DE PORTA DE MADEIRA PARA PINTURA, SEMI-OCA (PESADA OU SUPERPESADA), PADRÃO MÉDIO, 80X210CM, ESPESSURA DE 3,5CM, ITENS INCLUSOS: DOBRADIÇAS, MONTAGEM E INSTALAÇÃO DO BATENTE, SEM FECHADURA - FORNECIMENTO E INSTALAÇÃO. AF_12/2019","UN","1.124,73","90851","KIT DE PORTA DE MADEIRA PARA PINTURA, SEMI-OCA (PESADA OU SUPERPESADA), PADRÃO MÉDIO, 80X210CM, ESPESSURA DE 3,5CM, ITENS INCLUSOS: DOBRADIÇAS, MONTAGEM E INSTALAÇÃO DO BATENTE, SEM FECHADURA - FORNECIMENTO E INSTALAÇÃO. AF_12/2019","UN","1.124,73","90851","KIT DE PORTA DE MADEIRA PARA PINTURA, SEMI-OCA (PESADA OU SUPERPESADA), PADRÃO MÉDIO, 80X210CM, ESPESSURA DE 3,5CM, ITENS INCLUSOS: DOBRADIÇAS, MONTAGEM E INSTALAÇÃO DO BATENTE, SEM FECHADURA - FORNECIMENTO E INSTALAÇÃO. AF_12/2019","UN","1.124,73","90851","KIT DE PORTA DE MADEIRA PARA PINTURA, SEMI-OCA (PESADA OU SUPERPESADA), PADRÃO MÉDIO, 80X210CM, ESPESSURA DE 3,5CM, ITENS INCLUSOS: DOBRADIÇAS, MONTAGEM E INSTALAÇÃO DO BATENTE, SEM FECHADURA - FORNECIMENTO E INSTALAÇÃO. AF_12/2019","UN","1.124,73","90851","KIT DE PORTA DE MADEIRA PARA PINTURA, SEMI-OCA (PESADA OU SUPERPESADA), PADRÃO MÉDIO, 80X210CM, ESPESSURA DE 3,5CM, ITENS INCLUSOS: DOBRADIÇAS, MONTAGEM E INSTALAÇÃO DO BATENTE, SEM FECHADURA - FORNECIMENTO E INSTALAÇÃO. AF_12/2019","UN","1.124,73","90851","KIT DE PORTA DE MADEIRA PARA PINTURA, SEMI-OCA (PESADA OU SUPERPESADA), PADRÃO MÉDIO, 80X210CM, ESPESSURA DE 3,5CM, ITENS INCLUSOS: DOBRADIÇAS, MONTAGEM E INSTALAÇÃO DO BATENTE, SEM FECHADURA - FORNECIMENTO E INSTALAÇÃO. AF_12/2019","UN","1.124,73","90851","KIT DE PORTA DE MADEIRA PARA PINTURA, SEMI-OCA (PESADA OU SUPERPESADA), PADRÃO MÉDIO, 80X210CM, ESPESSURA DE 3,5CM, ITENS INCLUSOS: DOBRADIÇAS, MONTAGEM E INSTALAÇÃO DO BATENTE, SEM FECHADURA - FORNECIMENTO E INSTALAÇÃO. AF_12/2019","UN","1.124,73","90851","KIT DE PORTA DE MADEIRA PARA PINTURA, SEMI-OCA (PESADA OU SUPERPESADA), PADRÃO MÉDIO, 80X210CM, ESPESSURA DE 3,5CM, ITENS INCLUSOS: DOBRADIÇAS, MONTAGEM E INSTALAÇÃO DO BATENTE, SEM FECHADURA - FORNECIMENTO E INSTALAÇÃO. AF_12/2019","UN","1.124,73","90851","KIT DE PORTA DE MADEIRA PARA PINTURA, SEMI-OCA (PESADA OU SUPERPESADA), PADRÃO MÉDIO, 80X210CM, ESPESSURA DE 3,5CM, ITENS INCLUSOS: DOBRADIÇAS, MONTAGEM E INSTALAÇÃO DO BATENTE, SEM FECHADURA - FORNECIMENTO E INSTALAÇÃO. AF_12/2019","UN","1.124,73","90851","KIT DE PORTA DE MADEIRA PARA PINTURA, SEMI-OCA (PESADA OU SUPERPESADA), PADRÃO MÉDIO, 80X210CM, ESPESSURA DE 3,5CM, ITENS INCLUSOS: DOBRADIÇAS, MONTAGEM E INSTALAÇÃO DO BATENTE, SEM FECHADURA - FORNECIMENTO E INSTALAÇÃO. AF_12/2019","UN","1.124,73","90851","KIT DE PORTA DE MADEIRA PARA PINTURA, SEMI-OCA (PESADA OU SUPERPESADA), PADRÃO MÉDIO, 80X210CM, ESPESSURA DE 3,5CM, ITENS INCLUSOS: DOBRADIÇAS, MONTAGEM E INSTALAÇÃO DO BATENTE, SEM FECHADURA - FORNECIMENTO E INSTALAÇÃO. AF_12/2019","UN","1.124,73","90851","KIT DE PORTA DE MADEIRA PARA PINTURA, SEMI-OCA (PESADA OU SUPERPESADA), PADRÃO MÉDIO, 80X210CM, ESPESSURA DE 3,5CM, ITENS INCLUSOS: DOBRADIÇAS, MONTAGEM E INSTALAÇÃO DO BATENTE, SEM FECHADURA - FORNECIMENTO E INSTALAÇÃO. AF_12/2019","UN","1.124,73","90851","KIT DE PORTA DE MADEIRA PARA PINTURA, SEMI-OCA (PESADA OU SUPERPESADA), PADRÃO MÉDIO, 80X210CM, ESPESSURA DE 3,5CM, ITENS INCLUSOS: DOBRADIÇAS, MONTAGEM E INSTALAÇÃO DO BATENTE, SEM FECHADURA - FORNECIMENTO E INSTALAÇÃO. AF_12/2019","UN","1.124,73","90851","KIT DE PORTA DE MADEIRA PARA PINTURA, SEMI-OCA (PESADA OU SUPERPESADA), PADRÃO MÉDIO, 80X210CM, ESPESSURA DE 3,5CM, ITENS INCLUSOS: DOBRADIÇAS, MONTAGEM E INSTALAÇÃO DO BATENTE, SEM FECHADURA - FORNECIMENTO E INSTALAÇÃO. AF_12/2019","UN","1.124,73","90851","KIT DE PORTA DE MADEIRA PARA PINTURA, SEMI-OCA (PESADA OU SUPERPESADA), PADRÃO MÉDIO, 80X210CM, ESPESSURA DE 3,5CM, ITENS INCLUSOS: DOBRADIÇAS, MONTAGEM E INSTALAÇÃO DO BATENTE, SEM FECHADURA - FORNECIMENTO E INSTALAÇÃO. AF_12/2019","UN","1.124,73","90851","KIT DE PORTA DE MADEIRA PARA PINTURA, SEMI-OCA (PESADA OU SUPERPESADA), PADRÃO MÉDIO, 80X210CM, ESPESSURA DE 3,5CM, ITENS INCLUSOS: DOBRADIÇAS, MONTAGEM E INSTALAÇÃO DO BATENTE, SEM FECHADURA - FORNECIMENTO E INSTALAÇÃO. AF_12/2019","UN","1.124,73","90851","KIT DE PORTA DE MADEIRA PARA PINTURA, SEMI-OCA (PESADA OU SUPERPESADA), PADRÃO MÉDIO, 80X210CM, ESPESSURA DE 3,5CM, ITENS INCLUSOS: DOBRADIÇAS, MONTAGEM E INSTALAÇÃO DO BATENTE, SEM FECHADURA - FORNECIMENTO E INSTALAÇÃO. AF_12/2019","UN","1.124,73","90851","KIT DE PORTA DE MADEIRA PARA PINTURA, SEMI-OCA (PESADA OU SUPERPESADA), PADRÃO MÉDIO, 80X210CM, ESPESSURA DE 3,5CM, ITENS INCLUSOS: DOBRADIÇAS, MONTAGEM E INSTALAÇÃO DO BATENTE, SEM FECHADURA - FORNECIMENTO E INSTALAÇÃO. AF_12/2019","UN","1.124,73","90851","KIT DE PORTA DE MADEIRA PARA PINTURA, SEMI-OCA (PESADA OU SUPERPESADA), PADRÃO MÉDIO, 80X210CM, ESPESSURA DE 3,5CM, ITENS INCLUSOS: DOBRADIÇAS, MONTAGEM E INSTALAÇÃO DO BATENTE, SEM FECHADURA - FORNECIMENTO E INSTALAÇÃO. AF_12/2019","UN","1.124,73","90851","KIT DE PORTA DE MADEIRA PARA PINTURA, SEMI-OCA (PESADA OU SUPERPESADA), PADRÃO MÉDIO, 80X210CM, ESPESSURA DE 3,5CM, ITENS INCLUSOS: DOBRADIÇAS, MONTAGEM E INSTALAÇÃO DO BATENTE, SEM FECHADURA - FORNECIMENTO E INSTALAÇÃO. AF_12/2019","UN","1.124,73","90851","KIT DE PORTA DE MADEIRA PARA PINTURA, SEMI-OCA (PESADA OU SUPERPESADA), PADRÃO MÉDIO, 80X210CM, ESPESSURA DE 3,5CM, ITENS INCLUSOS: DOBRADIÇAS, MONTAGEM E INSTALAÇÃO DO BATENTE, SEM FECHADURA - FORNECIMENTO E INSTALAÇÃO. AF_12/2019","UN","1.124,73","90851","KIT DE PORTA DE MADEIRA PARA PINTURA, SEMI-OCA (PESADA OU SUPERPESADA), PADRÃO MÉDIO, 80X210CM, ESPESSURA DE 3,5CM, ITENS INCLUSOS: DOBRADIÇAS, MONTAGEM E INSTALAÇÃO DO BATENTE, SEM FECHADURA - FORNECIMENTO E INSTALAÇÃO. AF_12/2019","UN","1.124,73","90851","KIT DE PORTA DE MADEIRA PARA PINTURA, SEMI-OCA (PESADA OU SUPERPESADA), PADRÃO MÉDIO, 80X210CM, ESPESSURA DE 3,5CM, ITENS INCLUSOS: DOBRADIÇAS, MONTAGEM E INSTALAÇÃO DO BATENTE, SEM FECHADURA - FORNECIMENTO E INSTALAÇÃO. AF_12/2019","UN","1.124,73"]
[94562,"JANELA DE AÇO DE CORRER COM 4 FOLHAS PARA VIDRO, COM BATENTE, FERRAGENS E PINTURA ANTICORROSIVA. EXCLUSIVE VIDROS, ALIZAR E CONTRAMARCO. FORNECIMENTO E INSTALAÇÃO. AF_12/2019","M2",627.57000000000005,"94562","JANELA DE AÇO DE CORRER COM 4 FOLHAS PARA VIDRO, COM BATENTE, FERRAGENS E PINTURA ANTICORROSIVA. EXCLUSIVE VIDROS, ALIZAR E CONTRAMARCO. FORNECIMENTO E INSTALAÇÃO. AF_12/2019","M2","627,57","94562","JANELA DE AÇO DE CORRER COM 4 FOLHAS PARA VIDRO, COM BATENTE, FERRAGENS E PINTURA ANTICORROSIVA. EXCLUSIVE VIDROS, ALIZAR E CONTRAMARCO. FORNECIMENTO E INSTALAÇÃO. AF_12/2019","M2","627,57","94562","JANELA DE AÇO DE CORRER COM 4 FOLHAS PARA VIDRO, COM BATENTE, FERRAGENS E PINTURA ANTICORROSIVA. EXCLUSIVE VIDROS, ALIZAR E CONTRAMARCO. FORNECIMENTO E INSTALAÇÃO. AF_12/2019","M2","627,57","94562","JANELA DE AÇO DE CORRER COM 4 FOLHAS PARA VIDRO, COM BATENTE, FERRAGENS E PINTURA ANTICORROSIVA. EXCLUSIVE VIDROS, ALIZAR E CONTRAMARCO. FORNECIMENTO E INSTALAÇÃO. AF_12/2019","M2","627,57","94562","JANELA DE AÇO DE CORRER COM 4 FOLHAS PARA VIDRO, COM BATENTE, FERRAGENS E PINTURA ANTICORROSIVA. EXCLUSIVE VIDROS, ALIZAR E CONTRAMARCO. FORNECIMENTO E INSTALAÇÃO. AF_12/2019","M2","627,57","94562","JANELA DE AÇO DE CORRER COM 4 FOLHAS PARA VIDRO, COM BATENTE, FERRAGENS E PINTURA ANTICORROSIVA. EXCLUSIVE VIDROS, ALIZAR E CONTRAMARCO. FORNECIMENTO E INSTALAÇÃO. AF_12/2019","M2","627,57","94562","JANELA DE AÇO DE CORRER COM 4 FOLHAS PARA VIDRO, COM BATENTE, FERRAGENS E PINTURA ANTICORROSIVA. EXCLUSIVE VIDROS, ALIZAR E CONTRAMARCO. FORNECIMENTO E INSTALAÇÃO. AF_12/2019","M2","627,57","94562","JANELA DE AÇO DE CORRER COM 4 FOLHAS PARA VIDRO, COM BATENTE, FERRAGENS E PINTURA ANTICORROSIVA. EXCLUSIVE VIDROS, ALIZAR E CONTRAMARCO. FORNECIMENTO E INSTALAÇÃO. AF_12/2019","M2","627,57","94562","JANELA DE AÇO DE CORRER COM 4 FOLHAS PARA VIDRO, COM BATENTE, FERRAGENS E PINTURA ANTICORROSIVA. EXCLUSIVE VIDROS, ALIZAR E CONTRAMARCO. FORNECIMENTO E INSTALAÇÃO. AF_12/2019","M2","627,57","94562","JANELA DE AÇO DE CORRER COM 4 FOLHAS PARA VIDRO, COM BATENTE, FERRAGENS E PINTURA ANTICORROSIVA. EXCLUSIVE VIDROS, ALIZAR E CONTRAMARCO. FORNECIMENTO E INSTALAÇÃO. AF_12/2019","M2","627,57","94562","JANELA DE AÇO DE CORRER COM 4 FOLHAS PARA VIDRO, COM BATENTE, FERRAGENS E PINTURA ANTICORROSIVA. EXCLUSIVE VIDROS, ALIZAR E CONTRAMARCO. FORNECIMENTO E INSTALAÇÃO. AF_12/2019","M2","627,57","94562","JANELA DE AÇO DE CORRER COM 4 FOLHAS PARA VIDRO, COM BATENTE, FERRAGENS E PINTURA ANTICORROSIVA. EXCLUSIVE VIDROS, ALIZAR E CONTRAMARCO. FORNECIMENTO E INSTALAÇÃO. AF_12/2019","M2","627,57","94562","JANELA DE AÇO DE CORRER COM 4 FOLHAS PARA VIDRO, COM BATENTE, FERRAGENS E PINTURA ANTICORROSIVA. EXCLUSIVE VIDROS, ALIZAR E CONTRAMARCO. FORNECIMENTO E INSTALAÇÃO. AF_12/2019","M2","627,57","94562","JANELA DE AÇO DE CORRER COM 4 FOLHAS PARA VIDRO, COM BATENTE, FERRAGENS E PINTURA ANTICORROSIVA. EXCLUSIVE VIDROS, ALIZAR E CONTRAMARCO. FORNECIMENTO E INSTALAÇÃO. AF_12/2019","M2","627,57","94562","JANELA DE AÇO DE CORRER COM 4 FOLHAS PARA VIDRO, COM BATENTE, FERRAGENS E PINTURA ANTICORROSIVA. EXCLUSIVE VIDROS, ALIZAR E CONTRAMARCO. FORNECIMENTO E INSTALAÇÃO. AF_12/2019","M2","627,57","94562","JANELA DE AÇO DE CORRER COM 4 FOLHAS PARA VIDRO, COM BATENTE, FERRAGENS E PINTURA ANTICORROSIVA. EXCLUSIVE VIDROS, ALIZAR E CONTRAMARCO. FORNECIMENTO E INSTALAÇÃO. AF_12/2019","M2","627,57","94562","JANELA DE AÇO DE CORRER COM 4 FOLHAS PARA VIDRO, COM BATENTE, FERRAGENS E PINTURA ANTICORROSIVA. EXCLUSIVE VIDROS, ALIZAR E CONTRAMARCO. FORNECIMENTO E INSTALAÇÃO. AF_12/2019","M2","627,57","94562","JANELA DE AÇO DE CORRER COM 4 FOLHAS PARA VIDRO, COM BATENTE, FERRAGENS E PINTURA ANTICORROSIVA. EXCLUSIVE VIDROS, ALIZAR E CONTRAMARCO. FORNECIMENTO E INSTALAÇÃO. AF_12/2019","M2","627,57","94562","JANELA DE AÇO DE CORRER COM 4 FOLHAS PARA VIDRO, COM BATENTE, FERRAGENS E PINTURA ANTICORROSIVA. EXCLUSIVE VIDROS, ALIZAR E CONTRAMARCO. FORNECIMENTO E INSTALAÇÃO. AF_12/2019","M2","627,57","94562","JANELA DE AÇO DE CORRER COM 4 FOLHAS PARA VIDRO, COM BATENTE, FERRAGENS E PINTURA ANTICORROSIVA. EXCLUSIVE VIDROS, ALIZAR E CONTRAMARCO. FORNECIMENTO E INSTALAÇÃO. AF_12/2019","M2","627,57","94562","JANELA DE AÇO DE CORRER COM 4 FOLHAS PARA VIDRO, COM BATENTE, FERRAGENS E PINTURA ANTICORROSIVA. EXCLUSIVE VIDROS, ALIZAR E CONTRAMARCO. FORNECIMENTO E INSTALAÇÃO. AF_12/2019","M2","627,57","94562","JANELA DE AÇO DE CORRER COM 4 FOLHAS PARA VIDRO, COM BATENTE, FERRAGENS E PINTURA ANTICORROSIVA. EXCLUSIVE VIDROS, ALIZAR E CONTRAMARCO. FORNECIMENTO E INSTALAÇÃO. AF_12/2019","M2","627,57","94562","JANELA DE AÇO DE CORRER COM 4 FOLHAS PARA VIDRO, COM BATENTE, FERRAGENS E PINTURA ANTICORROSIVA. EXCLUSIVE VIDROS, ALIZAR E CONTRAMARCO. FORNECIMENTO E INSTALAÇÃO. AF_12/2019","M2","627,57","94562","JANELA DE AÇO DE CORRER COM 4 FOLHAS PARA VIDRO, COM BATENTE, FERRAGENS E PINTURA ANTICORROSIVA. EXCLUSIVE VIDROS, ALIZAR E CONTRAMARCO. FORNECIMENTO E INSTALAÇÃO. AF_12/2019","M2","627,57","94562","JANELA DE AÇO DE CORRER COM 4 FOLHAS PARA VIDRO, COM BATENTE, FERRAGENS E PINTURA ANTICORROSIVA. EXCLUSIVE VIDROS, ALIZAR E CONTRAMARCO. FORNECIMENTO E INSTALAÇÃO. AF_12/2019","M2","627,57","94562","JANELA DE AÇO DE CORRER COM 4 FOLHAS PARA VIDRO, COM BATENTE, FERRAGENS E PINTURA ANTICORROSIVA. EXCLUSIVE VIDROS, ALIZAR E CONTRAMARCO. FORNECIMENTO E INSTALAÇÃO. AF_12/2019","M2","627,57","94562","JANELA DE AÇO DE CORRER COM 4 FOLHAS PARA VIDRO, COM BATENTE, FERRAGENS E PINTURA ANTICORROSIVA. EXCLUSIVE VIDROS, ALIZAR E CONTRAMARCO. FORNECIMENTO E INSTALAÇÃO. AF_12/2019","M2","627,57","94562","JANELA DE AÇO DE CORRER COM 4 FOLHAS PARA VIDRO, COM BATENTE, FERRAGENS E PINTURA ANTICORROSIVA. EXCLUSIVE VIDROS, ALIZAR E CONTRAMARCO. FORNECIMENTO E INSTALAÇÃO. AF_12/2019","M2","627,57","94562","JANELA DE AÇO DE CORRER COM 4 FOLHAS PARA VIDRO, COM BATENTE, FERRAGENS E PINTURA ANTICORROSIVA. EXCLUSIVE VIDROS, ALIZAR E CONTRAMARCO. FORNECIMENTO E INSTALAÇÃO. AF_12/2019","M2","627,57","94562","JANELA DE AÇO DE CORRER COM 4 FOLHAS PARA VIDRO, COM BATENTE, FERRAGENS E PINTURA ANTICORROSIVA. EXCLUSIVE VIDROS, ALIZAR E CONTRAMARCO. FORNECIMENTO E INSTALAÇÃO. AF_12/2019","M2","627,57","94562","JANELA DE AÇO DE CORRER COM 4 FOLHAS PARA VIDRO, COM BATENTE, FERRAGENS E PINTURA ANTICORROSIVA. EXCLUSIVE VIDROS, ALIZAR E CONTRAMARCO. FORNECIMENTO E INSTALAÇÃO. AF_12/2019","M2","627,57","94562","JANELA DE AÇO DE CORRER COM 4 FOLHAS PARA VIDRO, COM BATENTE, FERRAGENS E PINTURA ANTICORROSIVA. EXCLUSIVE VIDROS, ALIZAR E CONTRAMARCO. FORNECIMENTO E INSTALAÇÃO. AF_12/2019","M2","627,57","94562","JANELA DE AÇO DE CORRER COM 4 FOLHAS PARA VIDRO, COM BATENTE, FERRAGENS E PINTURA ANTICORROSIVA. EXCLUSIVE VIDROS, ALIZAR E CONTRAMARCO. FORNECIMENTO E INSTALAÇÃO. AF_12/2019","M2","627,57","94562","JANELA DE AÇO DE CORRER COM 4 FOLHAS PARA VIDRO, COM BATENTE, FERRAGENS E PINTURA ANTICORROSIVA. EXCLUSIVE VIDROS, ALIZAR E CONTRAMARCO. FORNECIMENTO E INSTALAÇÃO. AF_12/2019","M2","627,57","94562","JANELA DE AÇO DE CORRER COM 4 FOLHAS PARA VIDRO, COM BATENTE, FERRAGENS E PINTURA ANTICORROSIVA. EXCLUSIVE VIDROS, ALIZAR E CONTRAMARCO. FORNECIMENTO E INSTALAÇÃO. AF_12/2019","M2","627,57","94562","JANELA DE AÇO DE CORRER COM 4 FOLHAS PARA VIDRO, COM BATENTE, FERRAGENS E PINTURA ANTICORROSIVA. EXCLUSIVE VIDROS, ALIZAR E CONTRAMARCO. FORNECIMENTO E INSTALAÇÃO. AF_12/2019","M2","627,57","94562","JANELA DE AÇO DE CORRER COM 4 FOLHAS PARA VIDRO, COM BATENTE, FERRAGENS E PINTURA ANTICORROSIVA. EXCLUSIVE VIDROS, ALIZAR E CONTRAMARCO. FORNECIMENTO E INSTALAÇÃO. AF_12/2019","M2","627,57","94562","JANELA DE AÇO DE CORRER COM 4 FOLHAS PARA VIDRO, COM BATENTE, FERRAGENS E PINTURA ANTICORROSIVA. EXCLUSIVE VIDROS, ALIZAR E CONTRAMARCO. FORNECIMENTO E INSTALAÇÃO. AF_12/2019","M2","627,57","94562","JANELA DE AÇO DE CORRER COM 4 FOLHAS PARA VIDRO, COM BATENTE, FERRAGENS E PINTURA ANTICORROSIVA. EXCLUSIVE VIDROS, ALIZAR E CONTRAMARCO. FORNECIMENTO E INSTALAÇÃO. AF_12/2019","M2","627,57","94562","JANELA DE AÇO DE CORRER COM 4 FOLHAS PARA VIDRO, COM BATENTE, FERRAGENS E PINTURA ANTICORROSIVA. EXCLUSIVE VIDROS, ALIZAR E CONTRAMARCO. FORNECIMENTO E INSTALAÇÃO. AF_12/2019","M2","627,57","94562","JANELA DE AÇO DE CORRER COM 4 FOLHAS PARA VIDRO, COM BATENTE, FERRAGENS E PINTURA ANTICORROSIVA. EXCLUSIVE VIDROS, ALIZAR E CONTRAMARCO. FORNECIMENTO E INSTALAÇÃO. AF_12/2019","M2","627,57","94562","JANELA DE AÇO DE CORRER COM 4 FOLHAS PARA VIDRO, COM BATENTE, FERRAGENS E PINTURA ANTICORROSIVA. EXCLUSIVE VIDROS, ALIZAR E CONTRAMARCO. FORNECIMENTO E INSTALAÇÃO. AF_12/2019","M2","627,57","94562","JANELA DE AÇO DE CORRER COM 4 FOLHAS PARA VIDRO, COM BATENTE, FERRAGENS E PINTURA ANTICORROSIVA. EXCLUSIVE VIDROS, ALIZAR E CONTRAMARCO. FORNECIMENTO E INSTALAÇÃO. AF_12/2019","M2","627,57","94562","JANELA DE AÇO DE CORRER COM 4 FOLHAS PARA VIDRO, COM BATENTE, FERRAGENS E PINTURA ANTICORROSIVA. EXCLUSIVE VIDROS, ALIZAR E CONTRAMARCO. FORNECIMENTO E INSTALAÇÃO. AF_12/2019","M2","627,57","94562","JANELA DE AÇO DE CORRER COM 4 FOLHAS PARA VIDRO, COM BATENTE, FERRAGENS E PINTURA ANTICORROSIVA. EXCLUSIVE VIDROS, ALIZAR E CONTRAMARCO. FORNECIMENTO E INSTALAÇÃO. AF_12/2019","M2","627,57","94562","JANELA DE AÇO DE CORRER COM 4 FOLHAS PARA VIDRO, COM BATENTE, FERRAGENS E PINTURA ANTICORROSIVA. EXCLUSIVE VIDROS, ALIZAR E CONTRAMARCO. FORNECIMENTO E INSTALAÇÃO. AF_12/2019","M2","627,57","94562","JANELA DE AÇO DE CORRER COM 4 FOLHAS PARA VIDRO, COM BATENTE, FERRAGENS E PINTURA ANTICORROSIVA. EXCLUSIVE VIDROS, ALIZAR E CONTRAMARCO. FORNECIMENTO E INSTALAÇÃO. AF_12/2019","M2","627,57","94562","JANELA DE AÇO DE CORRER COM 4 FOLHAS PARA VIDRO, COM BATENTE, FERRAGENS E PINTURA ANTICORROSIVA. EXCLUSIVE VIDROS, ALIZAR E CONTRAMARCO. FORNECIMENTO E INSTALAÇÃO. AF_12/2019","M2","627,57","94562","JANELA DE AÇO DE CORRER COM 4 FOLHAS PARA VIDRO, COM BATENTE, FERRAGENS E PINTURA ANTICORROSIVA. EXCLUSIVE VIDROS, ALIZAR E CONTRAMARCO. FORNECIMENTO E INSTALAÇÃO. AF_12/2019","M2","627,57","94562","JANELA DE AÇO DE CORRER COM 4 FOLHAS PARA VIDRO, COM BATENTE, FERRAGENS E PINTURA ANTICORROSIVA. EXCLUSIVE VIDROS, ALIZAR E CONTRAMARCO. FORNECIMENTO E INSTALAÇÃO. AF_12/2019","M2","627,57","94562","JANELA DE AÇO DE CORRER COM 4 FOLHAS PARA VIDRO, COM BATENTE, FERRAGENS E PINTURA ANTICORROSIVA. EXCLUSIVE VIDROS, ALIZAR E CONTRAMARCO. FORNECIMENTO E INSTALAÇÃO. AF_12/2019","M2","627,57","94562","JANELA DE AÇO DE CORRER COM 4 FOLHAS PARA VIDRO, COM BATENTE, FERRAGENS E PINTURA ANTICORROSIVA. EXCLUSIVE VIDROS, ALIZAR E CONTRAMARCO. FORNECIMENTO E INSTALAÇÃO. AF_12/2019","M2","627,57","94562","JANELA DE AÇO DE CORRER COM 4 FOLHAS PARA VIDRO, COM BATENTE, FERRAGENS E PINTURA ANTICORROSIVA. EXCLUSIVE VIDROS, ALIZAR E CONTRAMARCO. FORNECIMENTO E INSTALAÇÃO. AF_12/2019","M2","627,57","94562","JANELA DE AÇO DE CORRER COM 4 FOLHAS PARA VIDRO, COM BATENTE, FERRAGENS E PINTURA ANTICORROSIVA. EXCLUSIVE VIDROS, ALIZAR E CONTRAMARCO. FORNECIMENTO E INSTALAÇÃO. AF_12/2019","M2","627,57","94562","JANELA DE AÇO DE CORRER COM 4 FOLHAS PARA VIDRO, COM BATENTE, FERRAGENS E PINTURA ANTICORROSIVA. EXCLUSIVE VIDROS, ALIZAR E CONTRAMARCO. FORNECIMENTO E INSTALAÇÃO. AF_12/2019","M2","627,57","94562","JANELA DE AÇO DE CORRER COM 4 FOLHAS PARA VIDRO, COM BATENTE, FERRAGENS E PINTURA ANTICORROSIVA. EXCLUSIVE VIDROS, ALIZAR E CONTRAMARCO. FORNECIMENTO E INSTALAÇÃO. AF_12/2019","M2","627,57","94562","JANELA DE AÇO DE CORRER COM 4 FOLHAS PARA VIDRO, COM BATENTE, FERRAGENS E PINTURA ANTICORROSIVA. EXCLUSIVE VIDROS, ALIZAR E CONTRAMARCO. FORNECIMENTO E INSTALAÇÃO. AF_12/2019","M2","627,57","94562","JANELA DE AÇO DE CORRER COM 4 FOLHAS PARA VIDRO, COM BATENTE, FERRAGENS E PINTURA ANTICORROSIVA. EXCLUSIVE VIDROS, ALIZAR E CONTRAMARCO. FORNECIMENTO E INSTALAÇÃO. AF_12/2019","M2","627,57","94562","JANELA DE AÇO DE CORRER COM 4 FOLHAS PARA VIDRO, COM BATENTE, FERRAGENS E PINTURA ANTICORROSIVA. EXCLUSIVE VIDROS, ALIZAR E CONTRAMARCO. FORNECIMENTO E INSTALAÇÃO. AF_12/2019","M2","627,57","94562","JANELA DE AÇO DE CORRER COM 4 FOLHAS PARA VIDRO, COM BATENTE, FERRAGENS E PINTURA ANTICORROSIVA. EXCLUSIVE VIDROS, ALIZAR E CONTRAMARCO. FORNECIMENTO E INSTALAÇÃO. AF_12/2019","M2","627,57","94562","JANELA DE AÇO DE CORRER COM 4 FOLHAS PARA VIDRO, COM BATENTE, FERRAGENS E PINTURA ANTICORROSIVA. EXCLUSIVE VIDROS, ALIZAR E CONTRAMARCO. FORNECIMENTO E INSTALAÇÃO. AF_12/2019","M2","627,57","94562","JANELA DE AÇO DE CORRER COM 4 FOLHAS PARA VIDRO, COM BATENTE, FERRAGENS E PINTURA ANTICORROSIVA. EXCLUSIVE VIDROS, ALIZAR E CONTRAMARCO. FORNECIMENTO E INSTALAÇÃO. AF_12/2019","M2","627,57","94562","JANELA DE AÇO DE CORRER COM 4 FOLHAS PARA VIDRO, COM BATENTE, FERRAGENS E PINTURA ANTICORROSIVA. EXCLUSIVE VIDROS, ALIZAR E CONTRAMARCO. FORNECIMENTO E INSTALAÇÃO. AF_12/2019","M2","627,57"]
[102170,"INSTALAÇÃO DE VIDRO IMPRESSO, E = 4 MM, EM ESQUADRIA DE ALUMÍNIO OU PVC, FIXADO COM BAGUETE. AF_01/2021_PS","M2",227.83,"102170","INSTALAÇÃO DE VIDRO IMPRESSO, E = 4 MM, EM ESQUADRIA DE ALUMÍNIO OU PVC, FIXADO COM BAGUETE. AF_01/2021_PS","M2","227,83","102170","INSTALAÇÃO DE VIDRO IMPRESSO, E = 4 MM, EM ESQUADRIA DE ALUMÍNIO OU PVC, FIXADO COM BAGUETE. AF_01/2021_PS","M2","227,83","102170","INSTALAÇÃO DE VIDRO IMPRESSO, E = 4 MM, EM ESQUADRIA DE ALUMÍNIO OU PVC, FIXADO COM BAGUETE. AF_01/2021_PS","M2","227,83","102170","INSTALAÇÃO DE VIDRO IMPRESSO, E = 4 MM, EM ESQUADRIA DE ALUMÍNIO OU PVC, FIXADO COM BAGUETE. AF_01/2021_PS","M2","227,83","102170","INSTALAÇÃO DE VIDRO IMPRESSO, E = 4 MM, EM ESQUADRIA DE ALUMÍNIO OU PVC, FIXADO COM BAGUETE. AF_01/2021_PS","M2","227,83","102170","INSTALAÇÃO DE VIDRO IMPRESSO, E = 4 MM, EM ESQUADRIA DE ALUMÍNIO OU PVC, FIXADO COM BAGUETE. AF_01/2021_PS","M2","227,83","102170","INSTALAÇÃO DE VIDRO IMPRESSO, E = 4 MM, EM ESQUADRIA DE ALUMÍNIO OU PVC, FIXADO COM BAGUETE. AF_01/2021_PS","M2","227,83","102170","INSTALAÇÃO DE VIDRO IMPRESSO, E = 4 MM, EM ESQUADRIA DE ALUMÍNIO OU PVC, FIXADO COM BAGUETE. AF_01/2021_PS","M2","227,83","102170","INSTALAÇÃO DE VIDRO IMPRESSO, E = 4 MM, EM ESQUADRIA DE ALUMÍNIO OU PVC, FIXADO COM BAGUETE. AF_01/2021_PS","M2","227,83","102170","INSTALAÇÃO DE VIDRO IMPRESSO, E = 4 MM, EM ESQUADRIA DE ALUMÍNIO OU PVC, FIXADO COM BAGUETE. AF_01/2021_PS","M2","227,83","102170","INSTALAÇÃO DE VIDRO IMPRESSO, E = 4 MM, EM ESQUADRIA DE ALUMÍNIO OU PVC, FIXADO COM BAGUETE. AF_01/2021_PS","M2","227,83","102170","INSTALAÇÃO DE VIDRO IMPRESSO, E = 4 MM, EM ESQUADRIA DE ALUMÍNIO OU PVC, FIXADO COM BAGUETE. AF_01/2021_PS","M2","227,83","102170","INSTALAÇÃO DE VIDRO IMPRESSO, E = 4 MM, EM ESQUADRIA DE ALUMÍNIO OU PVC, FIXADO COM BAGUETE. AF_01/2021_PS","M2","227,83","102170","INSTALAÇÃO DE VIDRO IMPRESSO, E = 4 MM, EM ESQUADRIA DE ALUMÍNIO OU PVC, FIXADO COM BAGUETE. AF_01/2021_PS","M2","227,83","102170","INSTALAÇÃO DE VIDRO IMPRESSO, E = 4 MM, EM ESQUADRIA DE ALUMÍNIO OU PVC, FIXADO COM BAGUETE. AF_01/2021_PS","M2","227,83","102170","INSTALAÇÃO DE VIDRO IMPRESSO, E = 4 MM, EM ESQUADRIA DE ALUMÍNIO OU PVC, FIXADO COM BAGUETE. AF_01/2021_PS","M2","227,83","102170","INSTALAÇÃO DE VIDRO IMPRESSO, E = 4 MM, EM ESQUADRIA DE ALUMÍNIO OU PVC, FIXADO COM BAGUETE. AF_01/2021_PS","M2","227,83","102170","INSTALAÇÃO DE VIDRO IMPRESSO, E = 4 MM, EM ESQUADRIA DE ALUMÍNIO OU PVC, FIXADO COM BAGUETE. AF_01/2021_PS","M2","227,83","102170","INSTALAÇÃO DE VIDRO IMPRESSO, E = 4 MM, EM ESQUADRIA DE ALUMÍNIO OU PVC, FIXADO COM BAGUETE. AF_01/2021_PS","M2","227,83","102170","INSTALAÇÃO DE VIDRO IMPRESSO, E = 4 MM, EM ESQUADRIA DE ALUMÍNIO OU PVC, FIXADO COM BAGUETE. AF_01/2021_PS","M2","227,83","102170","INSTALAÇÃO DE VIDRO IMPRESSO, E = 4 MM, EM ESQUADRIA DE ALUMÍNIO OU PVC, FIXADO COM BAGUETE. AF_01/2021_PS","M2","227,83","102170","INSTALAÇÃO DE VIDRO IMPRESSO, E = 4 MM, EM ESQUADRIA DE ALUMÍNIO OU PVC, FIXADO COM BAGUETE. AF_01/2021_PS","M2","227,83","102170","INSTALAÇÃO DE VIDRO IMPRESSO, E = 4 MM, EM ESQUADRIA DE ALUMÍNIO OU PVC, FIXADO COM BAGUETE. AF_01/2021_PS","M2","227,83","102170","INSTALAÇÃO DE VIDRO IMPRESSO, E = 4 MM, EM ESQUADRIA DE ALUMÍNIO OU PVC, FIXADO COM BAGUETE. AF_01/2021_PS","M2","227,83","102170","INSTALAÇÃO DE VIDRO IMPRESSO, E = 4 MM, EM ESQUADRIA DE ALUMÍNIO OU PVC, FIXADO COM BAGUETE. AF_01/2021_PS","M2","227,83","102170","INSTALAÇÃO DE VIDRO IMPRESSO, E = 4 MM, EM ESQUADRIA DE ALUMÍNIO OU PVC, FIXADO COM BAGUETE. AF_01/2021_PS","M2","227,83","102170","INSTALAÇÃO DE VIDRO IMPRESSO, E = 4 MM, EM ESQUADRIA DE ALUMÍNIO OU PVC, FIXADO COM BAGUETE. AF_01/2021_PS","M2","227,83","102170","INSTALAÇÃO DE VIDRO IMPRESSO, E = 4 MM, EM ESQUADRIA DE ALUMÍNIO OU PVC, FIXADO COM BAGUETE. AF_01/2021_PS","M2","227,83","102170","INSTALAÇÃO DE VIDRO IMPRESSO, E = 4 MM, EM ESQUADRIA DE ALUMÍNIO OU PVC, FIXADO COM BAGUETE. AF_01/2021_PS","M2","227,83","102170","INSTALAÇÃO DE VIDRO IMPRESSO, E = 4 MM, EM ESQUADRIA DE ALUMÍNIO OU PVC, FIXADO COM BAGUETE. AF_01/2021_PS","M2","227,83","102170","INSTALAÇÃO DE VIDRO IMPRESSO, E = 4 MM, EM ESQUADRIA DE ALUMÍNIO OU PVC, FIXADO COM BAGUETE. AF_01/2021_PS","M2","227,83","102170","INSTALAÇÃO DE VIDRO IMPRESSO, E = 4 MM, EM ESQUADRIA DE ALUMÍNIO OU PVC, FIXADO COM BAGUETE. AF_01/2021_PS","M2","227,83","102170","INSTALAÇÃO DE VIDRO IMPRESSO, E = 4 MM, EM ESQUADRIA DE ALUMÍNIO OU PVC, FIXADO COM BAGUETE. AF_01/2021_PS","M2","227,83","102170","INSTALAÇÃO DE VIDRO IMPRESSO, E = 4 MM, EM ESQUADRIA DE ALUMÍNIO OU PVC, FIXADO COM BAGUETE. AF_01/2021_PS","M2","227,83","102170","INSTALAÇÃO DE VIDRO IMPRESSO, E = 4 MM, EM ESQUADRIA DE ALUMÍNIO OU PVC, FIXADO COM BAGUETE. AF_01/2021_PS","M2","227,83","102170","INSTALAÇÃO DE VIDRO IMPRESSO, E = 4 MM, EM ESQUADRIA DE ALUMÍNIO OU PVC, FIXADO COM BAGUETE. AF_01/2021_PS","M2","227,83","102170","INSTALAÇÃO DE VIDRO IMPRESSO, E = 4 MM, EM ESQUADRIA DE ALUMÍNIO OU PVC, FIXADO COM BAGUETE. AF_01/2021_PS","M2","227,83","102170","INSTALAÇÃO DE VIDRO IMPRESSO, E = 4 MM, EM ESQUADRIA DE ALUMÍNIO OU PVC, FIXADO COM BAGUETE. AF_01/2021_PS","M2","227,83","102170","INSTALAÇÃO DE VIDRO IMPRESSO, E = 4 MM, EM ESQUADRIA DE ALUMÍNIO OU PVC, FIXADO COM BAGUETE. AF_01/2021_PS","M2","227,83","102170","INSTALAÇÃO DE VIDRO IMPRESSO, E = 4 MM, EM ESQUADRIA DE ALUMÍNIO OU PVC, FIXADO COM BAGUETE. AF_01/2021_PS","M2","227,83","102170","INSTALAÇÃO DE VIDRO IMPRESSO, E = 4 MM, EM ESQUADRIA DE ALUMÍNIO OU PVC, FIXADO COM BAGUETE. AF_01/2021_PS","M2","227,83","102170","INSTALAÇÃO DE VIDRO IMPRESSO, E = 4 MM, EM ESQUADRIA DE ALUMÍNIO OU PVC, FIXADO COM BAGUETE. AF_01/2021_PS","M2","227,83","102170","INSTALAÇÃO DE VIDRO IMPRESSO, E = 4 MM, EM ESQUADRIA DE ALUMÍNIO OU PVC, FIXADO COM BAGUETE. AF_01/2021_PS","M2","227,83","102170","INSTALAÇÃO DE VIDRO IMPRESSO, E = 4 MM, EM ESQUADRIA DE ALUMÍNIO OU PVC, FIXADO COM BAGUETE. AF_01/2021_PS","M2","227,83","102170","INSTALAÇÃO DE VIDRO IMPRESSO, E = 4 MM, EM ESQUADRIA DE ALUMÍNIO OU PVC, FIXADO COM BAGUETE. AF_01/2021_PS","M2","227,83","102170","INSTALAÇÃO DE VIDRO IMPRESSO, E = 4 MM, EM ESQUADRIA DE ALUMÍNIO OU PVC, FIXADO COM BAGUETE. AF_01/2021_PS","M2","227,83","102170","INSTALAÇÃO DE VIDRO IMPRESSO, E = 4 MM, EM ESQUADRIA DE ALUMÍNIO OU PVC, FIXADO COM BAGUETE. AF_01/2021_PS","M2","227,83","102170","INSTALAÇÃO DE VIDRO IMPRESSO, E = 4 MM, EM ESQUADRIA DE ALUMÍNIO OU PVC, FIXADO COM BAGUETE. AF_01/2021_PS","M2","227,83","102170","INSTALAÇÃO DE VIDRO IMPRESSO, E = 4 MM, EM ESQUADRIA DE ALUMÍNIO OU PVC, FIXADO COM BAGUETE. AF_01/2021_PS","M2","227,83","102170","INSTALAÇÃO DE VIDRO IMPRESSO, E = 4 MM, EM ESQUADRIA DE ALUMÍNIO OU PVC, FIXADO COM BAGUETE. AF_01/2021_PS","M2","227,83","102170","INSTALAÇÃO DE VIDRO IMPRESSO, E = 4 MM, EM ESQUADRIA DE ALUMÍNIO OU PVC, FIXADO COM BAGUETE. AF_01/2021_PS","M2","227,83","102170","INSTALAÇÃO DE VIDRO IMPRESSO, E = 4 MM, EM ESQUADRIA DE ALUMÍNIO OU PVC, FIXADO COM BAGUETE. AF_01/2021_PS","M2","227,83","102170","INSTALAÇÃO DE VIDRO IMPRESSO, E = 4 MM, EM ESQUADRIA DE ALUMÍNIO OU PVC, FIXADO COM BAGUETE. AF_01/2021_PS","M2","227,83","102170","INSTALAÇÃO DE VIDRO IMPRESSO, E = 4 MM, EM ESQUADRIA DE ALUMÍNIO OU PVC, FIXADO COM BAGUETE. AF_01/2021_PS","M2","227,83","102170","INSTALAÇÃO DE VIDRO IMPRESSO, E = 4 MM, EM ESQUADRIA DE ALUMÍNIO OU PVC, FIXADO COM BAGUETE. AF_01/2021_PS","M2","227,83","102170","INSTALAÇÃO DE VIDRO IMPRESSO, E = 4 MM, EM ESQUADRIA DE ALUMÍNIO OU PVC, FIXADO COM BAGUETE. AF_01/2021_PS","M2","227,83","102170","INSTALAÇÃO DE VIDRO IMPRESSO, E = 4 MM, EM ESQUADRIA DE ALUMÍNIO OU PVC, FIXADO COM BAGUETE. AF_01/2021_PS","M2","227,83","102170","INSTALAÇÃO DE VIDRO IMPRESSO, E = 4 MM, EM ESQUADRIA DE ALUMÍNIO OU PVC, FIXADO COM BAGUETE. AF_01/2021_PS","M2","227,83","102170","INSTALAÇÃO DE VIDRO IMPRESSO, E = 4 MM, EM ESQUADRIA DE ALUMÍNIO OU PVC, FIXADO COM BAGUETE. AF_01/2021_PS","M2","227,83","102170","INSTALAÇÃO DE VIDRO IMPRESSO, E = 4 MM, EM ESQUADRIA DE ALUMÍNIO OU PVC, FIXADO COM BAGUETE. AF_01/2021_PS","M2","227,83","102170","INSTALAÇÃO DE VIDRO IMPRESSO, E = 4 MM, EM ESQUADRIA DE ALUMÍNIO OU PVC, FIXADO COM BAGUETE. AF_01/2021_PS","M2","227,83","102170","INSTALAÇÃO DE VIDRO IMPRESSO, E = 4 MM, EM ESQUADRIA DE ALUMÍNIO OU PVC, FIXADO COM BAGUETE. AF_01/2021_PS","M2","227,83","102170","INSTALAÇÃO DE VIDRO IMPRESSO, E = 4 MM, EM ESQUADRIA DE ALUMÍNIO OU PVC, FIXADO COM BAGUETE. AF_01/2021_PS","M2","227,83"]
[100651,"ESTACA HÉLICE CONTÍNUA, DIÂMETRO DE 30 CM, INCLUSO CONCRETO FCK=30MPA E ARMADURA MÍNIMA (EXCLUSIVE MOBILIZAÇÃO, DESMOBILIZAÇÃO E BOMBEAMENTO). AF_12/2019","M",145.53,"100651","ESTACA HÉLICE CONTÍNUA, DIÂMETRO DE 30 CM, INCLUSO CONCRETO FCK=30MPA E ARMADURA MÍNIMA (EXCLUSIVE MOBILIZAÇÃO, DESMOBILIZAÇÃO E BOMBEAMENTO). AF_12/2019","M","145,53","100651","ESTACA HÉLICE CONTÍNUA, DIÂMETRO DE 30 CM, INCLUSO CONCRETO FCK=30MPA E ARMADURA MÍNIMA (EXCLUSIVE MOBILIZAÇÃO, DESMOBILIZAÇÃO E BOMBEAMENTO). AF_12/2019","M","145,53","100651","ESTACA HÉLICE CONTÍNUA, DIÂMETRO DE 30 CM, INCLUSO CONCRETO FCK=30MPA E ARMADURA MÍNIMA (EXCLUSIVE MOBILIZAÇÃO, DESMOBILIZAÇÃO E BOMBEAMENTO). AF_12/2019","M","145,53","100651","ESTACA HÉLICE CONTÍNUA, DIÂMETRO DE 30 CM, INCLUSO CONCRETO FCK=30MPA E ARMADURA MÍNIMA (EXCLUSIVE MOBILIZAÇÃO, DESMOBILIZAÇÃO E BOMBEAMENTO). AF_12/2019","M","145,53","100651","ESTACA HÉLICE CONTÍNUA, DIÂMETRO DE 30 CM, INCLUSO CONCRETO FCK=30MPA E ARMADURA MÍNIMA (EXCLUSIVE MOBILIZAÇÃO, DESMOBILIZAÇÃO E BOMBEAMENTO). AF_12/2019","M","145,53","100651","ESTACA HÉLICE CONTÍNUA, DIÂMETRO DE 30 CM, INCLUSO CONCRETO FCK=30MPA E ARMADURA MÍNIMA (EXCLUSIVE MOBILIZAÇÃO, DESMOBILIZAÇÃO E BOMBEAMENTO). AF_12/2019","M","145,53","100651","ESTACA HÉLICE CONTÍNUA, DIÂMETRO DE 30 CM, INCLUSO CONCRETO FCK=30MPA E ARMADURA MÍNIMA (EXCLUSIVE MOBILIZAÇÃO, DESMOBILIZAÇÃO E BOMBEAMENTO). AF_12/2019","M","145,53","100651","ESTACA HÉLICE CONTÍNUA, DIÂMETRO DE 30 CM, INCLUSO CONCRETO FCK=30MPA E ARMADURA MÍNIMA (EXCLUSIVE MOBILIZAÇÃO, DESMOBILIZAÇÃO E BOMBEAMENTO). AF_12/2019","M","145,53","100651","ESTACA HÉLICE CONTÍNUA, DIÂMETRO DE 30 CM, INCLUSO CONCRETO FCK=30MPA E ARMADURA MÍNIMA (EXCLUSIVE MOBILIZAÇÃO, DESMOBILIZAÇÃO E BOMBEAMENTO). AF_12/2019","M","145,53","100651","ESTACA HÉLICE CONTÍNUA, DIÂMETRO DE 30 CM, INCLUSO CONCRETO FCK=30MPA E ARMADURA MÍNIMA (EXCLUSIVE MOBILIZAÇÃO, DESMOBILIZAÇÃO E BOMBEAMENTO). AF_12/2019","M","145,53","100651","ESTACA HÉLICE CONTÍNUA, DIÂMETRO DE 30 CM, INCLUSO CONCRETO FCK=30MPA E ARMADURA MÍNIMA (EXCLUSIVE MOBILIZAÇÃO, DESMOBILIZAÇÃO E BOMBEAMENTO). AF_12/2019","M","145,53","100651","ESTACA HÉLICE CONTÍNUA, DIÂMETRO DE 30 CM, INCLUSO CONCRETO FCK=30MPA E ARMADURA MÍNIMA (EXCLUSIVE MOBILIZAÇÃO, DESMOBILIZAÇÃO E BOMBEAMENTO). AF_12/2019","M","145,53","100651","ESTACA HÉLICE CONTÍNUA, DIÂMETRO DE 30 CM, INCLUSO CONCRETO FCK=30MPA E ARMADURA MÍNIMA (EXCLUSIVE MOBILIZAÇÃO, DESMOBILIZAÇÃO E BOMBEAMENTO). AF_12/2019","M","145,53","100651","ESTACA HÉLICE CONTÍNUA, DIÂMETRO DE 30 CM, INCLUSO CONCRETO FCK=30MPA E ARMADURA MÍNIMA (EXCLUSIVE MOBILIZAÇÃO, DESMOBILIZAÇÃO E BOMBEAMENTO). AF_12/2019","M","145,53","100651","ESTACA HÉLICE CONTÍNUA, DIÂMETRO DE 30 CM, INCLUSO CONCRETO FCK=30MPA E ARMADURA MÍNIMA (EXCLUSIVE MOBILIZAÇÃO, DESMOBILIZAÇÃO E BOMBEAMENTO). AF_12/2019","M","145,53","100651","ESTACA HÉLICE CONTÍNUA, DIÂMETRO DE 30 CM, INCLUSO CONCRETO FCK=30MPA E ARMADURA MÍNIMA (EXCLUSIVE MOBILIZAÇÃO, DESMOBILIZAÇÃO E BOMBEAMENTO). AF_12/2019","M","145,53","100651","ESTACA HÉLICE CONTÍNUA, DIÂMETRO DE 30 CM, INCLUSO CONCRETO FCK=30MPA E ARMADURA MÍNIMA (EXCLUSIVE MOBILIZAÇÃO, DESMOBILIZAÇÃO E BOMBEAMENTO). AF_12/2019","M","145,53","100651","ESTACA HÉLICE CONTÍNUA, DIÂMETRO DE 30 CM, INCLUSO CONCRETO FCK=30MPA E ARMADURA MÍNIMA (EXCLUSIVE MOBILIZAÇÃO, DESMOBILIZAÇÃO E BOMBEAMENTO). AF_12/2019","M","145,53","100651","ESTACA HÉLICE CONTÍNUA, DIÂMETRO DE 30 CM, INCLUSO CONCRETO FCK=30MPA E ARMADURA MÍNIMA (EXCLUSIVE MOBILIZAÇÃO, DESMOBILIZAÇÃO E BOMBEAMENTO). AF_12/2019","M","145,53","100651","ESTACA HÉLICE CONTÍNUA, DIÂMETRO DE 30 CM, INCLUSO CONCRETO FCK=30MPA E ARMADURA MÍNIMA (EXCLUSIVE MOBILIZAÇÃO, DESMOBILIZAÇÃO E BOMBEAMENTO). AF_12/2019","M","145,53","100651","ESTACA HÉLICE CONTÍNUA, DIÂMETRO DE 30 CM, INCLUSO CONCRETO FCK=30MPA E ARMADURA MÍNIMA (EXCLUSIVE MOBILIZAÇÃO, DESMOBILIZAÇÃO E BOMBEAMENTO). AF_12/2019","M","145,53","100651","ESTACA HÉLICE CONTÍNUA, DIÂMETRO DE 30 CM, INCLUSO CONCRETO FCK=30MPA E ARMADURA MÍNIMA (EXCLUSIVE MOBILIZAÇÃO, DESMOBILIZAÇÃO E BOMBEAMENTO). AF_12/2019","M","145,53","100651","ESTACA HÉLICE CONTÍNUA, DIÂMETRO DE 30 CM, INCLUSO CONCRETO FCK=30MPA E ARMADURA MÍNIMA (EXCLUSIVE MOBILIZAÇÃO, DESMOBILIZAÇÃO E BOMBEAMENTO). AF_12/2019","M","145,53","100651","ESTACA HÉLICE CONTÍNUA, DIÂMETRO DE 30 CM, INCLUSO CONCRETO FCK=30MPA E ARMADURA MÍNIMA (EXCLUSIVE MOBILIZAÇÃO, DESMOBILIZAÇÃO E BOMBEAMENTO). AF_12/2019","M","145,53","100651","ESTACA HÉLICE CONTÍNUA, DIÂMETRO DE 30 CM, INCLUSO CONCRETO FCK=30MPA E ARMADURA MÍNIMA (EXCLUSIVE MOBILIZAÇÃO, DESMOBILIZAÇÃO E BOMBEAMENTO). AF_12/2019","M","145,53","100651","ESTACA HÉLICE CONTÍNUA, DIÂMETRO DE 30 CM, INCLUSO CONCRETO FCK=30MPA E ARMADURA MÍNIMA (EXCLUSIVE MOBILIZAÇÃO, DESMOBILIZAÇÃO E BOMBEAMENTO). AF_12/2019","M","145,53","100651","ESTACA HÉLICE CONTÍNUA, DIÂMETRO DE 30 CM, INCLUSO CONCRETO FCK=30MPA E ARMADURA MÍNIMA (EXCLUSIVE MOBILIZAÇÃO, DESMOBILIZAÇÃO E BOMBEAMENTO). AF_12/2019","M","145,53","100651","ESTACA HÉLICE CONTÍNUA, DIÂMETRO DE 30 CM, INCLUSO CONCRETO FCK=30MPA E ARMADURA MÍNIMA (EXCLUSIVE MOBILIZAÇÃO, DESMOBILIZAÇÃO E BOMBEAMENTO). AF_12/2019","M","145,53","100651","ESTACA HÉLICE CONTÍNUA, DIÂMETRO DE 30 CM, INCLUSO CONCRETO FCK=30MPA E ARMADURA MÍNIMA (EXCLUSIVE MOBILIZAÇÃO, DESMOBILIZAÇÃO E BOMBEAMENTO). AF_12/2019","M","145,53","100651","ESTACA HÉLICE CONTÍNUA, DIÂMETRO DE 30 CM, INCLUSO CONCRETO FCK=30MPA E ARMADURA MÍNIMA (EXCLUSIVE MOBILIZAÇÃO, DESMOBILIZAÇÃO E BOMBEAMENTO). AF_12/2019","M","145,53","100651","ESTACA HÉLICE CONTÍNUA, DIÂMETRO DE 30 CM, INCLUSO CONCRETO FCK=30MPA E ARMADURA MÍNIMA (EXCLUSIVE MOBILIZAÇÃO, DESMOBILIZAÇÃO E BOMBEAMENTO). AF_12/2019","M","145,53","100651","ESTACA HÉLICE CONTÍNUA, DIÂMETRO DE 30 CM, INCLUSO CONCRETO FCK=30MPA E ARMADURA MÍNIMA (EXCLUSIVE MOBILIZAÇÃO, DESMOBILIZAÇÃO E BOMBEAMENTO). AF_12/2019","M","145,53","100651","ESTACA HÉLICE CONTÍNUA, DIÂMETRO DE 30 CM, INCLUSO CONCRETO FCK=30MPA E ARMADURA MÍNIMA (EXCLUSIVE MOBILIZAÇÃO, DESMOBILIZAÇÃO E BOMBEAMENTO). AF_12/2019","M","145,53","100651","ESTACA HÉLICE CONTÍNUA, DIÂMETRO DE 30 CM, INCLUSO CONCRETO FCK=30MPA E ARMADURA MÍNIMA (EXCLUSIVE MOBILIZAÇÃO, DESMOBILIZAÇÃO E BOMBEAMENTO). AF_12/2019","M","145,53","100651","ESTACA HÉLICE CONTÍNUA, DIÂMETRO DE 30 CM, INCLUSO CONCRETO FCK=30MPA E ARMADURA MÍNIMA (EXCLUSIVE MOBILIZAÇÃO, DESMOBILIZAÇÃO E BOMBEAMENTO). AF_12/2019","M","145,53","100651","ESTACA HÉLICE CONTÍNUA, DIÂMETRO DE 30 CM, INCLUSO CONCRETO FCK=30MPA E ARMADURA MÍNIMA (EXCLUSIVE MOBILIZAÇÃO, DESMOBILIZAÇÃO E BOMBEAMENTO). AF_12/2019","M","145,53","100651","ESTACA HÉLICE CONTÍNUA, DIÂMETRO DE 30 CM, INCLUSO CONCRETO FCK=30MPA E ARMADURA MÍNIMA (EXCLUSIVE MOBILIZAÇÃO, DESMOBILIZAÇÃO E BOMBEAMENTO). AF_12/2019","M","145,53","100651","ESTACA HÉLICE CONTÍNUA, DIÂMETRO DE 30 CM, INCLUSO CONCRETO FCK=30MPA E ARMADURA MÍNIMA (EXCLUSIVE MOBILIZAÇÃO, DESMOBILIZAÇÃO E BOMBEAMENTO). AF_12/2019","M","145,53","100651","ESTACA HÉLICE CONTÍNUA, DIÂMETRO DE 30 CM, INCLUSO CONCRETO FCK=30MPA E ARMADURA MÍNIMA (EXCLUSIVE MOBILIZAÇÃO, DESMOBILIZAÇÃO E BOMBEAMENTO). AF_12/2019","M","145,53","100651","ESTACA HÉLICE CONTÍNUA, DIÂMETRO DE 30 CM, INCLUSO CONCRETO FCK=30MPA E ARMADURA MÍNIMA (EXCLUSIVE MOBILIZAÇÃO, DESMOBILIZAÇÃO E BOMBEAMENTO). AF_12/2019","M","145,53","100651","ESTACA HÉLICE CONTÍNUA, DIÂMETRO DE 30 CM, INCLUSO CONCRETO FCK=30MPA E ARMADURA MÍNIMA (EXCLUSIVE MOBILIZAÇÃO, DESMOBILIZAÇÃO E BOMBEAMENTO). AF_12/2019","M","145,53","100651","ESTACA HÉLICE CONTÍNUA, DIÂMETRO DE 30 CM, INCLUSO CONCRETO FCK=30MPA E ARMADURA MÍNIMA (EXCLUSIVE MOBILIZAÇÃO, DESMOBILIZAÇÃO E BOMBEAMENTO). AF_12/2019","M","145,53","100651","ESTACA HÉLICE CONTÍNUA, DIÂMETRO DE 30 CM, INCLUSO CONCRETO FCK=30MPA E ARMADURA MÍNIMA (EXCLUSIVE MOBILIZAÇÃO, DESMOBILIZAÇÃO E BOMBEAMENTO). AF_12/2019","M","145,53","100651","ESTACA HÉLICE CONTÍNUA, DIÂMETRO DE 30 CM, INCLUSO CONCRETO FCK=30MPA E ARMADURA MÍNIMA (EXCLUSIVE MOBILIZAÇÃO, DESMOBILIZAÇÃO E BOMBEAMENTO). AF_12/2019","M","145,53","100651","ESTACA HÉLICE CONTÍNUA, DIÂMETRO DE 30 CM, INCLUSO CONCRETO FCK=30MPA E ARMADURA MÍNIMA (EXCLUSIVE MOBILIZAÇÃO, DESMOBILIZAÇÃO E BOMBEAMENTO). AF_12/2019","M","145,53","100651","ESTACA HÉLICE CONTÍNUA, DIÂMETRO DE 30 CM, INCLUSO CONCRETO FCK=30MPA E ARMADURA MÍNIMA (EXCLUSIVE MOBILIZAÇÃO, DESMOBILIZAÇÃO E BOMBEAMENTO). AF_12/2019","M","145,53","100651","ESTACA HÉLICE CONTÍNUA, DIÂMETRO DE 30 CM, INCLUSO CONCRETO FCK=30MPA E ARMADURA MÍNIMA (EXCLUSIVE MOBILIZAÇÃO, DESMOBILIZAÇÃO E BOMBEAMENTO). AF_12/2019","M","145,53","100651","ESTACA HÉLICE CONTÍNUA, DIÂMETRO DE 30 CM, INCLUSO CONCRETO FCK=30MPA E ARMADURA MÍNIMA (EXCLUSIVE MOBILIZAÇÃO, DESMOBILIZAÇÃO E BOMBEAMENTO). AF_12/2019","M","145,53","100651","ESTACA HÉLICE CONTÍNUA, DIÂMETRO DE 30 CM, INCLUSO CONCRETO FCK=30MPA E ARMADURA MÍNIMA (EXCLUSIVE MOBILIZAÇÃO, DESMOBILIZAÇÃO E BOMBEAMENTO). AF_12/2019","M","145,53","100651","ESTACA HÉLICE CONTÍNUA, DIÂMETRO DE 30 CM, INCLUSO CONCRETO FCK=30MPA E ARMADURA MÍNIMA (EXCLUSIVE MOBILIZAÇÃO, DESMOBILIZAÇÃO E BOMBEAMENTO). AF_12/2019","M","145,53","100651","ESTACA HÉLICE CONTÍNUA, DIÂMETRO DE 30 CM, INCLUSO CONCRETO FCK=30MPA E ARMADURA MÍNIMA (EXCLUSIVE MOBILIZAÇÃO, DESMOBILIZAÇÃO E BOMBEAMENTO). AF_12/2019","M","145,53","100651","ESTACA HÉLICE CONTÍNUA, DIÂMETRO DE 30 CM, INCLUSO CONCRETO FCK=30MPA E ARMADURA MÍNIMA (EXCLUSIVE MOBILIZAÇÃO, DESMOBILIZAÇÃO E BOMBEAMENTO). AF_12/2019","M","145,53","100651","ESTACA HÉLICE CONTÍNUA, DIÂMETRO DE 30 CM, INCLUSO CONCRETO FCK=30MPA E ARMADURA MÍNIMA (EXCLUSIVE MOBILIZAÇÃO, DESMOBILIZAÇÃO E BOMBEAMENTO). AF_12/2019","M","145,53","100651","ESTACA HÉLICE CONTÍNUA, DIÂMETRO DE 30 CM, INCLUSO CONCRETO FCK=30MPA E ARMADURA MÍNIMA (EXCLUSIVE MOBILIZAÇÃO, DESMOBILIZAÇÃO E BOMBEAMENTO). AF_12/2019","M","145,53","100651","ESTACA HÉLICE CONTÍNUA, DIÂMETRO DE 30 CM, INCLUSO CONCRETO FCK=30MPA E ARMADURA MÍNIMA (EXCLUSIVE MOBILIZAÇÃO, DESMOBILIZAÇÃO E BOMBEAMENTO). AF_12/2019","M","145,53","100651","ESTACA HÉLICE CONTÍNUA, DIÂMETRO DE 30 CM, INCLUSO CONCRETO FCK=30MPA E ARMADURA MÍNIMA (EXCLUSIVE MOBILIZAÇÃO, DESMOBILIZAÇÃO E BOMBEAMENTO). AF_12/2019","M","145,53","100651","ESTACA HÉLICE CONTÍNUA, DIÂMETRO DE 30 CM, INCLUSO CONCRETO FCK=30MPA E ARMADURA MÍNIMA (EXCLUSIVE MOBILIZAÇÃO, DESMOBILIZAÇÃO E BOMBEAMENTO). AF_12/2019","M","145,53","100651","ESTACA HÉLICE CONTÍNUA, DIÂMETRO DE 30 CM, INCLUSO CONCRETO FCK=30MPA E ARMADURA MÍNIMA (EXCLUSIVE MOBILIZAÇÃO, DESMOBILIZAÇÃO E BOMBEAMENTO). AF_12/2019","M","145,53","100651","ESTACA HÉLICE CONTÍNUA, DIÂMETRO DE 30 CM, INCLUSO CONCRETO FCK=30MPA E ARMADURA MÍNIMA (EXCLUSIVE MOBILIZAÇÃO, DESMOBILIZAÇÃO E BOMBEAMENTO). AF_12/2019","M","145,53","100651","ESTACA HÉLICE CONTÍNUA, DIÂMETRO DE 30 CM, INCLUSO CONCRETO FCK=30MPA E ARMADURA MÍNIMA (EXCLUSIVE MOBILIZAÇÃO, DESMOBILIZAÇÃO E BOMBEAMENTO). AF_12/2019","M","145,53","100651","ESTACA HÉLICE CONTÍNUA, DIÂMETRO DE 30 CM, INCLUSO CONCRETO FCK=30MPA E ARMADURA MÍNIMA (EXCLUSIVE MOBILIZAÇÃO, DESMOBILIZAÇÃO E BOMBEAMENTO). AF_12/2019","M","145,53","100651","ESTACA HÉLICE CONTÍNUA, DIÂMETRO DE 30 CM, INCLUSO CONCRETO FCK=30MPA E ARMADURA MÍNIMA (EXCLUSIVE MOBILIZAÇÃO, DESMOBILIZAÇÃO E BOMBEAMENTO). AF_12/2019","M","145,53","100651","ESTACA HÉLICE CONTÍNUA, DIÂMETRO DE 30 CM, INCLUSO CONCRETO FCK=30MPA E ARMADURA MÍNIMA (EXCLUSIVE MOBILIZAÇÃO, DESMOBILIZAÇÃO E BOMBEAMENTO). AF_12/2019","M","145,53"]
[100900,"ESTACA ESCAVADA MECANICAMENTE, SEM FLUIDO ESTABILIZANTE, COM 60CM DE DIÂMETRO, CONCRETO LANÇADO POR BOMBA LANÇA (EXCLUSIVE MOBILIZAÇÃO E DESMOBILIZAÇÃO). AF_01/2020","M",288.68,"100900","ESTACA ESCAVADA MECANICAMENTE, SEM FLUIDO ESTABILIZANTE, COM 60CM DE DIÂMETRO, CONCRETO LANÇADO POR BOMBA LANÇA (EXCLUSIVE MOBILIZAÇÃO E DESMOBILIZAÇÃO). AF_01/2020","M","288,68","100900","ESTACA ESCAVADA MECANICAMENTE, SEM FLUIDO ESTABILIZANTE, COM 60CM DE DIÂMETRO, CONCRETO LANÇADO POR BOMBA LANÇA (EXCLUSIVE MOBILIZAÇÃO E DESMOBILIZAÇÃO). AF_01/2020","M","288,68","100900","ESTACA ESCAVADA MECANICAMENTE, SEM FLUIDO ESTABILIZANTE, COM 60CM DE DIÂMETRO, CONCRETO LANÇADO POR BOMBA LANÇA (EXCLUSIVE MOBILIZAÇÃO E DESMOBILIZAÇÃO). AF_01/2020","M","288,68","100900","ESTACA ESCAVADA MECANICAMENTE, SEM FLUIDO ESTABILIZANTE, COM 60CM DE DIÂMETRO, CONCRETO LANÇADO POR BOMBA LANÇA (EXCLUSIVE MOBILIZAÇÃO E DESMOBILIZAÇÃO). AF_01/2020","M","288,68","100900","ESTACA ESCAVADA MECANICAMENTE, SEM FLUIDO ESTABILIZANTE, COM 60CM DE DIÂMETRO, CONCRETO LANÇADO POR BOMBA LANÇA (EXCLUSIVE MOBILIZAÇÃO E DESMOBILIZAÇÃO). AF_01/2020","M","288,68","100900","ESTACA ESCAVADA MECANICAMENTE, SEM FLUIDO ESTABILIZANTE, COM 60CM DE DIÂMETRO, CONCRETO LANÇADO POR BOMBA LANÇA (EXCLUSIVE MOBILIZAÇÃO E DESMOBILIZAÇÃO). AF_01/2020","M","288,68","100900","ESTACA ESCAVADA MECANICAMENTE, SEM FLUIDO ESTABILIZANTE, COM 60CM DE DIÂMETRO, CONCRETO LANÇADO POR BOMBA LANÇA (EXCLUSIVE MOBILIZAÇÃO E DESMOBILIZAÇÃO). AF_01/2020","M","288,68","100900","ESTACA ESCAVADA MECANICAMENTE, SEM FLUIDO ESTABILIZANTE, COM 60CM DE DIÂMETRO, CONCRETO LANÇADO POR BOMBA LANÇA (EXCLUSIVE MOBILIZAÇÃO E DESMOBILIZAÇÃO). AF_01/2020","M","288,68","100900","ESTACA ESCAVADA MECANICAMENTE, SEM FLUIDO ESTABILIZANTE, COM 60CM DE DIÂMETRO, CONCRETO LANÇADO POR BOMBA LANÇA (EXCLUSIVE MOBILIZAÇÃO E DESMOBILIZAÇÃO). AF_01/2020","M","288,68","100900","ESTACA ESCAVADA MECANICAMENTE, SEM FLUIDO ESTABILIZANTE, COM 60CM DE DIÂMETRO, CONCRETO LANÇADO POR BOMBA LANÇA (EXCLUSIVE MOBILIZAÇÃO E DESMOBILIZAÇÃO). AF_01/2020","M","288,68","100900","ESTACA ESCAVADA MECANICAMENTE, SEM FLUIDO ESTABILIZANTE, COM 60CM DE DIÂMETRO, CONCRETO LANÇADO POR BOMBA LANÇA (EXCLUSIVE MOBILIZAÇÃO E DESMOBILIZAÇÃO). AF_01/2020","M","288,68","100900","ESTACA ESCAVADA MECANICAMENTE, SEM FLUIDO ESTABILIZANTE, COM 60CM DE DIÂMETRO, CONCRETO LANÇADO POR BOMBA LANÇA (EXCLUSIVE MOBILIZAÇÃO E DESMOBILIZAÇÃO). AF_01/2020","M","288,68","100900","ESTACA ESCAVADA MECANICAMENTE, SEM FLUIDO ESTABILIZANTE, COM 60CM DE DIÂMETRO, CONCRETO LANÇADO POR BOMBA LANÇA (EXCLUSIVE MOBILIZAÇÃO E DESMOBILIZAÇÃO). AF_01/2020","M","288,68","100900","ESTACA ESCAVADA MECANICAMENTE, SEM FLUIDO ESTABILIZANTE, COM 60CM DE DIÂMETRO, CONCRETO LANÇADO POR BOMBA LANÇA (EXCLUSIVE MOBILIZAÇÃO E DESMOBILIZAÇÃO). AF_01/2020","M","288,68","100900","ESTACA ESCAVADA MECANICAMENTE, SEM FLUIDO ESTABILIZANTE, COM 60CM DE DIÂMETRO, CONCRETO LANÇADO POR BOMBA LANÇA (EXCLUSIVE MOBILIZAÇÃO E DESMOBILIZAÇÃO). AF_01/2020","M","288,68","100900","ESTACA ESCAVADA MECANICAMENTE, SEM FLUIDO ESTABILIZANTE, COM 60CM DE DIÂMETRO, CONCRETO LANÇADO POR BOMBA LANÇA (EXCLUSIVE MOBILIZAÇÃO E DESMOBILIZAÇÃO). AF_01/2020","M","288,68","100900","ESTACA ESCAVADA MECANICAMENTE, SEM FLUIDO ESTABILIZANTE, COM 60CM DE DIÂMETRO, CONCRETO LANÇADO POR BOMBA LANÇA (EXCLUSIVE MOBILIZAÇÃO E DESMOBILIZAÇÃO). AF_01/2020","M","288,68","100900","ESTACA ESCAVADA MECANICAMENTE, SEM FLUIDO ESTABILIZANTE, COM 60CM DE DIÂMETRO, CONCRETO LANÇADO POR BOMBA LANÇA (EXCLUSIVE MOBILIZAÇÃO E DESMOBILIZAÇÃO). AF_01/2020","M","288,68","100900","ESTACA ESCAVADA MECANICAMENTE, SEM FLUIDO ESTABILIZANTE, COM 60CM DE DIÂMETRO, CONCRETO LANÇADO POR BOMBA LANÇA (EXCLUSIVE MOBILIZAÇÃO E DESMOBILIZAÇÃO). AF_01/2020","M","288,68","100900","ESTACA ESCAVADA MECANICAMENTE, SEM FLUIDO ESTABILIZANTE, COM 60CM DE DIÂMETRO, CONCRETO LANÇADO POR BOMBA LANÇA (EXCLUSIVE MOBILIZAÇÃO E DESMOBILIZAÇÃO). AF_01/2020","M","288,68","100900","ESTACA ESCAVADA MECANICAMENTE, SEM FLUIDO ESTABILIZANTE, COM 60CM DE DIÂMETRO, CONCRETO LANÇADO POR BOMBA LANÇA (EXCLUSIVE MOBILIZAÇÃO E DESMOBILIZAÇÃO). AF_01/2020","M","288,68","100900","ESTACA ESCAVADA MECANICAMENTE, SEM FLUIDO ESTABILIZANTE, COM 60CM DE DIÂMETRO, CONCRETO LANÇADO POR BOMBA LANÇA (EXCLUSIVE MOBILIZAÇÃO E DESMOBILIZAÇÃO). AF_01/2020","M","288,68","100900","ESTACA ESCAVADA MECANICAMENTE, SEM FLUIDO ESTABILIZANTE, COM 60CM DE DIÂMETRO, CONCRETO LANÇADO POR BOMBA LANÇA (EXCLUSIVE MOBILIZAÇÃO E DESMOBILIZAÇÃO). AF_01/2020","M","288,68","100900","ESTACA ESCAVADA MECANICAMENTE, SEM FLUIDO ESTABILIZANTE, COM 60CM DE DIÂMETRO, CONCRETO LANÇADO POR BOMBA LANÇA (EXCLUSIVE MOBILIZAÇÃO E DESMOBILIZAÇÃO). AF_01/2020","M","288,68","100900","ESTACA ESCAVADA MECANICAMENTE, SEM FLUIDO ESTABILIZANTE, COM 60CM DE DIÂMETRO, CONCRETO LANÇADO POR BOMBA LANÇA (EXCLUSIVE MOBILIZAÇÃO E DESMOBILIZAÇÃO). AF_01/2020","M","288,68","100900","ESTACA ESCAVADA MECANICAMENTE, SEM FLUIDO ESTABILIZANTE, COM 60CM DE DIÂMETRO, CONCRETO LANÇADO POR BOMBA LANÇA (EXCLUSIVE MOBILIZAÇÃO E DESMOBILIZAÇÃO). AF_01/2020","M","288,68","100900","ESTACA ESCAVADA MECANICAMENTE, SEM FLUIDO ESTABILIZANTE, COM 60CM DE DIÂMETRO, CONCRETO LANÇADO POR BOMBA LANÇA (EXCLUSIVE MOBILIZAÇÃO E DESMOBILIZAÇÃO). AF_01/2020","M","288,68","100900","ESTACA ESCAVADA MECANICAMENTE, SEM FLUIDO ESTABILIZANTE, COM 60CM DE DIÂMETRO, CONCRETO LANÇADO POR BOMBA LANÇA (EXCLUSIVE MOBILIZAÇÃO E DESMOBILIZAÇÃO). AF_01/2020","M","288,68","100900","ESTACA ESCAVADA MECANICAMENTE, SEM FLUIDO ESTABILIZANTE, COM 60CM DE DIÂMETRO, CONCRETO LANÇADO POR BOMBA LANÇA (EXCLUSIVE MOBILIZAÇÃO E DESMOBILIZAÇÃO). AF_01/2020","M","288,68","100900","ESTACA ESCAVADA MECANICAMENTE, SEM FLUIDO ESTABILIZANTE, COM 60CM DE DIÂMETRO, CONCRETO LANÇADO POR BOMBA LANÇA (EXCLUSIVE MOBILIZAÇÃO E DESMOBILIZAÇÃO). AF_01/2020","M","288,68","100900","ESTACA ESCAVADA MECANICAMENTE, SEM FLUIDO ESTABILIZANTE, COM 60CM DE DIÂMETRO, CONCRETO LANÇADO POR BOMBA LANÇA (EXCLUSIVE MOBILIZAÇÃO E DESMOBILIZAÇÃO). AF_01/2020","M","288,68","100900","ESTACA ESCAVADA MECANICAMENTE, SEM FLUIDO ESTABILIZANTE, COM 60CM DE DIÂMETRO, CONCRETO LANÇADO POR BOMBA LANÇA (EXCLUSIVE MOBILIZAÇÃO E DESMOBILIZAÇÃO). AF_01/2020","M","288,68","100900","ESTACA ESCAVADA MECANICAMENTE, SEM FLUIDO ESTABILIZANTE, COM 60CM DE DIÂMETRO, CONCRETO LANÇADO POR BOMBA LANÇA (EXCLUSIVE MOBILIZAÇÃO E DESMOBILIZAÇÃO). AF_01/2020","M","288,68","100900","ESTACA ESCAVADA MECANICAMENTE, SEM FLUIDO ESTABILIZANTE, COM 60CM DE DIÂMETRO, CONCRETO LANÇADO POR BOMBA LANÇA (EXCLUSIVE MOBILIZAÇÃO E DESMOBILIZAÇÃO). AF_01/2020","M","288,68","100900","ESTACA ESCAVADA MECANICAMENTE, SEM FLUIDO ESTABILIZANTE, COM 60CM DE DIÂMETRO, CONCRETO LANÇADO POR BOMBA LANÇA (EXCLUSIVE MOBILIZAÇÃO E DESMOBILIZAÇÃO). AF_01/2020","M","288,68","100900","ESTACA ESCAVADA MECANICAMENTE, SEM FLUIDO ESTABILIZANTE, COM 60CM DE DIÂMETRO, CONCRETO LANÇADO POR BOMBA LANÇA (EXCLUSIVE MOBILIZAÇÃO E DESMOBILIZAÇÃO). AF_01/2020","M","288,68","100900","ESTACA ESCAVADA MECANICAMENTE, SEM FLUIDO ESTABILIZANTE, COM 60CM DE DIÂMETRO, CONCRETO LANÇADO POR BOMBA LANÇA (EXCLUSIVE MOBILIZAÇÃO E DESMOBILIZAÇÃO). AF_01/2020","M","288,68","100900","ESTACA ESCAVADA MECANICAMENTE, SEM FLUIDO ESTABILIZANTE, COM 60CM DE DIÂMETRO, CONCRETO LANÇADO POR BOMBA LANÇA (EXCLUSIVE MOBILIZAÇÃO E DESMOBILIZAÇÃO). AF_01/2020","M","288,68","100900","ESTACA ESCAVADA MECANICAMENTE, SEM FLUIDO ESTABILIZANTE, COM 60CM DE DIÂMETRO, CONCRETO LANÇADO POR BOMBA LANÇA (EXCLUSIVE MOBILIZAÇÃO E DESMOBILIZAÇÃO). AF_01/2020","M","288,68","100900","ESTACA ESCAVADA MECANICAMENTE, SEM FLUIDO ESTABILIZANTE, COM 60CM DE DIÂMETRO, CONCRETO LANÇADO POR BOMBA LANÇA (EXCLUSIVE MOBILIZAÇÃO E DESMOBILIZAÇÃO). AF_01/2020","M","288,68","100900","ESTACA ESCAVADA MECANICAMENTE, SEM FLUIDO ESTABILIZANTE, COM 60CM DE DIÂMETRO, CONCRETO LANÇADO POR BOMBA LANÇA (EXCLUSIVE MOBILIZAÇÃO E DESMOBILIZAÇÃO). AF_01/2020","M","288,68","100900","ESTACA ESCAVADA MECANICAMENTE, SEM FLUIDO ESTABILIZANTE, COM 60CM DE DIÂMETRO, CONCRETO LANÇADO POR BOMBA LANÇA (EXCLUSIVE MOBILIZAÇÃO E DESMOBILIZAÇÃO). AF_01/2020","M","288,68","100900","ESTACA ESCAVADA MECANICAMENTE, SEM FLUIDO ESTABILIZANTE, COM 60CM DE DIÂMETRO, CONCRETO LANÇADO POR BOMBA LANÇA (EXCLUSIVE MOBILIZAÇÃO E DESMOBILIZAÇÃO). AF_01/2020","M","288,68","100900","ESTACA ESCAVADA MECANICAMENTE, SEM FLUIDO ESTABILIZANTE, COM 60CM DE DIÂMETRO, CONCRETO LANÇADO POR BOMBA LANÇA (EXCLUSIVE MOBILIZAÇÃO E DESMOBILIZAÇÃO). AF_01/2020","M","288,68","100900","ESTACA ESCAVADA MECANICAMENTE, SEM FLUIDO ESTABILIZANTE, COM 60CM DE DIÂMETRO, CONCRETO LANÇADO POR BOMBA LANÇA (EXCLUSIVE MOBILIZAÇÃO E DESMOBILIZAÇÃO). AF_01/2020","M","288,68","100900","ESTACA ESCAVADA MECANICAMENTE, SEM FLUIDO ESTABILIZANTE, COM 60CM DE DIÂMETRO, CONCRETO LANÇADO POR BOMBA LANÇA (EXCLUSIVE MOBILIZAÇÃO E DESMOBILIZAÇÃO). AF_01/2020","M","288,68","100900","ESTACA ESCAVADA MECANICAMENTE, SEM FLUIDO ESTABILIZANTE, COM 60CM DE DIÂMETRO, CONCRETO LANÇADO POR BOMBA LANÇA (EXCLUSIVE MOBILIZAÇÃO E DESMOBILIZAÇÃO). AF_01/2020","M","288,68","100900","ESTACA ESCAVADA MECANICAMENTE, SEM FLUIDO ESTABILIZANTE, COM 60CM DE DIÂMETRO, CONCRETO LANÇADO POR BOMBA LANÇA (EXCLUSIVE MOBILIZAÇÃO E DESMOBILIZAÇÃO). AF_01/2020","M","288,68","100900","ESTACA ESCAVADA MECANICAMENTE, SEM FLUIDO ESTABILIZANTE, COM 60CM DE DIÂMETRO, CONCRETO LANÇADO POR BOMBA LANÇA (EXCLUSIVE MOBILIZAÇÃO E DESMOBILIZAÇÃO). AF_01/2020","M","288,68","100900","ESTACA ESCAVADA MECANICAMENTE, SEM FLUIDO ESTABILIZANTE, COM 60CM DE DIÂMETRO, CONCRETO LANÇADO POR BOMBA LANÇA (EXCLUSIVE MOBILIZAÇÃO E DESMOBILIZAÇÃO). AF_01/2020","M","288,68","100900","ESTACA ESCAVADA MECANICAMENTE, SEM FLUIDO ESTABILIZANTE, COM 60CM DE DIÂMETRO, CONCRETO LANÇADO POR BOMBA LANÇA (EXCLUSIVE MOBILIZAÇÃO E DESMOBILIZAÇÃO). AF_01/2020","M","288,68","100900","ESTACA ESCAVADA MECANICAMENTE, SEM FLUIDO ESTABILIZANTE, COM 60CM DE DIÂMETRO, CONCRETO LANÇADO POR BOMBA LANÇA (EXCLUSIVE MOBILIZAÇÃO E DESMOBILIZAÇÃO). AF_01/2020","M","288,68","100900","ESTACA ESCAVADA MECANICAMENTE, SEM FLUIDO ESTABILIZANTE, COM 60CM DE DIÂMETRO, CONCRETO LANÇADO POR BOMBA LANÇA (EXCLUSIVE MOBILIZAÇÃO E DESMOBILIZAÇÃO). AF_01/2020","M","288,68","100900","ESTACA ESCAVADA MECANICAMENTE, SEM FLUIDO ESTABILIZANTE, COM 60CM DE DIÂMETRO, CONCRETO LANÇADO POR BOMBA LANÇA (EXCLUSIVE MOBILIZAÇÃO E DESMOBILIZAÇÃO). AF_01/2020","M","288,68","100900","ESTACA ESCAVADA MECANICAMENTE, SEM FLUIDO ESTABILIZANTE, COM 60CM DE DIÂMETRO, CONCRETO LANÇADO POR BOMBA LANÇA (EXCLUSIVE MOBILIZAÇÃO E DESMOBILIZAÇÃO). AF_01/2020","M","288,68","100900","ESTACA ESCAVADA MECANICAMENTE, SEM FLUIDO ESTABILIZANTE, COM 60CM DE DIÂMETRO, CONCRETO LANÇADO POR BOMBA LANÇA (EXCLUSIVE MOBILIZAÇÃO E DESMOBILIZAÇÃO). AF_01/2020","M","288,68","100900","ESTACA ESCAVADA MECANICAMENTE, SEM FLUIDO ESTABILIZANTE, COM 60CM DE DIÂMETRO, CONCRETO LANÇADO POR BOMBA LANÇA (EXCLUSIVE MOBILIZAÇÃO E DESMOBILIZAÇÃO). AF_01/2020","M","288,68","100900","ESTACA ESCAVADA MECANICAMENTE, SEM FLUIDO ESTABILIZANTE, COM 60CM DE DIÂMETRO, CONCRETO LANÇADO POR BOMBA LANÇA (EXCLUSIVE MOBILIZAÇÃO E DESMOBILIZAÇÃO). AF_01/2020","M","288,68","100900","ESTACA ESCAVADA MECANICAMENTE, SEM FLUIDO ESTABILIZANTE, COM 60CM DE DIÂMETRO, CONCRETO LANÇADO POR BOMBA LANÇA (EXCLUSIVE MOBILIZAÇÃO E DESMOBILIZAÇÃO). AF_01/2020","M","288,68","100900","ESTACA ESCAVADA MECANICAMENTE, SEM FLUIDO ESTABILIZANTE, COM 60CM DE DIÂMETRO, CONCRETO LANÇADO POR BOMBA LANÇA (EXCLUSIVE MOBILIZAÇÃO E DESMOBILIZAÇÃO). AF_01/2020","M","288,68","100900","ESTACA ESCAVADA MECANICAMENTE, SEM FLUIDO ESTABILIZANTE, COM 60CM DE DIÂMETRO, CONCRETO LANÇADO POR BOMBA LANÇA (EXCLUSIVE MOBILIZAÇÃO E DESMOBILIZAÇÃO). AF_01/2020","M","288,68","100900","ESTACA ESCAVADA MECANICAMENTE, SEM FLUIDO ESTABILIZANTE, COM 60CM DE DIÂMETRO, CONCRETO LANÇADO POR BOMBA LANÇA (EXCLUSIVE MOBILIZAÇÃO E DESMOBILIZAÇÃO). AF_01/2020","M","288,68","100900","ESTACA ESCAVADA MECANICAMENTE, SEM FLUIDO ESTABILIZANTE, COM 60CM DE DIÂMETRO, CONCRETO LANÇADO POR BOMBA LANÇA (EXCLUSIVE MOBILIZAÇÃO E DESMOBILIZAÇÃO). AF_01/2020","M","288,68"]
[92449,"MONTAGEM E DESMONTAGEM DE FÔRMA DE VIGA, ESCORAMENTO COM GARFO DE MADEIRA, PÉ-DIREITO DUPLO, EM CHAPA DE MADEIRA RESINADA, 2 UTILIZAÇÕES. AF_09/2020","M2",275.08,"92449","MONTAGEM E DESMONTAGEM DE FÔRMA DE VIGA, ESCORAMENTO COM GARFO DE MADEIRA, PÉ-DIREITO DUPLO, EM CHAPA DE MADEIRA RESINADA, 2 UTILIZAÇÕES. AF_09/2020","M2","275,08","92449","MONTAGEM E DESMONTAGEM DE FÔRMA DE VIGA, ESCORAMENTO COM GARFO DE MADEIRA, PÉ-DIREITO DUPLO, EM CHAPA DE MADEIRA RESINADA, 2 UTILIZAÇÕES. AF_09/2020","M2","275,08","92449","MONTAGEM E DESMONTAGEM DE FÔRMA DE VIGA, ESCORAMENTO COM GARFO DE MADEIRA, PÉ-DIREITO DUPLO, EM CHAPA DE MADEIRA RESINADA, 2 UTILIZAÇÕES. AF_09/2020","M2","275,08","92449","MONTAGEM E DESMONTAGEM DE FÔRMA DE VIGA, ESCORAMENTO COM GARFO DE MADEIRA, PÉ-DIREITO DUPLO, EM CHAPA DE MADEIRA RESINADA, 2 UTILIZAÇÕES. AF_09/2020","M2","275,08","92449","MONTAGEM E DESMONTAGEM DE FÔRMA DE VIGA, ESCORAMENTO COM GARFO DE MADEIRA, PÉ-DIREITO DUPLO, EM CHAPA DE MADEIRA RESINADA, 2 UTILIZAÇÕES. AF_09/2020","M2","275,08","92449","MONTAGEM E DESMONTAGEM DE FÔRMA DE VIGA, ESCORAMENTO COM GARFO DE MADEIRA, PÉ-DIREITO DUPLO, EM CHAPA DE MADEIRA RESINADA, 2 UTILIZAÇÕES. AF_09/2020","M2","275,08","92449","MONTAGEM E DESMONTAGEM DE FÔRMA DE VIGA, ESCORAMENTO COM GARFO DE MADEIRA, PÉ-DIREITO DUPLO, EM CHAPA DE MADEIRA RESINADA, 2 UTILIZAÇÕES. AF_09/2020","M2","275,08","92449","MONTAGEM E DESMONTAGEM DE FÔRMA DE VIGA, ESCORAMENTO COM GARFO DE MADEIRA, PÉ-DIREITO DUPLO, EM CHAPA DE MADEIRA RESINADA, 2 UTILIZAÇÕES. AF_09/2020","M2","275,08","92449","MONTAGEM E DESMONTAGEM DE FÔRMA DE VIGA, ESCORAMENTO COM GARFO DE MADEIRA, PÉ-DIREITO DUPLO, EM CHAPA DE MADEIRA RESINADA, 2 UTILIZAÇÕES. AF_09/2020","M2","275,08","92449","MONTAGEM E DESMONTAGEM DE FÔRMA DE VIGA, ESCORAMENTO COM GARFO DE MADEIRA, PÉ-DIREITO DUPLO, EM CHAPA DE MADEIRA RESINADA, 2 UTILIZAÇÕES. AF_09/2020","M2","275,08","92449","MONTAGEM E DESMONTAGEM DE FÔRMA DE VIGA, ESCORAMENTO COM GARFO DE MADEIRA, PÉ-DIREITO DUPLO, EM CHAPA DE MADEIRA RESINADA, 2 UTILIZAÇÕES. AF_09/2020","M2","275,08","92449","MONTAGEM E DESMONTAGEM DE FÔRMA DE VIGA, ESCORAMENTO COM GARFO DE MADEIRA, PÉ-DIREITO DUPLO, EM CHAPA DE MADEIRA RESINADA, 2 UTILIZAÇÕES. AF_09/2020","M2","275,08","92449","MONTAGEM E DESMONTAGEM DE FÔRMA DE VIGA, ESCORAMENTO COM GARFO DE MADEIRA, PÉ-DIREITO DUPLO, EM CHAPA DE MADEIRA RESINADA, 2 UTILIZAÇÕES. AF_09/2020","M2","275,08","92449","MONTAGEM E DESMONTAGEM DE FÔRMA DE VIGA, ESCORAMENTO COM GARFO DE MADEIRA, PÉ-DIREITO DUPLO, EM CHAPA DE MADEIRA RESINADA, 2 UTILIZAÇÕES. AF_09/2020","M2","275,08","92449","MONTAGEM E DESMONTAGEM DE FÔRMA DE VIGA, ESCORAMENTO COM GARFO DE MADEIRA, PÉ-DIREITO DUPLO, EM CHAPA DE MADEIRA RESINADA, 2 UTILIZAÇÕES. AF_09/2020","M2","275,08","92449","MONTAGEM E DESMONTAGEM DE FÔRMA DE VIGA, ESCORAMENTO COM GARFO DE MADEIRA, PÉ-DIREITO DUPLO, EM CHAPA DE MADEIRA RESINADA, 2 UTILIZAÇÕES. AF_09/2020","M2","275,08","92449","MONTAGEM E DESMONTAGEM DE FÔRMA DE VIGA, ESCORAMENTO COM GARFO DE MADEIRA, PÉ-DIREITO DUPLO, EM CHAPA DE MADEIRA RESINADA, 2 UTILIZAÇÕES. AF_09/2020","M2","275,08","92449","MONTAGEM E DESMONTAGEM DE FÔRMA DE VIGA, ESCORAMENTO COM GARFO DE MADEIRA, PÉ-DIREITO DUPLO, EM CHAPA DE MADEIRA RESINADA, 2 UTILIZAÇÕES. AF_09/2020","M2","275,08","92449","MONTAGEM E DESMONTAGEM DE FÔRMA DE VIGA, ESCORAMENTO COM GARFO DE MADEIRA, PÉ-DIREITO DUPLO, EM CHAPA DE MADEIRA RESINADA, 2 UTILIZAÇÕES. AF_09/2020","M2","275,08","92449","MONTAGEM E DESMONTAGEM DE FÔRMA DE VIGA, ESCORAMENTO COM GARFO DE MADEIRA, PÉ-DIREITO DUPLO, EM CHAPA DE MADEIRA RESINADA, 2 UTILIZAÇÕES. AF_09/2020","M2","275,08","92449","MONTAGEM E DESMONTAGEM DE FÔRMA DE VIGA, ESCORAMENTO COM GARFO DE MADEIRA, PÉ-DIREITO DUPLO, EM CHAPA DE MADEIRA RESINADA, 2 UTILIZAÇÕES. AF_09/2020","M2","275,08","92449","MONTAGEM E DESMONTAGEM DE FÔRMA DE VIGA, ESCORAMENTO COM GARFO DE MADEIRA, PÉ-DIREITO DUPLO, EM CHAPA DE MADEIRA RESINADA, 2 UTILIZAÇÕES. AF_09/2020","M2","275,08","92449","MONTAGEM E DESMONTAGEM DE FÔRMA DE VIGA, ESCORAMENTO COM GARFO DE MADEIRA, PÉ-DIREITO DUPLO, EM CHAPA DE MADEIRA RESINADA, 2 UTILIZAÇÕES. AF_09/2020","M2","275,08","92449","MONTAGEM E DESMONTAGEM DE FÔRMA DE VIGA, ESCORAMENTO COM GARFO DE MADEIRA, PÉ-DIREITO DUPLO, EM CHAPA DE MADEIRA RESINADA, 2 UTILIZAÇÕES. AF_09/2020","M2","275,08","92449","MONTAGEM E DESMONTAGEM DE FÔRMA DE VIGA, ESCORAMENTO COM GARFO DE MADEIRA, PÉ-DIREITO DUPLO, EM CHAPA DE MADEIRA RESINADA, 2 UTILIZAÇÕES. AF_09/2020","M2","275,08","92449","MONTAGEM E DESMONTAGEM DE FÔRMA DE VIGA, ESCORAMENTO COM GARFO DE MADEIRA, PÉ-DIREITO DUPLO, EM CHAPA DE MADEIRA RESINADA, 2 UTILIZAÇÕES. AF_09/2020","M2","275,08","92449","MONTAGEM E DESMONTAGEM DE FÔRMA DE VIGA, ESCORAMENTO COM GARFO DE MADEIRA, PÉ-DIREITO DUPLO, EM CHAPA DE MADEIRA RESINADA, 2 UTILIZAÇÕES. AF_09/2020","M2","275,08","92449","MONTAGEM E DESMONTAGEM DE FÔRMA DE VIGA, ESCORAMENTO COM GARFO DE MADEIRA, PÉ-DIREITO DUPLO, EM CHAPA DE MADEIRA RESINADA, 2 UTILIZAÇÕES. AF_09/2020","M2","275,08","92449","MONTAGEM E DESMONTAGEM DE FÔRMA DE VIGA, ESCORAMENTO COM GARFO DE MADEIRA, PÉ-DIREITO DUPLO, EM CHAPA DE MADEIRA RESINADA, 2 UTILIZAÇÕES. AF_09/2020","M2","275,08","92449","MONTAGEM E DESMONTAGEM DE FÔRMA DE VIGA, ESCORAMENTO COM GARFO DE MADEIRA, PÉ-DIREITO DUPLO, EM CHAPA DE MADEIRA RESINADA, 2 UTILIZAÇÕES. AF_09/2020","M2","275,08","92449","MONTAGEM E DESMONTAGEM DE FÔRMA DE VIGA, ESCORAMENTO COM GARFO DE MADEIRA, PÉ-DIREITO DUPLO, EM CHAPA DE MADEIRA RESINADA, 2 UTILIZAÇÕES. AF_09/2020","M2","275,08","92449","MONTAGEM E DESMONTAGEM DE FÔRMA DE VIGA, ESCORAMENTO COM GARFO DE MADEIRA, PÉ-DIREITO DUPLO, EM CHAPA DE MADEIRA RESINADA, 2 UTILIZAÇÕES. AF_09/2020","M2","275,08","92449","MONTAGEM E DESMONTAGEM DE FÔRMA DE VIGA, ESCORAMENTO COM GARFO DE MADEIRA, PÉ-DIREITO DUPLO, EM CHAPA DE MADEIRA RESINADA, 2 UTILIZAÇÕES. AF_09/2020","M2","275,08","92449","MONTAGEM E DESMONTAGEM DE FÔRMA DE VIGA, ESCORAMENTO COM GARFO DE MADEIRA, PÉ-DIREITO DUPLO, EM CHAPA DE MADEIRA RESINADA, 2 UTILIZAÇÕES. AF_09/2020","M2","275,08","92449","MONTAGEM E DESMONTAGEM DE FÔRMA DE VIGA, ESCORAMENTO COM GARFO DE MADEIRA, PÉ-DIREITO DUPLO, EM CHAPA DE MADEIRA RESINADA, 2 UTILIZAÇÕES. AF_09/2020","M2","275,08","92449","MONTAGEM E DESMONTAGEM DE FÔRMA DE VIGA, ESCORAMENTO COM GARFO DE MADEIRA, PÉ-DIREITO DUPLO, EM CHAPA DE MADEIRA RESINADA, 2 UTILIZAÇÕES. AF_09/2020","M2","275,08","92449","MONTAGEM E DESMONTAGEM DE FÔRMA DE VIGA, ESCORAMENTO COM GARFO DE MADEIRA, PÉ-DIREITO DUPLO, EM CHAPA DE MADEIRA RESINADA, 2 UTILIZAÇÕES. AF_09/2020","M2","275,08","92449","MONTAGEM E DESMONTAGEM DE FÔRMA DE VIGA, ESCORAMENTO COM GARFO DE MADEIRA, PÉ-DIREITO DUPLO, EM CHAPA DE MADEIRA RESINADA, 2 UTILIZAÇÕES. AF_09/2020","M2","275,08","92449","MONTAGEM E DESMONTAGEM DE FÔRMA DE VIGA, ESCORAMENTO COM GARFO DE MADEIRA, PÉ-DIREITO DUPLO, EM CHAPA DE MADEIRA RESINADA, 2 UTILIZAÇÕES. AF_09/2020","M2","275,08","92449","MONTAGEM E DESMONTAGEM DE FÔRMA DE VIGA, ESCORAMENTO COM GARFO DE MADEIRA, PÉ-DIREITO DUPLO, EM CHAPA DE MADEIRA RESINADA, 2 UTILIZAÇÕES. AF_09/2020","M2","275,08","92449","MONTAGEM E DESMONTAGEM DE FÔRMA DE VIGA, ESCORAMENTO COM GARFO DE MADEIRA, PÉ-DIREITO DUPLO, EM CHAPA DE MADEIRA RESINADA, 2 UTILIZAÇÕES. AF_09/2020","M2","275,08","92449","MONTAGEM E DESMONTAGEM DE FÔRMA DE VIGA, ESCORAMENTO COM GARFO DE MADEIRA, PÉ-DIREITO DUPLO, EM CHAPA DE MADEIRA RESINADA, 2 UTILIZAÇÕES. AF_09/2020","M2","275,08","92449","MONTAGEM E DESMONTAGEM DE FÔRMA DE VIGA, ESCORAMENTO COM GARFO DE MADEIRA, PÉ-DIREITO DUPLO, EM CHAPA DE MADEIRA RESINADA, 2 UTILIZAÇÕES. AF_09/2020","M2","275,08","92449","MONTAGEM E DESMONTAGEM DE FÔRMA DE VIGA, ESCORAMENTO COM GARFO DE MADEIRA, PÉ-DIREITO DUPLO, EM CHAPA DE MADEIRA RESINADA, 2 UTILIZAÇÕES. AF_09/2020","M2","275,08","92449","MONTAGEM E DESMONTAGEM DE FÔRMA DE VIGA, ESCORAMENTO COM GARFO DE MADEIRA, PÉ-DIREITO DUPLO, EM CHAPA DE MADEIRA RESINADA, 2 UTILIZAÇÕES. AF_09/2020","M2","275,08","92449","MONTAGEM E DESMONTAGEM DE FÔRMA DE VIGA, ESCORAMENTO COM GARFO DE MADEIRA, PÉ-DIREITO DUPLO, EM CHAPA DE MADEIRA RESINADA, 2 UTILIZAÇÕES. AF_09/2020","M2","275,08","92449","MONTAGEM E DESMONTAGEM DE FÔRMA DE VIGA, ESCORAMENTO COM GARFO DE MADEIRA, PÉ-DIREITO DUPLO, EM CHAPA DE MADEIRA RESINADA, 2 UTILIZAÇÕES. AF_09/2020","M2","275,08","92449","MONTAGEM E DESMONTAGEM DE FÔRMA DE VIGA, ESCORAMENTO COM GARFO DE MADEIRA, PÉ-DIREITO DUPLO, EM CHAPA DE MADEIRA RESINADA, 2 UTILIZAÇÕES. AF_09/2020","M2","275,08","92449","MONTAGEM E DESMONTAGEM DE FÔRMA DE VIGA, ESCORAMENTO COM GARFO DE MADEIRA, PÉ-DIREITO DUPLO, EM CHAPA DE MADEIRA RESINADA, 2 UTILIZAÇÕES. AF_09/2020","M2","275,08","92449","MONTAGEM E DESMONTAGEM DE FÔRMA DE VIGA, ESCORAMENTO COM GARFO DE MADEIRA, PÉ-DIREITO DUPLO, EM CHAPA DE MADEIRA RESINADA, 2 UTILIZAÇÕES. AF_09/2020","M2","275,08","92449","MONTAGEM E DESMONTAGEM DE FÔRMA DE VIGA, ESCORAMENTO COM GARFO DE MADEIRA, PÉ-DIREITO DUPLO, EM CHAPA DE MADEIRA RESINADA, 2 UTILIZAÇÕES. AF_09/2020","M2","275,08","92449","MONTAGEM E DESMONTAGEM DE FÔRMA DE VIGA, ESCORAMENTO COM GARFO DE MADEIRA, PÉ-DIREITO DUPLO, EM CHAPA DE MADEIRA RESINADA, 2 UTILIZAÇÕES. AF_09/2020","M2","275,08","92449","MONTAGEM E DESMONTAGEM DE FÔRMA DE VIGA, ESCORAMENTO COM GARFO DE MADEIRA, PÉ-DIREITO DUPLO, EM CHAPA DE MADEIRA RESINADA, 2 UTILIZAÇÕES. AF_09/2020","M2","275,08","92449","MONTAGEM E DESMONTAGEM DE FÔRMA DE VIGA, ESCORAMENTO COM GARFO DE MADEIRA, PÉ-DIREITO DUPLO, EM CHAPA DE MADEIRA RESINADA, 2 UTILIZAÇÕES. AF_09/2020","M2","275,08","92449","MONTAGEM E DESMONTAGEM DE FÔRMA DE VIGA, ESCORAMENTO COM GARFO DE MADEIRA, PÉ-DIREITO DUPLO, EM CHAPA DE MADEIRA RESINADA, 2 UTILIZAÇÕES. AF_09/2020","M2","275,08","92449","MONTAGEM E DESMONTAGEM DE FÔRMA DE VIGA, ESCORAMENTO COM GARFO DE MADEIRA, PÉ-DIREITO DUPLO, EM CHAPA DE MADEIRA RESINADA, 2 UTILIZAÇÕES. AF_09/2020","M2","275,08","92449","MONTAGEM E DESMONTAGEM DE FÔRMA DE VIGA, ESCORAMENTO COM GARFO DE MADEIRA, PÉ-DIREITO DUPLO, EM CHAPA DE MADEIRA RESINADA, 2 UTILIZAÇÕES. AF_09/2020","M2","275,08","92449","MONTAGEM E DESMONTAGEM DE FÔRMA DE VIGA, ESCORAMENTO COM GARFO DE MADEIRA, PÉ-DIREITO DUPLO, EM CHAPA DE MADEIRA RESINADA, 2 UTILIZAÇÕES. AF_09/2020","M2","275,08","92449","MONTAGEM E DESMONTAGEM DE FÔRMA DE VIGA, ESCORAMENTO COM GARFO DE MADEIRA, PÉ-DIREITO DUPLO, EM CHAPA DE MADEIRA RESINADA, 2 UTILIZAÇÕES. AF_09/2020","M2","275,08","92449","MONTAGEM E DESMONTAGEM DE FÔRMA DE VIGA, ESCORAMENTO COM GARFO DE MADEIRA, PÉ-DIREITO DUPLO, EM CHAPA DE MADEIRA RESINADA, 2 UTILIZAÇÕES. AF_09/2020","M2","275,08","92449","MONTAGEM E DESMONTAGEM DE FÔRMA DE VIGA, ESCORAMENTO COM GARFO DE MADEIRA, PÉ-DIREITO DUPLO, EM CHAPA DE MADEIRA RESINADA, 2 UTILIZAÇÕES. AF_09/2020","M2","275,08","92449","MONTAGEM E DESMONTAGEM DE FÔRMA DE VIGA, ESCORAMENTO COM GARFO DE MADEIRA, PÉ-DIREITO DUPLO, EM CHAPA DE MADEIRA RESINADA, 2 UTILIZAÇÕES. AF_09/2020","M2","275,08","92449","MONTAGEM E DESMONTAGEM DE FÔRMA DE VIGA, ESCORAMENTO COM GARFO DE MADEIRA, PÉ-DIREITO DUPLO, EM CHAPA DE MADEIRA RESINADA, 2 UTILIZAÇÕES. AF_09/2020","M2","275,08"]
[92522,"MONTAGEM E DESMONTAGEM DE FÔRMA DE LAJE MACIÇA, PÉ-DIREITO SIMPLES, EM CHAPA DE MADEIRA COMPENSADA RESINADA, 8 UTILIZAÇÕES. AF_09/2020","M2",40.31,"92522","MONTAGEM E DESMONTAGEM DE FÔRMA DE LAJE MACIÇA, PÉ-DIREITO SIMPLES, EM CHAPA DE MADEIRA COMPENSADA RESINADA, 8 UTILIZAÇÕES. AF_09/2020","M2","40,31","92522","MONTAGEM E DESMONTAGEM DE FÔRMA DE LAJE MACIÇA, PÉ-DIREITO SIMPLES, EM CHAPA DE MADEIRA COMPENSADA RESINADA, 8 UTILIZAÇÕES. AF_09/2020","M2","40,31","92522","MONTAGEM E DESMONTAGEM DE FÔRMA DE LAJE MACIÇA, PÉ-DIREITO SIMPLES, EM CHAPA DE MADEIRA COMPENSADA RESINADA, 8 UTILIZAÇÕES. AF_09/2020","M2","40,31","92522","MONTAGEM E DESMONTAGEM DE FÔRMA DE LAJE MACIÇA, PÉ-DIREITO SIMPLES, EM CHAPA DE MADEIRA COMPENSADA RESINADA, 8 UTILIZAÇÕES. AF_09/2020","M2","40,31","92522","MONTAGEM E DESMONTAGEM DE FÔRMA DE LAJE MACIÇA, PÉ-DIREITO SIMPLES, EM CHAPA DE MADEIRA COMPENSADA RESINADA, 8 UTILIZAÇÕES. AF_09/2020","M2","40,31","92522","MONTAGEM E DESMONTAGEM DE FÔRMA DE LAJE MACIÇA, PÉ-DIREITO SIMPLES, EM CHAPA DE MADEIRA COMPENSADA RESINADA, 8 UTILIZAÇÕES. AF_09/2020","M2","40,31","92522","MONTAGEM E DESMONTAGEM DE FÔRMA DE LAJE MACIÇA, PÉ-DIREITO SIMPLES, EM CHAPA DE MADEIRA COMPENSADA RESINADA, 8 UTILIZAÇÕES. AF_09/2020","M2","40,31","92522","MONTAGEM E DESMONTAGEM DE FÔRMA DE LAJE MACIÇA, PÉ-DIREITO SIMPLES, EM CHAPA DE MADEIRA COMPENSADA RESINADA, 8 UTILIZAÇÕES. AF_09/2020","M2","40,31","92522","MONTAGEM E DESMONTAGEM DE FÔRMA DE LAJE MACIÇA, PÉ-DIREITO SIMPLES, EM CHAPA DE MADEIRA COMPENSADA RESINADA, 8 UTILIZAÇÕES. AF_09/2020","M2","40,31","92522","MONTAGEM E DESMONTAGEM DE FÔRMA DE LAJE MACIÇA, PÉ-DIREITO SIMPLES, EM CHAPA DE MADEIRA COMPENSADA RESINADA, 8 UTILIZAÇÕES. AF_09/2020","M2","40,31","92522","MONTAGEM E DESMONTAGEM DE FÔRMA DE LAJE MACIÇA, PÉ-DIREITO SIMPLES, EM CHAPA DE MADEIRA COMPENSADA RESINADA, 8 UTILIZAÇÕES. AF_09/2020","M2","40,31","92522","MONTAGEM E DESMONTAGEM DE FÔRMA DE LAJE MACIÇA, PÉ-DIREITO SIMPLES, EM CHAPA DE MADEIRA COMPENSADA RESINADA, 8 UTILIZAÇÕES. AF_09/2020","M2","40,31","92522","MONTAGEM E DESMONTAGEM DE FÔRMA DE LAJE MACIÇA, PÉ-DIREITO SIMPLES, EM CHAPA DE MADEIRA COMPENSADA RESINADA, 8 UTILIZAÇÕES. AF_09/2020","M2","40,31","92522","MONTAGEM E DESMONTAGEM DE FÔRMA DE LAJE MACIÇA, PÉ-DIREITO SIMPLES, EM CHAPA DE MADEIRA COMPENSADA RESINADA, 8 UTILIZAÇÕES. AF_09/2020","M2","40,31","92522","MONTAGEM E DESMONTAGEM DE FÔRMA DE LAJE MACIÇA, PÉ-DIREITO SIMPLES, EM CHAPA DE MADEIRA COMPENSADA RESINADA, 8 UTILIZAÇÕES. AF_09/2020","M2","40,31","92522","MONTAGEM E DESMONTAGEM DE FÔRMA DE LAJE MACIÇA, PÉ-DIREITO SIMPLES, EM CHAPA DE MADEIRA COMPENSADA RESINADA, 8 UTILIZAÇÕES. AF_09/2020","M2","40,31","92522","MONTAGEM E DESMONTAGEM DE FÔRMA DE LAJE MACIÇA, PÉ-DIREITO SIMPLES, EM CHAPA DE MADEIRA COMPENSADA RESINADA, 8 UTILIZAÇÕES. AF_09/2020","M2","40,31","92522","MONTAGEM E DESMONTAGEM DE FÔRMA DE LAJE MACIÇA, PÉ-DIREITO SIMPLES, EM CHAPA DE MADEIRA COMPENSADA RESINADA, 8 UTILIZAÇÕES. AF_09/2020","M2","40,31","92522","MONTAGEM E DESMONTAGEM DE FÔRMA DE LAJE MACIÇA, PÉ-DIREITO SIMPLES, EM CHAPA DE MADEIRA COMPENSADA RESINADA, 8 UTILIZAÇÕES. AF_09/2020","M2","40,31","92522","MONTAGEM E DESMONTAGEM DE FÔRMA DE LAJE MACIÇA, PÉ-DIREITO SIMPLES, EM CHAPA DE MADEIRA COMPENSADA RESINADA, 8 UTILIZAÇÕES. AF_09/2020","M2","40,31","92522","MONTAGEM E DESMONTAGEM DE FÔRMA DE LAJE MACIÇA, PÉ-DIREITO SIMPLES, EM CHAPA DE MADEIRA COMPENSADA RESINADA, 8 UTILIZAÇÕES. AF_09/2020","M2","40,31","92522","MONTAGEM E DESMONTAGEM DE FÔRMA DE LAJE MACIÇA, PÉ-DIREITO SIMPLES, EM CHAPA DE MADEIRA COMPENSADA RESINADA, 8 UTILIZAÇÕES. AF_09/2020","M2","40,31","92522","MONTAGEM E DESMONTAGEM DE FÔRMA DE LAJE MACIÇA, PÉ-DIREITO SIMPLES, EM CHAPA DE MADEIRA COMPENSADA RESINADA, 8 UTILIZAÇÕES. AF_09/2020","M2","40,31","92522","MONTAGEM E DESMONTAGEM DE FÔRMA DE LAJE MACIÇA, PÉ-DIREITO SIMPLES, EM CHAPA DE MADEIRA COMPENSADA RESINADA, 8 UTILIZAÇÕES. AF_09/2020","M2","40,31","92522","MONTAGEM E DESMONTAGEM DE FÔRMA DE LAJE MACIÇA, PÉ-DIREITO SIMPLES, EM CHAPA DE MADEIRA COMPENSADA RESINADA, 8 UTILIZAÇÕES. AF_09/2020","M2","40,31","92522","MONTAGEM E DESMONTAGEM DE FÔRMA DE LAJE MACIÇA, PÉ-DIREITO SIMPLES, EM CHAPA DE MADEIRA COMPENSADA RESINADA, 8 UTILIZAÇÕES. AF_09/2020","M2","40,31","92522","MONTAGEM E DESMONTAGEM DE FÔRMA DE LAJE MACIÇA, PÉ-DIREITO SIMPLES, EM CHAPA DE MADEIRA COMPENSADA RESINADA, 8 UTILIZAÇÕES. AF_09/2020","M2","40,31","92522","MONTAGEM E DESMONTAGEM DE FÔRMA DE LAJE MACIÇA, PÉ-DIREITO SIMPLES, EM CHAPA DE MADEIRA COMPENSADA RESINADA, 8 UTILIZAÇÕES. AF_09/2020","M2","40,31","92522","MONTAGEM E DESMONTAGEM DE FÔRMA DE LAJE MACIÇA, PÉ-DIREITO SIMPLES, EM CHAPA DE MADEIRA COMPENSADA RESINADA, 8 UTILIZAÇÕES. AF_09/2020","M2","40,31","92522","MONTAGEM E DESMONTAGEM DE FÔRMA DE LAJE MACIÇA, PÉ-DIREITO SIMPLES, EM CHAPA DE MADEIRA COMPENSADA RESINADA, 8 UTILIZAÇÕES. AF_09/2020","M2","40,31","92522","MONTAGEM E DESMONTAGEM DE FÔRMA DE LAJE MACIÇA, PÉ-DIREITO SIMPLES, EM CHAPA DE MADEIRA COMPENSADA RESINADA, 8 UTILIZAÇÕES. AF_09/2020","M2","40,31","92522","MONTAGEM E DESMONTAGEM DE FÔRMA DE LAJE MACIÇA, PÉ-DIREITO SIMPLES, EM CHAPA DE MADEIRA COMPENSADA RESINADA, 8 UTILIZAÇÕES. AF_09/2020","M2","40,31","92522","MONTAGEM E DESMONTAGEM DE FÔRMA DE LAJE MACIÇA, PÉ-DIREITO SIMPLES, EM CHAPA DE MADEIRA COMPENSADA RESINADA, 8 UTILIZAÇÕES. AF_09/2020","M2","40,31","92522","MONTAGEM E DESMONTAGEM DE FÔRMA DE LAJE MACIÇA, PÉ-DIREITO SIMPLES, EM CHAPA DE MADEIRA COMPENSADA RESINADA, 8 UTILIZAÇÕES. AF_09/2020","M2","40,31","92522","MONTAGEM E DESMONTAGEM DE FÔRMA DE LAJE MACIÇA, PÉ-DIREITO SIMPLES, EM CHAPA DE MADEIRA COMPENSADA RESINADA, 8 UTILIZAÇÕES. AF_09/2020","M2","40,31","92522","MONTAGEM E DESMONTAGEM DE FÔRMA DE LAJE MACIÇA, PÉ-DIREITO SIMPLES, EM CHAPA DE MADEIRA COMPENSADA RESINADA, 8 UTILIZAÇÕES. AF_09/2020","M2","40,31","92522","MONTAGEM E DESMONTAGEM DE FÔRMA DE LAJE MACIÇA, PÉ-DIREITO SIMPLES, EM CHAPA DE MADEIRA COMPENSADA RESINADA, 8 UTILIZAÇÕES. AF_09/2020","M2","40,31","92522","MONTAGEM E DESMONTAGEM DE FÔRMA DE LAJE MACIÇA, PÉ-DIREITO SIMPLES, EM CHAPA DE MADEIRA COMPENSADA RESINADA, 8 UTILIZAÇÕES. AF_09/2020","M2","40,31","92522","MONTAGEM E DESMONTAGEM DE FÔRMA DE LAJE MACIÇA, PÉ-DIREITO SIMPLES, EM CHAPA DE MADEIRA COMPENSADA RESINADA, 8 UTILIZAÇÕES. AF_09/2020","M2","40,31","92522","MONTAGEM E DESMONTAGEM DE FÔRMA DE LAJE MACIÇA, PÉ-DIREITO SIMPLES, EM CHAPA DE MADEIRA COMPENSADA RESINADA, 8 UTILIZAÇÕES. AF_09/2020","M2","40,31","92522","MONTAGEM E DESMONTAGEM DE FÔRMA DE LAJE MACIÇA, PÉ-DIREITO SIMPLES, EM CHAPA DE MADEIRA COMPENSADA RESINADA, 8 UTILIZAÇÕES. AF_09/2020","M2","40,31","92522","MONTAGEM E DESMONTAGEM DE FÔRMA DE LAJE MACIÇA, PÉ-DIREITO SIMPLES, EM CHAPA DE MADEIRA COMPENSADA RESINADA, 8 UTILIZAÇÕES. AF_09/2020","M2","40,31","92522","MONTAGEM E DESMONTAGEM DE FÔRMA DE LAJE MACIÇA, PÉ-DIREITO SIMPLES, EM CHAPA DE MADEIRA COMPENSADA RESINADA, 8 UTILIZAÇÕES. AF_09/2020","M2","40,31","92522","MONTAGEM E DESMONTAGEM DE FÔRMA DE LAJE MACIÇA, PÉ-DIREITO SIMPLES, EM CHAPA DE MADEIRA COMPENSADA RESINADA, 8 UTILIZAÇÕES. AF_09/2020","M2","40,31","92522","MONTAGEM E DESMONTAGEM DE FÔRMA DE LAJE MACIÇA, PÉ-DIREITO SIMPLES, EM CHAPA DE MADEIRA COMPENSADA RESINADA, 8 UTILIZAÇÕES. AF_09/2020","M2","40,31","92522","MONTAGEM E DESMONTAGEM DE FÔRMA DE LAJE MACIÇA, PÉ-DIREITO SIMPLES, EM CHAPA DE MADEIRA COMPENSADA RESINADA, 8 UTILIZAÇÕES. AF_09/2020","M2","40,31","92522","MONTAGEM E DESMONTAGEM DE FÔRMA DE LAJE MACIÇA, PÉ-DIREITO SIMPLES, EM CHAPA DE MADEIRA COMPENSADA RESINADA, 8 UTILIZAÇÕES. AF_09/2020","M2","40,31","92522","MONTAGEM E DESMONTAGEM DE FÔRMA DE LAJE MACIÇA, PÉ-DIREITO SIMPLES, EM CHAPA DE MADEIRA COMPENSADA RESINADA, 8 UTILIZAÇÕES. AF_09/2020","M2","40,31","92522","MONTAGEM E DESMONTAGEM DE FÔRMA DE LAJE MACIÇA, PÉ-DIREITO SIMPLES, EM CHAPA DE MADEIRA COMPENSADA RESINADA, 8 UTILIZAÇÕES. AF_09/2020","M2","40,31","92522","MONTAGEM E DESMONTAGEM DE FÔRMA DE LAJE MACIÇA, PÉ-DIREITO SIMPLES, EM CHAPA DE MADEIRA COMPENSADA RESINADA, 8 UTILIZAÇÕES. AF_09/2020","M2","40,31","92522","MONTAGEM E DESMONTAGEM DE FÔRMA DE LAJE MACIÇA, PÉ-DIREITO SIMPLES, EM CHAPA DE MADEIRA COMPENSADA RESINADA, 8 UTILIZAÇÕES. AF_09/2020","M2","40,31","92522","MONTAGEM E DESMONTAGEM DE FÔRMA DE LAJE MACIÇA, PÉ-DIREITO SIMPLES, EM CHAPA DE MADEIRA COMPENSADA RESINADA, 8 UTILIZAÇÕES. AF_09/2020","M2","40,31","92522","MONTAGEM E DESMONTAGEM DE FÔRMA DE LAJE MACIÇA, PÉ-DIREITO SIMPLES, EM CHAPA DE MADEIRA COMPENSADA RESINADA, 8 UTILIZAÇÕES. AF_09/2020","M2","40,31","92522","MONTAGEM E DESMONTAGEM DE FÔRMA DE LAJE MACIÇA, PÉ-DIREITO SIMPLES, EM CHAPA DE MADEIRA COMPENSADA RESINADA, 8 UTILIZAÇÕES. AF_09/2020","M2","40,31","92522","MONTAGEM E DESMONTAGEM DE FÔRMA DE LAJE MACIÇA, PÉ-DIREITO SIMPLES, EM CHAPA DE MADEIRA COMPENSADA RESINADA, 8 UTILIZAÇÕES. AF_09/2020","M2","40,31","92522","MONTAGEM E DESMONTAGEM DE FÔRMA DE LAJE MACIÇA, PÉ-DIREITO SIMPLES, EM CHAPA DE MADEIRA COMPENSADA RESINADA, 8 UTILIZAÇÕES. AF_09/2020","M2","40,31","92522","MONTAGEM E DESMONTAGEM DE FÔRMA DE LAJE MACIÇA, PÉ-DIREITO SIMPLES, EM CHAPA DE MADEIRA COMPENSADA RESINADA, 8 UTILIZAÇÕES. AF_09/2020","M2","40,31","92522","MONTAGEM E DESMONTAGEM DE FÔRMA DE LAJE MACIÇA, PÉ-DIREITO SIMPLES, EM CHAPA DE MADEIRA COMPENSADA RESINADA, 8 UTILIZAÇÕES. AF_09/2020","M2","40,31","92522","MONTAGEM E DESMONTAGEM DE FÔRMA DE LAJE MACIÇA, PÉ-DIREITO SIMPLES, EM CHAPA DE MADEIRA COMPENSADA RESINADA, 8 UTILIZAÇÕES. AF_09/2020","M2","40,31","92522","MONTAGEM E DESMONTAGEM DE FÔRMA DE LAJE MACIÇA, PÉ-DIREITO SIMPLES, EM CHAPA DE MADEIRA COMPENSADA RESINADA, 8 UTILIZAÇÕES. AF_09/2020","M2","40,31","92522","MONTAGEM E DESMONTAGEM DE FÔRMA DE LAJE MACIÇA, PÉ-DIREITO SIMPLES, EM CHAPA DE MADEIRA COMPENSADA RESINADA, 8 UTILIZAÇÕES. AF_09/2020","M2","40,31","92522","MONTAGEM E DESMONTAGEM DE FÔRMA DE LAJE MACIÇA, PÉ-DIREITO SIMPLES, EM CHAPA DE MADEIRA COMPENSADA RESINADA, 8 UTILIZAÇÕES. AF_09/2020","M2","40,31","92522","MONTAGEM E DESMONTAGEM DE FÔRMA DE LAJE MACIÇA, PÉ-DIREITO SIMPLES, EM CHAPA DE MADEIRA COMPENSADA RESINADA, 8 UTILIZAÇÕES. AF_09/2020","M2","40,31"]
[101987,"FABRICAÇÃO DE FÔRMA PARA ESCADAS, COM 2 LANCES EM \"U\" E LAJE CASCATA, EM MADEIRA SERRADA, E=25 MM. AF_11/2020","M2",365.93,"101987","FABRICAÇÃO DE FÔRMA PARA ESCADAS, COM 2 LANCES EM \"U\" E LAJE CASCATA, EM MADEIRA SERRADA, E=25 MM. AF_11/2020","M2","365,93","101987","FABRICAÇÃO DE FÔRMA PARA ESCADAS, COM 2 LANCES EM \"U\" E LAJE CASCATA, EM MADEIRA SERRADA, E=25 MM. AF_11/2020","M2","365,93","101987","FABRICAÇÃO DE FÔRMA PARA ESCADAS, COM 2 LANCES EM \"U\" E LAJE CASCATA, EM MADEIRA SERRADA, E=25 MM. AF_11/2020","M2","365,93","101987","FABRICAÇÃO DE FÔRMA PARA ESCADAS, COM 2 LANCES EM \"U\" E LAJE CASCATA, EM MADEIRA SERRADA, E=25 MM. AF_11/2020","M2","365,93","101987","FABRICAÇÃO DE FÔRMA PARA ESCADAS, COM 2 LANCES EM \"U\" E LAJE CASCATA, EM MADEIRA SERRADA, E=25 MM. AF_11/2020","M2","365,93","101987","FABRICAÇÃO DE FÔRMA PARA ESCADAS, COM 2 LANCES EM \"U\" E LAJE CASCATA, EM MADEIRA SERRADA, E=25 MM. AF_11/2020","M2","365,93","101987","FABRICAÇÃO DE FÔRMA PARA ESCADAS, COM 2 LANCES EM \"U\" E LAJE CASCATA, EM MADEIRA SERRADA, E=25 MM. AF_11/2020","M2","365,93","101987","FABRICAÇÃO DE FÔRMA PARA ESCADAS, COM 2 LANCES EM \"U\" E LAJE CASCATA, EM MADEIRA SERRADA, E=25 MM. AF_11/2020","M2","365,93","101987","FABRICAÇÃO DE FÔRMA PARA ESCADAS, COM 2 LANCES EM \"U\" E LAJE CASCATA, EM MADEIRA SERRADA, E=25 MM. AF_11/2020","M2","365,93","101987","FABRICAÇÃO DE FÔRMA PARA ESCADAS, COM 2 LANCES EM \"U\" E LAJE CASCATA, EM MADEIRA SERRADA, E=25 MM. AF_11/2020","M2","365,93","101987","FABRICAÇÃO DE FÔRMA PARA ESCADAS, COM 2 LANCES EM \"U\" E LAJE CASCATA, EM MADEIRA SERRADA, E=25 MM. AF_11/2020","M2","365,93","101987","FABRICAÇÃO DE FÔRMA PARA ESCADAS, COM 2 LANCES EM \"U\" E LAJE CASCATA, EM MADEIRA SERRADA, E=25 MM. AF_11/2020","M2","365,93","101987","FABRICAÇÃO DE FÔRMA PARA ESCADAS, COM 2 LANCES EM \"U\" E LAJE CASCATA, EM MADEIRA SERRADA, E=25 MM. AF_11/2020","M2","365,93","101987","FABRICAÇÃO DE FÔRMA PARA ESCADAS, COM 2 LANCES EM \"U\" E LAJE CASCATA, EM MADEIRA SERRADA, E=25 MM. AF_11/2020","M2","365,93","101987","FABRICAÇÃO DE FÔRMA PARA ESCADAS, COM 2 LANCES EM \"U\" E LAJE CASCATA, EM MADEIRA SERRADA, E=25 MM. AF_11/2020","M2","365,93","101987","FABRICAÇÃO DE FÔRMA PARA ESCADAS, COM 2 LANCES EM \"U\" E LAJE CASCATA, EM MADEIRA SERRADA, E=25 MM. AF_11/2020","M2","365,93","101987","FABRICAÇÃO DE FÔRMA PARA ESCADAS, COM 2 LANCES EM \"U\" E LAJE CASCATA, EM MADEIRA SERRADA, E=25 MM. AF_11/2020","M2","365,93","101987","FABRICAÇÃO DE FÔRMA PARA ESCADAS, COM 2 LANCES EM \"U\" E LAJE CASCATA, EM MADEIRA SERRADA, E=25 MM. AF_11/2020","M2","365,93","101987","FABRICAÇÃO DE FÔRMA PARA ESCADAS, COM 2 LANCES EM \"U\" E LAJE CASCATA, EM MADEIRA SERRADA, E=25 MM. AF_11/2020","M2","365,93","101987","FABRICAÇÃO DE FÔRMA PARA ESCADAS, COM 2 LANCES EM \"U\" E LAJE CASCATA, EM MADEIRA SERRADA, E=25 MM. AF_11/2020","M2","365,93","101987","FABRICAÇÃO DE FÔRMA PARA ESCADAS, COM 2 LANCES EM \"U\" E LAJE CASCATA, EM MADEIRA SERRADA, E=25 MM. AF_11/2020","M2","365,93","101987","FABRICAÇÃO DE FÔRMA PARA ESCADAS, COM 2 LANCES EM \"U\" E LAJE CASCATA, EM MADEIRA SERRADA, E=25 MM. AF_11/2020","M2","365,93","101987","FABRICAÇÃO DE FÔRMA PARA ESCADAS, COM 2 LANCES EM \"U\" E LAJE CASCATA, EM MADEIRA SERRADA, E=25 MM. AF_11/2020","M2","365,93","101987","FABRICAÇÃO DE FÔRMA PARA ESCADAS, COM 2 LANCES EM \"U\" E LAJE CASCATA, EM MADEIRA SERRADA, E=25 MM. AF_11/2020","M2","365,93","101987","FABRICAÇÃO DE FÔRMA PARA ESCADAS, COM 2 LANCES EM \"U\" E LAJE CASCATA, EM MADEIRA SERRADA, E=25 MM. AF_11/2020","M2","365,93","101987","FABRICAÇÃO DE FÔRMA PARA ESCADAS, COM 2 LANCES EM \"U\" E LAJE CASCATA, EM MADEIRA SERRADA, E=25 MM. AF_11/2020","M2","365,93","101987","FABRICAÇÃO DE FÔRMA PARA ESCADAS, COM 2 LANCES EM \"U\" E LAJE CASCATA, EM MADEIRA SERRADA, E=25 MM. AF_11/2020","M2","365,93","101987","FABRICAÇÃO DE FÔRMA PARA ESCADAS, COM 2 LANCES EM \"U\" E LAJE CASCATA, EM MADEIRA SERRADA, E=25 MM. AF_11/2020","M2","365,93","101987","FABRICAÇÃO DE FÔRMA PARA ESCADAS, COM 2 LANCES EM \"U\" E LAJE CASCATA, EM MADEIRA SERRADA, E=25 MM. AF_11/2020","M2","365,93","101987","FABRICAÇÃO DE FÔRMA PARA ESCADAS, COM 2 LANCES EM \"U\" E LAJE CASCATA, EM MADEIRA SERRADA, E=25 MM. AF_11/2020","M2","365,93","101987","FABRICAÇÃO DE FÔRMA PARA ESCADAS, COM 2 LANCES EM \"U\" E LAJE CASCATA, EM MADEIRA SERRADA, E=25 MM. AF_11/2020","M2","365,93","101987","FABRICAÇÃO DE FÔRMA PARA ESCADAS, COM 2 LANCES EM \"U\" E LAJE CASCATA, EM MADEIRA SERRADA, E=25 MM. AF_11/2020","M2","365,93","101987","FABRICAÇÃO DE FÔRMA PARA ESCADAS, COM 2 LANCES EM \"U\" E LAJE CASCATA, EM MADEIRA SERRADA, E=25 MM. AF_11/2020","M2","365,93","101987","FABRICAÇÃO DE FÔRMA PARA ESCADAS, COM 2 LANCES EM \"U\" E LAJE CASCATA, EM MADEIRA SERRADA, E=25 MM. AF_11/2020","M2","365,93","101987","FABRICAÇÃO DE FÔRMA PARA ESCADAS, COM 2 LANCES EM \"U\" E LAJE CASCATA, EM MADEIRA SERRADA, E=25 MM. AF_11/2020","M2","365,93","101987","FABRICAÇÃO DE FÔRMA PARA ESCADAS, COM 2 LANCES EM \"U\" E LAJE CASCATA, EM MADEIRA SERRADA, E=25 MM. AF_11/2020","M2","365,93","101987","FABRICAÇÃO DE FÔRMA PARA ESCADAS, COM 2 LANCES EM \"U\" E LAJE CASCATA, EM MADEIRA SERRADA, E=25 MM. AF_11/2020","M2","365,93","101987","FABRICAÇÃO DE FÔRMA PARA ESCADAS, COM 2 LANCES EM \"U\" E LAJE CASCATA, EM MADEIRA SERRADA, E=25 MM. AF_11/2020","M2","365,93","101987","FABRICAÇÃO DE FÔRMA PARA ESCADAS, COM 2 LANCES EM \"U\" E LAJE CASCATA, EM MADEIRA SERRADA, E=25 MM. AF_11/2020","M2","365,93","101987","FABRICAÇÃO DE FÔRMA PARA ESCADAS, COM 2 LANCES EM \"U\" E LAJE CASCATA, EM MADEIRA SERRADA, E=25 MM. AF_11/2020","M2","365,93","101987","FABRICAÇÃO DE FÔRMA PARA ESCADAS, COM 2 LANCES EM \"U\" E LAJE CASCATA, EM MADEIRA SERRADA, E=25 MM. AF_11/2020","M2","365,93","101987","FABRICAÇÃO DE FÔRMA PARA ESCADAS, COM 2 LANCES EM \"U\" E LAJE CASCATA, EM MADEIRA SERRADA, E=25 MM. AF_11/2020","M2","365,93","101987","FABRICAÇÃO DE FÔRMA PARA ESCADAS, COM 2 LANCES EM \"U\" E LAJE CASCATA, EM MADEIRA SERRADA, E=25 MM. AF_11/2020","M2","365,93","101987","FABRICAÇÃO DE FÔRMA PARA ESCADAS, COM 2 LANCES EM \"U\" E LAJE CASCATA, EM MADEIRA SERRADA, E=25 MM. AF_11/2020","M2","365,93","101987","FABRICAÇÃO DE FÔRMA PARA ESCADAS, COM 2 LANCES EM \"U\" E LAJE CASCATA, EM MADEIRA SERRADA, E=25 MM. AF_11/2020","M2","365,93","101987","FABRICAÇÃO DE FÔRMA PARA ESCADAS, COM 2 LANCES EM \"U\" E LAJE CASCATA, EM MADEIRA SERRADA, E=25 MM. AF_11/2020","M2","365,93","101987","FABRICAÇÃO DE FÔRMA PARA ESCADAS, COM 2 LANCES EM \"U\" E LAJE CASCATA, EM MADEIRA SERRADA, E=25 MM. AF_11/2020","M2","365,93","101987","FABRICAÇÃO DE FÔRMA PARA ESCADAS, COM 2 LANCES EM \"U\" E LAJE CASCATA, EM MADEIRA SERRADA, E=25 MM. AF_11/2020","M2","365,93","101987","FABRICAÇÃO DE FÔRMA PARA ESCADAS, COM 2 LANCES EM \"U\" E LAJE CASCATA, EM MADEIRA SERRADA, E=25 MM. AF_11/2020","M2","365,93","101987","FABRICAÇÃO DE FÔRMA PARA ESCADAS, COM 2 LANCES EM \"U\" E LAJE CASCATA, EM MADEIRA SERRADA, E=25 MM. AF_11/2020","M2","365,93","101987","FABRICAÇÃO DE FÔRMA PARA ESCADAS, COM 2 LANCES EM \"U\" E LAJE CASCATA, EM MADEIRA SERRADA, E=25 MM. AF_11/2020","M2","365,93","101987","FABRICAÇÃO DE FÔRMA PARA ESCADAS, COM 2 LANCES EM \"U\" E LAJE CASCATA, EM MADEIRA SERRADA, E=25 MM. AF_11/2020","M2","365,93","101987","FABRICAÇÃO DE FÔRMA PARA ESCADAS, COM 2 LANCES EM \"U\" E LAJE CASCATA, EM MADEIRA SERRADA, E=25 MM. AF_11/2020","M2","365,93","101987","FABRICAÇÃO DE FÔRMA PARA ESCADAS, COM 2 LANCES EM \"U\" E LAJE CASCATA, EM MADEIRA SERRADA, E=25 MM. AF_11/2020","M2","365,93","101987","FABRICAÇÃO DE FÔRMA PARA ESCADAS, COM 2 LANCES EM \"U\" E LAJE CASCATA, EM MADEIRA SERRADA, E=25 MM. AF_11/2020","M2","365,93","101987","FABRICAÇÃO DE FÔRMA PARA ESCADAS, COM 2 LANCES EM \"U\" E LAJE CASCATA, EM MADEIRA SERRADA, E=25 MM. AF_11/2020","M2","365,93","101987","FABRICAÇÃO DE FÔRMA PARA ESCADAS, COM 2 LANCES EM \"U\" E LAJE CASCATA, EM MADEIRA SERRADA, E=25 MM. AF_11/2020","M2","365,93","101987","FABRICAÇÃO DE FÔRMA PARA ESCADAS, COM 2 LANCES EM \"U\" E LAJE CASCATA, EM MADEIRA SERRADA, E=25 MM. AF_11/2020","M2","365,93","101987","FABRICAÇÃO DE FÔRMA PARA ESCADAS, COM 2 LANCES EM \"U\" E LAJE CASCATA, EM MADEIRA SERRADA, E=25 MM. AF_11/2020","M2","365,93","101987","FABRICAÇÃO DE FÔRMA PARA ESCADAS, COM 2 LANCES EM \"U\" E LAJE CASCATA, EM MADEIRA SERRADA, E=25 MM. AF_11/2020","M2","365,93","101987","FABRICAÇÃO DE FÔRMA PARA ESCADAS, COM 2 LANCES EM \"U\" E LAJE CASCATA, EM MADEIRA SERRADA, E=25 MM. AF_11/2020","M2","365,93","101987","FABRICAÇÃO DE FÔRMA PARA ESCADAS, COM 2 LANCES EM \"U\" E LAJE CASCATA, EM MADEIRA SERRADA, E=25 MM. AF_11/2020","M2","365,93","101987","FABRICAÇÃO DE FÔRMA PARA ESCADAS, COM 2 LANCES EM \"U\" E LAJE CASCATA, EM MADEIRA SERRADA, E=25 MM. AF_11/2020","M2","365,93"]
[102044,"MONTAGEM E DESMONTAGEM DE FÔRMA PARA ESCADAS, COM 1 LANCE E LAJE PLANA, EM CHAPA DE MADEIRA COMPENSADA PLASTIFICADA, 8 UTILIZAÇÕES. AF_11/2020","M2",182.71,"102044","MONTAGEM E DESMONTAGEM DE FÔRMA PARA ESCADAS, COM 1 LANCE E LAJE PLANA, EM CHAPA DE MADEIRA COMPENSADA PLASTIFICADA, 8 UTILIZAÇÕES. AF_11/2020","M2","182,71","102044","MONTAGEM E DESMONTAGEM DE FÔRMA PARA ESCADAS, COM 1 LANCE E LAJE PLANA, EM CHAPA DE MADEIRA COMPENSADA PLASTIFICADA, 8 UTILIZAÇÕES. AF_11/2020","M2","182,71","102044","MONTAGEM E DESMONTAGEM DE FÔRMA PARA ESCADAS, COM 1 LANCE E LAJE PLANA, EM CHAPA DE MADEIRA COMPENSADA PLASTIFICADA, 8 UTILIZAÇÕES. AF_11/2020","M2","182,71","102044","MONTAGEM E DESMONTAGEM DE FÔRMA PARA ESCADAS, COM 1 LANCE E LAJE PLANA, EM CHAPA DE MADEIRA COMPENSADA PLASTIFICADA, 8 UTILIZAÇÕES. AF_11/2020","M2","182,71","102044","MONTAGEM E DESMONTAGEM DE FÔRMA PARA ESCADAS, COM 1 LANCE E LAJE PLANA, EM CHAPA DE MADEIRA COMPENSADA PLASTIFICADA, 8 UTILIZAÇÕES. AF_11/2020","M2","182,71","102044","MONTAGEM E DESMONTAGEM DE FÔRMA PARA ESCADAS, COM 1 LANCE E LAJE PLANA, EM CHAPA DE MADEIRA COMPENSADA PLASTIFICADA, 8 UTILIZAÇÕES. AF_11/2020","M2","182,71","102044","MONTAGEM E DESMONTAGEM DE FÔRMA PARA ESCADAS, COM 1 LANCE E LAJE PLANA, EM CHAPA DE MADEIRA COMPENSADA PLASTIFICADA, 8 UTILIZAÇÕES. AF_11/2020","M2","182,71","102044","MONTAGEM E DESMONTAGEM DE FÔRMA PARA ESCADAS, COM 1 LANCE E LAJE PLANA, EM CHAPA DE MADEIRA COMPENSADA PLASTIFICADA, 8 UTILIZAÇÕES. AF_11/2020","M2","182,71","102044","MONTAGEM E DESMONTAGEM DE FÔRMA PARA ESCADAS, COM 1 LANCE E LAJE PLANA, EM CHAPA DE MADEIRA COMPENSADA PLASTIFICADA, 8 UTILIZAÇÕES. AF_11/2020","M2","182,71","102044","MONTAGEM E DESMONTAGEM DE FÔRMA PARA ESCADAS, COM 1 LANCE E LAJE PLANA, EM CHAPA DE MADEIRA COMPENSADA PLASTIFICADA, 8 UTILIZAÇÕES. AF_11/2020","M2","182,71","102044","MONTAGEM E DESMONTAGEM DE FÔRMA PARA ESCADAS, COM 1 LANCE E LAJE PLANA, EM CHAPA DE MADEIRA COMPENSADA PLASTIFICADA, 8 UTILIZAÇÕES. AF_11/2020","M2","182,71","102044","MONTAGEM E DESMONTAGEM DE FÔRMA PARA ESCADAS, COM 1 LANCE E LAJE PLANA, EM CHAPA DE MADEIRA COMPENSADA PLASTIFICADA, 8 UTILIZAÇÕES. AF_11/2020","M2","182,71","102044","MONTAGEM E DESMONTAGEM DE FÔRMA PARA ESCADAS, COM 1 LANCE E LAJE PLANA, EM CHAPA DE MADEIRA COMPENSADA PLASTIFICADA, 8 UTILIZAÇÕES. AF_11/2020","M2","182,71","102044","MONTAGEM E DESMONTAGEM DE FÔRMA PARA ESCADAS, COM 1 LANCE E LAJE PLANA, EM CHAPA DE MADEIRA COMPENSADA PLASTIFICADA, 8 UTILIZAÇÕES. AF_11/2020","M2","182,71","102044","MONTAGEM E DESMONTAGEM DE FÔRMA PARA ESCADAS, COM 1 LANCE E LAJE PLANA, EM CHAPA DE MADEIRA COMPENSADA PLASTIFICADA, 8 UTILIZAÇÕES. AF_11/2020","M2","182,71","102044","MONTAGEM E DESMONTAGEM DE FÔRMA PARA ESCADAS, COM 1 LANCE E LAJE PLANA, EM CHAPA DE MADEIRA COMPENSADA PLASTIFICADA, 8 UTILIZAÇÕES. AF_11/2020","M2","182,71","102044","MONTAGEM E DESMONTAGEM DE FÔRMA PARA ESCADAS, COM 1 LANCE E LAJE PLANA, EM CHAPA DE MADEIRA COMPENSADA PLASTIFICADA, 8 UTILIZAÇÕES. AF_11/2020","M2","182,71","102044","MONTAGEM E DESMONTAGEM DE FÔRMA PARA ESCADAS, COM 1 LANCE E LAJE PLANA, EM CHAPA DE MADEIRA COMPENSADA PLASTIFICADA, 8 UTILIZAÇÕES. AF_11/2020","M2","182,71","102044","MONTAGEM E DESMONTAGEM DE FÔRMA PARA ESCADAS, COM 1 LANCE E LAJE PLANA, EM CHAPA DE MADEIRA COMPENSADA PLASTIFICADA, 8 UTILIZAÇÕES. AF_11/2020","M2","182,71","102044","MONTAGEM E DESMONTAGEM DE FÔRMA PARA ESCADAS, COM 1 LANCE E LAJE PLANA, EM CHAPA DE MADEIRA COMPENSADA PLASTIFICADA, 8 UTILIZAÇÕES. AF_11/2020","M2","182,71","102044","MONTAGEM E DESMONTAGEM DE FÔRMA PARA ESCADAS, COM 1 LANCE E LAJE PLANA, EM CHAPA DE MADEIRA COMPENSADA PLASTIFICADA, 8 UTILIZAÇÕES. AF_11/2020","M2","182,71","102044","MONTAGEM E DESMONTAGEM DE FÔRMA PARA ESCADAS, COM 1 LANCE E LAJE PLANA, EM CHAPA DE MADEIRA COMPENSADA PLASTIFICADA, 8 UTILIZAÇÕES. AF_11/2020","M2","182,71","102044","MONTAGEM E DESMONTAGEM DE FÔRMA PARA ESCADAS, COM 1 LANCE E LAJE PLANA, EM CHAPA DE MADEIRA COMPENSADA PLASTIFICADA, 8 UTILIZAÇÕES. AF_11/2020","M2","182,71","102044","MONTAGEM E DESMONTAGEM DE FÔRMA PARA ESCADAS, COM 1 LANCE E LAJE PLANA, EM CHAPA DE MADEIRA COMPENSADA PLASTIFICADA, 8 UTILIZAÇÕES. AF_11/2020","M2","182,71","102044","MONTAGEM E DESMONTAGEM DE FÔRMA PARA ESCADAS, COM 1 LANCE E LAJE PLANA, EM CHAPA DE MADEIRA COMPENSADA PLASTIFICADA, 8 UTILIZAÇÕES. AF_11/2020","M2","182,71","102044","MONTAGEM E DESMONTAGEM DE FÔRMA PARA ESCADAS, COM 1 LANCE E LAJE PLANA, EM CHAPA DE MADEIRA COMPENSADA PLASTIFICADA, 8 UTILIZAÇÕES. AF_11/2020","M2","182,71","102044","MONTAGEM E DESMONTAGEM DE FÔRMA PARA ESCADAS, COM 1 LANCE E LAJE PLANA, EM CHAPA DE MADEIRA COMPENSADA PLASTIFICADA, 8 UTILIZAÇÕES. AF_11/2020","M2","182,71","102044","MONTAGEM E DESMONTAGEM DE FÔRMA PARA ESCADAS, COM 1 LANCE E LAJE PLANA, EM CHAPA DE MADEIRA COMPENSADA PLASTIFICADA, 8 UTILIZAÇÕES. AF_11/2020","M2","182,71","102044","MONTAGEM E DESMONTAGEM DE FÔRMA PARA ESCADAS, COM 1 LANCE E LAJE PLANA, EM CHAPA DE MADEIRA COMPENSADA PLASTIFICADA, 8 UTILIZAÇÕES. AF_11/2020","M2","182,71","102044","MONTAGEM E DESMONTAGEM DE FÔRMA PARA ESCADAS, COM 1 LANCE E LAJE PLANA, EM CHAPA DE MADEIRA COMPENSADA PLASTIFICADA, 8 UTILIZAÇÕES. AF_11/2020","M2","182,71","102044","MONTAGEM E DESMONTAGEM DE FÔRMA PARA ESCADAS, COM 1 LANCE E LAJE PLANA, EM CHAPA DE MADEIRA COMPENSADA PLASTIFICADA, 8 UTILIZAÇÕES. AF_11/2020","M2","182,71","102044","MONTAGEM E DESMONTAGEM DE FÔRMA PARA ESCADAS, COM 1 LANCE E LAJE PLANA, EM CHAPA DE MADEIRA COMPENSADA PLASTIFICADA, 8 UTILIZAÇÕES. AF_11/2020","M2","182,71","102044","MONTAGEM E DESMONTAGEM DE FÔRMA PARA ESCADAS, COM 1 LANCE E LAJE PLANA, EM CHAPA DE MADEIRA COMPENSADA PLASTIFICADA, 8 UTILIZAÇÕES. AF_11/2020","M2","182,71","102044","MONTAGEM E DESMONTAGEM DE FÔRMA PARA ESCADAS, COM 1 LANCE E LAJE PLANA, EM CHAPA DE MADEIRA COMPENSADA PLASTIFICADA, 8 UTILIZAÇÕES. AF_11/2020","M2","182,71","102044","MONTAGEM E DESMONTAGEM DE FÔRMA PARA ESCADAS, COM 1 LANCE E LAJE PLANA, EM CHAPA DE MADEIRA COMPENSADA PLASTIFICADA, 8 UTILIZAÇÕES. AF_11/2020","M2","182,71","102044","MONTAGEM E DESMONTAGEM DE FÔRMA PARA ESCADAS, COM 1 LANCE E LAJE PLANA, EM CHAPA DE MADEIRA COMPENSADA PLASTIFICADA, 8 UTILIZAÇÕES. AF_11/2020","M2","182,71","102044","MONTAGEM E DESMONTAGEM DE FÔRMA PARA ESCADAS, COM 1 LANCE E LAJE PLANA, EM CHAPA DE MADEIRA COMPENSADA PLASTIFICADA, 8 UTILIZAÇÕES. AF_11/2020","M2","182,71","102044","MONTAGEM E DESMONTAGEM DE FÔRMA PARA ESCADAS, COM 1 LANCE E LAJE PLANA, EM CHAPA DE MADEIRA COMPENSADA PLASTIFICADA, 8 UTILIZAÇÕES. AF_11/2020","M2","182,71","102044","MONTAGEM E DESMONTAGEM DE FÔRMA PARA ESCADAS, COM 1 LANCE E LAJE PLANA, EM CHAPA DE MADEIRA COMPENSADA PLASTIFICADA, 8 UTILIZAÇÕES. AF_11/2020","M2","182,71","102044","MONTAGEM E DESMONTAGEM DE FÔRMA PARA ESCADAS, COM 1 LANCE E LAJE PLANA, EM CHAPA DE MADEIRA COMPENSADA PLASTIFICADA, 8 UTILIZAÇÕES. AF_11/2020","M2","182,71","102044","MONTAGEM E DESMONTAGEM DE FÔRMA PARA ESCADAS, COM 1 LANCE E LAJE PLANA, EM CHAPA DE MADEIRA COMPENSADA PLASTIFICADA, 8 UTILIZAÇÕES. AF_11/2020","M2","182,71","102044","MONTAGEM E DESMONTAGEM DE FÔRMA PARA ESCADAS, COM 1 LANCE E LAJE PLANA, EM CHAPA DE MADEIRA COMPENSADA PLASTIFICADA, 8 UTILIZAÇÕES. AF_11/2020","M2","182,71","102044","MONTAGEM E DESMONTAGEM DE FÔRMA PARA ESCADAS, COM 1 LANCE E LAJE PLANA, EM CHAPA DE MADEIRA COMPENSADA PLASTIFICADA, 8 UTILIZAÇÕES. AF_11/2020","M2","182,71","102044","MONTAGEM E DESMONTAGEM DE FÔRMA PARA ESCADAS, COM 1 LANCE E LAJE PLANA, EM CHAPA DE MADEIRA COMPENSADA PLASTIFICADA, 8 UTILIZAÇÕES. AF_11/2020","M2","182,71","102044","MONTAGEM E DESMONTAGEM DE FÔRMA PARA ESCADAS, COM 1 LANCE E LAJE PLANA, EM CHAPA DE MADEIRA COMPENSADA PLASTIFICADA, 8 UTILIZAÇÕES. AF_11/2020","M2","182,71","102044","MONTAGEM E DESMONTAGEM DE FÔRMA PARA ESCADAS, COM 1 LANCE E LAJE PLANA, EM CHAPA DE MADEIRA COMPENSADA PLASTIFICADA, 8 UTILIZAÇÕES. AF_11/2020","M2","182,71","102044","MONTAGEM E DESMONTAGEM DE FÔRMA PARA ESCADAS, COM 1 LANCE E LAJE PLANA, EM CHAPA DE MADEIRA COMPENSADA PLASTIFICADA, 8 UTILIZAÇÕES. AF_11/2020","M2","182,71","102044","MONTAGEM E DESMONTAGEM DE FÔRMA PARA ESCADAS, COM 1 LANCE E LAJE PLANA, EM CHAPA DE MADEIRA COMPENSADA PLASTIFICADA, 8 UTILIZAÇÕES. AF_11/2020","M2","182,71","102044","MONTAGEM E DESMONTAGEM DE FÔRMA PARA ESCADAS, COM 1 LANCE E LAJE PLANA, EM CHAPA DE MADEIRA COMPENSADA PLASTIFICADA, 8 UTILIZAÇÕES. AF_11/2020","M2","182,71","102044","MONTAGEM E DESMONTAGEM DE FÔRMA PARA ESCADAS, COM 1 LANCE E LAJE PLANA, EM CHAPA DE MADEIRA COMPENSADA PLASTIFICADA, 8 UTILIZAÇÕES. AF_11/2020","M2","182,71","102044","MONTAGEM E DESMONTAGEM DE FÔRMA PARA ESCADAS, COM 1 LANCE E LAJE PLANA, EM CHAPA DE MADEIRA COMPENSADA PLASTIFICADA, 8 UTILIZAÇÕES. AF_11/2020","M2","182,71","102044","MONTAGEM E DESMONTAGEM DE FÔRMA PARA ESCADAS, COM 1 LANCE E LAJE PLANA, EM CHAPA DE MADEIRA COMPENSADA PLASTIFICADA, 8 UTILIZAÇÕES. AF_11/2020","M2","182,71","102044","MONTAGEM E DESMONTAGEM DE FÔRMA PARA ESCADAS, COM 1 LANCE E LAJE PLANA, EM CHAPA DE MADEIRA COMPENSADA PLASTIFICADA, 8 UTILIZAÇÕES. AF_11/2020","M2","182,71","102044","MONTAGEM E DESMONTAGEM DE FÔRMA PARA ESCADAS, COM 1 LANCE E LAJE PLANA, EM CHAPA DE MADEIRA COMPENSADA PLASTIFICADA, 8 UTILIZAÇÕES. AF_11/2020","M2","182,71","102044","MONTAGEM E DESMONTAGEM DE FÔRMA PARA ESCADAS, COM 1 LANCE E LAJE PLANA, EM CHAPA DE MADEIRA COMPENSADA PLASTIFICADA, 8 UTILIZAÇÕES. AF_11/2020","M2","182,71","102044","MONTAGEM E DESMONTAGEM DE FÔRMA PARA ESCADAS, COM 1 LANCE E LAJE PLANA, EM CHAPA DE MADEIRA COMPENSADA PLASTIFICADA, 8 UTILIZAÇÕES. AF_11/2020","M2","182,71","102044","MONTAGEM E DESMONTAGEM DE FÔRMA PARA ESCADAS, COM 1 LANCE E LAJE PLANA, EM CHAPA DE MADEIRA COMPENSADA PLASTIFICADA, 8 UTILIZAÇÕES. AF_11/2020","M2","182,71","102044","MONTAGEM E DESMONTAGEM DE FÔRMA PARA ESCADAS, COM 1 LANCE E LAJE PLANA, EM CHAPA DE MADEIRA COMPENSADA PLASTIFICADA, 8 UTILIZAÇÕES. AF_11/2020","M2","182,71","102044","MONTAGEM E DESMONTAGEM DE FÔRMA PARA ESCADAS, COM 1 LANCE E LAJE PLANA, EM CHAPA DE MADEIRA COMPENSADA PLASTIFICADA, 8 UTILIZAÇÕES. AF_11/2020","M2","182,71","102044","MONTAGEM E DESMONTAGEM DE FÔRMA PARA ESCADAS, COM 1 LANCE E LAJE PLANA, EM CHAPA DE MADEIRA COMPENSADA PLASTIFICADA, 8 UTILIZAÇÕES. AF_11/2020","M2","182,71","102044","MONTAGEM E DESMONTAGEM DE FÔRMA PARA ESCADAS, COM 1 LANCE E LAJE PLANA, EM CHAPA DE MADEIRA COMPENSADA PLASTIFICADA, 8 UTILIZAÇÕES. AF_11/2020","M2","182,71","102044","MONTAGEM E DESMONTAGEM DE FÔRMA PARA ESCADAS, COM 1 LANCE E LAJE PLANA, EM CHAPA DE MADEIRA COMPENSADA PLASTIFICADA, 8 UTILIZAÇÕES. AF_11/2020","M2","182,71","102044","MONTAGEM E DESMONTAGEM DE FÔRMA PARA ESCADAS, COM 1 LANCE E LAJE PLANA, EM CHAPA DE MADEIRA COMPENSADA PLASTIFICADA, 8 UTILIZAÇÕES. AF_11/2020","M2","182,71"]
[92769,"ARMAÇÃO DE LAJE DE ESTRUTURA CONVENCIONAL DE CONCRETO ARMADO UTILIZANDO AÇO CA-50 DE 6,3 MM - MONTAGEM. AF_06/2022","KG",12.85,"92769","ARMAÇÃO DE LAJE DE ESTRUTURA CONVENCIONAL DE CONCRETO ARMADO UTILIZANDO AÇO CA-50 DE 6,3 MM - MONTAGEM. AF_06/2022","KG","12,85","92769","ARMAÇÃO DE LAJE DE ESTRUTURA CONVENCIONAL DE CONCRETO ARMADO UTILIZANDO AÇO CA-50 DE 6,3 MM - MONTAGEM. AF_06/2022","KG","12,85","92769","ARMAÇÃO DE LAJE DE ESTRUTURA CONVENCIONAL DE CONCRETO ARMADO UTILIZANDO AÇO CA-50 DE 6,3 MM - MONTAGEM. AF_06/2022","KG","12,85","92769","ARMAÇÃO DE LAJE DE ESTRUTURA CONVENCIONAL DE CONCRETO ARMADO UTILIZANDO AÇO CA-50 DE 6,3 MM - MONTAGEM. AF_06/2022","KG","12,85","92769","ARMAÇÃO DE LAJE DE ESTRUTURA CONVENCIONAL DE CONCRETO ARMADO UTILIZANDO AÇO CA-50 DE 6,3 MM - MONTAGEM. AF_06/2022","KG","12,85","92769","ARMAÇÃO DE LAJE DE ESTRUTURA CONVENCIONAL DE CONCRETO ARMADO UTILIZANDO AÇO CA-50 DE 6,3 MM - MONTAGEM. AF_06/2022","KG","12,85","92769","ARMAÇÃO DE LAJE DE ESTRUTURA CONVENCIONAL DE CONCRETO ARMADO UTILIZANDO AÇO CA-50 DE 6,3 MM - MONTAGEM. AF_06/2022","KG","12,85","92769","ARMAÇÃO DE LAJE DE ESTRUTURA CONVENCIONAL DE CONCRETO ARMADO UTILIZANDO AÇO CA-50 DE 6,3 MM - MONTAGEM. AF_06/2022","KG","12,85","92769","ARMAÇÃO DE LAJE DE ESTRUTURA CONVENCIONAL DE CONCRETO ARMADO UTILIZANDO AÇO CA-50 DE 6,3 MM - MONTAGEM. AF_06/2022","KG","12,85","92769","ARMAÇÃO DE LAJE DE ESTRUTURA CONVENCIONAL DE CONCRETO ARMADO UTILIZANDO AÇO CA-50 DE 6,3 MM - MONTAGEM. AF_06/2022","KG","12,85","92769","ARMAÇÃO DE LAJE DE ESTRUTURA CONVENCIONAL DE CONCRETO ARMADO UTILIZANDO AÇO CA-50 DE 6,3 MM - MONTAGEM. AF_06/2022","KG","12,85","92769","ARMAÇÃO DE LAJE DE ESTRUTURA CONVENCIONAL DE CONCRETO ARMADO UTILIZANDO AÇO CA-50 DE 6,3 MM - MONTAGEM. AF_06/2022","KG","12,85","92769","ARMAÇÃO DE LAJE DE ESTRUTURA CONVENCIONAL DE CONCRETO ARMADO UTILIZANDO AÇO CA-50 DE 6,3 MM - MONTAGEM. AF_06/2022","KG","12,85","92769","ARMAÇÃO DE LAJE DE ESTRUTURA CONVENCIONAL DE CONCRETO ARMADO UTILIZANDO AÇO CA-50 DE 6,3 MM - MONTAGEM. AF_06/2022","KG","12,85","92769","ARMAÇÃO DE LAJE DE ESTRUTURA CONVENCIONAL DE CONCRETO ARMADO UTILIZANDO AÇO CA-50 DE 6,3 MM - MONTAGEM. AF_06/2022","KG","12,85","92769","ARMAÇÃO DE LAJE DE ESTRUTURA CONVENCIONAL DE CONCRETO ARMADO UTILIZANDO AÇO CA-50 DE 6,3 MM - MONTAGEM. AF_06/2022","KG","12,85","92769","ARMAÇÃO DE LAJE DE ESTRUTURA CONVENCIONAL DE CONCRETO ARMADO UTILIZANDO AÇO CA-50 DE 6,3 MM - MONTAGEM. AF_06/2022","KG","12,85","92769","ARMAÇÃO DE LAJE DE ESTRUTURA CONVENCIONAL DE CONCRETO ARMADO UTILIZANDO AÇO CA-50 DE 6,3 MM - MONTAGEM. AF_06/2022","KG","12,85","92769","ARMAÇÃO DE LAJE DE ESTRUTURA CONVENCIONAL DE CONCRETO ARMADO UTILIZANDO AÇO CA-50 DE 6,3 MM - MONTAGEM. AF_06/2022","KG","12,85","92769","ARMAÇÃO DE LAJE DE ESTRUTURA CONVENCIONAL DE CONCRETO ARMADO UTILIZANDO AÇO CA-50 DE 6,3 MM - MONTAGEM. AF_06/2022","KG","12,85","92769","ARMAÇÃO DE LAJE DE ESTRUTURA CONVENCIONAL DE CONCRETO ARMADO UTILIZANDO AÇO CA-50 DE 6,3 MM - MONTAGEM. AF_06/2022","KG","12,85","92769","ARMAÇÃO DE LAJE DE ESTRUTURA CONVENCIONAL DE CONCRETO ARMADO UTILIZANDO AÇO CA-50 DE 6,3 MM - MONTAGEM. AF_06/2022","KG","12,85","92769","ARMAÇÃO DE LAJE DE ESTRUTURA CONVENCIONAL DE CONCRETO ARMADO UTILIZANDO AÇO CA-50 DE 6,3 MM - MONTAGEM. AF_06/2022","KG","12,85","92769","ARMAÇÃO DE LAJE DE ESTRUTURA CONVENCIONAL DE CONCRETO ARMADO UTILIZANDO AÇO CA-50 DE 6,3 MM - MONTAGEM. AF_06/2022","KG","12,85","92769","ARMAÇÃO DE LAJE DE ESTRUTURA CONVENCIONAL DE CONCRETO ARMADO UTILIZANDO AÇO CA-50 DE 6,3 MM - MONTAGEM. AF_06/2022","KG","12,85","92769","ARMAÇÃO DE LAJE DE ESTRUTURA CONVENCIONAL DE CONCRETO ARMADO UTILIZANDO AÇO CA-50 DE 6,3 MM - MONTAGEM. AF_06/2022","KG","12,85","92769","ARMAÇÃO DE LAJE DE ESTRUTURA CONVENCIONAL DE CONCRETO ARMADO UTILIZANDO AÇO CA-50 DE 6,3 MM - MONTAGEM. AF_06/2022","KG","12,85","92769","ARMAÇÃO DE LAJE DE ESTRUTURA CONVENCIONAL DE CONCRETO ARMADO UTILIZANDO AÇO CA-50 DE 6,3 MM - MONTAGEM. AF_06/2022","KG","12,85","92769","ARMAÇÃO DE LAJE DE ESTRUTURA CONVENCIONAL DE CONCRETO ARMADO UTILIZANDO AÇO CA-50 DE 6,3 MM - MONTAGEM. AF_06/2022","KG","12,85","92769","ARMAÇÃO DE LAJE DE ESTRUTURA CONVENCIONAL DE CONCRETO ARMADO UTILIZANDO AÇO CA-50 DE 6,3 MM - MONTAGEM. AF_06/2022","KG","12,85","92769","ARMAÇÃO DE LAJE DE ESTRUTURA CONVENCIONAL DE CONCRETO ARMADO UTILIZANDO AÇO CA-50 DE 6,3 MM - MONTAGEM. AF_06/2022","KG","12,85","92769","ARMAÇÃO DE LAJE DE ESTRUTURA CONVENCIONAL DE CONCRETO ARMADO UTILIZANDO AÇO CA-50 DE 6,3 MM - MONTAGEM. AF_06/2022","KG","12,85","92769","ARMAÇÃO DE LAJE DE ESTRUTURA CONVENCIONAL DE CONCRETO ARMADO UTILIZANDO AÇO CA-50 DE 6,3 MM - MONTAGEM. AF_06/2022","KG","12,85","92769","ARMAÇÃO DE LAJE DE ESTRUTURA CONVENCIONAL DE CONCRETO ARMADO UTILIZANDO AÇO CA-50 DE 6,3 MM - MONTAGEM. AF_06/2022","KG","12,85","92769","ARMAÇÃO DE LAJE DE ESTRUTURA CONVENCIONAL DE CONCRETO ARMADO UTILIZANDO AÇO CA-50 DE 6,3 MM - MONTAGEM. AF_06/2022","KG","12,85","92769","ARMAÇÃO DE LAJE DE ESTRUTURA CONVENCIONAL DE CONCRETO ARMADO UTILIZANDO AÇO CA-50 DE 6,3 MM - MONTAGEM. AF_06/2022","KG","12,85","92769","ARMAÇÃO DE LAJE DE ESTRUTURA CONVENCIONAL DE CONCRETO ARMADO UTILIZANDO AÇO CA-50 DE 6,3 MM - MONTAGEM. AF_06/2022","KG","12,85","92769","ARMAÇÃO DE LAJE DE ESTRUTURA CONVENCIONAL DE CONCRETO ARMADO UTILIZANDO AÇO CA-50 DE 6,3 MM - MONTAGEM. AF_06/2022","KG","12,85","92769","ARMAÇÃO DE LAJE DE ESTRUTURA CONVENCIONAL DE CONCRETO ARMADO UTILIZANDO AÇO CA-50 DE 6,3 MM - MONTAGEM. AF_06/2022","KG","12,85","92769","ARMAÇÃO DE LAJE DE ESTRUTURA CONVENCIONAL DE CONCRETO ARMADO UTILIZANDO AÇO CA-50 DE 6,3 MM - MONTAGEM. AF_06/2022","KG","12,85","92769","ARMAÇÃO DE LAJE DE ESTRUTURA CONVENCIONAL DE CONCRETO ARMADO UTILIZANDO AÇO CA-50 DE 6,3 MM - MONTAGEM. AF_06/2022","KG","12,85","92769","ARMAÇÃO DE LAJE DE ESTRUTURA CONVENCIONAL DE CONCRETO ARMADO UTILIZANDO AÇO CA-50 DE 6,3 MM - MONTAGEM. AF_06/2022","KG","12,85","92769","ARMAÇÃO DE LAJE DE ESTRUTURA CONVENCIONAL DE CONCRETO ARMADO UTILIZANDO AÇO CA-50 DE 6,3 MM - MONTAGEM. AF_06/2022","KG","12,85","92769","ARMAÇÃO DE LAJE DE ESTRUTURA CONVENCIONAL DE CONCRETO ARMADO UTILIZANDO AÇO CA-50 DE 6,3 MM - MONTAGEM. AF_06/2022","KG","12,85","92769","ARMAÇÃO DE LAJE DE ESTRUTURA CONVENCIONAL DE CONCRETO ARMADO UTILIZANDO AÇO CA-50 DE 6,3 MM - MONTAGEM. AF_06/2022","KG","12,85","92769","ARMAÇÃO DE LAJE DE ESTRUTURA CONVENCIONAL DE CONCRETO ARMADO UTILIZANDO AÇO CA-50 DE 6,3 MM - MONTAGEM. AF_06/2022","KG","12,85","92769","ARMAÇÃO DE LAJE DE ESTRUTURA CONVENCIONAL DE CONCRETO ARMADO UTILIZANDO AÇO CA-50 DE 6,3 MM - MONTAGEM. AF_06/2022","KG","12,85","92769","ARMAÇÃO DE LAJE DE ESTRUTURA CONVENCIONAL DE CONCRETO ARMADO UTILIZANDO AÇO CA-50 DE 6,3 MM - MONTAGEM. AF_06/2022","KG","12,85","92769","ARMAÇÃO DE LAJE DE ESTRUTURA CONVENCIONAL DE CONCRETO ARMADO UTILIZANDO AÇO CA-50 DE 6,3 MM - MONTAGEM. AF_06/2022","KG","12,85","92769","ARMAÇÃO DE LAJE DE ESTRUTURA CONVENCIONAL DE CONCRETO ARMADO UTILIZANDO AÇO CA-50 DE 6,3 MM - MONTAGEM. AF_06/2022","KG","12,85","92769","ARMAÇÃO DE LAJE DE ESTRUTURA CONVENCIONAL DE CONCRETO ARMADO UTILIZANDO AÇO CA-50 DE 6,3 MM - MONTAGEM. AF_06/2022","KG","12,85","92769","ARMAÇÃO DE LAJE DE ESTRUTURA CONVENCIONAL DE CONCRETO ARMADO UTILIZANDO AÇO CA-50 DE 6,3 MM - MONTAGEM. AF_06/2022","KG","12,85","92769","ARMAÇÃO DE LAJE DE ESTRUTURA CONVENCIONAL DE CONCRETO ARMADO UTILIZANDO AÇO CA-50 DE 6,3 MM - MONTAGEM. AF_06/2022","KG","12,85","92769","ARMAÇÃO DE LAJE DE ESTRUTURA CONVENCIONAL DE CONCRETO ARMADO UTILIZANDO AÇO CA-50 DE 6,3 MM - MONTAGEM. AF_06/2022","KG","12,85","92769","ARMAÇÃO DE LAJE DE ESTRUTURA CONVENCIONAL DE CONCRETO ARMADO UTILIZANDO AÇO CA-50 DE 6,3 MM - MONTAGEM. AF_06/2022","KG","12,85","92769","ARMAÇÃO DE LAJE DE ESTRUTURA CONVENCIONAL DE CONCRETO ARMADO UTILIZANDO AÇO CA-50 DE 6,3 MM - MONTAGEM. AF_06/2022","KG","12,85","92769","ARMAÇÃO DE LAJE DE ESTRUTURA CONVENCIONAL DE CONCRETO ARMADO UTILIZANDO AÇO CA-50 DE 6,3 MM - MONTAGEM. AF_06/2022","KG","12,85","92769","ARMAÇÃO DE LAJE DE ESTRUTURA CONVENCIONAL DE CONCRETO ARMADO UTILIZANDO AÇO CA-50 DE 6,3 MM - MONTAGEM. AF_06/2022","KG","12,85","92769","ARMAÇÃO DE LAJE DE ESTRUTURA CONVENCIONAL DE CONCRETO ARMADO UTILIZANDO AÇO CA-50 DE 6,3 MM - MONTAGEM. AF_06/2022","KG","12,85","92769","ARMAÇÃO DE LAJE DE ESTRUTURA CONVENCIONAL DE CONCRETO ARMADO UTILIZANDO AÇO CA-50 DE 6,3 MM - MONTAGEM. AF_06/2022","KG","12,85","92769","ARMAÇÃO DE LAJE DE ESTRUTURA CONVENCIONAL DE CONCRETO ARMADO UTILIZANDO AÇO CA-50 DE 6,3 MM - MONTAGEM. AF_06/2022","KG","12,85","92769","ARMAÇÃO DE LAJE DE ESTRUTURA CONVENCIONAL DE CONCRETO ARMADO UTILIZANDO AÇO CA-50 DE 6,3 MM - MONTAGEM. AF_06/2022","KG","12,85","92769","ARMAÇÃO DE LAJE DE ESTRUTURA CONVENCIONAL DE CONCRETO ARMADO UTILIZANDO AÇO CA-50 DE 6,3 MM - MONTAGEM. AF_06/2022","KG","12,85"]
[92876,"CORTE E DOBRA DE AÇO CA-25, DIÂMETRO DE 8,0 MM. AF_06/2022","KG",9.58,"92876","CORTE E DOBRA DE AÇO CA-25, DIÂMETRO DE 8,0 MM. AF_06/2022","KG","9,58","92876","CORTE E DOBRA DE AÇO CA-25, DIÂMETRO DE 8,0 MM. AF_06/2022","KG","9,58","92876","CORTE E DOBRA DE AÇO CA-25, DIÂMETRO DE 8,0 MM. AF_06/2022","KG","9,58","92876","CORTE E DOBRA DE AÇO CA-25, DIÂMETRO DE 8,0 MM. AF_06/2022","KG","9,58","92876","CORTE E DOBRA DE AÇO CA-25, DIÂMETRO DE 8,0 MM. AF_06/2022","KG","9,58","92876","CORTE E DOBRA DE AÇO CA-25, DIÂMETRO DE 8,0 MM. AF_06/2022","KG","9,58","92876","CORTE E DOBRA DE AÇO CA-25, DIÂMETRO DE 8,0 MM. AF_06/2022","KG","9,58","92876","CORTE E DOBRA DE AÇO CA-25, DIÂMETRO DE 8,0 MM. AF_06/2022","KG","9,58","92876","CORTE E DOBRA DE AÇO CA-25, DIÂMETRO DE 8,0 MM. AF_06/2022","KG","9,58","92876","CORTE E DOBRA DE AÇO CA-25, DIÂMETRO DE 8,0 MM. AF_06/2022","KG","9,58","92876","CORTE E DOBRA DE AÇO CA-25, DIÂMETRO DE 8,0 MM. AF_06/2022","KG","9,58","92876","CORTE E DOBRA DE AÇO CA-25, DIÂMETRO DE 8,0 MM. AF_06/2022","KG","9,58","92876","CORTE E DOBRA DE AÇO CA-25, DIÂMETRO DE 8,0 MM. AF_06/2022","KG","9,58","92876","CORTE E DOBRA DE AÇO CA-25, DIÂMETRO DE 8,0 MM. AF_06/2022","KG","9,58","92876","CORTE E DOBRA DE AÇO CA-25, DIÂMETRO DE 8,0 MM. AF_06/2022","KG","9,58","92876","CORTE E DOBRA DE AÇO CA-25, DIÂMETRO DE 8,0 MM. AF_06/2022","KG","9,58","92876","CORTE E DOBRA DE AÇO CA-25, DIÂMETRO DE 8,0 MM. AF_06/2022","KG","9,58","92876","CORTE E DOBRA DE AÇO CA-25, DIÂMETRO DE 8,0 MM. AF_06/2022","KG","9,58","92876","CORTE E DOBRA DE AÇO CA-25, DIÂMETRO DE 8,0 MM. AF_06/2022","KG","9,58","92876","CORTE E DOBRA DE AÇO CA-25, DIÂMETRO DE 8,0 MM. AF_06/2022","KG","9,58","92876","CORTE E DOBRA DE AÇO CA-25, DIÂMETRO DE 8,0 MM. AF_06/2022","KG","9,58","92876","CORTE E DOBRA DE AÇO CA-25, DIÂMETRO DE 8,0 MM. AF_06/2022","KG","9,58","92876","CORTE E DOBRA DE AÇO CA-25, DIÂMETRO DE 8,0 MM. AF_06/2022","KG","9,58","92876","CORTE E DOBRA DE AÇO CA-25, DIÂMETRO DE 8,0 MM. AF_06/2022","KG","9,58","92876","CORTE E DOBRA DE AÇO CA-25, DIÂMETRO DE 8,0 MM. AF_06/2022","KG","9,58","92876","CORTE E DOBRA DE AÇO CA-25, DIÂMETRO DE 8,0 MM. AF_06/2022","KG","9,58","92876","CORTE E DOBRA DE AÇO CA-25, DIÂMETRO DE 8,0 MM. AF_06/2022","KG","9,58","92876","CORTE E DOBRA DE AÇO CA-25, DIÂMETRO DE 8,0 MM. AF_06/2022","KG","9,58","92876","CORTE E DOBRA DE AÇO CA-25, DIÂMETRO DE 8,0 MM. AF_06/2022","KG","9,58","92876","CORTE E DOBRA DE AÇO CA-25, DIÂMETRO DE 8,0 MM. AF_06/2022","KG","9,58","92876","CORTE E DOBRA DE AÇO CA-25, DIÂMETRO DE 8,0 MM. AF_06/2022","KG","9,58","92876","CORTE E DOBRA DE AÇO CA-25, DIÂMETRO DE 8,0 MM. AF_06/2022","KG","9,58","92876","CORTE E DOBRA DE AÇO CA-25, DIÂMETRO DE 8,0 MM. AF_06/2022","KG","9,58","92876","CORTE E DOBRA DE AÇO CA-25, DIÂMETRO DE 8,0 MM. AF_06/2022","KG","9,58","92876","CORTE E DOBRA DE AÇO CA-25, DIÂMETRO DE 8,0 MM. AF_06/2022","KG","9,58","92876","CORTE E DOBRA DE AÇO CA-25, DIÂMETRO DE 8,0 MM. AF_06/2022","KG","9,58","92876","CORTE E DOBRA DE AÇO CA-25, DIÂMETRO DE 8,0 MM. AF_06/2022","KG","9,58","92876","CORTE E DOBRA DE AÇO CA-25, DIÂMETRO DE 8,0 MM. AF_06/2022","KG","9,58","92876","CORTE E DOBRA DE AÇO CA-25, DIÂMETRO DE 8,0 MM. AF_06/2022","KG","9,58","92876","CORTE E DOBRA DE AÇO CA-25, DIÂMETRO DE 8,0 MM. AF_06/2022","KG","9,58","92876","CORTE E DOBRA DE AÇO CA-25, DIÂMETRO DE 8,0 MM. AF_06/2022","KG","9,58","92876","CORTE E DOBRA DE AÇO CA-25, DIÂMETRO DE 8,0 MM. AF_06/2022","KG","9,58","92876","CORTE E DOBRA DE AÇO CA-25, DIÂMETRO DE 8,0 MM. AF_06/2022","KG","9,58","92876","CORTE E DOBRA DE AÇO CA-25, DIÂMETRO DE 8,0 MM. AF_06/2022","KG","9,58","92876","CORTE E DOBRA DE AÇO CA-25, DIÂMETRO DE 8,0 MM. AF_06/2022","KG","9,58","92876","CORTE E DOBRA DE AÇO CA-25, DIÂMETRO DE 8,0 MM. AF_06/2022","KG","9,58","92876","CORTE E DOBRA DE AÇO CA-25, DIÂMETRO DE 8,0 MM. AF_06/2022","KG","9,58","92876","CORTE E DOBRA DE AÇO CA-25, DIÂMETRO DE 8,0 MM. AF_06/2022","KG","9,58","92876","CORTE E DOBRA DE AÇO CA-25, DIÂMETRO DE 8,0 MM. AF_06/2022","KG","9,58","92876","CORTE E DOBRA DE AÇO CA-25, DIÂMETRO DE 8,0 MM. AF_06/2022","KG","9,58","92876","CORTE E DOBRA DE AÇO CA-25, DIÂMETRO DE 8,0 MM. AF_06/2022","KG","9,58","92876","CORTE E DOBRA DE AÇO CA-25, DIÂMETRO DE 8,0 MM. AF_06/2022","KG","9,58","92876","CORTE E DOBRA DE AÇO CA-25, DIÂMETRO DE 8,0 MM. AF_06/2022","KG","9,58","92876","CORTE E DOBRA DE AÇO CA-25, DIÂMETRO DE 8,0 MM. AF_06/2022","KG","9,58","92876","CORTE E DOBRA DE AÇO CA-25, DIÂMETRO DE 8,0 MM. AF_06/2022","KG","9,58","92876","CORTE E DOBRA DE AÇO CA-25, DIÂMETRO DE 8,0 MM. AF_06/2022","KG","9,58","92876","CORTE E DOBRA DE AÇO CA-25, DIÂMETRO DE 8,0 MM. AF_06/2022","KG","9,58","92876","CORTE E DOBRA DE AÇO CA-25, DIÂMETRO DE 8,0 MM. AF_06/2022","KG","9,58","92876","CORTE E DOBRA DE AÇO CA-25, DIÂMETRO DE 8,0 MM. AF_06/2022","KG","9,58","92876","CORTE E DOBRA DE AÇO CA-25, DIÂMETRO DE 8,0 MM. AF_06/2022","KG","9,58","92876","CORTE E DOBRA DE AÇO CA-25, DIÂMETRO DE 8,0 MM. AF_06/2022","KG","9,58","92876","CORTE E DOBRA DE AÇO CA-25, DIÂMETRO DE 8,0 MM. AF_06/2022","KG","9,58","92876","CORTE E DOBRA DE AÇO CA-25, DIÂMETRO DE 8,0 MM. AF_06/2022","KG","9,58"]
[94968,"CONCRETO MAGRO PARA LASTRO, TRAÇO 1:4,5:4,5 (EM MASSA SECA DE CIMENTO/ AREIA MÉDIA/ BRITA 1) - PREPARO MECÂNICO COM BETONEIRA 600 L. AF_05/2021","M3",386.84,"94968","CONCRETO MAGRO PARA LASTRO, TRAÇO 1:4,5:4,5 (EM MASSA SECA DE CIMENTO/ AREIA MÉDIA/ BRITA 1) - PREPARO MECÂNICO COM BETONEIRA 600 L. AF_05/2021","M3","386,84","94968","CONCRETO MAGRO PARA LASTRO, TRAÇO 1:4,5:4,5 (EM MASSA SECA DE CIMENTO/ AREIA MÉDIA/ BRITA 1) - PREPARO MECÂNICO COM BETONEIRA 600 L. AF_05/2021","M3","386,84","94968","CONCRETO MAGRO PARA LASTRO, TRAÇO 1:4,5:4,5 (EM MASSA SECA DE CIMENTO/ AREIA MÉDIA/ BRITA 1) - PREPARO MECÂNICO COM BETONEIRA 600 L. AF_05/2021","M3","386,84","94968","CONCRETO MAGRO PARA LASTRO, TRAÇO 1:4,5:4,5 (EM MASSA SECA DE CIMENTO/ AREIA MÉDIA/ BRITA 1) - PREPARO MECÂNICO COM BETONEIRA 600 L. AF_05/2021","M3","386,84","94968","CONCRETO MAGRO PARA LASTRO, TRAÇO 1:4,5:4,5 (EM MASSA SECA DE CIMENTO/ AREIA MÉDIA/ BRITA 1) - PREPARO MECÂNICO COM BETONEIRA 600 L. AF_05/2021","M3","386,84","94968","CONCRETO MAGRO PARA LASTRO, TRAÇO 1:4,5:4,5 (EM MASSA SECA DE CIMENTO/ AREIA MÉDIA/ BRITA 1) - PREPARO MECÂNICO COM BETONEIRA 600 L. AF_05/2021","M3","386,84","94968","CONCRETO MAGRO PARA LASTRO, TRAÇO 1:4,5:4,5 (EM MASSA SECA DE CIMENTO/ AREIA MÉDIA/ BRITA 1) - PREPARO MECÂNICO COM BETONEIRA 600 L. AF_05/2021","M3","386,84","94968","CONCRETO MAGRO PARA LASTRO, TRAÇO 1:4,5:4,5 (EM MASSA SECA DE CIMENTO/ AREIA MÉDIA/ BRITA 1) - PREPARO MECÂNICO COM BETONEIRA 600 L. AF_05/2021","M3","386,84","94968","CONCRETO MAGRO PARA LASTRO, TRAÇO 1:4,5:4,5 (EM MASSA SECA DE CIMENTO/ AREIA MÉDIA/ BRITA 1) - PREPARO MECÂNICO COM BETONEIRA 600 L. AF_05/2021","M3","386,84","94968","CONCRETO MAGRO PARA LASTRO, TRAÇO 1:4,5:4,5 (EM MASSA SECA DE CIMENTO/ AREIA MÉDIA/ BRITA 1) - PREPARO MECÂNICO COM BETONEIRA 600 L. AF_05/2021","M3","386,84","94968","CONCRETO MAGRO PARA LASTRO, TRAÇO 1:4,5:4,5 (EM MASSA SECA DE CIMENTO/ AREIA MÉDIA/ BRITA 1) - PREPARO MECÂNICO COM BETONEIRA 600 L. AF_05/2021","M3","386,84","94968","CONCRETO MAGRO PARA LASTRO, TRAÇO 1:4,5:4,5 (EM MASSA SECA DE CIMENTO/ AREIA MÉDIA/ BRITA 1) - PREPARO MECÂNICO COM BETONEIRA 600 L. AF_05/2021","M3","386,84","94968","CONCRETO MAGRO PARA LASTRO, TRAÇO 1:4,5:4,5 (EM MASSA SECA DE CIMENTO/ AREIA MÉDIA/ BRITA 1) - PREPARO MECÂNICO COM BETONEIRA 600 L. AF_05/2021","M3","386,84","94968","CONCRETO MAGRO PARA LASTRO, TRAÇO 1:4,5:4,5 (EM MASSA SECA DE CIMENTO/ AREIA MÉDIA/ BRITA 1) - PREPARO MECÂNICO COM BETONEIRA 600 L. AF_05/2021","M3","386,84","94968","CONCRETO MAGRO PARA LASTRO, TRAÇO 1:4,5:4,5 (EM MASSA SECA DE CIMENTO/ AREIA MÉDIA/ BRITA 1) - PREPARO MECÂNICO COM BETONEIRA 600 L. AF_05/2021","M3","386,84","94968","CONCRETO MAGRO PARA LASTRO, TRAÇO 1:4,5:4,5 (EM MASSA SECA DE CIMENTO/ AREIA MÉDIA/ BRITA 1) - PREPARO MECÂNICO COM BETONEIRA 600 L. AF_05/2021","M3","386,84","94968","CONCRETO MAGRO PARA LASTRO, TRAÇO 1:4,5:4,5 (EM MASSA SECA DE CIMENTO/ AREIA MÉDIA/ BRITA 1) - PREPARO MECÂNICO COM BETONEIRA 600 L. AF_05/2021","M3","386,84","94968","CONCRETO MAGRO PARA LASTRO, TRAÇO 1:4,5:4,5 (EM MASSA SECA DE CIMENTO/ AREIA MÉDIA/ BRITA 1) - PREPARO MECÂNICO COM BETONEIRA 600 L. AF_05/2021","M3","386,84","94968","CONCRETO MAGRO PARA LASTRO, TRAÇO 1:4,5:4,5 (EM MASSA SECA DE CIMENTO/ AREIA MÉDIA/ BRITA 1) - PREPARO MECÂNICO COM BETONEIRA 600 L. AF_05/2021","M3","386,84","94968","CONCRETO MAGRO PARA LASTRO, TRAÇO 1:4,5:4,5 (EM MASSA SECA DE CIMENTO/ AREIA MÉDIA/ BRITA 1) - PREPARO MECÂNICO COM BETONEIRA 600 L. AF_05/2021","M3","386,84","94968","CONCRETO MAGRO PARA LASTRO, TRAÇO 1:4,5:4,5 (EM MASSA SECA DE CIMENTO/ AREIA MÉDIA/ BRITA 1) - PREPARO MECÂNICO COM BETONEIRA 600 L. AF_05/2021","M3","386,84","94968","CONCRETO MAGRO PARA LASTRO, TRAÇO 1:4,5:4,5 (EM MASSA SECA DE CIMENTO/ AREIA MÉDIA/ BRITA 1) - PREPARO MECÂNICO COM BETONEIRA 600 L. AF_05/2021","M3","386,84","94968","CONCRETO MAGRO PARA LASTRO, TRAÇO 1:4,5:4,5 (EM MASSA SECA DE CIMENTO/ AREIA MÉDIA/ BRITA 1) - PREPARO MECÂNICO COM BETONEIRA 600 L. AF_05/2021","M3","386,84","94968","CONCRETO MAGRO PARA LASTRO, TRAÇO 1:4,5:4,5 (EM MASSA SECA DE CIMENTO/ AREIA MÉDIA/ BRITA 1) - PREPARO MECÂNICO COM BETONEIRA 600 L. AF_05/2021","M3","386,84","94968","CONCRETO MAGRO PARA LASTRO, TRAÇO 1:4,5:4,5 (EM MASSA SECA DE CIMENTO/ AREIA MÉDIA/ BRITA 1) - PREPARO MECÂNICO COM BETONEIRA 600 L. AF_05/2021","M3","386,84","94968","CONCRETO MAGRO PARA LASTRO, TRAÇO 1:4,5:4,5 (EM MASSA SECA DE CIMENTO/ AREIA MÉDIA/ BRITA 1) - PREPARO MECÂNICO COM BETONEIRA 600 L. AF_05/2021","M3","386,84","94968","CONCRETO MAGRO PARA LASTRO, TRAÇO 1:4,5:4,5 (EM MASSA SECA DE CIMENTO/ AREIA MÉDIA/ BRITA 1) - PREPARO MECÂNICO COM BETONEIRA 600 L. AF_05/2021","M3","386,84","94968","CONCRETO MAGRO PARA LASTRO, TRAÇO 1:4,5:4,5 (EM MASSA SECA DE CIMENTO/ AREIA MÉDIA/ BRITA 1) - PREPARO MECÂNICO COM BETONEIRA 600 L. AF_05/2021","M3","386,84","94968","CONCRETO MAGRO PARA LASTRO, TRAÇO 1:4,5:4,5 (EM MASSA SECA DE CIMENTO/ AREIA MÉDIA/ BRITA 1) - PREPARO MECÂNICO COM BETONEIRA 600 L. AF_05/2021","M3","386,84","94968","CONCRETO MAGRO PARA LASTRO, TRAÇO 1:4,5:4,5 (EM MASSA SECA DE CIMENTO/ AREIA MÉDIA/ BRITA 1) - PREPARO MECÂNICO COM BETONEIRA 600 L. AF_05/2021","M3","386,84","94968","CONCRETO MAGRO PARA LASTRO, TRAÇO 1:4,5:4,5 (EM MASSA SECA DE CIMENTO/ AREIA MÉDIA/ BRITA 1) - PREPARO MECÂNICO COM BETONEIRA 600 L. AF_05/2021","M3","386,84","94968","CONCRETO MAGRO PARA LASTRO, TRAÇO 1:4,5:4,5 (EM MASSA SECA DE CIMENTO/ AREIA MÉDIA/ BRITA 1) - PREPARO MECÂNICO COM BETONEIRA 600 L. AF_05/2021","M3","386,84","94968","CONCRETO MAGRO PARA LASTRO, TRAÇO 1:4,5:4,5 (EM MASSA SECA DE CIMENTO/ AREIA MÉDIA/ BRITA 1) - PREPARO MECÂNICO COM BETONEIRA 600 L. AF_05/2021","M3","386,84","94968","CONCRETO MAGRO PARA LASTRO, TRAÇO 1:4,5:4,5 (EM MASSA SECA DE CIMENTO/ AREIA MÉDIA/ BRITA 1) - PREPARO MECÂNICO COM BETONEIRA 600 L. AF_05/2021","M3","386,84","94968","CONCRETO MAGRO PARA LASTRO, TRAÇO 1:4,5:4,5 (EM MASSA SECA DE CIMENTO/ AREIA MÉDIA/ BRITA 1) - PREPARO MECÂNICO COM BETONEIRA 600 L. AF_05/2021","M3","386,84","94968","CONCRETO MAGRO PARA LASTRO, TRAÇO 1:4,5:4,5 (EM MASSA SECA DE CIMENTO/ AREIA MÉDIA/ BRITA 1) - PREPARO MECÂNICO COM BETONEIRA 600 L. AF_05/2021","M3","386,84","94968","CONCRETO MAGRO PARA LASTRO, TRAÇO 1:4,5:4,5 (EM MASSA SECA DE CIMENTO/ AREIA MÉDIA/ BRITA 1) - PREPARO MECÂNICO COM BETONEIRA 600 L. AF_05/2021","M3","386,84","94968","CONCRETO MAGRO PARA LASTRO, TRAÇO 1:4,5:4,5 (EM MASSA SECA DE CIMENTO/ AREIA MÉDIA/ BRITA 1) - PREPARO MECÂNICO COM BETONEIRA 600 L. AF_05/2021","M3","386,84","94968","CONCRETO MAGRO PARA LASTRO, TRAÇO 1:4,5:4,5 (EM MASSA SECA DE CIMENTO/ AREIA MÉDIA/ BRITA 1) - PREPARO MECÂNICO COM BETONEIRA 600 L. AF_05/2021","M3","386,84","94968","CONCRETO MAGRO PARA LASTRO, TRAÇO 1:4,5:4,5 (EM MASSA SECA DE CIMENTO/ AREIA MÉDIA/ BRITA 1) - PREPARO MECÂNICO COM BETONEIRA 600 L. AF_05/2021","M3","386,84","94968","CONCRETO MAGRO PARA LASTRO, TRAÇO 1:4,5:4,5 (EM MASSA SECA DE CIMENTO/ AREIA MÉDIA/ BRITA 1) - PREPARO MECÂNICO COM BETONEIRA 600 L. AF_05/2021","M3","386,84","94968","CONCRETO MAGRO PARA LASTRO, TRAÇO 1:4,5:4,5 (EM MASSA SECA DE CIMENTO/ AREIA MÉDIA/ BRITA 1) - PREPARO MECÂNICO COM BETONEIRA 600 L. AF_05/2021","M3","386,84","94968","CONCRETO MAGRO PARA LASTRO, TRAÇO 1:4,5:4,5 (EM MASSA SECA DE CIMENTO/ AREIA MÉDIA/ BRITA 1) - PREPARO MECÂNICO COM BETONEIRA 600 L. AF_05/2021","M3","386,84","94968","CONCRETO MAGRO PARA LASTRO, TRAÇO 1:4,5:4,5 (EM MASSA SECA DE CIMENTO/ AREIA MÉDIA/ BRITA 1) - PREPARO MECÂNICO COM BETONEIRA 600 L. AF_05/2021","M3","386,84","94968","CONCRETO MAGRO PARA LASTRO, TRAÇO 1:4,5:4,5 (EM MASSA SECA DE CIMENTO/ AREIA MÉDIA/ BRITA 1) - PREPARO MECÂNICO COM BETONEIRA 600 L. AF_05/2021","M3","386,84","94968","CONCRETO MAGRO PARA LASTRO, TRAÇO 1:4,5:4,5 (EM MASSA SECA DE CIMENTO/ AREIA MÉDIA/ BRITA 1) - PREPARO MECÂNICO COM BETONEIRA 600 L. AF_05/2021","M3","386,84","94968","CONCRETO MAGRO PARA LASTRO, TRAÇO 1:4,5:4,5 (EM MASSA SECA DE CIMENTO/ AREIA MÉDIA/ BRITA 1) - PREPARO MECÂNICO COM BETONEIRA 600 L. AF_05/2021","M3","386,84","94968","CONCRETO MAGRO PARA LASTRO, TRAÇO 1:4,5:4,5 (EM MASSA SECA DE CIMENTO/ AREIA MÉDIA/ BRITA 1) - PREPARO MECÂNICO COM BETONEIRA 600 L. AF_05/2021","M3","386,84","94968","CONCRETO MAGRO PARA LASTRO, TRAÇO 1:4,5:4,5 (EM MASSA SECA DE CIMENTO/ AREIA MÉDIA/ BRITA 1) - PREPARO MECÂNICO COM BETONEIRA 600 L. AF_05/2021","M3","386,84","94968","CONCRETO MAGRO PARA LASTRO, TRAÇO 1:4,5:4,5 (EM MASSA SECA DE CIMENTO/ AREIA MÉDIA/ BRITA 1) - PREPARO MECÂNICO COM BETONEIRA 600 L. AF_05/2021","M3","386,84","94968","CONCRETO MAGRO PARA LASTRO, TRAÇO 1:4,5:4,5 (EM MASSA SECA DE CIMENTO/ AREIA MÉDIA/ BRITA 1) - PREPARO MECÂNICO COM BETONEIRA 600 L. AF_05/2021","M3","386,84","94968","CONCRETO MAGRO PARA LASTRO, TRAÇO 1:4,5:4,5 (EM MASSA SECA DE CIMENTO/ AREIA MÉDIA/ BRITA 1) - PREPARO MECÂNICO COM BETONEIRA 600 L. AF_05/2021","M3","386,84","94968","CONCRETO MAGRO PARA LASTRO, TRAÇO 1:4,5:4,5 (EM MASSA SECA DE CIMENTO/ AREIA MÉDIA/ BRITA 1) - PREPARO MECÂNICO COM BETONEIRA 600 L. AF_05/2021","M3","386,84","94968","CONCRETO MAGRO PARA LASTRO, TRAÇO 1:4,5:4,5 (EM MASSA SECA DE CIMENTO/ AREIA MÉDIA/ BRITA 1) - PREPARO MECÂNICO COM BETONEIRA 600 L. AF_05/2021","M3","386,84","94968","CONCRETO MAGRO PARA LASTRO, TRAÇO 1:4,5:4,5 (EM MASSA SECA DE CIMENTO/ AREIA MÉDIA/ BRITA 1) - PREPARO MECÂNICO COM BETONEIRA 600 L. AF_05/2021","M3","386,84","94968","CONCRETO MAGRO PARA LASTRO, TRAÇO 1:4,5:4,5 (EM MASSA SECA DE CIMENTO/ AREIA MÉDIA/ BRITA 1) - PREPARO MECÂNICO COM BETONEIRA 600 L. AF_05/2021","M3","386,84","94968","CONCRETO MAGRO PARA LASTRO, TRAÇO 1:4,5:4,5 (EM MASSA SECA DE CIMENTO/ AREIA MÉDIA/ BRITA 1) - PREPARO MECÂNICO COM BETONEIRA 600 L. AF_05/2021","M3","386,84","94968","CONCRETO MAGRO PARA LASTRO, TRAÇO 1:4,5:4,5 (EM MASSA SECA DE CIMENTO/ AREIA MÉDIA/ BRITA 1) - PREPARO MECÂNICO COM BETONEIRA 600 L. AF_05/2021","M3","386,84","94968","CONCRETO MAGRO PARA LASTRO, TRAÇO 1:4,5:4,5 (EM MASSA SECA DE CIMENTO/ AREIA MÉDIA/ BRITA 1) - PREPARO MECÂNICO COM BETONEIRA 600 L. AF_05/2021","M3","386,84","94968","CONCRETO MAGRO PARA LASTRO, TRAÇO 1:4,5:4,5 (EM MASSA SECA DE CIMENTO/ AREIA MÉDIA/ BRITA 1) - PREPARO MECÂNICO COM BETONEIRA 600 L. AF_05/2021","M3","386,84","94968","CONCRETO MAGRO PARA LASTRO, TRAÇO 1:4,5:4,5 (EM MASSA SECA DE CIMENTO/ AREIA MÉDIA/ BRITA 1) - PREPARO MECÂNICO COM BETONEIRA 600 L. AF_05/2021","M3","386,84","94968","CONCRETO MAGRO PARA LASTRO, TRAÇO 1:4,5:4,5 (EM MASSA SECA DE CIMENTO/ AREIA MÉDIA/ BRITA 1) - PREPARO MECÂNICO COM BETONEIRA 600 L. AF_05/2021","M3","386,84","94968","CONCRETO MAGRO PARA LASTRO, TRAÇO 1:4,5:4,5 (EM MASSA SECA DE CIMENTO/ AREIA MÉDIA/ BRITA 1) - PREPARO MECÂNICO COM BETONEIRA 600 L. AF_05/2021","M3","386,84"]
[102486,"CONCRETO FCK = 15MPA, TRAÇO 1:3,4:3,4 (EM MASSA SECA DE CIMENTO/ AREIA MÉDIA/ SEIXO ROLADO) - PREPARO MANUAL. AF_05/2021","M3",630.65,"102486","CONCRETO FCK = 15MPA, TRAÇO 1:3,4:3,4 (EM MASSA SECA DE CIMENTO/ AREIA MÉDIA/ SEIXO ROLADO) - PREPARO MANUAL. AF_05/2021","M3","630,65","102486","CONCRETO FCK = 15MPA, TRAÇO 1:3,4:3,4 (EM MASSA SECA DE CIMENTO/ AREIA MÉDIA/ SEIXO ROLADO) - PREPARO MANUAL. AF_05/2021","M3","630,65","102486","CONCRETO FCK = 15MPA, TRAÇO 1:3,4:3,4 (EM MASSA SECA DE CIMENTO/ AREIA MÉDIA/ SEIXO ROLADO) - PREPARO MANUAL. AF_05/2021","M3","630,65","102486","CONCRETO FCK = 15MPA, TRAÇO 1:3,4:3,4 (EM MASSA SECA DE CIMENTO/ AREIA MÉDIA/ SEIXO ROLADO) - PREPARO MANUAL. AF_05/2021","M3","630,65","102486","CONCRETO FCK = 15MPA, TRAÇO 1:3,4:3,4 (EM MASSA SECA DE CIMENTO/ AREIA MÉDIA/ SEIXO ROLADO) - PREPARO MANUAL. AF_05/2021","M3","630,65","102486","CONCRETO FCK = 15MPA, TRAÇO 1:3,4:3,4 (EM MASSA SECA DE CIMENTO/ AREIA MÉDIA/ SEIXO ROLADO) - PREPARO MANUAL. AF_05/2021","M3","630,65","102486","CONCRETO FCK = 15MPA, TRAÇO 1:3,4:3,4 (EM MASSA SECA DE CIMENTO/ AREIA MÉDIA/ SEIXO ROLADO) - PREPARO MANUAL. AF_05/2021","M3","630,65","102486","CONCRETO FCK = 15MPA, TRAÇO 1:3,4:3,4 (EM MASSA SECA DE CIMENTO/ AREIA MÉDIA/ SEIXO ROLADO) - PREPARO MANUAL. AF_05/2021","M3","630,65","102486","CONCRETO FCK = 15MPA, TRAÇO 1:3,4:3,4 (EM MASSA SECA DE CIMENTO/ AREIA MÉDIA/ SEIXO ROLADO) - PREPARO MANUAL. AF_05/2021","M3","630,65","102486","CONCRETO FCK = 15MPA, TRAÇO 1:3,4:3,4 (EM MASSA SECA DE CIMENTO/ AREIA MÉDIA/ SEIXO ROLADO) - PREPARO MANUAL. AF_05/2021","M3","630,65","102486","CONCRETO FCK = 15MPA, TRAÇO 1:3,4:3,4 (EM MASSA SECA DE CIMENTO/ AREIA MÉDIA/ SEIXO ROLADO) - PREPARO MANUAL. AF_05/2021","M3","630,65","102486","CONCRETO FCK = 15MPA, TRAÇO 1:3,4:3,4 (EM MASSA SECA DE CIMENTO/ AREIA MÉDIA/ SEIXO ROLADO) - PREPARO MANUAL. AF_05/2021","M3","630,65","102486","CONCRETO FCK = 15MPA, TRAÇO 1:3,4:3,4 (EM MASSA SECA DE CIMENTO/ AREIA MÉDIA/ SEIXO ROLADO) - PREPARO MANUAL. AF_05/2021","M3","630,65","102486","CONCRETO FCK = 15MPA, TRAÇO 1:3,4:3,4 (EM MASSA SECA DE CIMENTO/ AREIA MÉDIA/ SEIXO ROLADO) - PREPARO MANUAL. AF_05/2021","M3","630,65","102486","CONCRETO FCK = 15MPA, TRAÇO 1:3,4:3,4 (EM MASSA SECA DE CIMENTO/ AREIA MÉDIA/ SEIXO ROLADO) - PREPARO MANUAL. AF_05/2021","M3","630,65","102486","CONCRETO FCK = 15MPA, TRAÇO 1:3,4:3,4 (EM MASSA SECA DE CIMENTO/ AREIA MÉDIA/ SEIXO ROLADO) - PREPARO MANUAL. AF_05/2021","M3","630,65","102486","CONCRETO FCK = 15MPA, TRAÇO 1:3,4:3,4 (EM MASSA SECA DE CIMENTO/ AREIA MÉDIA/ SEIXO ROLADO) - PREPARO MANUAL. AF_05/2021","M3","630,65","102486","CONCRETO FCK = 15MPA, TRAÇO 1:3,4:3,4 (EM MASSA SECA DE CIMENTO/ AREIA MÉDIA/ SEIXO ROLADO) - PREPARO MANUAL. AF_05/2021","M3","630,65","102486","CONCRETO FCK = 15MPA, TRAÇO 1:3,4:3,4 (EM MASSA SECA DE CIMENTO/ AREIA MÉDIA/ SEIXO ROLADO) - PREPARO MANUAL. AF_05/2021","M3","630,65","102486","CONCRETO FCK = 15MPA, TRAÇO 1:3,4:3,4 (EM MASSA SECA DE CIMENTO/ AREIA MÉDIA/ SEIXO ROLADO) - PREPARO MANUAL. AF_05/2021","M3","630,65","102486","CONCRETO FCK = 15MPA, TRAÇO 1:3,4:3,4 (EM MASSA SECA DE CIMENTO/ AREIA MÉDIA/ SEIXO ROLADO) - PREPARO MANUAL. AF_05/2021","M3","630,65","102486","CONCRETO FCK = 15MPA, TRAÇO 1:3,4:3,4 (EM MASSA SECA DE CIMENTO/ AREIA MÉDIA/ SEIXO ROLADO) - PREPARO MANUAL. AF_05/2021","M3","630,65","102486","CONCRETO FCK = 15MPA, TRAÇO 1:3,4:3,4 (EM MASSA SECA DE CIMENTO/ AREIA MÉDIA/ SEIXO ROLADO) - PREPARO MANUAL. AF_05/2021","M3","630,65","102486","CONCRETO FCK = 15MPA, TRAÇO 1:3,4:3,4 (EM MASSA SECA DE CIMENTO/ AREIA MÉDIA/ SEIXO ROLADO) - PREPARO MANUAL. AF_05/2021","M3","630,65","102486","CONCRETO FCK = 15MPA, TRAÇO 1:3,4:3,4 (EM MASSA SECA DE CIMENTO/ AREIA MÉDIA/ SEIXO ROLADO) - PREPARO MANUAL. AF_05/2021","M3","630,65","102486","CONCRETO FCK = 15MPA, TRAÇO 1:3,4:3,4 (EM MASSA SECA DE CIMENTO/ AREIA MÉDIA/ SEIXO ROLADO) - PREPARO MANUAL. AF_05/2021","M3","630,65","102486","CONCRETO FCK = 15MPA, TRAÇO 1:3,4:3,4 (EM MASSA SECA DE CIMENTO/ AREIA MÉDIA/ SEIXO ROLADO) - PREPARO MANUAL. AF_05/2021","M3","630,65","102486","CONCRETO FCK = 15MPA, TRAÇO 1:3,4:3,4 (EM MASSA SECA DE CIMENTO/ AREIA MÉDIA/ SEIXO ROLADO) - PREPARO MANUAL. AF_05/2021","M3","630,65","102486","CONCRETO FCK = 15MPA, TRAÇO 1:3,4:3,4 (EM MASSA SECA DE CIMENTO/ AREIA MÉDIA/ SEIXO ROLADO) - PREPARO MANUAL. AF_05/2021","M3","630,65","102486","CONCRETO FCK = 15MPA, TRAÇO 1:3,4:3,4 (EM MASSA SECA DE CIMENTO/ AREIA MÉDIA/ SEIXO ROLADO) - PREPARO MANUAL. AF_05/2021","M3","630,65","102486","CONCRETO FCK = 15MPA, TRAÇO 1:3,4:3,4 (EM MASSA SECA DE CIMENTO/ AREIA MÉDIA/ SEIXO ROLADO) - PREPARO MANUAL. AF_05/2021","M3","630,65","102486","CONCRETO FCK = 15MPA, TRAÇO 1:3,4:3,4 (EM MASSA SECA DE CIMENTO/ AREIA MÉDIA/ SEIXO ROLADO) - PREPARO MANUAL. AF_05/2021","M3","630,65","102486","CONCRETO FCK = 15MPA, TRAÇO 1:3,4:3,4 (EM MASSA SECA DE CIMENTO/ AREIA MÉDIA/ SEIXO ROLADO) - PREPARO MANUAL. AF_05/2021","M3","630,65","102486","CONCRETO FCK = 15MPA, TRAÇO 1:3,4:3,4 (EM MASSA SECA DE CIMENTO/ AREIA MÉDIA/ SEIXO ROLADO) - PREPARO MANUAL. AF_05/2021","M3","630,65","102486","CONCRETO FCK = 15MPA, TRAÇO 1:3,4:3,4 (EM MASSA SECA DE CIMENTO/ AREIA MÉDIA/ SEIXO ROLADO) - PREPARO MANUAL. AF_05/2021","M3","630,65","102486","CONCRETO FCK = 15MPA, TRAÇO 1:3,4:3,4 (EM MASSA SECA DE CIMENTO/ AREIA MÉDIA/ SEIXO ROLADO) - PREPARO MANUAL. AF_05/2021","M3","630,65","102486","CONCRETO FCK = 15MPA, TRAÇO 1:3,4:3,4 (EM MASSA SECA DE CIMENTO/ AREIA MÉDIA/ SEIXO ROLADO) - PREPARO MANUAL. AF_05/2021","M3","630,65","102486","CONCRETO FCK = 15MPA, TRAÇO 1:3,4:3,4 (EM MASSA SECA DE CIMENTO/ AREIA MÉDIA/ SEIXO ROLADO) - PREPARO MANUAL. AF_05/2021","M3","630,65","102486","CONCRETO FCK = 15MPA, TRAÇO 1:3,4:3,4 (EM MASSA SECA DE CIMENTO/ AREIA MÉDIA/ SEIXO ROLADO) - PREPARO MANUAL. AF_05/2021","M3","630,65","102486","CONCRETO FCK = 15MPA, TRAÇO 1:3,4:3,4 (EM MASSA SECA DE CIMENTO/ AREIA MÉDIA/ SEIXO ROLADO) - PREPARO MANUAL. AF_05/2021","M3","630,65","102486","CONCRETO FCK = 15MPA, TRAÇO 1:3,4:3,4 (EM MASSA SECA DE CIMENTO/ AREIA MÉDIA/ SEIXO ROLADO) - PREPARO MANUAL. AF_05/2021","M3","630,65","102486","CONCRETO FCK = 15MPA, TRAÇO 1:3,4:3,4 (EM MASSA SECA DE CIMENTO/ AREIA MÉDIA/ SEIXO ROLADO) - PREPARO MANUAL. AF_05/2021","M3","630,65","102486","CONCRETO FCK = 15MPA, TRAÇO 1:3,4:3,4 (EM MASSA SECA DE CIMENTO/ AREIA MÉDIA/ SEIXO ROLADO) - PREPARO MANUAL. AF_05/2021","M3","630,65","102486","CONCRETO FCK = 15MPA, TRAÇO 1:3,4:3,4 (EM MASSA SECA DE CIMENTO/ AREIA MÉDIA/ SEIXO ROLADO) - PREPARO MANUAL. AF_05/2021","M3","630,65","102486","CONCRETO FCK = 15MPA, TRAÇO 1:3,4:3,4 (EM MASSA SECA DE CIMENTO/ AREIA MÉDIA/ SEIXO ROLADO) - PREPARO MANUAL. AF_05/2021","M3","630,65","102486","CONCRETO FCK = 15MPA, TRAÇO 1:3,4:3,4 (EM MASSA SECA DE CIMENTO/ AREIA MÉDIA/ SEIXO ROLADO) - PREPARO MANUAL. AF_05/2021","M3","630,65","102486","CONCRETO FCK = 15MPA, TRAÇO 1:3,4:3,4 (EM MASSA SECA DE CIMENTO/ AREIA MÉDIA/ SEIXO ROLADO) - PREPARO MANUAL. AF_05/2021","M3","630,65","102486","CONCRETO FCK = 15MPA, TRAÇO 1:3,4:3,4 (EM MASSA SECA DE CIMENTO/ AREIA MÉDIA/ SEIXO ROLADO) - PREPARO MANUAL. AF_05/2021","M3","630,65","102486","CONCRETO FCK = 15MPA, TRAÇO 1:3,4:3,4 (EM MASSA SECA DE CIMENTO/ AREIA MÉDIA/ SEIXO ROLADO) - PREPARO MANUAL. AF_05/2021","M3","630,65","102486","CONCRETO FCK = 15MPA, TRAÇO 1:3,4:3,4 (EM MASSA SECA DE CIMENTO/ AREIA MÉDIA/ SEIXO ROLADO) - PREPARO MANUAL. AF_05/2021","M3","630,65","102486","CONCRETO FCK = 15MPA, TRAÇO 1:3,4:3,4 (EM MASSA SECA DE CIMENTO/ AREIA MÉDIA/ SEIXO ROLADO) - PREPARO MANUAL. AF_05/2021","M3","630,65","102486","CONCRETO FCK = 15MPA, TRAÇO 1:3,4:3,4 (EM MASSA SECA DE CIMENTO/ AREIA MÉDIA/ SEIXO ROLADO) - PREPARO MANUAL. AF_05/2021","M3","630,65","102486","CONCRETO FCK = 15MPA, TRAÇO 1:3,4:3,4 (EM MASSA SECA DE CIMENTO/ AREIA MÉDIA/ SEIXO ROLADO) - PREPARO MANUAL. AF_05/2021","M3","630,65","102486","CONCRETO FCK = 15MPA, TRAÇO 1:3,4:3,4 (EM MASSA SECA DE CIMENTO/ AREIA MÉDIA/ SEIXO ROLADO) - PREPARO MANUAL. AF_05/2021","M3","630,65","102486","CONCRETO FCK = 15MPA, TRAÇO 1:3,4:3,4 (EM MASSA SECA DE CIMENTO/ AREIA MÉDIA/ SEIXO ROLADO) - PREPARO MANUAL. AF_05/2021","M3","630,65","102486","CONCRETO FCK = 15MPA, TRAÇO 1:3,4:3,4 (EM MASSA SECA DE CIMENTO/ AREIA MÉDIA/ SEIXO ROLADO) - PREPARO MANUAL. AF_05/2021","M3","630,65","102486","CONCRETO FCK = 15MPA, TRAÇO 1:3,4:3,4 (EM MASSA SECA DE CIMENTO/ AREIA MÉDIA/ SEIXO ROLADO) - PREPARO MANUAL. AF_05/2021","M3","630,65","102486","CONCRETO FCK = 15MPA, TRAÇO 1:3,4:3,4 (EM MASSA SECA DE CIMENTO/ AREIA MÉDIA/ SEIXO ROLADO) - PREPARO MANUAL. AF_05/2021","M3","630,65","102486","CONCRETO FCK = 15MPA, TRAÇO 1:3,4:3,4 (EM MASSA SECA DE CIMENTO/ AREIA MÉDIA/ SEIXO ROLADO) - PREPARO MANUAL. AF_05/2021","M3","630,65","102486","CONCRETO FCK = 15MPA, TRAÇO 1:3,4:3,4 (EM MASSA SECA DE CIMENTO/ AREIA MÉDIA/ SEIXO ROLADO) - PREPARO MANUAL. AF_05/2021","M3","630,65","102486","CONCRETO FCK = 15MPA, TRAÇO 1:3,4:3,4 (EM MASSA SECA DE CIMENTO/ AREIA MÉDIA/ SEIXO ROLADO) - PREPARO MANUAL. AF_05/2021","M3","630,65","102486","CONCRETO FCK = 15MPA, TRAÇO 1:3,4:3,4 (EM MASSA SECA DE CIMENTO/ AREIA MÉDIA/ SEIXO ROLADO) - PREPARO MANUAL. AF_05/2021","M3","630,65","102486","CONCRETO FCK = 15MPA, TRAÇO 1:3,4:3,4 (EM MASSA SECA DE CIMENTO/ AREIA MÉDIA/ SEIXO ROLADO) - PREPARO MANUAL. AF_05/2021","M3","630,65"]
[97739,"PEÇA CIRCULAR PRÉ-MOLDADA, VOLUME DE CONCRETO DE 30 A 100 LITROS, TAXA DE AÇO APROXIMADA DE 30KG/M³. AF_01/2018","M3",2677.3,"97739","PEÇA CIRCULAR PRÉ-MOLDADA, VOLUME DE CONCRETO DE 30 A 100 LITROS, TAXA DE AÇO APROXIMADA DE 30KG/M³. AF_01/2018","M3","2.677,30","97739","PEÇA CIRCULAR PRÉ-MOLDADA, VOLUME DE CONCRETO DE 30 A 100 LITROS, TAXA DE AÇO APROXIMADA DE 30KG/M³. AF_01/2018","M3","2.677,30","97739","PEÇA CIRCULAR PRÉ-MOLDADA, VOLUME DE CONCRETO DE 30 A 100 LITROS, TAXA DE AÇO APROXIMADA DE 30KG/M³. AF_01/2018","M3","2.677,30","97739","PEÇA CIRCULAR PRÉ-MOLDADA, VOLUME DE CONCRETO DE 30 A 100 LITROS, TAXA DE AÇO APROXIMADA DE 30KG/M³. AF_01/2018","M3","2.677,30","97739","PEÇA CIRCULAR PRÉ-MOLDADA, VOLUME DE CONCRETO DE 30 A 100 LITROS, TAXA DE AÇO APROXIMADA DE 30KG/M³. AF_01/2018","M3","2.677,30","97739","PEÇA CIRCULAR PRÉ-MOLDADA, VOLUME DE CONCRETO DE 30 A 100 LITROS, TAXA DE AÇO APROXIMADA DE 30KG/M³. AF_01/2018","M3","2.677,30","97739","PEÇA CIRCULAR PRÉ-MOLDADA, VOLUME DE CONCRETO DE 30 A 100 LITROS, TAXA DE AÇO APROXIMADA DE 30KG/M³. AF_01/2018","M3","2.677,30","97739","PEÇA CIRCULAR PRÉ-MOLDADA, VOLUME DE CONCRETO DE 30 A 100 LITROS, TAXA DE AÇO APROXIMADA DE 30KG/M³. AF_01/2018","M3","2.677,30","97739","PEÇA CIRCULAR PRÉ-MOLDADA, VOLUME DE CONCRETO DE 30 A 100 LITROS, TAXA DE AÇO APROXIMADA DE 30KG/M³. AF_01/2018","M3","2.677,30","97739","PEÇA CIRCULAR PRÉ-MOLDADA, VOLUME DE CONCRETO DE 30 A 100 LITROS, TAXA DE AÇO APROXIMADA DE 30KG/M³. AF_01/2018","M3","2.677,30","97739","PEÇA CIRCULAR PRÉ-MOLDADA, VOLUME DE CONCRETO DE 30 A 100 LITROS, TAXA DE AÇO APROXIMADA DE 30KG/M³. AF_01/2018","M3","2.677,30","97739","PEÇA CIRCULAR PRÉ-MOLDADA, VOLUME DE CONCRETO DE 30 A 100 LITROS, TAXA DE AÇO APROXIMADA DE 30KG/M³. AF_01/2018","M3","2.677,30","97739","PEÇA CIRCULAR PRÉ-MOLDADA, VOLUME DE CONCRETO DE 30 A 100 LITROS, TAXA DE AÇO APROXIMADA DE 30KG/M³. AF_01/2018","M3","2.677,30","97739","PEÇA CIRCULAR PRÉ-MOLDADA, VOLUME DE CONCRETO DE 30 A 100 LITROS, TAXA DE AÇO APROXIMADA DE 30KG/M³. AF_01/2018","M3","2.677,30","97739","PEÇA CIRCULAR PRÉ-MOLDADA, VOLUME DE CONCRETO DE 30 A 100 LITROS, TAXA DE AÇO APROXIMADA DE 30KG/M³. AF_01/2018","M3","2.677,30","97739","PEÇA CIRCULAR PRÉ-MOLDADA, VOLUME DE CONCRETO DE 30 A 100 LITROS, TAXA DE AÇO APROXIMADA DE 30KG/M³. AF_01/2018","M3","2.677,30","97739","PEÇA CIRCULAR PRÉ-MOLDADA, VOLUME DE CONCRETO DE 30 A 100 LITROS, TAXA DE AÇO APROXIMADA DE 30KG/M³. AF_01/2018","M3","2.677,30","97739","PEÇA CIRCULAR PRÉ-MOLDADA, VOLUME DE CONCRETO DE 30 A 100 LITROS, TAXA DE AÇO APROXIMADA DE 30KG/M³. AF_01/2018","M3","2.677,30","97739","PEÇA CIRCULAR PRÉ-MOLDADA, VOLUME DE CONCRETO DE 30 A 100 LITROS, TAXA DE AÇO APROXIMADA DE 30KG/M³. AF_01/2018","M3","2.677,30","97739","PEÇA CIRCULAR PRÉ-MOLDADA, VOLUME DE CONCRETO DE 30 A 100 LITROS, TAXA DE AÇO APROXIMADA DE 30KG/M³. AF_01/2018","M3","2.677,30","97739","PEÇA CIRCULAR PRÉ-MOLDADA, VOLUME DE CONCRETO DE 30 A 100 LITROS, TAXA DE AÇO APROXIMADA DE 30KG/M³. AF_01/2018","M3","2.677,30","97739","PEÇA CIRCULAR PRÉ-MOLDADA, VOLUME DE CONCRETO DE 30 A 100 LITROS, TAXA DE AÇO APROXIMADA DE 30KG/M³. AF_01/2018","M3","2.677,30","97739","PEÇA CIRCULAR PRÉ-MOLDADA, VOLUME DE CONCRETO DE 30 A 100 LITROS, TAXA DE AÇO APROXIMADA DE 30KG/M³. AF_01/2018","M3","2.677,30","97739","PEÇA CIRCULAR PRÉ-MOLDADA, VOLUME DE CONCRETO DE 30 A 100 LITROS, TAXA DE AÇO APROXIMADA DE 30KG/M³. AF_01/2018","M3","2.677,30","97739","PEÇA CIRCULAR PRÉ-MOLDADA, VOLUME DE CONCRETO DE 30 A 100 LITROS, TAXA DE AÇO APROXIMADA DE 30KG/M³. AF_01/2018","M3","2.677,30","97739","PEÇA CIRCULAR PRÉ-MOLDADA, VOLUME DE CONCRETO DE 30 A 100 LITROS, TAXA DE AÇO APROXIMADA DE 30KG/M³. AF_01/2018","M3","2.677,30","97739","PEÇA CIRCULAR PRÉ-MOLDADA, VOLUME DE CONCRETO DE 30 A 100 LITROS, TAXA DE AÇO APROXIMADA DE 30KG/M³. AF_01/2018","M3","2.677,30","97739","PEÇA CIRCULAR PRÉ-MOLDADA, VOLUME DE CONCRETO DE 30 A 100 LITROS, TAXA DE AÇO APROXIMADA DE 30KG/M³. AF_01/2018","M3","2.677,30","97739","PEÇA CIRCULAR PRÉ-MOLDADA, VOLUME DE CONCRETO DE 30 A 100 LITROS, TAXA DE AÇO APROXIMADA DE 30KG/M³. AF_01/2018","M3","2.677,30","97739","PEÇA CIRCULAR PRÉ-MOLDADA, VOLUME DE CONCRETO DE 30 A 100 LITROS, TAXA DE AÇO APROXIMADA DE 30KG/M³. AF_01/2018","M3","2.677,30","97739","PEÇA CIRCULAR PRÉ-MOLDADA, VOLUME DE CONCRETO DE 30 A 100 LITROS, TAXA DE AÇO APROXIMADA DE 30KG/M³. AF_01/2018","M3","2.677,30","97739","PEÇA CIRCULAR PRÉ-MOLDADA, VOLUME DE CONCRETO DE 30 A 100 LITROS, TAXA DE AÇO APROXIMADA DE 30KG/M³. AF_01/2018","M3","2.677,30","97739","PEÇA CIRCULAR PRÉ-MOLDADA, VOLUME DE CONCRETO DE 30 A 100 LITROS, TAXA DE AÇO APROXIMADA DE 30KG/M³. AF_01/2018","M3","2.677,30","97739","PEÇA CIRCULAR PRÉ-MOLDADA, VOLUME DE CONCRETO DE 30 A 100 LITROS, TAXA DE AÇO APROXIMADA DE 30KG/M³. AF_01/2018","M3","2.677,30","97739","PEÇA CIRCULAR PRÉ-MOLDADA, VOLUME DE CONCRETO DE 30 A 100 LITROS, TAXA DE AÇO APROXIMADA DE 30KG/M³. AF_01/2018","M3","2.677,30","97739","PEÇA CIRCULAR PRÉ-MOLDADA, VOLUME DE CONCRETO DE 30 A 100 LITROS, TAXA DE AÇO APROXIMADA DE 30KG/M³. AF_01/2018","M3","2.677,30","97739","PEÇA CIRCULAR PRÉ-MOLDADA, VOLUME DE CONCRETO DE 30 A 100 LITROS, TAXA DE AÇO APROXIMADA DE 30KG/M³. AF_01/2018","M3","2.677,30","97739","PEÇA CIRCULAR PRÉ-MOLDADA, VOLUME DE CONCRETO DE 30 A 100 LITROS, TAXA DE AÇO APROXIMADA DE 30KG/M³. AF_01/2018","M3","2.677,30","97739","PEÇA CIRCULAR PRÉ-MOLDADA, VOLUME DE CONCRETO DE 30 A 100 LITROS, TAXA DE AÇO APROXIMADA DE 30KG/M³. AF_01/2018","M3","2.677,30","97739","PEÇA CIRCULAR PRÉ-MOLDADA, VOLUME DE CONCRETO DE 30 A 100 LITROS, TAXA DE AÇO APROXIMADA DE 30KG/M³. AF_01/2018","M3","2.677,30","97739","PEÇA CIRCULAR PRÉ-MOLDADA, VOLUME DE CONCRETO DE 30 A 100 LITROS, TAXA DE AÇO APROXIMADA DE 30KG/M³. AF_01/2018","M3","2.677,30","97739","PEÇA CIRCULAR PRÉ-MOLDADA, VOLUME DE CONCRETO DE 30 A 100 LITROS, TAXA DE AÇO APROXIMADA DE 30KG/M³. AF_01/2018","M3","2.677,30","97739","PEÇA CIRCULAR PRÉ-MOLDADA, VOLUME DE CONCRETO DE 30 A 100 LITROS, TAXA DE AÇO APROXIMADA DE 30KG/M³. AF_01/2018","M3","2.677,30","97739","PEÇA CIRCULAR PRÉ-MOLDADA, VOLUME DE CONCRETO DE 30 A 100 LITROS, TAXA DE AÇO APROXIMADA DE 30KG/M³. AF_01/2018","M3","2.677,30","97739","PEÇA CIRCULAR PRÉ-MOLDADA, VOLUME DE CONCRETO DE 30 A 100 LITROS, TAXA DE AÇO APROXIMADA DE 30KG/M³. AF_01/2018","M3","2.677,30","97739","PEÇA CIRCULAR PRÉ-MOLDADA, VOLUME DE CONCRETO DE 30 A 100 LITROS, TAXA DE AÇO APROXIMADA DE 30KG/M³. AF_01/2018","M3","2.677,30","97739","PEÇA CIRCULAR PRÉ-MOLDADA, VOLUME DE CONCRETO DE 30 A 100 LITROS, TAXA DE AÇO APROXIMADA DE 30KG/M³. AF_01/2018","M3","2.677,30","97739","PEÇA CIRCULAR PRÉ-MOLDADA, VOLUME DE CONCRETO DE 30 A 100 LITROS, TAXA DE AÇO APROXIMADA DE 30KG/M³. AF_01/2018","M3","2.677,30","97739","PEÇA CIRCULAR PRÉ-MOLDADA, VOLUME DE CONCRETO DE 30 A 100 LITROS, TAXA DE AÇO APROXIMADA DE 30KG/M³. AF_01/2018","M3","2.677,30","97739","PEÇA CIRCULAR PRÉ-MOLDADA, VOLUME DE CONCRETO DE 30 A 100 LITROS, TAXA DE AÇO APROXIMADA DE 30KG/M³. AF_01/2018","M3","2.677,30","97739","PEÇA CIRCULAR PRÉ-MOLDADA, VOLUME DE CONCRETO DE 30 A 100 LITROS, TAXA DE AÇO APROXIMADA DE 30KG/M³. AF_01/2018","M3","2.677,30","97739","PEÇA CIRCULAR PRÉ-MOLDADA, VOLUME DE CONCRETO DE 30 A 100 LITROS, TAXA DE AÇO APROXIMADA DE 30KG/M³. AF_01/2018","M3","2.677,30","97739","PEÇA CIRCULAR PRÉ-MOLDADA, VOLUME DE CONCRETO DE 30 A 100 LITROS, TAXA DE AÇO APROXIMADA DE 30KG/M³. AF_01/2018","M3","2.677,30","97739","PEÇA CIRCULAR PRÉ-MOLDADA, VOLUME DE CONCRETO DE 30 A 100 LITROS, TAXA DE AÇO APROXIMADA DE 30KG/M³. AF_01/2018","M3","2.677,30","97739","PEÇA CIRCULAR PRÉ-MOLDADA, VOLUME DE CONCRETO DE 30 A 100 LITROS, TAXA DE AÇO APROXIMADA DE 30KG/M³. AF_01/2018","M3","2.677,30","97739","PEÇA CIRCULAR PRÉ-MOLDADA, VOLUME DE CONCRETO DE 30 A 100 LITROS, TAXA DE AÇO APROXIMADA DE 30KG/M³. AF_01/2018","M3","2.677,30","97739","PEÇA CIRCULAR PRÉ-MOLDADA, VOLUME DE CONCRETO DE 30 A 100 LITROS, TAXA DE AÇO APROXIMADA DE 30KG/M³. AF_01/2018","M3","2.677,30","97739","PEÇA CIRCULAR PRÉ-MOLDADA, VOLUME DE CONCRETO DE 30 A 100 LITROS, TAXA DE AÇO APROXIMADA DE 30KG/M³. AF_01/2018","M3","2.677,30","97739","PEÇA CIRCULAR PRÉ-MOLDADA, VOLUME DE CONCRETO DE 30 A 100 LITROS, TAXA DE AÇO APROXIMADA DE 30KG/M³. AF_01/2018","M3","2.677,30","97739","PEÇA CIRCULAR PRÉ-MOLDADA, VOLUME DE CONCRETO DE 30 A 100 LITROS, TAXA DE AÇO APROXIMADA DE 30KG/M³. AF_01/2018","M3","2.677,30","97739","PEÇA CIRCULAR PRÉ-MOLDADA, VOLUME DE CONCRETO DE 30 A 100 LITROS, TAXA DE AÇO APROXIMADA DE 30KG/M³. AF_01/2018","M3","2.677,30","97739","PEÇA CIRCULAR PRÉ-MOLDADA, VOLUME DE CONCRETO DE 30 A 100 LITROS, TAXA DE AÇO APROXIMADA DE 30KG/M³. AF_01/2018","M3","2.677,30","97739","PEÇA CIRCULAR PRÉ-MOLDADA, VOLUME DE CONCRETO DE 30 A 100 LITROS, TAXA DE AÇO APROXIMADA DE 30KG/M³. AF_01/2018","M3","2.677,30"]
[98751,"SOLDA DE TOPO EM CHAPA/PERFIL/TUBO DE AÇO CHANFRADO, ESPESSURA=1/2''. AF_06/2018","M",182.83,"98751","SOLDA DE TOPO EM CHAPA/PERFIL/TUBO DE AÇO CHANFRADO, ESPESSURA=1/2''. AF_06/2018","M","182,83","98751","SOLDA DE TOPO EM CHAPA/PERFIL/TUBO DE AÇO CHANFRADO, ESPESSURA=1/2''. AF_06/2018","M","182,83","98751","SOLDA DE TOPO EM CHAPA/PERFIL/TUBO DE AÇO CHANFRADO, ESPESSURA=1/2''. AF_06/2018","M","182,83","98751","SOLDA DE TOPO EM CHAPA/PERFIL/TUBO DE AÇO CHANFRADO, ESPESSURA=1/2''. AF_06/2018","M","182,83","98751","SOLDA DE TOPO EM CHAPA/PERFIL/TUBO DE AÇO CHANFRADO, ESPESSURA=1/2''. AF_06/2018","M","182,83","98751","SOLDA DE TOPO EM CHAPA/PERFIL/TUBO DE AÇO CHANFRADO, ESPESSURA=1/2''. AF_06/2018","M","182,83","98751","SOLDA DE TOPO EM CHAPA/PERFIL/TUBO DE AÇO CHANFRADO, ESPESSURA=1/2''. AF_06/2018","M","182,83","98751","SOLDA DE TOPO EM CHAPA/PERFIL/TUBO DE AÇO CHANFRADO, ESPESSURA=1/2''. AF_06/2018","M","182,83","98751","SOLDA DE TOPO EM CHAPA/PERFIL/TUBO DE AÇO CHANFRADO, ESPESSURA=1/2''. AF_06/2018","M","182,83","98751","SOLDA DE TOPO EM CHAPA/PERFIL/TUBO DE AÇO CHANFRADO, ESPESSURA=1/2''. AF_06/2018","M","182,83","98751","SOLDA DE TOPO EM CHAPA/PERFIL/TUBO DE AÇO CHANFRADO, ESPESSURA=1/2''. AF_06/2018","M","182,83","98751","SOLDA DE TOPO EM CHAPA/PERFIL/TUBO DE AÇO CHANFRADO, ESPESSURA=1/2''. AF_06/2018","M","182,83","98751","SOLDA DE TOPO EM CHAPA/PERFIL/TUBO DE AÇO CHANFRADO, ESPESSURA=1/2''. AF_06/2018","M","182,83","98751","SOLDA DE TOPO EM CHAPA/PERFIL/TUBO DE AÇO CHANFRADO, ESPESSURA=1/2''. AF_06/2018","M","182,83","98751","SOLDA DE TOPO EM CHAPA/PERFIL/TUBO DE AÇO CHANFRADO, ESPESSURA=1/2''. AF_06/2018","M","182,83","98751","SOLDA DE TOPO EM CHAPA/PERFIL/TUBO DE AÇO CHANFRADO, ESPESSURA=1/2''. AF_06/2018","M","182,83","98751","SOLDA DE TOPO EM CHAPA/PERFIL/TUBO DE AÇO CHANFRADO, ESPESSURA=1/2''. AF_06/2018","M","182,83","98751","SOLDA DE TOPO EM CHAPA/PERFIL/TUBO DE AÇO CHANFRADO, ESPESSURA=1/2''. AF_06/2018","M","182,83","98751","SOLDA DE TOPO EM CHAPA/PERFIL/TUBO DE AÇO CHANFRADO, ESPESSURA=1/2''. AF_06/2018","M","182,83","98751","SOLDA DE TOPO EM CHAPA/PERFIL/TUBO DE AÇO CHANFRADO, ESPESSURA=1/2''. AF_06/2018","M","182,83","98751","SOLDA DE TOPO EM CHAPA/PERFIL/TUBO DE AÇO CHANFRADO, ESPESSURA=1/2''. AF_06/2018","M","182,83","98751","SOLDA DE TOPO EM CHAPA/PERFIL/TUBO DE AÇO CHANFRADO, ESPESSURA=1/2''. AF_06/2018","M","182,83","98751","SOLDA DE TOPO EM CHAPA/PERFIL/TUBO DE AÇO CHANFRADO, ESPESSURA=1/2''. AF_06/2018","M","182,83","98751","SOLDA DE TOPO EM CHAPA/PERFIL/TUBO DE AÇO CHANFRADO, ESPESSURA=1/2''. AF_06/2018","M","182,83","98751","SOLDA DE TOPO EM CHAPA/PERFIL/TUBO DE AÇO CHANFRADO, ESPESSURA=1/2''. AF_06/2018","M","182,83","98751","SOLDA DE TOPO EM CHAPA/PERFIL/TUBO DE AÇO CHANFRADO, ESPESSURA=1/2''. AF_06/2018","M","182,83","98751","SOLDA DE TOPO EM CHAPA/PERFIL/TUBO DE AÇO CHANFRADO, ESPESSURA=1/2''. AF_06/2018","M","182,83","98751","SOLDA DE TOPO EM CHAPA/PERFIL/TUBO DE AÇO CHANFRADO, ESPESSURA=1/2''. AF_06/2018","M","182,83","98751","SOLDA DE TOPO EM CHAPA/PERFIL/TUBO DE AÇO CHANFRADO, ESPESSURA=1/2''. AF_06/2018","M","182,83","98751","SOLDA DE TOPO EM CHAPA/PERFIL/TUBO DE AÇO CHANFRADO, ESPESSURA=1/2''. AF_06/2018","M","182,83","98751","SOLDA DE TOPO EM CHAPA/PERFIL/TUBO DE AÇO CHANFRADO, ESPESSURA=1/2''. AF_06/2018","M","182,83","98751","SOLDA DE TOPO EM CHAPA/PERFIL/TUBO DE AÇO CHANFRADO, ESPESSURA=1/2''. AF_06/2018","M","182,83","98751","SOLDA DE TOPO EM CHAPA/PERFIL/TUBO DE AÇO CHANFRADO, ESPESSURA=1/2''. AF_06/2018","M","182,83","98751","SOLDA DE TOPO EM CHAPA/PERFIL/TUBO DE AÇO CHANFRADO, ESPESSURA=1/2''. AF_06/2018","M","182,83","98751","SOLDA DE TOPO EM CHAPA/PERFIL/TUBO DE AÇO CHANFRADO, ESPESSURA=1/2''. AF_06/2018","M","182,83","98751","SOLDA DE TOPO EM CHAPA/PERFIL/TUBO DE AÇO CHANFRADO, ESPESSURA=1/2''. AF_06/2018","M","182,83","98751","SOLDA DE TOPO EM CHAPA/PERFIL/TUBO DE AÇO CHANFRADO, ESPESSURA=1/2''. AF_06/2018","M","182,83","98751","SOLDA DE TOPO EM CHAPA/PERFIL/TUBO DE AÇO CHANFRADO, ESPESSURA=1/2''. AF_06/2018","M","182,83","98751","SOLDA DE TOPO EM CHAPA/PERFIL/TUBO DE AÇO CHANFRADO, ESPESSURA=1/2''. AF_06/2018","M","182,83","98751","SOLDA DE TOPO EM CHAPA/PERFIL/TUBO DE AÇO CHANFRADO, ESPESSURA=1/2''. AF_06/2018","M","182,83","98751","SOLDA DE TOPO EM CHAPA/PERFIL/TUBO DE AÇO CHANFRADO, ESPESSURA=1/2''. AF_06/2018","M","182,83","98751","SOLDA DE TOPO EM CHAPA/PERFIL/TUBO DE AÇO CHANFRADO, ESPESSURA=1/2''. AF_06/2018","M","182,83","98751","SOLDA DE TOPO EM CHAPA/PERFIL/TUBO DE AÇO CHANFRADO, ESPESSURA=1/2''. AF_06/2018","M","182,83","98751","SOLDA DE TOPO EM CHAPA/PERFIL/TUBO DE AÇO CHANFRADO, ESPESSURA=1/2''. AF_06/2018","M","182,83","98751","SOLDA DE TOPO EM CHAPA/PERFIL/TUBO DE AÇO CHANFRADO, ESPESSURA=1/2''. AF_06/2018","M","182,83","98751","SOLDA DE TOPO EM CHAPA/PERFIL/TUBO DE AÇO CHANFRADO, ESPESSURA=1/2''. AF_06/2018","M","182,83","98751","SOLDA DE TOPO EM CHAPA/PERFIL/TUBO DE AÇO CHANFRADO, ESPESSURA=1/2''. AF_06/2018","M","182,83","98751","SOLDA DE TOPO EM CHAPA/PERFIL/TUBO DE AÇO CHANFRADO, ESPESSURA=1/2''. AF_06/2018","M","182,83","98751","SOLDA DE TOPO EM CHAPA/PERFIL/TUBO DE AÇO CHANFRADO, ESPESSURA=1/2''. AF_06/2018","M","182,83","98751","SOLDA DE TOPO EM CHAPA/PERFIL/TUBO DE AÇO CHANFRADO, ESPESSURA=1/2''. AF_06/2018","M","182,83","98751","SOLDA DE TOPO EM CHAPA/PERFIL/TUBO DE AÇO CHANFRADO, ESPESSURA=1/2''. AF_06/2018","M","182,83","98751","SOLDA DE TOPO EM CHAPA/PERFIL/TUBO DE AÇO CHANFRADO, ESPESSURA=1/2''. AF_06/2018","M","182,83","98751","SOLDA DE TOPO EM CHAPA/PERFIL/TUBO DE AÇO CHANFRADO, ESPESSURA=1/2''. AF_06/2018","M","182,83","98751","SOLDA DE TOPO EM CHAPA/PERFIL/TUBO DE AÇO CHANFRADO, ESPESSURA=1/2''. AF_06/2018","M","182,83","98751","SOLDA DE TOPO EM CHAPA/PERFIL/TUBO DE AÇO CHANFRADO, ESPESSURA=1/2''. AF_06/2018","M","182,83","98751","SOLDA DE TOPO EM CHAPA/PERFIL/TUBO DE AÇO CHANFRADO, ESPESSURA=1/2''. AF_06/2018","M","182,83","98751","SOLDA DE TOPO EM CHAPA/PERFIL/TUBO DE AÇO CHANFRADO, ESPESSURA=1/2''. AF_06/2018","M","182,83","98751","SOLDA DE TOPO EM CHAPA/PERFIL/TUBO DE AÇO CHANFRADO, ESPESSURA=1/2''. AF_06/2018","M","182,83","98751","SOLDA DE TOPO EM CHAPA/PERFIL/TUBO DE AÇO CHANFRADO, ESPESSURA=1/2''. AF_06/2018","M","182,83","98751","SOLDA DE TOPO EM CHAPA/PERFIL/TUBO DE AÇO CHANFRADO, ESPESSURA=1/2''. AF_06/2018","M","182,83","98751","SOLDA DE TOPO EM CHAPA/PERFIL/TUBO DE AÇO CHANFRADO, ESPESSURA=1/2''. AF_06/2018","M","182,83","98751","SOLDA DE TOPO EM CHAPA/PERFIL/TUBO DE AÇO CHANFRADO, ESPESSURA=1/2''. AF_06/2018","M","182,83","98751","SOLDA DE TOPO EM CHAPA/PERFIL/TUBO DE AÇO CHANFRADO, ESPESSURA=1/2''. AF_06/2018","M","182,83"]
[91834,"ELETRODUTO FLEXÍVEL CORRUGADO, PVC, DN 25 MM (3/4\"), PARA CIRCUITOS TERMINAIS, INSTALADO EM FORRO - FORNECIMENTO E INSTALAÇÃO. AF_03/2023","M",10.24,"91834","ELETRODUTO FLEXÍVEL CORRUGADO, PVC, DN 25 MM (3/4\"), PARA CIRCUITOS TERMINAIS, INSTALADO EM FORRO - FORNECIMENTO E INSTALAÇÃO. AF_03/2023","M","10,24","91834","ELETRODUTO FLEXÍVEL CORRUGADO, PVC, DN 25 MM (3/4\"), PARA CIRCUITOS TERMINAIS, INSTALADO EM FORRO - FORNECIMENTO E INSTALAÇÃO. AF_03/2023","M","10,24","91834","ELETRODUTO FLEXÍVEL CORRUGADO, PVC, DN 25 MM (3/4\"), PARA CIRCUITOS TERMINAIS, INSTALADO EM FORRO - FORNECIMENTO E INSTALAÇÃO. AF_03/2023","M","10,24","91834","ELETRODUTO FLEXÍVEL CORRUGADO, PVC, DN 25 MM (3/4\"), PARA CIRCUITOS TERMINAIS, INSTALADO EM FORRO - FORNECIMENTO E INSTALAÇÃO. AF_03/2023","M","10,24","91834","ELETRODUTO FLEXÍVEL CORRUGADO, PVC, DN 25 MM (3/4\"), PARA CIRCUITOS TERMINAIS, INSTALADO EM FORRO - FORNECIMENTO E INSTALAÇÃO. AF_03/2023","M","10,24","91834","ELETRODUTO FLEXÍVEL CORRUGADO, PVC, DN 25 MM (3/4\"), PARA CIRCUITOS TERMINAIS, INSTALADO EM FORRO - FORNECIMENTO E INSTALAÇÃO. AF_03/2023","M","10,24","91834","ELETRODUTO FLEXÍVEL CORRUGADO, PVC, DN 25 MM (3/4\"), PARA CIRCUITOS TERMINAIS, INSTALADO EM FORRO - FORNECIMENTO E INSTALAÇÃO. AF_03/2023","M","10,24","91834","ELETRODUTO FLEXÍVEL CORRUGADO, PVC, DN 25 MM (3/4\"), PARA CIRCUITOS TERMINAIS, INSTALADO EM FORRO - FORNECIMENTO E INSTALAÇÃO. AF_03/2023","M","10,24","91834","ELETRODUTO FLEXÍVEL CORRUGADO, PVC, DN 25 MM (3/4\"), PARA CIRCUITOS TERMINAIS, INSTALADO EM FORRO - FORNECIMENTO E INSTALAÇÃO. AF_03/2023","M","10,24","91834","ELETRODUTO FLEXÍVEL CORRUGADO, PVC, DN 25 MM (3/4\"), PARA CIRCUITOS TERMINAIS, INSTALADO EM FORRO - FORNECIMENTO E INSTALAÇÃO. AF_03/2023","M","10,24","91834","ELETRODUTO FLEXÍVEL CORRUGADO, PVC, DN 25 MM (3/4\"), PARA CIRCUITOS TERMINAIS, INSTALADO EM FORRO - FORNECIMENTO E INSTALAÇÃO. AF_03/2023","M","10,24","91834","ELETRODUTO FLEXÍVEL CORRUGADO, PVC, DN 25 MM (3/4\"), PARA CIRCUITOS TERMINAIS, INSTALADO EM FORRO - FORNECIMENTO E INSTALAÇÃO. AF_03/2023","M","10,24","91834","ELETRODUTO FLEXÍVEL CORRUGADO, PVC, DN 25 MM (3/4\"), PARA CIRCUITOS TERMINAIS, INSTALADO EM FORRO - FORNECIMENTO E INSTALAÇÃO. AF_03/2023","M","10,24","91834","ELETRODUTO FLEXÍVEL CORRUGADO, PVC, DN 25 MM (3/4\"), PARA CIRCUITOS TERMINAIS, INSTALADO EM FORRO - FORNECIMENTO E INSTALAÇÃO. AF_03/2023","M","10,24","91834","ELETRODUTO FLEXÍVEL CORRUGADO, PVC, DN 25 MM (3/4\"), PARA CIRCUITOS TERMINAIS, INSTALADO EM FORRO - FORNECIMENTO E INSTALAÇÃO. AF_03/2023","M","10,24","91834","ELETRODUTO FLEXÍVEL CORRUGADO, PVC, DN 25 MM (3/4\"), PARA CIRCUITOS TERMINAIS, INSTALADO EM FORRO - FORNECIMENTO E INSTALAÇÃO. AF_03/2023","M","10,24","91834","ELETRODUTO FLEXÍVEL CORRUGADO, PVC, DN 25 MM (3/4\"), PARA CIRCUITOS TERMINAIS, INSTALADO EM FORRO - FORNECIMENTO E INSTALAÇÃO. AF_03/2023","M","10,24","91834","ELETRODUTO FLEXÍVEL CORRUGADO, PVC, DN 25 MM (3/4\"), PARA CIRCUITOS TERMINAIS, INSTALADO EM FORRO - FORNECIMENTO E INSTALAÇÃO. AF_03/2023","M","10,24","91834","ELETRODUTO FLEXÍVEL CORRUGADO, PVC, DN 25 MM (3/4\"), PARA CIRCUITOS TERMINAIS, INSTALADO EM FORRO - FORNECIMENTO E INSTALAÇÃO. AF_03/2023","M","10,24","91834","ELETRODUTO FLEXÍVEL CORRUGADO, PVC, DN 25 MM (3/4\"), PARA CIRCUITOS TERMINAIS, INSTALADO EM FORRO - FORNECIMENTO E INSTALAÇÃO. AF_03/2023","M","10,24","91834","ELETRODUTO FLEXÍVEL CORRUGADO, PVC, DN 25 MM (3/4\"), PARA CIRCUITOS TERMINAIS, INSTALADO EM FORRO - FORNECIMENTO E INSTALAÇÃO. AF_03/2023","M","10,24","91834","ELETRODUTO FLEXÍVEL CORRUGADO, PVC, DN 25 MM (3/4\"), PARA CIRCUITOS TERMINAIS, INSTALADO EM FORRO - FORNECIMENTO E INSTALAÇÃO. AF_03/2023","M","10,24","91834","ELETRODUTO FLEXÍVEL CORRUGADO, PVC, DN 25 MM (3/4\"), PARA CIRCUITOS TERMINAIS, INSTALADO EM FORRO - FORNECIMENTO E INSTALAÇÃO. AF_03/2023","M","10,24","91834","ELETRODUTO FLEXÍVEL CORRUGADO, PVC, DN 25 MM (3/4\"), PARA CIRCUITOS TERMINAIS, INSTALADO EM FORRO - FORNECIMENTO E INSTALAÇÃO. AF_03/2023","M","10,24","91834","ELETRODUTO FLEXÍVEL CORRUGADO, PVC, DN 25 MM (3/4\"), PARA CIRCUITOS TERMINAIS, INSTALADO EM FORRO - FORNECIMENTO E INSTALAÇÃO. AF_03/2023","M","10,24","91834","ELETRODUTO FLEXÍVEL CORRUGADO, PVC, DN 25 MM (3/4\"), PARA CIRCUITOS TERMINAIS, INSTALADO EM FORRO - FORNECIMENTO E INSTALAÇÃO. AF_03/2023","M","10,24","91834","ELETRODUTO FLEXÍVEL CORRUGADO, PVC, DN 25 MM (3/4\"), PARA CIRCUITOS TERMINAIS, INSTALADO EM FORRO - FORNECIMENTO E INSTALAÇÃO. AF_03/2023","M","10,24","91834","ELETRODUTO FLEXÍVEL CORRUGADO, PVC, DN 25 MM (3/4\"), PARA CIRCUITOS TERMINAIS, INSTALADO EM FORRO - FORNECIMENTO E INSTALAÇÃO. AF_03/2023","M","10,24","91834","ELETRODUTO FLEXÍVEL CORRUGADO, PVC, DN 25 MM (3/4\"), PARA CIRCUITOS TERMINAIS, INSTALADO EM FORRO - FORNECIMENTO E INSTALAÇÃO. AF_03/2023","M","10,24","91834","ELETRODUTO FLEXÍVEL CORRUGADO, PVC, DN 25 MM (3/4\"), PARA CIRCUITOS TERMINAIS, INSTALADO EM FORRO - FORNECIMENTO E INSTALAÇÃO. AF_03/2023","M","10,24","91834","ELETRODUTO FLEXÍVEL CORRUGADO, PVC, DN 25 MM (3/4\"), PARA CIRCUITOS TERMINAIS, INSTALADO EM FORRO - FORNECIMENTO E INSTALAÇÃO. AF_03/2023","M","10,24","91834","ELETRODUTO FLEXÍVEL CORRUGADO, PVC, DN 25 MM (3/4\"), PARA CIRCUITOS TERMINAIS, INSTALADO EM FORRO - FORNECIMENTO E INSTALAÇÃO. AF_03/2023","M","10,24","91834","ELETRODUTO FLEXÍVEL CORRUGADO, PVC, DN 25 MM (3/4\"), PARA CIRCUITOS TERMINAIS, INSTALADO EM FORRO - FORNECIMENTO E INSTALAÇÃO. AF_03/2023","M","10,24","91834","ELETRODUTO FLEXÍVEL CORRUGADO, PVC, DN 25 MM (3/4\"), PARA CIRCUITOS TERMINAIS, INSTALADO EM FORRO - FORNECIMENTO E INSTALAÇÃO. AF_03/2023","M","10,24","91834","ELETRODUTO FLEXÍVEL CORRUGADO, PVC, DN 25 MM (3/4\"), PARA CIRCUITOS TERMINAIS, INSTALADO EM FORRO - FORNECIMENTO E INSTALAÇÃO. AF_03/2023","M","10,24","91834","ELETRODUTO FLEXÍVEL CORRUGADO, PVC, DN 25 MM (3/4\"), PARA CIRCUITOS TERMINAIS, INSTALADO EM FORRO - FORNECIMENTO E INSTALAÇÃO. AF_03/2023","M","10,24","91834","ELETRODUTO FLEXÍVEL CORRUGADO, PVC, DN 25 MM (3/4\"), PARA CIRCUITOS TERMINAIS, INSTALADO EM FORRO - FORNECIMENTO E INSTALAÇÃO. AF_03/2023","M","10,24","91834","ELETRODUTO FLEXÍVEL CORRUGADO, PVC, DN 25 MM (3/4\"), PARA CIRCUITOS TERMINAIS, INSTALADO EM FORRO - FORNECIMENTO E INSTALAÇÃO. AF_03/2023","M","10,24","91834","ELETRODUTO FLEXÍVEL CORRUGADO, PVC, DN 25 MM (3/4\"), PARA CIRCUITOS TERMINAIS, INSTALADO EM FORRO - FORNECIMENTO E INSTALAÇÃO. AF_03/2023","M","10,24","91834","ELETRODUTO FLEXÍVEL CORRUGADO, PVC, DN 25 MM (3/4\"), PARA CIRCUITOS TERMINAIS, INSTALADO EM FORRO - FORNECIMENTO E INSTALAÇÃO. AF_03/2023","M","10,24","91834","ELETRODUTO FLEXÍVEL CORRUGADO, PVC, DN 25 MM (3/4\"), PARA CIRCUITOS TERMINAIS, INSTALADO EM FORRO - FORNECIMENTO E INSTALAÇÃO. AF_03/2023","M","10,24","91834","ELETRODUTO FLEXÍVEL CORRUGADO, PVC, DN 25 MM (3/4\"), PARA CIRCUITOS TERMINAIS, INSTALADO EM FORRO - FORNECIMENTO E INSTALAÇÃO. AF_03/2023","M","10,24","91834","ELETRODUTO FLEXÍVEL CORRUGADO, PVC, DN 25 MM (3/4\"), PARA CIRCUITOS TERMINAIS, INSTALADO EM FORRO - FORNECIMENTO E INSTALAÇÃO. AF_03/2023","M","10,24","91834","ELETRODUTO FLEXÍVEL CORRUGADO, PVC, DN 25 MM (3/4\"), PARA CIRCUITOS TERMINAIS, INSTALADO EM FORRO - FORNECIMENTO E INSTALAÇÃO. AF_03/2023","M","10,24","91834","ELETRODUTO FLEXÍVEL CORRUGADO, PVC, DN 25 MM (3/4\"), PARA CIRCUITOS TERMINAIS, INSTALADO EM FORRO - FORNECIMENTO E INSTALAÇÃO. AF_03/2023","M","10,24","91834","ELETRODUTO FLEXÍVEL CORRUGADO, PVC, DN 25 MM (3/4\"), PARA CIRCUITOS TERMINAIS, INSTALADO EM FORRO - FORNECIMENTO E INSTALAÇÃO. AF_03/2023","M","10,24","91834","ELETRODUTO FLEXÍVEL CORRUGADO, PVC, DN 25 MM (3/4\"), PARA CIRCUITOS TERMINAIS, INSTALADO EM FORRO - FORNECIMENTO E INSTALAÇÃO. AF_03/2023","M","10,24","91834","ELETRODUTO FLEXÍVEL CORRUGADO, PVC, DN 25 MM (3/4\"), PARA CIRCUITOS TERMINAIS, INSTALADO EM FORRO - FORNECIMENTO E INSTALAÇÃO. AF_03/2023","M","10,24","91834","ELETRODUTO FLEXÍVEL CORRUGADO, PVC, DN 25 MM (3/4\"), PARA CIRCUITOS TERMINAIS, INSTALADO EM FORRO - FORNECIMENTO E INSTALAÇÃO. AF_03/2023","M","10,24","91834","ELETRODUTO FLEXÍVEL CORRUGADO, PVC, DN 25 MM (3/4\"), PARA CIRCUITOS TERMINAIS, INSTALADO EM FORRO - FORNECIMENTO E INSTALAÇÃO. AF_03/2023","M","10,24","91834","ELETRODUTO FLEXÍVEL CORRUGADO, PVC, DN 25 MM (3/4\"), PARA CIRCUITOS TERMINAIS, INSTALADO EM FORRO - FORNECIMENTO E INSTALAÇÃO. AF_03/2023","M","10,24","91834","ELETRODUTO FLEXÍVEL CORRUGADO, PVC, DN 25 MM (3/4\"), PARA CIRCUITOS TERMINAIS, INSTALADO EM FORRO - FORNECIMENTO E INSTALAÇÃO. AF_03/2023","M","10,24","91834","ELETRODUTO FLEXÍVEL CORRUGADO, PVC, DN 25 MM (3/4\"), PARA CIRCUITOS TERMINAIS, INSTALADO EM FORRO - FORNECIMENTO E INSTALAÇÃO. AF_03/2023","M","10,24","91834","ELETRODUTO FLEXÍVEL CORRUGADO, PVC, DN 25 MM (3/4\"), PARA CIRCUITOS TERMINAIS, INSTALADO EM FORRO - FORNECIMENTO E INSTALAÇÃO. AF_03/2023","M","10,24","91834","ELETRODUTO FLEXÍVEL CORRUGADO, PVC, DN 25 MM (3/4\"), PARA CIRCUITOS TERMINAIS, INSTALADO EM FORRO - FORNECIMENTO E INSTALAÇÃO. AF_03/2023","M","10,24","91834","ELETRODUTO FLEXÍVEL CORRUGADO, PVC, DN 25 MM (3/4\"), PARA CIRCUITOS TERMINAIS, INSTALADO EM FORRO - FORNECIMENTO E INSTALAÇÃO. AF_03/2023","M","10,24","91834","ELETRODUTO FLEXÍVEL CORRUGADO, PVC, DN 25 MM (3/4\"), PARA CIRCUITOS TERMINAIS, INSTALADO EM FORRO - FORNECIMENTO E INSTALAÇÃO. AF_03/2023","M","10,24","91834","ELETRODUTO FLEXÍVEL CORRUGADO, PVC, DN 25 MM (3/4\"), PARA CIRCUITOS TERMINAIS, INSTALADO EM FORRO - FORNECIMENTO E INSTALAÇÃO. AF_03/2023","M","10,24","91834","ELETRODUTO FLEXÍVEL CORRUGADO, PVC, DN 25 MM (3/4\"), PARA CIRCUITOS TERMINAIS, INSTALADO EM FORRO - FORNECIMENTO E INSTALAÇÃO. AF_03/2023","M","10,24","91834","ELETRODUTO FLEXÍVEL CORRUGADO, PVC, DN 25 MM (3/4\"), PARA CIRCUITOS TERMINAIS, INSTALADO EM FORRO - FORNECIMENTO E INSTALAÇÃO. AF_03/2023","M","10,24","91834","ELETRODUTO FLEXÍVEL CORRUGADO, PVC, DN 25 MM (3/4\"), PARA CIRCUITOS TERMINAIS, INSTALADO EM FORRO - FORNECIMENTO E INSTALAÇÃO. AF_03/2023","M","10,24","91834","ELETRODUTO FLEXÍVEL CORRUGADO, PVC, DN 25 MM (3/4\"), PARA CIRCUITOS TERMINAIS, INSTALADO EM FORRO - FORNECIMENTO E INSTALAÇÃO. AF_03/2023","M","10,24","91834","ELETRODUTO FLEXÍVEL CORRUGADO, PVC, DN 25 MM (3/4\"), PARA CIRCUITOS TERMINAIS, INSTALADO EM FORRO - FORNECIMENTO E INSTALAÇÃO. AF_03/2023","M","10,24"]
[91844,"ELETRODUTO FLEXÍVEL CORRUGADO, PVC, DN 25 MM (3/4\"), PARA CIRCUITOS TERMINAIS, INSTALADO EM LAJE - FORNECIMENTO E INSTALAÇÃO. AF_03/2023","M",6.35,"91844","ELETRODUTO FLEXÍVEL CORRUGADO, PVC, DN 25 MM (3/4\"), PARA CIRCUITOS TERMINAIS, INSTALADO EM LAJE - FORNECIMENTO E INSTALAÇÃO. AF_03/2023","M","6,35","91844","ELETRODUTO FLEXÍVEL CORRUGADO, PVC, DN 25 MM (3/4\"), PARA CIRCUITOS TERMINAIS, INSTALADO EM LAJE - FORNECIMENTO E INSTALAÇÃO. AF_03/2023","M","6,35","91844","ELETRODUTO FLEXÍVEL CORRUGADO, PVC, DN 25 MM (3/4\"), PARA CIRCUITOS TERMINAIS, INSTALADO EM LAJE - FORNECIMENTO E INSTALAÇÃO. AF_03/2023","M","6,35","91844","ELETRODUTO FLEXÍVEL CORRUGADO, PVC, DN 25 MM (3/4\"), PARA CIRCUITOS TERMINAIS, INSTALADO EM LAJE - FORNECIMENTO E INSTALAÇÃO. AF_03/2023","M","6,35","91844","ELETRODUTO FLEXÍVEL CORRUGADO, PVC, DN 25 MM (3/4\"), PARA CIRCUITOS TERMINAIS, INSTALADO EM LAJE - FORNECIMENTO E INSTALAÇÃO. AF_03/2023","M","6,35","91844","ELETRODUTO FLEXÍVEL CORRUGADO, PVC, DN 25 MM (3/4\"), PARA CIRCUITOS TERMINAIS, INSTALADO EM LAJE - FORNECIMENTO E INSTALAÇÃO. AF_03/2023","M","6,35","91844","ELETRODUTO FLEXÍVEL CORRUGADO, PVC, DN 25 MM (3/4\"), PARA CIRCUITOS TERMINAIS, INSTALADO EM LAJE - FORNECIMENTO E INSTALAÇÃO. AF_03/2023","M","6,35","91844","ELETRODUTO FLEXÍVEL CORRUGADO, PVC, DN 25 MM (3/4\"), PARA CIRCUITOS TERMINAIS, INSTALADO EM LAJE - FORNECIMENTO E INSTALAÇÃO. AF_03/2023","M","6,35","91844","ELETRODUTO FLEXÍVEL CORRUGADO, PVC, DN 25 MM (3/4\"), PARA CIRCUITOS TERMINAIS, INSTALADO EM LAJE - FORNECIMENTO E INSTALAÇÃO. AF_03/2023","M","6,35","91844","ELETRODUTO FLEXÍVEL CORRUGADO, PVC, DN 25 MM (3/4\"), PARA CIRCUITOS TERMINAIS, INSTALADO EM LAJE - FORNECIMENTO E INSTALAÇÃO. AF_03/2023","M","6,35","91844","ELETRODUTO FLEXÍVEL CORRUGADO, PVC, DN 25 MM (3/4\"), PARA CIRCUITOS TERMINAIS, INSTALADO EM LAJE - FORNECIMENTO E INSTALAÇÃO. AF_03/2023","M","6,35","91844","ELETRODUTO FLEXÍVEL CORRUGADO, PVC, DN 25 MM (3/4\"), PARA CIRCUITOS TERMINAIS, INSTALADO EM LAJE - FORNECIMENTO E INSTALAÇÃO. AF_03/2023","M","6,35","91844","ELETRODUTO FLEXÍVEL CORRUGADO, PVC, DN 25 MM (3/4\"), PARA CIRCUITOS TERMINAIS, INSTALADO EM LAJE - FORNECIMENTO E INSTALAÇÃO. AF_03/2023","M","6,35","91844","ELETRODUTO FLEXÍVEL CORRUGADO, PVC, DN 25 MM (3/4\"), PARA CIRCUITOS TERMINAIS, INSTALADO EM LAJE - FORNECIMENTO E INSTALAÇÃO. AF_03/2023","M","6,35","91844","ELETRODUTO FLEXÍVEL CORRUGADO, PVC, DN 25 MM (3/4\"), PARA CIRCUITOS TERMINAIS, INSTALADO EM LAJE - FORNECIMENTO E INSTALAÇÃO. AF_03/2023","M","6,35","91844","ELETRODUTO FLEXÍVEL CORRUGADO, PVC, DN 25 MM (3/4\"), PARA CIRCUITOS TERMINAIS, INSTALADO EM LAJE - FORNECIMENTO E INSTALAÇÃO. AF_03/2023","M","6,35","91844","ELETRODUTO FLEXÍVEL CORRUGADO, PVC, DN 25 MM (3/4\"), PARA CIRCUITOS TERMINAIS, INSTALADO EM LAJE - FORNECIMENTO E INSTALAÇÃO. AF_03/2023","M","6,35","91844","ELETRODUTO FLEXÍVEL CORRUGADO, PVC, DN 25 MM (3/4\"), PARA CIRCUITOS TERMINAIS, INSTALADO EM LAJE - FORNECIMENTO E INSTALAÇÃO. AF_03/2023","M","6,35","91844","ELETRODUTO FLEXÍVEL CORRUGADO, PVC, DN 25 MM (3/4\"), PARA CIRCUITOS TERMINAIS, INSTALADO EM LAJE - FORNECIMENTO E INSTALAÇÃO. AF_03/2023","M","6,35","91844","ELETRODUTO FLEXÍVEL CORRUGADO, PVC, DN 25 MM (3/4\"), PARA CIRCUITOS TERMINAIS, INSTALADO EM LAJE - FORNECIMENTO E INSTALAÇÃO. AF_03/2023","M","6,35","91844","ELETRODUTO FLEXÍVEL CORRUGADO, PVC, DN 25 MM (3/4\"), PARA CIRCUITOS TERMINAIS, INSTALADO EM LAJE - FORNECIMENTO E INSTALAÇÃO. AF_03/2023","M","6,35","91844","ELETRODUTO FLEXÍVEL CORRUGADO, PVC, DN 25 MM (3/4\"), PARA CIRCUITOS TERMINAIS, INSTALADO EM LAJE - FORNECIMENTO E INSTALAÇÃO. AF_03/2023","M","6,35","91844","ELETRODUTO FLEXÍVEL CORRUGADO, PVC, DN 25 MM (3/4\"), PARA CIRCUITOS TERMINAIS, INSTALADO EM LAJE - FORNECIMENTO E INSTALAÇÃO. AF_03/2023","M","6,35","91844","ELETRODUTO FLEXÍVEL CORRUGADO, PVC, DN 25 MM (3/4\"), PARA CIRCUITOS TERMINAIS, INSTALADO EM LAJE - FORNECIMENTO E INSTALAÇÃO. AF_03/2023","M","6,35","91844","ELETRODUTO FLEXÍVEL CORRUGADO, PVC, DN 25 MM (3/4\"), PARA CIRCUITOS TERMINAIS, INSTALADO EM LAJE - FORNECIMENTO E INSTALAÇÃO. AF_03/2023","M","6,35","91844","ELETRODUTO FLEXÍVEL CORRUGADO, PVC, DN 25 MM (3/4\"), PARA CIRCUITOS TERMINAIS, INSTALADO EM LAJE - FORNECIMENTO E INSTALAÇÃO. AF_03/2023","M","6,35","91844","ELETRODUTO FLEXÍVEL CORRUGADO, PVC, DN 25 MM (3/4\"), PARA CIRCUITOS TERMINAIS, INSTALADO EM LAJE - FORNECIMENTO E INSTALAÇÃO. AF_03/2023","M","6,35","91844","ELETRODUTO FLEXÍVEL CORRUGADO, PVC, DN 25 MM (3/4\"), PARA CIRCUITOS TERMINAIS, INSTALADO EM LAJE - FORNECIMENTO E INSTALAÇÃO. AF_03/2023","M","6,35","91844","ELETRODUTO FLEXÍVEL CORRUGADO, PVC, DN 25 MM (3/4\"), PARA CIRCUITOS TERMINAIS, INSTALADO EM LAJE - FORNECIMENTO E INSTALAÇÃO. AF_03/2023","M","6,35","91844","ELETRODUTO FLEXÍVEL CORRUGADO, PVC, DN 25 MM (3/4\"), PARA CIRCUITOS TERMINAIS, INSTALADO EM LAJE - FORNECIMENTO E INSTALAÇÃO. AF_03/2023","M","6,35","91844","ELETRODUTO FLEXÍVEL CORRUGADO, PVC, DN 25 MM (3/4\"), PARA CIRCUITOS TERMINAIS, INSTALADO EM LAJE - FORNECIMENTO E INSTALAÇÃO. AF_03/2023","M","6,35","91844","ELETRODUTO FLEXÍVEL CORRUGADO, PVC, DN 25 MM (3/4\"), PARA CIRCUITOS TERMINAIS, INSTALADO EM LAJE - FORNECIMENTO E INSTALAÇÃO. AF_03/2023","M","6,35","91844","ELETRODUTO FLEXÍVEL CORRUGADO, PVC, DN 25 MM (3/4\"), PARA CIRCUITOS TERMINAIS, INSTALADO EM LAJE - FORNECIMENTO E INSTALAÇÃO. AF_03/2023","M","6,35","91844","ELETRODUTO FLEXÍVEL CORRUGADO, PVC, DN 25 MM (3/4\"), PARA CIRCUITOS TERMINAIS, INSTALADO EM LAJE - FORNECIMENTO E INSTALAÇÃO. AF_03/2023","M","6,35","91844","ELETRODUTO FLEXÍVEL CORRUGADO, PVC, DN 25 MM (3/4\"), PARA CIRCUITOS TERMINAIS, INSTALADO EM LAJE - FORNECIMENTO E INSTALAÇÃO. AF_03/2023","M","6,35","91844","ELETRODUTO FLEXÍVEL CORRUGADO, PVC, DN 25 MM (3/4\"), PARA CIRCUITOS TERMINAIS, INSTALADO EM LAJE - FORNECIMENTO E INSTALAÇÃO. AF_03/2023","M","6,35","91844","ELETRODUTO FLEXÍVEL CORRUGADO, PVC, DN 25 MM (3/4\"), PARA CIRCUITOS TERMINAIS, INSTALADO EM LAJE - FORNECIMENTO E INSTALAÇÃO. AF_03/2023","M","6,35","91844","ELETRODUTO FLEXÍVEL CORRUGADO, PVC, DN 25 MM (3/4\"), PARA CIRCUITOS TERMINAIS, INSTALADO EM LAJE - FORNECIMENTO E INSTALAÇÃO. AF_03/2023","M","6,35","91844","ELETRODUTO FLEXÍVEL CORRUGADO, PVC, DN 25 MM (3/4\"), PARA CIRCUITOS TERMINAIS, INSTALADO EM LAJE - FORNECIMENTO E INSTALAÇÃO. AF_03/2023","M","6,35","91844","ELETRODUTO FLEXÍVEL CORRUGADO, PVC, DN 25 MM (3/4\"), PARA CIRCUITOS TERMINAIS, INSTALADO EM LAJE - FORNECIMENTO E INSTALAÇÃO. AF_03/2023","M","6,35","91844","ELETRODUTO FLEXÍVEL CORRUGADO, PVC, DN 25 MM (3/4\"), PARA CIRCUITOS TERMINAIS, INSTALADO EM LAJE - FORNECIMENTO E INSTALAÇÃO. AF_03/2023","M","6,35","91844","ELETRODUTO FLEXÍVEL CORRUGADO, PVC, DN 25 MM (3/4\"), PARA CIRCUITOS TERMINAIS, INSTALADO EM LAJE - FORNECIMENTO E INSTALAÇÃO. AF_03/2023","M","6,35","91844","ELETRODUTO FLEXÍVEL CORRUGADO, PVC, DN 25 MM (3/4\"), PARA CIRCUITOS TERMINAIS, INSTALADO EM LAJE - FORNECIMENTO E INSTALAÇÃO. AF_03/2023","M","6,35","91844","ELETRODUTO FLEXÍVEL CORRUGADO, PVC, DN 25 MM (3/4\"), PARA CIRCUITOS TERMINAIS, INSTALADO EM LAJE - FORNECIMENTO E INSTALAÇÃO. AF_03/2023","M","6,35","91844","ELETRODUTO FLEXÍVEL CORRUGADO, PVC, DN 25 MM (3/4\"), PARA CIRCUITOS TERMINAIS, INSTALADO EM LAJE - FORNECIMENTO E INSTALAÇÃO. AF_03/2023","M","6,35","91844","ELETRODUTO FLEXÍVEL CORRUGADO, PVC, DN 25 MM (3/4\"), PARA CIRCUITOS TERMINAIS, INSTALADO EM LAJE - FORNECIMENTO E INSTALAÇÃO. AF_03/2023","M","6,35","91844","ELETRODUTO FLEXÍVEL CORRUGADO, PVC, DN 25 MM (3/4\"), PARA CIRCUITOS TERMINAIS, INSTALADO EM LAJE - FORNECIMENTO E INSTALAÇÃO. AF_03/2023","M","6,35","91844","ELETRODUTO FLEXÍVEL CORRUGADO, PVC, DN 25 MM (3/4\"), PARA CIRCUITOS TERMINAIS, INSTALADO EM LAJE - FORNECIMENTO E INSTALAÇÃO. AF_03/2023","M","6,35","91844","ELETRODUTO FLEXÍVEL CORRUGADO, PVC, DN 25 MM (3/4\"), PARA CIRCUITOS TERMINAIS, INSTALADO EM LAJE - FORNECIMENTO E INSTALAÇÃO. AF_03/2023","M","6,35","91844","ELETRODUTO FLEXÍVEL CORRUGADO, PVC, DN 25 MM (3/4\"), PARA CIRCUITOS TERMINAIS, INSTALADO EM LAJE - FORNECIMENTO E INSTALAÇÃO. AF_03/2023","M","6,35","91844","ELETRODUTO FLEXÍVEL CORRUGADO, PVC, DN 25 MM (3/4\"), PARA CIRCUITOS TERMINAIS, INSTALADO EM LAJE - FORNECIMENTO E INSTALAÇÃO. AF_03/2023","M","6,35","91844","ELETRODUTO FLEXÍVEL CORRUGADO, PVC, DN 25 MM (3/4\"), PARA CIRCUITOS TERMINAIS, INSTALADO EM LAJE - FORNECIMENTO E INSTALAÇÃO. AF_03/2023","M","6,35","91844","ELETRODUTO FLEXÍVEL CORRUGADO, PVC, DN 25 MM (3/4\"), PARA CIRCUITOS TERMINAIS, INSTALADO EM LAJE - FORNECIMENTO E INSTALAÇÃO. AF_03/2023","M","6,35","91844","ELETRODUTO FLEXÍVEL CORRUGADO, PVC, DN 25 MM (3/4\"), PARA CIRCUITOS TERMINAIS, INSTALADO EM LAJE - FORNECIMENTO E INSTALAÇÃO. AF_03/2023","M","6,35","91844","ELETRODUTO FLEXÍVEL CORRUGADO, PVC, DN 25 MM (3/4\"), PARA CIRCUITOS TERMINAIS, INSTALADO EM LAJE - FORNECIMENTO E INSTALAÇÃO. AF_03/2023","M","6,35","91844","ELETRODUTO FLEXÍVEL CORRUGADO, PVC, DN 25 MM (3/4\"), PARA CIRCUITOS TERMINAIS, INSTALADO EM LAJE - FORNECIMENTO E INSTALAÇÃO. AF_03/2023","M","6,35","91844","ELETRODUTO FLEXÍVEL CORRUGADO, PVC, DN 25 MM (3/4\"), PARA CIRCUITOS TERMINAIS, INSTALADO EM LAJE - FORNECIMENTO E INSTALAÇÃO. AF_03/2023","M","6,35","91844","ELETRODUTO FLEXÍVEL CORRUGADO, PVC, DN 25 MM (3/4\"), PARA CIRCUITOS TERMINAIS, INSTALADO EM LAJE - FORNECIMENTO E INSTALAÇÃO. AF_03/2023","M","6,35","91844","ELETRODUTO FLEXÍVEL CORRUGADO, PVC, DN 25 MM (3/4\"), PARA CIRCUITOS TERMINAIS, INSTALADO EM LAJE - FORNECIMENTO E INSTALAÇÃO. AF_03/2023","M","6,35","91844","ELETRODUTO FLEXÍVEL CORRUGADO, PVC, DN 25 MM (3/4\"), PARA CIRCUITOS TERMINAIS, INSTALADO EM LAJE - FORNECIMENTO E INSTALAÇÃO. AF_03/2023","M","6,35","91844","ELETRODUTO FLEXÍVEL CORRUGADO, PVC, DN 25 MM (3/4\"), PARA CIRCUITOS TERMINAIS, INSTALADO EM LAJE - FORNECIMENTO E INSTALAÇÃO. AF_03/2023","M","6,35","91844","ELETRODUTO FLEXÍVEL CORRUGADO, PVC, DN 25 MM (3/4\"), PARA CIRCUITOS TERMINAIS, INSTALADO EM LAJE - FORNECIMENTO E INSTALAÇÃO. AF_03/2023","M","6,35","91844","ELETRODUTO FLEXÍVEL CORRUGADO, PVC, DN 25 MM (3/4\"), PARA CIRCUITOS TERMINAIS, INSTALADO EM LAJE - FORNECIMENTO E INSTALAÇÃO. AF_03/2023","M","6,35"]
[91882,"LUVA PARA ELETRODUTO, PVC, ROSCÁVEL, DN 20 MM (1/2\"), PARA CIRCUITOS TERMINAIS, INSTALADA EM PAREDE - FORNECIMENTO E INSTALAÇÃO. AF_03/2023","UN",9.02,"91882","LUVA PARA ELETRODUTO, PVC, ROSCÁVEL, DN 20 MM (1/2\"), PARA CIRCUITOS TERMINAIS, INSTALADA EM PAREDE - FORNECIMENTO E INSTALAÇÃO. AF_03/2023","UN","9,02","91882","LUVA PARA ELETRODUTO, PVC, ROSCÁVEL, DN 20 MM (1/2\"), PARA CIRCUITOS TERMINAIS, INSTALADA EM PAREDE - FORNECIMENTO E INSTALAÇÃO. AF_03/2023","UN","9,02","91882","LUVA PARA ELETRODUTO, PVC, ROSCÁVEL, DN 20 MM (1/2\"), PARA CIRCUITOS TERMINAIS, INSTALADA EM PAREDE - FORNECIMENTO E INSTALAÇÃO. AF_03/2023","UN","9,02","91882","LUVA PARA ELETRODUTO, PVC, ROSCÁVEL, DN 20 MM (1/2\"), PARA CIRCUITOS TERMINAIS, INSTALADA EM PAREDE - FORNECIMENTO E INSTALAÇÃO. AF_03/2023","UN","9,02","91882","LUVA PARA ELETRODUTO, PVC, ROSCÁVEL, DN 20 MM (1/2\"), PARA CIRCUITOS TERMINAIS, INSTALADA EM PAREDE - FORNECIMENTO E INSTALAÇÃO. AF_03/2023","UN","9,02","91882","LUVA PARA ELETRODUTO, PVC, ROSCÁVEL, DN 20 MM (1/2\"), PARA CIRCUITOS TERMINAIS, INSTALADA EM PAREDE - FORNECIMENTO E INSTALAÇÃO. AF_03/2023","UN","9,02","91882","LUVA PARA ELETRODUTO, PVC, ROSCÁVEL, DN 20 MM (1/2\"), PARA CIRCUITOS TERMINAIS, INSTALADA EM PAREDE - FORNECIMENTO E INSTALAÇÃO. AF_03/2023","UN","9,02","91882","LUVA PARA ELETRODUTO, PVC, ROSCÁVEL, DN 20 MM (1/2\"), PARA CIRCUITOS TERMINAIS, INSTALADA EM PAREDE - FORNECIMENTO E INSTALAÇÃO. AF_03/2023","UN","9,02","91882","LUVA PARA ELETRODUTO, PVC, ROSCÁVEL, DN 20 MM (1/2\"), PARA CIRCUITOS TERMINAIS, INSTALADA EM PAREDE - FORNECIMENTO E INSTALAÇÃO. AF_03/2023","UN","9,02","91882","LUVA PARA ELETRODUTO, PVC, ROSCÁVEL, DN 20 MM (1/2\"), PARA CIRCUITOS TERMINAIS, INSTALADA EM PAREDE - FORNECIMENTO E INSTALAÇÃO. AF_03/2023","UN","9,02","91882","LUVA PARA ELETRODUTO, PVC, ROSCÁVEL, DN 20 MM (1/2\"), PARA CIRCUITOS TERMINAIS, INSTALADA EM PAREDE - FORNECIMENTO E INSTALAÇÃO. AF_03/2023","UN","9,02","91882","LUVA PARA ELETRODUTO, PVC, ROSCÁVEL, DN 20 MM (1/2\"), PARA CIRCUITOS TERMINAIS, INSTALADA EM PAREDE - FORNECIMENTO E INSTALAÇÃO. AF_03/2023","UN","9,02","91882","LUVA PARA ELETRODUTO, PVC, ROSCÁVEL, DN 20 MM (1/2\"), PARA CIRCUITOS TERMINAIS, INSTALADA EM PAREDE - FORNECIMENTO E INSTALAÇÃO. AF_03/2023","UN","9,02","91882","LUVA PARA ELETRODUTO, PVC, ROSCÁVEL, DN 20 MM (1/2\"), PARA CIRCUITOS TERMINAIS, INSTALADA EM PAREDE - FORNECIMENTO E INSTALAÇÃO. AF_03/2023","UN","9,02","91882","LUVA PARA ELETRODUTO, PVC, ROSCÁVEL, DN 20 MM (1/2\"), PARA CIRCUITOS TERMINAIS, INSTALADA EM PAREDE - FORNECIMENTO E INSTALAÇÃO. AF_03/2023","UN","9,02","91882","LUVA PARA ELETRODUTO, PVC, ROSCÁVEL, DN 20 MM (1/2\"), PARA CIRCUITOS TERMINAIS, INSTALADA EM PAREDE - FORNECIMENTO E INSTALAÇÃO. AF_03/2023","UN","9,02","91882","LUVA PARA ELETRODUTO, PVC, ROSCÁVEL, DN 20 MM (1/2\"), PARA CIRCUITOS TERMINAIS, INSTALADA EM PAREDE - FORNECIMENTO E INSTALAÇÃO. AF_03/2023","UN","9,02","91882","LUVA PARA ELETRODUTO, PVC, ROSCÁVEL, DN 20 MM (1/2\"), PARA CIRCUITOS TERMINAIS, INSTALADA EM PAREDE - FORNECIMENTO E INSTALAÇÃO. AF_03/2023","UN","9,02","91882","LUVA PARA ELETRODUTO, PVC, ROSCÁVEL, DN 20 MM (1/2\"), PARA CIRCUITOS TERMINAIS, INSTALADA EM PAREDE - FORNECIMENTO E INSTALAÇÃO. AF_03/2023","UN","9,02","91882","LUVA PARA ELETRODUTO, PVC, ROSCÁVEL, DN 20 MM (1/2\"), PARA CIRCUITOS TERMINAIS, INSTALADA EM PAREDE - FORNECIMENTO E INSTALAÇÃO. AF_03/2023","UN","9,02","91882","LUVA PARA ELETRODUTO, PVC, ROSCÁVEL, DN 20 MM (1/2\"), PARA CIRCUITOS TERMINAIS, INSTALADA EM PAREDE - FORNECIMENTO E INSTALAÇÃO. AF_03/2023","UN","9,02","91882","LUVA PARA ELETRODUTO, PVC, ROSCÁVEL, DN 20 MM (1/2\"), PARA CIRCUITOS TERMINAIS, INSTALADA EM PAREDE - FORNECIMENTO E INSTALAÇÃO. AF_03/2023","UN","9,02","91882","LUVA PARA ELETRODUTO, PVC, ROSCÁVEL, DN 20 MM (1/2\"), PARA CIRCUITOS TERMINAIS, INSTALADA EM PAREDE - FORNECIMENTO E INSTALAÇÃO. AF_03/2023","UN","9,02","91882","LUVA PARA ELETRODUTO, PVC, ROSCÁVEL, DN 20 MM (1/2\"), PARA CIRCUITOS TERMINAIS, INSTALADA EM PAREDE - FORNECIMENTO E INSTALAÇÃO. AF_03/2023","UN","9,02","91882","LUVA PARA ELETRODUTO, PVC, ROSCÁVEL, DN 20 MM (1/2\"), PARA CIRCUITOS TERMINAIS, INSTALADA EM PAREDE - FORNECIMENTO E INSTALAÇÃO. AF_03/2023","UN","9,02","91882","LUVA PARA ELETRODUTO, PVC, ROSCÁVEL, DN 20 MM (1/2\"), PARA CIRCUITOS TERMINAIS, INSTALADA EM PAREDE - FORNECIMENTO E INSTALAÇÃO. AF_03/2023","UN","9,02","91882","LUVA PARA ELETRODUTO, PVC, ROSCÁVEL, DN 20 MM (1/2\"), PARA CIRCUITOS TERMINAIS, INSTALADA EM PAREDE - FORNECIMENTO E INSTALAÇÃO. AF_03/2023","UN","9,02","91882","LUVA PARA ELETRODUTO, PVC, ROSCÁVEL, DN 20 MM (1/2\"), PARA CIRCUITOS TERMINAIS, INSTALADA EM PAREDE - FORNECIMENTO E INSTALAÇÃO. AF_03/2023","UN","9,02","91882","LUVA PARA ELETRODUTO, PVC, ROSCÁVEL, DN 20 MM (1/2\"), PARA CIRCUITOS TERMINAIS, INSTALADA EM PAREDE - FORNECIMENTO E INSTALAÇÃO. AF_03/2023","UN","9,02","91882","LUVA PARA ELETRODUTO, PVC, ROSCÁVEL, DN 20 MM (1/2\"), PARA CIRCUITOS TERMINAIS, INSTALADA EM PAREDE - FORNECIMENTO E INSTALAÇÃO. AF_03/2023","UN","9,02","91882","LUVA PARA ELETRODUTO, PVC, ROSCÁVEL, DN 20 MM (1/2\"), PARA CIRCUITOS TERMINAIS, INSTALADA EM PAREDE - FORNECIMENTO E INSTALAÇÃO. AF_03/2023","UN","9,02","91882","LUVA PARA ELETRODUTO, PVC, ROSCÁVEL, DN 20 MM (1/2\"), PARA CIRCUITOS TERMINAIS, INSTALADA EM PAREDE - FORNECIMENTO E INSTALAÇÃO. AF_03/2023","UN","9,02","91882","LUVA PARA ELETRODUTO, PVC, ROSCÁVEL, DN 20 MM (1/2\"), PARA CIRCUITOS TERMINAIS, INSTALADA EM PAREDE - FORNECIMENTO E INSTALAÇÃO. AF_03/2023","UN","9,02","91882","LUVA PARA ELETRODUTO, PVC, ROSCÁVEL, DN 20 MM (1/2\"), PARA CIRCUITOS TERMINAIS, INSTALADA EM PAREDE - FORNECIMENTO E INSTALAÇÃO. AF_03/2023","UN","9,02","91882","LUVA PARA ELETRODUTO, PVC, ROSCÁVEL, DN 20 MM (1/2\"), PARA CIRCUITOS TERMINAIS, INSTALADA EM PAREDE - FORNECIMENTO E INSTALAÇÃO. AF_03/2023","UN","9,02","91882","LUVA PARA ELETRODUTO, PVC, ROSCÁVEL, DN 20 MM (1/2\"), PARA CIRCUITOS TERMINAIS, INSTALADA EM PAREDE - FORNECIMENTO E INSTALAÇÃO. AF_03/2023","UN","9,02","91882","LUVA PARA ELETRODUTO, PVC, ROSCÁVEL, DN 20 MM (1/2\"), PARA CIRCUITOS TERMINAIS, INSTALADA EM PAREDE - FORNECIMENTO E INSTALAÇÃO. AF_03/2023","UN","9,02","91882","LUVA PARA ELETRODUTO, PVC, ROSCÁVEL, DN 20 MM (1/2\"), PARA CIRCUITOS TERMINAIS, INSTALADA EM PAREDE - FORNECIMENTO E INSTALAÇÃO. AF_03/2023","UN","9,02","91882","LUVA PARA ELETRODUTO, PVC, ROSCÁVEL, DN 20 MM (1/2\"), PARA CIRCUITOS TERMINAIS, INSTALADA EM PAREDE - FORNECIMENTO E INSTALAÇÃO. AF_03/2023","UN","9,02","91882","LUVA PARA ELETRODUTO, PVC, ROSCÁVEL, DN 20 MM (1/2\"), PARA CIRCUITOS TERMINAIS, INSTALADA EM PAREDE - FORNECIMENTO E INSTALAÇÃO. AF_03/2023","UN","9,02","91882","LUVA PARA ELETRODUTO, PVC, ROSCÁVEL, DN 20 MM (1/2\"), PARA CIRCUITOS TERMINAIS, INSTALADA EM PAREDE - FORNECIMENTO E INSTALAÇÃO. AF_03/2023","UN","9,02","91882","LUVA PARA ELETRODUTO, PVC, ROSCÁVEL, DN 20 MM (1/2\"), PARA CIRCUITOS TERMINAIS, INSTALADA EM PAREDE - FORNECIMENTO E INSTALAÇÃO. AF_03/2023","UN","9,02","91882","LUVA PARA ELETRODUTO, PVC, ROSCÁVEL, DN 20 MM (1/2\"), PARA CIRCUITOS TERMINAIS, INSTALADA EM PAREDE - FORNECIMENTO E INSTALAÇÃO. AF_03/2023","UN","9,02","91882","LUVA PARA ELETRODUTO, PVC, ROSCÁVEL, DN 20 MM (1/2\"), PARA CIRCUITOS TERMINAIS, INSTALADA EM PAREDE - FORNECIMENTO E INSTALAÇÃO. AF_03/2023","UN","9,02","91882","LUVA PARA ELETRODUTO, PVC, ROSCÁVEL, DN 20 MM (1/2\"), PARA CIRCUITOS TERMINAIS, INSTALADA EM PAREDE - FORNECIMENTO E INSTALAÇÃO. AF_03/2023","UN","9,02","91882","LUVA PARA ELETRODUTO, PVC, ROSCÁVEL, DN 20 MM (1/2\"), PARA CIRCUITOS TERMINAIS, INSTALADA EM PAREDE - FORNECIMENTO E INSTALAÇÃO. AF_03/2023","UN","9,02","91882","LUVA PARA ELETRODUTO, PVC, ROSCÁVEL, DN 20 MM (1/2\"), PARA CIRCUITOS TERMINAIS, INSTALADA EM PAREDE - FORNECIMENTO E INSTALAÇÃO. AF_03/2023","UN","9,02","91882","LUVA PARA ELETRODUTO, PVC, ROSCÁVEL, DN 20 MM (1/2\"), PARA CIRCUITOS TERMINAIS, INSTALADA EM PAREDE - FORNECIMENTO E INSTALAÇÃO. AF_03/2023","UN","9,02","91882","LUVA PARA ELETRODUTO, PVC, ROSCÁVEL, DN 20 MM (1/2\"), PARA CIRCUITOS TERMINAIS, INSTALADA EM PAREDE - FORNECIMENTO E INSTALAÇÃO. AF_03/2023","UN","9,02","91882","LUVA PARA ELETRODUTO, PVC, ROSCÁVEL, DN 20 MM (1/2\"), PARA CIRCUITOS TERMINAIS, INSTALADA EM PAREDE - FORNECIMENTO E INSTALAÇÃO. AF_03/2023","UN","9,02","91882","LUVA PARA ELETRODUTO, PVC, ROSCÁVEL, DN 20 MM (1/2\"), PARA CIRCUITOS TERMINAIS, INSTALADA EM PAREDE - FORNECIMENTO E INSTALAÇÃO. AF_03/2023","UN","9,02","91882","LUVA PARA ELETRODUTO, PVC, ROSCÁVEL, DN 20 MM (1/2\"), PARA CIRCUITOS TERMINAIS, INSTALADA EM PAREDE - FORNECIMENTO E INSTALAÇÃO. AF_03/2023","UN","9,02","91882","LUVA PARA ELETRODUTO, PVC, ROSCÁVEL, DN 20 MM (1/2\"), PARA CIRCUITOS TERMINAIS, INSTALADA EM PAREDE - FORNECIMENTO E INSTALAÇÃO. AF_03/2023","UN","9,02","91882","LUVA PARA ELETRODUTO, PVC, ROSCÁVEL, DN 20 MM (1/2\"), PARA CIRCUITOS TERMINAIS, INSTALADA EM PAREDE - FORNECIMENTO E INSTALAÇÃO. AF_03/2023","UN","9,02","91882","LUVA PARA ELETRODUTO, PVC, ROSCÁVEL, DN 20 MM (1/2\"), PARA CIRCUITOS TERMINAIS, INSTALADA EM PAREDE - FORNECIMENTO E INSTALAÇÃO. AF_03/2023","UN","9,02","91882","LUVA PARA ELETRODUTO, PVC, ROSCÁVEL, DN 20 MM (1/2\"), PARA CIRCUITOS TERMINAIS, INSTALADA EM PAREDE - FORNECIMENTO E INSTALAÇÃO. AF_03/2023","UN","9,02","91882","LUVA PARA ELETRODUTO, PVC, ROSCÁVEL, DN 20 MM (1/2\"), PARA CIRCUITOS TERMINAIS, INSTALADA EM PAREDE - FORNECIMENTO E INSTALAÇÃO. AF_03/2023","UN","9,02","91882","LUVA PARA ELETRODUTO, PVC, ROSCÁVEL, DN 20 MM (1/2\"), PARA CIRCUITOS TERMINAIS, INSTALADA EM PAREDE - FORNECIMENTO E INSTALAÇÃO. AF_03/2023","UN","9,02","91882","LUVA PARA ELETRODUTO, PVC, ROSCÁVEL, DN 20 MM (1/2\"), PARA CIRCUITOS TERMINAIS, INSTALADA EM PAREDE - FORNECIMENTO E INSTALAÇÃO. AF_03/2023","UN","9,02","91882","LUVA PARA ELETRODUTO, PVC, ROSCÁVEL, DN 20 MM (1/2\"), PARA CIRCUITOS TERMINAIS, INSTALADA EM PAREDE - FORNECIMENTO E INSTALAÇÃO. AF_03/2023","UN","9,02","91882","LUVA PARA ELETRODUTO, PVC, ROSCÁVEL, DN 20 MM (1/2\"), PARA CIRCUITOS TERMINAIS, INSTALADA EM PAREDE - FORNECIMENTO E INSTALAÇÃO. AF_03/2023","UN","9,02","91882","LUVA PARA ELETRODUTO, PVC, ROSCÁVEL, DN 20 MM (1/2\"), PARA CIRCUITOS TERMINAIS, INSTALADA EM PAREDE - FORNECIMENTO E INSTALAÇÃO. AF_03/2023","UN","9,02","91882","LUVA PARA ELETRODUTO, PVC, ROSCÁVEL, DN 20 MM (1/2\"), PARA CIRCUITOS TERMINAIS, INSTALADA EM PAREDE - FORNECIMENTO E INSTALAÇÃO. AF_03/2023","UN","9,02"]
[92866,"CAIXA SEXTAVADA 3\" X 3\", METÁLICA, INSTALADA EM LAJE - FORNECIMENTO E INSTALAÇÃO. AF_03/2023","UN",11.74,"92866","CAIXA SEXTAVADA 3\" X 3\", METÁLICA, INSTALADA EM LAJE - FORNECIMENTO E INSTALAÇÃO. AF_03/2023","UN","11,74","92866","CAIXA SEXTAVADA 3\" X 3\", METÁLICA, INSTALADA EM LAJE - FORNECIMENTO E INSTALAÇÃO. AF_03/2023","UN","11,74","92866","CAIXA SEXTAVADA 3\" X 3\", METÁLICA, INSTALADA EM LAJE - FORNECIMENTO E INSTALAÇÃO. AF_03/2023","UN","11,74","92866","CAIXA SEXTAVADA 3\" X 3\", METÁLICA, INSTALADA EM LAJE - FORNECIMENTO E INSTALAÇÃO. AF_03/2023","UN","11,74","92866","CAIXA SEXTAVADA 3\" X 3\", METÁLICA, INSTALADA EM LAJE - FORNECIMENTO E INSTALAÇÃO. AF_03/2023","UN","11,74","92866","CAIXA SEXTAVADA 3\" X 3\", METÁLICA, INSTALADA EM LAJE - FORNECIMENTO E INSTALAÇÃO. AF_03/2023","UN","11,74","92866","CAIXA SEXTAVADA 3\" X 3\", METÁLICA, INSTALADA EM LAJE - FORNECIMENTO E INSTALAÇÃO. AF_03/2023","UN","11,74","92866","CAIXA SEXTAVADA 3\" X 3\", METÁLICA, INSTALADA EM LAJE - FORNECIMENTO E INSTALAÇÃO. AF_03/2023","UN","11,74","92866","CAIXA SEXTAVADA 3\" X 3\", METÁLICA, INSTALADA EM LAJE - FORNECIMENTO E INSTALAÇÃO. AF_03/2023","UN","11,74","92866","CAIXA SEXTAVADA 3\" X 3\", METÁLICA, INSTALADA EM LAJE - FORNECIMENTO E INSTALAÇÃO. AF_03/2023","UN","11,74","92866","CAIXA SEXTAVADA 3\" X 3\", METÁLICA, INSTALADA EM LAJE - FORNECIMENTO E INSTALAÇÃO. AF_03/2023","UN","11,74","92866","CAIXA SEXTAVADA 3\" X 3\", METÁLICA, INSTALADA EM LAJE - FORNECIMENTO E INSTALAÇÃO. AF_03/2023","UN","11,74","92866","CAIXA SEXTAVADA 3\" X 3\", METÁLICA, INSTALADA EM LAJE - FORNECIMENTO E INSTALAÇÃO. AF_03/2023","UN","11,74","92866","CAIXA SEXTAVADA 3\" X 3\", METÁLICA, INSTALADA EM LAJE - FORNECIMENTO E INSTALAÇÃO. AF_03/2023","UN","11,74","92866","CAIXA SEXTAVADA 3\" X 3\", METÁLICA, INSTALADA EM LAJE - FORNECIMENTO E INSTALAÇÃO. AF_03/2023","UN","11,74","92866","CAIXA SEXTAVADA 3\" X 3\", METÁLICA, INSTALADA EM LAJE - FORNECIMENTO E INSTALAÇÃO. AF_03/2023","UN","11,74","92866","CAIXA SEXTAVADA 3\" X 3\", METÁLICA, INSTALADA EM LAJE - FORNECIMENTO E INSTALAÇÃO. AF_03/2023","UN","11,74","92866","CAIXA SEXTAVADA 3\" X 3\", METÁLICA, INSTALADA EM LAJE - FORNECIMENTO E INSTALAÇÃO. AF_03/2023","UN","11,74","92866","CAIXA SEXTAVADA 3\" X 3\", METÁLICA, INSTALADA EM LAJE - FORNECIMENTO E INSTALAÇÃO. AF_03/2023","UN","11,74","92866","CAIXA SEXTAVADA 3\" X 3\", METÁLICA, INSTALADA EM LAJE - FORNECIMENTO E INSTALAÇÃO. AF_03/2023","UN","11,74","92866","CAIXA SEXTAVADA 3\" X 3\", METÁLICA, INSTALADA EM LAJE - FORNECIMENTO E INSTALAÇÃO. AF_03/2023","UN","11,74","92866","CAIXA SEXTAVADA 3\" X 3\", METÁLICA, INSTALADA EM LAJE - FORNECIMENTO E INSTALAÇÃO. AF_03/2023","UN","11,74","92866","CAIXA SEXTAVADA 3\" X 3\", METÁLICA, INSTALADA EM LAJE - FORNECIMENTO E INSTALAÇÃO. AF_03/2023","UN","11,74","92866","CAIXA SEXTAVADA 3\" X 3\", METÁLICA, INSTALADA EM LAJE - FORNECIMENTO E INSTALAÇÃO. AF_03/2023","UN","11,74","92866","CAIXA SEXTAVADA 3\" X 3\", METÁLICA, INSTALADA EM LAJE - FORNECIMENTO E INSTALAÇÃO. AF_03/2023","UN","11,74","92866","CAIXA SEXTAVADA 3\" X 3\", METÁLICA, INSTALADA EM LAJE - FORNECIMENTO E INSTALAÇÃO. AF_03/2023","UN","11,74","92866","CAIXA SEXTAVADA 3\" X 3\", METÁLICA, INSTALADA EM LAJE - FORNECIMENTO E INSTALAÇÃO. AF_03/2023","UN","11,74","92866","CAIXA SEXTAVADA 3\" X 3\", METÁLICA, INSTALADA EM LAJE - FORNECIMENTO E INSTALAÇÃO. AF_03/2023","UN","11,74","92866","CAIXA SEXTAVADA 3\" X 3\", METÁLICA, INSTALADA EM LAJE - FORNECIMENTO E INSTALAÇÃO. AF_03/2023","UN","11,74","92866","CAIXA SEXTAVADA 3\" X 3\", METÁLICA, INSTALADA EM LAJE - FORNECIMENTO E INSTALAÇÃO. AF_03/2023","UN","11,74","92866","CAIXA SEXTAVADA 3\" X 3\", METÁLICA, INSTALADA EM LAJE - FORNECIMENTO E INSTALAÇÃO. AF_03/2023","UN","11,74","92866","CAIXA SEXTAVADA 3\" X 3\", METÁLICA, INSTALADA EM LAJE - FORNECIMENTO E INSTALAÇÃO. AF_03/2023","UN","11,74","92866","CAIXA SEXTAVADA 3\" X 3\", METÁLICA, INSTALADA EM LAJE - FORNECIMENTO E INSTALAÇÃO. AF_03/2023","UN","11,74","92866","CAIXA SEXTAVADA 3\" X 3\", METÁLICA, INSTALADA EM LAJE - FORNECIMENTO E INSTALAÇÃO. AF_03/2023","UN","11,74","92866","CAIXA SEXTAVADA 3\" X 3\", METÁLICA, INSTALADA EM LAJE - FORNECIMENTO E INSTALAÇÃO. AF_03/2023","UN","11,74","92866","CAIXA SEXTAVADA 3\" X 3\", METÁLICA, INSTALADA EM LAJE - FORNECIMENTO E INSTALAÇÃO. AF_03/2023","UN","11,74","92866","CAIXA SEXTAVADA 3\" X 3\", METÁLICA, INSTALADA EM LAJE - FORNECIMENTO E INSTALAÇÃO. AF_03/2023","UN","11,74","92866","CAIXA SEXTAVADA 3\" X 3\", METÁLICA, INSTALADA EM LAJE - FORNECIMENTO E INSTALAÇÃO. AF_03/2023","UN","11,74","92866","CAIXA SEXTAVADA 3\" X 3\", METÁLICA, INSTALADA EM LAJE - FORNECIMENTO E INSTALAÇÃO. AF_03/2023","UN","11,74","92866","CAIXA SEXTAVADA 3\" X 3\", METÁLICA, INSTALADA EM LAJE - FORNECIMENTO E INSTALAÇÃO. AF_03/2023","UN","11,74","92866","CAIXA SEXTAVADA 3\" X 3\", METÁLICA, INSTALADA EM LAJE - FORNECIMENTO E INSTALAÇÃO. AF_03/2023","UN","11,74","92866","CAIXA SEXTAVADA 3\" X 3\", METÁLICA, INSTALADA EM LAJE - FORNECIMENTO E INSTALAÇÃO. AF_03/2023","UN","11,74","92866","CAIXA SEXTAVADA 3\" X 3\", METÁLICA, INSTALADA EM LAJE - FORNECIMENTO E INSTALAÇÃO. AF_03/2023","UN","11,74","92866","CAIXA SEXTAVADA 3\" X 3\", METÁLICA, INSTALADA EM LAJE - FORNECIMENTO E INSTALAÇÃO. AF_03/2023","UN","11,74","92866","CAIXA SEXTAVADA 3\" X 3\", METÁLICA, INSTALADA EM LAJE - FORNECIMENTO E INSTALAÇÃO. AF_03/2023","UN","11,74","92866","CAIXA SEXTAVADA 3\" X 3\", METÁLICA, INSTALADA EM LAJE - FORNECIMENTO E INSTALAÇÃO. AF_03/2023","UN","11,74","92866","CAIXA SEXTAVADA 3\" X 3\", METÁLICA, INSTALADA EM LAJE - FORNECIMENTO E INSTALAÇÃO. AF_03/2023","UN","11,74","92866","CAIXA SEXTAVADA 3\" X 3\", METÁLICA, INSTALADA EM LAJE - FORNECIMENTO E INSTALAÇÃO. AF_03/2023","UN","11,74","92866","CAIXA SEXTAVADA 3\" X 3\", METÁLICA, INSTALADA EM LAJE - FORNECIMENTO E INSTALAÇÃO. AF_03/2023","UN","11,74","92866","CAIXA SEXTAVADA 3\" X 3\", METÁLICA, INSTALADA EM LAJE - FORNECIMENTO E INSTALAÇÃO. AF_03/2023","UN","11,74","92866","CAIXA SEXTAVADA 3\" X 3\", METÁLICA, INSTALADA EM LAJE - FORNECIMENTO E INSTALAÇÃO. AF_03/2023","UN","11,74","92866","CAIXA SEXTAVADA 3\" X 3\", METÁLICA, INSTALADA EM LAJE - FORNECIMENTO E INSTALAÇÃO. AF_03/2023","UN","11,74","92866","CAIXA SEXTAVADA 3\" X 3\", METÁLICA, INSTALADA EM LAJE - FORNECIMENTO E INSTALAÇÃO. AF_03/2023","UN","11,74","92866","CAIXA SEXTAVADA 3\" X 3\", METÁLICA, INSTALADA EM LAJE - FORNECIMENTO E INSTALAÇÃO. AF_03/2023","UN","11,74","92866","CAIXA SEXTAVADA 3\" X 3\", METÁLICA, INSTALADA EM LAJE - FORNECIMENTO E INSTALAÇÃO. AF_03/2023","UN","11,74","92866","CAIXA SEXTAVADA 3\" X 3\", METÁLICA, INSTALADA EM LAJE - FORNECIMENTO E INSTALAÇÃO. AF_03/2023","UN","11,74","92866","CAIXA SEXTAVADA 3\" X 3\", METÁLICA, INSTALADA EM LAJE - FORNECIMENTO E INSTALAÇÃO. AF_03/2023","UN","11,74","92866","CAIXA SEXTAVADA 3\" X 3\", METÁLICA, INSTALADA EM LAJE - FORNECIMENTO E INSTALAÇÃO. AF_03/2023","UN","11,74","92866","CAIXA SEXTAVADA 3\" X 3\", METÁLICA, INSTALADA EM LAJE - FORNECIMENTO E INSTALAÇÃO. AF_03/2023","UN","11,74","92866","CAIXA SEXTAVADA 3\" X 3\", METÁLICA, INSTALADA EM LAJE - FORNECIMENTO E INSTALAÇÃO. AF_03/2023","UN","11,74","92866","CAIXA SEXTAVADA 3\" X 3\", METÁLICA, INSTALADA EM LAJE - FORNECIMENTO E INSTALAÇÃO. AF_03/2023","UN","11,74","92866","CAIXA SEXTAVADA 3\" X 3\", METÁLICA, INSTALADA EM LAJE - FORNECIMENTO E INSTALAÇÃO. AF_03/2023","UN","11,74","92866","CAIXA SEXTAVADA 3\" X 3\", METÁLICA, INSTALADA EM LAJE - FORNECIMENTO E INSTALAÇÃO. AF_03/2023","UN","11,74"]
[95785,"CONDULETE DE ALUMÍNIO, TIPO E, PARA ELETRODUTO DE AÇO GALVANIZADO DN 32 MM (1 1/4''), APARENTE - FORNECIMENTO E INSTALAÇÃO. AF_10/2022","UN",38.61,"95785","CONDULETE DE ALUMÍNIO, TIPO E, PARA ELETRODUTO DE AÇO GALVANIZADO DN 32 MM (1 1/4''), APARENTE - FORNECIMENTO E INSTALAÇÃO. AF_10/2022","UN","38,61","95785","CONDULETE DE ALUMÍNIO, TIPO E, PARA ELETRODUTO DE AÇO GALVANIZADO DN 32 MM (1 1/4''), APARENTE - FORNECIMENTO E INSTALAÇÃO. AF_10/2022","UN","38,61","95785","CONDULETE DE ALUMÍNIO, TIPO E, PARA ELETRODUTO DE AÇO GALVANIZADO DN 32 MM (1 1/4''), APARENTE - FORNECIMENTO E INSTALAÇÃO. AF_10/2022","UN","38,61","95785","CONDULETE DE ALUMÍNIO, TIPO E, PARA ELETRODUTO DE AÇO GALVANIZADO DN 32 MM (1 1/4''), APARENTE - FORNECIMENTO E INSTALAÇÃO. AF_10/2022","UN","38,61","95785","CONDULETE DE ALUMÍNIO, TIPO E, PARA ELETRODUTO DE AÇO GALVANIZADO DN 32 MM (1 1/4''), APARENTE - FORNECIMENTO E INSTALAÇÃO. AF_10/2022","UN","38,61","95785","CONDULETE DE ALUMÍNIO, TIPO E, PARA ELETRODUTO DE AÇO GALVANIZADO DN 32 MM (1 1/4''), APARENTE - FORNECIMENTO E INSTALAÇÃO. AF_10/2022","UN","38,61","95785","CONDULETE DE ALUMÍNIO, TIPO E, PARA ELETRODUTO DE AÇO GALVANIZADO DN 32 MM (1 1/4''), APARENTE - FORNECIMENTO E INSTALAÇÃO. AF_10/2022","UN","38,61","95785","CONDULETE DE ALUMÍNIO, TIPO E, PARA ELETRODUTO DE AÇO GALVANIZADO DN 32 MM (1 1/4''), APARENTE - FORNECIMENTO E INSTALAÇÃO. AF_10/2022","UN","38,61","95785","CONDULETE DE ALUMÍNIO, TIPO E, PARA ELETRODUTO DE AÇO GALVANIZADO DN 32 MM (1 1/4''), APARENTE - FORNECIMENTO E INSTALAÇÃO. AF_10/2022","UN","38,61","95785","CONDULETE DE ALUMÍNIO, TIPO E, PARA ELETRODUTO DE AÇO GALVANIZADO DN 32 MM (1 1/4''), APARENTE - FORNECIMENTO E INSTALAÇÃO. AF_10/2022","UN","38,61","95785","CONDULETE DE ALUMÍNIO, TIPO E, PARA ELETRODUTO DE AÇO GALVANIZADO DN 32 MM (1 1/4''), APARENTE - FORNECIMENTO E INSTALAÇÃO. AF_10/2022","UN","38,61","95785","CONDULETE DE ALUMÍNIO, TIPO E, PARA ELETRODUTO DE AÇO GALVANIZADO DN 32 MM (1 1/4''), APARENTE - FORNECIMENTO E INSTALAÇÃO. AF_10/2022","UN","38,61","95785","CONDULETE DE ALUMÍNIO, TIPO E, PARA ELETRODUTO DE AÇO GALVANIZADO DN 32 MM (1 1/4''), APARENTE - FORNECIMENTO E INSTALAÇÃO. AF_10/2022","UN","38,61","95785","CONDULETE DE ALUMÍNIO, TIPO E, PARA ELETRODUTO DE AÇO GALVANIZADO DN 32 MM (1 1/4''), APARENTE - FORNECIMENTO E INSTALAÇÃO. AF_10/2022","UN","38,61","95785","CONDULETE DE ALUMÍNIO, TIPO E, PARA ELETRODUTO DE AÇO GALVANIZADO DN 32 MM (1 1/4''), APARENTE - FORNECIMENTO E INSTALAÇÃO. AF_10/2022","UN","38,61","95785","CONDULETE DE ALUMÍNIO, TIPO E, PARA ELETRODUTO DE AÇO GALVANIZADO DN 32 MM (1 1/4''), APARENTE - FORNECIMENTO E INSTALAÇÃO. AF_10/2022","UN","38,61","95785","CONDULETE DE ALUMÍNIO, TIPO E, PARA ELETRODUTO DE AÇO GALVANIZADO DN 32 MM (1 1/4''), APARENTE - FORNECIMENTO E INSTALAÇÃO. AF_10/2022","UN","38,61","95785","CONDULETE DE ALUMÍNIO, TIPO E, PARA ELETRODUTO DE AÇO GALVANIZADO DN 32 MM (1 1/4''), APARENTE - FORNECIMENTO E INSTALAÇÃO. AF_10/2022","UN","38,61","95785","CONDULETE DE ALUMÍNIO, TIPO E, PARA ELETRODUTO DE AÇO GALVANIZADO DN 32 MM (1 1/4''), APARENTE - FORNECIMENTO E INSTALAÇÃO. AF_10/2022","UN","38,61","95785","CONDULETE DE ALUMÍNIO, TIPO E, PARA ELETRODUTO DE AÇO GALVANIZADO DN 32 MM (1 1/4''), APARENTE - FORNECIMENTO E INSTALAÇÃO. AF_10/2022","UN","38,61","95785","CONDULETE DE ALUMÍNIO, TIPO E, PARA ELETRODUTO DE AÇO GALVANIZADO DN 32 MM (1 1/4''), APARENTE - FORNECIMENTO E INSTALAÇÃO. AF_10/2022","UN","38,61","95785","CONDULETE DE ALUMÍNIO, TIPO E, PARA ELETRODUTO DE AÇO GALVANIZADO DN 32 MM (1 1/4''), APARENTE - FORNECIMENTO E INSTALAÇÃO. AF_10/2022","UN","38,61","95785","CONDULETE DE ALUMÍNIO, TIPO E, PARA ELETRODUTO DE AÇO GALVANIZADO DN 32 MM (1 1/4''), APARENTE - FORNECIMENTO E INSTALAÇÃO. AF_10/2022","UN","38,61","95785","CONDULETE DE ALUMÍNIO, TIPO E, PARA ELETRODUTO DE AÇO GALVANIZADO DN 32 MM (1 1/4''), APARENTE - FORNECIMENTO E INSTALAÇÃO. AF_10/2022","UN","38,61","95785","CONDULETE DE ALUMÍNIO, TIPO E, PARA ELETRODUTO DE AÇO GALVANIZADO DN 32 MM (1 1/4''), APARENTE - FORNECIMENTO E INSTALAÇÃO. AF_10/2022","UN","38,61","95785","CONDULETE DE ALUMÍNIO, TIPO E, PARA ELETRODUTO DE AÇO GALVANIZADO DN 32 MM (1 1/4''), APARENTE - FORNECIMENTO E INSTALAÇÃO. AF_10/2022","UN","38,61","95785","CONDULETE DE ALUMÍNIO, TIPO E, PARA ELETRODUTO DE AÇO GALVANIZADO DN 32 MM (1 1/4''), APARENTE - FORNECIMENTO E INSTALAÇÃO. AF_10/2022","UN","38,61","95785","CONDULETE DE ALUMÍNIO, TIPO E, PARA ELETRODUTO DE AÇO GALVANIZADO DN 32 MM (1 1/4''), APARENTE - FORNECIMENTO E INSTALAÇÃO. AF_10/2022","UN","38,61","95785","CONDULETE DE ALUMÍNIO, TIPO E, PARA ELETRODUTO DE AÇO GALVANIZADO DN 32 MM (1 1/4''), APARENTE - FORNECIMENTO E INSTALAÇÃO. AF_10/2022","UN","38,61","95785","CONDULETE DE ALUMÍNIO, TIPO E, PARA ELETRODUTO DE AÇO GALVANIZADO DN 32 MM (1 1/4''), APARENTE - FORNECIMENTO E INSTALAÇÃO. AF_10/2022","UN","38,61","95785","CONDULETE DE ALUMÍNIO, TIPO E, PARA ELETRODUTO DE AÇO GALVANIZADO DN 32 MM (1 1/4''), APARENTE - FORNECIMENTO E INSTALAÇÃO. AF_10/2022","UN","38,61","95785","CONDULETE DE ALUMÍNIO, TIPO E, PARA ELETRODUTO DE AÇO GALVANIZADO DN 32 MM (1 1/4''), APARENTE - FORNECIMENTO E INSTALAÇÃO. AF_10/2022","UN","38,61","95785","CONDULETE DE ALUMÍNIO, TIPO E, PARA ELETRODUTO DE AÇO GALVANIZADO DN 32 MM (1 1/4''), APARENTE - FORNECIMENTO E INSTALAÇÃO. AF_10/2022","UN","38,61","95785","CONDULETE DE ALUMÍNIO, TIPO E, PARA ELETRODUTO DE AÇO GALVANIZADO DN 32 MM (1 1/4''), APARENTE - FORNECIMENTO E INSTALAÇÃO. AF_10/2022","UN","38,61","95785","CONDULETE DE ALUMÍNIO, TIPO E, PARA ELETRODUTO DE AÇO GALVANIZADO DN 32 MM (1 1/4''), APARENTE - FORNECIMENTO E INSTALAÇÃO. AF_10/2022","UN","38,61","95785","CONDULETE DE ALUMÍNIO, TIPO E, PARA ELETRODUTO DE AÇO GALVANIZADO DN 32 MM (1 1/4''), APARENTE - FORNECIMENTO E INSTALAÇÃO. AF_10/2022","UN","38,61","95785","CONDULETE DE ALUMÍNIO, TIPO E, PARA ELETRODUTO DE AÇO GALVANIZADO DN 32 MM (1 1/4''), APARENTE - FORNECIMENTO E INSTALAÇÃO. AF_10/2022","UN","38,61","95785","CONDULETE DE ALUMÍNIO, TIPO E, PARA ELETRODUTO DE AÇO GALVANIZADO DN 32 MM (1 1/4''), APARENTE - FORNECIMENTO E INSTALAÇÃO. AF_10/2022","UN","38,61","95785","CONDULETE DE ALUMÍNIO, TIPO E, PARA ELETRODUTO DE AÇO GALVANIZADO DN 32 MM (1 1/4''), APARENTE - FORNECIMENTO E INSTALAÇÃO. AF_10/2022","UN","38,61","95785","CONDULETE DE ALUMÍNIO, TIPO E, PARA ELETRODUTO DE AÇO GALVANIZADO DN 32 MM (1 1/4''), APARENTE - FORNECIMENTO E INSTALAÇÃO. AF_10/2022","UN","38,61","95785","CONDULETE DE ALUMÍNIO, TIPO E, PARA ELETRODUTO DE AÇO GALVANIZADO DN 32 MM (1 1/4''), APARENTE - FORNECIMENTO E INSTALAÇÃO. AF_10/2022","UN","38,61","95785","CONDULETE DE ALUMÍNIO, TIPO E, PARA ELETRODUTO DE AÇO GALVANIZADO DN 32 MM (1 1/4''), APARENTE - FORNECIMENTO E INSTALAÇÃO. AF_10/2022","UN","38,61","95785","CONDULETE DE ALUMÍNIO, TIPO E, PARA ELETRODUTO DE AÇO GALVANIZADO DN 32 MM (1 1/4''), APARENTE - FORNECIMENTO E INSTALAÇÃO. AF_10/2022","UN","38,61","95785","CONDULETE DE ALUMÍNIO, TIPO E, PARA ELETRODUTO DE AÇO GALVANIZADO DN 32 MM (1 1/4''), APARENTE - FORNECIMENTO E INSTALAÇÃO. AF_10/2022","UN","38,61","95785","CONDULETE DE ALUMÍNIO, TIPO E, PARA ELETRODUTO DE AÇO GALVANIZADO DN 32 MM (1 1/4''), APARENTE - FORNECIMENTO E INSTALAÇÃO. AF_10/2022","UN","38,61","95785","CONDULETE DE ALUMÍNIO, TIPO E, PARA ELETRODUTO DE AÇO GALVANIZADO DN 32 MM (1 1/4''), APARENTE - FORNECIMENTO E INSTALAÇÃO. AF_10/2022","UN","38,61","95785","CONDULETE DE ALUMÍNIO, TIPO E, PARA ELETRODUTO DE AÇO GALVANIZADO DN 32 MM (1 1/4''), APARENTE - FORNECIMENTO E INSTALAÇÃO. AF_10/2022","UN","38,61","95785","CONDULETE DE ALUMÍNIO, TIPO E, PARA ELETRODUTO DE AÇO GALVANIZADO DN 32 MM (1 1/4''), APARENTE - FORNECIMENTO E INSTALAÇÃO. AF_10/2022","UN","38,61","95785","CONDULETE DE ALUMÍNIO, TIPO E, PARA ELETRODUTO DE AÇO GALVANIZADO DN 32 MM (1 1/4''), APARENTE - FORNECIMENTO E INSTALAÇÃO. AF_10/2022","UN","38,61","95785","CONDULETE DE ALUMÍNIO, TIPO E, PARA ELETRODUTO DE AÇO GALVANIZADO DN 32 MM (1 1/4''), APARENTE - FORNECIMENTO E INSTALAÇÃO. AF_10/2022","UN","38,61","95785","CONDULETE DE ALUMÍNIO, TIPO E, PARA ELETRODUTO DE AÇO GALVANIZADO DN 32 MM (1 1/4''), APARENTE - FORNECIMENTO E INSTALAÇÃO. AF_10/2022","UN","38,61","95785","CONDULETE DE ALUMÍNIO, TIPO E, PARA ELETRODUTO DE AÇO GALVANIZADO DN 32 MM (1 1/4''), APARENTE - FORNECIMENTO E INSTALAÇÃO. AF_10/2022","UN","38,61","95785","CONDULETE DE ALUMÍNIO, TIPO E, PARA ELETRODUTO DE AÇO GALVANIZADO DN 32 MM (1 1/4''), APARENTE - FORNECIMENTO E INSTALAÇÃO. AF_10/2022","UN","38,61","95785","CONDULETE DE ALUMÍNIO, TIPO E, PARA ELETRODUTO DE AÇO GALVANIZADO DN 32 MM (1 1/4''), APARENTE - FORNECIMENTO E INSTALAÇÃO. AF_10/2022","UN","38,61","95785","CONDULETE DE ALUMÍNIO, TIPO E, PARA ELETRODUTO DE AÇO GALVANIZADO DN 32 MM (1 1/4''), APARENTE - FORNECIMENTO E INSTALAÇÃO. AF_10/2022","UN","38,61","95785","CONDULETE DE ALUMÍNIO, TIPO E, PARA ELETRODUTO DE AÇO GALVANIZADO DN 32 MM (1 1/4''), APARENTE - FORNECIMENTO E INSTALAÇÃO. AF_10/2022","UN","38,61","95785","CONDULETE DE ALUMÍNIO, TIPO E, PARA ELETRODUTO DE AÇO GALVANIZADO DN 32 MM (1 1/4''), APARENTE - FORNECIMENTO E INSTALAÇÃO. AF_10/2022","UN","38,61","95785","CONDULETE DE ALUMÍNIO, TIPO E, PARA ELETRODUTO DE AÇO GALVANIZADO DN 32 MM (1 1/4''), APARENTE - FORNECIMENTO E INSTALAÇÃO. AF_10/2022","UN","38,61","95785","CONDULETE DE ALUMÍNIO, TIPO E, PARA ELETRODUTO DE AÇO GALVANIZADO DN 32 MM (1 1/4''), APARENTE - FORNECIMENTO E INSTALAÇÃO. AF_10/2022","UN","38,61","95785","CONDULETE DE ALUMÍNIO, TIPO E, PARA ELETRODUTO DE AÇO GALVANIZADO DN 32 MM (1 1/4''), APARENTE - FORNECIMENTO E INSTALAÇÃO. AF_10/2022","UN","38,61","95785","CONDULETE DE ALUMÍNIO, TIPO E, PARA ELETRODUTO DE AÇO GALVANIZADO DN 32 MM (1 1/4''), APARENTE - FORNECIMENTO E INSTALAÇÃO. AF_10/2022","UN","38,61","95785","CONDULETE DE ALUMÍNIO, TIPO E, PARA ELETRODUTO DE AÇO GALVANIZADO DN 32 MM (1 1/4''), APARENTE - FORNECIMENTO E INSTALAÇÃO. AF_10/2022","UN","38,61","95785","CONDULETE DE ALUMÍNIO, TIPO E, PARA ELETRODUTO DE AÇO GALVANIZADO DN 32 MM (1 1/4''), APARENTE - FORNECIMENTO E INSTALAÇÃO. AF_10/2022","UN","38,61"]
[93658,"DISJUNTOR MONOPOLAR TIPO DIN, CORRENTE NOMINAL DE 40A - FORNECIMENTO E INSTALAÇÃO. AF_10/2020","UN",31.46,"93658","DISJUNTOR MONOPOLAR TIPO DIN, CORRENTE NOMINAL DE 40A - FORNECIMENTO E INSTALAÇÃO. AF_10/2020","UN","31,46","93658","DISJUNTOR MONOPOLAR TIPO DIN, CORRENTE NOMINAL DE 40A - FORNECIMENTO E INSTALAÇÃO. AF_10/2020","UN","31,46","93658","DISJUNTOR MONOPOLAR TIPO DIN, CORRENTE NOMINAL DE 40A - FORNECIMENTO E INSTALAÇÃO. AF_10/2020","UN","31,46","93658","DISJUNTOR MONOPOLAR TIPO DIN, CORRENTE NOMINAL DE 40A - FORNECIMENTO E INSTALAÇÃO. AF_10/2020","UN","31,46","93658","DISJUNTOR MONOPOLAR TIPO DIN, CORRENTE NOMINAL DE 40A - FORNECIMENTO E INSTALAÇÃO. AF_10/2020","UN","31,46","93658","DISJUNTOR MONOPOLAR TIPO DIN, CORRENTE NOMINAL DE 40A - FORNECIMENTO E INSTALAÇÃO. AF_10/2020","UN","31,46","93658","DISJUNTOR MONOPOLAR TIPO DIN, CORRENTE NOMINAL DE 40A - FORNECIMENTO E INSTALAÇÃO. AF_10/2020","UN","31,46","93658","DISJUNTOR MONOPOLAR TIPO DIN, CORRENTE NOMINAL DE 40A - FORNECIMENTO E INSTALAÇÃO. AF_10/2020","UN","31,46","93658","DISJUNTOR MONOPOLAR TIPO DIN, CORRENTE NOMINAL DE 40A - FORNECIMENTO E INSTALAÇÃO. AF_10/2020","UN","31,46","93658","DISJUNTOR MONOPOLAR TIPO DIN, CORRENTE NOMINAL DE 40A - FORNECIMENTO E INSTALAÇÃO. AF_10/2020","UN","31,46","93658","DISJUNTOR MONOPOLAR TIPO DIN, CORRENTE NOMINAL DE 40A - FORNECIMENTO E INSTALAÇÃO. AF_10/2020","UN","31,46","93658","DISJUNTOR MONOPOLAR TIPO DIN, CORRENTE NOMINAL DE 40A - FORNECIMENTO E INSTALAÇÃO. AF_10/2020","UN","31,46","93658","DISJUNTOR MONOPOLAR TIPO DIN, CORRENTE NOMINAL DE 40A - FORNECIMENTO E INSTALAÇÃO. AF_10/2020","UN","31,46","93658","DISJUNTOR MONOPOLAR TIPO DIN, CORRENTE NOMINAL DE 40A - FORNECIMENTO E INSTALAÇÃO. AF_10/2020","UN","31,46","93658","DISJUNTOR MONOPOLAR TIPO DIN, CORRENTE NOMINAL DE 40A - FORNECIMENTO E INSTALAÇÃO. AF_10/2020","UN","31,46","93658","DISJUNTOR MONOPOLAR TIPO DIN, CORRENTE NOMINAL DE 40A - FORNECIMENTO E INSTALAÇÃO. AF_10/2020","UN","31,46","93658","DISJUNTOR MONOPOLAR TIPO DIN, CORRENTE NOMINAL DE 40A - FORNECIMENTO E INSTALAÇÃO. AF_10/2020","UN","31,46","93658","DISJUNTOR MONOPOLAR TIPO DIN, CORRENTE NOMINAL DE 40A - FORNECIMENTO E INSTALAÇÃO. AF_10/2020","UN","31,46","93658","DISJUNTOR MONOPOLAR TIPO DIN, CORRENTE NOMINAL DE 40A - FORNECIMENTO E INSTALAÇÃO. AF_10/2020","UN","31,46","93658","DISJUNTOR MONOPOLAR TIPO DIN, CORRENTE NOMINAL DE 40A - FORNECIMENTO E INSTALAÇÃO. AF_10/2020","UN","31,46","93658","DISJUNTOR MONOPOLAR TIPO DIN, CORRENTE NOMINAL DE 40A - FORNECIMENTO E INSTALAÇÃO. AF_10/2020","UN","31,46","93658","DISJUNTOR MONOPOLAR TIPO DIN, CORRENTE NOMINAL DE 40A - FORNECIMENTO E INSTALAÇÃO. AF_10/2020","UN","31,46","93658","DISJUNTOR MONOPOLAR TIPO DIN, CORRENTE NOMINAL DE 40A - FORNECIMENTO E INSTALAÇÃO. AF_10/2020","UN","31,46","93658","DISJUNTOR MONOPOLAR TIPO DIN, CORRENTE NOMINAL DE 40A - FORNECIMENTO E INSTALAÇÃO. AF_10/2020","UN","31,46","93658","DISJUNTOR MONOPOLAR TIPO DIN, CORRENTE NOMINAL DE 40A - FORNECIMENTO E INSTALAÇÃO. AF_10/2020","UN","31,46","93658","DISJUNTOR MONOPOLAR TIPO DIN, CORRENTE NOMINAL DE 40A - FORNECIMENTO E INSTALAÇÃO. AF_10/2020","UN","31,46","93658","DISJUNTOR MONOPOLAR TIPO DIN, CORRENTE NOMINAL DE 40A - FORNECIMENTO E INSTALAÇÃO. AF_10/2020","UN","31,46","93658","DISJUNTOR MONOPOLAR TIPO DIN, CORRENTE NOMINAL DE 40A - FORNECIMENTO E INSTALAÇÃO. AF_10/2020","UN","31,46","93658","DISJUNTOR MONOPOLAR TIPO DIN, CORRENTE NOMINAL DE 40A - FORNECIMENTO E INSTALAÇÃO. AF_10/2020","UN","31,46","93658","DISJUNTOR MONOPOLAR TIPO DIN, CORRENTE NOMINAL DE 40A - FORNECIMENTO E INSTALAÇÃO. AF_10/2020","UN","31,46","93658","DISJUNTOR MONOPOLAR TIPO DIN, CORRENTE NOMINAL DE 40A - FORNECIMENTO E INSTALAÇÃO. AF_10/2020","UN","31,46","93658","DISJUNTOR MONOPOLAR TIPO DIN, CORRENTE NOMINAL DE 40A - FORNECIMENTO E INSTALAÇÃO. AF_10/2020","UN","31,46","93658","DISJUNTOR MONOPOLAR TIPO DIN, CORRENTE NOMINAL DE 40A - FORNECIMENTO E INSTALAÇÃO. AF_10/2020","UN","31,46","93658","DISJUNTOR MONOPOLAR TIPO DIN, CORRENTE NOMINAL DE 40A - FORNECIMENTO E INSTALAÇÃO. AF_10/2020","UN","31,46","93658","DISJUNTOR MONOPOLAR TIPO DIN, CORRENTE NOMINAL DE 40A - FORNECIMENTO E INSTALAÇÃO. AF_10/2020","UN","31,46","93658","DISJUNTOR MONOPOLAR TIPO DIN, CORRENTE NOMINAL DE 40A - FORNECIMENTO E INSTALAÇÃO. AF_10/2020","UN","31,46","93658","DISJUNTOR MONOPOLAR TIPO DIN, CORRENTE NOMINAL DE 40A - FORNECIMENTO E INSTALAÇÃO. AF_10/2020","UN","31,46","93658","DISJUNTOR MONOPOLAR TIPO DIN, CORRENTE NOMINAL DE 40A - FORNECIMENTO E INSTALAÇÃO. AF_10/2020","UN","31,46","93658","DISJUNTOR MONOPOLAR TIPO DIN, CORRENTE NOMINAL DE 40A - FORNECIMENTO E INSTALAÇÃO. AF_10/2020","UN","31,46","93658","DISJUNTOR MONOPOLAR TIPO DIN, CORRENTE NOMINAL DE 40A - FORNECIMENTO E INSTALAÇÃO. AF_10/2020","UN","31,46","93658","DISJUNTOR MONOPOLAR TIPO DIN, CORRENTE NOMINAL DE 40A - FORNECIMENTO E INSTALAÇÃO. AF_10/2020","UN","31,46","93658","DISJUNTOR MONOPOLAR TIPO DIN, CORRENTE NOMINAL DE 40A - FORNECIMENTO E INSTALAÇÃO. AF_10/2020","UN","31,46","93658","DISJUNTOR MONOPOLAR TIPO DIN, CORRENTE NOMINAL DE 40A - FORNECIMENTO E INSTALAÇÃO. AF_10/2020","UN","31,46","93658","DISJUNTOR MONOPOLAR TIPO DIN, CORRENTE NOMINAL DE 40A - FORNECIMENTO E INSTALAÇÃO. AF_10/2020","UN","31,46","93658","DISJUNTOR MONOPOLAR TIPO DIN, CORRENTE NOMINAL DE 40A - FORNECIMENTO E INSTALAÇÃO. AF_10/2020","UN","31,46","93658","DISJUNTOR MONOPOLAR TIPO DIN, CORRENTE NOMINAL DE 40A - FORNECIMENTO E INSTALAÇÃO. AF_10/2020","UN","31,46","93658","DISJUNTOR MONOPOLAR TIPO DIN, CORRENTE NOMINAL DE 40A - FORNECIMENTO E INSTALAÇÃO. AF_10/2020","UN","31,46","93658","DISJUNTOR MONOPOLAR TIPO DIN, CORRENTE NOMINAL DE 40A - FORNECIMENTO E INSTALAÇÃO. AF_10/2020","UN","31,46","93658","DISJUNTOR MONOPOLAR TIPO DIN, CORRENTE NOMINAL DE 40A - FORNECIMENTO E INSTALAÇÃO. AF_10/2020","UN","31,46","93658","DISJUNTOR MONOPOLAR TIPO DIN, CORRENTE NOMINAL DE 40A - FORNECIMENTO E INSTALAÇÃO. AF_10/2020","UN","31,46","93658","DISJUNTOR MONOPOLAR TIPO DIN, CORRENTE NOMINAL DE 40A - FORNECIMENTO E INSTALAÇÃO. AF_10/2020","UN","31,46","93658","DISJUNTOR MONOPOLAR TIPO DIN, CORRENTE NOMINAL DE 40A - FORNECIMENTO E INSTALAÇÃO. AF_10/2020","UN","31,46","93658","DISJUNTOR MONOPOLAR TIPO DIN, CORRENTE NOMINAL DE 40A - FORNECIMENTO E INSTALAÇÃO. AF_10/2020","UN","31,46","93658","DISJUNTOR MONOPOLAR TIPO DIN, CORRENTE NOMINAL DE 40A - FORNECIMENTO E INSTALAÇÃO. AF_10/2020","UN","31,46","93658","DISJUNTOR MONOPOLAR TIPO DIN, CORRENTE NOMINAL DE 40A - FORNECIMENTO E INSTALAÇÃO. AF_10/2020","UN","31,46","93658","DISJUNTOR MONOPOLAR TIPO DIN, CORRENTE NOMINAL DE 40A - FORNECIMENTO E INSTALAÇÃO. AF_10/2020","UN","31,46","93658","DISJUNTOR MONOPOLAR TIPO DIN, CORRENTE NOMINAL DE 40A - FORNECIMENTO E INSTALAÇÃO. AF_10/2020","UN","31,46","93658","DISJUNTOR MONOPOLAR TIPO DIN, CORRENTE NOMINAL DE 40A - FORNECIMENTO E INSTALAÇÃO. AF_10/2020","UN","31,46","93658","DISJUNTOR MONOPOLAR TIPO DIN, CORRENTE NOMINAL DE 40A - FORNECIMENTO E INSTALAÇÃO. AF_10/2020","UN","31,46","93658","DISJUNTOR MONOPOLAR TIPO DIN, CORRENTE NOMINAL DE 40A - FORNECIMENTO E INSTALAÇÃO. AF_10/2020","UN","31,46","93658","DISJUNTOR MONOPOLAR TIPO DIN, CORRENTE NOMINAL DE 40A - FORNECIMENTO E INSTALAÇÃO. AF_10/2020","UN","31,46","93658","DISJUNTOR MONOPOLAR TIPO DIN, CORRENTE NOMINAL DE 40A - FORNECIMENTO E INSTALAÇÃO. AF_10/2020","UN","31,46","93658","DISJUNTOR MONOPOLAR TIPO DIN, CORRENTE NOMINAL DE 40A - FORNECIMENTO E INSTALAÇÃO. AF_10/2020","UN","31,46"]
[101903,"CONTATOR TRIPOLAR I NOMINAL 38A - FORNECIMENTO E INSTALAÇÃO. AF_10/2020","UN",385.72,"101903","CONTATOR TRIPOLAR I NOMINAL 38A - FORNECIMENTO E INSTALAÇÃO. AF_10/2020","UN","385,72","101903","CONTATOR TRIPOLAR I NOMINAL 38A - FORNECIMENTO E INSTALAÇÃO. AF_10/2020","UN","385,72","101903","CONTATOR TRIPOLAR I NOMINAL 38A - FORNECIMENTO E INSTALAÇÃO. AF_10/2020","UN","385,72","101903","CONTATOR TRIPOLAR I NOMINAL 38A - FORNECIMENTO E INSTALAÇÃO. AF_10/2020","UN","385,72","101903","CONTATOR TRIPOLAR I NOMINAL 38A - FORNECIMENTO E INSTALAÇÃO. AF_10/2020","UN","385,72","101903","CONTATOR TRIPOLAR I NOMINAL 38A - FORNECIMENTO E INSTALAÇÃO. AF_10/2020","UN","385,72","101903","CONTATOR TRIPOLAR I NOMINAL 38A - FORNECIMENTO E INSTALAÇÃO. AF_10/2020","UN","385,72","101903","CONTATOR TRIPOLAR I NOMINAL 38A - FORNECIMENTO E INSTALAÇÃO. AF_10/2020","UN","385,72","101903","CONTATOR TRIPOLAR I NOMINAL 38A - FORNECIMENTO E INSTALAÇÃO. AF_10/2020","UN","385,72","101903","CONTATOR TRIPOLAR I NOMINAL 38A - FORNECIMENTO E INSTALAÇÃO. AF_10/2020","UN","385,72","101903","CONTATOR TRIPOLAR I NOMINAL 38A - FORNECIMENTO E INSTALAÇÃO. AF_10/2020","UN","385,72","101903","CONTATOR TRIPOLAR I NOMINAL 38A - FORNECIMENTO E INSTALAÇÃO. AF_10/2020","UN","385,72","101903","CONTATOR TRIPOLAR I NOMINAL 38A - FORNECIMENTO E INSTALAÇÃO. AF_10/2020","UN","385,72","101903","CONTATOR TRIPOLAR I NOMINAL 38A - FORNECIMENTO E INSTALAÇÃO. AF_10/2020","UN","385,72","101903","CONTATOR TRIPOLAR I NOMINAL 38A - FORNECIMENTO E INSTALAÇÃO. AF_10/2020","UN","385,72","101903","CONTATOR TRIPOLAR I NOMINAL 38A - FORNECIMENTO E INSTALAÇÃO. AF_10/2020","UN","385,72","101903","CONTATOR TRIPOLAR I NOMINAL 38A - FORNECIMENTO E INSTALAÇÃO. AF_10/2020","UN","385,72","101903","CONTATOR TRIPOLAR I NOMINAL 38A - FORNECIMENTO E INSTALAÇÃO. AF_10/2020","UN","385,72","101903","CONTATOR TRIPOLAR I NOMINAL 38A - FORNECIMENTO E INSTALAÇÃO. AF_10/2020","UN","385,72","101903","CONTATOR TRIPOLAR I NOMINAL 38A - FORNECIMENTO E INSTALAÇÃO. AF_10/2020","UN","385,72","101903","CONTATOR TRIPOLAR I NOMINAL 38A - FORNECIMENTO E INSTALAÇÃO. AF_10/2020","UN","385,72","101903","CONTATOR TRIPOLAR I NOMINAL 38A - FORNECIMENTO E INSTALAÇÃO. AF_10/2020","UN","385,72","101903","CONTATOR TRIPOLAR I NOMINAL 38A - FORNECIMENTO E INSTALAÇÃO. AF_10/2020","UN","385,72","101903","CONTATOR TRIPOLAR I NOMINAL 38A - FORNECIMENTO E INSTALAÇÃO. AF_10/2020","UN","385,72","101903","CONTATOR TRIPOLAR I NOMINAL 38A - FORNECIMENTO E INSTALAÇÃO. AF_10/2020","UN","385,72","101903","CONTATOR TRIPOLAR I NOMINAL 38A - FORNECIMENTO E INSTALAÇÃO. AF_10/2020","UN","385,72","101903","CONTATOR TRIPOLAR I NOMINAL 38A - FORNECIMENTO E INSTALAÇÃO. AF_10/2020","UN","385,72","101903","CONTATOR TRIPOLAR I NOMINAL 38A - FORNECIMENTO E INSTALAÇÃO. AF_10/2020","UN","385,72","101903","CONTATOR TRIPOLAR I NOMINAL 38A - FORNECIMENTO E INSTALAÇÃO. AF_10/2020","UN","385,72","101903","CONTATOR TRIPOLAR I NOMINAL 38A - FORNECIMENTO E INSTALAÇÃO. AF_10/2020","UN","385,72","101903","CONTATOR TRIPOLAR I NOMINAL 38A - FORNECIMENTO E INSTALAÇÃO. AF_10/2020","UN","385,72","101903","CONTATOR TRIPOLAR I NOMINAL 38A - FORNECIMENTO E INSTALAÇÃO. AF_10/2020","UN","385,72","101903","CONTATOR TRIPOLAR I NOMINAL 38A - FORNECIMENTO E INSTALAÇÃO. AF_10/2020","UN","385,72","101903","CONTATOR TRIPOLAR I NOMINAL 38A - FORNECIMENTO E INSTALAÇÃO. AF_10/2020","UN","385,72","101903","CONTATOR TRIPOLAR I NOMINAL 38A - FORNECIMENTO E INSTALAÇÃO. AF_10/2020","UN","385,72","101903","CONTATOR TRIPOLAR I NOMINAL 38A - FORNECIMENTO E INSTALAÇÃO. AF_10/2020","UN","385,72","101903","CONTATOR TRIPOLAR I NOMINAL 38A - FORNECIMENTO E INSTALAÇÃO. AF_10/2020","UN","385,72","101903","CONTATOR TRIPOLAR I NOMINAL 38A - FORNECIMENTO E INSTALAÇÃO. AF_10/2020","UN","385,72","101903","CONTATOR TRIPOLAR I NOMINAL 38A - FORNECIMENTO E INSTALAÇÃO. AF_10/2020","UN","385,72","101903","CONTATOR TRIPOLAR I NOMINAL 38A - FORNECIMENTO E INSTALAÇÃO. AF_10/2020","UN","385,72","101903","CONTATOR TRIPOLAR I NOMINAL 38A - FORNECIMENTO E INSTALAÇÃO. AF_10/2020","UN","385,72","101903","CONTATOR TRIPOLAR I NOMINAL 38A - FORNECIMENTO E INSTALAÇÃO. AF_10/2020","UN","385,72","101903","CONTATOR TRIPOLAR I NOMINAL 38A - FORNECIMENTO E INSTALAÇÃO. AF_10/2020","UN","385,72","101903","CONTATOR TRIPOLAR I NOMINAL 38A - FORNECIMENTO E INSTALAÇÃO. AF_10/2020","UN","385,72","101903","CONTATOR TRIPOLAR I NOMINAL 38A - FORNECIMENTO E INSTALAÇÃO. AF_10/2020","UN","385,72","101903","CONTATOR TRIPOLAR I NOMINAL 38A - FORNECIMENTO E INSTALAÇÃO. AF_10/2020","UN","385,72","101903","CONTATOR TRIPOLAR I NOMINAL 38A - FORNECIMENTO E INSTALAÇÃO. AF_10/2020","UN","385,72","101903","CONTATOR TRIPOLAR I NOMINAL 38A - FORNECIMENTO E INSTALAÇÃO. AF_10/2020","UN","385,72","101903","CONTATOR TRIPOLAR I NOMINAL 38A - FORNECIMENTO E INSTALAÇÃO. AF_10/2020","UN","385,72","101903","CONTATOR TRIPOLAR I NOMINAL 38A - FORNECIMENTO E INSTALAÇÃO. AF_10/2020","UN","385,72","101903","CONTATOR TRIPOLAR I NOMINAL 38A - FORNECIMENTO E INSTALAÇÃO. AF_10/2020","UN","385,72","101903","CONTATOR TRIPOLAR I NOMINAL 38A - FORNECIMENTO E INSTALAÇÃO. AF_10/2020","UN","385,72","101903","CONTATOR TRIPOLAR I NOMINAL 38A - FORNECIMENTO E INSTALAÇÃO. AF_10/2020","UN","385,72","101903","CONTATOR TRIPOLAR I NOMINAL 38A - FORNECIMENTO E INSTALAÇÃO. AF_10/2020","UN","385,72","101903","CONTATOR TRIPOLAR I NOMINAL 38A - FORNECIMENTO E INSTALAÇÃO. AF_10/2020","UN","385,72","101903","CONTATOR TRIPOLAR I NOMINAL 38A - FORNECIMENTO E INSTALAÇÃO. AF_10/2020","UN","385,72","101903","CONTATOR TRIPOLAR I NOMINAL 38A - FORNECIMENTO E INSTALAÇÃO. AF_10/2020","UN","385,72","101903","CONTATOR TRIPOLAR I NOMINAL 38A - FORNECIMENTO E INSTALAÇÃO. AF_10/2020","UN","385,72","101903","CONTATOR TRIPOLAR I NOMINAL 38A - FORNECIMENTO E INSTALAÇÃO. AF_10/2020","UN","385,72","101903","CONTATOR TRIPOLAR I NOMINAL 38A - FORNECIMENTO E INSTALAÇÃO. AF_10/2020","UN","385,72","101903","CONTATOR TRIPOLAR I NOMINAL 38A - FORNECIMENTO E INSTALAÇÃO. AF_10/2020","UN","385,72","101903","CONTATOR TRIPOLAR I NOMINAL 38A - FORNECIMENTO E INSTALAÇÃO. AF_10/2020","UN","385,72","101903","CONTATOR TRIPOLAR I NOMINAL 38A - FORNECIMENTO E INSTALAÇÃO. AF_10/2020","UN","385,72"]
[92031,"INTERRUPTOR PARALELO (1 MÓDULO) COM 2 TOMADAS DE EMBUTIR 2P+T 10 A, INCLUINDO SUPORTE E PLACA - FORNECIMENTO E INSTALAÇÃO. AF_03/2023","UN",71.55,"92031","INTERRUPTOR PARALELO (1 MÓDULO) COM 2 TOMADAS DE EMBUTIR 2P+T 10 A, INCLUINDO SUPORTE E PLACA - FORNECIMENTO E INSTALAÇÃO. AF_03/2023","UN","71,55","92031","INTERRUPTOR PARALELO (1 MÓDULO) COM 2 TOMADAS DE EMBUTIR 2P+T 10 A, INCLUINDO SUPORTE E PLACA - FORNECIMENTO E INSTALAÇÃO. AF_03/2023","UN","71,55","92031","INTERRUPTOR PARALELO (1 MÓDULO) COM 2 TOMADAS DE EMBUTIR 2P+T 10 A, INCLUINDO SUPORTE E PLACA - FORNECIMENTO E INSTALAÇÃO. AF_03/2023","UN","71,55","92031","INTERRUPTOR PARALELO (1 MÓDULO) COM 2 TOMADAS DE EMBUTIR 2P+T 10 A, INCLUINDO SUPORTE E PLACA - FORNECIMENTO E INSTALAÇÃO. AF_03/2023","UN","71,55","92031","INTERRUPTOR PARALELO (1 MÓDULO) COM 2 TOMADAS DE EMBUTIR 2P+T 10 A, INCLUINDO SUPORTE E PLACA - FORNECIMENTO E INSTALAÇÃO. AF_03/2023","UN","71,55","92031","INTERRUPTOR PARALELO (1 MÓDULO) COM 2 TOMADAS DE EMBUTIR 2P+T 10 A, INCLUINDO SUPORTE E PLACA - FORNECIMENTO E INSTALAÇÃO. AF_03/2023","UN","71,55","92031","INTERRUPTOR PARALELO (1 MÓDULO) COM 2 TOMADAS DE EMBUTIR 2P+T 10 A, INCLUINDO SUPORTE E PLACA - FORNECIMENTO E INSTALAÇÃO. AF_03/2023","UN","71,55","92031","INTERRUPTOR PARALELO (1 MÓDULO) COM 2 TOMADAS DE EMBUTIR 2P+T 10 A, INCLUINDO SUPORTE E PLACA - FORNECIMENTO E INSTALAÇÃO. AF_03/2023","UN","71,55","92031","INTERRUPTOR PARALELO (1 MÓDULO) COM 2 TOMADAS DE EMBUTIR 2P+T 10 A, INCLUINDO SUPORTE E PLACA - FORNECIMENTO E INSTALAÇÃO. AF_03/2023","UN","71,55","92031","INTERRUPTOR PARALELO (1 MÓDULO) COM 2 TOMADAS DE EMBUTIR 2P+T 10 A, INCLUINDO SUPORTE E PLACA - FORNECIMENTO E INSTALAÇÃO. AF_03/2023","UN","71,55","92031","INTERRUPTOR PARALELO (1 MÓDULO) COM 2 TOMADAS DE EMBUTIR 2P+T 10 A, INCLUINDO SUPORTE E PLACA - FORNECIMENTO E INSTALAÇÃO. AF_03/2023","UN","71,55","92031","INTERRUPTOR PARALELO (1 MÓDULO) COM 2 TOMADAS DE EMBUTIR 2P+T 10 A, INCLUINDO SUPORTE E PLACA - FORNECIMENTO E INSTALAÇÃO. AF_03/2023","UN","71,55","92031","INTERRUPTOR PARALELO (1 MÓDULO) COM 2 TOMADAS DE EMBUTIR 2P+T 10 A, INCLUINDO SUPORTE E PLACA - FORNECIMENTO E INSTALAÇÃO. AF_03/2023","UN","71,55","92031","INTERRUPTOR PARALELO (1 MÓDULO) COM 2 TOMADAS DE EMBUTIR 2P+T 10 A, INCLUINDO SUPORTE E PLACA - FORNECIMENTO E INSTALAÇÃO. AF_03/2023","UN","71,55","92031","INTERRUPTOR PARALELO (1 MÓDULO) COM 2 TOMADAS DE EMBUTIR 2P+T 10 A, INCLUINDO SUPORTE E PLACA - FORNECIMENTO E INSTALAÇÃO. AF_03/2023","UN","71,55","92031","INTERRUPTOR PARALELO (1 MÓDULO) COM 2 TOMADAS DE EMBUTIR 2P+T 10 A, INCLUINDO SUPORTE E PLACA - FORNECIMENTO E INSTALAÇÃO. AF_03/2023","UN","71,55","92031","INTERRUPTOR PARALELO (1 MÓDULO) COM 2 TOMADAS DE EMBUTIR 2P+T 10 A, INCLUINDO SUPORTE E PLACA - FORNECIMENTO E INSTALAÇÃO. AF_03/2023","UN","71,55","92031","INTERRUPTOR PARALELO (1 MÓDULO) COM 2 TOMADAS DE EMBUTIR 2P+T 10 A, INCLUINDO SUPORTE E PLACA - FORNECIMENTO E INSTALAÇÃO. AF_03/2023","UN","71,55","92031","INTERRUPTOR PARALELO (1 MÓDULO) COM 2 TOMADAS DE EMBUTIR 2P+T 10 A, INCLUINDO SUPORTE E PLACA - FORNECIMENTO E INSTALAÇÃO. AF_03/2023","UN","71,55","92031","INTERRUPTOR PARALELO (1 MÓDULO) COM 2 TOMADAS DE EMBUTIR 2P+T 10 A, INCLUINDO SUPORTE E PLACA - FORNECIMENTO E INSTALAÇÃO. AF_03/2023","UN","71,55","92031","INTERRUPTOR PARALELO (1 MÓDULO) COM 2 TOMADAS DE EMBUTIR 2P+T 10 A, INCLUINDO SUPORTE E PLACA - FORNECIMENTO E INSTALAÇÃO. AF_03/2023","UN","71,55","92031","INTERRUPTOR PARALELO (1 MÓDULO) COM 2 TOMADAS DE EMBUTIR 2P+T 10 A, INCLUINDO SUPORTE E PLACA - FORNECIMENTO E INSTALAÇÃO. AF_03/2023","UN","71,55","92031","INTERRUPTOR PARALELO (1 MÓDULO) COM 2 TOMADAS DE EMBUTIR 2P+T 10 A, INCLUINDO SUPORTE E PLACA - FORNECIMENTO E INSTALAÇÃO. AF_03/2023","UN","71,55","92031","INTERRUPTOR PARALELO (1 MÓDULO) COM 2 TOMADAS DE EMBUTIR 2P+T 10 A, INCLUINDO SUPORTE E PLACA - FORNECIMENTO E INSTALAÇÃO. AF_03/2023","UN","71,55","92031","INTERRUPTOR PARALELO (1 MÓDULO) COM 2 TOMADAS DE EMBUTIR 2P+T 10 A, INCLUINDO SUPORTE E PLACA - FORNECIMENTO E INSTALAÇÃO. AF_03/2023","UN","71,55","92031","INTERRUPTOR PARALELO (1 MÓDULO) COM 2 TOMADAS DE EMBUTIR 2P+T 10 A, INCLUINDO SUPORTE E PLACA - FORNECIMENTO E INSTALAÇÃO. AF_03/2023","UN","71,55","92031","INTERRUPTOR PARALELO (1 MÓDULO) COM 2 TOMADAS DE EMBUTIR 2P+T 10 A, INCLUINDO SUPORTE E PLACA - FORNECIMENTO E INSTALAÇÃO. AF_03/2023","UN","71,55","92031","INTERRUPTOR PARALELO (1 MÓDULO) COM 2 TOMADAS DE EMBUTIR 2P+T 10 A, INCLUINDO SUPORTE E PLACA - FORNECIMENTO E INSTALAÇÃO. AF_03/2023","UN","71,55","92031","INTERRUPTOR PARALELO (1 MÓDULO) COM 2 TOMADAS DE EMBUTIR 2P+T 10 A, INCLUINDO SUPORTE E PLACA - FORNECIMENTO E INSTALAÇÃO. AF_03/2023","UN","71,55","92031","INTERRUPTOR PARALELO (1 MÓDULO) COM 2 TOMADAS DE EMBUTIR 2P+T 10 A, INCLUINDO SUPORTE E PLACA - FORNECIMENTO E INSTALAÇÃO. AF_03/2023","UN","71,55","92031","INTERRUPTOR PARALELO (1 MÓDULO) COM 2 TOMADAS DE EMBUTIR 2P+T 10 A, INCLUINDO SUPORTE E PLACA - FORNECIMENTO E INSTALAÇÃO. AF_03/2023","UN","71,55","92031","INTERRUPTOR PARALELO (1 MÓDULO) COM 2 TOMADAS DE EMBUTIR 2P+T 10 A, INCLUINDO SUPORTE E PLACA - FORNECIMENTO E INSTALAÇÃO. AF_03/2023","UN","71,55","92031","INTERRUPTOR PARALELO (1 MÓDULO) COM 2 TOMADAS DE EMBUTIR 2P+T 10 A, INCLUINDO SUPORTE E PLACA - FORNECIMENTO E INSTALAÇÃO. AF_03/2023","UN","71,55","92031","INTERRUPTOR PARALELO (1 MÓDULO) COM 2 TOMADAS DE EMBUTIR 2P+T 10 A, INCLUINDO SUPORTE E PLACA - FORNECIMENTO E INSTALAÇÃO. AF_03/2023","UN","71,55","92031","INTERRUPTOR PARALELO (1 MÓDULO) COM 2 TOMADAS DE EMBUTIR 2P+T 10 A, INCLUINDO SUPORTE E PLACA - FORNECIMENTO E INSTALAÇÃO. AF_03/2023","UN","71,55","92031","INTERRUPTOR PARALELO (1 MÓDULO) COM 2 TOMADAS DE EMBUTIR 2P+T 10 A, INCLUINDO SUPORTE E PLACA - FORNECIMENTO E INSTALAÇÃO. AF_03/2023","UN","71,55","92031","INTERRUPTOR PARALELO (1 MÓDULO) COM 2 TOMADAS DE EMBUTIR 2P+T 10 A, INCLUINDO SUPORTE E PLACA - FORNECIMENTO E INSTALAÇÃO. AF_03/2023","UN","71,55","92031","INTERRUPTOR PARALELO (1 MÓDULO) COM 2 TOMADAS DE EMBUTIR 2P+T 10 A, INCLUINDO SUPORTE E PLACA - FORNECIMENTO E INSTALAÇÃO. AF_03/2023","UN","71,55","92031","INTERRUPTOR PARALELO (1 MÓDULO) COM 2 TOMADAS DE EMBUTIR 2P+T 10 A, INCLUINDO SUPORTE E PLACA - FORNECIMENTO E INSTALAÇÃO. AF_03/2023","UN","71,55","92031","INTERRUPTOR PARALELO (1 MÓDULO) COM 2 TOMADAS DE EMBUTIR 2P+T 10 A, INCLUINDO SUPORTE E PLACA - FORNECIMENTO E INSTALAÇÃO. AF_03/2023","UN","71,55","92031","INTERRUPTOR PARALELO (1 MÓDULO) COM 2 TOMADAS DE EMBUTIR 2P+T 10 A, INCLUINDO SUPORTE E PLACA - FORNECIMENTO E INSTALAÇÃO. AF_03/2023","UN","71,55","92031","INTERRUPTOR PARALELO (1 MÓDULO) COM 2 TOMADAS DE EMBUTIR 2P+T 10 A, INCLUINDO SUPORTE E PLACA - FORNECIMENTO E INSTALAÇÃO. AF_03/2023","UN","71,55","92031","INTERRUPTOR PARALELO (1 MÓDULO) COM 2 TOMADAS DE EMBUTIR 2P+T 10 A, INCLUINDO SUPORTE E PLACA - FORNECIMENTO E INSTALAÇÃO. AF_03/2023","UN","71,55","92031","INTERRUPTOR PARALELO (1 MÓDULO) COM 2 TOMADAS DE EMBUTIR 2P+T 10 A, INCLUINDO SUPORTE E PLACA - FORNECIMENTO E INSTALAÇÃO. AF_03/2023","UN","71,55","92031","INTERRUPTOR PARALELO (1 MÓDULO) COM 2 TOMADAS DE EMBUTIR 2P+T 10 A, INCLUINDO SUPORTE E PLACA - FORNECIMENTO E INSTALAÇÃO. AF_03/2023","UN","71,55","92031","INTERRUPTOR PARALELO (1 MÓDULO) COM 2 TOMADAS DE EMBUTIR 2P+T 10 A, INCLUINDO SUPORTE E PLACA - FORNECIMENTO E INSTALAÇÃO. AF_03/2023","UN","71,55","92031","INTERRUPTOR PARALELO (1 MÓDULO) COM 2 TOMADAS DE EMBUTIR 2P+T 10 A, INCLUINDO SUPORTE E PLACA - FORNECIMENTO E INSTALAÇÃO. AF_03/2023","UN","71,55","92031","INTERRUPTOR PARALELO (1 MÓDULO) COM 2 TOMADAS DE EMBUTIR 2P+T 10 A, INCLUINDO SUPORTE E PLACA - FORNECIMENTO E INSTALAÇÃO. AF_03/2023","UN","71,55","92031","INTERRUPTOR PARALELO (1 MÓDULO) COM 2 TOMADAS DE EMBUTIR 2P+T 10 A, INCLUINDO SUPORTE E PLACA - FORNECIMENTO E INSTALAÇÃO. AF_03/2023","UN","71,55","92031","INTERRUPTOR PARALELO (1 MÓDULO) COM 2 TOMADAS DE EMBUTIR 2P+T 10 A, INCLUINDO SUPORTE E PLACA - FORNECIMENTO E INSTALAÇÃO. AF_03/2023","UN","71,55","92031","INTERRUPTOR PARALELO (1 MÓDULO) COM 2 TOMADAS DE EMBUTIR 2P+T 10 A, INCLUINDO SUPORTE E PLACA - FORNECIMENTO E INSTALAÇÃO. AF_03/2023","UN","71,55","92031","INTERRUPTOR PARALELO (1 MÓDULO) COM 2 TOMADAS DE EMBUTIR 2P+T 10 A, INCLUINDO SUPORTE E PLACA - FORNECIMENTO E INSTALAÇÃO. AF_03/2023","UN","71,55","92031","INTERRUPTOR PARALELO (1 MÓDULO) COM 2 TOMADAS DE EMBUTIR 2P+T 10 A, INCLUINDO SUPORTE E PLACA - FORNECIMENTO E INSTALAÇÃO. AF_03/2023","UN","71,55","92031","INTERRUPTOR PARALELO (1 MÓDULO) COM 2 TOMADAS DE EMBUTIR 2P+T 10 A, INCLUINDO SUPORTE E PLACA - FORNECIMENTO E INSTALAÇÃO. AF_03/2023","UN","71,55","92031","INTERRUPTOR PARALELO (1 MÓDULO) COM 2 TOMADAS DE EMBUTIR 2P+T 10 A, INCLUINDO SUPORTE E PLACA - FORNECIMENTO E INSTALAÇÃO. AF_03/2023","UN","71,55","92031","INTERRUPTOR PARALELO (1 MÓDULO) COM 2 TOMADAS DE EMBUTIR 2P+T 10 A, INCLUINDO SUPORTE E PLACA - FORNECIMENTO E INSTALAÇÃO. AF_03/2023","UN","71,55","92031","INTERRUPTOR PARALELO (1 MÓDULO) COM 2 TOMADAS DE EMBUTIR 2P+T 10 A, INCLUINDO SUPORTE E PLACA - FORNECIMENTO E INSTALAÇÃO. AF_03/2023","UN","71,55","92031","INTERRUPTOR PARALELO (1 MÓDULO) COM 2 TOMADAS DE EMBUTIR 2P+T 10 A, INCLUINDO SUPORTE E PLACA - FORNECIMENTO E INSTALAÇÃO. AF_03/2023","UN","71,55","92031","INTERRUPTOR PARALELO (1 MÓDULO) COM 2 TOMADAS DE EMBUTIR 2P+T 10 A, INCLUINDO SUPORTE E PLACA - FORNECIMENTO E INSTALAÇÃO. AF_03/2023","UN","71,55","92031","INTERRUPTOR PARALELO (1 MÓDULO) COM 2 TOMADAS DE EMBUTIR 2P+T 10 A, INCLUINDO SUPORTE E PLACA - FORNECIMENTO E INSTALAÇÃO. AF_03/2023","UN","71,55","92031","INTERRUPTOR PARALELO (1 MÓDULO) COM 2 TOMADAS DE EMBUTIR 2P+T 10 A, INCLUINDO SUPORTE E PLACA - FORNECIMENTO E INSTALAÇÃO. AF_03/2023","UN","71,55","92031","INTERRUPTOR PARALELO (1 MÓDULO) COM 2 TOMADAS DE EMBUTIR 2P+T 10 A, INCLUINDO SUPORTE E PLACA - FORNECIMENTO E INSTALAÇÃO. AF_03/2023","UN","71,55","92031","INTERRUPTOR PARALELO (1 MÓDULO) COM 2 TOMADAS DE EMBUTIR 2P+T 10 A, INCLUINDO SUPORTE E PLACA - FORNECIMENTO E INSTALAÇÃO. AF_03/2023","UN","71,55"]
[101504,"ENTRADA DE ENERGIA ELÉTRICA, AÉREA, BIFÁSICA, COM CAIXA DE EMBUTIR, CABO DE 35 MM2 E DISJUNTOR DIN 50A (NÃO INCLUSO O POSTE DE CONCRETO). AF_07/2020_PS","UN",2071.31,"101504","ENTRADA DE ENERGIA ELÉTRICA, AÉREA, BIFÁSICA, COM CAIXA DE EMBUTIR, CABO DE 35 MM2 E DISJUNTOR DIN 50A (NÃO INCLUSO O POSTE DE CONCRETO). AF_07/2020_PS","UN","2.071,31","101504","ENTRADA DE ENERGIA ELÉTRICA, AÉREA, BIFÁSICA, COM CAIXA DE EMBUTIR, CABO DE 35 MM2 E DISJUNTOR DIN 50A (NÃO INCLUSO O POSTE DE CONCRETO). AF_07/2020_PS","UN","2.071,31","101504","ENTRADA DE ENERGIA ELÉTRICA, AÉREA, BIFÁSICA, COM CAIXA DE EMBUTIR, CABO DE 35 MM2 E DISJUNTOR DIN 50A (NÃO INCLUSO O POSTE DE CONCRETO). AF_07/2020_PS","UN","2.071,31","101504","ENTRADA DE ENERGIA ELÉTRICA, AÉREA, BIFÁSICA, COM CAIXA DE EMBUTIR, CABO DE 35 MM2 E DISJUNTOR DIN 50A (NÃO INCLUSO O POSTE DE CONCRETO). AF_07/2020_PS","UN","2.071,31","101504","ENTRADA DE ENERGIA ELÉTRICA, AÉREA, BIFÁSICA, COM CAIXA DE EMBUTIR, CABO DE 35 MM2 E DISJUNTOR DIN 50A (NÃO INCLUSO O POSTE DE CONCRETO). AF_07/2020_PS","UN","2.071,31","101504","ENTRADA DE ENERGIA ELÉTRICA, AÉREA, BIFÁSICA, COM CAIXA DE EMBUTIR, CABO DE 35 MM2 E DISJUNTOR DIN 50A (NÃO INCLUSO O POSTE DE CONCRETO). AF_07/2020_PS","UN","2.071,31","101504","ENTRADA DE ENERGIA ELÉTRICA, AÉREA, BIFÁSICA, COM CAIXA DE EMBUTIR, CABO DE 35 MM2 E DISJUNTOR DIN 50A (NÃO INCLUSO O POSTE DE CONCRETO). AF_07/2020_PS","UN","2.071,31","101504","ENTRADA DE ENERGIA ELÉTRICA, AÉREA, BIFÁSICA, COM CAIXA DE EMBUTIR, CABO DE 35 MM2 E DISJUNTOR DIN 50A (NÃO INCLUSO O POSTE DE CONCRETO). AF_07/2020_PS","UN","2.071,31","101504","ENTRADA DE ENERGIA ELÉTRICA, AÉREA, BIFÁSICA, COM CAIXA DE EMBUTIR, CABO DE 35 MM2 E DISJUNTOR DIN 50A (NÃO INCLUSO O POSTE DE CONCRETO). AF_07/2020_PS","UN","2.071,31","101504","ENTRADA DE ENERGIA ELÉTRICA, AÉREA, BIFÁSICA, COM CAIXA DE EMBUTIR, CABO DE 35 MM2 E DISJUNTOR DIN 50A (NÃO INCLUSO O POSTE DE CONCRETO). AF_07/2020_PS","UN","2.071,31","101504","ENTRADA DE ENERGIA ELÉTRICA, AÉREA, BIFÁSICA, COM CAIXA DE EMBUTIR, CABO DE 35 MM2 E DISJUNTOR DIN 50A (NÃO INCLUSO O POSTE DE CONCRETO). AF_07/2020_PS","UN","2.071,31","101504","ENTRADA DE ENERGIA ELÉTRICA, AÉREA, BIFÁSICA, COM CAIXA DE EMBUTIR, CABO DE 35 MM2 E DISJUNTOR DIN 50A (NÃO INCLUSO O POSTE DE CONCRETO). AF_07/2020_PS","UN","2.071,31","101504","ENTRADA DE ENERGIA ELÉTRICA, AÉREA, BIFÁSICA, COM CAIXA DE EMBUTIR, CABO DE 35 MM2 E DISJUNTOR DIN 50A (NÃO INCLUSO O POSTE DE CONCRETO). AF_07/2020_PS","UN","2.071,31","101504","ENTRADA DE ENERGIA ELÉTRICA, AÉREA, BIFÁSICA, COM CAIXA DE EMBUTIR, CABO DE 35 MM2 E DISJUNTOR DIN 50A (NÃO INCLUSO O POSTE DE CONCRETO). AF_07/2020_PS","UN","2.071,31","101504","ENTRADA DE ENERGIA ELÉTRICA, AÉREA, BIFÁSICA, COM CAIXA DE EMBUTIR, CABO DE 35 MM2 E DISJUNTOR DIN 50A (NÃO INCLUSO O POSTE DE CONCRETO). AF_07/2020_PS","UN","2.071,31","101504","ENTRADA DE ENERGIA ELÉTRICA, AÉREA, BIFÁSICA, COM CAIXA DE EMBUTIR, CABO DE 35 MM2 E DISJUNTOR DIN 50A (NÃO INCLUSO O POSTE DE CONCRETO). AF_07/2020_PS","UN","2.071,31","101504","ENTRADA DE ENERGIA ELÉTRICA, AÉREA, BIFÁSICA, COM CAIXA DE EMBUTIR, CABO DE 35 MM2 E DISJUNTOR DIN 50A (NÃO INCLUSO O POSTE DE CONCRETO). AF_07/2020_PS","UN","2.071,31","101504","ENTRADA DE ENERGIA ELÉTRICA, AÉREA, BIFÁSICA, COM CAIXA DE EMBUTIR, CABO DE 35 MM2 E DISJUNTOR DIN 50A (NÃO INCLUSO O POSTE DE CONCRETO). AF_07/2020_PS","UN","2.071,31","101504","ENTRADA DE ENERGIA ELÉTRICA, AÉREA, BIFÁSICA, COM CAIXA DE EMBUTIR, CABO DE 35 MM2 E DISJUNTOR DIN 50A (NÃO INCLUSO O POSTE DE CONCRETO). AF_07/2020_PS","UN","2.071,31","101504","ENTRADA DE ENERGIA ELÉTRICA, AÉREA, BIFÁSICA, COM CAIXA DE EMBUTIR, CABO DE 35 MM2 E DISJUNTOR DIN 50A (NÃO INCLUSO O POSTE DE CONCRETO). AF_07/2020_PS","UN","2.071,31","101504","ENTRADA DE ENERGIA ELÉTRICA, AÉREA, BIFÁSICA, COM CAIXA DE EMBUTIR, CABO DE 35 MM2 E DISJUNTOR DIN 50A (NÃO INCLUSO O POSTE DE CONCRETO). AF_07/2020_PS","UN","2.071,31","101504","ENTRADA DE ENERGIA ELÉTRICA, AÉREA, BIFÁSICA, COM CAIXA DE EMBUTIR, CABO DE 35 MM2 E DISJUNTOR DIN 50A (NÃO INCLUSO O POSTE DE CONCRETO). AF_07/2020_PS","UN","2.071,31","101504","ENTRADA DE ENERGIA ELÉTRICA, AÉREA, BIFÁSICA, COM CAIXA DE EMBUTIR, CABO DE 35 MM2 E DISJUNTOR DIN 50A (NÃO INCLUSO O POSTE DE CONCRETO). AF_07/2020_PS","UN","2.071,31","101504","ENTRADA DE ENERGIA ELÉTRICA, AÉREA, BIFÁSICA, COM CAIXA DE EMBUTIR, CABO DE 35 MM2 E DISJUNTOR DIN 50A (NÃO INCLUSO O POSTE DE CONCRETO). AF_07/2020_PS","UN","2.071,31","101504","ENTRADA DE ENERGIA ELÉTRICA, AÉREA, BIFÁSICA, COM CAIXA DE EMBUTIR, CABO DE 35 MM2 E DISJUNTOR DIN 50A (NÃO INCLUSO O POSTE DE CONCRETO). AF_07/2020_PS","UN","2.071,31","101504","ENTRADA DE ENERGIA ELÉTRICA, AÉREA, BIFÁSICA, COM CAIXA DE EMBUTIR, CABO DE 35 MM2 E DISJUNTOR DIN 50A (NÃO INCLUSO O POSTE DE CONCRETO). AF_07/2020_PS","UN","2.071,31","101504","ENTRADA DE ENERGIA ELÉTRICA, AÉREA, BIFÁSICA, COM CAIXA DE EMBUTIR, CABO DE 35 MM2 E DISJUNTOR DIN 50A (NÃO INCLUSO O POSTE DE CONCRETO). AF_07/2020_PS","UN","2.071,31","101504","ENTRADA DE ENERGIA ELÉTRICA, AÉREA, BIFÁSICA, COM CAIXA DE EMBUTIR, CABO DE 35 MM2 E DISJUNTOR DIN 50A (NÃO INCLUSO O POSTE DE CONCRETO). AF_07/2020_PS","UN","2.071,31","101504","ENTRADA DE ENERGIA ELÉTRICA, AÉREA, BIFÁSICA, COM CAIXA DE EMBUTIR, CABO DE 35 MM2 E DISJUNTOR DIN 50A (NÃO INCLUSO O POSTE DE CONCRETO). AF_07/2020_PS","UN","2.071,31","101504","ENTRADA DE ENERGIA ELÉTRICA, AÉREA, BIFÁSICA, COM CAIXA DE EMBUTIR, CABO DE 35 MM2 E DISJUNTOR DIN 50A (NÃO INCLUSO O POSTE DE CONCRETO). AF_07/2020_PS","UN","2.071,31","101504","ENTRADA DE ENERGIA ELÉTRICA, AÉREA, BIFÁSICA, COM CAIXA DE EMBUTIR, CABO DE 35 MM2 E DISJUNTOR DIN 50A (NÃO INCLUSO O POSTE DE CONCRETO). AF_07/2020_PS","UN","2.071,31","101504","ENTRADA DE ENERGIA ELÉTRICA, AÉREA, BIFÁSICA, COM CAIXA DE EMBUTIR, CABO DE 35 MM2 E DISJUNTOR DIN 50A (NÃO INCLUSO O POSTE DE CONCRETO). AF_07/2020_PS","UN","2.071,31","101504","ENTRADA DE ENERGIA ELÉTRICA, AÉREA, BIFÁSICA, COM CAIXA DE EMBUTIR, CABO DE 35 MM2 E DISJUNTOR DIN 50A (NÃO INCLUSO O POSTE DE CONCRETO). AF_07/2020_PS","UN","2.071,31","101504","ENTRADA DE ENERGIA ELÉTRICA, AÉREA, BIFÁSICA, COM CAIXA DE EMBUTIR, CABO DE 35 MM2 E DISJUNTOR DIN 50A (NÃO INCLUSO O POSTE DE CONCRETO). AF_07/2020_PS","UN","2.071,31","101504","ENTRADA DE ENERGIA ELÉTRICA, AÉREA, BIFÁSICA, COM CAIXA DE EMBUTIR, CABO DE 35 MM2 E DISJUNTOR DIN 50A (NÃO INCLUSO O POSTE DE CONCRETO). AF_07/2020_PS","UN","2.071,31","101504","ENTRADA DE ENERGIA ELÉTRICA, AÉREA, BIFÁSICA, COM CAIXA DE EMBUTIR, CABO DE 35 MM2 E DISJUNTOR DIN 50A (NÃO INCLUSO O POSTE DE CONCRETO). AF_07/2020_PS","UN","2.071,31","101504","ENTRADA DE ENERGIA ELÉTRICA, AÉREA, BIFÁSICA, COM CAIXA DE EMBUTIR, CABO DE 35 MM2 E DISJUNTOR DIN 50A (NÃO INCLUSO O POSTE DE CONCRETO). AF_07/2020_PS","UN","2.071,31","101504","ENTRADA DE ENERGIA ELÉTRICA, AÉREA, BIFÁSICA, COM CAIXA DE EMBUTIR, CABO DE 35 MM2 E DISJUNTOR DIN 50A (NÃO INCLUSO O POSTE DE CONCRETO). AF_07/2020_PS","UN","2.071,31","101504","ENTRADA DE ENERGIA ELÉTRICA, AÉREA, BIFÁSICA, COM CAIXA DE EMBUTIR, CABO DE 35 MM2 E DISJUNTOR DIN 50A (NÃO INCLUSO O POSTE DE CONCRETO). AF_07/2020_PS","UN","2.071,31","101504","ENTRADA DE ENERGIA ELÉTRICA, AÉREA, BIFÁSICA, COM CAIXA DE EMBUTIR, CABO DE 35 MM2 E DISJUNTOR DIN 50A (NÃO INCLUSO O POSTE DE CONCRETO). AF_07/2020_PS","UN","2.071,31","101504","ENTRADA DE ENERGIA ELÉTRICA, AÉREA, BIFÁSICA, COM CAIXA DE EMBUTIR, CABO DE 35 MM2 E DISJUNTOR DIN 50A (NÃO INCLUSO O POSTE DE CONCRETO). AF_07/2020_PS","UN","2.071,31","101504","ENTRADA DE ENERGIA ELÉTRICA, AÉREA, BIFÁSICA, COM CAIXA DE EMBUTIR, CABO DE 35 MM2 E DISJUNTOR DIN 50A (NÃO INCLUSO O POSTE DE CONCRETO). AF_07/2020_PS","UN","2.071,31","101504","ENTRADA DE ENERGIA ELÉTRICA, AÉREA, BIFÁSICA, COM CAIXA DE EMBUTIR, CABO DE 35 MM2 E DISJUNTOR DIN 50A (NÃO INCLUSO O POSTE DE CONCRETO). AF_07/2020_PS","UN","2.071,31","101504","ENTRADA DE ENERGIA ELÉTRICA, AÉREA, BIFÁSICA, COM CAIXA DE EMBUTIR, CABO DE 35 MM2 E DISJUNTOR DIN 50A (NÃO INCLUSO O POSTE DE CONCRETO). AF_07/2020_PS","UN","2.071,31","101504","ENTRADA DE ENERGIA ELÉTRICA, AÉREA, BIFÁSICA, COM CAIXA DE EMBUTIR, CABO DE 35 MM2 E DISJUNTOR DIN 50A (NÃO INCLUSO O POSTE DE CONCRETO). AF_07/2020_PS","UN","2.071,31","101504","ENTRADA DE ENERGIA ELÉTRICA, AÉREA, BIFÁSICA, COM CAIXA DE EMBUTIR, CABO DE 35 MM2 E DISJUNTOR DIN 50A (NÃO INCLUSO O POSTE DE CONCRETO). AF_07/2020_PS","UN","2.071,31","101504","ENTRADA DE ENERGIA ELÉTRICA, AÉREA, BIFÁSICA, COM CAIXA DE EMBUTIR, CABO DE 35 MM2 E DISJUNTOR DIN 50A (NÃO INCLUSO O POSTE DE CONCRETO). AF_07/2020_PS","UN","2.071,31","101504","ENTRADA DE ENERGIA ELÉTRICA, AÉREA, BIFÁSICA, COM CAIXA DE EMBUTIR, CABO DE 35 MM2 E DISJUNTOR DIN 50A (NÃO INCLUSO O POSTE DE CONCRETO). AF_07/2020_PS","UN","2.071,31","101504","ENTRADA DE ENERGIA ELÉTRICA, AÉREA, BIFÁSICA, COM CAIXA DE EMBUTIR, CABO DE 35 MM2 E DISJUNTOR DIN 50A (NÃO INCLUSO O POSTE DE CONCRETO). AF_07/2020_PS","UN","2.071,31","101504","ENTRADA DE ENERGIA ELÉTRICA, AÉREA, BIFÁSICA, COM CAIXA DE EMBUTIR, CABO DE 35 MM2 E DISJUNTOR DIN 50A (NÃO INCLUSO O POSTE DE CONCRETO). AF_07/2020_PS","UN","2.071,31","101504","ENTRADA DE ENERGIA ELÉTRICA, AÉREA, BIFÁSICA, COM CAIXA DE EMBUTIR, CABO DE 35 MM2 E DISJUNTOR DIN 50A (NÃO INCLUSO O POSTE DE CONCRETO). AF_07/2020_PS","UN","2.071,31","101504","ENTRADA DE ENERGIA ELÉTRICA, AÉREA, BIFÁSICA, COM CAIXA DE EMBUTIR, CABO DE 35 MM2 E DISJUN